{"text_format":"1","workbook":"xlsx","n_sheets":7,"sheets":["DADOS","INSUMOS","PO","CFF","Planilha1","ABC","Plan1"],"not_rendered":{"charts":0,"images":8,"macros":1,"external_links":0,"defined_names":69,"comments":2,"pivot_tables":0},"unopened":[],"bounds":{"document_bytes":16777216,"sheet_cells":100000,"rows_first":2000,"rows_last":500,"rows_between":2000,"halvings":0,"cell_chars":16384,"cell_head_chars":4096},"cells_cut":0,"cells_raw":0,"read":"whole","date_system":"1900"}

{"sheet":"DADOS","index":0,"n_rows":147,"n_cols":24,"rows_kept":147,"cut":false,"hidden":false,"merged":[[4,0,4,23],[35,0,35,23],[23,9,23,19],[8,0,8,23],[18,0,18,23],[10,0,10,23],[12,0,12,23],[33,1,33,4],[26,9,26,19],[25,0,25,8],[26,0,26,8],[31,0,31,4],[31,5,31,9],[28,4,28,18],[29,4,29,18],[28,2,28,3],[68,0,68,23],[67,0,67,23],[65,0,65,23],[60,0,60,23],[53,0,53,23],[58,0,58,23],[59,0,59,23],[64,0,64,23],[66,0,66,23],[63,0,63,23],[62,0,62,23],[0,1,1,23],[146,7,146,10],[23,20,23,23],[16,0,16,23],[29,0,29,1],[3,0,3,23],[6,0,6,23],[145,1,145,4],[28,0,28,1],[14,0,14,23],[146,1,146,4],[41,0,41,23],[34,0,34,23],[144,0,144,4],[49,0,49,23],[51,0,51,23],[145,7,145,10],[144,6,144,10],[22,20,22,23],[20,0,20,23],[25,20,25,23],[33,6,33,9],[22,9,22,19],[22,0,22,1],[23,0,23,1],[22,2,22,8],[23,2,23,8],[25,9,25,19],[26,20,26,23],[32,1,32,4],[32,6,32,9],[45,0,45,23],[29,2,29,3],[37,0,37,23],[38,0,38,23],[40,0,40,23],[61,0,61,23],[39,0,39,23],[43,0,43,23],[46,0,46,23],[52,0,52,23],[57,0,57,23],[55,0,55,23],[56,0,56,23],[54,0,54,23],[50,0,50,23],[47,0,47,23],[48,0,48,23]]}
[null,"TRABALHO SOCIAL: PO - Planilha Orçamentária / CFF - Cronograma Físico Financeiro"]
[]
[]
["INSTRUÇÕES DE USO E PREENCHIMENTO"]
["(NÃO IMPRIMIR ESTA ABA)"]
[]
["1. Este documento somente pode ser utilizado nas versões do Excel 2003 ou superior. Não deve ser utilizado versões do BROffice. O Documento deve ser salvo SOMENTE em extensão habilitada para macros (.xls ou .xlsm). Se o documento for salvo na extensão .xlsx, o arquivo será INUTILIZADO. "]
[]
["2. Para funcionamento pleno desse arquivo, a Segurança de Macros do Excel deve ser habilitada."]
[]
["2.1  Na Versão Excel 2003, selecione na Faixa de Opções: Ferramentas --> Macro --> Segurança --> Na aba Nível de Segurança selecione a Opção \"Baixo\" --> Clique em OK --> Feche e abra o Excel novamente para utilizar a Planilha."]
[]
["2.2 Na Versão Excel 2007 ou superior, selecione na Faixa de Opções: Arquivo --> Opções --> Central de Confiabilidade --> Configurações da Central de Confiabilidade --> Configurações de Macro --> Habilitar todas as Macros --> Clique em OK --> Feche e abra o excel novamente para utilizar a Planilha."]
[]
["3. O Preenchimento deve ser feito somente nas células em amarelo. As outras células são de preenchimento Automático."]
[]
["4. Ordem de Preenchimento"]
[]
["4.1. na Aba DADOS"]
[]
["4.1.1. Preencha os dados abaixo:"]
[]
["Nº OPERAÇÃO",null,"PROGRAMA",null,null,null,null,null,null,"PROPONENTE / TOMADOR",null,null,null,null,null,null,null,null,null,null,"MUNICÍPIO / UF"]
["218.743-88/2007",null,"Intervenção em Favelas PPI",null,null,null,null,null,null,"Prefeitura Municipal de Várzea Grande",null,null,null,null,null,null,null,null,null,null,"Várzea Grande/MT"]
[]
["OBJETO DO CONTRATO",null,null,null,null,null,null,null,null,"OBJETO DO TRABALHO SOCIAL",null,null,null,null,null,null,null,null,null,null,"REGIME DE EXECUÇÃO DO TS"]
["Obras de infraestrutra, pavimentação, drenagem, esgotamento sanitário, recuperação ambiental, construção de escola e construção de escola e construção de 270 unidades habitacionais, Regularização Fundiária e Trabalho social.",null,null,null,null,null,null,null,null,"Elaboração PTS",null,null,null,null,null,null,null,null,null,null,"Administração Indireta"]
[]
["DATA BASE",null,"DATA INÍCIO",null,"EXECUTOR DO TRABALHO SOCIAL",null,null,null,null,null,null,null,null,null,null,null,null,null,null,"DI 1","DI 2","DI 3","DI 4","DI 5"]
["2017-12-01",null,"2018-07-01",null,"Prefeitura Municipal de Várzea Grande/MT",null,null,null,null,null,null,null,null,null,null,null,null,null,null,0.25]
[]
["RESPONSÁVEL TÉCNICO",null,null,null,null,"REPRESENTANTE DO PROPONENTE"]
["NOME:","Andrelina Nunes Da Silva",null,null,null,"NOME:","Luiz Celso Moraes de Oliveira"]
["CARGO:","Assistente Social CRESS/MT nº 3928",null,null,null,"CARGO:","Secretario Mun. Viação e Obras"]
[]
["4.2. na Aba Insumos:"]
[]
["4.2.1. Os insumos serão divididos em Recursos Humanos / Recursos Materiais / Serviços Terceiros."]
["4.2.2. A aba insumos vem com uma linha de cada insumo, sendo possível adicionar mais através dos botões no cabeçalho"]
["4.2.2.1. Escolha o tipo de insumo a ser adicionado e clique em adicionar, uma nova linha aparecerá na tabela."]
["4.2.2.2. A ordem dos itens nesta etapa não é importante."]
["4.2.3. Cadastre todos os insumos pertinentes ao orçamento."]
[]
["4.3. na Aba PO (Planilha Orçamentária):"]
[]
["4.3.1. O orçamento segue uma estrutura de níveis, que agrupa os insumos e totaliza seus valores:"]
["Ação"]
["└  Ativ. Nível 1"]
["└  Ativ. Nível 2"]
["└  Ativ. Nível 3"]
["4.3.2. Os insumos podem estar dentro de qualquer nível."]
["4.3.3. A primeira linha do orçamento já vem inserida, pois é obrigatório iniciar com o maior nível: Ação."]
["4.3.3.1. Deve ser preenchido o nome da primeira ação diretamente na linha do orçamento."]
["4.3.4. A inclusão das demais linhas no orçamento pode ser feita clicando-se no botão \"Editar Planilha\" ou através do atalho de teclado CTRL + i"]
["4.3.4.1. A janela que se abre ao editar planilha possui 3 abas que permitem adicionar Insumo, adicionar Nível (ver 4.3.1) ou Reorganizar a planilha orçamentária."]
["4.3.4.2. Na aba adicionar insumo, é possível digitar no campo \"Pesquisa\" para encontrar o insumo na lista de insumos cadastrados. Pode-se apertar \"Enter\" duas vezes quando o insumo for o primeiro da lista de resultados, ou selecionar o insumo na lista e clicar em \"Adicionar\". Por padrão o insumo é inserido na linha abaixo da célula selecionada antes de abrir a janela Editar, mas pode ser mudado alterando o campo \"Depois da Linha\"."]
["4.3.4.2. Na aba adicionar nível, deve-se especificar o nível a ser adicionado (ver 4.3.1), sua descrição e a posição de inserção. Por padrão o nível é inserido na linha abaixo da célula selecionada ao abrir a janela Editar."]
["4.3.4.3. Na aba reorganizar, é possível excluir, mover ou copiar linhas do orçamento."]
["4.3.5. Depois de incluído o insumo, é possível entrar a quantidade diretamente na planilha orçamentária."]
["4.3.6. Por padrão os insumos adotam a composição de Despesa Indireta 1. Na coluna \"DI\" é possível escolher outra composição ou entrar diretamente com o valor da DI para aquele insumo."]
["4.3.7. As colunas NÍVEL, FONTE, TIPO, CÓDIGO, DESCRIÇÃO, UNIDADE e CUSTO UNITÁRIO são trazidas da aba INSUMOS ou da informação cadastrada ao adicionar a linha."]
["4.3.8. As colunas QUANTIDADE e DI são entradas pelo usuário diretamente na PO."]
["4.3.9. As colunas ITEM, PREÇO UNITÁRIO, PREÇO TOTAL são calculadas automaticamente."]
[]
["4.4. na Aba CFF (Cronograma Físico-Financeiro):"]
[]
["4.4.1. Preencha a data de início do TS na aba Dados."]
["4.4.2. Preencha as porcentagens previstas por parcela para cada ação/meta ou atividade."]
["4.4.3. Para atualizar o Cronograma conforme o Orçamento e incluir ou excluir parcelas, utilize o botão EDITAR / ATUALIZAR CRONOGRAMA."]
[]
[]
[]
[]
[]
[]
[]
[]
[]
[]
[]
[]
[]
[]
[]
[]
[]
[]
[]
[]
[]
[]
[]
[]
[]
[]
[]
[]
[]
[]
[]
[]
[]
[]
[]
[]
[]
[]
[]
[]
[]
[]
[]
[]
[]
[]
[]
[]
[]
[]
[]
[]
[]
[]
[]
[]
[]
[]
[]
[]
[]
[]
[]
[]
[]
[]
[]
[]
[]
[]
[]
[]
[]
[]
[]
["Responsável Técnico",null,null,null,null,null,"Representante do Proponente"]
["Nome:",{"$f":"B33","v":"Andrelina Nunes Da Silva"},null,null,null,null,"Nome:",{"$f":"G33","v":"Luiz Celso Moraes de Oliveira"}]
["Cargo:",{"$f":"B34","v":"Assistente Social CRESS/MT nº 3928"},null,null,null,null,"Cargo:",{"$f":"G34","v":"Secretario Mun. Viação e Obras"}]

{"sheet":"INSUMOS","index":1,"n_rows":170,"n_cols":7,"rows_kept":170,"cut":false,"hidden":false,"merged":[[2,1,2,6]]}
[2]
[{"$f":"CHOOSE(A1,\"Rec. Humanos\",\"Rec. Materiais\",\"Serv. Terc.\")","v":"Rec. Materiais"}]
[{"$f":"MATCH(A2,OFFSET(Banco,0,1,,1),0)+ROW(Banco)+COUNTIF(OFFSET(Banco,0,1,,1),Banco.Opção)-1","v":84},"Banco de Insumos\n(Esta aba não precisa ser impressa)"]
[null,"TIPO","CÓDIGO","FONTE","DESCRIÇÃO","UNIDADE","CUSTO"]
[{"$f":"B5&\"-\"&C5","v":"-000"},null,{"$f":"TEXT(COUNTIF(OFFSET(Banco,1,1,ROW(C5)-ROW(Banco),1),B5),\"000\")","v":"000"}]
["Rec. Humanos-001","Rec. Humanos","001","CRESS","Responsável Técnica","Horas",150.28]
["Rec. Humanos-002","Rec. Humanos","002","CRESS","Assistente Social","Horas",133.81]
["Rec. Humanos-003","Rec. Humanos","003","Cotação","Administrador (Técnico de Apoio) ","Horas",103.65]
["Rec. Humanos-004","Rec. Humanos","004","SINE","Estagiários","Horas",9.7899999999999991]
[{"$f":"B10&\"-\"&C10","v":"Rec. Humanos-005"},"Rec. Humanos","005"]
[{"$f":"B11&\"-\"&C11","v":"Rec. Humanos-006"},"Rec. Humanos","006"]
[{"$f":"B12&\"-\"&C12","v":"Rec. Humanos-007"},"Rec. Humanos",{"$f":"TEXT(COUNTIF(OFFSET(Banco,1,1,ROW(C12)-ROW(Banco),1),B12),\"000\")","v":"007"}]
["Rec. Materiais-001","Rec. Materiais","001","Cotação","Papel A4","Resma",28]
["Rec. Materiais-002","Rec. Materiais","002","Cotação","Toner para impressora","Unidade",180]
["Rec. Materiais-003","Rec. Materiais","003","Cotação","Canetas esferográficas azul","Caixa",45]
["Rec. Materiais-004","Rec. Materiais","004","Cotação","Lápis de cor","Caixa",13.45]
["Rec. Materiais-005","Rec. Materiais","005","Cotação","Giz de cerra","Caixa",7.1]
[{"$f":"B18&\"-\"&C18","v":"Rec. Materiais-006"},"Rec. Materiais",{"$f":"TEXT(COUNTIF(OFFSET(Banco,1,1,ROW(C18)-ROW(Banco),1),B18),\"000\")","v":"006"},"Cotação ","Instrutor curso de bordado de chinelos","Horas",70]
["Rec. Materiais-007","Rec. Materiais","007","Cotação","Pintura facial","Unidade",60]
["Rec. Materiais-008","Rec. Materiais","008","Cotação","Massa de modelar","Unidade",5.2]
["Rec. Materiais-009","Rec. Materiais","009","Cotação","Pasta AZ","Unidade",12]
["Rec. Materiais-010","Rec. Materiais","010","Cotação","Clips galvanizado","Caixa ",6.62]
["Rec. Materiais-011","Rec. Materiais","011","Cotação",null,"Unidade"]
["Rec. Materiais-012","Rec. Materiais","012","Cotação",null,"Unidade"]
["Rec. Materiais-013","Rec. Materiais","013","Cotação",null,"Unidade"]
["Rec. Materiais-014","Rec. Materiais","014","Cotação",null,"Unidade"]
["Rec. Materiais-015","Rec. Materiais","015","Cotação",null,"Unidade"]
["Rec. Materiais-016","Rec. Materiais","016","Cotação",null,"Unidade"]
["Rec. Materiais-017","Rec. Materiais","017","Cotação",null,"Unidade"]
["Rec. Materiais-018","Rec. Materiais","018","Cotação","Fita adesiva","Unidade",6.18]
["Rec. Materiais-019","Rec. Materiais","019","Cotação","Copos descartáveis (2500 unidades)","Caixa",77.400000000000006]
["Rec. Materiais-020","Rec. Materiais","020","Cotação","Guloseimas (balas e pirulito)","Pacote",12]
["Rec. Materiais-021","Rec. Materiais","021","Cotação","Papel de presente","Folhas",1.5]
["Rec. Materiais-022","Rec. Materiais","022","Cotação","Balão redondo","Unidade",9]
["Rec. Materiais-023","Rec. Materiais","023","Cotação","Barbante (500g)","Unidade",16.23]
["Rec. Materiais-024","Rec. Materiais","024","Cotação","Brinquedos pedagogicos (jogos de damas, bozó, dominó de percepção e de associação de idéias, quebra-cabeça progressivo, mapa do mundo, bola, bambolé","Unidade",600]
["Rec. Materiais-025","Rec. Materiais","025","Cotação","Apontador","Unidade",5.2]
["Rec. Materiais-026","Rec. Materiais","026","Cotação","Saco de lixo (100 litros)","Pacote",15]
["Rec. Materiais-027","Rec. Materiais","027","Cotação","Luvas de latex para limpeza descarpack","Unidade",3.99]
["Rec. Materiais-028","Rec. Materiais","028","Cotação","Prancheta","Unidade",6]
["Rec. Materiais-029","Rec. Materiais","029","Cotação","Crachá","Unidade",3]
["Rec. Materiais-030","Rec. Materiais","030","Cotação","Fita zebrada para isolar área","Unidade",19.39]
["Rec. Materiais-031","Rec. Materiais","031","Cotação","Corretivo líquido a base de água 18ml","Unidade",2.62]
["Rec. Materiais-032","Rec. Materiais","032","Cotação",null,"Unidade"]
["Rec. Materiais-033","Rec. Materiais","033","Cotação",null,"Unidade"]
["Rec. Materiais-034","Rec. Materiais","034","Cotação",null,"Unidade"]
["Rec. Materiais-035","Rec. Materiais","035","Cotação",null,"Unidade"]
["Rec. Materiais-036","Rec. Materiais","036","Cotação",null,"Unidade"]
["Rec. Materiais-037","Rec. Materiais","037","Cotação ",null,"Unidade"]
["Rec. Materiais-038","Rec. Materiais","038","Cotação",null,"Unidade"]
["Rec. Materiais-039","Rec. Materiais","039","Cotação",null,"Unidade"]
["Rec. Materiais-040","Rec. Materiais","040","Cotação",null,"Unidade"]
["Rec. Materiais-041","Rec. Materiais","041","Cotação",null,"Pacote"]
["Rec. Materiais-042","Rec. Materiais","042","Cotação",null,"Unidade"]
["Rec. Materiais-043","Rec. Materiais","043","Cotação","KIT 02 - Oficina de como manter vasos e canteiros de plantas medicinais. Material de uso coletivo (brita, adulbos, umus e terra preta)","Unidade",170]
["Rec. Materiais-044","Rec. Materiais","044","Cotação","KIT 01 - Oficina de como manter vasos e canteiros de plantas medicinais. Materias dos alunos ( floreira, sementes, mudas ornamentais e medicinais)","KITS",29.48]
["Rec. Materiais-045","Rec. Materiais","045","Cotação",null,"Unidade"]
["Rec. Materiais-046","Rec. Materiais","046","Cotação",null,"Kits"]
["Rec. Materiais-047","Rec. Materiais","047","Cotação",null,"Unidade"]
["Rec. Materiais-048","Rec. Materiais","048","Cotação",null,"Unidade"]
["Rec. Materiais-049","Rec. Materiais","049","Cotação",null,"Unidade"]
["Rec. Materiais-050","Rec. Materiais","050","Cotação",null,"Unidade"]
["Rec. Materiais-051","Rec. Materiais","051","Cotação",null,"Unidade"]
["Rec. Materiais-052","Rec. Materiais","052","Cotação",null,"Metros"]
["Rec. Materiais-053","Rec. Materiais","053","Cotação",null,"Unidade"]
["Rec. Materiais-054","Rec. Materiais","054","Cotação",null,"Unidade"]
["Rec. Materiais-055","Rec. Materiais","055","Cotação",null,"Unidade"]
["Rec. Materiais-056","Rec. Materiais","056","Cotação",null,"Unidade"]
["Rec. Materiais-057","Rec. Materiais","057","Cotação",null,"Unidade"]
["Rec. Materiais-058","Rec. Materiais","058","Cotação",null,"Unidade"]
["Rec. Materiais-059","Rec. Materiais","059","Cotação",null,"Unidade"]
["Rec. Materiais-060","Rec. Materiais","060","Cotação",null,"Unidade"]
["Rec. Materiais-061","Rec. Materiais","061","Cotação",null,"Metros"]
["Rec. Materiais-062","Rec. Materiais","062","Cotação","Apito (12 unidades)","Pacote",19.899999999999999]
["Rec. Materiais-063","Rec. Materiais","063","Cotação",null,"Unidade"]
["Rec. Materiais-064","Rec. Materiais","064","Cotação",null,"Unidade"]
["Rec. Materiais-065","Rec. Materiais","065","Cotação",null,"Metros"]
["Rec. Materiais-066","Rec. Materiais","066","Cotação"]
["Rec. Materiais-067","Rec. Materiais","067","Cotação"]
["Rec. Materiais-068","Rec. Materiais","068","Cotação"]
["Rec. Materiais-069","Rec. Materiais","069","Cotação ","KIT 01 - Material oficina de limpeza (descrição nos orçamentos e PTS)","Unidade",200]
[{"$f":"B82&\"-\"&C82","v":"Rec. Materiais-070"},"Rec. Materiais",{"$f":"TEXT(COUNTIF(OFFSET(Banco,1,1,ROW(C82)-ROW(Banco),1),B82),\"000\")","v":"070"},"Cotação","KIT 02 - Vasilhame p/ oficina de limpeza (descrição nos orçamentos e PTS) ","Unidade",150]
["Rec. Materiais-071","Rec. Materiais","071"]
["Serv. Terc.-001","Serv. Terc.","001","Cotação","Fotocópias","Unidade",0.3]
["Serv. Terc.-002","Serv. Terc.","002","Cotação","Carro de som com gravação de vinheta","Horas",200]
["Serv. Terc.-003","Serv. Terc.","003","Cotação","Locação de mesas","Unidade",3]
["Serv. Terc.-004","Serv. Terc.","004","Cotação","Locação de cadeiras","Unidade",2]
["Serv. Terc.-005","Serv. Terc.","005","Cotação","Locação de caixa térmica","Unidade",40]
[{"$f":"B89&\"-\"&C89","v":"Serv. Terc.-006"},"Serv. Terc.",{"$f":"TEXT(COUNTIF(OFFSET(Banco,1,1,ROW(C89)-ROW(Banco),1),B89),\"000\")","v":"006"},"Cotação","Locação de tendas","Unidade",250]
["Serv. Terc.-007","Serv. Terc.","007"]
["Serv. Terc.-008","Serv. Terc.","008","Cotação","Locação de pula-pula com monitor","Unidade",220]
["Serv. Terc.-009","Serv. Terc.","009","Cotação","Água (garrafa de 1,5 litros)","Unidade",4]
["Serv. Terc.-010","Serv. Terc.","010","Cotação ","Brindes ( descrição nos orçamentos e PTS)","Unidade",120]
["Serv. Terc.-011","Serv. Terc.","011","Cotação ","Barra de gelo","Unidade",12]
["Serv. Terc.-012","Serv. Terc.","012","Cotação","Água (garrafão de 20 litros)","Unidade",10]
["Serv. Terc.-013","Serv. Terc.","013","Cotação","Sucos","Unidade",6.4]
["Serv. Terc.-014","Serv. Terc.","014"]
["Serv. Terc.-015","Serv. Terc.","015","Cotação","Coffee break (salgados)","Centro",65]
["Serv. Terc.-016","Serv. Terc.","016"]
["Serv. Terc.-017","Serv. Terc.","017","Cotação","Instrutor/Monitor (Educação Fisíca)","Horas",100]
["Serv. Terc.-018","Serv. Terc.","018","Cotação","KIT 02 - Material para os alunos curso de chinelos (descrição nos orçamentos e PTS)","Unidade",90.9]
["Serv. Terc.-019","Serv. Terc.","019","Cotação","Cartilha/Miolo: 20 pgs. 15x21cm, 4 cores, tinta escala em couche","Unidade",20]
["Serv. Terc.-020","Serv. Terc.","020","Cotação","KIT 01 - Material de uso coletivo para o curso de bordado em chinelos ( descrição nos orçamentos e PTS)","Kit",300]
["Serv. Terc.-021","Serv. Terc.","021","Cotação","Automaquiagem (Curso completo)","Vagas",168]
["Serv. Terc.-022","Serv. Terc.","022"]
["Serv. Terc.-023","Serv. Terc.","023"]
["Serv. Terc.-024","Serv. Terc.","024","Cotação"]
["Serv. Terc.-025","Serv. Terc.","025","Cotação"]
["Serv. Terc.-026","Serv. Terc.","026","Cotação","Coffee break (salgados)","Centro",65]
["Serv. Terc.-027","Serv. Terc.","027","Cotação","Refrigerantes (02 litros) ","Unidade",6]
["Serv. Terc.-028","Serv. Terc.","028","CREA","Engenheiro Sanitarista e Ambiental","Horas",91.88]
["Serv. Terc.-029","Serv. Terc.","029","Cotação ","Manicure/pedicure (Curso completo)","Vagas",480]
["Serv. Terc.-030","Serv. Terc.","030","Cotação"]
["Serv. Terc.-031","Serv. Terc.","031","Cotação","Apostilas com figuras ilustrativas (08 páginas)","Unidade",15]
["Serv. Terc.-032","Serv. Terc.","032","Cotação","Certificados para cursos","Unidade",4]
["Serv. Terc.-033","Serv. Terc.","033","Cotação","Coffe break (salgados) ","Centro",65]
["Serv. Terc.-034","Serv. Terc.","034"]
["Serv. Terc.-035","Serv. Terc.","035"]
["Serv. Terc.-036","Serv. Terc.","036","Cotação","Locação de carrinho de picolé","Unidade",186]
["Serv. Terc.-037","Serv. Terc.","037","Cotação","Locação carrinho de pipoca","Unidade",190]
["Serv. Terc.-038","Serv. Terc.","038","Cotação","Locação carrinho de algodão doce","Unidade",200]
["Serv. Terc.-039","Serv. Terc.","039","Cotação","Locação carrinho de cachorro quente","Unidade",250]
["Serv. Terc.-040","Serv. Terc.","040"]
["Serv. Terc.-041","Serv. Terc.","041","SINAPI ","Arquiteto ","Horas",86.85]
["Serv. Terc.-042","Serv. Terc.","042","Cotação","KIT - Material de higiêne bucal","Kits",39]
["Serv. Terc.-043","Serv. Terc.","043","SENAI","Panificação (curso completo)","Vagas",700.63]
["Serv. Terc.-044","Serv. Terc.","044","Cotação "]
["Serv. Terc.-045","Serv. Terc.","045","Cotação"]
["Serv. Terc.-046","Serv. Terc.","046","Cotação"]
["Serv. Terc.-047","Serv. Terc.","047","Cotação"]
["Serv. Terc.-048","Serv. Terc.","048","Cotação"]
["Serv. Terc.-049","Serv. Terc.","049","Cotação"]
["Serv. Terc.-050","Serv. Terc.","050","Cotação"]
["Serv. Terc.-051","Serv. Terc.","051","Cotação"]
["Serv. Terc.-052","Serv. Terc.","052","Cotação"]
["Serv. Terc.-053","Serv. Terc.","053","Cotação"]
["Serv. Terc.-054","Serv. Terc.","054","Cotação"]
["Serv. Terc.-055","Serv. Terc.","055","Cotação"]
["Serv. Terc.-056","Serv. Terc.","056","Cotação"]
["Serv. Terc.-057","Serv. Terc.","057","Cotação"]
["Serv. Terc.-058","Serv. Terc.","058","Cotação"]
["Serv. Terc.-059","Serv. Terc.","059","Cotação"]
["Serv. Terc.-060","Serv. Terc.","060","Cotação"]
["Serv. Terc.-061","Serv. Terc.","061","Cotação","KIT (massagem terapêutica)","KIT",102.94]
["Serv. Terc.-062","Serv. Terc.","062","CRP","Psicologa","Horas",432.79]
["Serv. Terc.-063","Serv. Terc.","063","SINCON/MT","Economista","Horas",350]
["Serv. Terc.-064","Serv. Terc.","064"]
["Serv. Terc.-065","Serv. Terc.","065","CRESS","Assistente Social com especialização em politicas sociais","Horas",141.75]
["Serv. Terc.-066","Serv. Terc.","066","CREAMT","Engenheiro Agrônomo","Horas",197]
["Serv. Terc.-067","Serv. Terc.","067","Cotação","Confecção de camisetas ","Unidade",19]
["Serv. Terc.-068","Serv. Terc.","068","CRBio","Biólogo (Instrutor)","Horas",100.72]
["Serv. Terc.-069","Serv. Terc.","069","Cotação","Informativos 04 pgs, 15x21 cm, 4 cores, tinta escala em couche","Unidade",6]
[{"$f":"B153&\"-\"&C153","v":"Serv. Terc.-070"},"Serv. Terc.",{"$f":"TEXT(COUNTIF(OFFSET(Banco,1,1,ROW(C153)-ROW(Banco),1),B153),\"000\")","v":"070"}]
["Serv. Terc.-071","Serv. Terc.","071"]
["Serv. Terc.-072","Serv. Terc.","072"]
["Serv. Terc.-073","Serv. Terc.","073"]
["Serv. Terc.-074","Serv. Terc.","074","Cotação","Arco decorativo de balão (com 200 unidades)","Unidade",250]
["Serv. Terc.-075","Serv. Terc.","075"]
["Serv. Terc.-076","Serv. Terc.","076","Cotação","KIT 01 - Material para os alunos Cupcake e bolo de pote","KITS",90]
["Serv. Terc.-077","Serv. Terc.","077","Cotação","KIT 02 - Material de uso coletivo Cupcake e bolo de pote","KITS",300]
["Serv. Terc.-078","Serv. Terc.","078"]
["Serv. Terc.-079","Serv. Terc.","079","Cotação","Informativo sobre Educação Financeira/Orçamento Familiar","Unidade",6]
["Serv. Terc.-080","Serv. Terc.","080","COREN","Enfermeiro padrão","Unidade",123.02]
["Serv. Terc.-081","Serv. Terc.","081","Cotação","Cupcake (Instrutor)","Horas",80]
["Serv. Terc.-082","Serv. Terc.","082","Cotação","Cartilha dos beneficiários","Unidade",20]
["Serv. Terc.-083","Serv. Terc.","083","SENAI","Depilação (curso completo)","Vagas",736.88]
["Serv. Terc.-084","Serv. Terc.","084","SENAI","Culinária com técnica de congelado (curso completo)","Vagas",306.23]
["Serv. Terc.-085","Serv. Terc.","085","CREFITO","Fisioterapeuta (Massagem terapêutica)","Vagas",41.6]
["Serv. Terc.-086","Serv. Terc.","086","COREN","Técnica de Enfermagem (Instrutor)","Horas",92.65]
["Serv. Terc.-087","Serv. Terc.","087","OABMT","Advogado","Horas",896.51]

{"sheet":"PO","index":2,"n_rows":2860,"n_cols":27,"rows_kept":2860,"cut":false,"hidden":false,"merged":[[1505,10,1507,20],[1513,10,1513,13],[1510,10,1510,13]]}
[null,null,null,null,null,null,null,null,null,null,null,null,null,null,"PO - PLANILHA ORÇAMENTÁRIA",null,null,null,null,null,"Grau de Sigilo"]
[null,"LOTE","Ação","AtivNível 1","AtivNível 2","AtivNível 3","Insumo",null,null,null,null,null,null,null,"TS - TRABALHO SOCIAL",null,null,null,null,null,"#PUBLICO"]
[]
["Nmax"]
[{"$f":"MAX($A$11:$A$1504)","v":2}]
[]
[]
[]
["Nível","Altura","n1","n2","n3","n4","n5","Czero","Cnível","Nível","Item","Fonte","Tipo","Código","Descrição","Unidade","Quantidade","Custo Unitário (R$)","DI\n(%)","Preço Unitário (R$)","Preço Total\n(R$)",null,"Lista Crono","Concatenação Fonte-Código","BancoRef",null,"Valor DI"]
[{"$f":"CHOOSE(1+LOG(1+2*(J10=$C$2)+4*(J10=$D$2)+8*(J10=$E$2)+16*(J10=$F$2)+32*(J10=$G$2),2),0,1,2,3,4,\"S\")","v":"S"},{"$f":"IF(OR(A10=\"S\",A10=0),0,IF(ISERROR(I10),H10,SMALL(H10:I10,1)))","v":0},{"$f":"IF($A10=1,OFFSET(C10,-1,0)+1,OFFSET(C10,-1,0))","v":"n1"},{"$f":"IF($A10=1,0,IF($A10=2,OFFSET(D10,-1,0)+1,OFFSET(D10,-1,0)))","v":"n2"},{"$f":"IF(AND($A10<=2,$A10<>0),0,IF($A10=3,OFFSET(E10,-1,0)+1,OFFSET(E10,-1,0)))","v":"n3"},{"$f":"IF(AND($A10<=3,$A10<>0),0,IF($A10=4,OFFSET(F10,-1,0)+1,OFFSET(F10,-1,0)))","v":"n4"},{"$f":"IF(AND($A10<=4,$A10<>0),0,IF($A10=\"S\",OFFSET(G10,-1,0)+1,OFFSET(G10,-1,0)))","v":{"$error":"#VALUE!"}},{"$f":"IF(OR($A10=\"S\",$A10=0),0,MATCH(0,OFFSET($B10,1,$A10,ROW($A$1504)-ROW($A10)),0))","v":0},{"$f":"IF(OR($A10=\"S\",$A10=0),0,MATCH(OFFSET($B10,0,$A10)+1,OFFSET($B10,1,$A10,ROW($A$1504)-ROW($A10)),0))","v":0},"Insumo",{"$f":"IF($A10=0,\"-\",CONCATENATE(C10&\".\",IF(AND($A$5>=2,$A10>=2),D10&\".\",\"\"),IF(AND($A$5>=3,$A10>=3),E10&\".\",\"\"),IF(AND($A$5>=4,$A10>=4),F10&\".\",\"\"),IF($A10=\"S\",G10&\".\",\"\")))","v":{"$error":"#VALUE!"}},{"$f":"IF(NOT(ISERROR($Y10)),IF($Y10<>FALSE,INDEX(Banco,$Y10,4),\"\"),\"\")","v":""},null,null,{"$f":"IF(NOT(ISERROR($Y10)),IF($Y10<>FALSE,INDEX(Banco,$Y10,5),\"\"),\"\")","v":""},{"$f":"IF(NOT(ISERROR($Y10)),IF($Y10<>FALSE,INDEX(Banco,$Y10,6),\"\"),\"\")","v":""},null,{"$f":"IF(NOT(ISERROR($Y10)),IF($Y10<>FALSE,INDEX(Banco,$Y10,7),0),0)","v":0},"DI 1",{"$f":"IF($J10=$G$2,ROUND(ROUND($R10,2)*IF($R$9=\"Preço Unitário (R$)\",1,1+$AA10),2),0)","v":0},{"$f":"IF($A10=\"S\",VTOTAL1,IF($A10=0,0,ROUND(SomaAgrup,2)))","v":0},null,{"$f":"IF(OR($A10=0,$A10=\"S\",$A10>CFF!$A$9),\"\",MAX(W$11:OFFSET(W10,-1,0))+1)","v":""},{"$f":"IF(AND($J10=$G$2,$N10<>\"\",$M10<>\"\"),CONCATENATE($M10,\"-\",$N10))","v":false},{"$f":"IF(X10<>FALSE,MATCH(X10,OFFSET(Banco,0,0,,1),0))","v":false},null,{"$f":"IF($J10=$G$2,ROUND(IF(ISNUMBER(S10),S10,IF(LEFT(S10,2)=\"DI\",HLOOKUP(S10,DADOS!$T$29:$X$30,2,FALSE),0)),4),\"\")","v":0.25}]
[0,{"$f":"COUNTA(OFFSET(B11,1,0):B$1504)","v":1492},null,null,null,null,null,null,null,"TOTAL",0,null,null,null,"TOTAL",null,null,null,null,null,{"$f":"SUMIF(OFFSET($J11,1,0,ROW(U1504)-ROW(U11)-1),$G$2,OFFSET(U11,1,0,ROW(U1504)-ROW(U11)-1))","v":997515.06999999948},null,0]
[{"$f":"CHOOSE(1+LOG(1+2*(J12=$C$2)+4*(J12=$D$2)+8*(J12=$E$2)+16*(J12=$F$2)+32*(J12=$G$2),2),0,1,2,3,4,\"S\")","v":1},{"$f":"IF(OR(A12=\"S\",A12=0),0,IF(ISERROR(I12),H12,SMALL(H12:I12,1)))","v":101},{"$f":"IF($A12=1,OFFSET(C12,-1,0)+1,OFFSET(C12,-1,0))","v":1},{"$f":"IF($A12=1,0,IF($A12=2,OFFSET(D12,-1,0)+1,OFFSET(D12,-1,0)))","v":0},{"$f":"IF(AND($A12<=2,$A12<>0),0,IF($A12=3,OFFSET(E12,-1,0)+1,OFFSET(E12,-1,0)))","v":0},{"$f":"IF(AND($A12<=3,$A12<>0),0,IF($A12=4,OFFSET(F12,-1,0)+1,OFFSET(F12,-1,0)))","v":0},{"$f":"IF(AND($A12<=4,$A12<>0),0,IF($A12=\"S\",OFFSET(G12,-1,0)+1,OFFSET(G12,-1,0)))","v":0},{"$f":"IF(OR($A12=\"S\",$A12=0),0,MATCH(0,OFFSET($B12,1,$A12,ROW($A$1504)-ROW($A12)),0))","v":1492},{"$f":"IF(OR($A12=\"S\",$A12=0),0,MATCH(OFFSET($B12,0,$A12)+1,OFFSET($B12,1,$A12,ROW($A$1504)-ROW($A12)),0))","v":101},"Ação",{"$f":"IF($A12=0,\"-\",CONCATENATE(C12&\".\",IF(AND($A$5>=2,$A12>=2),D12&\".\",\"\"),IF(AND($A$5>=3,$A12>=3),E12&\".\",\"\"),IF(AND($A$5>=4,$A12>=4),F12&\".\",\"\"),IF($A12=\"S\",G12&\".\",\"\")))","v":"1."},{"$f":"IF(NOT(ISERROR($Y12)),IF($Y12<>FALSE,INDEX(Banco,$Y12,4),\"\"),\"\")","v":""},null,null,"MÊS 01 - INFORMAÇÃO E MOBILIZAÇÃO",{"$f":"IF(NOT(ISERROR($Y12)),IF($Y12<>FALSE,INDEX(Banco,$Y12,6),\"\"),\"\")","v":""},null,{"$f":"IF(NOT(ISERROR($Y12)),IF($Y12<>FALSE,INDEX(Banco,$Y12,7),0),0)","v":0},"DI 1",{"$f":"IF($J12=$G$2,ROUND(ROUND($R12,2)*IF($R$9=\"Preço Unitário (R$)\",1,1+$AA12),2),0)","v":0},{"$f":"IF($A12=\"S\",VTOTAL1,IF($A12=0,0,ROUND(SomaAgrup,2)))","v":34841.49},null,{"$f":"IF(OR($A12=0,$A12=\"S\",$A12>CFF!$A$9),\"\",MAX(W$11:OFFSET(W12,-1,0))+1)","v":1},{"$f":"IF(AND($J12=$G$2,$N12<>\"\",$M12<>\"\"),CONCATENATE($M12,\"-\",$N12))","v":false},{"$f":"IF(X12<>FALSE,MATCH(X12,OFFSET(Banco,0,0,,1),0))","v":false},null,{"$f":"IF($J12=$G$2,ROUND(IF(ISNUMBER(S12),S12,IF(LEFT(S12,2)=\"DI\",HLOOKUP(S12,DADOS!$T$29:$X$30,2,FALSE),0)),4),\"\")","v":""}]
[{"$f":"CHOOSE(1+LOG(1+2*(J13=$C$2)+4*(J13=$D$2)+8*(J13=$E$2)+16*(J13=$F$2)+32*(J13=$G$2),2),0,1,2,3,4,\"S\")","v":2},{"$f":"IF(OR(A13=\"S\",A13=0),0,IF(ISERROR(I13),H13,SMALL(H13:I13,1)))","v":40},{"$f":"IF($A13=1,OFFSET(C13,-1,0)+1,OFFSET(C13,-1,0))","v":1},{"$f":"IF($A13=1,0,IF($A13=2,OFFSET(D13,-1,0)+1,OFFSET(D13,-1,0)))","v":1},{"$f":"IF(AND($A13<=2,$A13<>0),0,IF($A13=3,OFFSET(E13,-1,0)+1,OFFSET(E13,-1,0)))","v":0},{"$f":"IF(AND($A13<=3,$A13<>0),0,IF($A13=4,OFFSET(F13,-1,0)+1,OFFSET(F13,-1,0)))","v":0},{"$f":"IF(AND($A13<=4,$A13<>0),0,IF($A13=\"S\",OFFSET(G13,-1,0)+1,OFFSET(G13,-1,0)))","v":0},{"$f":"IF(OR($A13=\"S\",$A13=0),0,MATCH(0,OFFSET($B13,1,$A13,ROW($A$1504)-ROW($A13)),0))","v":100},{"$f":"IF(OR($A13=\"S\",$A13=0),0,MATCH(OFFSET($B13,0,$A13)+1,OFFSET($B13,1,$A13,ROW($A$1504)-ROW($A13)),0))","v":40},"AtivNível 1",{"$f":"IF($A13=0,\"-\",CONCATENATE(C13&\".\",IF(AND($A$5>=2,$A13>=2),D13&\".\",\"\"),IF(AND($A$5>=3,$A13>=3),E13&\".\",\"\"),IF(AND($A$5>=4,$A13>=4),F13&\".\",\"\"),IF($A13=\"S\",G13&\".\",\"\")))","v":"1.1."},{"$f":"IF(NOT(ISERROR($Y13)),IF($Y13<>FALSE,INDEX(Banco,$Y13,4),\"\"),\"\")","v":""},null,null,"Atividade 01 - Reunião Ampliada Apresentação do Projeto de Trabalho Social Bairro: Parque São João e região",{"$f":"IF(NOT(ISERROR($Y13)),IF($Y13<>FALSE,INDEX(Banco,$Y13,6),\"\"),\"\")","v":""},null,{"$f":"IF(NOT(ISERROR($Y13)),IF($Y13<>FALSE,INDEX(Banco,$Y13,7),0),0)","v":0},"DI 1",{"$f":"IF($J13=$G$2,ROUND(ROUND($R13,2)*IF($R$9=\"Preço Unitário (R$)\",1,1+$AA13),2),0)","v":0},{"$f":"IF($A13=\"S\",VTOTAL1,IF($A13=0,0,ROUND(SomaAgrup,2)))","v":16695.900000000001},null,{"$f":"IF(OR($A13=0,$A13=\"S\",$A13>CFF!$A$9),\"\",MAX(W$11:OFFSET(W13,-1,0))+1)","v":2},{"$f":"IF(AND($J13=$G$2,$N13<>\"\",$M13<>\"\"),CONCATENATE($M13,\"-\",$N13))","v":false},{"$f":"IF(X13<>FALSE,MATCH(X13,OFFSET(Banco,0,0,,1),0))","v":false},null,{"$f":"IF($J13=$G$2,ROUND(IF(ISNUMBER(S13),S13,IF(LEFT(S13,2)=\"DI\",HLOOKUP(S13,DADOS!$T$29:$X$30,2,FALSE),0)),4),\"\")","v":""}]
["S",0,1,1,0,0,1,{"$f":"IF(OR($A14=\"S\",$A14=0),0,MATCH(0,OFFSET($B14,1,$A14,ROW($A$1504)-ROW($A14)),0))","v":0},{"$f":"IF(OR($A14=\"S\",$A14=0),0,MATCH(OFFSET($B14,0,$A14)+1,OFFSET($B14,1,$A14,ROW($A$1504)-ROW($A14)),0))","v":0},"Insumo","1.1.1.","CRESS","Rec. Humanos","001",{"$f":"IF(NOT(ISERROR($Y14)),IF($Y14<>FALSE,INDEX(Banco,$Y14,5),\"\"),\"\")","v":"Responsável Técnica"},"Horas",10,150.28,"DI 1",187.85,1878.5,null,{"$f":"IF(OR($A14=0,$A14=\"S\",$A14>CFF!$A$9),\"\",MAX(W$11:OFFSET(W14,-1,0))+1)","v":""},"Rec. Humanos-001",3,null,{"$f":"IF($J14=$G$2,ROUND(IF(ISNUMBER(S14),S14,IF(LEFT(S14,2)=\"DI\",HLOOKUP(S14,DADOS!$T$29:$X$30,2,FALSE),0)),4),\"\")","v":0.25}]
["S",0,1,1,0,0,2,{"$f":"IF(OR($A15=\"S\",$A15=0),0,MATCH(0,OFFSET($B15,1,$A15,ROW($A$1504)-ROW($A15)),0))","v":0},{"$f":"IF(OR($A15=\"S\",$A15=0),0,MATCH(OFFSET($B15,0,$A15)+1,OFFSET($B15,1,$A15,ROW($A$1504)-ROW($A15)),0))","v":0},"Insumo","1.1.2.","CRESS","Rec. Humanos","002","Assistente Social","Horas",8,133.81,"DI 1",167.26,1338.08,null,{"$f":"IF(OR($A15=0,$A15=\"S\",$A15>CFF!$A$9),\"\",MAX(W$11:OFFSET(W15,-1,0))+1)","v":""},"Rec. Humanos-002",4,null,{"$f":"IF($J15=$G$2,ROUND(IF(ISNUMBER(S15),S15,IF(LEFT(S15,2)=\"DI\",HLOOKUP(S15,DADOS!$T$29:$X$30,2,FALSE),0)),4),\"\")","v":0.25}]
["S",0,1,1,0,0,3,{"$f":"IF(OR($A16=\"S\",$A16=0),0,MATCH(0,OFFSET($B16,1,$A16,ROW($A$1504)-ROW($A16)),0))","v":0},{"$f":"IF(OR($A16=\"S\",$A16=0),0,MATCH(OFFSET($B16,0,$A16)+1,OFFSET($B16,1,$A16,ROW($A$1504)-ROW($A16)),0))","v":0},"Insumo","1.1.3.","Cotação","Rec. Humanos","003","Administrador (Técnico de Apoio) ","Horas",4,103.65,"DI 1",129.56,518.24,null,{"$f":"IF(OR($A16=0,$A16=\"S\",$A16>CFF!$A$9),\"\",MAX(W$11:OFFSET(W16,-1,0))+1)","v":""},"Rec. Humanos-003",5,null,{"$f":"IF($J16=$G$2,ROUND(IF(ISNUMBER(S16),S16,IF(LEFT(S16,2)=\"DI\",HLOOKUP(S16,DADOS!$T$29:$X$30,2,FALSE),0)),4),\"\")","v":0.25}]
["S",0,1,1,0,0,4,{"$f":"IF(OR($A17=\"S\",$A17=0),0,MATCH(0,OFFSET($B17,1,$A17,ROW($A$1504)-ROW($A17)),0))","v":0},{"$f":"IF(OR($A17=\"S\",$A17=0),0,MATCH(OFFSET($B17,0,$A17)+1,OFFSET($B17,1,$A17,ROW($A$1504)-ROW($A17)),0))","v":0},"Insumo","1.1.4.","SINE","Rec. Humanos","004","Estagiários","Horas",22,9.7899999999999991,"DI 1",12.24,269.27999999999997,null,{"$f":"IF(OR($A17=0,$A17=\"S\",$A17>CFF!$A$9),\"\",MAX(W$11:OFFSET(W17,-1,0))+1)","v":""},"Rec. Humanos-004",6,null,{"$f":"IF($J17=$G$2,ROUND(IF(ISNUMBER(S17),S17,IF(LEFT(S17,2)=\"DI\",HLOOKUP(S17,DADOS!$T$29:$X$30,2,FALSE),0)),4),\"\")","v":0.25}]
["S",0,1,1,0,0,5,{"$f":"IF(OR($A18=\"S\",$A18=0),0,MATCH(0,OFFSET($B18,1,$A18,ROW($A$1504)-ROW($A18)),0))","v":0},{"$f":"IF(OR($A18=\"S\",$A18=0),0,MATCH(OFFSET($B18,0,$A18)+1,OFFSET($B18,1,$A18,ROW($A$1504)-ROW($A18)),0))","v":0},"Insumo","1.1.5.","Cotação","Serv. Terc.","001","Fotocópias","Unidade",210,0.3,"DI 1",0.38,79.8,null,{"$f":"IF(OR($A18=0,$A18=\"S\",$A18>CFF!$A$9),\"\",MAX(W$11:OFFSET(W18,-1,0))+1)","v":""},"Serv. Terc.-001",81,null,{"$f":"IF($J18=$G$2,ROUND(IF(ISNUMBER(S18),S18,IF(LEFT(S18,2)=\"DI\",HLOOKUP(S18,DADOS!$T$29:$X$30,2,FALSE),0)),4),\"\")","v":0.25}]
[{"$f":"CHOOSE(1+LOG(1+2*(J19=$C$2)+4*(J19=$D$2)+8*(J19=$E$2)+16*(J19=$F$2)+32*(J19=$G$2),2),0,1,2,3,4,\"S\")","v":"S"},{"$f":"IF(OR(A19=\"S\",A19=0),0,IF(ISERROR(I19),H19,SMALL(H19:I19,1)))","v":0},{"$f":"IF($A19=1,OFFSET(C19,-1,0)+1,OFFSET(C19,-1,0))","v":1},{"$f":"IF($A19=1,0,IF($A19=2,OFFSET(D19,-1,0)+1,OFFSET(D19,-1,0)))","v":1},{"$f":"IF(AND($A19<=2,$A19<>0),0,IF($A19=3,OFFSET(E19,-1,0)+1,OFFSET(E19,-1,0)))","v":0},{"$f":"IF(AND($A19<=3,$A19<>0),0,IF($A19=4,OFFSET(F19,-1,0)+1,OFFSET(F19,-1,0)))","v":0},{"$f":"IF(AND($A19<=4,$A19<>0),0,IF($A19=\"S\",OFFSET(G19,-1,0)+1,OFFSET(G19,-1,0)))","v":6},{"$f":"IF(OR($A19=\"S\",$A19=0),0,MATCH(0,OFFSET($B19,1,$A19,ROW($A$1504)-ROW($A19)),0))","v":0},{"$f":"IF(OR($A19=\"S\",$A19=0),0,MATCH(OFFSET($B19,0,$A19)+1,OFFSET($B19,1,$A19,ROW($A$1504)-ROW($A19)),0))","v":0},"Insumo",{"$f":"IF($A19=0,\"-\",CONCATENATE(C19&\".\",IF(AND($A$5>=2,$A19>=2),D19&\".\",\"\"),IF(AND($A$5>=3,$A19>=3),E19&\".\",\"\"),IF(AND($A$5>=4,$A19>=4),F19&\".\",\"\"),IF($A19=\"S\",G19&\".\",\"\")))","v":"1.1.6."},{"$f":"IF(NOT(ISERROR($Y19)),IF($Y19<>FALSE,INDEX(Banco,$Y19,4),\"\"),\"\")","v":"Cotação"},"Serv. Terc.","017",{"$f":"IF(NOT(ISERROR($Y19)),IF($Y19<>FALSE,INDEX(Banco,$Y19,5),\"\"),\"\")","v":"Instrutor/Monitor (Educação Fisíca)"},{"$f":"IF(NOT(ISERROR($Y19)),IF($Y19<>FALSE,INDEX(Banco,$Y19,6),\"\"),\"\")","v":"Horas"},3,{"$f":"IF(NOT(ISERROR($Y19)),IF($Y19<>FALSE,INDEX(Banco,$Y19,7),0),0)","v":100},"DI 1",{"$f":"IF($J19=$G$2,ROUND(ROUND($R19,2)*IF($R$9=\"Preço Unitário (R$)\",1,1+$AA19),2),0)","v":125},{"$f":"IF($A19=\"S\",VTOTAL1,IF($A19=0,0,ROUND(SomaAgrup,2)))","v":375},null,{"$f":"IF(OR($A19=0,$A19=\"S\",$A19>CFF!$A$9),\"\",MAX(W$11:OFFSET(W19,-1,0))+1)","v":""},{"$f":"IF(AND($J19=$G$2,$N19<>\"\",$M19<>\"\"),CONCATENATE($M19,\"-\",$N19))","v":"Serv. Terc.-017"},{"$f":"IF(X19<>FALSE,MATCH(X19,OFFSET(Banco,0,0,,1),0))","v":97},null,{"$f":"IF($J19=$G$2,ROUND(IF(ISNUMBER(S19),S19,IF(LEFT(S19,2)=\"DI\",HLOOKUP(S19,DADOS!$T$29:$X$30,2,FALSE),0)),4),\"\")","v":0.25}]
["S",0,1,1,0,0,7,{"$f":"IF(OR($A20=\"S\",$A20=0),0,MATCH(0,OFFSET($B20,1,$A20,ROW($A$1504)-ROW($A20)),0))","v":0},{"$f":"IF(OR($A20=\"S\",$A20=0),0,MATCH(OFFSET($B20,0,$A20)+1,OFFSET($B20,1,$A20,ROW($A$1504)-ROW($A20)),0))","v":0},"Insumo","1.1.7.","Cotação","Serv. Terc.","002","Carro de som com gravação de vinheta","Horas",3,200,"DI 1",250,750,null,{"$f":"IF(OR($A20=0,$A20=\"S\",$A20>CFF!$A$9),\"\",MAX(W$11:OFFSET(W20,-1,0))+1)","v":""},"Serv. Terc.-002",82,null,{"$f":"IF($J20=$G$2,ROUND(IF(ISNUMBER(S20),S20,IF(LEFT(S20,2)=\"DI\",HLOOKUP(S20,DADOS!$T$29:$X$30,2,FALSE),0)),4),\"\")","v":0.25}]
["S",0,1,1,0,0,8,{"$f":"IF(OR($A21=\"S\",$A21=0),0,MATCH(0,OFFSET($B21,1,$A21,ROW($A$1504)-ROW($A21)),0))","v":0},{"$f":"IF(OR($A21=\"S\",$A21=0),0,MATCH(OFFSET($B21,0,$A21)+1,OFFSET($B21,1,$A21,ROW($A$1504)-ROW($A21)),0))","v":0},"Insumo","1.1.8.","Cotação","Serv. Terc.","003","Locação de mesas","Unidade",20,3,"DI 1",3.75,75,null,{"$f":"IF(OR($A21=0,$A21=\"S\",$A21>CFF!$A$9),\"\",MAX(W$11:OFFSET(W21,-1,0))+1)","v":""},"Serv. Terc.-003",83,null,{"$f":"IF($J21=$G$2,ROUND(IF(ISNUMBER(S21),S21,IF(LEFT(S21,2)=\"DI\",HLOOKUP(S21,DADOS!$T$29:$X$30,2,FALSE),0)),4),\"\")","v":0.25}]
["S",0,1,1,0,0,9,{"$f":"IF(OR($A22=\"S\",$A22=0),0,MATCH(0,OFFSET($B22,1,$A22,ROW($A$1504)-ROW($A22)),0))","v":0},{"$f":"IF(OR($A22=\"S\",$A22=0),0,MATCH(OFFSET($B22,0,$A22)+1,OFFSET($B22,1,$A22,ROW($A$1504)-ROW($A22)),0))","v":0},"Insumo","1.1.9.","Cotação","Serv. Terc.","004","Locação de cadeiras","Unidade",400,2,"DI 1",2.5,1000,null,{"$f":"IF(OR($A22=0,$A22=\"S\",$A22>CFF!$A$9),\"\",MAX(W$11:OFFSET(W22,-1,0))+1)","v":""},"Serv. Terc.-004",84,null,{"$f":"IF($J22=$G$2,ROUND(IF(ISNUMBER(S22),S22,IF(LEFT(S22,2)=\"DI\",HLOOKUP(S22,DADOS!$T$29:$X$30,2,FALSE),0)),4),\"\")","v":0.25}]
["S",0,1,1,0,0,10,{"$f":"IF(OR($A23=\"S\",$A23=0),0,MATCH(0,OFFSET($B23,1,$A23,ROW($A$1504)-ROW($A23)),0))","v":0},{"$f":"IF(OR($A23=\"S\",$A23=0),0,MATCH(OFFSET($B23,0,$A23)+1,OFFSET($B23,1,$A23,ROW($A$1504)-ROW($A23)),0))","v":0},"Insumo","1.1.10.","Cotação","Serv. Terc.","005","Locação de caixa térmica","Unidade",2,40,"DI 1",50,100,null,{"$f":"IF(OR($A23=0,$A23=\"S\",$A23>CFF!$A$9),\"\",MAX(W$11:OFFSET(W23,-1,0))+1)","v":""},"Serv. Terc.-005",85,null,{"$f":"IF($J23=$G$2,ROUND(IF(ISNUMBER(S23),S23,IF(LEFT(S23,2)=\"DI\",HLOOKUP(S23,DADOS!$T$29:$X$30,2,FALSE),0)),4),\"\")","v":0.25}]
["S",0,1,1,0,0,11,{"$f":"IF(OR($A24=\"S\",$A24=0),0,MATCH(0,OFFSET($B24,1,$A24,ROW($A$1504)-ROW($A24)),0))","v":0},{"$f":"IF(OR($A24=\"S\",$A24=0),0,MATCH(OFFSET($B24,0,$A24)+1,OFFSET($B24,1,$A24,ROW($A$1504)-ROW($A24)),0))","v":0},"Insumo","1.1.11.","Cotação","Serv. Terc.","006","Locação de tendas","Unidade",3,250,"DI 1",312.5,937.5,null,{"$f":"IF(OR($A24=0,$A24=\"S\",$A24>CFF!$A$9),\"\",MAX(W$11:OFFSET(W24,-1,0))+1)","v":""},"Serv. Terc.-006",86,null,{"$f":"IF($J24=$G$2,ROUND(IF(ISNUMBER(S24),S24,IF(LEFT(S24,2)=\"DI\",HLOOKUP(S24,DADOS!$T$29:$X$30,2,FALSE),0)),4),\"\")","v":0.25}]
["S",0,1,1,0,0,12,{"$f":"IF(OR($A25=\"S\",$A25=0),0,MATCH(0,OFFSET($B25,1,$A25,ROW($A$1504)-ROW($A25)),0))","v":0},{"$f":"IF(OR($A25=\"S\",$A25=0),0,MATCH(OFFSET($B25,0,$A25)+1,OFFSET($B25,1,$A25,ROW($A$1504)-ROW($A25)),0))","v":0},"Insumo","1.1.12.","Cotação","Serv. Terc.","008","Locação de pula-pula com monitor","Unidade",2,220,"DI 1",275,550,null,{"$f":"IF(OR($A25=0,$A25=\"S\",$A25>CFF!$A$9),\"\",MAX(W$11:OFFSET(W25,-1,0))+1)","v":""},"Serv. Terc.-008",88,null,{"$f":"IF($J25=$G$2,ROUND(IF(ISNUMBER(S25),S25,IF(LEFT(S25,2)=\"DI\",HLOOKUP(S25,DADOS!$T$29:$X$30,2,FALSE),0)),4),\"\")","v":0.25}]
["S",0,1,1,0,0,13,{"$f":"IF(OR($A26=\"S\",$A26=0),0,MATCH(0,OFFSET($B26,1,$A26,ROW($A$1504)-ROW($A26)),0))","v":0},{"$f":"IF(OR($A26=\"S\",$A26=0),0,MATCH(OFFSET($B26,0,$A26)+1,OFFSET($B26,1,$A26,ROW($A$1504)-ROW($A26)),0))","v":0},"Insumo","1.1.13.","Cotação ","Serv. Terc.","010","Brindes ( descrição nos orçamentos e PTS)","Unidade",8,120,"DI 1",150,1200,null,{"$f":"IF(OR($A26=0,$A26=\"S\",$A26>CFF!$A$9),\"\",MAX(W$11:OFFSET(W26,-1,0))+1)","v":""},"Serv. Terc.-010",90,null,{"$f":"IF($J26=$G$2,ROUND(IF(ISNUMBER(S26),S26,IF(LEFT(S26,2)=\"DI\",HLOOKUP(S26,DADOS!$T$29:$X$30,2,FALSE),0)),4),\"\")","v":0.25}]
["S",0,1,1,0,0,14,{"$f":"IF(OR($A27=\"S\",$A27=0),0,MATCH(0,OFFSET($B27,1,$A27,ROW($A$1504)-ROW($A27)),0))","v":0},{"$f":"IF(OR($A27=\"S\",$A27=0),0,MATCH(OFFSET($B27,0,$A27)+1,OFFSET($B27,1,$A27,ROW($A$1504)-ROW($A27)),0))","v":0},"Insumo","1.1.14.","Cotação ","Serv. Terc.","011","Barra de gelo","Unidade",4,12,"DI 1",15,60,null,{"$f":"IF(OR($A27=0,$A27=\"S\",$A27>CFF!$A$9),\"\",MAX(W$11:OFFSET(W27,-1,0))+1)","v":""},"Serv. Terc.-011",91,null,{"$f":"IF($J27=$G$2,ROUND(IF(ISNUMBER(S27),S27,IF(LEFT(S27,2)=\"DI\",HLOOKUP(S27,DADOS!$T$29:$X$30,2,FALSE),0)),4),\"\")","v":0.25}]
["S",0,1,1,0,0,15,{"$f":"IF(OR($A28=\"S\",$A28=0),0,MATCH(0,OFFSET($B28,1,$A28,ROW($A$1504)-ROW($A28)),0))","v":0},{"$f":"IF(OR($A28=\"S\",$A28=0),0,MATCH(OFFSET($B28,0,$A28)+1,OFFSET($B28,1,$A28,ROW($A$1504)-ROW($A28)),0))","v":0},"Insumo","1.1.15.","Cotação","Serv. Terc.","012","Água (garrafão de 20 litros)","Unidade",2,10,"DI 1",12.5,25,null,{"$f":"IF(OR($A28=0,$A28=\"S\",$A28>CFF!$A$9),\"\",MAX(W$11:OFFSET(W28,-1,0))+1)","v":""},"Serv. Terc.-012",92,null,{"$f":"IF($J28=$G$2,ROUND(IF(ISNUMBER(S28),S28,IF(LEFT(S28,2)=\"DI\",HLOOKUP(S28,DADOS!$T$29:$X$30,2,FALSE),0)),4),\"\")","v":0.25}]
["S",0,1,1,0,0,16,{"$f":"IF(OR($A29=\"S\",$A29=0),0,MATCH(0,OFFSET($B29,1,$A29,ROW($A$1504)-ROW($A29)),0))","v":0},{"$f":"IF(OR($A29=\"S\",$A29=0),0,MATCH(OFFSET($B29,0,$A29)+1,OFFSET($B29,1,$A29,ROW($A$1504)-ROW($A29)),0))","v":0},"Insumo","1.1.16.","Cotação","Serv. Terc.","013","Sucos","Unidade",12,6.4,"DI 1",8,96,null,{"$f":"IF(OR($A29=0,$A29=\"S\",$A29>CFF!$A$9),\"\",MAX(W$11:OFFSET(W29,-1,0))+1)","v":""},"Serv. Terc.-013",93,null,{"$f":"IF($J29=$G$2,ROUND(IF(ISNUMBER(S29),S29,IF(LEFT(S29,2)=\"DI\",HLOOKUP(S29,DADOS!$T$29:$X$30,2,FALSE),0)),4),\"\")","v":0.25}]
[{"$f":"CHOOSE(1+LOG(1+2*(J30=$C$2)+4*(J30=$D$2)+8*(J30=$E$2)+16*(J30=$F$2)+32*(J30=$G$2),2),0,1,2,3,4,\"S\")","v":"S"},{"$f":"IF(OR(A30=\"S\",A30=0),0,IF(ISERROR(I30),H30,SMALL(H30:I30,1)))","v":0},{"$f":"IF($A30=1,OFFSET(C30,-1,0)+1,OFFSET(C30,-1,0))","v":1},{"$f":"IF($A30=1,0,IF($A30=2,OFFSET(D30,-1,0)+1,OFFSET(D30,-1,0)))","v":1},{"$f":"IF(AND($A30<=2,$A30<>0),0,IF($A30=3,OFFSET(E30,-1,0)+1,OFFSET(E30,-1,0)))","v":0},{"$f":"IF(AND($A30<=3,$A30<>0),0,IF($A30=4,OFFSET(F30,-1,0)+1,OFFSET(F30,-1,0)))","v":0},{"$f":"IF(AND($A30<=4,$A30<>0),0,IF($A30=\"S\",OFFSET(G30,-1,0)+1,OFFSET(G30,-1,0)))","v":17},{"$f":"IF(OR($A30=\"S\",$A30=0),0,MATCH(0,OFFSET($B30,1,$A30,ROW($A$1504)-ROW($A30)),0))","v":0},{"$f":"IF(OR($A30=\"S\",$A30=0),0,MATCH(OFFSET($B30,0,$A30)+1,OFFSET($B30,1,$A30,ROW($A$1504)-ROW($A30)),0))","v":0},"Insumo",{"$f":"IF($A30=0,\"-\",CONCATENATE(C30&\".\",IF(AND($A$5>=2,$A30>=2),D30&\".\",\"\"),IF(AND($A$5>=3,$A30>=3),E30&\".\",\"\"),IF(AND($A$5>=4,$A30>=4),F30&\".\",\"\"),IF($A30=\"S\",G30&\".\",\"\")))","v":"1.1.17."},{"$f":"IF(NOT(ISERROR($Y30)),IF($Y30<>FALSE,INDEX(Banco,$Y30,4),\"\"),\"\")","v":"Cotação"},"Serv. Terc.","027",{"$f":"IF(NOT(ISERROR($Y30)),IF($Y30<>FALSE,INDEX(Banco,$Y30,5),\"\"),\"\")","v":"Refrigerantes (02 litros) "},{"$f":"IF(NOT(ISERROR($Y30)),IF($Y30<>FALSE,INDEX(Banco,$Y30,6),\"\"),\"\")","v":"Unidade"},20,{"$f":"IF(NOT(ISERROR($Y30)),IF($Y30<>FALSE,INDEX(Banco,$Y30,7),0),0)","v":6},"DI 1",{"$f":"IF($J30=$G$2,ROUND(ROUND($R30,2)*IF($R$9=\"Preço Unitário (R$)\",1,1+$AA30),2),0)","v":7.5},{"$f":"IF($A30=\"S\",VTOTAL1,IF($A30=0,0,ROUND(SomaAgrup,2)))","v":150},null,{"$f":"IF(OR($A30=0,$A30=\"S\",$A30>CFF!$A$9),\"\",MAX(W$11:OFFSET(W30,-1,0))+1)","v":""},{"$f":"IF(AND($J30=$G$2,$N30<>\"\",$M30<>\"\"),CONCATENATE($M30,\"-\",$N30))","v":"Serv. Terc.-027"},{"$f":"IF(X30<>FALSE,MATCH(X30,OFFSET(Banco,0,0,,1),0))","v":107},null,{"$f":"IF($J30=$G$2,ROUND(IF(ISNUMBER(S30),S30,IF(LEFT(S30,2)=\"DI\",HLOOKUP(S30,DADOS!$T$29:$X$30,2,FALSE),0)),4),\"\")","v":0.25}]
["S",0,1,1,0,0,18,{"$f":"IF(OR($A31=\"S\",$A31=0),0,MATCH(0,OFFSET($B31,1,$A31,ROW($A$1504)-ROW($A31)),0))","v":0},{"$f":"IF(OR($A31=\"S\",$A31=0),0,MATCH(OFFSET($B31,0,$A31)+1,OFFSET($B31,1,$A31,ROW($A$1504)-ROW($A31)),0))","v":0},"Insumo","1.1.18.","Cotação","Serv. Terc.","015","Coffee break (salgados)","Centro",15,65,"DI 1",81.25,1218.75,null,{"$f":"IF(OR($A31=0,$A31=\"S\",$A31>CFF!$A$9),\"\",MAX(W$11:OFFSET(W31,-1,0))+1)","v":""},"Serv. Terc.-015",95,null,{"$f":"IF($J31=$G$2,ROUND(IF(ISNUMBER(S31),S31,IF(LEFT(S31,2)=\"DI\",HLOOKUP(S31,DADOS!$T$29:$X$30,2,FALSE),0)),4),\"\")","v":0.25}]
["S",0,1,1,0,0,19,{"$f":"IF(OR($A32=\"S\",$A32=0),0,MATCH(0,OFFSET($B32,1,$A32,ROW($A$1504)-ROW($A32)),0))","v":0},{"$f":"IF(OR($A32=\"S\",$A32=0),0,MATCH(OFFSET($B32,0,$A32)+1,OFFSET($B32,1,$A32,ROW($A$1504)-ROW($A32)),0))","v":0},"Insumo","1.1.19.","Cotação","Rec. Materiais","001","Papel A4","Resma",1,28,"DI 1",35,35,null,{"$f":"IF(OR($A32=0,$A32=\"S\",$A32>CFF!$A$9),\"\",MAX(W$11:OFFSET(W32,-1,0))+1)","v":""},"Rec. Materiais-001",10,null,{"$f":"IF($J32=$G$2,ROUND(IF(ISNUMBER(S32),S32,IF(LEFT(S32,2)=\"DI\",HLOOKUP(S32,DADOS!$T$29:$X$30,2,FALSE),0)),4),\"\")","v":0.25}]
[{"$f":"CHOOSE(1+LOG(1+2*(J33=$C$2)+4*(J33=$D$2)+8*(J33=$E$2)+16*(J33=$F$2)+32*(J33=$G$2),2),0,1,2,3,4,\"S\")","v":"S"},{"$f":"IF(OR(A33=\"S\",A33=0),0,IF(ISERROR(I33),H33,SMALL(H33:I33,1)))","v":0},{"$f":"IF($A33=1,OFFSET(C33,-1,0)+1,OFFSET(C33,-1,0))","v":1},{"$f":"IF($A33=1,0,IF($A33=2,OFFSET(D33,-1,0)+1,OFFSET(D33,-1,0)))","v":1},{"$f":"IF(AND($A33<=2,$A33<>0),0,IF($A33=3,OFFSET(E33,-1,0)+1,OFFSET(E33,-1,0)))","v":0},{"$f":"IF(AND($A33<=3,$A33<>0),0,IF($A33=4,OFFSET(F33,-1,0)+1,OFFSET(F33,-1,0)))","v":0},{"$f":"IF(AND($A33<=4,$A33<>0),0,IF($A33=\"S\",OFFSET(G33,-1,0)+1,OFFSET(G33,-1,0)))","v":20},{"$f":"IF(OR($A33=\"S\",$A33=0),0,MATCH(0,OFFSET($B33,1,$A33,ROW($A$1504)-ROW($A33)),0))","v":0},{"$f":"IF(OR($A33=\"S\",$A33=0),0,MATCH(OFFSET($B33,0,$A33)+1,OFFSET($B33,1,$A33,ROW($A$1504)-ROW($A33)),0))","v":0},"Insumo",{"$f":"IF($A33=0,\"-\",CONCATENATE(C33&\".\",IF(AND($A$5>=2,$A33>=2),D33&\".\",\"\"),IF(AND($A$5>=3,$A33>=3),E33&\".\",\"\"),IF(AND($A$5>=4,$A33>=4),F33&\".\",\"\"),IF($A33=\"S\",G33&\".\",\"\")))","v":"1.1.20."},{"$f":"IF(NOT(ISERROR($Y33)),IF($Y33<>FALSE,INDEX(Banco,$Y33,4),\"\"),\"\")","v":"Cotação"},"Rec. Materiais","010",{"$f":"IF(NOT(ISERROR($Y33)),IF($Y33<>FALSE,INDEX(Banco,$Y33,5),\"\"),\"\")","v":"Clips galvanizado"},{"$f":"IF(NOT(ISERROR($Y33)),IF($Y33<>FALSE,INDEX(Banco,$Y33,6),\"\"),\"\")","v":"Caixa "},1,{"$f":"IF(NOT(ISERROR($Y33)),IF($Y33<>FALSE,INDEX(Banco,$Y33,7),0),0)","v":6.62},"DI 1",{"$f":"IF($J33=$G$2,ROUND(ROUND($R33,2)*IF($R$9=\"Preço Unitário (R$)\",1,1+$AA33),2),0)","v":8.2799999999999994},{"$f":"IF($A33=\"S\",VTOTAL1,IF($A33=0,0,ROUND(SomaAgrup,2)))","v":8.2799999999999994},null,{"$f":"IF(OR($A33=0,$A33=\"S\",$A33>CFF!$A$9),\"\",MAX(W$11:OFFSET(W33,-1,0))+1)","v":""},{"$f":"IF(AND($J33=$G$2,$N33<>\"\",$M33<>\"\"),CONCATENATE($M33,\"-\",$N33))","v":"Rec. Materiais-010"},{"$f":"IF(X33<>FALSE,MATCH(X33,OFFSET(Banco,0,0,,1),0))","v":19},null,{"$f":"IF($J33=$G$2,ROUND(IF(ISNUMBER(S33),S33,IF(LEFT(S33,2)=\"DI\",HLOOKUP(S33,DADOS!$T$29:$X$30,2,FALSE),0)),4),\"\")","v":0.25}]
[{"$f":"CHOOSE(1+LOG(1+2*(J34=$C$2)+4*(J34=$D$2)+8*(J34=$E$2)+16*(J34=$F$2)+32*(J34=$G$2),2),0,1,2,3,4,\"S\")","v":"S"},{"$f":"IF(OR(A34=\"S\",A34=0),0,IF(ISERROR(I34),H34,SMALL(H34:I34,1)))","v":0},{"$f":"IF($A34=1,OFFSET(C34,-1,0)+1,OFFSET(C34,-1,0))","v":1},{"$f":"IF($A34=1,0,IF($A34=2,OFFSET(D34,-1,0)+1,OFFSET(D34,-1,0)))","v":1},{"$f":"IF(AND($A34<=2,$A34<>0),0,IF($A34=3,OFFSET(E34,-1,0)+1,OFFSET(E34,-1,0)))","v":0},{"$f":"IF(AND($A34<=3,$A34<>0),0,IF($A34=4,OFFSET(F34,-1,0)+1,OFFSET(F34,-1,0)))","v":0},{"$f":"IF(AND($A34<=4,$A34<>0),0,IF($A34=\"S\",OFFSET(G34,-1,0)+1,OFFSET(G34,-1,0)))","v":21},{"$f":"IF(OR($A34=\"S\",$A34=0),0,MATCH(0,OFFSET($B34,1,$A34,ROW($A$1504)-ROW($A34)),0))","v":0},{"$f":"IF(OR($A34=\"S\",$A34=0),0,MATCH(OFFSET($B34,0,$A34)+1,OFFSET($B34,1,$A34,ROW($A$1504)-ROW($A34)),0))","v":0},"Insumo",{"$f":"IF($A34=0,\"-\",CONCATENATE(C34&\".\",IF(AND($A$5>=2,$A34>=2),D34&\".\",\"\"),IF(AND($A$5>=3,$A34>=3),E34&\".\",\"\"),IF(AND($A$5>=4,$A34>=4),F34&\".\",\"\"),IF($A34=\"S\",G34&\".\",\"\")))","v":"1.1.21."},{"$f":"IF(NOT(ISERROR($Y34)),IF($Y34<>FALSE,INDEX(Banco,$Y34,4),\"\"),\"\")","v":"Cotação"},"Rec. Materiais","031",{"$f":"IF(NOT(ISERROR($Y34)),IF($Y34<>FALSE,INDEX(Banco,$Y34,5),\"\"),\"\")","v":"Corretivo líquido a base de água 18ml"},{"$f":"IF(NOT(ISERROR($Y34)),IF($Y34<>FALSE,INDEX(Banco,$Y34,6),\"\"),\"\")","v":"Unidade"},2,{"$f":"IF(NOT(ISERROR($Y34)),IF($Y34<>FALSE,INDEX(Banco,$Y34,7),0),0)","v":2.62},"DI 1",{"$f":"IF($J34=$G$2,ROUND(ROUND($R34,2)*IF($R$9=\"Preço Unitário (R$)\",1,1+$AA34),2),0)","v":3.28},{"$f":"IF($A34=\"S\",VTOTAL1,IF($A34=0,0,ROUND(SomaAgrup,2)))","v":6.56},null,{"$f":"IF(OR($A34=0,$A34=\"S\",$A34>CFF!$A$9),\"\",MAX(W$11:OFFSET(W34,-1,0))+1)","v":""},{"$f":"IF(AND($J34=$G$2,$N34<>\"\",$M34<>\"\"),CONCATENATE($M34,\"-\",$N34))","v":"Rec. Materiais-031"},{"$f":"IF(X34<>FALSE,MATCH(X34,OFFSET(Banco,0,0,,1),0))","v":40},null,{"$f":"IF($J34=$G$2,ROUND(IF(ISNUMBER(S34),S34,IF(LEFT(S34,2)=\"DI\",HLOOKUP(S34,DADOS!$T$29:$X$30,2,FALSE),0)),4),\"\")","v":0.25}]
["S",0,1,1,0,0,22,{"$f":"IF(OR($A35=\"S\",$A35=0),0,MATCH(0,OFFSET($B35,1,$A35,ROW($A$1504)-ROW($A35)),0))","v":0},{"$f":"IF(OR($A35=\"S\",$A35=0),0,MATCH(OFFSET($B35,0,$A35)+1,OFFSET($B35,1,$A35,ROW($A$1504)-ROW($A35)),0))","v":0},"Insumo","1.1.22.","Cotação","Rec. Materiais","002","Toner para impressora","Unidade",4,180,"DI 1",225,900,null,{"$f":"IF(OR($A35=0,$A35=\"S\",$A35>CFF!$A$9),\"\",MAX(W$11:OFFSET(W35,-1,0))+1)","v":""},"Rec. Materiais-002",11,null,{"$f":"IF($J35=$G$2,ROUND(IF(ISNUMBER(S35),S35,IF(LEFT(S35,2)=\"DI\",HLOOKUP(S35,DADOS!$T$29:$X$30,2,FALSE),0)),4),\"\")","v":0.25}]
["S",0,1,1,0,0,23,{"$f":"IF(OR($A36=\"S\",$A36=0),0,MATCH(0,OFFSET($B36,1,$A36,ROW($A$1504)-ROW($A36)),0))","v":0},{"$f":"IF(OR($A36=\"S\",$A36=0),0,MATCH(OFFSET($B36,0,$A36)+1,OFFSET($B36,1,$A36,ROW($A$1504)-ROW($A36)),0))","v":0},"Insumo","1.1.23.","Cotação","Rec. Materiais","003","Canetas esferográficas azul","Caixa",1,45,"DI 1",56.25,56.25,null,{"$f":"IF(OR($A36=0,$A36=\"S\",$A36>CFF!$A$9),\"\",MAX(W$11:OFFSET(W36,-1,0))+1)","v":""},"Rec. Materiais-003",12,null,{"$f":"IF($J36=$G$2,ROUND(IF(ISNUMBER(S36),S36,IF(LEFT(S36,2)=\"DI\",HLOOKUP(S36,DADOS!$T$29:$X$30,2,FALSE),0)),4),\"\")","v":0.25}]
["S",0,1,1,0,0,24,{"$f":"IF(OR($A37=\"S\",$A37=0),0,MATCH(0,OFFSET($B37,1,$A37,ROW($A$1504)-ROW($A37)),0))","v":0},{"$f":"IF(OR($A37=\"S\",$A37=0),0,MATCH(OFFSET($B37,0,$A37)+1,OFFSET($B37,1,$A37,ROW($A$1504)-ROW($A37)),0))","v":0},"Insumo","1.1.24.","Cotação","Rec. Materiais","004","Lápis de cor","Caixa",20,13.45,"DI 1",16.809999999999999,336.2,null,{"$f":"IF(OR($A37=0,$A37=\"S\",$A37>CFF!$A$9),\"\",MAX(W$11:OFFSET(W37,-1,0))+1)","v":""},"Rec. Materiais-004",13,null,{"$f":"IF($J37=$G$2,ROUND(IF(ISNUMBER(S37),S37,IF(LEFT(S37,2)=\"DI\",HLOOKUP(S37,DADOS!$T$29:$X$30,2,FALSE),0)),4),\"\")","v":0.25}]
[{"$f":"CHOOSE(1+LOG(1+2*(J38=$C$2)+4*(J38=$D$2)+8*(J38=$E$2)+16*(J38=$F$2)+32*(J38=$G$2),2),0,1,2,3,4,\"S\")","v":"S"},{"$f":"IF(OR(A38=\"S\",A38=0),0,IF(ISERROR(I38),H38,SMALL(H38:I38,1)))","v":0},{"$f":"IF($A38=1,OFFSET(C38,-1,0)+1,OFFSET(C38,-1,0))","v":1},{"$f":"IF($A38=1,0,IF($A38=2,OFFSET(D38,-1,0)+1,OFFSET(D38,-1,0)))","v":1},{"$f":"IF(AND($A38<=2,$A38<>0),0,IF($A38=3,OFFSET(E38,-1,0)+1,OFFSET(E38,-1,0)))","v":0},{"$f":"IF(AND($A38<=3,$A38<>0),0,IF($A38=4,OFFSET(F38,-1,0)+1,OFFSET(F38,-1,0)))","v":0},{"$f":"IF(AND($A38<=4,$A38<>0),0,IF($A38=\"S\",OFFSET(G38,-1,0)+1,OFFSET(G38,-1,0)))","v":25},{"$f":"IF(OR($A38=\"S\",$A38=0),0,MATCH(0,OFFSET($B38,1,$A38,ROW($A$1504)-ROW($A38)),0))","v":0},{"$f":"IF(OR($A38=\"S\",$A38=0),0,MATCH(OFFSET($B38,0,$A38)+1,OFFSET($B38,1,$A38,ROW($A$1504)-ROW($A38)),0))","v":0},"Insumo",{"$f":"IF($A38=0,\"-\",CONCATENATE(C38&\".\",IF(AND($A$5>=2,$A38>=2),D38&\".\",\"\"),IF(AND($A$5>=3,$A38>=3),E38&\".\",\"\"),IF(AND($A$5>=4,$A38>=4),F38&\".\",\"\"),IF($A38=\"S\",G38&\".\",\"\")))","v":"1.1.25."},{"$f":"IF(NOT(ISERROR($Y38)),IF($Y38<>FALSE,INDEX(Banco,$Y38,4),\"\"),\"\")","v":"Cotação"},"Rec. Materiais","008",{"$f":"IF(NOT(ISERROR($Y38)),IF($Y38<>FALSE,INDEX(Banco,$Y38,5),\"\"),\"\")","v":"Massa de modelar"},{"$f":"IF(NOT(ISERROR($Y38)),IF($Y38<>FALSE,INDEX(Banco,$Y38,6),\"\"),\"\")","v":"Unidade"},40,{"$f":"IF(NOT(ISERROR($Y38)),IF($Y38<>FALSE,INDEX(Banco,$Y38,7),0),0)","v":5.2},"DI 1",{"$f":"IF($J38=$G$2,ROUND(ROUND($R38,2)*IF($R$9=\"Preço Unitário (R$)\",1,1+$AA38),2),0)","v":6.5},{"$f":"IF($A38=\"S\",VTOTAL1,IF($A38=0,0,ROUND(SomaAgrup,2)))","v":260},null,{"$f":"IF(OR($A38=0,$A38=\"S\",$A38>CFF!$A$9),\"\",MAX(W$11:OFFSET(W38,-1,0))+1)","v":""},{"$f":"IF(AND($J38=$G$2,$N38<>\"\",$M38<>\"\"),CONCATENATE($M38,\"-\",$N38))","v":"Rec. Materiais-008"},{"$f":"IF(X38<>FALSE,MATCH(X38,OFFSET(Banco,0,0,,1),0))","v":17},null,{"$f":"IF($J38=$G$2,ROUND(IF(ISNUMBER(S38),S38,IF(LEFT(S38,2)=\"DI\",HLOOKUP(S38,DADOS!$T$29:$X$30,2,FALSE),0)),4),\"\")","v":0.25}]
[{"$f":"CHOOSE(1+LOG(1+2*(J39=$C$2)+4*(J39=$D$2)+8*(J39=$E$2)+16*(J39=$F$2)+32*(J39=$G$2),2),0,1,2,3,4,\"S\")","v":"S"},{"$f":"IF(OR(A39=\"S\",A39=0),0,IF(ISERROR(I39),H39,SMALL(H39:I39,1)))","v":0},{"$f":"IF($A39=1,OFFSET(C39,-1,0)+1,OFFSET(C39,-1,0))","v":1},{"$f":"IF($A39=1,0,IF($A39=2,OFFSET(D39,-1,0)+1,OFFSET(D39,-1,0)))","v":1},{"$f":"IF(AND($A39<=2,$A39<>0),0,IF($A39=3,OFFSET(E39,-1,0)+1,OFFSET(E39,-1,0)))","v":0},{"$f":"IF(AND($A39<=3,$A39<>0),0,IF($A39=4,OFFSET(F39,-1,0)+1,OFFSET(F39,-1,0)))","v":0},{"$f":"IF(AND($A39<=4,$A39<>0),0,IF($A39=\"S\",OFFSET(G39,-1,0)+1,OFFSET(G39,-1,0)))","v":26},{"$f":"IF(OR($A39=\"S\",$A39=0),0,MATCH(0,OFFSET($B39,1,$A39,ROW($A$1504)-ROW($A39)),0))","v":0},{"$f":"IF(OR($A39=\"S\",$A39=0),0,MATCH(OFFSET($B39,0,$A39)+1,OFFSET($B39,1,$A39,ROW($A$1504)-ROW($A39)),0))","v":0},"Insumo",{"$f":"IF($A39=0,\"-\",CONCATENATE(C39&\".\",IF(AND($A$5>=2,$A39>=2),D39&\".\",\"\"),IF(AND($A$5>=3,$A39>=3),E39&\".\",\"\"),IF(AND($A$5>=4,$A39>=4),F39&\".\",\"\"),IF($A39=\"S\",G39&\".\",\"\")))","v":"1.1.26."},{"$f":"IF(NOT(ISERROR($Y39)),IF($Y39<>FALSE,INDEX(Banco,$Y39,4),\"\"),\"\")","v":"Cotação"},"Rec. Materiais","022",{"$f":"IF(NOT(ISERROR($Y39)),IF($Y39<>FALSE,INDEX(Banco,$Y39,5),\"\"),\"\")","v":"Balão redondo"},{"$f":"IF(NOT(ISERROR($Y39)),IF($Y39<>FALSE,INDEX(Banco,$Y39,6),\"\"),\"\")","v":"Unidade"},60,{"$f":"IF(NOT(ISERROR($Y39)),IF($Y39<>FALSE,INDEX(Banco,$Y39,7),0),0)","v":9},"DI 1",{"$f":"IF($J39=$G$2,ROUND(ROUND($R39,2)*IF($R$9=\"Preço Unitário (R$)\",1,1+$AA39),2),0)","v":11.25},{"$f":"IF($A39=\"S\",VTOTAL1,IF($A39=0,0,ROUND(SomaAgrup,2)))","v":675},null,{"$f":"IF(OR($A39=0,$A39=\"S\",$A39>CFF!$A$9),\"\",MAX(W$11:OFFSET(W39,-1,0))+1)","v":""},{"$f":"IF(AND($J39=$G$2,$N39<>\"\",$M39<>\"\"),CONCATENATE($M39,\"-\",$N39))","v":"Rec. Materiais-022"},{"$f":"IF(X39<>FALSE,MATCH(X39,OFFSET(Banco,0,0,,1),0))","v":31},null,{"$f":"IF($J39=$G$2,ROUND(IF(ISNUMBER(S39),S39,IF(LEFT(S39,2)=\"DI\",HLOOKUP(S39,DADOS!$T$29:$X$30,2,FALSE),0)),4),\"\")","v":0.25}]
[{"$f":"CHOOSE(1+LOG(1+2*(J40=$C$2)+4*(J40=$D$2)+8*(J40=$E$2)+16*(J40=$F$2)+32*(J40=$G$2),2),0,1,2,3,4,\"S\")","v":"S"},{"$f":"IF(OR(A40=\"S\",A40=0),0,IF(ISERROR(I40),H40,SMALL(H40:I40,1)))","v":0},{"$f":"IF($A40=1,OFFSET(C40,-1,0)+1,OFFSET(C40,-1,0))","v":1},{"$f":"IF($A40=1,0,IF($A40=2,OFFSET(D40,-1,0)+1,OFFSET(D40,-1,0)))","v":1},{"$f":"IF(AND($A40<=2,$A40<>0),0,IF($A40=3,OFFSET(E40,-1,0)+1,OFFSET(E40,-1,0)))","v":0},{"$f":"IF(AND($A40<=3,$A40<>0),0,IF($A40=4,OFFSET(F40,-1,0)+1,OFFSET(F40,-1,0)))","v":0},{"$f":"IF(AND($A40<=4,$A40<>0),0,IF($A40=\"S\",OFFSET(G40,-1,0)+1,OFFSET(G40,-1,0)))","v":27},{"$f":"IF(OR($A40=\"S\",$A40=0),0,MATCH(0,OFFSET($B40,1,$A40,ROW($A$1504)-ROW($A40)),0))","v":0},{"$f":"IF(OR($A40=\"S\",$A40=0),0,MATCH(OFFSET($B40,0,$A40)+1,OFFSET($B40,1,$A40,ROW($A$1504)-ROW($A40)),0))","v":0},"Insumo",{"$f":"IF($A40=0,\"-\",CONCATENATE(C40&\".\",IF(AND($A$5>=2,$A40>=2),D40&\".\",\"\"),IF(AND($A$5>=3,$A40>=3),E40&\".\",\"\"),IF(AND($A$5>=4,$A40>=4),F40&\".\",\"\"),IF($A40=\"S\",G40&\".\",\"\")))","v":"1.1.27."},{"$f":"IF(NOT(ISERROR($Y40)),IF($Y40<>FALSE,INDEX(Banco,$Y40,4),\"\"),\"\")","v":"Cotação"},"Rec. Materiais","029",{"$f":"IF(NOT(ISERROR($Y40)),IF($Y40<>FALSE,INDEX(Banco,$Y40,5),\"\"),\"\")","v":"Crachá"},{"$f":"IF(NOT(ISERROR($Y40)),IF($Y40<>FALSE,INDEX(Banco,$Y40,6),\"\"),\"\")","v":"Unidade"},10,{"$f":"IF(NOT(ISERROR($Y40)),IF($Y40<>FALSE,INDEX(Banco,$Y40,7),0),0)","v":3},"DI 1",{"$f":"IF($J40=$G$2,ROUND(ROUND($R40,2)*IF($R$9=\"Preço Unitário (R$)\",1,1+$AA40),2),0)","v":3.75},{"$f":"IF($A40=\"S\",VTOTAL1,IF($A40=0,0,ROUND(SomaAgrup,2)))","v":37.5},null,{"$f":"IF(OR($A40=0,$A40=\"S\",$A40>CFF!$A$9),\"\",MAX(W$11:OFFSET(W40,-1,0))+1)","v":""},{"$f":"IF(AND($J40=$G$2,$N40<>\"\",$M40<>\"\"),CONCATENATE($M40,\"-\",$N40))","v":"Rec. Materiais-029"},{"$f":"IF(X40<>FALSE,MATCH(X40,OFFSET(Banco,0,0,,1),0))","v":38},null,{"$f":"IF($J40=$G$2,ROUND(IF(ISNUMBER(S40),S40,IF(LEFT(S40,2)=\"DI\",HLOOKUP(S40,DADOS!$T$29:$X$30,2,FALSE),0)),4),\"\")","v":0.25}]
["S",0,1,1,0,0,28,{"$f":"IF(OR($A41=\"S\",$A41=0),0,MATCH(0,OFFSET($B41,1,$A41,ROW($A$1504)-ROW($A41)),0))","v":0},{"$f":"IF(OR($A41=\"S\",$A41=0),0,MATCH(OFFSET($B41,0,$A41)+1,OFFSET($B41,1,$A41,ROW($A$1504)-ROW($A41)),0))","v":0},"Insumo","1.1.28.","Cotação","Rec. Materiais","005","Giz de cerra","Caixa",30,7.1,"DI 1",8.8800000000000008,266.39999999999998,null,{"$f":"IF(OR($A41=0,$A41=\"S\",$A41>CFF!$A$9),\"\",MAX(W$11:OFFSET(W41,-1,0))+1)","v":""},"Rec. Materiais-005",14,null,{"$f":"IF($J41=$G$2,ROUND(IF(ISNUMBER(S41),S41,IF(LEFT(S41,2)=\"DI\",HLOOKUP(S41,DADOS!$T$29:$X$30,2,FALSE),0)),4),\"\")","v":0.25}]
["S",0,1,1,0,0,29,{"$f":"IF(OR($A42=\"S\",$A42=0),0,MATCH(0,OFFSET($B42,1,$A42,ROW($A$1504)-ROW($A42)),0))","v":0},{"$f":"IF(OR($A42=\"S\",$A42=0),0,MATCH(OFFSET($B42,0,$A42)+1,OFFSET($B42,1,$A42,ROW($A$1504)-ROW($A42)),0))","v":0},"Insumo","1.1.29.","Cotação","Rec. Materiais","007","Pintura facial","Unidade",10,60,"DI 1",75,750,null,{"$f":"IF(OR($A42=0,$A42=\"S\",$A42>CFF!$A$9),\"\",MAX(W$11:OFFSET(W42,-1,0))+1)","v":""},"Rec. Materiais-007",16,null,{"$f":"IF($J42=$G$2,ROUND(IF(ISNUMBER(S42),S42,IF(LEFT(S42,2)=\"DI\",HLOOKUP(S42,DADOS!$T$29:$X$30,2,FALSE),0)),4),\"\")","v":0.25}]
[{"$f":"CHOOSE(1+LOG(1+2*(J43=$C$2)+4*(J43=$D$2)+8*(J43=$E$2)+16*(J43=$F$2)+32*(J43=$G$2),2),0,1,2,3,4,\"S\")","v":"S"},{"$f":"IF(OR(A43=\"S\",A43=0),0,IF(ISERROR(I43),H43,SMALL(H43:I43,1)))","v":0},{"$f":"IF($A43=1,OFFSET(C43,-1,0)+1,OFFSET(C43,-1,0))","v":1},{"$f":"IF($A43=1,0,IF($A43=2,OFFSET(D43,-1,0)+1,OFFSET(D43,-1,0)))","v":1},{"$f":"IF(AND($A43<=2,$A43<>0),0,IF($A43=3,OFFSET(E43,-1,0)+1,OFFSET(E43,-1,0)))","v":0},{"$f":"IF(AND($A43<=3,$A43<>0),0,IF($A43=4,OFFSET(F43,-1,0)+1,OFFSET(F43,-1,0)))","v":0},{"$f":"IF(AND($A43<=4,$A43<>0),0,IF($A43=\"S\",OFFSET(G43,-1,0)+1,OFFSET(G43,-1,0)))","v":30},{"$f":"IF(OR($A43=\"S\",$A43=0),0,MATCH(0,OFFSET($B43,1,$A43,ROW($A$1504)-ROW($A43)),0))","v":0},{"$f":"IF(OR($A43=\"S\",$A43=0),0,MATCH(OFFSET($B43,0,$A43)+1,OFFSET($B43,1,$A43,ROW($A$1504)-ROW($A43)),0))","v":0},"Insumo",{"$f":"IF($A43=0,\"-\",CONCATENATE(C43&\".\",IF(AND($A$5>=2,$A43>=2),D43&\".\",\"\"),IF(AND($A$5>=3,$A43>=3),E43&\".\",\"\"),IF(AND($A$5>=4,$A43>=4),F43&\".\",\"\"),IF($A43=\"S\",G43&\".\",\"\")))","v":"1.1.30."},{"$f":"IF(NOT(ISERROR($Y43)),IF($Y43<>FALSE,INDEX(Banco,$Y43,4),\"\"),\"\")","v":"Cotação"},"Rec. Materiais","009","Pasta AZ",{"$f":"IF(NOT(ISERROR($Y43)),IF($Y43<>FALSE,INDEX(Banco,$Y43,6),\"\"),\"\")","v":"Unidade"},4,{"$f":"IF(NOT(ISERROR($Y43)),IF($Y43<>FALSE,INDEX(Banco,$Y43,7),0),0)","v":12},"DI 1",{"$f":"IF($J43=$G$2,ROUND(ROUND($R43,2)*IF($R$9=\"Preço Unitário (R$)\",1,1+$AA43),2),0)","v":15},{"$f":"IF($A43=\"S\",VTOTAL1,IF($A43=0,0,ROUND(SomaAgrup,2)))","v":60},null,{"$f":"IF(OR($A43=0,$A43=\"S\",$A43>CFF!$A$9),\"\",MAX(W$11:OFFSET(W43,-1,0))+1)","v":""},{"$f":"IF(AND($J43=$G$2,$N43<>\"\",$M43<>\"\"),CONCATENATE($M43,\"-\",$N43))","v":"Rec. Materiais-009"},{"$f":"IF(X43<>FALSE,MATCH(X43,OFFSET(Banco,0,0,,1),0))","v":18},null,{"$f":"IF($J43=$G$2,ROUND(IF(ISNUMBER(S43),S43,IF(LEFT(S43,2)=\"DI\",HLOOKUP(S43,DADOS!$T$29:$X$30,2,FALSE),0)),4),\"\")","v":0.25}]
[{"$f":"CHOOSE(1+LOG(1+2*(J44=$C$2)+4*(J44=$D$2)+8*(J44=$E$2)+16*(J44=$F$2)+32*(J44=$G$2),2),0,1,2,3,4,\"S\")","v":"S"},{"$f":"IF(OR(A44=\"S\",A44=0),0,IF(ISERROR(I44),H44,SMALL(H44:I44,1)))","v":0},{"$f":"IF($A44=1,OFFSET(C44,-1,0)+1,OFFSET(C44,-1,0))","v":1},{"$f":"IF($A44=1,0,IF($A44=2,OFFSET(D44,-1,0)+1,OFFSET(D44,-1,0)))","v":1},{"$f":"IF(AND($A44<=2,$A44<>0),0,IF($A44=3,OFFSET(E44,-1,0)+1,OFFSET(E44,-1,0)))","v":0},{"$f":"IF(AND($A44<=3,$A44<>0),0,IF($A44=4,OFFSET(F44,-1,0)+1,OFFSET(F44,-1,0)))","v":0},{"$f":"IF(AND($A44<=4,$A44<>0),0,IF($A44=\"S\",OFFSET(G44,-1,0)+1,OFFSET(G44,-1,0)))","v":31},{"$f":"IF(OR($A44=\"S\",$A44=0),0,MATCH(0,OFFSET($B44,1,$A44,ROW($A$1504)-ROW($A44)),0))","v":0},{"$f":"IF(OR($A44=\"S\",$A44=0),0,MATCH(OFFSET($B44,0,$A44)+1,OFFSET($B44,1,$A44,ROW($A$1504)-ROW($A44)),0))","v":0},"Insumo",{"$f":"IF($A44=0,\"-\",CONCATENATE(C44&\".\",IF(AND($A$5>=2,$A44>=2),D44&\".\",\"\"),IF(AND($A$5>=3,$A44>=3),E44&\".\",\"\"),IF(AND($A$5>=4,$A44>=4),F44&\".\",\"\"),IF($A44=\"S\",G44&\".\",\"\")))","v":"1.1.31."},{"$f":"IF(NOT(ISERROR($Y44)),IF($Y44<>FALSE,INDEX(Banco,$Y44,4),\"\"),\"\")","v":"Cotação"},"Rec. Materiais","024",{"$f":"IF(NOT(ISERROR($Y44)),IF($Y44<>FALSE,INDEX(Banco,$Y44,5),\"\"),\"\")","v":"Brinquedos pedagogicos (jogos de damas, bozó, dominó de percepção e de associação de idéias, quebra-cabeça progressivo, mapa do mundo, bola, bambolé"},{"$f":"IF(NOT(ISERROR($Y44)),IF($Y44<>FALSE,INDEX(Banco,$Y44,6),\"\"),\"\")","v":"Unidade"},3,{"$f":"IF(NOT(ISERROR($Y44)),IF($Y44<>FALSE,INDEX(Banco,$Y44,7),0),0)","v":600},"DI 1",{"$f":"IF($J44=$G$2,ROUND(ROUND($R44,2)*IF($R$9=\"Preço Unitário (R$)\",1,1+$AA44),2),0)","v":750},{"$f":"IF($A44=\"S\",VTOTAL1,IF($A44=0,0,ROUND(SomaAgrup,2)))","v":2250},null,{"$f":"IF(OR($A44=0,$A44=\"S\",$A44>CFF!$A$9),\"\",MAX(W$11:OFFSET(W44,-1,0))+1)","v":""},{"$f":"IF(AND($J44=$G$2,$N44<>\"\",$M44<>\"\"),CONCATENATE($M44,\"-\",$N44))","v":"Rec. Materiais-024"},{"$f":"IF(X44<>FALSE,MATCH(X44,OFFSET(Banco,0,0,,1),0))","v":33},null,{"$f":"IF($J44=$G$2,ROUND(IF(ISNUMBER(S44),S44,IF(LEFT(S44,2)=\"DI\",HLOOKUP(S44,DADOS!$T$29:$X$30,2,FALSE),0)),4),\"\")","v":0.25}]
["S",0,1,1,0,0,32,{"$f":"IF(OR($A45=\"S\",$A45=0),0,MATCH(0,OFFSET($B45,1,$A45,ROW($A$1504)-ROW($A45)),0))","v":0},{"$f":"IF(OR($A45=\"S\",$A45=0),0,MATCH(OFFSET($B45,0,$A45)+1,OFFSET($B45,1,$A45,ROW($A$1504)-ROW($A45)),0))","v":0},"Insumo","1.1.32.","Cotação","Rec. Materiais","018","Fita adesiva","Unidade",2,6.18,"DI 1",7.73,15.46,null,{"$f":"IF(OR($A45=0,$A45=\"S\",$A45>CFF!$A$9),\"\",MAX(W$11:OFFSET(W45,-1,0))+1)","v":""},"Rec. Materiais-018",27,null,{"$f":"IF($J45=$G$2,ROUND(IF(ISNUMBER(S45),S45,IF(LEFT(S45,2)=\"DI\",HLOOKUP(S45,DADOS!$T$29:$X$30,2,FALSE),0)),4),\"\")","v":0.25}]
[{"$f":"CHOOSE(1+LOG(1+2*(J46=$C$2)+4*(J46=$D$2)+8*(J46=$E$2)+16*(J46=$F$2)+32*(J46=$G$2),2),0,1,2,3,4,\"S\")","v":"S"},{"$f":"IF(OR(A46=\"S\",A46=0),0,IF(ISERROR(I46),H46,SMALL(H46:I46,1)))","v":0},{"$f":"IF($A46=1,OFFSET(C46,-1,0)+1,OFFSET(C46,-1,0))","v":1},{"$f":"IF($A46=1,0,IF($A46=2,OFFSET(D46,-1,0)+1,OFFSET(D46,-1,0)))","v":1},{"$f":"IF(AND($A46<=2,$A46<>0),0,IF($A46=3,OFFSET(E46,-1,0)+1,OFFSET(E46,-1,0)))","v":0},{"$f":"IF(AND($A46<=3,$A46<>0),0,IF($A46=4,OFFSET(F46,-1,0)+1,OFFSET(F46,-1,0)))","v":0},{"$f":"IF(AND($A46<=4,$A46<>0),0,IF($A46=\"S\",OFFSET(G46,-1,0)+1,OFFSET(G46,-1,0)))","v":33},{"$f":"IF(OR($A46=\"S\",$A46=0),0,MATCH(0,OFFSET($B46,1,$A46,ROW($A$1504)-ROW($A46)),0))","v":0},{"$f":"IF(OR($A46=\"S\",$A46=0),0,MATCH(OFFSET($B46,0,$A46)+1,OFFSET($B46,1,$A46,ROW($A$1504)-ROW($A46)),0))","v":0},"Insumo",{"$f":"IF($A46=0,\"-\",CONCATENATE(C46&\".\",IF(AND($A$5>=2,$A46>=2),D46&\".\",\"\"),IF(AND($A$5>=3,$A46>=3),E46&\".\",\"\"),IF(AND($A$5>=4,$A46>=4),F46&\".\",\"\"),IF($A46=\"S\",G46&\".\",\"\")))","v":"1.1.33."},{"$f":"IF(NOT(ISERROR($Y46)),IF($Y46<>FALSE,INDEX(Banco,$Y46,4),\"\"),\"\")","v":"Cotação"},"Rec. Materiais","030",{"$f":"IF(NOT(ISERROR($Y46)),IF($Y46<>FALSE,INDEX(Banco,$Y46,5),\"\"),\"\")","v":"Fita zebrada para isolar área"},{"$f":"IF(NOT(ISERROR($Y46)),IF($Y46<>FALSE,INDEX(Banco,$Y46,6),\"\"),\"\")","v":"Unidade"},2,{"$f":"IF(NOT(ISERROR($Y46)),IF($Y46<>FALSE,INDEX(Banco,$Y46,7),0),0)","v":19.39},"DI 1",{"$f":"IF($J46=$G$2,ROUND(ROUND($R46,2)*IF($R$9=\"Preço Unitário (R$)\",1,1+$AA46),2),0)","v":24.24},{"$f":"IF($A46=\"S\",VTOTAL1,IF($A46=0,0,ROUND(SomaAgrup,2)))","v":48.48},null,{"$f":"IF(OR($A46=0,$A46=\"S\",$A46>CFF!$A$9),\"\",MAX(W$11:OFFSET(W46,-1,0))+1)","v":""},{"$f":"IF(AND($J46=$G$2,$N46<>\"\",$M46<>\"\"),CONCATENATE($M46,\"-\",$N46))","v":"Rec. Materiais-030"},{"$f":"IF(X46<>FALSE,MATCH(X46,OFFSET(Banco,0,0,,1),0))","v":39},null,{"$f":"IF($J46=$G$2,ROUND(IF(ISNUMBER(S46),S46,IF(LEFT(S46,2)=\"DI\",HLOOKUP(S46,DADOS!$T$29:$X$30,2,FALSE),0)),4),\"\")","v":0.25}]
[{"$f":"CHOOSE(1+LOG(1+2*(J47=$C$2)+4*(J47=$D$2)+8*(J47=$E$2)+16*(J47=$F$2)+32*(J47=$G$2),2),0,1,2,3,4,\"S\")","v":"S"},{"$f":"IF(OR(A47=\"S\",A47=0),0,IF(ISERROR(I47),H47,SMALL(H47:I47,1)))","v":0},{"$f":"IF($A47=1,OFFSET(C47,-1,0)+1,OFFSET(C47,-1,0))","v":1},{"$f":"IF($A47=1,0,IF($A47=2,OFFSET(D47,-1,0)+1,OFFSET(D47,-1,0)))","v":1},{"$f":"IF(AND($A47<=2,$A47<>0),0,IF($A47=3,OFFSET(E47,-1,0)+1,OFFSET(E47,-1,0)))","v":0},{"$f":"IF(AND($A47<=3,$A47<>0),0,IF($A47=4,OFFSET(F47,-1,0)+1,OFFSET(F47,-1,0)))","v":0},{"$f":"IF(AND($A47<=4,$A47<>0),0,IF($A47=\"S\",OFFSET(G47,-1,0)+1,OFFSET(G47,-1,0)))","v":34},{"$f":"IF(OR($A47=\"S\",$A47=0),0,MATCH(0,OFFSET($B47,1,$A47,ROW($A$1504)-ROW($A47)),0))","v":0},{"$f":"IF(OR($A47=\"S\",$A47=0),0,MATCH(OFFSET($B47,0,$A47)+1,OFFSET($B47,1,$A47,ROW($A$1504)-ROW($A47)),0))","v":0},"Insumo",{"$f":"IF($A47=0,\"-\",CONCATENATE(C47&\".\",IF(AND($A$5>=2,$A47>=2),D47&\".\",\"\"),IF(AND($A$5>=3,$A47>=3),E47&\".\",\"\"),IF(AND($A$5>=4,$A47>=4),F47&\".\",\"\"),IF($A47=\"S\",G47&\".\",\"\")))","v":"1.1.34."},{"$f":"IF(NOT(ISERROR($Y47)),IF($Y47<>FALSE,INDEX(Banco,$Y47,4),\"\"),\"\")","v":"Cotação"},"Rec. Materiais","023",{"$f":"IF(NOT(ISERROR($Y47)),IF($Y47<>FALSE,INDEX(Banco,$Y47,5),\"\"),\"\")","v":"Barbante (500g)"},{"$f":"IF(NOT(ISERROR($Y47)),IF($Y47<>FALSE,INDEX(Banco,$Y47,6),\"\"),\"\")","v":"Unidade"},1,{"$f":"IF(NOT(ISERROR($Y47)),IF($Y47<>FALSE,INDEX(Banco,$Y47,7),0),0)","v":16.23},"DI 1",{"$f":"IF($J47=$G$2,ROUND(ROUND($R47,2)*IF($R$9=\"Preço Unitário (R$)\",1,1+$AA47),2),0)","v":20.29},{"$f":"IF($A47=\"S\",VTOTAL1,IF($A47=0,0,ROUND(SomaAgrup,2)))","v":20.29},null,{"$f":"IF(OR($A47=0,$A47=\"S\",$A47>CFF!$A$9),\"\",MAX(W$11:OFFSET(W47,-1,0))+1)","v":""},{"$f":"IF(AND($J47=$G$2,$N47<>\"\",$M47<>\"\"),CONCATENATE($M47,\"-\",$N47))","v":"Rec. Materiais-023"},{"$f":"IF(X47<>FALSE,MATCH(X47,OFFSET(Banco,0,0,,1),0))","v":32},null,{"$f":"IF($J47=$G$2,ROUND(IF(ISNUMBER(S47),S47,IF(LEFT(S47,2)=\"DI\",HLOOKUP(S47,DADOS!$T$29:$X$30,2,FALSE),0)),4),\"\")","v":0.25}]
["S",0,1,1,0,0,35,{"$f":"IF(OR($A48=\"S\",$A48=0),0,MATCH(0,OFFSET($B48,1,$A48,ROW($A$1504)-ROW($A48)),0))","v":0},{"$f":"IF(OR($A48=\"S\",$A48=0),0,MATCH(OFFSET($B48,0,$A48)+1,OFFSET($B48,1,$A48,ROW($A$1504)-ROW($A48)),0))","v":0},"Insumo","1.1.35.","Cotação","Rec. Materiais","021","Papel de presente","Folhas",16,1.5,"DI 1",1.88,30.08,null,{"$f":"IF(OR($A48=0,$A48=\"S\",$A48>CFF!$A$9),\"\",MAX(W$11:OFFSET(W48,-1,0))+1)","v":""},"Rec. Materiais-021",30,null,{"$f":"IF($J48=$G$2,ROUND(IF(ISNUMBER(S48),S48,IF(LEFT(S48,2)=\"DI\",HLOOKUP(S48,DADOS!$T$29:$X$30,2,FALSE),0)),4),\"\")","v":0.25}]
["S",0,1,1,0,0,36,{"$f":"IF(OR($A49=\"S\",$A49=0),0,MATCH(0,OFFSET($B49,1,$A49,ROW($A$1504)-ROW($A49)),0))","v":0},{"$f":"IF(OR($A49=\"S\",$A49=0),0,MATCH(OFFSET($B49,0,$A49)+1,OFFSET($B49,1,$A49,ROW($A$1504)-ROW($A49)),0))","v":0},"Insumo","1.1.36.","Cotação","Rec. Materiais","020","Guloseimas (balas e pirulito)","Pacote",8,12,"DI 1",15,120,null,{"$f":"IF(OR($A49=0,$A49=\"S\",$A49>CFF!$A$9),\"\",MAX(W$11:OFFSET(W49,-1,0))+1)","v":""},"Rec. Materiais-020",29,null,{"$f":"IF($J49=$G$2,ROUND(IF(ISNUMBER(S49),S49,IF(LEFT(S49,2)=\"DI\",HLOOKUP(S49,DADOS!$T$29:$X$30,2,FALSE),0)),4),\"\")","v":0.25}]
["S",0,1,1,0,0,37,{"$f":"IF(OR($A50=\"S\",$A50=0),0,MATCH(0,OFFSET($B50,1,$A50,ROW($A$1504)-ROW($A50)),0))","v":0},{"$f":"IF(OR($A50=\"S\",$A50=0),0,MATCH(OFFSET($B50,0,$A50)+1,OFFSET($B50,1,$A50,ROW($A$1504)-ROW($A50)),0))","v":0},"Insumo","1.1.37.","Cotação","Rec. Materiais","025","Apontador","Unidade",10,5.2,"DI 1",6.5,65,null,{"$f":"IF(OR($A50=0,$A50=\"S\",$A50>CFF!$A$9),\"\",MAX(W$11:OFFSET(W50,-1,0))+1)","v":""},"Rec. Materiais-025",34,null,{"$f":"IF($J50=$G$2,ROUND(IF(ISNUMBER(S50),S50,IF(LEFT(S50,2)=\"DI\",HLOOKUP(S50,DADOS!$T$29:$X$30,2,FALSE),0)),4),\"\")","v":0.25}]
["S",0,1,1,0,0,38,{"$f":"IF(OR($A51=\"S\",$A51=0),0,MATCH(0,OFFSET($B51,1,$A51,ROW($A$1504)-ROW($A51)),0))","v":0},{"$f":"IF(OR($A51=\"S\",$A51=0),0,MATCH(OFFSET($B51,0,$A51)+1,OFFSET($B51,1,$A51,ROW($A$1504)-ROW($A51)),0))","v":0},"Insumo","1.1.38.","Cotação","Rec. Materiais","026","Saco de lixo (100 litros)","Pacote",2,15,"DI 1",18.75,37.5,null,{"$f":"IF(OR($A51=0,$A51=\"S\",$A51>CFF!$A$9),\"\",MAX(W$11:OFFSET(W51,-1,0))+1)","v":""},"Rec. Materiais-026",35,null,{"$f":"IF($J51=$G$2,ROUND(IF(ISNUMBER(S51),S51,IF(LEFT(S51,2)=\"DI\",HLOOKUP(S51,DADOS!$T$29:$X$30,2,FALSE),0)),4),\"\")","v":0.25}]
[{"$f":"CHOOSE(1+LOG(1+2*(J52=$C$2)+4*(J52=$D$2)+8*(J52=$E$2)+16*(J52=$F$2)+32*(J52=$G$2),2),0,1,2,3,4,\"S\")","v":"S"},{"$f":"IF(OR(A52=\"S\",A52=0),0,IF(ISERROR(I52),H52,SMALL(H52:I52,1)))","v":0},{"$f":"IF($A52=1,OFFSET(C52,-1,0)+1,OFFSET(C52,-1,0))","v":1},{"$f":"IF($A52=1,0,IF($A52=2,OFFSET(D52,-1,0)+1,OFFSET(D52,-1,0)))","v":1},{"$f":"IF(AND($A52<=2,$A52<>0),0,IF($A52=3,OFFSET(E52,-1,0)+1,OFFSET(E52,-1,0)))","v":0},{"$f":"IF(AND($A52<=3,$A52<>0),0,IF($A52=4,OFFSET(F52,-1,0)+1,OFFSET(F52,-1,0)))","v":0},{"$f":"IF(AND($A52<=4,$A52<>0),0,IF($A52=\"S\",OFFSET(G52,-1,0)+1,OFFSET(G52,-1,0)))","v":39},{"$f":"IF(OR($A52=\"S\",$A52=0),0,MATCH(0,OFFSET($B52,1,$A52,ROW($A$1504)-ROW($A52)),0))","v":0},{"$f":"IF(OR($A52=\"S\",$A52=0),0,MATCH(OFFSET($B52,0,$A52)+1,OFFSET($B52,1,$A52,ROW($A$1504)-ROW($A52)),0))","v":0},"Insumo",{"$f":"IF($A52=0,\"-\",CONCATENATE(C52&\".\",IF(AND($A$5>=2,$A52>=2),D52&\".\",\"\"),IF(AND($A$5>=3,$A52>=3),E52&\".\",\"\"),IF(AND($A$5>=4,$A52>=4),F52&\".\",\"\"),IF($A52=\"S\",G52&\".\",\"\")))","v":"1.1.39."},{"$f":"IF(NOT(ISERROR($Y52)),IF($Y52<>FALSE,INDEX(Banco,$Y52,4),\"\"),\"\")","v":"Cotação"},"Rec. Materiais","019","Copos descartáveis (2500 unidades)",{"$f":"IF(NOT(ISERROR($Y52)),IF($Y52<>FALSE,INDEX(Banco,$Y52,6),\"\"),\"\")","v":"Caixa"},1,{"$f":"IF(NOT(ISERROR($Y52)),IF($Y52<>FALSE,INDEX(Banco,$Y52,7),0),0)","v":77.400000000000006},"DI 1",{"$f":"IF($J52=$G$2,ROUND(ROUND($R52,2)*IF($R$9=\"Preço Unitário (R$)\",1,1+$AA52),2),0)","v":96.75},{"$f":"IF($A52=\"S\",VTOTAL1,IF($A52=0,0,ROUND(SomaAgrup,2)))","v":96.75},null,{"$f":"IF(OR($A52=0,$A52=\"S\",$A52>CFF!$A$9),\"\",MAX(W$11:OFFSET(W52,-1,0))+1)","v":""},{"$f":"IF(AND($J52=$G$2,$N52<>\"\",$M52<>\"\"),CONCATENATE($M52,\"-\",$N52))","v":"Rec. Materiais-019"},{"$f":"IF(X52<>FALSE,MATCH(X52,OFFSET(Banco,0,0,,1),0))","v":28},null,{"$f":"IF($J52=$G$2,ROUND(IF(ISNUMBER(S52),S52,IF(LEFT(S52,2)=\"DI\",HLOOKUP(S52,DADOS!$T$29:$X$30,2,FALSE),0)),4),\"\")","v":0.25}]
[{"$f":"CHOOSE(1+LOG(1+2*(J53=$C$2)+4*(J53=$D$2)+8*(J53=$E$2)+16*(J53=$F$2)+32*(J53=$G$2),2),0,1,2,3,4,\"S\")","v":2},{"$f":"IF(OR(A53=\"S\",A53=0),0,IF(ISERROR(I53),H53,SMALL(H53:I53,1)))","v":31},{"$f":"IF($A53=1,OFFSET(C53,-1,0)+1,OFFSET(C53,-1,0))","v":1},{"$f":"IF($A53=1,0,IF($A53=2,OFFSET(D53,-1,0)+1,OFFSET(D53,-1,0)))","v":2},{"$f":"IF(AND($A53<=2,$A53<>0),0,IF($A53=3,OFFSET(E53,-1,0)+1,OFFSET(E53,-1,0)))","v":0},{"$f":"IF(AND($A53<=3,$A53<>0),0,IF($A53=4,OFFSET(F53,-1,0)+1,OFFSET(F53,-1,0)))","v":0},{"$f":"IF(AND($A53<=4,$A53<>0),0,IF($A53=\"S\",OFFSET(G53,-1,0)+1,OFFSET(G53,-1,0)))","v":0},{"$f":"IF(OR($A53=\"S\",$A53=0),0,MATCH(0,OFFSET($B53,1,$A53,ROW($A$1504)-ROW($A53)),0))","v":60},{"$f":"IF(OR($A53=\"S\",$A53=0),0,MATCH(OFFSET($B53,0,$A53)+1,OFFSET($B53,1,$A53,ROW($A$1504)-ROW($A53)),0))","v":31},"AtivNível 1",{"$f":"IF($A53=0,\"-\",CONCATENATE(C53&\".\",IF(AND($A$5>=2,$A53>=2),D53&\".\",\"\"),IF(AND($A$5>=3,$A53>=3),E53&\".\",\"\"),IF(AND($A$5>=4,$A53>=4),F53&\".\",\"\"),IF($A53=\"S\",G53&\".\",\"\")))","v":"1.2."},{"$f":"IF(NOT(ISERROR($Y53)),IF($Y53<>FALSE,INDEX(Banco,$Y53,4),\"\"),\"\")","v":""},null,null,"Atividade 02 - Reunião Ampliada Apresentação do Projeto de Trabalho Social Bairro: Jardim Ikaraí",{"$f":"IF(NOT(ISERROR($Y53)),IF($Y53<>FALSE,INDEX(Banco,$Y53,6),\"\"),\"\")","v":""},null,{"$f":"IF(NOT(ISERROR($Y53)),IF($Y53<>FALSE,INDEX(Banco,$Y53,7),0),0)","v":0},"DI 1",{"$f":"IF($J53=$G$2,ROUND(ROUND($R53,2)*IF($R$9=\"Preço Unitário (R$)\",1,1+$AA53),2),0)","v":0},{"$f":"IF($A53=\"S\",VTOTAL1,IF($A53=0,0,ROUND(SomaAgrup,2)))","v":9649.6},null,{"$f":"IF(OR($A53=0,$A53=\"S\",$A53>CFF!$A$9),\"\",MAX(W$11:OFFSET(W53,-1,0))+1)","v":3},{"$f":"IF(AND($J53=$G$2,$N53<>\"\",$M53<>\"\"),CONCATENATE($M53,\"-\",$N53))","v":false},{"$f":"IF(X53<>FALSE,MATCH(X53,OFFSET(Banco,0,0,,1),0))","v":false},null,{"$f":"IF($J53=$G$2,ROUND(IF(ISNUMBER(S53),S53,IF(LEFT(S53,2)=\"DI\",HLOOKUP(S53,DADOS!$T$29:$X$30,2,FALSE),0)),4),\"\")","v":""}]
["S",0,1,2,0,0,1,{"$f":"IF(OR($A54=\"S\",$A54=0),0,MATCH(0,OFFSET($B54,1,$A54,ROW($A$1504)-ROW($A54)),0))","v":0},{"$f":"IF(OR($A54=\"S\",$A54=0),0,MATCH(OFFSET($B54,0,$A54)+1,OFFSET($B54,1,$A54,ROW($A$1504)-ROW($A54)),0))","v":0},"Insumo","1.2.1.","CRESS","Rec. Humanos","001",{"$f":"IF(NOT(ISERROR($Y54)),IF($Y54<>FALSE,INDEX(Banco,$Y54,5),\"\"),\"\")","v":"Responsável Técnica"},"Horas",9,150.28,"DI 1",187.85,1690.65,null,{"$f":"IF(OR($A54=0,$A54=\"S\",$A54>CFF!$A$9),\"\",MAX(W$11:OFFSET(W54,-1,0))+1)","v":""},"Rec. Humanos-001",3,null,{"$f":"IF($J54=$G$2,ROUND(IF(ISNUMBER(S54),S54,IF(LEFT(S54,2)=\"DI\",HLOOKUP(S54,DADOS!$T$29:$X$30,2,FALSE),0)),4),\"\")","v":0.25}]
["S",0,1,2,0,0,2,{"$f":"IF(OR($A55=\"S\",$A55=0),0,MATCH(0,OFFSET($B55,1,$A55,ROW($A$1504)-ROW($A55)),0))","v":0},{"$f":"IF(OR($A55=\"S\",$A55=0),0,MATCH(OFFSET($B55,0,$A55)+1,OFFSET($B55,1,$A55,ROW($A$1504)-ROW($A55)),0))","v":0},"Insumo","1.2.2.","CRESS","Rec. Humanos","002","Assistente Social","Horas",7,133.81,"DI 1",167.26,1170.82,null,{"$f":"IF(OR($A55=0,$A55=\"S\",$A55>CFF!$A$9),\"\",MAX(W$11:OFFSET(W55,-1,0))+1)","v":""},"Rec. Humanos-002",4,null,{"$f":"IF($J55=$G$2,ROUND(IF(ISNUMBER(S55),S55,IF(LEFT(S55,2)=\"DI\",HLOOKUP(S55,DADOS!$T$29:$X$30,2,FALSE),0)),4),\"\")","v":0.25}]
["S",0,1,2,0,0,3,{"$f":"IF(OR($A56=\"S\",$A56=0),0,MATCH(0,OFFSET($B56,1,$A56,ROW($A$1504)-ROW($A56)),0))","v":0},{"$f":"IF(OR($A56=\"S\",$A56=0),0,MATCH(OFFSET($B56,0,$A56)+1,OFFSET($B56,1,$A56,ROW($A$1504)-ROW($A56)),0))","v":0},"Insumo","1.2.3.","Cotação","Rec. Humanos","003","Administrador (Técnico de Apoio) ","Horas",4,103.65,"DI 1",129.56,518.24,null,{"$f":"IF(OR($A56=0,$A56=\"S\",$A56>CFF!$A$9),\"\",MAX(W$11:OFFSET(W56,-1,0))+1)","v":""},"Rec. Humanos-003",5,null,{"$f":"IF($J56=$G$2,ROUND(IF(ISNUMBER(S56),S56,IF(LEFT(S56,2)=\"DI\",HLOOKUP(S56,DADOS!$T$29:$X$30,2,FALSE),0)),4),\"\")","v":0.25}]
["S",0,1,2,0,0,4,{"$f":"IF(OR($A57=\"S\",$A57=0),0,MATCH(0,OFFSET($B57,1,$A57,ROW($A$1504)-ROW($A57)),0))","v":0},{"$f":"IF(OR($A57=\"S\",$A57=0),0,MATCH(OFFSET($B57,0,$A57)+1,OFFSET($B57,1,$A57,ROW($A$1504)-ROW($A57)),0))","v":0},"Insumo","1.2.4.","SINE","Rec. Humanos","004","Estagiários","Horas",16,9.7899999999999991,"DI 1",12.24,195.84,null,{"$f":"IF(OR($A57=0,$A57=\"S\",$A57>CFF!$A$9),\"\",MAX(W$11:OFFSET(W57,-1,0))+1)","v":""},"Rec. Humanos-004",6,null,{"$f":"IF($J57=$G$2,ROUND(IF(ISNUMBER(S57),S57,IF(LEFT(S57,2)=\"DI\",HLOOKUP(S57,DADOS!$T$29:$X$30,2,FALSE),0)),4),\"\")","v":0.25}]
["S",0,1,2,0,0,5,{"$f":"IF(OR($A58=\"S\",$A58=0),0,MATCH(0,OFFSET($B58,1,$A58,ROW($A$1504)-ROW($A58)),0))","v":0},{"$f":"IF(OR($A58=\"S\",$A58=0),0,MATCH(OFFSET($B58,0,$A58)+1,OFFSET($B58,1,$A58,ROW($A$1504)-ROW($A58)),0))","v":0},"Insumo","1.2.5.","Cotação","Serv. Terc.","001","Fotocópias","Unidade",105,0.3,"DI 1",0.38,39.9,null,{"$f":"IF(OR($A58=0,$A58=\"S\",$A58>CFF!$A$9),\"\",MAX(W$11:OFFSET(W58,-1,0))+1)","v":""},"Serv. Terc.-001",81,null,{"$f":"IF($J58=$G$2,ROUND(IF(ISNUMBER(S58),S58,IF(LEFT(S58,2)=\"DI\",HLOOKUP(S58,DADOS!$T$29:$X$30,2,FALSE),0)),4),\"\")","v":0.25}]
["S",0,1,2,0,0,6,{"$f":"IF(OR($A59=\"S\",$A59=0),0,MATCH(0,OFFSET($B59,1,$A59,ROW($A$1504)-ROW($A59)),0))","v":0},{"$f":"IF(OR($A59=\"S\",$A59=0),0,MATCH(OFFSET($B59,0,$A59)+1,OFFSET($B59,1,$A59,ROW($A$1504)-ROW($A59)),0))","v":0},"Insumo","1.2.6.","Cotação","Serv. Terc.","002","Carro de som com gravação de vinheta","Horas",3,200,"DI 1",250,750,null,{"$f":"IF(OR($A59=0,$A59=\"S\",$A59>CFF!$A$9),\"\",MAX(W$11:OFFSET(W59,-1,0))+1)","v":""},"Serv. Terc.-002",82,null,{"$f":"IF($J59=$G$2,ROUND(IF(ISNUMBER(S59),S59,IF(LEFT(S59,2)=\"DI\",HLOOKUP(S59,DADOS!$T$29:$X$30,2,FALSE),0)),4),\"\")","v":0.25}]
[{"$f":"CHOOSE(1+LOG(1+2*(J60=$C$2)+4*(J60=$D$2)+8*(J60=$E$2)+16*(J60=$F$2)+32*(J60=$G$2),2),0,1,2,3,4,\"S\")","v":"S"},{"$f":"IF(OR(A60=\"S\",A60=0),0,IF(ISERROR(I60),H60,SMALL(H60:I60,1)))","v":0},{"$f":"IF($A60=1,OFFSET(C60,-1,0)+1,OFFSET(C60,-1,0))","v":1},{"$f":"IF($A60=1,0,IF($A60=2,OFFSET(D60,-1,0)+1,OFFSET(D60,-1,0)))","v":2},{"$f":"IF(AND($A60<=2,$A60<>0),0,IF($A60=3,OFFSET(E60,-1,0)+1,OFFSET(E60,-1,0)))","v":0},{"$f":"IF(AND($A60<=3,$A60<>0),0,IF($A60=4,OFFSET(F60,-1,0)+1,OFFSET(F60,-1,0)))","v":0},{"$f":"IF(AND($A60<=4,$A60<>0),0,IF($A60=\"S\",OFFSET(G60,-1,0)+1,OFFSET(G60,-1,0)))","v":7},{"$f":"IF(OR($A60=\"S\",$A60=0),0,MATCH(0,OFFSET($B60,1,$A60,ROW($A$1504)-ROW($A60)),0))","v":0},{"$f":"IF(OR($A60=\"S\",$A60=0),0,MATCH(OFFSET($B60,0,$A60)+1,OFFSET($B60,1,$A60,ROW($A$1504)-ROW($A60)),0))","v":0},"Insumo",{"$f":"IF($A60=0,\"-\",CONCATENATE(C60&\".\",IF(AND($A$5>=2,$A60>=2),D60&\".\",\"\"),IF(AND($A$5>=3,$A60>=3),E60&\".\",\"\"),IF(AND($A$5>=4,$A60>=4),F60&\".\",\"\"),IF($A60=\"S\",G60&\".\",\"\")))","v":"1.2.7."},{"$f":"IF(NOT(ISERROR($Y60)),IF($Y60<>FALSE,INDEX(Banco,$Y60,4),\"\"),\"\")","v":"Cotação"},"Serv. Terc.","017",{"$f":"IF(NOT(ISERROR($Y60)),IF($Y60<>FALSE,INDEX(Banco,$Y60,5),\"\"),\"\")","v":"Instrutor/Monitor (Educação Fisíca)"},{"$f":"IF(NOT(ISERROR($Y60)),IF($Y60<>FALSE,INDEX(Banco,$Y60,6),\"\"),\"\")","v":"Horas"},3,{"$f":"IF(NOT(ISERROR($Y60)),IF($Y60<>FALSE,INDEX(Banco,$Y60,7),0),0)","v":100},"DI 1",{"$f":"IF($J60=$G$2,ROUND(ROUND($R60,2)*IF($R$9=\"Preço Unitário (R$)\",1,1+$AA60),2),0)","v":125},{"$f":"IF($A60=\"S\",VTOTAL1,IF($A60=0,0,ROUND(SomaAgrup,2)))","v":375},null,{"$f":"IF(OR($A60=0,$A60=\"S\",$A60>CFF!$A$9),\"\",MAX(W$11:OFFSET(W60,-1,0))+1)","v":""},{"$f":"IF(AND($J60=$G$2,$N60<>\"\",$M60<>\"\"),CONCATENATE($M60,\"-\",$N60))","v":"Serv. Terc.-017"},{"$f":"IF(X60<>FALSE,MATCH(X60,OFFSET(Banco,0,0,,1),0))","v":97},null,{"$f":"IF($J60=$G$2,ROUND(IF(ISNUMBER(S60),S60,IF(LEFT(S60,2)=\"DI\",HLOOKUP(S60,DADOS!$T$29:$X$30,2,FALSE),0)),4),\"\")","v":0.25}]
["S",0,1,2,0,0,8,{"$f":"IF(OR($A61=\"S\",$A61=0),0,MATCH(0,OFFSET($B61,1,$A61,ROW($A$1504)-ROW($A61)),0))","v":0},{"$f":"IF(OR($A61=\"S\",$A61=0),0,MATCH(OFFSET($B61,0,$A61)+1,OFFSET($B61,1,$A61,ROW($A$1504)-ROW($A61)),0))","v":0},"Insumo","1.2.8.","Cotação","Serv. Terc.","005","Locação de caixa térmica","Unidade",2,40,"DI 1",50,100,null,{"$f":"IF(OR($A61=0,$A61=\"S\",$A61>CFF!$A$9),\"\",MAX(W$11:OFFSET(W61,-1,0))+1)","v":""},"Serv. Terc.-005",85,null,{"$f":"IF($J61=$G$2,ROUND(IF(ISNUMBER(S61),S61,IF(LEFT(S61,2)=\"DI\",HLOOKUP(S61,DADOS!$T$29:$X$30,2,FALSE),0)),4),\"\")","v":0.25}]
["S",0,1,2,0,0,9,{"$f":"IF(OR($A62=\"S\",$A62=0),0,MATCH(0,OFFSET($B62,1,$A62,ROW($A$1504)-ROW($A62)),0))","v":0},{"$f":"IF(OR($A62=\"S\",$A62=0),0,MATCH(OFFSET($B62,0,$A62)+1,OFFSET($B62,1,$A62,ROW($A$1504)-ROW($A62)),0))","v":0},"Insumo","1.2.9.","Cotação","Serv. Terc.","008","Locação de pula-pula com monitor","Unidade",2,220,"DI 1",275,550,null,{"$f":"IF(OR($A62=0,$A62=\"S\",$A62>CFF!$A$9),\"\",MAX(W$11:OFFSET(W62,-1,0))+1)","v":""},"Serv. Terc.-008",88,null,{"$f":"IF($J62=$G$2,ROUND(IF(ISNUMBER(S62),S62,IF(LEFT(S62,2)=\"DI\",HLOOKUP(S62,DADOS!$T$29:$X$30,2,FALSE),0)),4),\"\")","v":0.25}]
["S",0,1,2,0,0,10,{"$f":"IF(OR($A63=\"S\",$A63=0),0,MATCH(0,OFFSET($B63,1,$A63,ROW($A$1504)-ROW($A63)),0))","v":0},{"$f":"IF(OR($A63=\"S\",$A63=0),0,MATCH(OFFSET($B63,0,$A63)+1,OFFSET($B63,1,$A63,ROW($A$1504)-ROW($A63)),0))","v":0},"Insumo","1.2.10.","Cotação ","Serv. Terc.","010","Brindes ( descrição nos orçamentos e PTS)","Unidade",4,120,"DI 1",150,600,null,{"$f":"IF(OR($A63=0,$A63=\"S\",$A63>CFF!$A$9),\"\",MAX(W$11:OFFSET(W63,-1,0))+1)","v":""},"Serv. Terc.-010",90,null,{"$f":"IF($J63=$G$2,ROUND(IF(ISNUMBER(S63),S63,IF(LEFT(S63,2)=\"DI\",HLOOKUP(S63,DADOS!$T$29:$X$30,2,FALSE),0)),4),\"\")","v":0.25}]
["S",0,1,2,0,0,11,{"$f":"IF(OR($A64=\"S\",$A64=0),0,MATCH(0,OFFSET($B64,1,$A64,ROW($A$1504)-ROW($A64)),0))","v":0},{"$f":"IF(OR($A64=\"S\",$A64=0),0,MATCH(OFFSET($B64,0,$A64)+1,OFFSET($B64,1,$A64,ROW($A$1504)-ROW($A64)),0))","v":0},"Insumo","1.2.11.","Cotação ","Serv. Terc.","011","Barra de gelo","Unidade",4,12,"DI 1",15,60,null,{"$f":"IF(OR($A64=0,$A64=\"S\",$A64>CFF!$A$9),\"\",MAX(W$11:OFFSET(W64,-1,0))+1)","v":""},"Serv. Terc.-011",91,null,{"$f":"IF($J64=$G$2,ROUND(IF(ISNUMBER(S64),S64,IF(LEFT(S64,2)=\"DI\",HLOOKUP(S64,DADOS!$T$29:$X$30,2,FALSE),0)),4),\"\")","v":0.25}]
["S",0,1,2,0,0,12,{"$f":"IF(OR($A65=\"S\",$A65=0),0,MATCH(0,OFFSET($B65,1,$A65,ROW($A$1504)-ROW($A65)),0))","v":0},{"$f":"IF(OR($A65=\"S\",$A65=0),0,MATCH(OFFSET($B65,0,$A65)+1,OFFSET($B65,1,$A65,ROW($A$1504)-ROW($A65)),0))","v":0},"Insumo","1.2.12.","Cotação","Serv. Terc.","013","Sucos","Unidade",12,6.4,"DI 1",8,96,null,{"$f":"IF(OR($A65=0,$A65=\"S\",$A65>CFF!$A$9),\"\",MAX(W$11:OFFSET(W65,-1,0))+1)","v":""},"Serv. Terc.-013",93,null,{"$f":"IF($J65=$G$2,ROUND(IF(ISNUMBER(S65),S65,IF(LEFT(S65,2)=\"DI\",HLOOKUP(S65,DADOS!$T$29:$X$30,2,FALSE),0)),4),\"\")","v":0.25}]
[{"$f":"CHOOSE(1+LOG(1+2*(J66=$C$2)+4*(J66=$D$2)+8*(J66=$E$2)+16*(J66=$F$2)+32*(J66=$G$2),2),0,1,2,3,4,\"S\")","v":"S"},{"$f":"IF(OR(A66=\"S\",A66=0),0,IF(ISERROR(I66),H66,SMALL(H66:I66,1)))","v":0},{"$f":"IF($A66=1,OFFSET(C66,-1,0)+1,OFFSET(C66,-1,0))","v":1},{"$f":"IF($A66=1,0,IF($A66=2,OFFSET(D66,-1,0)+1,OFFSET(D66,-1,0)))","v":2},{"$f":"IF(AND($A66<=2,$A66<>0),0,IF($A66=3,OFFSET(E66,-1,0)+1,OFFSET(E66,-1,0)))","v":0},{"$f":"IF(AND($A66<=3,$A66<>0),0,IF($A66=4,OFFSET(F66,-1,0)+1,OFFSET(F66,-1,0)))","v":0},{"$f":"IF(AND($A66<=4,$A66<>0),0,IF($A66=\"S\",OFFSET(G66,-1,0)+1,OFFSET(G66,-1,0)))","v":13},{"$f":"IF(OR($A66=\"S\",$A66=0),0,MATCH(0,OFFSET($B66,1,$A66,ROW($A$1504)-ROW($A66)),0))","v":0},{"$f":"IF(OR($A66=\"S\",$A66=0),0,MATCH(OFFSET($B66,0,$A66)+1,OFFSET($B66,1,$A66,ROW($A$1504)-ROW($A66)),0))","v":0},"Insumo",{"$f":"IF($A66=0,\"-\",CONCATENATE(C66&\".\",IF(AND($A$5>=2,$A66>=2),D66&\".\",\"\"),IF(AND($A$5>=3,$A66>=3),E66&\".\",\"\"),IF(AND($A$5>=4,$A66>=4),F66&\".\",\"\"),IF($A66=\"S\",G66&\".\",\"\")))","v":"1.2.13."},{"$f":"IF(NOT(ISERROR($Y66)),IF($Y66<>FALSE,INDEX(Banco,$Y66,4),\"\"),\"\")","v":"Cotação"},"Serv. Terc.","027",{"$f":"IF(NOT(ISERROR($Y66)),IF($Y66<>FALSE,INDEX(Banco,$Y66,5),\"\"),\"\")","v":"Refrigerantes (02 litros) "},{"$f":"IF(NOT(ISERROR($Y66)),IF($Y66<>FALSE,INDEX(Banco,$Y66,6),\"\"),\"\")","v":"Unidade"},20,{"$f":"IF(NOT(ISERROR($Y66)),IF($Y66<>FALSE,INDEX(Banco,$Y66,7),0),0)","v":6},"DI 1",{"$f":"IF($J66=$G$2,ROUND(ROUND($R66,2)*IF($R$9=\"Preço Unitário (R$)\",1,1+$AA66),2),0)","v":7.5},{"$f":"IF($A66=\"S\",VTOTAL1,IF($A66=0,0,ROUND(SomaAgrup,2)))","v":150},null,{"$f":"IF(OR($A66=0,$A66=\"S\",$A66>CFF!$A$9),\"\",MAX(W$11:OFFSET(W66,-1,0))+1)","v":""},{"$f":"IF(AND($J66=$G$2,$N66<>\"\",$M66<>\"\"),CONCATENATE($M66,\"-\",$N66))","v":"Serv. Terc.-027"},{"$f":"IF(X66<>FALSE,MATCH(X66,OFFSET(Banco,0,0,,1),0))","v":107},null,{"$f":"IF($J66=$G$2,ROUND(IF(ISNUMBER(S66),S66,IF(LEFT(S66,2)=\"DI\",HLOOKUP(S66,DADOS!$T$29:$X$30,2,FALSE),0)),4),\"\")","v":0.25}]
["S",0,1,2,0,0,14,{"$f":"IF(OR($A67=\"S\",$A67=0),0,MATCH(0,OFFSET($B67,1,$A67,ROW($A$1504)-ROW($A67)),0))","v":0},{"$f":"IF(OR($A67=\"S\",$A67=0),0,MATCH(OFFSET($B67,0,$A67)+1,OFFSET($B67,1,$A67,ROW($A$1504)-ROW($A67)),0))","v":0},"Insumo","1.2.14.","Cotação","Serv. Terc.","015","Coffee break (salgados)","Centro",15,65,"DI 1",81.25,1218.75,null,{"$f":"IF(OR($A67=0,$A67=\"S\",$A67>CFF!$A$9),\"\",MAX(W$11:OFFSET(W67,-1,0))+1)","v":""},"Serv. Terc.-015",95,null,{"$f":"IF($J67=$G$2,ROUND(IF(ISNUMBER(S67),S67,IF(LEFT(S67,2)=\"DI\",HLOOKUP(S67,DADOS!$T$29:$X$30,2,FALSE),0)),4),\"\")","v":0.25}]
["S",0,1,2,0,0,15,{"$f":"IF(OR($A68=\"S\",$A68=0),0,MATCH(0,OFFSET($B68,1,$A68,ROW($A$1504)-ROW($A68)),0))","v":0},{"$f":"IF(OR($A68=\"S\",$A68=0),0,MATCH(OFFSET($B68,0,$A68)+1,OFFSET($B68,1,$A68,ROW($A$1504)-ROW($A68)),0))","v":0},"Insumo","1.2.15.","Cotação","Rec. Materiais","004","Lápis de cor","Caixa",10,13.45,"DI 1",16.809999999999999,168.1,null,{"$f":"IF(OR($A68=0,$A68=\"S\",$A68>CFF!$A$9),\"\",MAX(W$11:OFFSET(W68,-1,0))+1)","v":""},"Rec. Materiais-004",13,null,{"$f":"IF($J68=$G$2,ROUND(IF(ISNUMBER(S68),S68,IF(LEFT(S68,2)=\"DI\",HLOOKUP(S68,DADOS!$T$29:$X$30,2,FALSE),0)),4),\"\")","v":0.25}]
[{"$f":"CHOOSE(1+LOG(1+2*(J69=$C$2)+4*(J69=$D$2)+8*(J69=$E$2)+16*(J69=$F$2)+32*(J69=$G$2),2),0,1,2,3,4,\"S\")","v":"S"},{"$f":"IF(OR(A69=\"S\",A69=0),0,IF(ISERROR(I69),H69,SMALL(H69:I69,1)))","v":0},{"$f":"IF($A69=1,OFFSET(C69,-1,0)+1,OFFSET(C69,-1,0))","v":1},{"$f":"IF($A69=1,0,IF($A69=2,OFFSET(D69,-1,0)+1,OFFSET(D69,-1,0)))","v":2},{"$f":"IF(AND($A69<=2,$A69<>0),0,IF($A69=3,OFFSET(E69,-1,0)+1,OFFSET(E69,-1,0)))","v":0},{"$f":"IF(AND($A69<=3,$A69<>0),0,IF($A69=4,OFFSET(F69,-1,0)+1,OFFSET(F69,-1,0)))","v":0},{"$f":"IF(AND($A69<=4,$A69<>0),0,IF($A69=\"S\",OFFSET(G69,-1,0)+1,OFFSET(G69,-1,0)))","v":16},{"$f":"IF(OR($A69=\"S\",$A69=0),0,MATCH(0,OFFSET($B69,1,$A69,ROW($A$1504)-ROW($A69)),0))","v":0},{"$f":"IF(OR($A69=\"S\",$A69=0),0,MATCH(OFFSET($B69,0,$A69)+1,OFFSET($B69,1,$A69,ROW($A$1504)-ROW($A69)),0))","v":0},"Insumo",{"$f":"IF($A69=0,\"-\",CONCATENATE(C69&\".\",IF(AND($A$5>=2,$A69>=2),D69&\".\",\"\"),IF(AND($A$5>=3,$A69>=3),E69&\".\",\"\"),IF(AND($A$5>=4,$A69>=4),F69&\".\",\"\"),IF($A69=\"S\",G69&\".\",\"\")))","v":"1.2.16."},{"$f":"IF(NOT(ISERROR($Y69)),IF($Y69<>FALSE,INDEX(Banco,$Y69,4),\"\"),\"\")","v":"Cotação"},"Rec. Materiais","008",{"$f":"IF(NOT(ISERROR($Y69)),IF($Y69<>FALSE,INDEX(Banco,$Y69,5),\"\"),\"\")","v":"Massa de modelar"},{"$f":"IF(NOT(ISERROR($Y69)),IF($Y69<>FALSE,INDEX(Banco,$Y69,6),\"\"),\"\")","v":"Unidade"},20,{"$f":"IF(NOT(ISERROR($Y69)),IF($Y69<>FALSE,INDEX(Banco,$Y69,7),0),0)","v":5.2},"DI 1",{"$f":"IF($J69=$G$2,ROUND(ROUND($R69,2)*IF($R$9=\"Preço Unitário (R$)\",1,1+$AA69),2),0)","v":6.5},{"$f":"IF($A69=\"S\",VTOTAL1,IF($A69=0,0,ROUND(SomaAgrup,2)))","v":130},null,{"$f":"IF(OR($A69=0,$A69=\"S\",$A69>CFF!$A$9),\"\",MAX(W$11:OFFSET(W69,-1,0))+1)","v":""},{"$f":"IF(AND($J69=$G$2,$N69<>\"\",$M69<>\"\"),CONCATENATE($M69,\"-\",$N69))","v":"Rec. Materiais-008"},{"$f":"IF(X69<>FALSE,MATCH(X69,OFFSET(Banco,0,0,,1),0))","v":17},null,{"$f":"IF($J69=$G$2,ROUND(IF(ISNUMBER(S69),S69,IF(LEFT(S69,2)=\"DI\",HLOOKUP(S69,DADOS!$T$29:$X$30,2,FALSE),0)),4),\"\")","v":0.25}]
["S",0,1,2,0,0,17,{"$f":"IF(OR($A70=\"S\",$A70=0),0,MATCH(0,OFFSET($B70,1,$A70,ROW($A$1504)-ROW($A70)),0))","v":0},{"$f":"IF(OR($A70=\"S\",$A70=0),0,MATCH(OFFSET($B70,0,$A70)+1,OFFSET($B70,1,$A70,ROW($A$1504)-ROW($A70)),0))","v":0},"Insumo","1.2.17.","Cotação","Rec. Materiais","029","Crachá","Unidade",5,3,"DI 1",3.75,18.75,null,{"$f":"IF(OR($A70=0,$A70=\"S\",$A70>CFF!$A$9),\"\",MAX(W$11:OFFSET(W70,-1,0))+1)","v":""},"Rec. Materiais-029",38,null,{"$f":"IF($J70=$G$2,ROUND(IF(ISNUMBER(S70),S70,IF(LEFT(S70,2)=\"DI\",HLOOKUP(S70,DADOS!$T$29:$X$30,2,FALSE),0)),4),\"\")","v":0.25}]
["S",0,1,2,0,0,18,{"$f":"IF(OR($A71=\"S\",$A71=0),0,MATCH(0,OFFSET($B71,1,$A71,ROW($A$1504)-ROW($A71)),0))","v":0},{"$f":"IF(OR($A71=\"S\",$A71=0),0,MATCH(OFFSET($B71,0,$A71)+1,OFFSET($B71,1,$A71,ROW($A$1504)-ROW($A71)),0))","v":0},"Insumo","1.2.18.","Cotação","Rec. Materiais","005","Giz de cerra","Caixa",15,7.1,"DI 1",8.8800000000000008,133.19999999999999,null,{"$f":"IF(OR($A71=0,$A71=\"S\",$A71>CFF!$A$9),\"\",MAX(W$11:OFFSET(W71,-1,0))+1)","v":""},"Rec. Materiais-005",14,null,{"$f":"IF($J71=$G$2,ROUND(IF(ISNUMBER(S71),S71,IF(LEFT(S71,2)=\"DI\",HLOOKUP(S71,DADOS!$T$29:$X$30,2,FALSE),0)),4),\"\")","v":0.25}]
[{"$f":"CHOOSE(1+LOG(1+2*(J72=$C$2)+4*(J72=$D$2)+8*(J72=$E$2)+16*(J72=$F$2)+32*(J72=$G$2),2),0,1,2,3,4,\"S\")","v":"S"},{"$f":"IF(OR(A72=\"S\",A72=0),0,IF(ISERROR(I72),H72,SMALL(H72:I72,1)))","v":0},{"$f":"IF($A72=1,OFFSET(C72,-1,0)+1,OFFSET(C72,-1,0))","v":1},{"$f":"IF($A72=1,0,IF($A72=2,OFFSET(D72,-1,0)+1,OFFSET(D72,-1,0)))","v":2},{"$f":"IF(AND($A72<=2,$A72<>0),0,IF($A72=3,OFFSET(E72,-1,0)+1,OFFSET(E72,-1,0)))","v":0},{"$f":"IF(AND($A72<=3,$A72<>0),0,IF($A72=4,OFFSET(F72,-1,0)+1,OFFSET(F72,-1,0)))","v":0},{"$f":"IF(AND($A72<=4,$A72<>0),0,IF($A72=\"S\",OFFSET(G72,-1,0)+1,OFFSET(G72,-1,0)))","v":19},{"$f":"IF(OR($A72=\"S\",$A72=0),0,MATCH(0,OFFSET($B72,1,$A72,ROW($A$1504)-ROW($A72)),0))","v":0},{"$f":"IF(OR($A72=\"S\",$A72=0),0,MATCH(OFFSET($B72,0,$A72)+1,OFFSET($B72,1,$A72,ROW($A$1504)-ROW($A72)),0))","v":0},"Insumo",{"$f":"IF($A72=0,\"-\",CONCATENATE(C72&\".\",IF(AND($A$5>=2,$A72>=2),D72&\".\",\"\"),IF(AND($A$5>=3,$A72>=3),E72&\".\",\"\"),IF(AND($A$5>=4,$A72>=4),F72&\".\",\"\"),IF($A72=\"S\",G72&\".\",\"\")))","v":"1.2.19."},{"$f":"IF(NOT(ISERROR($Y72)),IF($Y72<>FALSE,INDEX(Banco,$Y72,4),\"\"),\"\")","v":"Cotação"},"Rec. Materiais","010",{"$f":"IF(NOT(ISERROR($Y72)),IF($Y72<>FALSE,INDEX(Banco,$Y72,5),\"\"),\"\")","v":"Clips galvanizado"},{"$f":"IF(NOT(ISERROR($Y72)),IF($Y72<>FALSE,INDEX(Banco,$Y72,6),\"\"),\"\")","v":"Caixa "},1,{"$f":"IF(NOT(ISERROR($Y72)),IF($Y72<>FALSE,INDEX(Banco,$Y72,7),0),0)","v":6.62},"DI 1",{"$f":"IF($J72=$G$2,ROUND(ROUND($R72,2)*IF($R$9=\"Preço Unitário (R$)\",1,1+$AA72),2),0)","v":8.2799999999999994},{"$f":"IF($A72=\"S\",VTOTAL1,IF($A72=0,0,ROUND(SomaAgrup,2)))","v":8.2799999999999994},null,{"$f":"IF(OR($A72=0,$A72=\"S\",$A72>CFF!$A$9),\"\",MAX(W$11:OFFSET(W72,-1,0))+1)","v":""},{"$f":"IF(AND($J72=$G$2,$N72<>\"\",$M72<>\"\"),CONCATENATE($M72,\"-\",$N72))","v":"Rec. Materiais-010"},{"$f":"IF(X72<>FALSE,MATCH(X72,OFFSET(Banco,0,0,,1),0))","v":19},null,{"$f":"IF($J72=$G$2,ROUND(IF(ISNUMBER(S72),S72,IF(LEFT(S72,2)=\"DI\",HLOOKUP(S72,DADOS!$T$29:$X$30,2,FALSE),0)),4),\"\")","v":0.25}]
[{"$f":"CHOOSE(1+LOG(1+2*(J73=$C$2)+4*(J73=$D$2)+8*(J73=$E$2)+16*(J73=$F$2)+32*(J73=$G$2),2),0,1,2,3,4,\"S\")","v":"S"},{"$f":"IF(OR(A73=\"S\",A73=0),0,IF(ISERROR(I73),H73,SMALL(H73:I73,1)))","v":0},{"$f":"IF($A73=1,OFFSET(C73,-1,0)+1,OFFSET(C73,-1,0))","v":1},{"$f":"IF($A73=1,0,IF($A73=2,OFFSET(D73,-1,0)+1,OFFSET(D73,-1,0)))","v":2},{"$f":"IF(AND($A73<=2,$A73<>0),0,IF($A73=3,OFFSET(E73,-1,0)+1,OFFSET(E73,-1,0)))","v":0},{"$f":"IF(AND($A73<=3,$A73<>0),0,IF($A73=4,OFFSET(F73,-1,0)+1,OFFSET(F73,-1,0)))","v":0},{"$f":"IF(AND($A73<=4,$A73<>0),0,IF($A73=\"S\",OFFSET(G73,-1,0)+1,OFFSET(G73,-1,0)))","v":20},{"$f":"IF(OR($A73=\"S\",$A73=0),0,MATCH(0,OFFSET($B73,1,$A73,ROW($A$1504)-ROW($A73)),0))","v":0},{"$f":"IF(OR($A73=\"S\",$A73=0),0,MATCH(OFFSET($B73,0,$A73)+1,OFFSET($B73,1,$A73,ROW($A$1504)-ROW($A73)),0))","v":0},"Insumo",{"$f":"IF($A73=0,\"-\",CONCATENATE(C73&\".\",IF(AND($A$5>=2,$A73>=2),D73&\".\",\"\"),IF(AND($A$5>=3,$A73>=3),E73&\".\",\"\"),IF(AND($A$5>=4,$A73>=4),F73&\".\",\"\"),IF($A73=\"S\",G73&\".\",\"\")))","v":"1.2.20."},{"$f":"IF(NOT(ISERROR($Y73)),IF($Y73<>FALSE,INDEX(Banco,$Y73,4),\"\"),\"\")","v":"Cotação"},"Rec. Materiais","031",{"$f":"IF(NOT(ISERROR($Y73)),IF($Y73<>FALSE,INDEX(Banco,$Y73,5),\"\"),\"\")","v":"Corretivo líquido a base de água 18ml"},{"$f":"IF(NOT(ISERROR($Y73)),IF($Y73<>FALSE,INDEX(Banco,$Y73,6),\"\"),\"\")","v":"Unidade"},2,{"$f":"IF(NOT(ISERROR($Y73)),IF($Y73<>FALSE,INDEX(Banco,$Y73,7),0),0)","v":2.62},"DI 1",{"$f":"IF($J73=$G$2,ROUND(ROUND($R73,2)*IF($R$9=\"Preço Unitário (R$)\",1,1+$AA73),2),0)","v":3.28},{"$f":"IF($A73=\"S\",VTOTAL1,IF($A73=0,0,ROUND(SomaAgrup,2)))","v":6.56},null,{"$f":"IF(OR($A73=0,$A73=\"S\",$A73>CFF!$A$9),\"\",MAX(W$11:OFFSET(W73,-1,0))+1)","v":""},{"$f":"IF(AND($J73=$G$2,$N73<>\"\",$M73<>\"\"),CONCATENATE($M73,\"-\",$N73))","v":"Rec. Materiais-031"},{"$f":"IF(X73<>FALSE,MATCH(X73,OFFSET(Banco,0,0,,1),0))","v":40},null,{"$f":"IF($J73=$G$2,ROUND(IF(ISNUMBER(S73),S73,IF(LEFT(S73,2)=\"DI\",HLOOKUP(S73,DADOS!$T$29:$X$30,2,FALSE),0)),4),\"\")","v":0.25}]
["S",0,1,2,0,0,21,{"$f":"IF(OR($A74=\"S\",$A74=0),0,MATCH(0,OFFSET($B74,1,$A74,ROW($A$1504)-ROW($A74)),0))","v":0},{"$f":"IF(OR($A74=\"S\",$A74=0),0,MATCH(OFFSET($B74,0,$A74)+1,OFFSET($B74,1,$A74,ROW($A$1504)-ROW($A74)),0))","v":0},"Insumo","1.2.21.","Cotação","Rec. Materiais","007","Pintura facial","Unidade",5,60,"DI 1",75,375,null,{"$f":"IF(OR($A74=0,$A74=\"S\",$A74>CFF!$A$9),\"\",MAX(W$11:OFFSET(W74,-1,0))+1)","v":""},"Rec. Materiais-007",16,null,{"$f":"IF($J74=$G$2,ROUND(IF(ISNUMBER(S74),S74,IF(LEFT(S74,2)=\"DI\",HLOOKUP(S74,DADOS!$T$29:$X$30,2,FALSE),0)),4),\"\")","v":0.25}]
["S",0,1,2,0,0,22,{"$f":"IF(OR($A75=\"S\",$A75=0),0,MATCH(0,OFFSET($B75,1,$A75,ROW($A$1504)-ROW($A75)),0))","v":0},{"$f":"IF(OR($A75=\"S\",$A75=0),0,MATCH(OFFSET($B75,0,$A75)+1,OFFSET($B75,1,$A75,ROW($A$1504)-ROW($A75)),0))","v":0},"Insumo","1.2.22.","Cotação","Rec. Materiais","009","Pasta AZ","Unidade",2,12,"DI 1",15,30,null,{"$f":"IF(OR($A75=0,$A75=\"S\",$A75>CFF!$A$9),\"\",MAX(W$11:OFFSET(W75,-1,0))+1)","v":""},"Rec. Materiais-009",18,null,{"$f":"IF($J75=$G$2,ROUND(IF(ISNUMBER(S75),S75,IF(LEFT(S75,2)=\"DI\",HLOOKUP(S75,DADOS!$T$29:$X$30,2,FALSE),0)),4),\"\")","v":0.25}]
[{"$f":"CHOOSE(1+LOG(1+2*(J76=$C$2)+4*(J76=$D$2)+8*(J76=$E$2)+16*(J76=$F$2)+32*(J76=$G$2),2),0,1,2,3,4,\"S\")","v":"S"},{"$f":"IF(OR(A76=\"S\",A76=0),0,IF(ISERROR(I76),H76,SMALL(H76:I76,1)))","v":0},{"$f":"IF($A76=1,OFFSET(C76,-1,0)+1,OFFSET(C76,-1,0))","v":1},{"$f":"IF($A76=1,0,IF($A76=2,OFFSET(D76,-1,0)+1,OFFSET(D76,-1,0)))","v":2},{"$f":"IF(AND($A76<=2,$A76<>0),0,IF($A76=3,OFFSET(E76,-1,0)+1,OFFSET(E76,-1,0)))","v":0},{"$f":"IF(AND($A76<=3,$A76<>0),0,IF($A76=4,OFFSET(F76,-1,0)+1,OFFSET(F76,-1,0)))","v":0},{"$f":"IF(AND($A76<=4,$A76<>0),0,IF($A76=\"S\",OFFSET(G76,-1,0)+1,OFFSET(G76,-1,0)))","v":23},{"$f":"IF(OR($A76=\"S\",$A76=0),0,MATCH(0,OFFSET($B76,1,$A76,ROW($A$1504)-ROW($A76)),0))","v":0},{"$f":"IF(OR($A76=\"S\",$A76=0),0,MATCH(OFFSET($B76,0,$A76)+1,OFFSET($B76,1,$A76,ROW($A$1504)-ROW($A76)),0))","v":0},"Insumo",{"$f":"IF($A76=0,\"-\",CONCATENATE(C76&\".\",IF(AND($A$5>=2,$A76>=2),D76&\".\",\"\"),IF(AND($A$5>=3,$A76>=3),E76&\".\",\"\"),IF(AND($A$5>=4,$A76>=4),F76&\".\",\"\"),IF($A76=\"S\",G76&\".\",\"\")))","v":"1.2.23."},{"$f":"IF(NOT(ISERROR($Y76)),IF($Y76<>FALSE,INDEX(Banco,$Y76,4),\"\"),\"\")","v":"Cotação"},"Rec. Materiais","022",{"$f":"IF(NOT(ISERROR($Y76)),IF($Y76<>FALSE,INDEX(Banco,$Y76,5),\"\"),\"\")","v":"Balão redondo"},{"$f":"IF(NOT(ISERROR($Y76)),IF($Y76<>FALSE,INDEX(Banco,$Y76,6),\"\"),\"\")","v":"Unidade"},30,{"$f":"IF(NOT(ISERROR($Y76)),IF($Y76<>FALSE,INDEX(Banco,$Y76,7),0),0)","v":9},"DI 1",{"$f":"IF($J76=$G$2,ROUND(ROUND($R76,2)*IF($R$9=\"Preço Unitário (R$)\",1,1+$AA76),2),0)","v":11.25},{"$f":"IF($A76=\"S\",VTOTAL1,IF($A76=0,0,ROUND(SomaAgrup,2)))","v":337.5},null,{"$f":"IF(OR($A76=0,$A76=\"S\",$A76>CFF!$A$9),\"\",MAX(W$11:OFFSET(W76,-1,0))+1)","v":""},{"$f":"IF(AND($J76=$G$2,$N76<>\"\",$M76<>\"\"),CONCATENATE($M76,\"-\",$N76))","v":"Rec. Materiais-022"},{"$f":"IF(X76<>FALSE,MATCH(X76,OFFSET(Banco,0,0,,1),0))","v":31},null,{"$f":"IF($J76=$G$2,ROUND(IF(ISNUMBER(S76),S76,IF(LEFT(S76,2)=\"DI\",HLOOKUP(S76,DADOS!$T$29:$X$30,2,FALSE),0)),4),\"\")","v":0.25}]
["S",0,1,2,0,0,24,{"$f":"IF(OR($A77=\"S\",$A77=0),0,MATCH(0,OFFSET($B77,1,$A77,ROW($A$1504)-ROW($A77)),0))","v":0},{"$f":"IF(OR($A77=\"S\",$A77=0),0,MATCH(OFFSET($B77,0,$A77)+1,OFFSET($B77,1,$A77,ROW($A$1504)-ROW($A77)),0))","v":0},"Insumo","1.2.24.","Cotação","Rec. Materiais","024","Brinquedos pedagogicos (jogos de damas, bozó, dominó de percepção e de associação de idéias, quebra-cabeça progressivo, mapa do mundo, bola, bambolé","Unidade",1,600,"DI 1",750,750,null,{"$f":"IF(OR($A77=0,$A77=\"S\",$A77>CFF!$A$9),\"\",MAX(W$11:OFFSET(W77,-1,0))+1)","v":""},"Rec. Materiais-024",33,null,{"$f":"IF($J77=$G$2,ROUND(IF(ISNUMBER(S77),S77,IF(LEFT(S77,2)=\"DI\",HLOOKUP(S77,DADOS!$T$29:$X$30,2,FALSE),0)),4),\"\")","v":0.25}]
["S",0,1,2,0,0,25,{"$f":"IF(OR($A78=\"S\",$A78=0),0,MATCH(0,OFFSET($B78,1,$A78,ROW($A$1504)-ROW($A78)),0))","v":0},{"$f":"IF(OR($A78=\"S\",$A78=0),0,MATCH(OFFSET($B78,0,$A78)+1,OFFSET($B78,1,$A78,ROW($A$1504)-ROW($A78)),0))","v":0},"Insumo","1.2.25.","Cotação","Rec. Materiais","018","Fita adesiva","Unidade",1,6.18,"DI 1",7.73,7.73,null,{"$f":"IF(OR($A78=0,$A78=\"S\",$A78>CFF!$A$9),\"\",MAX(W$11:OFFSET(W78,-1,0))+1)","v":""},"Rec. Materiais-018",27,null,{"$f":"IF($J78=$G$2,ROUND(IF(ISNUMBER(S78),S78,IF(LEFT(S78,2)=\"DI\",HLOOKUP(S78,DADOS!$T$29:$X$30,2,FALSE),0)),4),\"\")","v":0.25}]
["S",0,1,2,0,0,26,{"$f":"IF(OR($A79=\"S\",$A79=0),0,MATCH(0,OFFSET($B79,1,$A79,ROW($A$1504)-ROW($A79)),0))","v":0},{"$f":"IF(OR($A79=\"S\",$A79=0),0,MATCH(OFFSET($B79,0,$A79)+1,OFFSET($B79,1,$A79,ROW($A$1504)-ROW($A79)),0))","v":0},"Insumo","1.2.26.","Cotação","Rec. Materiais","030","Fita zebrada para isolar área","Unidade",1,19.39,"DI 1",24.24,24.24,null,{"$f":"IF(OR($A79=0,$A79=\"S\",$A79>CFF!$A$9),\"\",MAX(W$11:OFFSET(W79,-1,0))+1)","v":""},"Rec. Materiais-030",39,null,{"$f":"IF($J79=$G$2,ROUND(IF(ISNUMBER(S79),S79,IF(LEFT(S79,2)=\"DI\",HLOOKUP(S79,DADOS!$T$29:$X$30,2,FALSE),0)),4),\"\")","v":0.25}]
["S",0,1,2,0,0,27,{"$f":"IF(OR($A80=\"S\",$A80=0),0,MATCH(0,OFFSET($B80,1,$A80,ROW($A$1504)-ROW($A80)),0))","v":0},{"$f":"IF(OR($A80=\"S\",$A80=0),0,MATCH(OFFSET($B80,0,$A80)+1,OFFSET($B80,1,$A80,ROW($A$1504)-ROW($A80)),0))","v":0},"Insumo","1.2.27.","Cotação","Rec. Materiais","021","Papel de presente","Folhas",8,1.5,"DI 1",1.88,15.04,null,{"$f":"IF(OR($A80=0,$A80=\"S\",$A80>CFF!$A$9),\"\",MAX(W$11:OFFSET(W80,-1,0))+1)","v":""},"Rec. Materiais-021",30,null,{"$f":"IF($J80=$G$2,ROUND(IF(ISNUMBER(S80),S80,IF(LEFT(S80,2)=\"DI\",HLOOKUP(S80,DADOS!$T$29:$X$30,2,FALSE),0)),4),\"\")","v":0.25}]
["S",0,1,2,0,0,28,{"$f":"IF(OR($A81=\"S\",$A81=0),0,MATCH(0,OFFSET($B81,1,$A81,ROW($A$1504)-ROW($A81)),0))","v":0},{"$f":"IF(OR($A81=\"S\",$A81=0),0,MATCH(OFFSET($B81,0,$A81)+1,OFFSET($B81,1,$A81,ROW($A$1504)-ROW($A81)),0))","v":0},"Insumo","1.2.28.","Cotação","Rec. Materiais","020","Guloseimas (balas e pirulito)","Pacote",4,12,"DI 1",15,60,null,{"$f":"IF(OR($A81=0,$A81=\"S\",$A81>CFF!$A$9),\"\",MAX(W$11:OFFSET(W81,-1,0))+1)","v":""},"Rec. Materiais-020",29,null,{"$f":"IF($J81=$G$2,ROUND(IF(ISNUMBER(S81),S81,IF(LEFT(S81,2)=\"DI\",HLOOKUP(S81,DADOS!$T$29:$X$30,2,FALSE),0)),4),\"\")","v":0.25}]
["S",0,1,2,0,0,29,{"$f":"IF(OR($A82=\"S\",$A82=0),0,MATCH(0,OFFSET($B82,1,$A82,ROW($A$1504)-ROW($A82)),0))","v":0},{"$f":"IF(OR($A82=\"S\",$A82=0),0,MATCH(OFFSET($B82,0,$A82)+1,OFFSET($B82,1,$A82,ROW($A$1504)-ROW($A82)),0))","v":0},"Insumo","1.2.29.","Cotação","Rec. Materiais","025","Apontador","Unidade",5,5.2,"DI 1",6.5,32.5,null,{"$f":"IF(OR($A82=0,$A82=\"S\",$A82>CFF!$A$9),\"\",MAX(W$11:OFFSET(W82,-1,0))+1)","v":""},"Rec. Materiais-025",34,null,{"$f":"IF($J82=$G$2,ROUND(IF(ISNUMBER(S82),S82,IF(LEFT(S82,2)=\"DI\",HLOOKUP(S82,DADOS!$T$29:$X$30,2,FALSE),0)),4),\"\")","v":0.25}]
[{"$f":"CHOOSE(1+LOG(1+2*(J83=$C$2)+4*(J83=$D$2)+8*(J83=$E$2)+16*(J83=$F$2)+32*(J83=$G$2),2),0,1,2,3,4,\"S\")","v":"S"},{"$f":"IF(OR(A83=\"S\",A83=0),0,IF(ISERROR(I83),H83,SMALL(H83:I83,1)))","v":0},{"$f":"IF($A83=1,OFFSET(C83,-1,0)+1,OFFSET(C83,-1,0))","v":1},{"$f":"IF($A83=1,0,IF($A83=2,OFFSET(D83,-1,0)+1,OFFSET(D83,-1,0)))","v":2},{"$f":"IF(AND($A83<=2,$A83<>0),0,IF($A83=3,OFFSET(E83,-1,0)+1,OFFSET(E83,-1,0)))","v":0},{"$f":"IF(AND($A83<=3,$A83<>0),0,IF($A83=4,OFFSET(F83,-1,0)+1,OFFSET(F83,-1,0)))","v":0},{"$f":"IF(AND($A83<=4,$A83<>0),0,IF($A83=\"S\",OFFSET(G83,-1,0)+1,OFFSET(G83,-1,0)))","v":30},{"$f":"IF(OR($A83=\"S\",$A83=0),0,MATCH(0,OFFSET($B83,1,$A83,ROW($A$1504)-ROW($A83)),0))","v":0},{"$f":"IF(OR($A83=\"S\",$A83=0),0,MATCH(OFFSET($B83,0,$A83)+1,OFFSET($B83,1,$A83,ROW($A$1504)-ROW($A83)),0))","v":0},"Insumo",{"$f":"IF($A83=0,\"-\",CONCATENATE(C83&\".\",IF(AND($A$5>=2,$A83>=2),D83&\".\",\"\"),IF(AND($A$5>=3,$A83>=3),E83&\".\",\"\"),IF(AND($A$5>=4,$A83>=4),F83&\".\",\"\"),IF($A83=\"S\",G83&\".\",\"\")))","v":"1.2.30."},{"$f":"IF(NOT(ISERROR($Y83)),IF($Y83<>FALSE,INDEX(Banco,$Y83,4),\"\"),\"\")","v":"Cotação"},"Rec. Materiais","026","Saco de lixo (100 litros)",{"$f":"IF(NOT(ISERROR($Y83)),IF($Y83<>FALSE,INDEX(Banco,$Y83,6),\"\"),\"\")","v":"Pacote"},2,{"$f":"IF(NOT(ISERROR($Y83)),IF($Y83<>FALSE,INDEX(Banco,$Y83,7),0),0)","v":15},"DI 1",{"$f":"IF($J83=$G$2,ROUND(ROUND($R83,2)*IF($R$9=\"Preço Unitário (R$)\",1,1+$AA83),2),0)","v":18.75},{"$f":"IF($A83=\"S\",VTOTAL1,IF($A83=0,0,ROUND(SomaAgrup,2)))","v":37.5},null,{"$f":"IF(OR($A83=0,$A83=\"S\",$A83>CFF!$A$9),\"\",MAX(W$11:OFFSET(W83,-1,0))+1)","v":""},{"$f":"IF(AND($J83=$G$2,$N83<>\"\",$M83<>\"\"),CONCATENATE($M83,\"-\",$N83))","v":"Rec. Materiais-026"},{"$f":"IF(X83<>FALSE,MATCH(X83,OFFSET(Banco,0,0,,1),0))","v":35},null,{"$f":"IF($J83=$G$2,ROUND(IF(ISNUMBER(S83),S83,IF(LEFT(S83,2)=\"DI\",HLOOKUP(S83,DADOS!$T$29:$X$30,2,FALSE),0)),4),\"\")","v":0.25}]
[{"$f":"CHOOSE(1+LOG(1+2*(J84=$C$2)+4*(J84=$D$2)+8*(J84=$E$2)+16*(J84=$F$2)+32*(J84=$G$2),2),0,1,2,3,4,\"S\")","v":2},{"$f":"IF(OR(A84=\"S\",A84=0),0,IF(ISERROR(I84),H84,SMALL(H84:I84,1)))","v":29},{"$f":"IF($A84=1,OFFSET(C84,-1,0)+1,OFFSET(C84,-1,0))","v":1},{"$f":"IF($A84=1,0,IF($A84=2,OFFSET(D84,-1,0)+1,OFFSET(D84,-1,0)))","v":3},{"$f":"IF(AND($A84<=2,$A84<>0),0,IF($A84=3,OFFSET(E84,-1,0)+1,OFFSET(E84,-1,0)))","v":0},{"$f":"IF(AND($A84<=3,$A84<>0),0,IF($A84=4,OFFSET(F84,-1,0)+1,OFFSET(F84,-1,0)))","v":0},{"$f":"IF(AND($A84<=4,$A84<>0),0,IF($A84=\"S\",OFFSET(G84,-1,0)+1,OFFSET(G84,-1,0)))","v":0},{"$f":"IF(OR($A84=\"S\",$A84=0),0,MATCH(0,OFFSET($B84,1,$A84,ROW($A$1504)-ROW($A84)),0))","v":29},{"$f":"IF(OR($A84=\"S\",$A84=0),0,MATCH(OFFSET($B84,0,$A84)+1,OFFSET($B84,1,$A84,ROW($A$1504)-ROW($A84)),0))","v":67},"AtivNível 1",{"$f":"IF($A84=0,\"-\",CONCATENATE(C84&\".\",IF(AND($A$5>=2,$A84>=2),D84&\".\",\"\"),IF(AND($A$5>=3,$A84>=3),E84&\".\",\"\"),IF(AND($A$5>=4,$A84>=4),F84&\".\",\"\"),IF($A84=\"S\",G84&\".\",\"\")))","v":"1.3."},{"$f":"IF(NOT(ISERROR($Y84)),IF($Y84<>FALSE,INDEX(Banco,$Y84,4),\"\"),\"\")","v":""},null,null,"Atividade 03 - Reunião Ampliada Apresentação do Projeto de Trabalho Social Bairro: Frutal de Minas e Jardim Paula II",{"$f":"IF(NOT(ISERROR($Y84)),IF($Y84<>FALSE,INDEX(Banco,$Y84,6),\"\"),\"\")","v":""},null,{"$f":"IF(NOT(ISERROR($Y84)),IF($Y84<>FALSE,INDEX(Banco,$Y84,7),0),0)","v":0},"DI 1",{"$f":"IF($J84=$G$2,ROUND(ROUND($R84,2)*IF($R$9=\"Preço Unitário (R$)\",1,1+$AA84),2),0)","v":0},{"$f":"IF($A84=\"S\",VTOTAL1,IF($A84=0,0,ROUND(SomaAgrup,2)))","v":8495.99},null,{"$f":"IF(OR($A84=0,$A84=\"S\",$A84>CFF!$A$9),\"\",MAX(W$11:OFFSET(W84,-1,0))+1)","v":4},{"$f":"IF(AND($J84=$G$2,$N84<>\"\",$M84<>\"\"),CONCATENATE($M84,\"-\",$N84))","v":false},{"$f":"IF(X84<>FALSE,MATCH(X84,OFFSET(Banco,0,0,,1),0))","v":false},null,{"$f":"IF($J84=$G$2,ROUND(IF(ISNUMBER(S84),S84,IF(LEFT(S84,2)=\"DI\",HLOOKUP(S84,DADOS!$T$29:$X$30,2,FALSE),0)),4),\"\")","v":""}]
[{"$f":"CHOOSE(1+LOG(1+2*(J85=$C$2)+4*(J85=$D$2)+8*(J85=$E$2)+16*(J85=$F$2)+32*(J85=$G$2),2),0,1,2,3,4,\"S\")","v":"S"},{"$f":"IF(OR(A85=\"S\",A85=0),0,IF(ISERROR(I85),H85,SMALL(H85:I85,1)))","v":0},{"$f":"IF($A85=1,OFFSET(C85,-1,0)+1,OFFSET(C85,-1,0))","v":1},{"$f":"IF($A85=1,0,IF($A85=2,OFFSET(D85,-1,0)+1,OFFSET(D85,-1,0)))","v":3},{"$f":"IF(AND($A85<=2,$A85<>0),0,IF($A85=3,OFFSET(E85,-1,0)+1,OFFSET(E85,-1,0)))","v":0},{"$f":"IF(AND($A85<=3,$A85<>0),0,IF($A85=4,OFFSET(F85,-1,0)+1,OFFSET(F85,-1,0)))","v":0},{"$f":"IF(AND($A85<=4,$A85<>0),0,IF($A85=\"S\",OFFSET(G85,-1,0)+1,OFFSET(G85,-1,0)))","v":1},{"$f":"IF(OR($A85=\"S\",$A85=0),0,MATCH(0,OFFSET($B85,1,$A85,ROW($A$1504)-ROW($A85)),0))","v":0},{"$f":"IF(OR($A85=\"S\",$A85=0),0,MATCH(OFFSET($B85,0,$A85)+1,OFFSET($B85,1,$A85,ROW($A$1504)-ROW($A85)),0))","v":0},"Insumo",{"$f":"IF($A85=0,\"-\",CONCATENATE(C85&\".\",IF(AND($A$5>=2,$A85>=2),D85&\".\",\"\"),IF(AND($A$5>=3,$A85>=3),E85&\".\",\"\"),IF(AND($A$5>=4,$A85>=4),F85&\".\",\"\"),IF($A85=\"S\",G85&\".\",\"\")))","v":"1.3.1."},{"$f":"IF(NOT(ISERROR($Y85)),IF($Y85<>FALSE,INDEX(Banco,$Y85,4),\"\"),\"\")","v":"CRESS"},"Rec. Humanos","001",{"$f":"IF(NOT(ISERROR($Y85)),IF($Y85<>FALSE,INDEX(Banco,$Y85,5),\"\"),\"\")","v":"Responsável Técnica"},{"$f":"IF(NOT(ISERROR($Y85)),IF($Y85<>FALSE,INDEX(Banco,$Y85,6),\"\"),\"\")","v":"Horas"},6,{"$f":"IF(NOT(ISERROR($Y85)),IF($Y85<>FALSE,INDEX(Banco,$Y85,7),0),0)","v":150.28},"DI 1",{"$f":"IF($J85=$G$2,ROUND(ROUND($R85,2)*IF($R$9=\"Preço Unitário (R$)\",1,1+$AA85),2),0)","v":187.85},{"$f":"IF($A85=\"S\",VTOTAL1,IF($A85=0,0,ROUND(SomaAgrup,2)))","v":1127.0999999999999},null,{"$f":"IF(OR($A85=0,$A85=\"S\",$A85>CFF!$A$9),\"\",MAX(W$11:OFFSET(W85,-1,0))+1)","v":""},{"$f":"IF(AND($J85=$G$2,$N85<>\"\",$M85<>\"\"),CONCATENATE($M85,\"-\",$N85))","v":"Rec. Humanos-001"},{"$f":"IF(X85<>FALSE,MATCH(X85,OFFSET(Banco,0,0,,1),0))","v":3},null,{"$f":"IF($J85=$G$2,ROUND(IF(ISNUMBER(S85),S85,IF(LEFT(S85,2)=\"DI\",HLOOKUP(S85,DADOS!$T$29:$X$30,2,FALSE),0)),4),\"\")","v":0.25}]
["S",0,1,3,0,0,2,{"$f":"IF(OR($A86=\"S\",$A86=0),0,MATCH(0,OFFSET($B86,1,$A86,ROW($A$1504)-ROW($A86)),0))","v":0},{"$f":"IF(OR($A86=\"S\",$A86=0),0,MATCH(OFFSET($B86,0,$A86)+1,OFFSET($B86,1,$A86,ROW($A$1504)-ROW($A86)),0))","v":0},"Insumo","1.3.2.","CRESS","Rec. Humanos","002","Assistente Social","Horas",4,133.81,"DI 1",167.26,669.04,null,{"$f":"IF(OR($A86=0,$A86=\"S\",$A86>CFF!$A$9),\"\",MAX(W$11:OFFSET(W86,-1,0))+1)","v":""},"Rec. Humanos-002",4,null,{"$f":"IF($J86=$G$2,ROUND(IF(ISNUMBER(S86),S86,IF(LEFT(S86,2)=\"DI\",HLOOKUP(S86,DADOS!$T$29:$X$30,2,FALSE),0)),4),\"\")","v":0.25}]
["S",0,1,3,0,0,3,{"$f":"IF(OR($A87=\"S\",$A87=0),0,MATCH(0,OFFSET($B87,1,$A87,ROW($A$1504)-ROW($A87)),0))","v":0},{"$f":"IF(OR($A87=\"S\",$A87=0),0,MATCH(OFFSET($B87,0,$A87)+1,OFFSET($B87,1,$A87,ROW($A$1504)-ROW($A87)),0))","v":0},"Insumo","1.3.3.","Cotação","Rec. Humanos","003","Administrador (Técnico de Apoio) ","Horas",4,103.65,"DI 1",129.56,518.24,null,{"$f":"IF(OR($A87=0,$A87=\"S\",$A87>CFF!$A$9),\"\",MAX(W$11:OFFSET(W87,-1,0))+1)","v":""},"Rec. Humanos-003",5,null,{"$f":"IF($J87=$G$2,ROUND(IF(ISNUMBER(S87),S87,IF(LEFT(S87,2)=\"DI\",HLOOKUP(S87,DADOS!$T$29:$X$30,2,FALSE),0)),4),\"\")","v":0.25}]
["S",0,1,3,0,0,4,{"$f":"IF(OR($A88=\"S\",$A88=0),0,MATCH(0,OFFSET($B88,1,$A88,ROW($A$1504)-ROW($A88)),0))","v":0},{"$f":"IF(OR($A88=\"S\",$A88=0),0,MATCH(OFFSET($B88,0,$A88)+1,OFFSET($B88,1,$A88,ROW($A$1504)-ROW($A88)),0))","v":0},"Insumo","1.3.4.","SINE","Rec. Humanos","004","Estagiários","Horas",10,9.7899999999999991,"DI 1",12.24,122.4,null,{"$f":"IF(OR($A88=0,$A88=\"S\",$A88>CFF!$A$9),\"\",MAX(W$11:OFFSET(W88,-1,0))+1)","v":""},"Rec. Humanos-004",6,null,{"$f":"IF($J88=$G$2,ROUND(IF(ISNUMBER(S88),S88,IF(LEFT(S88,2)=\"DI\",HLOOKUP(S88,DADOS!$T$29:$X$30,2,FALSE),0)),4),\"\")","v":0.25}]
["S",0,1,3,0,0,5,{"$f":"IF(OR($A89=\"S\",$A89=0),0,MATCH(0,OFFSET($B89,1,$A89,ROW($A$1504)-ROW($A89)),0))","v":0},{"$f":"IF(OR($A89=\"S\",$A89=0),0,MATCH(OFFSET($B89,0,$A89)+1,OFFSET($B89,1,$A89,ROW($A$1504)-ROW($A89)),0))","v":0},"Insumo","1.3.5.","Cotação","Serv. Terc.","001","Fotocópias","Unidade",105,0.3,"DI 1",0.38,39.9,null,{"$f":"IF(OR($A89=0,$A89=\"S\",$A89>CFF!$A$9),\"\",MAX(W$11:OFFSET(W89,-1,0))+1)","v":""},"Serv. Terc.-001",81,null,{"$f":"IF($J89=$G$2,ROUND(IF(ISNUMBER(S89),S89,IF(LEFT(S89,2)=\"DI\",HLOOKUP(S89,DADOS!$T$29:$X$30,2,FALSE),0)),4),\"\")","v":0.25}]
["S",0,1,3,0,0,6,{"$f":"IF(OR($A90=\"S\",$A90=0),0,MATCH(0,OFFSET($B90,1,$A90,ROW($A$1504)-ROW($A90)),0))","v":0},{"$f":"IF(OR($A90=\"S\",$A90=0),0,MATCH(OFFSET($B90,0,$A90)+1,OFFSET($B90,1,$A90,ROW($A$1504)-ROW($A90)),0))","v":0},"Insumo","1.3.6.","Cotação","Serv. Terc.","002","Carro de som com gravação de vinheta","Horas",3,200,"DI 1",250,750,null,{"$f":"IF(OR($A90=0,$A90=\"S\",$A90>CFF!$A$9),\"\",MAX(W$11:OFFSET(W90,-1,0))+1)","v":""},"Serv. Terc.-002",82,null,{"$f":"IF($J90=$G$2,ROUND(IF(ISNUMBER(S90),S90,IF(LEFT(S90,2)=\"DI\",HLOOKUP(S90,DADOS!$T$29:$X$30,2,FALSE),0)),4),\"\")","v":0.25}]
[{"$f":"CHOOSE(1+LOG(1+2*(J91=$C$2)+4*(J91=$D$2)+8*(J91=$E$2)+16*(J91=$F$2)+32*(J91=$G$2),2),0,1,2,3,4,\"S\")","v":"S"},{"$f":"IF(OR(A91=\"S\",A91=0),0,IF(ISERROR(I91),H91,SMALL(H91:I91,1)))","v":0},{"$f":"IF($A91=1,OFFSET(C91,-1,0)+1,OFFSET(C91,-1,0))","v":1},{"$f":"IF($A91=1,0,IF($A91=2,OFFSET(D91,-1,0)+1,OFFSET(D91,-1,0)))","v":3},{"$f":"IF(AND($A91<=2,$A91<>0),0,IF($A91=3,OFFSET(E91,-1,0)+1,OFFSET(E91,-1,0)))","v":0},{"$f":"IF(AND($A91<=3,$A91<>0),0,IF($A91=4,OFFSET(F91,-1,0)+1,OFFSET(F91,-1,0)))","v":0},{"$f":"IF(AND($A91<=4,$A91<>0),0,IF($A91=\"S\",OFFSET(G91,-1,0)+1,OFFSET(G91,-1,0)))","v":7},{"$f":"IF(OR($A91=\"S\",$A91=0),0,MATCH(0,OFFSET($B91,1,$A91,ROW($A$1504)-ROW($A91)),0))","v":0},{"$f":"IF(OR($A91=\"S\",$A91=0),0,MATCH(OFFSET($B91,0,$A91)+1,OFFSET($B91,1,$A91,ROW($A$1504)-ROW($A91)),0))","v":0},"Insumo",{"$f":"IF($A91=0,\"-\",CONCATENATE(C91&\".\",IF(AND($A$5>=2,$A91>=2),D91&\".\",\"\"),IF(AND($A$5>=3,$A91>=3),E91&\".\",\"\"),IF(AND($A$5>=4,$A91>=4),F91&\".\",\"\"),IF($A91=\"S\",G91&\".\",\"\")))","v":"1.3.7."},{"$f":"IF(NOT(ISERROR($Y91)),IF($Y91<>FALSE,INDEX(Banco,$Y91,4),\"\"),\"\")","v":"Cotação"},"Serv. Terc.","017",{"$f":"IF(NOT(ISERROR($Y91)),IF($Y91<>FALSE,INDEX(Banco,$Y91,5),\"\"),\"\")","v":"Instrutor/Monitor (Educação Fisíca)"},{"$f":"IF(NOT(ISERROR($Y91)),IF($Y91<>FALSE,INDEX(Banco,$Y91,6),\"\"),\"\")","v":"Horas"},3,{"$f":"IF(NOT(ISERROR($Y91)),IF($Y91<>FALSE,INDEX(Banco,$Y91,7),0),0)","v":100},"DI 1",{"$f":"IF($J91=$G$2,ROUND(ROUND($R91,2)*IF($R$9=\"Preço Unitário (R$)\",1,1+$AA91),2),0)","v":125},{"$f":"IF($A91=\"S\",VTOTAL1,IF($A91=0,0,ROUND(SomaAgrup,2)))","v":375},null,{"$f":"IF(OR($A91=0,$A91=\"S\",$A91>CFF!$A$9),\"\",MAX(W$11:OFFSET(W91,-1,0))+1)","v":""},{"$f":"IF(AND($J91=$G$2,$N91<>\"\",$M91<>\"\"),CONCATENATE($M91,\"-\",$N91))","v":"Serv. Terc.-017"},{"$f":"IF(X91<>FALSE,MATCH(X91,OFFSET(Banco,0,0,,1),0))","v":97},null,{"$f":"IF($J91=$G$2,ROUND(IF(ISNUMBER(S91),S91,IF(LEFT(S91,2)=\"DI\",HLOOKUP(S91,DADOS!$T$29:$X$30,2,FALSE),0)),4),\"\")","v":0.25}]
[{"$f":"CHOOSE(1+LOG(1+2*(J92=$C$2)+4*(J92=$D$2)+8*(J92=$E$2)+16*(J92=$F$2)+32*(J92=$G$2),2),0,1,2,3,4,\"S\")","v":"S"},{"$f":"IF(OR(A92=\"S\",A92=0),0,IF(ISERROR(I92),H92,SMALL(H92:I92,1)))","v":0},1,3,0,0,8,{"$f":"IF(OR($A92=\"S\",$A92=0),0,MATCH(0,OFFSET($B92,1,$A92,ROW($A$1504)-ROW($A92)),0))","v":0},{"$f":"IF(OR($A92=\"S\",$A92=0),0,MATCH(OFFSET($B92,0,$A92)+1,OFFSET($B92,1,$A92,ROW($A$1504)-ROW($A92)),0))","v":0},"Insumo",{"$f":"IF($A92=0,\"-\",CONCATENATE(C92&\".\",IF(AND($A$5>=2,$A92>=2),D92&\".\",\"\"),IF(AND($A$5>=3,$A92>=3),E92&\".\",\"\"),IF(AND($A$5>=4,$A92>=4),F92&\".\",\"\"),IF($A92=\"S\",G92&\".\",\"\")))","v":"1.3.8."},"Cotação","Serv. Terc.","005","Locação de caixa térmica","Unidade",2,40,"DI 1",50,100,null,{"$f":"IF(OR($A92=0,$A92=\"S\",$A92>CFF!$A$9),\"\",MAX(W$11:OFFSET(W92,-1,0))+1)","v":""},"Serv. Terc.-005",{"$f":"IF(X92<>FALSE,MATCH(X92,OFFSET(Banco,0,0,,1),0))","v":85},null,{"$f":"IF($J92=$G$2,ROUND(IF(ISNUMBER(S92),S92,IF(LEFT(S92,2)=\"DI\",HLOOKUP(S92,DADOS!$T$29:$X$30,2,FALSE),0)),4),\"\")","v":0.25}]
["S",0,1,3,0,0,9,{"$f":"IF(OR($A93=\"S\",$A93=0),0,MATCH(0,OFFSET($B93,1,$A93,ROW($A$1504)-ROW($A93)),0))","v":0},{"$f":"IF(OR($A93=\"S\",$A93=0),0,MATCH(OFFSET($B93,0,$A93)+1,OFFSET($B93,1,$A93,ROW($A$1504)-ROW($A93)),0))","v":0},"Insumo","1.3.9.","Cotação","Serv. Terc.","008","Locação de pula-pula com monitor","Unidade",2,220,"DI 1",275,550,null,{"$f":"IF(OR($A93=0,$A93=\"S\",$A93>CFF!$A$9),\"\",MAX(W$11:OFFSET(W93,-1,0))+1)","v":""},"Serv. Terc.-008",88,null,{"$f":"IF($J93=$G$2,ROUND(IF(ISNUMBER(S93),S93,IF(LEFT(S93,2)=\"DI\",HLOOKUP(S93,DADOS!$T$29:$X$30,2,FALSE),0)),4),\"\")","v":0.25}]
["S",0,1,3,0,0,10,{"$f":"IF(OR($A94=\"S\",$A94=0),0,MATCH(0,OFFSET($B94,1,$A94,ROW($A$1504)-ROW($A94)),0))","v":0},{"$f":"IF(OR($A94=\"S\",$A94=0),0,MATCH(OFFSET($B94,0,$A94)+1,OFFSET($B94,1,$A94,ROW($A$1504)-ROW($A94)),0))","v":0},"Insumo","1.3.10.","Cotação ","Serv. Terc.","010","Brindes ( descrição nos orçamentos e PTS)","Unidade",4,120,"DI 1",150,600,null,{"$f":"IF(OR($A94=0,$A94=\"S\",$A94>CFF!$A$9),\"\",MAX(W$11:OFFSET(W94,-1,0))+1)","v":""},"Serv. Terc.-010",90,null,{"$f":"IF($J94=$G$2,ROUND(IF(ISNUMBER(S94),S94,IF(LEFT(S94,2)=\"DI\",HLOOKUP(S94,DADOS!$T$29:$X$30,2,FALSE),0)),4),\"\")","v":0.25}]
["S",0,1,3,0,0,11,{"$f":"IF(OR($A95=\"S\",$A95=0),0,MATCH(0,OFFSET($B95,1,$A95,ROW($A$1504)-ROW($A95)),0))","v":0},{"$f":"IF(OR($A95=\"S\",$A95=0),0,MATCH(OFFSET($B95,0,$A95)+1,OFFSET($B95,1,$A95,ROW($A$1504)-ROW($A95)),0))","v":0},"Insumo","1.3.11.","Cotação ","Serv. Terc.","011","Barra de gelo","Unidade",4,12,"DI 1",15,60,null,{"$f":"IF(OR($A95=0,$A95=\"S\",$A95>CFF!$A$9),\"\",MAX(W$11:OFFSET(W95,-1,0))+1)","v":""},"Serv. Terc.-011",91,null,{"$f":"IF($J95=$G$2,ROUND(IF(ISNUMBER(S95),S95,IF(LEFT(S95,2)=\"DI\",HLOOKUP(S95,DADOS!$T$29:$X$30,2,FALSE),0)),4),\"\")","v":0.25}]
["S",0,1,3,0,0,12,{"$f":"IF(OR($A96=\"S\",$A96=0),0,MATCH(0,OFFSET($B96,1,$A96,ROW($A$1504)-ROW($A96)),0))","v":0},{"$f":"IF(OR($A96=\"S\",$A96=0),0,MATCH(OFFSET($B96,0,$A96)+1,OFFSET($B96,1,$A96,ROW($A$1504)-ROW($A96)),0))","v":0},"Insumo","1.3.12.","Cotação","Serv. Terc.","013","Sucos","Unidade",12,6.4,"DI 1",8,96,null,{"$f":"IF(OR($A96=0,$A96=\"S\",$A96>CFF!$A$9),\"\",MAX(W$11:OFFSET(W96,-1,0))+1)","v":""},"Serv. Terc.-013",93,null,{"$f":"IF($J96=$G$2,ROUND(IF(ISNUMBER(S96),S96,IF(LEFT(S96,2)=\"DI\",HLOOKUP(S96,DADOS!$T$29:$X$30,2,FALSE),0)),4),\"\")","v":0.25}]
[{"$f":"CHOOSE(1+LOG(1+2*(J97=$C$2)+4*(J97=$D$2)+8*(J97=$E$2)+16*(J97=$F$2)+32*(J97=$G$2),2),0,1,2,3,4,\"S\")","v":"S"},{"$f":"IF(OR(A97=\"S\",A97=0),0,IF(ISERROR(I97),H97,SMALL(H97:I97,1)))","v":0},{"$f":"IF($A97=1,OFFSET(C97,-1,0)+1,OFFSET(C97,-1,0))","v":1},{"$f":"IF($A97=1,0,IF($A97=2,OFFSET(D97,-1,0)+1,OFFSET(D97,-1,0)))","v":3},{"$f":"IF(AND($A97<=2,$A97<>0),0,IF($A97=3,OFFSET(E97,-1,0)+1,OFFSET(E97,-1,0)))","v":0},{"$f":"IF(AND($A97<=3,$A97<>0),0,IF($A97=4,OFFSET(F97,-1,0)+1,OFFSET(F97,-1,0)))","v":0},{"$f":"IF(AND($A97<=4,$A97<>0),0,IF($A97=\"S\",OFFSET(G97,-1,0)+1,OFFSET(G97,-1,0)))","v":13},{"$f":"IF(OR($A97=\"S\",$A97=0),0,MATCH(0,OFFSET($B97,1,$A97,ROW($A$1504)-ROW($A97)),0))","v":0},{"$f":"IF(OR($A97=\"S\",$A97=0),0,MATCH(OFFSET($B97,0,$A97)+1,OFFSET($B97,1,$A97,ROW($A$1504)-ROW($A97)),0))","v":0},"Insumo",{"$f":"IF($A97=0,\"-\",CONCATENATE(C97&\".\",IF(AND($A$5>=2,$A97>=2),D97&\".\",\"\"),IF(AND($A$5>=3,$A97>=3),E97&\".\",\"\"),IF(AND($A$5>=4,$A97>=4),F97&\".\",\"\"),IF($A97=\"S\",G97&\".\",\"\")))","v":"1.3.13."},{"$f":"IF(NOT(ISERROR($Y97)),IF($Y97<>FALSE,INDEX(Banco,$Y97,4),\"\"),\"\")","v":"Cotação"},"Serv. Terc.","027",{"$f":"IF(NOT(ISERROR($Y97)),IF($Y97<>FALSE,INDEX(Banco,$Y97,5),\"\"),\"\")","v":"Refrigerantes (02 litros) "},{"$f":"IF(NOT(ISERROR($Y97)),IF($Y97<>FALSE,INDEX(Banco,$Y97,6),\"\"),\"\")","v":"Unidade"},20,{"$f":"IF(NOT(ISERROR($Y97)),IF($Y97<>FALSE,INDEX(Banco,$Y97,7),0),0)","v":6},"DI 1",{"$f":"IF($J97=$G$2,ROUND(ROUND($R97,2)*IF($R$9=\"Preço Unitário (R$)\",1,1+$AA97),2),0)","v":7.5},{"$f":"IF($A97=\"S\",VTOTAL1,IF($A97=0,0,ROUND(SomaAgrup,2)))","v":150},null,{"$f":"IF(OR($A97=0,$A97=\"S\",$A97>CFF!$A$9),\"\",MAX(W$11:OFFSET(W97,-1,0))+1)","v":""},{"$f":"IF(AND($J97=$G$2,$N97<>\"\",$M97<>\"\"),CONCATENATE($M97,\"-\",$N97))","v":"Serv. Terc.-027"},{"$f":"IF(X97<>FALSE,MATCH(X97,OFFSET(Banco,0,0,,1),0))","v":107},null,{"$f":"IF($J97=$G$2,ROUND(IF(ISNUMBER(S97),S97,IF(LEFT(S97,2)=\"DI\",HLOOKUP(S97,DADOS!$T$29:$X$30,2,FALSE),0)),4),\"\")","v":0.25}]
["S",0,1,3,0,0,14,{"$f":"IF(OR($A98=\"S\",$A98=0),0,MATCH(0,OFFSET($B98,1,$A98,ROW($A$1504)-ROW($A98)),0))","v":0},{"$f":"IF(OR($A98=\"S\",$A98=0),0,MATCH(OFFSET($B98,0,$A98)+1,OFFSET($B98,1,$A98,ROW($A$1504)-ROW($A98)),0))","v":0},"Insumo","1.3.14.","Cotação","Serv. Terc.","015","Coffee break (salgados)","Centro",15,65,"DI 1",81.25,1218.75,null,{"$f":"IF(OR($A98=0,$A98=\"S\",$A98>CFF!$A$9),\"\",MAX(W$11:OFFSET(W98,-1,0))+1)","v":""},"Serv. Terc.-015",95,null,{"$f":"IF($J98=$G$2,ROUND(IF(ISNUMBER(S98),S98,IF(LEFT(S98,2)=\"DI\",HLOOKUP(S98,DADOS!$T$29:$X$30,2,FALSE),0)),4),\"\")","v":0.25}]
["S",0,1,3,0,0,15,{"$f":"IF(OR($A99=\"S\",$A99=0),0,MATCH(0,OFFSET($B99,1,$A99,ROW($A$1504)-ROW($A99)),0))","v":0},{"$f":"IF(OR($A99=\"S\",$A99=0),0,MATCH(OFFSET($B99,0,$A99)+1,OFFSET($B99,1,$A99,ROW($A$1504)-ROW($A99)),0))","v":0},"Insumo","1.3.15.","Cotação","Rec. Materiais","004","Lápis de cor","Caixa",10,13.45,"DI 1",16.809999999999999,168.1,null,{"$f":"IF(OR($A99=0,$A99=\"S\",$A99>CFF!$A$9),\"\",MAX(W$11:OFFSET(W99,-1,0))+1)","v":""},"Rec. Materiais-004",13,null,{"$f":"IF($J99=$G$2,ROUND(IF(ISNUMBER(S99),S99,IF(LEFT(S99,2)=\"DI\",HLOOKUP(S99,DADOS!$T$29:$X$30,2,FALSE),0)),4),\"\")","v":0.25}]
[{"$f":"CHOOSE(1+LOG(1+2*(J100=$C$2)+4*(J100=$D$2)+8*(J100=$E$2)+16*(J100=$F$2)+32*(J100=$G$2),2),0,1,2,3,4,\"S\")","v":"S"},{"$f":"IF(OR(A100=\"S\",A100=0),0,IF(ISERROR(I100),H100,SMALL(H100:I100,1)))","v":0},{"$f":"IF($A100=1,OFFSET(C100,-1,0)+1,OFFSET(C100,-1,0))","v":1},{"$f":"IF($A100=1,0,IF($A100=2,OFFSET(D100,-1,0)+1,OFFSET(D100,-1,0)))","v":3},{"$f":"IF(AND($A100<=2,$A100<>0),0,IF($A100=3,OFFSET(E100,-1,0)+1,OFFSET(E100,-1,0)))","v":0},{"$f":"IF(AND($A100<=3,$A100<>0),0,IF($A100=4,OFFSET(F100,-1,0)+1,OFFSET(F100,-1,0)))","v":0},{"$f":"IF(AND($A100<=4,$A100<>0),0,IF($A100=\"S\",OFFSET(G100,-1,0)+1,OFFSET(G100,-1,0)))","v":16},{"$f":"IF(OR($A100=\"S\",$A100=0),0,MATCH(0,OFFSET($B100,1,$A100,ROW($A$1504)-ROW($A100)),0))","v":0},{"$f":"IF(OR($A100=\"S\",$A100=0),0,MATCH(OFFSET($B100,0,$A100)+1,OFFSET($B100,1,$A100,ROW($A$1504)-ROW($A100)),0))","v":0},"Insumo",{"$f":"IF($A100=0,\"-\",CONCATENATE(C100&\".\",IF(AND($A$5>=2,$A100>=2),D100&\".\",\"\"),IF(AND($A$5>=3,$A100>=3),E100&\".\",\"\"),IF(AND($A$5>=4,$A100>=4),F100&\".\",\"\"),IF($A100=\"S\",G100&\".\",\"\")))","v":"1.3.16."},{"$f":"IF(NOT(ISERROR($Y100)),IF($Y100<>FALSE,INDEX(Banco,$Y100,4),\"\"),\"\")","v":"Cotação"},"Rec. Materiais","008",{"$f":"IF(NOT(ISERROR($Y100)),IF($Y100<>FALSE,INDEX(Banco,$Y100,5),\"\"),\"\")","v":"Massa de modelar"},{"$f":"IF(NOT(ISERROR($Y100)),IF($Y100<>FALSE,INDEX(Banco,$Y100,6),\"\"),\"\")","v":"Unidade"},20,{"$f":"IF(NOT(ISERROR($Y100)),IF($Y100<>FALSE,INDEX(Banco,$Y100,7),0),0)","v":5.2},"DI 1",{"$f":"IF($J100=$G$2,ROUND(ROUND($R100,2)*IF($R$9=\"Preço Unitário (R$)\",1,1+$AA100),2),0)","v":6.5},{"$f":"IF($A100=\"S\",VTOTAL1,IF($A100=0,0,ROUND(SomaAgrup,2)))","v":130},null,{"$f":"IF(OR($A100=0,$A100=\"S\",$A100>CFF!$A$9),\"\",MAX(W$11:OFFSET(W100,-1,0))+1)","v":""},{"$f":"IF(AND($J100=$G$2,$N100<>\"\",$M100<>\"\"),CONCATENATE($M100,\"-\",$N100))","v":"Rec. Materiais-008"},{"$f":"IF(X100<>FALSE,MATCH(X100,OFFSET(Banco,0,0,,1),0))","v":17},null,{"$f":"IF($J100=$G$2,ROUND(IF(ISNUMBER(S100),S100,IF(LEFT(S100,2)=\"DI\",HLOOKUP(S100,DADOS!$T$29:$X$30,2,FALSE),0)),4),\"\")","v":0.25}]
["S",0,1,3,0,0,17,{"$f":"IF(OR($A101=\"S\",$A101=0),0,MATCH(0,OFFSET($B101,1,$A101,ROW($A$1504)-ROW($A101)),0))","v":0},{"$f":"IF(OR($A101=\"S\",$A101=0),0,MATCH(OFFSET($B101,0,$A101)+1,OFFSET($B101,1,$A101,ROW($A$1504)-ROW($A101)),0))","v":0},"Insumo","1.3.17.","Cotação","Rec. Materiais","029","Crachá","Unidade",5,3,"DI 1",3.75,18.75,null,{"$f":"IF(OR($A101=0,$A101=\"S\",$A101>CFF!$A$9),\"\",MAX(W$11:OFFSET(W101,-1,0))+1)","v":""},"Rec. Materiais-029",38,null,{"$f":"IF($J101=$G$2,ROUND(IF(ISNUMBER(S101),S101,IF(LEFT(S101,2)=\"DI\",HLOOKUP(S101,DADOS!$T$29:$X$30,2,FALSE),0)),4),\"\")","v":0.25}]
["S",0,1,3,0,0,18,{"$f":"IF(OR($A102=\"S\",$A102=0),0,MATCH(0,OFFSET($B102,1,$A102,ROW($A$1504)-ROW($A102)),0))","v":0},{"$f":"IF(OR($A102=\"S\",$A102=0),0,MATCH(OFFSET($B102,0,$A102)+1,OFFSET($B102,1,$A102,ROW($A$1504)-ROW($A102)),0))","v":0},"Insumo","1.3.18.","Cotação","Rec. Materiais","005","Giz de cerra","Caixa",15,7.1,"DI 1",8.8800000000000008,133.19999999999999,null,{"$f":"IF(OR($A102=0,$A102=\"S\",$A102>CFF!$A$9),\"\",MAX(W$11:OFFSET(W102,-1,0))+1)","v":""},"Rec. Materiais-005",14,null,{"$f":"IF($J102=$G$2,ROUND(IF(ISNUMBER(S102),S102,IF(LEFT(S102,2)=\"DI\",HLOOKUP(S102,DADOS!$T$29:$X$30,2,FALSE),0)),4),\"\")","v":0.25}]
["S",0,1,3,0,0,19,{"$f":"IF(OR($A103=\"S\",$A103=0),0,MATCH(0,OFFSET($B103,1,$A103,ROW($A$1504)-ROW($A103)),0))","v":0},{"$f":"IF(OR($A103=\"S\",$A103=0),0,MATCH(OFFSET($B103,0,$A103)+1,OFFSET($B103,1,$A103,ROW($A$1504)-ROW($A103)),0))","v":0},"Insumo","1.3.19.","Cotação","Rec. Materiais","007","Pintura facial","Unidade",5,60,"DI 1",75,375,null,{"$f":"IF(OR($A103=0,$A103=\"S\",$A103>CFF!$A$9),\"\",MAX(W$11:OFFSET(W103,-1,0))+1)","v":""},"Rec. Materiais-007",16,null,{"$f":"IF($J103=$G$2,ROUND(IF(ISNUMBER(S103),S103,IF(LEFT(S103,2)=\"DI\",HLOOKUP(S103,DADOS!$T$29:$X$30,2,FALSE),0)),4),\"\")","v":0.25}]
["S",0,1,3,0,0,20,{"$f":"IF(OR($A104=\"S\",$A104=0),0,MATCH(0,OFFSET($B104,1,$A104,ROW($A$1504)-ROW($A104)),0))","v":0},{"$f":"IF(OR($A104=\"S\",$A104=0),0,MATCH(OFFSET($B104,0,$A104)+1,OFFSET($B104,1,$A104,ROW($A$1504)-ROW($A104)),0))","v":0},"Insumo","1.3.20.","Cotação","Rec. Materiais","009","Pasta AZ","Unidade",2,12,"DI 1",15,30,null,{"$f":"IF(OR($A104=0,$A104=\"S\",$A104>CFF!$A$9),\"\",MAX(W$11:OFFSET(W104,-1,0))+1)","v":""},"Rec. Materiais-009",18,null,{"$f":"IF($J104=$G$2,ROUND(IF(ISNUMBER(S104),S104,IF(LEFT(S104,2)=\"DI\",HLOOKUP(S104,DADOS!$T$29:$X$30,2,FALSE),0)),4),\"\")","v":0.25}]
["S",0,{"$f":"IF($A105=1,OFFSET(C105,-1,0)+1,OFFSET(C105,-1,0))","v":1},{"$f":"IF($A105=1,0,IF($A105=2,OFFSET(D105,-1,0)+1,OFFSET(D105,-1,0)))","v":3},{"$f":"IF(AND($A105<=2,$A105<>0),0,IF($A105=3,OFFSET(E105,-1,0)+1,OFFSET(E105,-1,0)))","v":0},{"$f":"IF(AND($A105<=3,$A105<>0),0,IF($A105=4,OFFSET(F105,-1,0)+1,OFFSET(F105,-1,0)))","v":0},{"$f":"IF(AND($A105<=4,$A105<>0),0,IF($A105=\"S\",OFFSET(G105,-1,0)+1,OFFSET(G105,-1,0)))","v":21},{"$f":"IF(OR($A105=\"S\",$A105=0),0,MATCH(0,OFFSET($B105,1,$A105,ROW($A$1504)-ROW($A105)),0))","v":0},{"$f":"IF(OR($A105=\"S\",$A105=0),0,MATCH(OFFSET($B105,0,$A105)+1,OFFSET($B105,1,$A105,ROW($A$1504)-ROW($A105)),0))","v":0},"Insumo","1.3.21.",{"$f":"IF(NOT(ISERROR($Y105)),IF($Y105<>FALSE,INDEX(Banco,$Y105,4),\"\"),\"\")","v":"Cotação"},"Rec. Materiais","022",{"$f":"IF(NOT(ISERROR($Y105)),IF($Y105<>FALSE,INDEX(Banco,$Y105,5),\"\"),\"\")","v":"Balão redondo"},{"$f":"IF(NOT(ISERROR($Y105)),IF($Y105<>FALSE,INDEX(Banco,$Y105,6),\"\"),\"\")","v":"Unidade"},30,{"$f":"IF(NOT(ISERROR($Y105)),IF($Y105<>FALSE,INDEX(Banco,$Y105,7),0),0)","v":9},"DI 1",{"$f":"IF($J105=$G$2,ROUND(ROUND($R105,2)*IF($R$9=\"Preço Unitário (R$)\",1,1+$AA105),2),0)","v":11.25},{"$f":"IF($A105=\"S\",VTOTAL1,IF($A105=0,0,ROUND(SomaAgrup,2)))","v":337.5},null,{"$f":"IF(OR($A105=0,$A105=\"S\",$A105>CFF!$A$9),\"\",MAX(W$11:OFFSET(W105,-1,0))+1)","v":""},{"$f":"IF(AND($J105=$G$2,$N105<>\"\",$M105<>\"\"),CONCATENATE($M105,\"-\",$N105))","v":"Rec. Materiais-022"},31,null,{"$f":"IF($J105=$G$2,ROUND(IF(ISNUMBER(S105),S105,IF(LEFT(S105,2)=\"DI\",HLOOKUP(S105,DADOS!$T$29:$X$30,2,FALSE),0)),4),\"\")","v":0.25}]
[{"$f":"CHOOSE(1+LOG(1+2*(J106=$C$2)+4*(J106=$D$2)+8*(J106=$E$2)+16*(J106=$F$2)+32*(J106=$G$2),2),0,1,2,3,4,\"S\")","v":"S"},{"$f":"IF(OR(A106=\"S\",A106=0),0,IF(ISERROR(I106),H106,SMALL(H106:I106,1)))","v":0},1,3,0,0,22,{"$f":"IF(OR($A106=\"S\",$A106=0),0,MATCH(0,OFFSET($B106,1,$A106,ROW($A$1504)-ROW($A106)),0))","v":0},{"$f":"IF(OR($A106=\"S\",$A106=0),0,MATCH(OFFSET($B106,0,$A106)+1,OFFSET($B106,1,$A106,ROW($A$1504)-ROW($A106)),0))","v":0},"Insumo",{"$f":"IF($A106=0,\"-\",CONCATENATE(C106&\".\",IF(AND($A$5>=2,$A106>=2),D106&\".\",\"\"),IF(AND($A$5>=3,$A106>=3),E106&\".\",\"\"),IF(AND($A$5>=4,$A106>=4),F106&\".\",\"\"),IF($A106=\"S\",G106&\".\",\"\")))","v":"1.3.22."},"Cotação","Rec. Materiais","024","Brinquedos pedagogicos (jogos de damas, bozó, dominó de percepção e de associação de idéias, quebra-cabeça progressivo, mapa do mundo, bola, bambolé","Unidade",1,600,"DI 1",750,750,null,{"$f":"IF(OR($A106=0,$A106=\"S\",$A106>CFF!$A$9),\"\",MAX(W$11:OFFSET(W106,-1,0))+1)","v":""},"Rec. Materiais-024",{"$f":"IF(X106<>FALSE,MATCH(X106,OFFSET(Banco,0,0,,1),0))","v":33},null,{"$f":"IF($J106=$G$2,ROUND(IF(ISNUMBER(S106),S106,IF(LEFT(S106,2)=\"DI\",HLOOKUP(S106,DADOS!$T$29:$X$30,2,FALSE),0)),4),\"\")","v":0.25}]
["S",0,1,3,0,0,23,{"$f":"IF(OR($A107=\"S\",$A107=0),0,MATCH(0,OFFSET($B107,1,$A107,ROW($A$1504)-ROW($A107)),0))","v":0},{"$f":"IF(OR($A107=\"S\",$A107=0),0,MATCH(OFFSET($B107,0,$A107)+1,OFFSET($B107,1,$A107,ROW($A$1504)-ROW($A107)),0))","v":0},"Insumo","1.3.23.","Cotação","Rec. Materiais","018","Fita adesiva","Unidade",1,6.18,"DI 1",7.73,7.73,null,{"$f":"IF(OR($A107=0,$A107=\"S\",$A107>CFF!$A$9),\"\",MAX(W$11:OFFSET(W107,-1,0))+1)","v":""},"Rec. Materiais-018",27,null,{"$f":"IF($J107=$G$2,ROUND(IF(ISNUMBER(S107),S107,IF(LEFT(S107,2)=\"DI\",HLOOKUP(S107,DADOS!$T$29:$X$30,2,FALSE),0)),4),\"\")","v":0.25}]
["S",0,1,3,0,0,24,{"$f":"IF(OR($A108=\"S\",$A108=0),0,MATCH(0,OFFSET($B108,1,$A108,ROW($A$1504)-ROW($A108)),0))","v":0},{"$f":"IF(OR($A108=\"S\",$A108=0),0,MATCH(OFFSET($B108,0,$A108)+1,OFFSET($B108,1,$A108,ROW($A$1504)-ROW($A108)),0))","v":0},"Insumo","1.3.24.","Cotação","Rec. Materiais","030","Fita zebrada para isolar área","Unidade",1,19.39,"DI 1",24.24,24.24,null,{"$f":"IF(OR($A108=0,$A108=\"S\",$A108>CFF!$A$9),\"\",MAX(W$11:OFFSET(W108,-1,0))+1)","v":""},"Rec. Materiais-030",39,null,{"$f":"IF($J108=$G$2,ROUND(IF(ISNUMBER(S108),S108,IF(LEFT(S108,2)=\"DI\",HLOOKUP(S108,DADOS!$T$29:$X$30,2,FALSE),0)),4),\"\")","v":0.25}]
["S",0,1,3,0,0,25,{"$f":"IF(OR($A109=\"S\",$A109=0),0,MATCH(0,OFFSET($B109,1,$A109,ROW($A$1504)-ROW($A109)),0))","v":0},{"$f":"IF(OR($A109=\"S\",$A109=0),0,MATCH(OFFSET($B109,0,$A109)+1,OFFSET($B109,1,$A109,ROW($A$1504)-ROW($A109)),0))","v":0},"Insumo","1.3.25.","Cotação","Rec. Materiais","021","Papel de presente","Folhas",8,1.5,"DI 1",1.88,15.04,null,{"$f":"IF(OR($A109=0,$A109=\"S\",$A109>CFF!$A$9),\"\",MAX(W$11:OFFSET(W109,-1,0))+1)","v":""},"Rec. Materiais-021",30,null,{"$f":"IF($J109=$G$2,ROUND(IF(ISNUMBER(S109),S109,IF(LEFT(S109,2)=\"DI\",HLOOKUP(S109,DADOS!$T$29:$X$30,2,FALSE),0)),4),\"\")","v":0.25}]
["S",0,1,3,0,0,26,{"$f":"IF(OR($A110=\"S\",$A110=0),0,MATCH(0,OFFSET($B110,1,$A110,ROW($A$1504)-ROW($A110)),0))","v":0},{"$f":"IF(OR($A110=\"S\",$A110=0),0,MATCH(OFFSET($B110,0,$A110)+1,OFFSET($B110,1,$A110,ROW($A$1504)-ROW($A110)),0))","v":0},"Insumo","1.3.26.","Cotação","Rec. Materiais","020","Guloseimas (balas e pirulito)","Pacote",4,12,"DI 1",15,60,null,{"$f":"IF(OR($A110=0,$A110=\"S\",$A110>CFF!$A$9),\"\",MAX(W$11:OFFSET(W110,-1,0))+1)","v":""},"Rec. Materiais-020",29,null,{"$f":"IF($J110=$G$2,ROUND(IF(ISNUMBER(S110),S110,IF(LEFT(S110,2)=\"DI\",HLOOKUP(S110,DADOS!$T$29:$X$30,2,FALSE),0)),4),\"\")","v":0.25}]
["S",0,1,3,0,0,27,{"$f":"IF(OR($A111=\"S\",$A111=0),0,MATCH(0,OFFSET($B111,1,$A111,ROW($A$1504)-ROW($A111)),0))","v":0},{"$f":"IF(OR($A111=\"S\",$A111=0),0,MATCH(OFFSET($B111,0,$A111)+1,OFFSET($B111,1,$A111,ROW($A$1504)-ROW($A111)),0))","v":0},"Insumo","1.3.27.","Cotação","Rec. Materiais","025","Apontador","Unidade",5,5.2,"DI 1",6.5,32.5,null,{"$f":"IF(OR($A111=0,$A111=\"S\",$A111>CFF!$A$9),\"\",MAX(W$11:OFFSET(W111,-1,0))+1)","v":""},"Rec. Materiais-025",34,null,{"$f":"IF($J111=$G$2,ROUND(IF(ISNUMBER(S111),S111,IF(LEFT(S111,2)=\"DI\",HLOOKUP(S111,DADOS!$T$29:$X$30,2,FALSE),0)),4),\"\")","v":0.25}]
["S",0,{"$f":"IF($A112=1,OFFSET(C112,-1,0)+1,OFFSET(C112,-1,0))","v":1},{"$f":"IF($A112=1,0,IF($A112=2,OFFSET(D112,-1,0)+1,OFFSET(D112,-1,0)))","v":3},{"$f":"IF(AND($A112<=2,$A112<>0),0,IF($A112=3,OFFSET(E112,-1,0)+1,OFFSET(E112,-1,0)))","v":0},{"$f":"IF(AND($A112<=3,$A112<>0),0,IF($A112=4,OFFSET(F112,-1,0)+1,OFFSET(F112,-1,0)))","v":0},{"$f":"IF(AND($A112<=4,$A112<>0),0,IF($A112=\"S\",OFFSET(G112,-1,0)+1,OFFSET(G112,-1,0)))","v":28},{"$f":"IF(OR($A112=\"S\",$A112=0),0,MATCH(0,OFFSET($B112,1,$A112,ROW($A$1504)-ROW($A112)),0))","v":0},{"$f":"IF(OR($A112=\"S\",$A112=0),0,MATCH(OFFSET($B112,0,$A112)+1,OFFSET($B112,1,$A112,ROW($A$1504)-ROW($A112)),0))","v":0},"Insumo","1.3.28.",{"$f":"IF(NOT(ISERROR($Y112)),IF($Y112<>FALSE,INDEX(Banco,$Y112,4),\"\"),\"\")","v":"Cotação"},"Rec. Materiais","026","Saco de lixo (100 litros)",{"$f":"IF(NOT(ISERROR($Y112)),IF($Y112<>FALSE,INDEX(Banco,$Y112,6),\"\"),\"\")","v":"Pacote"},2,{"$f":"IF(NOT(ISERROR($Y112)),IF($Y112<>FALSE,INDEX(Banco,$Y112,7),0),0)","v":15},"DI 1",{"$f":"IF($J112=$G$2,ROUND(ROUND($R112,2)*IF($R$9=\"Preço Unitário (R$)\",1,1+$AA112),2),0)","v":18.75},{"$f":"IF($A112=\"S\",VTOTAL1,IF($A112=0,0,ROUND(SomaAgrup,2)))","v":37.5},null,{"$f":"IF(OR($A112=0,$A112=\"S\",$A112>CFF!$A$9),\"\",MAX(W$11:OFFSET(W112,-1,0))+1)","v":""},{"$f":"IF(AND($J112=$G$2,$N112<>\"\",$M112<>\"\"),CONCATENATE($M112,\"-\",$N112))","v":"Rec. Materiais-026"},35,null,{"$f":"IF($J112=$G$2,ROUND(IF(ISNUMBER(S112),S112,IF(LEFT(S112,2)=\"DI\",HLOOKUP(S112,DADOS!$T$29:$X$30,2,FALSE),0)),4),\"\")","v":0.25}]
[{"$f":"CHOOSE(1+LOG(1+2*(J113=$C$2)+4*(J113=$D$2)+8*(J113=$E$2)+16*(J113=$F$2)+32*(J113=$G$2),2),0,1,2,3,4,\"S\")","v":1},{"$f":"IF(OR(A113=\"S\",A113=0),0,IF(ISERROR(I113),H113,SMALL(H113:I113,1)))","v":89},2,0,0,0,0,{"$f":"IF(OR($A113=\"S\",$A113=0),0,MATCH(0,OFFSET($B113,1,$A113,ROW($A$1504)-ROW($A113)),0))","v":1391},{"$f":"IF(OR($A113=\"S\",$A113=0),0,MATCH(OFFSET($B113,0,$A113)+1,OFFSET($B113,1,$A113,ROW($A$1504)-ROW($A113)),0))","v":89},"Ação",{"$f":"IF($A113=0,\"-\",CONCATENATE(C113&\".\",IF(AND($A$5>=2,$A113>=2),D113&\".\",\"\"),IF(AND($A$5>=3,$A113>=3),E113&\".\",\"\"),IF(AND($A$5>=4,$A113>=4),F113&\".\",\"\"),IF($A113=\"S\",G113&\".\",\"\")))","v":"2."},"",null,null,"MÊS 02 - INFORMAÇÕES/PALESTRAS","",null,0,"DI 1",0,39171.64,null,{"$f":"IF(OR($A113=0,$A113=\"S\",$A113>CFF!$A$9),\"\",MAX(W$11:OFFSET(W113,-1,0))+1)","v":5},false,{"$f":"IF(X113<>FALSE,MATCH(X113,OFFSET(Banco,0,0,,1),0))","v":false},null,{"$f":"IF($J113=$G$2,ROUND(IF(ISNUMBER(S113),S113,IF(LEFT(S113,2)=\"DI\",HLOOKUP(S113,DADOS!$T$29:$X$30,2,FALSE),0)),4),\"\")","v":""}]
[2,24,2,1,0,0,0,{"$f":"IF(OR($A114=\"S\",$A114=0),0,MATCH(0,OFFSET($B114,1,$A114,ROW($A$1504)-ROW($A114)),0))","v":88},{"$f":"IF(OR($A114=\"S\",$A114=0),0,MATCH(OFFSET($B114,0,$A114)+1,OFFSET($B114,1,$A114,ROW($A$1504)-ROW($A114)),0))","v":24},"AtivNível 1","2.1.","",null,null,"Atividade 04 - Palestra: Mobilidade Urbana da área de intervenção do Parque São João","",null,0,"DI 1",0,11360.31,null,{"$f":"IF(OR($A114=0,$A114=\"S\",$A114>CFF!$A$9),\"\",MAX(W$11:OFFSET(W114,-1,0))+1)","v":6},false,false,null,{"$f":"IF($J114=$G$2,ROUND(IF(ISNUMBER(S114),S114,IF(LEFT(S114,2)=\"DI\",HLOOKUP(S114,DADOS!$T$29:$X$30,2,FALSE),0)),4),\"\")","v":""}]
["S",0,2,1,0,0,1,{"$f":"IF(OR($A115=\"S\",$A115=0),0,MATCH(0,OFFSET($B115,1,$A115,ROW($A$1504)-ROW($A115)),0))","v":0},{"$f":"IF(OR($A115=\"S\",$A115=0),0,MATCH(OFFSET($B115,0,$A115)+1,OFFSET($B115,1,$A115,ROW($A$1504)-ROW($A115)),0))","v":0},"Insumo","2.1.1.","CRESS","Rec. Humanos","001",{"$f":"IF(NOT(ISERROR($Y115)),IF($Y115<>FALSE,INDEX(Banco,$Y115,5),\"\"),\"\")","v":"Responsável Técnica"},"Horas",11,150.28,"DI 1",187.85,2066.35,null,{"$f":"IF(OR($A115=0,$A115=\"S\",$A115>CFF!$A$9),\"\",MAX(W$11:OFFSET(W115,-1,0))+1)","v":""},"Rec. Humanos-001",3,null,{"$f":"IF($J115=$G$2,ROUND(IF(ISNUMBER(S115),S115,IF(LEFT(S115,2)=\"DI\",HLOOKUP(S115,DADOS!$T$29:$X$30,2,FALSE),0)),4),\"\")","v":0.25}]
["S",0,2,1,0,0,2,{"$f":"IF(OR($A116=\"S\",$A116=0),0,MATCH(0,OFFSET($B116,1,$A116,ROW($A$1504)-ROW($A116)),0))","v":0},{"$f":"IF(OR($A116=\"S\",$A116=0),0,MATCH(OFFSET($B116,0,$A116)+1,OFFSET($B116,1,$A116,ROW($A$1504)-ROW($A116)),0))","v":0},"Insumo","2.1.2.","CRESS","Rec. Humanos","002","Assistente Social","Horas",7,133.81,"DI 1",167.26,1170.82,null,{"$f":"IF(OR($A116=0,$A116=\"S\",$A116>CFF!$A$9),\"\",MAX(W$11:OFFSET(W116,-1,0))+1)","v":""},"Rec. Humanos-002",4,null,{"$f":"IF($J116=$G$2,ROUND(IF(ISNUMBER(S116),S116,IF(LEFT(S116,2)=\"DI\",HLOOKUP(S116,DADOS!$T$29:$X$30,2,FALSE),0)),4),\"\")","v":0.25}]
["S",0,2,1,0,0,3,{"$f":"IF(OR($A117=\"S\",$A117=0),0,MATCH(0,OFFSET($B117,1,$A117,ROW($A$1504)-ROW($A117)),0))","v":0},{"$f":"IF(OR($A117=\"S\",$A117=0),0,MATCH(OFFSET($B117,0,$A117)+1,OFFSET($B117,1,$A117,ROW($A$1504)-ROW($A117)),0))","v":0},"Insumo","2.1.3.","Cotação","Rec. Humanos","003","Administrador (Técnico de Apoio) ","Horas",4,103.65,"DI 1",129.56,518.24,null,{"$f":"IF(OR($A117=0,$A117=\"S\",$A117>CFF!$A$9),\"\",MAX(W$11:OFFSET(W117,-1,0))+1)","v":""},"Rec. Humanos-003",5,null,{"$f":"IF($J117=$G$2,ROUND(IF(ISNUMBER(S117),S117,IF(LEFT(S117,2)=\"DI\",HLOOKUP(S117,DADOS!$T$29:$X$30,2,FALSE),0)),4),\"\")","v":0.25}]
["S",0,2,1,0,0,4,{"$f":"IF(OR($A118=\"S\",$A118=0),0,MATCH(0,OFFSET($B118,1,$A118,ROW($A$1504)-ROW($A118)),0))","v":0},{"$f":"IF(OR($A118=\"S\",$A118=0),0,MATCH(OFFSET($B118,0,$A118)+1,OFFSET($B118,1,$A118,ROW($A$1504)-ROW($A118)),0))","v":0},"Insumo","2.1.4.","SINE","Rec. Humanos","004","Estagiários","Horas",22,9.7899999999999991,"DI 1",12.24,269.27999999999997,null,{"$f":"IF(OR($A118=0,$A118=\"S\",$A118>CFF!$A$9),\"\",MAX(W$11:OFFSET(W118,-1,0))+1)","v":""},"Rec. Humanos-004",6,null,{"$f":"IF($J118=$G$2,ROUND(IF(ISNUMBER(S118),S118,IF(LEFT(S118,2)=\"DI\",HLOOKUP(S118,DADOS!$T$29:$X$30,2,FALSE),0)),4),\"\")","v":0.25}]
["S",0,2,1,0,0,5,{"$f":"IF(OR($A119=\"S\",$A119=0),0,MATCH(0,OFFSET($B119,1,$A119,ROW($A$1504)-ROW($A119)),0))","v":0},{"$f":"IF(OR($A119=\"S\",$A119=0),0,MATCH(OFFSET($B119,0,$A119)+1,OFFSET($B119,1,$A119,ROW($A$1504)-ROW($A119)),0))","v":0},"Insumo","2.1.5.","Cotação","Serv. Terc.","001","Fotocópias","Unidade",210,0.3,"DI 1",0.38,79.8,null,{"$f":"IF(OR($A119=0,$A119=\"S\",$A119>CFF!$A$9),\"\",MAX(W$11:OFFSET(W119,-1,0))+1)","v":""},"Serv. Terc.-001",81,null,{"$f":"IF($J119=$G$2,ROUND(IF(ISNUMBER(S119),S119,IF(LEFT(S119,2)=\"DI\",HLOOKUP(S119,DADOS!$T$29:$X$30,2,FALSE),0)),4),\"\")","v":0.25}]
["S",0,2,1,0,0,6,{"$f":"IF(OR($A120=\"S\",$A120=0),0,MATCH(0,OFFSET($B120,1,$A120,ROW($A$1504)-ROW($A120)),0))","v":0},{"$f":"IF(OR($A120=\"S\",$A120=0),0,MATCH(OFFSET($B120,0,$A120)+1,OFFSET($B120,1,$A120,ROW($A$1504)-ROW($A120)),0))","v":0},"Insumo","2.1.6.","Cotação","Serv. Terc.","002","Carro de som com gravação de vinheta","Horas",3,200,"DI 1",250,750,null,{"$f":"IF(OR($A120=0,$A120=\"S\",$A120>CFF!$A$9),\"\",MAX(W$11:OFFSET(W120,-1,0))+1)","v":""},"Serv. Terc.-002",82,null,{"$f":"IF($J120=$G$2,ROUND(IF(ISNUMBER(S120),S120,IF(LEFT(S120,2)=\"DI\",HLOOKUP(S120,DADOS!$T$29:$X$30,2,FALSE),0)),4),\"\")","v":0.25}]
["S",0,2,1,0,0,7,{"$f":"IF(OR($A121=\"S\",$A121=0),0,MATCH(0,OFFSET($B121,1,$A121,ROW($A$1504)-ROW($A121)),0))","v":0},{"$f":"IF(OR($A121=\"S\",$A121=0),0,MATCH(OFFSET($B121,0,$A121)+1,OFFSET($B121,1,$A121,ROW($A$1504)-ROW($A121)),0))","v":0},"Insumo","2.1.7.","Cotação","Serv. Terc.","017",{"$f":"IF(NOT(ISERROR($Y121)),IF($Y121<>FALSE,INDEX(Banco,$Y121,5),\"\"),\"\")","v":"Instrutor/Monitor (Educação Fisíca)"},"Horas",3,100,"DI 1",125,375,null,{"$f":"IF(OR($A121=0,$A121=\"S\",$A121>CFF!$A$9),\"\",MAX(W$11:OFFSET(W121,-1,0))+1)","v":""},"Serv. Terc.-017",97,null,{"$f":"IF($J121=$G$2,ROUND(IF(ISNUMBER(S121),S121,IF(LEFT(S121,2)=\"DI\",HLOOKUP(S121,DADOS!$T$29:$X$30,2,FALSE),0)),4),\"\")","v":0.25}]
["S",0,2,1,0,0,8,{"$f":"IF(OR($A122=\"S\",$A122=0),0,MATCH(0,OFFSET($B122,1,$A122,ROW($A$1504)-ROW($A122)),0))","v":0},{"$f":"IF(OR($A122=\"S\",$A122=0),0,MATCH(OFFSET($B122,0,$A122)+1,OFFSET($B122,1,$A122,ROW($A$1504)-ROW($A122)),0))","v":0},"Insumo","2.1.8.","Cotação","Serv. Terc.","003","Locação de mesas","Unidade",20,3,"DI 1",3.75,75,null,{"$f":"IF(OR($A122=0,$A122=\"S\",$A122>CFF!$A$9),\"\",MAX(W$11:OFFSET(W122,-1,0))+1)","v":""},"Serv. Terc.-003",83,null,{"$f":"IF($J122=$G$2,ROUND(IF(ISNUMBER(S122),S122,IF(LEFT(S122,2)=\"DI\",HLOOKUP(S122,DADOS!$T$29:$X$30,2,FALSE),0)),4),\"\")","v":0.25}]
["S",0,2,1,0,0,9,{"$f":"IF(OR($A123=\"S\",$A123=0),0,MATCH(0,OFFSET($B123,1,$A123,ROW($A$1504)-ROW($A123)),0))","v":0},{"$f":"IF(OR($A123=\"S\",$A123=0),0,MATCH(OFFSET($B123,0,$A123)+1,OFFSET($B123,1,$A123,ROW($A$1504)-ROW($A123)),0))","v":0},"Insumo","2.1.9.","Cotação","Serv. Terc.","004","Locação de cadeiras","Unidade",400,2,"DI 1",2.5,1000,null,{"$f":"IF(OR($A123=0,$A123=\"S\",$A123>CFF!$A$9),\"\",MAX(W$11:OFFSET(W123,-1,0))+1)","v":""},"Serv. Terc.-004",84,null,{"$f":"IF($J123=$G$2,ROUND(IF(ISNUMBER(S123),S123,IF(LEFT(S123,2)=\"DI\",HLOOKUP(S123,DADOS!$T$29:$X$30,2,FALSE),0)),4),\"\")","v":0.25}]
["S",0,2,1,0,0,10,{"$f":"IF(OR($A124=\"S\",$A124=0),0,MATCH(0,OFFSET($B124,1,$A124,ROW($A$1504)-ROW($A124)),0))","v":0},{"$f":"IF(OR($A124=\"S\",$A124=0),0,MATCH(OFFSET($B124,0,$A124)+1,OFFSET($B124,1,$A124,ROW($A$1504)-ROW($A124)),0))","v":0},"Insumo","2.1.10.","Cotação","Serv. Terc.","005","Locação de caixa térmica","Unidade",2,40,"DI 1",50,100,null,{"$f":"IF(OR($A124=0,$A124=\"S\",$A124>CFF!$A$9),\"\",MAX(W$11:OFFSET(W124,-1,0))+1)","v":""},"Serv. Terc.-005",85,null,{"$f":"IF($J124=$G$2,ROUND(IF(ISNUMBER(S124),S124,IF(LEFT(S124,2)=\"DI\",HLOOKUP(S124,DADOS!$T$29:$X$30,2,FALSE),0)),4),\"\")","v":0.25}]
["S",0,2,1,0,0,11,{"$f":"IF(OR($A125=\"S\",$A125=0),0,MATCH(0,OFFSET($B125,1,$A125,ROW($A$1504)-ROW($A125)),0))","v":0},{"$f":"IF(OR($A125=\"S\",$A125=0),0,MATCH(OFFSET($B125,0,$A125)+1,OFFSET($B125,1,$A125,ROW($A$1504)-ROW($A125)),0))","v":0},"Insumo","2.1.11.","Cotação","Serv. Terc.","006","Locação de tendas","Unidade",3,250,"DI 1",312.5,937.5,null,{"$f":"IF(OR($A125=0,$A125=\"S\",$A125>CFF!$A$9),\"\",MAX(W$11:OFFSET(W125,-1,0))+1)","v":""},"Serv. Terc.-006",86,null,{"$f":"IF($J125=$G$2,ROUND(IF(ISNUMBER(S125),S125,IF(LEFT(S125,2)=\"DI\",HLOOKUP(S125,DADOS!$T$29:$X$30,2,FALSE),0)),4),\"\")","v":0.25}]
["S",0,2,1,0,0,12,{"$f":"IF(OR($A126=\"S\",$A126=0),0,MATCH(0,OFFSET($B126,1,$A126,ROW($A$1504)-ROW($A126)),0))","v":0},{"$f":"IF(OR($A126=\"S\",$A126=0),0,MATCH(OFFSET($B126,0,$A126)+1,OFFSET($B126,1,$A126,ROW($A$1504)-ROW($A126)),0))","v":0},"Insumo","2.1.12.","Cotação","Serv. Terc.","008","Locação de pula-pula com monitor","Unidade",2,220,"DI 1",275,550,null,{"$f":"IF(OR($A126=0,$A126=\"S\",$A126>CFF!$A$9),\"\",MAX(W$11:OFFSET(W126,-1,0))+1)","v":""},"Serv. Terc.-008",88,null,{"$f":"IF($J126=$G$2,ROUND(IF(ISNUMBER(S126),S126,IF(LEFT(S126,2)=\"DI\",HLOOKUP(S126,DADOS!$T$29:$X$30,2,FALSE),0)),4),\"\")","v":0.25}]
["S",0,2,1,0,0,13,{"$f":"IF(OR($A127=\"S\",$A127=0),0,MATCH(0,OFFSET($B127,1,$A127,ROW($A$1504)-ROW($A127)),0))","v":0},{"$f":"IF(OR($A127=\"S\",$A127=0),0,MATCH(OFFSET($B127,0,$A127)+1,OFFSET($B127,1,$A127,ROW($A$1504)-ROW($A127)),0))","v":0},"Insumo","2.1.13.","Cotação","Serv. Terc.","012",{"$f":"IF(NOT(ISERROR($Y127)),IF($Y127<>FALSE,INDEX(Banco,$Y127,5),\"\"),\"\")","v":"Água (garrafão de 20 litros)"},"Unidade",2,10,"DI 1",12.5,25,null,{"$f":"IF(OR($A127=0,$A127=\"S\",$A127>CFF!$A$9),\"\",MAX(W$11:OFFSET(W127,-1,0))+1)","v":""},"Serv. Terc.-012",92,null,{"$f":"IF($J127=$G$2,ROUND(IF(ISNUMBER(S127),S127,IF(LEFT(S127,2)=\"DI\",HLOOKUP(S127,DADOS!$T$29:$X$30,2,FALSE),0)),4),\"\")","v":0.25}]
["S",0,2,1,0,0,14,{"$f":"IF(OR($A128=\"S\",$A128=0),0,MATCH(0,OFFSET($B128,1,$A128,ROW($A$1504)-ROW($A128)),0))","v":0},{"$f":"IF(OR($A128=\"S\",$A128=0),0,MATCH(OFFSET($B128,0,$A128)+1,OFFSET($B128,1,$A128,ROW($A$1504)-ROW($A128)),0))","v":0},"Insumo","2.1.14.","Cotação ","Serv. Terc.","011",{"$f":"IF(NOT(ISERROR($Y128)),IF($Y128<>FALSE,INDEX(Banco,$Y128,5),\"\"),\"\")","v":"Barra de gelo"},"Unidade",4,12,"DI 1",15,60,null,{"$f":"IF(OR($A128=0,$A128=\"S\",$A128>CFF!$A$9),\"\",MAX(W$11:OFFSET(W128,-1,0))+1)","v":""},"Serv. Terc.-011",91,null,{"$f":"IF($J128=$G$2,ROUND(IF(ISNUMBER(S128),S128,IF(LEFT(S128,2)=\"DI\",HLOOKUP(S128,DADOS!$T$29:$X$30,2,FALSE),0)),4),\"\")","v":0.25}]
["S",0,2,1,0,0,15,{"$f":"IF(OR($A129=\"S\",$A129=0),0,MATCH(0,OFFSET($B129,1,$A129,ROW($A$1504)-ROW($A129)),0))","v":0},{"$f":"IF(OR($A129=\"S\",$A129=0),0,MATCH(OFFSET($B129,0,$A129)+1,OFFSET($B129,1,$A129,ROW($A$1504)-ROW($A129)),0))","v":0},"Insumo","2.1.15.","Cotação","Serv. Terc.","013",{"$f":"IF(NOT(ISERROR($Y129)),IF($Y129<>FALSE,INDEX(Banco,$Y129,5),\"\"),\"\")","v":"Sucos"},"Unidade",12,6.4,"DI 1",8,96,null,{"$f":"IF(OR($A129=0,$A129=\"S\",$A129>CFF!$A$9),\"\",MAX(W$11:OFFSET(W129,-1,0))+1)","v":""},"Serv. Terc.-013",93,null,{"$f":"IF($J129=$G$2,ROUND(IF(ISNUMBER(S129),S129,IF(LEFT(S129,2)=\"DI\",HLOOKUP(S129,DADOS!$T$29:$X$30,2,FALSE),0)),4),\"\")","v":0.25}]
["S",0,2,1,0,0,16,{"$f":"IF(OR($A130=\"S\",$A130=0),0,MATCH(0,OFFSET($B130,1,$A130,ROW($A$1504)-ROW($A130)),0))","v":0},{"$f":"IF(OR($A130=\"S\",$A130=0),0,MATCH(OFFSET($B130,0,$A130)+1,OFFSET($B130,1,$A130,ROW($A$1504)-ROW($A130)),0))","v":0},"Insumo","2.1.16.","Cotação","Serv. Terc.","027",{"$f":"IF(NOT(ISERROR($Y130)),IF($Y130<>FALSE,INDEX(Banco,$Y130,5),\"\"),\"\")","v":"Refrigerantes (02 litros) "},"Unidade",20,6,"DI 1",7.5,150,null,{"$f":"IF(OR($A130=0,$A130=\"S\",$A130>CFF!$A$9),\"\",MAX(W$11:OFFSET(W130,-1,0))+1)","v":""},"Serv. Terc.-027",107,null,{"$f":"IF($J130=$G$2,ROUND(IF(ISNUMBER(S130),S130,IF(LEFT(S130,2)=\"DI\",HLOOKUP(S130,DADOS!$T$29:$X$30,2,FALSE),0)),4),\"\")","v":0.25}]
["S",0,2,1,0,0,17,{"$f":"IF(OR($A131=\"S\",$A131=0),0,MATCH(0,OFFSET($B131,1,$A131,ROW($A$1504)-ROW($A131)),0))","v":0},{"$f":"IF(OR($A131=\"S\",$A131=0),0,MATCH(OFFSET($B131,0,$A131)+1,OFFSET($B131,1,$A131,ROW($A$1504)-ROW($A131)),0))","v":0},"Insumo","2.1.17.","Cotação ","Serv. Terc.","010","Brindes ( descrição nos orçamentos e PTS)","Unidade",8,120,"DI 1",150,1200,null,{"$f":"IF(OR($A131=0,$A131=\"S\",$A131>CFF!$A$9),\"\",MAX(W$11:OFFSET(W131,-1,0))+1)","v":""},"Serv. Terc.-010",90,null,{"$f":"IF($J131=$G$2,ROUND(IF(ISNUMBER(S131),S131,IF(LEFT(S131,2)=\"DI\",HLOOKUP(S131,DADOS!$T$29:$X$30,2,FALSE),0)),4),\"\")","v":0.25}]
[{"$f":"CHOOSE(1+LOG(1+2*(J132=$C$2)+4*(J132=$D$2)+8*(J132=$E$2)+16*(J132=$F$2)+32*(J132=$G$2),2),0,1,2,3,4,\"S\")","v":"S"},{"$f":"IF(OR(A132=\"S\",A132=0),0,IF(ISERROR(I132),H132,SMALL(H132:I132,1)))","v":0},{"$f":"IF($A132=1,OFFSET(C132,-1,0)+1,OFFSET(C132,-1,0))","v":2},{"$f":"IF($A132=1,0,IF($A132=2,OFFSET(D132,-1,0)+1,OFFSET(D132,-1,0)))","v":1},{"$f":"IF(AND($A132<=2,$A132<>0),0,IF($A132=3,OFFSET(E132,-1,0)+1,OFFSET(E132,-1,0)))","v":0},{"$f":"IF(AND($A132<=3,$A132<>0),0,IF($A132=4,OFFSET(F132,-1,0)+1,OFFSET(F132,-1,0)))","v":0},{"$f":"IF(AND($A132<=4,$A132<>0),0,IF($A132=\"S\",OFFSET(G132,-1,0)+1,OFFSET(G132,-1,0)))","v":18},{"$f":"IF(OR($A132=\"S\",$A132=0),0,MATCH(0,OFFSET($B132,1,$A132,ROW($A$1504)-ROW($A132)),0))","v":0},{"$f":"IF(OR($A132=\"S\",$A132=0),0,MATCH(OFFSET($B132,0,$A132)+1,OFFSET($B132,1,$A132,ROW($A$1504)-ROW($A132)),0))","v":0},"Insumo",{"$f":"IF($A132=0,\"-\",CONCATENATE(C132&\".\",IF(AND($A$5>=2,$A132>=2),D132&\".\",\"\"),IF(AND($A$5>=3,$A132>=3),E132&\".\",\"\"),IF(AND($A$5>=4,$A132>=4),F132&\".\",\"\"),IF($A132=\"S\",G132&\".\",\"\")))","v":"2.1.18."},{"$f":"IF(NOT(ISERROR($Y132)),IF($Y132<>FALSE,INDEX(Banco,$Y132,4),\"\"),\"\")","v":"Cotação"},"Serv. Terc.","015","Coffee break (salgados)",{"$f":"IF(NOT(ISERROR($Y132)),IF($Y132<>FALSE,INDEX(Banco,$Y132,6),\"\"),\"\")","v":"Centro"},15,{"$f":"IF(NOT(ISERROR($Y132)),IF($Y132<>FALSE,INDEX(Banco,$Y132,7),0),0)","v":65},"DI 1",{"$f":"IF($J132=$G$2,ROUND(ROUND($R132,2)*IF($R$9=\"Preço Unitário (R$)\",1,1+$AA132),2),0)","v":81.25},{"$f":"IF($A132=\"S\",VTOTAL1,IF($A132=0,0,ROUND(SomaAgrup,2)))","v":1218.75},null,{"$f":"IF(OR($A132=0,$A132=\"S\",$A132>CFF!$A$9),\"\",MAX(W$11:OFFSET(W132,-1,0))+1)","v":""},{"$f":"IF(AND($J132=$G$2,$N132<>\"\",$M132<>\"\"),CONCATENATE($M132,\"-\",$N132))","v":"Serv. Terc.-015"},{"$f":"IF(X132<>FALSE,MATCH(X132,OFFSET(Banco,0,0,,1),0))","v":95},null,{"$f":"IF($J132=$G$2,ROUND(IF(ISNUMBER(S132),S132,IF(LEFT(S132,2)=\"DI\",HLOOKUP(S132,DADOS!$T$29:$X$30,2,FALSE),0)),4),\"\")","v":0.25}]
[{"$f":"CHOOSE(1+LOG(1+2*(J133=$C$2)+4*(J133=$D$2)+8*(J133=$E$2)+16*(J133=$F$2)+32*(J133=$G$2),2),0,1,2,3,4,\"S\")","v":"S"},{"$f":"IF(OR(A133=\"S\",A133=0),0,IF(ISERROR(I133),H133,SMALL(H133:I133,1)))","v":0},{"$f":"IF($A133=1,OFFSET(C133,-1,0)+1,OFFSET(C133,-1,0))","v":2},{"$f":"IF($A133=1,0,IF($A133=2,OFFSET(D133,-1,0)+1,OFFSET(D133,-1,0)))","v":1},{"$f":"IF(AND($A133<=2,$A133<>0),0,IF($A133=3,OFFSET(E133,-1,0)+1,OFFSET(E133,-1,0)))","v":0},{"$f":"IF(AND($A133<=3,$A133<>0),0,IF($A133=4,OFFSET(F133,-1,0)+1,OFFSET(F133,-1,0)))","v":0},{"$f":"IF(AND($A133<=4,$A133<>0),0,IF($A133=\"S\",OFFSET(G133,-1,0)+1,OFFSET(G133,-1,0)))","v":19},{"$f":"IF(OR($A133=\"S\",$A133=0),0,MATCH(0,OFFSET($B133,1,$A133,ROW($A$1504)-ROW($A133)),0))","v":0},{"$f":"IF(OR($A133=\"S\",$A133=0),0,MATCH(OFFSET($B133,0,$A133)+1,OFFSET($B133,1,$A133,ROW($A$1504)-ROW($A133)),0))","v":0},"Insumo",{"$f":"IF($A133=0,\"-\",CONCATENATE(C133&\".\",IF(AND($A$5>=2,$A133>=2),D133&\".\",\"\"),IF(AND($A$5>=3,$A133>=3),E133&\".\",\"\"),IF(AND($A$5>=4,$A133>=4),F133&\".\",\"\"),IF($A133=\"S\",G133&\".\",\"\")))","v":"2.1.19."},{"$f":"IF(NOT(ISERROR($Y133)),IF($Y133<>FALSE,INDEX(Banco,$Y133,4),\"\"),\"\")","v":"Cotação"},"Rec. Materiais","019",{"$f":"IF(NOT(ISERROR($Y133)),IF($Y133<>FALSE,INDEX(Banco,$Y133,5),\"\"),\"\")","v":"Copos descartáveis (2500 unidades)"},{"$f":"IF(NOT(ISERROR($Y133)),IF($Y133<>FALSE,INDEX(Banco,$Y133,6),\"\"),\"\")","v":"Caixa"},1,{"$f":"IF(NOT(ISERROR($Y133)),IF($Y133<>FALSE,INDEX(Banco,$Y133,7),0),0)","v":77.400000000000006},"DI 1",{"$f":"IF($J133=$G$2,ROUND(ROUND($R133,2)*IF($R$9=\"Preço Unitário (R$)\",1,1+$AA133),2),0)","v":96.75},{"$f":"IF($A133=\"S\",VTOTAL1,IF($A133=0,0,ROUND(SomaAgrup,2)))","v":96.75},null,{"$f":"IF(OR($A133=0,$A133=\"S\",$A133>CFF!$A$9),\"\",MAX(W$11:OFFSET(W133,-1,0))+1)","v":""},{"$f":"IF(AND($J133=$G$2,$N133<>\"\",$M133<>\"\"),CONCATENATE($M133,\"-\",$N133))","v":"Rec. Materiais-019"},{"$f":"IF(X133<>FALSE,MATCH(X133,OFFSET(Banco,0,0,,1),0))","v":28},null,{"$f":"IF($J133=$G$2,ROUND(IF(ISNUMBER(S133),S133,IF(LEFT(S133,2)=\"DI\",HLOOKUP(S133,DADOS!$T$29:$X$30,2,FALSE),0)),4),\"\")","v":0.25}]
[{"$f":"CHOOSE(1+LOG(1+2*(J134=$C$2)+4*(J134=$D$2)+8*(J134=$E$2)+16*(J134=$F$2)+32*(J134=$G$2),2),0,1,2,3,4,\"S\")","v":"S"},{"$f":"IF(OR(A134=\"S\",A134=0),0,IF(ISERROR(I134),H134,SMALL(H134:I134,1)))","v":0},{"$f":"IF($A134=1,OFFSET(C134,-1,0)+1,OFFSET(C134,-1,0))","v":2},{"$f":"IF($A134=1,0,IF($A134=2,OFFSET(D134,-1,0)+1,OFFSET(D134,-1,0)))","v":1},{"$f":"IF(AND($A134<=2,$A134<>0),0,IF($A134=3,OFFSET(E134,-1,0)+1,OFFSET(E134,-1,0)))","v":0},{"$f":"IF(AND($A134<=3,$A134<>0),0,IF($A134=4,OFFSET(F134,-1,0)+1,OFFSET(F134,-1,0)))","v":0},{"$f":"IF(AND($A134<=4,$A134<>0),0,IF($A134=\"S\",OFFSET(G134,-1,0)+1,OFFSET(G134,-1,0)))","v":20},{"$f":"IF(OR($A134=\"S\",$A134=0),0,MATCH(0,OFFSET($B134,1,$A134,ROW($A$1504)-ROW($A134)),0))","v":0},{"$f":"IF(OR($A134=\"S\",$A134=0),0,MATCH(OFFSET($B134,0,$A134)+1,OFFSET($B134,1,$A134,ROW($A$1504)-ROW($A134)),0))","v":0},"Insumo",{"$f":"IF($A134=0,\"-\",CONCATENATE(C134&\".\",IF(AND($A$5>=2,$A134>=2),D134&\".\",\"\"),IF(AND($A$5>=3,$A134>=3),E134&\".\",\"\"),IF(AND($A$5>=4,$A134>=4),F134&\".\",\"\"),IF($A134=\"S\",G134&\".\",\"\")))","v":"2.1.20."},{"$f":"IF(NOT(ISERROR($Y134)),IF($Y134<>FALSE,INDEX(Banco,$Y134,4),\"\"),\"\")","v":"SINAPI "},"Serv. Terc.","041",{"$f":"IF(NOT(ISERROR($Y134)),IF($Y134<>FALSE,INDEX(Banco,$Y134,5),\"\"),\"\")","v":"Arquiteto "},{"$f":"IF(NOT(ISERROR($Y134)),IF($Y134<>FALSE,INDEX(Banco,$Y134,6),\"\"),\"\")","v":"Horas"},4,{"$f":"IF(NOT(ISERROR($Y134)),IF($Y134<>FALSE,INDEX(Banco,$Y134,7),0),0)","v":86.85},"DI 1",{"$f":"IF($J134=$G$2,ROUND(ROUND($R134,2)*IF($R$9=\"Preço Unitário (R$)\",1,1+$AA134),2),0)","v":108.56},{"$f":"IF($A134=\"S\",VTOTAL1,IF($A134=0,0,ROUND(SomaAgrup,2)))","v":434.24},null,{"$f":"IF(OR($A134=0,$A134=\"S\",$A134>CFF!$A$9),\"\",MAX(W$11:OFFSET(W134,-1,0))+1)","v":""},{"$f":"IF(AND($J134=$G$2,$N134<>\"\",$M134<>\"\"),CONCATENATE($M134,\"-\",$N134))","v":"Serv. Terc.-041"},{"$f":"IF(X134<>FALSE,MATCH(X134,OFFSET(Banco,0,0,,1),0))","v":121},null,{"$f":"IF($J134=$G$2,ROUND(IF(ISNUMBER(S134),S134,IF(LEFT(S134,2)=\"DI\",HLOOKUP(S134,DADOS!$T$29:$X$30,2,FALSE),0)),4),\"\")","v":0.25}]
["S",0,2,1,0,0,21,{"$f":"IF(OR($A135=\"S\",$A135=0),0,MATCH(0,OFFSET($B135,1,$A135,ROW($A$1504)-ROW($A135)),0))","v":0},{"$f":"IF(OR($A135=\"S\",$A135=0),0,MATCH(OFFSET($B135,0,$A135)+1,OFFSET($B135,1,$A135,ROW($A$1504)-ROW($A135)),0))","v":0},"Insumo","2.1.21.","Cotação","Rec. Materiais","020",{"$f":"IF(NOT(ISERROR($Y135)),IF($Y135<>FALSE,INDEX(Banco,$Y135,5),\"\"),\"\")","v":"Guloseimas (balas e pirulito)"},"Pacote",8,12,"DI 1",15,120,null,{"$f":"IF(OR($A135=0,$A135=\"S\",$A135>CFF!$A$9),\"\",MAX(W$11:OFFSET(W135,-1,0))+1)","v":""},"Rec. Materiais-020",29,null,{"$f":"IF($J135=$G$2,ROUND(IF(ISNUMBER(S135),S135,IF(LEFT(S135,2)=\"DI\",HLOOKUP(S135,DADOS!$T$29:$X$30,2,FALSE),0)),4),\"\")","v":0.25}]
["S",0,2,1,0,0,22,{"$f":"IF(OR($A136=\"S\",$A136=0),0,MATCH(0,OFFSET($B136,1,$A136,ROW($A$1504)-ROW($A136)),0))","v":0},{"$f":"IF(OR($A136=\"S\",$A136=0),0,MATCH(OFFSET($B136,0,$A136)+1,OFFSET($B136,1,$A136,ROW($A$1504)-ROW($A136)),0))","v":0},"Insumo","2.1.22.","Cotação","Rec. Materiais","021",{"$f":"IF(NOT(ISERROR($Y136)),IF($Y136<>FALSE,INDEX(Banco,$Y136,5),\"\"),\"\")","v":"Papel de presente"},"Folhas",16,1.5,"DI 1",1.88,30.08,null,{"$f":"IF(OR($A136=0,$A136=\"S\",$A136>CFF!$A$9),\"\",MAX(W$11:OFFSET(W136,-1,0))+1)","v":""},"Rec. Materiais-021",30,null,{"$f":"IF($J136=$G$2,ROUND(IF(ISNUMBER(S136),S136,IF(LEFT(S136,2)=\"DI\",HLOOKUP(S136,DADOS!$T$29:$X$30,2,FALSE),0)),4),\"\")","v":0.25}]
["S",0,2,1,0,0,23,{"$f":"IF(OR($A137=\"S\",$A137=0),0,MATCH(0,OFFSET($B137,1,$A137,ROW($A$1504)-ROW($A137)),0))","v":0},{"$f":"IF(OR($A137=\"S\",$A137=0),0,MATCH(OFFSET($B137,0,$A137)+1,OFFSET($B137,1,$A137,ROW($A$1504)-ROW($A137)),0))","v":0},"Insumo","2.1.23.","Cotação","Rec. Materiais","026",{"$f":"IF(NOT(ISERROR($Y137)),IF($Y137<>FALSE,INDEX(Banco,$Y137,5),\"\"),\"\")","v":"Saco de lixo (100 litros)"},"Pacote",2,15,"DI 1",18.75,37.5,null,{"$f":"IF(OR($A137=0,$A137=\"S\",$A137>CFF!$A$9),\"\",MAX(W$11:OFFSET(W137,-1,0))+1)","v":""},"Rec. Materiais-026",35,null,{"$f":"IF($J137=$G$2,ROUND(IF(ISNUMBER(S137),S137,IF(LEFT(S137,2)=\"DI\",HLOOKUP(S137,DADOS!$T$29:$X$30,2,FALSE),0)),4),\"\")","v":0.25}]
[{"$f":"CHOOSE(1+LOG(1+2*(J138=$C$2)+4*(J138=$D$2)+8*(J138=$E$2)+16*(J138=$F$2)+32*(J138=$G$2),2),0,1,2,3,4,\"S\")","v":2},{"$f":"IF(OR(A138=\"S\",A138=0),0,IF(ISERROR(I138),H138,SMALL(H138:I138,1)))","v":9},{"$f":"IF($A138=1,OFFSET(C138,-1,0)+1,OFFSET(C138,-1,0))","v":2},{"$f":"IF($A138=1,0,IF($A138=2,OFFSET(D138,-1,0)+1,OFFSET(D138,-1,0)))","v":2},{"$f":"IF(AND($A138<=2,$A138<>0),0,IF($A138=3,OFFSET(E138,-1,0)+1,OFFSET(E138,-1,0)))","v":0},{"$f":"IF(AND($A138<=3,$A138<>0),0,IF($A138=4,OFFSET(F138,-1,0)+1,OFFSET(F138,-1,0)))","v":0},{"$f":"IF(AND($A138<=4,$A138<>0),0,IF($A138=\"S\",OFFSET(G138,-1,0)+1,OFFSET(G138,-1,0)))","v":0},{"$f":"IF(OR($A138=\"S\",$A138=0),0,MATCH(0,OFFSET($B138,1,$A138,ROW($A$1504)-ROW($A138)),0))","v":64},{"$f":"IF(OR($A138=\"S\",$A138=0),0,MATCH(OFFSET($B138,0,$A138)+1,OFFSET($B138,1,$A138,ROW($A$1504)-ROW($A138)),0))","v":9},"AtivNível 1",{"$f":"IF($A138=0,\"-\",CONCATENATE(C138&\".\",IF(AND($A$5>=2,$A138>=2),D138&\".\",\"\"),IF(AND($A$5>=3,$A138>=3),E138&\".\",\"\"),IF(AND($A$5>=4,$A138>=4),F138&\".\",\"\"),IF($A138=\"S\",G138&\".\",\"\")))","v":"2.2."},{"$f":"IF(NOT(ISERROR($Y138)),IF($Y138<>FALSE,INDEX(Banco,$Y138,4),\"\"),\"\")","v":""},null,null,"Atividade 05 -Oficina para melhor idade: Região Parque São João",{"$f":"IF(NOT(ISERROR($Y138)),IF($Y138<>FALSE,INDEX(Banco,$Y138,6),\"\"),\"\")","v":""},null,{"$f":"IF(NOT(ISERROR($Y138)),IF($Y138<>FALSE,INDEX(Banco,$Y138,7),0),0)","v":0},"DI 1",{"$f":"IF($J138=$G$2,ROUND(ROUND($R138,2)*IF($R$9=\"Preço Unitário (R$)\",1,1+$AA138),2),0)","v":0},{"$f":"IF($A138=\"S\",VTOTAL1,IF($A138=0,0,ROUND(SomaAgrup,2)))","v":3783.24},null,{"$f":"IF(OR($A138=0,$A138=\"S\",$A138>CFF!$A$9),\"\",MAX(W$11:OFFSET(W138,-1,0))+1)","v":7},{"$f":"IF(AND($J138=$G$2,$N138<>\"\",$M138<>\"\"),CONCATENATE($M138,\"-\",$N138))","v":false},{"$f":"IF(X138<>FALSE,MATCH(X138,OFFSET(Banco,0,0,,1),0))","v":false},null,{"$f":"IF($J138=$G$2,ROUND(IF(ISNUMBER(S138),S138,IF(LEFT(S138,2)=\"DI\",HLOOKUP(S138,DADOS!$T$29:$X$30,2,FALSE),0)),4),\"\")","v":""}]
[{"$f":"CHOOSE(1+LOG(1+2*(J139=$C$2)+4*(J139=$D$2)+8*(J139=$E$2)+16*(J139=$F$2)+32*(J139=$G$2),2),0,1,2,3,4,\"S\")","v":"S"},{"$f":"IF(OR(A139=\"S\",A139=0),0,IF(ISERROR(I139),H139,SMALL(H139:I139,1)))","v":0},{"$f":"IF($A139=1,OFFSET(C139,-1,0)+1,OFFSET(C139,-1,0))","v":2},{"$f":"IF($A139=1,0,IF($A139=2,OFFSET(D139,-1,0)+1,OFFSET(D139,-1,0)))","v":2},{"$f":"IF(AND($A139<=2,$A139<>0),0,IF($A139=3,OFFSET(E139,-1,0)+1,OFFSET(E139,-1,0)))","v":0},{"$f":"IF(AND($A139<=3,$A139<>0),0,IF($A139=4,OFFSET(F139,-1,0)+1,OFFSET(F139,-1,0)))","v":0},{"$f":"IF(AND($A139<=4,$A139<>0),0,IF($A139=\"S\",OFFSET(G139,-1,0)+1,OFFSET(G139,-1,0)))","v":1},{"$f":"IF(OR($A139=\"S\",$A139=0),0,MATCH(0,OFFSET($B139,1,$A139,ROW($A$1504)-ROW($A139)),0))","v":0},{"$f":"IF(OR($A139=\"S\",$A139=0),0,MATCH(OFFSET($B139,0,$A139)+1,OFFSET($B139,1,$A139,ROW($A$1504)-ROW($A139)),0))","v":0},"Insumo",{"$f":"IF($A139=0,\"-\",CONCATENATE(C139&\".\",IF(AND($A$5>=2,$A139>=2),D139&\".\",\"\"),IF(AND($A$5>=3,$A139>=3),E139&\".\",\"\"),IF(AND($A$5>=4,$A139>=4),F139&\".\",\"\"),IF($A139=\"S\",G139&\".\",\"\")))","v":"2.2.1."},{"$f":"IF(NOT(ISERROR($Y139)),IF($Y139<>FALSE,INDEX(Banco,$Y139,4),\"\"),\"\")","v":"CRESS"},"Rec. Humanos","001",{"$f":"IF(NOT(ISERROR($Y139)),IF($Y139<>FALSE,INDEX(Banco,$Y139,5),\"\"),\"\")","v":"Responsável Técnica"},{"$f":"IF(NOT(ISERROR($Y139)),IF($Y139<>FALSE,INDEX(Banco,$Y139,6),\"\"),\"\")","v":"Horas"},4,{"$f":"IF(NOT(ISERROR($Y139)),IF($Y139<>FALSE,INDEX(Banco,$Y139,7),0),0)","v":150.28},"DI 1",{"$f":"IF($J139=$G$2,ROUND(ROUND($R139,2)*IF($R$9=\"Preço Unitário (R$)\",1,1+$AA139),2),0)","v":187.85},{"$f":"IF($A139=\"S\",VTOTAL1,IF($A139=0,0,ROUND(SomaAgrup,2)))","v":751.4},null,{"$f":"IF(OR($A139=0,$A139=\"S\",$A139>CFF!$A$9),\"\",MAX(W$11:OFFSET(W139,-1,0))+1)","v":""},{"$f":"IF(AND($J139=$G$2,$N139<>\"\",$M139<>\"\"),CONCATENATE($M139,\"-\",$N139))","v":"Rec. Humanos-001"},{"$f":"IF(X139<>FALSE,MATCH(X139,OFFSET(Banco,0,0,,1),0))","v":3},null,{"$f":"IF($J139=$G$2,ROUND(IF(ISNUMBER(S139),S139,IF(LEFT(S139,2)=\"DI\",HLOOKUP(S139,DADOS!$T$29:$X$30,2,FALSE),0)),4),\"\")","v":0.25}]
["S",0,2,2,0,0,2,{"$f":"IF(OR($A140=\"S\",$A140=0),0,MATCH(0,OFFSET($B140,1,$A140,ROW($A$1504)-ROW($A140)),0))","v":0},{"$f":"IF(OR($A140=\"S\",$A140=0),0,MATCH(OFFSET($B140,0,$A140)+1,OFFSET($B140,1,$A140,ROW($A$1504)-ROW($A140)),0))","v":0},"Insumo","2.2.2.","CRESS","Rec. Humanos","002","Assistente Social","Horas",4,133.81,"DI 1",167.26,669.04,null,{"$f":"IF(OR($A140=0,$A140=\"S\",$A140>CFF!$A$9),\"\",MAX(W$11:OFFSET(W140,-1,0))+1)","v":""},"Rec. Humanos-002",4,null,{"$f":"IF($J140=$G$2,ROUND(IF(ISNUMBER(S140),S140,IF(LEFT(S140,2)=\"DI\",HLOOKUP(S140,DADOS!$T$29:$X$30,2,FALSE),0)),4),\"\")","v":0.25}]
["S",0,2,2,0,0,3,{"$f":"IF(OR($A141=\"S\",$A141=0),0,MATCH(0,OFFSET($B141,1,$A141,ROW($A$1504)-ROW($A141)),0))","v":0},{"$f":"IF(OR($A141=\"S\",$A141=0),0,MATCH(OFFSET($B141,0,$A141)+1,OFFSET($B141,1,$A141,ROW($A$1504)-ROW($A141)),0))","v":0},"Insumo","2.2.3.","Cotação","Serv. Terc.","033","Coffe break (salgados) ","Centro",2,65,"DI 1",81.25,162.5,null,{"$f":"IF(OR($A141=0,$A141=\"S\",$A141>CFF!$A$9),\"\",MAX(W$11:OFFSET(W141,-1,0))+1)","v":""},"Serv. Terc.-033",113,null,{"$f":"IF($J141=$G$2,ROUND(IF(ISNUMBER(S141),S141,IF(LEFT(S141,2)=\"DI\",HLOOKUP(S141,DADOS!$T$29:$X$30,2,FALSE),0)),4),\"\")","v":0.25}]
[{"$f":"CHOOSE(1+LOG(1+2*(J142=$C$2)+4*(J142=$D$2)+8*(J142=$E$2)+16*(J142=$F$2)+32*(J142=$G$2),2),0,1,2,3,4,\"S\")","v":"S"},{"$f":"IF(OR(A142=\"S\",A142=0),0,IF(ISERROR(I142),H142,SMALL(H142:I142,1)))","v":0},{"$f":"IF($A142=1,OFFSET(C142,-1,0)+1,OFFSET(C142,-1,0))","v":2},{"$f":"IF($A142=1,0,IF($A142=2,OFFSET(D142,-1,0)+1,OFFSET(D142,-1,0)))","v":2},{"$f":"IF(AND($A142<=2,$A142<>0),0,IF($A142=3,OFFSET(E142,-1,0)+1,OFFSET(E142,-1,0)))","v":0},{"$f":"IF(AND($A142<=3,$A142<>0),0,IF($A142=4,OFFSET(F142,-1,0)+1,OFFSET(F142,-1,0)))","v":0},{"$f":"IF(AND($A142<=4,$A142<>0),0,IF($A142=\"S\",OFFSET(G142,-1,0)+1,OFFSET(G142,-1,0)))","v":4},{"$f":"IF(OR($A142=\"S\",$A142=0),0,MATCH(0,OFFSET($B142,1,$A142,ROW($A$1504)-ROW($A142)),0))","v":0},{"$f":"IF(OR($A142=\"S\",$A142=0),0,MATCH(OFFSET($B142,0,$A142)+1,OFFSET($B142,1,$A142,ROW($A$1504)-ROW($A142)),0))","v":0},"Insumo",{"$f":"IF($A142=0,\"-\",CONCATENATE(C142&\".\",IF(AND($A$5>=2,$A142>=2),D142&\".\",\"\"),IF(AND($A$5>=3,$A142>=3),E142&\".\",\"\"),IF(AND($A$5>=4,$A142>=4),F142&\".\",\"\"),IF($A142=\"S\",G142&\".\",\"\")))","v":"2.2.4."},{"$f":"IF(NOT(ISERROR($Y142)),IF($Y142<>FALSE,INDEX(Banco,$Y142,4),\"\"),\"\")","v":"Cotação"},"Serv. Terc.","027",{"$f":"IF(NOT(ISERROR($Y142)),IF($Y142<>FALSE,INDEX(Banco,$Y142,5),\"\"),\"\")","v":"Refrigerantes (02 litros) "},{"$f":"IF(NOT(ISERROR($Y142)),IF($Y142<>FALSE,INDEX(Banco,$Y142,6),\"\"),\"\")","v":"Unidade"},4,{"$f":"IF(NOT(ISERROR($Y142)),IF($Y142<>FALSE,INDEX(Banco,$Y142,7),0),0)","v":6},"DI 1",{"$f":"IF($J142=$G$2,ROUND(ROUND($R142,2)*IF($R$9=\"Preço Unitário (R$)\",1,1+$AA142),2),0)","v":7.5},{"$f":"IF($A142=\"S\",VTOTAL1,IF($A142=0,0,ROUND(SomaAgrup,2)))","v":30},null,{"$f":"IF(OR($A142=0,$A142=\"S\",$A142>CFF!$A$9),\"\",MAX(W$11:OFFSET(W142,-1,0))+1)","v":""},{"$f":"IF(AND($J142=$G$2,$N142<>\"\",$M142<>\"\"),CONCATENATE($M142,\"-\",$N142))","v":"Serv. Terc.-027"},{"$f":"IF(X142<>FALSE,MATCH(X142,OFFSET(Banco,0,0,,1),0))","v":107},null,{"$f":"IF($J142=$G$2,ROUND(IF(ISNUMBER(S142),S142,IF(LEFT(S142,2)=\"DI\",HLOOKUP(S142,DADOS!$T$29:$X$30,2,FALSE),0)),4),\"\")","v":0.25}]
["S",0,2,2,0,0,5,{"$f":"IF(OR($A143=\"S\",$A143=0),0,MATCH(0,OFFSET($B143,1,$A143,ROW($A$1504)-ROW($A143)),0))","v":0},{"$f":"IF(OR($A143=\"S\",$A143=0),0,MATCH(OFFSET($B143,0,$A143)+1,OFFSET($B143,1,$A143,ROW($A$1504)-ROW($A143)),0))","v":0},"Insumo","2.2.5.","CREFITO","Serv. Terc.","085","Fisioterapeuta (Massagem terapêutica)","Vagas",30,41.6,"DI 1",52,1560,null,{"$f":"IF(OR($A143=0,$A143=\"S\",$A143>CFF!$A$9),\"\",MAX(W$11:OFFSET(W143,-1,0))+1)","v":""},"Serv. Terc.-085",165,null,{"$f":"IF($J143=$G$2,ROUND(IF(ISNUMBER(S143),S143,IF(LEFT(S143,2)=\"DI\",HLOOKUP(S143,DADOS!$T$29:$X$30,2,FALSE),0)),4),\"\")","v":0.25}]
[{"$f":"CHOOSE(1+LOG(1+2*(J144=$C$2)+4*(J144=$D$2)+8*(J144=$E$2)+16*(J144=$F$2)+32*(J144=$G$2),2),0,1,2,3,4,\"S\")","v":"S"},{"$f":"IF(OR(A144=\"S\",A144=0),0,IF(ISERROR(I144),H144,SMALL(H144:I144,1)))","v":0},{"$f":"IF($A144=1,OFFSET(C144,-1,0)+1,OFFSET(C144,-1,0))","v":2},{"$f":"IF($A144=1,0,IF($A144=2,OFFSET(D144,-1,0)+1,OFFSET(D144,-1,0)))","v":2},{"$f":"IF(AND($A144<=2,$A144<>0),0,IF($A144=3,OFFSET(E144,-1,0)+1,OFFSET(E144,-1,0)))","v":0},{"$f":"IF(AND($A144<=3,$A144<>0),0,IF($A144=4,OFFSET(F144,-1,0)+1,OFFSET(F144,-1,0)))","v":0},{"$f":"IF(AND($A144<=4,$A144<>0),0,IF($A144=\"S\",OFFSET(G144,-1,0)+1,OFFSET(G144,-1,0)))","v":6},{"$f":"IF(OR($A144=\"S\",$A144=0),0,MATCH(0,OFFSET($B144,1,$A144,ROW($A$1504)-ROW($A144)),0))","v":0},{"$f":"IF(OR($A144=\"S\",$A144=0),0,MATCH(OFFSET($B144,0,$A144)+1,OFFSET($B144,1,$A144,ROW($A$1504)-ROW($A144)),0))","v":0},"Insumo",{"$f":"IF($A144=0,\"-\",CONCATENATE(C144&\".\",IF(AND($A$5>=2,$A144>=2),D144&\".\",\"\"),IF(AND($A$5>=3,$A144>=3),E144&\".\",\"\"),IF(AND($A$5>=4,$A144>=4),F144&\".\",\"\"),IF($A144=\"S\",G144&\".\",\"\")))","v":"2.2.6."},{"$f":"IF(NOT(ISERROR($Y144)),IF($Y144<>FALSE,INDEX(Banco,$Y144,4),\"\"),\"\")","v":"COREN"},"Serv. Terc.","086","Técnica de Enfermagem (Instrutor)",{"$f":"IF(NOT(ISERROR($Y144)),IF($Y144<>FALSE,INDEX(Banco,$Y144,6),\"\"),\"\")","v":"Horas"},2,{"$f":"IF(NOT(ISERROR($Y144)),IF($Y144<>FALSE,INDEX(Banco,$Y144,7),0),0)","v":92.65},"DI 1",{"$f":"IF($J144=$G$2,ROUND(ROUND($R144,2)*IF($R$9=\"Preço Unitário (R$)\",1,1+$AA144),2),0)","v":115.81},{"$f":"IF($A144=\"S\",VTOTAL1,IF($A144=0,0,ROUND(SomaAgrup,2)))","v":231.62},null,{"$f":"IF(OR($A144=0,$A144=\"S\",$A144>CFF!$A$9),\"\",MAX(W$11:OFFSET(W144,-1,0))+1)","v":""},{"$f":"IF(AND($J144=$G$2,$N144<>\"\",$M144<>\"\"),CONCATENATE($M144,\"-\",$N144))","v":"Serv. Terc.-086"},{"$f":"IF(X144<>FALSE,MATCH(X144,OFFSET(Banco,0,0,,1),0))","v":166},null,{"$f":"IF($J144=$G$2,ROUND(IF(ISNUMBER(S144),S144,IF(LEFT(S144,2)=\"DI\",HLOOKUP(S144,DADOS!$T$29:$X$30,2,FALSE),0)),4),\"\")","v":0.25}]
["S",0,{"$f":"IF($A145=1,OFFSET(C145,-1,0)+1,OFFSET(C145,-1,0))","v":2},{"$f":"IF($A145=1,0,IF($A145=2,OFFSET(D145,-1,0)+1,OFFSET(D145,-1,0)))","v":2},{"$f":"IF(AND($A145<=2,$A145<>0),0,IF($A145=3,OFFSET(E145,-1,0)+1,OFFSET(E145,-1,0)))","v":0},{"$f":"IF(AND($A145<=3,$A145<>0),0,IF($A145=4,OFFSET(F145,-1,0)+1,OFFSET(F145,-1,0)))","v":0},{"$f":"IF(AND($A145<=4,$A145<>0),0,IF($A145=\"S\",OFFSET(G145,-1,0)+1,OFFSET(G145,-1,0)))","v":7},{"$f":"IF(OR($A145=\"S\",$A145=0),0,MATCH(0,OFFSET($B145,1,$A145,ROW($A$1504)-ROW($A145)),0))","v":0},{"$f":"IF(OR($A145=\"S\",$A145=0),0,MATCH(OFFSET($B145,0,$A145)+1,OFFSET($B145,1,$A145,ROW($A$1504)-ROW($A145)),0))","v":0},"Insumo","2.2.7.",{"$f":"IF(NOT(ISERROR($Y145)),IF($Y145<>FALSE,INDEX(Banco,$Y145,4),\"\"),\"\")","v":"Cotação"},"Serv. Terc.","017",{"$f":"IF(NOT(ISERROR($Y145)),IF($Y145<>FALSE,INDEX(Banco,$Y145,5),\"\"),\"\")","v":"Instrutor/Monitor (Educação Fisíca)"},{"$f":"IF(NOT(ISERROR($Y145)),IF($Y145<>FALSE,INDEX(Banco,$Y145,6),\"\"),\"\")","v":"Horas"},2,{"$f":"IF(NOT(ISERROR($Y145)),IF($Y145<>FALSE,INDEX(Banco,$Y145,7),0),0)","v":100},"DI 1",{"$f":"IF($J145=$G$2,ROUND(ROUND($R145,2)*IF($R$9=\"Preço Unitário (R$)\",1,1+$AA145),2),0)","v":125},{"$f":"IF($A145=\"S\",VTOTAL1,IF($A145=0,0,ROUND(SomaAgrup,2)))","v":250},null,{"$f":"IF(OR($A145=0,$A145=\"S\",$A145>CFF!$A$9),\"\",MAX(W$11:OFFSET(W145,-1,0))+1)","v":""},{"$f":"IF(AND($J145=$G$2,$N145<>\"\",$M145<>\"\"),CONCATENATE($M145,\"-\",$N145))","v":"Serv. Terc.-017"},97,null,{"$f":"IF($J145=$G$2,ROUND(IF(ISNUMBER(S145),S145,IF(LEFT(S145,2)=\"DI\",HLOOKUP(S145,DADOS!$T$29:$X$30,2,FALSE),0)),4),\"\")","v":0.25}]
["S",0,{"$f":"IF($A146=1,OFFSET(C146,-1,0)+1,OFFSET(C146,-1,0))","v":2},{"$f":"IF($A146=1,0,IF($A146=2,OFFSET(D146,-1,0)+1,OFFSET(D146,-1,0)))","v":2},{"$f":"IF(AND($A146<=2,$A146<>0),0,IF($A146=3,OFFSET(E146,-1,0)+1,OFFSET(E146,-1,0)))","v":0},{"$f":"IF(AND($A146<=3,$A146<>0),0,IF($A146=4,OFFSET(F146,-1,0)+1,OFFSET(F146,-1,0)))","v":0},{"$f":"IF(AND($A146<=4,$A146<>0),0,IF($A146=\"S\",OFFSET(G146,-1,0)+1,OFFSET(G146,-1,0)))","v":8},{"$f":"IF(OR($A146=\"S\",$A146=0),0,MATCH(0,OFFSET($B146,1,$A146,ROW($A$1504)-ROW($A146)),0))","v":0},{"$f":"IF(OR($A146=\"S\",$A146=0),0,MATCH(OFFSET($B146,0,$A146)+1,OFFSET($B146,1,$A146,ROW($A$1504)-ROW($A146)),0))","v":0},"Insumo","2.2.8.",{"$f":"IF(NOT(ISERROR($Y146)),IF($Y146<>FALSE,INDEX(Banco,$Y146,4),\"\"),\"\")","v":"Cotação"},"Serv. Terc.","061",{"$f":"IF(NOT(ISERROR($Y146)),IF($Y146<>FALSE,INDEX(Banco,$Y146,5),\"\"),\"\")","v":"KIT (massagem terapêutica)"},{"$f":"IF(NOT(ISERROR($Y146)),IF($Y146<>FALSE,INDEX(Banco,$Y146,6),\"\"),\"\")","v":"KIT"},1,{"$f":"IF(NOT(ISERROR($Y146)),IF($Y146<>FALSE,INDEX(Banco,$Y146,7),0),0)","v":102.94},"DI 1",{"$f":"IF($J146=$G$2,ROUND(ROUND($R146,2)*IF($R$9=\"Preço Unitário (R$)\",1,1+$AA146),2),0)","v":128.68},{"$f":"IF($A146=\"S\",VTOTAL1,IF($A146=0,0,ROUND(SomaAgrup,2)))","v":128.68},null,{"$f":"IF(OR($A146=0,$A146=\"S\",$A146>CFF!$A$9),\"\",MAX(W$11:OFFSET(W146,-1,0))+1)","v":""},{"$f":"IF(AND($J146=$G$2,$N146<>\"\",$M146<>\"\"),CONCATENATE($M146,\"-\",$N146))","v":"Serv. Terc.-061"},141,null,{"$f":"IF($J146=$G$2,ROUND(IF(ISNUMBER(S146),S146,IF(LEFT(S146,2)=\"DI\",HLOOKUP(S146,DADOS!$T$29:$X$30,2,FALSE),0)),4),\"\")","v":0.25}]
[{"$f":"CHOOSE(1+LOG(1+2*(J147=$C$2)+4*(J147=$D$2)+8*(J147=$E$2)+16*(J147=$F$2)+32*(J147=$G$2),2),0,1,2,3,4,\"S\")","v":2},{"$f":"IF(OR(A147=\"S\",A147=0),0,IF(ISERROR(I147),H147,SMALL(H147:I147,1)))","v":4},{"$f":"IF($A147=1,OFFSET(C147,-1,0)+1,OFFSET(C147,-1,0))","v":2},{"$f":"IF($A147=1,0,IF($A147=2,OFFSET(D147,-1,0)+1,OFFSET(D147,-1,0)))","v":3},{"$f":"IF(AND($A147<=2,$A147<>0),0,IF($A147=3,OFFSET(E147,-1,0)+1,OFFSET(E147,-1,0)))","v":0},{"$f":"IF(AND($A147<=3,$A147<>0),0,IF($A147=4,OFFSET(F147,-1,0)+1,OFFSET(F147,-1,0)))","v":0},{"$f":"IF(AND($A147<=4,$A147<>0),0,IF($A147=\"S\",OFFSET(G147,-1,0)+1,OFFSET(G147,-1,0)))","v":0},{"$f":"IF(OR($A147=\"S\",$A147=0),0,MATCH(0,OFFSET($B147,1,$A147,ROW($A$1504)-ROW($A147)),0))","v":55},{"$f":"IF(OR($A147=\"S\",$A147=0),0,MATCH(OFFSET($B147,0,$A147)+1,OFFSET($B147,1,$A147,ROW($A$1504)-ROW($A147)),0))","v":4},"AtivNível 1",{"$f":"IF($A147=0,\"-\",CONCATENATE(C147&\".\",IF(AND($A$5>=2,$A147>=2),D147&\".\",\"\"),IF(AND($A$5>=3,$A147>=3),E147&\".\",\"\"),IF(AND($A$5>=4,$A147>=4),F147&\".\",\"\"),IF($A147=\"S\",G147&\".\",\"\")))","v":"2.3."},{"$f":"IF(NOT(ISERROR($Y147)),IF($Y147<>FALSE,INDEX(Banco,$Y147,4),\"\"),\"\")","v":""},null,null,"Atividade 06 - Visitas domiciliares: Região Parque São João",{"$f":"IF(NOT(ISERROR($Y147)),IF($Y147<>FALSE,INDEX(Banco,$Y147,6),\"\"),\"\")","v":""},null,{"$f":"IF(NOT(ISERROR($Y147)),IF($Y147<>FALSE,INDEX(Banco,$Y147,7),0),0)","v":0},"DI 1",{"$f":"IF($J147=$G$2,ROUND(ROUND($R147,2)*IF($R$9=\"Preço Unitário (R$)\",1,1+$AA147),2),0)","v":0},{"$f":"IF($A147=\"S\",VTOTAL1,IF($A147=0,0,ROUND(SomaAgrup,2)))","v":1958.58},null,{"$f":"IF(OR($A147=0,$A147=\"S\",$A147>CFF!$A$9),\"\",MAX(W$11:OFFSET(W147,-1,0))+1)","v":8},{"$f":"IF(AND($J147=$G$2,$N147<>\"\",$M147<>\"\"),CONCATENATE($M147,\"-\",$N147))","v":false},{"$f":"IF(X147<>FALSE,MATCH(X147,OFFSET(Banco,0,0,,1),0))","v":false},null,{"$f":"IF($J147=$G$2,ROUND(IF(ISNUMBER(S147),S147,IF(LEFT(S147,2)=\"DI\",HLOOKUP(S147,DADOS!$T$29:$X$30,2,FALSE),0)),4),\"\")","v":""}]
["S",0,{"$f":"IF($A148=1,OFFSET(C148,-1,0)+1,OFFSET(C148,-1,0))","v":2},{"$f":"IF($A148=1,0,IF($A148=2,OFFSET(D148,-1,0)+1,OFFSET(D148,-1,0)))","v":3},{"$f":"IF(AND($A148<=2,$A148<>0),0,IF($A148=3,OFFSET(E148,-1,0)+1,OFFSET(E148,-1,0)))","v":0},{"$f":"IF(AND($A148<=3,$A148<>0),0,IF($A148=4,OFFSET(F148,-1,0)+1,OFFSET(F148,-1,0)))","v":0},{"$f":"IF(AND($A148<=4,$A148<>0),0,IF($A148=\"S\",OFFSET(G148,-1,0)+1,OFFSET(G148,-1,0)))","v":1},{"$f":"IF(OR($A148=\"S\",$A148=0),0,MATCH(0,OFFSET($B148,1,$A148,ROW($A$1504)-ROW($A148)),0))","v":0},{"$f":"IF(OR($A148=\"S\",$A148=0),0,MATCH(OFFSET($B148,0,$A148)+1,OFFSET($B148,1,$A148,ROW($A$1504)-ROW($A148)),0))","v":0},"Insumo","2.3.1.",{"$f":"IF(NOT(ISERROR($Y148)),IF($Y148<>FALSE,INDEX(Banco,$Y148,4),\"\"),\"\")","v":"CRESS"},"Rec. Humanos","001",{"$f":"IF(NOT(ISERROR($Y148)),IF($Y148<>FALSE,INDEX(Banco,$Y148,5),\"\"),\"\")","v":"Responsável Técnica"},{"$f":"IF(NOT(ISERROR($Y148)),IF($Y148<>FALSE,INDEX(Banco,$Y148,6),\"\"),\"\")","v":"Horas"},2,{"$f":"IF(NOT(ISERROR($Y148)),IF($Y148<>FALSE,INDEX(Banco,$Y148,7),0),0)","v":150.28},"DI 1",{"$f":"IF($J148=$G$2,ROUND(ROUND($R148,2)*IF($R$9=\"Preço Unitário (R$)\",1,1+$AA148),2),0)","v":187.85},{"$f":"IF($A148=\"S\",VTOTAL1,IF($A148=0,0,ROUND(SomaAgrup,2)))","v":375.7},null,{"$f":"IF(OR($A148=0,$A148=\"S\",$A148>CFF!$A$9),\"\",MAX(W$11:OFFSET(W148,-1,0))+1)","v":""},{"$f":"IF(AND($J148=$G$2,$N148<>\"\",$M148<>\"\"),CONCATENATE($M148,\"-\",$N148))","v":"Rec. Humanos-001"},3,null,{"$f":"IF($J148=$G$2,ROUND(IF(ISNUMBER(S148),S148,IF(LEFT(S148,2)=\"DI\",HLOOKUP(S148,DADOS!$T$29:$X$30,2,FALSE),0)),4),\"\")","v":0.25}]
["S",0,2,3,0,0,2,{"$f":"IF(OR($A149=\"S\",$A149=0),0,MATCH(0,OFFSET($B149,1,$A149,ROW($A$1504)-ROW($A149)),0))","v":0},{"$f":"IF(OR($A149=\"S\",$A149=0),0,MATCH(OFFSET($B149,0,$A149)+1,OFFSET($B149,1,$A149,ROW($A$1504)-ROW($A149)),0))","v":0},"Insumo","2.3.2.","CRESS","Rec. Humanos","002",{"$f":"IF(NOT(ISERROR($Y149)),IF($Y149<>FALSE,INDEX(Banco,$Y149,5),\"\"),\"\")","v":"Assistente Social"},"Horas",8,133.81,"DI 1",167.26,1338.08,null,{"$f":"IF(OR($A149=0,$A149=\"S\",$A149>CFF!$A$9),\"\",MAX(W$11:OFFSET(W149,-1,0))+1)","v":""},"Rec. Humanos-002",4,null,{"$f":"IF($J149=$G$2,ROUND(IF(ISNUMBER(S149),S149,IF(LEFT(S149,2)=\"DI\",HLOOKUP(S149,DADOS!$T$29:$X$30,2,FALSE),0)),4),\"\")","v":0.25}]
[{"$f":"CHOOSE(1+LOG(1+2*(J150=$C$2)+4*(J150=$D$2)+8*(J150=$E$2)+16*(J150=$F$2)+32*(J150=$G$2),2),0,1,2,3,4,\"S\")","v":"S"},{"$f":"IF(OR(A150=\"S\",A150=0),0,IF(ISERROR(I150),H150,SMALL(H150:I150,1)))","v":0},{"$f":"IF($A150=1,OFFSET(C150,-1,0)+1,OFFSET(C150,-1,0))","v":2},{"$f":"IF($A150=1,0,IF($A150=2,OFFSET(D150,-1,0)+1,OFFSET(D150,-1,0)))","v":3},{"$f":"IF(AND($A150<=2,$A150<>0),0,IF($A150=3,OFFSET(E150,-1,0)+1,OFFSET(E150,-1,0)))","v":0},{"$f":"IF(AND($A150<=3,$A150<>0),0,IF($A150=4,OFFSET(F150,-1,0)+1,OFFSET(F150,-1,0)))","v":0},{"$f":"IF(AND($A150<=4,$A150<>0),0,IF($A150=\"S\",OFFSET(G150,-1,0)+1,OFFSET(G150,-1,0)))","v":3},{"$f":"IF(OR($A150=\"S\",$A150=0),0,MATCH(0,OFFSET($B150,1,$A150,ROW($A$1504)-ROW($A150)),0))","v":0},{"$f":"IF(OR($A150=\"S\",$A150=0),0,MATCH(OFFSET($B150,0,$A150)+1,OFFSET($B150,1,$A150,ROW($A$1504)-ROW($A150)),0))","v":0},"Insumo",{"$f":"IF($A150=0,\"-\",CONCATENATE(C150&\".\",IF(AND($A$5>=2,$A150>=2),D150&\".\",\"\"),IF(AND($A$5>=3,$A150>=3),E150&\".\",\"\"),IF(AND($A$5>=4,$A150>=4),F150&\".\",\"\"),IF($A150=\"S\",G150&\".\",\"\")))","v":"2.3.3."},{"$f":"IF(NOT(ISERROR($Y150)),IF($Y150<>FALSE,INDEX(Banco,$Y150,4),\"\"),\"\")","v":"SINE"},"Rec. Humanos","004",{"$f":"IF(NOT(ISERROR($Y150)),IF($Y150<>FALSE,INDEX(Banco,$Y150,5),\"\"),\"\")","v":"Estagiários"},{"$f":"IF(NOT(ISERROR($Y150)),IF($Y150<>FALSE,INDEX(Banco,$Y150,6),\"\"),\"\")","v":"Horas"},20,{"$f":"IF(NOT(ISERROR($Y150)),IF($Y150<>FALSE,INDEX(Banco,$Y150,7),0),0)","v":9.7899999999999991},"DI 1",{"$f":"IF($J150=$G$2,ROUND(ROUND($R150,2)*IF($R$9=\"Preço Unitário (R$)\",1,1+$AA150),2),0)","v":12.24},{"$f":"IF($A150=\"S\",VTOTAL1,IF($A150=0,0,ROUND(SomaAgrup,2)))","v":244.8},null,{"$f":"IF(OR($A150=0,$A150=\"S\",$A150>CFF!$A$9),\"\",MAX(W$11:OFFSET(W150,-1,0))+1)","v":""},{"$f":"IF(AND($J150=$G$2,$N150<>\"\",$M150<>\"\"),CONCATENATE($M150,\"-\",$N150))","v":"Rec. Humanos-004"},{"$f":"IF(X150<>FALSE,MATCH(X150,OFFSET(Banco,0,0,,1),0))","v":6},null,{"$f":"IF($J150=$G$2,ROUND(IF(ISNUMBER(S150),S150,IF(LEFT(S150,2)=\"DI\",HLOOKUP(S150,DADOS!$T$29:$X$30,2,FALSE),0)),4),\"\")","v":0.25}]
[{"$f":"CHOOSE(1+LOG(1+2*(J151=$C$2)+4*(J151=$D$2)+8*(J151=$E$2)+16*(J151=$F$2)+32*(J151=$G$2),2),0,1,2,3,4,\"S\")","v":2},{"$f":"IF(OR(A151=\"S\",A151=0),0,IF(ISERROR(I151),H151,SMALL(H151:I151,1)))","v":19},{"$f":"IF($A151=1,OFFSET(C151,-1,0)+1,OFFSET(C151,-1,0))","v":2},{"$f":"IF($A151=1,0,IF($A151=2,OFFSET(D151,-1,0)+1,OFFSET(D151,-1,0)))","v":4},{"$f":"IF(AND($A151<=2,$A151<>0),0,IF($A151=3,OFFSET(E151,-1,0)+1,OFFSET(E151,-1,0)))","v":0},{"$f":"IF(AND($A151<=3,$A151<>0),0,IF($A151=4,OFFSET(F151,-1,0)+1,OFFSET(F151,-1,0)))","v":0},{"$f":"IF(AND($A151<=4,$A151<>0),0,IF($A151=\"S\",OFFSET(G151,-1,0)+1,OFFSET(G151,-1,0)))","v":0},{"$f":"IF(OR($A151=\"S\",$A151=0),0,MATCH(0,OFFSET($B151,1,$A151,ROW($A$1504)-ROW($A151)),0))","v":51},{"$f":"IF(OR($A151=\"S\",$A151=0),0,MATCH(OFFSET($B151,0,$A151)+1,OFFSET($B151,1,$A151,ROW($A$1504)-ROW($A151)),0))","v":19},"AtivNível 1",{"$f":"IF($A151=0,\"-\",CONCATENATE(C151&\".\",IF(AND($A$5>=2,$A151>=2),D151&\".\",\"\"),IF(AND($A$5>=3,$A151>=3),E151&\".\",\"\"),IF(AND($A$5>=4,$A151>=4),F151&\".\",\"\"),IF($A151=\"S\",G151&\".\",\"\")))","v":"2.4."},{"$f":"IF(NOT(ISERROR($Y151)),IF($Y151<>FALSE,INDEX(Banco,$Y151,4),\"\"),\"\")","v":""},null,null,"Atividade 07 - Palestra: Mobilidade Urbana: Região Jardim Ikaraí",{"$f":"IF(NOT(ISERROR($Y151)),IF($Y151<>FALSE,INDEX(Banco,$Y151,6),\"\"),\"\")","v":""},null,{"$f":"IF(NOT(ISERROR($Y151)),IF($Y151<>FALSE,INDEX(Banco,$Y151,7),0),0)","v":0},"DI 1",{"$f":"IF($J151=$G$2,ROUND(ROUND($R151,2)*IF($R$9=\"Preço Unitário (R$)\",1,1+$AA151),2),0)","v":0},{"$f":"IF($A151=\"S\",VTOTAL1,IF($A151=0,0,ROUND(SomaAgrup,2)))","v":8721.98},null,{"$f":"IF(OR($A151=0,$A151=\"S\",$A151>CFF!$A$9),\"\",MAX(W$11:OFFSET(W151,-1,0))+1)","v":9},{"$f":"IF(AND($J151=$G$2,$N151<>\"\",$M151<>\"\"),CONCATENATE($M151,\"-\",$N151))","v":false},{"$f":"IF(X151<>FALSE,MATCH(X151,OFFSET(Banco,0,0,,1),0))","v":false},null,{"$f":"IF($J151=$G$2,ROUND(IF(ISNUMBER(S151),S151,IF(LEFT(S151,2)=\"DI\",HLOOKUP(S151,DADOS!$T$29:$X$30,2,FALSE),0)),4),\"\")","v":""}]
["S",0,2,4,0,0,1,{"$f":"IF(OR($A152=\"S\",$A152=0),0,MATCH(0,OFFSET($B152,1,$A152,ROW($A$1504)-ROW($A152)),0))","v":0},{"$f":"IF(OR($A152=\"S\",$A152=0),0,MATCH(OFFSET($B152,0,$A152)+1,OFFSET($B152,1,$A152,ROW($A$1504)-ROW($A152)),0))","v":0},"Insumo","2.4.1.","CRESS","Rec. Humanos","001",{"$f":"IF(NOT(ISERROR($Y152)),IF($Y152<>FALSE,INDEX(Banco,$Y152,5),\"\"),\"\")","v":"Responsável Técnica"},"Horas",9,150.28,"DI 1",187.85,1690.65,null,{"$f":"IF(OR($A152=0,$A152=\"S\",$A152>CFF!$A$9),\"\",MAX(W$11:OFFSET(W152,-1,0))+1)","v":""},"Rec. Humanos-001",3,null,{"$f":"IF($J152=$G$2,ROUND(IF(ISNUMBER(S152),S152,IF(LEFT(S152,2)=\"DI\",HLOOKUP(S152,DADOS!$T$29:$X$30,2,FALSE),0)),4),\"\")","v":0.25}]
["S",0,2,4,0,0,2,{"$f":"IF(OR($A153=\"S\",$A153=0),0,MATCH(0,OFFSET($B153,1,$A153,ROW($A$1504)-ROW($A153)),0))","v":0},{"$f":"IF(OR($A153=\"S\",$A153=0),0,MATCH(OFFSET($B153,0,$A153)+1,OFFSET($B153,1,$A153,ROW($A$1504)-ROW($A153)),0))","v":0},"Insumo","2.4.2.","CRESS","Rec. Humanos","002","Assistente Social","Horas",7,133.81,"DI 1",167.26,1170.82,null,{"$f":"IF(OR($A153=0,$A153=\"S\",$A153>CFF!$A$9),\"\",MAX(W$11:OFFSET(W153,-1,0))+1)","v":""},"Rec. Humanos-002",4,null,{"$f":"IF($J153=$G$2,ROUND(IF(ISNUMBER(S153),S153,IF(LEFT(S153,2)=\"DI\",HLOOKUP(S153,DADOS!$T$29:$X$30,2,FALSE),0)),4),\"\")","v":0.25}]
["S",0,2,4,0,0,3,{"$f":"IF(OR($A154=\"S\",$A154=0),0,MATCH(0,OFFSET($B154,1,$A154,ROW($A$1504)-ROW($A154)),0))","v":0},{"$f":"IF(OR($A154=\"S\",$A154=0),0,MATCH(OFFSET($B154,0,$A154)+1,OFFSET($B154,1,$A154,ROW($A$1504)-ROW($A154)),0))","v":0},"Insumo","2.4.3.","Cotação","Rec. Humanos","003","Administrador (Técnico de Apoio) ","Horas",4,103.65,"DI 1",129.56,518.24,null,{"$f":"IF(OR($A154=0,$A154=\"S\",$A154>CFF!$A$9),\"\",MAX(W$11:OFFSET(W154,-1,0))+1)","v":""},"Rec. Humanos-003",5,null,{"$f":"IF($J154=$G$2,ROUND(IF(ISNUMBER(S154),S154,IF(LEFT(S154,2)=\"DI\",HLOOKUP(S154,DADOS!$T$29:$X$30,2,FALSE),0)),4),\"\")","v":0.25}]
["S",0,2,4,0,0,4,{"$f":"IF(OR($A155=\"S\",$A155=0),0,MATCH(0,OFFSET($B155,1,$A155,ROW($A$1504)-ROW($A155)),0))","v":0},{"$f":"IF(OR($A155=\"S\",$A155=0),0,MATCH(OFFSET($B155,0,$A155)+1,OFFSET($B155,1,$A155,ROW($A$1504)-ROW($A155)),0))","v":0},"Insumo","2.4.4.","SINE","Rec. Humanos","004","Estagiários","Horas",16,9.7899999999999991,"DI 1",12.24,195.84,null,{"$f":"IF(OR($A155=0,$A155=\"S\",$A155>CFF!$A$9),\"\",MAX(W$11:OFFSET(W155,-1,0))+1)","v":""},"Rec. Humanos-004",6,null,{"$f":"IF($J155=$G$2,ROUND(IF(ISNUMBER(S155),S155,IF(LEFT(S155,2)=\"DI\",HLOOKUP(S155,DADOS!$T$29:$X$30,2,FALSE),0)),4),\"\")","v":0.25}]
["S",0,2,4,0,0,5,{"$f":"IF(OR($A156=\"S\",$A156=0),0,MATCH(0,OFFSET($B156,1,$A156,ROW($A$1504)-ROW($A156)),0))","v":0},{"$f":"IF(OR($A156=\"S\",$A156=0),0,MATCH(OFFSET($B156,0,$A156)+1,OFFSET($B156,1,$A156,ROW($A$1504)-ROW($A156)),0))","v":0},"Insumo","2.4.5.","Cotação","Serv. Terc.","001","Fotocópias","Unidade",105,0.3,"DI 1",0.38,39.9,null,{"$f":"IF(OR($A156=0,$A156=\"S\",$A156>CFF!$A$9),\"\",MAX(W$11:OFFSET(W156,-1,0))+1)","v":""},"Serv. Terc.-001",81,null,{"$f":"IF($J156=$G$2,ROUND(IF(ISNUMBER(S156),S156,IF(LEFT(S156,2)=\"DI\",HLOOKUP(S156,DADOS!$T$29:$X$30,2,FALSE),0)),4),\"\")","v":0.25}]
["S",0,2,4,0,0,6,{"$f":"IF(OR($A157=\"S\",$A157=0),0,MATCH(0,OFFSET($B157,1,$A157,ROW($A$1504)-ROW($A157)),0))","v":0},{"$f":"IF(OR($A157=\"S\",$A157=0),0,MATCH(OFFSET($B157,0,$A157)+1,OFFSET($B157,1,$A157,ROW($A$1504)-ROW($A157)),0))","v":0},"Insumo","2.4.6.","Cotação","Serv. Terc.","002","Carro de som com gravação de vinheta","Horas",3,200,"DI 1",250,750,null,{"$f":"IF(OR($A157=0,$A157=\"S\",$A157>CFF!$A$9),\"\",MAX(W$11:OFFSET(W157,-1,0))+1)","v":""},"Serv. Terc.-002",82,null,{"$f":"IF($J157=$G$2,ROUND(IF(ISNUMBER(S157),S157,IF(LEFT(S157,2)=\"DI\",HLOOKUP(S157,DADOS!$T$29:$X$30,2,FALSE),0)),4),\"\")","v":0.25}]
["S",0,2,4,0,0,7,{"$f":"IF(OR($A158=\"S\",$A158=0),0,MATCH(0,OFFSET($B158,1,$A158,ROW($A$1504)-ROW($A158)),0))","v":0},{"$f":"IF(OR($A158=\"S\",$A158=0),0,MATCH(OFFSET($B158,0,$A158)+1,OFFSET($B158,1,$A158,ROW($A$1504)-ROW($A158)),0))","v":0},"Insumo","2.4.7.","Cotação","Serv. Terc.","017",{"$f":"IF(NOT(ISERROR($Y158)),IF($Y158<>FALSE,INDEX(Banco,$Y158,5),\"\"),\"\")","v":"Instrutor/Monitor (Educação Fisíca)"},"Horas",3,100,"DI 1",125,375,null,{"$f":"IF(OR($A158=0,$A158=\"S\",$A158>CFF!$A$9),\"\",MAX(W$11:OFFSET(W158,-1,0))+1)","v":""},"Serv. Terc.-017",97,null,{"$f":"IF($J158=$G$2,ROUND(IF(ISNUMBER(S158),S158,IF(LEFT(S158,2)=\"DI\",HLOOKUP(S158,DADOS!$T$29:$X$30,2,FALSE),0)),4),\"\")","v":0.25}]
["S",0,2,4,0,0,8,{"$f":"IF(OR($A159=\"S\",$A159=0),0,MATCH(0,OFFSET($B159,1,$A159,ROW($A$1504)-ROW($A159)),0))","v":0},{"$f":"IF(OR($A159=\"S\",$A159=0),0,MATCH(OFFSET($B159,0,$A159)+1,OFFSET($B159,1,$A159,ROW($A$1504)-ROW($A159)),0))","v":0},"Insumo","2.4.8.","Cotação","Serv. Terc.","005","Locação de caixa térmica","Unidade",2,40,"DI 1",50,100,null,{"$f":"IF(OR($A159=0,$A159=\"S\",$A159>CFF!$A$9),\"\",MAX(W$11:OFFSET(W159,-1,0))+1)","v":""},"Serv. Terc.-005",85,null,{"$f":"IF($J159=$G$2,ROUND(IF(ISNUMBER(S159),S159,IF(LEFT(S159,2)=\"DI\",HLOOKUP(S159,DADOS!$T$29:$X$30,2,FALSE),0)),4),\"\")","v":0.25}]
["S",0,2,4,0,0,9,{"$f":"IF(OR($A160=\"S\",$A160=0),0,MATCH(0,OFFSET($B160,1,$A160,ROW($A$1504)-ROW($A160)),0))","v":0},{"$f":"IF(OR($A160=\"S\",$A160=0),0,MATCH(OFFSET($B160,0,$A160)+1,OFFSET($B160,1,$A160,ROW($A$1504)-ROW($A160)),0))","v":0},"Insumo","2.4.9.","Cotação","Serv. Terc.","008","Locação de pula-pula com monitor","Unidade",2,220,"DI 1",275,550,null,{"$f":"IF(OR($A160=0,$A160=\"S\",$A160>CFF!$A$9),\"\",MAX(W$11:OFFSET(W160,-1,0))+1)","v":""},"Serv. Terc.-008",88,null,{"$f":"IF($J160=$G$2,ROUND(IF(ISNUMBER(S160),S160,IF(LEFT(S160,2)=\"DI\",HLOOKUP(S160,DADOS!$T$29:$X$30,2,FALSE),0)),4),\"\")","v":0.25}]
["S",0,2,4,0,0,10,{"$f":"IF(OR($A161=\"S\",$A161=0),0,MATCH(0,OFFSET($B161,1,$A161,ROW($A$1504)-ROW($A161)),0))","v":0},{"$f":"IF(OR($A161=\"S\",$A161=0),0,MATCH(OFFSET($B161,0,$A161)+1,OFFSET($B161,1,$A161,ROW($A$1504)-ROW($A161)),0))","v":0},"Insumo","2.4.10.","Cotação ","Serv. Terc.","010","Brindes ( descrição nos orçamentos e PTS)","Unidade",4,120,"DI 1",150,600,null,{"$f":"IF(OR($A161=0,$A161=\"S\",$A161>CFF!$A$9),\"\",MAX(W$11:OFFSET(W161,-1,0))+1)","v":""},"Serv. Terc.-010",90,null,{"$f":"IF($J161=$G$2,ROUND(IF(ISNUMBER(S161),S161,IF(LEFT(S161,2)=\"DI\",HLOOKUP(S161,DADOS!$T$29:$X$30,2,FALSE),0)),4),\"\")","v":0.25}]
["S",0,2,4,0,0,11,{"$f":"IF(OR($A162=\"S\",$A162=0),0,MATCH(0,OFFSET($B162,1,$A162,ROW($A$1504)-ROW($A162)),0))","v":0},{"$f":"IF(OR($A162=\"S\",$A162=0),0,MATCH(OFFSET($B162,0,$A162)+1,OFFSET($B162,1,$A162,ROW($A$1504)-ROW($A162)),0))","v":0},"Insumo","2.4.11.","Cotação ","Serv. Terc.","011","Barra de gelo","Unidade",48,12,"DI 1",15,720,null,{"$f":"IF(OR($A162=0,$A162=\"S\",$A162>CFF!$A$9),\"\",MAX(W$11:OFFSET(W162,-1,0))+1)","v":""},"Serv. Terc.-011",91,null,{"$f":"IF($J162=$G$2,ROUND(IF(ISNUMBER(S162),S162,IF(LEFT(S162,2)=\"DI\",HLOOKUP(S162,DADOS!$T$29:$X$30,2,FALSE),0)),4),\"\")","v":0.25}]
["S",0,2,4,0,0,12,{"$f":"IF(OR($A163=\"S\",$A163=0),0,MATCH(0,OFFSET($B163,1,$A163,ROW($A$1504)-ROW($A163)),0))","v":0},{"$f":"IF(OR($A163=\"S\",$A163=0),0,MATCH(OFFSET($B163,0,$A163)+1,OFFSET($B163,1,$A163,ROW($A$1504)-ROW($A163)),0))","v":0},"Insumo","2.4.12.","Cotação","Serv. Terc.","013","Sucos","Unidade",12,6.4,"DI 1",8,96,null,{"$f":"IF(OR($A163=0,$A163=\"S\",$A163>CFF!$A$9),\"\",MAX(W$11:OFFSET(W163,-1,0))+1)","v":""},"Serv. Terc.-013",93,null,{"$f":"IF($J163=$G$2,ROUND(IF(ISNUMBER(S163),S163,IF(LEFT(S163,2)=\"DI\",HLOOKUP(S163,DADOS!$T$29:$X$30,2,FALSE),0)),4),\"\")","v":0.25}]
["S",0,{"$f":"IF($A164=1,OFFSET(C164,-1,0)+1,OFFSET(C164,-1,0))","v":2},{"$f":"IF($A164=1,0,IF($A164=2,OFFSET(D164,-1,0)+1,OFFSET(D164,-1,0)))","v":4},{"$f":"IF(AND($A164<=2,$A164<>0),0,IF($A164=3,OFFSET(E164,-1,0)+1,OFFSET(E164,-1,0)))","v":0},{"$f":"IF(AND($A164<=3,$A164<>0),0,IF($A164=4,OFFSET(F164,-1,0)+1,OFFSET(F164,-1,0)))","v":0},{"$f":"IF(AND($A164<=4,$A164<>0),0,IF($A164=\"S\",OFFSET(G164,-1,0)+1,OFFSET(G164,-1,0)))","v":13},{"$f":"IF(OR($A164=\"S\",$A164=0),0,MATCH(0,OFFSET($B164,1,$A164,ROW($A$1504)-ROW($A164)),0))","v":0},{"$f":"IF(OR($A164=\"S\",$A164=0),0,MATCH(OFFSET($B164,0,$A164)+1,OFFSET($B164,1,$A164,ROW($A$1504)-ROW($A164)),0))","v":0},"Insumo","2.4.13.",{"$f":"IF(NOT(ISERROR($Y164)),IF($Y164<>FALSE,INDEX(Banco,$Y164,4),\"\"),\"\")","v":"Cotação"},"Serv. Terc.","027",{"$f":"IF(NOT(ISERROR($Y164)),IF($Y164<>FALSE,INDEX(Banco,$Y164,5),\"\"),\"\")","v":"Refrigerantes (02 litros) "},{"$f":"IF(NOT(ISERROR($Y164)),IF($Y164<>FALSE,INDEX(Banco,$Y164,6),\"\"),\"\")","v":"Unidade"},20,{"$f":"IF(NOT(ISERROR($Y164)),IF($Y164<>FALSE,INDEX(Banco,$Y164,7),0),0)","v":6},"DI 1",{"$f":"IF($J164=$G$2,ROUND(ROUND($R164,2)*IF($R$9=\"Preço Unitário (R$)\",1,1+$AA164),2),0)","v":7.5},{"$f":"IF($A164=\"S\",VTOTAL1,IF($A164=0,0,ROUND(SomaAgrup,2)))","v":150},null,{"$f":"IF(OR($A164=0,$A164=\"S\",$A164>CFF!$A$9),\"\",MAX(W$11:OFFSET(W164,-1,0))+1)","v":""},{"$f":"IF(AND($J164=$G$2,$N164<>\"\",$M164<>\"\"),CONCATENATE($M164,\"-\",$N164))","v":"Serv. Terc.-027"},107,null,{"$f":"IF($J164=$G$2,ROUND(IF(ISNUMBER(S164),S164,IF(LEFT(S164,2)=\"DI\",HLOOKUP(S164,DADOS!$T$29:$X$30,2,FALSE),0)),4),\"\")","v":0.25}]
["S",0,2,4,0,0,14,{"$f":"IF(OR($A165=\"S\",$A165=0),0,MATCH(0,OFFSET($B165,1,$A165,ROW($A$1504)-ROW($A165)),0))","v":0},{"$f":"IF(OR($A165=\"S\",$A165=0),0,MATCH(OFFSET($B165,0,$A165)+1,OFFSET($B165,1,$A165,ROW($A$1504)-ROW($A165)),0))","v":0},"Insumo","2.4.14.","Cotação","Serv. Terc.","015","Coffee break (salgados)","Centro",15,65,"DI 1",81.25,1218.75,null,{"$f":"IF(OR($A165=0,$A165=\"S\",$A165>CFF!$A$9),\"\",MAX(W$11:OFFSET(W165,-1,0))+1)","v":""},"Serv. Terc.-015",95,null,{"$f":"IF($J165=$G$2,ROUND(IF(ISNUMBER(S165),S165,IF(LEFT(S165,2)=\"DI\",HLOOKUP(S165,DADOS!$T$29:$X$30,2,FALSE),0)),4),\"\")","v":0.25}]
["S",0,2,4,0,0,15,{"$f":"IF(OR($A166=\"S\",$A166=0),0,MATCH(0,OFFSET($B166,1,$A166,ROW($A$1504)-ROW($A166)),0))","v":0},{"$f":"IF(OR($A166=\"S\",$A166=0),0,MATCH(OFFSET($B166,0,$A166)+1,OFFSET($B166,1,$A166,ROW($A$1504)-ROW($A166)),0))","v":0},"Insumo","2.4.15.","Cotação","Rec. Materiais","020",{"$f":"IF(NOT(ISERROR($Y166)),IF($Y166<>FALSE,INDEX(Banco,$Y166,5),\"\"),\"\")","v":"Guloseimas (balas e pirulito)"},"Pacote",4,12,"DI 1",15,60,null,{"$f":"IF(OR($A166=0,$A166=\"S\",$A166>CFF!$A$9),\"\",MAX(W$11:OFFSET(W166,-1,0))+1)","v":""},"Rec. Materiais-020",29,null,{"$f":"IF($J166=$G$2,ROUND(IF(ISNUMBER(S166),S166,IF(LEFT(S166,2)=\"DI\",HLOOKUP(S166,DADOS!$T$29:$X$30,2,FALSE),0)),4),\"\")","v":0.25}]
["S",0,{"$f":"IF($A167=1,OFFSET(C167,-1,0)+1,OFFSET(C167,-1,0))","v":2},{"$f":"IF($A167=1,0,IF($A167=2,OFFSET(D167,-1,0)+1,OFFSET(D167,-1,0)))","v":4},{"$f":"IF(AND($A167<=2,$A167<>0),0,IF($A167=3,OFFSET(E167,-1,0)+1,OFFSET(E167,-1,0)))","v":0},{"$f":"IF(AND($A167<=3,$A167<>0),0,IF($A167=4,OFFSET(F167,-1,0)+1,OFFSET(F167,-1,0)))","v":0},{"$f":"IF(AND($A167<=4,$A167<>0),0,IF($A167=\"S\",OFFSET(G167,-1,0)+1,OFFSET(G167,-1,0)))","v":16},{"$f":"IF(OR($A167=\"S\",$A167=0),0,MATCH(0,OFFSET($B167,1,$A167,ROW($A$1504)-ROW($A167)),0))","v":0},{"$f":"IF(OR($A167=\"S\",$A167=0),0,MATCH(OFFSET($B167,0,$A167)+1,OFFSET($B167,1,$A167,ROW($A$1504)-ROW($A167)),0))","v":0},"Insumo","2.4.16.",{"$f":"IF(NOT(ISERROR($Y167)),IF($Y167<>FALSE,INDEX(Banco,$Y167,4),\"\"),\"\")","v":"SINAPI "},"Serv. Terc.","041",{"$f":"IF(NOT(ISERROR($Y167)),IF($Y167<>FALSE,INDEX(Banco,$Y167,5),\"\"),\"\")","v":"Arquiteto "},{"$f":"IF(NOT(ISERROR($Y167)),IF($Y167<>FALSE,INDEX(Banco,$Y167,6),\"\"),\"\")","v":"Horas"},4,{"$f":"IF(NOT(ISERROR($Y167)),IF($Y167<>FALSE,INDEX(Banco,$Y167,7),0),0)","v":86.85},"DI 1",{"$f":"IF($J167=$G$2,ROUND(ROUND($R167,2)*IF($R$9=\"Preço Unitário (R$)\",1,1+$AA167),2),0)","v":108.56},{"$f":"IF($A167=\"S\",VTOTAL1,IF($A167=0,0,ROUND(SomaAgrup,2)))","v":434.24},null,{"$f":"IF(OR($A167=0,$A167=\"S\",$A167>CFF!$A$9),\"\",MAX(W$11:OFFSET(W167,-1,0))+1)","v":""},{"$f":"IF(AND($J167=$G$2,$N167<>\"\",$M167<>\"\"),CONCATENATE($M167,\"-\",$N167))","v":"Serv. Terc.-041"},121,null,{"$f":"IF($J167=$G$2,ROUND(IF(ISNUMBER(S167),S167,IF(LEFT(S167,2)=\"DI\",HLOOKUP(S167,DADOS!$T$29:$X$30,2,FALSE),0)),4),\"\")","v":0.25}]
["S",0,2,4,0,0,17,{"$f":"IF(OR($A168=\"S\",$A168=0),0,MATCH(0,OFFSET($B168,1,$A168,ROW($A$1504)-ROW($A168)),0))","v":0},{"$f":"IF(OR($A168=\"S\",$A168=0),0,MATCH(OFFSET($B168,0,$A168)+1,OFFSET($B168,1,$A168,ROW($A$1504)-ROW($A168)),0))","v":0},"Insumo","2.4.17.","Cotação","Rec. Materiais","021",{"$f":"IF(NOT(ISERROR($Y168)),IF($Y168<>FALSE,INDEX(Banco,$Y168,5),\"\"),\"\")","v":"Papel de presente"},"Folhas",8,1.5,"DI 1",1.88,15.04,null,{"$f":"IF(OR($A168=0,$A168=\"S\",$A168>CFF!$A$9),\"\",MAX(W$11:OFFSET(W168,-1,0))+1)","v":""},"Rec. Materiais-021",30,null,{"$f":"IF($J168=$G$2,ROUND(IF(ISNUMBER(S168),S168,IF(LEFT(S168,2)=\"DI\",HLOOKUP(S168,DADOS!$T$29:$X$30,2,FALSE),0)),4),\"\")","v":0.25}]
["S",0,2,4,0,0,18,{"$f":"IF(OR($A169=\"S\",$A169=0),0,MATCH(0,OFFSET($B169,1,$A169,ROW($A$1504)-ROW($A169)),0))","v":0},{"$f":"IF(OR($A169=\"S\",$A169=0),0,MATCH(OFFSET($B169,0,$A169)+1,OFFSET($B169,1,$A169,ROW($A$1504)-ROW($A169)),0))","v":0},"Insumo","2.4.18.","Cotação","Rec. Materiais","026",{"$f":"IF(NOT(ISERROR($Y169)),IF($Y169<>FALSE,INDEX(Banco,$Y169,5),\"\"),\"\")","v":"Saco de lixo (100 litros)"},"Pacote",2,15,"DI 1",18.75,37.5,null,{"$f":"IF(OR($A169=0,$A169=\"S\",$A169>CFF!$A$9),\"\",MAX(W$11:OFFSET(W169,-1,0))+1)","v":""},"Rec. Materiais-026",35,null,{"$f":"IF($J169=$G$2,ROUND(IF(ISNUMBER(S169),S169,IF(LEFT(S169,2)=\"DI\",HLOOKUP(S169,DADOS!$T$29:$X$30,2,FALSE),0)),4),\"\")","v":0.25}]
[{"$f":"CHOOSE(1+LOG(1+2*(J170=$C$2)+4*(J170=$D$2)+8*(J170=$E$2)+16*(J170=$F$2)+32*(J170=$G$2),2),0,1,2,3,4,\"S\")","v":2},{"$f":"IF(OR(A170=\"S\",A170=0),0,IF(ISERROR(I170),H170,SMALL(H170:I170,1)))","v":19},{"$f":"IF($A170=1,OFFSET(C170,-1,0)+1,OFFSET(C170,-1,0))","v":2},{"$f":"IF($A170=1,0,IF($A170=2,OFFSET(D170,-1,0)+1,OFFSET(D170,-1,0)))","v":5},{"$f":"IF(AND($A170<=2,$A170<>0),0,IF($A170=3,OFFSET(E170,-1,0)+1,OFFSET(E170,-1,0)))","v":0},{"$f":"IF(AND($A170<=3,$A170<>0),0,IF($A170=4,OFFSET(F170,-1,0)+1,OFFSET(F170,-1,0)))","v":0},{"$f":"IF(AND($A170<=4,$A170<>0),0,IF($A170=\"S\",OFFSET(G170,-1,0)+1,OFFSET(G170,-1,0)))","v":0},{"$f":"IF(OR($A170=\"S\",$A170=0),0,MATCH(0,OFFSET($B170,1,$A170,ROW($A$1504)-ROW($A170)),0))","v":32},{"$f":"IF(OR($A170=\"S\",$A170=0),0,MATCH(OFFSET($B170,0,$A170)+1,OFFSET($B170,1,$A170,ROW($A$1504)-ROW($A170)),0))","v":19},"AtivNível 1",{"$f":"IF($A170=0,\"-\",CONCATENATE(C170&\".\",IF(AND($A$5>=2,$A170>=2),D170&\".\",\"\"),IF(AND($A$5>=3,$A170>=3),E170&\".\",\"\"),IF(AND($A$5>=4,$A170>=4),F170&\".\",\"\"),IF($A170=\"S\",G170&\".\",\"\")))","v":"2.5."},{"$f":"IF(NOT(ISERROR($Y170)),IF($Y170<>FALSE,INDEX(Banco,$Y170,4),\"\"),\"\")","v":""},null,null,"Atividade 08 - Palestra: Mobilidade Urbana Bairro: Frutal de Minas e Jardim Paula II",{"$f":"IF(NOT(ISERROR($Y170)),IF($Y170<>FALSE,INDEX(Banco,$Y170,6),\"\"),\"\")","v":""},null,{"$f":"IF(NOT(ISERROR($Y170)),IF($Y170<>FALSE,INDEX(Banco,$Y170,7),0),0)","v":0},"DI 1",{"$f":"IF($J170=$G$2,ROUND(ROUND($R170,2)*IF($R$9=\"Preço Unitário (R$)\",1,1+$AA170),2),0)","v":0},{"$f":"IF($A170=\"S\",VTOTAL1,IF($A170=0,0,ROUND(SomaAgrup,2)))","v":6923.21},null,{"$f":"IF(OR($A170=0,$A170=\"S\",$A170>CFF!$A$9),\"\",MAX(W$11:OFFSET(W170,-1,0))+1)","v":10},{"$f":"IF(AND($J170=$G$2,$N170<>\"\",$M170<>\"\"),CONCATENATE($M170,\"-\",$N170))","v":false},{"$f":"IF(X170<>FALSE,MATCH(X170,OFFSET(Banco,0,0,,1),0))","v":false},null,{"$f":"IF($J170=$G$2,ROUND(IF(ISNUMBER(S170),S170,IF(LEFT(S170,2)=\"DI\",HLOOKUP(S170,DADOS!$T$29:$X$30,2,FALSE),0)),4),\"\")","v":""}]
[{"$f":"CHOOSE(1+LOG(1+2*(J171=$C$2)+4*(J171=$D$2)+8*(J171=$E$2)+16*(J171=$F$2)+32*(J171=$G$2),2),0,1,2,3,4,\"S\")","v":"S"},{"$f":"IF(OR(A171=\"S\",A171=0),0,IF(ISERROR(I171),H171,SMALL(H171:I171,1)))","v":0},2,5,0,0,1,{"$f":"IF(OR($A171=\"S\",$A171=0),0,MATCH(0,OFFSET($B171,1,$A171,ROW($A$1504)-ROW($A171)),0))","v":0},{"$f":"IF(OR($A171=\"S\",$A171=0),0,MATCH(OFFSET($B171,0,$A171)+1,OFFSET($B171,1,$A171,ROW($A$1504)-ROW($A171)),0))","v":0},"Insumo",{"$f":"IF($A171=0,\"-\",CONCATENATE(C171&\".\",IF(AND($A$5>=2,$A171>=2),D171&\".\",\"\"),IF(AND($A$5>=3,$A171>=3),E171&\".\",\"\"),IF(AND($A$5>=4,$A171>=4),F171&\".\",\"\"),IF($A171=\"S\",G171&\".\",\"\")))","v":"2.5.1."},"CRESS","Rec. Humanos","001",{"$f":"IF(NOT(ISERROR($Y171)),IF($Y171<>FALSE,INDEX(Banco,$Y171,5),\"\"),\"\")","v":"Responsável Técnica"},"Horas",6,150.28,"DI 1",187.85,1127.0999999999999,null,{"$f":"IF(OR($A171=0,$A171=\"S\",$A171>CFF!$A$9),\"\",MAX(W$11:OFFSET(W171,-1,0))+1)","v":""},"Rec. Humanos-001",{"$f":"IF(X171<>FALSE,MATCH(X171,OFFSET(Banco,0,0,,1),0))","v":3},null,{"$f":"IF($J171=$G$2,ROUND(IF(ISNUMBER(S171),S171,IF(LEFT(S171,2)=\"DI\",HLOOKUP(S171,DADOS!$T$29:$X$30,2,FALSE),0)),4),\"\")","v":0.25}]
["S",0,2,5,0,0,2,{"$f":"IF(OR($A172=\"S\",$A172=0),0,MATCH(0,OFFSET($B172,1,$A172,ROW($A$1504)-ROW($A172)),0))","v":0},{"$f":"IF(OR($A172=\"S\",$A172=0),0,MATCH(OFFSET($B172,0,$A172)+1,OFFSET($B172,1,$A172,ROW($A$1504)-ROW($A172)),0))","v":0},"Insumo","2.5.2.","CRESS","Rec. Humanos","002","Assistente Social","Horas",4,133.81,"DI 1",167.26,669.04,null,{"$f":"IF(OR($A172=0,$A172=\"S\",$A172>CFF!$A$9),\"\",MAX(W$11:OFFSET(W172,-1,0))+1)","v":""},"Rec. Humanos-002",4,null,{"$f":"IF($J172=$G$2,ROUND(IF(ISNUMBER(S172),S172,IF(LEFT(S172,2)=\"DI\",HLOOKUP(S172,DADOS!$T$29:$X$30,2,FALSE),0)),4),\"\")","v":0.25}]
["S",0,2,5,0,0,3,{"$f":"IF(OR($A173=\"S\",$A173=0),0,MATCH(0,OFFSET($B173,1,$A173,ROW($A$1504)-ROW($A173)),0))","v":0},{"$f":"IF(OR($A173=\"S\",$A173=0),0,MATCH(OFFSET($B173,0,$A173)+1,OFFSET($B173,1,$A173,ROW($A$1504)-ROW($A173)),0))","v":0},"Insumo","2.5.3.","Cotação","Rec. Humanos","003","Administrador (Técnico de Apoio) ","Horas",4,103.65,"DI 1",129.56,518.24,null,{"$f":"IF(OR($A173=0,$A173=\"S\",$A173>CFF!$A$9),\"\",MAX(W$11:OFFSET(W173,-1,0))+1)","v":""},"Rec. Humanos-003",5,null,{"$f":"IF($J173=$G$2,ROUND(IF(ISNUMBER(S173),S173,IF(LEFT(S173,2)=\"DI\",HLOOKUP(S173,DADOS!$T$29:$X$30,2,FALSE),0)),4),\"\")","v":0.25}]
["S",0,2,5,0,0,4,{"$f":"IF(OR($A174=\"S\",$A174=0),0,MATCH(0,OFFSET($B174,1,$A174,ROW($A$1504)-ROW($A174)),0))","v":0},{"$f":"IF(OR($A174=\"S\",$A174=0),0,MATCH(OFFSET($B174,0,$A174)+1,OFFSET($B174,1,$A174,ROW($A$1504)-ROW($A174)),0))","v":0},"Insumo","2.5.4.","SINE","Rec. Humanos","004","Estagiários","Horas",10,9.7899999999999991,"DI 1",12.24,122.4,null,{"$f":"IF(OR($A174=0,$A174=\"S\",$A174>CFF!$A$9),\"\",MAX(W$11:OFFSET(W174,-1,0))+1)","v":""},"Rec. Humanos-004",6,null,{"$f":"IF($J174=$G$2,ROUND(IF(ISNUMBER(S174),S174,IF(LEFT(S174,2)=\"DI\",HLOOKUP(S174,DADOS!$T$29:$X$30,2,FALSE),0)),4),\"\")","v":0.25}]
["S",0,2,5,0,0,5,{"$f":"IF(OR($A175=\"S\",$A175=0),0,MATCH(0,OFFSET($B175,1,$A175,ROW($A$1504)-ROW($A175)),0))","v":0},{"$f":"IF(OR($A175=\"S\",$A175=0),0,MATCH(OFFSET($B175,0,$A175)+1,OFFSET($B175,1,$A175,ROW($A$1504)-ROW($A175)),0))","v":0},"Insumo","2.5.5.","Cotação","Serv. Terc.","001","Fotocópias","Unidade",105,0.3,"DI 1",0.38,39.9,null,{"$f":"IF(OR($A175=0,$A175=\"S\",$A175>CFF!$A$9),\"\",MAX(W$11:OFFSET(W175,-1,0))+1)","v":""},"Serv. Terc.-001",81,null,{"$f":"IF($J175=$G$2,ROUND(IF(ISNUMBER(S175),S175,IF(LEFT(S175,2)=\"DI\",HLOOKUP(S175,DADOS!$T$29:$X$30,2,FALSE),0)),4),\"\")","v":0.25}]
["S",0,2,5,0,0,6,{"$f":"IF(OR($A176=\"S\",$A176=0),0,MATCH(0,OFFSET($B176,1,$A176,ROW($A$1504)-ROW($A176)),0))","v":0},{"$f":"IF(OR($A176=\"S\",$A176=0),0,MATCH(OFFSET($B176,0,$A176)+1,OFFSET($B176,1,$A176,ROW($A$1504)-ROW($A176)),0))","v":0},"Insumo","2.5.6.","Cotação","Serv. Terc.","002","Carro de som com gravação de vinheta","Horas",3,200,"DI 1",250,750,null,{"$f":"IF(OR($A176=0,$A176=\"S\",$A176>CFF!$A$9),\"\",MAX(W$11:OFFSET(W176,-1,0))+1)","v":""},"Serv. Terc.-002",82,null,{"$f":"IF($J176=$G$2,ROUND(IF(ISNUMBER(S176),S176,IF(LEFT(S176,2)=\"DI\",HLOOKUP(S176,DADOS!$T$29:$X$30,2,FALSE),0)),4),\"\")","v":0.25}]
["S",0,2,5,0,0,7,{"$f":"IF(OR($A177=\"S\",$A177=0),0,MATCH(0,OFFSET($B177,1,$A177,ROW($A$1504)-ROW($A177)),0))","v":0},{"$f":"IF(OR($A177=\"S\",$A177=0),0,MATCH(OFFSET($B177,0,$A177)+1,OFFSET($B177,1,$A177,ROW($A$1504)-ROW($A177)),0))","v":0},"Insumo","2.5.7.","Cotação","Serv. Terc.","017",{"$f":"IF(NOT(ISERROR($Y177)),IF($Y177<>FALSE,INDEX(Banco,$Y177,5),\"\"),\"\")","v":"Instrutor/Monitor (Educação Fisíca)"},"Horas",3,100,"DI 1",125,375,null,{"$f":"IF(OR($A177=0,$A177=\"S\",$A177>CFF!$A$9),\"\",MAX(W$11:OFFSET(W177,-1,0))+1)","v":""},"Serv. Terc.-017",97,null,{"$f":"IF($J177=$G$2,ROUND(IF(ISNUMBER(S177),S177,IF(LEFT(S177,2)=\"DI\",HLOOKUP(S177,DADOS!$T$29:$X$30,2,FALSE),0)),4),\"\")","v":0.25}]
["S",0,2,5,0,0,8,{"$f":"IF(OR($A178=\"S\",$A178=0),0,MATCH(0,OFFSET($B178,1,$A178,ROW($A$1504)-ROW($A178)),0))","v":0},{"$f":"IF(OR($A178=\"S\",$A178=0),0,MATCH(OFFSET($B178,0,$A178)+1,OFFSET($B178,1,$A178,ROW($A$1504)-ROW($A178)),0))","v":0},"Insumo","2.5.8.","Cotação","Serv. Terc.","005","Locação de caixa térmica","Unidade",2,40,"DI 1",50,100,null,{"$f":"IF(OR($A178=0,$A178=\"S\",$A178>CFF!$A$9),\"\",MAX(W$11:OFFSET(W178,-1,0))+1)","v":""},"Serv. Terc.-005",85,null,{"$f":"IF($J178=$G$2,ROUND(IF(ISNUMBER(S178),S178,IF(LEFT(S178,2)=\"DI\",HLOOKUP(S178,DADOS!$T$29:$X$30,2,FALSE),0)),4),\"\")","v":0.25}]
["S",0,2,5,0,0,9,{"$f":"IF(OR($A179=\"S\",$A179=0),0,MATCH(0,OFFSET($B179,1,$A179,ROW($A$1504)-ROW($A179)),0))","v":0},{"$f":"IF(OR($A179=\"S\",$A179=0),0,MATCH(OFFSET($B179,0,$A179)+1,OFFSET($B179,1,$A179,ROW($A$1504)-ROW($A179)),0))","v":0},"Insumo","2.5.9.","Cotação","Serv. Terc.","008","Locação de pula-pula com monitor","Unidade",2,220,"DI 1",275,550,null,{"$f":"IF(OR($A179=0,$A179=\"S\",$A179>CFF!$A$9),\"\",MAX(W$11:OFFSET(W179,-1,0))+1)","v":""},"Serv. Terc.-008",88,null,{"$f":"IF($J179=$G$2,ROUND(IF(ISNUMBER(S179),S179,IF(LEFT(S179,2)=\"DI\",HLOOKUP(S179,DADOS!$T$29:$X$30,2,FALSE),0)),4),\"\")","v":0.25}]
["S",0,2,5,0,0,10,{"$f":"IF(OR($A180=\"S\",$A180=0),0,MATCH(0,OFFSET($B180,1,$A180,ROW($A$1504)-ROW($A180)),0))","v":0},{"$f":"IF(OR($A180=\"S\",$A180=0),0,MATCH(OFFSET($B180,0,$A180)+1,OFFSET($B180,1,$A180,ROW($A$1504)-ROW($A180)),0))","v":0},"Insumo","2.5.10.","Cotação ","Serv. Terc.","010","Brindes ( descrição nos orçamentos e PTS)","Unidade",4,120,"DI 1",150,600,null,{"$f":"IF(OR($A180=0,$A180=\"S\",$A180>CFF!$A$9),\"\",MAX(W$11:OFFSET(W180,-1,0))+1)","v":""},"Serv. Terc.-010",90,null,{"$f":"IF($J180=$G$2,ROUND(IF(ISNUMBER(S180),S180,IF(LEFT(S180,2)=\"DI\",HLOOKUP(S180,DADOS!$T$29:$X$30,2,FALSE),0)),4),\"\")","v":0.25}]
["S",0,2,5,0,0,11,{"$f":"IF(OR($A181=\"S\",$A181=0),0,MATCH(0,OFFSET($B181,1,$A181,ROW($A$1504)-ROW($A181)),0))","v":0},{"$f":"IF(OR($A181=\"S\",$A181=0),0,MATCH(OFFSET($B181,0,$A181)+1,OFFSET($B181,1,$A181,ROW($A$1504)-ROW($A181)),0))","v":0},"Insumo","2.5.11.","Cotação ","Serv. Terc.","011","Barra de gelo","Unidade",4,12,"DI 1",15,60,null,{"$f":"IF(OR($A181=0,$A181=\"S\",$A181>CFF!$A$9),\"\",MAX(W$11:OFFSET(W181,-1,0))+1)","v":""},"Serv. Terc.-011",91,null,{"$f":"IF($J181=$G$2,ROUND(IF(ISNUMBER(S181),S181,IF(LEFT(S181,2)=\"DI\",HLOOKUP(S181,DADOS!$T$29:$X$30,2,FALSE),0)),4),\"\")","v":0.25}]
["S",0,2,5,0,0,12,{"$f":"IF(OR($A182=\"S\",$A182=0),0,MATCH(0,OFFSET($B182,1,$A182,ROW($A$1504)-ROW($A182)),0))","v":0},{"$f":"IF(OR($A182=\"S\",$A182=0),0,MATCH(OFFSET($B182,0,$A182)+1,OFFSET($B182,1,$A182,ROW($A$1504)-ROW($A182)),0))","v":0},"Insumo","2.5.12.","Cotação","Serv. Terc.","013","Sucos","Unidade",12,6.4,"DI 1",8,96,null,{"$f":"IF(OR($A182=0,$A182=\"S\",$A182>CFF!$A$9),\"\",MAX(W$11:OFFSET(W182,-1,0))+1)","v":""},"Serv. Terc.-013",93,null,{"$f":"IF($J182=$G$2,ROUND(IF(ISNUMBER(S182),S182,IF(LEFT(S182,2)=\"DI\",HLOOKUP(S182,DADOS!$T$29:$X$30,2,FALSE),0)),4),\"\")","v":0.25}]
[{"$f":"CHOOSE(1+LOG(1+2*(J183=$C$2)+4*(J183=$D$2)+8*(J183=$E$2)+16*(J183=$F$2)+32*(J183=$G$2),2),0,1,2,3,4,\"S\")","v":"S"},{"$f":"IF(OR(A183=\"S\",A183=0),0,IF(ISERROR(I183),H183,SMALL(H183:I183,1)))","v":0},{"$f":"IF($A183=1,OFFSET(C183,-1,0)+1,OFFSET(C183,-1,0))","v":2},{"$f":"IF($A183=1,0,IF($A183=2,OFFSET(D183,-1,0)+1,OFFSET(D183,-1,0)))","v":5},{"$f":"IF(AND($A183<=2,$A183<>0),0,IF($A183=3,OFFSET(E183,-1,0)+1,OFFSET(E183,-1,0)))","v":0},{"$f":"IF(AND($A183<=3,$A183<>0),0,IF($A183=4,OFFSET(F183,-1,0)+1,OFFSET(F183,-1,0)))","v":0},{"$f":"IF(AND($A183<=4,$A183<>0),0,IF($A183=\"S\",OFFSET(G183,-1,0)+1,OFFSET(G183,-1,0)))","v":13},{"$f":"IF(OR($A183=\"S\",$A183=0),0,MATCH(0,OFFSET($B183,1,$A183,ROW($A$1504)-ROW($A183)),0))","v":0},{"$f":"IF(OR($A183=\"S\",$A183=0),0,MATCH(OFFSET($B183,0,$A183)+1,OFFSET($B183,1,$A183,ROW($A$1504)-ROW($A183)),0))","v":0},"Insumo",{"$f":"IF($A183=0,\"-\",CONCATENATE(C183&\".\",IF(AND($A$5>=2,$A183>=2),D183&\".\",\"\"),IF(AND($A$5>=3,$A183>=3),E183&\".\",\"\"),IF(AND($A$5>=4,$A183>=4),F183&\".\",\"\"),IF($A183=\"S\",G183&\".\",\"\")))","v":"2.5.13."},{"$f":"IF(NOT(ISERROR($Y183)),IF($Y183<>FALSE,INDEX(Banco,$Y183,4),\"\"),\"\")","v":"Cotação"},"Serv. Terc.","027",{"$f":"IF(NOT(ISERROR($Y183)),IF($Y183<>FALSE,INDEX(Banco,$Y183,5),\"\"),\"\")","v":"Refrigerantes (02 litros) "},{"$f":"IF(NOT(ISERROR($Y183)),IF($Y183<>FALSE,INDEX(Banco,$Y183,6),\"\"),\"\")","v":"Unidade"},20,{"$f":"IF(NOT(ISERROR($Y183)),IF($Y183<>FALSE,INDEX(Banco,$Y183,7),0),0)","v":6},"DI 1",{"$f":"IF($J183=$G$2,ROUND(ROUND($R183,2)*IF($R$9=\"Preço Unitário (R$)\",1,1+$AA183),2),0)","v":7.5},{"$f":"IF($A183=\"S\",VTOTAL1,IF($A183=0,0,ROUND(SomaAgrup,2)))","v":150},null,{"$f":"IF(OR($A183=0,$A183=\"S\",$A183>CFF!$A$9),\"\",MAX(W$11:OFFSET(W183,-1,0))+1)","v":""},{"$f":"IF(AND($J183=$G$2,$N183<>\"\",$M183<>\"\"),CONCATENATE($M183,\"-\",$N183))","v":"Serv. Terc.-027"},{"$f":"IF(X183<>FALSE,MATCH(X183,OFFSET(Banco,0,0,,1),0))","v":107},null,{"$f":"IF($J183=$G$2,ROUND(IF(ISNUMBER(S183),S183,IF(LEFT(S183,2)=\"DI\",HLOOKUP(S183,DADOS!$T$29:$X$30,2,FALSE),0)),4),\"\")","v":0.25}]
["S",0,2,5,0,0,14,{"$f":"IF(OR($A184=\"S\",$A184=0),0,MATCH(0,OFFSET($B184,1,$A184,ROW($A$1504)-ROW($A184)),0))","v":0},{"$f":"IF(OR($A184=\"S\",$A184=0),0,MATCH(OFFSET($B184,0,$A184)+1,OFFSET($B184,1,$A184,ROW($A$1504)-ROW($A184)),0))","v":0},"Insumo","2.5.14.","Cotação","Serv. Terc.","015","Coffee break (salgados)","Centro",15,65,"DI 1",81.25,1218.75,null,{"$f":"IF(OR($A184=0,$A184=\"S\",$A184>CFF!$A$9),\"\",MAX(W$11:OFFSET(W184,-1,0))+1)","v":""},"Serv. Terc.-015",95,null,{"$f":"IF($J184=$G$2,ROUND(IF(ISNUMBER(S184),S184,IF(LEFT(S184,2)=\"DI\",HLOOKUP(S184,DADOS!$T$29:$X$30,2,FALSE),0)),4),\"\")","v":0.25}]
["S",0,2,5,0,0,15,{"$f":"IF(OR($A185=\"S\",$A185=0),0,MATCH(0,OFFSET($B185,1,$A185,ROW($A$1504)-ROW($A185)),0))","v":0},{"$f":"IF(OR($A185=\"S\",$A185=0),0,MATCH(OFFSET($B185,0,$A185)+1,OFFSET($B185,1,$A185,ROW($A$1504)-ROW($A185)),0))","v":0},"Insumo","2.5.15.","Cotação","Rec. Materiais","020",{"$f":"IF(NOT(ISERROR($Y185)),IF($Y185<>FALSE,INDEX(Banco,$Y185,5),\"\"),\"\")","v":"Guloseimas (balas e pirulito)"},"Pacote",4,12,"DI 1",15,60,null,{"$f":"IF(OR($A185=0,$A185=\"S\",$A185>CFF!$A$9),\"\",MAX(W$11:OFFSET(W185,-1,0))+1)","v":""},"Rec. Materiais-020",29,null,{"$f":"IF($J185=$G$2,ROUND(IF(ISNUMBER(S185),S185,IF(LEFT(S185,2)=\"DI\",HLOOKUP(S185,DADOS!$T$29:$X$30,2,FALSE),0)),4),\"\")","v":0.25}]
[{"$f":"CHOOSE(1+LOG(1+2*(J186=$C$2)+4*(J186=$D$2)+8*(J186=$E$2)+16*(J186=$F$2)+32*(J186=$G$2),2),0,1,2,3,4,\"S\")","v":"S"},{"$f":"IF(OR(A186=\"S\",A186=0),0,IF(ISERROR(I186),H186,SMALL(H186:I186,1)))","v":0},{"$f":"IF($A186=1,OFFSET(C186,-1,0)+1,OFFSET(C186,-1,0))","v":2},{"$f":"IF($A186=1,0,IF($A186=2,OFFSET(D186,-1,0)+1,OFFSET(D186,-1,0)))","v":5},{"$f":"IF(AND($A186<=2,$A186<>0),0,IF($A186=3,OFFSET(E186,-1,0)+1,OFFSET(E186,-1,0)))","v":0},{"$f":"IF(AND($A186<=3,$A186<>0),0,IF($A186=4,OFFSET(F186,-1,0)+1,OFFSET(F186,-1,0)))","v":0},{"$f":"IF(AND($A186<=4,$A186<>0),0,IF($A186=\"S\",OFFSET(G186,-1,0)+1,OFFSET(G186,-1,0)))","v":16},{"$f":"IF(OR($A186=\"S\",$A186=0),0,MATCH(0,OFFSET($B186,1,$A186,ROW($A$1504)-ROW($A186)),0))","v":0},{"$f":"IF(OR($A186=\"S\",$A186=0),0,MATCH(OFFSET($B186,0,$A186)+1,OFFSET($B186,1,$A186,ROW($A$1504)-ROW($A186)),0))","v":0},"Insumo",{"$f":"IF($A186=0,\"-\",CONCATENATE(C186&\".\",IF(AND($A$5>=2,$A186>=2),D186&\".\",\"\"),IF(AND($A$5>=3,$A186>=3),E186&\".\",\"\"),IF(AND($A$5>=4,$A186>=4),F186&\".\",\"\"),IF($A186=\"S\",G186&\".\",\"\")))","v":"2.5.16."},{"$f":"IF(NOT(ISERROR($Y186)),IF($Y186<>FALSE,INDEX(Banco,$Y186,4),\"\"),\"\")","v":"SINAPI "},"Serv. Terc.","041",{"$f":"IF(NOT(ISERROR($Y186)),IF($Y186<>FALSE,INDEX(Banco,$Y186,5),\"\"),\"\")","v":"Arquiteto "},{"$f":"IF(NOT(ISERROR($Y186)),IF($Y186<>FALSE,INDEX(Banco,$Y186,6),\"\"),\"\")","v":"Horas"},4,{"$f":"IF(NOT(ISERROR($Y186)),IF($Y186<>FALSE,INDEX(Banco,$Y186,7),0),0)","v":86.85},"DI 1",{"$f":"IF($J186=$G$2,ROUND(ROUND($R186,2)*IF($R$9=\"Preço Unitário (R$)\",1,1+$AA186),2),0)","v":108.56},{"$f":"IF($A186=\"S\",VTOTAL1,IF($A186=0,0,ROUND(SomaAgrup,2)))","v":434.24},null,{"$f":"IF(OR($A186=0,$A186=\"S\",$A186>CFF!$A$9),\"\",MAX(W$11:OFFSET(W186,-1,0))+1)","v":""},{"$f":"IF(AND($J186=$G$2,$N186<>\"\",$M186<>\"\"),CONCATENATE($M186,\"-\",$N186))","v":"Serv. Terc.-041"},{"$f":"IF(X186<>FALSE,MATCH(X186,OFFSET(Banco,0,0,,1),0))","v":121},null,{"$f":"IF($J186=$G$2,ROUND(IF(ISNUMBER(S186),S186,IF(LEFT(S186,2)=\"DI\",HLOOKUP(S186,DADOS!$T$29:$X$30,2,FALSE),0)),4),\"\")","v":0.25}]
["S",0,2,5,0,0,17,{"$f":"IF(OR($A187=\"S\",$A187=0),0,MATCH(0,OFFSET($B187,1,$A187,ROW($A$1504)-ROW($A187)),0))","v":0},{"$f":"IF(OR($A187=\"S\",$A187=0),0,MATCH(OFFSET($B187,0,$A187)+1,OFFSET($B187,1,$A187,ROW($A$1504)-ROW($A187)),0))","v":0},"Insumo","2.5.17.","Cotação","Rec. Materiais","021",{"$f":"IF(NOT(ISERROR($Y187)),IF($Y187<>FALSE,INDEX(Banco,$Y187,5),\"\"),\"\")","v":"Papel de presente"},"Folhas",8,1.5,"DI 1",1.88,15.04,null,{"$f":"IF(OR($A187=0,$A187=\"S\",$A187>CFF!$A$9),\"\",MAX(W$11:OFFSET(W187,-1,0))+1)","v":""},"Rec. Materiais-021",30,null,{"$f":"IF($J187=$G$2,ROUND(IF(ISNUMBER(S187),S187,IF(LEFT(S187,2)=\"DI\",HLOOKUP(S187,DADOS!$T$29:$X$30,2,FALSE),0)),4),\"\")","v":0.25}]
["S",0,2,5,0,0,18,{"$f":"IF(OR($A188=\"S\",$A188=0),0,MATCH(0,OFFSET($B188,1,$A188,ROW($A$1504)-ROW($A188)),0))","v":0},{"$f":"IF(OR($A188=\"S\",$A188=0),0,MATCH(OFFSET($B188,0,$A188)+1,OFFSET($B188,1,$A188,ROW($A$1504)-ROW($A188)),0))","v":0},"Insumo","2.5.18.","Cotação","Rec. Materiais","026",{"$f":"IF(NOT(ISERROR($Y188)),IF($Y188<>FALSE,INDEX(Banco,$Y188,5),\"\"),\"\")","v":"Saco de lixo (100 litros)"},"Pacote",2,15,"DI 1",18.75,37.5,null,{"$f":"IF(OR($A188=0,$A188=\"S\",$A188>CFF!$A$9),\"\",MAX(W$11:OFFSET(W188,-1,0))+1)","v":""},"Rec. Materiais-026",35,null,{"$f":"IF($J188=$G$2,ROUND(IF(ISNUMBER(S188),S188,IF(LEFT(S188,2)=\"DI\",HLOOKUP(S188,DADOS!$T$29:$X$30,2,FALSE),0)),4),\"\")","v":0.25}]
[{"$f":"CHOOSE(1+LOG(1+2*(J189=$C$2)+4*(J189=$D$2)+8*(J189=$E$2)+16*(J189=$F$2)+32*(J189=$G$2),2),0,1,2,3,4,\"S\")","v":2},{"$f":"IF(OR(A189=\"S\",A189=0),0,IF(ISERROR(I189),H189,SMALL(H189:I189,1)))","v":9},{"$f":"IF($A189=1,OFFSET(C189,-1,0)+1,OFFSET(C189,-1,0))","v":2},{"$f":"IF($A189=1,0,IF($A189=2,OFFSET(D189,-1,0)+1,OFFSET(D189,-1,0)))","v":6},{"$f":"IF(AND($A189<=2,$A189<>0),0,IF($A189=3,OFFSET(E189,-1,0)+1,OFFSET(E189,-1,0)))","v":0},{"$f":"IF(AND($A189<=3,$A189<>0),0,IF($A189=4,OFFSET(F189,-1,0)+1,OFFSET(F189,-1,0)))","v":0},{"$f":"IF(AND($A189<=4,$A189<>0),0,IF($A189=\"S\",OFFSET(G189,-1,0)+1,OFFSET(G189,-1,0)))","v":0},{"$f":"IF(OR($A189=\"S\",$A189=0),0,MATCH(0,OFFSET($B189,1,$A189,ROW($A$1504)-ROW($A189)),0))","v":13},{"$f":"IF(OR($A189=\"S\",$A189=0),0,MATCH(OFFSET($B189,0,$A189)+1,OFFSET($B189,1,$A189,ROW($A$1504)-ROW($A189)),0))","v":9},"AtivNível 1",{"$f":"IF($A189=0,\"-\",CONCATENATE(C189&\".\",IF(AND($A$5>=2,$A189>=2),D189&\".\",\"\"),IF(AND($A$5>=3,$A189>=3),E189&\".\",\"\"),IF(AND($A$5>=4,$A189>=4),F189&\".\",\"\"),IF($A189=\"S\",G189&\".\",\"\")))","v":"2.6."},{"$f":"IF(NOT(ISERROR($Y189)),IF($Y189<>FALSE,INDEX(Banco,$Y189,4),\"\"),\"\")","v":""},null,null,"Atividade 09 - Oficina para melhor idade: Região Jardim Ikaraí",{"$f":"IF(NOT(ISERROR($Y189)),IF($Y189<>FALSE,INDEX(Banco,$Y189,6),\"\"),\"\")","v":""},null,{"$f":"IF(NOT(ISERROR($Y189)),IF($Y189<>FALSE,INDEX(Banco,$Y189,7),0),0)","v":0},"DI 1",{"$f":"IF($J189=$G$2,ROUND(ROUND($R189,2)*IF($R$9=\"Preço Unitário (R$)\",1,1+$AA189),2),0)","v":0},{"$f":"IF($A189=\"S\",VTOTAL1,IF($A189=0,0,ROUND(SomaAgrup,2)))","v":4465.74},null,{"$f":"IF(OR($A189=0,$A189=\"S\",$A189>CFF!$A$9),\"\",MAX(W$11:OFFSET(W189,-1,0))+1)","v":11},{"$f":"IF(AND($J189=$G$2,$N189<>\"\",$M189<>\"\"),CONCATENATE($M189,\"-\",$N189))","v":false},{"$f":"IF(X189<>FALSE,MATCH(X189,OFFSET(Banco,0,0,,1),0))","v":false},null,{"$f":"IF($J189=$G$2,ROUND(IF(ISNUMBER(S189),S189,IF(LEFT(S189,2)=\"DI\",HLOOKUP(S189,DADOS!$T$29:$X$30,2,FALSE),0)),4),\"\")","v":""}]
[{"$f":"CHOOSE(1+LOG(1+2*(J190=$C$2)+4*(J190=$D$2)+8*(J190=$E$2)+16*(J190=$F$2)+32*(J190=$G$2),2),0,1,2,3,4,\"S\")","v":"S"},{"$f":"IF(OR(A190=\"S\",A190=0),0,IF(ISERROR(I190),H190,SMALL(H190:I190,1)))","v":0},2,6,0,0,1,{"$f":"IF(OR($A190=\"S\",$A190=0),0,MATCH(0,OFFSET($B190,1,$A190,ROW($A$1504)-ROW($A190)),0))","v":0},{"$f":"IF(OR($A190=\"S\",$A190=0),0,MATCH(OFFSET($B190,0,$A190)+1,OFFSET($B190,1,$A190,ROW($A$1504)-ROW($A190)),0))","v":0},"Insumo",{"$f":"IF($A190=0,\"-\",CONCATENATE(C190&\".\",IF(AND($A$5>=2,$A190>=2),D190&\".\",\"\"),IF(AND($A$5>=3,$A190>=3),E190&\".\",\"\"),IF(AND($A$5>=4,$A190>=4),F190&\".\",\"\"),IF($A190=\"S\",G190&\".\",\"\")))","v":"2.6.1."},"CRESS","Rec. Humanos","001",{"$f":"IF(NOT(ISERROR($Y190)),IF($Y190<>FALSE,INDEX(Banco,$Y190,5),\"\"),\"\")","v":"Responsável Técnica"},"Horas",4,150.28,"DI 1",187.85,751.4,null,{"$f":"IF(OR($A190=0,$A190=\"S\",$A190>CFF!$A$9),\"\",MAX(W$11:OFFSET(W190,-1,0))+1)","v":""},"Rec. Humanos-001",{"$f":"IF(X190<>FALSE,MATCH(X190,OFFSET(Banco,0,0,,1),0))","v":3},null,{"$f":"IF($J190=$G$2,ROUND(IF(ISNUMBER(S190),S190,IF(LEFT(S190,2)=\"DI\",HLOOKUP(S190,DADOS!$T$29:$X$30,2,FALSE),0)),4),\"\")","v":0.25}]
["S",0,2,6,0,0,2,{"$f":"IF(OR($A191=\"S\",$A191=0),0,MATCH(0,OFFSET($B191,1,$A191,ROW($A$1504)-ROW($A191)),0))","v":0},{"$f":"IF(OR($A191=\"S\",$A191=0),0,MATCH(OFFSET($B191,0,$A191)+1,OFFSET($B191,1,$A191,ROW($A$1504)-ROW($A191)),0))","v":0},"Insumo","2.6.2.","CRESS","Rec. Humanos","002","Assistente Social","Horas",4,133.81,"DI 1",167.26,669.04,null,{"$f":"IF(OR($A191=0,$A191=\"S\",$A191>CFF!$A$9),\"\",MAX(W$11:OFFSET(W191,-1,0))+1)","v":""},"Rec. Humanos-002",4,null,{"$f":"IF($J191=$G$2,ROUND(IF(ISNUMBER(S191),S191,IF(LEFT(S191,2)=\"DI\",HLOOKUP(S191,DADOS!$T$29:$X$30,2,FALSE),0)),4),\"\")","v":0.25}]
["S",0,2,6,0,0,3,{"$f":"IF(OR($A192=\"S\",$A192=0),0,MATCH(0,OFFSET($B192,1,$A192,ROW($A$1504)-ROW($A192)),0))","v":0},{"$f":"IF(OR($A192=\"S\",$A192=0),0,MATCH(OFFSET($B192,0,$A192)+1,OFFSET($B192,1,$A192,ROW($A$1504)-ROW($A192)),0))","v":0},"Insumo","2.6.3.","Cotação","Serv. Terc.","033","Coffe break (salgados) ","Centro",4,65,"DI 1",81.25,325,null,{"$f":"IF(OR($A192=0,$A192=\"S\",$A192>CFF!$A$9),\"\",MAX(W$11:OFFSET(W192,-1,0))+1)","v":""},"Serv. Terc.-033",113,null,{"$f":"IF($J192=$G$2,ROUND(IF(ISNUMBER(S192),S192,IF(LEFT(S192,2)=\"DI\",HLOOKUP(S192,DADOS!$T$29:$X$30,2,FALSE),0)),4),\"\")","v":0.25}]
["S",0,{"$f":"IF($A193=1,OFFSET(C193,-1,0)+1,OFFSET(C193,-1,0))","v":2},{"$f":"IF($A193=1,0,IF($A193=2,OFFSET(D193,-1,0)+1,OFFSET(D193,-1,0)))","v":6},{"$f":"IF(AND($A193<=2,$A193<>0),0,IF($A193=3,OFFSET(E193,-1,0)+1,OFFSET(E193,-1,0)))","v":0},{"$f":"IF(AND($A193<=3,$A193<>0),0,IF($A193=4,OFFSET(F193,-1,0)+1,OFFSET(F193,-1,0)))","v":0},{"$f":"IF(AND($A193<=4,$A193<>0),0,IF($A193=\"S\",OFFSET(G193,-1,0)+1,OFFSET(G193,-1,0)))","v":4},{"$f":"IF(OR($A193=\"S\",$A193=0),0,MATCH(0,OFFSET($B193,1,$A193,ROW($A$1504)-ROW($A193)),0))","v":0},{"$f":"IF(OR($A193=\"S\",$A193=0),0,MATCH(OFFSET($B193,0,$A193)+1,OFFSET($B193,1,$A193,ROW($A$1504)-ROW($A193)),0))","v":0},"Insumo","2.6.4.",{"$f":"IF(NOT(ISERROR($Y193)),IF($Y193<>FALSE,INDEX(Banco,$Y193,4),\"\"),\"\")","v":"Cotação"},"Serv. Terc.","027",{"$f":"IF(NOT(ISERROR($Y193)),IF($Y193<>FALSE,INDEX(Banco,$Y193,5),\"\"),\"\")","v":"Refrigerantes (02 litros) "},{"$f":"IF(NOT(ISERROR($Y193)),IF($Y193<>FALSE,INDEX(Banco,$Y193,6),\"\"),\"\")","v":"Unidade"},4,{"$f":"IF(NOT(ISERROR($Y193)),IF($Y193<>FALSE,INDEX(Banco,$Y193,7),0),0)","v":6},"DI 1",{"$f":"IF($J193=$G$2,ROUND(ROUND($R193,2)*IF($R$9=\"Preço Unitário (R$)\",1,1+$AA193),2),0)","v":7.5},{"$f":"IF($A193=\"S\",VTOTAL1,IF($A193=0,0,ROUND(SomaAgrup,2)))","v":30},null,{"$f":"IF(OR($A193=0,$A193=\"S\",$A193>CFF!$A$9),\"\",MAX(W$11:OFFSET(W193,-1,0))+1)","v":""},{"$f":"IF(AND($J193=$G$2,$N193<>\"\",$M193<>\"\"),CONCATENATE($M193,\"-\",$N193))","v":"Serv. Terc.-027"},107,null,{"$f":"IF($J193=$G$2,ROUND(IF(ISNUMBER(S193),S193,IF(LEFT(S193,2)=\"DI\",HLOOKUP(S193,DADOS!$T$29:$X$30,2,FALSE),0)),4),\"\")","v":0.25}]
["S",0,2,6,0,0,5,{"$f":"IF(OR($A194=\"S\",$A194=0),0,MATCH(0,OFFSET($B194,1,$A194,ROW($A$1504)-ROW($A194)),0))","v":0},{"$f":"IF(OR($A194=\"S\",$A194=0),0,MATCH(OFFSET($B194,0,$A194)+1,OFFSET($B194,1,$A194,ROW($A$1504)-ROW($A194)),0))","v":0},"Insumo","2.6.5.","CREFITO","Serv. Terc.","085","Fisioterapeuta (Massagem terapêutica)","Vagas",40,41.6,"DI 1",52,2080,null,{"$f":"IF(OR($A194=0,$A194=\"S\",$A194>CFF!$A$9),\"\",MAX(W$11:OFFSET(W194,-1,0))+1)","v":""},"Serv. Terc.-085",165,null,{"$f":"IF($J194=$G$2,ROUND(IF(ISNUMBER(S194),S194,IF(LEFT(S194,2)=\"DI\",HLOOKUP(S194,DADOS!$T$29:$X$30,2,FALSE),0)),4),\"\")","v":0.25}]
["S",0,{"$f":"IF($A195=1,OFFSET(C195,-1,0)+1,OFFSET(C195,-1,0))","v":2},{"$f":"IF($A195=1,0,IF($A195=2,OFFSET(D195,-1,0)+1,OFFSET(D195,-1,0)))","v":6},{"$f":"IF(AND($A195<=2,$A195<>0),0,IF($A195=3,OFFSET(E195,-1,0)+1,OFFSET(E195,-1,0)))","v":0},{"$f":"IF(AND($A195<=3,$A195<>0),0,IF($A195=4,OFFSET(F195,-1,0)+1,OFFSET(F195,-1,0)))","v":0},{"$f":"IF(AND($A195<=4,$A195<>0),0,IF($A195=\"S\",OFFSET(G195,-1,0)+1,OFFSET(G195,-1,0)))","v":6},{"$f":"IF(OR($A195=\"S\",$A195=0),0,MATCH(0,OFFSET($B195,1,$A195,ROW($A$1504)-ROW($A195)),0))","v":0},{"$f":"IF(OR($A195=\"S\",$A195=0),0,MATCH(OFFSET($B195,0,$A195)+1,OFFSET($B195,1,$A195,ROW($A$1504)-ROW($A195)),0))","v":0},"Insumo","2.6.6.",{"$f":"IF(NOT(ISERROR($Y195)),IF($Y195<>FALSE,INDEX(Banco,$Y195,4),\"\"),\"\")","v":"COREN"},"Serv. Terc.","086","Técnica de Enfermagem (Instrutor)",{"$f":"IF(NOT(ISERROR($Y195)),IF($Y195<>FALSE,INDEX(Banco,$Y195,6),\"\"),\"\")","v":"Horas"},2,{"$f":"IF(NOT(ISERROR($Y195)),IF($Y195<>FALSE,INDEX(Banco,$Y195,7),0),0)","v":92.65},"DI 1",{"$f":"IF($J195=$G$2,ROUND(ROUND($R195,2)*IF($R$9=\"Preço Unitário (R$)\",1,1+$AA195),2),0)","v":115.81},{"$f":"IF($A195=\"S\",VTOTAL1,IF($A195=0,0,ROUND(SomaAgrup,2)))","v":231.62},null,{"$f":"IF(OR($A195=0,$A195=\"S\",$A195>CFF!$A$9),\"\",MAX(W$11:OFFSET(W195,-1,0))+1)","v":""},{"$f":"IF(AND($J195=$G$2,$N195<>\"\",$M195<>\"\"),CONCATENATE($M195,\"-\",$N195))","v":"Serv. Terc.-086"},166,null,{"$f":"IF($J195=$G$2,ROUND(IF(ISNUMBER(S195),S195,IF(LEFT(S195,2)=\"DI\",HLOOKUP(S195,DADOS!$T$29:$X$30,2,FALSE),0)),4),\"\")","v":0.25}]
["S",0,{"$f":"IF($A196=1,OFFSET(C196,-1,0)+1,OFFSET(C196,-1,0))","v":2},{"$f":"IF($A196=1,0,IF($A196=2,OFFSET(D196,-1,0)+1,OFFSET(D196,-1,0)))","v":6},{"$f":"IF(AND($A196<=2,$A196<>0),0,IF($A196=3,OFFSET(E196,-1,0)+1,OFFSET(E196,-1,0)))","v":0},{"$f":"IF(AND($A196<=3,$A196<>0),0,IF($A196=4,OFFSET(F196,-1,0)+1,OFFSET(F196,-1,0)))","v":0},{"$f":"IF(AND($A196<=4,$A196<>0),0,IF($A196=\"S\",OFFSET(G196,-1,0)+1,OFFSET(G196,-1,0)))","v":7},{"$f":"IF(OR($A196=\"S\",$A196=0),0,MATCH(0,OFFSET($B196,1,$A196,ROW($A$1504)-ROW($A196)),0))","v":0},{"$f":"IF(OR($A196=\"S\",$A196=0),0,MATCH(OFFSET($B196,0,$A196)+1,OFFSET($B196,1,$A196,ROW($A$1504)-ROW($A196)),0))","v":0},"Insumo","2.6.7.",{"$f":"IF(NOT(ISERROR($Y196)),IF($Y196<>FALSE,INDEX(Banco,$Y196,4),\"\"),\"\")","v":"Cotação"},"Serv. Terc.","017",{"$f":"IF(NOT(ISERROR($Y196)),IF($Y196<>FALSE,INDEX(Banco,$Y196,5),\"\"),\"\")","v":"Instrutor/Monitor (Educação Fisíca)"},{"$f":"IF(NOT(ISERROR($Y196)),IF($Y196<>FALSE,INDEX(Banco,$Y196,6),\"\"),\"\")","v":"Horas"},2,{"$f":"IF(NOT(ISERROR($Y196)),IF($Y196<>FALSE,INDEX(Banco,$Y196,7),0),0)","v":100},"DI 1",{"$f":"IF($J196=$G$2,ROUND(ROUND($R196,2)*IF($R$9=\"Preço Unitário (R$)\",1,1+$AA196),2),0)","v":125},{"$f":"IF($A196=\"S\",VTOTAL1,IF($A196=0,0,ROUND(SomaAgrup,2)))","v":250},null,{"$f":"IF(OR($A196=0,$A196=\"S\",$A196>CFF!$A$9),\"\",MAX(W$11:OFFSET(W196,-1,0))+1)","v":""},{"$f":"IF(AND($J196=$G$2,$N196<>\"\",$M196<>\"\"),CONCATENATE($M196,\"-\",$N196))","v":"Serv. Terc.-017"},97,null,{"$f":"IF($J196=$G$2,ROUND(IF(ISNUMBER(S196),S196,IF(LEFT(S196,2)=\"DI\",HLOOKUP(S196,DADOS!$T$29:$X$30,2,FALSE),0)),4),\"\")","v":0.25}]
["S",0,{"$f":"IF($A197=1,OFFSET(C197,-1,0)+1,OFFSET(C197,-1,0))","v":2},{"$f":"IF($A197=1,0,IF($A197=2,OFFSET(D197,-1,0)+1,OFFSET(D197,-1,0)))","v":6},{"$f":"IF(AND($A197<=2,$A197<>0),0,IF($A197=3,OFFSET(E197,-1,0)+1,OFFSET(E197,-1,0)))","v":0},{"$f":"IF(AND($A197<=3,$A197<>0),0,IF($A197=4,OFFSET(F197,-1,0)+1,OFFSET(F197,-1,0)))","v":0},{"$f":"IF(AND($A197<=4,$A197<>0),0,IF($A197=\"S\",OFFSET(G197,-1,0)+1,OFFSET(G197,-1,0)))","v":8},{"$f":"IF(OR($A197=\"S\",$A197=0),0,MATCH(0,OFFSET($B197,1,$A197,ROW($A$1504)-ROW($A197)),0))","v":0},{"$f":"IF(OR($A197=\"S\",$A197=0),0,MATCH(OFFSET($B197,0,$A197)+1,OFFSET($B197,1,$A197,ROW($A$1504)-ROW($A197)),0))","v":0},"Insumo","2.6.8.",{"$f":"IF(NOT(ISERROR($Y197)),IF($Y197<>FALSE,INDEX(Banco,$Y197,4),\"\"),\"\")","v":"Cotação"},"Serv. Terc.","061",{"$f":"IF(NOT(ISERROR($Y197)),IF($Y197<>FALSE,INDEX(Banco,$Y197,5),\"\"),\"\")","v":"KIT (massagem terapêutica)"},{"$f":"IF(NOT(ISERROR($Y197)),IF($Y197<>FALSE,INDEX(Banco,$Y197,6),\"\"),\"\")","v":"KIT"},1,{"$f":"IF(NOT(ISERROR($Y197)),IF($Y197<>FALSE,INDEX(Banco,$Y197,7),0),0)","v":102.94},"DI 1",{"$f":"IF($J197=$G$2,ROUND(ROUND($R197,2)*IF($R$9=\"Preço Unitário (R$)\",1,1+$AA197),2),0)","v":128.68},{"$f":"IF($A197=\"S\",VTOTAL1,IF($A197=0,0,ROUND(SomaAgrup,2)))","v":128.68},null,{"$f":"IF(OR($A197=0,$A197=\"S\",$A197>CFF!$A$9),\"\",MAX(W$11:OFFSET(W197,-1,0))+1)","v":""},{"$f":"IF(AND($J197=$G$2,$N197<>\"\",$M197<>\"\"),CONCATENATE($M197,\"-\",$N197))","v":"Serv. Terc.-061"},141,null,{"$f":"IF($J197=$G$2,ROUND(IF(ISNUMBER(S197),S197,IF(LEFT(S197,2)=\"DI\",HLOOKUP(S197,DADOS!$T$29:$X$30,2,FALSE),0)),4),\"\")","v":0.25}]
[{"$f":"CHOOSE(1+LOG(1+2*(J198=$C$2)+4*(J198=$D$2)+8*(J198=$E$2)+16*(J198=$F$2)+32*(J198=$G$2),2),0,1,2,3,4,\"S\")","v":2},{"$f":"IF(OR(A198=\"S\",A198=0),0,IF(ISERROR(I198),H198,SMALL(H198:I198,1)))","v":4},{"$f":"IF($A198=1,OFFSET(C198,-1,0)+1,OFFSET(C198,-1,0))","v":2},{"$f":"IF($A198=1,0,IF($A198=2,OFFSET(D198,-1,0)+1,OFFSET(D198,-1,0)))","v":7},{"$f":"IF(AND($A198<=2,$A198<>0),0,IF($A198=3,OFFSET(E198,-1,0)+1,OFFSET(E198,-1,0)))","v":0},{"$f":"IF(AND($A198<=3,$A198<>0),0,IF($A198=4,OFFSET(F198,-1,0)+1,OFFSET(F198,-1,0)))","v":0},{"$f":"IF(AND($A198<=4,$A198<>0),0,IF($A198=\"S\",OFFSET(G198,-1,0)+1,OFFSET(G198,-1,0)))","v":0},{"$f":"IF(OR($A198=\"S\",$A198=0),0,MATCH(0,OFFSET($B198,1,$A198,ROW($A$1504)-ROW($A198)),0))","v":4},{"$f":"IF(OR($A198=\"S\",$A198=0),0,MATCH(OFFSET($B198,0,$A198)+1,OFFSET($B198,1,$A198,ROW($A$1504)-ROW($A198)),0))","v":125},"AtivNível 1",{"$f":"IF($A198=0,\"-\",CONCATENATE(C198&\".\",IF(AND($A$5>=2,$A198>=2),D198&\".\",\"\"),IF(AND($A$5>=3,$A198>=3),E198&\".\",\"\"),IF(AND($A$5>=4,$A198>=4),F198&\".\",\"\"),IF($A198=\"S\",G198&\".\",\"\")))","v":"2.7."},{"$f":"IF(NOT(ISERROR($Y198)),IF($Y198<>FALSE,INDEX(Banco,$Y198,4),\"\"),\"\")","v":""},null,null,"Atividade 10 - Visitas domiciliares Região Jardim Ikaraí",{"$f":"IF(NOT(ISERROR($Y198)),IF($Y198<>FALSE,INDEX(Banco,$Y198,6),\"\"),\"\")","v":""},null,{"$f":"IF(NOT(ISERROR($Y198)),IF($Y198<>FALSE,INDEX(Banco,$Y198,7),0),0)","v":0},"DI 1",{"$f":"IF($J198=$G$2,ROUND(ROUND($R198,2)*IF($R$9=\"Preço Unitário (R$)\",1,1+$AA198),2),0)","v":0},{"$f":"IF($A198=\"S\",VTOTAL1,IF($A198=0,0,ROUND(SomaAgrup,2)))","v":1958.58},null,{"$f":"IF(OR($A198=0,$A198=\"S\",$A198>CFF!$A$9),\"\",MAX(W$11:OFFSET(W198,-1,0))+1)","v":12},{"$f":"IF(AND($J198=$G$2,$N198<>\"\",$M198<>\"\"),CONCATENATE($M198,\"-\",$N198))","v":false},{"$f":"IF(X198<>FALSE,MATCH(X198,OFFSET(Banco,0,0,,1),0))","v":false},null,{"$f":"IF($J198=$G$2,ROUND(IF(ISNUMBER(S198),S198,IF(LEFT(S198,2)=\"DI\",HLOOKUP(S198,DADOS!$T$29:$X$30,2,FALSE),0)),4),\"\")","v":""}]
[{"$f":"CHOOSE(1+LOG(1+2*(J199=$C$2)+4*(J199=$D$2)+8*(J199=$E$2)+16*(J199=$F$2)+32*(J199=$G$2),2),0,1,2,3,4,\"S\")","v":"S"},{"$f":"IF(OR(A199=\"S\",A199=0),0,IF(ISERROR(I199),H199,SMALL(H199:I199,1)))","v":0},{"$f":"IF($A199=1,OFFSET(C199,-1,0)+1,OFFSET(C199,-1,0))","v":2},{"$f":"IF($A199=1,0,IF($A199=2,OFFSET(D199,-1,0)+1,OFFSET(D199,-1,0)))","v":7},{"$f":"IF(AND($A199<=2,$A199<>0),0,IF($A199=3,OFFSET(E199,-1,0)+1,OFFSET(E199,-1,0)))","v":0},{"$f":"IF(AND($A199<=3,$A199<>0),0,IF($A199=4,OFFSET(F199,-1,0)+1,OFFSET(F199,-1,0)))","v":0},{"$f":"IF(AND($A199<=4,$A199<>0),0,IF($A199=\"S\",OFFSET(G199,-1,0)+1,OFFSET(G199,-1,0)))","v":1},{"$f":"IF(OR($A199=\"S\",$A199=0),0,MATCH(0,OFFSET($B199,1,$A199,ROW($A$1504)-ROW($A199)),0))","v":0},{"$f":"IF(OR($A199=\"S\",$A199=0),0,MATCH(OFFSET($B199,0,$A199)+1,OFFSET($B199,1,$A199,ROW($A$1504)-ROW($A199)),0))","v":0},"Insumo",{"$f":"IF($A199=0,\"-\",CONCATENATE(C199&\".\",IF(AND($A$5>=2,$A199>=2),D199&\".\",\"\"),IF(AND($A$5>=3,$A199>=3),E199&\".\",\"\"),IF(AND($A$5>=4,$A199>=4),F199&\".\",\"\"),IF($A199=\"S\",G199&\".\",\"\")))","v":"2.7.1."},{"$f":"IF(NOT(ISERROR($Y199)),IF($Y199<>FALSE,INDEX(Banco,$Y199,4),\"\"),\"\")","v":"CRESS"},"Rec. Humanos","001",{"$f":"IF(NOT(ISERROR($Y199)),IF($Y199<>FALSE,INDEX(Banco,$Y199,5),\"\"),\"\")","v":"Responsável Técnica"},{"$f":"IF(NOT(ISERROR($Y199)),IF($Y199<>FALSE,INDEX(Banco,$Y199,6),\"\"),\"\")","v":"Horas"},2,{"$f":"IF(NOT(ISERROR($Y199)),IF($Y199<>FALSE,INDEX(Banco,$Y199,7),0),0)","v":150.28},"DI 1",{"$f":"IF($J199=$G$2,ROUND(ROUND($R199,2)*IF($R$9=\"Preço Unitário (R$)\",1,1+$AA199),2),0)","v":187.85},{"$f":"IF($A199=\"S\",VTOTAL1,IF($A199=0,0,ROUND(SomaAgrup,2)))","v":375.7},null,{"$f":"IF(OR($A199=0,$A199=\"S\",$A199>CFF!$A$9),\"\",MAX(W$11:OFFSET(W199,-1,0))+1)","v":""},{"$f":"IF(AND($J199=$G$2,$N199<>\"\",$M199<>\"\"),CONCATENATE($M199,\"-\",$N199))","v":"Rec. Humanos-001"},{"$f":"IF(X199<>FALSE,MATCH(X199,OFFSET(Banco,0,0,,1),0))","v":3},null,{"$f":"IF($J199=$G$2,ROUND(IF(ISNUMBER(S199),S199,IF(LEFT(S199,2)=\"DI\",HLOOKUP(S199,DADOS!$T$29:$X$30,2,FALSE),0)),4),\"\")","v":0.25}]
["S",0,2,7,0,0,2,{"$f":"IF(OR($A200=\"S\",$A200=0),0,MATCH(0,OFFSET($B200,1,$A200,ROW($A$1504)-ROW($A200)),0))","v":0},{"$f":"IF(OR($A200=\"S\",$A200=0),0,MATCH(OFFSET($B200,0,$A200)+1,OFFSET($B200,1,$A200,ROW($A$1504)-ROW($A200)),0))","v":0},"Insumo","2.7.2.","CRESS","Rec. Humanos","002",{"$f":"IF(NOT(ISERROR($Y200)),IF($Y200<>FALSE,INDEX(Banco,$Y200,5),\"\"),\"\")","v":"Assistente Social"},"Horas",8,133.81,"DI 1",167.26,1338.08,null,{"$f":"IF(OR($A200=0,$A200=\"S\",$A200>CFF!$A$9),\"\",MAX(W$11:OFFSET(W200,-1,0))+1)","v":""},"Rec. Humanos-002",4,null,{"$f":"IF($J200=$G$2,ROUND(IF(ISNUMBER(S200),S200,IF(LEFT(S200,2)=\"DI\",HLOOKUP(S200,DADOS!$T$29:$X$30,2,FALSE),0)),4),\"\")","v":0.25}]
[{"$f":"CHOOSE(1+LOG(1+2*(J201=$C$2)+4*(J201=$D$2)+8*(J201=$E$2)+16*(J201=$F$2)+32*(J201=$G$2),2),0,1,2,3,4,\"S\")","v":"S"},{"$f":"IF(OR(A201=\"S\",A201=0),0,IF(ISERROR(I201),H201,SMALL(H201:I201,1)))","v":0},{"$f":"IF($A201=1,OFFSET(C201,-1,0)+1,OFFSET(C201,-1,0))","v":2},{"$f":"IF($A201=1,0,IF($A201=2,OFFSET(D201,-1,0)+1,OFFSET(D201,-1,0)))","v":7},{"$f":"IF(AND($A201<=2,$A201<>0),0,IF($A201=3,OFFSET(E201,-1,0)+1,OFFSET(E201,-1,0)))","v":0},{"$f":"IF(AND($A201<=3,$A201<>0),0,IF($A201=4,OFFSET(F201,-1,0)+1,OFFSET(F201,-1,0)))","v":0},{"$f":"IF(AND($A201<=4,$A201<>0),0,IF($A201=\"S\",OFFSET(G201,-1,0)+1,OFFSET(G201,-1,0)))","v":3},{"$f":"IF(OR($A201=\"S\",$A201=0),0,MATCH(0,OFFSET($B201,1,$A201,ROW($A$1504)-ROW($A201)),0))","v":0},{"$f":"IF(OR($A201=\"S\",$A201=0),0,MATCH(OFFSET($B201,0,$A201)+1,OFFSET($B201,1,$A201,ROW($A$1504)-ROW($A201)),0))","v":0},"Insumo",{"$f":"IF($A201=0,\"-\",CONCATENATE(C201&\".\",IF(AND($A$5>=2,$A201>=2),D201&\".\",\"\"),IF(AND($A$5>=3,$A201>=3),E201&\".\",\"\"),IF(AND($A$5>=4,$A201>=4),F201&\".\",\"\"),IF($A201=\"S\",G201&\".\",\"\")))","v":"2.7.3."},{"$f":"IF(NOT(ISERROR($Y201)),IF($Y201<>FALSE,INDEX(Banco,$Y201,4),\"\"),\"\")","v":"SINE"},"Rec. Humanos","004",{"$f":"IF(NOT(ISERROR($Y201)),IF($Y201<>FALSE,INDEX(Banco,$Y201,5),\"\"),\"\")","v":"Estagiários"},{"$f":"IF(NOT(ISERROR($Y201)),IF($Y201<>FALSE,INDEX(Banco,$Y201,6),\"\"),\"\")","v":"Horas"},20,{"$f":"IF(NOT(ISERROR($Y201)),IF($Y201<>FALSE,INDEX(Banco,$Y201,7),0),0)","v":9.7899999999999991},"DI 1",{"$f":"IF($J201=$G$2,ROUND(ROUND($R201,2)*IF($R$9=\"Preço Unitário (R$)\",1,1+$AA201),2),0)","v":12.24},{"$f":"IF($A201=\"S\",VTOTAL1,IF($A201=0,0,ROUND(SomaAgrup,2)))","v":244.8},null,{"$f":"IF(OR($A201=0,$A201=\"S\",$A201>CFF!$A$9),\"\",MAX(W$11:OFFSET(W201,-1,0))+1)","v":""},{"$f":"IF(AND($J201=$G$2,$N201<>\"\",$M201<>\"\"),CONCATENATE($M201,\"-\",$N201))","v":"Rec. Humanos-004"},{"$f":"IF(X201<>FALSE,MATCH(X201,OFFSET(Banco,0,0,,1),0))","v":6},null,{"$f":"IF($J201=$G$2,ROUND(IF(ISNUMBER(S201),S201,IF(LEFT(S201,2)=\"DI\",HLOOKUP(S201,DADOS!$T$29:$X$30,2,FALSE),0)),4),\"\")","v":0.25}]
[{"$f":"CHOOSE(1+LOG(1+2*(J202=$C$2)+4*(J202=$D$2)+8*(J202=$E$2)+16*(J202=$F$2)+32*(J202=$G$2),2),0,1,2,3,4,\"S\")","v":1},{"$f":"IF(OR(A202=\"S\",A202=0),0,IF(ISERROR(I202),H202,SMALL(H202:I202,1)))","v":68},{"$f":"IF($A202=1,OFFSET(C202,-1,0)+1,OFFSET(C202,-1,0))","v":3},{"$f":"IF($A202=1,0,IF($A202=2,OFFSET(D202,-1,0)+1,OFFSET(D202,-1,0)))","v":0},{"$f":"IF(AND($A202<=2,$A202<>0),0,IF($A202=3,OFFSET(E202,-1,0)+1,OFFSET(E202,-1,0)))","v":0},{"$f":"IF(AND($A202<=3,$A202<>0),0,IF($A202=4,OFFSET(F202,-1,0)+1,OFFSET(F202,-1,0)))","v":0},{"$f":"IF(AND($A202<=4,$A202<>0),0,IF($A202=\"S\",OFFSET(G202,-1,0)+1,OFFSET(G202,-1,0)))","v":0},{"$f":"IF(OR($A202=\"S\",$A202=0),0,MATCH(0,OFFSET($B202,1,$A202,ROW($A$1504)-ROW($A202)),0))","v":1302},{"$f":"IF(OR($A202=\"S\",$A202=0),0,MATCH(OFFSET($B202,0,$A202)+1,OFFSET($B202,1,$A202,ROW($A$1504)-ROW($A202)),0))","v":68},"Ação",{"$f":"IF($A202=0,\"-\",CONCATENATE(C202&\".\",IF(AND($A$5>=2,$A202>=2),D202&\".\",\"\"),IF(AND($A$5>=3,$A202>=3),E202&\".\",\"\"),IF(AND($A$5>=4,$A202>=4),F202&\".\",\"\"),IF($A202=\"S\",G202&\".\",\"\")))","v":"3."},{"$f":"IF(NOT(ISERROR($Y202)),IF($Y202<>FALSE,INDEX(Banco,$Y202,4),\"\"),\"\")","v":""},null,null,"MÊS 03 - INFORMAÇÕES/PALESTRAS",{"$f":"IF(NOT(ISERROR($Y202)),IF($Y202<>FALSE,INDEX(Banco,$Y202,6),\"\"),\"\")","v":""},null,{"$f":"IF(NOT(ISERROR($Y202)),IF($Y202<>FALSE,INDEX(Banco,$Y202,7),0),0)","v":0},"DI 1",{"$f":"IF($J202=$G$2,ROUND(ROUND($R202,2)*IF($R$9=\"Preço Unitário (R$)\",1,1+$AA202),2),0)","v":0},{"$f":"IF($A202=\"S\",VTOTAL1,IF($A202=0,0,ROUND(SomaAgrup,2)))","v":56911.66},null,{"$f":"IF(OR($A202=0,$A202=\"S\",$A202>CFF!$A$9),\"\",MAX(W$11:OFFSET(W202,-1,0))+1)","v":13},{"$f":"IF(AND($J202=$G$2,$N202<>\"\",$M202<>\"\"),CONCATENATE($M202,\"-\",$N202))","v":false},{"$f":"IF(X202<>FALSE,MATCH(X202,OFFSET(Banco,0,0,,1),0))","v":false},null,{"$f":"IF($J202=$G$2,ROUND(IF(ISNUMBER(S202),S202,IF(LEFT(S202,2)=\"DI\",HLOOKUP(S202,DADOS!$T$29:$X$30,2,FALSE),0)),4),\"\")","v":""}]
[{"$f":"CHOOSE(1+LOG(1+2*(J203=$C$2)+4*(J203=$D$2)+8*(J203=$E$2)+16*(J203=$F$2)+32*(J203=$G$2),2),0,1,2,3,4,\"S\")","v":2},{"$f":"IF(OR(A203=\"S\",A203=0),0,IF(ISERROR(I203),H203,SMALL(H203:I203,1)))","v":27},{"$f":"IF($A203=1,OFFSET(C203,-1,0)+1,OFFSET(C203,-1,0))","v":3},{"$f":"IF($A203=1,0,IF($A203=2,OFFSET(D203,-1,0)+1,OFFSET(D203,-1,0)))","v":1},{"$f":"IF(AND($A203<=2,$A203<>0),0,IF($A203=3,OFFSET(E203,-1,0)+1,OFFSET(E203,-1,0)))","v":0},{"$f":"IF(AND($A203<=3,$A203<>0),0,IF($A203=4,OFFSET(F203,-1,0)+1,OFFSET(F203,-1,0)))","v":0},{"$f":"IF(AND($A203<=4,$A203<>0),0,IF($A203=\"S\",OFFSET(G203,-1,0)+1,OFFSET(G203,-1,0)))","v":0},{"$f":"IF(OR($A203=\"S\",$A203=0),0,MATCH(0,OFFSET($B203,1,$A203,ROW($A$1504)-ROW($A203)),0))","v":67},{"$f":"IF(OR($A203=\"S\",$A203=0),0,MATCH(OFFSET($B203,0,$A203)+1,OFFSET($B203,1,$A203,ROW($A$1504)-ROW($A203)),0))","v":27},"AtivNível 1",{"$f":"IF($A203=0,\"-\",CONCATENATE(C203&\".\",IF(AND($A$5>=2,$A203>=2),D203&\".\",\"\"),IF(AND($A$5>=3,$A203>=3),E203&\".\",\"\"),IF(AND($A$5>=4,$A203>=4),F203&\".\",\"\"),IF($A203=\"S\",G203&\".\",\"\")))","v":"3.1."},{"$f":"IF(NOT(ISERROR($Y203)),IF($Y203<>FALSE,INDEX(Banco,$Y203,4),\"\"),\"\")","v":""},null,null,"Atividade 11 - Palestra: Esgotamento Sanitário e o desenvolvimento de meio ambiente: Região Parque São João",{"$f":"IF(NOT(ISERROR($Y203)),IF($Y203<>FALSE,INDEX(Banco,$Y203,6),\"\"),\"\")","v":""},null,{"$f":"IF(NOT(ISERROR($Y203)),IF($Y203<>FALSE,INDEX(Banco,$Y203,7),0),0)","v":0},"DI 1",{"$f":"IF($J203=$G$2,ROUND(ROUND($R203,2)*IF($R$9=\"Preço Unitário (R$)\",1,1+$AA203),2),0)","v":0},{"$f":"IF($A203=\"S\",VTOTAL1,IF($A203=0,0,ROUND(SomaAgrup,2)))","v":29341.67},null,{"$f":"IF(OR($A203=0,$A203=\"S\",$A203>CFF!$A$9),\"\",MAX(W$11:OFFSET(W203,-1,0))+1)","v":14},{"$f":"IF(AND($J203=$G$2,$N203<>\"\",$M203<>\"\"),CONCATENATE($M203,\"-\",$N203))","v":false},{"$f":"IF(X203<>FALSE,MATCH(X203,OFFSET(Banco,0,0,,1),0))","v":false},null,{"$f":"IF($J203=$G$2,ROUND(IF(ISNUMBER(S203),S203,IF(LEFT(S203,2)=\"DI\",HLOOKUP(S203,DADOS!$T$29:$X$30,2,FALSE),0)),4),\"\")","v":""}]
[{"$f":"CHOOSE(1+LOG(1+2*(J204=$C$2)+4*(J204=$D$2)+8*(J204=$E$2)+16*(J204=$F$2)+32*(J204=$G$2),2),0,1,2,3,4,\"S\")","v":"S"},{"$f":"IF(OR(A204=\"S\",A204=0),0,IF(ISERROR(I204),H204,SMALL(H204:I204,1)))","v":0},{"$f":"IF($A204=1,OFFSET(C204,-1,0)+1,OFFSET(C204,-1,0))","v":3},{"$f":"IF($A204=1,0,IF($A204=2,OFFSET(D204,-1,0)+1,OFFSET(D204,-1,0)))","v":1},{"$f":"IF(AND($A204<=2,$A204<>0),0,IF($A204=3,OFFSET(E204,-1,0)+1,OFFSET(E204,-1,0)))","v":0},{"$f":"IF(AND($A204<=3,$A204<>0),0,IF($A204=4,OFFSET(F204,-1,0)+1,OFFSET(F204,-1,0)))","v":0},{"$f":"IF(AND($A204<=4,$A204<>0),0,IF($A204=\"S\",OFFSET(G204,-1,0)+1,OFFSET(G204,-1,0)))","v":1},{"$f":"IF(OR($A204=\"S\",$A204=0),0,MATCH(0,OFFSET($B204,1,$A204,ROW($A$1504)-ROW($A204)),0))","v":0},{"$f":"IF(OR($A204=\"S\",$A204=0),0,MATCH(OFFSET($B204,0,$A204)+1,OFFSET($B204,1,$A204,ROW($A$1504)-ROW($A204)),0))","v":0},"Insumo",{"$f":"IF($A204=0,\"-\",CONCATENATE(C204&\".\",IF(AND($A$5>=2,$A204>=2),D204&\".\",\"\"),IF(AND($A$5>=3,$A204>=3),E204&\".\",\"\"),IF(AND($A$5>=4,$A204>=4),F204&\".\",\"\"),IF($A204=\"S\",G204&\".\",\"\")))","v":"3.1.1."},{"$f":"IF(NOT(ISERROR($Y204)),IF($Y204<>FALSE,INDEX(Banco,$Y204,4),\"\"),\"\")","v":"CRESS"},"Rec. Humanos","001",{"$f":"IF(NOT(ISERROR($Y204)),IF($Y204<>FALSE,INDEX(Banco,$Y204,5),\"\"),\"\")","v":"Responsável Técnica"},{"$f":"IF(NOT(ISERROR($Y204)),IF($Y204<>FALSE,INDEX(Banco,$Y204,6),\"\"),\"\")","v":"Horas"},11,{"$f":"IF(NOT(ISERROR($Y204)),IF($Y204<>FALSE,INDEX(Banco,$Y204,7),0),0)","v":150.28},"DI 1",{"$f":"IF($J204=$G$2,ROUND(ROUND($R204,2)*IF($R$9=\"Preço Unitário (R$)\",1,1+$AA204),2),0)","v":187.85},{"$f":"IF($A204=\"S\",VTOTAL1,IF($A204=0,0,ROUND(SomaAgrup,2)))","v":2066.35},null,{"$f":"IF(OR($A204=0,$A204=\"S\",$A204>CFF!$A$9),\"\",MAX(W$11:OFFSET(W204,-1,0))+1)","v":""},{"$f":"IF(AND($J204=$G$2,$N204<>\"\",$M204<>\"\"),CONCATENATE($M204,\"-\",$N204))","v":"Rec. Humanos-001"},{"$f":"IF(X204<>FALSE,MATCH(X204,OFFSET(Banco,0,0,,1),0))","v":3},null,{"$f":"IF($J204=$G$2,ROUND(IF(ISNUMBER(S204),S204,IF(LEFT(S204,2)=\"DI\",HLOOKUP(S204,DADOS!$T$29:$X$30,2,FALSE),0)),4),\"\")","v":0.25}]
["S",0,3,1,0,0,2,{"$f":"IF(OR($A205=\"S\",$A205=0),0,MATCH(0,OFFSET($B205,1,$A205,ROW($A$1504)-ROW($A205)),0))","v":0},{"$f":"IF(OR($A205=\"S\",$A205=0),0,MATCH(OFFSET($B205,0,$A205)+1,OFFSET($B205,1,$A205,ROW($A$1504)-ROW($A205)),0))","v":0},"Insumo","3.1.2.","CRESS","Rec. Humanos","002",{"$f":"IF(NOT(ISERROR($Y205)),IF($Y205<>FALSE,INDEX(Banco,$Y205,5),\"\"),\"\")","v":"Assistente Social"},"Horas",7,133.81,"DI 1",167.26,1170.82,null,{"$f":"IF(OR($A205=0,$A205=\"S\",$A205>CFF!$A$9),\"\",MAX(W$11:OFFSET(W205,-1,0))+1)","v":""},"Rec. Humanos-002",4,null,{"$f":"IF($J205=$G$2,ROUND(IF(ISNUMBER(S205),S205,IF(LEFT(S205,2)=\"DI\",HLOOKUP(S205,DADOS!$T$29:$X$30,2,FALSE),0)),4),\"\")","v":0.25}]
["S",0,3,1,0,0,3,{"$f":"IF(OR($A206=\"S\",$A206=0),0,MATCH(0,OFFSET($B206,1,$A206,ROW($A$1504)-ROW($A206)),0))","v":0},{"$f":"IF(OR($A206=\"S\",$A206=0),0,MATCH(OFFSET($B206,0,$A206)+1,OFFSET($B206,1,$A206,ROW($A$1504)-ROW($A206)),0))","v":0},"Insumo","3.1.3.","Cotação","Rec. Humanos","003","Administrador (Técnico de Apoio) ","Horas",4,103.65,"DI 1",129.56,518.24,null,{"$f":"IF(OR($A206=0,$A206=\"S\",$A206>CFF!$A$9),\"\",MAX(W$11:OFFSET(W206,-1,0))+1)","v":""},"Rec. Humanos-003",5,null,{"$f":"IF($J206=$G$2,ROUND(IF(ISNUMBER(S206),S206,IF(LEFT(S206,2)=\"DI\",HLOOKUP(S206,DADOS!$T$29:$X$30,2,FALSE),0)),4),\"\")","v":0.25}]
["S",0,3,1,0,0,4,{"$f":"IF(OR($A207=\"S\",$A207=0),0,MATCH(0,OFFSET($B207,1,$A207,ROW($A$1504)-ROW($A207)),0))","v":0},{"$f":"IF(OR($A207=\"S\",$A207=0),0,MATCH(OFFSET($B207,0,$A207)+1,OFFSET($B207,1,$A207,ROW($A$1504)-ROW($A207)),0))","v":0},"Insumo","3.1.4.","SINE","Rec. Humanos","004","Estagiários","Horas",22,9.7899999999999991,"DI 1",12.24,269.27999999999997,null,{"$f":"IF(OR($A207=0,$A207=\"S\",$A207>CFF!$A$9),\"\",MAX(W$11:OFFSET(W207,-1,0))+1)","v":""},"Rec. Humanos-004",6,null,{"$f":"IF($J207=$G$2,ROUND(IF(ISNUMBER(S207),S207,IF(LEFT(S207,2)=\"DI\",HLOOKUP(S207,DADOS!$T$29:$X$30,2,FALSE),0)),4),\"\")","v":0.25}]
["S",0,3,1,0,0,5,{"$f":"IF(OR($A208=\"S\",$A208=0),0,MATCH(0,OFFSET($B208,1,$A208,ROW($A$1504)-ROW($A208)),0))","v":0},{"$f":"IF(OR($A208=\"S\",$A208=0),0,MATCH(OFFSET($B208,0,$A208)+1,OFFSET($B208,1,$A208,ROW($A$1504)-ROW($A208)),0))","v":0},"Insumo","3.1.5.","Cotação","Serv. Terc.","001","Fotocópias","Unidade",200,0.3,"DI 1",0.38,76,null,{"$f":"IF(OR($A208=0,$A208=\"S\",$A208>CFF!$A$9),\"\",MAX(W$11:OFFSET(W208,-1,0))+1)","v":""},"Serv. Terc.-001",81,null,{"$f":"IF($J208=$G$2,ROUND(IF(ISNUMBER(S208),S208,IF(LEFT(S208,2)=\"DI\",HLOOKUP(S208,DADOS!$T$29:$X$30,2,FALSE),0)),4),\"\")","v":0.25}]
["S",0,3,1,0,0,6,{"$f":"IF(OR($A209=\"S\",$A209=0),0,MATCH(0,OFFSET($B209,1,$A209,ROW($A$1504)-ROW($A209)),0))","v":0},{"$f":"IF(OR($A209=\"S\",$A209=0),0,MATCH(OFFSET($B209,0,$A209)+1,OFFSET($B209,1,$A209,ROW($A$1504)-ROW($A209)),0))","v":0},"Insumo","3.1.6.","Cotação","Serv. Terc.","017",{"$f":"IF(NOT(ISERROR($Y209)),IF($Y209<>FALSE,INDEX(Banco,$Y209,5),\"\"),\"\")","v":"Instrutor/Monitor (Educação Fisíca)"},"Horas",3,100,"DI 1",125,375,null,{"$f":"IF(OR($A209=0,$A209=\"S\",$A209>CFF!$A$9),\"\",MAX(W$11:OFFSET(W209,-1,0))+1)","v":""},"Serv. Terc.-017",97,null,{"$f":"IF($J209=$G$2,ROUND(IF(ISNUMBER(S209),S209,IF(LEFT(S209,2)=\"DI\",HLOOKUP(S209,DADOS!$T$29:$X$30,2,FALSE),0)),4),\"\")","v":0.25}]
["S",0,3,1,0,0,7,{"$f":"IF(OR($A210=\"S\",$A210=0),0,MATCH(0,OFFSET($B210,1,$A210,ROW($A$1504)-ROW($A210)),0))","v":0},{"$f":"IF(OR($A210=\"S\",$A210=0),0,MATCH(OFFSET($B210,0,$A210)+1,OFFSET($B210,1,$A210,ROW($A$1504)-ROW($A210)),0))","v":0},"Insumo","3.1.7.","Cotação","Serv. Terc.","002","Carro de som com gravação de vinheta","Horas",6,200,"DI 1",250,1500,null,{"$f":"IF(OR($A210=0,$A210=\"S\",$A210>CFF!$A$9),\"\",MAX(W$11:OFFSET(W210,-1,0))+1)","v":""},"Serv. Terc.-002",82,null,{"$f":"IF($J210=$G$2,ROUND(IF(ISNUMBER(S210),S210,IF(LEFT(S210,2)=\"DI\",HLOOKUP(S210,DADOS!$T$29:$X$30,2,FALSE),0)),4),\"\")","v":0.25}]
["S",0,3,1,0,0,8,{"$f":"IF(OR($A211=\"S\",$A211=0),0,MATCH(0,OFFSET($B211,1,$A211,ROW($A$1504)-ROW($A211)),0))","v":0},{"$f":"IF(OR($A211=\"S\",$A211=0),0,MATCH(OFFSET($B211,0,$A211)+1,OFFSET($B211,1,$A211,ROW($A$1504)-ROW($A211)),0))","v":0},"Insumo","3.1.8.","Cotação","Serv. Terc.","003","Locação de mesas","Unidade",20,3,"DI 1",3.75,75,null,{"$f":"IF(OR($A211=0,$A211=\"S\",$A211>CFF!$A$9),\"\",MAX(W$11:OFFSET(W211,-1,0))+1)","v":""},"Serv. Terc.-003",83,null,{"$f":"IF($J211=$G$2,ROUND(IF(ISNUMBER(S211),S211,IF(LEFT(S211,2)=\"DI\",HLOOKUP(S211,DADOS!$T$29:$X$30,2,FALSE),0)),4),\"\")","v":0.25}]
["S",0,3,1,0,0,9,{"$f":"IF(OR($A212=\"S\",$A212=0),0,MATCH(0,OFFSET($B212,1,$A212,ROW($A$1504)-ROW($A212)),0))","v":0},{"$f":"IF(OR($A212=\"S\",$A212=0),0,MATCH(OFFSET($B212,0,$A212)+1,OFFSET($B212,1,$A212,ROW($A$1504)-ROW($A212)),0))","v":0},"Insumo","3.1.9.","Cotação","Serv. Terc.","004","Locação de cadeiras","Unidade",400,2,"DI 1",2.5,1000,null,{"$f":"IF(OR($A212=0,$A212=\"S\",$A212>CFF!$A$9),\"\",MAX(W$11:OFFSET(W212,-1,0))+1)","v":""},"Serv. Terc.-004",84,null,{"$f":"IF($J212=$G$2,ROUND(IF(ISNUMBER(S212),S212,IF(LEFT(S212,2)=\"DI\",HLOOKUP(S212,DADOS!$T$29:$X$30,2,FALSE),0)),4),\"\")","v":0.25}]
["S",0,3,1,0,0,10,{"$f":"IF(OR($A213=\"S\",$A213=0),0,MATCH(0,OFFSET($B213,1,$A213,ROW($A$1504)-ROW($A213)),0))","v":0},{"$f":"IF(OR($A213=\"S\",$A213=0),0,MATCH(OFFSET($B213,0,$A213)+1,OFFSET($B213,1,$A213,ROW($A$1504)-ROW($A213)),0))","v":0},"Insumo","3.1.10.","Cotação","Serv. Terc.","005","Locação de caixa térmica","Unidade",2,40,"DI 1",50,100,null,{"$f":"IF(OR($A213=0,$A213=\"S\",$A213>CFF!$A$9),\"\",MAX(W$11:OFFSET(W213,-1,0))+1)","v":""},"Serv. Terc.-005",85,null,{"$f":"IF($J213=$G$2,ROUND(IF(ISNUMBER(S213),S213,IF(LEFT(S213,2)=\"DI\",HLOOKUP(S213,DADOS!$T$29:$X$30,2,FALSE),0)),4),\"\")","v":0.25}]
["S",0,3,1,0,0,11,{"$f":"IF(OR($A214=\"S\",$A214=0),0,MATCH(0,OFFSET($B214,1,$A214,ROW($A$1504)-ROW($A214)),0))","v":0},{"$f":"IF(OR($A214=\"S\",$A214=0),0,MATCH(OFFSET($B214,0,$A214)+1,OFFSET($B214,1,$A214,ROW($A$1504)-ROW($A214)),0))","v":0},"Insumo","3.1.11.","Cotação","Serv. Terc.","006","Locação de tendas","Unidade",3,250,"DI 1",312.5,937.5,null,{"$f":"IF(OR($A214=0,$A214=\"S\",$A214>CFF!$A$9),\"\",MAX(W$11:OFFSET(W214,-1,0))+1)","v":""},"Serv. Terc.-006",86,null,{"$f":"IF($J214=$G$2,ROUND(IF(ISNUMBER(S214),S214,IF(LEFT(S214,2)=\"DI\",HLOOKUP(S214,DADOS!$T$29:$X$30,2,FALSE),0)),4),\"\")","v":0.25}]
["S",0,3,1,0,0,12,{"$f":"IF(OR($A215=\"S\",$A215=0),0,MATCH(0,OFFSET($B215,1,$A215,ROW($A$1504)-ROW($A215)),0))","v":0},{"$f":"IF(OR($A215=\"S\",$A215=0),0,MATCH(OFFSET($B215,0,$A215)+1,OFFSET($B215,1,$A215,ROW($A$1504)-ROW($A215)),0))","v":0},"Insumo","3.1.12.","Cotação","Serv. Terc.","008","Locação de pula-pula com monitor","Unidade",2,220,"DI 1",275,550,null,{"$f":"IF(OR($A215=0,$A215=\"S\",$A215>CFF!$A$9),\"\",MAX(W$11:OFFSET(W215,-1,0))+1)","v":""},"Serv. Terc.-008",88,null,{"$f":"IF($J215=$G$2,ROUND(IF(ISNUMBER(S215),S215,IF(LEFT(S215,2)=\"DI\",HLOOKUP(S215,DADOS!$T$29:$X$30,2,FALSE),0)),4),\"\")","v":0.25}]
["S",0,3,1,0,0,13,{"$f":"IF(OR($A216=\"S\",$A216=0),0,MATCH(0,OFFSET($B216,1,$A216,ROW($A$1504)-ROW($A216)),0))","v":0},{"$f":"IF(OR($A216=\"S\",$A216=0),0,MATCH(OFFSET($B216,0,$A216)+1,OFFSET($B216,1,$A216,ROW($A$1504)-ROW($A216)),0))","v":0},"Insumo","3.1.13.","Cotação","Serv. Terc.","012","Água (garrafão de 20 litros)","Unidade",2,10,"DI 1",12.5,25,null,{"$f":"IF(OR($A216=0,$A216=\"S\",$A216>CFF!$A$9),\"\",MAX(W$11:OFFSET(W216,-1,0))+1)","v":""},"Serv. Terc.-012",92,null,{"$f":"IF($J216=$G$2,ROUND(IF(ISNUMBER(S216),S216,IF(LEFT(S216,2)=\"DI\",HLOOKUP(S216,DADOS!$T$29:$X$30,2,FALSE),0)),4),\"\")","v":0.25}]
["S",0,3,1,0,0,14,{"$f":"IF(OR($A217=\"S\",$A217=0),0,MATCH(0,OFFSET($B217,1,$A217,ROW($A$1504)-ROW($A217)),0))","v":0},{"$f":"IF(OR($A217=\"S\",$A217=0),0,MATCH(OFFSET($B217,0,$A217)+1,OFFSET($B217,1,$A217,ROW($A$1504)-ROW($A217)),0))","v":0},"Insumo","3.1.14.","Cotação ","Serv. Terc.","011","Barra de gelo","Unidade",4,12,"DI 1",15,60,null,{"$f":"IF(OR($A217=0,$A217=\"S\",$A217>CFF!$A$9),\"\",MAX(W$11:OFFSET(W217,-1,0))+1)","v":""},"Serv. Terc.-011",91,null,{"$f":"IF($J217=$G$2,ROUND(IF(ISNUMBER(S217),S217,IF(LEFT(S217,2)=\"DI\",HLOOKUP(S217,DADOS!$T$29:$X$30,2,FALSE),0)),4),\"\")","v":0.25}]
["S",0,3,1,0,0,15,{"$f":"IF(OR($A218=\"S\",$A218=0),0,MATCH(0,OFFSET($B218,1,$A218,ROW($A$1504)-ROW($A218)),0))","v":0},{"$f":"IF(OR($A218=\"S\",$A218=0),0,MATCH(OFFSET($B218,0,$A218)+1,OFFSET($B218,1,$A218,ROW($A$1504)-ROW($A218)),0))","v":0},"Insumo","3.1.15.","Cotação","Serv. Terc.","013","Sucos","Unidade",12,6.4,"DI 1",8,96,null,{"$f":"IF(OR($A218=0,$A218=\"S\",$A218>CFF!$A$9),\"\",MAX(W$11:OFFSET(W218,-1,0))+1)","v":""},"Serv. Terc.-013",93,null,{"$f":"IF($J218=$G$2,ROUND(IF(ISNUMBER(S218),S218,IF(LEFT(S218,2)=\"DI\",HLOOKUP(S218,DADOS!$T$29:$X$30,2,FALSE),0)),4),\"\")","v":0.25}]
[{"$f":"CHOOSE(1+LOG(1+2*(J219=$C$2)+4*(J219=$D$2)+8*(J219=$E$2)+16*(J219=$F$2)+32*(J219=$G$2),2),0,1,2,3,4,\"S\")","v":"S"},{"$f":"IF(OR(A219=\"S\",A219=0),0,IF(ISERROR(I219),H219,SMALL(H219:I219,1)))","v":0},{"$f":"IF($A219=1,OFFSET(C219,-1,0)+1,OFFSET(C219,-1,0))","v":3},{"$f":"IF($A219=1,0,IF($A219=2,OFFSET(D219,-1,0)+1,OFFSET(D219,-1,0)))","v":1},{"$f":"IF(AND($A219<=2,$A219<>0),0,IF($A219=3,OFFSET(E219,-1,0)+1,OFFSET(E219,-1,0)))","v":0},{"$f":"IF(AND($A219<=3,$A219<>0),0,IF($A219=4,OFFSET(F219,-1,0)+1,OFFSET(F219,-1,0)))","v":0},{"$f":"IF(AND($A219<=4,$A219<>0),0,IF($A219=\"S\",OFFSET(G219,-1,0)+1,OFFSET(G219,-1,0)))","v":16},{"$f":"IF(OR($A219=\"S\",$A219=0),0,MATCH(0,OFFSET($B219,1,$A219,ROW($A$1504)-ROW($A219)),0))","v":0},{"$f":"IF(OR($A219=\"S\",$A219=0),0,MATCH(OFFSET($B219,0,$A219)+1,OFFSET($B219,1,$A219,ROW($A$1504)-ROW($A219)),0))","v":0},"Insumo",{"$f":"IF($A219=0,\"-\",CONCATENATE(C219&\".\",IF(AND($A$5>=2,$A219>=2),D219&\".\",\"\"),IF(AND($A$5>=3,$A219>=3),E219&\".\",\"\"),IF(AND($A$5>=4,$A219>=4),F219&\".\",\"\"),IF($A219=\"S\",G219&\".\",\"\")))","v":"3.1.16."},{"$f":"IF(NOT(ISERROR($Y219)),IF($Y219<>FALSE,INDEX(Banco,$Y219,4),\"\"),\"\")","v":"Cotação"},"Serv. Terc.","027",{"$f":"IF(NOT(ISERROR($Y219)),IF($Y219<>FALSE,INDEX(Banco,$Y219,5),\"\"),\"\")","v":"Refrigerantes (02 litros) "},{"$f":"IF(NOT(ISERROR($Y219)),IF($Y219<>FALSE,INDEX(Banco,$Y219,6),\"\"),\"\")","v":"Unidade"},20,{"$f":"IF(NOT(ISERROR($Y219)),IF($Y219<>FALSE,INDEX(Banco,$Y219,7),0),0)","v":6},"DI 1",{"$f":"IF($J219=$G$2,ROUND(ROUND($R219,2)*IF($R$9=\"Preço Unitário (R$)\",1,1+$AA219),2),0)","v":7.5},{"$f":"IF($A219=\"S\",VTOTAL1,IF($A219=0,0,ROUND(SomaAgrup,2)))","v":150},null,{"$f":"IF(OR($A219=0,$A219=\"S\",$A219>CFF!$A$9),\"\",MAX(W$11:OFFSET(W219,-1,0))+1)","v":""},{"$f":"IF(AND($J219=$G$2,$N219<>\"\",$M219<>\"\"),CONCATENATE($M219,\"-\",$N219))","v":"Serv. Terc.-027"},{"$f":"IF(X219<>FALSE,MATCH(X219,OFFSET(Banco,0,0,,1),0))","v":107},null,{"$f":"IF($J219=$G$2,ROUND(IF(ISNUMBER(S219),S219,IF(LEFT(S219,2)=\"DI\",HLOOKUP(S219,DADOS!$T$29:$X$30,2,FALSE),0)),4),\"\")","v":0.25}]
[{"$f":"CHOOSE(1+LOG(1+2*(J220=$C$2)+4*(J220=$D$2)+8*(J220=$E$2)+16*(J220=$F$2)+32*(J220=$G$2),2),0,1,2,3,4,\"S\")","v":"S"},{"$f":"IF(OR(A220=\"S\",A220=0),0,IF(ISERROR(I220),H220,SMALL(H220:I220,1)))","v":0},{"$f":"IF($A220=1,OFFSET(C220,-1,0)+1,OFFSET(C220,-1,0))","v":3},{"$f":"IF($A220=1,0,IF($A220=2,OFFSET(D220,-1,0)+1,OFFSET(D220,-1,0)))","v":1},{"$f":"IF(AND($A220<=2,$A220<>0),0,IF($A220=3,OFFSET(E220,-1,0)+1,OFFSET(E220,-1,0)))","v":0},{"$f":"IF(AND($A220<=3,$A220<>0),0,IF($A220=4,OFFSET(F220,-1,0)+1,OFFSET(F220,-1,0)))","v":0},{"$f":"IF(AND($A220<=4,$A220<>0),0,IF($A220=\"S\",OFFSET(G220,-1,0)+1,OFFSET(G220,-1,0)))","v":17},{"$f":"IF(OR($A220=\"S\",$A220=0),0,MATCH(0,OFFSET($B220,1,$A220,ROW($A$1504)-ROW($A220)),0))","v":0},{"$f":"IF(OR($A220=\"S\",$A220=0),0,MATCH(OFFSET($B220,0,$A220)+1,OFFSET($B220,1,$A220,ROW($A$1504)-ROW($A220)),0))","v":0},"Insumo",{"$f":"IF($A220=0,\"-\",CONCATENATE(C220&\".\",IF(AND($A$5>=2,$A220>=2),D220&\".\",\"\"),IF(AND($A$5>=3,$A220>=3),E220&\".\",\"\"),IF(AND($A$5>=4,$A220>=4),F220&\".\",\"\"),IF($A220=\"S\",G220&\".\",\"\")))","v":"3.1.17."},{"$f":"IF(NOT(ISERROR($Y220)),IF($Y220<>FALSE,INDEX(Banco,$Y220,4),\"\"),\"\")","v":"Cotação "},"Serv. Terc.","010",{"$f":"IF(NOT(ISERROR($Y220)),IF($Y220<>FALSE,INDEX(Banco,$Y220,5),\"\"),\"\")","v":"Brindes ( descrição nos orçamentos e PTS)"},{"$f":"IF(NOT(ISERROR($Y220)),IF($Y220<>FALSE,INDEX(Banco,$Y220,6),\"\"),\"\")","v":"Unidade"},8,{"$f":"IF(NOT(ISERROR($Y220)),IF($Y220<>FALSE,INDEX(Banco,$Y220,7),0),0)","v":120},"DI 1",{"$f":"IF($J220=$G$2,ROUND(ROUND($R220,2)*IF($R$9=\"Preço Unitário (R$)\",1,1+$AA220),2),0)","v":150},{"$f":"IF($A220=\"S\",VTOTAL1,IF($A220=0,0,ROUND(SomaAgrup,2)))","v":1200},null,{"$f":"IF(OR($A220=0,$A220=\"S\",$A220>CFF!$A$9),\"\",MAX(W$11:OFFSET(W220,-1,0))+1)","v":""},{"$f":"IF(AND($J220=$G$2,$N220<>\"\",$M220<>\"\"),CONCATENATE($M220,\"-\",$N220))","v":"Serv. Terc.-010"},{"$f":"IF(X220<>FALSE,MATCH(X220,OFFSET(Banco,0,0,,1),0))","v":90},null,{"$f":"IF($J220=$G$2,ROUND(IF(ISNUMBER(S220),S220,IF(LEFT(S220,2)=\"DI\",HLOOKUP(S220,DADOS!$T$29:$X$30,2,FALSE),0)),4),\"\")","v":0.25}]
["S",0,3,1,0,0,18,{"$f":"IF(OR($A221=\"S\",$A221=0),0,MATCH(0,OFFSET($B221,1,$A221,ROW($A$1504)-ROW($A221)),0))","v":0},{"$f":"IF(OR($A221=\"S\",$A221=0),0,MATCH(OFFSET($B221,0,$A221)+1,OFFSET($B221,1,$A221,ROW($A$1504)-ROW($A221)),0))","v":0},"Insumo","3.1.18.","Cotação","Serv. Terc.","015","Coffee break (salgados)","Centro",15,65,"DI 1",81.25,1218.75,null,{"$f":"IF(OR($A221=0,$A221=\"S\",$A221>CFF!$A$9),\"\",MAX(W$11:OFFSET(W221,-1,0))+1)","v":""},"Serv. Terc.-015",95,null,{"$f":"IF($J221=$G$2,ROUND(IF(ISNUMBER(S221),S221,IF(LEFT(S221,2)=\"DI\",HLOOKUP(S221,DADOS!$T$29:$X$30,2,FALSE),0)),4),\"\")","v":0.25}]
[{"$f":"CHOOSE(1+LOG(1+2*(J222=$C$2)+4*(J222=$D$2)+8*(J222=$E$2)+16*(J222=$F$2)+32*(J222=$G$2),2),0,1,2,3,4,\"S\")","v":"S"},{"$f":"IF(OR(A222=\"S\",A222=0),0,IF(ISERROR(I222),H222,SMALL(H222:I222,1)))","v":0},{"$f":"IF($A222=1,OFFSET(C222,-1,0)+1,OFFSET(C222,-1,0))","v":3},{"$f":"IF($A222=1,0,IF($A222=2,OFFSET(D222,-1,0)+1,OFFSET(D222,-1,0)))","v":1},{"$f":"IF(AND($A222<=2,$A222<>0),0,IF($A222=3,OFFSET(E222,-1,0)+1,OFFSET(E222,-1,0)))","v":0},{"$f":"IF(AND($A222<=3,$A222<>0),0,IF($A222=4,OFFSET(F222,-1,0)+1,OFFSET(F222,-1,0)))","v":0},{"$f":"IF(AND($A222<=4,$A222<>0),0,IF($A222=\"S\",OFFSET(G222,-1,0)+1,OFFSET(G222,-1,0)))","v":19},{"$f":"IF(OR($A222=\"S\",$A222=0),0,MATCH(0,OFFSET($B222,1,$A222,ROW($A$1504)-ROW($A222)),0))","v":0},{"$f":"IF(OR($A222=\"S\",$A222=0),0,MATCH(OFFSET($B222,0,$A222)+1,OFFSET($B222,1,$A222,ROW($A$1504)-ROW($A222)),0))","v":0},"Insumo",{"$f":"IF($A222=0,\"-\",CONCATENATE(C222&\".\",IF(AND($A$5>=2,$A222>=2),D222&\".\",\"\"),IF(AND($A$5>=3,$A222>=3),E222&\".\",\"\"),IF(AND($A$5>=4,$A222>=4),F222&\".\",\"\"),IF($A222=\"S\",G222&\".\",\"\")))","v":"3.1.19."},{"$f":"IF(NOT(ISERROR($Y222)),IF($Y222<>FALSE,INDEX(Banco,$Y222,4),\"\"),\"\")","v":"CREA"},"Serv. Terc.","028",{"$f":"IF(NOT(ISERROR($Y222)),IF($Y222<>FALSE,INDEX(Banco,$Y222,5),\"\"),\"\")","v":"Engenheiro Sanitarista e Ambiental"},{"$f":"IF(NOT(ISERROR($Y222)),IF($Y222<>FALSE,INDEX(Banco,$Y222,6),\"\"),\"\")","v":"Horas"},4,{"$f":"IF(NOT(ISERROR($Y222)),IF($Y222<>FALSE,INDEX(Banco,$Y222,7),0),0)","v":91.88},"DI 1",{"$f":"IF($J222=$G$2,ROUND(ROUND($R222,2)*IF($R$9=\"Preço Unitário (R$)\",1,1+$AA222),2),0)","v":114.85},{"$f":"IF($A222=\"S\",VTOTAL1,IF($A222=0,0,ROUND(SomaAgrup,2)))","v":459.4},null,{"$f":"IF(OR($A222=0,$A222=\"S\",$A222>CFF!$A$9),\"\",MAX(W$11:OFFSET(W222,-1,0))+1)","v":""},{"$f":"IF(AND($J222=$G$2,$N222<>\"\",$M222<>\"\"),CONCATENATE($M222,\"-\",$N222))","v":"Serv. Terc.-028"},{"$f":"IF(X222<>FALSE,MATCH(X222,OFFSET(Banco,0,0,,1),0))","v":108},null,{"$f":"IF($J222=$G$2,ROUND(IF(ISNUMBER(S222),S222,IF(LEFT(S222,2)=\"DI\",HLOOKUP(S222,DADOS!$T$29:$X$30,2,FALSE),0)),4),\"\")","v":0.25}]
["S",0,3,1,0,0,20,{"$f":"IF(OR($A223=\"S\",$A223=0),0,MATCH(0,OFFSET($B223,1,$A223,ROW($A$1504)-ROW($A223)),0))","v":0},{"$f":"IF(OR($A223=\"S\",$A223=0),0,MATCH(OFFSET($B223,0,$A223)+1,OFFSET($B223,1,$A223,ROW($A$1504)-ROW($A223)),0))","v":0},"Insumo","3.1.20.","Cotação","Rec. Materiais","001","Papel A4","Resma",1,28,"DI 1",35,35,null,{"$f":"IF(OR($A223=0,$A223=\"S\",$A223>CFF!$A$9),\"\",MAX(W$11:OFFSET(W223,-1,0))+1)","v":""},"Rec. Materiais-001",10,null,{"$f":"IF($J223=$G$2,ROUND(IF(ISNUMBER(S223),S223,IF(LEFT(S223,2)=\"DI\",HLOOKUP(S223,DADOS!$T$29:$X$30,2,FALSE),0)),4),\"\")","v":0.25}]
["S",0,3,1,0,0,21,{"$f":"IF(OR($A224=\"S\",$A224=0),0,MATCH(0,OFFSET($B224,1,$A224,ROW($A$1504)-ROW($A224)),0))","v":0},{"$f":"IF(OR($A224=\"S\",$A224=0),0,MATCH(OFFSET($B224,0,$A224)+1,OFFSET($B224,1,$A224,ROW($A$1504)-ROW($A224)),0))","v":0},"Insumo","3.1.21.","Cotação","Rec. Materiais","002","Toner para impressora","Unidade",4,180,"DI 1",225,900,null,{"$f":"IF(OR($A224=0,$A224=\"S\",$A224>CFF!$A$9),\"\",MAX(W$11:OFFSET(W224,-1,0))+1)","v":""},"Rec. Materiais-002",11,null,{"$f":"IF($J224=$G$2,ROUND(IF(ISNUMBER(S224),S224,IF(LEFT(S224,2)=\"DI\",HLOOKUP(S224,DADOS!$T$29:$X$30,2,FALSE),0)),4),\"\")","v":0.25}]
["S",0,3,1,0,0,22,{"$f":"IF(OR($A225=\"S\",$A225=0),0,MATCH(0,OFFSET($B225,1,$A225,ROW($A$1504)-ROW($A225)),0))","v":0},{"$f":"IF(OR($A225=\"S\",$A225=0),0,MATCH(OFFSET($B225,0,$A225)+1,OFFSET($B225,1,$A225,ROW($A$1504)-ROW($A225)),0))","v":0},"Insumo","3.1.22.","Cotação","Rec. Materiais","020","Guloseimas (balas e pirulito)","Pacote",8,12,"DI 1",15,120,null,{"$f":"IF(OR($A225=0,$A225=\"S\",$A225>CFF!$A$9),\"\",MAX(W$11:OFFSET(W225,-1,0))+1)","v":""},"Rec. Materiais-020",29,null,{"$f":"IF($J225=$G$2,ROUND(IF(ISNUMBER(S225),S225,IF(LEFT(S225,2)=\"DI\",HLOOKUP(S225,DADOS!$T$29:$X$30,2,FALSE),0)),4),\"\")","v":0.25}]
["S",0,3,1,0,0,23,{"$f":"IF(OR($A226=\"S\",$A226=0),0,MATCH(0,OFFSET($B226,1,$A226,ROW($A$1504)-ROW($A226)),0))","v":0},{"$f":"IF(OR($A226=\"S\",$A226=0),0,MATCH(OFFSET($B226,0,$A226)+1,OFFSET($B226,1,$A226,ROW($A$1504)-ROW($A226)),0))","v":0},"Insumo","3.1.23.","Cotação","Rec. Materiais","021","Papel de presente","Folhas",16,1.5,"DI 1",1.88,30.08,null,{"$f":"IF(OR($A226=0,$A226=\"S\",$A226>CFF!$A$9),\"\",MAX(W$11:OFFSET(W226,-1,0))+1)","v":""},"Rec. Materiais-021",30,null,{"$f":"IF($J226=$G$2,ROUND(IF(ISNUMBER(S226),S226,IF(LEFT(S226,2)=\"DI\",HLOOKUP(S226,DADOS!$T$29:$X$30,2,FALSE),0)),4),\"\")","v":0.25}]
["S",0,3,1,0,0,24,{"$f":"IF(OR($A227=\"S\",$A227=0),0,MATCH(0,OFFSET($B227,1,$A227,ROW($A$1504)-ROW($A227)),0))","v":0},{"$f":"IF(OR($A227=\"S\",$A227=0),0,MATCH(OFFSET($B227,0,$A227)+1,OFFSET($B227,1,$A227,ROW($A$1504)-ROW($A227)),0))","v":0},"Insumo","3.1.24.","Cotação","Rec. Materiais","026","Saco de lixo (100 litros)","Pacote",2,15,"DI 1",18.75,37.5,null,{"$f":"IF(OR($A227=0,$A227=\"S\",$A227>CFF!$A$9),\"\",MAX(W$11:OFFSET(W227,-1,0))+1)","v":""},"Rec. Materiais-026",35,null,{"$f":"IF($J227=$G$2,ROUND(IF(ISNUMBER(S227),S227,IF(LEFT(S227,2)=\"DI\",HLOOKUP(S227,DADOS!$T$29:$X$30,2,FALSE),0)),4),\"\")","v":0.25}]
[{"$f":"CHOOSE(1+LOG(1+2*(J228=$C$2)+4*(J228=$D$2)+8*(J228=$E$2)+16*(J228=$F$2)+32*(J228=$G$2),2),0,1,2,3,4,\"S\")","v":"S"},{"$f":"IF(OR(A228=\"S\",A228=0),0,IF(ISERROR(I228),H228,SMALL(H228:I228,1)))","v":0},{"$f":"IF($A228=1,OFFSET(C228,-1,0)+1,OFFSET(C228,-1,0))","v":3},{"$f":"IF($A228=1,0,IF($A228=2,OFFSET(D228,-1,0)+1,OFFSET(D228,-1,0)))","v":1},{"$f":"IF(AND($A228<=2,$A228<>0),0,IF($A228=3,OFFSET(E228,-1,0)+1,OFFSET(E228,-1,0)))","v":0},{"$f":"IF(AND($A228<=3,$A228<>0),0,IF($A228=4,OFFSET(F228,-1,0)+1,OFFSET(F228,-1,0)))","v":0},{"$f":"IF(AND($A228<=4,$A228<>0),0,IF($A228=\"S\",OFFSET(G228,-1,0)+1,OFFSET(G228,-1,0)))","v":25},{"$f":"IF(OR($A228=\"S\",$A228=0),0,MATCH(0,OFFSET($B228,1,$A228,ROW($A$1504)-ROW($A228)),0))","v":0},{"$f":"IF(OR($A228=\"S\",$A228=0),0,MATCH(OFFSET($B228,0,$A228)+1,OFFSET($B228,1,$A228,ROW($A$1504)-ROW($A228)),0))","v":0},"Insumo",{"$f":"IF($A228=0,\"-\",CONCATENATE(C228&\".\",IF(AND($A$5>=2,$A228>=2),D228&\".\",\"\"),IF(AND($A$5>=3,$A228>=3),E228&\".\",\"\"),IF(AND($A$5>=4,$A228>=4),F228&\".\",\"\"),IF($A228=\"S\",G228&\".\",\"\")))","v":"3.1.25."},{"$f":"IF(NOT(ISERROR($Y228)),IF($Y228<>FALSE,INDEX(Banco,$Y228,4),\"\"),\"\")","v":"Cotação"},"Rec. Materiais","019",{"$f":"IF(NOT(ISERROR($Y228)),IF($Y228<>FALSE,INDEX(Banco,$Y228,5),\"\"),\"\")","v":"Copos descartáveis (2500 unidades)"},{"$f":"IF(NOT(ISERROR($Y228)),IF($Y228<>FALSE,INDEX(Banco,$Y228,6),\"\"),\"\")","v":"Caixa"},1,{"$f":"IF(NOT(ISERROR($Y228)),IF($Y228<>FALSE,INDEX(Banco,$Y228,7),0),0)","v":77.400000000000006},"DI 1",{"$f":"IF($J228=$G$2,ROUND(ROUND($R228,2)*IF($R$9=\"Preço Unitário (R$)\",1,1+$AA228),2),0)","v":96.75},{"$f":"IF($A228=\"S\",VTOTAL1,IF($A228=0,0,ROUND(SomaAgrup,2)))","v":96.75},null,{"$f":"IF(OR($A228=0,$A228=\"S\",$A228>CFF!$A$9),\"\",MAX(W$11:OFFSET(W228,-1,0))+1)","v":""},{"$f":"IF(AND($J228=$G$2,$N228<>\"\",$M228<>\"\"),CONCATENATE($M228,\"-\",$N228))","v":"Rec. Materiais-019"},{"$f":"IF(X228<>FALSE,MATCH(X228,OFFSET(Banco,0,0,,1),0))","v":28},null,{"$f":"IF($J228=$G$2,ROUND(IF(ISNUMBER(S228),S228,IF(LEFT(S228,2)=\"DI\",HLOOKUP(S228,DADOS!$T$29:$X$30,2,FALSE),0)),4),\"\")","v":0.25}]
["S",0,3,1,0,0,26,{"$f":"IF(OR($A229=\"S\",$A229=0),0,MATCH(0,OFFSET($B229,1,$A229,ROW($A$1504)-ROW($A229)),0))","v":0},{"$f":"IF(OR($A229=\"S\",$A229=0),0,MATCH(OFFSET($B229,0,$A229)+1,OFFSET($B229,1,$A229,ROW($A$1504)-ROW($A229)),0))","v":0},"Insumo","3.1.26.","Cotação","Serv. Terc.","019",{"$f":"IF(NOT(ISERROR($Y229)),IF($Y229<>FALSE,INDEX(Banco,$Y229,5),\"\"),\"\")","v":"Cartilha/Miolo: 20 pgs. 15x21cm, 4 cores, tinta escala em couche"},"Unidade",651,20,"DI 1",25,16275,null,{"$f":"IF(OR($A229=0,$A229=\"S\",$A229>CFF!$A$9),\"\",MAX(W$11:OFFSET(W229,-1,0))+1)","v":""},"Serv. Terc.-019",99,null,{"$f":"IF($J229=$G$2,ROUND(IF(ISNUMBER(S229),S229,IF(LEFT(S229,2)=\"DI\",HLOOKUP(S229,DADOS!$T$29:$X$30,2,FALSE),0)),4),\"\")","v":0.25}]
[{"$f":"CHOOSE(1+LOG(1+2*(J230=$C$2)+4*(J230=$D$2)+8*(J230=$E$2)+16*(J230=$F$2)+32*(J230=$G$2),2),0,1,2,3,4,\"S\")","v":2},{"$f":"IF(OR(A230=\"S\",A230=0),0,IF(ISERROR(I230),H230,SMALL(H230:I230,1)))","v":20},{"$f":"IF($A230=1,OFFSET(C230,-1,0)+1,OFFSET(C230,-1,0))","v":3},{"$f":"IF($A230=1,0,IF($A230=2,OFFSET(D230,-1,0)+1,OFFSET(D230,-1,0)))","v":2},{"$f":"IF(AND($A230<=2,$A230<>0),0,IF($A230=3,OFFSET(E230,-1,0)+1,OFFSET(E230,-1,0)))","v":0},{"$f":"IF(AND($A230<=3,$A230<>0),0,IF($A230=4,OFFSET(F230,-1,0)+1,OFFSET(F230,-1,0)))","v":0},{"$f":"IF(AND($A230<=4,$A230<>0),0,IF($A230=\"S\",OFFSET(G230,-1,0)+1,OFFSET(G230,-1,0)))","v":0},{"$f":"IF(OR($A230=\"S\",$A230=0),0,MATCH(0,OFFSET($B230,1,$A230,ROW($A$1504)-ROW($A230)),0))","v":40},{"$f":"IF(OR($A230=\"S\",$A230=0),0,MATCH(OFFSET($B230,0,$A230)+1,OFFSET($B230,1,$A230,ROW($A$1504)-ROW($A230)),0))","v":20},"AtivNível 1",{"$f":"IF($A230=0,\"-\",CONCATENATE(C230&\".\",IF(AND($A$5>=2,$A230>=2),D230&\".\",\"\"),IF(AND($A$5>=3,$A230>=3),E230&\".\",\"\"),IF(AND($A$5>=4,$A230>=4),F230&\".\",\"\"),IF($A230=\"S\",G230&\".\",\"\")))","v":"3.2."},{"$f":"IF(NOT(ISERROR($Y230)),IF($Y230<>FALSE,INDEX(Banco,$Y230,4),\"\"),\"\")","v":""},null,null,"Atividade 12 - Palestra: Esgotamento Sanitário e o Desenvolvimento de Meio Ambiente: Região Jardim Ikaraí",{"$f":"IF(NOT(ISERROR($Y230)),IF($Y230<>FALSE,INDEX(Banco,$Y230,6),\"\"),\"\")","v":""},null,{"$f":"IF(NOT(ISERROR($Y230)),IF($Y230<>FALSE,INDEX(Banco,$Y230,7),0),0)","v":0},"DI 1",{"$f":"IF($J230=$G$2,ROUND(ROUND($R230,2)*IF($R$9=\"Preço Unitário (R$)\",1,1+$AA230),2),0)","v":0},{"$f":"IF($A230=\"S\",VTOTAL1,IF($A230=0,0,ROUND(SomaAgrup,2)))","v":15473.52},null,{"$f":"IF(OR($A230=0,$A230=\"S\",$A230>CFF!$A$9),\"\",MAX(W$11:OFFSET(W230,-1,0))+1)","v":15},{"$f":"IF(AND($J230=$G$2,$N230<>\"\",$M230<>\"\"),CONCATENATE($M230,\"-\",$N230))","v":false},{"$f":"IF(X230<>FALSE,MATCH(X230,OFFSET(Banco,0,0,,1),0))","v":false},null,{"$f":"IF($J230=$G$2,ROUND(IF(ISNUMBER(S230),S230,IF(LEFT(S230,2)=\"DI\",HLOOKUP(S230,DADOS!$T$29:$X$30,2,FALSE),0)),4),\"\")","v":""}]
["S",0,3,2,0,0,1,{"$f":"IF(OR($A231=\"S\",$A231=0),0,MATCH(0,OFFSET($B231,1,$A231,ROW($A$1504)-ROW($A231)),0))","v":0},{"$f":"IF(OR($A231=\"S\",$A231=0),0,MATCH(OFFSET($B231,0,$A231)+1,OFFSET($B231,1,$A231,ROW($A$1504)-ROW($A231)),0))","v":0},"Insumo","3.2.1.","CRESS","Rec. Humanos","001",{"$f":"IF(NOT(ISERROR($Y231)),IF($Y231<>FALSE,INDEX(Banco,$Y231,5),\"\"),\"\")","v":"Responsável Técnica"},"Horas",9,150.28,"DI 1",187.85,1690.65,null,{"$f":"IF(OR($A231=0,$A231=\"S\",$A231>CFF!$A$9),\"\",MAX(W$11:OFFSET(W231,-1,0))+1)","v":""},"Rec. Humanos-001",3,null,{"$f":"IF($J231=$G$2,ROUND(IF(ISNUMBER(S231),S231,IF(LEFT(S231,2)=\"DI\",HLOOKUP(S231,DADOS!$T$29:$X$30,2,FALSE),0)),4),\"\")","v":0.25}]
["S",0,3,2,0,0,2,{"$f":"IF(OR($A232=\"S\",$A232=0),0,MATCH(0,OFFSET($B232,1,$A232,ROW($A$1504)-ROW($A232)),0))","v":0},{"$f":"IF(OR($A232=\"S\",$A232=0),0,MATCH(OFFSET($B232,0,$A232)+1,OFFSET($B232,1,$A232,ROW($A$1504)-ROW($A232)),0))","v":0},"Insumo","3.2.2.","CRESS","Rec. Humanos","002","Assistente Social","Horas",7,133.81,"DI 1",167.26,1170.82,null,{"$f":"IF(OR($A232=0,$A232=\"S\",$A232>CFF!$A$9),\"\",MAX(W$11:OFFSET(W232,-1,0))+1)","v":""},"Rec. Humanos-002",4,null,{"$f":"IF($J232=$G$2,ROUND(IF(ISNUMBER(S232),S232,IF(LEFT(S232,2)=\"DI\",HLOOKUP(S232,DADOS!$T$29:$X$30,2,FALSE),0)),4),\"\")","v":0.25}]
["S",0,3,2,0,0,3,{"$f":"IF(OR($A233=\"S\",$A233=0),0,MATCH(0,OFFSET($B233,1,$A233,ROW($A$1504)-ROW($A233)),0))","v":0},{"$f":"IF(OR($A233=\"S\",$A233=0),0,MATCH(OFFSET($B233,0,$A233)+1,OFFSET($B233,1,$A233,ROW($A$1504)-ROW($A233)),0))","v":0},"Insumo","3.2.3.","Cotação","Rec. Humanos","003","Administrador (Técnico de Apoio) ","Horas",4,103.65,"DI 1",129.56,518.24,null,{"$f":"IF(OR($A233=0,$A233=\"S\",$A233>CFF!$A$9),\"\",MAX(W$11:OFFSET(W233,-1,0))+1)","v":""},"Rec. Humanos-003",5,null,{"$f":"IF($J233=$G$2,ROUND(IF(ISNUMBER(S233),S233,IF(LEFT(S233,2)=\"DI\",HLOOKUP(S233,DADOS!$T$29:$X$30,2,FALSE),0)),4),\"\")","v":0.25}]
["S",0,3,2,0,0,4,{"$f":"IF(OR($A234=\"S\",$A234=0),0,MATCH(0,OFFSET($B234,1,$A234,ROW($A$1504)-ROW($A234)),0))","v":0},{"$f":"IF(OR($A234=\"S\",$A234=0),0,MATCH(OFFSET($B234,0,$A234)+1,OFFSET($B234,1,$A234,ROW($A$1504)-ROW($A234)),0))","v":0},"Insumo","3.2.4.","SINE","Rec. Humanos","004","Estagiários","Horas",13,9.7899999999999991,"DI 1",12.24,159.12,null,{"$f":"IF(OR($A234=0,$A234=\"S\",$A234>CFF!$A$9),\"\",MAX(W$11:OFFSET(W234,-1,0))+1)","v":""},"Rec. Humanos-004",6,null,{"$f":"IF($J234=$G$2,ROUND(IF(ISNUMBER(S234),S234,IF(LEFT(S234,2)=\"DI\",HLOOKUP(S234,DADOS!$T$29:$X$30,2,FALSE),0)),4),\"\")","v":0.25}]
["S",0,3,2,0,0,5,{"$f":"IF(OR($A235=\"S\",$A235=0),0,MATCH(0,OFFSET($B235,1,$A235,ROW($A$1504)-ROW($A235)),0))","v":0},{"$f":"IF(OR($A235=\"S\",$A235=0),0,MATCH(OFFSET($B235,0,$A235)+1,OFFSET($B235,1,$A235,ROW($A$1504)-ROW($A235)),0))","v":0},"Insumo","3.2.5.","Cotação","Serv. Terc.","001","Fotocópias","Unidade",100,0.3,"DI 1",0.38,38,null,{"$f":"IF(OR($A235=0,$A235=\"S\",$A235>CFF!$A$9),\"\",MAX(W$11:OFFSET(W235,-1,0))+1)","v":""},"Serv. Terc.-001",81,null,{"$f":"IF($J235=$G$2,ROUND(IF(ISNUMBER(S235),S235,IF(LEFT(S235,2)=\"DI\",HLOOKUP(S235,DADOS!$T$29:$X$30,2,FALSE),0)),4),\"\")","v":0.25}]
["S",0,3,2,0,0,6,{"$f":"IF(OR($A236=\"S\",$A236=0),0,MATCH(0,OFFSET($B236,1,$A236,ROW($A$1504)-ROW($A236)),0))","v":0},{"$f":"IF(OR($A236=\"S\",$A236=0),0,MATCH(OFFSET($B236,0,$A236)+1,OFFSET($B236,1,$A236,ROW($A$1504)-ROW($A236)),0))","v":0},"Insumo","3.2.6.","Cotação","Serv. Terc.","017",{"$f":"IF(NOT(ISERROR($Y236)),IF($Y236<>FALSE,INDEX(Banco,$Y236,5),\"\"),\"\")","v":"Instrutor/Monitor (Educação Fisíca)"},"Horas",3,100,"DI 1",125,375,null,{"$f":"IF(OR($A236=0,$A236=\"S\",$A236>CFF!$A$9),\"\",MAX(W$11:OFFSET(W236,-1,0))+1)","v":""},"Serv. Terc.-017",97,null,{"$f":"IF($J236=$G$2,ROUND(IF(ISNUMBER(S236),S236,IF(LEFT(S236,2)=\"DI\",HLOOKUP(S236,DADOS!$T$29:$X$30,2,FALSE),0)),4),\"\")","v":0.25}]
["S",0,3,2,0,0,7,{"$f":"IF(OR($A237=\"S\",$A237=0),0,MATCH(0,OFFSET($B237,1,$A237,ROW($A$1504)-ROW($A237)),0))","v":0},{"$f":"IF(OR($A237=\"S\",$A237=0),0,MATCH(OFFSET($B237,0,$A237)+1,OFFSET($B237,1,$A237,ROW($A$1504)-ROW($A237)),0))","v":0},"Insumo","3.2.7.","Cotação","Serv. Terc.","002","Carro de som com gravação de vinheta","Horas",3,200,"DI 1",250,750,null,{"$f":"IF(OR($A237=0,$A237=\"S\",$A237>CFF!$A$9),\"\",MAX(W$11:OFFSET(W237,-1,0))+1)","v":""},"Serv. Terc.-002",82,null,{"$f":"IF($J237=$G$2,ROUND(IF(ISNUMBER(S237),S237,IF(LEFT(S237,2)=\"DI\",HLOOKUP(S237,DADOS!$T$29:$X$30,2,FALSE),0)),4),\"\")","v":0.25}]
["S",0,3,2,0,0,8,{"$f":"IF(OR($A238=\"S\",$A238=0),0,MATCH(0,OFFSET($B238,1,$A238,ROW($A$1504)-ROW($A238)),0))","v":0},{"$f":"IF(OR($A238=\"S\",$A238=0),0,MATCH(OFFSET($B238,0,$A238)+1,OFFSET($B238,1,$A238,ROW($A$1504)-ROW($A238)),0))","v":0},"Insumo","3.2.8.","Cotação","Serv. Terc.","008","Locação de pula-pula com monitor","Unidade",2,220,"DI 1",275,550,null,{"$f":"IF(OR($A238=0,$A238=\"S\",$A238>CFF!$A$9),\"\",MAX(W$11:OFFSET(W238,-1,0))+1)","v":""},"Serv. Terc.-008",88,null,{"$f":"IF($J238=$G$2,ROUND(IF(ISNUMBER(S238),S238,IF(LEFT(S238,2)=\"DI\",HLOOKUP(S238,DADOS!$T$29:$X$30,2,FALSE),0)),4),\"\")","v":0.25}]
["S",0,3,2,0,0,9,{"$f":"IF(OR($A239=\"S\",$A239=0),0,MATCH(0,OFFSET($B239,1,$A239,ROW($A$1504)-ROW($A239)),0))","v":0},{"$f":"IF(OR($A239=\"S\",$A239=0),0,MATCH(OFFSET($B239,0,$A239)+1,OFFSET($B239,1,$A239,ROW($A$1504)-ROW($A239)),0))","v":0},"Insumo","3.2.9.","Cotação ","Serv. Terc.","011","Barra de gelo","Unidade",4,12,"DI 1",15,60,null,{"$f":"IF(OR($A239=0,$A239=\"S\",$A239>CFF!$A$9),\"\",MAX(W$11:OFFSET(W239,-1,0))+1)","v":""},"Serv. Terc.-011",91,null,{"$f":"IF($J239=$G$2,ROUND(IF(ISNUMBER(S239),S239,IF(LEFT(S239,2)=\"DI\",HLOOKUP(S239,DADOS!$T$29:$X$30,2,FALSE),0)),4),\"\")","v":0.25}]
["S",0,3,2,0,0,10,{"$f":"IF(OR($A240=\"S\",$A240=0),0,MATCH(0,OFFSET($B240,1,$A240,ROW($A$1504)-ROW($A240)),0))","v":0},{"$f":"IF(OR($A240=\"S\",$A240=0),0,MATCH(OFFSET($B240,0,$A240)+1,OFFSET($B240,1,$A240,ROW($A$1504)-ROW($A240)),0))","v":0},"Insumo","3.2.10.","Cotação","Serv. Terc.","013","Sucos","Unidade",12,6.4,"DI 1",8,96,null,{"$f":"IF(OR($A240=0,$A240=\"S\",$A240>CFF!$A$9),\"\",MAX(W$11:OFFSET(W240,-1,0))+1)","v":""},"Serv. Terc.-013",93,null,{"$f":"IF($J240=$G$2,ROUND(IF(ISNUMBER(S240),S240,IF(LEFT(S240,2)=\"DI\",HLOOKUP(S240,DADOS!$T$29:$X$30,2,FALSE),0)),4),\"\")","v":0.25}]
["S",0,3,2,0,0,11,{"$f":"IF(OR($A241=\"S\",$A241=0),0,MATCH(0,OFFSET($B241,1,$A241,ROW($A$1504)-ROW($A241)),0))","v":0},{"$f":"IF(OR($A241=\"S\",$A241=0),0,MATCH(OFFSET($B241,0,$A241)+1,OFFSET($B241,1,$A241,ROW($A$1504)-ROW($A241)),0))","v":0},"Insumo","3.2.11.","Cotação","Serv. Terc.","005",{"$f":"IF(NOT(ISERROR($Y241)),IF($Y241<>FALSE,INDEX(Banco,$Y241,5),\"\"),\"\")","v":"Locação de caixa térmica"},"Unidade",2,40,"DI 1",50,100,null,{"$f":"IF(OR($A241=0,$A241=\"S\",$A241>CFF!$A$9),\"\",MAX(W$11:OFFSET(W241,-1,0))+1)","v":""},"Serv. Terc.-005",85,null,{"$f":"IF($J241=$G$2,ROUND(IF(ISNUMBER(S241),S241,IF(LEFT(S241,2)=\"DI\",HLOOKUP(S241,DADOS!$T$29:$X$30,2,FALSE),0)),4),\"\")","v":0.25}]
["S",0,{"$f":"IF($A242=1,OFFSET(C242,-1,0)+1,OFFSET(C242,-1,0))","v":3},{"$f":"IF($A242=1,0,IF($A242=2,OFFSET(D242,-1,0)+1,OFFSET(D242,-1,0)))","v":2},{"$f":"IF(AND($A242<=2,$A242<>0),0,IF($A242=3,OFFSET(E242,-1,0)+1,OFFSET(E242,-1,0)))","v":0},{"$f":"IF(AND($A242<=3,$A242<>0),0,IF($A242=4,OFFSET(F242,-1,0)+1,OFFSET(F242,-1,0)))","v":0},{"$f":"IF(AND($A242<=4,$A242<>0),0,IF($A242=\"S\",OFFSET(G242,-1,0)+1,OFFSET(G242,-1,0)))","v":12},{"$f":"IF(OR($A242=\"S\",$A242=0),0,MATCH(0,OFFSET($B242,1,$A242,ROW($A$1504)-ROW($A242)),0))","v":0},{"$f":"IF(OR($A242=\"S\",$A242=0),0,MATCH(OFFSET($B242,0,$A242)+1,OFFSET($B242,1,$A242,ROW($A$1504)-ROW($A242)),0))","v":0},"Insumo","3.2.12.",{"$f":"IF(NOT(ISERROR($Y242)),IF($Y242<>FALSE,INDEX(Banco,$Y242,4),\"\"),\"\")","v":"Cotação"},"Serv. Terc.","027",{"$f":"IF(NOT(ISERROR($Y242)),IF($Y242<>FALSE,INDEX(Banco,$Y242,5),\"\"),\"\")","v":"Refrigerantes (02 litros) "},{"$f":"IF(NOT(ISERROR($Y242)),IF($Y242<>FALSE,INDEX(Banco,$Y242,6),\"\"),\"\")","v":"Unidade"},20,{"$f":"IF(NOT(ISERROR($Y242)),IF($Y242<>FALSE,INDEX(Banco,$Y242,7),0),0)","v":6},"DI 1",{"$f":"IF($J242=$G$2,ROUND(ROUND($R242,2)*IF($R$9=\"Preço Unitário (R$)\",1,1+$AA242),2),0)","v":7.5},{"$f":"IF($A242=\"S\",VTOTAL1,IF($A242=0,0,ROUND(SomaAgrup,2)))","v":150},null,{"$f":"IF(OR($A242=0,$A242=\"S\",$A242>CFF!$A$9),\"\",MAX(W$11:OFFSET(W242,-1,0))+1)","v":""},{"$f":"IF(AND($J242=$G$2,$N242<>\"\",$M242<>\"\"),CONCATENATE($M242,\"-\",$N242))","v":"Serv. Terc.-027"},107,null,{"$f":"IF($J242=$G$2,ROUND(IF(ISNUMBER(S242),S242,IF(LEFT(S242,2)=\"DI\",HLOOKUP(S242,DADOS!$T$29:$X$30,2,FALSE),0)),4),\"\")","v":0.25}]
["S",0,3,2,0,0,13,{"$f":"IF(OR($A243=\"S\",$A243=0),0,MATCH(0,OFFSET($B243,1,$A243,ROW($A$1504)-ROW($A243)),0))","v":0},{"$f":"IF(OR($A243=\"S\",$A243=0),0,MATCH(OFFSET($B243,0,$A243)+1,OFFSET($B243,1,$A243,ROW($A$1504)-ROW($A243)),0))","v":0},"Insumo","3.2.13.","Cotação ","Serv. Terc.","010","Brindes ( descrição nos orçamentos e PTS)","Unidade",4,120,"DI 1",150,600,null,{"$f":"IF(OR($A243=0,$A243=\"S\",$A243>CFF!$A$9),\"\",MAX(W$11:OFFSET(W243,-1,0))+1)","v":""},"Serv. Terc.-010",90,null,{"$f":"IF($J243=$G$2,ROUND(IF(ISNUMBER(S243),S243,IF(LEFT(S243,2)=\"DI\",HLOOKUP(S243,DADOS!$T$29:$X$30,2,FALSE),0)),4),\"\")","v":0.25}]
["S",0,3,2,0,0,14,{"$f":"IF(OR($A244=\"S\",$A244=0),0,MATCH(0,OFFSET($B244,1,$A244,ROW($A$1504)-ROW($A244)),0))","v":0},{"$f":"IF(OR($A244=\"S\",$A244=0),0,MATCH(OFFSET($B244,0,$A244)+1,OFFSET($B244,1,$A244,ROW($A$1504)-ROW($A244)),0))","v":0},"Insumo","3.2.14.","Cotação","Serv. Terc.","015","Coffee break (salgados)","Centro",15,65,"DI 1",81.25,1218.75,null,{"$f":"IF(OR($A244=0,$A244=\"S\",$A244>CFF!$A$9),\"\",MAX(W$11:OFFSET(W244,-1,0))+1)","v":""},"Serv. Terc.-015",95,null,{"$f":"IF($J244=$G$2,ROUND(IF(ISNUMBER(S244),S244,IF(LEFT(S244,2)=\"DI\",HLOOKUP(S244,DADOS!$T$29:$X$30,2,FALSE),0)),4),\"\")","v":0.25}]
["S",0,3,2,0,0,15,{"$f":"IF(OR($A245=\"S\",$A245=0),0,MATCH(0,OFFSET($B245,1,$A245,ROW($A$1504)-ROW($A245)),0))","v":0},{"$f":"IF(OR($A245=\"S\",$A245=0),0,MATCH(OFFSET($B245,0,$A245)+1,OFFSET($B245,1,$A245,ROW($A$1504)-ROW($A245)),0))","v":0},"Insumo","3.2.15.","Cotação","Rec. Materiais","020","Guloseimas (balas e pirulito)","Pacote",4,12,"DI 1",15,60,null,{"$f":"IF(OR($A245=0,$A245=\"S\",$A245>CFF!$A$9),\"\",MAX(W$11:OFFSET(W245,-1,0))+1)","v":""},"Rec. Materiais-020",29,null,{"$f":"IF($J245=$G$2,ROUND(IF(ISNUMBER(S245),S245,IF(LEFT(S245,2)=\"DI\",HLOOKUP(S245,DADOS!$T$29:$X$30,2,FALSE),0)),4),\"\")","v":0.25}]
["S",0,{"$f":"IF($A246=1,OFFSET(C246,-1,0)+1,OFFSET(C246,-1,0))","v":3},{"$f":"IF($A246=1,0,IF($A246=2,OFFSET(D246,-1,0)+1,OFFSET(D246,-1,0)))","v":2},{"$f":"IF(AND($A246<=2,$A246<>0),0,IF($A246=3,OFFSET(E246,-1,0)+1,OFFSET(E246,-1,0)))","v":0},{"$f":"IF(AND($A246<=3,$A246<>0),0,IF($A246=4,OFFSET(F246,-1,0)+1,OFFSET(F246,-1,0)))","v":0},{"$f":"IF(AND($A246<=4,$A246<>0),0,IF($A246=\"S\",OFFSET(G246,-1,0)+1,OFFSET(G246,-1,0)))","v":16},{"$f":"IF(OR($A246=\"S\",$A246=0),0,MATCH(0,OFFSET($B246,1,$A246,ROW($A$1504)-ROW($A246)),0))","v":0},{"$f":"IF(OR($A246=\"S\",$A246=0),0,MATCH(OFFSET($B246,0,$A246)+1,OFFSET($B246,1,$A246,ROW($A$1504)-ROW($A246)),0))","v":0},"Insumo","3.2.16.",{"$f":"IF(NOT(ISERROR($Y246)),IF($Y246<>FALSE,INDEX(Banco,$Y246,4),\"\"),\"\")","v":"CREA"},"Serv. Terc.","028",{"$f":"IF(NOT(ISERROR($Y246)),IF($Y246<>FALSE,INDEX(Banco,$Y246,5),\"\"),\"\")","v":"Engenheiro Sanitarista e Ambiental"},{"$f":"IF(NOT(ISERROR($Y246)),IF($Y246<>FALSE,INDEX(Banco,$Y246,6),\"\"),\"\")","v":"Horas"},4,{"$f":"IF(NOT(ISERROR($Y246)),IF($Y246<>FALSE,INDEX(Banco,$Y246,7),0),0)","v":91.88},"DI 1",{"$f":"IF($J246=$G$2,ROUND(ROUND($R246,2)*IF($R$9=\"Preço Unitário (R$)\",1,1+$AA246),2),0)","v":114.85},{"$f":"IF($A246=\"S\",VTOTAL1,IF($A246=0,0,ROUND(SomaAgrup,2)))","v":459.4},null,{"$f":"IF(OR($A246=0,$A246=\"S\",$A246>CFF!$A$9),\"\",MAX(W$11:OFFSET(W246,-1,0))+1)","v":""},{"$f":"IF(AND($J246=$G$2,$N246<>\"\",$M246<>\"\"),CONCATENATE($M246,\"-\",$N246))","v":"Serv. Terc.-028"},108,null,{"$f":"IF($J246=$G$2,ROUND(IF(ISNUMBER(S246),S246,IF(LEFT(S246,2)=\"DI\",HLOOKUP(S246,DADOS!$T$29:$X$30,2,FALSE),0)),4),\"\")","v":0.25}]
["S",0,3,2,0,0,17,{"$f":"IF(OR($A247=\"S\",$A247=0),0,MATCH(0,OFFSET($B247,1,$A247,ROW($A$1504)-ROW($A247)),0))","v":0},{"$f":"IF(OR($A247=\"S\",$A247=0),0,MATCH(OFFSET($B247,0,$A247)+1,OFFSET($B247,1,$A247,ROW($A$1504)-ROW($A247)),0))","v":0},"Insumo","3.2.17.","Cotação","Rec. Materiais","021","Papel de presente","Folhas",8,1.5,"DI 1",1.88,15.04,null,{"$f":"IF(OR($A247=0,$A247=\"S\",$A247>CFF!$A$9),\"\",MAX(W$11:OFFSET(W247,-1,0))+1)","v":""},"Rec. Materiais-021",30,null,{"$f":"IF($J247=$G$2,ROUND(IF(ISNUMBER(S247),S247,IF(LEFT(S247,2)=\"DI\",HLOOKUP(S247,DADOS!$T$29:$X$30,2,FALSE),0)),4),\"\")","v":0.25}]
["S",0,3,2,0,0,18,{"$f":"IF(OR($A248=\"S\",$A248=0),0,MATCH(0,OFFSET($B248,1,$A248,ROW($A$1504)-ROW($A248)),0))","v":0},{"$f":"IF(OR($A248=\"S\",$A248=0),0,MATCH(OFFSET($B248,0,$A248)+1,OFFSET($B248,1,$A248,ROW($A$1504)-ROW($A248)),0))","v":0},"Insumo","3.2.18.","Cotação","Rec. Materiais","026","Saco de lixo (100 litros)","Pacote",2,15,"DI 1",18.75,37.5,null,{"$f":"IF(OR($A248=0,$A248=\"S\",$A248>CFF!$A$9),\"\",MAX(W$11:OFFSET(W248,-1,0))+1)","v":""},"Rec. Materiais-026",35,null,{"$f":"IF($J248=$G$2,ROUND(IF(ISNUMBER(S248),S248,IF(LEFT(S248,2)=\"DI\",HLOOKUP(S248,DADOS!$T$29:$X$30,2,FALSE),0)),4),\"\")","v":0.25}]
["S",0,3,2,0,0,19,{"$f":"IF(OR($A249=\"S\",$A249=0),0,MATCH(0,OFFSET($B249,1,$A249,ROW($A$1504)-ROW($A249)),0))","v":0},{"$f":"IF(OR($A249=\"S\",$A249=0),0,MATCH(OFFSET($B249,0,$A249)+1,OFFSET($B249,1,$A249,ROW($A$1504)-ROW($A249)),0))","v":0},"Insumo","3.2.19.","Cotação","Serv. Terc.","019","Cartilha/Miolo: 20 pgs. 15x21cm, 4 cores, tinta escala em couche","Unidade",297,20,"DI 1",25,7425,null,{"$f":"IF(OR($A249=0,$A249=\"S\",$A249>CFF!$A$9),\"\",MAX(W$11:OFFSET(W249,-1,0))+1)","v":""},"Serv. Terc.-019",99,null,{"$f":"IF($J249=$G$2,ROUND(IF(ISNUMBER(S249),S249,IF(LEFT(S249,2)=\"DI\",HLOOKUP(S249,DADOS!$T$29:$X$30,2,FALSE),0)),4),\"\")","v":0.25}]
[{"$f":"CHOOSE(1+LOG(1+2*(J250=$C$2)+4*(J250=$D$2)+8*(J250=$E$2)+16*(J250=$F$2)+32*(J250=$G$2),2),0,1,2,3,4,\"S\")","v":2},{"$f":"IF(OR(A250=\"S\",A250=0),0,IF(ISERROR(I250),H250,SMALL(H250:I250,1)))","v":20},{"$f":"IF($A250=1,OFFSET(C250,-1,0)+1,OFFSET(C250,-1,0))","v":3},{"$f":"IF($A250=1,0,IF($A250=2,OFFSET(D250,-1,0)+1,OFFSET(D250,-1,0)))","v":3},{"$f":"IF(AND($A250<=2,$A250<>0),0,IF($A250=3,OFFSET(E250,-1,0)+1,OFFSET(E250,-1,0)))","v":0},{"$f":"IF(AND($A250<=3,$A250<>0),0,IF($A250=4,OFFSET(F250,-1,0)+1,OFFSET(F250,-1,0)))","v":0},{"$f":"IF(AND($A250<=4,$A250<>0),0,IF($A250=\"S\",OFFSET(G250,-1,0)+1,OFFSET(G250,-1,0)))","v":0},{"$f":"IF(OR($A250=\"S\",$A250=0),0,MATCH(0,OFFSET($B250,1,$A250,ROW($A$1504)-ROW($A250)),0))","v":20},{"$f":"IF(OR($A250=\"S\",$A250=0),0,MATCH(OFFSET($B250,0,$A250)+1,OFFSET($B250,1,$A250,ROW($A$1504)-ROW($A250)),0))","v":46},"AtivNível 1",{"$f":"IF($A250=0,\"-\",CONCATENATE(C250&\".\",IF(AND($A$5>=2,$A250>=2),D250&\".\",\"\"),IF(AND($A$5>=3,$A250>=3),E250&\".\",\"\"),IF(AND($A$5>=4,$A250>=4),F250&\".\",\"\"),IF($A250=\"S\",G250&\".\",\"\")))","v":"3.3."},{"$f":"IF(NOT(ISERROR($Y250)),IF($Y250<>FALSE,INDEX(Banco,$Y250,4),\"\"),\"\")","v":""},null,null,"Atividade 13 - Palestra: Esgotamento Sanitário e o Desenvolvimento de meio ambiente: Bairro Frutal de Minas e Jardim Paula II",{"$f":"IF(NOT(ISERROR($Y250)),IF($Y250<>FALSE,INDEX(Banco,$Y250,6),\"\"),\"\")","v":""},null,{"$f":"IF(NOT(ISERROR($Y250)),IF($Y250<>FALSE,INDEX(Banco,$Y250,7),0),0)","v":0},"DI 1",{"$f":"IF($J250=$G$2,ROUND(ROUND($R250,2)*IF($R$9=\"Preço Unitário (R$)\",1,1+$AA250),2),0)","v":0},{"$f":"IF($A250=\"S\",VTOTAL1,IF($A250=0,0,ROUND(SomaAgrup,2)))","v":12096.47},null,{"$f":"IF(OR($A250=0,$A250=\"S\",$A250>CFF!$A$9),\"\",MAX(W$11:OFFSET(W250,-1,0))+1)","v":16},{"$f":"IF(AND($J250=$G$2,$N250<>\"\",$M250<>\"\"),CONCATENATE($M250,\"-\",$N250))","v":false},{"$f":"IF(X250<>FALSE,MATCH(X250,OFFSET(Banco,0,0,,1),0))","v":false},null,{"$f":"IF($J250=$G$2,ROUND(IF(ISNUMBER(S250),S250,IF(LEFT(S250,2)=\"DI\",HLOOKUP(S250,DADOS!$T$29:$X$30,2,FALSE),0)),4),\"\")","v":""}]
[{"$f":"CHOOSE(1+LOG(1+2*(J251=$C$2)+4*(J251=$D$2)+8*(J251=$E$2)+16*(J251=$F$2)+32*(J251=$G$2),2),0,1,2,3,4,\"S\")","v":"S"},{"$f":"IF(OR(A251=\"S\",A251=0),0,IF(ISERROR(I251),H251,SMALL(H251:I251,1)))","v":0},3,3,0,0,1,{"$f":"IF(OR($A251=\"S\",$A251=0),0,MATCH(0,OFFSET($B251,1,$A251,ROW($A$1504)-ROW($A251)),0))","v":0},{"$f":"IF(OR($A251=\"S\",$A251=0),0,MATCH(OFFSET($B251,0,$A251)+1,OFFSET($B251,1,$A251,ROW($A$1504)-ROW($A251)),0))","v":0},"Insumo",{"$f":"IF($A251=0,\"-\",CONCATENATE(C251&\".\",IF(AND($A$5>=2,$A251>=2),D251&\".\",\"\"),IF(AND($A$5>=3,$A251>=3),E251&\".\",\"\"),IF(AND($A$5>=4,$A251>=4),F251&\".\",\"\"),IF($A251=\"S\",G251&\".\",\"\")))","v":"3.3.1."},"CRESS","Rec. Humanos","001",{"$f":"IF(NOT(ISERROR($Y251)),IF($Y251<>FALSE,INDEX(Banco,$Y251,5),\"\"),\"\")","v":"Responsável Técnica"},"Horas",6,150.28,"DI 1",187.85,1127.0999999999999,null,{"$f":"IF(OR($A251=0,$A251=\"S\",$A251>CFF!$A$9),\"\",MAX(W$11:OFFSET(W251,-1,0))+1)","v":""},"Rec. Humanos-001",{"$f":"IF(X251<>FALSE,MATCH(X251,OFFSET(Banco,0,0,,1),0))","v":3},null,{"$f":"IF($J251=$G$2,ROUND(IF(ISNUMBER(S251),S251,IF(LEFT(S251,2)=\"DI\",HLOOKUP(S251,DADOS!$T$29:$X$30,2,FALSE),0)),4),\"\")","v":0.25}]
["S",0,3,3,0,0,2,{"$f":"IF(OR($A252=\"S\",$A252=0),0,MATCH(0,OFFSET($B252,1,$A252,ROW($A$1504)-ROW($A252)),0))","v":0},{"$f":"IF(OR($A252=\"S\",$A252=0),0,MATCH(OFFSET($B252,0,$A252)+1,OFFSET($B252,1,$A252,ROW($A$1504)-ROW($A252)),0))","v":0},"Insumo","3.3.2.","CRESS","Rec. Humanos","002","Assistente Social","Horas",4,133.81,"DI 1",167.26,669.04,null,{"$f":"IF(OR($A252=0,$A252=\"S\",$A252>CFF!$A$9),\"\",MAX(W$11:OFFSET(W252,-1,0))+1)","v":""},"Rec. Humanos-002",4,null,{"$f":"IF($J252=$G$2,ROUND(IF(ISNUMBER(S252),S252,IF(LEFT(S252,2)=\"DI\",HLOOKUP(S252,DADOS!$T$29:$X$30,2,FALSE),0)),4),\"\")","v":0.25}]
["S",0,3,3,0,0,3,{"$f":"IF(OR($A253=\"S\",$A253=0),0,MATCH(0,OFFSET($B253,1,$A253,ROW($A$1504)-ROW($A253)),0))","v":0},{"$f":"IF(OR($A253=\"S\",$A253=0),0,MATCH(OFFSET($B253,0,$A253)+1,OFFSET($B253,1,$A253,ROW($A$1504)-ROW($A253)),0))","v":0},"Insumo","3.3.3.","Cotação","Rec. Humanos","003","Administrador (Técnico de Apoio) ","Horas",4,103.65,"DI 1",129.56,518.24,null,{"$f":"IF(OR($A253=0,$A253=\"S\",$A253>CFF!$A$9),\"\",MAX(W$11:OFFSET(W253,-1,0))+1)","v":""},"Rec. Humanos-003",5,null,{"$f":"IF($J253=$G$2,ROUND(IF(ISNUMBER(S253),S253,IF(LEFT(S253,2)=\"DI\",HLOOKUP(S253,DADOS!$T$29:$X$30,2,FALSE),0)),4),\"\")","v":0.25}]
["S",0,3,3,0,0,4,{"$f":"IF(OR($A254=\"S\",$A254=0),0,MATCH(0,OFFSET($B254,1,$A254,ROW($A$1504)-ROW($A254)),0))","v":0},{"$f":"IF(OR($A254=\"S\",$A254=0),0,MATCH(OFFSET($B254,0,$A254)+1,OFFSET($B254,1,$A254,ROW($A$1504)-ROW($A254)),0))","v":0},"Insumo","3.3.4.","SINE","Rec. Humanos","004","Estagiários","Horas",10,9.7899999999999991,"DI 1",12.24,122.4,null,{"$f":"IF(OR($A254=0,$A254=\"S\",$A254>CFF!$A$9),\"\",MAX(W$11:OFFSET(W254,-1,0))+1)","v":""},"Rec. Humanos-004",6,null,{"$f":"IF($J254=$G$2,ROUND(IF(ISNUMBER(S254),S254,IF(LEFT(S254,2)=\"DI\",HLOOKUP(S254,DADOS!$T$29:$X$30,2,FALSE),0)),4),\"\")","v":0.25}]
["S",0,3,3,0,0,5,{"$f":"IF(OR($A255=\"S\",$A255=0),0,MATCH(0,OFFSET($B255,1,$A255,ROW($A$1504)-ROW($A255)),0))","v":0},{"$f":"IF(OR($A255=\"S\",$A255=0),0,MATCH(OFFSET($B255,0,$A255)+1,OFFSET($B255,1,$A255,ROW($A$1504)-ROW($A255)),0))","v":0},"Insumo","3.3.5.","Cotação","Serv. Terc.","001","Fotocópias","Unidade",100,0.3,"DI 1",0.38,38,null,{"$f":"IF(OR($A255=0,$A255=\"S\",$A255>CFF!$A$9),\"\",MAX(W$11:OFFSET(W255,-1,0))+1)","v":""},"Serv. Terc.-001",81,null,{"$f":"IF($J255=$G$2,ROUND(IF(ISNUMBER(S255),S255,IF(LEFT(S255,2)=\"DI\",HLOOKUP(S255,DADOS!$T$29:$X$30,2,FALSE),0)),4),\"\")","v":0.25}]
["S",0,3,3,0,0,6,{"$f":"IF(OR($A256=\"S\",$A256=0),0,MATCH(0,OFFSET($B256,1,$A256,ROW($A$1504)-ROW($A256)),0))","v":0},{"$f":"IF(OR($A256=\"S\",$A256=0),0,MATCH(OFFSET($B256,0,$A256)+1,OFFSET($B256,1,$A256,ROW($A$1504)-ROW($A256)),0))","v":0},"Insumo","3.3.6.","Cotação","Serv. Terc.","017",{"$f":"IF(NOT(ISERROR($Y256)),IF($Y256<>FALSE,INDEX(Banco,$Y256,5),\"\"),\"\")","v":"Instrutor/Monitor (Educação Fisíca)"},"Horas",3,100,"DI 1",125,375,null,{"$f":"IF(OR($A256=0,$A256=\"S\",$A256>CFF!$A$9),\"\",MAX(W$11:OFFSET(W256,-1,0))+1)","v":""},"Serv. Terc.-017",97,null,{"$f":"IF($J256=$G$2,ROUND(IF(ISNUMBER(S256),S256,IF(LEFT(S256,2)=\"DI\",HLOOKUP(S256,DADOS!$T$29:$X$30,2,FALSE),0)),4),\"\")","v":0.25}]
["S",0,3,3,0,0,7,{"$f":"IF(OR($A257=\"S\",$A257=0),0,MATCH(0,OFFSET($B257,1,$A257,ROW($A$1504)-ROW($A257)),0))","v":0},{"$f":"IF(OR($A257=\"S\",$A257=0),0,MATCH(OFFSET($B257,0,$A257)+1,OFFSET($B257,1,$A257,ROW($A$1504)-ROW($A257)),0))","v":0},"Insumo","3.3.7.","Cotação","Serv. Terc.","002","Carro de som com gravação de vinheta","Horas",3,200,"DI 1",250,750,null,{"$f":"IF(OR($A257=0,$A257=\"S\",$A257>CFF!$A$9),\"\",MAX(W$11:OFFSET(W257,-1,0))+1)","v":""},"Serv. Terc.-002",82,null,{"$f":"IF($J257=$G$2,ROUND(IF(ISNUMBER(S257),S257,IF(LEFT(S257,2)=\"DI\",HLOOKUP(S257,DADOS!$T$29:$X$30,2,FALSE),0)),4),\"\")","v":0.25}]
["S",0,3,3,0,0,8,{"$f":"IF(OR($A258=\"S\",$A258=0),0,MATCH(0,OFFSET($B258,1,$A258,ROW($A$1504)-ROW($A258)),0))","v":0},{"$f":"IF(OR($A258=\"S\",$A258=0),0,MATCH(OFFSET($B258,0,$A258)+1,OFFSET($B258,1,$A258,ROW($A$1504)-ROW($A258)),0))","v":0},"Insumo","3.3.8.","Cotação","Serv. Terc.","008","Locação de pula-pula com monitor","Unidade",2,220,"DI 1",275,550,null,{"$f":"IF(OR($A258=0,$A258=\"S\",$A258>CFF!$A$9),\"\",MAX(W$11:OFFSET(W258,-1,0))+1)","v":""},"Serv. Terc.-008",88,null,{"$f":"IF($J258=$G$2,ROUND(IF(ISNUMBER(S258),S258,IF(LEFT(S258,2)=\"DI\",HLOOKUP(S258,DADOS!$T$29:$X$30,2,FALSE),0)),4),\"\")","v":0.25}]
["S",0,3,3,0,0,9,{"$f":"IF(OR($A259=\"S\",$A259=0),0,MATCH(0,OFFSET($B259,1,$A259,ROW($A$1504)-ROW($A259)),0))","v":0},{"$f":"IF(OR($A259=\"S\",$A259=0),0,MATCH(OFFSET($B259,0,$A259)+1,OFFSET($B259,1,$A259,ROW($A$1504)-ROW($A259)),0))","v":0},"Insumo","3.3.9.","Cotação ","Serv. Terc.","011","Barra de gelo","Unidade",4,12,"DI 1",15,60,null,{"$f":"IF(OR($A259=0,$A259=\"S\",$A259>CFF!$A$9),\"\",MAX(W$11:OFFSET(W259,-1,0))+1)","v":""},"Serv. Terc.-011",91,null,{"$f":"IF($J259=$G$2,ROUND(IF(ISNUMBER(S259),S259,IF(LEFT(S259,2)=\"DI\",HLOOKUP(S259,DADOS!$T$29:$X$30,2,FALSE),0)),4),\"\")","v":0.25}]
["S",0,3,3,0,0,10,{"$f":"IF(OR($A260=\"S\",$A260=0),0,MATCH(0,OFFSET($B260,1,$A260,ROW($A$1504)-ROW($A260)),0))","v":0},{"$f":"IF(OR($A260=\"S\",$A260=0),0,MATCH(OFFSET($B260,0,$A260)+1,OFFSET($B260,1,$A260,ROW($A$1504)-ROW($A260)),0))","v":0},"Insumo","3.3.10.","Cotação","Serv. Terc.","013","Sucos","Unidade",12,6.4,"DI 1",8,96,null,{"$f":"IF(OR($A260=0,$A260=\"S\",$A260>CFF!$A$9),\"\",MAX(W$11:OFFSET(W260,-1,0))+1)","v":""},"Serv. Terc.-013",93,null,{"$f":"IF($J260=$G$2,ROUND(IF(ISNUMBER(S260),S260,IF(LEFT(S260,2)=\"DI\",HLOOKUP(S260,DADOS!$T$29:$X$30,2,FALSE),0)),4),\"\")","v":0.25}]
["S",0,3,3,0,0,11,{"$f":"IF(OR($A261=\"S\",$A261=0),0,MATCH(0,OFFSET($B261,1,$A261,ROW($A$1504)-ROW($A261)),0))","v":0},{"$f":"IF(OR($A261=\"S\",$A261=0),0,MATCH(OFFSET($B261,0,$A261)+1,OFFSET($B261,1,$A261,ROW($A$1504)-ROW($A261)),0))","v":0},"Insumo","3.3.11.","Cotação","Serv. Terc.","005",{"$f":"IF(NOT(ISERROR($Y261)),IF($Y261<>FALSE,INDEX(Banco,$Y261,5),\"\"),\"\")","v":"Locação de caixa térmica"},"Unidade",2,40,"DI 1",50,100,null,{"$f":"IF(OR($A261=0,$A261=\"S\",$A261>CFF!$A$9),\"\",MAX(W$11:OFFSET(W261,-1,0))+1)","v":""},"Serv. Terc.-005",85,null,{"$f":"IF($J261=$G$2,ROUND(IF(ISNUMBER(S261),S261,IF(LEFT(S261,2)=\"DI\",HLOOKUP(S261,DADOS!$T$29:$X$30,2,FALSE),0)),4),\"\")","v":0.25}]
[{"$f":"CHOOSE(1+LOG(1+2*(J262=$C$2)+4*(J262=$D$2)+8*(J262=$E$2)+16*(J262=$F$2)+32*(J262=$G$2),2),0,1,2,3,4,\"S\")","v":"S"},{"$f":"IF(OR(A262=\"S\",A262=0),0,IF(ISERROR(I262),H262,SMALL(H262:I262,1)))","v":0},{"$f":"IF($A262=1,OFFSET(C262,-1,0)+1,OFFSET(C262,-1,0))","v":3},{"$f":"IF($A262=1,0,IF($A262=2,OFFSET(D262,-1,0)+1,OFFSET(D262,-1,0)))","v":3},{"$f":"IF(AND($A262<=2,$A262<>0),0,IF($A262=3,OFFSET(E262,-1,0)+1,OFFSET(E262,-1,0)))","v":0},{"$f":"IF(AND($A262<=3,$A262<>0),0,IF($A262=4,OFFSET(F262,-1,0)+1,OFFSET(F262,-1,0)))","v":0},{"$f":"IF(AND($A262<=4,$A262<>0),0,IF($A262=\"S\",OFFSET(G262,-1,0)+1,OFFSET(G262,-1,0)))","v":12},{"$f":"IF(OR($A262=\"S\",$A262=0),0,MATCH(0,OFFSET($B262,1,$A262,ROW($A$1504)-ROW($A262)),0))","v":0},{"$f":"IF(OR($A262=\"S\",$A262=0),0,MATCH(OFFSET($B262,0,$A262)+1,OFFSET($B262,1,$A262,ROW($A$1504)-ROW($A262)),0))","v":0},"Insumo",{"$f":"IF($A262=0,\"-\",CONCATENATE(C262&\".\",IF(AND($A$5>=2,$A262>=2),D262&\".\",\"\"),IF(AND($A$5>=3,$A262>=3),E262&\".\",\"\"),IF(AND($A$5>=4,$A262>=4),F262&\".\",\"\"),IF($A262=\"S\",G262&\".\",\"\")))","v":"3.3.12."},{"$f":"IF(NOT(ISERROR($Y262)),IF($Y262<>FALSE,INDEX(Banco,$Y262,4),\"\"),\"\")","v":"Cotação"},"Serv. Terc.","027",{"$f":"IF(NOT(ISERROR($Y262)),IF($Y262<>FALSE,INDEX(Banco,$Y262,5),\"\"),\"\")","v":"Refrigerantes (02 litros) "},{"$f":"IF(NOT(ISERROR($Y262)),IF($Y262<>FALSE,INDEX(Banco,$Y262,6),\"\"),\"\")","v":"Unidade"},20,{"$f":"IF(NOT(ISERROR($Y262)),IF($Y262<>FALSE,INDEX(Banco,$Y262,7),0),0)","v":6},"DI 1",{"$f":"IF($J262=$G$2,ROUND(ROUND($R262,2)*IF($R$9=\"Preço Unitário (R$)\",1,1+$AA262),2),0)","v":7.5},{"$f":"IF($A262=\"S\",VTOTAL1,IF($A262=0,0,ROUND(SomaAgrup,2)))","v":150},null,{"$f":"IF(OR($A262=0,$A262=\"S\",$A262>CFF!$A$9),\"\",MAX(W$11:OFFSET(W262,-1,0))+1)","v":""},{"$f":"IF(AND($J262=$G$2,$N262<>\"\",$M262<>\"\"),CONCATENATE($M262,\"-\",$N262))","v":"Serv. Terc.-027"},{"$f":"IF(X262<>FALSE,MATCH(X262,OFFSET(Banco,0,0,,1),0))","v":107},null,{"$f":"IF($J262=$G$2,ROUND(IF(ISNUMBER(S262),S262,IF(LEFT(S262,2)=\"DI\",HLOOKUP(S262,DADOS!$T$29:$X$30,2,FALSE),0)),4),\"\")","v":0.25}]
["S",0,3,3,0,0,13,{"$f":"IF(OR($A263=\"S\",$A263=0),0,MATCH(0,OFFSET($B263,1,$A263,ROW($A$1504)-ROW($A263)),0))","v":0},{"$f":"IF(OR($A263=\"S\",$A263=0),0,MATCH(OFFSET($B263,0,$A263)+1,OFFSET($B263,1,$A263,ROW($A$1504)-ROW($A263)),0))","v":0},"Insumo","3.3.13.","Cotação ","Serv. Terc.","010","Brindes ( descrição nos orçamentos e PTS)","Unidade",4,120,"DI 1",150,600,null,{"$f":"IF(OR($A263=0,$A263=\"S\",$A263>CFF!$A$9),\"\",MAX(W$11:OFFSET(W263,-1,0))+1)","v":""},"Serv. Terc.-010",90,null,{"$f":"IF($J263=$G$2,ROUND(IF(ISNUMBER(S263),S263,IF(LEFT(S263,2)=\"DI\",HLOOKUP(S263,DADOS!$T$29:$X$30,2,FALSE),0)),4),\"\")","v":0.25}]
["S",0,3,3,0,0,14,{"$f":"IF(OR($A264=\"S\",$A264=0),0,MATCH(0,OFFSET($B264,1,$A264,ROW($A$1504)-ROW($A264)),0))","v":0},{"$f":"IF(OR($A264=\"S\",$A264=0),0,MATCH(OFFSET($B264,0,$A264)+1,OFFSET($B264,1,$A264,ROW($A$1504)-ROW($A264)),0))","v":0},"Insumo","3.3.14.","Cotação","Serv. Terc.","015","Coffee break (salgados)","Centro",15,65,"DI 1",81.25,1218.75,null,{"$f":"IF(OR($A264=0,$A264=\"S\",$A264>CFF!$A$9),\"\",MAX(W$11:OFFSET(W264,-1,0))+1)","v":""},"Serv. Terc.-015",95,null,{"$f":"IF($J264=$G$2,ROUND(IF(ISNUMBER(S264),S264,IF(LEFT(S264,2)=\"DI\",HLOOKUP(S264,DADOS!$T$29:$X$30,2,FALSE),0)),4),\"\")","v":0.25}]
["S",0,3,3,0,0,15,{"$f":"IF(OR($A265=\"S\",$A265=0),0,MATCH(0,OFFSET($B265,1,$A265,ROW($A$1504)-ROW($A265)),0))","v":0},{"$f":"IF(OR($A265=\"S\",$A265=0),0,MATCH(OFFSET($B265,0,$A265)+1,OFFSET($B265,1,$A265,ROW($A$1504)-ROW($A265)),0))","v":0},"Insumo","3.3.15.","Cotação","Rec. Materiais","020","Guloseimas (balas e pirulito)","Pacote",4,12,"DI 1",15,60,null,{"$f":"IF(OR($A265=0,$A265=\"S\",$A265>CFF!$A$9),\"\",MAX(W$11:OFFSET(W265,-1,0))+1)","v":""},"Rec. Materiais-020",29,null,{"$f":"IF($J265=$G$2,ROUND(IF(ISNUMBER(S265),S265,IF(LEFT(S265,2)=\"DI\",HLOOKUP(S265,DADOS!$T$29:$X$30,2,FALSE),0)),4),\"\")","v":0.25}]
[{"$f":"CHOOSE(1+LOG(1+2*(J266=$C$2)+4*(J266=$D$2)+8*(J266=$E$2)+16*(J266=$F$2)+32*(J266=$G$2),2),0,1,2,3,4,\"S\")","v":"S"},{"$f":"IF(OR(A266=\"S\",A266=0),0,IF(ISERROR(I266),H266,SMALL(H266:I266,1)))","v":0},{"$f":"IF($A266=1,OFFSET(C266,-1,0)+1,OFFSET(C266,-1,0))","v":3},{"$f":"IF($A266=1,0,IF($A266=2,OFFSET(D266,-1,0)+1,OFFSET(D266,-1,0)))","v":3},{"$f":"IF(AND($A266<=2,$A266<>0),0,IF($A266=3,OFFSET(E266,-1,0)+1,OFFSET(E266,-1,0)))","v":0},{"$f":"IF(AND($A266<=3,$A266<>0),0,IF($A266=4,OFFSET(F266,-1,0)+1,OFFSET(F266,-1,0)))","v":0},{"$f":"IF(AND($A266<=4,$A266<>0),0,IF($A266=\"S\",OFFSET(G266,-1,0)+1,OFFSET(G266,-1,0)))","v":16},{"$f":"IF(OR($A266=\"S\",$A266=0),0,MATCH(0,OFFSET($B266,1,$A266,ROW($A$1504)-ROW($A266)),0))","v":0},{"$f":"IF(OR($A266=\"S\",$A266=0),0,MATCH(OFFSET($B266,0,$A266)+1,OFFSET($B266,1,$A266,ROW($A$1504)-ROW($A266)),0))","v":0},"Insumo",{"$f":"IF($A266=0,\"-\",CONCATENATE(C266&\".\",IF(AND($A$5>=2,$A266>=2),D266&\".\",\"\"),IF(AND($A$5>=3,$A266>=3),E266&\".\",\"\"),IF(AND($A$5>=4,$A266>=4),F266&\".\",\"\"),IF($A266=\"S\",G266&\".\",\"\")))","v":"3.3.16."},{"$f":"IF(NOT(ISERROR($Y266)),IF($Y266<>FALSE,INDEX(Banco,$Y266,4),\"\"),\"\")","v":"CREA"},"Serv. Terc.","028",{"$f":"IF(NOT(ISERROR($Y266)),IF($Y266<>FALSE,INDEX(Banco,$Y266,5),\"\"),\"\")","v":"Engenheiro Sanitarista e Ambiental"},{"$f":"IF(NOT(ISERROR($Y266)),IF($Y266<>FALSE,INDEX(Banco,$Y266,6),\"\"),\"\")","v":"Horas"},4,{"$f":"IF(NOT(ISERROR($Y266)),IF($Y266<>FALSE,INDEX(Banco,$Y266,7),0),0)","v":91.88},"DI 1",{"$f":"IF($J266=$G$2,ROUND(ROUND($R266,2)*IF($R$9=\"Preço Unitário (R$)\",1,1+$AA266),2),0)","v":114.85},{"$f":"IF($A266=\"S\",VTOTAL1,IF($A266=0,0,ROUND(SomaAgrup,2)))","v":459.4},null,{"$f":"IF(OR($A266=0,$A266=\"S\",$A266>CFF!$A$9),\"\",MAX(W$11:OFFSET(W266,-1,0))+1)","v":""},{"$f":"IF(AND($J266=$G$2,$N266<>\"\",$M266<>\"\"),CONCATENATE($M266,\"-\",$N266))","v":"Serv. Terc.-028"},{"$f":"IF(X266<>FALSE,MATCH(X266,OFFSET(Banco,0,0,,1),0))","v":108},null,{"$f":"IF($J266=$G$2,ROUND(IF(ISNUMBER(S266),S266,IF(LEFT(S266,2)=\"DI\",HLOOKUP(S266,DADOS!$T$29:$X$30,2,FALSE),0)),4),\"\")","v":0.25}]
["S",0,3,3,0,0,17,{"$f":"IF(OR($A267=\"S\",$A267=0),0,MATCH(0,OFFSET($B267,1,$A267,ROW($A$1504)-ROW($A267)),0))","v":0},{"$f":"IF(OR($A267=\"S\",$A267=0),0,MATCH(OFFSET($B267,0,$A267)+1,OFFSET($B267,1,$A267,ROW($A$1504)-ROW($A267)),0))","v":0},"Insumo","3.3.17.","Cotação","Rec. Materiais","021","Papel de presente","Folhas",8,1.5,"DI 1",1.88,15.04,null,{"$f":"IF(OR($A267=0,$A267=\"S\",$A267>CFF!$A$9),\"\",MAX(W$11:OFFSET(W267,-1,0))+1)","v":""},"Rec. Materiais-021",30,null,{"$f":"IF($J267=$G$2,ROUND(IF(ISNUMBER(S267),S267,IF(LEFT(S267,2)=\"DI\",HLOOKUP(S267,DADOS!$T$29:$X$30,2,FALSE),0)),4),\"\")","v":0.25}]
["S",0,3,3,0,0,18,{"$f":"IF(OR($A268=\"S\",$A268=0),0,MATCH(0,OFFSET($B268,1,$A268,ROW($A$1504)-ROW($A268)),0))","v":0},{"$f":"IF(OR($A268=\"S\",$A268=0),0,MATCH(OFFSET($B268,0,$A268)+1,OFFSET($B268,1,$A268,ROW($A$1504)-ROW($A268)),0))","v":0},"Insumo","3.3.18.","Cotação","Rec. Materiais","026","Saco de lixo (100 litros)","Pacote",2,15,"DI 1",18.75,37.5,null,{"$f":"IF(OR($A268=0,$A268=\"S\",$A268>CFF!$A$9),\"\",MAX(W$11:OFFSET(W268,-1,0))+1)","v":""},"Rec. Materiais-026",35,null,{"$f":"IF($J268=$G$2,ROUND(IF(ISNUMBER(S268),S268,IF(LEFT(S268,2)=\"DI\",HLOOKUP(S268,DADOS!$T$29:$X$30,2,FALSE),0)),4),\"\")","v":0.25}]
["S",0,3,3,0,0,19,{"$f":"IF(OR($A269=\"S\",$A269=0),0,MATCH(0,OFFSET($B269,1,$A269,ROW($A$1504)-ROW($A269)),0))","v":0},{"$f":"IF(OR($A269=\"S\",$A269=0),0,MATCH(OFFSET($B269,0,$A269)+1,OFFSET($B269,1,$A269,ROW($A$1504)-ROW($A269)),0))","v":0},"Insumo","3.3.19.","Cotação","Serv. Terc.","019","Cartilha/Miolo: 20 pgs. 15x21cm, 4 cores, tinta escala em couche","Unidade",206,20,"DI 1",25,5150,null,{"$f":"IF(OR($A269=0,$A269=\"S\",$A269>CFF!$A$9),\"\",MAX(W$11:OFFSET(W269,-1,0))+1)","v":""},"Serv. Terc.-019",99,null,{"$f":"IF($J269=$G$2,ROUND(IF(ISNUMBER(S269),S269,IF(LEFT(S269,2)=\"DI\",HLOOKUP(S269,DADOS!$T$29:$X$30,2,FALSE),0)),4),\"\")","v":0.25}]
[{"$f":"CHOOSE(1+LOG(1+2*(J270=$C$2)+4*(J270=$D$2)+8*(J270=$E$2)+16*(J270=$F$2)+32*(J270=$G$2),2),0,1,2,3,4,\"S\")","v":1},{"$f":"IF(OR(A270=\"S\",A270=0),0,IF(ISERROR(I270),H270,SMALL(H270:I270,1)))","v":68},{"$f":"IF($A270=1,OFFSET(C270,-1,0)+1,OFFSET(C270,-1,0))","v":4},{"$f":"IF($A270=1,0,IF($A270=2,OFFSET(D270,-1,0)+1,OFFSET(D270,-1,0)))","v":0},{"$f":"IF(AND($A270<=2,$A270<>0),0,IF($A270=3,OFFSET(E270,-1,0)+1,OFFSET(E270,-1,0)))","v":0},{"$f":"IF(AND($A270<=3,$A270<>0),0,IF($A270=4,OFFSET(F270,-1,0)+1,OFFSET(F270,-1,0)))","v":0},{"$f":"IF(AND($A270<=4,$A270<>0),0,IF($A270=\"S\",OFFSET(G270,-1,0)+1,OFFSET(G270,-1,0)))","v":0},{"$f":"IF(OR($A270=\"S\",$A270=0),0,MATCH(0,OFFSET($B270,1,$A270,ROW($A$1504)-ROW($A270)),0))","v":1234},{"$f":"IF(OR($A270=\"S\",$A270=0),0,MATCH(OFFSET($B270,0,$A270)+1,OFFSET($B270,1,$A270,ROW($A$1504)-ROW($A270)),0))","v":68},"Ação",{"$f":"IF($A270=0,\"-\",CONCATENATE(C270&\".\",IF(AND($A$5>=2,$A270>=2),D270&\".\",\"\"),IF(AND($A$5>=3,$A270>=3),E270&\".\",\"\"),IF(AND($A$5>=4,$A270>=4),F270&\".\",\"\"),IF($A270=\"S\",G270&\".\",\"\")))","v":"4."},{"$f":"IF(NOT(ISERROR($Y270)),IF($Y270<>FALSE,INDEX(Banco,$Y270,4),\"\"),\"\")","v":""},null,null,"MÊS 04 - INFORMAÇÕES/OFICINAS",{"$f":"IF(NOT(ISERROR($Y270)),IF($Y270<>FALSE,INDEX(Banco,$Y270,6),\"\"),\"\")","v":""},null,{"$f":"IF(NOT(ISERROR($Y270)),IF($Y270<>FALSE,INDEX(Banco,$Y270,7),0),0)","v":0},"DI 1",{"$f":"IF($J270=$G$2,ROUND(ROUND($R270,2)*IF($R$9=\"Preço Unitário (R$)\",1,1+$AA270),2),0)","v":0},{"$f":"IF($A270=\"S\",VTOTAL1,IF($A270=0,0,ROUND(SomaAgrup,2)))","v":25971.65},null,{"$f":"IF(OR($A270=0,$A270=\"S\",$A270>CFF!$A$9),\"\",MAX(W$11:OFFSET(W270,-1,0))+1)","v":17},{"$f":"IF(AND($J270=$G$2,$N270<>\"\",$M270<>\"\"),CONCATENATE($M270,\"-\",$N270))","v":false},{"$f":"IF(X270<>FALSE,MATCH(X270,OFFSET(Banco,0,0,,1),0))","v":false},null,{"$f":"IF($J270=$G$2,ROUND(IF(ISNUMBER(S270),S270,IF(LEFT(S270,2)=\"DI\",HLOOKUP(S270,DADOS!$T$29:$X$30,2,FALSE),0)),4),\"\")","v":""}]
[{"$f":"CHOOSE(1+LOG(1+2*(J271=$C$2)+4*(J271=$D$2)+8*(J271=$E$2)+16*(J271=$F$2)+32*(J271=$G$2),2),0,1,2,3,4,\"S\")","v":2},{"$f":"IF(OR(A271=\"S\",A271=0),0,IF(ISERROR(I271),H271,SMALL(H271:I271,1)))","v":12},{"$f":"IF($A271=1,OFFSET(C271,-1,0)+1,OFFSET(C271,-1,0))","v":4},{"$f":"IF($A271=1,0,IF($A271=2,OFFSET(D271,-1,0)+1,OFFSET(D271,-1,0)))","v":1},{"$f":"IF(AND($A271<=2,$A271<>0),0,IF($A271=3,OFFSET(E271,-1,0)+1,OFFSET(E271,-1,0)))","v":0},{"$f":"IF(AND($A271<=3,$A271<>0),0,IF($A271=4,OFFSET(F271,-1,0)+1,OFFSET(F271,-1,0)))","v":0},{"$f":"IF(AND($A271<=4,$A271<>0),0,IF($A271=\"S\",OFFSET(G271,-1,0)+1,OFFSET(G271,-1,0)))","v":0},{"$f":"IF(OR($A271=\"S\",$A271=0),0,MATCH(0,OFFSET($B271,1,$A271,ROW($A$1504)-ROW($A271)),0))","v":67},{"$f":"IF(OR($A271=\"S\",$A271=0),0,MATCH(OFFSET($B271,0,$A271)+1,OFFSET($B271,1,$A271,ROW($A$1504)-ROW($A271)),0))","v":12},"AtivNível 1",{"$f":"IF($A271=0,\"-\",CONCATENATE(C271&\".\",IF(AND($A$5>=2,$A271>=2),D271&\".\",\"\"),IF(AND($A$5>=3,$A271>=3),E271&\".\",\"\"),IF(AND($A$5>=4,$A271>=4),F271&\".\",\"\"),IF($A271=\"S\",G271&\".\",\"\")))","v":"4.1."},{"$f":"IF(NOT(ISERROR($Y271)),IF($Y271<>FALSE,INDEX(Banco,$Y271,4),\"\"),\"\")","v":""},null,null,"Atividade 14 - Oficina: Produtos de limpeza: Região Parque São João",{"$f":"IF(NOT(ISERROR($Y271)),IF($Y271<>FALSE,INDEX(Banco,$Y271,6),\"\"),\"\")","v":""},null,{"$f":"IF(NOT(ISERROR($Y271)),IF($Y271<>FALSE,INDEX(Banco,$Y271,7),0),0)","v":0},"DI 1",{"$f":"IF($J271=$G$2,ROUND(ROUND($R271,2)*IF($R$9=\"Preço Unitário (R$)\",1,1+$AA271),2),0)","v":0},{"$f":"IF($A271=\"S\",VTOTAL1,IF($A271=0,0,ROUND(SomaAgrup,2)))","v":6625.52},null,{"$f":"IF(OR($A271=0,$A271=\"S\",$A271>CFF!$A$9),\"\",MAX(W$11:OFFSET(W271,-1,0))+1)","v":18},{"$f":"IF(AND($J271=$G$2,$N271<>\"\",$M271<>\"\"),CONCATENATE($M271,\"-\",$N271))","v":false},{"$f":"IF(X271<>FALSE,MATCH(X271,OFFSET(Banco,0,0,,1),0))","v":false},null,{"$f":"IF($J271=$G$2,ROUND(IF(ISNUMBER(S271),S271,IF(LEFT(S271,2)=\"DI\",HLOOKUP(S271,DADOS!$T$29:$X$30,2,FALSE),0)),4),\"\")","v":""}]
["S",0,4,1,0,0,1,{"$f":"IF(OR($A272=\"S\",$A272=0),0,MATCH(0,OFFSET($B272,1,$A272,ROW($A$1504)-ROW($A272)),0))","v":0},{"$f":"IF(OR($A272=\"S\",$A272=0),0,MATCH(OFFSET($B272,0,$A272)+1,OFFSET($B272,1,$A272,ROW($A$1504)-ROW($A272)),0))","v":0},"Insumo","4.1.1.","CRESS","Rec. Humanos","001",{"$f":"IF(NOT(ISERROR($Y272)),IF($Y272<>FALSE,INDEX(Banco,$Y272,5),\"\"),\"\")","v":"Responsável Técnica"},"Horas",14,150.28,"DI 1",187.85,2629.9,null,{"$f":"IF(OR($A272=0,$A272=\"S\",$A272>CFF!$A$9),\"\",MAX(W$11:OFFSET(W272,-1,0))+1)","v":""},"Rec. Humanos-001",3,null,{"$f":"IF($J272=$G$2,ROUND(IF(ISNUMBER(S272),S272,IF(LEFT(S272,2)=\"DI\",HLOOKUP(S272,DADOS!$T$29:$X$30,2,FALSE),0)),4),\"\")","v":0.25}]
["S",0,4,1,0,0,2,{"$f":"IF(OR($A273=\"S\",$A273=0),0,MATCH(0,OFFSET($B273,1,$A273,ROW($A$1504)-ROW($A273)),0))","v":0},{"$f":"IF(OR($A273=\"S\",$A273=0),0,MATCH(OFFSET($B273,0,$A273)+1,OFFSET($B273,1,$A273,ROW($A$1504)-ROW($A273)),0))","v":0},"Insumo","4.1.2.","CRESS","Rec. Humanos","002",{"$f":"IF(NOT(ISERROR($Y273)),IF($Y273<>FALSE,INDEX(Banco,$Y273,5),\"\"),\"\")","v":"Assistente Social"},"Horas",10,133.81,"DI 1",167.26,1672.6,null,{"$f":"IF(OR($A273=0,$A273=\"S\",$A273>CFF!$A$9),\"\",MAX(W$11:OFFSET(W273,-1,0))+1)","v":""},"Rec. Humanos-002",4,null,{"$f":"IF($J273=$G$2,ROUND(IF(ISNUMBER(S273),S273,IF(LEFT(S273,2)=\"DI\",HLOOKUP(S273,DADOS!$T$29:$X$30,2,FALSE),0)),4),\"\")","v":0.25}]
["S",0,4,1,0,0,3,{"$f":"IF(OR($A274=\"S\",$A274=0),0,MATCH(0,OFFSET($B274,1,$A274,ROW($A$1504)-ROW($A274)),0))","v":0},{"$f":"IF(OR($A274=\"S\",$A274=0),0,MATCH(OFFSET($B274,0,$A274)+1,OFFSET($B274,1,$A274,ROW($A$1504)-ROW($A274)),0))","v":0},"Insumo","4.1.3.","Cotação","Rec. Humanos","003",{"$f":"IF(NOT(ISERROR($Y274)),IF($Y274<>FALSE,INDEX(Banco,$Y274,5),\"\"),\"\")","v":"Administrador (Técnico de Apoio) "},"Horas",4,103.65,"DI 1",129.56,518.24,null,{"$f":"IF(OR($A274=0,$A274=\"S\",$A274>CFF!$A$9),\"\",MAX(W$11:OFFSET(W274,-1,0))+1)","v":""},"Rec. Humanos-003",5,null,{"$f":"IF($J274=$G$2,ROUND(IF(ISNUMBER(S274),S274,IF(LEFT(S274,2)=\"DI\",HLOOKUP(S274,DADOS!$T$29:$X$30,2,FALSE),0)),4),\"\")","v":0.25}]
[{"$f":"CHOOSE(1+LOG(1+2*(J275=$C$2)+4*(J275=$D$2)+8*(J275=$E$2)+16*(J275=$F$2)+32*(J275=$G$2),2),0,1,2,3,4,\"S\")","v":"S"},{"$f":"IF(OR(A275=\"S\",A275=0),0,IF(ISERROR(I275),H275,SMALL(H275:I275,1)))","v":0},{"$f":"IF($A275=1,OFFSET(C275,-1,0)+1,OFFSET(C275,-1,0))","v":4},{"$f":"IF($A275=1,0,IF($A275=2,OFFSET(D275,-1,0)+1,OFFSET(D275,-1,0)))","v":1},{"$f":"IF(AND($A275<=2,$A275<>0),0,IF($A275=3,OFFSET(E275,-1,0)+1,OFFSET(E275,-1,0)))","v":0},{"$f":"IF(AND($A275<=3,$A275<>0),0,IF($A275=4,OFFSET(F275,-1,0)+1,OFFSET(F275,-1,0)))","v":0},{"$f":"IF(AND($A275<=4,$A275<>0),0,IF($A275=\"S\",OFFSET(G275,-1,0)+1,OFFSET(G275,-1,0)))","v":4},{"$f":"IF(OR($A275=\"S\",$A275=0),0,MATCH(0,OFFSET($B275,1,$A275,ROW($A$1504)-ROW($A275)),0))","v":0},{"$f":"IF(OR($A275=\"S\",$A275=0),0,MATCH(OFFSET($B275,0,$A275)+1,OFFSET($B275,1,$A275,ROW($A$1504)-ROW($A275)),0))","v":0},"Insumo",{"$f":"IF($A275=0,\"-\",CONCATENATE(C275&\".\",IF(AND($A$5>=2,$A275>=2),D275&\".\",\"\"),IF(AND($A$5>=3,$A275>=3),E275&\".\",\"\"),IF(AND($A$5>=4,$A275>=4),F275&\".\",\"\"),IF($A275=\"S\",G275&\".\",\"\")))","v":"4.1.4."},{"$f":"IF(NOT(ISERROR($Y275)),IF($Y275<>FALSE,INDEX(Banco,$Y275,4),\"\"),\"\")","v":"SINE"},"Rec. Humanos","004",{"$f":"IF(NOT(ISERROR($Y275)),IF($Y275<>FALSE,INDEX(Banco,$Y275,5),\"\"),\"\")","v":"Estagiários"},{"$f":"IF(NOT(ISERROR($Y275)),IF($Y275<>FALSE,INDEX(Banco,$Y275,6),\"\"),\"\")","v":"Horas"},12,{"$f":"IF(NOT(ISERROR($Y275)),IF($Y275<>FALSE,INDEX(Banco,$Y275,7),0),0)","v":9.7899999999999991},"DI 1",{"$f":"IF($J275=$G$2,ROUND(ROUND($R275,2)*IF($R$9=\"Preço Unitário (R$)\",1,1+$AA275),2),0)","v":12.24},{"$f":"IF($A275=\"S\",VTOTAL1,IF($A275=0,0,ROUND(SomaAgrup,2)))","v":146.88},null,{"$f":"IF(OR($A275=0,$A275=\"S\",$A275>CFF!$A$9),\"\",MAX(W$11:OFFSET(W275,-1,0))+1)","v":""},{"$f":"IF(AND($J275=$G$2,$N275<>\"\",$M275<>\"\"),CONCATENATE($M275,\"-\",$N275))","v":"Rec. Humanos-004"},{"$f":"IF(X275<>FALSE,MATCH(X275,OFFSET(Banco,0,0,,1),0))","v":6},null,{"$f":"IF($J275=$G$2,ROUND(IF(ISNUMBER(S275),S275,IF(LEFT(S275,2)=\"DI\",HLOOKUP(S275,DADOS!$T$29:$X$30,2,FALSE),0)),4),\"\")","v":0.25}]
["S",0,{"$f":"IF($A276=1,OFFSET(C276,-1,0)+1,OFFSET(C276,-1,0))","v":4},{"$f":"IF($A276=1,0,IF($A276=2,OFFSET(D276,-1,0)+1,OFFSET(D276,-1,0)))","v":1},{"$f":"IF(AND($A276<=2,$A276<>0),0,IF($A276=3,OFFSET(E276,-1,0)+1,OFFSET(E276,-1,0)))","v":0},{"$f":"IF(AND($A276<=3,$A276<>0),0,IF($A276=4,OFFSET(F276,-1,0)+1,OFFSET(F276,-1,0)))","v":0},{"$f":"IF(AND($A276<=4,$A276<>0),0,IF($A276=\"S\",OFFSET(G276,-1,0)+1,OFFSET(G276,-1,0)))","v":5},{"$f":"IF(OR($A276=\"S\",$A276=0),0,MATCH(0,OFFSET($B276,1,$A276,ROW($A$1504)-ROW($A276)),0))","v":0},{"$f":"IF(OR($A276=\"S\",$A276=0),0,MATCH(OFFSET($B276,0,$A276)+1,OFFSET($B276,1,$A276,ROW($A$1504)-ROW($A276)),0))","v":0},"Insumo","4.1.5.",{"$f":"IF(NOT(ISERROR($Y276)),IF($Y276<>FALSE,INDEX(Banco,$Y276,4),\"\"),\"\")","v":"CRBio"},"Serv. Terc.","068",{"$f":"IF(NOT(ISERROR($Y276)),IF($Y276<>FALSE,INDEX(Banco,$Y276,5),\"\"),\"\")","v":"Biólogo (Instrutor)"},{"$f":"IF(NOT(ISERROR($Y276)),IF($Y276<>FALSE,INDEX(Banco,$Y276,6),\"\"),\"\")","v":"Horas"},6,{"$f":"IF(NOT(ISERROR($Y276)),IF($Y276<>FALSE,INDEX(Banco,$Y276,7),0),0)","v":100.72},"DI 1",{"$f":"IF($J276=$G$2,ROUND(ROUND($R276,2)*IF($R$9=\"Preço Unitário (R$)\",1,1+$AA276),2),0)","v":125.9},{"$f":"IF($A276=\"S\",VTOTAL1,IF($A276=0,0,ROUND(SomaAgrup,2)))","v":755.4},null,{"$f":"IF(OR($A276=0,$A276=\"S\",$A276>CFF!$A$9),\"\",MAX(W$11:OFFSET(W276,-1,0))+1)","v":""},{"$f":"IF(AND($J276=$G$2,$N276<>\"\",$M276<>\"\"),CONCATENATE($M276,\"-\",$N276))","v":"Serv. Terc.-068"},148,null,{"$f":"IF($J276=$G$2,ROUND(IF(ISNUMBER(S276),S276,IF(LEFT(S276,2)=\"DI\",HLOOKUP(S276,DADOS!$T$29:$X$30,2,FALSE),0)),4),\"\")","v":0.25}]
["S",0,{"$f":"IF($A277=1,OFFSET(C277,-1,0)+1,OFFSET(C277,-1,0))","v":4},{"$f":"IF($A277=1,0,IF($A277=2,OFFSET(D277,-1,0)+1,OFFSET(D277,-1,0)))","v":1},{"$f":"IF(AND($A277<=2,$A277<>0),0,IF($A277=3,OFFSET(E277,-1,0)+1,OFFSET(E277,-1,0)))","v":0},{"$f":"IF(AND($A277<=3,$A277<>0),0,IF($A277=4,OFFSET(F277,-1,0)+1,OFFSET(F277,-1,0)))","v":0},{"$f":"IF(AND($A277<=4,$A277<>0),0,IF($A277=\"S\",OFFSET(G277,-1,0)+1,OFFSET(G277,-1,0)))","v":6},{"$f":"IF(OR($A277=\"S\",$A277=0),0,MATCH(0,OFFSET($B277,1,$A277,ROW($A$1504)-ROW($A277)),0))","v":0},{"$f":"IF(OR($A277=\"S\",$A277=0),0,MATCH(OFFSET($B277,0,$A277)+1,OFFSET($B277,1,$A277,ROW($A$1504)-ROW($A277)),0))","v":0},"Insumo","4.1.6.",{"$f":"IF(NOT(ISERROR($Y277)),IF($Y277<>FALSE,INDEX(Banco,$Y277,4),\"\"),\"\")","v":"Cotação "},"Rec. Materiais","069","KIT 01 - Material oficina de limpeza (descrição nos orçamentos e PTS)",{"$f":"IF(NOT(ISERROR($Y277)),IF($Y277<>FALSE,INDEX(Banco,$Y277,6),\"\"),\"\")","v":"Unidade"},1,{"$f":"IF(NOT(ISERROR($Y277)),IF($Y277<>FALSE,INDEX(Banco,$Y277,7),0),0)","v":200},"DI 1",{"$f":"IF($J277=$G$2,ROUND(ROUND($R277,2)*IF($R$9=\"Preço Unitário (R$)\",1,1+$AA277),2),0)","v":250},{"$f":"IF($A277=\"S\",VTOTAL1,IF($A277=0,0,ROUND(SomaAgrup,2)))","v":250},null,{"$f":"IF(OR($A277=0,$A277=\"S\",$A277>CFF!$A$9),\"\",MAX(W$11:OFFSET(W277,-1,0))+1)","v":""},{"$f":"IF(AND($J277=$G$2,$N277<>\"\",$M277<>\"\"),CONCATENATE($M277,\"-\",$N277))","v":"Rec. Materiais-069"},78,null,{"$f":"IF($J277=$G$2,ROUND(IF(ISNUMBER(S277),S277,IF(LEFT(S277,2)=\"DI\",HLOOKUP(S277,DADOS!$T$29:$X$30,2,FALSE),0)),4),\"\")","v":0.25}]
["S",0,{"$f":"IF($A278=1,OFFSET(C278,-1,0)+1,OFFSET(C278,-1,0))","v":4},{"$f":"IF($A278=1,0,IF($A278=2,OFFSET(D278,-1,0)+1,OFFSET(D278,-1,0)))","v":1},{"$f":"IF(AND($A278<=2,$A278<>0),0,IF($A278=3,OFFSET(E278,-1,0)+1,OFFSET(E278,-1,0)))","v":0},{"$f":"IF(AND($A278<=3,$A278<>0),0,IF($A278=4,OFFSET(F278,-1,0)+1,OFFSET(F278,-1,0)))","v":0},{"$f":"IF(AND($A278<=4,$A278<>0),0,IF($A278=\"S\",OFFSET(G278,-1,0)+1,OFFSET(G278,-1,0)))","v":7},{"$f":"IF(OR($A278=\"S\",$A278=0),0,MATCH(0,OFFSET($B278,1,$A278,ROW($A$1504)-ROW($A278)),0))","v":0},{"$f":"IF(OR($A278=\"S\",$A278=0),0,MATCH(OFFSET($B278,0,$A278)+1,OFFSET($B278,1,$A278,ROW($A$1504)-ROW($A278)),0))","v":0},"Insumo","4.1.7.",{"$f":"IF(NOT(ISERROR($Y278)),IF($Y278<>FALSE,INDEX(Banco,$Y278,4),\"\"),\"\")","v":"Cotação"},"Rec. Materiais","070",{"$f":"IF(NOT(ISERROR($Y278)),IF($Y278<>FALSE,INDEX(Banco,$Y278,5),\"\"),\"\")","v":"KIT 02 - Vasilhame p/ oficina de limpeza (descrição nos orçamentos e PTS) "},{"$f":"IF(NOT(ISERROR($Y278)),IF($Y278<>FALSE,INDEX(Banco,$Y278,6),\"\"),\"\")","v":"Unidade"},1,{"$f":"IF(NOT(ISERROR($Y278)),IF($Y278<>FALSE,INDEX(Banco,$Y278,7),0),0)","v":150},"DI 1",{"$f":"IF($J278=$G$2,ROUND(ROUND($R278,2)*IF($R$9=\"Preço Unitário (R$)\",1,1+$AA278),2),0)","v":187.5},{"$f":"IF($A278=\"S\",VTOTAL1,IF($A278=0,0,ROUND(SomaAgrup,2)))","v":187.5},null,{"$f":"IF(OR($A278=0,$A278=\"S\",$A278>CFF!$A$9),\"\",MAX(W$11:OFFSET(W278,-1,0))+1)","v":""},{"$f":"IF(AND($J278=$G$2,$N278<>\"\",$M278<>\"\"),CONCATENATE($M278,\"-\",$N278))","v":"Rec. Materiais-070"},79,null,{"$f":"IF($J278=$G$2,ROUND(IF(ISNUMBER(S278),S278,IF(LEFT(S278,2)=\"DI\",HLOOKUP(S278,DADOS!$T$29:$X$30,2,FALSE),0)),4),\"\")","v":0.25}]
[{"$f":"CHOOSE(1+LOG(1+2*(J279=$C$2)+4*(J279=$D$2)+8*(J279=$E$2)+16*(J279=$F$2)+32*(J279=$G$2),2),0,1,2,3,4,\"S\")","v":"S"},{"$f":"IF(OR(A279=\"S\",A279=0),0,IF(ISERROR(I279),H279,SMALL(H279:I279,1)))","v":0},{"$f":"IF($A279=1,OFFSET(C279,-1,0)+1,OFFSET(C279,-1,0))","v":4},{"$f":"IF($A279=1,0,IF($A279=2,OFFSET(D279,-1,0)+1,OFFSET(D279,-1,0)))","v":1},{"$f":"IF(AND($A279<=2,$A279<>0),0,IF($A279=3,OFFSET(E279,-1,0)+1,OFFSET(E279,-1,0)))","v":0},{"$f":"IF(AND($A279<=3,$A279<>0),0,IF($A279=4,OFFSET(F279,-1,0)+1,OFFSET(F279,-1,0)))","v":0},{"$f":"IF(AND($A279<=4,$A279<>0),0,IF($A279=\"S\",OFFSET(G279,-1,0)+1,OFFSET(G279,-1,0)))","v":8},{"$f":"IF(OR($A279=\"S\",$A279=0),0,MATCH(0,OFFSET($B279,1,$A279,ROW($A$1504)-ROW($A279)),0))","v":0},{"$f":"IF(OR($A279=\"S\",$A279=0),0,MATCH(OFFSET($B279,0,$A279)+1,OFFSET($B279,1,$A279,ROW($A$1504)-ROW($A279)),0))","v":0},"Insumo",{"$f":"IF($A279=0,\"-\",CONCATENATE(C279&\".\",IF(AND($A$5>=2,$A279>=2),D279&\".\",\"\"),IF(AND($A$5>=3,$A279>=3),E279&\".\",\"\"),IF(AND($A$5>=4,$A279>=4),F279&\".\",\"\"),IF($A279=\"S\",G279&\".\",\"\")))","v":"4.1.8."},{"$f":"IF(NOT(ISERROR($Y279)),IF($Y279<>FALSE,INDEX(Banco,$Y279,4),\"\"),\"\")","v":"Cotação"},"Serv. Terc.","015","Coffee break (salgados)",{"$f":"IF(NOT(ISERROR($Y279)),IF($Y279<>FALSE,INDEX(Banco,$Y279,6),\"\"),\"\")","v":"Centro"},4,{"$f":"IF(NOT(ISERROR($Y279)),IF($Y279<>FALSE,INDEX(Banco,$Y279,7),0),0)","v":65},"DI 1",{"$f":"IF($J279=$G$2,ROUND(ROUND($R279,2)*IF($R$9=\"Preço Unitário (R$)\",1,1+$AA279),2),0)","v":81.25},{"$f":"IF($A279=\"S\",VTOTAL1,IF($A279=0,0,ROUND(SomaAgrup,2)))","v":325},null,{"$f":"IF(OR($A279=0,$A279=\"S\",$A279>CFF!$A$9),\"\",MAX(W$11:OFFSET(W279,-1,0))+1)","v":""},{"$f":"IF(AND($J279=$G$2,$N279<>\"\",$M279<>\"\"),CONCATENATE($M279,\"-\",$N279))","v":"Serv. Terc.-015"},{"$f":"IF(X279<>FALSE,MATCH(X279,OFFSET(Banco,0,0,,1),0))","v":95},null,{"$f":"IF($J279=$G$2,ROUND(IF(ISNUMBER(S279),S279,IF(LEFT(S279,2)=\"DI\",HLOOKUP(S279,DADOS!$T$29:$X$30,2,FALSE),0)),4),\"\")","v":0.25}]
[{"$f":"CHOOSE(1+LOG(1+2*(J280=$C$2)+4*(J280=$D$2)+8*(J280=$E$2)+16*(J280=$F$2)+32*(J280=$G$2),2),0,1,2,3,4,\"S\")","v":"S"},{"$f":"IF(OR(A280=\"S\",A280=0),0,IF(ISERROR(I280),H280,SMALL(H280:I280,1)))","v":0},{"$f":"IF($A280=1,OFFSET(C280,-1,0)+1,OFFSET(C280,-1,0))","v":4},{"$f":"IF($A280=1,0,IF($A280=2,OFFSET(D280,-1,0)+1,OFFSET(D280,-1,0)))","v":1},{"$f":"IF(AND($A280<=2,$A280<>0),0,IF($A280=3,OFFSET(E280,-1,0)+1,OFFSET(E280,-1,0)))","v":0},{"$f":"IF(AND($A280<=3,$A280<>0),0,IF($A280=4,OFFSET(F280,-1,0)+1,OFFSET(F280,-1,0)))","v":0},{"$f":"IF(AND($A280<=4,$A280<>0),0,IF($A280=\"S\",OFFSET(G280,-1,0)+1,OFFSET(G280,-1,0)))","v":9},{"$f":"IF(OR($A280=\"S\",$A280=0),0,MATCH(0,OFFSET($B280,1,$A280,ROW($A$1504)-ROW($A280)),0))","v":0},{"$f":"IF(OR($A280=\"S\",$A280=0),0,MATCH(OFFSET($B280,0,$A280)+1,OFFSET($B280,1,$A280,ROW($A$1504)-ROW($A280)),0))","v":0},"Insumo",{"$f":"IF($A280=0,\"-\",CONCATENATE(C280&\".\",IF(AND($A$5>=2,$A280>=2),D280&\".\",\"\"),IF(AND($A$5>=3,$A280>=3),E280&\".\",\"\"),IF(AND($A$5>=4,$A280>=4),F280&\".\",\"\"),IF($A280=\"S\",G280&\".\",\"\")))","v":"4.1.9."},{"$f":"IF(NOT(ISERROR($Y280)),IF($Y280<>FALSE,INDEX(Banco,$Y280,4),\"\"),\"\")","v":"Cotação"},"Serv. Terc.","027",{"$f":"IF(NOT(ISERROR($Y280)),IF($Y280<>FALSE,INDEX(Banco,$Y280,5),\"\"),\"\")","v":"Refrigerantes (02 litros) "},{"$f":"IF(NOT(ISERROR($Y280)),IF($Y280<>FALSE,INDEX(Banco,$Y280,6),\"\"),\"\")","v":"Unidade"},8,{"$f":"IF(NOT(ISERROR($Y280)),IF($Y280<>FALSE,INDEX(Banco,$Y280,7),0),0)","v":6},"DI 1",{"$f":"IF($J280=$G$2,ROUND(ROUND($R280,2)*IF($R$9=\"Preço Unitário (R$)\",1,1+$AA280),2),0)","v":7.5},{"$f":"IF($A280=\"S\",VTOTAL1,IF($A280=0,0,ROUND(SomaAgrup,2)))","v":60},null,{"$f":"IF(OR($A280=0,$A280=\"S\",$A280>CFF!$A$9),\"\",MAX(W$11:OFFSET(W280,-1,0))+1)","v":""},{"$f":"IF(AND($J280=$G$2,$N280<>\"\",$M280<>\"\"),CONCATENATE($M280,\"-\",$N280))","v":"Serv. Terc.-027"},{"$f":"IF(X280<>FALSE,MATCH(X280,OFFSET(Banco,0,0,,1),0))","v":107},null,{"$f":"IF($J280=$G$2,ROUND(IF(ISNUMBER(S280),S280,IF(LEFT(S280,2)=\"DI\",HLOOKUP(S280,DADOS!$T$29:$X$30,2,FALSE),0)),4),\"\")","v":0.25}]
["S",0,4,1,0,0,10,{"$f":"IF(OR($A281=\"S\",$A281=0),0,MATCH(0,OFFSET($B281,1,$A281,ROW($A$1504)-ROW($A281)),0))","v":0},{"$f":"IF(OR($A281=\"S\",$A281=0),0,MATCH(OFFSET($B281,0,$A281)+1,OFFSET($B281,1,$A281,ROW($A$1504)-ROW($A281)),0))","v":0},"Insumo","4.1.10.","Cotação ","Serv. Terc.","011","Barra de gelo","Unidade",2,12,"DI 1",15,30,null,{"$f":"IF(OR($A281=0,$A281=\"S\",$A281>CFF!$A$9),\"\",MAX(W$11:OFFSET(W281,-1,0))+1)","v":""},"Serv. Terc.-011",91,null,{"$f":"IF($J281=$G$2,ROUND(IF(ISNUMBER(S281),S281,IF(LEFT(S281,2)=\"DI\",HLOOKUP(S281,DADOS!$T$29:$X$30,2,FALSE),0)),4),\"\")","v":0.25}]
["S",0,4,1,0,0,11,{"$f":"IF(OR($A282=\"S\",$A282=0),0,MATCH(0,OFFSET($B282,1,$A282,ROW($A$1504)-ROW($A282)),0))","v":0},{"$f":"IF(OR($A282=\"S\",$A282=0),0,MATCH(OFFSET($B282,0,$A282)+1,OFFSET($B282,1,$A282,ROW($A$1504)-ROW($A282)),0))","v":0},"Insumo","4.1.11.","Cotação","Serv. Terc.","005","Locação de caixa térmica","Unidade",1,40,"DI 1",50,50,null,{"$f":"IF(OR($A282=0,$A282=\"S\",$A282>CFF!$A$9),\"\",MAX(W$11:OFFSET(W282,-1,0))+1)","v":""},"Serv. Terc.-005",85,null,{"$f":"IF($J282=$G$2,ROUND(IF(ISNUMBER(S282),S282,IF(LEFT(S282,2)=\"DI\",HLOOKUP(S282,DADOS!$T$29:$X$30,2,FALSE),0)),4),\"\")","v":0.25}]
[{"$f":"CHOOSE(1+LOG(1+2*(J283=$C$2)+4*(J283=$D$2)+8*(J283=$E$2)+16*(J283=$F$2)+32*(J283=$G$2),2),0,1,2,3,4,\"S\")","v":2},{"$f":"IF(OR(A283=\"S\",A283=0),0,IF(ISERROR(I283),H283,SMALL(H283:I283,1)))","v":10},{"$f":"IF($A283=1,OFFSET(C283,-1,0)+1,OFFSET(C283,-1,0))","v":4},{"$f":"IF($A283=1,0,IF($A283=2,OFFSET(D283,-1,0)+1,OFFSET(D283,-1,0)))","v":2},{"$f":"IF(AND($A283<=2,$A283<>0),0,IF($A283=3,OFFSET(E283,-1,0)+1,OFFSET(E283,-1,0)))","v":0},{"$f":"IF(AND($A283<=3,$A283<>0),0,IF($A283=4,OFFSET(F283,-1,0)+1,OFFSET(F283,-1,0)))","v":0},{"$f":"IF(AND($A283<=4,$A283<>0),0,IF($A283=\"S\",OFFSET(G283,-1,0)+1,OFFSET(G283,-1,0)))","v":0},{"$f":"IF(OR($A283=\"S\",$A283=0),0,MATCH(0,OFFSET($B283,1,$A283,ROW($A$1504)-ROW($A283)),0))","v":55},{"$f":"IF(OR($A283=\"S\",$A283=0),0,MATCH(OFFSET($B283,0,$A283)+1,OFFSET($B283,1,$A283,ROW($A$1504)-ROW($A283)),0))","v":10},"AtivNível 1",{"$f":"IF($A283=0,\"-\",CONCATENATE(C283&\".\",IF(AND($A$5>=2,$A283>=2),D283&\".\",\"\"),IF(AND($A$5>=3,$A283>=3),E283&\".\",\"\"),IF(AND($A$5>=4,$A283>=4),F283&\".\",\"\"),IF($A283=\"S\",G283&\".\",\"\")))","v":"4.2."},{"$f":"IF(NOT(ISERROR($Y283)),IF($Y283<>FALSE,INDEX(Banco,$Y283,4),\"\"),\"\")","v":""},null,null,"Atividade 15 - Oficina para melhor idade: Região Parque São João",{"$f":"IF(NOT(ISERROR($Y283)),IF($Y283<>FALSE,INDEX(Banco,$Y283,6),\"\"),\"\")","v":""},null,{"$f":"IF(NOT(ISERROR($Y283)),IF($Y283<>FALSE,INDEX(Banco,$Y283,7),0),0)","v":0},"DI 1",{"$f":"IF($J283=$G$2,ROUND(ROUND($R283,2)*IF($R$9=\"Preço Unitário (R$)\",1,1+$AA283),2),0)","v":0},{"$f":"IF($A283=\"S\",VTOTAL1,IF($A283=0,0,ROUND(SomaAgrup,2)))","v":4064.49},null,{"$f":"IF(OR($A283=0,$A283=\"S\",$A283>CFF!$A$9),\"\",MAX(W$11:OFFSET(W283,-1,0))+1)","v":19},{"$f":"IF(AND($J283=$G$2,$N283<>\"\",$M283<>\"\"),CONCATENATE($M283,\"-\",$N283))","v":false},{"$f":"IF(X283<>FALSE,MATCH(X283,OFFSET(Banco,0,0,,1),0))","v":false},null,{"$f":"IF($J283=$G$2,ROUND(IF(ISNUMBER(S283),S283,IF(LEFT(S283,2)=\"DI\",HLOOKUP(S283,DADOS!$T$29:$X$30,2,FALSE),0)),4),\"\")","v":""}]
[{"$f":"CHOOSE(1+LOG(1+2*(J284=$C$2)+4*(J284=$D$2)+8*(J284=$E$2)+16*(J284=$F$2)+32*(J284=$G$2),2),0,1,2,3,4,\"S\")","v":"S"},{"$f":"IF(OR(A284=\"S\",A284=0),0,IF(ISERROR(I284),H284,SMALL(H284:I284,1)))","v":0},{"$f":"IF($A284=1,OFFSET(C284,-1,0)+1,OFFSET(C284,-1,0))","v":4},{"$f":"IF($A284=1,0,IF($A284=2,OFFSET(D284,-1,0)+1,OFFSET(D284,-1,0)))","v":2},{"$f":"IF(AND($A284<=2,$A284<>0),0,IF($A284=3,OFFSET(E284,-1,0)+1,OFFSET(E284,-1,0)))","v":0},{"$f":"IF(AND($A284<=3,$A284<>0),0,IF($A284=4,OFFSET(F284,-1,0)+1,OFFSET(F284,-1,0)))","v":0},{"$f":"IF(AND($A284<=4,$A284<>0),0,IF($A284=\"S\",OFFSET(G284,-1,0)+1,OFFSET(G284,-1,0)))","v":1},{"$f":"IF(OR($A284=\"S\",$A284=0),0,MATCH(0,OFFSET($B284,1,$A284,ROW($A$1504)-ROW($A284)),0))","v":0},{"$f":"IF(OR($A284=\"S\",$A284=0),0,MATCH(OFFSET($B284,0,$A284)+1,OFFSET($B284,1,$A284,ROW($A$1504)-ROW($A284)),0))","v":0},"Insumo",{"$f":"IF($A284=0,\"-\",CONCATENATE(C284&\".\",IF(AND($A$5>=2,$A284>=2),D284&\".\",\"\"),IF(AND($A$5>=3,$A284>=3),E284&\".\",\"\"),IF(AND($A$5>=4,$A284>=4),F284&\".\",\"\"),IF($A284=\"S\",G284&\".\",\"\")))","v":"4.2.1."},{"$f":"IF(NOT(ISERROR($Y284)),IF($Y284<>FALSE,INDEX(Banco,$Y284,4),\"\"),\"\")","v":"CRESS"},"Rec. Humanos","001",{"$f":"IF(NOT(ISERROR($Y284)),IF($Y284<>FALSE,INDEX(Banco,$Y284,5),\"\"),\"\")","v":"Responsável Técnica"},{"$f":"IF(NOT(ISERROR($Y284)),IF($Y284<>FALSE,INDEX(Banco,$Y284,6),\"\"),\"\")","v":"Horas"},4,{"$f":"IF(NOT(ISERROR($Y284)),IF($Y284<>FALSE,INDEX(Banco,$Y284,7),0),0)","v":150.28},"DI 1",{"$f":"IF($J284=$G$2,ROUND(ROUND($R284,2)*IF($R$9=\"Preço Unitário (R$)\",1,1+$AA284),2),0)","v":187.85},{"$f":"IF($A284=\"S\",VTOTAL1,IF($A284=0,0,ROUND(SomaAgrup,2)))","v":751.4},null,{"$f":"IF(OR($A284=0,$A284=\"S\",$A284>CFF!$A$9),\"\",MAX(W$11:OFFSET(W284,-1,0))+1)","v":""},{"$f":"IF(AND($J284=$G$2,$N284<>\"\",$M284<>\"\"),CONCATENATE($M284,\"-\",$N284))","v":"Rec. Humanos-001"},{"$f":"IF(X284<>FALSE,MATCH(X284,OFFSET(Banco,0,0,,1),0))","v":3},null,{"$f":"IF($J284=$G$2,ROUND(IF(ISNUMBER(S284),S284,IF(LEFT(S284,2)=\"DI\",HLOOKUP(S284,DADOS!$T$29:$X$30,2,FALSE),0)),4),\"\")","v":0.25}]
["S",0,4,2,0,0,2,{"$f":"IF(OR($A285=\"S\",$A285=0),0,MATCH(0,OFFSET($B285,1,$A285,ROW($A$1504)-ROW($A285)),0))","v":0},{"$f":"IF(OR($A285=\"S\",$A285=0),0,MATCH(OFFSET($B285,0,$A285)+1,OFFSET($B285,1,$A285,ROW($A$1504)-ROW($A285)),0))","v":0},"Insumo","4.2.2.","CRESS","Rec. Humanos","002","Assistente Social","Horas",4,133.81,"DI 1",167.26,669.04,null,{"$f":"IF(OR($A285=0,$A285=\"S\",$A285>CFF!$A$9),\"\",MAX(W$11:OFFSET(W285,-1,0))+1)","v":""},"Rec. Humanos-002",4,null,{"$f":"IF($J285=$G$2,ROUND(IF(ISNUMBER(S285),S285,IF(LEFT(S285,2)=\"DI\",HLOOKUP(S285,DADOS!$T$29:$X$30,2,FALSE),0)),4),\"\")","v":0.25}]
["S",0,4,2,0,0,3,{"$f":"IF(OR($A286=\"S\",$A286=0),0,MATCH(0,OFFSET($B286,1,$A286,ROW($A$1504)-ROW($A286)),0))","v":0},{"$f":"IF(OR($A286=\"S\",$A286=0),0,MATCH(OFFSET($B286,0,$A286)+1,OFFSET($B286,1,$A286,ROW($A$1504)-ROW($A286)),0))","v":0},"Insumo","4.2.3.","Cotação","Serv. Terc.","033","Coffe break (salgados) ","Centro",5,65,"DI 1",81.25,406.25,null,{"$f":"IF(OR($A286=0,$A286=\"S\",$A286>CFF!$A$9),\"\",MAX(W$11:OFFSET(W286,-1,0))+1)","v":""},"Serv. Terc.-033",113,null,{"$f":"IF($J286=$G$2,ROUND(IF(ISNUMBER(S286),S286,IF(LEFT(S286,2)=\"DI\",HLOOKUP(S286,DADOS!$T$29:$X$30,2,FALSE),0)),4),\"\")","v":0.25}]
[{"$f":"CHOOSE(1+LOG(1+2*(J287=$C$2)+4*(J287=$D$2)+8*(J287=$E$2)+16*(J287=$F$2)+32*(J287=$G$2),2),0,1,2,3,4,\"S\")","v":"S"},{"$f":"IF(OR(A287=\"S\",A287=0),0,IF(ISERROR(I287),H287,SMALL(H287:I287,1)))","v":0},{"$f":"IF($A287=1,OFFSET(C287,-1,0)+1,OFFSET(C287,-1,0))","v":4},{"$f":"IF($A287=1,0,IF($A287=2,OFFSET(D287,-1,0)+1,OFFSET(D287,-1,0)))","v":2},{"$f":"IF(AND($A287<=2,$A287<>0),0,IF($A287=3,OFFSET(E287,-1,0)+1,OFFSET(E287,-1,0)))","v":0},{"$f":"IF(AND($A287<=3,$A287<>0),0,IF($A287=4,OFFSET(F287,-1,0)+1,OFFSET(F287,-1,0)))","v":0},{"$f":"IF(AND($A287<=4,$A287<>0),0,IF($A287=\"S\",OFFSET(G287,-1,0)+1,OFFSET(G287,-1,0)))","v":4},{"$f":"IF(OR($A287=\"S\",$A287=0),0,MATCH(0,OFFSET($B287,1,$A287,ROW($A$1504)-ROW($A287)),0))","v":0},{"$f":"IF(OR($A287=\"S\",$A287=0),0,MATCH(OFFSET($B287,0,$A287)+1,OFFSET($B287,1,$A287,ROW($A$1504)-ROW($A287)),0))","v":0},"Insumo",{"$f":"IF($A287=0,\"-\",CONCATENATE(C287&\".\",IF(AND($A$5>=2,$A287>=2),D287&\".\",\"\"),IF(AND($A$5>=3,$A287>=3),E287&\".\",\"\"),IF(AND($A$5>=4,$A287>=4),F287&\".\",\"\"),IF($A287=\"S\",G287&\".\",\"\")))","v":"4.2.4."},{"$f":"IF(NOT(ISERROR($Y287)),IF($Y287<>FALSE,INDEX(Banco,$Y287,4),\"\"),\"\")","v":"Cotação"},"Serv. Terc.","009",{"$f":"IF(NOT(ISERROR($Y287)),IF($Y287<>FALSE,INDEX(Banco,$Y287,5),\"\"),\"\")","v":"Água (garrafa de 1,5 litros)"},{"$f":"IF(NOT(ISERROR($Y287)),IF($Y287<>FALSE,INDEX(Banco,$Y287,6),\"\"),\"\")","v":"Unidade"},3,{"$f":"IF(NOT(ISERROR($Y287)),IF($Y287<>FALSE,INDEX(Banco,$Y287,7),0),0)","v":4},"DI 1",{"$f":"IF($J287=$G$2,ROUND(ROUND($R287,2)*IF($R$9=\"Preço Unitário (R$)\",1,1+$AA287),2),0)","v":5},{"$f":"IF($A287=\"S\",VTOTAL1,IF($A287=0,0,ROUND(SomaAgrup,2)))","v":15},null,{"$f":"IF(OR($A287=0,$A287=\"S\",$A287>CFF!$A$9),\"\",MAX(W$11:OFFSET(W287,-1,0))+1)","v":""},{"$f":"IF(AND($J287=$G$2,$N287<>\"\",$M287<>\"\"),CONCATENATE($M287,\"-\",$N287))","v":"Serv. Terc.-009"},{"$f":"IF(X287<>FALSE,MATCH(X287,OFFSET(Banco,0,0,,1),0))","v":89},null,{"$f":"IF($J287=$G$2,ROUND(IF(ISNUMBER(S287),S287,IF(LEFT(S287,2)=\"DI\",HLOOKUP(S287,DADOS!$T$29:$X$30,2,FALSE),0)),4),\"\")","v":0.25}]
["S",0,{"$f":"IF($A288=1,OFFSET(C288,-1,0)+1,OFFSET(C288,-1,0))","v":4},{"$f":"IF($A288=1,0,IF($A288=2,OFFSET(D288,-1,0)+1,OFFSET(D288,-1,0)))","v":2},{"$f":"IF(AND($A288<=2,$A288<>0),0,IF($A288=3,OFFSET(E288,-1,0)+1,OFFSET(E288,-1,0)))","v":0},{"$f":"IF(AND($A288<=3,$A288<>0),0,IF($A288=4,OFFSET(F288,-1,0)+1,OFFSET(F288,-1,0)))","v":0},{"$f":"IF(AND($A288<=4,$A288<>0),0,IF($A288=\"S\",OFFSET(G288,-1,0)+1,OFFSET(G288,-1,0)))","v":5},{"$f":"IF(OR($A288=\"S\",$A288=0),0,MATCH(0,OFFSET($B288,1,$A288,ROW($A$1504)-ROW($A288)),0))","v":0},{"$f":"IF(OR($A288=\"S\",$A288=0),0,MATCH(OFFSET($B288,0,$A288)+1,OFFSET($B288,1,$A288,ROW($A$1504)-ROW($A288)),0))","v":0},"Insumo","4.2.5.",{"$f":"IF(NOT(ISERROR($Y288)),IF($Y288<>FALSE,INDEX(Banco,$Y288,4),\"\"),\"\")","v":"Cotação"},"Serv. Terc.","027",{"$f":"IF(NOT(ISERROR($Y288)),IF($Y288<>FALSE,INDEX(Banco,$Y288,5),\"\"),\"\")","v":"Refrigerantes (02 litros) "},{"$f":"IF(NOT(ISERROR($Y288)),IF($Y288<>FALSE,INDEX(Banco,$Y288,6),\"\"),\"\")","v":"Unidade"},7,{"$f":"IF(NOT(ISERROR($Y288)),IF($Y288<>FALSE,INDEX(Banco,$Y288,7),0),0)","v":6},"DI 1",{"$f":"IF($J288=$G$2,ROUND(ROUND($R288,2)*IF($R$9=\"Preço Unitário (R$)\",1,1+$AA288),2),0)","v":7.5},{"$f":"IF($A288=\"S\",VTOTAL1,IF($A288=0,0,ROUND(SomaAgrup,2)))","v":52.5},null,{"$f":"IF(OR($A288=0,$A288=\"S\",$A288>CFF!$A$9),\"\",MAX(W$11:OFFSET(W288,-1,0))+1)","v":""},{"$f":"IF(AND($J288=$G$2,$N288<>\"\",$M288<>\"\"),CONCATENATE($M288,\"-\",$N288))","v":"Serv. Terc.-027"},107,null,{"$f":"IF($J288=$G$2,ROUND(IF(ISNUMBER(S288),S288,IF(LEFT(S288,2)=\"DI\",HLOOKUP(S288,DADOS!$T$29:$X$30,2,FALSE),0)),4),\"\")","v":0.25}]
["S",0,4,2,0,0,6,{"$f":"IF(OR($A289=\"S\",$A289=0),0,MATCH(0,OFFSET($B289,1,$A289,ROW($A$1504)-ROW($A289)),0))","v":0},{"$f":"IF(OR($A289=\"S\",$A289=0),0,MATCH(OFFSET($B289,0,$A289)+1,OFFSET($B289,1,$A289,ROW($A$1504)-ROW($A289)),0))","v":0},"Insumo","4.2.6.","CREFITO","Serv. Terc.","085","Fisioterapeuta (Massagem terapêutica)","Vagas",30,41.6,"DI 1",52,1560,null,{"$f":"IF(OR($A289=0,$A289=\"S\",$A289>CFF!$A$9),\"\",MAX(W$11:OFFSET(W289,-1,0))+1)","v":""},"Serv. Terc.-085",165,null,{"$f":"IF($J289=$G$2,ROUND(IF(ISNUMBER(S289),S289,IF(LEFT(S289,2)=\"DI\",HLOOKUP(S289,DADOS!$T$29:$X$30,2,FALSE),0)),4),\"\")","v":0.25}]
["S",0,{"$f":"IF($A290=1,OFFSET(C290,-1,0)+1,OFFSET(C290,-1,0))","v":4},{"$f":"IF($A290=1,0,IF($A290=2,OFFSET(D290,-1,0)+1,OFFSET(D290,-1,0)))","v":2},{"$f":"IF(AND($A290<=2,$A290<>0),0,IF($A290=3,OFFSET(E290,-1,0)+1,OFFSET(E290,-1,0)))","v":0},{"$f":"IF(AND($A290<=3,$A290<>0),0,IF($A290=4,OFFSET(F290,-1,0)+1,OFFSET(F290,-1,0)))","v":0},{"$f":"IF(AND($A290<=4,$A290<>0),0,IF($A290=\"S\",OFFSET(G290,-1,0)+1,OFFSET(G290,-1,0)))","v":7},{"$f":"IF(OR($A290=\"S\",$A290=0),0,MATCH(0,OFFSET($B290,1,$A290,ROW($A$1504)-ROW($A290)),0))","v":0},{"$f":"IF(OR($A290=\"S\",$A290=0),0,MATCH(OFFSET($B290,0,$A290)+1,OFFSET($B290,1,$A290,ROW($A$1504)-ROW($A290)),0))","v":0},"Insumo","4.2.7.",{"$f":"IF(NOT(ISERROR($Y290)),IF($Y290<>FALSE,INDEX(Banco,$Y290,4),\"\"),\"\")","v":"COREN"},"Serv. Terc.","086","Técnica de Enfermagem (Instrutor)",{"$f":"IF(NOT(ISERROR($Y290)),IF($Y290<>FALSE,INDEX(Banco,$Y290,6),\"\"),\"\")","v":"Horas"},2,{"$f":"IF(NOT(ISERROR($Y290)),IF($Y290<>FALSE,INDEX(Banco,$Y290,7),0),0)","v":92.65},"DI 1",{"$f":"IF($J290=$G$2,ROUND(ROUND($R290,2)*IF($R$9=\"Preço Unitário (R$)\",1,1+$AA290),2),0)","v":115.81},{"$f":"IF($A290=\"S\",VTOTAL1,IF($A290=0,0,ROUND(SomaAgrup,2)))","v":231.62},null,{"$f":"IF(OR($A290=0,$A290=\"S\",$A290>CFF!$A$9),\"\",MAX(W$11:OFFSET(W290,-1,0))+1)","v":""},{"$f":"IF(AND($J290=$G$2,$N290<>\"\",$M290<>\"\"),CONCATENATE($M290,\"-\",$N290))","v":"Serv. Terc.-086"},166,null,{"$f":"IF($J290=$G$2,ROUND(IF(ISNUMBER(S290),S290,IF(LEFT(S290,2)=\"DI\",HLOOKUP(S290,DADOS!$T$29:$X$30,2,FALSE),0)),4),\"\")","v":0.25}]
["S",0,{"$f":"IF($A291=1,OFFSET(C291,-1,0)+1,OFFSET(C291,-1,0))","v":4},{"$f":"IF($A291=1,0,IF($A291=2,OFFSET(D291,-1,0)+1,OFFSET(D291,-1,0)))","v":2},{"$f":"IF(AND($A291<=2,$A291<>0),0,IF($A291=3,OFFSET(E291,-1,0)+1,OFFSET(E291,-1,0)))","v":0},{"$f":"IF(AND($A291<=3,$A291<>0),0,IF($A291=4,OFFSET(F291,-1,0)+1,OFFSET(F291,-1,0)))","v":0},{"$f":"IF(AND($A291<=4,$A291<>0),0,IF($A291=\"S\",OFFSET(G291,-1,0)+1,OFFSET(G291,-1,0)))","v":8},{"$f":"IF(OR($A291=\"S\",$A291=0),0,MATCH(0,OFFSET($B291,1,$A291,ROW($A$1504)-ROW($A291)),0))","v":0},{"$f":"IF(OR($A291=\"S\",$A291=0),0,MATCH(OFFSET($B291,0,$A291)+1,OFFSET($B291,1,$A291,ROW($A$1504)-ROW($A291)),0))","v":0},"Insumo","4.2.8.",{"$f":"IF(NOT(ISERROR($Y291)),IF($Y291<>FALSE,INDEX(Banco,$Y291,4),\"\"),\"\")","v":"Cotação"},"Serv. Terc.","017",{"$f":"IF(NOT(ISERROR($Y291)),IF($Y291<>FALSE,INDEX(Banco,$Y291,5),\"\"),\"\")","v":"Instrutor/Monitor (Educação Fisíca)"},{"$f":"IF(NOT(ISERROR($Y291)),IF($Y291<>FALSE,INDEX(Banco,$Y291,6),\"\"),\"\")","v":"Horas"},2,{"$f":"IF(NOT(ISERROR($Y291)),IF($Y291<>FALSE,INDEX(Banco,$Y291,7),0),0)","v":100},"DI 1",{"$f":"IF($J291=$G$2,ROUND(ROUND($R291,2)*IF($R$9=\"Preço Unitário (R$)\",1,1+$AA291),2),0)","v":125},{"$f":"IF($A291=\"S\",VTOTAL1,IF($A291=0,0,ROUND(SomaAgrup,2)))","v":250},null,{"$f":"IF(OR($A291=0,$A291=\"S\",$A291>CFF!$A$9),\"\",MAX(W$11:OFFSET(W291,-1,0))+1)","v":""},{"$f":"IF(AND($J291=$G$2,$N291<>\"\",$M291<>\"\"),CONCATENATE($M291,\"-\",$N291))","v":"Serv. Terc.-017"},97,null,{"$f":"IF($J291=$G$2,ROUND(IF(ISNUMBER(S291),S291,IF(LEFT(S291,2)=\"DI\",HLOOKUP(S291,DADOS!$T$29:$X$30,2,FALSE),0)),4),\"\")","v":0.25}]
["S",0,{"$f":"IF($A292=1,OFFSET(C292,-1,0)+1,OFFSET(C292,-1,0))","v":4},{"$f":"IF($A292=1,0,IF($A292=2,OFFSET(D292,-1,0)+1,OFFSET(D292,-1,0)))","v":2},{"$f":"IF(AND($A292<=2,$A292<>0),0,IF($A292=3,OFFSET(E292,-1,0)+1,OFFSET(E292,-1,0)))","v":0},{"$f":"IF(AND($A292<=3,$A292<>0),0,IF($A292=4,OFFSET(F292,-1,0)+1,OFFSET(F292,-1,0)))","v":0},{"$f":"IF(AND($A292<=4,$A292<>0),0,IF($A292=\"S\",OFFSET(G292,-1,0)+1,OFFSET(G292,-1,0)))","v":9},{"$f":"IF(OR($A292=\"S\",$A292=0),0,MATCH(0,OFFSET($B292,1,$A292,ROW($A$1504)-ROW($A292)),0))","v":0},{"$f":"IF(OR($A292=\"S\",$A292=0),0,MATCH(OFFSET($B292,0,$A292)+1,OFFSET($B292,1,$A292,ROW($A$1504)-ROW($A292)),0))","v":0},"Insumo","4.2.9.",{"$f":"IF(NOT(ISERROR($Y292)),IF($Y292<>FALSE,INDEX(Banco,$Y292,4),\"\"),\"\")","v":"Cotação"},"Serv. Terc.","061",{"$f":"IF(NOT(ISERROR($Y292)),IF($Y292<>FALSE,INDEX(Banco,$Y292,5),\"\"),\"\")","v":"KIT (massagem terapêutica)"},{"$f":"IF(NOT(ISERROR($Y292)),IF($Y292<>FALSE,INDEX(Banco,$Y292,6),\"\"),\"\")","v":"KIT"},1,{"$f":"IF(NOT(ISERROR($Y292)),IF($Y292<>FALSE,INDEX(Banco,$Y292,7),0),0)","v":102.94},"DI 1",{"$f":"IF($J292=$G$2,ROUND(ROUND($R292,2)*IF($R$9=\"Preço Unitário (R$)\",1,1+$AA292),2),0)","v":128.68},{"$f":"IF($A292=\"S\",VTOTAL1,IF($A292=0,0,ROUND(SomaAgrup,2)))","v":128.68},null,{"$f":"IF(OR($A292=0,$A292=\"S\",$A292>CFF!$A$9),\"\",MAX(W$11:OFFSET(W292,-1,0))+1)","v":""},{"$f":"IF(AND($J292=$G$2,$N292<>\"\",$M292<>\"\"),CONCATENATE($M292,\"-\",$N292))","v":"Serv. Terc.-061"},141,null,{"$f":"IF($J292=$G$2,ROUND(IF(ISNUMBER(S292),S292,IF(LEFT(S292,2)=\"DI\",HLOOKUP(S292,DADOS!$T$29:$X$30,2,FALSE),0)),4),\"\")","v":0.25}]
[{"$f":"CHOOSE(1+LOG(1+2*(J293=$C$2)+4*(J293=$D$2)+8*(J293=$E$2)+16*(J293=$F$2)+32*(J293=$G$2),2),0,1,2,3,4,\"S\")","v":2},{"$f":"IF(OR(A293=\"S\",A293=0),0,IF(ISERROR(I293),H293,SMALL(H293:I293,1)))","v":3},{"$f":"IF($A293=1,OFFSET(C293,-1,0)+1,OFFSET(C293,-1,0))","v":4},{"$f":"IF($A293=1,0,IF($A293=2,OFFSET(D293,-1,0)+1,OFFSET(D293,-1,0)))","v":3},{"$f":"IF(AND($A293<=2,$A293<>0),0,IF($A293=3,OFFSET(E293,-1,0)+1,OFFSET(E293,-1,0)))","v":0},{"$f":"IF(AND($A293<=3,$A293<>0),0,IF($A293=4,OFFSET(F293,-1,0)+1,OFFSET(F293,-1,0)))","v":0},{"$f":"IF(AND($A293<=4,$A293<>0),0,IF($A293=\"S\",OFFSET(G293,-1,0)+1,OFFSET(G293,-1,0)))","v":0},{"$f":"IF(OR($A293=\"S\",$A293=0),0,MATCH(0,OFFSET($B293,1,$A293,ROW($A$1504)-ROW($A293)),0))","v":45},{"$f":"IF(OR($A293=\"S\",$A293=0),0,MATCH(OFFSET($B293,0,$A293)+1,OFFSET($B293,1,$A293,ROW($A$1504)-ROW($A293)),0))","v":3},"AtivNível 1",{"$f":"IF($A293=0,\"-\",CONCATENATE(C293&\".\",IF(AND($A$5>=2,$A293>=2),D293&\".\",\"\"),IF(AND($A$5>=3,$A293>=3),E293&\".\",\"\"),IF(AND($A$5>=4,$A293>=4),F293&\".\",\"\"),IF($A293=\"S\",G293&\".\",\"\")))","v":"4.3."},{"$f":"IF(NOT(ISERROR($Y293)),IF($Y293<>FALSE,INDEX(Banco,$Y293,4),\"\"),\"\")","v":""},null,null,"Atividade 16 - Plantão Social região Parque São João",{"$f":"IF(NOT(ISERROR($Y293)),IF($Y293<>FALSE,INDEX(Banco,$Y293,6),\"\"),\"\")","v":""},null,{"$f":"IF(NOT(ISERROR($Y293)),IF($Y293<>FALSE,INDEX(Banco,$Y293,7),0),0)","v":0},"DI 1",{"$f":"IF($J293=$G$2,ROUND(ROUND($R293,2)*IF($R$9=\"Preço Unitário (R$)\",1,1+$AA293),2),0)","v":0},{"$f":"IF($A293=\"S\",VTOTAL1,IF($A293=0,0,ROUND(SomaAgrup,2)))","v":1713.78},null,{"$f":"IF(OR($A293=0,$A293=\"S\",$A293>CFF!$A$9),\"\",MAX(W$11:OFFSET(W293,-1,0))+1)","v":20},{"$f":"IF(AND($J293=$G$2,$N293<>\"\",$M293<>\"\"),CONCATENATE($M293,\"-\",$N293))","v":false},{"$f":"IF(X293<>FALSE,MATCH(X293,OFFSET(Banco,0,0,,1),0))","v":false},null,{"$f":"IF($J293=$G$2,ROUND(IF(ISNUMBER(S293),S293,IF(LEFT(S293,2)=\"DI\",HLOOKUP(S293,DADOS!$T$29:$X$30,2,FALSE),0)),4),\"\")","v":""}]
["S",0,4,3,0,0,1,{"$f":"IF(OR($A294=\"S\",$A294=0),0,MATCH(0,OFFSET($B294,1,$A294,ROW($A$1504)-ROW($A294)),0))","v":0},{"$f":"IF(OR($A294=\"S\",$A294=0),0,MATCH(OFFSET($B294,0,$A294)+1,OFFSET($B294,1,$A294,ROW($A$1504)-ROW($A294)),0))","v":0},"Insumo","4.3.1.","CRESS","Rec. Humanos","001",{"$f":"IF(NOT(ISERROR($Y294)),IF($Y294<>FALSE,INDEX(Banco,$Y294,5),\"\"),\"\")","v":"Responsável Técnica"},"Horas",2,150.28,"DI 1",187.85,375.7,null,{"$f":"IF(OR($A294=0,$A294=\"S\",$A294>CFF!$A$9),\"\",MAX(W$11:OFFSET(W294,-1,0))+1)","v":""},"Rec. Humanos-001",3,null,{"$f":"IF($J294=$G$2,ROUND(IF(ISNUMBER(S294),S294,IF(LEFT(S294,2)=\"DI\",HLOOKUP(S294,DADOS!$T$29:$X$30,2,FALSE),0)),4),\"\")","v":0.25}]
["S",0,4,3,0,0,2,{"$f":"IF(OR($A295=\"S\",$A295=0),0,MATCH(0,OFFSET($B295,1,$A295,ROW($A$1504)-ROW($A295)),0))","v":0},{"$f":"IF(OR($A295=\"S\",$A295=0),0,MATCH(OFFSET($B295,0,$A295)+1,OFFSET($B295,1,$A295,ROW($A$1504)-ROW($A295)),0))","v":0},"Insumo","4.3.2.","CRESS","Rec. Humanos","002",{"$f":"IF(NOT(ISERROR($Y295)),IF($Y295<>FALSE,INDEX(Banco,$Y295,5),\"\"),\"\")","v":"Assistente Social"},"Horas",8,133.81,"DI 1",167.26,1338.08,null,{"$f":"IF(OR($A295=0,$A295=\"S\",$A295>CFF!$A$9),\"\",MAX(W$11:OFFSET(W295,-1,0))+1)","v":""},"Rec. Humanos-002",4,null,{"$f":"IF($J295=$G$2,ROUND(IF(ISNUMBER(S295),S295,IF(LEFT(S295,2)=\"DI\",HLOOKUP(S295,DADOS!$T$29:$X$30,2,FALSE),0)),4),\"\")","v":0.25}]
[{"$f":"CHOOSE(1+LOG(1+2*(J296=$C$2)+4*(J296=$D$2)+8*(J296=$E$2)+16*(J296=$F$2)+32*(J296=$G$2),2),0,1,2,3,4,\"S\")","v":2},{"$f":"IF(OR(A296=\"S\",A296=0),0,IF(ISERROR(I296),H296,SMALL(H296:I296,1)))","v":4},{"$f":"IF($A296=1,OFFSET(C296,-1,0)+1,OFFSET(C296,-1,0))","v":4},{"$f":"IF($A296=1,0,IF($A296=2,OFFSET(D296,-1,0)+1,OFFSET(D296,-1,0)))","v":4},{"$f":"IF(AND($A296<=2,$A296<>0),0,IF($A296=3,OFFSET(E296,-1,0)+1,OFFSET(E296,-1,0)))","v":0},{"$f":"IF(AND($A296<=3,$A296<>0),0,IF($A296=4,OFFSET(F296,-1,0)+1,OFFSET(F296,-1,0)))","v":0},{"$f":"IF(AND($A296<=4,$A296<>0),0,IF($A296=\"S\",OFFSET(G296,-1,0)+1,OFFSET(G296,-1,0)))","v":0},{"$f":"IF(OR($A296=\"S\",$A296=0),0,MATCH(0,OFFSET($B296,1,$A296,ROW($A$1504)-ROW($A296)),0))","v":42},{"$f":"IF(OR($A296=\"S\",$A296=0),0,MATCH(OFFSET($B296,0,$A296)+1,OFFSET($B296,1,$A296,ROW($A$1504)-ROW($A296)),0))","v":4},"AtivNível 1",{"$f":"IF($A296=0,\"-\",CONCATENATE(C296&\".\",IF(AND($A$5>=2,$A296>=2),D296&\".\",\"\"),IF(AND($A$5>=3,$A296>=3),E296&\".\",\"\"),IF(AND($A$5>=4,$A296>=4),F296&\".\",\"\"),IF($A296=\"S\",G296&\".\",\"\")))","v":"4.4."},{"$f":"IF(NOT(ISERROR($Y296)),IF($Y296<>FALSE,INDEX(Banco,$Y296,4),\"\"),\"\")","v":""},null,null,"Atividade 17 - Assembléia para eleição CAO Comissão  Acompanamento da Obra região Parque São João",{"$f":"IF(NOT(ISERROR($Y296)),IF($Y296<>FALSE,INDEX(Banco,$Y296,6),\"\"),\"\")","v":""},null,{"$f":"IF(NOT(ISERROR($Y296)),IF($Y296<>FALSE,INDEX(Banco,$Y296,7),0),0)","v":0},"DI 1",{"$f":"IF($J296=$G$2,ROUND(ROUND($R296,2)*IF($R$9=\"Preço Unitário (R$)\",1,1+$AA296),2),0)","v":0},{"$f":"IF($A296=\"S\",VTOTAL1,IF($A296=0,0,ROUND(SomaAgrup,2)))","v":1080.33},null,{"$f":"IF(OR($A296=0,$A296=\"S\",$A296>CFF!$A$9),\"\",MAX(W$11:OFFSET(W296,-1,0))+1)","v":21},{"$f":"IF(AND($J296=$G$2,$N296<>\"\",$M296<>\"\"),CONCATENATE($M296,\"-\",$N296))","v":false},{"$f":"IF(X296<>FALSE,MATCH(X296,OFFSET(Banco,0,0,,1),0))","v":false},null,{"$f":"IF($J296=$G$2,ROUND(IF(ISNUMBER(S296),S296,IF(LEFT(S296,2)=\"DI\",HLOOKUP(S296,DADOS!$T$29:$X$30,2,FALSE),0)),4),\"\")","v":""}]
[{"$f":"CHOOSE(1+LOG(1+2*(J297=$C$2)+4*(J297=$D$2)+8*(J297=$E$2)+16*(J297=$F$2)+32*(J297=$G$2),2),0,1,2,3,4,\"S\")","v":"S"},{"$f":"IF(OR(A297=\"S\",A297=0),0,IF(ISERROR(I297),H297,SMALL(H297:I297,1)))","v":0},{"$f":"IF($A297=1,OFFSET(C297,-1,0)+1,OFFSET(C297,-1,0))","v":4},{"$f":"IF($A297=1,0,IF($A297=2,OFFSET(D297,-1,0)+1,OFFSET(D297,-1,0)))","v":4},{"$f":"IF(AND($A297<=2,$A297<>0),0,IF($A297=3,OFFSET(E297,-1,0)+1,OFFSET(E297,-1,0)))","v":0},{"$f":"IF(AND($A297<=3,$A297<>0),0,IF($A297=4,OFFSET(F297,-1,0)+1,OFFSET(F297,-1,0)))","v":0},{"$f":"IF(AND($A297<=4,$A297<>0),0,IF($A297=\"S\",OFFSET(G297,-1,0)+1,OFFSET(G297,-1,0)))","v":1},{"$f":"IF(OR($A297=\"S\",$A297=0),0,MATCH(0,OFFSET($B297,1,$A297,ROW($A$1504)-ROW($A297)),0))","v":0},{"$f":"IF(OR($A297=\"S\",$A297=0),0,MATCH(OFFSET($B297,0,$A297)+1,OFFSET($B297,1,$A297,ROW($A$1504)-ROW($A297)),0))","v":0},"Insumo",{"$f":"IF($A297=0,\"-\",CONCATENATE(C297&\".\",IF(AND($A$5>=2,$A297>=2),D297&\".\",\"\"),IF(AND($A$5>=3,$A297>=3),E297&\".\",\"\"),IF(AND($A$5>=4,$A297>=4),F297&\".\",\"\"),IF($A297=\"S\",G297&\".\",\"\")))","v":"4.4.1."},{"$f":"IF(NOT(ISERROR($Y297)),IF($Y297<>FALSE,INDEX(Banco,$Y297,4),\"\"),\"\")","v":"CRESS"},"Rec. Humanos","001",{"$f":"IF(NOT(ISERROR($Y297)),IF($Y297<>FALSE,INDEX(Banco,$Y297,5),\"\"),\"\")","v":"Responsável Técnica"},{"$f":"IF(NOT(ISERROR($Y297)),IF($Y297<>FALSE,INDEX(Banco,$Y297,6),\"\"),\"\")","v":"Horas"},3,{"$f":"IF(NOT(ISERROR($Y297)),IF($Y297<>FALSE,INDEX(Banco,$Y297,7),0),0)","v":150.28},"DI 1",{"$f":"IF($J297=$G$2,ROUND(ROUND($R297,2)*IF($R$9=\"Preço Unitário (R$)\",1,1+$AA297),2),0)","v":187.85},{"$f":"IF($A297=\"S\",VTOTAL1,IF($A297=0,0,ROUND(SomaAgrup,2)))","v":563.54999999999995},null,{"$f":"IF(OR($A297=0,$A297=\"S\",$A297>CFF!$A$9),\"\",MAX(W$11:OFFSET(W297,-1,0))+1)","v":""},{"$f":"IF(AND($J297=$G$2,$N297<>\"\",$M297<>\"\"),CONCATENATE($M297,\"-\",$N297))","v":"Rec. Humanos-001"},{"$f":"IF(X297<>FALSE,MATCH(X297,OFFSET(Banco,0,0,,1),0))","v":3},null,{"$f":"IF($J297=$G$2,ROUND(IF(ISNUMBER(S297),S297,IF(LEFT(S297,2)=\"DI\",HLOOKUP(S297,DADOS!$T$29:$X$30,2,FALSE),0)),4),\"\")","v":0.25}]
["S",0,4,4,0,0,2,{"$f":"IF(OR($A298=\"S\",$A298=0),0,MATCH(0,OFFSET($B298,1,$A298,ROW($A$1504)-ROW($A298)),0))","v":0},{"$f":"IF(OR($A298=\"S\",$A298=0),0,MATCH(OFFSET($B298,0,$A298)+1,OFFSET($B298,1,$A298,ROW($A$1504)-ROW($A298)),0))","v":0},"Insumo","4.4.2.","CRESS","Rec. Humanos","002",{"$f":"IF(NOT(ISERROR($Y298)),IF($Y298<>FALSE,INDEX(Banco,$Y298,5),\"\"),\"\")","v":"Assistente Social"},"Horas",3,133.81,"DI 1",167.26,501.78,null,{"$f":"IF(OR($A298=0,$A298=\"S\",$A298>CFF!$A$9),\"\",MAX(W$11:OFFSET(W298,-1,0))+1)","v":""},"Rec. Humanos-002",4,null,{"$f":"IF($J298=$G$2,ROUND(IF(ISNUMBER(S298),S298,IF(LEFT(S298,2)=\"DI\",HLOOKUP(S298,DADOS!$T$29:$X$30,2,FALSE),0)),4),\"\")","v":0.25}]
[{"$f":"CHOOSE(1+LOG(1+2*(J299=$C$2)+4*(J299=$D$2)+8*(J299=$E$2)+16*(J299=$F$2)+32*(J299=$G$2),2),0,1,2,3,4,\"S\")","v":"S"},{"$f":"IF(OR(A299=\"S\",A299=0),0,IF(ISERROR(I299),H299,SMALL(H299:I299,1)))","v":0},{"$f":"IF($A299=1,OFFSET(C299,-1,0)+1,OFFSET(C299,-1,0))","v":4},{"$f":"IF($A299=1,0,IF($A299=2,OFFSET(D299,-1,0)+1,OFFSET(D299,-1,0)))","v":4},{"$f":"IF(AND($A299<=2,$A299<>0),0,IF($A299=3,OFFSET(E299,-1,0)+1,OFFSET(E299,-1,0)))","v":0},{"$f":"IF(AND($A299<=3,$A299<>0),0,IF($A299=4,OFFSET(F299,-1,0)+1,OFFSET(F299,-1,0)))","v":0},{"$f":"IF(AND($A299<=4,$A299<>0),0,IF($A299=\"S\",OFFSET(G299,-1,0)+1,OFFSET(G299,-1,0)))","v":3},{"$f":"IF(OR($A299=\"S\",$A299=0),0,MATCH(0,OFFSET($B299,1,$A299,ROW($A$1504)-ROW($A299)),0))","v":0},{"$f":"IF(OR($A299=\"S\",$A299=0),0,MATCH(OFFSET($B299,0,$A299)+1,OFFSET($B299,1,$A299,ROW($A$1504)-ROW($A299)),0))","v":0},"Insumo",{"$f":"IF($A299=0,\"-\",CONCATENATE(C299&\".\",IF(AND($A$5>=2,$A299>=2),D299&\".\",\"\"),IF(AND($A$5>=3,$A299>=3),E299&\".\",\"\"),IF(AND($A$5>=4,$A299>=4),F299&\".\",\"\"),IF($A299=\"S\",G299&\".\",\"\")))","v":"4.4.3."},{"$f":"IF(NOT(ISERROR($Y299)),IF($Y299<>FALSE,INDEX(Banco,$Y299,4),\"\"),\"\")","v":"Cotação"},"Serv. Terc.","009",{"$f":"IF(NOT(ISERROR($Y299)),IF($Y299<>FALSE,INDEX(Banco,$Y299,5),\"\"),\"\")","v":"Água (garrafa de 1,5 litros)"},{"$f":"IF(NOT(ISERROR($Y299)),IF($Y299<>FALSE,INDEX(Banco,$Y299,6),\"\"),\"\")","v":"Unidade"},3,{"$f":"IF(NOT(ISERROR($Y299)),IF($Y299<>FALSE,INDEX(Banco,$Y299,7),0),0)","v":4},"DI 1",{"$f":"IF($J299=$G$2,ROUND(ROUND($R299,2)*IF($R$9=\"Preço Unitário (R$)\",1,1+$AA299),2),0)","v":5},{"$f":"IF($A299=\"S\",VTOTAL1,IF($A299=0,0,ROUND(SomaAgrup,2)))","v":15},null,{"$f":"IF(OR($A299=0,$A299=\"S\",$A299>CFF!$A$9),\"\",MAX(W$11:OFFSET(W299,-1,0))+1)","v":""},{"$f":"IF(AND($J299=$G$2,$N299<>\"\",$M299<>\"\"),CONCATENATE($M299,\"-\",$N299))","v":"Serv. Terc.-009"},{"$f":"IF(X299<>FALSE,MATCH(X299,OFFSET(Banco,0,0,,1),0))","v":89},null,{"$f":"IF($J299=$G$2,ROUND(IF(ISNUMBER(S299),S299,IF(LEFT(S299,2)=\"DI\",HLOOKUP(S299,DADOS!$T$29:$X$30,2,FALSE),0)),4),\"\")","v":0.25}]
[{"$f":"CHOOSE(1+LOG(1+2*(J300=$C$2)+4*(J300=$D$2)+8*(J300=$E$2)+16*(J300=$F$2)+32*(J300=$G$2),2),0,1,2,3,4,\"S\")","v":2},{"$f":"IF(OR(A300=\"S\",A300=0),0,IF(ISERROR(I300),H300,SMALL(H300:I300,1)))","v":11},{"$f":"IF($A300=1,OFFSET(C300,-1,0)+1,OFFSET(C300,-1,0))","v":4},{"$f":"IF($A300=1,0,IF($A300=2,OFFSET(D300,-1,0)+1,OFFSET(D300,-1,0)))","v":5},{"$f":"IF(AND($A300<=2,$A300<>0),0,IF($A300=3,OFFSET(E300,-1,0)+1,OFFSET(E300,-1,0)))","v":0},{"$f":"IF(AND($A300<=3,$A300<>0),0,IF($A300=4,OFFSET(F300,-1,0)+1,OFFSET(F300,-1,0)))","v":0},{"$f":"IF(AND($A300<=4,$A300<>0),0,IF($A300=\"S\",OFFSET(G300,-1,0)+1,OFFSET(G300,-1,0)))","v":0},{"$f":"IF(OR($A300=\"S\",$A300=0),0,MATCH(0,OFFSET($B300,1,$A300,ROW($A$1504)-ROW($A300)),0))","v":38},{"$f":"IF(OR($A300=\"S\",$A300=0),0,MATCH(OFFSET($B300,0,$A300)+1,OFFSET($B300,1,$A300,ROW($A$1504)-ROW($A300)),0))","v":11},"AtivNível 1",{"$f":"IF($A300=0,\"-\",CONCATENATE(C300&\".\",IF(AND($A$5>=2,$A300>=2),D300&\".\",\"\"),IF(AND($A$5>=3,$A300>=3),E300&\".\",\"\"),IF(AND($A$5>=4,$A300>=4),F300&\".\",\"\"),IF($A300=\"S\",G300&\".\",\"\")))","v":"4.5."},{"$f":"IF(NOT(ISERROR($Y300)),IF($Y300<>FALSE,INDEX(Banco,$Y300,4),\"\"),\"\")","v":""},null,null,"Atividade 18 - Oficina: Produtos de limpeza região Jardim Ikaraí",{"$f":"IF(NOT(ISERROR($Y300)),IF($Y300<>FALSE,INDEX(Banco,$Y300,6),\"\"),\"\")","v":""},null,{"$f":"IF(NOT(ISERROR($Y300)),IF($Y300<>FALSE,INDEX(Banco,$Y300,7),0),0)","v":0},"DI 1",{"$f":"IF($J300=$G$2,ROUND(ROUND($R300,2)*IF($R$9=\"Preço Unitário (R$)\",1,1+$AA300),2),0)","v":0},{"$f":"IF($A300=\"S\",VTOTAL1,IF($A300=0,0,ROUND(SomaAgrup,2)))","v":2955.09},null,{"$f":"IF(OR($A300=0,$A300=\"S\",$A300>CFF!$A$9),\"\",MAX(W$11:OFFSET(W300,-1,0))+1)","v":22},{"$f":"IF(AND($J300=$G$2,$N300<>\"\",$M300<>\"\"),CONCATENATE($M300,\"-\",$N300))","v":false},{"$f":"IF(X300<>FALSE,MATCH(X300,OFFSET(Banco,0,0,,1),0))","v":false},null,{"$f":"IF($J300=$G$2,ROUND(IF(ISNUMBER(S300),S300,IF(LEFT(S300,2)=\"DI\",HLOOKUP(S300,DADOS!$T$29:$X$30,2,FALSE),0)),4),\"\")","v":""}]
["S",0,4,5,0,0,1,{"$f":"IF(OR($A301=\"S\",$A301=0),0,MATCH(0,OFFSET($B301,1,$A301,ROW($A$1504)-ROW($A301)),0))","v":0},{"$f":"IF(OR($A301=\"S\",$A301=0),0,MATCH(OFFSET($B301,0,$A301)+1,OFFSET($B301,1,$A301,ROW($A$1504)-ROW($A301)),0))","v":0},"Insumo","4.5.1.","CRESS","Rec. Humanos","001",{"$f":"IF(NOT(ISERROR($Y301)),IF($Y301<>FALSE,INDEX(Banco,$Y301,5),\"\"),\"\")","v":"Responsável Técnica"},"Horas",3,150.28,"DI 1",187.85,563.54999999999995,null,{"$f":"IF(OR($A301=0,$A301=\"S\",$A301>CFF!$A$9),\"\",MAX(W$11:OFFSET(W301,-1,0))+1)","v":""},"Rec. Humanos-001",3,null,{"$f":"IF($J301=$G$2,ROUND(IF(ISNUMBER(S301),S301,IF(LEFT(S301,2)=\"DI\",HLOOKUP(S301,DADOS!$T$29:$X$30,2,FALSE),0)),4),\"\")","v":0.25}]
["S",0,4,5,0,0,2,{"$f":"IF(OR($A302=\"S\",$A302=0),0,MATCH(0,OFFSET($B302,1,$A302,ROW($A$1504)-ROW($A302)),0))","v":0},{"$f":"IF(OR($A302=\"S\",$A302=0),0,MATCH(OFFSET($B302,0,$A302)+1,OFFSET($B302,1,$A302,ROW($A$1504)-ROW($A302)),0))","v":0},"Insumo","4.5.2.","CRESS","Rec. Humanos","002",{"$f":"IF(NOT(ISERROR($Y302)),IF($Y302<>FALSE,INDEX(Banco,$Y302,5),\"\"),\"\")","v":"Assistente Social"},"Horas",2,133.81,"DI 1",167.26,334.52,null,{"$f":"IF(OR($A302=0,$A302=\"S\",$A302>CFF!$A$9),\"\",MAX(W$11:OFFSET(W302,-1,0))+1)","v":""},"Rec. Humanos-002",4,null,{"$f":"IF($J302=$G$2,ROUND(IF(ISNUMBER(S302),S302,IF(LEFT(S302,2)=\"DI\",HLOOKUP(S302,DADOS!$T$29:$X$30,2,FALSE),0)),4),\"\")","v":0.25}]
["S",0,4,5,0,0,3,{"$f":"IF(OR($A303=\"S\",$A303=0),0,MATCH(0,OFFSET($B303,1,$A303,ROW($A$1504)-ROW($A303)),0))","v":0},{"$f":"IF(OR($A303=\"S\",$A303=0),0,MATCH(OFFSET($B303,0,$A303)+1,OFFSET($B303,1,$A303,ROW($A$1504)-ROW($A303)),0))","v":0},"Insumo","4.5.3.","Cotação","Rec. Humanos","003",{"$f":"IF(NOT(ISERROR($Y303)),IF($Y303<>FALSE,INDEX(Banco,$Y303,5),\"\"),\"\")","v":"Administrador (Técnico de Apoio) "},"Horas",2,103.65,"DI 1",129.56,259.12,null,{"$f":"IF(OR($A303=0,$A303=\"S\",$A303>CFF!$A$9),\"\",MAX(W$11:OFFSET(W303,-1,0))+1)","v":""},"Rec. Humanos-003",5,null,{"$f":"IF($J303=$G$2,ROUND(IF(ISNUMBER(S303),S303,IF(LEFT(S303,2)=\"DI\",HLOOKUP(S303,DADOS!$T$29:$X$30,2,FALSE),0)),4),\"\")","v":0.25}]
["S",0,{"$f":"IF($A304=1,OFFSET(C304,-1,0)+1,OFFSET(C304,-1,0))","v":4},{"$f":"IF($A304=1,0,IF($A304=2,OFFSET(D304,-1,0)+1,OFFSET(D304,-1,0)))","v":5},{"$f":"IF(AND($A304<=2,$A304<>0),0,IF($A304=3,OFFSET(E304,-1,0)+1,OFFSET(E304,-1,0)))","v":0},{"$f":"IF(AND($A304<=3,$A304<>0),0,IF($A304=4,OFFSET(F304,-1,0)+1,OFFSET(F304,-1,0)))","v":0},{"$f":"IF(AND($A304<=4,$A304<>0),0,IF($A304=\"S\",OFFSET(G304,-1,0)+1,OFFSET(G304,-1,0)))","v":4},{"$f":"IF(OR($A304=\"S\",$A304=0),0,MATCH(0,OFFSET($B304,1,$A304,ROW($A$1504)-ROW($A304)),0))","v":0},{"$f":"IF(OR($A304=\"S\",$A304=0),0,MATCH(OFFSET($B304,0,$A304)+1,OFFSET($B304,1,$A304,ROW($A$1504)-ROW($A304)),0))","v":0},"Insumo","4.5.4.",{"$f":"IF(NOT(ISERROR($Y304)),IF($Y304<>FALSE,INDEX(Banco,$Y304,4),\"\"),\"\")","v":"Cotação "},"Rec. Materiais","069",{"$f":"IF(NOT(ISERROR($Y304)),IF($Y304<>FALSE,INDEX(Banco,$Y304,5),\"\"),\"\")","v":"KIT 01 - Material oficina de limpeza (descrição nos orçamentos e PTS)"},{"$f":"IF(NOT(ISERROR($Y304)),IF($Y304<>FALSE,INDEX(Banco,$Y304,6),\"\"),\"\")","v":"Unidade"},1,{"$f":"IF(NOT(ISERROR($Y304)),IF($Y304<>FALSE,INDEX(Banco,$Y304,7),0),0)","v":200},"DI 1",{"$f":"IF($J304=$G$2,ROUND(ROUND($R304,2)*IF($R$9=\"Preço Unitário (R$)\",1,1+$AA304),2),0)","v":250},{"$f":"IF($A304=\"S\",VTOTAL1,IF($A304=0,0,ROUND(SomaAgrup,2)))","v":250},null,{"$f":"IF(OR($A304=0,$A304=\"S\",$A304>CFF!$A$9),\"\",MAX(W$11:OFFSET(W304,-1,0))+1)","v":""},{"$f":"IF(AND($J304=$G$2,$N304<>\"\",$M304<>\"\"),CONCATENATE($M304,\"-\",$N304))","v":"Rec. Materiais-069"},78,null,{"$f":"IF($J304=$G$2,ROUND(IF(ISNUMBER(S304),S304,IF(LEFT(S304,2)=\"DI\",HLOOKUP(S304,DADOS!$T$29:$X$30,2,FALSE),0)),4),\"\")","v":0.25}]
["S",0,{"$f":"IF($A305=1,OFFSET(C305,-1,0)+1,OFFSET(C305,-1,0))","v":4},{"$f":"IF($A305=1,0,IF($A305=2,OFFSET(D305,-1,0)+1,OFFSET(D305,-1,0)))","v":5},{"$f":"IF(AND($A305<=2,$A305<>0),0,IF($A305=3,OFFSET(E305,-1,0)+1,OFFSET(E305,-1,0)))","v":0},{"$f":"IF(AND($A305<=3,$A305<>0),0,IF($A305=4,OFFSET(F305,-1,0)+1,OFFSET(F305,-1,0)))","v":0},{"$f":"IF(AND($A305<=4,$A305<>0),0,IF($A305=\"S\",OFFSET(G305,-1,0)+1,OFFSET(G305,-1,0)))","v":5},{"$f":"IF(OR($A305=\"S\",$A305=0),0,MATCH(0,OFFSET($B305,1,$A305,ROW($A$1504)-ROW($A305)),0))","v":0},{"$f":"IF(OR($A305=\"S\",$A305=0),0,MATCH(OFFSET($B305,0,$A305)+1,OFFSET($B305,1,$A305,ROW($A$1504)-ROW($A305)),0))","v":0},"Insumo","4.5.5.",{"$f":"IF(NOT(ISERROR($Y305)),IF($Y305<>FALSE,INDEX(Banco,$Y305,4),\"\"),\"\")","v":"Cotação"},"Rec. Materiais","070",{"$f":"IF(NOT(ISERROR($Y305)),IF($Y305<>FALSE,INDEX(Banco,$Y305,5),\"\"),\"\")","v":"KIT 02 - Vasilhame p/ oficina de limpeza (descrição nos orçamentos e PTS) "},{"$f":"IF(NOT(ISERROR($Y305)),IF($Y305<>FALSE,INDEX(Banco,$Y305,6),\"\"),\"\")","v":"Unidade"},1,{"$f":"IF(NOT(ISERROR($Y305)),IF($Y305<>FALSE,INDEX(Banco,$Y305,7),0),0)","v":150},"DI 1",{"$f":"IF($J305=$G$2,ROUND(ROUND($R305,2)*IF($R$9=\"Preço Unitário (R$)\",1,1+$AA305),2),0)","v":187.5},{"$f":"IF($A305=\"S\",VTOTAL1,IF($A305=0,0,ROUND(SomaAgrup,2)))","v":187.5},null,{"$f":"IF(OR($A305=0,$A305=\"S\",$A305>CFF!$A$9),\"\",MAX(W$11:OFFSET(W305,-1,0))+1)","v":""},{"$f":"IF(AND($J305=$G$2,$N305<>\"\",$M305<>\"\"),CONCATENATE($M305,\"-\",$N305))","v":"Rec. Materiais-070"},79,null,{"$f":"IF($J305=$G$2,ROUND(IF(ISNUMBER(S305),S305,IF(LEFT(S305,2)=\"DI\",HLOOKUP(S305,DADOS!$T$29:$X$30,2,FALSE),0)),4),\"\")","v":0.25}]
["S",0,{"$f":"IF($A306=1,OFFSET(C306,-1,0)+1,OFFSET(C306,-1,0))","v":4},{"$f":"IF($A306=1,0,IF($A306=2,OFFSET(D306,-1,0)+1,OFFSET(D306,-1,0)))","v":5},{"$f":"IF(AND($A306<=2,$A306<>0),0,IF($A306=3,OFFSET(E306,-1,0)+1,OFFSET(E306,-1,0)))","v":0},{"$f":"IF(AND($A306<=3,$A306<>0),0,IF($A306=4,OFFSET(F306,-1,0)+1,OFFSET(F306,-1,0)))","v":0},{"$f":"IF(AND($A306<=4,$A306<>0),0,IF($A306=\"S\",OFFSET(G306,-1,0)+1,OFFSET(G306,-1,0)))","v":6},{"$f":"IF(OR($A306=\"S\",$A306=0),0,MATCH(0,OFFSET($B306,1,$A306,ROW($A$1504)-ROW($A306)),0))","v":0},{"$f":"IF(OR($A306=\"S\",$A306=0),0,MATCH(OFFSET($B306,0,$A306)+1,OFFSET($B306,1,$A306,ROW($A$1504)-ROW($A306)),0))","v":0},"Insumo","4.5.6.",{"$f":"IF(NOT(ISERROR($Y306)),IF($Y306<>FALSE,INDEX(Banco,$Y306,4),\"\"),\"\")","v":"CRBio"},"Serv. Terc.","068","Biólogo (Instrutor)",{"$f":"IF(NOT(ISERROR($Y306)),IF($Y306<>FALSE,INDEX(Banco,$Y306,6),\"\"),\"\")","v":"Horas"},6,{"$f":"IF(NOT(ISERROR($Y306)),IF($Y306<>FALSE,INDEX(Banco,$Y306,7),0),0)","v":100.72},"DI 1",{"$f":"IF($J306=$G$2,ROUND(ROUND($R306,2)*IF($R$9=\"Preço Unitário (R$)\",1,1+$AA306),2),0)","v":125.9},{"$f":"IF($A306=\"S\",VTOTAL1,IF($A306=0,0,ROUND(SomaAgrup,2)))","v":755.4},null,{"$f":"IF(OR($A306=0,$A306=\"S\",$A306>CFF!$A$9),\"\",MAX(W$11:OFFSET(W306,-1,0))+1)","v":""},{"$f":"IF(AND($J306=$G$2,$N306<>\"\",$M306<>\"\"),CONCATENATE($M306,\"-\",$N306))","v":"Serv. Terc.-068"},148,null,{"$f":"IF($J306=$G$2,ROUND(IF(ISNUMBER(S306),S306,IF(LEFT(S306,2)=\"DI\",HLOOKUP(S306,DADOS!$T$29:$X$30,2,FALSE),0)),4),\"\")","v":0.25}]
[{"$f":"CHOOSE(1+LOG(1+2*(J307=$C$2)+4*(J307=$D$2)+8*(J307=$E$2)+16*(J307=$F$2)+32*(J307=$G$2),2),0,1,2,3,4,\"S\")","v":"S"},{"$f":"IF(OR(A307=\"S\",A307=0),0,IF(ISERROR(I307),H307,SMALL(H307:I307,1)))","v":0},{"$f":"IF($A307=1,OFFSET(C307,-1,0)+1,OFFSET(C307,-1,0))","v":4},{"$f":"IF($A307=1,0,IF($A307=2,OFFSET(D307,-1,0)+1,OFFSET(D307,-1,0)))","v":5},{"$f":"IF(AND($A307<=2,$A307<>0),0,IF($A307=3,OFFSET(E307,-1,0)+1,OFFSET(E307,-1,0)))","v":0},{"$f":"IF(AND($A307<=3,$A307<>0),0,IF($A307=4,OFFSET(F307,-1,0)+1,OFFSET(F307,-1,0)))","v":0},{"$f":"IF(AND($A307<=4,$A307<>0),0,IF($A307=\"S\",OFFSET(G307,-1,0)+1,OFFSET(G307,-1,0)))","v":7},{"$f":"IF(OR($A307=\"S\",$A307=0),0,MATCH(0,OFFSET($B307,1,$A307,ROW($A$1504)-ROW($A307)),0))","v":0},{"$f":"IF(OR($A307=\"S\",$A307=0),0,MATCH(OFFSET($B307,0,$A307)+1,OFFSET($B307,1,$A307,ROW($A$1504)-ROW($A307)),0))","v":0},"Insumo",{"$f":"IF($A307=0,\"-\",CONCATENATE(C307&\".\",IF(AND($A$5>=2,$A307>=2),D307&\".\",\"\"),IF(AND($A$5>=3,$A307>=3),E307&\".\",\"\"),IF(AND($A$5>=4,$A307>=4),F307&\".\",\"\"),IF($A307=\"S\",G307&\".\",\"\")))","v":"4.5.7."},{"$f":"IF(NOT(ISERROR($Y307)),IF($Y307<>FALSE,INDEX(Banco,$Y307,4),\"\"),\"\")","v":"Cotação"},"Serv. Terc.","015","Coffee break (salgados)",{"$f":"IF(NOT(ISERROR($Y307)),IF($Y307<>FALSE,INDEX(Banco,$Y307,6),\"\"),\"\")","v":"Centro"},6,{"$f":"IF(NOT(ISERROR($Y307)),IF($Y307<>FALSE,INDEX(Banco,$Y307,7),0),0)","v":65},"DI 1",{"$f":"IF($J307=$G$2,ROUND(ROUND($R307,2)*IF($R$9=\"Preço Unitário (R$)\",1,1+$AA307),2),0)","v":81.25},{"$f":"IF($A307=\"S\",VTOTAL1,IF($A307=0,0,ROUND(SomaAgrup,2)))","v":487.5},null,{"$f":"IF(OR($A307=0,$A307=\"S\",$A307>CFF!$A$9),\"\",MAX(W$11:OFFSET(W307,-1,0))+1)","v":""},{"$f":"IF(AND($J307=$G$2,$N307<>\"\",$M307<>\"\"),CONCATENATE($M307,\"-\",$N307))","v":"Serv. Terc.-015"},{"$f":"IF(X307<>FALSE,MATCH(X307,OFFSET(Banco,0,0,,1),0))","v":95},null,{"$f":"IF($J307=$G$2,ROUND(IF(ISNUMBER(S307),S307,IF(LEFT(S307,2)=\"DI\",HLOOKUP(S307,DADOS!$T$29:$X$30,2,FALSE),0)),4),\"\")","v":0.25}]
[{"$f":"CHOOSE(1+LOG(1+2*(J308=$C$2)+4*(J308=$D$2)+8*(J308=$E$2)+16*(J308=$F$2)+32*(J308=$G$2),2),0,1,2,3,4,\"S\")","v":"S"},{"$f":"IF(OR(A308=\"S\",A308=0),0,IF(ISERROR(I308),H308,SMALL(H308:I308,1)))","v":0},{"$f":"IF($A308=1,OFFSET(C308,-1,0)+1,OFFSET(C308,-1,0))","v":4},{"$f":"IF($A308=1,0,IF($A308=2,OFFSET(D308,-1,0)+1,OFFSET(D308,-1,0)))","v":5},{"$f":"IF(AND($A308<=2,$A308<>0),0,IF($A308=3,OFFSET(E308,-1,0)+1,OFFSET(E308,-1,0)))","v":0},{"$f":"IF(AND($A308<=3,$A308<>0),0,IF($A308=4,OFFSET(F308,-1,0)+1,OFFSET(F308,-1,0)))","v":0},{"$f":"IF(AND($A308<=4,$A308<>0),0,IF($A308=\"S\",OFFSET(G308,-1,0)+1,OFFSET(G308,-1,0)))","v":8},{"$f":"IF(OR($A308=\"S\",$A308=0),0,MATCH(0,OFFSET($B308,1,$A308,ROW($A$1504)-ROW($A308)),0))","v":0},{"$f":"IF(OR($A308=\"S\",$A308=0),0,MATCH(OFFSET($B308,0,$A308)+1,OFFSET($B308,1,$A308,ROW($A$1504)-ROW($A308)),0))","v":0},"Insumo",{"$f":"IF($A308=0,\"-\",CONCATENATE(C308&\".\",IF(AND($A$5>=2,$A308>=2),D308&\".\",\"\"),IF(AND($A$5>=3,$A308>=3),E308&\".\",\"\"),IF(AND($A$5>=4,$A308>=4),F308&\".\",\"\"),IF($A308=\"S\",G308&\".\",\"\")))","v":"4.5.8."},{"$f":"IF(NOT(ISERROR($Y308)),IF($Y308<>FALSE,INDEX(Banco,$Y308,4),\"\"),\"\")","v":"Cotação"},"Serv. Terc.","027",{"$f":"IF(NOT(ISERROR($Y308)),IF($Y308<>FALSE,INDEX(Banco,$Y308,5),\"\"),\"\")","v":"Refrigerantes (02 litros) "},{"$f":"IF(NOT(ISERROR($Y308)),IF($Y308<>FALSE,INDEX(Banco,$Y308,6),\"\"),\"\")","v":"Unidade"},7,{"$f":"IF(NOT(ISERROR($Y308)),IF($Y308<>FALSE,INDEX(Banco,$Y308,7),0),0)","v":6},"DI 1",{"$f":"IF($J308=$G$2,ROUND(ROUND($R308,2)*IF($R$9=\"Preço Unitário (R$)\",1,1+$AA308),2),0)","v":7.5},{"$f":"IF($A308=\"S\",VTOTAL1,IF($A308=0,0,ROUND(SomaAgrup,2)))","v":52.5},null,{"$f":"IF(OR($A308=0,$A308=\"S\",$A308>CFF!$A$9),\"\",MAX(W$11:OFFSET(W308,-1,0))+1)","v":""},{"$f":"IF(AND($J308=$G$2,$N308<>\"\",$M308<>\"\"),CONCATENATE($M308,\"-\",$N308))","v":"Serv. Terc.-027"},{"$f":"IF(X308<>FALSE,MATCH(X308,OFFSET(Banco,0,0,,1),0))","v":107},null,{"$f":"IF($J308=$G$2,ROUND(IF(ISNUMBER(S308),S308,IF(LEFT(S308,2)=\"DI\",HLOOKUP(S308,DADOS!$T$29:$X$30,2,FALSE),0)),4),\"\")","v":0.25}]
["S",0,4,5,0,0,9,{"$f":"IF(OR($A309=\"S\",$A309=0),0,MATCH(0,OFFSET($B309,1,$A309,ROW($A$1504)-ROW($A309)),0))","v":0},{"$f":"IF(OR($A309=\"S\",$A309=0),0,MATCH(OFFSET($B309,0,$A309)+1,OFFSET($B309,1,$A309,ROW($A$1504)-ROW($A309)),0))","v":0},"Insumo","4.5.9.","Cotação ","Serv. Terc.","011","Barra de gelo","Unidade",1,12,"DI 1",15,15,null,{"$f":"IF(OR($A309=0,$A309=\"S\",$A309>CFF!$A$9),\"\",MAX(W$11:OFFSET(W309,-1,0))+1)","v":""},"Serv. Terc.-011",91,null,{"$f":"IF($J309=$G$2,ROUND(IF(ISNUMBER(S309),S309,IF(LEFT(S309,2)=\"DI\",HLOOKUP(S309,DADOS!$T$29:$X$30,2,FALSE),0)),4),\"\")","v":0.25}]
["S",0,4,5,0,0,10,{"$f":"IF(OR($A310=\"S\",$A310=0),0,MATCH(0,OFFSET($B310,1,$A310,ROW($A$1504)-ROW($A310)),0))","v":0},{"$f":"IF(OR($A310=\"S\",$A310=0),0,MATCH(OFFSET($B310,0,$A310)+1,OFFSET($B310,1,$A310,ROW($A$1504)-ROW($A310)),0))","v":0},"Insumo","4.5.10.","Cotação","Serv. Terc.","005","Locação de caixa térmica","Unidade",1,40,"DI 1",50,50,null,{"$f":"IF(OR($A310=0,$A310=\"S\",$A310>CFF!$A$9),\"\",MAX(W$11:OFFSET(W310,-1,0))+1)","v":""},"Serv. Terc.-005",85,null,{"$f":"IF($J310=$G$2,ROUND(IF(ISNUMBER(S310),S310,IF(LEFT(S310,2)=\"DI\",HLOOKUP(S310,DADOS!$T$29:$X$30,2,FALSE),0)),4),\"\")","v":0.25}]
[{"$f":"CHOOSE(1+LOG(1+2*(J311=$C$2)+4*(J311=$D$2)+8*(J311=$E$2)+16*(J311=$F$2)+32*(J311=$G$2),2),0,1,2,3,4,\"S\")","v":2},{"$f":"IF(OR(A311=\"S\",A311=0),0,IF(ISERROR(I311),H311,SMALL(H311:I311,1)))","v":9},{"$f":"IF($A311=1,OFFSET(C311,-1,0)+1,OFFSET(C311,-1,0))","v":4},{"$f":"IF($A311=1,0,IF($A311=2,OFFSET(D311,-1,0)+1,OFFSET(D311,-1,0)))","v":6},{"$f":"IF(AND($A311<=2,$A311<>0),0,IF($A311=3,OFFSET(E311,-1,0)+1,OFFSET(E311,-1,0)))","v":0},{"$f":"IF(AND($A311<=3,$A311<>0),0,IF($A311=4,OFFSET(F311,-1,0)+1,OFFSET(F311,-1,0)))","v":0},{"$f":"IF(AND($A311<=4,$A311<>0),0,IF($A311=\"S\",OFFSET(G311,-1,0)+1,OFFSET(G311,-1,0)))","v":0},{"$f":"IF(OR($A311=\"S\",$A311=0),0,MATCH(0,OFFSET($B311,1,$A311,ROW($A$1504)-ROW($A311)),0))","v":27},{"$f":"IF(OR($A311=\"S\",$A311=0),0,MATCH(OFFSET($B311,0,$A311)+1,OFFSET($B311,1,$A311,ROW($A$1504)-ROW($A311)),0))","v":9},"AtivNível 1",{"$f":"IF($A311=0,\"-\",CONCATENATE(C311&\".\",IF(AND($A$5>=2,$A311>=2),D311&\".\",\"\"),IF(AND($A$5>=3,$A311>=3),E311&\".\",\"\"),IF(AND($A$5>=4,$A311>=4),F311&\".\",\"\"),IF($A311=\"S\",G311&\".\",\"\")))","v":"4.6."},{"$f":"IF(NOT(ISERROR($Y311)),IF($Y311<>FALSE,INDEX(Banco,$Y311,4),\"\"),\"\")","v":""},null,null,"Atividade 19 - Oficina para melhor idade região Jardim Ikaraí",{"$f":"IF(NOT(ISERROR($Y311)),IF($Y311<>FALSE,INDEX(Banco,$Y311,6),\"\"),\"\")","v":""},null,{"$f":"IF(NOT(ISERROR($Y311)),IF($Y311<>FALSE,INDEX(Banco,$Y311,7),0),0)","v":0},"DI 1",{"$f":"IF($J311=$G$2,ROUND(ROUND($R311,2)*IF($R$9=\"Preço Unitário (R$)\",1,1+$AA311),2),0)","v":0},{"$f":"IF($A311=\"S\",VTOTAL1,IF($A311=0,0,ROUND(SomaAgrup,2)))","v":4049.49},null,{"$f":"IF(OR($A311=0,$A311=\"S\",$A311>CFF!$A$9),\"\",MAX(W$11:OFFSET(W311,-1,0))+1)","v":23},{"$f":"IF(AND($J311=$G$2,$N311<>\"\",$M311<>\"\"),CONCATENATE($M311,\"-\",$N311))","v":false},{"$f":"IF(X311<>FALSE,MATCH(X311,OFFSET(Banco,0,0,,1),0))","v":false},null,{"$f":"IF($J311=$G$2,ROUND(IF(ISNUMBER(S311),S311,IF(LEFT(S311,2)=\"DI\",HLOOKUP(S311,DADOS!$T$29:$X$30,2,FALSE),0)),4),\"\")","v":""}]
[{"$f":"CHOOSE(1+LOG(1+2*(J312=$C$2)+4*(J312=$D$2)+8*(J312=$E$2)+16*(J312=$F$2)+32*(J312=$G$2),2),0,1,2,3,4,\"S\")","v":"S"},{"$f":"IF(OR(A312=\"S\",A312=0),0,IF(ISERROR(I312),H312,SMALL(H312:I312,1)))","v":0},{"$f":"IF($A312=1,OFFSET(C312,-1,0)+1,OFFSET(C312,-1,0))","v":4},{"$f":"IF($A312=1,0,IF($A312=2,OFFSET(D312,-1,0)+1,OFFSET(D312,-1,0)))","v":6},{"$f":"IF(AND($A312<=2,$A312<>0),0,IF($A312=3,OFFSET(E312,-1,0)+1,OFFSET(E312,-1,0)))","v":0},{"$f":"IF(AND($A312<=3,$A312<>0),0,IF($A312=4,OFFSET(F312,-1,0)+1,OFFSET(F312,-1,0)))","v":0},{"$f":"IF(AND($A312<=4,$A312<>0),0,IF($A312=\"S\",OFFSET(G312,-1,0)+1,OFFSET(G312,-1,0)))","v":1},{"$f":"IF(OR($A312=\"S\",$A312=0),0,MATCH(0,OFFSET($B312,1,$A312,ROW($A$1504)-ROW($A312)),0))","v":0},{"$f":"IF(OR($A312=\"S\",$A312=0),0,MATCH(OFFSET($B312,0,$A312)+1,OFFSET($B312,1,$A312,ROW($A$1504)-ROW($A312)),0))","v":0},"Insumo",{"$f":"IF($A312=0,\"-\",CONCATENATE(C312&\".\",IF(AND($A$5>=2,$A312>=2),D312&\".\",\"\"),IF(AND($A$5>=3,$A312>=3),E312&\".\",\"\"),IF(AND($A$5>=4,$A312>=4),F312&\".\",\"\"),IF($A312=\"S\",G312&\".\",\"\")))","v":"4.6.1."},{"$f":"IF(NOT(ISERROR($Y312)),IF($Y312<>FALSE,INDEX(Banco,$Y312,4),\"\"),\"\")","v":"CRESS"},"Rec. Humanos","001",{"$f":"IF(NOT(ISERROR($Y312)),IF($Y312<>FALSE,INDEX(Banco,$Y312,5),\"\"),\"\")","v":"Responsável Técnica"},{"$f":"IF(NOT(ISERROR($Y312)),IF($Y312<>FALSE,INDEX(Banco,$Y312,6),\"\"),\"\")","v":"Horas"},4,{"$f":"IF(NOT(ISERROR($Y312)),IF($Y312<>FALSE,INDEX(Banco,$Y312,7),0),0)","v":150.28},"DI 1",{"$f":"IF($J312=$G$2,ROUND(ROUND($R312,2)*IF($R$9=\"Preço Unitário (R$)\",1,1+$AA312),2),0)","v":187.85},{"$f":"IF($A312=\"S\",VTOTAL1,IF($A312=0,0,ROUND(SomaAgrup,2)))","v":751.4},null,{"$f":"IF(OR($A312=0,$A312=\"S\",$A312>CFF!$A$9),\"\",MAX(W$11:OFFSET(W312,-1,0))+1)","v":""},{"$f":"IF(AND($J312=$G$2,$N312<>\"\",$M312<>\"\"),CONCATENATE($M312,\"-\",$N312))","v":"Rec. Humanos-001"},{"$f":"IF(X312<>FALSE,MATCH(X312,OFFSET(Banco,0,0,,1),0))","v":3},null,{"$f":"IF($J312=$G$2,ROUND(IF(ISNUMBER(S312),S312,IF(LEFT(S312,2)=\"DI\",HLOOKUP(S312,DADOS!$T$29:$X$30,2,FALSE),0)),4),\"\")","v":0.25}]
[{"$f":"CHOOSE(1+LOG(1+2*(J313=$C$2)+4*(J313=$D$2)+8*(J313=$E$2)+16*(J313=$F$2)+32*(J313=$G$2),2),0,1,2,3,4,\"S\")","v":"S"},{"$f":"IF(OR(A313=\"S\",A313=0),0,IF(ISERROR(I313),H313,SMALL(H313:I313,1)))","v":0},{"$f":"IF($A313=1,OFFSET(C313,-1,0)+1,OFFSET(C313,-1,0))","v":4},{"$f":"IF($A313=1,0,IF($A313=2,OFFSET(D313,-1,0)+1,OFFSET(D313,-1,0)))","v":6},{"$f":"IF(AND($A313<=2,$A313<>0),0,IF($A313=3,OFFSET(E313,-1,0)+1,OFFSET(E313,-1,0)))","v":0},{"$f":"IF(AND($A313<=3,$A313<>0),0,IF($A313=4,OFFSET(F313,-1,0)+1,OFFSET(F313,-1,0)))","v":0},{"$f":"IF(AND($A313<=4,$A313<>0),0,IF($A313=\"S\",OFFSET(G313,-1,0)+1,OFFSET(G313,-1,0)))","v":2},{"$f":"IF(OR($A313=\"S\",$A313=0),0,MATCH(0,OFFSET($B313,1,$A313,ROW($A$1504)-ROW($A313)),0))","v":0},{"$f":"IF(OR($A313=\"S\",$A313=0),0,MATCH(OFFSET($B313,0,$A313)+1,OFFSET($B313,1,$A313,ROW($A$1504)-ROW($A313)),0))","v":0},"Insumo",{"$f":"IF($A313=0,\"-\",CONCATENATE(C313&\".\",IF(AND($A$5>=2,$A313>=2),D313&\".\",\"\"),IF(AND($A$5>=3,$A313>=3),E313&\".\",\"\"),IF(AND($A$5>=4,$A313>=4),F313&\".\",\"\"),IF($A313=\"S\",G313&\".\",\"\")))","v":"4.6.2."},{"$f":"IF(NOT(ISERROR($Y313)),IF($Y313<>FALSE,INDEX(Banco,$Y313,4),\"\"),\"\")","v":"CRESS"},"Rec. Humanos","002","Assistente Social",{"$f":"IF(NOT(ISERROR($Y313)),IF($Y313<>FALSE,INDEX(Banco,$Y313,6),\"\"),\"\")","v":"Horas"},4,{"$f":"IF(NOT(ISERROR($Y313)),IF($Y313<>FALSE,INDEX(Banco,$Y313,7),0),0)","v":133.81},"DI 1",{"$f":"IF($J313=$G$2,ROUND(ROUND($R313,2)*IF($R$9=\"Preço Unitário (R$)\",1,1+$AA313),2),0)","v":167.26},{"$f":"IF($A313=\"S\",VTOTAL1,IF($A313=0,0,ROUND(SomaAgrup,2)))","v":669.04},null,{"$f":"IF(OR($A313=0,$A313=\"S\",$A313>CFF!$A$9),\"\",MAX(W$11:OFFSET(W313,-1,0))+1)","v":""},{"$f":"IF(AND($J313=$G$2,$N313<>\"\",$M313<>\"\"),CONCATENATE($M313,\"-\",$N313))","v":"Rec. Humanos-002"},{"$f":"IF(X313<>FALSE,MATCH(X313,OFFSET(Banco,0,0,,1),0))","v":4},null,{"$f":"IF($J313=$G$2,ROUND(IF(ISNUMBER(S313),S313,IF(LEFT(S313,2)=\"DI\",HLOOKUP(S313,DADOS!$T$29:$X$30,2,FALSE),0)),4),\"\")","v":0.25}]
["S",0,4,6,0,0,3,{"$f":"IF(OR($A314=\"S\",$A314=0),0,MATCH(0,OFFSET($B314,1,$A314,ROW($A$1504)-ROW($A314)),0))","v":0},{"$f":"IF(OR($A314=\"S\",$A314=0),0,MATCH(OFFSET($B314,0,$A314)+1,OFFSET($B314,1,$A314,ROW($A$1504)-ROW($A314)),0))","v":0},"Insumo","4.6.3.","Cotação","Serv. Terc.","033","Coffe break (salgados) ","Centro",5,65,"DI 1",81.25,406.25,null,{"$f":"IF(OR($A314=0,$A314=\"S\",$A314>CFF!$A$9),\"\",MAX(W$11:OFFSET(W314,-1,0))+1)","v":""},"Serv. Terc.-033",113,null,{"$f":"IF($J314=$G$2,ROUND(IF(ISNUMBER(S314),S314,IF(LEFT(S314,2)=\"DI\",HLOOKUP(S314,DADOS!$T$29:$X$30,2,FALSE),0)),4),\"\")","v":0.25}]
[{"$f":"CHOOSE(1+LOG(1+2*(J315=$C$2)+4*(J315=$D$2)+8*(J315=$E$2)+16*(J315=$F$2)+32*(J315=$G$2),2),0,1,2,3,4,\"S\")","v":"S"},{"$f":"IF(OR(A315=\"S\",A315=0),0,IF(ISERROR(I315),H315,SMALL(H315:I315,1)))","v":0},{"$f":"IF($A315=1,OFFSET(C315,-1,0)+1,OFFSET(C315,-1,0))","v":4},{"$f":"IF($A315=1,0,IF($A315=2,OFFSET(D315,-1,0)+1,OFFSET(D315,-1,0)))","v":6},{"$f":"IF(AND($A315<=2,$A315<>0),0,IF($A315=3,OFFSET(E315,-1,0)+1,OFFSET(E315,-1,0)))","v":0},{"$f":"IF(AND($A315<=3,$A315<>0),0,IF($A315=4,OFFSET(F315,-1,0)+1,OFFSET(F315,-1,0)))","v":0},{"$f":"IF(AND($A315<=4,$A315<>0),0,IF($A315=\"S\",OFFSET(G315,-1,0)+1,OFFSET(G315,-1,0)))","v":4},{"$f":"IF(OR($A315=\"S\",$A315=0),0,MATCH(0,OFFSET($B315,1,$A315,ROW($A$1504)-ROW($A315)),0))","v":0},{"$f":"IF(OR($A315=\"S\",$A315=0),0,MATCH(OFFSET($B315,0,$A315)+1,OFFSET($B315,1,$A315,ROW($A$1504)-ROW($A315)),0))","v":0},"Insumo",{"$f":"IF($A315=0,\"-\",CONCATENATE(C315&\".\",IF(AND($A$5>=2,$A315>=2),D315&\".\",\"\"),IF(AND($A$5>=3,$A315>=3),E315&\".\",\"\"),IF(AND($A$5>=4,$A315>=4),F315&\".\",\"\"),IF($A315=\"S\",G315&\".\",\"\")))","v":"4.6.4."},{"$f":"IF(NOT(ISERROR($Y315)),IF($Y315<>FALSE,INDEX(Banco,$Y315,4),\"\"),\"\")","v":"Cotação"},"Serv. Terc.","027",{"$f":"IF(NOT(ISERROR($Y315)),IF($Y315<>FALSE,INDEX(Banco,$Y315,5),\"\"),\"\")","v":"Refrigerantes (02 litros) "},{"$f":"IF(NOT(ISERROR($Y315)),IF($Y315<>FALSE,INDEX(Banco,$Y315,6),\"\"),\"\")","v":"Unidade"},7,{"$f":"IF(NOT(ISERROR($Y315)),IF($Y315<>FALSE,INDEX(Banco,$Y315,7),0),0)","v":6},"DI 1",{"$f":"IF($J315=$G$2,ROUND(ROUND($R315,2)*IF($R$9=\"Preço Unitário (R$)\",1,1+$AA315),2),0)","v":7.5},{"$f":"IF($A315=\"S\",VTOTAL1,IF($A315=0,0,ROUND(SomaAgrup,2)))","v":52.5},null,{"$f":"IF(OR($A315=0,$A315=\"S\",$A315>CFF!$A$9),\"\",MAX(W$11:OFFSET(W315,-1,0))+1)","v":""},{"$f":"IF(AND($J315=$G$2,$N315<>\"\",$M315<>\"\"),CONCATENATE($M315,\"-\",$N315))","v":"Serv. Terc.-027"},{"$f":"IF(X315<>FALSE,MATCH(X315,OFFSET(Banco,0,0,,1),0))","v":107},null,{"$f":"IF($J315=$G$2,ROUND(IF(ISNUMBER(S315),S315,IF(LEFT(S315,2)=\"DI\",HLOOKUP(S315,DADOS!$T$29:$X$30,2,FALSE),0)),4),\"\")","v":0.25}]
["S",0,4,6,0,0,5,{"$f":"IF(OR($A316=\"S\",$A316=0),0,MATCH(0,OFFSET($B316,1,$A316,ROW($A$1504)-ROW($A316)),0))","v":0},{"$f":"IF(OR($A316=\"S\",$A316=0),0,MATCH(OFFSET($B316,0,$A316)+1,OFFSET($B316,1,$A316,ROW($A$1504)-ROW($A316)),0))","v":0},"Insumo","4.6.5.","CREFITO","Serv. Terc.","085","Fisioterapeuta (Massagem terapêutica)","Vagas",30,41.6,"DI 1",52,1560,null,{"$f":"IF(OR($A316=0,$A316=\"S\",$A316>CFF!$A$9),\"\",MAX(W$11:OFFSET(W316,-1,0))+1)","v":""},"Serv. Terc.-085",165,null,{"$f":"IF($J316=$G$2,ROUND(IF(ISNUMBER(S316),S316,IF(LEFT(S316,2)=\"DI\",HLOOKUP(S316,DADOS!$T$29:$X$30,2,FALSE),0)),4),\"\")","v":0.25}]
[{"$f":"CHOOSE(1+LOG(1+2*(J317=$C$2)+4*(J317=$D$2)+8*(J317=$E$2)+16*(J317=$F$2)+32*(J317=$G$2),2),0,1,2,3,4,\"S\")","v":"S"},{"$f":"IF(OR(A317=\"S\",A317=0),0,IF(ISERROR(I317),H317,SMALL(H317:I317,1)))","v":0},{"$f":"IF($A317=1,OFFSET(C317,-1,0)+1,OFFSET(C317,-1,0))","v":4},{"$f":"IF($A317=1,0,IF($A317=2,OFFSET(D317,-1,0)+1,OFFSET(D317,-1,0)))","v":6},{"$f":"IF(AND($A317<=2,$A317<>0),0,IF($A317=3,OFFSET(E317,-1,0)+1,OFFSET(E317,-1,0)))","v":0},{"$f":"IF(AND($A317<=3,$A317<>0),0,IF($A317=4,OFFSET(F317,-1,0)+1,OFFSET(F317,-1,0)))","v":0},{"$f":"IF(AND($A317<=4,$A317<>0),0,IF($A317=\"S\",OFFSET(G317,-1,0)+1,OFFSET(G317,-1,0)))","v":6},{"$f":"IF(OR($A317=\"S\",$A317=0),0,MATCH(0,OFFSET($B317,1,$A317,ROW($A$1504)-ROW($A317)),0))","v":0},{"$f":"IF(OR($A317=\"S\",$A317=0),0,MATCH(OFFSET($B317,0,$A317)+1,OFFSET($B317,1,$A317,ROW($A$1504)-ROW($A317)),0))","v":0},"Insumo",{"$f":"IF($A317=0,\"-\",CONCATENATE(C317&\".\",IF(AND($A$5>=2,$A317>=2),D317&\".\",\"\"),IF(AND($A$5>=3,$A317>=3),E317&\".\",\"\"),IF(AND($A$5>=4,$A317>=4),F317&\".\",\"\"),IF($A317=\"S\",G317&\".\",\"\")))","v":"4.6.6."},{"$f":"IF(NOT(ISERROR($Y317)),IF($Y317<>FALSE,INDEX(Banco,$Y317,4),\"\"),\"\")","v":"COREN"},"Serv. Terc.","086","Técnica de Enfermagem (Instrutor)",{"$f":"IF(NOT(ISERROR($Y317)),IF($Y317<>FALSE,INDEX(Banco,$Y317,6),\"\"),\"\")","v":"Horas"},2,{"$f":"IF(NOT(ISERROR($Y317)),IF($Y317<>FALSE,INDEX(Banco,$Y317,7),0),0)","v":92.65},"DI 1",{"$f":"IF($J317=$G$2,ROUND(ROUND($R317,2)*IF($R$9=\"Preço Unitário (R$)\",1,1+$AA317),2),0)","v":115.81},{"$f":"IF($A317=\"S\",VTOTAL1,IF($A317=0,0,ROUND(SomaAgrup,2)))","v":231.62},null,{"$f":"IF(OR($A317=0,$A317=\"S\",$A317>CFF!$A$9),\"\",MAX(W$11:OFFSET(W317,-1,0))+1)","v":""},{"$f":"IF(AND($J317=$G$2,$N317<>\"\",$M317<>\"\"),CONCATENATE($M317,\"-\",$N317))","v":"Serv. Terc.-086"},{"$f":"IF(X317<>FALSE,MATCH(X317,OFFSET(Banco,0,0,,1),0))","v":166},null,{"$f":"IF($J317=$G$2,ROUND(IF(ISNUMBER(S317),S317,IF(LEFT(S317,2)=\"DI\",HLOOKUP(S317,DADOS!$T$29:$X$30,2,FALSE),0)),4),\"\")","v":0.25}]
["S",0,4,6,0,0,7,{"$f":"IF(OR($A318=\"S\",$A318=0),0,MATCH(0,OFFSET($B318,1,$A318,ROW($A$1504)-ROW($A318)),0))","v":0},{"$f":"IF(OR($A318=\"S\",$A318=0),0,MATCH(OFFSET($B318,0,$A318)+1,OFFSET($B318,1,$A318,ROW($A$1504)-ROW($A318)),0))","v":0},"Insumo","4.6.7.","Cotação","Serv. Terc.","017",{"$f":"IF(NOT(ISERROR($Y318)),IF($Y318<>FALSE,INDEX(Banco,$Y318,5),\"\"),\"\")","v":"Instrutor/Monitor (Educação Fisíca)"},"Horas",2,100,"DI 1",125,250,null,{"$f":"IF(OR($A318=0,$A318=\"S\",$A318>CFF!$A$9),\"\",MAX(W$11:OFFSET(W318,-1,0))+1)","v":""},"Serv. Terc.-017",97,null,{"$f":"IF($J318=$G$2,ROUND(IF(ISNUMBER(S318),S318,IF(LEFT(S318,2)=\"DI\",HLOOKUP(S318,DADOS!$T$29:$X$30,2,FALSE),0)),4),\"\")","v":0.25}]
["S",0,4,6,0,0,8,{"$f":"IF(OR($A319=\"S\",$A319=0),0,MATCH(0,OFFSET($B319,1,$A319,ROW($A$1504)-ROW($A319)),0))","v":0},{"$f":"IF(OR($A319=\"S\",$A319=0),0,MATCH(OFFSET($B319,0,$A319)+1,OFFSET($B319,1,$A319,ROW($A$1504)-ROW($A319)),0))","v":0},"Insumo","4.6.8.","Cotação","Serv. Terc.","061",{"$f":"IF(NOT(ISERROR($Y319)),IF($Y319<>FALSE,INDEX(Banco,$Y319,5),\"\"),\"\")","v":"KIT (massagem terapêutica)"},"KIT",1,102.94,"DI 1",128.68,128.68,null,{"$f":"IF(OR($A319=0,$A319=\"S\",$A319>CFF!$A$9),\"\",MAX(W$11:OFFSET(W319,-1,0))+1)","v":""},"Serv. Terc.-061",141,null,{"$f":"IF($J319=$G$2,ROUND(IF(ISNUMBER(S319),S319,IF(LEFT(S319,2)=\"DI\",HLOOKUP(S319,DADOS!$T$29:$X$30,2,FALSE),0)),4),\"\")","v":0.25}]
[{"$f":"CHOOSE(1+LOG(1+2*(J320=$C$2)+4*(J320=$D$2)+8*(J320=$E$2)+16*(J320=$F$2)+32*(J320=$G$2),2),0,1,2,3,4,\"S\")","v":2},{"$f":"IF(OR(A320=\"S\",A320=0),0,IF(ISERROR(I320),H320,SMALL(H320:I320,1)))","v":3},{"$f":"IF($A320=1,OFFSET(C320,-1,0)+1,OFFSET(C320,-1,0))","v":4},{"$f":"IF($A320=1,0,IF($A320=2,OFFSET(D320,-1,0)+1,OFFSET(D320,-1,0)))","v":7},{"$f":"IF(AND($A320<=2,$A320<>0),0,IF($A320=3,OFFSET(E320,-1,0)+1,OFFSET(E320,-1,0)))","v":0},{"$f":"IF(AND($A320<=3,$A320<>0),0,IF($A320=4,OFFSET(F320,-1,0)+1,OFFSET(F320,-1,0)))","v":0},{"$f":"IF(AND($A320<=4,$A320<>0),0,IF($A320=\"S\",OFFSET(G320,-1,0)+1,OFFSET(G320,-1,0)))","v":0},{"$f":"IF(OR($A320=\"S\",$A320=0),0,MATCH(0,OFFSET($B320,1,$A320,ROW($A$1504)-ROW($A320)),0))","v":18},{"$f":"IF(OR($A320=\"S\",$A320=0),0,MATCH(OFFSET($B320,0,$A320)+1,OFFSET($B320,1,$A320,ROW($A$1504)-ROW($A320)),0))","v":3},"AtivNível 1",{"$f":"IF($A320=0,\"-\",CONCATENATE(C320&\".\",IF(AND($A$5>=2,$A320>=2),D320&\".\",\"\"),IF(AND($A$5>=3,$A320>=3),E320&\".\",\"\"),IF(AND($A$5>=4,$A320>=4),F320&\".\",\"\"),IF($A320=\"S\",G320&\".\",\"\")))","v":"4.7."},{"$f":"IF(NOT(ISERROR($Y320)),IF($Y320<>FALSE,INDEX(Banco,$Y320,4),\"\"),\"\")","v":""},null,null,"Atividade 20 - Plantão Social região Jardim Ikaraí",{"$f":"IF(NOT(ISERROR($Y320)),IF($Y320<>FALSE,INDEX(Banco,$Y320,6),\"\"),\"\")","v":""},null,{"$f":"IF(NOT(ISERROR($Y320)),IF($Y320<>FALSE,INDEX(Banco,$Y320,7),0),0)","v":0},"DI 1",{"$f":"IF($J320=$G$2,ROUND(ROUND($R320,2)*IF($R$9=\"Preço Unitário (R$)\",1,1+$AA320),2),0)","v":0},{"$f":"IF($A320=\"S\",VTOTAL1,IF($A320=0,0,ROUND(SomaAgrup,2)))","v":1713.78},null,{"$f":"IF(OR($A320=0,$A320=\"S\",$A320>CFF!$A$9),\"\",MAX(W$11:OFFSET(W320,-1,0))+1)","v":24},{"$f":"IF(AND($J320=$G$2,$N320<>\"\",$M320<>\"\"),CONCATENATE($M320,\"-\",$N320))","v":false},{"$f":"IF(X320<>FALSE,MATCH(X320,OFFSET(Banco,0,0,,1),0))","v":false},null,{"$f":"IF($J320=$G$2,ROUND(IF(ISNUMBER(S320),S320,IF(LEFT(S320,2)=\"DI\",HLOOKUP(S320,DADOS!$T$29:$X$30,2,FALSE),0)),4),\"\")","v":""}]
["S",0,4,7,0,0,1,{"$f":"IF(OR($A321=\"S\",$A321=0),0,MATCH(0,OFFSET($B321,1,$A321,ROW($A$1504)-ROW($A321)),0))","v":0},{"$f":"IF(OR($A321=\"S\",$A321=0),0,MATCH(OFFSET($B321,0,$A321)+1,OFFSET($B321,1,$A321,ROW($A$1504)-ROW($A321)),0))","v":0},"Insumo","4.7.1.","CRESS","Rec. Humanos","001",{"$f":"IF(NOT(ISERROR($Y321)),IF($Y321<>FALSE,INDEX(Banco,$Y321,5),\"\"),\"\")","v":"Responsável Técnica"},"Horas",2,150.28,"DI 1",187.85,375.7,null,{"$f":"IF(OR($A321=0,$A321=\"S\",$A321>CFF!$A$9),\"\",MAX(W$11:OFFSET(W321,-1,0))+1)","v":""},"Rec. Humanos-001",3,null,{"$f":"IF($J321=$G$2,ROUND(IF(ISNUMBER(S321),S321,IF(LEFT(S321,2)=\"DI\",HLOOKUP(S321,DADOS!$T$29:$X$30,2,FALSE),0)),4),\"\")","v":0.25}]
["S",0,4,7,0,0,2,{"$f":"IF(OR($A322=\"S\",$A322=0),0,MATCH(0,OFFSET($B322,1,$A322,ROW($A$1504)-ROW($A322)),0))","v":0},{"$f":"IF(OR($A322=\"S\",$A322=0),0,MATCH(OFFSET($B322,0,$A322)+1,OFFSET($B322,1,$A322,ROW($A$1504)-ROW($A322)),0))","v":0},"Insumo","4.7.2.","CRESS","Rec. Humanos","002",{"$f":"IF(NOT(ISERROR($Y322)),IF($Y322<>FALSE,INDEX(Banco,$Y322,5),\"\"),\"\")","v":"Assistente Social"},"Horas",8,133.81,"DI 1",167.26,1338.08,null,{"$f":"IF(OR($A322=0,$A322=\"S\",$A322>CFF!$A$9),\"\",MAX(W$11:OFFSET(W322,-1,0))+1)","v":""},"Rec. Humanos-002",4,null,{"$f":"IF($J322=$G$2,ROUND(IF(ISNUMBER(S322),S322,IF(LEFT(S322,2)=\"DI\",HLOOKUP(S322,DADOS!$T$29:$X$30,2,FALSE),0)),4),\"\")","v":0.25}]
[{"$f":"CHOOSE(1+LOG(1+2*(J323=$C$2)+4*(J323=$D$2)+8*(J323=$E$2)+16*(J323=$F$2)+32*(J323=$G$2),2),0,1,2,3,4,\"S\")","v":2},{"$f":"IF(OR(A323=\"S\",A323=0),0,IF(ISERROR(I323),H323,SMALL(H323:I323,1)))","v":4},{"$f":"IF($A323=1,OFFSET(C323,-1,0)+1,OFFSET(C323,-1,0))","v":4},{"$f":"IF($A323=1,0,IF($A323=2,OFFSET(D323,-1,0)+1,OFFSET(D323,-1,0)))","v":8},{"$f":"IF(AND($A323<=2,$A323<>0),0,IF($A323=3,OFFSET(E323,-1,0)+1,OFFSET(E323,-1,0)))","v":0},{"$f":"IF(AND($A323<=3,$A323<>0),0,IF($A323=4,OFFSET(F323,-1,0)+1,OFFSET(F323,-1,0)))","v":0},{"$f":"IF(AND($A323<=4,$A323<>0),0,IF($A323=\"S\",OFFSET(G323,-1,0)+1,OFFSET(G323,-1,0)))","v":0},{"$f":"IF(OR($A323=\"S\",$A323=0),0,MATCH(0,OFFSET($B323,1,$A323,ROW($A$1504)-ROW($A323)),0))","v":15},{"$f":"IF(OR($A323=\"S\",$A323=0),0,MATCH(OFFSET($B323,0,$A323)+1,OFFSET($B323,1,$A323,ROW($A$1504)-ROW($A323)),0))","v":4},"AtivNível 1",{"$f":"IF($A323=0,\"-\",CONCATENATE(C323&\".\",IF(AND($A$5>=2,$A323>=2),D323&\".\",\"\"),IF(AND($A$5>=3,$A323>=3),E323&\".\",\"\"),IF(AND($A$5>=4,$A323>=4),F323&\".\",\"\"),IF($A323=\"S\",G323&\".\",\"\")))","v":"4.8."},{"$f":"IF(NOT(ISERROR($Y323)),IF($Y323<>FALSE,INDEX(Banco,$Y323,4),\"\"),\"\")","v":""},null,null,"Atividade 21 - Assembléia para eleição CAO Comissão Acompanhamento da Obra região Jardim Ikaraí",{"$f":"IF(NOT(ISERROR($Y323)),IF($Y323<>FALSE,INDEX(Banco,$Y323,6),\"\"),\"\")","v":""},null,{"$f":"IF(NOT(ISERROR($Y323)),IF($Y323<>FALSE,INDEX(Banco,$Y323,7),0),0)","v":0},"DI 1",{"$f":"IF($J323=$G$2,ROUND(ROUND($R323,2)*IF($R$9=\"Preço Unitário (R$)\",1,1+$AA323),2),0)","v":0},{"$f":"IF($A323=\"S\",VTOTAL1,IF($A323=0,0,ROUND(SomaAgrup,2)))","v":1080.33},null,{"$f":"IF(OR($A323=0,$A323=\"S\",$A323>CFF!$A$9),\"\",MAX(W$11:OFFSET(W323,-1,0))+1)","v":25},{"$f":"IF(AND($J323=$G$2,$N323<>\"\",$M323<>\"\"),CONCATENATE($M323,\"-\",$N323))","v":false},{"$f":"IF(X323<>FALSE,MATCH(X323,OFFSET(Banco,0,0,,1),0))","v":false},null,{"$f":"IF($J323=$G$2,ROUND(IF(ISNUMBER(S323),S323,IF(LEFT(S323,2)=\"DI\",HLOOKUP(S323,DADOS!$T$29:$X$30,2,FALSE),0)),4),\"\")","v":""}]
[{"$f":"CHOOSE(1+LOG(1+2*(J324=$C$2)+4*(J324=$D$2)+8*(J324=$E$2)+16*(J324=$F$2)+32*(J324=$G$2),2),0,1,2,3,4,\"S\")","v":"S"},{"$f":"IF(OR(A324=\"S\",A324=0),0,IF(ISERROR(I324),H324,SMALL(H324:I324,1)))","v":0},{"$f":"IF($A324=1,OFFSET(C324,-1,0)+1,OFFSET(C324,-1,0))","v":4},{"$f":"IF($A324=1,0,IF($A324=2,OFFSET(D324,-1,0)+1,OFFSET(D324,-1,0)))","v":8},{"$f":"IF(AND($A324<=2,$A324<>0),0,IF($A324=3,OFFSET(E324,-1,0)+1,OFFSET(E324,-1,0)))","v":0},{"$f":"IF(AND($A324<=3,$A324<>0),0,IF($A324=4,OFFSET(F324,-1,0)+1,OFFSET(F324,-1,0)))","v":0},{"$f":"IF(AND($A324<=4,$A324<>0),0,IF($A324=\"S\",OFFSET(G324,-1,0)+1,OFFSET(G324,-1,0)))","v":1},{"$f":"IF(OR($A324=\"S\",$A324=0),0,MATCH(0,OFFSET($B324,1,$A324,ROW($A$1504)-ROW($A324)),0))","v":0},{"$f":"IF(OR($A324=\"S\",$A324=0),0,MATCH(OFFSET($B324,0,$A324)+1,OFFSET($B324,1,$A324,ROW($A$1504)-ROW($A324)),0))","v":0},"Insumo",{"$f":"IF($A324=0,\"-\",CONCATENATE(C324&\".\",IF(AND($A$5>=2,$A324>=2),D324&\".\",\"\"),IF(AND($A$5>=3,$A324>=3),E324&\".\",\"\"),IF(AND($A$5>=4,$A324>=4),F324&\".\",\"\"),IF($A324=\"S\",G324&\".\",\"\")))","v":"4.8.1."},{"$f":"IF(NOT(ISERROR($Y324)),IF($Y324<>FALSE,INDEX(Banco,$Y324,4),\"\"),\"\")","v":"CRESS"},"Rec. Humanos","001",{"$f":"IF(NOT(ISERROR($Y324)),IF($Y324<>FALSE,INDEX(Banco,$Y324,5),\"\"),\"\")","v":"Responsável Técnica"},{"$f":"IF(NOT(ISERROR($Y324)),IF($Y324<>FALSE,INDEX(Banco,$Y324,6),\"\"),\"\")","v":"Horas"},3,{"$f":"IF(NOT(ISERROR($Y324)),IF($Y324<>FALSE,INDEX(Banco,$Y324,7),0),0)","v":150.28},"DI 1",{"$f":"IF($J324=$G$2,ROUND(ROUND($R324,2)*IF($R$9=\"Preço Unitário (R$)\",1,1+$AA324),2),0)","v":187.85},{"$f":"IF($A324=\"S\",VTOTAL1,IF($A324=0,0,ROUND(SomaAgrup,2)))","v":563.54999999999995},null,{"$f":"IF(OR($A324=0,$A324=\"S\",$A324>CFF!$A$9),\"\",MAX(W$11:OFFSET(W324,-1,0))+1)","v":""},{"$f":"IF(AND($J324=$G$2,$N324<>\"\",$M324<>\"\"),CONCATENATE($M324,\"-\",$N324))","v":"Rec. Humanos-001"},{"$f":"IF(X324<>FALSE,MATCH(X324,OFFSET(Banco,0,0,,1),0))","v":3},null,{"$f":"IF($J324=$G$2,ROUND(IF(ISNUMBER(S324),S324,IF(LEFT(S324,2)=\"DI\",HLOOKUP(S324,DADOS!$T$29:$X$30,2,FALSE),0)),4),\"\")","v":0.25}]
["S",0,4,8,0,0,2,{"$f":"IF(OR($A325=\"S\",$A325=0),0,MATCH(0,OFFSET($B325,1,$A325,ROW($A$1504)-ROW($A325)),0))","v":0},{"$f":"IF(OR($A325=\"S\",$A325=0),0,MATCH(OFFSET($B325,0,$A325)+1,OFFSET($B325,1,$A325,ROW($A$1504)-ROW($A325)),0))","v":0},"Insumo","4.8.2.","CRESS","Rec. Humanos","002",{"$f":"IF(NOT(ISERROR($Y325)),IF($Y325<>FALSE,INDEX(Banco,$Y325,5),\"\"),\"\")","v":"Assistente Social"},"Horas",3,133.81,"DI 1",167.26,501.78,null,{"$f":"IF(OR($A325=0,$A325=\"S\",$A325>CFF!$A$9),\"\",MAX(W$11:OFFSET(W325,-1,0))+1)","v":""},"Rec. Humanos-002",4,null,{"$f":"IF($J325=$G$2,ROUND(IF(ISNUMBER(S325),S325,IF(LEFT(S325,2)=\"DI\",HLOOKUP(S325,DADOS!$T$29:$X$30,2,FALSE),0)),4),\"\")","v":0.25}]
["S",0,4,8,0,0,3,{"$f":"IF(OR($A326=\"S\",$A326=0),0,MATCH(0,OFFSET($B326,1,$A326,ROW($A$1504)-ROW($A326)),0))","v":0},{"$f":"IF(OR($A326=\"S\",$A326=0),0,MATCH(OFFSET($B326,0,$A326)+1,OFFSET($B326,1,$A326,ROW($A$1504)-ROW($A326)),0))","v":0},"Insumo","4.8.3.","Cotação","Serv. Terc.","009",{"$f":"IF(NOT(ISERROR($Y326)),IF($Y326<>FALSE,INDEX(Banco,$Y326,5),\"\"),\"\")","v":"Água (garrafa de 1,5 litros)"},"Unidade",3,4,"DI 1",5,15,null,{"$f":"IF(OR($A326=0,$A326=\"S\",$A326>CFF!$A$9),\"\",MAX(W$11:OFFSET(W326,-1,0))+1)","v":""},"Serv. Terc.-009",89,null,{"$f":"IF($J326=$G$2,ROUND(IF(ISNUMBER(S326),S326,IF(LEFT(S326,2)=\"DI\",HLOOKUP(S326,DADOS!$T$29:$X$30,2,FALSE),0)),4),\"\")","v":0.25}]
[{"$f":"CHOOSE(1+LOG(1+2*(J327=$C$2)+4*(J327=$D$2)+8*(J327=$E$2)+16*(J327=$F$2)+32*(J327=$G$2),2),0,1,2,3,4,\"S\")","v":2},{"$f":"IF(OR(A327=\"S\",A327=0),0,IF(ISERROR(I327),H327,SMALL(H327:I327,1)))","v":11},{"$f":"IF($A327=1,OFFSET(C327,-1,0)+1,OFFSET(C327,-1,0))","v":4},{"$f":"IF($A327=1,0,IF($A327=2,OFFSET(D327,-1,0)+1,OFFSET(D327,-1,0)))","v":9},{"$f":"IF(AND($A327<=2,$A327<>0),0,IF($A327=3,OFFSET(E327,-1,0)+1,OFFSET(E327,-1,0)))","v":0},{"$f":"IF(AND($A327<=3,$A327<>0),0,IF($A327=4,OFFSET(F327,-1,0)+1,OFFSET(F327,-1,0)))","v":0},{"$f":"IF(AND($A327<=4,$A327<>0),0,IF($A327=\"S\",OFFSET(G327,-1,0)+1,OFFSET(G327,-1,0)))","v":0},{"$f":"IF(OR($A327=\"S\",$A327=0),0,MATCH(0,OFFSET($B327,1,$A327,ROW($A$1504)-ROW($A327)),0))","v":11},{"$f":"IF(OR($A327=\"S\",$A327=0),0,MATCH(OFFSET($B327,0,$A327)+1,OFFSET($B327,1,$A327,ROW($A$1504)-ROW($A327)),0))","v":295},"AtivNível 1",{"$f":"IF($A327=0,\"-\",CONCATENATE(C327&\".\",IF(AND($A$5>=2,$A327>=2),D327&\".\",\"\"),IF(AND($A$5>=3,$A327>=3),E327&\".\",\"\"),IF(AND($A$5>=4,$A327>=4),F327&\".\",\"\"),IF($A327=\"S\",G327&\".\",\"\")))","v":"4.9."},{"$f":"IF(NOT(ISERROR($Y327)),IF($Y327<>FALSE,INDEX(Banco,$Y327,4),\"\"),\"\")","v":""},null,null,"Atividade 22 - Oficina: Produtos de limpeza Bairro Frutal de Minas e Jardim Paula II",{"$f":"IF(NOT(ISERROR($Y327)),IF($Y327<>FALSE,INDEX(Banco,$Y327,6),\"\"),\"\")","v":""},null,{"$f":"IF(NOT(ISERROR($Y327)),IF($Y327<>FALSE,INDEX(Banco,$Y327,7),0),0)","v":0},"DI 1",{"$f":"IF($J327=$G$2,ROUND(ROUND($R327,2)*IF($R$9=\"Preço Unitário (R$)\",1,1+$AA327),2),0)","v":0},{"$f":"IF($A327=\"S\",VTOTAL1,IF($A327=0,0,ROUND(SomaAgrup,2)))","v":2688.84},null,{"$f":"IF(OR($A327=0,$A327=\"S\",$A327>CFF!$A$9),\"\",MAX(W$11:OFFSET(W327,-1,0))+1)","v":26},{"$f":"IF(AND($J327=$G$2,$N327<>\"\",$M327<>\"\"),CONCATENATE($M327,\"-\",$N327))","v":false},{"$f":"IF(X327<>FALSE,MATCH(X327,OFFSET(Banco,0,0,,1),0))","v":false},null,{"$f":"IF($J327=$G$2,ROUND(IF(ISNUMBER(S327),S327,IF(LEFT(S327,2)=\"DI\",HLOOKUP(S327,DADOS!$T$29:$X$30,2,FALSE),0)),4),\"\")","v":""}]
["S",0,{"$f":"IF($A328=1,OFFSET(C328,-1,0)+1,OFFSET(C328,-1,0))","v":4},{"$f":"IF($A328=1,0,IF($A328=2,OFFSET(D328,-1,0)+1,OFFSET(D328,-1,0)))","v":9},{"$f":"IF(AND($A328<=2,$A328<>0),0,IF($A328=3,OFFSET(E328,-1,0)+1,OFFSET(E328,-1,0)))","v":0},{"$f":"IF(AND($A328<=3,$A328<>0),0,IF($A328=4,OFFSET(F328,-1,0)+1,OFFSET(F328,-1,0)))","v":0},{"$f":"IF(AND($A328<=4,$A328<>0),0,IF($A328=\"S\",OFFSET(G328,-1,0)+1,OFFSET(G328,-1,0)))","v":1},{"$f":"IF(OR($A328=\"S\",$A328=0),0,MATCH(0,OFFSET($B328,1,$A328,ROW($A$1504)-ROW($A328)),0))","v":0},{"$f":"IF(OR($A328=\"S\",$A328=0),0,MATCH(OFFSET($B328,0,$A328)+1,OFFSET($B328,1,$A328,ROW($A$1504)-ROW($A328)),0))","v":0},"Insumo",{"$f":"IF($A328=0,\"-\",CONCATENATE(C328&\".\",IF(AND($A$5>=2,$A328>=2),D328&\".\",\"\"),IF(AND($A$5>=3,$A328>=3),E328&\".\",\"\"),IF(AND($A$5>=4,$A328>=4),F328&\".\",\"\"),IF($A328=\"S\",G328&\".\",\"\")))","v":"4.9.1."},{"$f":"IF(NOT(ISERROR($Y328)),IF($Y328<>FALSE,INDEX(Banco,$Y328,4),\"\"),\"\")","v":"CRESS"},"Rec. Humanos","001",{"$f":"IF(NOT(ISERROR($Y328)),IF($Y328<>FALSE,INDEX(Banco,$Y328,5),\"\"),\"\")","v":"Responsável Técnica"},{"$f":"IF(NOT(ISERROR($Y328)),IF($Y328<>FALSE,INDEX(Banco,$Y328,6),\"\"),\"\")","v":"Horas"},3,{"$f":"IF(NOT(ISERROR($Y328)),IF($Y328<>FALSE,INDEX(Banco,$Y328,7),0),0)","v":150.28},"DI 1",{"$f":"IF($J328=$G$2,ROUND(ROUND($R328,2)*IF($R$9=\"Preço Unitário (R$)\",1,1+$AA328),2),0)","v":187.85},{"$f":"IF($A328=\"S\",VTOTAL1,IF($A328=0,0,ROUND(SomaAgrup,2)))","v":563.54999999999995},null,{"$f":"IF(OR($A328=0,$A328=\"S\",$A328>CFF!$A$9),\"\",MAX(W$11:OFFSET(W328,-1,0))+1)","v":""},{"$f":"IF(AND($J328=$G$2,$N328<>\"\",$M328<>\"\"),CONCATENATE($M328,\"-\",$N328))","v":"Rec. Humanos-001"},3,null,{"$f":"IF($J328=$G$2,ROUND(IF(ISNUMBER(S328),S328,IF(LEFT(S328,2)=\"DI\",HLOOKUP(S328,DADOS!$T$29:$X$30,2,FALSE),0)),4),\"\")","v":0.25}]
["S",0,4,9,0,0,2,{"$f":"IF(OR($A329=\"S\",$A329=0),0,MATCH(0,OFFSET($B329,1,$A329,ROW($A$1504)-ROW($A329)),0))","v":0},{"$f":"IF(OR($A329=\"S\",$A329=0),0,MATCH(OFFSET($B329,0,$A329)+1,OFFSET($B329,1,$A329,ROW($A$1504)-ROW($A329)),0))","v":0},"Insumo","4.9.2.","CRESS","Rec. Humanos","002","Assistente Social","Horas",2,133.81,"DI 1",167.26,334.52,null,{"$f":"IF(OR($A329=0,$A329=\"S\",$A329>CFF!$A$9),\"\",MAX(W$11:OFFSET(W329,-1,0))+1)","v":""},"Rec. Humanos-002",4,null,{"$f":"IF($J329=$G$2,ROUND(IF(ISNUMBER(S329),S329,IF(LEFT(S329,2)=\"DI\",HLOOKUP(S329,DADOS!$T$29:$X$30,2,FALSE),0)),4),\"\")","v":0.25}]
["S",0,4,9,0,0,3,{"$f":"IF(OR($A330=\"S\",$A330=0),0,MATCH(0,OFFSET($B330,1,$A330,ROW($A$1504)-ROW($A330)),0))","v":0},{"$f":"IF(OR($A330=\"S\",$A330=0),0,MATCH(OFFSET($B330,0,$A330)+1,OFFSET($B330,1,$A330,ROW($A$1504)-ROW($A330)),0))","v":0},"Insumo","4.9.3.","Cotação","Rec. Humanos","003","Administrador (Técnico de Apoio) ","Horas",2,103.65,"DI 1",129.56,259.12,null,{"$f":"IF(OR($A330=0,$A330=\"S\",$A330>CFF!$A$9),\"\",MAX(W$11:OFFSET(W330,-1,0))+1)","v":""},"Rec. Humanos-003",5,null,{"$f":"IF($J330=$G$2,ROUND(IF(ISNUMBER(S330),S330,IF(LEFT(S330,2)=\"DI\",HLOOKUP(S330,DADOS!$T$29:$X$30,2,FALSE),0)),4),\"\")","v":0.25}]
["S",0,4,9,0,0,4,{"$f":"IF(OR($A331=\"S\",$A331=0),0,MATCH(0,OFFSET($B331,1,$A331,ROW($A$1504)-ROW($A331)),0))","v":0},{"$f":"IF(OR($A331=\"S\",$A331=0),0,MATCH(OFFSET($B331,0,$A331)+1,OFFSET($B331,1,$A331,ROW($A$1504)-ROW($A331)),0))","v":0},"Insumo","4.9.4.","Cotação ","Rec. Materiais","069","KIT 01 - Material oficina de limpeza (descrição nos orçamentos e PTS)","Unidade",1,200,"DI 1",250,250,null,{"$f":"IF(OR($A331=0,$A331=\"S\",$A331>CFF!$A$9),\"\",MAX(W$11:OFFSET(W331,-1,0))+1)","v":""},"Rec. Materiais-069",78,null,{"$f":"IF($J331=$G$2,ROUND(IF(ISNUMBER(S331),S331,IF(LEFT(S331,2)=\"DI\",HLOOKUP(S331,DADOS!$T$29:$X$30,2,FALSE),0)),4),\"\")","v":0.25}]
["S",0,{"$f":"IF($A332=1,OFFSET(C332,-1,0)+1,OFFSET(C332,-1,0))","v":4},{"$f":"IF($A332=1,0,IF($A332=2,OFFSET(D332,-1,0)+1,OFFSET(D332,-1,0)))","v":9},{"$f":"IF(AND($A332<=2,$A332<>0),0,IF($A332=3,OFFSET(E332,-1,0)+1,OFFSET(E332,-1,0)))","v":0},{"$f":"IF(AND($A332<=3,$A332<>0),0,IF($A332=4,OFFSET(F332,-1,0)+1,OFFSET(F332,-1,0)))","v":0},{"$f":"IF(AND($A332<=4,$A332<>0),0,IF($A332=\"S\",OFFSET(G332,-1,0)+1,OFFSET(G332,-1,0)))","v":5},{"$f":"IF(OR($A332=\"S\",$A332=0),0,MATCH(0,OFFSET($B332,1,$A332,ROW($A$1504)-ROW($A332)),0))","v":0},{"$f":"IF(OR($A332=\"S\",$A332=0),0,MATCH(OFFSET($B332,0,$A332)+1,OFFSET($B332,1,$A332,ROW($A$1504)-ROW($A332)),0))","v":0},"Insumo",{"$f":"IF($A332=0,\"-\",CONCATENATE(C332&\".\",IF(AND($A$5>=2,$A332>=2),D332&\".\",\"\"),IF(AND($A$5>=3,$A332>=3),E332&\".\",\"\"),IF(AND($A$5>=4,$A332>=4),F332&\".\",\"\"),IF($A332=\"S\",G332&\".\",\"\")))","v":"4.9.5."},{"$f":"IF(NOT(ISERROR($Y332)),IF($Y332<>FALSE,INDEX(Banco,$Y332,4),\"\"),\"\")","v":"Cotação"},"Rec. Materiais","070",{"$f":"IF(NOT(ISERROR($Y332)),IF($Y332<>FALSE,INDEX(Banco,$Y332,5),\"\"),\"\")","v":"KIT 02 - Vasilhame p/ oficina de limpeza (descrição nos orçamentos e PTS) "},{"$f":"IF(NOT(ISERROR($Y332)),IF($Y332<>FALSE,INDEX(Banco,$Y332,6),\"\"),\"\")","v":"Unidade"},1,{"$f":"IF(NOT(ISERROR($Y332)),IF($Y332<>FALSE,INDEX(Banco,$Y332,7),0),0)","v":150},"DI 1",{"$f":"IF($J332=$G$2,ROUND(ROUND($R332,2)*IF($R$9=\"Preço Unitário (R$)\",1,1+$AA332),2),0)","v":187.5},{"$f":"IF($A332=\"S\",VTOTAL1,IF($A332=0,0,ROUND(SomaAgrup,2)))","v":187.5},null,{"$f":"IF(OR($A332=0,$A332=\"S\",$A332>CFF!$A$9),\"\",MAX(W$11:OFFSET(W332,-1,0))+1)","v":""},{"$f":"IF(AND($J332=$G$2,$N332<>\"\",$M332<>\"\"),CONCATENATE($M332,\"-\",$N332))","v":"Rec. Materiais-070"},79,null,{"$f":"IF($J332=$G$2,ROUND(IF(ISNUMBER(S332),S332,IF(LEFT(S332,2)=\"DI\",HLOOKUP(S332,DADOS!$T$29:$X$30,2,FALSE),0)),4),\"\")","v":0.25}]
["S",0,{"$f":"IF($A333=1,OFFSET(C333,-1,0)+1,OFFSET(C333,-1,0))","v":4},{"$f":"IF($A333=1,0,IF($A333=2,OFFSET(D333,-1,0)+1,OFFSET(D333,-1,0)))","v":9},{"$f":"IF(AND($A333<=2,$A333<>0),0,IF($A333=3,OFFSET(E333,-1,0)+1,OFFSET(E333,-1,0)))","v":0},{"$f":"IF(AND($A333<=3,$A333<>0),0,IF($A333=4,OFFSET(F333,-1,0)+1,OFFSET(F333,-1,0)))","v":0},{"$f":"IF(AND($A333<=4,$A333<>0),0,IF($A333=\"S\",OFFSET(G333,-1,0)+1,OFFSET(G333,-1,0)))","v":6},{"$f":"IF(OR($A333=\"S\",$A333=0),0,MATCH(0,OFFSET($B333,1,$A333,ROW($A$1504)-ROW($A333)),0))","v":0},{"$f":"IF(OR($A333=\"S\",$A333=0),0,MATCH(OFFSET($B333,0,$A333)+1,OFFSET($B333,1,$A333,ROW($A$1504)-ROW($A333)),0))","v":0},"Insumo",{"$f":"IF($A333=0,\"-\",CONCATENATE(C333&\".\",IF(AND($A$5>=2,$A333>=2),D333&\".\",\"\"),IF(AND($A$5>=3,$A333>=3),E333&\".\",\"\"),IF(AND($A$5>=4,$A333>=4),F333&\".\",\"\"),IF($A333=\"S\",G333&\".\",\"\")))","v":"4.9.6."},{"$f":"IF(NOT(ISERROR($Y333)),IF($Y333<>FALSE,INDEX(Banco,$Y333,4),\"\"),\"\")","v":"CRBio"},"Serv. Terc.","068",{"$f":"IF(NOT(ISERROR($Y333)),IF($Y333<>FALSE,INDEX(Banco,$Y333,5),\"\"),\"\")","v":"Biólogo (Instrutor)"},{"$f":"IF(NOT(ISERROR($Y333)),IF($Y333<>FALSE,INDEX(Banco,$Y333,6),\"\"),\"\")","v":"Horas"},6,{"$f":"IF(NOT(ISERROR($Y333)),IF($Y333<>FALSE,INDEX(Banco,$Y333,7),0),0)","v":100.72},"DI 1",{"$f":"IF($J333=$G$2,ROUND(ROUND($R333,2)*IF($R$9=\"Preço Unitário (R$)\",1,1+$AA333),2),0)","v":125.9},{"$f":"IF($A333=\"S\",VTOTAL1,IF($A333=0,0,ROUND(SomaAgrup,2)))","v":755.4},null,{"$f":"IF(OR($A333=0,$A333=\"S\",$A333>CFF!$A$9),\"\",MAX(W$11:OFFSET(W333,-1,0))+1)","v":""},{"$f":"IF(AND($J333=$G$2,$N333<>\"\",$M333<>\"\"),CONCATENATE($M333,\"-\",$N333))","v":"Serv. Terc.-068"},148,null,{"$f":"IF($J333=$G$2,ROUND(IF(ISNUMBER(S333),S333,IF(LEFT(S333,2)=\"DI\",HLOOKUP(S333,DADOS!$T$29:$X$30,2,FALSE),0)),4),\"\")","v":0.25}]
["S",0,4,9,0,0,7,{"$f":"IF(OR($A334=\"S\",$A334=0),0,MATCH(0,OFFSET($B334,1,$A334,ROW($A$1504)-ROW($A334)),0))","v":0},{"$f":"IF(OR($A334=\"S\",$A334=0),0,MATCH(OFFSET($B334,0,$A334)+1,OFFSET($B334,1,$A334,ROW($A$1504)-ROW($A334)),0))","v":0},"Insumo","4.9.7.","Cotação","Serv. Terc.","015","Coffee break (salgados)","Centro",3,65,"DI 1",81.25,243.75,null,{"$f":"IF(OR($A334=0,$A334=\"S\",$A334>CFF!$A$9),\"\",MAX(W$11:OFFSET(W334,-1,0))+1)","v":""},"Serv. Terc.-015",95,null,{"$f":"IF($J334=$G$2,ROUND(IF(ISNUMBER(S334),S334,IF(LEFT(S334,2)=\"DI\",HLOOKUP(S334,DADOS!$T$29:$X$30,2,FALSE),0)),4),\"\")","v":0.25}]
["S",0,{"$f":"IF($A335=1,OFFSET(C335,-1,0)+1,OFFSET(C335,-1,0))","v":4},{"$f":"IF($A335=1,0,IF($A335=2,OFFSET(D335,-1,0)+1,OFFSET(D335,-1,0)))","v":9},{"$f":"IF(AND($A335<=2,$A335<>0),0,IF($A335=3,OFFSET(E335,-1,0)+1,OFFSET(E335,-1,0)))","v":0},{"$f":"IF(AND($A335<=3,$A335<>0),0,IF($A335=4,OFFSET(F335,-1,0)+1,OFFSET(F335,-1,0)))","v":0},{"$f":"IF(AND($A335<=4,$A335<>0),0,IF($A335=\"S\",OFFSET(G335,-1,0)+1,OFFSET(G335,-1,0)))","v":8},{"$f":"IF(OR($A335=\"S\",$A335=0),0,MATCH(0,OFFSET($B335,1,$A335,ROW($A$1504)-ROW($A335)),0))","v":0},{"$f":"IF(OR($A335=\"S\",$A335=0),0,MATCH(OFFSET($B335,0,$A335)+1,OFFSET($B335,1,$A335,ROW($A$1504)-ROW($A335)),0))","v":0},"Insumo",{"$f":"IF($A335=0,\"-\",CONCATENATE(C335&\".\",IF(AND($A$5>=2,$A335>=2),D335&\".\",\"\"),IF(AND($A$5>=3,$A335>=3),E335&\".\",\"\"),IF(AND($A$5>=4,$A335>=4),F335&\".\",\"\"),IF($A335=\"S\",G335&\".\",\"\")))","v":"4.9.8."},{"$f":"IF(NOT(ISERROR($Y335)),IF($Y335<>FALSE,INDEX(Banco,$Y335,4),\"\"),\"\")","v":"Cotação"},"Serv. Terc.","027",{"$f":"IF(NOT(ISERROR($Y335)),IF($Y335<>FALSE,INDEX(Banco,$Y335,5),\"\"),\"\")","v":"Refrigerantes (02 litros) "},{"$f":"IF(NOT(ISERROR($Y335)),IF($Y335<>FALSE,INDEX(Banco,$Y335,6),\"\"),\"\")","v":"Unidade"},4,{"$f":"IF(NOT(ISERROR($Y335)),IF($Y335<>FALSE,INDEX(Banco,$Y335,7),0),0)","v":6},"DI 1",{"$f":"IF($J335=$G$2,ROUND(ROUND($R335,2)*IF($R$9=\"Preço Unitário (R$)\",1,1+$AA335),2),0)","v":7.5},{"$f":"IF($A335=\"S\",VTOTAL1,IF($A335=0,0,ROUND(SomaAgrup,2)))","v":30},null,{"$f":"IF(OR($A335=0,$A335=\"S\",$A335>CFF!$A$9),\"\",MAX(W$11:OFFSET(W335,-1,0))+1)","v":""},{"$f":"IF(AND($J335=$G$2,$N335<>\"\",$M335<>\"\"),CONCATENATE($M335,\"-\",$N335))","v":"Serv. Terc.-027"},107,null,{"$f":"IF($J335=$G$2,ROUND(IF(ISNUMBER(S335),S335,IF(LEFT(S335,2)=\"DI\",HLOOKUP(S335,DADOS!$T$29:$X$30,2,FALSE),0)),4),\"\")","v":0.25}]
["S",0,4,9,0,0,9,{"$f":"IF(OR($A336=\"S\",$A336=0),0,MATCH(0,OFFSET($B336,1,$A336,ROW($A$1504)-ROW($A336)),0))","v":0},{"$f":"IF(OR($A336=\"S\",$A336=0),0,MATCH(OFFSET($B336,0,$A336)+1,OFFSET($B336,1,$A336,ROW($A$1504)-ROW($A336)),0))","v":0},"Insumo","4.9.9.","Cotação ","Serv. Terc.","011","Barra de gelo","Unidade",1,12,"DI 1",15,15,null,{"$f":"IF(OR($A336=0,$A336=\"S\",$A336>CFF!$A$9),\"\",MAX(W$11:OFFSET(W336,-1,0))+1)","v":""},"Serv. Terc.-011",91,null,{"$f":"IF($J336=$G$2,ROUND(IF(ISNUMBER(S336),S336,IF(LEFT(S336,2)=\"DI\",HLOOKUP(S336,DADOS!$T$29:$X$30,2,FALSE),0)),4),\"\")","v":0.25}]
["S",0,4,9,0,0,10,{"$f":"IF(OR($A337=\"S\",$A337=0),0,MATCH(0,OFFSET($B337,1,$A337,ROW($A$1504)-ROW($A337)),0))","v":0},{"$f":"IF(OR($A337=\"S\",$A337=0),0,MATCH(OFFSET($B337,0,$A337)+1,OFFSET($B337,1,$A337,ROW($A$1504)-ROW($A337)),0))","v":0},"Insumo","4.9.10.","Cotação","Serv. Terc.","005","Locação de caixa térmica","Unidade",1,40,"DI 1",50,50,null,{"$f":"IF(OR($A337=0,$A337=\"S\",$A337>CFF!$A$9),\"\",MAX(W$11:OFFSET(W337,-1,0))+1)","v":""},"Serv. Terc.-005",85,null,{"$f":"IF($J337=$G$2,ROUND(IF(ISNUMBER(S337),S337,IF(LEFT(S337,2)=\"DI\",HLOOKUP(S337,DADOS!$T$29:$X$30,2,FALSE),0)),4),\"\")","v":0.25}]
[1,71,{"$f":"IF($A338=1,OFFSET(C338,-1,0)+1,OFFSET(C338,-1,0))","v":5},{"$f":"IF($A338=1,0,IF($A338=2,OFFSET(D338,-1,0)+1,OFFSET(D338,-1,0)))","v":0},{"$f":"IF(AND($A338<=2,$A338<>0),0,IF($A338=3,OFFSET(E338,-1,0)+1,OFFSET(E338,-1,0)))","v":0},{"$f":"IF(AND($A338<=3,$A338<>0),0,IF($A338=4,OFFSET(F338,-1,0)+1,OFFSET(F338,-1,0)))","v":0},{"$f":"IF(AND($A338<=4,$A338<>0),0,IF($A338=\"S\",OFFSET(G338,-1,0)+1,OFFSET(G338,-1,0)))","v":0},{"$f":"IF(OR($A338=\"S\",$A338=0),0,MATCH(0,OFFSET($B338,1,$A338,ROW($A$1504)-ROW($A338)),0))","v":1166},{"$f":"IF(OR($A338=\"S\",$A338=0),0,MATCH(OFFSET($B338,0,$A338)+1,OFFSET($B338,1,$A338,ROW($A$1504)-ROW($A338)),0))","v":71},"Ação",{"$f":"IF($A338=0,\"-\",CONCATENATE(C338&\".\",IF(AND($A$5>=2,$A338>=2),D338&\".\",\"\"),IF(AND($A$5>=3,$A338>=3),E338&\".\",\"\"),IF(AND($A$5>=4,$A338>=4),F338&\".\",\"\"),IF($A338=\"S\",G338&\".\",\"\")))","v":"5."},{"$f":"IF(NOT(ISERROR($Y338)),IF($Y338<>FALSE,INDEX(Banco,$Y338,4),\"\"),\"\")","v":""},null,null,"MÊS 05 - INFORMAÇÕES/PALESTRAS",{"$f":"IF(NOT(ISERROR($Y338)),IF($Y338<>FALSE,INDEX(Banco,$Y338,6),\"\"),\"\")","v":""},null,{"$f":"IF(NOT(ISERROR($Y338)),IF($Y338<>FALSE,INDEX(Banco,$Y338,7),0),0)","v":0},"DI 1",{"$f":"IF($J338=$G$2,ROUND(ROUND($R338,2)*IF($R$9=\"Preço Unitário (R$)\",1,1+$AA338),2),0)","v":0},{"$f":"IF($A338=\"S\",VTOTAL1,IF($A338=0,0,ROUND(SomaAgrup,2)))","v":34594.32},null,{"$f":"IF(OR($A338=0,$A338=\"S\",$A338>CFF!$A$9),\"\",MAX(W$11:OFFSET(W338,-1,0))+1)","v":27},{"$f":"IF(AND($J338=$G$2,$N338<>\"\",$M338<>\"\"),CONCATENATE($M338,\"-\",$N338))","v":false},false,null,{"$f":"IF($J338=$G$2,ROUND(IF(ISNUMBER(S338),S338,IF(LEFT(S338,2)=\"DI\",HLOOKUP(S338,DADOS!$T$29:$X$30,2,FALSE),0)),4),\"\")","v":""}]
[{"$f":"CHOOSE(1+LOG(1+2*(J339=$C$2)+4*(J339=$D$2)+8*(J339=$E$2)+16*(J339=$F$2)+32*(J339=$G$2),2),0,1,2,3,4,\"S\")","v":2},{"$f":"IF(OR(A339=\"S\",A339=0),0,IF(ISERROR(I339),H339,SMALL(H339:I339,1)))","v":26},{"$f":"IF($A339=1,OFFSET(C339,-1,0)+1,OFFSET(C339,-1,0))","v":5},{"$f":"IF($A339=1,0,IF($A339=2,OFFSET(D339,-1,0)+1,OFFSET(D339,-1,0)))","v":1},{"$f":"IF(AND($A339<=2,$A339<>0),0,IF($A339=3,OFFSET(E339,-1,0)+1,OFFSET(E339,-1,0)))","v":0},{"$f":"IF(AND($A339<=3,$A339<>0),0,IF($A339=4,OFFSET(F339,-1,0)+1,OFFSET(F339,-1,0)))","v":0},{"$f":"IF(AND($A339<=4,$A339<>0),0,IF($A339=\"S\",OFFSET(G339,-1,0)+1,OFFSET(G339,-1,0)))","v":0},{"$f":"IF(OR($A339=\"S\",$A339=0),0,MATCH(0,OFFSET($B339,1,$A339,ROW($A$1504)-ROW($A339)),0))","v":70},{"$f":"IF(OR($A339=\"S\",$A339=0),0,MATCH(OFFSET($B339,0,$A339)+1,OFFSET($B339,1,$A339,ROW($A$1504)-ROW($A339)),0))","v":26},"AtivNível 1",{"$f":"IF($A339=0,\"-\",CONCATENATE(C339&\".\",IF(AND($A$5>=2,$A339>=2),D339&\".\",\"\"),IF(AND($A$5>=3,$A339>=3),E339&\".\",\"\"),IF(AND($A$5>=4,$A339>=4),F339&\".\",\"\"),IF($A339=\"S\",G339&\".\",\"\")))","v":"5.1."},{"$f":"IF(NOT(ISERROR($Y339)),IF($Y339<>FALSE,INDEX(Banco,$Y339,4),\"\"),\"\")","v":""},null,null,"Atividade 23 -Segurança pública e cibernética tecnologia, educação, brincar, estudar e navegar com segurança na internet e fazer boletim de ocorrência região Parque São João",{"$f":"IF(NOT(ISERROR($Y339)),IF($Y339<>FALSE,INDEX(Banco,$Y339,6),\"\"),\"\")","v":""},null,{"$f":"IF(NOT(ISERROR($Y339)),IF($Y339<>FALSE,INDEX(Banco,$Y339,7),0),0)","v":0},"DI 1",{"$f":"IF($J339=$G$2,ROUND(ROUND($R339,2)*IF($R$9=\"Preço Unitário (R$)\",1,1+$AA339),2),0)","v":0},{"$f":"IF($A339=\"S\",VTOTAL1,IF($A339=0,0,ROUND(SomaAgrup,2)))","v":13709.78},null,{"$f":"IF(OR($A339=0,$A339=\"S\",$A339>CFF!$A$9),\"\",MAX(W$11:OFFSET(W339,-1,0))+1)","v":28},{"$f":"IF(AND($J339=$G$2,$N339<>\"\",$M339<>\"\"),CONCATENATE($M339,\"-\",$N339))","v":false},{"$f":"IF(X339<>FALSE,MATCH(X339,OFFSET(Banco,0,0,,1),0))","v":false},null,{"$f":"IF($J339=$G$2,ROUND(IF(ISNUMBER(S339),S339,IF(LEFT(S339,2)=\"DI\",HLOOKUP(S339,DADOS!$T$29:$X$30,2,FALSE),0)),4),\"\")","v":""}]
[{"$f":"CHOOSE(1+LOG(1+2*(J340=$C$2)+4*(J340=$D$2)+8*(J340=$E$2)+16*(J340=$F$2)+32*(J340=$G$2),2),0,1,2,3,4,\"S\")","v":"S"},{"$f":"IF(OR(A340=\"S\",A340=0),0,IF(ISERROR(I340),H340,SMALL(H340:I340,1)))","v":0},{"$f":"IF($A340=1,OFFSET(C340,-1,0)+1,OFFSET(C340,-1,0))","v":5},{"$f":"IF($A340=1,0,IF($A340=2,OFFSET(D340,-1,0)+1,OFFSET(D340,-1,0)))","v":1},{"$f":"IF(AND($A340<=2,$A340<>0),0,IF($A340=3,OFFSET(E340,-1,0)+1,OFFSET(E340,-1,0)))","v":0},{"$f":"IF(AND($A340<=3,$A340<>0),0,IF($A340=4,OFFSET(F340,-1,0)+1,OFFSET(F340,-1,0)))","v":0},{"$f":"IF(AND($A340<=4,$A340<>0),0,IF($A340=\"S\",OFFSET(G340,-1,0)+1,OFFSET(G340,-1,0)))","v":1},{"$f":"IF(OR($A340=\"S\",$A340=0),0,MATCH(0,OFFSET($B340,1,$A340,ROW($A$1504)-ROW($A340)),0))","v":0},{"$f":"IF(OR($A340=\"S\",$A340=0),0,MATCH(OFFSET($B340,0,$A340)+1,OFFSET($B340,1,$A340,ROW($A$1504)-ROW($A340)),0))","v":0},"Insumo",{"$f":"IF($A340=0,\"-\",CONCATENATE(C340&\".\",IF(AND($A$5>=2,$A340>=2),D340&\".\",\"\"),IF(AND($A$5>=3,$A340>=3),E340&\".\",\"\"),IF(AND($A$5>=4,$A340>=4),F340&\".\",\"\"),IF($A340=\"S\",G340&\".\",\"\")))","v":"5.1.1."},{"$f":"IF(NOT(ISERROR($Y340)),IF($Y340<>FALSE,INDEX(Banco,$Y340,4),\"\"),\"\")","v":"CRESS"},"Rec. Humanos","001",{"$f":"IF(NOT(ISERROR($Y340)),IF($Y340<>FALSE,INDEX(Banco,$Y340,5),\"\"),\"\")","v":"Responsável Técnica"},{"$f":"IF(NOT(ISERROR($Y340)),IF($Y340<>FALSE,INDEX(Banco,$Y340,6),\"\"),\"\")","v":"Horas"},8,{"$f":"IF(NOT(ISERROR($Y340)),IF($Y340<>FALSE,INDEX(Banco,$Y340,7),0),0)","v":150.28},"DI 1",{"$f":"IF($J340=$G$2,ROUND(ROUND($R340,2)*IF($R$9=\"Preço Unitário (R$)\",1,1+$AA340),2),0)","v":187.85},{"$f":"IF($A340=\"S\",VTOTAL1,IF($A340=0,0,ROUND(SomaAgrup,2)))","v":1502.8},null,{"$f":"IF(OR($A340=0,$A340=\"S\",$A340>CFF!$A$9),\"\",MAX(W$11:OFFSET(W340,-1,0))+1)","v":""},{"$f":"IF(AND($J340=$G$2,$N340<>\"\",$M340<>\"\"),CONCATENATE($M340,\"-\",$N340))","v":"Rec. Humanos-001"},{"$f":"IF(X340<>FALSE,MATCH(X340,OFFSET(Banco,0,0,,1),0))","v":3},null,{"$f":"IF($J340=$G$2,ROUND(IF(ISNUMBER(S340),S340,IF(LEFT(S340,2)=\"DI\",HLOOKUP(S340,DADOS!$T$29:$X$30,2,FALSE),0)),4),\"\")","v":0.25}]
["S",0,5,1,0,0,2,{"$f":"IF(OR($A341=\"S\",$A341=0),0,MATCH(0,OFFSET($B341,1,$A341,ROW($A$1504)-ROW($A341)),0))","v":0},{"$f":"IF(OR($A341=\"S\",$A341=0),0,MATCH(OFFSET($B341,0,$A341)+1,OFFSET($B341,1,$A341,ROW($A$1504)-ROW($A341)),0))","v":0},"Insumo","5.1.2.","CRESS","Rec. Humanos","002",{"$f":"IF(NOT(ISERROR($Y341)),IF($Y341<>FALSE,INDEX(Banco,$Y341,5),\"\"),\"\")","v":"Assistente Social"},"Horas",4,133.81,"DI 1",167.26,669.04,null,{"$f":"IF(OR($A341=0,$A341=\"S\",$A341>CFF!$A$9),\"\",MAX(W$11:OFFSET(W341,-1,0))+1)","v":""},"Rec. Humanos-002",4,null,{"$f":"IF($J341=$G$2,ROUND(IF(ISNUMBER(S341),S341,IF(LEFT(S341,2)=\"DI\",HLOOKUP(S341,DADOS!$T$29:$X$30,2,FALSE),0)),4),\"\")","v":0.25}]
["S",0,5,1,0,0,3,{"$f":"IF(OR($A342=\"S\",$A342=0),0,MATCH(0,OFFSET($B342,1,$A342,ROW($A$1504)-ROW($A342)),0))","v":0},{"$f":"IF(OR($A342=\"S\",$A342=0),0,MATCH(OFFSET($B342,0,$A342)+1,OFFSET($B342,1,$A342,ROW($A$1504)-ROW($A342)),0))","v":0},"Insumo","5.1.3.","Cotação","Rec. Humanos","003",{"$f":"IF(NOT(ISERROR($Y342)),IF($Y342<>FALSE,INDEX(Banco,$Y342,5),\"\"),\"\")","v":"Administrador (Técnico de Apoio) "},"Horas",4,103.65,"DI 1",129.56,518.24,null,{"$f":"IF(OR($A342=0,$A342=\"S\",$A342>CFF!$A$9),\"\",MAX(W$11:OFFSET(W342,-1,0))+1)","v":""},"Rec. Humanos-003",5,null,{"$f":"IF($J342=$G$2,ROUND(IF(ISNUMBER(S342),S342,IF(LEFT(S342,2)=\"DI\",HLOOKUP(S342,DADOS!$T$29:$X$30,2,FALSE),0)),4),\"\")","v":0.25}]
["S",0,5,1,0,0,4,{"$f":"IF(OR($A343=\"S\",$A343=0),0,MATCH(0,OFFSET($B343,1,$A343,ROW($A$1504)-ROW($A343)),0))","v":0},{"$f":"IF(OR($A343=\"S\",$A343=0),0,MATCH(OFFSET($B343,0,$A343)+1,OFFSET($B343,1,$A343,ROW($A$1504)-ROW($A343)),0))","v":0},"Insumo","5.1.4.","SINE","Rec. Humanos","004",{"$f":"IF(NOT(ISERROR($Y343)),IF($Y343<>FALSE,INDEX(Banco,$Y343,5),\"\"),\"\")","v":"Estagiários"},"Horas",16,9.7899999999999991,"DI 1",12.24,195.84,null,{"$f":"IF(OR($A343=0,$A343=\"S\",$A343>CFF!$A$9),\"\",MAX(W$11:OFFSET(W343,-1,0))+1)","v":""},"Rec. Humanos-004",6,null,{"$f":"IF($J343=$G$2,ROUND(IF(ISNUMBER(S343),S343,IF(LEFT(S343,2)=\"DI\",HLOOKUP(S343,DADOS!$T$29:$X$30,2,FALSE),0)),4),\"\")","v":0.25}]
["S",0,5,1,0,0,5,{"$f":"IF(OR($A344=\"S\",$A344=0),0,MATCH(0,OFFSET($B344,1,$A344,ROW($A$1504)-ROW($A344)),0))","v":0},{"$f":"IF(OR($A344=\"S\",$A344=0),0,MATCH(OFFSET($B344,0,$A344)+1,OFFSET($B344,1,$A344,ROW($A$1504)-ROW($A344)),0))","v":0},"Insumo","5.1.5.","Cotação","Serv. Terc.","001",{"$f":"IF(NOT(ISERROR($Y344)),IF($Y344<>FALSE,INDEX(Banco,$Y344,5),\"\"),\"\")","v":"Fotocópias"},"Unidade",200,0.3,"DI 1",0.38,76,null,{"$f":"IF(OR($A344=0,$A344=\"S\",$A344>CFF!$A$9),\"\",MAX(W$11:OFFSET(W344,-1,0))+1)","v":""},"Serv. Terc.-001",81,null,{"$f":"IF($J344=$G$2,ROUND(IF(ISNUMBER(S344),S344,IF(LEFT(S344,2)=\"DI\",HLOOKUP(S344,DADOS!$T$29:$X$30,2,FALSE),0)),4),\"\")","v":0.25}]
[{"$f":"CHOOSE(1+LOG(1+2*(J345=$C$2)+4*(J345=$D$2)+8*(J345=$E$2)+16*(J345=$F$2)+32*(J345=$G$2),2),0,1,2,3,4,\"S\")","v":"S"},{"$f":"IF(OR(A345=\"S\",A345=0),0,IF(ISERROR(I345),H345,SMALL(H345:I345,1)))","v":0},{"$f":"IF($A345=1,OFFSET(C345,-1,0)+1,OFFSET(C345,-1,0))","v":5},{"$f":"IF($A345=1,0,IF($A345=2,OFFSET(D345,-1,0)+1,OFFSET(D345,-1,0)))","v":1},{"$f":"IF(AND($A345<=2,$A345<>0),0,IF($A345=3,OFFSET(E345,-1,0)+1,OFFSET(E345,-1,0)))","v":0},{"$f":"IF(AND($A345<=3,$A345<>0),0,IF($A345=4,OFFSET(F345,-1,0)+1,OFFSET(F345,-1,0)))","v":0},{"$f":"IF(AND($A345<=4,$A345<>0),0,IF($A345=\"S\",OFFSET(G345,-1,0)+1,OFFSET(G345,-1,0)))","v":6},{"$f":"IF(OR($A345=\"S\",$A345=0),0,MATCH(0,OFFSET($B345,1,$A345,ROW($A$1504)-ROW($A345)),0))","v":0},{"$f":"IF(OR($A345=\"S\",$A345=0),0,MATCH(OFFSET($B345,0,$A345)+1,OFFSET($B345,1,$A345,ROW($A$1504)-ROW($A345)),0))","v":0},"Insumo",{"$f":"IF($A345=0,\"-\",CONCATENATE(C345&\".\",IF(AND($A$5>=2,$A345>=2),D345&\".\",\"\"),IF(AND($A$5>=3,$A345>=3),E345&\".\",\"\"),IF(AND($A$5>=4,$A345>=4),F345&\".\",\"\"),IF($A345=\"S\",G345&\".\",\"\")))","v":"5.1.6."},{"$f":"IF(NOT(ISERROR($Y345)),IF($Y345<>FALSE,INDEX(Banco,$Y345,4),\"\"),\"\")","v":"Cotação"},"Serv. Terc.","017",{"$f":"IF(NOT(ISERROR($Y345)),IF($Y345<>FALSE,INDEX(Banco,$Y345,5),\"\"),\"\")","v":"Instrutor/Monitor (Educação Fisíca)"},{"$f":"IF(NOT(ISERROR($Y345)),IF($Y345<>FALSE,INDEX(Banco,$Y345,6),\"\"),\"\")","v":"Horas"},3,{"$f":"IF(NOT(ISERROR($Y345)),IF($Y345<>FALSE,INDEX(Banco,$Y345,7),0),0)","v":100},"DI 1",{"$f":"IF($J345=$G$2,ROUND(ROUND($R345,2)*IF($R$9=\"Preço Unitário (R$)\",1,1+$AA345),2),0)","v":125},{"$f":"IF($A345=\"S\",VTOTAL1,IF($A345=0,0,ROUND(SomaAgrup,2)))","v":375},null,{"$f":"IF(OR($A345=0,$A345=\"S\",$A345>CFF!$A$9),\"\",MAX(W$11:OFFSET(W345,-1,0))+1)","v":""},{"$f":"IF(AND($J345=$G$2,$N345<>\"\",$M345<>\"\"),CONCATENATE($M345,\"-\",$N345))","v":"Serv. Terc.-017"},{"$f":"IF(X345<>FALSE,MATCH(X345,OFFSET(Banco,0,0,,1),0))","v":97},null,{"$f":"IF($J345=$G$2,ROUND(IF(ISNUMBER(S345),S345,IF(LEFT(S345,2)=\"DI\",HLOOKUP(S345,DADOS!$T$29:$X$30,2,FALSE),0)),4),\"\")","v":0.25}]
["S",0,5,1,0,0,7,{"$f":"IF(OR($A346=\"S\",$A346=0),0,MATCH(0,OFFSET($B346,1,$A346,ROW($A$1504)-ROW($A346)),0))","v":0},{"$f":"IF(OR($A346=\"S\",$A346=0),0,MATCH(OFFSET($B346,0,$A346)+1,OFFSET($B346,1,$A346,ROW($A$1504)-ROW($A346)),0))","v":0},"Insumo","5.1.7.","Cotação","Serv. Terc.","002",{"$f":"IF(NOT(ISERROR($Y346)),IF($Y346<>FALSE,INDEX(Banco,$Y346,5),\"\"),\"\")","v":"Carro de som com gravação de vinheta"},"Horas",6,200,"DI 1",250,1500,null,{"$f":"IF(OR($A346=0,$A346=\"S\",$A346>CFF!$A$9),\"\",MAX(W$11:OFFSET(W346,-1,0))+1)","v":""},"Serv. Terc.-002",82,null,{"$f":"IF($J346=$G$2,ROUND(IF(ISNUMBER(S346),S346,IF(LEFT(S346,2)=\"DI\",HLOOKUP(S346,DADOS!$T$29:$X$30,2,FALSE),0)),4),\"\")","v":0.25}]
[{"$f":"CHOOSE(1+LOG(1+2*(J347=$C$2)+4*(J347=$D$2)+8*(J347=$E$2)+16*(J347=$F$2)+32*(J347=$G$2),2),0,1,2,3,4,\"S\")","v":"S"},{"$f":"IF(OR(A347=\"S\",A347=0),0,IF(ISERROR(I347),H347,SMALL(H347:I347,1)))","v":0},{"$f":"IF($A347=1,OFFSET(C347,-1,0)+1,OFFSET(C347,-1,0))","v":5},{"$f":"IF($A347=1,0,IF($A347=2,OFFSET(D347,-1,0)+1,OFFSET(D347,-1,0)))","v":1},{"$f":"IF(AND($A347<=2,$A347<>0),0,IF($A347=3,OFFSET(E347,-1,0)+1,OFFSET(E347,-1,0)))","v":0},{"$f":"IF(AND($A347<=3,$A347<>0),0,IF($A347=4,OFFSET(F347,-1,0)+1,OFFSET(F347,-1,0)))","v":0},{"$f":"IF(AND($A347<=4,$A347<>0),0,IF($A347=\"S\",OFFSET(G347,-1,0)+1,OFFSET(G347,-1,0)))","v":8},{"$f":"IF(OR($A347=\"S\",$A347=0),0,MATCH(0,OFFSET($B347,1,$A347,ROW($A$1504)-ROW($A347)),0))","v":0},{"$f":"IF(OR($A347=\"S\",$A347=0),0,MATCH(OFFSET($B347,0,$A347)+1,OFFSET($B347,1,$A347,ROW($A$1504)-ROW($A347)),0))","v":0},"Insumo",{"$f":"IF($A347=0,\"-\",CONCATENATE(C347&\".\",IF(AND($A$5>=2,$A347>=2),D347&\".\",\"\"),IF(AND($A$5>=3,$A347>=3),E347&\".\",\"\"),IF(AND($A$5>=4,$A347>=4),F347&\".\",\"\"),IF($A347=\"S\",G347&\".\",\"\")))","v":"5.1.8."},{"$f":"IF(NOT(ISERROR($Y347)),IF($Y347<>FALSE,INDEX(Banco,$Y347,4),\"\"),\"\")","v":"Cotação"},"Serv. Terc.","003","Locação de mesas",{"$f":"IF(NOT(ISERROR($Y347)),IF($Y347<>FALSE,INDEX(Banco,$Y347,6),\"\"),\"\")","v":"Unidade"},20,{"$f":"IF(NOT(ISERROR($Y347)),IF($Y347<>FALSE,INDEX(Banco,$Y347,7),0),0)","v":3},"DI 1",{"$f":"IF($J347=$G$2,ROUND(ROUND($R347,2)*IF($R$9=\"Preço Unitário (R$)\",1,1+$AA347),2),0)","v":3.75},{"$f":"IF($A347=\"S\",VTOTAL1,IF($A347=0,0,ROUND(SomaAgrup,2)))","v":75},null,{"$f":"IF(OR($A347=0,$A347=\"S\",$A347>CFF!$A$9),\"\",MAX(W$11:OFFSET(W347,-1,0))+1)","v":""},{"$f":"IF(AND($J347=$G$2,$N347<>\"\",$M347<>\"\"),CONCATENATE($M347,\"-\",$N347))","v":"Serv. Terc.-003"},{"$f":"IF(X347<>FALSE,MATCH(X347,OFFSET(Banco,0,0,,1),0))","v":83},null,{"$f":"IF($J347=$G$2,ROUND(IF(ISNUMBER(S347),S347,IF(LEFT(S347,2)=\"DI\",HLOOKUP(S347,DADOS!$T$29:$X$30,2,FALSE),0)),4),\"\")","v":0.25}]
["S",0,5,1,0,0,9,{"$f":"IF(OR($A348=\"S\",$A348=0),0,MATCH(0,OFFSET($B348,1,$A348,ROW($A$1504)-ROW($A348)),0))","v":0},{"$f":"IF(OR($A348=\"S\",$A348=0),0,MATCH(OFFSET($B348,0,$A348)+1,OFFSET($B348,1,$A348,ROW($A$1504)-ROW($A348)),0))","v":0},"Insumo","5.1.9.","Cotação","Serv. Terc.","004","Locação de cadeiras","Unidade",400,2,"DI 1",2.5,1000,null,{"$f":"IF(OR($A348=0,$A348=\"S\",$A348>CFF!$A$9),\"\",MAX(W$11:OFFSET(W348,-1,0))+1)","v":""},"Serv. Terc.-004",84,null,{"$f":"IF($J348=$G$2,ROUND(IF(ISNUMBER(S348),S348,IF(LEFT(S348,2)=\"DI\",HLOOKUP(S348,DADOS!$T$29:$X$30,2,FALSE),0)),4),\"\")","v":0.25}]
["S",0,5,1,0,0,10,{"$f":"IF(OR($A349=\"S\",$A349=0),0,MATCH(0,OFFSET($B349,1,$A349,ROW($A$1504)-ROW($A349)),0))","v":0},{"$f":"IF(OR($A349=\"S\",$A349=0),0,MATCH(OFFSET($B349,0,$A349)+1,OFFSET($B349,1,$A349,ROW($A$1504)-ROW($A349)),0))","v":0},"Insumo","5.1.10.","Cotação","Serv. Terc.","005","Locação de caixa térmica","Unidade",2,40,"DI 1",50,100,null,{"$f":"IF(OR($A349=0,$A349=\"S\",$A349>CFF!$A$9),\"\",MAX(W$11:OFFSET(W349,-1,0))+1)","v":""},"Serv. Terc.-005",85,null,{"$f":"IF($J349=$G$2,ROUND(IF(ISNUMBER(S349),S349,IF(LEFT(S349,2)=\"DI\",HLOOKUP(S349,DADOS!$T$29:$X$30,2,FALSE),0)),4),\"\")","v":0.25}]
["S",0,5,1,0,0,11,{"$f":"IF(OR($A350=\"S\",$A350=0),0,MATCH(0,OFFSET($B350,1,$A350,ROW($A$1504)-ROW($A350)),0))","v":0},{"$f":"IF(OR($A350=\"S\",$A350=0),0,MATCH(OFFSET($B350,0,$A350)+1,OFFSET($B350,1,$A350,ROW($A$1504)-ROW($A350)),0))","v":0},"Insumo","5.1.11.","Cotação","Serv. Terc.","006","Locação de tendas","Unidade",3,250,"DI 1",312.5,937.5,null,{"$f":"IF(OR($A350=0,$A350=\"S\",$A350>CFF!$A$9),\"\",MAX(W$11:OFFSET(W350,-1,0))+1)","v":""},"Serv. Terc.-006",86,null,{"$f":"IF($J350=$G$2,ROUND(IF(ISNUMBER(S350),S350,IF(LEFT(S350,2)=\"DI\",HLOOKUP(S350,DADOS!$T$29:$X$30,2,FALSE),0)),4),\"\")","v":0.25}]
["S",0,5,1,0,0,12,{"$f":"IF(OR($A351=\"S\",$A351=0),0,MATCH(0,OFFSET($B351,1,$A351,ROW($A$1504)-ROW($A351)),0))","v":0},{"$f":"IF(OR($A351=\"S\",$A351=0),0,MATCH(OFFSET($B351,0,$A351)+1,OFFSET($B351,1,$A351,ROW($A$1504)-ROW($A351)),0))","v":0},"Insumo","5.1.12.","Cotação","Serv. Terc.","008","Locação de pula-pula com monitor","Unidade",2,220,"DI 1",275,550,null,{"$f":"IF(OR($A351=0,$A351=\"S\",$A351>CFF!$A$9),\"\",MAX(W$11:OFFSET(W351,-1,0))+1)","v":""},"Serv. Terc.-008",88,null,{"$f":"IF($J351=$G$2,ROUND(IF(ISNUMBER(S351),S351,IF(LEFT(S351,2)=\"DI\",HLOOKUP(S351,DADOS!$T$29:$X$30,2,FALSE),0)),4),\"\")","v":0.25}]
["S",0,5,1,0,0,13,{"$f":"IF(OR($A352=\"S\",$A352=0),0,MATCH(0,OFFSET($B352,1,$A352,ROW($A$1504)-ROW($A352)),0))","v":0},{"$f":"IF(OR($A352=\"S\",$A352=0),0,MATCH(OFFSET($B352,0,$A352)+1,OFFSET($B352,1,$A352,ROW($A$1504)-ROW($A352)),0))","v":0},"Insumo","5.1.13.","Cotação","Serv. Terc.","012","Água (garrafão de 20 litros)","Unidade",2,10,"DI 1",12.5,25,null,{"$f":"IF(OR($A352=0,$A352=\"S\",$A352>CFF!$A$9),\"\",MAX(W$11:OFFSET(W352,-1,0))+1)","v":""},"Serv. Terc.-012",92,null,{"$f":"IF($J352=$G$2,ROUND(IF(ISNUMBER(S352),S352,IF(LEFT(S352,2)=\"DI\",HLOOKUP(S352,DADOS!$T$29:$X$30,2,FALSE),0)),4),\"\")","v":0.25}]
["S",0,5,1,0,0,14,{"$f":"IF(OR($A353=\"S\",$A353=0),0,MATCH(0,OFFSET($B353,1,$A353,ROW($A$1504)-ROW($A353)),0))","v":0},{"$f":"IF(OR($A353=\"S\",$A353=0),0,MATCH(OFFSET($B353,0,$A353)+1,OFFSET($B353,1,$A353,ROW($A$1504)-ROW($A353)),0))","v":0},"Insumo","5.1.14.","Cotação ","Serv. Terc.","011","Barra de gelo","Unidade",4,12,"DI 1",15,60,null,{"$f":"IF(OR($A353=0,$A353=\"S\",$A353>CFF!$A$9),\"\",MAX(W$11:OFFSET(W353,-1,0))+1)","v":""},"Serv. Terc.-011",91,null,{"$f":"IF($J353=$G$2,ROUND(IF(ISNUMBER(S353),S353,IF(LEFT(S353,2)=\"DI\",HLOOKUP(S353,DADOS!$T$29:$X$30,2,FALSE),0)),4),\"\")","v":0.25}]
["S",0,5,1,0,0,15,{"$f":"IF(OR($A354=\"S\",$A354=0),0,MATCH(0,OFFSET($B354,1,$A354,ROW($A$1504)-ROW($A354)),0))","v":0},{"$f":"IF(OR($A354=\"S\",$A354=0),0,MATCH(OFFSET($B354,0,$A354)+1,OFFSET($B354,1,$A354,ROW($A$1504)-ROW($A354)),0))","v":0},"Insumo","5.1.15.","Cotação","Serv. Terc.","013","Sucos","Unidade",12,6.4,"DI 1",8,96,null,{"$f":"IF(OR($A354=0,$A354=\"S\",$A354>CFF!$A$9),\"\",MAX(W$11:OFFSET(W354,-1,0))+1)","v":""},"Serv. Terc.-013",93,null,{"$f":"IF($J354=$G$2,ROUND(IF(ISNUMBER(S354),S354,IF(LEFT(S354,2)=\"DI\",HLOOKUP(S354,DADOS!$T$29:$X$30,2,FALSE),0)),4),\"\")","v":0.25}]
[{"$f":"CHOOSE(1+LOG(1+2*(J355=$C$2)+4*(J355=$D$2)+8*(J355=$E$2)+16*(J355=$F$2)+32*(J355=$G$2),2),0,1,2,3,4,\"S\")","v":"S"},{"$f":"IF(OR(A355=\"S\",A355=0),0,IF(ISERROR(I355),H355,SMALL(H355:I355,1)))","v":0},{"$f":"IF($A355=1,OFFSET(C355,-1,0)+1,OFFSET(C355,-1,0))","v":5},{"$f":"IF($A355=1,0,IF($A355=2,OFFSET(D355,-1,0)+1,OFFSET(D355,-1,0)))","v":1},{"$f":"IF(AND($A355<=2,$A355<>0),0,IF($A355=3,OFFSET(E355,-1,0)+1,OFFSET(E355,-1,0)))","v":0},{"$f":"IF(AND($A355<=3,$A355<>0),0,IF($A355=4,OFFSET(F355,-1,0)+1,OFFSET(F355,-1,0)))","v":0},{"$f":"IF(AND($A355<=4,$A355<>0),0,IF($A355=\"S\",OFFSET(G355,-1,0)+1,OFFSET(G355,-1,0)))","v":16},{"$f":"IF(OR($A355=\"S\",$A355=0),0,MATCH(0,OFFSET($B355,1,$A355,ROW($A$1504)-ROW($A355)),0))","v":0},{"$f":"IF(OR($A355=\"S\",$A355=0),0,MATCH(OFFSET($B355,0,$A355)+1,OFFSET($B355,1,$A355,ROW($A$1504)-ROW($A355)),0))","v":0},"Insumo",{"$f":"IF($A355=0,\"-\",CONCATENATE(C355&\".\",IF(AND($A$5>=2,$A355>=2),D355&\".\",\"\"),IF(AND($A$5>=3,$A355>=3),E355&\".\",\"\"),IF(AND($A$5>=4,$A355>=4),F355&\".\",\"\"),IF($A355=\"S\",G355&\".\",\"\")))","v":"5.1.16."},{"$f":"IF(NOT(ISERROR($Y355)),IF($Y355<>FALSE,INDEX(Banco,$Y355,4),\"\"),\"\")","v":"Cotação"},"Serv. Terc.","027",{"$f":"IF(NOT(ISERROR($Y355)),IF($Y355<>FALSE,INDEX(Banco,$Y355,5),\"\"),\"\")","v":"Refrigerantes (02 litros) "},{"$f":"IF(NOT(ISERROR($Y355)),IF($Y355<>FALSE,INDEX(Banco,$Y355,6),\"\"),\"\")","v":"Unidade"},20,{"$f":"IF(NOT(ISERROR($Y355)),IF($Y355<>FALSE,INDEX(Banco,$Y355,7),0),0)","v":6},"DI 1",{"$f":"IF($J355=$G$2,ROUND(ROUND($R355,2)*IF($R$9=\"Preço Unitário (R$)\",1,1+$AA355),2),0)","v":7.5},{"$f":"IF($A355=\"S\",VTOTAL1,IF($A355=0,0,ROUND(SomaAgrup,2)))","v":150},null,{"$f":"IF(OR($A355=0,$A355=\"S\",$A355>CFF!$A$9),\"\",MAX(W$11:OFFSET(W355,-1,0))+1)","v":""},{"$f":"IF(AND($J355=$G$2,$N355<>\"\",$M355<>\"\"),CONCATENATE($M355,\"-\",$N355))","v":"Serv. Terc.-027"},{"$f":"IF(X355<>FALSE,MATCH(X355,OFFSET(Banco,0,0,,1),0))","v":107},null,{"$f":"IF($J355=$G$2,ROUND(IF(ISNUMBER(S355),S355,IF(LEFT(S355,2)=\"DI\",HLOOKUP(S355,DADOS!$T$29:$X$30,2,FALSE),0)),4),\"\")","v":0.25}]
[{"$f":"CHOOSE(1+LOG(1+2*(J356=$C$2)+4*(J356=$D$2)+8*(J356=$E$2)+16*(J356=$F$2)+32*(J356=$G$2),2),0,1,2,3,4,\"S\")","v":"S"},{"$f":"IF(OR(A356=\"S\",A356=0),0,IF(ISERROR(I356),H356,SMALL(H356:I356,1)))","v":0},{"$f":"IF($A356=1,OFFSET(C356,-1,0)+1,OFFSET(C356,-1,0))","v":5},{"$f":"IF($A356=1,0,IF($A356=2,OFFSET(D356,-1,0)+1,OFFSET(D356,-1,0)))","v":1},{"$f":"IF(AND($A356<=2,$A356<>0),0,IF($A356=3,OFFSET(E356,-1,0)+1,OFFSET(E356,-1,0)))","v":0},{"$f":"IF(AND($A356<=3,$A356<>0),0,IF($A356=4,OFFSET(F356,-1,0)+1,OFFSET(F356,-1,0)))","v":0},{"$f":"IF(AND($A356<=4,$A356<>0),0,IF($A356=\"S\",OFFSET(G356,-1,0)+1,OFFSET(G356,-1,0)))","v":17},{"$f":"IF(OR($A356=\"S\",$A356=0),0,MATCH(0,OFFSET($B356,1,$A356,ROW($A$1504)-ROW($A356)),0))","v":0},{"$f":"IF(OR($A356=\"S\",$A356=0),0,MATCH(OFFSET($B356,0,$A356)+1,OFFSET($B356,1,$A356,ROW($A$1504)-ROW($A356)),0))","v":0},"Insumo",{"$f":"IF($A356=0,\"-\",CONCATENATE(C356&\".\",IF(AND($A$5>=2,$A356>=2),D356&\".\",\"\"),IF(AND($A$5>=3,$A356>=3),E356&\".\",\"\"),IF(AND($A$5>=4,$A356>=4),F356&\".\",\"\"),IF($A356=\"S\",G356&\".\",\"\")))","v":"5.1.17."},{"$f":"IF(NOT(ISERROR($Y356)),IF($Y356<>FALSE,INDEX(Banco,$Y356,4),\"\"),\"\")","v":"Cotação "},"Serv. Terc.","010",{"$f":"IF(NOT(ISERROR($Y356)),IF($Y356<>FALSE,INDEX(Banco,$Y356,5),\"\"),\"\")","v":"Brindes ( descrição nos orçamentos e PTS)"},{"$f":"IF(NOT(ISERROR($Y356)),IF($Y356<>FALSE,INDEX(Banco,$Y356,6),\"\"),\"\")","v":"Unidade"},8,{"$f":"IF(NOT(ISERROR($Y356)),IF($Y356<>FALSE,INDEX(Banco,$Y356,7),0),0)","v":120},"DI 1",{"$f":"IF($J356=$G$2,ROUND(ROUND($R356,2)*IF($R$9=\"Preço Unitário (R$)\",1,1+$AA356),2),0)","v":150},{"$f":"IF($A356=\"S\",VTOTAL1,IF($A356=0,0,ROUND(SomaAgrup,2)))","v":1200},null,{"$f":"IF(OR($A356=0,$A356=\"S\",$A356>CFF!$A$9),\"\",MAX(W$11:OFFSET(W356,-1,0))+1)","v":""},{"$f":"IF(AND($J356=$G$2,$N356<>\"\",$M356<>\"\"),CONCATENATE($M356,\"-\",$N356))","v":"Serv. Terc.-010"},{"$f":"IF(X356<>FALSE,MATCH(X356,OFFSET(Banco,0,0,,1),0))","v":90},null,{"$f":"IF($J356=$G$2,ROUND(IF(ISNUMBER(S356),S356,IF(LEFT(S356,2)=\"DI\",HLOOKUP(S356,DADOS!$T$29:$X$30,2,FALSE),0)),4),\"\")","v":0.25}]
["S",0,5,1,0,0,18,{"$f":"IF(OR($A357=\"S\",$A357=0),0,MATCH(0,OFFSET($B357,1,$A357,ROW($A$1504)-ROW($A357)),0))","v":0},{"$f":"IF(OR($A357=\"S\",$A357=0),0,MATCH(OFFSET($B357,0,$A357)+1,OFFSET($B357,1,$A357,ROW($A$1504)-ROW($A357)),0))","v":0},"Insumo","5.1.18.","Cotação","Serv. Terc.","015","Coffee break (salgados)","Centro",15,65,"DI 1",81.25,1218.75,null,{"$f":"IF(OR($A357=0,$A357=\"S\",$A357>CFF!$A$9),\"\",MAX(W$11:OFFSET(W357,-1,0))+1)","v":""},"Serv. Terc.-015",95,null,{"$f":"IF($J357=$G$2,ROUND(IF(ISNUMBER(S357),S357,IF(LEFT(S357,2)=\"DI\",HLOOKUP(S357,DADOS!$T$29:$X$30,2,FALSE),0)),4),\"\")","v":0.25}]
[{"$f":"CHOOSE(1+LOG(1+2*(J358=$C$2)+4*(J358=$D$2)+8*(J358=$E$2)+16*(J358=$F$2)+32*(J358=$G$2),2),0,1,2,3,4,\"S\")","v":"S"},{"$f":"IF(OR(A358=\"S\",A358=0),0,IF(ISERROR(I358),H358,SMALL(H358:I358,1)))","v":0},{"$f":"IF($A358=1,OFFSET(C358,-1,0)+1,OFFSET(C358,-1,0))","v":5},{"$f":"IF($A358=1,0,IF($A358=2,OFFSET(D358,-1,0)+1,OFFSET(D358,-1,0)))","v":1},{"$f":"IF(AND($A358<=2,$A358<>0),0,IF($A358=3,OFFSET(E358,-1,0)+1,OFFSET(E358,-1,0)))","v":0},{"$f":"IF(AND($A358<=3,$A358<>0),0,IF($A358=4,OFFSET(F358,-1,0)+1,OFFSET(F358,-1,0)))","v":0},{"$f":"IF(AND($A358<=4,$A358<>0),0,IF($A358=\"S\",OFFSET(G358,-1,0)+1,OFFSET(G358,-1,0)))","v":19},{"$f":"IF(OR($A358=\"S\",$A358=0),0,MATCH(0,OFFSET($B358,1,$A358,ROW($A$1504)-ROW($A358)),0))","v":0},{"$f":"IF(OR($A358=\"S\",$A358=0),0,MATCH(OFFSET($B358,0,$A358)+1,OFFSET($B358,1,$A358,ROW($A$1504)-ROW($A358)),0))","v":0},"Insumo",{"$f":"IF($A358=0,\"-\",CONCATENATE(C358&\".\",IF(AND($A$5>=2,$A358>=2),D358&\".\",\"\"),IF(AND($A$5>=3,$A358>=3),E358&\".\",\"\"),IF(AND($A$5>=4,$A358>=4),F358&\".\",\"\"),IF($A358=\"S\",G358&\".\",\"\")))","v":"5.1.19."},{"$f":"IF(NOT(ISERROR($Y358)),IF($Y358<>FALSE,INDEX(Banco,$Y358,4),\"\"),\"\")","v":"OABMT"},"Serv. Terc.","087",{"$f":"IF(NOT(ISERROR($Y358)),IF($Y358<>FALSE,INDEX(Banco,$Y358,5),\"\"),\"\")","v":"Advogado"},{"$f":"IF(NOT(ISERROR($Y358)),IF($Y358<>FALSE,INDEX(Banco,$Y358,6),\"\"),\"\")","v":"Horas"},2,{"$f":"IF(NOT(ISERROR($Y358)),IF($Y358<>FALSE,INDEX(Banco,$Y358,7),0),0)","v":896.51},"DI 1",{"$f":"IF($J358=$G$2,ROUND(ROUND($R358,2)*IF($R$9=\"Preço Unitário (R$)\",1,1+$AA358),2),0)","v":1120.6400000000001},{"$f":"IF($A358=\"S\",VTOTAL1,IF($A358=0,0,ROUND(SomaAgrup,2)))","v":2241.2800000000002},null,{"$f":"IF(OR($A358=0,$A358=\"S\",$A358>CFF!$A$9),\"\",MAX(W$11:OFFSET(W358,-1,0))+1)","v":""},{"$f":"IF(AND($J358=$G$2,$N358<>\"\",$M358<>\"\"),CONCATENATE($M358,\"-\",$N358))","v":"Serv. Terc.-087"},{"$f":"IF(X358<>FALSE,MATCH(X358,OFFSET(Banco,0,0,,1),0))","v":167},null,{"$f":"IF($J358=$G$2,ROUND(IF(ISNUMBER(S358),S358,IF(LEFT(S358,2)=\"DI\",HLOOKUP(S358,DADOS!$T$29:$X$30,2,FALSE),0)),4),\"\")","v":0.25}]
[{"$f":"CHOOSE(1+LOG(1+2*(J359=$C$2)+4*(J359=$D$2)+8*(J359=$E$2)+16*(J359=$F$2)+32*(J359=$G$2),2),0,1,2,3,4,\"S\")","v":"S"},{"$f":"IF(OR(A359=\"S\",A359=0),0,IF(ISERROR(I359),H359,SMALL(H359:I359,1)))","v":0},{"$f":"IF($A359=1,OFFSET(C359,-1,0)+1,OFFSET(C359,-1,0))","v":5},{"$f":"IF($A359=1,0,IF($A359=2,OFFSET(D359,-1,0)+1,OFFSET(D359,-1,0)))","v":1},{"$f":"IF(AND($A359<=2,$A359<>0),0,IF($A359=3,OFFSET(E359,-1,0)+1,OFFSET(E359,-1,0)))","v":0},{"$f":"IF(AND($A359<=3,$A359<>0),0,IF($A359=4,OFFSET(F359,-1,0)+1,OFFSET(F359,-1,0)))","v":0},{"$f":"IF(AND($A359<=4,$A359<>0),0,IF($A359=\"S\",OFFSET(G359,-1,0)+1,OFFSET(G359,-1,0)))","v":20},{"$f":"IF(OR($A359=\"S\",$A359=0),0,MATCH(0,OFFSET($B359,1,$A359,ROW($A$1504)-ROW($A359)),0))","v":0},{"$f":"IF(OR($A359=\"S\",$A359=0),0,MATCH(OFFSET($B359,0,$A359)+1,OFFSET($B359,1,$A359,ROW($A$1504)-ROW($A359)),0))","v":0},"Insumo",{"$f":"IF($A359=0,\"-\",CONCATENATE(C359&\".\",IF(AND($A$5>=2,$A359>=2),D359&\".\",\"\"),IF(AND($A$5>=3,$A359>=3),E359&\".\",\"\"),IF(AND($A$5>=4,$A359>=4),F359&\".\",\"\"),IF($A359=\"S\",G359&\".\",\"\")))","v":"5.1.20."},{"$f":"IF(NOT(ISERROR($Y359)),IF($Y359<>FALSE,INDEX(Banco,$Y359,4),\"\"),\"\")","v":"Cotação"},"Rec. Materiais","020",{"$f":"IF(NOT(ISERROR($Y359)),IF($Y359<>FALSE,INDEX(Banco,$Y359,5),\"\"),\"\")","v":"Guloseimas (balas e pirulito)"},{"$f":"IF(NOT(ISERROR($Y359)),IF($Y359<>FALSE,INDEX(Banco,$Y359,6),\"\"),\"\")","v":"Pacote"},8,{"$f":"IF(NOT(ISERROR($Y359)),IF($Y359<>FALSE,INDEX(Banco,$Y359,7),0),0)","v":12},"DI 1",{"$f":"IF($J359=$G$2,ROUND(ROUND($R359,2)*IF($R$9=\"Preço Unitário (R$)\",1,1+$AA359),2),0)","v":15},{"$f":"IF($A359=\"S\",VTOTAL1,IF($A359=0,0,ROUND(SomaAgrup,2)))","v":120},null,{"$f":"IF(OR($A359=0,$A359=\"S\",$A359>CFF!$A$9),\"\",MAX(W$11:OFFSET(W359,-1,0))+1)","v":""},{"$f":"IF(AND($J359=$G$2,$N359<>\"\",$M359<>\"\"),CONCATENATE($M359,\"-\",$N359))","v":"Rec. Materiais-020"},{"$f":"IF(X359<>FALSE,MATCH(X359,OFFSET(Banco,0,0,,1),0))","v":29},null,{"$f":"IF($J359=$G$2,ROUND(IF(ISNUMBER(S359),S359,IF(LEFT(S359,2)=\"DI\",HLOOKUP(S359,DADOS!$T$29:$X$30,2,FALSE),0)),4),\"\")","v":0.25}]
["S",0,5,1,0,0,21,{"$f":"IF(OR($A360=\"S\",$A360=0),0,MATCH(0,OFFSET($B360,1,$A360,ROW($A$1504)-ROW($A360)),0))","v":0},{"$f":"IF(OR($A360=\"S\",$A360=0),0,MATCH(OFFSET($B360,0,$A360)+1,OFFSET($B360,1,$A360,ROW($A$1504)-ROW($A360)),0))","v":0},"Insumo","5.1.21.","Cotação","Rec. Materiais","021","Papel de presente","Folhas",16,1.5,"DI 1",1.88,30.08,null,{"$f":"IF(OR($A360=0,$A360=\"S\",$A360>CFF!$A$9),\"\",MAX(W$11:OFFSET(W360,-1,0))+1)","v":""},"Rec. Materiais-021",30,null,{"$f":"IF($J360=$G$2,ROUND(IF(ISNUMBER(S360),S360,IF(LEFT(S360,2)=\"DI\",HLOOKUP(S360,DADOS!$T$29:$X$30,2,FALSE),0)),4),\"\")","v":0.25}]
["S",0,5,1,0,0,22,{"$f":"IF(OR($A361=\"S\",$A361=0),0,MATCH(0,OFFSET($B361,1,$A361,ROW($A$1504)-ROW($A361)),0))","v":0},{"$f":"IF(OR($A361=\"S\",$A361=0),0,MATCH(OFFSET($B361,0,$A361)+1,OFFSET($B361,1,$A361,ROW($A$1504)-ROW($A361)),0))","v":0},"Insumo","5.1.22.","Cotação","Rec. Materiais","001","Papel A4","Resma",1,28,"DI 1",35,35,null,{"$f":"IF(OR($A361=0,$A361=\"S\",$A361>CFF!$A$9),\"\",MAX(W$11:OFFSET(W361,-1,0))+1)","v":""},"Rec. Materiais-001",10,null,{"$f":"IF($J361=$G$2,ROUND(IF(ISNUMBER(S361),S361,IF(LEFT(S361,2)=\"DI\",HLOOKUP(S361,DADOS!$T$29:$X$30,2,FALSE),0)),4),\"\")","v":0.25}]
["S",0,5,1,0,0,23,{"$f":"IF(OR($A362=\"S\",$A362=0),0,MATCH(0,OFFSET($B362,1,$A362,ROW($A$1504)-ROW($A362)),0))","v":0},{"$f":"IF(OR($A362=\"S\",$A362=0),0,MATCH(OFFSET($B362,0,$A362)+1,OFFSET($B362,1,$A362,ROW($A$1504)-ROW($A362)),0))","v":0},"Insumo","5.1.23.","Cotação","Rec. Materiais","002","Toner para impressora","Unidade",4,180,"DI 1",225,900,null,{"$f":"IF(OR($A362=0,$A362=\"S\",$A362>CFF!$A$9),\"\",MAX(W$11:OFFSET(W362,-1,0))+1)","v":""},"Rec. Materiais-002",11,null,{"$f":"IF($J362=$G$2,ROUND(IF(ISNUMBER(S362),S362,IF(LEFT(S362,2)=\"DI\",HLOOKUP(S362,DADOS!$T$29:$X$30,2,FALSE),0)),4),\"\")","v":0.25}]
["S",0,5,1,0,0,24,{"$f":"IF(OR($A363=\"S\",$A363=0),0,MATCH(0,OFFSET($B363,1,$A363,ROW($A$1504)-ROW($A363)),0))","v":0},{"$f":"IF(OR($A363=\"S\",$A363=0),0,MATCH(OFFSET($B363,0,$A363)+1,OFFSET($B363,1,$A363,ROW($A$1504)-ROW($A363)),0))","v":0},"Insumo","5.1.24.","Cotação","Rec. Materiais","019","Copos descartáveis (2500 unidades)","Caixa",1,77.400000000000006,"DI 1",96.75,96.75,null,{"$f":"IF(OR($A363=0,$A363=\"S\",$A363>CFF!$A$9),\"\",MAX(W$11:OFFSET(W363,-1,0))+1)","v":""},"Rec. Materiais-019",28,null,{"$f":"IF($J363=$G$2,ROUND(IF(ISNUMBER(S363),S363,IF(LEFT(S363,2)=\"DI\",HLOOKUP(S363,DADOS!$T$29:$X$30,2,FALSE),0)),4),\"\")","v":0.25}]
["S",0,5,1,0,0,25,{"$f":"IF(OR($A364=\"S\",$A364=0),0,MATCH(0,OFFSET($B364,1,$A364,ROW($A$1504)-ROW($A364)),0))","v":0},{"$f":"IF(OR($A364=\"S\",$A364=0),0,MATCH(OFFSET($B364,0,$A364)+1,OFFSET($B364,1,$A364,ROW($A$1504)-ROW($A364)),0))","v":0},"Insumo","5.1.25.","Cotação","Rec. Materiais","026","Saco de lixo (100 litros)","Pacote",2,15,"DI 1",18.75,37.5,null,{"$f":"IF(OR($A364=0,$A364=\"S\",$A364>CFF!$A$9),\"\",MAX(W$11:OFFSET(W364,-1,0))+1)","v":""},"Rec. Materiais-026",35,null,{"$f":"IF($J364=$G$2,ROUND(IF(ISNUMBER(S364),S364,IF(LEFT(S364,2)=\"DI\",HLOOKUP(S364,DADOS!$T$29:$X$30,2,FALSE),0)),4),\"\")","v":0.25}]
[{"$f":"CHOOSE(1+LOG(1+2*(J365=$C$2)+4*(J365=$D$2)+8*(J365=$E$2)+16*(J365=$F$2)+32*(J365=$G$2),2),0,1,2,3,4,\"S\")","v":2},{"$f":"IF(OR(A365=\"S\",A365=0),0,IF(ISERROR(I365),H365,SMALL(H365:I365,1)))","v":3},{"$f":"IF($A365=1,OFFSET(C365,-1,0)+1,OFFSET(C365,-1,0))","v":5},{"$f":"IF($A365=1,0,IF($A365=2,OFFSET(D365,-1,0)+1,OFFSET(D365,-1,0)))","v":2},{"$f":"IF(AND($A365<=2,$A365<>0),0,IF($A365=3,OFFSET(E365,-1,0)+1,OFFSET(E365,-1,0)))","v":0},{"$f":"IF(AND($A365<=3,$A365<>0),0,IF($A365=4,OFFSET(F365,-1,0)+1,OFFSET(F365,-1,0)))","v":0},{"$f":"IF(AND($A365<=4,$A365<>0),0,IF($A365=\"S\",OFFSET(G365,-1,0)+1,OFFSET(G365,-1,0)))","v":0},{"$f":"IF(OR($A365=\"S\",$A365=0),0,MATCH(0,OFFSET($B365,1,$A365,ROW($A$1504)-ROW($A365)),0))","v":44},{"$f":"IF(OR($A365=\"S\",$A365=0),0,MATCH(OFFSET($B365,0,$A365)+1,OFFSET($B365,1,$A365,ROW($A$1504)-ROW($A365)),0))","v":3},"AtivNível 1",{"$f":"IF($A365=0,\"-\",CONCATENATE(C365&\".\",IF(AND($A$5>=2,$A365>=2),D365&\".\",\"\"),IF(AND($A$5>=3,$A365>=3),E365&\".\",\"\"),IF(AND($A$5>=4,$A365>=4),F365&\".\",\"\"),IF($A365=\"S\",G365&\".\",\"\")))","v":"5.2."},{"$f":"IF(NOT(ISERROR($Y365)),IF($Y365<>FALSE,INDEX(Banco,$Y365,4),\"\"),\"\")","v":""},null,null,"Atividade 24 - Plantão Social região Parque São João",{"$f":"IF(NOT(ISERROR($Y365)),IF($Y365<>FALSE,INDEX(Banco,$Y365,6),\"\"),\"\")","v":""},null,{"$f":"IF(NOT(ISERROR($Y365)),IF($Y365<>FALSE,INDEX(Banco,$Y365,7),0),0)","v":0},"DI 1",{"$f":"IF($J365=$G$2,ROUND(ROUND($R365,2)*IF($R$9=\"Preço Unitário (R$)\",1,1+$AA365),2),0)","v":0},{"$f":"IF($A365=\"S\",VTOTAL1,IF($A365=0,0,ROUND(SomaAgrup,2)))","v":1713.78},null,{"$f":"IF(OR($A365=0,$A365=\"S\",$A365>CFF!$A$9),\"\",MAX(W$11:OFFSET(W365,-1,0))+1)","v":29},{"$f":"IF(AND($J365=$G$2,$N365<>\"\",$M365<>\"\"),CONCATENATE($M365,\"-\",$N365))","v":false},{"$f":"IF(X365<>FALSE,MATCH(X365,OFFSET(Banco,0,0,,1),0))","v":false},null,{"$f":"IF($J365=$G$2,ROUND(IF(ISNUMBER(S365),S365,IF(LEFT(S365,2)=\"DI\",HLOOKUP(S365,DADOS!$T$29:$X$30,2,FALSE),0)),4),\"\")","v":""}]
[{"$f":"CHOOSE(1+LOG(1+2*(J366=$C$2)+4*(J366=$D$2)+8*(J366=$E$2)+16*(J366=$F$2)+32*(J366=$G$2),2),0,1,2,3,4,\"S\")","v":"S"},{"$f":"IF(OR(A366=\"S\",A366=0),0,IF(ISERROR(I366),H366,SMALL(H366:I366,1)))","v":0},{"$f":"IF($A366=1,OFFSET(C366,-1,0)+1,OFFSET(C366,-1,0))","v":5},{"$f":"IF($A366=1,0,IF($A366=2,OFFSET(D366,-1,0)+1,OFFSET(D366,-1,0)))","v":2},{"$f":"IF(AND($A366<=2,$A366<>0),0,IF($A366=3,OFFSET(E366,-1,0)+1,OFFSET(E366,-1,0)))","v":0},{"$f":"IF(AND($A366<=3,$A366<>0),0,IF($A366=4,OFFSET(F366,-1,0)+1,OFFSET(F366,-1,0)))","v":0},{"$f":"IF(AND($A366<=4,$A366<>0),0,IF($A366=\"S\",OFFSET(G366,-1,0)+1,OFFSET(G366,-1,0)))","v":1},{"$f":"IF(OR($A366=\"S\",$A366=0),0,MATCH(0,OFFSET($B366,1,$A366,ROW($A$1504)-ROW($A366)),0))","v":0},{"$f":"IF(OR($A366=\"S\",$A366=0),0,MATCH(OFFSET($B366,0,$A366)+1,OFFSET($B366,1,$A366,ROW($A$1504)-ROW($A366)),0))","v":0},"Insumo",{"$f":"IF($A366=0,\"-\",CONCATENATE(C366&\".\",IF(AND($A$5>=2,$A366>=2),D366&\".\",\"\"),IF(AND($A$5>=3,$A366>=3),E366&\".\",\"\"),IF(AND($A$5>=4,$A366>=4),F366&\".\",\"\"),IF($A366=\"S\",G366&\".\",\"\")))","v":"5.2.1."},{"$f":"IF(NOT(ISERROR($Y366)),IF($Y366<>FALSE,INDEX(Banco,$Y366,4),\"\"),\"\")","v":"CRESS"},"Rec. Humanos","001",{"$f":"IF(NOT(ISERROR($Y366)),IF($Y366<>FALSE,INDEX(Banco,$Y366,5),\"\"),\"\")","v":"Responsável Técnica"},{"$f":"IF(NOT(ISERROR($Y366)),IF($Y366<>FALSE,INDEX(Banco,$Y366,6),\"\"),\"\")","v":"Horas"},2,{"$f":"IF(NOT(ISERROR($Y366)),IF($Y366<>FALSE,INDEX(Banco,$Y366,7),0),0)","v":150.28},"DI 1",{"$f":"IF($J366=$G$2,ROUND(ROUND($R366,2)*IF($R$9=\"Preço Unitário (R$)\",1,1+$AA366),2),0)","v":187.85},{"$f":"IF($A366=\"S\",VTOTAL1,IF($A366=0,0,ROUND(SomaAgrup,2)))","v":375.7},null,{"$f":"IF(OR($A366=0,$A366=\"S\",$A366>CFF!$A$9),\"\",MAX(W$11:OFFSET(W366,-1,0))+1)","v":""},{"$f":"IF(AND($J366=$G$2,$N366<>\"\",$M366<>\"\"),CONCATENATE($M366,\"-\",$N366))","v":"Rec. Humanos-001"},{"$f":"IF(X366<>FALSE,MATCH(X366,OFFSET(Banco,0,0,,1),0))","v":3},null,{"$f":"IF($J366=$G$2,ROUND(IF(ISNUMBER(S366),S366,IF(LEFT(S366,2)=\"DI\",HLOOKUP(S366,DADOS!$T$29:$X$30,2,FALSE),0)),4),\"\")","v":0.25}]
["S",0,5,2,0,0,2,{"$f":"IF(OR($A367=\"S\",$A367=0),0,MATCH(0,OFFSET($B367,1,$A367,ROW($A$1504)-ROW($A367)),0))","v":0},{"$f":"IF(OR($A367=\"S\",$A367=0),0,MATCH(OFFSET($B367,0,$A367)+1,OFFSET($B367,1,$A367,ROW($A$1504)-ROW($A367)),0))","v":0},"Insumo","5.2.2.","CRESS","Rec. Humanos","002",{"$f":"IF(NOT(ISERROR($Y367)),IF($Y367<>FALSE,INDEX(Banco,$Y367,5),\"\"),\"\")","v":"Assistente Social"},"Horas",8,133.81,"DI 1",167.26,1338.08,null,{"$f":"IF(OR($A367=0,$A367=\"S\",$A367>CFF!$A$9),\"\",MAX(W$11:OFFSET(W367,-1,0))+1)","v":""},"Rec. Humanos-002",4,null,{"$f":"IF($J367=$G$2,ROUND(IF(ISNUMBER(S367),S367,IF(LEFT(S367,2)=\"DI\",HLOOKUP(S367,DADOS!$T$29:$X$30,2,FALSE),0)),4),\"\")","v":0.25}]
[{"$f":"CHOOSE(1+LOG(1+2*(J368=$C$2)+4*(J368=$D$2)+8*(J368=$E$2)+16*(J368=$F$2)+32*(J368=$G$2),2),0,1,2,3,4,\"S\")","v":2},{"$f":"IF(OR(A368=\"S\",A368=0),0,IF(ISERROR(I368),H368,SMALL(H368:I368,1)))","v":19},{"$f":"IF($A368=1,OFFSET(C368,-1,0)+1,OFFSET(C368,-1,0))","v":5},{"$f":"IF($A368=1,0,IF($A368=2,OFFSET(D368,-1,0)+1,OFFSET(D368,-1,0)))","v":3},{"$f":"IF(AND($A368<=2,$A368<>0),0,IF($A368=3,OFFSET(E368,-1,0)+1,OFFSET(E368,-1,0)))","v":0},{"$f":"IF(AND($A368<=3,$A368<>0),0,IF($A368=4,OFFSET(F368,-1,0)+1,OFFSET(F368,-1,0)))","v":0},{"$f":"IF(AND($A368<=4,$A368<>0),0,IF($A368=\"S\",OFFSET(G368,-1,0)+1,OFFSET(G368,-1,0)))","v":0},{"$f":"IF(OR($A368=\"S\",$A368=0),0,MATCH(0,OFFSET($B368,1,$A368,ROW($A$1504)-ROW($A368)),0))","v":41},{"$f":"IF(OR($A368=\"S\",$A368=0),0,MATCH(OFFSET($B368,0,$A368)+1,OFFSET($B368,1,$A368,ROW($A$1504)-ROW($A368)),0))","v":19},"AtivNível 1",{"$f":"IF($A368=0,\"-\",CONCATENATE(C368&\".\",IF(AND($A$5>=2,$A368>=2),D368&\".\",\"\"),IF(AND($A$5>=3,$A368>=3),E368&\".\",\"\"),IF(AND($A$5>=4,$A368>=4),F368&\".\",\"\"),IF($A368=\"S\",G368&\".\",\"\")))","v":"5.3."},{"$f":"IF(NOT(ISERROR($Y368)),IF($Y368<>FALSE,INDEX(Banco,$Y368,4),\"\"),\"\")","v":""},null,null,"Atividade 25 - Segurança pública e cibernética tecnologia, educação. brincar, estudar e navegar com segurança na internet e fazer boleetim de ocorrência região Jardim Ikaraí",{"$f":"IF(NOT(ISERROR($Y368)),IF($Y368<>FALSE,INDEX(Banco,$Y368,6),\"\"),\"\")","v":""},null,{"$f":"IF(NOT(ISERROR($Y368)),IF($Y368<>FALSE,INDEX(Banco,$Y368,7),0),0)","v":0},"DI 1",{"$f":"IF($J368=$G$2,ROUND(ROUND($R368,2)*IF($R$9=\"Preço Unitário (R$)\",1,1+$AA368),2),0)","v":0},{"$f":"IF($A368=\"S\",VTOTAL1,IF($A368=0,0,ROUND(SomaAgrup,2)))","v":8728.35},null,{"$f":"IF(OR($A368=0,$A368=\"S\",$A368>CFF!$A$9),\"\",MAX(W$11:OFFSET(W368,-1,0))+1)","v":30},{"$f":"IF(AND($J368=$G$2,$N368<>\"\",$M368<>\"\"),CONCATENATE($M368,\"-\",$N368))","v":false},{"$f":"IF(X368<>FALSE,MATCH(X368,OFFSET(Banco,0,0,,1),0))","v":false},null,{"$f":"IF($J368=$G$2,ROUND(IF(ISNUMBER(S368),S368,IF(LEFT(S368,2)=\"DI\",HLOOKUP(S368,DADOS!$T$29:$X$30,2,FALSE),0)),4),\"\")","v":""}]
[{"$f":"CHOOSE(1+LOG(1+2*(J369=$C$2)+4*(J369=$D$2)+8*(J369=$E$2)+16*(J369=$F$2)+32*(J369=$G$2),2),0,1,2,3,4,\"S\")","v":"S"},{"$f":"IF(OR(A369=\"S\",A369=0),0,IF(ISERROR(I369),H369,SMALL(H369:I369,1)))","v":0},{"$f":"IF($A369=1,OFFSET(C369,-1,0)+1,OFFSET(C369,-1,0))","v":5},{"$f":"IF($A369=1,0,IF($A369=2,OFFSET(D369,-1,0)+1,OFFSET(D369,-1,0)))","v":3},{"$f":"IF(AND($A369<=2,$A369<>0),0,IF($A369=3,OFFSET(E369,-1,0)+1,OFFSET(E369,-1,0)))","v":0},{"$f":"IF(AND($A369<=3,$A369<>0),0,IF($A369=4,OFFSET(F369,-1,0)+1,OFFSET(F369,-1,0)))","v":0},{"$f":"IF(AND($A369<=4,$A369<>0),0,IF($A369=\"S\",OFFSET(G369,-1,0)+1,OFFSET(G369,-1,0)))","v":1},{"$f":"IF(OR($A369=\"S\",$A369=0),0,MATCH(0,OFFSET($B369,1,$A369,ROW($A$1504)-ROW($A369)),0))","v":0},{"$f":"IF(OR($A369=\"S\",$A369=0),0,MATCH(OFFSET($B369,0,$A369)+1,OFFSET($B369,1,$A369,ROW($A$1504)-ROW($A369)),0))","v":0},"Insumo",{"$f":"IF($A369=0,\"-\",CONCATENATE(C369&\".\",IF(AND($A$5>=2,$A369>=2),D369&\".\",\"\"),IF(AND($A$5>=3,$A369>=3),E369&\".\",\"\"),IF(AND($A$5>=4,$A369>=4),F369&\".\",\"\"),IF($A369=\"S\",G369&\".\",\"\")))","v":"5.3.1."},{"$f":"IF(NOT(ISERROR($Y369)),IF($Y369<>FALSE,INDEX(Banco,$Y369,4),\"\"),\"\")","v":"CRESS"},"Rec. Humanos","001",{"$f":"IF(NOT(ISERROR($Y369)),IF($Y369<>FALSE,INDEX(Banco,$Y369,5),\"\"),\"\")","v":"Responsável Técnica"},{"$f":"IF(NOT(ISERROR($Y369)),IF($Y369<>FALSE,INDEX(Banco,$Y369,6),\"\"),\"\")","v":"Horas"},6,{"$f":"IF(NOT(ISERROR($Y369)),IF($Y369<>FALSE,INDEX(Banco,$Y369,7),0),0)","v":150.28},"DI 1",{"$f":"IF($J369=$G$2,ROUND(ROUND($R369,2)*IF($R$9=\"Preço Unitário (R$)\",1,1+$AA369),2),0)","v":187.85},{"$f":"IF($A369=\"S\",VTOTAL1,IF($A369=0,0,ROUND(SomaAgrup,2)))","v":1127.0999999999999},null,{"$f":"IF(OR($A369=0,$A369=\"S\",$A369>CFF!$A$9),\"\",MAX(W$11:OFFSET(W369,-1,0))+1)","v":""},{"$f":"IF(AND($J369=$G$2,$N369<>\"\",$M369<>\"\"),CONCATENATE($M369,\"-\",$N369))","v":"Rec. Humanos-001"},{"$f":"IF(X369<>FALSE,MATCH(X369,OFFSET(Banco,0,0,,1),0))","v":3},null,{"$f":"IF($J369=$G$2,ROUND(IF(ISNUMBER(S369),S369,IF(LEFT(S369,2)=\"DI\",HLOOKUP(S369,DADOS!$T$29:$X$30,2,FALSE),0)),4),\"\")","v":0.25}]
["S",0,5,3,0,0,2,{"$f":"IF(OR($A370=\"S\",$A370=0),0,MATCH(0,OFFSET($B370,1,$A370,ROW($A$1504)-ROW($A370)),0))","v":0},{"$f":"IF(OR($A370=\"S\",$A370=0),0,MATCH(OFFSET($B370,0,$A370)+1,OFFSET($B370,1,$A370,ROW($A$1504)-ROW($A370)),0))","v":0},"Insumo","5.3.2.","CRESS","Rec. Humanos","002","Assistente Social","Horas",4,133.81,"DI 1",167.26,669.04,null,{"$f":"IF(OR($A370=0,$A370=\"S\",$A370>CFF!$A$9),\"\",MAX(W$11:OFFSET(W370,-1,0))+1)","v":""},"Rec. Humanos-002",4,null,{"$f":"IF($J370=$G$2,ROUND(IF(ISNUMBER(S370),S370,IF(LEFT(S370,2)=\"DI\",HLOOKUP(S370,DADOS!$T$29:$X$30,2,FALSE),0)),4),\"\")","v":0.25}]
["S",0,5,3,0,0,3,{"$f":"IF(OR($A371=\"S\",$A371=0),0,MATCH(0,OFFSET($B371,1,$A371,ROW($A$1504)-ROW($A371)),0))","v":0},{"$f":"IF(OR($A371=\"S\",$A371=0),0,MATCH(OFFSET($B371,0,$A371)+1,OFFSET($B371,1,$A371,ROW($A$1504)-ROW($A371)),0))","v":0},"Insumo","5.3.3.","Cotação","Rec. Humanos","003","Administrador (Técnico de Apoio) ","Horas",4,103.65,"DI 1",129.56,518.24,null,{"$f":"IF(OR($A371=0,$A371=\"S\",$A371>CFF!$A$9),\"\",MAX(W$11:OFFSET(W371,-1,0))+1)","v":""},"Rec. Humanos-003",5,null,{"$f":"IF($J371=$G$2,ROUND(IF(ISNUMBER(S371),S371,IF(LEFT(S371,2)=\"DI\",HLOOKUP(S371,DADOS!$T$29:$X$30,2,FALSE),0)),4),\"\")","v":0.25}]
["S",0,5,3,0,0,4,{"$f":"IF(OR($A372=\"S\",$A372=0),0,MATCH(0,OFFSET($B372,1,$A372,ROW($A$1504)-ROW($A372)),0))","v":0},{"$f":"IF(OR($A372=\"S\",$A372=0),0,MATCH(OFFSET($B372,0,$A372)+1,OFFSET($B372,1,$A372,ROW($A$1504)-ROW($A372)),0))","v":0},"Insumo","5.3.4.","SINE","Rec. Humanos","004","Estagiários","Horas",10,9.7899999999999991,"DI 1",12.24,122.4,null,{"$f":"IF(OR($A372=0,$A372=\"S\",$A372>CFF!$A$9),\"\",MAX(W$11:OFFSET(W372,-1,0))+1)","v":""},"Rec. Humanos-004",6,null,{"$f":"IF($J372=$G$2,ROUND(IF(ISNUMBER(S372),S372,IF(LEFT(S372,2)=\"DI\",HLOOKUP(S372,DADOS!$T$29:$X$30,2,FALSE),0)),4),\"\")","v":0.25}]
[{"$f":"CHOOSE(1+LOG(1+2*(J373=$C$2)+4*(J373=$D$2)+8*(J373=$E$2)+16*(J373=$F$2)+32*(J373=$G$2),2),0,1,2,3,4,\"S\")","v":"S"},{"$f":"IF(OR(A373=\"S\",A373=0),0,IF(ISERROR(I373),H373,SMALL(H373:I373,1)))","v":0},{"$f":"IF($A373=1,OFFSET(C373,-1,0)+1,OFFSET(C373,-1,0))","v":5},{"$f":"IF($A373=1,0,IF($A373=2,OFFSET(D373,-1,0)+1,OFFSET(D373,-1,0)))","v":3},{"$f":"IF(AND($A373<=2,$A373<>0),0,IF($A373=3,OFFSET(E373,-1,0)+1,OFFSET(E373,-1,0)))","v":0},{"$f":"IF(AND($A373<=3,$A373<>0),0,IF($A373=4,OFFSET(F373,-1,0)+1,OFFSET(F373,-1,0)))","v":0},{"$f":"IF(AND($A373<=4,$A373<>0),0,IF($A373=\"S\",OFFSET(G373,-1,0)+1,OFFSET(G373,-1,0)))","v":5},{"$f":"IF(OR($A373=\"S\",$A373=0),0,MATCH(0,OFFSET($B373,1,$A373,ROW($A$1504)-ROW($A373)),0))","v":0},{"$f":"IF(OR($A373=\"S\",$A373=0),0,MATCH(OFFSET($B373,0,$A373)+1,OFFSET($B373,1,$A373,ROW($A$1504)-ROW($A373)),0))","v":0},"Insumo",{"$f":"IF($A373=0,\"-\",CONCATENATE(C373&\".\",IF(AND($A$5>=2,$A373>=2),D373&\".\",\"\"),IF(AND($A$5>=3,$A373>=3),E373&\".\",\"\"),IF(AND($A$5>=4,$A373>=4),F373&\".\",\"\"),IF($A373=\"S\",G373&\".\",\"\")))","v":"5.3.5."},{"$f":"IF(NOT(ISERROR($Y373)),IF($Y373<>FALSE,INDEX(Banco,$Y373,4),\"\"),\"\")","v":"Cotação"},"Serv. Terc.","001","Fotocópias",{"$f":"IF(NOT(ISERROR($Y373)),IF($Y373<>FALSE,INDEX(Banco,$Y373,6),\"\"),\"\")","v":"Unidade"},100,{"$f":"IF(NOT(ISERROR($Y373)),IF($Y373<>FALSE,INDEX(Banco,$Y373,7),0),0)","v":0.3},"DI 1",{"$f":"IF($J373=$G$2,ROUND(ROUND($R373,2)*IF($R$9=\"Preço Unitário (R$)\",1,1+$AA373),2),0)","v":0.38},{"$f":"IF($A373=\"S\",VTOTAL1,IF($A373=0,0,ROUND(SomaAgrup,2)))","v":38},null,{"$f":"IF(OR($A373=0,$A373=\"S\",$A373>CFF!$A$9),\"\",MAX(W$11:OFFSET(W373,-1,0))+1)","v":""},{"$f":"IF(AND($J373=$G$2,$N373<>\"\",$M373<>\"\"),CONCATENATE($M373,\"-\",$N373))","v":"Serv. Terc.-001"},{"$f":"IF(X373<>FALSE,MATCH(X373,OFFSET(Banco,0,0,,1),0))","v":81},null,{"$f":"IF($J373=$G$2,ROUND(IF(ISNUMBER(S373),S373,IF(LEFT(S373,2)=\"DI\",HLOOKUP(S373,DADOS!$T$29:$X$30,2,FALSE),0)),4),\"\")","v":0.25}]
[{"$f":"CHOOSE(1+LOG(1+2*(J374=$C$2)+4*(J374=$D$2)+8*(J374=$E$2)+16*(J374=$F$2)+32*(J374=$G$2),2),0,1,2,3,4,\"S\")","v":"S"},{"$f":"IF(OR(A374=\"S\",A374=0),0,IF(ISERROR(I374),H374,SMALL(H374:I374,1)))","v":0},{"$f":"IF($A374=1,OFFSET(C374,-1,0)+1,OFFSET(C374,-1,0))","v":5},{"$f":"IF($A374=1,0,IF($A374=2,OFFSET(D374,-1,0)+1,OFFSET(D374,-1,0)))","v":3},{"$f":"IF(AND($A374<=2,$A374<>0),0,IF($A374=3,OFFSET(E374,-1,0)+1,OFFSET(E374,-1,0)))","v":0},{"$f":"IF(AND($A374<=3,$A374<>0),0,IF($A374=4,OFFSET(F374,-1,0)+1,OFFSET(F374,-1,0)))","v":0},{"$f":"IF(AND($A374<=4,$A374<>0),0,IF($A374=\"S\",OFFSET(G374,-1,0)+1,OFFSET(G374,-1,0)))","v":6},{"$f":"IF(OR($A374=\"S\",$A374=0),0,MATCH(0,OFFSET($B374,1,$A374,ROW($A$1504)-ROW($A374)),0))","v":0},{"$f":"IF(OR($A374=\"S\",$A374=0),0,MATCH(OFFSET($B374,0,$A374)+1,OFFSET($B374,1,$A374,ROW($A$1504)-ROW($A374)),0))","v":0},"Insumo",{"$f":"IF($A374=0,\"-\",CONCATENATE(C374&\".\",IF(AND($A$5>=2,$A374>=2),D374&\".\",\"\"),IF(AND($A$5>=3,$A374>=3),E374&\".\",\"\"),IF(AND($A$5>=4,$A374>=4),F374&\".\",\"\"),IF($A374=\"S\",G374&\".\",\"\")))","v":"5.3.6."},{"$f":"IF(NOT(ISERROR($Y374)),IF($Y374<>FALSE,INDEX(Banco,$Y374,4),\"\"),\"\")","v":"Cotação"},"Serv. Terc.","017",{"$f":"IF(NOT(ISERROR($Y374)),IF($Y374<>FALSE,INDEX(Banco,$Y374,5),\"\"),\"\")","v":"Instrutor/Monitor (Educação Fisíca)"},{"$f":"IF(NOT(ISERROR($Y374)),IF($Y374<>FALSE,INDEX(Banco,$Y374,6),\"\"),\"\")","v":"Horas"},3,{"$f":"IF(NOT(ISERROR($Y374)),IF($Y374<>FALSE,INDEX(Banco,$Y374,7),0),0)","v":100},"DI 1",{"$f":"IF($J374=$G$2,ROUND(ROUND($R374,2)*IF($R$9=\"Preço Unitário (R$)\",1,1+$AA374),2),0)","v":125},{"$f":"IF($A374=\"S\",VTOTAL1,IF($A374=0,0,ROUND(SomaAgrup,2)))","v":375},null,{"$f":"IF(OR($A374=0,$A374=\"S\",$A374>CFF!$A$9),\"\",MAX(W$11:OFFSET(W374,-1,0))+1)","v":""},{"$f":"IF(AND($J374=$G$2,$N374<>\"\",$M374<>\"\"),CONCATENATE($M374,\"-\",$N374))","v":"Serv. Terc.-017"},{"$f":"IF(X374<>FALSE,MATCH(X374,OFFSET(Banco,0,0,,1),0))","v":97},null,{"$f":"IF($J374=$G$2,ROUND(IF(ISNUMBER(S374),S374,IF(LEFT(S374,2)=\"DI\",HLOOKUP(S374,DADOS!$T$29:$X$30,2,FALSE),0)),4),\"\")","v":0.25}]
["S",0,5,3,0,0,7,{"$f":"IF(OR($A375=\"S\",$A375=0),0,MATCH(0,OFFSET($B375,1,$A375,ROW($A$1504)-ROW($A375)),0))","v":0},{"$f":"IF(OR($A375=\"S\",$A375=0),0,MATCH(OFFSET($B375,0,$A375)+1,OFFSET($B375,1,$A375,ROW($A$1504)-ROW($A375)),0))","v":0},"Insumo","5.3.7.","Cotação","Serv. Terc.","002","Carro de som com gravação de vinheta","Horas",3,200,"DI 1",250,750,null,{"$f":"IF(OR($A375=0,$A375=\"S\",$A375>CFF!$A$9),\"\",MAX(W$11:OFFSET(W375,-1,0))+1)","v":""},"Serv. Terc.-002",82,null,{"$f":"IF($J375=$G$2,ROUND(IF(ISNUMBER(S375),S375,IF(LEFT(S375,2)=\"DI\",HLOOKUP(S375,DADOS!$T$29:$X$30,2,FALSE),0)),4),\"\")","v":0.25}]
["S",0,5,3,0,0,8,{"$f":"IF(OR($A376=\"S\",$A376=0),0,MATCH(0,OFFSET($B376,1,$A376,ROW($A$1504)-ROW($A376)),0))","v":0},{"$f":"IF(OR($A376=\"S\",$A376=0),0,MATCH(OFFSET($B376,0,$A376)+1,OFFSET($B376,1,$A376,ROW($A$1504)-ROW($A376)),0))","v":0},"Insumo","5.3.8.","Cotação","Serv. Terc.","005",{"$f":"IF(NOT(ISERROR($Y376)),IF($Y376<>FALSE,INDEX(Banco,$Y376,5),\"\"),\"\")","v":"Locação de caixa térmica"},"Unidade",2,40,"DI 1",50,100,null,{"$f":"IF(OR($A376=0,$A376=\"S\",$A376>CFF!$A$9),\"\",MAX(W$11:OFFSET(W376,-1,0))+1)","v":""},"Serv. Terc.-005",85,null,{"$f":"IF($J376=$G$2,ROUND(IF(ISNUMBER(S376),S376,IF(LEFT(S376,2)=\"DI\",HLOOKUP(S376,DADOS!$T$29:$X$30,2,FALSE),0)),4),\"\")","v":0.25}]
["S",0,5,3,0,0,9,{"$f":"IF(OR($A377=\"S\",$A377=0),0,MATCH(0,OFFSET($B377,1,$A377,ROW($A$1504)-ROW($A377)),0))","v":0},{"$f":"IF(OR($A377=\"S\",$A377=0),0,MATCH(OFFSET($B377,0,$A377)+1,OFFSET($B377,1,$A377,ROW($A$1504)-ROW($A377)),0))","v":0},"Insumo","5.3.9.","Cotação","Serv. Terc.","008","Locação de pula-pula com monitor","Unidade",2,220,"DI 1",275,550,null,{"$f":"IF(OR($A377=0,$A377=\"S\",$A377>CFF!$A$9),\"\",MAX(W$11:OFFSET(W377,-1,0))+1)","v":""},"Serv. Terc.-008",88,null,{"$f":"IF($J377=$G$2,ROUND(IF(ISNUMBER(S377),S377,IF(LEFT(S377,2)=\"DI\",HLOOKUP(S377,DADOS!$T$29:$X$30,2,FALSE),0)),4),\"\")","v":0.25}]
["S",0,5,3,0,0,10,{"$f":"IF(OR($A378=\"S\",$A378=0),0,MATCH(0,OFFSET($B378,1,$A378,ROW($A$1504)-ROW($A378)),0))","v":0},{"$f":"IF(OR($A378=\"S\",$A378=0),0,MATCH(OFFSET($B378,0,$A378)+1,OFFSET($B378,1,$A378,ROW($A$1504)-ROW($A378)),0))","v":0},"Insumo","5.3.10.","Cotação ","Serv. Terc.","011","Barra de gelo","Unidade",4,12,"DI 1",15,60,null,{"$f":"IF(OR($A378=0,$A378=\"S\",$A378>CFF!$A$9),\"\",MAX(W$11:OFFSET(W378,-1,0))+1)","v":""},"Serv. Terc.-011",91,null,{"$f":"IF($J378=$G$2,ROUND(IF(ISNUMBER(S378),S378,IF(LEFT(S378,2)=\"DI\",HLOOKUP(S378,DADOS!$T$29:$X$30,2,FALSE),0)),4),\"\")","v":0.25}]
["S",0,5,3,0,0,11,{"$f":"IF(OR($A379=\"S\",$A379=0),0,MATCH(0,OFFSET($B379,1,$A379,ROW($A$1504)-ROW($A379)),0))","v":0},{"$f":"IF(OR($A379=\"S\",$A379=0),0,MATCH(OFFSET($B379,0,$A379)+1,OFFSET($B379,1,$A379,ROW($A$1504)-ROW($A379)),0))","v":0},"Insumo","5.3.11.","Cotação","Serv. Terc.","013","Sucos","Unidade",12,6.4,"DI 1",8,96,null,{"$f":"IF(OR($A379=0,$A379=\"S\",$A379>CFF!$A$9),\"\",MAX(W$11:OFFSET(W379,-1,0))+1)","v":""},"Serv. Terc.-013",93,null,{"$f":"IF($J379=$G$2,ROUND(IF(ISNUMBER(S379),S379,IF(LEFT(S379,2)=\"DI\",HLOOKUP(S379,DADOS!$T$29:$X$30,2,FALSE),0)),4),\"\")","v":0.25}]
[{"$f":"CHOOSE(1+LOG(1+2*(J380=$C$2)+4*(J380=$D$2)+8*(J380=$E$2)+16*(J380=$F$2)+32*(J380=$G$2),2),0,1,2,3,4,\"S\")","v":"S"},{"$f":"IF(OR(A380=\"S\",A380=0),0,IF(ISERROR(I380),H380,SMALL(H380:I380,1)))","v":0},{"$f":"IF($A380=1,OFFSET(C380,-1,0)+1,OFFSET(C380,-1,0))","v":5},{"$f":"IF($A380=1,0,IF($A380=2,OFFSET(D380,-1,0)+1,OFFSET(D380,-1,0)))","v":3},{"$f":"IF(AND($A380<=2,$A380<>0),0,IF($A380=3,OFFSET(E380,-1,0)+1,OFFSET(E380,-1,0)))","v":0},{"$f":"IF(AND($A380<=3,$A380<>0),0,IF($A380=4,OFFSET(F380,-1,0)+1,OFFSET(F380,-1,0)))","v":0},{"$f":"IF(AND($A380<=4,$A380<>0),0,IF($A380=\"S\",OFFSET(G380,-1,0)+1,OFFSET(G380,-1,0)))","v":12},{"$f":"IF(OR($A380=\"S\",$A380=0),0,MATCH(0,OFFSET($B380,1,$A380,ROW($A$1504)-ROW($A380)),0))","v":0},{"$f":"IF(OR($A380=\"S\",$A380=0),0,MATCH(OFFSET($B380,0,$A380)+1,OFFSET($B380,1,$A380,ROW($A$1504)-ROW($A380)),0))","v":0},"Insumo",{"$f":"IF($A380=0,\"-\",CONCATENATE(C380&\".\",IF(AND($A$5>=2,$A380>=2),D380&\".\",\"\"),IF(AND($A$5>=3,$A380>=3),E380&\".\",\"\"),IF(AND($A$5>=4,$A380>=4),F380&\".\",\"\"),IF($A380=\"S\",G380&\".\",\"\")))","v":"5.3.12."},{"$f":"IF(NOT(ISERROR($Y380)),IF($Y380<>FALSE,INDEX(Banco,$Y380,4),\"\"),\"\")","v":"Cotação"},"Serv. Terc.","027",{"$f":"IF(NOT(ISERROR($Y380)),IF($Y380<>FALSE,INDEX(Banco,$Y380,5),\"\"),\"\")","v":"Refrigerantes (02 litros) "},{"$f":"IF(NOT(ISERROR($Y380)),IF($Y380<>FALSE,INDEX(Banco,$Y380,6),\"\"),\"\")","v":"Unidade"},20,{"$f":"IF(NOT(ISERROR($Y380)),IF($Y380<>FALSE,INDEX(Banco,$Y380,7),0),0)","v":6},"DI 1",{"$f":"IF($J380=$G$2,ROUND(ROUND($R380,2)*IF($R$9=\"Preço Unitário (R$)\",1,1+$AA380),2),0)","v":7.5},{"$f":"IF($A380=\"S\",VTOTAL1,IF($A380=0,0,ROUND(SomaAgrup,2)))","v":150},null,{"$f":"IF(OR($A380=0,$A380=\"S\",$A380>CFF!$A$9),\"\",MAX(W$11:OFFSET(W380,-1,0))+1)","v":""},{"$f":"IF(AND($J380=$G$2,$N380<>\"\",$M380<>\"\"),CONCATENATE($M380,\"-\",$N380))","v":"Serv. Terc.-027"},{"$f":"IF(X380<>FALSE,MATCH(X380,OFFSET(Banco,0,0,,1),0))","v":107},null,{"$f":"IF($J380=$G$2,ROUND(IF(ISNUMBER(S380),S380,IF(LEFT(S380,2)=\"DI\",HLOOKUP(S380,DADOS!$T$29:$X$30,2,FALSE),0)),4),\"\")","v":0.25}]
[{"$f":"CHOOSE(1+LOG(1+2*(J381=$C$2)+4*(J381=$D$2)+8*(J381=$E$2)+16*(J381=$F$2)+32*(J381=$G$2),2),0,1,2,3,4,\"S\")","v":"S"},{"$f":"IF(OR(A381=\"S\",A381=0),0,IF(ISERROR(I381),H381,SMALL(H381:I381,1)))","v":0},{"$f":"IF($A381=1,OFFSET(C381,-1,0)+1,OFFSET(C381,-1,0))","v":5},{"$f":"IF($A381=1,0,IF($A381=2,OFFSET(D381,-1,0)+1,OFFSET(D381,-1,0)))","v":3},{"$f":"IF(AND($A381<=2,$A381<>0),0,IF($A381=3,OFFSET(E381,-1,0)+1,OFFSET(E381,-1,0)))","v":0},{"$f":"IF(AND($A381<=3,$A381<>0),0,IF($A381=4,OFFSET(F381,-1,0)+1,OFFSET(F381,-1,0)))","v":0},{"$f":"IF(AND($A381<=4,$A381<>0),0,IF($A381=\"S\",OFFSET(G381,-1,0)+1,OFFSET(G381,-1,0)))","v":13},{"$f":"IF(OR($A381=\"S\",$A381=0),0,MATCH(0,OFFSET($B381,1,$A381,ROW($A$1504)-ROW($A381)),0))","v":0},{"$f":"IF(OR($A381=\"S\",$A381=0),0,MATCH(OFFSET($B381,0,$A381)+1,OFFSET($B381,1,$A381,ROW($A$1504)-ROW($A381)),0))","v":0},"Insumo",{"$f":"IF($A381=0,\"-\",CONCATENATE(C381&\".\",IF(AND($A$5>=2,$A381>=2),D381&\".\",\"\"),IF(AND($A$5>=3,$A381>=3),E381&\".\",\"\"),IF(AND($A$5>=4,$A381>=4),F381&\".\",\"\"),IF($A381=\"S\",G381&\".\",\"\")))","v":"5.3.13."},{"$f":"IF(NOT(ISERROR($Y381)),IF($Y381<>FALSE,INDEX(Banco,$Y381,4),\"\"),\"\")","v":"Cotação "},"Serv. Terc.","010",{"$f":"IF(NOT(ISERROR($Y381)),IF($Y381<>FALSE,INDEX(Banco,$Y381,5),\"\"),\"\")","v":"Brindes ( descrição nos orçamentos e PTS)"},{"$f":"IF(NOT(ISERROR($Y381)),IF($Y381<>FALSE,INDEX(Banco,$Y381,6),\"\"),\"\")","v":"Unidade"},4,{"$f":"IF(NOT(ISERROR($Y381)),IF($Y381<>FALSE,INDEX(Banco,$Y381,7),0),0)","v":120},"DI 1",{"$f":"IF($J381=$G$2,ROUND(ROUND($R381,2)*IF($R$9=\"Preço Unitário (R$)\",1,1+$AA381),2),0)","v":150},{"$f":"IF($A381=\"S\",VTOTAL1,IF($A381=0,0,ROUND(SomaAgrup,2)))","v":600},null,{"$f":"IF(OR($A381=0,$A381=\"S\",$A381>CFF!$A$9),\"\",MAX(W$11:OFFSET(W381,-1,0))+1)","v":""},{"$f":"IF(AND($J381=$G$2,$N381<>\"\",$M381<>\"\"),CONCATENATE($M381,\"-\",$N381))","v":"Serv. Terc.-010"},{"$f":"IF(X381<>FALSE,MATCH(X381,OFFSET(Banco,0,0,,1),0))","v":90},null,{"$f":"IF($J381=$G$2,ROUND(IF(ISNUMBER(S381),S381,IF(LEFT(S381,2)=\"DI\",HLOOKUP(S381,DADOS!$T$29:$X$30,2,FALSE),0)),4),\"\")","v":0.25}]
["S",0,5,3,0,0,14,{"$f":"IF(OR($A382=\"S\",$A382=0),0,MATCH(0,OFFSET($B382,1,$A382,ROW($A$1504)-ROW($A382)),0))","v":0},{"$f":"IF(OR($A382=\"S\",$A382=0),0,MATCH(OFFSET($B382,0,$A382)+1,OFFSET($B382,1,$A382,ROW($A$1504)-ROW($A382)),0))","v":0},"Insumo","5.3.14.","Cotação","Serv. Terc.","015","Coffee break (salgados)","Centro",15,65,"DI 1",81.25,1218.75,null,{"$f":"IF(OR($A382=0,$A382=\"S\",$A382>CFF!$A$9),\"\",MAX(W$11:OFFSET(W382,-1,0))+1)","v":""},"Serv. Terc.-015",95,null,{"$f":"IF($J382=$G$2,ROUND(IF(ISNUMBER(S382),S382,IF(LEFT(S382,2)=\"DI\",HLOOKUP(S382,DADOS!$T$29:$X$30,2,FALSE),0)),4),\"\")","v":0.25}]
[{"$f":"CHOOSE(1+LOG(1+2*(J383=$C$2)+4*(J383=$D$2)+8*(J383=$E$2)+16*(J383=$F$2)+32*(J383=$G$2),2),0,1,2,3,4,\"S\")","v":"S"},{"$f":"IF(OR(A383=\"S\",A383=0),0,IF(ISERROR(I383),H383,SMALL(H383:I383,1)))","v":0},{"$f":"IF($A383=1,OFFSET(C383,-1,0)+1,OFFSET(C383,-1,0))","v":5},{"$f":"IF($A383=1,0,IF($A383=2,OFFSET(D383,-1,0)+1,OFFSET(D383,-1,0)))","v":3},{"$f":"IF(AND($A383<=2,$A383<>0),0,IF($A383=3,OFFSET(E383,-1,0)+1,OFFSET(E383,-1,0)))","v":0},{"$f":"IF(AND($A383<=3,$A383<>0),0,IF($A383=4,OFFSET(F383,-1,0)+1,OFFSET(F383,-1,0)))","v":0},{"$f":"IF(AND($A383<=4,$A383<>0),0,IF($A383=\"S\",OFFSET(G383,-1,0)+1,OFFSET(G383,-1,0)))","v":15},{"$f":"IF(OR($A383=\"S\",$A383=0),0,MATCH(0,OFFSET($B383,1,$A383,ROW($A$1504)-ROW($A383)),0))","v":0},{"$f":"IF(OR($A383=\"S\",$A383=0),0,MATCH(OFFSET($B383,0,$A383)+1,OFFSET($B383,1,$A383,ROW($A$1504)-ROW($A383)),0))","v":0},"Insumo",{"$f":"IF($A383=0,\"-\",CONCATENATE(C383&\".\",IF(AND($A$5>=2,$A383>=2),D383&\".\",\"\"),IF(AND($A$5>=3,$A383>=3),E383&\".\",\"\"),IF(AND($A$5>=4,$A383>=4),F383&\".\",\"\"),IF($A383=\"S\",G383&\".\",\"\")))","v":"5.3.15."},{"$f":"IF(NOT(ISERROR($Y383)),IF($Y383<>FALSE,INDEX(Banco,$Y383,4),\"\"),\"\")","v":"OABMT"},"Serv. Terc.","087",{"$f":"IF(NOT(ISERROR($Y383)),IF($Y383<>FALSE,INDEX(Banco,$Y383,5),\"\"),\"\")","v":"Advogado"},{"$f":"IF(NOT(ISERROR($Y383)),IF($Y383<>FALSE,INDEX(Banco,$Y383,6),\"\"),\"\")","v":"Horas"},2,{"$f":"IF(NOT(ISERROR($Y383)),IF($Y383<>FALSE,INDEX(Banco,$Y383,7),0),0)","v":896.51},"DI 1",{"$f":"IF($J383=$G$2,ROUND(ROUND($R383,2)*IF($R$9=\"Preço Unitário (R$)\",1,1+$AA383),2),0)","v":1120.6400000000001},{"$f":"IF($A383=\"S\",VTOTAL1,IF($A383=0,0,ROUND(SomaAgrup,2)))","v":2241.2800000000002},null,{"$f":"IF(OR($A383=0,$A383=\"S\",$A383>CFF!$A$9),\"\",MAX(W$11:OFFSET(W383,-1,0))+1)","v":""},{"$f":"IF(AND($J383=$G$2,$N383<>\"\",$M383<>\"\"),CONCATENATE($M383,\"-\",$N383))","v":"Serv. Terc.-087"},{"$f":"IF(X383<>FALSE,MATCH(X383,OFFSET(Banco,0,0,,1),0))","v":167},null,{"$f":"IF($J383=$G$2,ROUND(IF(ISNUMBER(S383),S383,IF(LEFT(S383,2)=\"DI\",HLOOKUP(S383,DADOS!$T$29:$X$30,2,FALSE),0)),4),\"\")","v":0.25}]
["S",0,5,3,0,0,16,{"$f":"IF(OR($A384=\"S\",$A384=0),0,MATCH(0,OFFSET($B384,1,$A384,ROW($A$1504)-ROW($A384)),0))","v":0},{"$f":"IF(OR($A384=\"S\",$A384=0),0,MATCH(OFFSET($B384,0,$A384)+1,OFFSET($B384,1,$A384,ROW($A$1504)-ROW($A384)),0))","v":0},"Insumo","5.3.16.","Cotação","Rec. Materiais","020","Guloseimas (balas e pirulito)","Pacote",4,12,"DI 1",15,60,null,{"$f":"IF(OR($A384=0,$A384=\"S\",$A384>CFF!$A$9),\"\",MAX(W$11:OFFSET(W384,-1,0))+1)","v":""},"Rec. Materiais-020",29,null,{"$f":"IF($J384=$G$2,ROUND(IF(ISNUMBER(S384),S384,IF(LEFT(S384,2)=\"DI\",HLOOKUP(S384,DADOS!$T$29:$X$30,2,FALSE),0)),4),\"\")","v":0.25}]
["S",0,5,3,0,0,17,{"$f":"IF(OR($A385=\"S\",$A385=0),0,MATCH(0,OFFSET($B385,1,$A385,ROW($A$1504)-ROW($A385)),0))","v":0},{"$f":"IF(OR($A385=\"S\",$A385=0),0,MATCH(OFFSET($B385,0,$A385)+1,OFFSET($B385,1,$A385,ROW($A$1504)-ROW($A385)),0))","v":0},"Insumo","5.3.17.","Cotação","Rec. Materiais","021","Papel de presente","Folhas",8,1.5,"DI 1",1.88,15.04,null,{"$f":"IF(OR($A385=0,$A385=\"S\",$A385>CFF!$A$9),\"\",MAX(W$11:OFFSET(W385,-1,0))+1)","v":""},"Rec. Materiais-021",30,null,{"$f":"IF($J385=$G$2,ROUND(IF(ISNUMBER(S385),S385,IF(LEFT(S385,2)=\"DI\",HLOOKUP(S385,DADOS!$T$29:$X$30,2,FALSE),0)),4),\"\")","v":0.25}]
["S",0,5,3,0,0,18,{"$f":"IF(OR($A386=\"S\",$A386=0),0,MATCH(0,OFFSET($B386,1,$A386,ROW($A$1504)-ROW($A386)),0))","v":0},{"$f":"IF(OR($A386=\"S\",$A386=0),0,MATCH(OFFSET($B386,0,$A386)+1,OFFSET($B386,1,$A386,ROW($A$1504)-ROW($A386)),0))","v":0},"Insumo","5.3.18.","Cotação","Rec. Materiais","026","Saco de lixo (100 litros)","Pacote",2,15,"DI 1",18.75,37.5,null,{"$f":"IF(OR($A386=0,$A386=\"S\",$A386>CFF!$A$9),\"\",MAX(W$11:OFFSET(W386,-1,0))+1)","v":""},"Rec. Materiais-026",35,null,{"$f":"IF($J386=$G$2,ROUND(IF(ISNUMBER(S386),S386,IF(LEFT(S386,2)=\"DI\",HLOOKUP(S386,DADOS!$T$29:$X$30,2,FALSE),0)),4),\"\")","v":0.25}]
[{"$f":"CHOOSE(1+LOG(1+2*(J387=$C$2)+4*(J387=$D$2)+8*(J387=$E$2)+16*(J387=$F$2)+32*(J387=$G$2),2),0,1,2,3,4,\"S\")","v":2},{"$f":"IF(OR(A387=\"S\",A387=0),0,IF(ISERROR(I387),H387,SMALL(H387:I387,1)))","v":3},{"$f":"IF($A387=1,OFFSET(C387,-1,0)+1,OFFSET(C387,-1,0))","v":5},{"$f":"IF($A387=1,0,IF($A387=2,OFFSET(D387,-1,0)+1,OFFSET(D387,-1,0)))","v":4},{"$f":"IF(AND($A387<=2,$A387<>0),0,IF($A387=3,OFFSET(E387,-1,0)+1,OFFSET(E387,-1,0)))","v":0},{"$f":"IF(AND($A387<=3,$A387<>0),0,IF($A387=4,OFFSET(F387,-1,0)+1,OFFSET(F387,-1,0)))","v":0},{"$f":"IF(AND($A387<=4,$A387<>0),0,IF($A387=\"S\",OFFSET(G387,-1,0)+1,OFFSET(G387,-1,0)))","v":0},{"$f":"IF(OR($A387=\"S\",$A387=0),0,MATCH(0,OFFSET($B387,1,$A387,ROW($A$1504)-ROW($A387)),0))","v":22},{"$f":"IF(OR($A387=\"S\",$A387=0),0,MATCH(OFFSET($B387,0,$A387)+1,OFFSET($B387,1,$A387,ROW($A$1504)-ROW($A387)),0))","v":3},"AtivNível 1",{"$f":"IF($A387=0,\"-\",CONCATENATE(C387&\".\",IF(AND($A$5>=2,$A387>=2),D387&\".\",\"\"),IF(AND($A$5>=3,$A387>=3),E387&\".\",\"\"),IF(AND($A$5>=4,$A387>=4),F387&\".\",\"\"),IF($A387=\"S\",G387&\".\",\"\")))","v":"5.4."},{"$f":"IF(NOT(ISERROR($Y387)),IF($Y387<>FALSE,INDEX(Banco,$Y387,4),\"\"),\"\")","v":""},null,null,"Atividade 26 - Plantão Social região Jardim Ikaraí",{"$f":"IF(NOT(ISERROR($Y387)),IF($Y387<>FALSE,INDEX(Banco,$Y387,6),\"\"),\"\")","v":""},null,{"$f":"IF(NOT(ISERROR($Y387)),IF($Y387<>FALSE,INDEX(Banco,$Y387,7),0),0)","v":0},"DI 1",{"$f":"IF($J387=$G$2,ROUND(ROUND($R387,2)*IF($R$9=\"Preço Unitário (R$)\",1,1+$AA387),2),0)","v":0},{"$f":"IF($A387=\"S\",VTOTAL1,IF($A387=0,0,ROUND(SomaAgrup,2)))","v":1713.78},null,{"$f":"IF(OR($A387=0,$A387=\"S\",$A387>CFF!$A$9),\"\",MAX(W$11:OFFSET(W387,-1,0))+1)","v":31},{"$f":"IF(AND($J387=$G$2,$N387<>\"\",$M387<>\"\"),CONCATENATE($M387,\"-\",$N387))","v":false},{"$f":"IF(X387<>FALSE,MATCH(X387,OFFSET(Banco,0,0,,1),0))","v":false},null,{"$f":"IF($J387=$G$2,ROUND(IF(ISNUMBER(S387),S387,IF(LEFT(S387,2)=\"DI\",HLOOKUP(S387,DADOS!$T$29:$X$30,2,FALSE),0)),4),\"\")","v":""}]
[{"$f":"CHOOSE(1+LOG(1+2*(J388=$C$2)+4*(J388=$D$2)+8*(J388=$E$2)+16*(J388=$F$2)+32*(J388=$G$2),2),0,1,2,3,4,\"S\")","v":"S"},{"$f":"IF(OR(A388=\"S\",A388=0),0,IF(ISERROR(I388),H388,SMALL(H388:I388,1)))","v":0},{"$f":"IF($A388=1,OFFSET(C388,-1,0)+1,OFFSET(C388,-1,0))","v":5},{"$f":"IF($A388=1,0,IF($A388=2,OFFSET(D388,-1,0)+1,OFFSET(D388,-1,0)))","v":4},{"$f":"IF(AND($A388<=2,$A388<>0),0,IF($A388=3,OFFSET(E388,-1,0)+1,OFFSET(E388,-1,0)))","v":0},{"$f":"IF(AND($A388<=3,$A388<>0),0,IF($A388=4,OFFSET(F388,-1,0)+1,OFFSET(F388,-1,0)))","v":0},{"$f":"IF(AND($A388<=4,$A388<>0),0,IF($A388=\"S\",OFFSET(G388,-1,0)+1,OFFSET(G388,-1,0)))","v":1},{"$f":"IF(OR($A388=\"S\",$A388=0),0,MATCH(0,OFFSET($B388,1,$A388,ROW($A$1504)-ROW($A388)),0))","v":0},{"$f":"IF(OR($A388=\"S\",$A388=0),0,MATCH(OFFSET($B388,0,$A388)+1,OFFSET($B388,1,$A388,ROW($A$1504)-ROW($A388)),0))","v":0},"Insumo",{"$f":"IF($A388=0,\"-\",CONCATENATE(C388&\".\",IF(AND($A$5>=2,$A388>=2),D388&\".\",\"\"),IF(AND($A$5>=3,$A388>=3),E388&\".\",\"\"),IF(AND($A$5>=4,$A388>=4),F388&\".\",\"\"),IF($A388=\"S\",G388&\".\",\"\")))","v":"5.4.1."},{"$f":"IF(NOT(ISERROR($Y388)),IF($Y388<>FALSE,INDEX(Banco,$Y388,4),\"\"),\"\")","v":"CRESS"},"Rec. Humanos","001",{"$f":"IF(NOT(ISERROR($Y388)),IF($Y388<>FALSE,INDEX(Banco,$Y388,5),\"\"),\"\")","v":"Responsável Técnica"},{"$f":"IF(NOT(ISERROR($Y388)),IF($Y388<>FALSE,INDEX(Banco,$Y388,6),\"\"),\"\")","v":"Horas"},2,{"$f":"IF(NOT(ISERROR($Y388)),IF($Y388<>FALSE,INDEX(Banco,$Y388,7),0),0)","v":150.28},"DI 1",{"$f":"IF($J388=$G$2,ROUND(ROUND($R388,2)*IF($R$9=\"Preço Unitário (R$)\",1,1+$AA388),2),0)","v":187.85},{"$f":"IF($A388=\"S\",VTOTAL1,IF($A388=0,0,ROUND(SomaAgrup,2)))","v":375.7},null,{"$f":"IF(OR($A388=0,$A388=\"S\",$A388>CFF!$A$9),\"\",MAX(W$11:OFFSET(W388,-1,0))+1)","v":""},{"$f":"IF(AND($J388=$G$2,$N388<>\"\",$M388<>\"\"),CONCATENATE($M388,\"-\",$N388))","v":"Rec. Humanos-001"},{"$f":"IF(X388<>FALSE,MATCH(X388,OFFSET(Banco,0,0,,1),0))","v":3},null,{"$f":"IF($J388=$G$2,ROUND(IF(ISNUMBER(S388),S388,IF(LEFT(S388,2)=\"DI\",HLOOKUP(S388,DADOS!$T$29:$X$30,2,FALSE),0)),4),\"\")","v":0.25}]
["S",0,5,4,0,0,2,{"$f":"IF(OR($A389=\"S\",$A389=0),0,MATCH(0,OFFSET($B389,1,$A389,ROW($A$1504)-ROW($A389)),0))","v":0},{"$f":"IF(OR($A389=\"S\",$A389=0),0,MATCH(OFFSET($B389,0,$A389)+1,OFFSET($B389,1,$A389,ROW($A$1504)-ROW($A389)),0))","v":0},"Insumo","5.4.2.","CRESS","Rec. Humanos","002",{"$f":"IF(NOT(ISERROR($Y389)),IF($Y389<>FALSE,INDEX(Banco,$Y389,5),\"\"),\"\")","v":"Assistente Social"},"Horas",8,133.81,"DI 1",167.26,1338.08,null,{"$f":"IF(OR($A389=0,$A389=\"S\",$A389>CFF!$A$9),\"\",MAX(W$11:OFFSET(W389,-1,0))+1)","v":""},"Rec. Humanos-002",4,null,{"$f":"IF($J389=$G$2,ROUND(IF(ISNUMBER(S389),S389,IF(LEFT(S389,2)=\"DI\",HLOOKUP(S389,DADOS!$T$29:$X$30,2,FALSE),0)),4),\"\")","v":0.25}]
[{"$f":"CHOOSE(1+LOG(1+2*(J390=$C$2)+4*(J390=$D$2)+8*(J390=$E$2)+16*(J390=$F$2)+32*(J390=$G$2),2),0,1,2,3,4,\"S\")","v":2},{"$f":"IF(OR(A390=\"S\",A390=0),0,IF(ISERROR(I390),H390,SMALL(H390:I390,1)))","v":19},{"$f":"IF($A390=1,OFFSET(C390,-1,0)+1,OFFSET(C390,-1,0))","v":5},{"$f":"IF($A390=1,0,IF($A390=2,OFFSET(D390,-1,0)+1,OFFSET(D390,-1,0)))","v":5},{"$f":"IF(AND($A390<=2,$A390<>0),0,IF($A390=3,OFFSET(E390,-1,0)+1,OFFSET(E390,-1,0)))","v":0},{"$f":"IF(AND($A390<=3,$A390<>0),0,IF($A390=4,OFFSET(F390,-1,0)+1,OFFSET(F390,-1,0)))","v":0},{"$f":"IF(AND($A390<=4,$A390<>0),0,IF($A390=\"S\",OFFSET(G390,-1,0)+1,OFFSET(G390,-1,0)))","v":0},{"$f":"IF(OR($A390=\"S\",$A390=0),0,MATCH(0,OFFSET($B390,1,$A390,ROW($A$1504)-ROW($A390)),0))","v":19},{"$f":"IF(OR($A390=\"S\",$A390=0),0,MATCH(OFFSET($B390,0,$A390)+1,OFFSET($B390,1,$A390,ROW($A$1504)-ROW($A390)),0))","v":77},"AtivNível 1",{"$f":"IF($A390=0,\"-\",CONCATENATE(C390&\".\",IF(AND($A$5>=2,$A390>=2),D390&\".\",\"\"),IF(AND($A$5>=3,$A390>=3),E390&\".\",\"\"),IF(AND($A$5>=4,$A390>=4),F390&\".\",\"\"),IF($A390=\"S\",G390&\".\",\"\")))","v":"5.5."},{"$f":"IF(NOT(ISERROR($Y390)),IF($Y390<>FALSE,INDEX(Banco,$Y390,4),\"\"),\"\")","v":""},null,null,"Atividade 27 - Segurança púlblica e cibernética tecnologia, educação, brincar, estudar e navegar com segurança na internet e fazer boletim de ocorrência Bairro: Frutal de Minas e Jardim Paula II",{"$f":"IF(NOT(ISERROR($Y390)),IF($Y390<>FALSE,INDEX(Banco,$Y390,6),\"\"),\"\")","v":""},null,{"$f":"IF(NOT(ISERROR($Y390)),IF($Y390<>FALSE,INDEX(Banco,$Y390,7),0),0)","v":0},"DI 1",{"$f":"IF($J390=$G$2,ROUND(ROUND($R390,2)*IF($R$9=\"Preço Unitário (R$)\",1,1+$AA390),2),0)","v":0},{"$f":"IF($A390=\"S\",VTOTAL1,IF($A390=0,0,ROUND(SomaAgrup,2)))","v":8728.6299999999992},null,{"$f":"IF(OR($A390=0,$A390=\"S\",$A390>CFF!$A$9),\"\",MAX(W$11:OFFSET(W390,-1,0))+1)","v":32},{"$f":"IF(AND($J390=$G$2,$N390<>\"\",$M390<>\"\"),CONCATENATE($M390,\"-\",$N390))","v":false},{"$f":"IF(X390<>FALSE,MATCH(X390,OFFSET(Banco,0,0,,1),0))","v":false},null,{"$f":"IF($J390=$G$2,ROUND(IF(ISNUMBER(S390),S390,IF(LEFT(S390,2)=\"DI\",HLOOKUP(S390,DADOS!$T$29:$X$30,2,FALSE),0)),4),\"\")","v":""}]
[{"$f":"CHOOSE(1+LOG(1+2*(J391=$C$2)+4*(J391=$D$2)+8*(J391=$E$2)+16*(J391=$F$2)+32*(J391=$G$2),2),0,1,2,3,4,\"S\")","v":"S"},{"$f":"IF(OR(A391=\"S\",A391=0),0,IF(ISERROR(I391),H391,SMALL(H391:I391,1)))","v":0},{"$f":"IF($A391=1,OFFSET(C391,-1,0)+1,OFFSET(C391,-1,0))","v":5},{"$f":"IF($A391=1,0,IF($A391=2,OFFSET(D391,-1,0)+1,OFFSET(D391,-1,0)))","v":5},{"$f":"IF(AND($A391<=2,$A391<>0),0,IF($A391=3,OFFSET(E391,-1,0)+1,OFFSET(E391,-1,0)))","v":0},{"$f":"IF(AND($A391<=3,$A391<>0),0,IF($A391=4,OFFSET(F391,-1,0)+1,OFFSET(F391,-1,0)))","v":0},{"$f":"IF(AND($A391<=4,$A391<>0),0,IF($A391=\"S\",OFFSET(G391,-1,0)+1,OFFSET(G391,-1,0)))","v":1},{"$f":"IF(OR($A391=\"S\",$A391=0),0,MATCH(0,OFFSET($B391,1,$A391,ROW($A$1504)-ROW($A391)),0))","v":0},{"$f":"IF(OR($A391=\"S\",$A391=0),0,MATCH(OFFSET($B391,0,$A391)+1,OFFSET($B391,1,$A391,ROW($A$1504)-ROW($A391)),0))","v":0},"Insumo",{"$f":"IF($A391=0,\"-\",CONCATENATE(C391&\".\",IF(AND($A$5>=2,$A391>=2),D391&\".\",\"\"),IF(AND($A$5>=3,$A391>=3),E391&\".\",\"\"),IF(AND($A$5>=4,$A391>=4),F391&\".\",\"\"),IF($A391=\"S\",G391&\".\",\"\")))","v":"5.5.1."},{"$f":"IF(NOT(ISERROR($Y391)),IF($Y391<>FALSE,INDEX(Banco,$Y391,4),\"\"),\"\")","v":"CRESS"},"Rec. Humanos","001",{"$f":"IF(NOT(ISERROR($Y391)),IF($Y391<>FALSE,INDEX(Banco,$Y391,5),\"\"),\"\")","v":"Responsável Técnica"},{"$f":"IF(NOT(ISERROR($Y391)),IF($Y391<>FALSE,INDEX(Banco,$Y391,6),\"\"),\"\")","v":"Horas"},6,{"$f":"IF(NOT(ISERROR($Y391)),IF($Y391<>FALSE,INDEX(Banco,$Y391,7),0),0)","v":150.28},"DI 1",{"$f":"IF($J391=$G$2,ROUND(ROUND($R391,2)*IF($R$9=\"Preço Unitário (R$)\",1,1+$AA391),2),0)","v":187.85},{"$f":"IF($A391=\"S\",VTOTAL1,IF($A391=0,0,ROUND(SomaAgrup,2)))","v":1127.0999999999999},null,{"$f":"IF(OR($A391=0,$A391=\"S\",$A391>CFF!$A$9),\"\",MAX(W$11:OFFSET(W391,-1,0))+1)","v":""},{"$f":"IF(AND($J391=$G$2,$N391<>\"\",$M391<>\"\"),CONCATENATE($M391,\"-\",$N391))","v":"Rec. Humanos-001"},{"$f":"IF(X391<>FALSE,MATCH(X391,OFFSET(Banco,0,0,,1),0))","v":3},null,{"$f":"IF($J391=$G$2,ROUND(IF(ISNUMBER(S391),S391,IF(LEFT(S391,2)=\"DI\",HLOOKUP(S391,DADOS!$T$29:$X$30,2,FALSE),0)),4),\"\")","v":0.25}]
["S",0,5,5,0,0,2,{"$f":"IF(OR($A392=\"S\",$A392=0),0,MATCH(0,OFFSET($B392,1,$A392,ROW($A$1504)-ROW($A392)),0))","v":0},{"$f":"IF(OR($A392=\"S\",$A392=0),0,MATCH(OFFSET($B392,0,$A392)+1,OFFSET($B392,1,$A392,ROW($A$1504)-ROW($A392)),0))","v":0},"Insumo","5.5.2.","CRESS","Rec. Humanos","002","Assistente Social","Horas",4,133.81,"DI 1",167.26,669.04,null,{"$f":"IF(OR($A392=0,$A392=\"S\",$A392>CFF!$A$9),\"\",MAX(W$11:OFFSET(W392,-1,0))+1)","v":""},"Rec. Humanos-002",4,null,{"$f":"IF($J392=$G$2,ROUND(IF(ISNUMBER(S392),S392,IF(LEFT(S392,2)=\"DI\",HLOOKUP(S392,DADOS!$T$29:$X$30,2,FALSE),0)),4),\"\")","v":0.25}]
["S",0,5,5,0,0,3,{"$f":"IF(OR($A393=\"S\",$A393=0),0,MATCH(0,OFFSET($B393,1,$A393,ROW($A$1504)-ROW($A393)),0))","v":0},{"$f":"IF(OR($A393=\"S\",$A393=0),0,MATCH(OFFSET($B393,0,$A393)+1,OFFSET($B393,1,$A393,ROW($A$1504)-ROW($A393)),0))","v":0},"Insumo","5.5.3.","Cotação","Rec. Humanos","003","Administrador (Técnico de Apoio) ","Horas",4,103.65,"DI 1",129.56,518.24,null,{"$f":"IF(OR($A393=0,$A393=\"S\",$A393>CFF!$A$9),\"\",MAX(W$11:OFFSET(W393,-1,0))+1)","v":""},"Rec. Humanos-003",5,null,{"$f":"IF($J393=$G$2,ROUND(IF(ISNUMBER(S393),S393,IF(LEFT(S393,2)=\"DI\",HLOOKUP(S393,DADOS!$T$29:$X$30,2,FALSE),0)),4),\"\")","v":0.25}]
["S",0,5,5,0,0,4,{"$f":"IF(OR($A394=\"S\",$A394=0),0,MATCH(0,OFFSET($B394,1,$A394,ROW($A$1504)-ROW($A394)),0))","v":0},{"$f":"IF(OR($A394=\"S\",$A394=0),0,MATCH(OFFSET($B394,0,$A394)+1,OFFSET($B394,1,$A394,ROW($A$1504)-ROW($A394)),0))","v":0},"Insumo","5.5.4.","SINE","Rec. Humanos","004","Estagiários","Horas",10,9.7899999999999991,"DI 1",12.24,122.4,null,{"$f":"IF(OR($A394=0,$A394=\"S\",$A394>CFF!$A$9),\"\",MAX(W$11:OFFSET(W394,-1,0))+1)","v":""},"Rec. Humanos-004",6,null,{"$f":"IF($J394=$G$2,ROUND(IF(ISNUMBER(S394),S394,IF(LEFT(S394,2)=\"DI\",HLOOKUP(S394,DADOS!$T$29:$X$30,2,FALSE),0)),4),\"\")","v":0.25}]
[{"$f":"CHOOSE(1+LOG(1+2*(J395=$C$2)+4*(J395=$D$2)+8*(J395=$E$2)+16*(J395=$F$2)+32*(J395=$G$2),2),0,1,2,3,4,\"S\")","v":"S"},{"$f":"IF(OR(A395=\"S\",A395=0),0,IF(ISERROR(I395),H395,SMALL(H395:I395,1)))","v":0},{"$f":"IF($A395=1,OFFSET(C395,-1,0)+1,OFFSET(C395,-1,0))","v":5},{"$f":"IF($A395=1,0,IF($A395=2,OFFSET(D395,-1,0)+1,OFFSET(D395,-1,0)))","v":5},{"$f":"IF(AND($A395<=2,$A395<>0),0,IF($A395=3,OFFSET(E395,-1,0)+1,OFFSET(E395,-1,0)))","v":0},{"$f":"IF(AND($A395<=3,$A395<>0),0,IF($A395=4,OFFSET(F395,-1,0)+1,OFFSET(F395,-1,0)))","v":0},{"$f":"IF(AND($A395<=4,$A395<>0),0,IF($A395=\"S\",OFFSET(G395,-1,0)+1,OFFSET(G395,-1,0)))","v":5},{"$f":"IF(OR($A395=\"S\",$A395=0),0,MATCH(0,OFFSET($B395,1,$A395,ROW($A$1504)-ROW($A395)),0))","v":0},{"$f":"IF(OR($A395=\"S\",$A395=0),0,MATCH(OFFSET($B395,0,$A395)+1,OFFSET($B395,1,$A395,ROW($A$1504)-ROW($A395)),0))","v":0},"Insumo",{"$f":"IF($A395=0,\"-\",CONCATENATE(C395&\".\",IF(AND($A$5>=2,$A395>=2),D395&\".\",\"\"),IF(AND($A$5>=3,$A395>=3),E395&\".\",\"\"),IF(AND($A$5>=4,$A395>=4),F395&\".\",\"\"),IF($A395=\"S\",G395&\".\",\"\")))","v":"5.5.5."},{"$f":"IF(NOT(ISERROR($Y395)),IF($Y395<>FALSE,INDEX(Banco,$Y395,4),\"\"),\"\")","v":"Cotação"},"Serv. Terc.","001","Fotocópias",{"$f":"IF(NOT(ISERROR($Y395)),IF($Y395<>FALSE,INDEX(Banco,$Y395,6),\"\"),\"\")","v":"Unidade"},100,{"$f":"IF(NOT(ISERROR($Y395)),IF($Y395<>FALSE,INDEX(Banco,$Y395,7),0),0)","v":0.3},"DI 1",{"$f":"IF($J395=$G$2,ROUND(ROUND($R395,2)*IF($R$9=\"Preço Unitário (R$)\",1,1+$AA395),2),0)","v":0.38},{"$f":"IF($A395=\"S\",VTOTAL1,IF($A395=0,0,ROUND(SomaAgrup,2)))","v":38},null,{"$f":"IF(OR($A395=0,$A395=\"S\",$A395>CFF!$A$9),\"\",MAX(W$11:OFFSET(W395,-1,0))+1)","v":""},{"$f":"IF(AND($J395=$G$2,$N395<>\"\",$M395<>\"\"),CONCATENATE($M395,\"-\",$N395))","v":"Serv. Terc.-001"},{"$f":"IF(X395<>FALSE,MATCH(X395,OFFSET(Banco,0,0,,1),0))","v":81},null,{"$f":"IF($J395=$G$2,ROUND(IF(ISNUMBER(S395),S395,IF(LEFT(S395,2)=\"DI\",HLOOKUP(S395,DADOS!$T$29:$X$30,2,FALSE),0)),4),\"\")","v":0.25}]
[{"$f":"CHOOSE(1+LOG(1+2*(J396=$C$2)+4*(J396=$D$2)+8*(J396=$E$2)+16*(J396=$F$2)+32*(J396=$G$2),2),0,1,2,3,4,\"S\")","v":"S"},{"$f":"IF(OR(A396=\"S\",A396=0),0,IF(ISERROR(I396),H396,SMALL(H396:I396,1)))","v":0},{"$f":"IF($A396=1,OFFSET(C396,-1,0)+1,OFFSET(C396,-1,0))","v":5},{"$f":"IF($A396=1,0,IF($A396=2,OFFSET(D396,-1,0)+1,OFFSET(D396,-1,0)))","v":5},{"$f":"IF(AND($A396<=2,$A396<>0),0,IF($A396=3,OFFSET(E396,-1,0)+1,OFFSET(E396,-1,0)))","v":0},{"$f":"IF(AND($A396<=3,$A396<>0),0,IF($A396=4,OFFSET(F396,-1,0)+1,OFFSET(F396,-1,0)))","v":0},{"$f":"IF(AND($A396<=4,$A396<>0),0,IF($A396=\"S\",OFFSET(G396,-1,0)+1,OFFSET(G396,-1,0)))","v":6},{"$f":"IF(OR($A396=\"S\",$A396=0),0,MATCH(0,OFFSET($B396,1,$A396,ROW($A$1504)-ROW($A396)),0))","v":0},{"$f":"IF(OR($A396=\"S\",$A396=0),0,MATCH(OFFSET($B396,0,$A396)+1,OFFSET($B396,1,$A396,ROW($A$1504)-ROW($A396)),0))","v":0},"Insumo",{"$f":"IF($A396=0,\"-\",CONCATENATE(C396&\".\",IF(AND($A$5>=2,$A396>=2),D396&\".\",\"\"),IF(AND($A$5>=3,$A396>=3),E396&\".\",\"\"),IF(AND($A$5>=4,$A396>=4),F396&\".\",\"\"),IF($A396=\"S\",G396&\".\",\"\")))","v":"5.5.6."},{"$f":"IF(NOT(ISERROR($Y396)),IF($Y396<>FALSE,INDEX(Banco,$Y396,4),\"\"),\"\")","v":"Cotação"},"Serv. Terc.","017",{"$f":"IF(NOT(ISERROR($Y396)),IF($Y396<>FALSE,INDEX(Banco,$Y396,5),\"\"),\"\")","v":"Instrutor/Monitor (Educação Fisíca)"},{"$f":"IF(NOT(ISERROR($Y396)),IF($Y396<>FALSE,INDEX(Banco,$Y396,6),\"\"),\"\")","v":"Horas"},3,{"$f":"IF(NOT(ISERROR($Y396)),IF($Y396<>FALSE,INDEX(Banco,$Y396,7),0),0)","v":100},"DI 1",{"$f":"IF($J396=$G$2,ROUND(ROUND($R396,2)*IF($R$9=\"Preço Unitário (R$)\",1,1+$AA396),2),0)","v":125},{"$f":"IF($A396=\"S\",VTOTAL1,IF($A396=0,0,ROUND(SomaAgrup,2)))","v":375},null,{"$f":"IF(OR($A396=0,$A396=\"S\",$A396>CFF!$A$9),\"\",MAX(W$11:OFFSET(W396,-1,0))+1)","v":""},{"$f":"IF(AND($J396=$G$2,$N396<>\"\",$M396<>\"\"),CONCATENATE($M396,\"-\",$N396))","v":"Serv. Terc.-017"},{"$f":"IF(X396<>FALSE,MATCH(X396,OFFSET(Banco,0,0,,1),0))","v":97},null,{"$f":"IF($J396=$G$2,ROUND(IF(ISNUMBER(S396),S396,IF(LEFT(S396,2)=\"DI\",HLOOKUP(S396,DADOS!$T$29:$X$30,2,FALSE),0)),4),\"\")","v":0.25}]
[{"$f":"CHOOSE(1+LOG(1+2*(J397=$C$2)+4*(J397=$D$2)+8*(J397=$E$2)+16*(J397=$F$2)+32*(J397=$G$2),2),0,1,2,3,4,\"S\")","v":"S"},{"$f":"IF(OR(A397=\"S\",A397=0),0,IF(ISERROR(I397),H397,SMALL(H397:I397,1)))","v":0},5,5,0,0,7,{"$f":"IF(OR($A397=\"S\",$A397=0),0,MATCH(0,OFFSET($B397,1,$A397,ROW($A$1504)-ROW($A397)),0))","v":0},{"$f":"IF(OR($A397=\"S\",$A397=0),0,MATCH(OFFSET($B397,0,$A397)+1,OFFSET($B397,1,$A397,ROW($A$1504)-ROW($A397)),0))","v":0},"Insumo",{"$f":"IF($A397=0,\"-\",CONCATENATE(C397&\".\",IF(AND($A$5>=2,$A397>=2),D397&\".\",\"\"),IF(AND($A$5>=3,$A397>=3),E397&\".\",\"\"),IF(AND($A$5>=4,$A397>=4),F397&\".\",\"\"),IF($A397=\"S\",G397&\".\",\"\")))","v":"5.5.7."},"Cotação","Serv. Terc.","002","Carro de som com gravação de vinheta","Horas",3,200,"DI 1",250,750,null,{"$f":"IF(OR($A397=0,$A397=\"S\",$A397>CFF!$A$9),\"\",MAX(W$11:OFFSET(W397,-1,0))+1)","v":""},"Serv. Terc.-002",{"$f":"IF(X397<>FALSE,MATCH(X397,OFFSET(Banco,0,0,,1),0))","v":82},null,{"$f":"IF($J397=$G$2,ROUND(IF(ISNUMBER(S397),S397,IF(LEFT(S397,2)=\"DI\",HLOOKUP(S397,DADOS!$T$29:$X$30,2,FALSE),0)),4),\"\")","v":0.25}]
["S",0,5,5,0,0,8,{"$f":"IF(OR($A398=\"S\",$A398=0),0,MATCH(0,OFFSET($B398,1,$A398,ROW($A$1504)-ROW($A398)),0))","v":0},{"$f":"IF(OR($A398=\"S\",$A398=0),0,MATCH(OFFSET($B398,0,$A398)+1,OFFSET($B398,1,$A398,ROW($A$1504)-ROW($A398)),0))","v":0},"Insumo","5.5.8.","Cotação","Serv. Terc.","005","Locação de caixa térmica","Unidade",2,40,"DI 1",50,100,null,{"$f":"IF(OR($A398=0,$A398=\"S\",$A398>CFF!$A$9),\"\",MAX(W$11:OFFSET(W398,-1,0))+1)","v":""},"Serv. Terc.-005",85,null,{"$f":"IF($J398=$G$2,ROUND(IF(ISNUMBER(S398),S398,IF(LEFT(S398,2)=\"DI\",HLOOKUP(S398,DADOS!$T$29:$X$30,2,FALSE),0)),4),\"\")","v":0.25}]
["S",0,5,5,0,0,9,{"$f":"IF(OR($A399=\"S\",$A399=0),0,MATCH(0,OFFSET($B399,1,$A399,ROW($A$1504)-ROW($A399)),0))","v":0},{"$f":"IF(OR($A399=\"S\",$A399=0),0,MATCH(OFFSET($B399,0,$A399)+1,OFFSET($B399,1,$A399,ROW($A$1504)-ROW($A399)),0))","v":0},"Insumo","5.5.9.","Cotação","Serv. Terc.","008","Locação de pula-pula com monitor","Unidade",2,220,"DI 1",275,550,null,{"$f":"IF(OR($A399=0,$A399=\"S\",$A399>CFF!$A$9),\"\",MAX(W$11:OFFSET(W399,-1,0))+1)","v":""},"Serv. Terc.-008",88,null,{"$f":"IF($J399=$G$2,ROUND(IF(ISNUMBER(S399),S399,IF(LEFT(S399,2)=\"DI\",HLOOKUP(S399,DADOS!$T$29:$X$30,2,FALSE),0)),4),\"\")","v":0.25}]
["S",0,5,5,0,0,10,{"$f":"IF(OR($A400=\"S\",$A400=0),0,MATCH(0,OFFSET($B400,1,$A400,ROW($A$1504)-ROW($A400)),0))","v":0},{"$f":"IF(OR($A400=\"S\",$A400=0),0,MATCH(OFFSET($B400,0,$A400)+1,OFFSET($B400,1,$A400,ROW($A$1504)-ROW($A400)),0))","v":0},"Insumo","5.5.10.","Cotação ","Serv. Terc.","011","Barra de gelo","Unidade",4,12,"DI 1",15,60,null,{"$f":"IF(OR($A400=0,$A400=\"S\",$A400>CFF!$A$9),\"\",MAX(W$11:OFFSET(W400,-1,0))+1)","v":""},"Serv. Terc.-011",91,null,{"$f":"IF($J400=$G$2,ROUND(IF(ISNUMBER(S400),S400,IF(LEFT(S400,2)=\"DI\",HLOOKUP(S400,DADOS!$T$29:$X$30,2,FALSE),0)),4),\"\")","v":0.25}]
["S",0,5,5,0,0,11,{"$f":"IF(OR($A401=\"S\",$A401=0),0,MATCH(0,OFFSET($B401,1,$A401,ROW($A$1504)-ROW($A401)),0))","v":0},{"$f":"IF(OR($A401=\"S\",$A401=0),0,MATCH(OFFSET($B401,0,$A401)+1,OFFSET($B401,1,$A401,ROW($A$1504)-ROW($A401)),0))","v":0},"Insumo","5.5.11.","Cotação","Serv. Terc.","013","Sucos","Unidade",12,6.4,"DI 1",8,96,null,{"$f":"IF(OR($A401=0,$A401=\"S\",$A401>CFF!$A$9),\"\",MAX(W$11:OFFSET(W401,-1,0))+1)","v":""},"Serv. Terc.-013",93,null,{"$f":"IF($J401=$G$2,ROUND(IF(ISNUMBER(S401),S401,IF(LEFT(S401,2)=\"DI\",HLOOKUP(S401,DADOS!$T$29:$X$30,2,FALSE),0)),4),\"\")","v":0.25}]
[{"$f":"CHOOSE(1+LOG(1+2*(J402=$C$2)+4*(J402=$D$2)+8*(J402=$E$2)+16*(J402=$F$2)+32*(J402=$G$2),2),0,1,2,3,4,\"S\")","v":"S"},{"$f":"IF(OR(A402=\"S\",A402=0),0,IF(ISERROR(I402),H402,SMALL(H402:I402,1)))","v":0},{"$f":"IF($A402=1,OFFSET(C402,-1,0)+1,OFFSET(C402,-1,0))","v":5},{"$f":"IF($A402=1,0,IF($A402=2,OFFSET(D402,-1,0)+1,OFFSET(D402,-1,0)))","v":5},{"$f":"IF(AND($A402<=2,$A402<>0),0,IF($A402=3,OFFSET(E402,-1,0)+1,OFFSET(E402,-1,0)))","v":0},{"$f":"IF(AND($A402<=3,$A402<>0),0,IF($A402=4,OFFSET(F402,-1,0)+1,OFFSET(F402,-1,0)))","v":0},{"$f":"IF(AND($A402<=4,$A402<>0),0,IF($A402=\"S\",OFFSET(G402,-1,0)+1,OFFSET(G402,-1,0)))","v":12},{"$f":"IF(OR($A402=\"S\",$A402=0),0,MATCH(0,OFFSET($B402,1,$A402,ROW($A$1504)-ROW($A402)),0))","v":0},{"$f":"IF(OR($A402=\"S\",$A402=0),0,MATCH(OFFSET($B402,0,$A402)+1,OFFSET($B402,1,$A402,ROW($A$1504)-ROW($A402)),0))","v":0},"Insumo",{"$f":"IF($A402=0,\"-\",CONCATENATE(C402&\".\",IF(AND($A$5>=2,$A402>=2),D402&\".\",\"\"),IF(AND($A$5>=3,$A402>=3),E402&\".\",\"\"),IF(AND($A$5>=4,$A402>=4),F402&\".\",\"\"),IF($A402=\"S\",G402&\".\",\"\")))","v":"5.5.12."},{"$f":"IF(NOT(ISERROR($Y402)),IF($Y402<>FALSE,INDEX(Banco,$Y402,4),\"\"),\"\")","v":"Cotação"},"Serv. Terc.","027",{"$f":"IF(NOT(ISERROR($Y402)),IF($Y402<>FALSE,INDEX(Banco,$Y402,5),\"\"),\"\")","v":"Refrigerantes (02 litros) "},{"$f":"IF(NOT(ISERROR($Y402)),IF($Y402<>FALSE,INDEX(Banco,$Y402,6),\"\"),\"\")","v":"Unidade"},20,{"$f":"IF(NOT(ISERROR($Y402)),IF($Y402<>FALSE,INDEX(Banco,$Y402,7),0),0)","v":6},"DI 1",{"$f":"IF($J402=$G$2,ROUND(ROUND($R402,2)*IF($R$9=\"Preço Unitário (R$)\",1,1+$AA402),2),0)","v":7.5},{"$f":"IF($A402=\"S\",VTOTAL1,IF($A402=0,0,ROUND(SomaAgrup,2)))","v":150},null,{"$f":"IF(OR($A402=0,$A402=\"S\",$A402>CFF!$A$9),\"\",MAX(W$11:OFFSET(W402,-1,0))+1)","v":""},{"$f":"IF(AND($J402=$G$2,$N402<>\"\",$M402<>\"\"),CONCATENATE($M402,\"-\",$N402))","v":"Serv. Terc.-027"},{"$f":"IF(X402<>FALSE,MATCH(X402,OFFSET(Banco,0,0,,1),0))","v":107},null,{"$f":"IF($J402=$G$2,ROUND(IF(ISNUMBER(S402),S402,IF(LEFT(S402,2)=\"DI\",HLOOKUP(S402,DADOS!$T$29:$X$30,2,FALSE),0)),4),\"\")","v":0.25}]
["S",0,{"$f":"IF($A403=1,OFFSET(C403,-1,0)+1,OFFSET(C403,-1,0))","v":5},{"$f":"IF($A403=1,0,IF($A403=2,OFFSET(D403,-1,0)+1,OFFSET(D403,-1,0)))","v":5},{"$f":"IF(AND($A403<=2,$A403<>0),0,IF($A403=3,OFFSET(E403,-1,0)+1,OFFSET(E403,-1,0)))","v":0},{"$f":"IF(AND($A403<=3,$A403<>0),0,IF($A403=4,OFFSET(F403,-1,0)+1,OFFSET(F403,-1,0)))","v":0},{"$f":"IF(AND($A403<=4,$A403<>0),0,IF($A403=\"S\",OFFSET(G403,-1,0)+1,OFFSET(G403,-1,0)))","v":13},{"$f":"IF(OR($A403=\"S\",$A403=0),0,MATCH(0,OFFSET($B403,1,$A403,ROW($A$1504)-ROW($A403)),0))","v":0},{"$f":"IF(OR($A403=\"S\",$A403=0),0,MATCH(OFFSET($B403,0,$A403)+1,OFFSET($B403,1,$A403,ROW($A$1504)-ROW($A403)),0))","v":0},"Insumo","5.5.13.",{"$f":"IF(NOT(ISERROR($Y403)),IF($Y403<>FALSE,INDEX(Banco,$Y403,4),\"\"),\"\")","v":"Cotação "},"Serv. Terc.","010",{"$f":"IF(NOT(ISERROR($Y403)),IF($Y403<>FALSE,INDEX(Banco,$Y403,5),\"\"),\"\")","v":"Brindes ( descrição nos orçamentos e PTS)"},{"$f":"IF(NOT(ISERROR($Y403)),IF($Y403<>FALSE,INDEX(Banco,$Y403,6),\"\"),\"\")","v":"Unidade"},4,{"$f":"IF(NOT(ISERROR($Y403)),IF($Y403<>FALSE,INDEX(Banco,$Y403,7),0),0)","v":120},"DI 1",{"$f":"IF($J403=$G$2,ROUND(ROUND($R403,2)*IF($R$9=\"Preço Unitário (R$)\",1,1+$AA403),2),0)","v":150},{"$f":"IF($A403=\"S\",VTOTAL1,IF($A403=0,0,ROUND(SomaAgrup,2)))","v":600},null,{"$f":"IF(OR($A403=0,$A403=\"S\",$A403>CFF!$A$9),\"\",MAX(W$11:OFFSET(W403,-1,0))+1)","v":""},{"$f":"IF(AND($J403=$G$2,$N403<>\"\",$M403<>\"\"),CONCATENATE($M403,\"-\",$N403))","v":"Serv. Terc.-010"},90,null,{"$f":"IF($J403=$G$2,ROUND(IF(ISNUMBER(S403),S403,IF(LEFT(S403,2)=\"DI\",HLOOKUP(S403,DADOS!$T$29:$X$30,2,FALSE),0)),4),\"\")","v":0.25}]
["S",0,5,5,0,0,14,{"$f":"IF(OR($A404=\"S\",$A404=0),0,MATCH(0,OFFSET($B404,1,$A404,ROW($A$1504)-ROW($A404)),0))","v":0},{"$f":"IF(OR($A404=\"S\",$A404=0),0,MATCH(OFFSET($B404,0,$A404)+1,OFFSET($B404,1,$A404,ROW($A$1504)-ROW($A404)),0))","v":0},"Insumo","5.5.14.","Cotação","Serv. Terc.","015","Coffee break (salgados)","Centro",15,65,"DI 1",81.25,1218.75,null,{"$f":"IF(OR($A404=0,$A404=\"S\",$A404>CFF!$A$9),\"\",MAX(W$11:OFFSET(W404,-1,0))+1)","v":""},"Serv. Terc.-015",95,null,{"$f":"IF($J404=$G$2,ROUND(IF(ISNUMBER(S404),S404,IF(LEFT(S404,2)=\"DI\",HLOOKUP(S404,DADOS!$T$29:$X$30,2,FALSE),0)),4),\"\")","v":0.25}]
[{"$f":"CHOOSE(1+LOG(1+2*(J405=$C$2)+4*(J405=$D$2)+8*(J405=$E$2)+16*(J405=$F$2)+32*(J405=$G$2),2),0,1,2,3,4,\"S\")","v":"S"},{"$f":"IF(OR(A405=\"S\",A405=0),0,IF(ISERROR(I405),H405,SMALL(H405:I405,1)))","v":0},{"$f":"IF($A405=1,OFFSET(C405,-1,0)+1,OFFSET(C405,-1,0))","v":5},{"$f":"IF($A405=1,0,IF($A405=2,OFFSET(D405,-1,0)+1,OFFSET(D405,-1,0)))","v":5},{"$f":"IF(AND($A405<=2,$A405<>0),0,IF($A405=3,OFFSET(E405,-1,0)+1,OFFSET(E405,-1,0)))","v":0},{"$f":"IF(AND($A405<=3,$A405<>0),0,IF($A405=4,OFFSET(F405,-1,0)+1,OFFSET(F405,-1,0)))","v":0},{"$f":"IF(AND($A405<=4,$A405<>0),0,IF($A405=\"S\",OFFSET(G405,-1,0)+1,OFFSET(G405,-1,0)))","v":15},{"$f":"IF(OR($A405=\"S\",$A405=0),0,MATCH(0,OFFSET($B405,1,$A405,ROW($A$1504)-ROW($A405)),0))","v":0},{"$f":"IF(OR($A405=\"S\",$A405=0),0,MATCH(OFFSET($B405,0,$A405)+1,OFFSET($B405,1,$A405,ROW($A$1504)-ROW($A405)),0))","v":0},"Insumo",{"$f":"IF($A405=0,\"-\",CONCATENATE(C405&\".\",IF(AND($A$5>=2,$A405>=2),D405&\".\",\"\"),IF(AND($A$5>=3,$A405>=3),E405&\".\",\"\"),IF(AND($A$5>=4,$A405>=4),F405&\".\",\"\"),IF($A405=\"S\",G405&\".\",\"\")))","v":"5.5.15."},{"$f":"IF(NOT(ISERROR($Y405)),IF($Y405<>FALSE,INDEX(Banco,$Y405,4),\"\"),\"\")","v":"OABMT"},"Serv. Terc.","087",{"$f":"IF(NOT(ISERROR($Y405)),IF($Y405<>FALSE,INDEX(Banco,$Y405,5),\"\"),\"\")","v":"Advogado"},{"$f":"IF(NOT(ISERROR($Y405)),IF($Y405<>FALSE,INDEX(Banco,$Y405,6),\"\"),\"\")","v":"Horas"},2,{"$f":"IF(NOT(ISERROR($Y405)),IF($Y405<>FALSE,INDEX(Banco,$Y405,7),0),0)","v":896.51},"DI 1",{"$f":"IF($J405=$G$2,ROUND(ROUND($R405,2)*IF($R$9=\"Preço Unitário (R$)\",1,1+$AA405),2),0)","v":1120.6400000000001},{"$f":"IF($A405=\"S\",VTOTAL1,IF($A405=0,0,ROUND(SomaAgrup,2)))","v":2241.2800000000002},null,{"$f":"IF(OR($A405=0,$A405=\"S\",$A405>CFF!$A$9),\"\",MAX(W$11:OFFSET(W405,-1,0))+1)","v":""},{"$f":"IF(AND($J405=$G$2,$N405<>\"\",$M405<>\"\"),CONCATENATE($M405,\"-\",$N405))","v":"Serv. Terc.-087"},{"$f":"IF(X405<>FALSE,MATCH(X405,OFFSET(Banco,0,0,,1),0))","v":167},null,{"$f":"IF($J405=$G$2,ROUND(IF(ISNUMBER(S405),S405,IF(LEFT(S405,2)=\"DI\",HLOOKUP(S405,DADOS!$T$29:$X$30,2,FALSE),0)),4),\"\")","v":0.25}]
["S",0,5,5,0,0,16,{"$f":"IF(OR($A406=\"S\",$A406=0),0,MATCH(0,OFFSET($B406,1,$A406,ROW($A$1504)-ROW($A406)),0))","v":0},{"$f":"IF(OR($A406=\"S\",$A406=0),0,MATCH(OFFSET($B406,0,$A406)+1,OFFSET($B406,1,$A406,ROW($A$1504)-ROW($A406)),0))","v":0},"Insumo","5.5.16.","Cotação","Rec. Materiais","020","Guloseimas (balas e pirulito)","Pacote",4,12,"DI 1",15,60,null,{"$f":"IF(OR($A406=0,$A406=\"S\",$A406>CFF!$A$9),\"\",MAX(W$11:OFFSET(W406,-1,0))+1)","v":""},"Rec. Materiais-020",29,null,{"$f":"IF($J406=$G$2,ROUND(IF(ISNUMBER(S406),S406,IF(LEFT(S406,2)=\"DI\",HLOOKUP(S406,DADOS!$T$29:$X$30,2,FALSE),0)),4),\"\")","v":0.25}]
["S",0,5,5,0,0,17,{"$f":"IF(OR($A407=\"S\",$A407=0),0,MATCH(0,OFFSET($B407,1,$A407,ROW($A$1504)-ROW($A407)),0))","v":0},{"$f":"IF(OR($A407=\"S\",$A407=0),0,MATCH(OFFSET($B407,0,$A407)+1,OFFSET($B407,1,$A407,ROW($A$1504)-ROW($A407)),0))","v":0},"Insumo","5.5.17.","Cotação","Rec. Materiais","021","Papel de presente","Folhas",8.15,1.5,"DI 1",1.88,15.32,null,{"$f":"IF(OR($A407=0,$A407=\"S\",$A407>CFF!$A$9),\"\",MAX(W$11:OFFSET(W407,-1,0))+1)","v":""},"Rec. Materiais-021",30,null,{"$f":"IF($J407=$G$2,ROUND(IF(ISNUMBER(S407),S407,IF(LEFT(S407,2)=\"DI\",HLOOKUP(S407,DADOS!$T$29:$X$30,2,FALSE),0)),4),\"\")","v":0.25}]
["S",0,5,5,0,0,18,{"$f":"IF(OR($A408=\"S\",$A408=0),0,MATCH(0,OFFSET($B408,1,$A408,ROW($A$1504)-ROW($A408)),0))","v":0},{"$f":"IF(OR($A408=\"S\",$A408=0),0,MATCH(OFFSET($B408,0,$A408)+1,OFFSET($B408,1,$A408,ROW($A$1504)-ROW($A408)),0))","v":0},"Insumo","5.5.18.","Cotação","Rec. Materiais","026","Saco de lixo (100 litros)","Pacote",2,15,"DI 1",18.75,37.5,null,{"$f":"IF(OR($A408=0,$A408=\"S\",$A408>CFF!$A$9),\"\",MAX(W$11:OFFSET(W408,-1,0))+1)","v":""},"Rec. Materiais-026",35,null,{"$f":"IF($J408=$G$2,ROUND(IF(ISNUMBER(S408),S408,IF(LEFT(S408,2)=\"DI\",HLOOKUP(S408,DADOS!$T$29:$X$30,2,FALSE),0)),4),\"\")","v":0.25}]
[{"$f":"CHOOSE(1+LOG(1+2*(J409=$C$2)+4*(J409=$D$2)+8*(J409=$E$2)+16*(J409=$F$2)+32*(J409=$G$2),2),0,1,2,3,4,\"S\")","v":1},{"$f":"IF(OR(A409=\"S\",A409=0),0,IF(ISERROR(I409),H409,SMALL(H409:I409,1)))","v":82},{"$f":"IF($A409=1,OFFSET(C409,-1,0)+1,OFFSET(C409,-1,0))","v":6},{"$f":"IF($A409=1,0,IF($A409=2,OFFSET(D409,-1,0)+1,OFFSET(D409,-1,0)))","v":0},{"$f":"IF(AND($A409<=2,$A409<>0),0,IF($A409=3,OFFSET(E409,-1,0)+1,OFFSET(E409,-1,0)))","v":0},{"$f":"IF(AND($A409<=3,$A409<>0),0,IF($A409=4,OFFSET(F409,-1,0)+1,OFFSET(F409,-1,0)))","v":0},{"$f":"IF(AND($A409<=4,$A409<>0),0,IF($A409=\"S\",OFFSET(G409,-1,0)+1,OFFSET(G409,-1,0)))","v":0},{"$f":"IF(OR($A409=\"S\",$A409=0),0,MATCH(0,OFFSET($B409,1,$A409,ROW($A$1504)-ROW($A409)),0))","v":1095},{"$f":"IF(OR($A409=\"S\",$A409=0),0,MATCH(OFFSET($B409,0,$A409)+1,OFFSET($B409,1,$A409,ROW($A$1504)-ROW($A409)),0))","v":82},"Ação",{"$f":"IF($A409=0,\"-\",CONCATENATE(C409&\".\",IF(AND($A$5>=2,$A409>=2),D409&\".\",\"\"),IF(AND($A$5>=3,$A409>=3),E409&\".\",\"\"),IF(AND($A$5>=4,$A409>=4),F409&\".\",\"\"),IF($A409=\"S\",G409&\".\",\"\")))","v":"6."},{"$f":"IF(NOT(ISERROR($Y409)),IF($Y409<>FALSE,INDEX(Banco,$Y409,4),\"\"),\"\")","v":""},null,null,"MÊS 06 - INFORMAÇÕES/OFICINAS",{"$f":"IF(NOT(ISERROR($Y409)),IF($Y409<>FALSE,INDEX(Banco,$Y409,6),\"\"),\"\")","v":""},null,{"$f":"IF(NOT(ISERROR($Y409)),IF($Y409<>FALSE,INDEX(Banco,$Y409,7),0),0)","v":0},"DI 1",{"$f":"IF($J409=$G$2,ROUND(ROUND($R409,2)*IF($R$9=\"Preço Unitário (R$)\",1,1+$AA409),2),0)","v":0},{"$f":"IF($A409=\"S\",VTOTAL1,IF($A409=0,0,ROUND(SomaAgrup,2)))","v":34125.56},null,{"$f":"IF(OR($A409=0,$A409=\"S\",$A409>CFF!$A$9),\"\",MAX(W$11:OFFSET(W409,-1,0))+1)","v":33},{"$f":"IF(AND($J409=$G$2,$N409<>\"\",$M409<>\"\"),CONCATENATE($M409,\"-\",$N409))","v":false},{"$f":"IF(X409<>FALSE,MATCH(X409,OFFSET(Banco,0,0,,1),0))","v":false},null,{"$f":"IF($J409=$G$2,ROUND(IF(ISNUMBER(S409),S409,IF(LEFT(S409,2)=\"DI\",HLOOKUP(S409,DADOS!$T$29:$X$30,2,FALSE),0)),4),\"\")","v":""}]
[{"$f":"CHOOSE(1+LOG(1+2*(J410=$C$2)+4*(J410=$D$2)+8*(J410=$E$2)+16*(J410=$F$2)+32*(J410=$G$2),2),0,1,2,3,4,\"S\")","v":2},{"$f":"IF(OR(A410=\"S\",A410=0),0,IF(ISERROR(I410),H410,SMALL(H410:I410,1)))","v":27},{"$f":"IF($A410=1,OFFSET(C410,-1,0)+1,OFFSET(C410,-1,0))","v":6},{"$f":"IF($A410=1,0,IF($A410=2,OFFSET(D410,-1,0)+1,OFFSET(D410,-1,0)))","v":1},{"$f":"IF(AND($A410<=2,$A410<>0),0,IF($A410=3,OFFSET(E410,-1,0)+1,OFFSET(E410,-1,0)))","v":0},{"$f":"IF(AND($A410<=3,$A410<>0),0,IF($A410=4,OFFSET(F410,-1,0)+1,OFFSET(F410,-1,0)))","v":0},{"$f":"IF(AND($A410<=4,$A410<>0),0,IF($A410=\"S\",OFFSET(G410,-1,0)+1,OFFSET(G410,-1,0)))","v":0},{"$f":"IF(OR($A410=\"S\",$A410=0),0,MATCH(0,OFFSET($B410,1,$A410,ROW($A$1504)-ROW($A410)),0))","v":81},{"$f":"IF(OR($A410=\"S\",$A410=0),0,MATCH(OFFSET($B410,0,$A410)+1,OFFSET($B410,1,$A410,ROW($A$1504)-ROW($A410)),0))","v":27},"AtivNível 1",{"$f":"IF($A410=0,\"-\",CONCATENATE(C410&\".\",IF(AND($A$5>=2,$A410>=2),D410&\".\",\"\"),IF(AND($A$5>=3,$A410>=3),E410&\".\",\"\"),IF(AND($A$5>=4,$A410>=4),F410&\".\",\"\"),IF($A410=\"S\",G410&\".\",\"\")))","v":"6.1."},{"$f":"IF(NOT(ISERROR($Y410)),IF($Y410<>FALSE,INDEX(Banco,$Y410,4),\"\"),\"\")","v":""},null,null,"Atividade 28 - Oficina como fazer e manter vasos e canteiros de plantas medicinais região Parque São João",{"$f":"IF(NOT(ISERROR($Y410)),IF($Y410<>FALSE,INDEX(Banco,$Y410,6),\"\"),\"\")","v":""},null,{"$f":"IF(NOT(ISERROR($Y410)),IF($Y410<>FALSE,INDEX(Banco,$Y410,7),0),0)","v":0},"DI 1",{"$f":"IF($J410=$G$2,ROUND(ROUND($R410,2)*IF($R$9=\"Preço Unitário (R$)\",1,1+$AA410),2),0)","v":0},{"$f":"IF($A410=\"S\",VTOTAL1,IF($A410=0,0,ROUND(SomaAgrup,2)))","v":13065.6},null,{"$f":"IF(OR($A410=0,$A410=\"S\",$A410>CFF!$A$9),\"\",MAX(W$11:OFFSET(W410,-1,0))+1)","v":34},{"$f":"IF(AND($J410=$G$2,$N410<>\"\",$M410<>\"\"),CONCATENATE($M410,\"-\",$N410))","v":false},{"$f":"IF(X410<>FALSE,MATCH(X410,OFFSET(Banco,0,0,,1),0))","v":false},null,{"$f":"IF($J410=$G$2,ROUND(IF(ISNUMBER(S410),S410,IF(LEFT(S410,2)=\"DI\",HLOOKUP(S410,DADOS!$T$29:$X$30,2,FALSE),0)),4),\"\")","v":""}]
[{"$f":"CHOOSE(1+LOG(1+2*(J411=$C$2)+4*(J411=$D$2)+8*(J411=$E$2)+16*(J411=$F$2)+32*(J411=$G$2),2),0,1,2,3,4,\"S\")","v":"S"},{"$f":"IF(OR(A411=\"S\",A411=0),0,IF(ISERROR(I411),H411,SMALL(H411:I411,1)))","v":0},{"$f":"IF($A411=1,OFFSET(C411,-1,0)+1,OFFSET(C411,-1,0))","v":6},{"$f":"IF($A411=1,0,IF($A411=2,OFFSET(D411,-1,0)+1,OFFSET(D411,-1,0)))","v":1},{"$f":"IF(AND($A411<=2,$A411<>0),0,IF($A411=3,OFFSET(E411,-1,0)+1,OFFSET(E411,-1,0)))","v":0},{"$f":"IF(AND($A411<=3,$A411<>0),0,IF($A411=4,OFFSET(F411,-1,0)+1,OFFSET(F411,-1,0)))","v":0},{"$f":"IF(AND($A411<=4,$A411<>0),0,IF($A411=\"S\",OFFSET(G411,-1,0)+1,OFFSET(G411,-1,0)))","v":1},{"$f":"IF(OR($A411=\"S\",$A411=0),0,MATCH(0,OFFSET($B411,1,$A411,ROW($A$1504)-ROW($A411)),0))","v":0},{"$f":"IF(OR($A411=\"S\",$A411=0),0,MATCH(OFFSET($B411,0,$A411)+1,OFFSET($B411,1,$A411,ROW($A$1504)-ROW($A411)),0))","v":0},"Insumo",{"$f":"IF($A411=0,\"-\",CONCATENATE(C411&\".\",IF(AND($A$5>=2,$A411>=2),D411&\".\",\"\"),IF(AND($A$5>=3,$A411>=3),E411&\".\",\"\"),IF(AND($A$5>=4,$A411>=4),F411&\".\",\"\"),IF($A411=\"S\",G411&\".\",\"\")))","v":"6.1.1."},{"$f":"IF(NOT(ISERROR($Y411)),IF($Y411<>FALSE,INDEX(Banco,$Y411,4),\"\"),\"\")","v":"CRESS"},"Rec. Humanos","001",{"$f":"IF(NOT(ISERROR($Y411)),IF($Y411<>FALSE,INDEX(Banco,$Y411,5),\"\"),\"\")","v":"Responsável Técnica"},{"$f":"IF(NOT(ISERROR($Y411)),IF($Y411<>FALSE,INDEX(Banco,$Y411,6),\"\"),\"\")","v":"Horas"},8,{"$f":"IF(NOT(ISERROR($Y411)),IF($Y411<>FALSE,INDEX(Banco,$Y411,7),0),0)","v":150.28},"DI 1",{"$f":"IF($J411=$G$2,ROUND(ROUND($R411,2)*IF($R$9=\"Preço Unitário (R$)\",1,1+$AA411),2),0)","v":187.85},{"$f":"IF($A411=\"S\",VTOTAL1,IF($A411=0,0,ROUND(SomaAgrup,2)))","v":1502.8},null,{"$f":"IF(OR($A411=0,$A411=\"S\",$A411>CFF!$A$9),\"\",MAX(W$11:OFFSET(W411,-1,0))+1)","v":""},{"$f":"IF(AND($J411=$G$2,$N411<>\"\",$M411<>\"\"),CONCATENATE($M411,\"-\",$N411))","v":"Rec. Humanos-001"},{"$f":"IF(X411<>FALSE,MATCH(X411,OFFSET(Banco,0,0,,1),0))","v":3},null,{"$f":"IF($J411=$G$2,ROUND(IF(ISNUMBER(S411),S411,IF(LEFT(S411,2)=\"DI\",HLOOKUP(S411,DADOS!$T$29:$X$30,2,FALSE),0)),4),\"\")","v":0.25}]
["S",0,6,1,0,0,2,{"$f":"IF(OR($A412=\"S\",$A412=0),0,MATCH(0,OFFSET($B412,1,$A412,ROW($A$1504)-ROW($A412)),0))","v":0},{"$f":"IF(OR($A412=\"S\",$A412=0),0,MATCH(OFFSET($B412,0,$A412)+1,OFFSET($B412,1,$A412,ROW($A$1504)-ROW($A412)),0))","v":0},"Insumo","6.1.2.","CRESS","Rec. Humanos","002","Assistente Social","Horas",4,133.81,"DI 1",167.26,669.04,null,{"$f":"IF(OR($A412=0,$A412=\"S\",$A412>CFF!$A$9),\"\",MAX(W$11:OFFSET(W412,-1,0))+1)","v":""},"Rec. Humanos-002",4,null,{"$f":"IF($J412=$G$2,ROUND(IF(ISNUMBER(S412),S412,IF(LEFT(S412,2)=\"DI\",HLOOKUP(S412,DADOS!$T$29:$X$30,2,FALSE),0)),4),\"\")","v":0.25}]
["S",0,6,1,0,0,3,{"$f":"IF(OR($A413=\"S\",$A413=0),0,MATCH(0,OFFSET($B413,1,$A413,ROW($A$1504)-ROW($A413)),0))","v":0},{"$f":"IF(OR($A413=\"S\",$A413=0),0,MATCH(OFFSET($B413,0,$A413)+1,OFFSET($B413,1,$A413,ROW($A$1504)-ROW($A413)),0))","v":0},"Insumo","6.1.3.","Cotação","Rec. Humanos","003","Administrador (Técnico de Apoio) ","Horas",4,103.65,"DI 1",129.56,518.24,null,{"$f":"IF(OR($A413=0,$A413=\"S\",$A413>CFF!$A$9),\"\",MAX(W$11:OFFSET(W413,-1,0))+1)","v":""},"Rec. Humanos-003",5,null,{"$f":"IF($J413=$G$2,ROUND(IF(ISNUMBER(S413),S413,IF(LEFT(S413,2)=\"DI\",HLOOKUP(S413,DADOS!$T$29:$X$30,2,FALSE),0)),4),\"\")","v":0.25}]
["S",0,6,1,0,0,4,{"$f":"IF(OR($A414=\"S\",$A414=0),0,MATCH(0,OFFSET($B414,1,$A414,ROW($A$1504)-ROW($A414)),0))","v":0},{"$f":"IF(OR($A414=\"S\",$A414=0),0,MATCH(OFFSET($B414,0,$A414)+1,OFFSET($B414,1,$A414,ROW($A$1504)-ROW($A414)),0))","v":0},"Insumo","6.1.4.","SINE","Rec. Humanos","004","Estagiários","Horas",16,9.7899999999999991,"DI 1",12.24,195.84,null,{"$f":"IF(OR($A414=0,$A414=\"S\",$A414>CFF!$A$9),\"\",MAX(W$11:OFFSET(W414,-1,0))+1)","v":""},"Rec. Humanos-004",6,null,{"$f":"IF($J414=$G$2,ROUND(IF(ISNUMBER(S414),S414,IF(LEFT(S414,2)=\"DI\",HLOOKUP(S414,DADOS!$T$29:$X$30,2,FALSE),0)),4),\"\")","v":0.25}]
["S",0,6,1,0,0,5,{"$f":"IF(OR($A415=\"S\",$A415=0),0,MATCH(0,OFFSET($B415,1,$A415,ROW($A$1504)-ROW($A415)),0))","v":0},{"$f":"IF(OR($A415=\"S\",$A415=0),0,MATCH(OFFSET($B415,0,$A415)+1,OFFSET($B415,1,$A415,ROW($A$1504)-ROW($A415)),0))","v":0},"Insumo","6.1.5.","Cotação","Serv. Terc.","001","Fotocópias","Unidade",200,0.3,"DI 1",0.38,76,null,{"$f":"IF(OR($A415=0,$A415=\"S\",$A415>CFF!$A$9),\"\",MAX(W$11:OFFSET(W415,-1,0))+1)","v":""},"Serv. Terc.-001",81,null,{"$f":"IF($J415=$G$2,ROUND(IF(ISNUMBER(S415),S415,IF(LEFT(S415,2)=\"DI\",HLOOKUP(S415,DADOS!$T$29:$X$30,2,FALSE),0)),4),\"\")","v":0.25}]
["S",0,6,1,0,0,6,{"$f":"IF(OR($A416=\"S\",$A416=0),0,MATCH(0,OFFSET($B416,1,$A416,ROW($A$1504)-ROW($A416)),0))","v":0},{"$f":"IF(OR($A416=\"S\",$A416=0),0,MATCH(OFFSET($B416,0,$A416)+1,OFFSET($B416,1,$A416,ROW($A$1504)-ROW($A416)),0))","v":0},"Insumo","6.1.6.","Cotação","Serv. Terc.","017","Instrutor/Monitor (Educação Fisíca)","Horas",3,100,"DI 1",125,375,null,{"$f":"IF(OR($A416=0,$A416=\"S\",$A416>CFF!$A$9),\"\",MAX(W$11:OFFSET(W416,-1,0))+1)","v":""},"Serv. Terc.-017",97,null,{"$f":"IF($J416=$G$2,ROUND(IF(ISNUMBER(S416),S416,IF(LEFT(S416,2)=\"DI\",HLOOKUP(S416,DADOS!$T$29:$X$30,2,FALSE),0)),4),\"\")","v":0.25}]
["S",0,6,1,0,0,7,{"$f":"IF(OR($A417=\"S\",$A417=0),0,MATCH(0,OFFSET($B417,1,$A417,ROW($A$1504)-ROW($A417)),0))","v":0},{"$f":"IF(OR($A417=\"S\",$A417=0),0,MATCH(OFFSET($B417,0,$A417)+1,OFFSET($B417,1,$A417,ROW($A$1504)-ROW($A417)),0))","v":0},"Insumo","6.1.7.","Cotação","Serv. Terc.","002","Carro de som com gravação de vinheta","Horas",3,200,"DI 1",250,750,null,{"$f":"IF(OR($A417=0,$A417=\"S\",$A417>CFF!$A$9),\"\",MAX(W$11:OFFSET(W417,-1,0))+1)","v":""},"Serv. Terc.-002",82,null,{"$f":"IF($J417=$G$2,ROUND(IF(ISNUMBER(S417),S417,IF(LEFT(S417,2)=\"DI\",HLOOKUP(S417,DADOS!$T$29:$X$30,2,FALSE),0)),4),\"\")","v":0.25}]
["S",0,6,1,0,0,8,{"$f":"IF(OR($A418=\"S\",$A418=0),0,MATCH(0,OFFSET($B418,1,$A418,ROW($A$1504)-ROW($A418)),0))","v":0},{"$f":"IF(OR($A418=\"S\",$A418=0),0,MATCH(OFFSET($B418,0,$A418)+1,OFFSET($B418,1,$A418,ROW($A$1504)-ROW($A418)),0))","v":0},"Insumo","6.1.8.","Cotação","Serv. Terc.","003","Locação de mesas","Unidade",30,3,"DI 1",3.75,112.5,null,{"$f":"IF(OR($A418=0,$A418=\"S\",$A418>CFF!$A$9),\"\",MAX(W$11:OFFSET(W418,-1,0))+1)","v":""},"Serv. Terc.-003",83,null,{"$f":"IF($J418=$G$2,ROUND(IF(ISNUMBER(S418),S418,IF(LEFT(S418,2)=\"DI\",HLOOKUP(S418,DADOS!$T$29:$X$30,2,FALSE),0)),4),\"\")","v":0.25}]
["S",0,6,1,0,0,9,{"$f":"IF(OR($A419=\"S\",$A419=0),0,MATCH(0,OFFSET($B419,1,$A419,ROW($A$1504)-ROW($A419)),0))","v":0},{"$f":"IF(OR($A419=\"S\",$A419=0),0,MATCH(OFFSET($B419,0,$A419)+1,OFFSET($B419,1,$A419,ROW($A$1504)-ROW($A419)),0))","v":0},"Insumo","6.1.9.","Cotação","Serv. Terc.","004","Locação de cadeiras","Unidade",200,2,"DI 1",2.5,500,null,{"$f":"IF(OR($A419=0,$A419=\"S\",$A419>CFF!$A$9),\"\",MAX(W$11:OFFSET(W419,-1,0))+1)","v":""},"Serv. Terc.-004",84,null,{"$f":"IF($J419=$G$2,ROUND(IF(ISNUMBER(S419),S419,IF(LEFT(S419,2)=\"DI\",HLOOKUP(S419,DADOS!$T$29:$X$30,2,FALSE),0)),4),\"\")","v":0.25}]
["S",0,6,1,0,0,10,{"$f":"IF(OR($A420=\"S\",$A420=0),0,MATCH(0,OFFSET($B420,1,$A420,ROW($A$1504)-ROW($A420)),0))","v":0},{"$f":"IF(OR($A420=\"S\",$A420=0),0,MATCH(OFFSET($B420,0,$A420)+1,OFFSET($B420,1,$A420,ROW($A$1504)-ROW($A420)),0))","v":0},"Insumo","6.1.10.","Cotação","Serv. Terc.","005","Locação de caixa térmica","Unidade",2,40,"DI 1",50,100,null,{"$f":"IF(OR($A420=0,$A420=\"S\",$A420>CFF!$A$9),\"\",MAX(W$11:OFFSET(W420,-1,0))+1)","v":""},"Serv. Terc.-005",85,null,{"$f":"IF($J420=$G$2,ROUND(IF(ISNUMBER(S420),S420,IF(LEFT(S420,2)=\"DI\",HLOOKUP(S420,DADOS!$T$29:$X$30,2,FALSE),0)),4),\"\")","v":0.25}]
["S",0,6,1,0,0,11,{"$f":"IF(OR($A421=\"S\",$A421=0),0,MATCH(0,OFFSET($B421,1,$A421,ROW($A$1504)-ROW($A421)),0))","v":0},{"$f":"IF(OR($A421=\"S\",$A421=0),0,MATCH(OFFSET($B421,0,$A421)+1,OFFSET($B421,1,$A421,ROW($A$1504)-ROW($A421)),0))","v":0},"Insumo","6.1.11.","Cotação","Serv. Terc.","006","Locação de tendas","Unidade",3,250,"DI 1",312.5,937.5,null,{"$f":"IF(OR($A421=0,$A421=\"S\",$A421>CFF!$A$9),\"\",MAX(W$11:OFFSET(W421,-1,0))+1)","v":""},"Serv. Terc.-006",86,null,{"$f":"IF($J421=$G$2,ROUND(IF(ISNUMBER(S421),S421,IF(LEFT(S421,2)=\"DI\",HLOOKUP(S421,DADOS!$T$29:$X$30,2,FALSE),0)),4),\"\")","v":0.25}]
["S",0,6,1,0,0,12,{"$f":"IF(OR($A422=\"S\",$A422=0),0,MATCH(0,OFFSET($B422,1,$A422,ROW($A$1504)-ROW($A422)),0))","v":0},{"$f":"IF(OR($A422=\"S\",$A422=0),0,MATCH(OFFSET($B422,0,$A422)+1,OFFSET($B422,1,$A422,ROW($A$1504)-ROW($A422)),0))","v":0},"Insumo","6.1.12.","Cotação","Serv. Terc.","012","Água (garrafão de 20 litros)","Unidade",2,10,"DI 1",12.5,25,null,{"$f":"IF(OR($A422=0,$A422=\"S\",$A422>CFF!$A$9),\"\",MAX(W$11:OFFSET(W422,-1,0))+1)","v":""},"Serv. Terc.-012",92,null,{"$f":"IF($J422=$G$2,ROUND(IF(ISNUMBER(S422),S422,IF(LEFT(S422,2)=\"DI\",HLOOKUP(S422,DADOS!$T$29:$X$30,2,FALSE),0)),4),\"\")","v":0.25}]
["S",0,6,1,0,0,13,{"$f":"IF(OR($A423=\"S\",$A423=0),0,MATCH(0,OFFSET($B423,1,$A423,ROW($A$1504)-ROW($A423)),0))","v":0},{"$f":"IF(OR($A423=\"S\",$A423=0),0,MATCH(OFFSET($B423,0,$A423)+1,OFFSET($B423,1,$A423,ROW($A$1504)-ROW($A423)),0))","v":0},"Insumo","6.1.13.","Cotação ","Serv. Terc.","011","Barra de gelo","Unidade",6,12,"DI 1",15,90,null,{"$f":"IF(OR($A423=0,$A423=\"S\",$A423>CFF!$A$9),\"\",MAX(W$11:OFFSET(W423,-1,0))+1)","v":""},"Serv. Terc.-011",91,null,{"$f":"IF($J423=$G$2,ROUND(IF(ISNUMBER(S423),S423,IF(LEFT(S423,2)=\"DI\",HLOOKUP(S423,DADOS!$T$29:$X$30,2,FALSE),0)),4),\"\")","v":0.25}]
["S",0,6,1,0,0,14,{"$f":"IF(OR($A424=\"S\",$A424=0),0,MATCH(0,OFFSET($B424,1,$A424,ROW($A$1504)-ROW($A424)),0))","v":0},{"$f":"IF(OR($A424=\"S\",$A424=0),0,MATCH(OFFSET($B424,0,$A424)+1,OFFSET($B424,1,$A424,ROW($A$1504)-ROW($A424)),0))","v":0},"Insumo","6.1.14.","Cotação","Serv. Terc.","013","Sucos","Unidade",6,6.4,"DI 1",8,48,null,{"$f":"IF(OR($A424=0,$A424=\"S\",$A424>CFF!$A$9),\"\",MAX(W$11:OFFSET(W424,-1,0))+1)","v":""},"Serv. Terc.-013",93,null,{"$f":"IF($J424=$G$2,ROUND(IF(ISNUMBER(S424),S424,IF(LEFT(S424,2)=\"DI\",HLOOKUP(S424,DADOS!$T$29:$X$30,2,FALSE),0)),4),\"\")","v":0.25}]
[{"$f":"CHOOSE(1+LOG(1+2*(J425=$C$2)+4*(J425=$D$2)+8*(J425=$E$2)+16*(J425=$F$2)+32*(J425=$G$2),2),0,1,2,3,4,\"S\")","v":"S"},{"$f":"IF(OR(A425=\"S\",A425=0),0,IF(ISERROR(I425),H425,SMALL(H425:I425,1)))","v":0},{"$f":"IF($A425=1,OFFSET(C425,-1,0)+1,OFFSET(C425,-1,0))","v":6},{"$f":"IF($A425=1,0,IF($A425=2,OFFSET(D425,-1,0)+1,OFFSET(D425,-1,0)))","v":1},{"$f":"IF(AND($A425<=2,$A425<>0),0,IF($A425=3,OFFSET(E425,-1,0)+1,OFFSET(E425,-1,0)))","v":0},{"$f":"IF(AND($A425<=3,$A425<>0),0,IF($A425=4,OFFSET(F425,-1,0)+1,OFFSET(F425,-1,0)))","v":0},{"$f":"IF(AND($A425<=4,$A425<>0),0,IF($A425=\"S\",OFFSET(G425,-1,0)+1,OFFSET(G425,-1,0)))","v":15},{"$f":"IF(OR($A425=\"S\",$A425=0),0,MATCH(0,OFFSET($B425,1,$A425,ROW($A$1504)-ROW($A425)),0))","v":0},{"$f":"IF(OR($A425=\"S\",$A425=0),0,MATCH(OFFSET($B425,0,$A425)+1,OFFSET($B425,1,$A425,ROW($A$1504)-ROW($A425)),0))","v":0},"Insumo",{"$f":"IF($A425=0,\"-\",CONCATENATE(C425&\".\",IF(AND($A$5>=2,$A425>=2),D425&\".\",\"\"),IF(AND($A$5>=3,$A425>=3),E425&\".\",\"\"),IF(AND($A$5>=4,$A425>=4),F425&\".\",\"\"),IF($A425=\"S\",G425&\".\",\"\")))","v":"6.1.15."},{"$f":"IF(NOT(ISERROR($Y425)),IF($Y425<>FALSE,INDEX(Banco,$Y425,4),\"\"),\"\")","v":"Cotação"},"Serv. Terc.","027",{"$f":"IF(NOT(ISERROR($Y425)),IF($Y425<>FALSE,INDEX(Banco,$Y425,5),\"\"),\"\")","v":"Refrigerantes (02 litros) "},{"$f":"IF(NOT(ISERROR($Y425)),IF($Y425<>FALSE,INDEX(Banco,$Y425,6),\"\"),\"\")","v":"Unidade"},20,{"$f":"IF(NOT(ISERROR($Y425)),IF($Y425<>FALSE,INDEX(Banco,$Y425,7),0),0)","v":6},"DI 1",{"$f":"IF($J425=$G$2,ROUND(ROUND($R425,2)*IF($R$9=\"Preço Unitário (R$)\",1,1+$AA425),2),0)","v":7.5},{"$f":"IF($A425=\"S\",VTOTAL1,IF($A425=0,0,ROUND(SomaAgrup,2)))","v":150},null,{"$f":"IF(OR($A425=0,$A425=\"S\",$A425>CFF!$A$9),\"\",MAX(W$11:OFFSET(W425,-1,0))+1)","v":""},{"$f":"IF(AND($J425=$G$2,$N425<>\"\",$M425<>\"\"),CONCATENATE($M425,\"-\",$N425))","v":"Serv. Terc.-027"},{"$f":"IF(X425<>FALSE,MATCH(X425,OFFSET(Banco,0,0,,1),0))","v":107},null,{"$f":"IF($J425=$G$2,ROUND(IF(ISNUMBER(S425),S425,IF(LEFT(S425,2)=\"DI\",HLOOKUP(S425,DADOS!$T$29:$X$30,2,FALSE),0)),4),\"\")","v":0.25}]
["S",0,6,1,0,0,16,{"$f":"IF(OR($A426=\"S\",$A426=0),0,MATCH(0,OFFSET($B426,1,$A426,ROW($A$1504)-ROW($A426)),0))","v":0},{"$f":"IF(OR($A426=\"S\",$A426=0),0,MATCH(OFFSET($B426,0,$A426)+1,OFFSET($B426,1,$A426,ROW($A$1504)-ROW($A426)),0))","v":0},"Insumo","6.1.16.","Cotação ","Serv. Terc.","010","Brindes ( descrição nos orçamentos e PTS)","Unidade",8,120,"DI 1",150,1200,null,{"$f":"IF(OR($A426=0,$A426=\"S\",$A426>CFF!$A$9),\"\",MAX(W$11:OFFSET(W426,-1,0))+1)","v":""},"Serv. Terc.-010",90,null,{"$f":"IF($J426=$G$2,ROUND(IF(ISNUMBER(S426),S426,IF(LEFT(S426,2)=\"DI\",HLOOKUP(S426,DADOS!$T$29:$X$30,2,FALSE),0)),4),\"\")","v":0.25}]
["S",0,6,1,0,0,17,{"$f":"IF(OR($A427=\"S\",$A427=0),0,MATCH(0,OFFSET($B427,1,$A427,ROW($A$1504)-ROW($A427)),0))","v":0},{"$f":"IF(OR($A427=\"S\",$A427=0),0,MATCH(OFFSET($B427,0,$A427)+1,OFFSET($B427,1,$A427,ROW($A$1504)-ROW($A427)),0))","v":0},"Insumo","6.1.17.","Cotação","Serv. Terc.","015","Coffee break (salgados)","Centro",24,65,"DI 1",81.25,1950,null,{"$f":"IF(OR($A427=0,$A427=\"S\",$A427>CFF!$A$9),\"\",MAX(W$11:OFFSET(W427,-1,0))+1)","v":""},"Serv. Terc.-015",95,null,{"$f":"IF($J427=$G$2,ROUND(IF(ISNUMBER(S427),S427,IF(LEFT(S427,2)=\"DI\",HLOOKUP(S427,DADOS!$T$29:$X$30,2,FALSE),0)),4),\"\")","v":0.25}]
["S",0,6,1,0,0,18,{"$f":"IF(OR($A428=\"S\",$A428=0),0,MATCH(0,OFFSET($B428,1,$A428,ROW($A$1504)-ROW($A428)),0))","v":0},{"$f":"IF(OR($A428=\"S\",$A428=0),0,MATCH(OFFSET($B428,0,$A428)+1,OFFSET($B428,1,$A428,ROW($A$1504)-ROW($A428)),0))","v":0},"Insumo","6.1.18.","Cotação","Rec. Materiais","020","Guloseimas (balas e pirulito)","Pacote",8,12,"DI 1",15,120,null,{"$f":"IF(OR($A428=0,$A428=\"S\",$A428>CFF!$A$9),\"\",MAX(W$11:OFFSET(W428,-1,0))+1)","v":""},"Rec. Materiais-020",29,null,{"$f":"IF($J428=$G$2,ROUND(IF(ISNUMBER(S428),S428,IF(LEFT(S428,2)=\"DI\",HLOOKUP(S428,DADOS!$T$29:$X$30,2,FALSE),0)),4),\"\")","v":0.25}]
["S",0,6,1,0,0,19,{"$f":"IF(OR($A429=\"S\",$A429=0),0,MATCH(0,OFFSET($B429,1,$A429,ROW($A$1504)-ROW($A429)),0))","v":0},{"$f":"IF(OR($A429=\"S\",$A429=0),0,MATCH(OFFSET($B429,0,$A429)+1,OFFSET($B429,1,$A429,ROW($A$1504)-ROW($A429)),0))","v":0},"Insumo","6.1.19.","Cotação","Rec. Materiais","021","Papel de presente","Folhas",16,1.5,"DI 1",1.88,30.08,null,{"$f":"IF(OR($A429=0,$A429=\"S\",$A429>CFF!$A$9),\"\",MAX(W$11:OFFSET(W429,-1,0))+1)","v":""},"Rec. Materiais-021",30,null,{"$f":"IF($J429=$G$2,ROUND(IF(ISNUMBER(S429),S429,IF(LEFT(S429,2)=\"DI\",HLOOKUP(S429,DADOS!$T$29:$X$30,2,FALSE),0)),4),\"\")","v":0.25}]
["S",0,6,1,0,0,20,{"$f":"IF(OR($A430=\"S\",$A430=0),0,MATCH(0,OFFSET($B430,1,$A430,ROW($A$1504)-ROW($A430)),0))","v":0},{"$f":"IF(OR($A430=\"S\",$A430=0),0,MATCH(OFFSET($B430,0,$A430)+1,OFFSET($B430,1,$A430,ROW($A$1504)-ROW($A430)),0))","v":0},"Insumo","6.1.20.","Cotação","Rec. Materiais","026","Saco de lixo (100 litros)","Pacote",2,15,"DI 1",18.75,37.5,null,{"$f":"IF(OR($A430=0,$A430=\"S\",$A430>CFF!$A$9),\"\",MAX(W$11:OFFSET(W430,-1,0))+1)","v":""},"Rec. Materiais-026",35,null,{"$f":"IF($J430=$G$2,ROUND(IF(ISNUMBER(S430),S430,IF(LEFT(S430,2)=\"DI\",HLOOKUP(S430,DADOS!$T$29:$X$30,2,FALSE),0)),4),\"\")","v":0.25}]
["S",0,6,1,0,0,21,{"$f":"IF(OR($A431=\"S\",$A431=0),0,MATCH(0,OFFSET($B431,1,$A431,ROW($A$1504)-ROW($A431)),0))","v":0},{"$f":"IF(OR($A431=\"S\",$A431=0),0,MATCH(OFFSET($B431,0,$A431)+1,OFFSET($B431,1,$A431,ROW($A$1504)-ROW($A431)),0))","v":0},"Insumo","6.1.21.","Cotação","Rec. Materiais","001","Papel A4","Resma",1,28,"DI 1",35,35,null,{"$f":"IF(OR($A431=0,$A431=\"S\",$A431>CFF!$A$9),\"\",MAX(W$11:OFFSET(W431,-1,0))+1)","v":""},"Rec. Materiais-001",10,null,{"$f":"IF($J431=$G$2,ROUND(IF(ISNUMBER(S431),S431,IF(LEFT(S431,2)=\"DI\",HLOOKUP(S431,DADOS!$T$29:$X$30,2,FALSE),0)),4),\"\")","v":0.25}]
["S",0,6,1,0,0,22,{"$f":"IF(OR($A432=\"S\",$A432=0),0,MATCH(0,OFFSET($B432,1,$A432,ROW($A$1504)-ROW($A432)),0))","v":0},{"$f":"IF(OR($A432=\"S\",$A432=0),0,MATCH(OFFSET($B432,0,$A432)+1,OFFSET($B432,1,$A432,ROW($A$1504)-ROW($A432)),0))","v":0},"Insumo","6.1.22.","Cotação","Rec. Materiais","002","Toner para impressora","Unidade",4,180,"DI 1",225,900,null,{"$f":"IF(OR($A432=0,$A432=\"S\",$A432>CFF!$A$9),\"\",MAX(W$11:OFFSET(W432,-1,0))+1)","v":""},"Rec. Materiais-002",11,null,{"$f":"IF($J432=$G$2,ROUND(IF(ISNUMBER(S432),S432,IF(LEFT(S432,2)=\"DI\",HLOOKUP(S432,DADOS!$T$29:$X$30,2,FALSE),0)),4),\"\")","v":0.25}]
["S",0,6,1,0,0,23,{"$f":"IF(OR($A433=\"S\",$A433=0),0,MATCH(0,OFFSET($B433,1,$A433,ROW($A$1504)-ROW($A433)),0))","v":0},{"$f":"IF(OR($A433=\"S\",$A433=0),0,MATCH(OFFSET($B433,0,$A433)+1,OFFSET($B433,1,$A433,ROW($A$1504)-ROW($A433)),0))","v":0},"Insumo","6.1.23.","Cotação","Rec. Materiais","019","Copos descartáveis (2500 unidades)","Caixa",1,77.400000000000006,"DI 1",96.75,96.75,null,{"$f":"IF(OR($A433=0,$A433=\"S\",$A433>CFF!$A$9),\"\",MAX(W$11:OFFSET(W433,-1,0))+1)","v":""},"Rec. Materiais-019",28,null,{"$f":"IF($J433=$G$2,ROUND(IF(ISNUMBER(S433),S433,IF(LEFT(S433,2)=\"DI\",HLOOKUP(S433,DADOS!$T$29:$X$30,2,FALSE),0)),4),\"\")","v":0.25}]
["S",0,6,1,0,0,24,{"$f":"IF(OR($A434=\"S\",$A434=0),0,MATCH(0,OFFSET($B434,1,$A434,ROW($A$1504)-ROW($A434)),0))","v":0},{"$f":"IF(OR($A434=\"S\",$A434=0),0,MATCH(OFFSET($B434,0,$A434)+1,OFFSET($B434,1,$A434,ROW($A$1504)-ROW($A434)),0))","v":0},"Insumo","6.1.24.","CREAMT","Serv. Terc.","066","Engenheiro Agrônomo","Horas",3,197,"DI 1",246.25,738.75,null,{"$f":"IF(OR($A434=0,$A434=\"S\",$A434>CFF!$A$9),\"\",MAX(W$11:OFFSET(W434,-1,0))+1)","v":""},"Serv. Terc.-066",146,null,{"$f":"IF($J434=$G$2,ROUND(IF(ISNUMBER(S434),S434,IF(LEFT(S434,2)=\"DI\",HLOOKUP(S434,DADOS!$T$29:$X$30,2,FALSE),0)),4),\"\")","v":0.25}]
[{"$f":"CHOOSE(1+LOG(1+2*(J435=$C$2)+4*(J435=$D$2)+8*(J435=$E$2)+16*(J435=$F$2)+32*(J435=$G$2),2),0,1,2,3,4,\"S\")","v":"S"},{"$f":"IF(OR(A435=\"S\",A435=0),0,IF(ISERROR(I435),H435,SMALL(H435:I435,1)))","v":0},{"$f":"IF($A435=1,OFFSET(C435,-1,0)+1,OFFSET(C435,-1,0))","v":6},{"$f":"IF($A435=1,0,IF($A435=2,OFFSET(D435,-1,0)+1,OFFSET(D435,-1,0)))","v":1},{"$f":"IF(AND($A435<=2,$A435<>0),0,IF($A435=3,OFFSET(E435,-1,0)+1,OFFSET(E435,-1,0)))","v":0},{"$f":"IF(AND($A435<=3,$A435<>0),0,IF($A435=4,OFFSET(F435,-1,0)+1,OFFSET(F435,-1,0)))","v":0},{"$f":"IF(AND($A435<=4,$A435<>0),0,IF($A435=\"S\",OFFSET(G435,-1,0)+1,OFFSET(G435,-1,0)))","v":25},{"$f":"IF(OR($A435=\"S\",$A435=0),0,MATCH(0,OFFSET($B435,1,$A435,ROW($A$1504)-ROW($A435)),0))","v":0},{"$f":"IF(OR($A435=\"S\",$A435=0),0,MATCH(OFFSET($B435,0,$A435)+1,OFFSET($B435,1,$A435,ROW($A$1504)-ROW($A435)),0))","v":0},"Insumo",{"$f":"IF($A435=0,\"-\",CONCATENATE(C435&\".\",IF(AND($A$5>=2,$A435>=2),D435&\".\",\"\"),IF(AND($A$5>=3,$A435>=3),E435&\".\",\"\"),IF(AND($A$5>=4,$A435>=4),F435&\".\",\"\"),IF($A435=\"S\",G435&\".\",\"\")))","v":"6.1.25."},{"$f":"IF(NOT(ISERROR($Y435)),IF($Y435<>FALSE,INDEX(Banco,$Y435,4),\"\"),\"\")","v":"Cotação"},"Rec. Materiais","044",{"$f":"IF(NOT(ISERROR($Y435)),IF($Y435<>FALSE,INDEX(Banco,$Y435,5),\"\"),\"\")","v":"KIT 01 - Oficina de como manter vasos e canteiros de plantas medicinais. Materias dos alunos ( floreira, sementes, mudas ornamentais e medicinais)"},{"$f":"IF(NOT(ISERROR($Y435)),IF($Y435<>FALSE,INDEX(Banco,$Y435,6),\"\"),\"\")","v":"KITS"},46,{"$f":"IF(NOT(ISERROR($Y435)),IF($Y435<>FALSE,INDEX(Banco,$Y435,7),0),0)","v":29.48},"DI 1",{"$f":"IF($J435=$G$2,ROUND(ROUND($R435,2)*IF($R$9=\"Preço Unitário (R$)\",1,1+$AA435),2),0)","v":36.85},{"$f":"IF($A435=\"S\",VTOTAL1,IF($A435=0,0,ROUND(SomaAgrup,2)))","v":1695.1},null,{"$f":"IF(OR($A435=0,$A435=\"S\",$A435>CFF!$A$9),\"\",MAX(W$11:OFFSET(W435,-1,0))+1)","v":""},{"$f":"IF(AND($J435=$G$2,$N435<>\"\",$M435<>\"\"),CONCATENATE($M435,\"-\",$N435))","v":"Rec. Materiais-044"},{"$f":"IF(X435<>FALSE,MATCH(X435,OFFSET(Banco,0,0,,1),0))","v":53},null,{"$f":"IF($J435=$G$2,ROUND(IF(ISNUMBER(S435),S435,IF(LEFT(S435,2)=\"DI\",HLOOKUP(S435,DADOS!$T$29:$X$30,2,FALSE),0)),4),\"\")","v":0.25}]
[{"$f":"CHOOSE(1+LOG(1+2*(J436=$C$2)+4*(J436=$D$2)+8*(J436=$E$2)+16*(J436=$F$2)+32*(J436=$G$2),2),0,1,2,3,4,\"S\")","v":"S"},{"$f":"IF(OR(A436=\"S\",A436=0),0,IF(ISERROR(I436),H436,SMALL(H436:I436,1)))","v":0},{"$f":"IF($A436=1,OFFSET(C436,-1,0)+1,OFFSET(C436,-1,0))","v":6},{"$f":"IF($A436=1,0,IF($A436=2,OFFSET(D436,-1,0)+1,OFFSET(D436,-1,0)))","v":1},{"$f":"IF(AND($A436<=2,$A436<>0),0,IF($A436=3,OFFSET(E436,-1,0)+1,OFFSET(E436,-1,0)))","v":0},{"$f":"IF(AND($A436<=3,$A436<>0),0,IF($A436=4,OFFSET(F436,-1,0)+1,OFFSET(F436,-1,0)))","v":0},{"$f":"IF(AND($A436<=4,$A436<>0),0,IF($A436=\"S\",OFFSET(G436,-1,0)+1,OFFSET(G436,-1,0)))","v":26},{"$f":"IF(OR($A436=\"S\",$A436=0),0,MATCH(0,OFFSET($B436,1,$A436,ROW($A$1504)-ROW($A436)),0))","v":0},{"$f":"IF(OR($A436=\"S\",$A436=0),0,MATCH(OFFSET($B436,0,$A436)+1,OFFSET($B436,1,$A436,ROW($A$1504)-ROW($A436)),0))","v":0},"Insumo",{"$f":"IF($A436=0,\"-\",CONCATENATE(C436&\".\",IF(AND($A$5>=2,$A436>=2),D436&\".\",\"\"),IF(AND($A$5>=3,$A436>=3),E436&\".\",\"\"),IF(AND($A$5>=4,$A436>=4),F436&\".\",\"\"),IF($A436=\"S\",G436&\".\",\"\")))","v":"6.1.26."},{"$f":"IF(NOT(ISERROR($Y436)),IF($Y436<>FALSE,INDEX(Banco,$Y436,4),\"\"),\"\")","v":"Cotação"},"Rec. Materiais","043",{"$f":"IF(NOT(ISERROR($Y436)),IF($Y436<>FALSE,INDEX(Banco,$Y436,5),\"\"),\"\")","v":"KIT 02 - Oficina de como manter vasos e canteiros de plantas medicinais. Material de uso coletivo (brita, adulbos, umus e terra preta)"},{"$f":"IF(NOT(ISERROR($Y436)),IF($Y436<>FALSE,INDEX(Banco,$Y436,6),\"\"),\"\")","v":"Unidade"},1,{"$f":"IF(NOT(ISERROR($Y436)),IF($Y436<>FALSE,INDEX(Banco,$Y436,7),0),0)","v":170},"DI 1",{"$f":"IF($J436=$G$2,ROUND(ROUND($R436,2)*IF($R$9=\"Preço Unitário (R$)\",1,1+$AA436),2),0)","v":212.5},{"$f":"IF($A436=\"S\",VTOTAL1,IF($A436=0,0,ROUND(SomaAgrup,2)))","v":212.5},null,{"$f":"IF(OR($A436=0,$A436=\"S\",$A436>CFF!$A$9),\"\",MAX(W$11:OFFSET(W436,-1,0))+1)","v":""},{"$f":"IF(AND($J436=$G$2,$N436<>\"\",$M436<>\"\"),CONCATENATE($M436,\"-\",$N436))","v":"Rec. Materiais-043"},{"$f":"IF(X436<>FALSE,MATCH(X436,OFFSET(Banco,0,0,,1),0))","v":52},null,{"$f":"IF($J436=$G$2,ROUND(IF(ISNUMBER(S436),S436,IF(LEFT(S436,2)=\"DI\",HLOOKUP(S436,DADOS!$T$29:$X$30,2,FALSE),0)),4),\"\")","v":0.25}]
[{"$f":"CHOOSE(1+LOG(1+2*(J437=$C$2)+4*(J437=$D$2)+8*(J437=$E$2)+16*(J437=$F$2)+32*(J437=$G$2),2),0,1,2,3,4,\"S\")","v":2},{"$f":"IF(OR(A437=\"S\",A437=0),0,IF(ISERROR(I437),H437,SMALL(H437:I437,1)))","v":3},{"$f":"IF($A437=1,OFFSET(C437,-1,0)+1,OFFSET(C437,-1,0))","v":6},{"$f":"IF($A437=1,0,IF($A437=2,OFFSET(D437,-1,0)+1,OFFSET(D437,-1,0)))","v":2},{"$f":"IF(AND($A437<=2,$A437<>0),0,IF($A437=3,OFFSET(E437,-1,0)+1,OFFSET(E437,-1,0)))","v":0},{"$f":"IF(AND($A437<=3,$A437<>0),0,IF($A437=4,OFFSET(F437,-1,0)+1,OFFSET(F437,-1,0)))","v":0},{"$f":"IF(AND($A437<=4,$A437<>0),0,IF($A437=\"S\",OFFSET(G437,-1,0)+1,OFFSET(G437,-1,0)))","v":0},{"$f":"IF(OR($A437=\"S\",$A437=0),0,MATCH(0,OFFSET($B437,1,$A437,ROW($A$1504)-ROW($A437)),0))","v":54},{"$f":"IF(OR($A437=\"S\",$A437=0),0,MATCH(OFFSET($B437,0,$A437)+1,OFFSET($B437,1,$A437,ROW($A$1504)-ROW($A437)),0))","v":3},"AtivNível 1",{"$f":"IF($A437=0,\"-\",CONCATENATE(C437&\".\",IF(AND($A$5>=2,$A437>=2),D437&\".\",\"\"),IF(AND($A$5>=3,$A437>=3),E437&\".\",\"\"),IF(AND($A$5>=4,$A437>=4),F437&\".\",\"\"),IF($A437=\"S\",G437&\".\",\"\")))","v":"6.2."},{"$f":"IF(NOT(ISERROR($Y437)),IF($Y437<>FALSE,INDEX(Banco,$Y437,4),\"\"),\"\")","v":""},null,null,"Atividade 29 - Plantão Social região Parque São João",{"$f":"IF(NOT(ISERROR($Y437)),IF($Y437<>FALSE,INDEX(Banco,$Y437,6),\"\"),\"\")","v":""},null,{"$f":"IF(NOT(ISERROR($Y437)),IF($Y437<>FALSE,INDEX(Banco,$Y437,7),0),0)","v":0},"DI 1",{"$f":"IF($J437=$G$2,ROUND(ROUND($R437,2)*IF($R$9=\"Preço Unitário (R$)\",1,1+$AA437),2),0)","v":0},{"$f":"IF($A437=\"S\",VTOTAL1,IF($A437=0,0,ROUND(SomaAgrup,2)))","v":1713.78},null,{"$f":"IF(OR($A437=0,$A437=\"S\",$A437>CFF!$A$9),\"\",MAX(W$11:OFFSET(W437,-1,0))+1)","v":35},{"$f":"IF(AND($J437=$G$2,$N437<>\"\",$M437<>\"\"),CONCATENATE($M437,\"-\",$N437))","v":false},{"$f":"IF(X437<>FALSE,MATCH(X437,OFFSET(Banco,0,0,,1),0))","v":false},null,{"$f":"IF($J437=$G$2,ROUND(IF(ISNUMBER(S437),S437,IF(LEFT(S437,2)=\"DI\",HLOOKUP(S437,DADOS!$T$29:$X$30,2,FALSE),0)),4),\"\")","v":""}]
[{"$f":"CHOOSE(1+LOG(1+2*(J438=$C$2)+4*(J438=$D$2)+8*(J438=$E$2)+16*(J438=$F$2)+32*(J438=$G$2),2),0,1,2,3,4,\"S\")","v":"S"},{"$f":"IF(OR(A438=\"S\",A438=0),0,IF(ISERROR(I438),H438,SMALL(H438:I438,1)))","v":0},{"$f":"IF($A438=1,OFFSET(C438,-1,0)+1,OFFSET(C438,-1,0))","v":6},{"$f":"IF($A438=1,0,IF($A438=2,OFFSET(D438,-1,0)+1,OFFSET(D438,-1,0)))","v":2},{"$f":"IF(AND($A438<=2,$A438<>0),0,IF($A438=3,OFFSET(E438,-1,0)+1,OFFSET(E438,-1,0)))","v":0},{"$f":"IF(AND($A438<=3,$A438<>0),0,IF($A438=4,OFFSET(F438,-1,0)+1,OFFSET(F438,-1,0)))","v":0},{"$f":"IF(AND($A438<=4,$A438<>0),0,IF($A438=\"S\",OFFSET(G438,-1,0)+1,OFFSET(G438,-1,0)))","v":1},{"$f":"IF(OR($A438=\"S\",$A438=0),0,MATCH(0,OFFSET($B438,1,$A438,ROW($A$1504)-ROW($A438)),0))","v":0},{"$f":"IF(OR($A438=\"S\",$A438=0),0,MATCH(OFFSET($B438,0,$A438)+1,OFFSET($B438,1,$A438,ROW($A$1504)-ROW($A438)),0))","v":0},"Insumo",{"$f":"IF($A438=0,\"-\",CONCATENATE(C438&\".\",IF(AND($A$5>=2,$A438>=2),D438&\".\",\"\"),IF(AND($A$5>=3,$A438>=3),E438&\".\",\"\"),IF(AND($A$5>=4,$A438>=4),F438&\".\",\"\"),IF($A438=\"S\",G438&\".\",\"\")))","v":"6.2.1."},{"$f":"IF(NOT(ISERROR($Y438)),IF($Y438<>FALSE,INDEX(Banco,$Y438,4),\"\"),\"\")","v":"CRESS"},"Rec. Humanos","001",{"$f":"IF(NOT(ISERROR($Y438)),IF($Y438<>FALSE,INDEX(Banco,$Y438,5),\"\"),\"\")","v":"Responsável Técnica"},{"$f":"IF(NOT(ISERROR($Y438)),IF($Y438<>FALSE,INDEX(Banco,$Y438,6),\"\"),\"\")","v":"Horas"},2,{"$f":"IF(NOT(ISERROR($Y438)),IF($Y438<>FALSE,INDEX(Banco,$Y438,7),0),0)","v":150.28},"DI 1",{"$f":"IF($J438=$G$2,ROUND(ROUND($R438,2)*IF($R$9=\"Preço Unitário (R$)\",1,1+$AA438),2),0)","v":187.85},{"$f":"IF($A438=\"S\",VTOTAL1,IF($A438=0,0,ROUND(SomaAgrup,2)))","v":375.7},null,{"$f":"IF(OR($A438=0,$A438=\"S\",$A438>CFF!$A$9),\"\",MAX(W$11:OFFSET(W438,-1,0))+1)","v":""},{"$f":"IF(AND($J438=$G$2,$N438<>\"\",$M438<>\"\"),CONCATENATE($M438,\"-\",$N438))","v":"Rec. Humanos-001"},{"$f":"IF(X438<>FALSE,MATCH(X438,OFFSET(Banco,0,0,,1),0))","v":3},null,{"$f":"IF($J438=$G$2,ROUND(IF(ISNUMBER(S438),S438,IF(LEFT(S438,2)=\"DI\",HLOOKUP(S438,DADOS!$T$29:$X$30,2,FALSE),0)),4),\"\")","v":0.25}]
["S",0,6,2,0,0,2,{"$f":"IF(OR($A439=\"S\",$A439=0),0,MATCH(0,OFFSET($B439,1,$A439,ROW($A$1504)-ROW($A439)),0))","v":0},{"$f":"IF(OR($A439=\"S\",$A439=0),0,MATCH(OFFSET($B439,0,$A439)+1,OFFSET($B439,1,$A439,ROW($A$1504)-ROW($A439)),0))","v":0},"Insumo","6.2.2.","CRESS","Rec. Humanos","002",{"$f":"IF(NOT(ISERROR($Y439)),IF($Y439<>FALSE,INDEX(Banco,$Y439,5),\"\"),\"\")","v":"Assistente Social"},"Horas",8,133.81,"DI 1",167.26,1338.08,null,{"$f":"IF(OR($A439=0,$A439=\"S\",$A439>CFF!$A$9),\"\",MAX(W$11:OFFSET(W439,-1,0))+1)","v":""},"Rec. Humanos-002",4,null,{"$f":"IF($J439=$G$2,ROUND(IF(ISNUMBER(S439),S439,IF(LEFT(S439,2)=\"DI\",HLOOKUP(S439,DADOS!$T$29:$X$30,2,FALSE),0)),4),\"\")","v":0.25}]
[{"$f":"CHOOSE(1+LOG(1+2*(J440=$C$2)+4*(J440=$D$2)+8*(J440=$E$2)+16*(J440=$F$2)+32*(J440=$G$2),2),0,1,2,3,4,\"S\")","v":2},{"$f":"IF(OR(A440=\"S\",A440=0),0,IF(ISERROR(I440),H440,SMALL(H440:I440,1)))","v":4},{"$f":"IF($A440=1,OFFSET(C440,-1,0)+1,OFFSET(C440,-1,0))","v":6},{"$f":"IF($A440=1,0,IF($A440=2,OFFSET(D440,-1,0)+1,OFFSET(D440,-1,0)))","v":3},{"$f":"IF(AND($A440<=2,$A440<>0),0,IF($A440=3,OFFSET(E440,-1,0)+1,OFFSET(E440,-1,0)))","v":0},{"$f":"IF(AND($A440<=3,$A440<>0),0,IF($A440=4,OFFSET(F440,-1,0)+1,OFFSET(F440,-1,0)))","v":0},{"$f":"IF(AND($A440<=4,$A440<>0),0,IF($A440=\"S\",OFFSET(G440,-1,0)+1,OFFSET(G440,-1,0)))","v":0},{"$f":"IF(OR($A440=\"S\",$A440=0),0,MATCH(0,OFFSET($B440,1,$A440,ROW($A$1504)-ROW($A440)),0))","v":51},{"$f":"IF(OR($A440=\"S\",$A440=0),0,MATCH(OFFSET($B440,0,$A440)+1,OFFSET($B440,1,$A440,ROW($A$1504)-ROW($A440)),0))","v":4},"AtivNível 1",{"$f":"IF($A440=0,\"-\",CONCATENATE(C440&\".\",IF(AND($A$5>=2,$A440>=2),D440&\".\",\"\"),IF(AND($A$5>=3,$A440>=3),E440&\".\",\"\"),IF(AND($A$5>=4,$A440>=4),F440&\".\",\"\"),IF($A440=\"S\",G440&\".\",\"\")))","v":"6.3."},{"$f":"IF(NOT(ISERROR($Y440)),IF($Y440<>FALSE,INDEX(Banco,$Y440,4),\"\"),\"\")","v":""},null,null,"Atividade 30 - Capacitação CAO região Parque São João",{"$f":"IF(NOT(ISERROR($Y440)),IF($Y440<>FALSE,INDEX(Banco,$Y440,6),\"\"),\"\")","v":""},null,{"$f":"IF(NOT(ISERROR($Y440)),IF($Y440<>FALSE,INDEX(Banco,$Y440,7),0),0)","v":0},"DI 1",{"$f":"IF($J440=$G$2,ROUND(ROUND($R440,2)*IF($R$9=\"Preço Unitário (R$)\",1,1+$AA440),2),0)","v":0},{"$f":"IF($A440=\"S\",VTOTAL1,IF($A440=0,0,ROUND(SomaAgrup,2)))","v":1075.33},null,{"$f":"IF(OR($A440=0,$A440=\"S\",$A440>CFF!$A$9),\"\",MAX(W$11:OFFSET(W440,-1,0))+1)","v":36},{"$f":"IF(AND($J440=$G$2,$N440<>\"\",$M440<>\"\"),CONCATENATE($M440,\"-\",$N440))","v":false},{"$f":"IF(X440<>FALSE,MATCH(X440,OFFSET(Banco,0,0,,1),0))","v":false},null,{"$f":"IF($J440=$G$2,ROUND(IF(ISNUMBER(S440),S440,IF(LEFT(S440,2)=\"DI\",HLOOKUP(S440,DADOS!$T$29:$X$30,2,FALSE),0)),4),\"\")","v":""}]
[{"$f":"CHOOSE(1+LOG(1+2*(J441=$C$2)+4*(J441=$D$2)+8*(J441=$E$2)+16*(J441=$F$2)+32*(J441=$G$2),2),0,1,2,3,4,\"S\")","v":"S"},{"$f":"IF(OR(A441=\"S\",A441=0),0,IF(ISERROR(I441),H441,SMALL(H441:I441,1)))","v":0},{"$f":"IF($A441=1,OFFSET(C441,-1,0)+1,OFFSET(C441,-1,0))","v":6},{"$f":"IF($A441=1,0,IF($A441=2,OFFSET(D441,-1,0)+1,OFFSET(D441,-1,0)))","v":3},{"$f":"IF(AND($A441<=2,$A441<>0),0,IF($A441=3,OFFSET(E441,-1,0)+1,OFFSET(E441,-1,0)))","v":0},{"$f":"IF(AND($A441<=3,$A441<>0),0,IF($A441=4,OFFSET(F441,-1,0)+1,OFFSET(F441,-1,0)))","v":0},{"$f":"IF(AND($A441<=4,$A441<>0),0,IF($A441=\"S\",OFFSET(G441,-1,0)+1,OFFSET(G441,-1,0)))","v":1},{"$f":"IF(OR($A441=\"S\",$A441=0),0,MATCH(0,OFFSET($B441,1,$A441,ROW($A$1504)-ROW($A441)),0))","v":0},{"$f":"IF(OR($A441=\"S\",$A441=0),0,MATCH(OFFSET($B441,0,$A441)+1,OFFSET($B441,1,$A441,ROW($A$1504)-ROW($A441)),0))","v":0},"Insumo",{"$f":"IF($A441=0,\"-\",CONCATENATE(C441&\".\",IF(AND($A$5>=2,$A441>=2),D441&\".\",\"\"),IF(AND($A$5>=3,$A441>=3),E441&\".\",\"\"),IF(AND($A$5>=4,$A441>=4),F441&\".\",\"\"),IF($A441=\"S\",G441&\".\",\"\")))","v":"6.3.1."},{"$f":"IF(NOT(ISERROR($Y441)),IF($Y441<>FALSE,INDEX(Banco,$Y441,4),\"\"),\"\")","v":"CRESS"},"Rec. Humanos","001",{"$f":"IF(NOT(ISERROR($Y441)),IF($Y441<>FALSE,INDEX(Banco,$Y441,5),\"\"),\"\")","v":"Responsável Técnica"},{"$f":"IF(NOT(ISERROR($Y441)),IF($Y441<>FALSE,INDEX(Banco,$Y441,6),\"\"),\"\")","v":"Horas"},3,{"$f":"IF(NOT(ISERROR($Y441)),IF($Y441<>FALSE,INDEX(Banco,$Y441,7),0),0)","v":150.28},"DI 1",{"$f":"IF($J441=$G$2,ROUND(ROUND($R441,2)*IF($R$9=\"Preço Unitário (R$)\",1,1+$AA441),2),0)","v":187.85},{"$f":"IF($A441=\"S\",VTOTAL1,IF($A441=0,0,ROUND(SomaAgrup,2)))","v":563.54999999999995},null,{"$f":"IF(OR($A441=0,$A441=\"S\",$A441>CFF!$A$9),\"\",MAX(W$11:OFFSET(W441,-1,0))+1)","v":""},{"$f":"IF(AND($J441=$G$2,$N441<>\"\",$M441<>\"\"),CONCATENATE($M441,\"-\",$N441))","v":"Rec. Humanos-001"},{"$f":"IF(X441<>FALSE,MATCH(X441,OFFSET(Banco,0,0,,1),0))","v":3},null,{"$f":"IF($J441=$G$2,ROUND(IF(ISNUMBER(S441),S441,IF(LEFT(S441,2)=\"DI\",HLOOKUP(S441,DADOS!$T$29:$X$30,2,FALSE),0)),4),\"\")","v":0.25}]
[{"$f":"CHOOSE(1+LOG(1+2*(J442=$C$2)+4*(J442=$D$2)+8*(J442=$E$2)+16*(J442=$F$2)+32*(J442=$G$2),2),0,1,2,3,4,\"S\")","v":"S"},{"$f":"IF(OR(A442=\"S\",A442=0),0,IF(ISERROR(I442),H442,SMALL(H442:I442,1)))","v":0},{"$f":"IF($A442=1,OFFSET(C442,-1,0)+1,OFFSET(C442,-1,0))","v":6},{"$f":"IF($A442=1,0,IF($A442=2,OFFSET(D442,-1,0)+1,OFFSET(D442,-1,0)))","v":3},{"$f":"IF(AND($A442<=2,$A442<>0),0,IF($A442=3,OFFSET(E442,-1,0)+1,OFFSET(E442,-1,0)))","v":0},{"$f":"IF(AND($A442<=3,$A442<>0),0,IF($A442=4,OFFSET(F442,-1,0)+1,OFFSET(F442,-1,0)))","v":0},{"$f":"IF(AND($A442<=4,$A442<>0),0,IF($A442=\"S\",OFFSET(G442,-1,0)+1,OFFSET(G442,-1,0)))","v":2},{"$f":"IF(OR($A442=\"S\",$A442=0),0,MATCH(0,OFFSET($B442,1,$A442,ROW($A$1504)-ROW($A442)),0))","v":0},{"$f":"IF(OR($A442=\"S\",$A442=0),0,MATCH(OFFSET($B442,0,$A442)+1,OFFSET($B442,1,$A442,ROW($A$1504)-ROW($A442)),0))","v":0},"Insumo",{"$f":"IF($A442=0,\"-\",CONCATENATE(C442&\".\",IF(AND($A$5>=2,$A442>=2),D442&\".\",\"\"),IF(AND($A$5>=3,$A442>=3),E442&\".\",\"\"),IF(AND($A$5>=4,$A442>=4),F442&\".\",\"\"),IF($A442=\"S\",G442&\".\",\"\")))","v":"6.3.2."},{"$f":"IF(NOT(ISERROR($Y442)),IF($Y442<>FALSE,INDEX(Banco,$Y442,4),\"\"),\"\")","v":"CRESS"},"Rec. Humanos","002",{"$f":"IF(NOT(ISERROR($Y442)),IF($Y442<>FALSE,INDEX(Banco,$Y442,5),\"\"),\"\")","v":"Assistente Social"},{"$f":"IF(NOT(ISERROR($Y442)),IF($Y442<>FALSE,INDEX(Banco,$Y442,6),\"\"),\"\")","v":"Horas"},3,{"$f":"IF(NOT(ISERROR($Y442)),IF($Y442<>FALSE,INDEX(Banco,$Y442,7),0),0)","v":133.81},"DI 1",{"$f":"IF($J442=$G$2,ROUND(ROUND($R442,2)*IF($R$9=\"Preço Unitário (R$)\",1,1+$AA442),2),0)","v":167.26},{"$f":"IF($A442=\"S\",VTOTAL1,IF($A442=0,0,ROUND(SomaAgrup,2)))","v":501.78},null,{"$f":"IF(OR($A442=0,$A442=\"S\",$A442>CFF!$A$9),\"\",MAX(W$11:OFFSET(W442,-1,0))+1)","v":""},{"$f":"IF(AND($J442=$G$2,$N442<>\"\",$M442<>\"\"),CONCATENATE($M442,\"-\",$N442))","v":"Rec. Humanos-002"},{"$f":"IF(X442<>FALSE,MATCH(X442,OFFSET(Banco,0,0,,1),0))","v":4},null,{"$f":"IF($J442=$G$2,ROUND(IF(ISNUMBER(S442),S442,IF(LEFT(S442,2)=\"DI\",HLOOKUP(S442,DADOS!$T$29:$X$30,2,FALSE),0)),4),\"\")","v":0.25}]
[{"$f":"CHOOSE(1+LOG(1+2*(J443=$C$2)+4*(J443=$D$2)+8*(J443=$E$2)+16*(J443=$F$2)+32*(J443=$G$2),2),0,1,2,3,4,\"S\")","v":"S"},{"$f":"IF(OR(A443=\"S\",A443=0),0,IF(ISERROR(I443),H443,SMALL(H443:I443,1)))","v":0},{"$f":"IF($A443=1,OFFSET(C443,-1,0)+1,OFFSET(C443,-1,0))","v":6},{"$f":"IF($A443=1,0,IF($A443=2,OFFSET(D443,-1,0)+1,OFFSET(D443,-1,0)))","v":3},{"$f":"IF(AND($A443<=2,$A443<>0),0,IF($A443=3,OFFSET(E443,-1,0)+1,OFFSET(E443,-1,0)))","v":0},{"$f":"IF(AND($A443<=3,$A443<>0),0,IF($A443=4,OFFSET(F443,-1,0)+1,OFFSET(F443,-1,0)))","v":0},{"$f":"IF(AND($A443<=4,$A443<>0),0,IF($A443=\"S\",OFFSET(G443,-1,0)+1,OFFSET(G443,-1,0)))","v":3},{"$f":"IF(OR($A443=\"S\",$A443=0),0,MATCH(0,OFFSET($B443,1,$A443,ROW($A$1504)-ROW($A443)),0))","v":0},{"$f":"IF(OR($A443=\"S\",$A443=0),0,MATCH(OFFSET($B443,0,$A443)+1,OFFSET($B443,1,$A443,ROW($A$1504)-ROW($A443)),0))","v":0},"Insumo",{"$f":"IF($A443=0,\"-\",CONCATENATE(C443&\".\",IF(AND($A$5>=2,$A443>=2),D443&\".\",\"\"),IF(AND($A$5>=3,$A443>=3),E443&\".\",\"\"),IF(AND($A$5>=4,$A443>=4),F443&\".\",\"\"),IF($A443=\"S\",G443&\".\",\"\")))","v":"6.3.3."},{"$f":"IF(NOT(ISERROR($Y443)),IF($Y443<>FALSE,INDEX(Banco,$Y443,4),\"\"),\"\")","v":"Cotação"},"Serv. Terc.","009",{"$f":"IF(NOT(ISERROR($Y443)),IF($Y443<>FALSE,INDEX(Banco,$Y443,5),\"\"),\"\")","v":"Água (garrafa de 1,5 litros)"},{"$f":"IF(NOT(ISERROR($Y443)),IF($Y443<>FALSE,INDEX(Banco,$Y443,6),\"\"),\"\")","v":"Unidade"},2,{"$f":"IF(NOT(ISERROR($Y443)),IF($Y443<>FALSE,INDEX(Banco,$Y443,7),0),0)","v":4},"DI 1",{"$f":"IF($J443=$G$2,ROUND(ROUND($R443,2)*IF($R$9=\"Preço Unitário (R$)\",1,1+$AA443),2),0)","v":5},{"$f":"IF($A443=\"S\",VTOTAL1,IF($A443=0,0,ROUND(SomaAgrup,2)))","v":10},null,{"$f":"IF(OR($A443=0,$A443=\"S\",$A443>CFF!$A$9),\"\",MAX(W$11:OFFSET(W443,-1,0))+1)","v":""},{"$f":"IF(AND($J443=$G$2,$N443<>\"\",$M443<>\"\"),CONCATENATE($M443,\"-\",$N443))","v":"Serv. Terc.-009"},{"$f":"IF(X443<>FALSE,MATCH(X443,OFFSET(Banco,0,0,,1),0))","v":89},null,{"$f":"IF($J443=$G$2,ROUND(IF(ISNUMBER(S443),S443,IF(LEFT(S443,2)=\"DI\",HLOOKUP(S443,DADOS!$T$29:$X$30,2,FALSE),0)),4),\"\")","v":0.25}]
[{"$f":"CHOOSE(1+LOG(1+2*(J444=$C$2)+4*(J444=$D$2)+8*(J444=$E$2)+16*(J444=$F$2)+32*(J444=$G$2),2),0,1,2,3,4,\"S\")","v":2},{"$f":"IF(OR(A444=\"S\",A444=0),0,IF(ISERROR(I444),H444,SMALL(H444:I444,1)))","v":20},{"$f":"IF($A444=1,OFFSET(C444,-1,0)+1,OFFSET(C444,-1,0))","v":6},{"$f":"IF($A444=1,0,IF($A444=2,OFFSET(D444,-1,0)+1,OFFSET(D444,-1,0)))","v":4},{"$f":"IF(AND($A444<=2,$A444<>0),0,IF($A444=3,OFFSET(E444,-1,0)+1,OFFSET(E444,-1,0)))","v":0},{"$f":"IF(AND($A444<=3,$A444<>0),0,IF($A444=4,OFFSET(F444,-1,0)+1,OFFSET(F444,-1,0)))","v":0},{"$f":"IF(AND($A444<=4,$A444<>0),0,IF($A444=\"S\",OFFSET(G444,-1,0)+1,OFFSET(G444,-1,0)))","v":0},{"$f":"IF(OR($A444=\"S\",$A444=0),0,MATCH(0,OFFSET($B444,1,$A444,ROW($A$1504)-ROW($A444)),0))","v":47},{"$f":"IF(OR($A444=\"S\",$A444=0),0,MATCH(OFFSET($B444,0,$A444)+1,OFFSET($B444,1,$A444,ROW($A$1504)-ROW($A444)),0))","v":20},"AtivNível 1",{"$f":"IF($A444=0,\"-\",CONCATENATE(C444&\".\",IF(AND($A$5>=2,$A444>=2),D444&\".\",\"\"),IF(AND($A$5>=3,$A444>=3),E444&\".\",\"\"),IF(AND($A$5>=4,$A444>=4),F444&\".\",\"\"),IF($A444=\"S\",G444&\".\",\"\")))","v":"6.4."},{"$f":"IF(NOT(ISERROR($Y444)),IF($Y444<>FALSE,INDEX(Banco,$Y444,4),\"\"),\"\")","v":""},null,null,"Atividade 31 - Oficina como fazer e manter vasos e canteiros de plantas medicinais região Jardim Ikaraí",{"$f":"IF(NOT(ISERROR($Y444)),IF($Y444<>FALSE,INDEX(Banco,$Y444,6),\"\"),\"\")","v":""},null,{"$f":"IF(NOT(ISERROR($Y444)),IF($Y444<>FALSE,INDEX(Banco,$Y444,7),0),0)","v":0},"DI 1",{"$f":"IF($J444=$G$2,ROUND(ROUND($R444,2)*IF($R$9=\"Preço Unitário (R$)\",1,1+$AA444),2),0)","v":0},{"$f":"IF($A444=\"S\",VTOTAL1,IF($A444=0,0,ROUND(SomaAgrup,2)))","v":7735.87},null,{"$f":"IF(OR($A444=0,$A444=\"S\",$A444>CFF!$A$9),\"\",MAX(W$11:OFFSET(W444,-1,0))+1)","v":37},{"$f":"IF(AND($J444=$G$2,$N444<>\"\",$M444<>\"\"),CONCATENATE($M444,\"-\",$N444))","v":false},{"$f":"IF(X444<>FALSE,MATCH(X444,OFFSET(Banco,0,0,,1),0))","v":false},null,{"$f":"IF($J444=$G$2,ROUND(IF(ISNUMBER(S444),S444,IF(LEFT(S444,2)=\"DI\",HLOOKUP(S444,DADOS!$T$29:$X$30,2,FALSE),0)),4),\"\")","v":""}]
[{"$f":"CHOOSE(1+LOG(1+2*(J445=$C$2)+4*(J445=$D$2)+8*(J445=$E$2)+16*(J445=$F$2)+32*(J445=$G$2),2),0,1,2,3,4,\"S\")","v":"S"},{"$f":"IF(OR(A445=\"S\",A445=0),0,IF(ISERROR(I445),H445,SMALL(H445:I445,1)))","v":0},{"$f":"IF($A445=1,OFFSET(C445,-1,0)+1,OFFSET(C445,-1,0))","v":6},{"$f":"IF($A445=1,0,IF($A445=2,OFFSET(D445,-1,0)+1,OFFSET(D445,-1,0)))","v":4},{"$f":"IF(AND($A445<=2,$A445<>0),0,IF($A445=3,OFFSET(E445,-1,0)+1,OFFSET(E445,-1,0)))","v":0},{"$f":"IF(AND($A445<=3,$A445<>0),0,IF($A445=4,OFFSET(F445,-1,0)+1,OFFSET(F445,-1,0)))","v":0},{"$f":"IF(AND($A445<=4,$A445<>0),0,IF($A445=\"S\",OFFSET(G445,-1,0)+1,OFFSET(G445,-1,0)))","v":1},{"$f":"IF(OR($A445=\"S\",$A445=0),0,MATCH(0,OFFSET($B445,1,$A445,ROW($A$1504)-ROW($A445)),0))","v":0},{"$f":"IF(OR($A445=\"S\",$A445=0),0,MATCH(OFFSET($B445,0,$A445)+1,OFFSET($B445,1,$A445,ROW($A$1504)-ROW($A445)),0))","v":0},"Insumo",{"$f":"IF($A445=0,\"-\",CONCATENATE(C445&\".\",IF(AND($A$5>=2,$A445>=2),D445&\".\",\"\"),IF(AND($A$5>=3,$A445>=3),E445&\".\",\"\"),IF(AND($A$5>=4,$A445>=4),F445&\".\",\"\"),IF($A445=\"S\",G445&\".\",\"\")))","v":"6.4.1."},{"$f":"IF(NOT(ISERROR($Y445)),IF($Y445<>FALSE,INDEX(Banco,$Y445,4),\"\"),\"\")","v":"CRESS"},"Rec. Humanos","001",{"$f":"IF(NOT(ISERROR($Y445)),IF($Y445<>FALSE,INDEX(Banco,$Y445,5),\"\"),\"\")","v":"Responsável Técnica"},{"$f":"IF(NOT(ISERROR($Y445)),IF($Y445<>FALSE,INDEX(Banco,$Y445,6),\"\"),\"\")","v":"Horas"},6,{"$f":"IF(NOT(ISERROR($Y445)),IF($Y445<>FALSE,INDEX(Banco,$Y445,7),0),0)","v":150.28},"DI 1",{"$f":"IF($J445=$G$2,ROUND(ROUND($R445,2)*IF($R$9=\"Preço Unitário (R$)\",1,1+$AA445),2),0)","v":187.85},{"$f":"IF($A445=\"S\",VTOTAL1,IF($A445=0,0,ROUND(SomaAgrup,2)))","v":1127.0999999999999},null,{"$f":"IF(OR($A445=0,$A445=\"S\",$A445>CFF!$A$9),\"\",MAX(W$11:OFFSET(W445,-1,0))+1)","v":""},{"$f":"IF(AND($J445=$G$2,$N445<>\"\",$M445<>\"\"),CONCATENATE($M445,\"-\",$N445))","v":"Rec. Humanos-001"},{"$f":"IF(X445<>FALSE,MATCH(X445,OFFSET(Banco,0,0,,1),0))","v":3},null,{"$f":"IF($J445=$G$2,ROUND(IF(ISNUMBER(S445),S445,IF(LEFT(S445,2)=\"DI\",HLOOKUP(S445,DADOS!$T$29:$X$30,2,FALSE),0)),4),\"\")","v":0.25}]
["S",0,6,4,0,0,2,{"$f":"IF(OR($A446=\"S\",$A446=0),0,MATCH(0,OFFSET($B446,1,$A446,ROW($A$1504)-ROW($A446)),0))","v":0},{"$f":"IF(OR($A446=\"S\",$A446=0),0,MATCH(OFFSET($B446,0,$A446)+1,OFFSET($B446,1,$A446,ROW($A$1504)-ROW($A446)),0))","v":0},"Insumo","6.4.2.","CRESS","Rec. Humanos","002",{"$f":"IF(NOT(ISERROR($Y446)),IF($Y446<>FALSE,INDEX(Banco,$Y446,5),\"\"),\"\")","v":"Assistente Social"},"Horas",4,133.81,"DI 1",167.26,669.04,null,{"$f":"IF(OR($A446=0,$A446=\"S\",$A446>CFF!$A$9),\"\",MAX(W$11:OFFSET(W446,-1,0))+1)","v":""},"Rec. Humanos-002",4,null,{"$f":"IF($J446=$G$2,ROUND(IF(ISNUMBER(S446),S446,IF(LEFT(S446,2)=\"DI\",HLOOKUP(S446,DADOS!$T$29:$X$30,2,FALSE),0)),4),\"\")","v":0.25}]
["S",0,6,4,0,0,3,{"$f":"IF(OR($A447=\"S\",$A447=0),0,MATCH(0,OFFSET($B447,1,$A447,ROW($A$1504)-ROW($A447)),0))","v":0},{"$f":"IF(OR($A447=\"S\",$A447=0),0,MATCH(OFFSET($B447,0,$A447)+1,OFFSET($B447,1,$A447,ROW($A$1504)-ROW($A447)),0))","v":0},"Insumo","6.4.3.","Cotação","Rec. Humanos","003",{"$f":"IF(NOT(ISERROR($Y447)),IF($Y447<>FALSE,INDEX(Banco,$Y447,5),\"\"),\"\")","v":"Administrador (Técnico de Apoio) "},"Horas",4,103.65,"DI 1",129.56,518.24,null,{"$f":"IF(OR($A447=0,$A447=\"S\",$A447>CFF!$A$9),\"\",MAX(W$11:OFFSET(W447,-1,0))+1)","v":""},"Rec. Humanos-003",5,null,{"$f":"IF($J447=$G$2,ROUND(IF(ISNUMBER(S447),S447,IF(LEFT(S447,2)=\"DI\",HLOOKUP(S447,DADOS!$T$29:$X$30,2,FALSE),0)),4),\"\")","v":0.25}]
["S",0,6,4,0,0,4,{"$f":"IF(OR($A448=\"S\",$A448=0),0,MATCH(0,OFFSET($B448,1,$A448,ROW($A$1504)-ROW($A448)),0))","v":0},{"$f":"IF(OR($A448=\"S\",$A448=0),0,MATCH(OFFSET($B448,0,$A448)+1,OFFSET($B448,1,$A448,ROW($A$1504)-ROW($A448)),0))","v":0},"Insumo","6.4.4.","SINE","Rec. Humanos","004",{"$f":"IF(NOT(ISERROR($Y448)),IF($Y448<>FALSE,INDEX(Banco,$Y448,5),\"\"),\"\")","v":"Estagiários"},"Horas",10,9.7899999999999991,"DI 1",12.24,122.4,null,{"$f":"IF(OR($A448=0,$A448=\"S\",$A448>CFF!$A$9),\"\",MAX(W$11:OFFSET(W448,-1,0))+1)","v":""},"Rec. Humanos-004",6,null,{"$f":"IF($J448=$G$2,ROUND(IF(ISNUMBER(S448),S448,IF(LEFT(S448,2)=\"DI\",HLOOKUP(S448,DADOS!$T$29:$X$30,2,FALSE),0)),4),\"\")","v":0.25}]
[{"$f":"CHOOSE(1+LOG(1+2*(J449=$C$2)+4*(J449=$D$2)+8*(J449=$E$2)+16*(J449=$F$2)+32*(J449=$G$2),2),0,1,2,3,4,\"S\")","v":"S"},{"$f":"IF(OR(A449=\"S\",A449=0),0,IF(ISERROR(I449),H449,SMALL(H449:I449,1)))","v":0},{"$f":"IF($A449=1,OFFSET(C449,-1,0)+1,OFFSET(C449,-1,0))","v":6},{"$f":"IF($A449=1,0,IF($A449=2,OFFSET(D449,-1,0)+1,OFFSET(D449,-1,0)))","v":4},{"$f":"IF(AND($A449<=2,$A449<>0),0,IF($A449=3,OFFSET(E449,-1,0)+1,OFFSET(E449,-1,0)))","v":0},{"$f":"IF(AND($A449<=3,$A449<>0),0,IF($A449=4,OFFSET(F449,-1,0)+1,OFFSET(F449,-1,0)))","v":0},{"$f":"IF(AND($A449<=4,$A449<>0),0,IF($A449=\"S\",OFFSET(G449,-1,0)+1,OFFSET(G449,-1,0)))","v":5},{"$f":"IF(OR($A449=\"S\",$A449=0),0,MATCH(0,OFFSET($B449,1,$A449,ROW($A$1504)-ROW($A449)),0))","v":0},{"$f":"IF(OR($A449=\"S\",$A449=0),0,MATCH(OFFSET($B449,0,$A449)+1,OFFSET($B449,1,$A449,ROW($A$1504)-ROW($A449)),0))","v":0},"Insumo",{"$f":"IF($A449=0,\"-\",CONCATENATE(C449&\".\",IF(AND($A$5>=2,$A449>=2),D449&\".\",\"\"),IF(AND($A$5>=3,$A449>=3),E449&\".\",\"\"),IF(AND($A$5>=4,$A449>=4),F449&\".\",\"\"),IF($A449=\"S\",G449&\".\",\"\")))","v":"6.4.5."},{"$f":"IF(NOT(ISERROR($Y449)),IF($Y449<>FALSE,INDEX(Banco,$Y449,4),\"\"),\"\")","v":"CREAMT"},"Serv. Terc.","066",{"$f":"IF(NOT(ISERROR($Y449)),IF($Y449<>FALSE,INDEX(Banco,$Y449,5),\"\"),\"\")","v":"Engenheiro Agrônomo"},{"$f":"IF(NOT(ISERROR($Y449)),IF($Y449<>FALSE,INDEX(Banco,$Y449,6),\"\"),\"\")","v":"Horas"},3,{"$f":"IF(NOT(ISERROR($Y449)),IF($Y449<>FALSE,INDEX(Banco,$Y449,7),0),0)","v":197},"DI 1",{"$f":"IF($J449=$G$2,ROUND(ROUND($R449,2)*IF($R$9=\"Preço Unitário (R$)\",1,1+$AA449),2),0)","v":246.25},{"$f":"IF($A449=\"S\",VTOTAL1,IF($A449=0,0,ROUND(SomaAgrup,2)))","v":738.75},null,{"$f":"IF(OR($A449=0,$A449=\"S\",$A449>CFF!$A$9),\"\",MAX(W$11:OFFSET(W449,-1,0))+1)","v":""},{"$f":"IF(AND($J449=$G$2,$N449<>\"\",$M449<>\"\"),CONCATENATE($M449,\"-\",$N449))","v":"Serv. Terc.-066"},{"$f":"IF(X449<>FALSE,MATCH(X449,OFFSET(Banco,0,0,,1),0))","v":146},null,{"$f":"IF($J449=$G$2,ROUND(IF(ISNUMBER(S449),S449,IF(LEFT(S449,2)=\"DI\",HLOOKUP(S449,DADOS!$T$29:$X$30,2,FALSE),0)),4),\"\")","v":0.25}]
["S",0,6,4,0,0,6,{"$f":"IF(OR($A450=\"S\",$A450=0),0,MATCH(0,OFFSET($B450,1,$A450,ROW($A$1504)-ROW($A450)),0))","v":0},{"$f":"IF(OR($A450=\"S\",$A450=0),0,MATCH(OFFSET($B450,0,$A450)+1,OFFSET($B450,1,$A450,ROW($A$1504)-ROW($A450)),0))","v":0},"Insumo","6.4.6.","Cotação","Serv. Terc.","001",{"$f":"IF(NOT(ISERROR($Y450)),IF($Y450<>FALSE,INDEX(Banco,$Y450,5),\"\"),\"\")","v":"Fotocópias"},"Unidade",100,0.3,"DI 1",0.38,38,null,{"$f":"IF(OR($A450=0,$A450=\"S\",$A450>CFF!$A$9),\"\",MAX(W$11:OFFSET(W450,-1,0))+1)","v":""},"Serv. Terc.-001",81,null,{"$f":"IF($J450=$G$2,ROUND(IF(ISNUMBER(S450),S450,IF(LEFT(S450,2)=\"DI\",HLOOKUP(S450,DADOS!$T$29:$X$30,2,FALSE),0)),4),\"\")","v":0.25}]
[{"$f":"CHOOSE(1+LOG(1+2*(J451=$C$2)+4*(J451=$D$2)+8*(J451=$E$2)+16*(J451=$F$2)+32*(J451=$G$2),2),0,1,2,3,4,\"S\")","v":"S"},{"$f":"IF(OR(A451=\"S\",A451=0),0,IF(ISERROR(I451),H451,SMALL(H451:I451,1)))","v":0},{"$f":"IF($A451=1,OFFSET(C451,-1,0)+1,OFFSET(C451,-1,0))","v":6},{"$f":"IF($A451=1,0,IF($A451=2,OFFSET(D451,-1,0)+1,OFFSET(D451,-1,0)))","v":4},{"$f":"IF(AND($A451<=2,$A451<>0),0,IF($A451=3,OFFSET(E451,-1,0)+1,OFFSET(E451,-1,0)))","v":0},{"$f":"IF(AND($A451<=3,$A451<>0),0,IF($A451=4,OFFSET(F451,-1,0)+1,OFFSET(F451,-1,0)))","v":0},{"$f":"IF(AND($A451<=4,$A451<>0),0,IF($A451=\"S\",OFFSET(G451,-1,0)+1,OFFSET(G451,-1,0)))","v":7},{"$f":"IF(OR($A451=\"S\",$A451=0),0,MATCH(0,OFFSET($B451,1,$A451,ROW($A$1504)-ROW($A451)),0))","v":0},{"$f":"IF(OR($A451=\"S\",$A451=0),0,MATCH(OFFSET($B451,0,$A451)+1,OFFSET($B451,1,$A451,ROW($A$1504)-ROW($A451)),0))","v":0},"Insumo",{"$f":"IF($A451=0,\"-\",CONCATENATE(C451&\".\",IF(AND($A$5>=2,$A451>=2),D451&\".\",\"\"),IF(AND($A$5>=3,$A451>=3),E451&\".\",\"\"),IF(AND($A$5>=4,$A451>=4),F451&\".\",\"\"),IF($A451=\"S\",G451&\".\",\"\")))","v":"6.4.7."},{"$f":"IF(NOT(ISERROR($Y451)),IF($Y451<>FALSE,INDEX(Banco,$Y451,4),\"\"),\"\")","v":"Cotação"},"Serv. Terc.","017",{"$f":"IF(NOT(ISERROR($Y451)),IF($Y451<>FALSE,INDEX(Banco,$Y451,5),\"\"),\"\")","v":"Instrutor/Monitor (Educação Fisíca)"},{"$f":"IF(NOT(ISERROR($Y451)),IF($Y451<>FALSE,INDEX(Banco,$Y451,6),\"\"),\"\")","v":"Horas"},3,{"$f":"IF(NOT(ISERROR($Y451)),IF($Y451<>FALSE,INDEX(Banco,$Y451,7),0),0)","v":100},"DI 1",{"$f":"IF($J451=$G$2,ROUND(ROUND($R451,2)*IF($R$9=\"Preço Unitário (R$)\",1,1+$AA451),2),0)","v":125},{"$f":"IF($A451=\"S\",VTOTAL1,IF($A451=0,0,ROUND(SomaAgrup,2)))","v":375},null,{"$f":"IF(OR($A451=0,$A451=\"S\",$A451>CFF!$A$9),\"\",MAX(W$11:OFFSET(W451,-1,0))+1)","v":""},{"$f":"IF(AND($J451=$G$2,$N451<>\"\",$M451<>\"\"),CONCATENATE($M451,\"-\",$N451))","v":"Serv. Terc.-017"},{"$f":"IF(X451<>FALSE,MATCH(X451,OFFSET(Banco,0,0,,1),0))","v":97},null,{"$f":"IF($J451=$G$2,ROUND(IF(ISNUMBER(S451),S451,IF(LEFT(S451,2)=\"DI\",HLOOKUP(S451,DADOS!$T$29:$X$30,2,FALSE),0)),4),\"\")","v":0.25}]
["S",0,6,4,0,0,8,{"$f":"IF(OR($A452=\"S\",$A452=0),0,MATCH(0,OFFSET($B452,1,$A452,ROW($A$1504)-ROW($A452)),0))","v":0},{"$f":"IF(OR($A452=\"S\",$A452=0),0,MATCH(OFFSET($B452,0,$A452)+1,OFFSET($B452,1,$A452,ROW($A$1504)-ROW($A452)),0))","v":0},"Insumo","6.4.8.","Cotação","Serv. Terc.","002","Carro de som com gravação de vinheta","Horas",3,200,"DI 1",250,750,null,{"$f":"IF(OR($A452=0,$A452=\"S\",$A452>CFF!$A$9),\"\",MAX(W$11:OFFSET(W452,-1,0))+1)","v":""},"Serv. Terc.-002",82,null,{"$f":"IF($J452=$G$2,ROUND(IF(ISNUMBER(S452),S452,IF(LEFT(S452,2)=\"DI\",HLOOKUP(S452,DADOS!$T$29:$X$30,2,FALSE),0)),4),\"\")","v":0.25}]
["S",0,6,4,0,0,9,{"$f":"IF(OR($A453=\"S\",$A453=0),0,MATCH(0,OFFSET($B453,1,$A453,ROW($A$1504)-ROW($A453)),0))","v":0},{"$f":"IF(OR($A453=\"S\",$A453=0),0,MATCH(OFFSET($B453,0,$A453)+1,OFFSET($B453,1,$A453,ROW($A$1504)-ROW($A453)),0))","v":0},"Insumo","6.4.9.","Cotação","Serv. Terc.","005","Locação de caixa térmica","Unidade",2,40,"DI 1",50,100,null,{"$f":"IF(OR($A453=0,$A453=\"S\",$A453>CFF!$A$9),\"\",MAX(W$11:OFFSET(W453,-1,0))+1)","v":""},"Serv. Terc.-005",85,null,{"$f":"IF($J453=$G$2,ROUND(IF(ISNUMBER(S453),S453,IF(LEFT(S453,2)=\"DI\",HLOOKUP(S453,DADOS!$T$29:$X$30,2,FALSE),0)),4),\"\")","v":0.25}]
["S",0,6,4,0,0,10,{"$f":"IF(OR($A454=\"S\",$A454=0),0,MATCH(0,OFFSET($B454,1,$A454,ROW($A$1504)-ROW($A454)),0))","v":0},{"$f":"IF(OR($A454=\"S\",$A454=0),0,MATCH(OFFSET($B454,0,$A454)+1,OFFSET($B454,1,$A454,ROW($A$1504)-ROW($A454)),0))","v":0},"Insumo","6.4.10.","Cotação ","Serv. Terc.","011","Barra de gelo","Unidade",4,12,"DI 1",15,60,null,{"$f":"IF(OR($A454=0,$A454=\"S\",$A454>CFF!$A$9),\"\",MAX(W$11:OFFSET(W454,-1,0))+1)","v":""},"Serv. Terc.-011",91,null,{"$f":"IF($J454=$G$2,ROUND(IF(ISNUMBER(S454),S454,IF(LEFT(S454,2)=\"DI\",HLOOKUP(S454,DADOS!$T$29:$X$30,2,FALSE),0)),4),\"\")","v":0.25}]
["S",0,6,4,0,0,11,{"$f":"IF(OR($A455=\"S\",$A455=0),0,MATCH(0,OFFSET($B455,1,$A455,ROW($A$1504)-ROW($A455)),0))","v":0},{"$f":"IF(OR($A455=\"S\",$A455=0),0,MATCH(OFFSET($B455,0,$A455)+1,OFFSET($B455,1,$A455,ROW($A$1504)-ROW($A455)),0))","v":0},"Insumo","6.4.11.","Cotação","Serv. Terc.","013","Sucos","Unidade",12,6.4,"DI 1",8,96,null,{"$f":"IF(OR($A455=0,$A455=\"S\",$A455>CFF!$A$9),\"\",MAX(W$11:OFFSET(W455,-1,0))+1)","v":""},"Serv. Terc.-013",93,null,{"$f":"IF($J455=$G$2,ROUND(IF(ISNUMBER(S455),S455,IF(LEFT(S455,2)=\"DI\",HLOOKUP(S455,DADOS!$T$29:$X$30,2,FALSE),0)),4),\"\")","v":0.25}]
["S",0,{"$f":"IF($A456=1,OFFSET(C456,-1,0)+1,OFFSET(C456,-1,0))","v":6},{"$f":"IF($A456=1,0,IF($A456=2,OFFSET(D456,-1,0)+1,OFFSET(D456,-1,0)))","v":4},{"$f":"IF(AND($A456<=2,$A456<>0),0,IF($A456=3,OFFSET(E456,-1,0)+1,OFFSET(E456,-1,0)))","v":0},{"$f":"IF(AND($A456<=3,$A456<>0),0,IF($A456=4,OFFSET(F456,-1,0)+1,OFFSET(F456,-1,0)))","v":0},{"$f":"IF(AND($A456<=4,$A456<>0),0,IF($A456=\"S\",OFFSET(G456,-1,0)+1,OFFSET(G456,-1,0)))","v":12},{"$f":"IF(OR($A456=\"S\",$A456=0),0,MATCH(0,OFFSET($B456,1,$A456,ROW($A$1504)-ROW($A456)),0))","v":0},{"$f":"IF(OR($A456=\"S\",$A456=0),0,MATCH(OFFSET($B456,0,$A456)+1,OFFSET($B456,1,$A456,ROW($A$1504)-ROW($A456)),0))","v":0},"Insumo","6.4.12.",{"$f":"IF(NOT(ISERROR($Y456)),IF($Y456<>FALSE,INDEX(Banco,$Y456,4),\"\"),\"\")","v":"Cotação"},"Serv. Terc.","027",{"$f":"IF(NOT(ISERROR($Y456)),IF($Y456<>FALSE,INDEX(Banco,$Y456,5),\"\"),\"\")","v":"Refrigerantes (02 litros) "},{"$f":"IF(NOT(ISERROR($Y456)),IF($Y456<>FALSE,INDEX(Banco,$Y456,6),\"\"),\"\")","v":"Unidade"},20,{"$f":"IF(NOT(ISERROR($Y456)),IF($Y456<>FALSE,INDEX(Banco,$Y456,7),0),0)","v":6},"DI 1",{"$f":"IF($J456=$G$2,ROUND(ROUND($R456,2)*IF($R$9=\"Preço Unitário (R$)\",1,1+$AA456),2),0)","v":7.5},{"$f":"IF($A456=\"S\",VTOTAL1,IF($A456=0,0,ROUND(SomaAgrup,2)))","v":150},null,{"$f":"IF(OR($A456=0,$A456=\"S\",$A456>CFF!$A$9),\"\",MAX(W$11:OFFSET(W456,-1,0))+1)","v":""},{"$f":"IF(AND($J456=$G$2,$N456<>\"\",$M456<>\"\"),CONCATENATE($M456,\"-\",$N456))","v":"Serv. Terc.-027"},107,null,{"$f":"IF($J456=$G$2,ROUND(IF(ISNUMBER(S456),S456,IF(LEFT(S456,2)=\"DI\",HLOOKUP(S456,DADOS!$T$29:$X$30,2,FALSE),0)),4),\"\")","v":0.25}]
[{"$f":"CHOOSE(1+LOG(1+2*(J457=$C$2)+4*(J457=$D$2)+8*(J457=$E$2)+16*(J457=$F$2)+32*(J457=$G$2),2),0,1,2,3,4,\"S\")","v":"S"},{"$f":"IF(OR(A457=\"S\",A457=0),0,IF(ISERROR(I457),H457,SMALL(H457:I457,1)))","v":0},{"$f":"IF($A457=1,OFFSET(C457,-1,0)+1,OFFSET(C457,-1,0))","v":6},{"$f":"IF($A457=1,0,IF($A457=2,OFFSET(D457,-1,0)+1,OFFSET(D457,-1,0)))","v":4},{"$f":"IF(AND($A457<=2,$A457<>0),0,IF($A457=3,OFFSET(E457,-1,0)+1,OFFSET(E457,-1,0)))","v":0},{"$f":"IF(AND($A457<=3,$A457<>0),0,IF($A457=4,OFFSET(F457,-1,0)+1,OFFSET(F457,-1,0)))","v":0},{"$f":"IF(AND($A457<=4,$A457<>0),0,IF($A457=\"S\",OFFSET(G457,-1,0)+1,OFFSET(G457,-1,0)))","v":13},{"$f":"IF(OR($A457=\"S\",$A457=0),0,MATCH(0,OFFSET($B457,1,$A457,ROW($A$1504)-ROW($A457)),0))","v":0},{"$f":"IF(OR($A457=\"S\",$A457=0),0,MATCH(OFFSET($B457,0,$A457)+1,OFFSET($B457,1,$A457,ROW($A$1504)-ROW($A457)),0))","v":0},"Insumo",{"$f":"IF($A457=0,\"-\",CONCATENATE(C457&\".\",IF(AND($A$5>=2,$A457>=2),D457&\".\",\"\"),IF(AND($A$5>=3,$A457>=3),E457&\".\",\"\"),IF(AND($A$5>=4,$A457>=4),F457&\".\",\"\"),IF($A457=\"S\",G457&\".\",\"\")))","v":"6.4.13."},{"$f":"IF(NOT(ISERROR($Y457)),IF($Y457<>FALSE,INDEX(Banco,$Y457,4),\"\"),\"\")","v":"Cotação "},"Serv. Terc.","010",{"$f":"IF(NOT(ISERROR($Y457)),IF($Y457<>FALSE,INDEX(Banco,$Y457,5),\"\"),\"\")","v":"Brindes ( descrição nos orçamentos e PTS)"},{"$f":"IF(NOT(ISERROR($Y457)),IF($Y457<>FALSE,INDEX(Banco,$Y457,6),\"\"),\"\")","v":"Unidade"},4,{"$f":"IF(NOT(ISERROR($Y457)),IF($Y457<>FALSE,INDEX(Banco,$Y457,7),0),0)","v":120},"DI 1",{"$f":"IF($J457=$G$2,ROUND(ROUND($R457,2)*IF($R$9=\"Preço Unitário (R$)\",1,1+$AA457),2),0)","v":150},{"$f":"IF($A457=\"S\",VTOTAL1,IF($A457=0,0,ROUND(SomaAgrup,2)))","v":600},null,{"$f":"IF(OR($A457=0,$A457=\"S\",$A457>CFF!$A$9),\"\",MAX(W$11:OFFSET(W457,-1,0))+1)","v":""},{"$f":"IF(AND($J457=$G$2,$N457<>\"\",$M457<>\"\"),CONCATENATE($M457,\"-\",$N457))","v":"Serv. Terc.-010"},{"$f":"IF(X457<>FALSE,MATCH(X457,OFFSET(Banco,0,0,,1),0))","v":90},null,{"$f":"IF($J457=$G$2,ROUND(IF(ISNUMBER(S457),S457,IF(LEFT(S457,2)=\"DI\",HLOOKUP(S457,DADOS!$T$29:$X$30,2,FALSE),0)),4),\"\")","v":0.25}]
["S",0,6,4,0,0,14,{"$f":"IF(OR($A458=\"S\",$A458=0),0,MATCH(0,OFFSET($B458,1,$A458,ROW($A$1504)-ROW($A458)),0))","v":0},{"$f":"IF(OR($A458=\"S\",$A458=0),0,MATCH(OFFSET($B458,0,$A458)+1,OFFSET($B458,1,$A458,ROW($A$1504)-ROW($A458)),0))","v":0},"Insumo","6.4.14.","Cotação","Serv. Terc.","015","Coffee break (salgados)","Centro",15,65,"DI 1",81.25,1218.75,null,{"$f":"IF(OR($A458=0,$A458=\"S\",$A458>CFF!$A$9),\"\",MAX(W$11:OFFSET(W458,-1,0))+1)","v":""},"Serv. Terc.-015",95,null,{"$f":"IF($J458=$G$2,ROUND(IF(ISNUMBER(S458),S458,IF(LEFT(S458,2)=\"DI\",HLOOKUP(S458,DADOS!$T$29:$X$30,2,FALSE),0)),4),\"\")","v":0.25}]
["S",0,6,4,0,0,15,{"$f":"IF(OR($A459=\"S\",$A459=0),0,MATCH(0,OFFSET($B459,1,$A459,ROW($A$1504)-ROW($A459)),0))","v":0},{"$f":"IF(OR($A459=\"S\",$A459=0),0,MATCH(OFFSET($B459,0,$A459)+1,OFFSET($B459,1,$A459,ROW($A$1504)-ROW($A459)),0))","v":0},"Insumo","6.4.15.","Cotação","Rec. Materiais","020","Guloseimas (balas e pirulito)","Pacote",4,12,"DI 1",15,60,null,{"$f":"IF(OR($A459=0,$A459=\"S\",$A459>CFF!$A$9),\"\",MAX(W$11:OFFSET(W459,-1,0))+1)","v":""},"Rec. Materiais-020",29,null,{"$f":"IF($J459=$G$2,ROUND(IF(ISNUMBER(S459),S459,IF(LEFT(S459,2)=\"DI\",HLOOKUP(S459,DADOS!$T$29:$X$30,2,FALSE),0)),4),\"\")","v":0.25}]
["S",0,6,4,0,0,16,{"$f":"IF(OR($A460=\"S\",$A460=0),0,MATCH(0,OFFSET($B460,1,$A460,ROW($A$1504)-ROW($A460)),0))","v":0},{"$f":"IF(OR($A460=\"S\",$A460=0),0,MATCH(OFFSET($B460,0,$A460)+1,OFFSET($B460,1,$A460,ROW($A$1504)-ROW($A460)),0))","v":0},"Insumo","6.4.16.","Cotação","Rec. Materiais","021","Papel de presente","Folhas",8,1.5,"DI 1",1.88,15.04,null,{"$f":"IF(OR($A460=0,$A460=\"S\",$A460>CFF!$A$9),\"\",MAX(W$11:OFFSET(W460,-1,0))+1)","v":""},"Rec. Materiais-021",30,null,{"$f":"IF($J460=$G$2,ROUND(IF(ISNUMBER(S460),S460,IF(LEFT(S460,2)=\"DI\",HLOOKUP(S460,DADOS!$T$29:$X$30,2,FALSE),0)),4),\"\")","v":0.25}]
["S",0,6,4,0,0,17,{"$f":"IF(OR($A461=\"S\",$A461=0),0,MATCH(0,OFFSET($B461,1,$A461,ROW($A$1504)-ROW($A461)),0))","v":0},{"$f":"IF(OR($A461=\"S\",$A461=0),0,MATCH(OFFSET($B461,0,$A461)+1,OFFSET($B461,1,$A461,ROW($A$1504)-ROW($A461)),0))","v":0},"Insumo","6.4.17.","Cotação","Rec. Materiais","026","Saco de lixo (100 litros)","Pacote",2,15,"DI 1",18.75,37.5,null,{"$f":"IF(OR($A461=0,$A461=\"S\",$A461>CFF!$A$9),\"\",MAX(W$11:OFFSET(W461,-1,0))+1)","v":""},"Rec. Materiais-026",35,null,{"$f":"IF($J461=$G$2,ROUND(IF(ISNUMBER(S461),S461,IF(LEFT(S461,2)=\"DI\",HLOOKUP(S461,DADOS!$T$29:$X$30,2,FALSE),0)),4),\"\")","v":0.25}]
["S",0,{"$f":"IF($A462=1,OFFSET(C462,-1,0)+1,OFFSET(C462,-1,0))","v":6},{"$f":"IF($A462=1,0,IF($A462=2,OFFSET(D462,-1,0)+1,OFFSET(D462,-1,0)))","v":4},{"$f":"IF(AND($A462<=2,$A462<>0),0,IF($A462=3,OFFSET(E462,-1,0)+1,OFFSET(E462,-1,0)))","v":0},{"$f":"IF(AND($A462<=3,$A462<>0),0,IF($A462=4,OFFSET(F462,-1,0)+1,OFFSET(F462,-1,0)))","v":0},{"$f":"IF(AND($A462<=4,$A462<>0),0,IF($A462=\"S\",OFFSET(G462,-1,0)+1,OFFSET(G462,-1,0)))","v":18},{"$f":"IF(OR($A462=\"S\",$A462=0),0,MATCH(0,OFFSET($B462,1,$A462,ROW($A$1504)-ROW($A462)),0))","v":0},{"$f":"IF(OR($A462=\"S\",$A462=0),0,MATCH(OFFSET($B462,0,$A462)+1,OFFSET($B462,1,$A462,ROW($A$1504)-ROW($A462)),0))","v":0},"Insumo","6.4.18.",{"$f":"IF(NOT(ISERROR($Y462)),IF($Y462<>FALSE,INDEX(Banco,$Y462,4),\"\"),\"\")","v":"Cotação"},"Rec. Materiais","044",{"$f":"IF(NOT(ISERROR($Y462)),IF($Y462<>FALSE,INDEX(Banco,$Y462,5),\"\"),\"\")","v":"KIT 01 - Oficina de como manter vasos e canteiros de plantas medicinais. Materias dos alunos ( floreira, sementes, mudas ornamentais e medicinais)"},{"$f":"IF(NOT(ISERROR($Y462)),IF($Y462<>FALSE,INDEX(Banco,$Y462,6),\"\"),\"\")","v":"KITS"},23,{"$f":"IF(NOT(ISERROR($Y462)),IF($Y462<>FALSE,INDEX(Banco,$Y462,7),0),0)","v":29.48},"DI 1",{"$f":"IF($J462=$G$2,ROUND(ROUND($R462,2)*IF($R$9=\"Preço Unitário (R$)\",1,1+$AA462),2),0)","v":36.85},{"$f":"IF($A462=\"S\",VTOTAL1,IF($A462=0,0,ROUND(SomaAgrup,2)))","v":847.55},null,{"$f":"IF(OR($A462=0,$A462=\"S\",$A462>CFF!$A$9),\"\",MAX(W$11:OFFSET(W462,-1,0))+1)","v":""},{"$f":"IF(AND($J462=$G$2,$N462<>\"\",$M462<>\"\"),CONCATENATE($M462,\"-\",$N462))","v":"Rec. Materiais-044"},53,null,{"$f":"IF($J462=$G$2,ROUND(IF(ISNUMBER(S462),S462,IF(LEFT(S462,2)=\"DI\",HLOOKUP(S462,DADOS!$T$29:$X$30,2,FALSE),0)),4),\"\")","v":0.25}]
["S",0,{"$f":"IF($A463=1,OFFSET(C463,-1,0)+1,OFFSET(C463,-1,0))","v":6},{"$f":"IF($A463=1,0,IF($A463=2,OFFSET(D463,-1,0)+1,OFFSET(D463,-1,0)))","v":4},{"$f":"IF(AND($A463<=2,$A463<>0),0,IF($A463=3,OFFSET(E463,-1,0)+1,OFFSET(E463,-1,0)))","v":0},{"$f":"IF(AND($A463<=3,$A463<>0),0,IF($A463=4,OFFSET(F463,-1,0)+1,OFFSET(F463,-1,0)))","v":0},{"$f":"IF(AND($A463<=4,$A463<>0),0,IF($A463=\"S\",OFFSET(G463,-1,0)+1,OFFSET(G463,-1,0)))","v":19},{"$f":"IF(OR($A463=\"S\",$A463=0),0,MATCH(0,OFFSET($B463,1,$A463,ROW($A$1504)-ROW($A463)),0))","v":0},{"$f":"IF(OR($A463=\"S\",$A463=0),0,MATCH(OFFSET($B463,0,$A463)+1,OFFSET($B463,1,$A463,ROW($A$1504)-ROW($A463)),0))","v":0},"Insumo","6.4.19.",{"$f":"IF(NOT(ISERROR($Y463)),IF($Y463<>FALSE,INDEX(Banco,$Y463,4),\"\"),\"\")","v":"Cotação"},"Rec. Materiais","043",{"$f":"IF(NOT(ISERROR($Y463)),IF($Y463<>FALSE,INDEX(Banco,$Y463,5),\"\"),\"\")","v":"KIT 02 - Oficina de como manter vasos e canteiros de plantas medicinais. Material de uso coletivo (brita, adulbos, umus e terra preta)"},{"$f":"IF(NOT(ISERROR($Y463)),IF($Y463<>FALSE,INDEX(Banco,$Y463,6),\"\"),\"\")","v":"Unidade"},1,{"$f":"IF(NOT(ISERROR($Y463)),IF($Y463<>FALSE,INDEX(Banco,$Y463,7),0),0)","v":170},"DI 1",{"$f":"IF($J463=$G$2,ROUND(ROUND($R463,2)*IF($R$9=\"Preço Unitário (R$)\",1,1+$AA463),2),0)","v":212.5},{"$f":"IF($A463=\"S\",VTOTAL1,IF($A463=0,0,ROUND(SomaAgrup,2)))","v":212.5},null,{"$f":"IF(OR($A463=0,$A463=\"S\",$A463>CFF!$A$9),\"\",MAX(W$11:OFFSET(W463,-1,0))+1)","v":""},{"$f":"IF(AND($J463=$G$2,$N463<>\"\",$M463<>\"\"),CONCATENATE($M463,\"-\",$N463))","v":"Rec. Materiais-043"},52,null,{"$f":"IF($J463=$G$2,ROUND(IF(ISNUMBER(S463),S463,IF(LEFT(S463,2)=\"DI\",HLOOKUP(S463,DADOS!$T$29:$X$30,2,FALSE),0)),4),\"\")","v":0.25}]
[{"$f":"CHOOSE(1+LOG(1+2*(J464=$C$2)+4*(J464=$D$2)+8*(J464=$E$2)+16*(J464=$F$2)+32*(J464=$G$2),2),0,1,2,3,4,\"S\")","v":2},{"$f":"IF(OR(A464=\"S\",A464=0),0,IF(ISERROR(I464),H464,SMALL(H464:I464,1)))","v":3},{"$f":"IF($A464=1,OFFSET(C464,-1,0)+1,OFFSET(C464,-1,0))","v":6},{"$f":"IF($A464=1,0,IF($A464=2,OFFSET(D464,-1,0)+1,OFFSET(D464,-1,0)))","v":5},{"$f":"IF(AND($A464<=2,$A464<>0),0,IF($A464=3,OFFSET(E464,-1,0)+1,OFFSET(E464,-1,0)))","v":0},{"$f":"IF(AND($A464<=3,$A464<>0),0,IF($A464=4,OFFSET(F464,-1,0)+1,OFFSET(F464,-1,0)))","v":0},{"$f":"IF(AND($A464<=4,$A464<>0),0,IF($A464=\"S\",OFFSET(G464,-1,0)+1,OFFSET(G464,-1,0)))","v":0},{"$f":"IF(OR($A464=\"S\",$A464=0),0,MATCH(0,OFFSET($B464,1,$A464,ROW($A$1504)-ROW($A464)),0))","v":27},{"$f":"IF(OR($A464=\"S\",$A464=0),0,MATCH(OFFSET($B464,0,$A464)+1,OFFSET($B464,1,$A464,ROW($A$1504)-ROW($A464)),0))","v":3},"AtivNível 1",{"$f":"IF($A464=0,\"-\",CONCATENATE(C464&\".\",IF(AND($A$5>=2,$A464>=2),D464&\".\",\"\"),IF(AND($A$5>=3,$A464>=3),E464&\".\",\"\"),IF(AND($A$5>=4,$A464>=4),F464&\".\",\"\"),IF($A464=\"S\",G464&\".\",\"\")))","v":"6.5."},{"$f":"IF(NOT(ISERROR($Y464)),IF($Y464<>FALSE,INDEX(Banco,$Y464,4),\"\"),\"\")","v":""},null,null,"Atividade 32 - Plantão Social região Jardim Ikaraí",{"$f":"IF(NOT(ISERROR($Y464)),IF($Y464<>FALSE,INDEX(Banco,$Y464,6),\"\"),\"\")","v":""},null,{"$f":"IF(NOT(ISERROR($Y464)),IF($Y464<>FALSE,INDEX(Banco,$Y464,7),0),0)","v":0},"DI 1",{"$f":"IF($J464=$G$2,ROUND(ROUND($R464,2)*IF($R$9=\"Preço Unitário (R$)\",1,1+$AA464),2),0)","v":0},{"$f":"IF($A464=\"S\",VTOTAL1,IF($A464=0,0,ROUND(SomaAgrup,2)))","v":1713.78},null,{"$f":"IF(OR($A464=0,$A464=\"S\",$A464>CFF!$A$9),\"\",MAX(W$11:OFFSET(W464,-1,0))+1)","v":38},{"$f":"IF(AND($J464=$G$2,$N464<>\"\",$M464<>\"\"),CONCATENATE($M464,\"-\",$N464))","v":false},{"$f":"IF(X464<>FALSE,MATCH(X464,OFFSET(Banco,0,0,,1),0))","v":false},null,{"$f":"IF($J464=$G$2,ROUND(IF(ISNUMBER(S464),S464,IF(LEFT(S464,2)=\"DI\",HLOOKUP(S464,DADOS!$T$29:$X$30,2,FALSE),0)),4),\"\")","v":""}]
[{"$f":"CHOOSE(1+LOG(1+2*(J465=$C$2)+4*(J465=$D$2)+8*(J465=$E$2)+16*(J465=$F$2)+32*(J465=$G$2),2),0,1,2,3,4,\"S\")","v":"S"},{"$f":"IF(OR(A465=\"S\",A465=0),0,IF(ISERROR(I465),H465,SMALL(H465:I465,1)))","v":0},{"$f":"IF($A465=1,OFFSET(C465,-1,0)+1,OFFSET(C465,-1,0))","v":6},{"$f":"IF($A465=1,0,IF($A465=2,OFFSET(D465,-1,0)+1,OFFSET(D465,-1,0)))","v":5},{"$f":"IF(AND($A465<=2,$A465<>0),0,IF($A465=3,OFFSET(E465,-1,0)+1,OFFSET(E465,-1,0)))","v":0},{"$f":"IF(AND($A465<=3,$A465<>0),0,IF($A465=4,OFFSET(F465,-1,0)+1,OFFSET(F465,-1,0)))","v":0},{"$f":"IF(AND($A465<=4,$A465<>0),0,IF($A465=\"S\",OFFSET(G465,-1,0)+1,OFFSET(G465,-1,0)))","v":1},{"$f":"IF(OR($A465=\"S\",$A465=0),0,MATCH(0,OFFSET($B465,1,$A465,ROW($A$1504)-ROW($A465)),0))","v":0},{"$f":"IF(OR($A465=\"S\",$A465=0),0,MATCH(OFFSET($B465,0,$A465)+1,OFFSET($B465,1,$A465,ROW($A$1504)-ROW($A465)),0))","v":0},"Insumo",{"$f":"IF($A465=0,\"-\",CONCATENATE(C465&\".\",IF(AND($A$5>=2,$A465>=2),D465&\".\",\"\"),IF(AND($A$5>=3,$A465>=3),E465&\".\",\"\"),IF(AND($A$5>=4,$A465>=4),F465&\".\",\"\"),IF($A465=\"S\",G465&\".\",\"\")))","v":"6.5.1."},{"$f":"IF(NOT(ISERROR($Y465)),IF($Y465<>FALSE,INDEX(Banco,$Y465,4),\"\"),\"\")","v":"CRESS"},"Rec. Humanos","001",{"$f":"IF(NOT(ISERROR($Y465)),IF($Y465<>FALSE,INDEX(Banco,$Y465,5),\"\"),\"\")","v":"Responsável Técnica"},{"$f":"IF(NOT(ISERROR($Y465)),IF($Y465<>FALSE,INDEX(Banco,$Y465,6),\"\"),\"\")","v":"Horas"},2,{"$f":"IF(NOT(ISERROR($Y465)),IF($Y465<>FALSE,INDEX(Banco,$Y465,7),0),0)","v":150.28},"DI 1",{"$f":"IF($J465=$G$2,ROUND(ROUND($R465,2)*IF($R$9=\"Preço Unitário (R$)\",1,1+$AA465),2),0)","v":187.85},{"$f":"IF($A465=\"S\",VTOTAL1,IF($A465=0,0,ROUND(SomaAgrup,2)))","v":375.7},null,{"$f":"IF(OR($A465=0,$A465=\"S\",$A465>CFF!$A$9),\"\",MAX(W$11:OFFSET(W465,-1,0))+1)","v":""},{"$f":"IF(AND($J465=$G$2,$N465<>\"\",$M465<>\"\"),CONCATENATE($M465,\"-\",$N465))","v":"Rec. Humanos-001"},{"$f":"IF(X465<>FALSE,MATCH(X465,OFFSET(Banco,0,0,,1),0))","v":3},null,{"$f":"IF($J465=$G$2,ROUND(IF(ISNUMBER(S465),S465,IF(LEFT(S465,2)=\"DI\",HLOOKUP(S465,DADOS!$T$29:$X$30,2,FALSE),0)),4),\"\")","v":0.25}]
["S",0,6,5,0,0,2,{"$f":"IF(OR($A466=\"S\",$A466=0),0,MATCH(0,OFFSET($B466,1,$A466,ROW($A$1504)-ROW($A466)),0))","v":0},{"$f":"IF(OR($A466=\"S\",$A466=0),0,MATCH(OFFSET($B466,0,$A466)+1,OFFSET($B466,1,$A466,ROW($A$1504)-ROW($A466)),0))","v":0},"Insumo","6.5.2.","CRESS","Rec. Humanos","002",{"$f":"IF(NOT(ISERROR($Y466)),IF($Y466<>FALSE,INDEX(Banco,$Y466,5),\"\"),\"\")","v":"Assistente Social"},"Horas",8,133.81,"DI 1",167.26,1338.08,null,{"$f":"IF(OR($A466=0,$A466=\"S\",$A466>CFF!$A$9),\"\",MAX(W$11:OFFSET(W466,-1,0))+1)","v":""},"Rec. Humanos-002",4,null,{"$f":"IF($J466=$G$2,ROUND(IF(ISNUMBER(S466),S466,IF(LEFT(S466,2)=\"DI\",HLOOKUP(S466,DADOS!$T$29:$X$30,2,FALSE),0)),4),\"\")","v":0.25}]
[{"$f":"CHOOSE(1+LOG(1+2*(J467=$C$2)+4*(J467=$D$2)+8*(J467=$E$2)+16*(J467=$F$2)+32*(J467=$G$2),2),0,1,2,3,4,\"S\")","v":2},{"$f":"IF(OR(A467=\"S\",A467=0),0,IF(ISERROR(I467),H467,SMALL(H467:I467,1)))","v":4},{"$f":"IF($A467=1,OFFSET(C467,-1,0)+1,OFFSET(C467,-1,0))","v":6},{"$f":"IF($A467=1,0,IF($A467=2,OFFSET(D467,-1,0)+1,OFFSET(D467,-1,0)))","v":6},{"$f":"IF(AND($A467<=2,$A467<>0),0,IF($A467=3,OFFSET(E467,-1,0)+1,OFFSET(E467,-1,0)))","v":0},{"$f":"IF(AND($A467<=3,$A467<>0),0,IF($A467=4,OFFSET(F467,-1,0)+1,OFFSET(F467,-1,0)))","v":0},{"$f":"IF(AND($A467<=4,$A467<>0),0,IF($A467=\"S\",OFFSET(G467,-1,0)+1,OFFSET(G467,-1,0)))","v":0},{"$f":"IF(OR($A467=\"S\",$A467=0),0,MATCH(0,OFFSET($B467,1,$A467,ROW($A$1504)-ROW($A467)),0))","v":24},{"$f":"IF(OR($A467=\"S\",$A467=0),0,MATCH(OFFSET($B467,0,$A467)+1,OFFSET($B467,1,$A467,ROW($A$1504)-ROW($A467)),0))","v":4},"AtivNível 1",{"$f":"IF($A467=0,\"-\",CONCATENATE(C467&\".\",IF(AND($A$5>=2,$A467>=2),D467&\".\",\"\"),IF(AND($A$5>=3,$A467>=3),E467&\".\",\"\"),IF(AND($A$5>=4,$A467>=4),F467&\".\",\"\"),IF($A467=\"S\",G467&\".\",\"\")))","v":"6.6."},{"$f":"IF(NOT(ISERROR($Y467)),IF($Y467<>FALSE,INDEX(Banco,$Y467,4),\"\"),\"\")","v":""},null,null,"Atividade 33 - Capacitação CAO região Jardim Ikaraí",{"$f":"IF(NOT(ISERROR($Y467)),IF($Y467<>FALSE,INDEX(Banco,$Y467,6),\"\"),\"\")","v":""},null,{"$f":"IF(NOT(ISERROR($Y467)),IF($Y467<>FALSE,INDEX(Banco,$Y467,7),0),0)","v":0},"DI 1",{"$f":"IF($J467=$G$2,ROUND(ROUND($R467,2)*IF($R$9=\"Preço Unitário (R$)\",1,1+$AA467),2),0)","v":0},{"$f":"IF($A467=\"S\",VTOTAL1,IF($A467=0,0,ROUND(SomaAgrup,2)))","v":1085.33},null,{"$f":"IF(OR($A467=0,$A467=\"S\",$A467>CFF!$A$9),\"\",MAX(W$11:OFFSET(W467,-1,0))+1)","v":39},{"$f":"IF(AND($J467=$G$2,$N467<>\"\",$M467<>\"\"),CONCATENATE($M467,\"-\",$N467))","v":false},{"$f":"IF(X467<>FALSE,MATCH(X467,OFFSET(Banco,0,0,,1),0))","v":false},null,{"$f":"IF($J467=$G$2,ROUND(IF(ISNUMBER(S467),S467,IF(LEFT(S467,2)=\"DI\",HLOOKUP(S467,DADOS!$T$29:$X$30,2,FALSE),0)),4),\"\")","v":""}]
[{"$f":"CHOOSE(1+LOG(1+2*(J468=$C$2)+4*(J468=$D$2)+8*(J468=$E$2)+16*(J468=$F$2)+32*(J468=$G$2),2),0,1,2,3,4,\"S\")","v":"S"},{"$f":"IF(OR(A468=\"S\",A468=0),0,IF(ISERROR(I468),H468,SMALL(H468:I468,1)))","v":0},{"$f":"IF($A468=1,OFFSET(C468,-1,0)+1,OFFSET(C468,-1,0))","v":6},{"$f":"IF($A468=1,0,IF($A468=2,OFFSET(D468,-1,0)+1,OFFSET(D468,-1,0)))","v":6},{"$f":"IF(AND($A468<=2,$A468<>0),0,IF($A468=3,OFFSET(E468,-1,0)+1,OFFSET(E468,-1,0)))","v":0},{"$f":"IF(AND($A468<=3,$A468<>0),0,IF($A468=4,OFFSET(F468,-1,0)+1,OFFSET(F468,-1,0)))","v":0},{"$f":"IF(AND($A468<=4,$A468<>0),0,IF($A468=\"S\",OFFSET(G468,-1,0)+1,OFFSET(G468,-1,0)))","v":1},{"$f":"IF(OR($A468=\"S\",$A468=0),0,MATCH(0,OFFSET($B468,1,$A468,ROW($A$1504)-ROW($A468)),0))","v":0},{"$f":"IF(OR($A468=\"S\",$A468=0),0,MATCH(OFFSET($B468,0,$A468)+1,OFFSET($B468,1,$A468,ROW($A$1504)-ROW($A468)),0))","v":0},"Insumo",{"$f":"IF($A468=0,\"-\",CONCATENATE(C468&\".\",IF(AND($A$5>=2,$A468>=2),D468&\".\",\"\"),IF(AND($A$5>=3,$A468>=3),E468&\".\",\"\"),IF(AND($A$5>=4,$A468>=4),F468&\".\",\"\"),IF($A468=\"S\",G468&\".\",\"\")))","v":"6.6.1."},{"$f":"IF(NOT(ISERROR($Y468)),IF($Y468<>FALSE,INDEX(Banco,$Y468,4),\"\"),\"\")","v":"CRESS"},"Rec. Humanos","002",{"$f":"IF(NOT(ISERROR($Y468)),IF($Y468<>FALSE,INDEX(Banco,$Y468,5),\"\"),\"\")","v":"Assistente Social"},{"$f":"IF(NOT(ISERROR($Y468)),IF($Y468<>FALSE,INDEX(Banco,$Y468,6),\"\"),\"\")","v":"Horas"},3,{"$f":"IF(NOT(ISERROR($Y468)),IF($Y468<>FALSE,INDEX(Banco,$Y468,7),0),0)","v":133.81},"DI 1",{"$f":"IF($J468=$G$2,ROUND(ROUND($R468,2)*IF($R$9=\"Preço Unitário (R$)\",1,1+$AA468),2),0)","v":167.26},{"$f":"IF($A468=\"S\",VTOTAL1,IF($A468=0,0,ROUND(SomaAgrup,2)))","v":501.78},null,{"$f":"IF(OR($A468=0,$A468=\"S\",$A468>CFF!$A$9),\"\",MAX(W$11:OFFSET(W468,-1,0))+1)","v":""},{"$f":"IF(AND($J468=$G$2,$N468<>\"\",$M468<>\"\"),CONCATENATE($M468,\"-\",$N468))","v":"Rec. Humanos-002"},{"$f":"IF(X468<>FALSE,MATCH(X468,OFFSET(Banco,0,0,,1),0))","v":4},null,{"$f":"IF($J468=$G$2,ROUND(IF(ISNUMBER(S468),S468,IF(LEFT(S468,2)=\"DI\",HLOOKUP(S468,DADOS!$T$29:$X$30,2,FALSE),0)),4),\"\")","v":0.25}]
[{"$f":"CHOOSE(1+LOG(1+2*(J469=$C$2)+4*(J469=$D$2)+8*(J469=$E$2)+16*(J469=$F$2)+32*(J469=$G$2),2),0,1,2,3,4,\"S\")","v":"S"},{"$f":"IF(OR(A469=\"S\",A469=0),0,IF(ISERROR(I469),H469,SMALL(H469:I469,1)))","v":0},{"$f":"IF($A469=1,OFFSET(C469,-1,0)+1,OFFSET(C469,-1,0))","v":6},{"$f":"IF($A469=1,0,IF($A469=2,OFFSET(D469,-1,0)+1,OFFSET(D469,-1,0)))","v":6},{"$f":"IF(AND($A469<=2,$A469<>0),0,IF($A469=3,OFFSET(E469,-1,0)+1,OFFSET(E469,-1,0)))","v":0},{"$f":"IF(AND($A469<=3,$A469<>0),0,IF($A469=4,OFFSET(F469,-1,0)+1,OFFSET(F469,-1,0)))","v":0},{"$f":"IF(AND($A469<=4,$A469<>0),0,IF($A469=\"S\",OFFSET(G469,-1,0)+1,OFFSET(G469,-1,0)))","v":2},{"$f":"IF(OR($A469=\"S\",$A469=0),0,MATCH(0,OFFSET($B469,1,$A469,ROW($A$1504)-ROW($A469)),0))","v":0},{"$f":"IF(OR($A469=\"S\",$A469=0),0,MATCH(OFFSET($B469,0,$A469)+1,OFFSET($B469,1,$A469,ROW($A$1504)-ROW($A469)),0))","v":0},"Insumo",{"$f":"IF($A469=0,\"-\",CONCATENATE(C469&\".\",IF(AND($A$5>=2,$A469>=2),D469&\".\",\"\"),IF(AND($A$5>=3,$A469>=3),E469&\".\",\"\"),IF(AND($A$5>=4,$A469>=4),F469&\".\",\"\"),IF($A469=\"S\",G469&\".\",\"\")))","v":"6.6.2."},{"$f":"IF(NOT(ISERROR($Y469)),IF($Y469<>FALSE,INDEX(Banco,$Y469,4),\"\"),\"\")","v":"CRESS"},"Rec. Humanos","001",{"$f":"IF(NOT(ISERROR($Y469)),IF($Y469<>FALSE,INDEX(Banco,$Y469,5),\"\"),\"\")","v":"Responsável Técnica"},{"$f":"IF(NOT(ISERROR($Y469)),IF($Y469<>FALSE,INDEX(Banco,$Y469,6),\"\"),\"\")","v":"Horas"},3,{"$f":"IF(NOT(ISERROR($Y469)),IF($Y469<>FALSE,INDEX(Banco,$Y469,7),0),0)","v":150.28},"DI 1",{"$f":"IF($J469=$G$2,ROUND(ROUND($R469,2)*IF($R$9=\"Preço Unitário (R$)\",1,1+$AA469),2),0)","v":187.85},{"$f":"IF($A469=\"S\",VTOTAL1,IF($A469=0,0,ROUND(SomaAgrup,2)))","v":563.54999999999995},null,{"$f":"IF(OR($A469=0,$A469=\"S\",$A469>CFF!$A$9),\"\",MAX(W$11:OFFSET(W469,-1,0))+1)","v":""},{"$f":"IF(AND($J469=$G$2,$N469<>\"\",$M469<>\"\"),CONCATENATE($M469,\"-\",$N469))","v":"Rec. Humanos-001"},{"$f":"IF(X469<>FALSE,MATCH(X469,OFFSET(Banco,0,0,,1),0))","v":3},null,{"$f":"IF($J469=$G$2,ROUND(IF(ISNUMBER(S469),S469,IF(LEFT(S469,2)=\"DI\",HLOOKUP(S469,DADOS!$T$29:$X$30,2,FALSE),0)),4),\"\")","v":0.25}]
[{"$f":"CHOOSE(1+LOG(1+2*(J470=$C$2)+4*(J470=$D$2)+8*(J470=$E$2)+16*(J470=$F$2)+32*(J470=$G$2),2),0,1,2,3,4,\"S\")","v":"S"},{"$f":"IF(OR(A470=\"S\",A470=0),0,IF(ISERROR(I470),H470,SMALL(H470:I470,1)))","v":0},{"$f":"IF($A470=1,OFFSET(C470,-1,0)+1,OFFSET(C470,-1,0))","v":6},{"$f":"IF($A470=1,0,IF($A470=2,OFFSET(D470,-1,0)+1,OFFSET(D470,-1,0)))","v":6},{"$f":"IF(AND($A470<=2,$A470<>0),0,IF($A470=3,OFFSET(E470,-1,0)+1,OFFSET(E470,-1,0)))","v":0},{"$f":"IF(AND($A470<=3,$A470<>0),0,IF($A470=4,OFFSET(F470,-1,0)+1,OFFSET(F470,-1,0)))","v":0},{"$f":"IF(AND($A470<=4,$A470<>0),0,IF($A470=\"S\",OFFSET(G470,-1,0)+1,OFFSET(G470,-1,0)))","v":3},{"$f":"IF(OR($A470=\"S\",$A470=0),0,MATCH(0,OFFSET($B470,1,$A470,ROW($A$1504)-ROW($A470)),0))","v":0},{"$f":"IF(OR($A470=\"S\",$A470=0),0,MATCH(OFFSET($B470,0,$A470)+1,OFFSET($B470,1,$A470,ROW($A$1504)-ROW($A470)),0))","v":0},"Insumo",{"$f":"IF($A470=0,\"-\",CONCATENATE(C470&\".\",IF(AND($A$5>=2,$A470>=2),D470&\".\",\"\"),IF(AND($A$5>=3,$A470>=3),E470&\".\",\"\"),IF(AND($A$5>=4,$A470>=4),F470&\".\",\"\"),IF($A470=\"S\",G470&\".\",\"\")))","v":"6.6.3."},{"$f":"IF(NOT(ISERROR($Y470)),IF($Y470<>FALSE,INDEX(Banco,$Y470,4),\"\"),\"\")","v":"Cotação"},"Serv. Terc.","009",{"$f":"IF(NOT(ISERROR($Y470)),IF($Y470<>FALSE,INDEX(Banco,$Y470,5),\"\"),\"\")","v":"Água (garrafa de 1,5 litros)"},{"$f":"IF(NOT(ISERROR($Y470)),IF($Y470<>FALSE,INDEX(Banco,$Y470,6),\"\"),\"\")","v":"Unidade"},4,{"$f":"IF(NOT(ISERROR($Y470)),IF($Y470<>FALSE,INDEX(Banco,$Y470,7),0),0)","v":4},"DI 1",{"$f":"IF($J470=$G$2,ROUND(ROUND($R470,2)*IF($R$9=\"Preço Unitário (R$)\",1,1+$AA470),2),0)","v":5},{"$f":"IF($A470=\"S\",VTOTAL1,IF($A470=0,0,ROUND(SomaAgrup,2)))","v":20},null,{"$f":"IF(OR($A470=0,$A470=\"S\",$A470>CFF!$A$9),\"\",MAX(W$11:OFFSET(W470,-1,0))+1)","v":""},{"$f":"IF(AND($J470=$G$2,$N470<>\"\",$M470<>\"\"),CONCATENATE($M470,\"-\",$N470))","v":"Serv. Terc.-009"},{"$f":"IF(X470<>FALSE,MATCH(X470,OFFSET(Banco,0,0,,1),0))","v":89},null,{"$f":"IF($J470=$G$2,ROUND(IF(ISNUMBER(S470),S470,IF(LEFT(S470,2)=\"DI\",HLOOKUP(S470,DADOS!$T$29:$X$30,2,FALSE),0)),4),\"\")","v":0.25}]
[{"$f":"CHOOSE(1+LOG(1+2*(J471=$C$2)+4*(J471=$D$2)+8*(J471=$E$2)+16*(J471=$F$2)+32*(J471=$G$2),2),0,1,2,3,4,\"S\")","v":2},{"$f":"IF(OR(A471=\"S\",A471=0),0,IF(ISERROR(I471),H471,SMALL(H471:I471,1)))","v":20},{"$f":"IF($A471=1,OFFSET(C471,-1,0)+1,OFFSET(C471,-1,0))","v":6},{"$f":"IF($A471=1,0,IF($A471=2,OFFSET(D471,-1,0)+1,OFFSET(D471,-1,0)))","v":7},{"$f":"IF(AND($A471<=2,$A471<>0),0,IF($A471=3,OFFSET(E471,-1,0)+1,OFFSET(E471,-1,0)))","v":0},{"$f":"IF(AND($A471<=3,$A471<>0),0,IF($A471=4,OFFSET(F471,-1,0)+1,OFFSET(F471,-1,0)))","v":0},{"$f":"IF(AND($A471<=4,$A471<>0),0,IF($A471=\"S\",OFFSET(G471,-1,0)+1,OFFSET(G471,-1,0)))","v":0},{"$f":"IF(OR($A471=\"S\",$A471=0),0,MATCH(0,OFFSET($B471,1,$A471,ROW($A$1504)-ROW($A471)),0))","v":20},{"$f":"IF(OR($A471=\"S\",$A471=0),0,MATCH(OFFSET($B471,0,$A471)+1,OFFSET($B471,1,$A471,ROW($A$1504)-ROW($A471)),0))","v":109},"AtivNível 1",{"$f":"IF($A471=0,\"-\",CONCATENATE(C471&\".\",IF(AND($A$5>=2,$A471>=2),D471&\".\",\"\"),IF(AND($A$5>=3,$A471>=3),E471&\".\",\"\"),IF(AND($A$5>=4,$A471>=4),F471&\".\",\"\"),IF($A471=\"S\",G471&\".\",\"\")))","v":"6.7."},{"$f":"IF(NOT(ISERROR($Y471)),IF($Y471<>FALSE,INDEX(Banco,$Y471,4),\"\"),\"\")","v":""},null,null,"Atividade 34 - Oficina como fazer e manter vasos e canteiros de plantas medicinais: Bairro Frutal de Minas e Jardim Paulal II",{"$f":"IF(NOT(ISERROR($Y471)),IF($Y471<>FALSE,INDEX(Banco,$Y471,6),\"\"),\"\")","v":""},null,{"$f":"IF(NOT(ISERROR($Y471)),IF($Y471<>FALSE,INDEX(Banco,$Y471,7),0),0)","v":0},"DI 1",{"$f":"IF($J471=$G$2,ROUND(ROUND($R471,2)*IF($R$9=\"Preço Unitário (R$)\",1,1+$AA471),2),0)","v":0},{"$f":"IF($A471=\"S\",VTOTAL1,IF($A471=0,0,ROUND(SomaAgrup,2)))","v":7735.87},null,{"$f":"IF(OR($A471=0,$A471=\"S\",$A471>CFF!$A$9),\"\",MAX(W$11:OFFSET(W471,-1,0))+1)","v":40},{"$f":"IF(AND($J471=$G$2,$N471<>\"\",$M471<>\"\"),CONCATENATE($M471,\"-\",$N471))","v":false},{"$f":"IF(X471<>FALSE,MATCH(X471,OFFSET(Banco,0,0,,1),0))","v":false},null,{"$f":"IF($J471=$G$2,ROUND(IF(ISNUMBER(S471),S471,IF(LEFT(S471,2)=\"DI\",HLOOKUP(S471,DADOS!$T$29:$X$30,2,FALSE),0)),4),\"\")","v":""}]
[{"$f":"CHOOSE(1+LOG(1+2*(J472=$C$2)+4*(J472=$D$2)+8*(J472=$E$2)+16*(J472=$F$2)+32*(J472=$G$2),2),0,1,2,3,4,\"S\")","v":"S"},{"$f":"IF(OR(A472=\"S\",A472=0),0,IF(ISERROR(I472),H472,SMALL(H472:I472,1)))","v":0},{"$f":"IF($A472=1,OFFSET(C472,-1,0)+1,OFFSET(C472,-1,0))","v":6},{"$f":"IF($A472=1,0,IF($A472=2,OFFSET(D472,-1,0)+1,OFFSET(D472,-1,0)))","v":7},{"$f":"IF(AND($A472<=2,$A472<>0),0,IF($A472=3,OFFSET(E472,-1,0)+1,OFFSET(E472,-1,0)))","v":0},{"$f":"IF(AND($A472<=3,$A472<>0),0,IF($A472=4,OFFSET(F472,-1,0)+1,OFFSET(F472,-1,0)))","v":0},{"$f":"IF(AND($A472<=4,$A472<>0),0,IF($A472=\"S\",OFFSET(G472,-1,0)+1,OFFSET(G472,-1,0)))","v":1},{"$f":"IF(OR($A472=\"S\",$A472=0),0,MATCH(0,OFFSET($B472,1,$A472,ROW($A$1504)-ROW($A472)),0))","v":0},{"$f":"IF(OR($A472=\"S\",$A472=0),0,MATCH(OFFSET($B472,0,$A472)+1,OFFSET($B472,1,$A472,ROW($A$1504)-ROW($A472)),0))","v":0},"Insumo",{"$f":"IF($A472=0,\"-\",CONCATENATE(C472&\".\",IF(AND($A$5>=2,$A472>=2),D472&\".\",\"\"),IF(AND($A$5>=3,$A472>=3),E472&\".\",\"\"),IF(AND($A$5>=4,$A472>=4),F472&\".\",\"\"),IF($A472=\"S\",G472&\".\",\"\")))","v":"6.7.1."},{"$f":"IF(NOT(ISERROR($Y472)),IF($Y472<>FALSE,INDEX(Banco,$Y472,4),\"\"),\"\")","v":"CRESS"},"Rec. Humanos","001",{"$f":"IF(NOT(ISERROR($Y472)),IF($Y472<>FALSE,INDEX(Banco,$Y472,5),\"\"),\"\")","v":"Responsável Técnica"},{"$f":"IF(NOT(ISERROR($Y472)),IF($Y472<>FALSE,INDEX(Banco,$Y472,6),\"\"),\"\")","v":"Horas"},6,{"$f":"IF(NOT(ISERROR($Y472)),IF($Y472<>FALSE,INDEX(Banco,$Y472,7),0),0)","v":150.28},"DI 1",{"$f":"IF($J472=$G$2,ROUND(ROUND($R472,2)*IF($R$9=\"Preço Unitário (R$)\",1,1+$AA472),2),0)","v":187.85},{"$f":"IF($A472=\"S\",VTOTAL1,IF($A472=0,0,ROUND(SomaAgrup,2)))","v":1127.0999999999999},null,{"$f":"IF(OR($A472=0,$A472=\"S\",$A472>CFF!$A$9),\"\",MAX(W$11:OFFSET(W472,-1,0))+1)","v":""},{"$f":"IF(AND($J472=$G$2,$N472<>\"\",$M472<>\"\"),CONCATENATE($M472,\"-\",$N472))","v":"Rec. Humanos-001"},{"$f":"IF(X472<>FALSE,MATCH(X472,OFFSET(Banco,0,0,,1),0))","v":3},null,{"$f":"IF($J472=$G$2,ROUND(IF(ISNUMBER(S472),S472,IF(LEFT(S472,2)=\"DI\",HLOOKUP(S472,DADOS!$T$29:$X$30,2,FALSE),0)),4),\"\")","v":0.25}]
["S",0,6,7,0,0,2,{"$f":"IF(OR($A473=\"S\",$A473=0),0,MATCH(0,OFFSET($B473,1,$A473,ROW($A$1504)-ROW($A473)),0))","v":0},{"$f":"IF(OR($A473=\"S\",$A473=0),0,MATCH(OFFSET($B473,0,$A473)+1,OFFSET($B473,1,$A473,ROW($A$1504)-ROW($A473)),0))","v":0},"Insumo","6.7.2.","CRESS","Rec. Humanos","002",{"$f":"IF(NOT(ISERROR($Y473)),IF($Y473<>FALSE,INDEX(Banco,$Y473,5),\"\"),\"\")","v":"Assistente Social"},"Horas",4,133.81,"DI 1",167.26,669.04,null,{"$f":"IF(OR($A473=0,$A473=\"S\",$A473>CFF!$A$9),\"\",MAX(W$11:OFFSET(W473,-1,0))+1)","v":""},"Rec. Humanos-002",4,null,{"$f":"IF($J473=$G$2,ROUND(IF(ISNUMBER(S473),S473,IF(LEFT(S473,2)=\"DI\",HLOOKUP(S473,DADOS!$T$29:$X$30,2,FALSE),0)),4),\"\")","v":0.25}]
["S",0,6,7,0,0,3,{"$f":"IF(OR($A474=\"S\",$A474=0),0,MATCH(0,OFFSET($B474,1,$A474,ROW($A$1504)-ROW($A474)),0))","v":0},{"$f":"IF(OR($A474=\"S\",$A474=0),0,MATCH(OFFSET($B474,0,$A474)+1,OFFSET($B474,1,$A474,ROW($A$1504)-ROW($A474)),0))","v":0},"Insumo","6.7.3.","Cotação","Rec. Humanos","003",{"$f":"IF(NOT(ISERROR($Y474)),IF($Y474<>FALSE,INDEX(Banco,$Y474,5),\"\"),\"\")","v":"Administrador (Técnico de Apoio) "},"Horas",4,103.65,"DI 1",129.56,518.24,null,{"$f":"IF(OR($A474=0,$A474=\"S\",$A474>CFF!$A$9),\"\",MAX(W$11:OFFSET(W474,-1,0))+1)","v":""},"Rec. Humanos-003",5,null,{"$f":"IF($J474=$G$2,ROUND(IF(ISNUMBER(S474),S474,IF(LEFT(S474,2)=\"DI\",HLOOKUP(S474,DADOS!$T$29:$X$30,2,FALSE),0)),4),\"\")","v":0.25}]
["S",0,6,7,0,0,4,{"$f":"IF(OR($A475=\"S\",$A475=0),0,MATCH(0,OFFSET($B475,1,$A475,ROW($A$1504)-ROW($A475)),0))","v":0},{"$f":"IF(OR($A475=\"S\",$A475=0),0,MATCH(OFFSET($B475,0,$A475)+1,OFFSET($B475,1,$A475,ROW($A$1504)-ROW($A475)),0))","v":0},"Insumo","6.7.4.","SINE","Rec. Humanos","004",{"$f":"IF(NOT(ISERROR($Y475)),IF($Y475<>FALSE,INDEX(Banco,$Y475,5),\"\"),\"\")","v":"Estagiários"},"Horas",10,9.7899999999999991,"DI 1",12.24,122.4,null,{"$f":"IF(OR($A475=0,$A475=\"S\",$A475>CFF!$A$9),\"\",MAX(W$11:OFFSET(W475,-1,0))+1)","v":""},"Rec. Humanos-004",6,null,{"$f":"IF($J475=$G$2,ROUND(IF(ISNUMBER(S475),S475,IF(LEFT(S475,2)=\"DI\",HLOOKUP(S475,DADOS!$T$29:$X$30,2,FALSE),0)),4),\"\")","v":0.25}]
[{"$f":"CHOOSE(1+LOG(1+2*(J476=$C$2)+4*(J476=$D$2)+8*(J476=$E$2)+16*(J476=$F$2)+32*(J476=$G$2),2),0,1,2,3,4,\"S\")","v":"S"},{"$f":"IF(OR(A476=\"S\",A476=0),0,IF(ISERROR(I476),H476,SMALL(H476:I476,1)))","v":0},{"$f":"IF($A476=1,OFFSET(C476,-1,0)+1,OFFSET(C476,-1,0))","v":6},{"$f":"IF($A476=1,0,IF($A476=2,OFFSET(D476,-1,0)+1,OFFSET(D476,-1,0)))","v":7},{"$f":"IF(AND($A476<=2,$A476<>0),0,IF($A476=3,OFFSET(E476,-1,0)+1,OFFSET(E476,-1,0)))","v":0},{"$f":"IF(AND($A476<=3,$A476<>0),0,IF($A476=4,OFFSET(F476,-1,0)+1,OFFSET(F476,-1,0)))","v":0},{"$f":"IF(AND($A476<=4,$A476<>0),0,IF($A476=\"S\",OFFSET(G476,-1,0)+1,OFFSET(G476,-1,0)))","v":5},{"$f":"IF(OR($A476=\"S\",$A476=0),0,MATCH(0,OFFSET($B476,1,$A476,ROW($A$1504)-ROW($A476)),0))","v":0},{"$f":"IF(OR($A476=\"S\",$A476=0),0,MATCH(OFFSET($B476,0,$A476)+1,OFFSET($B476,1,$A476,ROW($A$1504)-ROW($A476)),0))","v":0},"Insumo",{"$f":"IF($A476=0,\"-\",CONCATENATE(C476&\".\",IF(AND($A$5>=2,$A476>=2),D476&\".\",\"\"),IF(AND($A$5>=3,$A476>=3),E476&\".\",\"\"),IF(AND($A$5>=4,$A476>=4),F476&\".\",\"\"),IF($A476=\"S\",G476&\".\",\"\")))","v":"6.7.5."},{"$f":"IF(NOT(ISERROR($Y476)),IF($Y476<>FALSE,INDEX(Banco,$Y476,4),\"\"),\"\")","v":"CREAMT"},"Serv. Terc.","066",{"$f":"IF(NOT(ISERROR($Y476)),IF($Y476<>FALSE,INDEX(Banco,$Y476,5),\"\"),\"\")","v":"Engenheiro Agrônomo"},{"$f":"IF(NOT(ISERROR($Y476)),IF($Y476<>FALSE,INDEX(Banco,$Y476,6),\"\"),\"\")","v":"Horas"},3,{"$f":"IF(NOT(ISERROR($Y476)),IF($Y476<>FALSE,INDEX(Banco,$Y476,7),0),0)","v":197},"DI 1",{"$f":"IF($J476=$G$2,ROUND(ROUND($R476,2)*IF($R$9=\"Preço Unitário (R$)\",1,1+$AA476),2),0)","v":246.25},{"$f":"IF($A476=\"S\",VTOTAL1,IF($A476=0,0,ROUND(SomaAgrup,2)))","v":738.75},null,{"$f":"IF(OR($A476=0,$A476=\"S\",$A476>CFF!$A$9),\"\",MAX(W$11:OFFSET(W476,-1,0))+1)","v":""},{"$f":"IF(AND($J476=$G$2,$N476<>\"\",$M476<>\"\"),CONCATENATE($M476,\"-\",$N476))","v":"Serv. Terc.-066"},{"$f":"IF(X476<>FALSE,MATCH(X476,OFFSET(Banco,0,0,,1),0))","v":146},null,{"$f":"IF($J476=$G$2,ROUND(IF(ISNUMBER(S476),S476,IF(LEFT(S476,2)=\"DI\",HLOOKUP(S476,DADOS!$T$29:$X$30,2,FALSE),0)),4),\"\")","v":0.25}]
["S",0,6,7,0,0,6,{"$f":"IF(OR($A477=\"S\",$A477=0),0,MATCH(0,OFFSET($B477,1,$A477,ROW($A$1504)-ROW($A477)),0))","v":0},{"$f":"IF(OR($A477=\"S\",$A477=0),0,MATCH(OFFSET($B477,0,$A477)+1,OFFSET($B477,1,$A477,ROW($A$1504)-ROW($A477)),0))","v":0},"Insumo","6.7.6.","Cotação","Serv. Terc.","001",{"$f":"IF(NOT(ISERROR($Y477)),IF($Y477<>FALSE,INDEX(Banco,$Y477,5),\"\"),\"\")","v":"Fotocópias"},"Unidade",100,0.3,"DI 1",0.38,38,null,{"$f":"IF(OR($A477=0,$A477=\"S\",$A477>CFF!$A$9),\"\",MAX(W$11:OFFSET(W477,-1,0))+1)","v":""},"Serv. Terc.-001",81,null,{"$f":"IF($J477=$G$2,ROUND(IF(ISNUMBER(S477),S477,IF(LEFT(S477,2)=\"DI\",HLOOKUP(S477,DADOS!$T$29:$X$30,2,FALSE),0)),4),\"\")","v":0.25}]
[{"$f":"CHOOSE(1+LOG(1+2*(J478=$C$2)+4*(J478=$D$2)+8*(J478=$E$2)+16*(J478=$F$2)+32*(J478=$G$2),2),0,1,2,3,4,\"S\")","v":"S"},{"$f":"IF(OR(A478=\"S\",A478=0),0,IF(ISERROR(I478),H478,SMALL(H478:I478,1)))","v":0},{"$f":"IF($A478=1,OFFSET(C478,-1,0)+1,OFFSET(C478,-1,0))","v":6},{"$f":"IF($A478=1,0,IF($A478=2,OFFSET(D478,-1,0)+1,OFFSET(D478,-1,0)))","v":7},{"$f":"IF(AND($A478<=2,$A478<>0),0,IF($A478=3,OFFSET(E478,-1,0)+1,OFFSET(E478,-1,0)))","v":0},{"$f":"IF(AND($A478<=3,$A478<>0),0,IF($A478=4,OFFSET(F478,-1,0)+1,OFFSET(F478,-1,0)))","v":0},{"$f":"IF(AND($A478<=4,$A478<>0),0,IF($A478=\"S\",OFFSET(G478,-1,0)+1,OFFSET(G478,-1,0)))","v":7},{"$f":"IF(OR($A478=\"S\",$A478=0),0,MATCH(0,OFFSET($B478,1,$A478,ROW($A$1504)-ROW($A478)),0))","v":0},{"$f":"IF(OR($A478=\"S\",$A478=0),0,MATCH(OFFSET($B478,0,$A478)+1,OFFSET($B478,1,$A478,ROW($A$1504)-ROW($A478)),0))","v":0},"Insumo",{"$f":"IF($A478=0,\"-\",CONCATENATE(C478&\".\",IF(AND($A$5>=2,$A478>=2),D478&\".\",\"\"),IF(AND($A$5>=3,$A478>=3),E478&\".\",\"\"),IF(AND($A$5>=4,$A478>=4),F478&\".\",\"\"),IF($A478=\"S\",G478&\".\",\"\")))","v":"6.7.7."},{"$f":"IF(NOT(ISERROR($Y478)),IF($Y478<>FALSE,INDEX(Banco,$Y478,4),\"\"),\"\")","v":"Cotação"},"Serv. Terc.","017",{"$f":"IF(NOT(ISERROR($Y478)),IF($Y478<>FALSE,INDEX(Banco,$Y478,5),\"\"),\"\")","v":"Instrutor/Monitor (Educação Fisíca)"},{"$f":"IF(NOT(ISERROR($Y478)),IF($Y478<>FALSE,INDEX(Banco,$Y478,6),\"\"),\"\")","v":"Horas"},3,{"$f":"IF(NOT(ISERROR($Y478)),IF($Y478<>FALSE,INDEX(Banco,$Y478,7),0),0)","v":100},"DI 1",{"$f":"IF($J478=$G$2,ROUND(ROUND($R478,2)*IF($R$9=\"Preço Unitário (R$)\",1,1+$AA478),2),0)","v":125},{"$f":"IF($A478=\"S\",VTOTAL1,IF($A478=0,0,ROUND(SomaAgrup,2)))","v":375},null,{"$f":"IF(OR($A478=0,$A478=\"S\",$A478>CFF!$A$9),\"\",MAX(W$11:OFFSET(W478,-1,0))+1)","v":""},{"$f":"IF(AND($J478=$G$2,$N478<>\"\",$M478<>\"\"),CONCATENATE($M478,\"-\",$N478))","v":"Serv. Terc.-017"},{"$f":"IF(X478<>FALSE,MATCH(X478,OFFSET(Banco,0,0,,1),0))","v":97},null,{"$f":"IF($J478=$G$2,ROUND(IF(ISNUMBER(S478),S478,IF(LEFT(S478,2)=\"DI\",HLOOKUP(S478,DADOS!$T$29:$X$30,2,FALSE),0)),4),\"\")","v":0.25}]
["S",0,6,7,0,0,8,{"$f":"IF(OR($A479=\"S\",$A479=0),0,MATCH(0,OFFSET($B479,1,$A479,ROW($A$1504)-ROW($A479)),0))","v":0},{"$f":"IF(OR($A479=\"S\",$A479=0),0,MATCH(OFFSET($B479,0,$A479)+1,OFFSET($B479,1,$A479,ROW($A$1504)-ROW($A479)),0))","v":0},"Insumo","6.7.8.","Cotação","Serv. Terc.","002","Carro de som com gravação de vinheta","Horas",3,200,"DI 1",250,750,null,{"$f":"IF(OR($A479=0,$A479=\"S\",$A479>CFF!$A$9),\"\",MAX(W$11:OFFSET(W479,-1,0))+1)","v":""},"Serv. Terc.-002",82,null,{"$f":"IF($J479=$G$2,ROUND(IF(ISNUMBER(S479),S479,IF(LEFT(S479,2)=\"DI\",HLOOKUP(S479,DADOS!$T$29:$X$30,2,FALSE),0)),4),\"\")","v":0.25}]
["S",0,6,7,0,0,9,{"$f":"IF(OR($A480=\"S\",$A480=0),0,MATCH(0,OFFSET($B480,1,$A480,ROW($A$1504)-ROW($A480)),0))","v":0},{"$f":"IF(OR($A480=\"S\",$A480=0),0,MATCH(OFFSET($B480,0,$A480)+1,OFFSET($B480,1,$A480,ROW($A$1504)-ROW($A480)),0))","v":0},"Insumo","6.7.9.","Cotação","Serv. Terc.","005","Locação de caixa térmica","Unidade",2,40,"DI 1",50,100,null,{"$f":"IF(OR($A480=0,$A480=\"S\",$A480>CFF!$A$9),\"\",MAX(W$11:OFFSET(W480,-1,0))+1)","v":""},"Serv. Terc.-005",85,null,{"$f":"IF($J480=$G$2,ROUND(IF(ISNUMBER(S480),S480,IF(LEFT(S480,2)=\"DI\",HLOOKUP(S480,DADOS!$T$29:$X$30,2,FALSE),0)),4),\"\")","v":0.25}]
["S",0,6,7,0,0,10,{"$f":"IF(OR($A481=\"S\",$A481=0),0,MATCH(0,OFFSET($B481,1,$A481,ROW($A$1504)-ROW($A481)),0))","v":0},{"$f":"IF(OR($A481=\"S\",$A481=0),0,MATCH(OFFSET($B481,0,$A481)+1,OFFSET($B481,1,$A481,ROW($A$1504)-ROW($A481)),0))","v":0},"Insumo","6.7.10.","Cotação ","Serv. Terc.","011","Barra de gelo","Unidade",4,12,"DI 1",15,60,null,{"$f":"IF(OR($A481=0,$A481=\"S\",$A481>CFF!$A$9),\"\",MAX(W$11:OFFSET(W481,-1,0))+1)","v":""},"Serv. Terc.-011",91,null,{"$f":"IF($J481=$G$2,ROUND(IF(ISNUMBER(S481),S481,IF(LEFT(S481,2)=\"DI\",HLOOKUP(S481,DADOS!$T$29:$X$30,2,FALSE),0)),4),\"\")","v":0.25}]
["S",0,6,7,0,0,11,{"$f":"IF(OR($A482=\"S\",$A482=0),0,MATCH(0,OFFSET($B482,1,$A482,ROW($A$1504)-ROW($A482)),0))","v":0},{"$f":"IF(OR($A482=\"S\",$A482=0),0,MATCH(OFFSET($B482,0,$A482)+1,OFFSET($B482,1,$A482,ROW($A$1504)-ROW($A482)),0))","v":0},"Insumo","6.7.11.","Cotação","Serv. Terc.","013","Sucos","Unidade",12,6.4,"DI 1",8,96,null,{"$f":"IF(OR($A482=0,$A482=\"S\",$A482>CFF!$A$9),\"\",MAX(W$11:OFFSET(W482,-1,0))+1)","v":""},"Serv. Terc.-013",93,null,{"$f":"IF($J482=$G$2,ROUND(IF(ISNUMBER(S482),S482,IF(LEFT(S482,2)=\"DI\",HLOOKUP(S482,DADOS!$T$29:$X$30,2,FALSE),0)),4),\"\")","v":0.25}]
["S",0,{"$f":"IF($A483=1,OFFSET(C483,-1,0)+1,OFFSET(C483,-1,0))","v":6},{"$f":"IF($A483=1,0,IF($A483=2,OFFSET(D483,-1,0)+1,OFFSET(D483,-1,0)))","v":7},{"$f":"IF(AND($A483<=2,$A483<>0),0,IF($A483=3,OFFSET(E483,-1,0)+1,OFFSET(E483,-1,0)))","v":0},{"$f":"IF(AND($A483<=3,$A483<>0),0,IF($A483=4,OFFSET(F483,-1,0)+1,OFFSET(F483,-1,0)))","v":0},{"$f":"IF(AND($A483<=4,$A483<>0),0,IF($A483=\"S\",OFFSET(G483,-1,0)+1,OFFSET(G483,-1,0)))","v":12},{"$f":"IF(OR($A483=\"S\",$A483=0),0,MATCH(0,OFFSET($B483,1,$A483,ROW($A$1504)-ROW($A483)),0))","v":0},{"$f":"IF(OR($A483=\"S\",$A483=0),0,MATCH(OFFSET($B483,0,$A483)+1,OFFSET($B483,1,$A483,ROW($A$1504)-ROW($A483)),0))","v":0},"Insumo","6.7.12.",{"$f":"IF(NOT(ISERROR($Y483)),IF($Y483<>FALSE,INDEX(Banco,$Y483,4),\"\"),\"\")","v":"Cotação"},"Serv. Terc.","027",{"$f":"IF(NOT(ISERROR($Y483)),IF($Y483<>FALSE,INDEX(Banco,$Y483,5),\"\"),\"\")","v":"Refrigerantes (02 litros) "},{"$f":"IF(NOT(ISERROR($Y483)),IF($Y483<>FALSE,INDEX(Banco,$Y483,6),\"\"),\"\")","v":"Unidade"},20,{"$f":"IF(NOT(ISERROR($Y483)),IF($Y483<>FALSE,INDEX(Banco,$Y483,7),0),0)","v":6},"DI 1",{"$f":"IF($J483=$G$2,ROUND(ROUND($R483,2)*IF($R$9=\"Preço Unitário (R$)\",1,1+$AA483),2),0)","v":7.5},{"$f":"IF($A483=\"S\",VTOTAL1,IF($A483=0,0,ROUND(SomaAgrup,2)))","v":150},null,{"$f":"IF(OR($A483=0,$A483=\"S\",$A483>CFF!$A$9),\"\",MAX(W$11:OFFSET(W483,-1,0))+1)","v":""},{"$f":"IF(AND($J483=$G$2,$N483<>\"\",$M483<>\"\"),CONCATENATE($M483,\"-\",$N483))","v":"Serv. Terc.-027"},107,null,{"$f":"IF($J483=$G$2,ROUND(IF(ISNUMBER(S483),S483,IF(LEFT(S483,2)=\"DI\",HLOOKUP(S483,DADOS!$T$29:$X$30,2,FALSE),0)),4),\"\")","v":0.25}]
[{"$f":"CHOOSE(1+LOG(1+2*(J484=$C$2)+4*(J484=$D$2)+8*(J484=$E$2)+16*(J484=$F$2)+32*(J484=$G$2),2),0,1,2,3,4,\"S\")","v":"S"},{"$f":"IF(OR(A484=\"S\",A484=0),0,IF(ISERROR(I484),H484,SMALL(H484:I484,1)))","v":0},{"$f":"IF($A484=1,OFFSET(C484,-1,0)+1,OFFSET(C484,-1,0))","v":6},{"$f":"IF($A484=1,0,IF($A484=2,OFFSET(D484,-1,0)+1,OFFSET(D484,-1,0)))","v":7},{"$f":"IF(AND($A484<=2,$A484<>0),0,IF($A484=3,OFFSET(E484,-1,0)+1,OFFSET(E484,-1,0)))","v":0},{"$f":"IF(AND($A484<=3,$A484<>0),0,IF($A484=4,OFFSET(F484,-1,0)+1,OFFSET(F484,-1,0)))","v":0},{"$f":"IF(AND($A484<=4,$A484<>0),0,IF($A484=\"S\",OFFSET(G484,-1,0)+1,OFFSET(G484,-1,0)))","v":13},{"$f":"IF(OR($A484=\"S\",$A484=0),0,MATCH(0,OFFSET($B484,1,$A484,ROW($A$1504)-ROW($A484)),0))","v":0},{"$f":"IF(OR($A484=\"S\",$A484=0),0,MATCH(OFFSET($B484,0,$A484)+1,OFFSET($B484,1,$A484,ROW($A$1504)-ROW($A484)),0))","v":0},"Insumo",{"$f":"IF($A484=0,\"-\",CONCATENATE(C484&\".\",IF(AND($A$5>=2,$A484>=2),D484&\".\",\"\"),IF(AND($A$5>=3,$A484>=3),E484&\".\",\"\"),IF(AND($A$5>=4,$A484>=4),F484&\".\",\"\"),IF($A484=\"S\",G484&\".\",\"\")))","v":"6.7.13."},{"$f":"IF(NOT(ISERROR($Y484)),IF($Y484<>FALSE,INDEX(Banco,$Y484,4),\"\"),\"\")","v":"Cotação "},"Serv. Terc.","010",{"$f":"IF(NOT(ISERROR($Y484)),IF($Y484<>FALSE,INDEX(Banco,$Y484,5),\"\"),\"\")","v":"Brindes ( descrição nos orçamentos e PTS)"},{"$f":"IF(NOT(ISERROR($Y484)),IF($Y484<>FALSE,INDEX(Banco,$Y484,6),\"\"),\"\")","v":"Unidade"},4,{"$f":"IF(NOT(ISERROR($Y484)),IF($Y484<>FALSE,INDEX(Banco,$Y484,7),0),0)","v":120},"DI 1",{"$f":"IF($J484=$G$2,ROUND(ROUND($R484,2)*IF($R$9=\"Preço Unitário (R$)\",1,1+$AA484),2),0)","v":150},{"$f":"IF($A484=\"S\",VTOTAL1,IF($A484=0,0,ROUND(SomaAgrup,2)))","v":600},null,{"$f":"IF(OR($A484=0,$A484=\"S\",$A484>CFF!$A$9),\"\",MAX(W$11:OFFSET(W484,-1,0))+1)","v":""},{"$f":"IF(AND($J484=$G$2,$N484<>\"\",$M484<>\"\"),CONCATENATE($M484,\"-\",$N484))","v":"Serv. Terc.-010"},{"$f":"IF(X484<>FALSE,MATCH(X484,OFFSET(Banco,0,0,,1),0))","v":90},null,{"$f":"IF($J484=$G$2,ROUND(IF(ISNUMBER(S484),S484,IF(LEFT(S484,2)=\"DI\",HLOOKUP(S484,DADOS!$T$29:$X$30,2,FALSE),0)),4),\"\")","v":0.25}]
["S",0,6,7,0,0,14,{"$f":"IF(OR($A485=\"S\",$A485=0),0,MATCH(0,OFFSET($B485,1,$A485,ROW($A$1504)-ROW($A485)),0))","v":0},{"$f":"IF(OR($A485=\"S\",$A485=0),0,MATCH(OFFSET($B485,0,$A485)+1,OFFSET($B485,1,$A485,ROW($A$1504)-ROW($A485)),0))","v":0},"Insumo","6.7.14.","Cotação","Serv. Terc.","015","Coffee break (salgados)","Centro",15,65,"DI 1",81.25,1218.75,null,{"$f":"IF(OR($A485=0,$A485=\"S\",$A485>CFF!$A$9),\"\",MAX(W$11:OFFSET(W485,-1,0))+1)","v":""},"Serv. Terc.-015",95,null,{"$f":"IF($J485=$G$2,ROUND(IF(ISNUMBER(S485),S485,IF(LEFT(S485,2)=\"DI\",HLOOKUP(S485,DADOS!$T$29:$X$30,2,FALSE),0)),4),\"\")","v":0.25}]
["S",0,6,7,0,0,15,{"$f":"IF(OR($A486=\"S\",$A486=0),0,MATCH(0,OFFSET($B486,1,$A486,ROW($A$1504)-ROW($A486)),0))","v":0},{"$f":"IF(OR($A486=\"S\",$A486=0),0,MATCH(OFFSET($B486,0,$A486)+1,OFFSET($B486,1,$A486,ROW($A$1504)-ROW($A486)),0))","v":0},"Insumo","6.7.15.","Cotação","Rec. Materiais","020","Guloseimas (balas e pirulito)","Pacote",4,12,"DI 1",15,60,null,{"$f":"IF(OR($A486=0,$A486=\"S\",$A486>CFF!$A$9),\"\",MAX(W$11:OFFSET(W486,-1,0))+1)","v":""},"Rec. Materiais-020",29,null,{"$f":"IF($J486=$G$2,ROUND(IF(ISNUMBER(S486),S486,IF(LEFT(S486,2)=\"DI\",HLOOKUP(S486,DADOS!$T$29:$X$30,2,FALSE),0)),4),\"\")","v":0.25}]
["S",0,6,7,0,0,16,{"$f":"IF(OR($A487=\"S\",$A487=0),0,MATCH(0,OFFSET($B487,1,$A487,ROW($A$1504)-ROW($A487)),0))","v":0},{"$f":"IF(OR($A487=\"S\",$A487=0),0,MATCH(OFFSET($B487,0,$A487)+1,OFFSET($B487,1,$A487,ROW($A$1504)-ROW($A487)),0))","v":0},"Insumo","6.7.16.","Cotação","Rec. Materiais","021","Papel de presente","Folhas",8,1.5,"DI 1",1.88,15.04,null,{"$f":"IF(OR($A487=0,$A487=\"S\",$A487>CFF!$A$9),\"\",MAX(W$11:OFFSET(W487,-1,0))+1)","v":""},"Rec. Materiais-021",30,null,{"$f":"IF($J487=$G$2,ROUND(IF(ISNUMBER(S487),S487,IF(LEFT(S487,2)=\"DI\",HLOOKUP(S487,DADOS!$T$29:$X$30,2,FALSE),0)),4),\"\")","v":0.25}]
["S",0,6,7,0,0,17,{"$f":"IF(OR($A488=\"S\",$A488=0),0,MATCH(0,OFFSET($B488,1,$A488,ROW($A$1504)-ROW($A488)),0))","v":0},{"$f":"IF(OR($A488=\"S\",$A488=0),0,MATCH(OFFSET($B488,0,$A488)+1,OFFSET($B488,1,$A488,ROW($A$1504)-ROW($A488)),0))","v":0},"Insumo","6.7.17.","Cotação","Rec. Materiais","026","Saco de lixo (100 litros)","Pacote",2,15,"DI 1",18.75,37.5,null,{"$f":"IF(OR($A488=0,$A488=\"S\",$A488>CFF!$A$9),\"\",MAX(W$11:OFFSET(W488,-1,0))+1)","v":""},"Rec. Materiais-026",35,null,{"$f":"IF($J488=$G$2,ROUND(IF(ISNUMBER(S488),S488,IF(LEFT(S488,2)=\"DI\",HLOOKUP(S488,DADOS!$T$29:$X$30,2,FALSE),0)),4),\"\")","v":0.25}]
["S",0,{"$f":"IF($A489=1,OFFSET(C489,-1,0)+1,OFFSET(C489,-1,0))","v":6},{"$f":"IF($A489=1,0,IF($A489=2,OFFSET(D489,-1,0)+1,OFFSET(D489,-1,0)))","v":7},{"$f":"IF(AND($A489<=2,$A489<>0),0,IF($A489=3,OFFSET(E489,-1,0)+1,OFFSET(E489,-1,0)))","v":0},{"$f":"IF(AND($A489<=3,$A489<>0),0,IF($A489=4,OFFSET(F489,-1,0)+1,OFFSET(F489,-1,0)))","v":0},{"$f":"IF(AND($A489<=4,$A489<>0),0,IF($A489=\"S\",OFFSET(G489,-1,0)+1,OFFSET(G489,-1,0)))","v":18},{"$f":"IF(OR($A489=\"S\",$A489=0),0,MATCH(0,OFFSET($B489,1,$A489,ROW($A$1504)-ROW($A489)),0))","v":0},{"$f":"IF(OR($A489=\"S\",$A489=0),0,MATCH(OFFSET($B489,0,$A489)+1,OFFSET($B489,1,$A489,ROW($A$1504)-ROW($A489)),0))","v":0},"Insumo","6.7.18.",{"$f":"IF(NOT(ISERROR($Y489)),IF($Y489<>FALSE,INDEX(Banco,$Y489,4),\"\"),\"\")","v":"Cotação"},"Rec. Materiais","044",{"$f":"IF(NOT(ISERROR($Y489)),IF($Y489<>FALSE,INDEX(Banco,$Y489,5),\"\"),\"\")","v":"KIT 01 - Oficina de como manter vasos e canteiros de plantas medicinais. Materias dos alunos ( floreira, sementes, mudas ornamentais e medicinais)"},{"$f":"IF(NOT(ISERROR($Y489)),IF($Y489<>FALSE,INDEX(Banco,$Y489,6),\"\"),\"\")","v":"KITS"},23,{"$f":"IF(NOT(ISERROR($Y489)),IF($Y489<>FALSE,INDEX(Banco,$Y489,7),0),0)","v":29.48},"DI 1",{"$f":"IF($J489=$G$2,ROUND(ROUND($R489,2)*IF($R$9=\"Preço Unitário (R$)\",1,1+$AA489),2),0)","v":36.85},{"$f":"IF($A489=\"S\",VTOTAL1,IF($A489=0,0,ROUND(SomaAgrup,2)))","v":847.55},null,{"$f":"IF(OR($A489=0,$A489=\"S\",$A489>CFF!$A$9),\"\",MAX(W$11:OFFSET(W489,-1,0))+1)","v":""},{"$f":"IF(AND($J489=$G$2,$N489<>\"\",$M489<>\"\"),CONCATENATE($M489,\"-\",$N489))","v":"Rec. Materiais-044"},53,null,{"$f":"IF($J489=$G$2,ROUND(IF(ISNUMBER(S489),S489,IF(LEFT(S489,2)=\"DI\",HLOOKUP(S489,DADOS!$T$29:$X$30,2,FALSE),0)),4),\"\")","v":0.25}]
["S",0,{"$f":"IF($A490=1,OFFSET(C490,-1,0)+1,OFFSET(C490,-1,0))","v":6},{"$f":"IF($A490=1,0,IF($A490=2,OFFSET(D490,-1,0)+1,OFFSET(D490,-1,0)))","v":7},{"$f":"IF(AND($A490<=2,$A490<>0),0,IF($A490=3,OFFSET(E490,-1,0)+1,OFFSET(E490,-1,0)))","v":0},{"$f":"IF(AND($A490<=3,$A490<>0),0,IF($A490=4,OFFSET(F490,-1,0)+1,OFFSET(F490,-1,0)))","v":0},{"$f":"IF(AND($A490<=4,$A490<>0),0,IF($A490=\"S\",OFFSET(G490,-1,0)+1,OFFSET(G490,-1,0)))","v":19},{"$f":"IF(OR($A490=\"S\",$A490=0),0,MATCH(0,OFFSET($B490,1,$A490,ROW($A$1504)-ROW($A490)),0))","v":0},{"$f":"IF(OR($A490=\"S\",$A490=0),0,MATCH(OFFSET($B490,0,$A490)+1,OFFSET($B490,1,$A490,ROW($A$1504)-ROW($A490)),0))","v":0},"Insumo","6.7.19.",{"$f":"IF(NOT(ISERROR($Y490)),IF($Y490<>FALSE,INDEX(Banco,$Y490,4),\"\"),\"\")","v":"Cotação"},"Rec. Materiais","043",{"$f":"IF(NOT(ISERROR($Y490)),IF($Y490<>FALSE,INDEX(Banco,$Y490,5),\"\"),\"\")","v":"KIT 02 - Oficina de como manter vasos e canteiros de plantas medicinais. Material de uso coletivo (brita, adulbos, umus e terra preta)"},{"$f":"IF(NOT(ISERROR($Y490)),IF($Y490<>FALSE,INDEX(Banco,$Y490,6),\"\"),\"\")","v":"Unidade"},1,{"$f":"IF(NOT(ISERROR($Y490)),IF($Y490<>FALSE,INDEX(Banco,$Y490,7),0),0)","v":170},"DI 1",{"$f":"IF($J490=$G$2,ROUND(ROUND($R490,2)*IF($R$9=\"Preço Unitário (R$)\",1,1+$AA490),2),0)","v":212.5},{"$f":"IF($A490=\"S\",VTOTAL1,IF($A490=0,0,ROUND(SomaAgrup,2)))","v":212.5},null,{"$f":"IF(OR($A490=0,$A490=\"S\",$A490>CFF!$A$9),\"\",MAX(W$11:OFFSET(W490,-1,0))+1)","v":""},{"$f":"IF(AND($J490=$G$2,$N490<>\"\",$M490<>\"\"),CONCATENATE($M490,\"-\",$N490))","v":"Rec. Materiais-043"},52,null,{"$f":"IF($J490=$G$2,ROUND(IF(ISNUMBER(S490),S490,IF(LEFT(S490,2)=\"DI\",HLOOKUP(S490,DADOS!$T$29:$X$30,2,FALSE),0)),4),\"\")","v":0.25}]
[1,150,{"$f":"IF($A491=1,OFFSET(C491,-1,0)+1,OFFSET(C491,-1,0))","v":7},{"$f":"IF($A491=1,0,IF($A491=2,OFFSET(D491,-1,0)+1,OFFSET(D491,-1,0)))","v":0},{"$f":"IF(AND($A491<=2,$A491<>0),0,IF($A491=3,OFFSET(E491,-1,0)+1,OFFSET(E491,-1,0)))","v":0},{"$f":"IF(AND($A491<=3,$A491<>0),0,IF($A491=4,OFFSET(F491,-1,0)+1,OFFSET(F491,-1,0)))","v":0},{"$f":"IF(AND($A491<=4,$A491<>0),0,IF($A491=\"S\",OFFSET(G491,-1,0)+1,OFFSET(G491,-1,0)))","v":0},{"$f":"IF(OR($A491=\"S\",$A491=0),0,MATCH(0,OFFSET($B491,1,$A491,ROW($A$1504)-ROW($A491)),0))","v":1013},{"$f":"IF(OR($A491=\"S\",$A491=0),0,MATCH(OFFSET($B491,0,$A491)+1,OFFSET($B491,1,$A491,ROW($A$1504)-ROW($A491)),0))","v":150},"Ação","7.",{"$f":"IF(NOT(ISERROR($Y491)),IF($Y491<>FALSE,INDEX(Banco,$Y491,4),\"\"),\"\")","v":""},null,null,"MÊS 07 - INFORMAÇÕES/PALESTRAS",{"$f":"IF(NOT(ISERROR($Y491)),IF($Y491<>FALSE,INDEX(Banco,$Y491,6),\"\"),\"\")","v":""},null,{"$f":"IF(NOT(ISERROR($Y491)),IF($Y491<>FALSE,INDEX(Banco,$Y491,7),0),0)","v":0},"DI 1",{"$f":"IF($J491=$G$2,ROUND(ROUND($R491,2)*IF($R$9=\"Preço Unitário (R$)\",1,1+$AA491),2),0)","v":0},{"$f":"IF($A491=\"S\",VTOTAL1,IF($A491=0,0,ROUND(SomaAgrup,2)))","v":65750.740000000005},null,{"$f":"IF(OR($A491=0,$A491=\"S\",$A491>CFF!$A$9),\"\",MAX(W$11:OFFSET(W491,-1,0))+1)","v":41},{"$f":"IF(AND($J491=$G$2,$N491<>\"\",$M491<>\"\"),CONCATENATE($M491,\"-\",$N491))","v":false},false,null,{"$f":"IF($J491=$G$2,ROUND(IF(ISNUMBER(S491),S491,IF(LEFT(S491,2)=\"DI\",HLOOKUP(S491,DADOS!$T$29:$X$30,2,FALSE),0)),4),\"\")","v":""}]
[{"$f":"CHOOSE(1+LOG(1+2*(J492=$C$2)+4*(J492=$D$2)+8*(J492=$E$2)+16*(J492=$F$2)+32*(J492=$G$2),2),0,1,2,3,4,\"S\")","v":2},{"$f":"IF(OR(A492=\"S\",A492=0),0,IF(ISERROR(I492),H492,SMALL(H492:I492,1)))","v":26},{"$f":"IF($A492=1,OFFSET(C492,-1,0)+1,OFFSET(C492,-1,0))","v":7},{"$f":"IF($A492=1,0,IF($A492=2,OFFSET(D492,-1,0)+1,OFFSET(D492,-1,0)))","v":1},{"$f":"IF(AND($A492<=2,$A492<>0),0,IF($A492=3,OFFSET(E492,-1,0)+1,OFFSET(E492,-1,0)))","v":0},{"$f":"IF(AND($A492<=3,$A492<>0),0,IF($A492=4,OFFSET(F492,-1,0)+1,OFFSET(F492,-1,0)))","v":0},{"$f":"IF(AND($A492<=4,$A492<>0),0,IF($A492=\"S\",OFFSET(G492,-1,0)+1,OFFSET(G492,-1,0)))","v":0},{"$f":"IF(OR($A492=\"S\",$A492=0),0,MATCH(0,OFFSET($B492,1,$A492,ROW($A$1504)-ROW($A492)),0))","v":149},{"$f":"IF(OR($A492=\"S\",$A492=0),0,MATCH(OFFSET($B492,0,$A492)+1,OFFSET($B492,1,$A492,ROW($A$1504)-ROW($A492)),0))","v":26},"AtivNível 1",{"$f":"IF($A492=0,\"-\",CONCATENATE(C492&\".\",IF(AND($A$5>=2,$A492>=2),D492&\".\",\"\"),IF(AND($A$5>=3,$A492>=3),E492&\".\",\"\"),IF(AND($A$5>=4,$A492>=4),F492&\".\",\"\"),IF($A492=\"S\",G492&\".\",\"\")))","v":"7.1."},{"$f":"IF(NOT(ISERROR($Y492)),IF($Y492<>FALSE,INDEX(Banco,$Y492,4),\"\"),\"\")","v":""},null,null,"Atividade 35 - Palestra: Organização e mobilização da comunidade desenvolvimento territorial região Parque São João",{"$f":"IF(NOT(ISERROR($Y492)),IF($Y492<>FALSE,INDEX(Banco,$Y492,6),\"\"),\"\")","v":""},null,{"$f":"IF(NOT(ISERROR($Y492)),IF($Y492<>FALSE,INDEX(Banco,$Y492,7),0),0)","v":0},"DI 1",{"$f":"IF($J492=$G$2,ROUND(ROUND($R492,2)*IF($R$9=\"Preço Unitário (R$)\",1,1+$AA492),2),0)","v":0},{"$f":"IF($A492=\"S\",VTOTAL1,IF($A492=0,0,ROUND(SomaAgrup,2)))","v":11514.07},null,{"$f":"IF(OR($A492=0,$A492=\"S\",$A492>CFF!$A$9),\"\",MAX(W$11:OFFSET(W492,-1,0))+1)","v":42},{"$f":"IF(AND($J492=$G$2,$N492<>\"\",$M492<>\"\"),CONCATENATE($M492,\"-\",$N492))","v":false},{"$f":"IF(X492<>FALSE,MATCH(X492,OFFSET(Banco,0,0,,1),0))","v":false},null,{"$f":"IF($J492=$G$2,ROUND(IF(ISNUMBER(S492),S492,IF(LEFT(S492,2)=\"DI\",HLOOKUP(S492,DADOS!$T$29:$X$30,2,FALSE),0)),4),\"\")","v":""}]
["S",0,{"$f":"IF($A493=1,OFFSET(C493,-1,0)+1,OFFSET(C493,-1,0))","v":7},{"$f":"IF($A493=1,0,IF($A493=2,OFFSET(D493,-1,0)+1,OFFSET(D493,-1,0)))","v":1},{"$f":"IF(AND($A493<=2,$A493<>0),0,IF($A493=3,OFFSET(E493,-1,0)+1,OFFSET(E493,-1,0)))","v":0},{"$f":"IF(AND($A493<=3,$A493<>0),0,IF($A493=4,OFFSET(F493,-1,0)+1,OFFSET(F493,-1,0)))","v":0},{"$f":"IF(AND($A493<=4,$A493<>0),0,IF($A493=\"S\",OFFSET(G493,-1,0)+1,OFFSET(G493,-1,0)))","v":1},{"$f":"IF(OR($A493=\"S\",$A493=0),0,MATCH(0,OFFSET($B493,1,$A493,ROW($A$1504)-ROW($A493)),0))","v":0},{"$f":"IF(OR($A493=\"S\",$A493=0),0,MATCH(OFFSET($B493,0,$A493)+1,OFFSET($B493,1,$A493,ROW($A$1504)-ROW($A493)),0))","v":0},"Insumo","7.1.1.",{"$f":"IF(NOT(ISERROR($Y493)),IF($Y493<>FALSE,INDEX(Banco,$Y493,4),\"\"),\"\")","v":"CRESS"},"Rec. Humanos","001",{"$f":"IF(NOT(ISERROR($Y493)),IF($Y493<>FALSE,INDEX(Banco,$Y493,5),\"\"),\"\")","v":"Responsável Técnica"},{"$f":"IF(NOT(ISERROR($Y493)),IF($Y493<>FALSE,INDEX(Banco,$Y493,6),\"\"),\"\")","v":"Horas"},8,{"$f":"IF(NOT(ISERROR($Y493)),IF($Y493<>FALSE,INDEX(Banco,$Y493,7),0),0)","v":150.28},"DI 1",{"$f":"IF($J493=$G$2,ROUND(ROUND($R493,2)*IF($R$9=\"Preço Unitário (R$)\",1,1+$AA493),2),0)","v":187.85},{"$f":"IF($A493=\"S\",VTOTAL1,IF($A493=0,0,ROUND(SomaAgrup,2)))","v":1502.8},null,{"$f":"IF(OR($A493=0,$A493=\"S\",$A493>CFF!$A$9),\"\",MAX(W$11:OFFSET(W493,-1,0))+1)","v":""},{"$f":"IF(AND($J493=$G$2,$N493<>\"\",$M493<>\"\"),CONCATENATE($M493,\"-\",$N493))","v":"Rec. Humanos-001"},3,null,{"$f":"IF($J493=$G$2,ROUND(IF(ISNUMBER(S493),S493,IF(LEFT(S493,2)=\"DI\",HLOOKUP(S493,DADOS!$T$29:$X$30,2,FALSE),0)),4),\"\")","v":0.25}]
["S",0,7,1,0,0,2,{"$f":"IF(OR($A494=\"S\",$A494=0),0,MATCH(0,OFFSET($B494,1,$A494,ROW($A$1504)-ROW($A494)),0))","v":0},{"$f":"IF(OR($A494=\"S\",$A494=0),0,MATCH(OFFSET($B494,0,$A494)+1,OFFSET($B494,1,$A494,ROW($A$1504)-ROW($A494)),0))","v":0},"Insumo","7.1.2.","CRESS","Rec. Humanos","002","Assistente Social","Horas",4,133.81,"DI 1",167.26,669.04,null,{"$f":"IF(OR($A494=0,$A494=\"S\",$A494>CFF!$A$9),\"\",MAX(W$11:OFFSET(W494,-1,0))+1)","v":""},"Rec. Humanos-002",4,null,{"$f":"IF($J494=$G$2,ROUND(IF(ISNUMBER(S494),S494,IF(LEFT(S494,2)=\"DI\",HLOOKUP(S494,DADOS!$T$29:$X$30,2,FALSE),0)),4),\"\")","v":0.25}]
["S",0,7,1,0,0,3,{"$f":"IF(OR($A495=\"S\",$A495=0),0,MATCH(0,OFFSET($B495,1,$A495,ROW($A$1504)-ROW($A495)),0))","v":0},{"$f":"IF(OR($A495=\"S\",$A495=0),0,MATCH(OFFSET($B495,0,$A495)+1,OFFSET($B495,1,$A495,ROW($A$1504)-ROW($A495)),0))","v":0},"Insumo","7.1.3.","Cotação","Rec. Humanos","003","Administrador (Técnico de Apoio) ","Horas",4,103.65,"DI 1",129.56,518.24,null,{"$f":"IF(OR($A495=0,$A495=\"S\",$A495>CFF!$A$9),\"\",MAX(W$11:OFFSET(W495,-1,0))+1)","v":""},"Rec. Humanos-003",5,null,{"$f":"IF($J495=$G$2,ROUND(IF(ISNUMBER(S495),S495,IF(LEFT(S495,2)=\"DI\",HLOOKUP(S495,DADOS!$T$29:$X$30,2,FALSE),0)),4),\"\")","v":0.25}]
["S",0,7,1,0,0,4,{"$f":"IF(OR($A496=\"S\",$A496=0),0,MATCH(0,OFFSET($B496,1,$A496,ROW($A$1504)-ROW($A496)),0))","v":0},{"$f":"IF(OR($A496=\"S\",$A496=0),0,MATCH(OFFSET($B496,0,$A496)+1,OFFSET($B496,1,$A496,ROW($A$1504)-ROW($A496)),0))","v":0},"Insumo","7.1.4.","SINE","Rec. Humanos","004","Estagiários","Horas",16,9.7899999999999991,"DI 1",12.24,195.84,null,{"$f":"IF(OR($A496=0,$A496=\"S\",$A496>CFF!$A$9),\"\",MAX(W$11:OFFSET(W496,-1,0))+1)","v":""},"Rec. Humanos-004",6,null,{"$f":"IF($J496=$G$2,ROUND(IF(ISNUMBER(S496),S496,IF(LEFT(S496,2)=\"DI\",HLOOKUP(S496,DADOS!$T$29:$X$30,2,FALSE),0)),4),\"\")","v":0.25}]
["S",0,7,1,0,0,5,{"$f":"IF(OR($A497=\"S\",$A497=0),0,MATCH(0,OFFSET($B497,1,$A497,ROW($A$1504)-ROW($A497)),0))","v":0},{"$f":"IF(OR($A497=\"S\",$A497=0),0,MATCH(OFFSET($B497,0,$A497)+1,OFFSET($B497,1,$A497,ROW($A$1504)-ROW($A497)),0))","v":0},"Insumo","7.1.5.","Cotação","Serv. Terc.","001","Fotocópias","Unidade",250,0.3,"DI 1",0.38,95,null,{"$f":"IF(OR($A497=0,$A497=\"S\",$A497>CFF!$A$9),\"\",MAX(W$11:OFFSET(W497,-1,0))+1)","v":""},"Serv. Terc.-001",81,null,{"$f":"IF($J497=$G$2,ROUND(IF(ISNUMBER(S497),S497,IF(LEFT(S497,2)=\"DI\",HLOOKUP(S497,DADOS!$T$29:$X$30,2,FALSE),0)),4),\"\")","v":0.25}]
["S",0,{"$f":"IF($A498=1,OFFSET(C498,-1,0)+1,OFFSET(C498,-1,0))","v":7},{"$f":"IF($A498=1,0,IF($A498=2,OFFSET(D498,-1,0)+1,OFFSET(D498,-1,0)))","v":1},{"$f":"IF(AND($A498<=2,$A498<>0),0,IF($A498=3,OFFSET(E498,-1,0)+1,OFFSET(E498,-1,0)))","v":0},{"$f":"IF(AND($A498<=3,$A498<>0),0,IF($A498=4,OFFSET(F498,-1,0)+1,OFFSET(F498,-1,0)))","v":0},{"$f":"IF(AND($A498<=4,$A498<>0),0,IF($A498=\"S\",OFFSET(G498,-1,0)+1,OFFSET(G498,-1,0)))","v":6},{"$f":"IF(OR($A498=\"S\",$A498=0),0,MATCH(0,OFFSET($B498,1,$A498,ROW($A$1504)-ROW($A498)),0))","v":0},{"$f":"IF(OR($A498=\"S\",$A498=0),0,MATCH(OFFSET($B498,0,$A498)+1,OFFSET($B498,1,$A498,ROW($A$1504)-ROW($A498)),0))","v":0},"Insumo","7.1.6.",{"$f":"IF(NOT(ISERROR($Y498)),IF($Y498<>FALSE,INDEX(Banco,$Y498,4),\"\"),\"\")","v":"Cotação"},"Serv. Terc.","017",{"$f":"IF(NOT(ISERROR($Y498)),IF($Y498<>FALSE,INDEX(Banco,$Y498,5),\"\"),\"\")","v":"Instrutor/Monitor (Educação Fisíca)"},{"$f":"IF(NOT(ISERROR($Y498)),IF($Y498<>FALSE,INDEX(Banco,$Y498,6),\"\"),\"\")","v":"Horas"},3,{"$f":"IF(NOT(ISERROR($Y498)),IF($Y498<>FALSE,INDEX(Banco,$Y498,7),0),0)","v":100},"DI 1",{"$f":"IF($J498=$G$2,ROUND(ROUND($R498,2)*IF($R$9=\"Preço Unitário (R$)\",1,1+$AA498),2),0)","v":125},{"$f":"IF($A498=\"S\",VTOTAL1,IF($A498=0,0,ROUND(SomaAgrup,2)))","v":375},null,{"$f":"IF(OR($A498=0,$A498=\"S\",$A498>CFF!$A$9),\"\",MAX(W$11:OFFSET(W498,-1,0))+1)","v":""},{"$f":"IF(AND($J498=$G$2,$N498<>\"\",$M498<>\"\"),CONCATENATE($M498,\"-\",$N498))","v":"Serv. Terc.-017"},97,null,{"$f":"IF($J498=$G$2,ROUND(IF(ISNUMBER(S498),S498,IF(LEFT(S498,2)=\"DI\",HLOOKUP(S498,DADOS!$T$29:$X$30,2,FALSE),0)),4),\"\")","v":0.25}]
["S",0,7,1,0,0,7,{"$f":"IF(OR($A499=\"S\",$A499=0),0,MATCH(0,OFFSET($B499,1,$A499,ROW($A$1504)-ROW($A499)),0))","v":0},{"$f":"IF(OR($A499=\"S\",$A499=0),0,MATCH(OFFSET($B499,0,$A499)+1,OFFSET($B499,1,$A499,ROW($A$1504)-ROW($A499)),0))","v":0},"Insumo","7.1.7.","Cotação","Serv. Terc.","002","Carro de som com gravação de vinheta","Horas",3,200,"DI 1",250,750,null,{"$f":"IF(OR($A499=0,$A499=\"S\",$A499>CFF!$A$9),\"\",MAX(W$11:OFFSET(W499,-1,0))+1)","v":""},"Serv. Terc.-002",82,null,{"$f":"IF($J499=$G$2,ROUND(IF(ISNUMBER(S499),S499,IF(LEFT(S499,2)=\"DI\",HLOOKUP(S499,DADOS!$T$29:$X$30,2,FALSE),0)),4),\"\")","v":0.25}]
["S",0,7,1,0,0,8,{"$f":"IF(OR($A500=\"S\",$A500=0),0,MATCH(0,OFFSET($B500,1,$A500,ROW($A$1504)-ROW($A500)),0))","v":0},{"$f":"IF(OR($A500=\"S\",$A500=0),0,MATCH(OFFSET($B500,0,$A500)+1,OFFSET($B500,1,$A500,ROW($A$1504)-ROW($A500)),0))","v":0},"Insumo","7.1.8.","Cotação","Serv. Terc.","003","Locação de mesas","Unidade",20,3,"DI 1",3.75,75,null,{"$f":"IF(OR($A500=0,$A500=\"S\",$A500>CFF!$A$9),\"\",MAX(W$11:OFFSET(W500,-1,0))+1)","v":""},"Serv. Terc.-003",83,null,{"$f":"IF($J500=$G$2,ROUND(IF(ISNUMBER(S500),S500,IF(LEFT(S500,2)=\"DI\",HLOOKUP(S500,DADOS!$T$29:$X$30,2,FALSE),0)),4),\"\")","v":0.25}]
["S",0,7,1,0,0,9,{"$f":"IF(OR($A501=\"S\",$A501=0),0,MATCH(0,OFFSET($B501,1,$A501,ROW($A$1504)-ROW($A501)),0))","v":0},{"$f":"IF(OR($A501=\"S\",$A501=0),0,MATCH(OFFSET($B501,0,$A501)+1,OFFSET($B501,1,$A501,ROW($A$1504)-ROW($A501)),0))","v":0},"Insumo","7.1.9.","Cotação","Serv. Terc.","004","Locação de cadeiras","Unidade",400,2,"DI 1",2.5,1000,null,{"$f":"IF(OR($A501=0,$A501=\"S\",$A501>CFF!$A$9),\"\",MAX(W$11:OFFSET(W501,-1,0))+1)","v":""},"Serv. Terc.-004",84,null,{"$f":"IF($J501=$G$2,ROUND(IF(ISNUMBER(S501),S501,IF(LEFT(S501,2)=\"DI\",HLOOKUP(S501,DADOS!$T$29:$X$30,2,FALSE),0)),4),\"\")","v":0.25}]
["S",0,7,1,0,0,10,{"$f":"IF(OR($A502=\"S\",$A502=0),0,MATCH(0,OFFSET($B502,1,$A502,ROW($A$1504)-ROW($A502)),0))","v":0},{"$f":"IF(OR($A502=\"S\",$A502=0),0,MATCH(OFFSET($B502,0,$A502)+1,OFFSET($B502,1,$A502,ROW($A$1504)-ROW($A502)),0))","v":0},"Insumo","7.1.10.","Cotação","Serv. Terc.","005","Locação de caixa térmica","Unidade",2,40,"DI 1",50,100,null,{"$f":"IF(OR($A502=0,$A502=\"S\",$A502>CFF!$A$9),\"\",MAX(W$11:OFFSET(W502,-1,0))+1)","v":""},"Serv. Terc.-005",85,null,{"$f":"IF($J502=$G$2,ROUND(IF(ISNUMBER(S502),S502,IF(LEFT(S502,2)=\"DI\",HLOOKUP(S502,DADOS!$T$29:$X$30,2,FALSE),0)),4),\"\")","v":0.25}]
["S",0,7,1,0,0,11,{"$f":"IF(OR($A503=\"S\",$A503=0),0,MATCH(0,OFFSET($B503,1,$A503,ROW($A$1504)-ROW($A503)),0))","v":0},{"$f":"IF(OR($A503=\"S\",$A503=0),0,MATCH(OFFSET($B503,0,$A503)+1,OFFSET($B503,1,$A503,ROW($A$1504)-ROW($A503)),0))","v":0},"Insumo","7.1.11.","Cotação","Serv. Terc.","006","Locação de tendas","Unidade",3,250,"DI 1",312.5,937.5,null,{"$f":"IF(OR($A503=0,$A503=\"S\",$A503>CFF!$A$9),\"\",MAX(W$11:OFFSET(W503,-1,0))+1)","v":""},"Serv. Terc.-006",86,null,{"$f":"IF($J503=$G$2,ROUND(IF(ISNUMBER(S503),S503,IF(LEFT(S503,2)=\"DI\",HLOOKUP(S503,DADOS!$T$29:$X$30,2,FALSE),0)),4),\"\")","v":0.25}]
["S",0,7,1,0,0,12,{"$f":"IF(OR($A504=\"S\",$A504=0),0,MATCH(0,OFFSET($B504,1,$A504,ROW($A$1504)-ROW($A504)),0))","v":0},{"$f":"IF(OR($A504=\"S\",$A504=0),0,MATCH(OFFSET($B504,0,$A504)+1,OFFSET($B504,1,$A504,ROW($A$1504)-ROW($A504)),0))","v":0},"Insumo","7.1.12.","Cotação","Serv. Terc.","008","Locação de pula-pula com monitor","Unidade",3,220,"DI 1",275,825,null,{"$f":"IF(OR($A504=0,$A504=\"S\",$A504>CFF!$A$9),\"\",MAX(W$11:OFFSET(W504,-1,0))+1)","v":""},"Serv. Terc.-008",88,null,{"$f":"IF($J504=$G$2,ROUND(IF(ISNUMBER(S504),S504,IF(LEFT(S504,2)=\"DI\",HLOOKUP(S504,DADOS!$T$29:$X$30,2,FALSE),0)),4),\"\")","v":0.25}]
["S",0,7,1,0,0,13,{"$f":"IF(OR($A505=\"S\",$A505=0),0,MATCH(0,OFFSET($B505,1,$A505,ROW($A$1504)-ROW($A505)),0))","v":0},{"$f":"IF(OR($A505=\"S\",$A505=0),0,MATCH(OFFSET($B505,0,$A505)+1,OFFSET($B505,1,$A505,ROW($A$1504)-ROW($A505)),0))","v":0},"Insumo","7.1.13.","Cotação","Serv. Terc.","012","Água (garrafão de 20 litros)","Unidade",2,10,"DI 1",12.5,25,null,{"$f":"IF(OR($A505=0,$A505=\"S\",$A505>CFF!$A$9),\"\",MAX(W$11:OFFSET(W505,-1,0))+1)","v":""},"Serv. Terc.-012",92,null,{"$f":"IF($J505=$G$2,ROUND(IF(ISNUMBER(S505),S505,IF(LEFT(S505,2)=\"DI\",HLOOKUP(S505,DADOS!$T$29:$X$30,2,FALSE),0)),4),\"\")","v":0.25}]
["S",0,7,1,0,0,14,{"$f":"IF(OR($A506=\"S\",$A506=0),0,MATCH(0,OFFSET($B506,1,$A506,ROW($A$1504)-ROW($A506)),0))","v":0},{"$f":"IF(OR($A506=\"S\",$A506=0),0,MATCH(OFFSET($B506,0,$A506)+1,OFFSET($B506,1,$A506,ROW($A$1504)-ROW($A506)),0))","v":0},"Insumo","7.1.14.","Cotação ","Serv. Terc.","011","Barra de gelo","Unidade",2,12,"DI 1",15,30,null,{"$f":"IF(OR($A506=0,$A506=\"S\",$A506>CFF!$A$9),\"\",MAX(W$11:OFFSET(W506,-1,0))+1)","v":""},"Serv. Terc.-011",91,null,{"$f":"IF($J506=$G$2,ROUND(IF(ISNUMBER(S506),S506,IF(LEFT(S506,2)=\"DI\",HLOOKUP(S506,DADOS!$T$29:$X$30,2,FALSE),0)),4),\"\")","v":0.25}]
["S",0,7,1,0,0,15,{"$f":"IF(OR($A507=\"S\",$A507=0),0,MATCH(0,OFFSET($B507,1,$A507,ROW($A$1504)-ROW($A507)),0))","v":0},{"$f":"IF(OR($A507=\"S\",$A507=0),0,MATCH(OFFSET($B507,0,$A507)+1,OFFSET($B507,1,$A507,ROW($A$1504)-ROW($A507)),0))","v":0},"Insumo","7.1.15.","Cotação","Serv. Terc.","013","Sucos","Unidade",12,6.4,"DI 1",8,96,null,{"$f":"IF(OR($A507=0,$A507=\"S\",$A507>CFF!$A$9),\"\",MAX(W$11:OFFSET(W507,-1,0))+1)","v":""},"Serv. Terc.-013",93,null,{"$f":"IF($J507=$G$2,ROUND(IF(ISNUMBER(S507),S507,IF(LEFT(S507,2)=\"DI\",HLOOKUP(S507,DADOS!$T$29:$X$30,2,FALSE),0)),4),\"\")","v":0.25}]
[{"$f":"CHOOSE(1+LOG(1+2*(J508=$C$2)+4*(J508=$D$2)+8*(J508=$E$2)+16*(J508=$F$2)+32*(J508=$G$2),2),0,1,2,3,4,\"S\")","v":"S"},{"$f":"IF(OR(A508=\"S\",A508=0),0,IF(ISERROR(I508),H508,SMALL(H508:I508,1)))","v":0},{"$f":"IF($A508=1,OFFSET(C508,-1,0)+1,OFFSET(C508,-1,0))","v":7},{"$f":"IF($A508=1,0,IF($A508=2,OFFSET(D508,-1,0)+1,OFFSET(D508,-1,0)))","v":1},{"$f":"IF(AND($A508<=2,$A508<>0),0,IF($A508=3,OFFSET(E508,-1,0)+1,OFFSET(E508,-1,0)))","v":0},{"$f":"IF(AND($A508<=3,$A508<>0),0,IF($A508=4,OFFSET(F508,-1,0)+1,OFFSET(F508,-1,0)))","v":0},{"$f":"IF(AND($A508<=4,$A508<>0),0,IF($A508=\"S\",OFFSET(G508,-1,0)+1,OFFSET(G508,-1,0)))","v":16},{"$f":"IF(OR($A508=\"S\",$A508=0),0,MATCH(0,OFFSET($B508,1,$A508,ROW($A$1504)-ROW($A508)),0))","v":0},{"$f":"IF(OR($A508=\"S\",$A508=0),0,MATCH(OFFSET($B508,0,$A508)+1,OFFSET($B508,1,$A508,ROW($A$1504)-ROW($A508)),0))","v":0},"Insumo",{"$f":"IF($A508=0,\"-\",CONCATENATE(C508&\".\",IF(AND($A$5>=2,$A508>=2),D508&\".\",\"\"),IF(AND($A$5>=3,$A508>=3),E508&\".\",\"\"),IF(AND($A$5>=4,$A508>=4),F508&\".\",\"\"),IF($A508=\"S\",G508&\".\",\"\")))","v":"7.1.16."},{"$f":"IF(NOT(ISERROR($Y508)),IF($Y508<>FALSE,INDEX(Banco,$Y508,4),\"\"),\"\")","v":"Cotação"},"Serv. Terc.","027",{"$f":"IF(NOT(ISERROR($Y508)),IF($Y508<>FALSE,INDEX(Banco,$Y508,5),\"\"),\"\")","v":"Refrigerantes (02 litros) "},{"$f":"IF(NOT(ISERROR($Y508)),IF($Y508<>FALSE,INDEX(Banco,$Y508,6),\"\"),\"\")","v":"Unidade"},20,{"$f":"IF(NOT(ISERROR($Y508)),IF($Y508<>FALSE,INDEX(Banco,$Y508,7),0),0)","v":6},"DI 1",{"$f":"IF($J508=$G$2,ROUND(ROUND($R508,2)*IF($R$9=\"Preço Unitário (R$)\",1,1+$AA508),2),0)","v":7.5},{"$f":"IF($A508=\"S\",VTOTAL1,IF($A508=0,0,ROUND(SomaAgrup,2)))","v":150},null,{"$f":"IF(OR($A508=0,$A508=\"S\",$A508>CFF!$A$9),\"\",MAX(W$11:OFFSET(W508,-1,0))+1)","v":""},{"$f":"IF(AND($J508=$G$2,$N508<>\"\",$M508<>\"\"),CONCATENATE($M508,\"-\",$N508))","v":"Serv. Terc.-027"},{"$f":"IF(X508<>FALSE,MATCH(X508,OFFSET(Banco,0,0,,1),0))","v":107},null,{"$f":"IF($J508=$G$2,ROUND(IF(ISNUMBER(S508),S508,IF(LEFT(S508,2)=\"DI\",HLOOKUP(S508,DADOS!$T$29:$X$30,2,FALSE),0)),4),\"\")","v":0.25}]
["S",0,{"$f":"IF($A509=1,OFFSET(C509,-1,0)+1,OFFSET(C509,-1,0))","v":7},{"$f":"IF($A509=1,0,IF($A509=2,OFFSET(D509,-1,0)+1,OFFSET(D509,-1,0)))","v":1},{"$f":"IF(AND($A509<=2,$A509<>0),0,IF($A509=3,OFFSET(E509,-1,0)+1,OFFSET(E509,-1,0)))","v":0},{"$f":"IF(AND($A509<=3,$A509<>0),0,IF($A509=4,OFFSET(F509,-1,0)+1,OFFSET(F509,-1,0)))","v":0},{"$f":"IF(AND($A509<=4,$A509<>0),0,IF($A509=\"S\",OFFSET(G509,-1,0)+1,OFFSET(G509,-1,0)))","v":17},{"$f":"IF(OR($A509=\"S\",$A509=0),0,MATCH(0,OFFSET($B509,1,$A509,ROW($A$1504)-ROW($A509)),0))","v":0},{"$f":"IF(OR($A509=\"S\",$A509=0),0,MATCH(OFFSET($B509,0,$A509)+1,OFFSET($B509,1,$A509,ROW($A$1504)-ROW($A509)),0))","v":0},"Insumo","7.1.17.",{"$f":"IF(NOT(ISERROR($Y509)),IF($Y509<>FALSE,INDEX(Banco,$Y509,4),\"\"),\"\")","v":"Cotação "},"Serv. Terc.","010",{"$f":"IF(NOT(ISERROR($Y509)),IF($Y509<>FALSE,INDEX(Banco,$Y509,5),\"\"),\"\")","v":"Brindes ( descrição nos orçamentos e PTS)"},{"$f":"IF(NOT(ISERROR($Y509)),IF($Y509<>FALSE,INDEX(Banco,$Y509,6),\"\"),\"\")","v":"Unidade"},8,{"$f":"IF(NOT(ISERROR($Y509)),IF($Y509<>FALSE,INDEX(Banco,$Y509,7),0),0)","v":120},"DI 1",{"$f":"IF($J509=$G$2,ROUND(ROUND($R509,2)*IF($R$9=\"Preço Unitário (R$)\",1,1+$AA509),2),0)","v":150},{"$f":"IF($A509=\"S\",VTOTAL1,IF($A509=0,0,ROUND(SomaAgrup,2)))","v":1200},null,{"$f":"IF(OR($A509=0,$A509=\"S\",$A509>CFF!$A$9),\"\",MAX(W$11:OFFSET(W509,-1,0))+1)","v":""},{"$f":"IF(AND($J509=$G$2,$N509<>\"\",$M509<>\"\"),CONCATENATE($M509,\"-\",$N509))","v":"Serv. Terc.-010"},90,null,{"$f":"IF($J509=$G$2,ROUND(IF(ISNUMBER(S509),S509,IF(LEFT(S509,2)=\"DI\",HLOOKUP(S509,DADOS!$T$29:$X$30,2,FALSE),0)),4),\"\")","v":0.25}]
["S",0,7,1,0,0,18,{"$f":"IF(OR($A510=\"S\",$A510=0),0,MATCH(0,OFFSET($B510,1,$A510,ROW($A$1504)-ROW($A510)),0))","v":0},{"$f":"IF(OR($A510=\"S\",$A510=0),0,MATCH(OFFSET($B510,0,$A510)+1,OFFSET($B510,1,$A510,ROW($A$1504)-ROW($A510)),0))","v":0},"Insumo","7.1.18.","Cotação","Serv. Terc.","015","Coffee break (salgados)","Centro",15,65,"DI 1",81.25,1218.75,null,{"$f":"IF(OR($A510=0,$A510=\"S\",$A510>CFF!$A$9),\"\",MAX(W$11:OFFSET(W510,-1,0))+1)","v":""},"Serv. Terc.-015",95,null,{"$f":"IF($J510=$G$2,ROUND(IF(ISNUMBER(S510),S510,IF(LEFT(S510,2)=\"DI\",HLOOKUP(S510,DADOS!$T$29:$X$30,2,FALSE),0)),4),\"\")","v":0.25}]
["S",0,7,1,0,0,19,{"$f":"IF(OR($A511=\"S\",$A511=0),0,MATCH(0,OFFSET($B511,1,$A511,ROW($A$1504)-ROW($A511)),0))","v":0},{"$f":"IF(OR($A511=\"S\",$A511=0),0,MATCH(OFFSET($B511,0,$A511)+1,OFFSET($B511,1,$A511,ROW($A$1504)-ROW($A511)),0))","v":0},"Insumo","7.1.19.","Cotação","Rec. Materiais","020","Guloseimas (balas e pirulito)","Pacote",8,12,"DI 1",15,120,null,{"$f":"IF(OR($A511=0,$A511=\"S\",$A511>CFF!$A$9),\"\",MAX(W$11:OFFSET(W511,-1,0))+1)","v":""},"Rec. Materiais-020",29,null,{"$f":"IF($J511=$G$2,ROUND(IF(ISNUMBER(S511),S511,IF(LEFT(S511,2)=\"DI\",HLOOKUP(S511,DADOS!$T$29:$X$30,2,FALSE),0)),4),\"\")","v":0.25}]
[{"$f":"CHOOSE(1+LOG(1+2*(J512=$C$2)+4*(J512=$D$2)+8*(J512=$E$2)+16*(J512=$F$2)+32*(J512=$G$2),2),0,1,2,3,4,\"S\")","v":"S"},{"$f":"IF(OR(A512=\"S\",A512=0),0,IF(ISERROR(I512),H512,SMALL(H512:I512,1)))","v":0},{"$f":"IF($A512=1,OFFSET(C512,-1,0)+1,OFFSET(C512,-1,0))","v":7},{"$f":"IF($A512=1,0,IF($A512=2,OFFSET(D512,-1,0)+1,OFFSET(D512,-1,0)))","v":1},{"$f":"IF(AND($A512<=2,$A512<>0),0,IF($A512=3,OFFSET(E512,-1,0)+1,OFFSET(E512,-1,0)))","v":0},{"$f":"IF(AND($A512<=3,$A512<>0),0,IF($A512=4,OFFSET(F512,-1,0)+1,OFFSET(F512,-1,0)))","v":0},{"$f":"IF(AND($A512<=4,$A512<>0),0,IF($A512=\"S\",OFFSET(G512,-1,0)+1,OFFSET(G512,-1,0)))","v":20},{"$f":"IF(OR($A512=\"S\",$A512=0),0,MATCH(0,OFFSET($B512,1,$A512,ROW($A$1504)-ROW($A512)),0))","v":0},{"$f":"IF(OR($A512=\"S\",$A512=0),0,MATCH(OFFSET($B512,0,$A512)+1,OFFSET($B512,1,$A512,ROW($A$1504)-ROW($A512)),0))","v":0},"Insumo",{"$f":"IF($A512=0,\"-\",CONCATENATE(C512&\".\",IF(AND($A$5>=2,$A512>=2),D512&\".\",\"\"),IF(AND($A$5>=3,$A512>=3),E512&\".\",\"\"),IF(AND($A$5>=4,$A512>=4),F512&\".\",\"\"),IF($A512=\"S\",G512&\".\",\"\")))","v":"7.1.20."},{"$f":"IF(NOT(ISERROR($Y512)),IF($Y512<>FALSE,INDEX(Banco,$Y512,4),\"\"),\"\")","v":"CRESS"},"Serv. Terc.","065",{"$f":"IF(NOT(ISERROR($Y512)),IF($Y512<>FALSE,INDEX(Banco,$Y512,5),\"\"),\"\")","v":"Assistente Social com especialização em politicas sociais"},{"$f":"IF(NOT(ISERROR($Y512)),IF($Y512<>FALSE,INDEX(Banco,$Y512,6),\"\"),\"\")","v":"Horas"},3,{"$f":"IF(NOT(ISERROR($Y512)),IF($Y512<>FALSE,INDEX(Banco,$Y512,7),0),0)","v":141.75},"DI 1",{"$f":"IF($J512=$G$2,ROUND(ROUND($R512,2)*IF($R$9=\"Preço Unitário (R$)\",1,1+$AA512),2),0)","v":177.19},{"$f":"IF($A512=\"S\",VTOTAL1,IF($A512=0,0,ROUND(SomaAgrup,2)))","v":531.57000000000005},null,{"$f":"IF(OR($A512=0,$A512=\"S\",$A512>CFF!$A$9),\"\",MAX(W$11:OFFSET(W512,-1,0))+1)","v":""},{"$f":"IF(AND($J512=$G$2,$N512<>\"\",$M512<>\"\"),CONCATENATE($M512,\"-\",$N512))","v":"Serv. Terc.-065"},{"$f":"IF(X512<>FALSE,MATCH(X512,OFFSET(Banco,0,0,,1),0))","v":145},null,{"$f":"IF($J512=$G$2,ROUND(IF(ISNUMBER(S512),S512,IF(LEFT(S512,2)=\"DI\",HLOOKUP(S512,DADOS!$T$29:$X$30,2,FALSE),0)),4),\"\")","v":0.25}]
[{"$f":"CHOOSE(1+LOG(1+2*(J513=$C$2)+4*(J513=$D$2)+8*(J513=$E$2)+16*(J513=$F$2)+32*(J513=$G$2),2),0,1,2,3,4,\"S\")","v":"S"},{"$f":"IF(OR(A513=\"S\",A513=0),0,IF(ISERROR(I513),H513,SMALL(H513:I513,1)))","v":0},{"$f":"IF($A513=1,OFFSET(C513,-1,0)+1,OFFSET(C513,-1,0))","v":7},{"$f":"IF($A513=1,0,IF($A513=2,OFFSET(D513,-1,0)+1,OFFSET(D513,-1,0)))","v":1},{"$f":"IF(AND($A513<=2,$A513<>0),0,IF($A513=3,OFFSET(E513,-1,0)+1,OFFSET(E513,-1,0)))","v":0},{"$f":"IF(AND($A513<=3,$A513<>0),0,IF($A513=4,OFFSET(F513,-1,0)+1,OFFSET(F513,-1,0)))","v":0},{"$f":"IF(AND($A513<=4,$A513<>0),0,IF($A513=\"S\",OFFSET(G513,-1,0)+1,OFFSET(G513,-1,0)))","v":21},{"$f":"IF(OR($A513=\"S\",$A513=0),0,MATCH(0,OFFSET($B513,1,$A513,ROW($A$1504)-ROW($A513)),0))","v":0},{"$f":"IF(OR($A513=\"S\",$A513=0),0,MATCH(OFFSET($B513,0,$A513)+1,OFFSET($B513,1,$A513,ROW($A$1504)-ROW($A513)),0))","v":0},"Insumo",{"$f":"IF($A513=0,\"-\",CONCATENATE(C513&\".\",IF(AND($A$5>=2,$A513>=2),D513&\".\",\"\"),IF(AND($A$5>=3,$A513>=3),E513&\".\",\"\"),IF(AND($A$5>=4,$A513>=4),F513&\".\",\"\"),IF($A513=\"S\",G513&\".\",\"\")))","v":"7.1.21."},{"$f":"IF(NOT(ISERROR($Y513)),IF($Y513<>FALSE,INDEX(Banco,$Y513,4),\"\"),\"\")","v":"Cotação"},"Rec. Materiais","021","Papel de presente",{"$f":"IF(NOT(ISERROR($Y513)),IF($Y513<>FALSE,INDEX(Banco,$Y513,6),\"\"),\"\")","v":"Folhas"},16,{"$f":"IF(NOT(ISERROR($Y513)),IF($Y513<>FALSE,INDEX(Banco,$Y513,7),0),0)","v":1.5},"DI 1",{"$f":"IF($J513=$G$2,ROUND(ROUND($R513,2)*IF($R$9=\"Preço Unitário (R$)\",1,1+$AA513),2),0)","v":1.88},{"$f":"IF($A513=\"S\",VTOTAL1,IF($A513=0,0,ROUND(SomaAgrup,2)))","v":30.08},null,{"$f":"IF(OR($A513=0,$A513=\"S\",$A513>CFF!$A$9),\"\",MAX(W$11:OFFSET(W513,-1,0))+1)","v":""},{"$f":"IF(AND($J513=$G$2,$N513<>\"\",$M513<>\"\"),CONCATENATE($M513,\"-\",$N513))","v":"Rec. Materiais-021"},{"$f":"IF(X513<>FALSE,MATCH(X513,OFFSET(Banco,0,0,,1),0))","v":30},null,{"$f":"IF($J513=$G$2,ROUND(IF(ISNUMBER(S513),S513,IF(LEFT(S513,2)=\"DI\",HLOOKUP(S513,DADOS!$T$29:$X$30,2,FALSE),0)),4),\"\")","v":0.25}]
["S",0,7,1,0,0,22,{"$f":"IF(OR($A514=\"S\",$A514=0),0,MATCH(0,OFFSET($B514,1,$A514,ROW($A$1504)-ROW($A514)),0))","v":0},{"$f":"IF(OR($A514=\"S\",$A514=0),0,MATCH(OFFSET($B514,0,$A514)+1,OFFSET($B514,1,$A514,ROW($A$1504)-ROW($A514)),0))","v":0},"Insumo","7.1.22.","Cotação","Rec. Materiais","026","Saco de lixo (100 litros)","Pacote",2,15,"DI 1",18.75,37.5,null,{"$f":"IF(OR($A514=0,$A514=\"S\",$A514>CFF!$A$9),\"\",MAX(W$11:OFFSET(W514,-1,0))+1)","v":""},"Rec. Materiais-026",35,null,{"$f":"IF($J514=$G$2,ROUND(IF(ISNUMBER(S514),S514,IF(LEFT(S514,2)=\"DI\",HLOOKUP(S514,DADOS!$T$29:$X$30,2,FALSE),0)),4),\"\")","v":0.25}]
["S",0,7,1,0,0,23,{"$f":"IF(OR($A515=\"S\",$A515=0),0,MATCH(0,OFFSET($B515,1,$A515,ROW($A$1504)-ROW($A515)),0))","v":0},{"$f":"IF(OR($A515=\"S\",$A515=0),0,MATCH(OFFSET($B515,0,$A515)+1,OFFSET($B515,1,$A515,ROW($A$1504)-ROW($A515)),0))","v":0},"Insumo","7.1.23.","Cotação","Rec. Materiais","001","Papel A4","Resma",1,28,"DI 1",35,35,null,{"$f":"IF(OR($A515=0,$A515=\"S\",$A515>CFF!$A$9),\"\",MAX(W$11:OFFSET(W515,-1,0))+1)","v":""},"Rec. Materiais-001",10,null,{"$f":"IF($J515=$G$2,ROUND(IF(ISNUMBER(S515),S515,IF(LEFT(S515,2)=\"DI\",HLOOKUP(S515,DADOS!$T$29:$X$30,2,FALSE),0)),4),\"\")","v":0.25}]
["S",0,7,1,0,0,24,{"$f":"IF(OR($A516=\"S\",$A516=0),0,MATCH(0,OFFSET($B516,1,$A516,ROW($A$1504)-ROW($A516)),0))","v":0},{"$f":"IF(OR($A516=\"S\",$A516=0),0,MATCH(OFFSET($B516,0,$A516)+1,OFFSET($B516,1,$A516,ROW($A$1504)-ROW($A516)),0))","v":0},"Insumo","7.1.24.","Cotação","Rec. Materiais","002","Toner para impressora","Unidade",4,180,"DI 1",225,900,null,{"$f":"IF(OR($A516=0,$A516=\"S\",$A516>CFF!$A$9),\"\",MAX(W$11:OFFSET(W516,-1,0))+1)","v":""},"Rec. Materiais-002",11,null,{"$f":"IF($J516=$G$2,ROUND(IF(ISNUMBER(S516),S516,IF(LEFT(S516,2)=\"DI\",HLOOKUP(S516,DADOS!$T$29:$X$30,2,FALSE),0)),4),\"\")","v":0.25}]
["S",0,7,1,0,0,25,{"$f":"IF(OR($A517=\"S\",$A517=0),0,MATCH(0,OFFSET($B517,1,$A517,ROW($A$1504)-ROW($A517)),0))","v":0},{"$f":"IF(OR($A517=\"S\",$A517=0),0,MATCH(OFFSET($B517,0,$A517)+1,OFFSET($B517,1,$A517,ROW($A$1504)-ROW($A517)),0))","v":0},"Insumo","7.1.25.","Cotação","Rec. Materiais","019","Copos descartáveis (2500 unidades)","Caixa",1,77.400000000000006,"DI 1",96.75,96.75,null,{"$f":"IF(OR($A517=0,$A517=\"S\",$A517>CFF!$A$9),\"\",MAX(W$11:OFFSET(W517,-1,0))+1)","v":""},"Rec. Materiais-019",28,null,{"$f":"IF($J517=$G$2,ROUND(IF(ISNUMBER(S517),S517,IF(LEFT(S517,2)=\"DI\",HLOOKUP(S517,DADOS!$T$29:$X$30,2,FALSE),0)),4),\"\")","v":0.25}]
[{"$f":"CHOOSE(1+LOG(1+2*(J518=$C$2)+4*(J518=$D$2)+8*(J518=$E$2)+16*(J518=$F$2)+32*(J518=$G$2),2),0,1,2,3,4,\"S\")","v":2},{"$f":"IF(OR(A518=\"S\",A518=0),0,IF(ISERROR(I518),H518,SMALL(H518:I518,1)))","v":9},{"$f":"IF($A518=1,OFFSET(C518,-1,0)+1,OFFSET(C518,-1,0))","v":7},{"$f":"IF($A518=1,0,IF($A518=2,OFFSET(D518,-1,0)+1,OFFSET(D518,-1,0)))","v":2},{"$f":"IF(AND($A518<=2,$A518<>0),0,IF($A518=3,OFFSET(E518,-1,0)+1,OFFSET(E518,-1,0)))","v":0},{"$f":"IF(AND($A518<=3,$A518<>0),0,IF($A518=4,OFFSET(F518,-1,0)+1,OFFSET(F518,-1,0)))","v":0},{"$f":"IF(AND($A518<=4,$A518<>0),0,IF($A518=\"S\",OFFSET(G518,-1,0)+1,OFFSET(G518,-1,0)))","v":0},{"$f":"IF(OR($A518=\"S\",$A518=0),0,MATCH(0,OFFSET($B518,1,$A518,ROW($A$1504)-ROW($A518)),0))","v":123},{"$f":"IF(OR($A518=\"S\",$A518=0),0,MATCH(OFFSET($B518,0,$A518)+1,OFFSET($B518,1,$A518,ROW($A$1504)-ROW($A518)),0))","v":9},"AtivNível 1",{"$f":"IF($A518=0,\"-\",CONCATENATE(C518&\".\",IF(AND($A$5>=2,$A518>=2),D518&\".\",\"\"),IF(AND($A$5>=3,$A518>=3),E518&\".\",\"\"),IF(AND($A$5>=4,$A518>=4),F518&\".\",\"\"),IF($A518=\"S\",G518&\".\",\"\")))","v":"7.2."},{"$f":"IF(NOT(ISERROR($Y518)),IF($Y518<>FALSE,INDEX(Banco,$Y518,4),\"\"),\"\")","v":""},null,null,"Atividade 36 - Oficina para melhor idade região  Parque São João",{"$f":"IF(NOT(ISERROR($Y518)),IF($Y518<>FALSE,INDEX(Banco,$Y518,6),\"\"),\"\")","v":""},null,{"$f":"IF(NOT(ISERROR($Y518)),IF($Y518<>FALSE,INDEX(Banco,$Y518,7),0),0)","v":0},"DI 1",{"$f":"IF($J518=$G$2,ROUND(ROUND($R518,2)*IF($R$9=\"Preço Unitário (R$)\",1,1+$AA518),2),0)","v":0},{"$f":"IF($A518=\"S\",VTOTAL1,IF($A518=0,0,ROUND(SomaAgrup,2)))","v":4130.74},null,{"$f":"IF(OR($A518=0,$A518=\"S\",$A518>CFF!$A$9),\"\",MAX(W$11:OFFSET(W518,-1,0))+1)","v":43},{"$f":"IF(AND($J518=$G$2,$N518<>\"\",$M518<>\"\"),CONCATENATE($M518,\"-\",$N518))","v":false},{"$f":"IF(X518<>FALSE,MATCH(X518,OFFSET(Banco,0,0,,1),0))","v":false},null,{"$f":"IF($J518=$G$2,ROUND(IF(ISNUMBER(S518),S518,IF(LEFT(S518,2)=\"DI\",HLOOKUP(S518,DADOS!$T$29:$X$30,2,FALSE),0)),4),\"\")","v":""}]
["S",0,7,2,0,0,1,{"$f":"IF(OR($A519=\"S\",$A519=0),0,MATCH(0,OFFSET($B519,1,$A519,ROW($A$1504)-ROW($A519)),0))","v":0},{"$f":"IF(OR($A519=\"S\",$A519=0),0,MATCH(OFFSET($B519,0,$A519)+1,OFFSET($B519,1,$A519,ROW($A$1504)-ROW($A519)),0))","v":0},"Insumo","7.2.1.","CRESS","Rec. Humanos","001",{"$f":"IF(NOT(ISERROR($Y519)),IF($Y519<>FALSE,INDEX(Banco,$Y519,5),\"\"),\"\")","v":"Responsável Técnica"},"Horas",4,150.28,"DI 1",187.85,751.4,null,{"$f":"IF(OR($A519=0,$A519=\"S\",$A519>CFF!$A$9),\"\",MAX(W$11:OFFSET(W519,-1,0))+1)","v":""},"Rec. Humanos-001",3,null,{"$f":"IF($J519=$G$2,ROUND(IF(ISNUMBER(S519),S519,IF(LEFT(S519,2)=\"DI\",HLOOKUP(S519,DADOS!$T$29:$X$30,2,FALSE),0)),4),\"\")","v":0.25}]
["S",0,7,2,0,0,2,{"$f":"IF(OR($A520=\"S\",$A520=0),0,MATCH(0,OFFSET($B520,1,$A520,ROW($A$1504)-ROW($A520)),0))","v":0},{"$f":"IF(OR($A520=\"S\",$A520=0),0,MATCH(OFFSET($B520,0,$A520)+1,OFFSET($B520,1,$A520,ROW($A$1504)-ROW($A520)),0))","v":0},"Insumo","7.2.2.","CRESS","Rec. Humanos","002","Assistente Social","Horas",4,133.81,"DI 1",167.26,669.04,null,{"$f":"IF(OR($A520=0,$A520=\"S\",$A520>CFF!$A$9),\"\",MAX(W$11:OFFSET(W520,-1,0))+1)","v":""},"Rec. Humanos-002",4,null,{"$f":"IF($J520=$G$2,ROUND(IF(ISNUMBER(S520),S520,IF(LEFT(S520,2)=\"DI\",HLOOKUP(S520,DADOS!$T$29:$X$30,2,FALSE),0)),4),\"\")","v":0.25}]
["S",0,7,2,0,0,3,{"$f":"IF(OR($A521=\"S\",$A521=0),0,MATCH(0,OFFSET($B521,1,$A521,ROW($A$1504)-ROW($A521)),0))","v":0},{"$f":"IF(OR($A521=\"S\",$A521=0),0,MATCH(OFFSET($B521,0,$A521)+1,OFFSET($B521,1,$A521,ROW($A$1504)-ROW($A521)),0))","v":0},"Insumo","7.2.3.","Cotação","Serv. Terc.","033","Coffe break (salgados) ","Centro",6,65,"DI 1",81.25,487.5,null,{"$f":"IF(OR($A521=0,$A521=\"S\",$A521>CFF!$A$9),\"\",MAX(W$11:OFFSET(W521,-1,0))+1)","v":""},"Serv. Terc.-033",113,null,{"$f":"IF($J521=$G$2,ROUND(IF(ISNUMBER(S521),S521,IF(LEFT(S521,2)=\"DI\",HLOOKUP(S521,DADOS!$T$29:$X$30,2,FALSE),0)),4),\"\")","v":0.25}]
[{"$f":"CHOOSE(1+LOG(1+2*(J522=$C$2)+4*(J522=$D$2)+8*(J522=$E$2)+16*(J522=$F$2)+32*(J522=$G$2),2),0,1,2,3,4,\"S\")","v":"S"},{"$f":"IF(OR(A522=\"S\",A522=0),0,IF(ISERROR(I522),H522,SMALL(H522:I522,1)))","v":0},{"$f":"IF($A522=1,OFFSET(C522,-1,0)+1,OFFSET(C522,-1,0))","v":7},{"$f":"IF($A522=1,0,IF($A522=2,OFFSET(D522,-1,0)+1,OFFSET(D522,-1,0)))","v":2},{"$f":"IF(AND($A522<=2,$A522<>0),0,IF($A522=3,OFFSET(E522,-1,0)+1,OFFSET(E522,-1,0)))","v":0},{"$f":"IF(AND($A522<=3,$A522<>0),0,IF($A522=4,OFFSET(F522,-1,0)+1,OFFSET(F522,-1,0)))","v":0},{"$f":"IF(AND($A522<=4,$A522<>0),0,IF($A522=\"S\",OFFSET(G522,-1,0)+1,OFFSET(G522,-1,0)))","v":4},{"$f":"IF(OR($A522=\"S\",$A522=0),0,MATCH(0,OFFSET($B522,1,$A522,ROW($A$1504)-ROW($A522)),0))","v":0},{"$f":"IF(OR($A522=\"S\",$A522=0),0,MATCH(OFFSET($B522,0,$A522)+1,OFFSET($B522,1,$A522,ROW($A$1504)-ROW($A522)),0))","v":0},"Insumo",{"$f":"IF($A522=0,\"-\",CONCATENATE(C522&\".\",IF(AND($A$5>=2,$A522>=2),D522&\".\",\"\"),IF(AND($A$5>=3,$A522>=3),E522&\".\",\"\"),IF(AND($A$5>=4,$A522>=4),F522&\".\",\"\"),IF($A522=\"S\",G522&\".\",\"\")))","v":"7.2.4."},{"$f":"IF(NOT(ISERROR($Y522)),IF($Y522<>FALSE,INDEX(Banco,$Y522,4),\"\"),\"\")","v":"Cotação"},"Serv. Terc.","027",{"$f":"IF(NOT(ISERROR($Y522)),IF($Y522<>FALSE,INDEX(Banco,$Y522,5),\"\"),\"\")","v":"Refrigerantes (02 litros) "},{"$f":"IF(NOT(ISERROR($Y522)),IF($Y522<>FALSE,INDEX(Banco,$Y522,6),\"\"),\"\")","v":"Unidade"},7,{"$f":"IF(NOT(ISERROR($Y522)),IF($Y522<>FALSE,INDEX(Banco,$Y522,7),0),0)","v":6},"DI 1",{"$f":"IF($J522=$G$2,ROUND(ROUND($R522,2)*IF($R$9=\"Preço Unitário (R$)\",1,1+$AA522),2),0)","v":7.5},{"$f":"IF($A522=\"S\",VTOTAL1,IF($A522=0,0,ROUND(SomaAgrup,2)))","v":52.5},null,{"$f":"IF(OR($A522=0,$A522=\"S\",$A522>CFF!$A$9),\"\",MAX(W$11:OFFSET(W522,-1,0))+1)","v":""},{"$f":"IF(AND($J522=$G$2,$N522<>\"\",$M522<>\"\"),CONCATENATE($M522,\"-\",$N522))","v":"Serv. Terc.-027"},{"$f":"IF(X522<>FALSE,MATCH(X522,OFFSET(Banco,0,0,,1),0))","v":107},null,{"$f":"IF($J522=$G$2,ROUND(IF(ISNUMBER(S522),S522,IF(LEFT(S522,2)=\"DI\",HLOOKUP(S522,DADOS!$T$29:$X$30,2,FALSE),0)),4),\"\")","v":0.25}]
["S",0,7,2,0,0,5,{"$f":"IF(OR($A523=\"S\",$A523=0),0,MATCH(0,OFFSET($B523,1,$A523,ROW($A$1504)-ROW($A523)),0))","v":0},{"$f":"IF(OR($A523=\"S\",$A523=0),0,MATCH(OFFSET($B523,0,$A523)+1,OFFSET($B523,1,$A523,ROW($A$1504)-ROW($A523)),0))","v":0},"Insumo","7.2.5.","CREFITO","Serv. Terc.","085","Fisioterapeuta (Massagem terapêutica)","Vagas",30,41.6,"DI 1",52,1560,null,{"$f":"IF(OR($A523=0,$A523=\"S\",$A523>CFF!$A$9),\"\",MAX(W$11:OFFSET(W523,-1,0))+1)","v":""},"Serv. Terc.-085",165,null,{"$f":"IF($J523=$G$2,ROUND(IF(ISNUMBER(S523),S523,IF(LEFT(S523,2)=\"DI\",HLOOKUP(S523,DADOS!$T$29:$X$30,2,FALSE),0)),4),\"\")","v":0.25}]
[{"$f":"CHOOSE(1+LOG(1+2*(J524=$C$2)+4*(J524=$D$2)+8*(J524=$E$2)+16*(J524=$F$2)+32*(J524=$G$2),2),0,1,2,3,4,\"S\")","v":"S"},{"$f":"IF(OR(A524=\"S\",A524=0),0,IF(ISERROR(I524),H524,SMALL(H524:I524,1)))","v":0},{"$f":"IF($A524=1,OFFSET(C524,-1,0)+1,OFFSET(C524,-1,0))","v":7},{"$f":"IF($A524=1,0,IF($A524=2,OFFSET(D524,-1,0)+1,OFFSET(D524,-1,0)))","v":2},{"$f":"IF(AND($A524<=2,$A524<>0),0,IF($A524=3,OFFSET(E524,-1,0)+1,OFFSET(E524,-1,0)))","v":0},{"$f":"IF(AND($A524<=3,$A524<>0),0,IF($A524=4,OFFSET(F524,-1,0)+1,OFFSET(F524,-1,0)))","v":0},{"$f":"IF(AND($A524<=4,$A524<>0),0,IF($A524=\"S\",OFFSET(G524,-1,0)+1,OFFSET(G524,-1,0)))","v":6},{"$f":"IF(OR($A524=\"S\",$A524=0),0,MATCH(0,OFFSET($B524,1,$A524,ROW($A$1504)-ROW($A524)),0))","v":0},{"$f":"IF(OR($A524=\"S\",$A524=0),0,MATCH(OFFSET($B524,0,$A524)+1,OFFSET($B524,1,$A524,ROW($A$1504)-ROW($A524)),0))","v":0},"Insumo",{"$f":"IF($A524=0,\"-\",CONCATENATE(C524&\".\",IF(AND($A$5>=2,$A524>=2),D524&\".\",\"\"),IF(AND($A$5>=3,$A524>=3),E524&\".\",\"\"),IF(AND($A$5>=4,$A524>=4),F524&\".\",\"\"),IF($A524=\"S\",G524&\".\",\"\")))","v":"7.2.6."},{"$f":"IF(NOT(ISERROR($Y524)),IF($Y524<>FALSE,INDEX(Banco,$Y524,4),\"\"),\"\")","v":"COREN"},"Serv. Terc.","086","Técnica de Enfermagem (Instrutor)",{"$f":"IF(NOT(ISERROR($Y524)),IF($Y524<>FALSE,INDEX(Banco,$Y524,6),\"\"),\"\")","v":"Horas"},2,{"$f":"IF(NOT(ISERROR($Y524)),IF($Y524<>FALSE,INDEX(Banco,$Y524,7),0),0)","v":92.65},"DI 1",{"$f":"IF($J524=$G$2,ROUND(ROUND($R524,2)*IF($R$9=\"Preço Unitário (R$)\",1,1+$AA524),2),0)","v":115.81},{"$f":"IF($A524=\"S\",VTOTAL1,IF($A524=0,0,ROUND(SomaAgrup,2)))","v":231.62},null,{"$f":"IF(OR($A524=0,$A524=\"S\",$A524>CFF!$A$9),\"\",MAX(W$11:OFFSET(W524,-1,0))+1)","v":""},{"$f":"IF(AND($J524=$G$2,$N524<>\"\",$M524<>\"\"),CONCATENATE($M524,\"-\",$N524))","v":"Serv. Terc.-086"},{"$f":"IF(X524<>FALSE,MATCH(X524,OFFSET(Banco,0,0,,1),0))","v":166},null,{"$f":"IF($J524=$G$2,ROUND(IF(ISNUMBER(S524),S524,IF(LEFT(S524,2)=\"DI\",HLOOKUP(S524,DADOS!$T$29:$X$30,2,FALSE),0)),4),\"\")","v":0.25}]
[{"$f":"CHOOSE(1+LOG(1+2*(J525=$C$2)+4*(J525=$D$2)+8*(J525=$E$2)+16*(J525=$F$2)+32*(J525=$G$2),2),0,1,2,3,4,\"S\")","v":"S"},{"$f":"IF(OR(A525=\"S\",A525=0),0,IF(ISERROR(I525),H525,SMALL(H525:I525,1)))","v":0},{"$f":"IF($A525=1,OFFSET(C525,-1,0)+1,OFFSET(C525,-1,0))","v":7},{"$f":"IF($A525=1,0,IF($A525=2,OFFSET(D525,-1,0)+1,OFFSET(D525,-1,0)))","v":2},{"$f":"IF(AND($A525<=2,$A525<>0),0,IF($A525=3,OFFSET(E525,-1,0)+1,OFFSET(E525,-1,0)))","v":0},{"$f":"IF(AND($A525<=3,$A525<>0),0,IF($A525=4,OFFSET(F525,-1,0)+1,OFFSET(F525,-1,0)))","v":0},{"$f":"IF(AND($A525<=4,$A525<>0),0,IF($A525=\"S\",OFFSET(G525,-1,0)+1,OFFSET(G525,-1,0)))","v":7},{"$f":"IF(OR($A525=\"S\",$A525=0),0,MATCH(0,OFFSET($B525,1,$A525,ROW($A$1504)-ROW($A525)),0))","v":0},{"$f":"IF(OR($A525=\"S\",$A525=0),0,MATCH(OFFSET($B525,0,$A525)+1,OFFSET($B525,1,$A525,ROW($A$1504)-ROW($A525)),0))","v":0},"Insumo",{"$f":"IF($A525=0,\"-\",CONCATENATE(C525&\".\",IF(AND($A$5>=2,$A525>=2),D525&\".\",\"\"),IF(AND($A$5>=3,$A525>=3),E525&\".\",\"\"),IF(AND($A$5>=4,$A525>=4),F525&\".\",\"\"),IF($A525=\"S\",G525&\".\",\"\")))","v":"7.2.7."},{"$f":"IF(NOT(ISERROR($Y525)),IF($Y525<>FALSE,INDEX(Banco,$Y525,4),\"\"),\"\")","v":"Cotação"},"Serv. Terc.","017",{"$f":"IF(NOT(ISERROR($Y525)),IF($Y525<>FALSE,INDEX(Banco,$Y525,5),\"\"),\"\")","v":"Instrutor/Monitor (Educação Fisíca)"},{"$f":"IF(NOT(ISERROR($Y525)),IF($Y525<>FALSE,INDEX(Banco,$Y525,6),\"\"),\"\")","v":"Horas"},2,{"$f":"IF(NOT(ISERROR($Y525)),IF($Y525<>FALSE,INDEX(Banco,$Y525,7),0),0)","v":100},"DI 1",{"$f":"IF($J525=$G$2,ROUND(ROUND($R525,2)*IF($R$9=\"Preço Unitário (R$)\",1,1+$AA525),2),0)","v":125},{"$f":"IF($A525=\"S\",VTOTAL1,IF($A525=0,0,ROUND(SomaAgrup,2)))","v":250},null,{"$f":"IF(OR($A525=0,$A525=\"S\",$A525>CFF!$A$9),\"\",MAX(W$11:OFFSET(W525,-1,0))+1)","v":""},{"$f":"IF(AND($J525=$G$2,$N525<>\"\",$M525<>\"\"),CONCATENATE($M525,\"-\",$N525))","v":"Serv. Terc.-017"},{"$f":"IF(X525<>FALSE,MATCH(X525,OFFSET(Banco,0,0,,1),0))","v":97},null,{"$f":"IF($J525=$G$2,ROUND(IF(ISNUMBER(S525),S525,IF(LEFT(S525,2)=\"DI\",HLOOKUP(S525,DADOS!$T$29:$X$30,2,FALSE),0)),4),\"\")","v":0.25}]
[{"$f":"CHOOSE(1+LOG(1+2*(J526=$C$2)+4*(J526=$D$2)+8*(J526=$E$2)+16*(J526=$F$2)+32*(J526=$G$2),2),0,1,2,3,4,\"S\")","v":"S"},{"$f":"IF(OR(A526=\"S\",A526=0),0,IF(ISERROR(I526),H526,SMALL(H526:I526,1)))","v":0},{"$f":"IF($A526=1,OFFSET(C526,-1,0)+1,OFFSET(C526,-1,0))","v":7},{"$f":"IF($A526=1,0,IF($A526=2,OFFSET(D526,-1,0)+1,OFFSET(D526,-1,0)))","v":2},{"$f":"IF(AND($A526<=2,$A526<>0),0,IF($A526=3,OFFSET(E526,-1,0)+1,OFFSET(E526,-1,0)))","v":0},{"$f":"IF(AND($A526<=3,$A526<>0),0,IF($A526=4,OFFSET(F526,-1,0)+1,OFFSET(F526,-1,0)))","v":0},{"$f":"IF(AND($A526<=4,$A526<>0),0,IF($A526=\"S\",OFFSET(G526,-1,0)+1,OFFSET(G526,-1,0)))","v":8},{"$f":"IF(OR($A526=\"S\",$A526=0),0,MATCH(0,OFFSET($B526,1,$A526,ROW($A$1504)-ROW($A526)),0))","v":0},{"$f":"IF(OR($A526=\"S\",$A526=0),0,MATCH(OFFSET($B526,0,$A526)+1,OFFSET($B526,1,$A526,ROW($A$1504)-ROW($A526)),0))","v":0},"Insumo",{"$f":"IF($A526=0,\"-\",CONCATENATE(C526&\".\",IF(AND($A$5>=2,$A526>=2),D526&\".\",\"\"),IF(AND($A$5>=3,$A526>=3),E526&\".\",\"\"),IF(AND($A$5>=4,$A526>=4),F526&\".\",\"\"),IF($A526=\"S\",G526&\".\",\"\")))","v":"7.2.8."},{"$f":"IF(NOT(ISERROR($Y526)),IF($Y526<>FALSE,INDEX(Banco,$Y526,4),\"\"),\"\")","v":"Cotação"},"Serv. Terc.","061",{"$f":"IF(NOT(ISERROR($Y526)),IF($Y526<>FALSE,INDEX(Banco,$Y526,5),\"\"),\"\")","v":"KIT (massagem terapêutica)"},{"$f":"IF(NOT(ISERROR($Y526)),IF($Y526<>FALSE,INDEX(Banco,$Y526,6),\"\"),\"\")","v":"KIT"},1,{"$f":"IF(NOT(ISERROR($Y526)),IF($Y526<>FALSE,INDEX(Banco,$Y526,7),0),0)","v":102.94},"DI 1",{"$f":"IF($J526=$G$2,ROUND(ROUND($R526,2)*IF($R$9=\"Preço Unitário (R$)\",1,1+$AA526),2),0)","v":128.68},{"$f":"IF($A526=\"S\",VTOTAL1,IF($A526=0,0,ROUND(SomaAgrup,2)))","v":128.68},null,{"$f":"IF(OR($A526=0,$A526=\"S\",$A526>CFF!$A$9),\"\",MAX(W$11:OFFSET(W526,-1,0))+1)","v":""},{"$f":"IF(AND($J526=$G$2,$N526<>\"\",$M526<>\"\"),CONCATENATE($M526,\"-\",$N526))","v":"Serv. Terc.-061"},{"$f":"IF(X526<>FALSE,MATCH(X526,OFFSET(Banco,0,0,,1),0))","v":141},null,{"$f":"IF($J526=$G$2,ROUND(IF(ISNUMBER(S526),S526,IF(LEFT(S526,2)=\"DI\",HLOOKUP(S526,DADOS!$T$29:$X$30,2,FALSE),0)),4),\"\")","v":0.25}]
[{"$f":"CHOOSE(1+LOG(1+2*(J527=$C$2)+4*(J527=$D$2)+8*(J527=$E$2)+16*(J527=$F$2)+32*(J527=$G$2),2),0,1,2,3,4,\"S\")","v":2},{"$f":"IF(OR(A527=\"S\",A527=0),0,IF(ISERROR(I527),H527,SMALL(H527:I527,1)))","v":3},{"$f":"IF($A527=1,OFFSET(C527,-1,0)+1,OFFSET(C527,-1,0))","v":7},{"$f":"IF($A527=1,0,IF($A527=2,OFFSET(D527,-1,0)+1,OFFSET(D527,-1,0)))","v":3},{"$f":"IF(AND($A527<=2,$A527<>0),0,IF($A527=3,OFFSET(E527,-1,0)+1,OFFSET(E527,-1,0)))","v":0},{"$f":"IF(AND($A527<=3,$A527<>0),0,IF($A527=4,OFFSET(F527,-1,0)+1,OFFSET(F527,-1,0)))","v":0},{"$f":"IF(AND($A527<=4,$A527<>0),0,IF($A527=\"S\",OFFSET(G527,-1,0)+1,OFFSET(G527,-1,0)))","v":0},{"$f":"IF(OR($A527=\"S\",$A527=0),0,MATCH(0,OFFSET($B527,1,$A527,ROW($A$1504)-ROW($A527)),0))","v":114},{"$f":"IF(OR($A527=\"S\",$A527=0),0,MATCH(OFFSET($B527,0,$A527)+1,OFFSET($B527,1,$A527,ROW($A$1504)-ROW($A527)),0))","v":3},"AtivNível 1",{"$f":"IF($A527=0,\"-\",CONCATENATE(C527&\".\",IF(AND($A$5>=2,$A527>=2),D527&\".\",\"\"),IF(AND($A$5>=3,$A527>=3),E527&\".\",\"\"),IF(AND($A$5>=4,$A527>=4),F527&\".\",\"\"),IF($A527=\"S\",G527&\".\",\"\")))","v":"7.3."},{"$f":"IF(NOT(ISERROR($Y527)),IF($Y527<>FALSE,INDEX(Banco,$Y527,4),\"\"),\"\")","v":""},null,null,"Atividade 37 - Plantão Social região Parque São João",{"$f":"IF(NOT(ISERROR($Y527)),IF($Y527<>FALSE,INDEX(Banco,$Y527,6),\"\"),\"\")","v":""},null,{"$f":"IF(NOT(ISERROR($Y527)),IF($Y527<>FALSE,INDEX(Banco,$Y527,7),0),0)","v":0},"DI 1",{"$f":"IF($J527=$G$2,ROUND(ROUND($R527,2)*IF($R$9=\"Preço Unitário (R$)\",1,1+$AA527),2),0)","v":0},{"$f":"IF($A527=\"S\",VTOTAL1,IF($A527=0,0,ROUND(SomaAgrup,2)))","v":3427.56},null,{"$f":"IF(OR($A527=0,$A527=\"S\",$A527>CFF!$A$9),\"\",MAX(W$11:OFFSET(W527,-1,0))+1)","v":44},{"$f":"IF(AND($J527=$G$2,$N527<>\"\",$M527<>\"\"),CONCATENATE($M527,\"-\",$N527))","v":false},{"$f":"IF(X527<>FALSE,MATCH(X527,OFFSET(Banco,0,0,,1),0))","v":false},null,{"$f":"IF($J527=$G$2,ROUND(IF(ISNUMBER(S527),S527,IF(LEFT(S527,2)=\"DI\",HLOOKUP(S527,DADOS!$T$29:$X$30,2,FALSE),0)),4),\"\")","v":""}]
["S",0,7,3,0,0,1,{"$f":"IF(OR($A528=\"S\",$A528=0),0,MATCH(0,OFFSET($B528,1,$A528,ROW($A$1504)-ROW($A528)),0))","v":0},{"$f":"IF(OR($A528=\"S\",$A528=0),0,MATCH(OFFSET($B528,0,$A528)+1,OFFSET($B528,1,$A528,ROW($A$1504)-ROW($A528)),0))","v":0},"Insumo","7.3.1.","CRESS","Rec. Humanos","001",{"$f":"IF(NOT(ISERROR($Y528)),IF($Y528<>FALSE,INDEX(Banco,$Y528,5),\"\"),\"\")","v":"Responsável Técnica"},"Horas",4,150.28,"DI 1",187.85,751.4,null,{"$f":"IF(OR($A528=0,$A528=\"S\",$A528>CFF!$A$9),\"\",MAX(W$11:OFFSET(W528,-1,0))+1)","v":""},"Rec. Humanos-001",3,null,{"$f":"IF($J528=$G$2,ROUND(IF(ISNUMBER(S528),S528,IF(LEFT(S528,2)=\"DI\",HLOOKUP(S528,DADOS!$T$29:$X$30,2,FALSE),0)),4),\"\")","v":0.25}]
["S",0,7,3,0,0,2,{"$f":"IF(OR($A529=\"S\",$A529=0),0,MATCH(0,OFFSET($B529,1,$A529,ROW($A$1504)-ROW($A529)),0))","v":0},{"$f":"IF(OR($A529=\"S\",$A529=0),0,MATCH(OFFSET($B529,0,$A529)+1,OFFSET($B529,1,$A529,ROW($A$1504)-ROW($A529)),0))","v":0},"Insumo","7.3.2.","CRESS","Rec. Humanos","002",{"$f":"IF(NOT(ISERROR($Y529)),IF($Y529<>FALSE,INDEX(Banco,$Y529,5),\"\"),\"\")","v":"Assistente Social"},"Horas",16,133.81,"DI 1",167.26,2676.16,null,{"$f":"IF(OR($A529=0,$A529=\"S\",$A529>CFF!$A$9),\"\",MAX(W$11:OFFSET(W529,-1,0))+1)","v":""},"Rec. Humanos-002",4,null,{"$f":"IF($J529=$G$2,ROUND(IF(ISNUMBER(S529),S529,IF(LEFT(S529,2)=\"DI\",HLOOKUP(S529,DADOS!$T$29:$X$30,2,FALSE),0)),4),\"\")","v":0.25}]
[{"$f":"CHOOSE(1+LOG(1+2*(J530=$C$2)+4*(J530=$D$2)+8*(J530=$E$2)+16*(J530=$F$2)+32*(J530=$G$2),2),0,1,2,3,4,\"S\")","v":2},{"$f":"IF(OR(A530=\"S\",A530=0),0,IF(ISERROR(I530),H530,SMALL(H530:I530,1)))","v":19},{"$f":"IF($A530=1,OFFSET(C530,-1,0)+1,OFFSET(C530,-1,0))","v":7},{"$f":"IF($A530=1,0,IF($A530=2,OFFSET(D530,-1,0)+1,OFFSET(D530,-1,0)))","v":4},{"$f":"IF(AND($A530<=2,$A530<>0),0,IF($A530=3,OFFSET(E530,-1,0)+1,OFFSET(E530,-1,0)))","v":0},{"$f":"IF(AND($A530<=3,$A530<>0),0,IF($A530=4,OFFSET(F530,-1,0)+1,OFFSET(F530,-1,0)))","v":0},{"$f":"IF(AND($A530<=4,$A530<>0),0,IF($A530=\"S\",OFFSET(G530,-1,0)+1,OFFSET(G530,-1,0)))","v":0},{"$f":"IF(OR($A530=\"S\",$A530=0),0,MATCH(0,OFFSET($B530,1,$A530,ROW($A$1504)-ROW($A530)),0))","v":111},{"$f":"IF(OR($A530=\"S\",$A530=0),0,MATCH(OFFSET($B530,0,$A530)+1,OFFSET($B530,1,$A530,ROW($A$1504)-ROW($A530)),0))","v":19},"AtivNível 1",{"$f":"IF($A530=0,\"-\",CONCATENATE(C530&\".\",IF(AND($A$5>=2,$A530>=2),D530&\".\",\"\"),IF(AND($A$5>=3,$A530>=3),E530&\".\",\"\"),IF(AND($A$5>=4,$A530>=4),F530&\".\",\"\"),IF($A530=\"S\",G530&\".\",\"\")))","v":"7.4."},{"$f":"IF(NOT(ISERROR($Y530)),IF($Y530<>FALSE,INDEX(Banco,$Y530,4),\"\"),\"\")","v":""},null,null,"Atividade 38 - Palestra: Organização e mobilização da comunidade e o desenvolvimento territorial região Jardim Ikaraí",{"$f":"IF(NOT(ISERROR($Y530)),IF($Y530<>FALSE,INDEX(Banco,$Y530,6),\"\"),\"\")","v":""},null,{"$f":"IF(NOT(ISERROR($Y530)),IF($Y530<>FALSE,INDEX(Banco,$Y530,7),0),0)","v":0},"DI 1",{"$f":"IF($J530=$G$2,ROUND(ROUND($R530,2)*IF($R$9=\"Preço Unitário (R$)\",1,1+$AA530),2),0)","v":0},{"$f":"IF($A530=\"S\",VTOTAL1,IF($A530=0,0,ROUND(SomaAgrup,2)))","v":9305.68},null,{"$f":"IF(OR($A530=0,$A530=\"S\",$A530>CFF!$A$9),\"\",MAX(W$11:OFFSET(W530,-1,0))+1)","v":45},{"$f":"IF(AND($J530=$G$2,$N530<>\"\",$M530<>\"\"),CONCATENATE($M530,\"-\",$N530))","v":false},{"$f":"IF(X530<>FALSE,MATCH(X530,OFFSET(Banco,0,0,,1),0))","v":false},null,{"$f":"IF($J530=$G$2,ROUND(IF(ISNUMBER(S530),S530,IF(LEFT(S530,2)=\"DI\",HLOOKUP(S530,DADOS!$T$29:$X$30,2,FALSE),0)),4),\"\")","v":""}]
["S",0,7,4,0,0,1,{"$f":"IF(OR($A531=\"S\",$A531=0),0,MATCH(0,OFFSET($B531,1,$A531,ROW($A$1504)-ROW($A531)),0))","v":0},{"$f":"IF(OR($A531=\"S\",$A531=0),0,MATCH(OFFSET($B531,0,$A531)+1,OFFSET($B531,1,$A531,ROW($A$1504)-ROW($A531)),0))","v":0},"Insumo","7.4.1.","CRESS","Rec. Humanos","001",{"$f":"IF(NOT(ISERROR($Y531)),IF($Y531<>FALSE,INDEX(Banco,$Y531,5),\"\"),\"\")","v":"Responsável Técnica"},"Horas",12,150.28,"DI 1",187.85,2254.1999999999998,null,{"$f":"IF(OR($A531=0,$A531=\"S\",$A531>CFF!$A$9),\"\",MAX(W$11:OFFSET(W531,-1,0))+1)","v":""},"Rec. Humanos-001",3,null,{"$f":"IF($J531=$G$2,ROUND(IF(ISNUMBER(S531),S531,IF(LEFT(S531,2)=\"DI\",HLOOKUP(S531,DADOS!$T$29:$X$30,2,FALSE),0)),4),\"\")","v":0.25}]
[{"$f":"CHOOSE(1+LOG(1+2*(J532=$C$2)+4*(J532=$D$2)+8*(J532=$E$2)+16*(J532=$F$2)+32*(J532=$G$2),2),0,1,2,3,4,\"S\")","v":"S"},{"$f":"IF(OR(A532=\"S\",A532=0),0,IF(ISERROR(I532),H532,SMALL(H532:I532,1)))","v":0},{"$f":"IF($A532=1,OFFSET(C532,-1,0)+1,OFFSET(C532,-1,0))","v":7},{"$f":"IF($A532=1,0,IF($A532=2,OFFSET(D532,-1,0)+1,OFFSET(D532,-1,0)))","v":4},{"$f":"IF(AND($A532<=2,$A532<>0),0,IF($A532=3,OFFSET(E532,-1,0)+1,OFFSET(E532,-1,0)))","v":0},{"$f":"IF(AND($A532<=3,$A532<>0),0,IF($A532=4,OFFSET(F532,-1,0)+1,OFFSET(F532,-1,0)))","v":0},{"$f":"IF(AND($A532<=4,$A532<>0),0,IF($A532=\"S\",OFFSET(G532,-1,0)+1,OFFSET(G532,-1,0)))","v":2},{"$f":"IF(OR($A532=\"S\",$A532=0),0,MATCH(0,OFFSET($B532,1,$A532,ROW($A$1504)-ROW($A532)),0))","v":0},{"$f":"IF(OR($A532=\"S\",$A532=0),0,MATCH(OFFSET($B532,0,$A532)+1,OFFSET($B532,1,$A532,ROW($A$1504)-ROW($A532)),0))","v":0},"Insumo",{"$f":"IF($A532=0,\"-\",CONCATENATE(C532&\".\",IF(AND($A$5>=2,$A532>=2),D532&\".\",\"\"),IF(AND($A$5>=3,$A532>=3),E532&\".\",\"\"),IF(AND($A$5>=4,$A532>=4),F532&\".\",\"\"),IF($A532=\"S\",G532&\".\",\"\")))","v":"7.4.2."},{"$f":"IF(NOT(ISERROR($Y532)),IF($Y532<>FALSE,INDEX(Banco,$Y532,4),\"\"),\"\")","v":"CRESS"},"Rec. Humanos","002",{"$f":"IF(NOT(ISERROR($Y532)),IF($Y532<>FALSE,INDEX(Banco,$Y532,5),\"\"),\"\")","v":"Assistente Social"},{"$f":"IF(NOT(ISERROR($Y532)),IF($Y532<>FALSE,INDEX(Banco,$Y532,6),\"\"),\"\")","v":"Horas"},10,{"$f":"IF(NOT(ISERROR($Y532)),IF($Y532<>FALSE,INDEX(Banco,$Y532,7),0),0)","v":133.81},"DI 1",{"$f":"IF($J532=$G$2,ROUND(ROUND($R532,2)*IF($R$9=\"Preço Unitário (R$)\",1,1+$AA532),2),0)","v":167.26},{"$f":"IF($A532=\"S\",VTOTAL1,IF($A532=0,0,ROUND(SomaAgrup,2)))","v":1672.6},null,{"$f":"IF(OR($A532=0,$A532=\"S\",$A532>CFF!$A$9),\"\",MAX(W$11:OFFSET(W532,-1,0))+1)","v":""},{"$f":"IF(AND($J532=$G$2,$N532<>\"\",$M532<>\"\"),CONCATENATE($M532,\"-\",$N532))","v":"Rec. Humanos-002"},{"$f":"IF(X532<>FALSE,MATCH(X532,OFFSET(Banco,0,0,,1),0))","v":4},null,{"$f":"IF($J532=$G$2,ROUND(IF(ISNUMBER(S532),S532,IF(LEFT(S532,2)=\"DI\",HLOOKUP(S532,DADOS!$T$29:$X$30,2,FALSE),0)),4),\"\")","v":0.25}]
["S",0,7,4,0,0,3,{"$f":"IF(OR($A533=\"S\",$A533=0),0,MATCH(0,OFFSET($B533,1,$A533,ROW($A$1504)-ROW($A533)),0))","v":0},{"$f":"IF(OR($A533=\"S\",$A533=0),0,MATCH(OFFSET($B533,0,$A533)+1,OFFSET($B533,1,$A533,ROW($A$1504)-ROW($A533)),0))","v":0},"Insumo","7.4.3.","Cotação","Rec. Humanos","003","Administrador (Técnico de Apoio) ","Horas",4,103.65,"DI 1",129.56,518.24,null,{"$f":"IF(OR($A533=0,$A533=\"S\",$A533>CFF!$A$9),\"\",MAX(W$11:OFFSET(W533,-1,0))+1)","v":""},"Rec. Humanos-003",5,null,{"$f":"IF($J533=$G$2,ROUND(IF(ISNUMBER(S533),S533,IF(LEFT(S533,2)=\"DI\",HLOOKUP(S533,DADOS!$T$29:$X$30,2,FALSE),0)),4),\"\")","v":0.25}]
["S",0,7,4,0,0,4,{"$f":"IF(OR($A534=\"S\",$A534=0),0,MATCH(0,OFFSET($B534,1,$A534,ROW($A$1504)-ROW($A534)),0))","v":0},{"$f":"IF(OR($A534=\"S\",$A534=0),0,MATCH(OFFSET($B534,0,$A534)+1,OFFSET($B534,1,$A534,ROW($A$1504)-ROW($A534)),0))","v":0},"Insumo","7.4.4.","SINE","Rec. Humanos","004","Estagiários","Horas",22,9.7899999999999991,"DI 1",12.24,269.27999999999997,null,{"$f":"IF(OR($A534=0,$A534=\"S\",$A534>CFF!$A$9),\"\",MAX(W$11:OFFSET(W534,-1,0))+1)","v":""},"Rec. Humanos-004",6,null,{"$f":"IF($J534=$G$2,ROUND(IF(ISNUMBER(S534),S534,IF(LEFT(S534,2)=\"DI\",HLOOKUP(S534,DADOS!$T$29:$X$30,2,FALSE),0)),4),\"\")","v":0.25}]
["S",0,7,4,0,0,5,{"$f":"IF(OR($A535=\"S\",$A535=0),0,MATCH(0,OFFSET($B535,1,$A535,ROW($A$1504)-ROW($A535)),0))","v":0},{"$f":"IF(OR($A535=\"S\",$A535=0),0,MATCH(OFFSET($B535,0,$A535)+1,OFFSET($B535,1,$A535,ROW($A$1504)-ROW($A535)),0))","v":0},"Insumo","7.4.5.","Cotação","Serv. Terc.","001","Fotocópias","Unidade",125,0.3,"DI 1",0.38,47.5,null,{"$f":"IF(OR($A535=0,$A535=\"S\",$A535>CFF!$A$9),\"\",MAX(W$11:OFFSET(W535,-1,0))+1)","v":""},"Serv. Terc.-001",81,null,{"$f":"IF($J535=$G$2,ROUND(IF(ISNUMBER(S535),S535,IF(LEFT(S535,2)=\"DI\",HLOOKUP(S535,DADOS!$T$29:$X$30,2,FALSE),0)),4),\"\")","v":0.25}]
[{"$f":"CHOOSE(1+LOG(1+2*(J536=$C$2)+4*(J536=$D$2)+8*(J536=$E$2)+16*(J536=$F$2)+32*(J536=$G$2),2),0,1,2,3,4,\"S\")","v":"S"},{"$f":"IF(OR(A536=\"S\",A536=0),0,IF(ISERROR(I536),H536,SMALL(H536:I536,1)))","v":0},{"$f":"IF($A536=1,OFFSET(C536,-1,0)+1,OFFSET(C536,-1,0))","v":7},{"$f":"IF($A536=1,0,IF($A536=2,OFFSET(D536,-1,0)+1,OFFSET(D536,-1,0)))","v":4},{"$f":"IF(AND($A536<=2,$A536<>0),0,IF($A536=3,OFFSET(E536,-1,0)+1,OFFSET(E536,-1,0)))","v":0},{"$f":"IF(AND($A536<=3,$A536<>0),0,IF($A536=4,OFFSET(F536,-1,0)+1,OFFSET(F536,-1,0)))","v":0},{"$f":"IF(AND($A536<=4,$A536<>0),0,IF($A536=\"S\",OFFSET(G536,-1,0)+1,OFFSET(G536,-1,0)))","v":6},{"$f":"IF(OR($A536=\"S\",$A536=0),0,MATCH(0,OFFSET($B536,1,$A536,ROW($A$1504)-ROW($A536)),0))","v":0},{"$f":"IF(OR($A536=\"S\",$A536=0),0,MATCH(OFFSET($B536,0,$A536)+1,OFFSET($B536,1,$A536,ROW($A$1504)-ROW($A536)),0))","v":0},"Insumo",{"$f":"IF($A536=0,\"-\",CONCATENATE(C536&\".\",IF(AND($A$5>=2,$A536>=2),D536&\".\",\"\"),IF(AND($A$5>=3,$A536>=3),E536&\".\",\"\"),IF(AND($A$5>=4,$A536>=4),F536&\".\",\"\"),IF($A536=\"S\",G536&\".\",\"\")))","v":"7.4.6."},{"$f":"IF(NOT(ISERROR($Y536)),IF($Y536<>FALSE,INDEX(Banco,$Y536,4),\"\"),\"\")","v":"Cotação"},"Serv. Terc.","017",{"$f":"IF(NOT(ISERROR($Y536)),IF($Y536<>FALSE,INDEX(Banco,$Y536,5),\"\"),\"\")","v":"Instrutor/Monitor (Educação Fisíca)"},{"$f":"IF(NOT(ISERROR($Y536)),IF($Y536<>FALSE,INDEX(Banco,$Y536,6),\"\"),\"\")","v":"Horas"},3,{"$f":"IF(NOT(ISERROR($Y536)),IF($Y536<>FALSE,INDEX(Banco,$Y536,7),0),0)","v":100},"DI 1",{"$f":"IF($J536=$G$2,ROUND(ROUND($R536,2)*IF($R$9=\"Preço Unitário (R$)\",1,1+$AA536),2),0)","v":125},{"$f":"IF($A536=\"S\",VTOTAL1,IF($A536=0,0,ROUND(SomaAgrup,2)))","v":375},null,{"$f":"IF(OR($A536=0,$A536=\"S\",$A536>CFF!$A$9),\"\",MAX(W$11:OFFSET(W536,-1,0))+1)","v":""},{"$f":"IF(AND($J536=$G$2,$N536<>\"\",$M536<>\"\"),CONCATENATE($M536,\"-\",$N536))","v":"Serv. Terc.-017"},{"$f":"IF(X536<>FALSE,MATCH(X536,OFFSET(Banco,0,0,,1),0))","v":97},null,{"$f":"IF($J536=$G$2,ROUND(IF(ISNUMBER(S536),S536,IF(LEFT(S536,2)=\"DI\",HLOOKUP(S536,DADOS!$T$29:$X$30,2,FALSE),0)),4),\"\")","v":0.25}]
["S",0,7,4,0,0,7,{"$f":"IF(OR($A537=\"S\",$A537=0),0,MATCH(0,OFFSET($B537,1,$A537,ROW($A$1504)-ROW($A537)),0))","v":0},{"$f":"IF(OR($A537=\"S\",$A537=0),0,MATCH(OFFSET($B537,0,$A537)+1,OFFSET($B537,1,$A537,ROW($A$1504)-ROW($A537)),0))","v":0},"Insumo","7.4.7.","Cotação","Serv. Terc.","002","Carro de som com gravação de vinheta","Horas",3,200,"DI 1",250,750,null,{"$f":"IF(OR($A537=0,$A537=\"S\",$A537>CFF!$A$9),\"\",MAX(W$11:OFFSET(W537,-1,0))+1)","v":""},"Serv. Terc.-002",82,null,{"$f":"IF($J537=$G$2,ROUND(IF(ISNUMBER(S537),S537,IF(LEFT(S537,2)=\"DI\",HLOOKUP(S537,DADOS!$T$29:$X$30,2,FALSE),0)),4),\"\")","v":0.25}]
["S",0,7,4,0,0,8,{"$f":"IF(OR($A538=\"S\",$A538=0),0,MATCH(0,OFFSET($B538,1,$A538,ROW($A$1504)-ROW($A538)),0))","v":0},{"$f":"IF(OR($A538=\"S\",$A538=0),0,MATCH(OFFSET($B538,0,$A538)+1,OFFSET($B538,1,$A538,ROW($A$1504)-ROW($A538)),0))","v":0},"Insumo","7.4.8.","Cotação","Serv. Terc.","005","Locação de caixa térmica","Unidade",2,40,"DI 1",50,100,null,{"$f":"IF(OR($A538=0,$A538=\"S\",$A538>CFF!$A$9),\"\",MAX(W$11:OFFSET(W538,-1,0))+1)","v":""},"Serv. Terc.-005",85,null,{"$f":"IF($J538=$G$2,ROUND(IF(ISNUMBER(S538),S538,IF(LEFT(S538,2)=\"DI\",HLOOKUP(S538,DADOS!$T$29:$X$30,2,FALSE),0)),4),\"\")","v":0.25}]
["S",0,7,4,0,0,9,{"$f":"IF(OR($A539=\"S\",$A539=0),0,MATCH(0,OFFSET($B539,1,$A539,ROW($A$1504)-ROW($A539)),0))","v":0},{"$f":"IF(OR($A539=\"S\",$A539=0),0,MATCH(OFFSET($B539,0,$A539)+1,OFFSET($B539,1,$A539,ROW($A$1504)-ROW($A539)),0))","v":0},"Insumo","7.4.9.","Cotação","Serv. Terc.","008","Locação de pula-pula com monitor","Unidade",2,220,"DI 1",275,550,null,{"$f":"IF(OR($A539=0,$A539=\"S\",$A539>CFF!$A$9),\"\",MAX(W$11:OFFSET(W539,-1,0))+1)","v":""},"Serv. Terc.-008",88,null,{"$f":"IF($J539=$G$2,ROUND(IF(ISNUMBER(S539),S539,IF(LEFT(S539,2)=\"DI\",HLOOKUP(S539,DADOS!$T$29:$X$30,2,FALSE),0)),4),\"\")","v":0.25}]
["S",0,7,4,0,0,10,{"$f":"IF(OR($A540=\"S\",$A540=0),0,MATCH(0,OFFSET($B540,1,$A540,ROW($A$1504)-ROW($A540)),0))","v":0},{"$f":"IF(OR($A540=\"S\",$A540=0),0,MATCH(OFFSET($B540,0,$A540)+1,OFFSET($B540,1,$A540,ROW($A$1504)-ROW($A540)),0))","v":0},"Insumo","7.4.10.","Cotação ","Serv. Terc.","011","Barra de gelo","Unidade",4,12,"DI 1",15,60,null,{"$f":"IF(OR($A540=0,$A540=\"S\",$A540>CFF!$A$9),\"\",MAX(W$11:OFFSET(W540,-1,0))+1)","v":""},"Serv. Terc.-011",91,null,{"$f":"IF($J540=$G$2,ROUND(IF(ISNUMBER(S540),S540,IF(LEFT(S540,2)=\"DI\",HLOOKUP(S540,DADOS!$T$29:$X$30,2,FALSE),0)),4),\"\")","v":0.25}]
["S",0,7,4,0,0,11,{"$f":"IF(OR($A541=\"S\",$A541=0),0,MATCH(0,OFFSET($B541,1,$A541,ROW($A$1504)-ROW($A541)),0))","v":0},{"$f":"IF(OR($A541=\"S\",$A541=0),0,MATCH(OFFSET($B541,0,$A541)+1,OFFSET($B541,1,$A541,ROW($A$1504)-ROW($A541)),0))","v":0},"Insumo","7.4.11.","Cotação","Serv. Terc.","013","Sucos","Unidade",12,6.4,"DI 1",8,96,null,{"$f":"IF(OR($A541=0,$A541=\"S\",$A541>CFF!$A$9),\"\",MAX(W$11:OFFSET(W541,-1,0))+1)","v":""},"Serv. Terc.-013",93,null,{"$f":"IF($J541=$G$2,ROUND(IF(ISNUMBER(S541),S541,IF(LEFT(S541,2)=\"DI\",HLOOKUP(S541,DADOS!$T$29:$X$30,2,FALSE),0)),4),\"\")","v":0.25}]
[{"$f":"CHOOSE(1+LOG(1+2*(J542=$C$2)+4*(J542=$D$2)+8*(J542=$E$2)+16*(J542=$F$2)+32*(J542=$G$2),2),0,1,2,3,4,\"S\")","v":"S"},{"$f":"IF(OR(A542=\"S\",A542=0),0,IF(ISERROR(I542),H542,SMALL(H542:I542,1)))","v":0},{"$f":"IF($A542=1,OFFSET(C542,-1,0)+1,OFFSET(C542,-1,0))","v":7},{"$f":"IF($A542=1,0,IF($A542=2,OFFSET(D542,-1,0)+1,OFFSET(D542,-1,0)))","v":4},{"$f":"IF(AND($A542<=2,$A542<>0),0,IF($A542=3,OFFSET(E542,-1,0)+1,OFFSET(E542,-1,0)))","v":0},{"$f":"IF(AND($A542<=3,$A542<>0),0,IF($A542=4,OFFSET(F542,-1,0)+1,OFFSET(F542,-1,0)))","v":0},{"$f":"IF(AND($A542<=4,$A542<>0),0,IF($A542=\"S\",OFFSET(G542,-1,0)+1,OFFSET(G542,-1,0)))","v":12},{"$f":"IF(OR($A542=\"S\",$A542=0),0,MATCH(0,OFFSET($B542,1,$A542,ROW($A$1504)-ROW($A542)),0))","v":0},{"$f":"IF(OR($A542=\"S\",$A542=0),0,MATCH(OFFSET($B542,0,$A542)+1,OFFSET($B542,1,$A542,ROW($A$1504)-ROW($A542)),0))","v":0},"Insumo",{"$f":"IF($A542=0,\"-\",CONCATENATE(C542&\".\",IF(AND($A$5>=2,$A542>=2),D542&\".\",\"\"),IF(AND($A$5>=3,$A542>=3),E542&\".\",\"\"),IF(AND($A$5>=4,$A542>=4),F542&\".\",\"\"),IF($A542=\"S\",G542&\".\",\"\")))","v":"7.4.12."},{"$f":"IF(NOT(ISERROR($Y542)),IF($Y542<>FALSE,INDEX(Banco,$Y542,4),\"\"),\"\")","v":"Cotação"},"Serv. Terc.","027",{"$f":"IF(NOT(ISERROR($Y542)),IF($Y542<>FALSE,INDEX(Banco,$Y542,5),\"\"),\"\")","v":"Refrigerantes (02 litros) "},{"$f":"IF(NOT(ISERROR($Y542)),IF($Y542<>FALSE,INDEX(Banco,$Y542,6),\"\"),\"\")","v":"Unidade"},20,{"$f":"IF(NOT(ISERROR($Y542)),IF($Y542<>FALSE,INDEX(Banco,$Y542,7),0),0)","v":6},"DI 1",{"$f":"IF($J542=$G$2,ROUND(ROUND($R542,2)*IF($R$9=\"Preço Unitário (R$)\",1,1+$AA542),2),0)","v":7.5},{"$f":"IF($A542=\"S\",VTOTAL1,IF($A542=0,0,ROUND(SomaAgrup,2)))","v":150},null,{"$f":"IF(OR($A542=0,$A542=\"S\",$A542>CFF!$A$9),\"\",MAX(W$11:OFFSET(W542,-1,0))+1)","v":""},{"$f":"IF(AND($J542=$G$2,$N542<>\"\",$M542<>\"\"),CONCATENATE($M542,\"-\",$N542))","v":"Serv. Terc.-027"},{"$f":"IF(X542<>FALSE,MATCH(X542,OFFSET(Banco,0,0,,1),0))","v":107},null,{"$f":"IF($J542=$G$2,ROUND(IF(ISNUMBER(S542),S542,IF(LEFT(S542,2)=\"DI\",HLOOKUP(S542,DADOS!$T$29:$X$30,2,FALSE),0)),4),\"\")","v":0.25}]
["S",0,{"$f":"IF($A543=1,OFFSET(C543,-1,0)+1,OFFSET(C543,-1,0))","v":7},{"$f":"IF($A543=1,0,IF($A543=2,OFFSET(D543,-1,0)+1,OFFSET(D543,-1,0)))","v":4},{"$f":"IF(AND($A543<=2,$A543<>0),0,IF($A543=3,OFFSET(E543,-1,0)+1,OFFSET(E543,-1,0)))","v":0},{"$f":"IF(AND($A543<=3,$A543<>0),0,IF($A543=4,OFFSET(F543,-1,0)+1,OFFSET(F543,-1,0)))","v":0},{"$f":"IF(AND($A543<=4,$A543<>0),0,IF($A543=\"S\",OFFSET(G543,-1,0)+1,OFFSET(G543,-1,0)))","v":13},{"$f":"IF(OR($A543=\"S\",$A543=0),0,MATCH(0,OFFSET($B543,1,$A543,ROW($A$1504)-ROW($A543)),0))","v":0},{"$f":"IF(OR($A543=\"S\",$A543=0),0,MATCH(OFFSET($B543,0,$A543)+1,OFFSET($B543,1,$A543,ROW($A$1504)-ROW($A543)),0))","v":0},"Insumo","7.4.13.",{"$f":"IF(NOT(ISERROR($Y543)),IF($Y543<>FALSE,INDEX(Banco,$Y543,4),\"\"),\"\")","v":"Cotação "},"Serv. Terc.","010",{"$f":"IF(NOT(ISERROR($Y543)),IF($Y543<>FALSE,INDEX(Banco,$Y543,5),\"\"),\"\")","v":"Brindes ( descrição nos orçamentos e PTS)"},{"$f":"IF(NOT(ISERROR($Y543)),IF($Y543<>FALSE,INDEX(Banco,$Y543,6),\"\"),\"\")","v":"Unidade"},4,{"$f":"IF(NOT(ISERROR($Y543)),IF($Y543<>FALSE,INDEX(Banco,$Y543,7),0),0)","v":120},"DI 1",{"$f":"IF($J543=$G$2,ROUND(ROUND($R543,2)*IF($R$9=\"Preço Unitário (R$)\",1,1+$AA543),2),0)","v":150},{"$f":"IF($A543=\"S\",VTOTAL1,IF($A543=0,0,ROUND(SomaAgrup,2)))","v":600},null,{"$f":"IF(OR($A543=0,$A543=\"S\",$A543>CFF!$A$9),\"\",MAX(W$11:OFFSET(W543,-1,0))+1)","v":""},{"$f":"IF(AND($J543=$G$2,$N543<>\"\",$M543<>\"\"),CONCATENATE($M543,\"-\",$N543))","v":"Serv. Terc.-010"},90,null,{"$f":"IF($J543=$G$2,ROUND(IF(ISNUMBER(S543),S543,IF(LEFT(S543,2)=\"DI\",HLOOKUP(S543,DADOS!$T$29:$X$30,2,FALSE),0)),4),\"\")","v":0.25}]
["S",0,7,4,0,0,14,{"$f":"IF(OR($A544=\"S\",$A544=0),0,MATCH(0,OFFSET($B544,1,$A544,ROW($A$1504)-ROW($A544)),0))","v":0},{"$f":"IF(OR($A544=\"S\",$A544=0),0,MATCH(OFFSET($B544,0,$A544)+1,OFFSET($B544,1,$A544,ROW($A$1504)-ROW($A544)),0))","v":0},"Insumo","7.4.14.","Cotação","Serv. Terc.","015","Coffee break (salgados)","Centro",15,65,"DI 1",81.25,1218.75,null,{"$f":"IF(OR($A544=0,$A544=\"S\",$A544>CFF!$A$9),\"\",MAX(W$11:OFFSET(W544,-1,0))+1)","v":""},"Serv. Terc.-015",95,null,{"$f":"IF($J544=$G$2,ROUND(IF(ISNUMBER(S544),S544,IF(LEFT(S544,2)=\"DI\",HLOOKUP(S544,DADOS!$T$29:$X$30,2,FALSE),0)),4),\"\")","v":0.25}]
["S",0,{"$f":"IF($A545=1,OFFSET(C545,-1,0)+1,OFFSET(C545,-1,0))","v":7},{"$f":"IF($A545=1,0,IF($A545=2,OFFSET(D545,-1,0)+1,OFFSET(D545,-1,0)))","v":4},{"$f":"IF(AND($A545<=2,$A545<>0),0,IF($A545=3,OFFSET(E545,-1,0)+1,OFFSET(E545,-1,0)))","v":0},{"$f":"IF(AND($A545<=3,$A545<>0),0,IF($A545=4,OFFSET(F545,-1,0)+1,OFFSET(F545,-1,0)))","v":0},{"$f":"IF(AND($A545<=4,$A545<>0),0,IF($A545=\"S\",OFFSET(G545,-1,0)+1,OFFSET(G545,-1,0)))","v":15},{"$f":"IF(OR($A545=\"S\",$A545=0),0,MATCH(0,OFFSET($B545,1,$A545,ROW($A$1504)-ROW($A545)),0))","v":0},{"$f":"IF(OR($A545=\"S\",$A545=0),0,MATCH(OFFSET($B545,0,$A545)+1,OFFSET($B545,1,$A545,ROW($A$1504)-ROW($A545)),0))","v":0},"Insumo","7.4.15.",{"$f":"IF(NOT(ISERROR($Y545)),IF($Y545<>FALSE,INDEX(Banco,$Y545,4),\"\"),\"\")","v":"CRESS"},"Serv. Terc.","065",{"$f":"IF(NOT(ISERROR($Y545)),IF($Y545<>FALSE,INDEX(Banco,$Y545,5),\"\"),\"\")","v":"Assistente Social com especialização em politicas sociais"},{"$f":"IF(NOT(ISERROR($Y545)),IF($Y545<>FALSE,INDEX(Banco,$Y545,6),\"\"),\"\")","v":"Horas"},3,{"$f":"IF(NOT(ISERROR($Y545)),IF($Y545<>FALSE,INDEX(Banco,$Y545,7),0),0)","v":141.75},"DI 1",{"$f":"IF($J545=$G$2,ROUND(ROUND($R545,2)*IF($R$9=\"Preço Unitário (R$)\",1,1+$AA545),2),0)","v":177.19},{"$f":"IF($A545=\"S\",VTOTAL1,IF($A545=0,0,ROUND(SomaAgrup,2)))","v":531.57000000000005},null,{"$f":"IF(OR($A545=0,$A545=\"S\",$A545>CFF!$A$9),\"\",MAX(W$11:OFFSET(W545,-1,0))+1)","v":""},{"$f":"IF(AND($J545=$G$2,$N545<>\"\",$M545<>\"\"),CONCATENATE($M545,\"-\",$N545))","v":"Serv. Terc.-065"},145,null,{"$f":"IF($J545=$G$2,ROUND(IF(ISNUMBER(S545),S545,IF(LEFT(S545,2)=\"DI\",HLOOKUP(S545,DADOS!$T$29:$X$30,2,FALSE),0)),4),\"\")","v":0.25}]
["S",0,7,4,0,0,16,{"$f":"IF(OR($A546=\"S\",$A546=0),0,MATCH(0,OFFSET($B546,1,$A546,ROW($A$1504)-ROW($A546)),0))","v":0},{"$f":"IF(OR($A546=\"S\",$A546=0),0,MATCH(OFFSET($B546,0,$A546)+1,OFFSET($B546,1,$A546,ROW($A$1504)-ROW($A546)),0))","v":0},"Insumo","7.4.16.","Cotação","Rec. Materiais","020","Guloseimas (balas e pirulito)","Pacote",4,12,"DI 1",15,60,null,{"$f":"IF(OR($A546=0,$A546=\"S\",$A546>CFF!$A$9),\"\",MAX(W$11:OFFSET(W546,-1,0))+1)","v":""},"Rec. Materiais-020",29,null,{"$f":"IF($J546=$G$2,ROUND(IF(ISNUMBER(S546),S546,IF(LEFT(S546,2)=\"DI\",HLOOKUP(S546,DADOS!$T$29:$X$30,2,FALSE),0)),4),\"\")","v":0.25}]
["S",0,{"$f":"IF($A547=1,OFFSET(C547,-1,0)+1,OFFSET(C547,-1,0))","v":7},{"$f":"IF($A547=1,0,IF($A547=2,OFFSET(D547,-1,0)+1,OFFSET(D547,-1,0)))","v":4},{"$f":"IF(AND($A547<=2,$A547<>0),0,IF($A547=3,OFFSET(E547,-1,0)+1,OFFSET(E547,-1,0)))","v":0},{"$f":"IF(AND($A547<=3,$A547<>0),0,IF($A547=4,OFFSET(F547,-1,0)+1,OFFSET(F547,-1,0)))","v":0},{"$f":"IF(AND($A547<=4,$A547<>0),0,IF($A547=\"S\",OFFSET(G547,-1,0)+1,OFFSET(G547,-1,0)))","v":17},{"$f":"IF(OR($A547=\"S\",$A547=0),0,MATCH(0,OFFSET($B547,1,$A547,ROW($A$1504)-ROW($A547)),0))","v":0},{"$f":"IF(OR($A547=\"S\",$A547=0),0,MATCH(OFFSET($B547,0,$A547)+1,OFFSET($B547,1,$A547,ROW($A$1504)-ROW($A547)),0))","v":0},"Insumo","7.4.17.",{"$f":"IF(NOT(ISERROR($Y547)),IF($Y547<>FALSE,INDEX(Banco,$Y547,4),\"\"),\"\")","v":"Cotação"},"Rec. Materiais","021",{"$f":"IF(NOT(ISERROR($Y547)),IF($Y547<>FALSE,INDEX(Banco,$Y547,5),\"\"),\"\")","v":"Papel de presente"},{"$f":"IF(NOT(ISERROR($Y547)),IF($Y547<>FALSE,INDEX(Banco,$Y547,6),\"\"),\"\")","v":"Folhas"},8,{"$f":"IF(NOT(ISERROR($Y547)),IF($Y547<>FALSE,INDEX(Banco,$Y547,7),0),0)","v":1.5},"DI 1",{"$f":"IF($J547=$G$2,ROUND(ROUND($R547,2)*IF($R$9=\"Preço Unitário (R$)\",1,1+$AA547),2),0)","v":1.88},{"$f":"IF($A547=\"S\",VTOTAL1,IF($A547=0,0,ROUND(SomaAgrup,2)))","v":15.04},null,{"$f":"IF(OR($A547=0,$A547=\"S\",$A547>CFF!$A$9),\"\",MAX(W$11:OFFSET(W547,-1,0))+1)","v":""},{"$f":"IF(AND($J547=$G$2,$N547<>\"\",$M547<>\"\"),CONCATENATE($M547,\"-\",$N547))","v":"Rec. Materiais-021"},30,null,{"$f":"IF($J547=$G$2,ROUND(IF(ISNUMBER(S547),S547,IF(LEFT(S547,2)=\"DI\",HLOOKUP(S547,DADOS!$T$29:$X$30,2,FALSE),0)),4),\"\")","v":0.25}]
[{"$f":"CHOOSE(1+LOG(1+2*(J548=$C$2)+4*(J548=$D$2)+8*(J548=$E$2)+16*(J548=$F$2)+32*(J548=$G$2),2),0,1,2,3,4,\"S\")","v":"S"},{"$f":"IF(OR(A548=\"S\",A548=0),0,IF(ISERROR(I548),H548,SMALL(H548:I548,1)))","v":0},7,4,0,0,18,{"$f":"IF(OR($A548=\"S\",$A548=0),0,MATCH(0,OFFSET($B548,1,$A548,ROW($A$1504)-ROW($A548)),0))","v":0},{"$f":"IF(OR($A548=\"S\",$A548=0),0,MATCH(OFFSET($B548,0,$A548)+1,OFFSET($B548,1,$A548,ROW($A$1504)-ROW($A548)),0))","v":0},"Insumo",{"$f":"IF($A548=0,\"-\",CONCATENATE(C548&\".\",IF(AND($A$5>=2,$A548>=2),D548&\".\",\"\"),IF(AND($A$5>=3,$A548>=3),E548&\".\",\"\"),IF(AND($A$5>=4,$A548>=4),F548&\".\",\"\"),IF($A548=\"S\",G548&\".\",\"\")))","v":"7.4.18."},"Cotação","Rec. Materiais","026",{"$f":"IF(NOT(ISERROR($Y548)),IF($Y548<>FALSE,INDEX(Banco,$Y548,5),\"\"),\"\")","v":"Saco de lixo (100 litros)"},"Pacote",2,15,"DI 1",18.75,37.5,null,{"$f":"IF(OR($A548=0,$A548=\"S\",$A548>CFF!$A$9),\"\",MAX(W$11:OFFSET(W548,-1,0))+1)","v":""},"Rec. Materiais-026",{"$f":"IF(X548<>FALSE,MATCH(X548,OFFSET(Banco,0,0,,1),0))","v":35},null,{"$f":"IF($J548=$G$2,ROUND(IF(ISNUMBER(S548),S548,IF(LEFT(S548,2)=\"DI\",HLOOKUP(S548,DADOS!$T$29:$X$30,2,FALSE),0)),4),\"\")","v":0.25}]
[{"$f":"CHOOSE(1+LOG(1+2*(J549=$C$2)+4*(J549=$D$2)+8*(J549=$E$2)+16*(J549=$F$2)+32*(J549=$G$2),2),0,1,2,3,4,\"S\")","v":2},{"$f":"IF(OR(A549=\"S\",A549=0),0,IF(ISERROR(I549),H549,SMALL(H549:I549,1)))","v":9},{"$f":"IF($A549=1,OFFSET(C549,-1,0)+1,OFFSET(C549,-1,0))","v":7},{"$f":"IF($A549=1,0,IF($A549=2,OFFSET(D549,-1,0)+1,OFFSET(D549,-1,0)))","v":5},{"$f":"IF(AND($A549<=2,$A549<>0),0,IF($A549=3,OFFSET(E549,-1,0)+1,OFFSET(E549,-1,0)))","v":0},{"$f":"IF(AND($A549<=3,$A549<>0),0,IF($A549=4,OFFSET(F549,-1,0)+1,OFFSET(F549,-1,0)))","v":0},{"$f":"IF(AND($A549<=4,$A549<>0),0,IF($A549=\"S\",OFFSET(G549,-1,0)+1,OFFSET(G549,-1,0)))","v":0},{"$f":"IF(OR($A549=\"S\",$A549=0),0,MATCH(0,OFFSET($B549,1,$A549,ROW($A$1504)-ROW($A549)),0))","v":92},{"$f":"IF(OR($A549=\"S\",$A549=0),0,MATCH(OFFSET($B549,0,$A549)+1,OFFSET($B549,1,$A549,ROW($A$1504)-ROW($A549)),0))","v":9},"AtivNível 1",{"$f":"IF($A549=0,\"-\",CONCATENATE(C549&\".\",IF(AND($A$5>=2,$A549>=2),D549&\".\",\"\"),IF(AND($A$5>=3,$A549>=3),E549&\".\",\"\"),IF(AND($A$5>=4,$A549>=4),F549&\".\",\"\"),IF($A549=\"S\",G549&\".\",\"\")))","v":"7.5."},{"$f":"IF(NOT(ISERROR($Y549)),IF($Y549<>FALSE,INDEX(Banco,$Y549,4),\"\"),\"\")","v":""},null,null,"Atividade 39 - Oficina para melhor idade região Jardim Ikaraí",{"$f":"IF(NOT(ISERROR($Y549)),IF($Y549<>FALSE,INDEX(Banco,$Y549,6),\"\"),\"\")","v":""},null,{"$f":"IF(NOT(ISERROR($Y549)),IF($Y549<>FALSE,INDEX(Banco,$Y549,7),0),0)","v":0},"DI 1",{"$f":"IF($J549=$G$2,ROUND(ROUND($R549,2)*IF($R$9=\"Preço Unitário (R$)\",1,1+$AA549),2),0)","v":0},{"$f":"IF($A549=\"S\",VTOTAL1,IF($A549=0,0,ROUND(SomaAgrup,2)))","v":4465.74},null,{"$f":"IF(OR($A549=0,$A549=\"S\",$A549>CFF!$A$9),\"\",MAX(W$11:OFFSET(W549,-1,0))+1)","v":46},{"$f":"IF(AND($J549=$G$2,$N549<>\"\",$M549<>\"\"),CONCATENATE($M549,\"-\",$N549))","v":false},{"$f":"IF(X549<>FALSE,MATCH(X549,OFFSET(Banco,0,0,,1),0))","v":false},null,{"$f":"IF($J549=$G$2,ROUND(IF(ISNUMBER(S549),S549,IF(LEFT(S549,2)=\"DI\",HLOOKUP(S549,DADOS!$T$29:$X$30,2,FALSE),0)),4),\"\")","v":""}]
["S",0,7,5,0,0,1,{"$f":"IF(OR($A550=\"S\",$A550=0),0,MATCH(0,OFFSET($B550,1,$A550,ROW($A$1504)-ROW($A550)),0))","v":0},{"$f":"IF(OR($A550=\"S\",$A550=0),0,MATCH(OFFSET($B550,0,$A550)+1,OFFSET($B550,1,$A550,ROW($A$1504)-ROW($A550)),0))","v":0},"Insumo","7.5.1.","CRESS","Rec. Humanos","001",{"$f":"IF(NOT(ISERROR($Y550)),IF($Y550<>FALSE,INDEX(Banco,$Y550,5),\"\"),\"\")","v":"Responsável Técnica"},"Horas",4,150.28,"DI 1",187.85,751.4,null,{"$f":"IF(OR($A550=0,$A550=\"S\",$A550>CFF!$A$9),\"\",MAX(W$11:OFFSET(W550,-1,0))+1)","v":""},"Rec. Humanos-001",3,null,{"$f":"IF($J550=$G$2,ROUND(IF(ISNUMBER(S550),S550,IF(LEFT(S550,2)=\"DI\",HLOOKUP(S550,DADOS!$T$29:$X$30,2,FALSE),0)),4),\"\")","v":0.25}]
["S",0,7,5,0,0,2,{"$f":"IF(OR($A551=\"S\",$A551=0),0,MATCH(0,OFFSET($B551,1,$A551,ROW($A$1504)-ROW($A551)),0))","v":0},{"$f":"IF(OR($A551=\"S\",$A551=0),0,MATCH(OFFSET($B551,0,$A551)+1,OFFSET($B551,1,$A551,ROW($A$1504)-ROW($A551)),0))","v":0},"Insumo","7.5.2.","CRESS","Rec. Humanos","002","Assistente Social","Horas",4,133.81,"DI 1",167.26,669.04,null,{"$f":"IF(OR($A551=0,$A551=\"S\",$A551>CFF!$A$9),\"\",MAX(W$11:OFFSET(W551,-1,0))+1)","v":""},"Rec. Humanos-002",4,null,{"$f":"IF($J551=$G$2,ROUND(IF(ISNUMBER(S551),S551,IF(LEFT(S551,2)=\"DI\",HLOOKUP(S551,DADOS!$T$29:$X$30,2,FALSE),0)),4),\"\")","v":0.25}]
["S",0,7,5,0,0,3,{"$f":"IF(OR($A552=\"S\",$A552=0),0,MATCH(0,OFFSET($B552,1,$A552,ROW($A$1504)-ROW($A552)),0))","v":0},{"$f":"IF(OR($A552=\"S\",$A552=0),0,MATCH(OFFSET($B552,0,$A552)+1,OFFSET($B552,1,$A552,ROW($A$1504)-ROW($A552)),0))","v":0},"Insumo","7.5.3.","Cotação","Serv. Terc.","033","Coffe break (salgados) ","Centro",4,65,"DI 1",81.25,325,null,{"$f":"IF(OR($A552=0,$A552=\"S\",$A552>CFF!$A$9),\"\",MAX(W$11:OFFSET(W552,-1,0))+1)","v":""},"Serv. Terc.-033",113,null,{"$f":"IF($J552=$G$2,ROUND(IF(ISNUMBER(S552),S552,IF(LEFT(S552,2)=\"DI\",HLOOKUP(S552,DADOS!$T$29:$X$30,2,FALSE),0)),4),\"\")","v":0.25}]
[{"$f":"CHOOSE(1+LOG(1+2*(J553=$C$2)+4*(J553=$D$2)+8*(J553=$E$2)+16*(J553=$F$2)+32*(J553=$G$2),2),0,1,2,3,4,\"S\")","v":"S"},{"$f":"IF(OR(A553=\"S\",A553=0),0,IF(ISERROR(I553),H553,SMALL(H553:I553,1)))","v":0},7,5,0,0,4,{"$f":"IF(OR($A553=\"S\",$A553=0),0,MATCH(0,OFFSET($B553,1,$A553,ROW($A$1504)-ROW($A553)),0))","v":0},{"$f":"IF(OR($A553=\"S\",$A553=0),0,MATCH(OFFSET($B553,0,$A553)+1,OFFSET($B553,1,$A553,ROW($A$1504)-ROW($A553)),0))","v":0},"Insumo",{"$f":"IF($A553=0,\"-\",CONCATENATE(C553&\".\",IF(AND($A$5>=2,$A553>=2),D553&\".\",\"\"),IF(AND($A$5>=3,$A553>=3),E553&\".\",\"\"),IF(AND($A$5>=4,$A553>=4),F553&\".\",\"\"),IF($A553=\"S\",G553&\".\",\"\")))","v":"7.5.4."},"Cotação","Serv. Terc.","027",{"$f":"IF(NOT(ISERROR($Y553)),IF($Y553<>FALSE,INDEX(Banco,$Y553,5),\"\"),\"\")","v":"Refrigerantes (02 litros) "},"Unidade",4,6,"DI 1",7.5,30,null,{"$f":"IF(OR($A553=0,$A553=\"S\",$A553>CFF!$A$9),\"\",MAX(W$11:OFFSET(W553,-1,0))+1)","v":""},"Serv. Terc.-027",{"$f":"IF(X553<>FALSE,MATCH(X553,OFFSET(Banco,0,0,,1),0))","v":107},null,{"$f":"IF($J553=$G$2,ROUND(IF(ISNUMBER(S553),S553,IF(LEFT(S553,2)=\"DI\",HLOOKUP(S553,DADOS!$T$29:$X$30,2,FALSE),0)),4),\"\")","v":0.25}]
["S",0,7,5,0,0,5,{"$f":"IF(OR($A554=\"S\",$A554=0),0,MATCH(0,OFFSET($B554,1,$A554,ROW($A$1504)-ROW($A554)),0))","v":0},{"$f":"IF(OR($A554=\"S\",$A554=0),0,MATCH(OFFSET($B554,0,$A554)+1,OFFSET($B554,1,$A554,ROW($A$1504)-ROW($A554)),0))","v":0},"Insumo","7.5.5.","CREFITO","Serv. Terc.","085","Fisioterapeuta (Massagem terapêutica)","Vagas",40,41.6,"DI 1",52,2080,null,{"$f":"IF(OR($A554=0,$A554=\"S\",$A554>CFF!$A$9),\"\",MAX(W$11:OFFSET(W554,-1,0))+1)","v":""},"Serv. Terc.-085",165,null,{"$f":"IF($J554=$G$2,ROUND(IF(ISNUMBER(S554),S554,IF(LEFT(S554,2)=\"DI\",HLOOKUP(S554,DADOS!$T$29:$X$30,2,FALSE),0)),4),\"\")","v":0.25}]
[{"$f":"CHOOSE(1+LOG(1+2*(J555=$C$2)+4*(J555=$D$2)+8*(J555=$E$2)+16*(J555=$F$2)+32*(J555=$G$2),2),0,1,2,3,4,\"S\")","v":"S"},{"$f":"IF(OR(A555=\"S\",A555=0),0,IF(ISERROR(I555),H555,SMALL(H555:I555,1)))","v":0},7,5,0,0,6,{"$f":"IF(OR($A555=\"S\",$A555=0),0,MATCH(0,OFFSET($B555,1,$A555,ROW($A$1504)-ROW($A555)),0))","v":0},{"$f":"IF(OR($A555=\"S\",$A555=0),0,MATCH(OFFSET($B555,0,$A555)+1,OFFSET($B555,1,$A555,ROW($A$1504)-ROW($A555)),0))","v":0},"Insumo",{"$f":"IF($A555=0,\"-\",CONCATENATE(C555&\".\",IF(AND($A$5>=2,$A555>=2),D555&\".\",\"\"),IF(AND($A$5>=3,$A555>=3),E555&\".\",\"\"),IF(AND($A$5>=4,$A555>=4),F555&\".\",\"\"),IF($A555=\"S\",G555&\".\",\"\")))","v":"7.5.6."},"Cotação","Serv. Terc.","017",{"$f":"IF(NOT(ISERROR($Y555)),IF($Y555<>FALSE,INDEX(Banco,$Y555,5),\"\"),\"\")","v":"Instrutor/Monitor (Educação Fisíca)"},"Horas",2,100,"DI 1",125,250,null,{"$f":"IF(OR($A555=0,$A555=\"S\",$A555>CFF!$A$9),\"\",MAX(W$11:OFFSET(W555,-1,0))+1)","v":""},"Serv. Terc.-017",{"$f":"IF(X555<>FALSE,MATCH(X555,OFFSET(Banco,0,0,,1),0))","v":97},null,{"$f":"IF($J555=$G$2,ROUND(IF(ISNUMBER(S555),S555,IF(LEFT(S555,2)=\"DI\",HLOOKUP(S555,DADOS!$T$29:$X$30,2,FALSE),0)),4),\"\")","v":0.25}]
[{"$f":"CHOOSE(1+LOG(1+2*(J556=$C$2)+4*(J556=$D$2)+8*(J556=$E$2)+16*(J556=$F$2)+32*(J556=$G$2),2),0,1,2,3,4,\"S\")","v":"S"},{"$f":"IF(OR(A556=\"S\",A556=0),0,IF(ISERROR(I556),H556,SMALL(H556:I556,1)))","v":0},7,5,0,0,7,{"$f":"IF(OR($A556=\"S\",$A556=0),0,MATCH(0,OFFSET($B556,1,$A556,ROW($A$1504)-ROW($A556)),0))","v":0},{"$f":"IF(OR($A556=\"S\",$A556=0),0,MATCH(OFFSET($B556,0,$A556)+1,OFFSET($B556,1,$A556,ROW($A$1504)-ROW($A556)),0))","v":0},"Insumo",{"$f":"IF($A556=0,\"-\",CONCATENATE(C556&\".\",IF(AND($A$5>=2,$A556>=2),D556&\".\",\"\"),IF(AND($A$5>=3,$A556>=3),E556&\".\",\"\"),IF(AND($A$5>=4,$A556>=4),F556&\".\",\"\"),IF($A556=\"S\",G556&\".\",\"\")))","v":"7.5.7."},"COREN","Serv. Terc.","086","Técnica de Enfermagem (Instrutor)","Horas",2,92.65,"DI 1",115.81,231.62,null,{"$f":"IF(OR($A556=0,$A556=\"S\",$A556>CFF!$A$9),\"\",MAX(W$11:OFFSET(W556,-1,0))+1)","v":""},"Serv. Terc.-086",{"$f":"IF(X556<>FALSE,MATCH(X556,OFFSET(Banco,0,0,,1),0))","v":166},null,{"$f":"IF($J556=$G$2,ROUND(IF(ISNUMBER(S556),S556,IF(LEFT(S556,2)=\"DI\",HLOOKUP(S556,DADOS!$T$29:$X$30,2,FALSE),0)),4),\"\")","v":0.25}]
[{"$f":"CHOOSE(1+LOG(1+2*(J557=$C$2)+4*(J557=$D$2)+8*(J557=$E$2)+16*(J557=$F$2)+32*(J557=$G$2),2),0,1,2,3,4,\"S\")","v":"S"},{"$f":"IF(OR(A557=\"S\",A557=0),0,IF(ISERROR(I557),H557,SMALL(H557:I557,1)))","v":0},7,5,0,0,8,{"$f":"IF(OR($A557=\"S\",$A557=0),0,MATCH(0,OFFSET($B557,1,$A557,ROW($A$1504)-ROW($A557)),0))","v":0},{"$f":"IF(OR($A557=\"S\",$A557=0),0,MATCH(OFFSET($B557,0,$A557)+1,OFFSET($B557,1,$A557,ROW($A$1504)-ROW($A557)),0))","v":0},"Insumo",{"$f":"IF($A557=0,\"-\",CONCATENATE(C557&\".\",IF(AND($A$5>=2,$A557>=2),D557&\".\",\"\"),IF(AND($A$5>=3,$A557>=3),E557&\".\",\"\"),IF(AND($A$5>=4,$A557>=4),F557&\".\",\"\"),IF($A557=\"S\",G557&\".\",\"\")))","v":"7.5.8."},"Cotação","Serv. Terc.","061",{"$f":"IF(NOT(ISERROR($Y557)),IF($Y557<>FALSE,INDEX(Banco,$Y557,5),\"\"),\"\")","v":"KIT (massagem terapêutica)"},"KIT",1,102.94,"DI 1",128.68,128.68,null,{"$f":"IF(OR($A557=0,$A557=\"S\",$A557>CFF!$A$9),\"\",MAX(W$11:OFFSET(W557,-1,0))+1)","v":""},"Serv. Terc.-061",{"$f":"IF(X557<>FALSE,MATCH(X557,OFFSET(Banco,0,0,,1),0))","v":141},null,{"$f":"IF($J557=$G$2,ROUND(IF(ISNUMBER(S557),S557,IF(LEFT(S557,2)=\"DI\",HLOOKUP(S557,DADOS!$T$29:$X$30,2,FALSE),0)),4),\"\")","v":0.25}]
[{"$f":"CHOOSE(1+LOG(1+2*(J558=$C$2)+4*(J558=$D$2)+8*(J558=$E$2)+16*(J558=$F$2)+32*(J558=$G$2),2),0,1,2,3,4,\"S\")","v":2},{"$f":"IF(OR(A558=\"S\",A558=0),0,IF(ISERROR(I558),H558,SMALL(H558:I558,1)))","v":3},{"$f":"IF($A558=1,OFFSET(C558,-1,0)+1,OFFSET(C558,-1,0))","v":7},{"$f":"IF($A558=1,0,IF($A558=2,OFFSET(D558,-1,0)+1,OFFSET(D558,-1,0)))","v":6},{"$f":"IF(AND($A558<=2,$A558<>0),0,IF($A558=3,OFFSET(E558,-1,0)+1,OFFSET(E558,-1,0)))","v":0},{"$f":"IF(AND($A558<=3,$A558<>0),0,IF($A558=4,OFFSET(F558,-1,0)+1,OFFSET(F558,-1,0)))","v":0},{"$f":"IF(AND($A558<=4,$A558<>0),0,IF($A558=\"S\",OFFSET(G558,-1,0)+1,OFFSET(G558,-1,0)))","v":0},{"$f":"IF(OR($A558=\"S\",$A558=0),0,MATCH(0,OFFSET($B558,1,$A558,ROW($A$1504)-ROW($A558)),0))","v":83},{"$f":"IF(OR($A558=\"S\",$A558=0),0,MATCH(OFFSET($B558,0,$A558)+1,OFFSET($B558,1,$A558,ROW($A$1504)-ROW($A558)),0))","v":3},"AtivNível 1",{"$f":"IF($A558=0,\"-\",CONCATENATE(C558&\".\",IF(AND($A$5>=2,$A558>=2),D558&\".\",\"\"),IF(AND($A$5>=3,$A558>=3),E558&\".\",\"\"),IF(AND($A$5>=4,$A558>=4),F558&\".\",\"\"),IF($A558=\"S\",G558&\".\",\"\")))","v":"7.6."},{"$f":"IF(NOT(ISERROR($Y558)),IF($Y558<>FALSE,INDEX(Banco,$Y558,4),\"\"),\"\")","v":""},null,null,"Atividade 40 - Plantão Social região Jardim Ikaraí",{"$f":"IF(NOT(ISERROR($Y558)),IF($Y558<>FALSE,INDEX(Banco,$Y558,6),\"\"),\"\")","v":""},null,{"$f":"IF(NOT(ISERROR($Y558)),IF($Y558<>FALSE,INDEX(Banco,$Y558,7),0),0)","v":0},"DI 1",{"$f":"IF($J558=$G$2,ROUND(ROUND($R558,2)*IF($R$9=\"Preço Unitário (R$)\",1,1+$AA558),2),0)","v":0},{"$f":"IF($A558=\"S\",VTOTAL1,IF($A558=0,0,ROUND(SomaAgrup,2)))","v":3427.56},null,{"$f":"IF(OR($A558=0,$A558=\"S\",$A558>CFF!$A$9),\"\",MAX(W$11:OFFSET(W558,-1,0))+1)","v":47},{"$f":"IF(AND($J558=$G$2,$N558<>\"\",$M558<>\"\"),CONCATENATE($M558,\"-\",$N558))","v":false},{"$f":"IF(X558<>FALSE,MATCH(X558,OFFSET(Banco,0,0,,1),0))","v":false},null,{"$f":"IF($J558=$G$2,ROUND(IF(ISNUMBER(S558),S558,IF(LEFT(S558,2)=\"DI\",HLOOKUP(S558,DADOS!$T$29:$X$30,2,FALSE),0)),4),\"\")","v":""}]
[{"$f":"CHOOSE(1+LOG(1+2*(J559=$C$2)+4*(J559=$D$2)+8*(J559=$E$2)+16*(J559=$F$2)+32*(J559=$G$2),2),0,1,2,3,4,\"S\")","v":"S"},{"$f":"IF(OR(A559=\"S\",A559=0),0,IF(ISERROR(I559),H559,SMALL(H559:I559,1)))","v":0},{"$f":"IF($A559=1,OFFSET(C559,-1,0)+1,OFFSET(C559,-1,0))","v":7},{"$f":"IF($A559=1,0,IF($A559=2,OFFSET(D559,-1,0)+1,OFFSET(D559,-1,0)))","v":6},{"$f":"IF(AND($A559<=2,$A559<>0),0,IF($A559=3,OFFSET(E559,-1,0)+1,OFFSET(E559,-1,0)))","v":0},{"$f":"IF(AND($A559<=3,$A559<>0),0,IF($A559=4,OFFSET(F559,-1,0)+1,OFFSET(F559,-1,0)))","v":0},{"$f":"IF(AND($A559<=4,$A559<>0),0,IF($A559=\"S\",OFFSET(G559,-1,0)+1,OFFSET(G559,-1,0)))","v":1},{"$f":"IF(OR($A559=\"S\",$A559=0),0,MATCH(0,OFFSET($B559,1,$A559,ROW($A$1504)-ROW($A559)),0))","v":0},{"$f":"IF(OR($A559=\"S\",$A559=0),0,MATCH(OFFSET($B559,0,$A559)+1,OFFSET($B559,1,$A559,ROW($A$1504)-ROW($A559)),0))","v":0},"Insumo",{"$f":"IF($A559=0,\"-\",CONCATENATE(C559&\".\",IF(AND($A$5>=2,$A559>=2),D559&\".\",\"\"),IF(AND($A$5>=3,$A559>=3),E559&\".\",\"\"),IF(AND($A$5>=4,$A559>=4),F559&\".\",\"\"),IF($A559=\"S\",G559&\".\",\"\")))","v":"7.6.1."},{"$f":"IF(NOT(ISERROR($Y559)),IF($Y559<>FALSE,INDEX(Banco,$Y559,4),\"\"),\"\")","v":"CRESS"},"Rec. Humanos","001",{"$f":"IF(NOT(ISERROR($Y559)),IF($Y559<>FALSE,INDEX(Banco,$Y559,5),\"\"),\"\")","v":"Responsável Técnica"},{"$f":"IF(NOT(ISERROR($Y559)),IF($Y559<>FALSE,INDEX(Banco,$Y559,6),\"\"),\"\")","v":"Horas"},4,{"$f":"IF(NOT(ISERROR($Y559)),IF($Y559<>FALSE,INDEX(Banco,$Y559,7),0),0)","v":150.28},"DI 1",{"$f":"IF($J559=$G$2,ROUND(ROUND($R559,2)*IF($R$9=\"Preço Unitário (R$)\",1,1+$AA559),2),0)","v":187.85},{"$f":"IF($A559=\"S\",VTOTAL1,IF($A559=0,0,ROUND(SomaAgrup,2)))","v":751.4},null,{"$f":"IF(OR($A559=0,$A559=\"S\",$A559>CFF!$A$9),\"\",MAX(W$11:OFFSET(W559,-1,0))+1)","v":""},{"$f":"IF(AND($J559=$G$2,$N559<>\"\",$M559<>\"\"),CONCATENATE($M559,\"-\",$N559))","v":"Rec. Humanos-001"},{"$f":"IF(X559<>FALSE,MATCH(X559,OFFSET(Banco,0,0,,1),0))","v":3},null,{"$f":"IF($J559=$G$2,ROUND(IF(ISNUMBER(S559),S559,IF(LEFT(S559,2)=\"DI\",HLOOKUP(S559,DADOS!$T$29:$X$30,2,FALSE),0)),4),\"\")","v":0.25}]
["S",0,7,6,0,0,2,{"$f":"IF(OR($A560=\"S\",$A560=0),0,MATCH(0,OFFSET($B560,1,$A560,ROW($A$1504)-ROW($A560)),0))","v":0},{"$f":"IF(OR($A560=\"S\",$A560=0),0,MATCH(OFFSET($B560,0,$A560)+1,OFFSET($B560,1,$A560,ROW($A$1504)-ROW($A560)),0))","v":0},"Insumo","7.6.2.","CRESS","Rec. Humanos","002",{"$f":"IF(NOT(ISERROR($Y560)),IF($Y560<>FALSE,INDEX(Banco,$Y560,5),\"\"),\"\")","v":"Assistente Social"},"Horas",16,133.81,"DI 1",167.26,2676.16,null,{"$f":"IF(OR($A560=0,$A560=\"S\",$A560>CFF!$A$9),\"\",MAX(W$11:OFFSET(W560,-1,0))+1)","v":""},"Rec. Humanos-002",4,null,{"$f":"IF($J560=$G$2,ROUND(IF(ISNUMBER(S560),S560,IF(LEFT(S560,2)=\"DI\",HLOOKUP(S560,DADOS!$T$29:$X$30,2,FALSE),0)),4),\"\")","v":0.25}]
[{"$f":"CHOOSE(1+LOG(1+2*(J561=$C$2)+4*(J561=$D$2)+8*(J561=$E$2)+16*(J561=$F$2)+32*(J561=$G$2),2),0,1,2,3,4,\"S\")","v":2},{"$f":"IF(OR(A561=\"S\",A561=0),0,IF(ISERROR(I561),H561,SMALL(H561:I561,1)))","v":19},{"$f":"IF($A561=1,OFFSET(C561,-1,0)+1,OFFSET(C561,-1,0))","v":7},{"$f":"IF($A561=1,0,IF($A561=2,OFFSET(D561,-1,0)+1,OFFSET(D561,-1,0)))","v":7},{"$f":"IF(AND($A561<=2,$A561<>0),0,IF($A561=3,OFFSET(E561,-1,0)+1,OFFSET(E561,-1,0)))","v":0},{"$f":"IF(AND($A561<=3,$A561<>0),0,IF($A561=4,OFFSET(F561,-1,0)+1,OFFSET(F561,-1,0)))","v":0},{"$f":"IF(AND($A561<=4,$A561<>0),0,IF($A561=\"S\",OFFSET(G561,-1,0)+1,OFFSET(G561,-1,0)))","v":0},{"$f":"IF(OR($A561=\"S\",$A561=0),0,MATCH(0,OFFSET($B561,1,$A561,ROW($A$1504)-ROW($A561)),0))","v":80},{"$f":"IF(OR($A561=\"S\",$A561=0),0,MATCH(OFFSET($B561,0,$A561)+1,OFFSET($B561,1,$A561,ROW($A$1504)-ROW($A561)),0))","v":19},"AtivNível 1",{"$f":"IF($A561=0,\"-\",CONCATENATE(C561&\".\",IF(AND($A$5>=2,$A561>=2),D561&\".\",\"\"),IF(AND($A$5>=3,$A561>=3),E561&\".\",\"\"),IF(AND($A$5>=4,$A561>=4),F561&\".\",\"\"),IF($A561=\"S\",G561&\".\",\"\")))","v":"7.7."},{"$f":"IF(NOT(ISERROR($Y561)),IF($Y561<>FALSE,INDEX(Banco,$Y561,4),\"\"),\"\")","v":""},null,null,"Atividade 41 - Palestra: Organização e mobilização da comunidade e o desenvolvimento territorial Bairro Frutal de Minas e Jardim Paula II",{"$f":"IF(NOT(ISERROR($Y561)),IF($Y561<>FALSE,INDEX(Banco,$Y561,6),\"\"),\"\")","v":""},null,{"$f":"IF(NOT(ISERROR($Y561)),IF($Y561<>FALSE,INDEX(Banco,$Y561,7),0),0)","v":0},"DI 1",{"$f":"IF($J561=$G$2,ROUND(ROUND($R561,2)*IF($R$9=\"Preço Unitário (R$)\",1,1+$AA561),2),0)","v":0},{"$f":"IF($A561=\"S\",VTOTAL1,IF($A561=0,0,ROUND(SomaAgrup,2)))","v":7028.14},null,{"$f":"IF(OR($A561=0,$A561=\"S\",$A561>CFF!$A$9),\"\",MAX(W$11:OFFSET(W561,-1,0))+1)","v":48},{"$f":"IF(AND($J561=$G$2,$N561<>\"\",$M561<>\"\"),CONCATENATE($M561,\"-\",$N561))","v":false},{"$f":"IF(X561<>FALSE,MATCH(X561,OFFSET(Banco,0,0,,1),0))","v":false},null,{"$f":"IF($J561=$G$2,ROUND(IF(ISNUMBER(S561),S561,IF(LEFT(S561,2)=\"DI\",HLOOKUP(S561,DADOS!$T$29:$X$30,2,FALSE),0)),4),\"\")","v":""}]
[{"$f":"CHOOSE(1+LOG(1+2*(J562=$C$2)+4*(J562=$D$2)+8*(J562=$E$2)+16*(J562=$F$2)+32*(J562=$G$2),2),0,1,2,3,4,\"S\")","v":"S"},{"$f":"IF(OR(A562=\"S\",A562=0),0,IF(ISERROR(I562),H562,SMALL(H562:I562,1)))","v":0},{"$f":"IF($A562=1,OFFSET(C562,-1,0)+1,OFFSET(C562,-1,0))","v":7},{"$f":"IF($A562=1,0,IF($A562=2,OFFSET(D562,-1,0)+1,OFFSET(D562,-1,0)))","v":7},{"$f":"IF(AND($A562<=2,$A562<>0),0,IF($A562=3,OFFSET(E562,-1,0)+1,OFFSET(E562,-1,0)))","v":0},{"$f":"IF(AND($A562<=3,$A562<>0),0,IF($A562=4,OFFSET(F562,-1,0)+1,OFFSET(F562,-1,0)))","v":0},{"$f":"IF(AND($A562<=4,$A562<>0),0,IF($A562=\"S\",OFFSET(G562,-1,0)+1,OFFSET(G562,-1,0)))","v":1},{"$f":"IF(OR($A562=\"S\",$A562=0),0,MATCH(0,OFFSET($B562,1,$A562,ROW($A$1504)-ROW($A562)),0))","v":0},{"$f":"IF(OR($A562=\"S\",$A562=0),0,MATCH(OFFSET($B562,0,$A562)+1,OFFSET($B562,1,$A562,ROW($A$1504)-ROW($A562)),0))","v":0},"Insumo",{"$f":"IF($A562=0,\"-\",CONCATENATE(C562&\".\",IF(AND($A$5>=2,$A562>=2),D562&\".\",\"\"),IF(AND($A$5>=3,$A562>=3),E562&\".\",\"\"),IF(AND($A$5>=4,$A562>=4),F562&\".\",\"\"),IF($A562=\"S\",G562&\".\",\"\")))","v":"7.7.1."},{"$f":"IF(NOT(ISERROR($Y562)),IF($Y562<>FALSE,INDEX(Banco,$Y562,4),\"\"),\"\")","v":"CRESS"},"Rec. Humanos","001",{"$f":"IF(NOT(ISERROR($Y562)),IF($Y562<>FALSE,INDEX(Banco,$Y562,5),\"\"),\"\")","v":"Responsável Técnica"},{"$f":"IF(NOT(ISERROR($Y562)),IF($Y562<>FALSE,INDEX(Banco,$Y562,6),\"\"),\"\")","v":"Horas"},6,{"$f":"IF(NOT(ISERROR($Y562)),IF($Y562<>FALSE,INDEX(Banco,$Y562,7),0),0)","v":150.28},"DI 1",{"$f":"IF($J562=$G$2,ROUND(ROUND($R562,2)*IF($R$9=\"Preço Unitário (R$)\",1,1+$AA562),2),0)","v":187.85},{"$f":"IF($A562=\"S\",VTOTAL1,IF($A562=0,0,ROUND(SomaAgrup,2)))","v":1127.0999999999999},null,{"$f":"IF(OR($A562=0,$A562=\"S\",$A562>CFF!$A$9),\"\",MAX(W$11:OFFSET(W562,-1,0))+1)","v":""},{"$f":"IF(AND($J562=$G$2,$N562<>\"\",$M562<>\"\"),CONCATENATE($M562,\"-\",$N562))","v":"Rec. Humanos-001"},{"$f":"IF(X562<>FALSE,MATCH(X562,OFFSET(Banco,0,0,,1),0))","v":3},null,{"$f":"IF($J562=$G$2,ROUND(IF(ISNUMBER(S562),S562,IF(LEFT(S562,2)=\"DI\",HLOOKUP(S562,DADOS!$T$29:$X$30,2,FALSE),0)),4),\"\")","v":0.25}]
["S",0,7,7,0,0,2,{"$f":"IF(OR($A563=\"S\",$A563=0),0,MATCH(0,OFFSET($B563,1,$A563,ROW($A$1504)-ROW($A563)),0))","v":0},{"$f":"IF(OR($A563=\"S\",$A563=0),0,MATCH(OFFSET($B563,0,$A563)+1,OFFSET($B563,1,$A563,ROW($A$1504)-ROW($A563)),0))","v":0},"Insumo","7.7.2.","CRESS","Rec. Humanos","002",{"$f":"IF(NOT(ISERROR($Y563)),IF($Y563<>FALSE,INDEX(Banco,$Y563,5),\"\"),\"\")","v":"Assistente Social"},"Horas",4,133.81,"DI 1",167.26,669.04,null,{"$f":"IF(OR($A563=0,$A563=\"S\",$A563>CFF!$A$9),\"\",MAX(W$11:OFFSET(W563,-1,0))+1)","v":""},"Rec. Humanos-002",4,null,{"$f":"IF($J563=$G$2,ROUND(IF(ISNUMBER(S563),S563,IF(LEFT(S563,2)=\"DI\",HLOOKUP(S563,DADOS!$T$29:$X$30,2,FALSE),0)),4),\"\")","v":0.25}]
["S",0,7,7,0,0,3,{"$f":"IF(OR($A564=\"S\",$A564=0),0,MATCH(0,OFFSET($B564,1,$A564,ROW($A$1504)-ROW($A564)),0))","v":0},{"$f":"IF(OR($A564=\"S\",$A564=0),0,MATCH(OFFSET($B564,0,$A564)+1,OFFSET($B564,1,$A564,ROW($A$1504)-ROW($A564)),0))","v":0},"Insumo","7.7.3.","Cotação","Rec. Humanos","003","Administrador (Técnico de Apoio) ","Horas",4,103.65,"DI 1",129.56,518.24,null,{"$f":"IF(OR($A564=0,$A564=\"S\",$A564>CFF!$A$9),\"\",MAX(W$11:OFFSET(W564,-1,0))+1)","v":""},"Rec. Humanos-003",5,null,{"$f":"IF($J564=$G$2,ROUND(IF(ISNUMBER(S564),S564,IF(LEFT(S564,2)=\"DI\",HLOOKUP(S564,DADOS!$T$29:$X$30,2,FALSE),0)),4),\"\")","v":0.25}]
["S",0,7,7,0,0,4,{"$f":"IF(OR($A565=\"S\",$A565=0),0,MATCH(0,OFFSET($B565,1,$A565,ROW($A$1504)-ROW($A565)),0))","v":0},{"$f":"IF(OR($A565=\"S\",$A565=0),0,MATCH(OFFSET($B565,0,$A565)+1,OFFSET($B565,1,$A565,ROW($A$1504)-ROW($A565)),0))","v":0},"Insumo","7.7.4.","SINE","Rec. Humanos","004","Estagiários","Horas",10,9.7899999999999991,"DI 1",12.24,122.4,null,{"$f":"IF(OR($A565=0,$A565=\"S\",$A565>CFF!$A$9),\"\",MAX(W$11:OFFSET(W565,-1,0))+1)","v":""},"Rec. Humanos-004",6,null,{"$f":"IF($J565=$G$2,ROUND(IF(ISNUMBER(S565),S565,IF(LEFT(S565,2)=\"DI\",HLOOKUP(S565,DADOS!$T$29:$X$30,2,FALSE),0)),4),\"\")","v":0.25}]
["S",0,7,7,0,0,5,{"$f":"IF(OR($A566=\"S\",$A566=0),0,MATCH(0,OFFSET($B566,1,$A566,ROW($A$1504)-ROW($A566)),0))","v":0},{"$f":"IF(OR($A566=\"S\",$A566=0),0,MATCH(OFFSET($B566,0,$A566)+1,OFFSET($B566,1,$A566,ROW($A$1504)-ROW($A566)),0))","v":0},"Insumo","7.7.5.","Cotação","Serv. Terc.","001","Fotocópias","Unidade",125,0.3,"DI 1",0.38,47.5,null,{"$f":"IF(OR($A566=0,$A566=\"S\",$A566>CFF!$A$9),\"\",MAX(W$11:OFFSET(W566,-1,0))+1)","v":""},"Serv. Terc.-001",81,null,{"$f":"IF($J566=$G$2,ROUND(IF(ISNUMBER(S566),S566,IF(LEFT(S566,2)=\"DI\",HLOOKUP(S566,DADOS!$T$29:$X$30,2,FALSE),0)),4),\"\")","v":0.25}]
["S",0,{"$f":"IF($A567=1,OFFSET(C567,-1,0)+1,OFFSET(C567,-1,0))","v":7},{"$f":"IF($A567=1,0,IF($A567=2,OFFSET(D567,-1,0)+1,OFFSET(D567,-1,0)))","v":7},{"$f":"IF(AND($A567<=2,$A567<>0),0,IF($A567=3,OFFSET(E567,-1,0)+1,OFFSET(E567,-1,0)))","v":0},{"$f":"IF(AND($A567<=3,$A567<>0),0,IF($A567=4,OFFSET(F567,-1,0)+1,OFFSET(F567,-1,0)))","v":0},{"$f":"IF(AND($A567<=4,$A567<>0),0,IF($A567=\"S\",OFFSET(G567,-1,0)+1,OFFSET(G567,-1,0)))","v":6},{"$f":"IF(OR($A567=\"S\",$A567=0),0,MATCH(0,OFFSET($B567,1,$A567,ROW($A$1504)-ROW($A567)),0))","v":0},{"$f":"IF(OR($A567=\"S\",$A567=0),0,MATCH(OFFSET($B567,0,$A567)+1,OFFSET($B567,1,$A567,ROW($A$1504)-ROW($A567)),0))","v":0},"Insumo","7.7.6.",{"$f":"IF(NOT(ISERROR($Y567)),IF($Y567<>FALSE,INDEX(Banco,$Y567,4),\"\"),\"\")","v":"Cotação"},"Serv. Terc.","017",{"$f":"IF(NOT(ISERROR($Y567)),IF($Y567<>FALSE,INDEX(Banco,$Y567,5),\"\"),\"\")","v":"Instrutor/Monitor (Educação Fisíca)"},{"$f":"IF(NOT(ISERROR($Y567)),IF($Y567<>FALSE,INDEX(Banco,$Y567,6),\"\"),\"\")","v":"Horas"},3,{"$f":"IF(NOT(ISERROR($Y567)),IF($Y567<>FALSE,INDEX(Banco,$Y567,7),0),0)","v":100},"DI 1",{"$f":"IF($J567=$G$2,ROUND(ROUND($R567,2)*IF($R$9=\"Preço Unitário (R$)\",1,1+$AA567),2),0)","v":125},{"$f":"IF($A567=\"S\",VTOTAL1,IF($A567=0,0,ROUND(SomaAgrup,2)))","v":375},null,{"$f":"IF(OR($A567=0,$A567=\"S\",$A567>CFF!$A$9),\"\",MAX(W$11:OFFSET(W567,-1,0))+1)","v":""},{"$f":"IF(AND($J567=$G$2,$N567<>\"\",$M567<>\"\"),CONCATENATE($M567,\"-\",$N567))","v":"Serv. Terc.-017"},97,null,{"$f":"IF($J567=$G$2,ROUND(IF(ISNUMBER(S567),S567,IF(LEFT(S567,2)=\"DI\",HLOOKUP(S567,DADOS!$T$29:$X$30,2,FALSE),0)),4),\"\")","v":0.25}]
["S",0,7,7,0,0,7,{"$f":"IF(OR($A568=\"S\",$A568=0),0,MATCH(0,OFFSET($B568,1,$A568,ROW($A$1504)-ROW($A568)),0))","v":0},{"$f":"IF(OR($A568=\"S\",$A568=0),0,MATCH(OFFSET($B568,0,$A568)+1,OFFSET($B568,1,$A568,ROW($A$1504)-ROW($A568)),0))","v":0},"Insumo","7.7.7.","Cotação","Serv. Terc.","002","Carro de som com gravação de vinheta","Horas",3,200,"DI 1",250,750,null,{"$f":"IF(OR($A568=0,$A568=\"S\",$A568>CFF!$A$9),\"\",MAX(W$11:OFFSET(W568,-1,0))+1)","v":""},"Serv. Terc.-002",82,null,{"$f":"IF($J568=$G$2,ROUND(IF(ISNUMBER(S568),S568,IF(LEFT(S568,2)=\"DI\",HLOOKUP(S568,DADOS!$T$29:$X$30,2,FALSE),0)),4),\"\")","v":0.25}]
["S",0,7,7,0,0,8,{"$f":"IF(OR($A569=\"S\",$A569=0),0,MATCH(0,OFFSET($B569,1,$A569,ROW($A$1504)-ROW($A569)),0))","v":0},{"$f":"IF(OR($A569=\"S\",$A569=0),0,MATCH(OFFSET($B569,0,$A569)+1,OFFSET($B569,1,$A569,ROW($A$1504)-ROW($A569)),0))","v":0},"Insumo","7.7.8.","Cotação","Serv. Terc.","005","Locação de caixa térmica","Unidade",2,40,"DI 1",50,100,null,{"$f":"IF(OR($A569=0,$A569=\"S\",$A569>CFF!$A$9),\"\",MAX(W$11:OFFSET(W569,-1,0))+1)","v":""},"Serv. Terc.-005",85,null,{"$f":"IF($J569=$G$2,ROUND(IF(ISNUMBER(S569),S569,IF(LEFT(S569,2)=\"DI\",HLOOKUP(S569,DADOS!$T$29:$X$30,2,FALSE),0)),4),\"\")","v":0.25}]
["S",0,7,7,0,0,9,{"$f":"IF(OR($A570=\"S\",$A570=0),0,MATCH(0,OFFSET($B570,1,$A570,ROW($A$1504)-ROW($A570)),0))","v":0},{"$f":"IF(OR($A570=\"S\",$A570=0),0,MATCH(OFFSET($B570,0,$A570)+1,OFFSET($B570,1,$A570,ROW($A$1504)-ROW($A570)),0))","v":0},"Insumo","7.7.9.","Cotação","Serv. Terc.","008","Locação de pula-pula com monitor","Unidade",2,220,"DI 1",275,550,null,{"$f":"IF(OR($A570=0,$A570=\"S\",$A570>CFF!$A$9),\"\",MAX(W$11:OFFSET(W570,-1,0))+1)","v":""},"Serv. Terc.-008",88,null,{"$f":"IF($J570=$G$2,ROUND(IF(ISNUMBER(S570),S570,IF(LEFT(S570,2)=\"DI\",HLOOKUP(S570,DADOS!$T$29:$X$30,2,FALSE),0)),4),\"\")","v":0.25}]
["S",0,7,7,0,0,10,{"$f":"IF(OR($A571=\"S\",$A571=0),0,MATCH(0,OFFSET($B571,1,$A571,ROW($A$1504)-ROW($A571)),0))","v":0},{"$f":"IF(OR($A571=\"S\",$A571=0),0,MATCH(OFFSET($B571,0,$A571)+1,OFFSET($B571,1,$A571,ROW($A$1504)-ROW($A571)),0))","v":0},"Insumo","7.7.10.","Cotação ","Serv. Terc.","011","Barra de gelo","Unidade",4,12,"DI 1",15,60,null,{"$f":"IF(OR($A571=0,$A571=\"S\",$A571>CFF!$A$9),\"\",MAX(W$11:OFFSET(W571,-1,0))+1)","v":""},"Serv. Terc.-011",91,null,{"$f":"IF($J571=$G$2,ROUND(IF(ISNUMBER(S571),S571,IF(LEFT(S571,2)=\"DI\",HLOOKUP(S571,DADOS!$T$29:$X$30,2,FALSE),0)),4),\"\")","v":0.25}]
["S",0,7,7,0,0,11,{"$f":"IF(OR($A572=\"S\",$A572=0),0,MATCH(0,OFFSET($B572,1,$A572,ROW($A$1504)-ROW($A572)),0))","v":0},{"$f":"IF(OR($A572=\"S\",$A572=0),0,MATCH(OFFSET($B572,0,$A572)+1,OFFSET($B572,1,$A572,ROW($A$1504)-ROW($A572)),0))","v":0},"Insumo","7.7.11.","Cotação","Serv. Terc.","013","Sucos","Unidade",12,6.4,"DI 1",8,96,null,{"$f":"IF(OR($A572=0,$A572=\"S\",$A572>CFF!$A$9),\"\",MAX(W$11:OFFSET(W572,-1,0))+1)","v":""},"Serv. Terc.-013",93,null,{"$f":"IF($J572=$G$2,ROUND(IF(ISNUMBER(S572),S572,IF(LEFT(S572,2)=\"DI\",HLOOKUP(S572,DADOS!$T$29:$X$30,2,FALSE),0)),4),\"\")","v":0.25}]
[{"$f":"CHOOSE(1+LOG(1+2*(J573=$C$2)+4*(J573=$D$2)+8*(J573=$E$2)+16*(J573=$F$2)+32*(J573=$G$2),2),0,1,2,3,4,\"S\")","v":"S"},{"$f":"IF(OR(A573=\"S\",A573=0),0,IF(ISERROR(I573),H573,SMALL(H573:I573,1)))","v":0},{"$f":"IF($A573=1,OFFSET(C573,-1,0)+1,OFFSET(C573,-1,0))","v":7},{"$f":"IF($A573=1,0,IF($A573=2,OFFSET(D573,-1,0)+1,OFFSET(D573,-1,0)))","v":7},{"$f":"IF(AND($A573<=2,$A573<>0),0,IF($A573=3,OFFSET(E573,-1,0)+1,OFFSET(E573,-1,0)))","v":0},{"$f":"IF(AND($A573<=3,$A573<>0),0,IF($A573=4,OFFSET(F573,-1,0)+1,OFFSET(F573,-1,0)))","v":0},{"$f":"IF(AND($A573<=4,$A573<>0),0,IF($A573=\"S\",OFFSET(G573,-1,0)+1,OFFSET(G573,-1,0)))","v":12},{"$f":"IF(OR($A573=\"S\",$A573=0),0,MATCH(0,OFFSET($B573,1,$A573,ROW($A$1504)-ROW($A573)),0))","v":0},{"$f":"IF(OR($A573=\"S\",$A573=0),0,MATCH(OFFSET($B573,0,$A573)+1,OFFSET($B573,1,$A573,ROW($A$1504)-ROW($A573)),0))","v":0},"Insumo",{"$f":"IF($A573=0,\"-\",CONCATENATE(C573&\".\",IF(AND($A$5>=2,$A573>=2),D573&\".\",\"\"),IF(AND($A$5>=3,$A573>=3),E573&\".\",\"\"),IF(AND($A$5>=4,$A573>=4),F573&\".\",\"\"),IF($A573=\"S\",G573&\".\",\"\")))","v":"7.7.12."},{"$f":"IF(NOT(ISERROR($Y573)),IF($Y573<>FALSE,INDEX(Banco,$Y573,4),\"\"),\"\")","v":"Cotação"},"Serv. Terc.","027",{"$f":"IF(NOT(ISERROR($Y573)),IF($Y573<>FALSE,INDEX(Banco,$Y573,5),\"\"),\"\")","v":"Refrigerantes (02 litros) "},{"$f":"IF(NOT(ISERROR($Y573)),IF($Y573<>FALSE,INDEX(Banco,$Y573,6),\"\"),\"\")","v":"Unidade"},20,{"$f":"IF(NOT(ISERROR($Y573)),IF($Y573<>FALSE,INDEX(Banco,$Y573,7),0),0)","v":6},"DI 1",{"$f":"IF($J573=$G$2,ROUND(ROUND($R573,2)*IF($R$9=\"Preço Unitário (R$)\",1,1+$AA573),2),0)","v":7.5},{"$f":"IF($A573=\"S\",VTOTAL1,IF($A573=0,0,ROUND(SomaAgrup,2)))","v":150},null,{"$f":"IF(OR($A573=0,$A573=\"S\",$A573>CFF!$A$9),\"\",MAX(W$11:OFFSET(W573,-1,0))+1)","v":""},{"$f":"IF(AND($J573=$G$2,$N573<>\"\",$M573<>\"\"),CONCATENATE($M573,\"-\",$N573))","v":"Serv. Terc.-027"},{"$f":"IF(X573<>FALSE,MATCH(X573,OFFSET(Banco,0,0,,1),0))","v":107},null,{"$f":"IF($J573=$G$2,ROUND(IF(ISNUMBER(S573),S573,IF(LEFT(S573,2)=\"DI\",HLOOKUP(S573,DADOS!$T$29:$X$30,2,FALSE),0)),4),\"\")","v":0.25}]
["S",0,{"$f":"IF($A574=1,OFFSET(C574,-1,0)+1,OFFSET(C574,-1,0))","v":7},{"$f":"IF($A574=1,0,IF($A574=2,OFFSET(D574,-1,0)+1,OFFSET(D574,-1,0)))","v":7},{"$f":"IF(AND($A574<=2,$A574<>0),0,IF($A574=3,OFFSET(E574,-1,0)+1,OFFSET(E574,-1,0)))","v":0},{"$f":"IF(AND($A574<=3,$A574<>0),0,IF($A574=4,OFFSET(F574,-1,0)+1,OFFSET(F574,-1,0)))","v":0},{"$f":"IF(AND($A574<=4,$A574<>0),0,IF($A574=\"S\",OFFSET(G574,-1,0)+1,OFFSET(G574,-1,0)))","v":13},{"$f":"IF(OR($A574=\"S\",$A574=0),0,MATCH(0,OFFSET($B574,1,$A574,ROW($A$1504)-ROW($A574)),0))","v":0},{"$f":"IF(OR($A574=\"S\",$A574=0),0,MATCH(OFFSET($B574,0,$A574)+1,OFFSET($B574,1,$A574,ROW($A$1504)-ROW($A574)),0))","v":0},"Insumo","7.7.13.",{"$f":"IF(NOT(ISERROR($Y574)),IF($Y574<>FALSE,INDEX(Banco,$Y574,4),\"\"),\"\")","v":"Cotação "},"Serv. Terc.","010",{"$f":"IF(NOT(ISERROR($Y574)),IF($Y574<>FALSE,INDEX(Banco,$Y574,5),\"\"),\"\")","v":"Brindes ( descrição nos orçamentos e PTS)"},{"$f":"IF(NOT(ISERROR($Y574)),IF($Y574<>FALSE,INDEX(Banco,$Y574,6),\"\"),\"\")","v":"Unidade"},4,{"$f":"IF(NOT(ISERROR($Y574)),IF($Y574<>FALSE,INDEX(Banco,$Y574,7),0),0)","v":120},"DI 1",{"$f":"IF($J574=$G$2,ROUND(ROUND($R574,2)*IF($R$9=\"Preço Unitário (R$)\",1,1+$AA574),2),0)","v":150},{"$f":"IF($A574=\"S\",VTOTAL1,IF($A574=0,0,ROUND(SomaAgrup,2)))","v":600},null,{"$f":"IF(OR($A574=0,$A574=\"S\",$A574>CFF!$A$9),\"\",MAX(W$11:OFFSET(W574,-1,0))+1)","v":""},{"$f":"IF(AND($J574=$G$2,$N574<>\"\",$M574<>\"\"),CONCATENATE($M574,\"-\",$N574))","v":"Serv. Terc.-010"},90,null,{"$f":"IF($J574=$G$2,ROUND(IF(ISNUMBER(S574),S574,IF(LEFT(S574,2)=\"DI\",HLOOKUP(S574,DADOS!$T$29:$X$30,2,FALSE),0)),4),\"\")","v":0.25}]
["S",0,7,7,0,0,14,{"$f":"IF(OR($A575=\"S\",$A575=0),0,MATCH(0,OFFSET($B575,1,$A575,ROW($A$1504)-ROW($A575)),0))","v":0},{"$f":"IF(OR($A575=\"S\",$A575=0),0,MATCH(OFFSET($B575,0,$A575)+1,OFFSET($B575,1,$A575,ROW($A$1504)-ROW($A575)),0))","v":0},"Insumo","7.7.14.","Cotação","Serv. Terc.","015","Coffee break (salgados)","Centro",15,65,"DI 1",81.25,1218.75,null,{"$f":"IF(OR($A575=0,$A575=\"S\",$A575>CFF!$A$9),\"\",MAX(W$11:OFFSET(W575,-1,0))+1)","v":""},"Serv. Terc.-015",95,null,{"$f":"IF($J575=$G$2,ROUND(IF(ISNUMBER(S575),S575,IF(LEFT(S575,2)=\"DI\",HLOOKUP(S575,DADOS!$T$29:$X$30,2,FALSE),0)),4),\"\")","v":0.25}]
["S",0,7,7,0,0,15,{"$f":"IF(OR($A576=\"S\",$A576=0),0,MATCH(0,OFFSET($B576,1,$A576,ROW($A$1504)-ROW($A576)),0))","v":0},{"$f":"IF(OR($A576=\"S\",$A576=0),0,MATCH(OFFSET($B576,0,$A576)+1,OFFSET($B576,1,$A576,ROW($A$1504)-ROW($A576)),0))","v":0},"Insumo","7.7.15.","Cotação","Rec. Materiais","020","Guloseimas (balas e pirulito)","Pacote",4,12,"DI 1",15,60,null,{"$f":"IF(OR($A576=0,$A576=\"S\",$A576>CFF!$A$9),\"\",MAX(W$11:OFFSET(W576,-1,0))+1)","v":""},"Rec. Materiais-020",29,null,{"$f":"IF($J576=$G$2,ROUND(IF(ISNUMBER(S576),S576,IF(LEFT(S576,2)=\"DI\",HLOOKUP(S576,DADOS!$T$29:$X$30,2,FALSE),0)),4),\"\")","v":0.25}]
["S",0,{"$f":"IF($A577=1,OFFSET(C577,-1,0)+1,OFFSET(C577,-1,0))","v":7},{"$f":"IF($A577=1,0,IF($A577=2,OFFSET(D577,-1,0)+1,OFFSET(D577,-1,0)))","v":7},{"$f":"IF(AND($A577<=2,$A577<>0),0,IF($A577=3,OFFSET(E577,-1,0)+1,OFFSET(E577,-1,0)))","v":0},{"$f":"IF(AND($A577<=3,$A577<>0),0,IF($A577=4,OFFSET(F577,-1,0)+1,OFFSET(F577,-1,0)))","v":0},{"$f":"IF(AND($A577<=4,$A577<>0),0,IF($A577=\"S\",OFFSET(G577,-1,0)+1,OFFSET(G577,-1,0)))","v":16},{"$f":"IF(OR($A577=\"S\",$A577=0),0,MATCH(0,OFFSET($B577,1,$A577,ROW($A$1504)-ROW($A577)),0))","v":0},{"$f":"IF(OR($A577=\"S\",$A577=0),0,MATCH(OFFSET($B577,0,$A577)+1,OFFSET($B577,1,$A577,ROW($A$1504)-ROW($A577)),0))","v":0},"Insumo","7.7.16.",{"$f":"IF(NOT(ISERROR($Y577)),IF($Y577<>FALSE,INDEX(Banco,$Y577,4),\"\"),\"\")","v":"CRESS"},"Serv. Terc.","065",{"$f":"IF(NOT(ISERROR($Y577)),IF($Y577<>FALSE,INDEX(Banco,$Y577,5),\"\"),\"\")","v":"Assistente Social com especialização em politicas sociais"},{"$f":"IF(NOT(ISERROR($Y577)),IF($Y577<>FALSE,INDEX(Banco,$Y577,6),\"\"),\"\")","v":"Horas"},3,{"$f":"IF(NOT(ISERROR($Y577)),IF($Y577<>FALSE,INDEX(Banco,$Y577,7),0),0)","v":141.75},"DI 1",{"$f":"IF($J577=$G$2,ROUND(ROUND($R577,2)*IF($R$9=\"Preço Unitário (R$)\",1,1+$AA577),2),0)","v":177.19},{"$f":"IF($A577=\"S\",VTOTAL1,IF($A577=0,0,ROUND(SomaAgrup,2)))","v":531.57000000000005},null,{"$f":"IF(OR($A577=0,$A577=\"S\",$A577>CFF!$A$9),\"\",MAX(W$11:OFFSET(W577,-1,0))+1)","v":""},{"$f":"IF(AND($J577=$G$2,$N577<>\"\",$M577<>\"\"),CONCATENATE($M577,\"-\",$N577))","v":"Serv. Terc.-065"},145,null,{"$f":"IF($J577=$G$2,ROUND(IF(ISNUMBER(S577),S577,IF(LEFT(S577,2)=\"DI\",HLOOKUP(S577,DADOS!$T$29:$X$30,2,FALSE),0)),4),\"\")","v":0.25}]
["S",0,7,7,0,0,17,{"$f":"IF(OR($A578=\"S\",$A578=0),0,MATCH(0,OFFSET($B578,1,$A578,ROW($A$1504)-ROW($A578)),0))","v":0},{"$f":"IF(OR($A578=\"S\",$A578=0),0,MATCH(OFFSET($B578,0,$A578)+1,OFFSET($B578,1,$A578,ROW($A$1504)-ROW($A578)),0))","v":0},"Insumo","7.7.17.","Cotação","Rec. Materiais","021",{"$f":"IF(NOT(ISERROR($Y578)),IF($Y578<>FALSE,INDEX(Banco,$Y578,5),\"\"),\"\")","v":"Papel de presente"},"Folhas",8,1.5,"DI 1",1.88,15.04,null,{"$f":"IF(OR($A578=0,$A578=\"S\",$A578>CFF!$A$9),\"\",MAX(W$11:OFFSET(W578,-1,0))+1)","v":""},"Rec. Materiais-021",30,null,{"$f":"IF($J578=$G$2,ROUND(IF(ISNUMBER(S578),S578,IF(LEFT(S578,2)=\"DI\",HLOOKUP(S578,DADOS!$T$29:$X$30,2,FALSE),0)),4),\"\")","v":0.25}]
[{"$f":"CHOOSE(1+LOG(1+2*(J579=$C$2)+4*(J579=$D$2)+8*(J579=$E$2)+16*(J579=$F$2)+32*(J579=$G$2),2),0,1,2,3,4,\"S\")","v":"S"},{"$f":"IF(OR(A579=\"S\",A579=0),0,IF(ISERROR(I579),H579,SMALL(H579:I579,1)))","v":0},7,7,0,0,18,{"$f":"IF(OR($A579=\"S\",$A579=0),0,MATCH(0,OFFSET($B579,1,$A579,ROW($A$1504)-ROW($A579)),0))","v":0},{"$f":"IF(OR($A579=\"S\",$A579=0),0,MATCH(OFFSET($B579,0,$A579)+1,OFFSET($B579,1,$A579,ROW($A$1504)-ROW($A579)),0))","v":0},"Insumo",{"$f":"IF($A579=0,\"-\",CONCATENATE(C579&\".\",IF(AND($A$5>=2,$A579>=2),D579&\".\",\"\"),IF(AND($A$5>=3,$A579>=3),E579&\".\",\"\"),IF(AND($A$5>=4,$A579>=4),F579&\".\",\"\"),IF($A579=\"S\",G579&\".\",\"\")))","v":"7.7.18."},"Cotação","Rec. Materiais","026",{"$f":"IF(NOT(ISERROR($Y579)),IF($Y579<>FALSE,INDEX(Banco,$Y579,5),\"\"),\"\")","v":"Saco de lixo (100 litros)"},"Pacote",2,15,"DI 1",18.75,37.5,null,{"$f":"IF(OR($A579=0,$A579=\"S\",$A579>CFF!$A$9),\"\",MAX(W$11:OFFSET(W579,-1,0))+1)","v":""},"Rec. Materiais-026",{"$f":"IF(X579<>FALSE,MATCH(X579,OFFSET(Banco,0,0,,1),0))","v":35},null,{"$f":"IF($J579=$G$2,ROUND(IF(ISNUMBER(S579),S579,IF(LEFT(S579,2)=\"DI\",HLOOKUP(S579,DADOS!$T$29:$X$30,2,FALSE),0)),4),\"\")","v":0.25}]
[{"$f":"CHOOSE(1+LOG(1+2*(J580=$C$2)+4*(J580=$D$2)+8*(J580=$E$2)+16*(J580=$F$2)+32*(J580=$G$2),2),0,1,2,3,4,\"S\")","v":2},{"$f":"IF(OR(A580=\"S\",A580=0),0,IF(ISERROR(I580),H580,SMALL(H580:I580,1)))","v":23},{"$f":"IF($A580=1,OFFSET(C580,-1,0)+1,OFFSET(C580,-1,0))","v":7},{"$f":"IF($A580=1,0,IF($A580=2,OFFSET(D580,-1,0)+1,OFFSET(D580,-1,0)))","v":8},{"$f":"IF(AND($A580<=2,$A580<>0),0,IF($A580=3,OFFSET(E580,-1,0)+1,OFFSET(E580,-1,0)))","v":0},{"$f":"IF(AND($A580<=3,$A580<>0),0,IF($A580=4,OFFSET(F580,-1,0)+1,OFFSET(F580,-1,0)))","v":0},{"$f":"IF(AND($A580<=4,$A580<>0),0,IF($A580=\"S\",OFFSET(G580,-1,0)+1,OFFSET(G580,-1,0)))","v":0},{"$f":"IF(OR($A580=\"S\",$A580=0),0,MATCH(0,OFFSET($B580,1,$A580,ROW($A$1504)-ROW($A580)),0))","v":61},{"$f":"IF(OR($A580=\"S\",$A580=0),0,MATCH(OFFSET($B580,0,$A580)+1,OFFSET($B580,1,$A580,ROW($A$1504)-ROW($A580)),0))","v":23},"AtivNível 1",{"$f":"IF($A580=0,\"-\",CONCATENATE(C580&\".\",IF(AND($A$5>=2,$A580>=2),D580&\".\",\"\"),IF(AND($A$5>=3,$A580>=3),E580&\".\",\"\"),IF(AND($A$5>=4,$A580>=4),F580&\".\",\"\"),IF($A580=\"S\",G580&\".\",\"\")))","v":"7.8."},{"$f":"IF(NOT(ISERROR($Y580)),IF($Y580<>FALSE,INDEX(Banco,$Y580,4),\"\"),\"\")","v":""},null,null,"Atividade 42 - Palestra: Idoso, família, saúde e sociedade região Parque São João",{"$f":"IF(NOT(ISERROR($Y580)),IF($Y580<>FALSE,INDEX(Banco,$Y580,6),\"\"),\"\")","v":""},null,{"$f":"IF(NOT(ISERROR($Y580)),IF($Y580<>FALSE,INDEX(Banco,$Y580,7),0),0)","v":0},"DI 1",{"$f":"IF($J580=$G$2,ROUND(ROUND($R580,2)*IF($R$9=\"Preço Unitário (R$)\",1,1+$AA580),2),0)","v":0},{"$f":"IF($A580=\"S\",VTOTAL1,IF($A580=0,0,ROUND(SomaAgrup,2)))","v":10339.870000000001},null,{"$f":"IF(OR($A580=0,$A580=\"S\",$A580>CFF!$A$9),\"\",MAX(W$11:OFFSET(W580,-1,0))+1)","v":49},{"$f":"IF(AND($J580=$G$2,$N580<>\"\",$M580<>\"\"),CONCATENATE($M580,\"-\",$N580))","v":false},{"$f":"IF(X580<>FALSE,MATCH(X580,OFFSET(Banco,0,0,,1),0))","v":false},null,{"$f":"IF($J580=$G$2,ROUND(IF(ISNUMBER(S580),S580,IF(LEFT(S580,2)=\"DI\",HLOOKUP(S580,DADOS!$T$29:$X$30,2,FALSE),0)),4),\"\")","v":""}]
[{"$f":"CHOOSE(1+LOG(1+2*(J581=$C$2)+4*(J581=$D$2)+8*(J581=$E$2)+16*(J581=$F$2)+32*(J581=$G$2),2),0,1,2,3,4,\"S\")","v":"S"},{"$f":"IF(OR(A581=\"S\",A581=0),0,IF(ISERROR(I581),H581,SMALL(H581:I581,1)))","v":0},7,8,0,0,1,{"$f":"IF(OR($A581=\"S\",$A581=0),0,MATCH(0,OFFSET($B581,1,$A581,ROW($A$1504)-ROW($A581)),0))","v":0},{"$f":"IF(OR($A581=\"S\",$A581=0),0,MATCH(OFFSET($B581,0,$A581)+1,OFFSET($B581,1,$A581,ROW($A$1504)-ROW($A581)),0))","v":0},"Insumo",{"$f":"IF($A581=0,\"-\",CONCATENATE(C581&\".\",IF(AND($A$5>=2,$A581>=2),D581&\".\",\"\"),IF(AND($A$5>=3,$A581>=3),E581&\".\",\"\"),IF(AND($A$5>=4,$A581>=4),F581&\".\",\"\"),IF($A581=\"S\",G581&\".\",\"\")))","v":"7.8.1."},"CRESS","Rec. Humanos","001",{"$f":"IF(NOT(ISERROR($Y581)),IF($Y581<>FALSE,INDEX(Banco,$Y581,5),\"\"),\"\")","v":"Responsável Técnica"},"Horas",8,150.28,"DI 1",187.85,1502.8,null,{"$f":"IF(OR($A581=0,$A581=\"S\",$A581>CFF!$A$9),\"\",MAX(W$11:OFFSET(W581,-1,0))+1)","v":""},"Rec. Humanos-001",{"$f":"IF(X581<>FALSE,MATCH(X581,OFFSET(Banco,0,0,,1),0))","v":3},null,{"$f":"IF($J581=$G$2,ROUND(IF(ISNUMBER(S581),S581,IF(LEFT(S581,2)=\"DI\",HLOOKUP(S581,DADOS!$T$29:$X$30,2,FALSE),0)),4),\"\")","v":0.25}]
[{"$f":"CHOOSE(1+LOG(1+2*(J582=$C$2)+4*(J582=$D$2)+8*(J582=$E$2)+16*(J582=$F$2)+32*(J582=$G$2),2),0,1,2,3,4,\"S\")","v":"S"},{"$f":"IF(OR(A582=\"S\",A582=0),0,IF(ISERROR(I582),H582,SMALL(H582:I582,1)))","v":0},7,8,0,0,2,{"$f":"IF(OR($A582=\"S\",$A582=0),0,MATCH(0,OFFSET($B582,1,$A582,ROW($A$1504)-ROW($A582)),0))","v":0},{"$f":"IF(OR($A582=\"S\",$A582=0),0,MATCH(OFFSET($B582,0,$A582)+1,OFFSET($B582,1,$A582,ROW($A$1504)-ROW($A582)),0))","v":0},"Insumo",{"$f":"IF($A582=0,\"-\",CONCATENATE(C582&\".\",IF(AND($A$5>=2,$A582>=2),D582&\".\",\"\"),IF(AND($A$5>=3,$A582>=3),E582&\".\",\"\"),IF(AND($A$5>=4,$A582>=4),F582&\".\",\"\"),IF($A582=\"S\",G582&\".\",\"\")))","v":"7.8.2."},"CRESS","Rec. Humanos","002",{"$f":"IF(NOT(ISERROR($Y582)),IF($Y582<>FALSE,INDEX(Banco,$Y582,5),\"\"),\"\")","v":"Assistente Social"},"Horas",4,133.81,"DI 1",167.26,669.04,null,{"$f":"IF(OR($A582=0,$A582=\"S\",$A582>CFF!$A$9),\"\",MAX(W$11:OFFSET(W582,-1,0))+1)","v":""},"Rec. Humanos-002",{"$f":"IF(X582<>FALSE,MATCH(X582,OFFSET(Banco,0,0,,1),0))","v":4},null,{"$f":"IF($J582=$G$2,ROUND(IF(ISNUMBER(S582),S582,IF(LEFT(S582,2)=\"DI\",HLOOKUP(S582,DADOS!$T$29:$X$30,2,FALSE),0)),4),\"\")","v":0.25}]
[{"$f":"CHOOSE(1+LOG(1+2*(J583=$C$2)+4*(J583=$D$2)+8*(J583=$E$2)+16*(J583=$F$2)+32*(J583=$G$2),2),0,1,2,3,4,\"S\")","v":"S"},{"$f":"IF(OR(A583=\"S\",A583=0),0,IF(ISERROR(I583),H583,SMALL(H583:I583,1)))","v":0},7,8,0,0,3,{"$f":"IF(OR($A583=\"S\",$A583=0),0,MATCH(0,OFFSET($B583,1,$A583,ROW($A$1504)-ROW($A583)),0))","v":0},{"$f":"IF(OR($A583=\"S\",$A583=0),0,MATCH(OFFSET($B583,0,$A583)+1,OFFSET($B583,1,$A583,ROW($A$1504)-ROW($A583)),0))","v":0},"Insumo",{"$f":"IF($A583=0,\"-\",CONCATENATE(C583&\".\",IF(AND($A$5>=2,$A583>=2),D583&\".\",\"\"),IF(AND($A$5>=3,$A583>=3),E583&\".\",\"\"),IF(AND($A$5>=4,$A583>=4),F583&\".\",\"\"),IF($A583=\"S\",G583&\".\",\"\")))","v":"7.8.3."},"Cotação","Rec. Humanos","003",{"$f":"IF(NOT(ISERROR($Y583)),IF($Y583<>FALSE,INDEX(Banco,$Y583,5),\"\"),\"\")","v":"Administrador (Técnico de Apoio) "},"Horas",4,103.65,"DI 1",129.56,518.24,null,{"$f":"IF(OR($A583=0,$A583=\"S\",$A583>CFF!$A$9),\"\",MAX(W$11:OFFSET(W583,-1,0))+1)","v":""},"Rec. Humanos-003",{"$f":"IF(X583<>FALSE,MATCH(X583,OFFSET(Banco,0,0,,1),0))","v":5},null,{"$f":"IF($J583=$G$2,ROUND(IF(ISNUMBER(S583),S583,IF(LEFT(S583,2)=\"DI\",HLOOKUP(S583,DADOS!$T$29:$X$30,2,FALSE),0)),4),\"\")","v":0.25}]
[{"$f":"CHOOSE(1+LOG(1+2*(J584=$C$2)+4*(J584=$D$2)+8*(J584=$E$2)+16*(J584=$F$2)+32*(J584=$G$2),2),0,1,2,3,4,\"S\")","v":"S"},{"$f":"IF(OR(A584=\"S\",A584=0),0,IF(ISERROR(I584),H584,SMALL(H584:I584,1)))","v":0},{"$f":"IF($A584=1,OFFSET(C584,-1,0)+1,OFFSET(C584,-1,0))","v":7},{"$f":"IF($A584=1,0,IF($A584=2,OFFSET(D584,-1,0)+1,OFFSET(D584,-1,0)))","v":8},{"$f":"IF(AND($A584<=2,$A584<>0),0,IF($A584=3,OFFSET(E584,-1,0)+1,OFFSET(E584,-1,0)))","v":0},{"$f":"IF(AND($A584<=3,$A584<>0),0,IF($A584=4,OFFSET(F584,-1,0)+1,OFFSET(F584,-1,0)))","v":0},{"$f":"IF(AND($A584<=4,$A584<>0),0,IF($A584=\"S\",OFFSET(G584,-1,0)+1,OFFSET(G584,-1,0)))","v":4},{"$f":"IF(OR($A584=\"S\",$A584=0),0,MATCH(0,OFFSET($B584,1,$A584,ROW($A$1504)-ROW($A584)),0))","v":0},{"$f":"IF(OR($A584=\"S\",$A584=0),0,MATCH(OFFSET($B584,0,$A584)+1,OFFSET($B584,1,$A584,ROW($A$1504)-ROW($A584)),0))","v":0},"Insumo",{"$f":"IF($A584=0,\"-\",CONCATENATE(C584&\".\",IF(AND($A$5>=2,$A584>=2),D584&\".\",\"\"),IF(AND($A$5>=3,$A584>=3),E584&\".\",\"\"),IF(AND($A$5>=4,$A584>=4),F584&\".\",\"\"),IF($A584=\"S\",G584&\".\",\"\")))","v":"7.8.4."},{"$f":"IF(NOT(ISERROR($Y584)),IF($Y584<>FALSE,INDEX(Banco,$Y584,4),\"\"),\"\")","v":"SINE"},"Rec. Humanos","004",{"$f":"IF(NOT(ISERROR($Y584)),IF($Y584<>FALSE,INDEX(Banco,$Y584,5),\"\"),\"\")","v":"Estagiários"},{"$f":"IF(NOT(ISERROR($Y584)),IF($Y584<>FALSE,INDEX(Banco,$Y584,6),\"\"),\"\")","v":"Horas"},16,{"$f":"IF(NOT(ISERROR($Y584)),IF($Y584<>FALSE,INDEX(Banco,$Y584,7),0),0)","v":9.7899999999999991},"DI 1",{"$f":"IF($J584=$G$2,ROUND(ROUND($R584,2)*IF($R$9=\"Preço Unitário (R$)\",1,1+$AA584),2),0)","v":12.24},{"$f":"IF($A584=\"S\",VTOTAL1,IF($A584=0,0,ROUND(SomaAgrup,2)))","v":195.84},null,{"$f":"IF(OR($A584=0,$A584=\"S\",$A584>CFF!$A$9),\"\",MAX(W$11:OFFSET(W584,-1,0))+1)","v":""},{"$f":"IF(AND($J584=$G$2,$N584<>\"\",$M584<>\"\"),CONCATENATE($M584,\"-\",$N584))","v":"Rec. Humanos-004"},{"$f":"IF(X584<>FALSE,MATCH(X584,OFFSET(Banco,0,0,,1),0))","v":6},null,{"$f":"IF($J584=$G$2,ROUND(IF(ISNUMBER(S584),S584,IF(LEFT(S584,2)=\"DI\",HLOOKUP(S584,DADOS!$T$29:$X$30,2,FALSE),0)),4),\"\")","v":0.25}]
["S",0,7,8,0,0,5,{"$f":"IF(OR($A585=\"S\",$A585=0),0,MATCH(0,OFFSET($B585,1,$A585,ROW($A$1504)-ROW($A585)),0))","v":0},{"$f":"IF(OR($A585=\"S\",$A585=0),0,MATCH(OFFSET($B585,0,$A585)+1,OFFSET($B585,1,$A585,ROW($A$1504)-ROW($A585)),0))","v":0},"Insumo","7.8.5.","Cotação","Serv. Terc.","001","Fotocópias","Unidade",300,0.3,"DI 1",0.38,114,null,{"$f":"IF(OR($A585=0,$A585=\"S\",$A585>CFF!$A$9),\"\",MAX(W$11:OFFSET(W585,-1,0))+1)","v":""},"Serv. Terc.-001",81,null,{"$f":"IF($J585=$G$2,ROUND(IF(ISNUMBER(S585),S585,IF(LEFT(S585,2)=\"DI\",HLOOKUP(S585,DADOS!$T$29:$X$30,2,FALSE),0)),4),\"\")","v":0.25}]
[{"$f":"CHOOSE(1+LOG(1+2*(J586=$C$2)+4*(J586=$D$2)+8*(J586=$E$2)+16*(J586=$F$2)+32*(J586=$G$2),2),0,1,2,3,4,\"S\")","v":"S"},{"$f":"IF(OR(A586=\"S\",A586=0),0,IF(ISERROR(I586),H586,SMALL(H586:I586,1)))","v":0},{"$f":"IF($A586=1,OFFSET(C586,-1,0)+1,OFFSET(C586,-1,0))","v":7},{"$f":"IF($A586=1,0,IF($A586=2,OFFSET(D586,-1,0)+1,OFFSET(D586,-1,0)))","v":8},{"$f":"IF(AND($A586<=2,$A586<>0),0,IF($A586=3,OFFSET(E586,-1,0)+1,OFFSET(E586,-1,0)))","v":0},{"$f":"IF(AND($A586<=3,$A586<>0),0,IF($A586=4,OFFSET(F586,-1,0)+1,OFFSET(F586,-1,0)))","v":0},{"$f":"IF(AND($A586<=4,$A586<>0),0,IF($A586=\"S\",OFFSET(G586,-1,0)+1,OFFSET(G586,-1,0)))","v":6},{"$f":"IF(OR($A586=\"S\",$A586=0),0,MATCH(0,OFFSET($B586,1,$A586,ROW($A$1504)-ROW($A586)),0))","v":0},{"$f":"IF(OR($A586=\"S\",$A586=0),0,MATCH(OFFSET($B586,0,$A586)+1,OFFSET($B586,1,$A586,ROW($A$1504)-ROW($A586)),0))","v":0},"Insumo",{"$f":"IF($A586=0,\"-\",CONCATENATE(C586&\".\",IF(AND($A$5>=2,$A586>=2),D586&\".\",\"\"),IF(AND($A$5>=3,$A586>=3),E586&\".\",\"\"),IF(AND($A$5>=4,$A586>=4),F586&\".\",\"\"),IF($A586=\"S\",G586&\".\",\"\")))","v":"7.8.6."},{"$f":"IF(NOT(ISERROR($Y586)),IF($Y586<>FALSE,INDEX(Banco,$Y586,4),\"\"),\"\")","v":"Cotação"},"Serv. Terc.","017",{"$f":"IF(NOT(ISERROR($Y586)),IF($Y586<>FALSE,INDEX(Banco,$Y586,5),\"\"),\"\")","v":"Instrutor/Monitor (Educação Fisíca)"},{"$f":"IF(NOT(ISERROR($Y586)),IF($Y586<>FALSE,INDEX(Banco,$Y586,6),\"\"),\"\")","v":"Horas"},3,{"$f":"IF(NOT(ISERROR($Y586)),IF($Y586<>FALSE,INDEX(Banco,$Y586,7),0),0)","v":100},"DI 1",{"$f":"IF($J586=$G$2,ROUND(ROUND($R586,2)*IF($R$9=\"Preço Unitário (R$)\",1,1+$AA586),2),0)","v":125},{"$f":"IF($A586=\"S\",VTOTAL1,IF($A586=0,0,ROUND(SomaAgrup,2)))","v":375},null,{"$f":"IF(OR($A586=0,$A586=\"S\",$A586>CFF!$A$9),\"\",MAX(W$11:OFFSET(W586,-1,0))+1)","v":""},{"$f":"IF(AND($J586=$G$2,$N586<>\"\",$M586<>\"\"),CONCATENATE($M586,\"-\",$N586))","v":"Serv. Terc.-017"},{"$f":"IF(X586<>FALSE,MATCH(X586,OFFSET(Banco,0,0,,1),0))","v":97},null,{"$f":"IF($J586=$G$2,ROUND(IF(ISNUMBER(S586),S586,IF(LEFT(S586,2)=\"DI\",HLOOKUP(S586,DADOS!$T$29:$X$30,2,FALSE),0)),4),\"\")","v":0.25}]
["S",0,7,8,0,0,7,{"$f":"IF(OR($A587=\"S\",$A587=0),0,MATCH(0,OFFSET($B587,1,$A587,ROW($A$1504)-ROW($A587)),0))","v":0},{"$f":"IF(OR($A587=\"S\",$A587=0),0,MATCH(OFFSET($B587,0,$A587)+1,OFFSET($B587,1,$A587,ROW($A$1504)-ROW($A587)),0))","v":0},"Insumo","7.8.7.","Cotação","Serv. Terc.","002","Carro de som com gravação de vinheta","Horas",3,200,"DI 1",250,750,null,{"$f":"IF(OR($A587=0,$A587=\"S\",$A587>CFF!$A$9),\"\",MAX(W$11:OFFSET(W587,-1,0))+1)","v":""},"Serv. Terc.-002",82,null,{"$f":"IF($J587=$G$2,ROUND(IF(ISNUMBER(S587),S587,IF(LEFT(S587,2)=\"DI\",HLOOKUP(S587,DADOS!$T$29:$X$30,2,FALSE),0)),4),\"\")","v":0.25}]
["S",0,7,8,0,0,8,{"$f":"IF(OR($A588=\"S\",$A588=0),0,MATCH(0,OFFSET($B588,1,$A588,ROW($A$1504)-ROW($A588)),0))","v":0},{"$f":"IF(OR($A588=\"S\",$A588=0),0,MATCH(OFFSET($B588,0,$A588)+1,OFFSET($B588,1,$A588,ROW($A$1504)-ROW($A588)),0))","v":0},"Insumo","7.8.8.","Cotação","Serv. Terc.","003","Locação de mesas","Unidade",20,3,"DI 1",3.75,75,null,{"$f":"IF(OR($A588=0,$A588=\"S\",$A588>CFF!$A$9),\"\",MAX(W$11:OFFSET(W588,-1,0))+1)","v":""},"Serv. Terc.-003",83,null,{"$f":"IF($J588=$G$2,ROUND(IF(ISNUMBER(S588),S588,IF(LEFT(S588,2)=\"DI\",HLOOKUP(S588,DADOS!$T$29:$X$30,2,FALSE),0)),4),\"\")","v":0.25}]
["S",0,7,8,0,0,9,{"$f":"IF(OR($A589=\"S\",$A589=0),0,MATCH(0,OFFSET($B589,1,$A589,ROW($A$1504)-ROW($A589)),0))","v":0},{"$f":"IF(OR($A589=\"S\",$A589=0),0,MATCH(OFFSET($B589,0,$A589)+1,OFFSET($B589,1,$A589,ROW($A$1504)-ROW($A589)),0))","v":0},"Insumo","7.8.9.","Cotação","Serv. Terc.","004","Locação de cadeiras","Unidade",400,2,"DI 1",2.5,1000,null,{"$f":"IF(OR($A589=0,$A589=\"S\",$A589>CFF!$A$9),\"\",MAX(W$11:OFFSET(W589,-1,0))+1)","v":""},"Serv. Terc.-004",84,null,{"$f":"IF($J589=$G$2,ROUND(IF(ISNUMBER(S589),S589,IF(LEFT(S589,2)=\"DI\",HLOOKUP(S589,DADOS!$T$29:$X$30,2,FALSE),0)),4),\"\")","v":0.25}]
["S",0,7,8,0,0,10,{"$f":"IF(OR($A590=\"S\",$A590=0),0,MATCH(0,OFFSET($B590,1,$A590,ROW($A$1504)-ROW($A590)),0))","v":0},{"$f":"IF(OR($A590=\"S\",$A590=0),0,MATCH(OFFSET($B590,0,$A590)+1,OFFSET($B590,1,$A590,ROW($A$1504)-ROW($A590)),0))","v":0},"Insumo","7.8.10.","Cotação","Serv. Terc.","005","Locação de caixa térmica","Unidade",2,40,"DI 1",50,100,null,{"$f":"IF(OR($A590=0,$A590=\"S\",$A590>CFF!$A$9),\"\",MAX(W$11:OFFSET(W590,-1,0))+1)","v":""},"Serv. Terc.-005",85,null,{"$f":"IF($J590=$G$2,ROUND(IF(ISNUMBER(S590),S590,IF(LEFT(S590,2)=\"DI\",HLOOKUP(S590,DADOS!$T$29:$X$30,2,FALSE),0)),4),\"\")","v":0.25}]
["S",0,7,8,0,0,11,{"$f":"IF(OR($A591=\"S\",$A591=0),0,MATCH(0,OFFSET($B591,1,$A591,ROW($A$1504)-ROW($A591)),0))","v":0},{"$f":"IF(OR($A591=\"S\",$A591=0),0,MATCH(OFFSET($B591,0,$A591)+1,OFFSET($B591,1,$A591,ROW($A$1504)-ROW($A591)),0))","v":0},"Insumo","7.8.11.","Cotação","Serv. Terc.","006","Locação de tendas","Unidade",3,250,"DI 1",312.5,937.5,null,{"$f":"IF(OR($A591=0,$A591=\"S\",$A591>CFF!$A$9),\"\",MAX(W$11:OFFSET(W591,-1,0))+1)","v":""},"Serv. Terc.-006",86,null,{"$f":"IF($J591=$G$2,ROUND(IF(ISNUMBER(S591),S591,IF(LEFT(S591,2)=\"DI\",HLOOKUP(S591,DADOS!$T$29:$X$30,2,FALSE),0)),4),\"\")","v":0.25}]
["S",0,7,8,0,0,12,{"$f":"IF(OR($A592=\"S\",$A592=0),0,MATCH(0,OFFSET($B592,1,$A592,ROW($A$1504)-ROW($A592)),0))","v":0},{"$f":"IF(OR($A592=\"S\",$A592=0),0,MATCH(OFFSET($B592,0,$A592)+1,OFFSET($B592,1,$A592,ROW($A$1504)-ROW($A592)),0))","v":0},"Insumo","7.8.12.","Cotação","Serv. Terc.","008","Locação de pula-pula com monitor","Unidade",2,220,"DI 1",275,550,null,{"$f":"IF(OR($A592=0,$A592=\"S\",$A592>CFF!$A$9),\"\",MAX(W$11:OFFSET(W592,-1,0))+1)","v":""},"Serv. Terc.-008",88,null,{"$f":"IF($J592=$G$2,ROUND(IF(ISNUMBER(S592),S592,IF(LEFT(S592,2)=\"DI\",HLOOKUP(S592,DADOS!$T$29:$X$30,2,FALSE),0)),4),\"\")","v":0.25}]
["S",0,7,8,0,0,13,{"$f":"IF(OR($A593=\"S\",$A593=0),0,MATCH(0,OFFSET($B593,1,$A593,ROW($A$1504)-ROW($A593)),0))","v":0},{"$f":"IF(OR($A593=\"S\",$A593=0),0,MATCH(OFFSET($B593,0,$A593)+1,OFFSET($B593,1,$A593,ROW($A$1504)-ROW($A593)),0))","v":0},"Insumo","7.8.13.","Cotação","Serv. Terc.","012","Água (garrafão de 20 litros)","Unidade",2,10,"DI 1",12.5,25,null,{"$f":"IF(OR($A593=0,$A593=\"S\",$A593>CFF!$A$9),\"\",MAX(W$11:OFFSET(W593,-1,0))+1)","v":""},"Serv. Terc.-012",92,null,{"$f":"IF($J593=$G$2,ROUND(IF(ISNUMBER(S593),S593,IF(LEFT(S593,2)=\"DI\",HLOOKUP(S593,DADOS!$T$29:$X$30,2,FALSE),0)),4),\"\")","v":0.25}]
["S",0,7,8,0,0,14,{"$f":"IF(OR($A594=\"S\",$A594=0),0,MATCH(0,OFFSET($B594,1,$A594,ROW($A$1504)-ROW($A594)),0))","v":0},{"$f":"IF(OR($A594=\"S\",$A594=0),0,MATCH(OFFSET($B594,0,$A594)+1,OFFSET($B594,1,$A594,ROW($A$1504)-ROW($A594)),0))","v":0},"Insumo","7.8.14.","Cotação ","Serv. Terc.","011","Barra de gelo","Unidade",4,12,"DI 1",15,60,null,{"$f":"IF(OR($A594=0,$A594=\"S\",$A594>CFF!$A$9),\"\",MAX(W$11:OFFSET(W594,-1,0))+1)","v":""},"Serv. Terc.-011",91,null,{"$f":"IF($J594=$G$2,ROUND(IF(ISNUMBER(S594),S594,IF(LEFT(S594,2)=\"DI\",HLOOKUP(S594,DADOS!$T$29:$X$30,2,FALSE),0)),4),\"\")","v":0.25}]
["S",0,7,8,0,0,15,{"$f":"IF(OR($A595=\"S\",$A595=0),0,MATCH(0,OFFSET($B595,1,$A595,ROW($A$1504)-ROW($A595)),0))","v":0},{"$f":"IF(OR($A595=\"S\",$A595=0),0,MATCH(OFFSET($B595,0,$A595)+1,OFFSET($B595,1,$A595,ROW($A$1504)-ROW($A595)),0))","v":0},"Insumo","7.8.15.","Cotação","Serv. Terc.","013","Sucos","Unidade",12,6.4,"DI 1",8,96,null,{"$f":"IF(OR($A595=0,$A595=\"S\",$A595>CFF!$A$9),\"\",MAX(W$11:OFFSET(W595,-1,0))+1)","v":""},"Serv. Terc.-013",93,null,{"$f":"IF($J595=$G$2,ROUND(IF(ISNUMBER(S595),S595,IF(LEFT(S595,2)=\"DI\",HLOOKUP(S595,DADOS!$T$29:$X$30,2,FALSE),0)),4),\"\")","v":0.25}]
[{"$f":"CHOOSE(1+LOG(1+2*(J596=$C$2)+4*(J596=$D$2)+8*(J596=$E$2)+16*(J596=$F$2)+32*(J596=$G$2),2),0,1,2,3,4,\"S\")","v":"S"},{"$f":"IF(OR(A596=\"S\",A596=0),0,IF(ISERROR(I596),H596,SMALL(H596:I596,1)))","v":0},{"$f":"IF($A596=1,OFFSET(C596,-1,0)+1,OFFSET(C596,-1,0))","v":7},{"$f":"IF($A596=1,0,IF($A596=2,OFFSET(D596,-1,0)+1,OFFSET(D596,-1,0)))","v":8},{"$f":"IF(AND($A596<=2,$A596<>0),0,IF($A596=3,OFFSET(E596,-1,0)+1,OFFSET(E596,-1,0)))","v":0},{"$f":"IF(AND($A596<=3,$A596<>0),0,IF($A596=4,OFFSET(F596,-1,0)+1,OFFSET(F596,-1,0)))","v":0},{"$f":"IF(AND($A596<=4,$A596<>0),0,IF($A596=\"S\",OFFSET(G596,-1,0)+1,OFFSET(G596,-1,0)))","v":16},{"$f":"IF(OR($A596=\"S\",$A596=0),0,MATCH(0,OFFSET($B596,1,$A596,ROW($A$1504)-ROW($A596)),0))","v":0},{"$f":"IF(OR($A596=\"S\",$A596=0),0,MATCH(OFFSET($B596,0,$A596)+1,OFFSET($B596,1,$A596,ROW($A$1504)-ROW($A596)),0))","v":0},"Insumo",{"$f":"IF($A596=0,\"-\",CONCATENATE(C596&\".\",IF(AND($A$5>=2,$A596>=2),D596&\".\",\"\"),IF(AND($A$5>=3,$A596>=3),E596&\".\",\"\"),IF(AND($A$5>=4,$A596>=4),F596&\".\",\"\"),IF($A596=\"S\",G596&\".\",\"\")))","v":"7.8.16."},{"$f":"IF(NOT(ISERROR($Y596)),IF($Y596<>FALSE,INDEX(Banco,$Y596,4),\"\"),\"\")","v":"Cotação"},"Serv. Terc.","027",{"$f":"IF(NOT(ISERROR($Y596)),IF($Y596<>FALSE,INDEX(Banco,$Y596,5),\"\"),\"\")","v":"Refrigerantes (02 litros) "},{"$f":"IF(NOT(ISERROR($Y596)),IF($Y596<>FALSE,INDEX(Banco,$Y596,6),\"\"),\"\")","v":"Unidade"},20,{"$f":"IF(NOT(ISERROR($Y596)),IF($Y596<>FALSE,INDEX(Banco,$Y596,7),0),0)","v":6},"DI 1",{"$f":"IF($J596=$G$2,ROUND(ROUND($R596,2)*IF($R$9=\"Preço Unitário (R$)\",1,1+$AA596),2),0)","v":7.5},{"$f":"IF($A596=\"S\",VTOTAL1,IF($A596=0,0,ROUND(SomaAgrup,2)))","v":150},null,{"$f":"IF(OR($A596=0,$A596=\"S\",$A596>CFF!$A$9),\"\",MAX(W$11:OFFSET(W596,-1,0))+1)","v":""},{"$f":"IF(AND($J596=$G$2,$N596<>\"\",$M596<>\"\"),CONCATENATE($M596,\"-\",$N596))","v":"Serv. Terc.-027"},{"$f":"IF(X596<>FALSE,MATCH(X596,OFFSET(Banco,0,0,,1),0))","v":107},null,{"$f":"IF($J596=$G$2,ROUND(IF(ISNUMBER(S596),S596,IF(LEFT(S596,2)=\"DI\",HLOOKUP(S596,DADOS!$T$29:$X$30,2,FALSE),0)),4),\"\")","v":0.25}]
[{"$f":"CHOOSE(1+LOG(1+2*(J597=$C$2)+4*(J597=$D$2)+8*(J597=$E$2)+16*(J597=$F$2)+32*(J597=$G$2),2),0,1,2,3,4,\"S\")","v":"S"},{"$f":"IF(OR(A597=\"S\",A597=0),0,IF(ISERROR(I597),H597,SMALL(H597:I597,1)))","v":0},{"$f":"IF($A597=1,OFFSET(C597,-1,0)+1,OFFSET(C597,-1,0))","v":7},{"$f":"IF($A597=1,0,IF($A597=2,OFFSET(D597,-1,0)+1,OFFSET(D597,-1,0)))","v":8},{"$f":"IF(AND($A597<=2,$A597<>0),0,IF($A597=3,OFFSET(E597,-1,0)+1,OFFSET(E597,-1,0)))","v":0},{"$f":"IF(AND($A597<=3,$A597<>0),0,IF($A597=4,OFFSET(F597,-1,0)+1,OFFSET(F597,-1,0)))","v":0},{"$f":"IF(AND($A597<=4,$A597<>0),0,IF($A597=\"S\",OFFSET(G597,-1,0)+1,OFFSET(G597,-1,0)))","v":17},{"$f":"IF(OR($A597=\"S\",$A597=0),0,MATCH(0,OFFSET($B597,1,$A597,ROW($A$1504)-ROW($A597)),0))","v":0},{"$f":"IF(OR($A597=\"S\",$A597=0),0,MATCH(OFFSET($B597,0,$A597)+1,OFFSET($B597,1,$A597,ROW($A$1504)-ROW($A597)),0))","v":0},"Insumo",{"$f":"IF($A597=0,\"-\",CONCATENATE(C597&\".\",IF(AND($A$5>=2,$A597>=2),D597&\".\",\"\"),IF(AND($A$5>=3,$A597>=3),E597&\".\",\"\"),IF(AND($A$5>=4,$A597>=4),F597&\".\",\"\"),IF($A597=\"S\",G597&\".\",\"\")))","v":"7.8.17."},{"$f":"IF(NOT(ISERROR($Y597)),IF($Y597<>FALSE,INDEX(Banco,$Y597,4),\"\"),\"\")","v":"Cotação "},"Serv. Terc.","010",{"$f":"IF(NOT(ISERROR($Y597)),IF($Y597<>FALSE,INDEX(Banco,$Y597,5),\"\"),\"\")","v":"Brindes ( descrição nos orçamentos e PTS)"},{"$f":"IF(NOT(ISERROR($Y597)),IF($Y597<>FALSE,INDEX(Banco,$Y597,6),\"\"),\"\")","v":"Unidade"},8,{"$f":"IF(NOT(ISERROR($Y597)),IF($Y597<>FALSE,INDEX(Banco,$Y597,7),0),0)","v":120},"DI 1",{"$f":"IF($J597=$G$2,ROUND(ROUND($R597,2)*IF($R$9=\"Preço Unitário (R$)\",1,1+$AA597),2),0)","v":150},{"$f":"IF($A597=\"S\",VTOTAL1,IF($A597=0,0,ROUND(SomaAgrup,2)))","v":1200},null,{"$f":"IF(OR($A597=0,$A597=\"S\",$A597>CFF!$A$9),\"\",MAX(W$11:OFFSET(W597,-1,0))+1)","v":""},{"$f":"IF(AND($J597=$G$2,$N597<>\"\",$M597<>\"\"),CONCATENATE($M597,\"-\",$N597))","v":"Serv. Terc.-010"},{"$f":"IF(X597<>FALSE,MATCH(X597,OFFSET(Banco,0,0,,1),0))","v":90},null,{"$f":"IF($J597=$G$2,ROUND(IF(ISNUMBER(S597),S597,IF(LEFT(S597,2)=\"DI\",HLOOKUP(S597,DADOS!$T$29:$X$30,2,FALSE),0)),4),\"\")","v":0.25}]
["S",0,7,8,0,0,18,{"$f":"IF(OR($A598=\"S\",$A598=0),0,MATCH(0,OFFSET($B598,1,$A598,ROW($A$1504)-ROW($A598)),0))","v":0},{"$f":"IF(OR($A598=\"S\",$A598=0),0,MATCH(OFFSET($B598,0,$A598)+1,OFFSET($B598,1,$A598,ROW($A$1504)-ROW($A598)),0))","v":0},"Insumo","7.8.18.","Cotação","Serv. Terc.","015","Coffee break (salgados)","Centro",15,65,"DI 1",81.25,1218.75,null,{"$f":"IF(OR($A598=0,$A598=\"S\",$A598>CFF!$A$9),\"\",MAX(W$11:OFFSET(W598,-1,0))+1)","v":""},"Serv. Terc.-015",95,null,{"$f":"IF($J598=$G$2,ROUND(IF(ISNUMBER(S598),S598,IF(LEFT(S598,2)=\"DI\",HLOOKUP(S598,DADOS!$T$29:$X$30,2,FALSE),0)),4),\"\")","v":0.25}]
["S",0,{"$f":"IF($A599=1,OFFSET(C599,-1,0)+1,OFFSET(C599,-1,0))","v":7},{"$f":"IF($A599=1,0,IF($A599=2,OFFSET(D599,-1,0)+1,OFFSET(D599,-1,0)))","v":8},{"$f":"IF(AND($A599<=2,$A599<>0),0,IF($A599=3,OFFSET(E599,-1,0)+1,OFFSET(E599,-1,0)))","v":0},{"$f":"IF(AND($A599<=3,$A599<>0),0,IF($A599=4,OFFSET(F599,-1,0)+1,OFFSET(F599,-1,0)))","v":0},{"$f":"IF(AND($A599<=4,$A599<>0),0,IF($A599=\"S\",OFFSET(G599,-1,0)+1,OFFSET(G599,-1,0)))","v":19},{"$f":"IF(OR($A599=\"S\",$A599=0),0,MATCH(0,OFFSET($B599,1,$A599,ROW($A$1504)-ROW($A599)),0))","v":0},{"$f":"IF(OR($A599=\"S\",$A599=0),0,MATCH(OFFSET($B599,0,$A599)+1,OFFSET($B599,1,$A599,ROW($A$1504)-ROW($A599)),0))","v":0},"Insumo","7.8.19.",{"$f":"IF(NOT(ISERROR($Y599)),IF($Y599<>FALSE,INDEX(Banco,$Y599,4),\"\"),\"\")","v":"COREN"},"Serv. Terc.","080",{"$f":"IF(NOT(ISERROR($Y599)),IF($Y599<>FALSE,INDEX(Banco,$Y599,5),\"\"),\"\")","v":"Enfermeiro padrão"},{"$f":"IF(NOT(ISERROR($Y599)),IF($Y599<>FALSE,INDEX(Banco,$Y599,6),\"\"),\"\")","v":"Unidade"},4,{"$f":"IF(NOT(ISERROR($Y599)),IF($Y599<>FALSE,INDEX(Banco,$Y599,7),0),0)","v":123.02},"DI 1",{"$f":"IF($J599=$G$2,ROUND(ROUND($R599,2)*IF($R$9=\"Preço Unitário (R$)\",1,1+$AA599),2),0)","v":153.78},{"$f":"IF($A599=\"S\",VTOTAL1,IF($A599=0,0,ROUND(SomaAgrup,2)))","v":615.12},null,{"$f":"IF(OR($A599=0,$A599=\"S\",$A599>CFF!$A$9),\"\",MAX(W$11:OFFSET(W599,-1,0))+1)","v":""},{"$f":"IF(AND($J599=$G$2,$N599<>\"\",$M599<>\"\"),CONCATENATE($M599,\"-\",$N599))","v":"Serv. Terc.-080"},160,null,{"$f":"IF($J599=$G$2,ROUND(IF(ISNUMBER(S599),S599,IF(LEFT(S599,2)=\"DI\",HLOOKUP(S599,DADOS!$T$29:$X$30,2,FALSE),0)),4),\"\")","v":0.25}]
["S",0,7,8,0,0,20,{"$f":"IF(OR($A600=\"S\",$A600=0),0,MATCH(0,OFFSET($B600,1,$A600,ROW($A$1504)-ROW($A600)),0))","v":0},{"$f":"IF(OR($A600=\"S\",$A600=0),0,MATCH(OFFSET($B600,0,$A600)+1,OFFSET($B600,1,$A600,ROW($A$1504)-ROW($A600)),0))","v":0},"Insumo","7.8.20.","Cotação","Rec. Materiais","020","Guloseimas (balas e pirulito)","Pacote",8,12,"DI 1",15,120,null,{"$f":"IF(OR($A600=0,$A600=\"S\",$A600>CFF!$A$9),\"\",MAX(W$11:OFFSET(W600,-1,0))+1)","v":""},"Rec. Materiais-020",29,null,{"$f":"IF($J600=$G$2,ROUND(IF(ISNUMBER(S600),S600,IF(LEFT(S600,2)=\"DI\",HLOOKUP(S600,DADOS!$T$29:$X$30,2,FALSE),0)),4),\"\")","v":0.25}]
["S",0,7,8,0,0,21,{"$f":"IF(OR($A601=\"S\",$A601=0),0,MATCH(0,OFFSET($B601,1,$A601,ROW($A$1504)-ROW($A601)),0))","v":0},{"$f":"IF(OR($A601=\"S\",$A601=0),0,MATCH(OFFSET($B601,0,$A601)+1,OFFSET($B601,1,$A601,ROW($A$1504)-ROW($A601)),0))","v":0},"Insumo","7.8.21.","Cotação","Rec. Materiais","021",{"$f":"IF(NOT(ISERROR($Y601)),IF($Y601<>FALSE,INDEX(Banco,$Y601,5),\"\"),\"\")","v":"Papel de presente"},"Folhas",16,1.5,"DI 1",1.88,30.08,null,{"$f":"IF(OR($A601=0,$A601=\"S\",$A601>CFF!$A$9),\"\",MAX(W$11:OFFSET(W601,-1,0))+1)","v":""},"Rec. Materiais-021",30,null,{"$f":"IF($J601=$G$2,ROUND(IF(ISNUMBER(S601),S601,IF(LEFT(S601,2)=\"DI\",HLOOKUP(S601,DADOS!$T$29:$X$30,2,FALSE),0)),4),\"\")","v":0.25}]
["S",0,7,8,0,0,22,{"$f":"IF(OR($A602=\"S\",$A602=0),0,MATCH(0,OFFSET($B602,1,$A602,ROW($A$1504)-ROW($A602)),0))","v":0},{"$f":"IF(OR($A602=\"S\",$A602=0),0,MATCH(OFFSET($B602,0,$A602)+1,OFFSET($B602,1,$A602,ROW($A$1504)-ROW($A602)),0))","v":0},"Insumo","7.8.22.","Cotação","Rec. Materiais","026",{"$f":"IF(NOT(ISERROR($Y602)),IF($Y602<>FALSE,INDEX(Banco,$Y602,5),\"\"),\"\")","v":"Saco de lixo (100 litros)"},"Pacote",2,15,"DI 1",18.75,37.5,null,{"$f":"IF(OR($A602=0,$A602=\"S\",$A602>CFF!$A$9),\"\",MAX(W$11:OFFSET(W602,-1,0))+1)","v":""},"Rec. Materiais-026",35,null,{"$f":"IF($J602=$G$2,ROUND(IF(ISNUMBER(S602),S602,IF(LEFT(S602,2)=\"DI\",HLOOKUP(S602,DADOS!$T$29:$X$30,2,FALSE),0)),4),\"\")","v":0.25}]
[{"$f":"CHOOSE(1+LOG(1+2*(J603=$C$2)+4*(J603=$D$2)+8*(J603=$E$2)+16*(J603=$F$2)+32*(J603=$G$2),2),0,1,2,3,4,\"S\")","v":2},{"$f":"IF(OR(A603=\"S\",A603=0),0,IF(ISERROR(I603),H603,SMALL(H603:I603,1)))","v":19},{"$f":"IF($A603=1,OFFSET(C603,-1,0)+1,OFFSET(C603,-1,0))","v":7},{"$f":"IF($A603=1,0,IF($A603=2,OFFSET(D603,-1,0)+1,OFFSET(D603,-1,0)))","v":9},{"$f":"IF(AND($A603<=2,$A603<>0),0,IF($A603=3,OFFSET(E603,-1,0)+1,OFFSET(E603,-1,0)))","v":0},{"$f":"IF(AND($A603<=3,$A603<>0),0,IF($A603=4,OFFSET(F603,-1,0)+1,OFFSET(F603,-1,0)))","v":0},{"$f":"IF(AND($A603<=4,$A603<>0),0,IF($A603=\"S\",OFFSET(G603,-1,0)+1,OFFSET(G603,-1,0)))","v":0},{"$f":"IF(OR($A603=\"S\",$A603=0),0,MATCH(0,OFFSET($B603,1,$A603,ROW($A$1504)-ROW($A603)),0))","v":38},{"$f":"IF(OR($A603=\"S\",$A603=0),0,MATCH(OFFSET($B603,0,$A603)+1,OFFSET($B603,1,$A603,ROW($A$1504)-ROW($A603)),0))","v":19},"AtivNível 1",{"$f":"IF($A603=0,\"-\",CONCATENATE(C603&\".\",IF(AND($A$5>=2,$A603>=2),D603&\".\",\"\"),IF(AND($A$5>=3,$A603>=3),E603&\".\",\"\"),IF(AND($A$5>=4,$A603>=4),F603&\".\",\"\"),IF($A603=\"S\",G603&\".\",\"\")))","v":"7.9."},{"$f":"IF(NOT(ISERROR($Y603)),IF($Y603<>FALSE,INDEX(Banco,$Y603,4),\"\"),\"\")","v":""},null,null,"Atividade 43 - Palestra: Idoso, família, saúde e sociedade região Jardim Ikaraí",{"$f":"IF(NOT(ISERROR($Y603)),IF($Y603<>FALSE,INDEX(Banco,$Y603,6),\"\"),\"\")","v":""},null,{"$f":"IF(NOT(ISERROR($Y603)),IF($Y603<>FALSE,INDEX(Banco,$Y603,7),0),0)","v":0},"DI 1",{"$f":"IF($J603=$G$2,ROUND(ROUND($R603,2)*IF($R$9=\"Preço Unitário (R$)\",1,1+$AA603),2),0)","v":0},{"$f":"IF($A603=\"S\",VTOTAL1,IF($A603=0,0,ROUND(SomaAgrup,2)))","v":6055.69},null,{"$f":"IF(OR($A603=0,$A603=\"S\",$A603>CFF!$A$9),\"\",MAX(W$11:OFFSET(W603,-1,0))+1)","v":50},{"$f":"IF(AND($J603=$G$2,$N603<>\"\",$M603<>\"\"),CONCATENATE($M603,\"-\",$N603))","v":false},{"$f":"IF(X603<>FALSE,MATCH(X603,OFFSET(Banco,0,0,,1),0))","v":false},null,{"$f":"IF($J603=$G$2,ROUND(IF(ISNUMBER(S603),S603,IF(LEFT(S603,2)=\"DI\",HLOOKUP(S603,DADOS!$T$29:$X$30,2,FALSE),0)),4),\"\")","v":""}]
["S",0,{"$f":"IF($A604=1,OFFSET(C604,-1,0)+1,OFFSET(C604,-1,0))","v":7},{"$f":"IF($A604=1,0,IF($A604=2,OFFSET(D604,-1,0)+1,OFFSET(D604,-1,0)))","v":9},{"$f":"IF(AND($A604<=2,$A604<>0),0,IF($A604=3,OFFSET(E604,-1,0)+1,OFFSET(E604,-1,0)))","v":0},{"$f":"IF(AND($A604<=3,$A604<>0),0,IF($A604=4,OFFSET(F604,-1,0)+1,OFFSET(F604,-1,0)))","v":0},{"$f":"IF(AND($A604<=4,$A604<>0),0,IF($A604=\"S\",OFFSET(G604,-1,0)+1,OFFSET(G604,-1,0)))","v":1},{"$f":"IF(OR($A604=\"S\",$A604=0),0,MATCH(0,OFFSET($B604,1,$A604,ROW($A$1504)-ROW($A604)),0))","v":0},{"$f":"IF(OR($A604=\"S\",$A604=0),0,MATCH(OFFSET($B604,0,$A604)+1,OFFSET($B604,1,$A604,ROW($A$1504)-ROW($A604)),0))","v":0},"Insumo","7.9.1.",{"$f":"IF(NOT(ISERROR($Y604)),IF($Y604<>FALSE,INDEX(Banco,$Y604,4),\"\"),\"\")","v":"CRESS"},"Rec. Humanos","001",{"$f":"IF(NOT(ISERROR($Y604)),IF($Y604<>FALSE,INDEX(Banco,$Y604,5),\"\"),\"\")","v":"Responsável Técnica"},{"$f":"IF(NOT(ISERROR($Y604)),IF($Y604<>FALSE,INDEX(Banco,$Y604,6),\"\"),\"\")","v":"Horas"},6,{"$f":"IF(NOT(ISERROR($Y604)),IF($Y604<>FALSE,INDEX(Banco,$Y604,7),0),0)","v":150.28},"DI 1",{"$f":"IF($J604=$G$2,ROUND(ROUND($R604,2)*IF($R$9=\"Preço Unitário (R$)\",1,1+$AA604),2),0)","v":187.85},{"$f":"IF($A604=\"S\",VTOTAL1,IF($A604=0,0,ROUND(SomaAgrup,2)))","v":1127.0999999999999},null,{"$f":"IF(OR($A604=0,$A604=\"S\",$A604>CFF!$A$9),\"\",MAX(W$11:OFFSET(W604,-1,0))+1)","v":""},{"$f":"IF(AND($J604=$G$2,$N604<>\"\",$M604<>\"\"),CONCATENATE($M604,\"-\",$N604))","v":"Rec. Humanos-001"},3,null,{"$f":"IF($J604=$G$2,ROUND(IF(ISNUMBER(S604),S604,IF(LEFT(S604,2)=\"DI\",HLOOKUP(S604,DADOS!$T$29:$X$30,2,FALSE),0)),4),\"\")","v":0.25}]
["S",0,{"$f":"IF($A605=1,OFFSET(C605,-1,0)+1,OFFSET(C605,-1,0))","v":7},{"$f":"IF($A605=1,0,IF($A605=2,OFFSET(D605,-1,0)+1,OFFSET(D605,-1,0)))","v":9},{"$f":"IF(AND($A605<=2,$A605<>0),0,IF($A605=3,OFFSET(E605,-1,0)+1,OFFSET(E605,-1,0)))","v":0},{"$f":"IF(AND($A605<=3,$A605<>0),0,IF($A605=4,OFFSET(F605,-1,0)+1,OFFSET(F605,-1,0)))","v":0},{"$f":"IF(AND($A605<=4,$A605<>0),0,IF($A605=\"S\",OFFSET(G605,-1,0)+1,OFFSET(G605,-1,0)))","v":2},{"$f":"IF(OR($A605=\"S\",$A605=0),0,MATCH(0,OFFSET($B605,1,$A605,ROW($A$1504)-ROW($A605)),0))","v":0},{"$f":"IF(OR($A605=\"S\",$A605=0),0,MATCH(OFFSET($B605,0,$A605)+1,OFFSET($B605,1,$A605,ROW($A$1504)-ROW($A605)),0))","v":0},"Insumo","7.9.2.",{"$f":"IF(NOT(ISERROR($Y605)),IF($Y605<>FALSE,INDEX(Banco,$Y605,4),\"\"),\"\")","v":"CRESS"},"Rec. Humanos","002",{"$f":"IF(NOT(ISERROR($Y605)),IF($Y605<>FALSE,INDEX(Banco,$Y605,5),\"\"),\"\")","v":"Assistente Social"},{"$f":"IF(NOT(ISERROR($Y605)),IF($Y605<>FALSE,INDEX(Banco,$Y605,6),\"\"),\"\")","v":"Horas"},4,{"$f":"IF(NOT(ISERROR($Y605)),IF($Y605<>FALSE,INDEX(Banco,$Y605,7),0),0)","v":133.81},"DI 1",{"$f":"IF($J605=$G$2,ROUND(ROUND($R605,2)*IF($R$9=\"Preço Unitário (R$)\",1,1+$AA605),2),0)","v":167.26},{"$f":"IF($A605=\"S\",VTOTAL1,IF($A605=0,0,ROUND(SomaAgrup,2)))","v":669.04},null,{"$f":"IF(OR($A605=0,$A605=\"S\",$A605>CFF!$A$9),\"\",MAX(W$11:OFFSET(W605,-1,0))+1)","v":""},{"$f":"IF(AND($J605=$G$2,$N605<>\"\",$M605<>\"\"),CONCATENATE($M605,\"-\",$N605))","v":"Rec. Humanos-002"},4,null,{"$f":"IF($J605=$G$2,ROUND(IF(ISNUMBER(S605),S605,IF(LEFT(S605,2)=\"DI\",HLOOKUP(S605,DADOS!$T$29:$X$30,2,FALSE),0)),4),\"\")","v":0.25}]
["S",0,{"$f":"IF($A606=1,OFFSET(C606,-1,0)+1,OFFSET(C606,-1,0))","v":7},{"$f":"IF($A606=1,0,IF($A606=2,OFFSET(D606,-1,0)+1,OFFSET(D606,-1,0)))","v":9},{"$f":"IF(AND($A606<=2,$A606<>0),0,IF($A606=3,OFFSET(E606,-1,0)+1,OFFSET(E606,-1,0)))","v":0},{"$f":"IF(AND($A606<=3,$A606<>0),0,IF($A606=4,OFFSET(F606,-1,0)+1,OFFSET(F606,-1,0)))","v":0},{"$f":"IF(AND($A606<=4,$A606<>0),0,IF($A606=\"S\",OFFSET(G606,-1,0)+1,OFFSET(G606,-1,0)))","v":3},{"$f":"IF(OR($A606=\"S\",$A606=0),0,MATCH(0,OFFSET($B606,1,$A606,ROW($A$1504)-ROW($A606)),0))","v":0},{"$f":"IF(OR($A606=\"S\",$A606=0),0,MATCH(OFFSET($B606,0,$A606)+1,OFFSET($B606,1,$A606,ROW($A$1504)-ROW($A606)),0))","v":0},"Insumo","7.9.3.",{"$f":"IF(NOT(ISERROR($Y606)),IF($Y606<>FALSE,INDEX(Banco,$Y606,4),\"\"),\"\")","v":"Cotação"},"Rec. Humanos","003","Administrador (Técnico de Apoio) ",{"$f":"IF(NOT(ISERROR($Y606)),IF($Y606<>FALSE,INDEX(Banco,$Y606,6),\"\"),\"\")","v":"Horas"},4,{"$f":"IF(NOT(ISERROR($Y606)),IF($Y606<>FALSE,INDEX(Banco,$Y606,7),0),0)","v":103.65},"DI 1",{"$f":"IF($J606=$G$2,ROUND(ROUND($R606,2)*IF($R$9=\"Preço Unitário (R$)\",1,1+$AA606),2),0)","v":129.56},{"$f":"IF($A606=\"S\",VTOTAL1,IF($A606=0,0,ROUND(SomaAgrup,2)))","v":518.24},null,{"$f":"IF(OR($A606=0,$A606=\"S\",$A606>CFF!$A$9),\"\",MAX(W$11:OFFSET(W606,-1,0))+1)","v":""},{"$f":"IF(AND($J606=$G$2,$N606<>\"\",$M606<>\"\"),CONCATENATE($M606,\"-\",$N606))","v":"Rec. Humanos-003"},5,null,{"$f":"IF($J606=$G$2,ROUND(IF(ISNUMBER(S606),S606,IF(LEFT(S606,2)=\"DI\",HLOOKUP(S606,DADOS!$T$29:$X$30,2,FALSE),0)),4),\"\")","v":0.25}]
[{"$f":"CHOOSE(1+LOG(1+2*(J607=$C$2)+4*(J607=$D$2)+8*(J607=$E$2)+16*(J607=$F$2)+32*(J607=$G$2),2),0,1,2,3,4,\"S\")","v":"S"},{"$f":"IF(OR(A607=\"S\",A607=0),0,IF(ISERROR(I607),H607,SMALL(H607:I607,1)))","v":0},{"$f":"IF($A607=1,OFFSET(C607,-1,0)+1,OFFSET(C607,-1,0))","v":7},{"$f":"IF($A607=1,0,IF($A607=2,OFFSET(D607,-1,0)+1,OFFSET(D607,-1,0)))","v":9},{"$f":"IF(AND($A607<=2,$A607<>0),0,IF($A607=3,OFFSET(E607,-1,0)+1,OFFSET(E607,-1,0)))","v":0},{"$f":"IF(AND($A607<=3,$A607<>0),0,IF($A607=4,OFFSET(F607,-1,0)+1,OFFSET(F607,-1,0)))","v":0},{"$f":"IF(AND($A607<=4,$A607<>0),0,IF($A607=\"S\",OFFSET(G607,-1,0)+1,OFFSET(G607,-1,0)))","v":4},{"$f":"IF(OR($A607=\"S\",$A607=0),0,MATCH(0,OFFSET($B607,1,$A607,ROW($A$1504)-ROW($A607)),0))","v":0},{"$f":"IF(OR($A607=\"S\",$A607=0),0,MATCH(OFFSET($B607,0,$A607)+1,OFFSET($B607,1,$A607,ROW($A$1504)-ROW($A607)),0))","v":0},"Insumo",{"$f":"IF($A607=0,\"-\",CONCATENATE(C607&\".\",IF(AND($A$5>=2,$A607>=2),D607&\".\",\"\"),IF(AND($A$5>=3,$A607>=3),E607&\".\",\"\"),IF(AND($A$5>=4,$A607>=4),F607&\".\",\"\"),IF($A607=\"S\",G607&\".\",\"\")))","v":"7.9.4."},{"$f":"IF(NOT(ISERROR($Y607)),IF($Y607<>FALSE,INDEX(Banco,$Y607,4),\"\"),\"\")","v":"SINE"},"Rec. Humanos","004","Estagiários",{"$f":"IF(NOT(ISERROR($Y607)),IF($Y607<>FALSE,INDEX(Banco,$Y607,6),\"\"),\"\")","v":"Horas"},10,{"$f":"IF(NOT(ISERROR($Y607)),IF($Y607<>FALSE,INDEX(Banco,$Y607,7),0),0)","v":9.7899999999999991},"DI 1",{"$f":"IF($J607=$G$2,ROUND(ROUND($R607,2)*IF($R$9=\"Preço Unitário (R$)\",1,1+$AA607),2),0)","v":12.24},{"$f":"IF($A607=\"S\",VTOTAL1,IF($A607=0,0,ROUND(SomaAgrup,2)))","v":122.4},null,{"$f":"IF(OR($A607=0,$A607=\"S\",$A607>CFF!$A$9),\"\",MAX(W$11:OFFSET(W607,-1,0))+1)","v":""},{"$f":"IF(AND($J607=$G$2,$N607<>\"\",$M607<>\"\"),CONCATENATE($M607,\"-\",$N607))","v":"Rec. Humanos-004"},{"$f":"IF(X607<>FALSE,MATCH(X607,OFFSET(Banco,0,0,,1),0))","v":6},null,{"$f":"IF($J607=$G$2,ROUND(IF(ISNUMBER(S607),S607,IF(LEFT(S607,2)=\"DI\",HLOOKUP(S607,DADOS!$T$29:$X$30,2,FALSE),0)),4),\"\")","v":0.25}]
["S",0,7,9,0,0,5,{"$f":"IF(OR($A608=\"S\",$A608=0),0,MATCH(0,OFFSET($B608,1,$A608,ROW($A$1504)-ROW($A608)),0))","v":0},{"$f":"IF(OR($A608=\"S\",$A608=0),0,MATCH(OFFSET($B608,0,$A608)+1,OFFSET($B608,1,$A608,ROW($A$1504)-ROW($A608)),0))","v":0},"Insumo","7.9.5.","Cotação","Serv. Terc.","001","Fotocópias","Unidade",150,0.3,"DI 1",0.38,57,null,{"$f":"IF(OR($A608=0,$A608=\"S\",$A608>CFF!$A$9),\"\",MAX(W$11:OFFSET(W608,-1,0))+1)","v":""},"Serv. Terc.-001",81,null,{"$f":"IF($J608=$G$2,ROUND(IF(ISNUMBER(S608),S608,IF(LEFT(S608,2)=\"DI\",HLOOKUP(S608,DADOS!$T$29:$X$30,2,FALSE),0)),4),\"\")","v":0.25}]
[{"$f":"CHOOSE(1+LOG(1+2*(J609=$C$2)+4*(J609=$D$2)+8*(J609=$E$2)+16*(J609=$F$2)+32*(J609=$G$2),2),0,1,2,3,4,\"S\")","v":"S"},{"$f":"IF(OR(A609=\"S\",A609=0),0,IF(ISERROR(I609),H609,SMALL(H609:I609,1)))","v":0},{"$f":"IF($A609=1,OFFSET(C609,-1,0)+1,OFFSET(C609,-1,0))","v":7},{"$f":"IF($A609=1,0,IF($A609=2,OFFSET(D609,-1,0)+1,OFFSET(D609,-1,0)))","v":9},{"$f":"IF(AND($A609<=2,$A609<>0),0,IF($A609=3,OFFSET(E609,-1,0)+1,OFFSET(E609,-1,0)))","v":0},{"$f":"IF(AND($A609<=3,$A609<>0),0,IF($A609=4,OFFSET(F609,-1,0)+1,OFFSET(F609,-1,0)))","v":0},{"$f":"IF(AND($A609<=4,$A609<>0),0,IF($A609=\"S\",OFFSET(G609,-1,0)+1,OFFSET(G609,-1,0)))","v":6},{"$f":"IF(OR($A609=\"S\",$A609=0),0,MATCH(0,OFFSET($B609,1,$A609,ROW($A$1504)-ROW($A609)),0))","v":0},{"$f":"IF(OR($A609=\"S\",$A609=0),0,MATCH(OFFSET($B609,0,$A609)+1,OFFSET($B609,1,$A609,ROW($A$1504)-ROW($A609)),0))","v":0},"Insumo",{"$f":"IF($A609=0,\"-\",CONCATENATE(C609&\".\",IF(AND($A$5>=2,$A609>=2),D609&\".\",\"\"),IF(AND($A$5>=3,$A609>=3),E609&\".\",\"\"),IF(AND($A$5>=4,$A609>=4),F609&\".\",\"\"),IF($A609=\"S\",G609&\".\",\"\")))","v":"7.9.6."},{"$f":"IF(NOT(ISERROR($Y609)),IF($Y609<>FALSE,INDEX(Banco,$Y609,4),\"\"),\"\")","v":"Cotação"},"Serv. Terc.","017",{"$f":"IF(NOT(ISERROR($Y609)),IF($Y609<>FALSE,INDEX(Banco,$Y609,5),\"\"),\"\")","v":"Instrutor/Monitor (Educação Fisíca)"},{"$f":"IF(NOT(ISERROR($Y609)),IF($Y609<>FALSE,INDEX(Banco,$Y609,6),\"\"),\"\")","v":"Horas"},3,{"$f":"IF(NOT(ISERROR($Y609)),IF($Y609<>FALSE,INDEX(Banco,$Y609,7),0),0)","v":100},"DI 1",{"$f":"IF($J609=$G$2,ROUND(ROUND($R609,2)*IF($R$9=\"Preço Unitário (R$)\",1,1+$AA609),2),0)","v":125},{"$f":"IF($A609=\"S\",VTOTAL1,IF($A609=0,0,ROUND(SomaAgrup,2)))","v":375},null,{"$f":"IF(OR($A609=0,$A609=\"S\",$A609>CFF!$A$9),\"\",MAX(W$11:OFFSET(W609,-1,0))+1)","v":""},{"$f":"IF(AND($J609=$G$2,$N609<>\"\",$M609<>\"\"),CONCATENATE($M609,\"-\",$N609))","v":"Serv. Terc.-017"},{"$f":"IF(X609<>FALSE,MATCH(X609,OFFSET(Banco,0,0,,1),0))","v":97},null,{"$f":"IF($J609=$G$2,ROUND(IF(ISNUMBER(S609),S609,IF(LEFT(S609,2)=\"DI\",HLOOKUP(S609,DADOS!$T$29:$X$30,2,FALSE),0)),4),\"\")","v":0.25}]
["S",0,7,9,0,0,7,{"$f":"IF(OR($A610=\"S\",$A610=0),0,MATCH(0,OFFSET($B610,1,$A610,ROW($A$1504)-ROW($A610)),0))","v":0},{"$f":"IF(OR($A610=\"S\",$A610=0),0,MATCH(OFFSET($B610,0,$A610)+1,OFFSET($B610,1,$A610,ROW($A$1504)-ROW($A610)),0))","v":0},"Insumo","7.9.7.","Cotação","Serv. Terc.","002","Carro de som com gravação de vinheta","Horas",3,200,"DI 1",250,750,null,{"$f":"IF(OR($A610=0,$A610=\"S\",$A610>CFF!$A$9),\"\",MAX(W$11:OFFSET(W610,-1,0))+1)","v":""},"Serv. Terc.-002",82,null,{"$f":"IF($J610=$G$2,ROUND(IF(ISNUMBER(S610),S610,IF(LEFT(S610,2)=\"DI\",HLOOKUP(S610,DADOS!$T$29:$X$30,2,FALSE),0)),4),\"\")","v":0.25}]
["S",0,7,9,0,0,8,{"$f":"IF(OR($A611=\"S\",$A611=0),0,MATCH(0,OFFSET($B611,1,$A611,ROW($A$1504)-ROW($A611)),0))","v":0},{"$f":"IF(OR($A611=\"S\",$A611=0),0,MATCH(OFFSET($B611,0,$A611)+1,OFFSET($B611,1,$A611,ROW($A$1504)-ROW($A611)),0))","v":0},"Insumo","7.9.8.","Cotação","Serv. Terc.","005","Locação de caixa térmica","Unidade",1,40,"DI 1",50,50,null,{"$f":"IF(OR($A611=0,$A611=\"S\",$A611>CFF!$A$9),\"\",MAX(W$11:OFFSET(W611,-1,0))+1)","v":""},"Serv. Terc.-005",85,null,{"$f":"IF($J611=$G$2,ROUND(IF(ISNUMBER(S611),S611,IF(LEFT(S611,2)=\"DI\",HLOOKUP(S611,DADOS!$T$29:$X$30,2,FALSE),0)),4),\"\")","v":0.25}]
["S",0,7,9,0,0,9,{"$f":"IF(OR($A612=\"S\",$A612=0),0,MATCH(0,OFFSET($B612,1,$A612,ROW($A$1504)-ROW($A612)),0))","v":0},{"$f":"IF(OR($A612=\"S\",$A612=0),0,MATCH(OFFSET($B612,0,$A612)+1,OFFSET($B612,1,$A612,ROW($A$1504)-ROW($A612)),0))","v":0},"Insumo","7.9.9.","Cotação","Serv. Terc.","008","Locação de pula-pula com monitor","Unidade",1,220,"DI 1",275,275,null,{"$f":"IF(OR($A612=0,$A612=\"S\",$A612>CFF!$A$9),\"\",MAX(W$11:OFFSET(W612,-1,0))+1)","v":""},"Serv. Terc.-008",88,null,{"$f":"IF($J612=$G$2,ROUND(IF(ISNUMBER(S612),S612,IF(LEFT(S612,2)=\"DI\",HLOOKUP(S612,DADOS!$T$29:$X$30,2,FALSE),0)),4),\"\")","v":0.25}]
["S",0,7,9,0,0,10,{"$f":"IF(OR($A613=\"S\",$A613=0),0,MATCH(0,OFFSET($B613,1,$A613,ROW($A$1504)-ROW($A613)),0))","v":0},{"$f":"IF(OR($A613=\"S\",$A613=0),0,MATCH(OFFSET($B613,0,$A613)+1,OFFSET($B613,1,$A613,ROW($A$1504)-ROW($A613)),0))","v":0},"Insumo","7.9.10.","Cotação ","Serv. Terc.","011","Barra de gelo","Unidade",2,12,"DI 1",15,30,null,{"$f":"IF(OR($A613=0,$A613=\"S\",$A613>CFF!$A$9),\"\",MAX(W$11:OFFSET(W613,-1,0))+1)","v":""},"Serv. Terc.-011",91,null,{"$f":"IF($J613=$G$2,ROUND(IF(ISNUMBER(S613),S613,IF(LEFT(S613,2)=\"DI\",HLOOKUP(S613,DADOS!$T$29:$X$30,2,FALSE),0)),4),\"\")","v":0.25}]
["S",0,7,9,0,0,11,{"$f":"IF(OR($A614=\"S\",$A614=0),0,MATCH(0,OFFSET($B614,1,$A614,ROW($A$1504)-ROW($A614)),0))","v":0},{"$f":"IF(OR($A614=\"S\",$A614=0),0,MATCH(OFFSET($B614,0,$A614)+1,OFFSET($B614,1,$A614,ROW($A$1504)-ROW($A614)),0))","v":0},"Insumo","7.9.11.","Cotação","Serv. Terc.","013","Sucos","Unidade",6,6.4,"DI 1",8,48,null,{"$f":"IF(OR($A614=0,$A614=\"S\",$A614>CFF!$A$9),\"\",MAX(W$11:OFFSET(W614,-1,0))+1)","v":""},"Serv. Terc.-013",93,null,{"$f":"IF($J614=$G$2,ROUND(IF(ISNUMBER(S614),S614,IF(LEFT(S614,2)=\"DI\",HLOOKUP(S614,DADOS!$T$29:$X$30,2,FALSE),0)),4),\"\")","v":0.25}]
[{"$f":"CHOOSE(1+LOG(1+2*(J615=$C$2)+4*(J615=$D$2)+8*(J615=$E$2)+16*(J615=$F$2)+32*(J615=$G$2),2),0,1,2,3,4,\"S\")","v":"S"},{"$f":"IF(OR(A615=\"S\",A615=0),0,IF(ISERROR(I615),H615,SMALL(H615:I615,1)))","v":0},{"$f":"IF($A615=1,OFFSET(C615,-1,0)+1,OFFSET(C615,-1,0))","v":7},{"$f":"IF($A615=1,0,IF($A615=2,OFFSET(D615,-1,0)+1,OFFSET(D615,-1,0)))","v":9},{"$f":"IF(AND($A615<=2,$A615<>0),0,IF($A615=3,OFFSET(E615,-1,0)+1,OFFSET(E615,-1,0)))","v":0},{"$f":"IF(AND($A615<=3,$A615<>0),0,IF($A615=4,OFFSET(F615,-1,0)+1,OFFSET(F615,-1,0)))","v":0},{"$f":"IF(AND($A615<=4,$A615<>0),0,IF($A615=\"S\",OFFSET(G615,-1,0)+1,OFFSET(G615,-1,0)))","v":12},{"$f":"IF(OR($A615=\"S\",$A615=0),0,MATCH(0,OFFSET($B615,1,$A615,ROW($A$1504)-ROW($A615)),0))","v":0},{"$f":"IF(OR($A615=\"S\",$A615=0),0,MATCH(OFFSET($B615,0,$A615)+1,OFFSET($B615,1,$A615,ROW($A$1504)-ROW($A615)),0))","v":0},"Insumo",{"$f":"IF($A615=0,\"-\",CONCATENATE(C615&\".\",IF(AND($A$5>=2,$A615>=2),D615&\".\",\"\"),IF(AND($A$5>=3,$A615>=3),E615&\".\",\"\"),IF(AND($A$5>=4,$A615>=4),F615&\".\",\"\"),IF($A615=\"S\",G615&\".\",\"\")))","v":"7.9.12."},{"$f":"IF(NOT(ISERROR($Y615)),IF($Y615<>FALSE,INDEX(Banco,$Y615,4),\"\"),\"\")","v":"Cotação"},"Serv. Terc.","027",{"$f":"IF(NOT(ISERROR($Y615)),IF($Y615<>FALSE,INDEX(Banco,$Y615,5),\"\"),\"\")","v":"Refrigerantes (02 litros) "},{"$f":"IF(NOT(ISERROR($Y615)),IF($Y615<>FALSE,INDEX(Banco,$Y615,6),\"\"),\"\")","v":"Unidade"},10,{"$f":"IF(NOT(ISERROR($Y615)),IF($Y615<>FALSE,INDEX(Banco,$Y615,7),0),0)","v":6},"DI 1",{"$f":"IF($J615=$G$2,ROUND(ROUND($R615,2)*IF($R$9=\"Preço Unitário (R$)\",1,1+$AA615),2),0)","v":7.5},{"$f":"IF($A615=\"S\",VTOTAL1,IF($A615=0,0,ROUND(SomaAgrup,2)))","v":75},null,{"$f":"IF(OR($A615=0,$A615=\"S\",$A615>CFF!$A$9),\"\",MAX(W$11:OFFSET(W615,-1,0))+1)","v":""},{"$f":"IF(AND($J615=$G$2,$N615<>\"\",$M615<>\"\"),CONCATENATE($M615,\"-\",$N615))","v":"Serv. Terc.-027"},{"$f":"IF(X615<>FALSE,MATCH(X615,OFFSET(Banco,0,0,,1),0))","v":107},null,{"$f":"IF($J615=$G$2,ROUND(IF(ISNUMBER(S615),S615,IF(LEFT(S615,2)=\"DI\",HLOOKUP(S615,DADOS!$T$29:$X$30,2,FALSE),0)),4),\"\")","v":0.25}]
[{"$f":"CHOOSE(1+LOG(1+2*(J616=$C$2)+4*(J616=$D$2)+8*(J616=$E$2)+16*(J616=$F$2)+32*(J616=$G$2),2),0,1,2,3,4,\"S\")","v":"S"},{"$f":"IF(OR(A616=\"S\",A616=0),0,IF(ISERROR(I616),H616,SMALL(H616:I616,1)))","v":0},{"$f":"IF($A616=1,OFFSET(C616,-1,0)+1,OFFSET(C616,-1,0))","v":7},{"$f":"IF($A616=1,0,IF($A616=2,OFFSET(D616,-1,0)+1,OFFSET(D616,-1,0)))","v":9},{"$f":"IF(AND($A616<=2,$A616<>0),0,IF($A616=3,OFFSET(E616,-1,0)+1,OFFSET(E616,-1,0)))","v":0},{"$f":"IF(AND($A616<=3,$A616<>0),0,IF($A616=4,OFFSET(F616,-1,0)+1,OFFSET(F616,-1,0)))","v":0},{"$f":"IF(AND($A616<=4,$A616<>0),0,IF($A616=\"S\",OFFSET(G616,-1,0)+1,OFFSET(G616,-1,0)))","v":13},{"$f":"IF(OR($A616=\"S\",$A616=0),0,MATCH(0,OFFSET($B616,1,$A616,ROW($A$1504)-ROW($A616)),0))","v":0},{"$f":"IF(OR($A616=\"S\",$A616=0),0,MATCH(OFFSET($B616,0,$A616)+1,OFFSET($B616,1,$A616,ROW($A$1504)-ROW($A616)),0))","v":0},"Insumo",{"$f":"IF($A616=0,\"-\",CONCATENATE(C616&\".\",IF(AND($A$5>=2,$A616>=2),D616&\".\",\"\"),IF(AND($A$5>=3,$A616>=3),E616&\".\",\"\"),IF(AND($A$5>=4,$A616>=4),F616&\".\",\"\"),IF($A616=\"S\",G616&\".\",\"\")))","v":"7.9.13."},{"$f":"IF(NOT(ISERROR($Y616)),IF($Y616<>FALSE,INDEX(Banco,$Y616,4),\"\"),\"\")","v":"Cotação "},"Serv. Terc.","010",{"$f":"IF(NOT(ISERROR($Y616)),IF($Y616<>FALSE,INDEX(Banco,$Y616,5),\"\"),\"\")","v":"Brindes ( descrição nos orçamentos e PTS)"},{"$f":"IF(NOT(ISERROR($Y616)),IF($Y616<>FALSE,INDEX(Banco,$Y616,6),\"\"),\"\")","v":"Unidade"},4,{"$f":"IF(NOT(ISERROR($Y616)),IF($Y616<>FALSE,INDEX(Banco,$Y616,7),0),0)","v":120},"DI 1",{"$f":"IF($J616=$G$2,ROUND(ROUND($R616,2)*IF($R$9=\"Preço Unitário (R$)\",1,1+$AA616),2),0)","v":150},{"$f":"IF($A616=\"S\",VTOTAL1,IF($A616=0,0,ROUND(SomaAgrup,2)))","v":600},null,{"$f":"IF(OR($A616=0,$A616=\"S\",$A616>CFF!$A$9),\"\",MAX(W$11:OFFSET(W616,-1,0))+1)","v":""},{"$f":"IF(AND($J616=$G$2,$N616<>\"\",$M616<>\"\"),CONCATENATE($M616,\"-\",$N616))","v":"Serv. Terc.-010"},{"$f":"IF(X616<>FALSE,MATCH(X616,OFFSET(Banco,0,0,,1),0))","v":90},null,{"$f":"IF($J616=$G$2,ROUND(IF(ISNUMBER(S616),S616,IF(LEFT(S616,2)=\"DI\",HLOOKUP(S616,DADOS!$T$29:$X$30,2,FALSE),0)),4),\"\")","v":0.25}]
["S",0,7,9,0,0,14,{"$f":"IF(OR($A617=\"S\",$A617=0),0,MATCH(0,OFFSET($B617,1,$A617,ROW($A$1504)-ROW($A617)),0))","v":0},{"$f":"IF(OR($A617=\"S\",$A617=0),0,MATCH(OFFSET($B617,0,$A617)+1,OFFSET($B617,1,$A617,ROW($A$1504)-ROW($A617)),0))","v":0},"Insumo","7.9.14.","Cotação","Serv. Terc.","015","Coffee break (salgados)","Centro",8,65,"DI 1",81.25,650,null,{"$f":"IF(OR($A617=0,$A617=\"S\",$A617>CFF!$A$9),\"\",MAX(W$11:OFFSET(W617,-1,0))+1)","v":""},"Serv. Terc.-015",95,null,{"$f":"IF($J617=$G$2,ROUND(IF(ISNUMBER(S617),S617,IF(LEFT(S617,2)=\"DI\",HLOOKUP(S617,DADOS!$T$29:$X$30,2,FALSE),0)),4),\"\")","v":0.25}]
["S",0,{"$f":"IF($A618=1,OFFSET(C618,-1,0)+1,OFFSET(C618,-1,0))","v":7},{"$f":"IF($A618=1,0,IF($A618=2,OFFSET(D618,-1,0)+1,OFFSET(D618,-1,0)))","v":9},{"$f":"IF(AND($A618<=2,$A618<>0),0,IF($A618=3,OFFSET(E618,-1,0)+1,OFFSET(E618,-1,0)))","v":0},{"$f":"IF(AND($A618<=3,$A618<>0),0,IF($A618=4,OFFSET(F618,-1,0)+1,OFFSET(F618,-1,0)))","v":0},{"$f":"IF(AND($A618<=4,$A618<>0),0,IF($A618=\"S\",OFFSET(G618,-1,0)+1,OFFSET(G618,-1,0)))","v":15},{"$f":"IF(OR($A618=\"S\",$A618=0),0,MATCH(0,OFFSET($B618,1,$A618,ROW($A$1504)-ROW($A618)),0))","v":0},{"$f":"IF(OR($A618=\"S\",$A618=0),0,MATCH(OFFSET($B618,0,$A618)+1,OFFSET($B618,1,$A618,ROW($A$1504)-ROW($A618)),0))","v":0},"Insumo","7.9.15.",{"$f":"IF(NOT(ISERROR($Y618)),IF($Y618<>FALSE,INDEX(Banco,$Y618,4),\"\"),\"\")","v":"COREN"},"Serv. Terc.","080",{"$f":"IF(NOT(ISERROR($Y618)),IF($Y618<>FALSE,INDEX(Banco,$Y618,5),\"\"),\"\")","v":"Enfermeiro padrão"},{"$f":"IF(NOT(ISERROR($Y618)),IF($Y618<>FALSE,INDEX(Banco,$Y618,6),\"\"),\"\")","v":"Unidade"},4,{"$f":"IF(NOT(ISERROR($Y618)),IF($Y618<>FALSE,INDEX(Banco,$Y618,7),0),0)","v":123.02},"DI 1",{"$f":"IF($J618=$G$2,ROUND(ROUND($R618,2)*IF($R$9=\"Preço Unitário (R$)\",1,1+$AA618),2),0)","v":153.78},{"$f":"IF($A618=\"S\",VTOTAL1,IF($A618=0,0,ROUND(SomaAgrup,2)))","v":615.12},null,{"$f":"IF(OR($A618=0,$A618=\"S\",$A618>CFF!$A$9),\"\",MAX(W$11:OFFSET(W618,-1,0))+1)","v":""},{"$f":"IF(AND($J618=$G$2,$N618<>\"\",$M618<>\"\"),CONCATENATE($M618,\"-\",$N618))","v":"Serv. Terc.-080"},160,null,{"$f":"IF($J618=$G$2,ROUND(IF(ISNUMBER(S618),S618,IF(LEFT(S618,2)=\"DI\",HLOOKUP(S618,DADOS!$T$29:$X$30,2,FALSE),0)),4),\"\")","v":0.25}]
["S",0,7,9,0,0,16,{"$f":"IF(OR($A619=\"S\",$A619=0),0,MATCH(0,OFFSET($B619,1,$A619,ROW($A$1504)-ROW($A619)),0))","v":0},{"$f":"IF(OR($A619=\"S\",$A619=0),0,MATCH(OFFSET($B619,0,$A619)+1,OFFSET($B619,1,$A619,ROW($A$1504)-ROW($A619)),0))","v":0},"Insumo","7.9.16.","Cotação","Rec. Materiais","020","Guloseimas (balas e pirulito)","Pacote",4,12,"DI 1",15,60,null,{"$f":"IF(OR($A619=0,$A619=\"S\",$A619>CFF!$A$9),\"\",MAX(W$11:OFFSET(W619,-1,0))+1)","v":""},"Rec. Materiais-020",29,null,{"$f":"IF($J619=$G$2,ROUND(IF(ISNUMBER(S619),S619,IF(LEFT(S619,2)=\"DI\",HLOOKUP(S619,DADOS!$T$29:$X$30,2,FALSE),0)),4),\"\")","v":0.25}]
["S",0,7,9,0,0,17,{"$f":"IF(OR($A620=\"S\",$A620=0),0,MATCH(0,OFFSET($B620,1,$A620,ROW($A$1504)-ROW($A620)),0))","v":0},{"$f":"IF(OR($A620=\"S\",$A620=0),0,MATCH(OFFSET($B620,0,$A620)+1,OFFSET($B620,1,$A620,ROW($A$1504)-ROW($A620)),0))","v":0},"Insumo","7.9.17.","Cotação","Rec. Materiais","021",{"$f":"IF(NOT(ISERROR($Y620)),IF($Y620<>FALSE,INDEX(Banco,$Y620,5),\"\"),\"\")","v":"Papel de presente"},"Folhas",8,1.5,"DI 1",1.88,15.04,null,{"$f":"IF(OR($A620=0,$A620=\"S\",$A620>CFF!$A$9),\"\",MAX(W$11:OFFSET(W620,-1,0))+1)","v":""},"Rec. Materiais-021",30,null,{"$f":"IF($J620=$G$2,ROUND(IF(ISNUMBER(S620),S620,IF(LEFT(S620,2)=\"DI\",HLOOKUP(S620,DADOS!$T$29:$X$30,2,FALSE),0)),4),\"\")","v":0.25}]
["S",0,7,9,0,0,18,{"$f":"IF(OR($A621=\"S\",$A621=0),0,MATCH(0,OFFSET($B621,1,$A621,ROW($A$1504)-ROW($A621)),0))","v":0},{"$f":"IF(OR($A621=\"S\",$A621=0),0,MATCH(OFFSET($B621,0,$A621)+1,OFFSET($B621,1,$A621,ROW($A$1504)-ROW($A621)),0))","v":0},"Insumo","7.9.18.","Cotação","Rec. Materiais","026",{"$f":"IF(NOT(ISERROR($Y621)),IF($Y621<>FALSE,INDEX(Banco,$Y621,5),\"\"),\"\")","v":"Saco de lixo (100 litros)"},"Pacote",1,15,"DI 1",18.75,18.75,null,{"$f":"IF(OR($A621=0,$A621=\"S\",$A621>CFF!$A$9),\"\",MAX(W$11:OFFSET(W621,-1,0))+1)","v":""},"Rec. Materiais-026",35,null,{"$f":"IF($J621=$G$2,ROUND(IF(ISNUMBER(S621),S621,IF(LEFT(S621,2)=\"DI\",HLOOKUP(S621,DADOS!$T$29:$X$30,2,FALSE),0)),4),\"\")","v":0.25}]
[{"$f":"CHOOSE(1+LOG(1+2*(J622=$C$2)+4*(J622=$D$2)+8*(J622=$E$2)+16*(J622=$F$2)+32*(J622=$G$2),2),0,1,2,3,4,\"S\")","v":2},{"$f":"IF(OR(A622=\"S\",A622=0),0,IF(ISERROR(I622),H622,SMALL(H622:I622,1)))","v":19},{"$f":"IF($A622=1,OFFSET(C622,-1,0)+1,OFFSET(C622,-1,0))","v":7},{"$f":"IF($A622=1,0,IF($A622=2,OFFSET(D622,-1,0)+1,OFFSET(D622,-1,0)))","v":10},{"$f":"IF(AND($A622<=2,$A622<>0),0,IF($A622=3,OFFSET(E622,-1,0)+1,OFFSET(E622,-1,0)))","v":0},{"$f":"IF(AND($A622<=3,$A622<>0),0,IF($A622=4,OFFSET(F622,-1,0)+1,OFFSET(F622,-1,0)))","v":0},{"$f":"IF(AND($A622<=4,$A622<>0),0,IF($A622=\"S\",OFFSET(G622,-1,0)+1,OFFSET(G622,-1,0)))","v":0},{"$f":"IF(OR($A622=\"S\",$A622=0),0,MATCH(0,OFFSET($B622,1,$A622,ROW($A$1504)-ROW($A622)),0))","v":19},{"$f":"IF(OR($A622=\"S\",$A622=0),0,MATCH(OFFSET($B622,0,$A622)+1,OFFSET($B622,1,$A622,ROW($A$1504)-ROW($A622)),0))","v":158},"AtivNível 1",{"$f":"IF($A622=0,\"-\",CONCATENATE(C622&\".\",IF(AND($A$5>=2,$A622>=2),D622&\".\",\"\"),IF(AND($A$5>=3,$A622>=3),E622&\".\",\"\"),IF(AND($A$5>=4,$A622>=4),F622&\".\",\"\"),IF($A622=\"S\",G622&\".\",\"\")))","v":"7.10."},{"$f":"IF(NOT(ISERROR($Y622)),IF($Y622<>FALSE,INDEX(Banco,$Y622,4),\"\"),\"\")","v":""},null,null,"Atividade 44 - Palestra: Idoso, família, saúde e sociedade Bairro Frutal de Minas e Jardim Paula II",{"$f":"IF(NOT(ISERROR($Y622)),IF($Y622<>FALSE,INDEX(Banco,$Y622,6),\"\"),\"\")","v":""},null,{"$f":"IF(NOT(ISERROR($Y622)),IF($Y622<>FALSE,INDEX(Banco,$Y622,7),0),0)","v":0},"DI 1",{"$f":"IF($J622=$G$2,ROUND(ROUND($R622,2)*IF($R$9=\"Preço Unitário (R$)\",1,1+$AA622),2),0)","v":0},{"$f":"IF($A622=\"S\",VTOTAL1,IF($A622=0,0,ROUND(SomaAgrup,2)))","v":6055.69},null,{"$f":"IF(OR($A622=0,$A622=\"S\",$A622>CFF!$A$9),\"\",MAX(W$11:OFFSET(W622,-1,0))+1)","v":51},{"$f":"IF(AND($J622=$G$2,$N622<>\"\",$M622<>\"\"),CONCATENATE($M622,\"-\",$N622))","v":false},{"$f":"IF(X622<>FALSE,MATCH(X622,OFFSET(Banco,0,0,,1),0))","v":false},null,{"$f":"IF($J622=$G$2,ROUND(IF(ISNUMBER(S622),S622,IF(LEFT(S622,2)=\"DI\",HLOOKUP(S622,DADOS!$T$29:$X$30,2,FALSE),0)),4),\"\")","v":""}]
[{"$f":"CHOOSE(1+LOG(1+2*(J623=$C$2)+4*(J623=$D$2)+8*(J623=$E$2)+16*(J623=$F$2)+32*(J623=$G$2),2),0,1,2,3,4,\"S\")","v":"S"},{"$f":"IF(OR(A623=\"S\",A623=0),0,IF(ISERROR(I623),H623,SMALL(H623:I623,1)))","v":0},{"$f":"IF($A623=1,OFFSET(C623,-1,0)+1,OFFSET(C623,-1,0))","v":7},{"$f":"IF($A623=1,0,IF($A623=2,OFFSET(D623,-1,0)+1,OFFSET(D623,-1,0)))","v":10},{"$f":"IF(AND($A623<=2,$A623<>0),0,IF($A623=3,OFFSET(E623,-1,0)+1,OFFSET(E623,-1,0)))","v":0},{"$f":"IF(AND($A623<=3,$A623<>0),0,IF($A623=4,OFFSET(F623,-1,0)+1,OFFSET(F623,-1,0)))","v":0},{"$f":"IF(AND($A623<=4,$A623<>0),0,IF($A623=\"S\",OFFSET(G623,-1,0)+1,OFFSET(G623,-1,0)))","v":1},{"$f":"IF(OR($A623=\"S\",$A623=0),0,MATCH(0,OFFSET($B623,1,$A623,ROW($A$1504)-ROW($A623)),0))","v":0},{"$f":"IF(OR($A623=\"S\",$A623=0),0,MATCH(OFFSET($B623,0,$A623)+1,OFFSET($B623,1,$A623,ROW($A$1504)-ROW($A623)),0))","v":0},"Insumo",{"$f":"IF($A623=0,\"-\",CONCATENATE(C623&\".\",IF(AND($A$5>=2,$A623>=2),D623&\".\",\"\"),IF(AND($A$5>=3,$A623>=3),E623&\".\",\"\"),IF(AND($A$5>=4,$A623>=4),F623&\".\",\"\"),IF($A623=\"S\",G623&\".\",\"\")))","v":"7.10.1."},{"$f":"IF(NOT(ISERROR($Y623)),IF($Y623<>FALSE,INDEX(Banco,$Y623,4),\"\"),\"\")","v":"CRESS"},"Rec. Humanos","001",{"$f":"IF(NOT(ISERROR($Y623)),IF($Y623<>FALSE,INDEX(Banco,$Y623,5),\"\"),\"\")","v":"Responsável Técnica"},{"$f":"IF(NOT(ISERROR($Y623)),IF($Y623<>FALSE,INDEX(Banco,$Y623,6),\"\"),\"\")","v":"Horas"},6,{"$f":"IF(NOT(ISERROR($Y623)),IF($Y623<>FALSE,INDEX(Banco,$Y623,7),0),0)","v":150.28},"DI 1",{"$f":"IF($J623=$G$2,ROUND(ROUND($R623,2)*IF($R$9=\"Preço Unitário (R$)\",1,1+$AA623),2),0)","v":187.85},{"$f":"IF($A623=\"S\",VTOTAL1,IF($A623=0,0,ROUND(SomaAgrup,2)))","v":1127.0999999999999},null,{"$f":"IF(OR($A623=0,$A623=\"S\",$A623>CFF!$A$9),\"\",MAX(W$11:OFFSET(W623,-1,0))+1)","v":""},{"$f":"IF(AND($J623=$G$2,$N623<>\"\",$M623<>\"\"),CONCATENATE($M623,\"-\",$N623))","v":"Rec. Humanos-001"},{"$f":"IF(X623<>FALSE,MATCH(X623,OFFSET(Banco,0,0,,1),0))","v":3},null,{"$f":"IF($J623=$G$2,ROUND(IF(ISNUMBER(S623),S623,IF(LEFT(S623,2)=\"DI\",HLOOKUP(S623,DADOS!$T$29:$X$30,2,FALSE),0)),4),\"\")","v":0.25}]
["S",0,7,10,0,0,2,{"$f":"IF(OR($A624=\"S\",$A624=0),0,MATCH(0,OFFSET($B624,1,$A624,ROW($A$1504)-ROW($A624)),0))","v":0},{"$f":"IF(OR($A624=\"S\",$A624=0),0,MATCH(OFFSET($B624,0,$A624)+1,OFFSET($B624,1,$A624,ROW($A$1504)-ROW($A624)),0))","v":0},"Insumo","7.10.2.","CRESS","Rec. Humanos","002",{"$f":"IF(NOT(ISERROR($Y624)),IF($Y624<>FALSE,INDEX(Banco,$Y624,5),\"\"),\"\")","v":"Assistente Social"},"Horas",4,133.81,"DI 1",167.26,669.04,null,{"$f":"IF(OR($A624=0,$A624=\"S\",$A624>CFF!$A$9),\"\",MAX(W$11:OFFSET(W624,-1,0))+1)","v":""},"Rec. Humanos-002",4,null,{"$f":"IF($J624=$G$2,ROUND(IF(ISNUMBER(S624),S624,IF(LEFT(S624,2)=\"DI\",HLOOKUP(S624,DADOS!$T$29:$X$30,2,FALSE),0)),4),\"\")","v":0.25}]
["S",0,7,10,0,0,3,{"$f":"IF(OR($A625=\"S\",$A625=0),0,MATCH(0,OFFSET($B625,1,$A625,ROW($A$1504)-ROW($A625)),0))","v":0},{"$f":"IF(OR($A625=\"S\",$A625=0),0,MATCH(OFFSET($B625,0,$A625)+1,OFFSET($B625,1,$A625,ROW($A$1504)-ROW($A625)),0))","v":0},"Insumo","7.10.3.","Cotação","Rec. Humanos","003","Administrador (Técnico de Apoio) ","Horas",4,103.65,"DI 1",129.56,518.24,null,{"$f":"IF(OR($A625=0,$A625=\"S\",$A625>CFF!$A$9),\"\",MAX(W$11:OFFSET(W625,-1,0))+1)","v":""},"Rec. Humanos-003",5,null,{"$f":"IF($J625=$G$2,ROUND(IF(ISNUMBER(S625),S625,IF(LEFT(S625,2)=\"DI\",HLOOKUP(S625,DADOS!$T$29:$X$30,2,FALSE),0)),4),\"\")","v":0.25}]
["S",0,7,10,0,0,4,{"$f":"IF(OR($A626=\"S\",$A626=0),0,MATCH(0,OFFSET($B626,1,$A626,ROW($A$1504)-ROW($A626)),0))","v":0},{"$f":"IF(OR($A626=\"S\",$A626=0),0,MATCH(OFFSET($B626,0,$A626)+1,OFFSET($B626,1,$A626,ROW($A$1504)-ROW($A626)),0))","v":0},"Insumo","7.10.4.","SINE","Rec. Humanos","004","Estagiários","Horas",10,9.7899999999999991,"DI 1",12.24,122.4,null,{"$f":"IF(OR($A626=0,$A626=\"S\",$A626>CFF!$A$9),\"\",MAX(W$11:OFFSET(W626,-1,0))+1)","v":""},"Rec. Humanos-004",6,null,{"$f":"IF($J626=$G$2,ROUND(IF(ISNUMBER(S626),S626,IF(LEFT(S626,2)=\"DI\",HLOOKUP(S626,DADOS!$T$29:$X$30,2,FALSE),0)),4),\"\")","v":0.25}]
["S",0,7,10,0,0,5,{"$f":"IF(OR($A627=\"S\",$A627=0),0,MATCH(0,OFFSET($B627,1,$A627,ROW($A$1504)-ROW($A627)),0))","v":0},{"$f":"IF(OR($A627=\"S\",$A627=0),0,MATCH(OFFSET($B627,0,$A627)+1,OFFSET($B627,1,$A627,ROW($A$1504)-ROW($A627)),0))","v":0},"Insumo","7.10.5.","Cotação","Serv. Terc.","001","Fotocópias","Unidade",150,0.3,"DI 1",0.38,57,null,{"$f":"IF(OR($A627=0,$A627=\"S\",$A627>CFF!$A$9),\"\",MAX(W$11:OFFSET(W627,-1,0))+1)","v":""},"Serv. Terc.-001",81,null,{"$f":"IF($J627=$G$2,ROUND(IF(ISNUMBER(S627),S627,IF(LEFT(S627,2)=\"DI\",HLOOKUP(S627,DADOS!$T$29:$X$30,2,FALSE),0)),4),\"\")","v":0.25}]
["S",0,{"$f":"IF($A628=1,OFFSET(C628,-1,0)+1,OFFSET(C628,-1,0))","v":7},{"$f":"IF($A628=1,0,IF($A628=2,OFFSET(D628,-1,0)+1,OFFSET(D628,-1,0)))","v":10},{"$f":"IF(AND($A628<=2,$A628<>0),0,IF($A628=3,OFFSET(E628,-1,0)+1,OFFSET(E628,-1,0)))","v":0},{"$f":"IF(AND($A628<=3,$A628<>0),0,IF($A628=4,OFFSET(F628,-1,0)+1,OFFSET(F628,-1,0)))","v":0},{"$f":"IF(AND($A628<=4,$A628<>0),0,IF($A628=\"S\",OFFSET(G628,-1,0)+1,OFFSET(G628,-1,0)))","v":6},{"$f":"IF(OR($A628=\"S\",$A628=0),0,MATCH(0,OFFSET($B628,1,$A628,ROW($A$1504)-ROW($A628)),0))","v":0},{"$f":"IF(OR($A628=\"S\",$A628=0),0,MATCH(OFFSET($B628,0,$A628)+1,OFFSET($B628,1,$A628,ROW($A$1504)-ROW($A628)),0))","v":0},"Insumo","7.10.6.",{"$f":"IF(NOT(ISERROR($Y628)),IF($Y628<>FALSE,INDEX(Banco,$Y628,4),\"\"),\"\")","v":"Cotação"},"Serv. Terc.","017",{"$f":"IF(NOT(ISERROR($Y628)),IF($Y628<>FALSE,INDEX(Banco,$Y628,5),\"\"),\"\")","v":"Instrutor/Monitor (Educação Fisíca)"},{"$f":"IF(NOT(ISERROR($Y628)),IF($Y628<>FALSE,INDEX(Banco,$Y628,6),\"\"),\"\")","v":"Horas"},3,{"$f":"IF(NOT(ISERROR($Y628)),IF($Y628<>FALSE,INDEX(Banco,$Y628,7),0),0)","v":100},"DI 1",{"$f":"IF($J628=$G$2,ROUND(ROUND($R628,2)*IF($R$9=\"Preço Unitário (R$)\",1,1+$AA628),2),0)","v":125},{"$f":"IF($A628=\"S\",VTOTAL1,IF($A628=0,0,ROUND(SomaAgrup,2)))","v":375},null,{"$f":"IF(OR($A628=0,$A628=\"S\",$A628>CFF!$A$9),\"\",MAX(W$11:OFFSET(W628,-1,0))+1)","v":""},{"$f":"IF(AND($J628=$G$2,$N628<>\"\",$M628<>\"\"),CONCATENATE($M628,\"-\",$N628))","v":"Serv. Terc.-017"},97,null,{"$f":"IF($J628=$G$2,ROUND(IF(ISNUMBER(S628),S628,IF(LEFT(S628,2)=\"DI\",HLOOKUP(S628,DADOS!$T$29:$X$30,2,FALSE),0)),4),\"\")","v":0.25}]
[{"$f":"CHOOSE(1+LOG(1+2*(J629=$C$2)+4*(J629=$D$2)+8*(J629=$E$2)+16*(J629=$F$2)+32*(J629=$G$2),2),0,1,2,3,4,\"S\")","v":"S"},{"$f":"IF(OR(A629=\"S\",A629=0),0,IF(ISERROR(I629),H629,SMALL(H629:I629,1)))","v":0},7,10,0,0,7,{"$f":"IF(OR($A629=\"S\",$A629=0),0,MATCH(0,OFFSET($B629,1,$A629,ROW($A$1504)-ROW($A629)),0))","v":0},{"$f":"IF(OR($A629=\"S\",$A629=0),0,MATCH(OFFSET($B629,0,$A629)+1,OFFSET($B629,1,$A629,ROW($A$1504)-ROW($A629)),0))","v":0},"Insumo",{"$f":"IF($A629=0,\"-\",CONCATENATE(C629&\".\",IF(AND($A$5>=2,$A629>=2),D629&\".\",\"\"),IF(AND($A$5>=3,$A629>=3),E629&\".\",\"\"),IF(AND($A$5>=4,$A629>=4),F629&\".\",\"\"),IF($A629=\"S\",G629&\".\",\"\")))","v":"7.10.7."},"Cotação","Serv. Terc.","002","Carro de som com gravação de vinheta","Horas",3,200,"DI 1",250,750,null,{"$f":"IF(OR($A629=0,$A629=\"S\",$A629>CFF!$A$9),\"\",MAX(W$11:OFFSET(W629,-1,0))+1)","v":""},"Serv. Terc.-002",{"$f":"IF(X629<>FALSE,MATCH(X629,OFFSET(Banco,0,0,,1),0))","v":82},null,{"$f":"IF($J629=$G$2,ROUND(IF(ISNUMBER(S629),S629,IF(LEFT(S629,2)=\"DI\",HLOOKUP(S629,DADOS!$T$29:$X$30,2,FALSE),0)),4),\"\")","v":0.25}]
["S",0,7,10,0,0,8,{"$f":"IF(OR($A630=\"S\",$A630=0),0,MATCH(0,OFFSET($B630,1,$A630,ROW($A$1504)-ROW($A630)),0))","v":0},{"$f":"IF(OR($A630=\"S\",$A630=0),0,MATCH(OFFSET($B630,0,$A630)+1,OFFSET($B630,1,$A630,ROW($A$1504)-ROW($A630)),0))","v":0},"Insumo","7.10.8.","Cotação","Serv. Terc.","005","Locação de caixa térmica","Unidade",1,40,"DI 1",50,50,null,{"$f":"IF(OR($A630=0,$A630=\"S\",$A630>CFF!$A$9),\"\",MAX(W$11:OFFSET(W630,-1,0))+1)","v":""},"Serv. Terc.-005",85,null,{"$f":"IF($J630=$G$2,ROUND(IF(ISNUMBER(S630),S630,IF(LEFT(S630,2)=\"DI\",HLOOKUP(S630,DADOS!$T$29:$X$30,2,FALSE),0)),4),\"\")","v":0.25}]
["S",0,7,10,0,0,9,{"$f":"IF(OR($A631=\"S\",$A631=0),0,MATCH(0,OFFSET($B631,1,$A631,ROW($A$1504)-ROW($A631)),0))","v":0},{"$f":"IF(OR($A631=\"S\",$A631=0),0,MATCH(OFFSET($B631,0,$A631)+1,OFFSET($B631,1,$A631,ROW($A$1504)-ROW($A631)),0))","v":0},"Insumo","7.10.9.","Cotação","Serv. Terc.","008","Locação de pula-pula com monitor","Unidade",1,220,"DI 1",275,275,null,{"$f":"IF(OR($A631=0,$A631=\"S\",$A631>CFF!$A$9),\"\",MAX(W$11:OFFSET(W631,-1,0))+1)","v":""},"Serv. Terc.-008",88,null,{"$f":"IF($J631=$G$2,ROUND(IF(ISNUMBER(S631),S631,IF(LEFT(S631,2)=\"DI\",HLOOKUP(S631,DADOS!$T$29:$X$30,2,FALSE),0)),4),\"\")","v":0.25}]
["S",0,7,10,0,0,10,{"$f":"IF(OR($A632=\"S\",$A632=0),0,MATCH(0,OFFSET($B632,1,$A632,ROW($A$1504)-ROW($A632)),0))","v":0},{"$f":"IF(OR($A632=\"S\",$A632=0),0,MATCH(OFFSET($B632,0,$A632)+1,OFFSET($B632,1,$A632,ROW($A$1504)-ROW($A632)),0))","v":0},"Insumo","7.10.10.","Cotação ","Serv. Terc.","011","Barra de gelo","Unidade",2,12,"DI 1",15,30,null,{"$f":"IF(OR($A632=0,$A632=\"S\",$A632>CFF!$A$9),\"\",MAX(W$11:OFFSET(W632,-1,0))+1)","v":""},"Serv. Terc.-011",91,null,{"$f":"IF($J632=$G$2,ROUND(IF(ISNUMBER(S632),S632,IF(LEFT(S632,2)=\"DI\",HLOOKUP(S632,DADOS!$T$29:$X$30,2,FALSE),0)),4),\"\")","v":0.25}]
["S",0,7,10,0,0,11,{"$f":"IF(OR($A633=\"S\",$A633=0),0,MATCH(0,OFFSET($B633,1,$A633,ROW($A$1504)-ROW($A633)),0))","v":0},{"$f":"IF(OR($A633=\"S\",$A633=0),0,MATCH(OFFSET($B633,0,$A633)+1,OFFSET($B633,1,$A633,ROW($A$1504)-ROW($A633)),0))","v":0},"Insumo","7.10.11.","Cotação","Serv. Terc.","013","Sucos","Unidade",6,6.4,"DI 1",8,48,null,{"$f":"IF(OR($A633=0,$A633=\"S\",$A633>CFF!$A$9),\"\",MAX(W$11:OFFSET(W633,-1,0))+1)","v":""},"Serv. Terc.-013",93,null,{"$f":"IF($J633=$G$2,ROUND(IF(ISNUMBER(S633),S633,IF(LEFT(S633,2)=\"DI\",HLOOKUP(S633,DADOS!$T$29:$X$30,2,FALSE),0)),4),\"\")","v":0.25}]
[{"$f":"CHOOSE(1+LOG(1+2*(J634=$C$2)+4*(J634=$D$2)+8*(J634=$E$2)+16*(J634=$F$2)+32*(J634=$G$2),2),0,1,2,3,4,\"S\")","v":"S"},{"$f":"IF(OR(A634=\"S\",A634=0),0,IF(ISERROR(I634),H634,SMALL(H634:I634,1)))","v":0},{"$f":"IF($A634=1,OFFSET(C634,-1,0)+1,OFFSET(C634,-1,0))","v":7},{"$f":"IF($A634=1,0,IF($A634=2,OFFSET(D634,-1,0)+1,OFFSET(D634,-1,0)))","v":10},{"$f":"IF(AND($A634<=2,$A634<>0),0,IF($A634=3,OFFSET(E634,-1,0)+1,OFFSET(E634,-1,0)))","v":0},{"$f":"IF(AND($A634<=3,$A634<>0),0,IF($A634=4,OFFSET(F634,-1,0)+1,OFFSET(F634,-1,0)))","v":0},{"$f":"IF(AND($A634<=4,$A634<>0),0,IF($A634=\"S\",OFFSET(G634,-1,0)+1,OFFSET(G634,-1,0)))","v":12},{"$f":"IF(OR($A634=\"S\",$A634=0),0,MATCH(0,OFFSET($B634,1,$A634,ROW($A$1504)-ROW($A634)),0))","v":0},{"$f":"IF(OR($A634=\"S\",$A634=0),0,MATCH(OFFSET($B634,0,$A634)+1,OFFSET($B634,1,$A634,ROW($A$1504)-ROW($A634)),0))","v":0},"Insumo",{"$f":"IF($A634=0,\"-\",CONCATENATE(C634&\".\",IF(AND($A$5>=2,$A634>=2),D634&\".\",\"\"),IF(AND($A$5>=3,$A634>=3),E634&\".\",\"\"),IF(AND($A$5>=4,$A634>=4),F634&\".\",\"\"),IF($A634=\"S\",G634&\".\",\"\")))","v":"7.10.12."},{"$f":"IF(NOT(ISERROR($Y634)),IF($Y634<>FALSE,INDEX(Banco,$Y634,4),\"\"),\"\")","v":"Cotação"},"Serv. Terc.","027",{"$f":"IF(NOT(ISERROR($Y634)),IF($Y634<>FALSE,INDEX(Banco,$Y634,5),\"\"),\"\")","v":"Refrigerantes (02 litros) "},{"$f":"IF(NOT(ISERROR($Y634)),IF($Y634<>FALSE,INDEX(Banco,$Y634,6),\"\"),\"\")","v":"Unidade"},10,{"$f":"IF(NOT(ISERROR($Y634)),IF($Y634<>FALSE,INDEX(Banco,$Y634,7),0),0)","v":6},"DI 1",{"$f":"IF($J634=$G$2,ROUND(ROUND($R634,2)*IF($R$9=\"Preço Unitário (R$)\",1,1+$AA634),2),0)","v":7.5},{"$f":"IF($A634=\"S\",VTOTAL1,IF($A634=0,0,ROUND(SomaAgrup,2)))","v":75},null,{"$f":"IF(OR($A634=0,$A634=\"S\",$A634>CFF!$A$9),\"\",MAX(W$11:OFFSET(W634,-1,0))+1)","v":""},{"$f":"IF(AND($J634=$G$2,$N634<>\"\",$M634<>\"\"),CONCATENATE($M634,\"-\",$N634))","v":"Serv. Terc.-027"},{"$f":"IF(X634<>FALSE,MATCH(X634,OFFSET(Banco,0,0,,1),0))","v":107},null,{"$f":"IF($J634=$G$2,ROUND(IF(ISNUMBER(S634),S634,IF(LEFT(S634,2)=\"DI\",HLOOKUP(S634,DADOS!$T$29:$X$30,2,FALSE),0)),4),\"\")","v":0.25}]
["S",0,{"$f":"IF($A635=1,OFFSET(C635,-1,0)+1,OFFSET(C635,-1,0))","v":7},{"$f":"IF($A635=1,0,IF($A635=2,OFFSET(D635,-1,0)+1,OFFSET(D635,-1,0)))","v":10},{"$f":"IF(AND($A635<=2,$A635<>0),0,IF($A635=3,OFFSET(E635,-1,0)+1,OFFSET(E635,-1,0)))","v":0},{"$f":"IF(AND($A635<=3,$A635<>0),0,IF($A635=4,OFFSET(F635,-1,0)+1,OFFSET(F635,-1,0)))","v":0},{"$f":"IF(AND($A635<=4,$A635<>0),0,IF($A635=\"S\",OFFSET(G635,-1,0)+1,OFFSET(G635,-1,0)))","v":13},{"$f":"IF(OR($A635=\"S\",$A635=0),0,MATCH(0,OFFSET($B635,1,$A635,ROW($A$1504)-ROW($A635)),0))","v":0},{"$f":"IF(OR($A635=\"S\",$A635=0),0,MATCH(OFFSET($B635,0,$A635)+1,OFFSET($B635,1,$A635,ROW($A$1504)-ROW($A635)),0))","v":0},"Insumo","7.10.13.",{"$f":"IF(NOT(ISERROR($Y635)),IF($Y635<>FALSE,INDEX(Banco,$Y635,4),\"\"),\"\")","v":"Cotação "},"Serv. Terc.","010",{"$f":"IF(NOT(ISERROR($Y635)),IF($Y635<>FALSE,INDEX(Banco,$Y635,5),\"\"),\"\")","v":"Brindes ( descrição nos orçamentos e PTS)"},{"$f":"IF(NOT(ISERROR($Y635)),IF($Y635<>FALSE,INDEX(Banco,$Y635,6),\"\"),\"\")","v":"Unidade"},4,{"$f":"IF(NOT(ISERROR($Y635)),IF($Y635<>FALSE,INDEX(Banco,$Y635,7),0),0)","v":120},"DI 1",{"$f":"IF($J635=$G$2,ROUND(ROUND($R635,2)*IF($R$9=\"Preço Unitário (R$)\",1,1+$AA635),2),0)","v":150},{"$f":"IF($A635=\"S\",VTOTAL1,IF($A635=0,0,ROUND(SomaAgrup,2)))","v":600},null,{"$f":"IF(OR($A635=0,$A635=\"S\",$A635>CFF!$A$9),\"\",MAX(W$11:OFFSET(W635,-1,0))+1)","v":""},{"$f":"IF(AND($J635=$G$2,$N635<>\"\",$M635<>\"\"),CONCATENATE($M635,\"-\",$N635))","v":"Serv. Terc.-010"},90,null,{"$f":"IF($J635=$G$2,ROUND(IF(ISNUMBER(S635),S635,IF(LEFT(S635,2)=\"DI\",HLOOKUP(S635,DADOS!$T$29:$X$30,2,FALSE),0)),4),\"\")","v":0.25}]
["S",0,7,10,0,0,14,{"$f":"IF(OR($A636=\"S\",$A636=0),0,MATCH(0,OFFSET($B636,1,$A636,ROW($A$1504)-ROW($A636)),0))","v":0},{"$f":"IF(OR($A636=\"S\",$A636=0),0,MATCH(OFFSET($B636,0,$A636)+1,OFFSET($B636,1,$A636,ROW($A$1504)-ROW($A636)),0))","v":0},"Insumo","7.10.14.","Cotação","Serv. Terc.","015","Coffee break (salgados)","Centro",8,65,"DI 1",81.25,650,null,{"$f":"IF(OR($A636=0,$A636=\"S\",$A636>CFF!$A$9),\"\",MAX(W$11:OFFSET(W636,-1,0))+1)","v":""},"Serv. Terc.-015",95,null,{"$f":"IF($J636=$G$2,ROUND(IF(ISNUMBER(S636),S636,IF(LEFT(S636,2)=\"DI\",HLOOKUP(S636,DADOS!$T$29:$X$30,2,FALSE),0)),4),\"\")","v":0.25}]
["S",0,{"$f":"IF($A637=1,OFFSET(C637,-1,0)+1,OFFSET(C637,-1,0))","v":7},{"$f":"IF($A637=1,0,IF($A637=2,OFFSET(D637,-1,0)+1,OFFSET(D637,-1,0)))","v":10},{"$f":"IF(AND($A637<=2,$A637<>0),0,IF($A637=3,OFFSET(E637,-1,0)+1,OFFSET(E637,-1,0)))","v":0},{"$f":"IF(AND($A637<=3,$A637<>0),0,IF($A637=4,OFFSET(F637,-1,0)+1,OFFSET(F637,-1,0)))","v":0},{"$f":"IF(AND($A637<=4,$A637<>0),0,IF($A637=\"S\",OFFSET(G637,-1,0)+1,OFFSET(G637,-1,0)))","v":15},{"$f":"IF(OR($A637=\"S\",$A637=0),0,MATCH(0,OFFSET($B637,1,$A637,ROW($A$1504)-ROW($A637)),0))","v":0},{"$f":"IF(OR($A637=\"S\",$A637=0),0,MATCH(OFFSET($B637,0,$A637)+1,OFFSET($B637,1,$A637,ROW($A$1504)-ROW($A637)),0))","v":0},"Insumo","7.10.15.",{"$f":"IF(NOT(ISERROR($Y637)),IF($Y637<>FALSE,INDEX(Banco,$Y637,4),\"\"),\"\")","v":"COREN"},"Serv. Terc.","080",{"$f":"IF(NOT(ISERROR($Y637)),IF($Y637<>FALSE,INDEX(Banco,$Y637,5),\"\"),\"\")","v":"Enfermeiro padrão"},{"$f":"IF(NOT(ISERROR($Y637)),IF($Y637<>FALSE,INDEX(Banco,$Y637,6),\"\"),\"\")","v":"Unidade"},4,{"$f":"IF(NOT(ISERROR($Y637)),IF($Y637<>FALSE,INDEX(Banco,$Y637,7),0),0)","v":123.02},"DI 1",{"$f":"IF($J637=$G$2,ROUND(ROUND($R637,2)*IF($R$9=\"Preço Unitário (R$)\",1,1+$AA637),2),0)","v":153.78},{"$f":"IF($A637=\"S\",VTOTAL1,IF($A637=0,0,ROUND(SomaAgrup,2)))","v":615.12},null,{"$f":"IF(OR($A637=0,$A637=\"S\",$A637>CFF!$A$9),\"\",MAX(W$11:OFFSET(W637,-1,0))+1)","v":""},{"$f":"IF(AND($J637=$G$2,$N637<>\"\",$M637<>\"\"),CONCATENATE($M637,\"-\",$N637))","v":"Serv. Terc.-080"},160,null,{"$f":"IF($J637=$G$2,ROUND(IF(ISNUMBER(S637),S637,IF(LEFT(S637,2)=\"DI\",HLOOKUP(S637,DADOS!$T$29:$X$30,2,FALSE),0)),4),\"\")","v":0.25}]
["S",0,7,10,0,0,16,{"$f":"IF(OR($A638=\"S\",$A638=0),0,MATCH(0,OFFSET($B638,1,$A638,ROW($A$1504)-ROW($A638)),0))","v":0},{"$f":"IF(OR($A638=\"S\",$A638=0),0,MATCH(OFFSET($B638,0,$A638)+1,OFFSET($B638,1,$A638,ROW($A$1504)-ROW($A638)),0))","v":0},"Insumo","7.10.16.","Cotação","Rec. Materiais","020","Guloseimas (balas e pirulito)","Pacote",4,12,"DI 1",15,60,null,{"$f":"IF(OR($A638=0,$A638=\"S\",$A638>CFF!$A$9),\"\",MAX(W$11:OFFSET(W638,-1,0))+1)","v":""},"Rec. Materiais-020",29,null,{"$f":"IF($J638=$G$2,ROUND(IF(ISNUMBER(S638),S638,IF(LEFT(S638,2)=\"DI\",HLOOKUP(S638,DADOS!$T$29:$X$30,2,FALSE),0)),4),\"\")","v":0.25}]
["S",0,7,10,0,0,17,{"$f":"IF(OR($A639=\"S\",$A639=0),0,MATCH(0,OFFSET($B639,1,$A639,ROW($A$1504)-ROW($A639)),0))","v":0},{"$f":"IF(OR($A639=\"S\",$A639=0),0,MATCH(OFFSET($B639,0,$A639)+1,OFFSET($B639,1,$A639,ROW($A$1504)-ROW($A639)),0))","v":0},"Insumo","7.10.17.","Cotação","Rec. Materiais","021",{"$f":"IF(NOT(ISERROR($Y639)),IF($Y639<>FALSE,INDEX(Banco,$Y639,5),\"\"),\"\")","v":"Papel de presente"},"Folhas",8,1.5,"DI 1",1.88,15.04,null,{"$f":"IF(OR($A639=0,$A639=\"S\",$A639>CFF!$A$9),\"\",MAX(W$11:OFFSET(W639,-1,0))+1)","v":""},"Rec. Materiais-021",30,null,{"$f":"IF($J639=$G$2,ROUND(IF(ISNUMBER(S639),S639,IF(LEFT(S639,2)=\"DI\",HLOOKUP(S639,DADOS!$T$29:$X$30,2,FALSE),0)),4),\"\")","v":0.25}]
["S",0,7,10,0,0,18,{"$f":"IF(OR($A640=\"S\",$A640=0),0,MATCH(0,OFFSET($B640,1,$A640,ROW($A$1504)-ROW($A640)),0))","v":0},{"$f":"IF(OR($A640=\"S\",$A640=0),0,MATCH(OFFSET($B640,0,$A640)+1,OFFSET($B640,1,$A640,ROW($A$1504)-ROW($A640)),0))","v":0},"Insumo","7.10.18.","Cotação","Rec. Materiais","026",{"$f":"IF(NOT(ISERROR($Y640)),IF($Y640<>FALSE,INDEX(Banco,$Y640,5),\"\"),\"\")","v":"Saco de lixo (100 litros)"},"Pacote",1,15,"DI 1",18.75,18.75,null,{"$f":"IF(OR($A640=0,$A640=\"S\",$A640>CFF!$A$9),\"\",MAX(W$11:OFFSET(W640,-1,0))+1)","v":""},"Rec. Materiais-026",35,null,{"$f":"IF($J640=$G$2,ROUND(IF(ISNUMBER(S640),S640,IF(LEFT(S640,2)=\"DI\",HLOOKUP(S640,DADOS!$T$29:$X$30,2,FALSE),0)),4),\"\")","v":0.25}]
[{"$f":"CHOOSE(1+LOG(1+2*(J641=$C$2)+4*(J641=$D$2)+8*(J641=$E$2)+16*(J641=$F$2)+32*(J641=$G$2),2),0,1,2,3,4,\"S\")","v":1},{"$f":"IF(OR(A641=\"S\",A641=0),0,IF(ISERROR(I641),H641,SMALL(H641:I641,1)))","v":52},{"$f":"IF($A641=1,OFFSET(C641,-1,0)+1,OFFSET(C641,-1,0))","v":8},{"$f":"IF($A641=1,0,IF($A641=2,OFFSET(D641,-1,0)+1,OFFSET(D641,-1,0)))","v":0},{"$f":"IF(AND($A641<=2,$A641<>0),0,IF($A641=3,OFFSET(E641,-1,0)+1,OFFSET(E641,-1,0)))","v":0},{"$f":"IF(AND($A641<=3,$A641<>0),0,IF($A641=4,OFFSET(F641,-1,0)+1,OFFSET(F641,-1,0)))","v":0},{"$f":"IF(AND($A641<=4,$A641<>0),0,IF($A641=\"S\",OFFSET(G641,-1,0)+1,OFFSET(G641,-1,0)))","v":0},{"$f":"IF(OR($A641=\"S\",$A641=0),0,MATCH(0,OFFSET($B641,1,$A641,ROW($A$1504)-ROW($A641)),0))","v":863},{"$f":"IF(OR($A641=\"S\",$A641=0),0,MATCH(OFFSET($B641,0,$A641)+1,OFFSET($B641,1,$A641,ROW($A$1504)-ROW($A641)),0))","v":52},"Ação",{"$f":"IF($A641=0,\"-\",CONCATENATE(C641&\".\",IF(AND($A$5>=2,$A641>=2),D641&\".\",\"\"),IF(AND($A$5>=3,$A641>=3),E641&\".\",\"\"),IF(AND($A$5>=4,$A641>=4),F641&\".\",\"\"),IF($A641=\"S\",G641&\".\",\"\")))","v":"8."},{"$f":"IF(NOT(ISERROR($Y641)),IF($Y641<>FALSE,INDEX(Banco,$Y641,4),\"\"),\"\")","v":""},null,null,"MÊS 08 - INFORMAÇÕES/ PALESTRA E GERAÇÃO E RENDA",{"$f":"IF(NOT(ISERROR($Y641)),IF($Y641<>FALSE,INDEX(Banco,$Y641,6),\"\"),\"\")","v":""},null,{"$f":"IF(NOT(ISERROR($Y641)),IF($Y641<>FALSE,INDEX(Banco,$Y641,7),0),0)","v":0},"DI 1",{"$f":"IF($J641=$G$2,ROUND(ROUND($R641,2)*IF($R$9=\"Preço Unitário (R$)\",1,1+$AA641),2),0)","v":0},{"$f":"IF($A641=\"S\",VTOTAL1,IF($A641=0,0,ROUND(SomaAgrup,2)))","v":72339.53},null,{"$f":"IF(OR($A641=0,$A641=\"S\",$A641>CFF!$A$9),\"\",MAX(W$11:OFFSET(W641,-1,0))+1)","v":52},{"$f":"IF(AND($J641=$G$2,$N641<>\"\",$M641<>\"\"),CONCATENATE($M641,\"-\",$N641))","v":false},{"$f":"IF(X641<>FALSE,MATCH(X641,OFFSET(Banco,0,0,,1),0))","v":false},null,{"$f":"IF($J641=$G$2,ROUND(IF(ISNUMBER(S641),S641,IF(LEFT(S641,2)=\"DI\",HLOOKUP(S641,DADOS!$T$29:$X$30,2,FALSE),0)),4),\"\")","v":""}]
[{"$f":"CHOOSE(1+LOG(1+2*(J642=$C$2)+4*(J642=$D$2)+8*(J642=$E$2)+16*(J642=$F$2)+32*(J642=$G$2),2),0,1,2,3,4,\"S\")","v":2},{"$f":"IF(OR(A642=\"S\",A642=0),0,IF(ISERROR(I642),H642,SMALL(H642:I642,1)))","v":8},{"$f":"IF($A642=1,OFFSET(C642,-1,0)+1,OFFSET(C642,-1,0))","v":8},{"$f":"IF($A642=1,0,IF($A642=2,OFFSET(D642,-1,0)+1,OFFSET(D642,-1,0)))","v":1},{"$f":"IF(AND($A642<=2,$A642<>0),0,IF($A642=3,OFFSET(E642,-1,0)+1,OFFSET(E642,-1,0)))","v":0},{"$f":"IF(AND($A642<=3,$A642<>0),0,IF($A642=4,OFFSET(F642,-1,0)+1,OFFSET(F642,-1,0)))","v":0},{"$f":"IF(AND($A642<=4,$A642<>0),0,IF($A642=\"S\",OFFSET(G642,-1,0)+1,OFFSET(G642,-1,0)))","v":0},{"$f":"IF(OR($A642=\"S\",$A642=0),0,MATCH(0,OFFSET($B642,1,$A642,ROW($A$1504)-ROW($A642)),0))","v":51},{"$f":"IF(OR($A642=\"S\",$A642=0),0,MATCH(OFFSET($B642,0,$A642)+1,OFFSET($B642,1,$A642,ROW($A$1504)-ROW($A642)),0))","v":8},"AtivNível 1",{"$f":"IF($A642=0,\"-\",CONCATENATE(C642&\".\",IF(AND($A$5>=2,$A642>=2),D642&\".\",\"\"),IF(AND($A$5>=3,$A642>=3),E642&\".\",\"\"),IF(AND($A$5>=4,$A642>=4),F642&\".\",\"\"),IF($A642=\"S\",G642&\".\",\"\")))","v":"8.1."},{"$f":"IF(NOT(ISERROR($Y642)),IF($Y642<>FALSE,INDEX(Banco,$Y642,4),\"\"),\"\")","v":""},null,null,"Atividade 45 - Curso: Auto Maquiagem região Parque São João",{"$f":"IF(NOT(ISERROR($Y642)),IF($Y642<>FALSE,INDEX(Banco,$Y642,6),\"\"),\"\")","v":""},null,{"$f":"IF(NOT(ISERROR($Y642)),IF($Y642<>FALSE,INDEX(Banco,$Y642,7),0),0)","v":0},"DI 1",{"$f":"IF($J642=$G$2,ROUND(ROUND($R642,2)*IF($R$9=\"Preço Unitário (R$)\",1,1+$AA642),2),0)","v":0},{"$f":"IF($A642=\"S\",VTOTAL1,IF($A642=0,0,ROUND(SomaAgrup,2)))","v":10179.82},null,{"$f":"IF(OR($A642=0,$A642=\"S\",$A642>CFF!$A$9),\"\",MAX(W$11:OFFSET(W642,-1,0))+1)","v":53},{"$f":"IF(AND($J642=$G$2,$N642<>\"\",$M642<>\"\"),CONCATENATE($M642,\"-\",$N642))","v":false},{"$f":"IF(X642<>FALSE,MATCH(X642,OFFSET(Banco,0,0,,1),0))","v":false},null,{"$f":"IF($J642=$G$2,ROUND(IF(ISNUMBER(S642),S642,IF(LEFT(S642,2)=\"DI\",HLOOKUP(S642,DADOS!$T$29:$X$30,2,FALSE),0)),4),\"\")","v":""}]
[{"$f":"CHOOSE(1+LOG(1+2*(J643=$C$2)+4*(J643=$D$2)+8*(J643=$E$2)+16*(J643=$F$2)+32*(J643=$G$2),2),0,1,2,3,4,\"S\")","v":"S"},{"$f":"IF(OR(A643=\"S\",A643=0),0,IF(ISERROR(I643),H643,SMALL(H643:I643,1)))","v":0},{"$f":"IF($A643=1,OFFSET(C643,-1,0)+1,OFFSET(C643,-1,0))","v":8},{"$f":"IF($A643=1,0,IF($A643=2,OFFSET(D643,-1,0)+1,OFFSET(D643,-1,0)))","v":1},{"$f":"IF(AND($A643<=2,$A643<>0),0,IF($A643=3,OFFSET(E643,-1,0)+1,OFFSET(E643,-1,0)))","v":0},{"$f":"IF(AND($A643<=3,$A643<>0),0,IF($A643=4,OFFSET(F643,-1,0)+1,OFFSET(F643,-1,0)))","v":0},{"$f":"IF(AND($A643<=4,$A643<>0),0,IF($A643=\"S\",OFFSET(G643,-1,0)+1,OFFSET(G643,-1,0)))","v":1},{"$f":"IF(OR($A643=\"S\",$A643=0),0,MATCH(0,OFFSET($B643,1,$A643,ROW($A$1504)-ROW($A643)),0))","v":0},{"$f":"IF(OR($A643=\"S\",$A643=0),0,MATCH(OFFSET($B643,0,$A643)+1,OFFSET($B643,1,$A643,ROW($A$1504)-ROW($A643)),0))","v":0},"Insumo",{"$f":"IF($A643=0,\"-\",CONCATENATE(C643&\".\",IF(AND($A$5>=2,$A643>=2),D643&\".\",\"\"),IF(AND($A$5>=3,$A643>=3),E643&\".\",\"\"),IF(AND($A$5>=4,$A643>=4),F643&\".\",\"\"),IF($A643=\"S\",G643&\".\",\"\")))","v":"8.1.1."},{"$f":"IF(NOT(ISERROR($Y643)),IF($Y643<>FALSE,INDEX(Banco,$Y643,4),\"\"),\"\")","v":"CRESS"},"Rec. Humanos","001",{"$f":"IF(NOT(ISERROR($Y643)),IF($Y643<>FALSE,INDEX(Banco,$Y643,5),\"\"),\"\")","v":"Responsável Técnica"},{"$f":"IF(NOT(ISERROR($Y643)),IF($Y643<>FALSE,INDEX(Banco,$Y643,6),\"\"),\"\")","v":"Horas"},6,{"$f":"IF(NOT(ISERROR($Y643)),IF($Y643<>FALSE,INDEX(Banco,$Y643,7),0),0)","v":150.28},"DI 1",{"$f":"IF($J643=$G$2,ROUND(ROUND($R643,2)*IF($R$9=\"Preço Unitário (R$)\",1,1+$AA643),2),0)","v":187.85},{"$f":"IF($A643=\"S\",VTOTAL1,IF($A643=0,0,ROUND(SomaAgrup,2)))","v":1127.0999999999999},null,{"$f":"IF(OR($A643=0,$A643=\"S\",$A643>CFF!$A$9),\"\",MAX(W$11:OFFSET(W643,-1,0))+1)","v":""},{"$f":"IF(AND($J643=$G$2,$N643<>\"\",$M643<>\"\"),CONCATENATE($M643,\"-\",$N643))","v":"Rec. Humanos-001"},{"$f":"IF(X643<>FALSE,MATCH(X643,OFFSET(Banco,0,0,,1),0))","v":3},null,{"$f":"IF($J643=$G$2,ROUND(IF(ISNUMBER(S643),S643,IF(LEFT(S643,2)=\"DI\",HLOOKUP(S643,DADOS!$T$29:$X$30,2,FALSE),0)),4),\"\")","v":0.25}]
["S",0,8,1,0,0,2,{"$f":"IF(OR($A644=\"S\",$A644=0),0,MATCH(0,OFFSET($B644,1,$A644,ROW($A$1504)-ROW($A644)),0))","v":0},{"$f":"IF(OR($A644=\"S\",$A644=0),0,MATCH(OFFSET($B644,0,$A644)+1,OFFSET($B644,1,$A644,ROW($A$1504)-ROW($A644)),0))","v":0},"Insumo","8.1.2.","CRESS","Rec. Humanos","002","Assistente Social","Horas",10,133.81,"DI 1",167.26,1672.6,null,{"$f":"IF(OR($A644=0,$A644=\"S\",$A644>CFF!$A$9),\"\",MAX(W$11:OFFSET(W644,-1,0))+1)","v":""},"Rec. Humanos-002",4,null,{"$f":"IF($J644=$G$2,ROUND(IF(ISNUMBER(S644),S644,IF(LEFT(S644,2)=\"DI\",HLOOKUP(S644,DADOS!$T$29:$X$30,2,FALSE),0)),4),\"\")","v":0.25}]
[{"$f":"CHOOSE(1+LOG(1+2*(J645=$C$2)+4*(J645=$D$2)+8*(J645=$E$2)+16*(J645=$F$2)+32*(J645=$G$2),2),0,1,2,3,4,\"S\")","v":"S"},{"$f":"IF(OR(A645=\"S\",A645=0),0,IF(ISERROR(I645),H645,SMALL(H645:I645,1)))","v":0},{"$f":"IF($A645=1,OFFSET(C645,-1,0)+1,OFFSET(C645,-1,0))","v":8},{"$f":"IF($A645=1,0,IF($A645=2,OFFSET(D645,-1,0)+1,OFFSET(D645,-1,0)))","v":1},{"$f":"IF(AND($A645<=2,$A645<>0),0,IF($A645=3,OFFSET(E645,-1,0)+1,OFFSET(E645,-1,0)))","v":0},{"$f":"IF(AND($A645<=3,$A645<>0),0,IF($A645=4,OFFSET(F645,-1,0)+1,OFFSET(F645,-1,0)))","v":0},{"$f":"IF(AND($A645<=4,$A645<>0),0,IF($A645=\"S\",OFFSET(G645,-1,0)+1,OFFSET(G645,-1,0)))","v":3},{"$f":"IF(OR($A645=\"S\",$A645=0),0,MATCH(0,OFFSET($B645,1,$A645,ROW($A$1504)-ROW($A645)),0))","v":0},{"$f":"IF(OR($A645=\"S\",$A645=0),0,MATCH(OFFSET($B645,0,$A645)+1,OFFSET($B645,1,$A645,ROW($A$1504)-ROW($A645)),0))","v":0},"Insumo",{"$f":"IF($A645=0,\"-\",CONCATENATE(C645&\".\",IF(AND($A$5>=2,$A645>=2),D645&\".\",\"\"),IF(AND($A$5>=3,$A645>=3),E645&\".\",\"\"),IF(AND($A$5>=4,$A645>=4),F645&\".\",\"\"),IF($A645=\"S\",G645&\".\",\"\")))","v":"8.1.3."},{"$f":"IF(NOT(ISERROR($Y645)),IF($Y645<>FALSE,INDEX(Banco,$Y645,4),\"\"),\"\")","v":"SINE"},"Rec. Humanos","004","Estagiários",{"$f":"IF(NOT(ISERROR($Y645)),IF($Y645<>FALSE,INDEX(Banco,$Y645,6),\"\"),\"\")","v":"Horas"},12,{"$f":"IF(NOT(ISERROR($Y645)),IF($Y645<>FALSE,INDEX(Banco,$Y645,7),0),0)","v":9.7899999999999991},"DI 1",{"$f":"IF($J645=$G$2,ROUND(ROUND($R645,2)*IF($R$9=\"Preço Unitário (R$)\",1,1+$AA645),2),0)","v":12.24},{"$f":"IF($A645=\"S\",VTOTAL1,IF($A645=0,0,ROUND(SomaAgrup,2)))","v":146.88},null,{"$f":"IF(OR($A645=0,$A645=\"S\",$A645>CFF!$A$9),\"\",MAX(W$11:OFFSET(W645,-1,0))+1)","v":""},{"$f":"IF(AND($J645=$G$2,$N645<>\"\",$M645<>\"\"),CONCATENATE($M645,\"-\",$N645))","v":"Rec. Humanos-004"},{"$f":"IF(X645<>FALSE,MATCH(X645,OFFSET(Banco,0,0,,1),0))","v":6},null,{"$f":"IF($J645=$G$2,ROUND(IF(ISNUMBER(S645),S645,IF(LEFT(S645,2)=\"DI\",HLOOKUP(S645,DADOS!$T$29:$X$30,2,FALSE),0)),4),\"\")","v":0.25}]
["S",0,8,1,0,0,4,{"$f":"IF(OR($A646=\"S\",$A646=0),0,MATCH(0,OFFSET($B646,1,$A646,ROW($A$1504)-ROW($A646)),0))","v":0},{"$f":"IF(OR($A646=\"S\",$A646=0),0,MATCH(OFFSET($B646,0,$A646)+1,OFFSET($B646,1,$A646,ROW($A$1504)-ROW($A646)),0))","v":0},"Insumo","8.1.4.","Cotação","Rec. Humanos","003","Administrador (Técnico de Apoio) ","Horas",4,103.65,"DI 1",129.56,518.24,null,{"$f":"IF(OR($A646=0,$A646=\"S\",$A646>CFF!$A$9),\"\",MAX(W$11:OFFSET(W646,-1,0))+1)","v":""},"Rec. Humanos-003",5,null,{"$f":"IF($J646=$G$2,ROUND(IF(ISNUMBER(S646),S646,IF(LEFT(S646,2)=\"DI\",HLOOKUP(S646,DADOS!$T$29:$X$30,2,FALSE),0)),4),\"\")","v":0.25}]
["S",0,8,1,0,0,5,{"$f":"IF(OR($A647=\"S\",$A647=0),0,MATCH(0,OFFSET($B647,1,$A647,ROW($A$1504)-ROW($A647)),0))","v":0},{"$f":"IF(OR($A647=\"S\",$A647=0),0,MATCH(OFFSET($B647,0,$A647)+1,OFFSET($B647,1,$A647,ROW($A$1504)-ROW($A647)),0))","v":0},"Insumo","8.1.5.","Cotação","Serv. Terc.","021","Automaquiagem (Curso completo)","Vagas",30,168,"DI 1",210,6300,null,{"$f":"IF(OR($A647=0,$A647=\"S\",$A647>CFF!$A$9),\"\",MAX(W$11:OFFSET(W647,-1,0))+1)","v":""},"Serv. Terc.-021",101,null,{"$f":"IF($J647=$G$2,ROUND(IF(ISNUMBER(S647),S647,IF(LEFT(S647,2)=\"DI\",HLOOKUP(S647,DADOS!$T$29:$X$30,2,FALSE),0)),4),\"\")","v":0.25}]
["S",0,8,1,0,0,6,{"$f":"IF(OR($A648=\"S\",$A648=0),0,MATCH(0,OFFSET($B648,1,$A648,ROW($A$1504)-ROW($A648)),0))","v":0},{"$f":"IF(OR($A648=\"S\",$A648=0),0,MATCH(OFFSET($B648,0,$A648)+1,OFFSET($B648,1,$A648,ROW($A$1504)-ROW($A648)),0))","v":0},"Insumo","8.1.6.","Cotação","Serv. Terc.","026","Coffee break (salgados)","Centro",4,65,"DI 1",81.25,325,null,{"$f":"IF(OR($A648=0,$A648=\"S\",$A648>CFF!$A$9),\"\",MAX(W$11:OFFSET(W648,-1,0))+1)","v":""},"Serv. Terc.-026",106,null,{"$f":"IF($J648=$G$2,ROUND(IF(ISNUMBER(S648),S648,IF(LEFT(S648,2)=\"DI\",HLOOKUP(S648,DADOS!$T$29:$X$30,2,FALSE),0)),4),\"\")","v":0.25}]
["S",0,8,1,0,0,7,{"$f":"IF(OR($A649=\"S\",$A649=0),0,MATCH(0,OFFSET($B649,1,$A649,ROW($A$1504)-ROW($A649)),0))","v":0},{"$f":"IF(OR($A649=\"S\",$A649=0),0,MATCH(OFFSET($B649,0,$A649)+1,OFFSET($B649,1,$A649,ROW($A$1504)-ROW($A649)),0))","v":0},"Insumo","8.1.7.","Cotação","Serv. Terc.","027","Refrigerantes (02 litros) ","Unidade",12,6,"DI 1",7.5,90,null,{"$f":"IF(OR($A649=0,$A649=\"S\",$A649>CFF!$A$9),\"\",MAX(W$11:OFFSET(W649,-1,0))+1)","v":""},"Serv. Terc.-027",107,null,{"$f":"IF($J649=$G$2,ROUND(IF(ISNUMBER(S649),S649,IF(LEFT(S649,2)=\"DI\",HLOOKUP(S649,DADOS!$T$29:$X$30,2,FALSE),0)),4),\"\")","v":0.25}]
[{"$f":"CHOOSE(1+LOG(1+2*(J650=$C$2)+4*(J650=$D$2)+8*(J650=$E$2)+16*(J650=$F$2)+32*(J650=$G$2),2),0,1,2,3,4,\"S\")","v":2},{"$f":"IF(OR(A650=\"S\",A650=0),0,IF(ISERROR(I650),H650,SMALL(H650:I650,1)))","v":3},{"$f":"IF($A650=1,OFFSET(C650,-1,0)+1,OFFSET(C650,-1,0))","v":8},{"$f":"IF($A650=1,0,IF($A650=2,OFFSET(D650,-1,0)+1,OFFSET(D650,-1,0)))","v":2},{"$f":"IF(AND($A650<=2,$A650<>0),0,IF($A650=3,OFFSET(E650,-1,0)+1,OFFSET(E650,-1,0)))","v":0},{"$f":"IF(AND($A650<=3,$A650<>0),0,IF($A650=4,OFFSET(F650,-1,0)+1,OFFSET(F650,-1,0)))","v":0},{"$f":"IF(AND($A650<=4,$A650<>0),0,IF($A650=\"S\",OFFSET(G650,-1,0)+1,OFFSET(G650,-1,0)))","v":0},{"$f":"IF(OR($A650=\"S\",$A650=0),0,MATCH(0,OFFSET($B650,1,$A650,ROW($A$1504)-ROW($A650)),0))","v":43},{"$f":"IF(OR($A650=\"S\",$A650=0),0,MATCH(OFFSET($B650,0,$A650)+1,OFFSET($B650,1,$A650,ROW($A$1504)-ROW($A650)),0))","v":3},"AtivNível 1",{"$f":"IF($A650=0,\"-\",CONCATENATE(C650&\".\",IF(AND($A$5>=2,$A650>=2),D650&\".\",\"\"),IF(AND($A$5>=3,$A650>=3),E650&\".\",\"\"),IF(AND($A$5>=4,$A650>=4),F650&\".\",\"\"),IF($A650=\"S\",G650&\".\",\"\")))","v":"8.2."},{"$f":"IF(NOT(ISERROR($Y650)),IF($Y650<>FALSE,INDEX(Banco,$Y650,4),\"\"),\"\")","v":""},null,null,"Atividade 46 - Plantão Social região Parque São João",{"$f":"IF(NOT(ISERROR($Y650)),IF($Y650<>FALSE,INDEX(Banco,$Y650,6),\"\"),\"\")","v":""},null,{"$f":"IF(NOT(ISERROR($Y650)),IF($Y650<>FALSE,INDEX(Banco,$Y650,7),0),0)","v":0},"DI 1",{"$f":"IF($J650=$G$2,ROUND(ROUND($R650,2)*IF($R$9=\"Preço Unitário (R$)\",1,1+$AA650),2),0)","v":0},{"$f":"IF($A650=\"S\",VTOTAL1,IF($A650=0,0,ROUND(SomaAgrup,2)))","v":3427.56},null,{"$f":"IF(OR($A650=0,$A650=\"S\",$A650>CFF!$A$9),\"\",MAX(W$11:OFFSET(W650,-1,0))+1)","v":54},{"$f":"IF(AND($J650=$G$2,$N650<>\"\",$M650<>\"\"),CONCATENATE($M650,\"-\",$N650))","v":false},{"$f":"IF(X650<>FALSE,MATCH(X650,OFFSET(Banco,0,0,,1),0))","v":false},null,{"$f":"IF($J650=$G$2,ROUND(IF(ISNUMBER(S650),S650,IF(LEFT(S650,2)=\"DI\",HLOOKUP(S650,DADOS!$T$29:$X$30,2,FALSE),0)),4),\"\")","v":""}]
[{"$f":"CHOOSE(1+LOG(1+2*(J651=$C$2)+4*(J651=$D$2)+8*(J651=$E$2)+16*(J651=$F$2)+32*(J651=$G$2),2),0,1,2,3,4,\"S\")","v":"S"},{"$f":"IF(OR(A651=\"S\",A651=0),0,IF(ISERROR(I651),H651,SMALL(H651:I651,1)))","v":0},{"$f":"IF($A651=1,OFFSET(C651,-1,0)+1,OFFSET(C651,-1,0))","v":8},{"$f":"IF($A651=1,0,IF($A651=2,OFFSET(D651,-1,0)+1,OFFSET(D651,-1,0)))","v":2},{"$f":"IF(AND($A651<=2,$A651<>0),0,IF($A651=3,OFFSET(E651,-1,0)+1,OFFSET(E651,-1,0)))","v":0},{"$f":"IF(AND($A651<=3,$A651<>0),0,IF($A651=4,OFFSET(F651,-1,0)+1,OFFSET(F651,-1,0)))","v":0},{"$f":"IF(AND($A651<=4,$A651<>0),0,IF($A651=\"S\",OFFSET(G651,-1,0)+1,OFFSET(G651,-1,0)))","v":1},{"$f":"IF(OR($A651=\"S\",$A651=0),0,MATCH(0,OFFSET($B651,1,$A651,ROW($A$1504)-ROW($A651)),0))","v":0},{"$f":"IF(OR($A651=\"S\",$A651=0),0,MATCH(OFFSET($B651,0,$A651)+1,OFFSET($B651,1,$A651,ROW($A$1504)-ROW($A651)),0))","v":0},"Insumo",{"$f":"IF($A651=0,\"-\",CONCATENATE(C651&\".\",IF(AND($A$5>=2,$A651>=2),D651&\".\",\"\"),IF(AND($A$5>=3,$A651>=3),E651&\".\",\"\"),IF(AND($A$5>=4,$A651>=4),F651&\".\",\"\"),IF($A651=\"S\",G651&\".\",\"\")))","v":"8.2.1."},{"$f":"IF(NOT(ISERROR($Y651)),IF($Y651<>FALSE,INDEX(Banco,$Y651,4),\"\"),\"\")","v":"CRESS"},"Rec. Humanos","001",{"$f":"IF(NOT(ISERROR($Y651)),IF($Y651<>FALSE,INDEX(Banco,$Y651,5),\"\"),\"\")","v":"Responsável Técnica"},{"$f":"IF(NOT(ISERROR($Y651)),IF($Y651<>FALSE,INDEX(Banco,$Y651,6),\"\"),\"\")","v":"Horas"},4,{"$f":"IF(NOT(ISERROR($Y651)),IF($Y651<>FALSE,INDEX(Banco,$Y651,7),0),0)","v":150.28},"DI 1",{"$f":"IF($J651=$G$2,ROUND(ROUND($R651,2)*IF($R$9=\"Preço Unitário (R$)\",1,1+$AA651),2),0)","v":187.85},{"$f":"IF($A651=\"S\",VTOTAL1,IF($A651=0,0,ROUND(SomaAgrup,2)))","v":751.4},null,{"$f":"IF(OR($A651=0,$A651=\"S\",$A651>CFF!$A$9),\"\",MAX(W$11:OFFSET(W651,-1,0))+1)","v":""},{"$f":"IF(AND($J651=$G$2,$N651<>\"\",$M651<>\"\"),CONCATENATE($M651,\"-\",$N651))","v":"Rec. Humanos-001"},{"$f":"IF(X651<>FALSE,MATCH(X651,OFFSET(Banco,0,0,,1),0))","v":3},null,{"$f":"IF($J651=$G$2,ROUND(IF(ISNUMBER(S651),S651,IF(LEFT(S651,2)=\"DI\",HLOOKUP(S651,DADOS!$T$29:$X$30,2,FALSE),0)),4),\"\")","v":0.25}]
["S",0,8,2,0,0,2,{"$f":"IF(OR($A652=\"S\",$A652=0),0,MATCH(0,OFFSET($B652,1,$A652,ROW($A$1504)-ROW($A652)),0))","v":0},{"$f":"IF(OR($A652=\"S\",$A652=0),0,MATCH(OFFSET($B652,0,$A652)+1,OFFSET($B652,1,$A652,ROW($A$1504)-ROW($A652)),0))","v":0},"Insumo","8.2.2.","CRESS","Rec. Humanos","002",{"$f":"IF(NOT(ISERROR($Y652)),IF($Y652<>FALSE,INDEX(Banco,$Y652,5),\"\"),\"\")","v":"Assistente Social"},"Horas",16,133.81,"DI 1",167.26,2676.16,null,{"$f":"IF(OR($A652=0,$A652=\"S\",$A652>CFF!$A$9),\"\",MAX(W$11:OFFSET(W652,-1,0))+1)","v":""},"Rec. Humanos-002",4,null,{"$f":"IF($J652=$G$2,ROUND(IF(ISNUMBER(S652),S652,IF(LEFT(S652,2)=\"DI\",HLOOKUP(S652,DADOS!$T$29:$X$30,2,FALSE),0)),4),\"\")","v":0.25}]
[{"$f":"CHOOSE(1+LOG(1+2*(J653=$C$2)+4*(J653=$D$2)+8*(J653=$E$2)+16*(J653=$F$2)+32*(J653=$G$2),2),0,1,2,3,4,\"S\")","v":2},{"$f":"IF(OR(A653=\"S\",A653=0),0,IF(ISERROR(I653),H653,SMALL(H653:I653,1)))","v":4},{"$f":"IF($A653=1,OFFSET(C653,-1,0)+1,OFFSET(C653,-1,0))","v":8},{"$f":"IF($A653=1,0,IF($A653=2,OFFSET(D653,-1,0)+1,OFFSET(D653,-1,0)))","v":3},{"$f":"IF(AND($A653<=2,$A653<>0),0,IF($A653=3,OFFSET(E653,-1,0)+1,OFFSET(E653,-1,0)))","v":0},{"$f":"IF(AND($A653<=3,$A653<>0),0,IF($A653=4,OFFSET(F653,-1,0)+1,OFFSET(F653,-1,0)))","v":0},{"$f":"IF(AND($A653<=4,$A653<>0),0,IF($A653=\"S\",OFFSET(G653,-1,0)+1,OFFSET(G653,-1,0)))","v":0},{"$f":"IF(OR($A653=\"S\",$A653=0),0,MATCH(0,OFFSET($B653,1,$A653,ROW($A$1504)-ROW($A653)),0))","v":40},{"$f":"IF(OR($A653=\"S\",$A653=0),0,MATCH(OFFSET($B653,0,$A653)+1,OFFSET($B653,1,$A653,ROW($A$1504)-ROW($A653)),0))","v":4},"AtivNível 1",{"$f":"IF($A653=0,\"-\",CONCATENATE(C653&\".\",IF(AND($A$5>=2,$A653>=2),D653&\".\",\"\"),IF(AND($A$5>=3,$A653>=3),E653&\".\",\"\"),IF(AND($A$5>=4,$A653>=4),F653&\".\",\"\"),IF($A653=\"S\",G653&\".\",\"\")))","v":"8.3."},{"$f":"IF(NOT(ISERROR($Y653)),IF($Y653<>FALSE,INDEX(Banco,$Y653,4),\"\"),\"\")","v":""},null,null,"Atividade 47 - Curso: Culinária com técnica de congelamento região Parque São João",{"$f":"IF(NOT(ISERROR($Y653)),IF($Y653<>FALSE,INDEX(Banco,$Y653,6),\"\"),\"\")","v":""},null,{"$f":"IF(NOT(ISERROR($Y653)),IF($Y653<>FALSE,INDEX(Banco,$Y653,7),0),0)","v":0},"DI 1",{"$f":"IF($J653=$G$2,ROUND(ROUND($R653,2)*IF($R$9=\"Preço Unitário (R$)\",1,1+$AA653),2),0)","v":0},{"$f":"IF($A653=\"S\",VTOTAL1,IF($A653=0,0,ROUND(SomaAgrup,2)))","v":12670.98},null,{"$f":"IF(OR($A653=0,$A653=\"S\",$A653>CFF!$A$9),\"\",MAX(W$11:OFFSET(W653,-1,0))+1)","v":55},{"$f":"IF(AND($J653=$G$2,$N653<>\"\",$M653<>\"\"),CONCATENATE($M653,\"-\",$N653))","v":false},{"$f":"IF(X653<>FALSE,MATCH(X653,OFFSET(Banco,0,0,,1),0))","v":false},null,{"$f":"IF($J653=$G$2,ROUND(IF(ISNUMBER(S653),S653,IF(LEFT(S653,2)=\"DI\",HLOOKUP(S653,DADOS!$T$29:$X$30,2,FALSE),0)),4),\"\")","v":""}]
["S",0,{"$f":"IF($A654=1,OFFSET(C654,-1,0)+1,OFFSET(C654,-1,0))","v":8},{"$f":"IF($A654=1,0,IF($A654=2,OFFSET(D654,-1,0)+1,OFFSET(D654,-1,0)))","v":3},{"$f":"IF(AND($A654<=2,$A654<>0),0,IF($A654=3,OFFSET(E654,-1,0)+1,OFFSET(E654,-1,0)))","v":0},{"$f":"IF(AND($A654<=3,$A654<>0),0,IF($A654=4,OFFSET(F654,-1,0)+1,OFFSET(F654,-1,0)))","v":0},{"$f":"IF(AND($A654<=4,$A654<>0),0,IF($A654=\"S\",OFFSET(G654,-1,0)+1,OFFSET(G654,-1,0)))","v":1},{"$f":"IF(OR($A654=\"S\",$A654=0),0,MATCH(0,OFFSET($B654,1,$A654,ROW($A$1504)-ROW($A654)),0))","v":0},{"$f":"IF(OR($A654=\"S\",$A654=0),0,MATCH(OFFSET($B654,0,$A654)+1,OFFSET($B654,1,$A654,ROW($A$1504)-ROW($A654)),0))","v":0},"Insumo","8.3.1.",{"$f":"IF(NOT(ISERROR($Y654)),IF($Y654<>FALSE,INDEX(Banco,$Y654,4),\"\"),\"\")","v":"CRESS"},"Rec. Humanos","002",{"$f":"IF(NOT(ISERROR($Y654)),IF($Y654<>FALSE,INDEX(Banco,$Y654,5),\"\"),\"\")","v":"Assistente Social"},{"$f":"IF(NOT(ISERROR($Y654)),IF($Y654<>FALSE,INDEX(Banco,$Y654,6),\"\"),\"\")","v":"Horas"},4,{"$f":"IF(NOT(ISERROR($Y654)),IF($Y654<>FALSE,INDEX(Banco,$Y654,7),0),0)","v":133.81},"DI 1",{"$f":"IF($J654=$G$2,ROUND(ROUND($R654,2)*IF($R$9=\"Preço Unitário (R$)\",1,1+$AA654),2),0)","v":167.26},{"$f":"IF($A654=\"S\",VTOTAL1,IF($A654=0,0,ROUND(SomaAgrup,2)))","v":669.04},null,{"$f":"IF(OR($A654=0,$A654=\"S\",$A654>CFF!$A$9),\"\",MAX(W$11:OFFSET(W654,-1,0))+1)","v":""},{"$f":"IF(AND($J654=$G$2,$N654<>\"\",$M654<>\"\"),CONCATENATE($M654,\"-\",$N654))","v":"Rec. Humanos-002"},4,null,{"$f":"IF($J654=$G$2,ROUND(IF(ISNUMBER(S654),S654,IF(LEFT(S654,2)=\"DI\",HLOOKUP(S654,DADOS!$T$29:$X$30,2,FALSE),0)),4),\"\")","v":0.25}]
["S",0,8,3,0,0,2,{"$f":"IF(OR($A655=\"S\",$A655=0),0,MATCH(0,OFFSET($B655,1,$A655,ROW($A$1504)-ROW($A655)),0))","v":0},{"$f":"IF(OR($A655=\"S\",$A655=0),0,MATCH(OFFSET($B655,0,$A655)+1,OFFSET($B655,1,$A655,ROW($A$1504)-ROW($A655)),0))","v":0},"Insumo","8.3.2.","Cotação","Rec. Humanos","003",{"$f":"IF(NOT(ISERROR($Y655)),IF($Y655<>FALSE,INDEX(Banco,$Y655,5),\"\"),\"\")","v":"Administrador (Técnico de Apoio) "},"Horas",4,103.65,"DI 1",129.56,518.24,null,{"$f":"IF(OR($A655=0,$A655=\"S\",$A655>CFF!$A$9),\"\",MAX(W$11:OFFSET(W655,-1,0))+1)","v":""},"Rec. Humanos-003",5,null,{"$f":"IF($J655=$G$2,ROUND(IF(ISNUMBER(S655),S655,IF(LEFT(S655,2)=\"DI\",HLOOKUP(S655,DADOS!$T$29:$X$30,2,FALSE),0)),4),\"\")","v":0.25}]
["S",0,8,3,0,0,3,{"$f":"IF(OR($A656=\"S\",$A656=0),0,MATCH(0,OFFSET($B656,1,$A656,ROW($A$1504)-ROW($A656)),0))","v":0},{"$f":"IF(OR($A656=\"S\",$A656=0),0,MATCH(OFFSET($B656,0,$A656)+1,OFFSET($B656,1,$A656,ROW($A$1504)-ROW($A656)),0))","v":0},"Insumo","8.3.3.","SENAI","Serv. Terc.","084",{"$f":"IF(NOT(ISERROR($Y656)),IF($Y656<>FALSE,INDEX(Banco,$Y656,5),\"\"),\"\")","v":"Culinária com técnica de congelado (curso completo)"},"Vagas",30,306.23,"DI 1",382.79,11483.7,null,{"$f":"IF(OR($A656=0,$A656=\"S\",$A656>CFF!$A$9),\"\",MAX(W$11:OFFSET(W656,-1,0))+1)","v":""},"Serv. Terc.-084",164,null,{"$f":"IF($J656=$G$2,ROUND(IF(ISNUMBER(S656),S656,IF(LEFT(S656,2)=\"DI\",HLOOKUP(S656,DADOS!$T$29:$X$30,2,FALSE),0)),4),\"\")","v":0.25}]
[{"$f":"CHOOSE(1+LOG(1+2*(J657=$C$2)+4*(J657=$D$2)+8*(J657=$E$2)+16*(J657=$F$2)+32*(J657=$G$2),2),0,1,2,3,4,\"S\")","v":2},{"$f":"IF(OR(A657=\"S\",A657=0),0,IF(ISERROR(I657),H657,SMALL(H657:I657,1)))","v":6},{"$f":"IF($A657=1,OFFSET(C657,-1,0)+1,OFFSET(C657,-1,0))","v":8},{"$f":"IF($A657=1,0,IF($A657=2,OFFSET(D657,-1,0)+1,OFFSET(D657,-1,0)))","v":4},{"$f":"IF(AND($A657<=2,$A657<>0),0,IF($A657=3,OFFSET(E657,-1,0)+1,OFFSET(E657,-1,0)))","v":0},{"$f":"IF(AND($A657<=3,$A657<>0),0,IF($A657=4,OFFSET(F657,-1,0)+1,OFFSET(F657,-1,0)))","v":0},{"$f":"IF(AND($A657<=4,$A657<>0),0,IF($A657=\"S\",OFFSET(G657,-1,0)+1,OFFSET(G657,-1,0)))","v":0},{"$f":"IF(OR($A657=\"S\",$A657=0),0,MATCH(0,OFFSET($B657,1,$A657,ROW($A$1504)-ROW($A657)),0))","v":36},{"$f":"IF(OR($A657=\"S\",$A657=0),0,MATCH(OFFSET($B657,0,$A657)+1,OFFSET($B657,1,$A657,ROW($A$1504)-ROW($A657)),0))","v":6},"AtivNível 1",{"$f":"IF($A657=0,\"-\",CONCATENATE(C657&\".\",IF(AND($A$5>=2,$A657>=2),D657&\".\",\"\"),IF(AND($A$5>=3,$A657>=3),E657&\".\",\"\"),IF(AND($A$5>=4,$A657>=4),F657&\".\",\"\"),IF($A657=\"S\",G657&\".\",\"\")))","v":"8.4."},{"$f":"IF(NOT(ISERROR($Y657)),IF($Y657<>FALSE,INDEX(Banco,$Y657,4),\"\"),\"\")","v":""},null,null,"Atividade 48 - Curso: Automaquiagem região Jardim Ikaraí",{"$f":"IF(NOT(ISERROR($Y657)),IF($Y657<>FALSE,INDEX(Banco,$Y657,6),\"\"),\"\")","v":""},null,{"$f":"IF(NOT(ISERROR($Y657)),IF($Y657<>FALSE,INDEX(Banco,$Y657,7),0),0)","v":0},"DI 1",{"$f":"IF($J657=$G$2,ROUND(ROUND($R657,2)*IF($R$9=\"Preço Unitário (R$)\",1,1+$AA657),2),0)","v":0},{"$f":"IF($A657=\"S\",VTOTAL1,IF($A657=0,0,ROUND(SomaAgrup,2)))","v":7902.28},null,{"$f":"IF(OR($A657=0,$A657=\"S\",$A657>CFF!$A$9),\"\",MAX(W$11:OFFSET(W657,-1,0))+1)","v":56},{"$f":"IF(AND($J657=$G$2,$N657<>\"\",$M657<>\"\"),CONCATENATE($M657,\"-\",$N657))","v":false},{"$f":"IF(X657<>FALSE,MATCH(X657,OFFSET(Banco,0,0,,1),0))","v":false},null,{"$f":"IF($J657=$G$2,ROUND(IF(ISNUMBER(S657),S657,IF(LEFT(S657,2)=\"DI\",HLOOKUP(S657,DADOS!$T$29:$X$30,2,FALSE),0)),4),\"\")","v":""}]
[{"$f":"CHOOSE(1+LOG(1+2*(J658=$C$2)+4*(J658=$D$2)+8*(J658=$E$2)+16*(J658=$F$2)+32*(J658=$G$2),2),0,1,2,3,4,\"S\")","v":"S"},{"$f":"IF(OR(A658=\"S\",A658=0),0,IF(ISERROR(I658),H658,SMALL(H658:I658,1)))","v":0},8,4,0,0,1,{"$f":"IF(OR($A658=\"S\",$A658=0),0,MATCH(0,OFFSET($B658,1,$A658,ROW($A$1504)-ROW($A658)),0))","v":0},{"$f":"IF(OR($A658=\"S\",$A658=0),0,MATCH(OFFSET($B658,0,$A658)+1,OFFSET($B658,1,$A658,ROW($A$1504)-ROW($A658)),0))","v":0},"Insumo",{"$f":"IF($A658=0,\"-\",CONCATENATE(C658&\".\",IF(AND($A$5>=2,$A658>=2),D658&\".\",\"\"),IF(AND($A$5>=3,$A658>=3),E658&\".\",\"\"),IF(AND($A$5>=4,$A658>=4),F658&\".\",\"\"),IF($A658=\"S\",G658&\".\",\"\")))","v":"8.4.1."},"CRESS","Rec. Humanos","002",{"$f":"IF(NOT(ISERROR($Y658)),IF($Y658<>FALSE,INDEX(Banco,$Y658,5),\"\"),\"\")","v":"Assistente Social"},"Horas",4,133.81,"DI 1",167.26,669.04,null,{"$f":"IF(OR($A658=0,$A658=\"S\",$A658>CFF!$A$9),\"\",MAX(W$11:OFFSET(W658,-1,0))+1)","v":""},"Rec. Humanos-002",{"$f":"IF(X658<>FALSE,MATCH(X658,OFFSET(Banco,0,0,,1),0))","v":4},null,{"$f":"IF($J658=$G$2,ROUND(IF(ISNUMBER(S658),S658,IF(LEFT(S658,2)=\"DI\",HLOOKUP(S658,DADOS!$T$29:$X$30,2,FALSE),0)),4),\"\")","v":0.25}]
["S",0,8,4,0,0,2,{"$f":"IF(OR($A659=\"S\",$A659=0),0,MATCH(0,OFFSET($B659,1,$A659,ROW($A$1504)-ROW($A659)),0))","v":0},{"$f":"IF(OR($A659=\"S\",$A659=0),0,MATCH(OFFSET($B659,0,$A659)+1,OFFSET($B659,1,$A659,ROW($A$1504)-ROW($A659)),0))","v":0},"Insumo","8.4.2.","Cotação","Rec. Humanos","003",{"$f":"IF(NOT(ISERROR($Y659)),IF($Y659<>FALSE,INDEX(Banco,$Y659,5),\"\"),\"\")","v":"Administrador (Técnico de Apoio) "},"Horas",4,103.65,"DI 1",129.56,518.24,null,{"$f":"IF(OR($A659=0,$A659=\"S\",$A659>CFF!$A$9),\"\",MAX(W$11:OFFSET(W659,-1,0))+1)","v":""},"Rec. Humanos-003",5,null,{"$f":"IF($J659=$G$2,ROUND(IF(ISNUMBER(S659),S659,IF(LEFT(S659,2)=\"DI\",HLOOKUP(S659,DADOS!$T$29:$X$30,2,FALSE),0)),4),\"\")","v":0.25}]
["S",0,8,4,0,0,3,{"$f":"IF(OR($A660=\"S\",$A660=0),0,MATCH(0,OFFSET($B660,1,$A660,ROW($A$1504)-ROW($A660)),0))","v":0},{"$f":"IF(OR($A660=\"S\",$A660=0),0,MATCH(OFFSET($B660,0,$A660)+1,OFFSET($B660,1,$A660,ROW($A$1504)-ROW($A660)),0))","v":0},"Insumo","8.4.3.","Cotação","Serv. Terc.","021",{"$f":"IF(NOT(ISERROR($Y660)),IF($Y660<>FALSE,INDEX(Banco,$Y660,5),\"\"),\"\")","v":"Automaquiagem (Curso completo)"},"Vagas",30,168,"DI 1",210,6300,null,{"$f":"IF(OR($A660=0,$A660=\"S\",$A660>CFF!$A$9),\"\",MAX(W$11:OFFSET(W660,-1,0))+1)","v":""},"Serv. Terc.-021",101,null,{"$f":"IF($J660=$G$2,ROUND(IF(ISNUMBER(S660),S660,IF(LEFT(S660,2)=\"DI\",HLOOKUP(S660,DADOS!$T$29:$X$30,2,FALSE),0)),4),\"\")","v":0.25}]
["S",0,8,4,0,0,4,{"$f":"IF(OR($A661=\"S\",$A661=0),0,MATCH(0,OFFSET($B661,1,$A661,ROW($A$1504)-ROW($A661)),0))","v":0},{"$f":"IF(OR($A661=\"S\",$A661=0),0,MATCH(OFFSET($B661,0,$A661)+1,OFFSET($B661,1,$A661,ROW($A$1504)-ROW($A661)),0))","v":0},"Insumo","8.4.4.","Cotação","Serv. Terc.","026",{"$f":"IF(NOT(ISERROR($Y661)),IF($Y661<>FALSE,INDEX(Banco,$Y661,5),\"\"),\"\")","v":"Coffee break (salgados)"},"Centro",4,65,"DI 1",81.25,325,null,{"$f":"IF(OR($A661=0,$A661=\"S\",$A661>CFF!$A$9),\"\",MAX(W$11:OFFSET(W661,-1,0))+1)","v":""},"Serv. Terc.-026",106,null,{"$f":"IF($J661=$G$2,ROUND(IF(ISNUMBER(S661),S661,IF(LEFT(S661,2)=\"DI\",HLOOKUP(S661,DADOS!$T$29:$X$30,2,FALSE),0)),4),\"\")","v":0.25}]
["S",0,8,4,0,0,5,{"$f":"IF(OR($A662=\"S\",$A662=0),0,MATCH(0,OFFSET($B662,1,$A662,ROW($A$1504)-ROW($A662)),0))","v":0},{"$f":"IF(OR($A662=\"S\",$A662=0),0,MATCH(OFFSET($B662,0,$A662)+1,OFFSET($B662,1,$A662,ROW($A$1504)-ROW($A662)),0))","v":0},"Insumo","8.4.5.","Cotação","Serv. Terc.","027",{"$f":"IF(NOT(ISERROR($Y662)),IF($Y662<>FALSE,INDEX(Banco,$Y662,5),\"\"),\"\")","v":"Refrigerantes (02 litros) "},"Unidade",12,6,"DI 1",7.5,90,null,{"$f":"IF(OR($A662=0,$A662=\"S\",$A662>CFF!$A$9),\"\",MAX(W$11:OFFSET(W662,-1,0))+1)","v":""},"Serv. Terc.-027",107,null,{"$f":"IF($J662=$G$2,ROUND(IF(ISNUMBER(S662),S662,IF(LEFT(S662,2)=\"DI\",HLOOKUP(S662,DADOS!$T$29:$X$30,2,FALSE),0)),4),\"\")","v":0.25}]
[{"$f":"CHOOSE(1+LOG(1+2*(J663=$C$2)+4*(J663=$D$2)+8*(J663=$E$2)+16*(J663=$F$2)+32*(J663=$G$2),2),0,1,2,3,4,\"S\")","v":2},{"$f":"IF(OR(A663=\"S\",A663=0),0,IF(ISERROR(I663),H663,SMALL(H663:I663,1)))","v":3},{"$f":"IF($A663=1,OFFSET(C663,-1,0)+1,OFFSET(C663,-1,0))","v":8},{"$f":"IF($A663=1,0,IF($A663=2,OFFSET(D663,-1,0)+1,OFFSET(D663,-1,0)))","v":5},{"$f":"IF(AND($A663<=2,$A663<>0),0,IF($A663=3,OFFSET(E663,-1,0)+1,OFFSET(E663,-1,0)))","v":0},{"$f":"IF(AND($A663<=3,$A663<>0),0,IF($A663=4,OFFSET(F663,-1,0)+1,OFFSET(F663,-1,0)))","v":0},{"$f":"IF(AND($A663<=4,$A663<>0),0,IF($A663=\"S\",OFFSET(G663,-1,0)+1,OFFSET(G663,-1,0)))","v":0},{"$f":"IF(OR($A663=\"S\",$A663=0),0,MATCH(0,OFFSET($B663,1,$A663,ROW($A$1504)-ROW($A663)),0))","v":30},{"$f":"IF(OR($A663=\"S\",$A663=0),0,MATCH(OFFSET($B663,0,$A663)+1,OFFSET($B663,1,$A663,ROW($A$1504)-ROW($A663)),0))","v":3},"AtivNível 1",{"$f":"IF($A663=0,\"-\",CONCATENATE(C663&\".\",IF(AND($A$5>=2,$A663>=2),D663&\".\",\"\"),IF(AND($A$5>=3,$A663>=3),E663&\".\",\"\"),IF(AND($A$5>=4,$A663>=4),F663&\".\",\"\"),IF($A663=\"S\",G663&\".\",\"\")))","v":"8.5."},{"$f":"IF(NOT(ISERROR($Y663)),IF($Y663<>FALSE,INDEX(Banco,$Y663,4),\"\"),\"\")","v":""},null,null,"Atividade 49 - Plantão Social região Jardim Ikaraí",{"$f":"IF(NOT(ISERROR($Y663)),IF($Y663<>FALSE,INDEX(Banco,$Y663,6),\"\"),\"\")","v":""},null,{"$f":"IF(NOT(ISERROR($Y663)),IF($Y663<>FALSE,INDEX(Banco,$Y663,7),0),0)","v":0},"DI 1",{"$f":"IF($J663=$G$2,ROUND(ROUND($R663,2)*IF($R$9=\"Preço Unitário (R$)\",1,1+$AA663),2),0)","v":0},{"$f":"IF($A663=\"S\",VTOTAL1,IF($A663=0,0,ROUND(SomaAgrup,2)))","v":3427.56},null,{"$f":"IF(OR($A663=0,$A663=\"S\",$A663>CFF!$A$9),\"\",MAX(W$11:OFFSET(W663,-1,0))+1)","v":57},{"$f":"IF(AND($J663=$G$2,$N663<>\"\",$M663<>\"\"),CONCATENATE($M663,\"-\",$N663))","v":false},{"$f":"IF(X663<>FALSE,MATCH(X663,OFFSET(Banco,0,0,,1),0))","v":false},null,{"$f":"IF($J663=$G$2,ROUND(IF(ISNUMBER(S663),S663,IF(LEFT(S663,2)=\"DI\",HLOOKUP(S663,DADOS!$T$29:$X$30,2,FALSE),0)),4),\"\")","v":""}]
[{"$f":"CHOOSE(1+LOG(1+2*(J664=$C$2)+4*(J664=$D$2)+8*(J664=$E$2)+16*(J664=$F$2)+32*(J664=$G$2),2),0,1,2,3,4,\"S\")","v":"S"},{"$f":"IF(OR(A664=\"S\",A664=0),0,IF(ISERROR(I664),H664,SMALL(H664:I664,1)))","v":0},{"$f":"IF($A664=1,OFFSET(C664,-1,0)+1,OFFSET(C664,-1,0))","v":8},{"$f":"IF($A664=1,0,IF($A664=2,OFFSET(D664,-1,0)+1,OFFSET(D664,-1,0)))","v":5},{"$f":"IF(AND($A664<=2,$A664<>0),0,IF($A664=3,OFFSET(E664,-1,0)+1,OFFSET(E664,-1,0)))","v":0},{"$f":"IF(AND($A664<=3,$A664<>0),0,IF($A664=4,OFFSET(F664,-1,0)+1,OFFSET(F664,-1,0)))","v":0},{"$f":"IF(AND($A664<=4,$A664<>0),0,IF($A664=\"S\",OFFSET(G664,-1,0)+1,OFFSET(G664,-1,0)))","v":1},{"$f":"IF(OR($A664=\"S\",$A664=0),0,MATCH(0,OFFSET($B664,1,$A664,ROW($A$1504)-ROW($A664)),0))","v":0},{"$f":"IF(OR($A664=\"S\",$A664=0),0,MATCH(OFFSET($B664,0,$A664)+1,OFFSET($B664,1,$A664,ROW($A$1504)-ROW($A664)),0))","v":0},"Insumo",{"$f":"IF($A664=0,\"-\",CONCATENATE(C664&\".\",IF(AND($A$5>=2,$A664>=2),D664&\".\",\"\"),IF(AND($A$5>=3,$A664>=3),E664&\".\",\"\"),IF(AND($A$5>=4,$A664>=4),F664&\".\",\"\"),IF($A664=\"S\",G664&\".\",\"\")))","v":"8.5.1."},{"$f":"IF(NOT(ISERROR($Y664)),IF($Y664<>FALSE,INDEX(Banco,$Y664,4),\"\"),\"\")","v":"CRESS"},"Rec. Humanos","001",{"$f":"IF(NOT(ISERROR($Y664)),IF($Y664<>FALSE,INDEX(Banco,$Y664,5),\"\"),\"\")","v":"Responsável Técnica"},{"$f":"IF(NOT(ISERROR($Y664)),IF($Y664<>FALSE,INDEX(Banco,$Y664,6),\"\"),\"\")","v":"Horas"},4,{"$f":"IF(NOT(ISERROR($Y664)),IF($Y664<>FALSE,INDEX(Banco,$Y664,7),0),0)","v":150.28},"DI 1",{"$f":"IF($J664=$G$2,ROUND(ROUND($R664,2)*IF($R$9=\"Preço Unitário (R$)\",1,1+$AA664),2),0)","v":187.85},{"$f":"IF($A664=\"S\",VTOTAL1,IF($A664=0,0,ROUND(SomaAgrup,2)))","v":751.4},null,{"$f":"IF(OR($A664=0,$A664=\"S\",$A664>CFF!$A$9),\"\",MAX(W$11:OFFSET(W664,-1,0))+1)","v":""},{"$f":"IF(AND($J664=$G$2,$N664<>\"\",$M664<>\"\"),CONCATENATE($M664,\"-\",$N664))","v":"Rec. Humanos-001"},{"$f":"IF(X664<>FALSE,MATCH(X664,OFFSET(Banco,0,0,,1),0))","v":3},null,{"$f":"IF($J664=$G$2,ROUND(IF(ISNUMBER(S664),S664,IF(LEFT(S664,2)=\"DI\",HLOOKUP(S664,DADOS!$T$29:$X$30,2,FALSE),0)),4),\"\")","v":0.25}]
["S",0,8,5,0,0,2,{"$f":"IF(OR($A665=\"S\",$A665=0),0,MATCH(0,OFFSET($B665,1,$A665,ROW($A$1504)-ROW($A665)),0))","v":0},{"$f":"IF(OR($A665=\"S\",$A665=0),0,MATCH(OFFSET($B665,0,$A665)+1,OFFSET($B665,1,$A665,ROW($A$1504)-ROW($A665)),0))","v":0},"Insumo","8.5.2.","CRESS","Rec. Humanos","002",{"$f":"IF(NOT(ISERROR($Y665)),IF($Y665<>FALSE,INDEX(Banco,$Y665,5),\"\"),\"\")","v":"Assistente Social"},"Horas",16,133.81,"DI 1",167.26,2676.16,null,{"$f":"IF(OR($A665=0,$A665=\"S\",$A665>CFF!$A$9),\"\",MAX(W$11:OFFSET(W665,-1,0))+1)","v":""},"Rec. Humanos-002",4,null,{"$f":"IF($J665=$G$2,ROUND(IF(ISNUMBER(S665),S665,IF(LEFT(S665,2)=\"DI\",HLOOKUP(S665,DADOS!$T$29:$X$30,2,FALSE),0)),4),\"\")","v":0.25}]
[{"$f":"CHOOSE(1+LOG(1+2*(J666=$C$2)+4*(J666=$D$2)+8*(J666=$E$2)+16*(J666=$F$2)+32*(J666=$G$2),2),0,1,2,3,4,\"S\")","v":2},{"$f":"IF(OR(A666=\"S\",A666=0),0,IF(ISERROR(I666),H666,SMALL(H666:I666,1)))","v":6},{"$f":"IF($A666=1,OFFSET(C666,-1,0)+1,OFFSET(C666,-1,0))","v":8},{"$f":"IF($A666=1,0,IF($A666=2,OFFSET(D666,-1,0)+1,OFFSET(D666,-1,0)))","v":6},{"$f":"IF(AND($A666<=2,$A666<>0),0,IF($A666=3,OFFSET(E666,-1,0)+1,OFFSET(E666,-1,0)))","v":0},{"$f":"IF(AND($A666<=3,$A666<>0),0,IF($A666=4,OFFSET(F666,-1,0)+1,OFFSET(F666,-1,0)))","v":0},{"$f":"IF(AND($A666<=4,$A666<>0),0,IF($A666=\"S\",OFFSET(G666,-1,0)+1,OFFSET(G666,-1,0)))","v":0},{"$f":"IF(OR($A666=\"S\",$A666=0),0,MATCH(0,OFFSET($B666,1,$A666,ROW($A$1504)-ROW($A666)),0))","v":27},{"$f":"IF(OR($A666=\"S\",$A666=0),0,MATCH(OFFSET($B666,0,$A666)+1,OFFSET($B666,1,$A666,ROW($A$1504)-ROW($A666)),0))","v":6},"AtivNível 1",{"$f":"IF($A666=0,\"-\",CONCATENATE(C666&\".\",IF(AND($A$5>=2,$A666>=2),D666&\".\",\"\"),IF(AND($A$5>=3,$A666>=3),E666&\".\",\"\"),IF(AND($A$5>=4,$A666>=4),F666&\".\",\"\"),IF($A666=\"S\",G666&\".\",\"\")))","v":"8.6."},{"$f":"IF(NOT(ISERROR($Y666)),IF($Y666<>FALSE,INDEX(Banco,$Y666,4),\"\"),\"\")","v":""},null,null,"Atividade 50 - Curso: Culinária com técnica em congelamento região Jardim Ikaraí",{"$f":"IF(NOT(ISERROR($Y666)),IF($Y666<>FALSE,INDEX(Banco,$Y666,6),\"\"),\"\")","v":""},null,{"$f":"IF(NOT(ISERROR($Y666)),IF($Y666<>FALSE,INDEX(Banco,$Y666,7),0),0)","v":0},"DI 1",{"$f":"IF($J666=$G$2,ROUND(ROUND($R666,2)*IF($R$9=\"Preço Unitário (R$)\",1,1+$AA666),2),0)","v":0},{"$f":"IF($A666=\"S\",VTOTAL1,IF($A666=0,0,ROUND(SomaAgrup,2)))","v":15714.1},null,{"$f":"IF(OR($A666=0,$A666=\"S\",$A666>CFF!$A$9),\"\",MAX(W$11:OFFSET(W666,-1,0))+1)","v":58},{"$f":"IF(AND($J666=$G$2,$N666<>\"\",$M666<>\"\"),CONCATENATE($M666,\"-\",$N666))","v":false},{"$f":"IF(X666<>FALSE,MATCH(X666,OFFSET(Banco,0,0,,1),0))","v":false},null,{"$f":"IF($J666=$G$2,ROUND(IF(ISNUMBER(S666),S666,IF(LEFT(S666,2)=\"DI\",HLOOKUP(S666,DADOS!$T$29:$X$30,2,FALSE),0)),4),\"\")","v":""}]
[{"$f":"CHOOSE(1+LOG(1+2*(J667=$C$2)+4*(J667=$D$2)+8*(J667=$E$2)+16*(J667=$F$2)+32*(J667=$G$2),2),0,1,2,3,4,\"S\")","v":"S"},{"$f":"IF(OR(A667=\"S\",A667=0),0,IF(ISERROR(I667),H667,SMALL(H667:I667,1)))","v":0},{"$f":"IF($A667=1,OFFSET(C667,-1,0)+1,OFFSET(C667,-1,0))","v":8},{"$f":"IF($A667=1,0,IF($A667=2,OFFSET(D667,-1,0)+1,OFFSET(D667,-1,0)))","v":6},{"$f":"IF(AND($A667<=2,$A667<>0),0,IF($A667=3,OFFSET(E667,-1,0)+1,OFFSET(E667,-1,0)))","v":0},{"$f":"IF(AND($A667<=3,$A667<>0),0,IF($A667=4,OFFSET(F667,-1,0)+1,OFFSET(F667,-1,0)))","v":0},{"$f":"IF(AND($A667<=4,$A667<>0),0,IF($A667=\"S\",OFFSET(G667,-1,0)+1,OFFSET(G667,-1,0)))","v":1},{"$f":"IF(OR($A667=\"S\",$A667=0),0,MATCH(0,OFFSET($B667,1,$A667,ROW($A$1504)-ROW($A667)),0))","v":0},{"$f":"IF(OR($A667=\"S\",$A667=0),0,MATCH(OFFSET($B667,0,$A667)+1,OFFSET($B667,1,$A667,ROW($A$1504)-ROW($A667)),0))","v":0},"Insumo",{"$f":"IF($A667=0,\"-\",CONCATENATE(C667&\".\",IF(AND($A$5>=2,$A667>=2),D667&\".\",\"\"),IF(AND($A$5>=3,$A667>=3),E667&\".\",\"\"),IF(AND($A$5>=4,$A667>=4),F667&\".\",\"\"),IF($A667=\"S\",G667&\".\",\"\")))","v":"8.6.1."},{"$f":"IF(NOT(ISERROR($Y667)),IF($Y667<>FALSE,INDEX(Banco,$Y667,4),\"\"),\"\")","v":"CRESS"},"Rec. Humanos","001",{"$f":"IF(NOT(ISERROR($Y667)),IF($Y667<>FALSE,INDEX(Banco,$Y667,5),\"\"),\"\")","v":"Responsável Técnica"},{"$f":"IF(NOT(ISERROR($Y667)),IF($Y667<>FALSE,INDEX(Banco,$Y667,6),\"\"),\"\")","v":"Horas"},6,{"$f":"IF(NOT(ISERROR($Y667)),IF($Y667<>FALSE,INDEX(Banco,$Y667,7),0),0)","v":150.28},"DI 1",{"$f":"IF($J667=$G$2,ROUND(ROUND($R667,2)*IF($R$9=\"Preço Unitário (R$)\",1,1+$AA667),2),0)","v":187.85},{"$f":"IF($A667=\"S\",VTOTAL1,IF($A667=0,0,ROUND(SomaAgrup,2)))","v":1127.0999999999999},null,{"$f":"IF(OR($A667=0,$A667=\"S\",$A667>CFF!$A$9),\"\",MAX(W$11:OFFSET(W667,-1,0))+1)","v":""},{"$f":"IF(AND($J667=$G$2,$N667<>\"\",$M667<>\"\"),CONCATENATE($M667,\"-\",$N667))","v":"Rec. Humanos-001"},{"$f":"IF(X667<>FALSE,MATCH(X667,OFFSET(Banco,0,0,,1),0))","v":3},null,{"$f":"IF($J667=$G$2,ROUND(IF(ISNUMBER(S667),S667,IF(LEFT(S667,2)=\"DI\",HLOOKUP(S667,DADOS!$T$29:$X$30,2,FALSE),0)),4),\"\")","v":0.25}]
["S",0,{"$f":"IF($A668=1,OFFSET(C668,-1,0)+1,OFFSET(C668,-1,0))","v":8},{"$f":"IF($A668=1,0,IF($A668=2,OFFSET(D668,-1,0)+1,OFFSET(D668,-1,0)))","v":6},{"$f":"IF(AND($A668<=2,$A668<>0),0,IF($A668=3,OFFSET(E668,-1,0)+1,OFFSET(E668,-1,0)))","v":0},{"$f":"IF(AND($A668<=3,$A668<>0),0,IF($A668=4,OFFSET(F668,-1,0)+1,OFFSET(F668,-1,0)))","v":0},{"$f":"IF(AND($A668<=4,$A668<>0),0,IF($A668=\"S\",OFFSET(G668,-1,0)+1,OFFSET(G668,-1,0)))","v":2},{"$f":"IF(OR($A668=\"S\",$A668=0),0,MATCH(0,OFFSET($B668,1,$A668,ROW($A$1504)-ROW($A668)),0))","v":0},{"$f":"IF(OR($A668=\"S\",$A668=0),0,MATCH(OFFSET($B668,0,$A668)+1,OFFSET($B668,1,$A668,ROW($A$1504)-ROW($A668)),0))","v":0},"Insumo","8.6.2.",{"$f":"IF(NOT(ISERROR($Y668)),IF($Y668<>FALSE,INDEX(Banco,$Y668,4),\"\"),\"\")","v":"CRESS"},"Rec. Humanos","002",{"$f":"IF(NOT(ISERROR($Y668)),IF($Y668<>FALSE,INDEX(Banco,$Y668,5),\"\"),\"\")","v":"Assistente Social"},{"$f":"IF(NOT(ISERROR($Y668)),IF($Y668<>FALSE,INDEX(Banco,$Y668,6),\"\"),\"\")","v":"Horas"},10,{"$f":"IF(NOT(ISERROR($Y668)),IF($Y668<>FALSE,INDEX(Banco,$Y668,7),0),0)","v":133.81},"DI 1",{"$f":"IF($J668=$G$2,ROUND(ROUND($R668,2)*IF($R$9=\"Preço Unitário (R$)\",1,1+$AA668),2),0)","v":167.26},{"$f":"IF($A668=\"S\",VTOTAL1,IF($A668=0,0,ROUND(SomaAgrup,2)))","v":1672.6},null,{"$f":"IF(OR($A668=0,$A668=\"S\",$A668>CFF!$A$9),\"\",MAX(W$11:OFFSET(W668,-1,0))+1)","v":""},{"$f":"IF(AND($J668=$G$2,$N668<>\"\",$M668<>\"\"),CONCATENATE($M668,\"-\",$N668))","v":"Rec. Humanos-002"},4,null,{"$f":"IF($J668=$G$2,ROUND(IF(ISNUMBER(S668),S668,IF(LEFT(S668,2)=\"DI\",HLOOKUP(S668,DADOS!$T$29:$X$30,2,FALSE),0)),4),\"\")","v":0.25}]
[{"$f":"CHOOSE(1+LOG(1+2*(J669=$C$2)+4*(J669=$D$2)+8*(J669=$E$2)+16*(J669=$F$2)+32*(J669=$G$2),2),0,1,2,3,4,\"S\")","v":"S"},{"$f":"IF(OR(A669=\"S\",A669=0),0,IF(ISERROR(I669),H669,SMALL(H669:I669,1)))","v":0},{"$f":"IF($A669=1,OFFSET(C669,-1,0)+1,OFFSET(C669,-1,0))","v":8},{"$f":"IF($A669=1,0,IF($A669=2,OFFSET(D669,-1,0)+1,OFFSET(D669,-1,0)))","v":6},{"$f":"IF(AND($A669<=2,$A669<>0),0,IF($A669=3,OFFSET(E669,-1,0)+1,OFFSET(E669,-1,0)))","v":0},{"$f":"IF(AND($A669<=3,$A669<>0),0,IF($A669=4,OFFSET(F669,-1,0)+1,OFFSET(F669,-1,0)))","v":0},{"$f":"IF(AND($A669<=4,$A669<>0),0,IF($A669=\"S\",OFFSET(G669,-1,0)+1,OFFSET(G669,-1,0)))","v":3},{"$f":"IF(OR($A669=\"S\",$A669=0),0,MATCH(0,OFFSET($B669,1,$A669,ROW($A$1504)-ROW($A669)),0))","v":0},{"$f":"IF(OR($A669=\"S\",$A669=0),0,MATCH(OFFSET($B669,0,$A669)+1,OFFSET($B669,1,$A669,ROW($A$1504)-ROW($A669)),0))","v":0},"Insumo",{"$f":"IF($A669=0,\"-\",CONCATENATE(C669&\".\",IF(AND($A$5>=2,$A669>=2),D669&\".\",\"\"),IF(AND($A$5>=3,$A669>=3),E669&\".\",\"\"),IF(AND($A$5>=4,$A669>=4),F669&\".\",\"\"),IF($A669=\"S\",G669&\".\",\"\")))","v":"8.6.3."},{"$f":"IF(NOT(ISERROR($Y669)),IF($Y669<>FALSE,INDEX(Banco,$Y669,4),\"\"),\"\")","v":"SINE"},"Rec. Humanos","004",{"$f":"IF(NOT(ISERROR($Y669)),IF($Y669<>FALSE,INDEX(Banco,$Y669,5),\"\"),\"\")","v":"Estagiários"},{"$f":"IF(NOT(ISERROR($Y669)),IF($Y669<>FALSE,INDEX(Banco,$Y669,6),\"\"),\"\")","v":"Horas"},12,{"$f":"IF(NOT(ISERROR($Y669)),IF($Y669<>FALSE,INDEX(Banco,$Y669,7),0),0)","v":9.7899999999999991},"DI 1",{"$f":"IF($J669=$G$2,ROUND(ROUND($R669,2)*IF($R$9=\"Preço Unitário (R$)\",1,1+$AA669),2),0)","v":12.24},{"$f":"IF($A669=\"S\",VTOTAL1,IF($A669=0,0,ROUND(SomaAgrup,2)))","v":146.88},null,{"$f":"IF(OR($A669=0,$A669=\"S\",$A669>CFF!$A$9),\"\",MAX(W$11:OFFSET(W669,-1,0))+1)","v":""},{"$f":"IF(AND($J669=$G$2,$N669<>\"\",$M669<>\"\"),CONCATENATE($M669,\"-\",$N669))","v":"Rec. Humanos-004"},{"$f":"IF(X669<>FALSE,MATCH(X669,OFFSET(Banco,0,0,,1),0))","v":6},null,{"$f":"IF($J669=$G$2,ROUND(IF(ISNUMBER(S669),S669,IF(LEFT(S669,2)=\"DI\",HLOOKUP(S669,DADOS!$T$29:$X$30,2,FALSE),0)),4),\"\")","v":0.25}]
["S",0,8,6,0,0,4,{"$f":"IF(OR($A670=\"S\",$A670=0),0,MATCH(0,OFFSET($B670,1,$A670,ROW($A$1504)-ROW($A670)),0))","v":0},{"$f":"IF(OR($A670=\"S\",$A670=0),0,MATCH(OFFSET($B670,0,$A670)+1,OFFSET($B670,1,$A670,ROW($A$1504)-ROW($A670)),0))","v":0},"Insumo","8.6.4.","Cotação","Rec. Humanos","003",{"$f":"IF(NOT(ISERROR($Y670)),IF($Y670<>FALSE,INDEX(Banco,$Y670,5),\"\"),\"\")","v":"Administrador (Técnico de Apoio) "},"Horas",4,103.65,"DI 1",129.56,518.24,null,{"$f":"IF(OR($A670=0,$A670=\"S\",$A670>CFF!$A$9),\"\",MAX(W$11:OFFSET(W670,-1,0))+1)","v":""},"Rec. Humanos-003",5,null,{"$f":"IF($J670=$G$2,ROUND(IF(ISNUMBER(S670),S670,IF(LEFT(S670,2)=\"DI\",HLOOKUP(S670,DADOS!$T$29:$X$30,2,FALSE),0)),4),\"\")","v":0.25}]
["S",0,8,6,0,0,5,{"$f":"IF(OR($A671=\"S\",$A671=0),0,MATCH(0,OFFSET($B671,1,$A671,ROW($A$1504)-ROW($A671)),0))","v":0},{"$f":"IF(OR($A671=\"S\",$A671=0),0,MATCH(OFFSET($B671,0,$A671)+1,OFFSET($B671,1,$A671,ROW($A$1504)-ROW($A671)),0))","v":0},"Insumo","8.6.5.","SENAI","Serv. Terc.","084",{"$f":"IF(NOT(ISERROR($Y671)),IF($Y671<>FALSE,INDEX(Banco,$Y671,5),\"\"),\"\")","v":"Culinária com técnica de congelado (curso completo)"},"Vagas",32,306.23,"DI 1",382.79,12249.28,null,{"$f":"IF(OR($A671=0,$A671=\"S\",$A671>CFF!$A$9),\"\",MAX(W$11:OFFSET(W671,-1,0))+1)","v":""},"Serv. Terc.-084",164,null,{"$f":"IF($J671=$G$2,ROUND(IF(ISNUMBER(S671),S671,IF(LEFT(S671,2)=\"DI\",HLOOKUP(S671,DADOS!$T$29:$X$30,2,FALSE),0)),4),\"\")","v":0.25}]
[{"$f":"CHOOSE(1+LOG(1+2*(J672=$C$2)+4*(J672=$D$2)+8*(J672=$E$2)+16*(J672=$F$2)+32*(J672=$G$2),2),0,1,2,3,4,\"S\")","v":2},{"$f":"IF(OR(A672=\"S\",A672=0),0,IF(ISERROR(I672),H672,SMALL(H672:I672,1)))","v":12},{"$f":"IF($A672=1,OFFSET(C672,-1,0)+1,OFFSET(C672,-1,0))","v":8},{"$f":"IF($A672=1,0,IF($A672=2,OFFSET(D672,-1,0)+1,OFFSET(D672,-1,0)))","v":7},{"$f":"IF(AND($A672<=2,$A672<>0),0,IF($A672=3,OFFSET(E672,-1,0)+1,OFFSET(E672,-1,0)))","v":0},{"$f":"IF(AND($A672<=3,$A672<>0),0,IF($A672=4,OFFSET(F672,-1,0)+1,OFFSET(F672,-1,0)))","v":0},{"$f":"IF(AND($A672<=4,$A672<>0),0,IF($A672=\"S\",OFFSET(G672,-1,0)+1,OFFSET(G672,-1,0)))","v":0},{"$f":"IF(OR($A672=\"S\",$A672=0),0,MATCH(0,OFFSET($B672,1,$A672,ROW($A$1504)-ROW($A672)),0))","v":21},{"$f":"IF(OR($A672=\"S\",$A672=0),0,MATCH(OFFSET($B672,0,$A672)+1,OFFSET($B672,1,$A672,ROW($A$1504)-ROW($A672)),0))","v":12},"AtivNível 1",{"$f":"IF($A672=0,\"-\",CONCATENATE(C672&\".\",IF(AND($A$5>=2,$A672>=2),D672&\".\",\"\"),IF(AND($A$5>=3,$A672>=3),E672&\".\",\"\"),IF(AND($A$5>=4,$A672>=4),F672&\".\",\"\"),IF($A672=\"S\",G672&\".\",\"\")))","v":"8.7."},{"$f":"IF(NOT(ISERROR($Y672)),IF($Y672<>FALSE,INDEX(Banco,$Y672,4),\"\"),\"\")","v":""},null,null,"Atividade 51 - Curso: Cupcake/Bolo de pote região Parque São João",{"$f":"IF(NOT(ISERROR($Y672)),IF($Y672<>FALSE,INDEX(Banco,$Y672,6),\"\"),\"\")","v":""},null,{"$f":"IF(NOT(ISERROR($Y672)),IF($Y672<>FALSE,INDEX(Banco,$Y672,7),0),0)","v":0},"DI 1",{"$f":"IF($J672=$G$2,ROUND(ROUND($R672,2)*IF($R$9=\"Preço Unitário (R$)\",1,1+$AA672),2),0)","v":0},{"$f":"IF($A672=\"S\",VTOTAL1,IF($A672=0,0,ROUND(SomaAgrup,2)))","v":9513.81},null,{"$f":"IF(OR($A672=0,$A672=\"S\",$A672>CFF!$A$9),\"\",MAX(W$11:OFFSET(W672,-1,0))+1)","v":59},{"$f":"IF(AND($J672=$G$2,$N672<>\"\",$M672<>\"\"),CONCATENATE($M672,\"-\",$N672))","v":false},{"$f":"IF(X672<>FALSE,MATCH(X672,OFFSET(Banco,0,0,,1),0))","v":false},null,{"$f":"IF($J672=$G$2,ROUND(IF(ISNUMBER(S672),S672,IF(LEFT(S672,2)=\"DI\",HLOOKUP(S672,DADOS!$T$29:$X$30,2,FALSE),0)),4),\"\")","v":""}]
[{"$f":"CHOOSE(1+LOG(1+2*(J673=$C$2)+4*(J673=$D$2)+8*(J673=$E$2)+16*(J673=$F$2)+32*(J673=$G$2),2),0,1,2,3,4,\"S\")","v":"S"},{"$f":"IF(OR(A673=\"S\",A673=0),0,IF(ISERROR(I673),H673,SMALL(H673:I673,1)))","v":0},8,7,0,0,1,{"$f":"IF(OR($A673=\"S\",$A673=0),0,MATCH(0,OFFSET($B673,1,$A673,ROW($A$1504)-ROW($A673)),0))","v":0},{"$f":"IF(OR($A673=\"S\",$A673=0),0,MATCH(OFFSET($B673,0,$A673)+1,OFFSET($B673,1,$A673,ROW($A$1504)-ROW($A673)),0))","v":0},"Insumo",{"$f":"IF($A673=0,\"-\",CONCATENATE(C673&\".\",IF(AND($A$5>=2,$A673>=2),D673&\".\",\"\"),IF(AND($A$5>=3,$A673>=3),E673&\".\",\"\"),IF(AND($A$5>=4,$A673>=4),F673&\".\",\"\"),IF($A673=\"S\",G673&\".\",\"\")))","v":"8.7.1."},"CRESS","Rec. Humanos","002",{"$f":"IF(NOT(ISERROR($Y673)),IF($Y673<>FALSE,INDEX(Banco,$Y673,5),\"\"),\"\")","v":"Assistente Social"},"Horas",8,133.81,"DI 1",167.26,1338.08,null,{"$f":"IF(OR($A673=0,$A673=\"S\",$A673>CFF!$A$9),\"\",MAX(W$11:OFFSET(W673,-1,0))+1)","v":""},"Rec. Humanos-002",{"$f":"IF(X673<>FALSE,MATCH(X673,OFFSET(Banco,0,0,,1),0))","v":4},null,{"$f":"IF($J673=$G$2,ROUND(IF(ISNUMBER(S673),S673,IF(LEFT(S673,2)=\"DI\",HLOOKUP(S673,DADOS!$T$29:$X$30,2,FALSE),0)),4),\"\")","v":0.25}]
["S",0,8,7,0,0,2,{"$f":"IF(OR($A674=\"S\",$A674=0),0,MATCH(0,OFFSET($B674,1,$A674,ROW($A$1504)-ROW($A674)),0))","v":0},{"$f":"IF(OR($A674=\"S\",$A674=0),0,MATCH(OFFSET($B674,0,$A674)+1,OFFSET($B674,1,$A674,ROW($A$1504)-ROW($A674)),0))","v":0},"Insumo","8.7.2.","Cotação","Rec. Humanos","003","Administrador (Técnico de Apoio) ","Horas",8,103.65,"DI 1",129.56,1036.48,null,{"$f":"IF(OR($A674=0,$A674=\"S\",$A674>CFF!$A$9),\"\",MAX(W$11:OFFSET(W674,-1,0))+1)","v":""},"Rec. Humanos-003",5,null,{"$f":"IF($J674=$G$2,ROUND(IF(ISNUMBER(S674),S674,IF(LEFT(S674,2)=\"DI\",HLOOKUP(S674,DADOS!$T$29:$X$30,2,FALSE),0)),4),\"\")","v":0.25}]
["S",0,8,7,0,0,3,{"$f":"IF(OR($A675=\"S\",$A675=0),0,MATCH(0,OFFSET($B675,1,$A675,ROW($A$1504)-ROW($A675)),0))","v":0},{"$f":"IF(OR($A675=\"S\",$A675=0),0,MATCH(OFFSET($B675,0,$A675)+1,OFFSET($B675,1,$A675,ROW($A$1504)-ROW($A675)),0))","v":0},"Insumo","8.7.3.","Cotação","Serv. Terc.","027","Refrigerantes (02 litros) ","Unidade",6,6,"DI 1",7.5,45,null,{"$f":"IF(OR($A675=0,$A675=\"S\",$A675>CFF!$A$9),\"\",MAX(W$11:OFFSET(W675,-1,0))+1)","v":""},"Serv. Terc.-027",107,null,{"$f":"IF($J675=$G$2,ROUND(IF(ISNUMBER(S675),S675,IF(LEFT(S675,2)=\"DI\",HLOOKUP(S675,DADOS!$T$29:$X$30,2,FALSE),0)),4),\"\")","v":0.25}]
["S",0,8,7,0,0,4,{"$f":"IF(OR($A676=\"S\",$A676=0),0,MATCH(0,OFFSET($B676,1,$A676,ROW($A$1504)-ROW($A676)),0))","v":0},{"$f":"IF(OR($A676=\"S\",$A676=0),0,MATCH(OFFSET($B676,0,$A676)+1,OFFSET($B676,1,$A676,ROW($A$1504)-ROW($A676)),0))","v":0},"Insumo","8.7.4.","Cotação","Serv. Terc.","031","Apostilas com figuras ilustrativas (08 páginas)","Unidade",30,15,"DI 1",18.75,562.5,null,{"$f":"IF(OR($A676=0,$A676=\"S\",$A676>CFF!$A$9),\"\",MAX(W$11:OFFSET(W676,-1,0))+1)","v":""},"Serv. Terc.-031",111,null,{"$f":"IF($J676=$G$2,ROUND(IF(ISNUMBER(S676),S676,IF(LEFT(S676,2)=\"DI\",HLOOKUP(S676,DADOS!$T$29:$X$30,2,FALSE),0)),4),\"\")","v":0.25}]
["S",0,8,7,0,0,5,{"$f":"IF(OR($A677=\"S\",$A677=0),0,MATCH(0,OFFSET($B677,1,$A677,ROW($A$1504)-ROW($A677)),0))","v":0},{"$f":"IF(OR($A677=\"S\",$A677=0),0,MATCH(OFFSET($B677,0,$A677)+1,OFFSET($B677,1,$A677,ROW($A$1504)-ROW($A677)),0))","v":0},"Insumo","8.7.5.","Cotação","Serv. Terc.","032","Certificados para cursos","Unidade",30,4,"DI 1",5,150,null,{"$f":"IF(OR($A677=0,$A677=\"S\",$A677>CFF!$A$9),\"\",MAX(W$11:OFFSET(W677,-1,0))+1)","v":""},"Serv. Terc.-032",112,null,{"$f":"IF($J677=$G$2,ROUND(IF(ISNUMBER(S677),S677,IF(LEFT(S677,2)=\"DI\",HLOOKUP(S677,DADOS!$T$29:$X$30,2,FALSE),0)),4),\"\")","v":0.25}]
["S",0,8,7,0,0,6,{"$f":"IF(OR($A678=\"S\",$A678=0),0,MATCH(0,OFFSET($B678,1,$A678,ROW($A$1504)-ROW($A678)),0))","v":0},{"$f":"IF(OR($A678=\"S\",$A678=0),0,MATCH(OFFSET($B678,0,$A678)+1,OFFSET($B678,1,$A678,ROW($A$1504)-ROW($A678)),0))","v":0},"Insumo","8.7.6.","Cotação","Serv. Terc.","081","Cupcake (Instrutor)","Horas",16,80,"DI 1",100,1600,null,{"$f":"IF(OR($A678=0,$A678=\"S\",$A678>CFF!$A$9),\"\",MAX(W$11:OFFSET(W678,-1,0))+1)","v":""},"Serv. Terc.-081",161,null,{"$f":"IF($J678=$G$2,ROUND(IF(ISNUMBER(S678),S678,IF(LEFT(S678,2)=\"DI\",HLOOKUP(S678,DADOS!$T$29:$X$30,2,FALSE),0)),4),\"\")","v":0.25}]
["S",0,8,7,0,0,7,{"$f":"IF(OR($A679=\"S\",$A679=0),0,MATCH(0,OFFSET($B679,1,$A679,ROW($A$1504)-ROW($A679)),0))","v":0},{"$f":"IF(OR($A679=\"S\",$A679=0),0,MATCH(OFFSET($B679,0,$A679)+1,OFFSET($B679,1,$A679,ROW($A$1504)-ROW($A679)),0))","v":0},"Insumo","8.7.7.","Cotação","Serv. Terc.","076","KIT 01 - Material para os alunos Cupcake e bolo de pote","KITS",30,90,"DI 1",112.5,3375,null,{"$f":"IF(OR($A679=0,$A679=\"S\",$A679>CFF!$A$9),\"\",MAX(W$11:OFFSET(W679,-1,0))+1)","v":""},"Serv. Terc.-076",156,null,{"$f":"IF($J679=$G$2,ROUND(IF(ISNUMBER(S679),S679,IF(LEFT(S679,2)=\"DI\",HLOOKUP(S679,DADOS!$T$29:$X$30,2,FALSE),0)),4),\"\")","v":0.25}]
["S",0,8,7,0,0,8,{"$f":"IF(OR($A680=\"S\",$A680=0),0,MATCH(0,OFFSET($B680,1,$A680,ROW($A$1504)-ROW($A680)),0))","v":0},{"$f":"IF(OR($A680=\"S\",$A680=0),0,MATCH(OFFSET($B680,0,$A680)+1,OFFSET($B680,1,$A680,ROW($A$1504)-ROW($A680)),0))","v":0},"Insumo","8.7.8.","Cotação","Serv. Terc.","077","KIT 02 - Material de uso coletivo Cupcake e bolo de pote","KITS",1,300,"DI 1",375,375,null,{"$f":"IF(OR($A680=0,$A680=\"S\",$A680>CFF!$A$9),\"\",MAX(W$11:OFFSET(W680,-1,0))+1)","v":""},"Serv. Terc.-077",157,null,{"$f":"IF($J680=$G$2,ROUND(IF(ISNUMBER(S680),S680,IF(LEFT(S680,2)=\"DI\",HLOOKUP(S680,DADOS!$T$29:$X$30,2,FALSE),0)),4),\"\")","v":0.25}]
["S",0,8,7,0,0,9,{"$f":"IF(OR($A681=\"S\",$A681=0),0,MATCH(0,OFFSET($B681,1,$A681,ROW($A$1504)-ROW($A681)),0))","v":0},{"$f":"IF(OR($A681=\"S\",$A681=0),0,MATCH(OFFSET($B681,0,$A681)+1,OFFSET($B681,1,$A681,ROW($A$1504)-ROW($A681)),0))","v":0},"Insumo","8.7.9.","Cotação","Rec. Materiais","001","Papel A4","Resma",1,28,"DI 1",35,35,null,{"$f":"IF(OR($A681=0,$A681=\"S\",$A681>CFF!$A$9),\"\",MAX(W$11:OFFSET(W681,-1,0))+1)","v":""},"Rec. Materiais-001",10,null,{"$f":"IF($J681=$G$2,ROUND(IF(ISNUMBER(S681),S681,IF(LEFT(S681,2)=\"DI\",HLOOKUP(S681,DADOS!$T$29:$X$30,2,FALSE),0)),4),\"\")","v":0.25}]
["S",0,8,7,0,0,10,{"$f":"IF(OR($A682=\"S\",$A682=0),0,MATCH(0,OFFSET($B682,1,$A682,ROW($A$1504)-ROW($A682)),0))","v":0},{"$f":"IF(OR($A682=\"S\",$A682=0),0,MATCH(OFFSET($B682,0,$A682)+1,OFFSET($B682,1,$A682,ROW($A$1504)-ROW($A682)),0))","v":0},"Insumo","8.7.10.","Cotação","Rec. Materiais","002","Toner para impressora","Unidade",4,180,"DI 1",225,900,null,{"$f":"IF(OR($A682=0,$A682=\"S\",$A682>CFF!$A$9),\"\",MAX(W$11:OFFSET(W682,-1,0))+1)","v":""},"Rec. Materiais-002",11,null,{"$f":"IF($J682=$G$2,ROUND(IF(ISNUMBER(S682),S682,IF(LEFT(S682,2)=\"DI\",HLOOKUP(S682,DADOS!$T$29:$X$30,2,FALSE),0)),4),\"\")","v":0.25}]
["S",0,8,7,0,0,11,{"$f":"IF(OR($A683=\"S\",$A683=0),0,MATCH(0,OFFSET($B683,1,$A683,ROW($A$1504)-ROW($A683)),0))","v":0},{"$f":"IF(OR($A683=\"S\",$A683=0),0,MATCH(OFFSET($B683,0,$A683)+1,OFFSET($B683,1,$A683,ROW($A$1504)-ROW($A683)),0))","v":0},"Insumo","8.7.11.","Cotação","Rec. Materiais","019","Copos descartáveis (2500 unidades)","Caixa",1,77.400000000000006,"DI 1",96.75,96.75,null,{"$f":"IF(OR($A683=0,$A683=\"S\",$A683>CFF!$A$9),\"\",MAX(W$11:OFFSET(W683,-1,0))+1)","v":""},"Rec. Materiais-019",28,null,{"$f":"IF($J683=$G$2,ROUND(IF(ISNUMBER(S683),S683,IF(LEFT(S683,2)=\"DI\",HLOOKUP(S683,DADOS!$T$29:$X$30,2,FALSE),0)),4),\"\")","v":0.25}]
[{"$f":"CHOOSE(1+LOG(1+2*(J684=$C$2)+4*(J684=$D$2)+8*(J684=$E$2)+16*(J684=$F$2)+32*(J684=$G$2),2),0,1,2,3,4,\"S\")","v":2},{"$f":"IF(OR(A684=\"S\",A684=0),0,IF(ISERROR(I684),H684,SMALL(H684:I684,1)))","v":9},{"$f":"IF($A684=1,OFFSET(C684,-1,0)+1,OFFSET(C684,-1,0))","v":8},{"$f":"IF($A684=1,0,IF($A684=2,OFFSET(D684,-1,0)+1,OFFSET(D684,-1,0)))","v":8},{"$f":"IF(AND($A684<=2,$A684<>0),0,IF($A684=3,OFFSET(E684,-1,0)+1,OFFSET(E684,-1,0)))","v":0},{"$f":"IF(AND($A684<=3,$A684<>0),0,IF($A684=4,OFFSET(F684,-1,0)+1,OFFSET(F684,-1,0)))","v":0},{"$f":"IF(AND($A684<=4,$A684<>0),0,IF($A684=\"S\",OFFSET(G684,-1,0)+1,OFFSET(G684,-1,0)))","v":0},{"$f":"IF(OR($A684=\"S\",$A684=0),0,MATCH(0,OFFSET($B684,1,$A684,ROW($A$1504)-ROW($A684)),0))","v":9},{"$f":"IF(OR($A684=\"S\",$A684=0),0,MATCH(OFFSET($B684,0,$A684)+1,OFFSET($B684,1,$A684,ROW($A$1504)-ROW($A684)),0))","v":68},"AtivNível 1",{"$f":"IF($A684=0,\"-\",CONCATENATE(C684&\".\",IF(AND($A$5>=2,$A684>=2),D684&\".\",\"\"),IF(AND($A$5>=3,$A684>=3),E684&\".\",\"\"),IF(AND($A$5>=4,$A684>=4),F684&\".\",\"\"),IF($A684=\"S\",G684&\".\",\"\")))","v":"8.8."},{"$f":"IF(NOT(ISERROR($Y684)),IF($Y684<>FALSE,INDEX(Banco,$Y684,4),\"\"),\"\")","v":""},null,null,"Atividade 52 - Curso: Cupcake/Bolo de pote região Jardim Ikaraí",{"$f":"IF(NOT(ISERROR($Y684)),IF($Y684<>FALSE,INDEX(Banco,$Y684,6),\"\"),\"\")","v":""},null,{"$f":"IF(NOT(ISERROR($Y684)),IF($Y684<>FALSE,INDEX(Banco,$Y684,7),0),0)","v":0},"DI 1",{"$f":"IF($J684=$G$2,ROUND(ROUND($R684,2)*IF($R$9=\"Preço Unitário (R$)\",1,1+$AA684),2),0)","v":0},{"$f":"IF($A684=\"S\",VTOTAL1,IF($A684=0,0,ROUND(SomaAgrup,2)))","v":9503.42},null,{"$f":"IF(OR($A684=0,$A684=\"S\",$A684>CFF!$A$9),\"\",MAX(W$11:OFFSET(W684,-1,0))+1)","v":60},{"$f":"IF(AND($J684=$G$2,$N684<>\"\",$M684<>\"\"),CONCATENATE($M684,\"-\",$N684))","v":false},{"$f":"IF(X684<>FALSE,MATCH(X684,OFFSET(Banco,0,0,,1),0))","v":false},null,{"$f":"IF($J684=$G$2,ROUND(IF(ISNUMBER(S684),S684,IF(LEFT(S684,2)=\"DI\",HLOOKUP(S684,DADOS!$T$29:$X$30,2,FALSE),0)),4),\"\")","v":""}]
[{"$f":"CHOOSE(1+LOG(1+2*(J685=$C$2)+4*(J685=$D$2)+8*(J685=$E$2)+16*(J685=$F$2)+32*(J685=$G$2),2),0,1,2,3,4,\"S\")","v":"S"},{"$f":"IF(OR(A685=\"S\",A685=0),0,IF(ISERROR(I685),H685,SMALL(H685:I685,1)))","v":0},{"$f":"IF($A685=1,OFFSET(C685,-1,0)+1,OFFSET(C685,-1,0))","v":8},{"$f":"IF($A685=1,0,IF($A685=2,OFFSET(D685,-1,0)+1,OFFSET(D685,-1,0)))","v":8},{"$f":"IF(AND($A685<=2,$A685<>0),0,IF($A685=3,OFFSET(E685,-1,0)+1,OFFSET(E685,-1,0)))","v":0},{"$f":"IF(AND($A685<=3,$A685<>0),0,IF($A685=4,OFFSET(F685,-1,0)+1,OFFSET(F685,-1,0)))","v":0},{"$f":"IF(AND($A685<=4,$A685<>0),0,IF($A685=\"S\",OFFSET(G685,-1,0)+1,OFFSET(G685,-1,0)))","v":1},{"$f":"IF(OR($A685=\"S\",$A685=0),0,MATCH(0,OFFSET($B685,1,$A685,ROW($A$1504)-ROW($A685)),0))","v":0},{"$f":"IF(OR($A685=\"S\",$A685=0),0,MATCH(OFFSET($B685,0,$A685)+1,OFFSET($B685,1,$A685,ROW($A$1504)-ROW($A685)),0))","v":0},"Insumo",{"$f":"IF($A685=0,\"-\",CONCATENATE(C685&\".\",IF(AND($A$5>=2,$A685>=2),D685&\".\",\"\"),IF(AND($A$5>=3,$A685>=3),E685&\".\",\"\"),IF(AND($A$5>=4,$A685>=4),F685&\".\",\"\"),IF($A685=\"S\",G685&\".\",\"\")))","v":"8.8.1."},{"$f":"IF(NOT(ISERROR($Y685)),IF($Y685<>FALSE,INDEX(Banco,$Y685,4),\"\"),\"\")","v":"CRESS"},"Rec. Humanos","002",{"$f":"IF(NOT(ISERROR($Y685)),IF($Y685<>FALSE,INDEX(Banco,$Y685,5),\"\"),\"\")","v":"Assistente Social"},{"$f":"IF(NOT(ISERROR($Y685)),IF($Y685<>FALSE,INDEX(Banco,$Y685,6),\"\"),\"\")","v":"Horas"},6,{"$f":"IF(NOT(ISERROR($Y685)),IF($Y685<>FALSE,INDEX(Banco,$Y685,7),0),0)","v":133.81},"DI 1",{"$f":"IF($J685=$G$2,ROUND(ROUND($R685,2)*IF($R$9=\"Preço Unitário (R$)\",1,1+$AA685),2),0)","v":167.26},{"$f":"IF($A685=\"S\",VTOTAL1,IF($A685=0,0,ROUND(SomaAgrup,2)))","v":1003.56},null,{"$f":"IF(OR($A685=0,$A685=\"S\",$A685>CFF!$A$9),\"\",MAX(W$11:OFFSET(W685,-1,0))+1)","v":""},{"$f":"IF(AND($J685=$G$2,$N685<>\"\",$M685<>\"\"),CONCATENATE($M685,\"-\",$N685))","v":"Rec. Humanos-002"},{"$f":"IF(X685<>FALSE,MATCH(X685,OFFSET(Banco,0,0,,1),0))","v":4},null,{"$f":"IF($J685=$G$2,ROUND(IF(ISNUMBER(S685),S685,IF(LEFT(S685,2)=\"DI\",HLOOKUP(S685,DADOS!$T$29:$X$30,2,FALSE),0)),4),\"\")","v":0.25}]
["S",0,8,8,0,0,2,{"$f":"IF(OR($A686=\"S\",$A686=0),0,MATCH(0,OFFSET($B686,1,$A686,ROW($A$1504)-ROW($A686)),0))","v":0},{"$f":"IF(OR($A686=\"S\",$A686=0),0,MATCH(OFFSET($B686,0,$A686)+1,OFFSET($B686,1,$A686,ROW($A$1504)-ROW($A686)),0))","v":0},"Insumo","8.8.2.","Cotação","Rec. Humanos","003","Administrador (Técnico de Apoio) ","Horas",6,103.65,"DI 1",129.56,777.36,null,{"$f":"IF(OR($A686=0,$A686=\"S\",$A686>CFF!$A$9),\"\",MAX(W$11:OFFSET(W686,-1,0))+1)","v":""},"Rec. Humanos-003",5,null,{"$f":"IF($J686=$G$2,ROUND(IF(ISNUMBER(S686),S686,IF(LEFT(S686,2)=\"DI\",HLOOKUP(S686,DADOS!$T$29:$X$30,2,FALSE),0)),4),\"\")","v":0.25}]
["S",0,8,8,0,0,3,{"$f":"IF(OR($A687=\"S\",$A687=0),0,MATCH(0,OFFSET($B687,1,$A687,ROW($A$1504)-ROW($A687)),0))","v":0},{"$f":"IF(OR($A687=\"S\",$A687=0),0,MATCH(OFFSET($B687,0,$A687)+1,OFFSET($B687,1,$A687,ROW($A$1504)-ROW($A687)),0))","v":0},"Insumo","8.8.3.","Cotação","Serv. Terc.","027","Refrigerantes (02 litros) ","Unidade",8,6,"DI 1",7.5,60,null,{"$f":"IF(OR($A687=0,$A687=\"S\",$A687>CFF!$A$9),\"\",MAX(W$11:OFFSET(W687,-1,0))+1)","v":""},"Serv. Terc.-027",107,null,{"$f":"IF($J687=$G$2,ROUND(IF(ISNUMBER(S687),S687,IF(LEFT(S687,2)=\"DI\",HLOOKUP(S687,DADOS!$T$29:$X$30,2,FALSE),0)),4),\"\")","v":0.25}]
["S",0,8,8,0,0,4,{"$f":"IF(OR($A688=\"S\",$A688=0),0,MATCH(0,OFFSET($B688,1,$A688,ROW($A$1504)-ROW($A688)),0))","v":0},{"$f":"IF(OR($A688=\"S\",$A688=0),0,MATCH(OFFSET($B688,0,$A688)+1,OFFSET($B688,1,$A688,ROW($A$1504)-ROW($A688)),0))","v":0},"Insumo","8.8.4.","Cotação","Serv. Terc.","031","Apostilas com figuras ilustrativas (08 páginas)","Unidade",30,15,"DI 1",18.75,562.5,null,{"$f":"IF(OR($A688=0,$A688=\"S\",$A688>CFF!$A$9),\"\",MAX(W$11:OFFSET(W688,-1,0))+1)","v":""},"Serv. Terc.-031",111,null,{"$f":"IF($J688=$G$2,ROUND(IF(ISNUMBER(S688),S688,IF(LEFT(S688,2)=\"DI\",HLOOKUP(S688,DADOS!$T$29:$X$30,2,FALSE),0)),4),\"\")","v":0.25}]
["S",0,8,8,0,0,5,{"$f":"IF(OR($A689=\"S\",$A689=0),0,MATCH(0,OFFSET($B689,1,$A689,ROW($A$1504)-ROW($A689)),0))","v":0},{"$f":"IF(OR($A689=\"S\",$A689=0),0,MATCH(OFFSET($B689,0,$A689)+1,OFFSET($B689,1,$A689,ROW($A$1504)-ROW($A689)),0))","v":0},"Insumo","8.8.5.","Cotação","Serv. Terc.","032","Certificados para cursos","Unidade",30,4,"DI 1",5,150,null,{"$f":"IF(OR($A689=0,$A689=\"S\",$A689>CFF!$A$9),\"\",MAX(W$11:OFFSET(W689,-1,0))+1)","v":""},"Serv. Terc.-032",112,null,{"$f":"IF($J689=$G$2,ROUND(IF(ISNUMBER(S689),S689,IF(LEFT(S689,2)=\"DI\",HLOOKUP(S689,DADOS!$T$29:$X$30,2,FALSE),0)),4),\"\")","v":0.25}]
[{"$f":"CHOOSE(1+LOG(1+2*(J690=$C$2)+4*(J690=$D$2)+8*(J690=$E$2)+16*(J690=$F$2)+32*(J690=$G$2),2),0,1,2,3,4,\"S\")","v":"S"},{"$f":"IF(OR(A690=\"S\",A690=0),0,IF(ISERROR(I690),H690,SMALL(H690:I690,1)))","v":0},8,8,0,0,6,{"$f":"IF(OR($A690=\"S\",$A690=0),0,MATCH(0,OFFSET($B690,1,$A690,ROW($A$1504)-ROW($A690)),0))","v":0},{"$f":"IF(OR($A690=\"S\",$A690=0),0,MATCH(OFFSET($B690,0,$A690)+1,OFFSET($B690,1,$A690,ROW($A$1504)-ROW($A690)),0))","v":0},"Insumo",{"$f":"IF($A690=0,\"-\",CONCATENATE(C690&\".\",IF(AND($A$5>=2,$A690>=2),D690&\".\",\"\"),IF(AND($A$5>=3,$A690>=3),E690&\".\",\"\"),IF(AND($A$5>=4,$A690>=4),F690&\".\",\"\"),IF($A690=\"S\",G690&\".\",\"\")))","v":"8.8.6."},"Cotação","Serv. Terc.","081","Cupcake (Instrutor)","Horas",32,80,"DI 1",100,3200,null,{"$f":"IF(OR($A690=0,$A690=\"S\",$A690>CFF!$A$9),\"\",MAX(W$11:OFFSET(W690,-1,0))+1)","v":""},"Serv. Terc.-081",{"$f":"IF(X690<>FALSE,MATCH(X690,OFFSET(Banco,0,0,,1),0))","v":161},null,{"$f":"IF($J690=$G$2,ROUND(IF(ISNUMBER(S690),S690,IF(LEFT(S690,2)=\"DI\",HLOOKUP(S690,DADOS!$T$29:$X$30,2,FALSE),0)),4),\"\")","v":0.25}]
["S",0,8,8,0,0,7,{"$f":"IF(OR($A691=\"S\",$A691=0),0,MATCH(0,OFFSET($B691,1,$A691,ROW($A$1504)-ROW($A691)),0))","v":0},{"$f":"IF(OR($A691=\"S\",$A691=0),0,MATCH(OFFSET($B691,0,$A691)+1,OFFSET($B691,1,$A691,ROW($A$1504)-ROW($A691)),0))","v":0},"Insumo","8.8.7.","Cotação","Serv. Terc.","076","KIT 01 - Material para os alunos Cupcake e bolo de pote","KITS",30,90,"DI 1",112.5,3375,null,{"$f":"IF(OR($A691=0,$A691=\"S\",$A691>CFF!$A$9),\"\",MAX(W$11:OFFSET(W691,-1,0))+1)","v":""},"Serv. Terc.-076",156,null,{"$f":"IF($J691=$G$2,ROUND(IF(ISNUMBER(S691),S691,IF(LEFT(S691,2)=\"DI\",HLOOKUP(S691,DADOS!$T$29:$X$30,2,FALSE),0)),4),\"\")","v":0.25}]
["S",0,8,8,0,0,8,{"$f":"IF(OR($A692=\"S\",$A692=0),0,MATCH(0,OFFSET($B692,1,$A692,ROW($A$1504)-ROW($A692)),0))","v":0},{"$f":"IF(OR($A692=\"S\",$A692=0),0,MATCH(OFFSET($B692,0,$A692)+1,OFFSET($B692,1,$A692,ROW($A$1504)-ROW($A692)),0))","v":0},"Insumo","8.8.8.","Cotação","Serv. Terc.","077","KIT 02 - Material de uso coletivo Cupcake e bolo de pote","KITS",1,300,"DI 1",375,375,null,{"$f":"IF(OR($A692=0,$A692=\"S\",$A692>CFF!$A$9),\"\",MAX(W$11:OFFSET(W692,-1,0))+1)","v":""},"Serv. Terc.-077",157,null,{"$f":"IF($J692=$G$2,ROUND(IF(ISNUMBER(S692),S692,IF(LEFT(S692,2)=\"DI\",HLOOKUP(S692,DADOS!$T$29:$X$30,2,FALSE),0)),4),\"\")","v":0.25}]
[{"$f":"CHOOSE(1+LOG(1+2*(J693=$C$2)+4*(J693=$D$2)+8*(J693=$E$2)+16*(J693=$F$2)+32*(J693=$G$2),2),0,1,2,3,4,\"S\")","v":1},{"$f":"IF(OR(A693=\"S\",A693=0),0,IF(ISERROR(I693),H693,SMALL(H693:I693,1)))","v":106},{"$f":"IF($A693=1,OFFSET(C693,-1,0)+1,OFFSET(C693,-1,0))","v":9},{"$f":"IF($A693=1,0,IF($A693=2,OFFSET(D693,-1,0)+1,OFFSET(D693,-1,0)))","v":0},{"$f":"IF(AND($A693<=2,$A693<>0),0,IF($A693=3,OFFSET(E693,-1,0)+1,OFFSET(E693,-1,0)))","v":0},{"$f":"IF(AND($A693<=3,$A693<>0),0,IF($A693=4,OFFSET(F693,-1,0)+1,OFFSET(F693,-1,0)))","v":0},{"$f":"IF(AND($A693<=4,$A693<>0),0,IF($A693=\"S\",OFFSET(G693,-1,0)+1,OFFSET(G693,-1,0)))","v":0},{"$f":"IF(OR($A693=\"S\",$A693=0),0,MATCH(0,OFFSET($B693,1,$A693,ROW($A$1504)-ROW($A693)),0))","v":811},{"$f":"IF(OR($A693=\"S\",$A693=0),0,MATCH(OFFSET($B693,0,$A693)+1,OFFSET($B693,1,$A693,ROW($A$1504)-ROW($A693)),0))","v":106},"Ação",{"$f":"IF($A693=0,\"-\",CONCATENATE(C693&\".\",IF(AND($A$5>=2,$A693>=2),D693&\".\",\"\"),IF(AND($A$5>=3,$A693>=3),E693&\".\",\"\"),IF(AND($A$5>=4,$A693>=4),F693&\".\",\"\"),IF($A693=\"S\",G693&\".\",\"\")))","v":"9."},{"$f":"IF(NOT(ISERROR($Y693)),IF($Y693<>FALSE,INDEX(Banco,$Y693,4),\"\"),\"\")","v":""},null,null,"MÊS 09 - GERAÇÃO DE RENDA E INFORMAÇÕES/PALESTRA",{"$f":"IF(NOT(ISERROR($Y693)),IF($Y693<>FALSE,INDEX(Banco,$Y693,6),\"\"),\"\")","v":""},null,{"$f":"IF(NOT(ISERROR($Y693)),IF($Y693<>FALSE,INDEX(Banco,$Y693,7),0),0)","v":0},"DI 1",{"$f":"IF($J693=$G$2,ROUND(ROUND($R693,2)*IF($R$9=\"Preço Unitário (R$)\",1,1+$AA693),2),0)","v":0},{"$f":"IF($A693=\"S\",VTOTAL1,IF($A693=0,0,ROUND(SomaAgrup,2)))","v":81651.23},null,{"$f":"IF(OR($A693=0,$A693=\"S\",$A693>CFF!$A$9),\"\",MAX(W$11:OFFSET(W693,-1,0))+1)","v":61},{"$f":"IF(AND($J693=$G$2,$N693<>\"\",$M693<>\"\"),CONCATENATE($M693,\"-\",$N693))","v":false},{"$f":"IF(X693<>FALSE,MATCH(X693,OFFSET(Banco,0,0,,1),0))","v":false},null,{"$f":"IF($J693=$G$2,ROUND(IF(ISNUMBER(S693),S693,IF(LEFT(S693,2)=\"DI\",HLOOKUP(S693,DADOS!$T$29:$X$30,2,FALSE),0)),4),\"\")","v":""}]
[{"$f":"CHOOSE(1+LOG(1+2*(J694=$C$2)+4*(J694=$D$2)+8*(J694=$E$2)+16*(J694=$F$2)+32*(J694=$G$2),2),0,1,2,3,4,\"S\")","v":2},{"$f":"IF(OR(A694=\"S\",A694=0),0,IF(ISERROR(I694),H694,SMALL(H694:I694,1)))","v":6},{"$f":"IF($A694=1,OFFSET(C694,-1,0)+1,OFFSET(C694,-1,0))","v":9},{"$f":"IF($A694=1,0,IF($A694=2,OFFSET(D694,-1,0)+1,OFFSET(D694,-1,0)))","v":1},{"$f":"IF(AND($A694<=2,$A694<>0),0,IF($A694=3,OFFSET(E694,-1,0)+1,OFFSET(E694,-1,0)))","v":0},{"$f":"IF(AND($A694<=3,$A694<>0),0,IF($A694=4,OFFSET(F694,-1,0)+1,OFFSET(F694,-1,0)))","v":0},{"$f":"IF(AND($A694<=4,$A694<>0),0,IF($A694=\"S\",OFFSET(G694,-1,0)+1,OFFSET(G694,-1,0)))","v":0},{"$f":"IF(OR($A694=\"S\",$A694=0),0,MATCH(0,OFFSET($B694,1,$A694,ROW($A$1504)-ROW($A694)),0))","v":105},{"$f":"IF(OR($A694=\"S\",$A694=0),0,MATCH(OFFSET($B694,0,$A694)+1,OFFSET($B694,1,$A694,ROW($A$1504)-ROW($A694)),0))","v":6},"AtivNível 1",{"$f":"IF($A694=0,\"-\",CONCATENATE(C694&\".\",IF(AND($A$5>=2,$A694>=2),D694&\".\",\"\"),IF(AND($A$5>=3,$A694>=3),E694&\".\",\"\"),IF(AND($A$5>=4,$A694>=4),F694&\".\",\"\"),IF($A694=\"S\",G694&\".\",\"\")))","v":"9.1."},{"$f":"IF(NOT(ISERROR($Y694)),IF($Y694<>FALSE,INDEX(Banco,$Y694,4),\"\"),\"\")","v":""},null,null,"Atividade 53 - Curso: Manicure/pedicure região Parque São João",{"$f":"IF(NOT(ISERROR($Y694)),IF($Y694<>FALSE,INDEX(Banco,$Y694,6),\"\"),\"\")","v":""},null,{"$f":"IF(NOT(ISERROR($Y694)),IF($Y694<>FALSE,INDEX(Banco,$Y694,7),0),0)","v":0},"DI 1",{"$f":"IF($J694=$G$2,ROUND(ROUND($R694,2)*IF($R$9=\"Preço Unitário (R$)\",1,1+$AA694),2),0)","v":0},{"$f":"IF($A694=\"S\",VTOTAL1,IF($A694=0,0,ROUND(SomaAgrup,2)))","v":17759.560000000001},null,{"$f":"IF(OR($A694=0,$A694=\"S\",$A694>CFF!$A$9),\"\",MAX(W$11:OFFSET(W694,-1,0))+1)","v":62},{"$f":"IF(AND($J694=$G$2,$N694<>\"\",$M694<>\"\"),CONCATENATE($M694,\"-\",$N694))","v":false},{"$f":"IF(X694<>FALSE,MATCH(X694,OFFSET(Banco,0,0,,1),0))","v":false},null,{"$f":"IF($J694=$G$2,ROUND(IF(ISNUMBER(S694),S694,IF(LEFT(S694,2)=\"DI\",HLOOKUP(S694,DADOS!$T$29:$X$30,2,FALSE),0)),4),\"\")","v":""}]
["S",0,9,1,0,0,1,{"$f":"IF(OR($A695=\"S\",$A695=0),0,MATCH(0,OFFSET($B695,1,$A695,ROW($A$1504)-ROW($A695)),0))","v":0},{"$f":"IF(OR($A695=\"S\",$A695=0),0,MATCH(OFFSET($B695,0,$A695)+1,OFFSET($B695,1,$A695,ROW($A$1504)-ROW($A695)),0))","v":0},"Insumo","9.1.1.","CRESS","Rec. Humanos","002",{"$f":"IF(NOT(ISERROR($Y695)),IF($Y695<>FALSE,INDEX(Banco,$Y695,5),\"\"),\"\")","v":"Assistente Social"},"Horas",8,133.81,"DI 1",167.26,1338.08,null,{"$f":"IF(OR($A695=0,$A695=\"S\",$A695>CFF!$A$9),\"\",MAX(W$11:OFFSET(W695,-1,0))+1)","v":""},"Rec. Humanos-002",4,null,{"$f":"IF($J695=$G$2,ROUND(IF(ISNUMBER(S695),S695,IF(LEFT(S695,2)=\"DI\",HLOOKUP(S695,DADOS!$T$29:$X$30,2,FALSE),0)),4),\"\")","v":0.25}]
["S",0,9,1,0,0,2,{"$f":"IF(OR($A696=\"S\",$A696=0),0,MATCH(0,OFFSET($B696,1,$A696,ROW($A$1504)-ROW($A696)),0))","v":0},{"$f":"IF(OR($A696=\"S\",$A696=0),0,MATCH(OFFSET($B696,0,$A696)+1,OFFSET($B696,1,$A696,ROW($A$1504)-ROW($A696)),0))","v":0},"Insumo","9.1.2.","Cotação","Rec. Humanos","003",{"$f":"IF(NOT(ISERROR($Y696)),IF($Y696<>FALSE,INDEX(Banco,$Y696,5),\"\"),\"\")","v":"Administrador (Técnico de Apoio) "},"Horas",8,103.65,"DI 1",129.56,1036.48,null,{"$f":"IF(OR($A696=0,$A696=\"S\",$A696>CFF!$A$9),\"\",MAX(W$11:OFFSET(W696,-1,0))+1)","v":""},"Rec. Humanos-003",5,null,{"$f":"IF($J696=$G$2,ROUND(IF(ISNUMBER(S696),S696,IF(LEFT(S696,2)=\"DI\",HLOOKUP(S696,DADOS!$T$29:$X$30,2,FALSE),0)),4),\"\")","v":0.25}]
[{"$f":"CHOOSE(1+LOG(1+2*(J697=$C$2)+4*(J697=$D$2)+8*(J697=$E$2)+16*(J697=$F$2)+32*(J697=$G$2),2),0,1,2,3,4,\"S\")","v":"S"},{"$f":"IF(OR(A697=\"S\",A697=0),0,IF(ISERROR(I697),H697,SMALL(H697:I697,1)))","v":0},9,1,0,0,3,{"$f":"IF(OR($A697=\"S\",$A697=0),0,MATCH(0,OFFSET($B697,1,$A697,ROW($A$1504)-ROW($A697)),0))","v":0},{"$f":"IF(OR($A697=\"S\",$A697=0),0,MATCH(OFFSET($B697,0,$A697)+1,OFFSET($B697,1,$A697,ROW($A$1504)-ROW($A697)),0))","v":0},"Insumo",{"$f":"IF($A697=0,\"-\",CONCATENATE(C697&\".\",IF(AND($A$5>=2,$A697>=2),D697&\".\",\"\"),IF(AND($A$5>=3,$A697>=3),E697&\".\",\"\"),IF(AND($A$5>=4,$A697>=4),F697&\".\",\"\"),IF($A697=\"S\",G697&\".\",\"\")))","v":"9.1.3."},"Cotação ","Serv. Terc.","029",{"$f":"IF(NOT(ISERROR($Y697)),IF($Y697<>FALSE,INDEX(Banco,$Y697,5),\"\"),\"\")","v":"Manicure/pedicure (Curso completo)"},"Vagas",25,480,"DI 1",600,15000,null,{"$f":"IF(OR($A697=0,$A697=\"S\",$A697>CFF!$A$9),\"\",MAX(W$11:OFFSET(W697,-1,0))+1)","v":""},"Serv. Terc.-029",{"$f":"IF(X697<>FALSE,MATCH(X697,OFFSET(Banco,0,0,,1),0))","v":109},null,{"$f":"IF($J697=$G$2,ROUND(IF(ISNUMBER(S697),S697,IF(LEFT(S697,2)=\"DI\",HLOOKUP(S697,DADOS!$T$29:$X$30,2,FALSE),0)),4),\"\")","v":0.25}]
[{"$f":"CHOOSE(1+LOG(1+2*(J698=$C$2)+4*(J698=$D$2)+8*(J698=$E$2)+16*(J698=$F$2)+32*(J698=$G$2),2),0,1,2,3,4,\"S\")","v":"S"},{"$f":"IF(OR(A698=\"S\",A698=0),0,IF(ISERROR(I698),H698,SMALL(H698:I698,1)))","v":0},9,1,0,0,4,{"$f":"IF(OR($A698=\"S\",$A698=0),0,MATCH(0,OFFSET($B698,1,$A698,ROW($A$1504)-ROW($A698)),0))","v":0},{"$f":"IF(OR($A698=\"S\",$A698=0),0,MATCH(OFFSET($B698,0,$A698)+1,OFFSET($B698,1,$A698,ROW($A$1504)-ROW($A698)),0))","v":0},"Insumo",{"$f":"IF($A698=0,\"-\",CONCATENATE(C698&\".\",IF(AND($A$5>=2,$A698>=2),D698&\".\",\"\"),IF(AND($A$5>=3,$A698>=3),E698&\".\",\"\"),IF(AND($A$5>=4,$A698>=4),F698&\".\",\"\"),IF($A698=\"S\",G698&\".\",\"\")))","v":"9.1.4."},"Cotação","Serv. Terc.","033",{"$f":"IF(NOT(ISERROR($Y698)),IF($Y698<>FALSE,INDEX(Banco,$Y698,5),\"\"),\"\")","v":"Coffe break (salgados) "},"Centro",4,65,"DI 1",81.25,325,null,{"$f":"IF(OR($A698=0,$A698=\"S\",$A698>CFF!$A$9),\"\",MAX(W$11:OFFSET(W698,-1,0))+1)","v":""},"Serv. Terc.-033",{"$f":"IF(X698<>FALSE,MATCH(X698,OFFSET(Banco,0,0,,1),0))","v":113},null,{"$f":"IF($J698=$G$2,ROUND(IF(ISNUMBER(S698),S698,IF(LEFT(S698,2)=\"DI\",HLOOKUP(S698,DADOS!$T$29:$X$30,2,FALSE),0)),4),\"\")","v":0.25}]
[{"$f":"CHOOSE(1+LOG(1+2*(J699=$C$2)+4*(J699=$D$2)+8*(J699=$E$2)+16*(J699=$F$2)+32*(J699=$G$2),2),0,1,2,3,4,\"S\")","v":"S"},{"$f":"IF(OR(A699=\"S\",A699=0),0,IF(ISERROR(I699),H699,SMALL(H699:I699,1)))","v":0},9,1,0,0,5,{"$f":"IF(OR($A699=\"S\",$A699=0),0,MATCH(0,OFFSET($B699,1,$A699,ROW($A$1504)-ROW($A699)),0))","v":0},{"$f":"IF(OR($A699=\"S\",$A699=0),0,MATCH(OFFSET($B699,0,$A699)+1,OFFSET($B699,1,$A699,ROW($A$1504)-ROW($A699)),0))","v":0},"Insumo",{"$f":"IF($A699=0,\"-\",CONCATENATE(C699&\".\",IF(AND($A$5>=2,$A699>=2),D699&\".\",\"\"),IF(AND($A$5>=3,$A699>=3),E699&\".\",\"\"),IF(AND($A$5>=4,$A699>=4),F699&\".\",\"\"),IF($A699=\"S\",G699&\".\",\"\")))","v":"9.1.5."},"Cotação","Serv. Terc.","027",{"$f":"IF(NOT(ISERROR($Y699)),IF($Y699<>FALSE,INDEX(Banco,$Y699,5),\"\"),\"\")","v":"Refrigerantes (02 litros) "},"Unidade",8,6,"DI 1",7.5,60,null,{"$f":"IF(OR($A699=0,$A699=\"S\",$A699>CFF!$A$9),\"\",MAX(W$11:OFFSET(W699,-1,0))+1)","v":""},"Serv. Terc.-027",{"$f":"IF(X699<>FALSE,MATCH(X699,OFFSET(Banco,0,0,,1),0))","v":107},null,{"$f":"IF($J699=$G$2,ROUND(IF(ISNUMBER(S699),S699,IF(LEFT(S699,2)=\"DI\",HLOOKUP(S699,DADOS!$T$29:$X$30,2,FALSE),0)),4),\"\")","v":0.25}]
[{"$f":"CHOOSE(1+LOG(1+2*(J700=$C$2)+4*(J700=$D$2)+8*(J700=$E$2)+16*(J700=$F$2)+32*(J700=$G$2),2),0,1,2,3,4,\"S\")","v":2},{"$f":"IF(OR(A700=\"S\",A700=0),0,IF(ISERROR(I700),H700,SMALL(H700:I700,1)))","v":4},{"$f":"IF($A700=1,OFFSET(C700,-1,0)+1,OFFSET(C700,-1,0))","v":9},{"$f":"IF($A700=1,0,IF($A700=2,OFFSET(D700,-1,0)+1,OFFSET(D700,-1,0)))","v":2},{"$f":"IF(AND($A700<=2,$A700<>0),0,IF($A700=3,OFFSET(E700,-1,0)+1,OFFSET(E700,-1,0)))","v":0},{"$f":"IF(AND($A700<=3,$A700<>0),0,IF($A700=4,OFFSET(F700,-1,0)+1,OFFSET(F700,-1,0)))","v":0},{"$f":"IF(AND($A700<=4,$A700<>0),0,IF($A700=\"S\",OFFSET(G700,-1,0)+1,OFFSET(G700,-1,0)))","v":0},{"$f":"IF(OR($A700=\"S\",$A700=0),0,MATCH(0,OFFSET($B700,1,$A700,ROW($A$1504)-ROW($A700)),0))","v":99},{"$f":"IF(OR($A700=\"S\",$A700=0),0,MATCH(OFFSET($B700,0,$A700)+1,OFFSET($B700,1,$A700,ROW($A$1504)-ROW($A700)),0))","v":4},"AtivNível 1",{"$f":"IF($A700=0,\"-\",CONCATENATE(C700&\".\",IF(AND($A$5>=2,$A700>=2),D700&\".\",\"\"),IF(AND($A$5>=3,$A700>=3),E700&\".\",\"\"),IF(AND($A$5>=4,$A700>=4),F700&\".\",\"\"),IF($A700=\"S\",G700&\".\",\"\")))","v":"9.2."},{"$f":"IF(NOT(ISERROR($Y700)),IF($Y700<>FALSE,INDEX(Banco,$Y700,4),\"\"),\"\")","v":""},null,null,"Atividade 54 - Visita dos beneficiários com UHs e CAO as obras região Parque São João",{"$f":"IF(NOT(ISERROR($Y700)),IF($Y700<>FALSE,INDEX(Banco,$Y700,6),\"\"),\"\")","v":""},null,{"$f":"IF(NOT(ISERROR($Y700)),IF($Y700<>FALSE,INDEX(Banco,$Y700,7),0),0)","v":0},"DI 1",{"$f":"IF($J700=$G$2,ROUND(ROUND($R700,2)*IF($R$9=\"Preço Unitário (R$)\",1,1+$AA700),2),0)","v":0},{"$f":"IF($A700=\"S\",VTOTAL1,IF($A700=0,0,ROUND(SomaAgrup,2)))","v":3946.8},null,{"$f":"IF(OR($A700=0,$A700=\"S\",$A700>CFF!$A$9),\"\",MAX(W$11:OFFSET(W700,-1,0))+1)","v":63},{"$f":"IF(AND($J700=$G$2,$N700<>\"\",$M700<>\"\"),CONCATENATE($M700,\"-\",$N700))","v":false},{"$f":"IF(X700<>FALSE,MATCH(X700,OFFSET(Banco,0,0,,1),0))","v":false},null,{"$f":"IF($J700=$G$2,ROUND(IF(ISNUMBER(S700),S700,IF(LEFT(S700,2)=\"DI\",HLOOKUP(S700,DADOS!$T$29:$X$30,2,FALSE),0)),4),\"\")","v":""}]
[{"$f":"CHOOSE(1+LOG(1+2*(J701=$C$2)+4*(J701=$D$2)+8*(J701=$E$2)+16*(J701=$F$2)+32*(J701=$G$2),2),0,1,2,3,4,\"S\")","v":"S"},{"$f":"IF(OR(A701=\"S\",A701=0),0,IF(ISERROR(I701),H701,SMALL(H701:I701,1)))","v":0},{"$f":"IF($A701=1,OFFSET(C701,-1,0)+1,OFFSET(C701,-1,0))","v":9},{"$f":"IF($A701=1,0,IF($A701=2,OFFSET(D701,-1,0)+1,OFFSET(D701,-1,0)))","v":2},{"$f":"IF(AND($A701<=2,$A701<>0),0,IF($A701=3,OFFSET(E701,-1,0)+1,OFFSET(E701,-1,0)))","v":0},{"$f":"IF(AND($A701<=3,$A701<>0),0,IF($A701=4,OFFSET(F701,-1,0)+1,OFFSET(F701,-1,0)))","v":0},{"$f":"IF(AND($A701<=4,$A701<>0),0,IF($A701=\"S\",OFFSET(G701,-1,0)+1,OFFSET(G701,-1,0)))","v":1},{"$f":"IF(OR($A701=\"S\",$A701=0),0,MATCH(0,OFFSET($B701,1,$A701,ROW($A$1504)-ROW($A701)),0))","v":0},{"$f":"IF(OR($A701=\"S\",$A701=0),0,MATCH(OFFSET($B701,0,$A701)+1,OFFSET($B701,1,$A701,ROW($A$1504)-ROW($A701)),0))","v":0},"Insumo",{"$f":"IF($A701=0,\"-\",CONCATENATE(C701&\".\",IF(AND($A$5>=2,$A701>=2),D701&\".\",\"\"),IF(AND($A$5>=3,$A701>=3),E701&\".\",\"\"),IF(AND($A$5>=4,$A701>=4),F701&\".\",\"\"),IF($A701=\"S\",G701&\".\",\"\")))","v":"9.2.1."},{"$f":"IF(NOT(ISERROR($Y701)),IF($Y701<>FALSE,INDEX(Banco,$Y701,4),\"\"),\"\")","v":"CRESS"},"Rec. Humanos","001",{"$f":"IF(NOT(ISERROR($Y701)),IF($Y701<>FALSE,INDEX(Banco,$Y701,5),\"\"),\"\")","v":"Responsável Técnica"},{"$f":"IF(NOT(ISERROR($Y701)),IF($Y701<>FALSE,INDEX(Banco,$Y701,6),\"\"),\"\")","v":"Horas"},12,{"$f":"IF(NOT(ISERROR($Y701)),IF($Y701<>FALSE,INDEX(Banco,$Y701,7),0),0)","v":150.28},"DI 1",{"$f":"IF($J701=$G$2,ROUND(ROUND($R701,2)*IF($R$9=\"Preço Unitário (R$)\",1,1+$AA701),2),0)","v":187.85},{"$f":"IF($A701=\"S\",VTOTAL1,IF($A701=0,0,ROUND(SomaAgrup,2)))","v":2254.1999999999998},null,{"$f":"IF(OR($A701=0,$A701=\"S\",$A701>CFF!$A$9),\"\",MAX(W$11:OFFSET(W701,-1,0))+1)","v":""},{"$f":"IF(AND($J701=$G$2,$N701<>\"\",$M701<>\"\"),CONCATENATE($M701,\"-\",$N701))","v":"Rec. Humanos-001"},{"$f":"IF(X701<>FALSE,MATCH(X701,OFFSET(Banco,0,0,,1),0))","v":3},null,{"$f":"IF($J701=$G$2,ROUND(IF(ISNUMBER(S701),S701,IF(LEFT(S701,2)=\"DI\",HLOOKUP(S701,DADOS!$T$29:$X$30,2,FALSE),0)),4),\"\")","v":0.25}]
["S",0,9,2,0,0,2,{"$f":"IF(OR($A702=\"S\",$A702=0),0,MATCH(0,OFFSET($B702,1,$A702,ROW($A$1504)-ROW($A702)),0))","v":0},{"$f":"IF(OR($A702=\"S\",$A702=0),0,MATCH(OFFSET($B702,0,$A702)+1,OFFSET($B702,1,$A702,ROW($A$1504)-ROW($A702)),0))","v":0},"Insumo","9.2.2.","CRESS","Rec. Humanos","002","Assistente Social","Horas",10,133.81,"DI 1",167.26,1672.6,null,{"$f":"IF(OR($A702=0,$A702=\"S\",$A702>CFF!$A$9),\"\",MAX(W$11:OFFSET(W702,-1,0))+1)","v":""},"Rec. Humanos-002",4,null,{"$f":"IF($J702=$G$2,ROUND(IF(ISNUMBER(S702),S702,IF(LEFT(S702,2)=\"DI\",HLOOKUP(S702,DADOS!$T$29:$X$30,2,FALSE),0)),4),\"\")","v":0.25}]
[{"$f":"CHOOSE(1+LOG(1+2*(J703=$C$2)+4*(J703=$D$2)+8*(J703=$E$2)+16*(J703=$F$2)+32*(J703=$G$2),2),0,1,2,3,4,\"S\")","v":"S"},{"$f":"IF(OR(A703=\"S\",A703=0),0,IF(ISERROR(I703),H703,SMALL(H703:I703,1)))","v":0},{"$f":"IF($A703=1,OFFSET(C703,-1,0)+1,OFFSET(C703,-1,0))","v":9},{"$f":"IF($A703=1,0,IF($A703=2,OFFSET(D703,-1,0)+1,OFFSET(D703,-1,0)))","v":2},{"$f":"IF(AND($A703<=2,$A703<>0),0,IF($A703=3,OFFSET(E703,-1,0)+1,OFFSET(E703,-1,0)))","v":0},{"$f":"IF(AND($A703<=3,$A703<>0),0,IF($A703=4,OFFSET(F703,-1,0)+1,OFFSET(F703,-1,0)))","v":0},{"$f":"IF(AND($A703<=4,$A703<>0),0,IF($A703=\"S\",OFFSET(G703,-1,0)+1,OFFSET(G703,-1,0)))","v":3},{"$f":"IF(OR($A703=\"S\",$A703=0),0,MATCH(0,OFFSET($B703,1,$A703,ROW($A$1504)-ROW($A703)),0))","v":0},{"$f":"IF(OR($A703=\"S\",$A703=0),0,MATCH(OFFSET($B703,0,$A703)+1,OFFSET($B703,1,$A703,ROW($A$1504)-ROW($A703)),0))","v":0},"Insumo",{"$f":"IF($A703=0,\"-\",CONCATENATE(C703&\".\",IF(AND($A$5>=2,$A703>=2),D703&\".\",\"\"),IF(AND($A$5>=3,$A703>=3),E703&\".\",\"\"),IF(AND($A$5>=4,$A703>=4),F703&\".\",\"\"),IF($A703=\"S\",G703&\".\",\"\")))","v":"9.2.3."},{"$f":"IF(NOT(ISERROR($Y703)),IF($Y703<>FALSE,INDEX(Banco,$Y703,4),\"\"),\"\")","v":"Cotação"},"Serv. Terc.","009",{"$f":"IF(NOT(ISERROR($Y703)),IF($Y703<>FALSE,INDEX(Banco,$Y703,5),\"\"),\"\")","v":"Água (garrafa de 1,5 litros)"},{"$f":"IF(NOT(ISERROR($Y703)),IF($Y703<>FALSE,INDEX(Banco,$Y703,6),\"\"),\"\")","v":"Unidade"},4,{"$f":"IF(NOT(ISERROR($Y703)),IF($Y703<>FALSE,INDEX(Banco,$Y703,7),0),0)","v":4},"DI 1",{"$f":"IF($J703=$G$2,ROUND(ROUND($R703,2)*IF($R$9=\"Preço Unitário (R$)\",1,1+$AA703),2),0)","v":5},{"$f":"IF($A703=\"S\",VTOTAL1,IF($A703=0,0,ROUND(SomaAgrup,2)))","v":20},null,{"$f":"IF(OR($A703=0,$A703=\"S\",$A703>CFF!$A$9),\"\",MAX(W$11:OFFSET(W703,-1,0))+1)","v":""},{"$f":"IF(AND($J703=$G$2,$N703<>\"\",$M703<>\"\"),CONCATENATE($M703,\"-\",$N703))","v":"Serv. Terc.-009"},{"$f":"IF(X703<>FALSE,MATCH(X703,OFFSET(Banco,0,0,,1),0))","v":89},null,{"$f":"IF($J703=$G$2,ROUND(IF(ISNUMBER(S703),S703,IF(LEFT(S703,2)=\"DI\",HLOOKUP(S703,DADOS!$T$29:$X$30,2,FALSE),0)),4),\"\")","v":0.25}]
[{"$f":"CHOOSE(1+LOG(1+2*(J704=$C$2)+4*(J704=$D$2)+8*(J704=$E$2)+16*(J704=$F$2)+32*(J704=$G$2),2),0,1,2,3,4,\"S\")","v":2},{"$f":"IF(OR(A704=\"S\",A704=0),0,IF(ISERROR(I704),H704,SMALL(H704:I704,1)))","v":3},{"$f":"IF($A704=1,OFFSET(C704,-1,0)+1,OFFSET(C704,-1,0))","v":9},{"$f":"IF($A704=1,0,IF($A704=2,OFFSET(D704,-1,0)+1,OFFSET(D704,-1,0)))","v":3},{"$f":"IF(AND($A704<=2,$A704<>0),0,IF($A704=3,OFFSET(E704,-1,0)+1,OFFSET(E704,-1,0)))","v":0},{"$f":"IF(AND($A704<=3,$A704<>0),0,IF($A704=4,OFFSET(F704,-1,0)+1,OFFSET(F704,-1,0)))","v":0},{"$f":"IF(AND($A704<=4,$A704<>0),0,IF($A704=\"S\",OFFSET(G704,-1,0)+1,OFFSET(G704,-1,0)))","v":0},{"$f":"IF(OR($A704=\"S\",$A704=0),0,MATCH(0,OFFSET($B704,1,$A704,ROW($A$1504)-ROW($A704)),0))","v":95},{"$f":"IF(OR($A704=\"S\",$A704=0),0,MATCH(OFFSET($B704,0,$A704)+1,OFFSET($B704,1,$A704,ROW($A$1504)-ROW($A704)),0))","v":3},"AtivNível 1",{"$f":"IF($A704=0,\"-\",CONCATENATE(C704&\".\",IF(AND($A$5>=2,$A704>=2),D704&\".\",\"\"),IF(AND($A$5>=3,$A704>=3),E704&\".\",\"\"),IF(AND($A$5>=4,$A704>=4),F704&\".\",\"\"),IF($A704=\"S\",G704&\".\",\"\")))","v":"9.3."},{"$f":"IF(NOT(ISERROR($Y704)),IF($Y704<>FALSE,INDEX(Banco,$Y704,4),\"\"),\"\")","v":""},null,null,"Atividade 55 - Plantão Social região Parque São João",{"$f":"IF(NOT(ISERROR($Y704)),IF($Y704<>FALSE,INDEX(Banco,$Y704,6),\"\"),\"\")","v":""},null,{"$f":"IF(NOT(ISERROR($Y704)),IF($Y704<>FALSE,INDEX(Banco,$Y704,7),0),0)","v":0},"DI 1",{"$f":"IF($J704=$G$2,ROUND(ROUND($R704,2)*IF($R$9=\"Preço Unitário (R$)\",1,1+$AA704),2),0)","v":0},{"$f":"IF($A704=\"S\",VTOTAL1,IF($A704=0,0,ROUND(SomaAgrup,2)))","v":3427.56},null,{"$f":"IF(OR($A704=0,$A704=\"S\",$A704>CFF!$A$9),\"\",MAX(W$11:OFFSET(W704,-1,0))+1)","v":64},{"$f":"IF(AND($J704=$G$2,$N704<>\"\",$M704<>\"\"),CONCATENATE($M704,\"-\",$N704))","v":false},{"$f":"IF(X704<>FALSE,MATCH(X704,OFFSET(Banco,0,0,,1),0))","v":false},null,{"$f":"IF($J704=$G$2,ROUND(IF(ISNUMBER(S704),S704,IF(LEFT(S704,2)=\"DI\",HLOOKUP(S704,DADOS!$T$29:$X$30,2,FALSE),0)),4),\"\")","v":""}]
[{"$f":"CHOOSE(1+LOG(1+2*(J705=$C$2)+4*(J705=$D$2)+8*(J705=$E$2)+16*(J705=$F$2)+32*(J705=$G$2),2),0,1,2,3,4,\"S\")","v":"S"},{"$f":"IF(OR(A705=\"S\",A705=0),0,IF(ISERROR(I705),H705,SMALL(H705:I705,1)))","v":0},{"$f":"IF($A705=1,OFFSET(C705,-1,0)+1,OFFSET(C705,-1,0))","v":9},{"$f":"IF($A705=1,0,IF($A705=2,OFFSET(D705,-1,0)+1,OFFSET(D705,-1,0)))","v":3},{"$f":"IF(AND($A705<=2,$A705<>0),0,IF($A705=3,OFFSET(E705,-1,0)+1,OFFSET(E705,-1,0)))","v":0},{"$f":"IF(AND($A705<=3,$A705<>0),0,IF($A705=4,OFFSET(F705,-1,0)+1,OFFSET(F705,-1,0)))","v":0},{"$f":"IF(AND($A705<=4,$A705<>0),0,IF($A705=\"S\",OFFSET(G705,-1,0)+1,OFFSET(G705,-1,0)))","v":1},{"$f":"IF(OR($A705=\"S\",$A705=0),0,MATCH(0,OFFSET($B705,1,$A705,ROW($A$1504)-ROW($A705)),0))","v":0},{"$f":"IF(OR($A705=\"S\",$A705=0),0,MATCH(OFFSET($B705,0,$A705)+1,OFFSET($B705,1,$A705,ROW($A$1504)-ROW($A705)),0))","v":0},"Insumo",{"$f":"IF($A705=0,\"-\",CONCATENATE(C705&\".\",IF(AND($A$5>=2,$A705>=2),D705&\".\",\"\"),IF(AND($A$5>=3,$A705>=3),E705&\".\",\"\"),IF(AND($A$5>=4,$A705>=4),F705&\".\",\"\"),IF($A705=\"S\",G705&\".\",\"\")))","v":"9.3.1."},{"$f":"IF(NOT(ISERROR($Y705)),IF($Y705<>FALSE,INDEX(Banco,$Y705,4),\"\"),\"\")","v":"CRESS"},"Rec. Humanos","001",{"$f":"IF(NOT(ISERROR($Y705)),IF($Y705<>FALSE,INDEX(Banco,$Y705,5),\"\"),\"\")","v":"Responsável Técnica"},{"$f":"IF(NOT(ISERROR($Y705)),IF($Y705<>FALSE,INDEX(Banco,$Y705,6),\"\"),\"\")","v":"Horas"},4,{"$f":"IF(NOT(ISERROR($Y705)),IF($Y705<>FALSE,INDEX(Banco,$Y705,7),0),0)","v":150.28},"DI 1",{"$f":"IF($J705=$G$2,ROUND(ROUND($R705,2)*IF($R$9=\"Preço Unitário (R$)\",1,1+$AA705),2),0)","v":187.85},{"$f":"IF($A705=\"S\",VTOTAL1,IF($A705=0,0,ROUND(SomaAgrup,2)))","v":751.4},null,{"$f":"IF(OR($A705=0,$A705=\"S\",$A705>CFF!$A$9),\"\",MAX(W$11:OFFSET(W705,-1,0))+1)","v":""},{"$f":"IF(AND($J705=$G$2,$N705<>\"\",$M705<>\"\"),CONCATENATE($M705,\"-\",$N705))","v":"Rec. Humanos-001"},{"$f":"IF(X705<>FALSE,MATCH(X705,OFFSET(Banco,0,0,,1),0))","v":3},null,{"$f":"IF($J705=$G$2,ROUND(IF(ISNUMBER(S705),S705,IF(LEFT(S705,2)=\"DI\",HLOOKUP(S705,DADOS!$T$29:$X$30,2,FALSE),0)),4),\"\")","v":0.25}]
["S",0,9,3,0,0,2,{"$f":"IF(OR($A706=\"S\",$A706=0),0,MATCH(0,OFFSET($B706,1,$A706,ROW($A$1504)-ROW($A706)),0))","v":0},{"$f":"IF(OR($A706=\"S\",$A706=0),0,MATCH(OFFSET($B706,0,$A706)+1,OFFSET($B706,1,$A706,ROW($A$1504)-ROW($A706)),0))","v":0},"Insumo","9.3.2.","CRESS","Rec. Humanos","002",{"$f":"IF(NOT(ISERROR($Y706)),IF($Y706<>FALSE,INDEX(Banco,$Y706,5),\"\"),\"\")","v":"Assistente Social"},"Horas",16,133.81,"DI 1",167.26,2676.16,null,{"$f":"IF(OR($A706=0,$A706=\"S\",$A706>CFF!$A$9),\"\",MAX(W$11:OFFSET(W706,-1,0))+1)","v":""},"Rec. Humanos-002",4,null,{"$f":"IF($J706=$G$2,ROUND(IF(ISNUMBER(S706),S706,IF(LEFT(S706,2)=\"DI\",HLOOKUP(S706,DADOS!$T$29:$X$30,2,FALSE),0)),4),\"\")","v":0.25}]
[{"$f":"CHOOSE(1+LOG(1+2*(J707=$C$2)+4*(J707=$D$2)+8*(J707=$E$2)+16*(J707=$F$2)+32*(J707=$G$2),2),0,1,2,3,4,\"S\")","v":2},{"$f":"IF(OR(A707=\"S\",A707=0),0,IF(ISERROR(I707),H707,SMALL(H707:I707,1)))","v":6},{"$f":"IF($A707=1,OFFSET(C707,-1,0)+1,OFFSET(C707,-1,0))","v":9},{"$f":"IF($A707=1,0,IF($A707=2,OFFSET(D707,-1,0)+1,OFFSET(D707,-1,0)))","v":4},{"$f":"IF(AND($A707<=2,$A707<>0),0,IF($A707=3,OFFSET(E707,-1,0)+1,OFFSET(E707,-1,0)))","v":0},{"$f":"IF(AND($A707<=3,$A707<>0),0,IF($A707=4,OFFSET(F707,-1,0)+1,OFFSET(F707,-1,0)))","v":0},{"$f":"IF(AND($A707<=4,$A707<>0),0,IF($A707=\"S\",OFFSET(G707,-1,0)+1,OFFSET(G707,-1,0)))","v":0},{"$f":"IF(OR($A707=\"S\",$A707=0),0,MATCH(0,OFFSET($B707,1,$A707,ROW($A$1504)-ROW($A707)),0))","v":92},{"$f":"IF(OR($A707=\"S\",$A707=0),0,MATCH(OFFSET($B707,0,$A707)+1,OFFSET($B707,1,$A707,ROW($A$1504)-ROW($A707)),0))","v":6},"AtivNível 1",{"$f":"IF($A707=0,\"-\",CONCATENATE(C707&\".\",IF(AND($A$5>=2,$A707>=2),D707&\".\",\"\"),IF(AND($A$5>=3,$A707>=3),E707&\".\",\"\"),IF(AND($A$5>=4,$A707>=4),F707&\".\",\"\"),IF($A707=\"S\",G707&\".\",\"\")))","v":"9.4."},{"$f":"IF(NOT(ISERROR($Y707)),IF($Y707<>FALSE,INDEX(Banco,$Y707,4),\"\"),\"\")","v":""},null,null,"Atividade 56 - Curso: Manicure/pedicure região Jardim Ikaraí",{"$f":"IF(NOT(ISERROR($Y707)),IF($Y707<>FALSE,INDEX(Banco,$Y707,6),\"\"),\"\")","v":""},null,{"$f":"IF(NOT(ISERROR($Y707)),IF($Y707<>FALSE,INDEX(Banco,$Y707,7),0),0)","v":0},"DI 1",{"$f":"IF($J707=$G$2,ROUND(ROUND($R707,2)*IF($R$9=\"Preço Unitário (R$)\",1,1+$AA707),2),0)","v":0},{"$f":"IF($A707=\"S\",VTOTAL1,IF($A707=0,0,ROUND(SomaAgrup,2)))","v":18359.560000000001},null,{"$f":"IF(OR($A707=0,$A707=\"S\",$A707>CFF!$A$9),\"\",MAX(W$11:OFFSET(W707,-1,0))+1)","v":65},{"$f":"IF(AND($J707=$G$2,$N707<>\"\",$M707<>\"\"),CONCATENATE($M707,\"-\",$N707))","v":false},{"$f":"IF(X707<>FALSE,MATCH(X707,OFFSET(Banco,0,0,,1),0))","v":false},null,{"$f":"IF($J707=$G$2,ROUND(IF(ISNUMBER(S707),S707,IF(LEFT(S707,2)=\"DI\",HLOOKUP(S707,DADOS!$T$29:$X$30,2,FALSE),0)),4),\"\")","v":""}]
[{"$f":"CHOOSE(1+LOG(1+2*(J708=$C$2)+4*(J708=$D$2)+8*(J708=$E$2)+16*(J708=$F$2)+32*(J708=$G$2),2),0,1,2,3,4,\"S\")","v":"S"},{"$f":"IF(OR(A708=\"S\",A708=0),0,IF(ISERROR(I708),H708,SMALL(H708:I708,1)))","v":0},{"$f":"IF($A708=1,OFFSET(C708,-1,0)+1,OFFSET(C708,-1,0))","v":9},{"$f":"IF($A708=1,0,IF($A708=2,OFFSET(D708,-1,0)+1,OFFSET(D708,-1,0)))","v":4},{"$f":"IF(AND($A708<=2,$A708<>0),0,IF($A708=3,OFFSET(E708,-1,0)+1,OFFSET(E708,-1,0)))","v":0},{"$f":"IF(AND($A708<=3,$A708<>0),0,IF($A708=4,OFFSET(F708,-1,0)+1,OFFSET(F708,-1,0)))","v":0},{"$f":"IF(AND($A708<=4,$A708<>0),0,IF($A708=\"S\",OFFSET(G708,-1,0)+1,OFFSET(G708,-1,0)))","v":1},{"$f":"IF(OR($A708=\"S\",$A708=0),0,MATCH(0,OFFSET($B708,1,$A708,ROW($A$1504)-ROW($A708)),0))","v":0},{"$f":"IF(OR($A708=\"S\",$A708=0),0,MATCH(OFFSET($B708,0,$A708)+1,OFFSET($B708,1,$A708,ROW($A$1504)-ROW($A708)),0))","v":0},"Insumo",{"$f":"IF($A708=0,\"-\",CONCATENATE(C708&\".\",IF(AND($A$5>=2,$A708>=2),D708&\".\",\"\"),IF(AND($A$5>=3,$A708>=3),E708&\".\",\"\"),IF(AND($A$5>=4,$A708>=4),F708&\".\",\"\"),IF($A708=\"S\",G708&\".\",\"\")))","v":"9.4.1."},{"$f":"IF(NOT(ISERROR($Y708)),IF($Y708<>FALSE,INDEX(Banco,$Y708,4),\"\"),\"\")","v":"CRESS"},"Rec. Humanos","002",{"$f":"IF(NOT(ISERROR($Y708)),IF($Y708<>FALSE,INDEX(Banco,$Y708,5),\"\"),\"\")","v":"Assistente Social"},{"$f":"IF(NOT(ISERROR($Y708)),IF($Y708<>FALSE,INDEX(Banco,$Y708,6),\"\"),\"\")","v":"Horas"},8,{"$f":"IF(NOT(ISERROR($Y708)),IF($Y708<>FALSE,INDEX(Banco,$Y708,7),0),0)","v":133.81},"DI 1",{"$f":"IF($J708=$G$2,ROUND(ROUND($R708,2)*IF($R$9=\"Preço Unitário (R$)\",1,1+$AA708),2),0)","v":167.26},{"$f":"IF($A708=\"S\",VTOTAL1,IF($A708=0,0,ROUND(SomaAgrup,2)))","v":1338.08},null,{"$f":"IF(OR($A708=0,$A708=\"S\",$A708>CFF!$A$9),\"\",MAX(W$11:OFFSET(W708,-1,0))+1)","v":""},{"$f":"IF(AND($J708=$G$2,$N708<>\"\",$M708<>\"\"),CONCATENATE($M708,\"-\",$N708))","v":"Rec. Humanos-002"},{"$f":"IF(X708<>FALSE,MATCH(X708,OFFSET(Banco,0,0,,1),0))","v":4},null,{"$f":"IF($J708=$G$2,ROUND(IF(ISNUMBER(S708),S708,IF(LEFT(S708,2)=\"DI\",HLOOKUP(S708,DADOS!$T$29:$X$30,2,FALSE),0)),4),\"\")","v":0.25}]
["S",0,9,4,0,0,2,{"$f":"IF(OR($A709=\"S\",$A709=0),0,MATCH(0,OFFSET($B709,1,$A709,ROW($A$1504)-ROW($A709)),0))","v":0},{"$f":"IF(OR($A709=\"S\",$A709=0),0,MATCH(OFFSET($B709,0,$A709)+1,OFFSET($B709,1,$A709,ROW($A$1504)-ROW($A709)),0))","v":0},"Insumo","9.4.2.","Cotação","Rec. Humanos","003",{"$f":"IF(NOT(ISERROR($Y709)),IF($Y709<>FALSE,INDEX(Banco,$Y709,5),\"\"),\"\")","v":"Administrador (Técnico de Apoio) "},"Horas",8,103.65,"DI 1",129.56,1036.48,null,{"$f":"IF(OR($A709=0,$A709=\"S\",$A709>CFF!$A$9),\"\",MAX(W$11:OFFSET(W709,-1,0))+1)","v":""},"Rec. Humanos-003",5,null,{"$f":"IF($J709=$G$2,ROUND(IF(ISNUMBER(S709),S709,IF(LEFT(S709,2)=\"DI\",HLOOKUP(S709,DADOS!$T$29:$X$30,2,FALSE),0)),4),\"\")","v":0.25}]
["S",0,9,4,0,0,3,{"$f":"IF(OR($A710=\"S\",$A710=0),0,MATCH(0,OFFSET($B710,1,$A710,ROW($A$1504)-ROW($A710)),0))","v":0},{"$f":"IF(OR($A710=\"S\",$A710=0),0,MATCH(OFFSET($B710,0,$A710)+1,OFFSET($B710,1,$A710,ROW($A$1504)-ROW($A710)),0))","v":0},"Insumo","9.4.3.","Cotação ","Serv. Terc.","029",{"$f":"IF(NOT(ISERROR($Y710)),IF($Y710<>FALSE,INDEX(Banco,$Y710,5),\"\"),\"\")","v":"Manicure/pedicure (Curso completo)"},"Vagas",26,480,"DI 1",600,15600,null,{"$f":"IF(OR($A710=0,$A710=\"S\",$A710>CFF!$A$9),\"\",MAX(W$11:OFFSET(W710,-1,0))+1)","v":""},"Serv. Terc.-029",109,null,{"$f":"IF($J710=$G$2,ROUND(IF(ISNUMBER(S710),S710,IF(LEFT(S710,2)=\"DI\",HLOOKUP(S710,DADOS!$T$29:$X$30,2,FALSE),0)),4),\"\")","v":0.25}]
["S",0,9,4,0,0,4,{"$f":"IF(OR($A711=\"S\",$A711=0),0,MATCH(0,OFFSET($B711,1,$A711,ROW($A$1504)-ROW($A711)),0))","v":0},{"$f":"IF(OR($A711=\"S\",$A711=0),0,MATCH(OFFSET($B711,0,$A711)+1,OFFSET($B711,1,$A711,ROW($A$1504)-ROW($A711)),0))","v":0},"Insumo","9.4.4.","Cotação","Serv. Terc.","033",{"$f":"IF(NOT(ISERROR($Y711)),IF($Y711<>FALSE,INDEX(Banco,$Y711,5),\"\"),\"\")","v":"Coffe break (salgados) "},"Centro",4,65,"DI 1",81.25,325,null,{"$f":"IF(OR($A711=0,$A711=\"S\",$A711>CFF!$A$9),\"\",MAX(W$11:OFFSET(W711,-1,0))+1)","v":""},"Serv. Terc.-033",113,null,{"$f":"IF($J711=$G$2,ROUND(IF(ISNUMBER(S711),S711,IF(LEFT(S711,2)=\"DI\",HLOOKUP(S711,DADOS!$T$29:$X$30,2,FALSE),0)),4),\"\")","v":0.25}]
[{"$f":"CHOOSE(1+LOG(1+2*(J712=$C$2)+4*(J712=$D$2)+8*(J712=$E$2)+16*(J712=$F$2)+32*(J712=$G$2),2),0,1,2,3,4,\"S\")","v":"S"},{"$f":"IF(OR(A712=\"S\",A712=0),0,IF(ISERROR(I712),H712,SMALL(H712:I712,1)))","v":0},9,4,0,0,5,{"$f":"IF(OR($A712=\"S\",$A712=0),0,MATCH(0,OFFSET($B712,1,$A712,ROW($A$1504)-ROW($A712)),0))","v":0},{"$f":"IF(OR($A712=\"S\",$A712=0),0,MATCH(OFFSET($B712,0,$A712)+1,OFFSET($B712,1,$A712,ROW($A$1504)-ROW($A712)),0))","v":0},"Insumo",{"$f":"IF($A712=0,\"-\",CONCATENATE(C712&\".\",IF(AND($A$5>=2,$A712>=2),D712&\".\",\"\"),IF(AND($A$5>=3,$A712>=3),E712&\".\",\"\"),IF(AND($A$5>=4,$A712>=4),F712&\".\",\"\"),IF($A712=\"S\",G712&\".\",\"\")))","v":"9.4.5."},"Cotação","Serv. Terc.","027",{"$f":"IF(NOT(ISERROR($Y712)),IF($Y712<>FALSE,INDEX(Banco,$Y712,5),\"\"),\"\")","v":"Refrigerantes (02 litros) "},"Unidade",8,6,"DI 1",7.5,60,null,{"$f":"IF(OR($A712=0,$A712=\"S\",$A712>CFF!$A$9),\"\",MAX(W$11:OFFSET(W712,-1,0))+1)","v":""},"Serv. Terc.-027",{"$f":"IF(X712<>FALSE,MATCH(X712,OFFSET(Banco,0,0,,1),0))","v":107},null,{"$f":"IF($J712=$G$2,ROUND(IF(ISNUMBER(S712),S712,IF(LEFT(S712,2)=\"DI\",HLOOKUP(S712,DADOS!$T$29:$X$30,2,FALSE),0)),4),\"\")","v":0.25}]
[{"$f":"CHOOSE(1+LOG(1+2*(J713=$C$2)+4*(J713=$D$2)+8*(J713=$E$2)+16*(J713=$F$2)+32*(J713=$G$2),2),0,1,2,3,4,\"S\")","v":2},{"$f":"IF(OR(A713=\"S\",A713=0),0,IF(ISERROR(I713),H713,SMALL(H713:I713,1)))","v":4},{"$f":"IF($A713=1,OFFSET(C713,-1,0)+1,OFFSET(C713,-1,0))","v":9},{"$f":"IF($A713=1,0,IF($A713=2,OFFSET(D713,-1,0)+1,OFFSET(D713,-1,0)))","v":5},{"$f":"IF(AND($A713<=2,$A713<>0),0,IF($A713=3,OFFSET(E713,-1,0)+1,OFFSET(E713,-1,0)))","v":0},{"$f":"IF(AND($A713<=3,$A713<>0),0,IF($A713=4,OFFSET(F713,-1,0)+1,OFFSET(F713,-1,0)))","v":0},{"$f":"IF(AND($A713<=4,$A713<>0),0,IF($A713=\"S\",OFFSET(G713,-1,0)+1,OFFSET(G713,-1,0)))","v":0},{"$f":"IF(OR($A713=\"S\",$A713=0),0,MATCH(0,OFFSET($B713,1,$A713,ROW($A$1504)-ROW($A713)),0))","v":86},{"$f":"IF(OR($A713=\"S\",$A713=0),0,MATCH(OFFSET($B713,0,$A713)+1,OFFSET($B713,1,$A713,ROW($A$1504)-ROW($A713)),0))","v":4},"AtivNível 1",{"$f":"IF($A713=0,\"-\",CONCATENATE(C713&\".\",IF(AND($A$5>=2,$A713>=2),D713&\".\",\"\"),IF(AND($A$5>=3,$A713>=3),E713&\".\",\"\"),IF(AND($A$5>=4,$A713>=4),F713&\".\",\"\"),IF($A713=\"S\",G713&\".\",\"\")))","v":"9.5."},{"$f":"IF(NOT(ISERROR($Y713)),IF($Y713<>FALSE,INDEX(Banco,$Y713,4),\"\"),\"\")","v":""},null,null,"Atividade 57 - Visita dos beneficiários com UHs e CAO as obras região Jardim Ikaraí",{"$f":"IF(NOT(ISERROR($Y713)),IF($Y713<>FALSE,INDEX(Banco,$Y713,6),\"\"),\"\")","v":""},null,{"$f":"IF(NOT(ISERROR($Y713)),IF($Y713<>FALSE,INDEX(Banco,$Y713,7),0),0)","v":0},"DI 1",{"$f":"IF($J713=$G$2,ROUND(ROUND($R713,2)*IF($R$9=\"Preço Unitário (R$)\",1,1+$AA713),2),0)","v":0},{"$f":"IF($A713=\"S\",VTOTAL1,IF($A713=0,0,ROUND(SomaAgrup,2)))","v":4657.0200000000004},null,{"$f":"IF(OR($A713=0,$A713=\"S\",$A713>CFF!$A$9),\"\",MAX(W$11:OFFSET(W713,-1,0))+1)","v":66},{"$f":"IF(AND($J713=$G$2,$N713<>\"\",$M713<>\"\"),CONCATENATE($M713,\"-\",$N713))","v":false},{"$f":"IF(X713<>FALSE,MATCH(X713,OFFSET(Banco,0,0,,1),0))","v":false},null,{"$f":"IF($J713=$G$2,ROUND(IF(ISNUMBER(S713),S713,IF(LEFT(S713,2)=\"DI\",HLOOKUP(S713,DADOS!$T$29:$X$30,2,FALSE),0)),4),\"\")","v":""}]
["S",0,{"$f":"IF($A714=1,OFFSET(C714,-1,0)+1,OFFSET(C714,-1,0))","v":9},{"$f":"IF($A714=1,0,IF($A714=2,OFFSET(D714,-1,0)+1,OFFSET(D714,-1,0)))","v":5},{"$f":"IF(AND($A714<=2,$A714<>0),0,IF($A714=3,OFFSET(E714,-1,0)+1,OFFSET(E714,-1,0)))","v":0},{"$f":"IF(AND($A714<=3,$A714<>0),0,IF($A714=4,OFFSET(F714,-1,0)+1,OFFSET(F714,-1,0)))","v":0},{"$f":"IF(AND($A714<=4,$A714<>0),0,IF($A714=\"S\",OFFSET(G714,-1,0)+1,OFFSET(G714,-1,0)))","v":1},{"$f":"IF(OR($A714=\"S\",$A714=0),0,MATCH(0,OFFSET($B714,1,$A714,ROW($A$1504)-ROW($A714)),0))","v":0},{"$f":"IF(OR($A714=\"S\",$A714=0),0,MATCH(OFFSET($B714,0,$A714)+1,OFFSET($B714,1,$A714,ROW($A$1504)-ROW($A714)),0))","v":0},"Insumo","9.5.1.",{"$f":"IF(NOT(ISERROR($Y714)),IF($Y714<>FALSE,INDEX(Banco,$Y714,4),\"\"),\"\")","v":"CRESS"},"Rec. Humanos","001",{"$f":"IF(NOT(ISERROR($Y714)),IF($Y714<>FALSE,INDEX(Banco,$Y714,5),\"\"),\"\")","v":"Responsável Técnica"},{"$f":"IF(NOT(ISERROR($Y714)),IF($Y714<>FALSE,INDEX(Banco,$Y714,6),\"\"),\"\")","v":"Horas"},14,{"$f":"IF(NOT(ISERROR($Y714)),IF($Y714<>FALSE,INDEX(Banco,$Y714,7),0),0)","v":150.28},"DI 1",{"$f":"IF($J714=$G$2,ROUND(ROUND($R714,2)*IF($R$9=\"Preço Unitário (R$)\",1,1+$AA714),2),0)","v":187.85},{"$f":"IF($A714=\"S\",VTOTAL1,IF($A714=0,0,ROUND(SomaAgrup,2)))","v":2629.9},null,{"$f":"IF(OR($A714=0,$A714=\"S\",$A714>CFF!$A$9),\"\",MAX(W$11:OFFSET(W714,-1,0))+1)","v":""},{"$f":"IF(AND($J714=$G$2,$N714<>\"\",$M714<>\"\"),CONCATENATE($M714,\"-\",$N714))","v":"Rec. Humanos-001"},3,null,{"$f":"IF($J714=$G$2,ROUND(IF(ISNUMBER(S714),S714,IF(LEFT(S714,2)=\"DI\",HLOOKUP(S714,DADOS!$T$29:$X$30,2,FALSE),0)),4),\"\")","v":0.25}]
["S",0,9,5,0,0,2,{"$f":"IF(OR($A715=\"S\",$A715=0),0,MATCH(0,OFFSET($B715,1,$A715,ROW($A$1504)-ROW($A715)),0))","v":0},{"$f":"IF(OR($A715=\"S\",$A715=0),0,MATCH(OFFSET($B715,0,$A715)+1,OFFSET($B715,1,$A715,ROW($A$1504)-ROW($A715)),0))","v":0},"Insumo","9.5.2.","CRESS","Rec. Humanos","002","Assistente Social","Horas",12,133.81,"DI 1",167.26,2007.12,null,{"$f":"IF(OR($A715=0,$A715=\"S\",$A715>CFF!$A$9),\"\",MAX(W$11:OFFSET(W715,-1,0))+1)","v":""},"Rec. Humanos-002",4,null,{"$f":"IF($J715=$G$2,ROUND(IF(ISNUMBER(S715),S715,IF(LEFT(S715,2)=\"DI\",HLOOKUP(S715,DADOS!$T$29:$X$30,2,FALSE),0)),4),\"\")","v":0.25}]
[{"$f":"CHOOSE(1+LOG(1+2*(J716=$C$2)+4*(J716=$D$2)+8*(J716=$E$2)+16*(J716=$F$2)+32*(J716=$G$2),2),0,1,2,3,4,\"S\")","v":"S"},{"$f":"IF(OR(A716=\"S\",A716=0),0,IF(ISERROR(I716),H716,SMALL(H716:I716,1)))","v":0},{"$f":"IF($A716=1,OFFSET(C716,-1,0)+1,OFFSET(C716,-1,0))","v":9},{"$f":"IF($A716=1,0,IF($A716=2,OFFSET(D716,-1,0)+1,OFFSET(D716,-1,0)))","v":5},{"$f":"IF(AND($A716<=2,$A716<>0),0,IF($A716=3,OFFSET(E716,-1,0)+1,OFFSET(E716,-1,0)))","v":0},{"$f":"IF(AND($A716<=3,$A716<>0),0,IF($A716=4,OFFSET(F716,-1,0)+1,OFFSET(F716,-1,0)))","v":0},{"$f":"IF(AND($A716<=4,$A716<>0),0,IF($A716=\"S\",OFFSET(G716,-1,0)+1,OFFSET(G716,-1,0)))","v":3},{"$f":"IF(OR($A716=\"S\",$A716=0),0,MATCH(0,OFFSET($B716,1,$A716,ROW($A$1504)-ROW($A716)),0))","v":0},{"$f":"IF(OR($A716=\"S\",$A716=0),0,MATCH(OFFSET($B716,0,$A716)+1,OFFSET($B716,1,$A716,ROW($A$1504)-ROW($A716)),0))","v":0},"Insumo",{"$f":"IF($A716=0,\"-\",CONCATENATE(C716&\".\",IF(AND($A$5>=2,$A716>=2),D716&\".\",\"\"),IF(AND($A$5>=3,$A716>=3),E716&\".\",\"\"),IF(AND($A$5>=4,$A716>=4),F716&\".\",\"\"),IF($A716=\"S\",G716&\".\",\"\")))","v":"9.5.3."},{"$f":"IF(NOT(ISERROR($Y716)),IF($Y716<>FALSE,INDEX(Banco,$Y716,4),\"\"),\"\")","v":"Cotação"},"Serv. Terc.","009",{"$f":"IF(NOT(ISERROR($Y716)),IF($Y716<>FALSE,INDEX(Banco,$Y716,5),\"\"),\"\")","v":"Água (garrafa de 1,5 litros)"},{"$f":"IF(NOT(ISERROR($Y716)),IF($Y716<>FALSE,INDEX(Banco,$Y716,6),\"\"),\"\")","v":"Unidade"},4,{"$f":"IF(NOT(ISERROR($Y716)),IF($Y716<>FALSE,INDEX(Banco,$Y716,7),0),0)","v":4},"DI 1",{"$f":"IF($J716=$G$2,ROUND(ROUND($R716,2)*IF($R$9=\"Preço Unitário (R$)\",1,1+$AA716),2),0)","v":5},{"$f":"IF($A716=\"S\",VTOTAL1,IF($A716=0,0,ROUND(SomaAgrup,2)))","v":20},null,{"$f":"IF(OR($A716=0,$A716=\"S\",$A716>CFF!$A$9),\"\",MAX(W$11:OFFSET(W716,-1,0))+1)","v":""},{"$f":"IF(AND($J716=$G$2,$N716<>\"\",$M716<>\"\"),CONCATENATE($M716,\"-\",$N716))","v":"Serv. Terc.-009"},{"$f":"IF(X716<>FALSE,MATCH(X716,OFFSET(Banco,0,0,,1),0))","v":89},null,{"$f":"IF($J716=$G$2,ROUND(IF(ISNUMBER(S716),S716,IF(LEFT(S716,2)=\"DI\",HLOOKUP(S716,DADOS!$T$29:$X$30,2,FALSE),0)),4),\"\")","v":0.25}]
[{"$f":"CHOOSE(1+LOG(1+2*(J717=$C$2)+4*(J717=$D$2)+8*(J717=$E$2)+16*(J717=$F$2)+32*(J717=$G$2),2),0,1,2,3,4,\"S\")","v":2},{"$f":"IF(OR(A717=\"S\",A717=0),0,IF(ISERROR(I717),H717,SMALL(H717:I717,1)))","v":3},{"$f":"IF($A717=1,OFFSET(C717,-1,0)+1,OFFSET(C717,-1,0))","v":9},{"$f":"IF($A717=1,0,IF($A717=2,OFFSET(D717,-1,0)+1,OFFSET(D717,-1,0)))","v":6},{"$f":"IF(AND($A717<=2,$A717<>0),0,IF($A717=3,OFFSET(E717,-1,0)+1,OFFSET(E717,-1,0)))","v":0},{"$f":"IF(AND($A717<=3,$A717<>0),0,IF($A717=4,OFFSET(F717,-1,0)+1,OFFSET(F717,-1,0)))","v":0},{"$f":"IF(AND($A717<=4,$A717<>0),0,IF($A717=\"S\",OFFSET(G717,-1,0)+1,OFFSET(G717,-1,0)))","v":0},{"$f":"IF(OR($A717=\"S\",$A717=0),0,MATCH(0,OFFSET($B717,1,$A717,ROW($A$1504)-ROW($A717)),0))","v":82},{"$f":"IF(OR($A717=\"S\",$A717=0),0,MATCH(OFFSET($B717,0,$A717)+1,OFFSET($B717,1,$A717,ROW($A$1504)-ROW($A717)),0))","v":3},"AtivNível 1",{"$f":"IF($A717=0,\"-\",CONCATENATE(C717&\".\",IF(AND($A$5>=2,$A717>=2),D717&\".\",\"\"),IF(AND($A$5>=3,$A717>=3),E717&\".\",\"\"),IF(AND($A$5>=4,$A717>=4),F717&\".\",\"\"),IF($A717=\"S\",G717&\".\",\"\")))","v":"9.6."},{"$f":"IF(NOT(ISERROR($Y717)),IF($Y717<>FALSE,INDEX(Banco,$Y717,4),\"\"),\"\")","v":""},null,null,"Atividade 58 - Plantão Social região Jardim Ikaraí",{"$f":"IF(NOT(ISERROR($Y717)),IF($Y717<>FALSE,INDEX(Banco,$Y717,6),\"\"),\"\")","v":""},null,{"$f":"IF(NOT(ISERROR($Y717)),IF($Y717<>FALSE,INDEX(Banco,$Y717,7),0),0)","v":0},"DI 1",{"$f":"IF($J717=$G$2,ROUND(ROUND($R717,2)*IF($R$9=\"Preço Unitário (R$)\",1,1+$AA717),2),0)","v":0},{"$f":"IF($A717=\"S\",VTOTAL1,IF($A717=0,0,ROUND(SomaAgrup,2)))","v":3427.56},null,{"$f":"IF(OR($A717=0,$A717=\"S\",$A717>CFF!$A$9),\"\",MAX(W$11:OFFSET(W717,-1,0))+1)","v":67},{"$f":"IF(AND($J717=$G$2,$N717<>\"\",$M717<>\"\"),CONCATENATE($M717,\"-\",$N717))","v":false},{"$f":"IF(X717<>FALSE,MATCH(X717,OFFSET(Banco,0,0,,1),0))","v":false},null,{"$f":"IF($J717=$G$2,ROUND(IF(ISNUMBER(S717),S717,IF(LEFT(S717,2)=\"DI\",HLOOKUP(S717,DADOS!$T$29:$X$30,2,FALSE),0)),4),\"\")","v":""}]
[{"$f":"CHOOSE(1+LOG(1+2*(J718=$C$2)+4*(J718=$D$2)+8*(J718=$E$2)+16*(J718=$F$2)+32*(J718=$G$2),2),0,1,2,3,4,\"S\")","v":"S"},{"$f":"IF(OR(A718=\"S\",A718=0),0,IF(ISERROR(I718),H718,SMALL(H718:I718,1)))","v":0},{"$f":"IF($A718=1,OFFSET(C718,-1,0)+1,OFFSET(C718,-1,0))","v":9},{"$f":"IF($A718=1,0,IF($A718=2,OFFSET(D718,-1,0)+1,OFFSET(D718,-1,0)))","v":6},{"$f":"IF(AND($A718<=2,$A718<>0),0,IF($A718=3,OFFSET(E718,-1,0)+1,OFFSET(E718,-1,0)))","v":0},{"$f":"IF(AND($A718<=3,$A718<>0),0,IF($A718=4,OFFSET(F718,-1,0)+1,OFFSET(F718,-1,0)))","v":0},{"$f":"IF(AND($A718<=4,$A718<>0),0,IF($A718=\"S\",OFFSET(G718,-1,0)+1,OFFSET(G718,-1,0)))","v":1},{"$f":"IF(OR($A718=\"S\",$A718=0),0,MATCH(0,OFFSET($B718,1,$A718,ROW($A$1504)-ROW($A718)),0))","v":0},{"$f":"IF(OR($A718=\"S\",$A718=0),0,MATCH(OFFSET($B718,0,$A718)+1,OFFSET($B718,1,$A718,ROW($A$1504)-ROW($A718)),0))","v":0},"Insumo",{"$f":"IF($A718=0,\"-\",CONCATENATE(C718&\".\",IF(AND($A$5>=2,$A718>=2),D718&\".\",\"\"),IF(AND($A$5>=3,$A718>=3),E718&\".\",\"\"),IF(AND($A$5>=4,$A718>=4),F718&\".\",\"\"),IF($A718=\"S\",G718&\".\",\"\")))","v":"9.6.1."},{"$f":"IF(NOT(ISERROR($Y718)),IF($Y718<>FALSE,INDEX(Banco,$Y718,4),\"\"),\"\")","v":"CRESS"},"Rec. Humanos","001",{"$f":"IF(NOT(ISERROR($Y718)),IF($Y718<>FALSE,INDEX(Banco,$Y718,5),\"\"),\"\")","v":"Responsável Técnica"},{"$f":"IF(NOT(ISERROR($Y718)),IF($Y718<>FALSE,INDEX(Banco,$Y718,6),\"\"),\"\")","v":"Horas"},4,{"$f":"IF(NOT(ISERROR($Y718)),IF($Y718<>FALSE,INDEX(Banco,$Y718,7),0),0)","v":150.28},"DI 1",{"$f":"IF($J718=$G$2,ROUND(ROUND($R718,2)*IF($R$9=\"Preço Unitário (R$)\",1,1+$AA718),2),0)","v":187.85},{"$f":"IF($A718=\"S\",VTOTAL1,IF($A718=0,0,ROUND(SomaAgrup,2)))","v":751.4},null,{"$f":"IF(OR($A718=0,$A718=\"S\",$A718>CFF!$A$9),\"\",MAX(W$11:OFFSET(W718,-1,0))+1)","v":""},{"$f":"IF(AND($J718=$G$2,$N718<>\"\",$M718<>\"\"),CONCATENATE($M718,\"-\",$N718))","v":"Rec. Humanos-001"},{"$f":"IF(X718<>FALSE,MATCH(X718,OFFSET(Banco,0,0,,1),0))","v":3},null,{"$f":"IF($J718=$G$2,ROUND(IF(ISNUMBER(S718),S718,IF(LEFT(S718,2)=\"DI\",HLOOKUP(S718,DADOS!$T$29:$X$30,2,FALSE),0)),4),\"\")","v":0.25}]
["S",0,9,6,0,0,2,{"$f":"IF(OR($A719=\"S\",$A719=0),0,MATCH(0,OFFSET($B719,1,$A719,ROW($A$1504)-ROW($A719)),0))","v":0},{"$f":"IF(OR($A719=\"S\",$A719=0),0,MATCH(OFFSET($B719,0,$A719)+1,OFFSET($B719,1,$A719,ROW($A$1504)-ROW($A719)),0))","v":0},"Insumo","9.6.2.","CRESS","Rec. Humanos","002",{"$f":"IF(NOT(ISERROR($Y719)),IF($Y719<>FALSE,INDEX(Banco,$Y719,5),\"\"),\"\")","v":"Assistente Social"},"Horas",16,133.81,"DI 1",167.26,2676.16,null,{"$f":"IF(OR($A719=0,$A719=\"S\",$A719>CFF!$A$9),\"\",MAX(W$11:OFFSET(W719,-1,0))+1)","v":""},"Rec. Humanos-002",4,null,{"$f":"IF($J719=$G$2,ROUND(IF(ISNUMBER(S719),S719,IF(LEFT(S719,2)=\"DI\",HLOOKUP(S719,DADOS!$T$29:$X$30,2,FALSE),0)),4),\"\")","v":0.25}]
[{"$f":"CHOOSE(1+LOG(1+2*(J720=$C$2)+4*(J720=$D$2)+8*(J720=$E$2)+16*(J720=$F$2)+32*(J720=$G$2),2),0,1,2,3,4,\"S\")","v":2},{"$f":"IF(OR(A720=\"S\",A720=0),0,IF(ISERROR(I720),H720,SMALL(H720:I720,1)))","v":23},{"$f":"IF($A720=1,OFFSET(C720,-1,0)+1,OFFSET(C720,-1,0))","v":9},{"$f":"IF($A720=1,0,IF($A720=2,OFFSET(D720,-1,0)+1,OFFSET(D720,-1,0)))","v":7},{"$f":"IF(AND($A720<=2,$A720<>0),0,IF($A720=3,OFFSET(E720,-1,0)+1,OFFSET(E720,-1,0)))","v":0},{"$f":"IF(AND($A720<=3,$A720<>0),0,IF($A720=4,OFFSET(F720,-1,0)+1,OFFSET(F720,-1,0)))","v":0},{"$f":"IF(AND($A720<=4,$A720<>0),0,IF($A720=\"S\",OFFSET(G720,-1,0)+1,OFFSET(G720,-1,0)))","v":0},{"$f":"IF(OR($A720=\"S\",$A720=0),0,MATCH(0,OFFSET($B720,1,$A720,ROW($A$1504)-ROW($A720)),0))","v":79},{"$f":"IF(OR($A720=\"S\",$A720=0),0,MATCH(OFFSET($B720,0,$A720)+1,OFFSET($B720,1,$A720,ROW($A$1504)-ROW($A720)),0))","v":23},"AtivNível 1",{"$f":"IF($A720=0,\"-\",CONCATENATE(C720&\".\",IF(AND($A$5>=2,$A720>=2),D720&\".\",\"\"),IF(AND($A$5>=3,$A720>=3),E720&\".\",\"\"),IF(AND($A$5>=4,$A720>=4),F720&\".\",\"\"),IF($A720=\"S\",G720&\".\",\"\")))","v":"9.7."},{"$f":"IF(NOT(ISERROR($Y720)),IF($Y720<>FALSE,INDEX(Banco,$Y720,4),\"\"),\"\")","v":""},null,null,"Atividade 59 - Palestra: Preservação ambiental e combate epedemias (dengue e outros) região Parque São João",{"$f":"IF(NOT(ISERROR($Y720)),IF($Y720<>FALSE,INDEX(Banco,$Y720,6),\"\"),\"\")","v":""},null,{"$f":"IF(NOT(ISERROR($Y720)),IF($Y720<>FALSE,INDEX(Banco,$Y720,7),0),0)","v":0},"DI 1",{"$f":"IF($J720=$G$2,ROUND(ROUND($R720,2)*IF($R$9=\"Preço Unitário (R$)\",1,1+$AA720),2),0)","v":0},{"$f":"IF($A720=\"S\",VTOTAL1,IF($A720=0,0,ROUND(SomaAgrup,2)))","v":10228.35},null,{"$f":"IF(OR($A720=0,$A720=\"S\",$A720>CFF!$A$9),\"\",MAX(W$11:OFFSET(W720,-1,0))+1)","v":68},{"$f":"IF(AND($J720=$G$2,$N720<>\"\",$M720<>\"\"),CONCATENATE($M720,\"-\",$N720))","v":false},{"$f":"IF(X720<>FALSE,MATCH(X720,OFFSET(Banco,0,0,,1),0))","v":false},null,{"$f":"IF($J720=$G$2,ROUND(IF(ISNUMBER(S720),S720,IF(LEFT(S720,2)=\"DI\",HLOOKUP(S720,DADOS!$T$29:$X$30,2,FALSE),0)),4),\"\")","v":""}]
["S",0,9,7,0,0,1,{"$f":"IF(OR($A721=\"S\",$A721=0),0,MATCH(0,OFFSET($B721,1,$A721,ROW($A$1504)-ROW($A721)),0))","v":0},{"$f":"IF(OR($A721=\"S\",$A721=0),0,MATCH(OFFSET($B721,0,$A721)+1,OFFSET($B721,1,$A721,ROW($A$1504)-ROW($A721)),0))","v":0},"Insumo","9.7.1.","CRESS","Rec. Humanos","001",{"$f":"IF(NOT(ISERROR($Y721)),IF($Y721<>FALSE,INDEX(Banco,$Y721,5),\"\"),\"\")","v":"Responsável Técnica"},"Horas",8,150.28,"DI 1",187.85,1502.8,null,{"$f":"IF(OR($A721=0,$A721=\"S\",$A721>CFF!$A$9),\"\",MAX(W$11:OFFSET(W721,-1,0))+1)","v":""},"Rec. Humanos-001",3,null,{"$f":"IF($J721=$G$2,ROUND(IF(ISNUMBER(S721),S721,IF(LEFT(S721,2)=\"DI\",HLOOKUP(S721,DADOS!$T$29:$X$30,2,FALSE),0)),4),\"\")","v":0.25}]
["S",0,9,7,0,0,2,{"$f":"IF(OR($A722=\"S\",$A722=0),0,MATCH(0,OFFSET($B722,1,$A722,ROW($A$1504)-ROW($A722)),0))","v":0},{"$f":"IF(OR($A722=\"S\",$A722=0),0,MATCH(OFFSET($B722,0,$A722)+1,OFFSET($B722,1,$A722,ROW($A$1504)-ROW($A722)),0))","v":0},"Insumo","9.7.2.","CRESS","Rec. Humanos","002","Assistente Social","Horas",4,133.81,"DI 1",167.26,669.04,null,{"$f":"IF(OR($A722=0,$A722=\"S\",$A722>CFF!$A$9),\"\",MAX(W$11:OFFSET(W722,-1,0))+1)","v":""},"Rec. Humanos-002",4,null,{"$f":"IF($J722=$G$2,ROUND(IF(ISNUMBER(S722),S722,IF(LEFT(S722,2)=\"DI\",HLOOKUP(S722,DADOS!$T$29:$X$30,2,FALSE),0)),4),\"\")","v":0.25}]
["S",0,9,7,0,0,3,{"$f":"IF(OR($A723=\"S\",$A723=0),0,MATCH(0,OFFSET($B723,1,$A723,ROW($A$1504)-ROW($A723)),0))","v":0},{"$f":"IF(OR($A723=\"S\",$A723=0),0,MATCH(OFFSET($B723,0,$A723)+1,OFFSET($B723,1,$A723,ROW($A$1504)-ROW($A723)),0))","v":0},"Insumo","9.7.3.","Cotação","Rec. Humanos","003","Administrador (Técnico de Apoio) ","Horas",4,103.65,"DI 1",129.56,518.24,null,{"$f":"IF(OR($A723=0,$A723=\"S\",$A723>CFF!$A$9),\"\",MAX(W$11:OFFSET(W723,-1,0))+1)","v":""},"Rec. Humanos-003",5,null,{"$f":"IF($J723=$G$2,ROUND(IF(ISNUMBER(S723),S723,IF(LEFT(S723,2)=\"DI\",HLOOKUP(S723,DADOS!$T$29:$X$30,2,FALSE),0)),4),\"\")","v":0.25}]
["S",0,9,7,0,0,4,{"$f":"IF(OR($A724=\"S\",$A724=0),0,MATCH(0,OFFSET($B724,1,$A724,ROW($A$1504)-ROW($A724)),0))","v":0},{"$f":"IF(OR($A724=\"S\",$A724=0),0,MATCH(OFFSET($B724,0,$A724)+1,OFFSET($B724,1,$A724,ROW($A$1504)-ROW($A724)),0))","v":0},"Insumo","9.7.4.","SINE","Rec. Humanos","004","Estagiários","Horas",16,9.7899999999999991,"DI 1",12.24,195.84,null,{"$f":"IF(OR($A724=0,$A724=\"S\",$A724>CFF!$A$9),\"\",MAX(W$11:OFFSET(W724,-1,0))+1)","v":""},"Rec. Humanos-004",6,null,{"$f":"IF($J724=$G$2,ROUND(IF(ISNUMBER(S724),S724,IF(LEFT(S724,2)=\"DI\",HLOOKUP(S724,DADOS!$T$29:$X$30,2,FALSE),0)),4),\"\")","v":0.25}]
["S",0,9,7,0,0,5,{"$f":"IF(OR($A725=\"S\",$A725=0),0,MATCH(0,OFFSET($B725,1,$A725,ROW($A$1504)-ROW($A725)),0))","v":0},{"$f":"IF(OR($A725=\"S\",$A725=0),0,MATCH(OFFSET($B725,0,$A725)+1,OFFSET($B725,1,$A725,ROW($A$1504)-ROW($A725)),0))","v":0},"Insumo","9.7.5.","Cotação","Serv. Terc.","001","Fotocópias","Unidade",300,0.3,"DI 1",0.38,114,null,{"$f":"IF(OR($A725=0,$A725=\"S\",$A725>CFF!$A$9),\"\",MAX(W$11:OFFSET(W725,-1,0))+1)","v":""},"Serv. Terc.-001",81,null,{"$f":"IF($J725=$G$2,ROUND(IF(ISNUMBER(S725),S725,IF(LEFT(S725,2)=\"DI\",HLOOKUP(S725,DADOS!$T$29:$X$30,2,FALSE),0)),4),\"\")","v":0.25}]
[{"$f":"CHOOSE(1+LOG(1+2*(J726=$C$2)+4*(J726=$D$2)+8*(J726=$E$2)+16*(J726=$F$2)+32*(J726=$G$2),2),0,1,2,3,4,\"S\")","v":"S"},{"$f":"IF(OR(A726=\"S\",A726=0),0,IF(ISERROR(I726),H726,SMALL(H726:I726,1)))","v":0},{"$f":"IF($A726=1,OFFSET(C726,-1,0)+1,OFFSET(C726,-1,0))","v":9},{"$f":"IF($A726=1,0,IF($A726=2,OFFSET(D726,-1,0)+1,OFFSET(D726,-1,0)))","v":7},{"$f":"IF(AND($A726<=2,$A726<>0),0,IF($A726=3,OFFSET(E726,-1,0)+1,OFFSET(E726,-1,0)))","v":0},{"$f":"IF(AND($A726<=3,$A726<>0),0,IF($A726=4,OFFSET(F726,-1,0)+1,OFFSET(F726,-1,0)))","v":0},{"$f":"IF(AND($A726<=4,$A726<>0),0,IF($A726=\"S\",OFFSET(G726,-1,0)+1,OFFSET(G726,-1,0)))","v":6},{"$f":"IF(OR($A726=\"S\",$A726=0),0,MATCH(0,OFFSET($B726,1,$A726,ROW($A$1504)-ROW($A726)),0))","v":0},{"$f":"IF(OR($A726=\"S\",$A726=0),0,MATCH(OFFSET($B726,0,$A726)+1,OFFSET($B726,1,$A726,ROW($A$1504)-ROW($A726)),0))","v":0},"Insumo",{"$f":"IF($A726=0,\"-\",CONCATENATE(C726&\".\",IF(AND($A$5>=2,$A726>=2),D726&\".\",\"\"),IF(AND($A$5>=3,$A726>=3),E726&\".\",\"\"),IF(AND($A$5>=4,$A726>=4),F726&\".\",\"\"),IF($A726=\"S\",G726&\".\",\"\")))","v":"9.7.6."},{"$f":"IF(NOT(ISERROR($Y726)),IF($Y726<>FALSE,INDEX(Banco,$Y726,4),\"\"),\"\")","v":"Cotação"},"Serv. Terc.","017",{"$f":"IF(NOT(ISERROR($Y726)),IF($Y726<>FALSE,INDEX(Banco,$Y726,5),\"\"),\"\")","v":"Instrutor/Monitor (Educação Fisíca)"},{"$f":"IF(NOT(ISERROR($Y726)),IF($Y726<>FALSE,INDEX(Banco,$Y726,6),\"\"),\"\")","v":"Horas"},3,{"$f":"IF(NOT(ISERROR($Y726)),IF($Y726<>FALSE,INDEX(Banco,$Y726,7),0),0)","v":100},"DI 1",{"$f":"IF($J726=$G$2,ROUND(ROUND($R726,2)*IF($R$9=\"Preço Unitário (R$)\",1,1+$AA726),2),0)","v":125},{"$f":"IF($A726=\"S\",VTOTAL1,IF($A726=0,0,ROUND(SomaAgrup,2)))","v":375},null,{"$f":"IF(OR($A726=0,$A726=\"S\",$A726>CFF!$A$9),\"\",MAX(W$11:OFFSET(W726,-1,0))+1)","v":""},{"$f":"IF(AND($J726=$G$2,$N726<>\"\",$M726<>\"\"),CONCATENATE($M726,\"-\",$N726))","v":"Serv. Terc.-017"},{"$f":"IF(X726<>FALSE,MATCH(X726,OFFSET(Banco,0,0,,1),0))","v":97},null,{"$f":"IF($J726=$G$2,ROUND(IF(ISNUMBER(S726),S726,IF(LEFT(S726,2)=\"DI\",HLOOKUP(S726,DADOS!$T$29:$X$30,2,FALSE),0)),4),\"\")","v":0.25}]
["S",0,9,7,0,0,7,{"$f":"IF(OR($A727=\"S\",$A727=0),0,MATCH(0,OFFSET($B727,1,$A727,ROW($A$1504)-ROW($A727)),0))","v":0},{"$f":"IF(OR($A727=\"S\",$A727=0),0,MATCH(OFFSET($B727,0,$A727)+1,OFFSET($B727,1,$A727,ROW($A$1504)-ROW($A727)),0))","v":0},"Insumo","9.7.7.","Cotação","Serv. Terc.","002","Carro de som com gravação de vinheta","Horas",3,200,"DI 1",250,750,null,{"$f":"IF(OR($A727=0,$A727=\"S\",$A727>CFF!$A$9),\"\",MAX(W$11:OFFSET(W727,-1,0))+1)","v":""},"Serv. Terc.-002",82,null,{"$f":"IF($J727=$G$2,ROUND(IF(ISNUMBER(S727),S727,IF(LEFT(S727,2)=\"DI\",HLOOKUP(S727,DADOS!$T$29:$X$30,2,FALSE),0)),4),\"\")","v":0.25}]
["S",0,9,7,0,0,8,{"$f":"IF(OR($A728=\"S\",$A728=0),0,MATCH(0,OFFSET($B728,1,$A728,ROW($A$1504)-ROW($A728)),0))","v":0},{"$f":"IF(OR($A728=\"S\",$A728=0),0,MATCH(OFFSET($B728,0,$A728)+1,OFFSET($B728,1,$A728,ROW($A$1504)-ROW($A728)),0))","v":0},"Insumo","9.7.8.","Cotação","Serv. Terc.","003","Locação de mesas","Unidade",20,3,"DI 1",3.75,75,null,{"$f":"IF(OR($A728=0,$A728=\"S\",$A728>CFF!$A$9),\"\",MAX(W$11:OFFSET(W728,-1,0))+1)","v":""},"Serv. Terc.-003",83,null,{"$f":"IF($J728=$G$2,ROUND(IF(ISNUMBER(S728),S728,IF(LEFT(S728,2)=\"DI\",HLOOKUP(S728,DADOS!$T$29:$X$30,2,FALSE),0)),4),\"\")","v":0.25}]
["S",0,9,7,0,0,9,{"$f":"IF(OR($A729=\"S\",$A729=0),0,MATCH(0,OFFSET($B729,1,$A729,ROW($A$1504)-ROW($A729)),0))","v":0},{"$f":"IF(OR($A729=\"S\",$A729=0),0,MATCH(OFFSET($B729,0,$A729)+1,OFFSET($B729,1,$A729,ROW($A$1504)-ROW($A729)),0))","v":0},"Insumo","9.7.9.","Cotação","Serv. Terc.","004","Locação de cadeiras","Unidade",400,2,"DI 1",2.5,1000,null,{"$f":"IF(OR($A729=0,$A729=\"S\",$A729>CFF!$A$9),\"\",MAX(W$11:OFFSET(W729,-1,0))+1)","v":""},"Serv. Terc.-004",84,null,{"$f":"IF($J729=$G$2,ROUND(IF(ISNUMBER(S729),S729,IF(LEFT(S729,2)=\"DI\",HLOOKUP(S729,DADOS!$T$29:$X$30,2,FALSE),0)),4),\"\")","v":0.25}]
["S",0,9,7,0,0,10,{"$f":"IF(OR($A730=\"S\",$A730=0),0,MATCH(0,OFFSET($B730,1,$A730,ROW($A$1504)-ROW($A730)),0))","v":0},{"$f":"IF(OR($A730=\"S\",$A730=0),0,MATCH(OFFSET($B730,0,$A730)+1,OFFSET($B730,1,$A730,ROW($A$1504)-ROW($A730)),0))","v":0},"Insumo","9.7.10.","Cotação","Serv. Terc.","005",{"$f":"IF(NOT(ISERROR($Y730)),IF($Y730<>FALSE,INDEX(Banco,$Y730,5),\"\"),\"\")","v":"Locação de caixa térmica"},"Unidade",2,40,"DI 1",50,100,null,{"$f":"IF(OR($A730=0,$A730=\"S\",$A730>CFF!$A$9),\"\",MAX(W$11:OFFSET(W730,-1,0))+1)","v":""},"Serv. Terc.-005",85,null,{"$f":"IF($J730=$G$2,ROUND(IF(ISNUMBER(S730),S730,IF(LEFT(S730,2)=\"DI\",HLOOKUP(S730,DADOS!$T$29:$X$30,2,FALSE),0)),4),\"\")","v":0.25}]
["S",0,9,7,0,0,11,{"$f":"IF(OR($A731=\"S\",$A731=0),0,MATCH(0,OFFSET($B731,1,$A731,ROW($A$1504)-ROW($A731)),0))","v":0},{"$f":"IF(OR($A731=\"S\",$A731=0),0,MATCH(OFFSET($B731,0,$A731)+1,OFFSET($B731,1,$A731,ROW($A$1504)-ROW($A731)),0))","v":0},"Insumo","9.7.11.","Cotação","Serv. Terc.","006",{"$f":"IF(NOT(ISERROR($Y731)),IF($Y731<>FALSE,INDEX(Banco,$Y731,5),\"\"),\"\")","v":"Locação de tendas"},"Unidade",3,250,"DI 1",312.5,937.5,null,{"$f":"IF(OR($A731=0,$A731=\"S\",$A731>CFF!$A$9),\"\",MAX(W$11:OFFSET(W731,-1,0))+1)","v":""},"Serv. Terc.-006",86,null,{"$f":"IF($J731=$G$2,ROUND(IF(ISNUMBER(S731),S731,IF(LEFT(S731,2)=\"DI\",HLOOKUP(S731,DADOS!$T$29:$X$30,2,FALSE),0)),4),\"\")","v":0.25}]
[{"$f":"CHOOSE(1+LOG(1+2*(J732=$C$2)+4*(J732=$D$2)+8*(J732=$E$2)+16*(J732=$F$2)+32*(J732=$G$2),2),0,1,2,3,4,\"S\")","v":"S"},{"$f":"IF(OR(A732=\"S\",A732=0),0,IF(ISERROR(I732),H732,SMALL(H732:I732,1)))","v":0},{"$f":"IF($A732=1,OFFSET(C732,-1,0)+1,OFFSET(C732,-1,0))","v":9},{"$f":"IF($A732=1,0,IF($A732=2,OFFSET(D732,-1,0)+1,OFFSET(D732,-1,0)))","v":7},{"$f":"IF(AND($A732<=2,$A732<>0),0,IF($A732=3,OFFSET(E732,-1,0)+1,OFFSET(E732,-1,0)))","v":0},{"$f":"IF(AND($A732<=3,$A732<>0),0,IF($A732=4,OFFSET(F732,-1,0)+1,OFFSET(F732,-1,0)))","v":0},{"$f":"IF(AND($A732<=4,$A732<>0),0,IF($A732=\"S\",OFFSET(G732,-1,0)+1,OFFSET(G732,-1,0)))","v":12},{"$f":"IF(OR($A732=\"S\",$A732=0),0,MATCH(0,OFFSET($B732,1,$A732,ROW($A$1504)-ROW($A732)),0))","v":0},{"$f":"IF(OR($A732=\"S\",$A732=0),0,MATCH(OFFSET($B732,0,$A732)+1,OFFSET($B732,1,$A732,ROW($A$1504)-ROW($A732)),0))","v":0},"Insumo",{"$f":"IF($A732=0,\"-\",CONCATENATE(C732&\".\",IF(AND($A$5>=2,$A732>=2),D732&\".\",\"\"),IF(AND($A$5>=3,$A732>=3),E732&\".\",\"\"),IF(AND($A$5>=4,$A732>=4),F732&\".\",\"\"),IF($A732=\"S\",G732&\".\",\"\")))","v":"9.7.12."},{"$f":"IF(NOT(ISERROR($Y732)),IF($Y732<>FALSE,INDEX(Banco,$Y732,4),\"\"),\"\")","v":"Cotação"},"Serv. Terc.","008",{"$f":"IF(NOT(ISERROR($Y732)),IF($Y732<>FALSE,INDEX(Banco,$Y732,5),\"\"),\"\")","v":"Locação de pula-pula com monitor"},{"$f":"IF(NOT(ISERROR($Y732)),IF($Y732<>FALSE,INDEX(Banco,$Y732,6),\"\"),\"\")","v":"Unidade"},2,{"$f":"IF(NOT(ISERROR($Y732)),IF($Y732<>FALSE,INDEX(Banco,$Y732,7),0),0)","v":220},"DI 1",{"$f":"IF($J732=$G$2,ROUND(ROUND($R732,2)*IF($R$9=\"Preço Unitário (R$)\",1,1+$AA732),2),0)","v":275},{"$f":"IF($A732=\"S\",VTOTAL1,IF($A732=0,0,ROUND(SomaAgrup,2)))","v":550},null,{"$f":"IF(OR($A732=0,$A732=\"S\",$A732>CFF!$A$9),\"\",MAX(W$11:OFFSET(W732,-1,0))+1)","v":""},{"$f":"IF(AND($J732=$G$2,$N732<>\"\",$M732<>\"\"),CONCATENATE($M732,\"-\",$N732))","v":"Serv. Terc.-008"},{"$f":"IF(X732<>FALSE,MATCH(X732,OFFSET(Banco,0,0,,1),0))","v":88},null,{"$f":"IF($J732=$G$2,ROUND(IF(ISNUMBER(S732),S732,IF(LEFT(S732,2)=\"DI\",HLOOKUP(S732,DADOS!$T$29:$X$30,2,FALSE),0)),4),\"\")","v":0.25}]
["S",0,9,7,0,0,13,{"$f":"IF(OR($A733=\"S\",$A733=0),0,MATCH(0,OFFSET($B733,1,$A733,ROW($A$1504)-ROW($A733)),0))","v":0},{"$f":"IF(OR($A733=\"S\",$A733=0),0,MATCH(OFFSET($B733,0,$A733)+1,OFFSET($B733,1,$A733,ROW($A$1504)-ROW($A733)),0))","v":0},"Insumo","9.7.13.","Cotação","Serv. Terc.","012","Água (garrafão de 20 litros)","Unidade",2,10,"DI 1",12.5,25,null,{"$f":"IF(OR($A733=0,$A733=\"S\",$A733>CFF!$A$9),\"\",MAX(W$11:OFFSET(W733,-1,0))+1)","v":""},"Serv. Terc.-012",92,null,{"$f":"IF($J733=$G$2,ROUND(IF(ISNUMBER(S733),S733,IF(LEFT(S733,2)=\"DI\",HLOOKUP(S733,DADOS!$T$29:$X$30,2,FALSE),0)),4),\"\")","v":0.25}]
["S",0,9,7,0,0,14,{"$f":"IF(OR($A734=\"S\",$A734=0),0,MATCH(0,OFFSET($B734,1,$A734,ROW($A$1504)-ROW($A734)),0))","v":0},{"$f":"IF(OR($A734=\"S\",$A734=0),0,MATCH(OFFSET($B734,0,$A734)+1,OFFSET($B734,1,$A734,ROW($A$1504)-ROW($A734)),0))","v":0},"Insumo","9.7.14.","Cotação ","Serv. Terc.","011","Barra de gelo","Unidade",4,12,"DI 1",15,60,null,{"$f":"IF(OR($A734=0,$A734=\"S\",$A734>CFF!$A$9),\"\",MAX(W$11:OFFSET(W734,-1,0))+1)","v":""},"Serv. Terc.-011",91,null,{"$f":"IF($J734=$G$2,ROUND(IF(ISNUMBER(S734),S734,IF(LEFT(S734,2)=\"DI\",HLOOKUP(S734,DADOS!$T$29:$X$30,2,FALSE),0)),4),\"\")","v":0.25}]
["S",0,9,7,0,0,15,{"$f":"IF(OR($A735=\"S\",$A735=0),0,MATCH(0,OFFSET($B735,1,$A735,ROW($A$1504)-ROW($A735)),0))","v":0},{"$f":"IF(OR($A735=\"S\",$A735=0),0,MATCH(OFFSET($B735,0,$A735)+1,OFFSET($B735,1,$A735,ROW($A$1504)-ROW($A735)),0))","v":0},"Insumo","9.7.15.","Cotação","Serv. Terc.","013","Sucos","Unidade",12,6.4,"DI 1",8,96,null,{"$f":"IF(OR($A735=0,$A735=\"S\",$A735>CFF!$A$9),\"\",MAX(W$11:OFFSET(W735,-1,0))+1)","v":""},"Serv. Terc.-013",93,null,{"$f":"IF($J735=$G$2,ROUND(IF(ISNUMBER(S735),S735,IF(LEFT(S735,2)=\"DI\",HLOOKUP(S735,DADOS!$T$29:$X$30,2,FALSE),0)),4),\"\")","v":0.25}]
[{"$f":"CHOOSE(1+LOG(1+2*(J736=$C$2)+4*(J736=$D$2)+8*(J736=$E$2)+16*(J736=$F$2)+32*(J736=$G$2),2),0,1,2,3,4,\"S\")","v":"S"},{"$f":"IF(OR(A736=\"S\",A736=0),0,IF(ISERROR(I736),H736,SMALL(H736:I736,1)))","v":0},{"$f":"IF($A736=1,OFFSET(C736,-1,0)+1,OFFSET(C736,-1,0))","v":9},{"$f":"IF($A736=1,0,IF($A736=2,OFFSET(D736,-1,0)+1,OFFSET(D736,-1,0)))","v":7},{"$f":"IF(AND($A736<=2,$A736<>0),0,IF($A736=3,OFFSET(E736,-1,0)+1,OFFSET(E736,-1,0)))","v":0},{"$f":"IF(AND($A736<=3,$A736<>0),0,IF($A736=4,OFFSET(F736,-1,0)+1,OFFSET(F736,-1,0)))","v":0},{"$f":"IF(AND($A736<=4,$A736<>0),0,IF($A736=\"S\",OFFSET(G736,-1,0)+1,OFFSET(G736,-1,0)))","v":16},{"$f":"IF(OR($A736=\"S\",$A736=0),0,MATCH(0,OFFSET($B736,1,$A736,ROW($A$1504)-ROW($A736)),0))","v":0},{"$f":"IF(OR($A736=\"S\",$A736=0),0,MATCH(OFFSET($B736,0,$A736)+1,OFFSET($B736,1,$A736,ROW($A$1504)-ROW($A736)),0))","v":0},"Insumo",{"$f":"IF($A736=0,\"-\",CONCATENATE(C736&\".\",IF(AND($A$5>=2,$A736>=2),D736&\".\",\"\"),IF(AND($A$5>=3,$A736>=3),E736&\".\",\"\"),IF(AND($A$5>=4,$A736>=4),F736&\".\",\"\"),IF($A736=\"S\",G736&\".\",\"\")))","v":"9.7.16."},{"$f":"IF(NOT(ISERROR($Y736)),IF($Y736<>FALSE,INDEX(Banco,$Y736,4),\"\"),\"\")","v":"Cotação"},"Serv. Terc.","027",{"$f":"IF(NOT(ISERROR($Y736)),IF($Y736<>FALSE,INDEX(Banco,$Y736,5),\"\"),\"\")","v":"Refrigerantes (02 litros) "},{"$f":"IF(NOT(ISERROR($Y736)),IF($Y736<>FALSE,INDEX(Banco,$Y736,6),\"\"),\"\")","v":"Unidade"},20,{"$f":"IF(NOT(ISERROR($Y736)),IF($Y736<>FALSE,INDEX(Banco,$Y736,7),0),0)","v":6},"DI 1",{"$f":"IF($J736=$G$2,ROUND(ROUND($R736,2)*IF($R$9=\"Preço Unitário (R$)\",1,1+$AA736),2),0)","v":7.5},{"$f":"IF($A736=\"S\",VTOTAL1,IF($A736=0,0,ROUND(SomaAgrup,2)))","v":150},null,{"$f":"IF(OR($A736=0,$A736=\"S\",$A736>CFF!$A$9),\"\",MAX(W$11:OFFSET(W736,-1,0))+1)","v":""},{"$f":"IF(AND($J736=$G$2,$N736<>\"\",$M736<>\"\"),CONCATENATE($M736,\"-\",$N736))","v":"Serv. Terc.-027"},{"$f":"IF(X736<>FALSE,MATCH(X736,OFFSET(Banco,0,0,,1),0))","v":107},null,{"$f":"IF($J736=$G$2,ROUND(IF(ISNUMBER(S736),S736,IF(LEFT(S736,2)=\"DI\",HLOOKUP(S736,DADOS!$T$29:$X$30,2,FALSE),0)),4),\"\")","v":0.25}]
["S",0,9,7,0,0,17,{"$f":"IF(OR($A737=\"S\",$A737=0),0,MATCH(0,OFFSET($B737,1,$A737,ROW($A$1504)-ROW($A737)),0))","v":0},{"$f":"IF(OR($A737=\"S\",$A737=0),0,MATCH(OFFSET($B737,0,$A737)+1,OFFSET($B737,1,$A737,ROW($A$1504)-ROW($A737)),0))","v":0},"Insumo","9.7.17.","Cotação ","Serv. Terc.","010","Brindes ( descrição nos orçamentos e PTS)","Unidade",8,120,"DI 1",150,1200,null,{"$f":"IF(OR($A737=0,$A737=\"S\",$A737>CFF!$A$9),\"\",MAX(W$11:OFFSET(W737,-1,0))+1)","v":""},"Serv. Terc.-010",90,null,{"$f":"IF($J737=$G$2,ROUND(IF(ISNUMBER(S737),S737,IF(LEFT(S737,2)=\"DI\",HLOOKUP(S737,DADOS!$T$29:$X$30,2,FALSE),0)),4),\"\")","v":0.25}]
["S",0,9,7,0,0,18,{"$f":"IF(OR($A738=\"S\",$A738=0),0,MATCH(0,OFFSET($B738,1,$A738,ROW($A$1504)-ROW($A738)),0))","v":0},{"$f":"IF(OR($A738=\"S\",$A738=0),0,MATCH(OFFSET($B738,0,$A738)+1,OFFSET($B738,1,$A738,ROW($A$1504)-ROW($A738)),0))","v":0},"Insumo","9.7.18.","Cotação","Serv. Terc.","015","Coffee break (salgados)","Centro",15,65,"DI 1",81.25,1218.75,null,{"$f":"IF(OR($A738=0,$A738=\"S\",$A738>CFF!$A$9),\"\",MAX(W$11:OFFSET(W738,-1,0))+1)","v":""},"Serv. Terc.-015",95,null,{"$f":"IF($J738=$G$2,ROUND(IF(ISNUMBER(S738),S738,IF(LEFT(S738,2)=\"DI\",HLOOKUP(S738,DADOS!$T$29:$X$30,2,FALSE),0)),4),\"\")","v":0.25}]
[{"$f":"CHOOSE(1+LOG(1+2*(J739=$C$2)+4*(J739=$D$2)+8*(J739=$E$2)+16*(J739=$F$2)+32*(J739=$G$2),2),0,1,2,3,4,\"S\")","v":"S"},{"$f":"IF(OR(A739=\"S\",A739=0),0,IF(ISERROR(I739),H739,SMALL(H739:I739,1)))","v":0},{"$f":"IF($A739=1,OFFSET(C739,-1,0)+1,OFFSET(C739,-1,0))","v":9},{"$f":"IF($A739=1,0,IF($A739=2,OFFSET(D739,-1,0)+1,OFFSET(D739,-1,0)))","v":7},{"$f":"IF(AND($A739<=2,$A739<>0),0,IF($A739=3,OFFSET(E739,-1,0)+1,OFFSET(E739,-1,0)))","v":0},{"$f":"IF(AND($A739<=3,$A739<>0),0,IF($A739=4,OFFSET(F739,-1,0)+1,OFFSET(F739,-1,0)))","v":0},{"$f":"IF(AND($A739<=4,$A739<>0),0,IF($A739=\"S\",OFFSET(G739,-1,0)+1,OFFSET(G739,-1,0)))","v":19},{"$f":"IF(OR($A739=\"S\",$A739=0),0,MATCH(0,OFFSET($B739,1,$A739,ROW($A$1504)-ROW($A739)),0))","v":0},{"$f":"IF(OR($A739=\"S\",$A739=0),0,MATCH(OFFSET($B739,0,$A739)+1,OFFSET($B739,1,$A739,ROW($A$1504)-ROW($A739)),0))","v":0},"Insumo",{"$f":"IF($A739=0,\"-\",CONCATENATE(C739&\".\",IF(AND($A$5>=2,$A739>=2),D739&\".\",\"\"),IF(AND($A$5>=3,$A739>=3),E739&\".\",\"\"),IF(AND($A$5>=4,$A739>=4),F739&\".\",\"\"),IF($A739=\"S\",G739&\".\",\"\")))","v":"9.7.19."},{"$f":"IF(NOT(ISERROR($Y739)),IF($Y739<>FALSE,INDEX(Banco,$Y739,4),\"\"),\"\")","v":"Cotação"},"Rec. Materiais","020",{"$f":"IF(NOT(ISERROR($Y739)),IF($Y739<>FALSE,INDEX(Banco,$Y739,5),\"\"),\"\")","v":"Guloseimas (balas e pirulito)"},{"$f":"IF(NOT(ISERROR($Y739)),IF($Y739<>FALSE,INDEX(Banco,$Y739,6),\"\"),\"\")","v":"Pacote"},8,{"$f":"IF(NOT(ISERROR($Y739)),IF($Y739<>FALSE,INDEX(Banco,$Y739,7),0),0)","v":12},"DI 1",{"$f":"IF($J739=$G$2,ROUND(ROUND($R739,2)*IF($R$9=\"Preço Unitário (R$)\",1,1+$AA739),2),0)","v":15},{"$f":"IF($A739=\"S\",VTOTAL1,IF($A739=0,0,ROUND(SomaAgrup,2)))","v":120},null,{"$f":"IF(OR($A739=0,$A739=\"S\",$A739>CFF!$A$9),\"\",MAX(W$11:OFFSET(W739,-1,0))+1)","v":""},{"$f":"IF(AND($J739=$G$2,$N739<>\"\",$M739<>\"\"),CONCATENATE($M739,\"-\",$N739))","v":"Rec. Materiais-020"},{"$f":"IF(X739<>FALSE,MATCH(X739,OFFSET(Banco,0,0,,1),0))","v":29},null,{"$f":"IF($J739=$G$2,ROUND(IF(ISNUMBER(S739),S739,IF(LEFT(S739,2)=\"DI\",HLOOKUP(S739,DADOS!$T$29:$X$30,2,FALSE),0)),4),\"\")","v":0.25}]
[{"$f":"CHOOSE(1+LOG(1+2*(J740=$C$2)+4*(J740=$D$2)+8*(J740=$E$2)+16*(J740=$F$2)+32*(J740=$G$2),2),0,1,2,3,4,\"S\")","v":"S"},{"$f":"IF(OR(A740=\"S\",A740=0),0,IF(ISERROR(I740),H740,SMALL(H740:I740,1)))","v":0},{"$f":"IF($A740=1,OFFSET(C740,-1,0)+1,OFFSET(C740,-1,0))","v":9},{"$f":"IF($A740=1,0,IF($A740=2,OFFSET(D740,-1,0)+1,OFFSET(D740,-1,0)))","v":7},{"$f":"IF(AND($A740<=2,$A740<>0),0,IF($A740=3,OFFSET(E740,-1,0)+1,OFFSET(E740,-1,0)))","v":0},{"$f":"IF(AND($A740<=3,$A740<>0),0,IF($A740=4,OFFSET(F740,-1,0)+1,OFFSET(F740,-1,0)))","v":0},{"$f":"IF(AND($A740<=4,$A740<>0),0,IF($A740=\"S\",OFFSET(G740,-1,0)+1,OFFSET(G740,-1,0)))","v":20},{"$f":"IF(OR($A740=\"S\",$A740=0),0,MATCH(0,OFFSET($B740,1,$A740,ROW($A$1504)-ROW($A740)),0))","v":0},{"$f":"IF(OR($A740=\"S\",$A740=0),0,MATCH(OFFSET($B740,0,$A740)+1,OFFSET($B740,1,$A740,ROW($A$1504)-ROW($A740)),0))","v":0},"Insumo",{"$f":"IF($A740=0,\"-\",CONCATENATE(C740&\".\",IF(AND($A$5>=2,$A740>=2),D740&\".\",\"\"),IF(AND($A$5>=3,$A740>=3),E740&\".\",\"\"),IF(AND($A$5>=4,$A740>=4),F740&\".\",\"\"),IF($A740=\"S\",G740&\".\",\"\")))","v":"9.7.20."},{"$f":"IF(NOT(ISERROR($Y740)),IF($Y740<>FALSE,INDEX(Banco,$Y740,4),\"\"),\"\")","v":"CRBio"},"Serv. Terc.","068",{"$f":"IF(NOT(ISERROR($Y740)),IF($Y740<>FALSE,INDEX(Banco,$Y740,5),\"\"),\"\")","v":"Biólogo (Instrutor)"},{"$f":"IF(NOT(ISERROR($Y740)),IF($Y740<>FALSE,INDEX(Banco,$Y740,6),\"\"),\"\")","v":"Horas"},4,{"$f":"IF(NOT(ISERROR($Y740)),IF($Y740<>FALSE,INDEX(Banco,$Y740,7),0),0)","v":100.72},"DI 1",{"$f":"IF($J740=$G$2,ROUND(ROUND($R740,2)*IF($R$9=\"Preço Unitário (R$)\",1,1+$AA740),2),0)","v":125.9},{"$f":"IF($A740=\"S\",VTOTAL1,IF($A740=0,0,ROUND(SomaAgrup,2)))","v":503.6},null,{"$f":"IF(OR($A740=0,$A740=\"S\",$A740>CFF!$A$9),\"\",MAX(W$11:OFFSET(W740,-1,0))+1)","v":""},{"$f":"IF(AND($J740=$G$2,$N740<>\"\",$M740<>\"\"),CONCATENATE($M740,\"-\",$N740))","v":"Serv. Terc.-068"},{"$f":"IF(X740<>FALSE,MATCH(X740,OFFSET(Banco,0,0,,1),0))","v":148},null,{"$f":"IF($J740=$G$2,ROUND(IF(ISNUMBER(S740),S740,IF(LEFT(S740,2)=\"DI\",HLOOKUP(S740,DADOS!$T$29:$X$30,2,FALSE),0)),4),\"\")","v":0.25}]
["S",0,9,7,0,0,21,{"$f":"IF(OR($A741=\"S\",$A741=0),0,MATCH(0,OFFSET($B741,1,$A741,ROW($A$1504)-ROW($A741)),0))","v":0},{"$f":"IF(OR($A741=\"S\",$A741=0),0,MATCH(OFFSET($B741,0,$A741)+1,OFFSET($B741,1,$A741,ROW($A$1504)-ROW($A741)),0))","v":0},"Insumo","9.7.21.","Cotação","Rec. Materiais","021",{"$f":"IF(NOT(ISERROR($Y741)),IF($Y741<>FALSE,INDEX(Banco,$Y741,5),\"\"),\"\")","v":"Papel de presente"},"Folhas",16,1.5,"DI 1",1.88,30.08,null,{"$f":"IF(OR($A741=0,$A741=\"S\",$A741>CFF!$A$9),\"\",MAX(W$11:OFFSET(W741,-1,0))+1)","v":""},"Rec. Materiais-021",30,null,{"$f":"IF($J741=$G$2,ROUND(IF(ISNUMBER(S741),S741,IF(LEFT(S741,2)=\"DI\",HLOOKUP(S741,DADOS!$T$29:$X$30,2,FALSE),0)),4),\"\")","v":0.25}]
["S",0,9,7,0,0,22,{"$f":"IF(OR($A742=\"S\",$A742=0),0,MATCH(0,OFFSET($B742,1,$A742,ROW($A$1504)-ROW($A742)),0))","v":0},{"$f":"IF(OR($A742=\"S\",$A742=0),0,MATCH(OFFSET($B742,0,$A742)+1,OFFSET($B742,1,$A742,ROW($A$1504)-ROW($A742)),0))","v":0},"Insumo","9.7.22.","Cotação","Rec. Materiais","026",{"$f":"IF(NOT(ISERROR($Y742)),IF($Y742<>FALSE,INDEX(Banco,$Y742,5),\"\"),\"\")","v":"Saco de lixo (100 litros)"},"Pacote",2,15,"DI 1",18.75,37.5,null,{"$f":"IF(OR($A742=0,$A742=\"S\",$A742>CFF!$A$9),\"\",MAX(W$11:OFFSET(W742,-1,0))+1)","v":""},"Rec. Materiais-026",35,null,{"$f":"IF($J742=$G$2,ROUND(IF(ISNUMBER(S742),S742,IF(LEFT(S742,2)=\"DI\",HLOOKUP(S742,DADOS!$T$29:$X$30,2,FALSE),0)),4),\"\")","v":0.25}]
[{"$f":"CHOOSE(1+LOG(1+2*(J743=$C$2)+4*(J743=$D$2)+8*(J743=$E$2)+16*(J743=$F$2)+32*(J743=$G$2),2),0,1,2,3,4,\"S\")","v":2},{"$f":"IF(OR(A743=\"S\",A743=0),0,IF(ISERROR(I743),H743,SMALL(H743:I743,1)))","v":9},{"$f":"IF($A743=1,OFFSET(C743,-1,0)+1,OFFSET(C743,-1,0))","v":9},{"$f":"IF($A743=1,0,IF($A743=2,OFFSET(D743,-1,0)+1,OFFSET(D743,-1,0)))","v":8},{"$f":"IF(AND($A743<=2,$A743<>0),0,IF($A743=3,OFFSET(E743,-1,0)+1,OFFSET(E743,-1,0)))","v":0},{"$f":"IF(AND($A743<=3,$A743<>0),0,IF($A743=4,OFFSET(F743,-1,0)+1,OFFSET(F743,-1,0)))","v":0},{"$f":"IF(AND($A743<=4,$A743<>0),0,IF($A743=\"S\",OFFSET(G743,-1,0)+1,OFFSET(G743,-1,0)))","v":0},{"$f":"IF(OR($A743=\"S\",$A743=0),0,MATCH(0,OFFSET($B743,1,$A743,ROW($A$1504)-ROW($A743)),0))","v":56},{"$f":"IF(OR($A743=\"S\",$A743=0),0,MATCH(OFFSET($B743,0,$A743)+1,OFFSET($B743,1,$A743,ROW($A$1504)-ROW($A743)),0))","v":9},"AtivNível 1",{"$f":"IF($A743=0,\"-\",CONCATENATE(C743&\".\",IF(AND($A$5>=2,$A743>=2),D743&\".\",\"\"),IF(AND($A$5>=3,$A743>=3),E743&\".\",\"\"),IF(AND($A$5>=4,$A743>=4),F743&\".\",\"\"),IF($A743=\"S\",G743&\".\",\"\")))","v":"9.8."},{"$f":"IF(NOT(ISERROR($Y743)),IF($Y743<>FALSE,INDEX(Banco,$Y743,4),\"\"),\"\")","v":""},null,null,"Atividade 60 - Oficina para melhor idade região Parque São João",{"$f":"IF(NOT(ISERROR($Y743)),IF($Y743<>FALSE,INDEX(Banco,$Y743,6),\"\"),\"\")","v":""},null,{"$f":"IF(NOT(ISERROR($Y743)),IF($Y743<>FALSE,INDEX(Banco,$Y743,7),0),0)","v":0},"DI 1",{"$f":"IF($J743=$G$2,ROUND(ROUND($R743,2)*IF($R$9=\"Preço Unitário (R$)\",1,1+$AA743),2),0)","v":0},{"$f":"IF($A743=\"S\",VTOTAL1,IF($A743=0,0,ROUND(SomaAgrup,2)))","v":4003.24},null,{"$f":"IF(OR($A743=0,$A743=\"S\",$A743>CFF!$A$9),\"\",MAX(W$11:OFFSET(W743,-1,0))+1)","v":69},{"$f":"IF(AND($J743=$G$2,$N743<>\"\",$M743<>\"\"),CONCATENATE($M743,\"-\",$N743))","v":false},{"$f":"IF(X743<>FALSE,MATCH(X743,OFFSET(Banco,0,0,,1),0))","v":false},null,{"$f":"IF($J743=$G$2,ROUND(IF(ISNUMBER(S743),S743,IF(LEFT(S743,2)=\"DI\",HLOOKUP(S743,DADOS!$T$29:$X$30,2,FALSE),0)),4),\"\")","v":""}]
["S",0,9,8,0,0,1,{"$f":"IF(OR($A744=\"S\",$A744=0),0,MATCH(0,OFFSET($B744,1,$A744,ROW($A$1504)-ROW($A744)),0))","v":0},{"$f":"IF(OR($A744=\"S\",$A744=0),0,MATCH(OFFSET($B744,0,$A744)+1,OFFSET($B744,1,$A744,ROW($A$1504)-ROW($A744)),0))","v":0},"Insumo","9.8.1.","CRESS","Rec. Humanos","001",{"$f":"IF(NOT(ISERROR($Y744)),IF($Y744<>FALSE,INDEX(Banco,$Y744,5),\"\"),\"\")","v":"Responsável Técnica"},"Horas",4,150.28,"DI 1",187.85,751.4,null,{"$f":"IF(OR($A744=0,$A744=\"S\",$A744>CFF!$A$9),\"\",MAX(W$11:OFFSET(W744,-1,0))+1)","v":""},"Rec. Humanos-001",3,null,{"$f":"IF($J744=$G$2,ROUND(IF(ISNUMBER(S744),S744,IF(LEFT(S744,2)=\"DI\",HLOOKUP(S744,DADOS!$T$29:$X$30,2,FALSE),0)),4),\"\")","v":0.25}]
["S",0,9,8,0,0,2,{"$f":"IF(OR($A745=\"S\",$A745=0),0,MATCH(0,OFFSET($B745,1,$A745,ROW($A$1504)-ROW($A745)),0))","v":0},{"$f":"IF(OR($A745=\"S\",$A745=0),0,MATCH(OFFSET($B745,0,$A745)+1,OFFSET($B745,1,$A745,ROW($A$1504)-ROW($A745)),0))","v":0},"Insumo","9.8.2.","CRESS","Rec. Humanos","002","Assistente Social","Horas",4,133.81,"DI 1",167.26,669.04,null,{"$f":"IF(OR($A745=0,$A745=\"S\",$A745>CFF!$A$9),\"\",MAX(W$11:OFFSET(W745,-1,0))+1)","v":""},"Rec. Humanos-002",4,null,{"$f":"IF($J745=$G$2,ROUND(IF(ISNUMBER(S745),S745,IF(LEFT(S745,2)=\"DI\",HLOOKUP(S745,DADOS!$T$29:$X$30,2,FALSE),0)),4),\"\")","v":0.25}]
["S",0,9,8,0,0,3,{"$f":"IF(OR($A746=\"S\",$A746=0),0,MATCH(0,OFFSET($B746,1,$A746,ROW($A$1504)-ROW($A746)),0))","v":0},{"$f":"IF(OR($A746=\"S\",$A746=0),0,MATCH(OFFSET($B746,0,$A746)+1,OFFSET($B746,1,$A746,ROW($A$1504)-ROW($A746)),0))","v":0},"Insumo","9.8.3.","Cotação","Serv. Terc.","033","Coffe break (salgados) ","Centro",2,65,"DI 1",81.25,162.5,null,{"$f":"IF(OR($A746=0,$A746=\"S\",$A746>CFF!$A$9),\"\",MAX(W$11:OFFSET(W746,-1,0))+1)","v":""},"Serv. Terc.-033",113,null,{"$f":"IF($J746=$G$2,ROUND(IF(ISNUMBER(S746),S746,IF(LEFT(S746,2)=\"DI\",HLOOKUP(S746,DADOS!$T$29:$X$30,2,FALSE),0)),4),\"\")","v":0.25}]
[{"$f":"CHOOSE(1+LOG(1+2*(J747=$C$2)+4*(J747=$D$2)+8*(J747=$E$2)+16*(J747=$F$2)+32*(J747=$G$2),2),0,1,2,3,4,\"S\")","v":"S"},{"$f":"IF(OR(A747=\"S\",A747=0),0,IF(ISERROR(I747),H747,SMALL(H747:I747,1)))","v":0},{"$f":"IF($A747=1,OFFSET(C747,-1,0)+1,OFFSET(C747,-1,0))","v":9},{"$f":"IF($A747=1,0,IF($A747=2,OFFSET(D747,-1,0)+1,OFFSET(D747,-1,0)))","v":8},{"$f":"IF(AND($A747<=2,$A747<>0),0,IF($A747=3,OFFSET(E747,-1,0)+1,OFFSET(E747,-1,0)))","v":0},{"$f":"IF(AND($A747<=3,$A747<>0),0,IF($A747=4,OFFSET(F747,-1,0)+1,OFFSET(F747,-1,0)))","v":0},{"$f":"IF(AND($A747<=4,$A747<>0),0,IF($A747=\"S\",OFFSET(G747,-1,0)+1,OFFSET(G747,-1,0)))","v":4},{"$f":"IF(OR($A747=\"S\",$A747=0),0,MATCH(0,OFFSET($B747,1,$A747,ROW($A$1504)-ROW($A747)),0))","v":0},{"$f":"IF(OR($A747=\"S\",$A747=0),0,MATCH(OFFSET($B747,0,$A747)+1,OFFSET($B747,1,$A747,ROW($A$1504)-ROW($A747)),0))","v":0},"Insumo",{"$f":"IF($A747=0,\"-\",CONCATENATE(C747&\".\",IF(AND($A$5>=2,$A747>=2),D747&\".\",\"\"),IF(AND($A$5>=3,$A747>=3),E747&\".\",\"\"),IF(AND($A$5>=4,$A747>=4),F747&\".\",\"\"),IF($A747=\"S\",G747&\".\",\"\")))","v":"9.8.4."},{"$f":"IF(NOT(ISERROR($Y747)),IF($Y747<>FALSE,INDEX(Banco,$Y747,4),\"\"),\"\")","v":"Cotação"},"Serv. Terc.","017",{"$f":"IF(NOT(ISERROR($Y747)),IF($Y747<>FALSE,INDEX(Banco,$Y747,5),\"\"),\"\")","v":"Instrutor/Monitor (Educação Fisíca)"},{"$f":"IF(NOT(ISERROR($Y747)),IF($Y747<>FALSE,INDEX(Banco,$Y747,6),\"\"),\"\")","v":"Horas"},2,{"$f":"IF(NOT(ISERROR($Y747)),IF($Y747<>FALSE,INDEX(Banco,$Y747,7),0),0)","v":100},"DI 1",{"$f":"IF($J747=$G$2,ROUND(ROUND($R747,2)*IF($R$9=\"Preço Unitário (R$)\",1,1+$AA747),2),0)","v":125},{"$f":"IF($A747=\"S\",VTOTAL1,IF($A747=0,0,ROUND(SomaAgrup,2)))","v":250},null,{"$f":"IF(OR($A747=0,$A747=\"S\",$A747>CFF!$A$9),\"\",MAX(W$11:OFFSET(W747,-1,0))+1)","v":""},{"$f":"IF(AND($J747=$G$2,$N747<>\"\",$M747<>\"\"),CONCATENATE($M747,\"-\",$N747))","v":"Serv. Terc.-017"},{"$f":"IF(X747<>FALSE,MATCH(X747,OFFSET(Banco,0,0,,1),0))","v":97},null,{"$f":"IF($J747=$G$2,ROUND(IF(ISNUMBER(S747),S747,IF(LEFT(S747,2)=\"DI\",HLOOKUP(S747,DADOS!$T$29:$X$30,2,FALSE),0)),4),\"\")","v":0.25}]
["S",0,9,8,0,0,5,{"$f":"IF(OR($A748=\"S\",$A748=0),0,MATCH(0,OFFSET($B748,1,$A748,ROW($A$1504)-ROW($A748)),0))","v":0},{"$f":"IF(OR($A748=\"S\",$A748=0),0,MATCH(OFFSET($B748,0,$A748)+1,OFFSET($B748,1,$A748,ROW($A$1504)-ROW($A748)),0))","v":0},"Insumo","9.8.5.","CREFITO","Serv. Terc.","085","Fisioterapeuta (Massagem terapêutica)","Vagas",30,41.6,"DI 1",52,1560,null,{"$f":"IF(OR($A748=0,$A748=\"S\",$A748>CFF!$A$9),\"\",MAX(W$11:OFFSET(W748,-1,0))+1)","v":""},"Serv. Terc.-085",165,null,{"$f":"IF($J748=$G$2,ROUND(IF(ISNUMBER(S748),S748,IF(LEFT(S748,2)=\"DI\",HLOOKUP(S748,DADOS!$T$29:$X$30,2,FALSE),0)),4),\"\")","v":0.25}]
[{"$f":"CHOOSE(1+LOG(1+2*(J749=$C$2)+4*(J749=$D$2)+8*(J749=$E$2)+16*(J749=$F$2)+32*(J749=$G$2),2),0,1,2,3,4,\"S\")","v":"S"},{"$f":"IF(OR(A749=\"S\",A749=0),0,IF(ISERROR(I749),H749,SMALL(H749:I749,1)))","v":0},{"$f":"IF($A749=1,OFFSET(C749,-1,0)+1,OFFSET(C749,-1,0))","v":9},{"$f":"IF($A749=1,0,IF($A749=2,OFFSET(D749,-1,0)+1,OFFSET(D749,-1,0)))","v":8},{"$f":"IF(AND($A749<=2,$A749<>0),0,IF($A749=3,OFFSET(E749,-1,0)+1,OFFSET(E749,-1,0)))","v":0},{"$f":"IF(AND($A749<=3,$A749<>0),0,IF($A749=4,OFFSET(F749,-1,0)+1,OFFSET(F749,-1,0)))","v":0},{"$f":"IF(AND($A749<=4,$A749<>0),0,IF($A749=\"S\",OFFSET(G749,-1,0)+1,OFFSET(G749,-1,0)))","v":6},{"$f":"IF(OR($A749=\"S\",$A749=0),0,MATCH(0,OFFSET($B749,1,$A749,ROW($A$1504)-ROW($A749)),0))","v":0},{"$f":"IF(OR($A749=\"S\",$A749=0),0,MATCH(OFFSET($B749,0,$A749)+1,OFFSET($B749,1,$A749,ROW($A$1504)-ROW($A749)),0))","v":0},"Insumo",{"$f":"IF($A749=0,\"-\",CONCATENATE(C749&\".\",IF(AND($A$5>=2,$A749>=2),D749&\".\",\"\"),IF(AND($A$5>=3,$A749>=3),E749&\".\",\"\"),IF(AND($A$5>=4,$A749>=4),F749&\".\",\"\"),IF($A749=\"S\",G749&\".\",\"\")))","v":"9.8.6."},{"$f":"IF(NOT(ISERROR($Y749)),IF($Y749<>FALSE,INDEX(Banco,$Y749,4),\"\"),\"\")","v":"COREN"},"Serv. Terc.","086","Técnica de Enfermagem (Instrutor)",{"$f":"IF(NOT(ISERROR($Y749)),IF($Y749<>FALSE,INDEX(Banco,$Y749,6),\"\"),\"\")","v":"Horas"},2,{"$f":"IF(NOT(ISERROR($Y749)),IF($Y749<>FALSE,INDEX(Banco,$Y749,7),0),0)","v":92.65},"DI 1",{"$f":"IF($J749=$G$2,ROUND(ROUND($R749,2)*IF($R$9=\"Preço Unitário (R$)\",1,1+$AA749),2),0)","v":115.81},{"$f":"IF($A749=\"S\",VTOTAL1,IF($A749=0,0,ROUND(SomaAgrup,2)))","v":231.62},null,{"$f":"IF(OR($A749=0,$A749=\"S\",$A749>CFF!$A$9),\"\",MAX(W$11:OFFSET(W749,-1,0))+1)","v":""},{"$f":"IF(AND($J749=$G$2,$N749<>\"\",$M749<>\"\"),CONCATENATE($M749,\"-\",$N749))","v":"Serv. Terc.-086"},{"$f":"IF(X749<>FALSE,MATCH(X749,OFFSET(Banco,0,0,,1),0))","v":166},null,{"$f":"IF($J749=$G$2,ROUND(IF(ISNUMBER(S749),S749,IF(LEFT(S749,2)=\"DI\",HLOOKUP(S749,DADOS!$T$29:$X$30,2,FALSE),0)),4),\"\")","v":0.25}]
[{"$f":"CHOOSE(1+LOG(1+2*(J750=$C$2)+4*(J750=$D$2)+8*(J750=$E$2)+16*(J750=$F$2)+32*(J750=$G$2),2),0,1,2,3,4,\"S\")","v":"S"},{"$f":"IF(OR(A750=\"S\",A750=0),0,IF(ISERROR(I750),H750,SMALL(H750:I750,1)))","v":0},{"$f":"IF($A750=1,OFFSET(C750,-1,0)+1,OFFSET(C750,-1,0))","v":9},{"$f":"IF($A750=1,0,IF($A750=2,OFFSET(D750,-1,0)+1,OFFSET(D750,-1,0)))","v":8},{"$f":"IF(AND($A750<=2,$A750<>0),0,IF($A750=3,OFFSET(E750,-1,0)+1,OFFSET(E750,-1,0)))","v":0},{"$f":"IF(AND($A750<=3,$A750<>0),0,IF($A750=4,OFFSET(F750,-1,0)+1,OFFSET(F750,-1,0)))","v":0},{"$f":"IF(AND($A750<=4,$A750<>0),0,IF($A750=\"S\",OFFSET(G750,-1,0)+1,OFFSET(G750,-1,0)))","v":7},{"$f":"IF(OR($A750=\"S\",$A750=0),0,MATCH(0,OFFSET($B750,1,$A750,ROW($A$1504)-ROW($A750)),0))","v":0},{"$f":"IF(OR($A750=\"S\",$A750=0),0,MATCH(OFFSET($B750,0,$A750)+1,OFFSET($B750,1,$A750,ROW($A$1504)-ROW($A750)),0))","v":0},"Insumo",{"$f":"IF($A750=0,\"-\",CONCATENATE(C750&\".\",IF(AND($A$5>=2,$A750>=2),D750&\".\",\"\"),IF(AND($A$5>=3,$A750>=3),E750&\".\",\"\"),IF(AND($A$5>=4,$A750>=4),F750&\".\",\"\"),IF($A750=\"S\",G750&\".\",\"\")))","v":"9.8.7."},{"$f":"IF(NOT(ISERROR($Y750)),IF($Y750<>FALSE,INDEX(Banco,$Y750,4),\"\"),\"\")","v":"Cotação"},"Serv. Terc.","017",{"$f":"IF(NOT(ISERROR($Y750)),IF($Y750<>FALSE,INDEX(Banco,$Y750,5),\"\"),\"\")","v":"Instrutor/Monitor (Educação Fisíca)"},{"$f":"IF(NOT(ISERROR($Y750)),IF($Y750<>FALSE,INDEX(Banco,$Y750,6),\"\"),\"\")","v":"Horas"},2,{"$f":"IF(NOT(ISERROR($Y750)),IF($Y750<>FALSE,INDEX(Banco,$Y750,7),0),0)","v":100},"DI 1",{"$f":"IF($J750=$G$2,ROUND(ROUND($R750,2)*IF($R$9=\"Preço Unitário (R$)\",1,1+$AA750),2),0)","v":125},{"$f":"IF($A750=\"S\",VTOTAL1,IF($A750=0,0,ROUND(SomaAgrup,2)))","v":250},null,{"$f":"IF(OR($A750=0,$A750=\"S\",$A750>CFF!$A$9),\"\",MAX(W$11:OFFSET(W750,-1,0))+1)","v":""},{"$f":"IF(AND($J750=$G$2,$N750<>\"\",$M750<>\"\"),CONCATENATE($M750,\"-\",$N750))","v":"Serv. Terc.-017"},{"$f":"IF(X750<>FALSE,MATCH(X750,OFFSET(Banco,0,0,,1),0))","v":97},null,{"$f":"IF($J750=$G$2,ROUND(IF(ISNUMBER(S750),S750,IF(LEFT(S750,2)=\"DI\",HLOOKUP(S750,DADOS!$T$29:$X$30,2,FALSE),0)),4),\"\")","v":0.25}]
[{"$f":"CHOOSE(1+LOG(1+2*(J751=$C$2)+4*(J751=$D$2)+8*(J751=$E$2)+16*(J751=$F$2)+32*(J751=$G$2),2),0,1,2,3,4,\"S\")","v":"S"},{"$f":"IF(OR(A751=\"S\",A751=0),0,IF(ISERROR(I751),H751,SMALL(H751:I751,1)))","v":0},{"$f":"IF($A751=1,OFFSET(C751,-1,0)+1,OFFSET(C751,-1,0))","v":9},{"$f":"IF($A751=1,0,IF($A751=2,OFFSET(D751,-1,0)+1,OFFSET(D751,-1,0)))","v":8},{"$f":"IF(AND($A751<=2,$A751<>0),0,IF($A751=3,OFFSET(E751,-1,0)+1,OFFSET(E751,-1,0)))","v":0},{"$f":"IF(AND($A751<=3,$A751<>0),0,IF($A751=4,OFFSET(F751,-1,0)+1,OFFSET(F751,-1,0)))","v":0},{"$f":"IF(AND($A751<=4,$A751<>0),0,IF($A751=\"S\",OFFSET(G751,-1,0)+1,OFFSET(G751,-1,0)))","v":8},{"$f":"IF(OR($A751=\"S\",$A751=0),0,MATCH(0,OFFSET($B751,1,$A751,ROW($A$1504)-ROW($A751)),0))","v":0},{"$f":"IF(OR($A751=\"S\",$A751=0),0,MATCH(OFFSET($B751,0,$A751)+1,OFFSET($B751,1,$A751,ROW($A$1504)-ROW($A751)),0))","v":0},"Insumo",{"$f":"IF($A751=0,\"-\",CONCATENATE(C751&\".\",IF(AND($A$5>=2,$A751>=2),D751&\".\",\"\"),IF(AND($A$5>=3,$A751>=3),E751&\".\",\"\"),IF(AND($A$5>=4,$A751>=4),F751&\".\",\"\"),IF($A751=\"S\",G751&\".\",\"\")))","v":"9.8.8."},{"$f":"IF(NOT(ISERROR($Y751)),IF($Y751<>FALSE,INDEX(Banco,$Y751,4),\"\"),\"\")","v":"Cotação"},"Serv. Terc.","061",{"$f":"IF(NOT(ISERROR($Y751)),IF($Y751<>FALSE,INDEX(Banco,$Y751,5),\"\"),\"\")","v":"KIT (massagem terapêutica)"},{"$f":"IF(NOT(ISERROR($Y751)),IF($Y751<>FALSE,INDEX(Banco,$Y751,6),\"\"),\"\")","v":"KIT"},1,{"$f":"IF(NOT(ISERROR($Y751)),IF($Y751<>FALSE,INDEX(Banco,$Y751,7),0),0)","v":102.94},"DI 1",{"$f":"IF($J751=$G$2,ROUND(ROUND($R751,2)*IF($R$9=\"Preço Unitário (R$)\",1,1+$AA751),2),0)","v":128.68},{"$f":"IF($A751=\"S\",VTOTAL1,IF($A751=0,0,ROUND(SomaAgrup,2)))","v":128.68},null,{"$f":"IF(OR($A751=0,$A751=\"S\",$A751>CFF!$A$9),\"\",MAX(W$11:OFFSET(W751,-1,0))+1)","v":""},{"$f":"IF(AND($J751=$G$2,$N751<>\"\",$M751<>\"\"),CONCATENATE($M751,\"-\",$N751))","v":"Serv. Terc.-061"},{"$f":"IF(X751<>FALSE,MATCH(X751,OFFSET(Banco,0,0,,1),0))","v":141},null,{"$f":"IF($J751=$G$2,ROUND(IF(ISNUMBER(S751),S751,IF(LEFT(S751,2)=\"DI\",HLOOKUP(S751,DADOS!$T$29:$X$30,2,FALSE),0)),4),\"\")","v":0.25}]
[{"$f":"CHOOSE(1+LOG(1+2*(J752=$C$2)+4*(J752=$D$2)+8*(J752=$E$2)+16*(J752=$F$2)+32*(J752=$G$2),2),0,1,2,3,4,\"S\")","v":2},{"$f":"IF(OR(A752=\"S\",A752=0),0,IF(ISERROR(I752),H752,SMALL(H752:I752,1)))","v":19},{"$f":"IF($A752=1,OFFSET(C752,-1,0)+1,OFFSET(C752,-1,0))","v":9},{"$f":"IF($A752=1,0,IF($A752=2,OFFSET(D752,-1,0)+1,OFFSET(D752,-1,0)))","v":9},{"$f":"IF(AND($A752<=2,$A752<>0),0,IF($A752=3,OFFSET(E752,-1,0)+1,OFFSET(E752,-1,0)))","v":0},{"$f":"IF(AND($A752<=3,$A752<>0),0,IF($A752=4,OFFSET(F752,-1,0)+1,OFFSET(F752,-1,0)))","v":0},{"$f":"IF(AND($A752<=4,$A752<>0),0,IF($A752=\"S\",OFFSET(G752,-1,0)+1,OFFSET(G752,-1,0)))","v":0},{"$f":"IF(OR($A752=\"S\",$A752=0),0,MATCH(0,OFFSET($B752,1,$A752,ROW($A$1504)-ROW($A752)),0))","v":47},{"$f":"IF(OR($A752=\"S\",$A752=0),0,MATCH(OFFSET($B752,0,$A752)+1,OFFSET($B752,1,$A752,ROW($A$1504)-ROW($A752)),0))","v":19},"AtivNível 1",{"$f":"IF($A752=0,\"-\",CONCATENATE(C752&\".\",IF(AND($A$5>=2,$A752>=2),D752&\".\",\"\"),IF(AND($A$5>=3,$A752>=3),E752&\".\",\"\"),IF(AND($A$5>=4,$A752>=4),F752&\".\",\"\"),IF($A752=\"S\",G752&\".\",\"\")))","v":"9.9."},{"$f":"IF(NOT(ISERROR($Y752)),IF($Y752<>FALSE,INDEX(Banco,$Y752,4),\"\"),\"\")","v":""},null,null,"Atividade 61 - Palestra: Preservação ambiental e combate epidemias (dengue e outros) região Jardim Ikaraí",{"$f":"IF(NOT(ISERROR($Y752)),IF($Y752<>FALSE,INDEX(Banco,$Y752,6),\"\"),\"\")","v":""},null,{"$f":"IF(NOT(ISERROR($Y752)),IF($Y752<>FALSE,INDEX(Banco,$Y752,7),0),0)","v":0},"DI 1",{"$f":"IF($J752=$G$2,ROUND(ROUND($R752,2)*IF($R$9=\"Preço Unitário (R$)\",1,1+$AA752),2),0)","v":0},{"$f":"IF($A752=\"S\",VTOTAL1,IF($A752=0,0,ROUND(SomaAgrup,2)))","v":5687.92},null,{"$f":"IF(OR($A752=0,$A752=\"S\",$A752>CFF!$A$9),\"\",MAX(W$11:OFFSET(W752,-1,0))+1)","v":70},{"$f":"IF(AND($J752=$G$2,$N752<>\"\",$M752<>\"\"),CONCATENATE($M752,\"-\",$N752))","v":false},{"$f":"IF(X752<>FALSE,MATCH(X752,OFFSET(Banco,0,0,,1),0))","v":false},null,{"$f":"IF($J752=$G$2,ROUND(IF(ISNUMBER(S752),S752,IF(LEFT(S752,2)=\"DI\",HLOOKUP(S752,DADOS!$T$29:$X$30,2,FALSE),0)),4),\"\")","v":""}]
[{"$f":"CHOOSE(1+LOG(1+2*(J753=$C$2)+4*(J753=$D$2)+8*(J753=$E$2)+16*(J753=$F$2)+32*(J753=$G$2),2),0,1,2,3,4,\"S\")","v":"S"},{"$f":"IF(OR(A753=\"S\",A753=0),0,IF(ISERROR(I753),H753,SMALL(H753:I753,1)))","v":0},{"$f":"IF($A753=1,OFFSET(C753,-1,0)+1,OFFSET(C753,-1,0))","v":9},{"$f":"IF($A753=1,0,IF($A753=2,OFFSET(D753,-1,0)+1,OFFSET(D753,-1,0)))","v":9},{"$f":"IF(AND($A753<=2,$A753<>0),0,IF($A753=3,OFFSET(E753,-1,0)+1,OFFSET(E753,-1,0)))","v":0},{"$f":"IF(AND($A753<=3,$A753<>0),0,IF($A753=4,OFFSET(F753,-1,0)+1,OFFSET(F753,-1,0)))","v":0},{"$f":"IF(AND($A753<=4,$A753<>0),0,IF($A753=\"S\",OFFSET(G753,-1,0)+1,OFFSET(G753,-1,0)))","v":1},{"$f":"IF(OR($A753=\"S\",$A753=0),0,MATCH(0,OFFSET($B753,1,$A753,ROW($A$1504)-ROW($A753)),0))","v":0},{"$f":"IF(OR($A753=\"S\",$A753=0),0,MATCH(OFFSET($B753,0,$A753)+1,OFFSET($B753,1,$A753,ROW($A$1504)-ROW($A753)),0))","v":0},"Insumo",{"$f":"IF($A753=0,\"-\",CONCATENATE(C753&\".\",IF(AND($A$5>=2,$A753>=2),D753&\".\",\"\"),IF(AND($A$5>=3,$A753>=3),E753&\".\",\"\"),IF(AND($A$5>=4,$A753>=4),F753&\".\",\"\"),IF($A753=\"S\",G753&\".\",\"\")))","v":"9.9.1."},{"$f":"IF(NOT(ISERROR($Y753)),IF($Y753<>FALSE,INDEX(Banco,$Y753,4),\"\"),\"\")","v":"CRESS"},"Rec. Humanos","001",{"$f":"IF(NOT(ISERROR($Y753)),IF($Y753<>FALSE,INDEX(Banco,$Y753,5),\"\"),\"\")","v":"Responsável Técnica"},{"$f":"IF(NOT(ISERROR($Y753)),IF($Y753<>FALSE,INDEX(Banco,$Y753,6),\"\"),\"\")","v":"Horas"},6,{"$f":"IF(NOT(ISERROR($Y753)),IF($Y753<>FALSE,INDEX(Banco,$Y753,7),0),0)","v":150.28},"DI 1",{"$f":"IF($J753=$G$2,ROUND(ROUND($R753,2)*IF($R$9=\"Preço Unitário (R$)\",1,1+$AA753),2),0)","v":187.85},{"$f":"IF($A753=\"S\",VTOTAL1,IF($A753=0,0,ROUND(SomaAgrup,2)))","v":1127.0999999999999},null,{"$f":"IF(OR($A753=0,$A753=\"S\",$A753>CFF!$A$9),\"\",MAX(W$11:OFFSET(W753,-1,0))+1)","v":""},{"$f":"IF(AND($J753=$G$2,$N753<>\"\",$M753<>\"\"),CONCATENATE($M753,\"-\",$N753))","v":"Rec. Humanos-001"},{"$f":"IF(X753<>FALSE,MATCH(X753,OFFSET(Banco,0,0,,1),0))","v":3},null,{"$f":"IF($J753=$G$2,ROUND(IF(ISNUMBER(S753),S753,IF(LEFT(S753,2)=\"DI\",HLOOKUP(S753,DADOS!$T$29:$X$30,2,FALSE),0)),4),\"\")","v":0.25}]
["S",0,9,9,0,0,2,{"$f":"IF(OR($A754=\"S\",$A754=0),0,MATCH(0,OFFSET($B754,1,$A754,ROW($A$1504)-ROW($A754)),0))","v":0},{"$f":"IF(OR($A754=\"S\",$A754=0),0,MATCH(OFFSET($B754,0,$A754)+1,OFFSET($B754,1,$A754,ROW($A$1504)-ROW($A754)),0))","v":0},"Insumo","9.9.2.","CRESS","Rec. Humanos","002","Assistente Social","Horas",4,133.81,"DI 1",167.26,669.04,null,{"$f":"IF(OR($A754=0,$A754=\"S\",$A754>CFF!$A$9),\"\",MAX(W$11:OFFSET(W754,-1,0))+1)","v":""},"Rec. Humanos-002",4,null,{"$f":"IF($J754=$G$2,ROUND(IF(ISNUMBER(S754),S754,IF(LEFT(S754,2)=\"DI\",HLOOKUP(S754,DADOS!$T$29:$X$30,2,FALSE),0)),4),\"\")","v":0.25}]
["S",0,9,9,0,0,3,{"$f":"IF(OR($A755=\"S\",$A755=0),0,MATCH(0,OFFSET($B755,1,$A755,ROW($A$1504)-ROW($A755)),0))","v":0},{"$f":"IF(OR($A755=\"S\",$A755=0),0,MATCH(OFFSET($B755,0,$A755)+1,OFFSET($B755,1,$A755,ROW($A$1504)-ROW($A755)),0))","v":0},"Insumo","9.9.3.","Cotação","Rec. Humanos","003","Administrador (Técnico de Apoio) ","Horas",4,103.65,"DI 1",129.56,518.24,null,{"$f":"IF(OR($A755=0,$A755=\"S\",$A755>CFF!$A$9),\"\",MAX(W$11:OFFSET(W755,-1,0))+1)","v":""},"Rec. Humanos-003",5,null,{"$f":"IF($J755=$G$2,ROUND(IF(ISNUMBER(S755),S755,IF(LEFT(S755,2)=\"DI\",HLOOKUP(S755,DADOS!$T$29:$X$30,2,FALSE),0)),4),\"\")","v":0.25}]
["S",0,9,9,0,0,4,{"$f":"IF(OR($A756=\"S\",$A756=0),0,MATCH(0,OFFSET($B756,1,$A756,ROW($A$1504)-ROW($A756)),0))","v":0},{"$f":"IF(OR($A756=\"S\",$A756=0),0,MATCH(OFFSET($B756,0,$A756)+1,OFFSET($B756,1,$A756,ROW($A$1504)-ROW($A756)),0))","v":0},"Insumo","9.9.4.","SINE","Rec. Humanos","004","Estagiários","Horas",10,9.7899999999999991,"DI 1",12.24,122.4,null,{"$f":"IF(OR($A756=0,$A756=\"S\",$A756>CFF!$A$9),\"\",MAX(W$11:OFFSET(W756,-1,0))+1)","v":""},"Rec. Humanos-004",6,null,{"$f":"IF($J756=$G$2,ROUND(IF(ISNUMBER(S756),S756,IF(LEFT(S756,2)=\"DI\",HLOOKUP(S756,DADOS!$T$29:$X$30,2,FALSE),0)),4),\"\")","v":0.25}]
["S",0,9,9,0,0,5,{"$f":"IF(OR($A757=\"S\",$A757=0),0,MATCH(0,OFFSET($B757,1,$A757,ROW($A$1504)-ROW($A757)),0))","v":0},{"$f":"IF(OR($A757=\"S\",$A757=0),0,MATCH(OFFSET($B757,0,$A757)+1,OFFSET($B757,1,$A757,ROW($A$1504)-ROW($A757)),0))","v":0},"Insumo","9.9.5.","Cotação","Serv. Terc.","001","Fotocópias","Unidade",150,0.3,"DI 1",0.38,57,null,{"$f":"IF(OR($A757=0,$A757=\"S\",$A757>CFF!$A$9),\"\",MAX(W$11:OFFSET(W757,-1,0))+1)","v":""},"Serv. Terc.-001",81,null,{"$f":"IF($J757=$G$2,ROUND(IF(ISNUMBER(S757),S757,IF(LEFT(S757,2)=\"DI\",HLOOKUP(S757,DADOS!$T$29:$X$30,2,FALSE),0)),4),\"\")","v":0.25}]
[{"$f":"CHOOSE(1+LOG(1+2*(J758=$C$2)+4*(J758=$D$2)+8*(J758=$E$2)+16*(J758=$F$2)+32*(J758=$G$2),2),0,1,2,3,4,\"S\")","v":"S"},{"$f":"IF(OR(A758=\"S\",A758=0),0,IF(ISERROR(I758),H758,SMALL(H758:I758,1)))","v":0},{"$f":"IF($A758=1,OFFSET(C758,-1,0)+1,OFFSET(C758,-1,0))","v":9},{"$f":"IF($A758=1,0,IF($A758=2,OFFSET(D758,-1,0)+1,OFFSET(D758,-1,0)))","v":9},{"$f":"IF(AND($A758<=2,$A758<>0),0,IF($A758=3,OFFSET(E758,-1,0)+1,OFFSET(E758,-1,0)))","v":0},{"$f":"IF(AND($A758<=3,$A758<>0),0,IF($A758=4,OFFSET(F758,-1,0)+1,OFFSET(F758,-1,0)))","v":0},{"$f":"IF(AND($A758<=4,$A758<>0),0,IF($A758=\"S\",OFFSET(G758,-1,0)+1,OFFSET(G758,-1,0)))","v":6},{"$f":"IF(OR($A758=\"S\",$A758=0),0,MATCH(0,OFFSET($B758,1,$A758,ROW($A$1504)-ROW($A758)),0))","v":0},{"$f":"IF(OR($A758=\"S\",$A758=0),0,MATCH(OFFSET($B758,0,$A758)+1,OFFSET($B758,1,$A758,ROW($A$1504)-ROW($A758)),0))","v":0},"Insumo",{"$f":"IF($A758=0,\"-\",CONCATENATE(C758&\".\",IF(AND($A$5>=2,$A758>=2),D758&\".\",\"\"),IF(AND($A$5>=3,$A758>=3),E758&\".\",\"\"),IF(AND($A$5>=4,$A758>=4),F758&\".\",\"\"),IF($A758=\"S\",G758&\".\",\"\")))","v":"9.9.6."},{"$f":"IF(NOT(ISERROR($Y758)),IF($Y758<>FALSE,INDEX(Banco,$Y758,4),\"\"),\"\")","v":"Cotação"},"Serv. Terc.","017",{"$f":"IF(NOT(ISERROR($Y758)),IF($Y758<>FALSE,INDEX(Banco,$Y758,5),\"\"),\"\")","v":"Instrutor/Monitor (Educação Fisíca)"},{"$f":"IF(NOT(ISERROR($Y758)),IF($Y758<>FALSE,INDEX(Banco,$Y758,6),\"\"),\"\")","v":"Horas"},3,{"$f":"IF(NOT(ISERROR($Y758)),IF($Y758<>FALSE,INDEX(Banco,$Y758,7),0),0)","v":100},"DI 1",{"$f":"IF($J758=$G$2,ROUND(ROUND($R758,2)*IF($R$9=\"Preço Unitário (R$)\",1,1+$AA758),2),0)","v":125},{"$f":"IF($A758=\"S\",VTOTAL1,IF($A758=0,0,ROUND(SomaAgrup,2)))","v":375},null,{"$f":"IF(OR($A758=0,$A758=\"S\",$A758>CFF!$A$9),\"\",MAX(W$11:OFFSET(W758,-1,0))+1)","v":""},{"$f":"IF(AND($J758=$G$2,$N758<>\"\",$M758<>\"\"),CONCATENATE($M758,\"-\",$N758))","v":"Serv. Terc.-017"},{"$f":"IF(X758<>FALSE,MATCH(X758,OFFSET(Banco,0,0,,1),0))","v":97},null,{"$f":"IF($J758=$G$2,ROUND(IF(ISNUMBER(S758),S758,IF(LEFT(S758,2)=\"DI\",HLOOKUP(S758,DADOS!$T$29:$X$30,2,FALSE),0)),4),\"\")","v":0.25}]
["S",0,9,9,0,0,7,{"$f":"IF(OR($A759=\"S\",$A759=0),0,MATCH(0,OFFSET($B759,1,$A759,ROW($A$1504)-ROW($A759)),0))","v":0},{"$f":"IF(OR($A759=\"S\",$A759=0),0,MATCH(OFFSET($B759,0,$A759)+1,OFFSET($B759,1,$A759,ROW($A$1504)-ROW($A759)),0))","v":0},"Insumo","9.9.7.","Cotação","Serv. Terc.","002","Carro de som com gravação de vinheta","Horas",2,200,"DI 1",250,500,null,{"$f":"IF(OR($A759=0,$A759=\"S\",$A759>CFF!$A$9),\"\",MAX(W$11:OFFSET(W759,-1,0))+1)","v":""},"Serv. Terc.-002",82,null,{"$f":"IF($J759=$G$2,ROUND(IF(ISNUMBER(S759),S759,IF(LEFT(S759,2)=\"DI\",HLOOKUP(S759,DADOS!$T$29:$X$30,2,FALSE),0)),4),\"\")","v":0.25}]
["S",0,9,9,0,0,8,{"$f":"IF(OR($A760=\"S\",$A760=0),0,MATCH(0,OFFSET($B760,1,$A760,ROW($A$1504)-ROW($A760)),0))","v":0},{"$f":"IF(OR($A760=\"S\",$A760=0),0,MATCH(OFFSET($B760,0,$A760)+1,OFFSET($B760,1,$A760,ROW($A$1504)-ROW($A760)),0))","v":0},"Insumo","9.9.8.","Cotação","Serv. Terc.","005",{"$f":"IF(NOT(ISERROR($Y760)),IF($Y760<>FALSE,INDEX(Banco,$Y760,5),\"\"),\"\")","v":"Locação de caixa térmica"},"Unidade",1,40,"DI 1",50,50,null,{"$f":"IF(OR($A760=0,$A760=\"S\",$A760>CFF!$A$9),\"\",MAX(W$11:OFFSET(W760,-1,0))+1)","v":""},"Serv. Terc.-005",85,null,{"$f":"IF($J760=$G$2,ROUND(IF(ISNUMBER(S760),S760,IF(LEFT(S760,2)=\"DI\",HLOOKUP(S760,DADOS!$T$29:$X$30,2,FALSE),0)),4),\"\")","v":0.25}]
["S",0,9,9,0,0,9,{"$f":"IF(OR($A761=\"S\",$A761=0),0,MATCH(0,OFFSET($B761,1,$A761,ROW($A$1504)-ROW($A761)),0))","v":0},{"$f":"IF(OR($A761=\"S\",$A761=0),0,MATCH(OFFSET($B761,0,$A761)+1,OFFSET($B761,1,$A761,ROW($A$1504)-ROW($A761)),0))","v":0},"Insumo","9.9.9.","Cotação","Serv. Terc.","008",{"$f":"IF(NOT(ISERROR($Y761)),IF($Y761<>FALSE,INDEX(Banco,$Y761,5),\"\"),\"\")","v":"Locação de pula-pula com monitor"},"Unidade",1,220,"DI 1",275,275,null,{"$f":"IF(OR($A761=0,$A761=\"S\",$A761>CFF!$A$9),\"\",MAX(W$11:OFFSET(W761,-1,0))+1)","v":""},"Serv. Terc.-008",88,null,{"$f":"IF($J761=$G$2,ROUND(IF(ISNUMBER(S761),S761,IF(LEFT(S761,2)=\"DI\",HLOOKUP(S761,DADOS!$T$29:$X$30,2,FALSE),0)),4),\"\")","v":0.25}]
["S",0,9,9,0,0,10,{"$f":"IF(OR($A762=\"S\",$A762=0),0,MATCH(0,OFFSET($B762,1,$A762,ROW($A$1504)-ROW($A762)),0))","v":0},{"$f":"IF(OR($A762=\"S\",$A762=0),0,MATCH(OFFSET($B762,0,$A762)+1,OFFSET($B762,1,$A762,ROW($A$1504)-ROW($A762)),0))","v":0},"Insumo","9.9.10.","Cotação","Serv. Terc.","012","Água (garrafão de 20 litros)","Unidade",1,10,"DI 1",12.5,12.5,null,{"$f":"IF(OR($A762=0,$A762=\"S\",$A762>CFF!$A$9),\"\",MAX(W$11:OFFSET(W762,-1,0))+1)","v":""},"Serv. Terc.-012",92,null,{"$f":"IF($J762=$G$2,ROUND(IF(ISNUMBER(S762),S762,IF(LEFT(S762,2)=\"DI\",HLOOKUP(S762,DADOS!$T$29:$X$30,2,FALSE),0)),4),\"\")","v":0.25}]
["S",0,9,9,0,0,11,{"$f":"IF(OR($A763=\"S\",$A763=0),0,MATCH(0,OFFSET($B763,1,$A763,ROW($A$1504)-ROW($A763)),0))","v":0},{"$f":"IF(OR($A763=\"S\",$A763=0),0,MATCH(OFFSET($B763,0,$A763)+1,OFFSET($B763,1,$A763,ROW($A$1504)-ROW($A763)),0))","v":0},"Insumo","9.9.11.","Cotação ","Serv. Terc.","011","Barra de gelo","Unidade",2,12,"DI 1",15,30,null,{"$f":"IF(OR($A763=0,$A763=\"S\",$A763>CFF!$A$9),\"\",MAX(W$11:OFFSET(W763,-1,0))+1)","v":""},"Serv. Terc.-011",91,null,{"$f":"IF($J763=$G$2,ROUND(IF(ISNUMBER(S763),S763,IF(LEFT(S763,2)=\"DI\",HLOOKUP(S763,DADOS!$T$29:$X$30,2,FALSE),0)),4),\"\")","v":0.25}]
["S",0,9,9,0,0,12,{"$f":"IF(OR($A764=\"S\",$A764=0),0,MATCH(0,OFFSET($B764,1,$A764,ROW($A$1504)-ROW($A764)),0))","v":0},{"$f":"IF(OR($A764=\"S\",$A764=0),0,MATCH(OFFSET($B764,0,$A764)+1,OFFSET($B764,1,$A764,ROW($A$1504)-ROW($A764)),0))","v":0},"Insumo","9.9.12.","Cotação","Serv. Terc.","013","Sucos","Unidade",6,6.4,"DI 1",8,48,null,{"$f":"IF(OR($A764=0,$A764=\"S\",$A764>CFF!$A$9),\"\",MAX(W$11:OFFSET(W764,-1,0))+1)","v":""},"Serv. Terc.-013",93,null,{"$f":"IF($J764=$G$2,ROUND(IF(ISNUMBER(S764),S764,IF(LEFT(S764,2)=\"DI\",HLOOKUP(S764,DADOS!$T$29:$X$30,2,FALSE),0)),4),\"\")","v":0.25}]
[{"$f":"CHOOSE(1+LOG(1+2*(J765=$C$2)+4*(J765=$D$2)+8*(J765=$E$2)+16*(J765=$F$2)+32*(J765=$G$2),2),0,1,2,3,4,\"S\")","v":"S"},{"$f":"IF(OR(A765=\"S\",A765=0),0,IF(ISERROR(I765),H765,SMALL(H765:I765,1)))","v":0},{"$f":"IF($A765=1,OFFSET(C765,-1,0)+1,OFFSET(C765,-1,0))","v":9},{"$f":"IF($A765=1,0,IF($A765=2,OFFSET(D765,-1,0)+1,OFFSET(D765,-1,0)))","v":9},{"$f":"IF(AND($A765<=2,$A765<>0),0,IF($A765=3,OFFSET(E765,-1,0)+1,OFFSET(E765,-1,0)))","v":0},{"$f":"IF(AND($A765<=3,$A765<>0),0,IF($A765=4,OFFSET(F765,-1,0)+1,OFFSET(F765,-1,0)))","v":0},{"$f":"IF(AND($A765<=4,$A765<>0),0,IF($A765=\"S\",OFFSET(G765,-1,0)+1,OFFSET(G765,-1,0)))","v":13},{"$f":"IF(OR($A765=\"S\",$A765=0),0,MATCH(0,OFFSET($B765,1,$A765,ROW($A$1504)-ROW($A765)),0))","v":0},{"$f":"IF(OR($A765=\"S\",$A765=0),0,MATCH(OFFSET($B765,0,$A765)+1,OFFSET($B765,1,$A765,ROW($A$1504)-ROW($A765)),0))","v":0},"Insumo",{"$f":"IF($A765=0,\"-\",CONCATENATE(C765&\".\",IF(AND($A$5>=2,$A765>=2),D765&\".\",\"\"),IF(AND($A$5>=3,$A765>=3),E765&\".\",\"\"),IF(AND($A$5>=4,$A765>=4),F765&\".\",\"\"),IF($A765=\"S\",G765&\".\",\"\")))","v":"9.9.13."},{"$f":"IF(NOT(ISERROR($Y765)),IF($Y765<>FALSE,INDEX(Banco,$Y765,4),\"\"),\"\")","v":"Cotação"},"Serv. Terc.","027",{"$f":"IF(NOT(ISERROR($Y765)),IF($Y765<>FALSE,INDEX(Banco,$Y765,5),\"\"),\"\")","v":"Refrigerantes (02 litros) "},{"$f":"IF(NOT(ISERROR($Y765)),IF($Y765<>FALSE,INDEX(Banco,$Y765,6),\"\"),\"\")","v":"Unidade"},10,{"$f":"IF(NOT(ISERROR($Y765)),IF($Y765<>FALSE,INDEX(Banco,$Y765,7),0),0)","v":6},"DI 1",{"$f":"IF($J765=$G$2,ROUND(ROUND($R765,2)*IF($R$9=\"Preço Unitário (R$)\",1,1+$AA765),2),0)","v":7.5},{"$f":"IF($A765=\"S\",VTOTAL1,IF($A765=0,0,ROUND(SomaAgrup,2)))","v":75},null,{"$f":"IF(OR($A765=0,$A765=\"S\",$A765>CFF!$A$9),\"\",MAX(W$11:OFFSET(W765,-1,0))+1)","v":""},{"$f":"IF(AND($J765=$G$2,$N765<>\"\",$M765<>\"\"),CONCATENATE($M765,\"-\",$N765))","v":"Serv. Terc.-027"},{"$f":"IF(X765<>FALSE,MATCH(X765,OFFSET(Banco,0,0,,1),0))","v":107},null,{"$f":"IF($J765=$G$2,ROUND(IF(ISNUMBER(S765),S765,IF(LEFT(S765,2)=\"DI\",HLOOKUP(S765,DADOS!$T$29:$X$30,2,FALSE),0)),4),\"\")","v":0.25}]
["S",0,9,9,0,0,14,{"$f":"IF(OR($A766=\"S\",$A766=0),0,MATCH(0,OFFSET($B766,1,$A766,ROW($A$1504)-ROW($A766)),0))","v":0},{"$f":"IF(OR($A766=\"S\",$A766=0),0,MATCH(OFFSET($B766,0,$A766)+1,OFFSET($B766,1,$A766,ROW($A$1504)-ROW($A766)),0))","v":0},"Insumo","9.9.14.","Cotação ","Serv. Terc.","010","Brindes ( descrição nos orçamentos e PTS)","Unidade",4,120,"DI 1",150,600,null,{"$f":"IF(OR($A766=0,$A766=\"S\",$A766>CFF!$A$9),\"\",MAX(W$11:OFFSET(W766,-1,0))+1)","v":""},"Serv. Terc.-010",90,null,{"$f":"IF($J766=$G$2,ROUND(IF(ISNUMBER(S766),S766,IF(LEFT(S766,2)=\"DI\",HLOOKUP(S766,DADOS!$T$29:$X$30,2,FALSE),0)),4),\"\")","v":0.25}]
["S",0,9,9,0,0,15,{"$f":"IF(OR($A767=\"S\",$A767=0),0,MATCH(0,OFFSET($B767,1,$A767,ROW($A$1504)-ROW($A767)),0))","v":0},{"$f":"IF(OR($A767=\"S\",$A767=0),0,MATCH(OFFSET($B767,0,$A767)+1,OFFSET($B767,1,$A767,ROW($A$1504)-ROW($A767)),0))","v":0},"Insumo","9.9.15.","Cotação","Serv. Terc.","015","Coffee break (salgados)","Centro",8,65,"DI 1",81.25,650,null,{"$f":"IF(OR($A767=0,$A767=\"S\",$A767>CFF!$A$9),\"\",MAX(W$11:OFFSET(W767,-1,0))+1)","v":""},"Serv. Terc.-015",95,null,{"$f":"IF($J767=$G$2,ROUND(IF(ISNUMBER(S767),S767,IF(LEFT(S767,2)=\"DI\",HLOOKUP(S767,DADOS!$T$29:$X$30,2,FALSE),0)),4),\"\")","v":0.25}]
[{"$f":"CHOOSE(1+LOG(1+2*(J768=$C$2)+4*(J768=$D$2)+8*(J768=$E$2)+16*(J768=$F$2)+32*(J768=$G$2),2),0,1,2,3,4,\"S\")","v":"S"},{"$f":"IF(OR(A768=\"S\",A768=0),0,IF(ISERROR(I768),H768,SMALL(H768:I768,1)))","v":0},{"$f":"IF($A768=1,OFFSET(C768,-1,0)+1,OFFSET(C768,-1,0))","v":9},{"$f":"IF($A768=1,0,IF($A768=2,OFFSET(D768,-1,0)+1,OFFSET(D768,-1,0)))","v":9},{"$f":"IF(AND($A768<=2,$A768<>0),0,IF($A768=3,OFFSET(E768,-1,0)+1,OFFSET(E768,-1,0)))","v":0},{"$f":"IF(AND($A768<=3,$A768<>0),0,IF($A768=4,OFFSET(F768,-1,0)+1,OFFSET(F768,-1,0)))","v":0},{"$f":"IF(AND($A768<=4,$A768<>0),0,IF($A768=\"S\",OFFSET(G768,-1,0)+1,OFFSET(G768,-1,0)))","v":16},{"$f":"IF(OR($A768=\"S\",$A768=0),0,MATCH(0,OFFSET($B768,1,$A768,ROW($A$1504)-ROW($A768)),0))","v":0},{"$f":"IF(OR($A768=\"S\",$A768=0),0,MATCH(OFFSET($B768,0,$A768)+1,OFFSET($B768,1,$A768,ROW($A$1504)-ROW($A768)),0))","v":0},"Insumo",{"$f":"IF($A768=0,\"-\",CONCATENATE(C768&\".\",IF(AND($A$5>=2,$A768>=2),D768&\".\",\"\"),IF(AND($A$5>=3,$A768>=3),E768&\".\",\"\"),IF(AND($A$5>=4,$A768>=4),F768&\".\",\"\"),IF($A768=\"S\",G768&\".\",\"\")))","v":"9.9.16."},{"$f":"IF(NOT(ISERROR($Y768)),IF($Y768<>FALSE,INDEX(Banco,$Y768,4),\"\"),\"\")","v":"CRBio"},"Serv. Terc.","068",{"$f":"IF(NOT(ISERROR($Y768)),IF($Y768<>FALSE,INDEX(Banco,$Y768,5),\"\"),\"\")","v":"Biólogo (Instrutor)"},{"$f":"IF(NOT(ISERROR($Y768)),IF($Y768<>FALSE,INDEX(Banco,$Y768,6),\"\"),\"\")","v":"Horas"},4,{"$f":"IF(NOT(ISERROR($Y768)),IF($Y768<>FALSE,INDEX(Banco,$Y768,7),0),0)","v":100.72},"DI 1",{"$f":"IF($J768=$G$2,ROUND(ROUND($R768,2)*IF($R$9=\"Preço Unitário (R$)\",1,1+$AA768),2),0)","v":125.9},{"$f":"IF($A768=\"S\",VTOTAL1,IF($A768=0,0,ROUND(SomaAgrup,2)))","v":503.6},null,{"$f":"IF(OR($A768=0,$A768=\"S\",$A768>CFF!$A$9),\"\",MAX(W$11:OFFSET(W768,-1,0))+1)","v":""},{"$f":"IF(AND($J768=$G$2,$N768<>\"\",$M768<>\"\"),CONCATENATE($M768,\"-\",$N768))","v":"Serv. Terc.-068"},{"$f":"IF(X768<>FALSE,MATCH(X768,OFFSET(Banco,0,0,,1),0))","v":148},null,{"$f":"IF($J768=$G$2,ROUND(IF(ISNUMBER(S768),S768,IF(LEFT(S768,2)=\"DI\",HLOOKUP(S768,DADOS!$T$29:$X$30,2,FALSE),0)),4),\"\")","v":0.25}]
["S",0,{"$f":"IF($A769=1,OFFSET(C769,-1,0)+1,OFFSET(C769,-1,0))","v":9},{"$f":"IF($A769=1,0,IF($A769=2,OFFSET(D769,-1,0)+1,OFFSET(D769,-1,0)))","v":9},{"$f":"IF(AND($A769<=2,$A769<>0),0,IF($A769=3,OFFSET(E769,-1,0)+1,OFFSET(E769,-1,0)))","v":0},{"$f":"IF(AND($A769<=3,$A769<>0),0,IF($A769=4,OFFSET(F769,-1,0)+1,OFFSET(F769,-1,0)))","v":0},{"$f":"IF(AND($A769<=4,$A769<>0),0,IF($A769=\"S\",OFFSET(G769,-1,0)+1,OFFSET(G769,-1,0)))","v":17},{"$f":"IF(OR($A769=\"S\",$A769=0),0,MATCH(0,OFFSET($B769,1,$A769,ROW($A$1504)-ROW($A769)),0))","v":0},{"$f":"IF(OR($A769=\"S\",$A769=0),0,MATCH(OFFSET($B769,0,$A769)+1,OFFSET($B769,1,$A769,ROW($A$1504)-ROW($A769)),0))","v":0},"Insumo","9.9.17.",{"$f":"IF(NOT(ISERROR($Y769)),IF($Y769<>FALSE,INDEX(Banco,$Y769,4),\"\"),\"\")","v":"Cotação"},"Rec. Materiais","020",{"$f":"IF(NOT(ISERROR($Y769)),IF($Y769<>FALSE,INDEX(Banco,$Y769,5),\"\"),\"\")","v":"Guloseimas (balas e pirulito)"},{"$f":"IF(NOT(ISERROR($Y769)),IF($Y769<>FALSE,INDEX(Banco,$Y769,6),\"\"),\"\")","v":"Pacote"},4,{"$f":"IF(NOT(ISERROR($Y769)),IF($Y769<>FALSE,INDEX(Banco,$Y769,7),0),0)","v":12},"DI 1",{"$f":"IF($J769=$G$2,ROUND(ROUND($R769,2)*IF($R$9=\"Preço Unitário (R$)\",1,1+$AA769),2),0)","v":15},{"$f":"IF($A769=\"S\",VTOTAL1,IF($A769=0,0,ROUND(SomaAgrup,2)))","v":60},null,{"$f":"IF(OR($A769=0,$A769=\"S\",$A769>CFF!$A$9),\"\",MAX(W$11:OFFSET(W769,-1,0))+1)","v":""},{"$f":"IF(AND($J769=$G$2,$N769<>\"\",$M769<>\"\"),CONCATENATE($M769,\"-\",$N769))","v":"Rec. Materiais-020"},29,null,{"$f":"IF($J769=$G$2,ROUND(IF(ISNUMBER(S769),S769,IF(LEFT(S769,2)=\"DI\",HLOOKUP(S769,DADOS!$T$29:$X$30,2,FALSE),0)),4),\"\")","v":0.25}]
["S",0,9,9,0,0,18,{"$f":"IF(OR($A770=\"S\",$A770=0),0,MATCH(0,OFFSET($B770,1,$A770,ROW($A$1504)-ROW($A770)),0))","v":0},{"$f":"IF(OR($A770=\"S\",$A770=0),0,MATCH(OFFSET($B770,0,$A770)+1,OFFSET($B770,1,$A770,ROW($A$1504)-ROW($A770)),0))","v":0},"Insumo","9.9.18.","Cotação","Rec. Materiais","021",{"$f":"IF(NOT(ISERROR($Y770)),IF($Y770<>FALSE,INDEX(Banco,$Y770,5),\"\"),\"\")","v":"Papel de presente"},"Folhas",8,1.5,"DI 1",1.88,15.04,null,{"$f":"IF(OR($A770=0,$A770=\"S\",$A770>CFF!$A$9),\"\",MAX(W$11:OFFSET(W770,-1,0))+1)","v":""},"Rec. Materiais-021",30,null,{"$f":"IF($J770=$G$2,ROUND(IF(ISNUMBER(S770),S770,IF(LEFT(S770,2)=\"DI\",HLOOKUP(S770,DADOS!$T$29:$X$30,2,FALSE),0)),4),\"\")","v":0.25}]
[{"$f":"CHOOSE(1+LOG(1+2*(J771=$C$2)+4*(J771=$D$2)+8*(J771=$E$2)+16*(J771=$F$2)+32*(J771=$G$2),2),0,1,2,3,4,\"S\")","v":2},{"$f":"IF(OR(A771=\"S\",A771=0),0,IF(ISERROR(I771),H771,SMALL(H771:I771,1)))","v":9},{"$f":"IF($A771=1,OFFSET(C771,-1,0)+1,OFFSET(C771,-1,0))","v":9},{"$f":"IF($A771=1,0,IF($A771=2,OFFSET(D771,-1,0)+1,OFFSET(D771,-1,0)))","v":10},{"$f":"IF(AND($A771<=2,$A771<>0),0,IF($A771=3,OFFSET(E771,-1,0)+1,OFFSET(E771,-1,0)))","v":0},{"$f":"IF(AND($A771<=3,$A771<>0),0,IF($A771=4,OFFSET(F771,-1,0)+1,OFFSET(F771,-1,0)))","v":0},{"$f":"IF(AND($A771<=4,$A771<>0),0,IF($A771=\"S\",OFFSET(G771,-1,0)+1,OFFSET(G771,-1,0)))","v":0},{"$f":"IF(OR($A771=\"S\",$A771=0),0,MATCH(0,OFFSET($B771,1,$A771,ROW($A$1504)-ROW($A771)),0))","v":28},{"$f":"IF(OR($A771=\"S\",$A771=0),0,MATCH(OFFSET($B771,0,$A771)+1,OFFSET($B771,1,$A771,ROW($A$1504)-ROW($A771)),0))","v":9},"AtivNível 1",{"$f":"IF($A771=0,\"-\",CONCATENATE(C771&\".\",IF(AND($A$5>=2,$A771>=2),D771&\".\",\"\"),IF(AND($A$5>=3,$A771>=3),E771&\".\",\"\"),IF(AND($A$5>=4,$A771>=4),F771&\".\",\"\"),IF($A771=\"S\",G771&\".\",\"\")))","v":"9.10."},{"$f":"IF(NOT(ISERROR($Y771)),IF($Y771<>FALSE,INDEX(Banco,$Y771,4),\"\"),\"\")","v":""},null,null,"Atividade 62 - Oficina para melhor idade região Jardim Ikaraí",{"$f":"IF(NOT(ISERROR($Y771)),IF($Y771<>FALSE,INDEX(Banco,$Y771,6),\"\"),\"\")","v":""},null,{"$f":"IF(NOT(ISERROR($Y771)),IF($Y771<>FALSE,INDEX(Banco,$Y771,7),0),0)","v":0},"DI 1",{"$f":"IF($J771=$G$2,ROUND(ROUND($R771,2)*IF($R$9=\"Preço Unitário (R$)\",1,1+$AA771),2),0)","v":0},{"$f":"IF($A771=\"S\",VTOTAL1,IF($A771=0,0,ROUND(SomaAgrup,2)))","v":4465.74},null,{"$f":"IF(OR($A771=0,$A771=\"S\",$A771>CFF!$A$9),\"\",MAX(W$11:OFFSET(W771,-1,0))+1)","v":71},{"$f":"IF(AND($J771=$G$2,$N771<>\"\",$M771<>\"\"),CONCATENATE($M771,\"-\",$N771))","v":false},{"$f":"IF(X771<>FALSE,MATCH(X771,OFFSET(Banco,0,0,,1),0))","v":false},null,{"$f":"IF($J771=$G$2,ROUND(IF(ISNUMBER(S771),S771,IF(LEFT(S771,2)=\"DI\",HLOOKUP(S771,DADOS!$T$29:$X$30,2,FALSE),0)),4),\"\")","v":""}]
[{"$f":"CHOOSE(1+LOG(1+2*(J772=$C$2)+4*(J772=$D$2)+8*(J772=$E$2)+16*(J772=$F$2)+32*(J772=$G$2),2),0,1,2,3,4,\"S\")","v":"S"},{"$f":"IF(OR(A772=\"S\",A772=0),0,IF(ISERROR(I772),H772,SMALL(H772:I772,1)))","v":0},9,10,0,0,1,{"$f":"IF(OR($A772=\"S\",$A772=0),0,MATCH(0,OFFSET($B772,1,$A772,ROW($A$1504)-ROW($A772)),0))","v":0},{"$f":"IF(OR($A772=\"S\",$A772=0),0,MATCH(OFFSET($B772,0,$A772)+1,OFFSET($B772,1,$A772,ROW($A$1504)-ROW($A772)),0))","v":0},"Insumo",{"$f":"IF($A772=0,\"-\",CONCATENATE(C772&\".\",IF(AND($A$5>=2,$A772>=2),D772&\".\",\"\"),IF(AND($A$5>=3,$A772>=3),E772&\".\",\"\"),IF(AND($A$5>=4,$A772>=4),F772&\".\",\"\"),IF($A772=\"S\",G772&\".\",\"\")))","v":"9.10.1."},"CRESS","Rec. Humanos","001",{"$f":"IF(NOT(ISERROR($Y772)),IF($Y772<>FALSE,INDEX(Banco,$Y772,5),\"\"),\"\")","v":"Responsável Técnica"},"Horas",4,150.28,"DI 1",187.85,751.4,null,{"$f":"IF(OR($A772=0,$A772=\"S\",$A772>CFF!$A$9),\"\",MAX(W$11:OFFSET(W772,-1,0))+1)","v":""},"Rec. Humanos-001",{"$f":"IF(X772<>FALSE,MATCH(X772,OFFSET(Banco,0,0,,1),0))","v":3},null,{"$f":"IF($J772=$G$2,ROUND(IF(ISNUMBER(S772),S772,IF(LEFT(S772,2)=\"DI\",HLOOKUP(S772,DADOS!$T$29:$X$30,2,FALSE),0)),4),\"\")","v":0.25}]
["S",0,9,10,0,0,2,{"$f":"IF(OR($A773=\"S\",$A773=0),0,MATCH(0,OFFSET($B773,1,$A773,ROW($A$1504)-ROW($A773)),0))","v":0},{"$f":"IF(OR($A773=\"S\",$A773=0),0,MATCH(OFFSET($B773,0,$A773)+1,OFFSET($B773,1,$A773,ROW($A$1504)-ROW($A773)),0))","v":0},"Insumo","9.10.2.","CRESS","Rec. Humanos","002","Assistente Social","Horas",4,133.81,"DI 1",167.26,669.04,null,{"$f":"IF(OR($A773=0,$A773=\"S\",$A773>CFF!$A$9),\"\",MAX(W$11:OFFSET(W773,-1,0))+1)","v":""},"Rec. Humanos-002",4,null,{"$f":"IF($J773=$G$2,ROUND(IF(ISNUMBER(S773),S773,IF(LEFT(S773,2)=\"DI\",HLOOKUP(S773,DADOS!$T$29:$X$30,2,FALSE),0)),4),\"\")","v":0.25}]
["S",0,9,10,0,0,3,{"$f":"IF(OR($A774=\"S\",$A774=0),0,MATCH(0,OFFSET($B774,1,$A774,ROW($A$1504)-ROW($A774)),0))","v":0},{"$f":"IF(OR($A774=\"S\",$A774=0),0,MATCH(OFFSET($B774,0,$A774)+1,OFFSET($B774,1,$A774,ROW($A$1504)-ROW($A774)),0))","v":0},"Insumo","9.10.3.","Cotação","Serv. Terc.","033","Coffe break (salgados) ","Centro",4,65,"DI 1",81.25,325,null,{"$f":"IF(OR($A774=0,$A774=\"S\",$A774>CFF!$A$9),\"\",MAX(W$11:OFFSET(W774,-1,0))+1)","v":""},"Serv. Terc.-033",113,null,{"$f":"IF($J774=$G$2,ROUND(IF(ISNUMBER(S774),S774,IF(LEFT(S774,2)=\"DI\",HLOOKUP(S774,DADOS!$T$29:$X$30,2,FALSE),0)),4),\"\")","v":0.25}]
["S",0,9,10,0,0,4,{"$f":"IF(OR($A775=\"S\",$A775=0),0,MATCH(0,OFFSET($B775,1,$A775,ROW($A$1504)-ROW($A775)),0))","v":0},{"$f":"IF(OR($A775=\"S\",$A775=0),0,MATCH(OFFSET($B775,0,$A775)+1,OFFSET($B775,1,$A775,ROW($A$1504)-ROW($A775)),0))","v":0},"Insumo","9.10.4.","Cotação","Serv. Terc.","027",{"$f":"IF(NOT(ISERROR($Y775)),IF($Y775<>FALSE,INDEX(Banco,$Y775,5),\"\"),\"\")","v":"Refrigerantes (02 litros) "},"Unidade",4,6,"DI 1",7.5,30,null,{"$f":"IF(OR($A775=0,$A775=\"S\",$A775>CFF!$A$9),\"\",MAX(W$11:OFFSET(W775,-1,0))+1)","v":""},"Serv. Terc.-027",107,null,{"$f":"IF($J775=$G$2,ROUND(IF(ISNUMBER(S775),S775,IF(LEFT(S775,2)=\"DI\",HLOOKUP(S775,DADOS!$T$29:$X$30,2,FALSE),0)),4),\"\")","v":0.25}]
["S",0,9,10,0,0,5,{"$f":"IF(OR($A776=\"S\",$A776=0),0,MATCH(0,OFFSET($B776,1,$A776,ROW($A$1504)-ROW($A776)),0))","v":0},{"$f":"IF(OR($A776=\"S\",$A776=0),0,MATCH(OFFSET($B776,0,$A776)+1,OFFSET($B776,1,$A776,ROW($A$1504)-ROW($A776)),0))","v":0},"Insumo","9.10.5.","CREFITO","Serv. Terc.","085","Fisioterapeuta (Massagem terapêutica)","Vagas",40,41.6,"DI 1",52,2080,null,{"$f":"IF(OR($A776=0,$A776=\"S\",$A776>CFF!$A$9),\"\",MAX(W$11:OFFSET(W776,-1,0))+1)","v":""},"Serv. Terc.-085",165,null,{"$f":"IF($J776=$G$2,ROUND(IF(ISNUMBER(S776),S776,IF(LEFT(S776,2)=\"DI\",HLOOKUP(S776,DADOS!$T$29:$X$30,2,FALSE),0)),4),\"\")","v":0.25}]
["S",0,9,10,0,0,6,{"$f":"IF(OR($A777=\"S\",$A777=0),0,MATCH(0,OFFSET($B777,1,$A777,ROW($A$1504)-ROW($A777)),0))","v":0},{"$f":"IF(OR($A777=\"S\",$A777=0),0,MATCH(OFFSET($B777,0,$A777)+1,OFFSET($B777,1,$A777,ROW($A$1504)-ROW($A777)),0))","v":0},"Insumo","9.10.6.","COREN","Serv. Terc.","086","Técnica de Enfermagem (Instrutor)","Horas",2,92.65,"DI 1",115.81,231.62,null,{"$f":"IF(OR($A777=0,$A777=\"S\",$A777>CFF!$A$9),\"\",MAX(W$11:OFFSET(W777,-1,0))+1)","v":""},"Serv. Terc.-086",166,null,{"$f":"IF($J777=$G$2,ROUND(IF(ISNUMBER(S777),S777,IF(LEFT(S777,2)=\"DI\",HLOOKUP(S777,DADOS!$T$29:$X$30,2,FALSE),0)),4),\"\")","v":0.25}]
["S",0,9,10,0,0,7,{"$f":"IF(OR($A778=\"S\",$A778=0),0,MATCH(0,OFFSET($B778,1,$A778,ROW($A$1504)-ROW($A778)),0))","v":0},{"$f":"IF(OR($A778=\"S\",$A778=0),0,MATCH(OFFSET($B778,0,$A778)+1,OFFSET($B778,1,$A778,ROW($A$1504)-ROW($A778)),0))","v":0},"Insumo","9.10.7.","Cotação","Serv. Terc.","017",{"$f":"IF(NOT(ISERROR($Y778)),IF($Y778<>FALSE,INDEX(Banco,$Y778,5),\"\"),\"\")","v":"Instrutor/Monitor (Educação Fisíca)"},"Horas",2,100,"DI 1",125,250,null,{"$f":"IF(OR($A778=0,$A778=\"S\",$A778>CFF!$A$9),\"\",MAX(W$11:OFFSET(W778,-1,0))+1)","v":""},"Serv. Terc.-017",97,null,{"$f":"IF($J778=$G$2,ROUND(IF(ISNUMBER(S778),S778,IF(LEFT(S778,2)=\"DI\",HLOOKUP(S778,DADOS!$T$29:$X$30,2,FALSE),0)),4),\"\")","v":0.25}]
["S",0,9,10,0,0,8,{"$f":"IF(OR($A779=\"S\",$A779=0),0,MATCH(0,OFFSET($B779,1,$A779,ROW($A$1504)-ROW($A779)),0))","v":0},{"$f":"IF(OR($A779=\"S\",$A779=0),0,MATCH(OFFSET($B779,0,$A779)+1,OFFSET($B779,1,$A779,ROW($A$1504)-ROW($A779)),0))","v":0},"Insumo","9.10.8.","Cotação","Serv. Terc.","061",{"$f":"IF(NOT(ISERROR($Y779)),IF($Y779<>FALSE,INDEX(Banco,$Y779,5),\"\"),\"\")","v":"KIT (massagem terapêutica)"},"KIT",1,102.94,"DI 1",128.68,128.68,null,{"$f":"IF(OR($A779=0,$A779=\"S\",$A779>CFF!$A$9),\"\",MAX(W$11:OFFSET(W779,-1,0))+1)","v":""},"Serv. Terc.-061",141,null,{"$f":"IF($J779=$G$2,ROUND(IF(ISNUMBER(S779),S779,IF(LEFT(S779,2)=\"DI\",HLOOKUP(S779,DADOS!$T$29:$X$30,2,FALSE),0)),4),\"\")","v":0.25}]
[{"$f":"CHOOSE(1+LOG(1+2*(J780=$C$2)+4*(J780=$D$2)+8*(J780=$E$2)+16*(J780=$F$2)+32*(J780=$G$2),2),0,1,2,3,4,\"S\")","v":2},{"$f":"IF(OR(A780=\"S\",A780=0),0,IF(ISERROR(I780),H780,SMALL(H780:I780,1)))","v":19},{"$f":"IF($A780=1,OFFSET(C780,-1,0)+1,OFFSET(C780,-1,0))","v":9},{"$f":"IF($A780=1,0,IF($A780=2,OFFSET(D780,-1,0)+1,OFFSET(D780,-1,0)))","v":11},{"$f":"IF(AND($A780<=2,$A780<>0),0,IF($A780=3,OFFSET(E780,-1,0)+1,OFFSET(E780,-1,0)))","v":0},{"$f":"IF(AND($A780<=3,$A780<>0),0,IF($A780=4,OFFSET(F780,-1,0)+1,OFFSET(F780,-1,0)))","v":0},{"$f":"IF(AND($A780<=4,$A780<>0),0,IF($A780=\"S\",OFFSET(G780,-1,0)+1,OFFSET(G780,-1,0)))","v":0},{"$f":"IF(OR($A780=\"S\",$A780=0),0,MATCH(0,OFFSET($B780,1,$A780,ROW($A$1504)-ROW($A780)),0))","v":19},{"$f":"IF(OR($A780=\"S\",$A780=0),0,MATCH(OFFSET($B780,0,$A780)+1,OFFSET($B780,1,$A780,ROW($A$1504)-ROW($A780)),0))","v":{"$error":"#N/A"}},"AtivNível 1",{"$f":"IF($A780=0,\"-\",CONCATENATE(C780&\".\",IF(AND($A$5>=2,$A780>=2),D780&\".\",\"\"),IF(AND($A$5>=3,$A780>=3),E780&\".\",\"\"),IF(AND($A$5>=4,$A780>=4),F780&\".\",\"\"),IF($A780=\"S\",G780&\".\",\"\")))","v":"9.11."},{"$f":"IF(NOT(ISERROR($Y780)),IF($Y780<>FALSE,INDEX(Banco,$Y780,4),\"\"),\"\")","v":""},null,null,"Atividade 63 - Palestra: Preservação ambiental e combate epidemia (dengue e outros) Bairro: Frutal de Minas e Jardim Paula II",{"$f":"IF(NOT(ISERROR($Y780)),IF($Y780<>FALSE,INDEX(Banco,$Y780,6),\"\"),\"\")","v":""},null,{"$f":"IF(NOT(ISERROR($Y780)),IF($Y780<>FALSE,INDEX(Banco,$Y780,7),0),0)","v":0},"DI 1",{"$f":"IF($J780=$G$2,ROUND(ROUND($R780,2)*IF($R$9=\"Preço Unitário (R$)\",1,1+$AA780),2),0)","v":0},{"$f":"IF($A780=\"S\",VTOTAL1,IF($A780=0,0,ROUND(SomaAgrup,2)))","v":5687.92},null,{"$f":"IF(OR($A780=0,$A780=\"S\",$A780>CFF!$A$9),\"\",MAX(W$11:OFFSET(W780,-1,0))+1)","v":72},{"$f":"IF(AND($J780=$G$2,$N780<>\"\",$M780<>\"\"),CONCATENATE($M780,\"-\",$N780))","v":false},{"$f":"IF(X780<>FALSE,MATCH(X780,OFFSET(Banco,0,0,,1),0))","v":false},null,{"$f":"IF($J780=$G$2,ROUND(IF(ISNUMBER(S780),S780,IF(LEFT(S780,2)=\"DI\",HLOOKUP(S780,DADOS!$T$29:$X$30,2,FALSE),0)),4),\"\")","v":""}]
["S",0,{"$f":"IF($A781=1,OFFSET(C781,-1,0)+1,OFFSET(C781,-1,0))","v":9},{"$f":"IF($A781=1,0,IF($A781=2,OFFSET(D781,-1,0)+1,OFFSET(D781,-1,0)))","v":11},{"$f":"IF(AND($A781<=2,$A781<>0),0,IF($A781=3,OFFSET(E781,-1,0)+1,OFFSET(E781,-1,0)))","v":0},{"$f":"IF(AND($A781<=3,$A781<>0),0,IF($A781=4,OFFSET(F781,-1,0)+1,OFFSET(F781,-1,0)))","v":0},{"$f":"IF(AND($A781<=4,$A781<>0),0,IF($A781=\"S\",OFFSET(G781,-1,0)+1,OFFSET(G781,-1,0)))","v":1},{"$f":"IF(OR($A781=\"S\",$A781=0),0,MATCH(0,OFFSET($B781,1,$A781,ROW($A$1504)-ROW($A781)),0))","v":0},{"$f":"IF(OR($A781=\"S\",$A781=0),0,MATCH(OFFSET($B781,0,$A781)+1,OFFSET($B781,1,$A781,ROW($A$1504)-ROW($A781)),0))","v":0},"Insumo","9.11.1.",{"$f":"IF(NOT(ISERROR($Y781)),IF($Y781<>FALSE,INDEX(Banco,$Y781,4),\"\"),\"\")","v":"CRESS"},"Rec. Humanos","001",{"$f":"IF(NOT(ISERROR($Y781)),IF($Y781<>FALSE,INDEX(Banco,$Y781,5),\"\"),\"\")","v":"Responsável Técnica"},{"$f":"IF(NOT(ISERROR($Y781)),IF($Y781<>FALSE,INDEX(Banco,$Y781,6),\"\"),\"\")","v":"Horas"},6,{"$f":"IF(NOT(ISERROR($Y781)),IF($Y781<>FALSE,INDEX(Banco,$Y781,7),0),0)","v":150.28},"DI 1",{"$f":"IF($J781=$G$2,ROUND(ROUND($R781,2)*IF($R$9=\"Preço Unitário (R$)\",1,1+$AA781),2),0)","v":187.85},{"$f":"IF($A781=\"S\",VTOTAL1,IF($A781=0,0,ROUND(SomaAgrup,2)))","v":1127.0999999999999},null,{"$f":"IF(OR($A781=0,$A781=\"S\",$A781>CFF!$A$9),\"\",MAX(W$11:OFFSET(W781,-1,0))+1)","v":""},{"$f":"IF(AND($J781=$G$2,$N781<>\"\",$M781<>\"\"),CONCATENATE($M781,\"-\",$N781))","v":"Rec. Humanos-001"},3,null,{"$f":"IF($J781=$G$2,ROUND(IF(ISNUMBER(S781),S781,IF(LEFT(S781,2)=\"DI\",HLOOKUP(S781,DADOS!$T$29:$X$30,2,FALSE),0)),4),\"\")","v":0.25}]
["S",0,9,11,0,0,2,{"$f":"IF(OR($A782=\"S\",$A782=0),0,MATCH(0,OFFSET($B782,1,$A782,ROW($A$1504)-ROW($A782)),0))","v":0},{"$f":"IF(OR($A782=\"S\",$A782=0),0,MATCH(OFFSET($B782,0,$A782)+1,OFFSET($B782,1,$A782,ROW($A$1504)-ROW($A782)),0))","v":0},"Insumo","9.11.2.","CRESS","Rec. Humanos","002","Assistente Social","Horas",4,133.81,"DI 1",167.26,669.04,null,{"$f":"IF(OR($A782=0,$A782=\"S\",$A782>CFF!$A$9),\"\",MAX(W$11:OFFSET(W782,-1,0))+1)","v":""},"Rec. Humanos-002",4,null,{"$f":"IF($J782=$G$2,ROUND(IF(ISNUMBER(S782),S782,IF(LEFT(S782,2)=\"DI\",HLOOKUP(S782,DADOS!$T$29:$X$30,2,FALSE),0)),4),\"\")","v":0.25}]
["S",0,9,11,0,0,3,{"$f":"IF(OR($A783=\"S\",$A783=0),0,MATCH(0,OFFSET($B783,1,$A783,ROW($A$1504)-ROW($A783)),0))","v":0},{"$f":"IF(OR($A783=\"S\",$A783=0),0,MATCH(OFFSET($B783,0,$A783)+1,OFFSET($B783,1,$A783,ROW($A$1504)-ROW($A783)),0))","v":0},"Insumo","9.11.3.","Cotação","Rec. Humanos","003","Administrador (Técnico de Apoio) ","Horas",4,103.65,"DI 1",129.56,518.24,null,{"$f":"IF(OR($A783=0,$A783=\"S\",$A783>CFF!$A$9),\"\",MAX(W$11:OFFSET(W783,-1,0))+1)","v":""},"Rec. Humanos-003",5,null,{"$f":"IF($J783=$G$2,ROUND(IF(ISNUMBER(S783),S783,IF(LEFT(S783,2)=\"DI\",HLOOKUP(S783,DADOS!$T$29:$X$30,2,FALSE),0)),4),\"\")","v":0.25}]
["S",0,9,11,0,0,4,{"$f":"IF(OR($A784=\"S\",$A784=0),0,MATCH(0,OFFSET($B784,1,$A784,ROW($A$1504)-ROW($A784)),0))","v":0},{"$f":"IF(OR($A784=\"S\",$A784=0),0,MATCH(OFFSET($B784,0,$A784)+1,OFFSET($B784,1,$A784,ROW($A$1504)-ROW($A784)),0))","v":0},"Insumo","9.11.4.","SINE","Rec. Humanos","004","Estagiários","Horas",10,9.7899999999999991,"DI 1",12.24,122.4,null,{"$f":"IF(OR($A784=0,$A784=\"S\",$A784>CFF!$A$9),\"\",MAX(W$11:OFFSET(W784,-1,0))+1)","v":""},"Rec. Humanos-004",6,null,{"$f":"IF($J784=$G$2,ROUND(IF(ISNUMBER(S784),S784,IF(LEFT(S784,2)=\"DI\",HLOOKUP(S784,DADOS!$T$29:$X$30,2,FALSE),0)),4),\"\")","v":0.25}]
["S",0,9,11,0,0,5,{"$f":"IF(OR($A785=\"S\",$A785=0),0,MATCH(0,OFFSET($B785,1,$A785,ROW($A$1504)-ROW($A785)),0))","v":0},{"$f":"IF(OR($A785=\"S\",$A785=0),0,MATCH(OFFSET($B785,0,$A785)+1,OFFSET($B785,1,$A785,ROW($A$1504)-ROW($A785)),0))","v":0},"Insumo","9.11.5.","Cotação","Serv. Terc.","001","Fotocópias","Unidade",150,0.3,"DI 1",0.38,57,null,{"$f":"IF(OR($A785=0,$A785=\"S\",$A785>CFF!$A$9),\"\",MAX(W$11:OFFSET(W785,-1,0))+1)","v":""},"Serv. Terc.-001",81,null,{"$f":"IF($J785=$G$2,ROUND(IF(ISNUMBER(S785),S785,IF(LEFT(S785,2)=\"DI\",HLOOKUP(S785,DADOS!$T$29:$X$30,2,FALSE),0)),4),\"\")","v":0.25}]
["S",0,{"$f":"IF($A786=1,OFFSET(C786,-1,0)+1,OFFSET(C786,-1,0))","v":9},{"$f":"IF($A786=1,0,IF($A786=2,OFFSET(D786,-1,0)+1,OFFSET(D786,-1,0)))","v":11},{"$f":"IF(AND($A786<=2,$A786<>0),0,IF($A786=3,OFFSET(E786,-1,0)+1,OFFSET(E786,-1,0)))","v":0},{"$f":"IF(AND($A786<=3,$A786<>0),0,IF($A786=4,OFFSET(F786,-1,0)+1,OFFSET(F786,-1,0)))","v":0},{"$f":"IF(AND($A786<=4,$A786<>0),0,IF($A786=\"S\",OFFSET(G786,-1,0)+1,OFFSET(G786,-1,0)))","v":6},{"$f":"IF(OR($A786=\"S\",$A786=0),0,MATCH(0,OFFSET($B786,1,$A786,ROW($A$1504)-ROW($A786)),0))","v":0},{"$f":"IF(OR($A786=\"S\",$A786=0),0,MATCH(OFFSET($B786,0,$A786)+1,OFFSET($B786,1,$A786,ROW($A$1504)-ROW($A786)),0))","v":0},"Insumo","9.11.6.",{"$f":"IF(NOT(ISERROR($Y786)),IF($Y786<>FALSE,INDEX(Banco,$Y786,4),\"\"),\"\")","v":"Cotação"},"Serv. Terc.","017",{"$f":"IF(NOT(ISERROR($Y786)),IF($Y786<>FALSE,INDEX(Banco,$Y786,5),\"\"),\"\")","v":"Instrutor/Monitor (Educação Fisíca)"},{"$f":"IF(NOT(ISERROR($Y786)),IF($Y786<>FALSE,INDEX(Banco,$Y786,6),\"\"),\"\")","v":"Horas"},3,{"$f":"IF(NOT(ISERROR($Y786)),IF($Y786<>FALSE,INDEX(Banco,$Y786,7),0),0)","v":100},"DI 1",{"$f":"IF($J786=$G$2,ROUND(ROUND($R786,2)*IF($R$9=\"Preço Unitário (R$)\",1,1+$AA786),2),0)","v":125},{"$f":"IF($A786=\"S\",VTOTAL1,IF($A786=0,0,ROUND(SomaAgrup,2)))","v":375},null,{"$f":"IF(OR($A786=0,$A786=\"S\",$A786>CFF!$A$9),\"\",MAX(W$11:OFFSET(W786,-1,0))+1)","v":""},{"$f":"IF(AND($J786=$G$2,$N786<>\"\",$M786<>\"\"),CONCATENATE($M786,\"-\",$N786))","v":"Serv. Terc.-017"},97,null,{"$f":"IF($J786=$G$2,ROUND(IF(ISNUMBER(S786),S786,IF(LEFT(S786,2)=\"DI\",HLOOKUP(S786,DADOS!$T$29:$X$30,2,FALSE),0)),4),\"\")","v":0.25}]
[{"$f":"CHOOSE(1+LOG(1+2*(J787=$C$2)+4*(J787=$D$2)+8*(J787=$E$2)+16*(J787=$F$2)+32*(J787=$G$2),2),0,1,2,3,4,\"S\")","v":"S"},{"$f":"IF(OR(A787=\"S\",A787=0),0,IF(ISERROR(I787),H787,SMALL(H787:I787,1)))","v":0},9,11,0,0,7,{"$f":"IF(OR($A787=\"S\",$A787=0),0,MATCH(0,OFFSET($B787,1,$A787,ROW($A$1504)-ROW($A787)),0))","v":0},{"$f":"IF(OR($A787=\"S\",$A787=0),0,MATCH(OFFSET($B787,0,$A787)+1,OFFSET($B787,1,$A787,ROW($A$1504)-ROW($A787)),0))","v":0},"Insumo",{"$f":"IF($A787=0,\"-\",CONCATENATE(C787&\".\",IF(AND($A$5>=2,$A787>=2),D787&\".\",\"\"),IF(AND($A$5>=3,$A787>=3),E787&\".\",\"\"),IF(AND($A$5>=4,$A787>=4),F787&\".\",\"\"),IF($A787=\"S\",G787&\".\",\"\")))","v":"9.11.7."},"Cotação","Serv. Terc.","002","Carro de som com gravação de vinheta","Horas",2,200,"DI 1",250,500,null,{"$f":"IF(OR($A787=0,$A787=\"S\",$A787>CFF!$A$9),\"\",MAX(W$11:OFFSET(W787,-1,0))+1)","v":""},"Serv. Terc.-002",{"$f":"IF(X787<>FALSE,MATCH(X787,OFFSET(Banco,0,0,,1),0))","v":82},null,{"$f":"IF($J787=$G$2,ROUND(IF(ISNUMBER(S787),S787,IF(LEFT(S787,2)=\"DI\",HLOOKUP(S787,DADOS!$T$29:$X$30,2,FALSE),0)),4),\"\")","v":0.25}]
["S",0,9,11,0,0,8,{"$f":"IF(OR($A788=\"S\",$A788=0),0,MATCH(0,OFFSET($B788,1,$A788,ROW($A$1504)-ROW($A788)),0))","v":0},{"$f":"IF(OR($A788=\"S\",$A788=0),0,MATCH(OFFSET($B788,0,$A788)+1,OFFSET($B788,1,$A788,ROW($A$1504)-ROW($A788)),0))","v":0},"Insumo","9.11.8.","Cotação","Serv. Terc.","005",{"$f":"IF(NOT(ISERROR($Y788)),IF($Y788<>FALSE,INDEX(Banco,$Y788,5),\"\"),\"\")","v":"Locação de caixa térmica"},"Unidade",1,40,"DI 1",50,50,null,{"$f":"IF(OR($A788=0,$A788=\"S\",$A788>CFF!$A$9),\"\",MAX(W$11:OFFSET(W788,-1,0))+1)","v":""},"Serv. Terc.-005",85,null,{"$f":"IF($J788=$G$2,ROUND(IF(ISNUMBER(S788),S788,IF(LEFT(S788,2)=\"DI\",HLOOKUP(S788,DADOS!$T$29:$X$30,2,FALSE),0)),4),\"\")","v":0.25}]
["S",0,9,11,0,0,9,{"$f":"IF(OR($A789=\"S\",$A789=0),0,MATCH(0,OFFSET($B789,1,$A789,ROW($A$1504)-ROW($A789)),0))","v":0},{"$f":"IF(OR($A789=\"S\",$A789=0),0,MATCH(OFFSET($B789,0,$A789)+1,OFFSET($B789,1,$A789,ROW($A$1504)-ROW($A789)),0))","v":0},"Insumo","9.11.9.","Cotação","Serv. Terc.","008",{"$f":"IF(NOT(ISERROR($Y789)),IF($Y789<>FALSE,INDEX(Banco,$Y789,5),\"\"),\"\")","v":"Locação de pula-pula com monitor"},"Unidade",1,220,"DI 1",275,275,null,{"$f":"IF(OR($A789=0,$A789=\"S\",$A789>CFF!$A$9),\"\",MAX(W$11:OFFSET(W789,-1,0))+1)","v":""},"Serv. Terc.-008",88,null,{"$f":"IF($J789=$G$2,ROUND(IF(ISNUMBER(S789),S789,IF(LEFT(S789,2)=\"DI\",HLOOKUP(S789,DADOS!$T$29:$X$30,2,FALSE),0)),4),\"\")","v":0.25}]
["S",0,9,11,0,0,10,{"$f":"IF(OR($A790=\"S\",$A790=0),0,MATCH(0,OFFSET($B790,1,$A790,ROW($A$1504)-ROW($A790)),0))","v":0},{"$f":"IF(OR($A790=\"S\",$A790=0),0,MATCH(OFFSET($B790,0,$A790)+1,OFFSET($B790,1,$A790,ROW($A$1504)-ROW($A790)),0))","v":0},"Insumo","9.11.10.","Cotação","Serv. Terc.","012","Água (garrafão de 20 litros)","Unidade",1,10,"DI 1",12.5,12.5,null,{"$f":"IF(OR($A790=0,$A790=\"S\",$A790>CFF!$A$9),\"\",MAX(W$11:OFFSET(W790,-1,0))+1)","v":""},"Serv. Terc.-012",92,null,{"$f":"IF($J790=$G$2,ROUND(IF(ISNUMBER(S790),S790,IF(LEFT(S790,2)=\"DI\",HLOOKUP(S790,DADOS!$T$29:$X$30,2,FALSE),0)),4),\"\")","v":0.25}]
["S",0,9,11,0,0,11,{"$f":"IF(OR($A791=\"S\",$A791=0),0,MATCH(0,OFFSET($B791,1,$A791,ROW($A$1504)-ROW($A791)),0))","v":0},{"$f":"IF(OR($A791=\"S\",$A791=0),0,MATCH(OFFSET($B791,0,$A791)+1,OFFSET($B791,1,$A791,ROW($A$1504)-ROW($A791)),0))","v":0},"Insumo","9.11.11.","Cotação ","Serv. Terc.","011","Barra de gelo","Unidade",2,12,"DI 1",15,30,null,{"$f":"IF(OR($A791=0,$A791=\"S\",$A791>CFF!$A$9),\"\",MAX(W$11:OFFSET(W791,-1,0))+1)","v":""},"Serv. Terc.-011",91,null,{"$f":"IF($J791=$G$2,ROUND(IF(ISNUMBER(S791),S791,IF(LEFT(S791,2)=\"DI\",HLOOKUP(S791,DADOS!$T$29:$X$30,2,FALSE),0)),4),\"\")","v":0.25}]
["S",0,9,11,0,0,12,{"$f":"IF(OR($A792=\"S\",$A792=0),0,MATCH(0,OFFSET($B792,1,$A792,ROW($A$1504)-ROW($A792)),0))","v":0},{"$f":"IF(OR($A792=\"S\",$A792=0),0,MATCH(OFFSET($B792,0,$A792)+1,OFFSET($B792,1,$A792,ROW($A$1504)-ROW($A792)),0))","v":0},"Insumo","9.11.12.","Cotação","Serv. Terc.","013","Sucos","Unidade",6,6.4,"DI 1",8,48,null,{"$f":"IF(OR($A792=0,$A792=\"S\",$A792>CFF!$A$9),\"\",MAX(W$11:OFFSET(W792,-1,0))+1)","v":""},"Serv. Terc.-013",93,null,{"$f":"IF($J792=$G$2,ROUND(IF(ISNUMBER(S792),S792,IF(LEFT(S792,2)=\"DI\",HLOOKUP(S792,DADOS!$T$29:$X$30,2,FALSE),0)),4),\"\")","v":0.25}]
[{"$f":"CHOOSE(1+LOG(1+2*(J793=$C$2)+4*(J793=$D$2)+8*(J793=$E$2)+16*(J793=$F$2)+32*(J793=$G$2),2),0,1,2,3,4,\"S\")","v":"S"},{"$f":"IF(OR(A793=\"S\",A793=0),0,IF(ISERROR(I793),H793,SMALL(H793:I793,1)))","v":0},{"$f":"IF($A793=1,OFFSET(C793,-1,0)+1,OFFSET(C793,-1,0))","v":9},{"$f":"IF($A793=1,0,IF($A793=2,OFFSET(D793,-1,0)+1,OFFSET(D793,-1,0)))","v":11},{"$f":"IF(AND($A793<=2,$A793<>0),0,IF($A793=3,OFFSET(E793,-1,0)+1,OFFSET(E793,-1,0)))","v":0},{"$f":"IF(AND($A793<=3,$A793<>0),0,IF($A793=4,OFFSET(F793,-1,0)+1,OFFSET(F793,-1,0)))","v":0},{"$f":"IF(AND($A793<=4,$A793<>0),0,IF($A793=\"S\",OFFSET(G793,-1,0)+1,OFFSET(G793,-1,0)))","v":13},{"$f":"IF(OR($A793=\"S\",$A793=0),0,MATCH(0,OFFSET($B793,1,$A793,ROW($A$1504)-ROW($A793)),0))","v":0},{"$f":"IF(OR($A793=\"S\",$A793=0),0,MATCH(OFFSET($B793,0,$A793)+1,OFFSET($B793,1,$A793,ROW($A$1504)-ROW($A793)),0))","v":0},"Insumo",{"$f":"IF($A793=0,\"-\",CONCATENATE(C793&\".\",IF(AND($A$5>=2,$A793>=2),D793&\".\",\"\"),IF(AND($A$5>=3,$A793>=3),E793&\".\",\"\"),IF(AND($A$5>=4,$A793>=4),F793&\".\",\"\"),IF($A793=\"S\",G793&\".\",\"\")))","v":"9.11.13."},{"$f":"IF(NOT(ISERROR($Y793)),IF($Y793<>FALSE,INDEX(Banco,$Y793,4),\"\"),\"\")","v":"Cotação"},"Serv. Terc.","027",{"$f":"IF(NOT(ISERROR($Y793)),IF($Y793<>FALSE,INDEX(Banco,$Y793,5),\"\"),\"\")","v":"Refrigerantes (02 litros) "},{"$f":"IF(NOT(ISERROR($Y793)),IF($Y793<>FALSE,INDEX(Banco,$Y793,6),\"\"),\"\")","v":"Unidade"},10,{"$f":"IF(NOT(ISERROR($Y793)),IF($Y793<>FALSE,INDEX(Banco,$Y793,7),0),0)","v":6},"DI 1",{"$f":"IF($J793=$G$2,ROUND(ROUND($R793,2)*IF($R$9=\"Preço Unitário (R$)\",1,1+$AA793),2),0)","v":7.5},{"$f":"IF($A793=\"S\",VTOTAL1,IF($A793=0,0,ROUND(SomaAgrup,2)))","v":75},null,{"$f":"IF(OR($A793=0,$A793=\"S\",$A793>CFF!$A$9),\"\",MAX(W$11:OFFSET(W793,-1,0))+1)","v":""},{"$f":"IF(AND($J793=$G$2,$N793<>\"\",$M793<>\"\"),CONCATENATE($M793,\"-\",$N793))","v":"Serv. Terc.-027"},{"$f":"IF(X793<>FALSE,MATCH(X793,OFFSET(Banco,0,0,,1),0))","v":107},null,{"$f":"IF($J793=$G$2,ROUND(IF(ISNUMBER(S793),S793,IF(LEFT(S793,2)=\"DI\",HLOOKUP(S793,DADOS!$T$29:$X$30,2,FALSE),0)),4),\"\")","v":0.25}]
["S",0,9,11,0,0,14,{"$f":"IF(OR($A794=\"S\",$A794=0),0,MATCH(0,OFFSET($B794,1,$A794,ROW($A$1504)-ROW($A794)),0))","v":0},{"$f":"IF(OR($A794=\"S\",$A794=0),0,MATCH(OFFSET($B794,0,$A794)+1,OFFSET($B794,1,$A794,ROW($A$1504)-ROW($A794)),0))","v":0},"Insumo","9.11.14.","Cotação ","Serv. Terc.","010","Brindes ( descrição nos orçamentos e PTS)","Unidade",4,120,"DI 1",150,600,null,{"$f":"IF(OR($A794=0,$A794=\"S\",$A794>CFF!$A$9),\"\",MAX(W$11:OFFSET(W794,-1,0))+1)","v":""},"Serv. Terc.-010",90,null,{"$f":"IF($J794=$G$2,ROUND(IF(ISNUMBER(S794),S794,IF(LEFT(S794,2)=\"DI\",HLOOKUP(S794,DADOS!$T$29:$X$30,2,FALSE),0)),4),\"\")","v":0.25}]
["S",0,9,11,0,0,15,{"$f":"IF(OR($A795=\"S\",$A795=0),0,MATCH(0,OFFSET($B795,1,$A795,ROW($A$1504)-ROW($A795)),0))","v":0},{"$f":"IF(OR($A795=\"S\",$A795=0),0,MATCH(OFFSET($B795,0,$A795)+1,OFFSET($B795,1,$A795,ROW($A$1504)-ROW($A795)),0))","v":0},"Insumo","9.11.15.","Cotação","Serv. Terc.","015","Coffee break (salgados)","Centro",8,65,"DI 1",81.25,650,null,{"$f":"IF(OR($A795=0,$A795=\"S\",$A795>CFF!$A$9),\"\",MAX(W$11:OFFSET(W795,-1,0))+1)","v":""},"Serv. Terc.-015",95,null,{"$f":"IF($J795=$G$2,ROUND(IF(ISNUMBER(S795),S795,IF(LEFT(S795,2)=\"DI\",HLOOKUP(S795,DADOS!$T$29:$X$30,2,FALSE),0)),4),\"\")","v":0.25}]
["S",0,{"$f":"IF($A796=1,OFFSET(C796,-1,0)+1,OFFSET(C796,-1,0))","v":9},{"$f":"IF($A796=1,0,IF($A796=2,OFFSET(D796,-1,0)+1,OFFSET(D796,-1,0)))","v":11},{"$f":"IF(AND($A796<=2,$A796<>0),0,IF($A796=3,OFFSET(E796,-1,0)+1,OFFSET(E796,-1,0)))","v":0},{"$f":"IF(AND($A796<=3,$A796<>0),0,IF($A796=4,OFFSET(F796,-1,0)+1,OFFSET(F796,-1,0)))","v":0},{"$f":"IF(AND($A796<=4,$A796<>0),0,IF($A796=\"S\",OFFSET(G796,-1,0)+1,OFFSET(G796,-1,0)))","v":16},{"$f":"IF(OR($A796=\"S\",$A796=0),0,MATCH(0,OFFSET($B796,1,$A796,ROW($A$1504)-ROW($A796)),0))","v":0},{"$f":"IF(OR($A796=\"S\",$A796=0),0,MATCH(OFFSET($B796,0,$A796)+1,OFFSET($B796,1,$A796,ROW($A$1504)-ROW($A796)),0))","v":0},"Insumo","9.11.16.",{"$f":"IF(NOT(ISERROR($Y796)),IF($Y796<>FALSE,INDEX(Banco,$Y796,4),\"\"),\"\")","v":"Cotação"},"Rec. Materiais","020",{"$f":"IF(NOT(ISERROR($Y796)),IF($Y796<>FALSE,INDEX(Banco,$Y796,5),\"\"),\"\")","v":"Guloseimas (balas e pirulito)"},{"$f":"IF(NOT(ISERROR($Y796)),IF($Y796<>FALSE,INDEX(Banco,$Y796,6),\"\"),\"\")","v":"Pacote"},4,{"$f":"IF(NOT(ISERROR($Y796)),IF($Y796<>FALSE,INDEX(Banco,$Y796,7),0),0)","v":12},"DI 1",{"$f":"IF($J796=$G$2,ROUND(ROUND($R796,2)*IF($R$9=\"Preço Unitário (R$)\",1,1+$AA796),2),0)","v":15},{"$f":"IF($A796=\"S\",VTOTAL1,IF($A796=0,0,ROUND(SomaAgrup,2)))","v":60},null,{"$f":"IF(OR($A796=0,$A796=\"S\",$A796>CFF!$A$9),\"\",MAX(W$11:OFFSET(W796,-1,0))+1)","v":""},{"$f":"IF(AND($J796=$G$2,$N796<>\"\",$M796<>\"\"),CONCATENATE($M796,\"-\",$N796))","v":"Rec. Materiais-020"},29,null,{"$f":"IF($J796=$G$2,ROUND(IF(ISNUMBER(S796),S796,IF(LEFT(S796,2)=\"DI\",HLOOKUP(S796,DADOS!$T$29:$X$30,2,FALSE),0)),4),\"\")","v":0.25}]
[{"$f":"CHOOSE(1+LOG(1+2*(J797=$C$2)+4*(J797=$D$2)+8*(J797=$E$2)+16*(J797=$F$2)+32*(J797=$G$2),2),0,1,2,3,4,\"S\")","v":"S"},{"$f":"IF(OR(A797=\"S\",A797=0),0,IF(ISERROR(I797),H797,SMALL(H797:I797,1)))","v":0},{"$f":"IF($A797=1,OFFSET(C797,-1,0)+1,OFFSET(C797,-1,0))","v":9},{"$f":"IF($A797=1,0,IF($A797=2,OFFSET(D797,-1,0)+1,OFFSET(D797,-1,0)))","v":11},{"$f":"IF(AND($A797<=2,$A797<>0),0,IF($A797=3,OFFSET(E797,-1,0)+1,OFFSET(E797,-1,0)))","v":0},{"$f":"IF(AND($A797<=3,$A797<>0),0,IF($A797=4,OFFSET(F797,-1,0)+1,OFFSET(F797,-1,0)))","v":0},{"$f":"IF(AND($A797<=4,$A797<>0),0,IF($A797=\"S\",OFFSET(G797,-1,0)+1,OFFSET(G797,-1,0)))","v":17},{"$f":"IF(OR($A797=\"S\",$A797=0),0,MATCH(0,OFFSET($B797,1,$A797,ROW($A$1504)-ROW($A797)),0))","v":0},{"$f":"IF(OR($A797=\"S\",$A797=0),0,MATCH(OFFSET($B797,0,$A797)+1,OFFSET($B797,1,$A797,ROW($A$1504)-ROW($A797)),0))","v":0},"Insumo",{"$f":"IF($A797=0,\"-\",CONCATENATE(C797&\".\",IF(AND($A$5>=2,$A797>=2),D797&\".\",\"\"),IF(AND($A$5>=3,$A797>=3),E797&\".\",\"\"),IF(AND($A$5>=4,$A797>=4),F797&\".\",\"\"),IF($A797=\"S\",G797&\".\",\"\")))","v":"9.11.17."},{"$f":"IF(NOT(ISERROR($Y797)),IF($Y797<>FALSE,INDEX(Banco,$Y797,4),\"\"),\"\")","v":"CRBio"},"Serv. Terc.","068",{"$f":"IF(NOT(ISERROR($Y797)),IF($Y797<>FALSE,INDEX(Banco,$Y797,5),\"\"),\"\")","v":"Biólogo (Instrutor)"},{"$f":"IF(NOT(ISERROR($Y797)),IF($Y797<>FALSE,INDEX(Banco,$Y797,6),\"\"),\"\")","v":"Horas"},4,{"$f":"IF(NOT(ISERROR($Y797)),IF($Y797<>FALSE,INDEX(Banco,$Y797,7),0),0)","v":100.72},"DI 1",{"$f":"IF($J797=$G$2,ROUND(ROUND($R797,2)*IF($R$9=\"Preço Unitário (R$)\",1,1+$AA797),2),0)","v":125.9},{"$f":"IF($A797=\"S\",VTOTAL1,IF($A797=0,0,ROUND(SomaAgrup,2)))","v":503.6},null,{"$f":"IF(OR($A797=0,$A797=\"S\",$A797>CFF!$A$9),\"\",MAX(W$11:OFFSET(W797,-1,0))+1)","v":""},{"$f":"IF(AND($J797=$G$2,$N797<>\"\",$M797<>\"\"),CONCATENATE($M797,\"-\",$N797))","v":"Serv. Terc.-068"},{"$f":"IF(X797<>FALSE,MATCH(X797,OFFSET(Banco,0,0,,1),0))","v":148},null,{"$f":"IF($J797=$G$2,ROUND(IF(ISNUMBER(S797),S797,IF(LEFT(S797,2)=\"DI\",HLOOKUP(S797,DADOS!$T$29:$X$30,2,FALSE),0)),4),\"\")","v":0.25}]
["S",0,9,11,0,0,18,{"$f":"IF(OR($A798=\"S\",$A798=0),0,MATCH(0,OFFSET($B798,1,$A798,ROW($A$1504)-ROW($A798)),0))","v":0},{"$f":"IF(OR($A798=\"S\",$A798=0),0,MATCH(OFFSET($B798,0,$A798)+1,OFFSET($B798,1,$A798,ROW($A$1504)-ROW($A798)),0))","v":0},"Insumo","9.11.18.","Cotação","Rec. Materiais","021",{"$f":"IF(NOT(ISERROR($Y798)),IF($Y798<>FALSE,INDEX(Banco,$Y798,5),\"\"),\"\")","v":"Papel de presente"},"Folhas",8,1.5,"DI 1",1.88,15.04,null,{"$f":"IF(OR($A798=0,$A798=\"S\",$A798>CFF!$A$9),\"\",MAX(W$11:OFFSET(W798,-1,0))+1)","v":""},"Rec. Materiais-021",30,null,{"$f":"IF($J798=$G$2,ROUND(IF(ISNUMBER(S798),S798,IF(LEFT(S798,2)=\"DI\",HLOOKUP(S798,DADOS!$T$29:$X$30,2,FALSE),0)),4),\"\")","v":0.25}]
[{"$f":"CHOOSE(1+LOG(1+2*(J799=$C$2)+4*(J799=$D$2)+8*(J799=$E$2)+16*(J799=$F$2)+32*(J799=$G$2),2),0,1,2,3,4,\"S\")","v":1},{"$f":"IF(OR(A799=\"S\",A799=0),0,IF(ISERROR(I799),H799,SMALL(H799:I799,1)))","v":145},{"$f":"IF($A799=1,OFFSET(C799,-1,0)+1,OFFSET(C799,-1,0))","v":10},{"$f":"IF($A799=1,0,IF($A799=2,OFFSET(D799,-1,0)+1,OFFSET(D799,-1,0)))","v":0},{"$f":"IF(AND($A799<=2,$A799<>0),0,IF($A799=3,OFFSET(E799,-1,0)+1,OFFSET(E799,-1,0)))","v":0},{"$f":"IF(AND($A799<=3,$A799<>0),0,IF($A799=4,OFFSET(F799,-1,0)+1,OFFSET(F799,-1,0)))","v":0},{"$f":"IF(AND($A799<=4,$A799<>0),0,IF($A799=\"S\",OFFSET(G799,-1,0)+1,OFFSET(G799,-1,0)))","v":0},{"$f":"IF(OR($A799=\"S\",$A799=0),0,MATCH(0,OFFSET($B799,1,$A799,ROW($A$1504)-ROW($A799)),0))","v":705},{"$f":"IF(OR($A799=\"S\",$A799=0),0,MATCH(OFFSET($B799,0,$A799)+1,OFFSET($B799,1,$A799,ROW($A$1504)-ROW($A799)),0))","v":145},"Ação",{"$f":"IF($A799=0,\"-\",CONCATENATE(C799&\".\",IF(AND($A$5>=2,$A799>=2),D799&\".\",\"\"),IF(AND($A$5>=3,$A799>=3),E799&\".\",\"\"),IF(AND($A$5>=4,$A799>=4),F799&\".\",\"\"),IF($A799=\"S\",G799&\".\",\"\")))","v":"10."},{"$f":"IF(NOT(ISERROR($Y799)),IF($Y799<>FALSE,INDEX(Banco,$Y799,4),\"\"),\"\")","v":""},null,null,"MÊS 10 - INFORMAÇÕES/AÇÃO DE SAÚDE",{"$f":"IF(NOT(ISERROR($Y799)),IF($Y799<>FALSE,INDEX(Banco,$Y799,6),\"\"),\"\")","v":""},null,{"$f":"IF(NOT(ISERROR($Y799)),IF($Y799<>FALSE,INDEX(Banco,$Y799,7),0),0)","v":0},"DI 1",{"$f":"IF($J799=$G$2,ROUND(ROUND($R799,2)*IF($R$9=\"Preço Unitário (R$)\",1,1+$AA799),2),0)","v":0},{"$f":"IF($A799=\"S\",VTOTAL1,IF($A799=0,0,ROUND(SomaAgrup,2)))","v":61773.08},null,{"$f":"IF(OR($A799=0,$A799=\"S\",$A799>CFF!$A$9),\"\",MAX(W$11:OFFSET(W799,-1,0))+1)","v":73},{"$f":"IF(AND($J799=$G$2,$N799<>\"\",$M799<>\"\"),CONCATENATE($M799,\"-\",$N799))","v":false},{"$f":"IF(X799<>FALSE,MATCH(X799,OFFSET(Banco,0,0,,1),0))","v":false},null,{"$f":"IF($J799=$G$2,ROUND(IF(ISNUMBER(S799),S799,IF(LEFT(S799,2)=\"DI\",HLOOKUP(S799,DADOS!$T$29:$X$30,2,FALSE),0)),4),\"\")","v":""}]
[{"$f":"CHOOSE(1+LOG(1+2*(J800=$C$2)+4*(J800=$D$2)+8*(J800=$E$2)+16*(J800=$F$2)+32*(J800=$G$2),2),0,1,2,3,4,\"S\")","v":2},{"$f":"IF(OR(A800=\"S\",A800=0),0,IF(ISERROR(I800),H800,SMALL(H800:I800,1)))","v":28},{"$f":"IF($A800=1,OFFSET(C800,-1,0)+1,OFFSET(C800,-1,0))","v":10},{"$f":"IF($A800=1,0,IF($A800=2,OFFSET(D800,-1,0)+1,OFFSET(D800,-1,0)))","v":1},{"$f":"IF(AND($A800<=2,$A800<>0),0,IF($A800=3,OFFSET(E800,-1,0)+1,OFFSET(E800,-1,0)))","v":0},{"$f":"IF(AND($A800<=3,$A800<>0),0,IF($A800=4,OFFSET(F800,-1,0)+1,OFFSET(F800,-1,0)))","v":0},{"$f":"IF(AND($A800<=4,$A800<>0),0,IF($A800=\"S\",OFFSET(G800,-1,0)+1,OFFSET(G800,-1,0)))","v":0},{"$f":"IF(OR($A800=\"S\",$A800=0),0,MATCH(0,OFFSET($B800,1,$A800,ROW($A$1504)-ROW($A800)),0))","v":144},{"$f":"IF(OR($A800=\"S\",$A800=0),0,MATCH(OFFSET($B800,0,$A800)+1,OFFSET($B800,1,$A800,ROW($A$1504)-ROW($A800)),0))","v":28},"AtivNível 1",{"$f":"IF($A800=0,\"-\",CONCATENATE(C800&\".\",IF(AND($A$5>=2,$A800>=2),D800&\".\",\"\"),IF(AND($A$5>=3,$A800>=3),E800&\".\",\"\"),IF(AND($A$5>=4,$A800>=4),F800&\".\",\"\"),IF($A800=\"S\",G800&\".\",\"\")))","v":"10.1."},{"$f":"IF(NOT(ISERROR($Y800)),IF($Y800<>FALSE,INDEX(Banco,$Y800,4),\"\"),\"\")","v":""},null,null,"Atividade 64 - Ação de saúde e gincana interativa região Parque São João",{"$f":"IF(NOT(ISERROR($Y800)),IF($Y800<>FALSE,INDEX(Banco,$Y800,6),\"\"),\"\")","v":""},null,{"$f":"IF(NOT(ISERROR($Y800)),IF($Y800<>FALSE,INDEX(Banco,$Y800,7),0),0)","v":0},"DI 1",{"$f":"IF($J800=$G$2,ROUND(ROUND($R800,2)*IF($R$9=\"Preço Unitário (R$)\",1,1+$AA800),2),0)","v":0},{"$f":"IF($A800=\"S\",VTOTAL1,IF($A800=0,0,ROUND(SomaAgrup,2)))","v":14631.57},null,{"$f":"IF(OR($A800=0,$A800=\"S\",$A800>CFF!$A$9),\"\",MAX(W$11:OFFSET(W800,-1,0))+1)","v":74},{"$f":"IF(AND($J800=$G$2,$N800<>\"\",$M800<>\"\"),CONCATENATE($M800,\"-\",$N800))","v":false},{"$f":"IF(X800<>FALSE,MATCH(X800,OFFSET(Banco,0,0,,1),0))","v":false},null,{"$f":"IF($J800=$G$2,ROUND(IF(ISNUMBER(S800),S800,IF(LEFT(S800,2)=\"DI\",HLOOKUP(S800,DADOS!$T$29:$X$30,2,FALSE),0)),4),\"\")","v":""}]
["S",0,10,1,0,0,1,{"$f":"IF(OR($A801=\"S\",$A801=0),0,MATCH(0,OFFSET($B801,1,$A801,ROW($A$1504)-ROW($A801)),0))","v":0},{"$f":"IF(OR($A801=\"S\",$A801=0),0,MATCH(OFFSET($B801,0,$A801)+1,OFFSET($B801,1,$A801,ROW($A$1504)-ROW($A801)),0))","v":0},"Insumo","10.1.1.","CRESS","Rec. Humanos","001",{"$f":"IF(NOT(ISERROR($Y801)),IF($Y801<>FALSE,INDEX(Banco,$Y801,5),\"\"),\"\")","v":"Responsável Técnica"},"Horas",14,150.28,"DI 1",187.85,2629.9,null,{"$f":"IF(OR($A801=0,$A801=\"S\",$A801>CFF!$A$9),\"\",MAX(W$11:OFFSET(W801,-1,0))+1)","v":""},"Rec. Humanos-001",3,null,{"$f":"IF($J801=$G$2,ROUND(IF(ISNUMBER(S801),S801,IF(LEFT(S801,2)=\"DI\",HLOOKUP(S801,DADOS!$T$29:$X$30,2,FALSE),0)),4),\"\")","v":0.25}]
["S",0,10,1,0,0,2,{"$f":"IF(OR($A802=\"S\",$A802=0),0,MATCH(0,OFFSET($B802,1,$A802,ROW($A$1504)-ROW($A802)),0))","v":0},{"$f":"IF(OR($A802=\"S\",$A802=0),0,MATCH(OFFSET($B802,0,$A802)+1,OFFSET($B802,1,$A802,ROW($A$1504)-ROW($A802)),0))","v":0},"Insumo","10.1.2.","CRESS","Rec. Humanos","002",{"$f":"IF(NOT(ISERROR($Y802)),IF($Y802<>FALSE,INDEX(Banco,$Y802,5),\"\"),\"\")","v":"Assistente Social"},"Horas",10,133.81,"DI 1",167.26,1672.6,null,{"$f":"IF(OR($A802=0,$A802=\"S\",$A802>CFF!$A$9),\"\",MAX(W$11:OFFSET(W802,-1,0))+1)","v":""},"Rec. Humanos-002",4,null,{"$f":"IF($J802=$G$2,ROUND(IF(ISNUMBER(S802),S802,IF(LEFT(S802,2)=\"DI\",HLOOKUP(S802,DADOS!$T$29:$X$30,2,FALSE),0)),4),\"\")","v":0.25}]
["S",0,10,1,0,0,3,{"$f":"IF(OR($A803=\"S\",$A803=0),0,MATCH(0,OFFSET($B803,1,$A803,ROW($A$1504)-ROW($A803)),0))","v":0},{"$f":"IF(OR($A803=\"S\",$A803=0),0,MATCH(OFFSET($B803,0,$A803)+1,OFFSET($B803,1,$A803,ROW($A$1504)-ROW($A803)),0))","v":0},"Insumo","10.1.3.","Cotação","Rec. Humanos","003",{"$f":"IF(NOT(ISERROR($Y803)),IF($Y803<>FALSE,INDEX(Banco,$Y803,5),\"\"),\"\")","v":"Administrador (Técnico de Apoio) "},"Horas",4,103.65,"DI 1",129.56,518.24,null,{"$f":"IF(OR($A803=0,$A803=\"S\",$A803>CFF!$A$9),\"\",MAX(W$11:OFFSET(W803,-1,0))+1)","v":""},"Rec. Humanos-003",5,null,{"$f":"IF($J803=$G$2,ROUND(IF(ISNUMBER(S803),S803,IF(LEFT(S803,2)=\"DI\",HLOOKUP(S803,DADOS!$T$29:$X$30,2,FALSE),0)),4),\"\")","v":0.25}]
["S",0,10,1,0,0,4,{"$f":"IF(OR($A804=\"S\",$A804=0),0,MATCH(0,OFFSET($B804,1,$A804,ROW($A$1504)-ROW($A804)),0))","v":0},{"$f":"IF(OR($A804=\"S\",$A804=0),0,MATCH(OFFSET($B804,0,$A804)+1,OFFSET($B804,1,$A804,ROW($A$1504)-ROW($A804)),0))","v":0},"Insumo","10.1.4.","SINE","Rec. Humanos","004",{"$f":"IF(NOT(ISERROR($Y804)),IF($Y804<>FALSE,INDEX(Banco,$Y804,5),\"\"),\"\")","v":"Estagiários"},"Horas",28,9.7899999999999991,"DI 1",12.24,342.72,null,{"$f":"IF(OR($A804=0,$A804=\"S\",$A804>CFF!$A$9),\"\",MAX(W$11:OFFSET(W804,-1,0))+1)","v":""},"Rec. Humanos-004",6,null,{"$f":"IF($J804=$G$2,ROUND(IF(ISNUMBER(S804),S804,IF(LEFT(S804,2)=\"DI\",HLOOKUP(S804,DADOS!$T$29:$X$30,2,FALSE),0)),4),\"\")","v":0.25}]
[{"$f":"CHOOSE(1+LOG(1+2*(J805=$C$2)+4*(J805=$D$2)+8*(J805=$E$2)+16*(J805=$F$2)+32*(J805=$G$2),2),0,1,2,3,4,\"S\")","v":"S"},{"$f":"IF(OR(A805=\"S\",A805=0),0,IF(ISERROR(I805),H805,SMALL(H805:I805,1)))","v":0},10,1,0,0,5,{"$f":"IF(OR($A805=\"S\",$A805=0),0,MATCH(0,OFFSET($B805,1,$A805,ROW($A$1504)-ROW($A805)),0))","v":0},{"$f":"IF(OR($A805=\"S\",$A805=0),0,MATCH(OFFSET($B805,0,$A805)+1,OFFSET($B805,1,$A805,ROW($A$1504)-ROW($A805)),0))","v":0},"Insumo",{"$f":"IF($A805=0,\"-\",CONCATENATE(C805&\".\",IF(AND($A$5>=2,$A805>=2),D805&\".\",\"\"),IF(AND($A$5>=3,$A805>=3),E805&\".\",\"\"),IF(AND($A$5>=4,$A805>=4),F805&\".\",\"\"),IF($A805=\"S\",G805&\".\",\"\")))","v":"10.1.5."},"Cotação","Serv. Terc.","001",{"$f":"IF(NOT(ISERROR($Y805)),IF($Y805<>FALSE,INDEX(Banco,$Y805,5),\"\"),\"\")","v":"Fotocópias"},"Unidade",300,0.3,"DI 1",0.38,114,null,{"$f":"IF(OR($A805=0,$A805=\"S\",$A805>CFF!$A$9),\"\",MAX(W$11:OFFSET(W805,-1,0))+1)","v":""},"Serv. Terc.-001",{"$f":"IF(X805<>FALSE,MATCH(X805,OFFSET(Banco,0,0,,1),0))","v":81},null,{"$f":"IF($J805=$G$2,ROUND(IF(ISNUMBER(S805),S805,IF(LEFT(S805,2)=\"DI\",HLOOKUP(S805,DADOS!$T$29:$X$30,2,FALSE),0)),4),\"\")","v":0.25}]
[{"$f":"CHOOSE(1+LOG(1+2*(J806=$C$2)+4*(J806=$D$2)+8*(J806=$E$2)+16*(J806=$F$2)+32*(J806=$G$2),2),0,1,2,3,4,\"S\")","v":"S"},{"$f":"IF(OR(A806=\"S\",A806=0),0,IF(ISERROR(I806),H806,SMALL(H806:I806,1)))","v":0},10,1,0,0,6,{"$f":"IF(OR($A806=\"S\",$A806=0),0,MATCH(0,OFFSET($B806,1,$A806,ROW($A$1504)-ROW($A806)),0))","v":0},{"$f":"IF(OR($A806=\"S\",$A806=0),0,MATCH(OFFSET($B806,0,$A806)+1,OFFSET($B806,1,$A806,ROW($A$1504)-ROW($A806)),0))","v":0},"Insumo",{"$f":"IF($A806=0,\"-\",CONCATENATE(C806&\".\",IF(AND($A$5>=2,$A806>=2),D806&\".\",\"\"),IF(AND($A$5>=3,$A806>=3),E806&\".\",\"\"),IF(AND($A$5>=4,$A806>=4),F806&\".\",\"\"),IF($A806=\"S\",G806&\".\",\"\")))","v":"10.1.6."},"Cotação","Serv. Terc.","017",{"$f":"IF(NOT(ISERROR($Y806)),IF($Y806<>FALSE,INDEX(Banco,$Y806,5),\"\"),\"\")","v":"Instrutor/Monitor (Educação Fisíca)"},"Horas",3,100,"DI 1",125,375,null,{"$f":"IF(OR($A806=0,$A806=\"S\",$A806>CFF!$A$9),\"\",MAX(W$11:OFFSET(W806,-1,0))+1)","v":""},"Serv. Terc.-017",{"$f":"IF(X806<>FALSE,MATCH(X806,OFFSET(Banco,0,0,,1),0))","v":97},null,{"$f":"IF($J806=$G$2,ROUND(IF(ISNUMBER(S806),S806,IF(LEFT(S806,2)=\"DI\",HLOOKUP(S806,DADOS!$T$29:$X$30,2,FALSE),0)),4),\"\")","v":0.25}]
["S",0,10,1,0,0,7,{"$f":"IF(OR($A807=\"S\",$A807=0),0,MATCH(0,OFFSET($B807,1,$A807,ROW($A$1504)-ROW($A807)),0))","v":0},{"$f":"IF(OR($A807=\"S\",$A807=0),0,MATCH(OFFSET($B807,0,$A807)+1,OFFSET($B807,1,$A807,ROW($A$1504)-ROW($A807)),0))","v":0},"Insumo","10.1.7.","Cotação","Serv. Terc.","002","Carro de som com gravação de vinheta","Horas",3,200,"DI 1",250,750,null,{"$f":"IF(OR($A807=0,$A807=\"S\",$A807>CFF!$A$9),\"\",MAX(W$11:OFFSET(W807,-1,0))+1)","v":""},"Serv. Terc.-002",82,null,{"$f":"IF($J807=$G$2,ROUND(IF(ISNUMBER(S807),S807,IF(LEFT(S807,2)=\"DI\",HLOOKUP(S807,DADOS!$T$29:$X$30,2,FALSE),0)),4),\"\")","v":0.25}]
["S",0,10,1,0,0,8,{"$f":"IF(OR($A808=\"S\",$A808=0),0,MATCH(0,OFFSET($B808,1,$A808,ROW($A$1504)-ROW($A808)),0))","v":0},{"$f":"IF(OR($A808=\"S\",$A808=0),0,MATCH(OFFSET($B808,0,$A808)+1,OFFSET($B808,1,$A808,ROW($A$1504)-ROW($A808)),0))","v":0},"Insumo","10.1.8.","Cotação","Serv. Terc.","003","Locação de mesas","Unidade",20,3,"DI 1",3.75,75,null,{"$f":"IF(OR($A808=0,$A808=\"S\",$A808>CFF!$A$9),\"\",MAX(W$11:OFFSET(W808,-1,0))+1)","v":""},"Serv. Terc.-003",83,null,{"$f":"IF($J808=$G$2,ROUND(IF(ISNUMBER(S808),S808,IF(LEFT(S808,2)=\"DI\",HLOOKUP(S808,DADOS!$T$29:$X$30,2,FALSE),0)),4),\"\")","v":0.25}]
["S",0,10,1,0,0,9,{"$f":"IF(OR($A809=\"S\",$A809=0),0,MATCH(0,OFFSET($B809,1,$A809,ROW($A$1504)-ROW($A809)),0))","v":0},{"$f":"IF(OR($A809=\"S\",$A809=0),0,MATCH(OFFSET($B809,0,$A809)+1,OFFSET($B809,1,$A809,ROW($A$1504)-ROW($A809)),0))","v":0},"Insumo","10.1.9.","Cotação","Serv. Terc.","004","Locação de cadeiras","Unidade",400,2,"DI 1",2.5,1000,null,{"$f":"IF(OR($A809=0,$A809=\"S\",$A809>CFF!$A$9),\"\",MAX(W$11:OFFSET(W809,-1,0))+1)","v":""},"Serv. Terc.-004",84,null,{"$f":"IF($J809=$G$2,ROUND(IF(ISNUMBER(S809),S809,IF(LEFT(S809,2)=\"DI\",HLOOKUP(S809,DADOS!$T$29:$X$30,2,FALSE),0)),4),\"\")","v":0.25}]
["S",0,10,1,0,0,10,{"$f":"IF(OR($A810=\"S\",$A810=0),0,MATCH(0,OFFSET($B810,1,$A810,ROW($A$1504)-ROW($A810)),0))","v":0},{"$f":"IF(OR($A810=\"S\",$A810=0),0,MATCH(OFFSET($B810,0,$A810)+1,OFFSET($B810,1,$A810,ROW($A$1504)-ROW($A810)),0))","v":0},"Insumo","10.1.10.","Cotação","Serv. Terc.","005","Locação de caixa térmica","Unidade",2,40,"DI 1",50,100,null,{"$f":"IF(OR($A810=0,$A810=\"S\",$A810>CFF!$A$9),\"\",MAX(W$11:OFFSET(W810,-1,0))+1)","v":""},"Serv. Terc.-005",85,null,{"$f":"IF($J810=$G$2,ROUND(IF(ISNUMBER(S810),S810,IF(LEFT(S810,2)=\"DI\",HLOOKUP(S810,DADOS!$T$29:$X$30,2,FALSE),0)),4),\"\")","v":0.25}]
["S",0,10,1,0,0,11,{"$f":"IF(OR($A811=\"S\",$A811=0),0,MATCH(0,OFFSET($B811,1,$A811,ROW($A$1504)-ROW($A811)),0))","v":0},{"$f":"IF(OR($A811=\"S\",$A811=0),0,MATCH(OFFSET($B811,0,$A811)+1,OFFSET($B811,1,$A811,ROW($A$1504)-ROW($A811)),0))","v":0},"Insumo","10.1.11.","Cotação","Serv. Terc.","006","Locação de tendas","Unidade",3,250,"DI 1",312.5,937.5,null,{"$f":"IF(OR($A811=0,$A811=\"S\",$A811>CFF!$A$9),\"\",MAX(W$11:OFFSET(W811,-1,0))+1)","v":""},"Serv. Terc.-006",86,null,{"$f":"IF($J811=$G$2,ROUND(IF(ISNUMBER(S811),S811,IF(LEFT(S811,2)=\"DI\",HLOOKUP(S811,DADOS!$T$29:$X$30,2,FALSE),0)),4),\"\")","v":0.25}]
["S",0,10,1,0,0,12,{"$f":"IF(OR($A812=\"S\",$A812=0),0,MATCH(0,OFFSET($B812,1,$A812,ROW($A$1504)-ROW($A812)),0))","v":0},{"$f":"IF(OR($A812=\"S\",$A812=0),0,MATCH(OFFSET($B812,0,$A812)+1,OFFSET($B812,1,$A812,ROW($A$1504)-ROW($A812)),0))","v":0},"Insumo","10.1.12.","Cotação","Serv. Terc.","008","Locação de pula-pula com monitor","Unidade",2,220,"DI 1",275,550,null,{"$f":"IF(OR($A812=0,$A812=\"S\",$A812>CFF!$A$9),\"\",MAX(W$11:OFFSET(W812,-1,0))+1)","v":""},"Serv. Terc.-008",88,null,{"$f":"IF($J812=$G$2,ROUND(IF(ISNUMBER(S812),S812,IF(LEFT(S812,2)=\"DI\",HLOOKUP(S812,DADOS!$T$29:$X$30,2,FALSE),0)),4),\"\")","v":0.25}]
["S",0,10,1,0,0,13,{"$f":"IF(OR($A813=\"S\",$A813=0),0,MATCH(0,OFFSET($B813,1,$A813,ROW($A$1504)-ROW($A813)),0))","v":0},{"$f":"IF(OR($A813=\"S\",$A813=0),0,MATCH(OFFSET($B813,0,$A813)+1,OFFSET($B813,1,$A813,ROW($A$1504)-ROW($A813)),0))","v":0},"Insumo","10.1.13.","Cotação","Serv. Terc.","012",{"$f":"IF(NOT(ISERROR($Y813)),IF($Y813<>FALSE,INDEX(Banco,$Y813,5),\"\"),\"\")","v":"Água (garrafão de 20 litros)"},"Unidade",2,10,"DI 1",12.5,25,null,{"$f":"IF(OR($A813=0,$A813=\"S\",$A813>CFF!$A$9),\"\",MAX(W$11:OFFSET(W813,-1,0))+1)","v":""},"Serv. Terc.-012",92,null,{"$f":"IF($J813=$G$2,ROUND(IF(ISNUMBER(S813),S813,IF(LEFT(S813,2)=\"DI\",HLOOKUP(S813,DADOS!$T$29:$X$30,2,FALSE),0)),4),\"\")","v":0.25}]
["S",0,10,1,0,0,14,{"$f":"IF(OR($A814=\"S\",$A814=0),0,MATCH(0,OFFSET($B814,1,$A814,ROW($A$1504)-ROW($A814)),0))","v":0},{"$f":"IF(OR($A814=\"S\",$A814=0),0,MATCH(OFFSET($B814,0,$A814)+1,OFFSET($B814,1,$A814,ROW($A$1504)-ROW($A814)),0))","v":0},"Insumo","10.1.14.","Cotação ","Serv. Terc.","011",{"$f":"IF(NOT(ISERROR($Y814)),IF($Y814<>FALSE,INDEX(Banco,$Y814,5),\"\"),\"\")","v":"Barra de gelo"},"Unidade",4,12,"DI 1",15,60,null,{"$f":"IF(OR($A814=0,$A814=\"S\",$A814>CFF!$A$9),\"\",MAX(W$11:OFFSET(W814,-1,0))+1)","v":""},"Serv. Terc.-011",91,null,{"$f":"IF($J814=$G$2,ROUND(IF(ISNUMBER(S814),S814,IF(LEFT(S814,2)=\"DI\",HLOOKUP(S814,DADOS!$T$29:$X$30,2,FALSE),0)),4),\"\")","v":0.25}]
["S",0,10,1,0,0,15,{"$f":"IF(OR($A815=\"S\",$A815=0),0,MATCH(0,OFFSET($B815,1,$A815,ROW($A$1504)-ROW($A815)),0))","v":0},{"$f":"IF(OR($A815=\"S\",$A815=0),0,MATCH(OFFSET($B815,0,$A815)+1,OFFSET($B815,1,$A815,ROW($A$1504)-ROW($A815)),0))","v":0},"Insumo","10.1.15.","Cotação","Serv. Terc.","027","Refrigerantes (02 litros) ","Unidade",20,6,"DI 1",7.5,150,null,{"$f":"IF(OR($A815=0,$A815=\"S\",$A815>CFF!$A$9),\"\",MAX(W$11:OFFSET(W815,-1,0))+1)","v":""},"Serv. Terc.-027",107,null,{"$f":"IF($J815=$G$2,ROUND(IF(ISNUMBER(S815),S815,IF(LEFT(S815,2)=\"DI\",HLOOKUP(S815,DADOS!$T$29:$X$30,2,FALSE),0)),4),\"\")","v":0.25}]
["S",0,10,1,0,0,16,{"$f":"IF(OR($A816=\"S\",$A816=0),0,MATCH(0,OFFSET($B816,1,$A816,ROW($A$1504)-ROW($A816)),0))","v":0},{"$f":"IF(OR($A816=\"S\",$A816=0),0,MATCH(OFFSET($B816,0,$A816)+1,OFFSET($B816,1,$A816,ROW($A$1504)-ROW($A816)),0))","v":0},"Insumo","10.1.16.","Cotação","Rec. Materiais","020",{"$f":"IF(NOT(ISERROR($Y816)),IF($Y816<>FALSE,INDEX(Banco,$Y816,5),\"\"),\"\")","v":"Guloseimas (balas e pirulito)"},"Pacote",6,12,"DI 1",15,90,null,{"$f":"IF(OR($A816=0,$A816=\"S\",$A816>CFF!$A$9),\"\",MAX(W$11:OFFSET(W816,-1,0))+1)","v":""},"Rec. Materiais-020",29,null,{"$f":"IF($J816=$G$2,ROUND(IF(ISNUMBER(S816),S816,IF(LEFT(S816,2)=\"DI\",HLOOKUP(S816,DADOS!$T$29:$X$30,2,FALSE),0)),4),\"\")","v":0.25}]
[{"$f":"CHOOSE(1+LOG(1+2*(J817=$C$2)+4*(J817=$D$2)+8*(J817=$E$2)+16*(J817=$F$2)+32*(J817=$G$2),2),0,1,2,3,4,\"S\")","v":"S"},{"$f":"IF(OR(A817=\"S\",A817=0),0,IF(ISERROR(I817),H817,SMALL(H817:I817,1)))","v":0},10,1,0,0,17,{"$f":"IF(OR($A817=\"S\",$A817=0),0,MATCH(0,OFFSET($B817,1,$A817,ROW($A$1504)-ROW($A817)),0))","v":0},{"$f":"IF(OR($A817=\"S\",$A817=0),0,MATCH(OFFSET($B817,0,$A817)+1,OFFSET($B817,1,$A817,ROW($A$1504)-ROW($A817)),0))","v":0},"Insumo",{"$f":"IF($A817=0,\"-\",CONCATENATE(C817&\".\",IF(AND($A$5>=2,$A817>=2),D817&\".\",\"\"),IF(AND($A$5>=3,$A817>=3),E817&\".\",\"\"),IF(AND($A$5>=4,$A817>=4),F817&\".\",\"\"),IF($A817=\"S\",G817&\".\",\"\")))","v":"10.1.17."},"Cotação","Serv. Terc.","017",{"$f":"IF(NOT(ISERROR($Y817)),IF($Y817<>FALSE,INDEX(Banco,$Y817,5),\"\"),\"\")","v":"Instrutor/Monitor (Educação Fisíca)"},"Horas",6,100,"DI 1",125,750,null,{"$f":"IF(OR($A817=0,$A817=\"S\",$A817>CFF!$A$9),\"\",MAX(W$11:OFFSET(W817,-1,0))+1)","v":""},"Serv. Terc.-017",{"$f":"IF(X817<>FALSE,MATCH(X817,OFFSET(Banco,0,0,,1),0))","v":97},null,{"$f":"IF($J817=$G$2,ROUND(IF(ISNUMBER(S817),S817,IF(LEFT(S817,2)=\"DI\",HLOOKUP(S817,DADOS!$T$29:$X$30,2,FALSE),0)),4),\"\")","v":0.25}]
[{"$f":"CHOOSE(1+LOG(1+2*(J818=$C$2)+4*(J818=$D$2)+8*(J818=$E$2)+16*(J818=$F$2)+32*(J818=$G$2),2),0,1,2,3,4,\"S\")","v":"S"},{"$f":"IF(OR(A818=\"S\",A818=0),0,IF(ISERROR(I818),H818,SMALL(H818:I818,1)))","v":0},10,1,0,0,18,{"$f":"IF(OR($A818=\"S\",$A818=0),0,MATCH(0,OFFSET($B818,1,$A818,ROW($A$1504)-ROW($A818)),0))","v":0},{"$f":"IF(OR($A818=\"S\",$A818=0),0,MATCH(OFFSET($B818,0,$A818)+1,OFFSET($B818,1,$A818,ROW($A$1504)-ROW($A818)),0))","v":0},"Insumo",{"$f":"IF($A818=0,\"-\",CONCATENATE(C818&\".\",IF(AND($A$5>=2,$A818>=2),D818&\".\",\"\"),IF(AND($A$5>=3,$A818>=3),E818&\".\",\"\"),IF(AND($A$5>=4,$A818>=4),F818&\".\",\"\"),IF($A818=\"S\",G818&\".\",\"\")))","v":"10.1.18."},"COREN","Serv. Terc.","086",{"$f":"IF(NOT(ISERROR($Y818)),IF($Y818<>FALSE,INDEX(Banco,$Y818,5),\"\"),\"\")","v":"Técnica de Enfermagem (Instrutor)"},"Horas",6,92.65,"DI 1",115.81,694.86,null,{"$f":"IF(OR($A818=0,$A818=\"S\",$A818>CFF!$A$9),\"\",MAX(W$11:OFFSET(W818,-1,0))+1)","v":""},"Serv. Terc.-086",{"$f":"IF(X818<>FALSE,MATCH(X818,OFFSET(Banco,0,0,,1),0))","v":166},null,{"$f":"IF($J818=$G$2,ROUND(IF(ISNUMBER(S818),S818,IF(LEFT(S818,2)=\"DI\",HLOOKUP(S818,DADOS!$T$29:$X$30,2,FALSE),0)),4),\"\")","v":0.25}]
[{"$f":"CHOOSE(1+LOG(1+2*(J819=$C$2)+4*(J819=$D$2)+8*(J819=$E$2)+16*(J819=$F$2)+32*(J819=$G$2),2),0,1,2,3,4,\"S\")","v":"S"},{"$f":"IF(OR(A819=\"S\",A819=0),0,IF(ISERROR(I819),H819,SMALL(H819:I819,1)))","v":0},10,1,0,0,19,{"$f":"IF(OR($A819=\"S\",$A819=0),0,MATCH(0,OFFSET($B819,1,$A819,ROW($A$1504)-ROW($A819)),0))","v":0},{"$f":"IF(OR($A819=\"S\",$A819=0),0,MATCH(OFFSET($B819,0,$A819)+1,OFFSET($B819,1,$A819,ROW($A$1504)-ROW($A819)),0))","v":0},"Insumo",{"$f":"IF($A819=0,\"-\",CONCATENATE(C819&\".\",IF(AND($A$5>=2,$A819>=2),D819&\".\",\"\"),IF(AND($A$5>=3,$A819>=3),E819&\".\",\"\"),IF(AND($A$5>=4,$A819>=4),F819&\".\",\"\"),IF($A819=\"S\",G819&\".\",\"\")))","v":"10.1.19."},"Cotação","Serv. Terc.","074",{"$f":"IF(NOT(ISERROR($Y819)),IF($Y819<>FALSE,INDEX(Banco,$Y819,5),\"\"),\"\")","v":"Arco decorativo de balão (com 200 unidades)"},"Unidade",2,250,"DI 1",312.5,625,null,{"$f":"IF(OR($A819=0,$A819=\"S\",$A819>CFF!$A$9),\"\",MAX(W$11:OFFSET(W819,-1,0))+1)","v":""},"Serv. Terc.-074",{"$f":"IF(X819<>FALSE,MATCH(X819,OFFSET(Banco,0,0,,1),0))","v":154},null,{"$f":"IF($J819=$G$2,ROUND(IF(ISNUMBER(S819),S819,IF(LEFT(S819,2)=\"DI\",HLOOKUP(S819,DADOS!$T$29:$X$30,2,FALSE),0)),4),\"\")","v":0.25}]
[{"$f":"CHOOSE(1+LOG(1+2*(J820=$C$2)+4*(J820=$D$2)+8*(J820=$E$2)+16*(J820=$F$2)+32*(J820=$G$2),2),0,1,2,3,4,\"S\")","v":"S"},{"$f":"IF(OR(A820=\"S\",A820=0),0,IF(ISERROR(I820),H820,SMALL(H820:I820,1)))","v":0},{"$f":"IF($A820=1,OFFSET(C820,-1,0)+1,OFFSET(C820,-1,0))","v":10},{"$f":"IF($A820=1,0,IF($A820=2,OFFSET(D820,-1,0)+1,OFFSET(D820,-1,0)))","v":1},{"$f":"IF(AND($A820<=2,$A820<>0),0,IF($A820=3,OFFSET(E820,-1,0)+1,OFFSET(E820,-1,0)))","v":0},{"$f":"IF(AND($A820<=3,$A820<>0),0,IF($A820=4,OFFSET(F820,-1,0)+1,OFFSET(F820,-1,0)))","v":0},{"$f":"IF(AND($A820<=4,$A820<>0),0,IF($A820=\"S\",OFFSET(G820,-1,0)+1,OFFSET(G820,-1,0)))","v":20},{"$f":"IF(OR($A820=\"S\",$A820=0),0,MATCH(0,OFFSET($B820,1,$A820,ROW($A$1504)-ROW($A820)),0))","v":0},{"$f":"IF(OR($A820=\"S\",$A820=0),0,MATCH(OFFSET($B820,0,$A820)+1,OFFSET($B820,1,$A820,ROW($A$1504)-ROW($A820)),0))","v":0},"Insumo",{"$f":"IF($A820=0,\"-\",CONCATENATE(C820&\".\",IF(AND($A$5>=2,$A820>=2),D820&\".\",\"\"),IF(AND($A$5>=3,$A820>=3),E820&\".\",\"\"),IF(AND($A$5>=4,$A820>=4),F820&\".\",\"\"),IF($A820=\"S\",G820&\".\",\"\")))","v":"10.1.20."},{"$f":"IF(NOT(ISERROR($Y820)),IF($Y820<>FALSE,INDEX(Banco,$Y820,4),\"\"),\"\")","v":"Cotação"},"Serv. Terc.","036",{"$f":"IF(NOT(ISERROR($Y820)),IF($Y820<>FALSE,INDEX(Banco,$Y820,5),\"\"),\"\")","v":"Locação de carrinho de picolé"},{"$f":"IF(NOT(ISERROR($Y820)),IF($Y820<>FALSE,INDEX(Banco,$Y820,6),\"\"),\"\")","v":"Unidade"},2,{"$f":"IF(NOT(ISERROR($Y820)),IF($Y820<>FALSE,INDEX(Banco,$Y820,7),0),0)","v":186},"DI 1",{"$f":"IF($J820=$G$2,ROUND(ROUND($R820,2)*IF($R$9=\"Preço Unitário (R$)\",1,1+$AA820),2),0)","v":232.5},{"$f":"IF($A820=\"S\",VTOTAL1,IF($A820=0,0,ROUND(SomaAgrup,2)))","v":465},null,{"$f":"IF(OR($A820=0,$A820=\"S\",$A820>CFF!$A$9),\"\",MAX(W$11:OFFSET(W820,-1,0))+1)","v":""},{"$f":"IF(AND($J820=$G$2,$N820<>\"\",$M820<>\"\"),CONCATENATE($M820,\"-\",$N820))","v":"Serv. Terc.-036"},{"$f":"IF(X820<>FALSE,MATCH(X820,OFFSET(Banco,0,0,,1),0))","v":116},null,{"$f":"IF($J820=$G$2,ROUND(IF(ISNUMBER(S820),S820,IF(LEFT(S820,2)=\"DI\",HLOOKUP(S820,DADOS!$T$29:$X$30,2,FALSE),0)),4),\"\")","v":0.25}]
["S",0,10,1,0,0,21,{"$f":"IF(OR($A821=\"S\",$A821=0),0,MATCH(0,OFFSET($B821,1,$A821,ROW($A$1504)-ROW($A821)),0))","v":0},{"$f":"IF(OR($A821=\"S\",$A821=0),0,MATCH(OFFSET($B821,0,$A821)+1,OFFSET($B821,1,$A821,ROW($A$1504)-ROW($A821)),0))","v":0},"Insumo","10.1.21.","Cotação","Serv. Terc.","037","Locação carrinho de pipoca","Unidade",2,190,"DI 1",237.5,475,null,{"$f":"IF(OR($A821=0,$A821=\"S\",$A821>CFF!$A$9),\"\",MAX(W$11:OFFSET(W821,-1,0))+1)","v":""},"Serv. Terc.-037",117,null,{"$f":"IF($J821=$G$2,ROUND(IF(ISNUMBER(S821),S821,IF(LEFT(S821,2)=\"DI\",HLOOKUP(S821,DADOS!$T$29:$X$30,2,FALSE),0)),4),\"\")","v":0.25}]
["S",0,10,1,0,0,22,{"$f":"IF(OR($A822=\"S\",$A822=0),0,MATCH(0,OFFSET($B822,1,$A822,ROW($A$1504)-ROW($A822)),0))","v":0},{"$f":"IF(OR($A822=\"S\",$A822=0),0,MATCH(OFFSET($B822,0,$A822)+1,OFFSET($B822,1,$A822,ROW($A$1504)-ROW($A822)),0))","v":0},"Insumo","10.1.22.","Cotação","Serv. Terc.","038","Locação carrinho de algodão doce","Unidade",2,200,"DI 1",250,500,null,{"$f":"IF(OR($A822=0,$A822=\"S\",$A822>CFF!$A$9),\"\",MAX(W$11:OFFSET(W822,-1,0))+1)","v":""},"Serv. Terc.-038",118,null,{"$f":"IF($J822=$G$2,ROUND(IF(ISNUMBER(S822),S822,IF(LEFT(S822,2)=\"DI\",HLOOKUP(S822,DADOS!$T$29:$X$30,2,FALSE),0)),4),\"\")","v":0.25}]
["S",0,10,1,0,0,23,{"$f":"IF(OR($A823=\"S\",$A823=0),0,MATCH(0,OFFSET($B823,1,$A823,ROW($A$1504)-ROW($A823)),0))","v":0},{"$f":"IF(OR($A823=\"S\",$A823=0),0,MATCH(OFFSET($B823,0,$A823)+1,OFFSET($B823,1,$A823,ROW($A$1504)-ROW($A823)),0))","v":0},"Insumo","10.1.23.","Cotação","Serv. Terc.","039","Locação carrinho de cachorro quente","Unidade",2,250,"DI 1",312.5,625,null,{"$f":"IF(OR($A823=0,$A823=\"S\",$A823>CFF!$A$9),\"\",MAX(W$11:OFFSET(W823,-1,0))+1)","v":""},"Serv. Terc.-039",119,null,{"$f":"IF($J823=$G$2,ROUND(IF(ISNUMBER(S823),S823,IF(LEFT(S823,2)=\"DI\",HLOOKUP(S823,DADOS!$T$29:$X$30,2,FALSE),0)),4),\"\")","v":0.25}]
["S",0,10,1,0,0,24,{"$f":"IF(OR($A824=\"S\",$A824=0),0,MATCH(0,OFFSET($B824,1,$A824,ROW($A$1504)-ROW($A824)),0))","v":0},{"$f":"IF(OR($A824=\"S\",$A824=0),0,MATCH(OFFSET($B824,0,$A824)+1,OFFSET($B824,1,$A824,ROW($A$1504)-ROW($A824)),0))","v":0},"Insumo","10.1.24.","Cotação","Rec. Materiais","026","Saco de lixo (100 litros)","Pacote",4,15,"DI 1",18.75,75,null,{"$f":"IF(OR($A824=0,$A824=\"S\",$A824>CFF!$A$9),\"\",MAX(W$11:OFFSET(W824,-1,0))+1)","v":""},"Rec. Materiais-026",35,null,{"$f":"IF($J824=$G$2,ROUND(IF(ISNUMBER(S824),S824,IF(LEFT(S824,2)=\"DI\",HLOOKUP(S824,DADOS!$T$29:$X$30,2,FALSE),0)),4),\"\")","v":0.25}]
[{"$f":"CHOOSE(1+LOG(1+2*(J825=$C$2)+4*(J825=$D$2)+8*(J825=$E$2)+16*(J825=$F$2)+32*(J825=$G$2),2),0,1,2,3,4,\"S\")","v":"S"},{"$f":"IF(OR(A825=\"S\",A825=0),0,IF(ISERROR(I825),H825,SMALL(H825:I825,1)))","v":0},{"$f":"IF($A825=1,OFFSET(C825,-1,0)+1,OFFSET(C825,-1,0))","v":10},{"$f":"IF($A825=1,0,IF($A825=2,OFFSET(D825,-1,0)+1,OFFSET(D825,-1,0)))","v":1},{"$f":"IF(AND($A825<=2,$A825<>0),0,IF($A825=3,OFFSET(E825,-1,0)+1,OFFSET(E825,-1,0)))","v":0},{"$f":"IF(AND($A825<=3,$A825<>0),0,IF($A825=4,OFFSET(F825,-1,0)+1,OFFSET(F825,-1,0)))","v":0},{"$f":"IF(AND($A825<=4,$A825<>0),0,IF($A825=\"S\",OFFSET(G825,-1,0)+1,OFFSET(G825,-1,0)))","v":25},{"$f":"IF(OR($A825=\"S\",$A825=0),0,MATCH(0,OFFSET($B825,1,$A825,ROW($A$1504)-ROW($A825)),0))","v":0},{"$f":"IF(OR($A825=\"S\",$A825=0),0,MATCH(OFFSET($B825,0,$A825)+1,OFFSET($B825,1,$A825,ROW($A$1504)-ROW($A825)),0))","v":0},"Insumo",{"$f":"IF($A825=0,\"-\",CONCATENATE(C825&\".\",IF(AND($A$5>=2,$A825>=2),D825&\".\",\"\"),IF(AND($A$5>=3,$A825>=3),E825&\".\",\"\"),IF(AND($A$5>=4,$A825>=4),F825&\".\",\"\"),IF($A825=\"S\",G825&\".\",\"\")))","v":"10.1.25."},{"$f":"IF(NOT(ISERROR($Y825)),IF($Y825<>FALSE,INDEX(Banco,$Y825,4),\"\"),\"\")","v":"Cotação"},"Rec. Materiais","002",{"$f":"IF(NOT(ISERROR($Y825)),IF($Y825<>FALSE,INDEX(Banco,$Y825,5),\"\"),\"\")","v":"Toner para impressora"},{"$f":"IF(NOT(ISERROR($Y825)),IF($Y825<>FALSE,INDEX(Banco,$Y825,6),\"\"),\"\")","v":"Unidade"},4,{"$f":"IF(NOT(ISERROR($Y825)),IF($Y825<>FALSE,INDEX(Banco,$Y825,7),0),0)","v":180},"DI 1",{"$f":"IF($J825=$G$2,ROUND(ROUND($R825,2)*IF($R$9=\"Preço Unitário (R$)\",1,1+$AA825),2),0)","v":225},{"$f":"IF($A825=\"S\",VTOTAL1,IF($A825=0,0,ROUND(SomaAgrup,2)))","v":900},null,{"$f":"IF(OR($A825=0,$A825=\"S\",$A825>CFF!$A$9),\"\",MAX(W$11:OFFSET(W825,-1,0))+1)","v":""},{"$f":"IF(AND($J825=$G$2,$N825<>\"\",$M825<>\"\"),CONCATENATE($M825,\"-\",$N825))","v":"Rec. Materiais-002"},{"$f":"IF(X825<>FALSE,MATCH(X825,OFFSET(Banco,0,0,,1),0))","v":11},null,{"$f":"IF($J825=$G$2,ROUND(IF(ISNUMBER(S825),S825,IF(LEFT(S825,2)=\"DI\",HLOOKUP(S825,DADOS!$T$29:$X$30,2,FALSE),0)),4),\"\")","v":0.25}]
[{"$f":"CHOOSE(1+LOG(1+2*(J826=$C$2)+4*(J826=$D$2)+8*(J826=$E$2)+16*(J826=$F$2)+32*(J826=$G$2),2),0,1,2,3,4,\"S\")","v":"S"},{"$f":"IF(OR(A826=\"S\",A826=0),0,IF(ISERROR(I826),H826,SMALL(H826:I826,1)))","v":0},{"$f":"IF($A826=1,OFFSET(C826,-1,0)+1,OFFSET(C826,-1,0))","v":10},{"$f":"IF($A826=1,0,IF($A826=2,OFFSET(D826,-1,0)+1,OFFSET(D826,-1,0)))","v":1},{"$f":"IF(AND($A826<=2,$A826<>0),0,IF($A826=3,OFFSET(E826,-1,0)+1,OFFSET(E826,-1,0)))","v":0},{"$f":"IF(AND($A826<=3,$A826<>0),0,IF($A826=4,OFFSET(F826,-1,0)+1,OFFSET(F826,-1,0)))","v":0},{"$f":"IF(AND($A826<=4,$A826<>0),0,IF($A826=\"S\",OFFSET(G826,-1,0)+1,OFFSET(G826,-1,0)))","v":26},{"$f":"IF(OR($A826=\"S\",$A826=0),0,MATCH(0,OFFSET($B826,1,$A826,ROW($A$1504)-ROW($A826)),0))","v":0},{"$f":"IF(OR($A826=\"S\",$A826=0),0,MATCH(OFFSET($B826,0,$A826)+1,OFFSET($B826,1,$A826,ROW($A$1504)-ROW($A826)),0))","v":0},"Insumo",{"$f":"IF($A826=0,\"-\",CONCATENATE(C826&\".\",IF(AND($A$5>=2,$A826>=2),D826&\".\",\"\"),IF(AND($A$5>=3,$A826>=3),E826&\".\",\"\"),IF(AND($A$5>=4,$A826>=4),F826&\".\",\"\"),IF($A826=\"S\",G826&\".\",\"\")))","v":"10.1.26."},{"$f":"IF(NOT(ISERROR($Y826)),IF($Y826<>FALSE,INDEX(Banco,$Y826,4),\"\"),\"\")","v":"Cotação"},"Rec. Materiais","001",{"$f":"IF(NOT(ISERROR($Y826)),IF($Y826<>FALSE,INDEX(Banco,$Y826,5),\"\"),\"\")","v":"Papel A4"},{"$f":"IF(NOT(ISERROR($Y826)),IF($Y826<>FALSE,INDEX(Banco,$Y826,6),\"\"),\"\")","v":"Resma"},1,{"$f":"IF(NOT(ISERROR($Y826)),IF($Y826<>FALSE,INDEX(Banco,$Y826,7),0),0)","v":28},"DI 1",{"$f":"IF($J826=$G$2,ROUND(ROUND($R826,2)*IF($R$9=\"Preço Unitário (R$)\",1,1+$AA826),2),0)","v":35},{"$f":"IF($A826=\"S\",VTOTAL1,IF($A826=0,0,ROUND(SomaAgrup,2)))","v":35},null,{"$f":"IF(OR($A826=0,$A826=\"S\",$A826>CFF!$A$9),\"\",MAX(W$11:OFFSET(W826,-1,0))+1)","v":""},{"$f":"IF(AND($J826=$G$2,$N826<>\"\",$M826<>\"\"),CONCATENATE($M826,\"-\",$N826))","v":"Rec. Materiais-001"},{"$f":"IF(X826<>FALSE,MATCH(X826,OFFSET(Banco,0,0,,1),0))","v":10},null,{"$f":"IF($J826=$G$2,ROUND(IF(ISNUMBER(S826),S826,IF(LEFT(S826,2)=\"DI\",HLOOKUP(S826,DADOS!$T$29:$X$30,2,FALSE),0)),4),\"\")","v":0.25}]
["S",0,10,1,0,0,27,{"$f":"IF(OR($A827=\"S\",$A827=0),0,MATCH(0,OFFSET($B827,1,$A827,ROW($A$1504)-ROW($A827)),0))","v":0},{"$f":"IF(OR($A827=\"S\",$A827=0),0,MATCH(OFFSET($B827,0,$A827)+1,OFFSET($B827,1,$A827,ROW($A$1504)-ROW($A827)),0))","v":0},"Insumo","10.1.27.","Cotação","Rec. Materiais","019","Copos descartáveis (2500 unidades)","Caixa",1,77.400000000000006,"DI 1",96.75,96.75,null,{"$f":"IF(OR($A827=0,$A827=\"S\",$A827>CFF!$A$9),\"\",MAX(W$11:OFFSET(W827,-1,0))+1)","v":""},"Rec. Materiais-019",28,null,{"$f":"IF($J827=$G$2,ROUND(IF(ISNUMBER(S827),S827,IF(LEFT(S827,2)=\"DI\",HLOOKUP(S827,DADOS!$T$29:$X$30,2,FALSE),0)),4),\"\")","v":0.25}]
[{"$f":"CHOOSE(1+LOG(1+2*(J828=$C$2)+4*(J828=$D$2)+8*(J828=$E$2)+16*(J828=$F$2)+32*(J828=$G$2),2),0,1,2,3,4,\"S\")","v":2},{"$f":"IF(OR(A828=\"S\",A828=0),0,IF(ISERROR(I828),H828,SMALL(H828:I828,1)))","v":3},{"$f":"IF($A828=1,OFFSET(C828,-1,0)+1,OFFSET(C828,-1,0))","v":10},{"$f":"IF($A828=1,0,IF($A828=2,OFFSET(D828,-1,0)+1,OFFSET(D828,-1,0)))","v":2},{"$f":"IF(AND($A828<=2,$A828<>0),0,IF($A828=3,OFFSET(E828,-1,0)+1,OFFSET(E828,-1,0)))","v":0},{"$f":"IF(AND($A828<=3,$A828<>0),0,IF($A828=4,OFFSET(F828,-1,0)+1,OFFSET(F828,-1,0)))","v":0},{"$f":"IF(AND($A828<=4,$A828<>0),0,IF($A828=\"S\",OFFSET(G828,-1,0)+1,OFFSET(G828,-1,0)))","v":0},{"$f":"IF(OR($A828=\"S\",$A828=0),0,MATCH(0,OFFSET($B828,1,$A828,ROW($A$1504)-ROW($A828)),0))","v":116},{"$f":"IF(OR($A828=\"S\",$A828=0),0,MATCH(OFFSET($B828,0,$A828)+1,OFFSET($B828,1,$A828,ROW($A$1504)-ROW($A828)),0))","v":3},"AtivNível 1",{"$f":"IF($A828=0,\"-\",CONCATENATE(C828&\".\",IF(AND($A$5>=2,$A828>=2),D828&\".\",\"\"),IF(AND($A$5>=3,$A828>=3),E828&\".\",\"\"),IF(AND($A$5>=4,$A828>=4),F828&\".\",\"\"),IF($A828=\"S\",G828&\".\",\"\")))","v":"10.2."},{"$f":"IF(NOT(ISERROR($Y828)),IF($Y828<>FALSE,INDEX(Banco,$Y828,4),\"\"),\"\")","v":""},null,null,"Atividade 65 - Plantão Social região Parque São João",{"$f":"IF(NOT(ISERROR($Y828)),IF($Y828<>FALSE,INDEX(Banco,$Y828,6),\"\"),\"\")","v":""},null,{"$f":"IF(NOT(ISERROR($Y828)),IF($Y828<>FALSE,INDEX(Banco,$Y828,7),0),0)","v":0},"DI 1",{"$f":"IF($J828=$G$2,ROUND(ROUND($R828,2)*IF($R$9=\"Preço Unitário (R$)\",1,1+$AA828),2),0)","v":0},{"$f":"IF($A828=\"S\",VTOTAL1,IF($A828=0,0,ROUND(SomaAgrup,2)))","v":3427.56},null,{"$f":"IF(OR($A828=0,$A828=\"S\",$A828>CFF!$A$9),\"\",MAX(W$11:OFFSET(W828,-1,0))+1)","v":75},{"$f":"IF(AND($J828=$G$2,$N828<>\"\",$M828<>\"\"),CONCATENATE($M828,\"-\",$N828))","v":false},{"$f":"IF(X828<>FALSE,MATCH(X828,OFFSET(Banco,0,0,,1),0))","v":false},null,{"$f":"IF($J828=$G$2,ROUND(IF(ISNUMBER(S828),S828,IF(LEFT(S828,2)=\"DI\",HLOOKUP(S828,DADOS!$T$29:$X$30,2,FALSE),0)),4),\"\")","v":""}]
[{"$f":"CHOOSE(1+LOG(1+2*(J829=$C$2)+4*(J829=$D$2)+8*(J829=$E$2)+16*(J829=$F$2)+32*(J829=$G$2),2),0,1,2,3,4,\"S\")","v":"S"},{"$f":"IF(OR(A829=\"S\",A829=0),0,IF(ISERROR(I829),H829,SMALL(H829:I829,1)))","v":0},{"$f":"IF($A829=1,OFFSET(C829,-1,0)+1,OFFSET(C829,-1,0))","v":10},{"$f":"IF($A829=1,0,IF($A829=2,OFFSET(D829,-1,0)+1,OFFSET(D829,-1,0)))","v":2},{"$f":"IF(AND($A829<=2,$A829<>0),0,IF($A829=3,OFFSET(E829,-1,0)+1,OFFSET(E829,-1,0)))","v":0},{"$f":"IF(AND($A829<=3,$A829<>0),0,IF($A829=4,OFFSET(F829,-1,0)+1,OFFSET(F829,-1,0)))","v":0},{"$f":"IF(AND($A829<=4,$A829<>0),0,IF($A829=\"S\",OFFSET(G829,-1,0)+1,OFFSET(G829,-1,0)))","v":1},{"$f":"IF(OR($A829=\"S\",$A829=0),0,MATCH(0,OFFSET($B829,1,$A829,ROW($A$1504)-ROW($A829)),0))","v":0},{"$f":"IF(OR($A829=\"S\",$A829=0),0,MATCH(OFFSET($B829,0,$A829)+1,OFFSET($B829,1,$A829,ROW($A$1504)-ROW($A829)),0))","v":0},"Insumo",{"$f":"IF($A829=0,\"-\",CONCATENATE(C829&\".\",IF(AND($A$5>=2,$A829>=2),D829&\".\",\"\"),IF(AND($A$5>=3,$A829>=3),E829&\".\",\"\"),IF(AND($A$5>=4,$A829>=4),F829&\".\",\"\"),IF($A829=\"S\",G829&\".\",\"\")))","v":"10.2.1."},{"$f":"IF(NOT(ISERROR($Y829)),IF($Y829<>FALSE,INDEX(Banco,$Y829,4),\"\"),\"\")","v":"CRESS"},"Rec. Humanos","001",{"$f":"IF(NOT(ISERROR($Y829)),IF($Y829<>FALSE,INDEX(Banco,$Y829,5),\"\"),\"\")","v":"Responsável Técnica"},{"$f":"IF(NOT(ISERROR($Y829)),IF($Y829<>FALSE,INDEX(Banco,$Y829,6),\"\"),\"\")","v":"Horas"},4,{"$f":"IF(NOT(ISERROR($Y829)),IF($Y829<>FALSE,INDEX(Banco,$Y829,7),0),0)","v":150.28},"DI 1",{"$f":"IF($J829=$G$2,ROUND(ROUND($R829,2)*IF($R$9=\"Preço Unitário (R$)\",1,1+$AA829),2),0)","v":187.85},{"$f":"IF($A829=\"S\",VTOTAL1,IF($A829=0,0,ROUND(SomaAgrup,2)))","v":751.4},null,{"$f":"IF(OR($A829=0,$A829=\"S\",$A829>CFF!$A$9),\"\",MAX(W$11:OFFSET(W829,-1,0))+1)","v":""},{"$f":"IF(AND($J829=$G$2,$N829<>\"\",$M829<>\"\"),CONCATENATE($M829,\"-\",$N829))","v":"Rec. Humanos-001"},{"$f":"IF(X829<>FALSE,MATCH(X829,OFFSET(Banco,0,0,,1),0))","v":3},null,{"$f":"IF($J829=$G$2,ROUND(IF(ISNUMBER(S829),S829,IF(LEFT(S829,2)=\"DI\",HLOOKUP(S829,DADOS!$T$29:$X$30,2,FALSE),0)),4),\"\")","v":0.25}]
["S",0,10,2,0,0,2,{"$f":"IF(OR($A830=\"S\",$A830=0),0,MATCH(0,OFFSET($B830,1,$A830,ROW($A$1504)-ROW($A830)),0))","v":0},{"$f":"IF(OR($A830=\"S\",$A830=0),0,MATCH(OFFSET($B830,0,$A830)+1,OFFSET($B830,1,$A830,ROW($A$1504)-ROW($A830)),0))","v":0},"Insumo","10.2.2.","CRESS","Rec. Humanos","002",{"$f":"IF(NOT(ISERROR($Y830)),IF($Y830<>FALSE,INDEX(Banco,$Y830,5),\"\"),\"\")","v":"Assistente Social"},"Horas",16,133.81,"DI 1",167.26,2676.16,null,{"$f":"IF(OR($A830=0,$A830=\"S\",$A830>CFF!$A$9),\"\",MAX(W$11:OFFSET(W830,-1,0))+1)","v":""},"Rec. Humanos-002",4,null,{"$f":"IF($J830=$G$2,ROUND(IF(ISNUMBER(S830),S830,IF(LEFT(S830,2)=\"DI\",HLOOKUP(S830,DADOS!$T$29:$X$30,2,FALSE),0)),4),\"\")","v":0.25}]
[{"$f":"CHOOSE(1+LOG(1+2*(J831=$C$2)+4*(J831=$D$2)+8*(J831=$E$2)+16*(J831=$F$2)+32*(J831=$G$2),2),0,1,2,3,4,\"S\")","v":2},{"$f":"IF(OR(A831=\"S\",A831=0),0,IF(ISERROR(I831),H831,SMALL(H831:I831,1)))","v":24},{"$f":"IF($A831=1,OFFSET(C831,-1,0)+1,OFFSET(C831,-1,0))","v":10},{"$f":"IF($A831=1,0,IF($A831=2,OFFSET(D831,-1,0)+1,OFFSET(D831,-1,0)))","v":3},{"$f":"IF(AND($A831<=2,$A831<>0),0,IF($A831=3,OFFSET(E831,-1,0)+1,OFFSET(E831,-1,0)))","v":0},{"$f":"IF(AND($A831<=3,$A831<>0),0,IF($A831=4,OFFSET(F831,-1,0)+1,OFFSET(F831,-1,0)))","v":0},{"$f":"IF(AND($A831<=4,$A831<>0),0,IF($A831=\"S\",OFFSET(G831,-1,0)+1,OFFSET(G831,-1,0)))","v":0},{"$f":"IF(OR($A831=\"S\",$A831=0),0,MATCH(0,OFFSET($B831,1,$A831,ROW($A$1504)-ROW($A831)),0))","v":113},{"$f":"IF(OR($A831=\"S\",$A831=0),0,MATCH(OFFSET($B831,0,$A831)+1,OFFSET($B831,1,$A831,ROW($A$1504)-ROW($A831)),0))","v":24},"AtivNível 1",{"$f":"IF($A831=0,\"-\",CONCATENATE(C831&\".\",IF(AND($A$5>=2,$A831>=2),D831&\".\",\"\"),IF(AND($A$5>=3,$A831>=3),E831&\".\",\"\"),IF(AND($A$5>=4,$A831>=4),F831&\".\",\"\"),IF($A831=\"S\",G831&\".\",\"\")))","v":"10.3."},{"$f":"IF(NOT(ISERROR($Y831)),IF($Y831<>FALSE,INDEX(Banco,$Y831,4),\"\"),\"\")","v":""},null,null,"Atividade 66 - Ação de saúde e gincana interativa região Jardim Ikaraí",{"$f":"IF(NOT(ISERROR($Y831)),IF($Y831<>FALSE,INDEX(Banco,$Y831,6),\"\"),\"\")","v":""},null,{"$f":"IF(NOT(ISERROR($Y831)),IF($Y831<>FALSE,INDEX(Banco,$Y831,7),0),0)","v":0},"DI 1",{"$f":"IF($J831=$G$2,ROUND(ROUND($R831,2)*IF($R$9=\"Preço Unitário (R$)\",1,1+$AA831),2),0)","v":0},{"$f":"IF($A831=\"S\",VTOTAL1,IF($A831=0,0,ROUND(SomaAgrup,2)))","v":9603.68},null,{"$f":"IF(OR($A831=0,$A831=\"S\",$A831>CFF!$A$9),\"\",MAX(W$11:OFFSET(W831,-1,0))+1)","v":76},{"$f":"IF(AND($J831=$G$2,$N831<>\"\",$M831<>\"\"),CONCATENATE($M831,\"-\",$N831))","v":false},{"$f":"IF(X831<>FALSE,MATCH(X831,OFFSET(Banco,0,0,,1),0))","v":false},null,{"$f":"IF($J831=$G$2,ROUND(IF(ISNUMBER(S831),S831,IF(LEFT(S831,2)=\"DI\",HLOOKUP(S831,DADOS!$T$29:$X$30,2,FALSE),0)),4),\"\")","v":""}]
["S",0,{"$f":"IF($A832=1,OFFSET(C832,-1,0)+1,OFFSET(C832,-1,0))","v":10},{"$f":"IF($A832=1,0,IF($A832=2,OFFSET(D832,-1,0)+1,OFFSET(D832,-1,0)))","v":3},{"$f":"IF(AND($A832<=2,$A832<>0),0,IF($A832=3,OFFSET(E832,-1,0)+1,OFFSET(E832,-1,0)))","v":0},{"$f":"IF(AND($A832<=3,$A832<>0),0,IF($A832=4,OFFSET(F832,-1,0)+1,OFFSET(F832,-1,0)))","v":0},{"$f":"IF(AND($A832<=4,$A832<>0),0,IF($A832=\"S\",OFFSET(G832,-1,0)+1,OFFSET(G832,-1,0)))","v":1},{"$f":"IF(OR($A832=\"S\",$A832=0),0,MATCH(0,OFFSET($B832,1,$A832,ROW($A$1504)-ROW($A832)),0))","v":0},{"$f":"IF(OR($A832=\"S\",$A832=0),0,MATCH(OFFSET($B832,0,$A832)+1,OFFSET($B832,1,$A832,ROW($A$1504)-ROW($A832)),0))","v":0},"Insumo","10.3.1.",{"$f":"IF(NOT(ISERROR($Y832)),IF($Y832<>FALSE,INDEX(Banco,$Y832,4),\"\"),\"\")","v":"CRESS"},"Rec. Humanos","001",{"$f":"IF(NOT(ISERROR($Y832)),IF($Y832<>FALSE,INDEX(Banco,$Y832,5),\"\"),\"\")","v":"Responsável Técnica"},{"$f":"IF(NOT(ISERROR($Y832)),IF($Y832<>FALSE,INDEX(Banco,$Y832,6),\"\"),\"\")","v":"Horas"},12,{"$f":"IF(NOT(ISERROR($Y832)),IF($Y832<>FALSE,INDEX(Banco,$Y832,7),0),0)","v":150.28},"DI 1",{"$f":"IF($J832=$G$2,ROUND(ROUND($R832,2)*IF($R$9=\"Preço Unitário (R$)\",1,1+$AA832),2),0)","v":187.85},{"$f":"IF($A832=\"S\",VTOTAL1,IF($A832=0,0,ROUND(SomaAgrup,2)))","v":2254.1999999999998},null,{"$f":"IF(OR($A832=0,$A832=\"S\",$A832>CFF!$A$9),\"\",MAX(W$11:OFFSET(W832,-1,0))+1)","v":""},{"$f":"IF(AND($J832=$G$2,$N832<>\"\",$M832<>\"\"),CONCATENATE($M832,\"-\",$N832))","v":"Rec. Humanos-001"},3,null,{"$f":"IF($J832=$G$2,ROUND(IF(ISNUMBER(S832),S832,IF(LEFT(S832,2)=\"DI\",HLOOKUP(S832,DADOS!$T$29:$X$30,2,FALSE),0)),4),\"\")","v":0.25}]
["S",0,10,3,0,0,2,{"$f":"IF(OR($A833=\"S\",$A833=0),0,MATCH(0,OFFSET($B833,1,$A833,ROW($A$1504)-ROW($A833)),0))","v":0},{"$f":"IF(OR($A833=\"S\",$A833=0),0,MATCH(OFFSET($B833,0,$A833)+1,OFFSET($B833,1,$A833,ROW($A$1504)-ROW($A833)),0))","v":0},"Insumo","10.3.2.","CRESS","Rec. Humanos","002",{"$f":"IF(NOT(ISERROR($Y833)),IF($Y833<>FALSE,INDEX(Banco,$Y833,5),\"\"),\"\")","v":"Assistente Social"},"Horas",10,133.81,"DI 1",167.26,1672.6,null,{"$f":"IF(OR($A833=0,$A833=\"S\",$A833>CFF!$A$9),\"\",MAX(W$11:OFFSET(W833,-1,0))+1)","v":""},"Rec. Humanos-002",4,null,{"$f":"IF($J833=$G$2,ROUND(IF(ISNUMBER(S833),S833,IF(LEFT(S833,2)=\"DI\",HLOOKUP(S833,DADOS!$T$29:$X$30,2,FALSE),0)),4),\"\")","v":0.25}]
["S",0,10,3,0,0,3,{"$f":"IF(OR($A834=\"S\",$A834=0),0,MATCH(0,OFFSET($B834,1,$A834,ROW($A$1504)-ROW($A834)),0))","v":0},{"$f":"IF(OR($A834=\"S\",$A834=0),0,MATCH(OFFSET($B834,0,$A834)+1,OFFSET($B834,1,$A834,ROW($A$1504)-ROW($A834)),0))","v":0},"Insumo","10.3.3.","Cotação","Rec. Humanos","003",{"$f":"IF(NOT(ISERROR($Y834)),IF($Y834<>FALSE,INDEX(Banco,$Y834,5),\"\"),\"\")","v":"Administrador (Técnico de Apoio) "},"Horas",4,103.65,"DI 1",129.56,518.24,null,{"$f":"IF(OR($A834=0,$A834=\"S\",$A834>CFF!$A$9),\"\",MAX(W$11:OFFSET(W834,-1,0))+1)","v":""},"Rec. Humanos-003",5,null,{"$f":"IF($J834=$G$2,ROUND(IF(ISNUMBER(S834),S834,IF(LEFT(S834,2)=\"DI\",HLOOKUP(S834,DADOS!$T$29:$X$30,2,FALSE),0)),4),\"\")","v":0.25}]
["S",0,10,3,0,0,4,{"$f":"IF(OR($A835=\"S\",$A835=0),0,MATCH(0,OFFSET($B835,1,$A835,ROW($A$1504)-ROW($A835)),0))","v":0},{"$f":"IF(OR($A835=\"S\",$A835=0),0,MATCH(OFFSET($B835,0,$A835)+1,OFFSET($B835,1,$A835,ROW($A$1504)-ROW($A835)),0))","v":0},"Insumo","10.3.4.","SINE","Rec. Humanos","004",{"$f":"IF(NOT(ISERROR($Y835)),IF($Y835<>FALSE,INDEX(Banco,$Y835,5),\"\"),\"\")","v":"Estagiários"},"Horas",22,9.7899999999999991,"DI 1",12.24,269.27999999999997,null,{"$f":"IF(OR($A835=0,$A835=\"S\",$A835>CFF!$A$9),\"\",MAX(W$11:OFFSET(W835,-1,0))+1)","v":""},"Rec. Humanos-004",6,null,{"$f":"IF($J835=$G$2,ROUND(IF(ISNUMBER(S835),S835,IF(LEFT(S835,2)=\"DI\",HLOOKUP(S835,DADOS!$T$29:$X$30,2,FALSE),0)),4),\"\")","v":0.25}]
[{"$f":"CHOOSE(1+LOG(1+2*(J836=$C$2)+4*(J836=$D$2)+8*(J836=$E$2)+16*(J836=$F$2)+32*(J836=$G$2),2),0,1,2,3,4,\"S\")","v":"S"},{"$f":"IF(OR(A836=\"S\",A836=0),0,IF(ISERROR(I836),H836,SMALL(H836:I836,1)))","v":0},10,3,0,0,5,{"$f":"IF(OR($A836=\"S\",$A836=0),0,MATCH(0,OFFSET($B836,1,$A836,ROW($A$1504)-ROW($A836)),0))","v":0},{"$f":"IF(OR($A836=\"S\",$A836=0),0,MATCH(OFFSET($B836,0,$A836)+1,OFFSET($B836,1,$A836,ROW($A$1504)-ROW($A836)),0))","v":0},"Insumo",{"$f":"IF($A836=0,\"-\",CONCATENATE(C836&\".\",IF(AND($A$5>=2,$A836>=2),D836&\".\",\"\"),IF(AND($A$5>=3,$A836>=3),E836&\".\",\"\"),IF(AND($A$5>=4,$A836>=4),F836&\".\",\"\"),IF($A836=\"S\",G836&\".\",\"\")))","v":"10.3.5."},"Cotação","Serv. Terc.","001",{"$f":"IF(NOT(ISERROR($Y836)),IF($Y836<>FALSE,INDEX(Banco,$Y836,5),\"\"),\"\")","v":"Fotocópias"},"Unidade",150,0.3,"DI 1",0.38,57,null,{"$f":"IF(OR($A836=0,$A836=\"S\",$A836>CFF!$A$9),\"\",MAX(W$11:OFFSET(W836,-1,0))+1)","v":""},"Serv. Terc.-001",{"$f":"IF(X836<>FALSE,MATCH(X836,OFFSET(Banco,0,0,,1),0))","v":81},null,{"$f":"IF($J836=$G$2,ROUND(IF(ISNUMBER(S836),S836,IF(LEFT(S836,2)=\"DI\",HLOOKUP(S836,DADOS!$T$29:$X$30,2,FALSE),0)),4),\"\")","v":0.25}]
[{"$f":"CHOOSE(1+LOG(1+2*(J837=$C$2)+4*(J837=$D$2)+8*(J837=$E$2)+16*(J837=$F$2)+32*(J837=$G$2),2),0,1,2,3,4,\"S\")","v":"S"},{"$f":"IF(OR(A837=\"S\",A837=0),0,IF(ISERROR(I837),H837,SMALL(H837:I837,1)))","v":0},{"$f":"IF($A837=1,OFFSET(C837,-1,0)+1,OFFSET(C837,-1,0))","v":10},{"$f":"IF($A837=1,0,IF($A837=2,OFFSET(D837,-1,0)+1,OFFSET(D837,-1,0)))","v":3},{"$f":"IF(AND($A837<=2,$A837<>0),0,IF($A837=3,OFFSET(E837,-1,0)+1,OFFSET(E837,-1,0)))","v":0},{"$f":"IF(AND($A837<=3,$A837<>0),0,IF($A837=4,OFFSET(F837,-1,0)+1,OFFSET(F837,-1,0)))","v":0},{"$f":"IF(AND($A837<=4,$A837<>0),0,IF($A837=\"S\",OFFSET(G837,-1,0)+1,OFFSET(G837,-1,0)))","v":6},{"$f":"IF(OR($A837=\"S\",$A837=0),0,MATCH(0,OFFSET($B837,1,$A837,ROW($A$1504)-ROW($A837)),0))","v":0},{"$f":"IF(OR($A837=\"S\",$A837=0),0,MATCH(OFFSET($B837,0,$A837)+1,OFFSET($B837,1,$A837,ROW($A$1504)-ROW($A837)),0))","v":0},"Insumo",{"$f":"IF($A837=0,\"-\",CONCATENATE(C837&\".\",IF(AND($A$5>=2,$A837>=2),D837&\".\",\"\"),IF(AND($A$5>=3,$A837>=3),E837&\".\",\"\"),IF(AND($A$5>=4,$A837>=4),F837&\".\",\"\"),IF($A837=\"S\",G837&\".\",\"\")))","v":"10.3.6."},{"$f":"IF(NOT(ISERROR($Y837)),IF($Y837<>FALSE,INDEX(Banco,$Y837,4),\"\"),\"\")","v":"Cotação"},"Serv. Terc.","017",{"$f":"IF(NOT(ISERROR($Y837)),IF($Y837<>FALSE,INDEX(Banco,$Y837,5),\"\"),\"\")","v":"Instrutor/Monitor (Educação Fisíca)"},{"$f":"IF(NOT(ISERROR($Y837)),IF($Y837<>FALSE,INDEX(Banco,$Y837,6),\"\"),\"\")","v":"Horas"},3,{"$f":"IF(NOT(ISERROR($Y837)),IF($Y837<>FALSE,INDEX(Banco,$Y837,7),0),0)","v":100},"DI 1",{"$f":"IF($J837=$G$2,ROUND(ROUND($R837,2)*IF($R$9=\"Preço Unitário (R$)\",1,1+$AA837),2),0)","v":125},{"$f":"IF($A837=\"S\",VTOTAL1,IF($A837=0,0,ROUND(SomaAgrup,2)))","v":375},null,{"$f":"IF(OR($A837=0,$A837=\"S\",$A837>CFF!$A$9),\"\",MAX(W$11:OFFSET(W837,-1,0))+1)","v":""},{"$f":"IF(AND($J837=$G$2,$N837<>\"\",$M837<>\"\"),CONCATENATE($M837,\"-\",$N837))","v":"Serv. Terc.-017"},{"$f":"IF(X837<>FALSE,MATCH(X837,OFFSET(Banco,0,0,,1),0))","v":97},null,{"$f":"IF($J837=$G$2,ROUND(IF(ISNUMBER(S837),S837,IF(LEFT(S837,2)=\"DI\",HLOOKUP(S837,DADOS!$T$29:$X$30,2,FALSE),0)),4),\"\")","v":0.25}]
["S",0,10,3,0,0,7,{"$f":"IF(OR($A838=\"S\",$A838=0),0,MATCH(0,OFFSET($B838,1,$A838,ROW($A$1504)-ROW($A838)),0))","v":0},{"$f":"IF(OR($A838=\"S\",$A838=0),0,MATCH(OFFSET($B838,0,$A838)+1,OFFSET($B838,1,$A838,ROW($A$1504)-ROW($A838)),0))","v":0},"Insumo","10.3.7.","Cotação","Serv. Terc.","002","Carro de som com gravação de vinheta","Horas",3,200,"DI 1",250,750,null,{"$f":"IF(OR($A838=0,$A838=\"S\",$A838>CFF!$A$9),\"\",MAX(W$11:OFFSET(W838,-1,0))+1)","v":""},"Serv. Terc.-002",82,null,{"$f":"IF($J838=$G$2,ROUND(IF(ISNUMBER(S838),S838,IF(LEFT(S838,2)=\"DI\",HLOOKUP(S838,DADOS!$T$29:$X$30,2,FALSE),0)),4),\"\")","v":0.25}]
["S",0,10,3,0,0,8,{"$f":"IF(OR($A839=\"S\",$A839=0),0,MATCH(0,OFFSET($B839,1,$A839,ROW($A$1504)-ROW($A839)),0))","v":0},{"$f":"IF(OR($A839=\"S\",$A839=0),0,MATCH(OFFSET($B839,0,$A839)+1,OFFSET($B839,1,$A839,ROW($A$1504)-ROW($A839)),0))","v":0},"Insumo","10.3.8.","Cotação","Serv. Terc.","003","Locação de mesas","Unidade",10,3,"DI 1",3.75,37.5,null,{"$f":"IF(OR($A839=0,$A839=\"S\",$A839>CFF!$A$9),\"\",MAX(W$11:OFFSET(W839,-1,0))+1)","v":""},"Serv. Terc.-003",83,null,{"$f":"IF($J839=$G$2,ROUND(IF(ISNUMBER(S839),S839,IF(LEFT(S839,2)=\"DI\",HLOOKUP(S839,DADOS!$T$29:$X$30,2,FALSE),0)),4),\"\")","v":0.25}]
["S",0,10,3,0,0,9,{"$f":"IF(OR($A840=\"S\",$A840=0),0,MATCH(0,OFFSET($B840,1,$A840,ROW($A$1504)-ROW($A840)),0))","v":0},{"$f":"IF(OR($A840=\"S\",$A840=0),0,MATCH(OFFSET($B840,0,$A840)+1,OFFSET($B840,1,$A840,ROW($A$1504)-ROW($A840)),0))","v":0},"Insumo","10.3.9.","Cotação","Serv. Terc.","004","Locação de cadeiras","Unidade",100,2,"DI 1",2.5,250,null,{"$f":"IF(OR($A840=0,$A840=\"S\",$A840>CFF!$A$9),\"\",MAX(W$11:OFFSET(W840,-1,0))+1)","v":""},"Serv. Terc.-004",84,null,{"$f":"IF($J840=$G$2,ROUND(IF(ISNUMBER(S840),S840,IF(LEFT(S840,2)=\"DI\",HLOOKUP(S840,DADOS!$T$29:$X$30,2,FALSE),0)),4),\"\")","v":0.25}]
["S",0,10,3,0,0,10,{"$f":"IF(OR($A841=\"S\",$A841=0),0,MATCH(0,OFFSET($B841,1,$A841,ROW($A$1504)-ROW($A841)),0))","v":0},{"$f":"IF(OR($A841=\"S\",$A841=0),0,MATCH(OFFSET($B841,0,$A841)+1,OFFSET($B841,1,$A841,ROW($A$1504)-ROW($A841)),0))","v":0},"Insumo","10.3.10.","Cotação","Serv. Terc.","005","Locação de caixa térmica","Unidade",1,40,"DI 1",50,50,null,{"$f":"IF(OR($A841=0,$A841=\"S\",$A841>CFF!$A$9),\"\",MAX(W$11:OFFSET(W841,-1,0))+1)","v":""},"Serv. Terc.-005",85,null,{"$f":"IF($J841=$G$2,ROUND(IF(ISNUMBER(S841),S841,IF(LEFT(S841,2)=\"DI\",HLOOKUP(S841,DADOS!$T$29:$X$30,2,FALSE),0)),4),\"\")","v":0.25}]
["S",0,10,3,0,0,11,{"$f":"IF(OR($A842=\"S\",$A842=0),0,MATCH(0,OFFSET($B842,1,$A842,ROW($A$1504)-ROW($A842)),0))","v":0},{"$f":"IF(OR($A842=\"S\",$A842=0),0,MATCH(OFFSET($B842,0,$A842)+1,OFFSET($B842,1,$A842,ROW($A$1504)-ROW($A842)),0))","v":0},"Insumo","10.3.11.","Cotação","Serv. Terc.","008","Locação de pula-pula com monitor","Unidade",1,220,"DI 1",275,275,null,{"$f":"IF(OR($A842=0,$A842=\"S\",$A842>CFF!$A$9),\"\",MAX(W$11:OFFSET(W842,-1,0))+1)","v":""},"Serv. Terc.-008",88,null,{"$f":"IF($J842=$G$2,ROUND(IF(ISNUMBER(S842),S842,IF(LEFT(S842,2)=\"DI\",HLOOKUP(S842,DADOS!$T$29:$X$30,2,FALSE),0)),4),\"\")","v":0.25}]
[{"$f":"CHOOSE(1+LOG(1+2*(J843=$C$2)+4*(J843=$D$2)+8*(J843=$E$2)+16*(J843=$F$2)+32*(J843=$G$2),2),0,1,2,3,4,\"S\")","v":"S"},{"$f":"IF(OR(A843=\"S\",A843=0),0,IF(ISERROR(I843),H843,SMALL(H843:I843,1)))","v":0},10,3,0,0,12,{"$f":"IF(OR($A843=\"S\",$A843=0),0,MATCH(0,OFFSET($B843,1,$A843,ROW($A$1504)-ROW($A843)),0))","v":0},{"$f":"IF(OR($A843=\"S\",$A843=0),0,MATCH(OFFSET($B843,0,$A843)+1,OFFSET($B843,1,$A843,ROW($A$1504)-ROW($A843)),0))","v":0},"Insumo",{"$f":"IF($A843=0,\"-\",CONCATENATE(C843&\".\",IF(AND($A$5>=2,$A843>=2),D843&\".\",\"\"),IF(AND($A$5>=3,$A843>=3),E843&\".\",\"\"),IF(AND($A$5>=4,$A843>=4),F843&\".\",\"\"),IF($A843=\"S\",G843&\".\",\"\")))","v":"10.3.12."},"Cotação","Serv. Terc.","012",{"$f":"IF(NOT(ISERROR($Y843)),IF($Y843<>FALSE,INDEX(Banco,$Y843,5),\"\"),\"\")","v":"Água (garrafão de 20 litros)"},"Unidade",1,10,"DI 1",12.5,12.5,null,{"$f":"IF(OR($A843=0,$A843=\"S\",$A843>CFF!$A$9),\"\",MAX(W$11:OFFSET(W843,-1,0))+1)","v":""},"Serv. Terc.-012",{"$f":"IF(X843<>FALSE,MATCH(X843,OFFSET(Banco,0,0,,1),0))","v":92},null,{"$f":"IF($J843=$G$2,ROUND(IF(ISNUMBER(S843),S843,IF(LEFT(S843,2)=\"DI\",HLOOKUP(S843,DADOS!$T$29:$X$30,2,FALSE),0)),4),\"\")","v":0.25}]
["S",0,10,3,0,0,13,{"$f":"IF(OR($A844=\"S\",$A844=0),0,MATCH(0,OFFSET($B844,1,$A844,ROW($A$1504)-ROW($A844)),0))","v":0},{"$f":"IF(OR($A844=\"S\",$A844=0),0,MATCH(OFFSET($B844,0,$A844)+1,OFFSET($B844,1,$A844,ROW($A$1504)-ROW($A844)),0))","v":0},"Insumo","10.3.13.","Cotação ","Serv. Terc.","011",{"$f":"IF(NOT(ISERROR($Y844)),IF($Y844<>FALSE,INDEX(Banco,$Y844,5),\"\"),\"\")","v":"Barra de gelo"},"Unidade",4,12,"DI 1",15,60,null,{"$f":"IF(OR($A844=0,$A844=\"S\",$A844>CFF!$A$9),\"\",MAX(W$11:OFFSET(W844,-1,0))+1)","v":""},"Serv. Terc.-011",91,null,{"$f":"IF($J844=$G$2,ROUND(IF(ISNUMBER(S844),S844,IF(LEFT(S844,2)=\"DI\",HLOOKUP(S844,DADOS!$T$29:$X$30,2,FALSE),0)),4),\"\")","v":0.25}]
["S",0,10,3,0,0,14,{"$f":"IF(OR($A845=\"S\",$A845=0),0,MATCH(0,OFFSET($B845,1,$A845,ROW($A$1504)-ROW($A845)),0))","v":0},{"$f":"IF(OR($A845=\"S\",$A845=0),0,MATCH(OFFSET($B845,0,$A845)+1,OFFSET($B845,1,$A845,ROW($A$1504)-ROW($A845)),0))","v":0},"Insumo","10.3.14.","Cotação","Serv. Terc.","027","Refrigerantes (02 litros) ","Unidade",20,6,"DI 1",7.5,150,null,{"$f":"IF(OR($A845=0,$A845=\"S\",$A845>CFF!$A$9),\"\",MAX(W$11:OFFSET(W845,-1,0))+1)","v":""},"Serv. Terc.-027",107,null,{"$f":"IF($J845=$G$2,ROUND(IF(ISNUMBER(S845),S845,IF(LEFT(S845,2)=\"DI\",HLOOKUP(S845,DADOS!$T$29:$X$30,2,FALSE),0)),4),\"\")","v":0.25}]
["S",0,10,3,0,0,15,{"$f":"IF(OR($A846=\"S\",$A846=0),0,MATCH(0,OFFSET($B846,1,$A846,ROW($A$1504)-ROW($A846)),0))","v":0},{"$f":"IF(OR($A846=\"S\",$A846=0),0,MATCH(OFFSET($B846,0,$A846)+1,OFFSET($B846,1,$A846,ROW($A$1504)-ROW($A846)),0))","v":0},"Insumo","10.3.15.","Cotação","Rec. Materiais","020",{"$f":"IF(NOT(ISERROR($Y846)),IF($Y846<>FALSE,INDEX(Banco,$Y846,5),\"\"),\"\")","v":"Guloseimas (balas e pirulito)"},"Pacote",3,12,"DI 1",15,45,null,{"$f":"IF(OR($A846=0,$A846=\"S\",$A846>CFF!$A$9),\"\",MAX(W$11:OFFSET(W846,-1,0))+1)","v":""},"Rec. Materiais-020",29,null,{"$f":"IF($J846=$G$2,ROUND(IF(ISNUMBER(S846),S846,IF(LEFT(S846,2)=\"DI\",HLOOKUP(S846,DADOS!$T$29:$X$30,2,FALSE),0)),4),\"\")","v":0.25}]
[{"$f":"CHOOSE(1+LOG(1+2*(J847=$C$2)+4*(J847=$D$2)+8*(J847=$E$2)+16*(J847=$F$2)+32*(J847=$G$2),2),0,1,2,3,4,\"S\")","v":"S"},{"$f":"IF(OR(A847=\"S\",A847=0),0,IF(ISERROR(I847),H847,SMALL(H847:I847,1)))","v":0},{"$f":"IF($A847=1,OFFSET(C847,-1,0)+1,OFFSET(C847,-1,0))","v":10},{"$f":"IF($A847=1,0,IF($A847=2,OFFSET(D847,-1,0)+1,OFFSET(D847,-1,0)))","v":3},{"$f":"IF(AND($A847<=2,$A847<>0),0,IF($A847=3,OFFSET(E847,-1,0)+1,OFFSET(E847,-1,0)))","v":0},{"$f":"IF(AND($A847<=3,$A847<>0),0,IF($A847=4,OFFSET(F847,-1,0)+1,OFFSET(F847,-1,0)))","v":0},{"$f":"IF(AND($A847<=4,$A847<>0),0,IF($A847=\"S\",OFFSET(G847,-1,0)+1,OFFSET(G847,-1,0)))","v":16},{"$f":"IF(OR($A847=\"S\",$A847=0),0,MATCH(0,OFFSET($B847,1,$A847,ROW($A$1504)-ROW($A847)),0))","v":0},{"$f":"IF(OR($A847=\"S\",$A847=0),0,MATCH(OFFSET($B847,0,$A847)+1,OFFSET($B847,1,$A847,ROW($A$1504)-ROW($A847)),0))","v":0},"Insumo",{"$f":"IF($A847=0,\"-\",CONCATENATE(C847&\".\",IF(AND($A$5>=2,$A847>=2),D847&\".\",\"\"),IF(AND($A$5>=3,$A847>=3),E847&\".\",\"\"),IF(AND($A$5>=4,$A847>=4),F847&\".\",\"\"),IF($A847=\"S\",G847&\".\",\"\")))","v":"10.3.16."},{"$f":"IF(NOT(ISERROR($Y847)),IF($Y847<>FALSE,INDEX(Banco,$Y847,4),\"\"),\"\")","v":"Cotação"},"Serv. Terc.","017","Instrutor/Monitor (Educação Fisíca)",{"$f":"IF(NOT(ISERROR($Y847)),IF($Y847<>FALSE,INDEX(Banco,$Y847,6),\"\"),\"\")","v":"Horas"},6,{"$f":"IF(NOT(ISERROR($Y847)),IF($Y847<>FALSE,INDEX(Banco,$Y847,7),0),0)","v":100},"DI 1",{"$f":"IF($J847=$G$2,ROUND(ROUND($R847,2)*IF($R$9=\"Preço Unitário (R$)\",1,1+$AA847),2),0)","v":125},{"$f":"IF($A847=\"S\",VTOTAL1,IF($A847=0,0,ROUND(SomaAgrup,2)))","v":750},null,{"$f":"IF(OR($A847=0,$A847=\"S\",$A847>CFF!$A$9),\"\",MAX(W$11:OFFSET(W847,-1,0))+1)","v":""},{"$f":"IF(AND($J847=$G$2,$N847<>\"\",$M847<>\"\"),CONCATENATE($M847,\"-\",$N847))","v":"Serv. Terc.-017"},{"$f":"IF(X847<>FALSE,MATCH(X847,OFFSET(Banco,0,0,,1),0))","v":97},null,{"$f":"IF($J847=$G$2,ROUND(IF(ISNUMBER(S847),S847,IF(LEFT(S847,2)=\"DI\",HLOOKUP(S847,DADOS!$T$29:$X$30,2,FALSE),0)),4),\"\")","v":0.25}]
[{"$f":"CHOOSE(1+LOG(1+2*(J848=$C$2)+4*(J848=$D$2)+8*(J848=$E$2)+16*(J848=$F$2)+32*(J848=$G$2),2),0,1,2,3,4,\"S\")","v":"S"},{"$f":"IF(OR(A848=\"S\",A848=0),0,IF(ISERROR(I848),H848,SMALL(H848:I848,1)))","v":0},10,3,0,0,17,{"$f":"IF(OR($A848=\"S\",$A848=0),0,MATCH(0,OFFSET($B848,1,$A848,ROW($A$1504)-ROW($A848)),0))","v":0},{"$f":"IF(OR($A848=\"S\",$A848=0),0,MATCH(OFFSET($B848,0,$A848)+1,OFFSET($B848,1,$A848,ROW($A$1504)-ROW($A848)),0))","v":0},"Insumo",{"$f":"IF($A848=0,\"-\",CONCATENATE(C848&\".\",IF(AND($A$5>=2,$A848>=2),D848&\".\",\"\"),IF(AND($A$5>=3,$A848>=3),E848&\".\",\"\"),IF(AND($A$5>=4,$A848>=4),F848&\".\",\"\"),IF($A848=\"S\",G848&\".\",\"\")))","v":"10.3.17."},"COREN","Serv. Terc.","086","Técnica de Enfermagem (Instrutor)","Horas",6,92.65,"DI 1",115.81,694.86,null,{"$f":"IF(OR($A848=0,$A848=\"S\",$A848>CFF!$A$9),\"\",MAX(W$11:OFFSET(W848,-1,0))+1)","v":""},"Serv. Terc.-086",{"$f":"IF(X848<>FALSE,MATCH(X848,OFFSET(Banco,0,0,,1),0))","v":166},null,{"$f":"IF($J848=$G$2,ROUND(IF(ISNUMBER(S848),S848,IF(LEFT(S848,2)=\"DI\",HLOOKUP(S848,DADOS!$T$29:$X$30,2,FALSE),0)),4),\"\")","v":0.25}]
["S",0,10,3,0,0,18,{"$f":"IF(OR($A849=\"S\",$A849=0),0,MATCH(0,OFFSET($B849,1,$A849,ROW($A$1504)-ROW($A849)),0))","v":0},{"$f":"IF(OR($A849=\"S\",$A849=0),0,MATCH(OFFSET($B849,0,$A849)+1,OFFSET($B849,1,$A849,ROW($A$1504)-ROW($A849)),0))","v":0},"Insumo","10.3.18.","Cotação","Serv. Terc.","074","Arco decorativo de balão (com 200 unidades)","Unidade",1,250,"DI 1",312.5,312.5,null,{"$f":"IF(OR($A849=0,$A849=\"S\",$A849>CFF!$A$9),\"\",MAX(W$11:OFFSET(W849,-1,0))+1)","v":""},"Serv. Terc.-074",154,null,{"$f":"IF($J849=$G$2,ROUND(IF(ISNUMBER(S849),S849,IF(LEFT(S849,2)=\"DI\",HLOOKUP(S849,DADOS!$T$29:$X$30,2,FALSE),0)),4),\"\")","v":0.25}]
[{"$f":"CHOOSE(1+LOG(1+2*(J850=$C$2)+4*(J850=$D$2)+8*(J850=$E$2)+16*(J850=$F$2)+32*(J850=$G$2),2),0,1,2,3,4,\"S\")","v":"S"},{"$f":"IF(OR(A850=\"S\",A850=0),0,IF(ISERROR(I850),H850,SMALL(H850:I850,1)))","v":0},10,3,0,0,19,{"$f":"IF(OR($A850=\"S\",$A850=0),0,MATCH(0,OFFSET($B850,1,$A850,ROW($A$1504)-ROW($A850)),0))","v":0},{"$f":"IF(OR($A850=\"S\",$A850=0),0,MATCH(OFFSET($B850,0,$A850)+1,OFFSET($B850,1,$A850,ROW($A$1504)-ROW($A850)),0))","v":0},"Insumo",{"$f":"IF($A850=0,\"-\",CONCATENATE(C850&\".\",IF(AND($A$5>=2,$A850>=2),D850&\".\",\"\"),IF(AND($A$5>=3,$A850>=3),E850&\".\",\"\"),IF(AND($A$5>=4,$A850>=4),F850&\".\",\"\"),IF($A850=\"S\",G850&\".\",\"\")))","v":"10.3.19."},"Cotação","Serv. Terc.","036","Locação de carrinho de picolé","Unidade",1,186,"DI 1",232.5,232.5,null,{"$f":"IF(OR($A850=0,$A850=\"S\",$A850>CFF!$A$9),\"\",MAX(W$11:OFFSET(W850,-1,0))+1)","v":""},"Serv. Terc.-036",{"$f":"IF(X850<>FALSE,MATCH(X850,OFFSET(Banco,0,0,,1),0))","v":116},null,{"$f":"IF($J850=$G$2,ROUND(IF(ISNUMBER(S850),S850,IF(LEFT(S850,2)=\"DI\",HLOOKUP(S850,DADOS!$T$29:$X$30,2,FALSE),0)),4),\"\")","v":0.25}]
["S",0,10,3,0,0,20,{"$f":"IF(OR($A851=\"S\",$A851=0),0,MATCH(0,OFFSET($B851,1,$A851,ROW($A$1504)-ROW($A851)),0))","v":0},{"$f":"IF(OR($A851=\"S\",$A851=0),0,MATCH(OFFSET($B851,0,$A851)+1,OFFSET($B851,1,$A851,ROW($A$1504)-ROW($A851)),0))","v":0},"Insumo","10.3.20.","Cotação","Serv. Terc.","037","Locação carrinho de pipoca","Unidade",1,190,"DI 1",237.5,237.5,null,{"$f":"IF(OR($A851=0,$A851=\"S\",$A851>CFF!$A$9),\"\",MAX(W$11:OFFSET(W851,-1,0))+1)","v":""},"Serv. Terc.-037",117,null,{"$f":"IF($J851=$G$2,ROUND(IF(ISNUMBER(S851),S851,IF(LEFT(S851,2)=\"DI\",HLOOKUP(S851,DADOS!$T$29:$X$30,2,FALSE),0)),4),\"\")","v":0.25}]
["S",0,10,3,0,0,21,{"$f":"IF(OR($A852=\"S\",$A852=0),0,MATCH(0,OFFSET($B852,1,$A852,ROW($A$1504)-ROW($A852)),0))","v":0},{"$f":"IF(OR($A852=\"S\",$A852=0),0,MATCH(OFFSET($B852,0,$A852)+1,OFFSET($B852,1,$A852,ROW($A$1504)-ROW($A852)),0))","v":0},"Insumo","10.3.21.","Cotação","Serv. Terc.","038","Locação carrinho de algodão doce","Unidade",1,200,"DI 1",250,250,null,{"$f":"IF(OR($A852=0,$A852=\"S\",$A852>CFF!$A$9),\"\",MAX(W$11:OFFSET(W852,-1,0))+1)","v":""},"Serv. Terc.-038",118,null,{"$f":"IF($J852=$G$2,ROUND(IF(ISNUMBER(S852),S852,IF(LEFT(S852,2)=\"DI\",HLOOKUP(S852,DADOS!$T$29:$X$30,2,FALSE),0)),4),\"\")","v":0.25}]
["S",0,10,3,0,0,22,{"$f":"IF(OR($A853=\"S\",$A853=0),0,MATCH(0,OFFSET($B853,1,$A853,ROW($A$1504)-ROW($A853)),0))","v":0},{"$f":"IF(OR($A853=\"S\",$A853=0),0,MATCH(OFFSET($B853,0,$A853)+1,OFFSET($B853,1,$A853,ROW($A$1504)-ROW($A853)),0))","v":0},"Insumo","10.3.22.","Cotação","Serv. Terc.","039","Locação carrinho de cachorro quente","Unidade",1,250,"DI 1",312.5,312.5,null,{"$f":"IF(OR($A853=0,$A853=\"S\",$A853>CFF!$A$9),\"\",MAX(W$11:OFFSET(W853,-1,0))+1)","v":""},"Serv. Terc.-039",119,null,{"$f":"IF($J853=$G$2,ROUND(IF(ISNUMBER(S853),S853,IF(LEFT(S853,2)=\"DI\",HLOOKUP(S853,DADOS!$T$29:$X$30,2,FALSE),0)),4),\"\")","v":0.25}]
["S",0,10,3,0,0,23,{"$f":"IF(OR($A854=\"S\",$A854=0),0,MATCH(0,OFFSET($B854,1,$A854,ROW($A$1504)-ROW($A854)),0))","v":0},{"$f":"IF(OR($A854=\"S\",$A854=0),0,MATCH(OFFSET($B854,0,$A854)+1,OFFSET($B854,1,$A854,ROW($A$1504)-ROW($A854)),0))","v":0},"Insumo","10.3.23.","Cotação","Rec. Materiais","026","Saco de lixo (100 litros)","Pacote",2,15,"DI 1",18.75,37.5,null,{"$f":"IF(OR($A854=0,$A854=\"S\",$A854>CFF!$A$9),\"\",MAX(W$11:OFFSET(W854,-1,0))+1)","v":""},"Rec. Materiais-026",35,null,{"$f":"IF($J854=$G$2,ROUND(IF(ISNUMBER(S854),S854,IF(LEFT(S854,2)=\"DI\",HLOOKUP(S854,DADOS!$T$29:$X$30,2,FALSE),0)),4),\"\")","v":0.25}]
[{"$f":"CHOOSE(1+LOG(1+2*(J855=$C$2)+4*(J855=$D$2)+8*(J855=$E$2)+16*(J855=$F$2)+32*(J855=$G$2),2),0,1,2,3,4,\"S\")","v":2},{"$f":"IF(OR(A855=\"S\",A855=0),0,IF(ISERROR(I855),H855,SMALL(H855:I855,1)))","v":3},{"$f":"IF($A855=1,OFFSET(C855,-1,0)+1,OFFSET(C855,-1,0))","v":10},{"$f":"IF($A855=1,0,IF($A855=2,OFFSET(D855,-1,0)+1,OFFSET(D855,-1,0)))","v":4},{"$f":"IF(AND($A855<=2,$A855<>0),0,IF($A855=3,OFFSET(E855,-1,0)+1,OFFSET(E855,-1,0)))","v":0},{"$f":"IF(AND($A855<=3,$A855<>0),0,IF($A855=4,OFFSET(F855,-1,0)+1,OFFSET(F855,-1,0)))","v":0},{"$f":"IF(AND($A855<=4,$A855<>0),0,IF($A855=\"S\",OFFSET(G855,-1,0)+1,OFFSET(G855,-1,0)))","v":0},{"$f":"IF(OR($A855=\"S\",$A855=0),0,MATCH(0,OFFSET($B855,1,$A855,ROW($A$1504)-ROW($A855)),0))","v":89},{"$f":"IF(OR($A855=\"S\",$A855=0),0,MATCH(OFFSET($B855,0,$A855)+1,OFFSET($B855,1,$A855,ROW($A$1504)-ROW($A855)),0))","v":3},"AtivNível 1",{"$f":"IF($A855=0,\"-\",CONCATENATE(C855&\".\",IF(AND($A$5>=2,$A855>=2),D855&\".\",\"\"),IF(AND($A$5>=3,$A855>=3),E855&\".\",\"\"),IF(AND($A$5>=4,$A855>=4),F855&\".\",\"\"),IF($A855=\"S\",G855&\".\",\"\")))","v":"10.4."},{"$f":"IF(NOT(ISERROR($Y855)),IF($Y855<>FALSE,INDEX(Banco,$Y855,4),\"\"),\"\")","v":""},null,null,"Atividade 67 - Plantão Social região Jardim Ikaraí",{"$f":"IF(NOT(ISERROR($Y855)),IF($Y855<>FALSE,INDEX(Banco,$Y855,6),\"\"),\"\")","v":""},null,{"$f":"IF(NOT(ISERROR($Y855)),IF($Y855<>FALSE,INDEX(Banco,$Y855,7),0),0)","v":0},"DI 1",{"$f":"IF($J855=$G$2,ROUND(ROUND($R855,2)*IF($R$9=\"Preço Unitário (R$)\",1,1+$AA855),2),0)","v":0},{"$f":"IF($A855=\"S\",VTOTAL1,IF($A855=0,0,ROUND(SomaAgrup,2)))","v":3427.56},null,{"$f":"IF(OR($A855=0,$A855=\"S\",$A855>CFF!$A$9),\"\",MAX(W$11:OFFSET(W855,-1,0))+1)","v":77},{"$f":"IF(AND($J855=$G$2,$N855<>\"\",$M855<>\"\"),CONCATENATE($M855,\"-\",$N855))","v":false},{"$f":"IF(X855<>FALSE,MATCH(X855,OFFSET(Banco,0,0,,1),0))","v":false},null,{"$f":"IF($J855=$G$2,ROUND(IF(ISNUMBER(S855),S855,IF(LEFT(S855,2)=\"DI\",HLOOKUP(S855,DADOS!$T$29:$X$30,2,FALSE),0)),4),\"\")","v":""}]
["S",0,10,4,0,0,1,{"$f":"IF(OR($A856=\"S\",$A856=0),0,MATCH(0,OFFSET($B856,1,$A856,ROW($A$1504)-ROW($A856)),0))","v":0},{"$f":"IF(OR($A856=\"S\",$A856=0),0,MATCH(OFFSET($B856,0,$A856)+1,OFFSET($B856,1,$A856,ROW($A$1504)-ROW($A856)),0))","v":0},"Insumo","10.4.1.","CRESS","Rec. Humanos","001",{"$f":"IF(NOT(ISERROR($Y856)),IF($Y856<>FALSE,INDEX(Banco,$Y856,5),\"\"),\"\")","v":"Responsável Técnica"},"Horas",4,150.28,"DI 1",187.85,751.4,null,{"$f":"IF(OR($A856=0,$A856=\"S\",$A856>CFF!$A$9),\"\",MAX(W$11:OFFSET(W856,-1,0))+1)","v":""},"Rec. Humanos-001",3,null,{"$f":"IF($J856=$G$2,ROUND(IF(ISNUMBER(S856),S856,IF(LEFT(S856,2)=\"DI\",HLOOKUP(S856,DADOS!$T$29:$X$30,2,FALSE),0)),4),\"\")","v":0.25}]
["S",0,10,4,0,0,2,{"$f":"IF(OR($A857=\"S\",$A857=0),0,MATCH(0,OFFSET($B857,1,$A857,ROW($A$1504)-ROW($A857)),0))","v":0},{"$f":"IF(OR($A857=\"S\",$A857=0),0,MATCH(OFFSET($B857,0,$A857)+1,OFFSET($B857,1,$A857,ROW($A$1504)-ROW($A857)),0))","v":0},"Insumo","10.4.2.","CRESS","Rec. Humanos","002",{"$f":"IF(NOT(ISERROR($Y857)),IF($Y857<>FALSE,INDEX(Banco,$Y857,5),\"\"),\"\")","v":"Assistente Social"},"Horas",16,133.81,"DI 1",167.26,2676.16,null,{"$f":"IF(OR($A857=0,$A857=\"S\",$A857>CFF!$A$9),\"\",MAX(W$11:OFFSET(W857,-1,0))+1)","v":""},"Rec. Humanos-002",4,null,{"$f":"IF($J857=$G$2,ROUND(IF(ISNUMBER(S857),S857,IF(LEFT(S857,2)=\"DI\",HLOOKUP(S857,DADOS!$T$29:$X$30,2,FALSE),0)),4),\"\")","v":0.25}]
[{"$f":"CHOOSE(1+LOG(1+2*(J858=$C$2)+4*(J858=$D$2)+8*(J858=$E$2)+16*(J858=$F$2)+32*(J858=$G$2),2),0,1,2,3,4,\"S\")","v":2},{"$f":"IF(OR(A858=\"S\",A858=0),0,IF(ISERROR(I858),H858,SMALL(H858:I858,1)))","v":24},{"$f":"IF($A858=1,OFFSET(C858,-1,0)+1,OFFSET(C858,-1,0))","v":10},{"$f":"IF($A858=1,0,IF($A858=2,OFFSET(D858,-1,0)+1,OFFSET(D858,-1,0)))","v":5},{"$f":"IF(AND($A858<=2,$A858<>0),0,IF($A858=3,OFFSET(E858,-1,0)+1,OFFSET(E858,-1,0)))","v":0},{"$f":"IF(AND($A858<=3,$A858<>0),0,IF($A858=4,OFFSET(F858,-1,0)+1,OFFSET(F858,-1,0)))","v":0},{"$f":"IF(AND($A858<=4,$A858<>0),0,IF($A858=\"S\",OFFSET(G858,-1,0)+1,OFFSET(G858,-1,0)))","v":0},{"$f":"IF(OR($A858=\"S\",$A858=0),0,MATCH(0,OFFSET($B858,1,$A858,ROW($A$1504)-ROW($A858)),0))","v":86},{"$f":"IF(OR($A858=\"S\",$A858=0),0,MATCH(OFFSET($B858,0,$A858)+1,OFFSET($B858,1,$A858,ROW($A$1504)-ROW($A858)),0))","v":24},"AtivNível 1",{"$f":"IF($A858=0,\"-\",CONCATENATE(C858&\".\",IF(AND($A$5>=2,$A858>=2),D858&\".\",\"\"),IF(AND($A$5>=3,$A858>=3),E858&\".\",\"\"),IF(AND($A$5>=4,$A858>=4),F858&\".\",\"\"),IF($A858=\"S\",G858&\".\",\"\")))","v":"10.5."},{"$f":"IF(NOT(ISERROR($Y858)),IF($Y858<>FALSE,INDEX(Banco,$Y858,4),\"\"),\"\")","v":""},null,null,"Atividade 68 - Ação de saúde e gincana interativa Bairro: Frutal de Minas e Jardim PaulaII",{"$f":"IF(NOT(ISERROR($Y858)),IF($Y858<>FALSE,INDEX(Banco,$Y858,6),\"\"),\"\")","v":""},null,{"$f":"IF(NOT(ISERROR($Y858)),IF($Y858<>FALSE,INDEX(Banco,$Y858,7),0),0)","v":0},"DI 1",{"$f":"IF($J858=$G$2,ROUND(ROUND($R858,2)*IF($R$9=\"Preço Unitário (R$)\",1,1+$AA858),2),0)","v":0},{"$f":"IF($A858=\"S\",VTOTAL1,IF($A858=0,0,ROUND(SomaAgrup,2)))","v":6603.71},null,{"$f":"IF(OR($A858=0,$A858=\"S\",$A858>CFF!$A$9),\"\",MAX(W$11:OFFSET(W858,-1,0))+1)","v":78},{"$f":"IF(AND($J858=$G$2,$N858<>\"\",$M858<>\"\"),CONCATENATE($M858,\"-\",$N858))","v":false},{"$f":"IF(X858<>FALSE,MATCH(X858,OFFSET(Banco,0,0,,1),0))","v":false},null,{"$f":"IF($J858=$G$2,ROUND(IF(ISNUMBER(S858),S858,IF(LEFT(S858,2)=\"DI\",HLOOKUP(S858,DADOS!$T$29:$X$30,2,FALSE),0)),4),\"\")","v":""}]
["S",0,{"$f":"IF($A859=1,OFFSET(C859,-1,0)+1,OFFSET(C859,-1,0))","v":10},{"$f":"IF($A859=1,0,IF($A859=2,OFFSET(D859,-1,0)+1,OFFSET(D859,-1,0)))","v":5},{"$f":"IF(AND($A859<=2,$A859<>0),0,IF($A859=3,OFFSET(E859,-1,0)+1,OFFSET(E859,-1,0)))","v":0},{"$f":"IF(AND($A859<=3,$A859<>0),0,IF($A859=4,OFFSET(F859,-1,0)+1,OFFSET(F859,-1,0)))","v":0},{"$f":"IF(AND($A859<=4,$A859<>0),0,IF($A859=\"S\",OFFSET(G859,-1,0)+1,OFFSET(G859,-1,0)))","v":1},{"$f":"IF(OR($A859=\"S\",$A859=0),0,MATCH(0,OFFSET($B859,1,$A859,ROW($A$1504)-ROW($A859)),0))","v":0},{"$f":"IF(OR($A859=\"S\",$A859=0),0,MATCH(OFFSET($B859,0,$A859)+1,OFFSET($B859,1,$A859,ROW($A$1504)-ROW($A859)),0))","v":0},"Insumo","10.5.1.",{"$f":"IF(NOT(ISERROR($Y859)),IF($Y859<>FALSE,INDEX(Banco,$Y859,4),\"\"),\"\")","v":"CRESS"},"Rec. Humanos","001",{"$f":"IF(NOT(ISERROR($Y859)),IF($Y859<>FALSE,INDEX(Banco,$Y859,5),\"\"),\"\")","v":"Responsável Técnica"},{"$f":"IF(NOT(ISERROR($Y859)),IF($Y859<>FALSE,INDEX(Banco,$Y859,6),\"\"),\"\")","v":"Horas"},6,{"$f":"IF(NOT(ISERROR($Y859)),IF($Y859<>FALSE,INDEX(Banco,$Y859,7),0),0)","v":150.28},"DI 1",{"$f":"IF($J859=$G$2,ROUND(ROUND($R859,2)*IF($R$9=\"Preço Unitário (R$)\",1,1+$AA859),2),0)","v":187.85},{"$f":"IF($A859=\"S\",VTOTAL1,IF($A859=0,0,ROUND(SomaAgrup,2)))","v":1127.0999999999999},null,{"$f":"IF(OR($A859=0,$A859=\"S\",$A859>CFF!$A$9),\"\",MAX(W$11:OFFSET(W859,-1,0))+1)","v":""},{"$f":"IF(AND($J859=$G$2,$N859<>\"\",$M859<>\"\"),CONCATENATE($M859,\"-\",$N859))","v":"Rec. Humanos-001"},3,null,{"$f":"IF($J859=$G$2,ROUND(IF(ISNUMBER(S859),S859,IF(LEFT(S859,2)=\"DI\",HLOOKUP(S859,DADOS!$T$29:$X$30,2,FALSE),0)),4),\"\")","v":0.25}]
["S",0,10,5,0,0,2,{"$f":"IF(OR($A860=\"S\",$A860=0),0,MATCH(0,OFFSET($B860,1,$A860,ROW($A$1504)-ROW($A860)),0))","v":0},{"$f":"IF(OR($A860=\"S\",$A860=0),0,MATCH(OFFSET($B860,0,$A860)+1,OFFSET($B860,1,$A860,ROW($A$1504)-ROW($A860)),0))","v":0},"Insumo","10.5.2.","CRESS","Rec. Humanos","002",{"$f":"IF(NOT(ISERROR($Y860)),IF($Y860<>FALSE,INDEX(Banco,$Y860,5),\"\"),\"\")","v":"Assistente Social"},"Horas",4,133.81,"DI 1",167.26,669.04,null,{"$f":"IF(OR($A860=0,$A860=\"S\",$A860>CFF!$A$9),\"\",MAX(W$11:OFFSET(W860,-1,0))+1)","v":""},"Rec. Humanos-002",4,null,{"$f":"IF($J860=$G$2,ROUND(IF(ISNUMBER(S860),S860,IF(LEFT(S860,2)=\"DI\",HLOOKUP(S860,DADOS!$T$29:$X$30,2,FALSE),0)),4),\"\")","v":0.25}]
["S",0,10,5,0,0,3,{"$f":"IF(OR($A861=\"S\",$A861=0),0,MATCH(0,OFFSET($B861,1,$A861,ROW($A$1504)-ROW($A861)),0))","v":0},{"$f":"IF(OR($A861=\"S\",$A861=0),0,MATCH(OFFSET($B861,0,$A861)+1,OFFSET($B861,1,$A861,ROW($A$1504)-ROW($A861)),0))","v":0},"Insumo","10.5.3.","Cotação","Rec. Humanos","003",{"$f":"IF(NOT(ISERROR($Y861)),IF($Y861<>FALSE,INDEX(Banco,$Y861,5),\"\"),\"\")","v":"Administrador (Técnico de Apoio) "},"Horas",4,103.65,"DI 1",129.56,518.24,null,{"$f":"IF(OR($A861=0,$A861=\"S\",$A861>CFF!$A$9),\"\",MAX(W$11:OFFSET(W861,-1,0))+1)","v":""},"Rec. Humanos-003",5,null,{"$f":"IF($J861=$G$2,ROUND(IF(ISNUMBER(S861),S861,IF(LEFT(S861,2)=\"DI\",HLOOKUP(S861,DADOS!$T$29:$X$30,2,FALSE),0)),4),\"\")","v":0.25}]
["S",0,10,5,0,0,4,{"$f":"IF(OR($A862=\"S\",$A862=0),0,MATCH(0,OFFSET($B862,1,$A862,ROW($A$1504)-ROW($A862)),0))","v":0},{"$f":"IF(OR($A862=\"S\",$A862=0),0,MATCH(OFFSET($B862,0,$A862)+1,OFFSET($B862,1,$A862,ROW($A$1504)-ROW($A862)),0))","v":0},"Insumo","10.5.4.","SINE","Rec. Humanos","004",{"$f":"IF(NOT(ISERROR($Y862)),IF($Y862<>FALSE,INDEX(Banco,$Y862,5),\"\"),\"\")","v":"Estagiários"},"Horas",10,9.7899999999999991,"DI 1",12.24,122.4,null,{"$f":"IF(OR($A862=0,$A862=\"S\",$A862>CFF!$A$9),\"\",MAX(W$11:OFFSET(W862,-1,0))+1)","v":""},"Rec. Humanos-004",6,null,{"$f":"IF($J862=$G$2,ROUND(IF(ISNUMBER(S862),S862,IF(LEFT(S862,2)=\"DI\",HLOOKUP(S862,DADOS!$T$29:$X$30,2,FALSE),0)),4),\"\")","v":0.25}]
["S",0,10,5,0,0,5,{"$f":"IF(OR($A863=\"S\",$A863=0),0,MATCH(0,OFFSET($B863,1,$A863,ROW($A$1504)-ROW($A863)),0))","v":0},{"$f":"IF(OR($A863=\"S\",$A863=0),0,MATCH(OFFSET($B863,0,$A863)+1,OFFSET($B863,1,$A863,ROW($A$1504)-ROW($A863)),0))","v":0},"Insumo","10.5.5.","Cotação","Serv. Terc.","001",{"$f":"IF(NOT(ISERROR($Y863)),IF($Y863<>FALSE,INDEX(Banco,$Y863,5),\"\"),\"\")","v":"Fotocópias"},"Unidade",150,0.3,"DI 1",0.38,57,null,{"$f":"IF(OR($A863=0,$A863=\"S\",$A863>CFF!$A$9),\"\",MAX(W$11:OFFSET(W863,-1,0))+1)","v":""},"Serv. Terc.-001",81,null,{"$f":"IF($J863=$G$2,ROUND(IF(ISNUMBER(S863),S863,IF(LEFT(S863,2)=\"DI\",HLOOKUP(S863,DADOS!$T$29:$X$30,2,FALSE),0)),4),\"\")","v":0.25}]
["S",0,{"$f":"IF($A864=1,OFFSET(C864,-1,0)+1,OFFSET(C864,-1,0))","v":10},{"$f":"IF($A864=1,0,IF($A864=2,OFFSET(D864,-1,0)+1,OFFSET(D864,-1,0)))","v":5},{"$f":"IF(AND($A864<=2,$A864<>0),0,IF($A864=3,OFFSET(E864,-1,0)+1,OFFSET(E864,-1,0)))","v":0},{"$f":"IF(AND($A864<=3,$A864<>0),0,IF($A864=4,OFFSET(F864,-1,0)+1,OFFSET(F864,-1,0)))","v":0},{"$f":"IF(AND($A864<=4,$A864<>0),0,IF($A864=\"S\",OFFSET(G864,-1,0)+1,OFFSET(G864,-1,0)))","v":6},{"$f":"IF(OR($A864=\"S\",$A864=0),0,MATCH(0,OFFSET($B864,1,$A864,ROW($A$1504)-ROW($A864)),0))","v":0},{"$f":"IF(OR($A864=\"S\",$A864=0),0,MATCH(OFFSET($B864,0,$A864)+1,OFFSET($B864,1,$A864,ROW($A$1504)-ROW($A864)),0))","v":0},"Insumo","10.5.6.",{"$f":"IF(NOT(ISERROR($Y864)),IF($Y864<>FALSE,INDEX(Banco,$Y864,4),\"\"),\"\")","v":"Cotação"},"Serv. Terc.","017",{"$f":"IF(NOT(ISERROR($Y864)),IF($Y864<>FALSE,INDEX(Banco,$Y864,5),\"\"),\"\")","v":"Instrutor/Monitor (Educação Fisíca)"},{"$f":"IF(NOT(ISERROR($Y864)),IF($Y864<>FALSE,INDEX(Banco,$Y864,6),\"\"),\"\")","v":"Horas"},3,{"$f":"IF(NOT(ISERROR($Y864)),IF($Y864<>FALSE,INDEX(Banco,$Y864,7),0),0)","v":100},"DI 1",{"$f":"IF($J864=$G$2,ROUND(ROUND($R864,2)*IF($R$9=\"Preço Unitário (R$)\",1,1+$AA864),2),0)","v":125},{"$f":"IF($A864=\"S\",VTOTAL1,IF($A864=0,0,ROUND(SomaAgrup,2)))","v":375},null,{"$f":"IF(OR($A864=0,$A864=\"S\",$A864>CFF!$A$9),\"\",MAX(W$11:OFFSET(W864,-1,0))+1)","v":""},{"$f":"IF(AND($J864=$G$2,$N864<>\"\",$M864<>\"\"),CONCATENATE($M864,\"-\",$N864))","v":"Serv. Terc.-017"},97,null,{"$f":"IF($J864=$G$2,ROUND(IF(ISNUMBER(S864),S864,IF(LEFT(S864,2)=\"DI\",HLOOKUP(S864,DADOS!$T$29:$X$30,2,FALSE),0)),4),\"\")","v":0.25}]
[{"$f":"CHOOSE(1+LOG(1+2*(J865=$C$2)+4*(J865=$D$2)+8*(J865=$E$2)+16*(J865=$F$2)+32*(J865=$G$2),2),0,1,2,3,4,\"S\")","v":"S"},{"$f":"IF(OR(A865=\"S\",A865=0),0,IF(ISERROR(I865),H865,SMALL(H865:I865,1)))","v":0},10,5,0,0,7,{"$f":"IF(OR($A865=\"S\",$A865=0),0,MATCH(0,OFFSET($B865,1,$A865,ROW($A$1504)-ROW($A865)),0))","v":0},{"$f":"IF(OR($A865=\"S\",$A865=0),0,MATCH(OFFSET($B865,0,$A865)+1,OFFSET($B865,1,$A865,ROW($A$1504)-ROW($A865)),0))","v":0},"Insumo",{"$f":"IF($A865=0,\"-\",CONCATENATE(C865&\".\",IF(AND($A$5>=2,$A865>=2),D865&\".\",\"\"),IF(AND($A$5>=3,$A865>=3),E865&\".\",\"\"),IF(AND($A$5>=4,$A865>=4),F865&\".\",\"\"),IF($A865=\"S\",G865&\".\",\"\")))","v":"10.5.7."},"Cotação","Serv. Terc.","002","Carro de som com gravação de vinheta","Horas",3,200,"DI 1",250,750,null,{"$f":"IF(OR($A865=0,$A865=\"S\",$A865>CFF!$A$9),\"\",MAX(W$11:OFFSET(W865,-1,0))+1)","v":""},"Serv. Terc.-002",{"$f":"IF(X865<>FALSE,MATCH(X865,OFFSET(Banco,0,0,,1),0))","v":82},null,{"$f":"IF($J865=$G$2,ROUND(IF(ISNUMBER(S865),S865,IF(LEFT(S865,2)=\"DI\",HLOOKUP(S865,DADOS!$T$29:$X$30,2,FALSE),0)),4),\"\")","v":0.25}]
["S",0,10,5,0,0,8,{"$f":"IF(OR($A866=\"S\",$A866=0),0,MATCH(0,OFFSET($B866,1,$A866,ROW($A$1504)-ROW($A866)),0))","v":0},{"$f":"IF(OR($A866=\"S\",$A866=0),0,MATCH(OFFSET($B866,0,$A866)+1,OFFSET($B866,1,$A866,ROW($A$1504)-ROW($A866)),0))","v":0},"Insumo","10.5.8.","Cotação","Serv. Terc.","003","Locação de mesas","Unidade",10,3,"DI 1",3.75,37.5,null,{"$f":"IF(OR($A866=0,$A866=\"S\",$A866>CFF!$A$9),\"\",MAX(W$11:OFFSET(W866,-1,0))+1)","v":""},"Serv. Terc.-003",83,null,{"$f":"IF($J866=$G$2,ROUND(IF(ISNUMBER(S866),S866,IF(LEFT(S866,2)=\"DI\",HLOOKUP(S866,DADOS!$T$29:$X$30,2,FALSE),0)),4),\"\")","v":0.25}]
["S",0,10,5,0,0,9,{"$f":"IF(OR($A867=\"S\",$A867=0),0,MATCH(0,OFFSET($B867,1,$A867,ROW($A$1504)-ROW($A867)),0))","v":0},{"$f":"IF(OR($A867=\"S\",$A867=0),0,MATCH(OFFSET($B867,0,$A867)+1,OFFSET($B867,1,$A867,ROW($A$1504)-ROW($A867)),0))","v":0},"Insumo","10.5.9.","Cotação","Serv. Terc.","004","Locação de cadeiras","Unidade",100,2,"DI 1",2.5,250,null,{"$f":"IF(OR($A867=0,$A867=\"S\",$A867>CFF!$A$9),\"\",MAX(W$11:OFFSET(W867,-1,0))+1)","v":""},"Serv. Terc.-004",84,null,{"$f":"IF($J867=$G$2,ROUND(IF(ISNUMBER(S867),S867,IF(LEFT(S867,2)=\"DI\",HLOOKUP(S867,DADOS!$T$29:$X$30,2,FALSE),0)),4),\"\")","v":0.25}]
["S",0,10,5,0,0,10,{"$f":"IF(OR($A868=\"S\",$A868=0),0,MATCH(0,OFFSET($B868,1,$A868,ROW($A$1504)-ROW($A868)),0))","v":0},{"$f":"IF(OR($A868=\"S\",$A868=0),0,MATCH(OFFSET($B868,0,$A868)+1,OFFSET($B868,1,$A868,ROW($A$1504)-ROW($A868)),0))","v":0},"Insumo","10.5.10.","Cotação","Serv. Terc.","005","Locação de caixa térmica","Unidade",1,40,"DI 1",50,50,null,{"$f":"IF(OR($A868=0,$A868=\"S\",$A868>CFF!$A$9),\"\",MAX(W$11:OFFSET(W868,-1,0))+1)","v":""},"Serv. Terc.-005",85,null,{"$f":"IF($J868=$G$2,ROUND(IF(ISNUMBER(S868),S868,IF(LEFT(S868,2)=\"DI\",HLOOKUP(S868,DADOS!$T$29:$X$30,2,FALSE),0)),4),\"\")","v":0.25}]
["S",0,10,5,0,0,11,{"$f":"IF(OR($A869=\"S\",$A869=0),0,MATCH(0,OFFSET($B869,1,$A869,ROW($A$1504)-ROW($A869)),0))","v":0},{"$f":"IF(OR($A869=\"S\",$A869=0),0,MATCH(OFFSET($B869,0,$A869)+1,OFFSET($B869,1,$A869,ROW($A$1504)-ROW($A869)),0))","v":0},"Insumo","10.5.11.","Cotação","Serv. Terc.","008","Locação de pula-pula com monitor","Unidade",1,220,"DI 1",275,275,null,{"$f":"IF(OR($A869=0,$A869=\"S\",$A869>CFF!$A$9),\"\",MAX(W$11:OFFSET(W869,-1,0))+1)","v":""},"Serv. Terc.-008",88,null,{"$f":"IF($J869=$G$2,ROUND(IF(ISNUMBER(S869),S869,IF(LEFT(S869,2)=\"DI\",HLOOKUP(S869,DADOS!$T$29:$X$30,2,FALSE),0)),4),\"\")","v":0.25}]
["S",0,10,5,0,0,12,{"$f":"IF(OR($A870=\"S\",$A870=0),0,MATCH(0,OFFSET($B870,1,$A870,ROW($A$1504)-ROW($A870)),0))","v":0},{"$f":"IF(OR($A870=\"S\",$A870=0),0,MATCH(OFFSET($B870,0,$A870)+1,OFFSET($B870,1,$A870,ROW($A$1504)-ROW($A870)),0))","v":0},"Insumo","10.5.12.","Cotação","Serv. Terc.","012",{"$f":"IF(NOT(ISERROR($Y870)),IF($Y870<>FALSE,INDEX(Banco,$Y870,5),\"\"),\"\")","v":"Água (garrafão de 20 litros)"},"Unidade",1,10,"DI 1",12.5,12.5,null,{"$f":"IF(OR($A870=0,$A870=\"S\",$A870>CFF!$A$9),\"\",MAX(W$11:OFFSET(W870,-1,0))+1)","v":""},"Serv. Terc.-012",92,null,{"$f":"IF($J870=$G$2,ROUND(IF(ISNUMBER(S870),S870,IF(LEFT(S870,2)=\"DI\",HLOOKUP(S870,DADOS!$T$29:$X$30,2,FALSE),0)),4),\"\")","v":0.25}]
["S",0,10,5,0,0,13,{"$f":"IF(OR($A871=\"S\",$A871=0),0,MATCH(0,OFFSET($B871,1,$A871,ROW($A$1504)-ROW($A871)),0))","v":0},{"$f":"IF(OR($A871=\"S\",$A871=0),0,MATCH(OFFSET($B871,0,$A871)+1,OFFSET($B871,1,$A871,ROW($A$1504)-ROW($A871)),0))","v":0},"Insumo","10.5.13.","Cotação ","Serv. Terc.","011",{"$f":"IF(NOT(ISERROR($Y871)),IF($Y871<>FALSE,INDEX(Banco,$Y871,5),\"\"),\"\")","v":"Barra de gelo"},"Unidade",4,12,"DI 1",15,60,null,{"$f":"IF(OR($A871=0,$A871=\"S\",$A871>CFF!$A$9),\"\",MAX(W$11:OFFSET(W871,-1,0))+1)","v":""},"Serv. Terc.-011",91,null,{"$f":"IF($J871=$G$2,ROUND(IF(ISNUMBER(S871),S871,IF(LEFT(S871,2)=\"DI\",HLOOKUP(S871,DADOS!$T$29:$X$30,2,FALSE),0)),4),\"\")","v":0.25}]
["S",0,10,5,0,0,14,{"$f":"IF(OR($A872=\"S\",$A872=0),0,MATCH(0,OFFSET($B872,1,$A872,ROW($A$1504)-ROW($A872)),0))","v":0},{"$f":"IF(OR($A872=\"S\",$A872=0),0,MATCH(OFFSET($B872,0,$A872)+1,OFFSET($B872,1,$A872,ROW($A$1504)-ROW($A872)),0))","v":0},"Insumo","10.5.14.","Cotação","Serv. Terc.","027","Refrigerantes (02 litros) ","Unidade",20,6,"DI 1",7.5,150,null,{"$f":"IF(OR($A872=0,$A872=\"S\",$A872>CFF!$A$9),\"\",MAX(W$11:OFFSET(W872,-1,0))+1)","v":""},"Serv. Terc.-027",107,null,{"$f":"IF($J872=$G$2,ROUND(IF(ISNUMBER(S872),S872,IF(LEFT(S872,2)=\"DI\",HLOOKUP(S872,DADOS!$T$29:$X$30,2,FALSE),0)),4),\"\")","v":0.25}]
["S",0,10,5,0,0,15,{"$f":"IF(OR($A873=\"S\",$A873=0),0,MATCH(0,OFFSET($B873,1,$A873,ROW($A$1504)-ROW($A873)),0))","v":0},{"$f":"IF(OR($A873=\"S\",$A873=0),0,MATCH(OFFSET($B873,0,$A873)+1,OFFSET($B873,1,$A873,ROW($A$1504)-ROW($A873)),0))","v":0},"Insumo","10.5.15.","Cotação","Rec. Materiais","020",{"$f":"IF(NOT(ISERROR($Y873)),IF($Y873<>FALSE,INDEX(Banco,$Y873,5),\"\"),\"\")","v":"Guloseimas (balas e pirulito)"},"Pacote",3,12,"DI 1",15,45,null,{"$f":"IF(OR($A873=0,$A873=\"S\",$A873>CFF!$A$9),\"\",MAX(W$11:OFFSET(W873,-1,0))+1)","v":""},"Rec. Materiais-020",29,null,{"$f":"IF($J873=$G$2,ROUND(IF(ISNUMBER(S873),S873,IF(LEFT(S873,2)=\"DI\",HLOOKUP(S873,DADOS!$T$29:$X$30,2,FALSE),0)),4),\"\")","v":0.25}]
[{"$f":"CHOOSE(1+LOG(1+2*(J874=$C$2)+4*(J874=$D$2)+8*(J874=$E$2)+16*(J874=$F$2)+32*(J874=$G$2),2),0,1,2,3,4,\"S\")","v":"S"},{"$f":"IF(OR(A874=\"S\",A874=0),0,IF(ISERROR(I874),H874,SMALL(H874:I874,1)))","v":0},{"$f":"IF($A874=1,OFFSET(C874,-1,0)+1,OFFSET(C874,-1,0))","v":10},{"$f":"IF($A874=1,0,IF($A874=2,OFFSET(D874,-1,0)+1,OFFSET(D874,-1,0)))","v":5},{"$f":"IF(AND($A874<=2,$A874<>0),0,IF($A874=3,OFFSET(E874,-1,0)+1,OFFSET(E874,-1,0)))","v":0},{"$f":"IF(AND($A874<=3,$A874<>0),0,IF($A874=4,OFFSET(F874,-1,0)+1,OFFSET(F874,-1,0)))","v":0},{"$f":"IF(AND($A874<=4,$A874<>0),0,IF($A874=\"S\",OFFSET(G874,-1,0)+1,OFFSET(G874,-1,0)))","v":16},{"$f":"IF(OR($A874=\"S\",$A874=0),0,MATCH(0,OFFSET($B874,1,$A874,ROW($A$1504)-ROW($A874)),0))","v":0},{"$f":"IF(OR($A874=\"S\",$A874=0),0,MATCH(OFFSET($B874,0,$A874)+1,OFFSET($B874,1,$A874,ROW($A$1504)-ROW($A874)),0))","v":0},"Insumo",{"$f":"IF($A874=0,\"-\",CONCATENATE(C874&\".\",IF(AND($A$5>=2,$A874>=2),D874&\".\",\"\"),IF(AND($A$5>=3,$A874>=3),E874&\".\",\"\"),IF(AND($A$5>=4,$A874>=4),F874&\".\",\"\"),IF($A874=\"S\",G874&\".\",\"\")))","v":"10.5.16."},{"$f":"IF(NOT(ISERROR($Y874)),IF($Y874<>FALSE,INDEX(Banco,$Y874,4),\"\"),\"\")","v":"Cotação"},"Serv. Terc.","017","Instrutor/Monitor (Educação Fisíca)",{"$f":"IF(NOT(ISERROR($Y874)),IF($Y874<>FALSE,INDEX(Banco,$Y874,6),\"\"),\"\")","v":"Horas"},3,{"$f":"IF(NOT(ISERROR($Y874)),IF($Y874<>FALSE,INDEX(Banco,$Y874,7),0),0)","v":100},"DI 1",{"$f":"IF($J874=$G$2,ROUND(ROUND($R874,2)*IF($R$9=\"Preço Unitário (R$)\",1,1+$AA874),2),0)","v":125},{"$f":"IF($A874=\"S\",VTOTAL1,IF($A874=0,0,ROUND(SomaAgrup,2)))","v":375},null,{"$f":"IF(OR($A874=0,$A874=\"S\",$A874>CFF!$A$9),\"\",MAX(W$11:OFFSET(W874,-1,0))+1)","v":""},{"$f":"IF(AND($J874=$G$2,$N874<>\"\",$M874<>\"\"),CONCATENATE($M874,\"-\",$N874))","v":"Serv. Terc.-017"},{"$f":"IF(X874<>FALSE,MATCH(X874,OFFSET(Banco,0,0,,1),0))","v":97},null,{"$f":"IF($J874=$G$2,ROUND(IF(ISNUMBER(S874),S874,IF(LEFT(S874,2)=\"DI\",HLOOKUP(S874,DADOS!$T$29:$X$30,2,FALSE),0)),4),\"\")","v":0.25}]
[{"$f":"CHOOSE(1+LOG(1+2*(J875=$C$2)+4*(J875=$D$2)+8*(J875=$E$2)+16*(J875=$F$2)+32*(J875=$G$2),2),0,1,2,3,4,\"S\")","v":"S"},{"$f":"IF(OR(A875=\"S\",A875=0),0,IF(ISERROR(I875),H875,SMALL(H875:I875,1)))","v":0},{"$f":"IF($A875=1,OFFSET(C875,-1,0)+1,OFFSET(C875,-1,0))","v":10},{"$f":"IF($A875=1,0,IF($A875=2,OFFSET(D875,-1,0)+1,OFFSET(D875,-1,0)))","v":5},{"$f":"IF(AND($A875<=2,$A875<>0),0,IF($A875=3,OFFSET(E875,-1,0)+1,OFFSET(E875,-1,0)))","v":0},{"$f":"IF(AND($A875<=3,$A875<>0),0,IF($A875=4,OFFSET(F875,-1,0)+1,OFFSET(F875,-1,0)))","v":0},{"$f":"IF(AND($A875<=4,$A875<>0),0,IF($A875=\"S\",OFFSET(G875,-1,0)+1,OFFSET(G875,-1,0)))","v":17},{"$f":"IF(OR($A875=\"S\",$A875=0),0,MATCH(0,OFFSET($B875,1,$A875,ROW($A$1504)-ROW($A875)),0))","v":0},{"$f":"IF(OR($A875=\"S\",$A875=0),0,MATCH(OFFSET($B875,0,$A875)+1,OFFSET($B875,1,$A875,ROW($A$1504)-ROW($A875)),0))","v":0},"Insumo",{"$f":"IF($A875=0,\"-\",CONCATENATE(C875&\".\",IF(AND($A$5>=2,$A875>=2),D875&\".\",\"\"),IF(AND($A$5>=3,$A875>=3),E875&\".\",\"\"),IF(AND($A$5>=4,$A875>=4),F875&\".\",\"\"),IF($A875=\"S\",G875&\".\",\"\")))","v":"10.5.17."},{"$f":"IF(NOT(ISERROR($Y875)),IF($Y875<>FALSE,INDEX(Banco,$Y875,4),\"\"),\"\")","v":"COREN"},"Serv. Terc.","086","Técnica de Enfermagem (Instrutor)",{"$f":"IF(NOT(ISERROR($Y875)),IF($Y875<>FALSE,INDEX(Banco,$Y875,6),\"\"),\"\")","v":"Horas"},3,{"$f":"IF(NOT(ISERROR($Y875)),IF($Y875<>FALSE,INDEX(Banco,$Y875,7),0),0)","v":92.65},"DI 1",{"$f":"IF($J875=$G$2,ROUND(ROUND($R875,2)*IF($R$9=\"Preço Unitário (R$)\",1,1+$AA875),2),0)","v":115.81},{"$f":"IF($A875=\"S\",VTOTAL1,IF($A875=0,0,ROUND(SomaAgrup,2)))","v":347.43},null,{"$f":"IF(OR($A875=0,$A875=\"S\",$A875>CFF!$A$9),\"\",MAX(W$11:OFFSET(W875,-1,0))+1)","v":""},{"$f":"IF(AND($J875=$G$2,$N875<>\"\",$M875<>\"\"),CONCATENATE($M875,\"-\",$N875))","v":"Serv. Terc.-086"},{"$f":"IF(X875<>FALSE,MATCH(X875,OFFSET(Banco,0,0,,1),0))","v":166},null,{"$f":"IF($J875=$G$2,ROUND(IF(ISNUMBER(S875),S875,IF(LEFT(S875,2)=\"DI\",HLOOKUP(S875,DADOS!$T$29:$X$30,2,FALSE),0)),4),\"\")","v":0.25}]
[{"$f":"CHOOSE(1+LOG(1+2*(J876=$C$2)+4*(J876=$D$2)+8*(J876=$E$2)+16*(J876=$F$2)+32*(J876=$G$2),2),0,1,2,3,4,\"S\")","v":"S"},{"$f":"IF(OR(A876=\"S\",A876=0),0,IF(ISERROR(I876),H876,SMALL(H876:I876,1)))","v":0},{"$f":"IF($A876=1,OFFSET(C876,-1,0)+1,OFFSET(C876,-1,0))","v":10},{"$f":"IF($A876=1,0,IF($A876=2,OFFSET(D876,-1,0)+1,OFFSET(D876,-1,0)))","v":5},{"$f":"IF(AND($A876<=2,$A876<>0),0,IF($A876=3,OFFSET(E876,-1,0)+1,OFFSET(E876,-1,0)))","v":0},{"$f":"IF(AND($A876<=3,$A876<>0),0,IF($A876=4,OFFSET(F876,-1,0)+1,OFFSET(F876,-1,0)))","v":0},{"$f":"IF(AND($A876<=4,$A876<>0),0,IF($A876=\"S\",OFFSET(G876,-1,0)+1,OFFSET(G876,-1,0)))","v":18},{"$f":"IF(OR($A876=\"S\",$A876=0),0,MATCH(0,OFFSET($B876,1,$A876,ROW($A$1504)-ROW($A876)),0))","v":0},{"$f":"IF(OR($A876=\"S\",$A876=0),0,MATCH(OFFSET($B876,0,$A876)+1,OFFSET($B876,1,$A876,ROW($A$1504)-ROW($A876)),0))","v":0},"Insumo",{"$f":"IF($A876=0,\"-\",CONCATENATE(C876&\".\",IF(AND($A$5>=2,$A876>=2),D876&\".\",\"\"),IF(AND($A$5>=3,$A876>=3),E876&\".\",\"\"),IF(AND($A$5>=4,$A876>=4),F876&\".\",\"\"),IF($A876=\"S\",G876&\".\",\"\")))","v":"10.5.18."},{"$f":"IF(NOT(ISERROR($Y876)),IF($Y876<>FALSE,INDEX(Banco,$Y876,4),\"\"),\"\")","v":"Cotação"},"Serv. Terc.","074","Arco decorativo de balão (com 200 unidades)",{"$f":"IF(NOT(ISERROR($Y876)),IF($Y876<>FALSE,INDEX(Banco,$Y876,6),\"\"),\"\")","v":"Unidade"},1,{"$f":"IF(NOT(ISERROR($Y876)),IF($Y876<>FALSE,INDEX(Banco,$Y876,7),0),0)","v":250},"DI 1",{"$f":"IF($J876=$G$2,ROUND(ROUND($R876,2)*IF($R$9=\"Preço Unitário (R$)\",1,1+$AA876),2),0)","v":312.5},{"$f":"IF($A876=\"S\",VTOTAL1,IF($A876=0,0,ROUND(SomaAgrup,2)))","v":312.5},null,{"$f":"IF(OR($A876=0,$A876=\"S\",$A876>CFF!$A$9),\"\",MAX(W$11:OFFSET(W876,-1,0))+1)","v":""},{"$f":"IF(AND($J876=$G$2,$N876<>\"\",$M876<>\"\"),CONCATENATE($M876,\"-\",$N876))","v":"Serv. Terc.-074"},{"$f":"IF(X876<>FALSE,MATCH(X876,OFFSET(Banco,0,0,,1),0))","v":154},null,{"$f":"IF($J876=$G$2,ROUND(IF(ISNUMBER(S876),S876,IF(LEFT(S876,2)=\"DI\",HLOOKUP(S876,DADOS!$T$29:$X$30,2,FALSE),0)),4),\"\")","v":0.25}]
["S",0,10,5,0,0,19,{"$f":"IF(OR($A877=\"S\",$A877=0),0,MATCH(0,OFFSET($B877,1,$A877,ROW($A$1504)-ROW($A877)),0))","v":0},{"$f":"IF(OR($A877=\"S\",$A877=0),0,MATCH(OFFSET($B877,0,$A877)+1,OFFSET($B877,1,$A877,ROW($A$1504)-ROW($A877)),0))","v":0},"Insumo","10.5.19.","Cotação","Serv. Terc.","036","Locação de carrinho de picolé","Unidade",1,186,"DI 1",232.5,232.5,null,{"$f":"IF(OR($A877=0,$A877=\"S\",$A877>CFF!$A$9),\"\",MAX(W$11:OFFSET(W877,-1,0))+1)","v":""},"Serv. Terc.-036",116,null,{"$f":"IF($J877=$G$2,ROUND(IF(ISNUMBER(S877),S877,IF(LEFT(S877,2)=\"DI\",HLOOKUP(S877,DADOS!$T$29:$X$30,2,FALSE),0)),4),\"\")","v":0.25}]
["S",0,10,5,0,0,20,{"$f":"IF(OR($A878=\"S\",$A878=0),0,MATCH(0,OFFSET($B878,1,$A878,ROW($A$1504)-ROW($A878)),0))","v":0},{"$f":"IF(OR($A878=\"S\",$A878=0),0,MATCH(OFFSET($B878,0,$A878)+1,OFFSET($B878,1,$A878,ROW($A$1504)-ROW($A878)),0))","v":0},"Insumo","10.5.20.","Cotação","Serv. Terc.","037","Locação carrinho de pipoca","Unidade",1,190,"DI 1",237.5,237.5,null,{"$f":"IF(OR($A878=0,$A878=\"S\",$A878>CFF!$A$9),\"\",MAX(W$11:OFFSET(W878,-1,0))+1)","v":""},"Serv. Terc.-037",117,null,{"$f":"IF($J878=$G$2,ROUND(IF(ISNUMBER(S878),S878,IF(LEFT(S878,2)=\"DI\",HLOOKUP(S878,DADOS!$T$29:$X$30,2,FALSE),0)),4),\"\")","v":0.25}]
["S",0,10,5,0,0,21,{"$f":"IF(OR($A879=\"S\",$A879=0),0,MATCH(0,OFFSET($B879,1,$A879,ROW($A$1504)-ROW($A879)),0))","v":0},{"$f":"IF(OR($A879=\"S\",$A879=0),0,MATCH(OFFSET($B879,0,$A879)+1,OFFSET($B879,1,$A879,ROW($A$1504)-ROW($A879)),0))","v":0},"Insumo","10.5.21.","Cotação","Serv. Terc.","038","Locação carrinho de algodão doce","Unidade",1,200,"DI 1",250,250,null,{"$f":"IF(OR($A879=0,$A879=\"S\",$A879>CFF!$A$9),\"\",MAX(W$11:OFFSET(W879,-1,0))+1)","v":""},"Serv. Terc.-038",118,null,{"$f":"IF($J879=$G$2,ROUND(IF(ISNUMBER(S879),S879,IF(LEFT(S879,2)=\"DI\",HLOOKUP(S879,DADOS!$T$29:$X$30,2,FALSE),0)),4),\"\")","v":0.25}]
["S",0,10,5,0,0,22,{"$f":"IF(OR($A880=\"S\",$A880=0),0,MATCH(0,OFFSET($B880,1,$A880,ROW($A$1504)-ROW($A880)),0))","v":0},{"$f":"IF(OR($A880=\"S\",$A880=0),0,MATCH(OFFSET($B880,0,$A880)+1,OFFSET($B880,1,$A880,ROW($A$1504)-ROW($A880)),0))","v":0},"Insumo","10.5.22.","Cotação","Serv. Terc.","039","Locação carrinho de cachorro quente","Unidade",1,250,"DI 1",312.5,312.5,null,{"$f":"IF(OR($A880=0,$A880=\"S\",$A880>CFF!$A$9),\"\",MAX(W$11:OFFSET(W880,-1,0))+1)","v":""},"Serv. Terc.-039",119,null,{"$f":"IF($J880=$G$2,ROUND(IF(ISNUMBER(S880),S880,IF(LEFT(S880,2)=\"DI\",HLOOKUP(S880,DADOS!$T$29:$X$30,2,FALSE),0)),4),\"\")","v":0.25}]
["S",0,10,5,0,0,23,{"$f":"IF(OR($A881=\"S\",$A881=0),0,MATCH(0,OFFSET($B881,1,$A881,ROW($A$1504)-ROW($A881)),0))","v":0},{"$f":"IF(OR($A881=\"S\",$A881=0),0,MATCH(OFFSET($B881,0,$A881)+1,OFFSET($B881,1,$A881,ROW($A$1504)-ROW($A881)),0))","v":0},"Insumo","10.5.23.","Cotação","Rec. Materiais","026","Saco de lixo (100 litros)","Pacote",2,15,"DI 1",18.75,37.5,null,{"$f":"IF(OR($A881=0,$A881=\"S\",$A881>CFF!$A$9),\"\",MAX(W$11:OFFSET(W881,-1,0))+1)","v":""},"Rec. Materiais-026",35,null,{"$f":"IF($J881=$G$2,ROUND(IF(ISNUMBER(S881),S881,IF(LEFT(S881,2)=\"DI\",HLOOKUP(S881,DADOS!$T$29:$X$30,2,FALSE),0)),4),\"\")","v":0.25}]
[{"$f":"CHOOSE(1+LOG(1+2*(J882=$C$2)+4*(J882=$D$2)+8*(J882=$E$2)+16*(J882=$F$2)+32*(J882=$G$2),2),0,1,2,3,4,\"S\")","v":2},{"$f":"IF(OR(A882=\"S\",A882=0),0,IF(ISERROR(I882),H882,SMALL(H882:I882,1)))","v":24},{"$f":"IF($A882=1,OFFSET(C882,-1,0)+1,OFFSET(C882,-1,0))","v":10},{"$f":"IF($A882=1,0,IF($A882=2,OFFSET(D882,-1,0)+1,OFFSET(D882,-1,0)))","v":6},{"$f":"IF(AND($A882<=2,$A882<>0),0,IF($A882=3,OFFSET(E882,-1,0)+1,OFFSET(E882,-1,0)))","v":0},{"$f":"IF(AND($A882<=3,$A882<>0),0,IF($A882=4,OFFSET(F882,-1,0)+1,OFFSET(F882,-1,0)))","v":0},{"$f":"IF(AND($A882<=4,$A882<>0),0,IF($A882=\"S\",OFFSET(G882,-1,0)+1,OFFSET(G882,-1,0)))","v":0},{"$f":"IF(OR($A882=\"S\",$A882=0),0,MATCH(0,OFFSET($B882,1,$A882,ROW($A$1504)-ROW($A882)),0))","v":62},{"$f":"IF(OR($A882=\"S\",$A882=0),0,MATCH(OFFSET($B882,0,$A882)+1,OFFSET($B882,1,$A882,ROW($A$1504)-ROW($A882)),0))","v":24},"AtivNível 1",{"$f":"IF($A882=0,\"-\",CONCATENATE(C882&\".\",IF(AND($A$5>=2,$A882>=2),D882&\".\",\"\"),IF(AND($A$5>=3,$A882>=3),E882&\".\",\"\"),IF(AND($A$5>=4,$A882>=4),F882&\".\",\"\"),IF($A882=\"S\",G882&\".\",\"\")))","v":"10.6."},{"$f":"IF(NOT(ISERROR($Y882)),IF($Y882<>FALSE,INDEX(Banco,$Y882,4),\"\"),\"\")","v":""},null,null,"Atividade 69 - Palestra da família prevenção masculina e feminina região Parque São João",{"$f":"IF(NOT(ISERROR($Y882)),IF($Y882<>FALSE,INDEX(Banco,$Y882,6),\"\"),\"\")","v":""},null,{"$f":"IF(NOT(ISERROR($Y882)),IF($Y882<>FALSE,INDEX(Banco,$Y882,7),0),0)","v":0},"DI 1",{"$f":"IF($J882=$G$2,ROUND(ROUND($R882,2)*IF($R$9=\"Preço Unitário (R$)\",1,1+$AA882),2),0)","v":0},{"$f":"IF($A882=\"S\",VTOTAL1,IF($A882=0,0,ROUND(SomaAgrup,2)))","v":9836.6200000000008},null,{"$f":"IF(OR($A882=0,$A882=\"S\",$A882>CFF!$A$9),\"\",MAX(W$11:OFFSET(W882,-1,0))+1)","v":79},{"$f":"IF(AND($J882=$G$2,$N882<>\"\",$M882<>\"\"),CONCATENATE($M882,\"-\",$N882))","v":false},{"$f":"IF(X882<>FALSE,MATCH(X882,OFFSET(Banco,0,0,,1),0))","v":false},null,{"$f":"IF($J882=$G$2,ROUND(IF(ISNUMBER(S882),S882,IF(LEFT(S882,2)=\"DI\",HLOOKUP(S882,DADOS!$T$29:$X$30,2,FALSE),0)),4),\"\")","v":""}]
[{"$f":"CHOOSE(1+LOG(1+2*(J883=$C$2)+4*(J883=$D$2)+8*(J883=$E$2)+16*(J883=$F$2)+32*(J883=$G$2),2),0,1,2,3,4,\"S\")","v":"S"},{"$f":"IF(OR(A883=\"S\",A883=0),0,IF(ISERROR(I883),H883,SMALL(H883:I883,1)))","v":0},{"$f":"IF($A883=1,OFFSET(C883,-1,0)+1,OFFSET(C883,-1,0))","v":10},{"$f":"IF($A883=1,0,IF($A883=2,OFFSET(D883,-1,0)+1,OFFSET(D883,-1,0)))","v":6},{"$f":"IF(AND($A883<=2,$A883<>0),0,IF($A883=3,OFFSET(E883,-1,0)+1,OFFSET(E883,-1,0)))","v":0},{"$f":"IF(AND($A883<=3,$A883<>0),0,IF($A883=4,OFFSET(F883,-1,0)+1,OFFSET(F883,-1,0)))","v":0},{"$f":"IF(AND($A883<=4,$A883<>0),0,IF($A883=\"S\",OFFSET(G883,-1,0)+1,OFFSET(G883,-1,0)))","v":1},{"$f":"IF(OR($A883=\"S\",$A883=0),0,MATCH(0,OFFSET($B883,1,$A883,ROW($A$1504)-ROW($A883)),0))","v":0},{"$f":"IF(OR($A883=\"S\",$A883=0),0,MATCH(OFFSET($B883,0,$A883)+1,OFFSET($B883,1,$A883,ROW($A$1504)-ROW($A883)),0))","v":0},"Insumo",{"$f":"IF($A883=0,\"-\",CONCATENATE(C883&\".\",IF(AND($A$5>=2,$A883>=2),D883&\".\",\"\"),IF(AND($A$5>=3,$A883>=3),E883&\".\",\"\"),IF(AND($A$5>=4,$A883>=4),F883&\".\",\"\"),IF($A883=\"S\",G883&\".\",\"\")))","v":"10.6.1."},{"$f":"IF(NOT(ISERROR($Y883)),IF($Y883<>FALSE,INDEX(Banco,$Y883,4),\"\"),\"\")","v":"CRESS"},"Rec. Humanos","001",{"$f":"IF(NOT(ISERROR($Y883)),IF($Y883<>FALSE,INDEX(Banco,$Y883,5),\"\"),\"\")","v":"Responsável Técnica"},{"$f":"IF(NOT(ISERROR($Y883)),IF($Y883<>FALSE,INDEX(Banco,$Y883,6),\"\"),\"\")","v":"Horas"},8,{"$f":"IF(NOT(ISERROR($Y883)),IF($Y883<>FALSE,INDEX(Banco,$Y883,7),0),0)","v":150.28},"DI 1",{"$f":"IF($J883=$G$2,ROUND(ROUND($R883,2)*IF($R$9=\"Preço Unitário (R$)\",1,1+$AA883),2),0)","v":187.85},{"$f":"IF($A883=\"S\",VTOTAL1,IF($A883=0,0,ROUND(SomaAgrup,2)))","v":1502.8},null,{"$f":"IF(OR($A883=0,$A883=\"S\",$A883>CFF!$A$9),\"\",MAX(W$11:OFFSET(W883,-1,0))+1)","v":""},{"$f":"IF(AND($J883=$G$2,$N883<>\"\",$M883<>\"\"),CONCATENATE($M883,\"-\",$N883))","v":"Rec. Humanos-001"},{"$f":"IF(X883<>FALSE,MATCH(X883,OFFSET(Banco,0,0,,1),0))","v":3},null,{"$f":"IF($J883=$G$2,ROUND(IF(ISNUMBER(S883),S883,IF(LEFT(S883,2)=\"DI\",HLOOKUP(S883,DADOS!$T$29:$X$30,2,FALSE),0)),4),\"\")","v":0.25}]
["S",0,10,6,0,0,2,{"$f":"IF(OR($A884=\"S\",$A884=0),0,MATCH(0,OFFSET($B884,1,$A884,ROW($A$1504)-ROW($A884)),0))","v":0},{"$f":"IF(OR($A884=\"S\",$A884=0),0,MATCH(OFFSET($B884,0,$A884)+1,OFFSET($B884,1,$A884,ROW($A$1504)-ROW($A884)),0))","v":0},"Insumo","10.6.2.","CRESS","Rec. Humanos","002","Assistente Social","Horas",4,133.81,"DI 1",167.26,669.04,null,{"$f":"IF(OR($A884=0,$A884=\"S\",$A884>CFF!$A$9),\"\",MAX(W$11:OFFSET(W884,-1,0))+1)","v":""},"Rec. Humanos-002",4,null,{"$f":"IF($J884=$G$2,ROUND(IF(ISNUMBER(S884),S884,IF(LEFT(S884,2)=\"DI\",HLOOKUP(S884,DADOS!$T$29:$X$30,2,FALSE),0)),4),\"\")","v":0.25}]
["S",0,10,6,0,0,3,{"$f":"IF(OR($A885=\"S\",$A885=0),0,MATCH(0,OFFSET($B885,1,$A885,ROW($A$1504)-ROW($A885)),0))","v":0},{"$f":"IF(OR($A885=\"S\",$A885=0),0,MATCH(OFFSET($B885,0,$A885)+1,OFFSET($B885,1,$A885,ROW($A$1504)-ROW($A885)),0))","v":0},"Insumo","10.6.3.","Cotação","Rec. Humanos","003","Administrador (Técnico de Apoio) ","Horas",4,103.65,"DI 1",129.56,518.24,null,{"$f":"IF(OR($A885=0,$A885=\"S\",$A885>CFF!$A$9),\"\",MAX(W$11:OFFSET(W885,-1,0))+1)","v":""},"Rec. Humanos-003",5,null,{"$f":"IF($J885=$G$2,ROUND(IF(ISNUMBER(S885),S885,IF(LEFT(S885,2)=\"DI\",HLOOKUP(S885,DADOS!$T$29:$X$30,2,FALSE),0)),4),\"\")","v":0.25}]
["S",0,10,6,0,0,4,{"$f":"IF(OR($A886=\"S\",$A886=0),0,MATCH(0,OFFSET($B886,1,$A886,ROW($A$1504)-ROW($A886)),0))","v":0},{"$f":"IF(OR($A886=\"S\",$A886=0),0,MATCH(OFFSET($B886,0,$A886)+1,OFFSET($B886,1,$A886,ROW($A$1504)-ROW($A886)),0))","v":0},"Insumo","10.6.4.","SINE","Rec. Humanos","004","Estagiários","Horas",16,9.7899999999999991,"DI 1",12.24,195.84,null,{"$f":"IF(OR($A886=0,$A886=\"S\",$A886>CFF!$A$9),\"\",MAX(W$11:OFFSET(W886,-1,0))+1)","v":""},"Rec. Humanos-004",6,null,{"$f":"IF($J886=$G$2,ROUND(IF(ISNUMBER(S886),S886,IF(LEFT(S886,2)=\"DI\",HLOOKUP(S886,DADOS!$T$29:$X$30,2,FALSE),0)),4),\"\")","v":0.25}]
["S",0,10,6,0,0,5,{"$f":"IF(OR($A887=\"S\",$A887=0),0,MATCH(0,OFFSET($B887,1,$A887,ROW($A$1504)-ROW($A887)),0))","v":0},{"$f":"IF(OR($A887=\"S\",$A887=0),0,MATCH(OFFSET($B887,0,$A887)+1,OFFSET($B887,1,$A887,ROW($A$1504)-ROW($A887)),0))","v":0},"Insumo","10.6.5.","Cotação","Serv. Terc.","001","Fotocópias","Unidade",300,0.3,"DI 1",0.38,114,null,{"$f":"IF(OR($A887=0,$A887=\"S\",$A887>CFF!$A$9),\"\",MAX(W$11:OFFSET(W887,-1,0))+1)","v":""},"Serv. Terc.-001",81,null,{"$f":"IF($J887=$G$2,ROUND(IF(ISNUMBER(S887),S887,IF(LEFT(S887,2)=\"DI\",HLOOKUP(S887,DADOS!$T$29:$X$30,2,FALSE),0)),4),\"\")","v":0.25}]
[{"$f":"CHOOSE(1+LOG(1+2*(J888=$C$2)+4*(J888=$D$2)+8*(J888=$E$2)+16*(J888=$F$2)+32*(J888=$G$2),2),0,1,2,3,4,\"S\")","v":"S"},{"$f":"IF(OR(A888=\"S\",A888=0),0,IF(ISERROR(I888),H888,SMALL(H888:I888,1)))","v":0},{"$f":"IF($A888=1,OFFSET(C888,-1,0)+1,OFFSET(C888,-1,0))","v":10},{"$f":"IF($A888=1,0,IF($A888=2,OFFSET(D888,-1,0)+1,OFFSET(D888,-1,0)))","v":6},{"$f":"IF(AND($A888<=2,$A888<>0),0,IF($A888=3,OFFSET(E888,-1,0)+1,OFFSET(E888,-1,0)))","v":0},{"$f":"IF(AND($A888<=3,$A888<>0),0,IF($A888=4,OFFSET(F888,-1,0)+1,OFFSET(F888,-1,0)))","v":0},{"$f":"IF(AND($A888<=4,$A888<>0),0,IF($A888=\"S\",OFFSET(G888,-1,0)+1,OFFSET(G888,-1,0)))","v":6},{"$f":"IF(OR($A888=\"S\",$A888=0),0,MATCH(0,OFFSET($B888,1,$A888,ROW($A$1504)-ROW($A888)),0))","v":0},{"$f":"IF(OR($A888=\"S\",$A888=0),0,MATCH(OFFSET($B888,0,$A888)+1,OFFSET($B888,1,$A888,ROW($A$1504)-ROW($A888)),0))","v":0},"Insumo",{"$f":"IF($A888=0,\"-\",CONCATENATE(C888&\".\",IF(AND($A$5>=2,$A888>=2),D888&\".\",\"\"),IF(AND($A$5>=3,$A888>=3),E888&\".\",\"\"),IF(AND($A$5>=4,$A888>=4),F888&\".\",\"\"),IF($A888=\"S\",G888&\".\",\"\")))","v":"10.6.6."},{"$f":"IF(NOT(ISERROR($Y888)),IF($Y888<>FALSE,INDEX(Banco,$Y888,4),\"\"),\"\")","v":"Cotação"},"Serv. Terc.","017",{"$f":"IF(NOT(ISERROR($Y888)),IF($Y888<>FALSE,INDEX(Banco,$Y888,5),\"\"),\"\")","v":"Instrutor/Monitor (Educação Fisíca)"},{"$f":"IF(NOT(ISERROR($Y888)),IF($Y888<>FALSE,INDEX(Banco,$Y888,6),\"\"),\"\")","v":"Horas"},3,{"$f":"IF(NOT(ISERROR($Y888)),IF($Y888<>FALSE,INDEX(Banco,$Y888,7),0),0)","v":100},"DI 1",{"$f":"IF($J888=$G$2,ROUND(ROUND($R888,2)*IF($R$9=\"Preço Unitário (R$)\",1,1+$AA888),2),0)","v":125},{"$f":"IF($A888=\"S\",VTOTAL1,IF($A888=0,0,ROUND(SomaAgrup,2)))","v":375},null,{"$f":"IF(OR($A888=0,$A888=\"S\",$A888>CFF!$A$9),\"\",MAX(W$11:OFFSET(W888,-1,0))+1)","v":""},{"$f":"IF(AND($J888=$G$2,$N888<>\"\",$M888<>\"\"),CONCATENATE($M888,\"-\",$N888))","v":"Serv. Terc.-017"},{"$f":"IF(X888<>FALSE,MATCH(X888,OFFSET(Banco,0,0,,1),0))","v":97},null,{"$f":"IF($J888=$G$2,ROUND(IF(ISNUMBER(S888),S888,IF(LEFT(S888,2)=\"DI\",HLOOKUP(S888,DADOS!$T$29:$X$30,2,FALSE),0)),4),\"\")","v":0.25}]
["S",0,10,6,0,0,7,{"$f":"IF(OR($A889=\"S\",$A889=0),0,MATCH(0,OFFSET($B889,1,$A889,ROW($A$1504)-ROW($A889)),0))","v":0},{"$f":"IF(OR($A889=\"S\",$A889=0),0,MATCH(OFFSET($B889,0,$A889)+1,OFFSET($B889,1,$A889,ROW($A$1504)-ROW($A889)),0))","v":0},"Insumo","10.6.7.","Cotação","Serv. Terc.","002","Carro de som com gravação de vinheta","Horas",3,200,"DI 1",250,750,null,{"$f":"IF(OR($A889=0,$A889=\"S\",$A889>CFF!$A$9),\"\",MAX(W$11:OFFSET(W889,-1,0))+1)","v":""},"Serv. Terc.-002",82,null,{"$f":"IF($J889=$G$2,ROUND(IF(ISNUMBER(S889),S889,IF(LEFT(S889,2)=\"DI\",HLOOKUP(S889,DADOS!$T$29:$X$30,2,FALSE),0)),4),\"\")","v":0.25}]
["S",0,10,6,0,0,8,{"$f":"IF(OR($A890=\"S\",$A890=0),0,MATCH(0,OFFSET($B890,1,$A890,ROW($A$1504)-ROW($A890)),0))","v":0},{"$f":"IF(OR($A890=\"S\",$A890=0),0,MATCH(OFFSET($B890,0,$A890)+1,OFFSET($B890,1,$A890,ROW($A$1504)-ROW($A890)),0))","v":0},"Insumo","10.6.8.","Cotação","Serv. Terc.","003","Locação de mesas","Unidade",20,3,"DI 1",3.75,75,null,{"$f":"IF(OR($A890=0,$A890=\"S\",$A890>CFF!$A$9),\"\",MAX(W$11:OFFSET(W890,-1,0))+1)","v":""},"Serv. Terc.-003",83,null,{"$f":"IF($J890=$G$2,ROUND(IF(ISNUMBER(S890),S890,IF(LEFT(S890,2)=\"DI\",HLOOKUP(S890,DADOS!$T$29:$X$30,2,FALSE),0)),4),\"\")","v":0.25}]
["S",0,10,6,0,0,9,{"$f":"IF(OR($A891=\"S\",$A891=0),0,MATCH(0,OFFSET($B891,1,$A891,ROW($A$1504)-ROW($A891)),0))","v":0},{"$f":"IF(OR($A891=\"S\",$A891=0),0,MATCH(OFFSET($B891,0,$A891)+1,OFFSET($B891,1,$A891,ROW($A$1504)-ROW($A891)),0))","v":0},"Insumo","10.6.9.","Cotação","Serv. Terc.","004","Locação de cadeiras","Unidade",400,2,"DI 1",2.5,1000,null,{"$f":"IF(OR($A891=0,$A891=\"S\",$A891>CFF!$A$9),\"\",MAX(W$11:OFFSET(W891,-1,0))+1)","v":""},"Serv. Terc.-004",84,null,{"$f":"IF($J891=$G$2,ROUND(IF(ISNUMBER(S891),S891,IF(LEFT(S891,2)=\"DI\",HLOOKUP(S891,DADOS!$T$29:$X$30,2,FALSE),0)),4),\"\")","v":0.25}]
["S",0,10,6,0,0,10,{"$f":"IF(OR($A892=\"S\",$A892=0),0,MATCH(0,OFFSET($B892,1,$A892,ROW($A$1504)-ROW($A892)),0))","v":0},{"$f":"IF(OR($A892=\"S\",$A892=0),0,MATCH(OFFSET($B892,0,$A892)+1,OFFSET($B892,1,$A892,ROW($A$1504)-ROW($A892)),0))","v":0},"Insumo","10.6.10.","Cotação","Serv. Terc.","005","Locação de caixa térmica","Unidade",2,40,"DI 1",50,100,null,{"$f":"IF(OR($A892=0,$A892=\"S\",$A892>CFF!$A$9),\"\",MAX(W$11:OFFSET(W892,-1,0))+1)","v":""},"Serv. Terc.-005",85,null,{"$f":"IF($J892=$G$2,ROUND(IF(ISNUMBER(S892),S892,IF(LEFT(S892,2)=\"DI\",HLOOKUP(S892,DADOS!$T$29:$X$30,2,FALSE),0)),4),\"\")","v":0.25}]
["S",0,{"$f":"IF($A893=1,OFFSET(C893,-1,0)+1,OFFSET(C893,-1,0))","v":10},{"$f":"IF($A893=1,0,IF($A893=2,OFFSET(D893,-1,0)+1,OFFSET(D893,-1,0)))","v":6},{"$f":"IF(AND($A893<=2,$A893<>0),0,IF($A893=3,OFFSET(E893,-1,0)+1,OFFSET(E893,-1,0)))","v":0},{"$f":"IF(AND($A893<=3,$A893<>0),0,IF($A893=4,OFFSET(F893,-1,0)+1,OFFSET(F893,-1,0)))","v":0},{"$f":"IF(AND($A893<=4,$A893<>0),0,IF($A893=\"S\",OFFSET(G893,-1,0)+1,OFFSET(G893,-1,0)))","v":11},{"$f":"IF(OR($A893=\"S\",$A893=0),0,MATCH(0,OFFSET($B893,1,$A893,ROW($A$1504)-ROW($A893)),0))","v":0},{"$f":"IF(OR($A893=\"S\",$A893=0),0,MATCH(OFFSET($B893,0,$A893)+1,OFFSET($B893,1,$A893,ROW($A$1504)-ROW($A893)),0))","v":0},"Insumo","10.6.11.",{"$f":"IF(NOT(ISERROR($Y893)),IF($Y893<>FALSE,INDEX(Banco,$Y893,4),\"\"),\"\")","v":"Cotação"},"Serv. Terc.","006","Locação de tendas",{"$f":"IF(NOT(ISERROR($Y893)),IF($Y893<>FALSE,INDEX(Banco,$Y893,6),\"\"),\"\")","v":"Unidade"},3,{"$f":"IF(NOT(ISERROR($Y893)),IF($Y893<>FALSE,INDEX(Banco,$Y893,7),0),0)","v":250},"DI 1",{"$f":"IF($J893=$G$2,ROUND(ROUND($R893,2)*IF($R$9=\"Preço Unitário (R$)\",1,1+$AA893),2),0)","v":312.5},{"$f":"IF($A893=\"S\",VTOTAL1,IF($A893=0,0,ROUND(SomaAgrup,2)))","v":937.5},null,{"$f":"IF(OR($A893=0,$A893=\"S\",$A893>CFF!$A$9),\"\",MAX(W$11:OFFSET(W893,-1,0))+1)","v":""},{"$f":"IF(AND($J893=$G$2,$N893<>\"\",$M893<>\"\"),CONCATENATE($M893,\"-\",$N893))","v":"Serv. Terc.-006"},86,null,{"$f":"IF($J893=$G$2,ROUND(IF(ISNUMBER(S893),S893,IF(LEFT(S893,2)=\"DI\",HLOOKUP(S893,DADOS!$T$29:$X$30,2,FALSE),0)),4),\"\")","v":0.25}]
["S",0,10,6,0,0,12,{"$f":"IF(OR($A894=\"S\",$A894=0),0,MATCH(0,OFFSET($B894,1,$A894,ROW($A$1504)-ROW($A894)),0))","v":0},{"$f":"IF(OR($A894=\"S\",$A894=0),0,MATCH(OFFSET($B894,0,$A894)+1,OFFSET($B894,1,$A894,ROW($A$1504)-ROW($A894)),0))","v":0},"Insumo","10.6.12.","Cotação","Serv. Terc.","008","Locação de pula-pula com monitor","Unidade",2,220,"DI 1",275,550,null,{"$f":"IF(OR($A894=0,$A894=\"S\",$A894>CFF!$A$9),\"\",MAX(W$11:OFFSET(W894,-1,0))+1)","v":""},"Serv. Terc.-008",88,null,{"$f":"IF($J894=$G$2,ROUND(IF(ISNUMBER(S894),S894,IF(LEFT(S894,2)=\"DI\",HLOOKUP(S894,DADOS!$T$29:$X$30,2,FALSE),0)),4),\"\")","v":0.25}]
["S",0,10,6,0,0,13,{"$f":"IF(OR($A895=\"S\",$A895=0),0,MATCH(0,OFFSET($B895,1,$A895,ROW($A$1504)-ROW($A895)),0))","v":0},{"$f":"IF(OR($A895=\"S\",$A895=0),0,MATCH(OFFSET($B895,0,$A895)+1,OFFSET($B895,1,$A895,ROW($A$1504)-ROW($A895)),0))","v":0},"Insumo","10.6.13.","Cotação","Serv. Terc.","012","Água (garrafão de 20 litros)","Unidade",2,10,"DI 1",12.5,25,null,{"$f":"IF(OR($A895=0,$A895=\"S\",$A895>CFF!$A$9),\"\",MAX(W$11:OFFSET(W895,-1,0))+1)","v":""},"Serv. Terc.-012",92,null,{"$f":"IF($J895=$G$2,ROUND(IF(ISNUMBER(S895),S895,IF(LEFT(S895,2)=\"DI\",HLOOKUP(S895,DADOS!$T$29:$X$30,2,FALSE),0)),4),\"\")","v":0.25}]
["S",0,10,6,0,0,14,{"$f":"IF(OR($A896=\"S\",$A896=0),0,MATCH(0,OFFSET($B896,1,$A896,ROW($A$1504)-ROW($A896)),0))","v":0},{"$f":"IF(OR($A896=\"S\",$A896=0),0,MATCH(OFFSET($B896,0,$A896)+1,OFFSET($B896,1,$A896,ROW($A$1504)-ROW($A896)),0))","v":0},"Insumo","10.6.14.","Cotação ","Serv. Terc.","011","Barra de gelo","Unidade",4,12,"DI 1",15,60,null,{"$f":"IF(OR($A896=0,$A896=\"S\",$A896>CFF!$A$9),\"\",MAX(W$11:OFFSET(W896,-1,0))+1)","v":""},"Serv. Terc.-011",91,null,{"$f":"IF($J896=$G$2,ROUND(IF(ISNUMBER(S896),S896,IF(LEFT(S896,2)=\"DI\",HLOOKUP(S896,DADOS!$T$29:$X$30,2,FALSE),0)),4),\"\")","v":0.25}]
["S",0,10,6,0,0,15,{"$f":"IF(OR($A897=\"S\",$A897=0),0,MATCH(0,OFFSET($B897,1,$A897,ROW($A$1504)-ROW($A897)),0))","v":0},{"$f":"IF(OR($A897=\"S\",$A897=0),0,MATCH(OFFSET($B897,0,$A897)+1,OFFSET($B897,1,$A897,ROW($A$1504)-ROW($A897)),0))","v":0},"Insumo","10.6.15.","Cotação","Serv. Terc.","013","Sucos","Unidade",12,6.4,"DI 1",8,96,null,{"$f":"IF(OR($A897=0,$A897=\"S\",$A897>CFF!$A$9),\"\",MAX(W$11:OFFSET(W897,-1,0))+1)","v":""},"Serv. Terc.-013",93,null,{"$f":"IF($J897=$G$2,ROUND(IF(ISNUMBER(S897),S897,IF(LEFT(S897,2)=\"DI\",HLOOKUP(S897,DADOS!$T$29:$X$30,2,FALSE),0)),4),\"\")","v":0.25}]
[{"$f":"CHOOSE(1+LOG(1+2*(J898=$C$2)+4*(J898=$D$2)+8*(J898=$E$2)+16*(J898=$F$2)+32*(J898=$G$2),2),0,1,2,3,4,\"S\")","v":"S"},{"$f":"IF(OR(A898=\"S\",A898=0),0,IF(ISERROR(I898),H898,SMALL(H898:I898,1)))","v":0},{"$f":"IF($A898=1,OFFSET(C898,-1,0)+1,OFFSET(C898,-1,0))","v":10},{"$f":"IF($A898=1,0,IF($A898=2,OFFSET(D898,-1,0)+1,OFFSET(D898,-1,0)))","v":6},{"$f":"IF(AND($A898<=2,$A898<>0),0,IF($A898=3,OFFSET(E898,-1,0)+1,OFFSET(E898,-1,0)))","v":0},{"$f":"IF(AND($A898<=3,$A898<>0),0,IF($A898=4,OFFSET(F898,-1,0)+1,OFFSET(F898,-1,0)))","v":0},{"$f":"IF(AND($A898<=4,$A898<>0),0,IF($A898=\"S\",OFFSET(G898,-1,0)+1,OFFSET(G898,-1,0)))","v":16},{"$f":"IF(OR($A898=\"S\",$A898=0),0,MATCH(0,OFFSET($B898,1,$A898,ROW($A$1504)-ROW($A898)),0))","v":0},{"$f":"IF(OR($A898=\"S\",$A898=0),0,MATCH(OFFSET($B898,0,$A898)+1,OFFSET($B898,1,$A898,ROW($A$1504)-ROW($A898)),0))","v":0},"Insumo",{"$f":"IF($A898=0,\"-\",CONCATENATE(C898&\".\",IF(AND($A$5>=2,$A898>=2),D898&\".\",\"\"),IF(AND($A$5>=3,$A898>=3),E898&\".\",\"\"),IF(AND($A$5>=4,$A898>=4),F898&\".\",\"\"),IF($A898=\"S\",G898&\".\",\"\")))","v":"10.6.16."},{"$f":"IF(NOT(ISERROR($Y898)),IF($Y898<>FALSE,INDEX(Banco,$Y898,4),\"\"),\"\")","v":"Cotação"},"Serv. Terc.","027",{"$f":"IF(NOT(ISERROR($Y898)),IF($Y898<>FALSE,INDEX(Banco,$Y898,5),\"\"),\"\")","v":"Refrigerantes (02 litros) "},{"$f":"IF(NOT(ISERROR($Y898)),IF($Y898<>FALSE,INDEX(Banco,$Y898,6),\"\"),\"\")","v":"Unidade"},20,{"$f":"IF(NOT(ISERROR($Y898)),IF($Y898<>FALSE,INDEX(Banco,$Y898,7),0),0)","v":6},"DI 1",{"$f":"IF($J898=$G$2,ROUND(ROUND($R898,2)*IF($R$9=\"Preço Unitário (R$)\",1,1+$AA898),2),0)","v":7.5},{"$f":"IF($A898=\"S\",VTOTAL1,IF($A898=0,0,ROUND(SomaAgrup,2)))","v":150},null,{"$f":"IF(OR($A898=0,$A898=\"S\",$A898>CFF!$A$9),\"\",MAX(W$11:OFFSET(W898,-1,0))+1)","v":""},{"$f":"IF(AND($J898=$G$2,$N898<>\"\",$M898<>\"\"),CONCATENATE($M898,\"-\",$N898))","v":"Serv. Terc.-027"},{"$f":"IF(X898<>FALSE,MATCH(X898,OFFSET(Banco,0,0,,1),0))","v":107},null,{"$f":"IF($J898=$G$2,ROUND(IF(ISNUMBER(S898),S898,IF(LEFT(S898,2)=\"DI\",HLOOKUP(S898,DADOS!$T$29:$X$30,2,FALSE),0)),4),\"\")","v":0.25}]
["S",0,10,6,0,0,17,{"$f":"IF(OR($A899=\"S\",$A899=0),0,MATCH(0,OFFSET($B899,1,$A899,ROW($A$1504)-ROW($A899)),0))","v":0},{"$f":"IF(OR($A899=\"S\",$A899=0),0,MATCH(OFFSET($B899,0,$A899)+1,OFFSET($B899,1,$A899,ROW($A$1504)-ROW($A899)),0))","v":0},"Insumo","10.6.17.","Cotação ","Serv. Terc.","010",{"$f":"IF(NOT(ISERROR($Y899)),IF($Y899<>FALSE,INDEX(Banco,$Y899,5),\"\"),\"\")","v":"Brindes ( descrição nos orçamentos e PTS)"},"Unidade",4,120,"DI 1",150,600,null,{"$f":"IF(OR($A899=0,$A899=\"S\",$A899>CFF!$A$9),\"\",MAX(W$11:OFFSET(W899,-1,0))+1)","v":""},"Serv. Terc.-010",90,null,{"$f":"IF($J899=$G$2,ROUND(IF(ISNUMBER(S899),S899,IF(LEFT(S899,2)=\"DI\",HLOOKUP(S899,DADOS!$T$29:$X$30,2,FALSE),0)),4),\"\")","v":0.25}]
["S",0,10,6,0,0,18,{"$f":"IF(OR($A900=\"S\",$A900=0),0,MATCH(0,OFFSET($B900,1,$A900,ROW($A$1504)-ROW($A900)),0))","v":0},{"$f":"IF(OR($A900=\"S\",$A900=0),0,MATCH(OFFSET($B900,0,$A900)+1,OFFSET($B900,1,$A900,ROW($A$1504)-ROW($A900)),0))","v":0},"Insumo","10.6.18.","Cotação","Serv. Terc.","015","Coffee break (salgados)","Centro",15,65,"DI 1",81.25,1218.75,null,{"$f":"IF(OR($A900=0,$A900=\"S\",$A900>CFF!$A$9),\"\",MAX(W$11:OFFSET(W900,-1,0))+1)","v":""},"Serv. Terc.-015",95,null,{"$f":"IF($J900=$G$2,ROUND(IF(ISNUMBER(S900),S900,IF(LEFT(S900,2)=\"DI\",HLOOKUP(S900,DADOS!$T$29:$X$30,2,FALSE),0)),4),\"\")","v":0.25}]
[{"$f":"CHOOSE(1+LOG(1+2*(J901=$C$2)+4*(J901=$D$2)+8*(J901=$E$2)+16*(J901=$F$2)+32*(J901=$G$2),2),0,1,2,3,4,\"S\")","v":"S"},{"$f":"IF(OR(A901=\"S\",A901=0),0,IF(ISERROR(I901),H901,SMALL(H901:I901,1)))","v":0},10,6,0,0,19,{"$f":"IF(OR($A901=\"S\",$A901=0),0,MATCH(0,OFFSET($B901,1,$A901,ROW($A$1504)-ROW($A901)),0))","v":0},{"$f":"IF(OR($A901=\"S\",$A901=0),0,MATCH(OFFSET($B901,0,$A901)+1,OFFSET($B901,1,$A901,ROW($A$1504)-ROW($A901)),0))","v":0},"Insumo",{"$f":"IF($A901=0,\"-\",CONCATENATE(C901&\".\",IF(AND($A$5>=2,$A901>=2),D901&\".\",\"\"),IF(AND($A$5>=3,$A901>=3),E901&\".\",\"\"),IF(AND($A$5>=4,$A901>=4),F901&\".\",\"\"),IF($A901=\"S\",G901&\".\",\"\")))","v":"10.6.19."},"Cotação","Rec. Materiais","020",{"$f":"IF(NOT(ISERROR($Y901)),IF($Y901<>FALSE,INDEX(Banco,$Y901,5),\"\"),\"\")","v":"Guloseimas (balas e pirulito)"},"Pacote",8,12,"DI 1",15,120,null,{"$f":"IF(OR($A901=0,$A901=\"S\",$A901>CFF!$A$9),\"\",MAX(W$11:OFFSET(W901,-1,0))+1)","v":""},"Rec. Materiais-020",{"$f":"IF(X901<>FALSE,MATCH(X901,OFFSET(Banco,0,0,,1),0))","v":29},null,{"$f":"IF($J901=$G$2,ROUND(IF(ISNUMBER(S901),S901,IF(LEFT(S901,2)=\"DI\",HLOOKUP(S901,DADOS!$T$29:$X$30,2,FALSE),0)),4),\"\")","v":0.25}]
["S",0,{"$f":"IF($A902=1,OFFSET(C902,-1,0)+1,OFFSET(C902,-1,0))","v":10},{"$f":"IF($A902=1,0,IF($A902=2,OFFSET(D902,-1,0)+1,OFFSET(D902,-1,0)))","v":6},{"$f":"IF(AND($A902<=2,$A902<>0),0,IF($A902=3,OFFSET(E902,-1,0)+1,OFFSET(E902,-1,0)))","v":0},{"$f":"IF(AND($A902<=3,$A902<>0),0,IF($A902=4,OFFSET(F902,-1,0)+1,OFFSET(F902,-1,0)))","v":0},{"$f":"IF(AND($A902<=4,$A902<>0),0,IF($A902=\"S\",OFFSET(G902,-1,0)+1,OFFSET(G902,-1,0)))","v":20},{"$f":"IF(OR($A902=\"S\",$A902=0),0,MATCH(0,OFFSET($B902,1,$A902,ROW($A$1504)-ROW($A902)),0))","v":0},{"$f":"IF(OR($A902=\"S\",$A902=0),0,MATCH(OFFSET($B902,0,$A902)+1,OFFSET($B902,1,$A902,ROW($A$1504)-ROW($A902)),0))","v":0},"Insumo","10.6.20.",{"$f":"IF(NOT(ISERROR($Y902)),IF($Y902<>FALSE,INDEX(Banco,$Y902,4),\"\"),\"\")","v":"COREN"},"Serv. Terc.","080",{"$f":"IF(NOT(ISERROR($Y902)),IF($Y902<>FALSE,INDEX(Banco,$Y902,5),\"\"),\"\")","v":"Enfermeiro padrão"},{"$f":"IF(NOT(ISERROR($Y902)),IF($Y902<>FALSE,INDEX(Banco,$Y902,6),\"\"),\"\")","v":"Unidade"},4,{"$f":"IF(NOT(ISERROR($Y902)),IF($Y902<>FALSE,INDEX(Banco,$Y902,7),0),0)","v":123.02},"DI 1",{"$f":"IF($J902=$G$2,ROUND(ROUND($R902,2)*IF($R$9=\"Preço Unitário (R$)\",1,1+$AA902),2),0)","v":153.78},{"$f":"IF($A902=\"S\",VTOTAL1,IF($A902=0,0,ROUND(SomaAgrup,2)))","v":615.12},null,{"$f":"IF(OR($A902=0,$A902=\"S\",$A902>CFF!$A$9),\"\",MAX(W$11:OFFSET(W902,-1,0))+1)","v":""},{"$f":"IF(AND($J902=$G$2,$N902<>\"\",$M902<>\"\"),CONCATENATE($M902,\"-\",$N902))","v":"Serv. Terc.-080"},160,null,{"$f":"IF($J902=$G$2,ROUND(IF(ISNUMBER(S902),S902,IF(LEFT(S902,2)=\"DI\",HLOOKUP(S902,DADOS!$T$29:$X$30,2,FALSE),0)),4),\"\")","v":0.25}]
["S",0,10,6,0,0,21,{"$f":"IF(OR($A903=\"S\",$A903=0),0,MATCH(0,OFFSET($B903,1,$A903,ROW($A$1504)-ROW($A903)),0))","v":0},{"$f":"IF(OR($A903=\"S\",$A903=0),0,MATCH(OFFSET($B903,0,$A903)+1,OFFSET($B903,1,$A903,ROW($A$1504)-ROW($A903)),0))","v":0},"Insumo","10.6.21.","Cotação","Rec. Materiais","021",{"$f":"IF(NOT(ISERROR($Y903)),IF($Y903<>FALSE,INDEX(Banco,$Y903,5),\"\"),\"\")","v":"Papel de presente"},"Folhas",16,1.5,"DI 1",1.88,30.08,null,{"$f":"IF(OR($A903=0,$A903=\"S\",$A903>CFF!$A$9),\"\",MAX(W$11:OFFSET(W903,-1,0))+1)","v":""},"Rec. Materiais-021",30,null,{"$f":"IF($J903=$G$2,ROUND(IF(ISNUMBER(S903),S903,IF(LEFT(S903,2)=\"DI\",HLOOKUP(S903,DADOS!$T$29:$X$30,2,FALSE),0)),4),\"\")","v":0.25}]
["S",0,10,6,0,0,22,{"$f":"IF(OR($A904=\"S\",$A904=0),0,MATCH(0,OFFSET($B904,1,$A904,ROW($A$1504)-ROW($A904)),0))","v":0},{"$f":"IF(OR($A904=\"S\",$A904=0),0,MATCH(OFFSET($B904,0,$A904)+1,OFFSET($B904,1,$A904,ROW($A$1504)-ROW($A904)),0))","v":0},"Insumo","10.6.22.","Cotação","Rec. Materiais","026",{"$f":"IF(NOT(ISERROR($Y904)),IF($Y904<>FALSE,INDEX(Banco,$Y904,5),\"\"),\"\")","v":"Saco de lixo (100 litros)"},"Pacote",2,15,"DI 1",18.75,37.5,null,{"$f":"IF(OR($A904=0,$A904=\"S\",$A904>CFF!$A$9),\"\",MAX(W$11:OFFSET(W904,-1,0))+1)","v":""},"Rec. Materiais-026",35,null,{"$f":"IF($J904=$G$2,ROUND(IF(ISNUMBER(S904),S904,IF(LEFT(S904,2)=\"DI\",HLOOKUP(S904,DADOS!$T$29:$X$30,2,FALSE),0)),4),\"\")","v":0.25}]
["S",0,{"$f":"IF($A905=1,OFFSET(C905,-1,0)+1,OFFSET(C905,-1,0))","v":10},{"$f":"IF($A905=1,0,IF($A905=2,OFFSET(D905,-1,0)+1,OFFSET(D905,-1,0)))","v":6},{"$f":"IF(AND($A905<=2,$A905<>0),0,IF($A905=3,OFFSET(E905,-1,0)+1,OFFSET(E905,-1,0)))","v":0},{"$f":"IF(AND($A905<=3,$A905<>0),0,IF($A905=4,OFFSET(F905,-1,0)+1,OFFSET(F905,-1,0)))","v":0},{"$f":"IF(AND($A905<=4,$A905<>0),0,IF($A905=\"S\",OFFSET(G905,-1,0)+1,OFFSET(G905,-1,0)))","v":23},{"$f":"IF(OR($A905=\"S\",$A905=0),0,MATCH(0,OFFSET($B905,1,$A905,ROW($A$1504)-ROW($A905)),0))","v":0},{"$f":"IF(OR($A905=\"S\",$A905=0),0,MATCH(OFFSET($B905,0,$A905)+1,OFFSET($B905,1,$A905,ROW($A$1504)-ROW($A905)),0))","v":0},"Insumo","10.6.23.",{"$f":"IF(NOT(ISERROR($Y905)),IF($Y905<>FALSE,INDEX(Banco,$Y905,4),\"\"),\"\")","v":"Cotação"},"Rec. Materiais","019",{"$f":"IF(NOT(ISERROR($Y905)),IF($Y905<>FALSE,INDEX(Banco,$Y905,5),\"\"),\"\")","v":"Copos descartáveis (2500 unidades)"},{"$f":"IF(NOT(ISERROR($Y905)),IF($Y905<>FALSE,INDEX(Banco,$Y905,6),\"\"),\"\")","v":"Caixa"},1,{"$f":"IF(NOT(ISERROR($Y905)),IF($Y905<>FALSE,INDEX(Banco,$Y905,7),0),0)","v":77.400000000000006},"DI 1",{"$f":"IF($J905=$G$2,ROUND(ROUND($R905,2)*IF($R$9=\"Preço Unitário (R$)\",1,1+$AA905),2),0)","v":96.75},{"$f":"IF($A905=\"S\",VTOTAL1,IF($A905=0,0,ROUND(SomaAgrup,2)))","v":96.75},null,{"$f":"IF(OR($A905=0,$A905=\"S\",$A905>CFF!$A$9),\"\",MAX(W$11:OFFSET(W905,-1,0))+1)","v":""},{"$f":"IF(AND($J905=$G$2,$N905<>\"\",$M905<>\"\"),CONCATENATE($M905,\"-\",$N905))","v":"Rec. Materiais-019"},28,null,{"$f":"IF($J905=$G$2,ROUND(IF(ISNUMBER(S905),S905,IF(LEFT(S905,2)=\"DI\",HLOOKUP(S905,DADOS!$T$29:$X$30,2,FALSE),0)),4),\"\")","v":0.25}]
[{"$f":"CHOOSE(1+LOG(1+2*(J906=$C$2)+4*(J906=$D$2)+8*(J906=$E$2)+16*(J906=$F$2)+32*(J906=$G$2),2),0,1,2,3,4,\"S\")","v":2},{"$f":"IF(OR(A906=\"S\",A906=0),0,IF(ISERROR(I906),H906,SMALL(H906:I906,1)))","v":19},{"$f":"IF($A906=1,OFFSET(C906,-1,0)+1,OFFSET(C906,-1,0))","v":10},{"$f":"IF($A906=1,0,IF($A906=2,OFFSET(D906,-1,0)+1,OFFSET(D906,-1,0)))","v":7},{"$f":"IF(AND($A906<=2,$A906<>0),0,IF($A906=3,OFFSET(E906,-1,0)+1,OFFSET(E906,-1,0)))","v":0},{"$f":"IF(AND($A906<=3,$A906<>0),0,IF($A906=4,OFFSET(F906,-1,0)+1,OFFSET(F906,-1,0)))","v":0},{"$f":"IF(AND($A906<=4,$A906<>0),0,IF($A906=\"S\",OFFSET(G906,-1,0)+1,OFFSET(G906,-1,0)))","v":0},{"$f":"IF(OR($A906=\"S\",$A906=0),0,MATCH(0,OFFSET($B906,1,$A906,ROW($A$1504)-ROW($A906)),0))","v":38},{"$f":"IF(OR($A906=\"S\",$A906=0),0,MATCH(OFFSET($B906,0,$A906)+1,OFFSET($B906,1,$A906,ROW($A$1504)-ROW($A906)),0))","v":19},"AtivNível 1",{"$f":"IF($A906=0,\"-\",CONCATENATE(C906&\".\",IF(AND($A$5>=2,$A906>=2),D906&\".\",\"\"),IF(AND($A$5>=3,$A906>=3),E906&\".\",\"\"),IF(AND($A$5>=4,$A906>=4),F906&\".\",\"\"),IF($A906=\"S\",G906&\".\",\"\")))","v":"10.7."},{"$f":"IF(NOT(ISERROR($Y906)),IF($Y906<>FALSE,INDEX(Banco,$Y906,4),\"\"),\"\")","v":""},null,null,"Atividade 70 - Palestra: Saúde da família e prevenção masculina e feminina região Jardim Ikaraí",{"$f":"IF(NOT(ISERROR($Y906)),IF($Y906<>FALSE,INDEX(Banco,$Y906,6),\"\"),\"\")","v":""},null,{"$f":"IF(NOT(ISERROR($Y906)),IF($Y906<>FALSE,INDEX(Banco,$Y906,7),0),0)","v":0},"DI 1",{"$f":"IF($J906=$G$2,ROUND(ROUND($R906,2)*IF($R$9=\"Preço Unitário (R$)\",1,1+$AA906),2),0)","v":0},{"$f":"IF($A906=\"S\",VTOTAL1,IF($A906=0,0,ROUND(SomaAgrup,2)))","v":7121.19},null,{"$f":"IF(OR($A906=0,$A906=\"S\",$A906>CFF!$A$9),\"\",MAX(W$11:OFFSET(W906,-1,0))+1)","v":80},{"$f":"IF(AND($J906=$G$2,$N906<>\"\",$M906<>\"\"),CONCATENATE($M906,\"-\",$N906))","v":false},{"$f":"IF(X906<>FALSE,MATCH(X906,OFFSET(Banco,0,0,,1),0))","v":false},null,{"$f":"IF($J906=$G$2,ROUND(IF(ISNUMBER(S906),S906,IF(LEFT(S906,2)=\"DI\",HLOOKUP(S906,DADOS!$T$29:$X$30,2,FALSE),0)),4),\"\")","v":""}]
["S",0,{"$f":"IF($A907=1,OFFSET(C907,-1,0)+1,OFFSET(C907,-1,0))","v":10},{"$f":"IF($A907=1,0,IF($A907=2,OFFSET(D907,-1,0)+1,OFFSET(D907,-1,0)))","v":7},{"$f":"IF(AND($A907<=2,$A907<>0),0,IF($A907=3,OFFSET(E907,-1,0)+1,OFFSET(E907,-1,0)))","v":0},{"$f":"IF(AND($A907<=3,$A907<>0),0,IF($A907=4,OFFSET(F907,-1,0)+1,OFFSET(F907,-1,0)))","v":0},{"$f":"IF(AND($A907<=4,$A907<>0),0,IF($A907=\"S\",OFFSET(G907,-1,0)+1,OFFSET(G907,-1,0)))","v":1},{"$f":"IF(OR($A907=\"S\",$A907=0),0,MATCH(0,OFFSET($B907,1,$A907,ROW($A$1504)-ROW($A907)),0))","v":0},{"$f":"IF(OR($A907=\"S\",$A907=0),0,MATCH(OFFSET($B907,0,$A907)+1,OFFSET($B907,1,$A907,ROW($A$1504)-ROW($A907)),0))","v":0},"Insumo","10.7.1.",{"$f":"IF(NOT(ISERROR($Y907)),IF($Y907<>FALSE,INDEX(Banco,$Y907,4),\"\"),\"\")","v":"CRESS"},"Rec. Humanos","001",{"$f":"IF(NOT(ISERROR($Y907)),IF($Y907<>FALSE,INDEX(Banco,$Y907,5),\"\"),\"\")","v":"Responsável Técnica"},{"$f":"IF(NOT(ISERROR($Y907)),IF($Y907<>FALSE,INDEX(Banco,$Y907,6),\"\"),\"\")","v":"Horas"},6,{"$f":"IF(NOT(ISERROR($Y907)),IF($Y907<>FALSE,INDEX(Banco,$Y907,7),0),0)","v":150.28},"DI 1",{"$f":"IF($J907=$G$2,ROUND(ROUND($R907,2)*IF($R$9=\"Preço Unitário (R$)\",1,1+$AA907),2),0)","v":187.85},{"$f":"IF($A907=\"S\",VTOTAL1,IF($A907=0,0,ROUND(SomaAgrup,2)))","v":1127.0999999999999},null,{"$f":"IF(OR($A907=0,$A907=\"S\",$A907>CFF!$A$9),\"\",MAX(W$11:OFFSET(W907,-1,0))+1)","v":""},{"$f":"IF(AND($J907=$G$2,$N907<>\"\",$M907<>\"\"),CONCATENATE($M907,\"-\",$N907))","v":"Rec. Humanos-001"},3,null,{"$f":"IF($J907=$G$2,ROUND(IF(ISNUMBER(S907),S907,IF(LEFT(S907,2)=\"DI\",HLOOKUP(S907,DADOS!$T$29:$X$30,2,FALSE),0)),4),\"\")","v":0.25}]
["S",0,10,7,0,0,2,{"$f":"IF(OR($A908=\"S\",$A908=0),0,MATCH(0,OFFSET($B908,1,$A908,ROW($A$1504)-ROW($A908)),0))","v":0},{"$f":"IF(OR($A908=\"S\",$A908=0),0,MATCH(OFFSET($B908,0,$A908)+1,OFFSET($B908,1,$A908,ROW($A$1504)-ROW($A908)),0))","v":0},"Insumo","10.7.2.","CRESS","Rec. Humanos","002",{"$f":"IF(NOT(ISERROR($Y908)),IF($Y908<>FALSE,INDEX(Banco,$Y908,5),\"\"),\"\")","v":"Assistente Social"},"Horas",4,133.81,"DI 1",167.26,669.04,null,{"$f":"IF(OR($A908=0,$A908=\"S\",$A908>CFF!$A$9),\"\",MAX(W$11:OFFSET(W908,-1,0))+1)","v":""},"Rec. Humanos-002",4,null,{"$f":"IF($J908=$G$2,ROUND(IF(ISNUMBER(S908),S908,IF(LEFT(S908,2)=\"DI\",HLOOKUP(S908,DADOS!$T$29:$X$30,2,FALSE),0)),4),\"\")","v":0.25}]
["S",0,10,7,0,0,3,{"$f":"IF(OR($A909=\"S\",$A909=0),0,MATCH(0,OFFSET($B909,1,$A909,ROW($A$1504)-ROW($A909)),0))","v":0},{"$f":"IF(OR($A909=\"S\",$A909=0),0,MATCH(OFFSET($B909,0,$A909)+1,OFFSET($B909,1,$A909,ROW($A$1504)-ROW($A909)),0))","v":0},"Insumo","10.7.3.","Cotação","Rec. Humanos","003",{"$f":"IF(NOT(ISERROR($Y909)),IF($Y909<>FALSE,INDEX(Banco,$Y909,5),\"\"),\"\")","v":"Administrador (Técnico de Apoio) "},"Horas",4,103.65,"DI 1",129.56,518.24,null,{"$f":"IF(OR($A909=0,$A909=\"S\",$A909>CFF!$A$9),\"\",MAX(W$11:OFFSET(W909,-1,0))+1)","v":""},"Rec. Humanos-003",5,null,{"$f":"IF($J909=$G$2,ROUND(IF(ISNUMBER(S909),S909,IF(LEFT(S909,2)=\"DI\",HLOOKUP(S909,DADOS!$T$29:$X$30,2,FALSE),0)),4),\"\")","v":0.25}]
["S",0,10,7,0,0,4,{"$f":"IF(OR($A910=\"S\",$A910=0),0,MATCH(0,OFFSET($B910,1,$A910,ROW($A$1504)-ROW($A910)),0))","v":0},{"$f":"IF(OR($A910=\"S\",$A910=0),0,MATCH(OFFSET($B910,0,$A910)+1,OFFSET($B910,1,$A910,ROW($A$1504)-ROW($A910)),0))","v":0},"Insumo","10.7.4.","SINE","Rec. Humanos","004",{"$f":"IF(NOT(ISERROR($Y910)),IF($Y910<>FALSE,INDEX(Banco,$Y910,5),\"\"),\"\")","v":"Estagiários"},"Horas",10,9.7899999999999991,"DI 1",12.24,122.4,null,{"$f":"IF(OR($A910=0,$A910=\"S\",$A910>CFF!$A$9),\"\",MAX(W$11:OFFSET(W910,-1,0))+1)","v":""},"Rec. Humanos-004",6,null,{"$f":"IF($J910=$G$2,ROUND(IF(ISNUMBER(S910),S910,IF(LEFT(S910,2)=\"DI\",HLOOKUP(S910,DADOS!$T$29:$X$30,2,FALSE),0)),4),\"\")","v":0.25}]
[{"$f":"CHOOSE(1+LOG(1+2*(J911=$C$2)+4*(J911=$D$2)+8*(J911=$E$2)+16*(J911=$F$2)+32*(J911=$G$2),2),0,1,2,3,4,\"S\")","v":"S"},{"$f":"IF(OR(A911=\"S\",A911=0),0,IF(ISERROR(I911),H911,SMALL(H911:I911,1)))","v":0},10,7,0,0,5,{"$f":"IF(OR($A911=\"S\",$A911=0),0,MATCH(0,OFFSET($B911,1,$A911,ROW($A$1504)-ROW($A911)),0))","v":0},{"$f":"IF(OR($A911=\"S\",$A911=0),0,MATCH(OFFSET($B911,0,$A911)+1,OFFSET($B911,1,$A911,ROW($A$1504)-ROW($A911)),0))","v":0},"Insumo",{"$f":"IF($A911=0,\"-\",CONCATENATE(C911&\".\",IF(AND($A$5>=2,$A911>=2),D911&\".\",\"\"),IF(AND($A$5>=3,$A911>=3),E911&\".\",\"\"),IF(AND($A$5>=4,$A911>=4),F911&\".\",\"\"),IF($A911=\"S\",G911&\".\",\"\")))","v":"10.7.5."},"Cotação","Serv. Terc.","001",{"$f":"IF(NOT(ISERROR($Y911)),IF($Y911<>FALSE,INDEX(Banco,$Y911,5),\"\"),\"\")","v":"Fotocópias"},"Unidade",150,0.3,"DI 1",0.38,57,null,{"$f":"IF(OR($A911=0,$A911=\"S\",$A911>CFF!$A$9),\"\",MAX(W$11:OFFSET(W911,-1,0))+1)","v":""},"Serv. Terc.-001",{"$f":"IF(X911<>FALSE,MATCH(X911,OFFSET(Banco,0,0,,1),0))","v":81},null,{"$f":"IF($J911=$G$2,ROUND(IF(ISNUMBER(S911),S911,IF(LEFT(S911,2)=\"DI\",HLOOKUP(S911,DADOS!$T$29:$X$30,2,FALSE),0)),4),\"\")","v":0.25}]
[{"$f":"CHOOSE(1+LOG(1+2*(J912=$C$2)+4*(J912=$D$2)+8*(J912=$E$2)+16*(J912=$F$2)+32*(J912=$G$2),2),0,1,2,3,4,\"S\")","v":"S"},{"$f":"IF(OR(A912=\"S\",A912=0),0,IF(ISERROR(I912),H912,SMALL(H912:I912,1)))","v":0},{"$f":"IF($A912=1,OFFSET(C912,-1,0)+1,OFFSET(C912,-1,0))","v":10},{"$f":"IF($A912=1,0,IF($A912=2,OFFSET(D912,-1,0)+1,OFFSET(D912,-1,0)))","v":7},{"$f":"IF(AND($A912<=2,$A912<>0),0,IF($A912=3,OFFSET(E912,-1,0)+1,OFFSET(E912,-1,0)))","v":0},{"$f":"IF(AND($A912<=3,$A912<>0),0,IF($A912=4,OFFSET(F912,-1,0)+1,OFFSET(F912,-1,0)))","v":0},{"$f":"IF(AND($A912<=4,$A912<>0),0,IF($A912=\"S\",OFFSET(G912,-1,0)+1,OFFSET(G912,-1,0)))","v":6},{"$f":"IF(OR($A912=\"S\",$A912=0),0,MATCH(0,OFFSET($B912,1,$A912,ROW($A$1504)-ROW($A912)),0))","v":0},{"$f":"IF(OR($A912=\"S\",$A912=0),0,MATCH(OFFSET($B912,0,$A912)+1,OFFSET($B912,1,$A912,ROW($A$1504)-ROW($A912)),0))","v":0},"Insumo",{"$f":"IF($A912=0,\"-\",CONCATENATE(C912&\".\",IF(AND($A$5>=2,$A912>=2),D912&\".\",\"\"),IF(AND($A$5>=3,$A912>=3),E912&\".\",\"\"),IF(AND($A$5>=4,$A912>=4),F912&\".\",\"\"),IF($A912=\"S\",G912&\".\",\"\")))","v":"10.7.6."},{"$f":"IF(NOT(ISERROR($Y912)),IF($Y912<>FALSE,INDEX(Banco,$Y912,4),\"\"),\"\")","v":"Cotação"},"Serv. Terc.","017",{"$f":"IF(NOT(ISERROR($Y912)),IF($Y912<>FALSE,INDEX(Banco,$Y912,5),\"\"),\"\")","v":"Instrutor/Monitor (Educação Fisíca)"},{"$f":"IF(NOT(ISERROR($Y912)),IF($Y912<>FALSE,INDEX(Banco,$Y912,6),\"\"),\"\")","v":"Horas"},3,{"$f":"IF(NOT(ISERROR($Y912)),IF($Y912<>FALSE,INDEX(Banco,$Y912,7),0),0)","v":100},"DI 1",{"$f":"IF($J912=$G$2,ROUND(ROUND($R912,2)*IF($R$9=\"Preço Unitário (R$)\",1,1+$AA912),2),0)","v":125},{"$f":"IF($A912=\"S\",VTOTAL1,IF($A912=0,0,ROUND(SomaAgrup,2)))","v":375},null,{"$f":"IF(OR($A912=0,$A912=\"S\",$A912>CFF!$A$9),\"\",MAX(W$11:OFFSET(W912,-1,0))+1)","v":""},{"$f":"IF(AND($J912=$G$2,$N912<>\"\",$M912<>\"\"),CONCATENATE($M912,\"-\",$N912))","v":"Serv. Terc.-017"},{"$f":"IF(X912<>FALSE,MATCH(X912,OFFSET(Banco,0,0,,1),0))","v":97},null,{"$f":"IF($J912=$G$2,ROUND(IF(ISNUMBER(S912),S912,IF(LEFT(S912,2)=\"DI\",HLOOKUP(S912,DADOS!$T$29:$X$30,2,FALSE),0)),4),\"\")","v":0.25}]
["S",0,10,7,0,0,7,{"$f":"IF(OR($A913=\"S\",$A913=0),0,MATCH(0,OFFSET($B913,1,$A913,ROW($A$1504)-ROW($A913)),0))","v":0},{"$f":"IF(OR($A913=\"S\",$A913=0),0,MATCH(OFFSET($B913,0,$A913)+1,OFFSET($B913,1,$A913,ROW($A$1504)-ROW($A913)),0))","v":0},"Insumo","10.7.7.","Cotação","Serv. Terc.","002","Carro de som com gravação de vinheta","Horas",3,200,"DI 1",250,750,null,{"$f":"IF(OR($A913=0,$A913=\"S\",$A913>CFF!$A$9),\"\",MAX(W$11:OFFSET(W913,-1,0))+1)","v":""},"Serv. Terc.-002",82,null,{"$f":"IF($J913=$G$2,ROUND(IF(ISNUMBER(S913),S913,IF(LEFT(S913,2)=\"DI\",HLOOKUP(S913,DADOS!$T$29:$X$30,2,FALSE),0)),4),\"\")","v":0.25}]
["S",0,10,7,0,0,8,{"$f":"IF(OR($A914=\"S\",$A914=0),0,MATCH(0,OFFSET($B914,1,$A914,ROW($A$1504)-ROW($A914)),0))","v":0},{"$f":"IF(OR($A914=\"S\",$A914=0),0,MATCH(OFFSET($B914,0,$A914)+1,OFFSET($B914,1,$A914,ROW($A$1504)-ROW($A914)),0))","v":0},"Insumo","10.7.8.","Cotação","Serv. Terc.","005","Locação de caixa térmica","Unidade",2,40,"DI 1",50,100,null,{"$f":"IF(OR($A914=0,$A914=\"S\",$A914>CFF!$A$9),\"\",MAX(W$11:OFFSET(W914,-1,0))+1)","v":""},"Serv. Terc.-005",85,null,{"$f":"IF($J914=$G$2,ROUND(IF(ISNUMBER(S914),S914,IF(LEFT(S914,2)=\"DI\",HLOOKUP(S914,DADOS!$T$29:$X$30,2,FALSE),0)),4),\"\")","v":0.25}]
["S",0,{"$f":"IF($A915=1,OFFSET(C915,-1,0)+1,OFFSET(C915,-1,0))","v":10},{"$f":"IF($A915=1,0,IF($A915=2,OFFSET(D915,-1,0)+1,OFFSET(D915,-1,0)))","v":7},{"$f":"IF(AND($A915<=2,$A915<>0),0,IF($A915=3,OFFSET(E915,-1,0)+1,OFFSET(E915,-1,0)))","v":0},{"$f":"IF(AND($A915<=3,$A915<>0),0,IF($A915=4,OFFSET(F915,-1,0)+1,OFFSET(F915,-1,0)))","v":0},{"$f":"IF(AND($A915<=4,$A915<>0),0,IF($A915=\"S\",OFFSET(G915,-1,0)+1,OFFSET(G915,-1,0)))","v":9},{"$f":"IF(OR($A915=\"S\",$A915=0),0,MATCH(0,OFFSET($B915,1,$A915,ROW($A$1504)-ROW($A915)),0))","v":0},{"$f":"IF(OR($A915=\"S\",$A915=0),0,MATCH(OFFSET($B915,0,$A915)+1,OFFSET($B915,1,$A915,ROW($A$1504)-ROW($A915)),0))","v":0},"Insumo","10.7.9.",{"$f":"IF(NOT(ISERROR($Y915)),IF($Y915<>FALSE,INDEX(Banco,$Y915,4),\"\"),\"\")","v":"Cotação"},"Serv. Terc.","008","Locação de pula-pula com monitor",{"$f":"IF(NOT(ISERROR($Y915)),IF($Y915<>FALSE,INDEX(Banco,$Y915,6),\"\"),\"\")","v":"Unidade"},2,{"$f":"IF(NOT(ISERROR($Y915)),IF($Y915<>FALSE,INDEX(Banco,$Y915,7),0),0)","v":220},"DI 1",{"$f":"IF($J915=$G$2,ROUND(ROUND($R915,2)*IF($R$9=\"Preço Unitário (R$)\",1,1+$AA915),2),0)","v":275},{"$f":"IF($A915=\"S\",VTOTAL1,IF($A915=0,0,ROUND(SomaAgrup,2)))","v":550},null,{"$f":"IF(OR($A915=0,$A915=\"S\",$A915>CFF!$A$9),\"\",MAX(W$11:OFFSET(W915,-1,0))+1)","v":""},{"$f":"IF(AND($J915=$G$2,$N915<>\"\",$M915<>\"\"),CONCATENATE($M915,\"-\",$N915))","v":"Serv. Terc.-008"},88,null,{"$f":"IF($J915=$G$2,ROUND(IF(ISNUMBER(S915),S915,IF(LEFT(S915,2)=\"DI\",HLOOKUP(S915,DADOS!$T$29:$X$30,2,FALSE),0)),4),\"\")","v":0.25}]
["S",0,10,7,0,0,10,{"$f":"IF(OR($A916=\"S\",$A916=0),0,MATCH(0,OFFSET($B916,1,$A916,ROW($A$1504)-ROW($A916)),0))","v":0},{"$f":"IF(OR($A916=\"S\",$A916=0),0,MATCH(OFFSET($B916,0,$A916)+1,OFFSET($B916,1,$A916,ROW($A$1504)-ROW($A916)),0))","v":0},"Insumo","10.7.10.","Cotação ","Serv. Terc.","011","Barra de gelo","Unidade",4,12,"DI 1",15,60,null,{"$f":"IF(OR($A916=0,$A916=\"S\",$A916>CFF!$A$9),\"\",MAX(W$11:OFFSET(W916,-1,0))+1)","v":""},"Serv. Terc.-011",91,null,{"$f":"IF($J916=$G$2,ROUND(IF(ISNUMBER(S916),S916,IF(LEFT(S916,2)=\"DI\",HLOOKUP(S916,DADOS!$T$29:$X$30,2,FALSE),0)),4),\"\")","v":0.25}]
["S",0,10,7,0,0,11,{"$f":"IF(OR($A917=\"S\",$A917=0),0,MATCH(0,OFFSET($B917,1,$A917,ROW($A$1504)-ROW($A917)),0))","v":0},{"$f":"IF(OR($A917=\"S\",$A917=0),0,MATCH(OFFSET($B917,0,$A917)+1,OFFSET($B917,1,$A917,ROW($A$1504)-ROW($A917)),0))","v":0},"Insumo","10.7.11.","Cotação","Serv. Terc.","013","Sucos","Unidade",12,6.4,"DI 1",8,96,null,{"$f":"IF(OR($A917=0,$A917=\"S\",$A917>CFF!$A$9),\"\",MAX(W$11:OFFSET(W917,-1,0))+1)","v":""},"Serv. Terc.-013",93,null,{"$f":"IF($J917=$G$2,ROUND(IF(ISNUMBER(S917),S917,IF(LEFT(S917,2)=\"DI\",HLOOKUP(S917,DADOS!$T$29:$X$30,2,FALSE),0)),4),\"\")","v":0.25}]
[{"$f":"CHOOSE(1+LOG(1+2*(J918=$C$2)+4*(J918=$D$2)+8*(J918=$E$2)+16*(J918=$F$2)+32*(J918=$G$2),2),0,1,2,3,4,\"S\")","v":"S"},{"$f":"IF(OR(A918=\"S\",A918=0),0,IF(ISERROR(I918),H918,SMALL(H918:I918,1)))","v":0},{"$f":"IF($A918=1,OFFSET(C918,-1,0)+1,OFFSET(C918,-1,0))","v":10},{"$f":"IF($A918=1,0,IF($A918=2,OFFSET(D918,-1,0)+1,OFFSET(D918,-1,0)))","v":7},{"$f":"IF(AND($A918<=2,$A918<>0),0,IF($A918=3,OFFSET(E918,-1,0)+1,OFFSET(E918,-1,0)))","v":0},{"$f":"IF(AND($A918<=3,$A918<>0),0,IF($A918=4,OFFSET(F918,-1,0)+1,OFFSET(F918,-1,0)))","v":0},{"$f":"IF(AND($A918<=4,$A918<>0),0,IF($A918=\"S\",OFFSET(G918,-1,0)+1,OFFSET(G918,-1,0)))","v":12},{"$f":"IF(OR($A918=\"S\",$A918=0),0,MATCH(0,OFFSET($B918,1,$A918,ROW($A$1504)-ROW($A918)),0))","v":0},{"$f":"IF(OR($A918=\"S\",$A918=0),0,MATCH(OFFSET($B918,0,$A918)+1,OFFSET($B918,1,$A918,ROW($A$1504)-ROW($A918)),0))","v":0},"Insumo",{"$f":"IF($A918=0,\"-\",CONCATENATE(C918&\".\",IF(AND($A$5>=2,$A918>=2),D918&\".\",\"\"),IF(AND($A$5>=3,$A918>=3),E918&\".\",\"\"),IF(AND($A$5>=4,$A918>=4),F918&\".\",\"\"),IF($A918=\"S\",G918&\".\",\"\")))","v":"10.7.12."},{"$f":"IF(NOT(ISERROR($Y918)),IF($Y918<>FALSE,INDEX(Banco,$Y918,4),\"\"),\"\")","v":"Cotação"},"Serv. Terc.","027",{"$f":"IF(NOT(ISERROR($Y918)),IF($Y918<>FALSE,INDEX(Banco,$Y918,5),\"\"),\"\")","v":"Refrigerantes (02 litros) "},{"$f":"IF(NOT(ISERROR($Y918)),IF($Y918<>FALSE,INDEX(Banco,$Y918,6),\"\"),\"\")","v":"Unidade"},20,{"$f":"IF(NOT(ISERROR($Y918)),IF($Y918<>FALSE,INDEX(Banco,$Y918,7),0),0)","v":6},"DI 1",{"$f":"IF($J918=$G$2,ROUND(ROUND($R918,2)*IF($R$9=\"Preço Unitário (R$)\",1,1+$AA918),2),0)","v":7.5},{"$f":"IF($A918=\"S\",VTOTAL1,IF($A918=0,0,ROUND(SomaAgrup,2)))","v":150},null,{"$f":"IF(OR($A918=0,$A918=\"S\",$A918>CFF!$A$9),\"\",MAX(W$11:OFFSET(W918,-1,0))+1)","v":""},{"$f":"IF(AND($J918=$G$2,$N918<>\"\",$M918<>\"\"),CONCATENATE($M918,\"-\",$N918))","v":"Serv. Terc.-027"},{"$f":"IF(X918<>FALSE,MATCH(X918,OFFSET(Banco,0,0,,1),0))","v":107},null,{"$f":"IF($J918=$G$2,ROUND(IF(ISNUMBER(S918),S918,IF(LEFT(S918,2)=\"DI\",HLOOKUP(S918,DADOS!$T$29:$X$30,2,FALSE),0)),4),\"\")","v":0.25}]
[{"$f":"CHOOSE(1+LOG(1+2*(J919=$C$2)+4*(J919=$D$2)+8*(J919=$E$2)+16*(J919=$F$2)+32*(J919=$G$2),2),0,1,2,3,4,\"S\")","v":"S"},{"$f":"IF(OR(A919=\"S\",A919=0),0,IF(ISERROR(I919),H919,SMALL(H919:I919,1)))","v":0},10,7,0,0,13,{"$f":"IF(OR($A919=\"S\",$A919=0),0,MATCH(0,OFFSET($B919,1,$A919,ROW($A$1504)-ROW($A919)),0))","v":0},{"$f":"IF(OR($A919=\"S\",$A919=0),0,MATCH(OFFSET($B919,0,$A919)+1,OFFSET($B919,1,$A919,ROW($A$1504)-ROW($A919)),0))","v":0},"Insumo",{"$f":"IF($A919=0,\"-\",CONCATENATE(C919&\".\",IF(AND($A$5>=2,$A919>=2),D919&\".\",\"\"),IF(AND($A$5>=3,$A919>=3),E919&\".\",\"\"),IF(AND($A$5>=4,$A919>=4),F919&\".\",\"\"),IF($A919=\"S\",G919&\".\",\"\")))","v":"10.7.13."},"Cotação ","Serv. Terc.","010",{"$f":"IF(NOT(ISERROR($Y919)),IF($Y919<>FALSE,INDEX(Banco,$Y919,5),\"\"),\"\")","v":"Brindes ( descrição nos orçamentos e PTS)"},"Unidade",4,120,"DI 1",150,600,null,{"$f":"IF(OR($A919=0,$A919=\"S\",$A919>CFF!$A$9),\"\",MAX(W$11:OFFSET(W919,-1,0))+1)","v":""},"Serv. Terc.-010",{"$f":"IF(X919<>FALSE,MATCH(X919,OFFSET(Banco,0,0,,1),0))","v":90},null,{"$f":"IF($J919=$G$2,ROUND(IF(ISNUMBER(S919),S919,IF(LEFT(S919,2)=\"DI\",HLOOKUP(S919,DADOS!$T$29:$X$30,2,FALSE),0)),4),\"\")","v":0.25}]
["S",0,10,7,0,0,14,{"$f":"IF(OR($A920=\"S\",$A920=0),0,MATCH(0,OFFSET($B920,1,$A920,ROW($A$1504)-ROW($A920)),0))","v":0},{"$f":"IF(OR($A920=\"S\",$A920=0),0,MATCH(OFFSET($B920,0,$A920)+1,OFFSET($B920,1,$A920,ROW($A$1504)-ROW($A920)),0))","v":0},"Insumo","10.7.14.","Cotação","Serv. Terc.","015","Coffee break (salgados)","Centro",15,65,"DI 1",81.25,1218.75,null,{"$f":"IF(OR($A920=0,$A920=\"S\",$A920>CFF!$A$9),\"\",MAX(W$11:OFFSET(W920,-1,0))+1)","v":""},"Serv. Terc.-015",95,null,{"$f":"IF($J920=$G$2,ROUND(IF(ISNUMBER(S920),S920,IF(LEFT(S920,2)=\"DI\",HLOOKUP(S920,DADOS!$T$29:$X$30,2,FALSE),0)),4),\"\")","v":0.25}]
[{"$f":"CHOOSE(1+LOG(1+2*(J921=$C$2)+4*(J921=$D$2)+8*(J921=$E$2)+16*(J921=$F$2)+32*(J921=$G$2),2),0,1,2,3,4,\"S\")","v":"S"},{"$f":"IF(OR(A921=\"S\",A921=0),0,IF(ISERROR(I921),H921,SMALL(H921:I921,1)))","v":0},{"$f":"IF($A921=1,OFFSET(C921,-1,0)+1,OFFSET(C921,-1,0))","v":10},{"$f":"IF($A921=1,0,IF($A921=2,OFFSET(D921,-1,0)+1,OFFSET(D921,-1,0)))","v":7},{"$f":"IF(AND($A921<=2,$A921<>0),0,IF($A921=3,OFFSET(E921,-1,0)+1,OFFSET(E921,-1,0)))","v":0},{"$f":"IF(AND($A921<=3,$A921<>0),0,IF($A921=4,OFFSET(F921,-1,0)+1,OFFSET(F921,-1,0)))","v":0},{"$f":"IF(AND($A921<=4,$A921<>0),0,IF($A921=\"S\",OFFSET(G921,-1,0)+1,OFFSET(G921,-1,0)))","v":15},{"$f":"IF(OR($A921=\"S\",$A921=0),0,MATCH(0,OFFSET($B921,1,$A921,ROW($A$1504)-ROW($A921)),0))","v":0},{"$f":"IF(OR($A921=\"S\",$A921=0),0,MATCH(OFFSET($B921,0,$A921)+1,OFFSET($B921,1,$A921,ROW($A$1504)-ROW($A921)),0))","v":0},"Insumo",{"$f":"IF($A921=0,\"-\",CONCATENATE(C921&\".\",IF(AND($A$5>=2,$A921>=2),D921&\".\",\"\"),IF(AND($A$5>=3,$A921>=3),E921&\".\",\"\"),IF(AND($A$5>=4,$A921>=4),F921&\".\",\"\"),IF($A921=\"S\",G921&\".\",\"\")))","v":"10.7.15."},{"$f":"IF(NOT(ISERROR($Y921)),IF($Y921<>FALSE,INDEX(Banco,$Y921,4),\"\"),\"\")","v":"COREN"},"Serv. Terc.","080",{"$f":"IF(NOT(ISERROR($Y921)),IF($Y921<>FALSE,INDEX(Banco,$Y921,5),\"\"),\"\")","v":"Enfermeiro padrão"},{"$f":"IF(NOT(ISERROR($Y921)),IF($Y921<>FALSE,INDEX(Banco,$Y921,6),\"\"),\"\")","v":"Unidade"},4,{"$f":"IF(NOT(ISERROR($Y921)),IF($Y921<>FALSE,INDEX(Banco,$Y921,7),0),0)","v":123.02},"DI 1",{"$f":"IF($J921=$G$2,ROUND(ROUND($R921,2)*IF($R$9=\"Preço Unitário (R$)\",1,1+$AA921),2),0)","v":153.78},{"$f":"IF($A921=\"S\",VTOTAL1,IF($A921=0,0,ROUND(SomaAgrup,2)))","v":615.12},null,{"$f":"IF(OR($A921=0,$A921=\"S\",$A921>CFF!$A$9),\"\",MAX(W$11:OFFSET(W921,-1,0))+1)","v":""},{"$f":"IF(AND($J921=$G$2,$N921<>\"\",$M921<>\"\"),CONCATENATE($M921,\"-\",$N921))","v":"Serv. Terc.-080"},{"$f":"IF(X921<>FALSE,MATCH(X921,OFFSET(Banco,0,0,,1),0))","v":160},null,{"$f":"IF($J921=$G$2,ROUND(IF(ISNUMBER(S921),S921,IF(LEFT(S921,2)=\"DI\",HLOOKUP(S921,DADOS!$T$29:$X$30,2,FALSE),0)),4),\"\")","v":0.25}]
["S",0,10,7,0,0,16,{"$f":"IF(OR($A922=\"S\",$A922=0),0,MATCH(0,OFFSET($B922,1,$A922,ROW($A$1504)-ROW($A922)),0))","v":0},{"$f":"IF(OR($A922=\"S\",$A922=0),0,MATCH(OFFSET($B922,0,$A922)+1,OFFSET($B922,1,$A922,ROW($A$1504)-ROW($A922)),0))","v":0},"Insumo","10.7.16.","Cotação","Rec. Materiais","020","Guloseimas (balas e pirulito)","Pacote",4,12,"DI 1",15,60,null,{"$f":"IF(OR($A922=0,$A922=\"S\",$A922>CFF!$A$9),\"\",MAX(W$11:OFFSET(W922,-1,0))+1)","v":""},"Rec. Materiais-020",29,null,{"$f":"IF($J922=$G$2,ROUND(IF(ISNUMBER(S922),S922,IF(LEFT(S922,2)=\"DI\",HLOOKUP(S922,DADOS!$T$29:$X$30,2,FALSE),0)),4),\"\")","v":0.25}]
["S",0,10,7,0,0,17,{"$f":"IF(OR($A923=\"S\",$A923=0),0,MATCH(0,OFFSET($B923,1,$A923,ROW($A$1504)-ROW($A923)),0))","v":0},{"$f":"IF(OR($A923=\"S\",$A923=0),0,MATCH(OFFSET($B923,0,$A923)+1,OFFSET($B923,1,$A923,ROW($A$1504)-ROW($A923)),0))","v":0},"Insumo","10.7.17.","Cotação","Rec. Materiais","021","Papel de presente","Folhas",8,1.5,"DI 1",1.88,15.04,null,{"$f":"IF(OR($A923=0,$A923=\"S\",$A923>CFF!$A$9),\"\",MAX(W$11:OFFSET(W923,-1,0))+1)","v":""},"Rec. Materiais-021",30,null,{"$f":"IF($J923=$G$2,ROUND(IF(ISNUMBER(S923),S923,IF(LEFT(S923,2)=\"DI\",HLOOKUP(S923,DADOS!$T$29:$X$30,2,FALSE),0)),4),\"\")","v":0.25}]
["S",0,10,7,0,0,18,{"$f":"IF(OR($A924=\"S\",$A924=0),0,MATCH(0,OFFSET($B924,1,$A924,ROW($A$1504)-ROW($A924)),0))","v":0},{"$f":"IF(OR($A924=\"S\",$A924=0),0,MATCH(OFFSET($B924,0,$A924)+1,OFFSET($B924,1,$A924,ROW($A$1504)-ROW($A924)),0))","v":0},"Insumo","10.7.18.","Cotação","Rec. Materiais","026","Saco de lixo (100 litros)","Pacote",2,15,"DI 1",18.75,37.5,null,{"$f":"IF(OR($A924=0,$A924=\"S\",$A924>CFF!$A$9),\"\",MAX(W$11:OFFSET(W924,-1,0))+1)","v":""},"Rec. Materiais-026",35,null,{"$f":"IF($J924=$G$2,ROUND(IF(ISNUMBER(S924),S924,IF(LEFT(S924,2)=\"DI\",HLOOKUP(S924,DADOS!$T$29:$X$30,2,FALSE),0)),4),\"\")","v":0.25}]
[{"$f":"CHOOSE(1+LOG(1+2*(J925=$C$2)+4*(J925=$D$2)+8*(J925=$E$2)+16*(J925=$F$2)+32*(J925=$G$2),2),0,1,2,3,4,\"S\")","v":2},{"$f":"IF(OR(A925=\"S\",A925=0),0,IF(ISERROR(I925),H925,SMALL(H925:I925,1)))","v":19},{"$f":"IF($A925=1,OFFSET(C925,-1,0)+1,OFFSET(C925,-1,0))","v":10},{"$f":"IF($A925=1,0,IF($A925=2,OFFSET(D925,-1,0)+1,OFFSET(D925,-1,0)))","v":8},{"$f":"IF(AND($A925<=2,$A925<>0),0,IF($A925=3,OFFSET(E925,-1,0)+1,OFFSET(E925,-1,0)))","v":0},{"$f":"IF(AND($A925<=3,$A925<>0),0,IF($A925=4,OFFSET(F925,-1,0)+1,OFFSET(F925,-1,0)))","v":0},{"$f":"IF(AND($A925<=4,$A925<>0),0,IF($A925=\"S\",OFFSET(G925,-1,0)+1,OFFSET(G925,-1,0)))","v":0},{"$f":"IF(OR($A925=\"S\",$A925=0),0,MATCH(0,OFFSET($B925,1,$A925,ROW($A$1504)-ROW($A925)),0))","v":19},{"$f":"IF(OR($A925=\"S\",$A925=0),0,MATCH(OFFSET($B925,0,$A925)+1,OFFSET($B925,1,$A925,ROW($A$1504)-ROW($A925)),0))","v":{"$error":"#N/A"}},"AtivNível 1",{"$f":"IF($A925=0,\"-\",CONCATENATE(C925&\".\",IF(AND($A$5>=2,$A925>=2),D925&\".\",\"\"),IF(AND($A$5>=3,$A925>=3),E925&\".\",\"\"),IF(AND($A$5>=4,$A925>=4),F925&\".\",\"\"),IF($A925=\"S\",G925&\".\",\"\")))","v":"10.8."},{"$f":"IF(NOT(ISERROR($Y925)),IF($Y925<>FALSE,INDEX(Banco,$Y925,4),\"\"),\"\")","v":""},null,null,"Atividade 71 - Palestra: Saúde da família prevenção masculina e feminina Bairro: Frutal de Minas e Jardim Paula II",{"$f":"IF(NOT(ISERROR($Y925)),IF($Y925<>FALSE,INDEX(Banco,$Y925,6),\"\"),\"\")","v":""},null,{"$f":"IF(NOT(ISERROR($Y925)),IF($Y925<>FALSE,INDEX(Banco,$Y925,7),0),0)","v":0},"DI 1",{"$f":"IF($J925=$G$2,ROUND(ROUND($R925,2)*IF($R$9=\"Preço Unitário (R$)\",1,1+$AA925),2),0)","v":0},{"$f":"IF($A925=\"S\",VTOTAL1,IF($A925=0,0,ROUND(SomaAgrup,2)))","v":7121.19},null,{"$f":"IF(OR($A925=0,$A925=\"S\",$A925>CFF!$A$9),\"\",MAX(W$11:OFFSET(W925,-1,0))+1)","v":81},{"$f":"IF(AND($J925=$G$2,$N925<>\"\",$M925<>\"\"),CONCATENATE($M925,\"-\",$N925))","v":false},{"$f":"IF(X925<>FALSE,MATCH(X925,OFFSET(Banco,0,0,,1),0))","v":false},null,{"$f":"IF($J925=$G$2,ROUND(IF(ISNUMBER(S925),S925,IF(LEFT(S925,2)=\"DI\",HLOOKUP(S925,DADOS!$T$29:$X$30,2,FALSE),0)),4),\"\")","v":""}]
[{"$f":"CHOOSE(1+LOG(1+2*(J926=$C$2)+4*(J926=$D$2)+8*(J926=$E$2)+16*(J926=$F$2)+32*(J926=$G$2),2),0,1,2,3,4,\"S\")","v":"S"},{"$f":"IF(OR(A926=\"S\",A926=0),0,IF(ISERROR(I926),H926,SMALL(H926:I926,1)))","v":0},{"$f":"IF($A926=1,OFFSET(C926,-1,0)+1,OFFSET(C926,-1,0))","v":10},{"$f":"IF($A926=1,0,IF($A926=2,OFFSET(D926,-1,0)+1,OFFSET(D926,-1,0)))","v":8},{"$f":"IF(AND($A926<=2,$A926<>0),0,IF($A926=3,OFFSET(E926,-1,0)+1,OFFSET(E926,-1,0)))","v":0},{"$f":"IF(AND($A926<=3,$A926<>0),0,IF($A926=4,OFFSET(F926,-1,0)+1,OFFSET(F926,-1,0)))","v":0},{"$f":"IF(AND($A926<=4,$A926<>0),0,IF($A926=\"S\",OFFSET(G926,-1,0)+1,OFFSET(G926,-1,0)))","v":1},{"$f":"IF(OR($A926=\"S\",$A926=0),0,MATCH(0,OFFSET($B926,1,$A926,ROW($A$1504)-ROW($A926)),0))","v":0},{"$f":"IF(OR($A926=\"S\",$A926=0),0,MATCH(OFFSET($B926,0,$A926)+1,OFFSET($B926,1,$A926,ROW($A$1504)-ROW($A926)),0))","v":0},"Insumo",{"$f":"IF($A926=0,\"-\",CONCATENATE(C926&\".\",IF(AND($A$5>=2,$A926>=2),D926&\".\",\"\"),IF(AND($A$5>=3,$A926>=3),E926&\".\",\"\"),IF(AND($A$5>=4,$A926>=4),F926&\".\",\"\"),IF($A926=\"S\",G926&\".\",\"\")))","v":"10.8.1."},{"$f":"IF(NOT(ISERROR($Y926)),IF($Y926<>FALSE,INDEX(Banco,$Y926,4),\"\"),\"\")","v":"CRESS"},"Rec. Humanos","001",{"$f":"IF(NOT(ISERROR($Y926)),IF($Y926<>FALSE,INDEX(Banco,$Y926,5),\"\"),\"\")","v":"Responsável Técnica"},{"$f":"IF(NOT(ISERROR($Y926)),IF($Y926<>FALSE,INDEX(Banco,$Y926,6),\"\"),\"\")","v":"Horas"},6,{"$f":"IF(NOT(ISERROR($Y926)),IF($Y926<>FALSE,INDEX(Banco,$Y926,7),0),0)","v":150.28},"DI 1",{"$f":"IF($J926=$G$2,ROUND(ROUND($R926,2)*IF($R$9=\"Preço Unitário (R$)\",1,1+$AA926),2),0)","v":187.85},{"$f":"IF($A926=\"S\",VTOTAL1,IF($A926=0,0,ROUND(SomaAgrup,2)))","v":1127.0999999999999},null,{"$f":"IF(OR($A926=0,$A926=\"S\",$A926>CFF!$A$9),\"\",MAX(W$11:OFFSET(W926,-1,0))+1)","v":""},{"$f":"IF(AND($J926=$G$2,$N926<>\"\",$M926<>\"\"),CONCATENATE($M926,\"-\",$N926))","v":"Rec. Humanos-001"},{"$f":"IF(X926<>FALSE,MATCH(X926,OFFSET(Banco,0,0,,1),0))","v":3},null,{"$f":"IF($J926=$G$2,ROUND(IF(ISNUMBER(S926),S926,IF(LEFT(S926,2)=\"DI\",HLOOKUP(S926,DADOS!$T$29:$X$30,2,FALSE),0)),4),\"\")","v":0.25}]
["S",0,10,8,0,0,2,{"$f":"IF(OR($A927=\"S\",$A927=0),0,MATCH(0,OFFSET($B927,1,$A927,ROW($A$1504)-ROW($A927)),0))","v":0},{"$f":"IF(OR($A927=\"S\",$A927=0),0,MATCH(OFFSET($B927,0,$A927)+1,OFFSET($B927,1,$A927,ROW($A$1504)-ROW($A927)),0))","v":0},"Insumo","10.8.2.","CRESS","Rec. Humanos","002",{"$f":"IF(NOT(ISERROR($Y927)),IF($Y927<>FALSE,INDEX(Banco,$Y927,5),\"\"),\"\")","v":"Assistente Social"},"Horas",4,133.81,"DI 1",167.26,669.04,null,{"$f":"IF(OR($A927=0,$A927=\"S\",$A927>CFF!$A$9),\"\",MAX(W$11:OFFSET(W927,-1,0))+1)","v":""},"Rec. Humanos-002",4,null,{"$f":"IF($J927=$G$2,ROUND(IF(ISNUMBER(S927),S927,IF(LEFT(S927,2)=\"DI\",HLOOKUP(S927,DADOS!$T$29:$X$30,2,FALSE),0)),4),\"\")","v":0.25}]
["S",0,10,8,0,0,3,{"$f":"IF(OR($A928=\"S\",$A928=0),0,MATCH(0,OFFSET($B928,1,$A928,ROW($A$1504)-ROW($A928)),0))","v":0},{"$f":"IF(OR($A928=\"S\",$A928=0),0,MATCH(OFFSET($B928,0,$A928)+1,OFFSET($B928,1,$A928,ROW($A$1504)-ROW($A928)),0))","v":0},"Insumo","10.8.3.","Cotação","Rec. Humanos","003",{"$f":"IF(NOT(ISERROR($Y928)),IF($Y928<>FALSE,INDEX(Banco,$Y928,5),\"\"),\"\")","v":"Administrador (Técnico de Apoio) "},"Horas",4,103.65,"DI 1",129.56,518.24,null,{"$f":"IF(OR($A928=0,$A928=\"S\",$A928>CFF!$A$9),\"\",MAX(W$11:OFFSET(W928,-1,0))+1)","v":""},"Rec. Humanos-003",5,null,{"$f":"IF($J928=$G$2,ROUND(IF(ISNUMBER(S928),S928,IF(LEFT(S928,2)=\"DI\",HLOOKUP(S928,DADOS!$T$29:$X$30,2,FALSE),0)),4),\"\")","v":0.25}]
["S",0,10,8,0,0,4,{"$f":"IF(OR($A929=\"S\",$A929=0),0,MATCH(0,OFFSET($B929,1,$A929,ROW($A$1504)-ROW($A929)),0))","v":0},{"$f":"IF(OR($A929=\"S\",$A929=0),0,MATCH(OFFSET($B929,0,$A929)+1,OFFSET($B929,1,$A929,ROW($A$1504)-ROW($A929)),0))","v":0},"Insumo","10.8.4.","SINE","Rec. Humanos","004",{"$f":"IF(NOT(ISERROR($Y929)),IF($Y929<>FALSE,INDEX(Banco,$Y929,5),\"\"),\"\")","v":"Estagiários"},"Horas",10,9.7899999999999991,"DI 1",12.24,122.4,null,{"$f":"IF(OR($A929=0,$A929=\"S\",$A929>CFF!$A$9),\"\",MAX(W$11:OFFSET(W929,-1,0))+1)","v":""},"Rec. Humanos-004",6,null,{"$f":"IF($J929=$G$2,ROUND(IF(ISNUMBER(S929),S929,IF(LEFT(S929,2)=\"DI\",HLOOKUP(S929,DADOS!$T$29:$X$30,2,FALSE),0)),4),\"\")","v":0.25}]
["S",0,10,8,0,0,5,{"$f":"IF(OR($A930=\"S\",$A930=0),0,MATCH(0,OFFSET($B930,1,$A930,ROW($A$1504)-ROW($A930)),0))","v":0},{"$f":"IF(OR($A930=\"S\",$A930=0),0,MATCH(OFFSET($B930,0,$A930)+1,OFFSET($B930,1,$A930,ROW($A$1504)-ROW($A930)),0))","v":0},"Insumo","10.8.5.","Cotação","Serv. Terc.","001",{"$f":"IF(NOT(ISERROR($Y930)),IF($Y930<>FALSE,INDEX(Banco,$Y930,5),\"\"),\"\")","v":"Fotocópias"},"Unidade",150,0.3,"DI 1",0.38,57,null,{"$f":"IF(OR($A930=0,$A930=\"S\",$A930>CFF!$A$9),\"\",MAX(W$11:OFFSET(W930,-1,0))+1)","v":""},"Serv. Terc.-001",81,null,{"$f":"IF($J930=$G$2,ROUND(IF(ISNUMBER(S930),S930,IF(LEFT(S930,2)=\"DI\",HLOOKUP(S930,DADOS!$T$29:$X$30,2,FALSE),0)),4),\"\")","v":0.25}]
["S",0,{"$f":"IF($A931=1,OFFSET(C931,-1,0)+1,OFFSET(C931,-1,0))","v":10},{"$f":"IF($A931=1,0,IF($A931=2,OFFSET(D931,-1,0)+1,OFFSET(D931,-1,0)))","v":8},{"$f":"IF(AND($A931<=2,$A931<>0),0,IF($A931=3,OFFSET(E931,-1,0)+1,OFFSET(E931,-1,0)))","v":0},{"$f":"IF(AND($A931<=3,$A931<>0),0,IF($A931=4,OFFSET(F931,-1,0)+1,OFFSET(F931,-1,0)))","v":0},{"$f":"IF(AND($A931<=4,$A931<>0),0,IF($A931=\"S\",OFFSET(G931,-1,0)+1,OFFSET(G931,-1,0)))","v":6},{"$f":"IF(OR($A931=\"S\",$A931=0),0,MATCH(0,OFFSET($B931,1,$A931,ROW($A$1504)-ROW($A931)),0))","v":0},{"$f":"IF(OR($A931=\"S\",$A931=0),0,MATCH(OFFSET($B931,0,$A931)+1,OFFSET($B931,1,$A931,ROW($A$1504)-ROW($A931)),0))","v":0},"Insumo","10.8.6.",{"$f":"IF(NOT(ISERROR($Y931)),IF($Y931<>FALSE,INDEX(Banco,$Y931,4),\"\"),\"\")","v":"Cotação"},"Serv. Terc.","017",{"$f":"IF(NOT(ISERROR($Y931)),IF($Y931<>FALSE,INDEX(Banco,$Y931,5),\"\"),\"\")","v":"Instrutor/Monitor (Educação Fisíca)"},{"$f":"IF(NOT(ISERROR($Y931)),IF($Y931<>FALSE,INDEX(Banco,$Y931,6),\"\"),\"\")","v":"Horas"},3,{"$f":"IF(NOT(ISERROR($Y931)),IF($Y931<>FALSE,INDEX(Banco,$Y931,7),0),0)","v":100},"DI 1",{"$f":"IF($J931=$G$2,ROUND(ROUND($R931,2)*IF($R$9=\"Preço Unitário (R$)\",1,1+$AA931),2),0)","v":125},{"$f":"IF($A931=\"S\",VTOTAL1,IF($A931=0,0,ROUND(SomaAgrup,2)))","v":375},null,{"$f":"IF(OR($A931=0,$A931=\"S\",$A931>CFF!$A$9),\"\",MAX(W$11:OFFSET(W931,-1,0))+1)","v":""},{"$f":"IF(AND($J931=$G$2,$N931<>\"\",$M931<>\"\"),CONCATENATE($M931,\"-\",$N931))","v":"Serv. Terc.-017"},97,null,{"$f":"IF($J931=$G$2,ROUND(IF(ISNUMBER(S931),S931,IF(LEFT(S931,2)=\"DI\",HLOOKUP(S931,DADOS!$T$29:$X$30,2,FALSE),0)),4),\"\")","v":0.25}]
[{"$f":"CHOOSE(1+LOG(1+2*(J932=$C$2)+4*(J932=$D$2)+8*(J932=$E$2)+16*(J932=$F$2)+32*(J932=$G$2),2),0,1,2,3,4,\"S\")","v":"S"},{"$f":"IF(OR(A932=\"S\",A932=0),0,IF(ISERROR(I932),H932,SMALL(H932:I932,1)))","v":0},10,8,0,0,7,{"$f":"IF(OR($A932=\"S\",$A932=0),0,MATCH(0,OFFSET($B932,1,$A932,ROW($A$1504)-ROW($A932)),0))","v":0},{"$f":"IF(OR($A932=\"S\",$A932=0),0,MATCH(OFFSET($B932,0,$A932)+1,OFFSET($B932,1,$A932,ROW($A$1504)-ROW($A932)),0))","v":0},"Insumo",{"$f":"IF($A932=0,\"-\",CONCATENATE(C932&\".\",IF(AND($A$5>=2,$A932>=2),D932&\".\",\"\"),IF(AND($A$5>=3,$A932>=3),E932&\".\",\"\"),IF(AND($A$5>=4,$A932>=4),F932&\".\",\"\"),IF($A932=\"S\",G932&\".\",\"\")))","v":"10.8.7."},"Cotação","Serv. Terc.","002","Carro de som com gravação de vinheta","Horas",3,200,"DI 1",250,750,null,{"$f":"IF(OR($A932=0,$A932=\"S\",$A932>CFF!$A$9),\"\",MAX(W$11:OFFSET(W932,-1,0))+1)","v":""},"Serv. Terc.-002",{"$f":"IF(X932<>FALSE,MATCH(X932,OFFSET(Banco,0,0,,1),0))","v":82},null,{"$f":"IF($J932=$G$2,ROUND(IF(ISNUMBER(S932),S932,IF(LEFT(S932,2)=\"DI\",HLOOKUP(S932,DADOS!$T$29:$X$30,2,FALSE),0)),4),\"\")","v":0.25}]
["S",0,10,8,0,0,8,{"$f":"IF(OR($A933=\"S\",$A933=0),0,MATCH(0,OFFSET($B933,1,$A933,ROW($A$1504)-ROW($A933)),0))","v":0},{"$f":"IF(OR($A933=\"S\",$A933=0),0,MATCH(OFFSET($B933,0,$A933)+1,OFFSET($B933,1,$A933,ROW($A$1504)-ROW($A933)),0))","v":0},"Insumo","10.8.8.","Cotação","Serv. Terc.","005","Locação de caixa térmica","Unidade",2,40,"DI 1",50,100,null,{"$f":"IF(OR($A933=0,$A933=\"S\",$A933>CFF!$A$9),\"\",MAX(W$11:OFFSET(W933,-1,0))+1)","v":""},"Serv. Terc.-005",85,null,{"$f":"IF($J933=$G$2,ROUND(IF(ISNUMBER(S933),S933,IF(LEFT(S933,2)=\"DI\",HLOOKUP(S933,DADOS!$T$29:$X$30,2,FALSE),0)),4),\"\")","v":0.25}]
["S",0,10,8,0,0,9,{"$f":"IF(OR($A934=\"S\",$A934=0),0,MATCH(0,OFFSET($B934,1,$A934,ROW($A$1504)-ROW($A934)),0))","v":0},{"$f":"IF(OR($A934=\"S\",$A934=0),0,MATCH(OFFSET($B934,0,$A934)+1,OFFSET($B934,1,$A934,ROW($A$1504)-ROW($A934)),0))","v":0},"Insumo","10.8.9.","Cotação","Serv. Terc.","008","Locação de pula-pula com monitor","Unidade",2,220,"DI 1",275,550,null,{"$f":"IF(OR($A934=0,$A934=\"S\",$A934>CFF!$A$9),\"\",MAX(W$11:OFFSET(W934,-1,0))+1)","v":""},"Serv. Terc.-008",88,null,{"$f":"IF($J934=$G$2,ROUND(IF(ISNUMBER(S934),S934,IF(LEFT(S934,2)=\"DI\",HLOOKUP(S934,DADOS!$T$29:$X$30,2,FALSE),0)),4),\"\")","v":0.25}]
["S",0,10,8,0,0,10,{"$f":"IF(OR($A935=\"S\",$A935=0),0,MATCH(0,OFFSET($B935,1,$A935,ROW($A$1504)-ROW($A935)),0))","v":0},{"$f":"IF(OR($A935=\"S\",$A935=0),0,MATCH(OFFSET($B935,0,$A935)+1,OFFSET($B935,1,$A935,ROW($A$1504)-ROW($A935)),0))","v":0},"Insumo","10.8.10.","Cotação ","Serv. Terc.","011","Barra de gelo","Unidade",4,12,"DI 1",15,60,null,{"$f":"IF(OR($A935=0,$A935=\"S\",$A935>CFF!$A$9),\"\",MAX(W$11:OFFSET(W935,-1,0))+1)","v":""},"Serv. Terc.-011",91,null,{"$f":"IF($J935=$G$2,ROUND(IF(ISNUMBER(S935),S935,IF(LEFT(S935,2)=\"DI\",HLOOKUP(S935,DADOS!$T$29:$X$30,2,FALSE),0)),4),\"\")","v":0.25}]
["S",0,10,8,0,0,11,{"$f":"IF(OR($A936=\"S\",$A936=0),0,MATCH(0,OFFSET($B936,1,$A936,ROW($A$1504)-ROW($A936)),0))","v":0},{"$f":"IF(OR($A936=\"S\",$A936=0),0,MATCH(OFFSET($B936,0,$A936)+1,OFFSET($B936,1,$A936,ROW($A$1504)-ROW($A936)),0))","v":0},"Insumo","10.8.11.","Cotação","Serv. Terc.","013","Sucos","Unidade",12,6.4,"DI 1",8,96,null,{"$f":"IF(OR($A936=0,$A936=\"S\",$A936>CFF!$A$9),\"\",MAX(W$11:OFFSET(W936,-1,0))+1)","v":""},"Serv. Terc.-013",93,null,{"$f":"IF($J936=$G$2,ROUND(IF(ISNUMBER(S936),S936,IF(LEFT(S936,2)=\"DI\",HLOOKUP(S936,DADOS!$T$29:$X$30,2,FALSE),0)),4),\"\")","v":0.25}]
[{"$f":"CHOOSE(1+LOG(1+2*(J937=$C$2)+4*(J937=$D$2)+8*(J937=$E$2)+16*(J937=$F$2)+32*(J937=$G$2),2),0,1,2,3,4,\"S\")","v":"S"},{"$f":"IF(OR(A937=\"S\",A937=0),0,IF(ISERROR(I937),H937,SMALL(H937:I937,1)))","v":0},{"$f":"IF($A937=1,OFFSET(C937,-1,0)+1,OFFSET(C937,-1,0))","v":10},{"$f":"IF($A937=1,0,IF($A937=2,OFFSET(D937,-1,0)+1,OFFSET(D937,-1,0)))","v":8},{"$f":"IF(AND($A937<=2,$A937<>0),0,IF($A937=3,OFFSET(E937,-1,0)+1,OFFSET(E937,-1,0)))","v":0},{"$f":"IF(AND($A937<=3,$A937<>0),0,IF($A937=4,OFFSET(F937,-1,0)+1,OFFSET(F937,-1,0)))","v":0},{"$f":"IF(AND($A937<=4,$A937<>0),0,IF($A937=\"S\",OFFSET(G937,-1,0)+1,OFFSET(G937,-1,0)))","v":12},{"$f":"IF(OR($A937=\"S\",$A937=0),0,MATCH(0,OFFSET($B937,1,$A937,ROW($A$1504)-ROW($A937)),0))","v":0},{"$f":"IF(OR($A937=\"S\",$A937=0),0,MATCH(OFFSET($B937,0,$A937)+1,OFFSET($B937,1,$A937,ROW($A$1504)-ROW($A937)),0))","v":0},"Insumo",{"$f":"IF($A937=0,\"-\",CONCATENATE(C937&\".\",IF(AND($A$5>=2,$A937>=2),D937&\".\",\"\"),IF(AND($A$5>=3,$A937>=3),E937&\".\",\"\"),IF(AND($A$5>=4,$A937>=4),F937&\".\",\"\"),IF($A937=\"S\",G937&\".\",\"\")))","v":"10.8.12."},{"$f":"IF(NOT(ISERROR($Y937)),IF($Y937<>FALSE,INDEX(Banco,$Y937,4),\"\"),\"\")","v":"Cotação"},"Serv. Terc.","027",{"$f":"IF(NOT(ISERROR($Y937)),IF($Y937<>FALSE,INDEX(Banco,$Y937,5),\"\"),\"\")","v":"Refrigerantes (02 litros) "},{"$f":"IF(NOT(ISERROR($Y937)),IF($Y937<>FALSE,INDEX(Banco,$Y937,6),\"\"),\"\")","v":"Unidade"},20,{"$f":"IF(NOT(ISERROR($Y937)),IF($Y937<>FALSE,INDEX(Banco,$Y937,7),0),0)","v":6},"DI 1",{"$f":"IF($J937=$G$2,ROUND(ROUND($R937,2)*IF($R$9=\"Preço Unitário (R$)\",1,1+$AA937),2),0)","v":7.5},{"$f":"IF($A937=\"S\",VTOTAL1,IF($A937=0,0,ROUND(SomaAgrup,2)))","v":150},null,{"$f":"IF(OR($A937=0,$A937=\"S\",$A937>CFF!$A$9),\"\",MAX(W$11:OFFSET(W937,-1,0))+1)","v":""},{"$f":"IF(AND($J937=$G$2,$N937<>\"\",$M937<>\"\"),CONCATENATE($M937,\"-\",$N937))","v":"Serv. Terc.-027"},{"$f":"IF(X937<>FALSE,MATCH(X937,OFFSET(Banco,0,0,,1),0))","v":107},null,{"$f":"IF($J937=$G$2,ROUND(IF(ISNUMBER(S937),S937,IF(LEFT(S937,2)=\"DI\",HLOOKUP(S937,DADOS!$T$29:$X$30,2,FALSE),0)),4),\"\")","v":0.25}]
["S",0,10,8,0,0,13,{"$f":"IF(OR($A938=\"S\",$A938=0),0,MATCH(0,OFFSET($B938,1,$A938,ROW($A$1504)-ROW($A938)),0))","v":0},{"$f":"IF(OR($A938=\"S\",$A938=0),0,MATCH(OFFSET($B938,0,$A938)+1,OFFSET($B938,1,$A938,ROW($A$1504)-ROW($A938)),0))","v":0},"Insumo","10.8.13.","Cotação ","Serv. Terc.","010",{"$f":"IF(NOT(ISERROR($Y938)),IF($Y938<>FALSE,INDEX(Banco,$Y938,5),\"\"),\"\")","v":"Brindes ( descrição nos orçamentos e PTS)"},"Unidade",4,120,"DI 1",150,600,null,{"$f":"IF(OR($A938=0,$A938=\"S\",$A938>CFF!$A$9),\"\",MAX(W$11:OFFSET(W938,-1,0))+1)","v":""},"Serv. Terc.-010",90,null,{"$f":"IF($J938=$G$2,ROUND(IF(ISNUMBER(S938),S938,IF(LEFT(S938,2)=\"DI\",HLOOKUP(S938,DADOS!$T$29:$X$30,2,FALSE),0)),4),\"\")","v":0.25}]
["S",0,10,8,0,0,14,{"$f":"IF(OR($A939=\"S\",$A939=0),0,MATCH(0,OFFSET($B939,1,$A939,ROW($A$1504)-ROW($A939)),0))","v":0},{"$f":"IF(OR($A939=\"S\",$A939=0),0,MATCH(OFFSET($B939,0,$A939)+1,OFFSET($B939,1,$A939,ROW($A$1504)-ROW($A939)),0))","v":0},"Insumo","10.8.14.","Cotação","Serv. Terc.","015","Coffee break (salgados)","Centro",15,65,"DI 1",81.25,1218.75,null,{"$f":"IF(OR($A939=0,$A939=\"S\",$A939>CFF!$A$9),\"\",MAX(W$11:OFFSET(W939,-1,0))+1)","v":""},"Serv. Terc.-015",95,null,{"$f":"IF($J939=$G$2,ROUND(IF(ISNUMBER(S939),S939,IF(LEFT(S939,2)=\"DI\",HLOOKUP(S939,DADOS!$T$29:$X$30,2,FALSE),0)),4),\"\")","v":0.25}]
[{"$f":"CHOOSE(1+LOG(1+2*(J940=$C$2)+4*(J940=$D$2)+8*(J940=$E$2)+16*(J940=$F$2)+32*(J940=$G$2),2),0,1,2,3,4,\"S\")","v":"S"},{"$f":"IF(OR(A940=\"S\",A940=0),0,IF(ISERROR(I940),H940,SMALL(H940:I940,1)))","v":0},{"$f":"IF($A940=1,OFFSET(C940,-1,0)+1,OFFSET(C940,-1,0))","v":10},{"$f":"IF($A940=1,0,IF($A940=2,OFFSET(D940,-1,0)+1,OFFSET(D940,-1,0)))","v":8},{"$f":"IF(AND($A940<=2,$A940<>0),0,IF($A940=3,OFFSET(E940,-1,0)+1,OFFSET(E940,-1,0)))","v":0},{"$f":"IF(AND($A940<=3,$A940<>0),0,IF($A940=4,OFFSET(F940,-1,0)+1,OFFSET(F940,-1,0)))","v":0},{"$f":"IF(AND($A940<=4,$A940<>0),0,IF($A940=\"S\",OFFSET(G940,-1,0)+1,OFFSET(G940,-1,0)))","v":15},{"$f":"IF(OR($A940=\"S\",$A940=0),0,MATCH(0,OFFSET($B940,1,$A940,ROW($A$1504)-ROW($A940)),0))","v":0},{"$f":"IF(OR($A940=\"S\",$A940=0),0,MATCH(OFFSET($B940,0,$A940)+1,OFFSET($B940,1,$A940,ROW($A$1504)-ROW($A940)),0))","v":0},"Insumo",{"$f":"IF($A940=0,\"-\",CONCATENATE(C940&\".\",IF(AND($A$5>=2,$A940>=2),D940&\".\",\"\"),IF(AND($A$5>=3,$A940>=3),E940&\".\",\"\"),IF(AND($A$5>=4,$A940>=4),F940&\".\",\"\"),IF($A940=\"S\",G940&\".\",\"\")))","v":"10.8.15."},{"$f":"IF(NOT(ISERROR($Y940)),IF($Y940<>FALSE,INDEX(Banco,$Y940,4),\"\"),\"\")","v":"COREN"},"Serv. Terc.","080",{"$f":"IF(NOT(ISERROR($Y940)),IF($Y940<>FALSE,INDEX(Banco,$Y940,5),\"\"),\"\")","v":"Enfermeiro padrão"},{"$f":"IF(NOT(ISERROR($Y940)),IF($Y940<>FALSE,INDEX(Banco,$Y940,6),\"\"),\"\")","v":"Unidade"},4,{"$f":"IF(NOT(ISERROR($Y940)),IF($Y940<>FALSE,INDEX(Banco,$Y940,7),0),0)","v":123.02},"DI 1",{"$f":"IF($J940=$G$2,ROUND(ROUND($R940,2)*IF($R$9=\"Preço Unitário (R$)\",1,1+$AA940),2),0)","v":153.78},{"$f":"IF($A940=\"S\",VTOTAL1,IF($A940=0,0,ROUND(SomaAgrup,2)))","v":615.12},null,{"$f":"IF(OR($A940=0,$A940=\"S\",$A940>CFF!$A$9),\"\",MAX(W$11:OFFSET(W940,-1,0))+1)","v":""},{"$f":"IF(AND($J940=$G$2,$N940<>\"\",$M940<>\"\"),CONCATENATE($M940,\"-\",$N940))","v":"Serv. Terc.-080"},{"$f":"IF(X940<>FALSE,MATCH(X940,OFFSET(Banco,0,0,,1),0))","v":160},null,{"$f":"IF($J940=$G$2,ROUND(IF(ISNUMBER(S940),S940,IF(LEFT(S940,2)=\"DI\",HLOOKUP(S940,DADOS!$T$29:$X$30,2,FALSE),0)),4),\"\")","v":0.25}]
["S",0,10,8,0,0,16,{"$f":"IF(OR($A941=\"S\",$A941=0),0,MATCH(0,OFFSET($B941,1,$A941,ROW($A$1504)-ROW($A941)),0))","v":0},{"$f":"IF(OR($A941=\"S\",$A941=0),0,MATCH(OFFSET($B941,0,$A941)+1,OFFSET($B941,1,$A941,ROW($A$1504)-ROW($A941)),0))","v":0},"Insumo","10.8.16.","Cotação","Rec. Materiais","020","Guloseimas (balas e pirulito)","Pacote",4,12,"DI 1",15,60,null,{"$f":"IF(OR($A941=0,$A941=\"S\",$A941>CFF!$A$9),\"\",MAX(W$11:OFFSET(W941,-1,0))+1)","v":""},"Rec. Materiais-020",29,null,{"$f":"IF($J941=$G$2,ROUND(IF(ISNUMBER(S941),S941,IF(LEFT(S941,2)=\"DI\",HLOOKUP(S941,DADOS!$T$29:$X$30,2,FALSE),0)),4),\"\")","v":0.25}]
["S",0,10,8,0,0,17,{"$f":"IF(OR($A942=\"S\",$A942=0),0,MATCH(0,OFFSET($B942,1,$A942,ROW($A$1504)-ROW($A942)),0))","v":0},{"$f":"IF(OR($A942=\"S\",$A942=0),0,MATCH(OFFSET($B942,0,$A942)+1,OFFSET($B942,1,$A942,ROW($A$1504)-ROW($A942)),0))","v":0},"Insumo","10.8.17.","Cotação","Rec. Materiais","021","Papel de presente","Folhas",8,1.5,"DI 1",1.88,15.04,null,{"$f":"IF(OR($A942=0,$A942=\"S\",$A942>CFF!$A$9),\"\",MAX(W$11:OFFSET(W942,-1,0))+1)","v":""},"Rec. Materiais-021",30,null,{"$f":"IF($J942=$G$2,ROUND(IF(ISNUMBER(S942),S942,IF(LEFT(S942,2)=\"DI\",HLOOKUP(S942,DADOS!$T$29:$X$30,2,FALSE),0)),4),\"\")","v":0.25}]
["S",0,10,8,0,0,18,{"$f":"IF(OR($A943=\"S\",$A943=0),0,MATCH(0,OFFSET($B943,1,$A943,ROW($A$1504)-ROW($A943)),0))","v":0},{"$f":"IF(OR($A943=\"S\",$A943=0),0,MATCH(OFFSET($B943,0,$A943)+1,OFFSET($B943,1,$A943,ROW($A$1504)-ROW($A943)),0))","v":0},"Insumo","10.8.18.","Cotação","Rec. Materiais","026","Saco de lixo (100 litros)","Pacote",2,15,"DI 1",18.75,37.5,null,{"$f":"IF(OR($A943=0,$A943=\"S\",$A943>CFF!$A$9),\"\",MAX(W$11:OFFSET(W943,-1,0))+1)","v":""},"Rec. Materiais-026",35,null,{"$f":"IF($J943=$G$2,ROUND(IF(ISNUMBER(S943),S943,IF(LEFT(S943,2)=\"DI\",HLOOKUP(S943,DADOS!$T$29:$X$30,2,FALSE),0)),4),\"\")","v":0.25}]
[{"$f":"CHOOSE(1+LOG(1+2*(J944=$C$2)+4*(J944=$D$2)+8*(J944=$E$2)+16*(J944=$F$2)+32*(J944=$G$2),2),0,1,2,3,4,\"S\")","v":1},{"$f":"IF(OR(A944=\"S\",A944=0),0,IF(ISERROR(I944),H944,SMALL(H944:I944,1)))","v":83},{"$f":"IF($A944=1,OFFSET(C944,-1,0)+1,OFFSET(C944,-1,0))","v":11},{"$f":"IF($A944=1,0,IF($A944=2,OFFSET(D944,-1,0)+1,OFFSET(D944,-1,0)))","v":0},{"$f":"IF(AND($A944<=2,$A944<>0),0,IF($A944=3,OFFSET(E944,-1,0)+1,OFFSET(E944,-1,0)))","v":0},{"$f":"IF(AND($A944<=3,$A944<>0),0,IF($A944=4,OFFSET(F944,-1,0)+1,OFFSET(F944,-1,0)))","v":0},{"$f":"IF(AND($A944<=4,$A944<>0),0,IF($A944=\"S\",OFFSET(G944,-1,0)+1,OFFSET(G944,-1,0)))","v":0},{"$f":"IF(OR($A944=\"S\",$A944=0),0,MATCH(0,OFFSET($B944,1,$A944,ROW($A$1504)-ROW($A944)),0))","v":560},{"$f":"IF(OR($A944=\"S\",$A944=0),0,MATCH(OFFSET($B944,0,$A944)+1,OFFSET($B944,1,$A944,ROW($A$1504)-ROW($A944)),0))","v":83},"Ação",{"$f":"IF($A944=0,\"-\",CONCATENATE(C944&\".\",IF(AND($A$5>=2,$A944>=2),D944&\".\",\"\"),IF(AND($A$5>=3,$A944>=3),E944&\".\",\"\"),IF(AND($A$5>=4,$A944>=4),F944&\".\",\"\"),IF($A944=\"S\",G944&\".\",\"\")))","v":"11."},{"$f":"IF(NOT(ISERROR($Y944)),IF($Y944<>FALSE,INDEX(Banco,$Y944,4),\"\"),\"\")","v":""},null,null,"MÊS 11 - INFORMAÇÕES/PALESTRA E GERAÇÃO E RENDA",{"$f":"IF(NOT(ISERROR($Y944)),IF($Y944<>FALSE,INDEX(Banco,$Y944,6),\"\"),\"\")","v":""},null,{"$f":"IF(NOT(ISERROR($Y944)),IF($Y944<>FALSE,INDEX(Banco,$Y944,7),0),0)","v":0},"DI 1",{"$f":"IF($J944=$G$2,ROUND(ROUND($R944,2)*IF($R$9=\"Preço Unitário (R$)\",1,1+$AA944),2),0)","v":0},{"$f":"IF($A944=\"S\",VTOTAL1,IF($A944=0,0,ROUND(SomaAgrup,2)))","v":89893.87},null,{"$f":"IF(OR($A944=0,$A944=\"S\",$A944>CFF!$A$9),\"\",MAX(W$11:OFFSET(W944,-1,0))+1)","v":82},{"$f":"IF(AND($J944=$G$2,$N944<>\"\",$M944<>\"\"),CONCATENATE($M944,\"-\",$N944))","v":false},{"$f":"IF(X944<>FALSE,MATCH(X944,OFFSET(Banco,0,0,,1),0))","v":false},null,{"$f":"IF($J944=$G$2,ROUND(IF(ISNUMBER(S944),S944,IF(LEFT(S944,2)=\"DI\",HLOOKUP(S944,DADOS!$T$29:$X$30,2,FALSE),0)),4),\"\")","v":""}]
[{"$f":"CHOOSE(1+LOG(1+2*(J945=$C$2)+4*(J945=$D$2)+8*(J945=$E$2)+16*(J945=$F$2)+32*(J945=$G$2),2),0,1,2,3,4,\"S\")","v":2},{"$f":"IF(OR(A945=\"S\",A945=0),0,IF(ISERROR(I945),H945,SMALL(H945:I945,1)))","v":26},{"$f":"IF($A945=1,OFFSET(C945,-1,0)+1,OFFSET(C945,-1,0))","v":11},{"$f":"IF($A945=1,0,IF($A945=2,OFFSET(D945,-1,0)+1,OFFSET(D945,-1,0)))","v":1},{"$f":"IF(AND($A945<=2,$A945<>0),0,IF($A945=3,OFFSET(E945,-1,0)+1,OFFSET(E945,-1,0)))","v":0},{"$f":"IF(AND($A945<=3,$A945<>0),0,IF($A945=4,OFFSET(F945,-1,0)+1,OFFSET(F945,-1,0)))","v":0},{"$f":"IF(AND($A945<=4,$A945<>0),0,IF($A945=\"S\",OFFSET(G945,-1,0)+1,OFFSET(G945,-1,0)))","v":0},{"$f":"IF(OR($A945=\"S\",$A945=0),0,MATCH(0,OFFSET($B945,1,$A945,ROW($A$1504)-ROW($A945)),0))","v":82},{"$f":"IF(OR($A945=\"S\",$A945=0),0,MATCH(OFFSET($B945,0,$A945)+1,OFFSET($B945,1,$A945,ROW($A$1504)-ROW($A945)),0))","v":26},"AtivNível 1",{"$f":"IF($A945=0,\"-\",CONCATENATE(C945&\".\",IF(AND($A$5>=2,$A945>=2),D945&\".\",\"\"),IF(AND($A$5>=3,$A945>=3),E945&\".\",\"\"),IF(AND($A$5>=4,$A945>=4),F945&\".\",\"\"),IF($A945=\"S\",G945&\".\",\"\")))","v":"11.1."},{"$f":"IF(NOT(ISERROR($Y945)),IF($Y945<>FALSE,INDEX(Banco,$Y945,4),\"\"),\"\")","v":""},null,null,"Atividade 72 - Palestra Cidadania direitos e igualdades região Parque São João",{"$f":"IF(NOT(ISERROR($Y945)),IF($Y945<>FALSE,INDEX(Banco,$Y945,6),\"\"),\"\")","v":""},null,{"$f":"IF(NOT(ISERROR($Y945)),IF($Y945<>FALSE,INDEX(Banco,$Y945,7),0),0)","v":0},"DI 1",{"$f":"IF($J945=$G$2,ROUND(ROUND($R945,2)*IF($R$9=\"Preço Unitário (R$)\",1,1+$AA945),2),0)","v":0},{"$f":"IF($A945=\"S\",VTOTAL1,IF($A945=0,0,ROUND(SomaAgrup,2)))","v":14097.18},null,{"$f":"IF(OR($A945=0,$A945=\"S\",$A945>CFF!$A$9),\"\",MAX(W$11:OFFSET(W945,-1,0))+1)","v":83},{"$f":"IF(AND($J945=$G$2,$N945<>\"\",$M945<>\"\"),CONCATENATE($M945,\"-\",$N945))","v":false},{"$f":"IF(X945<>FALSE,MATCH(X945,OFFSET(Banco,0,0,,1),0))","v":false},null,{"$f":"IF($J945=$G$2,ROUND(IF(ISNUMBER(S945),S945,IF(LEFT(S945,2)=\"DI\",HLOOKUP(S945,DADOS!$T$29:$X$30,2,FALSE),0)),4),\"\")","v":""}]
[{"$f":"CHOOSE(1+LOG(1+2*(J946=$C$2)+4*(J946=$D$2)+8*(J946=$E$2)+16*(J946=$F$2)+32*(J946=$G$2),2),0,1,2,3,4,\"S\")","v":"S"},{"$f":"IF(OR(A946=\"S\",A946=0),0,IF(ISERROR(I946),H946,SMALL(H946:I946,1)))","v":0},11,1,0,0,1,{"$f":"IF(OR($A946=\"S\",$A946=0),0,MATCH(0,OFFSET($B946,1,$A946,ROW($A$1504)-ROW($A946)),0))","v":0},{"$f":"IF(OR($A946=\"S\",$A946=0),0,MATCH(OFFSET($B946,0,$A946)+1,OFFSET($B946,1,$A946,ROW($A$1504)-ROW($A946)),0))","v":0},"Insumo",{"$f":"IF($A946=0,\"-\",CONCATENATE(C946&\".\",IF(AND($A$5>=2,$A946>=2),D946&\".\",\"\"),IF(AND($A$5>=3,$A946>=3),E946&\".\",\"\"),IF(AND($A$5>=4,$A946>=4),F946&\".\",\"\"),IF($A946=\"S\",G946&\".\",\"\")))","v":"11.1.1."},"CRESS","Rec. Humanos","001",{"$f":"IF(NOT(ISERROR($Y946)),IF($Y946<>FALSE,INDEX(Banco,$Y946,5),\"\"),\"\")","v":"Responsável Técnica"},"Horas",14,150.28,"DI 1",187.85,2629.9,null,{"$f":"IF(OR($A946=0,$A946=\"S\",$A946>CFF!$A$9),\"\",MAX(W$11:OFFSET(W946,-1,0))+1)","v":""},"Rec. Humanos-001",{"$f":"IF(X946<>FALSE,MATCH(X946,OFFSET(Banco,0,0,,1),0))","v":3},null,{"$f":"IF($J946=$G$2,ROUND(IF(ISNUMBER(S946),S946,IF(LEFT(S946,2)=\"DI\",HLOOKUP(S946,DADOS!$T$29:$X$30,2,FALSE),0)),4),\"\")","v":0.25}]
["S",0,11,1,0,0,2,{"$f":"IF(OR($A947=\"S\",$A947=0),0,MATCH(0,OFFSET($B947,1,$A947,ROW($A$1504)-ROW($A947)),0))","v":0},{"$f":"IF(OR($A947=\"S\",$A947=0),0,MATCH(OFFSET($B947,0,$A947)+1,OFFSET($B947,1,$A947,ROW($A$1504)-ROW($A947)),0))","v":0},"Insumo","11.1.2.","CRESS","Rec. Humanos","002","Assistente Social","Horas",10,133.81,"DI 1",167.26,1672.6,null,{"$f":"IF(OR($A947=0,$A947=\"S\",$A947>CFF!$A$9),\"\",MAX(W$11:OFFSET(W947,-1,0))+1)","v":""},"Rec. Humanos-002",4,null,{"$f":"IF($J947=$G$2,ROUND(IF(ISNUMBER(S947),S947,IF(LEFT(S947,2)=\"DI\",HLOOKUP(S947,DADOS!$T$29:$X$30,2,FALSE),0)),4),\"\")","v":0.25}]
["S",0,11,1,0,0,3,{"$f":"IF(OR($A948=\"S\",$A948=0),0,MATCH(0,OFFSET($B948,1,$A948,ROW($A$1504)-ROW($A948)),0))","v":0},{"$f":"IF(OR($A948=\"S\",$A948=0),0,MATCH(OFFSET($B948,0,$A948)+1,OFFSET($B948,1,$A948,ROW($A$1504)-ROW($A948)),0))","v":0},"Insumo","11.1.3.","Cotação","Rec. Humanos","003","Administrador (Técnico de Apoio) ","Horas",4,103.65,"DI 1",129.56,518.24,null,{"$f":"IF(OR($A948=0,$A948=\"S\",$A948>CFF!$A$9),\"\",MAX(W$11:OFFSET(W948,-1,0))+1)","v":""},"Rec. Humanos-003",5,null,{"$f":"IF($J948=$G$2,ROUND(IF(ISNUMBER(S948),S948,IF(LEFT(S948,2)=\"DI\",HLOOKUP(S948,DADOS!$T$29:$X$30,2,FALSE),0)),4),\"\")","v":0.25}]
["S",0,11,1,0,0,4,{"$f":"IF(OR($A949=\"S\",$A949=0),0,MATCH(0,OFFSET($B949,1,$A949,ROW($A$1504)-ROW($A949)),0))","v":0},{"$f":"IF(OR($A949=\"S\",$A949=0),0,MATCH(OFFSET($B949,0,$A949)+1,OFFSET($B949,1,$A949,ROW($A$1504)-ROW($A949)),0))","v":0},"Insumo","11.1.4.","SINE","Rec. Humanos","004","Estagiários","Horas",28,9.7899999999999991,"DI 1",12.24,342.72,null,{"$f":"IF(OR($A949=0,$A949=\"S\",$A949>CFF!$A$9),\"\",MAX(W$11:OFFSET(W949,-1,0))+1)","v":""},"Rec. Humanos-004",6,null,{"$f":"IF($J949=$G$2,ROUND(IF(ISNUMBER(S949),S949,IF(LEFT(S949,2)=\"DI\",HLOOKUP(S949,DADOS!$T$29:$X$30,2,FALSE),0)),4),\"\")","v":0.25}]
["S",0,11,1,0,0,5,{"$f":"IF(OR($A950=\"S\",$A950=0),0,MATCH(0,OFFSET($B950,1,$A950,ROW($A$1504)-ROW($A950)),0))","v":0},{"$f":"IF(OR($A950=\"S\",$A950=0),0,MATCH(OFFSET($B950,0,$A950)+1,OFFSET($B950,1,$A950,ROW($A$1504)-ROW($A950)),0))","v":0},"Insumo","11.1.5.","Cotação","Serv. Terc.","001","Fotocópias","Unidade",300,0.3,"DI 1",0.38,114,null,{"$f":"IF(OR($A950=0,$A950=\"S\",$A950>CFF!$A$9),\"\",MAX(W$11:OFFSET(W950,-1,0))+1)","v":""},"Serv. Terc.-001",81,null,{"$f":"IF($J950=$G$2,ROUND(IF(ISNUMBER(S950),S950,IF(LEFT(S950,2)=\"DI\",HLOOKUP(S950,DADOS!$T$29:$X$30,2,FALSE),0)),4),\"\")","v":0.25}]
[{"$f":"CHOOSE(1+LOG(1+2*(J951=$C$2)+4*(J951=$D$2)+8*(J951=$E$2)+16*(J951=$F$2)+32*(J951=$G$2),2),0,1,2,3,4,\"S\")","v":"S"},{"$f":"IF(OR(A951=\"S\",A951=0),0,IF(ISERROR(I951),H951,SMALL(H951:I951,1)))","v":0},11,1,0,0,6,{"$f":"IF(OR($A951=\"S\",$A951=0),0,MATCH(0,OFFSET($B951,1,$A951,ROW($A$1504)-ROW($A951)),0))","v":0},{"$f":"IF(OR($A951=\"S\",$A951=0),0,MATCH(OFFSET($B951,0,$A951)+1,OFFSET($B951,1,$A951,ROW($A$1504)-ROW($A951)),0))","v":0},"Insumo",{"$f":"IF($A951=0,\"-\",CONCATENATE(C951&\".\",IF(AND($A$5>=2,$A951>=2),D951&\".\",\"\"),IF(AND($A$5>=3,$A951>=3),E951&\".\",\"\"),IF(AND($A$5>=4,$A951>=4),F951&\".\",\"\"),IF($A951=\"S\",G951&\".\",\"\")))","v":"11.1.6."},"Cotação","Serv. Terc.","017",{"$f":"IF(NOT(ISERROR($Y951)),IF($Y951<>FALSE,INDEX(Banco,$Y951,5),\"\"),\"\")","v":"Instrutor/Monitor (Educação Fisíca)"},"Horas",3,100,"DI 1",125,375,null,{"$f":"IF(OR($A951=0,$A951=\"S\",$A951>CFF!$A$9),\"\",MAX(W$11:OFFSET(W951,-1,0))+1)","v":""},"Serv. Terc.-017",{"$f":"IF(X951<>FALSE,MATCH(X951,OFFSET(Banco,0,0,,1),0))","v":97},null,{"$f":"IF($J951=$G$2,ROUND(IF(ISNUMBER(S951),S951,IF(LEFT(S951,2)=\"DI\",HLOOKUP(S951,DADOS!$T$29:$X$30,2,FALSE),0)),4),\"\")","v":0.25}]
["S",0,11,1,0,0,7,{"$f":"IF(OR($A952=\"S\",$A952=0),0,MATCH(0,OFFSET($B952,1,$A952,ROW($A$1504)-ROW($A952)),0))","v":0},{"$f":"IF(OR($A952=\"S\",$A952=0),0,MATCH(OFFSET($B952,0,$A952)+1,OFFSET($B952,1,$A952,ROW($A$1504)-ROW($A952)),0))","v":0},"Insumo","11.1.7.","Cotação","Serv. Terc.","002","Carro de som com gravação de vinheta","Horas",3,200,"DI 1",250,750,null,{"$f":"IF(OR($A952=0,$A952=\"S\",$A952>CFF!$A$9),\"\",MAX(W$11:OFFSET(W952,-1,0))+1)","v":""},"Serv. Terc.-002",82,null,{"$f":"IF($J952=$G$2,ROUND(IF(ISNUMBER(S952),S952,IF(LEFT(S952,2)=\"DI\",HLOOKUP(S952,DADOS!$T$29:$X$30,2,FALSE),0)),4),\"\")","v":0.25}]
["S",0,11,1,0,0,8,{"$f":"IF(OR($A953=\"S\",$A953=0),0,MATCH(0,OFFSET($B953,1,$A953,ROW($A$1504)-ROW($A953)),0))","v":0},{"$f":"IF(OR($A953=\"S\",$A953=0),0,MATCH(OFFSET($B953,0,$A953)+1,OFFSET($B953,1,$A953,ROW($A$1504)-ROW($A953)),0))","v":0},"Insumo","11.1.8.","Cotação","Serv. Terc.","003","Locação de mesas","Unidade",20,3,"DI 1",3.75,75,null,{"$f":"IF(OR($A953=0,$A953=\"S\",$A953>CFF!$A$9),\"\",MAX(W$11:OFFSET(W953,-1,0))+1)","v":""},"Serv. Terc.-003",83,null,{"$f":"IF($J953=$G$2,ROUND(IF(ISNUMBER(S953),S953,IF(LEFT(S953,2)=\"DI\",HLOOKUP(S953,DADOS!$T$29:$X$30,2,FALSE),0)),4),\"\")","v":0.25}]
["S",0,11,1,0,0,9,{"$f":"IF(OR($A954=\"S\",$A954=0),0,MATCH(0,OFFSET($B954,1,$A954,ROW($A$1504)-ROW($A954)),0))","v":0},{"$f":"IF(OR($A954=\"S\",$A954=0),0,MATCH(OFFSET($B954,0,$A954)+1,OFFSET($B954,1,$A954,ROW($A$1504)-ROW($A954)),0))","v":0},"Insumo","11.1.9.","Cotação","Serv. Terc.","004","Locação de cadeiras","Unidade",400,2,"DI 1",2.5,1000,null,{"$f":"IF(OR($A954=0,$A954=\"S\",$A954>CFF!$A$9),\"\",MAX(W$11:OFFSET(W954,-1,0))+1)","v":""},"Serv. Terc.-004",84,null,{"$f":"IF($J954=$G$2,ROUND(IF(ISNUMBER(S954),S954,IF(LEFT(S954,2)=\"DI\",HLOOKUP(S954,DADOS!$T$29:$X$30,2,FALSE),0)),4),\"\")","v":0.25}]
["S",0,11,1,0,0,10,{"$f":"IF(OR($A955=\"S\",$A955=0),0,MATCH(0,OFFSET($B955,1,$A955,ROW($A$1504)-ROW($A955)),0))","v":0},{"$f":"IF(OR($A955=\"S\",$A955=0),0,MATCH(OFFSET($B955,0,$A955)+1,OFFSET($B955,1,$A955,ROW($A$1504)-ROW($A955)),0))","v":0},"Insumo","11.1.10.","Cotação","Serv. Terc.","005","Locação de caixa térmica","Unidade",2,40,"DI 1",50,100,null,{"$f":"IF(OR($A955=0,$A955=\"S\",$A955>CFF!$A$9),\"\",MAX(W$11:OFFSET(W955,-1,0))+1)","v":""},"Serv. Terc.-005",85,null,{"$f":"IF($J955=$G$2,ROUND(IF(ISNUMBER(S955),S955,IF(LEFT(S955,2)=\"DI\",HLOOKUP(S955,DADOS!$T$29:$X$30,2,FALSE),0)),4),\"\")","v":0.25}]
["S",0,11,1,0,0,11,{"$f":"IF(OR($A956=\"S\",$A956=0),0,MATCH(0,OFFSET($B956,1,$A956,ROW($A$1504)-ROW($A956)),0))","v":0},{"$f":"IF(OR($A956=\"S\",$A956=0),0,MATCH(OFFSET($B956,0,$A956)+1,OFFSET($B956,1,$A956,ROW($A$1504)-ROW($A956)),0))","v":0},"Insumo","11.1.11.","Cotação","Serv. Terc.","006",{"$f":"IF(NOT(ISERROR($Y956)),IF($Y956<>FALSE,INDEX(Banco,$Y956,5),\"\"),\"\")","v":"Locação de tendas"},"Unidade",3,250,"DI 1",312.5,937.5,null,{"$f":"IF(OR($A956=0,$A956=\"S\",$A956>CFF!$A$9),\"\",MAX(W$11:OFFSET(W956,-1,0))+1)","v":""},"Serv. Terc.-006",86,null,{"$f":"IF($J956=$G$2,ROUND(IF(ISNUMBER(S956),S956,IF(LEFT(S956,2)=\"DI\",HLOOKUP(S956,DADOS!$T$29:$X$30,2,FALSE),0)),4),\"\")","v":0.25}]
["S",0,11,1,0,0,12,{"$f":"IF(OR($A957=\"S\",$A957=0),0,MATCH(0,OFFSET($B957,1,$A957,ROW($A$1504)-ROW($A957)),0))","v":0},{"$f":"IF(OR($A957=\"S\",$A957=0),0,MATCH(OFFSET($B957,0,$A957)+1,OFFSET($B957,1,$A957,ROW($A$1504)-ROW($A957)),0))","v":0},"Insumo","11.1.12.","Cotação","Serv. Terc.","008","Locação de pula-pula com monitor","Unidade",2,220,"DI 1",275,550,null,{"$f":"IF(OR($A957=0,$A957=\"S\",$A957>CFF!$A$9),\"\",MAX(W$11:OFFSET(W957,-1,0))+1)","v":""},"Serv. Terc.-008",88,null,{"$f":"IF($J957=$G$2,ROUND(IF(ISNUMBER(S957),S957,IF(LEFT(S957,2)=\"DI\",HLOOKUP(S957,DADOS!$T$29:$X$30,2,FALSE),0)),4),\"\")","v":0.25}]
[{"$f":"CHOOSE(1+LOG(1+2*(J958=$C$2)+4*(J958=$D$2)+8*(J958=$E$2)+16*(J958=$F$2)+32*(J958=$G$2),2),0,1,2,3,4,\"S\")","v":"S"},{"$f":"IF(OR(A958=\"S\",A958=0),0,IF(ISERROR(I958),H958,SMALL(H958:I958,1)))","v":0},11,1,0,0,13,{"$f":"IF(OR($A958=\"S\",$A958=0),0,MATCH(0,OFFSET($B958,1,$A958,ROW($A$1504)-ROW($A958)),0))","v":0},{"$f":"IF(OR($A958=\"S\",$A958=0),0,MATCH(OFFSET($B958,0,$A958)+1,OFFSET($B958,1,$A958,ROW($A$1504)-ROW($A958)),0))","v":0},"Insumo",{"$f":"IF($A958=0,\"-\",CONCATENATE(C958&\".\",IF(AND($A$5>=2,$A958>=2),D958&\".\",\"\"),IF(AND($A$5>=3,$A958>=3),E958&\".\",\"\"),IF(AND($A$5>=4,$A958>=4),F958&\".\",\"\"),IF($A958=\"S\",G958&\".\",\"\")))","v":"11.1.13."},"Cotação","Serv. Terc.","012",{"$f":"IF(NOT(ISERROR($Y958)),IF($Y958<>FALSE,INDEX(Banco,$Y958,5),\"\"),\"\")","v":"Água (garrafão de 20 litros)"},"Unidade",2,10,"DI 1",12.5,25,null,{"$f":"IF(OR($A958=0,$A958=\"S\",$A958>CFF!$A$9),\"\",MAX(W$11:OFFSET(W958,-1,0))+1)","v":""},"Serv. Terc.-012",{"$f":"IF(X958<>FALSE,MATCH(X958,OFFSET(Banco,0,0,,1),0))","v":92},null,{"$f":"IF($J958=$G$2,ROUND(IF(ISNUMBER(S958),S958,IF(LEFT(S958,2)=\"DI\",HLOOKUP(S958,DADOS!$T$29:$X$30,2,FALSE),0)),4),\"\")","v":0.25}]
["S",0,11,1,0,0,14,{"$f":"IF(OR($A959=\"S\",$A959=0),0,MATCH(0,OFFSET($B959,1,$A959,ROW($A$1504)-ROW($A959)),0))","v":0},{"$f":"IF(OR($A959=\"S\",$A959=0),0,MATCH(OFFSET($B959,0,$A959)+1,OFFSET($B959,1,$A959,ROW($A$1504)-ROW($A959)),0))","v":0},"Insumo","11.1.14.","Cotação ","Serv. Terc.","011",{"$f":"IF(NOT(ISERROR($Y959)),IF($Y959<>FALSE,INDEX(Banco,$Y959,5),\"\"),\"\")","v":"Barra de gelo"},"Unidade",4,12,"DI 1",15,60,null,{"$f":"IF(OR($A959=0,$A959=\"S\",$A959>CFF!$A$9),\"\",MAX(W$11:OFFSET(W959,-1,0))+1)","v":""},"Serv. Terc.-011",91,null,{"$f":"IF($J959=$G$2,ROUND(IF(ISNUMBER(S959),S959,IF(LEFT(S959,2)=\"DI\",HLOOKUP(S959,DADOS!$T$29:$X$30,2,FALSE),0)),4),\"\")","v":0.25}]
["S",0,11,1,0,0,15,{"$f":"IF(OR($A960=\"S\",$A960=0),0,MATCH(0,OFFSET($B960,1,$A960,ROW($A$1504)-ROW($A960)),0))","v":0},{"$f":"IF(OR($A960=\"S\",$A960=0),0,MATCH(OFFSET($B960,0,$A960)+1,OFFSET($B960,1,$A960,ROW($A$1504)-ROW($A960)),0))","v":0},"Insumo","11.1.15.","Cotação","Serv. Terc.","013",{"$f":"IF(NOT(ISERROR($Y960)),IF($Y960<>FALSE,INDEX(Banco,$Y960,5),\"\"),\"\")","v":"Sucos"},"Unidade",12,6.4,"DI 1",8,96,null,{"$f":"IF(OR($A960=0,$A960=\"S\",$A960>CFF!$A$9),\"\",MAX(W$11:OFFSET(W960,-1,0))+1)","v":""},"Serv. Terc.-013",93,null,{"$f":"IF($J960=$G$2,ROUND(IF(ISNUMBER(S960),S960,IF(LEFT(S960,2)=\"DI\",HLOOKUP(S960,DADOS!$T$29:$X$30,2,FALSE),0)),4),\"\")","v":0.25}]
[{"$f":"CHOOSE(1+LOG(1+2*(J961=$C$2)+4*(J961=$D$2)+8*(J961=$E$2)+16*(J961=$F$2)+32*(J961=$G$2),2),0,1,2,3,4,\"S\")","v":"S"},{"$f":"IF(OR(A961=\"S\",A961=0),0,IF(ISERROR(I961),H961,SMALL(H961:I961,1)))","v":0},{"$f":"IF($A961=1,OFFSET(C961,-1,0)+1,OFFSET(C961,-1,0))","v":11},{"$f":"IF($A961=1,0,IF($A961=2,OFFSET(D961,-1,0)+1,OFFSET(D961,-1,0)))","v":1},{"$f":"IF(AND($A961<=2,$A961<>0),0,IF($A961=3,OFFSET(E961,-1,0)+1,OFFSET(E961,-1,0)))","v":0},{"$f":"IF(AND($A961<=3,$A961<>0),0,IF($A961=4,OFFSET(F961,-1,0)+1,OFFSET(F961,-1,0)))","v":0},{"$f":"IF(AND($A961<=4,$A961<>0),0,IF($A961=\"S\",OFFSET(G961,-1,0)+1,OFFSET(G961,-1,0)))","v":16},{"$f":"IF(OR($A961=\"S\",$A961=0),0,MATCH(0,OFFSET($B961,1,$A961,ROW($A$1504)-ROW($A961)),0))","v":0},{"$f":"IF(OR($A961=\"S\",$A961=0),0,MATCH(OFFSET($B961,0,$A961)+1,OFFSET($B961,1,$A961,ROW($A$1504)-ROW($A961)),0))","v":0},"Insumo",{"$f":"IF($A961=0,\"-\",CONCATENATE(C961&\".\",IF(AND($A$5>=2,$A961>=2),D961&\".\",\"\"),IF(AND($A$5>=3,$A961>=3),E961&\".\",\"\"),IF(AND($A$5>=4,$A961>=4),F961&\".\",\"\"),IF($A961=\"S\",G961&\".\",\"\")))","v":"11.1.16."},{"$f":"IF(NOT(ISERROR($Y961)),IF($Y961<>FALSE,INDEX(Banco,$Y961,4),\"\"),\"\")","v":"Cotação"},"Serv. Terc.","027",{"$f":"IF(NOT(ISERROR($Y961)),IF($Y961<>FALSE,INDEX(Banco,$Y961,5),\"\"),\"\")","v":"Refrigerantes (02 litros) "},{"$f":"IF(NOT(ISERROR($Y961)),IF($Y961<>FALSE,INDEX(Banco,$Y961,6),\"\"),\"\")","v":"Unidade"},20,{"$f":"IF(NOT(ISERROR($Y961)),IF($Y961<>FALSE,INDEX(Banco,$Y961,7),0),0)","v":6},"DI 1",{"$f":"IF($J961=$G$2,ROUND(ROUND($R961,2)*IF($R$9=\"Preço Unitário (R$)\",1,1+$AA961),2),0)","v":7.5},{"$f":"IF($A961=\"S\",VTOTAL1,IF($A961=0,0,ROUND(SomaAgrup,2)))","v":150},null,{"$f":"IF(OR($A961=0,$A961=\"S\",$A961>CFF!$A$9),\"\",MAX(W$11:OFFSET(W961,-1,0))+1)","v":""},{"$f":"IF(AND($J961=$G$2,$N961<>\"\",$M961<>\"\"),CONCATENATE($M961,\"-\",$N961))","v":"Serv. Terc.-027"},{"$f":"IF(X961<>FALSE,MATCH(X961,OFFSET(Banco,0,0,,1),0))","v":107},null,{"$f":"IF($J961=$G$2,ROUND(IF(ISNUMBER(S961),S961,IF(LEFT(S961,2)=\"DI\",HLOOKUP(S961,DADOS!$T$29:$X$30,2,FALSE),0)),4),\"\")","v":0.25}]
["S",0,11,1,0,0,17,{"$f":"IF(OR($A962=\"S\",$A962=0),0,MATCH(0,OFFSET($B962,1,$A962,ROW($A$1504)-ROW($A962)),0))","v":0},{"$f":"IF(OR($A962=\"S\",$A962=0),0,MATCH(OFFSET($B962,0,$A962)+1,OFFSET($B962,1,$A962,ROW($A$1504)-ROW($A962)),0))","v":0},"Insumo","11.1.17.","Cotação ","Serv. Terc.","010",{"$f":"IF(NOT(ISERROR($Y962)),IF($Y962<>FALSE,INDEX(Banco,$Y962,5),\"\"),\"\")","v":"Brindes ( descrição nos orçamentos e PTS)"},"Unidade",8,120,"DI 1",150,1200,null,{"$f":"IF(OR($A962=0,$A962=\"S\",$A962>CFF!$A$9),\"\",MAX(W$11:OFFSET(W962,-1,0))+1)","v":""},"Serv. Terc.-010",90,null,{"$f":"IF($J962=$G$2,ROUND(IF(ISNUMBER(S962),S962,IF(LEFT(S962,2)=\"DI\",HLOOKUP(S962,DADOS!$T$29:$X$30,2,FALSE),0)),4),\"\")","v":0.25}]
["S",0,11,1,0,0,18,{"$f":"IF(OR($A963=\"S\",$A963=0),0,MATCH(0,OFFSET($B963,1,$A963,ROW($A$1504)-ROW($A963)),0))","v":0},{"$f":"IF(OR($A963=\"S\",$A963=0),0,MATCH(OFFSET($B963,0,$A963)+1,OFFSET($B963,1,$A963,ROW($A$1504)-ROW($A963)),0))","v":0},"Insumo","11.1.18.","Cotação","Serv. Terc.","015","Coffee break (salgados)","Centro",15,65,"DI 1",81.25,1218.75,null,{"$f":"IF(OR($A963=0,$A963=\"S\",$A963>CFF!$A$9),\"\",MAX(W$11:OFFSET(W963,-1,0))+1)","v":""},"Serv. Terc.-015",95,null,{"$f":"IF($J963=$G$2,ROUND(IF(ISNUMBER(S963),S963,IF(LEFT(S963,2)=\"DI\",HLOOKUP(S963,DADOS!$T$29:$X$30,2,FALSE),0)),4),\"\")","v":0.25}]
[{"$f":"CHOOSE(1+LOG(1+2*(J964=$C$2)+4*(J964=$D$2)+8*(J964=$E$2)+16*(J964=$F$2)+32*(J964=$G$2),2),0,1,2,3,4,\"S\")","v":"S"},{"$f":"IF(OR(A964=\"S\",A964=0),0,IF(ISERROR(I964),H964,SMALL(H964:I964,1)))","v":0},{"$f":"IF($A964=1,OFFSET(C964,-1,0)+1,OFFSET(C964,-1,0))","v":11},{"$f":"IF($A964=1,0,IF($A964=2,OFFSET(D964,-1,0)+1,OFFSET(D964,-1,0)))","v":1},{"$f":"IF(AND($A964<=2,$A964<>0),0,IF($A964=3,OFFSET(E964,-1,0)+1,OFFSET(E964,-1,0)))","v":0},{"$f":"IF(AND($A964<=3,$A964<>0),0,IF($A964=4,OFFSET(F964,-1,0)+1,OFFSET(F964,-1,0)))","v":0},{"$f":"IF(AND($A964<=4,$A964<>0),0,IF($A964=\"S\",OFFSET(G964,-1,0)+1,OFFSET(G964,-1,0)))","v":19},{"$f":"IF(OR($A964=\"S\",$A964=0),0,MATCH(0,OFFSET($B964,1,$A964,ROW($A$1504)-ROW($A964)),0))","v":0},{"$f":"IF(OR($A964=\"S\",$A964=0),0,MATCH(OFFSET($B964,0,$A964)+1,OFFSET($B964,1,$A964,ROW($A$1504)-ROW($A964)),0))","v":0},"Insumo",{"$f":"IF($A964=0,\"-\",CONCATENATE(C964&\".\",IF(AND($A$5>=2,$A964>=2),D964&\".\",\"\"),IF(AND($A$5>=3,$A964>=3),E964&\".\",\"\"),IF(AND($A$5>=4,$A964>=4),F964&\".\",\"\"),IF($A964=\"S\",G964&\".\",\"\")))","v":"11.1.19."},{"$f":"IF(NOT(ISERROR($Y964)),IF($Y964<>FALSE,INDEX(Banco,$Y964,4),\"\"),\"\")","v":"CRESS"},"Serv. Terc.","065",{"$f":"IF(NOT(ISERROR($Y964)),IF($Y964<>FALSE,INDEX(Banco,$Y964,5),\"\"),\"\")","v":"Assistente Social com especialização em politicas sociais"},{"$f":"IF(NOT(ISERROR($Y964)),IF($Y964<>FALSE,INDEX(Banco,$Y964,6),\"\"),\"\")","v":"Horas"},6,{"$f":"IF(NOT(ISERROR($Y964)),IF($Y964<>FALSE,INDEX(Banco,$Y964,7),0),0)","v":141.75},"DI 1",{"$f":"IF($J964=$G$2,ROUND(ROUND($R964,2)*IF($R$9=\"Preço Unitário (R$)\",1,1+$AA964),2),0)","v":177.19},{"$f":"IF($A964=\"S\",VTOTAL1,IF($A964=0,0,ROUND(SomaAgrup,2)))","v":1063.1400000000001},null,{"$f":"IF(OR($A964=0,$A964=\"S\",$A964>CFF!$A$9),\"\",MAX(W$11:OFFSET(W964,-1,0))+1)","v":""},{"$f":"IF(AND($J964=$G$2,$N964<>\"\",$M964<>\"\"),CONCATENATE($M964,\"-\",$N964))","v":"Serv. Terc.-065"},{"$f":"IF(X964<>FALSE,MATCH(X964,OFFSET(Banco,0,0,,1),0))","v":145},null,{"$f":"IF($J964=$G$2,ROUND(IF(ISNUMBER(S964),S964,IF(LEFT(S964,2)=\"DI\",HLOOKUP(S964,DADOS!$T$29:$X$30,2,FALSE),0)),4),\"\")","v":0.25}]
[{"$f":"CHOOSE(1+LOG(1+2*(J965=$C$2)+4*(J965=$D$2)+8*(J965=$E$2)+16*(J965=$F$2)+32*(J965=$G$2),2),0,1,2,3,4,\"S\")","v":"S"},{"$f":"IF(OR(A965=\"S\",A965=0),0,IF(ISERROR(I965),H965,SMALL(H965:I965,1)))","v":0},{"$f":"IF($A965=1,OFFSET(C965,-1,0)+1,OFFSET(C965,-1,0))","v":11},{"$f":"IF($A965=1,0,IF($A965=2,OFFSET(D965,-1,0)+1,OFFSET(D965,-1,0)))","v":1},{"$f":"IF(AND($A965<=2,$A965<>0),0,IF($A965=3,OFFSET(E965,-1,0)+1,OFFSET(E965,-1,0)))","v":0},{"$f":"IF(AND($A965<=3,$A965<>0),0,IF($A965=4,OFFSET(F965,-1,0)+1,OFFSET(F965,-1,0)))","v":0},{"$f":"IF(AND($A965<=4,$A965<>0),0,IF($A965=\"S\",OFFSET(G965,-1,0)+1,OFFSET(G965,-1,0)))","v":20},{"$f":"IF(OR($A965=\"S\",$A965=0),0,MATCH(0,OFFSET($B965,1,$A965,ROW($A$1504)-ROW($A965)),0))","v":0},{"$f":"IF(OR($A965=\"S\",$A965=0),0,MATCH(OFFSET($B965,0,$A965)+1,OFFSET($B965,1,$A965,ROW($A$1504)-ROW($A965)),0))","v":0},"Insumo",{"$f":"IF($A965=0,\"-\",CONCATENATE(C965&\".\",IF(AND($A$5>=2,$A965>=2),D965&\".\",\"\"),IF(AND($A$5>=3,$A965>=3),E965&\".\",\"\"),IF(AND($A$5>=4,$A965>=4),F965&\".\",\"\"),IF($A965=\"S\",G965&\".\",\"\")))","v":"11.1.20."},{"$f":"IF(NOT(ISERROR($Y965)),IF($Y965<>FALSE,INDEX(Banco,$Y965,4),\"\"),\"\")","v":"Cotação"},"Rec. Materiais","020",{"$f":"IF(NOT(ISERROR($Y965)),IF($Y965<>FALSE,INDEX(Banco,$Y965,5),\"\"),\"\")","v":"Guloseimas (balas e pirulito)"},{"$f":"IF(NOT(ISERROR($Y965)),IF($Y965<>FALSE,INDEX(Banco,$Y965,6),\"\"),\"\")","v":"Pacote"},8,{"$f":"IF(NOT(ISERROR($Y965)),IF($Y965<>FALSE,INDEX(Banco,$Y965,7),0),0)","v":12},"DI 1",{"$f":"IF($J965=$G$2,ROUND(ROUND($R965,2)*IF($R$9=\"Preço Unitário (R$)\",1,1+$AA965),2),0)","v":15},{"$f":"IF($A965=\"S\",VTOTAL1,IF($A965=0,0,ROUND(SomaAgrup,2)))","v":120},null,{"$f":"IF(OR($A965=0,$A965=\"S\",$A965>CFF!$A$9),\"\",MAX(W$11:OFFSET(W965,-1,0))+1)","v":""},{"$f":"IF(AND($J965=$G$2,$N965<>\"\",$M965<>\"\"),CONCATENATE($M965,\"-\",$N965))","v":"Rec. Materiais-020"},{"$f":"IF(X965<>FALSE,MATCH(X965,OFFSET(Banco,0,0,,1),0))","v":29},null,{"$f":"IF($J965=$G$2,ROUND(IF(ISNUMBER(S965),S965,IF(LEFT(S965,2)=\"DI\",HLOOKUP(S965,DADOS!$T$29:$X$30,2,FALSE),0)),4),\"\")","v":0.25}]
[{"$f":"CHOOSE(1+LOG(1+2*(J966=$C$2)+4*(J966=$D$2)+8*(J966=$E$2)+16*(J966=$F$2)+32*(J966=$G$2),2),0,1,2,3,4,\"S\")","v":"S"},{"$f":"IF(OR(A966=\"S\",A966=0),0,IF(ISERROR(I966),H966,SMALL(H966:I966,1)))","v":0},11,1,0,0,21,{"$f":"IF(OR($A966=\"S\",$A966=0),0,MATCH(0,OFFSET($B966,1,$A966,ROW($A$1504)-ROW($A966)),0))","v":0},{"$f":"IF(OR($A966=\"S\",$A966=0),0,MATCH(OFFSET($B966,0,$A966)+1,OFFSET($B966,1,$A966,ROW($A$1504)-ROW($A966)),0))","v":0},"Insumo",{"$f":"IF($A966=0,\"-\",CONCATENATE(C966&\".\",IF(AND($A$5>=2,$A966>=2),D966&\".\",\"\"),IF(AND($A$5>=3,$A966>=3),E966&\".\",\"\"),IF(AND($A$5>=4,$A966>=4),F966&\".\",\"\"),IF($A966=\"S\",G966&\".\",\"\")))","v":"11.1.21."},"Cotação","Rec. Materiais","001","Papel A4","Resma",1,28,"DI 1",35,35,null,{"$f":"IF(OR($A966=0,$A966=\"S\",$A966>CFF!$A$9),\"\",MAX(W$11:OFFSET(W966,-1,0))+1)","v":""},"Rec. Materiais-001",{"$f":"IF(X966<>FALSE,MATCH(X966,OFFSET(Banco,0,0,,1),0))","v":10},null,{"$f":"IF($J966=$G$2,ROUND(IF(ISNUMBER(S966),S966,IF(LEFT(S966,2)=\"DI\",HLOOKUP(S966,DADOS!$T$29:$X$30,2,FALSE),0)),4),\"\")","v":0.25}]
[{"$f":"CHOOSE(1+LOG(1+2*(J967=$C$2)+4*(J967=$D$2)+8*(J967=$E$2)+16*(J967=$F$2)+32*(J967=$G$2),2),0,1,2,3,4,\"S\")","v":"S"},{"$f":"IF(OR(A967=\"S\",A967=0),0,IF(ISERROR(I967),H967,SMALL(H967:I967,1)))","v":0},11,1,0,0,22,{"$f":"IF(OR($A967=\"S\",$A967=0),0,MATCH(0,OFFSET($B967,1,$A967,ROW($A$1504)-ROW($A967)),0))","v":0},{"$f":"IF(OR($A967=\"S\",$A967=0),0,MATCH(OFFSET($B967,0,$A967)+1,OFFSET($B967,1,$A967,ROW($A$1504)-ROW($A967)),0))","v":0},"Insumo",{"$f":"IF($A967=0,\"-\",CONCATENATE(C967&\".\",IF(AND($A$5>=2,$A967>=2),D967&\".\",\"\"),IF(AND($A$5>=3,$A967>=3),E967&\".\",\"\"),IF(AND($A$5>=4,$A967>=4),F967&\".\",\"\"),IF($A967=\"S\",G967&\".\",\"\")))","v":"11.1.22."},"Cotação","Rec. Materiais","002","Toner para impressora","Unidade",4,180,"DI 1",225,900,null,{"$f":"IF(OR($A967=0,$A967=\"S\",$A967>CFF!$A$9),\"\",MAX(W$11:OFFSET(W967,-1,0))+1)","v":""},"Rec. Materiais-002",{"$f":"IF(X967<>FALSE,MATCH(X967,OFFSET(Banco,0,0,,1),0))","v":11},null,{"$f":"IF($J967=$G$2,ROUND(IF(ISNUMBER(S967),S967,IF(LEFT(S967,2)=\"DI\",HLOOKUP(S967,DADOS!$T$29:$X$30,2,FALSE),0)),4),\"\")","v":0.25}]
[{"$f":"CHOOSE(1+LOG(1+2*(J968=$C$2)+4*(J968=$D$2)+8*(J968=$E$2)+16*(J968=$F$2)+32*(J968=$G$2),2),0,1,2,3,4,\"S\")","v":"S"},{"$f":"IF(OR(A968=\"S\",A968=0),0,IF(ISERROR(I968),H968,SMALL(H968:I968,1)))","v":0},11,1,0,0,23,{"$f":"IF(OR($A968=\"S\",$A968=0),0,MATCH(0,OFFSET($B968,1,$A968,ROW($A$1504)-ROW($A968)),0))","v":0},{"$f":"IF(OR($A968=\"S\",$A968=0),0,MATCH(OFFSET($B968,0,$A968)+1,OFFSET($B968,1,$A968,ROW($A$1504)-ROW($A968)),0))","v":0},"Insumo",{"$f":"IF($A968=0,\"-\",CONCATENATE(C968&\".\",IF(AND($A$5>=2,$A968>=2),D968&\".\",\"\"),IF(AND($A$5>=3,$A968>=3),E968&\".\",\"\"),IF(AND($A$5>=4,$A968>=4),F968&\".\",\"\"),IF($A968=\"S\",G968&\".\",\"\")))","v":"11.1.23."},"Cotação","Rec. Materiais","019","Copos descartáveis (2500 unidades)","Caixa",1,77.400000000000006,"DI 1",96.75,96.75,null,{"$f":"IF(OR($A968=0,$A968=\"S\",$A968>CFF!$A$9),\"\",MAX(W$11:OFFSET(W968,-1,0))+1)","v":""},"Rec. Materiais-019",{"$f":"IF(X968<>FALSE,MATCH(X968,OFFSET(Banco,0,0,,1),0))","v":28},null,{"$f":"IF($J968=$G$2,ROUND(IF(ISNUMBER(S968),S968,IF(LEFT(S968,2)=\"DI\",HLOOKUP(S968,DADOS!$T$29:$X$30,2,FALSE),0)),4),\"\")","v":0.25}]
["S",0,11,1,0,0,24,{"$f":"IF(OR($A969=\"S\",$A969=0),0,MATCH(0,OFFSET($B969,1,$A969,ROW($A$1504)-ROW($A969)),0))","v":0},{"$f":"IF(OR($A969=\"S\",$A969=0),0,MATCH(OFFSET($B969,0,$A969)+1,OFFSET($B969,1,$A969,ROW($A$1504)-ROW($A969)),0))","v":0},"Insumo","11.1.24.","Cotação","Rec. Materiais","021","Papel de presente","Folhas",16,1.5,"DI 1",1.88,30.08,null,{"$f":"IF(OR($A969=0,$A969=\"S\",$A969>CFF!$A$9),\"\",MAX(W$11:OFFSET(W969,-1,0))+1)","v":""},"Rec. Materiais-021",30,null,{"$f":"IF($J969=$G$2,ROUND(IF(ISNUMBER(S969),S969,IF(LEFT(S969,2)=\"DI\",HLOOKUP(S969,DADOS!$T$29:$X$30,2,FALSE),0)),4),\"\")","v":0.25}]
["S",0,11,1,0,0,25,{"$f":"IF(OR($A970=\"S\",$A970=0),0,MATCH(0,OFFSET($B970,1,$A970,ROW($A$1504)-ROW($A970)),0))","v":0},{"$f":"IF(OR($A970=\"S\",$A970=0),0,MATCH(OFFSET($B970,0,$A970)+1,OFFSET($B970,1,$A970,ROW($A$1504)-ROW($A970)),0))","v":0},"Insumo","11.1.25.","Cotação","Rec. Materiais","026","Saco de lixo (100 litros)","Pacote",2,15,"DI 1",18.75,37.5,null,{"$f":"IF(OR($A970=0,$A970=\"S\",$A970>CFF!$A$9),\"\",MAX(W$11:OFFSET(W970,-1,0))+1)","v":""},"Rec. Materiais-026",35,null,{"$f":"IF($J970=$G$2,ROUND(IF(ISNUMBER(S970),S970,IF(LEFT(S970,2)=\"DI\",HLOOKUP(S970,DADOS!$T$29:$X$30,2,FALSE),0)),4),\"\")","v":0.25}]
[{"$f":"CHOOSE(1+LOG(1+2*(J971=$C$2)+4*(J971=$D$2)+8*(J971=$E$2)+16*(J971=$F$2)+32*(J971=$G$2),2),0,1,2,3,4,\"S\")","v":2},{"$f":"IF(OR(A971=\"S\",A971=0),0,IF(ISERROR(I971),H971,SMALL(H971:I971,1)))","v":3},{"$f":"IF($A971=1,OFFSET(C971,-1,0)+1,OFFSET(C971,-1,0))","v":11},{"$f":"IF($A971=1,0,IF($A971=2,OFFSET(D971,-1,0)+1,OFFSET(D971,-1,0)))","v":2},{"$f":"IF(AND($A971<=2,$A971<>0),0,IF($A971=3,OFFSET(E971,-1,0)+1,OFFSET(E971,-1,0)))","v":0},{"$f":"IF(AND($A971<=3,$A971<>0),0,IF($A971=4,OFFSET(F971,-1,0)+1,OFFSET(F971,-1,0)))","v":0},{"$f":"IF(AND($A971<=4,$A971<>0),0,IF($A971=\"S\",OFFSET(G971,-1,0)+1,OFFSET(G971,-1,0)))","v":0},{"$f":"IF(OR($A971=\"S\",$A971=0),0,MATCH(0,OFFSET($B971,1,$A971,ROW($A$1504)-ROW($A971)),0))","v":56},{"$f":"IF(OR($A971=\"S\",$A971=0),0,MATCH(OFFSET($B971,0,$A971)+1,OFFSET($B971,1,$A971,ROW($A$1504)-ROW($A971)),0))","v":3},"AtivNível 1",{"$f":"IF($A971=0,\"-\",CONCATENATE(C971&\".\",IF(AND($A$5>=2,$A971>=2),D971&\".\",\"\"),IF(AND($A$5>=3,$A971>=3),E971&\".\",\"\"),IF(AND($A$5>=4,$A971>=4),F971&\".\",\"\"),IF($A971=\"S\",G971&\".\",\"\")))","v":"11.2."},{"$f":"IF(NOT(ISERROR($Y971)),IF($Y971<>FALSE,INDEX(Banco,$Y971,4),\"\"),\"\")","v":""},null,null,"Atividade 73 - Plantão Social região Parque São João",{"$f":"IF(NOT(ISERROR($Y971)),IF($Y971<>FALSE,INDEX(Banco,$Y971,6),\"\"),\"\")","v":""},null,{"$f":"IF(NOT(ISERROR($Y971)),IF($Y971<>FALSE,INDEX(Banco,$Y971,7),0),0)","v":0},"DI 1",{"$f":"IF($J971=$G$2,ROUND(ROUND($R971,2)*IF($R$9=\"Preço Unitário (R$)\",1,1+$AA971),2),0)","v":0},{"$f":"IF($A971=\"S\",VTOTAL1,IF($A971=0,0,ROUND(SomaAgrup,2)))","v":3427.56},null,{"$f":"IF(OR($A971=0,$A971=\"S\",$A971>CFF!$A$9),\"\",MAX(W$11:OFFSET(W971,-1,0))+1)","v":84},{"$f":"IF(AND($J971=$G$2,$N971<>\"\",$M971<>\"\"),CONCATENATE($M971,\"-\",$N971))","v":false},{"$f":"IF(X971<>FALSE,MATCH(X971,OFFSET(Banco,0,0,,1),0))","v":false},null,{"$f":"IF($J971=$G$2,ROUND(IF(ISNUMBER(S971),S971,IF(LEFT(S971,2)=\"DI\",HLOOKUP(S971,DADOS!$T$29:$X$30,2,FALSE),0)),4),\"\")","v":""}]
[{"$f":"CHOOSE(1+LOG(1+2*(J972=$C$2)+4*(J972=$D$2)+8*(J972=$E$2)+16*(J972=$F$2)+32*(J972=$G$2),2),0,1,2,3,4,\"S\")","v":"S"},{"$f":"IF(OR(A972=\"S\",A972=0),0,IF(ISERROR(I972),H972,SMALL(H972:I972,1)))","v":0},{"$f":"IF($A972=1,OFFSET(C972,-1,0)+1,OFFSET(C972,-1,0))","v":11},{"$f":"IF($A972=1,0,IF($A972=2,OFFSET(D972,-1,0)+1,OFFSET(D972,-1,0)))","v":2},{"$f":"IF(AND($A972<=2,$A972<>0),0,IF($A972=3,OFFSET(E972,-1,0)+1,OFFSET(E972,-1,0)))","v":0},{"$f":"IF(AND($A972<=3,$A972<>0),0,IF($A972=4,OFFSET(F972,-1,0)+1,OFFSET(F972,-1,0)))","v":0},{"$f":"IF(AND($A972<=4,$A972<>0),0,IF($A972=\"S\",OFFSET(G972,-1,0)+1,OFFSET(G972,-1,0)))","v":1},{"$f":"IF(OR($A972=\"S\",$A972=0),0,MATCH(0,OFFSET($B972,1,$A972,ROW($A$1504)-ROW($A972)),0))","v":0},{"$f":"IF(OR($A972=\"S\",$A972=0),0,MATCH(OFFSET($B972,0,$A972)+1,OFFSET($B972,1,$A972,ROW($A$1504)-ROW($A972)),0))","v":0},"Insumo",{"$f":"IF($A972=0,\"-\",CONCATENATE(C972&\".\",IF(AND($A$5>=2,$A972>=2),D972&\".\",\"\"),IF(AND($A$5>=3,$A972>=3),E972&\".\",\"\"),IF(AND($A$5>=4,$A972>=4),F972&\".\",\"\"),IF($A972=\"S\",G972&\".\",\"\")))","v":"11.2.1."},{"$f":"IF(NOT(ISERROR($Y972)),IF($Y972<>FALSE,INDEX(Banco,$Y972,4),\"\"),\"\")","v":"CRESS"},"Rec. Humanos","001",{"$f":"IF(NOT(ISERROR($Y972)),IF($Y972<>FALSE,INDEX(Banco,$Y972,5),\"\"),\"\")","v":"Responsável Técnica"},{"$f":"IF(NOT(ISERROR($Y972)),IF($Y972<>FALSE,INDEX(Banco,$Y972,6),\"\"),\"\")","v":"Horas"},4,{"$f":"IF(NOT(ISERROR($Y972)),IF($Y972<>FALSE,INDEX(Banco,$Y972,7),0),0)","v":150.28},"DI 1",{"$f":"IF($J972=$G$2,ROUND(ROUND($R972,2)*IF($R$9=\"Preço Unitário (R$)\",1,1+$AA972),2),0)","v":187.85},{"$f":"IF($A972=\"S\",VTOTAL1,IF($A972=0,0,ROUND(SomaAgrup,2)))","v":751.4},null,{"$f":"IF(OR($A972=0,$A972=\"S\",$A972>CFF!$A$9),\"\",MAX(W$11:OFFSET(W972,-1,0))+1)","v":""},{"$f":"IF(AND($J972=$G$2,$N972<>\"\",$M972<>\"\"),CONCATENATE($M972,\"-\",$N972))","v":"Rec. Humanos-001"},{"$f":"IF(X972<>FALSE,MATCH(X972,OFFSET(Banco,0,0,,1),0))","v":3},null,{"$f":"IF($J972=$G$2,ROUND(IF(ISNUMBER(S972),S972,IF(LEFT(S972,2)=\"DI\",HLOOKUP(S972,DADOS!$T$29:$X$30,2,FALSE),0)),4),\"\")","v":0.25}]
["S",0,11,2,0,0,2,{"$f":"IF(OR($A973=\"S\",$A973=0),0,MATCH(0,OFFSET($B973,1,$A973,ROW($A$1504)-ROW($A973)),0))","v":0},{"$f":"IF(OR($A973=\"S\",$A973=0),0,MATCH(OFFSET($B973,0,$A973)+1,OFFSET($B973,1,$A973,ROW($A$1504)-ROW($A973)),0))","v":0},"Insumo","11.2.2.","CRESS","Rec. Humanos","002",{"$f":"IF(NOT(ISERROR($Y973)),IF($Y973<>FALSE,INDEX(Banco,$Y973,5),\"\"),\"\")","v":"Assistente Social"},"Horas",16,133.81,"DI 1",167.26,2676.16,null,{"$f":"IF(OR($A973=0,$A973=\"S\",$A973>CFF!$A$9),\"\",MAX(W$11:OFFSET(W973,-1,0))+1)","v":""},"Rec. Humanos-002",4,null,{"$f":"IF($J973=$G$2,ROUND(IF(ISNUMBER(S973),S973,IF(LEFT(S973,2)=\"DI\",HLOOKUP(S973,DADOS!$T$29:$X$30,2,FALSE),0)),4),\"\")","v":0.25}]
[{"$f":"CHOOSE(1+LOG(1+2*(J974=$C$2)+4*(J974=$D$2)+8*(J974=$E$2)+16*(J974=$F$2)+32*(J974=$G$2),2),0,1,2,3,4,\"S\")","v":2},{"$f":"IF(OR(A974=\"S\",A974=0),0,IF(ISERROR(I974),H974,SMALL(H974:I974,1)))","v":19},{"$f":"IF($A974=1,OFFSET(C974,-1,0)+1,OFFSET(C974,-1,0))","v":11},{"$f":"IF($A974=1,0,IF($A974=2,OFFSET(D974,-1,0)+1,OFFSET(D974,-1,0)))","v":3},{"$f":"IF(AND($A974<=2,$A974<>0),0,IF($A974=3,OFFSET(E974,-1,0)+1,OFFSET(E974,-1,0)))","v":0},{"$f":"IF(AND($A974<=3,$A974<>0),0,IF($A974=4,OFFSET(F974,-1,0)+1,OFFSET(F974,-1,0)))","v":0},{"$f":"IF(AND($A974<=4,$A974<>0),0,IF($A974=\"S\",OFFSET(G974,-1,0)+1,OFFSET(G974,-1,0)))","v":0},{"$f":"IF(OR($A974=\"S\",$A974=0),0,MATCH(0,OFFSET($B974,1,$A974,ROW($A$1504)-ROW($A974)),0))","v":53},{"$f":"IF(OR($A974=\"S\",$A974=0),0,MATCH(OFFSET($B974,0,$A974)+1,OFFSET($B974,1,$A974,ROW($A$1504)-ROW($A974)),0))","v":19},"AtivNível 1",{"$f":"IF($A974=0,\"-\",CONCATENATE(C974&\".\",IF(AND($A$5>=2,$A974>=2),D974&\".\",\"\"),IF(AND($A$5>=3,$A974>=3),E974&\".\",\"\"),IF(AND($A$5>=4,$A974>=4),F974&\".\",\"\"),IF($A974=\"S\",G974&\".\",\"\")))","v":"11.3."},{"$f":"IF(NOT(ISERROR($Y974)),IF($Y974<>FALSE,INDEX(Banco,$Y974,4),\"\"),\"\")","v":""},null,null,"Ativivade 74 - Palestra: Cidadania direitos e igualdades região Jardim Ikaraí",{"$f":"IF(NOT(ISERROR($Y974)),IF($Y974<>FALSE,INDEX(Banco,$Y974,6),\"\"),\"\")","v":""},null,{"$f":"IF(NOT(ISERROR($Y974)),IF($Y974<>FALSE,INDEX(Banco,$Y974,7),0),0)","v":0},"DI 1",{"$f":"IF($J974=$G$2,ROUND(ROUND($R974,2)*IF($R$9=\"Preço Unitário (R$)\",1,1+$AA974),2),0)","v":0},{"$f":"IF($A974=\"S\",VTOTAL1,IF($A974=0,0,ROUND(SomaAgrup,2)))","v":9846.75},null,{"$f":"IF(OR($A974=0,$A974=\"S\",$A974>CFF!$A$9),\"\",MAX(W$11:OFFSET(W974,-1,0))+1)","v":85},{"$f":"IF(AND($J974=$G$2,$N974<>\"\",$M974<>\"\"),CONCATENATE($M974,\"-\",$N974))","v":false},{"$f":"IF(X974<>FALSE,MATCH(X974,OFFSET(Banco,0,0,,1),0))","v":false},null,{"$f":"IF($J974=$G$2,ROUND(IF(ISNUMBER(S974),S974,IF(LEFT(S974,2)=\"DI\",HLOOKUP(S974,DADOS!$T$29:$X$30,2,FALSE),0)),4),\"\")","v":""}]
["S",0,11,3,0,0,1,{"$f":"IF(OR($A975=\"S\",$A975=0),0,MATCH(0,OFFSET($B975,1,$A975,ROW($A$1504)-ROW($A975)),0))","v":0},{"$f":"IF(OR($A975=\"S\",$A975=0),0,MATCH(OFFSET($B975,0,$A975)+1,OFFSET($B975,1,$A975,ROW($A$1504)-ROW($A975)),0))","v":0},"Insumo","11.3.1.","CRESS","Rec. Humanos","001",{"$f":"IF(NOT(ISERROR($Y975)),IF($Y975<>FALSE,INDEX(Banco,$Y975,5),\"\"),\"\")","v":"Responsável Técnica"},"Horas",12,150.28,"DI 1",187.85,2254.1999999999998,null,{"$f":"IF(OR($A975=0,$A975=\"S\",$A975>CFF!$A$9),\"\",MAX(W$11:OFFSET(W975,-1,0))+1)","v":""},"Rec. Humanos-001",3,null,{"$f":"IF($J975=$G$2,ROUND(IF(ISNUMBER(S975),S975,IF(LEFT(S975,2)=\"DI\",HLOOKUP(S975,DADOS!$T$29:$X$30,2,FALSE),0)),4),\"\")","v":0.25}]
["S",0,11,3,0,0,2,{"$f":"IF(OR($A976=\"S\",$A976=0),0,MATCH(0,OFFSET($B976,1,$A976,ROW($A$1504)-ROW($A976)),0))","v":0},{"$f":"IF(OR($A976=\"S\",$A976=0),0,MATCH(OFFSET($B976,0,$A976)+1,OFFSET($B976,1,$A976,ROW($A$1504)-ROW($A976)),0))","v":0},"Insumo","11.3.2.","CRESS","Rec. Humanos","002",{"$f":"IF(NOT(ISERROR($Y976)),IF($Y976<>FALSE,INDEX(Banco,$Y976,5),\"\"),\"\")","v":"Assistente Social"},"Horas",10,133.81,"DI 1",167.26,1672.6,null,{"$f":"IF(OR($A976=0,$A976=\"S\",$A976>CFF!$A$9),\"\",MAX(W$11:OFFSET(W976,-1,0))+1)","v":""},"Rec. Humanos-002",4,null,{"$f":"IF($J976=$G$2,ROUND(IF(ISNUMBER(S976),S976,IF(LEFT(S976,2)=\"DI\",HLOOKUP(S976,DADOS!$T$29:$X$30,2,FALSE),0)),4),\"\")","v":0.25}]
[{"$f":"CHOOSE(1+LOG(1+2*(J977=$C$2)+4*(J977=$D$2)+8*(J977=$E$2)+16*(J977=$F$2)+32*(J977=$G$2),2),0,1,2,3,4,\"S\")","v":"S"},{"$f":"IF(OR(A977=\"S\",A977=0),0,IF(ISERROR(I977),H977,SMALL(H977:I977,1)))","v":0},{"$f":"IF($A977=1,OFFSET(C977,-1,0)+1,OFFSET(C977,-1,0))","v":11},{"$f":"IF($A977=1,0,IF($A977=2,OFFSET(D977,-1,0)+1,OFFSET(D977,-1,0)))","v":3},{"$f":"IF(AND($A977<=2,$A977<>0),0,IF($A977=3,OFFSET(E977,-1,0)+1,OFFSET(E977,-1,0)))","v":0},{"$f":"IF(AND($A977<=3,$A977<>0),0,IF($A977=4,OFFSET(F977,-1,0)+1,OFFSET(F977,-1,0)))","v":0},{"$f":"IF(AND($A977<=4,$A977<>0),0,IF($A977=\"S\",OFFSET(G977,-1,0)+1,OFFSET(G977,-1,0)))","v":3},{"$f":"IF(OR($A977=\"S\",$A977=0),0,MATCH(0,OFFSET($B977,1,$A977,ROW($A$1504)-ROW($A977)),0))","v":0},{"$f":"IF(OR($A977=\"S\",$A977=0),0,MATCH(OFFSET($B977,0,$A977)+1,OFFSET($B977,1,$A977,ROW($A$1504)-ROW($A977)),0))","v":0},"Insumo",{"$f":"IF($A977=0,\"-\",CONCATENATE(C977&\".\",IF(AND($A$5>=2,$A977>=2),D977&\".\",\"\"),IF(AND($A$5>=3,$A977>=3),E977&\".\",\"\"),IF(AND($A$5>=4,$A977>=4),F977&\".\",\"\"),IF($A977=\"S\",G977&\".\",\"\")))","v":"11.3.3."},{"$f":"IF(NOT(ISERROR($Y977)),IF($Y977<>FALSE,INDEX(Banco,$Y977,4),\"\"),\"\")","v":"Cotação"},"Rec. Humanos","003",{"$f":"IF(NOT(ISERROR($Y977)),IF($Y977<>FALSE,INDEX(Banco,$Y977,5),\"\"),\"\")","v":"Administrador (Técnico de Apoio) "},{"$f":"IF(NOT(ISERROR($Y977)),IF($Y977<>FALSE,INDEX(Banco,$Y977,6),\"\"),\"\")","v":"Horas"},4,{"$f":"IF(NOT(ISERROR($Y977)),IF($Y977<>FALSE,INDEX(Banco,$Y977,7),0),0)","v":103.65},"DI 1",{"$f":"IF($J977=$G$2,ROUND(ROUND($R977,2)*IF($R$9=\"Preço Unitário (R$)\",1,1+$AA977),2),0)","v":129.56},{"$f":"IF($A977=\"S\",VTOTAL1,IF($A977=0,0,ROUND(SomaAgrup,2)))","v":518.24},null,{"$f":"IF(OR($A977=0,$A977=\"S\",$A977>CFF!$A$9),\"\",MAX(W$11:OFFSET(W977,-1,0))+1)","v":""},{"$f":"IF(AND($J977=$G$2,$N977<>\"\",$M977<>\"\"),CONCATENATE($M977,\"-\",$N977))","v":"Rec. Humanos-003"},{"$f":"IF(X977<>FALSE,MATCH(X977,OFFSET(Banco,0,0,,1),0))","v":5},null,{"$f":"IF($J977=$G$2,ROUND(IF(ISNUMBER(S977),S977,IF(LEFT(S977,2)=\"DI\",HLOOKUP(S977,DADOS!$T$29:$X$30,2,FALSE),0)),4),\"\")","v":0.25}]
["S",0,11,3,0,0,4,{"$f":"IF(OR($A978=\"S\",$A978=0),0,MATCH(0,OFFSET($B978,1,$A978,ROW($A$1504)-ROW($A978)),0))","v":0},{"$f":"IF(OR($A978=\"S\",$A978=0),0,MATCH(OFFSET($B978,0,$A978)+1,OFFSET($B978,1,$A978,ROW($A$1504)-ROW($A978)),0))","v":0},"Insumo","11.3.4.","SINE","Rec. Humanos","004","Estagiários","Horas",22,9.7899999999999991,"DI 1",12.24,269.27999999999997,null,{"$f":"IF(OR($A978=0,$A978=\"S\",$A978>CFF!$A$9),\"\",MAX(W$11:OFFSET(W978,-1,0))+1)","v":""},"Rec. Humanos-004",6,null,{"$f":"IF($J978=$G$2,ROUND(IF(ISNUMBER(S978),S978,IF(LEFT(S978,2)=\"DI\",HLOOKUP(S978,DADOS!$T$29:$X$30,2,FALSE),0)),4),\"\")","v":0.25}]
["S",0,11,3,0,0,5,{"$f":"IF(OR($A979=\"S\",$A979=0),0,MATCH(0,OFFSET($B979,1,$A979,ROW($A$1504)-ROW($A979)),0))","v":0},{"$f":"IF(OR($A979=\"S\",$A979=0),0,MATCH(OFFSET($B979,0,$A979)+1,OFFSET($B979,1,$A979,ROW($A$1504)-ROW($A979)),0))","v":0},"Insumo","11.3.5.","Cotação","Serv. Terc.","001","Fotocópias","Unidade",150,0.3,"DI 1",0.38,57,null,{"$f":"IF(OR($A979=0,$A979=\"S\",$A979>CFF!$A$9),\"\",MAX(W$11:OFFSET(W979,-1,0))+1)","v":""},"Serv. Terc.-001",81,null,{"$f":"IF($J979=$G$2,ROUND(IF(ISNUMBER(S979),S979,IF(LEFT(S979,2)=\"DI\",HLOOKUP(S979,DADOS!$T$29:$X$30,2,FALSE),0)),4),\"\")","v":0.25}]
[{"$f":"CHOOSE(1+LOG(1+2*(J980=$C$2)+4*(J980=$D$2)+8*(J980=$E$2)+16*(J980=$F$2)+32*(J980=$G$2),2),0,1,2,3,4,\"S\")","v":"S"},{"$f":"IF(OR(A980=\"S\",A980=0),0,IF(ISERROR(I980),H980,SMALL(H980:I980,1)))","v":0},{"$f":"IF($A980=1,OFFSET(C980,-1,0)+1,OFFSET(C980,-1,0))","v":11},{"$f":"IF($A980=1,0,IF($A980=2,OFFSET(D980,-1,0)+1,OFFSET(D980,-1,0)))","v":3},{"$f":"IF(AND($A980<=2,$A980<>0),0,IF($A980=3,OFFSET(E980,-1,0)+1,OFFSET(E980,-1,0)))","v":0},{"$f":"IF(AND($A980<=3,$A980<>0),0,IF($A980=4,OFFSET(F980,-1,0)+1,OFFSET(F980,-1,0)))","v":0},{"$f":"IF(AND($A980<=4,$A980<>0),0,IF($A980=\"S\",OFFSET(G980,-1,0)+1,OFFSET(G980,-1,0)))","v":6},{"$f":"IF(OR($A980=\"S\",$A980=0),0,MATCH(0,OFFSET($B980,1,$A980,ROW($A$1504)-ROW($A980)),0))","v":0},{"$f":"IF(OR($A980=\"S\",$A980=0),0,MATCH(OFFSET($B980,0,$A980)+1,OFFSET($B980,1,$A980,ROW($A$1504)-ROW($A980)),0))","v":0},"Insumo",{"$f":"IF($A980=0,\"-\",CONCATENATE(C980&\".\",IF(AND($A$5>=2,$A980>=2),D980&\".\",\"\"),IF(AND($A$5>=3,$A980>=3),E980&\".\",\"\"),IF(AND($A$5>=4,$A980>=4),F980&\".\",\"\"),IF($A980=\"S\",G980&\".\",\"\")))","v":"11.3.6."},{"$f":"IF(NOT(ISERROR($Y980)),IF($Y980<>FALSE,INDEX(Banco,$Y980,4),\"\"),\"\")","v":"Cotação"},"Serv. Terc.","017",{"$f":"IF(NOT(ISERROR($Y980)),IF($Y980<>FALSE,INDEX(Banco,$Y980,5),\"\"),\"\")","v":"Instrutor/Monitor (Educação Fisíca)"},{"$f":"IF(NOT(ISERROR($Y980)),IF($Y980<>FALSE,INDEX(Banco,$Y980,6),\"\"),\"\")","v":"Horas"},3,{"$f":"IF(NOT(ISERROR($Y980)),IF($Y980<>FALSE,INDEX(Banco,$Y980,7),0),0)","v":100},"DI 1",{"$f":"IF($J980=$G$2,ROUND(ROUND($R980,2)*IF($R$9=\"Preço Unitário (R$)\",1,1+$AA980),2),0)","v":125},{"$f":"IF($A980=\"S\",VTOTAL1,IF($A980=0,0,ROUND(SomaAgrup,2)))","v":375},null,{"$f":"IF(OR($A980=0,$A980=\"S\",$A980>CFF!$A$9),\"\",MAX(W$11:OFFSET(W980,-1,0))+1)","v":""},{"$f":"IF(AND($J980=$G$2,$N980<>\"\",$M980<>\"\"),CONCATENATE($M980,\"-\",$N980))","v":"Serv. Terc.-017"},{"$f":"IF(X980<>FALSE,MATCH(X980,OFFSET(Banco,0,0,,1),0))","v":97},null,{"$f":"IF($J980=$G$2,ROUND(IF(ISNUMBER(S980),S980,IF(LEFT(S980,2)=\"DI\",HLOOKUP(S980,DADOS!$T$29:$X$30,2,FALSE),0)),4),\"\")","v":0.25}]
["S",0,11,3,0,0,7,{"$f":"IF(OR($A981=\"S\",$A981=0),0,MATCH(0,OFFSET($B981,1,$A981,ROW($A$1504)-ROW($A981)),0))","v":0},{"$f":"IF(OR($A981=\"S\",$A981=0),0,MATCH(OFFSET($B981,0,$A981)+1,OFFSET($B981,1,$A981,ROW($A$1504)-ROW($A981)),0))","v":0},"Insumo","11.3.7.","Cotação","Serv. Terc.","002","Carro de som com gravação de vinheta","Horas",3,200,"DI 1",250,750,null,{"$f":"IF(OR($A981=0,$A981=\"S\",$A981>CFF!$A$9),\"\",MAX(W$11:OFFSET(W981,-1,0))+1)","v":""},"Serv. Terc.-002",82,null,{"$f":"IF($J981=$G$2,ROUND(IF(ISNUMBER(S981),S981,IF(LEFT(S981,2)=\"DI\",HLOOKUP(S981,DADOS!$T$29:$X$30,2,FALSE),0)),4),\"\")","v":0.25}]
["S",0,11,3,0,0,8,{"$f":"IF(OR($A982=\"S\",$A982=0),0,MATCH(0,OFFSET($B982,1,$A982,ROW($A$1504)-ROW($A982)),0))","v":0},{"$f":"IF(OR($A982=\"S\",$A982=0),0,MATCH(OFFSET($B982,0,$A982)+1,OFFSET($B982,1,$A982,ROW($A$1504)-ROW($A982)),0))","v":0},"Insumo","11.3.8.","Cotação","Serv. Terc.","005","Locação de caixa térmica","Unidade",2,40,"DI 1",50,100,null,{"$f":"IF(OR($A982=0,$A982=\"S\",$A982>CFF!$A$9),\"\",MAX(W$11:OFFSET(W982,-1,0))+1)","v":""},"Serv. Terc.-005",85,null,{"$f":"IF($J982=$G$2,ROUND(IF(ISNUMBER(S982),S982,IF(LEFT(S982,2)=\"DI\",HLOOKUP(S982,DADOS!$T$29:$X$30,2,FALSE),0)),4),\"\")","v":0.25}]
[{"$f":"CHOOSE(1+LOG(1+2*(J983=$C$2)+4*(J983=$D$2)+8*(J983=$E$2)+16*(J983=$F$2)+32*(J983=$G$2),2),0,1,2,3,4,\"S\")","v":"S"},{"$f":"IF(OR(A983=\"S\",A983=0),0,IF(ISERROR(I983),H983,SMALL(H983:I983,1)))","v":0},11,3,0,0,9,{"$f":"IF(OR($A983=\"S\",$A983=0),0,MATCH(0,OFFSET($B983,1,$A983,ROW($A$1504)-ROW($A983)),0))","v":0},{"$f":"IF(OR($A983=\"S\",$A983=0),0,MATCH(OFFSET($B983,0,$A983)+1,OFFSET($B983,1,$A983,ROW($A$1504)-ROW($A983)),0))","v":0},"Insumo",{"$f":"IF($A983=0,\"-\",CONCATENATE(C983&\".\",IF(AND($A$5>=2,$A983>=2),D983&\".\",\"\"),IF(AND($A$5>=3,$A983>=3),E983&\".\",\"\"),IF(AND($A$5>=4,$A983>=4),F983&\".\",\"\"),IF($A983=\"S\",G983&\".\",\"\")))","v":"11.3.9."},"Cotação","Serv. Terc.","008","Locação de pula-pula com monitor","Unidade",2,220,"DI 1",275,550,null,{"$f":"IF(OR($A983=0,$A983=\"S\",$A983>CFF!$A$9),\"\",MAX(W$11:OFFSET(W983,-1,0))+1)","v":""},"Serv. Terc.-008",{"$f":"IF(X983<>FALSE,MATCH(X983,OFFSET(Banco,0,0,,1),0))","v":88},null,{"$f":"IF($J983=$G$2,ROUND(IF(ISNUMBER(S983),S983,IF(LEFT(S983,2)=\"DI\",HLOOKUP(S983,DADOS!$T$29:$X$30,2,FALSE),0)),4),\"\")","v":0.25}]
["S",0,11,3,0,0,10,{"$f":"IF(OR($A984=\"S\",$A984=0),0,MATCH(0,OFFSET($B984,1,$A984,ROW($A$1504)-ROW($A984)),0))","v":0},{"$f":"IF(OR($A984=\"S\",$A984=0),0,MATCH(OFFSET($B984,0,$A984)+1,OFFSET($B984,1,$A984,ROW($A$1504)-ROW($A984)),0))","v":0},"Insumo","11.3.10.","Cotação ","Serv. Terc.","011","Barra de gelo","Unidade",4,12,"DI 1",15,60,null,{"$f":"IF(OR($A984=0,$A984=\"S\",$A984>CFF!$A$9),\"\",MAX(W$11:OFFSET(W984,-1,0))+1)","v":""},"Serv. Terc.-011",91,null,{"$f":"IF($J984=$G$2,ROUND(IF(ISNUMBER(S984),S984,IF(LEFT(S984,2)=\"DI\",HLOOKUP(S984,DADOS!$T$29:$X$30,2,FALSE),0)),4),\"\")","v":0.25}]
["S",0,11,3,0,0,11,{"$f":"IF(OR($A985=\"S\",$A985=0),0,MATCH(0,OFFSET($B985,1,$A985,ROW($A$1504)-ROW($A985)),0))","v":0},{"$f":"IF(OR($A985=\"S\",$A985=0),0,MATCH(OFFSET($B985,0,$A985)+1,OFFSET($B985,1,$A985,ROW($A$1504)-ROW($A985)),0))","v":0},"Insumo","11.3.11.","Cotação","Serv. Terc.","013","Sucos","Unidade",12,6.4,"DI 1",8,96,null,{"$f":"IF(OR($A985=0,$A985=\"S\",$A985>CFF!$A$9),\"\",MAX(W$11:OFFSET(W985,-1,0))+1)","v":""},"Serv. Terc.-013",93,null,{"$f":"IF($J985=$G$2,ROUND(IF(ISNUMBER(S985),S985,IF(LEFT(S985,2)=\"DI\",HLOOKUP(S985,DADOS!$T$29:$X$30,2,FALSE),0)),4),\"\")","v":0.25}]
[{"$f":"CHOOSE(1+LOG(1+2*(J986=$C$2)+4*(J986=$D$2)+8*(J986=$E$2)+16*(J986=$F$2)+32*(J986=$G$2),2),0,1,2,3,4,\"S\")","v":"S"},{"$f":"IF(OR(A986=\"S\",A986=0),0,IF(ISERROR(I986),H986,SMALL(H986:I986,1)))","v":0},{"$f":"IF($A986=1,OFFSET(C986,-1,0)+1,OFFSET(C986,-1,0))","v":11},{"$f":"IF($A986=1,0,IF($A986=2,OFFSET(D986,-1,0)+1,OFFSET(D986,-1,0)))","v":3},{"$f":"IF(AND($A986<=2,$A986<>0),0,IF($A986=3,OFFSET(E986,-1,0)+1,OFFSET(E986,-1,0)))","v":0},{"$f":"IF(AND($A986<=3,$A986<>0),0,IF($A986=4,OFFSET(F986,-1,0)+1,OFFSET(F986,-1,0)))","v":0},{"$f":"IF(AND($A986<=4,$A986<>0),0,IF($A986=\"S\",OFFSET(G986,-1,0)+1,OFFSET(G986,-1,0)))","v":12},{"$f":"IF(OR($A986=\"S\",$A986=0),0,MATCH(0,OFFSET($B986,1,$A986,ROW($A$1504)-ROW($A986)),0))","v":0},{"$f":"IF(OR($A986=\"S\",$A986=0),0,MATCH(OFFSET($B986,0,$A986)+1,OFFSET($B986,1,$A986,ROW($A$1504)-ROW($A986)),0))","v":0},"Insumo",{"$f":"IF($A986=0,\"-\",CONCATENATE(C986&\".\",IF(AND($A$5>=2,$A986>=2),D986&\".\",\"\"),IF(AND($A$5>=3,$A986>=3),E986&\".\",\"\"),IF(AND($A$5>=4,$A986>=4),F986&\".\",\"\"),IF($A986=\"S\",G986&\".\",\"\")))","v":"11.3.12."},{"$f":"IF(NOT(ISERROR($Y986)),IF($Y986<>FALSE,INDEX(Banco,$Y986,4),\"\"),\"\")","v":"Cotação"},"Serv. Terc.","027",{"$f":"IF(NOT(ISERROR($Y986)),IF($Y986<>FALSE,INDEX(Banco,$Y986,5),\"\"),\"\")","v":"Refrigerantes (02 litros) "},{"$f":"IF(NOT(ISERROR($Y986)),IF($Y986<>FALSE,INDEX(Banco,$Y986,6),\"\"),\"\")","v":"Unidade"},20,{"$f":"IF(NOT(ISERROR($Y986)),IF($Y986<>FALSE,INDEX(Banco,$Y986,7),0),0)","v":6},"DI 1",{"$f":"IF($J986=$G$2,ROUND(ROUND($R986,2)*IF($R$9=\"Preço Unitário (R$)\",1,1+$AA986),2),0)","v":7.5},{"$f":"IF($A986=\"S\",VTOTAL1,IF($A986=0,0,ROUND(SomaAgrup,2)))","v":150},null,{"$f":"IF(OR($A986=0,$A986=\"S\",$A986>CFF!$A$9),\"\",MAX(W$11:OFFSET(W986,-1,0))+1)","v":""},{"$f":"IF(AND($J986=$G$2,$N986<>\"\",$M986<>\"\"),CONCATENATE($M986,\"-\",$N986))","v":"Serv. Terc.-027"},{"$f":"IF(X986<>FALSE,MATCH(X986,OFFSET(Banco,0,0,,1),0))","v":107},null,{"$f":"IF($J986=$G$2,ROUND(IF(ISNUMBER(S986),S986,IF(LEFT(S986,2)=\"DI\",HLOOKUP(S986,DADOS!$T$29:$X$30,2,FALSE),0)),4),\"\")","v":0.25}]
["S",0,11,3,0,0,13,{"$f":"IF(OR($A987=\"S\",$A987=0),0,MATCH(0,OFFSET($B987,1,$A987,ROW($A$1504)-ROW($A987)),0))","v":0},{"$f":"IF(OR($A987=\"S\",$A987=0),0,MATCH(OFFSET($B987,0,$A987)+1,OFFSET($B987,1,$A987,ROW($A$1504)-ROW($A987)),0))","v":0},"Insumo","11.3.13.","Cotação ","Serv. Terc.","010","Brindes ( descrição nos orçamentos e PTS)","Unidade",4,120,"DI 1",150,600,null,{"$f":"IF(OR($A987=0,$A987=\"S\",$A987>CFF!$A$9),\"\",MAX(W$11:OFFSET(W987,-1,0))+1)","v":""},"Serv. Terc.-010",90,null,{"$f":"IF($J987=$G$2,ROUND(IF(ISNUMBER(S987),S987,IF(LEFT(S987,2)=\"DI\",HLOOKUP(S987,DADOS!$T$29:$X$30,2,FALSE),0)),4),\"\")","v":0.25}]
["S",0,11,3,0,0,14,{"$f":"IF(OR($A988=\"S\",$A988=0),0,MATCH(0,OFFSET($B988,1,$A988,ROW($A$1504)-ROW($A988)),0))","v":0},{"$f":"IF(OR($A988=\"S\",$A988=0),0,MATCH(OFFSET($B988,0,$A988)+1,OFFSET($B988,1,$A988,ROW($A$1504)-ROW($A988)),0))","v":0},"Insumo","11.3.14.","Cotação","Serv. Terc.","015","Coffee break (salgados)","Centro",15,65,"DI 1",81.25,1218.75,null,{"$f":"IF(OR($A988=0,$A988=\"S\",$A988>CFF!$A$9),\"\",MAX(W$11:OFFSET(W988,-1,0))+1)","v":""},"Serv. Terc.-015",95,null,{"$f":"IF($J988=$G$2,ROUND(IF(ISNUMBER(S988),S988,IF(LEFT(S988,2)=\"DI\",HLOOKUP(S988,DADOS!$T$29:$X$30,2,FALSE),0)),4),\"\")","v":0.25}]
[{"$f":"CHOOSE(1+LOG(1+2*(J989=$C$2)+4*(J989=$D$2)+8*(J989=$E$2)+16*(J989=$F$2)+32*(J989=$G$2),2),0,1,2,3,4,\"S\")","v":"S"},{"$f":"IF(OR(A989=\"S\",A989=0),0,IF(ISERROR(I989),H989,SMALL(H989:I989,1)))","v":0},{"$f":"IF($A989=1,OFFSET(C989,-1,0)+1,OFFSET(C989,-1,0))","v":11},{"$f":"IF($A989=1,0,IF($A989=2,OFFSET(D989,-1,0)+1,OFFSET(D989,-1,0)))","v":3},{"$f":"IF(AND($A989<=2,$A989<>0),0,IF($A989=3,OFFSET(E989,-1,0)+1,OFFSET(E989,-1,0)))","v":0},{"$f":"IF(AND($A989<=3,$A989<>0),0,IF($A989=4,OFFSET(F989,-1,0)+1,OFFSET(F989,-1,0)))","v":0},{"$f":"IF(AND($A989<=4,$A989<>0),0,IF($A989=\"S\",OFFSET(G989,-1,0)+1,OFFSET(G989,-1,0)))","v":15},{"$f":"IF(OR($A989=\"S\",$A989=0),0,MATCH(0,OFFSET($B989,1,$A989,ROW($A$1504)-ROW($A989)),0))","v":0},{"$f":"IF(OR($A989=\"S\",$A989=0),0,MATCH(OFFSET($B989,0,$A989)+1,OFFSET($B989,1,$A989,ROW($A$1504)-ROW($A989)),0))","v":0},"Insumo",{"$f":"IF($A989=0,\"-\",CONCATENATE(C989&\".\",IF(AND($A$5>=2,$A989>=2),D989&\".\",\"\"),IF(AND($A$5>=3,$A989>=3),E989&\".\",\"\"),IF(AND($A$5>=4,$A989>=4),F989&\".\",\"\"),IF($A989=\"S\",G989&\".\",\"\")))","v":"11.3.15."},{"$f":"IF(NOT(ISERROR($Y989)),IF($Y989<>FALSE,INDEX(Banco,$Y989,4),\"\"),\"\")","v":"CRESS"},"Serv. Terc.","065",{"$f":"IF(NOT(ISERROR($Y989)),IF($Y989<>FALSE,INDEX(Banco,$Y989,5),\"\"),\"\")","v":"Assistente Social com especialização em politicas sociais"},{"$f":"IF(NOT(ISERROR($Y989)),IF($Y989<>FALSE,INDEX(Banco,$Y989,6),\"\"),\"\")","v":"Horas"},6,{"$f":"IF(NOT(ISERROR($Y989)),IF($Y989<>FALSE,INDEX(Banco,$Y989,7),0),0)","v":141.75},"DI 1",{"$f":"IF($J989=$G$2,ROUND(ROUND($R989,2)*IF($R$9=\"Preço Unitário (R$)\",1,1+$AA989),2),0)","v":177.19},{"$f":"IF($A989=\"S\",VTOTAL1,IF($A989=0,0,ROUND(SomaAgrup,2)))","v":1063.1400000000001},null,{"$f":"IF(OR($A989=0,$A989=\"S\",$A989>CFF!$A$9),\"\",MAX(W$11:OFFSET(W989,-1,0))+1)","v":""},{"$f":"IF(AND($J989=$G$2,$N989<>\"\",$M989<>\"\"),CONCATENATE($M989,\"-\",$N989))","v":"Serv. Terc.-065"},{"$f":"IF(X989<>FALSE,MATCH(X989,OFFSET(Banco,0,0,,1),0))","v":145},null,{"$f":"IF($J989=$G$2,ROUND(IF(ISNUMBER(S989),S989,IF(LEFT(S989,2)=\"DI\",HLOOKUP(S989,DADOS!$T$29:$X$30,2,FALSE),0)),4),\"\")","v":0.25}]
["S",0,11,3,0,0,16,{"$f":"IF(OR($A990=\"S\",$A990=0),0,MATCH(0,OFFSET($B990,1,$A990,ROW($A$1504)-ROW($A990)),0))","v":0},{"$f":"IF(OR($A990=\"S\",$A990=0),0,MATCH(OFFSET($B990,0,$A990)+1,OFFSET($B990,1,$A990,ROW($A$1504)-ROW($A990)),0))","v":0},"Insumo","11.3.16.","Cotação","Rec. Materiais","020","Guloseimas (balas e pirulito)","Pacote",4,12,"DI 1",15,60,null,{"$f":"IF(OR($A990=0,$A990=\"S\",$A990>CFF!$A$9),\"\",MAX(W$11:OFFSET(W990,-1,0))+1)","v":""},"Rec. Materiais-020",29,null,{"$f":"IF($J990=$G$2,ROUND(IF(ISNUMBER(S990),S990,IF(LEFT(S990,2)=\"DI\",HLOOKUP(S990,DADOS!$T$29:$X$30,2,FALSE),0)),4),\"\")","v":0.25}]
["S",0,11,3,0,0,17,{"$f":"IF(OR($A991=\"S\",$A991=0),0,MATCH(0,OFFSET($B991,1,$A991,ROW($A$1504)-ROW($A991)),0))","v":0},{"$f":"IF(OR($A991=\"S\",$A991=0),0,MATCH(OFFSET($B991,0,$A991)+1,OFFSET($B991,1,$A991,ROW($A$1504)-ROW($A991)),0))","v":0},"Insumo","11.3.17.","Cotação","Rec. Materiais","021","Papel de presente","Folhas",8,1.5,"DI 1",1.88,15.04,null,{"$f":"IF(OR($A991=0,$A991=\"S\",$A991>CFF!$A$9),\"\",MAX(W$11:OFFSET(W991,-1,0))+1)","v":""},"Rec. Materiais-021",30,null,{"$f":"IF($J991=$G$2,ROUND(IF(ISNUMBER(S991),S991,IF(LEFT(S991,2)=\"DI\",HLOOKUP(S991,DADOS!$T$29:$X$30,2,FALSE),0)),4),\"\")","v":0.25}]
["S",0,11,3,0,0,18,{"$f":"IF(OR($A992=\"S\",$A992=0),0,MATCH(0,OFFSET($B992,1,$A992,ROW($A$1504)-ROW($A992)),0))","v":0},{"$f":"IF(OR($A992=\"S\",$A992=0),0,MATCH(OFFSET($B992,0,$A992)+1,OFFSET($B992,1,$A992,ROW($A$1504)-ROW($A992)),0))","v":0},"Insumo","11.3.18.","Cotação","Rec. Materiais","026","Saco de lixo (100 litros)","Pacote",2,15,"DI 1",18.75,37.5,null,{"$f":"IF(OR($A992=0,$A992=\"S\",$A992>CFF!$A$9),\"\",MAX(W$11:OFFSET(W992,-1,0))+1)","v":""},"Rec. Materiais-026",35,null,{"$f":"IF($J992=$G$2,ROUND(IF(ISNUMBER(S992),S992,IF(LEFT(S992,2)=\"DI\",HLOOKUP(S992,DADOS!$T$29:$X$30,2,FALSE),0)),4),\"\")","v":0.25}]
[{"$f":"CHOOSE(1+LOG(1+2*(J993=$C$2)+4*(J993=$D$2)+8*(J993=$E$2)+16*(J993=$F$2)+32*(J993=$G$2),2),0,1,2,3,4,\"S\")","v":2},{"$f":"IF(OR(A993=\"S\",A993=0),0,IF(ISERROR(I993),H993,SMALL(H993:I993,1)))","v":3},{"$f":"IF($A993=1,OFFSET(C993,-1,0)+1,OFFSET(C993,-1,0))","v":11},{"$f":"IF($A993=1,0,IF($A993=2,OFFSET(D993,-1,0)+1,OFFSET(D993,-1,0)))","v":4},{"$f":"IF(AND($A993<=2,$A993<>0),0,IF($A993=3,OFFSET(E993,-1,0)+1,OFFSET(E993,-1,0)))","v":0},{"$f":"IF(AND($A993<=3,$A993<>0),0,IF($A993=4,OFFSET(F993,-1,0)+1,OFFSET(F993,-1,0)))","v":0},{"$f":"IF(AND($A993<=4,$A993<>0),0,IF($A993=\"S\",OFFSET(G993,-1,0)+1,OFFSET(G993,-1,0)))","v":0},{"$f":"IF(OR($A993=\"S\",$A993=0),0,MATCH(0,OFFSET($B993,1,$A993,ROW($A$1504)-ROW($A993)),0))","v":34},{"$f":"IF(OR($A993=\"S\",$A993=0),0,MATCH(OFFSET($B993,0,$A993)+1,OFFSET($B993,1,$A993,ROW($A$1504)-ROW($A993)),0))","v":3},"AtivNível 1",{"$f":"IF($A993=0,\"-\",CONCATENATE(C993&\".\",IF(AND($A$5>=2,$A993>=2),D993&\".\",\"\"),IF(AND($A$5>=3,$A993>=3),E993&\".\",\"\"),IF(AND($A$5>=4,$A993>=4),F993&\".\",\"\"),IF($A993=\"S\",G993&\".\",\"\")))","v":"11.4."},{"$f":"IF(NOT(ISERROR($Y993)),IF($Y993<>FALSE,INDEX(Banco,$Y993,4),\"\"),\"\")","v":""},null,null,"Atividade 75 - Plantão Social região Jardim Ikaraí",{"$f":"IF(NOT(ISERROR($Y993)),IF($Y993<>FALSE,INDEX(Banco,$Y993,6),\"\"),\"\")","v":""},null,{"$f":"IF(NOT(ISERROR($Y993)),IF($Y993<>FALSE,INDEX(Banco,$Y993,7),0),0)","v":0},"DI 1",{"$f":"IF($J993=$G$2,ROUND(ROUND($R993,2)*IF($R$9=\"Preço Unitário (R$)\",1,1+$AA993),2),0)","v":0},{"$f":"IF($A993=\"S\",VTOTAL1,IF($A993=0,0,ROUND(SomaAgrup,2)))","v":3427.56},null,{"$f":"IF(OR($A993=0,$A993=\"S\",$A993>CFF!$A$9),\"\",MAX(W$11:OFFSET(W993,-1,0))+1)","v":86},{"$f":"IF(AND($J993=$G$2,$N993<>\"\",$M993<>\"\"),CONCATENATE($M993,\"-\",$N993))","v":false},{"$f":"IF(X993<>FALSE,MATCH(X993,OFFSET(Banco,0,0,,1),0))","v":false},null,{"$f":"IF($J993=$G$2,ROUND(IF(ISNUMBER(S993),S993,IF(LEFT(S993,2)=\"DI\",HLOOKUP(S993,DADOS!$T$29:$X$30,2,FALSE),0)),4),\"\")","v":""}]
[{"$f":"CHOOSE(1+LOG(1+2*(J994=$C$2)+4*(J994=$D$2)+8*(J994=$E$2)+16*(J994=$F$2)+32*(J994=$G$2),2),0,1,2,3,4,\"S\")","v":"S"},{"$f":"IF(OR(A994=\"S\",A994=0),0,IF(ISERROR(I994),H994,SMALL(H994:I994,1)))","v":0},11,4,0,0,1,{"$f":"IF(OR($A994=\"S\",$A994=0),0,MATCH(0,OFFSET($B994,1,$A994,ROW($A$1504)-ROW($A994)),0))","v":0},{"$f":"IF(OR($A994=\"S\",$A994=0),0,MATCH(OFFSET($B994,0,$A994)+1,OFFSET($B994,1,$A994,ROW($A$1504)-ROW($A994)),0))","v":0},"Insumo",{"$f":"IF($A994=0,\"-\",CONCATENATE(C994&\".\",IF(AND($A$5>=2,$A994>=2),D994&\".\",\"\"),IF(AND($A$5>=3,$A994>=3),E994&\".\",\"\"),IF(AND($A$5>=4,$A994>=4),F994&\".\",\"\"),IF($A994=\"S\",G994&\".\",\"\")))","v":"11.4.1."},"CRESS","Rec. Humanos","001",{"$f":"IF(NOT(ISERROR($Y994)),IF($Y994<>FALSE,INDEX(Banco,$Y994,5),\"\"),\"\")","v":"Responsável Técnica"},"Horas",4,150.28,"DI 1",187.85,751.4,null,{"$f":"IF(OR($A994=0,$A994=\"S\",$A994>CFF!$A$9),\"\",MAX(W$11:OFFSET(W994,-1,0))+1)","v":""},"Rec. Humanos-001",{"$f":"IF(X994<>FALSE,MATCH(X994,OFFSET(Banco,0,0,,1),0))","v":3},null,{"$f":"IF($J994=$G$2,ROUND(IF(ISNUMBER(S994),S994,IF(LEFT(S994,2)=\"DI\",HLOOKUP(S994,DADOS!$T$29:$X$30,2,FALSE),0)),4),\"\")","v":0.25}]
["S",0,11,4,0,0,2,{"$f":"IF(OR($A995=\"S\",$A995=0),0,MATCH(0,OFFSET($B995,1,$A995,ROW($A$1504)-ROW($A995)),0))","v":0},{"$f":"IF(OR($A995=\"S\",$A995=0),0,MATCH(OFFSET($B995,0,$A995)+1,OFFSET($B995,1,$A995,ROW($A$1504)-ROW($A995)),0))","v":0},"Insumo","11.4.2.","CRESS","Rec. Humanos","002",{"$f":"IF(NOT(ISERROR($Y995)),IF($Y995<>FALSE,INDEX(Banco,$Y995,5),\"\"),\"\")","v":"Assistente Social"},"Horas",16,133.81,"DI 1",167.26,2676.16,null,{"$f":"IF(OR($A995=0,$A995=\"S\",$A995>CFF!$A$9),\"\",MAX(W$11:OFFSET(W995,-1,0))+1)","v":""},"Rec. Humanos-002",4,null,{"$f":"IF($J995=$G$2,ROUND(IF(ISNUMBER(S995),S995,IF(LEFT(S995,2)=\"DI\",HLOOKUP(S995,DADOS!$T$29:$X$30,2,FALSE),0)),4),\"\")","v":0.25}]
[{"$f":"CHOOSE(1+LOG(1+2*(J996=$C$2)+4*(J996=$D$2)+8*(J996=$E$2)+16*(J996=$F$2)+32*(J996=$G$2),2),0,1,2,3,4,\"S\")","v":2},{"$f":"IF(OR(A996=\"S\",A996=0),0,IF(ISERROR(I996),H996,SMALL(H996:I996,1)))","v":19},{"$f":"IF($A996=1,OFFSET(C996,-1,0)+1,OFFSET(C996,-1,0))","v":11},{"$f":"IF($A996=1,0,IF($A996=2,OFFSET(D996,-1,0)+1,OFFSET(D996,-1,0)))","v":5},{"$f":"IF(AND($A996<=2,$A996<>0),0,IF($A996=3,OFFSET(E996,-1,0)+1,OFFSET(E996,-1,0)))","v":0},{"$f":"IF(AND($A996<=3,$A996<>0),0,IF($A996=4,OFFSET(F996,-1,0)+1,OFFSET(F996,-1,0)))","v":0},{"$f":"IF(AND($A996<=4,$A996<>0),0,IF($A996=\"S\",OFFSET(G996,-1,0)+1,OFFSET(G996,-1,0)))","v":0},{"$f":"IF(OR($A996=\"S\",$A996=0),0,MATCH(0,OFFSET($B996,1,$A996,ROW($A$1504)-ROW($A996)),0))","v":31},{"$f":"IF(OR($A996=\"S\",$A996=0),0,MATCH(OFFSET($B996,0,$A996)+1,OFFSET($B996,1,$A996,ROW($A$1504)-ROW($A996)),0))","v":19},"AtivNível 1",{"$f":"IF($A996=0,\"-\",CONCATENATE(C996&\".\",IF(AND($A$5>=2,$A996>=2),D996&\".\",\"\"),IF(AND($A$5>=3,$A996>=3),E996&\".\",\"\"),IF(AND($A$5>=4,$A996>=4),F996&\".\",\"\"),IF($A996=\"S\",G996&\".\",\"\")))","v":"11.5."},{"$f":"IF(NOT(ISERROR($Y996)),IF($Y996<>FALSE,INDEX(Banco,$Y996,4),\"\"),\"\")","v":""},null,null,"Atividade 76 - Palestra: Cidadania direitos e igualdades Bairro: Frutal de Minas e Jardim Paula II",{"$f":"IF(NOT(ISERROR($Y996)),IF($Y996<>FALSE,INDEX(Banco,$Y996,6),\"\"),\"\")","v":""},null,{"$f":"IF(NOT(ISERROR($Y996)),IF($Y996<>FALSE,INDEX(Banco,$Y996,7),0),0)","v":0},"DI 1",{"$f":"IF($J996=$G$2,ROUND(ROUND($R996,2)*IF($R$9=\"Preço Unitário (R$)\",1,1+$AA996),2),0)","v":0},{"$f":"IF($A996=\"S\",VTOTAL1,IF($A996=0,0,ROUND(SomaAgrup,2)))","v":8707.98},null,{"$f":"IF(OR($A996=0,$A996=\"S\",$A996>CFF!$A$9),\"\",MAX(W$11:OFFSET(W996,-1,0))+1)","v":87},{"$f":"IF(AND($J996=$G$2,$N996<>\"\",$M996<>\"\"),CONCATENATE($M996,\"-\",$N996))","v":false},{"$f":"IF(X996<>FALSE,MATCH(X996,OFFSET(Banco,0,0,,1),0))","v":false},null,{"$f":"IF($J996=$G$2,ROUND(IF(ISNUMBER(S996),S996,IF(LEFT(S996,2)=\"DI\",HLOOKUP(S996,DADOS!$T$29:$X$30,2,FALSE),0)),4),\"\")","v":""}]
["S",0,{"$f":"IF($A997=1,OFFSET(C997,-1,0)+1,OFFSET(C997,-1,0))","v":11},{"$f":"IF($A997=1,0,IF($A997=2,OFFSET(D997,-1,0)+1,OFFSET(D997,-1,0)))","v":5},{"$f":"IF(AND($A997<=2,$A997<>0),0,IF($A997=3,OFFSET(E997,-1,0)+1,OFFSET(E997,-1,0)))","v":0},{"$f":"IF(AND($A997<=3,$A997<>0),0,IF($A997=4,OFFSET(F997,-1,0)+1,OFFSET(F997,-1,0)))","v":0},{"$f":"IF(AND($A997<=4,$A997<>0),0,IF($A997=\"S\",OFFSET(G997,-1,0)+1,OFFSET(G997,-1,0)))","v":1},{"$f":"IF(OR($A997=\"S\",$A997=0),0,MATCH(0,OFFSET($B997,1,$A997,ROW($A$1504)-ROW($A997)),0))","v":0},{"$f":"IF(OR($A997=\"S\",$A997=0),0,MATCH(OFFSET($B997,0,$A997)+1,OFFSET($B997,1,$A997,ROW($A$1504)-ROW($A997)),0))","v":0},"Insumo","11.5.1.",{"$f":"IF(NOT(ISERROR($Y997)),IF($Y997<>FALSE,INDEX(Banco,$Y997,4),\"\"),\"\")","v":"CRESS"},"Rec. Humanos","001",{"$f":"IF(NOT(ISERROR($Y997)),IF($Y997<>FALSE,INDEX(Banco,$Y997,5),\"\"),\"\")","v":"Responsável Técnica"},{"$f":"IF(NOT(ISERROR($Y997)),IF($Y997<>FALSE,INDEX(Banco,$Y997,6),\"\"),\"\")","v":"Horas"},9,{"$f":"IF(NOT(ISERROR($Y997)),IF($Y997<>FALSE,INDEX(Banco,$Y997,7),0),0)","v":150.28},"DI 1",{"$f":"IF($J997=$G$2,ROUND(ROUND($R997,2)*IF($R$9=\"Preço Unitário (R$)\",1,1+$AA997),2),0)","v":187.85},{"$f":"IF($A997=\"S\",VTOTAL1,IF($A997=0,0,ROUND(SomaAgrup,2)))","v":1690.65},null,{"$f":"IF(OR($A997=0,$A997=\"S\",$A997>CFF!$A$9),\"\",MAX(W$11:OFFSET(W997,-1,0))+1)","v":""},{"$f":"IF(AND($J997=$G$2,$N997<>\"\",$M997<>\"\"),CONCATENATE($M997,\"-\",$N997))","v":"Rec. Humanos-001"},3,null,{"$f":"IF($J997=$G$2,ROUND(IF(ISNUMBER(S997),S997,IF(LEFT(S997,2)=\"DI\",HLOOKUP(S997,DADOS!$T$29:$X$30,2,FALSE),0)),4),\"\")","v":0.25}]
["S",0,11,5,0,0,2,{"$f":"IF(OR($A998=\"S\",$A998=0),0,MATCH(0,OFFSET($B998,1,$A998,ROW($A$1504)-ROW($A998)),0))","v":0},{"$f":"IF(OR($A998=\"S\",$A998=0),0,MATCH(OFFSET($B998,0,$A998)+1,OFFSET($B998,1,$A998,ROW($A$1504)-ROW($A998)),0))","v":0},"Insumo","11.5.2.","CRESS","Rec. Humanos","002",{"$f":"IF(NOT(ISERROR($Y998)),IF($Y998<>FALSE,INDEX(Banco,$Y998,5),\"\"),\"\")","v":"Assistente Social"},"Horas",7,133.81,"DI 1",167.26,1170.82,null,{"$f":"IF(OR($A998=0,$A998=\"S\",$A998>CFF!$A$9),\"\",MAX(W$11:OFFSET(W998,-1,0))+1)","v":""},"Rec. Humanos-002",4,null,{"$f":"IF($J998=$G$2,ROUND(IF(ISNUMBER(S998),S998,IF(LEFT(S998,2)=\"DI\",HLOOKUP(S998,DADOS!$T$29:$X$30,2,FALSE),0)),4),\"\")","v":0.25}]
["S",0,11,5,0,0,3,{"$f":"IF(OR($A999=\"S\",$A999=0),0,MATCH(0,OFFSET($B999,1,$A999,ROW($A$1504)-ROW($A999)),0))","v":0},{"$f":"IF(OR($A999=\"S\",$A999=0),0,MATCH(OFFSET($B999,0,$A999)+1,OFFSET($B999,1,$A999,ROW($A$1504)-ROW($A999)),0))","v":0},"Insumo","11.5.3.","Cotação","Rec. Humanos","003",{"$f":"IF(NOT(ISERROR($Y999)),IF($Y999<>FALSE,INDEX(Banco,$Y999,5),\"\"),\"\")","v":"Administrador (Técnico de Apoio) "},"Horas",4,103.65,"DI 1",129.56,518.24,null,{"$f":"IF(OR($A999=0,$A999=\"S\",$A999>CFF!$A$9),\"\",MAX(W$11:OFFSET(W999,-1,0))+1)","v":""},"Rec. Humanos-003",5,null,{"$f":"IF($J999=$G$2,ROUND(IF(ISNUMBER(S999),S999,IF(LEFT(S999,2)=\"DI\",HLOOKUP(S999,DADOS!$T$29:$X$30,2,FALSE),0)),4),\"\")","v":0.25}]
["S",0,11,5,0,0,4,{"$f":"IF(OR($A1000=\"S\",$A1000=0),0,MATCH(0,OFFSET($B1000,1,$A1000,ROW($A$1504)-ROW($A1000)),0))","v":0},{"$f":"IF(OR($A1000=\"S\",$A1000=0),0,MATCH(OFFSET($B1000,0,$A1000)+1,OFFSET($B1000,1,$A1000,ROW($A$1504)-ROW($A1000)),0))","v":0},"Insumo","11.5.4.","SINE","Rec. Humanos","004","Estagiários","Horas",16,9.7899999999999991,"DI 1",12.24,195.84,null,{"$f":"IF(OR($A1000=0,$A1000=\"S\",$A1000>CFF!$A$9),\"\",MAX(W$11:OFFSET(W1000,-1,0))+1)","v":""},"Rec. Humanos-004",6,null,{"$f":"IF($J1000=$G$2,ROUND(IF(ISNUMBER(S1000),S1000,IF(LEFT(S1000,2)=\"DI\",HLOOKUP(S1000,DADOS!$T$29:$X$30,2,FALSE),0)),4),\"\")","v":0.25}]
["S",0,11,5,0,0,5,{"$f":"IF(OR($A1001=\"S\",$A1001=0),0,MATCH(0,OFFSET($B1001,1,$A1001,ROW($A$1504)-ROW($A1001)),0))","v":0},{"$f":"IF(OR($A1001=\"S\",$A1001=0),0,MATCH(OFFSET($B1001,0,$A1001)+1,OFFSET($B1001,1,$A1001,ROW($A$1504)-ROW($A1001)),0))","v":0},"Insumo","11.5.5.","Cotação","Serv. Terc.","001","Fotocópias","Unidade",150,0.3,"DI 1",0.38,57,null,{"$f":"IF(OR($A1001=0,$A1001=\"S\",$A1001>CFF!$A$9),\"\",MAX(W$11:OFFSET(W1001,-1,0))+1)","v":""},"Serv. Terc.-001",81,null,{"$f":"IF($J1001=$G$2,ROUND(IF(ISNUMBER(S1001),S1001,IF(LEFT(S1001,2)=\"DI\",HLOOKUP(S1001,DADOS!$T$29:$X$30,2,FALSE),0)),4),\"\")","v":0.25}]
["S",0,{"$f":"IF($A1002=1,OFFSET(C1002,-1,0)+1,OFFSET(C1002,-1,0))","v":11},{"$f":"IF($A1002=1,0,IF($A1002=2,OFFSET(D1002,-1,0)+1,OFFSET(D1002,-1,0)))","v":5},{"$f":"IF(AND($A1002<=2,$A1002<>0),0,IF($A1002=3,OFFSET(E1002,-1,0)+1,OFFSET(E1002,-1,0)))","v":0},{"$f":"IF(AND($A1002<=3,$A1002<>0),0,IF($A1002=4,OFFSET(F1002,-1,0)+1,OFFSET(F1002,-1,0)))","v":0},{"$f":"IF(AND($A1002<=4,$A1002<>0),0,IF($A1002=\"S\",OFFSET(G1002,-1,0)+1,OFFSET(G1002,-1,0)))","v":6},{"$f":"IF(OR($A1002=\"S\",$A1002=0),0,MATCH(0,OFFSET($B1002,1,$A1002,ROW($A$1504)-ROW($A1002)),0))","v":0},{"$f":"IF(OR($A1002=\"S\",$A1002=0),0,MATCH(OFFSET($B1002,0,$A1002)+1,OFFSET($B1002,1,$A1002,ROW($A$1504)-ROW($A1002)),0))","v":0},"Insumo","11.5.6.",{"$f":"IF(NOT(ISERROR($Y1002)),IF($Y1002<>FALSE,INDEX(Banco,$Y1002,4),\"\"),\"\")","v":"Cotação"},"Serv. Terc.","017",{"$f":"IF(NOT(ISERROR($Y1002)),IF($Y1002<>FALSE,INDEX(Banco,$Y1002,5),\"\"),\"\")","v":"Instrutor/Monitor (Educação Fisíca)"},{"$f":"IF(NOT(ISERROR($Y1002)),IF($Y1002<>FALSE,INDEX(Banco,$Y1002,6),\"\"),\"\")","v":"Horas"},3,{"$f":"IF(NOT(ISERROR($Y1002)),IF($Y1002<>FALSE,INDEX(Banco,$Y1002,7),0),0)","v":100},"DI 1",{"$f":"IF($J1002=$G$2,ROUND(ROUND($R1002,2)*IF($R$9=\"Preço Unitário (R$)\",1,1+$AA1002),2),0)","v":125},{"$f":"IF($A1002=\"S\",VTOTAL1,IF($A1002=0,0,ROUND(SomaAgrup,2)))","v":375},null,{"$f":"IF(OR($A1002=0,$A1002=\"S\",$A1002>CFF!$A$9),\"\",MAX(W$11:OFFSET(W1002,-1,0))+1)","v":""},{"$f":"IF(AND($J1002=$G$2,$N1002<>\"\",$M1002<>\"\"),CONCATENATE($M1002,\"-\",$N1002))","v":"Serv. Terc.-017"},97,null,{"$f":"IF($J1002=$G$2,ROUND(IF(ISNUMBER(S1002),S1002,IF(LEFT(S1002,2)=\"DI\",HLOOKUP(S1002,DADOS!$T$29:$X$30,2,FALSE),0)),4),\"\")","v":0.25}]
[{"$f":"CHOOSE(1+LOG(1+2*(J1003=$C$2)+4*(J1003=$D$2)+8*(J1003=$E$2)+16*(J1003=$F$2)+32*(J1003=$G$2),2),0,1,2,3,4,\"S\")","v":"S"},{"$f":"IF(OR(A1003=\"S\",A1003=0),0,IF(ISERROR(I1003),H1003,SMALL(H1003:I1003,1)))","v":0},11,5,0,0,7,{"$f":"IF(OR($A1003=\"S\",$A1003=0),0,MATCH(0,OFFSET($B1003,1,$A1003,ROW($A$1504)-ROW($A1003)),0))","v":0},{"$f":"IF(OR($A1003=\"S\",$A1003=0),0,MATCH(OFFSET($B1003,0,$A1003)+1,OFFSET($B1003,1,$A1003,ROW($A$1504)-ROW($A1003)),0))","v":0},"Insumo",{"$f":"IF($A1003=0,\"-\",CONCATENATE(C1003&\".\",IF(AND($A$5>=2,$A1003>=2),D1003&\".\",\"\"),IF(AND($A$5>=3,$A1003>=3),E1003&\".\",\"\"),IF(AND($A$5>=4,$A1003>=4),F1003&\".\",\"\"),IF($A1003=\"S\",G1003&\".\",\"\")))","v":"11.5.7."},"Cotação","Serv. Terc.","002","Carro de som com gravação de vinheta","Horas",3,200,"DI 1",250,750,null,{"$f":"IF(OR($A1003=0,$A1003=\"S\",$A1003>CFF!$A$9),\"\",MAX(W$11:OFFSET(W1003,-1,0))+1)","v":""},"Serv. Terc.-002",{"$f":"IF(X1003<>FALSE,MATCH(X1003,OFFSET(Banco,0,0,,1),0))","v":82},null,{"$f":"IF($J1003=$G$2,ROUND(IF(ISNUMBER(S1003),S1003,IF(LEFT(S1003,2)=\"DI\",HLOOKUP(S1003,DADOS!$T$29:$X$30,2,FALSE),0)),4),\"\")","v":0.25}]
["S",0,11,5,0,0,8,{"$f":"IF(OR($A1004=\"S\",$A1004=0),0,MATCH(0,OFFSET($B1004,1,$A1004,ROW($A$1504)-ROW($A1004)),0))","v":0},{"$f":"IF(OR($A1004=\"S\",$A1004=0),0,MATCH(OFFSET($B1004,0,$A1004)+1,OFFSET($B1004,1,$A1004,ROW($A$1504)-ROW($A1004)),0))","v":0},"Insumo","11.5.8.","Cotação","Serv. Terc.","005","Locação de caixa térmica","Unidade",2,40,"DI 1",50,100,null,{"$f":"IF(OR($A1004=0,$A1004=\"S\",$A1004>CFF!$A$9),\"\",MAX(W$11:OFFSET(W1004,-1,0))+1)","v":""},"Serv. Terc.-005",85,null,{"$f":"IF($J1004=$G$2,ROUND(IF(ISNUMBER(S1004),S1004,IF(LEFT(S1004,2)=\"DI\",HLOOKUP(S1004,DADOS!$T$29:$X$30,2,FALSE),0)),4),\"\")","v":0.25}]
["S",0,11,5,0,0,9,{"$f":"IF(OR($A1005=\"S\",$A1005=0),0,MATCH(0,OFFSET($B1005,1,$A1005,ROW($A$1504)-ROW($A1005)),0))","v":0},{"$f":"IF(OR($A1005=\"S\",$A1005=0),0,MATCH(OFFSET($B1005,0,$A1005)+1,OFFSET($B1005,1,$A1005,ROW($A$1504)-ROW($A1005)),0))","v":0},"Insumo","11.5.9.","Cotação","Serv. Terc.","008","Locação de pula-pula com monitor","Unidade",2,220,"DI 1",275,550,null,{"$f":"IF(OR($A1005=0,$A1005=\"S\",$A1005>CFF!$A$9),\"\",MAX(W$11:OFFSET(W1005,-1,0))+1)","v":""},"Serv. Terc.-008",88,null,{"$f":"IF($J1005=$G$2,ROUND(IF(ISNUMBER(S1005),S1005,IF(LEFT(S1005,2)=\"DI\",HLOOKUP(S1005,DADOS!$T$29:$X$30,2,FALSE),0)),4),\"\")","v":0.25}]
["S",0,11,5,0,0,10,{"$f":"IF(OR($A1006=\"S\",$A1006=0),0,MATCH(0,OFFSET($B1006,1,$A1006,ROW($A$1504)-ROW($A1006)),0))","v":0},{"$f":"IF(OR($A1006=\"S\",$A1006=0),0,MATCH(OFFSET($B1006,0,$A1006)+1,OFFSET($B1006,1,$A1006,ROW($A$1504)-ROW($A1006)),0))","v":0},"Insumo","11.5.10.","Cotação ","Serv. Terc.","011","Barra de gelo","Unidade",4,12,"DI 1",15,60,null,{"$f":"IF(OR($A1006=0,$A1006=\"S\",$A1006>CFF!$A$9),\"\",MAX(W$11:OFFSET(W1006,-1,0))+1)","v":""},"Serv. Terc.-011",91,null,{"$f":"IF($J1006=$G$2,ROUND(IF(ISNUMBER(S1006),S1006,IF(LEFT(S1006,2)=\"DI\",HLOOKUP(S1006,DADOS!$T$29:$X$30,2,FALSE),0)),4),\"\")","v":0.25}]
["S",0,11,5,0,0,11,{"$f":"IF(OR($A1007=\"S\",$A1007=0),0,MATCH(0,OFFSET($B1007,1,$A1007,ROW($A$1504)-ROW($A1007)),0))","v":0},{"$f":"IF(OR($A1007=\"S\",$A1007=0),0,MATCH(OFFSET($B1007,0,$A1007)+1,OFFSET($B1007,1,$A1007,ROW($A$1504)-ROW($A1007)),0))","v":0},"Insumo","11.5.11.","Cotação","Serv. Terc.","013","Sucos","Unidade",12,6.4,"DI 1",8,96,null,{"$f":"IF(OR($A1007=0,$A1007=\"S\",$A1007>CFF!$A$9),\"\",MAX(W$11:OFFSET(W1007,-1,0))+1)","v":""},"Serv. Terc.-013",93,null,{"$f":"IF($J1007=$G$2,ROUND(IF(ISNUMBER(S1007),S1007,IF(LEFT(S1007,2)=\"DI\",HLOOKUP(S1007,DADOS!$T$29:$X$30,2,FALSE),0)),4),\"\")","v":0.25}]
[{"$f":"CHOOSE(1+LOG(1+2*(J1008=$C$2)+4*(J1008=$D$2)+8*(J1008=$E$2)+16*(J1008=$F$2)+32*(J1008=$G$2),2),0,1,2,3,4,\"S\")","v":"S"},{"$f":"IF(OR(A1008=\"S\",A1008=0),0,IF(ISERROR(I1008),H1008,SMALL(H1008:I1008,1)))","v":0},{"$f":"IF($A1008=1,OFFSET(C1008,-1,0)+1,OFFSET(C1008,-1,0))","v":11},{"$f":"IF($A1008=1,0,IF($A1008=2,OFFSET(D1008,-1,0)+1,OFFSET(D1008,-1,0)))","v":5},{"$f":"IF(AND($A1008<=2,$A1008<>0),0,IF($A1008=3,OFFSET(E1008,-1,0)+1,OFFSET(E1008,-1,0)))","v":0},{"$f":"IF(AND($A1008<=3,$A1008<>0),0,IF($A1008=4,OFFSET(F1008,-1,0)+1,OFFSET(F1008,-1,0)))","v":0},{"$f":"IF(AND($A1008<=4,$A1008<>0),0,IF($A1008=\"S\",OFFSET(G1008,-1,0)+1,OFFSET(G1008,-1,0)))","v":12},{"$f":"IF(OR($A1008=\"S\",$A1008=0),0,MATCH(0,OFFSET($B1008,1,$A1008,ROW($A$1504)-ROW($A1008)),0))","v":0},{"$f":"IF(OR($A1008=\"S\",$A1008=0),0,MATCH(OFFSET($B1008,0,$A1008)+1,OFFSET($B1008,1,$A1008,ROW($A$1504)-ROW($A1008)),0))","v":0},"Insumo",{"$f":"IF($A1008=0,\"-\",CONCATENATE(C1008&\".\",IF(AND($A$5>=2,$A1008>=2),D1008&\".\",\"\"),IF(AND($A$5>=3,$A1008>=3),E1008&\".\",\"\"),IF(AND($A$5>=4,$A1008>=4),F1008&\".\",\"\"),IF($A1008=\"S\",G1008&\".\",\"\")))","v":"11.5.12."},{"$f":"IF(NOT(ISERROR($Y1008)),IF($Y1008<>FALSE,INDEX(Banco,$Y1008,4),\"\"),\"\")","v":"Cotação"},"Serv. Terc.","027",{"$f":"IF(NOT(ISERROR($Y1008)),IF($Y1008<>FALSE,INDEX(Banco,$Y1008,5),\"\"),\"\")","v":"Refrigerantes (02 litros) "},{"$f":"IF(NOT(ISERROR($Y1008)),IF($Y1008<>FALSE,INDEX(Banco,$Y1008,6),\"\"),\"\")","v":"Unidade"},20,{"$f":"IF(NOT(ISERROR($Y1008)),IF($Y1008<>FALSE,INDEX(Banco,$Y1008,7),0),0)","v":6},"DI 1",{"$f":"IF($J1008=$G$2,ROUND(ROUND($R1008,2)*IF($R$9=\"Preço Unitário (R$)\",1,1+$AA1008),2),0)","v":7.5},{"$f":"IF($A1008=\"S\",VTOTAL1,IF($A1008=0,0,ROUND(SomaAgrup,2)))","v":150},null,{"$f":"IF(OR($A1008=0,$A1008=\"S\",$A1008>CFF!$A$9),\"\",MAX(W$11:OFFSET(W1008,-1,0))+1)","v":""},{"$f":"IF(AND($J1008=$G$2,$N1008<>\"\",$M1008<>\"\"),CONCATENATE($M1008,\"-\",$N1008))","v":"Serv. Terc.-027"},{"$f":"IF(X1008<>FALSE,MATCH(X1008,OFFSET(Banco,0,0,,1),0))","v":107},null,{"$f":"IF($J1008=$G$2,ROUND(IF(ISNUMBER(S1008),S1008,IF(LEFT(S1008,2)=\"DI\",HLOOKUP(S1008,DADOS!$T$29:$X$30,2,FALSE),0)),4),\"\")","v":0.25}]
["S",0,11,5,0,0,13,{"$f":"IF(OR($A1009=\"S\",$A1009=0),0,MATCH(0,OFFSET($B1009,1,$A1009,ROW($A$1504)-ROW($A1009)),0))","v":0},{"$f":"IF(OR($A1009=\"S\",$A1009=0),0,MATCH(OFFSET($B1009,0,$A1009)+1,OFFSET($B1009,1,$A1009,ROW($A$1504)-ROW($A1009)),0))","v":0},"Insumo","11.5.13.","Cotação ","Serv. Terc.","010","Brindes ( descrição nos orçamentos e PTS)","Unidade",4,120,"DI 1",150,600,null,{"$f":"IF(OR($A1009=0,$A1009=\"S\",$A1009>CFF!$A$9),\"\",MAX(W$11:OFFSET(W1009,-1,0))+1)","v":""},"Serv. Terc.-010",90,null,{"$f":"IF($J1009=$G$2,ROUND(IF(ISNUMBER(S1009),S1009,IF(LEFT(S1009,2)=\"DI\",HLOOKUP(S1009,DADOS!$T$29:$X$30,2,FALSE),0)),4),\"\")","v":0.25}]
["S",0,11,5,0,0,14,{"$f":"IF(OR($A1010=\"S\",$A1010=0),0,MATCH(0,OFFSET($B1010,1,$A1010,ROW($A$1504)-ROW($A1010)),0))","v":0},{"$f":"IF(OR($A1010=\"S\",$A1010=0),0,MATCH(OFFSET($B1010,0,$A1010)+1,OFFSET($B1010,1,$A1010,ROW($A$1504)-ROW($A1010)),0))","v":0},"Insumo","11.5.14.","Cotação","Serv. Terc.","015","Coffee break (salgados)","Centro",15,65,"DI 1",81.25,1218.75,null,{"$f":"IF(OR($A1010=0,$A1010=\"S\",$A1010>CFF!$A$9),\"\",MAX(W$11:OFFSET(W1010,-1,0))+1)","v":""},"Serv. Terc.-015",95,null,{"$f":"IF($J1010=$G$2,ROUND(IF(ISNUMBER(S1010),S1010,IF(LEFT(S1010,2)=\"DI\",HLOOKUP(S1010,DADOS!$T$29:$X$30,2,FALSE),0)),4),\"\")","v":0.25}]
[{"$f":"CHOOSE(1+LOG(1+2*(J1011=$C$2)+4*(J1011=$D$2)+8*(J1011=$E$2)+16*(J1011=$F$2)+32*(J1011=$G$2),2),0,1,2,3,4,\"S\")","v":"S"},{"$f":"IF(OR(A1011=\"S\",A1011=0),0,IF(ISERROR(I1011),H1011,SMALL(H1011:I1011,1)))","v":0},{"$f":"IF($A1011=1,OFFSET(C1011,-1,0)+1,OFFSET(C1011,-1,0))","v":11},{"$f":"IF($A1011=1,0,IF($A1011=2,OFFSET(D1011,-1,0)+1,OFFSET(D1011,-1,0)))","v":5},{"$f":"IF(AND($A1011<=2,$A1011<>0),0,IF($A1011=3,OFFSET(E1011,-1,0)+1,OFFSET(E1011,-1,0)))","v":0},{"$f":"IF(AND($A1011<=3,$A1011<>0),0,IF($A1011=4,OFFSET(F1011,-1,0)+1,OFFSET(F1011,-1,0)))","v":0},{"$f":"IF(AND($A1011<=4,$A1011<>0),0,IF($A1011=\"S\",OFFSET(G1011,-1,0)+1,OFFSET(G1011,-1,0)))","v":15},{"$f":"IF(OR($A1011=\"S\",$A1011=0),0,MATCH(0,OFFSET($B1011,1,$A1011,ROW($A$1504)-ROW($A1011)),0))","v":0},{"$f":"IF(OR($A1011=\"S\",$A1011=0),0,MATCH(OFFSET($B1011,0,$A1011)+1,OFFSET($B1011,1,$A1011,ROW($A$1504)-ROW($A1011)),0))","v":0},"Insumo",{"$f":"IF($A1011=0,\"-\",CONCATENATE(C1011&\".\",IF(AND($A$5>=2,$A1011>=2),D1011&\".\",\"\"),IF(AND($A$5>=3,$A1011>=3),E1011&\".\",\"\"),IF(AND($A$5>=4,$A1011>=4),F1011&\".\",\"\"),IF($A1011=\"S\",G1011&\".\",\"\")))","v":"11.5.15."},{"$f":"IF(NOT(ISERROR($Y1011)),IF($Y1011<>FALSE,INDEX(Banco,$Y1011,4),\"\"),\"\")","v":"CRESS"},"Serv. Terc.","065",{"$f":"IF(NOT(ISERROR($Y1011)),IF($Y1011<>FALSE,INDEX(Banco,$Y1011,5),\"\"),\"\")","v":"Assistente Social com especialização em politicas sociais"},{"$f":"IF(NOT(ISERROR($Y1011)),IF($Y1011<>FALSE,INDEX(Banco,$Y1011,6),\"\"),\"\")","v":"Horas"},6,{"$f":"IF(NOT(ISERROR($Y1011)),IF($Y1011<>FALSE,INDEX(Banco,$Y1011,7),0),0)","v":141.75},"DI 1",{"$f":"IF($J1011=$G$2,ROUND(ROUND($R1011,2)*IF($R$9=\"Preço Unitário (R$)\",1,1+$AA1011),2),0)","v":177.19},{"$f":"IF($A1011=\"S\",VTOTAL1,IF($A1011=0,0,ROUND(SomaAgrup,2)))","v":1063.1400000000001},null,{"$f":"IF(OR($A1011=0,$A1011=\"S\",$A1011>CFF!$A$9),\"\",MAX(W$11:OFFSET(W1011,-1,0))+1)","v":""},{"$f":"IF(AND($J1011=$G$2,$N1011<>\"\",$M1011<>\"\"),CONCATENATE($M1011,\"-\",$N1011))","v":"Serv. Terc.-065"},{"$f":"IF(X1011<>FALSE,MATCH(X1011,OFFSET(Banco,0,0,,1),0))","v":145},null,{"$f":"IF($J1011=$G$2,ROUND(IF(ISNUMBER(S1011),S1011,IF(LEFT(S1011,2)=\"DI\",HLOOKUP(S1011,DADOS!$T$29:$X$30,2,FALSE),0)),4),\"\")","v":0.25}]
["S",0,11,5,0,0,16,{"$f":"IF(OR($A1012=\"S\",$A1012=0),0,MATCH(0,OFFSET($B1012,1,$A1012,ROW($A$1504)-ROW($A1012)),0))","v":0},{"$f":"IF(OR($A1012=\"S\",$A1012=0),0,MATCH(OFFSET($B1012,0,$A1012)+1,OFFSET($B1012,1,$A1012,ROW($A$1504)-ROW($A1012)),0))","v":0},"Insumo","11.5.16.","Cotação","Rec. Materiais","020","Guloseimas (balas e pirulito)","Pacote",4,12,"DI 1",15,60,null,{"$f":"IF(OR($A1012=0,$A1012=\"S\",$A1012>CFF!$A$9),\"\",MAX(W$11:OFFSET(W1012,-1,0))+1)","v":""},"Rec. Materiais-020",29,null,{"$f":"IF($J1012=$G$2,ROUND(IF(ISNUMBER(S1012),S1012,IF(LEFT(S1012,2)=\"DI\",HLOOKUP(S1012,DADOS!$T$29:$X$30,2,FALSE),0)),4),\"\")","v":0.25}]
["S",0,11,5,0,0,17,{"$f":"IF(OR($A1013=\"S\",$A1013=0),0,MATCH(0,OFFSET($B1013,1,$A1013,ROW($A$1504)-ROW($A1013)),0))","v":0},{"$f":"IF(OR($A1013=\"S\",$A1013=0),0,MATCH(OFFSET($B1013,0,$A1013)+1,OFFSET($B1013,1,$A1013,ROW($A$1504)-ROW($A1013)),0))","v":0},"Insumo","11.5.17.","Cotação","Rec. Materiais","021","Papel de presente","Folhas",8,1.5,"DI 1",1.88,15.04,null,{"$f":"IF(OR($A1013=0,$A1013=\"S\",$A1013>CFF!$A$9),\"\",MAX(W$11:OFFSET(W1013,-1,0))+1)","v":""},"Rec. Materiais-021",30,null,{"$f":"IF($J1013=$G$2,ROUND(IF(ISNUMBER(S1013),S1013,IF(LEFT(S1013,2)=\"DI\",HLOOKUP(S1013,DADOS!$T$29:$X$30,2,FALSE),0)),4),\"\")","v":0.25}]
["S",0,11,5,0,0,18,{"$f":"IF(OR($A1014=\"S\",$A1014=0),0,MATCH(0,OFFSET($B1014,1,$A1014,ROW($A$1504)-ROW($A1014)),0))","v":0},{"$f":"IF(OR($A1014=\"S\",$A1014=0),0,MATCH(OFFSET($B1014,0,$A1014)+1,OFFSET($B1014,1,$A1014,ROW($A$1504)-ROW($A1014)),0))","v":0},"Insumo","11.5.18.","Cotação","Rec. Materiais","026","Saco de lixo (100 litros)","Pacote",2,15,"DI 1",18.75,37.5,null,{"$f":"IF(OR($A1014=0,$A1014=\"S\",$A1014>CFF!$A$9),\"\",MAX(W$11:OFFSET(W1014,-1,0))+1)","v":""},"Rec. Materiais-026",35,null,{"$f":"IF($J1014=$G$2,ROUND(IF(ISNUMBER(S1014),S1014,IF(LEFT(S1014,2)=\"DI\",HLOOKUP(S1014,DADOS!$T$29:$X$30,2,FALSE),0)),4),\"\")","v":0.25}]
[{"$f":"CHOOSE(1+LOG(1+2*(J1015=$C$2)+4*(J1015=$D$2)+8*(J1015=$E$2)+16*(J1015=$F$2)+32*(J1015=$G$2),2),0,1,2,3,4,\"S\")","v":2},{"$f":"IF(OR(A1015=\"S\",A1015=0),0,IF(ISERROR(I1015),H1015,SMALL(H1015:I1015,1)))","v":6},{"$f":"IF($A1015=1,OFFSET(C1015,-1,0)+1,OFFSET(C1015,-1,0))","v":11},{"$f":"IF($A1015=1,0,IF($A1015=2,OFFSET(D1015,-1,0)+1,OFFSET(D1015,-1,0)))","v":6},{"$f":"IF(AND($A1015<=2,$A1015<>0),0,IF($A1015=3,OFFSET(E1015,-1,0)+1,OFFSET(E1015,-1,0)))","v":0},{"$f":"IF(AND($A1015<=3,$A1015<>0),0,IF($A1015=4,OFFSET(F1015,-1,0)+1,OFFSET(F1015,-1,0)))","v":0},{"$f":"IF(AND($A1015<=4,$A1015<>0),0,IF($A1015=\"S\",OFFSET(G1015,-1,0)+1,OFFSET(G1015,-1,0)))","v":0},{"$f":"IF(OR($A1015=\"S\",$A1015=0),0,MATCH(0,OFFSET($B1015,1,$A1015,ROW($A$1504)-ROW($A1015)),0))","v":12},{"$f":"IF(OR($A1015=\"S\",$A1015=0),0,MATCH(OFFSET($B1015,0,$A1015)+1,OFFSET($B1015,1,$A1015,ROW($A$1504)-ROW($A1015)),0))","v":6},"AtivNível 1",{"$f":"IF($A1015=0,\"-\",CONCATENATE(C1015&\".\",IF(AND($A$5>=2,$A1015>=2),D1015&\".\",\"\"),IF(AND($A$5>=3,$A1015>=3),E1015&\".\",\"\"),IF(AND($A$5>=4,$A1015>=4),F1015&\".\",\"\"),IF($A1015=\"S\",G1015&\".\",\"\")))","v":"11.6."},{"$f":"IF(NOT(ISERROR($Y1015)),IF($Y1015<>FALSE,INDEX(Banco,$Y1015,4),\"\"),\"\")","v":""},null,null,"Atividade 77 - Curso: Depilação região Parque São João",{"$f":"IF(NOT(ISERROR($Y1015)),IF($Y1015<>FALSE,INDEX(Banco,$Y1015,6),\"\"),\"\")","v":""},null,{"$f":"IF(NOT(ISERROR($Y1015)),IF($Y1015<>FALSE,INDEX(Banco,$Y1015,7),0),0)","v":0},"DI 1",{"$f":"IF($J1015=$G$2,ROUND(ROUND($R1015,2)*IF($R$9=\"Preço Unitário (R$)\",1,1+$AA1015),2),0)","v":0},{"$f":"IF($A1015=\"S\",VTOTAL1,IF($A1015=0,0,ROUND(SomaAgrup,2)))","v":25193.42},null,{"$f":"IF(OR($A1015=0,$A1015=\"S\",$A1015>CFF!$A$9),\"\",MAX(W$11:OFFSET(W1015,-1,0))+1)","v":88},{"$f":"IF(AND($J1015=$G$2,$N1015<>\"\",$M1015<>\"\"),CONCATENATE($M1015,\"-\",$N1015))","v":false},{"$f":"IF(X1015<>FALSE,MATCH(X1015,OFFSET(Banco,0,0,,1),0))","v":false},null,{"$f":"IF($J1015=$G$2,ROUND(IF(ISNUMBER(S1015),S1015,IF(LEFT(S1015,2)=\"DI\",HLOOKUP(S1015,DADOS!$T$29:$X$30,2,FALSE),0)),4),\"\")","v":""}]
[{"$f":"CHOOSE(1+LOG(1+2*(J1016=$C$2)+4*(J1016=$D$2)+8*(J1016=$E$2)+16*(J1016=$F$2)+32*(J1016=$G$2),2),0,1,2,3,4,\"S\")","v":"S"},{"$f":"IF(OR(A1016=\"S\",A1016=0),0,IF(ISERROR(I1016),H1016,SMALL(H1016:I1016,1)))","v":0},11,6,0,0,1,{"$f":"IF(OR($A1016=\"S\",$A1016=0),0,MATCH(0,OFFSET($B1016,1,$A1016,ROW($A$1504)-ROW($A1016)),0))","v":0},{"$f":"IF(OR($A1016=\"S\",$A1016=0),0,MATCH(OFFSET($B1016,0,$A1016)+1,OFFSET($B1016,1,$A1016,ROW($A$1504)-ROW($A1016)),0))","v":0},"Insumo",{"$f":"IF($A1016=0,\"-\",CONCATENATE(C1016&\".\",IF(AND($A$5>=2,$A1016>=2),D1016&\".\",\"\"),IF(AND($A$5>=3,$A1016>=3),E1016&\".\",\"\"),IF(AND($A$5>=4,$A1016>=4),F1016&\".\",\"\"),IF($A1016=\"S\",G1016&\".\",\"\")))","v":"11.6.1."},"CRESS","Rec. Humanos","002",{"$f":"IF(NOT(ISERROR($Y1016)),IF($Y1016<>FALSE,INDEX(Banco,$Y1016,5),\"\"),\"\")","v":"Assistente Social"},"Horas",6,133.81,"DI 1",167.26,1003.56,null,{"$f":"IF(OR($A1016=0,$A1016=\"S\",$A1016>CFF!$A$9),\"\",MAX(W$11:OFFSET(W1016,-1,0))+1)","v":""},"Rec. Humanos-002",{"$f":"IF(X1016<>FALSE,MATCH(X1016,OFFSET(Banco,0,0,,1),0))","v":4},null,{"$f":"IF($J1016=$G$2,ROUND(IF(ISNUMBER(S1016),S1016,IF(LEFT(S1016,2)=\"DI\",HLOOKUP(S1016,DADOS!$T$29:$X$30,2,FALSE),0)),4),\"\")","v":0.25}]
["S",0,11,6,0,0,2,{"$f":"IF(OR($A1017=\"S\",$A1017=0),0,MATCH(0,OFFSET($B1017,1,$A1017,ROW($A$1504)-ROW($A1017)),0))","v":0},{"$f":"IF(OR($A1017=\"S\",$A1017=0),0,MATCH(OFFSET($B1017,0,$A1017)+1,OFFSET($B1017,1,$A1017,ROW($A$1504)-ROW($A1017)),0))","v":0},"Insumo","11.6.2.","Cotação","Rec. Humanos","003",{"$f":"IF(NOT(ISERROR($Y1017)),IF($Y1017<>FALSE,INDEX(Banco,$Y1017,5),\"\"),\"\")","v":"Administrador (Técnico de Apoio) "},"Horas",6,103.65,"DI 1",129.56,777.36,null,{"$f":"IF(OR($A1017=0,$A1017=\"S\",$A1017>CFF!$A$9),\"\",MAX(W$11:OFFSET(W1017,-1,0))+1)","v":""},"Rec. Humanos-003",5,null,{"$f":"IF($J1017=$G$2,ROUND(IF(ISNUMBER(S1017),S1017,IF(LEFT(S1017,2)=\"DI\",HLOOKUP(S1017,DADOS!$T$29:$X$30,2,FALSE),0)),4),\"\")","v":0.25}]
["S",0,11,6,0,0,3,{"$f":"IF(OR($A1018=\"S\",$A1018=0),0,MATCH(0,OFFSET($B1018,1,$A1018,ROW($A$1504)-ROW($A1018)),0))","v":0},{"$f":"IF(OR($A1018=\"S\",$A1018=0),0,MATCH(OFFSET($B1018,0,$A1018)+1,OFFSET($B1018,1,$A1018,ROW($A$1504)-ROW($A1018)),0))","v":0},"Insumo","11.6.3.","SENAI","Serv. Terc.","083",{"$f":"IF(NOT(ISERROR($Y1018)),IF($Y1018<>FALSE,INDEX(Banco,$Y1018,5),\"\"),\"\")","v":"Depilação (curso completo)"},"Vagas",25,736.88,"DI 1",921.1,23027.5,null,{"$f":"IF(OR($A1018=0,$A1018=\"S\",$A1018>CFF!$A$9),\"\",MAX(W$11:OFFSET(W1018,-1,0))+1)","v":""},"Serv. Terc.-083",163,null,{"$f":"IF($J1018=$G$2,ROUND(IF(ISNUMBER(S1018),S1018,IF(LEFT(S1018,2)=\"DI\",HLOOKUP(S1018,DADOS!$T$29:$X$30,2,FALSE),0)),4),\"\")","v":0.25}]
["S",0,11,6,0,0,4,{"$f":"IF(OR($A1019=\"S\",$A1019=0),0,MATCH(0,OFFSET($B1019,1,$A1019,ROW($A$1504)-ROW($A1019)),0))","v":0},{"$f":"IF(OR($A1019=\"S\",$A1019=0),0,MATCH(OFFSET($B1019,0,$A1019)+1,OFFSET($B1019,1,$A1019,ROW($A$1504)-ROW($A1019)),0))","v":0},"Insumo","11.6.4.","Cotação","Serv. Terc.","033",{"$f":"IF(NOT(ISERROR($Y1019)),IF($Y1019<>FALSE,INDEX(Banco,$Y1019,5),\"\"),\"\")","v":"Coffe break (salgados) "},"Centro",4,65,"DI 1",81.25,325,null,{"$f":"IF(OR($A1019=0,$A1019=\"S\",$A1019>CFF!$A$9),\"\",MAX(W$11:OFFSET(W1019,-1,0))+1)","v":""},"Serv. Terc.-033",113,null,{"$f":"IF($J1019=$G$2,ROUND(IF(ISNUMBER(S1019),S1019,IF(LEFT(S1019,2)=\"DI\",HLOOKUP(S1019,DADOS!$T$29:$X$30,2,FALSE),0)),4),\"\")","v":0.25}]
["S",0,11,6,0,0,5,{"$f":"IF(OR($A1020=\"S\",$A1020=0),0,MATCH(0,OFFSET($B1020,1,$A1020,ROW($A$1504)-ROW($A1020)),0))","v":0},{"$f":"IF(OR($A1020=\"S\",$A1020=0),0,MATCH(OFFSET($B1020,0,$A1020)+1,OFFSET($B1020,1,$A1020,ROW($A$1504)-ROW($A1020)),0))","v":0},"Insumo","11.6.5.","Cotação","Serv. Terc.","027",{"$f":"IF(NOT(ISERROR($Y1020)),IF($Y1020<>FALSE,INDEX(Banco,$Y1020,5),\"\"),\"\")","v":"Refrigerantes (02 litros) "},"Unidade",8,6,"DI 1",7.5,60,null,{"$f":"IF(OR($A1020=0,$A1020=\"S\",$A1020>CFF!$A$9),\"\",MAX(W$11:OFFSET(W1020,-1,0))+1)","v":""},"Serv. Terc.-027",107,null,{"$f":"IF($J1020=$G$2,ROUND(IF(ISNUMBER(S1020),S1020,IF(LEFT(S1020,2)=\"DI\",HLOOKUP(S1020,DADOS!$T$29:$X$30,2,FALSE),0)),4),\"\")","v":0.25}]
[{"$f":"CHOOSE(1+LOG(1+2*(J1021=$C$2)+4*(J1021=$D$2)+8*(J1021=$E$2)+16*(J1021=$F$2)+32*(J1021=$G$2),2),0,1,2,3,4,\"S\")","v":2},{"$f":"IF(OR(A1021=\"S\",A1021=0),0,IF(ISERROR(I1021),H1021,SMALL(H1021:I1021,1)))","v":6},{"$f":"IF($A1021=1,OFFSET(C1021,-1,0)+1,OFFSET(C1021,-1,0))","v":11},{"$f":"IF($A1021=1,0,IF($A1021=2,OFFSET(D1021,-1,0)+1,OFFSET(D1021,-1,0)))","v":7},{"$f":"IF(AND($A1021<=2,$A1021<>0),0,IF($A1021=3,OFFSET(E1021,-1,0)+1,OFFSET(E1021,-1,0)))","v":0},{"$f":"IF(AND($A1021<=3,$A1021<>0),0,IF($A1021=4,OFFSET(F1021,-1,0)+1,OFFSET(F1021,-1,0)))","v":0},{"$f":"IF(AND($A1021<=4,$A1021<>0),0,IF($A1021=\"S\",OFFSET(G1021,-1,0)+1,OFFSET(G1021,-1,0)))","v":0},{"$f":"IF(OR($A1021=\"S\",$A1021=0),0,MATCH(0,OFFSET($B1021,1,$A1021,ROW($A$1504)-ROW($A1021)),0))","v":6},{"$f":"IF(OR($A1021=\"S\",$A1021=0),0,MATCH(OFFSET($B1021,0,$A1021)+1,OFFSET($B1021,1,$A1021,ROW($A$1504)-ROW($A1021)),0))","v":103},"AtivNível 1",{"$f":"IF($A1021=0,\"-\",CONCATENATE(C1021&\".\",IF(AND($A$5>=2,$A1021>=2),D1021&\".\",\"\"),IF(AND($A$5>=3,$A1021>=3),E1021&\".\",\"\"),IF(AND($A$5>=4,$A1021>=4),F1021&\".\",\"\"),IF($A1021=\"S\",G1021&\".\",\"\")))","v":"11.7."},{"$f":"IF(NOT(ISERROR($Y1021)),IF($Y1021<>FALSE,INDEX(Banco,$Y1021,4),\"\"),\"\")","v":""},null,null,"Atividade 78 - Curso de depilação região Jardim Ikaraí",{"$f":"IF(NOT(ISERROR($Y1021)),IF($Y1021<>FALSE,INDEX(Banco,$Y1021,6),\"\"),\"\")","v":""},null,{"$f":"IF(NOT(ISERROR($Y1021)),IF($Y1021<>FALSE,INDEX(Banco,$Y1021,7),0),0)","v":0},"DI 1",{"$f":"IF($J1021=$G$2,ROUND(ROUND($R1021,2)*IF($R$9=\"Preço Unitário (R$)\",1,1+$AA1021),2),0)","v":0},{"$f":"IF($A1021=\"S\",VTOTAL1,IF($A1021=0,0,ROUND(SomaAgrup,2)))","v":25193.42},null,{"$f":"IF(OR($A1021=0,$A1021=\"S\",$A1021>CFF!$A$9),\"\",MAX(W$11:OFFSET(W1021,-1,0))+1)","v":89},{"$f":"IF(AND($J1021=$G$2,$N1021<>\"\",$M1021<>\"\"),CONCATENATE($M1021,\"-\",$N1021))","v":false},{"$f":"IF(X1021<>FALSE,MATCH(X1021,OFFSET(Banco,0,0,,1),0))","v":false},null,{"$f":"IF($J1021=$G$2,ROUND(IF(ISNUMBER(S1021),S1021,IF(LEFT(S1021,2)=\"DI\",HLOOKUP(S1021,DADOS!$T$29:$X$30,2,FALSE),0)),4),\"\")","v":""}]
["S",0,11,7,0,0,1,{"$f":"IF(OR($A1022=\"S\",$A1022=0),0,MATCH(0,OFFSET($B1022,1,$A1022,ROW($A$1504)-ROW($A1022)),0))","v":0},{"$f":"IF(OR($A1022=\"S\",$A1022=0),0,MATCH(OFFSET($B1022,0,$A1022)+1,OFFSET($B1022,1,$A1022,ROW($A$1504)-ROW($A1022)),0))","v":0},"Insumo","11.7.1.","CRESS","Rec. Humanos","002",{"$f":"IF(NOT(ISERROR($Y1022)),IF($Y1022<>FALSE,INDEX(Banco,$Y1022,5),\"\"),\"\")","v":"Assistente Social"},"Horas",6,133.81,"DI 1",167.26,1003.56,null,{"$f":"IF(OR($A1022=0,$A1022=\"S\",$A1022>CFF!$A$9),\"\",MAX(W$11:OFFSET(W1022,-1,0))+1)","v":""},"Rec. Humanos-002",4,null,{"$f":"IF($J1022=$G$2,ROUND(IF(ISNUMBER(S1022),S1022,IF(LEFT(S1022,2)=\"DI\",HLOOKUP(S1022,DADOS!$T$29:$X$30,2,FALSE),0)),4),\"\")","v":0.25}]
["S",0,11,7,0,0,2,{"$f":"IF(OR($A1023=\"S\",$A1023=0),0,MATCH(0,OFFSET($B1023,1,$A1023,ROW($A$1504)-ROW($A1023)),0))","v":0},{"$f":"IF(OR($A1023=\"S\",$A1023=0),0,MATCH(OFFSET($B1023,0,$A1023)+1,OFFSET($B1023,1,$A1023,ROW($A$1504)-ROW($A1023)),0))","v":0},"Insumo","11.7.2.","Cotação","Rec. Humanos","003",{"$f":"IF(NOT(ISERROR($Y1023)),IF($Y1023<>FALSE,INDEX(Banco,$Y1023,5),\"\"),\"\")","v":"Administrador (Técnico de Apoio) "},"Horas",6,103.65,"DI 1",129.56,777.36,null,{"$f":"IF(OR($A1023=0,$A1023=\"S\",$A1023>CFF!$A$9),\"\",MAX(W$11:OFFSET(W1023,-1,0))+1)","v":""},"Rec. Humanos-003",5,null,{"$f":"IF($J1023=$G$2,ROUND(IF(ISNUMBER(S1023),S1023,IF(LEFT(S1023,2)=\"DI\",HLOOKUP(S1023,DADOS!$T$29:$X$30,2,FALSE),0)),4),\"\")","v":0.25}]
["S",0,11,7,0,0,3,{"$f":"IF(OR($A1024=\"S\",$A1024=0),0,MATCH(0,OFFSET($B1024,1,$A1024,ROW($A$1504)-ROW($A1024)),0))","v":0},{"$f":"IF(OR($A1024=\"S\",$A1024=0),0,MATCH(OFFSET($B1024,0,$A1024)+1,OFFSET($B1024,1,$A1024,ROW($A$1504)-ROW($A1024)),0))","v":0},"Insumo","11.7.3.","SENAI","Serv. Terc.","083",{"$f":"IF(NOT(ISERROR($Y1024)),IF($Y1024<>FALSE,INDEX(Banco,$Y1024,5),\"\"),\"\")","v":"Depilação (curso completo)"},"Vagas",25,736.88,"DI 1",921.1,23027.5,null,{"$f":"IF(OR($A1024=0,$A1024=\"S\",$A1024>CFF!$A$9),\"\",MAX(W$11:OFFSET(W1024,-1,0))+1)","v":""},"Serv. Terc.-083",163,null,{"$f":"IF($J1024=$G$2,ROUND(IF(ISNUMBER(S1024),S1024,IF(LEFT(S1024,2)=\"DI\",HLOOKUP(S1024,DADOS!$T$29:$X$30,2,FALSE),0)),4),\"\")","v":0.25}]
["S",0,11,7,0,0,4,{"$f":"IF(OR($A1025=\"S\",$A1025=0),0,MATCH(0,OFFSET($B1025,1,$A1025,ROW($A$1504)-ROW($A1025)),0))","v":0},{"$f":"IF(OR($A1025=\"S\",$A1025=0),0,MATCH(OFFSET($B1025,0,$A1025)+1,OFFSET($B1025,1,$A1025,ROW($A$1504)-ROW($A1025)),0))","v":0},"Insumo","11.7.4.","Cotação","Serv. Terc.","033",{"$f":"IF(NOT(ISERROR($Y1025)),IF($Y1025<>FALSE,INDEX(Banco,$Y1025,5),\"\"),\"\")","v":"Coffe break (salgados) "},"Centro",4,65,"DI 1",81.25,325,null,{"$f":"IF(OR($A1025=0,$A1025=\"S\",$A1025>CFF!$A$9),\"\",MAX(W$11:OFFSET(W1025,-1,0))+1)","v":""},"Serv. Terc.-033",113,null,{"$f":"IF($J1025=$G$2,ROUND(IF(ISNUMBER(S1025),S1025,IF(LEFT(S1025,2)=\"DI\",HLOOKUP(S1025,DADOS!$T$29:$X$30,2,FALSE),0)),4),\"\")","v":0.25}]
["S",0,11,7,0,0,5,{"$f":"IF(OR($A1026=\"S\",$A1026=0),0,MATCH(0,OFFSET($B1026,1,$A1026,ROW($A$1504)-ROW($A1026)),0))","v":0},{"$f":"IF(OR($A1026=\"S\",$A1026=0),0,MATCH(OFFSET($B1026,0,$A1026)+1,OFFSET($B1026,1,$A1026,ROW($A$1504)-ROW($A1026)),0))","v":0},"Insumo","11.7.5.","Cotação","Serv. Terc.","027",{"$f":"IF(NOT(ISERROR($Y1026)),IF($Y1026<>FALSE,INDEX(Banco,$Y1026,5),\"\"),\"\")","v":"Refrigerantes (02 litros) "},"Unidade",8,6,"DI 1",7.5,60,null,{"$f":"IF(OR($A1026=0,$A1026=\"S\",$A1026>CFF!$A$9),\"\",MAX(W$11:OFFSET(W1026,-1,0))+1)","v":""},"Serv. Terc.-027",107,null,{"$f":"IF($J1026=$G$2,ROUND(IF(ISNUMBER(S1026),S1026,IF(LEFT(S1026,2)=\"DI\",HLOOKUP(S1026,DADOS!$T$29:$X$30,2,FALSE),0)),4),\"\")","v":0.25}]
[{"$f":"CHOOSE(1+LOG(1+2*(J1027=$C$2)+4*(J1027=$D$2)+8*(J1027=$E$2)+16*(J1027=$F$2)+32*(J1027=$G$2),2),0,1,2,3,4,\"S\")","v":1},{"$f":"IF(OR(A1027=\"S\",A1027=0),0,IF(ISERROR(I1027),H1027,SMALL(H1027:I1027,1)))","v":101},{"$f":"IF($A1027=1,OFFSET(C1027,-1,0)+1,OFFSET(C1027,-1,0))","v":12},{"$f":"IF($A1027=1,0,IF($A1027=2,OFFSET(D1027,-1,0)+1,OFFSET(D1027,-1,0)))","v":0},{"$f":"IF(AND($A1027<=2,$A1027<>0),0,IF($A1027=3,OFFSET(E1027,-1,0)+1,OFFSET(E1027,-1,0)))","v":0},{"$f":"IF(AND($A1027<=3,$A1027<>0),0,IF($A1027=4,OFFSET(F1027,-1,0)+1,OFFSET(F1027,-1,0)))","v":0},{"$f":"IF(AND($A1027<=4,$A1027<>0),0,IF($A1027=\"S\",OFFSET(G1027,-1,0)+1,OFFSET(G1027,-1,0)))","v":0},{"$f":"IF(OR($A1027=\"S\",$A1027=0),0,MATCH(0,OFFSET($B1027,1,$A1027,ROW($A$1504)-ROW($A1027)),0))","v":477},{"$f":"IF(OR($A1027=\"S\",$A1027=0),0,MATCH(OFFSET($B1027,0,$A1027)+1,OFFSET($B1027,1,$A1027,ROW($A$1504)-ROW($A1027)),0))","v":101},"Ação",{"$f":"IF($A1027=0,\"-\",CONCATENATE(C1027&\".\",IF(AND($A$5>=2,$A1027>=2),D1027&\".\",\"\"),IF(AND($A$5>=3,$A1027>=3),E1027&\".\",\"\"),IF(AND($A$5>=4,$A1027>=4),F1027&\".\",\"\"),IF($A1027=\"S\",G1027&\".\",\"\")))","v":"12."},{"$f":"IF(NOT(ISERROR($Y1027)),IF($Y1027<>FALSE,INDEX(Banco,$Y1027,4),\"\"),\"\")","v":""},null,null,"MÊS 12 AÇÃO COMUNITÁRIA/SAÚDE E INFORMAÇÕES",{"$f":"IF(NOT(ISERROR($Y1027)),IF($Y1027<>FALSE,INDEX(Banco,$Y1027,6),\"\"),\"\")","v":""},null,{"$f":"IF(NOT(ISERROR($Y1027)),IF($Y1027<>FALSE,INDEX(Banco,$Y1027,7),0),0)","v":0},"DI 1",{"$f":"IF($J1027=$G$2,ROUND(ROUND($R1027,2)*IF($R$9=\"Preço Unitário (R$)\",1,1+$AA1027),2),0)","v":0},{"$f":"IF($A1027=\"S\",VTOTAL1,IF($A1027=0,0,ROUND(SomaAgrup,2)))","v":65124.22},null,{"$f":"IF(OR($A1027=0,$A1027=\"S\",$A1027>CFF!$A$9),\"\",MAX(W$11:OFFSET(W1027,-1,0))+1)","v":90},{"$f":"IF(AND($J1027=$G$2,$N1027<>\"\",$M1027<>\"\"),CONCATENATE($M1027,\"-\",$N1027))","v":false},{"$f":"IF(X1027<>FALSE,MATCH(X1027,OFFSET(Banco,0,0,,1),0))","v":false},null,{"$f":"IF($J1027=$G$2,ROUND(IF(ISNUMBER(S1027),S1027,IF(LEFT(S1027,2)=\"DI\",HLOOKUP(S1027,DADOS!$T$29:$X$30,2,FALSE),0)),4),\"\")","v":""}]
[{"$f":"CHOOSE(1+LOG(1+2*(J1028=$C$2)+4*(J1028=$D$2)+8*(J1028=$E$2)+16*(J1028=$F$2)+32*(J1028=$G$2),2),0,1,2,3,4,\"S\")","v":2},{"$f":"IF(OR(A1028=\"S\",A1028=0),0,IF(ISERROR(I1028),H1028,SMALL(H1028:I1028,1)))","v":25},{"$f":"IF($A1028=1,OFFSET(C1028,-1,0)+1,OFFSET(C1028,-1,0))","v":12},{"$f":"IF($A1028=1,0,IF($A1028=2,OFFSET(D1028,-1,0)+1,OFFSET(D1028,-1,0)))","v":1},{"$f":"IF(AND($A1028<=2,$A1028<>0),0,IF($A1028=3,OFFSET(E1028,-1,0)+1,OFFSET(E1028,-1,0)))","v":0},{"$f":"IF(AND($A1028<=3,$A1028<>0),0,IF($A1028=4,OFFSET(F1028,-1,0)+1,OFFSET(F1028,-1,0)))","v":0},{"$f":"IF(AND($A1028<=4,$A1028<>0),0,IF($A1028=\"S\",OFFSET(G1028,-1,0)+1,OFFSET(G1028,-1,0)))","v":0},{"$f":"IF(OR($A1028=\"S\",$A1028=0),0,MATCH(0,OFFSET($B1028,1,$A1028,ROW($A$1504)-ROW($A1028)),0))","v":100},{"$f":"IF(OR($A1028=\"S\",$A1028=0),0,MATCH(OFFSET($B1028,0,$A1028)+1,OFFSET($B1028,1,$A1028,ROW($A$1504)-ROW($A1028)),0))","v":25},"AtivNível 1",{"$f":"IF($A1028=0,\"-\",CONCATENATE(C1028&\".\",IF(AND($A$5>=2,$A1028>=2),D1028&\".\",\"\"),IF(AND($A$5>=3,$A1028>=3),E1028&\".\",\"\"),IF(AND($A$5>=4,$A1028>=4),F1028&\".\",\"\"),IF($A1028=\"S\",G1028&\".\",\"\")))","v":"12.1."},{"$f":"IF(NOT(ISERROR($Y1028)),IF($Y1028<>FALSE,INDEX(Banco,$Y1028,4),\"\"),\"\")","v":""},null,null,"Atividade 79 - Ação comunitária e multirão de limpeza região Parque São João",{"$f":"IF(NOT(ISERROR($Y1028)),IF($Y1028<>FALSE,INDEX(Banco,$Y1028,6),\"\"),\"\")","v":""},null,{"$f":"IF(NOT(ISERROR($Y1028)),IF($Y1028<>FALSE,INDEX(Banco,$Y1028,7),0),0)","v":0},"DI 1",{"$f":"IF($J1028=$G$2,ROUND(ROUND($R1028,2)*IF($R$9=\"Preço Unitário (R$)\",1,1+$AA1028),2),0)","v":0},{"$f":"IF($A1028=\"S\",VTOTAL1,IF($A1028=0,0,ROUND(SomaAgrup,2)))","v":16495.03},null,{"$f":"IF(OR($A1028=0,$A1028=\"S\",$A1028>CFF!$A$9),\"\",MAX(W$11:OFFSET(W1028,-1,0))+1)","v":91},{"$f":"IF(AND($J1028=$G$2,$N1028<>\"\",$M1028<>\"\"),CONCATENATE($M1028,\"-\",$N1028))","v":false},{"$f":"IF(X1028<>FALSE,MATCH(X1028,OFFSET(Banco,0,0,,1),0))","v":false},null,{"$f":"IF($J1028=$G$2,ROUND(IF(ISNUMBER(S1028),S1028,IF(LEFT(S1028,2)=\"DI\",HLOOKUP(S1028,DADOS!$T$29:$X$30,2,FALSE),0)),4),\"\")","v":""}]
[{"$f":"CHOOSE(1+LOG(1+2*(J1029=$C$2)+4*(J1029=$D$2)+8*(J1029=$E$2)+16*(J1029=$F$2)+32*(J1029=$G$2),2),0,1,2,3,4,\"S\")","v":"S"},{"$f":"IF(OR(A1029=\"S\",A1029=0),0,IF(ISERROR(I1029),H1029,SMALL(H1029:I1029,1)))","v":0},{"$f":"IF($A1029=1,OFFSET(C1029,-1,0)+1,OFFSET(C1029,-1,0))","v":12},{"$f":"IF($A1029=1,0,IF($A1029=2,OFFSET(D1029,-1,0)+1,OFFSET(D1029,-1,0)))","v":1},{"$f":"IF(AND($A1029<=2,$A1029<>0),0,IF($A1029=3,OFFSET(E1029,-1,0)+1,OFFSET(E1029,-1,0)))","v":0},{"$f":"IF(AND($A1029<=3,$A1029<>0),0,IF($A1029=4,OFFSET(F1029,-1,0)+1,OFFSET(F1029,-1,0)))","v":0},{"$f":"IF(AND($A1029<=4,$A1029<>0),0,IF($A1029=\"S\",OFFSET(G1029,-1,0)+1,OFFSET(G1029,-1,0)))","v":1},{"$f":"IF(OR($A1029=\"S\",$A1029=0),0,MATCH(0,OFFSET($B1029,1,$A1029,ROW($A$1504)-ROW($A1029)),0))","v":0},{"$f":"IF(OR($A1029=\"S\",$A1029=0),0,MATCH(OFFSET($B1029,0,$A1029)+1,OFFSET($B1029,1,$A1029,ROW($A$1504)-ROW($A1029)),0))","v":0},"Insumo",{"$f":"IF($A1029=0,\"-\",CONCATENATE(C1029&\".\",IF(AND($A$5>=2,$A1029>=2),D1029&\".\",\"\"),IF(AND($A$5>=3,$A1029>=3),E1029&\".\",\"\"),IF(AND($A$5>=4,$A1029>=4),F1029&\".\",\"\"),IF($A1029=\"S\",G1029&\".\",\"\")))","v":"12.1.1."},{"$f":"IF(NOT(ISERROR($Y1029)),IF($Y1029<>FALSE,INDEX(Banco,$Y1029,4),\"\"),\"\")","v":"CRESS"},"Rec. Humanos","001",{"$f":"IF(NOT(ISERROR($Y1029)),IF($Y1029<>FALSE,INDEX(Banco,$Y1029,5),\"\"),\"\")","v":"Responsável Técnica"},{"$f":"IF(NOT(ISERROR($Y1029)),IF($Y1029<>FALSE,INDEX(Banco,$Y1029,6),\"\"),\"\")","v":"Horas"},14,{"$f":"IF(NOT(ISERROR($Y1029)),IF($Y1029<>FALSE,INDEX(Banco,$Y1029,7),0),0)","v":150.28},"DI 1",{"$f":"IF($J1029=$G$2,ROUND(ROUND($R1029,2)*IF($R$9=\"Preço Unitário (R$)\",1,1+$AA1029),2),0)","v":187.85},{"$f":"IF($A1029=\"S\",VTOTAL1,IF($A1029=0,0,ROUND(SomaAgrup,2)))","v":2629.9},null,{"$f":"IF(OR($A1029=0,$A1029=\"S\",$A1029>CFF!$A$9),\"\",MAX(W$11:OFFSET(W1029,-1,0))+1)","v":""},{"$f":"IF(AND($J1029=$G$2,$N1029<>\"\",$M1029<>\"\"),CONCATENATE($M1029,\"-\",$N1029))","v":"Rec. Humanos-001"},{"$f":"IF(X1029<>FALSE,MATCH(X1029,OFFSET(Banco,0,0,,1),0))","v":3},null,{"$f":"IF($J1029=$G$2,ROUND(IF(ISNUMBER(S1029),S1029,IF(LEFT(S1029,2)=\"DI\",HLOOKUP(S1029,DADOS!$T$29:$X$30,2,FALSE),0)),4),\"\")","v":0.25}]
["S",0,12,1,0,0,2,{"$f":"IF(OR($A1030=\"S\",$A1030=0),0,MATCH(0,OFFSET($B1030,1,$A1030,ROW($A$1504)-ROW($A1030)),0))","v":0},{"$f":"IF(OR($A1030=\"S\",$A1030=0),0,MATCH(OFFSET($B1030,0,$A1030)+1,OFFSET($B1030,1,$A1030,ROW($A$1504)-ROW($A1030)),0))","v":0},"Insumo","12.1.2.","CRESS","Rec. Humanos","002","Assistente Social","Horas",12,133.81,"DI 1",167.26,2007.12,null,{"$f":"IF(OR($A1030=0,$A1030=\"S\",$A1030>CFF!$A$9),\"\",MAX(W$11:OFFSET(W1030,-1,0))+1)","v":""},"Rec. Humanos-002",4,null,{"$f":"IF($J1030=$G$2,ROUND(IF(ISNUMBER(S1030),S1030,IF(LEFT(S1030,2)=\"DI\",HLOOKUP(S1030,DADOS!$T$29:$X$30,2,FALSE),0)),4),\"\")","v":0.25}]
["S",0,12,1,0,0,3,{"$f":"IF(OR($A1031=\"S\",$A1031=0),0,MATCH(0,OFFSET($B1031,1,$A1031,ROW($A$1504)-ROW($A1031)),0))","v":0},{"$f":"IF(OR($A1031=\"S\",$A1031=0),0,MATCH(OFFSET($B1031,0,$A1031)+1,OFFSET($B1031,1,$A1031,ROW($A$1504)-ROW($A1031)),0))","v":0},"Insumo","12.1.3.","Cotação","Rec. Humanos","003","Administrador (Técnico de Apoio) ","Horas",6,103.65,"DI 1",129.56,777.36,null,{"$f":"IF(OR($A1031=0,$A1031=\"S\",$A1031>CFF!$A$9),\"\",MAX(W$11:OFFSET(W1031,-1,0))+1)","v":""},"Rec. Humanos-003",5,null,{"$f":"IF($J1031=$G$2,ROUND(IF(ISNUMBER(S1031),S1031,IF(LEFT(S1031,2)=\"DI\",HLOOKUP(S1031,DADOS!$T$29:$X$30,2,FALSE),0)),4),\"\")","v":0.25}]
["S",0,12,1,0,0,4,{"$f":"IF(OR($A1032=\"S\",$A1032=0),0,MATCH(0,OFFSET($B1032,1,$A1032,ROW($A$1504)-ROW($A1032)),0))","v":0},{"$f":"IF(OR($A1032=\"S\",$A1032=0),0,MATCH(OFFSET($B1032,0,$A1032)+1,OFFSET($B1032,1,$A1032,ROW($A$1504)-ROW($A1032)),0))","v":0},"Insumo","12.1.4.","SINE","Rec. Humanos","004","Estagiários","Horas",28,9.7899999999999991,"DI 1",12.24,342.72,null,{"$f":"IF(OR($A1032=0,$A1032=\"S\",$A1032>CFF!$A$9),\"\",MAX(W$11:OFFSET(W1032,-1,0))+1)","v":""},"Rec. Humanos-004",6,null,{"$f":"IF($J1032=$G$2,ROUND(IF(ISNUMBER(S1032),S1032,IF(LEFT(S1032,2)=\"DI\",HLOOKUP(S1032,DADOS!$T$29:$X$30,2,FALSE),0)),4),\"\")","v":0.25}]
["S",0,12,1,0,0,5,{"$f":"IF(OR($A1033=\"S\",$A1033=0),0,MATCH(0,OFFSET($B1033,1,$A1033,ROW($A$1504)-ROW($A1033)),0))","v":0},{"$f":"IF(OR($A1033=\"S\",$A1033=0),0,MATCH(OFFSET($B1033,0,$A1033)+1,OFFSET($B1033,1,$A1033,ROW($A$1504)-ROW($A1033)),0))","v":0},"Insumo","12.1.5.","Cotação","Serv. Terc.","001","Fotocópias","Unidade",300,0.3,"DI 1",0.38,114,null,{"$f":"IF(OR($A1033=0,$A1033=\"S\",$A1033>CFF!$A$9),\"\",MAX(W$11:OFFSET(W1033,-1,0))+1)","v":""},"Serv. Terc.-001",81,null,{"$f":"IF($J1033=$G$2,ROUND(IF(ISNUMBER(S1033),S1033,IF(LEFT(S1033,2)=\"DI\",HLOOKUP(S1033,DADOS!$T$29:$X$30,2,FALSE),0)),4),\"\")","v":0.25}]
[{"$f":"CHOOSE(1+LOG(1+2*(J1034=$C$2)+4*(J1034=$D$2)+8*(J1034=$E$2)+16*(J1034=$F$2)+32*(J1034=$G$2),2),0,1,2,3,4,\"S\")","v":"S"},{"$f":"IF(OR(A1034=\"S\",A1034=0),0,IF(ISERROR(I1034),H1034,SMALL(H1034:I1034,1)))","v":0},{"$f":"IF($A1034=1,OFFSET(C1034,-1,0)+1,OFFSET(C1034,-1,0))","v":12},{"$f":"IF($A1034=1,0,IF($A1034=2,OFFSET(D1034,-1,0)+1,OFFSET(D1034,-1,0)))","v":1},{"$f":"IF(AND($A1034<=2,$A1034<>0),0,IF($A1034=3,OFFSET(E1034,-1,0)+1,OFFSET(E1034,-1,0)))","v":0},{"$f":"IF(AND($A1034<=3,$A1034<>0),0,IF($A1034=4,OFFSET(F1034,-1,0)+1,OFFSET(F1034,-1,0)))","v":0},{"$f":"IF(AND($A1034<=4,$A1034<>0),0,IF($A1034=\"S\",OFFSET(G1034,-1,0)+1,OFFSET(G1034,-1,0)))","v":6},{"$f":"IF(OR($A1034=\"S\",$A1034=0),0,MATCH(0,OFFSET($B1034,1,$A1034,ROW($A$1504)-ROW($A1034)),0))","v":0},{"$f":"IF(OR($A1034=\"S\",$A1034=0),0,MATCH(OFFSET($B1034,0,$A1034)+1,OFFSET($B1034,1,$A1034,ROW($A$1504)-ROW($A1034)),0))","v":0},"Insumo",{"$f":"IF($A1034=0,\"-\",CONCATENATE(C1034&\".\",IF(AND($A$5>=2,$A1034>=2),D1034&\".\",\"\"),IF(AND($A$5>=3,$A1034>=3),E1034&\".\",\"\"),IF(AND($A$5>=4,$A1034>=4),F1034&\".\",\"\"),IF($A1034=\"S\",G1034&\".\",\"\")))","v":"12.1.6."},{"$f":"IF(NOT(ISERROR($Y1034)),IF($Y1034<>FALSE,INDEX(Banco,$Y1034,4),\"\"),\"\")","v":"Cotação"},"Serv. Terc.","017",{"$f":"IF(NOT(ISERROR($Y1034)),IF($Y1034<>FALSE,INDEX(Banco,$Y1034,5),\"\"),\"\")","v":"Instrutor/Monitor (Educação Fisíca)"},{"$f":"IF(NOT(ISERROR($Y1034)),IF($Y1034<>FALSE,INDEX(Banco,$Y1034,6),\"\"),\"\")","v":"Horas"},3,{"$f":"IF(NOT(ISERROR($Y1034)),IF($Y1034<>FALSE,INDEX(Banco,$Y1034,7),0),0)","v":100},"DI 1",{"$f":"IF($J1034=$G$2,ROUND(ROUND($R1034,2)*IF($R$9=\"Preço Unitário (R$)\",1,1+$AA1034),2),0)","v":125},{"$f":"IF($A1034=\"S\",VTOTAL1,IF($A1034=0,0,ROUND(SomaAgrup,2)))","v":375},null,{"$f":"IF(OR($A1034=0,$A1034=\"S\",$A1034>CFF!$A$9),\"\",MAX(W$11:OFFSET(W1034,-1,0))+1)","v":""},{"$f":"IF(AND($J1034=$G$2,$N1034<>\"\",$M1034<>\"\"),CONCATENATE($M1034,\"-\",$N1034))","v":"Serv. Terc.-017"},{"$f":"IF(X1034<>FALSE,MATCH(X1034,OFFSET(Banco,0,0,,1),0))","v":97},null,{"$f":"IF($J1034=$G$2,ROUND(IF(ISNUMBER(S1034),S1034,IF(LEFT(S1034,2)=\"DI\",HLOOKUP(S1034,DADOS!$T$29:$X$30,2,FALSE),0)),4),\"\")","v":0.25}]
["S",0,12,1,0,0,7,{"$f":"IF(OR($A1035=\"S\",$A1035=0),0,MATCH(0,OFFSET($B1035,1,$A1035,ROW($A$1504)-ROW($A1035)),0))","v":0},{"$f":"IF(OR($A1035=\"S\",$A1035=0),0,MATCH(OFFSET($B1035,0,$A1035)+1,OFFSET($B1035,1,$A1035,ROW($A$1504)-ROW($A1035)),0))","v":0},"Insumo","12.1.7.","Cotação","Serv. Terc.","002","Carro de som com gravação de vinheta","Horas",3,200,"DI 1",250,750,null,{"$f":"IF(OR($A1035=0,$A1035=\"S\",$A1035>CFF!$A$9),\"\",MAX(W$11:OFFSET(W1035,-1,0))+1)","v":""},"Serv. Terc.-002",82,null,{"$f":"IF($J1035=$G$2,ROUND(IF(ISNUMBER(S1035),S1035,IF(LEFT(S1035,2)=\"DI\",HLOOKUP(S1035,DADOS!$T$29:$X$30,2,FALSE),0)),4),\"\")","v":0.25}]
["S",0,12,1,0,0,8,{"$f":"IF(OR($A1036=\"S\",$A1036=0),0,MATCH(0,OFFSET($B1036,1,$A1036,ROW($A$1504)-ROW($A1036)),0))","v":0},{"$f":"IF(OR($A1036=\"S\",$A1036=0),0,MATCH(OFFSET($B1036,0,$A1036)+1,OFFSET($B1036,1,$A1036,ROW($A$1504)-ROW($A1036)),0))","v":0},"Insumo","12.1.8.","Cotação","Serv. Terc.","003","Locação de mesas","Unidade",12,3,"DI 1",3.75,45,null,{"$f":"IF(OR($A1036=0,$A1036=\"S\",$A1036>CFF!$A$9),\"\",MAX(W$11:OFFSET(W1036,-1,0))+1)","v":""},"Serv. Terc.-003",83,null,{"$f":"IF($J1036=$G$2,ROUND(IF(ISNUMBER(S1036),S1036,IF(LEFT(S1036,2)=\"DI\",HLOOKUP(S1036,DADOS!$T$29:$X$30,2,FALSE),0)),4),\"\")","v":0.25}]
["S",0,12,1,0,0,9,{"$f":"IF(OR($A1037=\"S\",$A1037=0),0,MATCH(0,OFFSET($B1037,1,$A1037,ROW($A$1504)-ROW($A1037)),0))","v":0},{"$f":"IF(OR($A1037=\"S\",$A1037=0),0,MATCH(OFFSET($B1037,0,$A1037)+1,OFFSET($B1037,1,$A1037,ROW($A$1504)-ROW($A1037)),0))","v":0},"Insumo","12.1.9.","Cotação","Serv. Terc.","004","Locação de cadeiras","Unidade",200,2,"DI 1",2.5,500,null,{"$f":"IF(OR($A1037=0,$A1037=\"S\",$A1037>CFF!$A$9),\"\",MAX(W$11:OFFSET(W1037,-1,0))+1)","v":""},"Serv. Terc.-004",84,null,{"$f":"IF($J1037=$G$2,ROUND(IF(ISNUMBER(S1037),S1037,IF(LEFT(S1037,2)=\"DI\",HLOOKUP(S1037,DADOS!$T$29:$X$30,2,FALSE),0)),4),\"\")","v":0.25}]
["S",0,12,1,0,0,10,{"$f":"IF(OR($A1038=\"S\",$A1038=0),0,MATCH(0,OFFSET($B1038,1,$A1038,ROW($A$1504)-ROW($A1038)),0))","v":0},{"$f":"IF(OR($A1038=\"S\",$A1038=0),0,MATCH(OFFSET($B1038,0,$A1038)+1,OFFSET($B1038,1,$A1038,ROW($A$1504)-ROW($A1038)),0))","v":0},"Insumo","12.1.10.","Cotação","Serv. Terc.","005","Locação de caixa térmica","Unidade",1,40,"DI 1",50,50,null,{"$f":"IF(OR($A1038=0,$A1038=\"S\",$A1038>CFF!$A$9),\"\",MAX(W$11:OFFSET(W1038,-1,0))+1)","v":""},"Serv. Terc.-005",85,null,{"$f":"IF($J1038=$G$2,ROUND(IF(ISNUMBER(S1038),S1038,IF(LEFT(S1038,2)=\"DI\",HLOOKUP(S1038,DADOS!$T$29:$X$30,2,FALSE),0)),4),\"\")","v":0.25}]
["S",0,12,1,0,0,11,{"$f":"IF(OR($A1039=\"S\",$A1039=0),0,MATCH(0,OFFSET($B1039,1,$A1039,ROW($A$1504)-ROW($A1039)),0))","v":0},{"$f":"IF(OR($A1039=\"S\",$A1039=0),0,MATCH(OFFSET($B1039,0,$A1039)+1,OFFSET($B1039,1,$A1039,ROW($A$1504)-ROW($A1039)),0))","v":0},"Insumo","12.1.11.","Cotação","Serv. Terc.","006","Locação de tendas","Unidade",4,250,"DI 1",312.5,1250,null,{"$f":"IF(OR($A1039=0,$A1039=\"S\",$A1039>CFF!$A$9),\"\",MAX(W$11:OFFSET(W1039,-1,0))+1)","v":""},"Serv. Terc.-006",86,null,{"$f":"IF($J1039=$G$2,ROUND(IF(ISNUMBER(S1039),S1039,IF(LEFT(S1039,2)=\"DI\",HLOOKUP(S1039,DADOS!$T$29:$X$30,2,FALSE),0)),4),\"\")","v":0.25}]
[{"$f":"CHOOSE(1+LOG(1+2*(J1040=$C$2)+4*(J1040=$D$2)+8*(J1040=$E$2)+16*(J1040=$F$2)+32*(J1040=$G$2),2),0,1,2,3,4,\"S\")","v":"S"},{"$f":"IF(OR(A1040=\"S\",A1040=0),0,IF(ISERROR(I1040),H1040,SMALL(H1040:I1040,1)))","v":0},{"$f":"IF($A1040=1,OFFSET(C1040,-1,0)+1,OFFSET(C1040,-1,0))","v":12},{"$f":"IF($A1040=1,0,IF($A1040=2,OFFSET(D1040,-1,0)+1,OFFSET(D1040,-1,0)))","v":1},{"$f":"IF(AND($A1040<=2,$A1040<>0),0,IF($A1040=3,OFFSET(E1040,-1,0)+1,OFFSET(E1040,-1,0)))","v":0},{"$f":"IF(AND($A1040<=3,$A1040<>0),0,IF($A1040=4,OFFSET(F1040,-1,0)+1,OFFSET(F1040,-1,0)))","v":0},{"$f":"IF(AND($A1040<=4,$A1040<>0),0,IF($A1040=\"S\",OFFSET(G1040,-1,0)+1,OFFSET(G1040,-1,0)))","v":12},{"$f":"IF(OR($A1040=\"S\",$A1040=0),0,MATCH(0,OFFSET($B1040,1,$A1040,ROW($A$1504)-ROW($A1040)),0))","v":0},{"$f":"IF(OR($A1040=\"S\",$A1040=0),0,MATCH(OFFSET($B1040,0,$A1040)+1,OFFSET($B1040,1,$A1040,ROW($A$1504)-ROW($A1040)),0))","v":0},"Insumo",{"$f":"IF($A1040=0,\"-\",CONCATENATE(C1040&\".\",IF(AND($A$5>=2,$A1040>=2),D1040&\".\",\"\"),IF(AND($A$5>=3,$A1040>=3),E1040&\".\",\"\"),IF(AND($A$5>=4,$A1040>=4),F1040&\".\",\"\"),IF($A1040=\"S\",G1040&\".\",\"\")))","v":"12.1.12."},{"$f":"IF(NOT(ISERROR($Y1040)),IF($Y1040<>FALSE,INDEX(Banco,$Y1040,4),\"\"),\"\")","v":"Cotação"},"Serv. Terc.","012",{"$f":"IF(NOT(ISERROR($Y1040)),IF($Y1040<>FALSE,INDEX(Banco,$Y1040,5),\"\"),\"\")","v":"Água (garrafão de 20 litros)"},{"$f":"IF(NOT(ISERROR($Y1040)),IF($Y1040<>FALSE,INDEX(Banco,$Y1040,6),\"\"),\"\")","v":"Unidade"},2,{"$f":"IF(NOT(ISERROR($Y1040)),IF($Y1040<>FALSE,INDEX(Banco,$Y1040,7),0),0)","v":10},"DI 1",{"$f":"IF($J1040=$G$2,ROUND(ROUND($R1040,2)*IF($R$9=\"Preço Unitário (R$)\",1,1+$AA1040),2),0)","v":12.5},{"$f":"IF($A1040=\"S\",VTOTAL1,IF($A1040=0,0,ROUND(SomaAgrup,2)))","v":25},null,{"$f":"IF(OR($A1040=0,$A1040=\"S\",$A1040>CFF!$A$9),\"\",MAX(W$11:OFFSET(W1040,-1,0))+1)","v":""},{"$f":"IF(AND($J1040=$G$2,$N1040<>\"\",$M1040<>\"\"),CONCATENATE($M1040,\"-\",$N1040))","v":"Serv. Terc.-012"},{"$f":"IF(X1040<>FALSE,MATCH(X1040,OFFSET(Banco,0,0,,1),0))","v":92},null,{"$f":"IF($J1040=$G$2,ROUND(IF(ISNUMBER(S1040),S1040,IF(LEFT(S1040,2)=\"DI\",HLOOKUP(S1040,DADOS!$T$29:$X$30,2,FALSE),0)),4),\"\")","v":0.25}]
[{"$f":"CHOOSE(1+LOG(1+2*(J1041=$C$2)+4*(J1041=$D$2)+8*(J1041=$E$2)+16*(J1041=$F$2)+32*(J1041=$G$2),2),0,1,2,3,4,\"S\")","v":"S"},{"$f":"IF(OR(A1041=\"S\",A1041=0),0,IF(ISERROR(I1041),H1041,SMALL(H1041:I1041,1)))","v":0},{"$f":"IF($A1041=1,OFFSET(C1041,-1,0)+1,OFFSET(C1041,-1,0))","v":12},{"$f":"IF($A1041=1,0,IF($A1041=2,OFFSET(D1041,-1,0)+1,OFFSET(D1041,-1,0)))","v":1},{"$f":"IF(AND($A1041<=2,$A1041<>0),0,IF($A1041=3,OFFSET(E1041,-1,0)+1,OFFSET(E1041,-1,0)))","v":0},{"$f":"IF(AND($A1041<=3,$A1041<>0),0,IF($A1041=4,OFFSET(F1041,-1,0)+1,OFFSET(F1041,-1,0)))","v":0},{"$f":"IF(AND($A1041<=4,$A1041<>0),0,IF($A1041=\"S\",OFFSET(G1041,-1,0)+1,OFFSET(G1041,-1,0)))","v":13},{"$f":"IF(OR($A1041=\"S\",$A1041=0),0,MATCH(0,OFFSET($B1041,1,$A1041,ROW($A$1504)-ROW($A1041)),0))","v":0},{"$f":"IF(OR($A1041=\"S\",$A1041=0),0,MATCH(OFFSET($B1041,0,$A1041)+1,OFFSET($B1041,1,$A1041,ROW($A$1504)-ROW($A1041)),0))","v":0},"Insumo",{"$f":"IF($A1041=0,\"-\",CONCATENATE(C1041&\".\",IF(AND($A$5>=2,$A1041>=2),D1041&\".\",\"\"),IF(AND($A$5>=3,$A1041>=3),E1041&\".\",\"\"),IF(AND($A$5>=4,$A1041>=4),F1041&\".\",\"\"),IF($A1041=\"S\",G1041&\".\",\"\")))","v":"12.1.13."},{"$f":"IF(NOT(ISERROR($Y1041)),IF($Y1041<>FALSE,INDEX(Banco,$Y1041,4),\"\"),\"\")","v":"Cotação "},"Serv. Terc.","011",{"$f":"IF(NOT(ISERROR($Y1041)),IF($Y1041<>FALSE,INDEX(Banco,$Y1041,5),\"\"),\"\")","v":"Barra de gelo"},{"$f":"IF(NOT(ISERROR($Y1041)),IF($Y1041<>FALSE,INDEX(Banco,$Y1041,6),\"\"),\"\")","v":"Unidade"},4,{"$f":"IF(NOT(ISERROR($Y1041)),IF($Y1041<>FALSE,INDEX(Banco,$Y1041,7),0),0)","v":12},"DI 1",{"$f":"IF($J1041=$G$2,ROUND(ROUND($R1041,2)*IF($R$9=\"Preço Unitário (R$)\",1,1+$AA1041),2),0)","v":15},{"$f":"IF($A1041=\"S\",VTOTAL1,IF($A1041=0,0,ROUND(SomaAgrup,2)))","v":60},null,{"$f":"IF(OR($A1041=0,$A1041=\"S\",$A1041>CFF!$A$9),\"\",MAX(W$11:OFFSET(W1041,-1,0))+1)","v":""},{"$f":"IF(AND($J1041=$G$2,$N1041<>\"\",$M1041<>\"\"),CONCATENATE($M1041,\"-\",$N1041))","v":"Serv. Terc.-011"},{"$f":"IF(X1041<>FALSE,MATCH(X1041,OFFSET(Banco,0,0,,1),0))","v":91},null,{"$f":"IF($J1041=$G$2,ROUND(IF(ISNUMBER(S1041),S1041,IF(LEFT(S1041,2)=\"DI\",HLOOKUP(S1041,DADOS!$T$29:$X$30,2,FALSE),0)),4),\"\")","v":0.25}]
[{"$f":"CHOOSE(1+LOG(1+2*(J1042=$C$2)+4*(J1042=$D$2)+8*(J1042=$E$2)+16*(J1042=$F$2)+32*(J1042=$G$2),2),0,1,2,3,4,\"S\")","v":"S"},{"$f":"IF(OR(A1042=\"S\",A1042=0),0,IF(ISERROR(I1042),H1042,SMALL(H1042:I1042,1)))","v":0},{"$f":"IF($A1042=1,OFFSET(C1042,-1,0)+1,OFFSET(C1042,-1,0))","v":12},{"$f":"IF($A1042=1,0,IF($A1042=2,OFFSET(D1042,-1,0)+1,OFFSET(D1042,-1,0)))","v":1},{"$f":"IF(AND($A1042<=2,$A1042<>0),0,IF($A1042=3,OFFSET(E1042,-1,0)+1,OFFSET(E1042,-1,0)))","v":0},{"$f":"IF(AND($A1042<=3,$A1042<>0),0,IF($A1042=4,OFFSET(F1042,-1,0)+1,OFFSET(F1042,-1,0)))","v":0},{"$f":"IF(AND($A1042<=4,$A1042<>0),0,IF($A1042=\"S\",OFFSET(G1042,-1,0)+1,OFFSET(G1042,-1,0)))","v":14},{"$f":"IF(OR($A1042=\"S\",$A1042=0),0,MATCH(0,OFFSET($B1042,1,$A1042,ROW($A$1504)-ROW($A1042)),0))","v":0},{"$f":"IF(OR($A1042=\"S\",$A1042=0),0,MATCH(OFFSET($B1042,0,$A1042)+1,OFFSET($B1042,1,$A1042,ROW($A$1504)-ROW($A1042)),0))","v":0},"Insumo",{"$f":"IF($A1042=0,\"-\",CONCATENATE(C1042&\".\",IF(AND($A$5>=2,$A1042>=2),D1042&\".\",\"\"),IF(AND($A$5>=3,$A1042>=3),E1042&\".\",\"\"),IF(AND($A$5>=4,$A1042>=4),F1042&\".\",\"\"),IF($A1042=\"S\",G1042&\".\",\"\")))","v":"12.1.14."},{"$f":"IF(NOT(ISERROR($Y1042)),IF($Y1042<>FALSE,INDEX(Banco,$Y1042,4),\"\"),\"\")","v":"Cotação"},"Serv. Terc.","013",{"$f":"IF(NOT(ISERROR($Y1042)),IF($Y1042<>FALSE,INDEX(Banco,$Y1042,5),\"\"),\"\")","v":"Sucos"},{"$f":"IF(NOT(ISERROR($Y1042)),IF($Y1042<>FALSE,INDEX(Banco,$Y1042,6),\"\"),\"\")","v":"Unidade"},8,{"$f":"IF(NOT(ISERROR($Y1042)),IF($Y1042<>FALSE,INDEX(Banco,$Y1042,7),0),0)","v":6.4},"DI 1",{"$f":"IF($J1042=$G$2,ROUND(ROUND($R1042,2)*IF($R$9=\"Preço Unitário (R$)\",1,1+$AA1042),2),0)","v":8},{"$f":"IF($A1042=\"S\",VTOTAL1,IF($A1042=0,0,ROUND(SomaAgrup,2)))","v":64},null,{"$f":"IF(OR($A1042=0,$A1042=\"S\",$A1042>CFF!$A$9),\"\",MAX(W$11:OFFSET(W1042,-1,0))+1)","v":""},{"$f":"IF(AND($J1042=$G$2,$N1042<>\"\",$M1042<>\"\"),CONCATENATE($M1042,\"-\",$N1042))","v":"Serv. Terc.-013"},{"$f":"IF(X1042<>FALSE,MATCH(X1042,OFFSET(Banco,0,0,,1),0))","v":93},null,{"$f":"IF($J1042=$G$2,ROUND(IF(ISNUMBER(S1042),S1042,IF(LEFT(S1042,2)=\"DI\",HLOOKUP(S1042,DADOS!$T$29:$X$30,2,FALSE),0)),4),\"\")","v":0.25}]
[{"$f":"CHOOSE(1+LOG(1+2*(J1043=$C$2)+4*(J1043=$D$2)+8*(J1043=$E$2)+16*(J1043=$F$2)+32*(J1043=$G$2),2),0,1,2,3,4,\"S\")","v":"S"},{"$f":"IF(OR(A1043=\"S\",A1043=0),0,IF(ISERROR(I1043),H1043,SMALL(H1043:I1043,1)))","v":0},{"$f":"IF($A1043=1,OFFSET(C1043,-1,0)+1,OFFSET(C1043,-1,0))","v":12},{"$f":"IF($A1043=1,0,IF($A1043=2,OFFSET(D1043,-1,0)+1,OFFSET(D1043,-1,0)))","v":1},{"$f":"IF(AND($A1043<=2,$A1043<>0),0,IF($A1043=3,OFFSET(E1043,-1,0)+1,OFFSET(E1043,-1,0)))","v":0},{"$f":"IF(AND($A1043<=3,$A1043<>0),0,IF($A1043=4,OFFSET(F1043,-1,0)+1,OFFSET(F1043,-1,0)))","v":0},{"$f":"IF(AND($A1043<=4,$A1043<>0),0,IF($A1043=\"S\",OFFSET(G1043,-1,0)+1,OFFSET(G1043,-1,0)))","v":15},{"$f":"IF(OR($A1043=\"S\",$A1043=0),0,MATCH(0,OFFSET($B1043,1,$A1043,ROW($A$1504)-ROW($A1043)),0))","v":0},{"$f":"IF(OR($A1043=\"S\",$A1043=0),0,MATCH(OFFSET($B1043,0,$A1043)+1,OFFSET($B1043,1,$A1043,ROW($A$1504)-ROW($A1043)),0))","v":0},"Insumo",{"$f":"IF($A1043=0,\"-\",CONCATENATE(C1043&\".\",IF(AND($A$5>=2,$A1043>=2),D1043&\".\",\"\"),IF(AND($A$5>=3,$A1043>=3),E1043&\".\",\"\"),IF(AND($A$5>=4,$A1043>=4),F1043&\".\",\"\"),IF($A1043=\"S\",G1043&\".\",\"\")))","v":"12.1.15."},{"$f":"IF(NOT(ISERROR($Y1043)),IF($Y1043<>FALSE,INDEX(Banco,$Y1043,4),\"\"),\"\")","v":"Cotação"},"Serv. Terc.","027",{"$f":"IF(NOT(ISERROR($Y1043)),IF($Y1043<>FALSE,INDEX(Banco,$Y1043,5),\"\"),\"\")","v":"Refrigerantes (02 litros) "},{"$f":"IF(NOT(ISERROR($Y1043)),IF($Y1043<>FALSE,INDEX(Banco,$Y1043,6),\"\"),\"\")","v":"Unidade"},24,{"$f":"IF(NOT(ISERROR($Y1043)),IF($Y1043<>FALSE,INDEX(Banco,$Y1043,7),0),0)","v":6},"DI 1",{"$f":"IF($J1043=$G$2,ROUND(ROUND($R1043,2)*IF($R$9=\"Preço Unitário (R$)\",1,1+$AA1043),2),0)","v":7.5},{"$f":"IF($A1043=\"S\",VTOTAL1,IF($A1043=0,0,ROUND(SomaAgrup,2)))","v":180},null,{"$f":"IF(OR($A1043=0,$A1043=\"S\",$A1043>CFF!$A$9),\"\",MAX(W$11:OFFSET(W1043,-1,0))+1)","v":""},{"$f":"IF(AND($J1043=$G$2,$N1043<>\"\",$M1043<>\"\"),CONCATENATE($M1043,\"-\",$N1043))","v":"Serv. Terc.-027"},{"$f":"IF(X1043<>FALSE,MATCH(X1043,OFFSET(Banco,0,0,,1),0))","v":107},null,{"$f":"IF($J1043=$G$2,ROUND(IF(ISNUMBER(S1043),S1043,IF(LEFT(S1043,2)=\"DI\",HLOOKUP(S1043,DADOS!$T$29:$X$30,2,FALSE),0)),4),\"\")","v":0.25}]
["S",0,12,1,0,0,16,{"$f":"IF(OR($A1044=\"S\",$A1044=0),0,MATCH(0,OFFSET($B1044,1,$A1044,ROW($A$1504)-ROW($A1044)),0))","v":0},{"$f":"IF(OR($A1044=\"S\",$A1044=0),0,MATCH(OFFSET($B1044,0,$A1044)+1,OFFSET($B1044,1,$A1044,ROW($A$1504)-ROW($A1044)),0))","v":0},"Insumo","12.1.16.","Cotação","Serv. Terc.","015","Coffee break (salgados)","Centro",20,65,"DI 1",81.25,1625,null,{"$f":"IF(OR($A1044=0,$A1044=\"S\",$A1044>CFF!$A$9),\"\",MAX(W$11:OFFSET(W1044,-1,0))+1)","v":""},"Serv. Terc.-015",95,null,{"$f":"IF($J1044=$G$2,ROUND(IF(ISNUMBER(S1044),S1044,IF(LEFT(S1044,2)=\"DI\",HLOOKUP(S1044,DADOS!$T$29:$X$30,2,FALSE),0)),4),\"\")","v":0.25}]
[{"$f":"CHOOSE(1+LOG(1+2*(J1045=$C$2)+4*(J1045=$D$2)+8*(J1045=$E$2)+16*(J1045=$F$2)+32*(J1045=$G$2),2),0,1,2,3,4,\"S\")","v":"S"},{"$f":"IF(OR(A1045=\"S\",A1045=0),0,IF(ISERROR(I1045),H1045,SMALL(H1045:I1045,1)))","v":0},{"$f":"IF($A1045=1,OFFSET(C1045,-1,0)+1,OFFSET(C1045,-1,0))","v":12},{"$f":"IF($A1045=1,0,IF($A1045=2,OFFSET(D1045,-1,0)+1,OFFSET(D1045,-1,0)))","v":1},{"$f":"IF(AND($A1045<=2,$A1045<>0),0,IF($A1045=3,OFFSET(E1045,-1,0)+1,OFFSET(E1045,-1,0)))","v":0},{"$f":"IF(AND($A1045<=3,$A1045<>0),0,IF($A1045=4,OFFSET(F1045,-1,0)+1,OFFSET(F1045,-1,0)))","v":0},{"$f":"IF(AND($A1045<=4,$A1045<>0),0,IF($A1045=\"S\",OFFSET(G1045,-1,0)+1,OFFSET(G1045,-1,0)))","v":17},{"$f":"IF(OR($A1045=\"S\",$A1045=0),0,MATCH(0,OFFSET($B1045,1,$A1045,ROW($A$1504)-ROW($A1045)),0))","v":0},{"$f":"IF(OR($A1045=\"S\",$A1045=0),0,MATCH(OFFSET($B1045,0,$A1045)+1,OFFSET($B1045,1,$A1045,ROW($A$1504)-ROW($A1045)),0))","v":0},"Insumo",{"$f":"IF($A1045=0,\"-\",CONCATENATE(C1045&\".\",IF(AND($A$5>=2,$A1045>=2),D1045&\".\",\"\"),IF(AND($A$5>=3,$A1045>=3),E1045&\".\",\"\"),IF(AND($A$5>=4,$A1045>=4),F1045&\".\",\"\"),IF($A1045=\"S\",G1045&\".\",\"\")))","v":"12.1.17."},{"$f":"IF(NOT(ISERROR($Y1045)),IF($Y1045<>FALSE,INDEX(Banco,$Y1045,4),\"\"),\"\")","v":"Cotação"},"Serv. Terc.","067",{"$f":"IF(NOT(ISERROR($Y1045)),IF($Y1045<>FALSE,INDEX(Banco,$Y1045,5),\"\"),\"\")","v":"Confecção de camisetas "},{"$f":"IF(NOT(ISERROR($Y1045)),IF($Y1045<>FALSE,INDEX(Banco,$Y1045,6),\"\"),\"\")","v":"Unidade"},120,{"$f":"IF(NOT(ISERROR($Y1045)),IF($Y1045<>FALSE,INDEX(Banco,$Y1045,7),0),0)","v":19},"DI 1",{"$f":"IF($J1045=$G$2,ROUND(ROUND($R1045,2)*IF($R$9=\"Preço Unitário (R$)\",1,1+$AA1045),2),0)","v":23.75},{"$f":"IF($A1045=\"S\",VTOTAL1,IF($A1045=0,0,ROUND(SomaAgrup,2)))","v":2850},null,{"$f":"IF(OR($A1045=0,$A1045=\"S\",$A1045>CFF!$A$9),\"\",MAX(W$11:OFFSET(W1045,-1,0))+1)","v":""},{"$f":"IF(AND($J1045=$G$2,$N1045<>\"\",$M1045<>\"\"),CONCATENATE($M1045,\"-\",$N1045))","v":"Serv. Terc.-067"},{"$f":"IF(X1045<>FALSE,MATCH(X1045,OFFSET(Banco,0,0,,1),0))","v":147},null,{"$f":"IF($J1045=$G$2,ROUND(IF(ISNUMBER(S1045),S1045,IF(LEFT(S1045,2)=\"DI\",HLOOKUP(S1045,DADOS!$T$29:$X$30,2,FALSE),0)),4),\"\")","v":0.25}]
["S",0,12,1,0,0,18,{"$f":"IF(OR($A1046=\"S\",$A1046=0),0,MATCH(0,OFFSET($B1046,1,$A1046,ROW($A$1504)-ROW($A1046)),0))","v":0},{"$f":"IF(OR($A1046=\"S\",$A1046=0),0,MATCH(OFFSET($B1046,0,$A1046)+1,OFFSET($B1046,1,$A1046,ROW($A$1504)-ROW($A1046)),0))","v":0},"Insumo","12.1.18.","CRBio","Serv. Terc.","068","Biólogo (Instrutor)","Horas",8,100.72,"DI 1",125.9,1007.2,null,{"$f":"IF(OR($A1046=0,$A1046=\"S\",$A1046>CFF!$A$9),\"\",MAX(W$11:OFFSET(W1046,-1,0))+1)","v":""},"Serv. Terc.-068",148,null,{"$f":"IF($J1046=$G$2,ROUND(IF(ISNUMBER(S1046),S1046,IF(LEFT(S1046,2)=\"DI\",HLOOKUP(S1046,DADOS!$T$29:$X$30,2,FALSE),0)),4),\"\")","v":0.25}]
["S",0,12,1,0,0,19,{"$f":"IF(OR($A1047=\"S\",$A1047=0),0,MATCH(0,OFFSET($B1047,1,$A1047,ROW($A$1504)-ROW($A1047)),0))","v":0},{"$f":"IF(OR($A1047=\"S\",$A1047=0),0,MATCH(OFFSET($B1047,0,$A1047)+1,OFFSET($B1047,1,$A1047,ROW($A$1504)-ROW($A1047)),0))","v":0},"Insumo","12.1.19.","Cotação","Rec. Materiais","001","Papel A4","Resma",1,28,"DI 1",35,35,null,{"$f":"IF(OR($A1047=0,$A1047=\"S\",$A1047>CFF!$A$9),\"\",MAX(W$11:OFFSET(W1047,-1,0))+1)","v":""},"Rec. Materiais-001",10,null,{"$f":"IF($J1047=$G$2,ROUND(IF(ISNUMBER(S1047),S1047,IF(LEFT(S1047,2)=\"DI\",HLOOKUP(S1047,DADOS!$T$29:$X$30,2,FALSE),0)),4),\"\")","v":0.25}]
["S",0,12,1,0,0,20,{"$f":"IF(OR($A1048=\"S\",$A1048=0),0,MATCH(0,OFFSET($B1048,1,$A1048,ROW($A$1504)-ROW($A1048)),0))","v":0},{"$f":"IF(OR($A1048=\"S\",$A1048=0),0,MATCH(OFFSET($B1048,0,$A1048)+1,OFFSET($B1048,1,$A1048,ROW($A$1504)-ROW($A1048)),0))","v":0},"Insumo","12.1.20.","Cotação","Rec. Materiais","002","Toner para impressora","Unidade",4,180,"DI 1",225,900,null,{"$f":"IF(OR($A1048=0,$A1048=\"S\",$A1048>CFF!$A$9),\"\",MAX(W$11:OFFSET(W1048,-1,0))+1)","v":""},"Rec. Materiais-002",11,null,{"$f":"IF($J1048=$G$2,ROUND(IF(ISNUMBER(S1048),S1048,IF(LEFT(S1048,2)=\"DI\",HLOOKUP(S1048,DADOS!$T$29:$X$30,2,FALSE),0)),4),\"\")","v":0.25}]
["S",0,12,1,0,0,21,{"$f":"IF(OR($A1049=\"S\",$A1049=0),0,MATCH(0,OFFSET($B1049,1,$A1049,ROW($A$1504)-ROW($A1049)),0))","v":0},{"$f":"IF(OR($A1049=\"S\",$A1049=0),0,MATCH(OFFSET($B1049,0,$A1049)+1,OFFSET($B1049,1,$A1049,ROW($A$1504)-ROW($A1049)),0))","v":0},"Insumo","12.1.21.","Cotação","Rec. Materiais","026","Saco de lixo (100 litros)","Pacote",14,15,"DI 1",18.75,262.5,null,{"$f":"IF(OR($A1049=0,$A1049=\"S\",$A1049>CFF!$A$9),\"\",MAX(W$11:OFFSET(W1049,-1,0))+1)","v":""},"Rec. Materiais-026",35,null,{"$f":"IF($J1049=$G$2,ROUND(IF(ISNUMBER(S1049),S1049,IF(LEFT(S1049,2)=\"DI\",HLOOKUP(S1049,DADOS!$T$29:$X$30,2,FALSE),0)),4),\"\")","v":0.25}]
["S",0,12,1,0,0,22,{"$f":"IF(OR($A1050=\"S\",$A1050=0),0,MATCH(0,OFFSET($B1050,1,$A1050,ROW($A$1504)-ROW($A1050)),0))","v":0},{"$f":"IF(OR($A1050=\"S\",$A1050=0),0,MATCH(OFFSET($B1050,0,$A1050)+1,OFFSET($B1050,1,$A1050,ROW($A$1504)-ROW($A1050)),0))","v":0},"Insumo","12.1.22.","Cotação","Rec. Materiais","027","Luvas de latex para limpeza descarpack","Unidade",80,3.99,"DI 1",4.99,399.2,null,{"$f":"IF(OR($A1050=0,$A1050=\"S\",$A1050>CFF!$A$9),\"\",MAX(W$11:OFFSET(W1050,-1,0))+1)","v":""},"Rec. Materiais-027",36,null,{"$f":"IF($J1050=$G$2,ROUND(IF(ISNUMBER(S1050),S1050,IF(LEFT(S1050,2)=\"DI\",HLOOKUP(S1050,DADOS!$T$29:$X$30,2,FALSE),0)),4),\"\")","v":0.25}]
["S",0,12,1,0,0,23,{"$f":"IF(OR($A1051=\"S\",$A1051=0),0,MATCH(0,OFFSET($B1051,1,$A1051,ROW($A$1504)-ROW($A1051)),0))","v":0},{"$f":"IF(OR($A1051=\"S\",$A1051=0),0,MATCH(OFFSET($B1051,0,$A1051)+1,OFFSET($B1051,1,$A1051,ROW($A$1504)-ROW($A1051)),0))","v":0},"Insumo","12.1.23.","Cotação","Rec. Materiais","019","Copos descartáveis (2500 unidades)","Caixa",1,77.400000000000006,"DI 1",96.75,96.75,null,{"$f":"IF(OR($A1051=0,$A1051=\"S\",$A1051>CFF!$A$9),\"\",MAX(W$11:OFFSET(W1051,-1,0))+1)","v":""},"Rec. Materiais-019",28,null,{"$f":"IF($J1051=$G$2,ROUND(IF(ISNUMBER(S1051),S1051,IF(LEFT(S1051,2)=\"DI\",HLOOKUP(S1051,DADOS!$T$29:$X$30,2,FALSE),0)),4),\"\")","v":0.25}]
[{"$f":"CHOOSE(1+LOG(1+2*(J1052=$C$2)+4*(J1052=$D$2)+8*(J1052=$E$2)+16*(J1052=$F$2)+32*(J1052=$G$2),2),0,1,2,3,4,\"S\")","v":"S"},{"$f":"IF(OR(A1052=\"S\",A1052=0),0,IF(ISERROR(I1052),H1052,SMALL(H1052:I1052,1)))","v":0},{"$f":"IF($A1052=1,OFFSET(C1052,-1,0)+1,OFFSET(C1052,-1,0))","v":12},{"$f":"IF($A1052=1,0,IF($A1052=2,OFFSET(D1052,-1,0)+1,OFFSET(D1052,-1,0)))","v":1},{"$f":"IF(AND($A1052<=2,$A1052<>0),0,IF($A1052=3,OFFSET(E1052,-1,0)+1,OFFSET(E1052,-1,0)))","v":0},{"$f":"IF(AND($A1052<=3,$A1052<>0),0,IF($A1052=4,OFFSET(F1052,-1,0)+1,OFFSET(F1052,-1,0)))","v":0},{"$f":"IF(AND($A1052<=4,$A1052<>0),0,IF($A1052=\"S\",OFFSET(G1052,-1,0)+1,OFFSET(G1052,-1,0)))","v":24},{"$f":"IF(OR($A1052=\"S\",$A1052=0),0,MATCH(0,OFFSET($B1052,1,$A1052,ROW($A$1504)-ROW($A1052)),0))","v":0},{"$f":"IF(OR($A1052=\"S\",$A1052=0),0,MATCH(OFFSET($B1052,0,$A1052)+1,OFFSET($B1052,1,$A1052,ROW($A$1504)-ROW($A1052)),0))","v":0},"Insumo",{"$f":"IF($A1052=0,\"-\",CONCATENATE(C1052&\".\",IF(AND($A$5>=2,$A1052>=2),D1052&\".\",\"\"),IF(AND($A$5>=3,$A1052>=3),E1052&\".\",\"\"),IF(AND($A$5>=4,$A1052>=4),F1052&\".\",\"\"),IF($A1052=\"S\",G1052&\".\",\"\")))","v":"12.1.24."},{"$f":"IF(NOT(ISERROR($Y1052)),IF($Y1052<>FALSE,INDEX(Banco,$Y1052,4),\"\"),\"\")","v":"Cotação"},"Rec. Materiais","062",{"$f":"IF(NOT(ISERROR($Y1052)),IF($Y1052<>FALSE,INDEX(Banco,$Y1052,5),\"\"),\"\")","v":"Apito (12 unidades)"},{"$f":"IF(NOT(ISERROR($Y1052)),IF($Y1052<>FALSE,INDEX(Banco,$Y1052,6),\"\"),\"\")","v":"Pacote"},6,{"$f":"IF(NOT(ISERROR($Y1052)),IF($Y1052<>FALSE,INDEX(Banco,$Y1052,7),0),0)","v":19.899999999999999},"DI 1",{"$f":"IF($J1052=$G$2,ROUND(ROUND($R1052,2)*IF($R$9=\"Preço Unitário (R$)\",1,1+$AA1052),2),0)","v":24.88},{"$f":"IF($A1052=\"S\",VTOTAL1,IF($A1052=0,0,ROUND(SomaAgrup,2)))","v":149.28},null,{"$f":"IF(OR($A1052=0,$A1052=\"S\",$A1052>CFF!$A$9),\"\",MAX(W$11:OFFSET(W1052,-1,0))+1)","v":""},{"$f":"IF(AND($J1052=$G$2,$N1052<>\"\",$M1052<>\"\"),CONCATENATE($M1052,\"-\",$N1052))","v":"Rec. Materiais-062"},{"$f":"IF(X1052<>FALSE,MATCH(X1052,OFFSET(Banco,0,0,,1),0))","v":71},null,{"$f":"IF($J1052=$G$2,ROUND(IF(ISNUMBER(S1052),S1052,IF(LEFT(S1052,2)=\"DI\",HLOOKUP(S1052,DADOS!$T$29:$X$30,2,FALSE),0)),4),\"\")","v":0.25}]
[{"$f":"CHOOSE(1+LOG(1+2*(J1053=$C$2)+4*(J1053=$D$2)+8*(J1053=$E$2)+16*(J1053=$F$2)+32*(J1053=$G$2),2),0,1,2,3,4,\"S\")","v":2},{"$f":"IF(OR(A1053=\"S\",A1053=0),0,IF(ISERROR(I1053),H1053,SMALL(H1053:I1053,1)))","v":3},{"$f":"IF($A1053=1,OFFSET(C1053,-1,0)+1,OFFSET(C1053,-1,0))","v":12},{"$f":"IF($A1053=1,0,IF($A1053=2,OFFSET(D1053,-1,0)+1,OFFSET(D1053,-1,0)))","v":2},{"$f":"IF(AND($A1053<=2,$A1053<>0),0,IF($A1053=3,OFFSET(E1053,-1,0)+1,OFFSET(E1053,-1,0)))","v":0},{"$f":"IF(AND($A1053<=3,$A1053<>0),0,IF($A1053=4,OFFSET(F1053,-1,0)+1,OFFSET(F1053,-1,0)))","v":0},{"$f":"IF(AND($A1053<=4,$A1053<>0),0,IF($A1053=\"S\",OFFSET(G1053,-1,0)+1,OFFSET(G1053,-1,0)))","v":0},{"$f":"IF(OR($A1053=\"S\",$A1053=0),0,MATCH(0,OFFSET($B1053,1,$A1053,ROW($A$1504)-ROW($A1053)),0))","v":75},{"$f":"IF(OR($A1053=\"S\",$A1053=0),0,MATCH(OFFSET($B1053,0,$A1053)+1,OFFSET($B1053,1,$A1053,ROW($A$1504)-ROW($A1053)),0))","v":3},"AtivNível 1",{"$f":"IF($A1053=0,\"-\",CONCATENATE(C1053&\".\",IF(AND($A$5>=2,$A1053>=2),D1053&\".\",\"\"),IF(AND($A$5>=3,$A1053>=3),E1053&\".\",\"\"),IF(AND($A$5>=4,$A1053>=4),F1053&\".\",\"\"),IF($A1053=\"S\",G1053&\".\",\"\")))","v":"12.2."},{"$f":"IF(NOT(ISERROR($Y1053)),IF($Y1053<>FALSE,INDEX(Banco,$Y1053,4),\"\"),\"\")","v":""},null,null,"Atividade 80 - Plantão Social região Parque São João",{"$f":"IF(NOT(ISERROR($Y1053)),IF($Y1053<>FALSE,INDEX(Banco,$Y1053,6),\"\"),\"\")","v":""},null,{"$f":"IF(NOT(ISERROR($Y1053)),IF($Y1053<>FALSE,INDEX(Banco,$Y1053,7),0),0)","v":0},"DI 1",{"$f":"IF($J1053=$G$2,ROUND(ROUND($R1053,2)*IF($R$9=\"Preço Unitário (R$)\",1,1+$AA1053),2),0)","v":0},{"$f":"IF($A1053=\"S\",VTOTAL1,IF($A1053=0,0,ROUND(SomaAgrup,2)))","v":3427.56},null,{"$f":"IF(OR($A1053=0,$A1053=\"S\",$A1053>CFF!$A$9),\"\",MAX(W$11:OFFSET(W1053,-1,0))+1)","v":92},{"$f":"IF(AND($J1053=$G$2,$N1053<>\"\",$M1053<>\"\"),CONCATENATE($M1053,\"-\",$N1053))","v":false},{"$f":"IF(X1053<>FALSE,MATCH(X1053,OFFSET(Banco,0,0,,1),0))","v":false},null,{"$f":"IF($J1053=$G$2,ROUND(IF(ISNUMBER(S1053),S1053,IF(LEFT(S1053,2)=\"DI\",HLOOKUP(S1053,DADOS!$T$29:$X$30,2,FALSE),0)),4),\"\")","v":""}]
[{"$f":"CHOOSE(1+LOG(1+2*(J1054=$C$2)+4*(J1054=$D$2)+8*(J1054=$E$2)+16*(J1054=$F$2)+32*(J1054=$G$2),2),0,1,2,3,4,\"S\")","v":"S"},{"$f":"IF(OR(A1054=\"S\",A1054=0),0,IF(ISERROR(I1054),H1054,SMALL(H1054:I1054,1)))","v":0},{"$f":"IF($A1054=1,OFFSET(C1054,-1,0)+1,OFFSET(C1054,-1,0))","v":12},{"$f":"IF($A1054=1,0,IF($A1054=2,OFFSET(D1054,-1,0)+1,OFFSET(D1054,-1,0)))","v":2},{"$f":"IF(AND($A1054<=2,$A1054<>0),0,IF($A1054=3,OFFSET(E1054,-1,0)+1,OFFSET(E1054,-1,0)))","v":0},{"$f":"IF(AND($A1054<=3,$A1054<>0),0,IF($A1054=4,OFFSET(F1054,-1,0)+1,OFFSET(F1054,-1,0)))","v":0},{"$f":"IF(AND($A1054<=4,$A1054<>0),0,IF($A1054=\"S\",OFFSET(G1054,-1,0)+1,OFFSET(G1054,-1,0)))","v":1},{"$f":"IF(OR($A1054=\"S\",$A1054=0),0,MATCH(0,OFFSET($B1054,1,$A1054,ROW($A$1504)-ROW($A1054)),0))","v":0},{"$f":"IF(OR($A1054=\"S\",$A1054=0),0,MATCH(OFFSET($B1054,0,$A1054)+1,OFFSET($B1054,1,$A1054,ROW($A$1504)-ROW($A1054)),0))","v":0},"Insumo",{"$f":"IF($A1054=0,\"-\",CONCATENATE(C1054&\".\",IF(AND($A$5>=2,$A1054>=2),D1054&\".\",\"\"),IF(AND($A$5>=3,$A1054>=3),E1054&\".\",\"\"),IF(AND($A$5>=4,$A1054>=4),F1054&\".\",\"\"),IF($A1054=\"S\",G1054&\".\",\"\")))","v":"12.2.1."},{"$f":"IF(NOT(ISERROR($Y1054)),IF($Y1054<>FALSE,INDEX(Banco,$Y1054,4),\"\"),\"\")","v":"CRESS"},"Rec. Humanos","001",{"$f":"IF(NOT(ISERROR($Y1054)),IF($Y1054<>FALSE,INDEX(Banco,$Y1054,5),\"\"),\"\")","v":"Responsável Técnica"},{"$f":"IF(NOT(ISERROR($Y1054)),IF($Y1054<>FALSE,INDEX(Banco,$Y1054,6),\"\"),\"\")","v":"Horas"},4,{"$f":"IF(NOT(ISERROR($Y1054)),IF($Y1054<>FALSE,INDEX(Banco,$Y1054,7),0),0)","v":150.28},"DI 1",{"$f":"IF($J1054=$G$2,ROUND(ROUND($R1054,2)*IF($R$9=\"Preço Unitário (R$)\",1,1+$AA1054),2),0)","v":187.85},{"$f":"IF($A1054=\"S\",VTOTAL1,IF($A1054=0,0,ROUND(SomaAgrup,2)))","v":751.4},null,{"$f":"IF(OR($A1054=0,$A1054=\"S\",$A1054>CFF!$A$9),\"\",MAX(W$11:OFFSET(W1054,-1,0))+1)","v":""},{"$f":"IF(AND($J1054=$G$2,$N1054<>\"\",$M1054<>\"\"),CONCATENATE($M1054,\"-\",$N1054))","v":"Rec. Humanos-001"},{"$f":"IF(X1054<>FALSE,MATCH(X1054,OFFSET(Banco,0,0,,1),0))","v":3},null,{"$f":"IF($J1054=$G$2,ROUND(IF(ISNUMBER(S1054),S1054,IF(LEFT(S1054,2)=\"DI\",HLOOKUP(S1054,DADOS!$T$29:$X$30,2,FALSE),0)),4),\"\")","v":0.25}]
["S",0,12,2,0,0,2,{"$f":"IF(OR($A1055=\"S\",$A1055=0),0,MATCH(0,OFFSET($B1055,1,$A1055,ROW($A$1504)-ROW($A1055)),0))","v":0},{"$f":"IF(OR($A1055=\"S\",$A1055=0),0,MATCH(OFFSET($B1055,0,$A1055)+1,OFFSET($B1055,1,$A1055,ROW($A$1504)-ROW($A1055)),0))","v":0},"Insumo","12.2.2.","CRESS","Rec. Humanos","002",{"$f":"IF(NOT(ISERROR($Y1055)),IF($Y1055<>FALSE,INDEX(Banco,$Y1055,5),\"\"),\"\")","v":"Assistente Social"},"Horas",16,133.81,"DI 1",167.26,2676.16,null,{"$f":"IF(OR($A1055=0,$A1055=\"S\",$A1055>CFF!$A$9),\"\",MAX(W$11:OFFSET(W1055,-1,0))+1)","v":""},"Rec. Humanos-002",4,null,{"$f":"IF($J1055=$G$2,ROUND(IF(ISNUMBER(S1055),S1055,IF(LEFT(S1055,2)=\"DI\",HLOOKUP(S1055,DADOS!$T$29:$X$30,2,FALSE),0)),4),\"\")","v":0.25}]
[{"$f":"CHOOSE(1+LOG(1+2*(J1056=$C$2)+4*(J1056=$D$2)+8*(J1056=$E$2)+16*(J1056=$F$2)+32*(J1056=$G$2),2),0,1,2,3,4,\"S\")","v":2},{"$f":"IF(OR(A1056=\"S\",A1056=0),0,IF(ISERROR(I1056),H1056,SMALL(H1056:I1056,1)))","v":18},{"$f":"IF($A1056=1,OFFSET(C1056,-1,0)+1,OFFSET(C1056,-1,0))","v":12},{"$f":"IF($A1056=1,0,IF($A1056=2,OFFSET(D1056,-1,0)+1,OFFSET(D1056,-1,0)))","v":3},{"$f":"IF(AND($A1056<=2,$A1056<>0),0,IF($A1056=3,OFFSET(E1056,-1,0)+1,OFFSET(E1056,-1,0)))","v":0},{"$f":"IF(AND($A1056<=3,$A1056<>0),0,IF($A1056=4,OFFSET(F1056,-1,0)+1,OFFSET(F1056,-1,0)))","v":0},{"$f":"IF(AND($A1056<=4,$A1056<>0),0,IF($A1056=\"S\",OFFSET(G1056,-1,0)+1,OFFSET(G1056,-1,0)))","v":0},{"$f":"IF(OR($A1056=\"S\",$A1056=0),0,MATCH(0,OFFSET($B1056,1,$A1056,ROW($A$1504)-ROW($A1056)),0))","v":72},{"$f":"IF(OR($A1056=\"S\",$A1056=0),0,MATCH(OFFSET($B1056,0,$A1056)+1,OFFSET($B1056,1,$A1056,ROW($A$1504)-ROW($A1056)),0))","v":18},"AtivNível 1",{"$f":"IF($A1056=0,\"-\",CONCATENATE(C1056&\".\",IF(AND($A$5>=2,$A1056>=2),D1056&\".\",\"\"),IF(AND($A$5>=3,$A1056>=3),E1056&\".\",\"\"),IF(AND($A$5>=4,$A1056>=4),F1056&\".\",\"\"),IF($A1056=\"S\",G1056&\".\",\"\")))","v":"12.3."},{"$f":"IF(NOT(ISERROR($Y1056)),IF($Y1056<>FALSE,INDEX(Banco,$Y1056,4),\"\"),\"\")","v":""},null,null,"Atividade 81 - Ação comunitária e multirão de limpeza região Jardim Ikaraí",{"$f":"IF(NOT(ISERROR($Y1056)),IF($Y1056<>FALSE,INDEX(Banco,$Y1056,6),\"\"),\"\")","v":""},null,{"$f":"IF(NOT(ISERROR($Y1056)),IF($Y1056<>FALSE,INDEX(Banco,$Y1056,7),0),0)","v":0},"DI 1",{"$f":"IF($J1056=$G$2,ROUND(ROUND($R1056,2)*IF($R$9=\"Preço Unitário (R$)\",1,1+$AA1056),2),0)","v":0},{"$f":"IF($A1056=\"S\",VTOTAL1,IF($A1056=0,0,ROUND(SomaAgrup,2)))","v":11149.34},null,{"$f":"IF(OR($A1056=0,$A1056=\"S\",$A1056>CFF!$A$9),\"\",MAX(W$11:OFFSET(W1056,-1,0))+1)","v":93},{"$f":"IF(AND($J1056=$G$2,$N1056<>\"\",$M1056<>\"\"),CONCATENATE($M1056,\"-\",$N1056))","v":false},{"$f":"IF(X1056<>FALSE,MATCH(X1056,OFFSET(Banco,0,0,,1),0))","v":false},null,{"$f":"IF($J1056=$G$2,ROUND(IF(ISNUMBER(S1056),S1056,IF(LEFT(S1056,2)=\"DI\",HLOOKUP(S1056,DADOS!$T$29:$X$30,2,FALSE),0)),4),\"\")","v":""}]
["S",0,12,3,0,0,1,{"$f":"IF(OR($A1057=\"S\",$A1057=0),0,MATCH(0,OFFSET($B1057,1,$A1057,ROW($A$1504)-ROW($A1057)),0))","v":0},{"$f":"IF(OR($A1057=\"S\",$A1057=0),0,MATCH(OFFSET($B1057,0,$A1057)+1,OFFSET($B1057,1,$A1057,ROW($A$1504)-ROW($A1057)),0))","v":0},"Insumo","12.3.1.","CRESS","Rec. Humanos","001",{"$f":"IF(NOT(ISERROR($Y1057)),IF($Y1057<>FALSE,INDEX(Banco,$Y1057,5),\"\"),\"\")","v":"Responsável Técnica"},"Horas",12,150.28,"DI 1",187.85,2254.1999999999998,null,{"$f":"IF(OR($A1057=0,$A1057=\"S\",$A1057>CFF!$A$9),\"\",MAX(W$11:OFFSET(W1057,-1,0))+1)","v":""},"Rec. Humanos-001",3,null,{"$f":"IF($J1057=$G$2,ROUND(IF(ISNUMBER(S1057),S1057,IF(LEFT(S1057,2)=\"DI\",HLOOKUP(S1057,DADOS!$T$29:$X$30,2,FALSE),0)),4),\"\")","v":0.25}]
["S",0,12,3,0,0,2,{"$f":"IF(OR($A1058=\"S\",$A1058=0),0,MATCH(0,OFFSET($B1058,1,$A1058,ROW($A$1504)-ROW($A1058)),0))","v":0},{"$f":"IF(OR($A1058=\"S\",$A1058=0),0,MATCH(OFFSET($B1058,0,$A1058)+1,OFFSET($B1058,1,$A1058,ROW($A$1504)-ROW($A1058)),0))","v":0},"Insumo","12.3.2.","CRESS","Rec. Humanos","002",{"$f":"IF(NOT(ISERROR($Y1058)),IF($Y1058<>FALSE,INDEX(Banco,$Y1058,5),\"\"),\"\")","v":"Assistente Social"},"Horas",10,133.81,"DI 1",167.26,1672.6,null,{"$f":"IF(OR($A1058=0,$A1058=\"S\",$A1058>CFF!$A$9),\"\",MAX(W$11:OFFSET(W1058,-1,0))+1)","v":""},"Rec. Humanos-002",4,null,{"$f":"IF($J1058=$G$2,ROUND(IF(ISNUMBER(S1058),S1058,IF(LEFT(S1058,2)=\"DI\",HLOOKUP(S1058,DADOS!$T$29:$X$30,2,FALSE),0)),4),\"\")","v":0.25}]
[{"$f":"CHOOSE(1+LOG(1+2*(J1059=$C$2)+4*(J1059=$D$2)+8*(J1059=$E$2)+16*(J1059=$F$2)+32*(J1059=$G$2),2),0,1,2,3,4,\"S\")","v":"S"},{"$f":"IF(OR(A1059=\"S\",A1059=0),0,IF(ISERROR(I1059),H1059,SMALL(H1059:I1059,1)))","v":0},{"$f":"IF($A1059=1,OFFSET(C1059,-1,0)+1,OFFSET(C1059,-1,0))","v":12},{"$f":"IF($A1059=1,0,IF($A1059=2,OFFSET(D1059,-1,0)+1,OFFSET(D1059,-1,0)))","v":3},{"$f":"IF(AND($A1059<=2,$A1059<>0),0,IF($A1059=3,OFFSET(E1059,-1,0)+1,OFFSET(E1059,-1,0)))","v":0},{"$f":"IF(AND($A1059<=3,$A1059<>0),0,IF($A1059=4,OFFSET(F1059,-1,0)+1,OFFSET(F1059,-1,0)))","v":0},{"$f":"IF(AND($A1059<=4,$A1059<>0),0,IF($A1059=\"S\",OFFSET(G1059,-1,0)+1,OFFSET(G1059,-1,0)))","v":3},{"$f":"IF(OR($A1059=\"S\",$A1059=0),0,MATCH(0,OFFSET($B1059,1,$A1059,ROW($A$1504)-ROW($A1059)),0))","v":0},{"$f":"IF(OR($A1059=\"S\",$A1059=0),0,MATCH(OFFSET($B1059,0,$A1059)+1,OFFSET($B1059,1,$A1059,ROW($A$1504)-ROW($A1059)),0))","v":0},"Insumo",{"$f":"IF($A1059=0,\"-\",CONCATENATE(C1059&\".\",IF(AND($A$5>=2,$A1059>=2),D1059&\".\",\"\"),IF(AND($A$5>=3,$A1059>=3),E1059&\".\",\"\"),IF(AND($A$5>=4,$A1059>=4),F1059&\".\",\"\"),IF($A1059=\"S\",G1059&\".\",\"\")))","v":"12.3.3."},{"$f":"IF(NOT(ISERROR($Y1059)),IF($Y1059<>FALSE,INDEX(Banco,$Y1059,4),\"\"),\"\")","v":"Cotação"},"Rec. Humanos","003",{"$f":"IF(NOT(ISERROR($Y1059)),IF($Y1059<>FALSE,INDEX(Banco,$Y1059,5),\"\"),\"\")","v":"Administrador (Técnico de Apoio) "},{"$f":"IF(NOT(ISERROR($Y1059)),IF($Y1059<>FALSE,INDEX(Banco,$Y1059,6),\"\"),\"\")","v":"Horas"},4,{"$f":"IF(NOT(ISERROR($Y1059)),IF($Y1059<>FALSE,INDEX(Banco,$Y1059,7),0),0)","v":103.65},"DI 1",{"$f":"IF($J1059=$G$2,ROUND(ROUND($R1059,2)*IF($R$9=\"Preço Unitário (R$)\",1,1+$AA1059),2),0)","v":129.56},{"$f":"IF($A1059=\"S\",VTOTAL1,IF($A1059=0,0,ROUND(SomaAgrup,2)))","v":518.24},null,{"$f":"IF(OR($A1059=0,$A1059=\"S\",$A1059>CFF!$A$9),\"\",MAX(W$11:OFFSET(W1059,-1,0))+1)","v":""},{"$f":"IF(AND($J1059=$G$2,$N1059<>\"\",$M1059<>\"\"),CONCATENATE($M1059,\"-\",$N1059))","v":"Rec. Humanos-003"},{"$f":"IF(X1059<>FALSE,MATCH(X1059,OFFSET(Banco,0,0,,1),0))","v":5},null,{"$f":"IF($J1059=$G$2,ROUND(IF(ISNUMBER(S1059),S1059,IF(LEFT(S1059,2)=\"DI\",HLOOKUP(S1059,DADOS!$T$29:$X$30,2,FALSE),0)),4),\"\")","v":0.25}]
["S",0,12,3,0,0,4,{"$f":"IF(OR($A1060=\"S\",$A1060=0),0,MATCH(0,OFFSET($B1060,1,$A1060,ROW($A$1504)-ROW($A1060)),0))","v":0},{"$f":"IF(OR($A1060=\"S\",$A1060=0),0,MATCH(OFFSET($B1060,0,$A1060)+1,OFFSET($B1060,1,$A1060,ROW($A$1504)-ROW($A1060)),0))","v":0},"Insumo","12.3.4.","SINE","Rec. Humanos","004","Estagiários","Horas",28,9.7899999999999991,"DI 1",12.24,342.72,null,{"$f":"IF(OR($A1060=0,$A1060=\"S\",$A1060>CFF!$A$9),\"\",MAX(W$11:OFFSET(W1060,-1,0))+1)","v":""},"Rec. Humanos-004",6,null,{"$f":"IF($J1060=$G$2,ROUND(IF(ISNUMBER(S1060),S1060,IF(LEFT(S1060,2)=\"DI\",HLOOKUP(S1060,DADOS!$T$29:$X$30,2,FALSE),0)),4),\"\")","v":0.25}]
["S",0,12,3,0,0,5,{"$f":"IF(OR($A1061=\"S\",$A1061=0),0,MATCH(0,OFFSET($B1061,1,$A1061,ROW($A$1504)-ROW($A1061)),0))","v":0},{"$f":"IF(OR($A1061=\"S\",$A1061=0),0,MATCH(OFFSET($B1061,0,$A1061)+1,OFFSET($B1061,1,$A1061,ROW($A$1504)-ROW($A1061)),0))","v":0},"Insumo","12.3.5.","Cotação","Serv. Terc.","001","Fotocópias","Unidade",150,0.3,"DI 1",0.38,57,null,{"$f":"IF(OR($A1061=0,$A1061=\"S\",$A1061>CFF!$A$9),\"\",MAX(W$11:OFFSET(W1061,-1,0))+1)","v":""},"Serv. Terc.-001",81,null,{"$f":"IF($J1061=$G$2,ROUND(IF(ISNUMBER(S1061),S1061,IF(LEFT(S1061,2)=\"DI\",HLOOKUP(S1061,DADOS!$T$29:$X$30,2,FALSE),0)),4),\"\")","v":0.25}]
[{"$f":"CHOOSE(1+LOG(1+2*(J1062=$C$2)+4*(J1062=$D$2)+8*(J1062=$E$2)+16*(J1062=$F$2)+32*(J1062=$G$2),2),0,1,2,3,4,\"S\")","v":"S"},{"$f":"IF(OR(A1062=\"S\",A1062=0),0,IF(ISERROR(I1062),H1062,SMALL(H1062:I1062,1)))","v":0},{"$f":"IF($A1062=1,OFFSET(C1062,-1,0)+1,OFFSET(C1062,-1,0))","v":12},{"$f":"IF($A1062=1,0,IF($A1062=2,OFFSET(D1062,-1,0)+1,OFFSET(D1062,-1,0)))","v":3},{"$f":"IF(AND($A1062<=2,$A1062<>0),0,IF($A1062=3,OFFSET(E1062,-1,0)+1,OFFSET(E1062,-1,0)))","v":0},{"$f":"IF(AND($A1062<=3,$A1062<>0),0,IF($A1062=4,OFFSET(F1062,-1,0)+1,OFFSET(F1062,-1,0)))","v":0},{"$f":"IF(AND($A1062<=4,$A1062<>0),0,IF($A1062=\"S\",OFFSET(G1062,-1,0)+1,OFFSET(G1062,-1,0)))","v":6},{"$f":"IF(OR($A1062=\"S\",$A1062=0),0,MATCH(0,OFFSET($B1062,1,$A1062,ROW($A$1504)-ROW($A1062)),0))","v":0},{"$f":"IF(OR($A1062=\"S\",$A1062=0),0,MATCH(OFFSET($B1062,0,$A1062)+1,OFFSET($B1062,1,$A1062,ROW($A$1504)-ROW($A1062)),0))","v":0},"Insumo",{"$f":"IF($A1062=0,\"-\",CONCATENATE(C1062&\".\",IF(AND($A$5>=2,$A1062>=2),D1062&\".\",\"\"),IF(AND($A$5>=3,$A1062>=3),E1062&\".\",\"\"),IF(AND($A$5>=4,$A1062>=4),F1062&\".\",\"\"),IF($A1062=\"S\",G1062&\".\",\"\")))","v":"12.3.6."},{"$f":"IF(NOT(ISERROR($Y1062)),IF($Y1062<>FALSE,INDEX(Banco,$Y1062,4),\"\"),\"\")","v":"Cotação"},"Serv. Terc.","017",{"$f":"IF(NOT(ISERROR($Y1062)),IF($Y1062<>FALSE,INDEX(Banco,$Y1062,5),\"\"),\"\")","v":"Instrutor/Monitor (Educação Fisíca)"},{"$f":"IF(NOT(ISERROR($Y1062)),IF($Y1062<>FALSE,INDEX(Banco,$Y1062,6),\"\"),\"\")","v":"Horas"},3,{"$f":"IF(NOT(ISERROR($Y1062)),IF($Y1062<>FALSE,INDEX(Banco,$Y1062,7),0),0)","v":100},"DI 1",{"$f":"IF($J1062=$G$2,ROUND(ROUND($R1062,2)*IF($R$9=\"Preço Unitário (R$)\",1,1+$AA1062),2),0)","v":125},{"$f":"IF($A1062=\"S\",VTOTAL1,IF($A1062=0,0,ROUND(SomaAgrup,2)))","v":375},null,{"$f":"IF(OR($A1062=0,$A1062=\"S\",$A1062>CFF!$A$9),\"\",MAX(W$11:OFFSET(W1062,-1,0))+1)","v":""},{"$f":"IF(AND($J1062=$G$2,$N1062<>\"\",$M1062<>\"\"),CONCATENATE($M1062,\"-\",$N1062))","v":"Serv. Terc.-017"},{"$f":"IF(X1062<>FALSE,MATCH(X1062,OFFSET(Banco,0,0,,1),0))","v":97},null,{"$f":"IF($J1062=$G$2,ROUND(IF(ISNUMBER(S1062),S1062,IF(LEFT(S1062,2)=\"DI\",HLOOKUP(S1062,DADOS!$T$29:$X$30,2,FALSE),0)),4),\"\")","v":0.25}]
["S",0,12,3,0,0,7,{"$f":"IF(OR($A1063=\"S\",$A1063=0),0,MATCH(0,OFFSET($B1063,1,$A1063,ROW($A$1504)-ROW($A1063)),0))","v":0},{"$f":"IF(OR($A1063=\"S\",$A1063=0),0,MATCH(OFFSET($B1063,0,$A1063)+1,OFFSET($B1063,1,$A1063,ROW($A$1504)-ROW($A1063)),0))","v":0},"Insumo","12.3.7.","Cotação","Serv. Terc.","002","Carro de som com gravação de vinheta","Horas",3,200,"DI 1",250,750,null,{"$f":"IF(OR($A1063=0,$A1063=\"S\",$A1063>CFF!$A$9),\"\",MAX(W$11:OFFSET(W1063,-1,0))+1)","v":""},"Serv. Terc.-002",82,null,{"$f":"IF($J1063=$G$2,ROUND(IF(ISNUMBER(S1063),S1063,IF(LEFT(S1063,2)=\"DI\",HLOOKUP(S1063,DADOS!$T$29:$X$30,2,FALSE),0)),4),\"\")","v":0.25}]
["S",0,12,3,0,0,8,{"$f":"IF(OR($A1064=\"S\",$A1064=0),0,MATCH(0,OFFSET($B1064,1,$A1064,ROW($A$1504)-ROW($A1064)),0))","v":0},{"$f":"IF(OR($A1064=\"S\",$A1064=0),0,MATCH(OFFSET($B1064,0,$A1064)+1,OFFSET($B1064,1,$A1064,ROW($A$1504)-ROW($A1064)),0))","v":0},"Insumo","12.3.8.","Cotação","Serv. Terc.","005","Locação de caixa térmica","Unidade",2,40,"DI 1",50,100,null,{"$f":"IF(OR($A1064=0,$A1064=\"S\",$A1064>CFF!$A$9),\"\",MAX(W$11:OFFSET(W1064,-1,0))+1)","v":""},"Serv. Terc.-005",85,null,{"$f":"IF($J1064=$G$2,ROUND(IF(ISNUMBER(S1064),S1064,IF(LEFT(S1064,2)=\"DI\",HLOOKUP(S1064,DADOS!$T$29:$X$30,2,FALSE),0)),4),\"\")","v":0.25}]
[{"$f":"CHOOSE(1+LOG(1+2*(J1065=$C$2)+4*(J1065=$D$2)+8*(J1065=$E$2)+16*(J1065=$F$2)+32*(J1065=$G$2),2),0,1,2,3,4,\"S\")","v":"S"},{"$f":"IF(OR(A1065=\"S\",A1065=0),0,IF(ISERROR(I1065),H1065,SMALL(H1065:I1065,1)))","v":0},{"$f":"IF($A1065=1,OFFSET(C1065,-1,0)+1,OFFSET(C1065,-1,0))","v":12},{"$f":"IF($A1065=1,0,IF($A1065=2,OFFSET(D1065,-1,0)+1,OFFSET(D1065,-1,0)))","v":3},{"$f":"IF(AND($A1065<=2,$A1065<>0),0,IF($A1065=3,OFFSET(E1065,-1,0)+1,OFFSET(E1065,-1,0)))","v":0},{"$f":"IF(AND($A1065<=3,$A1065<>0),0,IF($A1065=4,OFFSET(F1065,-1,0)+1,OFFSET(F1065,-1,0)))","v":0},{"$f":"IF(AND($A1065<=4,$A1065<>0),0,IF($A1065=\"S\",OFFSET(G1065,-1,0)+1,OFFSET(G1065,-1,0)))","v":9},{"$f":"IF(OR($A1065=\"S\",$A1065=0),0,MATCH(0,OFFSET($B1065,1,$A1065,ROW($A$1504)-ROW($A1065)),0))","v":0},{"$f":"IF(OR($A1065=\"S\",$A1065=0),0,MATCH(OFFSET($B1065,0,$A1065)+1,OFFSET($B1065,1,$A1065,ROW($A$1504)-ROW($A1065)),0))","v":0},"Insumo",{"$f":"IF($A1065=0,\"-\",CONCATENATE(C1065&\".\",IF(AND($A$5>=2,$A1065>=2),D1065&\".\",\"\"),IF(AND($A$5>=3,$A1065>=3),E1065&\".\",\"\"),IF(AND($A$5>=4,$A1065>=4),F1065&\".\",\"\"),IF($A1065=\"S\",G1065&\".\",\"\")))","v":"12.3.9."},{"$f":"IF(NOT(ISERROR($Y1065)),IF($Y1065<>FALSE,INDEX(Banco,$Y1065,4),\"\"),\"\")","v":"Cotação "},"Serv. Terc.","011",{"$f":"IF(NOT(ISERROR($Y1065)),IF($Y1065<>FALSE,INDEX(Banco,$Y1065,5),\"\"),\"\")","v":"Barra de gelo"},{"$f":"IF(NOT(ISERROR($Y1065)),IF($Y1065<>FALSE,INDEX(Banco,$Y1065,6),\"\"),\"\")","v":"Unidade"},4,{"$f":"IF(NOT(ISERROR($Y1065)),IF($Y1065<>FALSE,INDEX(Banco,$Y1065,7),0),0)","v":12},"DI 1",{"$f":"IF($J1065=$G$2,ROUND(ROUND($R1065,2)*IF($R$9=\"Preço Unitário (R$)\",1,1+$AA1065),2),0)","v":15},{"$f":"IF($A1065=\"S\",VTOTAL1,IF($A1065=0,0,ROUND(SomaAgrup,2)))","v":60},null,{"$f":"IF(OR($A1065=0,$A1065=\"S\",$A1065>CFF!$A$9),\"\",MAX(W$11:OFFSET(W1065,-1,0))+1)","v":""},{"$f":"IF(AND($J1065=$G$2,$N1065<>\"\",$M1065<>\"\"),CONCATENATE($M1065,\"-\",$N1065))","v":"Serv. Terc.-011"},{"$f":"IF(X1065<>FALSE,MATCH(X1065,OFFSET(Banco,0,0,,1),0))","v":91},null,{"$f":"IF($J1065=$G$2,ROUND(IF(ISNUMBER(S1065),S1065,IF(LEFT(S1065,2)=\"DI\",HLOOKUP(S1065,DADOS!$T$29:$X$30,2,FALSE),0)),4),\"\")","v":0.25}]
["S",0,{"$f":"IF($A1066=1,OFFSET(C1066,-1,0)+1,OFFSET(C1066,-1,0))","v":12},{"$f":"IF($A1066=1,0,IF($A1066=2,OFFSET(D1066,-1,0)+1,OFFSET(D1066,-1,0)))","v":3},{"$f":"IF(AND($A1066<=2,$A1066<>0),0,IF($A1066=3,OFFSET(E1066,-1,0)+1,OFFSET(E1066,-1,0)))","v":0},{"$f":"IF(AND($A1066<=3,$A1066<>0),0,IF($A1066=4,OFFSET(F1066,-1,0)+1,OFFSET(F1066,-1,0)))","v":0},{"$f":"IF(AND($A1066<=4,$A1066<>0),0,IF($A1066=\"S\",OFFSET(G1066,-1,0)+1,OFFSET(G1066,-1,0)))","v":10},{"$f":"IF(OR($A1066=\"S\",$A1066=0),0,MATCH(0,OFFSET($B1066,1,$A1066,ROW($A$1504)-ROW($A1066)),0))","v":0},{"$f":"IF(OR($A1066=\"S\",$A1066=0),0,MATCH(OFFSET($B1066,0,$A1066)+1,OFFSET($B1066,1,$A1066,ROW($A$1504)-ROW($A1066)),0))","v":0},"Insumo","12.3.10.",{"$f":"IF(NOT(ISERROR($Y1066)),IF($Y1066<>FALSE,INDEX(Banco,$Y1066,4),\"\"),\"\")","v":"Cotação"},"Serv. Terc.","013",{"$f":"IF(NOT(ISERROR($Y1066)),IF($Y1066<>FALSE,INDEX(Banco,$Y1066,5),\"\"),\"\")","v":"Sucos"},{"$f":"IF(NOT(ISERROR($Y1066)),IF($Y1066<>FALSE,INDEX(Banco,$Y1066,6),\"\"),\"\")","v":"Unidade"},12,{"$f":"IF(NOT(ISERROR($Y1066)),IF($Y1066<>FALSE,INDEX(Banco,$Y1066,7),0),0)","v":6.4},"DI 1",{"$f":"IF($J1066=$G$2,ROUND(ROUND($R1066,2)*IF($R$9=\"Preço Unitário (R$)\",1,1+$AA1066),2),0)","v":8},{"$f":"IF($A1066=\"S\",VTOTAL1,IF($A1066=0,0,ROUND(SomaAgrup,2)))","v":96},null,{"$f":"IF(OR($A1066=0,$A1066=\"S\",$A1066>CFF!$A$9),\"\",MAX(W$11:OFFSET(W1066,-1,0))+1)","v":""},{"$f":"IF(AND($J1066=$G$2,$N1066<>\"\",$M1066<>\"\"),CONCATENATE($M1066,\"-\",$N1066))","v":"Serv. Terc.-013"},93,null,{"$f":"IF($J1066=$G$2,ROUND(IF(ISNUMBER(S1066),S1066,IF(LEFT(S1066,2)=\"DI\",HLOOKUP(S1066,DADOS!$T$29:$X$30,2,FALSE),0)),4),\"\")","v":0.25}]
[{"$f":"CHOOSE(1+LOG(1+2*(J1067=$C$2)+4*(J1067=$D$2)+8*(J1067=$E$2)+16*(J1067=$F$2)+32*(J1067=$G$2),2),0,1,2,3,4,\"S\")","v":"S"},{"$f":"IF(OR(A1067=\"S\",A1067=0),0,IF(ISERROR(I1067),H1067,SMALL(H1067:I1067,1)))","v":0},{"$f":"IF($A1067=1,OFFSET(C1067,-1,0)+1,OFFSET(C1067,-1,0))","v":12},{"$f":"IF($A1067=1,0,IF($A1067=2,OFFSET(D1067,-1,0)+1,OFFSET(D1067,-1,0)))","v":3},{"$f":"IF(AND($A1067<=2,$A1067<>0),0,IF($A1067=3,OFFSET(E1067,-1,0)+1,OFFSET(E1067,-1,0)))","v":0},{"$f":"IF(AND($A1067<=3,$A1067<>0),0,IF($A1067=4,OFFSET(F1067,-1,0)+1,OFFSET(F1067,-1,0)))","v":0},{"$f":"IF(AND($A1067<=4,$A1067<>0),0,IF($A1067=\"S\",OFFSET(G1067,-1,0)+1,OFFSET(G1067,-1,0)))","v":11},{"$f":"IF(OR($A1067=\"S\",$A1067=0),0,MATCH(0,OFFSET($B1067,1,$A1067,ROW($A$1504)-ROW($A1067)),0))","v":0},{"$f":"IF(OR($A1067=\"S\",$A1067=0),0,MATCH(OFFSET($B1067,0,$A1067)+1,OFFSET($B1067,1,$A1067,ROW($A$1504)-ROW($A1067)),0))","v":0},"Insumo",{"$f":"IF($A1067=0,\"-\",CONCATENATE(C1067&\".\",IF(AND($A$5>=2,$A1067>=2),D1067&\".\",\"\"),IF(AND($A$5>=3,$A1067>=3),E1067&\".\",\"\"),IF(AND($A$5>=4,$A1067>=4),F1067&\".\",\"\"),IF($A1067=\"S\",G1067&\".\",\"\")))","v":"12.3.11."},{"$f":"IF(NOT(ISERROR($Y1067)),IF($Y1067<>FALSE,INDEX(Banco,$Y1067,4),\"\"),\"\")","v":"Cotação"},"Serv. Terc.","027",{"$f":"IF(NOT(ISERROR($Y1067)),IF($Y1067<>FALSE,INDEX(Banco,$Y1067,5),\"\"),\"\")","v":"Refrigerantes (02 litros) "},{"$f":"IF(NOT(ISERROR($Y1067)),IF($Y1067<>FALSE,INDEX(Banco,$Y1067,6),\"\"),\"\")","v":"Unidade"},24,{"$f":"IF(NOT(ISERROR($Y1067)),IF($Y1067<>FALSE,INDEX(Banco,$Y1067,7),0),0)","v":6},"DI 1",{"$f":"IF($J1067=$G$2,ROUND(ROUND($R1067,2)*IF($R$9=\"Preço Unitário (R$)\",1,1+$AA1067),2),0)","v":7.5},{"$f":"IF($A1067=\"S\",VTOTAL1,IF($A1067=0,0,ROUND(SomaAgrup,2)))","v":180},null,{"$f":"IF(OR($A1067=0,$A1067=\"S\",$A1067>CFF!$A$9),\"\",MAX(W$11:OFFSET(W1067,-1,0))+1)","v":""},{"$f":"IF(AND($J1067=$G$2,$N1067<>\"\",$M1067<>\"\"),CONCATENATE($M1067,\"-\",$N1067))","v":"Serv. Terc.-027"},{"$f":"IF(X1067<>FALSE,MATCH(X1067,OFFSET(Banco,0,0,,1),0))","v":107},null,{"$f":"IF($J1067=$G$2,ROUND(IF(ISNUMBER(S1067),S1067,IF(LEFT(S1067,2)=\"DI\",HLOOKUP(S1067,DADOS!$T$29:$X$30,2,FALSE),0)),4),\"\")","v":0.25}]
["S",0,12,3,0,0,12,{"$f":"IF(OR($A1068=\"S\",$A1068=0),0,MATCH(0,OFFSET($B1068,1,$A1068,ROW($A$1504)-ROW($A1068)),0))","v":0},{"$f":"IF(OR($A1068=\"S\",$A1068=0),0,MATCH(OFFSET($B1068,0,$A1068)+1,OFFSET($B1068,1,$A1068,ROW($A$1504)-ROW($A1068)),0))","v":0},"Insumo","12.3.12.","Cotação","Serv. Terc.","015","Coffee break (salgados)","Centro",20,65,"DI 1",81.25,1625,null,{"$f":"IF(OR($A1068=0,$A1068=\"S\",$A1068>CFF!$A$9),\"\",MAX(W$11:OFFSET(W1068,-1,0))+1)","v":""},"Serv. Terc.-015",95,null,{"$f":"IF($J1068=$G$2,ROUND(IF(ISNUMBER(S1068),S1068,IF(LEFT(S1068,2)=\"DI\",HLOOKUP(S1068,DADOS!$T$29:$X$30,2,FALSE),0)),4),\"\")","v":0.25}]
["S",0,12,3,0,0,13,{"$f":"IF(OR($A1069=\"S\",$A1069=0),0,MATCH(0,OFFSET($B1069,1,$A1069,ROW($A$1504)-ROW($A1069)),0))","v":0},{"$f":"IF(OR($A1069=\"S\",$A1069=0),0,MATCH(OFFSET($B1069,0,$A1069)+1,OFFSET($B1069,1,$A1069,ROW($A$1504)-ROW($A1069)),0))","v":0},"Insumo","12.3.13.","Cotação","Serv. Terc.","067","Confecção de camisetas ","Unidade",60,19,"DI 1",23.75,1425,null,{"$f":"IF(OR($A1069=0,$A1069=\"S\",$A1069>CFF!$A$9),\"\",MAX(W$11:OFFSET(W1069,-1,0))+1)","v":""},"Serv. Terc.-067",147,null,{"$f":"IF($J1069=$G$2,ROUND(IF(ISNUMBER(S1069),S1069,IF(LEFT(S1069,2)=\"DI\",HLOOKUP(S1069,DADOS!$T$29:$X$30,2,FALSE),0)),4),\"\")","v":0.25}]
["S",0,12,3,0,0,14,{"$f":"IF(OR($A1070=\"S\",$A1070=0),0,MATCH(0,OFFSET($B1070,1,$A1070,ROW($A$1504)-ROW($A1070)),0))","v":0},{"$f":"IF(OR($A1070=\"S\",$A1070=0),0,MATCH(OFFSET($B1070,0,$A1070)+1,OFFSET($B1070,1,$A1070,ROW($A$1504)-ROW($A1070)),0))","v":0},"Insumo","12.3.14.","CRBio","Serv. Terc.","068","Biólogo (Instrutor)","Horas",8,100.72,"DI 1",125.9,1007.2,null,{"$f":"IF(OR($A1070=0,$A1070=\"S\",$A1070>CFF!$A$9),\"\",MAX(W$11:OFFSET(W1070,-1,0))+1)","v":""},"Serv. Terc.-068",148,null,{"$f":"IF($J1070=$G$2,ROUND(IF(ISNUMBER(S1070),S1070,IF(LEFT(S1070,2)=\"DI\",HLOOKUP(S1070,DADOS!$T$29:$X$30,2,FALSE),0)),4),\"\")","v":0.25}]
["S",0,12,3,0,0,15,{"$f":"IF(OR($A1071=\"S\",$A1071=0),0,MATCH(0,OFFSET($B1071,1,$A1071,ROW($A$1504)-ROW($A1071)),0))","v":0},{"$f":"IF(OR($A1071=\"S\",$A1071=0),0,MATCH(OFFSET($B1071,0,$A1071)+1,OFFSET($B1071,1,$A1071,ROW($A$1504)-ROW($A1071)),0))","v":0},"Insumo","12.3.15.","Cotação","Rec. Materiais","026","Saco de lixo (100 litros)","Pacote",18,15,"DI 1",18.75,337.5,null,{"$f":"IF(OR($A1071=0,$A1071=\"S\",$A1071>CFF!$A$9),\"\",MAX(W$11:OFFSET(W1071,-1,0))+1)","v":""},"Rec. Materiais-026",35,null,{"$f":"IF($J1071=$G$2,ROUND(IF(ISNUMBER(S1071),S1071,IF(LEFT(S1071,2)=\"DI\",HLOOKUP(S1071,DADOS!$T$29:$X$30,2,FALSE),0)),4),\"\")","v":0.25}]
["S",0,12,3,0,0,16,{"$f":"IF(OR($A1072=\"S\",$A1072=0),0,MATCH(0,OFFSET($B1072,1,$A1072,ROW($A$1504)-ROW($A1072)),0))","v":0},{"$f":"IF(OR($A1072=\"S\",$A1072=0),0,MATCH(OFFSET($B1072,0,$A1072)+1,OFFSET($B1072,1,$A1072,ROW($A$1504)-ROW($A1072)),0))","v":0},"Insumo","12.3.16.","Cotação","Rec. Materiais","027","Luvas de latex para limpeza descarpack","Unidade",40,3.99,"DI 1",4.99,199.6,null,{"$f":"IF(OR($A1072=0,$A1072=\"S\",$A1072>CFF!$A$9),\"\",MAX(W$11:OFFSET(W1072,-1,0))+1)","v":""},"Rec. Materiais-027",36,null,{"$f":"IF($J1072=$G$2,ROUND(IF(ISNUMBER(S1072),S1072,IF(LEFT(S1072,2)=\"DI\",HLOOKUP(S1072,DADOS!$T$29:$X$30,2,FALSE),0)),4),\"\")","v":0.25}]
[{"$f":"CHOOSE(1+LOG(1+2*(J1073=$C$2)+4*(J1073=$D$2)+8*(J1073=$E$2)+16*(J1073=$F$2)+32*(J1073=$G$2),2),0,1,2,3,4,\"S\")","v":"S"},{"$f":"IF(OR(A1073=\"S\",A1073=0),0,IF(ISERROR(I1073),H1073,SMALL(H1073:I1073,1)))","v":0},{"$f":"IF($A1073=1,OFFSET(C1073,-1,0)+1,OFFSET(C1073,-1,0))","v":12},{"$f":"IF($A1073=1,0,IF($A1073=2,OFFSET(D1073,-1,0)+1,OFFSET(D1073,-1,0)))","v":3},{"$f":"IF(AND($A1073<=2,$A1073<>0),0,IF($A1073=3,OFFSET(E1073,-1,0)+1,OFFSET(E1073,-1,0)))","v":0},{"$f":"IF(AND($A1073<=3,$A1073<>0),0,IF($A1073=4,OFFSET(F1073,-1,0)+1,OFFSET(F1073,-1,0)))","v":0},{"$f":"IF(AND($A1073<=4,$A1073<>0),0,IF($A1073=\"S\",OFFSET(G1073,-1,0)+1,OFFSET(G1073,-1,0)))","v":17},{"$f":"IF(OR($A1073=\"S\",$A1073=0),0,MATCH(0,OFFSET($B1073,1,$A1073,ROW($A$1504)-ROW($A1073)),0))","v":0},{"$f":"IF(OR($A1073=\"S\",$A1073=0),0,MATCH(OFFSET($B1073,0,$A1073)+1,OFFSET($B1073,1,$A1073,ROW($A$1504)-ROW($A1073)),0))","v":0},"Insumo",{"$f":"IF($A1073=0,\"-\",CONCATENATE(C1073&\".\",IF(AND($A$5>=2,$A1073>=2),D1073&\".\",\"\"),IF(AND($A$5>=3,$A1073>=3),E1073&\".\",\"\"),IF(AND($A$5>=4,$A1073>=4),F1073&\".\",\"\"),IF($A1073=\"S\",G1073&\".\",\"\")))","v":"12.3.17."},{"$f":"IF(NOT(ISERROR($Y1073)),IF($Y1073<>FALSE,INDEX(Banco,$Y1073,4),\"\"),\"\")","v":"Cotação"},"Rec. Materiais","062",{"$f":"IF(NOT(ISERROR($Y1073)),IF($Y1073<>FALSE,INDEX(Banco,$Y1073,5),\"\"),\"\")","v":"Apito (12 unidades)"},{"$f":"IF(NOT(ISERROR($Y1073)),IF($Y1073<>FALSE,INDEX(Banco,$Y1073,6),\"\"),\"\")","v":"Pacote"},6,{"$f":"IF(NOT(ISERROR($Y1073)),IF($Y1073<>FALSE,INDEX(Banco,$Y1073,7),0),0)","v":19.899999999999999},"DI 1",{"$f":"IF($J1073=$G$2,ROUND(ROUND($R1073,2)*IF($R$9=\"Preço Unitário (R$)\",1,1+$AA1073),2),0)","v":24.88},{"$f":"IF($A1073=\"S\",VTOTAL1,IF($A1073=0,0,ROUND(SomaAgrup,2)))","v":149.28},null,{"$f":"IF(OR($A1073=0,$A1073=\"S\",$A1073>CFF!$A$9),\"\",MAX(W$11:OFFSET(W1073,-1,0))+1)","v":""},{"$f":"IF(AND($J1073=$G$2,$N1073<>\"\",$M1073<>\"\"),CONCATENATE($M1073,\"-\",$N1073))","v":"Rec. Materiais-062"},{"$f":"IF(X1073<>FALSE,MATCH(X1073,OFFSET(Banco,0,0,,1),0))","v":71},null,{"$f":"IF($J1073=$G$2,ROUND(IF(ISNUMBER(S1073),S1073,IF(LEFT(S1073,2)=\"DI\",HLOOKUP(S1073,DADOS!$T$29:$X$30,2,FALSE),0)),4),\"\")","v":0.25}]
[{"$f":"CHOOSE(1+LOG(1+2*(J1074=$C$2)+4*(J1074=$D$2)+8*(J1074=$E$2)+16*(J1074=$F$2)+32*(J1074=$G$2),2),0,1,2,3,4,\"S\")","v":2},{"$f":"IF(OR(A1074=\"S\",A1074=0),0,IF(ISERROR(I1074),H1074,SMALL(H1074:I1074,1)))","v":3},{"$f":"IF($A1074=1,OFFSET(C1074,-1,0)+1,OFFSET(C1074,-1,0))","v":12},{"$f":"IF($A1074=1,0,IF($A1074=2,OFFSET(D1074,-1,0)+1,OFFSET(D1074,-1,0)))","v":4},{"$f":"IF(AND($A1074<=2,$A1074<>0),0,IF($A1074=3,OFFSET(E1074,-1,0)+1,OFFSET(E1074,-1,0)))","v":0},{"$f":"IF(AND($A1074<=3,$A1074<>0),0,IF($A1074=4,OFFSET(F1074,-1,0)+1,OFFSET(F1074,-1,0)))","v":0},{"$f":"IF(AND($A1074<=4,$A1074<>0),0,IF($A1074=\"S\",OFFSET(G1074,-1,0)+1,OFFSET(G1074,-1,0)))","v":0},{"$f":"IF(OR($A1074=\"S\",$A1074=0),0,MATCH(0,OFFSET($B1074,1,$A1074,ROW($A$1504)-ROW($A1074)),0))","v":54},{"$f":"IF(OR($A1074=\"S\",$A1074=0),0,MATCH(OFFSET($B1074,0,$A1074)+1,OFFSET($B1074,1,$A1074,ROW($A$1504)-ROW($A1074)),0))","v":3},"AtivNível 1",{"$f":"IF($A1074=0,\"-\",CONCATENATE(C1074&\".\",IF(AND($A$5>=2,$A1074>=2),D1074&\".\",\"\"),IF(AND($A$5>=3,$A1074>=3),E1074&\".\",\"\"),IF(AND($A$5>=4,$A1074>=4),F1074&\".\",\"\"),IF($A1074=\"S\",G1074&\".\",\"\")))","v":"12.4."},{"$f":"IF(NOT(ISERROR($Y1074)),IF($Y1074<>FALSE,INDEX(Banco,$Y1074,4),\"\"),\"\")","v":""},null,null,"Atividade 82 - Plantão Social região Jardim Ikaraí",{"$f":"IF(NOT(ISERROR($Y1074)),IF($Y1074<>FALSE,INDEX(Banco,$Y1074,6),\"\"),\"\")","v":""},null,{"$f":"IF(NOT(ISERROR($Y1074)),IF($Y1074<>FALSE,INDEX(Banco,$Y1074,7),0),0)","v":0},"DI 1",{"$f":"IF($J1074=$G$2,ROUND(ROUND($R1074,2)*IF($R$9=\"Preço Unitário (R$)\",1,1+$AA1074),2),0)","v":0},{"$f":"IF($A1074=\"S\",VTOTAL1,IF($A1074=0,0,ROUND(SomaAgrup,2)))","v":3427.56},null,{"$f":"IF(OR($A1074=0,$A1074=\"S\",$A1074>CFF!$A$9),\"\",MAX(W$11:OFFSET(W1074,-1,0))+1)","v":94},{"$f":"IF(AND($J1074=$G$2,$N1074<>\"\",$M1074<>\"\"),CONCATENATE($M1074,\"-\",$N1074))","v":false},{"$f":"IF(X1074<>FALSE,MATCH(X1074,OFFSET(Banco,0,0,,1),0))","v":false},null,{"$f":"IF($J1074=$G$2,ROUND(IF(ISNUMBER(S1074),S1074,IF(LEFT(S1074,2)=\"DI\",HLOOKUP(S1074,DADOS!$T$29:$X$30,2,FALSE),0)),4),\"\")","v":""}]
["S",0,12,4,0,0,1,{"$f":"IF(OR($A1075=\"S\",$A1075=0),0,MATCH(0,OFFSET($B1075,1,$A1075,ROW($A$1504)-ROW($A1075)),0))","v":0},{"$f":"IF(OR($A1075=\"S\",$A1075=0),0,MATCH(OFFSET($B1075,0,$A1075)+1,OFFSET($B1075,1,$A1075,ROW($A$1504)-ROW($A1075)),0))","v":0},"Insumo","12.4.1.","CRESS","Rec. Humanos","001",{"$f":"IF(NOT(ISERROR($Y1075)),IF($Y1075<>FALSE,INDEX(Banco,$Y1075,5),\"\"),\"\")","v":"Responsável Técnica"},"Horas",4,150.28,"DI 1",187.85,751.4,null,{"$f":"IF(OR($A1075=0,$A1075=\"S\",$A1075>CFF!$A$9),\"\",MAX(W$11:OFFSET(W1075,-1,0))+1)","v":""},"Rec. Humanos-001",3,null,{"$f":"IF($J1075=$G$2,ROUND(IF(ISNUMBER(S1075),S1075,IF(LEFT(S1075,2)=\"DI\",HLOOKUP(S1075,DADOS!$T$29:$X$30,2,FALSE),0)),4),\"\")","v":0.25}]
["S",0,12,4,0,0,2,{"$f":"IF(OR($A1076=\"S\",$A1076=0),0,MATCH(0,OFFSET($B1076,1,$A1076,ROW($A$1504)-ROW($A1076)),0))","v":0},{"$f":"IF(OR($A1076=\"S\",$A1076=0),0,MATCH(OFFSET($B1076,0,$A1076)+1,OFFSET($B1076,1,$A1076,ROW($A$1504)-ROW($A1076)),0))","v":0},"Insumo","12.4.2.","CRESS","Rec. Humanos","002",{"$f":"IF(NOT(ISERROR($Y1076)),IF($Y1076<>FALSE,INDEX(Banco,$Y1076,5),\"\"),\"\")","v":"Assistente Social"},"Horas",16,133.81,"DI 1",167.26,2676.16,null,{"$f":"IF(OR($A1076=0,$A1076=\"S\",$A1076>CFF!$A$9),\"\",MAX(W$11:OFFSET(W1076,-1,0))+1)","v":""},"Rec. Humanos-002",4,null,{"$f":"IF($J1076=$G$2,ROUND(IF(ISNUMBER(S1076),S1076,IF(LEFT(S1076,2)=\"DI\",HLOOKUP(S1076,DADOS!$T$29:$X$30,2,FALSE),0)),4),\"\")","v":0.25}]
[{"$f":"CHOOSE(1+LOG(1+2*(J1077=$C$2)+4*(J1077=$D$2)+8*(J1077=$E$2)+16*(J1077=$F$2)+32*(J1077=$G$2),2),0,1,2,3,4,\"S\")","v":2},{"$f":"IF(OR(A1077=\"S\",A1077=0),0,IF(ISERROR(I1077),H1077,SMALL(H1077:I1077,1)))","v":18},{"$f":"IF($A1077=1,OFFSET(C1077,-1,0)+1,OFFSET(C1077,-1,0))","v":12},{"$f":"IF($A1077=1,0,IF($A1077=2,OFFSET(D1077,-1,0)+1,OFFSET(D1077,-1,0)))","v":5},{"$f":"IF(AND($A1077<=2,$A1077<>0),0,IF($A1077=3,OFFSET(E1077,-1,0)+1,OFFSET(E1077,-1,0)))","v":0},{"$f":"IF(AND($A1077<=3,$A1077<>0),0,IF($A1077=4,OFFSET(F1077,-1,0)+1,OFFSET(F1077,-1,0)))","v":0},{"$f":"IF(AND($A1077<=4,$A1077<>0),0,IF($A1077=\"S\",OFFSET(G1077,-1,0)+1,OFFSET(G1077,-1,0)))","v":0},{"$f":"IF(OR($A1077=\"S\",$A1077=0),0,MATCH(0,OFFSET($B1077,1,$A1077,ROW($A$1504)-ROW($A1077)),0))","v":51},{"$f":"IF(OR($A1077=\"S\",$A1077=0),0,MATCH(OFFSET($B1077,0,$A1077)+1,OFFSET($B1077,1,$A1077,ROW($A$1504)-ROW($A1077)),0))","v":18},"AtivNível 1",{"$f":"IF($A1077=0,\"-\",CONCATENATE(C1077&\".\",IF(AND($A$5>=2,$A1077>=2),D1077&\".\",\"\"),IF(AND($A$5>=3,$A1077>=3),E1077&\".\",\"\"),IF(AND($A$5>=4,$A1077>=4),F1077&\".\",\"\"),IF($A1077=\"S\",G1077&\".\",\"\")))","v":"12.5."},{"$f":"IF(NOT(ISERROR($Y1077)),IF($Y1077<>FALSE,INDEX(Banco,$Y1077,4),\"\"),\"\")","v":""},null,null,"Atividade 83 - Ação comunitária e multirão de limpeza Bairro: Frutal de Minas e Jardim Paula II",{"$f":"IF(NOT(ISERROR($Y1077)),IF($Y1077<>FALSE,INDEX(Banco,$Y1077,6),\"\"),\"\")","v":""},null,{"$f":"IF(NOT(ISERROR($Y1077)),IF($Y1077<>FALSE,INDEX(Banco,$Y1077,7),0),0)","v":0},"DI 1",{"$f":"IF($J1077=$G$2,ROUND(ROUND($R1077,2)*IF($R$9=\"Preço Unitário (R$)\",1,1+$AA1077),2),0)","v":0},{"$f":"IF($A1077=\"S\",VTOTAL1,IF($A1077=0,0,ROUND(SomaAgrup,2)))","v":10512.35},null,{"$f":"IF(OR($A1077=0,$A1077=\"S\",$A1077>CFF!$A$9),\"\",MAX(W$11:OFFSET(W1077,-1,0))+1)","v":95},{"$f":"IF(AND($J1077=$G$2,$N1077<>\"\",$M1077<>\"\"),CONCATENATE($M1077,\"-\",$N1077))","v":false},{"$f":"IF(X1077<>FALSE,MATCH(X1077,OFFSET(Banco,0,0,,1),0))","v":false},null,{"$f":"IF($J1077=$G$2,ROUND(IF(ISNUMBER(S1077),S1077,IF(LEFT(S1077,2)=\"DI\",HLOOKUP(S1077,DADOS!$T$29:$X$30,2,FALSE),0)),4),\"\")","v":""}]
[{"$f":"CHOOSE(1+LOG(1+2*(J1078=$C$2)+4*(J1078=$D$2)+8*(J1078=$E$2)+16*(J1078=$F$2)+32*(J1078=$G$2),2),0,1,2,3,4,\"S\")","v":"S"},{"$f":"IF(OR(A1078=\"S\",A1078=0),0,IF(ISERROR(I1078),H1078,SMALL(H1078:I1078,1)))","v":0},{"$f":"IF($A1078=1,OFFSET(C1078,-1,0)+1,OFFSET(C1078,-1,0))","v":12},{"$f":"IF($A1078=1,0,IF($A1078=2,OFFSET(D1078,-1,0)+1,OFFSET(D1078,-1,0)))","v":5},{"$f":"IF(AND($A1078<=2,$A1078<>0),0,IF($A1078=3,OFFSET(E1078,-1,0)+1,OFFSET(E1078,-1,0)))","v":0},{"$f":"IF(AND($A1078<=3,$A1078<>0),0,IF($A1078=4,OFFSET(F1078,-1,0)+1,OFFSET(F1078,-1,0)))","v":0},{"$f":"IF(AND($A1078<=4,$A1078<>0),0,IF($A1078=\"S\",OFFSET(G1078,-1,0)+1,OFFSET(G1078,-1,0)))","v":1},{"$f":"IF(OR($A1078=\"S\",$A1078=0),0,MATCH(0,OFFSET($B1078,1,$A1078,ROW($A$1504)-ROW($A1078)),0))","v":0},{"$f":"IF(OR($A1078=\"S\",$A1078=0),0,MATCH(OFFSET($B1078,0,$A1078)+1,OFFSET($B1078,1,$A1078,ROW($A$1504)-ROW($A1078)),0))","v":0},"Insumo",{"$f":"IF($A1078=0,\"-\",CONCATENATE(C1078&\".\",IF(AND($A$5>=2,$A1078>=2),D1078&\".\",\"\"),IF(AND($A$5>=3,$A1078>=3),E1078&\".\",\"\"),IF(AND($A$5>=4,$A1078>=4),F1078&\".\",\"\"),IF($A1078=\"S\",G1078&\".\",\"\")))","v":"12.5.1."},{"$f":"IF(NOT(ISERROR($Y1078)),IF($Y1078<>FALSE,INDEX(Banco,$Y1078,4),\"\"),\"\")","v":"CRESS"},"Rec. Humanos","001",{"$f":"IF(NOT(ISERROR($Y1078)),IF($Y1078<>FALSE,INDEX(Banco,$Y1078,5),\"\"),\"\")","v":"Responsável Técnica"},{"$f":"IF(NOT(ISERROR($Y1078)),IF($Y1078<>FALSE,INDEX(Banco,$Y1078,6),\"\"),\"\")","v":"Horas"},9,{"$f":"IF(NOT(ISERROR($Y1078)),IF($Y1078<>FALSE,INDEX(Banco,$Y1078,7),0),0)","v":150.28},"DI 1",{"$f":"IF($J1078=$G$2,ROUND(ROUND($R1078,2)*IF($R$9=\"Preço Unitário (R$)\",1,1+$AA1078),2),0)","v":187.85},{"$f":"IF($A1078=\"S\",VTOTAL1,IF($A1078=0,0,ROUND(SomaAgrup,2)))","v":1690.65},null,{"$f":"IF(OR($A1078=0,$A1078=\"S\",$A1078>CFF!$A$9),\"\",MAX(W$11:OFFSET(W1078,-1,0))+1)","v":""},{"$f":"IF(AND($J1078=$G$2,$N1078<>\"\",$M1078<>\"\"),CONCATENATE($M1078,\"-\",$N1078))","v":"Rec. Humanos-001"},{"$f":"IF(X1078<>FALSE,MATCH(X1078,OFFSET(Banco,0,0,,1),0))","v":3},null,{"$f":"IF($J1078=$G$2,ROUND(IF(ISNUMBER(S1078),S1078,IF(LEFT(S1078,2)=\"DI\",HLOOKUP(S1078,DADOS!$T$29:$X$30,2,FALSE),0)),4),\"\")","v":0.25}]
["S",0,12,5,0,0,2,{"$f":"IF(OR($A1079=\"S\",$A1079=0),0,MATCH(0,OFFSET($B1079,1,$A1079,ROW($A$1504)-ROW($A1079)),0))","v":0},{"$f":"IF(OR($A1079=\"S\",$A1079=0),0,MATCH(OFFSET($B1079,0,$A1079)+1,OFFSET($B1079,1,$A1079,ROW($A$1504)-ROW($A1079)),0))","v":0},"Insumo","12.5.2.","CRESS","Rec. Humanos","002","Assistente Social","Horas",10,133.81,"DI 1",167.26,1672.6,null,{"$f":"IF(OR($A1079=0,$A1079=\"S\",$A1079>CFF!$A$9),\"\",MAX(W$11:OFFSET(W1079,-1,0))+1)","v":""},"Rec. Humanos-002",4,null,{"$f":"IF($J1079=$G$2,ROUND(IF(ISNUMBER(S1079),S1079,IF(LEFT(S1079,2)=\"DI\",HLOOKUP(S1079,DADOS!$T$29:$X$30,2,FALSE),0)),4),\"\")","v":0.25}]
["S",0,12,5,0,0,3,{"$f":"IF(OR($A1080=\"S\",$A1080=0),0,MATCH(0,OFFSET($B1080,1,$A1080,ROW($A$1504)-ROW($A1080)),0))","v":0},{"$f":"IF(OR($A1080=\"S\",$A1080=0),0,MATCH(OFFSET($B1080,0,$A1080)+1,OFFSET($B1080,1,$A1080,ROW($A$1504)-ROW($A1080)),0))","v":0},"Insumo","12.5.3.","Cotação","Rec. Humanos","003","Administrador (Técnico de Apoio) ","Horas",4,103.65,"DI 1",129.56,518.24,null,{"$f":"IF(OR($A1080=0,$A1080=\"S\",$A1080>CFF!$A$9),\"\",MAX(W$11:OFFSET(W1080,-1,0))+1)","v":""},"Rec. Humanos-003",5,null,{"$f":"IF($J1080=$G$2,ROUND(IF(ISNUMBER(S1080),S1080,IF(LEFT(S1080,2)=\"DI\",HLOOKUP(S1080,DADOS!$T$29:$X$30,2,FALSE),0)),4),\"\")","v":0.25}]
["S",0,12,5,0,0,4,{"$f":"IF(OR($A1081=\"S\",$A1081=0),0,MATCH(0,OFFSET($B1081,1,$A1081,ROW($A$1504)-ROW($A1081)),0))","v":0},{"$f":"IF(OR($A1081=\"S\",$A1081=0),0,MATCH(OFFSET($B1081,0,$A1081)+1,OFFSET($B1081,1,$A1081,ROW($A$1504)-ROW($A1081)),0))","v":0},"Insumo","12.5.4.","SINE","Rec. Humanos","004","Estagiários","Horas",22,9.7899999999999991,"DI 1",12.24,269.27999999999997,null,{"$f":"IF(OR($A1081=0,$A1081=\"S\",$A1081>CFF!$A$9),\"\",MAX(W$11:OFFSET(W1081,-1,0))+1)","v":""},"Rec. Humanos-004",6,null,{"$f":"IF($J1081=$G$2,ROUND(IF(ISNUMBER(S1081),S1081,IF(LEFT(S1081,2)=\"DI\",HLOOKUP(S1081,DADOS!$T$29:$X$30,2,FALSE),0)),4),\"\")","v":0.25}]
["S",0,12,5,0,0,5,{"$f":"IF(OR($A1082=\"S\",$A1082=0),0,MATCH(0,OFFSET($B1082,1,$A1082,ROW($A$1504)-ROW($A1082)),0))","v":0},{"$f":"IF(OR($A1082=\"S\",$A1082=0),0,MATCH(OFFSET($B1082,0,$A1082)+1,OFFSET($B1082,1,$A1082,ROW($A$1504)-ROW($A1082)),0))","v":0},"Insumo","12.5.5.","Cotação","Serv. Terc.","001","Fotocópias","Unidade",150,0.3,"DI 1",0.38,57,null,{"$f":"IF(OR($A1082=0,$A1082=\"S\",$A1082>CFF!$A$9),\"\",MAX(W$11:OFFSET(W1082,-1,0))+1)","v":""},"Serv. Terc.-001",81,null,{"$f":"IF($J1082=$G$2,ROUND(IF(ISNUMBER(S1082),S1082,IF(LEFT(S1082,2)=\"DI\",HLOOKUP(S1082,DADOS!$T$29:$X$30,2,FALSE),0)),4),\"\")","v":0.25}]
["S",0,12,5,0,0,6,{"$f":"IF(OR($A1083=\"S\",$A1083=0),0,MATCH(0,OFFSET($B1083,1,$A1083,ROW($A$1504)-ROW($A1083)),0))","v":0},{"$f":"IF(OR($A1083=\"S\",$A1083=0),0,MATCH(OFFSET($B1083,0,$A1083)+1,OFFSET($B1083,1,$A1083,ROW($A$1504)-ROW($A1083)),0))","v":0},"Insumo","12.5.6.","Cotação","Serv. Terc.","017","Instrutor/Monitor (Educação Fisíca)","Horas",3,100,"DI 1",125,375,null,{"$f":"IF(OR($A1083=0,$A1083=\"S\",$A1083>CFF!$A$9),\"\",MAX(W$11:OFFSET(W1083,-1,0))+1)","v":""},"Serv. Terc.-017",97,null,{"$f":"IF($J1083=$G$2,ROUND(IF(ISNUMBER(S1083),S1083,IF(LEFT(S1083,2)=\"DI\",HLOOKUP(S1083,DADOS!$T$29:$X$30,2,FALSE),0)),4),\"\")","v":0.25}]
[{"$f":"CHOOSE(1+LOG(1+2*(J1084=$C$2)+4*(J1084=$D$2)+8*(J1084=$E$2)+16*(J1084=$F$2)+32*(J1084=$G$2),2),0,1,2,3,4,\"S\")","v":"S"},{"$f":"IF(OR(A1084=\"S\",A1084=0),0,IF(ISERROR(I1084),H1084,SMALL(H1084:I1084,1)))","v":0},12,5,0,0,7,{"$f":"IF(OR($A1084=\"S\",$A1084=0),0,MATCH(0,OFFSET($B1084,1,$A1084,ROW($A$1504)-ROW($A1084)),0))","v":0},{"$f":"IF(OR($A1084=\"S\",$A1084=0),0,MATCH(OFFSET($B1084,0,$A1084)+1,OFFSET($B1084,1,$A1084,ROW($A$1504)-ROW($A1084)),0))","v":0},"Insumo","12.5.7.","Cotação","Serv. Terc.","002","Carro de som com gravação de vinheta","Horas",3,200,"DI 1",250,750,null,{"$f":"IF(OR($A1084=0,$A1084=\"S\",$A1084>CFF!$A$9),\"\",MAX(W$11:OFFSET(W1084,-1,0))+1)","v":""},"Serv. Terc.-002",{"$f":"IF(X1084<>FALSE,MATCH(X1084,OFFSET(Banco,0,0,,1),0))","v":82},null,{"$f":"IF($J1084=$G$2,ROUND(IF(ISNUMBER(S1084),S1084,IF(LEFT(S1084,2)=\"DI\",HLOOKUP(S1084,DADOS!$T$29:$X$30,2,FALSE),0)),4),\"\")","v":0.25}]
["S",0,12,5,0,0,8,{"$f":"IF(OR($A1085=\"S\",$A1085=0),0,MATCH(0,OFFSET($B1085,1,$A1085,ROW($A$1504)-ROW($A1085)),0))","v":0},{"$f":"IF(OR($A1085=\"S\",$A1085=0),0,MATCH(OFFSET($B1085,0,$A1085)+1,OFFSET($B1085,1,$A1085,ROW($A$1504)-ROW($A1085)),0))","v":0},"Insumo","12.5.8.","Cotação","Serv. Terc.","005","Locação de caixa térmica","Unidade",2,40,"DI 1",50,100,null,{"$f":"IF(OR($A1085=0,$A1085=\"S\",$A1085>CFF!$A$9),\"\",MAX(W$11:OFFSET(W1085,-1,0))+1)","v":""},"Serv. Terc.-005",85,null,{"$f":"IF($J1085=$G$2,ROUND(IF(ISNUMBER(S1085),S1085,IF(LEFT(S1085,2)=\"DI\",HLOOKUP(S1085,DADOS!$T$29:$X$30,2,FALSE),0)),4),\"\")","v":0.25}]
["S",0,12,5,0,0,9,{"$f":"IF(OR($A1086=\"S\",$A1086=0),0,MATCH(0,OFFSET($B1086,1,$A1086,ROW($A$1504)-ROW($A1086)),0))","v":0},{"$f":"IF(OR($A1086=\"S\",$A1086=0),0,MATCH(OFFSET($B1086,0,$A1086)+1,OFFSET($B1086,1,$A1086,ROW($A$1504)-ROW($A1086)),0))","v":0},"Insumo","12.5.9.","Cotação ","Serv. Terc.","011","Barra de gelo","Unidade",4,12,"DI 1",15,60,null,{"$f":"IF(OR($A1086=0,$A1086=\"S\",$A1086>CFF!$A$9),\"\",MAX(W$11:OFFSET(W1086,-1,0))+1)","v":""},"Serv. Terc.-011",91,null,{"$f":"IF($J1086=$G$2,ROUND(IF(ISNUMBER(S1086),S1086,IF(LEFT(S1086,2)=\"DI\",HLOOKUP(S1086,DADOS!$T$29:$X$30,2,FALSE),0)),4),\"\")","v":0.25}]
["S",0,12,5,0,0,10,{"$f":"IF(OR($A1087=\"S\",$A1087=0),0,MATCH(0,OFFSET($B1087,1,$A1087,ROW($A$1504)-ROW($A1087)),0))","v":0},{"$f":"IF(OR($A1087=\"S\",$A1087=0),0,MATCH(OFFSET($B1087,0,$A1087)+1,OFFSET($B1087,1,$A1087,ROW($A$1504)-ROW($A1087)),0))","v":0},"Insumo","12.5.10.","Cotação","Serv. Terc.","013","Sucos","Unidade",12,6.4,"DI 1",8,96,null,{"$f":"IF(OR($A1087=0,$A1087=\"S\",$A1087>CFF!$A$9),\"\",MAX(W$11:OFFSET(W1087,-1,0))+1)","v":""},"Serv. Terc.-013",93,null,{"$f":"IF($J1087=$G$2,ROUND(IF(ISNUMBER(S1087),S1087,IF(LEFT(S1087,2)=\"DI\",HLOOKUP(S1087,DADOS!$T$29:$X$30,2,FALSE),0)),4),\"\")","v":0.25}]
[{"$f":"CHOOSE(1+LOG(1+2*(J1088=$C$2)+4*(J1088=$D$2)+8*(J1088=$E$2)+16*(J1088=$F$2)+32*(J1088=$G$2),2),0,1,2,3,4,\"S\")","v":"S"},{"$f":"IF(OR(A1088=\"S\",A1088=0),0,IF(ISERROR(I1088),H1088,SMALL(H1088:I1088,1)))","v":0},{"$f":"IF($A1088=1,OFFSET(C1088,-1,0)+1,OFFSET(C1088,-1,0))","v":12},{"$f":"IF($A1088=1,0,IF($A1088=2,OFFSET(D1088,-1,0)+1,OFFSET(D1088,-1,0)))","v":5},{"$f":"IF(AND($A1088<=2,$A1088<>0),0,IF($A1088=3,OFFSET(E1088,-1,0)+1,OFFSET(E1088,-1,0)))","v":0},{"$f":"IF(AND($A1088<=3,$A1088<>0),0,IF($A1088=4,OFFSET(F1088,-1,0)+1,OFFSET(F1088,-1,0)))","v":0},{"$f":"IF(AND($A1088<=4,$A1088<>0),0,IF($A1088=\"S\",OFFSET(G1088,-1,0)+1,OFFSET(G1088,-1,0)))","v":11},{"$f":"IF(OR($A1088=\"S\",$A1088=0),0,MATCH(0,OFFSET($B1088,1,$A1088,ROW($A$1504)-ROW($A1088)),0))","v":0},{"$f":"IF(OR($A1088=\"S\",$A1088=0),0,MATCH(OFFSET($B1088,0,$A1088)+1,OFFSET($B1088,1,$A1088,ROW($A$1504)-ROW($A1088)),0))","v":0},"Insumo",{"$f":"IF($A1088=0,\"-\",CONCATENATE(C1088&\".\",IF(AND($A$5>=2,$A1088>=2),D1088&\".\",\"\"),IF(AND($A$5>=3,$A1088>=3),E1088&\".\",\"\"),IF(AND($A$5>=4,$A1088>=4),F1088&\".\",\"\"),IF($A1088=\"S\",G1088&\".\",\"\")))","v":"12.5.11."},{"$f":"IF(NOT(ISERROR($Y1088)),IF($Y1088<>FALSE,INDEX(Banco,$Y1088,4),\"\"),\"\")","v":"Cotação"},"Serv. Terc.","027",{"$f":"IF(NOT(ISERROR($Y1088)),IF($Y1088<>FALSE,INDEX(Banco,$Y1088,5),\"\"),\"\")","v":"Refrigerantes (02 litros) "},{"$f":"IF(NOT(ISERROR($Y1088)),IF($Y1088<>FALSE,INDEX(Banco,$Y1088,6),\"\"),\"\")","v":"Unidade"},24,{"$f":"IF(NOT(ISERROR($Y1088)),IF($Y1088<>FALSE,INDEX(Banco,$Y1088,7),0),0)","v":6},"DI 1",{"$f":"IF($J1088=$G$2,ROUND(ROUND($R1088,2)*IF($R$9=\"Preço Unitário (R$)\",1,1+$AA1088),2),0)","v":7.5},{"$f":"IF($A1088=\"S\",VTOTAL1,IF($A1088=0,0,ROUND(SomaAgrup,2)))","v":180},null,{"$f":"IF(OR($A1088=0,$A1088=\"S\",$A1088>CFF!$A$9),\"\",MAX(W$11:OFFSET(W1088,-1,0))+1)","v":""},{"$f":"IF(AND($J1088=$G$2,$N1088<>\"\",$M1088<>\"\"),CONCATENATE($M1088,\"-\",$N1088))","v":"Serv. Terc.-027"},{"$f":"IF(X1088<>FALSE,MATCH(X1088,OFFSET(Banco,0,0,,1),0))","v":107},null,{"$f":"IF($J1088=$G$2,ROUND(IF(ISNUMBER(S1088),S1088,IF(LEFT(S1088,2)=\"DI\",HLOOKUP(S1088,DADOS!$T$29:$X$30,2,FALSE),0)),4),\"\")","v":0.25}]
["S",0,12,5,0,0,12,{"$f":"IF(OR($A1089=\"S\",$A1089=0),0,MATCH(0,OFFSET($B1089,1,$A1089,ROW($A$1504)-ROW($A1089)),0))","v":0},{"$f":"IF(OR($A1089=\"S\",$A1089=0),0,MATCH(OFFSET($B1089,0,$A1089)+1,OFFSET($B1089,1,$A1089,ROW($A$1504)-ROW($A1089)),0))","v":0},"Insumo","12.5.12.","Cotação","Serv. Terc.","015","Coffee break (salgados)","Centro",20,65,"DI 1",81.25,1625,null,{"$f":"IF(OR($A1089=0,$A1089=\"S\",$A1089>CFF!$A$9),\"\",MAX(W$11:OFFSET(W1089,-1,0))+1)","v":""},"Serv. Terc.-015",95,null,{"$f":"IF($J1089=$G$2,ROUND(IF(ISNUMBER(S1089),S1089,IF(LEFT(S1089,2)=\"DI\",HLOOKUP(S1089,DADOS!$T$29:$X$30,2,FALSE),0)),4),\"\")","v":0.25}]
["S",0,12,5,0,0,13,{"$f":"IF(OR($A1090=\"S\",$A1090=0),0,MATCH(0,OFFSET($B1090,1,$A1090,ROW($A$1504)-ROW($A1090)),0))","v":0},{"$f":"IF(OR($A1090=\"S\",$A1090=0),0,MATCH(OFFSET($B1090,0,$A1090)+1,OFFSET($B1090,1,$A1090,ROW($A$1504)-ROW($A1090)),0))","v":0},"Insumo","12.5.13.","Cotação","Serv. Terc.","067","Confecção de camisetas ","Unidade",60,19,"DI 1",23.75,1425,null,{"$f":"IF(OR($A1090=0,$A1090=\"S\",$A1090>CFF!$A$9),\"\",MAX(W$11:OFFSET(W1090,-1,0))+1)","v":""},"Serv. Terc.-067",147,null,{"$f":"IF($J1090=$G$2,ROUND(IF(ISNUMBER(S1090),S1090,IF(LEFT(S1090,2)=\"DI\",HLOOKUP(S1090,DADOS!$T$29:$X$30,2,FALSE),0)),4),\"\")","v":0.25}]
["S",0,12,5,0,0,14,{"$f":"IF(OR($A1091=\"S\",$A1091=0),0,MATCH(0,OFFSET($B1091,1,$A1091,ROW($A$1504)-ROW($A1091)),0))","v":0},{"$f":"IF(OR($A1091=\"S\",$A1091=0),0,MATCH(OFFSET($B1091,0,$A1091)+1,OFFSET($B1091,1,$A1091,ROW($A$1504)-ROW($A1091)),0))","v":0},"Insumo","12.5.14.","CRBio","Serv. Terc.","068","Biólogo (Instrutor)","Horas",8,100.72,"DI 1",125.9,1007.2,null,{"$f":"IF(OR($A1091=0,$A1091=\"S\",$A1091>CFF!$A$9),\"\",MAX(W$11:OFFSET(W1091,-1,0))+1)","v":""},"Serv. Terc.-068",148,null,{"$f":"IF($J1091=$G$2,ROUND(IF(ISNUMBER(S1091),S1091,IF(LEFT(S1091,2)=\"DI\",HLOOKUP(S1091,DADOS!$T$29:$X$30,2,FALSE),0)),4),\"\")","v":0.25}]
["S",0,12,5,0,0,15,{"$f":"IF(OR($A1092=\"S\",$A1092=0),0,MATCH(0,OFFSET($B1092,1,$A1092,ROW($A$1504)-ROW($A1092)),0))","v":0},{"$f":"IF(OR($A1092=\"S\",$A1092=0),0,MATCH(OFFSET($B1092,0,$A1092)+1,OFFSET($B1092,1,$A1092,ROW($A$1504)-ROW($A1092)),0))","v":0},"Insumo","12.5.15.","Cotação","Rec. Materiais","026","Saco de lixo (100 litros)","Pacote",18,15,"DI 1",18.75,337.5,null,{"$f":"IF(OR($A1092=0,$A1092=\"S\",$A1092>CFF!$A$9),\"\",MAX(W$11:OFFSET(W1092,-1,0))+1)","v":""},"Rec. Materiais-026",35,null,{"$f":"IF($J1092=$G$2,ROUND(IF(ISNUMBER(S1092),S1092,IF(LEFT(S1092,2)=\"DI\",HLOOKUP(S1092,DADOS!$T$29:$X$30,2,FALSE),0)),4),\"\")","v":0.25}]
["S",0,12,5,0,0,16,{"$f":"IF(OR($A1093=\"S\",$A1093=0),0,MATCH(0,OFFSET($B1093,1,$A1093,ROW($A$1504)-ROW($A1093)),0))","v":0},{"$f":"IF(OR($A1093=\"S\",$A1093=0),0,MATCH(OFFSET($B1093,0,$A1093)+1,OFFSET($B1093,1,$A1093,ROW($A$1504)-ROW($A1093)),0))","v":0},"Insumo","12.5.16.","Cotação","Rec. Materiais","027","Luvas de latex para limpeza descarpack","Unidade",40,3.99,"DI 1",4.99,199.6,null,{"$f":"IF(OR($A1093=0,$A1093=\"S\",$A1093>CFF!$A$9),\"\",MAX(W$11:OFFSET(W1093,-1,0))+1)","v":""},"Rec. Materiais-027",36,null,{"$f":"IF($J1093=$G$2,ROUND(IF(ISNUMBER(S1093),S1093,IF(LEFT(S1093,2)=\"DI\",HLOOKUP(S1093,DADOS!$T$29:$X$30,2,FALSE),0)),4),\"\")","v":0.25}]
[{"$f":"CHOOSE(1+LOG(1+2*(J1094=$C$2)+4*(J1094=$D$2)+8*(J1094=$E$2)+16*(J1094=$F$2)+32*(J1094=$G$2),2),0,1,2,3,4,\"S\")","v":"S"},{"$f":"IF(OR(A1094=\"S\",A1094=0),0,IF(ISERROR(I1094),H1094,SMALL(H1094:I1094,1)))","v":0},{"$f":"IF($A1094=1,OFFSET(C1094,-1,0)+1,OFFSET(C1094,-1,0))","v":12},{"$f":"IF($A1094=1,0,IF($A1094=2,OFFSET(D1094,-1,0)+1,OFFSET(D1094,-1,0)))","v":5},{"$f":"IF(AND($A1094<=2,$A1094<>0),0,IF($A1094=3,OFFSET(E1094,-1,0)+1,OFFSET(E1094,-1,0)))","v":0},{"$f":"IF(AND($A1094<=3,$A1094<>0),0,IF($A1094=4,OFFSET(F1094,-1,0)+1,OFFSET(F1094,-1,0)))","v":0},{"$f":"IF(AND($A1094<=4,$A1094<>0),0,IF($A1094=\"S\",OFFSET(G1094,-1,0)+1,OFFSET(G1094,-1,0)))","v":17},{"$f":"IF(OR($A1094=\"S\",$A1094=0),0,MATCH(0,OFFSET($B1094,1,$A1094,ROW($A$1504)-ROW($A1094)),0))","v":0},{"$f":"IF(OR($A1094=\"S\",$A1094=0),0,MATCH(OFFSET($B1094,0,$A1094)+1,OFFSET($B1094,1,$A1094,ROW($A$1504)-ROW($A1094)),0))","v":0},"Insumo",{"$f":"IF($A1094=0,\"-\",CONCATENATE(C1094&\".\",IF(AND($A$5>=2,$A1094>=2),D1094&\".\",\"\"),IF(AND($A$5>=3,$A1094>=3),E1094&\".\",\"\"),IF(AND($A$5>=4,$A1094>=4),F1094&\".\",\"\"),IF($A1094=\"S\",G1094&\".\",\"\")))","v":"12.5.17."},{"$f":"IF(NOT(ISERROR($Y1094)),IF($Y1094<>FALSE,INDEX(Banco,$Y1094,4),\"\"),\"\")","v":"Cotação"},"Rec. Materiais","062",{"$f":"IF(NOT(ISERROR($Y1094)),IF($Y1094<>FALSE,INDEX(Banco,$Y1094,5),\"\"),\"\")","v":"Apito (12 unidades)"},{"$f":"IF(NOT(ISERROR($Y1094)),IF($Y1094<>FALSE,INDEX(Banco,$Y1094,6),\"\"),\"\")","v":"Pacote"},6,{"$f":"IF(NOT(ISERROR($Y1094)),IF($Y1094<>FALSE,INDEX(Banco,$Y1094,7),0),0)","v":19.899999999999999},"DI 1",{"$f":"IF($J1094=$G$2,ROUND(ROUND($R1094,2)*IF($R$9=\"Preço Unitário (R$)\",1,1+$AA1094),2),0)","v":24.88},{"$f":"IF($A1094=\"S\",VTOTAL1,IF($A1094=0,0,ROUND(SomaAgrup,2)))","v":149.28},null,{"$f":"IF(OR($A1094=0,$A1094=\"S\",$A1094>CFF!$A$9),\"\",MAX(W$11:OFFSET(W1094,-1,0))+1)","v":""},{"$f":"IF(AND($J1094=$G$2,$N1094<>\"\",$M1094<>\"\"),CONCATENATE($M1094,\"-\",$N1094))","v":"Rec. Materiais-062"},{"$f":"IF(X1094<>FALSE,MATCH(X1094,OFFSET(Banco,0,0,,1),0))","v":71},null,{"$f":"IF($J1094=$G$2,ROUND(IF(ISNUMBER(S1094),S1094,IF(LEFT(S1094,2)=\"DI\",HLOOKUP(S1094,DADOS!$T$29:$X$30,2,FALSE),0)),4),\"\")","v":0.25}]
[{"$f":"CHOOSE(1+LOG(1+2*(J1095=$C$2)+4*(J1095=$D$2)+8*(J1095=$E$2)+16*(J1095=$F$2)+32*(J1095=$G$2),2),0,1,2,3,4,\"S\")","v":2},{"$f":"IF(OR(A1095=\"S\",A1095=0),0,IF(ISERROR(I1095),H1095,SMALL(H1095:I1095,1)))","v":25},{"$f":"IF($A1095=1,OFFSET(C1095,-1,0)+1,OFFSET(C1095,-1,0))","v":12},{"$f":"IF($A1095=1,0,IF($A1095=2,OFFSET(D1095,-1,0)+1,OFFSET(D1095,-1,0)))","v":6},{"$f":"IF(AND($A1095<=2,$A1095<>0),0,IF($A1095=3,OFFSET(E1095,-1,0)+1,OFFSET(E1095,-1,0)))","v":0},{"$f":"IF(AND($A1095<=3,$A1095<>0),0,IF($A1095=4,OFFSET(F1095,-1,0)+1,OFFSET(F1095,-1,0)))","v":0},{"$f":"IF(AND($A1095<=4,$A1095<>0),0,IF($A1095=\"S\",OFFSET(G1095,-1,0)+1,OFFSET(G1095,-1,0)))","v":0},{"$f":"IF(OR($A1095=\"S\",$A1095=0),0,MATCH(0,OFFSET($B1095,1,$A1095,ROW($A$1504)-ROW($A1095)),0))","v":33},{"$f":"IF(OR($A1095=\"S\",$A1095=0),0,MATCH(OFFSET($B1095,0,$A1095)+1,OFFSET($B1095,1,$A1095,ROW($A$1504)-ROW($A1095)),0))","v":25},"AtivNível 1",{"$f":"IF($A1095=0,\"-\",CONCATENATE(C1095&\".\",IF(AND($A$5>=2,$A1095>=2),D1095&\".\",\"\"),IF(AND($A$5>=3,$A1095>=3),E1095&\".\",\"\"),IF(AND($A$5>=4,$A1095>=4),F1095&\".\",\"\"),IF($A1095=\"S\",G1095&\".\",\"\")))","v":"12.6."},{"$f":"IF(NOT(ISERROR($Y1095)),IF($Y1095<>FALSE,INDEX(Banco,$Y1095,4),\"\"),\"\")","v":""},null,null,"Atividade 84 - Oficina: Primeiros Socorros região Parque São joão",{"$f":"IF(NOT(ISERROR($Y1095)),IF($Y1095<>FALSE,INDEX(Banco,$Y1095,6),\"\"),\"\")","v":""},null,{"$f":"IF(NOT(ISERROR($Y1095)),IF($Y1095<>FALSE,INDEX(Banco,$Y1095,7),0),0)","v":0},"DI 1",{"$f":"IF($J1095=$G$2,ROUND(ROUND($R1095,2)*IF($R$9=\"Preço Unitário (R$)\",1,1+$AA1095),2),0)","v":0},{"$f":"IF($A1095=\"S\",VTOTAL1,IF($A1095=0,0,ROUND(SomaAgrup,2)))","v":17941.72},null,{"$f":"IF(OR($A1095=0,$A1095=\"S\",$A1095>CFF!$A$9),\"\",MAX(W$11:OFFSET(W1095,-1,0))+1)","v":96},{"$f":"IF(AND($J1095=$G$2,$N1095<>\"\",$M1095<>\"\"),CONCATENATE($M1095,\"-\",$N1095))","v":false},{"$f":"IF(X1095<>FALSE,MATCH(X1095,OFFSET(Banco,0,0,,1),0))","v":false},null,{"$f":"IF($J1095=$G$2,ROUND(IF(ISNUMBER(S1095),S1095,IF(LEFT(S1095,2)=\"DI\",HLOOKUP(S1095,DADOS!$T$29:$X$30,2,FALSE),0)),4),\"\")","v":""}]
[{"$f":"CHOOSE(1+LOG(1+2*(J1096=$C$2)+4*(J1096=$D$2)+8*(J1096=$E$2)+16*(J1096=$F$2)+32*(J1096=$G$2),2),0,1,2,3,4,\"S\")","v":"S"},{"$f":"IF(OR(A1096=\"S\",A1096=0),0,IF(ISERROR(I1096),H1096,SMALL(H1096:I1096,1)))","v":0},{"$f":"IF($A1096=1,OFFSET(C1096,-1,0)+1,OFFSET(C1096,-1,0))","v":12},{"$f":"IF($A1096=1,0,IF($A1096=2,OFFSET(D1096,-1,0)+1,OFFSET(D1096,-1,0)))","v":6},{"$f":"IF(AND($A1096<=2,$A1096<>0),0,IF($A1096=3,OFFSET(E1096,-1,0)+1,OFFSET(E1096,-1,0)))","v":0},{"$f":"IF(AND($A1096<=3,$A1096<>0),0,IF($A1096=4,OFFSET(F1096,-1,0)+1,OFFSET(F1096,-1,0)))","v":0},{"$f":"IF(AND($A1096<=4,$A1096<>0),0,IF($A1096=\"S\",OFFSET(G1096,-1,0)+1,OFFSET(G1096,-1,0)))","v":1},{"$f":"IF(OR($A1096=\"S\",$A1096=0),0,MATCH(0,OFFSET($B1096,1,$A1096,ROW($A$1504)-ROW($A1096)),0))","v":0},{"$f":"IF(OR($A1096=\"S\",$A1096=0),0,MATCH(OFFSET($B1096,0,$A1096)+1,OFFSET($B1096,1,$A1096,ROW($A$1504)-ROW($A1096)),0))","v":0},"Insumo",{"$f":"IF($A1096=0,\"-\",CONCATENATE(C1096&\".\",IF(AND($A$5>=2,$A1096>=2),D1096&\".\",\"\"),IF(AND($A$5>=3,$A1096>=3),E1096&\".\",\"\"),IF(AND($A$5>=4,$A1096>=4),F1096&\".\",\"\"),IF($A1096=\"S\",G1096&\".\",\"\")))","v":"12.6.1."},{"$f":"IF(NOT(ISERROR($Y1096)),IF($Y1096<>FALSE,INDEX(Banco,$Y1096,4),\"\"),\"\")","v":"CRESS"},"Rec. Humanos","001",{"$f":"IF(NOT(ISERROR($Y1096)),IF($Y1096<>FALSE,INDEX(Banco,$Y1096,5),\"\"),\"\")","v":"Responsável Técnica"},{"$f":"IF(NOT(ISERROR($Y1096)),IF($Y1096<>FALSE,INDEX(Banco,$Y1096,6),\"\"),\"\")","v":"Horas"},14,{"$f":"IF(NOT(ISERROR($Y1096)),IF($Y1096<>FALSE,INDEX(Banco,$Y1096,7),0),0)","v":150.28},"DI 1",{"$f":"IF($J1096=$G$2,ROUND(ROUND($R1096,2)*IF($R$9=\"Preço Unitário (R$)\",1,1+$AA1096),2),0)","v":187.85},{"$f":"IF($A1096=\"S\",VTOTAL1,IF($A1096=0,0,ROUND(SomaAgrup,2)))","v":2629.9},null,{"$f":"IF(OR($A1096=0,$A1096=\"S\",$A1096>CFF!$A$9),\"\",MAX(W$11:OFFSET(W1096,-1,0))+1)","v":""},{"$f":"IF(AND($J1096=$G$2,$N1096<>\"\",$M1096<>\"\"),CONCATENATE($M1096,\"-\",$N1096))","v":"Rec. Humanos-001"},{"$f":"IF(X1096<>FALSE,MATCH(X1096,OFFSET(Banco,0,0,,1),0))","v":3},null,{"$f":"IF($J1096=$G$2,ROUND(IF(ISNUMBER(S1096),S1096,IF(LEFT(S1096,2)=\"DI\",HLOOKUP(S1096,DADOS!$T$29:$X$30,2,FALSE),0)),4),\"\")","v":0.25}]
["S",0,12,6,0,0,2,{"$f":"IF(OR($A1097=\"S\",$A1097=0),0,MATCH(0,OFFSET($B1097,1,$A1097,ROW($A$1504)-ROW($A1097)),0))","v":0},{"$f":"IF(OR($A1097=\"S\",$A1097=0),0,MATCH(OFFSET($B1097,0,$A1097)+1,OFFSET($B1097,1,$A1097,ROW($A$1504)-ROW($A1097)),0))","v":0},"Insumo","12.6.2.","CRESS","Rec. Humanos","002","Assistente Social","Horas",10,133.81,"DI 1",167.26,1672.6,null,{"$f":"IF(OR($A1097=0,$A1097=\"S\",$A1097>CFF!$A$9),\"\",MAX(W$11:OFFSET(W1097,-1,0))+1)","v":""},"Rec. Humanos-002",4,null,{"$f":"IF($J1097=$G$2,ROUND(IF(ISNUMBER(S1097),S1097,IF(LEFT(S1097,2)=\"DI\",HLOOKUP(S1097,DADOS!$T$29:$X$30,2,FALSE),0)),4),\"\")","v":0.25}]
["S",0,12,6,0,0,3,{"$f":"IF(OR($A1098=\"S\",$A1098=0),0,MATCH(0,OFFSET($B1098,1,$A1098,ROW($A$1504)-ROW($A1098)),0))","v":0},{"$f":"IF(OR($A1098=\"S\",$A1098=0),0,MATCH(OFFSET($B1098,0,$A1098)+1,OFFSET($B1098,1,$A1098,ROW($A$1504)-ROW($A1098)),0))","v":0},"Insumo","12.6.3.","Cotação","Rec. Humanos","003","Administrador (Técnico de Apoio) ","Horas",4,103.65,"DI 1",129.56,518.24,null,{"$f":"IF(OR($A1098=0,$A1098=\"S\",$A1098>CFF!$A$9),\"\",MAX(W$11:OFFSET(W1098,-1,0))+1)","v":""},"Rec. Humanos-003",5,null,{"$f":"IF($J1098=$G$2,ROUND(IF(ISNUMBER(S1098),S1098,IF(LEFT(S1098,2)=\"DI\",HLOOKUP(S1098,DADOS!$T$29:$X$30,2,FALSE),0)),4),\"\")","v":0.25}]
["S",0,12,6,0,0,4,{"$f":"IF(OR($A1099=\"S\",$A1099=0),0,MATCH(0,OFFSET($B1099,1,$A1099,ROW($A$1504)-ROW($A1099)),0))","v":0},{"$f":"IF(OR($A1099=\"S\",$A1099=0),0,MATCH(OFFSET($B1099,0,$A1099)+1,OFFSET($B1099,1,$A1099,ROW($A$1504)-ROW($A1099)),0))","v":0},"Insumo","12.6.4.","SINE","Rec. Humanos","004","Estagiários","Horas",28,9.7899999999999991,"DI 1",12.24,342.72,null,{"$f":"IF(OR($A1099=0,$A1099=\"S\",$A1099>CFF!$A$9),\"\",MAX(W$11:OFFSET(W1099,-1,0))+1)","v":""},"Rec. Humanos-004",6,null,{"$f":"IF($J1099=$G$2,ROUND(IF(ISNUMBER(S1099),S1099,IF(LEFT(S1099,2)=\"DI\",HLOOKUP(S1099,DADOS!$T$29:$X$30,2,FALSE),0)),4),\"\")","v":0.25}]
["S",0,12,6,0,0,5,{"$f":"IF(OR($A1100=\"S\",$A1100=0),0,MATCH(0,OFFSET($B1100,1,$A1100,ROW($A$1504)-ROW($A1100)),0))","v":0},{"$f":"IF(OR($A1100=\"S\",$A1100=0),0,MATCH(OFFSET($B1100,0,$A1100)+1,OFFSET($B1100,1,$A1100,ROW($A$1504)-ROW($A1100)),0))","v":0},"Insumo","12.6.5.","Cotação","Serv. Terc.","001","Fotocópias","Unidade",300,0.3,"DI 1",0.38,114,null,{"$f":"IF(OR($A1100=0,$A1100=\"S\",$A1100>CFF!$A$9),\"\",MAX(W$11:OFFSET(W1100,-1,0))+1)","v":""},"Serv. Terc.-001",81,null,{"$f":"IF($J1100=$G$2,ROUND(IF(ISNUMBER(S1100),S1100,IF(LEFT(S1100,2)=\"DI\",HLOOKUP(S1100,DADOS!$T$29:$X$30,2,FALSE),0)),4),\"\")","v":0.25}]
[{"$f":"CHOOSE(1+LOG(1+2*(J1101=$C$2)+4*(J1101=$D$2)+8*(J1101=$E$2)+16*(J1101=$F$2)+32*(J1101=$G$2),2),0,1,2,3,4,\"S\")","v":"S"},{"$f":"IF(OR(A1101=\"S\",A1101=0),0,IF(ISERROR(I1101),H1101,SMALL(H1101:I1101,1)))","v":0},{"$f":"IF($A1101=1,OFFSET(C1101,-1,0)+1,OFFSET(C1101,-1,0))","v":12},{"$f":"IF($A1101=1,0,IF($A1101=2,OFFSET(D1101,-1,0)+1,OFFSET(D1101,-1,0)))","v":6},{"$f":"IF(AND($A1101<=2,$A1101<>0),0,IF($A1101=3,OFFSET(E1101,-1,0)+1,OFFSET(E1101,-1,0)))","v":0},{"$f":"IF(AND($A1101<=3,$A1101<>0),0,IF($A1101=4,OFFSET(F1101,-1,0)+1,OFFSET(F1101,-1,0)))","v":0},{"$f":"IF(AND($A1101<=4,$A1101<>0),0,IF($A1101=\"S\",OFFSET(G1101,-1,0)+1,OFFSET(G1101,-1,0)))","v":6},{"$f":"IF(OR($A1101=\"S\",$A1101=0),0,MATCH(0,OFFSET($B1101,1,$A1101,ROW($A$1504)-ROW($A1101)),0))","v":0},{"$f":"IF(OR($A1101=\"S\",$A1101=0),0,MATCH(OFFSET($B1101,0,$A1101)+1,OFFSET($B1101,1,$A1101,ROW($A$1504)-ROW($A1101)),0))","v":0},"Insumo",{"$f":"IF($A1101=0,\"-\",CONCATENATE(C1101&\".\",IF(AND($A$5>=2,$A1101>=2),D1101&\".\",\"\"),IF(AND($A$5>=3,$A1101>=3),E1101&\".\",\"\"),IF(AND($A$5>=4,$A1101>=4),F1101&\".\",\"\"),IF($A1101=\"S\",G1101&\".\",\"\")))","v":"12.6.6."},{"$f":"IF(NOT(ISERROR($Y1101)),IF($Y1101<>FALSE,INDEX(Banco,$Y1101,4),\"\"),\"\")","v":"Cotação"},"Serv. Terc.","017",{"$f":"IF(NOT(ISERROR($Y1101)),IF($Y1101<>FALSE,INDEX(Banco,$Y1101,5),\"\"),\"\")","v":"Instrutor/Monitor (Educação Fisíca)"},{"$f":"IF(NOT(ISERROR($Y1101)),IF($Y1101<>FALSE,INDEX(Banco,$Y1101,6),\"\"),\"\")","v":"Horas"},3,{"$f":"IF(NOT(ISERROR($Y1101)),IF($Y1101<>FALSE,INDEX(Banco,$Y1101,7),0),0)","v":100},"DI 1",{"$f":"IF($J1101=$G$2,ROUND(ROUND($R1101,2)*IF($R$9=\"Preço Unitário (R$)\",1,1+$AA1101),2),0)","v":125},{"$f":"IF($A1101=\"S\",VTOTAL1,IF($A1101=0,0,ROUND(SomaAgrup,2)))","v":375},null,{"$f":"IF(OR($A1101=0,$A1101=\"S\",$A1101>CFF!$A$9),\"\",MAX(W$11:OFFSET(W1101,-1,0))+1)","v":""},{"$f":"IF(AND($J1101=$G$2,$N1101<>\"\",$M1101<>\"\"),CONCATENATE($M1101,\"-\",$N1101))","v":"Serv. Terc.-017"},{"$f":"IF(X1101<>FALSE,MATCH(X1101,OFFSET(Banco,0,0,,1),0))","v":97},null,{"$f":"IF($J1101=$G$2,ROUND(IF(ISNUMBER(S1101),S1101,IF(LEFT(S1101,2)=\"DI\",HLOOKUP(S1101,DADOS!$T$29:$X$30,2,FALSE),0)),4),\"\")","v":0.25}]
["S",0,12,6,0,0,7,{"$f":"IF(OR($A1102=\"S\",$A1102=0),0,MATCH(0,OFFSET($B1102,1,$A1102,ROW($A$1504)-ROW($A1102)),0))","v":0},{"$f":"IF(OR($A1102=\"S\",$A1102=0),0,MATCH(OFFSET($B1102,0,$A1102)+1,OFFSET($B1102,1,$A1102,ROW($A$1504)-ROW($A1102)),0))","v":0},"Insumo","12.6.7.","Cotação","Serv. Terc.","002","Carro de som com gravação de vinheta","Horas",3,200,"DI 1",250,750,null,{"$f":"IF(OR($A1102=0,$A1102=\"S\",$A1102>CFF!$A$9),\"\",MAX(W$11:OFFSET(W1102,-1,0))+1)","v":""},"Serv. Terc.-002",82,null,{"$f":"IF($J1102=$G$2,ROUND(IF(ISNUMBER(S1102),S1102,IF(LEFT(S1102,2)=\"DI\",HLOOKUP(S1102,DADOS!$T$29:$X$30,2,FALSE),0)),4),\"\")","v":0.25}]
["S",0,12,6,0,0,8,{"$f":"IF(OR($A1103=\"S\",$A1103=0),0,MATCH(0,OFFSET($B1103,1,$A1103,ROW($A$1504)-ROW($A1103)),0))","v":0},{"$f":"IF(OR($A1103=\"S\",$A1103=0),0,MATCH(OFFSET($B1103,0,$A1103)+1,OFFSET($B1103,1,$A1103,ROW($A$1504)-ROW($A1103)),0))","v":0},"Insumo","12.6.8.","Cotação","Serv. Terc.","003","Locação de mesas","Unidade",20,3,"DI 1",3.75,75,null,{"$f":"IF(OR($A1103=0,$A1103=\"S\",$A1103>CFF!$A$9),\"\",MAX(W$11:OFFSET(W1103,-1,0))+1)","v":""},"Serv. Terc.-003",83,null,{"$f":"IF($J1103=$G$2,ROUND(IF(ISNUMBER(S1103),S1103,IF(LEFT(S1103,2)=\"DI\",HLOOKUP(S1103,DADOS!$T$29:$X$30,2,FALSE),0)),4),\"\")","v":0.25}]
["S",0,12,6,0,0,9,{"$f":"IF(OR($A1104=\"S\",$A1104=0),0,MATCH(0,OFFSET($B1104,1,$A1104,ROW($A$1504)-ROW($A1104)),0))","v":0},{"$f":"IF(OR($A1104=\"S\",$A1104=0),0,MATCH(OFFSET($B1104,0,$A1104)+1,OFFSET($B1104,1,$A1104,ROW($A$1504)-ROW($A1104)),0))","v":0},"Insumo","12.6.9.","Cotação","Serv. Terc.","004","Locação de cadeiras","Unidade",400,2,"DI 1",2.5,1000,null,{"$f":"IF(OR($A1104=0,$A1104=\"S\",$A1104>CFF!$A$9),\"\",MAX(W$11:OFFSET(W1104,-1,0))+1)","v":""},"Serv. Terc.-004",84,null,{"$f":"IF($J1104=$G$2,ROUND(IF(ISNUMBER(S1104),S1104,IF(LEFT(S1104,2)=\"DI\",HLOOKUP(S1104,DADOS!$T$29:$X$30,2,FALSE),0)),4),\"\")","v":0.25}]
["S",0,12,6,0,0,10,{"$f":"IF(OR($A1105=\"S\",$A1105=0),0,MATCH(0,OFFSET($B1105,1,$A1105,ROW($A$1504)-ROW($A1105)),0))","v":0},{"$f":"IF(OR($A1105=\"S\",$A1105=0),0,MATCH(OFFSET($B1105,0,$A1105)+1,OFFSET($B1105,1,$A1105,ROW($A$1504)-ROW($A1105)),0))","v":0},"Insumo","12.6.10.","Cotação","Serv. Terc.","005","Locação de caixa térmica","Unidade",2,40,"DI 1",50,100,null,{"$f":"IF(OR($A1105=0,$A1105=\"S\",$A1105>CFF!$A$9),\"\",MAX(W$11:OFFSET(W1105,-1,0))+1)","v":""},"Serv. Terc.-005",85,null,{"$f":"IF($J1105=$G$2,ROUND(IF(ISNUMBER(S1105),S1105,IF(LEFT(S1105,2)=\"DI\",HLOOKUP(S1105,DADOS!$T$29:$X$30,2,FALSE),0)),4),\"\")","v":0.25}]
["S",0,12,6,0,0,11,{"$f":"IF(OR($A1106=\"S\",$A1106=0),0,MATCH(0,OFFSET($B1106,1,$A1106,ROW($A$1504)-ROW($A1106)),0))","v":0},{"$f":"IF(OR($A1106=\"S\",$A1106=0),0,MATCH(OFFSET($B1106,0,$A1106)+1,OFFSET($B1106,1,$A1106,ROW($A$1504)-ROW($A1106)),0))","v":0},"Insumo","12.6.11.","Cotação","Serv. Terc.","006","Locação de tendas","Unidade",3,250,"DI 1",312.5,937.5,null,{"$f":"IF(OR($A1106=0,$A1106=\"S\",$A1106>CFF!$A$9),\"\",MAX(W$11:OFFSET(W1106,-1,0))+1)","v":""},"Serv. Terc.-006",86,null,{"$f":"IF($J1106=$G$2,ROUND(IF(ISNUMBER(S1106),S1106,IF(LEFT(S1106,2)=\"DI\",HLOOKUP(S1106,DADOS!$T$29:$X$30,2,FALSE),0)),4),\"\")","v":0.25}]
["S",0,12,6,0,0,12,{"$f":"IF(OR($A1107=\"S\",$A1107=0),0,MATCH(0,OFFSET($B1107,1,$A1107,ROW($A$1504)-ROW($A1107)),0))","v":0},{"$f":"IF(OR($A1107=\"S\",$A1107=0),0,MATCH(OFFSET($B1107,0,$A1107)+1,OFFSET($B1107,1,$A1107,ROW($A$1504)-ROW($A1107)),0))","v":0},"Insumo","12.6.12.","Cotação","Serv. Terc.","008","Locação de pula-pula com monitor","Unidade",2,220,"DI 1",275,550,null,{"$f":"IF(OR($A1107=0,$A1107=\"S\",$A1107>CFF!$A$9),\"\",MAX(W$11:OFFSET(W1107,-1,0))+1)","v":""},"Serv. Terc.-008",88,null,{"$f":"IF($J1107=$G$2,ROUND(IF(ISNUMBER(S1107),S1107,IF(LEFT(S1107,2)=\"DI\",HLOOKUP(S1107,DADOS!$T$29:$X$30,2,FALSE),0)),4),\"\")","v":0.25}]
["S",0,12,6,0,0,13,{"$f":"IF(OR($A1108=\"S\",$A1108=0),0,MATCH(0,OFFSET($B1108,1,$A1108,ROW($A$1504)-ROW($A1108)),0))","v":0},{"$f":"IF(OR($A1108=\"S\",$A1108=0),0,MATCH(OFFSET($B1108,0,$A1108)+1,OFFSET($B1108,1,$A1108,ROW($A$1504)-ROW($A1108)),0))","v":0},"Insumo","12.6.13.","Cotação","Serv. Terc.","012","Água (garrafão de 20 litros)","Unidade",2,10,"DI 1",12.5,25,null,{"$f":"IF(OR($A1108=0,$A1108=\"S\",$A1108>CFF!$A$9),\"\",MAX(W$11:OFFSET(W1108,-1,0))+1)","v":""},"Serv. Terc.-012",92,null,{"$f":"IF($J1108=$G$2,ROUND(IF(ISNUMBER(S1108),S1108,IF(LEFT(S1108,2)=\"DI\",HLOOKUP(S1108,DADOS!$T$29:$X$30,2,FALSE),0)),4),\"\")","v":0.25}]
["S",0,12,6,0,0,14,{"$f":"IF(OR($A1109=\"S\",$A1109=0),0,MATCH(0,OFFSET($B1109,1,$A1109,ROW($A$1504)-ROW($A1109)),0))","v":0},{"$f":"IF(OR($A1109=\"S\",$A1109=0),0,MATCH(OFFSET($B1109,0,$A1109)+1,OFFSET($B1109,1,$A1109,ROW($A$1504)-ROW($A1109)),0))","v":0},"Insumo","12.6.14.","Cotação ","Serv. Terc.","011","Barra de gelo","Unidade",4,12,"DI 1",15,60,null,{"$f":"IF(OR($A1109=0,$A1109=\"S\",$A1109>CFF!$A$9),\"\",MAX(W$11:OFFSET(W1109,-1,0))+1)","v":""},"Serv. Terc.-011",91,null,{"$f":"IF($J1109=$G$2,ROUND(IF(ISNUMBER(S1109),S1109,IF(LEFT(S1109,2)=\"DI\",HLOOKUP(S1109,DADOS!$T$29:$X$30,2,FALSE),0)),4),\"\")","v":0.25}]
["S",0,12,6,0,0,15,{"$f":"IF(OR($A1110=\"S\",$A1110=0),0,MATCH(0,OFFSET($B1110,1,$A1110,ROW($A$1504)-ROW($A1110)),0))","v":0},{"$f":"IF(OR($A1110=\"S\",$A1110=0),0,MATCH(OFFSET($B1110,0,$A1110)+1,OFFSET($B1110,1,$A1110,ROW($A$1504)-ROW($A1110)),0))","v":0},"Insumo","12.6.15.","Cotação","Serv. Terc.","013","Sucos","Unidade",12,6.4,"DI 1",8,96,null,{"$f":"IF(OR($A1110=0,$A1110=\"S\",$A1110>CFF!$A$9),\"\",MAX(W$11:OFFSET(W1110,-1,0))+1)","v":""},"Serv. Terc.-013",93,null,{"$f":"IF($J1110=$G$2,ROUND(IF(ISNUMBER(S1110),S1110,IF(LEFT(S1110,2)=\"DI\",HLOOKUP(S1110,DADOS!$T$29:$X$30,2,FALSE),0)),4),\"\")","v":0.25}]
[{"$f":"CHOOSE(1+LOG(1+2*(J1111=$C$2)+4*(J1111=$D$2)+8*(J1111=$E$2)+16*(J1111=$F$2)+32*(J1111=$G$2),2),0,1,2,3,4,\"S\")","v":"S"},{"$f":"IF(OR(A1111=\"S\",A1111=0),0,IF(ISERROR(I1111),H1111,SMALL(H1111:I1111,1)))","v":0},{"$f":"IF($A1111=1,OFFSET(C1111,-1,0)+1,OFFSET(C1111,-1,0))","v":12},{"$f":"IF($A1111=1,0,IF($A1111=2,OFFSET(D1111,-1,0)+1,OFFSET(D1111,-1,0)))","v":6},{"$f":"IF(AND($A1111<=2,$A1111<>0),0,IF($A1111=3,OFFSET(E1111,-1,0)+1,OFFSET(E1111,-1,0)))","v":0},{"$f":"IF(AND($A1111<=3,$A1111<>0),0,IF($A1111=4,OFFSET(F1111,-1,0)+1,OFFSET(F1111,-1,0)))","v":0},{"$f":"IF(AND($A1111<=4,$A1111<>0),0,IF($A1111=\"S\",OFFSET(G1111,-1,0)+1,OFFSET(G1111,-1,0)))","v":16},{"$f":"IF(OR($A1111=\"S\",$A1111=0),0,MATCH(0,OFFSET($B1111,1,$A1111,ROW($A$1504)-ROW($A1111)),0))","v":0},{"$f":"IF(OR($A1111=\"S\",$A1111=0),0,MATCH(OFFSET($B1111,0,$A1111)+1,OFFSET($B1111,1,$A1111,ROW($A$1504)-ROW($A1111)),0))","v":0},"Insumo",{"$f":"IF($A1111=0,\"-\",CONCATENATE(C1111&\".\",IF(AND($A$5>=2,$A1111>=2),D1111&\".\",\"\"),IF(AND($A$5>=3,$A1111>=3),E1111&\".\",\"\"),IF(AND($A$5>=4,$A1111>=4),F1111&\".\",\"\"),IF($A1111=\"S\",G1111&\".\",\"\")))","v":"12.6.16."},{"$f":"IF(NOT(ISERROR($Y1111)),IF($Y1111<>FALSE,INDEX(Banco,$Y1111,4),\"\"),\"\")","v":"Cotação"},"Serv. Terc.","027",{"$f":"IF(NOT(ISERROR($Y1111)),IF($Y1111<>FALSE,INDEX(Banco,$Y1111,5),\"\"),\"\")","v":"Refrigerantes (02 litros) "},{"$f":"IF(NOT(ISERROR($Y1111)),IF($Y1111<>FALSE,INDEX(Banco,$Y1111,6),\"\"),\"\")","v":"Unidade"},20,{"$f":"IF(NOT(ISERROR($Y1111)),IF($Y1111<>FALSE,INDEX(Banco,$Y1111,7),0),0)","v":6},"DI 1",{"$f":"IF($J1111=$G$2,ROUND(ROUND($R1111,2)*IF($R$9=\"Preço Unitário (R$)\",1,1+$AA1111),2),0)","v":7.5},{"$f":"IF($A1111=\"S\",VTOTAL1,IF($A1111=0,0,ROUND(SomaAgrup,2)))","v":150},null,{"$f":"IF(OR($A1111=0,$A1111=\"S\",$A1111>CFF!$A$9),\"\",MAX(W$11:OFFSET(W1111,-1,0))+1)","v":""},{"$f":"IF(AND($J1111=$G$2,$N1111<>\"\",$M1111<>\"\"),CONCATENATE($M1111,\"-\",$N1111))","v":"Serv. Terc.-027"},{"$f":"IF(X1111<>FALSE,MATCH(X1111,OFFSET(Banco,0,0,,1),0))","v":107},null,{"$f":"IF($J1111=$G$2,ROUND(IF(ISNUMBER(S1111),S1111,IF(LEFT(S1111,2)=\"DI\",HLOOKUP(S1111,DADOS!$T$29:$X$30,2,FALSE),0)),4),\"\")","v":0.25}]
[{"$f":"CHOOSE(1+LOG(1+2*(J1112=$C$2)+4*(J1112=$D$2)+8*(J1112=$E$2)+16*(J1112=$F$2)+32*(J1112=$G$2),2),0,1,2,3,4,\"S\")","v":"S"},{"$f":"IF(OR(A1112=\"S\",A1112=0),0,IF(ISERROR(I1112),H1112,SMALL(H1112:I1112,1)))","v":0},{"$f":"IF($A1112=1,OFFSET(C1112,-1,0)+1,OFFSET(C1112,-1,0))","v":12},{"$f":"IF($A1112=1,0,IF($A1112=2,OFFSET(D1112,-1,0)+1,OFFSET(D1112,-1,0)))","v":6},{"$f":"IF(AND($A1112<=2,$A1112<>0),0,IF($A1112=3,OFFSET(E1112,-1,0)+1,OFFSET(E1112,-1,0)))","v":0},{"$f":"IF(AND($A1112<=3,$A1112<>0),0,IF($A1112=4,OFFSET(F1112,-1,0)+1,OFFSET(F1112,-1,0)))","v":0},{"$f":"IF(AND($A1112<=4,$A1112<>0),0,IF($A1112=\"S\",OFFSET(G1112,-1,0)+1,OFFSET(G1112,-1,0)))","v":17},{"$f":"IF(OR($A1112=\"S\",$A1112=0),0,MATCH(0,OFFSET($B1112,1,$A1112,ROW($A$1504)-ROW($A1112)),0))","v":0},{"$f":"IF(OR($A1112=\"S\",$A1112=0),0,MATCH(OFFSET($B1112,0,$A1112)+1,OFFSET($B1112,1,$A1112,ROW($A$1504)-ROW($A1112)),0))","v":0},"Insumo",{"$f":"IF($A1112=0,\"-\",CONCATENATE(C1112&\".\",IF(AND($A$5>=2,$A1112>=2),D1112&\".\",\"\"),IF(AND($A$5>=3,$A1112>=3),E1112&\".\",\"\"),IF(AND($A$5>=4,$A1112>=4),F1112&\".\",\"\"),IF($A1112=\"S\",G1112&\".\",\"\")))","v":"12.6.17."},{"$f":"IF(NOT(ISERROR($Y1112)),IF($Y1112<>FALSE,INDEX(Banco,$Y1112,4),\"\"),\"\")","v":"Cotação"},"Rec. Materiais","019",{"$f":"IF(NOT(ISERROR($Y1112)),IF($Y1112<>FALSE,INDEX(Banco,$Y1112,5),\"\"),\"\")","v":"Copos descartáveis (2500 unidades)"},{"$f":"IF(NOT(ISERROR($Y1112)),IF($Y1112<>FALSE,INDEX(Banco,$Y1112,6),\"\"),\"\")","v":"Caixa"},1,{"$f":"IF(NOT(ISERROR($Y1112)),IF($Y1112<>FALSE,INDEX(Banco,$Y1112,7),0),0)","v":77.400000000000006},"DI 1",{"$f":"IF($J1112=$G$2,ROUND(ROUND($R1112,2)*IF($R$9=\"Preço Unitário (R$)\",1,1+$AA1112),2),0)","v":96.75},{"$f":"IF($A1112=\"S\",VTOTAL1,IF($A1112=0,0,ROUND(SomaAgrup,2)))","v":96.75},null,{"$f":"IF(OR($A1112=0,$A1112=\"S\",$A1112>CFF!$A$9),\"\",MAX(W$11:OFFSET(W1112,-1,0))+1)","v":""},{"$f":"IF(AND($J1112=$G$2,$N1112<>\"\",$M1112<>\"\"),CONCATENATE($M1112,\"-\",$N1112))","v":"Rec. Materiais-019"},{"$f":"IF(X1112<>FALSE,MATCH(X1112,OFFSET(Banco,0,0,,1),0))","v":28},null,{"$f":"IF($J1112=$G$2,ROUND(IF(ISNUMBER(S1112),S1112,IF(LEFT(S1112,2)=\"DI\",HLOOKUP(S1112,DADOS!$T$29:$X$30,2,FALSE),0)),4),\"\")","v":0.25}]
[{"$f":"CHOOSE(1+LOG(1+2*(J1113=$C$2)+4*(J1113=$D$2)+8*(J1113=$E$2)+16*(J1113=$F$2)+32*(J1113=$G$2),2),0,1,2,3,4,\"S\")","v":"S"},{"$f":"IF(OR(A1113=\"S\",A1113=0),0,IF(ISERROR(I1113),H1113,SMALL(H1113:I1113,1)))","v":0},{"$f":"IF($A1113=1,OFFSET(C1113,-1,0)+1,OFFSET(C1113,-1,0))","v":12},{"$f":"IF($A1113=1,0,IF($A1113=2,OFFSET(D1113,-1,0)+1,OFFSET(D1113,-1,0)))","v":6},{"$f":"IF(AND($A1113<=2,$A1113<>0),0,IF($A1113=3,OFFSET(E1113,-1,0)+1,OFFSET(E1113,-1,0)))","v":0},{"$f":"IF(AND($A1113<=3,$A1113<>0),0,IF($A1113=4,OFFSET(F1113,-1,0)+1,OFFSET(F1113,-1,0)))","v":0},{"$f":"IF(AND($A1113<=4,$A1113<>0),0,IF($A1113=\"S\",OFFSET(G1113,-1,0)+1,OFFSET(G1113,-1,0)))","v":18},{"$f":"IF(OR($A1113=\"S\",$A1113=0),0,MATCH(0,OFFSET($B1113,1,$A1113,ROW($A$1504)-ROW($A1113)),0))","v":0},{"$f":"IF(OR($A1113=\"S\",$A1113=0),0,MATCH(OFFSET($B1113,0,$A1113)+1,OFFSET($B1113,1,$A1113,ROW($A$1504)-ROW($A1113)),0))","v":0},"Insumo",{"$f":"IF($A1113=0,\"-\",CONCATENATE(C1113&\".\",IF(AND($A$5>=2,$A1113>=2),D1113&\".\",\"\"),IF(AND($A$5>=3,$A1113>=3),E1113&\".\",\"\"),IF(AND($A$5>=4,$A1113>=4),F1113&\".\",\"\"),IF($A1113=\"S\",G1113&\".\",\"\")))","v":"12.6.18."},{"$f":"IF(NOT(ISERROR($Y1113)),IF($Y1113<>FALSE,INDEX(Banco,$Y1113,4),\"\"),\"\")","v":"Cotação "},"Serv. Terc.","010",{"$f":"IF(NOT(ISERROR($Y1113)),IF($Y1113<>FALSE,INDEX(Banco,$Y1113,5),\"\"),\"\")","v":"Brindes ( descrição nos orçamentos e PTS)"},{"$f":"IF(NOT(ISERROR($Y1113)),IF($Y1113<>FALSE,INDEX(Banco,$Y1113,6),\"\"),\"\")","v":"Unidade"},8,{"$f":"IF(NOT(ISERROR($Y1113)),IF($Y1113<>FALSE,INDEX(Banco,$Y1113,7),0),0)","v":120},"DI 1",{"$f":"IF($J1113=$G$2,ROUND(ROUND($R1113,2)*IF($R$9=\"Preço Unitário (R$)\",1,1+$AA1113),2),0)","v":150},{"$f":"IF($A1113=\"S\",VTOTAL1,IF($A1113=0,0,ROUND(SomaAgrup,2)))","v":1200},null,{"$f":"IF(OR($A1113=0,$A1113=\"S\",$A1113>CFF!$A$9),\"\",MAX(W$11:OFFSET(W1113,-1,0))+1)","v":""},{"$f":"IF(AND($J1113=$G$2,$N1113<>\"\",$M1113<>\"\"),CONCATENATE($M1113,\"-\",$N1113))","v":"Serv. Terc.-010"},{"$f":"IF(X1113<>FALSE,MATCH(X1113,OFFSET(Banco,0,0,,1),0))","v":90},null,{"$f":"IF($J1113=$G$2,ROUND(IF(ISNUMBER(S1113),S1113,IF(LEFT(S1113,2)=\"DI\",HLOOKUP(S1113,DADOS!$T$29:$X$30,2,FALSE),0)),4),\"\")","v":0.25}]
["S",0,12,6,0,0,19,{"$f":"IF(OR($A1114=\"S\",$A1114=0),0,MATCH(0,OFFSET($B1114,1,$A1114,ROW($A$1504)-ROW($A1114)),0))","v":0},{"$f":"IF(OR($A1114=\"S\",$A1114=0),0,MATCH(OFFSET($B1114,0,$A1114)+1,OFFSET($B1114,1,$A1114,ROW($A$1504)-ROW($A1114)),0))","v":0},"Insumo","12.6.19.","Cotação","Serv. Terc.","015","Coffee break (salgados)","Centro",15,65,"DI 1",81.25,1218.75,null,{"$f":"IF(OR($A1114=0,$A1114=\"S\",$A1114>CFF!$A$9),\"\",MAX(W$11:OFFSET(W1114,-1,0))+1)","v":""},"Serv. Terc.-015",95,null,{"$f":"IF($J1114=$G$2,ROUND(IF(ISNUMBER(S1114),S1114,IF(LEFT(S1114,2)=\"DI\",HLOOKUP(S1114,DADOS!$T$29:$X$30,2,FALSE),0)),4),\"\")","v":0.25}]
[{"$f":"CHOOSE(1+LOG(1+2*(J1115=$C$2)+4*(J1115=$D$2)+8*(J1115=$E$2)+16*(J1115=$F$2)+32*(J1115=$G$2),2),0,1,2,3,4,\"S\")","v":"S"},{"$f":"IF(OR(A1115=\"S\",A1115=0),0,IF(ISERROR(I1115),H1115,SMALL(H1115:I1115,1)))","v":0},{"$f":"IF($A1115=1,OFFSET(C1115,-1,0)+1,OFFSET(C1115,-1,0))","v":12},{"$f":"IF($A1115=1,0,IF($A1115=2,OFFSET(D1115,-1,0)+1,OFFSET(D1115,-1,0)))","v":6},{"$f":"IF(AND($A1115<=2,$A1115<>0),0,IF($A1115=3,OFFSET(E1115,-1,0)+1,OFFSET(E1115,-1,0)))","v":0},{"$f":"IF(AND($A1115<=3,$A1115<>0),0,IF($A1115=4,OFFSET(F1115,-1,0)+1,OFFSET(F1115,-1,0)))","v":0},{"$f":"IF(AND($A1115<=4,$A1115<>0),0,IF($A1115=\"S\",OFFSET(G1115,-1,0)+1,OFFSET(G1115,-1,0)))","v":20},{"$f":"IF(OR($A1115=\"S\",$A1115=0),0,MATCH(0,OFFSET($B1115,1,$A1115,ROW($A$1504)-ROW($A1115)),0))","v":0},{"$f":"IF(OR($A1115=\"S\",$A1115=0),0,MATCH(OFFSET($B1115,0,$A1115)+1,OFFSET($B1115,1,$A1115,ROW($A$1504)-ROW($A1115)),0))","v":0},"Insumo",{"$f":"IF($A1115=0,\"-\",CONCATENATE(C1115&\".\",IF(AND($A$5>=2,$A1115>=2),D1115&\".\",\"\"),IF(AND($A$5>=3,$A1115>=3),E1115&\".\",\"\"),IF(AND($A$5>=4,$A1115>=4),F1115&\".\",\"\"),IF($A1115=\"S\",G1115&\".\",\"\")))","v":"12.6.20."},{"$f":"IF(NOT(ISERROR($Y1115)),IF($Y1115<>FALSE,INDEX(Banco,$Y1115,4),\"\"),\"\")","v":"COREN"},"Serv. Terc.","080",{"$f":"IF(NOT(ISERROR($Y1115)),IF($Y1115<>FALSE,INDEX(Banco,$Y1115,5),\"\"),\"\")","v":"Enfermeiro padrão"},{"$f":"IF(NOT(ISERROR($Y1115)),IF($Y1115<>FALSE,INDEX(Banco,$Y1115,6),\"\"),\"\")","v":"Unidade"},6,{"$f":"IF(NOT(ISERROR($Y1115)),IF($Y1115<>FALSE,INDEX(Banco,$Y1115,7),0),0)","v":123.02},"DI 1",{"$f":"IF($J1115=$G$2,ROUND(ROUND($R1115,2)*IF($R$9=\"Preço Unitário (R$)\",1,1+$AA1115),2),0)","v":153.78},{"$f":"IF($A1115=\"S\",VTOTAL1,IF($A1115=0,0,ROUND(SomaAgrup,2)))","v":922.68},null,{"$f":"IF(OR($A1115=0,$A1115=\"S\",$A1115>CFF!$A$9),\"\",MAX(W$11:OFFSET(W1115,-1,0))+1)","v":""},{"$f":"IF(AND($J1115=$G$2,$N1115<>\"\",$M1115<>\"\"),CONCATENATE($M1115,\"-\",$N1115))","v":"Serv. Terc.-080"},{"$f":"IF(X1115<>FALSE,MATCH(X1115,OFFSET(Banco,0,0,,1),0))","v":160},null,{"$f":"IF($J1115=$G$2,ROUND(IF(ISNUMBER(S1115),S1115,IF(LEFT(S1115,2)=\"DI\",HLOOKUP(S1115,DADOS!$T$29:$X$30,2,FALSE),0)),4),\"\")","v":0.25}]
["S",0,12,6,0,0,21,{"$f":"IF(OR($A1116=\"S\",$A1116=0),0,MATCH(0,OFFSET($B1116,1,$A1116,ROW($A$1504)-ROW($A1116)),0))","v":0},{"$f":"IF(OR($A1116=\"S\",$A1116=0),0,MATCH(OFFSET($B1116,0,$A1116)+1,OFFSET($B1116,1,$A1116,ROW($A$1504)-ROW($A1116)),0))","v":0},"Insumo","12.6.21.","Cotação","Rec. Materiais","020","Guloseimas (balas e pirulito)","Pacote",8,12,"DI 1",15,120,null,{"$f":"IF(OR($A1116=0,$A1116=\"S\",$A1116>CFF!$A$9),\"\",MAX(W$11:OFFSET(W1116,-1,0))+1)","v":""},"Rec. Materiais-020",29,null,{"$f":"IF($J1116=$G$2,ROUND(IF(ISNUMBER(S1116),S1116,IF(LEFT(S1116,2)=\"DI\",HLOOKUP(S1116,DADOS!$T$29:$X$30,2,FALSE),0)),4),\"\")","v":0.25}]
["S",0,12,6,0,0,22,{"$f":"IF(OR($A1117=\"S\",$A1117=0),0,MATCH(0,OFFSET($B1117,1,$A1117,ROW($A$1504)-ROW($A1117)),0))","v":0},{"$f":"IF(OR($A1117=\"S\",$A1117=0),0,MATCH(OFFSET($B1117,0,$A1117)+1,OFFSET($B1117,1,$A1117,ROW($A$1504)-ROW($A1117)),0))","v":0},"Insumo","12.6.22.","Cotação","Rec. Materiais","021","Papel de presente","Folhas",16,1.5,"DI 1",1.88,30.08,null,{"$f":"IF(OR($A1117=0,$A1117=\"S\",$A1117>CFF!$A$9),\"\",MAX(W$11:OFFSET(W1117,-1,0))+1)","v":""},"Rec. Materiais-021",30,null,{"$f":"IF($J1117=$G$2,ROUND(IF(ISNUMBER(S1117),S1117,IF(LEFT(S1117,2)=\"DI\",HLOOKUP(S1117,DADOS!$T$29:$X$30,2,FALSE),0)),4),\"\")","v":0.25}]
["S",0,12,6,0,0,23,{"$f":"IF(OR($A1118=\"S\",$A1118=0),0,MATCH(0,OFFSET($B1118,1,$A1118,ROW($A$1504)-ROW($A1118)),0))","v":0},{"$f":"IF(OR($A1118=\"S\",$A1118=0),0,MATCH(OFFSET($B1118,0,$A1118)+1,OFFSET($B1118,1,$A1118,ROW($A$1504)-ROW($A1118)),0))","v":0},"Insumo","12.6.23.","Cotação","Rec. Materiais","026","Saco de lixo (100 litros)","Pacote",2,15,"DI 1",18.75,37.5,null,{"$f":"IF(OR($A1118=0,$A1118=\"S\",$A1118>CFF!$A$9),\"\",MAX(W$11:OFFSET(W1118,-1,0))+1)","v":""},"Rec. Materiais-026",35,null,{"$f":"IF($J1118=$G$2,ROUND(IF(ISNUMBER(S1118),S1118,IF(LEFT(S1118,2)=\"DI\",HLOOKUP(S1118,DADOS!$T$29:$X$30,2,FALSE),0)),4),\"\")","v":0.25}]
["S",0,12,6,0,0,24,{"$f":"IF(OR($A1119=\"S\",$A1119=0),0,MATCH(0,OFFSET($B1119,1,$A1119,ROW($A$1504)-ROW($A1119)),0))","v":0},{"$f":"IF(OR($A1119=\"S\",$A1119=0),0,MATCH(OFFSET($B1119,0,$A1119)+1,OFFSET($B1119,1,$A1119,ROW($A$1504)-ROW($A1119)),0))","v":0},"Insumo","12.6.24.","Cotação","Serv. Terc.","069",{"$f":"IF(NOT(ISERROR($Y1119)),IF($Y1119<>FALSE,INDEX(Banco,$Y1119,5),\"\"),\"\")","v":"Informativos 04 pgs, 15x21 cm, 4 cores, tinta escala em couche"},"Unidade",656,6,"DI 1",7.5,4920,null,{"$f":"IF(OR($A1119=0,$A1119=\"S\",$A1119>CFF!$A$9),\"\",MAX(W$11:OFFSET(W1119,-1,0))+1)","v":""},"Serv. Terc.-069",149,null,{"$f":"IF($J1119=$G$2,ROUND(IF(ISNUMBER(S1119),S1119,IF(LEFT(S1119,2)=\"DI\",HLOOKUP(S1119,DADOS!$T$29:$X$30,2,FALSE),0)),4),\"\")","v":0.25}]
[{"$f":"CHOOSE(1+LOG(1+2*(J1120=$C$2)+4*(J1120=$D$2)+8*(J1120=$E$2)+16*(J1120=$F$2)+32*(J1120=$G$2),2),0,1,2,3,4,\"S\")","v":2},{"$f":"IF(OR(A1120=\"S\",A1120=0),0,IF(ISERROR(I1120),H1120,SMALL(H1120:I1120,1)))","v":4},{"$f":"IF($A1120=1,OFFSET(C1120,-1,0)+1,OFFSET(C1120,-1,0))","v":12},{"$f":"IF($A1120=1,0,IF($A1120=2,OFFSET(D1120,-1,0)+1,OFFSET(D1120,-1,0)))","v":7},{"$f":"IF(AND($A1120<=2,$A1120<>0),0,IF($A1120=3,OFFSET(E1120,-1,0)+1,OFFSET(E1120,-1,0)))","v":0},{"$f":"IF(AND($A1120<=3,$A1120<>0),0,IF($A1120=4,OFFSET(F1120,-1,0)+1,OFFSET(F1120,-1,0)))","v":0},{"$f":"IF(AND($A1120<=4,$A1120<>0),0,IF($A1120=\"S\",OFFSET(G1120,-1,0)+1,OFFSET(G1120,-1,0)))","v":0},{"$f":"IF(OR($A1120=\"S\",$A1120=0),0,MATCH(0,OFFSET($B1120,1,$A1120,ROW($A$1504)-ROW($A1120)),0))","v":8},{"$f":"IF(OR($A1120=\"S\",$A1120=0),0,MATCH(OFFSET($B1120,0,$A1120)+1,OFFSET($B1120,1,$A1120,ROW($A$1504)-ROW($A1120)),0))","v":4},"AtivNível 1",{"$f":"IF($A1120=0,\"-\",CONCATENATE(C1120&\".\",IF(AND($A$5>=2,$A1120>=2),D1120&\".\",\"\"),IF(AND($A$5>=3,$A1120>=3),E1120&\".\",\"\"),IF(AND($A$5>=4,$A1120>=4),F1120&\".\",\"\"),IF($A1120=\"S\",G1120&\".\",\"\")))","v":"12.7."},{"$f":"IF(NOT(ISERROR($Y1120)),IF($Y1120<>FALSE,INDEX(Banco,$Y1120,4),\"\"),\"\")","v":""},null,null,"Atividade 85 - Reunião para o sorteio, entrega das chaves emanual do beneficiário região Parque São João",{"$f":"IF(NOT(ISERROR($Y1120)),IF($Y1120<>FALSE,INDEX(Banco,$Y1120,6),\"\"),\"\")","v":""},null,{"$f":"IF(NOT(ISERROR($Y1120)),IF($Y1120<>FALSE,INDEX(Banco,$Y1120,7),0),0)","v":0},"DI 1",{"$f":"IF($J1120=$G$2,ROUND(ROUND($R1120,2)*IF($R$9=\"Preço Unitário (R$)\",1,1+$AA1120),2),0)","v":0},{"$f":"IF($A1120=\"S\",VTOTAL1,IF($A1120=0,0,ROUND(SomaAgrup,2)))","v":1085.33},null,{"$f":"IF(OR($A1120=0,$A1120=\"S\",$A1120>CFF!$A$9),\"\",MAX(W$11:OFFSET(W1120,-1,0))+1)","v":97},{"$f":"IF(AND($J1120=$G$2,$N1120<>\"\",$M1120<>\"\"),CONCATENATE($M1120,\"-\",$N1120))","v":false},{"$f":"IF(X1120<>FALSE,MATCH(X1120,OFFSET(Banco,0,0,,1),0))","v":false},null,{"$f":"IF($J1120=$G$2,ROUND(IF(ISNUMBER(S1120),S1120,IF(LEFT(S1120,2)=\"DI\",HLOOKUP(S1120,DADOS!$T$29:$X$30,2,FALSE),0)),4),\"\")","v":""}]
["S",0,12,7,0,0,1,{"$f":"IF(OR($A1121=\"S\",$A1121=0),0,MATCH(0,OFFSET($B1121,1,$A1121,ROW($A$1504)-ROW($A1121)),0))","v":0},{"$f":"IF(OR($A1121=\"S\",$A1121=0),0,MATCH(OFFSET($B1121,0,$A1121)+1,OFFSET($B1121,1,$A1121,ROW($A$1504)-ROW($A1121)),0))","v":0},"Insumo","12.7.1.","CRESS","Rec. Humanos","001",{"$f":"IF(NOT(ISERROR($Y1121)),IF($Y1121<>FALSE,INDEX(Banco,$Y1121,5),\"\"),\"\")","v":"Responsável Técnica"},"Horas",3,150.28,"DI 1",187.85,563.54999999999995,null,{"$f":"IF(OR($A1121=0,$A1121=\"S\",$A1121>CFF!$A$9),\"\",MAX(W$11:OFFSET(W1121,-1,0))+1)","v":""},"Rec. Humanos-001",3,null,{"$f":"IF($J1121=$G$2,ROUND(IF(ISNUMBER(S1121),S1121,IF(LEFT(S1121,2)=\"DI\",HLOOKUP(S1121,DADOS!$T$29:$X$30,2,FALSE),0)),4),\"\")","v":0.25}]
["S",0,12,7,0,0,2,{"$f":"IF(OR($A1122=\"S\",$A1122=0),0,MATCH(0,OFFSET($B1122,1,$A1122,ROW($A$1504)-ROW($A1122)),0))","v":0},{"$f":"IF(OR($A1122=\"S\",$A1122=0),0,MATCH(OFFSET($B1122,0,$A1122)+1,OFFSET($B1122,1,$A1122,ROW($A$1504)-ROW($A1122)),0))","v":0},"Insumo","12.7.2.","CRESS","Rec. Humanos","002",{"$f":"IF(NOT(ISERROR($Y1122)),IF($Y1122<>FALSE,INDEX(Banco,$Y1122,5),\"\"),\"\")","v":"Assistente Social"},"Horas",3,133.81,"DI 1",167.26,501.78,null,{"$f":"IF(OR($A1122=0,$A1122=\"S\",$A1122>CFF!$A$9),\"\",MAX(W$11:OFFSET(W1122,-1,0))+1)","v":""},"Rec. Humanos-002",4,null,{"$f":"IF($J1122=$G$2,ROUND(IF(ISNUMBER(S1122),S1122,IF(LEFT(S1122,2)=\"DI\",HLOOKUP(S1122,DADOS!$T$29:$X$30,2,FALSE),0)),4),\"\")","v":0.25}]
["S",0,12,7,0,0,3,{"$f":"IF(OR($A1123=\"S\",$A1123=0),0,MATCH(0,OFFSET($B1123,1,$A1123,ROW($A$1504)-ROW($A1123)),0))","v":0},{"$f":"IF(OR($A1123=\"S\",$A1123=0),0,MATCH(OFFSET($B1123,0,$A1123)+1,OFFSET($B1123,1,$A1123,ROW($A$1504)-ROW($A1123)),0))","v":0},"Insumo","12.7.3.","Cotação","Serv. Terc.","009",{"$f":"IF(NOT(ISERROR($Y1123)),IF($Y1123<>FALSE,INDEX(Banco,$Y1123,5),\"\"),\"\")","v":"Água (garrafa de 1,5 litros)"},"Unidade",4,4,"DI 1",5,20,null,{"$f":"IF(OR($A1123=0,$A1123=\"S\",$A1123>CFF!$A$9),\"\",MAX(W$11:OFFSET(W1123,-1,0))+1)","v":""},"Serv. Terc.-009",89,null,{"$f":"IF($J1123=$G$2,ROUND(IF(ISNUMBER(S1123),S1123,IF(LEFT(S1123,2)=\"DI\",HLOOKUP(S1123,DADOS!$T$29:$X$30,2,FALSE),0)),4),\"\")","v":0.25}]
[2,4,12,8,0,0,0,{"$f":"IF(OR($A1124=\"S\",$A1124=0),0,MATCH(0,OFFSET($B1124,1,$A1124,ROW($A$1504)-ROW($A1124)),0))","v":4},{"$f":"IF(OR($A1124=\"S\",$A1124=0),0,MATCH(OFFSET($B1124,0,$A1124)+1,OFFSET($B1124,1,$A1124,ROW($A$1504)-ROW($A1124)),0))","v":{"$error":"#N/A"}},"AtivNível 1","12.8.","",null,null,"Atividade 86 -Reunião para o sorteio, entrega das chaves e manual dos beneficiários região Jardim Ikaraí","",null,0,"DI 1",0,1085.33,null,{"$f":"IF(OR($A1124=0,$A1124=\"S\",$A1124>CFF!$A$9),\"\",MAX(W$11:OFFSET(W1124,-1,0))+1)","v":98},false,false,null,{"$f":"IF($J1124=$G$2,ROUND(IF(ISNUMBER(S1124),S1124,IF(LEFT(S1124,2)=\"DI\",HLOOKUP(S1124,DADOS!$T$29:$X$30,2,FALSE),0)),4),\"\")","v":""}]
["S",0,12,8,0,0,1,{"$f":"IF(OR($A1125=\"S\",$A1125=0),0,MATCH(0,OFFSET($B1125,1,$A1125,ROW($A$1504)-ROW($A1125)),0))","v":0},{"$f":"IF(OR($A1125=\"S\",$A1125=0),0,MATCH(OFFSET($B1125,0,$A1125)+1,OFFSET($B1125,1,$A1125,ROW($A$1504)-ROW($A1125)),0))","v":0},"Insumo","12.8.1.","CRESS","Rec. Humanos","001",{"$f":"IF(NOT(ISERROR($Y1125)),IF($Y1125<>FALSE,INDEX(Banco,$Y1125,5),\"\"),\"\")","v":"Responsável Técnica"},"Horas",3,150.28,"DI 1",187.85,563.54999999999995,null,{"$f":"IF(OR($A1125=0,$A1125=\"S\",$A1125>CFF!$A$9),\"\",MAX(W$11:OFFSET(W1125,-1,0))+1)","v":""},"Rec. Humanos-001",3,null,{"$f":"IF($J1125=$G$2,ROUND(IF(ISNUMBER(S1125),S1125,IF(LEFT(S1125,2)=\"DI\",HLOOKUP(S1125,DADOS!$T$29:$X$30,2,FALSE),0)),4),\"\")","v":0.25}]
["S",0,12,8,0,0,2,{"$f":"IF(OR($A1126=\"S\",$A1126=0),0,MATCH(0,OFFSET($B1126,1,$A1126,ROW($A$1504)-ROW($A1126)),0))","v":0},{"$f":"IF(OR($A1126=\"S\",$A1126=0),0,MATCH(OFFSET($B1126,0,$A1126)+1,OFFSET($B1126,1,$A1126,ROW($A$1504)-ROW($A1126)),0))","v":0},"Insumo","12.8.2.","CRESS","Rec. Humanos","002",{"$f":"IF(NOT(ISERROR($Y1126)),IF($Y1126<>FALSE,INDEX(Banco,$Y1126,5),\"\"),\"\")","v":"Assistente Social"},"Horas",3,133.81,"DI 1",167.26,501.78,null,{"$f":"IF(OR($A1126=0,$A1126=\"S\",$A1126>CFF!$A$9),\"\",MAX(W$11:OFFSET(W1126,-1,0))+1)","v":""},"Rec. Humanos-002",4,null,{"$f":"IF($J1126=$G$2,ROUND(IF(ISNUMBER(S1126),S1126,IF(LEFT(S1126,2)=\"DI\",HLOOKUP(S1126,DADOS!$T$29:$X$30,2,FALSE),0)),4),\"\")","v":0.25}]
["S",0,12,8,0,0,3,{"$f":"IF(OR($A1127=\"S\",$A1127=0),0,MATCH(0,OFFSET($B1127,1,$A1127,ROW($A$1504)-ROW($A1127)),0))","v":0},{"$f":"IF(OR($A1127=\"S\",$A1127=0),0,MATCH(OFFSET($B1127,0,$A1127)+1,OFFSET($B1127,1,$A1127,ROW($A$1504)-ROW($A1127)),0))","v":0},"Insumo","12.8.3.","Cotação","Serv. Terc.","009",{"$f":"IF(NOT(ISERROR($Y1127)),IF($Y1127<>FALSE,INDEX(Banco,$Y1127,5),\"\"),\"\")","v":"Água (garrafa de 1,5 litros)"},"Unidade",4,4,"DI 1",5,20,null,{"$f":"IF(OR($A1127=0,$A1127=\"S\",$A1127>CFF!$A$9),\"\",MAX(W$11:OFFSET(W1127,-1,0))+1)","v":""},"Serv. Terc.-009",89,null,{"$f":"IF($J1127=$G$2,ROUND(IF(ISNUMBER(S1127),S1127,IF(LEFT(S1127,2)=\"DI\",HLOOKUP(S1127,DADOS!$T$29:$X$30,2,FALSE),0)),4),\"\")","v":0.25}]
[{"$f":"CHOOSE(1+LOG(1+2*(J1128=$C$2)+4*(J1128=$D$2)+8*(J1128=$E$2)+16*(J1128=$F$2)+32*(J1128=$G$2),2),0,1,2,3,4,\"S\")","v":1},{"$f":"IF(OR(A1128=\"S\",A1128=0),0,IF(ISERROR(I1128),H1128,SMALL(H1128:I1128,1)))","v":78},{"$f":"IF($A1128=1,OFFSET(C1128,-1,0)+1,OFFSET(C1128,-1,0))","v":13},{"$f":"IF($A1128=1,0,IF($A1128=2,OFFSET(D1128,-1,0)+1,OFFSET(D1128,-1,0)))","v":0},{"$f":"IF(AND($A1128<=2,$A1128<>0),0,IF($A1128=3,OFFSET(E1128,-1,0)+1,OFFSET(E1128,-1,0)))","v":0},{"$f":"IF(AND($A1128<=3,$A1128<>0),0,IF($A1128=4,OFFSET(F1128,-1,0)+1,OFFSET(F1128,-1,0)))","v":0},{"$f":"IF(AND($A1128<=4,$A1128<>0),0,IF($A1128=\"S\",OFFSET(G1128,-1,0)+1,OFFSET(G1128,-1,0)))","v":0},{"$f":"IF(OR($A1128=\"S\",$A1128=0),0,MATCH(0,OFFSET($B1128,1,$A1128,ROW($A$1504)-ROW($A1128)),0))","v":376},{"$f":"IF(OR($A1128=\"S\",$A1128=0),0,MATCH(OFFSET($B1128,0,$A1128)+1,OFFSET($B1128,1,$A1128,ROW($A$1504)-ROW($A1128)),0))","v":78},"Ação",{"$f":"IF($A1128=0,\"-\",CONCATENATE(C1128&\".\",IF(AND($A$5>=2,$A1128>=2),D1128&\".\",\"\"),IF(AND($A$5>=3,$A1128>=3),E1128&\".\",\"\"),IF(AND($A$5>=4,$A1128>=4),F1128&\".\",\"\"),IF($A1128=\"S\",G1128&\".\",\"\")))","v":"13."},{"$f":"IF(NOT(ISERROR($Y1128)),IF($Y1128<>FALSE,INDEX(Banco,$Y1128,4),\"\"),\"\")","v":""},null,null,"MÊS 13 - GERAÇÃO DE RENDA/SAÚDE E INFORMAÇÕES",{"$f":"IF(NOT(ISERROR($Y1128)),IF($Y1128<>FALSE,INDEX(Banco,$Y1128,6),\"\"),\"\")","v":""},null,{"$f":"IF(NOT(ISERROR($Y1128)),IF($Y1128<>FALSE,INDEX(Banco,$Y1128,7),0),0)","v":0},"DI 1",{"$f":"IF($J1128=$G$2,ROUND(ROUND($R1128,2)*IF($R$9=\"Preço Unitário (R$)\",1,1+$AA1128),2),0)","v":0},{"$f":"IF($A1128=\"S\",VTOTAL1,IF($A1128=0,0,ROUND(SomaAgrup,2)))","v":101707.25},null,{"$f":"IF(OR($A1128=0,$A1128=\"S\",$A1128>CFF!$A$9),\"\",MAX(W$11:OFFSET(W1128,-1,0))+1)","v":99},{"$f":"IF(AND($J1128=$G$2,$N1128<>\"\",$M1128<>\"\"),CONCATENATE($M1128,\"-\",$N1128))","v":false},{"$f":"IF(X1128<>FALSE,MATCH(X1128,OFFSET(Banco,0,0,,1),0))","v":false},null,{"$f":"IF($J1128=$G$2,ROUND(IF(ISNUMBER(S1128),S1128,IF(LEFT(S1128,2)=\"DI\",HLOOKUP(S1128,DADOS!$T$29:$X$30,2,FALSE),0)),4),\"\")","v":""}]
[2,13,13,1,0,0,0,{"$f":"IF(OR($A1129=\"S\",$A1129=0),0,MATCH(0,OFFSET($B1129,1,$A1129,ROW($A$1504)-ROW($A1129)),0))","v":77},{"$f":"IF(OR($A1129=\"S\",$A1129=0),0,MATCH(OFFSET($B1129,0,$A1129)+1,OFFSET($B1129,1,$A1129,ROW($A$1504)-ROW($A1129)),0))","v":13},"AtivNível 1","13.1.","",null,null,"Atividade 87 - Curso: Bordado em Chinelo região Parque São João","",null,0,"DI 1",0,11126.94,null,{"$f":"IF(OR($A1129=0,$A1129=\"S\",$A1129>CFF!$A$9),\"\",MAX(W$11:OFFSET(W1129,-1,0))+1)","v":100},false,false,null,{"$f":"IF($J1129=$G$2,ROUND(IF(ISNUMBER(S1129),S1129,IF(LEFT(S1129,2)=\"DI\",HLOOKUP(S1129,DADOS!$T$29:$X$30,2,FALSE),0)),4),\"\")","v":""}]
[{"$f":"CHOOSE(1+LOG(1+2*(J1130=$C$2)+4*(J1130=$D$2)+8*(J1130=$E$2)+16*(J1130=$F$2)+32*(J1130=$G$2),2),0,1,2,3,4,\"S\")","v":"S"},{"$f":"IF(OR(A1130=\"S\",A1130=0),0,IF(ISERROR(I1130),H1130,SMALL(H1130:I1130,1)))","v":0},{"$f":"IF($A1130=1,OFFSET(C1130,-1,0)+1,OFFSET(C1130,-1,0))","v":13},{"$f":"IF($A1130=1,0,IF($A1130=2,OFFSET(D1130,-1,0)+1,OFFSET(D1130,-1,0)))","v":1},{"$f":"IF(AND($A1130<=2,$A1130<>0),0,IF($A1130=3,OFFSET(E1130,-1,0)+1,OFFSET(E1130,-1,0)))","v":0},{"$f":"IF(AND($A1130<=3,$A1130<>0),0,IF($A1130=4,OFFSET(F1130,-1,0)+1,OFFSET(F1130,-1,0)))","v":0},{"$f":"IF(AND($A1130<=4,$A1130<>0),0,IF($A1130=\"S\",OFFSET(G1130,-1,0)+1,OFFSET(G1130,-1,0)))","v":1},{"$f":"IF(OR($A1130=\"S\",$A1130=0),0,MATCH(0,OFFSET($B1130,1,$A1130,ROW($A$1504)-ROW($A1130)),0))","v":0},{"$f":"IF(OR($A1130=\"S\",$A1130=0),0,MATCH(OFFSET($B1130,0,$A1130)+1,OFFSET($B1130,1,$A1130,ROW($A$1504)-ROW($A1130)),0))","v":0},"Insumo",{"$f":"IF($A1130=0,\"-\",CONCATENATE(C1130&\".\",IF(AND($A$5>=2,$A1130>=2),D1130&\".\",\"\"),IF(AND($A$5>=3,$A1130>=3),E1130&\".\",\"\"),IF(AND($A$5>=4,$A1130>=4),F1130&\".\",\"\"),IF($A1130=\"S\",G1130&\".\",\"\")))","v":"13.1.1."},{"$f":"IF(NOT(ISERROR($Y1130)),IF($Y1130<>FALSE,INDEX(Banco,$Y1130,4),\"\"),\"\")","v":"CRESS"},"Rec. Humanos","002",{"$f":"IF(NOT(ISERROR($Y1130)),IF($Y1130<>FALSE,INDEX(Banco,$Y1130,5),\"\"),\"\")","v":"Assistente Social"},{"$f":"IF(NOT(ISERROR($Y1130)),IF($Y1130<>FALSE,INDEX(Banco,$Y1130,6),\"\"),\"\")","v":"Horas"},8,{"$f":"IF(NOT(ISERROR($Y1130)),IF($Y1130<>FALSE,INDEX(Banco,$Y1130,7),0),0)","v":133.81},"DI 1",{"$f":"IF($J1130=$G$2,ROUND(ROUND($R1130,2)*IF($R$9=\"Preço Unitário (R$)\",1,1+$AA1130),2),0)","v":167.26},{"$f":"IF($A1130=\"S\",VTOTAL1,IF($A1130=0,0,ROUND(SomaAgrup,2)))","v":1338.08},null,{"$f":"IF(OR($A1130=0,$A1130=\"S\",$A1130>CFF!$A$9),\"\",MAX(W$11:OFFSET(W1130,-1,0))+1)","v":""},{"$f":"IF(AND($J1130=$G$2,$N1130<>\"\",$M1130<>\"\"),CONCATENATE($M1130,\"-\",$N1130))","v":"Rec. Humanos-002"},{"$f":"IF(X1130<>FALSE,MATCH(X1130,OFFSET(Banco,0,0,,1),0))","v":4},null,{"$f":"IF($J1130=$G$2,ROUND(IF(ISNUMBER(S1130),S1130,IF(LEFT(S1130,2)=\"DI\",HLOOKUP(S1130,DADOS!$T$29:$X$30,2,FALSE),0)),4),\"\")","v":0.25}]
["S",0,13,1,0,0,2,{"$f":"IF(OR($A1131=\"S\",$A1131=0),0,MATCH(0,OFFSET($B1131,1,$A1131,ROW($A$1504)-ROW($A1131)),0))","v":0},{"$f":"IF(OR($A1131=\"S\",$A1131=0),0,MATCH(OFFSET($B1131,0,$A1131)+1,OFFSET($B1131,1,$A1131,ROW($A$1504)-ROW($A1131)),0))","v":0},"Insumo","13.1.2.","Cotação","Rec. Humanos","003","Administrador (Técnico de Apoio) ","Horas",8,103.65,"DI 1",129.56,1036.48,null,{"$f":"IF(OR($A1131=0,$A1131=\"S\",$A1131>CFF!$A$9),\"\",MAX(W$11:OFFSET(W1131,-1,0))+1)","v":""},"Rec. Humanos-003",5,null,{"$f":"IF($J1131=$G$2,ROUND(IF(ISNUMBER(S1131),S1131,IF(LEFT(S1131,2)=\"DI\",HLOOKUP(S1131,DADOS!$T$29:$X$30,2,FALSE),0)),4),\"\")","v":0.25}]
["S",0,13,1,0,0,3,{"$f":"IF(OR($A1132=\"S\",$A1132=0),0,MATCH(0,OFFSET($B1132,1,$A1132,ROW($A$1504)-ROW($A1132)),0))","v":0},{"$f":"IF(OR($A1132=\"S\",$A1132=0),0,MATCH(OFFSET($B1132,0,$A1132)+1,OFFSET($B1132,1,$A1132,ROW($A$1504)-ROW($A1132)),0))","v":0},"Insumo","13.1.3.","Cotação","Serv. Terc.","015","Coffee break (salgados)","Centro",3,65,"DI 1",81.25,243.75,null,{"$f":"IF(OR($A1132=0,$A1132=\"S\",$A1132>CFF!$A$9),\"\",MAX(W$11:OFFSET(W1132,-1,0))+1)","v":""},"Serv. Terc.-015",95,null,{"$f":"IF($J1132=$G$2,ROUND(IF(ISNUMBER(S1132),S1132,IF(LEFT(S1132,2)=\"DI\",HLOOKUP(S1132,DADOS!$T$29:$X$30,2,FALSE),0)),4),\"\")","v":0.25}]
["S",0,13,1,0,0,4,{"$f":"IF(OR($A1133=\"S\",$A1133=0),0,MATCH(0,OFFSET($B1133,1,$A1133,ROW($A$1504)-ROW($A1133)),0))","v":0},{"$f":"IF(OR($A1133=\"S\",$A1133=0),0,MATCH(OFFSET($B1133,0,$A1133)+1,OFFSET($B1133,1,$A1133,ROW($A$1504)-ROW($A1133)),0))","v":0},"Insumo","13.1.4.","Cotação","Serv. Terc.","027",{"$f":"IF(NOT(ISERROR($Y1133)),IF($Y1133<>FALSE,INDEX(Banco,$Y1133,5),\"\"),\"\")","v":"Refrigerantes (02 litros) "},"Unidade",4,6,"DI 1",7.5,30,null,{"$f":"IF(OR($A1133=0,$A1133=\"S\",$A1133>CFF!$A$9),\"\",MAX(W$11:OFFSET(W1133,-1,0))+1)","v":""},"Serv. Terc.-027",107,null,{"$f":"IF($J1133=$G$2,ROUND(IF(ISNUMBER(S1133),S1133,IF(LEFT(S1133,2)=\"DI\",HLOOKUP(S1133,DADOS!$T$29:$X$30,2,FALSE),0)),4),\"\")","v":0.25}]
["S",0,13,1,0,0,5,{"$f":"IF(OR($A1134=\"S\",$A1134=0),0,MATCH(0,OFFSET($B1134,1,$A1134,ROW($A$1504)-ROW($A1134)),0))","v":0},{"$f":"IF(OR($A1134=\"S\",$A1134=0),0,MATCH(OFFSET($B1134,0,$A1134)+1,OFFSET($B1134,1,$A1134,ROW($A$1504)-ROW($A1134)),0))","v":0},"Insumo","13.1.5.","Cotação","Serv. Terc.","020","KIT 01 - Material de uso coletivo para o curso de bordado em chinelos ( descrição nos orçamentos e PTS)","Kit",1,300,"DI 1",375,375,null,{"$f":"IF(OR($A1134=0,$A1134=\"S\",$A1134>CFF!$A$9),\"\",MAX(W$11:OFFSET(W1134,-1,0))+1)","v":""},"Serv. Terc.-020",100,null,{"$f":"IF($J1134=$G$2,ROUND(IF(ISNUMBER(S1134),S1134,IF(LEFT(S1134,2)=\"DI\",HLOOKUP(S1134,DADOS!$T$29:$X$30,2,FALSE),0)),4),\"\")","v":0.25}]
["S",0,13,1,0,0,6,{"$f":"IF(OR($A1135=\"S\",$A1135=0),0,MATCH(0,OFFSET($B1135,1,$A1135,ROW($A$1504)-ROW($A1135)),0))","v":0},{"$f":"IF(OR($A1135=\"S\",$A1135=0),0,MATCH(OFFSET($B1135,0,$A1135)+1,OFFSET($B1135,1,$A1135,ROW($A$1504)-ROW($A1135)),0))","v":0},"Insumo","13.1.6.","Cotação","Serv. Terc.","018","KIT 02 - Material para os alunos curso de chinelos (descrição nos orçamentos e PTS)","Unidade",26,90.9,"DI 1",113.63,2954.38,null,{"$f":"IF(OR($A1135=0,$A1135=\"S\",$A1135>CFF!$A$9),\"\",MAX(W$11:OFFSET(W1135,-1,0))+1)","v":""},"Serv. Terc.-018",98,null,{"$f":"IF($J1135=$G$2,ROUND(IF(ISNUMBER(S1135),S1135,IF(LEFT(S1135,2)=\"DI\",HLOOKUP(S1135,DADOS!$T$29:$X$30,2,FALSE),0)),4),\"\")","v":0.25}]
["S",0,13,1,0,0,7,{"$f":"IF(OR($A1136=\"S\",$A1136=0),0,MATCH(0,OFFSET($B1136,1,$A1136,ROW($A$1504)-ROW($A1136)),0))","v":0},{"$f":"IF(OR($A1136=\"S\",$A1136=0),0,MATCH(OFFSET($B1136,0,$A1136)+1,OFFSET($B1136,1,$A1136,ROW($A$1504)-ROW($A1136)),0))","v":0},"Insumo","13.1.7.","Cotação ","Rec. Materiais","006","Instrutor curso de bordado de chinelos","Horas",40,70,"DI 1",87.5,3500,null,{"$f":"IF(OR($A1136=0,$A1136=\"S\",$A1136>CFF!$A$9),\"\",MAX(W$11:OFFSET(W1136,-1,0))+1)","v":""},"Rec. Materiais-006",15,null,{"$f":"IF($J1136=$G$2,ROUND(IF(ISNUMBER(S1136),S1136,IF(LEFT(S1136,2)=\"DI\",HLOOKUP(S1136,DADOS!$T$29:$X$30,2,FALSE),0)),4),\"\")","v":0.25}]
["S",0,13,1,0,0,8,{"$f":"IF(OR($A1137=\"S\",$A1137=0),0,MATCH(0,OFFSET($B1137,1,$A1137,ROW($A$1504)-ROW($A1137)),0))","v":0},{"$f":"IF(OR($A1137=\"S\",$A1137=0),0,MATCH(OFFSET($B1137,0,$A1137)+1,OFFSET($B1137,1,$A1137,ROW($A$1504)-ROW($A1137)),0))","v":0},"Insumo","13.1.8.","Cotação","Serv. Terc.","031",{"$f":"IF(NOT(ISERROR($Y1137)),IF($Y1137<>FALSE,INDEX(Banco,$Y1137,5),\"\"),\"\")","v":"Apostilas com figuras ilustrativas (08 páginas)"},"Unidade",26,15,"DI 1",18.75,487.5,null,{"$f":"IF(OR($A1137=0,$A1137=\"S\",$A1137>CFF!$A$9),\"\",MAX(W$11:OFFSET(W1137,-1,0))+1)","v":""},"Serv. Terc.-031",111,null,{"$f":"IF($J1137=$G$2,ROUND(IF(ISNUMBER(S1137),S1137,IF(LEFT(S1137,2)=\"DI\",HLOOKUP(S1137,DADOS!$T$29:$X$30,2,FALSE),0)),4),\"\")","v":0.25}]
["S",0,13,1,0,0,9,{"$f":"IF(OR($A1138=\"S\",$A1138=0),0,MATCH(0,OFFSET($B1138,1,$A1138,ROW($A$1504)-ROW($A1138)),0))","v":0},{"$f":"IF(OR($A1138=\"S\",$A1138=0),0,MATCH(OFFSET($B1138,0,$A1138)+1,OFFSET($B1138,1,$A1138,ROW($A$1504)-ROW($A1138)),0))","v":0},"Insumo","13.1.9.","Cotação","Serv. Terc.","032",{"$f":"IF(NOT(ISERROR($Y1138)),IF($Y1138<>FALSE,INDEX(Banco,$Y1138,5),\"\"),\"\")","v":"Certificados para cursos"},"Unidade",26,4,"DI 1",5,130,null,{"$f":"IF(OR($A1138=0,$A1138=\"S\",$A1138>CFF!$A$9),\"\",MAX(W$11:OFFSET(W1138,-1,0))+1)","v":""},"Serv. Terc.-032",112,null,{"$f":"IF($J1138=$G$2,ROUND(IF(ISNUMBER(S1138),S1138,IF(LEFT(S1138,2)=\"DI\",HLOOKUP(S1138,DADOS!$T$29:$X$30,2,FALSE),0)),4),\"\")","v":0.25}]
["S",0,13,1,0,0,10,{"$f":"IF(OR($A1139=\"S\",$A1139=0),0,MATCH(0,OFFSET($B1139,1,$A1139,ROW($A$1504)-ROW($A1139)),0))","v":0},{"$f":"IF(OR($A1139=\"S\",$A1139=0),0,MATCH(OFFSET($B1139,0,$A1139)+1,OFFSET($B1139,1,$A1139,ROW($A$1504)-ROW($A1139)),0))","v":0},"Insumo","13.1.10.","Cotação","Rec. Materiais","001","Papel A4","Resma",1,28,"DI 1",35,35,null,{"$f":"IF(OR($A1139=0,$A1139=\"S\",$A1139>CFF!$A$9),\"\",MAX(W$11:OFFSET(W1139,-1,0))+1)","v":""},"Rec. Materiais-001",10,null,{"$f":"IF($J1139=$G$2,ROUND(IF(ISNUMBER(S1139),S1139,IF(LEFT(S1139,2)=\"DI\",HLOOKUP(S1139,DADOS!$T$29:$X$30,2,FALSE),0)),4),\"\")","v":0.25}]
["S",0,13,1,0,0,11,{"$f":"IF(OR($A1140=\"S\",$A1140=0),0,MATCH(0,OFFSET($B1140,1,$A1140,ROW($A$1504)-ROW($A1140)),0))","v":0},{"$f":"IF(OR($A1140=\"S\",$A1140=0),0,MATCH(OFFSET($B1140,0,$A1140)+1,OFFSET($B1140,1,$A1140,ROW($A$1504)-ROW($A1140)),0))","v":0},"Insumo","13.1.11.","Cotação","Rec. Materiais","002","Toner para impressora","Unidade",4,180,"DI 1",225,900,null,{"$f":"IF(OR($A1140=0,$A1140=\"S\",$A1140>CFF!$A$9),\"\",MAX(W$11:OFFSET(W1140,-1,0))+1)","v":""},"Rec. Materiais-002",11,null,{"$f":"IF($J1140=$G$2,ROUND(IF(ISNUMBER(S1140),S1140,IF(LEFT(S1140,2)=\"DI\",HLOOKUP(S1140,DADOS!$T$29:$X$30,2,FALSE),0)),4),\"\")","v":0.25}]
["S",0,13,1,0,0,12,{"$f":"IF(OR($A1141=\"S\",$A1141=0),0,MATCH(0,OFFSET($B1141,1,$A1141,ROW($A$1504)-ROW($A1141)),0))","v":0},{"$f":"IF(OR($A1141=\"S\",$A1141=0),0,MATCH(OFFSET($B1141,0,$A1141)+1,OFFSET($B1141,1,$A1141,ROW($A$1504)-ROW($A1141)),0))","v":0},"Insumo","13.1.12.","Cotação","Rec. Materiais","019","Copos descartáveis (2500 unidades)","Caixa",1,77.400000000000006,"DI 1",96.75,96.75,null,{"$f":"IF(OR($A1141=0,$A1141=\"S\",$A1141>CFF!$A$9),\"\",MAX(W$11:OFFSET(W1141,-1,0))+1)","v":""},"Rec. Materiais-019",28,null,{"$f":"IF($J1141=$G$2,ROUND(IF(ISNUMBER(S1141),S1141,IF(LEFT(S1141,2)=\"DI\",HLOOKUP(S1141,DADOS!$T$29:$X$30,2,FALSE),0)),4),\"\")","v":0.25}]
[{"$f":"CHOOSE(1+LOG(1+2*(J1142=$C$2)+4*(J1142=$D$2)+8*(J1142=$E$2)+16*(J1142=$F$2)+32*(J1142=$G$2),2),0,1,2,3,4,\"S\")","v":2},{"$f":"IF(OR(A1142=\"S\",A1142=0),0,IF(ISERROR(I1142),H1142,SMALL(H1142:I1142,1)))","v":3},{"$f":"IF($A1142=1,OFFSET(C1142,-1,0)+1,OFFSET(C1142,-1,0))","v":13},{"$f":"IF($A1142=1,0,IF($A1142=2,OFFSET(D1142,-1,0)+1,OFFSET(D1142,-1,0)))","v":2},{"$f":"IF(AND($A1142<=2,$A1142<>0),0,IF($A1142=3,OFFSET(E1142,-1,0)+1,OFFSET(E1142,-1,0)))","v":0},{"$f":"IF(AND($A1142<=3,$A1142<>0),0,IF($A1142=4,OFFSET(F1142,-1,0)+1,OFFSET(F1142,-1,0)))","v":0},{"$f":"IF(AND($A1142<=4,$A1142<>0),0,IF($A1142=\"S\",OFFSET(G1142,-1,0)+1,OFFSET(G1142,-1,0)))","v":0},{"$f":"IF(OR($A1142=\"S\",$A1142=0),0,MATCH(0,OFFSET($B1142,1,$A1142,ROW($A$1504)-ROW($A1142)),0))","v":64},{"$f":"IF(OR($A1142=\"S\",$A1142=0),0,MATCH(OFFSET($B1142,0,$A1142)+1,OFFSET($B1142,1,$A1142,ROW($A$1504)-ROW($A1142)),0))","v":3},"AtivNível 1",{"$f":"IF($A1142=0,\"-\",CONCATENATE(C1142&\".\",IF(AND($A$5>=2,$A1142>=2),D1142&\".\",\"\"),IF(AND($A$5>=3,$A1142>=3),E1142&\".\",\"\"),IF(AND($A$5>=4,$A1142>=4),F1142&\".\",\"\"),IF($A1142=\"S\",G1142&\".\",\"\")))","v":"13.2."},{"$f":"IF(NOT(ISERROR($Y1142)),IF($Y1142<>FALSE,INDEX(Banco,$Y1142,4),\"\"),\"\")","v":""},null,null,"Atividade 88 - Plantão Social região Parque São João",{"$f":"IF(NOT(ISERROR($Y1142)),IF($Y1142<>FALSE,INDEX(Banco,$Y1142,6),\"\"),\"\")","v":""},null,{"$f":"IF(NOT(ISERROR($Y1142)),IF($Y1142<>FALSE,INDEX(Banco,$Y1142,7),0),0)","v":0},"DI 1",{"$f":"IF($J1142=$G$2,ROUND(ROUND($R1142,2)*IF($R$9=\"Preço Unitário (R$)\",1,1+$AA1142),2),0)","v":0},{"$f":"IF($A1142=\"S\",VTOTAL1,IF($A1142=0,0,ROUND(SomaAgrup,2)))","v":3468.74},null,{"$f":"IF(OR($A1142=0,$A1142=\"S\",$A1142>CFF!$A$9),\"\",MAX(W$11:OFFSET(W1142,-1,0))+1)","v":101},{"$f":"IF(AND($J1142=$G$2,$N1142<>\"\",$M1142<>\"\"),CONCATENATE($M1142,\"-\",$N1142))","v":false},{"$f":"IF(X1142<>FALSE,MATCH(X1142,OFFSET(Banco,0,0,,1),0))","v":false},null,{"$f":"IF($J1142=$G$2,ROUND(IF(ISNUMBER(S1142),S1142,IF(LEFT(S1142,2)=\"DI\",HLOOKUP(S1142,DADOS!$T$29:$X$30,2,FALSE),0)),4),\"\")","v":""}]
[{"$f":"CHOOSE(1+LOG(1+2*(J1143=$C$2)+4*(J1143=$D$2)+8*(J1143=$E$2)+16*(J1143=$F$2)+32*(J1143=$G$2),2),0,1,2,3,4,\"S\")","v":"S"},{"$f":"IF(OR(A1143=\"S\",A1143=0),0,IF(ISERROR(I1143),H1143,SMALL(H1143:I1143,1)))","v":0},{"$f":"IF($A1143=1,OFFSET(C1143,-1,0)+1,OFFSET(C1143,-1,0))","v":13},{"$f":"IF($A1143=1,0,IF($A1143=2,OFFSET(D1143,-1,0)+1,OFFSET(D1143,-1,0)))","v":2},{"$f":"IF(AND($A1143<=2,$A1143<>0),0,IF($A1143=3,OFFSET(E1143,-1,0)+1,OFFSET(E1143,-1,0)))","v":0},{"$f":"IF(AND($A1143<=3,$A1143<>0),0,IF($A1143=4,OFFSET(F1143,-1,0)+1,OFFSET(F1143,-1,0)))","v":0},{"$f":"IF(AND($A1143<=4,$A1143<>0),0,IF($A1143=\"S\",OFFSET(G1143,-1,0)+1,OFFSET(G1143,-1,0)))","v":1},{"$f":"IF(OR($A1143=\"S\",$A1143=0),0,MATCH(0,OFFSET($B1143,1,$A1143,ROW($A$1504)-ROW($A1143)),0))","v":0},{"$f":"IF(OR($A1143=\"S\",$A1143=0),0,MATCH(OFFSET($B1143,0,$A1143)+1,OFFSET($B1143,1,$A1143,ROW($A$1504)-ROW($A1143)),0))","v":0},"Insumo",{"$f":"IF($A1143=0,\"-\",CONCATENATE(C1143&\".\",IF(AND($A$5>=2,$A1143>=2),D1143&\".\",\"\"),IF(AND($A$5>=3,$A1143>=3),E1143&\".\",\"\"),IF(AND($A$5>=4,$A1143>=4),F1143&\".\",\"\"),IF($A1143=\"S\",G1143&\".\",\"\")))","v":"13.2.1."},{"$f":"IF(NOT(ISERROR($Y1143)),IF($Y1143<>FALSE,INDEX(Banco,$Y1143,4),\"\"),\"\")","v":"CRESS"},"Rec. Humanos","001",{"$f":"IF(NOT(ISERROR($Y1143)),IF($Y1143<>FALSE,INDEX(Banco,$Y1143,5),\"\"),\"\")","v":"Responsável Técnica"},{"$f":"IF(NOT(ISERROR($Y1143)),IF($Y1143<>FALSE,INDEX(Banco,$Y1143,6),\"\"),\"\")","v":"Horas"},6,{"$f":"IF(NOT(ISERROR($Y1143)),IF($Y1143<>FALSE,INDEX(Banco,$Y1143,7),0),0)","v":150.28},"DI 1",{"$f":"IF($J1143=$G$2,ROUND(ROUND($R1143,2)*IF($R$9=\"Preço Unitário (R$)\",1,1+$AA1143),2),0)","v":187.85},{"$f":"IF($A1143=\"S\",VTOTAL1,IF($A1143=0,0,ROUND(SomaAgrup,2)))","v":1127.0999999999999},null,{"$f":"IF(OR($A1143=0,$A1143=\"S\",$A1143>CFF!$A$9),\"\",MAX(W$11:OFFSET(W1143,-1,0))+1)","v":""},{"$f":"IF(AND($J1143=$G$2,$N1143<>\"\",$M1143<>\"\"),CONCATENATE($M1143,\"-\",$N1143))","v":"Rec. Humanos-001"},{"$f":"IF(X1143<>FALSE,MATCH(X1143,OFFSET(Banco,0,0,,1),0))","v":3},null,{"$f":"IF($J1143=$G$2,ROUND(IF(ISNUMBER(S1143),S1143,IF(LEFT(S1143,2)=\"DI\",HLOOKUP(S1143,DADOS!$T$29:$X$30,2,FALSE),0)),4),\"\")","v":0.25}]
["S",0,13,2,0,0,2,{"$f":"IF(OR($A1144=\"S\",$A1144=0),0,MATCH(0,OFFSET($B1144,1,$A1144,ROW($A$1504)-ROW($A1144)),0))","v":0},{"$f":"IF(OR($A1144=\"S\",$A1144=0),0,MATCH(OFFSET($B1144,0,$A1144)+1,OFFSET($B1144,1,$A1144,ROW($A$1504)-ROW($A1144)),0))","v":0},"Insumo","13.2.2.","CRESS","Rec. Humanos","002",{"$f":"IF(NOT(ISERROR($Y1144)),IF($Y1144<>FALSE,INDEX(Banco,$Y1144,5),\"\"),\"\")","v":"Assistente Social"},"Horas",14,133.81,"DI 1",167.26,2341.64,null,{"$f":"IF(OR($A1144=0,$A1144=\"S\",$A1144>CFF!$A$9),\"\",MAX(W$11:OFFSET(W1144,-1,0))+1)","v":""},"Rec. Humanos-002",4,null,{"$f":"IF($J1144=$G$2,ROUND(IF(ISNUMBER(S1144),S1144,IF(LEFT(S1144,2)=\"DI\",HLOOKUP(S1144,DADOS!$T$29:$X$30,2,FALSE),0)),4),\"\")","v":0.25}]
[{"$f":"CHOOSE(1+LOG(1+2*(J1145=$C$2)+4*(J1145=$D$2)+8*(J1145=$E$2)+16*(J1145=$F$2)+32*(J1145=$G$2),2),0,1,2,3,4,\"S\")","v":2},{"$f":"IF(OR(A1145=\"S\",A1145=0),0,IF(ISERROR(I1145),H1145,SMALL(H1145:I1145,1)))","v":20},{"$f":"IF($A1145=1,OFFSET(C1145,-1,0)+1,OFFSET(C1145,-1,0))","v":13},{"$f":"IF($A1145=1,0,IF($A1145=2,OFFSET(D1145,-1,0)+1,OFFSET(D1145,-1,0)))","v":3},{"$f":"IF(AND($A1145<=2,$A1145<>0),0,IF($A1145=3,OFFSET(E1145,-1,0)+1,OFFSET(E1145,-1,0)))","v":0},{"$f":"IF(AND($A1145<=3,$A1145<>0),0,IF($A1145=4,OFFSET(F1145,-1,0)+1,OFFSET(F1145,-1,0)))","v":0},{"$f":"IF(AND($A1145<=4,$A1145<>0),0,IF($A1145=\"S\",OFFSET(G1145,-1,0)+1,OFFSET(G1145,-1,0)))","v":0},{"$f":"IF(OR($A1145=\"S\",$A1145=0),0,MATCH(0,OFFSET($B1145,1,$A1145,ROW($A$1504)-ROW($A1145)),0))","v":61},{"$f":"IF(OR($A1145=\"S\",$A1145=0),0,MATCH(OFFSET($B1145,0,$A1145)+1,OFFSET($B1145,1,$A1145,ROW($A$1504)-ROW($A1145)),0))","v":20},"AtivNível 1",{"$f":"IF($A1145=0,\"-\",CONCATENATE(C1145&\".\",IF(AND($A$5>=2,$A1145>=2),D1145&\".\",\"\"),IF(AND($A$5>=3,$A1145>=3),E1145&\".\",\"\"),IF(AND($A$5>=4,$A1145>=4),F1145&\".\",\"\"),IF($A1145=\"S\",G1145&\".\",\"\")))","v":"13.3."},{"$f":"IF(NOT(ISERROR($Y1145)),IF($Y1145<>FALSE,INDEX(Banco,$Y1145,4),\"\"),\"\")","v":""},null,null,"Atividade 89 - Oficina: Primeiros Socorros região Jardim Ikaraí",{"$f":"IF(NOT(ISERROR($Y1145)),IF($Y1145<>FALSE,INDEX(Banco,$Y1145,6),\"\"),\"\")","v":""},null,{"$f":"IF(NOT(ISERROR($Y1145)),IF($Y1145<>FALSE,INDEX(Banco,$Y1145,7),0),0)","v":0},"DI 1",{"$f":"IF($J1145=$G$2,ROUND(ROUND($R1145,2)*IF($R$9=\"Preço Unitário (R$)\",1,1+$AA1145),2),0)","v":0},{"$f":"IF($A1145=\"S\",VTOTAL1,IF($A1145=0,0,ROUND(SomaAgrup,2)))","v":10813.77},null,{"$f":"IF(OR($A1145=0,$A1145=\"S\",$A1145>CFF!$A$9),\"\",MAX(W$11:OFFSET(W1145,-1,0))+1)","v":102},{"$f":"IF(AND($J1145=$G$2,$N1145<>\"\",$M1145<>\"\"),CONCATENATE($M1145,\"-\",$N1145))","v":false},{"$f":"IF(X1145<>FALSE,MATCH(X1145,OFFSET(Banco,0,0,,1),0))","v":false},null,{"$f":"IF($J1145=$G$2,ROUND(IF(ISNUMBER(S1145),S1145,IF(LEFT(S1145,2)=\"DI\",HLOOKUP(S1145,DADOS!$T$29:$X$30,2,FALSE),0)),4),\"\")","v":""}]
[{"$f":"CHOOSE(1+LOG(1+2*(J1146=$C$2)+4*(J1146=$D$2)+8*(J1146=$E$2)+16*(J1146=$F$2)+32*(J1146=$G$2),2),0,1,2,3,4,\"S\")","v":"S"},{"$f":"IF(OR(A1146=\"S\",A1146=0),0,IF(ISERROR(I1146),H1146,SMALL(H1146:I1146,1)))","v":0},13,3,0,0,1,{"$f":"IF(OR($A1146=\"S\",$A1146=0),0,MATCH(0,OFFSET($B1146,1,$A1146,ROW($A$1504)-ROW($A1146)),0))","v":0},{"$f":"IF(OR($A1146=\"S\",$A1146=0),0,MATCH(OFFSET($B1146,0,$A1146)+1,OFFSET($B1146,1,$A1146,ROW($A$1504)-ROW($A1146)),0))","v":0},"Insumo","13.3.1.","CRESS","Rec. Humanos","001",{"$f":"IF(NOT(ISERROR($Y1146)),IF($Y1146<>FALSE,INDEX(Banco,$Y1146,5),\"\"),\"\")","v":"Responsável Técnica"},"Horas",9,150.28,"DI 1",187.85,1690.65,null,{"$f":"IF(OR($A1146=0,$A1146=\"S\",$A1146>CFF!$A$9),\"\",MAX(W$11:OFFSET(W1146,-1,0))+1)","v":""},"Rec. Humanos-001",{"$f":"IF(X1146<>FALSE,MATCH(X1146,OFFSET(Banco,0,0,,1),0))","v":3},null,{"$f":"IF($J1146=$G$2,ROUND(IF(ISNUMBER(S1146),S1146,IF(LEFT(S1146,2)=\"DI\",HLOOKUP(S1146,DADOS!$T$29:$X$30,2,FALSE),0)),4),\"\")","v":0.25}]
[{"$f":"CHOOSE(1+LOG(1+2*(J1147=$C$2)+4*(J1147=$D$2)+8*(J1147=$E$2)+16*(J1147=$F$2)+32*(J1147=$G$2),2),0,1,2,3,4,\"S\")","v":"S"},{"$f":"IF(OR(A1147=\"S\",A1147=0),0,IF(ISERROR(I1147),H1147,SMALL(H1147:I1147,1)))","v":0},13,3,0,0,2,{"$f":"IF(OR($A1147=\"S\",$A1147=0),0,MATCH(0,OFFSET($B1147,1,$A1147,ROW($A$1504)-ROW($A1147)),0))","v":0},{"$f":"IF(OR($A1147=\"S\",$A1147=0),0,MATCH(OFFSET($B1147,0,$A1147)+1,OFFSET($B1147,1,$A1147,ROW($A$1504)-ROW($A1147)),0))","v":0},"Insumo","13.3.2.","CRESS","Rec. Humanos","002","Assistente Social","Horas",7,133.81,"DI 1",167.26,1170.82,null,{"$f":"IF(OR($A1147=0,$A1147=\"S\",$A1147>CFF!$A$9),\"\",MAX(W$11:OFFSET(W1147,-1,0))+1)","v":""},"Rec. Humanos-002",{"$f":"IF(X1147<>FALSE,MATCH(X1147,OFFSET(Banco,0,0,,1),0))","v":4},null,{"$f":"IF($J1147=$G$2,ROUND(IF(ISNUMBER(S1147),S1147,IF(LEFT(S1147,2)=\"DI\",HLOOKUP(S1147,DADOS!$T$29:$X$30,2,FALSE),0)),4),\"\")","v":0.25}]
[{"$f":"CHOOSE(1+LOG(1+2*(J1148=$C$2)+4*(J1148=$D$2)+8*(J1148=$E$2)+16*(J1148=$F$2)+32*(J1148=$G$2),2),0,1,2,3,4,\"S\")","v":"S"},{"$f":"IF(OR(A1148=\"S\",A1148=0),0,IF(ISERROR(I1148),H1148,SMALL(H1148:I1148,1)))","v":0},13,3,0,0,3,{"$f":"IF(OR($A1148=\"S\",$A1148=0),0,MATCH(0,OFFSET($B1148,1,$A1148,ROW($A$1504)-ROW($A1148)),0))","v":0},{"$f":"IF(OR($A1148=\"S\",$A1148=0),0,MATCH(OFFSET($B1148,0,$A1148)+1,OFFSET($B1148,1,$A1148,ROW($A$1504)-ROW($A1148)),0))","v":0},"Insumo","13.3.3.","Cotação","Rec. Humanos","003","Administrador (Técnico de Apoio) ","Horas",4,103.65,"DI 1",129.56,518.24,null,{"$f":"IF(OR($A1148=0,$A1148=\"S\",$A1148>CFF!$A$9),\"\",MAX(W$11:OFFSET(W1148,-1,0))+1)","v":""},"Rec. Humanos-003",{"$f":"IF(X1148<>FALSE,MATCH(X1148,OFFSET(Banco,0,0,,1),0))","v":5},null,{"$f":"IF($J1148=$G$2,ROUND(IF(ISNUMBER(S1148),S1148,IF(LEFT(S1148,2)=\"DI\",HLOOKUP(S1148,DADOS!$T$29:$X$30,2,FALSE),0)),4),\"\")","v":0.25}]
["S",0,13,3,0,0,4,{"$f":"IF(OR($A1149=\"S\",$A1149=0),0,MATCH(0,OFFSET($B1149,1,$A1149,ROW($A$1504)-ROW($A1149)),0))","v":0},{"$f":"IF(OR($A1149=\"S\",$A1149=0),0,MATCH(OFFSET($B1149,0,$A1149)+1,OFFSET($B1149,1,$A1149,ROW($A$1504)-ROW($A1149)),0))","v":0},"Insumo","13.3.4.","SINE","Rec. Humanos","004","Estagiários","Horas",16,9.7899999999999991,"DI 1",12.24,195.84,null,{"$f":"IF(OR($A1149=0,$A1149=\"S\",$A1149>CFF!$A$9),\"\",MAX(W$11:OFFSET(W1149,-1,0))+1)","v":""},"Rec. Humanos-004",6,null,{"$f":"IF($J1149=$G$2,ROUND(IF(ISNUMBER(S1149),S1149,IF(LEFT(S1149,2)=\"DI\",HLOOKUP(S1149,DADOS!$T$29:$X$30,2,FALSE),0)),4),\"\")","v":0.25}]
["S",0,13,3,0,0,5,{"$f":"IF(OR($A1150=\"S\",$A1150=0),0,MATCH(0,OFFSET($B1150,1,$A1150,ROW($A$1504)-ROW($A1150)),0))","v":0},{"$f":"IF(OR($A1150=\"S\",$A1150=0),0,MATCH(OFFSET($B1150,0,$A1150)+1,OFFSET($B1150,1,$A1150,ROW($A$1504)-ROW($A1150)),0))","v":0},"Insumo","13.3.5.","Cotação","Serv. Terc.","001","Fotocópias","Unidade",150,0.3,"DI 1",0.38,57,null,{"$f":"IF(OR($A1150=0,$A1150=\"S\",$A1150>CFF!$A$9),\"\",MAX(W$11:OFFSET(W1150,-1,0))+1)","v":""},"Serv. Terc.-001",81,null,{"$f":"IF($J1150=$G$2,ROUND(IF(ISNUMBER(S1150),S1150,IF(LEFT(S1150,2)=\"DI\",HLOOKUP(S1150,DADOS!$T$29:$X$30,2,FALSE),0)),4),\"\")","v":0.25}]
[{"$f":"CHOOSE(1+LOG(1+2*(J1151=$C$2)+4*(J1151=$D$2)+8*(J1151=$E$2)+16*(J1151=$F$2)+32*(J1151=$G$2),2),0,1,2,3,4,\"S\")","v":"S"},{"$f":"IF(OR(A1151=\"S\",A1151=0),0,IF(ISERROR(I1151),H1151,SMALL(H1151:I1151,1)))","v":0},13,3,0,0,6,{"$f":"IF(OR($A1151=\"S\",$A1151=0),0,MATCH(0,OFFSET($B1151,1,$A1151,ROW($A$1504)-ROW($A1151)),0))","v":0},{"$f":"IF(OR($A1151=\"S\",$A1151=0),0,MATCH(OFFSET($B1151,0,$A1151)+1,OFFSET($B1151,1,$A1151,ROW($A$1504)-ROW($A1151)),0))","v":0},"Insumo","13.3.6.","Cotação","Serv. Terc.","017","Instrutor/Monitor (Educação Fisíca)","Horas",3,100,"DI 1",125,375,null,{"$f":"IF(OR($A1151=0,$A1151=\"S\",$A1151>CFF!$A$9),\"\",MAX(W$11:OFFSET(W1151,-1,0))+1)","v":""},"Serv. Terc.-017",{"$f":"IF(X1151<>FALSE,MATCH(X1151,OFFSET(Banco,0,0,,1),0))","v":97},null,{"$f":"IF($J1151=$G$2,ROUND(IF(ISNUMBER(S1151),S1151,IF(LEFT(S1151,2)=\"DI\",HLOOKUP(S1151,DADOS!$T$29:$X$30,2,FALSE),0)),4),\"\")","v":0.25}]
["S",0,13,3,0,0,7,{"$f":"IF(OR($A1152=\"S\",$A1152=0),0,MATCH(0,OFFSET($B1152,1,$A1152,ROW($A$1504)-ROW($A1152)),0))","v":0},{"$f":"IF(OR($A1152=\"S\",$A1152=0),0,MATCH(OFFSET($B1152,0,$A1152)+1,OFFSET($B1152,1,$A1152,ROW($A$1504)-ROW($A1152)),0))","v":0},"Insumo","13.3.7.","Cotação","Serv. Terc.","002","Carro de som com gravação de vinheta","Horas",3,200,"DI 1",250,750,null,{"$f":"IF(OR($A1152=0,$A1152=\"S\",$A1152>CFF!$A$9),\"\",MAX(W$11:OFFSET(W1152,-1,0))+1)","v":""},"Serv. Terc.-002",82,null,{"$f":"IF($J1152=$G$2,ROUND(IF(ISNUMBER(S1152),S1152,IF(LEFT(S1152,2)=\"DI\",HLOOKUP(S1152,DADOS!$T$29:$X$30,2,FALSE),0)),4),\"\")","v":0.25}]
["S",0,13,3,0,0,8,{"$f":"IF(OR($A1153=\"S\",$A1153=0),0,MATCH(0,OFFSET($B1153,1,$A1153,ROW($A$1504)-ROW($A1153)),0))","v":0},{"$f":"IF(OR($A1153=\"S\",$A1153=0),0,MATCH(OFFSET($B1153,0,$A1153)+1,OFFSET($B1153,1,$A1153,ROW($A$1504)-ROW($A1153)),0))","v":0},"Insumo","13.3.8.","Cotação","Serv. Terc.","005","Locação de caixa térmica","Unidade",2,40,"DI 1",50,100,null,{"$f":"IF(OR($A1153=0,$A1153=\"S\",$A1153>CFF!$A$9),\"\",MAX(W$11:OFFSET(W1153,-1,0))+1)","v":""},"Serv. Terc.-005",85,null,{"$f":"IF($J1153=$G$2,ROUND(IF(ISNUMBER(S1153),S1153,IF(LEFT(S1153,2)=\"DI\",HLOOKUP(S1153,DADOS!$T$29:$X$30,2,FALSE),0)),4),\"\")","v":0.25}]
["S",0,13,3,0,0,9,{"$f":"IF(OR($A1154=\"S\",$A1154=0),0,MATCH(0,OFFSET($B1154,1,$A1154,ROW($A$1504)-ROW($A1154)),0))","v":0},{"$f":"IF(OR($A1154=\"S\",$A1154=0),0,MATCH(OFFSET($B1154,0,$A1154)+1,OFFSET($B1154,1,$A1154,ROW($A$1504)-ROW($A1154)),0))","v":0},"Insumo","13.3.9.","Cotação","Serv. Terc.","008","Locação de pula-pula com monitor","Unidade",2,220,"DI 1",275,550,null,{"$f":"IF(OR($A1154=0,$A1154=\"S\",$A1154>CFF!$A$9),\"\",MAX(W$11:OFFSET(W1154,-1,0))+1)","v":""},"Serv. Terc.-008",88,null,{"$f":"IF($J1154=$G$2,ROUND(IF(ISNUMBER(S1154),S1154,IF(LEFT(S1154,2)=\"DI\",HLOOKUP(S1154,DADOS!$T$29:$X$30,2,FALSE),0)),4),\"\")","v":0.25}]
["S",0,13,3,0,0,10,{"$f":"IF(OR($A1155=\"S\",$A1155=0),0,MATCH(0,OFFSET($B1155,1,$A1155,ROW($A$1504)-ROW($A1155)),0))","v":0},{"$f":"IF(OR($A1155=\"S\",$A1155=0),0,MATCH(OFFSET($B1155,0,$A1155)+1,OFFSET($B1155,1,$A1155,ROW($A$1504)-ROW($A1155)),0))","v":0},"Insumo","13.3.10.","Cotação ","Serv. Terc.","011","Barra de gelo","Unidade",4,12,"DI 1",15,60,null,{"$f":"IF(OR($A1155=0,$A1155=\"S\",$A1155>CFF!$A$9),\"\",MAX(W$11:OFFSET(W1155,-1,0))+1)","v":""},"Serv. Terc.-011",91,null,{"$f":"IF($J1155=$G$2,ROUND(IF(ISNUMBER(S1155),S1155,IF(LEFT(S1155,2)=\"DI\",HLOOKUP(S1155,DADOS!$T$29:$X$30,2,FALSE),0)),4),\"\")","v":0.25}]
["S",0,13,3,0,0,11,{"$f":"IF(OR($A1156=\"S\",$A1156=0),0,MATCH(0,OFFSET($B1156,1,$A1156,ROW($A$1504)-ROW($A1156)),0))","v":0},{"$f":"IF(OR($A1156=\"S\",$A1156=0),0,MATCH(OFFSET($B1156,0,$A1156)+1,OFFSET($B1156,1,$A1156,ROW($A$1504)-ROW($A1156)),0))","v":0},"Insumo","13.3.11.","Cotação","Serv. Terc.","013","Sucos","Unidade",12,6.4,"DI 1",8,96,null,{"$f":"IF(OR($A1156=0,$A1156=\"S\",$A1156>CFF!$A$9),\"\",MAX(W$11:OFFSET(W1156,-1,0))+1)","v":""},"Serv. Terc.-013",93,null,{"$f":"IF($J1156=$G$2,ROUND(IF(ISNUMBER(S1156),S1156,IF(LEFT(S1156,2)=\"DI\",HLOOKUP(S1156,DADOS!$T$29:$X$30,2,FALSE),0)),4),\"\")","v":0.25}]
[{"$f":"CHOOSE(1+LOG(1+2*(J1157=$C$2)+4*(J1157=$D$2)+8*(J1157=$E$2)+16*(J1157=$F$2)+32*(J1157=$G$2),2),0,1,2,3,4,\"S\")","v":"S"},{"$f":"IF(OR(A1157=\"S\",A1157=0),0,IF(ISERROR(I1157),H1157,SMALL(H1157:I1157,1)))","v":0},13,3,0,0,12,{"$f":"IF(OR($A1157=\"S\",$A1157=0),0,MATCH(0,OFFSET($B1157,1,$A1157,ROW($A$1504)-ROW($A1157)),0))","v":0},{"$f":"IF(OR($A1157=\"S\",$A1157=0),0,MATCH(OFFSET($B1157,0,$A1157)+1,OFFSET($B1157,1,$A1157,ROW($A$1504)-ROW($A1157)),0))","v":0},"Insumo","13.3.12.","Cotação","Serv. Terc.","027","Refrigerantes (02 litros) ","Unidade",20,6,"DI 1",7.5,150,null,{"$f":"IF(OR($A1157=0,$A1157=\"S\",$A1157>CFF!$A$9),\"\",MAX(W$11:OFFSET(W1157,-1,0))+1)","v":""},"Serv. Terc.-027",{"$f":"IF(X1157<>FALSE,MATCH(X1157,OFFSET(Banco,0,0,,1),0))","v":107},null,{"$f":"IF($J1157=$G$2,ROUND(IF(ISNUMBER(S1157),S1157,IF(LEFT(S1157,2)=\"DI\",HLOOKUP(S1157,DADOS!$T$29:$X$30,2,FALSE),0)),4),\"\")","v":0.25}]
["S",0,13,3,0,0,13,{"$f":"IF(OR($A1158=\"S\",$A1158=0),0,MATCH(0,OFFSET($B1158,1,$A1158,ROW($A$1504)-ROW($A1158)),0))","v":0},{"$f":"IF(OR($A1158=\"S\",$A1158=0),0,MATCH(OFFSET($B1158,0,$A1158)+1,OFFSET($B1158,1,$A1158,ROW($A$1504)-ROW($A1158)),0))","v":0},"Insumo","13.3.13.","Cotação ","Serv. Terc.","010","Brindes ( descrição nos orçamentos e PTS)","Unidade",4,120,"DI 1",150,600,null,{"$f":"IF(OR($A1158=0,$A1158=\"S\",$A1158>CFF!$A$9),\"\",MAX(W$11:OFFSET(W1158,-1,0))+1)","v":""},"Serv. Terc.-010",90,null,{"$f":"IF($J1158=$G$2,ROUND(IF(ISNUMBER(S1158),S1158,IF(LEFT(S1158,2)=\"DI\",HLOOKUP(S1158,DADOS!$T$29:$X$30,2,FALSE),0)),4),\"\")","v":0.25}]
["S",0,13,3,0,0,14,{"$f":"IF(OR($A1159=\"S\",$A1159=0),0,MATCH(0,OFFSET($B1159,1,$A1159,ROW($A$1504)-ROW($A1159)),0))","v":0},{"$f":"IF(OR($A1159=\"S\",$A1159=0),0,MATCH(OFFSET($B1159,0,$A1159)+1,OFFSET($B1159,1,$A1159,ROW($A$1504)-ROW($A1159)),0))","v":0},"Insumo","13.3.14.","Cotação","Serv. Terc.","015","Coffee break (salgados)","Centro",15,65,"DI 1",81.25,1218.75,null,{"$f":"IF(OR($A1159=0,$A1159=\"S\",$A1159>CFF!$A$9),\"\",MAX(W$11:OFFSET(W1159,-1,0))+1)","v":""},"Serv. Terc.-015",95,null,{"$f":"IF($J1159=$G$2,ROUND(IF(ISNUMBER(S1159),S1159,IF(LEFT(S1159,2)=\"DI\",HLOOKUP(S1159,DADOS!$T$29:$X$30,2,FALSE),0)),4),\"\")","v":0.25}]
[{"$f":"CHOOSE(1+LOG(1+2*(J1160=$C$2)+4*(J1160=$D$2)+8*(J1160=$E$2)+16*(J1160=$F$2)+32*(J1160=$G$2),2),0,1,2,3,4,\"S\")","v":"S"},{"$f":"IF(OR(A1160=\"S\",A1160=0),0,IF(ISERROR(I1160),H1160,SMALL(H1160:I1160,1)))","v":0},13,3,0,0,15,{"$f":"IF(OR($A1160=\"S\",$A1160=0),0,MATCH(0,OFFSET($B1160,1,$A1160,ROW($A$1504)-ROW($A1160)),0))","v":0},{"$f":"IF(OR($A1160=\"S\",$A1160=0),0,MATCH(OFFSET($B1160,0,$A1160)+1,OFFSET($B1160,1,$A1160,ROW($A$1504)-ROW($A1160)),0))","v":0},"Insumo","13.3.15.","COREN","Serv. Terc.","080","Enfermeiro padrão","Unidade",6,123.02,"DI 1",153.78,922.68,null,{"$f":"IF(OR($A1160=0,$A1160=\"S\",$A1160>CFF!$A$9),\"\",MAX(W$11:OFFSET(W1160,-1,0))+1)","v":""},"Serv. Terc.-080",{"$f":"IF(X1160<>FALSE,MATCH(X1160,OFFSET(Banco,0,0,,1),0))","v":160},null,{"$f":"IF($J1160=$G$2,ROUND(IF(ISNUMBER(S1160),S1160,IF(LEFT(S1160,2)=\"DI\",HLOOKUP(S1160,DADOS!$T$29:$X$30,2,FALSE),0)),4),\"\")","v":0.25}]
["S",0,13,3,0,0,16,{"$f":"IF(OR($A1161=\"S\",$A1161=0),0,MATCH(0,OFFSET($B1161,1,$A1161,ROW($A$1504)-ROW($A1161)),0))","v":0},{"$f":"IF(OR($A1161=\"S\",$A1161=0),0,MATCH(OFFSET($B1161,0,$A1161)+1,OFFSET($B1161,1,$A1161,ROW($A$1504)-ROW($A1161)),0))","v":0},"Insumo","13.3.16.","Cotação","Rec. Materiais","020","Guloseimas (balas e pirulito)","Pacote",4,12,"DI 1",15,60,null,{"$f":"IF(OR($A1161=0,$A1161=\"S\",$A1161>CFF!$A$9),\"\",MAX(W$11:OFFSET(W1161,-1,0))+1)","v":""},"Rec. Materiais-020",29,null,{"$f":"IF($J1161=$G$2,ROUND(IF(ISNUMBER(S1161),S1161,IF(LEFT(S1161,2)=\"DI\",HLOOKUP(S1161,DADOS!$T$29:$X$30,2,FALSE),0)),4),\"\")","v":0.25}]
["S",0,13,3,0,0,17,{"$f":"IF(OR($A1162=\"S\",$A1162=0),0,MATCH(0,OFFSET($B1162,1,$A1162,ROW($A$1504)-ROW($A1162)),0))","v":0},{"$f":"IF(OR($A1162=\"S\",$A1162=0),0,MATCH(OFFSET($B1162,0,$A1162)+1,OFFSET($B1162,1,$A1162,ROW($A$1504)-ROW($A1162)),0))","v":0},"Insumo","13.3.17.","Cotação","Rec. Materiais","021","Papel de presente","Folhas",8,1.5,"DI 1",1.88,15.04,null,{"$f":"IF(OR($A1162=0,$A1162=\"S\",$A1162>CFF!$A$9),\"\",MAX(W$11:OFFSET(W1162,-1,0))+1)","v":""},"Rec. Materiais-021",30,null,{"$f":"IF($J1162=$G$2,ROUND(IF(ISNUMBER(S1162),S1162,IF(LEFT(S1162,2)=\"DI\",HLOOKUP(S1162,DADOS!$T$29:$X$30,2,FALSE),0)),4),\"\")","v":0.25}]
["S",0,13,3,0,0,18,{"$f":"IF(OR($A1163=\"S\",$A1163=0),0,MATCH(0,OFFSET($B1163,1,$A1163,ROW($A$1504)-ROW($A1163)),0))","v":0},{"$f":"IF(OR($A1163=\"S\",$A1163=0),0,MATCH(OFFSET($B1163,0,$A1163)+1,OFFSET($B1163,1,$A1163,ROW($A$1504)-ROW($A1163)),0))","v":0},"Insumo","13.3.18.","Cotação","Rec. Materiais","026","Saco de lixo (100 litros)","Pacote",3,15,"DI 1",18.75,56.25,null,{"$f":"IF(OR($A1163=0,$A1163=\"S\",$A1163>CFF!$A$9),\"\",MAX(W$11:OFFSET(W1163,-1,0))+1)","v":""},"Rec. Materiais-026",35,null,{"$f":"IF($J1163=$G$2,ROUND(IF(ISNUMBER(S1163),S1163,IF(LEFT(S1163,2)=\"DI\",HLOOKUP(S1163,DADOS!$T$29:$X$30,2,FALSE),0)),4),\"\")","v":0.25}]
[{"$f":"CHOOSE(1+LOG(1+2*(J1164=$C$2)+4*(J1164=$D$2)+8*(J1164=$E$2)+16*(J1164=$F$2)+32*(J1164=$G$2),2),0,1,2,3,4,\"S\")","v":"S"},{"$f":"IF(OR(A1164=\"S\",A1164=0),0,IF(ISERROR(I1164),H1164,SMALL(H1164:I1164,1)))","v":0},13,3,0,0,19,{"$f":"IF(OR($A1164=\"S\",$A1164=0),0,MATCH(0,OFFSET($B1164,1,$A1164,ROW($A$1504)-ROW($A1164)),0))","v":0},{"$f":"IF(OR($A1164=\"S\",$A1164=0),0,MATCH(OFFSET($B1164,0,$A1164)+1,OFFSET($B1164,1,$A1164,ROW($A$1504)-ROW($A1164)),0))","v":0},"Insumo","13.3.19.","Cotação","Serv. Terc.","069","Informativos 04 pgs, 15x21 cm, 4 cores, tinta escala em couche","Unidade",297,6,"DI 1",7.5,2227.5,null,{"$f":"IF(OR($A1164=0,$A1164=\"S\",$A1164>CFF!$A$9),\"\",MAX(W$11:OFFSET(W1164,-1,0))+1)","v":""},"Serv. Terc.-069",{"$f":"IF(X1164<>FALSE,MATCH(X1164,OFFSET(Banco,0,0,,1),0))","v":149},null,{"$f":"IF($J1164=$G$2,ROUND(IF(ISNUMBER(S1164),S1164,IF(LEFT(S1164,2)=\"DI\",HLOOKUP(S1164,DADOS!$T$29:$X$30,2,FALSE),0)),4),\"\")","v":0.25}]
[{"$f":"CHOOSE(1+LOG(1+2*(J1165=$C$2)+4*(J1165=$D$2)+8*(J1165=$E$2)+16*(J1165=$F$2)+32*(J1165=$G$2),2),0,1,2,3,4,\"S\")","v":2},{"$f":"IF(OR(A1165=\"S\",A1165=0),0,IF(ISERROR(I1165),H1165,SMALL(H1165:I1165,1)))","v":20},13,4,0,0,0,{"$f":"IF(OR($A1165=\"S\",$A1165=0),0,MATCH(0,OFFSET($B1165,1,$A1165,ROW($A$1504)-ROW($A1165)),0))","v":41},{"$f":"IF(OR($A1165=\"S\",$A1165=0),0,MATCH(OFFSET($B1165,0,$A1165)+1,OFFSET($B1165,1,$A1165,ROW($A$1504)-ROW($A1165)),0))","v":20},"AtivNível 1","13.4.","",null,null,"Atividade 90 - Oficina: Primeiros Socorros Bairro: Frutal de Minas e Jardim Paula II","",null,0,"DI 1",0,10131.27,null,{"$f":"IF(OR($A1165=0,$A1165=\"S\",$A1165>CFF!$A$9),\"\",MAX(W$11:OFFSET(W1165,-1,0))+1)","v":103},false,{"$f":"IF(X1165<>FALSE,MATCH(X1165,OFFSET(Banco,0,0,,1),0))","v":false},null,{"$f":"IF($J1165=$G$2,ROUND(IF(ISNUMBER(S1165),S1165,IF(LEFT(S1165,2)=\"DI\",HLOOKUP(S1165,DADOS!$T$29:$X$30,2,FALSE),0)),4),\"\")","v":""}]
[{"$f":"CHOOSE(1+LOG(1+2*(J1166=$C$2)+4*(J1166=$D$2)+8*(J1166=$E$2)+16*(J1166=$F$2)+32*(J1166=$G$2),2),0,1,2,3,4,\"S\")","v":"S"},{"$f":"IF(OR(A1166=\"S\",A1166=0),0,IF(ISERROR(I1166),H1166,SMALL(H1166:I1166,1)))","v":0},13,4,0,0,1,{"$f":"IF(OR($A1166=\"S\",$A1166=0),0,MATCH(0,OFFSET($B1166,1,$A1166,ROW($A$1504)-ROW($A1166)),0))","v":0},{"$f":"IF(OR($A1166=\"S\",$A1166=0),0,MATCH(OFFSET($B1166,0,$A1166)+1,OFFSET($B1166,1,$A1166,ROW($A$1504)-ROW($A1166)),0))","v":0},"Insumo","13.4.1.","CRESS","Rec. Humanos","001",{"$f":"IF(NOT(ISERROR($Y1166)),IF($Y1166<>FALSE,INDEX(Banco,$Y1166,5),\"\"),\"\")","v":"Responsável Técnica"},"Horas",9,150.28,"DI 1",187.85,1690.65,null,{"$f":"IF(OR($A1166=0,$A1166=\"S\",$A1166>CFF!$A$9),\"\",MAX(W$11:OFFSET(W1166,-1,0))+1)","v":""},"Rec. Humanos-001",{"$f":"IF(X1166<>FALSE,MATCH(X1166,OFFSET(Banco,0,0,,1),0))","v":3},null,{"$f":"IF($J1166=$G$2,ROUND(IF(ISNUMBER(S1166),S1166,IF(LEFT(S1166,2)=\"DI\",HLOOKUP(S1166,DADOS!$T$29:$X$30,2,FALSE),0)),4),\"\")","v":0.25}]
["S",0,13,4,0,0,2,{"$f":"IF(OR($A1167=\"S\",$A1167=0),0,MATCH(0,OFFSET($B1167,1,$A1167,ROW($A$1504)-ROW($A1167)),0))","v":0},{"$f":"IF(OR($A1167=\"S\",$A1167=0),0,MATCH(OFFSET($B1167,0,$A1167)+1,OFFSET($B1167,1,$A1167,ROW($A$1504)-ROW($A1167)),0))","v":0},"Insumo","13.4.2.","CRESS","Rec. Humanos","002","Assistente Social","Horas",7,133.81,"DI 1",167.26,1170.82,null,{"$f":"IF(OR($A1167=0,$A1167=\"S\",$A1167>CFF!$A$9),\"\",MAX(W$11:OFFSET(W1167,-1,0))+1)","v":""},"Rec. Humanos-002",4,null,{"$f":"IF($J1167=$G$2,ROUND(IF(ISNUMBER(S1167),S1167,IF(LEFT(S1167,2)=\"DI\",HLOOKUP(S1167,DADOS!$T$29:$X$30,2,FALSE),0)),4),\"\")","v":0.25}]
["S",0,13,4,0,0,3,{"$f":"IF(OR($A1168=\"S\",$A1168=0),0,MATCH(0,OFFSET($B1168,1,$A1168,ROW($A$1504)-ROW($A1168)),0))","v":0},{"$f":"IF(OR($A1168=\"S\",$A1168=0),0,MATCH(OFFSET($B1168,0,$A1168)+1,OFFSET($B1168,1,$A1168,ROW($A$1504)-ROW($A1168)),0))","v":0},"Insumo","13.4.3.","Cotação","Rec. Humanos","003","Administrador (Técnico de Apoio) ","Horas",4,103.65,"DI 1",129.56,518.24,null,{"$f":"IF(OR($A1168=0,$A1168=\"S\",$A1168>CFF!$A$9),\"\",MAX(W$11:OFFSET(W1168,-1,0))+1)","v":""},"Rec. Humanos-003",5,null,{"$f":"IF($J1168=$G$2,ROUND(IF(ISNUMBER(S1168),S1168,IF(LEFT(S1168,2)=\"DI\",HLOOKUP(S1168,DADOS!$T$29:$X$30,2,FALSE),0)),4),\"\")","v":0.25}]
["S",0,13,4,0,0,4,{"$f":"IF(OR($A1169=\"S\",$A1169=0),0,MATCH(0,OFFSET($B1169,1,$A1169,ROW($A$1504)-ROW($A1169)),0))","v":0},{"$f":"IF(OR($A1169=\"S\",$A1169=0),0,MATCH(OFFSET($B1169,0,$A1169)+1,OFFSET($B1169,1,$A1169,ROW($A$1504)-ROW($A1169)),0))","v":0},"Insumo","13.4.4.","SINE","Rec. Humanos","004","Estagiários","Horas",16,9.7899999999999991,"DI 1",12.24,195.84,null,{"$f":"IF(OR($A1169=0,$A1169=\"S\",$A1169>CFF!$A$9),\"\",MAX(W$11:OFFSET(W1169,-1,0))+1)","v":""},"Rec. Humanos-004",6,null,{"$f":"IF($J1169=$G$2,ROUND(IF(ISNUMBER(S1169),S1169,IF(LEFT(S1169,2)=\"DI\",HLOOKUP(S1169,DADOS!$T$29:$X$30,2,FALSE),0)),4),\"\")","v":0.25}]
["S",0,13,4,0,0,5,{"$f":"IF(OR($A1170=\"S\",$A1170=0),0,MATCH(0,OFFSET($B1170,1,$A1170,ROW($A$1504)-ROW($A1170)),0))","v":0},{"$f":"IF(OR($A1170=\"S\",$A1170=0),0,MATCH(OFFSET($B1170,0,$A1170)+1,OFFSET($B1170,1,$A1170,ROW($A$1504)-ROW($A1170)),0))","v":0},"Insumo","13.4.5.","Cotação","Serv. Terc.","001","Fotocópias","Unidade",150,0.3,"DI 1",0.38,57,null,{"$f":"IF(OR($A1170=0,$A1170=\"S\",$A1170>CFF!$A$9),\"\",MAX(W$11:OFFSET(W1170,-1,0))+1)","v":""},"Serv. Terc.-001",81,null,{"$f":"IF($J1170=$G$2,ROUND(IF(ISNUMBER(S1170),S1170,IF(LEFT(S1170,2)=\"DI\",HLOOKUP(S1170,DADOS!$T$29:$X$30,2,FALSE),0)),4),\"\")","v":0.25}]
["S",0,13,4,0,0,6,{"$f":"IF(OR($A1171=\"S\",$A1171=0),0,MATCH(0,OFFSET($B1171,1,$A1171,ROW($A$1504)-ROW($A1171)),0))","v":0},{"$f":"IF(OR($A1171=\"S\",$A1171=0),0,MATCH(OFFSET($B1171,0,$A1171)+1,OFFSET($B1171,1,$A1171,ROW($A$1504)-ROW($A1171)),0))","v":0},"Insumo","13.4.6.","Cotação","Serv. Terc.","017","Instrutor/Monitor (Educação Fisíca)","Horas",3,100,"DI 1",125,375,null,{"$f":"IF(OR($A1171=0,$A1171=\"S\",$A1171>CFF!$A$9),\"\",MAX(W$11:OFFSET(W1171,-1,0))+1)","v":""},"Serv. Terc.-017",97,null,{"$f":"IF($J1171=$G$2,ROUND(IF(ISNUMBER(S1171),S1171,IF(LEFT(S1171,2)=\"DI\",HLOOKUP(S1171,DADOS!$T$29:$X$30,2,FALSE),0)),4),\"\")","v":0.25}]
[{"$f":"CHOOSE(1+LOG(1+2*(J1172=$C$2)+4*(J1172=$D$2)+8*(J1172=$E$2)+16*(J1172=$F$2)+32*(J1172=$G$2),2),0,1,2,3,4,\"S\")","v":"S"},{"$f":"IF(OR(A1172=\"S\",A1172=0),0,IF(ISERROR(I1172),H1172,SMALL(H1172:I1172,1)))","v":0},13,4,0,0,7,{"$f":"IF(OR($A1172=\"S\",$A1172=0),0,MATCH(0,OFFSET($B1172,1,$A1172,ROW($A$1504)-ROW($A1172)),0))","v":0},{"$f":"IF(OR($A1172=\"S\",$A1172=0),0,MATCH(OFFSET($B1172,0,$A1172)+1,OFFSET($B1172,1,$A1172,ROW($A$1504)-ROW($A1172)),0))","v":0},"Insumo","13.4.7.","Cotação","Serv. Terc.","002","Carro de som com gravação de vinheta","Horas",3,200,"DI 1",250,750,null,{"$f":"IF(OR($A1172=0,$A1172=\"S\",$A1172>CFF!$A$9),\"\",MAX(W$11:OFFSET(W1172,-1,0))+1)","v":""},"Serv. Terc.-002",{"$f":"IF(X1172<>FALSE,MATCH(X1172,OFFSET(Banco,0,0,,1),0))","v":82},null,{"$f":"IF($J1172=$G$2,ROUND(IF(ISNUMBER(S1172),S1172,IF(LEFT(S1172,2)=\"DI\",HLOOKUP(S1172,DADOS!$T$29:$X$30,2,FALSE),0)),4),\"\")","v":0.25}]
["S",0,13,4,0,0,8,{"$f":"IF(OR($A1173=\"S\",$A1173=0),0,MATCH(0,OFFSET($B1173,1,$A1173,ROW($A$1504)-ROW($A1173)),0))","v":0},{"$f":"IF(OR($A1173=\"S\",$A1173=0),0,MATCH(OFFSET($B1173,0,$A1173)+1,OFFSET($B1173,1,$A1173,ROW($A$1504)-ROW($A1173)),0))","v":0},"Insumo","13.4.8.","Cotação","Serv. Terc.","005","Locação de caixa térmica","Unidade",2,40,"DI 1",50,100,null,{"$f":"IF(OR($A1173=0,$A1173=\"S\",$A1173>CFF!$A$9),\"\",MAX(W$11:OFFSET(W1173,-1,0))+1)","v":""},"Serv. Terc.-005",85,null,{"$f":"IF($J1173=$G$2,ROUND(IF(ISNUMBER(S1173),S1173,IF(LEFT(S1173,2)=\"DI\",HLOOKUP(S1173,DADOS!$T$29:$X$30,2,FALSE),0)),4),\"\")","v":0.25}]
["S",0,13,4,0,0,9,{"$f":"IF(OR($A1174=\"S\",$A1174=0),0,MATCH(0,OFFSET($B1174,1,$A1174,ROW($A$1504)-ROW($A1174)),0))","v":0},{"$f":"IF(OR($A1174=\"S\",$A1174=0),0,MATCH(OFFSET($B1174,0,$A1174)+1,OFFSET($B1174,1,$A1174,ROW($A$1504)-ROW($A1174)),0))","v":0},"Insumo","13.4.9.","Cotação","Serv. Terc.","008","Locação de pula-pula com monitor","Unidade",2,220,"DI 1",275,550,null,{"$f":"IF(OR($A1174=0,$A1174=\"S\",$A1174>CFF!$A$9),\"\",MAX(W$11:OFFSET(W1174,-1,0))+1)","v":""},"Serv. Terc.-008",88,null,{"$f":"IF($J1174=$G$2,ROUND(IF(ISNUMBER(S1174),S1174,IF(LEFT(S1174,2)=\"DI\",HLOOKUP(S1174,DADOS!$T$29:$X$30,2,FALSE),0)),4),\"\")","v":0.25}]
["S",0,13,4,0,0,10,{"$f":"IF(OR($A1175=\"S\",$A1175=0),0,MATCH(0,OFFSET($B1175,1,$A1175,ROW($A$1504)-ROW($A1175)),0))","v":0},{"$f":"IF(OR($A1175=\"S\",$A1175=0),0,MATCH(OFFSET($B1175,0,$A1175)+1,OFFSET($B1175,1,$A1175,ROW($A$1504)-ROW($A1175)),0))","v":0},"Insumo","13.4.10.","Cotação ","Serv. Terc.","011","Barra de gelo","Unidade",4,12,"DI 1",15,60,null,{"$f":"IF(OR($A1175=0,$A1175=\"S\",$A1175>CFF!$A$9),\"\",MAX(W$11:OFFSET(W1175,-1,0))+1)","v":""},"Serv. Terc.-011",91,null,{"$f":"IF($J1175=$G$2,ROUND(IF(ISNUMBER(S1175),S1175,IF(LEFT(S1175,2)=\"DI\",HLOOKUP(S1175,DADOS!$T$29:$X$30,2,FALSE),0)),4),\"\")","v":0.25}]
["S",0,13,4,0,0,11,{"$f":"IF(OR($A1176=\"S\",$A1176=0),0,MATCH(0,OFFSET($B1176,1,$A1176,ROW($A$1504)-ROW($A1176)),0))","v":0},{"$f":"IF(OR($A1176=\"S\",$A1176=0),0,MATCH(OFFSET($B1176,0,$A1176)+1,OFFSET($B1176,1,$A1176,ROW($A$1504)-ROW($A1176)),0))","v":0},"Insumo","13.4.11.","Cotação","Serv. Terc.","013","Sucos","Unidade",12,6.4,"DI 1",8,96,null,{"$f":"IF(OR($A1176=0,$A1176=\"S\",$A1176>CFF!$A$9),\"\",MAX(W$11:OFFSET(W1176,-1,0))+1)","v":""},"Serv. Terc.-013",93,null,{"$f":"IF($J1176=$G$2,ROUND(IF(ISNUMBER(S1176),S1176,IF(LEFT(S1176,2)=\"DI\",HLOOKUP(S1176,DADOS!$T$29:$X$30,2,FALSE),0)),4),\"\")","v":0.25}]
[{"$f":"CHOOSE(1+LOG(1+2*(J1177=$C$2)+4*(J1177=$D$2)+8*(J1177=$E$2)+16*(J1177=$F$2)+32*(J1177=$G$2),2),0,1,2,3,4,\"S\")","v":"S"},{"$f":"IF(OR(A1177=\"S\",A1177=0),0,IF(ISERROR(I1177),H1177,SMALL(H1177:I1177,1)))","v":0},13,4,0,0,12,{"$f":"IF(OR($A1177=\"S\",$A1177=0),0,MATCH(0,OFFSET($B1177,1,$A1177,ROW($A$1504)-ROW($A1177)),0))","v":0},{"$f":"IF(OR($A1177=\"S\",$A1177=0),0,MATCH(OFFSET($B1177,0,$A1177)+1,OFFSET($B1177,1,$A1177,ROW($A$1504)-ROW($A1177)),0))","v":0},"Insumo","13.4.12.","Cotação","Serv. Terc.","027","Refrigerantes (02 litros) ","Unidade",20,6,"DI 1",7.5,150,null,{"$f":"IF(OR($A1177=0,$A1177=\"S\",$A1177>CFF!$A$9),\"\",MAX(W$11:OFFSET(W1177,-1,0))+1)","v":""},"Serv. Terc.-027",{"$f":"IF(X1177<>FALSE,MATCH(X1177,OFFSET(Banco,0,0,,1),0))","v":107},null,{"$f":"IF($J1177=$G$2,ROUND(IF(ISNUMBER(S1177),S1177,IF(LEFT(S1177,2)=\"DI\",HLOOKUP(S1177,DADOS!$T$29:$X$30,2,FALSE),0)),4),\"\")","v":0.25}]
["S",0,13,4,0,0,13,{"$f":"IF(OR($A1178=\"S\",$A1178=0),0,MATCH(0,OFFSET($B1178,1,$A1178,ROW($A$1504)-ROW($A1178)),0))","v":0},{"$f":"IF(OR($A1178=\"S\",$A1178=0),0,MATCH(OFFSET($B1178,0,$A1178)+1,OFFSET($B1178,1,$A1178,ROW($A$1504)-ROW($A1178)),0))","v":0},"Insumo","13.4.13.","Cotação ","Serv. Terc.","010","Brindes ( descrição nos orçamentos e PTS)","Unidade",4,120,"DI 1",150,600,null,{"$f":"IF(OR($A1178=0,$A1178=\"S\",$A1178>CFF!$A$9),\"\",MAX(W$11:OFFSET(W1178,-1,0))+1)","v":""},"Serv. Terc.-010",90,null,{"$f":"IF($J1178=$G$2,ROUND(IF(ISNUMBER(S1178),S1178,IF(LEFT(S1178,2)=\"DI\",HLOOKUP(S1178,DADOS!$T$29:$X$30,2,FALSE),0)),4),\"\")","v":0.25}]
["S",0,13,4,0,0,14,{"$f":"IF(OR($A1179=\"S\",$A1179=0),0,MATCH(0,OFFSET($B1179,1,$A1179,ROW($A$1504)-ROW($A1179)),0))","v":0},{"$f":"IF(OR($A1179=\"S\",$A1179=0),0,MATCH(OFFSET($B1179,0,$A1179)+1,OFFSET($B1179,1,$A1179,ROW($A$1504)-ROW($A1179)),0))","v":0},"Insumo","13.4.14.","Cotação","Serv. Terc.","015","Coffee break (salgados)","Centro",15,65,"DI 1",81.25,1218.75,null,{"$f":"IF(OR($A1179=0,$A1179=\"S\",$A1179>CFF!$A$9),\"\",MAX(W$11:OFFSET(W1179,-1,0))+1)","v":""},"Serv. Terc.-015",95,null,{"$f":"IF($J1179=$G$2,ROUND(IF(ISNUMBER(S1179),S1179,IF(LEFT(S1179,2)=\"DI\",HLOOKUP(S1179,DADOS!$T$29:$X$30,2,FALSE),0)),4),\"\")","v":0.25}]
[{"$f":"CHOOSE(1+LOG(1+2*(J1180=$C$2)+4*(J1180=$D$2)+8*(J1180=$E$2)+16*(J1180=$F$2)+32*(J1180=$G$2),2),0,1,2,3,4,\"S\")","v":"S"},{"$f":"IF(OR(A1180=\"S\",A1180=0),0,IF(ISERROR(I1180),H1180,SMALL(H1180:I1180,1)))","v":0},13,4,0,0,15,{"$f":"IF(OR($A1180=\"S\",$A1180=0),0,MATCH(0,OFFSET($B1180,1,$A1180,ROW($A$1504)-ROW($A1180)),0))","v":0},{"$f":"IF(OR($A1180=\"S\",$A1180=0),0,MATCH(OFFSET($B1180,0,$A1180)+1,OFFSET($B1180,1,$A1180,ROW($A$1504)-ROW($A1180)),0))","v":0},"Insumo","13.4.15.","COREN","Serv. Terc.","080","Enfermeiro padrão","Unidade",6,123.02,"DI 1",153.78,922.68,null,{"$f":"IF(OR($A1180=0,$A1180=\"S\",$A1180>CFF!$A$9),\"\",MAX(W$11:OFFSET(W1180,-1,0))+1)","v":""},"Serv. Terc.-080",{"$f":"IF(X1180<>FALSE,MATCH(X1180,OFFSET(Banco,0,0,,1),0))","v":160},null,{"$f":"IF($J1180=$G$2,ROUND(IF(ISNUMBER(S1180),S1180,IF(LEFT(S1180,2)=\"DI\",HLOOKUP(S1180,DADOS!$T$29:$X$30,2,FALSE),0)),4),\"\")","v":0.25}]
["S",0,13,4,0,0,16,{"$f":"IF(OR($A1181=\"S\",$A1181=0),0,MATCH(0,OFFSET($B1181,1,$A1181,ROW($A$1504)-ROW($A1181)),0))","v":0},{"$f":"IF(OR($A1181=\"S\",$A1181=0),0,MATCH(OFFSET($B1181,0,$A1181)+1,OFFSET($B1181,1,$A1181,ROW($A$1504)-ROW($A1181)),0))","v":0},"Insumo","13.4.16.","Cotação","Rec. Materiais","020","Guloseimas (balas e pirulito)","Pacote",4,12,"DI 1",15,60,null,{"$f":"IF(OR($A1181=0,$A1181=\"S\",$A1181>CFF!$A$9),\"\",MAX(W$11:OFFSET(W1181,-1,0))+1)","v":""},"Rec. Materiais-020",29,null,{"$f":"IF($J1181=$G$2,ROUND(IF(ISNUMBER(S1181),S1181,IF(LEFT(S1181,2)=\"DI\",HLOOKUP(S1181,DADOS!$T$29:$X$30,2,FALSE),0)),4),\"\")","v":0.25}]
["S",0,13,4,0,0,17,{"$f":"IF(OR($A1182=\"S\",$A1182=0),0,MATCH(0,OFFSET($B1182,1,$A1182,ROW($A$1504)-ROW($A1182)),0))","v":0},{"$f":"IF(OR($A1182=\"S\",$A1182=0),0,MATCH(OFFSET($B1182,0,$A1182)+1,OFFSET($B1182,1,$A1182,ROW($A$1504)-ROW($A1182)),0))","v":0},"Insumo","13.4.17.","Cotação","Rec. Materiais","021","Papel de presente","Folhas",8,1.5,"DI 1",1.88,15.04,null,{"$f":"IF(OR($A1182=0,$A1182=\"S\",$A1182>CFF!$A$9),\"\",MAX(W$11:OFFSET(W1182,-1,0))+1)","v":""},"Rec. Materiais-021",30,null,{"$f":"IF($J1182=$G$2,ROUND(IF(ISNUMBER(S1182),S1182,IF(LEFT(S1182,2)=\"DI\",HLOOKUP(S1182,DADOS!$T$29:$X$30,2,FALSE),0)),4),\"\")","v":0.25}]
["S",0,13,4,0,0,18,{"$f":"IF(OR($A1183=\"S\",$A1183=0),0,MATCH(0,OFFSET($B1183,1,$A1183,ROW($A$1504)-ROW($A1183)),0))","v":0},{"$f":"IF(OR($A1183=\"S\",$A1183=0),0,MATCH(OFFSET($B1183,0,$A1183)+1,OFFSET($B1183,1,$A1183,ROW($A$1504)-ROW($A1183)),0))","v":0},"Insumo","13.4.18.","Cotação","Rec. Materiais","026","Saco de lixo (100 litros)","Pacote",3,15,"DI 1",18.75,56.25,null,{"$f":"IF(OR($A1183=0,$A1183=\"S\",$A1183>CFF!$A$9),\"\",MAX(W$11:OFFSET(W1183,-1,0))+1)","v":""},"Rec. Materiais-026",35,null,{"$f":"IF($J1183=$G$2,ROUND(IF(ISNUMBER(S1183),S1183,IF(LEFT(S1183,2)=\"DI\",HLOOKUP(S1183,DADOS!$T$29:$X$30,2,FALSE),0)),4),\"\")","v":0.25}]
["S",0,13,4,0,0,19,{"$f":"IF(OR($A1184=\"S\",$A1184=0),0,MATCH(0,OFFSET($B1184,1,$A1184,ROW($A$1504)-ROW($A1184)),0))","v":0},{"$f":"IF(OR($A1184=\"S\",$A1184=0),0,MATCH(OFFSET($B1184,0,$A1184)+1,OFFSET($B1184,1,$A1184,ROW($A$1504)-ROW($A1184)),0))","v":0},"Insumo","13.4.19.","Cotação","Serv. Terc.","069","Informativos 04 pgs, 15x21 cm, 4 cores, tinta escala em couche","Unidade",206,6,"DI 1",7.5,1545,null,{"$f":"IF(OR($A1184=0,$A1184=\"S\",$A1184>CFF!$A$9),\"\",MAX(W$11:OFFSET(W1184,-1,0))+1)","v":""},"Serv. Terc.-069",149,null,{"$f":"IF($J1184=$G$2,ROUND(IF(ISNUMBER(S1184),S1184,IF(LEFT(S1184,2)=\"DI\",HLOOKUP(S1184,DADOS!$T$29:$X$30,2,FALSE),0)),4),\"\")","v":0.25}]
[{"$f":"CHOOSE(1+LOG(1+2*(J1185=$C$2)+4*(J1185=$D$2)+8*(J1185=$E$2)+16*(J1185=$F$2)+32*(J1185=$G$2),2),0,1,2,3,4,\"S\")","v":2},{"$f":"IF(OR(A1185=\"S\",A1185=0),0,IF(ISERROR(I1185),H1185,SMALL(H1185:I1185,1)))","v":10},13,5,0,0,0,{"$f":"IF(OR($A1185=\"S\",$A1185=0),0,MATCH(0,OFFSET($B1185,1,$A1185,ROW($A$1504)-ROW($A1185)),0))","v":21},{"$f":"IF(OR($A1185=\"S\",$A1185=0),0,MATCH(OFFSET($B1185,0,$A1185)+1,OFFSET($B1185,1,$A1185,ROW($A$1504)-ROW($A1185)),0))","v":10},"AtivNível 1","13.5.","",null,null,"Atividade 91 - Curso: Bordado em Chinelos região Jardim Ikaraí","",null,0,"DI 1",0,10095.19,null,{"$f":"IF(OR($A1185=0,$A1185=\"S\",$A1185>CFF!$A$9),\"\",MAX(W$11:OFFSET(W1185,-1,0))+1)","v":104},false,{"$f":"IF(X1185<>FALSE,MATCH(X1185,OFFSET(Banco,0,0,,1),0))","v":false},null,{"$f":"IF($J1185=$G$2,ROUND(IF(ISNUMBER(S1185),S1185,IF(LEFT(S1185,2)=\"DI\",HLOOKUP(S1185,DADOS!$T$29:$X$30,2,FALSE),0)),4),\"\")","v":""}]
[{"$f":"CHOOSE(1+LOG(1+2*(J1186=$C$2)+4*(J1186=$D$2)+8*(J1186=$E$2)+16*(J1186=$F$2)+32*(J1186=$G$2),2),0,1,2,3,4,\"S\")","v":"S"},{"$f":"IF(OR(A1186=\"S\",A1186=0),0,IF(ISERROR(I1186),H1186,SMALL(H1186:I1186,1)))","v":0},{"$f":"IF($A1186=1,OFFSET(C1186,-1,0)+1,OFFSET(C1186,-1,0))","v":13},{"$f":"IF($A1186=1,0,IF($A1186=2,OFFSET(D1186,-1,0)+1,OFFSET(D1186,-1,0)))","v":5},{"$f":"IF(AND($A1186<=2,$A1186<>0),0,IF($A1186=3,OFFSET(E1186,-1,0)+1,OFFSET(E1186,-1,0)))","v":0},{"$f":"IF(AND($A1186<=3,$A1186<>0),0,IF($A1186=4,OFFSET(F1186,-1,0)+1,OFFSET(F1186,-1,0)))","v":0},{"$f":"IF(AND($A1186<=4,$A1186<>0),0,IF($A1186=\"S\",OFFSET(G1186,-1,0)+1,OFFSET(G1186,-1,0)))","v":1},{"$f":"IF(OR($A1186=\"S\",$A1186=0),0,MATCH(0,OFFSET($B1186,1,$A1186,ROW($A$1504)-ROW($A1186)),0))","v":0},{"$f":"IF(OR($A1186=\"S\",$A1186=0),0,MATCH(OFFSET($B1186,0,$A1186)+1,OFFSET($B1186,1,$A1186,ROW($A$1504)-ROW($A1186)),0))","v":0},"Insumo",{"$f":"IF($A1186=0,\"-\",CONCATENATE(C1186&\".\",IF(AND($A$5>=2,$A1186>=2),D1186&\".\",\"\"),IF(AND($A$5>=3,$A1186>=3),E1186&\".\",\"\"),IF(AND($A$5>=4,$A1186>=4),F1186&\".\",\"\"),IF($A1186=\"S\",G1186&\".\",\"\")))","v":"13.5.1."},{"$f":"IF(NOT(ISERROR($Y1186)),IF($Y1186<>FALSE,INDEX(Banco,$Y1186,4),\"\"),\"\")","v":"CRESS"},"Rec. Humanos","002",{"$f":"IF(NOT(ISERROR($Y1186)),IF($Y1186<>FALSE,INDEX(Banco,$Y1186,5),\"\"),\"\")","v":"Assistente Social"},{"$f":"IF(NOT(ISERROR($Y1186)),IF($Y1186<>FALSE,INDEX(Banco,$Y1186,6),\"\"),\"\")","v":"Horas"},8,{"$f":"IF(NOT(ISERROR($Y1186)),IF($Y1186<>FALSE,INDEX(Banco,$Y1186,7),0),0)","v":133.81},"DI 1",{"$f":"IF($J1186=$G$2,ROUND(ROUND($R1186,2)*IF($R$9=\"Preço Unitário (R$)\",1,1+$AA1186),2),0)","v":167.26},{"$f":"IF($A1186=\"S\",VTOTAL1,IF($A1186=0,0,ROUND(SomaAgrup,2)))","v":1338.08},null,{"$f":"IF(OR($A1186=0,$A1186=\"S\",$A1186>CFF!$A$9),\"\",MAX(W$11:OFFSET(W1186,-1,0))+1)","v":""},{"$f":"IF(AND($J1186=$G$2,$N1186<>\"\",$M1186<>\"\"),CONCATENATE($M1186,\"-\",$N1186))","v":"Rec. Humanos-002"},{"$f":"IF(X1186<>FALSE,MATCH(X1186,OFFSET(Banco,0,0,,1),0))","v":4},null,{"$f":"IF($J1186=$G$2,ROUND(IF(ISNUMBER(S1186),S1186,IF(LEFT(S1186,2)=\"DI\",HLOOKUP(S1186,DADOS!$T$29:$X$30,2,FALSE),0)),4),\"\")","v":0.25}]
["S",0,13,5,0,0,2,{"$f":"IF(OR($A1187=\"S\",$A1187=0),0,MATCH(0,OFFSET($B1187,1,$A1187,ROW($A$1504)-ROW($A1187)),0))","v":0},{"$f":"IF(OR($A1187=\"S\",$A1187=0),0,MATCH(OFFSET($B1187,0,$A1187)+1,OFFSET($B1187,1,$A1187,ROW($A$1504)-ROW($A1187)),0))","v":0},"Insumo","13.5.2.","Cotação","Rec. Humanos","003",{"$f":"IF(NOT(ISERROR($Y1187)),IF($Y1187<>FALSE,INDEX(Banco,$Y1187,5),\"\"),\"\")","v":"Administrador (Técnico de Apoio) "},"Horas",8,103.65,"DI 1",129.56,1036.48,null,{"$f":"IF(OR($A1187=0,$A1187=\"S\",$A1187>CFF!$A$9),\"\",MAX(W$11:OFFSET(W1187,-1,0))+1)","v":""},"Rec. Humanos-003",5,null,{"$f":"IF($J1187=$G$2,ROUND(IF(ISNUMBER(S1187),S1187,IF(LEFT(S1187,2)=\"DI\",HLOOKUP(S1187,DADOS!$T$29:$X$30,2,FALSE),0)),4),\"\")","v":0.25}]
["S",0,13,5,0,0,3,{"$f":"IF(OR($A1188=\"S\",$A1188=0),0,MATCH(0,OFFSET($B1188,1,$A1188,ROW($A$1504)-ROW($A1188)),0))","v":0},{"$f":"IF(OR($A1188=\"S\",$A1188=0),0,MATCH(OFFSET($B1188,0,$A1188)+1,OFFSET($B1188,1,$A1188,ROW($A$1504)-ROW($A1188)),0))","v":0},"Insumo","13.5.3.","Cotação","Serv. Terc.","015","Coffee break (salgados)","Centro",3,65,"DI 1",81.25,243.75,null,{"$f":"IF(OR($A1188=0,$A1188=\"S\",$A1188>CFF!$A$9),\"\",MAX(W$11:OFFSET(W1188,-1,0))+1)","v":""},"Serv. Terc.-015",95,null,{"$f":"IF($J1188=$G$2,ROUND(IF(ISNUMBER(S1188),S1188,IF(LEFT(S1188,2)=\"DI\",HLOOKUP(S1188,DADOS!$T$29:$X$30,2,FALSE),0)),4),\"\")","v":0.25}]
["S",0,13,5,0,0,4,{"$f":"IF(OR($A1189=\"S\",$A1189=0),0,MATCH(0,OFFSET($B1189,1,$A1189,ROW($A$1504)-ROW($A1189)),0))","v":0},{"$f":"IF(OR($A1189=\"S\",$A1189=0),0,MATCH(OFFSET($B1189,0,$A1189)+1,OFFSET($B1189,1,$A1189,ROW($A$1504)-ROW($A1189)),0))","v":0},"Insumo","13.5.4.","Cotação","Serv. Terc.","027",{"$f":"IF(NOT(ISERROR($Y1189)),IF($Y1189<>FALSE,INDEX(Banco,$Y1189,5),\"\"),\"\")","v":"Refrigerantes (02 litros) "},"Unidade",4,6,"DI 1",7.5,30,null,{"$f":"IF(OR($A1189=0,$A1189=\"S\",$A1189>CFF!$A$9),\"\",MAX(W$11:OFFSET(W1189,-1,0))+1)","v":""},"Serv. Terc.-027",107,null,{"$f":"IF($J1189=$G$2,ROUND(IF(ISNUMBER(S1189),S1189,IF(LEFT(S1189,2)=\"DI\",HLOOKUP(S1189,DADOS!$T$29:$X$30,2,FALSE),0)),4),\"\")","v":0.25}]
["S",0,13,5,0,0,5,{"$f":"IF(OR($A1190=\"S\",$A1190=0),0,MATCH(0,OFFSET($B1190,1,$A1190,ROW($A$1504)-ROW($A1190)),0))","v":0},{"$f":"IF(OR($A1190=\"S\",$A1190=0),0,MATCH(OFFSET($B1190,0,$A1190)+1,OFFSET($B1190,1,$A1190,ROW($A$1504)-ROW($A1190)),0))","v":0},"Insumo","13.5.5.","Cotação","Serv. Terc.","020","KIT 01 - Material de uso coletivo para o curso de bordado em chinelos ( descrição nos orçamentos e PTS)","Kit",1,300,"DI 1",375,375,null,{"$f":"IF(OR($A1190=0,$A1190=\"S\",$A1190>CFF!$A$9),\"\",MAX(W$11:OFFSET(W1190,-1,0))+1)","v":""},"Serv. Terc.-020",100,null,{"$f":"IF($J1190=$G$2,ROUND(IF(ISNUMBER(S1190),S1190,IF(LEFT(S1190,2)=\"DI\",HLOOKUP(S1190,DADOS!$T$29:$X$30,2,FALSE),0)),4),\"\")","v":0.25}]
["S",0,13,5,0,0,6,{"$f":"IF(OR($A1191=\"S\",$A1191=0),0,MATCH(0,OFFSET($B1191,1,$A1191,ROW($A$1504)-ROW($A1191)),0))","v":0},{"$f":"IF(OR($A1191=\"S\",$A1191=0),0,MATCH(OFFSET($B1191,0,$A1191)+1,OFFSET($B1191,1,$A1191,ROW($A$1504)-ROW($A1191)),0))","v":0},"Insumo","13.5.6.","Cotação","Serv. Terc.","018","KIT 02 - Material para os alunos curso de chinelos (descrição nos orçamentos e PTS)","Unidade",26,90.9,"DI 1",113.63,2954.38,null,{"$f":"IF(OR($A1191=0,$A1191=\"S\",$A1191>CFF!$A$9),\"\",MAX(W$11:OFFSET(W1191,-1,0))+1)","v":""},"Serv. Terc.-018",98,null,{"$f":"IF($J1191=$G$2,ROUND(IF(ISNUMBER(S1191),S1191,IF(LEFT(S1191,2)=\"DI\",HLOOKUP(S1191,DADOS!$T$29:$X$30,2,FALSE),0)),4),\"\")","v":0.25}]
["S",0,13,5,0,0,7,{"$f":"IF(OR($A1192=\"S\",$A1192=0),0,MATCH(0,OFFSET($B1192,1,$A1192,ROW($A$1504)-ROW($A1192)),0))","v":0},{"$f":"IF(OR($A1192=\"S\",$A1192=0),0,MATCH(OFFSET($B1192,0,$A1192)+1,OFFSET($B1192,1,$A1192,ROW($A$1504)-ROW($A1192)),0))","v":0},"Insumo","13.5.7.","Cotação ","Rec. Materiais","006","Instrutor curso de bordado de chinelos","Horas",40,70,"DI 1",87.5,3500,null,{"$f":"IF(OR($A1192=0,$A1192=\"S\",$A1192>CFF!$A$9),\"\",MAX(W$11:OFFSET(W1192,-1,0))+1)","v":""},"Rec. Materiais-006",15,null,{"$f":"IF($J1192=$G$2,ROUND(IF(ISNUMBER(S1192),S1192,IF(LEFT(S1192,2)=\"DI\",HLOOKUP(S1192,DADOS!$T$29:$X$30,2,FALSE),0)),4),\"\")","v":0.25}]
["S",0,13,5,0,0,8,{"$f":"IF(OR($A1193=\"S\",$A1193=0),0,MATCH(0,OFFSET($B1193,1,$A1193,ROW($A$1504)-ROW($A1193)),0))","v":0},{"$f":"IF(OR($A1193=\"S\",$A1193=0),0,MATCH(OFFSET($B1193,0,$A1193)+1,OFFSET($B1193,1,$A1193,ROW($A$1504)-ROW($A1193)),0))","v":0},"Insumo","13.5.8.","Cotação","Serv. Terc.","031",{"$f":"IF(NOT(ISERROR($Y1193)),IF($Y1193<>FALSE,INDEX(Banco,$Y1193,5),\"\"),\"\")","v":"Apostilas com figuras ilustrativas (08 páginas)"},"Unidade",26,15,"DI 1",18.75,487.5,null,{"$f":"IF(OR($A1193=0,$A1193=\"S\",$A1193>CFF!$A$9),\"\",MAX(W$11:OFFSET(W1193,-1,0))+1)","v":""},"Serv. Terc.-031",111,null,{"$f":"IF($J1193=$G$2,ROUND(IF(ISNUMBER(S1193),S1193,IF(LEFT(S1193,2)=\"DI\",HLOOKUP(S1193,DADOS!$T$29:$X$30,2,FALSE),0)),4),\"\")","v":0.25}]
["S",0,13,5,0,0,9,{"$f":"IF(OR($A1194=\"S\",$A1194=0),0,MATCH(0,OFFSET($B1194,1,$A1194,ROW($A$1504)-ROW($A1194)),0))","v":0},{"$f":"IF(OR($A1194=\"S\",$A1194=0),0,MATCH(OFFSET($B1194,0,$A1194)+1,OFFSET($B1194,1,$A1194,ROW($A$1504)-ROW($A1194)),0))","v":0},"Insumo","13.5.9.","Cotação","Serv. Terc.","032",{"$f":"IF(NOT(ISERROR($Y1194)),IF($Y1194<>FALSE,INDEX(Banco,$Y1194,5),\"\"),\"\")","v":"Certificados para cursos"},"Unidade",26,4,"DI 1",5,130,null,{"$f":"IF(OR($A1194=0,$A1194=\"S\",$A1194>CFF!$A$9),\"\",MAX(W$11:OFFSET(W1194,-1,0))+1)","v":""},"Serv. Terc.-032",112,null,{"$f":"IF($J1194=$G$2,ROUND(IF(ISNUMBER(S1194),S1194,IF(LEFT(S1194,2)=\"DI\",HLOOKUP(S1194,DADOS!$T$29:$X$30,2,FALSE),0)),4),\"\")","v":0.25}]
[{"$f":"CHOOSE(1+LOG(1+2*(J1195=$C$2)+4*(J1195=$D$2)+8*(J1195=$E$2)+16*(J1195=$F$2)+32*(J1195=$G$2),2),0,1,2,3,4,\"S\")","v":2},{"$f":"IF(OR(A1195=\"S\",A1195=0),0,IF(ISERROR(I1195),H1195,SMALL(H1195:I1195,1)))","v":3},{"$f":"IF($A1195=1,OFFSET(C1195,-1,0)+1,OFFSET(C1195,-1,0))","v":13},{"$f":"IF($A1195=1,0,IF($A1195=2,OFFSET(D1195,-1,0)+1,OFFSET(D1195,-1,0)))","v":6},{"$f":"IF(AND($A1195<=2,$A1195<>0),0,IF($A1195=3,OFFSET(E1195,-1,0)+1,OFFSET(E1195,-1,0)))","v":0},{"$f":"IF(AND($A1195<=3,$A1195<>0),0,IF($A1195=4,OFFSET(F1195,-1,0)+1,OFFSET(F1195,-1,0)))","v":0},{"$f":"IF(AND($A1195<=4,$A1195<>0),0,IF($A1195=\"S\",OFFSET(G1195,-1,0)+1,OFFSET(G1195,-1,0)))","v":0},{"$f":"IF(OR($A1195=\"S\",$A1195=0),0,MATCH(0,OFFSET($B1195,1,$A1195,ROW($A$1504)-ROW($A1195)),0))","v":11},{"$f":"IF(OR($A1195=\"S\",$A1195=0),0,MATCH(OFFSET($B1195,0,$A1195)+1,OFFSET($B1195,1,$A1195,ROW($A$1504)-ROW($A1195)),0))","v":3},"AtivNível 1",{"$f":"IF($A1195=0,\"-\",CONCATENATE(C1195&\".\",IF(AND($A$5>=2,$A1195>=2),D1195&\".\",\"\"),IF(AND($A$5>=3,$A1195>=3),E1195&\".\",\"\"),IF(AND($A$5>=4,$A1195>=4),F1195&\".\",\"\"),IF($A1195=\"S\",G1195&\".\",\"\")))","v":"13.6."},{"$f":"IF(NOT(ISERROR($Y1195)),IF($Y1195<>FALSE,INDEX(Banco,$Y1195,4),\"\"),\"\")","v":""},null,null,"Atividade 92 - Plantão Social região Jardim Ikaraí",{"$f":"IF(NOT(ISERROR($Y1195)),IF($Y1195<>FALSE,INDEX(Banco,$Y1195,6),\"\"),\"\")","v":""},null,{"$f":"IF(NOT(ISERROR($Y1195)),IF($Y1195<>FALSE,INDEX(Banco,$Y1195,7),0),0)","v":0},"DI 1",{"$f":"IF($J1195=$G$2,ROUND(ROUND($R1195,2)*IF($R$9=\"Preço Unitário (R$)\",1,1+$AA1195),2),0)","v":0},{"$f":"IF($A1195=\"S\",VTOTAL1,IF($A1195=0,0,ROUND(SomaAgrup,2)))","v":3427.56},null,{"$f":"IF(OR($A1195=0,$A1195=\"S\",$A1195>CFF!$A$9),\"\",MAX(W$11:OFFSET(W1195,-1,0))+1)","v":105},{"$f":"IF(AND($J1195=$G$2,$N1195<>\"\",$M1195<>\"\"),CONCATENATE($M1195,\"-\",$N1195))","v":false},{"$f":"IF(X1195<>FALSE,MATCH(X1195,OFFSET(Banco,0,0,,1),0))","v":false},null,{"$f":"IF($J1195=$G$2,ROUND(IF(ISNUMBER(S1195),S1195,IF(LEFT(S1195,2)=\"DI\",HLOOKUP(S1195,DADOS!$T$29:$X$30,2,FALSE),0)),4),\"\")","v":""}]
[{"$f":"CHOOSE(1+LOG(1+2*(J1196=$C$2)+4*(J1196=$D$2)+8*(J1196=$E$2)+16*(J1196=$F$2)+32*(J1196=$G$2),2),0,1,2,3,4,\"S\")","v":"S"},{"$f":"IF(OR(A1196=\"S\",A1196=0),0,IF(ISERROR(I1196),H1196,SMALL(H1196:I1196,1)))","v":0},{"$f":"IF($A1196=1,OFFSET(C1196,-1,0)+1,OFFSET(C1196,-1,0))","v":13},{"$f":"IF($A1196=1,0,IF($A1196=2,OFFSET(D1196,-1,0)+1,OFFSET(D1196,-1,0)))","v":6},{"$f":"IF(AND($A1196<=2,$A1196<>0),0,IF($A1196=3,OFFSET(E1196,-1,0)+1,OFFSET(E1196,-1,0)))","v":0},{"$f":"IF(AND($A1196<=3,$A1196<>0),0,IF($A1196=4,OFFSET(F1196,-1,0)+1,OFFSET(F1196,-1,0)))","v":0},{"$f":"IF(AND($A1196<=4,$A1196<>0),0,IF($A1196=\"S\",OFFSET(G1196,-1,0)+1,OFFSET(G1196,-1,0)))","v":1},{"$f":"IF(OR($A1196=\"S\",$A1196=0),0,MATCH(0,OFFSET($B1196,1,$A1196,ROW($A$1504)-ROW($A1196)),0))","v":0},{"$f":"IF(OR($A1196=\"S\",$A1196=0),0,MATCH(OFFSET($B1196,0,$A1196)+1,OFFSET($B1196,1,$A1196,ROW($A$1504)-ROW($A1196)),0))","v":0},"Insumo",{"$f":"IF($A1196=0,\"-\",CONCATENATE(C1196&\".\",IF(AND($A$5>=2,$A1196>=2),D1196&\".\",\"\"),IF(AND($A$5>=3,$A1196>=3),E1196&\".\",\"\"),IF(AND($A$5>=4,$A1196>=4),F1196&\".\",\"\"),IF($A1196=\"S\",G1196&\".\",\"\")))","v":"13.6.1."},{"$f":"IF(NOT(ISERROR($Y1196)),IF($Y1196<>FALSE,INDEX(Banco,$Y1196,4),\"\"),\"\")","v":"CRESS"},"Rec. Humanos","001",{"$f":"IF(NOT(ISERROR($Y1196)),IF($Y1196<>FALSE,INDEX(Banco,$Y1196,5),\"\"),\"\")","v":"Responsável Técnica"},{"$f":"IF(NOT(ISERROR($Y1196)),IF($Y1196<>FALSE,INDEX(Banco,$Y1196,6),\"\"),\"\")","v":"Horas"},4,{"$f":"IF(NOT(ISERROR($Y1196)),IF($Y1196<>FALSE,INDEX(Banco,$Y1196,7),0),0)","v":150.28},"DI 1",{"$f":"IF($J1196=$G$2,ROUND(ROUND($R1196,2)*IF($R$9=\"Preço Unitário (R$)\",1,1+$AA1196),2),0)","v":187.85},{"$f":"IF($A1196=\"S\",VTOTAL1,IF($A1196=0,0,ROUND(SomaAgrup,2)))","v":751.4},null,{"$f":"IF(OR($A1196=0,$A1196=\"S\",$A1196>CFF!$A$9),\"\",MAX(W$11:OFFSET(W1196,-1,0))+1)","v":""},{"$f":"IF(AND($J1196=$G$2,$N1196<>\"\",$M1196<>\"\"),CONCATENATE($M1196,\"-\",$N1196))","v":"Rec. Humanos-001"},{"$f":"IF(X1196<>FALSE,MATCH(X1196,OFFSET(Banco,0,0,,1),0))","v":3},null,{"$f":"IF($J1196=$G$2,ROUND(IF(ISNUMBER(S1196),S1196,IF(LEFT(S1196,2)=\"DI\",HLOOKUP(S1196,DADOS!$T$29:$X$30,2,FALSE),0)),4),\"\")","v":0.25}]
["S",0,13,6,0,0,2,{"$f":"IF(OR($A1197=\"S\",$A1197=0),0,MATCH(0,OFFSET($B1197,1,$A1197,ROW($A$1504)-ROW($A1197)),0))","v":0},{"$f":"IF(OR($A1197=\"S\",$A1197=0),0,MATCH(OFFSET($B1197,0,$A1197)+1,OFFSET($B1197,1,$A1197,ROW($A$1504)-ROW($A1197)),0))","v":0},"Insumo","13.6.2.","CRESS","Rec. Humanos","002",{"$f":"IF(NOT(ISERROR($Y1197)),IF($Y1197<>FALSE,INDEX(Banco,$Y1197,5),\"\"),\"\")","v":"Assistente Social"},"Horas",16,133.81,"DI 1",167.26,2676.16,null,{"$f":"IF(OR($A1197=0,$A1197=\"S\",$A1197>CFF!$A$9),\"\",MAX(W$11:OFFSET(W1197,-1,0))+1)","v":""},"Rec. Humanos-002",4,null,{"$f":"IF($J1197=$G$2,ROUND(IF(ISNUMBER(S1197),S1197,IF(LEFT(S1197,2)=\"DI\",HLOOKUP(S1197,DADOS!$T$29:$X$30,2,FALSE),0)),4),\"\")","v":0.25}]
[{"$f":"CHOOSE(1+LOG(1+2*(J1198=$C$2)+4*(J1198=$D$2)+8*(J1198=$E$2)+16*(J1198=$F$2)+32*(J1198=$G$2),2),0,1,2,3,4,\"S\")","v":2},{"$f":"IF(OR(A1198=\"S\",A1198=0),0,IF(ISERROR(I1198),H1198,SMALL(H1198:I1198,1)))","v":4},{"$f":"IF($A1198=1,OFFSET(C1198,-1,0)+1,OFFSET(C1198,-1,0))","v":13},{"$f":"IF($A1198=1,0,IF($A1198=2,OFFSET(D1198,-1,0)+1,OFFSET(D1198,-1,0)))","v":7},{"$f":"IF(AND($A1198<=2,$A1198<>0),0,IF($A1198=3,OFFSET(E1198,-1,0)+1,OFFSET(E1198,-1,0)))","v":0},{"$f":"IF(AND($A1198<=3,$A1198<>0),0,IF($A1198=4,OFFSET(F1198,-1,0)+1,OFFSET(F1198,-1,0)))","v":0},{"$f":"IF(AND($A1198<=4,$A1198<>0),0,IF($A1198=\"S\",OFFSET(G1198,-1,0)+1,OFFSET(G1198,-1,0)))","v":0},{"$f":"IF(OR($A1198=\"S\",$A1198=0),0,MATCH(0,OFFSET($B1198,1,$A1198,ROW($A$1504)-ROW($A1198)),0))","v":8},{"$f":"IF(OR($A1198=\"S\",$A1198=0),0,MATCH(OFFSET($B1198,0,$A1198)+1,OFFSET($B1198,1,$A1198,ROW($A$1504)-ROW($A1198)),0))","v":4},"AtivNível 1",{"$f":"IF($A1198=0,\"-\",CONCATENATE(C1198&\".\",IF(AND($A$5>=2,$A1198>=2),D1198&\".\",\"\"),IF(AND($A$5>=3,$A1198>=3),E1198&\".\",\"\"),IF(AND($A$5>=4,$A1198>=4),F1198&\".\",\"\"),IF($A1198=\"S\",G1198&\".\",\"\")))","v":"13.7."},{"$f":"IF(NOT(ISERROR($Y1198)),IF($Y1198<>FALSE,INDEX(Banco,$Y1198,4),\"\"),\"\")","v":""},null,null,"Atividade 93 - Curso: Panificação região Parque São João",{"$f":"IF(NOT(ISERROR($Y1198)),IF($Y1198<>FALSE,INDEX(Banco,$Y1198,6),\"\"),\"\")","v":""},null,{"$f":"IF(NOT(ISERROR($Y1198)),IF($Y1198<>FALSE,INDEX(Banco,$Y1198,7),0),0)","v":0},"DI 1",{"$f":"IF($J1198=$G$2,ROUND(ROUND($R1198,2)*IF($R$9=\"Preço Unitário (R$)\",1,1+$AA1198),2),0)","v":0},{"$f":"IF($A1198=\"S\",VTOTAL1,IF($A1198=0,0,ROUND(SomaAgrup,2)))","v":24551.46},null,{"$f":"IF(OR($A1198=0,$A1198=\"S\",$A1198>CFF!$A$9),\"\",MAX(W$11:OFFSET(W1198,-1,0))+1)","v":106},{"$f":"IF(AND($J1198=$G$2,$N1198<>\"\",$M1198<>\"\"),CONCATENATE($M1198,\"-\",$N1198))","v":false},{"$f":"IF(X1198<>FALSE,MATCH(X1198,OFFSET(Banco,0,0,,1),0))","v":false},null,{"$f":"IF($J1198=$G$2,ROUND(IF(ISNUMBER(S1198),S1198,IF(LEFT(S1198,2)=\"DI\",HLOOKUP(S1198,DADOS!$T$29:$X$30,2,FALSE),0)),4),\"\")","v":""}]
[{"$f":"CHOOSE(1+LOG(1+2*(J1199=$C$2)+4*(J1199=$D$2)+8*(J1199=$E$2)+16*(J1199=$F$2)+32*(J1199=$G$2),2),0,1,2,3,4,\"S\")","v":"S"},{"$f":"IF(OR(A1199=\"S\",A1199=0),0,IF(ISERROR(I1199),H1199,SMALL(H1199:I1199,1)))","v":0},{"$f":"IF($A1199=1,OFFSET(C1199,-1,0)+1,OFFSET(C1199,-1,0))","v":13},{"$f":"IF($A1199=1,0,IF($A1199=2,OFFSET(D1199,-1,0)+1,OFFSET(D1199,-1,0)))","v":7},{"$f":"IF(AND($A1199<=2,$A1199<>0),0,IF($A1199=3,OFFSET(E1199,-1,0)+1,OFFSET(E1199,-1,0)))","v":0},{"$f":"IF(AND($A1199<=3,$A1199<>0),0,IF($A1199=4,OFFSET(F1199,-1,0)+1,OFFSET(F1199,-1,0)))","v":0},{"$f":"IF(AND($A1199<=4,$A1199<>0),0,IF($A1199=\"S\",OFFSET(G1199,-1,0)+1,OFFSET(G1199,-1,0)))","v":1},{"$f":"IF(OR($A1199=\"S\",$A1199=0),0,MATCH(0,OFFSET($B1199,1,$A1199,ROW($A$1504)-ROW($A1199)),0))","v":0},{"$f":"IF(OR($A1199=\"S\",$A1199=0),0,MATCH(OFFSET($B1199,0,$A1199)+1,OFFSET($B1199,1,$A1199,ROW($A$1504)-ROW($A1199)),0))","v":0},"Insumo",{"$f":"IF($A1199=0,\"-\",CONCATENATE(C1199&\".\",IF(AND($A$5>=2,$A1199>=2),D1199&\".\",\"\"),IF(AND($A$5>=3,$A1199>=3),E1199&\".\",\"\"),IF(AND($A$5>=4,$A1199>=4),F1199&\".\",\"\"),IF($A1199=\"S\",G1199&\".\",\"\")))","v":"13.7.1."},{"$f":"IF(NOT(ISERROR($Y1199)),IF($Y1199<>FALSE,INDEX(Banco,$Y1199,4),\"\"),\"\")","v":"CRESS"},"Rec. Humanos","002",{"$f":"IF(NOT(ISERROR($Y1199)),IF($Y1199<>FALSE,INDEX(Banco,$Y1199,5),\"\"),\"\")","v":"Assistente Social"},{"$f":"IF(NOT(ISERROR($Y1199)),IF($Y1199<>FALSE,INDEX(Banco,$Y1199,6),\"\"),\"\")","v":"Horas"},6,{"$f":"IF(NOT(ISERROR($Y1199)),IF($Y1199<>FALSE,INDEX(Banco,$Y1199,7),0),0)","v":133.81},"DI 1",{"$f":"IF($J1199=$G$2,ROUND(ROUND($R1199,2)*IF($R$9=\"Preço Unitário (R$)\",1,1+$AA1199),2),0)","v":167.26},{"$f":"IF($A1199=\"S\",VTOTAL1,IF($A1199=0,0,ROUND(SomaAgrup,2)))","v":1003.56},null,{"$f":"IF(OR($A1199=0,$A1199=\"S\",$A1199>CFF!$A$9),\"\",MAX(W$11:OFFSET(W1199,-1,0))+1)","v":""},{"$f":"IF(AND($J1199=$G$2,$N1199<>\"\",$M1199<>\"\"),CONCATENATE($M1199,\"-\",$N1199))","v":"Rec. Humanos-002"},{"$f":"IF(X1199<>FALSE,MATCH(X1199,OFFSET(Banco,0,0,,1),0))","v":4},null,{"$f":"IF($J1199=$G$2,ROUND(IF(ISNUMBER(S1199),S1199,IF(LEFT(S1199,2)=\"DI\",HLOOKUP(S1199,DADOS!$T$29:$X$30,2,FALSE),0)),4),\"\")","v":0.25}]
["S",0,{"$f":"IF($A1200=1,OFFSET(C1200,-1,0)+1,OFFSET(C1200,-1,0))","v":13},{"$f":"IF($A1200=1,0,IF($A1200=2,OFFSET(D1200,-1,0)+1,OFFSET(D1200,-1,0)))","v":7},{"$f":"IF(AND($A1200<=2,$A1200<>0),0,IF($A1200=3,OFFSET(E1200,-1,0)+1,OFFSET(E1200,-1,0)))","v":0},{"$f":"IF(AND($A1200<=3,$A1200<>0),0,IF($A1200=4,OFFSET(F1200,-1,0)+1,OFFSET(F1200,-1,0)))","v":0},{"$f":"IF(AND($A1200<=4,$A1200<>0),0,IF($A1200=\"S\",OFFSET(G1200,-1,0)+1,OFFSET(G1200,-1,0)))","v":2},{"$f":"IF(OR($A1200=\"S\",$A1200=0),0,MATCH(0,OFFSET($B1200,1,$A1200,ROW($A$1504)-ROW($A1200)),0))","v":0},{"$f":"IF(OR($A1200=\"S\",$A1200=0),0,MATCH(OFFSET($B1200,0,$A1200)+1,OFFSET($B1200,1,$A1200,ROW($A$1504)-ROW($A1200)),0))","v":0},"Insumo","13.7.2.",{"$f":"IF(NOT(ISERROR($Y1200)),IF($Y1200<>FALSE,INDEX(Banco,$Y1200,4),\"\"),\"\")","v":"Cotação"},"Rec. Humanos","003",{"$f":"IF(NOT(ISERROR($Y1200)),IF($Y1200<>FALSE,INDEX(Banco,$Y1200,5),\"\"),\"\")","v":"Administrador (Técnico de Apoio) "},{"$f":"IF(NOT(ISERROR($Y1200)),IF($Y1200<>FALSE,INDEX(Banco,$Y1200,6),\"\"),\"\")","v":"Horas"},6,{"$f":"IF(NOT(ISERROR($Y1200)),IF($Y1200<>FALSE,INDEX(Banco,$Y1200,7),0),0)","v":103.65},"DI 1",{"$f":"IF($J1200=$G$2,ROUND(ROUND($R1200,2)*IF($R$9=\"Preço Unitário (R$)\",1,1+$AA1200),2),0)","v":129.56},{"$f":"IF($A1200=\"S\",VTOTAL1,IF($A1200=0,0,ROUND(SomaAgrup,2)))","v":777.36},null,{"$f":"IF(OR($A1200=0,$A1200=\"S\",$A1200>CFF!$A$9),\"\",MAX(W$11:OFFSET(W1200,-1,0))+1)","v":""},{"$f":"IF(AND($J1200=$G$2,$N1200<>\"\",$M1200<>\"\"),CONCATENATE($M1200,\"-\",$N1200))","v":"Rec. Humanos-003"},5,null,{"$f":"IF($J1200=$G$2,ROUND(IF(ISNUMBER(S1200),S1200,IF(LEFT(S1200,2)=\"DI\",HLOOKUP(S1200,DADOS!$T$29:$X$30,2,FALSE),0)),4),\"\")","v":0.25}]
["S",0,{"$f":"IF($A1201=1,OFFSET(C1201,-1,0)+1,OFFSET(C1201,-1,0))","v":13},{"$f":"IF($A1201=1,0,IF($A1201=2,OFFSET(D1201,-1,0)+1,OFFSET(D1201,-1,0)))","v":7},{"$f":"IF(AND($A1201<=2,$A1201<>0),0,IF($A1201=3,OFFSET(E1201,-1,0)+1,OFFSET(E1201,-1,0)))","v":0},{"$f":"IF(AND($A1201<=3,$A1201<>0),0,IF($A1201=4,OFFSET(F1201,-1,0)+1,OFFSET(F1201,-1,0)))","v":0},{"$f":"IF(AND($A1201<=4,$A1201<>0),0,IF($A1201=\"S\",OFFSET(G1201,-1,0)+1,OFFSET(G1201,-1,0)))","v":3},{"$f":"IF(OR($A1201=\"S\",$A1201=0),0,MATCH(0,OFFSET($B1201,1,$A1201,ROW($A$1504)-ROW($A1201)),0))","v":0},{"$f":"IF(OR($A1201=\"S\",$A1201=0),0,MATCH(OFFSET($B1201,0,$A1201)+1,OFFSET($B1201,1,$A1201,ROW($A$1504)-ROW($A1201)),0))","v":0},"Insumo","13.7.3.",{"$f":"IF(NOT(ISERROR($Y1201)),IF($Y1201<>FALSE,INDEX(Banco,$Y1201,4),\"\"),\"\")","v":"SENAI"},"Serv. Terc.","043",{"$f":"IF(NOT(ISERROR($Y1201)),IF($Y1201<>FALSE,INDEX(Banco,$Y1201,5),\"\"),\"\")","v":"Panificação (curso completo)"},{"$f":"IF(NOT(ISERROR($Y1201)),IF($Y1201<>FALSE,INDEX(Banco,$Y1201,6),\"\"),\"\")","v":"Vagas"},26,{"$f":"IF(NOT(ISERROR($Y1201)),IF($Y1201<>FALSE,INDEX(Banco,$Y1201,7),0),0)","v":700.63},"DI 1",{"$f":"IF($J1201=$G$2,ROUND(ROUND($R1201,2)*IF($R$9=\"Preço Unitário (R$)\",1,1+$AA1201),2),0)","v":875.79},{"$f":"IF($A1201=\"S\",VTOTAL1,IF($A1201=0,0,ROUND(SomaAgrup,2)))","v":22770.54},null,{"$f":"IF(OR($A1201=0,$A1201=\"S\",$A1201>CFF!$A$9),\"\",MAX(W$11:OFFSET(W1201,-1,0))+1)","v":""},{"$f":"IF(AND($J1201=$G$2,$N1201<>\"\",$M1201<>\"\"),CONCATENATE($M1201,\"-\",$N1201))","v":"Serv. Terc.-043"},123,null,{"$f":"IF($J1201=$G$2,ROUND(IF(ISNUMBER(S1201),S1201,IF(LEFT(S1201,2)=\"DI\",HLOOKUP(S1201,DADOS!$T$29:$X$30,2,FALSE),0)),4),\"\")","v":0.25}]
[{"$f":"CHOOSE(1+LOG(1+2*(J1202=$C$2)+4*(J1202=$D$2)+8*(J1202=$E$2)+16*(J1202=$F$2)+32*(J1202=$G$2),2),0,1,2,3,4,\"S\")","v":2},{"$f":"IF(OR(A1202=\"S\",A1202=0),0,IF(ISERROR(I1202),H1202,SMALL(H1202:I1202,1)))","v":4},{"$f":"IF($A1202=1,OFFSET(C1202,-1,0)+1,OFFSET(C1202,-1,0))","v":13},{"$f":"IF($A1202=1,0,IF($A1202=2,OFFSET(D1202,-1,0)+1,OFFSET(D1202,-1,0)))","v":8},{"$f":"IF(AND($A1202<=2,$A1202<>0),0,IF($A1202=3,OFFSET(E1202,-1,0)+1,OFFSET(E1202,-1,0)))","v":0},{"$f":"IF(AND($A1202<=3,$A1202<>0),0,IF($A1202=4,OFFSET(F1202,-1,0)+1,OFFSET(F1202,-1,0)))","v":0},{"$f":"IF(AND($A1202<=4,$A1202<>0),0,IF($A1202=\"S\",OFFSET(G1202,-1,0)+1,OFFSET(G1202,-1,0)))","v":0},{"$f":"IF(OR($A1202=\"S\",$A1202=0),0,MATCH(0,OFFSET($B1202,1,$A1202,ROW($A$1504)-ROW($A1202)),0))","v":4},{"$f":"IF(OR($A1202=\"S\",$A1202=0),0,MATCH(OFFSET($B1202,0,$A1202)+1,OFFSET($B1202,1,$A1202,ROW($A$1504)-ROW($A1202)),0))","v":{"$error":"#N/A"}},"AtivNível 1",{"$f":"IF($A1202=0,\"-\",CONCATENATE(C1202&\".\",IF(AND($A$5>=2,$A1202>=2),D1202&\".\",\"\"),IF(AND($A$5>=3,$A1202>=3),E1202&\".\",\"\"),IF(AND($A$5>=4,$A1202>=4),F1202&\".\",\"\"),IF($A1202=\"S\",G1202&\".\",\"\")))","v":"13.8."},{"$f":"IF(NOT(ISERROR($Y1202)),IF($Y1202<>FALSE,INDEX(Banco,$Y1202,4),\"\"),\"\")","v":""},null,null,"Atividade 94 - Curso: Panificação região Jardim Ikaraí",{"$f":"IF(NOT(ISERROR($Y1202)),IF($Y1202<>FALSE,INDEX(Banco,$Y1202,6),\"\"),\"\")","v":""},null,{"$f":"IF(NOT(ISERROR($Y1202)),IF($Y1202<>FALSE,INDEX(Banco,$Y1202,7),0),0)","v":0},"DI 1",{"$f":"IF($J1202=$G$2,ROUND(ROUND($R1202,2)*IF($R$9=\"Preço Unitário (R$)\",1,1+$AA1202),2),0)","v":0},{"$f":"IF($A1202=\"S\",VTOTAL1,IF($A1202=0,0,ROUND(SomaAgrup,2)))","v":28092.32},null,{"$f":"IF(OR($A1202=0,$A1202=\"S\",$A1202>CFF!$A$9),\"\",MAX(W$11:OFFSET(W1202,-1,0))+1)","v":107},{"$f":"IF(AND($J1202=$G$2,$N1202<>\"\",$M1202<>\"\"),CONCATENATE($M1202,\"-\",$N1202))","v":false},{"$f":"IF(X1202<>FALSE,MATCH(X1202,OFFSET(Banco,0,0,,1),0))","v":false},null,{"$f":"IF($J1202=$G$2,ROUND(IF(ISNUMBER(S1202),S1202,IF(LEFT(S1202,2)=\"DI\",HLOOKUP(S1202,DADOS!$T$29:$X$30,2,FALSE),0)),4),\"\")","v":""}]
["S",0,{"$f":"IF($A1203=1,OFFSET(C1203,-1,0)+1,OFFSET(C1203,-1,0))","v":13},{"$f":"IF($A1203=1,0,IF($A1203=2,OFFSET(D1203,-1,0)+1,OFFSET(D1203,-1,0)))","v":8},{"$f":"IF(AND($A1203<=2,$A1203<>0),0,IF($A1203=3,OFFSET(E1203,-1,0)+1,OFFSET(E1203,-1,0)))","v":0},{"$f":"IF(AND($A1203<=3,$A1203<>0),0,IF($A1203=4,OFFSET(F1203,-1,0)+1,OFFSET(F1203,-1,0)))","v":0},{"$f":"IF(AND($A1203<=4,$A1203<>0),0,IF($A1203=\"S\",OFFSET(G1203,-1,0)+1,OFFSET(G1203,-1,0)))","v":1},{"$f":"IF(OR($A1203=\"S\",$A1203=0),0,MATCH(0,OFFSET($B1203,1,$A1203,ROW($A$1504)-ROW($A1203)),0))","v":0},{"$f":"IF(OR($A1203=\"S\",$A1203=0),0,MATCH(OFFSET($B1203,0,$A1203)+1,OFFSET($B1203,1,$A1203,ROW($A$1504)-ROW($A1203)),0))","v":0},"Insumo","13.8.1.",{"$f":"IF(NOT(ISERROR($Y1203)),IF($Y1203<>FALSE,INDEX(Banco,$Y1203,4),\"\"),\"\")","v":"CRESS"},"Rec. Humanos","002",{"$f":"IF(NOT(ISERROR($Y1203)),IF($Y1203<>FALSE,INDEX(Banco,$Y1203,5),\"\"),\"\")","v":"Assistente Social"},{"$f":"IF(NOT(ISERROR($Y1203)),IF($Y1203<>FALSE,INDEX(Banco,$Y1203,6),\"\"),\"\")","v":"Horas"},7,{"$f":"IF(NOT(ISERROR($Y1203)),IF($Y1203<>FALSE,INDEX(Banco,$Y1203,7),0),0)","v":133.81},"DI 1",{"$f":"IF($J1203=$G$2,ROUND(ROUND($R1203,2)*IF($R$9=\"Preço Unitário (R$)\",1,1+$AA1203),2),0)","v":167.26},{"$f":"IF($A1203=\"S\",VTOTAL1,IF($A1203=0,0,ROUND(SomaAgrup,2)))","v":1170.82},null,{"$f":"IF(OR($A1203=0,$A1203=\"S\",$A1203>CFF!$A$9),\"\",MAX(W$11:OFFSET(W1203,-1,0))+1)","v":""},{"$f":"IF(AND($J1203=$G$2,$N1203<>\"\",$M1203<>\"\"),CONCATENATE($M1203,\"-\",$N1203))","v":"Rec. Humanos-002"},4,null,{"$f":"IF($J1203=$G$2,ROUND(IF(ISNUMBER(S1203),S1203,IF(LEFT(S1203,2)=\"DI\",HLOOKUP(S1203,DADOS!$T$29:$X$30,2,FALSE),0)),4),\"\")","v":0.25}]
["S",0,13,8,0,0,2,{"$f":"IF(OR($A1204=\"S\",$A1204=0),0,MATCH(0,OFFSET($B1204,1,$A1204,ROW($A$1504)-ROW($A1204)),0))","v":0},{"$f":"IF(OR($A1204=\"S\",$A1204=0),0,MATCH(OFFSET($B1204,0,$A1204)+1,OFFSET($B1204,1,$A1204,ROW($A$1504)-ROW($A1204)),0))","v":0},"Insumo","13.8.2.","Cotação","Rec. Humanos","003",{"$f":"IF(NOT(ISERROR($Y1204)),IF($Y1204<>FALSE,INDEX(Banco,$Y1204,5),\"\"),\"\")","v":"Administrador (Técnico de Apoio) "},"Horas",5,103.65,"DI 1",129.56,647.79999999999995,null,{"$f":"IF(OR($A1204=0,$A1204=\"S\",$A1204>CFF!$A$9),\"\",MAX(W$11:OFFSET(W1204,-1,0))+1)","v":""},"Rec. Humanos-003",5,null,{"$f":"IF($J1204=$G$2,ROUND(IF(ISNUMBER(S1204),S1204,IF(LEFT(S1204,2)=\"DI\",HLOOKUP(S1204,DADOS!$T$29:$X$30,2,FALSE),0)),4),\"\")","v":0.25}]
["S",0,13,8,0,0,3,{"$f":"IF(OR($A1205=\"S\",$A1205=0),0,MATCH(0,OFFSET($B1205,1,$A1205,ROW($A$1504)-ROW($A1205)),0))","v":0},{"$f":"IF(OR($A1205=\"S\",$A1205=0),0,MATCH(OFFSET($B1205,0,$A1205)+1,OFFSET($B1205,1,$A1205,ROW($A$1504)-ROW($A1205)),0))","v":0},"Insumo","13.8.3.","SENAI","Serv. Terc.","043",{"$f":"IF(NOT(ISERROR($Y1205)),IF($Y1205<>FALSE,INDEX(Banco,$Y1205,5),\"\"),\"\")","v":"Panificação (curso completo)"},"Vagas",30,700.63,"DI 1",875.79,26273.7,null,{"$f":"IF(OR($A1205=0,$A1205=\"S\",$A1205>CFF!$A$9),\"\",MAX(W$11:OFFSET(W1205,-1,0))+1)","v":""},"Serv. Terc.-043",123,null,{"$f":"IF($J1205=$G$2,ROUND(IF(ISNUMBER(S1205),S1205,IF(LEFT(S1205,2)=\"DI\",HLOOKUP(S1205,DADOS!$T$29:$X$30,2,FALSE),0)),4),\"\")","v":0.25}]
[1,138,{"$f":"IF($A1206=1,OFFSET(C1206,-1,0)+1,OFFSET(C1206,-1,0))","v":14},{"$f":"IF($A1206=1,0,IF($A1206=2,OFFSET(D1206,-1,0)+1,OFFSET(D1206,-1,0)))","v":0},{"$f":"IF(AND($A1206<=2,$A1206<>0),0,IF($A1206=3,OFFSET(E1206,-1,0)+1,OFFSET(E1206,-1,0)))","v":0},{"$f":"IF(AND($A1206<=3,$A1206<>0),0,IF($A1206=4,OFFSET(F1206,-1,0)+1,OFFSET(F1206,-1,0)))","v":0},{"$f":"IF(AND($A1206<=4,$A1206<>0),0,IF($A1206=\"S\",OFFSET(G1206,-1,0)+1,OFFSET(G1206,-1,0)))","v":0},{"$f":"IF(OR($A1206=\"S\",$A1206=0),0,MATCH(0,OFFSET($B1206,1,$A1206,ROW($A$1504)-ROW($A1206)),0))","v":298},{"$f":"IF(OR($A1206=\"S\",$A1206=0),0,MATCH(OFFSET($B1206,0,$A1206)+1,OFFSET($B1206,1,$A1206,ROW($A$1504)-ROW($A1206)),0))","v":138},"Ação","14.",{"$f":"IF(NOT(ISERROR($Y1206)),IF($Y1206<>FALSE,INDEX(Banco,$Y1206,4),\"\"),\"\")","v":""},null,null,"MÊS 14 - INFORMAÇÕES/SAÚDE E PALESTRA",{"$f":"IF(NOT(ISERROR($Y1206)),IF($Y1206<>FALSE,INDEX(Banco,$Y1206,6),\"\"),\"\")","v":""},null,{"$f":"IF(NOT(ISERROR($Y1206)),IF($Y1206<>FALSE,INDEX(Banco,$Y1206,7),0),0)","v":0},"DI 1",{"$f":"IF($J1206=$G$2,ROUND(ROUND($R1206,2)*IF($R$9=\"Preço Unitário (R$)\",1,1+$AA1206),2),0)","v":0},{"$f":"IF($A1206=\"S\",VTOTAL1,IF($A1206=0,0,ROUND(SomaAgrup,2)))","v":105730.16},null,{"$f":"IF(OR($A1206=0,$A1206=\"S\",$A1206>CFF!$A$9),\"\",MAX(W$11:OFFSET(W1206,-1,0))+1)","v":108},{"$f":"IF(AND($J1206=$G$2,$N1206<>\"\",$M1206<>\"\"),CONCATENATE($M1206,\"-\",$N1206))","v":false},false,null,{"$f":"IF($J1206=$G$2,ROUND(IF(ISNUMBER(S1206),S1206,IF(LEFT(S1206,2)=\"DI\",HLOOKUP(S1206,DADOS!$T$29:$X$30,2,FALSE),0)),4),\"\")","v":""}]
[{"$f":"CHOOSE(1+LOG(1+2*(J1207=$C$2)+4*(J1207=$D$2)+8*(J1207=$E$2)+16*(J1207=$F$2)+32*(J1207=$G$2),2),0,1,2,3,4,\"S\")","v":2},{"$f":"IF(OR(A1207=\"S\",A1207=0),0,IF(ISERROR(I1207),H1207,SMALL(H1207:I1207,1)))","v":24},{"$f":"IF($A1207=1,OFFSET(C1207,-1,0)+1,OFFSET(C1207,-1,0))","v":14},{"$f":"IF($A1207=1,0,IF($A1207=2,OFFSET(D1207,-1,0)+1,OFFSET(D1207,-1,0)))","v":1},{"$f":"IF(AND($A1207<=2,$A1207<>0),0,IF($A1207=3,OFFSET(E1207,-1,0)+1,OFFSET(E1207,-1,0)))","v":0},{"$f":"IF(AND($A1207<=3,$A1207<>0),0,IF($A1207=4,OFFSET(F1207,-1,0)+1,OFFSET(F1207,-1,0)))","v":0},{"$f":"IF(AND($A1207<=4,$A1207<>0),0,IF($A1207=\"S\",OFFSET(G1207,-1,0)+1,OFFSET(G1207,-1,0)))","v":0},{"$f":"IF(OR($A1207=\"S\",$A1207=0),0,MATCH(0,OFFSET($B1207,1,$A1207,ROW($A$1504)-ROW($A1207)),0))","v":137},{"$f":"IF(OR($A1207=\"S\",$A1207=0),0,MATCH(OFFSET($B1207,0,$A1207)+1,OFFSET($B1207,1,$A1207,ROW($A$1504)-ROW($A1207)),0))","v":24},"AtivNível 1",{"$f":"IF($A1207=0,\"-\",CONCATENATE(C1207&\".\",IF(AND($A$5>=2,$A1207>=2),D1207&\".\",\"\"),IF(AND($A$5>=3,$A1207>=3),E1207&\".\",\"\"),IF(AND($A$5>=4,$A1207>=4),F1207&\".\",\"\"),IF($A1207=\"S\",G1207&\".\",\"\")))","v":"14.1."},{"$f":"IF(NOT(ISERROR($Y1207)),IF($Y1207<>FALSE,INDEX(Banco,$Y1207,4),\"\"),\"\")","v":""},null,null,"Atividade 95 - Oficina de higiêne bucal região Parque São João",{"$f":"IF(NOT(ISERROR($Y1207)),IF($Y1207<>FALSE,INDEX(Banco,$Y1207,6),\"\"),\"\")","v":""},null,{"$f":"IF(NOT(ISERROR($Y1207)),IF($Y1207<>FALSE,INDEX(Banco,$Y1207,7),0),0)","v":0},"DI 1",{"$f":"IF($J1207=$G$2,ROUND(ROUND($R1207,2)*IF($R$9=\"Preço Unitário (R$)\",1,1+$AA1207),2),0)","v":0},{"$f":"IF($A1207=\"S\",VTOTAL1,IF($A1207=0,0,ROUND(SomaAgrup,2)))","v":25934.21},null,{"$f":"IF(OR($A1207=0,$A1207=\"S\",$A1207>CFF!$A$9),\"\",MAX(W$11:OFFSET(W1207,-1,0))+1)","v":109},{"$f":"IF(AND($J1207=$G$2,$N1207<>\"\",$M1207<>\"\"),CONCATENATE($M1207,\"-\",$N1207))","v":false},{"$f":"IF(X1207<>FALSE,MATCH(X1207,OFFSET(Banco,0,0,,1),0))","v":false},null,{"$f":"IF($J1207=$G$2,ROUND(IF(ISNUMBER(S1207),S1207,IF(LEFT(S1207,2)=\"DI\",HLOOKUP(S1207,DADOS!$T$29:$X$30,2,FALSE),0)),4),\"\")","v":""}]
["S",0,14,1,0,0,1,{"$f":"IF(OR($A1208=\"S\",$A1208=0),0,MATCH(0,OFFSET($B1208,1,$A1208,ROW($A$1504)-ROW($A1208)),0))","v":0},{"$f":"IF(OR($A1208=\"S\",$A1208=0),0,MATCH(OFFSET($B1208,0,$A1208)+1,OFFSET($B1208,1,$A1208,ROW($A$1504)-ROW($A1208)),0))","v":0},"Insumo","14.1.1.","CRESS","Rec. Humanos","001",{"$f":"IF(NOT(ISERROR($Y1208)),IF($Y1208<>FALSE,INDEX(Banco,$Y1208,5),\"\"),\"\")","v":"Responsável Técnica"},"Horas",10,150.28,"DI 1",187.85,1878.5,null,{"$f":"IF(OR($A1208=0,$A1208=\"S\",$A1208>CFF!$A$9),\"\",MAX(W$11:OFFSET(W1208,-1,0))+1)","v":""},"Rec. Humanos-001",3,null,{"$f":"IF($J1208=$G$2,ROUND(IF(ISNUMBER(S1208),S1208,IF(LEFT(S1208,2)=\"DI\",HLOOKUP(S1208,DADOS!$T$29:$X$30,2,FALSE),0)),4),\"\")","v":0.25}]
[{"$f":"CHOOSE(1+LOG(1+2*(J1209=$C$2)+4*(J1209=$D$2)+8*(J1209=$E$2)+16*(J1209=$F$2)+32*(J1209=$G$2),2),0,1,2,3,4,\"S\")","v":"S"},{"$f":"IF(OR(A1209=\"S\",A1209=0),0,IF(ISERROR(I1209),H1209,SMALL(H1209:I1209,1)))","v":0},14,1,0,0,2,{"$f":"IF(OR($A1209=\"S\",$A1209=0),0,MATCH(0,OFFSET($B1209,1,$A1209,ROW($A$1504)-ROW($A1209)),0))","v":0},{"$f":"IF(OR($A1209=\"S\",$A1209=0),0,MATCH(OFFSET($B1209,0,$A1209)+1,OFFSET($B1209,1,$A1209,ROW($A$1504)-ROW($A1209)),0))","v":0},"Insumo",{"$f":"IF($A1209=0,\"-\",CONCATENATE(C1209&\".\",IF(AND($A$5>=2,$A1209>=2),D1209&\".\",\"\"),IF(AND($A$5>=3,$A1209>=3),E1209&\".\",\"\"),IF(AND($A$5>=4,$A1209>=4),F1209&\".\",\"\"),IF($A1209=\"S\",G1209&\".\",\"\")))","v":"14.1.2."},"CRESS","Rec. Humanos","002","Assistente Social","Horas",6,133.81,"DI 1",167.26,1003.56,null,{"$f":"IF(OR($A1209=0,$A1209=\"S\",$A1209>CFF!$A$9),\"\",MAX(W$11:OFFSET(W1209,-1,0))+1)","v":""},"Rec. Humanos-002",{"$f":"IF(X1209<>FALSE,MATCH(X1209,OFFSET(Banco,0,0,,1),0))","v":4},null,{"$f":"IF($J1209=$G$2,ROUND(IF(ISNUMBER(S1209),S1209,IF(LEFT(S1209,2)=\"DI\",HLOOKUP(S1209,DADOS!$T$29:$X$30,2,FALSE),0)),4),\"\")","v":0.25}]
["S",0,14,1,0,0,3,{"$f":"IF(OR($A1210=\"S\",$A1210=0),0,MATCH(0,OFFSET($B1210,1,$A1210,ROW($A$1504)-ROW($A1210)),0))","v":0},{"$f":"IF(OR($A1210=\"S\",$A1210=0),0,MATCH(OFFSET($B1210,0,$A1210)+1,OFFSET($B1210,1,$A1210,ROW($A$1504)-ROW($A1210)),0))","v":0},"Insumo","14.1.3.","Cotação","Rec. Humanos","003","Administrador (Técnico de Apoio) ","Horas",6,103.65,"DI 1",129.56,777.36,null,{"$f":"IF(OR($A1210=0,$A1210=\"S\",$A1210>CFF!$A$9),\"\",MAX(W$11:OFFSET(W1210,-1,0))+1)","v":""},"Rec. Humanos-003",5,null,{"$f":"IF($J1210=$G$2,ROUND(IF(ISNUMBER(S1210),S1210,IF(LEFT(S1210,2)=\"DI\",HLOOKUP(S1210,DADOS!$T$29:$X$30,2,FALSE),0)),4),\"\")","v":0.25}]
["S",0,14,1,0,0,4,{"$f":"IF(OR($A1211=\"S\",$A1211=0),0,MATCH(0,OFFSET($B1211,1,$A1211,ROW($A$1504)-ROW($A1211)),0))","v":0},{"$f":"IF(OR($A1211=\"S\",$A1211=0),0,MATCH(OFFSET($B1211,0,$A1211)+1,OFFSET($B1211,1,$A1211,ROW($A$1504)-ROW($A1211)),0))","v":0},"Insumo","14.1.4.","SINE","Rec. Humanos","004","Estagiários","Horas",16,9.7899999999999991,"DI 1",12.24,195.84,null,{"$f":"IF(OR($A1211=0,$A1211=\"S\",$A1211>CFF!$A$9),\"\",MAX(W$11:OFFSET(W1211,-1,0))+1)","v":""},"Rec. Humanos-004",6,null,{"$f":"IF($J1211=$G$2,ROUND(IF(ISNUMBER(S1211),S1211,IF(LEFT(S1211,2)=\"DI\",HLOOKUP(S1211,DADOS!$T$29:$X$30,2,FALSE),0)),4),\"\")","v":0.25}]
["S",0,14,1,0,0,5,{"$f":"IF(OR($A1212=\"S\",$A1212=0),0,MATCH(0,OFFSET($B1212,1,$A1212,ROW($A$1504)-ROW($A1212)),0))","v":0},{"$f":"IF(OR($A1212=\"S\",$A1212=0),0,MATCH(OFFSET($B1212,0,$A1212)+1,OFFSET($B1212,1,$A1212,ROW($A$1504)-ROW($A1212)),0))","v":0},"Insumo","14.1.5.","Cotação","Serv. Terc.","001","Fotocópias","Unidade",300,0.3,"DI 1",0.38,114,null,{"$f":"IF(OR($A1212=0,$A1212=\"S\",$A1212>CFF!$A$9),\"\",MAX(W$11:OFFSET(W1212,-1,0))+1)","v":""},"Serv. Terc.-001",81,null,{"$f":"IF($J1212=$G$2,ROUND(IF(ISNUMBER(S1212),S1212,IF(LEFT(S1212,2)=\"DI\",HLOOKUP(S1212,DADOS!$T$29:$X$30,2,FALSE),0)),4),\"\")","v":0.25}]
[{"$f":"CHOOSE(1+LOG(1+2*(J1213=$C$2)+4*(J1213=$D$2)+8*(J1213=$E$2)+16*(J1213=$F$2)+32*(J1213=$G$2),2),0,1,2,3,4,\"S\")","v":"S"},{"$f":"IF(OR(A1213=\"S\",A1213=0),0,IF(ISERROR(I1213),H1213,SMALL(H1213:I1213,1)))","v":0},{"$f":"IF($A1213=1,OFFSET(C1213,-1,0)+1,OFFSET(C1213,-1,0))","v":14},{"$f":"IF($A1213=1,0,IF($A1213=2,OFFSET(D1213,-1,0)+1,OFFSET(D1213,-1,0)))","v":1},{"$f":"IF(AND($A1213<=2,$A1213<>0),0,IF($A1213=3,OFFSET(E1213,-1,0)+1,OFFSET(E1213,-1,0)))","v":0},{"$f":"IF(AND($A1213<=3,$A1213<>0),0,IF($A1213=4,OFFSET(F1213,-1,0)+1,OFFSET(F1213,-1,0)))","v":0},{"$f":"IF(AND($A1213<=4,$A1213<>0),0,IF($A1213=\"S\",OFFSET(G1213,-1,0)+1,OFFSET(G1213,-1,0)))","v":6},{"$f":"IF(OR($A1213=\"S\",$A1213=0),0,MATCH(0,OFFSET($B1213,1,$A1213,ROW($A$1504)-ROW($A1213)),0))","v":0},{"$f":"IF(OR($A1213=\"S\",$A1213=0),0,MATCH(OFFSET($B1213,0,$A1213)+1,OFFSET($B1213,1,$A1213,ROW($A$1504)-ROW($A1213)),0))","v":0},"Insumo",{"$f":"IF($A1213=0,\"-\",CONCATENATE(C1213&\".\",IF(AND($A$5>=2,$A1213>=2),D1213&\".\",\"\"),IF(AND($A$5>=3,$A1213>=3),E1213&\".\",\"\"),IF(AND($A$5>=4,$A1213>=4),F1213&\".\",\"\"),IF($A1213=\"S\",G1213&\".\",\"\")))","v":"14.1.6."},{"$f":"IF(NOT(ISERROR($Y1213)),IF($Y1213<>FALSE,INDEX(Banco,$Y1213,4),\"\"),\"\")","v":"Cotação"},"Serv. Terc.","017",{"$f":"IF(NOT(ISERROR($Y1213)),IF($Y1213<>FALSE,INDEX(Banco,$Y1213,5),\"\"),\"\")","v":"Instrutor/Monitor (Educação Fisíca)"},{"$f":"IF(NOT(ISERROR($Y1213)),IF($Y1213<>FALSE,INDEX(Banco,$Y1213,6),\"\"),\"\")","v":"Horas"},3,{"$f":"IF(NOT(ISERROR($Y1213)),IF($Y1213<>FALSE,INDEX(Banco,$Y1213,7),0),0)","v":100},"DI 1",{"$f":"IF($J1213=$G$2,ROUND(ROUND($R1213,2)*IF($R$9=\"Preço Unitário (R$)\",1,1+$AA1213),2),0)","v":125},{"$f":"IF($A1213=\"S\",VTOTAL1,IF($A1213=0,0,ROUND(SomaAgrup,2)))","v":375},null,{"$f":"IF(OR($A1213=0,$A1213=\"S\",$A1213>CFF!$A$9),\"\",MAX(W$11:OFFSET(W1213,-1,0))+1)","v":""},{"$f":"IF(AND($J1213=$G$2,$N1213<>\"\",$M1213<>\"\"),CONCATENATE($M1213,\"-\",$N1213))","v":"Serv. Terc.-017"},{"$f":"IF(X1213<>FALSE,MATCH(X1213,OFFSET(Banco,0,0,,1),0))","v":97},null,{"$f":"IF($J1213=$G$2,ROUND(IF(ISNUMBER(S1213),S1213,IF(LEFT(S1213,2)=\"DI\",HLOOKUP(S1213,DADOS!$T$29:$X$30,2,FALSE),0)),4),\"\")","v":0.25}]
["S",0,14,1,0,0,7,{"$f":"IF(OR($A1214=\"S\",$A1214=0),0,MATCH(0,OFFSET($B1214,1,$A1214,ROW($A$1504)-ROW($A1214)),0))","v":0},{"$f":"IF(OR($A1214=\"S\",$A1214=0),0,MATCH(OFFSET($B1214,0,$A1214)+1,OFFSET($B1214,1,$A1214,ROW($A$1504)-ROW($A1214)),0))","v":0},"Insumo","14.1.7.","Cotação","Serv. Terc.","002","Carro de som com gravação de vinheta","Horas",3,200,"DI 1",250,750,null,{"$f":"IF(OR($A1214=0,$A1214=\"S\",$A1214>CFF!$A$9),\"\",MAX(W$11:OFFSET(W1214,-1,0))+1)","v":""},"Serv. Terc.-002",82,null,{"$f":"IF($J1214=$G$2,ROUND(IF(ISNUMBER(S1214),S1214,IF(LEFT(S1214,2)=\"DI\",HLOOKUP(S1214,DADOS!$T$29:$X$30,2,FALSE),0)),4),\"\")","v":0.25}]
["S",0,14,1,0,0,8,{"$f":"IF(OR($A1215=\"S\",$A1215=0),0,MATCH(0,OFFSET($B1215,1,$A1215,ROW($A$1504)-ROW($A1215)),0))","v":0},{"$f":"IF(OR($A1215=\"S\",$A1215=0),0,MATCH(OFFSET($B1215,0,$A1215)+1,OFFSET($B1215,1,$A1215,ROW($A$1504)-ROW($A1215)),0))","v":0},"Insumo","14.1.8.","Cotação","Serv. Terc.","003","Locação de mesas","Unidade",20,3,"DI 1",3.75,75,null,{"$f":"IF(OR($A1215=0,$A1215=\"S\",$A1215>CFF!$A$9),\"\",MAX(W$11:OFFSET(W1215,-1,0))+1)","v":""},"Serv. Terc.-003",83,null,{"$f":"IF($J1215=$G$2,ROUND(IF(ISNUMBER(S1215),S1215,IF(LEFT(S1215,2)=\"DI\",HLOOKUP(S1215,DADOS!$T$29:$X$30,2,FALSE),0)),4),\"\")","v":0.25}]
["S",0,14,1,0,0,9,{"$f":"IF(OR($A1216=\"S\",$A1216=0),0,MATCH(0,OFFSET($B1216,1,$A1216,ROW($A$1504)-ROW($A1216)),0))","v":0},{"$f":"IF(OR($A1216=\"S\",$A1216=0),0,MATCH(OFFSET($B1216,0,$A1216)+1,OFFSET($B1216,1,$A1216,ROW($A$1504)-ROW($A1216)),0))","v":0},"Insumo","14.1.9.","Cotação","Serv. Terc.","004","Locação de cadeiras","Unidade",400,2,"DI 1",2.5,1000,null,{"$f":"IF(OR($A1216=0,$A1216=\"S\",$A1216>CFF!$A$9),\"\",MAX(W$11:OFFSET(W1216,-1,0))+1)","v":""},"Serv. Terc.-004",84,null,{"$f":"IF($J1216=$G$2,ROUND(IF(ISNUMBER(S1216),S1216,IF(LEFT(S1216,2)=\"DI\",HLOOKUP(S1216,DADOS!$T$29:$X$30,2,FALSE),0)),4),\"\")","v":0.25}]
["S",0,14,1,0,0,10,{"$f":"IF(OR($A1217=\"S\",$A1217=0),0,MATCH(0,OFFSET($B1217,1,$A1217,ROW($A$1504)-ROW($A1217)),0))","v":0},{"$f":"IF(OR($A1217=\"S\",$A1217=0),0,MATCH(OFFSET($B1217,0,$A1217)+1,OFFSET($B1217,1,$A1217,ROW($A$1504)-ROW($A1217)),0))","v":0},"Insumo","14.1.10.","Cotação","Serv. Terc.","005","Locação de caixa térmica","Unidade",2,40,"DI 1",50,100,null,{"$f":"IF(OR($A1217=0,$A1217=\"S\",$A1217>CFF!$A$9),\"\",MAX(W$11:OFFSET(W1217,-1,0))+1)","v":""},"Serv. Terc.-005",85,null,{"$f":"IF($J1217=$G$2,ROUND(IF(ISNUMBER(S1217),S1217,IF(LEFT(S1217,2)=\"DI\",HLOOKUP(S1217,DADOS!$T$29:$X$30,2,FALSE),0)),4),\"\")","v":0.25}]
["S",0,14,1,0,0,11,{"$f":"IF(OR($A1218=\"S\",$A1218=0),0,MATCH(0,OFFSET($B1218,1,$A1218,ROW($A$1504)-ROW($A1218)),0))","v":0},{"$f":"IF(OR($A1218=\"S\",$A1218=0),0,MATCH(OFFSET($B1218,0,$A1218)+1,OFFSET($B1218,1,$A1218,ROW($A$1504)-ROW($A1218)),0))","v":0},"Insumo","14.1.11.","Cotação","Serv. Terc.","006","Locação de tendas","Unidade",3,250,"DI 1",312.5,937.5,null,{"$f":"IF(OR($A1218=0,$A1218=\"S\",$A1218>CFF!$A$9),\"\",MAX(W$11:OFFSET(W1218,-1,0))+1)","v":""},"Serv. Terc.-006",86,null,{"$f":"IF($J1218=$G$2,ROUND(IF(ISNUMBER(S1218),S1218,IF(LEFT(S1218,2)=\"DI\",HLOOKUP(S1218,DADOS!$T$29:$X$30,2,FALSE),0)),4),\"\")","v":0.25}]
[{"$f":"CHOOSE(1+LOG(1+2*(J1219=$C$2)+4*(J1219=$D$2)+8*(J1219=$E$2)+16*(J1219=$F$2)+32*(J1219=$G$2),2),0,1,2,3,4,\"S\")","v":"S"},{"$f":"IF(OR(A1219=\"S\",A1219=0),0,IF(ISERROR(I1219),H1219,SMALL(H1219:I1219,1)))","v":0},{"$f":"IF($A1219=1,OFFSET(C1219,-1,0)+1,OFFSET(C1219,-1,0))","v":14},{"$f":"IF($A1219=1,0,IF($A1219=2,OFFSET(D1219,-1,0)+1,OFFSET(D1219,-1,0)))","v":1},{"$f":"IF(AND($A1219<=2,$A1219<>0),0,IF($A1219=3,OFFSET(E1219,-1,0)+1,OFFSET(E1219,-1,0)))","v":0},{"$f":"IF(AND($A1219<=3,$A1219<>0),0,IF($A1219=4,OFFSET(F1219,-1,0)+1,OFFSET(F1219,-1,0)))","v":0},{"$f":"IF(AND($A1219<=4,$A1219<>0),0,IF($A1219=\"S\",OFFSET(G1219,-1,0)+1,OFFSET(G1219,-1,0)))","v":12},{"$f":"IF(OR($A1219=\"S\",$A1219=0),0,MATCH(0,OFFSET($B1219,1,$A1219,ROW($A$1504)-ROW($A1219)),0))","v":0},{"$f":"IF(OR($A1219=\"S\",$A1219=0),0,MATCH(OFFSET($B1219,0,$A1219)+1,OFFSET($B1219,1,$A1219,ROW($A$1504)-ROW($A1219)),0))","v":0},"Insumo",{"$f":"IF($A1219=0,\"-\",CONCATENATE(C1219&\".\",IF(AND($A$5>=2,$A1219>=2),D1219&\".\",\"\"),IF(AND($A$5>=3,$A1219>=3),E1219&\".\",\"\"),IF(AND($A$5>=4,$A1219>=4),F1219&\".\",\"\"),IF($A1219=\"S\",G1219&\".\",\"\")))","v":"14.1.12."},{"$f":"IF(NOT(ISERROR($Y1219)),IF($Y1219<>FALSE,INDEX(Banco,$Y1219,4),\"\"),\"\")","v":"Cotação"},"Serv. Terc.","008","Locação de pula-pula com monitor",{"$f":"IF(NOT(ISERROR($Y1219)),IF($Y1219<>FALSE,INDEX(Banco,$Y1219,6),\"\"),\"\")","v":"Unidade"},2,{"$f":"IF(NOT(ISERROR($Y1219)),IF($Y1219<>FALSE,INDEX(Banco,$Y1219,7),0),0)","v":220},"DI 1",{"$f":"IF($J1219=$G$2,ROUND(ROUND($R1219,2)*IF($R$9=\"Preço Unitário (R$)\",1,1+$AA1219),2),0)","v":275},{"$f":"IF($A1219=\"S\",VTOTAL1,IF($A1219=0,0,ROUND(SomaAgrup,2)))","v":550},null,{"$f":"IF(OR($A1219=0,$A1219=\"S\",$A1219>CFF!$A$9),\"\",MAX(W$11:OFFSET(W1219,-1,0))+1)","v":""},{"$f":"IF(AND($J1219=$G$2,$N1219<>\"\",$M1219<>\"\"),CONCATENATE($M1219,\"-\",$N1219))","v":"Serv. Terc.-008"},{"$f":"IF(X1219<>FALSE,MATCH(X1219,OFFSET(Banco,0,0,,1),0))","v":88},null,{"$f":"IF($J1219=$G$2,ROUND(IF(ISNUMBER(S1219),S1219,IF(LEFT(S1219,2)=\"DI\",HLOOKUP(S1219,DADOS!$T$29:$X$30,2,FALSE),0)),4),\"\")","v":0.25}]
["S",0,14,1,0,0,13,{"$f":"IF(OR($A1220=\"S\",$A1220=0),0,MATCH(0,OFFSET($B1220,1,$A1220,ROW($A$1504)-ROW($A1220)),0))","v":0},{"$f":"IF(OR($A1220=\"S\",$A1220=0),0,MATCH(OFFSET($B1220,0,$A1220)+1,OFFSET($B1220,1,$A1220,ROW($A$1504)-ROW($A1220)),0))","v":0},"Insumo","14.1.13.","Cotação","Serv. Terc.","012","Água (garrafão de 20 litros)","Unidade",2,10,"DI 1",12.5,25,null,{"$f":"IF(OR($A1220=0,$A1220=\"S\",$A1220>CFF!$A$9),\"\",MAX(W$11:OFFSET(W1220,-1,0))+1)","v":""},"Serv. Terc.-012",92,null,{"$f":"IF($J1220=$G$2,ROUND(IF(ISNUMBER(S1220),S1220,IF(LEFT(S1220,2)=\"DI\",HLOOKUP(S1220,DADOS!$T$29:$X$30,2,FALSE),0)),4),\"\")","v":0.25}]
["S",0,14,1,0,0,14,{"$f":"IF(OR($A1221=\"S\",$A1221=0),0,MATCH(0,OFFSET($B1221,1,$A1221,ROW($A$1504)-ROW($A1221)),0))","v":0},{"$f":"IF(OR($A1221=\"S\",$A1221=0),0,MATCH(OFFSET($B1221,0,$A1221)+1,OFFSET($B1221,1,$A1221,ROW($A$1504)-ROW($A1221)),0))","v":0},"Insumo","14.1.14.","Cotação ","Serv. Terc.","011","Barra de gelo","Unidade",4,12,"DI 1",15,60,null,{"$f":"IF(OR($A1221=0,$A1221=\"S\",$A1221>CFF!$A$9),\"\",MAX(W$11:OFFSET(W1221,-1,0))+1)","v":""},"Serv. Terc.-011",91,null,{"$f":"IF($J1221=$G$2,ROUND(IF(ISNUMBER(S1221),S1221,IF(LEFT(S1221,2)=\"DI\",HLOOKUP(S1221,DADOS!$T$29:$X$30,2,FALSE),0)),4),\"\")","v":0.25}]
["S",0,14,1,0,0,15,{"$f":"IF(OR($A1222=\"S\",$A1222=0),0,MATCH(0,OFFSET($B1222,1,$A1222,ROW($A$1504)-ROW($A1222)),0))","v":0},{"$f":"IF(OR($A1222=\"S\",$A1222=0),0,MATCH(OFFSET($B1222,0,$A1222)+1,OFFSET($B1222,1,$A1222,ROW($A$1504)-ROW($A1222)),0))","v":0},"Insumo","14.1.15.","Cotação","Serv. Terc.","013","Sucos","Unidade",12,6.4,"DI 1",8,96,null,{"$f":"IF(OR($A1222=0,$A1222=\"S\",$A1222>CFF!$A$9),\"\",MAX(W$11:OFFSET(W1222,-1,0))+1)","v":""},"Serv. Terc.-013",93,null,{"$f":"IF($J1222=$G$2,ROUND(IF(ISNUMBER(S1222),S1222,IF(LEFT(S1222,2)=\"DI\",HLOOKUP(S1222,DADOS!$T$29:$X$30,2,FALSE),0)),4),\"\")","v":0.25}]
[{"$f":"CHOOSE(1+LOG(1+2*(J1223=$C$2)+4*(J1223=$D$2)+8*(J1223=$E$2)+16*(J1223=$F$2)+32*(J1223=$G$2),2),0,1,2,3,4,\"S\")","v":"S"},{"$f":"IF(OR(A1223=\"S\",A1223=0),0,IF(ISERROR(I1223),H1223,SMALL(H1223:I1223,1)))","v":0},14,1,0,0,16,{"$f":"IF(OR($A1223=\"S\",$A1223=0),0,MATCH(0,OFFSET($B1223,1,$A1223,ROW($A$1504)-ROW($A1223)),0))","v":0},{"$f":"IF(OR($A1223=\"S\",$A1223=0),0,MATCH(OFFSET($B1223,0,$A1223)+1,OFFSET($B1223,1,$A1223,ROW($A$1504)-ROW($A1223)),0))","v":0},"Insumo",{"$f":"IF($A1223=0,\"-\",CONCATENATE(C1223&\".\",IF(AND($A$5>=2,$A1223>=2),D1223&\".\",\"\"),IF(AND($A$5>=3,$A1223>=3),E1223&\".\",\"\"),IF(AND($A$5>=4,$A1223>=4),F1223&\".\",\"\"),IF($A1223=\"S\",G1223&\".\",\"\")))","v":"14.1.16."},"Cotação","Serv. Terc.","027",{"$f":"IF(NOT(ISERROR($Y1223)),IF($Y1223<>FALSE,INDEX(Banco,$Y1223,5),\"\"),\"\")","v":"Refrigerantes (02 litros) "},"Unidade",20,6,"DI 1",7.5,150,null,{"$f":"IF(OR($A1223=0,$A1223=\"S\",$A1223>CFF!$A$9),\"\",MAX(W$11:OFFSET(W1223,-1,0))+1)","v":""},"Serv. Terc.-027",{"$f":"IF(X1223<>FALSE,MATCH(X1223,OFFSET(Banco,0,0,,1),0))","v":107},null,{"$f":"IF($J1223=$G$2,ROUND(IF(ISNUMBER(S1223),S1223,IF(LEFT(S1223,2)=\"DI\",HLOOKUP(S1223,DADOS!$T$29:$X$30,2,FALSE),0)),4),\"\")","v":0.25}]
["S",0,14,1,0,0,17,{"$f":"IF(OR($A1224=\"S\",$A1224=0),0,MATCH(0,OFFSET($B1224,1,$A1224,ROW($A$1504)-ROW($A1224)),0))","v":0},{"$f":"IF(OR($A1224=\"S\",$A1224=0),0,MATCH(OFFSET($B1224,0,$A1224)+1,OFFSET($B1224,1,$A1224,ROW($A$1504)-ROW($A1224)),0))","v":0},"Insumo","14.1.17.","Cotação ","Serv. Terc.","010","Brindes ( descrição nos orçamentos e PTS)","Unidade",8,120,"DI 1",150,1200,null,{"$f":"IF(OR($A1224=0,$A1224=\"S\",$A1224>CFF!$A$9),\"\",MAX(W$11:OFFSET(W1224,-1,0))+1)","v":""},"Serv. Terc.-010",90,null,{"$f":"IF($J1224=$G$2,ROUND(IF(ISNUMBER(S1224),S1224,IF(LEFT(S1224,2)=\"DI\",HLOOKUP(S1224,DADOS!$T$29:$X$30,2,FALSE),0)),4),\"\")","v":0.25}]
["S",0,14,1,0,0,18,{"$f":"IF(OR($A1225=\"S\",$A1225=0),0,MATCH(0,OFFSET($B1225,1,$A1225,ROW($A$1504)-ROW($A1225)),0))","v":0},{"$f":"IF(OR($A1225=\"S\",$A1225=0),0,MATCH(OFFSET($B1225,0,$A1225)+1,OFFSET($B1225,1,$A1225,ROW($A$1504)-ROW($A1225)),0))","v":0},"Insumo","14.1.18.","Cotação","Serv. Terc.","015","Coffee break (salgados)","Centro",15,65,"DI 1",81.25,1218.75,null,{"$f":"IF(OR($A1225=0,$A1225=\"S\",$A1225>CFF!$A$9),\"\",MAX(W$11:OFFSET(W1225,-1,0))+1)","v":""},"Serv. Terc.-015",95,null,{"$f":"IF($J1225=$G$2,ROUND(IF(ISNUMBER(S1225),S1225,IF(LEFT(S1225,2)=\"DI\",HLOOKUP(S1225,DADOS!$T$29:$X$30,2,FALSE),0)),4),\"\")","v":0.25}]
["S",0,14,1,0,0,19,{"$f":"IF(OR($A1226=\"S\",$A1226=0),0,MATCH(0,OFFSET($B1226,1,$A1226,ROW($A$1504)-ROW($A1226)),0))","v":0},{"$f":"IF(OR($A1226=\"S\",$A1226=0),0,MATCH(OFFSET($B1226,0,$A1226)+1,OFFSET($B1226,1,$A1226,ROW($A$1504)-ROW($A1226)),0))","v":0},"Insumo","14.1.19.","Cotação","Rec. Materiais","020","Guloseimas (balas e pirulito)","Pacote",8,12,"DI 1",15,120,null,{"$f":"IF(OR($A1226=0,$A1226=\"S\",$A1226>CFF!$A$9),\"\",MAX(W$11:OFFSET(W1226,-1,0))+1)","v":""},"Rec. Materiais-020",29,null,{"$f":"IF($J1226=$G$2,ROUND(IF(ISNUMBER(S1226),S1226,IF(LEFT(S1226,2)=\"DI\",HLOOKUP(S1226,DADOS!$T$29:$X$30,2,FALSE),0)),4),\"\")","v":0.25}]
[{"$f":"CHOOSE(1+LOG(1+2*(J1227=$C$2)+4*(J1227=$D$2)+8*(J1227=$E$2)+16*(J1227=$F$2)+32*(J1227=$G$2),2),0,1,2,3,4,\"S\")","v":"S"},{"$f":"IF(OR(A1227=\"S\",A1227=0),0,IF(ISERROR(I1227),H1227,SMALL(H1227:I1227,1)))","v":0},14,1,0,0,20,{"$f":"IF(OR($A1227=\"S\",$A1227=0),0,MATCH(0,OFFSET($B1227,1,$A1227,ROW($A$1504)-ROW($A1227)),0))","v":0},{"$f":"IF(OR($A1227=\"S\",$A1227=0),0,MATCH(OFFSET($B1227,0,$A1227)+1,OFFSET($B1227,1,$A1227,ROW($A$1504)-ROW($A1227)),0))","v":0},"Insumo",{"$f":"IF($A1227=0,\"-\",CONCATENATE(C1227&\".\",IF(AND($A$5>=2,$A1227>=2),D1227&\".\",\"\"),IF(AND($A$5>=3,$A1227>=3),E1227&\".\",\"\"),IF(AND($A$5>=4,$A1227>=4),F1227&\".\",\"\"),IF($A1227=\"S\",G1227&\".\",\"\")))","v":"14.1.20."},"COREN","Serv. Terc.","080",{"$f":"IF(NOT(ISERROR($Y1227)),IF($Y1227<>FALSE,INDEX(Banco,$Y1227,5),\"\"),\"\")","v":"Enfermeiro padrão"},"Unidade",4,123.02,"DI 1",153.78,615.12,null,{"$f":"IF(OR($A1227=0,$A1227=\"S\",$A1227>CFF!$A$9),\"\",MAX(W$11:OFFSET(W1227,-1,0))+1)","v":""},"Serv. Terc.-080",{"$f":"IF(X1227<>FALSE,MATCH(X1227,OFFSET(Banco,0,0,,1),0))","v":160},null,{"$f":"IF($J1227=$G$2,ROUND(IF(ISNUMBER(S1227),S1227,IF(LEFT(S1227,2)=\"DI\",HLOOKUP(S1227,DADOS!$T$29:$X$30,2,FALSE),0)),4),\"\")","v":0.25}]
["S",0,14,1,0,0,21,{"$f":"IF(OR($A1228=\"S\",$A1228=0),0,MATCH(0,OFFSET($B1228,1,$A1228,ROW($A$1504)-ROW($A1228)),0))","v":0},{"$f":"IF(OR($A1228=\"S\",$A1228=0),0,MATCH(OFFSET($B1228,0,$A1228)+1,OFFSET($B1228,1,$A1228,ROW($A$1504)-ROW($A1228)),0))","v":0},"Insumo","14.1.21.","Cotação","Rec. Materiais","021","Papel de presente","Folhas",16,1.5,"DI 1",1.88,30.08,null,{"$f":"IF(OR($A1228=0,$A1228=\"S\",$A1228>CFF!$A$9),\"\",MAX(W$11:OFFSET(W1228,-1,0))+1)","v":""},"Rec. Materiais-021",30,null,{"$f":"IF($J1228=$G$2,ROUND(IF(ISNUMBER(S1228),S1228,IF(LEFT(S1228,2)=\"DI\",HLOOKUP(S1228,DADOS!$T$29:$X$30,2,FALSE),0)),4),\"\")","v":0.25}]
["S",0,14,1,0,0,22,{"$f":"IF(OR($A1229=\"S\",$A1229=0),0,MATCH(0,OFFSET($B1229,1,$A1229,ROW($A$1504)-ROW($A1229)),0))","v":0},{"$f":"IF(OR($A1229=\"S\",$A1229=0),0,MATCH(OFFSET($B1229,0,$A1229)+1,OFFSET($B1229,1,$A1229,ROW($A$1504)-ROW($A1229)),0))","v":0},"Insumo","14.1.22.","Cotação","Rec. Materiais","026","Saco de lixo (100 litros)","Pacote",2,15,"DI 1",18.75,37.5,null,{"$f":"IF(OR($A1229=0,$A1229=\"S\",$A1229>CFF!$A$9),\"\",MAX(W$11:OFFSET(W1229,-1,0))+1)","v":""},"Rec. Materiais-026",35,null,{"$f":"IF($J1229=$G$2,ROUND(IF(ISNUMBER(S1229),S1229,IF(LEFT(S1229,2)=\"DI\",HLOOKUP(S1229,DADOS!$T$29:$X$30,2,FALSE),0)),4),\"\")","v":0.25}]
["S",0,14,1,0,0,23,{"$f":"IF(OR($A1230=\"S\",$A1230=0),0,MATCH(0,OFFSET($B1230,1,$A1230,ROW($A$1504)-ROW($A1230)),0))","v":0},{"$f":"IF(OR($A1230=\"S\",$A1230=0),0,MATCH(OFFSET($B1230,0,$A1230)+1,OFFSET($B1230,1,$A1230,ROW($A$1504)-ROW($A1230)),0))","v":0},"Insumo","14.1.23.","Cotação","Serv. Terc.","042","KIT - Material de higiêne bucal","Kits",300,39,"DI 1",48.75,14625,null,{"$f":"IF(OR($A1230=0,$A1230=\"S\",$A1230>CFF!$A$9),\"\",MAX(W$11:OFFSET(W1230,-1,0))+1)","v":""},"Serv. Terc.-042",122,null,{"$f":"IF($J1230=$G$2,ROUND(IF(ISNUMBER(S1230),S1230,IF(LEFT(S1230,2)=\"DI\",HLOOKUP(S1230,DADOS!$T$29:$X$30,2,FALSE),0)),4),\"\")","v":0.25}]
[{"$f":"CHOOSE(1+LOG(1+2*(J1231=$C$2)+4*(J1231=$D$2)+8*(J1231=$E$2)+16*(J1231=$F$2)+32*(J1231=$G$2),2),0,1,2,3,4,\"S\")","v":2},{"$f":"IF(OR(A1231=\"S\",A1231=0),0,IF(ISERROR(I1231),H1231,SMALL(H1231:I1231,1)))","v":3},{"$f":"IF($A1231=1,OFFSET(C1231,-1,0)+1,OFFSET(C1231,-1,0))","v":14},{"$f":"IF($A1231=1,0,IF($A1231=2,OFFSET(D1231,-1,0)+1,OFFSET(D1231,-1,0)))","v":2},{"$f":"IF(AND($A1231<=2,$A1231<>0),0,IF($A1231=3,OFFSET(E1231,-1,0)+1,OFFSET(E1231,-1,0)))","v":0},{"$f":"IF(AND($A1231<=3,$A1231<>0),0,IF($A1231=4,OFFSET(F1231,-1,0)+1,OFFSET(F1231,-1,0)))","v":0},{"$f":"IF(AND($A1231<=4,$A1231<>0),0,IF($A1231=\"S\",OFFSET(G1231,-1,0)+1,OFFSET(G1231,-1,0)))","v":0},{"$f":"IF(OR($A1231=\"S\",$A1231=0),0,MATCH(0,OFFSET($B1231,1,$A1231,ROW($A$1504)-ROW($A1231)),0))","v":113},{"$f":"IF(OR($A1231=\"S\",$A1231=0),0,MATCH(OFFSET($B1231,0,$A1231)+1,OFFSET($B1231,1,$A1231,ROW($A$1504)-ROW($A1231)),0))","v":3},"AtivNível 1",{"$f":"IF($A1231=0,\"-\",CONCATENATE(C1231&\".\",IF(AND($A$5>=2,$A1231>=2),D1231&\".\",\"\"),IF(AND($A$5>=3,$A1231>=3),E1231&\".\",\"\"),IF(AND($A$5>=4,$A1231>=4),F1231&\".\",\"\"),IF($A1231=\"S\",G1231&\".\",\"\")))","v":"14.2."},{"$f":"IF(NOT(ISERROR($Y1231)),IF($Y1231<>FALSE,INDEX(Banco,$Y1231,4),\"\"),\"\")","v":""},null,null,"Atividade 96 - Plantão Social região Parque São João",{"$f":"IF(NOT(ISERROR($Y1231)),IF($Y1231<>FALSE,INDEX(Banco,$Y1231,6),\"\"),\"\")","v":""},null,{"$f":"IF(NOT(ISERROR($Y1231)),IF($Y1231<>FALSE,INDEX(Banco,$Y1231,7),0),0)","v":0},"DI 1",{"$f":"IF($J1231=$G$2,ROUND(ROUND($R1231,2)*IF($R$9=\"Preço Unitário (R$)\",1,1+$AA1231),2),0)","v":0},{"$f":"IF($A1231=\"S\",VTOTAL1,IF($A1231=0,0,ROUND(SomaAgrup,2)))","v":3427.56},null,{"$f":"IF(OR($A1231=0,$A1231=\"S\",$A1231>CFF!$A$9),\"\",MAX(W$11:OFFSET(W1231,-1,0))+1)","v":110},{"$f":"IF(AND($J1231=$G$2,$N1231<>\"\",$M1231<>\"\"),CONCATENATE($M1231,\"-\",$N1231))","v":false},{"$f":"IF(X1231<>FALSE,MATCH(X1231,OFFSET(Banco,0,0,,1),0))","v":false},null,{"$f":"IF($J1231=$G$2,ROUND(IF(ISNUMBER(S1231),S1231,IF(LEFT(S1231,2)=\"DI\",HLOOKUP(S1231,DADOS!$T$29:$X$30,2,FALSE),0)),4),\"\")","v":""}]
[{"$f":"CHOOSE(1+LOG(1+2*(J1232=$C$2)+4*(J1232=$D$2)+8*(J1232=$E$2)+16*(J1232=$F$2)+32*(J1232=$G$2),2),0,1,2,3,4,\"S\")","v":"S"},{"$f":"IF(OR(A1232=\"S\",A1232=0),0,IF(ISERROR(I1232),H1232,SMALL(H1232:I1232,1)))","v":0},{"$f":"IF($A1232=1,OFFSET(C1232,-1,0)+1,OFFSET(C1232,-1,0))","v":14},{"$f":"IF($A1232=1,0,IF($A1232=2,OFFSET(D1232,-1,0)+1,OFFSET(D1232,-1,0)))","v":2},{"$f":"IF(AND($A1232<=2,$A1232<>0),0,IF($A1232=3,OFFSET(E1232,-1,0)+1,OFFSET(E1232,-1,0)))","v":0},{"$f":"IF(AND($A1232<=3,$A1232<>0),0,IF($A1232=4,OFFSET(F1232,-1,0)+1,OFFSET(F1232,-1,0)))","v":0},{"$f":"IF(AND($A1232<=4,$A1232<>0),0,IF($A1232=\"S\",OFFSET(G1232,-1,0)+1,OFFSET(G1232,-1,0)))","v":1},{"$f":"IF(OR($A1232=\"S\",$A1232=0),0,MATCH(0,OFFSET($B1232,1,$A1232,ROW($A$1504)-ROW($A1232)),0))","v":0},{"$f":"IF(OR($A1232=\"S\",$A1232=0),0,MATCH(OFFSET($B1232,0,$A1232)+1,OFFSET($B1232,1,$A1232,ROW($A$1504)-ROW($A1232)),0))","v":0},"Insumo",{"$f":"IF($A1232=0,\"-\",CONCATENATE(C1232&\".\",IF(AND($A$5>=2,$A1232>=2),D1232&\".\",\"\"),IF(AND($A$5>=3,$A1232>=3),E1232&\".\",\"\"),IF(AND($A$5>=4,$A1232>=4),F1232&\".\",\"\"),IF($A1232=\"S\",G1232&\".\",\"\")))","v":"14.2.1."},{"$f":"IF(NOT(ISERROR($Y1232)),IF($Y1232<>FALSE,INDEX(Banco,$Y1232,4),\"\"),\"\")","v":"CRESS"},"Rec. Humanos","001",{"$f":"IF(NOT(ISERROR($Y1232)),IF($Y1232<>FALSE,INDEX(Banco,$Y1232,5),\"\"),\"\")","v":"Responsável Técnica"},{"$f":"IF(NOT(ISERROR($Y1232)),IF($Y1232<>FALSE,INDEX(Banco,$Y1232,6),\"\"),\"\")","v":"Horas"},4,{"$f":"IF(NOT(ISERROR($Y1232)),IF($Y1232<>FALSE,INDEX(Banco,$Y1232,7),0),0)","v":150.28},"DI 1",{"$f":"IF($J1232=$G$2,ROUND(ROUND($R1232,2)*IF($R$9=\"Preço Unitário (R$)\",1,1+$AA1232),2),0)","v":187.85},{"$f":"IF($A1232=\"S\",VTOTAL1,IF($A1232=0,0,ROUND(SomaAgrup,2)))","v":751.4},null,{"$f":"IF(OR($A1232=0,$A1232=\"S\",$A1232>CFF!$A$9),\"\",MAX(W$11:OFFSET(W1232,-1,0))+1)","v":""},{"$f":"IF(AND($J1232=$G$2,$N1232<>\"\",$M1232<>\"\"),CONCATENATE($M1232,\"-\",$N1232))","v":"Rec. Humanos-001"},{"$f":"IF(X1232<>FALSE,MATCH(X1232,OFFSET(Banco,0,0,,1),0))","v":3},null,{"$f":"IF($J1232=$G$2,ROUND(IF(ISNUMBER(S1232),S1232,IF(LEFT(S1232,2)=\"DI\",HLOOKUP(S1232,DADOS!$T$29:$X$30,2,FALSE),0)),4),\"\")","v":0.25}]
["S",0,14,2,0,0,2,{"$f":"IF(OR($A1233=\"S\",$A1233=0),0,MATCH(0,OFFSET($B1233,1,$A1233,ROW($A$1504)-ROW($A1233)),0))","v":0},{"$f":"IF(OR($A1233=\"S\",$A1233=0),0,MATCH(OFFSET($B1233,0,$A1233)+1,OFFSET($B1233,1,$A1233,ROW($A$1504)-ROW($A1233)),0))","v":0},"Insumo","14.2.2.","CRESS","Rec. Humanos","002",{"$f":"IF(NOT(ISERROR($Y1233)),IF($Y1233<>FALSE,INDEX(Banco,$Y1233,5),\"\"),\"\")","v":"Assistente Social"},"Horas",16,133.81,"DI 1",167.26,2676.16,null,{"$f":"IF(OR($A1233=0,$A1233=\"S\",$A1233>CFF!$A$9),\"\",MAX(W$11:OFFSET(W1233,-1,0))+1)","v":""},"Rec. Humanos-002",4,null,{"$f":"IF($J1233=$G$2,ROUND(IF(ISNUMBER(S1233),S1233,IF(LEFT(S1233,2)=\"DI\",HLOOKUP(S1233,DADOS!$T$29:$X$30,2,FALSE),0)),4),\"\")","v":0.25}]
[{"$f":"CHOOSE(1+LOG(1+2*(J1234=$C$2)+4*(J1234=$D$2)+8*(J1234=$E$2)+16*(J1234=$F$2)+32*(J1234=$G$2),2),0,1,2,3,4,\"S\")","v":2},{"$f":"IF(OR(A1234=\"S\",A1234=0),0,IF(ISERROR(I1234),H1234,SMALL(H1234:I1234,1)))","v":20},{"$f":"IF($A1234=1,OFFSET(C1234,-1,0)+1,OFFSET(C1234,-1,0))","v":14},{"$f":"IF($A1234=1,0,IF($A1234=2,OFFSET(D1234,-1,0)+1,OFFSET(D1234,-1,0)))","v":3},{"$f":"IF(AND($A1234<=2,$A1234<>0),0,IF($A1234=3,OFFSET(E1234,-1,0)+1,OFFSET(E1234,-1,0)))","v":0},{"$f":"IF(AND($A1234<=3,$A1234<>0),0,IF($A1234=4,OFFSET(F1234,-1,0)+1,OFFSET(F1234,-1,0)))","v":0},{"$f":"IF(AND($A1234<=4,$A1234<>0),0,IF($A1234=\"S\",OFFSET(G1234,-1,0)+1,OFFSET(G1234,-1,0)))","v":0},{"$f":"IF(OR($A1234=\"S\",$A1234=0),0,MATCH(0,OFFSET($B1234,1,$A1234,ROW($A$1504)-ROW($A1234)),0))","v":110},{"$f":"IF(OR($A1234=\"S\",$A1234=0),0,MATCH(OFFSET($B1234,0,$A1234)+1,OFFSET($B1234,1,$A1234,ROW($A$1504)-ROW($A1234)),0))","v":20},"AtivNível 1",{"$f":"IF($A1234=0,\"-\",CONCATENATE(C1234&\".\",IF(AND($A$5>=2,$A1234>=2),D1234&\".\",\"\"),IF(AND($A$5>=3,$A1234>=3),E1234&\".\",\"\"),IF(AND($A$5>=4,$A1234>=4),F1234&\".\",\"\"),IF($A1234=\"S\",G1234&\".\",\"\")))","v":"14.3."},{"$f":"IF(NOT(ISERROR($Y1234)),IF($Y1234<>FALSE,INDEX(Banco,$Y1234,4),\"\"),\"\")","v":""},null,null,"Atividade 97 - Oficinas de higiêne bucal região Jardim Ikaraí",{"$f":"IF(NOT(ISERROR($Y1234)),IF($Y1234<>FALSE,INDEX(Banco,$Y1234,6),\"\"),\"\")","v":""},null,{"$f":"IF(NOT(ISERROR($Y1234)),IF($Y1234<>FALSE,INDEX(Banco,$Y1234,7),0),0)","v":0},"DI 1",{"$f":"IF($J1234=$G$2,ROUND(ROUND($R1234,2)*IF($R$9=\"Preço Unitário (R$)\",1,1+$AA1234),2),0)","v":0},{"$f":"IF($A1234=\"S\",VTOTAL1,IF($A1234=0,0,ROUND(SomaAgrup,2)))","v":19284.21},null,{"$f":"IF(OR($A1234=0,$A1234=\"S\",$A1234>CFF!$A$9),\"\",MAX(W$11:OFFSET(W1234,-1,0))+1)","v":111},{"$f":"IF(AND($J1234=$G$2,$N1234<>\"\",$M1234<>\"\"),CONCATENATE($M1234,\"-\",$N1234))","v":false},{"$f":"IF(X1234<>FALSE,MATCH(X1234,OFFSET(Banco,0,0,,1),0))","v":false},null,{"$f":"IF($J1234=$G$2,ROUND(IF(ISNUMBER(S1234),S1234,IF(LEFT(S1234,2)=\"DI\",HLOOKUP(S1234,DADOS!$T$29:$X$30,2,FALSE),0)),4),\"\")","v":""}]
["S",0,14,3,0,0,1,{"$f":"IF(OR($A1235=\"S\",$A1235=0),0,MATCH(0,OFFSET($B1235,1,$A1235,ROW($A$1504)-ROW($A1235)),0))","v":0},{"$f":"IF(OR($A1235=\"S\",$A1235=0),0,MATCH(OFFSET($B1235,0,$A1235)+1,OFFSET($B1235,1,$A1235,ROW($A$1504)-ROW($A1235)),0))","v":0},"Insumo","14.3.1.","CRESS","Rec. Humanos","001",{"$f":"IF(NOT(ISERROR($Y1235)),IF($Y1235<>FALSE,INDEX(Banco,$Y1235,5),\"\"),\"\")","v":"Responsável Técnica"},"Horas",6,150.28,"DI 1",187.85,1127.0999999999999,null,{"$f":"IF(OR($A1235=0,$A1235=\"S\",$A1235>CFF!$A$9),\"\",MAX(W$11:OFFSET(W1235,-1,0))+1)","v":""},"Rec. Humanos-001",3,null,{"$f":"IF($J1235=$G$2,ROUND(IF(ISNUMBER(S1235),S1235,IF(LEFT(S1235,2)=\"DI\",HLOOKUP(S1235,DADOS!$T$29:$X$30,2,FALSE),0)),4),\"\")","v":0.25}]
[{"$f":"CHOOSE(1+LOG(1+2*(J1236=$C$2)+4*(J1236=$D$2)+8*(J1236=$E$2)+16*(J1236=$F$2)+32*(J1236=$G$2),2),0,1,2,3,4,\"S\")","v":"S"},{"$f":"IF(OR(A1236=\"S\",A1236=0),0,IF(ISERROR(I1236),H1236,SMALL(H1236:I1236,1)))","v":0},{"$f":"IF($A1236=1,OFFSET(C1236,-1,0)+1,OFFSET(C1236,-1,0))","v":14},{"$f":"IF($A1236=1,0,IF($A1236=2,OFFSET(D1236,-1,0)+1,OFFSET(D1236,-1,0)))","v":3},{"$f":"IF(AND($A1236<=2,$A1236<>0),0,IF($A1236=3,OFFSET(E1236,-1,0)+1,OFFSET(E1236,-1,0)))","v":0},{"$f":"IF(AND($A1236<=3,$A1236<>0),0,IF($A1236=4,OFFSET(F1236,-1,0)+1,OFFSET(F1236,-1,0)))","v":0},{"$f":"IF(AND($A1236<=4,$A1236<>0),0,IF($A1236=\"S\",OFFSET(G1236,-1,0)+1,OFFSET(G1236,-1,0)))","v":2},{"$f":"IF(OR($A1236=\"S\",$A1236=0),0,MATCH(0,OFFSET($B1236,1,$A1236,ROW($A$1504)-ROW($A1236)),0))","v":0},{"$f":"IF(OR($A1236=\"S\",$A1236=0),0,MATCH(OFFSET($B1236,0,$A1236)+1,OFFSET($B1236,1,$A1236,ROW($A$1504)-ROW($A1236)),0))","v":0},"Insumo",{"$f":"IF($A1236=0,\"-\",CONCATENATE(C1236&\".\",IF(AND($A$5>=2,$A1236>=2),D1236&\".\",\"\"),IF(AND($A$5>=3,$A1236>=3),E1236&\".\",\"\"),IF(AND($A$5>=4,$A1236>=4),F1236&\".\",\"\"),IF($A1236=\"S\",G1236&\".\",\"\")))","v":"14.3.2."},{"$f":"IF(NOT(ISERROR($Y1236)),IF($Y1236<>FALSE,INDEX(Banco,$Y1236,4),\"\"),\"\")","v":"CRESS"},"Rec. Humanos","002",{"$f":"IF(NOT(ISERROR($Y1236)),IF($Y1236<>FALSE,INDEX(Banco,$Y1236,5),\"\"),\"\")","v":"Assistente Social"},{"$f":"IF(NOT(ISERROR($Y1236)),IF($Y1236<>FALSE,INDEX(Banco,$Y1236,6),\"\"),\"\")","v":"Horas"},4,{"$f":"IF(NOT(ISERROR($Y1236)),IF($Y1236<>FALSE,INDEX(Banco,$Y1236,7),0),0)","v":133.81},"DI 1",{"$f":"IF($J1236=$G$2,ROUND(ROUND($R1236,2)*IF($R$9=\"Preço Unitário (R$)\",1,1+$AA1236),2),0)","v":167.26},{"$f":"IF($A1236=\"S\",VTOTAL1,IF($A1236=0,0,ROUND(SomaAgrup,2)))","v":669.04},null,{"$f":"IF(OR($A1236=0,$A1236=\"S\",$A1236>CFF!$A$9),\"\",MAX(W$11:OFFSET(W1236,-1,0))+1)","v":""},{"$f":"IF(AND($J1236=$G$2,$N1236<>\"\",$M1236<>\"\"),CONCATENATE($M1236,\"-\",$N1236))","v":"Rec. Humanos-002"},{"$f":"IF(X1236<>FALSE,MATCH(X1236,OFFSET(Banco,0,0,,1),0))","v":4},null,{"$f":"IF($J1236=$G$2,ROUND(IF(ISNUMBER(S1236),S1236,IF(LEFT(S1236,2)=\"DI\",HLOOKUP(S1236,DADOS!$T$29:$X$30,2,FALSE),0)),4),\"\")","v":0.25}]
["S",0,14,3,0,0,3,{"$f":"IF(OR($A1237=\"S\",$A1237=0),0,MATCH(0,OFFSET($B1237,1,$A1237,ROW($A$1504)-ROW($A1237)),0))","v":0},{"$f":"IF(OR($A1237=\"S\",$A1237=0),0,MATCH(OFFSET($B1237,0,$A1237)+1,OFFSET($B1237,1,$A1237,ROW($A$1504)-ROW($A1237)),0))","v":0},"Insumo","14.3.3.","Cotação","Rec. Humanos","003","Administrador (Técnico de Apoio) ","Horas",4,103.65,"DI 1",129.56,518.24,null,{"$f":"IF(OR($A1237=0,$A1237=\"S\",$A1237>CFF!$A$9),\"\",MAX(W$11:OFFSET(W1237,-1,0))+1)","v":""},"Rec. Humanos-003",5,null,{"$f":"IF($J1237=$G$2,ROUND(IF(ISNUMBER(S1237),S1237,IF(LEFT(S1237,2)=\"DI\",HLOOKUP(S1237,DADOS!$T$29:$X$30,2,FALSE),0)),4),\"\")","v":0.25}]
["S",0,14,3,0,0,4,{"$f":"IF(OR($A1238=\"S\",$A1238=0),0,MATCH(0,OFFSET($B1238,1,$A1238,ROW($A$1504)-ROW($A1238)),0))","v":0},{"$f":"IF(OR($A1238=\"S\",$A1238=0),0,MATCH(OFFSET($B1238,0,$A1238)+1,OFFSET($B1238,1,$A1238,ROW($A$1504)-ROW($A1238)),0))","v":0},"Insumo","14.3.4.","SINE","Rec. Humanos","004","Estagiários","Horas",8,9.7899999999999991,"DI 1",12.24,97.92,null,{"$f":"IF(OR($A1238=0,$A1238=\"S\",$A1238>CFF!$A$9),\"\",MAX(W$11:OFFSET(W1238,-1,0))+1)","v":""},"Rec. Humanos-004",6,null,{"$f":"IF($J1238=$G$2,ROUND(IF(ISNUMBER(S1238),S1238,IF(LEFT(S1238,2)=\"DI\",HLOOKUP(S1238,DADOS!$T$29:$X$30,2,FALSE),0)),4),\"\")","v":0.25}]
["S",0,14,3,0,0,5,{"$f":"IF(OR($A1239=\"S\",$A1239=0),0,MATCH(0,OFFSET($B1239,1,$A1239,ROW($A$1504)-ROW($A1239)),0))","v":0},{"$f":"IF(OR($A1239=\"S\",$A1239=0),0,MATCH(OFFSET($B1239,0,$A1239)+1,OFFSET($B1239,1,$A1239,ROW($A$1504)-ROW($A1239)),0))","v":0},"Insumo","14.3.5.","Cotação","Serv. Terc.","001","Fotocópias","Unidade",150,0.3,"DI 1",0.38,57,null,{"$f":"IF(OR($A1239=0,$A1239=\"S\",$A1239>CFF!$A$9),\"\",MAX(W$11:OFFSET(W1239,-1,0))+1)","v":""},"Serv. Terc.-001",81,null,{"$f":"IF($J1239=$G$2,ROUND(IF(ISNUMBER(S1239),S1239,IF(LEFT(S1239,2)=\"DI\",HLOOKUP(S1239,DADOS!$T$29:$X$30,2,FALSE),0)),4),\"\")","v":0.25}]
[{"$f":"CHOOSE(1+LOG(1+2*(J1240=$C$2)+4*(J1240=$D$2)+8*(J1240=$E$2)+16*(J1240=$F$2)+32*(J1240=$G$2),2),0,1,2,3,4,\"S\")","v":"S"},{"$f":"IF(OR(A1240=\"S\",A1240=0),0,IF(ISERROR(I1240),H1240,SMALL(H1240:I1240,1)))","v":0},{"$f":"IF($A1240=1,OFFSET(C1240,-1,0)+1,OFFSET(C1240,-1,0))","v":14},{"$f":"IF($A1240=1,0,IF($A1240=2,OFFSET(D1240,-1,0)+1,OFFSET(D1240,-1,0)))","v":3},{"$f":"IF(AND($A1240<=2,$A1240<>0),0,IF($A1240=3,OFFSET(E1240,-1,0)+1,OFFSET(E1240,-1,0)))","v":0},{"$f":"IF(AND($A1240<=3,$A1240<>0),0,IF($A1240=4,OFFSET(F1240,-1,0)+1,OFFSET(F1240,-1,0)))","v":0},{"$f":"IF(AND($A1240<=4,$A1240<>0),0,IF($A1240=\"S\",OFFSET(G1240,-1,0)+1,OFFSET(G1240,-1,0)))","v":6},{"$f":"IF(OR($A1240=\"S\",$A1240=0),0,MATCH(0,OFFSET($B1240,1,$A1240,ROW($A$1504)-ROW($A1240)),0))","v":0},{"$f":"IF(OR($A1240=\"S\",$A1240=0),0,MATCH(OFFSET($B1240,0,$A1240)+1,OFFSET($B1240,1,$A1240,ROW($A$1504)-ROW($A1240)),0))","v":0},"Insumo",{"$f":"IF($A1240=0,\"-\",CONCATENATE(C1240&\".\",IF(AND($A$5>=2,$A1240>=2),D1240&\".\",\"\"),IF(AND($A$5>=3,$A1240>=3),E1240&\".\",\"\"),IF(AND($A$5>=4,$A1240>=4),F1240&\".\",\"\"),IF($A1240=\"S\",G1240&\".\",\"\")))","v":"14.3.6."},{"$f":"IF(NOT(ISERROR($Y1240)),IF($Y1240<>FALSE,INDEX(Banco,$Y1240,4),\"\"),\"\")","v":"Cotação"},"Serv. Terc.","017",{"$f":"IF(NOT(ISERROR($Y1240)),IF($Y1240<>FALSE,INDEX(Banco,$Y1240,5),\"\"),\"\")","v":"Instrutor/Monitor (Educação Fisíca)"},{"$f":"IF(NOT(ISERROR($Y1240)),IF($Y1240<>FALSE,INDEX(Banco,$Y1240,6),\"\"),\"\")","v":"Horas"},3,{"$f":"IF(NOT(ISERROR($Y1240)),IF($Y1240<>FALSE,INDEX(Banco,$Y1240,7),0),0)","v":100},"DI 1",{"$f":"IF($J1240=$G$2,ROUND(ROUND($R1240,2)*IF($R$9=\"Preço Unitário (R$)\",1,1+$AA1240),2),0)","v":125},{"$f":"IF($A1240=\"S\",VTOTAL1,IF($A1240=0,0,ROUND(SomaAgrup,2)))","v":375},null,{"$f":"IF(OR($A1240=0,$A1240=\"S\",$A1240>CFF!$A$9),\"\",MAX(W$11:OFFSET(W1240,-1,0))+1)","v":""},{"$f":"IF(AND($J1240=$G$2,$N1240<>\"\",$M1240<>\"\"),CONCATENATE($M1240,\"-\",$N1240))","v":"Serv. Terc.-017"},{"$f":"IF(X1240<>FALSE,MATCH(X1240,OFFSET(Banco,0,0,,1),0))","v":97},null,{"$f":"IF($J1240=$G$2,ROUND(IF(ISNUMBER(S1240),S1240,IF(LEFT(S1240,2)=\"DI\",HLOOKUP(S1240,DADOS!$T$29:$X$30,2,FALSE),0)),4),\"\")","v":0.25}]
["S",0,14,3,0,0,7,{"$f":"IF(OR($A1241=\"S\",$A1241=0),0,MATCH(0,OFFSET($B1241,1,$A1241,ROW($A$1504)-ROW($A1241)),0))","v":0},{"$f":"IF(OR($A1241=\"S\",$A1241=0),0,MATCH(OFFSET($B1241,0,$A1241)+1,OFFSET($B1241,1,$A1241,ROW($A$1504)-ROW($A1241)),0))","v":0},"Insumo","14.3.7.","Cotação","Serv. Terc.","002","Carro de som com gravação de vinheta","Horas",3,200,"DI 1",250,750,null,{"$f":"IF(OR($A1241=0,$A1241=\"S\",$A1241>CFF!$A$9),\"\",MAX(W$11:OFFSET(W1241,-1,0))+1)","v":""},"Serv. Terc.-002",82,null,{"$f":"IF($J1241=$G$2,ROUND(IF(ISNUMBER(S1241),S1241,IF(LEFT(S1241,2)=\"DI\",HLOOKUP(S1241,DADOS!$T$29:$X$30,2,FALSE),0)),4),\"\")","v":0.25}]
["S",0,14,3,0,0,8,{"$f":"IF(OR($A1242=\"S\",$A1242=0),0,MATCH(0,OFFSET($B1242,1,$A1242,ROW($A$1504)-ROW($A1242)),0))","v":0},{"$f":"IF(OR($A1242=\"S\",$A1242=0),0,MATCH(OFFSET($B1242,0,$A1242)+1,OFFSET($B1242,1,$A1242,ROW($A$1504)-ROW($A1242)),0))","v":0},"Insumo","14.3.8.","Cotação","Serv. Terc.","005","Locação de caixa térmica","Unidade",2,40,"DI 1",50,100,null,{"$f":"IF(OR($A1242=0,$A1242=\"S\",$A1242>CFF!$A$9),\"\",MAX(W$11:OFFSET(W1242,-1,0))+1)","v":""},"Serv. Terc.-005",85,null,{"$f":"IF($J1242=$G$2,ROUND(IF(ISNUMBER(S1242),S1242,IF(LEFT(S1242,2)=\"DI\",HLOOKUP(S1242,DADOS!$T$29:$X$30,2,FALSE),0)),4),\"\")","v":0.25}]
["S",0,{"$f":"IF($A1243=1,OFFSET(C1243,-1,0)+1,OFFSET(C1243,-1,0))","v":14},{"$f":"IF($A1243=1,0,IF($A1243=2,OFFSET(D1243,-1,0)+1,OFFSET(D1243,-1,0)))","v":3},{"$f":"IF(AND($A1243<=2,$A1243<>0),0,IF($A1243=3,OFFSET(E1243,-1,0)+1,OFFSET(E1243,-1,0)))","v":0},{"$f":"IF(AND($A1243<=3,$A1243<>0),0,IF($A1243=4,OFFSET(F1243,-1,0)+1,OFFSET(F1243,-1,0)))","v":0},{"$f":"IF(AND($A1243<=4,$A1243<>0),0,IF($A1243=\"S\",OFFSET(G1243,-1,0)+1,OFFSET(G1243,-1,0)))","v":9},{"$f":"IF(OR($A1243=\"S\",$A1243=0),0,MATCH(0,OFFSET($B1243,1,$A1243,ROW($A$1504)-ROW($A1243)),0))","v":0},{"$f":"IF(OR($A1243=\"S\",$A1243=0),0,MATCH(OFFSET($B1243,0,$A1243)+1,OFFSET($B1243,1,$A1243,ROW($A$1504)-ROW($A1243)),0))","v":0},"Insumo","14.3.9.",{"$f":"IF(NOT(ISERROR($Y1243)),IF($Y1243<>FALSE,INDEX(Banco,$Y1243,4),\"\"),\"\")","v":"Cotação"},"Serv. Terc.","008","Locação de pula-pula com monitor",{"$f":"IF(NOT(ISERROR($Y1243)),IF($Y1243<>FALSE,INDEX(Banco,$Y1243,6),\"\"),\"\")","v":"Unidade"},2,{"$f":"IF(NOT(ISERROR($Y1243)),IF($Y1243<>FALSE,INDEX(Banco,$Y1243,7),0),0)","v":220},"DI 1",{"$f":"IF($J1243=$G$2,ROUND(ROUND($R1243,2)*IF($R$9=\"Preço Unitário (R$)\",1,1+$AA1243),2),0)","v":275},{"$f":"IF($A1243=\"S\",VTOTAL1,IF($A1243=0,0,ROUND(SomaAgrup,2)))","v":550},null,{"$f":"IF(OR($A1243=0,$A1243=\"S\",$A1243>CFF!$A$9),\"\",MAX(W$11:OFFSET(W1243,-1,0))+1)","v":""},{"$f":"IF(AND($J1243=$G$2,$N1243<>\"\",$M1243<>\"\"),CONCATENATE($M1243,\"-\",$N1243))","v":"Serv. Terc.-008"},88,null,{"$f":"IF($J1243=$G$2,ROUND(IF(ISNUMBER(S1243),S1243,IF(LEFT(S1243,2)=\"DI\",HLOOKUP(S1243,DADOS!$T$29:$X$30,2,FALSE),0)),4),\"\")","v":0.25}]
[{"$f":"CHOOSE(1+LOG(1+2*(J1244=$C$2)+4*(J1244=$D$2)+8*(J1244=$E$2)+16*(J1244=$F$2)+32*(J1244=$G$2),2),0,1,2,3,4,\"S\")","v":"S"},{"$f":"IF(OR(A1244=\"S\",A1244=0),0,IF(ISERROR(I1244),H1244,SMALL(H1244:I1244,1)))","v":0},14,3,0,0,10,{"$f":"IF(OR($A1244=\"S\",$A1244=0),0,MATCH(0,OFFSET($B1244,1,$A1244,ROW($A$1504)-ROW($A1244)),0))","v":0},{"$f":"IF(OR($A1244=\"S\",$A1244=0),0,MATCH(OFFSET($B1244,0,$A1244)+1,OFFSET($B1244,1,$A1244,ROW($A$1504)-ROW($A1244)),0))","v":0},"Insumo",{"$f":"IF($A1244=0,\"-\",CONCATENATE(C1244&\".\",IF(AND($A$5>=2,$A1244>=2),D1244&\".\",\"\"),IF(AND($A$5>=3,$A1244>=3),E1244&\".\",\"\"),IF(AND($A$5>=4,$A1244>=4),F1244&\".\",\"\"),IF($A1244=\"S\",G1244&\".\",\"\")))","v":"14.3.10."},"Cotação ","Serv. Terc.","011","Barra de gelo","Unidade",4,12,"DI 1",15,60,null,{"$f":"IF(OR($A1244=0,$A1244=\"S\",$A1244>CFF!$A$9),\"\",MAX(W$11:OFFSET(W1244,-1,0))+1)","v":""},"Serv. Terc.-011",{"$f":"IF(X1244<>FALSE,MATCH(X1244,OFFSET(Banco,0,0,,1),0))","v":91},null,{"$f":"IF($J1244=$G$2,ROUND(IF(ISNUMBER(S1244),S1244,IF(LEFT(S1244,2)=\"DI\",HLOOKUP(S1244,DADOS!$T$29:$X$30,2,FALSE),0)),4),\"\")","v":0.25}]
["S",0,14,3,0,0,11,{"$f":"IF(OR($A1245=\"S\",$A1245=0),0,MATCH(0,OFFSET($B1245,1,$A1245,ROW($A$1504)-ROW($A1245)),0))","v":0},{"$f":"IF(OR($A1245=\"S\",$A1245=0),0,MATCH(OFFSET($B1245,0,$A1245)+1,OFFSET($B1245,1,$A1245,ROW($A$1504)-ROW($A1245)),0))","v":0},"Insumo","14.3.11.","Cotação","Serv. Terc.","013","Sucos","Unidade",12,6.4,"DI 1",8,96,null,{"$f":"IF(OR($A1245=0,$A1245=\"S\",$A1245>CFF!$A$9),\"\",MAX(W$11:OFFSET(W1245,-1,0))+1)","v":""},"Serv. Terc.-013",93,null,{"$f":"IF($J1245=$G$2,ROUND(IF(ISNUMBER(S1245),S1245,IF(LEFT(S1245,2)=\"DI\",HLOOKUP(S1245,DADOS!$T$29:$X$30,2,FALSE),0)),4),\"\")","v":0.25}]
[{"$f":"CHOOSE(1+LOG(1+2*(J1246=$C$2)+4*(J1246=$D$2)+8*(J1246=$E$2)+16*(J1246=$F$2)+32*(J1246=$G$2),2),0,1,2,3,4,\"S\")","v":"S"},{"$f":"IF(OR(A1246=\"S\",A1246=0),0,IF(ISERROR(I1246),H1246,SMALL(H1246:I1246,1)))","v":0},14,3,0,0,12,{"$f":"IF(OR($A1246=\"S\",$A1246=0),0,MATCH(0,OFFSET($B1246,1,$A1246,ROW($A$1504)-ROW($A1246)),0))","v":0},{"$f":"IF(OR($A1246=\"S\",$A1246=0),0,MATCH(OFFSET($B1246,0,$A1246)+1,OFFSET($B1246,1,$A1246,ROW($A$1504)-ROW($A1246)),0))","v":0},"Insumo",{"$f":"IF($A1246=0,\"-\",CONCATENATE(C1246&\".\",IF(AND($A$5>=2,$A1246>=2),D1246&\".\",\"\"),IF(AND($A$5>=3,$A1246>=3),E1246&\".\",\"\"),IF(AND($A$5>=4,$A1246>=4),F1246&\".\",\"\"),IF($A1246=\"S\",G1246&\".\",\"\")))","v":"14.3.12."},"Cotação","Serv. Terc.","027",{"$f":"IF(NOT(ISERROR($Y1246)),IF($Y1246<>FALSE,INDEX(Banco,$Y1246,5),\"\"),\"\")","v":"Refrigerantes (02 litros) "},"Unidade",20,6,"DI 1",7.5,150,null,{"$f":"IF(OR($A1246=0,$A1246=\"S\",$A1246>CFF!$A$9),\"\",MAX(W$11:OFFSET(W1246,-1,0))+1)","v":""},"Serv. Terc.-027",{"$f":"IF(X1246<>FALSE,MATCH(X1246,OFFSET(Banco,0,0,,1),0))","v":107},null,{"$f":"IF($J1246=$G$2,ROUND(IF(ISNUMBER(S1246),S1246,IF(LEFT(S1246,2)=\"DI\",HLOOKUP(S1246,DADOS!$T$29:$X$30,2,FALSE),0)),4),\"\")","v":0.25}]
["S",0,14,3,0,0,13,{"$f":"IF(OR($A1247=\"S\",$A1247=0),0,MATCH(0,OFFSET($B1247,1,$A1247,ROW($A$1504)-ROW($A1247)),0))","v":0},{"$f":"IF(OR($A1247=\"S\",$A1247=0),0,MATCH(OFFSET($B1247,0,$A1247)+1,OFFSET($B1247,1,$A1247,ROW($A$1504)-ROW($A1247)),0))","v":0},"Insumo","14.3.13.","Cotação ","Serv. Terc.","010","Brindes ( descrição nos orçamentos e PTS)","Unidade",4,120,"DI 1",150,600,null,{"$f":"IF(OR($A1247=0,$A1247=\"S\",$A1247>CFF!$A$9),\"\",MAX(W$11:OFFSET(W1247,-1,0))+1)","v":""},"Serv. Terc.-010",90,null,{"$f":"IF($J1247=$G$2,ROUND(IF(ISNUMBER(S1247),S1247,IF(LEFT(S1247,2)=\"DI\",HLOOKUP(S1247,DADOS!$T$29:$X$30,2,FALSE),0)),4),\"\")","v":0.25}]
["S",0,14,3,0,0,14,{"$f":"IF(OR($A1248=\"S\",$A1248=0),0,MATCH(0,OFFSET($B1248,1,$A1248,ROW($A$1504)-ROW($A1248)),0))","v":0},{"$f":"IF(OR($A1248=\"S\",$A1248=0),0,MATCH(OFFSET($B1248,0,$A1248)+1,OFFSET($B1248,1,$A1248,ROW($A$1504)-ROW($A1248)),0))","v":0},"Insumo","14.3.14.","Cotação","Serv. Terc.","015","Coffee break (salgados)","Centro",15,65,"DI 1",81.25,1218.75,null,{"$f":"IF(OR($A1248=0,$A1248=\"S\",$A1248>CFF!$A$9),\"\",MAX(W$11:OFFSET(W1248,-1,0))+1)","v":""},"Serv. Terc.-015",95,null,{"$f":"IF($J1248=$G$2,ROUND(IF(ISNUMBER(S1248),S1248,IF(LEFT(S1248,2)=\"DI\",HLOOKUP(S1248,DADOS!$T$29:$X$30,2,FALSE),0)),4),\"\")","v":0.25}]
[{"$f":"CHOOSE(1+LOG(1+2*(J1249=$C$2)+4*(J1249=$D$2)+8*(J1249=$E$2)+16*(J1249=$F$2)+32*(J1249=$G$2),2),0,1,2,3,4,\"S\")","v":"S"},{"$f":"IF(OR(A1249=\"S\",A1249=0),0,IF(ISERROR(I1249),H1249,SMALL(H1249:I1249,1)))","v":0},14,3,0,0,15,{"$f":"IF(OR($A1249=\"S\",$A1249=0),0,MATCH(0,OFFSET($B1249,1,$A1249,ROW($A$1504)-ROW($A1249)),0))","v":0},{"$f":"IF(OR($A1249=\"S\",$A1249=0),0,MATCH(OFFSET($B1249,0,$A1249)+1,OFFSET($B1249,1,$A1249,ROW($A$1504)-ROW($A1249)),0))","v":0},"Insumo",{"$f":"IF($A1249=0,\"-\",CONCATENATE(C1249&\".\",IF(AND($A$5>=2,$A1249>=2),D1249&\".\",\"\"),IF(AND($A$5>=3,$A1249>=3),E1249&\".\",\"\"),IF(AND($A$5>=4,$A1249>=4),F1249&\".\",\"\"),IF($A1249=\"S\",G1249&\".\",\"\")))","v":"14.3.15."},"COREN","Serv. Terc.","080",{"$f":"IF(NOT(ISERROR($Y1249)),IF($Y1249<>FALSE,INDEX(Banco,$Y1249,5),\"\"),\"\")","v":"Enfermeiro padrão"},"Unidade",4,123.02,"DI 1",153.78,615.12,null,{"$f":"IF(OR($A1249=0,$A1249=\"S\",$A1249>CFF!$A$9),\"\",MAX(W$11:OFFSET(W1249,-1,0))+1)","v":""},"Serv. Terc.-080",{"$f":"IF(X1249<>FALSE,MATCH(X1249,OFFSET(Banco,0,0,,1),0))","v":160},null,{"$f":"IF($J1249=$G$2,ROUND(IF(ISNUMBER(S1249),S1249,IF(LEFT(S1249,2)=\"DI\",HLOOKUP(S1249,DADOS!$T$29:$X$30,2,FALSE),0)),4),\"\")","v":0.25}]
["S",0,14,3,0,0,16,{"$f":"IF(OR($A1250=\"S\",$A1250=0),0,MATCH(0,OFFSET($B1250,1,$A1250,ROW($A$1504)-ROW($A1250)),0))","v":0},{"$f":"IF(OR($A1250=\"S\",$A1250=0),0,MATCH(OFFSET($B1250,0,$A1250)+1,OFFSET($B1250,1,$A1250,ROW($A$1504)-ROW($A1250)),0))","v":0},"Insumo","14.3.16.","Cotação","Rec. Materiais","020","Guloseimas (balas e pirulito)","Pacote",4,12,"DI 1",15,60,null,{"$f":"IF(OR($A1250=0,$A1250=\"S\",$A1250>CFF!$A$9),\"\",MAX(W$11:OFFSET(W1250,-1,0))+1)","v":""},"Rec. Materiais-020",29,null,{"$f":"IF($J1250=$G$2,ROUND(IF(ISNUMBER(S1250),S1250,IF(LEFT(S1250,2)=\"DI\",HLOOKUP(S1250,DADOS!$T$29:$X$30,2,FALSE),0)),4),\"\")","v":0.25}]
["S",0,14,3,0,0,17,{"$f":"IF(OR($A1251=\"S\",$A1251=0),0,MATCH(0,OFFSET($B1251,1,$A1251,ROW($A$1504)-ROW($A1251)),0))","v":0},{"$f":"IF(OR($A1251=\"S\",$A1251=0),0,MATCH(OFFSET($B1251,0,$A1251)+1,OFFSET($B1251,1,$A1251,ROW($A$1504)-ROW($A1251)),0))","v":0},"Insumo","14.3.17.","Cotação","Rec. Materiais","021","Papel de presente","Folhas",8,1.5,"DI 1",1.88,15.04,null,{"$f":"IF(OR($A1251=0,$A1251=\"S\",$A1251>CFF!$A$9),\"\",MAX(W$11:OFFSET(W1251,-1,0))+1)","v":""},"Rec. Materiais-021",30,null,{"$f":"IF($J1251=$G$2,ROUND(IF(ISNUMBER(S1251),S1251,IF(LEFT(S1251,2)=\"DI\",HLOOKUP(S1251,DADOS!$T$29:$X$30,2,FALSE),0)),4),\"\")","v":0.25}]
["S",0,14,3,0,0,18,{"$f":"IF(OR($A1252=\"S\",$A1252=0),0,MATCH(0,OFFSET($B1252,1,$A1252,ROW($A$1504)-ROW($A1252)),0))","v":0},{"$f":"IF(OR($A1252=\"S\",$A1252=0),0,MATCH(OFFSET($B1252,0,$A1252)+1,OFFSET($B1252,1,$A1252,ROW($A$1504)-ROW($A1252)),0))","v":0},"Insumo","14.3.18.","Cotação","Rec. Materiais","026","Saco de lixo (100 litros)","Pacote",2,15,"DI 1",18.75,37.5,null,{"$f":"IF(OR($A1252=0,$A1252=\"S\",$A1252>CFF!$A$9),\"\",MAX(W$11:OFFSET(W1252,-1,0))+1)","v":""},"Rec. Materiais-026",35,null,{"$f":"IF($J1252=$G$2,ROUND(IF(ISNUMBER(S1252),S1252,IF(LEFT(S1252,2)=\"DI\",HLOOKUP(S1252,DADOS!$T$29:$X$30,2,FALSE),0)),4),\"\")","v":0.25}]
[{"$f":"CHOOSE(1+LOG(1+2*(J1253=$C$2)+4*(J1253=$D$2)+8*(J1253=$E$2)+16*(J1253=$F$2)+32*(J1253=$G$2),2),0,1,2,3,4,\"S\")","v":"S"},{"$f":"IF(OR(A1253=\"S\",A1253=0),0,IF(ISERROR(I1253),H1253,SMALL(H1253:I1253,1)))","v":0},14,3,0,0,19,{"$f":"IF(OR($A1253=\"S\",$A1253=0),0,MATCH(0,OFFSET($B1253,1,$A1253,ROW($A$1504)-ROW($A1253)),0))","v":0},{"$f":"IF(OR($A1253=\"S\",$A1253=0),0,MATCH(OFFSET($B1253,0,$A1253)+1,OFFSET($B1253,1,$A1253,ROW($A$1504)-ROW($A1253)),0))","v":0},"Insumo",{"$f":"IF($A1253=0,\"-\",CONCATENATE(C1253&\".\",IF(AND($A$5>=2,$A1253>=2),D1253&\".\",\"\"),IF(AND($A$5>=3,$A1253>=3),E1253&\".\",\"\"),IF(AND($A$5>=4,$A1253>=4),F1253&\".\",\"\"),IF($A1253=\"S\",G1253&\".\",\"\")))","v":"14.3.19."},"Cotação","Serv. Terc.","042","KIT - Material de higiêne bucal","Kits",250,39,"DI 1",48.75,12187.5,null,{"$f":"IF(OR($A1253=0,$A1253=\"S\",$A1253>CFF!$A$9),\"\",MAX(W$11:OFFSET(W1253,-1,0))+1)","v":""},"Serv. Terc.-042",{"$f":"IF(X1253<>FALSE,MATCH(X1253,OFFSET(Banco,0,0,,1),0))","v":122},null,{"$f":"IF($J1253=$G$2,ROUND(IF(ISNUMBER(S1253),S1253,IF(LEFT(S1253,2)=\"DI\",HLOOKUP(S1253,DADOS!$T$29:$X$30,2,FALSE),0)),4),\"\")","v":0.25}]
[{"$f":"CHOOSE(1+LOG(1+2*(J1254=$C$2)+4*(J1254=$D$2)+8*(J1254=$E$2)+16*(J1254=$F$2)+32*(J1254=$G$2),2),0,1,2,3,4,\"S\")","v":2},{"$f":"IF(OR(A1254=\"S\",A1254=0),0,IF(ISERROR(I1254),H1254,SMALL(H1254:I1254,1)))","v":3},{"$f":"IF($A1254=1,OFFSET(C1254,-1,0)+1,OFFSET(C1254,-1,0))","v":14},{"$f":"IF($A1254=1,0,IF($A1254=2,OFFSET(D1254,-1,0)+1,OFFSET(D1254,-1,0)))","v":4},{"$f":"IF(AND($A1254<=2,$A1254<>0),0,IF($A1254=3,OFFSET(E1254,-1,0)+1,OFFSET(E1254,-1,0)))","v":0},{"$f":"IF(AND($A1254<=3,$A1254<>0),0,IF($A1254=4,OFFSET(F1254,-1,0)+1,OFFSET(F1254,-1,0)))","v":0},{"$f":"IF(AND($A1254<=4,$A1254<>0),0,IF($A1254=\"S\",OFFSET(G1254,-1,0)+1,OFFSET(G1254,-1,0)))","v":0},{"$f":"IF(OR($A1254=\"S\",$A1254=0),0,MATCH(0,OFFSET($B1254,1,$A1254,ROW($A$1504)-ROW($A1254)),0))","v":90},{"$f":"IF(OR($A1254=\"S\",$A1254=0),0,MATCH(OFFSET($B1254,0,$A1254)+1,OFFSET($B1254,1,$A1254,ROW($A$1504)-ROW($A1254)),0))","v":3},"AtivNível 1",{"$f":"IF($A1254=0,\"-\",CONCATENATE(C1254&\".\",IF(AND($A$5>=2,$A1254>=2),D1254&\".\",\"\"),IF(AND($A$5>=3,$A1254>=3),E1254&\".\",\"\"),IF(AND($A$5>=4,$A1254>=4),F1254&\".\",\"\"),IF($A1254=\"S\",G1254&\".\",\"\")))","v":"14.4."},{"$f":"IF(NOT(ISERROR($Y1254)),IF($Y1254<>FALSE,INDEX(Banco,$Y1254,4),\"\"),\"\")","v":""},null,null,"Ativiidade 98 - Plantão Social região Jrdim Ikaraí",{"$f":"IF(NOT(ISERROR($Y1254)),IF($Y1254<>FALSE,INDEX(Banco,$Y1254,6),\"\"),\"\")","v":""},null,{"$f":"IF(NOT(ISERROR($Y1254)),IF($Y1254<>FALSE,INDEX(Banco,$Y1254,7),0),0)","v":0},"DI 1",{"$f":"IF($J1254=$G$2,ROUND(ROUND($R1254,2)*IF($R$9=\"Preço Unitário (R$)\",1,1+$AA1254),2),0)","v":0},{"$f":"IF($A1254=\"S\",VTOTAL1,IF($A1254=0,0,ROUND(SomaAgrup,2)))","v":3427.56},null,{"$f":"IF(OR($A1254=0,$A1254=\"S\",$A1254>CFF!$A$9),\"\",MAX(W$11:OFFSET(W1254,-1,0))+1)","v":112},{"$f":"IF(AND($J1254=$G$2,$N1254<>\"\",$M1254<>\"\"),CONCATENATE($M1254,\"-\",$N1254))","v":false},{"$f":"IF(X1254<>FALSE,MATCH(X1254,OFFSET(Banco,0,0,,1),0))","v":false},null,{"$f":"IF($J1254=$G$2,ROUND(IF(ISNUMBER(S1254),S1254,IF(LEFT(S1254,2)=\"DI\",HLOOKUP(S1254,DADOS!$T$29:$X$30,2,FALSE),0)),4),\"\")","v":""}]
[{"$f":"CHOOSE(1+LOG(1+2*(J1255=$C$2)+4*(J1255=$D$2)+8*(J1255=$E$2)+16*(J1255=$F$2)+32*(J1255=$G$2),2),0,1,2,3,4,\"S\")","v":"S"},{"$f":"IF(OR(A1255=\"S\",A1255=0),0,IF(ISERROR(I1255),H1255,SMALL(H1255:I1255,1)))","v":0},{"$f":"IF($A1255=1,OFFSET(C1255,-1,0)+1,OFFSET(C1255,-1,0))","v":14},{"$f":"IF($A1255=1,0,IF($A1255=2,OFFSET(D1255,-1,0)+1,OFFSET(D1255,-1,0)))","v":4},{"$f":"IF(AND($A1255<=2,$A1255<>0),0,IF($A1255=3,OFFSET(E1255,-1,0)+1,OFFSET(E1255,-1,0)))","v":0},{"$f":"IF(AND($A1255<=3,$A1255<>0),0,IF($A1255=4,OFFSET(F1255,-1,0)+1,OFFSET(F1255,-1,0)))","v":0},{"$f":"IF(AND($A1255<=4,$A1255<>0),0,IF($A1255=\"S\",OFFSET(G1255,-1,0)+1,OFFSET(G1255,-1,0)))","v":1},{"$f":"IF(OR($A1255=\"S\",$A1255=0),0,MATCH(0,OFFSET($B1255,1,$A1255,ROW($A$1504)-ROW($A1255)),0))","v":0},{"$f":"IF(OR($A1255=\"S\",$A1255=0),0,MATCH(OFFSET($B1255,0,$A1255)+1,OFFSET($B1255,1,$A1255,ROW($A$1504)-ROW($A1255)),0))","v":0},"Insumo",{"$f":"IF($A1255=0,\"-\",CONCATENATE(C1255&\".\",IF(AND($A$5>=2,$A1255>=2),D1255&\".\",\"\"),IF(AND($A$5>=3,$A1255>=3),E1255&\".\",\"\"),IF(AND($A$5>=4,$A1255>=4),F1255&\".\",\"\"),IF($A1255=\"S\",G1255&\".\",\"\")))","v":"14.4.1."},{"$f":"IF(NOT(ISERROR($Y1255)),IF($Y1255<>FALSE,INDEX(Banco,$Y1255,4),\"\"),\"\")","v":"CRESS"},"Rec. Humanos","001",{"$f":"IF(NOT(ISERROR($Y1255)),IF($Y1255<>FALSE,INDEX(Banco,$Y1255,5),\"\"),\"\")","v":"Responsável Técnica"},{"$f":"IF(NOT(ISERROR($Y1255)),IF($Y1255<>FALSE,INDEX(Banco,$Y1255,6),\"\"),\"\")","v":"Horas"},4,{"$f":"IF(NOT(ISERROR($Y1255)),IF($Y1255<>FALSE,INDEX(Banco,$Y1255,7),0),0)","v":150.28},"DI 1",{"$f":"IF($J1255=$G$2,ROUND(ROUND($R1255,2)*IF($R$9=\"Preço Unitário (R$)\",1,1+$AA1255),2),0)","v":187.85},{"$f":"IF($A1255=\"S\",VTOTAL1,IF($A1255=0,0,ROUND(SomaAgrup,2)))","v":751.4},null,{"$f":"IF(OR($A1255=0,$A1255=\"S\",$A1255>CFF!$A$9),\"\",MAX(W$11:OFFSET(W1255,-1,0))+1)","v":""},{"$f":"IF(AND($J1255=$G$2,$N1255<>\"\",$M1255<>\"\"),CONCATENATE($M1255,\"-\",$N1255))","v":"Rec. Humanos-001"},{"$f":"IF(X1255<>FALSE,MATCH(X1255,OFFSET(Banco,0,0,,1),0))","v":3},null,{"$f":"IF($J1255=$G$2,ROUND(IF(ISNUMBER(S1255),S1255,IF(LEFT(S1255,2)=\"DI\",HLOOKUP(S1255,DADOS!$T$29:$X$30,2,FALSE),0)),4),\"\")","v":0.25}]
["S",0,14,4,0,0,2,{"$f":"IF(OR($A1256=\"S\",$A1256=0),0,MATCH(0,OFFSET($B1256,1,$A1256,ROW($A$1504)-ROW($A1256)),0))","v":0},{"$f":"IF(OR($A1256=\"S\",$A1256=0),0,MATCH(OFFSET($B1256,0,$A1256)+1,OFFSET($B1256,1,$A1256,ROW($A$1504)-ROW($A1256)),0))","v":0},"Insumo","14.4.2.","CRESS","Rec. Humanos","002",{"$f":"IF(NOT(ISERROR($Y1256)),IF($Y1256<>FALSE,INDEX(Banco,$Y1256,5),\"\"),\"\")","v":"Assistente Social"},"Horas",16,133.81,"DI 1",167.26,2676.16,null,{"$f":"IF(OR($A1256=0,$A1256=\"S\",$A1256>CFF!$A$9),\"\",MAX(W$11:OFFSET(W1256,-1,0))+1)","v":""},"Rec. Humanos-002",4,null,{"$f":"IF($J1256=$G$2,ROUND(IF(ISNUMBER(S1256),S1256,IF(LEFT(S1256,2)=\"DI\",HLOOKUP(S1256,DADOS!$T$29:$X$30,2,FALSE),0)),4),\"\")","v":0.25}]
[{"$f":"CHOOSE(1+LOG(1+2*(J1257=$C$2)+4*(J1257=$D$2)+8*(J1257=$E$2)+16*(J1257=$F$2)+32*(J1257=$G$2),2),0,1,2,3,4,\"S\")","v":2},{"$f":"IF(OR(A1257=\"S\",A1257=0),0,IF(ISERROR(I1257),H1257,SMALL(H1257:I1257,1)))","v":20},{"$f":"IF($A1257=1,OFFSET(C1257,-1,0)+1,OFFSET(C1257,-1,0))","v":14},{"$f":"IF($A1257=1,0,IF($A1257=2,OFFSET(D1257,-1,0)+1,OFFSET(D1257,-1,0)))","v":5},{"$f":"IF(AND($A1257<=2,$A1257<>0),0,IF($A1257=3,OFFSET(E1257,-1,0)+1,OFFSET(E1257,-1,0)))","v":0},{"$f":"IF(AND($A1257<=3,$A1257<>0),0,IF($A1257=4,OFFSET(F1257,-1,0)+1,OFFSET(F1257,-1,0)))","v":0},{"$f":"IF(AND($A1257<=4,$A1257<>0),0,IF($A1257=\"S\",OFFSET(G1257,-1,0)+1,OFFSET(G1257,-1,0)))","v":0},{"$f":"IF(OR($A1257=\"S\",$A1257=0),0,MATCH(0,OFFSET($B1257,1,$A1257,ROW($A$1504)-ROW($A1257)),0))","v":87},{"$f":"IF(OR($A1257=\"S\",$A1257=0),0,MATCH(OFFSET($B1257,0,$A1257)+1,OFFSET($B1257,1,$A1257,ROW($A$1504)-ROW($A1257)),0))","v":20},"AtivNível 1",{"$f":"IF($A1257=0,\"-\",CONCATENATE(C1257&\".\",IF(AND($A$5>=2,$A1257>=2),D1257&\".\",\"\"),IF(AND($A$5>=3,$A1257>=3),E1257&\".\",\"\"),IF(AND($A$5>=4,$A1257>=4),F1257&\".\",\"\"),IF($A1257=\"S\",G1257&\".\",\"\")))","v":"14.5."},{"$f":"IF(NOT(ISERROR($Y1257)),IF($Y1257<>FALSE,INDEX(Banco,$Y1257,4),\"\"),\"\")","v":""},null,null,"Atividade 99 - Oficina de higiêne bucal Bairro: Frutal de Minas e Jardim Paula II",{"$f":"IF(NOT(ISERROR($Y1257)),IF($Y1257<>FALSE,INDEX(Banco,$Y1257,6),\"\"),\"\")","v":""},null,{"$f":"IF(NOT(ISERROR($Y1257)),IF($Y1257<>FALSE,INDEX(Banco,$Y1257,7),0),0)","v":0},"DI 1",{"$f":"IF($J1257=$G$2,ROUND(ROUND($R1257,2)*IF($R$9=\"Preço Unitário (R$)\",1,1+$AA1257),2),0)","v":0},{"$f":"IF($A1257=\"S\",VTOTAL1,IF($A1257=0,0,ROUND(SomaAgrup,2)))","v":17985.48},null,{"$f":"IF(OR($A1257=0,$A1257=\"S\",$A1257>CFF!$A$9),\"\",MAX(W$11:OFFSET(W1257,-1,0))+1)","v":113},{"$f":"IF(AND($J1257=$G$2,$N1257<>\"\",$M1257<>\"\"),CONCATENATE($M1257,\"-\",$N1257))","v":false},{"$f":"IF(X1257<>FALSE,MATCH(X1257,OFFSET(Banco,0,0,,1),0))","v":false},null,{"$f":"IF($J1257=$G$2,ROUND(IF(ISNUMBER(S1257),S1257,IF(LEFT(S1257,2)=\"DI\",HLOOKUP(S1257,DADOS!$T$29:$X$30,2,FALSE),0)),4),\"\")","v":""}]
[{"$f":"CHOOSE(1+LOG(1+2*(J1258=$C$2)+4*(J1258=$D$2)+8*(J1258=$E$2)+16*(J1258=$F$2)+32*(J1258=$G$2),2),0,1,2,3,4,\"S\")","v":"S"},{"$f":"IF(OR(A1258=\"S\",A1258=0),0,IF(ISERROR(I1258),H1258,SMALL(H1258:I1258,1)))","v":0},{"$f":"IF($A1258=1,OFFSET(C1258,-1,0)+1,OFFSET(C1258,-1,0))","v":14},{"$f":"IF($A1258=1,0,IF($A1258=2,OFFSET(D1258,-1,0)+1,OFFSET(D1258,-1,0)))","v":5},{"$f":"IF(AND($A1258<=2,$A1258<>0),0,IF($A1258=3,OFFSET(E1258,-1,0)+1,OFFSET(E1258,-1,0)))","v":0},{"$f":"IF(AND($A1258<=3,$A1258<>0),0,IF($A1258=4,OFFSET(F1258,-1,0)+1,OFFSET(F1258,-1,0)))","v":0},{"$f":"IF(AND($A1258<=4,$A1258<>0),0,IF($A1258=\"S\",OFFSET(G1258,-1,0)+1,OFFSET(G1258,-1,0)))","v":1},{"$f":"IF(OR($A1258=\"S\",$A1258=0),0,MATCH(0,OFFSET($B1258,1,$A1258,ROW($A$1504)-ROW($A1258)),0))","v":0},{"$f":"IF(OR($A1258=\"S\",$A1258=0),0,MATCH(OFFSET($B1258,0,$A1258)+1,OFFSET($B1258,1,$A1258,ROW($A$1504)-ROW($A1258)),0))","v":0},"Insumo",{"$f":"IF($A1258=0,\"-\",CONCATENATE(C1258&\".\",IF(AND($A$5>=2,$A1258>=2),D1258&\".\",\"\"),IF(AND($A$5>=3,$A1258>=3),E1258&\".\",\"\"),IF(AND($A$5>=4,$A1258>=4),F1258&\".\",\"\"),IF($A1258=\"S\",G1258&\".\",\"\")))","v":"14.5.1."},{"$f":"IF(NOT(ISERROR($Y1258)),IF($Y1258<>FALSE,INDEX(Banco,$Y1258,4),\"\"),\"\")","v":"CRESS"},"Rec. Humanos","001",{"$f":"IF(NOT(ISERROR($Y1258)),IF($Y1258<>FALSE,INDEX(Banco,$Y1258,5),\"\"),\"\")","v":"Responsável Técnica"},{"$f":"IF(NOT(ISERROR($Y1258)),IF($Y1258<>FALSE,INDEX(Banco,$Y1258,6),\"\"),\"\")","v":"Horas"},9,{"$f":"IF(NOT(ISERROR($Y1258)),IF($Y1258<>FALSE,INDEX(Banco,$Y1258,7),0),0)","v":150.28},"DI 1",{"$f":"IF($J1258=$G$2,ROUND(ROUND($R1258,2)*IF($R$9=\"Preço Unitário (R$)\",1,1+$AA1258),2),0)","v":187.85},{"$f":"IF($A1258=\"S\",VTOTAL1,IF($A1258=0,0,ROUND(SomaAgrup,2)))","v":1690.65},null,{"$f":"IF(OR($A1258=0,$A1258=\"S\",$A1258>CFF!$A$9),\"\",MAX(W$11:OFFSET(W1258,-1,0))+1)","v":""},{"$f":"IF(AND($J1258=$G$2,$N1258<>\"\",$M1258<>\"\"),CONCATENATE($M1258,\"-\",$N1258))","v":"Rec. Humanos-001"},{"$f":"IF(X1258<>FALSE,MATCH(X1258,OFFSET(Banco,0,0,,1),0))","v":3},null,{"$f":"IF($J1258=$G$2,ROUND(IF(ISNUMBER(S1258),S1258,IF(LEFT(S1258,2)=\"DI\",HLOOKUP(S1258,DADOS!$T$29:$X$30,2,FALSE),0)),4),\"\")","v":0.25}]
["S",0,14,5,0,0,2,{"$f":"IF(OR($A1259=\"S\",$A1259=0),0,MATCH(0,OFFSET($B1259,1,$A1259,ROW($A$1504)-ROW($A1259)),0))","v":0},{"$f":"IF(OR($A1259=\"S\",$A1259=0),0,MATCH(OFFSET($B1259,0,$A1259)+1,OFFSET($B1259,1,$A1259,ROW($A$1504)-ROW($A1259)),0))","v":0},"Insumo","14.5.2.","CRESS","Rec. Humanos","002",{"$f":"IF(NOT(ISERROR($Y1259)),IF($Y1259<>FALSE,INDEX(Banco,$Y1259,5),\"\"),\"\")","v":"Assistente Social"},"Horas",7,133.81,"DI 1",167.26,1170.82,null,{"$f":"IF(OR($A1259=0,$A1259=\"S\",$A1259>CFF!$A$9),\"\",MAX(W$11:OFFSET(W1259,-1,0))+1)","v":""},"Rec. Humanos-002",4,null,{"$f":"IF($J1259=$G$2,ROUND(IF(ISNUMBER(S1259),S1259,IF(LEFT(S1259,2)=\"DI\",HLOOKUP(S1259,DADOS!$T$29:$X$30,2,FALSE),0)),4),\"\")","v":0.25}]
["S",0,14,5,0,0,3,{"$f":"IF(OR($A1260=\"S\",$A1260=0),0,MATCH(0,OFFSET($B1260,1,$A1260,ROW($A$1504)-ROW($A1260)),0))","v":0},{"$f":"IF(OR($A1260=\"S\",$A1260=0),0,MATCH(OFFSET($B1260,0,$A1260)+1,OFFSET($B1260,1,$A1260,ROW($A$1504)-ROW($A1260)),0))","v":0},"Insumo","14.5.3.","Cotação","Rec. Humanos","003","Administrador (Técnico de Apoio) ","Horas",4,103.65,"DI 1",129.56,518.24,null,{"$f":"IF(OR($A1260=0,$A1260=\"S\",$A1260>CFF!$A$9),\"\",MAX(W$11:OFFSET(W1260,-1,0))+1)","v":""},"Rec. Humanos-003",5,null,{"$f":"IF($J1260=$G$2,ROUND(IF(ISNUMBER(S1260),S1260,IF(LEFT(S1260,2)=\"DI\",HLOOKUP(S1260,DADOS!$T$29:$X$30,2,FALSE),0)),4),\"\")","v":0.25}]
["S",0,14,5,0,0,4,{"$f":"IF(OR($A1261=\"S\",$A1261=0),0,MATCH(0,OFFSET($B1261,1,$A1261,ROW($A$1504)-ROW($A1261)),0))","v":0},{"$f":"IF(OR($A1261=\"S\",$A1261=0),0,MATCH(OFFSET($B1261,0,$A1261)+1,OFFSET($B1261,1,$A1261,ROW($A$1504)-ROW($A1261)),0))","v":0},"Insumo","14.5.4.","SINE","Rec. Humanos","004","Estagiários","Horas",14,9.7899999999999991,"DI 1",12.24,171.36,null,{"$f":"IF(OR($A1261=0,$A1261=\"S\",$A1261>CFF!$A$9),\"\",MAX(W$11:OFFSET(W1261,-1,0))+1)","v":""},"Rec. Humanos-004",6,null,{"$f":"IF($J1261=$G$2,ROUND(IF(ISNUMBER(S1261),S1261,IF(LEFT(S1261,2)=\"DI\",HLOOKUP(S1261,DADOS!$T$29:$X$30,2,FALSE),0)),4),\"\")","v":0.25}]
["S",0,14,5,0,0,5,{"$f":"IF(OR($A1262=\"S\",$A1262=0),0,MATCH(0,OFFSET($B1262,1,$A1262,ROW($A$1504)-ROW($A1262)),0))","v":0},{"$f":"IF(OR($A1262=\"S\",$A1262=0),0,MATCH(OFFSET($B1262,0,$A1262)+1,OFFSET($B1262,1,$A1262,ROW($A$1504)-ROW($A1262)),0))","v":0},"Insumo","14.5.5.","Cotação","Serv. Terc.","001","Fotocópias","Unidade",150,0.3,"DI 1",0.38,57,null,{"$f":"IF(OR($A1262=0,$A1262=\"S\",$A1262>CFF!$A$9),\"\",MAX(W$11:OFFSET(W1262,-1,0))+1)","v":""},"Serv. Terc.-001",81,null,{"$f":"IF($J1262=$G$2,ROUND(IF(ISNUMBER(S1262),S1262,IF(LEFT(S1262,2)=\"DI\",HLOOKUP(S1262,DADOS!$T$29:$X$30,2,FALSE),0)),4),\"\")","v":0.25}]
["S",0,{"$f":"IF($A1263=1,OFFSET(C1263,-1,0)+1,OFFSET(C1263,-1,0))","v":14},{"$f":"IF($A1263=1,0,IF($A1263=2,OFFSET(D1263,-1,0)+1,OFFSET(D1263,-1,0)))","v":5},{"$f":"IF(AND($A1263<=2,$A1263<>0),0,IF($A1263=3,OFFSET(E1263,-1,0)+1,OFFSET(E1263,-1,0)))","v":0},{"$f":"IF(AND($A1263<=3,$A1263<>0),0,IF($A1263=4,OFFSET(F1263,-1,0)+1,OFFSET(F1263,-1,0)))","v":0},{"$f":"IF(AND($A1263<=4,$A1263<>0),0,IF($A1263=\"S\",OFFSET(G1263,-1,0)+1,OFFSET(G1263,-1,0)))","v":6},{"$f":"IF(OR($A1263=\"S\",$A1263=0),0,MATCH(0,OFFSET($B1263,1,$A1263,ROW($A$1504)-ROW($A1263)),0))","v":0},{"$f":"IF(OR($A1263=\"S\",$A1263=0),0,MATCH(OFFSET($B1263,0,$A1263)+1,OFFSET($B1263,1,$A1263,ROW($A$1504)-ROW($A1263)),0))","v":0},"Insumo","14.5.6.",{"$f":"IF(NOT(ISERROR($Y1263)),IF($Y1263<>FALSE,INDEX(Banco,$Y1263,4),\"\"),\"\")","v":"Cotação"},"Serv. Terc.","017",{"$f":"IF(NOT(ISERROR($Y1263)),IF($Y1263<>FALSE,INDEX(Banco,$Y1263,5),\"\"),\"\")","v":"Instrutor/Monitor (Educação Fisíca)"},{"$f":"IF(NOT(ISERROR($Y1263)),IF($Y1263<>FALSE,INDEX(Banco,$Y1263,6),\"\"),\"\")","v":"Horas"},3,{"$f":"IF(NOT(ISERROR($Y1263)),IF($Y1263<>FALSE,INDEX(Banco,$Y1263,7),0),0)","v":100},"DI 1",{"$f":"IF($J1263=$G$2,ROUND(ROUND($R1263,2)*IF($R$9=\"Preço Unitário (R$)\",1,1+$AA1263),2),0)","v":125},{"$f":"IF($A1263=\"S\",VTOTAL1,IF($A1263=0,0,ROUND(SomaAgrup,2)))","v":375},null,{"$f":"IF(OR($A1263=0,$A1263=\"S\",$A1263>CFF!$A$9),\"\",MAX(W$11:OFFSET(W1263,-1,0))+1)","v":""},{"$f":"IF(AND($J1263=$G$2,$N1263<>\"\",$M1263<>\"\"),CONCATENATE($M1263,\"-\",$N1263))","v":"Serv. Terc.-017"},97,null,{"$f":"IF($J1263=$G$2,ROUND(IF(ISNUMBER(S1263),S1263,IF(LEFT(S1263,2)=\"DI\",HLOOKUP(S1263,DADOS!$T$29:$X$30,2,FALSE),0)),4),\"\")","v":0.25}]
[{"$f":"CHOOSE(1+LOG(1+2*(J1264=$C$2)+4*(J1264=$D$2)+8*(J1264=$E$2)+16*(J1264=$F$2)+32*(J1264=$G$2),2),0,1,2,3,4,\"S\")","v":"S"},{"$f":"IF(OR(A1264=\"S\",A1264=0),0,IF(ISERROR(I1264),H1264,SMALL(H1264:I1264,1)))","v":0},14,5,0,0,7,{"$f":"IF(OR($A1264=\"S\",$A1264=0),0,MATCH(0,OFFSET($B1264,1,$A1264,ROW($A$1504)-ROW($A1264)),0))","v":0},{"$f":"IF(OR($A1264=\"S\",$A1264=0),0,MATCH(OFFSET($B1264,0,$A1264)+1,OFFSET($B1264,1,$A1264,ROW($A$1504)-ROW($A1264)),0))","v":0},"Insumo",{"$f":"IF($A1264=0,\"-\",CONCATENATE(C1264&\".\",IF(AND($A$5>=2,$A1264>=2),D1264&\".\",\"\"),IF(AND($A$5>=3,$A1264>=3),E1264&\".\",\"\"),IF(AND($A$5>=4,$A1264>=4),F1264&\".\",\"\"),IF($A1264=\"S\",G1264&\".\",\"\")))","v":"14.5.7."},"Cotação","Serv. Terc.","002","Carro de som com gravação de vinheta","Horas",3,200,"DI 1",250,750,null,{"$f":"IF(OR($A1264=0,$A1264=\"S\",$A1264>CFF!$A$9),\"\",MAX(W$11:OFFSET(W1264,-1,0))+1)","v":""},"Serv. Terc.-002",{"$f":"IF(X1264<>FALSE,MATCH(X1264,OFFSET(Banco,0,0,,1),0))","v":82},null,{"$f":"IF($J1264=$G$2,ROUND(IF(ISNUMBER(S1264),S1264,IF(LEFT(S1264,2)=\"DI\",HLOOKUP(S1264,DADOS!$T$29:$X$30,2,FALSE),0)),4),\"\")","v":0.25}]
["S",0,14,5,0,0,8,{"$f":"IF(OR($A1265=\"S\",$A1265=0),0,MATCH(0,OFFSET($B1265,1,$A1265,ROW($A$1504)-ROW($A1265)),0))","v":0},{"$f":"IF(OR($A1265=\"S\",$A1265=0),0,MATCH(OFFSET($B1265,0,$A1265)+1,OFFSET($B1265,1,$A1265,ROW($A$1504)-ROW($A1265)),0))","v":0},"Insumo","14.5.8.","Cotação","Serv. Terc.","005","Locação de caixa térmica","Unidade",2,40,"DI 1",50,100,null,{"$f":"IF(OR($A1265=0,$A1265=\"S\",$A1265>CFF!$A$9),\"\",MAX(W$11:OFFSET(W1265,-1,0))+1)","v":""},"Serv. Terc.-005",85,null,{"$f":"IF($J1265=$G$2,ROUND(IF(ISNUMBER(S1265),S1265,IF(LEFT(S1265,2)=\"DI\",HLOOKUP(S1265,DADOS!$T$29:$X$30,2,FALSE),0)),4),\"\")","v":0.25}]
["S",0,{"$f":"IF($A1266=1,OFFSET(C1266,-1,0)+1,OFFSET(C1266,-1,0))","v":14},{"$f":"IF($A1266=1,0,IF($A1266=2,OFFSET(D1266,-1,0)+1,OFFSET(D1266,-1,0)))","v":5},{"$f":"IF(AND($A1266<=2,$A1266<>0),0,IF($A1266=3,OFFSET(E1266,-1,0)+1,OFFSET(E1266,-1,0)))","v":0},{"$f":"IF(AND($A1266<=3,$A1266<>0),0,IF($A1266=4,OFFSET(F1266,-1,0)+1,OFFSET(F1266,-1,0)))","v":0},{"$f":"IF(AND($A1266<=4,$A1266<>0),0,IF($A1266=\"S\",OFFSET(G1266,-1,0)+1,OFFSET(G1266,-1,0)))","v":9},{"$f":"IF(OR($A1266=\"S\",$A1266=0),0,MATCH(0,OFFSET($B1266,1,$A1266,ROW($A$1504)-ROW($A1266)),0))","v":0},{"$f":"IF(OR($A1266=\"S\",$A1266=0),0,MATCH(OFFSET($B1266,0,$A1266)+1,OFFSET($B1266,1,$A1266,ROW($A$1504)-ROW($A1266)),0))","v":0},"Insumo","14.5.9.",{"$f":"IF(NOT(ISERROR($Y1266)),IF($Y1266<>FALSE,INDEX(Banco,$Y1266,4),\"\"),\"\")","v":"Cotação"},"Serv. Terc.","008","Locação de pula-pula com monitor",{"$f":"IF(NOT(ISERROR($Y1266)),IF($Y1266<>FALSE,INDEX(Banco,$Y1266,6),\"\"),\"\")","v":"Unidade"},2,{"$f":"IF(NOT(ISERROR($Y1266)),IF($Y1266<>FALSE,INDEX(Banco,$Y1266,7),0),0)","v":220},"DI 1",{"$f":"IF($J1266=$G$2,ROUND(ROUND($R1266,2)*IF($R$9=\"Preço Unitário (R$)\",1,1+$AA1266),2),0)","v":275},{"$f":"IF($A1266=\"S\",VTOTAL1,IF($A1266=0,0,ROUND(SomaAgrup,2)))","v":550},null,{"$f":"IF(OR($A1266=0,$A1266=\"S\",$A1266>CFF!$A$9),\"\",MAX(W$11:OFFSET(W1266,-1,0))+1)","v":""},{"$f":"IF(AND($J1266=$G$2,$N1266<>\"\",$M1266<>\"\"),CONCATENATE($M1266,\"-\",$N1266))","v":"Serv. Terc.-008"},88,null,{"$f":"IF($J1266=$G$2,ROUND(IF(ISNUMBER(S1266),S1266,IF(LEFT(S1266,2)=\"DI\",HLOOKUP(S1266,DADOS!$T$29:$X$30,2,FALSE),0)),4),\"\")","v":0.25}]
["S",0,14,5,0,0,10,{"$f":"IF(OR($A1267=\"S\",$A1267=0),0,MATCH(0,OFFSET($B1267,1,$A1267,ROW($A$1504)-ROW($A1267)),0))","v":0},{"$f":"IF(OR($A1267=\"S\",$A1267=0),0,MATCH(OFFSET($B1267,0,$A1267)+1,OFFSET($B1267,1,$A1267,ROW($A$1504)-ROW($A1267)),0))","v":0},"Insumo","14.5.10.","Cotação ","Serv. Terc.","011","Barra de gelo","Unidade",4,12,"DI 1",15,60,null,{"$f":"IF(OR($A1267=0,$A1267=\"S\",$A1267>CFF!$A$9),\"\",MAX(W$11:OFFSET(W1267,-1,0))+1)","v":""},"Serv. Terc.-011",91,null,{"$f":"IF($J1267=$G$2,ROUND(IF(ISNUMBER(S1267),S1267,IF(LEFT(S1267,2)=\"DI\",HLOOKUP(S1267,DADOS!$T$29:$X$30,2,FALSE),0)),4),\"\")","v":0.25}]
["S",0,14,5,0,0,11,{"$f":"IF(OR($A1268=\"S\",$A1268=0),0,MATCH(0,OFFSET($B1268,1,$A1268,ROW($A$1504)-ROW($A1268)),0))","v":0},{"$f":"IF(OR($A1268=\"S\",$A1268=0),0,MATCH(OFFSET($B1268,0,$A1268)+1,OFFSET($B1268,1,$A1268,ROW($A$1504)-ROW($A1268)),0))","v":0},"Insumo","14.5.11.","Cotação","Serv. Terc.","013","Sucos","Unidade",12,6.4,"DI 1",8,96,null,{"$f":"IF(OR($A1268=0,$A1268=\"S\",$A1268>CFF!$A$9),\"\",MAX(W$11:OFFSET(W1268,-1,0))+1)","v":""},"Serv. Terc.-013",93,null,{"$f":"IF($J1268=$G$2,ROUND(IF(ISNUMBER(S1268),S1268,IF(LEFT(S1268,2)=\"DI\",HLOOKUP(S1268,DADOS!$T$29:$X$30,2,FALSE),0)),4),\"\")","v":0.25}]
[{"$f":"CHOOSE(1+LOG(1+2*(J1269=$C$2)+4*(J1269=$D$2)+8*(J1269=$E$2)+16*(J1269=$F$2)+32*(J1269=$G$2),2),0,1,2,3,4,\"S\")","v":"S"},{"$f":"IF(OR(A1269=\"S\",A1269=0),0,IF(ISERROR(I1269),H1269,SMALL(H1269:I1269,1)))","v":0},14,5,0,0,12,{"$f":"IF(OR($A1269=\"S\",$A1269=0),0,MATCH(0,OFFSET($B1269,1,$A1269,ROW($A$1504)-ROW($A1269)),0))","v":0},{"$f":"IF(OR($A1269=\"S\",$A1269=0),0,MATCH(OFFSET($B1269,0,$A1269)+1,OFFSET($B1269,1,$A1269,ROW($A$1504)-ROW($A1269)),0))","v":0},"Insumo",{"$f":"IF($A1269=0,\"-\",CONCATENATE(C1269&\".\",IF(AND($A$5>=2,$A1269>=2),D1269&\".\",\"\"),IF(AND($A$5>=3,$A1269>=3),E1269&\".\",\"\"),IF(AND($A$5>=4,$A1269>=4),F1269&\".\",\"\"),IF($A1269=\"S\",G1269&\".\",\"\")))","v":"14.5.12."},"Cotação","Serv. Terc.","027",{"$f":"IF(NOT(ISERROR($Y1269)),IF($Y1269<>FALSE,INDEX(Banco,$Y1269,5),\"\"),\"\")","v":"Refrigerantes (02 litros) "},"Unidade",20,6,"DI 1",7.5,150,null,{"$f":"IF(OR($A1269=0,$A1269=\"S\",$A1269>CFF!$A$9),\"\",MAX(W$11:OFFSET(W1269,-1,0))+1)","v":""},"Serv. Terc.-027",{"$f":"IF(X1269<>FALSE,MATCH(X1269,OFFSET(Banco,0,0,,1),0))","v":107},null,{"$f":"IF($J1269=$G$2,ROUND(IF(ISNUMBER(S1269),S1269,IF(LEFT(S1269,2)=\"DI\",HLOOKUP(S1269,DADOS!$T$29:$X$30,2,FALSE),0)),4),\"\")","v":0.25}]
["S",0,14,5,0,0,13,{"$f":"IF(OR($A1270=\"S\",$A1270=0),0,MATCH(0,OFFSET($B1270,1,$A1270,ROW($A$1504)-ROW($A1270)),0))","v":0},{"$f":"IF(OR($A1270=\"S\",$A1270=0),0,MATCH(OFFSET($B1270,0,$A1270)+1,OFFSET($B1270,1,$A1270,ROW($A$1504)-ROW($A1270)),0))","v":0},"Insumo","14.5.13.","Cotação ","Serv. Terc.","010","Brindes ( descrição nos orçamentos e PTS)","Unidade",4,120,"DI 1",150,600,null,{"$f":"IF(OR($A1270=0,$A1270=\"S\",$A1270>CFF!$A$9),\"\",MAX(W$11:OFFSET(W1270,-1,0))+1)","v":""},"Serv. Terc.-010",90,null,{"$f":"IF($J1270=$G$2,ROUND(IF(ISNUMBER(S1270),S1270,IF(LEFT(S1270,2)=\"DI\",HLOOKUP(S1270,DADOS!$T$29:$X$30,2,FALSE),0)),4),\"\")","v":0.25}]
["S",0,14,5,0,0,14,{"$f":"IF(OR($A1271=\"S\",$A1271=0),0,MATCH(0,OFFSET($B1271,1,$A1271,ROW($A$1504)-ROW($A1271)),0))","v":0},{"$f":"IF(OR($A1271=\"S\",$A1271=0),0,MATCH(OFFSET($B1271,0,$A1271)+1,OFFSET($B1271,1,$A1271,ROW($A$1504)-ROW($A1271)),0))","v":0},"Insumo","14.5.14.","Cotação","Serv. Terc.","015","Coffee break (salgados)","Centro",15,65,"DI 1",81.25,1218.75,null,{"$f":"IF(OR($A1271=0,$A1271=\"S\",$A1271>CFF!$A$9),\"\",MAX(W$11:OFFSET(W1271,-1,0))+1)","v":""},"Serv. Terc.-015",95,null,{"$f":"IF($J1271=$G$2,ROUND(IF(ISNUMBER(S1271),S1271,IF(LEFT(S1271,2)=\"DI\",HLOOKUP(S1271,DADOS!$T$29:$X$30,2,FALSE),0)),4),\"\")","v":0.25}]
["S",0,14,5,0,0,15,{"$f":"IF(OR($A1272=\"S\",$A1272=0),0,MATCH(0,OFFSET($B1272,1,$A1272,ROW($A$1504)-ROW($A1272)),0))","v":0},{"$f":"IF(OR($A1272=\"S\",$A1272=0),0,MATCH(OFFSET($B1272,0,$A1272)+1,OFFSET($B1272,1,$A1272,ROW($A$1504)-ROW($A1272)),0))","v":0},"Insumo","14.5.15.","Cotação","Rec. Materiais","020","Guloseimas (balas e pirulito)","Pacote",4,12,"DI 1",15,60,null,{"$f":"IF(OR($A1272=0,$A1272=\"S\",$A1272>CFF!$A$9),\"\",MAX(W$11:OFFSET(W1272,-1,0))+1)","v":""},"Rec. Materiais-020",29,null,{"$f":"IF($J1272=$G$2,ROUND(IF(ISNUMBER(S1272),S1272,IF(LEFT(S1272,2)=\"DI\",HLOOKUP(S1272,DADOS!$T$29:$X$30,2,FALSE),0)),4),\"\")","v":0.25}]
[{"$f":"CHOOSE(1+LOG(1+2*(J1273=$C$2)+4*(J1273=$D$2)+8*(J1273=$E$2)+16*(J1273=$F$2)+32*(J1273=$G$2),2),0,1,2,3,4,\"S\")","v":"S"},{"$f":"IF(OR(A1273=\"S\",A1273=0),0,IF(ISERROR(I1273),H1273,SMALL(H1273:I1273,1)))","v":0},14,5,0,0,16,{"$f":"IF(OR($A1273=\"S\",$A1273=0),0,MATCH(0,OFFSET($B1273,1,$A1273,ROW($A$1504)-ROW($A1273)),0))","v":0},{"$f":"IF(OR($A1273=\"S\",$A1273=0),0,MATCH(OFFSET($B1273,0,$A1273)+1,OFFSET($B1273,1,$A1273,ROW($A$1504)-ROW($A1273)),0))","v":0},"Insumo",{"$f":"IF($A1273=0,\"-\",CONCATENATE(C1273&\".\",IF(AND($A$5>=2,$A1273>=2),D1273&\".\",\"\"),IF(AND($A$5>=3,$A1273>=3),E1273&\".\",\"\"),IF(AND($A$5>=4,$A1273>=4),F1273&\".\",\"\"),IF($A1273=\"S\",G1273&\".\",\"\")))","v":"14.5.16."},"COREN","Serv. Terc.","080",{"$f":"IF(NOT(ISERROR($Y1273)),IF($Y1273<>FALSE,INDEX(Banco,$Y1273,5),\"\"),\"\")","v":"Enfermeiro padrão"},"Unidade",4,123.02,"DI 1",153.78,615.12,null,{"$f":"IF(OR($A1273=0,$A1273=\"S\",$A1273>CFF!$A$9),\"\",MAX(W$11:OFFSET(W1273,-1,0))+1)","v":""},"Serv. Terc.-080",{"$f":"IF(X1273<>FALSE,MATCH(X1273,OFFSET(Banco,0,0,,1),0))","v":160},null,{"$f":"IF($J1273=$G$2,ROUND(IF(ISNUMBER(S1273),S1273,IF(LEFT(S1273,2)=\"DI\",HLOOKUP(S1273,DADOS!$T$29:$X$30,2,FALSE),0)),4),\"\")","v":0.25}]
["S",0,14,5,0,0,17,{"$f":"IF(OR($A1274=\"S\",$A1274=0),0,MATCH(0,OFFSET($B1274,1,$A1274,ROW($A$1504)-ROW($A1274)),0))","v":0},{"$f":"IF(OR($A1274=\"S\",$A1274=0),0,MATCH(OFFSET($B1274,0,$A1274)+1,OFFSET($B1274,1,$A1274,ROW($A$1504)-ROW($A1274)),0))","v":0},"Insumo","14.5.17.","Cotação","Rec. Materiais","021","Papel de presente","Folhas",8,1.5,"DI 1",1.88,15.04,null,{"$f":"IF(OR($A1274=0,$A1274=\"S\",$A1274>CFF!$A$9),\"\",MAX(W$11:OFFSET(W1274,-1,0))+1)","v":""},"Rec. Materiais-021",30,null,{"$f":"IF($J1274=$G$2,ROUND(IF(ISNUMBER(S1274),S1274,IF(LEFT(S1274,2)=\"DI\",HLOOKUP(S1274,DADOS!$T$29:$X$30,2,FALSE),0)),4),\"\")","v":0.25}]
["S",0,14,5,0,0,18,{"$f":"IF(OR($A1275=\"S\",$A1275=0),0,MATCH(0,OFFSET($B1275,1,$A1275,ROW($A$1504)-ROW($A1275)),0))","v":0},{"$f":"IF(OR($A1275=\"S\",$A1275=0),0,MATCH(OFFSET($B1275,0,$A1275)+1,OFFSET($B1275,1,$A1275,ROW($A$1504)-ROW($A1275)),0))","v":0},"Insumo","14.5.18.","Cotação","Rec. Materiais","026","Saco de lixo (100 litros)","Pacote",2,15,"DI 1",18.75,37.5,null,{"$f":"IF(OR($A1275=0,$A1275=\"S\",$A1275>CFF!$A$9),\"\",MAX(W$11:OFFSET(W1275,-1,0))+1)","v":""},"Rec. Materiais-026",35,null,{"$f":"IF($J1275=$G$2,ROUND(IF(ISNUMBER(S1275),S1275,IF(LEFT(S1275,2)=\"DI\",HLOOKUP(S1275,DADOS!$T$29:$X$30,2,FALSE),0)),4),\"\")","v":0.25}]
["S",0,14,5,0,0,19,{"$f":"IF(OR($A1276=\"S\",$A1276=0),0,MATCH(0,OFFSET($B1276,1,$A1276,ROW($A$1504)-ROW($A1276)),0))","v":0},{"$f":"IF(OR($A1276=\"S\",$A1276=0),0,MATCH(OFFSET($B1276,0,$A1276)+1,OFFSET($B1276,1,$A1276,ROW($A$1504)-ROW($A1276)),0))","v":0},"Insumo","14.5.19.","Cotação","Serv. Terc.","042","KIT - Material de higiêne bucal","Kits",200,39,"DI 1",48.75,9750,null,{"$f":"IF(OR($A1276=0,$A1276=\"S\",$A1276>CFF!$A$9),\"\",MAX(W$11:OFFSET(W1276,-1,0))+1)","v":""},"Serv. Terc.-042",122,null,{"$f":"IF($J1276=$G$2,ROUND(IF(ISNUMBER(S1276),S1276,IF(LEFT(S1276,2)=\"DI\",HLOOKUP(S1276,DADOS!$T$29:$X$30,2,FALSE),0)),4),\"\")","v":0.25}]
[{"$f":"CHOOSE(1+LOG(1+2*(J1277=$C$2)+4*(J1277=$D$2)+8*(J1277=$E$2)+16*(J1277=$F$2)+32*(J1277=$G$2),2),0,1,2,3,4,\"S\")","v":2},{"$f":"IF(OR(A1277=\"S\",A1277=0),0,IF(ISERROR(I1277),H1277,SMALL(H1277:I1277,1)))","v":27},{"$f":"IF($A1277=1,OFFSET(C1277,-1,0)+1,OFFSET(C1277,-1,0))","v":14},{"$f":"IF($A1277=1,0,IF($A1277=2,OFFSET(D1277,-1,0)+1,OFFSET(D1277,-1,0)))","v":6},{"$f":"IF(AND($A1277<=2,$A1277<>0),0,IF($A1277=3,OFFSET(E1277,-1,0)+1,OFFSET(E1277,-1,0)))","v":0},{"$f":"IF(AND($A1277<=3,$A1277<>0),0,IF($A1277=4,OFFSET(F1277,-1,0)+1,OFFSET(F1277,-1,0)))","v":0},{"$f":"IF(AND($A1277<=4,$A1277<>0),0,IF($A1277=\"S\",OFFSET(G1277,-1,0)+1,OFFSET(G1277,-1,0)))","v":0},{"$f":"IF(OR($A1277=\"S\",$A1277=0),0,MATCH(0,OFFSET($B1277,1,$A1277,ROW($A$1504)-ROW($A1277)),0))","v":67},{"$f":"IF(OR($A1277=\"S\",$A1277=0),0,MATCH(OFFSET($B1277,0,$A1277)+1,OFFSET($B1277,1,$A1277,ROW($A$1504)-ROW($A1277)),0))","v":27},"AtivNível 1",{"$f":"IF($A1277=0,\"-\",CONCATENATE(C1277&\".\",IF(AND($A$5>=2,$A1277>=2),D1277&\".\",\"\"),IF(AND($A$5>=3,$A1277>=3),E1277&\".\",\"\"),IF(AND($A$5>=4,$A1277>=4),F1277&\".\",\"\"),IF($A1277=\"S\",G1277&\".\",\"\")))","v":"14.6."},{"$f":"IF(NOT(ISERROR($Y1277)),IF($Y1277<>FALSE,INDEX(Banco,$Y1277,4),\"\"),\"\")","v":""},null,null,"Atividade 100 - Palestra: Educação financeira orçamento familiar região Parque São João",{"$f":"IF(NOT(ISERROR($Y1277)),IF($Y1277<>FALSE,INDEX(Banco,$Y1277,6),\"\"),\"\")","v":""},null,{"$f":"IF(NOT(ISERROR($Y1277)),IF($Y1277<>FALSE,INDEX(Banco,$Y1277,7),0),0)","v":0},"DI 1",{"$f":"IF($J1277=$G$2,ROUND(ROUND($R1277,2)*IF($R$9=\"Preço Unitário (R$)\",1,1+$AA1277),2),0)","v":0},{"$f":"IF($A1277=\"S\",VTOTAL1,IF($A1277=0,0,ROUND(SomaAgrup,2)))","v":17064},null,{"$f":"IF(OR($A1277=0,$A1277=\"S\",$A1277>CFF!$A$9),\"\",MAX(W$11:OFFSET(W1277,-1,0))+1)","v":114},{"$f":"IF(AND($J1277=$G$2,$N1277<>\"\",$M1277<>\"\"),CONCATENATE($M1277,\"-\",$N1277))","v":false},{"$f":"IF(X1277<>FALSE,MATCH(X1277,OFFSET(Banco,0,0,,1),0))","v":false},null,{"$f":"IF($J1277=$G$2,ROUND(IF(ISNUMBER(S1277),S1277,IF(LEFT(S1277,2)=\"DI\",HLOOKUP(S1277,DADOS!$T$29:$X$30,2,FALSE),0)),4),\"\")","v":""}]
[{"$f":"CHOOSE(1+LOG(1+2*(J1278=$C$2)+4*(J1278=$D$2)+8*(J1278=$E$2)+16*(J1278=$F$2)+32*(J1278=$G$2),2),0,1,2,3,4,\"S\")","v":"S"},{"$f":"IF(OR(A1278=\"S\",A1278=0),0,IF(ISERROR(I1278),H1278,SMALL(H1278:I1278,1)))","v":0},14,6,0,0,1,{"$f":"IF(OR($A1278=\"S\",$A1278=0),0,MATCH(0,OFFSET($B1278,1,$A1278,ROW($A$1504)-ROW($A1278)),0))","v":0},{"$f":"IF(OR($A1278=\"S\",$A1278=0),0,MATCH(OFFSET($B1278,0,$A1278)+1,OFFSET($B1278,1,$A1278,ROW($A$1504)-ROW($A1278)),0))","v":0},"Insumo",{"$f":"IF($A1278=0,\"-\",CONCATENATE(C1278&\".\",IF(AND($A$5>=2,$A1278>=2),D1278&\".\",\"\"),IF(AND($A$5>=3,$A1278>=3),E1278&\".\",\"\"),IF(AND($A$5>=4,$A1278>=4),F1278&\".\",\"\"),IF($A1278=\"S\",G1278&\".\",\"\")))","v":"14.6.1."},"CRESS","Rec. Humanos","001",{"$f":"IF(NOT(ISERROR($Y1278)),IF($Y1278<>FALSE,INDEX(Banco,$Y1278,5),\"\"),\"\")","v":"Responsável Técnica"},"Horas",8,150.28,"DI 1",187.85,1502.8,null,{"$f":"IF(OR($A1278=0,$A1278=\"S\",$A1278>CFF!$A$9),\"\",MAX(W$11:OFFSET(W1278,-1,0))+1)","v":""},"Rec. Humanos-001",{"$f":"IF(X1278<>FALSE,MATCH(X1278,OFFSET(Banco,0,0,,1),0))","v":3},null,{"$f":"IF($J1278=$G$2,ROUND(IF(ISNUMBER(S1278),S1278,IF(LEFT(S1278,2)=\"DI\",HLOOKUP(S1278,DADOS!$T$29:$X$30,2,FALSE),0)),4),\"\")","v":0.25}]
["S",0,14,6,0,0,2,{"$f":"IF(OR($A1279=\"S\",$A1279=0),0,MATCH(0,OFFSET($B1279,1,$A1279,ROW($A$1504)-ROW($A1279)),0))","v":0},{"$f":"IF(OR($A1279=\"S\",$A1279=0),0,MATCH(OFFSET($B1279,0,$A1279)+1,OFFSET($B1279,1,$A1279,ROW($A$1504)-ROW($A1279)),0))","v":0},"Insumo","14.6.2.","CRESS","Rec. Humanos","002","Assistente Social","Horas",4,133.81,"DI 1",167.26,669.04,null,{"$f":"IF(OR($A1279=0,$A1279=\"S\",$A1279>CFF!$A$9),\"\",MAX(W$11:OFFSET(W1279,-1,0))+1)","v":""},"Rec. Humanos-002",4,null,{"$f":"IF($J1279=$G$2,ROUND(IF(ISNUMBER(S1279),S1279,IF(LEFT(S1279,2)=\"DI\",HLOOKUP(S1279,DADOS!$T$29:$X$30,2,FALSE),0)),4),\"\")","v":0.25}]
["S",0,14,6,0,0,3,{"$f":"IF(OR($A1280=\"S\",$A1280=0),0,MATCH(0,OFFSET($B1280,1,$A1280,ROW($A$1504)-ROW($A1280)),0))","v":0},{"$f":"IF(OR($A1280=\"S\",$A1280=0),0,MATCH(OFFSET($B1280,0,$A1280)+1,OFFSET($B1280,1,$A1280,ROW($A$1504)-ROW($A1280)),0))","v":0},"Insumo","14.6.3.","Cotação","Rec. Humanos","003","Administrador (Técnico de Apoio) ","Horas",4,103.65,"DI 1",129.56,518.24,null,{"$f":"IF(OR($A1280=0,$A1280=\"S\",$A1280>CFF!$A$9),\"\",MAX(W$11:OFFSET(W1280,-1,0))+1)","v":""},"Rec. Humanos-003",5,null,{"$f":"IF($J1280=$G$2,ROUND(IF(ISNUMBER(S1280),S1280,IF(LEFT(S1280,2)=\"DI\",HLOOKUP(S1280,DADOS!$T$29:$X$30,2,FALSE),0)),4),\"\")","v":0.25}]
["S",0,14,6,0,0,4,{"$f":"IF(OR($A1281=\"S\",$A1281=0),0,MATCH(0,OFFSET($B1281,1,$A1281,ROW($A$1504)-ROW($A1281)),0))","v":0},{"$f":"IF(OR($A1281=\"S\",$A1281=0),0,MATCH(OFFSET($B1281,0,$A1281)+1,OFFSET($B1281,1,$A1281,ROW($A$1504)-ROW($A1281)),0))","v":0},"Insumo","14.6.4.","SINE","Rec. Humanos","004","Estagiários","Horas",16,9.7899999999999991,"DI 1",12.24,195.84,null,{"$f":"IF(OR($A1281=0,$A1281=\"S\",$A1281>CFF!$A$9),\"\",MAX(W$11:OFFSET(W1281,-1,0))+1)","v":""},"Rec. Humanos-004",6,null,{"$f":"IF($J1281=$G$2,ROUND(IF(ISNUMBER(S1281),S1281,IF(LEFT(S1281,2)=\"DI\",HLOOKUP(S1281,DADOS!$T$29:$X$30,2,FALSE),0)),4),\"\")","v":0.25}]
["S",0,14,6,0,0,5,{"$f":"IF(OR($A1282=\"S\",$A1282=0),0,MATCH(0,OFFSET($B1282,1,$A1282,ROW($A$1504)-ROW($A1282)),0))","v":0},{"$f":"IF(OR($A1282=\"S\",$A1282=0),0,MATCH(OFFSET($B1282,0,$A1282)+1,OFFSET($B1282,1,$A1282,ROW($A$1504)-ROW($A1282)),0))","v":0},"Insumo","14.6.5.","Cotação","Serv. Terc.","001","Fotocópias","Unidade",300,0.3,"DI 1",0.38,114,null,{"$f":"IF(OR($A1282=0,$A1282=\"S\",$A1282>CFF!$A$9),\"\",MAX(W$11:OFFSET(W1282,-1,0))+1)","v":""},"Serv. Terc.-001",81,null,{"$f":"IF($J1282=$G$2,ROUND(IF(ISNUMBER(S1282),S1282,IF(LEFT(S1282,2)=\"DI\",HLOOKUP(S1282,DADOS!$T$29:$X$30,2,FALSE),0)),4),\"\")","v":0.25}]
["S",0,14,6,0,0,6,{"$f":"IF(OR($A1283=\"S\",$A1283=0),0,MATCH(0,OFFSET($B1283,1,$A1283,ROW($A$1504)-ROW($A1283)),0))","v":0},{"$f":"IF(OR($A1283=\"S\",$A1283=0),0,MATCH(OFFSET($B1283,0,$A1283)+1,OFFSET($B1283,1,$A1283,ROW($A$1504)-ROW($A1283)),0))","v":0},"Insumo","14.6.6.","Cotação","Serv. Terc.","017",{"$f":"IF(NOT(ISERROR($Y1283)),IF($Y1283<>FALSE,INDEX(Banco,$Y1283,5),\"\"),\"\")","v":"Instrutor/Monitor (Educação Fisíca)"},"Horas",3,100,"DI 1",125,375,null,{"$f":"IF(OR($A1283=0,$A1283=\"S\",$A1283>CFF!$A$9),\"\",MAX(W$11:OFFSET(W1283,-1,0))+1)","v":""},"Serv. Terc.-017",97,null,{"$f":"IF($J1283=$G$2,ROUND(IF(ISNUMBER(S1283),S1283,IF(LEFT(S1283,2)=\"DI\",HLOOKUP(S1283,DADOS!$T$29:$X$30,2,FALSE),0)),4),\"\")","v":0.25}]
["S",0,14,6,0,0,7,{"$f":"IF(OR($A1284=\"S\",$A1284=0),0,MATCH(0,OFFSET($B1284,1,$A1284,ROW($A$1504)-ROW($A1284)),0))","v":0},{"$f":"IF(OR($A1284=\"S\",$A1284=0),0,MATCH(OFFSET($B1284,0,$A1284)+1,OFFSET($B1284,1,$A1284,ROW($A$1504)-ROW($A1284)),0))","v":0},"Insumo","14.6.7.","Cotação","Serv. Terc.","002","Carro de som com gravação de vinheta","Horas",3,200,"DI 1",250,750,null,{"$f":"IF(OR($A1284=0,$A1284=\"S\",$A1284>CFF!$A$9),\"\",MAX(W$11:OFFSET(W1284,-1,0))+1)","v":""},"Serv. Terc.-002",82,null,{"$f":"IF($J1284=$G$2,ROUND(IF(ISNUMBER(S1284),S1284,IF(LEFT(S1284,2)=\"DI\",HLOOKUP(S1284,DADOS!$T$29:$X$30,2,FALSE),0)),4),\"\")","v":0.25}]
["S",0,14,6,0,0,8,{"$f":"IF(OR($A1285=\"S\",$A1285=0),0,MATCH(0,OFFSET($B1285,1,$A1285,ROW($A$1504)-ROW($A1285)),0))","v":0},{"$f":"IF(OR($A1285=\"S\",$A1285=0),0,MATCH(OFFSET($B1285,0,$A1285)+1,OFFSET($B1285,1,$A1285,ROW($A$1504)-ROW($A1285)),0))","v":0},"Insumo","14.6.8.","Cotação","Serv. Terc.","003","Locação de mesas","Unidade",20,3,"DI 1",3.75,75,null,{"$f":"IF(OR($A1285=0,$A1285=\"S\",$A1285>CFF!$A$9),\"\",MAX(W$11:OFFSET(W1285,-1,0))+1)","v":""},"Serv. Terc.-003",83,null,{"$f":"IF($J1285=$G$2,ROUND(IF(ISNUMBER(S1285),S1285,IF(LEFT(S1285,2)=\"DI\",HLOOKUP(S1285,DADOS!$T$29:$X$30,2,FALSE),0)),4),\"\")","v":0.25}]
["S",0,14,6,0,0,9,{"$f":"IF(OR($A1286=\"S\",$A1286=0),0,MATCH(0,OFFSET($B1286,1,$A1286,ROW($A$1504)-ROW($A1286)),0))","v":0},{"$f":"IF(OR($A1286=\"S\",$A1286=0),0,MATCH(OFFSET($B1286,0,$A1286)+1,OFFSET($B1286,1,$A1286,ROW($A$1504)-ROW($A1286)),0))","v":0},"Insumo","14.6.9.","Cotação","Serv. Terc.","004","Locação de cadeiras","Unidade",400,2,"DI 1",2.5,1000,null,{"$f":"IF(OR($A1286=0,$A1286=\"S\",$A1286>CFF!$A$9),\"\",MAX(W$11:OFFSET(W1286,-1,0))+1)","v":""},"Serv. Terc.-004",84,null,{"$f":"IF($J1286=$G$2,ROUND(IF(ISNUMBER(S1286),S1286,IF(LEFT(S1286,2)=\"DI\",HLOOKUP(S1286,DADOS!$T$29:$X$30,2,FALSE),0)),4),\"\")","v":0.25}]
["S",0,14,6,0,0,10,{"$f":"IF(OR($A1287=\"S\",$A1287=0),0,MATCH(0,OFFSET($B1287,1,$A1287,ROW($A$1504)-ROW($A1287)),0))","v":0},{"$f":"IF(OR($A1287=\"S\",$A1287=0),0,MATCH(OFFSET($B1287,0,$A1287)+1,OFFSET($B1287,1,$A1287,ROW($A$1504)-ROW($A1287)),0))","v":0},"Insumo","14.6.10.","Cotação","Serv. Terc.","005","Locação de caixa térmica","Unidade",2,40,"DI 1",50,100,null,{"$f":"IF(OR($A1287=0,$A1287=\"S\",$A1287>CFF!$A$9),\"\",MAX(W$11:OFFSET(W1287,-1,0))+1)","v":""},"Serv. Terc.-005",85,null,{"$f":"IF($J1287=$G$2,ROUND(IF(ISNUMBER(S1287),S1287,IF(LEFT(S1287,2)=\"DI\",HLOOKUP(S1287,DADOS!$T$29:$X$30,2,FALSE),0)),4),\"\")","v":0.25}]
["S",0,14,6,0,0,11,{"$f":"IF(OR($A1288=\"S\",$A1288=0),0,MATCH(0,OFFSET($B1288,1,$A1288,ROW($A$1504)-ROW($A1288)),0))","v":0},{"$f":"IF(OR($A1288=\"S\",$A1288=0),0,MATCH(OFFSET($B1288,0,$A1288)+1,OFFSET($B1288,1,$A1288,ROW($A$1504)-ROW($A1288)),0))","v":0},"Insumo","14.6.11.","Cotação","Serv. Terc.","006","Locação de tendas","Unidade",3,250,"DI 1",312.5,937.5,null,{"$f":"IF(OR($A1288=0,$A1288=\"S\",$A1288>CFF!$A$9),\"\",MAX(W$11:OFFSET(W1288,-1,0))+1)","v":""},"Serv. Terc.-006",86,null,{"$f":"IF($J1288=$G$2,ROUND(IF(ISNUMBER(S1288),S1288,IF(LEFT(S1288,2)=\"DI\",HLOOKUP(S1288,DADOS!$T$29:$X$30,2,FALSE),0)),4),\"\")","v":0.25}]
[{"$f":"CHOOSE(1+LOG(1+2*(J1289=$C$2)+4*(J1289=$D$2)+8*(J1289=$E$2)+16*(J1289=$F$2)+32*(J1289=$G$2),2),0,1,2,3,4,\"S\")","v":"S"},{"$f":"IF(OR(A1289=\"S\",A1289=0),0,IF(ISERROR(I1289),H1289,SMALL(H1289:I1289,1)))","v":0},14,6,0,0,12,{"$f":"IF(OR($A1289=\"S\",$A1289=0),0,MATCH(0,OFFSET($B1289,1,$A1289,ROW($A$1504)-ROW($A1289)),0))","v":0},{"$f":"IF(OR($A1289=\"S\",$A1289=0),0,MATCH(OFFSET($B1289,0,$A1289)+1,OFFSET($B1289,1,$A1289,ROW($A$1504)-ROW($A1289)),0))","v":0},"Insumo",{"$f":"IF($A1289=0,\"-\",CONCATENATE(C1289&\".\",IF(AND($A$5>=2,$A1289>=2),D1289&\".\",\"\"),IF(AND($A$5>=3,$A1289>=3),E1289&\".\",\"\"),IF(AND($A$5>=4,$A1289>=4),F1289&\".\",\"\"),IF($A1289=\"S\",G1289&\".\",\"\")))","v":"14.6.12."},"Cotação","Serv. Terc.","008","Locação de pula-pula com monitor","Unidade",2,220,"DI 1",275,550,null,{"$f":"IF(OR($A1289=0,$A1289=\"S\",$A1289>CFF!$A$9),\"\",MAX(W$11:OFFSET(W1289,-1,0))+1)","v":""},"Serv. Terc.-008",{"$f":"IF(X1289<>FALSE,MATCH(X1289,OFFSET(Banco,0,0,,1),0))","v":88},null,{"$f":"IF($J1289=$G$2,ROUND(IF(ISNUMBER(S1289),S1289,IF(LEFT(S1289,2)=\"DI\",HLOOKUP(S1289,DADOS!$T$29:$X$30,2,FALSE),0)),4),\"\")","v":0.25}]
["S",0,14,6,0,0,13,{"$f":"IF(OR($A1290=\"S\",$A1290=0),0,MATCH(0,OFFSET($B1290,1,$A1290,ROW($A$1504)-ROW($A1290)),0))","v":0},{"$f":"IF(OR($A1290=\"S\",$A1290=0),0,MATCH(OFFSET($B1290,0,$A1290)+1,OFFSET($B1290,1,$A1290,ROW($A$1504)-ROW($A1290)),0))","v":0},"Insumo","14.6.13.","Cotação","Serv. Terc.","012","Água (garrafão de 20 litros)","Unidade",2,10,"DI 1",12.5,25,null,{"$f":"IF(OR($A1290=0,$A1290=\"S\",$A1290>CFF!$A$9),\"\",MAX(W$11:OFFSET(W1290,-1,0))+1)","v":""},"Serv. Terc.-012",92,null,{"$f":"IF($J1290=$G$2,ROUND(IF(ISNUMBER(S1290),S1290,IF(LEFT(S1290,2)=\"DI\",HLOOKUP(S1290,DADOS!$T$29:$X$30,2,FALSE),0)),4),\"\")","v":0.25}]
["S",0,14,6,0,0,14,{"$f":"IF(OR($A1291=\"S\",$A1291=0),0,MATCH(0,OFFSET($B1291,1,$A1291,ROW($A$1504)-ROW($A1291)),0))","v":0},{"$f":"IF(OR($A1291=\"S\",$A1291=0),0,MATCH(OFFSET($B1291,0,$A1291)+1,OFFSET($B1291,1,$A1291,ROW($A$1504)-ROW($A1291)),0))","v":0},"Insumo","14.6.14.","Cotação ","Serv. Terc.","011","Barra de gelo","Unidade",9,12,"DI 1",15,135,null,{"$f":"IF(OR($A1291=0,$A1291=\"S\",$A1291>CFF!$A$9),\"\",MAX(W$11:OFFSET(W1291,-1,0))+1)","v":""},"Serv. Terc.-011",91,null,{"$f":"IF($J1291=$G$2,ROUND(IF(ISNUMBER(S1291),S1291,IF(LEFT(S1291,2)=\"DI\",HLOOKUP(S1291,DADOS!$T$29:$X$30,2,FALSE),0)),4),\"\")","v":0.25}]
["S",0,14,6,0,0,15,{"$f":"IF(OR($A1292=\"S\",$A1292=0),0,MATCH(0,OFFSET($B1292,1,$A1292,ROW($A$1504)-ROW($A1292)),0))","v":0},{"$f":"IF(OR($A1292=\"S\",$A1292=0),0,MATCH(OFFSET($B1292,0,$A1292)+1,OFFSET($B1292,1,$A1292,ROW($A$1504)-ROW($A1292)),0))","v":0},"Insumo","14.6.15.","Cotação","Serv. Terc.","013","Sucos","Unidade",12,6.4,"DI 1",8,96,null,{"$f":"IF(OR($A1292=0,$A1292=\"S\",$A1292>CFF!$A$9),\"\",MAX(W$11:OFFSET(W1292,-1,0))+1)","v":""},"Serv. Terc.-013",93,null,{"$f":"IF($J1292=$G$2,ROUND(IF(ISNUMBER(S1292),S1292,IF(LEFT(S1292,2)=\"DI\",HLOOKUP(S1292,DADOS!$T$29:$X$30,2,FALSE),0)),4),\"\")","v":0.25}]
[{"$f":"CHOOSE(1+LOG(1+2*(J1293=$C$2)+4*(J1293=$D$2)+8*(J1293=$E$2)+16*(J1293=$F$2)+32*(J1293=$G$2),2),0,1,2,3,4,\"S\")","v":"S"},{"$f":"IF(OR(A1293=\"S\",A1293=0),0,IF(ISERROR(I1293),H1293,SMALL(H1293:I1293,1)))","v":0},14,6,0,0,16,{"$f":"IF(OR($A1293=\"S\",$A1293=0),0,MATCH(0,OFFSET($B1293,1,$A1293,ROW($A$1504)-ROW($A1293)),0))","v":0},{"$f":"IF(OR($A1293=\"S\",$A1293=0),0,MATCH(OFFSET($B1293,0,$A1293)+1,OFFSET($B1293,1,$A1293,ROW($A$1504)-ROW($A1293)),0))","v":0},"Insumo",{"$f":"IF($A1293=0,\"-\",CONCATENATE(C1293&\".\",IF(AND($A$5>=2,$A1293>=2),D1293&\".\",\"\"),IF(AND($A$5>=3,$A1293>=3),E1293&\".\",\"\"),IF(AND($A$5>=4,$A1293>=4),F1293&\".\",\"\"),IF($A1293=\"S\",G1293&\".\",\"\")))","v":"14.6.16."},"Cotação","Serv. Terc.","027",{"$f":"IF(NOT(ISERROR($Y1293)),IF($Y1293<>FALSE,INDEX(Banco,$Y1293,5),\"\"),\"\")","v":"Refrigerantes (02 litros) "},"Unidade",20,6,"DI 1",7.5,150,null,{"$f":"IF(OR($A1293=0,$A1293=\"S\",$A1293>CFF!$A$9),\"\",MAX(W$11:OFFSET(W1293,-1,0))+1)","v":""},"Serv. Terc.-027",{"$f":"IF(X1293<>FALSE,MATCH(X1293,OFFSET(Banco,0,0,,1),0))","v":107},null,{"$f":"IF($J1293=$G$2,ROUND(IF(ISNUMBER(S1293),S1293,IF(LEFT(S1293,2)=\"DI\",HLOOKUP(S1293,DADOS!$T$29:$X$30,2,FALSE),0)),4),\"\")","v":0.25}]
["S",0,14,6,0,0,17,{"$f":"IF(OR($A1294=\"S\",$A1294=0),0,MATCH(0,OFFSET($B1294,1,$A1294,ROW($A$1504)-ROW($A1294)),0))","v":0},{"$f":"IF(OR($A1294=\"S\",$A1294=0),0,MATCH(OFFSET($B1294,0,$A1294)+1,OFFSET($B1294,1,$A1294,ROW($A$1504)-ROW($A1294)),0))","v":0},"Insumo","14.6.17.","Cotação ","Serv. Terc.","010","Brindes ( descrição nos orçamentos e PTS)","Unidade",8,120,"DI 1",150,1200,null,{"$f":"IF(OR($A1294=0,$A1294=\"S\",$A1294>CFF!$A$9),\"\",MAX(W$11:OFFSET(W1294,-1,0))+1)","v":""},"Serv. Terc.-010",90,null,{"$f":"IF($J1294=$G$2,ROUND(IF(ISNUMBER(S1294),S1294,IF(LEFT(S1294,2)=\"DI\",HLOOKUP(S1294,DADOS!$T$29:$X$30,2,FALSE),0)),4),\"\")","v":0.25}]
["S",0,14,6,0,0,18,{"$f":"IF(OR($A1295=\"S\",$A1295=0),0,MATCH(0,OFFSET($B1295,1,$A1295,ROW($A$1504)-ROW($A1295)),0))","v":0},{"$f":"IF(OR($A1295=\"S\",$A1295=0),0,MATCH(OFFSET($B1295,0,$A1295)+1,OFFSET($B1295,1,$A1295,ROW($A$1504)-ROW($A1295)),0))","v":0},"Insumo","14.6.18.","Cotação","Serv. Terc.","015","Coffee break (salgados)","Centro",15,65,"DI 1",81.25,1218.75,null,{"$f":"IF(OR($A1295=0,$A1295=\"S\",$A1295>CFF!$A$9),\"\",MAX(W$11:OFFSET(W1295,-1,0))+1)","v":""},"Serv. Terc.-015",95,null,{"$f":"IF($J1295=$G$2,ROUND(IF(ISNUMBER(S1295),S1295,IF(LEFT(S1295,2)=\"DI\",HLOOKUP(S1295,DADOS!$T$29:$X$30,2,FALSE),0)),4),\"\")","v":0.25}]
[{"$f":"CHOOSE(1+LOG(1+2*(J1296=$C$2)+4*(J1296=$D$2)+8*(J1296=$E$2)+16*(J1296=$F$2)+32*(J1296=$G$2),2),0,1,2,3,4,\"S\")","v":"S"},{"$f":"IF(OR(A1296=\"S\",A1296=0),0,IF(ISERROR(I1296),H1296,SMALL(H1296:I1296,1)))","v":0},14,6,0,0,19,{"$f":"IF(OR($A1296=\"S\",$A1296=0),0,MATCH(0,OFFSET($B1296,1,$A1296,ROW($A$1504)-ROW($A1296)),0))","v":0},{"$f":"IF(OR($A1296=\"S\",$A1296=0),0,MATCH(OFFSET($B1296,0,$A1296)+1,OFFSET($B1296,1,$A1296,ROW($A$1504)-ROW($A1296)),0))","v":0},"Insumo",{"$f":"IF($A1296=0,\"-\",CONCATENATE(C1296&\".\",IF(AND($A$5>=2,$A1296>=2),D1296&\".\",\"\"),IF(AND($A$5>=3,$A1296>=3),E1296&\".\",\"\"),IF(AND($A$5>=4,$A1296>=4),F1296&\".\",\"\"),IF($A1296=\"S\",G1296&\".\",\"\")))","v":"14.6.19."},"SINCON/MT","Serv. Terc.","063",{"$f":"IF(NOT(ISERROR($Y1296)),IF($Y1296<>FALSE,INDEX(Banco,$Y1296,5),\"\"),\"\")","v":"Economista"},"Horas",3,350,"DI 1",437.5,1312.5,null,{"$f":"IF(OR($A1296=0,$A1296=\"S\",$A1296>CFF!$A$9),\"\",MAX(W$11:OFFSET(W1296,-1,0))+1)","v":""},"Serv. Terc.-063",{"$f":"IF(X1296<>FALSE,MATCH(X1296,OFFSET(Banco,0,0,,1),0))","v":143},null,{"$f":"IF($J1296=$G$2,ROUND(IF(ISNUMBER(S1296),S1296,IF(LEFT(S1296,2)=\"DI\",HLOOKUP(S1296,DADOS!$T$29:$X$30,2,FALSE),0)),4),\"\")","v":0.25}]
["S",0,14,6,0,0,20,{"$f":"IF(OR($A1297=\"S\",$A1297=0),0,MATCH(0,OFFSET($B1297,1,$A1297,ROW($A$1504)-ROW($A1297)),0))","v":0},{"$f":"IF(OR($A1297=\"S\",$A1297=0),0,MATCH(OFFSET($B1297,0,$A1297)+1,OFFSET($B1297,1,$A1297,ROW($A$1504)-ROW($A1297)),0))","v":0},"Insumo","14.6.20.","Cotação","Rec. Materiais","020","Guloseimas (balas e pirulito)","Pacote",8,12,"DI 1",15,120,null,{"$f":"IF(OR($A1297=0,$A1297=\"S\",$A1297>CFF!$A$9),\"\",MAX(W$11:OFFSET(W1297,-1,0))+1)","v":""},"Rec. Materiais-020",29,null,{"$f":"IF($J1297=$G$2,ROUND(IF(ISNUMBER(S1297),S1297,IF(LEFT(S1297,2)=\"DI\",HLOOKUP(S1297,DADOS!$T$29:$X$30,2,FALSE),0)),4),\"\")","v":0.25}]
["S",0,14,6,0,0,21,{"$f":"IF(OR($A1298=\"S\",$A1298=0),0,MATCH(0,OFFSET($B1298,1,$A1298,ROW($A$1504)-ROW($A1298)),0))","v":0},{"$f":"IF(OR($A1298=\"S\",$A1298=0),0,MATCH(OFFSET($B1298,0,$A1298)+1,OFFSET($B1298,1,$A1298,ROW($A$1504)-ROW($A1298)),0))","v":0},"Insumo","14.6.21.","Cotação","Rec. Materiais","021","Papel de presente","Folhas",16,1.5,"DI 1",1.88,30.08,null,{"$f":"IF(OR($A1298=0,$A1298=\"S\",$A1298>CFF!$A$9),\"\",MAX(W$11:OFFSET(W1298,-1,0))+1)","v":""},"Rec. Materiais-021",30,null,{"$f":"IF($J1298=$G$2,ROUND(IF(ISNUMBER(S1298),S1298,IF(LEFT(S1298,2)=\"DI\",HLOOKUP(S1298,DADOS!$T$29:$X$30,2,FALSE),0)),4),\"\")","v":0.25}]
["S",0,14,6,0,0,22,{"$f":"IF(OR($A1299=\"S\",$A1299=0),0,MATCH(0,OFFSET($B1299,1,$A1299,ROW($A$1504)-ROW($A1299)),0))","v":0},{"$f":"IF(OR($A1299=\"S\",$A1299=0),0,MATCH(OFFSET($B1299,0,$A1299)+1,OFFSET($B1299,1,$A1299,ROW($A$1504)-ROW($A1299)),0))","v":0},"Insumo","14.6.22.","Cotação","Rec. Materiais","026","Saco de lixo (100 litros)","Pacote",2,15,"DI 1",18.75,37.5,null,{"$f":"IF(OR($A1299=0,$A1299=\"S\",$A1299>CFF!$A$9),\"\",MAX(W$11:OFFSET(W1299,-1,0))+1)","v":""},"Rec. Materiais-026",35,null,{"$f":"IF($J1299=$G$2,ROUND(IF(ISNUMBER(S1299),S1299,IF(LEFT(S1299,2)=\"DI\",HLOOKUP(S1299,DADOS!$T$29:$X$30,2,FALSE),0)),4),\"\")","v":0.25}]
["S",0,14,6,0,0,23,{"$f":"IF(OR($A1300=\"S\",$A1300=0),0,MATCH(0,OFFSET($B1300,1,$A1300,ROW($A$1504)-ROW($A1300)),0))","v":0},{"$f":"IF(OR($A1300=\"S\",$A1300=0),0,MATCH(OFFSET($B1300,0,$A1300)+1,OFFSET($B1300,1,$A1300,ROW($A$1504)-ROW($A1300)),0))","v":0},"Insumo","14.6.23.","Cotação","Rec. Materiais","019","Copos descartáveis (2500 unidades)","Caixa",1,77.400000000000006,"DI 1",96.75,96.75,null,{"$f":"IF(OR($A1300=0,$A1300=\"S\",$A1300>CFF!$A$9),\"\",MAX(W$11:OFFSET(W1300,-1,0))+1)","v":""},"Rec. Materiais-019",28,null,{"$f":"IF($J1300=$G$2,ROUND(IF(ISNUMBER(S1300),S1300,IF(LEFT(S1300,2)=\"DI\",HLOOKUP(S1300,DADOS!$T$29:$X$30,2,FALSE),0)),4),\"\")","v":0.25}]
["S",0,14,6,0,0,24,{"$f":"IF(OR($A1301=\"S\",$A1301=0),0,MATCH(0,OFFSET($B1301,1,$A1301,ROW($A$1504)-ROW($A1301)),0))","v":0},{"$f":"IF(OR($A1301=\"S\",$A1301=0),0,MATCH(OFFSET($B1301,0,$A1301)+1,OFFSET($B1301,1,$A1301,ROW($A$1504)-ROW($A1301)),0))","v":0},"Insumo","14.6.24.","Cotação","Rec. Materiais","001",{"$f":"IF(NOT(ISERROR($Y1301)),IF($Y1301<>FALSE,INDEX(Banco,$Y1301,5),\"\"),\"\")","v":"Papel A4"},"Resma",1,28,"DI 1",35,35,null,{"$f":"IF(OR($A1301=0,$A1301=\"S\",$A1301>CFF!$A$9),\"\",MAX(W$11:OFFSET(W1301,-1,0))+1)","v":""},"Rec. Materiais-001",10,null,{"$f":"IF($J1301=$G$2,ROUND(IF(ISNUMBER(S1301),S1301,IF(LEFT(S1301,2)=\"DI\",HLOOKUP(S1301,DADOS!$T$29:$X$30,2,FALSE),0)),4),\"\")","v":0.25}]
["S",0,14,6,0,0,25,{"$f":"IF(OR($A1302=\"S\",$A1302=0),0,MATCH(0,OFFSET($B1302,1,$A1302,ROW($A$1504)-ROW($A1302)),0))","v":0},{"$f":"IF(OR($A1302=\"S\",$A1302=0),0,MATCH(OFFSET($B1302,0,$A1302)+1,OFFSET($B1302,1,$A1302,ROW($A$1504)-ROW($A1302)),0))","v":0},"Insumo","14.6.25.","Cotação","Rec. Materiais","002",{"$f":"IF(NOT(ISERROR($Y1302)),IF($Y1302<>FALSE,INDEX(Banco,$Y1302,5),\"\"),\"\")","v":"Toner para impressora"},"Unidade",4,180,"DI 1",225,900,null,{"$f":"IF(OR($A1302=0,$A1302=\"S\",$A1302>CFF!$A$9),\"\",MAX(W$11:OFFSET(W1302,-1,0))+1)","v":""},"Rec. Materiais-002",11,null,{"$f":"IF($J1302=$G$2,ROUND(IF(ISNUMBER(S1302),S1302,IF(LEFT(S1302,2)=\"DI\",HLOOKUP(S1302,DADOS!$T$29:$X$30,2,FALSE),0)),4),\"\")","v":0.25}]
["S",0,14,6,0,0,26,{"$f":"IF(OR($A1303=\"S\",$A1303=0),0,MATCH(0,OFFSET($B1303,1,$A1303,ROW($A$1504)-ROW($A1303)),0))","v":0},{"$f":"IF(OR($A1303=\"S\",$A1303=0),0,MATCH(OFFSET($B1303,0,$A1303)+1,OFFSET($B1303,1,$A1303,ROW($A$1504)-ROW($A1303)),0))","v":0},"Insumo","14.6.26.","Cotação","Serv. Terc.","079","Informativo sobre Educação Financeira/Orçamento Familiar","Unidade",656,6,"DI 1",7.5,4920,null,{"$f":"IF(OR($A1303=0,$A1303=\"S\",$A1303>CFF!$A$9),\"\",MAX(W$11:OFFSET(W1303,-1,0))+1)","v":""},"Serv. Terc.-079",159,null,{"$f":"IF($J1303=$G$2,ROUND(IF(ISNUMBER(S1303),S1303,IF(LEFT(S1303,2)=\"DI\",HLOOKUP(S1303,DADOS!$T$29:$X$30,2,FALSE),0)),4),\"\")","v":0.25}]
[{"$f":"CHOOSE(1+LOG(1+2*(J1304=$C$2)+4*(J1304=$D$2)+8*(J1304=$E$2)+16*(J1304=$F$2)+32*(J1304=$G$2),2),0,1,2,3,4,\"S\")","v":2},{"$f":"IF(OR(A1304=\"S\",A1304=0),0,IF(ISERROR(I1304),H1304,SMALL(H1304:I1304,1)))","v":20},{"$f":"IF($A1304=1,OFFSET(C1304,-1,0)+1,OFFSET(C1304,-1,0))","v":14},{"$f":"IF($A1304=1,0,IF($A1304=2,OFFSET(D1304,-1,0)+1,OFFSET(D1304,-1,0)))","v":7},{"$f":"IF(AND($A1304<=2,$A1304<>0),0,IF($A1304=3,OFFSET(E1304,-1,0)+1,OFFSET(E1304,-1,0)))","v":0},{"$f":"IF(AND($A1304<=3,$A1304<>0),0,IF($A1304=4,OFFSET(F1304,-1,0)+1,OFFSET(F1304,-1,0)))","v":0},{"$f":"IF(AND($A1304<=4,$A1304<>0),0,IF($A1304=\"S\",OFFSET(G1304,-1,0)+1,OFFSET(G1304,-1,0)))","v":0},{"$f":"IF(OR($A1304=\"S\",$A1304=0),0,MATCH(0,OFFSET($B1304,1,$A1304,ROW($A$1504)-ROW($A1304)),0))","v":40},{"$f":"IF(OR($A1304=\"S\",$A1304=0),0,MATCH(OFFSET($B1304,0,$A1304)+1,OFFSET($B1304,1,$A1304,ROW($A$1504)-ROW($A1304)),0))","v":20},"AtivNível 1",{"$f":"IF($A1304=0,\"-\",CONCATENATE(C1304&\".\",IF(AND($A$5>=2,$A1304>=2),D1304&\".\",\"\"),IF(AND($A$5>=3,$A1304>=3),E1304&\".\",\"\"),IF(AND($A$5>=4,$A1304>=4),F1304&\".\",\"\"),IF($A1304=\"S\",G1304&\".\",\"\")))","v":"14.7."},{"$f":"IF(NOT(ISERROR($Y1304)),IF($Y1304<>FALSE,INDEX(Banco,$Y1304,4),\"\"),\"\")","v":""},null,null,"Ativdade 101 - Palestra: Financeira, orçamento familiar região Jardim Ikaraí",{"$f":"IF(NOT(ISERROR($Y1304)),IF($Y1304<>FALSE,INDEX(Banco,$Y1304,6),\"\"),\"\")","v":""},null,{"$f":"IF(NOT(ISERROR($Y1304)),IF($Y1304<>FALSE,INDEX(Banco,$Y1304,7),0),0)","v":0},"DI 1",{"$f":"IF($J1304=$G$2,ROUND(ROUND($R1304,2)*IF($R$9=\"Preço Unitário (R$)\",1,1+$AA1304),2),0)","v":0},{"$f":"IF($A1304=\"S\",VTOTAL1,IF($A1304=0,0,ROUND(SomaAgrup,2)))","v":9618.57},null,{"$f":"IF(OR($A1304=0,$A1304=\"S\",$A1304>CFF!$A$9),\"\",MAX(W$11:OFFSET(W1304,-1,0))+1)","v":115},{"$f":"IF(AND($J1304=$G$2,$N1304<>\"\",$M1304<>\"\"),CONCATENATE($M1304,\"-\",$N1304))","v":false},{"$f":"IF(X1304<>FALSE,MATCH(X1304,OFFSET(Banco,0,0,,1),0))","v":false},null,{"$f":"IF($J1304=$G$2,ROUND(IF(ISNUMBER(S1304),S1304,IF(LEFT(S1304,2)=\"DI\",HLOOKUP(S1304,DADOS!$T$29:$X$30,2,FALSE),0)),4),\"\")","v":""}]
["S",0,14,7,0,0,1,{"$f":"IF(OR($A1305=\"S\",$A1305=0),0,MATCH(0,OFFSET($B1305,1,$A1305,ROW($A$1504)-ROW($A1305)),0))","v":0},{"$f":"IF(OR($A1305=\"S\",$A1305=0),0,MATCH(OFFSET($B1305,0,$A1305)+1,OFFSET($B1305,1,$A1305,ROW($A$1504)-ROW($A1305)),0))","v":0},"Insumo","14.7.1.","CRESS","Rec. Humanos","001",{"$f":"IF(NOT(ISERROR($Y1305)),IF($Y1305<>FALSE,INDEX(Banco,$Y1305,5),\"\"),\"\")","v":"Responsável Técnica"},"Horas",6,150.28,"DI 1",187.85,1127.0999999999999,null,{"$f":"IF(OR($A1305=0,$A1305=\"S\",$A1305>CFF!$A$9),\"\",MAX(W$11:OFFSET(W1305,-1,0))+1)","v":""},"Rec. Humanos-001",3,null,{"$f":"IF($J1305=$G$2,ROUND(IF(ISNUMBER(S1305),S1305,IF(LEFT(S1305,2)=\"DI\",HLOOKUP(S1305,DADOS!$T$29:$X$30,2,FALSE),0)),4),\"\")","v":0.25}]
[{"$f":"CHOOSE(1+LOG(1+2*(J1306=$C$2)+4*(J1306=$D$2)+8*(J1306=$E$2)+16*(J1306=$F$2)+32*(J1306=$G$2),2),0,1,2,3,4,\"S\")","v":"S"},{"$f":"IF(OR(A1306=\"S\",A1306=0),0,IF(ISERROR(I1306),H1306,SMALL(H1306:I1306,1)))","v":0},{"$f":"IF($A1306=1,OFFSET(C1306,-1,0)+1,OFFSET(C1306,-1,0))","v":14},{"$f":"IF($A1306=1,0,IF($A1306=2,OFFSET(D1306,-1,0)+1,OFFSET(D1306,-1,0)))","v":7},{"$f":"IF(AND($A1306<=2,$A1306<>0),0,IF($A1306=3,OFFSET(E1306,-1,0)+1,OFFSET(E1306,-1,0)))","v":0},{"$f":"IF(AND($A1306<=3,$A1306<>0),0,IF($A1306=4,OFFSET(F1306,-1,0)+1,OFFSET(F1306,-1,0)))","v":0},{"$f":"IF(AND($A1306<=4,$A1306<>0),0,IF($A1306=\"S\",OFFSET(G1306,-1,0)+1,OFFSET(G1306,-1,0)))","v":2},{"$f":"IF(OR($A1306=\"S\",$A1306=0),0,MATCH(0,OFFSET($B1306,1,$A1306,ROW($A$1504)-ROW($A1306)),0))","v":0},{"$f":"IF(OR($A1306=\"S\",$A1306=0),0,MATCH(OFFSET($B1306,0,$A1306)+1,OFFSET($B1306,1,$A1306,ROW($A$1504)-ROW($A1306)),0))","v":0},"Insumo",{"$f":"IF($A1306=0,\"-\",CONCATENATE(C1306&\".\",IF(AND($A$5>=2,$A1306>=2),D1306&\".\",\"\"),IF(AND($A$5>=3,$A1306>=3),E1306&\".\",\"\"),IF(AND($A$5>=4,$A1306>=4),F1306&\".\",\"\"),IF($A1306=\"S\",G1306&\".\",\"\")))","v":"14.7.2."},{"$f":"IF(NOT(ISERROR($Y1306)),IF($Y1306<>FALSE,INDEX(Banco,$Y1306,4),\"\"),\"\")","v":"CRESS"},"Rec. Humanos","002",{"$f":"IF(NOT(ISERROR($Y1306)),IF($Y1306<>FALSE,INDEX(Banco,$Y1306,5),\"\"),\"\")","v":"Assistente Social"},{"$f":"IF(NOT(ISERROR($Y1306)),IF($Y1306<>FALSE,INDEX(Banco,$Y1306,6),\"\"),\"\")","v":"Horas"},4,{"$f":"IF(NOT(ISERROR($Y1306)),IF($Y1306<>FALSE,INDEX(Banco,$Y1306,7),0),0)","v":133.81},"DI 1",{"$f":"IF($J1306=$G$2,ROUND(ROUND($R1306,2)*IF($R$9=\"Preço Unitário (R$)\",1,1+$AA1306),2),0)","v":167.26},{"$f":"IF($A1306=\"S\",VTOTAL1,IF($A1306=0,0,ROUND(SomaAgrup,2)))","v":669.04},null,{"$f":"IF(OR($A1306=0,$A1306=\"S\",$A1306>CFF!$A$9),\"\",MAX(W$11:OFFSET(W1306,-1,0))+1)","v":""},{"$f":"IF(AND($J1306=$G$2,$N1306<>\"\",$M1306<>\"\"),CONCATENATE($M1306,\"-\",$N1306))","v":"Rec. Humanos-002"},{"$f":"IF(X1306<>FALSE,MATCH(X1306,OFFSET(Banco,0,0,,1),0))","v":4},null,{"$f":"IF($J1306=$G$2,ROUND(IF(ISNUMBER(S1306),S1306,IF(LEFT(S1306,2)=\"DI\",HLOOKUP(S1306,DADOS!$T$29:$X$30,2,FALSE),0)),4),\"\")","v":0.25}]
["S",0,14,7,0,0,3,{"$f":"IF(OR($A1307=\"S\",$A1307=0),0,MATCH(0,OFFSET($B1307,1,$A1307,ROW($A$1504)-ROW($A1307)),0))","v":0},{"$f":"IF(OR($A1307=\"S\",$A1307=0),0,MATCH(OFFSET($B1307,0,$A1307)+1,OFFSET($B1307,1,$A1307,ROW($A$1504)-ROW($A1307)),0))","v":0},"Insumo","14.7.3.","Cotação","Rec. Humanos","003","Administrador (Técnico de Apoio) ","Horas",4,103.65,"DI 1",129.56,518.24,null,{"$f":"IF(OR($A1307=0,$A1307=\"S\",$A1307>CFF!$A$9),\"\",MAX(W$11:OFFSET(W1307,-1,0))+1)","v":""},"Rec. Humanos-003",5,null,{"$f":"IF($J1307=$G$2,ROUND(IF(ISNUMBER(S1307),S1307,IF(LEFT(S1307,2)=\"DI\",HLOOKUP(S1307,DADOS!$T$29:$X$30,2,FALSE),0)),4),\"\")","v":0.25}]
["S",0,14,7,0,0,4,{"$f":"IF(OR($A1308=\"S\",$A1308=0),0,MATCH(0,OFFSET($B1308,1,$A1308,ROW($A$1504)-ROW($A1308)),0))","v":0},{"$f":"IF(OR($A1308=\"S\",$A1308=0),0,MATCH(OFFSET($B1308,0,$A1308)+1,OFFSET($B1308,1,$A1308,ROW($A$1504)-ROW($A1308)),0))","v":0},"Insumo","14.7.4.","SINE","Rec. Humanos","004","Estagiários","Horas",10,9.7899999999999991,"DI 1",12.24,122.4,null,{"$f":"IF(OR($A1308=0,$A1308=\"S\",$A1308>CFF!$A$9),\"\",MAX(W$11:OFFSET(W1308,-1,0))+1)","v":""},"Rec. Humanos-004",6,null,{"$f":"IF($J1308=$G$2,ROUND(IF(ISNUMBER(S1308),S1308,IF(LEFT(S1308,2)=\"DI\",HLOOKUP(S1308,DADOS!$T$29:$X$30,2,FALSE),0)),4),\"\")","v":0.25}]
["S",0,14,7,0,0,5,{"$f":"IF(OR($A1309=\"S\",$A1309=0),0,MATCH(0,OFFSET($B1309,1,$A1309,ROW($A$1504)-ROW($A1309)),0))","v":0},{"$f":"IF(OR($A1309=\"S\",$A1309=0),0,MATCH(OFFSET($B1309,0,$A1309)+1,OFFSET($B1309,1,$A1309,ROW($A$1504)-ROW($A1309)),0))","v":0},"Insumo","14.7.5.","Cotação","Serv. Terc.","001","Fotocópias","Unidade",150,0.3,"DI 1",0.38,57,null,{"$f":"IF(OR($A1309=0,$A1309=\"S\",$A1309>CFF!$A$9),\"\",MAX(W$11:OFFSET(W1309,-1,0))+1)","v":""},"Serv. Terc.-001",81,null,{"$f":"IF($J1309=$G$2,ROUND(IF(ISNUMBER(S1309),S1309,IF(LEFT(S1309,2)=\"DI\",HLOOKUP(S1309,DADOS!$T$29:$X$30,2,FALSE),0)),4),\"\")","v":0.25}]
[{"$f":"CHOOSE(1+LOG(1+2*(J1310=$C$2)+4*(J1310=$D$2)+8*(J1310=$E$2)+16*(J1310=$F$2)+32*(J1310=$G$2),2),0,1,2,3,4,\"S\")","v":"S"},{"$f":"IF(OR(A1310=\"S\",A1310=0),0,IF(ISERROR(I1310),H1310,SMALL(H1310:I1310,1)))","v":0},{"$f":"IF($A1310=1,OFFSET(C1310,-1,0)+1,OFFSET(C1310,-1,0))","v":14},{"$f":"IF($A1310=1,0,IF($A1310=2,OFFSET(D1310,-1,0)+1,OFFSET(D1310,-1,0)))","v":7},{"$f":"IF(AND($A1310<=2,$A1310<>0),0,IF($A1310=3,OFFSET(E1310,-1,0)+1,OFFSET(E1310,-1,0)))","v":0},{"$f":"IF(AND($A1310<=3,$A1310<>0),0,IF($A1310=4,OFFSET(F1310,-1,0)+1,OFFSET(F1310,-1,0)))","v":0},{"$f":"IF(AND($A1310<=4,$A1310<>0),0,IF($A1310=\"S\",OFFSET(G1310,-1,0)+1,OFFSET(G1310,-1,0)))","v":6},{"$f":"IF(OR($A1310=\"S\",$A1310=0),0,MATCH(0,OFFSET($B1310,1,$A1310,ROW($A$1504)-ROW($A1310)),0))","v":0},{"$f":"IF(OR($A1310=\"S\",$A1310=0),0,MATCH(OFFSET($B1310,0,$A1310)+1,OFFSET($B1310,1,$A1310,ROW($A$1504)-ROW($A1310)),0))","v":0},"Insumo",{"$f":"IF($A1310=0,\"-\",CONCATENATE(C1310&\".\",IF(AND($A$5>=2,$A1310>=2),D1310&\".\",\"\"),IF(AND($A$5>=3,$A1310>=3),E1310&\".\",\"\"),IF(AND($A$5>=4,$A1310>=4),F1310&\".\",\"\"),IF($A1310=\"S\",G1310&\".\",\"\")))","v":"14.7.6."},{"$f":"IF(NOT(ISERROR($Y1310)),IF($Y1310<>FALSE,INDEX(Banco,$Y1310,4),\"\"),\"\")","v":"Cotação"},"Serv. Terc.","017",{"$f":"IF(NOT(ISERROR($Y1310)),IF($Y1310<>FALSE,INDEX(Banco,$Y1310,5),\"\"),\"\")","v":"Instrutor/Monitor (Educação Fisíca)"},{"$f":"IF(NOT(ISERROR($Y1310)),IF($Y1310<>FALSE,INDEX(Banco,$Y1310,6),\"\"),\"\")","v":"Horas"},2,{"$f":"IF(NOT(ISERROR($Y1310)),IF($Y1310<>FALSE,INDEX(Banco,$Y1310,7),0),0)","v":100},"DI 1",{"$f":"IF($J1310=$G$2,ROUND(ROUND($R1310,2)*IF($R$9=\"Preço Unitário (R$)\",1,1+$AA1310),2),0)","v":125},{"$f":"IF($A1310=\"S\",VTOTAL1,IF($A1310=0,0,ROUND(SomaAgrup,2)))","v":250},null,{"$f":"IF(OR($A1310=0,$A1310=\"S\",$A1310>CFF!$A$9),\"\",MAX(W$11:OFFSET(W1310,-1,0))+1)","v":""},{"$f":"IF(AND($J1310=$G$2,$N1310<>\"\",$M1310<>\"\"),CONCATENATE($M1310,\"-\",$N1310))","v":"Serv. Terc.-017"},{"$f":"IF(X1310<>FALSE,MATCH(X1310,OFFSET(Banco,0,0,,1),0))","v":97},null,{"$f":"IF($J1310=$G$2,ROUND(IF(ISNUMBER(S1310),S1310,IF(LEFT(S1310,2)=\"DI\",HLOOKUP(S1310,DADOS!$T$29:$X$30,2,FALSE),0)),4),\"\")","v":0.25}]
["S",0,14,7,0,0,7,{"$f":"IF(OR($A1311=\"S\",$A1311=0),0,MATCH(0,OFFSET($B1311,1,$A1311,ROW($A$1504)-ROW($A1311)),0))","v":0},{"$f":"IF(OR($A1311=\"S\",$A1311=0),0,MATCH(OFFSET($B1311,0,$A1311)+1,OFFSET($B1311,1,$A1311,ROW($A$1504)-ROW($A1311)),0))","v":0},"Insumo","14.7.7.","Cotação","Serv. Terc.","002","Carro de som com gravação de vinheta","Horas",2,200,"DI 1",250,500,null,{"$f":"IF(OR($A1311=0,$A1311=\"S\",$A1311>CFF!$A$9),\"\",MAX(W$11:OFFSET(W1311,-1,0))+1)","v":""},"Serv. Terc.-002",82,null,{"$f":"IF($J1311=$G$2,ROUND(IF(ISNUMBER(S1311),S1311,IF(LEFT(S1311,2)=\"DI\",HLOOKUP(S1311,DADOS!$T$29:$X$30,2,FALSE),0)),4),\"\")","v":0.25}]
["S",0,14,7,0,0,8,{"$f":"IF(OR($A1312=\"S\",$A1312=0),0,MATCH(0,OFFSET($B1312,1,$A1312,ROW($A$1504)-ROW($A1312)),0))","v":0},{"$f":"IF(OR($A1312=\"S\",$A1312=0),0,MATCH(OFFSET($B1312,0,$A1312)+1,OFFSET($B1312,1,$A1312,ROW($A$1504)-ROW($A1312)),0))","v":0},"Insumo","14.7.8.","Cotação","Serv. Terc.","005","Locação de caixa térmica","Unidade",2,40,"DI 1",50,100,null,{"$f":"IF(OR($A1312=0,$A1312=\"S\",$A1312>CFF!$A$9),\"\",MAX(W$11:OFFSET(W1312,-1,0))+1)","v":""},"Serv. Terc.-005",85,null,{"$f":"IF($J1312=$G$2,ROUND(IF(ISNUMBER(S1312),S1312,IF(LEFT(S1312,2)=\"DI\",HLOOKUP(S1312,DADOS!$T$29:$X$30,2,FALSE),0)),4),\"\")","v":0.25}]
["S",0,{"$f":"IF($A1313=1,OFFSET(C1313,-1,0)+1,OFFSET(C1313,-1,0))","v":14},{"$f":"IF($A1313=1,0,IF($A1313=2,OFFSET(D1313,-1,0)+1,OFFSET(D1313,-1,0)))","v":7},{"$f":"IF(AND($A1313<=2,$A1313<>0),0,IF($A1313=3,OFFSET(E1313,-1,0)+1,OFFSET(E1313,-1,0)))","v":0},{"$f":"IF(AND($A1313<=3,$A1313<>0),0,IF($A1313=4,OFFSET(F1313,-1,0)+1,OFFSET(F1313,-1,0)))","v":0},{"$f":"IF(AND($A1313<=4,$A1313<>0),0,IF($A1313=\"S\",OFFSET(G1313,-1,0)+1,OFFSET(G1313,-1,0)))","v":9},{"$f":"IF(OR($A1313=\"S\",$A1313=0),0,MATCH(0,OFFSET($B1313,1,$A1313,ROW($A$1504)-ROW($A1313)),0))","v":0},{"$f":"IF(OR($A1313=\"S\",$A1313=0),0,MATCH(OFFSET($B1313,0,$A1313)+1,OFFSET($B1313,1,$A1313,ROW($A$1504)-ROW($A1313)),0))","v":0},"Insumo","14.7.9.",{"$f":"IF(NOT(ISERROR($Y1313)),IF($Y1313<>FALSE,INDEX(Banco,$Y1313,4),\"\"),\"\")","v":"Cotação"},"Serv. Terc.","008","Locação de pula-pula com monitor",{"$f":"IF(NOT(ISERROR($Y1313)),IF($Y1313<>FALSE,INDEX(Banco,$Y1313,6),\"\"),\"\")","v":"Unidade"},2,{"$f":"IF(NOT(ISERROR($Y1313)),IF($Y1313<>FALSE,INDEX(Banco,$Y1313,7),0),0)","v":220},"DI 1",{"$f":"IF($J1313=$G$2,ROUND(ROUND($R1313,2)*IF($R$9=\"Preço Unitário (R$)\",1,1+$AA1313),2),0)","v":275},{"$f":"IF($A1313=\"S\",VTOTAL1,IF($A1313=0,0,ROUND(SomaAgrup,2)))","v":550},null,{"$f":"IF(OR($A1313=0,$A1313=\"S\",$A1313>CFF!$A$9),\"\",MAX(W$11:OFFSET(W1313,-1,0))+1)","v":""},{"$f":"IF(AND($J1313=$G$2,$N1313<>\"\",$M1313<>\"\"),CONCATENATE($M1313,\"-\",$N1313))","v":"Serv. Terc.-008"},88,null,{"$f":"IF($J1313=$G$2,ROUND(IF(ISNUMBER(S1313),S1313,IF(LEFT(S1313,2)=\"DI\",HLOOKUP(S1313,DADOS!$T$29:$X$30,2,FALSE),0)),4),\"\")","v":0.25}]
[{"$f":"CHOOSE(1+LOG(1+2*(J1314=$C$2)+4*(J1314=$D$2)+8*(J1314=$E$2)+16*(J1314=$F$2)+32*(J1314=$G$2),2),0,1,2,3,4,\"S\")","v":"S"},{"$f":"IF(OR(A1314=\"S\",A1314=0),0,IF(ISERROR(I1314),H1314,SMALL(H1314:I1314,1)))","v":0},14,7,0,0,10,{"$f":"IF(OR($A1314=\"S\",$A1314=0),0,MATCH(0,OFFSET($B1314,1,$A1314,ROW($A$1504)-ROW($A1314)),0))","v":0},{"$f":"IF(OR($A1314=\"S\",$A1314=0),0,MATCH(OFFSET($B1314,0,$A1314)+1,OFFSET($B1314,1,$A1314,ROW($A$1504)-ROW($A1314)),0))","v":0},"Insumo",{"$f":"IF($A1314=0,\"-\",CONCATENATE(C1314&\".\",IF(AND($A$5>=2,$A1314>=2),D1314&\".\",\"\"),IF(AND($A$5>=3,$A1314>=3),E1314&\".\",\"\"),IF(AND($A$5>=4,$A1314>=4),F1314&\".\",\"\"),IF($A1314=\"S\",G1314&\".\",\"\")))","v":"14.7.10."},"Cotação ","Serv. Terc.","011","Barra de gelo","Unidade",4,12,"DI 1",15,60,null,{"$f":"IF(OR($A1314=0,$A1314=\"S\",$A1314>CFF!$A$9),\"\",MAX(W$11:OFFSET(W1314,-1,0))+1)","v":""},"Serv. Terc.-011",{"$f":"IF(X1314<>FALSE,MATCH(X1314,OFFSET(Banco,0,0,,1),0))","v":91},null,{"$f":"IF($J1314=$G$2,ROUND(IF(ISNUMBER(S1314),S1314,IF(LEFT(S1314,2)=\"DI\",HLOOKUP(S1314,DADOS!$T$29:$X$30,2,FALSE),0)),4),\"\")","v":0.25}]
["S",0,14,7,0,0,11,{"$f":"IF(OR($A1315=\"S\",$A1315=0),0,MATCH(0,OFFSET($B1315,1,$A1315,ROW($A$1504)-ROW($A1315)),0))","v":0},{"$f":"IF(OR($A1315=\"S\",$A1315=0),0,MATCH(OFFSET($B1315,0,$A1315)+1,OFFSET($B1315,1,$A1315,ROW($A$1504)-ROW($A1315)),0))","v":0},"Insumo","14.7.11.","Cotação","Serv. Terc.","013","Sucos","Unidade",12,6.4,"DI 1",8,96,null,{"$f":"IF(OR($A1315=0,$A1315=\"S\",$A1315>CFF!$A$9),\"\",MAX(W$11:OFFSET(W1315,-1,0))+1)","v":""},"Serv. Terc.-013",93,null,{"$f":"IF($J1315=$G$2,ROUND(IF(ISNUMBER(S1315),S1315,IF(LEFT(S1315,2)=\"DI\",HLOOKUP(S1315,DADOS!$T$29:$X$30,2,FALSE),0)),4),\"\")","v":0.25}]
[{"$f":"CHOOSE(1+LOG(1+2*(J1316=$C$2)+4*(J1316=$D$2)+8*(J1316=$E$2)+16*(J1316=$F$2)+32*(J1316=$G$2),2),0,1,2,3,4,\"S\")","v":"S"},{"$f":"IF(OR(A1316=\"S\",A1316=0),0,IF(ISERROR(I1316),H1316,SMALL(H1316:I1316,1)))","v":0},14,7,0,0,12,{"$f":"IF(OR($A1316=\"S\",$A1316=0),0,MATCH(0,OFFSET($B1316,1,$A1316,ROW($A$1504)-ROW($A1316)),0))","v":0},{"$f":"IF(OR($A1316=\"S\",$A1316=0),0,MATCH(OFFSET($B1316,0,$A1316)+1,OFFSET($B1316,1,$A1316,ROW($A$1504)-ROW($A1316)),0))","v":0},"Insumo",{"$f":"IF($A1316=0,\"-\",CONCATENATE(C1316&\".\",IF(AND($A$5>=2,$A1316>=2),D1316&\".\",\"\"),IF(AND($A$5>=3,$A1316>=3),E1316&\".\",\"\"),IF(AND($A$5>=4,$A1316>=4),F1316&\".\",\"\"),IF($A1316=\"S\",G1316&\".\",\"\")))","v":"14.7.12."},"Cotação","Serv. Terc.","027",{"$f":"IF(NOT(ISERROR($Y1316)),IF($Y1316<>FALSE,INDEX(Banco,$Y1316,5),\"\"),\"\")","v":"Refrigerantes (02 litros) "},"Unidade",20,6,"DI 1",7.5,150,null,{"$f":"IF(OR($A1316=0,$A1316=\"S\",$A1316>CFF!$A$9),\"\",MAX(W$11:OFFSET(W1316,-1,0))+1)","v":""},"Serv. Terc.-027",{"$f":"IF(X1316<>FALSE,MATCH(X1316,OFFSET(Banco,0,0,,1),0))","v":107},null,{"$f":"IF($J1316=$G$2,ROUND(IF(ISNUMBER(S1316),S1316,IF(LEFT(S1316,2)=\"DI\",HLOOKUP(S1316,DADOS!$T$29:$X$30,2,FALSE),0)),4),\"\")","v":0.25}]
["S",0,14,7,0,0,13,{"$f":"IF(OR($A1317=\"S\",$A1317=0),0,MATCH(0,OFFSET($B1317,1,$A1317,ROW($A$1504)-ROW($A1317)),0))","v":0},{"$f":"IF(OR($A1317=\"S\",$A1317=0),0,MATCH(OFFSET($B1317,0,$A1317)+1,OFFSET($B1317,1,$A1317,ROW($A$1504)-ROW($A1317)),0))","v":0},"Insumo","14.7.13.","Cotação ","Serv. Terc.","010","Brindes ( descrição nos orçamentos e PTS)","Unidade",4,120,"DI 1",150,600,null,{"$f":"IF(OR($A1317=0,$A1317=\"S\",$A1317>CFF!$A$9),\"\",MAX(W$11:OFFSET(W1317,-1,0))+1)","v":""},"Serv. Terc.-010",90,null,{"$f":"IF($J1317=$G$2,ROUND(IF(ISNUMBER(S1317),S1317,IF(LEFT(S1317,2)=\"DI\",HLOOKUP(S1317,DADOS!$T$29:$X$30,2,FALSE),0)),4),\"\")","v":0.25}]
["S",0,14,7,0,0,14,{"$f":"IF(OR($A1318=\"S\",$A1318=0),0,MATCH(0,OFFSET($B1318,1,$A1318,ROW($A$1504)-ROW($A1318)),0))","v":0},{"$f":"IF(OR($A1318=\"S\",$A1318=0),0,MATCH(OFFSET($B1318,0,$A1318)+1,OFFSET($B1318,1,$A1318,ROW($A$1504)-ROW($A1318)),0))","v":0},"Insumo","14.7.14.","Cotação","Serv. Terc.","015","Coffee break (salgados)","Centro",15,65,"DI 1",81.25,1218.75,null,{"$f":"IF(OR($A1318=0,$A1318=\"S\",$A1318>CFF!$A$9),\"\",MAX(W$11:OFFSET(W1318,-1,0))+1)","v":""},"Serv. Terc.-015",95,null,{"$f":"IF($J1318=$G$2,ROUND(IF(ISNUMBER(S1318),S1318,IF(LEFT(S1318,2)=\"DI\",HLOOKUP(S1318,DADOS!$T$29:$X$30,2,FALSE),0)),4),\"\")","v":0.25}]
[{"$f":"CHOOSE(1+LOG(1+2*(J1319=$C$2)+4*(J1319=$D$2)+8*(J1319=$E$2)+16*(J1319=$F$2)+32*(J1319=$G$2),2),0,1,2,3,4,\"S\")","v":"S"},{"$f":"IF(OR(A1319=\"S\",A1319=0),0,IF(ISERROR(I1319),H1319,SMALL(H1319:I1319,1)))","v":0},14,7,0,0,15,{"$f":"IF(OR($A1319=\"S\",$A1319=0),0,MATCH(0,OFFSET($B1319,1,$A1319,ROW($A$1504)-ROW($A1319)),0))","v":0},{"$f":"IF(OR($A1319=\"S\",$A1319=0),0,MATCH(OFFSET($B1319,0,$A1319)+1,OFFSET($B1319,1,$A1319,ROW($A$1504)-ROW($A1319)),0))","v":0},"Insumo",{"$f":"IF($A1319=0,\"-\",CONCATENATE(C1319&\".\",IF(AND($A$5>=2,$A1319>=2),D1319&\".\",\"\"),IF(AND($A$5>=3,$A1319>=3),E1319&\".\",\"\"),IF(AND($A$5>=4,$A1319>=4),F1319&\".\",\"\"),IF($A1319=\"S\",G1319&\".\",\"\")))","v":"14.7.15."},"SINCON/MT","Serv. Terc.","063",{"$f":"IF(NOT(ISERROR($Y1319)),IF($Y1319<>FALSE,INDEX(Banco,$Y1319,5),\"\"),\"\")","v":"Economista"},"Horas",3,350,"DI 1",437.5,1312.5,null,{"$f":"IF(OR($A1319=0,$A1319=\"S\",$A1319>CFF!$A$9),\"\",MAX(W$11:OFFSET(W1319,-1,0))+1)","v":""},"Serv. Terc.-063",{"$f":"IF(X1319<>FALSE,MATCH(X1319,OFFSET(Banco,0,0,,1),0))","v":143},null,{"$f":"IF($J1319=$G$2,ROUND(IF(ISNUMBER(S1319),S1319,IF(LEFT(S1319,2)=\"DI\",HLOOKUP(S1319,DADOS!$T$29:$X$30,2,FALSE),0)),4),\"\")","v":0.25}]
["S",0,14,7,0,0,16,{"$f":"IF(OR($A1320=\"S\",$A1320=0),0,MATCH(0,OFFSET($B1320,1,$A1320,ROW($A$1504)-ROW($A1320)),0))","v":0},{"$f":"IF(OR($A1320=\"S\",$A1320=0),0,MATCH(OFFSET($B1320,0,$A1320)+1,OFFSET($B1320,1,$A1320,ROW($A$1504)-ROW($A1320)),0))","v":0},"Insumo","14.7.16.","Cotação","Rec. Materiais","020","Guloseimas (balas e pirulito)","Pacote",4,12,"DI 1",15,60,null,{"$f":"IF(OR($A1320=0,$A1320=\"S\",$A1320>CFF!$A$9),\"\",MAX(W$11:OFFSET(W1320,-1,0))+1)","v":""},"Rec. Materiais-020",29,null,{"$f":"IF($J1320=$G$2,ROUND(IF(ISNUMBER(S1320),S1320,IF(LEFT(S1320,2)=\"DI\",HLOOKUP(S1320,DADOS!$T$29:$X$30,2,FALSE),0)),4),\"\")","v":0.25}]
["S",0,14,7,0,0,17,{"$f":"IF(OR($A1321=\"S\",$A1321=0),0,MATCH(0,OFFSET($B1321,1,$A1321,ROW($A$1504)-ROW($A1321)),0))","v":0},{"$f":"IF(OR($A1321=\"S\",$A1321=0),0,MATCH(OFFSET($B1321,0,$A1321)+1,OFFSET($B1321,1,$A1321,ROW($A$1504)-ROW($A1321)),0))","v":0},"Insumo","14.7.17.","Cotação","Rec. Materiais","021","Papel de presente","Folhas",8,1.5,"DI 1",1.88,15.04,null,{"$f":"IF(OR($A1321=0,$A1321=\"S\",$A1321>CFF!$A$9),\"\",MAX(W$11:OFFSET(W1321,-1,0))+1)","v":""},"Rec. Materiais-021",30,null,{"$f":"IF($J1321=$G$2,ROUND(IF(ISNUMBER(S1321),S1321,IF(LEFT(S1321,2)=\"DI\",HLOOKUP(S1321,DADOS!$T$29:$X$30,2,FALSE),0)),4),\"\")","v":0.25}]
["S",0,14,7,0,0,18,{"$f":"IF(OR($A1322=\"S\",$A1322=0),0,MATCH(0,OFFSET($B1322,1,$A1322,ROW($A$1504)-ROW($A1322)),0))","v":0},{"$f":"IF(OR($A1322=\"S\",$A1322=0),0,MATCH(OFFSET($B1322,0,$A1322)+1,OFFSET($B1322,1,$A1322,ROW($A$1504)-ROW($A1322)),0))","v":0},"Insumo","14.7.18.","Cotação","Rec. Materiais","026","Saco de lixo (100 litros)","Pacote",2,15,"DI 1",18.75,37.5,null,{"$f":"IF(OR($A1322=0,$A1322=\"S\",$A1322>CFF!$A$9),\"\",MAX(W$11:OFFSET(W1322,-1,0))+1)","v":""},"Rec. Materiais-026",35,null,{"$f":"IF($J1322=$G$2,ROUND(IF(ISNUMBER(S1322),S1322,IF(LEFT(S1322,2)=\"DI\",HLOOKUP(S1322,DADOS!$T$29:$X$30,2,FALSE),0)),4),\"\")","v":0.25}]
["S",0,14,7,0,0,19,{"$f":"IF(OR($A1323=\"S\",$A1323=0),0,MATCH(0,OFFSET($B1323,1,$A1323,ROW($A$1504)-ROW($A1323)),0))","v":0},{"$f":"IF(OR($A1323=\"S\",$A1323=0),0,MATCH(OFFSET($B1323,0,$A1323)+1,OFFSET($B1323,1,$A1323,ROW($A$1504)-ROW($A1323)),0))","v":0},"Insumo","14.7.19.","Cotação","Serv. Terc.","079","Informativo sobre Educação Financeira/Orçamento Familiar","Unidade",290,6,"DI 1",7.5,2175,null,{"$f":"IF(OR($A1323=0,$A1323=\"S\",$A1323>CFF!$A$9),\"\",MAX(W$11:OFFSET(W1323,-1,0))+1)","v":""},"Serv. Terc.-079",159,null,{"$f":"IF($J1323=$G$2,ROUND(IF(ISNUMBER(S1323),S1323,IF(LEFT(S1323,2)=\"DI\",HLOOKUP(S1323,DADOS!$T$29:$X$30,2,FALSE),0)),4),\"\")","v":0.25}]
[{"$f":"CHOOSE(1+LOG(1+2*(J1324=$C$2)+4*(J1324=$D$2)+8*(J1324=$E$2)+16*(J1324=$F$2)+32*(J1324=$G$2),2),0,1,2,3,4,\"S\")","v":2},{"$f":"IF(OR(A1324=\"S\",A1324=0),0,IF(ISERROR(I1324),H1324,SMALL(H1324:I1324,1)))","v":20},{"$f":"IF($A1324=1,OFFSET(C1324,-1,0)+1,OFFSET(C1324,-1,0))","v":14},{"$f":"IF($A1324=1,0,IF($A1324=2,OFFSET(D1324,-1,0)+1,OFFSET(D1324,-1,0)))","v":8},{"$f":"IF(AND($A1324<=2,$A1324<>0),0,IF($A1324=3,OFFSET(E1324,-1,0)+1,OFFSET(E1324,-1,0)))","v":0},{"$f":"IF(AND($A1324<=3,$A1324<>0),0,IF($A1324=4,OFFSET(F1324,-1,0)+1,OFFSET(F1324,-1,0)))","v":0},{"$f":"IF(AND($A1324<=4,$A1324<>0),0,IF($A1324=\"S\",OFFSET(G1324,-1,0)+1,OFFSET(G1324,-1,0)))","v":0},{"$f":"IF(OR($A1324=\"S\",$A1324=0),0,MATCH(0,OFFSET($B1324,1,$A1324,ROW($A$1504)-ROW($A1324)),0))","v":20},{"$f":"IF(OR($A1324=\"S\",$A1324=0),0,MATCH(OFFSET($B1324,0,$A1324)+1,OFFSET($B1324,1,$A1324,ROW($A$1504)-ROW($A1324)),0))","v":{"$error":"#N/A"}},"AtivNível 1",{"$f":"IF($A1324=0,\"-\",CONCATENATE(C1324&\".\",IF(AND($A$5>=2,$A1324>=2),D1324&\".\",\"\"),IF(AND($A$5>=3,$A1324>=3),E1324&\".\",\"\"),IF(AND($A$5>=4,$A1324>=4),F1324&\".\",\"\"),IF($A1324=\"S\",G1324&\".\",\"\")))","v":"14.8."},{"$f":"IF(NOT(ISERROR($Y1324)),IF($Y1324<>FALSE,INDEX(Banco,$Y1324,4),\"\"),\"\")","v":""},null,null,"Atividade 102 - Palestra: Financeira e orçamento familiar Bairro: Frutal de Minas e Jardim Paula II",{"$f":"IF(NOT(ISERROR($Y1324)),IF($Y1324<>FALSE,INDEX(Banco,$Y1324,6),\"\"),\"\")","v":""},null,{"$f":"IF(NOT(ISERROR($Y1324)),IF($Y1324<>FALSE,INDEX(Banco,$Y1324,7),0),0)","v":0},"DI 1",{"$f":"IF($J1324=$G$2,ROUND(ROUND($R1324,2)*IF($R$9=\"Preço Unitário (R$)\",1,1+$AA1324),2),0)","v":0},{"$f":"IF($A1324=\"S\",VTOTAL1,IF($A1324=0,0,ROUND(SomaAgrup,2)))","v":8988.57},null,{"$f":"IF(OR($A1324=0,$A1324=\"S\",$A1324>CFF!$A$9),\"\",MAX(W$11:OFFSET(W1324,-1,0))+1)","v":116},{"$f":"IF(AND($J1324=$G$2,$N1324<>\"\",$M1324<>\"\"),CONCATENATE($M1324,\"-\",$N1324))","v":false},{"$f":"IF(X1324<>FALSE,MATCH(X1324,OFFSET(Banco,0,0,,1),0))","v":false},null,{"$f":"IF($J1324=$G$2,ROUND(IF(ISNUMBER(S1324),S1324,IF(LEFT(S1324,2)=\"DI\",HLOOKUP(S1324,DADOS!$T$29:$X$30,2,FALSE),0)),4),\"\")","v":""}]
[{"$f":"CHOOSE(1+LOG(1+2*(J1325=$C$2)+4*(J1325=$D$2)+8*(J1325=$E$2)+16*(J1325=$F$2)+32*(J1325=$G$2),2),0,1,2,3,4,\"S\")","v":"S"},{"$f":"IF(OR(A1325=\"S\",A1325=0),0,IF(ISERROR(I1325),H1325,SMALL(H1325:I1325,1)))","v":0},{"$f":"IF($A1325=1,OFFSET(C1325,-1,0)+1,OFFSET(C1325,-1,0))","v":14},{"$f":"IF($A1325=1,0,IF($A1325=2,OFFSET(D1325,-1,0)+1,OFFSET(D1325,-1,0)))","v":8},{"$f":"IF(AND($A1325<=2,$A1325<>0),0,IF($A1325=3,OFFSET(E1325,-1,0)+1,OFFSET(E1325,-1,0)))","v":0},{"$f":"IF(AND($A1325<=3,$A1325<>0),0,IF($A1325=4,OFFSET(F1325,-1,0)+1,OFFSET(F1325,-1,0)))","v":0},{"$f":"IF(AND($A1325<=4,$A1325<>0),0,IF($A1325=\"S\",OFFSET(G1325,-1,0)+1,OFFSET(G1325,-1,0)))","v":1},{"$f":"IF(OR($A1325=\"S\",$A1325=0),0,MATCH(0,OFFSET($B1325,1,$A1325,ROW($A$1504)-ROW($A1325)),0))","v":0},{"$f":"IF(OR($A1325=\"S\",$A1325=0),0,MATCH(OFFSET($B1325,0,$A1325)+1,OFFSET($B1325,1,$A1325,ROW($A$1504)-ROW($A1325)),0))","v":0},"Insumo",{"$f":"IF($A1325=0,\"-\",CONCATENATE(C1325&\".\",IF(AND($A$5>=2,$A1325>=2),D1325&\".\",\"\"),IF(AND($A$5>=3,$A1325>=3),E1325&\".\",\"\"),IF(AND($A$5>=4,$A1325>=4),F1325&\".\",\"\"),IF($A1325=\"S\",G1325&\".\",\"\")))","v":"14.8.1."},{"$f":"IF(NOT(ISERROR($Y1325)),IF($Y1325<>FALSE,INDEX(Banco,$Y1325,4),\"\"),\"\")","v":"CRESS"},"Rec. Humanos","001",{"$f":"IF(NOT(ISERROR($Y1325)),IF($Y1325<>FALSE,INDEX(Banco,$Y1325,5),\"\"),\"\")","v":"Responsável Técnica"},{"$f":"IF(NOT(ISERROR($Y1325)),IF($Y1325<>FALSE,INDEX(Banco,$Y1325,6),\"\"),\"\")","v":"Horas"},6,{"$f":"IF(NOT(ISERROR($Y1325)),IF($Y1325<>FALSE,INDEX(Banco,$Y1325,7),0),0)","v":150.28},"DI 1",{"$f":"IF($J1325=$G$2,ROUND(ROUND($R1325,2)*IF($R$9=\"Preço Unitário (R$)\",1,1+$AA1325),2),0)","v":187.85},{"$f":"IF($A1325=\"S\",VTOTAL1,IF($A1325=0,0,ROUND(SomaAgrup,2)))","v":1127.0999999999999},null,{"$f":"IF(OR($A1325=0,$A1325=\"S\",$A1325>CFF!$A$9),\"\",MAX(W$11:OFFSET(W1325,-1,0))+1)","v":""},{"$f":"IF(AND($J1325=$G$2,$N1325<>\"\",$M1325<>\"\"),CONCATENATE($M1325,\"-\",$N1325))","v":"Rec. Humanos-001"},{"$f":"IF(X1325<>FALSE,MATCH(X1325,OFFSET(Banco,0,0,,1),0))","v":3},null,{"$f":"IF($J1325=$G$2,ROUND(IF(ISNUMBER(S1325),S1325,IF(LEFT(S1325,2)=\"DI\",HLOOKUP(S1325,DADOS!$T$29:$X$30,2,FALSE),0)),4),\"\")","v":0.25}]
["S",0,14,8,0,0,2,{"$f":"IF(OR($A1326=\"S\",$A1326=0),0,MATCH(0,OFFSET($B1326,1,$A1326,ROW($A$1504)-ROW($A1326)),0))","v":0},{"$f":"IF(OR($A1326=\"S\",$A1326=0),0,MATCH(OFFSET($B1326,0,$A1326)+1,OFFSET($B1326,1,$A1326,ROW($A$1504)-ROW($A1326)),0))","v":0},"Insumo","14.8.2.","CRESS","Rec. Humanos","002",{"$f":"IF(NOT(ISERROR($Y1326)),IF($Y1326<>FALSE,INDEX(Banco,$Y1326,5),\"\"),\"\")","v":"Assistente Social"},"Horas",4,133.81,"DI 1",167.26,669.04,null,{"$f":"IF(OR($A1326=0,$A1326=\"S\",$A1326>CFF!$A$9),\"\",MAX(W$11:OFFSET(W1326,-1,0))+1)","v":""},"Rec. Humanos-002",4,null,{"$f":"IF($J1326=$G$2,ROUND(IF(ISNUMBER(S1326),S1326,IF(LEFT(S1326,2)=\"DI\",HLOOKUP(S1326,DADOS!$T$29:$X$30,2,FALSE),0)),4),\"\")","v":0.25}]
["S",0,14,8,0,0,3,{"$f":"IF(OR($A1327=\"S\",$A1327=0),0,MATCH(0,OFFSET($B1327,1,$A1327,ROW($A$1504)-ROW($A1327)),0))","v":0},{"$f":"IF(OR($A1327=\"S\",$A1327=0),0,MATCH(OFFSET($B1327,0,$A1327)+1,OFFSET($B1327,1,$A1327,ROW($A$1504)-ROW($A1327)),0))","v":0},"Insumo","14.8.3.","Cotação","Rec. Humanos","003","Administrador (Técnico de Apoio) ","Horas",4,103.65,"DI 1",129.56,518.24,null,{"$f":"IF(OR($A1327=0,$A1327=\"S\",$A1327>CFF!$A$9),\"\",MAX(W$11:OFFSET(W1327,-1,0))+1)","v":""},"Rec. Humanos-003",5,null,{"$f":"IF($J1327=$G$2,ROUND(IF(ISNUMBER(S1327),S1327,IF(LEFT(S1327,2)=\"DI\",HLOOKUP(S1327,DADOS!$T$29:$X$30,2,FALSE),0)),4),\"\")","v":0.25}]
["S",0,14,8,0,0,4,{"$f":"IF(OR($A1328=\"S\",$A1328=0),0,MATCH(0,OFFSET($B1328,1,$A1328,ROW($A$1504)-ROW($A1328)),0))","v":0},{"$f":"IF(OR($A1328=\"S\",$A1328=0),0,MATCH(OFFSET($B1328,0,$A1328)+1,OFFSET($B1328,1,$A1328,ROW($A$1504)-ROW($A1328)),0))","v":0},"Insumo","14.8.4.","SINE","Rec. Humanos","004","Estagiários","Horas",10,9.7899999999999991,"DI 1",12.24,122.4,null,{"$f":"IF(OR($A1328=0,$A1328=\"S\",$A1328>CFF!$A$9),\"\",MAX(W$11:OFFSET(W1328,-1,0))+1)","v":""},"Rec. Humanos-004",6,null,{"$f":"IF($J1328=$G$2,ROUND(IF(ISNUMBER(S1328),S1328,IF(LEFT(S1328,2)=\"DI\",HLOOKUP(S1328,DADOS!$T$29:$X$30,2,FALSE),0)),4),\"\")","v":0.25}]
["S",0,14,8,0,0,5,{"$f":"IF(OR($A1329=\"S\",$A1329=0),0,MATCH(0,OFFSET($B1329,1,$A1329,ROW($A$1504)-ROW($A1329)),0))","v":0},{"$f":"IF(OR($A1329=\"S\",$A1329=0),0,MATCH(OFFSET($B1329,0,$A1329)+1,OFFSET($B1329,1,$A1329,ROW($A$1504)-ROW($A1329)),0))","v":0},"Insumo","14.8.5.","Cotação","Serv. Terc.","001","Fotocópias","Unidade",150,0.3,"DI 1",0.38,57,null,{"$f":"IF(OR($A1329=0,$A1329=\"S\",$A1329>CFF!$A$9),\"\",MAX(W$11:OFFSET(W1329,-1,0))+1)","v":""},"Serv. Terc.-001",81,null,{"$f":"IF($J1329=$G$2,ROUND(IF(ISNUMBER(S1329),S1329,IF(LEFT(S1329,2)=\"DI\",HLOOKUP(S1329,DADOS!$T$29:$X$30,2,FALSE),0)),4),\"\")","v":0.25}]
["S",0,{"$f":"IF($A1330=1,OFFSET(C1330,-1,0)+1,OFFSET(C1330,-1,0))","v":14},{"$f":"IF($A1330=1,0,IF($A1330=2,OFFSET(D1330,-1,0)+1,OFFSET(D1330,-1,0)))","v":8},{"$f":"IF(AND($A1330<=2,$A1330<>0),0,IF($A1330=3,OFFSET(E1330,-1,0)+1,OFFSET(E1330,-1,0)))","v":0},{"$f":"IF(AND($A1330<=3,$A1330<>0),0,IF($A1330=4,OFFSET(F1330,-1,0)+1,OFFSET(F1330,-1,0)))","v":0},{"$f":"IF(AND($A1330<=4,$A1330<>0),0,IF($A1330=\"S\",OFFSET(G1330,-1,0)+1,OFFSET(G1330,-1,0)))","v":6},{"$f":"IF(OR($A1330=\"S\",$A1330=0),0,MATCH(0,OFFSET($B1330,1,$A1330,ROW($A$1504)-ROW($A1330)),0))","v":0},{"$f":"IF(OR($A1330=\"S\",$A1330=0),0,MATCH(OFFSET($B1330,0,$A1330)+1,OFFSET($B1330,1,$A1330,ROW($A$1504)-ROW($A1330)),0))","v":0},"Insumo","14.8.6.",{"$f":"IF(NOT(ISERROR($Y1330)),IF($Y1330<>FALSE,INDEX(Banco,$Y1330,4),\"\"),\"\")","v":"Cotação"},"Serv. Terc.","017",{"$f":"IF(NOT(ISERROR($Y1330)),IF($Y1330<>FALSE,INDEX(Banco,$Y1330,5),\"\"),\"\")","v":"Instrutor/Monitor (Educação Fisíca)"},{"$f":"IF(NOT(ISERROR($Y1330)),IF($Y1330<>FALSE,INDEX(Banco,$Y1330,6),\"\"),\"\")","v":"Horas"},2,{"$f":"IF(NOT(ISERROR($Y1330)),IF($Y1330<>FALSE,INDEX(Banco,$Y1330,7),0),0)","v":100},"DI 1",{"$f":"IF($J1330=$G$2,ROUND(ROUND($R1330,2)*IF($R$9=\"Preço Unitário (R$)\",1,1+$AA1330),2),0)","v":125},{"$f":"IF($A1330=\"S\",VTOTAL1,IF($A1330=0,0,ROUND(SomaAgrup,2)))","v":250},null,{"$f":"IF(OR($A1330=0,$A1330=\"S\",$A1330>CFF!$A$9),\"\",MAX(W$11:OFFSET(W1330,-1,0))+1)","v":""},{"$f":"IF(AND($J1330=$G$2,$N1330<>\"\",$M1330<>\"\"),CONCATENATE($M1330,\"-\",$N1330))","v":"Serv. Terc.-017"},97,null,{"$f":"IF($J1330=$G$2,ROUND(IF(ISNUMBER(S1330),S1330,IF(LEFT(S1330,2)=\"DI\",HLOOKUP(S1330,DADOS!$T$29:$X$30,2,FALSE),0)),4),\"\")","v":0.25}]
[{"$f":"CHOOSE(1+LOG(1+2*(J1331=$C$2)+4*(J1331=$D$2)+8*(J1331=$E$2)+16*(J1331=$F$2)+32*(J1331=$G$2),2),0,1,2,3,4,\"S\")","v":"S"},{"$f":"IF(OR(A1331=\"S\",A1331=0),0,IF(ISERROR(I1331),H1331,SMALL(H1331:I1331,1)))","v":0},14,8,0,0,7,{"$f":"IF(OR($A1331=\"S\",$A1331=0),0,MATCH(0,OFFSET($B1331,1,$A1331,ROW($A$1504)-ROW($A1331)),0))","v":0},{"$f":"IF(OR($A1331=\"S\",$A1331=0),0,MATCH(OFFSET($B1331,0,$A1331)+1,OFFSET($B1331,1,$A1331,ROW($A$1504)-ROW($A1331)),0))","v":0},"Insumo",{"$f":"IF($A1331=0,\"-\",CONCATENATE(C1331&\".\",IF(AND($A$5>=2,$A1331>=2),D1331&\".\",\"\"),IF(AND($A$5>=3,$A1331>=3),E1331&\".\",\"\"),IF(AND($A$5>=4,$A1331>=4),F1331&\".\",\"\"),IF($A1331=\"S\",G1331&\".\",\"\")))","v":"14.8.7."},"Cotação","Serv. Terc.","002","Carro de som com gravação de vinheta","Horas",2,200,"DI 1",250,500,null,{"$f":"IF(OR($A1331=0,$A1331=\"S\",$A1331>CFF!$A$9),\"\",MAX(W$11:OFFSET(W1331,-1,0))+1)","v":""},"Serv. Terc.-002",{"$f":"IF(X1331<>FALSE,MATCH(X1331,OFFSET(Banco,0,0,,1),0))","v":82},null,{"$f":"IF($J1331=$G$2,ROUND(IF(ISNUMBER(S1331),S1331,IF(LEFT(S1331,2)=\"DI\",HLOOKUP(S1331,DADOS!$T$29:$X$30,2,FALSE),0)),4),\"\")","v":0.25}]
["S",0,14,8,0,0,8,{"$f":"IF(OR($A1332=\"S\",$A1332=0),0,MATCH(0,OFFSET($B1332,1,$A1332,ROW($A$1504)-ROW($A1332)),0))","v":0},{"$f":"IF(OR($A1332=\"S\",$A1332=0),0,MATCH(OFFSET($B1332,0,$A1332)+1,OFFSET($B1332,1,$A1332,ROW($A$1504)-ROW($A1332)),0))","v":0},"Insumo","14.8.8.","Cotação","Serv. Terc.","005","Locação de caixa térmica","Unidade",2,40,"DI 1",50,100,null,{"$f":"IF(OR($A1332=0,$A1332=\"S\",$A1332>CFF!$A$9),\"\",MAX(W$11:OFFSET(W1332,-1,0))+1)","v":""},"Serv. Terc.-005",85,null,{"$f":"IF($J1332=$G$2,ROUND(IF(ISNUMBER(S1332),S1332,IF(LEFT(S1332,2)=\"DI\",HLOOKUP(S1332,DADOS!$T$29:$X$30,2,FALSE),0)),4),\"\")","v":0.25}]
["S",0,{"$f":"IF($A1333=1,OFFSET(C1333,-1,0)+1,OFFSET(C1333,-1,0))","v":14},{"$f":"IF($A1333=1,0,IF($A1333=2,OFFSET(D1333,-1,0)+1,OFFSET(D1333,-1,0)))","v":8},{"$f":"IF(AND($A1333<=2,$A1333<>0),0,IF($A1333=3,OFFSET(E1333,-1,0)+1,OFFSET(E1333,-1,0)))","v":0},{"$f":"IF(AND($A1333<=3,$A1333<>0),0,IF($A1333=4,OFFSET(F1333,-1,0)+1,OFFSET(F1333,-1,0)))","v":0},{"$f":"IF(AND($A1333<=4,$A1333<>0),0,IF($A1333=\"S\",OFFSET(G1333,-1,0)+1,OFFSET(G1333,-1,0)))","v":9},{"$f":"IF(OR($A1333=\"S\",$A1333=0),0,MATCH(0,OFFSET($B1333,1,$A1333,ROW($A$1504)-ROW($A1333)),0))","v":0},{"$f":"IF(OR($A1333=\"S\",$A1333=0),0,MATCH(OFFSET($B1333,0,$A1333)+1,OFFSET($B1333,1,$A1333,ROW($A$1504)-ROW($A1333)),0))","v":0},"Insumo","14.8.9.",{"$f":"IF(NOT(ISERROR($Y1333)),IF($Y1333<>FALSE,INDEX(Banco,$Y1333,4),\"\"),\"\")","v":"Cotação"},"Serv. Terc.","008","Locação de pula-pula com monitor",{"$f":"IF(NOT(ISERROR($Y1333)),IF($Y1333<>FALSE,INDEX(Banco,$Y1333,6),\"\"),\"\")","v":"Unidade"},2,{"$f":"IF(NOT(ISERROR($Y1333)),IF($Y1333<>FALSE,INDEX(Banco,$Y1333,7),0),0)","v":220},"DI 1",{"$f":"IF($J1333=$G$2,ROUND(ROUND($R1333,2)*IF($R$9=\"Preço Unitário (R$)\",1,1+$AA1333),2),0)","v":275},{"$f":"IF($A1333=\"S\",VTOTAL1,IF($A1333=0,0,ROUND(SomaAgrup,2)))","v":550},null,{"$f":"IF(OR($A1333=0,$A1333=\"S\",$A1333>CFF!$A$9),\"\",MAX(W$11:OFFSET(W1333,-1,0))+1)","v":""},{"$f":"IF(AND($J1333=$G$2,$N1333<>\"\",$M1333<>\"\"),CONCATENATE($M1333,\"-\",$N1333))","v":"Serv. Terc.-008"},88,null,{"$f":"IF($J1333=$G$2,ROUND(IF(ISNUMBER(S1333),S1333,IF(LEFT(S1333,2)=\"DI\",HLOOKUP(S1333,DADOS!$T$29:$X$30,2,FALSE),0)),4),\"\")","v":0.25}]
["S",0,14,8,0,0,10,{"$f":"IF(OR($A1334=\"S\",$A1334=0),0,MATCH(0,OFFSET($B1334,1,$A1334,ROW($A$1504)-ROW($A1334)),0))","v":0},{"$f":"IF(OR($A1334=\"S\",$A1334=0),0,MATCH(OFFSET($B1334,0,$A1334)+1,OFFSET($B1334,1,$A1334,ROW($A$1504)-ROW($A1334)),0))","v":0},"Insumo","14.8.10.","Cotação ","Serv. Terc.","011","Barra de gelo","Unidade",4,12,"DI 1",15,60,null,{"$f":"IF(OR($A1334=0,$A1334=\"S\",$A1334>CFF!$A$9),\"\",MAX(W$11:OFFSET(W1334,-1,0))+1)","v":""},"Serv. Terc.-011",91,null,{"$f":"IF($J1334=$G$2,ROUND(IF(ISNUMBER(S1334),S1334,IF(LEFT(S1334,2)=\"DI\",HLOOKUP(S1334,DADOS!$T$29:$X$30,2,FALSE),0)),4),\"\")","v":0.25}]
["S",0,14,8,0,0,11,{"$f":"IF(OR($A1335=\"S\",$A1335=0),0,MATCH(0,OFFSET($B1335,1,$A1335,ROW($A$1504)-ROW($A1335)),0))","v":0},{"$f":"IF(OR($A1335=\"S\",$A1335=0),0,MATCH(OFFSET($B1335,0,$A1335)+1,OFFSET($B1335,1,$A1335,ROW($A$1504)-ROW($A1335)),0))","v":0},"Insumo","14.8.11.","Cotação","Serv. Terc.","013","Sucos","Unidade",12,6.4,"DI 1",8,96,null,{"$f":"IF(OR($A1335=0,$A1335=\"S\",$A1335>CFF!$A$9),\"\",MAX(W$11:OFFSET(W1335,-1,0))+1)","v":""},"Serv. Terc.-013",93,null,{"$f":"IF($J1335=$G$2,ROUND(IF(ISNUMBER(S1335),S1335,IF(LEFT(S1335,2)=\"DI\",HLOOKUP(S1335,DADOS!$T$29:$X$30,2,FALSE),0)),4),\"\")","v":0.25}]
[{"$f":"CHOOSE(1+LOG(1+2*(J1336=$C$2)+4*(J1336=$D$2)+8*(J1336=$E$2)+16*(J1336=$F$2)+32*(J1336=$G$2),2),0,1,2,3,4,\"S\")","v":"S"},{"$f":"IF(OR(A1336=\"S\",A1336=0),0,IF(ISERROR(I1336),H1336,SMALL(H1336:I1336,1)))","v":0},14,8,0,0,12,{"$f":"IF(OR($A1336=\"S\",$A1336=0),0,MATCH(0,OFFSET($B1336,1,$A1336,ROW($A$1504)-ROW($A1336)),0))","v":0},{"$f":"IF(OR($A1336=\"S\",$A1336=0),0,MATCH(OFFSET($B1336,0,$A1336)+1,OFFSET($B1336,1,$A1336,ROW($A$1504)-ROW($A1336)),0))","v":0},"Insumo",{"$f":"IF($A1336=0,\"-\",CONCATENATE(C1336&\".\",IF(AND($A$5>=2,$A1336>=2),D1336&\".\",\"\"),IF(AND($A$5>=3,$A1336>=3),E1336&\".\",\"\"),IF(AND($A$5>=4,$A1336>=4),F1336&\".\",\"\"),IF($A1336=\"S\",G1336&\".\",\"\")))","v":"14.8.12."},"Cotação","Serv. Terc.","027",{"$f":"IF(NOT(ISERROR($Y1336)),IF($Y1336<>FALSE,INDEX(Banco,$Y1336,5),\"\"),\"\")","v":"Refrigerantes (02 litros) "},"Unidade",20,6,"DI 1",7.5,150,null,{"$f":"IF(OR($A1336=0,$A1336=\"S\",$A1336>CFF!$A$9),\"\",MAX(W$11:OFFSET(W1336,-1,0))+1)","v":""},"Serv. Terc.-027",{"$f":"IF(X1336<>FALSE,MATCH(X1336,OFFSET(Banco,0,0,,1),0))","v":107},null,{"$f":"IF($J1336=$G$2,ROUND(IF(ISNUMBER(S1336),S1336,IF(LEFT(S1336,2)=\"DI\",HLOOKUP(S1336,DADOS!$T$29:$X$30,2,FALSE),0)),4),\"\")","v":0.25}]
["S",0,14,8,0,0,13,{"$f":"IF(OR($A1337=\"S\",$A1337=0),0,MATCH(0,OFFSET($B1337,1,$A1337,ROW($A$1504)-ROW($A1337)),0))","v":0},{"$f":"IF(OR($A1337=\"S\",$A1337=0),0,MATCH(OFFSET($B1337,0,$A1337)+1,OFFSET($B1337,1,$A1337,ROW($A$1504)-ROW($A1337)),0))","v":0},"Insumo","14.8.13.","Cotação ","Serv. Terc.","010","Brindes ( descrição nos orçamentos e PTS)","Unidade",4,120,"DI 1",150,600,null,{"$f":"IF(OR($A1337=0,$A1337=\"S\",$A1337>CFF!$A$9),\"\",MAX(W$11:OFFSET(W1337,-1,0))+1)","v":""},"Serv. Terc.-010",90,null,{"$f":"IF($J1337=$G$2,ROUND(IF(ISNUMBER(S1337),S1337,IF(LEFT(S1337,2)=\"DI\",HLOOKUP(S1337,DADOS!$T$29:$X$30,2,FALSE),0)),4),\"\")","v":0.25}]
["S",0,14,8,0,0,14,{"$f":"IF(OR($A1338=\"S\",$A1338=0),0,MATCH(0,OFFSET($B1338,1,$A1338,ROW($A$1504)-ROW($A1338)),0))","v":0},{"$f":"IF(OR($A1338=\"S\",$A1338=0),0,MATCH(OFFSET($B1338,0,$A1338)+1,OFFSET($B1338,1,$A1338,ROW($A$1504)-ROW($A1338)),0))","v":0},"Insumo","14.8.14.","Cotação","Serv. Terc.","015","Coffee break (salgados)","Centro",15,65,"DI 1",81.25,1218.75,null,{"$f":"IF(OR($A1338=0,$A1338=\"S\",$A1338>CFF!$A$9),\"\",MAX(W$11:OFFSET(W1338,-1,0))+1)","v":""},"Serv. Terc.-015",95,null,{"$f":"IF($J1338=$G$2,ROUND(IF(ISNUMBER(S1338),S1338,IF(LEFT(S1338,2)=\"DI\",HLOOKUP(S1338,DADOS!$T$29:$X$30,2,FALSE),0)),4),\"\")","v":0.25}]
[{"$f":"CHOOSE(1+LOG(1+2*(J1339=$C$2)+4*(J1339=$D$2)+8*(J1339=$E$2)+16*(J1339=$F$2)+32*(J1339=$G$2),2),0,1,2,3,4,\"S\")","v":"S"},{"$f":"IF(OR(A1339=\"S\",A1339=0),0,IF(ISERROR(I1339),H1339,SMALL(H1339:I1339,1)))","v":0},14,8,0,0,15,{"$f":"IF(OR($A1339=\"S\",$A1339=0),0,MATCH(0,OFFSET($B1339,1,$A1339,ROW($A$1504)-ROW($A1339)),0))","v":0},{"$f":"IF(OR($A1339=\"S\",$A1339=0),0,MATCH(OFFSET($B1339,0,$A1339)+1,OFFSET($B1339,1,$A1339,ROW($A$1504)-ROW($A1339)),0))","v":0},"Insumo",{"$f":"IF($A1339=0,\"-\",CONCATENATE(C1339&\".\",IF(AND($A$5>=2,$A1339>=2),D1339&\".\",\"\"),IF(AND($A$5>=3,$A1339>=3),E1339&\".\",\"\"),IF(AND($A$5>=4,$A1339>=4),F1339&\".\",\"\"),IF($A1339=\"S\",G1339&\".\",\"\")))","v":"14.8.15."},"SINCON/MT","Serv. Terc.","063",{"$f":"IF(NOT(ISERROR($Y1339)),IF($Y1339<>FALSE,INDEX(Banco,$Y1339,5),\"\"),\"\")","v":"Economista"},"Horas",3,350,"DI 1",437.5,1312.5,null,{"$f":"IF(OR($A1339=0,$A1339=\"S\",$A1339>CFF!$A$9),\"\",MAX(W$11:OFFSET(W1339,-1,0))+1)","v":""},"Serv. Terc.-063",{"$f":"IF(X1339<>FALSE,MATCH(X1339,OFFSET(Banco,0,0,,1),0))","v":143},null,{"$f":"IF($J1339=$G$2,ROUND(IF(ISNUMBER(S1339),S1339,IF(LEFT(S1339,2)=\"DI\",HLOOKUP(S1339,DADOS!$T$29:$X$30,2,FALSE),0)),4),\"\")","v":0.25}]
["S",0,14,8,0,0,16,{"$f":"IF(OR($A1340=\"S\",$A1340=0),0,MATCH(0,OFFSET($B1340,1,$A1340,ROW($A$1504)-ROW($A1340)),0))","v":0},{"$f":"IF(OR($A1340=\"S\",$A1340=0),0,MATCH(OFFSET($B1340,0,$A1340)+1,OFFSET($B1340,1,$A1340,ROW($A$1504)-ROW($A1340)),0))","v":0},"Insumo","14.8.16.","Cotação","Rec. Materiais","020","Guloseimas (balas e pirulito)","Pacote",4,12,"DI 1",15,60,null,{"$f":"IF(OR($A1340=0,$A1340=\"S\",$A1340>CFF!$A$9),\"\",MAX(W$11:OFFSET(W1340,-1,0))+1)","v":""},"Rec. Materiais-020",29,null,{"$f":"IF($J1340=$G$2,ROUND(IF(ISNUMBER(S1340),S1340,IF(LEFT(S1340,2)=\"DI\",HLOOKUP(S1340,DADOS!$T$29:$X$30,2,FALSE),0)),4),\"\")","v":0.25}]
["S",0,14,8,0,0,17,{"$f":"IF(OR($A1341=\"S\",$A1341=0),0,MATCH(0,OFFSET($B1341,1,$A1341,ROW($A$1504)-ROW($A1341)),0))","v":0},{"$f":"IF(OR($A1341=\"S\",$A1341=0),0,MATCH(OFFSET($B1341,0,$A1341)+1,OFFSET($B1341,1,$A1341,ROW($A$1504)-ROW($A1341)),0))","v":0},"Insumo","14.8.17.","Cotação","Rec. Materiais","021","Papel de presente","Folhas",8,1.5,"DI 1",1.88,15.04,null,{"$f":"IF(OR($A1341=0,$A1341=\"S\",$A1341>CFF!$A$9),\"\",MAX(W$11:OFFSET(W1341,-1,0))+1)","v":""},"Rec. Materiais-021",30,null,{"$f":"IF($J1341=$G$2,ROUND(IF(ISNUMBER(S1341),S1341,IF(LEFT(S1341,2)=\"DI\",HLOOKUP(S1341,DADOS!$T$29:$X$30,2,FALSE),0)),4),\"\")","v":0.25}]
["S",0,14,8,0,0,18,{"$f":"IF(OR($A1342=\"S\",$A1342=0),0,MATCH(0,OFFSET($B1342,1,$A1342,ROW($A$1504)-ROW($A1342)),0))","v":0},{"$f":"IF(OR($A1342=\"S\",$A1342=0),0,MATCH(OFFSET($B1342,0,$A1342)+1,OFFSET($B1342,1,$A1342,ROW($A$1504)-ROW($A1342)),0))","v":0},"Insumo","14.8.18.","Cotação","Rec. Materiais","026","Saco de lixo (100 litros)","Pacote",2,15,"DI 1",18.75,37.5,null,{"$f":"IF(OR($A1342=0,$A1342=\"S\",$A1342>CFF!$A$9),\"\",MAX(W$11:OFFSET(W1342,-1,0))+1)","v":""},"Rec. Materiais-026",35,null,{"$f":"IF($J1342=$G$2,ROUND(IF(ISNUMBER(S1342),S1342,IF(LEFT(S1342,2)=\"DI\",HLOOKUP(S1342,DADOS!$T$29:$X$30,2,FALSE),0)),4),\"\")","v":0.25}]
["S",0,14,8,0,0,19,{"$f":"IF(OR($A1343=\"S\",$A1343=0),0,MATCH(0,OFFSET($B1343,1,$A1343,ROW($A$1504)-ROW($A1343)),0))","v":0},{"$f":"IF(OR($A1343=\"S\",$A1343=0),0,MATCH(OFFSET($B1343,0,$A1343)+1,OFFSET($B1343,1,$A1343,ROW($A$1504)-ROW($A1343)),0))","v":0},"Insumo","14.8.19.","Cotação","Serv. Terc.","079","Informativo sobre Educação Financeira/Orçamento Familiar","Unidade",206,6,"DI 1",7.5,1545,null,{"$f":"IF(OR($A1343=0,$A1343=\"S\",$A1343>CFF!$A$9),\"\",MAX(W$11:OFFSET(W1343,-1,0))+1)","v":""},"Serv. Terc.-079",159,null,{"$f":"IF($J1343=$G$2,ROUND(IF(ISNUMBER(S1343),S1343,IF(LEFT(S1343,2)=\"DI\",HLOOKUP(S1343,DADOS!$T$29:$X$30,2,FALSE),0)),4),\"\")","v":0.25}]
[{"$f":"CHOOSE(1+LOG(1+2*(J1344=$C$2)+4*(J1344=$D$2)+8*(J1344=$E$2)+16*(J1344=$F$2)+32*(J1344=$G$2),2),0,1,2,3,4,\"S\")","v":1},{"$f":"IF(OR(A1344=\"S\",A1344=0),0,IF(ISERROR(I1344),H1344,SMALL(H1344:I1344,1)))","v":69},{"$f":"IF($A1344=1,OFFSET(C1344,-1,0)+1,OFFSET(C1344,-1,0))","v":15},{"$f":"IF($A1344=1,0,IF($A1344=2,OFFSET(D1344,-1,0)+1,OFFSET(D1344,-1,0)))","v":0},{"$f":"IF(AND($A1344<=2,$A1344<>0),0,IF($A1344=3,OFFSET(E1344,-1,0)+1,OFFSET(E1344,-1,0)))","v":0},{"$f":"IF(AND($A1344<=3,$A1344<>0),0,IF($A1344=4,OFFSET(F1344,-1,0)+1,OFFSET(F1344,-1,0)))","v":0},{"$f":"IF(AND($A1344<=4,$A1344<>0),0,IF($A1344=\"S\",OFFSET(G1344,-1,0)+1,OFFSET(G1344,-1,0)))","v":0},{"$f":"IF(OR($A1344=\"S\",$A1344=0),0,MATCH(0,OFFSET($B1344,1,$A1344,ROW($A$1504)-ROW($A1344)),0))","v":160},{"$f":"IF(OR($A1344=\"S\",$A1344=0),0,MATCH(OFFSET($B1344,0,$A1344)+1,OFFSET($B1344,1,$A1344,ROW($A$1504)-ROW($A1344)),0))","v":69},"Ação",{"$f":"IF($A1344=0,\"-\",CONCATENATE(C1344&\".\",IF(AND($A$5>=2,$A1344>=2),D1344&\".\",\"\"),IF(AND($A$5>=3,$A1344>=3),E1344&\".\",\"\"),IF(AND($A$5>=4,$A1344>=4),F1344&\".\",\"\"),IF($A1344=\"S\",G1344&\".\",\"\")))","v":"15."},{"$f":"IF(NOT(ISERROR($Y1344)),IF($Y1344<>FALSE,INDEX(Banco,$Y1344,4),\"\"),\"\")","v":""},null,null,"MÊS 15 - INFORMAÇÕES/PALESTRA E REUNIÃO DE ENCERRAMENTO",{"$f":"IF(NOT(ISERROR($Y1344)),IF($Y1344<>FALSE,INDEX(Banco,$Y1344,6),\"\"),\"\")","v":""},null,{"$f":"IF(NOT(ISERROR($Y1344)),IF($Y1344<>FALSE,INDEX(Banco,$Y1344,7),0),0)","v":0},"DI 1",{"$f":"IF($J1344=$G$2,ROUND(ROUND($R1344,2)*IF($R$9=\"Preço Unitário (R$)\",1,1+$AA1344),2),0)","v":0},{"$f":"IF($A1344=\"S\",VTOTAL1,IF($A1344=0,0,ROUND(SomaAgrup,2)))","v":36916.47},null,{"$f":"IF(OR($A1344=0,$A1344=\"S\",$A1344>CFF!$A$9),\"\",MAX(W$11:OFFSET(W1344,-1,0))+1)","v":117},{"$f":"IF(AND($J1344=$G$2,$N1344<>\"\",$M1344<>\"\"),CONCATENATE($M1344,\"-\",$N1344))","v":false},{"$f":"IF(X1344<>FALSE,MATCH(X1344,OFFSET(Banco,0,0,,1),0))","v":false},null,{"$f":"IF($J1344=$G$2,ROUND(IF(ISNUMBER(S1344),S1344,IF(LEFT(S1344,2)=\"DI\",HLOOKUP(S1344,DADOS!$T$29:$X$30,2,FALSE),0)),4),\"\")","v":""}]
[{"$f":"CHOOSE(1+LOG(1+2*(J1345=$C$2)+4*(J1345=$D$2)+8*(J1345=$E$2)+16*(J1345=$F$2)+32*(J1345=$G$2),2),0,1,2,3,4,\"S\")","v":2},{"$f":"IF(OR(A1345=\"S\",A1345=0),0,IF(ISERROR(I1345),H1345,SMALL(H1345:I1345,1)))","v":24},{"$f":"IF($A1345=1,OFFSET(C1345,-1,0)+1,OFFSET(C1345,-1,0))","v":15},{"$f":"IF($A1345=1,0,IF($A1345=2,OFFSET(D1345,-1,0)+1,OFFSET(D1345,-1,0)))","v":1},{"$f":"IF(AND($A1345<=2,$A1345<>0),0,IF($A1345=3,OFFSET(E1345,-1,0)+1,OFFSET(E1345,-1,0)))","v":0},{"$f":"IF(AND($A1345<=3,$A1345<>0),0,IF($A1345=4,OFFSET(F1345,-1,0)+1,OFFSET(F1345,-1,0)))","v":0},{"$f":"IF(AND($A1345<=4,$A1345<>0),0,IF($A1345=\"S\",OFFSET(G1345,-1,0)+1,OFFSET(G1345,-1,0)))","v":0},{"$f":"IF(OR($A1345=\"S\",$A1345=0),0,MATCH(0,OFFSET($B1345,1,$A1345,ROW($A$1504)-ROW($A1345)),0))","v":68},{"$f":"IF(OR($A1345=\"S\",$A1345=0),0,MATCH(OFFSET($B1345,0,$A1345)+1,OFFSET($B1345,1,$A1345,ROW($A$1504)-ROW($A1345)),0))","v":24},"AtivNível 1",{"$f":"IF($A1345=0,\"-\",CONCATENATE(C1345&\".\",IF(AND($A$5>=2,$A1345>=2),D1345&\".\",\"\"),IF(AND($A$5>=3,$A1345>=3),E1345&\".\",\"\"),IF(AND($A$5>=4,$A1345>=4),F1345&\".\",\"\"),IF($A1345=\"S\",G1345&\".\",\"\")))","v":"15.1."},{"$f":"IF(NOT(ISERROR($Y1345)),IF($Y1345<>FALSE,INDEX(Banco,$Y1345,4),\"\"),\"\")","v":""},null,null,"Atividade 103 - Palestra: Cidadania direito convivência sem discriminação e as consequência do uso de drogas região Parque São João",{"$f":"IF(NOT(ISERROR($Y1345)),IF($Y1345<>FALSE,INDEX(Banco,$Y1345,6),\"\"),\"\")","v":""},null,{"$f":"IF(NOT(ISERROR($Y1345)),IF($Y1345<>FALSE,INDEX(Banco,$Y1345,7),0),0)","v":0},"DI 1",{"$f":"IF($J1345=$G$2,ROUND(ROUND($R1345,2)*IF($R$9=\"Preço Unitário (R$)\",1,1+$AA1345),2),0)","v":0},{"$f":"IF($A1345=\"S\",VTOTAL1,IF($A1345=0,0,ROUND(SomaAgrup,2)))","v":14504.36},null,{"$f":"IF(OR($A1345=0,$A1345=\"S\",$A1345>CFF!$A$9),\"\",MAX(W$11:OFFSET(W1345,-1,0))+1)","v":118},{"$f":"IF(AND($J1345=$G$2,$N1345<>\"\",$M1345<>\"\"),CONCATENATE($M1345,\"-\",$N1345))","v":false},{"$f":"IF(X1345<>FALSE,MATCH(X1345,OFFSET(Banco,0,0,,1),0))","v":false},null,{"$f":"IF($J1345=$G$2,ROUND(IF(ISNUMBER(S1345),S1345,IF(LEFT(S1345,2)=\"DI\",HLOOKUP(S1345,DADOS!$T$29:$X$30,2,FALSE),0)),4),\"\")","v":""}]
[{"$f":"CHOOSE(1+LOG(1+2*(J1346=$C$2)+4*(J1346=$D$2)+8*(J1346=$E$2)+16*(J1346=$F$2)+32*(J1346=$G$2),2),0,1,2,3,4,\"S\")","v":"S"},{"$f":"IF(OR(A1346=\"S\",A1346=0),0,IF(ISERROR(I1346),H1346,SMALL(H1346:I1346,1)))","v":0},15,1,0,0,1,{"$f":"IF(OR($A1346=\"S\",$A1346=0),0,MATCH(0,OFFSET($B1346,1,$A1346,ROW($A$1504)-ROW($A1346)),0))","v":0},{"$f":"IF(OR($A1346=\"S\",$A1346=0),0,MATCH(OFFSET($B1346,0,$A1346)+1,OFFSET($B1346,1,$A1346,ROW($A$1504)-ROW($A1346)),0))","v":0},"Insumo",{"$f":"IF($A1346=0,\"-\",CONCATENATE(C1346&\".\",IF(AND($A$5>=2,$A1346>=2),D1346&\".\",\"\"),IF(AND($A$5>=3,$A1346>=3),E1346&\".\",\"\"),IF(AND($A$5>=4,$A1346>=4),F1346&\".\",\"\"),IF($A1346=\"S\",G1346&\".\",\"\")))","v":"15.1.1."},"CRESS","Rec. Humanos","001",{"$f":"IF(NOT(ISERROR($Y1346)),IF($Y1346<>FALSE,INDEX(Banco,$Y1346,5),\"\"),\"\")","v":"Responsável Técnica"},"Horas",8,150.28,"DI 1",187.85,1502.8,null,{"$f":"IF(OR($A1346=0,$A1346=\"S\",$A1346>CFF!$A$9),\"\",MAX(W$11:OFFSET(W1346,-1,0))+1)","v":""},"Rec. Humanos-001",{"$f":"IF(X1346<>FALSE,MATCH(X1346,OFFSET(Banco,0,0,,1),0))","v":3},null,{"$f":"IF($J1346=$G$2,ROUND(IF(ISNUMBER(S1346),S1346,IF(LEFT(S1346,2)=\"DI\",HLOOKUP(S1346,DADOS!$T$29:$X$30,2,FALSE),0)),4),\"\")","v":0.25}]
["S",0,15,1,0,0,2,{"$f":"IF(OR($A1347=\"S\",$A1347=0),0,MATCH(0,OFFSET($B1347,1,$A1347,ROW($A$1504)-ROW($A1347)),0))","v":0},{"$f":"IF(OR($A1347=\"S\",$A1347=0),0,MATCH(OFFSET($B1347,0,$A1347)+1,OFFSET($B1347,1,$A1347,ROW($A$1504)-ROW($A1347)),0))","v":0},"Insumo","15.1.2.","CRESS","Rec. Humanos","002","Assistente Social","Horas",6,133.81,"DI 1",167.26,1003.56,null,{"$f":"IF(OR($A1347=0,$A1347=\"S\",$A1347>CFF!$A$9),\"\",MAX(W$11:OFFSET(W1347,-1,0))+1)","v":""},"Rec. Humanos-002",4,null,{"$f":"IF($J1347=$G$2,ROUND(IF(ISNUMBER(S1347),S1347,IF(LEFT(S1347,2)=\"DI\",HLOOKUP(S1347,DADOS!$T$29:$X$30,2,FALSE),0)),4),\"\")","v":0.25}]
["S",0,15,1,0,0,3,{"$f":"IF(OR($A1348=\"S\",$A1348=0),0,MATCH(0,OFFSET($B1348,1,$A1348,ROW($A$1504)-ROW($A1348)),0))","v":0},{"$f":"IF(OR($A1348=\"S\",$A1348=0),0,MATCH(OFFSET($B1348,0,$A1348)+1,OFFSET($B1348,1,$A1348,ROW($A$1504)-ROW($A1348)),0))","v":0},"Insumo","15.1.3.","Cotação","Rec. Humanos","003","Administrador (Técnico de Apoio) ","Horas",6,103.65,"DI 1",129.56,777.36,null,{"$f":"IF(OR($A1348=0,$A1348=\"S\",$A1348>CFF!$A$9),\"\",MAX(W$11:OFFSET(W1348,-1,0))+1)","v":""},"Rec. Humanos-003",5,null,{"$f":"IF($J1348=$G$2,ROUND(IF(ISNUMBER(S1348),S1348,IF(LEFT(S1348,2)=\"DI\",HLOOKUP(S1348,DADOS!$T$29:$X$30,2,FALSE),0)),4),\"\")","v":0.25}]
["S",0,15,1,0,0,4,{"$f":"IF(OR($A1349=\"S\",$A1349=0),0,MATCH(0,OFFSET($B1349,1,$A1349,ROW($A$1504)-ROW($A1349)),0))","v":0},{"$f":"IF(OR($A1349=\"S\",$A1349=0),0,MATCH(OFFSET($B1349,0,$A1349)+1,OFFSET($B1349,1,$A1349,ROW($A$1504)-ROW($A1349)),0))","v":0},"Insumo","15.1.4.","SINE","Rec. Humanos","004","Estagiários","Horas",16,9.7899999999999991,"DI 1",12.24,195.84,null,{"$f":"IF(OR($A1349=0,$A1349=\"S\",$A1349>CFF!$A$9),\"\",MAX(W$11:OFFSET(W1349,-1,0))+1)","v":""},"Rec. Humanos-004",6,null,{"$f":"IF($J1349=$G$2,ROUND(IF(ISNUMBER(S1349),S1349,IF(LEFT(S1349,2)=\"DI\",HLOOKUP(S1349,DADOS!$T$29:$X$30,2,FALSE),0)),4),\"\")","v":0.25}]
["S",0,15,1,0,0,5,{"$f":"IF(OR($A1350=\"S\",$A1350=0),0,MATCH(0,OFFSET($B1350,1,$A1350,ROW($A$1504)-ROW($A1350)),0))","v":0},{"$f":"IF(OR($A1350=\"S\",$A1350=0),0,MATCH(OFFSET($B1350,0,$A1350)+1,OFFSET($B1350,1,$A1350,ROW($A$1504)-ROW($A1350)),0))","v":0},"Insumo","15.1.5.","Cotação","Serv. Terc.","001","Fotocópias","Unidade",300,0.3,"DI 1",0.38,114,null,{"$f":"IF(OR($A1350=0,$A1350=\"S\",$A1350>CFF!$A$9),\"\",MAX(W$11:OFFSET(W1350,-1,0))+1)","v":""},"Serv. Terc.-001",81,null,{"$f":"IF($J1350=$G$2,ROUND(IF(ISNUMBER(S1350),S1350,IF(LEFT(S1350,2)=\"DI\",HLOOKUP(S1350,DADOS!$T$29:$X$30,2,FALSE),0)),4),\"\")","v":0.25}]
["S",0,15,1,0,0,6,{"$f":"IF(OR($A1351=\"S\",$A1351=0),0,MATCH(0,OFFSET($B1351,1,$A1351,ROW($A$1504)-ROW($A1351)),0))","v":0},{"$f":"IF(OR($A1351=\"S\",$A1351=0),0,MATCH(OFFSET($B1351,0,$A1351)+1,OFFSET($B1351,1,$A1351,ROW($A$1504)-ROW($A1351)),0))","v":0},"Insumo","15.1.6.","Cotação","Serv. Terc.","017",{"$f":"IF(NOT(ISERROR($Y1351)),IF($Y1351<>FALSE,INDEX(Banco,$Y1351,5),\"\"),\"\")","v":"Instrutor/Monitor (Educação Fisíca)"},"Horas",6,100,"DI 1",125,750,null,{"$f":"IF(OR($A1351=0,$A1351=\"S\",$A1351>CFF!$A$9),\"\",MAX(W$11:OFFSET(W1351,-1,0))+1)","v":""},"Serv. Terc.-017",97,null,{"$f":"IF($J1351=$G$2,ROUND(IF(ISNUMBER(S1351),S1351,IF(LEFT(S1351,2)=\"DI\",HLOOKUP(S1351,DADOS!$T$29:$X$30,2,FALSE),0)),4),\"\")","v":0.25}]
["S",0,15,1,0,0,7,{"$f":"IF(OR($A1352=\"S\",$A1352=0),0,MATCH(0,OFFSET($B1352,1,$A1352,ROW($A$1504)-ROW($A1352)),0))","v":0},{"$f":"IF(OR($A1352=\"S\",$A1352=0),0,MATCH(OFFSET($B1352,0,$A1352)+1,OFFSET($B1352,1,$A1352,ROW($A$1504)-ROW($A1352)),0))","v":0},"Insumo","15.1.7.","Cotação","Serv. Terc.","002","Carro de som com gravação de vinheta","Horas",6,200,"DI 1",250,1500,null,{"$f":"IF(OR($A1352=0,$A1352=\"S\",$A1352>CFF!$A$9),\"\",MAX(W$11:OFFSET(W1352,-1,0))+1)","v":""},"Serv. Terc.-002",82,null,{"$f":"IF($J1352=$G$2,ROUND(IF(ISNUMBER(S1352),S1352,IF(LEFT(S1352,2)=\"DI\",HLOOKUP(S1352,DADOS!$T$29:$X$30,2,FALSE),0)),4),\"\")","v":0.25}]
["S",0,15,1,0,0,8,{"$f":"IF(OR($A1353=\"S\",$A1353=0),0,MATCH(0,OFFSET($B1353,1,$A1353,ROW($A$1504)-ROW($A1353)),0))","v":0},{"$f":"IF(OR($A1353=\"S\",$A1353=0),0,MATCH(OFFSET($B1353,0,$A1353)+1,OFFSET($B1353,1,$A1353,ROW($A$1504)-ROW($A1353)),0))","v":0},"Insumo","15.1.8.","Cotação","Serv. Terc.","003","Locação de mesas","Unidade",20,3,"DI 1",3.75,75,null,{"$f":"IF(OR($A1353=0,$A1353=\"S\",$A1353>CFF!$A$9),\"\",MAX(W$11:OFFSET(W1353,-1,0))+1)","v":""},"Serv. Terc.-003",83,null,{"$f":"IF($J1353=$G$2,ROUND(IF(ISNUMBER(S1353),S1353,IF(LEFT(S1353,2)=\"DI\",HLOOKUP(S1353,DADOS!$T$29:$X$30,2,FALSE),0)),4),\"\")","v":0.25}]
["S",0,15,1,0,0,9,{"$f":"IF(OR($A1354=\"S\",$A1354=0),0,MATCH(0,OFFSET($B1354,1,$A1354,ROW($A$1504)-ROW($A1354)),0))","v":0},{"$f":"IF(OR($A1354=\"S\",$A1354=0),0,MATCH(OFFSET($B1354,0,$A1354)+1,OFFSET($B1354,1,$A1354,ROW($A$1504)-ROW($A1354)),0))","v":0},"Insumo","15.1.9.","Cotação","Serv. Terc.","004","Locação de cadeiras","Unidade",400,2,"DI 1",2.5,1000,null,{"$f":"IF(OR($A1354=0,$A1354=\"S\",$A1354>CFF!$A$9),\"\",MAX(W$11:OFFSET(W1354,-1,0))+1)","v":""},"Serv. Terc.-004",84,null,{"$f":"IF($J1354=$G$2,ROUND(IF(ISNUMBER(S1354),S1354,IF(LEFT(S1354,2)=\"DI\",HLOOKUP(S1354,DADOS!$T$29:$X$30,2,FALSE),0)),4),\"\")","v":0.25}]
["S",0,15,1,0,0,10,{"$f":"IF(OR($A1355=\"S\",$A1355=0),0,MATCH(0,OFFSET($B1355,1,$A1355,ROW($A$1504)-ROW($A1355)),0))","v":0},{"$f":"IF(OR($A1355=\"S\",$A1355=0),0,MATCH(OFFSET($B1355,0,$A1355)+1,OFFSET($B1355,1,$A1355,ROW($A$1504)-ROW($A1355)),0))","v":0},"Insumo","15.1.10.","Cotação","Serv. Terc.","005","Locação de caixa térmica","Unidade",2,40,"DI 1",50,100,null,{"$f":"IF(OR($A1355=0,$A1355=\"S\",$A1355>CFF!$A$9),\"\",MAX(W$11:OFFSET(W1355,-1,0))+1)","v":""},"Serv. Terc.-005",85,null,{"$f":"IF($J1355=$G$2,ROUND(IF(ISNUMBER(S1355),S1355,IF(LEFT(S1355,2)=\"DI\",HLOOKUP(S1355,DADOS!$T$29:$X$30,2,FALSE),0)),4),\"\")","v":0.25}]
["S",0,15,1,0,0,11,{"$f":"IF(OR($A1356=\"S\",$A1356=0),0,MATCH(0,OFFSET($B1356,1,$A1356,ROW($A$1504)-ROW($A1356)),0))","v":0},{"$f":"IF(OR($A1356=\"S\",$A1356=0),0,MATCH(OFFSET($B1356,0,$A1356)+1,OFFSET($B1356,1,$A1356,ROW($A$1504)-ROW($A1356)),0))","v":0},"Insumo","15.1.11.","Cotação","Serv. Terc.","006","Locação de tendas","Unidade",3,250,"DI 1",312.5,937.5,null,{"$f":"IF(OR($A1356=0,$A1356=\"S\",$A1356>CFF!$A$9),\"\",MAX(W$11:OFFSET(W1356,-1,0))+1)","v":""},"Serv. Terc.-006",86,null,{"$f":"IF($J1356=$G$2,ROUND(IF(ISNUMBER(S1356),S1356,IF(LEFT(S1356,2)=\"DI\",HLOOKUP(S1356,DADOS!$T$29:$X$30,2,FALSE),0)),4),\"\")","v":0.25}]
["S",0,15,1,0,0,12,{"$f":"IF(OR($A1357=\"S\",$A1357=0),0,MATCH(0,OFFSET($B1357,1,$A1357,ROW($A$1504)-ROW($A1357)),0))","v":0},{"$f":"IF(OR($A1357=\"S\",$A1357=0),0,MATCH(OFFSET($B1357,0,$A1357)+1,OFFSET($B1357,1,$A1357,ROW($A$1504)-ROW($A1357)),0))","v":0},"Insumo","15.1.12.","Cotação","Serv. Terc.","008","Locação de pula-pula com monitor","Unidade",2,220,"DI 1",275,550,null,{"$f":"IF(OR($A1357=0,$A1357=\"S\",$A1357>CFF!$A$9),\"\",MAX(W$11:OFFSET(W1357,-1,0))+1)","v":""},"Serv. Terc.-008",88,null,{"$f":"IF($J1357=$G$2,ROUND(IF(ISNUMBER(S1357),S1357,IF(LEFT(S1357,2)=\"DI\",HLOOKUP(S1357,DADOS!$T$29:$X$30,2,FALSE),0)),4),\"\")","v":0.25}]
["S",0,{"$f":"IF($A1358=1,OFFSET(C1358,-1,0)+1,OFFSET(C1358,-1,0))","v":15},{"$f":"IF($A1358=1,0,IF($A1358=2,OFFSET(D1358,-1,0)+1,OFFSET(D1358,-1,0)))","v":1},{"$f":"IF(AND($A1358<=2,$A1358<>0),0,IF($A1358=3,OFFSET(E1358,-1,0)+1,OFFSET(E1358,-1,0)))","v":0},{"$f":"IF(AND($A1358<=3,$A1358<>0),0,IF($A1358=4,OFFSET(F1358,-1,0)+1,OFFSET(F1358,-1,0)))","v":0},{"$f":"IF(AND($A1358<=4,$A1358<>0),0,IF($A1358=\"S\",OFFSET(G1358,-1,0)+1,OFFSET(G1358,-1,0)))","v":13},{"$f":"IF(OR($A1358=\"S\",$A1358=0),0,MATCH(0,OFFSET($B1358,1,$A1358,ROW($A$1504)-ROW($A1358)),0))","v":0},{"$f":"IF(OR($A1358=\"S\",$A1358=0),0,MATCH(OFFSET($B1358,0,$A1358)+1,OFFSET($B1358,1,$A1358,ROW($A$1504)-ROW($A1358)),0))","v":0},"Insumo","15.1.13.",{"$f":"IF(NOT(ISERROR($Y1358)),IF($Y1358<>FALSE,INDEX(Banco,$Y1358,4),\"\"),\"\")","v":"Cotação"},"Serv. Terc.","012","Água (garrafão de 20 litros)",{"$f":"IF(NOT(ISERROR($Y1358)),IF($Y1358<>FALSE,INDEX(Banco,$Y1358,6),\"\"),\"\")","v":"Unidade"},4,{"$f":"IF(NOT(ISERROR($Y1358)),IF($Y1358<>FALSE,INDEX(Banco,$Y1358,7),0),0)","v":10},"DI 1",{"$f":"IF($J1358=$G$2,ROUND(ROUND($R1358,2)*IF($R$9=\"Preço Unitário (R$)\",1,1+$AA1358),2),0)","v":12.5},{"$f":"IF($A1358=\"S\",VTOTAL1,IF($A1358=0,0,ROUND(SomaAgrup,2)))","v":50},null,{"$f":"IF(OR($A1358=0,$A1358=\"S\",$A1358>CFF!$A$9),\"\",MAX(W$11:OFFSET(W1358,-1,0))+1)","v":""},{"$f":"IF(AND($J1358=$G$2,$N1358<>\"\",$M1358<>\"\"),CONCATENATE($M1358,\"-\",$N1358))","v":"Serv. Terc.-012"},92,null,{"$f":"IF($J1358=$G$2,ROUND(IF(ISNUMBER(S1358),S1358,IF(LEFT(S1358,2)=\"DI\",HLOOKUP(S1358,DADOS!$T$29:$X$30,2,FALSE),0)),4),\"\")","v":0.25}]
["S",0,15,1,0,0,14,{"$f":"IF(OR($A1359=\"S\",$A1359=0),0,MATCH(0,OFFSET($B1359,1,$A1359,ROW($A$1504)-ROW($A1359)),0))","v":0},{"$f":"IF(OR($A1359=\"S\",$A1359=0),0,MATCH(OFFSET($B1359,0,$A1359)+1,OFFSET($B1359,1,$A1359,ROW($A$1504)-ROW($A1359)),0))","v":0},"Insumo","15.1.14.","Cotação ","Serv. Terc.","011","Barra de gelo","Unidade",8,12,"DI 1",15,120,null,{"$f":"IF(OR($A1359=0,$A1359=\"S\",$A1359>CFF!$A$9),\"\",MAX(W$11:OFFSET(W1359,-1,0))+1)","v":""},"Serv. Terc.-011",91,null,{"$f":"IF($J1359=$G$2,ROUND(IF(ISNUMBER(S1359),S1359,IF(LEFT(S1359,2)=\"DI\",HLOOKUP(S1359,DADOS!$T$29:$X$30,2,FALSE),0)),4),\"\")","v":0.25}]
["S",0,15,1,0,0,15,{"$f":"IF(OR($A1360=\"S\",$A1360=0),0,MATCH(0,OFFSET($B1360,1,$A1360,ROW($A$1504)-ROW($A1360)),0))","v":0},{"$f":"IF(OR($A1360=\"S\",$A1360=0),0,MATCH(OFFSET($B1360,0,$A1360)+1,OFFSET($B1360,1,$A1360,ROW($A$1504)-ROW($A1360)),0))","v":0},"Insumo","15.1.15.","Cotação","Serv. Terc.","013","Sucos","Unidade",12,6.4,"DI 1",8,96,null,{"$f":"IF(OR($A1360=0,$A1360=\"S\",$A1360>CFF!$A$9),\"\",MAX(W$11:OFFSET(W1360,-1,0))+1)","v":""},"Serv. Terc.-013",93,null,{"$f":"IF($J1360=$G$2,ROUND(IF(ISNUMBER(S1360),S1360,IF(LEFT(S1360,2)=\"DI\",HLOOKUP(S1360,DADOS!$T$29:$X$30,2,FALSE),0)),4),\"\")","v":0.25}]
["S",0,{"$f":"IF($A1361=1,OFFSET(C1361,-1,0)+1,OFFSET(C1361,-1,0))","v":15},{"$f":"IF($A1361=1,0,IF($A1361=2,OFFSET(D1361,-1,0)+1,OFFSET(D1361,-1,0)))","v":1},{"$f":"IF(AND($A1361<=2,$A1361<>0),0,IF($A1361=3,OFFSET(E1361,-1,0)+1,OFFSET(E1361,-1,0)))","v":0},{"$f":"IF(AND($A1361<=3,$A1361<>0),0,IF($A1361=4,OFFSET(F1361,-1,0)+1,OFFSET(F1361,-1,0)))","v":0},{"$f":"IF(AND($A1361<=4,$A1361<>0),0,IF($A1361=\"S\",OFFSET(G1361,-1,0)+1,OFFSET(G1361,-1,0)))","v":16},{"$f":"IF(OR($A1361=\"S\",$A1361=0),0,MATCH(0,OFFSET($B1361,1,$A1361,ROW($A$1504)-ROW($A1361)),0))","v":0},{"$f":"IF(OR($A1361=\"S\",$A1361=0),0,MATCH(OFFSET($B1361,0,$A1361)+1,OFFSET($B1361,1,$A1361,ROW($A$1504)-ROW($A1361)),0))","v":0},"Insumo","15.1.16.",{"$f":"IF(NOT(ISERROR($Y1361)),IF($Y1361<>FALSE,INDEX(Banco,$Y1361,4),\"\"),\"\")","v":"Cotação"},"Serv. Terc.","027",{"$f":"IF(NOT(ISERROR($Y1361)),IF($Y1361<>FALSE,INDEX(Banco,$Y1361,5),\"\"),\"\")","v":"Refrigerantes (02 litros) "},{"$f":"IF(NOT(ISERROR($Y1361)),IF($Y1361<>FALSE,INDEX(Banco,$Y1361,6),\"\"),\"\")","v":"Unidade"},20,{"$f":"IF(NOT(ISERROR($Y1361)),IF($Y1361<>FALSE,INDEX(Banco,$Y1361,7),0),0)","v":6},"DI 1",{"$f":"IF($J1361=$G$2,ROUND(ROUND($R1361,2)*IF($R$9=\"Preço Unitário (R$)\",1,1+$AA1361),2),0)","v":7.5},{"$f":"IF($A1361=\"S\",VTOTAL1,IF($A1361=0,0,ROUND(SomaAgrup,2)))","v":150},null,{"$f":"IF(OR($A1361=0,$A1361=\"S\",$A1361>CFF!$A$9),\"\",MAX(W$11:OFFSET(W1361,-1,0))+1)","v":""},{"$f":"IF(AND($J1361=$G$2,$N1361<>\"\",$M1361<>\"\"),CONCATENATE($M1361,\"-\",$N1361))","v":"Serv. Terc.-027"},107,null,{"$f":"IF($J1361=$G$2,ROUND(IF(ISNUMBER(S1361),S1361,IF(LEFT(S1361,2)=\"DI\",HLOOKUP(S1361,DADOS!$T$29:$X$30,2,FALSE),0)),4),\"\")","v":0.25}]
["S",0,{"$f":"IF($A1362=1,OFFSET(C1362,-1,0)+1,OFFSET(C1362,-1,0))","v":15},{"$f":"IF($A1362=1,0,IF($A1362=2,OFFSET(D1362,-1,0)+1,OFFSET(D1362,-1,0)))","v":1},{"$f":"IF(AND($A1362<=2,$A1362<>0),0,IF($A1362=3,OFFSET(E1362,-1,0)+1,OFFSET(E1362,-1,0)))","v":0},{"$f":"IF(AND($A1362<=3,$A1362<>0),0,IF($A1362=4,OFFSET(F1362,-1,0)+1,OFFSET(F1362,-1,0)))","v":0},{"$f":"IF(AND($A1362<=4,$A1362<>0),0,IF($A1362=\"S\",OFFSET(G1362,-1,0)+1,OFFSET(G1362,-1,0)))","v":17},{"$f":"IF(OR($A1362=\"S\",$A1362=0),0,MATCH(0,OFFSET($B1362,1,$A1362,ROW($A$1504)-ROW($A1362)),0))","v":0},{"$f":"IF(OR($A1362=\"S\",$A1362=0),0,MATCH(OFFSET($B1362,0,$A1362)+1,OFFSET($B1362,1,$A1362,ROW($A$1504)-ROW($A1362)),0))","v":0},"Insumo","15.1.17.",{"$f":"IF(NOT(ISERROR($Y1362)),IF($Y1362<>FALSE,INDEX(Banco,$Y1362,4),\"\"),\"\")","v":"Cotação"},"Rec. Materiais","019",{"$f":"IF(NOT(ISERROR($Y1362)),IF($Y1362<>FALSE,INDEX(Banco,$Y1362,5),\"\"),\"\")","v":"Copos descartáveis (2500 unidades)"},{"$f":"IF(NOT(ISERROR($Y1362)),IF($Y1362<>FALSE,INDEX(Banco,$Y1362,6),\"\"),\"\")","v":"Caixa"},1,{"$f":"IF(NOT(ISERROR($Y1362)),IF($Y1362<>FALSE,INDEX(Banco,$Y1362,7),0),0)","v":77.400000000000006},"DI 1",{"$f":"IF($J1362=$G$2,ROUND(ROUND($R1362,2)*IF($R$9=\"Preço Unitário (R$)\",1,1+$AA1362),2),0)","v":96.75},{"$f":"IF($A1362=\"S\",VTOTAL1,IF($A1362=0,0,ROUND(SomaAgrup,2)))","v":96.75},null,{"$f":"IF(OR($A1362=0,$A1362=\"S\",$A1362>CFF!$A$9),\"\",MAX(W$11:OFFSET(W1362,-1,0))+1)","v":""},{"$f":"IF(AND($J1362=$G$2,$N1362<>\"\",$M1362<>\"\"),CONCATENATE($M1362,\"-\",$N1362))","v":"Rec. Materiais-019"},28,null,{"$f":"IF($J1362=$G$2,ROUND(IF(ISNUMBER(S1362),S1362,IF(LEFT(S1362,2)=\"DI\",HLOOKUP(S1362,DADOS!$T$29:$X$30,2,FALSE),0)),4),\"\")","v":0.25}]
["S",0,15,1,0,0,18,{"$f":"IF(OR($A1363=\"S\",$A1363=0),0,MATCH(0,OFFSET($B1363,1,$A1363,ROW($A$1504)-ROW($A1363)),0))","v":0},{"$f":"IF(OR($A1363=\"S\",$A1363=0),0,MATCH(OFFSET($B1363,0,$A1363)+1,OFFSET($B1363,1,$A1363,ROW($A$1504)-ROW($A1363)),0))","v":0},"Insumo","15.1.18.","Cotação ","Serv. Terc.","010","Brindes ( descrição nos orçamentos e PTS)","Unidade",8,120,"DI 1",150,1200,null,{"$f":"IF(OR($A1363=0,$A1363=\"S\",$A1363>CFF!$A$9),\"\",MAX(W$11:OFFSET(W1363,-1,0))+1)","v":""},"Serv. Terc.-010",90,null,{"$f":"IF($J1363=$G$2,ROUND(IF(ISNUMBER(S1363),S1363,IF(LEFT(S1363,2)=\"DI\",HLOOKUP(S1363,DADOS!$T$29:$X$30,2,FALSE),0)),4),\"\")","v":0.25}]
["S",0,{"$f":"IF($A1364=1,OFFSET(C1364,-1,0)+1,OFFSET(C1364,-1,0))","v":15},{"$f":"IF($A1364=1,0,IF($A1364=2,OFFSET(D1364,-1,0)+1,OFFSET(D1364,-1,0)))","v":1},{"$f":"IF(AND($A1364<=2,$A1364<>0),0,IF($A1364=3,OFFSET(E1364,-1,0)+1,OFFSET(E1364,-1,0)))","v":0},{"$f":"IF(AND($A1364<=3,$A1364<>0),0,IF($A1364=4,OFFSET(F1364,-1,0)+1,OFFSET(F1364,-1,0)))","v":0},{"$f":"IF(AND($A1364<=4,$A1364<>0),0,IF($A1364=\"S\",OFFSET(G1364,-1,0)+1,OFFSET(G1364,-1,0)))","v":19},{"$f":"IF(OR($A1364=\"S\",$A1364=0),0,MATCH(0,OFFSET($B1364,1,$A1364,ROW($A$1504)-ROW($A1364)),0))","v":0},{"$f":"IF(OR($A1364=\"S\",$A1364=0),0,MATCH(OFFSET($B1364,0,$A1364)+1,OFFSET($B1364,1,$A1364,ROW($A$1504)-ROW($A1364)),0))","v":0},"Insumo","15.1.19.",{"$f":"IF(NOT(ISERROR($Y1364)),IF($Y1364<>FALSE,INDEX(Banco,$Y1364,4),\"\"),\"\")","v":"CRP"},"Serv. Terc.","062",{"$f":"IF(NOT(ISERROR($Y1364)),IF($Y1364<>FALSE,INDEX(Banco,$Y1364,5),\"\"),\"\")","v":"Psicologa"},{"$f":"IF(NOT(ISERROR($Y1364)),IF($Y1364<>FALSE,INDEX(Banco,$Y1364,6),\"\"),\"\")","v":"Horas"},3,{"$f":"IF(NOT(ISERROR($Y1364)),IF($Y1364<>FALSE,INDEX(Banco,$Y1364,7),0),0)","v":432.79},"DI 1",{"$f":"IF($J1364=$G$2,ROUND(ROUND($R1364,2)*IF($R$9=\"Preço Unitário (R$)\",1,1+$AA1364),2),0)","v":540.99},{"$f":"IF($A1364=\"S\",VTOTAL1,IF($A1364=0,0,ROUND(SomaAgrup,2)))","v":1622.97},null,{"$f":"IF(OR($A1364=0,$A1364=\"S\",$A1364>CFF!$A$9),\"\",MAX(W$11:OFFSET(W1364,-1,0))+1)","v":""},{"$f":"IF(AND($J1364=$G$2,$N1364<>\"\",$M1364<>\"\"),CONCATENATE($M1364,\"-\",$N1364))","v":"Serv. Terc.-062"},142,null,{"$f":"IF($J1364=$G$2,ROUND(IF(ISNUMBER(S1364),S1364,IF(LEFT(S1364,2)=\"DI\",HLOOKUP(S1364,DADOS!$T$29:$X$30,2,FALSE),0)),4),\"\")","v":0.25}]
["S",0,15,1,0,0,20,{"$f":"IF(OR($A1365=\"S\",$A1365=0),0,MATCH(0,OFFSET($B1365,1,$A1365,ROW($A$1504)-ROW($A1365)),0))","v":0},{"$f":"IF(OR($A1365=\"S\",$A1365=0),0,MATCH(OFFSET($B1365,0,$A1365)+1,OFFSET($B1365,1,$A1365,ROW($A$1504)-ROW($A1365)),0))","v":0},"Insumo","15.1.20.","Cotação","Serv. Terc.","015","Coffee break (salgados)","Centro",30,65,"DI 1",81.25,2437.5,null,{"$f":"IF(OR($A1365=0,$A1365=\"S\",$A1365>CFF!$A$9),\"\",MAX(W$11:OFFSET(W1365,-1,0))+1)","v":""},"Serv. Terc.-015",95,null,{"$f":"IF($J1365=$G$2,ROUND(IF(ISNUMBER(S1365),S1365,IF(LEFT(S1365,2)=\"DI\",HLOOKUP(S1365,DADOS!$T$29:$X$30,2,FALSE),0)),4),\"\")","v":0.25}]
["S",0,15,1,0,0,21,{"$f":"IF(OR($A1366=\"S\",$A1366=0),0,MATCH(0,OFFSET($B1366,1,$A1366,ROW($A$1504)-ROW($A1366)),0))","v":0},{"$f":"IF(OR($A1366=\"S\",$A1366=0),0,MATCH(OFFSET($B1366,0,$A1366)+1,OFFSET($B1366,1,$A1366,ROW($A$1504)-ROW($A1366)),0))","v":0},"Insumo","15.1.21.","Cotação","Rec. Materiais","020","Guloseimas (balas e pirulito)","Pacote",8,12,"DI 1",15,120,null,{"$f":"IF(OR($A1366=0,$A1366=\"S\",$A1366>CFF!$A$9),\"\",MAX(W$11:OFFSET(W1366,-1,0))+1)","v":""},"Rec. Materiais-020",29,null,{"$f":"IF($J1366=$G$2,ROUND(IF(ISNUMBER(S1366),S1366,IF(LEFT(S1366,2)=\"DI\",HLOOKUP(S1366,DADOS!$T$29:$X$30,2,FALSE),0)),4),\"\")","v":0.25}]
["S",0,15,1,0,0,22,{"$f":"IF(OR($A1367=\"S\",$A1367=0),0,MATCH(0,OFFSET($B1367,1,$A1367,ROW($A$1504)-ROW($A1367)),0))","v":0},{"$f":"IF(OR($A1367=\"S\",$A1367=0),0,MATCH(OFFSET($B1367,0,$A1367)+1,OFFSET($B1367,1,$A1367,ROW($A$1504)-ROW($A1367)),0))","v":0},"Insumo","15.1.22.","Cotação","Rec. Materiais","021","Papel de presente","Folhas",16,1.5,"DI 1",1.88,30.08,null,{"$f":"IF(OR($A1367=0,$A1367=\"S\",$A1367>CFF!$A$9),\"\",MAX(W$11:OFFSET(W1367,-1,0))+1)","v":""},"Rec. Materiais-021",30,null,{"$f":"IF($J1367=$G$2,ROUND(IF(ISNUMBER(S1367),S1367,IF(LEFT(S1367,2)=\"DI\",HLOOKUP(S1367,DADOS!$T$29:$X$30,2,FALSE),0)),4),\"\")","v":0.25}]
["S",0,15,1,0,0,23,{"$f":"IF(OR($A1368=\"S\",$A1368=0),0,MATCH(0,OFFSET($B1368,1,$A1368,ROW($A$1504)-ROW($A1368)),0))","v":0},{"$f":"IF(OR($A1368=\"S\",$A1368=0),0,MATCH(OFFSET($B1368,0,$A1368)+1,OFFSET($B1368,1,$A1368,ROW($A$1504)-ROW($A1368)),0))","v":0},"Insumo","15.1.23.","Cotação","Rec. Materiais","026","Saco de lixo (100 litros)","Pacote",4,15,"DI 1",18.75,75,null,{"$f":"IF(OR($A1368=0,$A1368=\"S\",$A1368>CFF!$A$9),\"\",MAX(W$11:OFFSET(W1368,-1,0))+1)","v":""},"Rec. Materiais-026",35,null,{"$f":"IF($J1368=$G$2,ROUND(IF(ISNUMBER(S1368),S1368,IF(LEFT(S1368,2)=\"DI\",HLOOKUP(S1368,DADOS!$T$29:$X$30,2,FALSE),0)),4),\"\")","v":0.25}]
[{"$f":"CHOOSE(1+LOG(1+2*(J1369=$C$2)+4*(J1369=$D$2)+8*(J1369=$E$2)+16*(J1369=$F$2)+32*(J1369=$G$2),2),0,1,2,3,4,\"S\")","v":2},{"$f":"IF(OR(A1369=\"S\",A1369=0),0,IF(ISERROR(I1369),H1369,SMALL(H1369:I1369,1)))","v":3},{"$f":"IF($A1369=1,OFFSET(C1369,-1,0)+1,OFFSET(C1369,-1,0))","v":15},{"$f":"IF($A1369=1,0,IF($A1369=2,OFFSET(D1369,-1,0)+1,OFFSET(D1369,-1,0)))","v":2},{"$f":"IF(AND($A1369<=2,$A1369<>0),0,IF($A1369=3,OFFSET(E1369,-1,0)+1,OFFSET(E1369,-1,0)))","v":0},{"$f":"IF(AND($A1369<=3,$A1369<>0),0,IF($A1369=4,OFFSET(F1369,-1,0)+1,OFFSET(F1369,-1,0)))","v":0},{"$f":"IF(AND($A1369<=4,$A1369<>0),0,IF($A1369=\"S\",OFFSET(G1369,-1,0)+1,OFFSET(G1369,-1,0)))","v":0},{"$f":"IF(OR($A1369=\"S\",$A1369=0),0,MATCH(0,OFFSET($B1369,1,$A1369,ROW($A$1504)-ROW($A1369)),0))","v":44},{"$f":"IF(OR($A1369=\"S\",$A1369=0),0,MATCH(OFFSET($B1369,0,$A1369)+1,OFFSET($B1369,1,$A1369,ROW($A$1504)-ROW($A1369)),0))","v":3},"AtivNível 1",{"$f":"IF($A1369=0,\"-\",CONCATENATE(C1369&\".\",IF(AND($A$5>=2,$A1369>=2),D1369&\".\",\"\"),IF(AND($A$5>=3,$A1369>=3),E1369&\".\",\"\"),IF(AND($A$5>=4,$A1369>=4),F1369&\".\",\"\"),IF($A1369=\"S\",G1369&\".\",\"\")))","v":"15.2."},{"$f":"IF(NOT(ISERROR($Y1369)),IF($Y1369<>FALSE,INDEX(Banco,$Y1369,4),\"\"),\"\")","v":""},null,null,"Atividade 104 - Plantão Social região Parque São João",{"$f":"IF(NOT(ISERROR($Y1369)),IF($Y1369<>FALSE,INDEX(Banco,$Y1369,6),\"\"),\"\")","v":""},null,{"$f":"IF(NOT(ISERROR($Y1369)),IF($Y1369<>FALSE,INDEX(Banco,$Y1369,7),0),0)","v":0},"DI 1",{"$f":"IF($J1369=$G$2,ROUND(ROUND($R1369,2)*IF($R$9=\"Preço Unitário (R$)\",1,1+$AA1369),2),0)","v":0},{"$f":"IF($A1369=\"S\",VTOTAL1,IF($A1369=0,0,ROUND(SomaAgrup,2)))","v":1754.96},null,{"$f":"IF(OR($A1369=0,$A1369=\"S\",$A1369>CFF!$A$9),\"\",MAX(W$11:OFFSET(W1369,-1,0))+1)","v":119},{"$f":"IF(AND($J1369=$G$2,$N1369<>\"\",$M1369<>\"\"),CONCATENATE($M1369,\"-\",$N1369))","v":false},{"$f":"IF(X1369<>FALSE,MATCH(X1369,OFFSET(Banco,0,0,,1),0))","v":false},null,{"$f":"IF($J1369=$G$2,ROUND(IF(ISNUMBER(S1369),S1369,IF(LEFT(S1369,2)=\"DI\",HLOOKUP(S1369,DADOS!$T$29:$X$30,2,FALSE),0)),4),\"\")","v":""}]
[{"$f":"CHOOSE(1+LOG(1+2*(J1370=$C$2)+4*(J1370=$D$2)+8*(J1370=$E$2)+16*(J1370=$F$2)+32*(J1370=$G$2),2),0,1,2,3,4,\"S\")","v":"S"},{"$f":"IF(OR(A1370=\"S\",A1370=0),0,IF(ISERROR(I1370),H1370,SMALL(H1370:I1370,1)))","v":0},15,2,0,0,1,{"$f":"IF(OR($A1370=\"S\",$A1370=0),0,MATCH(0,OFFSET($B1370,1,$A1370,ROW($A$1504)-ROW($A1370)),0))","v":0},{"$f":"IF(OR($A1370=\"S\",$A1370=0),0,MATCH(OFFSET($B1370,0,$A1370)+1,OFFSET($B1370,1,$A1370,ROW($A$1504)-ROW($A1370)),0))","v":0},"Insumo",{"$f":"IF($A1370=0,\"-\",CONCATENATE(C1370&\".\",IF(AND($A$5>=2,$A1370>=2),D1370&\".\",\"\"),IF(AND($A$5>=3,$A1370>=3),E1370&\".\",\"\"),IF(AND($A$5>=4,$A1370>=4),F1370&\".\",\"\"),IF($A1370=\"S\",G1370&\".\",\"\")))","v":"15.2.1."},"CRESS","Rec. Humanos","001",{"$f":"IF(NOT(ISERROR($Y1370)),IF($Y1370<>FALSE,INDEX(Banco,$Y1370,5),\"\"),\"\")","v":"Responsável Técnica"},"Horas",4,150.28,"DI 1",187.85,751.4,null,{"$f":"IF(OR($A1370=0,$A1370=\"S\",$A1370>CFF!$A$9),\"\",MAX(W$11:OFFSET(W1370,-1,0))+1)","v":""},"Rec. Humanos-001",{"$f":"IF(X1370<>FALSE,MATCH(X1370,OFFSET(Banco,0,0,,1),0))","v":3},null,{"$f":"IF($J1370=$G$2,ROUND(IF(ISNUMBER(S1370),S1370,IF(LEFT(S1370,2)=\"DI\",HLOOKUP(S1370,DADOS!$T$29:$X$30,2,FALSE),0)),4),\"\")","v":0.25}]
["S",0,15,2,0,0,2,{"$f":"IF(OR($A1371=\"S\",$A1371=0),0,MATCH(0,OFFSET($B1371,1,$A1371,ROW($A$1504)-ROW($A1371)),0))","v":0},{"$f":"IF(OR($A1371=\"S\",$A1371=0),0,MATCH(OFFSET($B1371,0,$A1371)+1,OFFSET($B1371,1,$A1371,ROW($A$1504)-ROW($A1371)),0))","v":0},"Insumo","15.2.2.","CRESS","Rec. Humanos","002",{"$f":"IF(NOT(ISERROR($Y1371)),IF($Y1371<>FALSE,INDEX(Banco,$Y1371,5),\"\"),\"\")","v":"Assistente Social"},"Horas",6,133.81,"DI 1",167.26,1003.56,null,{"$f":"IF(OR($A1371=0,$A1371=\"S\",$A1371>CFF!$A$9),\"\",MAX(W$11:OFFSET(W1371,-1,0))+1)","v":""},"Rec. Humanos-002",4,null,{"$f":"IF($J1371=$G$2,ROUND(IF(ISNUMBER(S1371),S1371,IF(LEFT(S1371,2)=\"DI\",HLOOKUP(S1371,DADOS!$T$29:$X$30,2,FALSE),0)),4),\"\")","v":0.25}]
[{"$f":"CHOOSE(1+LOG(1+2*(J1372=$C$2)+4*(J1372=$D$2)+8*(J1372=$E$2)+16*(J1372=$F$2)+32*(J1372=$G$2),2),0,1,2,3,4,\"S\")","v":2},{"$f":"IF(OR(A1372=\"S\",A1372=0),0,IF(ISERROR(I1372),H1372,SMALL(H1372:I1372,1)))","v":19},{"$f":"IF($A1372=1,OFFSET(C1372,-1,0)+1,OFFSET(C1372,-1,0))","v":15},{"$f":"IF($A1372=1,0,IF($A1372=2,OFFSET(D1372,-1,0)+1,OFFSET(D1372,-1,0)))","v":3},{"$f":"IF(AND($A1372<=2,$A1372<>0),0,IF($A1372=3,OFFSET(E1372,-1,0)+1,OFFSET(E1372,-1,0)))","v":0},{"$f":"IF(AND($A1372<=3,$A1372<>0),0,IF($A1372=4,OFFSET(F1372,-1,0)+1,OFFSET(F1372,-1,0)))","v":0},{"$f":"IF(AND($A1372<=4,$A1372<>0),0,IF($A1372=\"S\",OFFSET(G1372,-1,0)+1,OFFSET(G1372,-1,0)))","v":0},{"$f":"IF(OR($A1372=\"S\",$A1372=0),0,MATCH(0,OFFSET($B1372,1,$A1372,ROW($A$1504)-ROW($A1372)),0))","v":41},{"$f":"IF(OR($A1372=\"S\",$A1372=0),0,MATCH(OFFSET($B1372,0,$A1372)+1,OFFSET($B1372,1,$A1372,ROW($A$1504)-ROW($A1372)),0))","v":19},"AtivNível 1",{"$f":"IF($A1372=0,\"-\",CONCATENATE(C1372&\".\",IF(AND($A$5>=2,$A1372>=2),D1372&\".\",\"\"),IF(AND($A$5>=3,$A1372>=3),E1372&\".\",\"\"),IF(AND($A$5>=4,$A1372>=4),F1372&\".\",\"\"),IF($A1372=\"S\",G1372&\".\",\"\")))","v":"15.3."},{"$f":"IF(NOT(ISERROR($Y1372)),IF($Y1372<>FALSE,INDEX(Banco,$Y1372,4),\"\"),\"\")","v":""},null,null,"Atividade 105 - Palestra: Cidadania direitos e convivência sem discriminação e as consequências do uso de drogas região Jardim Ikaraí",{"$f":"IF(NOT(ISERROR($Y1372)),IF($Y1372<>FALSE,INDEX(Banco,$Y1372,6),\"\"),\"\")","v":""},null,{"$f":"IF(NOT(ISERROR($Y1372)),IF($Y1372<>FALSE,INDEX(Banco,$Y1372,7),0),0)","v":0},"DI 1",{"$f":"IF($J1372=$G$2,ROUND(ROUND($R1372,2)*IF($R$9=\"Preço Unitário (R$)\",1,1+$AA1372),2),0)","v":0},{"$f":"IF($A1372=\"S\",VTOTAL1,IF($A1372=0,0,ROUND(SomaAgrup,2)))","v":8463.56},null,{"$f":"IF(OR($A1372=0,$A1372=\"S\",$A1372>CFF!$A$9),\"\",MAX(W$11:OFFSET(W1372,-1,0))+1)","v":120},{"$f":"IF(AND($J1372=$G$2,$N1372<>\"\",$M1372<>\"\"),CONCATENATE($M1372,\"-\",$N1372))","v":false},{"$f":"IF(X1372<>FALSE,MATCH(X1372,OFFSET(Banco,0,0,,1),0))","v":false},null,{"$f":"IF($J1372=$G$2,ROUND(IF(ISNUMBER(S1372),S1372,IF(LEFT(S1372,2)=\"DI\",HLOOKUP(S1372,DADOS!$T$29:$X$30,2,FALSE),0)),4),\"\")","v":""}]
[{"$f":"CHOOSE(1+LOG(1+2*(J1373=$C$2)+4*(J1373=$D$2)+8*(J1373=$E$2)+16*(J1373=$F$2)+32*(J1373=$G$2),2),0,1,2,3,4,\"S\")","v":"S"},{"$f":"IF(OR(A1373=\"S\",A1373=0),0,IF(ISERROR(I1373),H1373,SMALL(H1373:I1373,1)))","v":0},15,3,0,0,1,{"$f":"IF(OR($A1373=\"S\",$A1373=0),0,MATCH(0,OFFSET($B1373,1,$A1373,ROW($A$1504)-ROW($A1373)),0))","v":0},{"$f":"IF(OR($A1373=\"S\",$A1373=0),0,MATCH(OFFSET($B1373,0,$A1373)+1,OFFSET($B1373,1,$A1373,ROW($A$1504)-ROW($A1373)),0))","v":0},"Insumo",{"$f":"IF($A1373=0,\"-\",CONCATENATE(C1373&\".\",IF(AND($A$5>=2,$A1373>=2),D1373&\".\",\"\"),IF(AND($A$5>=3,$A1373>=3),E1373&\".\",\"\"),IF(AND($A$5>=4,$A1373>=4),F1373&\".\",\"\"),IF($A1373=\"S\",G1373&\".\",\"\")))","v":"15.3.1."},"CRESS","Rec. Humanos","001",{"$f":"IF(NOT(ISERROR($Y1373)),IF($Y1373<>FALSE,INDEX(Banco,$Y1373,5),\"\"),\"\")","v":"Responsável Técnica"},"Horas",6,150.28,"DI 1",187.85,1127.0999999999999,null,{"$f":"IF(OR($A1373=0,$A1373=\"S\",$A1373>CFF!$A$9),\"\",MAX(W$11:OFFSET(W1373,-1,0))+1)","v":""},"Rec. Humanos-001",{"$f":"IF(X1373<>FALSE,MATCH(X1373,OFFSET(Banco,0,0,,1),0))","v":3},null,{"$f":"IF($J1373=$G$2,ROUND(IF(ISNUMBER(S1373),S1373,IF(LEFT(S1373,2)=\"DI\",HLOOKUP(S1373,DADOS!$T$29:$X$30,2,FALSE),0)),4),\"\")","v":0.25}]
[{"$f":"CHOOSE(1+LOG(1+2*(J1374=$C$2)+4*(J1374=$D$2)+8*(J1374=$E$2)+16*(J1374=$F$2)+32*(J1374=$G$2),2),0,1,2,3,4,\"S\")","v":"S"},{"$f":"IF(OR(A1374=\"S\",A1374=0),0,IF(ISERROR(I1374),H1374,SMALL(H1374:I1374,1)))","v":0},{"$f":"IF($A1374=1,OFFSET(C1374,-1,0)+1,OFFSET(C1374,-1,0))","v":15},{"$f":"IF($A1374=1,0,IF($A1374=2,OFFSET(D1374,-1,0)+1,OFFSET(D1374,-1,0)))","v":3},{"$f":"IF(AND($A1374<=2,$A1374<>0),0,IF($A1374=3,OFFSET(E1374,-1,0)+1,OFFSET(E1374,-1,0)))","v":0},{"$f":"IF(AND($A1374<=3,$A1374<>0),0,IF($A1374=4,OFFSET(F1374,-1,0)+1,OFFSET(F1374,-1,0)))","v":0},{"$f":"IF(AND($A1374<=4,$A1374<>0),0,IF($A1374=\"S\",OFFSET(G1374,-1,0)+1,OFFSET(G1374,-1,0)))","v":2},{"$f":"IF(OR($A1374=\"S\",$A1374=0),0,MATCH(0,OFFSET($B1374,1,$A1374,ROW($A$1504)-ROW($A1374)),0))","v":0},{"$f":"IF(OR($A1374=\"S\",$A1374=0),0,MATCH(OFFSET($B1374,0,$A1374)+1,OFFSET($B1374,1,$A1374,ROW($A$1504)-ROW($A1374)),0))","v":0},"Insumo",{"$f":"IF($A1374=0,\"-\",CONCATENATE(C1374&\".\",IF(AND($A$5>=2,$A1374>=2),D1374&\".\",\"\"),IF(AND($A$5>=3,$A1374>=3),E1374&\".\",\"\"),IF(AND($A$5>=4,$A1374>=4),F1374&\".\",\"\"),IF($A1374=\"S\",G1374&\".\",\"\")))","v":"15.3.2."},{"$f":"IF(NOT(ISERROR($Y1374)),IF($Y1374<>FALSE,INDEX(Banco,$Y1374,4),\"\"),\"\")","v":"CRESS"},"Rec. Humanos","002",{"$f":"IF(NOT(ISERROR($Y1374)),IF($Y1374<>FALSE,INDEX(Banco,$Y1374,5),\"\"),\"\")","v":"Assistente Social"},{"$f":"IF(NOT(ISERROR($Y1374)),IF($Y1374<>FALSE,INDEX(Banco,$Y1374,6),\"\"),\"\")","v":"Horas"},6,{"$f":"IF(NOT(ISERROR($Y1374)),IF($Y1374<>FALSE,INDEX(Banco,$Y1374,7),0),0)","v":133.81},"DI 1",{"$f":"IF($J1374=$G$2,ROUND(ROUND($R1374,2)*IF($R$9=\"Preço Unitário (R$)\",1,1+$AA1374),2),0)","v":167.26},{"$f":"IF($A1374=\"S\",VTOTAL1,IF($A1374=0,0,ROUND(SomaAgrup,2)))","v":1003.56},null,{"$f":"IF(OR($A1374=0,$A1374=\"S\",$A1374>CFF!$A$9),\"\",MAX(W$11:OFFSET(W1374,-1,0))+1)","v":""},{"$f":"IF(AND($J1374=$G$2,$N1374<>\"\",$M1374<>\"\"),CONCATENATE($M1374,\"-\",$N1374))","v":"Rec. Humanos-002"},{"$f":"IF(X1374<>FALSE,MATCH(X1374,OFFSET(Banco,0,0,,1),0))","v":4},null,{"$f":"IF($J1374=$G$2,ROUND(IF(ISNUMBER(S1374),S1374,IF(LEFT(S1374,2)=\"DI\",HLOOKUP(S1374,DADOS!$T$29:$X$30,2,FALSE),0)),4),\"\")","v":0.25}]
["S",0,15,3,0,0,3,{"$f":"IF(OR($A1375=\"S\",$A1375=0),0,MATCH(0,OFFSET($B1375,1,$A1375,ROW($A$1504)-ROW($A1375)),0))","v":0},{"$f":"IF(OR($A1375=\"S\",$A1375=0),0,MATCH(OFFSET($B1375,0,$A1375)+1,OFFSET($B1375,1,$A1375,ROW($A$1504)-ROW($A1375)),0))","v":0},"Insumo","15.3.3.","Cotação","Rec. Humanos","003","Administrador (Técnico de Apoio) ","Horas",4,103.65,"DI 1",129.56,518.24,null,{"$f":"IF(OR($A1375=0,$A1375=\"S\",$A1375>CFF!$A$9),\"\",MAX(W$11:OFFSET(W1375,-1,0))+1)","v":""},"Rec. Humanos-003",5,null,{"$f":"IF($J1375=$G$2,ROUND(IF(ISNUMBER(S1375),S1375,IF(LEFT(S1375,2)=\"DI\",HLOOKUP(S1375,DADOS!$T$29:$X$30,2,FALSE),0)),4),\"\")","v":0.25}]
["S",0,15,3,0,0,4,{"$f":"IF(OR($A1376=\"S\",$A1376=0),0,MATCH(0,OFFSET($B1376,1,$A1376,ROW($A$1504)-ROW($A1376)),0))","v":0},{"$f":"IF(OR($A1376=\"S\",$A1376=0),0,MATCH(OFFSET($B1376,0,$A1376)+1,OFFSET($B1376,1,$A1376,ROW($A$1504)-ROW($A1376)),0))","v":0},"Insumo","15.3.4.","SINE","Rec. Humanos","004","Estagiários","Horas",10,9.7899999999999991,"DI 1",12.24,122.4,null,{"$f":"IF(OR($A1376=0,$A1376=\"S\",$A1376>CFF!$A$9),\"\",MAX(W$11:OFFSET(W1376,-1,0))+1)","v":""},"Rec. Humanos-004",6,null,{"$f":"IF($J1376=$G$2,ROUND(IF(ISNUMBER(S1376),S1376,IF(LEFT(S1376,2)=\"DI\",HLOOKUP(S1376,DADOS!$T$29:$X$30,2,FALSE),0)),4),\"\")","v":0.25}]
["S",0,15,3,0,0,5,{"$f":"IF(OR($A1377=\"S\",$A1377=0),0,MATCH(0,OFFSET($B1377,1,$A1377,ROW($A$1504)-ROW($A1377)),0))","v":0},{"$f":"IF(OR($A1377=\"S\",$A1377=0),0,MATCH(OFFSET($B1377,0,$A1377)+1,OFFSET($B1377,1,$A1377,ROW($A$1504)-ROW($A1377)),0))","v":0},"Insumo","15.3.5.","Cotação","Serv. Terc.","001","Fotocópias","Unidade",150,0.3,"DI 1",0.38,57,null,{"$f":"IF(OR($A1377=0,$A1377=\"S\",$A1377>CFF!$A$9),\"\",MAX(W$11:OFFSET(W1377,-1,0))+1)","v":""},"Serv. Terc.-001",81,null,{"$f":"IF($J1377=$G$2,ROUND(IF(ISNUMBER(S1377),S1377,IF(LEFT(S1377,2)=\"DI\",HLOOKUP(S1377,DADOS!$T$29:$X$30,2,FALSE),0)),4),\"\")","v":0.25}]
[{"$f":"CHOOSE(1+LOG(1+2*(J1378=$C$2)+4*(J1378=$D$2)+8*(J1378=$E$2)+16*(J1378=$F$2)+32*(J1378=$G$2),2),0,1,2,3,4,\"S\")","v":"S"},{"$f":"IF(OR(A1378=\"S\",A1378=0),0,IF(ISERROR(I1378),H1378,SMALL(H1378:I1378,1)))","v":0},{"$f":"IF($A1378=1,OFFSET(C1378,-1,0)+1,OFFSET(C1378,-1,0))","v":15},{"$f":"IF($A1378=1,0,IF($A1378=2,OFFSET(D1378,-1,0)+1,OFFSET(D1378,-1,0)))","v":3},{"$f":"IF(AND($A1378<=2,$A1378<>0),0,IF($A1378=3,OFFSET(E1378,-1,0)+1,OFFSET(E1378,-1,0)))","v":0},{"$f":"IF(AND($A1378<=3,$A1378<>0),0,IF($A1378=4,OFFSET(F1378,-1,0)+1,OFFSET(F1378,-1,0)))","v":0},{"$f":"IF(AND($A1378<=4,$A1378<>0),0,IF($A1378=\"S\",OFFSET(G1378,-1,0)+1,OFFSET(G1378,-1,0)))","v":6},{"$f":"IF(OR($A1378=\"S\",$A1378=0),0,MATCH(0,OFFSET($B1378,1,$A1378,ROW($A$1504)-ROW($A1378)),0))","v":0},{"$f":"IF(OR($A1378=\"S\",$A1378=0),0,MATCH(OFFSET($B1378,0,$A1378)+1,OFFSET($B1378,1,$A1378,ROW($A$1504)-ROW($A1378)),0))","v":0},"Insumo",{"$f":"IF($A1378=0,\"-\",CONCATENATE(C1378&\".\",IF(AND($A$5>=2,$A1378>=2),D1378&\".\",\"\"),IF(AND($A$5>=3,$A1378>=3),E1378&\".\",\"\"),IF(AND($A$5>=4,$A1378>=4),F1378&\".\",\"\"),IF($A1378=\"S\",G1378&\".\",\"\")))","v":"15.3.6."},{"$f":"IF(NOT(ISERROR($Y1378)),IF($Y1378<>FALSE,INDEX(Banco,$Y1378,4),\"\"),\"\")","v":"Cotação"},"Serv. Terc.","017",{"$f":"IF(NOT(ISERROR($Y1378)),IF($Y1378<>FALSE,INDEX(Banco,$Y1378,5),\"\"),\"\")","v":"Instrutor/Monitor (Educação Fisíca)"},{"$f":"IF(NOT(ISERROR($Y1378)),IF($Y1378<>FALSE,INDEX(Banco,$Y1378,6),\"\"),\"\")","v":"Horas"},3,{"$f":"IF(NOT(ISERROR($Y1378)),IF($Y1378<>FALSE,INDEX(Banco,$Y1378,7),0),0)","v":100},"DI 1",{"$f":"IF($J1378=$G$2,ROUND(ROUND($R1378,2)*IF($R$9=\"Preço Unitário (R$)\",1,1+$AA1378),2),0)","v":125},{"$f":"IF($A1378=\"S\",VTOTAL1,IF($A1378=0,0,ROUND(SomaAgrup,2)))","v":375},null,{"$f":"IF(OR($A1378=0,$A1378=\"S\",$A1378>CFF!$A$9),\"\",MAX(W$11:OFFSET(W1378,-1,0))+1)","v":""},{"$f":"IF(AND($J1378=$G$2,$N1378<>\"\",$M1378<>\"\"),CONCATENATE($M1378,\"-\",$N1378))","v":"Serv. Terc.-017"},{"$f":"IF(X1378<>FALSE,MATCH(X1378,OFFSET(Banco,0,0,,1),0))","v":97},null,{"$f":"IF($J1378=$G$2,ROUND(IF(ISNUMBER(S1378),S1378,IF(LEFT(S1378,2)=\"DI\",HLOOKUP(S1378,DADOS!$T$29:$X$30,2,FALSE),0)),4),\"\")","v":0.25}]
["S",0,15,3,0,0,7,{"$f":"IF(OR($A1379=\"S\",$A1379=0),0,MATCH(0,OFFSET($B1379,1,$A1379,ROW($A$1504)-ROW($A1379)),0))","v":0},{"$f":"IF(OR($A1379=\"S\",$A1379=0),0,MATCH(OFFSET($B1379,0,$A1379)+1,OFFSET($B1379,1,$A1379,ROW($A$1504)-ROW($A1379)),0))","v":0},"Insumo","15.3.7.","Cotação","Serv. Terc.","002","Carro de som com gravação de vinheta","Horas",3,200,"DI 1",250,750,null,{"$f":"IF(OR($A1379=0,$A1379=\"S\",$A1379>CFF!$A$9),\"\",MAX(W$11:OFFSET(W1379,-1,0))+1)","v":""},"Serv. Terc.-002",82,null,{"$f":"IF($J1379=$G$2,ROUND(IF(ISNUMBER(S1379),S1379,IF(LEFT(S1379,2)=\"DI\",HLOOKUP(S1379,DADOS!$T$29:$X$30,2,FALSE),0)),4),\"\")","v":0.25}]
["S",0,15,3,0,0,8,{"$f":"IF(OR($A1380=\"S\",$A1380=0),0,MATCH(0,OFFSET($B1380,1,$A1380,ROW($A$1504)-ROW($A1380)),0))","v":0},{"$f":"IF(OR($A1380=\"S\",$A1380=0),0,MATCH(OFFSET($B1380,0,$A1380)+1,OFFSET($B1380,1,$A1380,ROW($A$1504)-ROW($A1380)),0))","v":0},"Insumo","15.3.8.","Cotação","Serv. Terc.","005","Locação de caixa térmica","Unidade",2,40,"DI 1",50,100,null,{"$f":"IF(OR($A1380=0,$A1380=\"S\",$A1380>CFF!$A$9),\"\",MAX(W$11:OFFSET(W1380,-1,0))+1)","v":""},"Serv. Terc.-005",85,null,{"$f":"IF($J1380=$G$2,ROUND(IF(ISNUMBER(S1380),S1380,IF(LEFT(S1380,2)=\"DI\",HLOOKUP(S1380,DADOS!$T$29:$X$30,2,FALSE),0)),4),\"\")","v":0.25}]
["S",0,15,3,0,0,9,{"$f":"IF(OR($A1381=\"S\",$A1381=0),0,MATCH(0,OFFSET($B1381,1,$A1381,ROW($A$1504)-ROW($A1381)),0))","v":0},{"$f":"IF(OR($A1381=\"S\",$A1381=0),0,MATCH(OFFSET($B1381,0,$A1381)+1,OFFSET($B1381,1,$A1381,ROW($A$1504)-ROW($A1381)),0))","v":0},"Insumo","15.3.9.","Cotação","Serv. Terc.","008","Locação de pula-pula com monitor","Unidade",2,220,"DI 1",275,550,null,{"$f":"IF(OR($A1381=0,$A1381=\"S\",$A1381>CFF!$A$9),\"\",MAX(W$11:OFFSET(W1381,-1,0))+1)","v":""},"Serv. Terc.-008",88,null,{"$f":"IF($J1381=$G$2,ROUND(IF(ISNUMBER(S1381),S1381,IF(LEFT(S1381,2)=\"DI\",HLOOKUP(S1381,DADOS!$T$29:$X$30,2,FALSE),0)),4),\"\")","v":0.25}]
[{"$f":"CHOOSE(1+LOG(1+2*(J1382=$C$2)+4*(J1382=$D$2)+8*(J1382=$E$2)+16*(J1382=$F$2)+32*(J1382=$G$2),2),0,1,2,3,4,\"S\")","v":"S"},{"$f":"IF(OR(A1382=\"S\",A1382=0),0,IF(ISERROR(I1382),H1382,SMALL(H1382:I1382,1)))","v":0},{"$f":"IF($A1382=1,OFFSET(C1382,-1,0)+1,OFFSET(C1382,-1,0))","v":15},{"$f":"IF($A1382=1,0,IF($A1382=2,OFFSET(D1382,-1,0)+1,OFFSET(D1382,-1,0)))","v":3},{"$f":"IF(AND($A1382<=2,$A1382<>0),0,IF($A1382=3,OFFSET(E1382,-1,0)+1,OFFSET(E1382,-1,0)))","v":0},{"$f":"IF(AND($A1382<=3,$A1382<>0),0,IF($A1382=4,OFFSET(F1382,-1,0)+1,OFFSET(F1382,-1,0)))","v":0},{"$f":"IF(AND($A1382<=4,$A1382<>0),0,IF($A1382=\"S\",OFFSET(G1382,-1,0)+1,OFFSET(G1382,-1,0)))","v":10},{"$f":"IF(OR($A1382=\"S\",$A1382=0),0,MATCH(0,OFFSET($B1382,1,$A1382,ROW($A$1504)-ROW($A1382)),0))","v":0},{"$f":"IF(OR($A1382=\"S\",$A1382=0),0,MATCH(OFFSET($B1382,0,$A1382)+1,OFFSET($B1382,1,$A1382,ROW($A$1504)-ROW($A1382)),0))","v":0},"Insumo",{"$f":"IF($A1382=0,\"-\",CONCATENATE(C1382&\".\",IF(AND($A$5>=2,$A1382>=2),D1382&\".\",\"\"),IF(AND($A$5>=3,$A1382>=3),E1382&\".\",\"\"),IF(AND($A$5>=4,$A1382>=4),F1382&\".\",\"\"),IF($A1382=\"S\",G1382&\".\",\"\")))","v":"15.3.10."},{"$f":"IF(NOT(ISERROR($Y1382)),IF($Y1382<>FALSE,INDEX(Banco,$Y1382,4),\"\"),\"\")","v":"Cotação "},"Serv. Terc.","011","Barra de gelo",{"$f":"IF(NOT(ISERROR($Y1382)),IF($Y1382<>FALSE,INDEX(Banco,$Y1382,6),\"\"),\"\")","v":"Unidade"},4,{"$f":"IF(NOT(ISERROR($Y1382)),IF($Y1382<>FALSE,INDEX(Banco,$Y1382,7),0),0)","v":12},"DI 1",{"$f":"IF($J1382=$G$2,ROUND(ROUND($R1382,2)*IF($R$9=\"Preço Unitário (R$)\",1,1+$AA1382),2),0)","v":15},{"$f":"IF($A1382=\"S\",VTOTAL1,IF($A1382=0,0,ROUND(SomaAgrup,2)))","v":60},null,{"$f":"IF(OR($A1382=0,$A1382=\"S\",$A1382>CFF!$A$9),\"\",MAX(W$11:OFFSET(W1382,-1,0))+1)","v":""},{"$f":"IF(AND($J1382=$G$2,$N1382<>\"\",$M1382<>\"\"),CONCATENATE($M1382,\"-\",$N1382))","v":"Serv. Terc.-011"},{"$f":"IF(X1382<>FALSE,MATCH(X1382,OFFSET(Banco,0,0,,1),0))","v":91},null,{"$f":"IF($J1382=$G$2,ROUND(IF(ISNUMBER(S1382),S1382,IF(LEFT(S1382,2)=\"DI\",HLOOKUP(S1382,DADOS!$T$29:$X$30,2,FALSE),0)),4),\"\")","v":0.25}]
["S",0,15,3,0,0,11,{"$f":"IF(OR($A1383=\"S\",$A1383=0),0,MATCH(0,OFFSET($B1383,1,$A1383,ROW($A$1504)-ROW($A1383)),0))","v":0},{"$f":"IF(OR($A1383=\"S\",$A1383=0),0,MATCH(OFFSET($B1383,0,$A1383)+1,OFFSET($B1383,1,$A1383,ROW($A$1504)-ROW($A1383)),0))","v":0},"Insumo","15.3.11.","Cotação","Serv. Terc.","013","Sucos","Unidade",12,6.4,"DI 1",8,96,null,{"$f":"IF(OR($A1383=0,$A1383=\"S\",$A1383>CFF!$A$9),\"\",MAX(W$11:OFFSET(W1383,-1,0))+1)","v":""},"Serv. Terc.-013",93,null,{"$f":"IF($J1383=$G$2,ROUND(IF(ISNUMBER(S1383),S1383,IF(LEFT(S1383,2)=\"DI\",HLOOKUP(S1383,DADOS!$T$29:$X$30,2,FALSE),0)),4),\"\")","v":0.25}]
[{"$f":"CHOOSE(1+LOG(1+2*(J1384=$C$2)+4*(J1384=$D$2)+8*(J1384=$E$2)+16*(J1384=$F$2)+32*(J1384=$G$2),2),0,1,2,3,4,\"S\")","v":"S"},{"$f":"IF(OR(A1384=\"S\",A1384=0),0,IF(ISERROR(I1384),H1384,SMALL(H1384:I1384,1)))","v":0},{"$f":"IF($A1384=1,OFFSET(C1384,-1,0)+1,OFFSET(C1384,-1,0))","v":15},{"$f":"IF($A1384=1,0,IF($A1384=2,OFFSET(D1384,-1,0)+1,OFFSET(D1384,-1,0)))","v":3},{"$f":"IF(AND($A1384<=2,$A1384<>0),0,IF($A1384=3,OFFSET(E1384,-1,0)+1,OFFSET(E1384,-1,0)))","v":0},{"$f":"IF(AND($A1384<=3,$A1384<>0),0,IF($A1384=4,OFFSET(F1384,-1,0)+1,OFFSET(F1384,-1,0)))","v":0},{"$f":"IF(AND($A1384<=4,$A1384<>0),0,IF($A1384=\"S\",OFFSET(G1384,-1,0)+1,OFFSET(G1384,-1,0)))","v":12},{"$f":"IF(OR($A1384=\"S\",$A1384=0),0,MATCH(0,OFFSET($B1384,1,$A1384,ROW($A$1504)-ROW($A1384)),0))","v":0},{"$f":"IF(OR($A1384=\"S\",$A1384=0),0,MATCH(OFFSET($B1384,0,$A1384)+1,OFFSET($B1384,1,$A1384,ROW($A$1504)-ROW($A1384)),0))","v":0},"Insumo",{"$f":"IF($A1384=0,\"-\",CONCATENATE(C1384&\".\",IF(AND($A$5>=2,$A1384>=2),D1384&\".\",\"\"),IF(AND($A$5>=3,$A1384>=3),E1384&\".\",\"\"),IF(AND($A$5>=4,$A1384>=4),F1384&\".\",\"\"),IF($A1384=\"S\",G1384&\".\",\"\")))","v":"15.3.12."},{"$f":"IF(NOT(ISERROR($Y1384)),IF($Y1384<>FALSE,INDEX(Banco,$Y1384,4),\"\"),\"\")","v":"Cotação"},"Serv. Terc.","027",{"$f":"IF(NOT(ISERROR($Y1384)),IF($Y1384<>FALSE,INDEX(Banco,$Y1384,5),\"\"),\"\")","v":"Refrigerantes (02 litros) "},{"$f":"IF(NOT(ISERROR($Y1384)),IF($Y1384<>FALSE,INDEX(Banco,$Y1384,6),\"\"),\"\")","v":"Unidade"},20,{"$f":"IF(NOT(ISERROR($Y1384)),IF($Y1384<>FALSE,INDEX(Banco,$Y1384,7),0),0)","v":6},"DI 1",{"$f":"IF($J1384=$G$2,ROUND(ROUND($R1384,2)*IF($R$9=\"Preço Unitário (R$)\",1,1+$AA1384),2),0)","v":7.5},{"$f":"IF($A1384=\"S\",VTOTAL1,IF($A1384=0,0,ROUND(SomaAgrup,2)))","v":150},null,{"$f":"IF(OR($A1384=0,$A1384=\"S\",$A1384>CFF!$A$9),\"\",MAX(W$11:OFFSET(W1384,-1,0))+1)","v":""},{"$f":"IF(AND($J1384=$G$2,$N1384<>\"\",$M1384<>\"\"),CONCATENATE($M1384,\"-\",$N1384))","v":"Serv. Terc.-027"},{"$f":"IF(X1384<>FALSE,MATCH(X1384,OFFSET(Banco,0,0,,1),0))","v":107},null,{"$f":"IF($J1384=$G$2,ROUND(IF(ISNUMBER(S1384),S1384,IF(LEFT(S1384,2)=\"DI\",HLOOKUP(S1384,DADOS!$T$29:$X$30,2,FALSE),0)),4),\"\")","v":0.25}]
["S",0,15,3,0,0,13,{"$f":"IF(OR($A1385=\"S\",$A1385=0),0,MATCH(0,OFFSET($B1385,1,$A1385,ROW($A$1504)-ROW($A1385)),0))","v":0},{"$f":"IF(OR($A1385=\"S\",$A1385=0),0,MATCH(OFFSET($B1385,0,$A1385)+1,OFFSET($B1385,1,$A1385,ROW($A$1504)-ROW($A1385)),0))","v":0},"Insumo","15.3.13.","Cotação ","Serv. Terc.","010","Brindes ( descrição nos orçamentos e PTS)","Unidade",4,120,"DI 1",150,600,null,{"$f":"IF(OR($A1385=0,$A1385=\"S\",$A1385>CFF!$A$9),\"\",MAX(W$11:OFFSET(W1385,-1,0))+1)","v":""},"Serv. Terc.-010",90,null,{"$f":"IF($J1385=$G$2,ROUND(IF(ISNUMBER(S1385),S1385,IF(LEFT(S1385,2)=\"DI\",HLOOKUP(S1385,DADOS!$T$29:$X$30,2,FALSE),0)),4),\"\")","v":0.25}]
["S",0,15,3,0,0,14,{"$f":"IF(OR($A1386=\"S\",$A1386=0),0,MATCH(0,OFFSET($B1386,1,$A1386,ROW($A$1504)-ROW($A1386)),0))","v":0},{"$f":"IF(OR($A1386=\"S\",$A1386=0),0,MATCH(OFFSET($B1386,0,$A1386)+1,OFFSET($B1386,1,$A1386,ROW($A$1504)-ROW($A1386)),0))","v":0},"Insumo","15.3.14.","Cotação","Serv. Terc.","015","Coffee break (salgados)","Centro",15,65,"DI 1",81.25,1218.75,null,{"$f":"IF(OR($A1386=0,$A1386=\"S\",$A1386>CFF!$A$9),\"\",MAX(W$11:OFFSET(W1386,-1,0))+1)","v":""},"Serv. Terc.-015",95,null,{"$f":"IF($J1386=$G$2,ROUND(IF(ISNUMBER(S1386),S1386,IF(LEFT(S1386,2)=\"DI\",HLOOKUP(S1386,DADOS!$T$29:$X$30,2,FALSE),0)),4),\"\")","v":0.25}]
[{"$f":"CHOOSE(1+LOG(1+2*(J1387=$C$2)+4*(J1387=$D$2)+8*(J1387=$E$2)+16*(J1387=$F$2)+32*(J1387=$G$2),2),0,1,2,3,4,\"S\")","v":"S"},{"$f":"IF(OR(A1387=\"S\",A1387=0),0,IF(ISERROR(I1387),H1387,SMALL(H1387:I1387,1)))","v":0},{"$f":"IF($A1387=1,OFFSET(C1387,-1,0)+1,OFFSET(C1387,-1,0))","v":15},{"$f":"IF($A1387=1,0,IF($A1387=2,OFFSET(D1387,-1,0)+1,OFFSET(D1387,-1,0)))","v":3},{"$f":"IF(AND($A1387<=2,$A1387<>0),0,IF($A1387=3,OFFSET(E1387,-1,0)+1,OFFSET(E1387,-1,0)))","v":0},{"$f":"IF(AND($A1387<=3,$A1387<>0),0,IF($A1387=4,OFFSET(F1387,-1,0)+1,OFFSET(F1387,-1,0)))","v":0},{"$f":"IF(AND($A1387<=4,$A1387<>0),0,IF($A1387=\"S\",OFFSET(G1387,-1,0)+1,OFFSET(G1387,-1,0)))","v":15},{"$f":"IF(OR($A1387=\"S\",$A1387=0),0,MATCH(0,OFFSET($B1387,1,$A1387,ROW($A$1504)-ROW($A1387)),0))","v":0},{"$f":"IF(OR($A1387=\"S\",$A1387=0),0,MATCH(OFFSET($B1387,0,$A1387)+1,OFFSET($B1387,1,$A1387,ROW($A$1504)-ROW($A1387)),0))","v":0},"Insumo",{"$f":"IF($A1387=0,\"-\",CONCATENATE(C1387&\".\",IF(AND($A$5>=2,$A1387>=2),D1387&\".\",\"\"),IF(AND($A$5>=3,$A1387>=3),E1387&\".\",\"\"),IF(AND($A$5>=4,$A1387>=4),F1387&\".\",\"\"),IF($A1387=\"S\",G1387&\".\",\"\")))","v":"15.3.15."},{"$f":"IF(NOT(ISERROR($Y1387)),IF($Y1387<>FALSE,INDEX(Banco,$Y1387,4),\"\"),\"\")","v":"CRP"},"Serv. Terc.","062",{"$f":"IF(NOT(ISERROR($Y1387)),IF($Y1387<>FALSE,INDEX(Banco,$Y1387,5),\"\"),\"\")","v":"Psicologa"},{"$f":"IF(NOT(ISERROR($Y1387)),IF($Y1387<>FALSE,INDEX(Banco,$Y1387,6),\"\"),\"\")","v":"Horas"},3,{"$f":"IF(NOT(ISERROR($Y1387)),IF($Y1387<>FALSE,INDEX(Banco,$Y1387,7),0),0)","v":432.79},"DI 1",{"$f":"IF($J1387=$G$2,ROUND(ROUND($R1387,2)*IF($R$9=\"Preço Unitário (R$)\",1,1+$AA1387),2),0)","v":540.99},{"$f":"IF($A1387=\"S\",VTOTAL1,IF($A1387=0,0,ROUND(SomaAgrup,2)))","v":1622.97},null,{"$f":"IF(OR($A1387=0,$A1387=\"S\",$A1387>CFF!$A$9),\"\",MAX(W$11:OFFSET(W1387,-1,0))+1)","v":""},{"$f":"IF(AND($J1387=$G$2,$N1387<>\"\",$M1387<>\"\"),CONCATENATE($M1387,\"-\",$N1387))","v":"Serv. Terc.-062"},{"$f":"IF(X1387<>FALSE,MATCH(X1387,OFFSET(Banco,0,0,,1),0))","v":142},null,{"$f":"IF($J1387=$G$2,ROUND(IF(ISNUMBER(S1387),S1387,IF(LEFT(S1387,2)=\"DI\",HLOOKUP(S1387,DADOS!$T$29:$X$30,2,FALSE),0)),4),\"\")","v":0.25}]
["S",0,15,3,0,0,16,{"$f":"IF(OR($A1388=\"S\",$A1388=0),0,MATCH(0,OFFSET($B1388,1,$A1388,ROW($A$1504)-ROW($A1388)),0))","v":0},{"$f":"IF(OR($A1388=\"S\",$A1388=0),0,MATCH(OFFSET($B1388,0,$A1388)+1,OFFSET($B1388,1,$A1388,ROW($A$1504)-ROW($A1388)),0))","v":0},"Insumo","15.3.16.","Cotação","Rec. Materiais","020","Guloseimas (balas e pirulito)","Pacote",4,12,"DI 1",15,60,null,{"$f":"IF(OR($A1388=0,$A1388=\"S\",$A1388>CFF!$A$9),\"\",MAX(W$11:OFFSET(W1388,-1,0))+1)","v":""},"Rec. Materiais-020",29,null,{"$f":"IF($J1388=$G$2,ROUND(IF(ISNUMBER(S1388),S1388,IF(LEFT(S1388,2)=\"DI\",HLOOKUP(S1388,DADOS!$T$29:$X$30,2,FALSE),0)),4),\"\")","v":0.25}]
["S",0,15,3,0,0,17,{"$f":"IF(OR($A1389=\"S\",$A1389=0),0,MATCH(0,OFFSET($B1389,1,$A1389,ROW($A$1504)-ROW($A1389)),0))","v":0},{"$f":"IF(OR($A1389=\"S\",$A1389=0),0,MATCH(OFFSET($B1389,0,$A1389)+1,OFFSET($B1389,1,$A1389,ROW($A$1504)-ROW($A1389)),0))","v":0},"Insumo","15.3.17.","Cotação","Rec. Materiais","021","Papel de presente","Folhas",8,1.5,"DI 1",1.88,15.04,null,{"$f":"IF(OR($A1389=0,$A1389=\"S\",$A1389>CFF!$A$9),\"\",MAX(W$11:OFFSET(W1389,-1,0))+1)","v":""},"Rec. Materiais-021",30,null,{"$f":"IF($J1389=$G$2,ROUND(IF(ISNUMBER(S1389),S1389,IF(LEFT(S1389,2)=\"DI\",HLOOKUP(S1389,DADOS!$T$29:$X$30,2,FALSE),0)),4),\"\")","v":0.25}]
["S",0,15,3,0,0,18,{"$f":"IF(OR($A1390=\"S\",$A1390=0),0,MATCH(0,OFFSET($B1390,1,$A1390,ROW($A$1504)-ROW($A1390)),0))","v":0},{"$f":"IF(OR($A1390=\"S\",$A1390=0),0,MATCH(OFFSET($B1390,0,$A1390)+1,OFFSET($B1390,1,$A1390,ROW($A$1504)-ROW($A1390)),0))","v":0},"Insumo","15.3.18.","Cotação","Rec. Materiais","026","Saco de lixo (100 litros)","Pacote",2,15,"DI 1",18.75,37.5,null,{"$f":"IF(OR($A1390=0,$A1390=\"S\",$A1390>CFF!$A$9),\"\",MAX(W$11:OFFSET(W1390,-1,0))+1)","v":""},"Rec. Materiais-026",35,null,{"$f":"IF($J1390=$G$2,ROUND(IF(ISNUMBER(S1390),S1390,IF(LEFT(S1390,2)=\"DI\",HLOOKUP(S1390,DADOS!$T$29:$X$30,2,FALSE),0)),4),\"\")","v":0.25}]
[{"$f":"CHOOSE(1+LOG(1+2*(J1391=$C$2)+4*(J1391=$D$2)+8*(J1391=$E$2)+16*(J1391=$F$2)+32*(J1391=$G$2),2),0,1,2,3,4,\"S\")","v":2},{"$f":"IF(OR(A1391=\"S\",A1391=0),0,IF(ISERROR(I1391),H1391,SMALL(H1391:I1391,1)))","v":3},{"$f":"IF($A1391=1,OFFSET(C1391,-1,0)+1,OFFSET(C1391,-1,0))","v":15},{"$f":"IF($A1391=1,0,IF($A1391=2,OFFSET(D1391,-1,0)+1,OFFSET(D1391,-1,0)))","v":4},{"$f":"IF(AND($A1391<=2,$A1391<>0),0,IF($A1391=3,OFFSET(E1391,-1,0)+1,OFFSET(E1391,-1,0)))","v":0},{"$f":"IF(AND($A1391<=3,$A1391<>0),0,IF($A1391=4,OFFSET(F1391,-1,0)+1,OFFSET(F1391,-1,0)))","v":0},{"$f":"IF(AND($A1391<=4,$A1391<>0),0,IF($A1391=\"S\",OFFSET(G1391,-1,0)+1,OFFSET(G1391,-1,0)))","v":0},{"$f":"IF(OR($A1391=\"S\",$A1391=0),0,MATCH(0,OFFSET($B1391,1,$A1391,ROW($A$1504)-ROW($A1391)),0))","v":22},{"$f":"IF(OR($A1391=\"S\",$A1391=0),0,MATCH(OFFSET($B1391,0,$A1391)+1,OFFSET($B1391,1,$A1391,ROW($A$1504)-ROW($A1391)),0))","v":3},"AtivNível 1",{"$f":"IF($A1391=0,\"-\",CONCATENATE(C1391&\".\",IF(AND($A$5>=2,$A1391>=2),D1391&\".\",\"\"),IF(AND($A$5>=3,$A1391>=3),E1391&\".\",\"\"),IF(AND($A$5>=4,$A1391>=4),F1391&\".\",\"\"),IF($A1391=\"S\",G1391&\".\",\"\")))","v":"15.4."},{"$f":"IF(NOT(ISERROR($Y1391)),IF($Y1391<>FALSE,INDEX(Banco,$Y1391,4),\"\"),\"\")","v":""},null,null,"Atividade 106 - Plantão Social região Jardim Ikaraí",{"$f":"IF(NOT(ISERROR($Y1391)),IF($Y1391<>FALSE,INDEX(Banco,$Y1391,6),\"\"),\"\")","v":""},null,{"$f":"IF(NOT(ISERROR($Y1391)),IF($Y1391<>FALSE,INDEX(Banco,$Y1391,7),0),0)","v":0},"DI 1",{"$f":"IF($J1391=$G$2,ROUND(ROUND($R1391,2)*IF($R$9=\"Preço Unitário (R$)\",1,1+$AA1391),2),0)","v":0},{"$f":"IF($A1391=\"S\",VTOTAL1,IF($A1391=0,0,ROUND(SomaAgrup,2)))","v":2089.48},null,{"$f":"IF(OR($A1391=0,$A1391=\"S\",$A1391>CFF!$A$9),\"\",MAX(W$11:OFFSET(W1391,-1,0))+1)","v":121},{"$f":"IF(AND($J1391=$G$2,$N1391<>\"\",$M1391<>\"\"),CONCATENATE($M1391,\"-\",$N1391))","v":false},{"$f":"IF(X1391<>FALSE,MATCH(X1391,OFFSET(Banco,0,0,,1),0))","v":false},null,{"$f":"IF($J1391=$G$2,ROUND(IF(ISNUMBER(S1391),S1391,IF(LEFT(S1391,2)=\"DI\",HLOOKUP(S1391,DADOS!$T$29:$X$30,2,FALSE),0)),4),\"\")","v":""}]
[{"$f":"CHOOSE(1+LOG(1+2*(J1392=$C$2)+4*(J1392=$D$2)+8*(J1392=$E$2)+16*(J1392=$F$2)+32*(J1392=$G$2),2),0,1,2,3,4,\"S\")","v":"S"},{"$f":"IF(OR(A1392=\"S\",A1392=0),0,IF(ISERROR(I1392),H1392,SMALL(H1392:I1392,1)))","v":0},15,4,0,0,1,{"$f":"IF(OR($A1392=\"S\",$A1392=0),0,MATCH(0,OFFSET($B1392,1,$A1392,ROW($A$1504)-ROW($A1392)),0))","v":0},{"$f":"IF(OR($A1392=\"S\",$A1392=0),0,MATCH(OFFSET($B1392,0,$A1392)+1,OFFSET($B1392,1,$A1392,ROW($A$1504)-ROW($A1392)),0))","v":0},"Insumo",{"$f":"IF($A1392=0,\"-\",CONCATENATE(C1392&\".\",IF(AND($A$5>=2,$A1392>=2),D1392&\".\",\"\"),IF(AND($A$5>=3,$A1392>=3),E1392&\".\",\"\"),IF(AND($A$5>=4,$A1392>=4),F1392&\".\",\"\"),IF($A1392=\"S\",G1392&\".\",\"\")))","v":"15.4.1."},"CRESS","Rec. Humanos","001",{"$f":"IF(NOT(ISERROR($Y1392)),IF($Y1392<>FALSE,INDEX(Banco,$Y1392,5),\"\"),\"\")","v":"Responsável Técnica"},"Horas",4,150.28,"DI 1",187.85,751.4,null,{"$f":"IF(OR($A1392=0,$A1392=\"S\",$A1392>CFF!$A$9),\"\",MAX(W$11:OFFSET(W1392,-1,0))+1)","v":""},"Rec. Humanos-001",{"$f":"IF(X1392<>FALSE,MATCH(X1392,OFFSET(Banco,0,0,,1),0))","v":3},null,{"$f":"IF($J1392=$G$2,ROUND(IF(ISNUMBER(S1392),S1392,IF(LEFT(S1392,2)=\"DI\",HLOOKUP(S1392,DADOS!$T$29:$X$30,2,FALSE),0)),4),\"\")","v":0.25}]
["S",0,15,4,0,0,2,{"$f":"IF(OR($A1393=\"S\",$A1393=0),0,MATCH(0,OFFSET($B1393,1,$A1393,ROW($A$1504)-ROW($A1393)),0))","v":0},{"$f":"IF(OR($A1393=\"S\",$A1393=0),0,MATCH(OFFSET($B1393,0,$A1393)+1,OFFSET($B1393,1,$A1393,ROW($A$1504)-ROW($A1393)),0))","v":0},"Insumo","15.4.2.","CRESS","Rec. Humanos","002",{"$f":"IF(NOT(ISERROR($Y1393)),IF($Y1393<>FALSE,INDEX(Banco,$Y1393,5),\"\"),\"\")","v":"Assistente Social"},"Horas",8,133.81,"DI 1",167.26,1338.08,null,{"$f":"IF(OR($A1393=0,$A1393=\"S\",$A1393>CFF!$A$9),\"\",MAX(W$11:OFFSET(W1393,-1,0))+1)","v":""},"Rec. Humanos-002",4,null,{"$f":"IF($J1393=$G$2,ROUND(IF(ISNUMBER(S1393),S1393,IF(LEFT(S1393,2)=\"DI\",HLOOKUP(S1393,DADOS!$T$29:$X$30,2,FALSE),0)),4),\"\")","v":0.25}]
[{"$f":"CHOOSE(1+LOG(1+2*(J1394=$C$2)+4*(J1394=$D$2)+8*(J1394=$E$2)+16*(J1394=$F$2)+32*(J1394=$G$2),2),0,1,2,3,4,\"S\")","v":2},{"$f":"IF(OR(A1394=\"S\",A1394=0),0,IF(ISERROR(I1394),H1394,SMALL(H1394:I1394,1)))","v":19},{"$f":"IF($A1394=1,OFFSET(C1394,-1,0)+1,OFFSET(C1394,-1,0))","v":15},{"$f":"IF($A1394=1,0,IF($A1394=2,OFFSET(D1394,-1,0)+1,OFFSET(D1394,-1,0)))","v":5},{"$f":"IF(AND($A1394<=2,$A1394<>0),0,IF($A1394=3,OFFSET(E1394,-1,0)+1,OFFSET(E1394,-1,0)))","v":0},{"$f":"IF(AND($A1394<=3,$A1394<>0),0,IF($A1394=4,OFFSET(F1394,-1,0)+1,OFFSET(F1394,-1,0)))","v":0},{"$f":"IF(AND($A1394<=4,$A1394<>0),0,IF($A1394=\"S\",OFFSET(G1394,-1,0)+1,OFFSET(G1394,-1,0)))","v":0},{"$f":"IF(OR($A1394=\"S\",$A1394=0),0,MATCH(0,OFFSET($B1394,1,$A1394,ROW($A$1504)-ROW($A1394)),0))","v":19},{"$f":"IF(OR($A1394=\"S\",$A1394=0),0,MATCH(OFFSET($B1394,0,$A1394)+1,OFFSET($B1394,1,$A1394,ROW($A$1504)-ROW($A1394)),0))","v":{"$error":"#N/A"}},"AtivNível 1",{"$f":"IF($A1394=0,\"-\",CONCATENATE(C1394&\".\",IF(AND($A$5>=2,$A1394>=2),D1394&\".\",\"\"),IF(AND($A$5>=3,$A1394>=3),E1394&\".\",\"\"),IF(AND($A$5>=4,$A1394>=4),F1394&\".\",\"\"),IF($A1394=\"S\",G1394&\".\",\"\")))","v":"15.5."},{"$f":"IF(NOT(ISERROR($Y1394)),IF($Y1394<>FALSE,INDEX(Banco,$Y1394,4),\"\"),\"\")","v":""},null,null,"Atividade 107 - Plaestra: Cidadania direito e convivência sem discriminação e as consequência de uso das drogas Bairro: Frutal de Minas e Jardim Paula II",{"$f":"IF(NOT(ISERROR($Y1394)),IF($Y1394<>FALSE,INDEX(Banco,$Y1394,6),\"\"),\"\")","v":""},null,{"$f":"IF(NOT(ISERROR($Y1394)),IF($Y1394<>FALSE,INDEX(Banco,$Y1394,7),0),0)","v":0},"DI 1",{"$f":"IF($J1394=$G$2,ROUND(ROUND($R1394,2)*IF($R$9=\"Preço Unitário (R$)\",1,1+$AA1394),2),0)","v":0},{"$f":"IF($A1394=\"S\",VTOTAL1,IF($A1394=0,0,ROUND(SomaAgrup,2)))","v":10104.11},null,{"$f":"IF(OR($A1394=0,$A1394=\"S\",$A1394>CFF!$A$9),\"\",MAX(W$11:OFFSET(W1394,-1,0))+1)","v":122},{"$f":"IF(AND($J1394=$G$2,$N1394<>\"\",$M1394<>\"\"),CONCATENATE($M1394,\"-\",$N1394))","v":false},{"$f":"IF(X1394<>FALSE,MATCH(X1394,OFFSET(Banco,0,0,,1),0))","v":false},null,{"$f":"IF($J1394=$G$2,ROUND(IF(ISNUMBER(S1394),S1394,IF(LEFT(S1394,2)=\"DI\",HLOOKUP(S1394,DADOS!$T$29:$X$30,2,FALSE),0)),4),\"\")","v":""}]
[{"$f":"CHOOSE(1+LOG(1+2*(J1395=$C$2)+4*(J1395=$D$2)+8*(J1395=$E$2)+16*(J1395=$F$2)+32*(J1395=$G$2),2),0,1,2,3,4,\"S\")","v":"S"},{"$f":"IF(OR(A1395=\"S\",A1395=0),0,IF(ISERROR(I1395),H1395,SMALL(H1395:I1395,1)))","v":0},{"$f":"IF($A1395=1,OFFSET(C1395,-1,0)+1,OFFSET(C1395,-1,0))","v":15},{"$f":"IF($A1395=1,0,IF($A1395=2,OFFSET(D1395,-1,0)+1,OFFSET(D1395,-1,0)))","v":5},{"$f":"IF(AND($A1395<=2,$A1395<>0),0,IF($A1395=3,OFFSET(E1395,-1,0)+1,OFFSET(E1395,-1,0)))","v":0},{"$f":"IF(AND($A1395<=3,$A1395<>0),0,IF($A1395=4,OFFSET(F1395,-1,0)+1,OFFSET(F1395,-1,0)))","v":0},{"$f":"IF(AND($A1395<=4,$A1395<>0),0,IF($A1395=\"S\",OFFSET(G1395,-1,0)+1,OFFSET(G1395,-1,0)))","v":1},{"$f":"IF(OR($A1395=\"S\",$A1395=0),0,MATCH(0,OFFSET($B1395,1,$A1395,ROW($A$1504)-ROW($A1395)),0))","v":0},{"$f":"IF(OR($A1395=\"S\",$A1395=0),0,MATCH(OFFSET($B1395,0,$A1395)+1,OFFSET($B1395,1,$A1395,ROW($A$1504)-ROW($A1395)),0))","v":0},"Insumo",{"$f":"IF($A1395=0,\"-\",CONCATENATE(C1395&\".\",IF(AND($A$5>=2,$A1395>=2),D1395&\".\",\"\"),IF(AND($A$5>=3,$A1395>=3),E1395&\".\",\"\"),IF(AND($A$5>=4,$A1395>=4),F1395&\".\",\"\"),IF($A1395=\"S\",G1395&\".\",\"\")))","v":"15.5.1."},{"$f":"IF(NOT(ISERROR($Y1395)),IF($Y1395<>FALSE,INDEX(Banco,$Y1395,4),\"\"),\"\")","v":"CRESS"},"Rec. Humanos","001",{"$f":"IF(NOT(ISERROR($Y1395)),IF($Y1395<>FALSE,INDEX(Banco,$Y1395,5),\"\"),\"\")","v":"Responsável Técnica"},{"$f":"IF(NOT(ISERROR($Y1395)),IF($Y1395<>FALSE,INDEX(Banco,$Y1395,6),\"\"),\"\")","v":"Horas"},9,{"$f":"IF(NOT(ISERROR($Y1395)),IF($Y1395<>FALSE,INDEX(Banco,$Y1395,7),0),0)","v":150.28},"DI 1",{"$f":"IF($J1395=$G$2,ROUND(ROUND($R1395,2)*IF($R$9=\"Preço Unitário (R$)\",1,1+$AA1395),2),0)","v":187.85},{"$f":"IF($A1395=\"S\",VTOTAL1,IF($A1395=0,0,ROUND(SomaAgrup,2)))","v":1690.65},null,{"$f":"IF(OR($A1395=0,$A1395=\"S\",$A1395>CFF!$A$9),\"\",MAX(W$11:OFFSET(W1395,-1,0))+1)","v":""},{"$f":"IF(AND($J1395=$G$2,$N1395<>\"\",$M1395<>\"\"),CONCATENATE($M1395,\"-\",$N1395))","v":"Rec. Humanos-001"},{"$f":"IF(X1395<>FALSE,MATCH(X1395,OFFSET(Banco,0,0,,1),0))","v":3},null,{"$f":"IF($J1395=$G$2,ROUND(IF(ISNUMBER(S1395),S1395,IF(LEFT(S1395,2)=\"DI\",HLOOKUP(S1395,DADOS!$T$29:$X$30,2,FALSE),0)),4),\"\")","v":0.25}]
["S",0,15,5,0,0,2,{"$f":"IF(OR($A1396=\"S\",$A1396=0),0,MATCH(0,OFFSET($B1396,1,$A1396,ROW($A$1504)-ROW($A1396)),0))","v":0},{"$f":"IF(OR($A1396=\"S\",$A1396=0),0,MATCH(OFFSET($B1396,0,$A1396)+1,OFFSET($B1396,1,$A1396,ROW($A$1504)-ROW($A1396)),0))","v":0},"Insumo","15.5.2.","CRESS","Rec. Humanos","002",{"$f":"IF(NOT(ISERROR($Y1396)),IF($Y1396<>FALSE,INDEX(Banco,$Y1396,5),\"\"),\"\")","v":"Assistente Social"},"Horas",12,133.81,"DI 1",167.26,2007.12,null,{"$f":"IF(OR($A1396=0,$A1396=\"S\",$A1396>CFF!$A$9),\"\",MAX(W$11:OFFSET(W1396,-1,0))+1)","v":""},"Rec. Humanos-002",4,null,{"$f":"IF($J1396=$G$2,ROUND(IF(ISNUMBER(S1396),S1396,IF(LEFT(S1396,2)=\"DI\",HLOOKUP(S1396,DADOS!$T$29:$X$30,2,FALSE),0)),4),\"\")","v":0.25}]
["S",0,15,5,0,0,3,{"$f":"IF(OR($A1397=\"S\",$A1397=0),0,MATCH(0,OFFSET($B1397,1,$A1397,ROW($A$1504)-ROW($A1397)),0))","v":0},{"$f":"IF(OR($A1397=\"S\",$A1397=0),0,MATCH(OFFSET($B1397,0,$A1397)+1,OFFSET($B1397,1,$A1397,ROW($A$1504)-ROW($A1397)),0))","v":0},"Insumo","15.5.3.","Cotação","Rec. Humanos","003","Administrador (Técnico de Apoio) ","Horas",4,103.65,"DI 1",129.56,518.24,null,{"$f":"IF(OR($A1397=0,$A1397=\"S\",$A1397>CFF!$A$9),\"\",MAX(W$11:OFFSET(W1397,-1,0))+1)","v":""},"Rec. Humanos-003",5,null,{"$f":"IF($J1397=$G$2,ROUND(IF(ISNUMBER(S1397),S1397,IF(LEFT(S1397,2)=\"DI\",HLOOKUP(S1397,DADOS!$T$29:$X$30,2,FALSE),0)),4),\"\")","v":0.25}]
["S",0,15,5,0,0,4,{"$f":"IF(OR($A1398=\"S\",$A1398=0),0,MATCH(0,OFFSET($B1398,1,$A1398,ROW($A$1504)-ROW($A1398)),0))","v":0},{"$f":"IF(OR($A1398=\"S\",$A1398=0),0,MATCH(OFFSET($B1398,0,$A1398)+1,OFFSET($B1398,1,$A1398,ROW($A$1504)-ROW($A1398)),0))","v":0},"Insumo","15.5.4.","SINE","Rec. Humanos","004","Estagiários","Horas",16,9.7899999999999991,"DI 1",12.24,195.84,null,{"$f":"IF(OR($A1398=0,$A1398=\"S\",$A1398>CFF!$A$9),\"\",MAX(W$11:OFFSET(W1398,-1,0))+1)","v":""},"Rec. Humanos-004",6,null,{"$f":"IF($J1398=$G$2,ROUND(IF(ISNUMBER(S1398),S1398,IF(LEFT(S1398,2)=\"DI\",HLOOKUP(S1398,DADOS!$T$29:$X$30,2,FALSE),0)),4),\"\")","v":0.25}]
["S",0,15,5,0,0,5,{"$f":"IF(OR($A1399=\"S\",$A1399=0),0,MATCH(0,OFFSET($B1399,1,$A1399,ROW($A$1504)-ROW($A1399)),0))","v":0},{"$f":"IF(OR($A1399=\"S\",$A1399=0),0,MATCH(OFFSET($B1399,0,$A1399)+1,OFFSET($B1399,1,$A1399,ROW($A$1504)-ROW($A1399)),0))","v":0},"Insumo","15.5.5.","Cotação","Serv. Terc.","001","Fotocópias","Unidade",150,0.3,"DI 1",0.38,57,null,{"$f":"IF(OR($A1399=0,$A1399=\"S\",$A1399>CFF!$A$9),\"\",MAX(W$11:OFFSET(W1399,-1,0))+1)","v":""},"Serv. Terc.-001",81,null,{"$f":"IF($J1399=$G$2,ROUND(IF(ISNUMBER(S1399),S1399,IF(LEFT(S1399,2)=\"DI\",HLOOKUP(S1399,DADOS!$T$29:$X$30,2,FALSE),0)),4),\"\")","v":0.25}]
["S",0,{"$f":"IF($A1400=1,OFFSET(C1400,-1,0)+1,OFFSET(C1400,-1,0))","v":15},{"$f":"IF($A1400=1,0,IF($A1400=2,OFFSET(D1400,-1,0)+1,OFFSET(D1400,-1,0)))","v":5},{"$f":"IF(AND($A1400<=2,$A1400<>0),0,IF($A1400=3,OFFSET(E1400,-1,0)+1,OFFSET(E1400,-1,0)))","v":0},{"$f":"IF(AND($A1400<=3,$A1400<>0),0,IF($A1400=4,OFFSET(F1400,-1,0)+1,OFFSET(F1400,-1,0)))","v":0},{"$f":"IF(AND($A1400<=4,$A1400<>0),0,IF($A1400=\"S\",OFFSET(G1400,-1,0)+1,OFFSET(G1400,-1,0)))","v":6},{"$f":"IF(OR($A1400=\"S\",$A1400=0),0,MATCH(0,OFFSET($B1400,1,$A1400,ROW($A$1504)-ROW($A1400)),0))","v":0},{"$f":"IF(OR($A1400=\"S\",$A1400=0),0,MATCH(OFFSET($B1400,0,$A1400)+1,OFFSET($B1400,1,$A1400,ROW($A$1504)-ROW($A1400)),0))","v":0},"Insumo","15.5.6.",{"$f":"IF(NOT(ISERROR($Y1400)),IF($Y1400<>FALSE,INDEX(Banco,$Y1400,4),\"\"),\"\")","v":"Cotação"},"Serv. Terc.","017",{"$f":"IF(NOT(ISERROR($Y1400)),IF($Y1400<>FALSE,INDEX(Banco,$Y1400,5),\"\"),\"\")","v":"Instrutor/Monitor (Educação Fisíca)"},{"$f":"IF(NOT(ISERROR($Y1400)),IF($Y1400<>FALSE,INDEX(Banco,$Y1400,6),\"\"),\"\")","v":"Horas"},3,{"$f":"IF(NOT(ISERROR($Y1400)),IF($Y1400<>FALSE,INDEX(Banco,$Y1400,7),0),0)","v":100},"DI 1",{"$f":"IF($J1400=$G$2,ROUND(ROUND($R1400,2)*IF($R$9=\"Preço Unitário (R$)\",1,1+$AA1400),2),0)","v":125},{"$f":"IF($A1400=\"S\",VTOTAL1,IF($A1400=0,0,ROUND(SomaAgrup,2)))","v":375},null,{"$f":"IF(OR($A1400=0,$A1400=\"S\",$A1400>CFF!$A$9),\"\",MAX(W$11:OFFSET(W1400,-1,0))+1)","v":""},{"$f":"IF(AND($J1400=$G$2,$N1400<>\"\",$M1400<>\"\"),CONCATENATE($M1400,\"-\",$N1400))","v":"Serv. Terc.-017"},97,null,{"$f":"IF($J1400=$G$2,ROUND(IF(ISNUMBER(S1400),S1400,IF(LEFT(S1400,2)=\"DI\",HLOOKUP(S1400,DADOS!$T$29:$X$30,2,FALSE),0)),4),\"\")","v":0.25}]
[{"$f":"CHOOSE(1+LOG(1+2*(J1401=$C$2)+4*(J1401=$D$2)+8*(J1401=$E$2)+16*(J1401=$F$2)+32*(J1401=$G$2),2),0,1,2,3,4,\"S\")","v":"S"},{"$f":"IF(OR(A1401=\"S\",A1401=0),0,IF(ISERROR(I1401),H1401,SMALL(H1401:I1401,1)))","v":0},15,5,0,0,7,{"$f":"IF(OR($A1401=\"S\",$A1401=0),0,MATCH(0,OFFSET($B1401,1,$A1401,ROW($A$1504)-ROW($A1401)),0))","v":0},{"$f":"IF(OR($A1401=\"S\",$A1401=0),0,MATCH(OFFSET($B1401,0,$A1401)+1,OFFSET($B1401,1,$A1401,ROW($A$1504)-ROW($A1401)),0))","v":0},"Insumo",{"$f":"IF($A1401=0,\"-\",CONCATENATE(C1401&\".\",IF(AND($A$5>=2,$A1401>=2),D1401&\".\",\"\"),IF(AND($A$5>=3,$A1401>=3),E1401&\".\",\"\"),IF(AND($A$5>=4,$A1401>=4),F1401&\".\",\"\"),IF($A1401=\"S\",G1401&\".\",\"\")))","v":"15.5.7."},"Cotação","Serv. Terc.","002","Carro de som com gravação de vinheta","Horas",3,200,"DI 1",250,750,null,{"$f":"IF(OR($A1401=0,$A1401=\"S\",$A1401>CFF!$A$9),\"\",MAX(W$11:OFFSET(W1401,-1,0))+1)","v":""},"Serv. Terc.-002",{"$f":"IF(X1401<>FALSE,MATCH(X1401,OFFSET(Banco,0,0,,1),0))","v":82},null,{"$f":"IF($J1401=$G$2,ROUND(IF(ISNUMBER(S1401),S1401,IF(LEFT(S1401,2)=\"DI\",HLOOKUP(S1401,DADOS!$T$29:$X$30,2,FALSE),0)),4),\"\")","v":0.25}]
["S",0,15,5,0,0,8,{"$f":"IF(OR($A1402=\"S\",$A1402=0),0,MATCH(0,OFFSET($B1402,1,$A1402,ROW($A$1504)-ROW($A1402)),0))","v":0},{"$f":"IF(OR($A1402=\"S\",$A1402=0),0,MATCH(OFFSET($B1402,0,$A1402)+1,OFFSET($B1402,1,$A1402,ROW($A$1504)-ROW($A1402)),0))","v":0},"Insumo","15.5.8.","Cotação","Serv. Terc.","005","Locação de caixa térmica","Unidade",2,40,"DI 1",50,100,null,{"$f":"IF(OR($A1402=0,$A1402=\"S\",$A1402>CFF!$A$9),\"\",MAX(W$11:OFFSET(W1402,-1,0))+1)","v":""},"Serv. Terc.-005",85,null,{"$f":"IF($J1402=$G$2,ROUND(IF(ISNUMBER(S1402),S1402,IF(LEFT(S1402,2)=\"DI\",HLOOKUP(S1402,DADOS!$T$29:$X$30,2,FALSE),0)),4),\"\")","v":0.25}]
["S",0,15,5,0,0,9,{"$f":"IF(OR($A1403=\"S\",$A1403=0),0,MATCH(0,OFFSET($B1403,1,$A1403,ROW($A$1504)-ROW($A1403)),0))","v":0},{"$f":"IF(OR($A1403=\"S\",$A1403=0),0,MATCH(OFFSET($B1403,0,$A1403)+1,OFFSET($B1403,1,$A1403,ROW($A$1504)-ROW($A1403)),0))","v":0},"Insumo","15.5.9.","Cotação","Serv. Terc.","008","Locação de pula-pula com monitor","Unidade",2,220,"DI 1",275,550,null,{"$f":"IF(OR($A1403=0,$A1403=\"S\",$A1403>CFF!$A$9),\"\",MAX(W$11:OFFSET(W1403,-1,0))+1)","v":""},"Serv. Terc.-008",88,null,{"$f":"IF($J1403=$G$2,ROUND(IF(ISNUMBER(S1403),S1403,IF(LEFT(S1403,2)=\"DI\",HLOOKUP(S1403,DADOS!$T$29:$X$30,2,FALSE),0)),4),\"\")","v":0.25}]
["S",0,15,5,0,0,10,{"$f":"IF(OR($A1404=\"S\",$A1404=0),0,MATCH(0,OFFSET($B1404,1,$A1404,ROW($A$1504)-ROW($A1404)),0))","v":0},{"$f":"IF(OR($A1404=\"S\",$A1404=0),0,MATCH(OFFSET($B1404,0,$A1404)+1,OFFSET($B1404,1,$A1404,ROW($A$1504)-ROW($A1404)),0))","v":0},"Insumo","15.5.10.","Cotação ","Serv. Terc.","011","Barra de gelo","Unidade",4,12,"DI 1",15,60,null,{"$f":"IF(OR($A1404=0,$A1404=\"S\",$A1404>CFF!$A$9),\"\",MAX(W$11:OFFSET(W1404,-1,0))+1)","v":""},"Serv. Terc.-011",91,null,{"$f":"IF($J1404=$G$2,ROUND(IF(ISNUMBER(S1404),S1404,IF(LEFT(S1404,2)=\"DI\",HLOOKUP(S1404,DADOS!$T$29:$X$30,2,FALSE),0)),4),\"\")","v":0.25}]
["S",0,15,5,0,0,11,{"$f":"IF(OR($A1405=\"S\",$A1405=0),0,MATCH(0,OFFSET($B1405,1,$A1405,ROW($A$1504)-ROW($A1405)),0))","v":0},{"$f":"IF(OR($A1405=\"S\",$A1405=0),0,MATCH(OFFSET($B1405,0,$A1405)+1,OFFSET($B1405,1,$A1405,ROW($A$1504)-ROW($A1405)),0))","v":0},"Insumo","15.5.11.","Cotação","Serv. Terc.","013","Sucos","Unidade",12,6.4,"DI 1",8,96,null,{"$f":"IF(OR($A1405=0,$A1405=\"S\",$A1405>CFF!$A$9),\"\",MAX(W$11:OFFSET(W1405,-1,0))+1)","v":""},"Serv. Terc.-013",93,null,{"$f":"IF($J1405=$G$2,ROUND(IF(ISNUMBER(S1405),S1405,IF(LEFT(S1405,2)=\"DI\",HLOOKUP(S1405,DADOS!$T$29:$X$30,2,FALSE),0)),4),\"\")","v":0.25}]
[{"$f":"CHOOSE(1+LOG(1+2*(J1406=$C$2)+4*(J1406=$D$2)+8*(J1406=$E$2)+16*(J1406=$F$2)+32*(J1406=$G$2),2),0,1,2,3,4,\"S\")","v":"S"},{"$f":"IF(OR(A1406=\"S\",A1406=0),0,IF(ISERROR(I1406),H1406,SMALL(H1406:I1406,1)))","v":0},{"$f":"IF($A1406=1,OFFSET(C1406,-1,0)+1,OFFSET(C1406,-1,0))","v":15},{"$f":"IF($A1406=1,0,IF($A1406=2,OFFSET(D1406,-1,0)+1,OFFSET(D1406,-1,0)))","v":5},{"$f":"IF(AND($A1406<=2,$A1406<>0),0,IF($A1406=3,OFFSET(E1406,-1,0)+1,OFFSET(E1406,-1,0)))","v":0},{"$f":"IF(AND($A1406<=3,$A1406<>0),0,IF($A1406=4,OFFSET(F1406,-1,0)+1,OFFSET(F1406,-1,0)))","v":0},{"$f":"IF(AND($A1406<=4,$A1406<>0),0,IF($A1406=\"S\",OFFSET(G1406,-1,0)+1,OFFSET(G1406,-1,0)))","v":12},{"$f":"IF(OR($A1406=\"S\",$A1406=0),0,MATCH(0,OFFSET($B1406,1,$A1406,ROW($A$1504)-ROW($A1406)),0))","v":0},{"$f":"IF(OR($A1406=\"S\",$A1406=0),0,MATCH(OFFSET($B1406,0,$A1406)+1,OFFSET($B1406,1,$A1406,ROW($A$1504)-ROW($A1406)),0))","v":0},"Insumo",{"$f":"IF($A1406=0,\"-\",CONCATENATE(C1406&\".\",IF(AND($A$5>=2,$A1406>=2),D1406&\".\",\"\"),IF(AND($A$5>=3,$A1406>=3),E1406&\".\",\"\"),IF(AND($A$5>=4,$A1406>=4),F1406&\".\",\"\"),IF($A1406=\"S\",G1406&\".\",\"\")))","v":"15.5.12."},{"$f":"IF(NOT(ISERROR($Y1406)),IF($Y1406<>FALSE,INDEX(Banco,$Y1406,4),\"\"),\"\")","v":"Cotação"},"Serv. Terc.","027",{"$f":"IF(NOT(ISERROR($Y1406)),IF($Y1406<>FALSE,INDEX(Banco,$Y1406,5),\"\"),\"\")","v":"Refrigerantes (02 litros) "},{"$f":"IF(NOT(ISERROR($Y1406)),IF($Y1406<>FALSE,INDEX(Banco,$Y1406,6),\"\"),\"\")","v":"Unidade"},20,{"$f":"IF(NOT(ISERROR($Y1406)),IF($Y1406<>FALSE,INDEX(Banco,$Y1406,7),0),0)","v":6},"DI 1",{"$f":"IF($J1406=$G$2,ROUND(ROUND($R1406,2)*IF($R$9=\"Preço Unitário (R$)\",1,1+$AA1406),2),0)","v":7.5},{"$f":"IF($A1406=\"S\",VTOTAL1,IF($A1406=0,0,ROUND(SomaAgrup,2)))","v":150},null,{"$f":"IF(OR($A1406=0,$A1406=\"S\",$A1406>CFF!$A$9),\"\",MAX(W$11:OFFSET(W1406,-1,0))+1)","v":""},{"$f":"IF(AND($J1406=$G$2,$N1406<>\"\",$M1406<>\"\"),CONCATENATE($M1406,\"-\",$N1406))","v":"Serv. Terc.-027"},{"$f":"IF(X1406<>FALSE,MATCH(X1406,OFFSET(Banco,0,0,,1),0))","v":107},null,{"$f":"IF($J1406=$G$2,ROUND(IF(ISNUMBER(S1406),S1406,IF(LEFT(S1406,2)=\"DI\",HLOOKUP(S1406,DADOS!$T$29:$X$30,2,FALSE),0)),4),\"\")","v":0.25}]
["S",0,15,5,0,0,13,{"$f":"IF(OR($A1407=\"S\",$A1407=0),0,MATCH(0,OFFSET($B1407,1,$A1407,ROW($A$1504)-ROW($A1407)),0))","v":0},{"$f":"IF(OR($A1407=\"S\",$A1407=0),0,MATCH(OFFSET($B1407,0,$A1407)+1,OFFSET($B1407,1,$A1407,ROW($A$1504)-ROW($A1407)),0))","v":0},"Insumo","15.5.13.","Cotação ","Serv. Terc.","010","Brindes ( descrição nos orçamentos e PTS)","Unidade",4,120,"DI 1",150,600,null,{"$f":"IF(OR($A1407=0,$A1407=\"S\",$A1407>CFF!$A$9),\"\",MAX(W$11:OFFSET(W1407,-1,0))+1)","v":""},"Serv. Terc.-010",90,null,{"$f":"IF($J1407=$G$2,ROUND(IF(ISNUMBER(S1407),S1407,IF(LEFT(S1407,2)=\"DI\",HLOOKUP(S1407,DADOS!$T$29:$X$30,2,FALSE),0)),4),\"\")","v":0.25}]
[{"$f":"CHOOSE(1+LOG(1+2*(J1408=$C$2)+4*(J1408=$D$2)+8*(J1408=$E$2)+16*(J1408=$F$2)+32*(J1408=$G$2),2),0,1,2,3,4,\"S\")","v":"S"},{"$f":"IF(OR(A1408=\"S\",A1408=0),0,IF(ISERROR(I1408),H1408,SMALL(H1408:I1408,1)))","v":0},{"$f":"IF($A1408=1,OFFSET(C1408,-1,0)+1,OFFSET(C1408,-1,0))","v":15},{"$f":"IF($A1408=1,0,IF($A1408=2,OFFSET(D1408,-1,0)+1,OFFSET(D1408,-1,0)))","v":5},{"$f":"IF(AND($A1408<=2,$A1408<>0),0,IF($A1408=3,OFFSET(E1408,-1,0)+1,OFFSET(E1408,-1,0)))","v":0},{"$f":"IF(AND($A1408<=3,$A1408<>0),0,IF($A1408=4,OFFSET(F1408,-1,0)+1,OFFSET(F1408,-1,0)))","v":0},{"$f":"IF(AND($A1408<=4,$A1408<>0),0,IF($A1408=\"S\",OFFSET(G1408,-1,0)+1,OFFSET(G1408,-1,0)))","v":14},{"$f":"IF(OR($A1408=\"S\",$A1408=0),0,MATCH(0,OFFSET($B1408,1,$A1408,ROW($A$1504)-ROW($A1408)),0))","v":0},{"$f":"IF(OR($A1408=\"S\",$A1408=0),0,MATCH(OFFSET($B1408,0,$A1408)+1,OFFSET($B1408,1,$A1408,ROW($A$1504)-ROW($A1408)),0))","v":0},"Insumo",{"$f":"IF($A1408=0,\"-\",CONCATENATE(C1408&\".\",IF(AND($A$5>=2,$A1408>=2),D1408&\".\",\"\"),IF(AND($A$5>=3,$A1408>=3),E1408&\".\",\"\"),IF(AND($A$5>=4,$A1408>=4),F1408&\".\",\"\"),IF($A1408=\"S\",G1408&\".\",\"\")))","v":"15.5.14."},{"$f":"IF(NOT(ISERROR($Y1408)),IF($Y1408<>FALSE,INDEX(Banco,$Y1408,4),\"\"),\"\")","v":"CRP"},"Serv. Terc.","062",{"$f":"IF(NOT(ISERROR($Y1408)),IF($Y1408<>FALSE,INDEX(Banco,$Y1408,5),\"\"),\"\")","v":"Psicologa"},{"$f":"IF(NOT(ISERROR($Y1408)),IF($Y1408<>FALSE,INDEX(Banco,$Y1408,6),\"\"),\"\")","v":"Horas"},3,{"$f":"IF(NOT(ISERROR($Y1408)),IF($Y1408<>FALSE,INDEX(Banco,$Y1408,7),0),0)","v":432.79},"DI 1",{"$f":"IF($J1408=$G$2,ROUND(ROUND($R1408,2)*IF($R$9=\"Preço Unitário (R$)\",1,1+$AA1408),2),0)","v":540.99},{"$f":"IF($A1408=\"S\",VTOTAL1,IF($A1408=0,0,ROUND(SomaAgrup,2)))","v":1622.97},null,{"$f":"IF(OR($A1408=0,$A1408=\"S\",$A1408>CFF!$A$9),\"\",MAX(W$11:OFFSET(W1408,-1,0))+1)","v":""},{"$f":"IF(AND($J1408=$G$2,$N1408<>\"\",$M1408<>\"\"),CONCATENATE($M1408,\"-\",$N1408))","v":"Serv. Terc.-062"},{"$f":"IF(X1408<>FALSE,MATCH(X1408,OFFSET(Banco,0,0,,1),0))","v":142},null,{"$f":"IF($J1408=$G$2,ROUND(IF(ISNUMBER(S1408),S1408,IF(LEFT(S1408,2)=\"DI\",HLOOKUP(S1408,DADOS!$T$29:$X$30,2,FALSE),0)),4),\"\")","v":0.25}]
["S",0,15,5,0,0,15,{"$f":"IF(OR($A1409=\"S\",$A1409=0),0,MATCH(0,OFFSET($B1409,1,$A1409,ROW($A$1504)-ROW($A1409)),0))","v":0},{"$f":"IF(OR($A1409=\"S\",$A1409=0),0,MATCH(OFFSET($B1409,0,$A1409)+1,OFFSET($B1409,1,$A1409,ROW($A$1504)-ROW($A1409)),0))","v":0},"Insumo","15.5.15.","Cotação","Serv. Terc.","015","Coffee break (salgados)","Centro",15,65,"DI 1",81.25,1218.75,null,{"$f":"IF(OR($A1409=0,$A1409=\"S\",$A1409>CFF!$A$9),\"\",MAX(W$11:OFFSET(W1409,-1,0))+1)","v":""},"Serv. Terc.-015",95,null,{"$f":"IF($J1409=$G$2,ROUND(IF(ISNUMBER(S1409),S1409,IF(LEFT(S1409,2)=\"DI\",HLOOKUP(S1409,DADOS!$T$29:$X$30,2,FALSE),0)),4),\"\")","v":0.25}]
["S",0,15,5,0,0,16,{"$f":"IF(OR($A1410=\"S\",$A1410=0),0,MATCH(0,OFFSET($B1410,1,$A1410,ROW($A$1504)-ROW($A1410)),0))","v":0},{"$f":"IF(OR($A1410=\"S\",$A1410=0),0,MATCH(OFFSET($B1410,0,$A1410)+1,OFFSET($B1410,1,$A1410,ROW($A$1504)-ROW($A1410)),0))","v":0},"Insumo","15.5.16.","Cotação","Rec. Materiais","020","Guloseimas (balas e pirulito)","Pacote",4,12,"DI 1",15,60,null,{"$f":"IF(OR($A1410=0,$A1410=\"S\",$A1410>CFF!$A$9),\"\",MAX(W$11:OFFSET(W1410,-1,0))+1)","v":""},"Rec. Materiais-020",29,null,{"$f":"IF($J1410=$G$2,ROUND(IF(ISNUMBER(S1410),S1410,IF(LEFT(S1410,2)=\"DI\",HLOOKUP(S1410,DADOS!$T$29:$X$30,2,FALSE),0)),4),\"\")","v":0.25}]
["S",0,15,5,0,0,17,{"$f":"IF(OR($A1411=\"S\",$A1411=0),0,MATCH(0,OFFSET($B1411,1,$A1411,ROW($A$1504)-ROW($A1411)),0))","v":0},{"$f":"IF(OR($A1411=\"S\",$A1411=0),0,MATCH(OFFSET($B1411,0,$A1411)+1,OFFSET($B1411,1,$A1411,ROW($A$1504)-ROW($A1411)),0))","v":0},"Insumo","15.5.17.","Cotação","Rec. Materiais","021","Papel de presente","Folhas",8,1.5,"DI 1",1.88,15.04,null,{"$f":"IF(OR($A1411=0,$A1411=\"S\",$A1411>CFF!$A$9),\"\",MAX(W$11:OFFSET(W1411,-1,0))+1)","v":""},"Rec. Materiais-021",30,null,{"$f":"IF($J1411=$G$2,ROUND(IF(ISNUMBER(S1411),S1411,IF(LEFT(S1411,2)=\"DI\",HLOOKUP(S1411,DADOS!$T$29:$X$30,2,FALSE),0)),4),\"\")","v":0.25}]
["S",0,15,5,0,0,18,{"$f":"IF(OR($A1412=\"S\",$A1412=0),0,MATCH(0,OFFSET($B1412,1,$A1412,ROW($A$1504)-ROW($A1412)),0))","v":0},{"$f":"IF(OR($A1412=\"S\",$A1412=0),0,MATCH(OFFSET($B1412,0,$A1412)+1,OFFSET($B1412,1,$A1412,ROW($A$1504)-ROW($A1412)),0))","v":0},"Insumo","15.5.18.","Cotação","Rec. Materiais","026","Saco de lixo (100 litros)","Pacote",2,15,"DI 1",18.75,37.5,null,{"$f":"IF(OR($A1412=0,$A1412=\"S\",$A1412>CFF!$A$9),\"\",MAX(W$11:OFFSET(W1412,-1,0))+1)","v":""},"Rec. Materiais-026",35,null,{"$f":"IF($J1412=$G$2,ROUND(IF(ISNUMBER(S1412),S1412,IF(LEFT(S1412,2)=\"DI\",HLOOKUP(S1412,DADOS!$T$29:$X$30,2,FALSE),0)),4),\"\")","v":0.25}]
[{"$f":"CHOOSE(1+LOG(1+2*(J1413=$C$2)+4*(J1413=$D$2)+8*(J1413=$E$2)+16*(J1413=$F$2)+32*(J1413=$G$2),2),0,1,2,3,4,\"S\")","v":1},{"$f":"IF(OR(A1413=\"S\",A1413=0),0,IF(ISERROR(I1413),H1413,SMALL(H1413:I1413,1)))","v":17},{"$f":"IF($A1413=1,OFFSET(C1413,-1,0)+1,OFFSET(C1413,-1,0))","v":16},{"$f":"IF($A1413=1,0,IF($A1413=2,OFFSET(D1413,-1,0)+1,OFFSET(D1413,-1,0)))","v":0},{"$f":"IF(AND($A1413<=2,$A1413<>0),0,IF($A1413=3,OFFSET(E1413,-1,0)+1,OFFSET(E1413,-1,0)))","v":0},{"$f":"IF(AND($A1413<=3,$A1413<>0),0,IF($A1413=4,OFFSET(F1413,-1,0)+1,OFFSET(F1413,-1,0)))","v":0},{"$f":"IF(AND($A1413<=4,$A1413<>0),0,IF($A1413=\"S\",OFFSET(G1413,-1,0)+1,OFFSET(G1413,-1,0)))","v":0},{"$f":"IF(OR($A1413=\"S\",$A1413=0),0,MATCH(0,OFFSET($B1413,1,$A1413,ROW($A$1504)-ROW($A1413)),0))","v":91},{"$f":"IF(OR($A1413=\"S\",$A1413=0),0,MATCH(OFFSET($B1413,0,$A1413)+1,OFFSET($B1413,1,$A1413,ROW($A$1504)-ROW($A1413)),0))","v":17},"Ação",{"$f":"IF($A1413=0,\"-\",CONCATENATE(C1413&\".\",IF(AND($A$5>=2,$A1413>=2),D1413&\".\",\"\"),IF(AND($A$5>=3,$A1413>=3),E1413&\".\",\"\"),IF(AND($A$5>=4,$A1413>=4),F1413&\".\",\"\"),IF($A1413=\"S\",G1413&\".\",\"\")))","v":"16."},{"$f":"IF(NOT(ISERROR($Y1413)),IF($Y1413<>FALSE,INDEX(Banco,$Y1413,4),\"\"),\"\")","v":""},null,null,"MÊS 16 - INFORMAÇÕES/PESQUISA DE PÓS INTERVENÇÃO",{"$f":"IF(NOT(ISERROR($Y1413)),IF($Y1413<>FALSE,INDEX(Banco,$Y1413,6),\"\"),\"\")","v":""},null,{"$f":"IF(NOT(ISERROR($Y1413)),IF($Y1413<>FALSE,INDEX(Banco,$Y1413,7),0),0)","v":0},"DI 1",{"$f":"IF($J1413=$G$2,ROUND(ROUND($R1413,2)*IF($R$9=\"Preço Unitário (R$)\",1,1+$AA1413),2),0)","v":0},{"$f":"IF($A1413=\"S\",VTOTAL1,IF($A1413=0,0,ROUND(SomaAgrup,2)))","v":35390.57},null,{"$f":"IF(OR($A1413=0,$A1413=\"S\",$A1413>CFF!$A$9),\"\",MAX(W$11:OFFSET(W1413,-1,0))+1)","v":123},{"$f":"IF(AND($J1413=$G$2,$N1413<>\"\",$M1413<>\"\"),CONCATENATE($M1413,\"-\",$N1413))","v":false},{"$f":"IF(X1413<>FALSE,MATCH(X1413,OFFSET(Banco,0,0,,1),0))","v":false},null,{"$f":"IF($J1413=$G$2,ROUND(IF(ISNUMBER(S1413),S1413,IF(LEFT(S1413,2)=\"DI\",HLOOKUP(S1413,DADOS!$T$29:$X$30,2,FALSE),0)),4),\"\")","v":""}]
[{"$f":"CHOOSE(1+LOG(1+2*(J1414=$C$2)+4*(J1414=$D$2)+8*(J1414=$E$2)+16*(J1414=$F$2)+32*(J1414=$G$2),2),0,1,2,3,4,\"S\")","v":2},{"$f":"IF(OR(A1414=\"S\",A1414=0),0,IF(ISERROR(I1414),H1414,SMALL(H1414:I1414,1)))","v":4},{"$f":"IF($A1414=1,OFFSET(C1414,-1,0)+1,OFFSET(C1414,-1,0))","v":16},{"$f":"IF($A1414=1,0,IF($A1414=2,OFFSET(D1414,-1,0)+1,OFFSET(D1414,-1,0)))","v":1},{"$f":"IF(AND($A1414<=2,$A1414<>0),0,IF($A1414=3,OFFSET(E1414,-1,0)+1,OFFSET(E1414,-1,0)))","v":0},{"$f":"IF(AND($A1414<=3,$A1414<>0),0,IF($A1414=4,OFFSET(F1414,-1,0)+1,OFFSET(F1414,-1,0)))","v":0},{"$f":"IF(AND($A1414<=4,$A1414<>0),0,IF($A1414=\"S\",OFFSET(G1414,-1,0)+1,OFFSET(G1414,-1,0)))","v":0},{"$f":"IF(OR($A1414=\"S\",$A1414=0),0,MATCH(0,OFFSET($B1414,1,$A1414,ROW($A$1504)-ROW($A1414)),0))","v":16},{"$f":"IF(OR($A1414=\"S\",$A1414=0),0,MATCH(OFFSET($B1414,0,$A1414)+1,OFFSET($B1414,1,$A1414,ROW($A$1504)-ROW($A1414)),0))","v":4},"AtivNível 1",{"$f":"IF($A1414=0,\"-\",CONCATENATE(C1414&\".\",IF(AND($A$5>=2,$A1414>=2),D1414&\".\",\"\"),IF(AND($A$5>=3,$A1414>=3),E1414&\".\",\"\"),IF(AND($A$5>=4,$A1414>=4),F1414&\".\",\"\"),IF($A1414=\"S\",G1414&\".\",\"\")))","v":"16.1."},{"$f":"IF(NOT(ISERROR($Y1414)),IF($Y1414<>FALSE,INDEX(Banco,$Y1414,4),\"\"),\"\")","v":""},null,null,"Atividade 108 - Elaboração e impressão dos formulários de pesquisa pós intervenção e tabulação dos dados regiões Parque Sõ João e Jardim Ikaraí",{"$f":"IF(NOT(ISERROR($Y1414)),IF($Y1414<>FALSE,INDEX(Banco,$Y1414,6),\"\"),\"\")","v":""},null,{"$f":"IF(NOT(ISERROR($Y1414)),IF($Y1414<>FALSE,INDEX(Banco,$Y1414,7),0),0)","v":0},"DI 1",{"$f":"IF($J1414=$G$2,ROUND(ROUND($R1414,2)*IF($R$9=\"Preço Unitário (R$)\",1,1+$AA1414),2),0)","v":0},{"$f":"IF($A1414=\"S\",VTOTAL1,IF($A1414=0,0,ROUND(SomaAgrup,2)))","v":9582.9500000000007},null,{"$f":"IF(OR($A1414=0,$A1414=\"S\",$A1414>CFF!$A$9),\"\",MAX(W$11:OFFSET(W1414,-1,0))+1)","v":124},{"$f":"IF(AND($J1414=$G$2,$N1414<>\"\",$M1414<>\"\"),CONCATENATE($M1414,\"-\",$N1414))","v":false},{"$f":"IF(X1414<>FALSE,MATCH(X1414,OFFSET(Banco,0,0,,1),0))","v":false},null,{"$f":"IF($J1414=$G$2,ROUND(IF(ISNUMBER(S1414),S1414,IF(LEFT(S1414,2)=\"DI\",HLOOKUP(S1414,DADOS!$T$29:$X$30,2,FALSE),0)),4),\"\")","v":""}]
[{"$f":"CHOOSE(1+LOG(1+2*(J1415=$C$2)+4*(J1415=$D$2)+8*(J1415=$E$2)+16*(J1415=$F$2)+32*(J1415=$G$2),2),0,1,2,3,4,\"S\")","v":"S"},{"$f":"IF(OR(A1415=\"S\",A1415=0),0,IF(ISERROR(I1415),H1415,SMALL(H1415:I1415,1)))","v":0},16,1,0,0,1,{"$f":"IF(OR($A1415=\"S\",$A1415=0),0,MATCH(0,OFFSET($B1415,1,$A1415,ROW($A$1504)-ROW($A1415)),0))","v":0},{"$f":"IF(OR($A1415=\"S\",$A1415=0),0,MATCH(OFFSET($B1415,0,$A1415)+1,OFFSET($B1415,1,$A1415,ROW($A$1504)-ROW($A1415)),0))","v":0},"Insumo","16.1.1.","CRESS","Rec. Humanos","001",{"$f":"IF(NOT(ISERROR($Y1415)),IF($Y1415<>FALSE,INDEX(Banco,$Y1415,5),\"\"),\"\")","v":"Responsável Técnica"},"Horas",15,150.28,"DI 1",187.85,2817.75,null,{"$f":"IF(OR($A1415=0,$A1415=\"S\",$A1415>CFF!$A$9),\"\",MAX(W$11:OFFSET(W1415,-1,0))+1)","v":""},"Rec. Humanos-001",{"$f":"IF(X1415<>FALSE,MATCH(X1415,OFFSET(Banco,0,0,,1),0))","v":3},null,{"$f":"IF($J1415=$G$2,ROUND(IF(ISNUMBER(S1415),S1415,IF(LEFT(S1415,2)=\"DI\",HLOOKUP(S1415,DADOS!$T$29:$X$30,2,FALSE),0)),4),\"\")","v":0.25}]
["S",0,16,1,0,0,2,{"$f":"IF(OR($A1416=\"S\",$A1416=0),0,MATCH(0,OFFSET($B1416,1,$A1416,ROW($A$1504)-ROW($A1416)),0))","v":0},{"$f":"IF(OR($A1416=\"S\",$A1416=0),0,MATCH(OFFSET($B1416,0,$A1416)+1,OFFSET($B1416,1,$A1416,ROW($A$1504)-ROW($A1416)),0))","v":0},"Insumo","16.1.2.","CRESS","Rec. Humanos","002",{"$f":"IF(NOT(ISERROR($Y1416)),IF($Y1416<>FALSE,INDEX(Banco,$Y1416,5),\"\"),\"\")","v":"Assistente Social"},"Horas",20,133.81,"DI 1",167.26,3345.2,null,{"$f":"IF(OR($A1416=0,$A1416=\"S\",$A1416>CFF!$A$9),\"\",MAX(W$11:OFFSET(W1416,-1,0))+1)","v":""},"Rec. Humanos-002",4,null,{"$f":"IF($J1416=$G$2,ROUND(IF(ISNUMBER(S1416),S1416,IF(LEFT(S1416,2)=\"DI\",HLOOKUP(S1416,DADOS!$T$29:$X$30,2,FALSE),0)),4),\"\")","v":0.25}]
["S",0,16,1,0,0,3,{"$f":"IF(OR($A1417=\"S\",$A1417=0),0,MATCH(0,OFFSET($B1417,1,$A1417,ROW($A$1504)-ROW($A1417)),0))","v":0},{"$f":"IF(OR($A1417=\"S\",$A1417=0),0,MATCH(OFFSET($B1417,0,$A1417)+1,OFFSET($B1417,1,$A1417,ROW($A$1504)-ROW($A1417)),0))","v":0},"Insumo","16.1.3.","Cotação","Serv. Terc.","001",{"$f":"IF(NOT(ISERROR($Y1417)),IF($Y1417<>FALSE,INDEX(Banco,$Y1417,5),\"\"),\"\")","v":"Fotocópias"},"Unidade",9000,0.3,"DI 1",0.38,3420,null,{"$f":"IF(OR($A1417=0,$A1417=\"S\",$A1417>CFF!$A$9),\"\",MAX(W$11:OFFSET(W1417,-1,0))+1)","v":""},"Serv. Terc.-001",81,null,{"$f":"IF($J1417=$G$2,ROUND(IF(ISNUMBER(S1417),S1417,IF(LEFT(S1417,2)=\"DI\",HLOOKUP(S1417,DADOS!$T$29:$X$30,2,FALSE),0)),4),\"\")","v":0.25}]
[{"$f":"CHOOSE(1+LOG(1+2*(J1418=$C$2)+4*(J1418=$D$2)+8*(J1418=$E$2)+16*(J1418=$F$2)+32*(J1418=$G$2),2),0,1,2,3,4,\"S\")","v":2},{"$f":"IF(OR(A1418=\"S\",A1418=0),0,IF(ISERROR(I1418),H1418,SMALL(H1418:I1418,1)))","v":7},{"$f":"IF($A1418=1,OFFSET(C1418,-1,0)+1,OFFSET(C1418,-1,0))","v":16},{"$f":"IF($A1418=1,0,IF($A1418=2,OFFSET(D1418,-1,0)+1,OFFSET(D1418,-1,0)))","v":2},{"$f":"IF(AND($A1418<=2,$A1418<>0),0,IF($A1418=3,OFFSET(E1418,-1,0)+1,OFFSET(E1418,-1,0)))","v":0},{"$f":"IF(AND($A1418<=3,$A1418<>0),0,IF($A1418=4,OFFSET(F1418,-1,0)+1,OFFSET(F1418,-1,0)))","v":0},{"$f":"IF(AND($A1418<=4,$A1418<>0),0,IF($A1418=\"S\",OFFSET(G1418,-1,0)+1,OFFSET(G1418,-1,0)))","v":0},{"$f":"IF(OR($A1418=\"S\",$A1418=0),0,MATCH(0,OFFSET($B1418,1,$A1418,ROW($A$1504)-ROW($A1418)),0))","v":12},{"$f":"IF(OR($A1418=\"S\",$A1418=0),0,MATCH(OFFSET($B1418,0,$A1418)+1,OFFSET($B1418,1,$A1418,ROW($A$1504)-ROW($A1418)),0))","v":7},"AtivNível 1",{"$f":"IF($A1418=0,\"-\",CONCATENATE(C1418&\".\",IF(AND($A$5>=2,$A1418>=2),D1418&\".\",\"\"),IF(AND($A$5>=3,$A1418>=3),E1418&\".\",\"\"),IF(AND($A$5>=4,$A1418>=4),F1418&\".\",\"\"),IF($A1418=\"S\",G1418&\".\",\"\")))","v":"16.2."},{"$f":"IF(NOT(ISERROR($Y1418)),IF($Y1418<>FALSE,INDEX(Banco,$Y1418,4),\"\"),\"\")","v":""},null,null,"Atividade 109 - Aplicação dos formulários de pesquisa pós intervenção e tabulação dos dados região Parque São João",{"$f":"IF(NOT(ISERROR($Y1418)),IF($Y1418<>FALSE,INDEX(Banco,$Y1418,6),\"\"),\"\")","v":""},null,{"$f":"IF(NOT(ISERROR($Y1418)),IF($Y1418<>FALSE,INDEX(Banco,$Y1418,7),0),0)","v":0},"DI 1",{"$f":"IF($J1418=$G$2,ROUND(ROUND($R1418,2)*IF($R$9=\"Preço Unitário (R$)\",1,1+$AA1418),2),0)","v":0},{"$f":"IF($A1418=\"S\",VTOTAL1,IF($A1418=0,0,ROUND(SomaAgrup,2)))","v":12510.88},null,{"$f":"IF(OR($A1418=0,$A1418=\"S\",$A1418>CFF!$A$9),\"\",MAX(W$11:OFFSET(W1418,-1,0))+1)","v":125},{"$f":"IF(AND($J1418=$G$2,$N1418<>\"\",$M1418<>\"\"),CONCATENATE($M1418,\"-\",$N1418))","v":false},{"$f":"IF(X1418<>FALSE,MATCH(X1418,OFFSET(Banco,0,0,,1),0))","v":false},null,{"$f":"IF($J1418=$G$2,ROUND(IF(ISNUMBER(S1418),S1418,IF(LEFT(S1418,2)=\"DI\",HLOOKUP(S1418,DADOS!$T$29:$X$30,2,FALSE),0)),4),\"\")","v":""}]
["S",0,16,2,0,0,1,{"$f":"IF(OR($A1419=\"S\",$A1419=0),0,MATCH(0,OFFSET($B1419,1,$A1419,ROW($A$1504)-ROW($A1419)),0))","v":0},{"$f":"IF(OR($A1419=\"S\",$A1419=0),0,MATCH(OFFSET($B1419,0,$A1419)+1,OFFSET($B1419,1,$A1419,ROW($A$1504)-ROW($A1419)),0))","v":0},"Insumo","16.2.1.","CRESS","Rec. Humanos","001",{"$f":"IF(NOT(ISERROR($Y1419)),IF($Y1419<>FALSE,INDEX(Banco,$Y1419,5),\"\"),\"\")","v":"Responsável Técnica"},"Horas",20,150.28,"DI 1",187.85,3757,null,{"$f":"IF(OR($A1419=0,$A1419=\"S\",$A1419>CFF!$A$9),\"\",MAX(W$11:OFFSET(W1419,-1,0))+1)","v":""},"Rec. Humanos-001",3,null,{"$f":"IF($J1419=$G$2,ROUND(IF(ISNUMBER(S1419),S1419,IF(LEFT(S1419,2)=\"DI\",HLOOKUP(S1419,DADOS!$T$29:$X$30,2,FALSE),0)),4),\"\")","v":0.25}]
["S",0,{"$f":"IF($A1420=1,OFFSET(C1420,-1,0)+1,OFFSET(C1420,-1,0))","v":16},{"$f":"IF($A1420=1,0,IF($A1420=2,OFFSET(D1420,-1,0)+1,OFFSET(D1420,-1,0)))","v":2},{"$f":"IF(AND($A1420<=2,$A1420<>0),0,IF($A1420=3,OFFSET(E1420,-1,0)+1,OFFSET(E1420,-1,0)))","v":0},{"$f":"IF(AND($A1420<=3,$A1420<>0),0,IF($A1420=4,OFFSET(F1420,-1,0)+1,OFFSET(F1420,-1,0)))","v":0},{"$f":"IF(AND($A1420<=4,$A1420<>0),0,IF($A1420=\"S\",OFFSET(G1420,-1,0)+1,OFFSET(G1420,-1,0)))","v":2},{"$f":"IF(OR($A1420=\"S\",$A1420=0),0,MATCH(0,OFFSET($B1420,1,$A1420,ROW($A$1504)-ROW($A1420)),0))","v":0},{"$f":"IF(OR($A1420=\"S\",$A1420=0),0,MATCH(OFFSET($B1420,0,$A1420)+1,OFFSET($B1420,1,$A1420,ROW($A$1504)-ROW($A1420)),0))","v":0},"Insumo",{"$f":"IF($A1420=0,\"-\",CONCATENATE(C1420&\".\",IF(AND($A$5>=2,$A1420>=2),D1420&\".\",\"\"),IF(AND($A$5>=3,$A1420>=3),E1420&\".\",\"\"),IF(AND($A$5>=4,$A1420>=4),F1420&\".\",\"\"),IF($A1420=\"S\",G1420&\".\",\"\")))","v":"16.2.2."},{"$f":"IF(NOT(ISERROR($Y1420)),IF($Y1420<>FALSE,INDEX(Banco,$Y1420,4),\"\"),\"\")","v":"CRESS"},"Rec. Humanos","002","Assistente Social",{"$f":"IF(NOT(ISERROR($Y1420)),IF($Y1420<>FALSE,INDEX(Banco,$Y1420,6),\"\"),\"\")","v":"Horas"},30,{"$f":"IF(NOT(ISERROR($Y1420)),IF($Y1420<>FALSE,INDEX(Banco,$Y1420,7),0),0)","v":133.81},"DI 1",{"$f":"IF($J1420=$G$2,ROUND(ROUND($R1420,2)*IF($R$9=\"Preço Unitário (R$)\",1,1+$AA1420),2),0)","v":167.26},{"$f":"IF($A1420=\"S\",VTOTAL1,IF($A1420=0,0,ROUND(SomaAgrup,2)))","v":5017.8},null,{"$f":"IF(OR($A1420=0,$A1420=\"S\",$A1420>CFF!$A$9),\"\",MAX(W$11:OFFSET(W1420,-1,0))+1)","v":""},{"$f":"IF(AND($J1420=$G$2,$N1420<>\"\",$M1420<>\"\"),CONCATENATE($M1420,\"-\",$N1420))","v":"Rec. Humanos-002"},4,null,{"$f":"IF($J1420=$G$2,ROUND(IF(ISNUMBER(S1420),S1420,IF(LEFT(S1420,2)=\"DI\",HLOOKUP(S1420,DADOS!$T$29:$X$30,2,FALSE),0)),4),\"\")","v":0.25}]
["S",0,16,2,0,0,3,{"$f":"IF(OR($A1421=\"S\",$A1421=0),0,MATCH(0,OFFSET($B1421,1,$A1421,ROW($A$1504)-ROW($A1421)),0))","v":0},{"$f":"IF(OR($A1421=\"S\",$A1421=0),0,MATCH(OFFSET($B1421,0,$A1421)+1,OFFSET($B1421,1,$A1421,ROW($A$1504)-ROW($A1421)),0))","v":0},"Insumo","16.2.3.","Cotação","Rec. Humanos","003","Administrador (Técnico de Apoio) ","Horas",18,103.65,"DI 1",129.56,2332.08,null,{"$f":"IF(OR($A1421=0,$A1421=\"S\",$A1421>CFF!$A$9),\"\",MAX(W$11:OFFSET(W1421,-1,0))+1)","v":""},"Rec. Humanos-003",5,null,{"$f":"IF($J1421=$G$2,ROUND(IF(ISNUMBER(S1421),S1421,IF(LEFT(S1421,2)=\"DI\",HLOOKUP(S1421,DADOS!$T$29:$X$30,2,FALSE),0)),4),\"\")","v":0.25}]
["S",0,16,2,0,0,4,{"$f":"IF(OR($A1422=\"S\",$A1422=0),0,MATCH(0,OFFSET($B1422,1,$A1422,ROW($A$1504)-ROW($A1422)),0))","v":0},{"$f":"IF(OR($A1422=\"S\",$A1422=0),0,MATCH(OFFSET($B1422,0,$A1422)+1,OFFSET($B1422,1,$A1422,ROW($A$1504)-ROW($A1422)),0))","v":0},"Insumo","16.2.4.","SINE","Rec. Humanos","004","Estagiários","Horas",100,9.7899999999999991,"DI 1",12.24,1224,null,{"$f":"IF(OR($A1422=0,$A1422=\"S\",$A1422>CFF!$A$9),\"\",MAX(W$11:OFFSET(W1422,-1,0))+1)","v":""},"Rec. Humanos-004",6,null,{"$f":"IF($J1422=$G$2,ROUND(IF(ISNUMBER(S1422),S1422,IF(LEFT(S1422,2)=\"DI\",HLOOKUP(S1422,DADOS!$T$29:$X$30,2,FALSE),0)),4),\"\")","v":0.25}]
["S",0,16,2,0,0,5,{"$f":"IF(OR($A1423=\"S\",$A1423=0),0,MATCH(0,OFFSET($B1423,1,$A1423,ROW($A$1504)-ROW($A1423)),0))","v":0},{"$f":"IF(OR($A1423=\"S\",$A1423=0),0,MATCH(OFFSET($B1423,0,$A1423)+1,OFFSET($B1423,1,$A1423,ROW($A$1504)-ROW($A1423)),0))","v":0},"Insumo","16.2.5.","Cotação","Rec. Materiais","028","Prancheta","Unidade",16,6,"DI 1",7.5,120,null,{"$f":"IF(OR($A1423=0,$A1423=\"S\",$A1423>CFF!$A$9),\"\",MAX(W$11:OFFSET(W1423,-1,0))+1)","v":""},"Rec. Materiais-028",37,null,{"$f":"IF($J1423=$G$2,ROUND(IF(ISNUMBER(S1423),S1423,IF(LEFT(S1423,2)=\"DI\",HLOOKUP(S1423,DADOS!$T$29:$X$30,2,FALSE),0)),4),\"\")","v":0.25}]
["S",0,16,2,0,0,6,{"$f":"IF(OR($A1424=\"S\",$A1424=0),0,MATCH(0,OFFSET($B1424,1,$A1424,ROW($A$1504)-ROW($A1424)),0))","v":0},{"$f":"IF(OR($A1424=\"S\",$A1424=0),0,MATCH(OFFSET($B1424,0,$A1424)+1,OFFSET($B1424,1,$A1424,ROW($A$1504)-ROW($A1424)),0))","v":0},"Insumo","16.2.6.","Cotação","Rec. Materiais","029","Crachá","Unidade",16,3,"DI 1",3.75,60,null,{"$f":"IF(OR($A1424=0,$A1424=\"S\",$A1424>CFF!$A$9),\"\",MAX(W$11:OFFSET(W1424,-1,0))+1)","v":""},"Rec. Materiais-029",38,null,{"$f":"IF($J1424=$G$2,ROUND(IF(ISNUMBER(S1424),S1424,IF(LEFT(S1424,2)=\"DI\",HLOOKUP(S1424,DADOS!$T$29:$X$30,2,FALSE),0)),4),\"\")","v":0.25}]
[{"$f":"CHOOSE(1+LOG(1+2*(J1425=$C$2)+4*(J1425=$D$2)+8*(J1425=$E$2)+16*(J1425=$F$2)+32*(J1425=$G$2),2),0,1,2,3,4,\"S\")","v":2},{"$f":"IF(OR(A1425=\"S\",A1425=0),0,IF(ISERROR(I1425),H1425,SMALL(H1425:I1425,1)))","v":5},{"$f":"IF($A1425=1,OFFSET(C1425,-1,0)+1,OFFSET(C1425,-1,0))","v":16},{"$f":"IF($A1425=1,0,IF($A1425=2,OFFSET(D1425,-1,0)+1,OFFSET(D1425,-1,0)))","v":3},{"$f":"IF(AND($A1425<=2,$A1425<>0),0,IF($A1425=3,OFFSET(E1425,-1,0)+1,OFFSET(E1425,-1,0)))","v":0},{"$f":"IF(AND($A1425<=3,$A1425<>0),0,IF($A1425=4,OFFSET(F1425,-1,0)+1,OFFSET(F1425,-1,0)))","v":0},{"$f":"IF(AND($A1425<=4,$A1425<>0),0,IF($A1425=\"S\",OFFSET(G1425,-1,0)+1,OFFSET(G1425,-1,0)))","v":0},{"$f":"IF(OR($A1425=\"S\",$A1425=0),0,MATCH(0,OFFSET($B1425,1,$A1425,ROW($A$1504)-ROW($A1425)),0))","v":5},{"$f":"IF(OR($A1425=\"S\",$A1425=0),0,MATCH(OFFSET($B1425,0,$A1425)+1,OFFSET($B1425,1,$A1425,ROW($A$1504)-ROW($A1425)),0))","v":65},"AtivNível 1",{"$f":"IF($A1425=0,\"-\",CONCATENATE(C1425&\".\",IF(AND($A$5>=2,$A1425>=2),D1425&\".\",\"\"),IF(AND($A$5>=3,$A1425>=3),E1425&\".\",\"\"),IF(AND($A$5>=4,$A1425>=4),F1425&\".\",\"\"),IF($A1425=\"S\",G1425&\".\",\"\")))","v":"16.3."},{"$f":"IF(NOT(ISERROR($Y1425)),IF($Y1425<>FALSE,INDEX(Banco,$Y1425,4),\"\"),\"\")","v":""},null,null,"Atividade 110 - Aplicação dos formulários de pesquisa pós intervenção e tabulação dos dados região Jardim Ikaraí",{"$f":"IF(NOT(ISERROR($Y1425)),IF($Y1425<>FALSE,INDEX(Banco,$Y1425,6),\"\"),\"\")","v":""},null,{"$f":"IF(NOT(ISERROR($Y1425)),IF($Y1425<>FALSE,INDEX(Banco,$Y1425,7),0),0)","v":0},"DI 1",{"$f":"IF($J1425=$G$2,ROUND(ROUND($R1425,2)*IF($R$9=\"Preço Unitário (R$)\",1,1+$AA1425),2),0)","v":0},{"$f":"IF($A1425=\"S\",VTOTAL1,IF($A1425=0,0,ROUND(SomaAgrup,2)))","v":13296.74},null,{"$f":"IF(OR($A1425=0,$A1425=\"S\",$A1425>CFF!$A$9),\"\",MAX(W$11:OFFSET(W1425,-1,0))+1)","v":126},{"$f":"IF(AND($J1425=$G$2,$N1425<>\"\",$M1425<>\"\"),CONCATENATE($M1425,\"-\",$N1425))","v":false},{"$f":"IF(X1425<>FALSE,MATCH(X1425,OFFSET(Banco,0,0,,1),0))","v":false},null,{"$f":"IF($J1425=$G$2,ROUND(IF(ISNUMBER(S1425),S1425,IF(LEFT(S1425,2)=\"DI\",HLOOKUP(S1425,DADOS!$T$29:$X$30,2,FALSE),0)),4),\"\")","v":""}]
[{"$f":"CHOOSE(1+LOG(1+2*(J1426=$C$2)+4*(J1426=$D$2)+8*(J1426=$E$2)+16*(J1426=$F$2)+32*(J1426=$G$2),2),0,1,2,3,4,\"S\")","v":"S"},{"$f":"IF(OR(A1426=\"S\",A1426=0),0,IF(ISERROR(I1426),H1426,SMALL(H1426:I1426,1)))","v":0},16,3,0,0,1,{"$f":"IF(OR($A1426=\"S\",$A1426=0),0,MATCH(0,OFFSET($B1426,1,$A1426,ROW($A$1504)-ROW($A1426)),0))","v":0},{"$f":"IF(OR($A1426=\"S\",$A1426=0),0,MATCH(OFFSET($B1426,0,$A1426)+1,OFFSET($B1426,1,$A1426,ROW($A$1504)-ROW($A1426)),0))","v":0},"Insumo","16.3.1.","CRESS","Rec. Humanos","001",{"$f":"IF(NOT(ISERROR($Y1426)),IF($Y1426<>FALSE,INDEX(Banco,$Y1426,5),\"\"),\"\")","v":"Responsável Técnica"},"Horas",20,150.28,"DI 1",187.85,3757,null,{"$f":"IF(OR($A1426=0,$A1426=\"S\",$A1426>CFF!$A$9),\"\",MAX(W$11:OFFSET(W1426,-1,0))+1)","v":""},"Rec. Humanos-001",{"$f":"IF(X1426<>FALSE,MATCH(X1426,OFFSET(Banco,0,0,,1),0))","v":3},null,{"$f":"IF($J1426=$G$2,ROUND(IF(ISNUMBER(S1426),S1426,IF(LEFT(S1426,2)=\"DI\",HLOOKUP(S1426,DADOS!$T$29:$X$30,2,FALSE),0)),4),\"\")","v":0.25}]
["S",0,16,3,0,0,2,{"$f":"IF(OR($A1427=\"S\",$A1427=0),0,MATCH(0,OFFSET($B1427,1,$A1427,ROW($A$1504)-ROW($A1427)),0))","v":0},{"$f":"IF(OR($A1427=\"S\",$A1427=0),0,MATCH(OFFSET($B1427,0,$A1427)+1,OFFSET($B1427,1,$A1427,ROW($A$1504)-ROW($A1427)),0))","v":0},"Insumo","16.3.2.","CRESS","Rec. Humanos","002",{"$f":"IF(NOT(ISERROR($Y1427)),IF($Y1427<>FALSE,INDEX(Banco,$Y1427,5),\"\"),\"\")","v":"Assistente Social"},"Horas",35,133.81,"DI 1",167.26,5854.1,null,{"$f":"IF(OR($A1427=0,$A1427=\"S\",$A1427>CFF!$A$9),\"\",MAX(W$11:OFFSET(W1427,-1,0))+1)","v":""},"Rec. Humanos-002",4,null,{"$f":"IF($J1427=$G$2,ROUND(IF(ISNUMBER(S1427),S1427,IF(LEFT(S1427,2)=\"DI\",HLOOKUP(S1427,DADOS!$T$29:$X$30,2,FALSE),0)),4),\"\")","v":0.25}]
["S",0,16,3,0,0,3,{"$f":"IF(OR($A1428=\"S\",$A1428=0),0,MATCH(0,OFFSET($B1428,1,$A1428,ROW($A$1504)-ROW($A1428)),0))","v":0},{"$f":"IF(OR($A1428=\"S\",$A1428=0),0,MATCH(OFFSET($B1428,0,$A1428)+1,OFFSET($B1428,1,$A1428,ROW($A$1504)-ROW($A1428)),0))","v":0},"Insumo","16.3.3.","Cotação","Rec. Humanos","003",{"$f":"IF(NOT(ISERROR($Y1428)),IF($Y1428<>FALSE,INDEX(Banco,$Y1428,5),\"\"),\"\")","v":"Administrador (Técnico de Apoio) "},"Horas",19,103.65,"DI 1",129.56,2461.64,null,{"$f":"IF(OR($A1428=0,$A1428=\"S\",$A1428>CFF!$A$9),\"\",MAX(W$11:OFFSET(W1428,-1,0))+1)","v":""},"Rec. Humanos-003",5,null,{"$f":"IF($J1428=$G$2,ROUND(IF(ISNUMBER(S1428),S1428,IF(LEFT(S1428,2)=\"DI\",HLOOKUP(S1428,DADOS!$T$29:$X$30,2,FALSE),0)),4),\"\")","v":0.25}]
["S",0,16,3,0,0,4,{"$f":"IF(OR($A1429=\"S\",$A1429=0),0,MATCH(0,OFFSET($B1429,1,$A1429,ROW($A$1504)-ROW($A1429)),0))","v":0},{"$f":"IF(OR($A1429=\"S\",$A1429=0),0,MATCH(OFFSET($B1429,0,$A1429)+1,OFFSET($B1429,1,$A1429,ROW($A$1504)-ROW($A1429)),0))","v":0},"Insumo","16.3.4.","SINE","Rec. Humanos","004",{"$f":"IF(NOT(ISERROR($Y1429)),IF($Y1429<>FALSE,INDEX(Banco,$Y1429,5),\"\"),\"\")","v":"Estagiários"},"Horas",100,9.7899999999999991,"DI 1",12.24,1224,null,{"$f":"IF(OR($A1429=0,$A1429=\"S\",$A1429>CFF!$A$9),\"\",MAX(W$11:OFFSET(W1429,-1,0))+1)","v":""},"Rec. Humanos-004",6,null,{"$f":"IF($J1429=$G$2,ROUND(IF(ISNUMBER(S1429),S1429,IF(LEFT(S1429,2)=\"DI\",HLOOKUP(S1429,DADOS!$T$29:$X$30,2,FALSE),0)),4),\"\")","v":0.25}]
[{"$f":"CHOOSE(1+LOG(1+2*(J1430=$C$2)+4*(J1430=$D$2)+8*(J1430=$E$2)+16*(J1430=$F$2)+32*(J1430=$G$2),2),0,1,2,3,4,\"S\")","v":1},{"$f":"IF(OR(A1430=\"S\",A1430=0),0,IF(ISERROR(I1430),H1430,SMALL(H1430:I1430,1)))","v":11},17,0,0,0,0,{"$f":"IF(OR($A1430=\"S\",$A1430=0),0,MATCH(0,OFFSET($B1430,1,$A1430,ROW($A$1504)-ROW($A1430)),0))","v":74},{"$f":"IF(OR($A1430=\"S\",$A1430=0),0,MATCH(OFFSET($B1430,0,$A1430)+1,OFFSET($B1430,1,$A1430,ROW($A$1504)-ROW($A1430)),0))","v":11},"Ação","17.","",null,null,"MÊS 17 - INFORMAÇÕES/SISTEMATIZAÇÃO DE DADOS","",null,0,"DI 1",0,20871.48,null,{"$f":"IF(OR($A1430=0,$A1430=\"S\",$A1430>CFF!$A$9),\"\",MAX(W$11:OFFSET(W1430,-1,0))+1)","v":127},false,{"$f":"IF(X1430<>FALSE,MATCH(X1430,OFFSET(Banco,0,0,,1),0))","v":false},null,{"$f":"IF($J1430=$G$2,ROUND(IF(ISNUMBER(S1430),S1430,IF(LEFT(S1430,2)=\"DI\",HLOOKUP(S1430,DADOS!$T$29:$X$30,2,FALSE),0)),4),\"\")","v":""}]
[{"$f":"CHOOSE(1+LOG(1+2*(J1431=$C$2)+4*(J1431=$D$2)+8*(J1431=$E$2)+16*(J1431=$F$2)+32*(J1431=$G$2),2),0,1,2,3,4,\"S\")","v":2},{"$f":"IF(OR(A1431=\"S\",A1431=0),0,IF(ISERROR(I1431),H1431,SMALL(H1431:I1431,1)))","v":5},{"$f":"IF($A1431=1,OFFSET(C1431,-1,0)+1,OFFSET(C1431,-1,0))","v":17},{"$f":"IF($A1431=1,0,IF($A1431=2,OFFSET(D1431,-1,0)+1,OFFSET(D1431,-1,0)))","v":1},{"$f":"IF(AND($A1431<=2,$A1431<>0),0,IF($A1431=3,OFFSET(E1431,-1,0)+1,OFFSET(E1431,-1,0)))","v":0},{"$f":"IF(AND($A1431<=3,$A1431<>0),0,IF($A1431=4,OFFSET(F1431,-1,0)+1,OFFSET(F1431,-1,0)))","v":0},{"$f":"IF(AND($A1431<=4,$A1431<>0),0,IF($A1431=\"S\",OFFSET(G1431,-1,0)+1,OFFSET(G1431,-1,0)))","v":0},{"$f":"IF(OR($A1431=\"S\",$A1431=0),0,MATCH(0,OFFSET($B1431,1,$A1431,ROW($A$1504)-ROW($A1431)),0))","v":10},{"$f":"IF(OR($A1431=\"S\",$A1431=0),0,MATCH(OFFSET($B1431,0,$A1431)+1,OFFSET($B1431,1,$A1431,ROW($A$1504)-ROW($A1431)),0))","v":5},"AtivNível 1",{"$f":"IF($A1431=0,\"-\",CONCATENATE(C1431&\".\",IF(AND($A$5>=2,$A1431>=2),D1431&\".\",\"\"),IF(AND($A$5>=3,$A1431>=3),E1431&\".\",\"\"),IF(AND($A$5>=4,$A1431>=4),F1431&\".\",\"\"),IF($A1431=\"S\",G1431&\".\",\"\")))","v":"17.1."},{"$f":"IF(NOT(ISERROR($Y1431)),IF($Y1431<>FALSE,INDEX(Banco,$Y1431,4),\"\"),\"\")","v":""},null,null,"Atividade 111 - Aplicação dos formulários de pesquisa pós intervenção e tabulação dos dados região Parque São João",{"$f":"IF(NOT(ISERROR($Y1431)),IF($Y1431<>FALSE,INDEX(Banco,$Y1431,6),\"\"),\"\")","v":""},null,{"$f":"IF(NOT(ISERROR($Y1431)),IF($Y1431<>FALSE,INDEX(Banco,$Y1431,7),0),0)","v":0},"DI 1",{"$f":"IF($J1431=$G$2,ROUND(ROUND($R1431,2)*IF($R$9=\"Preço Unitário (R$)\",1,1+$AA1431),2),0)","v":0},{"$f":"IF($A1431=\"S\",VTOTAL1,IF($A1431=0,0,ROUND(SomaAgrup,2)))","v":10575.92},null,{"$f":"IF(OR($A1431=0,$A1431=\"S\",$A1431>CFF!$A$9),\"\",MAX(W$11:OFFSET(W1431,-1,0))+1)","v":128},{"$f":"IF(AND($J1431=$G$2,$N1431<>\"\",$M1431<>\"\"),CONCATENATE($M1431,\"-\",$N1431))","v":false},{"$f":"IF(X1431<>FALSE,MATCH(X1431,OFFSET(Banco,0,0,,1),0))","v":false},null,{"$f":"IF($J1431=$G$2,ROUND(IF(ISNUMBER(S1431),S1431,IF(LEFT(S1431,2)=\"DI\",HLOOKUP(S1431,DADOS!$T$29:$X$30,2,FALSE),0)),4),\"\")","v":""}]
[{"$f":"CHOOSE(1+LOG(1+2*(J1432=$C$2)+4*(J1432=$D$2)+8*(J1432=$E$2)+16*(J1432=$F$2)+32*(J1432=$G$2),2),0,1,2,3,4,\"S\")","v":"S"},{"$f":"IF(OR(A1432=\"S\",A1432=0),0,IF(ISERROR(I1432),H1432,SMALL(H1432:I1432,1)))","v":0},{"$f":"IF($A1432=1,OFFSET(C1432,-1,0)+1,OFFSET(C1432,-1,0))","v":17},{"$f":"IF($A1432=1,0,IF($A1432=2,OFFSET(D1432,-1,0)+1,OFFSET(D1432,-1,0)))","v":1},{"$f":"IF(AND($A1432<=2,$A1432<>0),0,IF($A1432=3,OFFSET(E1432,-1,0)+1,OFFSET(E1432,-1,0)))","v":0},{"$f":"IF(AND($A1432<=3,$A1432<>0),0,IF($A1432=4,OFFSET(F1432,-1,0)+1,OFFSET(F1432,-1,0)))","v":0},{"$f":"IF(AND($A1432<=4,$A1432<>0),0,IF($A1432=\"S\",OFFSET(G1432,-1,0)+1,OFFSET(G1432,-1,0)))","v":1},{"$f":"IF(OR($A1432=\"S\",$A1432=0),0,MATCH(0,OFFSET($B1432,1,$A1432,ROW($A$1504)-ROW($A1432)),0))","v":0},{"$f":"IF(OR($A1432=\"S\",$A1432=0),0,MATCH(OFFSET($B1432,0,$A1432)+1,OFFSET($B1432,1,$A1432,ROW($A$1504)-ROW($A1432)),0))","v":0},"Insumo",{"$f":"IF($A1432=0,\"-\",CONCATENATE(C1432&\".\",IF(AND($A$5>=2,$A1432>=2),D1432&\".\",\"\"),IF(AND($A$5>=3,$A1432>=3),E1432&\".\",\"\"),IF(AND($A$5>=4,$A1432>=4),F1432&\".\",\"\"),IF($A1432=\"S\",G1432&\".\",\"\")))","v":"17.1.1."},{"$f":"IF(NOT(ISERROR($Y1432)),IF($Y1432<>FALSE,INDEX(Banco,$Y1432,4),\"\"),\"\")","v":"CRESS"},"Rec. Humanos","001",{"$f":"IF(NOT(ISERROR($Y1432)),IF($Y1432<>FALSE,INDEX(Banco,$Y1432,5),\"\"),\"\")","v":"Responsável Técnica"},{"$f":"IF(NOT(ISERROR($Y1432)),IF($Y1432<>FALSE,INDEX(Banco,$Y1432,6),\"\"),\"\")","v":"Horas"},16,{"$f":"IF(NOT(ISERROR($Y1432)),IF($Y1432<>FALSE,INDEX(Banco,$Y1432,7),0),0)","v":150.28},"DI 1",{"$f":"IF($J1432=$G$2,ROUND(ROUND($R1432,2)*IF($R$9=\"Preço Unitário (R$)\",1,1+$AA1432),2),0)","v":187.85},{"$f":"IF($A1432=\"S\",VTOTAL1,IF($A1432=0,0,ROUND(SomaAgrup,2)))","v":3005.6},null,{"$f":"IF(OR($A1432=0,$A1432=\"S\",$A1432>CFF!$A$9),\"\",MAX(W$11:OFFSET(W1432,-1,0))+1)","v":""},{"$f":"IF(AND($J1432=$G$2,$N1432<>\"\",$M1432<>\"\"),CONCATENATE($M1432,\"-\",$N1432))","v":"Rec. Humanos-001"},{"$f":"IF(X1432<>FALSE,MATCH(X1432,OFFSET(Banco,0,0,,1),0))","v":3},null,{"$f":"IF($J1432=$G$2,ROUND(IF(ISNUMBER(S1432),S1432,IF(LEFT(S1432,2)=\"DI\",HLOOKUP(S1432,DADOS!$T$29:$X$30,2,FALSE),0)),4),\"\")","v":0.25}]
["S",0,17,1,0,0,2,{"$f":"IF(OR($A1433=\"S\",$A1433=0),0,MATCH(0,OFFSET($B1433,1,$A1433,ROW($A$1504)-ROW($A1433)),0))","v":0},{"$f":"IF(OR($A1433=\"S\",$A1433=0),0,MATCH(OFFSET($B1433,0,$A1433)+1,OFFSET($B1433,1,$A1433,ROW($A$1504)-ROW($A1433)),0))","v":0},"Insumo","17.1.2.","CRESS","Rec. Humanos","002",{"$f":"IF(NOT(ISERROR($Y1433)),IF($Y1433<>FALSE,INDEX(Banco,$Y1433,5),\"\"),\"\")","v":"Assistente Social"},"Horas",24,133.81,"DI 1",167.26,4014.24,null,{"$f":"IF(OR($A1433=0,$A1433=\"S\",$A1433>CFF!$A$9),\"\",MAX(W$11:OFFSET(W1433,-1,0))+1)","v":""},"Rec. Humanos-002",4,null,{"$f":"IF($J1433=$G$2,ROUND(IF(ISNUMBER(S1433),S1433,IF(LEFT(S1433,2)=\"DI\",HLOOKUP(S1433,DADOS!$T$29:$X$30,2,FALSE),0)),4),\"\")","v":0.25}]
["S",0,17,1,0,0,3,{"$f":"IF(OR($A1434=\"S\",$A1434=0),0,MATCH(0,OFFSET($B1434,1,$A1434,ROW($A$1504)-ROW($A1434)),0))","v":0},{"$f":"IF(OR($A1434=\"S\",$A1434=0),0,MATCH(OFFSET($B1434,0,$A1434)+1,OFFSET($B1434,1,$A1434,ROW($A$1504)-ROW($A1434)),0))","v":0},"Insumo","17.1.3.","Cotação","Rec. Humanos","003",{"$f":"IF(NOT(ISERROR($Y1434)),IF($Y1434<>FALSE,INDEX(Banco,$Y1434,5),\"\"),\"\")","v":"Administrador (Técnico de Apoio) "},"Horas",18,103.65,"DI 1",129.56,2332.08,null,{"$f":"IF(OR($A1434=0,$A1434=\"S\",$A1434>CFF!$A$9),\"\",MAX(W$11:OFFSET(W1434,-1,0))+1)","v":""},"Rec. Humanos-003",5,null,{"$f":"IF($J1434=$G$2,ROUND(IF(ISNUMBER(S1434),S1434,IF(LEFT(S1434,2)=\"DI\",HLOOKUP(S1434,DADOS!$T$29:$X$30,2,FALSE),0)),4),\"\")","v":0.25}]
["S",0,17,1,0,0,4,{"$f":"IF(OR($A1435=\"S\",$A1435=0),0,MATCH(0,OFFSET($B1435,1,$A1435,ROW($A$1504)-ROW($A1435)),0))","v":0},{"$f":"IF(OR($A1435=\"S\",$A1435=0),0,MATCH(OFFSET($B1435,0,$A1435)+1,OFFSET($B1435,1,$A1435,ROW($A$1504)-ROW($A1435)),0))","v":0},"Insumo","17.1.4.","SINE","Rec. Humanos","004",{"$f":"IF(NOT(ISERROR($Y1435)),IF($Y1435<>FALSE,INDEX(Banco,$Y1435,5),\"\"),\"\")","v":"Estagiários"},"Horas",100,9.7899999999999991,"DI 1",12.24,1224,null,{"$f":"IF(OR($A1435=0,$A1435=\"S\",$A1435>CFF!$A$9),\"\",MAX(W$11:OFFSET(W1435,-1,0))+1)","v":""},"Rec. Humanos-004",6,null,{"$f":"IF($J1435=$G$2,ROUND(IF(ISNUMBER(S1435),S1435,IF(LEFT(S1435,2)=\"DI\",HLOOKUP(S1435,DADOS!$T$29:$X$30,2,FALSE),0)),4),\"\")","v":0.25}]
[{"$f":"CHOOSE(1+LOG(1+2*(J1436=$C$2)+4*(J1436=$D$2)+8*(J1436=$E$2)+16*(J1436=$F$2)+32*(J1436=$G$2),2),0,1,2,3,4,\"S\")","v":2},{"$f":"IF(OR(A1436=\"S\",A1436=0),0,IF(ISERROR(I1436),H1436,SMALL(H1436:I1436,1)))","v":5},{"$f":"IF($A1436=1,OFFSET(C1436,-1,0)+1,OFFSET(C1436,-1,0))","v":17},{"$f":"IF($A1436=1,0,IF($A1436=2,OFFSET(D1436,-1,0)+1,OFFSET(D1436,-1,0)))","v":2},{"$f":"IF(AND($A1436<=2,$A1436<>0),0,IF($A1436=3,OFFSET(E1436,-1,0)+1,OFFSET(E1436,-1,0)))","v":0},{"$f":"IF(AND($A1436<=3,$A1436<>0),0,IF($A1436=4,OFFSET(F1436,-1,0)+1,OFFSET(F1436,-1,0)))","v":0},{"$f":"IF(AND($A1436<=4,$A1436<>0),0,IF($A1436=\"S\",OFFSET(G1436,-1,0)+1,OFFSET(G1436,-1,0)))","v":0},{"$f":"IF(OR($A1436=\"S\",$A1436=0),0,MATCH(0,OFFSET($B1436,1,$A1436,ROW($A$1504)-ROW($A1436)),0))","v":5},{"$f":"IF(OR($A1436=\"S\",$A1436=0),0,MATCH(OFFSET($B1436,0,$A1436)+1,OFFSET($B1436,1,$A1436,ROW($A$1504)-ROW($A1436)),0))","v":36},"AtivNível 1",{"$f":"IF($A1436=0,\"-\",CONCATENATE(C1436&\".\",IF(AND($A$5>=2,$A1436>=2),D1436&\".\",\"\"),IF(AND($A$5>=3,$A1436>=3),E1436&\".\",\"\"),IF(AND($A$5>=4,$A1436>=4),F1436&\".\",\"\"),IF($A1436=\"S\",G1436&\".\",\"\")))","v":"17.2."},{"$f":"IF(NOT(ISERROR($Y1436)),IF($Y1436<>FALSE,INDEX(Banco,$Y1436,4),\"\"),\"\")","v":""},null,null,"Atividade - 112 - Aplicação dos formulários de pesquisa pós intervenção e tabulação dos dados região Jardim Ikaraí",{"$f":"IF(NOT(ISERROR($Y1436)),IF($Y1436<>FALSE,INDEX(Banco,$Y1436,6),\"\"),\"\")","v":""},null,{"$f":"IF(NOT(ISERROR($Y1436)),IF($Y1436<>FALSE,INDEX(Banco,$Y1436,7),0),0)","v":0},"DI 1",{"$f":"IF($J1436=$G$2,ROUND(ROUND($R1436,2)*IF($R$9=\"Preço Unitário (R$)\",1,1+$AA1436),2),0)","v":0},{"$f":"IF($A1436=\"S\",VTOTAL1,IF($A1436=0,0,ROUND(SomaAgrup,2)))","v":10295.56},null,{"$f":"IF(OR($A1436=0,$A1436=\"S\",$A1436>CFF!$A$9),\"\",MAX(W$11:OFFSET(W1436,-1,0))+1)","v":129},{"$f":"IF(AND($J1436=$G$2,$N1436<>\"\",$M1436<>\"\"),CONCATENATE($M1436,\"-\",$N1436))","v":false},{"$f":"IF(X1436<>FALSE,MATCH(X1436,OFFSET(Banco,0,0,,1),0))","v":false},null,{"$f":"IF($J1436=$G$2,ROUND(IF(ISNUMBER(S1436),S1436,IF(LEFT(S1436,2)=\"DI\",HLOOKUP(S1436,DADOS!$T$29:$X$30,2,FALSE),0)),4),\"\")","v":""}]
[{"$f":"CHOOSE(1+LOG(1+2*(J1437=$C$2)+4*(J1437=$D$2)+8*(J1437=$E$2)+16*(J1437=$F$2)+32*(J1437=$G$2),2),0,1,2,3,4,\"S\")","v":"S"},{"$f":"IF(OR(A1437=\"S\",A1437=0),0,IF(ISERROR(I1437),H1437,SMALL(H1437:I1437,1)))","v":0},{"$f":"IF($A1437=1,OFFSET(C1437,-1,0)+1,OFFSET(C1437,-1,0))","v":17},{"$f":"IF($A1437=1,0,IF($A1437=2,OFFSET(D1437,-1,0)+1,OFFSET(D1437,-1,0)))","v":2},{"$f":"IF(AND($A1437<=2,$A1437<>0),0,IF($A1437=3,OFFSET(E1437,-1,0)+1,OFFSET(E1437,-1,0)))","v":0},{"$f":"IF(AND($A1437<=3,$A1437<>0),0,IF($A1437=4,OFFSET(F1437,-1,0)+1,OFFSET(F1437,-1,0)))","v":0},{"$f":"IF(AND($A1437<=4,$A1437<>0),0,IF($A1437=\"S\",OFFSET(G1437,-1,0)+1,OFFSET(G1437,-1,0)))","v":1},{"$f":"IF(OR($A1437=\"S\",$A1437=0),0,MATCH(0,OFFSET($B1437,1,$A1437,ROW($A$1504)-ROW($A1437)),0))","v":0},{"$f":"IF(OR($A1437=\"S\",$A1437=0),0,MATCH(OFFSET($B1437,0,$A1437)+1,OFFSET($B1437,1,$A1437,ROW($A$1504)-ROW($A1437)),0))","v":0},"Insumo",{"$f":"IF($A1437=0,\"-\",CONCATENATE(C1437&\".\",IF(AND($A$5>=2,$A1437>=2),D1437&\".\",\"\"),IF(AND($A$5>=3,$A1437>=3),E1437&\".\",\"\"),IF(AND($A$5>=4,$A1437>=4),F1437&\".\",\"\"),IF($A1437=\"S\",G1437&\".\",\"\")))","v":"17.2.1."},{"$f":"IF(NOT(ISERROR($Y1437)),IF($Y1437<>FALSE,INDEX(Banco,$Y1437,4),\"\"),\"\")","v":"CRESS"},"Rec. Humanos","001",{"$f":"IF(NOT(ISERROR($Y1437)),IF($Y1437<>FALSE,INDEX(Banco,$Y1437,5),\"\"),\"\")","v":"Responsável Técnica"},{"$f":"IF(NOT(ISERROR($Y1437)),IF($Y1437<>FALSE,INDEX(Banco,$Y1437,6),\"\"),\"\")","v":"Horas"},16,{"$f":"IF(NOT(ISERROR($Y1437)),IF($Y1437<>FALSE,INDEX(Banco,$Y1437,7),0),0)","v":150.28},"DI 1",{"$f":"IF($J1437=$G$2,ROUND(ROUND($R1437,2)*IF($R$9=\"Preço Unitário (R$)\",1,1+$AA1437),2),0)","v":187.85},{"$f":"IF($A1437=\"S\",VTOTAL1,IF($A1437=0,0,ROUND(SomaAgrup,2)))","v":3005.6},null,{"$f":"IF(OR($A1437=0,$A1437=\"S\",$A1437>CFF!$A$9),\"\",MAX(W$11:OFFSET(W1437,-1,0))+1)","v":""},{"$f":"IF(AND($J1437=$G$2,$N1437<>\"\",$M1437<>\"\"),CONCATENATE($M1437,\"-\",$N1437))","v":"Rec. Humanos-001"},{"$f":"IF(X1437<>FALSE,MATCH(X1437,OFFSET(Banco,0,0,,1),0))","v":3},null,{"$f":"IF($J1437=$G$2,ROUND(IF(ISNUMBER(S1437),S1437,IF(LEFT(S1437,2)=\"DI\",HLOOKUP(S1437,DADOS!$T$29:$X$30,2,FALSE),0)),4),\"\")","v":0.25}]
["S",0,17,2,0,0,2,{"$f":"IF(OR($A1438=\"S\",$A1438=0),0,MATCH(0,OFFSET($B1438,1,$A1438,ROW($A$1504)-ROW($A1438)),0))","v":0},{"$f":"IF(OR($A1438=\"S\",$A1438=0),0,MATCH(OFFSET($B1438,0,$A1438)+1,OFFSET($B1438,1,$A1438,ROW($A$1504)-ROW($A1438)),0))","v":0},"Insumo","17.2.2.","CRESS","Rec. Humanos","002",{"$f":"IF(NOT(ISERROR($Y1438)),IF($Y1438<>FALSE,INDEX(Banco,$Y1438,5),\"\"),\"\")","v":"Assistente Social"},"Horas",20,133.81,"DI 1",167.26,3345.2,null,{"$f":"IF(OR($A1438=0,$A1438=\"S\",$A1438>CFF!$A$9),\"\",MAX(W$11:OFFSET(W1438,-1,0))+1)","v":""},"Rec. Humanos-002",4,null,{"$f":"IF($J1438=$G$2,ROUND(IF(ISNUMBER(S1438),S1438,IF(LEFT(S1438,2)=\"DI\",HLOOKUP(S1438,DADOS!$T$29:$X$30,2,FALSE),0)),4),\"\")","v":0.25}]
["S",0,17,2,0,0,3,{"$f":"IF(OR($A1439=\"S\",$A1439=0),0,MATCH(0,OFFSET($B1439,1,$A1439,ROW($A$1504)-ROW($A1439)),0))","v":0},{"$f":"IF(OR($A1439=\"S\",$A1439=0),0,MATCH(OFFSET($B1439,0,$A1439)+1,OFFSET($B1439,1,$A1439,ROW($A$1504)-ROW($A1439)),0))","v":0},"Insumo","17.2.3.","Cotação","Rec. Humanos","003",{"$f":"IF(NOT(ISERROR($Y1439)),IF($Y1439<>FALSE,INDEX(Banco,$Y1439,5),\"\"),\"\")","v":"Administrador (Técnico de Apoio) "},"Horas",21,103.65,"DI 1",129.56,2720.76,null,{"$f":"IF(OR($A1439=0,$A1439=\"S\",$A1439>CFF!$A$9),\"\",MAX(W$11:OFFSET(W1439,-1,0))+1)","v":""},"Rec. Humanos-003",5,null,{"$f":"IF($J1439=$G$2,ROUND(IF(ISNUMBER(S1439),S1439,IF(LEFT(S1439,2)=\"DI\",HLOOKUP(S1439,DADOS!$T$29:$X$30,2,FALSE),0)),4),\"\")","v":0.25}]
["S",0,17,2,0,0,4,{"$f":"IF(OR($A1440=\"S\",$A1440=0),0,MATCH(0,OFFSET($B1440,1,$A1440,ROW($A$1504)-ROW($A1440)),0))","v":0},{"$f":"IF(OR($A1440=\"S\",$A1440=0),0,MATCH(OFFSET($B1440,0,$A1440)+1,OFFSET($B1440,1,$A1440,ROW($A$1504)-ROW($A1440)),0))","v":0},"Insumo","17.2.4.","SINE","Rec. Humanos","004",{"$f":"IF(NOT(ISERROR($Y1440)),IF($Y1440<>FALSE,INDEX(Banco,$Y1440,5),\"\"),\"\")","v":"Estagiários"},"Horas",100,9.7899999999999991,"DI 1",12.24,1224,null,{"$f":"IF(OR($A1440=0,$A1440=\"S\",$A1440>CFF!$A$9),\"\",MAX(W$11:OFFSET(W1440,-1,0))+1)","v":""},"Rec. Humanos-004",6,null,{"$f":"IF($J1440=$G$2,ROUND(IF(ISNUMBER(S1440),S1440,IF(LEFT(S1440,2)=\"DI\",HLOOKUP(S1440,DADOS!$T$29:$X$30,2,FALSE),0)),4),\"\")","v":0.25}]
[{"$f":"CHOOSE(1+LOG(1+2*(J1441=$C$2)+4*(J1441=$D$2)+8*(J1441=$E$2)+16*(J1441=$F$2)+32*(J1441=$G$2),2),0,1,2,3,4,\"S\")","v":1},{"$f":"IF(OR(A1441=\"S\",A1441=0),0,IF(ISERROR(I1441),H1441,SMALL(H1441:I1441,1)))","v":63},{"$f":"IF($A1441=1,OFFSET(C1441,-1,0)+1,OFFSET(C1441,-1,0))","v":18},{"$f":"IF($A1441=1,0,IF($A1441=2,OFFSET(D1441,-1,0)+1,OFFSET(D1441,-1,0)))","v":0},{"$f":"IF(AND($A1441<=2,$A1441<>0),0,IF($A1441=3,OFFSET(E1441,-1,0)+1,OFFSET(E1441,-1,0)))","v":0},{"$f":"IF(AND($A1441<=3,$A1441<>0),0,IF($A1441=4,OFFSET(F1441,-1,0)+1,OFFSET(F1441,-1,0)))","v":0},{"$f":"IF(AND($A1441<=4,$A1441<>0),0,IF($A1441=\"S\",OFFSET(G1441,-1,0)+1,OFFSET(G1441,-1,0)))","v":0},{"$f":"IF(OR($A1441=\"S\",$A1441=0),0,MATCH(0,OFFSET($B1441,1,$A1441,ROW($A$1504)-ROW($A1441)),0))","v":63},{"$f":"IF(OR($A1441=\"S\",$A1441=0),0,MATCH(OFFSET($B1441,0,$A1441)+1,OFFSET($B1441,1,$A1441,ROW($A$1504)-ROW($A1441)),0))","v":{"$error":"#N/A"}},"Ação",{"$f":"IF($A1441=0,\"-\",CONCATENATE(C1441&\".\",IF(AND($A$5>=2,$A1441>=2),D1441&\".\",\"\"),IF(AND($A$5>=3,$A1441>=3),E1441&\".\",\"\"),IF(AND($A$5>=4,$A1441>=4),F1441&\".\",\"\"),IF($A1441=\"S\",G1441&\".\",\"\")))","v":"18."},{"$f":"IF(NOT(ISERROR($Y1441)),IF($Y1441<>FALSE,INDEX(Banco,$Y1441,4),\"\"),\"\")","v":""},null,null,"MÊS 18 - INFORMAÇÕES/SISTEMATIZAÇÃO DE DADOS",{"$f":"IF(NOT(ISERROR($Y1441)),IF($Y1441<>FALSE,INDEX(Banco,$Y1441,6),\"\"),\"\")","v":""},null,{"$f":"IF(NOT(ISERROR($Y1441)),IF($Y1441<>FALSE,INDEX(Banco,$Y1441,7),0),0)","v":0},"DI 1",{"$f":"IF($J1441=$G$2,ROUND(ROUND($R1441,2)*IF($R$9=\"Preço Unitário (R$)\",1,1+$AA1441),2),0)","v":0},{"$f":"IF($A1441=\"S\",VTOTAL1,IF($A1441=0,0,ROUND(SomaAgrup,2)))","v":34750.15},null,{"$f":"IF(OR($A1441=0,$A1441=\"S\",$A1441>CFF!$A$9),\"\",MAX(W$11:OFFSET(W1441,-1,0))+1)","v":130},{"$f":"IF(AND($J1441=$G$2,$N1441<>\"\",$M1441<>\"\"),CONCATENATE($M1441,\"-\",$N1441))","v":false},{"$f":"IF(X1441<>FALSE,MATCH(X1441,OFFSET(Banco,0,0,,1),0))","v":false},null,{"$f":"IF($J1441=$G$2,ROUND(IF(ISNUMBER(S1441),S1441,IF(LEFT(S1441,2)=\"DI\",HLOOKUP(S1441,DADOS!$T$29:$X$30,2,FALSE),0)),4),\"\")","v":""}]
[{"$f":"CHOOSE(1+LOG(1+2*(J1442=$C$2)+4*(J1442=$D$2)+8*(J1442=$E$2)+16*(J1442=$F$2)+32*(J1442=$G$2),2),0,1,2,3,4,\"S\")","v":2},{"$f":"IF(OR(A1442=\"S\",A1442=0),0,IF(ISERROR(I1442),H1442,SMALL(H1442:I1442,1)))","v":5},{"$f":"IF($A1442=1,OFFSET(C1442,-1,0)+1,OFFSET(C1442,-1,0))","v":18},{"$f":"IF($A1442=1,0,IF($A1442=2,OFFSET(D1442,-1,0)+1,OFFSET(D1442,-1,0)))","v":1},{"$f":"IF(AND($A1442<=2,$A1442<>0),0,IF($A1442=3,OFFSET(E1442,-1,0)+1,OFFSET(E1442,-1,0)))","v":0},{"$f":"IF(AND($A1442<=3,$A1442<>0),0,IF($A1442=4,OFFSET(F1442,-1,0)+1,OFFSET(F1442,-1,0)))","v":0},{"$f":"IF(AND($A1442<=4,$A1442<>0),0,IF($A1442=\"S\",OFFSET(G1442,-1,0)+1,OFFSET(G1442,-1,0)))","v":0},{"$f":"IF(OR($A1442=\"S\",$A1442=0),0,MATCH(0,OFFSET($B1442,1,$A1442,ROW($A$1504)-ROW($A1442)),0))","v":62},{"$f":"IF(OR($A1442=\"S\",$A1442=0),0,MATCH(OFFSET($B1442,0,$A1442)+1,OFFSET($B1442,1,$A1442,ROW($A$1504)-ROW($A1442)),0))","v":5},"AtivNível 1",{"$f":"IF($A1442=0,\"-\",CONCATENATE(C1442&\".\",IF(AND($A$5>=2,$A1442>=2),D1442&\".\",\"\"),IF(AND($A$5>=3,$A1442>=3),E1442&\".\",\"\"),IF(AND($A$5>=4,$A1442>=4),F1442&\".\",\"\"),IF($A1442=\"S\",G1442&\".\",\"\")))","v":"18.1."},{"$f":"IF(NOT(ISERROR($Y1442)),IF($Y1442<>FALSE,INDEX(Banco,$Y1442,4),\"\"),\"\")","v":""},null,null,"Atividade 113 - Pesquisa de pós intervenção das UHs e tabulação dos dados regiões Parque São João e Jardim Ikaraí",{"$f":"IF(NOT(ISERROR($Y1442)),IF($Y1442<>FALSE,INDEX(Banco,$Y1442,6),\"\"),\"\")","v":""},null,{"$f":"IF(NOT(ISERROR($Y1442)),IF($Y1442<>FALSE,INDEX(Banco,$Y1442,7),0),0)","v":0},"DI 1",{"$f":"IF($J1442=$G$2,ROUND(ROUND($R1442,2)*IF($R$9=\"Preço Unitário (R$)\",1,1+$AA1442),2),0)","v":0},{"$f":"IF($A1442=\"S\",VTOTAL1,IF($A1442=0,0,ROUND(SomaAgrup,2)))","v":6172.6},null,{"$f":"IF(OR($A1442=0,$A1442=\"S\",$A1442>CFF!$A$9),\"\",MAX(W$11:OFFSET(W1442,-1,0))+1)","v":131},{"$f":"IF(AND($J1442=$G$2,$N1442<>\"\",$M1442<>\"\"),CONCATENATE($M1442,\"-\",$N1442))","v":false},{"$f":"IF(X1442<>FALSE,MATCH(X1442,OFFSET(Banco,0,0,,1),0))","v":false},null,{"$f":"IF($J1442=$G$2,ROUND(IF(ISNUMBER(S1442),S1442,IF(LEFT(S1442,2)=\"DI\",HLOOKUP(S1442,DADOS!$T$29:$X$30,2,FALSE),0)),4),\"\")","v":""}]
[{"$f":"CHOOSE(1+LOG(1+2*(J1443=$C$2)+4*(J1443=$D$2)+8*(J1443=$E$2)+16*(J1443=$F$2)+32*(J1443=$G$2),2),0,1,2,3,4,\"S\")","v":"S"},{"$f":"IF(OR(A1443=\"S\",A1443=0),0,IF(ISERROR(I1443),H1443,SMALL(H1443:I1443,1)))","v":0},{"$f":"IF($A1443=1,OFFSET(C1443,-1,0)+1,OFFSET(C1443,-1,0))","v":18},{"$f":"IF($A1443=1,0,IF($A1443=2,OFFSET(D1443,-1,0)+1,OFFSET(D1443,-1,0)))","v":1},{"$f":"IF(AND($A1443<=2,$A1443<>0),0,IF($A1443=3,OFFSET(E1443,-1,0)+1,OFFSET(E1443,-1,0)))","v":0},{"$f":"IF(AND($A1443<=3,$A1443<>0),0,IF($A1443=4,OFFSET(F1443,-1,0)+1,OFFSET(F1443,-1,0)))","v":0},{"$f":"IF(AND($A1443<=4,$A1443<>0),0,IF($A1443=\"S\",OFFSET(G1443,-1,0)+1,OFFSET(G1443,-1,0)))","v":1},{"$f":"IF(OR($A1443=\"S\",$A1443=0),0,MATCH(0,OFFSET($B1443,1,$A1443,ROW($A$1504)-ROW($A1443)),0))","v":0},{"$f":"IF(OR($A1443=\"S\",$A1443=0),0,MATCH(OFFSET($B1443,0,$A1443)+1,OFFSET($B1443,1,$A1443,ROW($A$1504)-ROW($A1443)),0))","v":0},"Insumo",{"$f":"IF($A1443=0,\"-\",CONCATENATE(C1443&\".\",IF(AND($A$5>=2,$A1443>=2),D1443&\".\",\"\"),IF(AND($A$5>=3,$A1443>=3),E1443&\".\",\"\"),IF(AND($A$5>=4,$A1443>=4),F1443&\".\",\"\"),IF($A1443=\"S\",G1443&\".\",\"\")))","v":"18.1.1."},{"$f":"IF(NOT(ISERROR($Y1443)),IF($Y1443<>FALSE,INDEX(Banco,$Y1443,4),\"\"),\"\")","v":"CRESS"},"Rec. Humanos","001",{"$f":"IF(NOT(ISERROR($Y1443)),IF($Y1443<>FALSE,INDEX(Banco,$Y1443,5),\"\"),\"\")","v":"Responsável Técnica"},{"$f":"IF(NOT(ISERROR($Y1443)),IF($Y1443<>FALSE,INDEX(Banco,$Y1443,6),\"\"),\"\")","v":"Horas"},10,{"$f":"IF(NOT(ISERROR($Y1443)),IF($Y1443<>FALSE,INDEX(Banco,$Y1443,7),0),0)","v":150.28},"DI 1",{"$f":"IF($J1443=$G$2,ROUND(ROUND($R1443,2)*IF($R$9=\"Preço Unitário (R$)\",1,1+$AA1443),2),0)","v":187.85},{"$f":"IF($A1443=\"S\",VTOTAL1,IF($A1443=0,0,ROUND(SomaAgrup,2)))","v":1878.5},null,{"$f":"IF(OR($A1443=0,$A1443=\"S\",$A1443>CFF!$A$9),\"\",MAX(W$11:OFFSET(W1443,-1,0))+1)","v":""},{"$f":"IF(AND($J1443=$G$2,$N1443<>\"\",$M1443<>\"\"),CONCATENATE($M1443,\"-\",$N1443))","v":"Rec. Humanos-001"},{"$f":"IF(X1443<>FALSE,MATCH(X1443,OFFSET(Banco,0,0,,1),0))","v":3},null,{"$f":"IF($J1443=$G$2,ROUND(IF(ISNUMBER(S1443),S1443,IF(LEFT(S1443,2)=\"DI\",HLOOKUP(S1443,DADOS!$T$29:$X$30,2,FALSE),0)),4),\"\")","v":0.25}]
["S",0,18,1,0,0,2,{"$f":"IF(OR($A1444=\"S\",$A1444=0),0,MATCH(0,OFFSET($B1444,1,$A1444,ROW($A$1504)-ROW($A1444)),0))","v":0},{"$f":"IF(OR($A1444=\"S\",$A1444=0),0,MATCH(OFFSET($B1444,0,$A1444)+1,OFFSET($B1444,1,$A1444,ROW($A$1504)-ROW($A1444)),0))","v":0},"Insumo","18.1.2.","CRESS","Rec. Humanos","002",{"$f":"IF(NOT(ISERROR($Y1444)),IF($Y1444<>FALSE,INDEX(Banco,$Y1444,5),\"\"),\"\")","v":"Assistente Social"},"Horas",15,133.81,"DI 1",167.26,2508.9,null,{"$f":"IF(OR($A1444=0,$A1444=\"S\",$A1444>CFF!$A$9),\"\",MAX(W$11:OFFSET(W1444,-1,0))+1)","v":""},"Rec. Humanos-002",4,null,{"$f":"IF($J1444=$G$2,ROUND(IF(ISNUMBER(S1444),S1444,IF(LEFT(S1444,2)=\"DI\",HLOOKUP(S1444,DADOS!$T$29:$X$30,2,FALSE),0)),4),\"\")","v":0.25}]
["S",0,18,1,0,0,3,{"$f":"IF(OR($A1445=\"S\",$A1445=0),0,MATCH(0,OFFSET($B1445,1,$A1445,ROW($A$1504)-ROW($A1445)),0))","v":0},{"$f":"IF(OR($A1445=\"S\",$A1445=0),0,MATCH(OFFSET($B1445,0,$A1445)+1,OFFSET($B1445,1,$A1445,ROW($A$1504)-ROW($A1445)),0))","v":0},"Insumo","18.1.3.","Cotação","Rec. Humanos","003",{"$f":"IF(NOT(ISERROR($Y1445)),IF($Y1445<>FALSE,INDEX(Banco,$Y1445,5),\"\"),\"\")","v":"Administrador (Técnico de Apoio) "},"Horas",10,103.65,"DI 1",129.56,1295.5999999999999,null,{"$f":"IF(OR($A1445=0,$A1445=\"S\",$A1445>CFF!$A$9),\"\",MAX(W$11:OFFSET(W1445,-1,0))+1)","v":""},"Rec. Humanos-003",5,null,{"$f":"IF($J1445=$G$2,ROUND(IF(ISNUMBER(S1445),S1445,IF(LEFT(S1445,2)=\"DI\",HLOOKUP(S1445,DADOS!$T$29:$X$30,2,FALSE),0)),4),\"\")","v":0.25}]
[{"$f":"CHOOSE(1+LOG(1+2*(J1446=$C$2)+4*(J1446=$D$2)+8*(J1446=$E$2)+16*(J1446=$F$2)+32*(J1446=$G$2),2),0,1,2,3,4,\"S\")","v":"S"},{"$f":"IF(OR(A1446=\"S\",A1446=0),0,IF(ISERROR(I1446),H1446,SMALL(H1446:I1446,1)))","v":0},{"$f":"IF($A1446=1,OFFSET(C1446,-1,0)+1,OFFSET(C1446,-1,0))","v":18},{"$f":"IF($A1446=1,0,IF($A1446=2,OFFSET(D1446,-1,0)+1,OFFSET(D1446,-1,0)))","v":1},{"$f":"IF(AND($A1446<=2,$A1446<>0),0,IF($A1446=3,OFFSET(E1446,-1,0)+1,OFFSET(E1446,-1,0)))","v":0},{"$f":"IF(AND($A1446<=3,$A1446<>0),0,IF($A1446=4,OFFSET(F1446,-1,0)+1,OFFSET(F1446,-1,0)))","v":0},{"$f":"IF(AND($A1446<=4,$A1446<>0),0,IF($A1446=\"S\",OFFSET(G1446,-1,0)+1,OFFSET(G1446,-1,0)))","v":4},{"$f":"IF(OR($A1446=\"S\",$A1446=0),0,MATCH(0,OFFSET($B1446,1,$A1446,ROW($A$1504)-ROW($A1446)),0))","v":0},{"$f":"IF(OR($A1446=\"S\",$A1446=0),0,MATCH(OFFSET($B1446,0,$A1446)+1,OFFSET($B1446,1,$A1446,ROW($A$1504)-ROW($A1446)),0))","v":0},"Insumo",{"$f":"IF($A1446=0,\"-\",CONCATENATE(C1446&\".\",IF(AND($A$5>=2,$A1446>=2),D1446&\".\",\"\"),IF(AND($A$5>=3,$A1446>=3),E1446&\".\",\"\"),IF(AND($A$5>=4,$A1446>=4),F1446&\".\",\"\"),IF($A1446=\"S\",G1446&\".\",\"\")))","v":"18.1.4."},{"$f":"IF(NOT(ISERROR($Y1446)),IF($Y1446<>FALSE,INDEX(Banco,$Y1446,4),\"\"),\"\")","v":"SINE"},"Rec. Humanos","004",{"$f":"IF(NOT(ISERROR($Y1446)),IF($Y1446<>FALSE,INDEX(Banco,$Y1446,5),\"\"),\"\")","v":"Estagiários"},{"$f":"IF(NOT(ISERROR($Y1446)),IF($Y1446<>FALSE,INDEX(Banco,$Y1446,6),\"\"),\"\")","v":"Horas"},40,{"$f":"IF(NOT(ISERROR($Y1446)),IF($Y1446<>FALSE,INDEX(Banco,$Y1446,7),0),0)","v":9.7899999999999991},"DI 1",{"$f":"IF($J1446=$G$2,ROUND(ROUND($R1446,2)*IF($R$9=\"Preço Unitário (R$)\",1,1+$AA1446),2),0)","v":12.24},{"$f":"IF($A1446=\"S\",VTOTAL1,IF($A1446=0,0,ROUND(SomaAgrup,2)))","v":489.6},null,{"$f":"IF(OR($A1446=0,$A1446=\"S\",$A1446>CFF!$A$9),\"\",MAX(W$11:OFFSET(W1446,-1,0))+1)","v":""},{"$f":"IF(AND($J1446=$G$2,$N1446<>\"\",$M1446<>\"\"),CONCATENATE($M1446,\"-\",$N1446))","v":"Rec. Humanos-004"},{"$f":"IF(X1446<>FALSE,MATCH(X1446,OFFSET(Banco,0,0,,1),0))","v":6},null,{"$f":"IF($J1446=$G$2,ROUND(IF(ISNUMBER(S1446),S1446,IF(LEFT(S1446,2)=\"DI\",HLOOKUP(S1446,DADOS!$T$29:$X$30,2,FALSE),0)),4),\"\")","v":0.25}]
[{"$f":"CHOOSE(1+LOG(1+2*(J1447=$C$2)+4*(J1447=$D$2)+8*(J1447=$E$2)+16*(J1447=$F$2)+32*(J1447=$G$2),2),0,1,2,3,4,\"S\")","v":2},{"$f":"IF(OR(A1447=\"S\",A1447=0),0,IF(ISERROR(I1447),H1447,SMALL(H1447:I1447,1)))","v":25},{"$f":"IF($A1447=1,OFFSET(C1447,-1,0)+1,OFFSET(C1447,-1,0))","v":18},{"$f":"IF($A1447=1,0,IF($A1447=2,OFFSET(D1447,-1,0)+1,OFFSET(D1447,-1,0)))","v":2},{"$f":"IF(AND($A1447<=2,$A1447<>0),0,IF($A1447=3,OFFSET(E1447,-1,0)+1,OFFSET(E1447,-1,0)))","v":0},{"$f":"IF(AND($A1447<=3,$A1447<>0),0,IF($A1447=4,OFFSET(F1447,-1,0)+1,OFFSET(F1447,-1,0)))","v":0},{"$f":"IF(AND($A1447<=4,$A1447<>0),0,IF($A1447=\"S\",OFFSET(G1447,-1,0)+1,OFFSET(G1447,-1,0)))","v":0},{"$f":"IF(OR($A1447=\"S\",$A1447=0),0,MATCH(0,OFFSET($B1447,1,$A1447,ROW($A$1504)-ROW($A1447)),0))","v":57},{"$f":"IF(OR($A1447=\"S\",$A1447=0),0,MATCH(OFFSET($B1447,0,$A1447)+1,OFFSET($B1447,1,$A1447,ROW($A$1504)-ROW($A1447)),0))","v":25},"AtivNível 1",{"$f":"IF($A1447=0,\"-\",CONCATENATE(C1447&\".\",IF(AND($A$5>=2,$A1447>=2),D1447&\".\",\"\"),IF(AND($A$5>=3,$A1447>=3),E1447&\".\",\"\"),IF(AND($A$5>=4,$A1447>=4),F1447&\".\",\"\"),IF($A1447=\"S\",G1447&\".\",\"\")))","v":"18.2."},{"$f":"IF(NOT(ISERROR($Y1447)),IF($Y1447<>FALSE,INDEX(Banco,$Y1447,4),\"\"),\"\")","v":""},null,null,"Atividade 114 - Reunião de encerramento do PTS região Parque São João",{"$f":"IF(NOT(ISERROR($Y1447)),IF($Y1447<>FALSE,INDEX(Banco,$Y1447,6),\"\"),\"\")","v":""},null,{"$f":"IF(NOT(ISERROR($Y1447)),IF($Y1447<>FALSE,INDEX(Banco,$Y1447,7),0),0)","v":0},"DI 1",{"$f":"IF($J1447=$G$2,ROUND(ROUND($R1447,2)*IF($R$9=\"Preço Unitário (R$)\",1,1+$AA1447),2),0)","v":0},{"$f":"IF($A1447=\"S\",VTOTAL1,IF($A1447=0,0,ROUND(SomaAgrup,2)))","v":12743.66},null,{"$f":"IF(OR($A1447=0,$A1447=\"S\",$A1447>CFF!$A$9),\"\",MAX(W$11:OFFSET(W1447,-1,0))+1)","v":132},{"$f":"IF(AND($J1447=$G$2,$N1447<>\"\",$M1447<>\"\"),CONCATENATE($M1447,\"-\",$N1447))","v":false},{"$f":"IF(X1447<>FALSE,MATCH(X1447,OFFSET(Banco,0,0,,1),0))","v":false},null,{"$f":"IF($J1447=$G$2,ROUND(IF(ISNUMBER(S1447),S1447,IF(LEFT(S1447,2)=\"DI\",HLOOKUP(S1447,DADOS!$T$29:$X$30,2,FALSE),0)),4),\"\")","v":""}]
[{"$f":"CHOOSE(1+LOG(1+2*(J1448=$C$2)+4*(J1448=$D$2)+8*(J1448=$E$2)+16*(J1448=$F$2)+32*(J1448=$G$2),2),0,1,2,3,4,\"S\")","v":"S"},{"$f":"IF(OR(A1448=\"S\",A1448=0),0,IF(ISERROR(I1448),H1448,SMALL(H1448:I1448,1)))","v":0},{"$f":"IF($A1448=1,OFFSET(C1448,-1,0)+1,OFFSET(C1448,-1,0))","v":18},{"$f":"IF($A1448=1,0,IF($A1448=2,OFFSET(D1448,-1,0)+1,OFFSET(D1448,-1,0)))","v":2},{"$f":"IF(AND($A1448<=2,$A1448<>0),0,IF($A1448=3,OFFSET(E1448,-1,0)+1,OFFSET(E1448,-1,0)))","v":0},{"$f":"IF(AND($A1448<=3,$A1448<>0),0,IF($A1448=4,OFFSET(F1448,-1,0)+1,OFFSET(F1448,-1,0)))","v":0},{"$f":"IF(AND($A1448<=4,$A1448<>0),0,IF($A1448=\"S\",OFFSET(G1448,-1,0)+1,OFFSET(G1448,-1,0)))","v":1},{"$f":"IF(OR($A1448=\"S\",$A1448=0),0,MATCH(0,OFFSET($B1448,1,$A1448,ROW($A$1504)-ROW($A1448)),0))","v":0},{"$f":"IF(OR($A1448=\"S\",$A1448=0),0,MATCH(OFFSET($B1448,0,$A1448)+1,OFFSET($B1448,1,$A1448,ROW($A$1504)-ROW($A1448)),0))","v":0},"Insumo",{"$f":"IF($A1448=0,\"-\",CONCATENATE(C1448&\".\",IF(AND($A$5>=2,$A1448>=2),D1448&\".\",\"\"),IF(AND($A$5>=3,$A1448>=3),E1448&\".\",\"\"),IF(AND($A$5>=4,$A1448>=4),F1448&\".\",\"\"),IF($A1448=\"S\",G1448&\".\",\"\")))","v":"18.2.1."},{"$f":"IF(NOT(ISERROR($Y1448)),IF($Y1448<>FALSE,INDEX(Banco,$Y1448,4),\"\"),\"\")","v":"CRESS"},"Rec. Humanos","001",{"$f":"IF(NOT(ISERROR($Y1448)),IF($Y1448<>FALSE,INDEX(Banco,$Y1448,5),\"\"),\"\")","v":"Responsável Técnica"},{"$f":"IF(NOT(ISERROR($Y1448)),IF($Y1448<>FALSE,INDEX(Banco,$Y1448,6),\"\"),\"\")","v":"Horas"},8,{"$f":"IF(NOT(ISERROR($Y1448)),IF($Y1448<>FALSE,INDEX(Banco,$Y1448,7),0),0)","v":150.28},"DI 1",{"$f":"IF($J1448=$G$2,ROUND(ROUND($R1448,2)*IF($R$9=\"Preço Unitário (R$)\",1,1+$AA1448),2),0)","v":187.85},{"$f":"IF($A1448=\"S\",VTOTAL1,IF($A1448=0,0,ROUND(SomaAgrup,2)))","v":1502.8},null,{"$f":"IF(OR($A1448=0,$A1448=\"S\",$A1448>CFF!$A$9),\"\",MAX(W$11:OFFSET(W1448,-1,0))+1)","v":""},{"$f":"IF(AND($J1448=$G$2,$N1448<>\"\",$M1448<>\"\"),CONCATENATE($M1448,\"-\",$N1448))","v":"Rec. Humanos-001"},{"$f":"IF(X1448<>FALSE,MATCH(X1448,OFFSET(Banco,0,0,,1),0))","v":3},null,{"$f":"IF($J1448=$G$2,ROUND(IF(ISNUMBER(S1448),S1448,IF(LEFT(S1448,2)=\"DI\",HLOOKUP(S1448,DADOS!$T$29:$X$30,2,FALSE),0)),4),\"\")","v":0.25}]
["S",0,{"$f":"IF($A1449=1,OFFSET(C1449,-1,0)+1,OFFSET(C1449,-1,0))","v":18},{"$f":"IF($A1449=1,0,IF($A1449=2,OFFSET(D1449,-1,0)+1,OFFSET(D1449,-1,0)))","v":2},{"$f":"IF(AND($A1449<=2,$A1449<>0),0,IF($A1449=3,OFFSET(E1449,-1,0)+1,OFFSET(E1449,-1,0)))","v":0},{"$f":"IF(AND($A1449<=3,$A1449<>0),0,IF($A1449=4,OFFSET(F1449,-1,0)+1,OFFSET(F1449,-1,0)))","v":0},{"$f":"IF(AND($A1449<=4,$A1449<>0),0,IF($A1449=\"S\",OFFSET(G1449,-1,0)+1,OFFSET(G1449,-1,0)))","v":2},{"$f":"IF(OR($A1449=\"S\",$A1449=0),0,MATCH(0,OFFSET($B1449,1,$A1449,ROW($A$1504)-ROW($A1449)),0))","v":0},{"$f":"IF(OR($A1449=\"S\",$A1449=0),0,MATCH(OFFSET($B1449,0,$A1449)+1,OFFSET($B1449,1,$A1449,ROW($A$1504)-ROW($A1449)),0))","v":0},"Insumo",{"$f":"IF($A1449=0,\"-\",CONCATENATE(C1449&\".\",IF(AND($A$5>=2,$A1449>=2),D1449&\".\",\"\"),IF(AND($A$5>=3,$A1449>=3),E1449&\".\",\"\"),IF(AND($A$5>=4,$A1449>=4),F1449&\".\",\"\"),IF($A1449=\"S\",G1449&\".\",\"\")))","v":"18.2.2."},{"$f":"IF(NOT(ISERROR($Y1449)),IF($Y1449<>FALSE,INDEX(Banco,$Y1449,4),\"\"),\"\")","v":"CRESS"},"Rec. Humanos","002",{"$f":"IF(NOT(ISERROR($Y1449)),IF($Y1449<>FALSE,INDEX(Banco,$Y1449,5),\"\"),\"\")","v":"Assistente Social"},{"$f":"IF(NOT(ISERROR($Y1449)),IF($Y1449<>FALSE,INDEX(Banco,$Y1449,6),\"\"),\"\")","v":"Horas"},14,{"$f":"IF(NOT(ISERROR($Y1449)),IF($Y1449<>FALSE,INDEX(Banco,$Y1449,7),0),0)","v":133.81},"DI 1",{"$f":"IF($J1449=$G$2,ROUND(ROUND($R1449,2)*IF($R$9=\"Preço Unitário (R$)\",1,1+$AA1449),2),0)","v":167.26},{"$f":"IF($A1449=\"S\",VTOTAL1,IF($A1449=0,0,ROUND(SomaAgrup,2)))","v":2341.64},null,{"$f":"IF(OR($A1449=0,$A1449=\"S\",$A1449>CFF!$A$9),\"\",MAX(W$11:OFFSET(W1449,-1,0))+1)","v":""},{"$f":"IF(AND($J1449=$G$2,$N1449<>\"\",$M1449<>\"\"),CONCATENATE($M1449,\"-\",$N1449))","v":"Rec. Humanos-002"},4,null,{"$f":"IF($J1449=$G$2,ROUND(IF(ISNUMBER(S1449),S1449,IF(LEFT(S1449,2)=\"DI\",HLOOKUP(S1449,DADOS!$T$29:$X$30,2,FALSE),0)),4),\"\")","v":0.25}]
["S",0,{"$f":"IF($A1450=1,OFFSET(C1450,-1,0)+1,OFFSET(C1450,-1,0))","v":18},{"$f":"IF($A1450=1,0,IF($A1450=2,OFFSET(D1450,-1,0)+1,OFFSET(D1450,-1,0)))","v":2},{"$f":"IF(AND($A1450<=2,$A1450<>0),0,IF($A1450=3,OFFSET(E1450,-1,0)+1,OFFSET(E1450,-1,0)))","v":0},{"$f":"IF(AND($A1450<=3,$A1450<>0),0,IF($A1450=4,OFFSET(F1450,-1,0)+1,OFFSET(F1450,-1,0)))","v":0},{"$f":"IF(AND($A1450<=4,$A1450<>0),0,IF($A1450=\"S\",OFFSET(G1450,-1,0)+1,OFFSET(G1450,-1,0)))","v":3},{"$f":"IF(OR($A1450=\"S\",$A1450=0),0,MATCH(0,OFFSET($B1450,1,$A1450,ROW($A$1504)-ROW($A1450)),0))","v":0},{"$f":"IF(OR($A1450=\"S\",$A1450=0),0,MATCH(OFFSET($B1450,0,$A1450)+1,OFFSET($B1450,1,$A1450,ROW($A$1504)-ROW($A1450)),0))","v":0},"Insumo",{"$f":"IF($A1450=0,\"-\",CONCATENATE(C1450&\".\",IF(AND($A$5>=2,$A1450>=2),D1450&\".\",\"\"),IF(AND($A$5>=3,$A1450>=3),E1450&\".\",\"\"),IF(AND($A$5>=4,$A1450>=4),F1450&\".\",\"\"),IF($A1450=\"S\",G1450&\".\",\"\")))","v":"18.2.3."},{"$f":"IF(NOT(ISERROR($Y1450)),IF($Y1450<>FALSE,INDEX(Banco,$Y1450,4),\"\"),\"\")","v":"Cotação"},"Rec. Humanos","003",{"$f":"IF(NOT(ISERROR($Y1450)),IF($Y1450<>FALSE,INDEX(Banco,$Y1450,5),\"\"),\"\")","v":"Administrador (Técnico de Apoio) "},{"$f":"IF(NOT(ISERROR($Y1450)),IF($Y1450<>FALSE,INDEX(Banco,$Y1450,6),\"\"),\"\")","v":"Horas"},6,{"$f":"IF(NOT(ISERROR($Y1450)),IF($Y1450<>FALSE,INDEX(Banco,$Y1450,7),0),0)","v":103.65},"DI 1",{"$f":"IF($J1450=$G$2,ROUND(ROUND($R1450,2)*IF($R$9=\"Preço Unitário (R$)\",1,1+$AA1450),2),0)","v":129.56},{"$f":"IF($A1450=\"S\",VTOTAL1,IF($A1450=0,0,ROUND(SomaAgrup,2)))","v":777.36},null,{"$f":"IF(OR($A1450=0,$A1450=\"S\",$A1450>CFF!$A$9),\"\",MAX(W$11:OFFSET(W1450,-1,0))+1)","v":""},{"$f":"IF(AND($J1450=$G$2,$N1450<>\"\",$M1450<>\"\"),CONCATENATE($M1450,\"-\",$N1450))","v":"Rec. Humanos-003"},5,null,{"$f":"IF($J1450=$G$2,ROUND(IF(ISNUMBER(S1450),S1450,IF(LEFT(S1450,2)=\"DI\",HLOOKUP(S1450,DADOS!$T$29:$X$30,2,FALSE),0)),4),\"\")","v":0.25}]
["S",0,{"$f":"IF($A1451=1,OFFSET(C1451,-1,0)+1,OFFSET(C1451,-1,0))","v":18},{"$f":"IF($A1451=1,0,IF($A1451=2,OFFSET(D1451,-1,0)+1,OFFSET(D1451,-1,0)))","v":2},{"$f":"IF(AND($A1451<=2,$A1451<>0),0,IF($A1451=3,OFFSET(E1451,-1,0)+1,OFFSET(E1451,-1,0)))","v":0},{"$f":"IF(AND($A1451<=3,$A1451<>0),0,IF($A1451=4,OFFSET(F1451,-1,0)+1,OFFSET(F1451,-1,0)))","v":0},{"$f":"IF(AND($A1451<=4,$A1451<>0),0,IF($A1451=\"S\",OFFSET(G1451,-1,0)+1,OFFSET(G1451,-1,0)))","v":4},{"$f":"IF(OR($A1451=\"S\",$A1451=0),0,MATCH(0,OFFSET($B1451,1,$A1451,ROW($A$1504)-ROW($A1451)),0))","v":0},{"$f":"IF(OR($A1451=\"S\",$A1451=0),0,MATCH(OFFSET($B1451,0,$A1451)+1,OFFSET($B1451,1,$A1451,ROW($A$1504)-ROW($A1451)),0))","v":0},"Insumo",{"$f":"IF($A1451=0,\"-\",CONCATENATE(C1451&\".\",IF(AND($A$5>=2,$A1451>=2),D1451&\".\",\"\"),IF(AND($A$5>=3,$A1451>=3),E1451&\".\",\"\"),IF(AND($A$5>=4,$A1451>=4),F1451&\".\",\"\"),IF($A1451=\"S\",G1451&\".\",\"\")))","v":"18.2.4."},{"$f":"IF(NOT(ISERROR($Y1451)),IF($Y1451<>FALSE,INDEX(Banco,$Y1451,4),\"\"),\"\")","v":"SINE"},"Rec. Humanos","004",{"$f":"IF(NOT(ISERROR($Y1451)),IF($Y1451<>FALSE,INDEX(Banco,$Y1451,5),\"\"),\"\")","v":"Estagiários"},{"$f":"IF(NOT(ISERROR($Y1451)),IF($Y1451<>FALSE,INDEX(Banco,$Y1451,6),\"\"),\"\")","v":"Horas"},16,{"$f":"IF(NOT(ISERROR($Y1451)),IF($Y1451<>FALSE,INDEX(Banco,$Y1451,7),0),0)","v":9.7899999999999991},"DI 1",{"$f":"IF($J1451=$G$2,ROUND(ROUND($R1451,2)*IF($R$9=\"Preço Unitário (R$)\",1,1+$AA1451),2),0)","v":12.24},{"$f":"IF($A1451=\"S\",VTOTAL1,IF($A1451=0,0,ROUND(SomaAgrup,2)))","v":195.84},null,{"$f":"IF(OR($A1451=0,$A1451=\"S\",$A1451>CFF!$A$9),\"\",MAX(W$11:OFFSET(W1451,-1,0))+1)","v":""},{"$f":"IF(AND($J1451=$G$2,$N1451<>\"\",$M1451<>\"\"),CONCATENATE($M1451,\"-\",$N1451))","v":"Rec. Humanos-004"},6,null,{"$f":"IF($J1451=$G$2,ROUND(IF(ISNUMBER(S1451),S1451,IF(LEFT(S1451,2)=\"DI\",HLOOKUP(S1451,DADOS!$T$29:$X$30,2,FALSE),0)),4),\"\")","v":0.25}]
["S",0,{"$f":"IF($A1452=1,OFFSET(C1452,-1,0)+1,OFFSET(C1452,-1,0))","v":18},{"$f":"IF($A1452=1,0,IF($A1452=2,OFFSET(D1452,-1,0)+1,OFFSET(D1452,-1,0)))","v":2},{"$f":"IF(AND($A1452<=2,$A1452<>0),0,IF($A1452=3,OFFSET(E1452,-1,0)+1,OFFSET(E1452,-1,0)))","v":0},{"$f":"IF(AND($A1452<=3,$A1452<>0),0,IF($A1452=4,OFFSET(F1452,-1,0)+1,OFFSET(F1452,-1,0)))","v":0},{"$f":"IF(AND($A1452<=4,$A1452<>0),0,IF($A1452=\"S\",OFFSET(G1452,-1,0)+1,OFFSET(G1452,-1,0)))","v":5},{"$f":"IF(OR($A1452=\"S\",$A1452=0),0,MATCH(0,OFFSET($B1452,1,$A1452,ROW($A$1504)-ROW($A1452)),0))","v":0},{"$f":"IF(OR($A1452=\"S\",$A1452=0),0,MATCH(OFFSET($B1452,0,$A1452)+1,OFFSET($B1452,1,$A1452,ROW($A$1504)-ROW($A1452)),0))","v":0},"Insumo",{"$f":"IF($A1452=0,\"-\",CONCATENATE(C1452&\".\",IF(AND($A$5>=2,$A1452>=2),D1452&\".\",\"\"),IF(AND($A$5>=3,$A1452>=3),E1452&\".\",\"\"),IF(AND($A$5>=4,$A1452>=4),F1452&\".\",\"\"),IF($A1452=\"S\",G1452&\".\",\"\")))","v":"18.2.5."},{"$f":"IF(NOT(ISERROR($Y1452)),IF($Y1452<>FALSE,INDEX(Banco,$Y1452,4),\"\"),\"\")","v":"Cotação"},"Serv. Terc.","001",{"$f":"IF(NOT(ISERROR($Y1452)),IF($Y1452<>FALSE,INDEX(Banco,$Y1452,5),\"\"),\"\")","v":"Fotocópias"},{"$f":"IF(NOT(ISERROR($Y1452)),IF($Y1452<>FALSE,INDEX(Banco,$Y1452,6),\"\"),\"\")","v":"Unidade"},288,{"$f":"IF(NOT(ISERROR($Y1452)),IF($Y1452<>FALSE,INDEX(Banco,$Y1452,7),0),0)","v":0.3},"DI 1",{"$f":"IF($J1452=$G$2,ROUND(ROUND($R1452,2)*IF($R$9=\"Preço Unitário (R$)\",1,1+$AA1452),2),0)","v":0.38},{"$f":"IF($A1452=\"S\",VTOTAL1,IF($A1452=0,0,ROUND(SomaAgrup,2)))","v":109.44},null,{"$f":"IF(OR($A1452=0,$A1452=\"S\",$A1452>CFF!$A$9),\"\",MAX(W$11:OFFSET(W1452,-1,0))+1)","v":""},{"$f":"IF(AND($J1452=$G$2,$N1452<>\"\",$M1452<>\"\"),CONCATENATE($M1452,\"-\",$N1452))","v":"Serv. Terc.-001"},81,null,{"$f":"IF($J1452=$G$2,ROUND(IF(ISNUMBER(S1452),S1452,IF(LEFT(S1452,2)=\"DI\",HLOOKUP(S1452,DADOS!$T$29:$X$30,2,FALSE),0)),4),\"\")","v":0.25}]
[{"$f":"CHOOSE(1+LOG(1+2*(J1453=$C$2)+4*(J1453=$D$2)+8*(J1453=$E$2)+16*(J1453=$F$2)+32*(J1453=$G$2),2),0,1,2,3,4,\"S\")","v":"S"},{"$f":"IF(OR(A1453=\"S\",A1453=0),0,IF(ISERROR(I1453),H1453,SMALL(H1453:I1453,1)))","v":0},{"$f":"IF($A1453=1,OFFSET(C1453,-1,0)+1,OFFSET(C1453,-1,0))","v":18},{"$f":"IF($A1453=1,0,IF($A1453=2,OFFSET(D1453,-1,0)+1,OFFSET(D1453,-1,0)))","v":2},{"$f":"IF(AND($A1453<=2,$A1453<>0),0,IF($A1453=3,OFFSET(E1453,-1,0)+1,OFFSET(E1453,-1,0)))","v":0},{"$f":"IF(AND($A1453<=3,$A1453<>0),0,IF($A1453=4,OFFSET(F1453,-1,0)+1,OFFSET(F1453,-1,0)))","v":0},{"$f":"IF(AND($A1453<=4,$A1453<>0),0,IF($A1453=\"S\",OFFSET(G1453,-1,0)+1,OFFSET(G1453,-1,0)))","v":6},{"$f":"IF(OR($A1453=\"S\",$A1453=0),0,MATCH(0,OFFSET($B1453,1,$A1453,ROW($A$1504)-ROW($A1453)),0))","v":0},{"$f":"IF(OR($A1453=\"S\",$A1453=0),0,MATCH(OFFSET($B1453,0,$A1453)+1,OFFSET($B1453,1,$A1453,ROW($A$1504)-ROW($A1453)),0))","v":0},"Insumo",{"$f":"IF($A1453=0,\"-\",CONCATENATE(C1453&\".\",IF(AND($A$5>=2,$A1453>=2),D1453&\".\",\"\"),IF(AND($A$5>=3,$A1453>=3),E1453&\".\",\"\"),IF(AND($A$5>=4,$A1453>=4),F1453&\".\",\"\"),IF($A1453=\"S\",G1453&\".\",\"\")))","v":"18.2.6."},{"$f":"IF(NOT(ISERROR($Y1453)),IF($Y1453<>FALSE,INDEX(Banco,$Y1453,4),\"\"),\"\")","v":"Cotação"},"Serv. Terc.","017",{"$f":"IF(NOT(ISERROR($Y1453)),IF($Y1453<>FALSE,INDEX(Banco,$Y1453,5),\"\"),\"\")","v":"Instrutor/Monitor (Educação Fisíca)"},{"$f":"IF(NOT(ISERROR($Y1453)),IF($Y1453<>FALSE,INDEX(Banco,$Y1453,6),\"\"),\"\")","v":"Horas"},3,{"$f":"IF(NOT(ISERROR($Y1453)),IF($Y1453<>FALSE,INDEX(Banco,$Y1453,7),0),0)","v":100},"DI 1",{"$f":"IF($J1453=$G$2,ROUND(ROUND($R1453,2)*IF($R$9=\"Preço Unitário (R$)\",1,1+$AA1453),2),0)","v":125},{"$f":"IF($A1453=\"S\",VTOTAL1,IF($A1453=0,0,ROUND(SomaAgrup,2)))","v":375},null,{"$f":"IF(OR($A1453=0,$A1453=\"S\",$A1453>CFF!$A$9),\"\",MAX(W$11:OFFSET(W1453,-1,0))+1)","v":""},{"$f":"IF(AND($J1453=$G$2,$N1453<>\"\",$M1453<>\"\"),CONCATENATE($M1453,\"-\",$N1453))","v":"Serv. Terc.-017"},{"$f":"IF(X1453<>FALSE,MATCH(X1453,OFFSET(Banco,0,0,,1),0))","v":97},null,{"$f":"IF($J1453=$G$2,ROUND(IF(ISNUMBER(S1453),S1453,IF(LEFT(S1453,2)=\"DI\",HLOOKUP(S1453,DADOS!$T$29:$X$30,2,FALSE),0)),4),\"\")","v":0.25}]
["S",0,{"$f":"IF($A1454=1,OFFSET(C1454,-1,0)+1,OFFSET(C1454,-1,0))","v":18},{"$f":"IF($A1454=1,0,IF($A1454=2,OFFSET(D1454,-1,0)+1,OFFSET(D1454,-1,0)))","v":2},{"$f":"IF(AND($A1454<=2,$A1454<>0),0,IF($A1454=3,OFFSET(E1454,-1,0)+1,OFFSET(E1454,-1,0)))","v":0},{"$f":"IF(AND($A1454<=3,$A1454<>0),0,IF($A1454=4,OFFSET(F1454,-1,0)+1,OFFSET(F1454,-1,0)))","v":0},{"$f":"IF(AND($A1454<=4,$A1454<>0),0,IF($A1454=\"S\",OFFSET(G1454,-1,0)+1,OFFSET(G1454,-1,0)))","v":7},{"$f":"IF(OR($A1454=\"S\",$A1454=0),0,MATCH(0,OFFSET($B1454,1,$A1454,ROW($A$1504)-ROW($A1454)),0))","v":0},{"$f":"IF(OR($A1454=\"S\",$A1454=0),0,MATCH(OFFSET($B1454,0,$A1454)+1,OFFSET($B1454,1,$A1454,ROW($A$1504)-ROW($A1454)),0))","v":0},"Insumo",{"$f":"IF($A1454=0,\"-\",CONCATENATE(C1454&\".\",IF(AND($A$5>=2,$A1454>=2),D1454&\".\",\"\"),IF(AND($A$5>=3,$A1454>=3),E1454&\".\",\"\"),IF(AND($A$5>=4,$A1454>=4),F1454&\".\",\"\"),IF($A1454=\"S\",G1454&\".\",\"\")))","v":"18.2.7."},{"$f":"IF(NOT(ISERROR($Y1454)),IF($Y1454<>FALSE,INDEX(Banco,$Y1454,4),\"\"),\"\")","v":"Cotação"},"Serv. Terc.","002",{"$f":"IF(NOT(ISERROR($Y1454)),IF($Y1454<>FALSE,INDEX(Banco,$Y1454,5),\"\"),\"\")","v":"Carro de som com gravação de vinheta"},{"$f":"IF(NOT(ISERROR($Y1454)),IF($Y1454<>FALSE,INDEX(Banco,$Y1454,6),\"\"),\"\")","v":"Horas"},3,{"$f":"IF(NOT(ISERROR($Y1454)),IF($Y1454<>FALSE,INDEX(Banco,$Y1454,7),0),0)","v":200},"DI 1",{"$f":"IF($J1454=$G$2,ROUND(ROUND($R1454,2)*IF($R$9=\"Preço Unitário (R$)\",1,1+$AA1454),2),0)","v":250},{"$f":"IF($A1454=\"S\",VTOTAL1,IF($A1454=0,0,ROUND(SomaAgrup,2)))","v":750},null,{"$f":"IF(OR($A1454=0,$A1454=\"S\",$A1454>CFF!$A$9),\"\",MAX(W$11:OFFSET(W1454,-1,0))+1)","v":""},{"$f":"IF(AND($J1454=$G$2,$N1454<>\"\",$M1454<>\"\"),CONCATENATE($M1454,\"-\",$N1454))","v":"Serv. Terc.-002"},82,null,{"$f":"IF($J1454=$G$2,ROUND(IF(ISNUMBER(S1454),S1454,IF(LEFT(S1454,2)=\"DI\",HLOOKUP(S1454,DADOS!$T$29:$X$30,2,FALSE),0)),4),\"\")","v":0.25}]
["S",0,{"$f":"IF($A1455=1,OFFSET(C1455,-1,0)+1,OFFSET(C1455,-1,0))","v":18},{"$f":"IF($A1455=1,0,IF($A1455=2,OFFSET(D1455,-1,0)+1,OFFSET(D1455,-1,0)))","v":2},{"$f":"IF(AND($A1455<=2,$A1455<>0),0,IF($A1455=3,OFFSET(E1455,-1,0)+1,OFFSET(E1455,-1,0)))","v":0},{"$f":"IF(AND($A1455<=3,$A1455<>0),0,IF($A1455=4,OFFSET(F1455,-1,0)+1,OFFSET(F1455,-1,0)))","v":0},{"$f":"IF(AND($A1455<=4,$A1455<>0),0,IF($A1455=\"S\",OFFSET(G1455,-1,0)+1,OFFSET(G1455,-1,0)))","v":8},{"$f":"IF(OR($A1455=\"S\",$A1455=0),0,MATCH(0,OFFSET($B1455,1,$A1455,ROW($A$1504)-ROW($A1455)),0))","v":0},{"$f":"IF(OR($A1455=\"S\",$A1455=0),0,MATCH(OFFSET($B1455,0,$A1455)+1,OFFSET($B1455,1,$A1455,ROW($A$1504)-ROW($A1455)),0))","v":0},"Insumo",{"$f":"IF($A1455=0,\"-\",CONCATENATE(C1455&\".\",IF(AND($A$5>=2,$A1455>=2),D1455&\".\",\"\"),IF(AND($A$5>=3,$A1455>=3),E1455&\".\",\"\"),IF(AND($A$5>=4,$A1455>=4),F1455&\".\",\"\"),IF($A1455=\"S\",G1455&\".\",\"\")))","v":"18.2.8."},{"$f":"IF(NOT(ISERROR($Y1455)),IF($Y1455<>FALSE,INDEX(Banco,$Y1455,4),\"\"),\"\")","v":"Cotação"},"Serv. Terc.","003",{"$f":"IF(NOT(ISERROR($Y1455)),IF($Y1455<>FALSE,INDEX(Banco,$Y1455,5),\"\"),\"\")","v":"Locação de mesas"},{"$f":"IF(NOT(ISERROR($Y1455)),IF($Y1455<>FALSE,INDEX(Banco,$Y1455,6),\"\"),\"\")","v":"Unidade"},20,{"$f":"IF(NOT(ISERROR($Y1455)),IF($Y1455<>FALSE,INDEX(Banco,$Y1455,7),0),0)","v":3},"DI 1",{"$f":"IF($J1455=$G$2,ROUND(ROUND($R1455,2)*IF($R$9=\"Preço Unitário (R$)\",1,1+$AA1455),2),0)","v":3.75},{"$f":"IF($A1455=\"S\",VTOTAL1,IF($A1455=0,0,ROUND(SomaAgrup,2)))","v":75},null,{"$f":"IF(OR($A1455=0,$A1455=\"S\",$A1455>CFF!$A$9),\"\",MAX(W$11:OFFSET(W1455,-1,0))+1)","v":""},{"$f":"IF(AND($J1455=$G$2,$N1455<>\"\",$M1455<>\"\"),CONCATENATE($M1455,\"-\",$N1455))","v":"Serv. Terc.-003"},83,null,{"$f":"IF($J1455=$G$2,ROUND(IF(ISNUMBER(S1455),S1455,IF(LEFT(S1455,2)=\"DI\",HLOOKUP(S1455,DADOS!$T$29:$X$30,2,FALSE),0)),4),\"\")","v":0.25}]
["S",0,{"$f":"IF($A1456=1,OFFSET(C1456,-1,0)+1,OFFSET(C1456,-1,0))","v":18},{"$f":"IF($A1456=1,0,IF($A1456=2,OFFSET(D1456,-1,0)+1,OFFSET(D1456,-1,0)))","v":2},{"$f":"IF(AND($A1456<=2,$A1456<>0),0,IF($A1456=3,OFFSET(E1456,-1,0)+1,OFFSET(E1456,-1,0)))","v":0},{"$f":"IF(AND($A1456<=3,$A1456<>0),0,IF($A1456=4,OFFSET(F1456,-1,0)+1,OFFSET(F1456,-1,0)))","v":0},{"$f":"IF(AND($A1456<=4,$A1456<>0),0,IF($A1456=\"S\",OFFSET(G1456,-1,0)+1,OFFSET(G1456,-1,0)))","v":9},{"$f":"IF(OR($A1456=\"S\",$A1456=0),0,MATCH(0,OFFSET($B1456,1,$A1456,ROW($A$1504)-ROW($A1456)),0))","v":0},{"$f":"IF(OR($A1456=\"S\",$A1456=0),0,MATCH(OFFSET($B1456,0,$A1456)+1,OFFSET($B1456,1,$A1456,ROW($A$1504)-ROW($A1456)),0))","v":0},"Insumo",{"$f":"IF($A1456=0,\"-\",CONCATENATE(C1456&\".\",IF(AND($A$5>=2,$A1456>=2),D1456&\".\",\"\"),IF(AND($A$5>=3,$A1456>=3),E1456&\".\",\"\"),IF(AND($A$5>=4,$A1456>=4),F1456&\".\",\"\"),IF($A1456=\"S\",G1456&\".\",\"\")))","v":"18.2.9."},{"$f":"IF(NOT(ISERROR($Y1456)),IF($Y1456<>FALSE,INDEX(Banco,$Y1456,4),\"\"),\"\")","v":"Cotação"},"Serv. Terc.","004",{"$f":"IF(NOT(ISERROR($Y1456)),IF($Y1456<>FALSE,INDEX(Banco,$Y1456,5),\"\"),\"\")","v":"Locação de cadeiras"},{"$f":"IF(NOT(ISERROR($Y1456)),IF($Y1456<>FALSE,INDEX(Banco,$Y1456,6),\"\"),\"\")","v":"Unidade"},400,{"$f":"IF(NOT(ISERROR($Y1456)),IF($Y1456<>FALSE,INDEX(Banco,$Y1456,7),0),0)","v":2},"DI 1",{"$f":"IF($J1456=$G$2,ROUND(ROUND($R1456,2)*IF($R$9=\"Preço Unitário (R$)\",1,1+$AA1456),2),0)","v":2.5},{"$f":"IF($A1456=\"S\",VTOTAL1,IF($A1456=0,0,ROUND(SomaAgrup,2)))","v":1000},null,{"$f":"IF(OR($A1456=0,$A1456=\"S\",$A1456>CFF!$A$9),\"\",MAX(W$11:OFFSET(W1456,-1,0))+1)","v":""},{"$f":"IF(AND($J1456=$G$2,$N1456<>\"\",$M1456<>\"\"),CONCATENATE($M1456,\"-\",$N1456))","v":"Serv. Terc.-004"},84,null,{"$f":"IF($J1456=$G$2,ROUND(IF(ISNUMBER(S1456),S1456,IF(LEFT(S1456,2)=\"DI\",HLOOKUP(S1456,DADOS!$T$29:$X$30,2,FALSE),0)),4),\"\")","v":0.25}]
["S",0,{"$f":"IF($A1457=1,OFFSET(C1457,-1,0)+1,OFFSET(C1457,-1,0))","v":18},{"$f":"IF($A1457=1,0,IF($A1457=2,OFFSET(D1457,-1,0)+1,OFFSET(D1457,-1,0)))","v":2},{"$f":"IF(AND($A1457<=2,$A1457<>0),0,IF($A1457=3,OFFSET(E1457,-1,0)+1,OFFSET(E1457,-1,0)))","v":0},{"$f":"IF(AND($A1457<=3,$A1457<>0),0,IF($A1457=4,OFFSET(F1457,-1,0)+1,OFFSET(F1457,-1,0)))","v":0},{"$f":"IF(AND($A1457<=4,$A1457<>0),0,IF($A1457=\"S\",OFFSET(G1457,-1,0)+1,OFFSET(G1457,-1,0)))","v":10},{"$f":"IF(OR($A1457=\"S\",$A1457=0),0,MATCH(0,OFFSET($B1457,1,$A1457,ROW($A$1504)-ROW($A1457)),0))","v":0},{"$f":"IF(OR($A1457=\"S\",$A1457=0),0,MATCH(OFFSET($B1457,0,$A1457)+1,OFFSET($B1457,1,$A1457,ROW($A$1504)-ROW($A1457)),0))","v":0},"Insumo",{"$f":"IF($A1457=0,\"-\",CONCATENATE(C1457&\".\",IF(AND($A$5>=2,$A1457>=2),D1457&\".\",\"\"),IF(AND($A$5>=3,$A1457>=3),E1457&\".\",\"\"),IF(AND($A$5>=4,$A1457>=4),F1457&\".\",\"\"),IF($A1457=\"S\",G1457&\".\",\"\")))","v":"18.2.10."},{"$f":"IF(NOT(ISERROR($Y1457)),IF($Y1457<>FALSE,INDEX(Banco,$Y1457,4),\"\"),\"\")","v":"Cotação"},"Serv. Terc.","005",{"$f":"IF(NOT(ISERROR($Y1457)),IF($Y1457<>FALSE,INDEX(Banco,$Y1457,5),\"\"),\"\")","v":"Locação de caixa térmica"},{"$f":"IF(NOT(ISERROR($Y1457)),IF($Y1457<>FALSE,INDEX(Banco,$Y1457,6),\"\"),\"\")","v":"Unidade"},2,{"$f":"IF(NOT(ISERROR($Y1457)),IF($Y1457<>FALSE,INDEX(Banco,$Y1457,7),0),0)","v":40},"DI 1",{"$f":"IF($J1457=$G$2,ROUND(ROUND($R1457,2)*IF($R$9=\"Preço Unitário (R$)\",1,1+$AA1457),2),0)","v":50},{"$f":"IF($A1457=\"S\",VTOTAL1,IF($A1457=0,0,ROUND(SomaAgrup,2)))","v":100},null,{"$f":"IF(OR($A1457=0,$A1457=\"S\",$A1457>CFF!$A$9),\"\",MAX(W$11:OFFSET(W1457,-1,0))+1)","v":""},{"$f":"IF(AND($J1457=$G$2,$N1457<>\"\",$M1457<>\"\"),CONCATENATE($M1457,\"-\",$N1457))","v":"Serv. Terc.-005"},85,null,{"$f":"IF($J1457=$G$2,ROUND(IF(ISNUMBER(S1457),S1457,IF(LEFT(S1457,2)=\"DI\",HLOOKUP(S1457,DADOS!$T$29:$X$30,2,FALSE),0)),4),\"\")","v":0.25}]
["S",0,{"$f":"IF($A1458=1,OFFSET(C1458,-1,0)+1,OFFSET(C1458,-1,0))","v":18},{"$f":"IF($A1458=1,0,IF($A1458=2,OFFSET(D1458,-1,0)+1,OFFSET(D1458,-1,0)))","v":2},{"$f":"IF(AND($A1458<=2,$A1458<>0),0,IF($A1458=3,OFFSET(E1458,-1,0)+1,OFFSET(E1458,-1,0)))","v":0},{"$f":"IF(AND($A1458<=3,$A1458<>0),0,IF($A1458=4,OFFSET(F1458,-1,0)+1,OFFSET(F1458,-1,0)))","v":0},{"$f":"IF(AND($A1458<=4,$A1458<>0),0,IF($A1458=\"S\",OFFSET(G1458,-1,0)+1,OFFSET(G1458,-1,0)))","v":11},{"$f":"IF(OR($A1458=\"S\",$A1458=0),0,MATCH(0,OFFSET($B1458,1,$A1458,ROW($A$1504)-ROW($A1458)),0))","v":0},{"$f":"IF(OR($A1458=\"S\",$A1458=0),0,MATCH(OFFSET($B1458,0,$A1458)+1,OFFSET($B1458,1,$A1458,ROW($A$1504)-ROW($A1458)),0))","v":0},"Insumo",{"$f":"IF($A1458=0,\"-\",CONCATENATE(C1458&\".\",IF(AND($A$5>=2,$A1458>=2),D1458&\".\",\"\"),IF(AND($A$5>=3,$A1458>=3),E1458&\".\",\"\"),IF(AND($A$5>=4,$A1458>=4),F1458&\".\",\"\"),IF($A1458=\"S\",G1458&\".\",\"\")))","v":"18.2.11."},{"$f":"IF(NOT(ISERROR($Y1458)),IF($Y1458<>FALSE,INDEX(Banco,$Y1458,4),\"\"),\"\")","v":"Cotação"},"Serv. Terc.","006",{"$f":"IF(NOT(ISERROR($Y1458)),IF($Y1458<>FALSE,INDEX(Banco,$Y1458,5),\"\"),\"\")","v":"Locação de tendas"},{"$f":"IF(NOT(ISERROR($Y1458)),IF($Y1458<>FALSE,INDEX(Banco,$Y1458,6),\"\"),\"\")","v":"Unidade"},3,{"$f":"IF(NOT(ISERROR($Y1458)),IF($Y1458<>FALSE,INDEX(Banco,$Y1458,7),0),0)","v":250},"DI 1",{"$f":"IF($J1458=$G$2,ROUND(ROUND($R1458,2)*IF($R$9=\"Preço Unitário (R$)\",1,1+$AA1458),2),0)","v":312.5},{"$f":"IF($A1458=\"S\",VTOTAL1,IF($A1458=0,0,ROUND(SomaAgrup,2)))","v":937.5},null,{"$f":"IF(OR($A1458=0,$A1458=\"S\",$A1458>CFF!$A$9),\"\",MAX(W$11:OFFSET(W1458,-1,0))+1)","v":""},{"$f":"IF(AND($J1458=$G$2,$N1458<>\"\",$M1458<>\"\"),CONCATENATE($M1458,\"-\",$N1458))","v":"Serv. Terc.-006"},86,null,{"$f":"IF($J1458=$G$2,ROUND(IF(ISNUMBER(S1458),S1458,IF(LEFT(S1458,2)=\"DI\",HLOOKUP(S1458,DADOS!$T$29:$X$30,2,FALSE),0)),4),\"\")","v":0.25}]
["S",0,{"$f":"IF($A1459=1,OFFSET(C1459,-1,0)+1,OFFSET(C1459,-1,0))","v":18},{"$f":"IF($A1459=1,0,IF($A1459=2,OFFSET(D1459,-1,0)+1,OFFSET(D1459,-1,0)))","v":2},{"$f":"IF(AND($A1459<=2,$A1459<>0),0,IF($A1459=3,OFFSET(E1459,-1,0)+1,OFFSET(E1459,-1,0)))","v":0},{"$f":"IF(AND($A1459<=3,$A1459<>0),0,IF($A1459=4,OFFSET(F1459,-1,0)+1,OFFSET(F1459,-1,0)))","v":0},{"$f":"IF(AND($A1459<=4,$A1459<>0),0,IF($A1459=\"S\",OFFSET(G1459,-1,0)+1,OFFSET(G1459,-1,0)))","v":12},{"$f":"IF(OR($A1459=\"S\",$A1459=0),0,MATCH(0,OFFSET($B1459,1,$A1459,ROW($A$1504)-ROW($A1459)),0))","v":0},{"$f":"IF(OR($A1459=\"S\",$A1459=0),0,MATCH(OFFSET($B1459,0,$A1459)+1,OFFSET($B1459,1,$A1459,ROW($A$1504)-ROW($A1459)),0))","v":0},"Insumo",{"$f":"IF($A1459=0,\"-\",CONCATENATE(C1459&\".\",IF(AND($A$5>=2,$A1459>=2),D1459&\".\",\"\"),IF(AND($A$5>=3,$A1459>=3),E1459&\".\",\"\"),IF(AND($A$5>=4,$A1459>=4),F1459&\".\",\"\"),IF($A1459=\"S\",G1459&\".\",\"\")))","v":"18.2.12."},{"$f":"IF(NOT(ISERROR($Y1459)),IF($Y1459<>FALSE,INDEX(Banco,$Y1459,4),\"\"),\"\")","v":"Cotação"},"Serv. Terc.","008",{"$f":"IF(NOT(ISERROR($Y1459)),IF($Y1459<>FALSE,INDEX(Banco,$Y1459,5),\"\"),\"\")","v":"Locação de pula-pula com monitor"},{"$f":"IF(NOT(ISERROR($Y1459)),IF($Y1459<>FALSE,INDEX(Banco,$Y1459,6),\"\"),\"\")","v":"Unidade"},2,{"$f":"IF(NOT(ISERROR($Y1459)),IF($Y1459<>FALSE,INDEX(Banco,$Y1459,7),0),0)","v":220},"DI 1",{"$f":"IF($J1459=$G$2,ROUND(ROUND($R1459,2)*IF($R$9=\"Preço Unitário (R$)\",1,1+$AA1459),2),0)","v":275},{"$f":"IF($A1459=\"S\",VTOTAL1,IF($A1459=0,0,ROUND(SomaAgrup,2)))","v":550},null,{"$f":"IF(OR($A1459=0,$A1459=\"S\",$A1459>CFF!$A$9),\"\",MAX(W$11:OFFSET(W1459,-1,0))+1)","v":""},{"$f":"IF(AND($J1459=$G$2,$N1459<>\"\",$M1459<>\"\"),CONCATENATE($M1459,\"-\",$N1459))","v":"Serv. Terc.-008"},88,null,{"$f":"IF($J1459=$G$2,ROUND(IF(ISNUMBER(S1459),S1459,IF(LEFT(S1459,2)=\"DI\",HLOOKUP(S1459,DADOS!$T$29:$X$30,2,FALSE),0)),4),\"\")","v":0.25}]
["S",0,{"$f":"IF($A1460=1,OFFSET(C1460,-1,0)+1,OFFSET(C1460,-1,0))","v":18},{"$f":"IF($A1460=1,0,IF($A1460=2,OFFSET(D1460,-1,0)+1,OFFSET(D1460,-1,0)))","v":2},{"$f":"IF(AND($A1460<=2,$A1460<>0),0,IF($A1460=3,OFFSET(E1460,-1,0)+1,OFFSET(E1460,-1,0)))","v":0},{"$f":"IF(AND($A1460<=3,$A1460<>0),0,IF($A1460=4,OFFSET(F1460,-1,0)+1,OFFSET(F1460,-1,0)))","v":0},{"$f":"IF(AND($A1460<=4,$A1460<>0),0,IF($A1460=\"S\",OFFSET(G1460,-1,0)+1,OFFSET(G1460,-1,0)))","v":13},{"$f":"IF(OR($A1460=\"S\",$A1460=0),0,MATCH(0,OFFSET($B1460,1,$A1460,ROW($A$1504)-ROW($A1460)),0))","v":0},{"$f":"IF(OR($A1460=\"S\",$A1460=0),0,MATCH(OFFSET($B1460,0,$A1460)+1,OFFSET($B1460,1,$A1460,ROW($A$1504)-ROW($A1460)),0))","v":0},"Insumo",{"$f":"IF($A1460=0,\"-\",CONCATENATE(C1460&\".\",IF(AND($A$5>=2,$A1460>=2),D1460&\".\",\"\"),IF(AND($A$5>=3,$A1460>=3),E1460&\".\",\"\"),IF(AND($A$5>=4,$A1460>=4),F1460&\".\",\"\"),IF($A1460=\"S\",G1460&\".\",\"\")))","v":"18.2.13."},{"$f":"IF(NOT(ISERROR($Y1460)),IF($Y1460<>FALSE,INDEX(Banco,$Y1460,4),\"\"),\"\")","v":"Cotação"},"Serv. Terc.","012",{"$f":"IF(NOT(ISERROR($Y1460)),IF($Y1460<>FALSE,INDEX(Banco,$Y1460,5),\"\"),\"\")","v":"Água (garrafão de 20 litros)"},{"$f":"IF(NOT(ISERROR($Y1460)),IF($Y1460<>FALSE,INDEX(Banco,$Y1460,6),\"\"),\"\")","v":"Unidade"},2,{"$f":"IF(NOT(ISERROR($Y1460)),IF($Y1460<>FALSE,INDEX(Banco,$Y1460,7),0),0)","v":10},"DI 1",{"$f":"IF($J1460=$G$2,ROUND(ROUND($R1460,2)*IF($R$9=\"Preço Unitário (R$)\",1,1+$AA1460),2),0)","v":12.5},{"$f":"IF($A1460=\"S\",VTOTAL1,IF($A1460=0,0,ROUND(SomaAgrup,2)))","v":25},null,{"$f":"IF(OR($A1460=0,$A1460=\"S\",$A1460>CFF!$A$9),\"\",MAX(W$11:OFFSET(W1460,-1,0))+1)","v":""},{"$f":"IF(AND($J1460=$G$2,$N1460<>\"\",$M1460<>\"\"),CONCATENATE($M1460,\"-\",$N1460))","v":"Serv. Terc.-012"},92,null,{"$f":"IF($J1460=$G$2,ROUND(IF(ISNUMBER(S1460),S1460,IF(LEFT(S1460,2)=\"DI\",HLOOKUP(S1460,DADOS!$T$29:$X$30,2,FALSE),0)),4),\"\")","v":0.25}]
["S",0,{"$f":"IF($A1461=1,OFFSET(C1461,-1,0)+1,OFFSET(C1461,-1,0))","v":18},{"$f":"IF($A1461=1,0,IF($A1461=2,OFFSET(D1461,-1,0)+1,OFFSET(D1461,-1,0)))","v":2},{"$f":"IF(AND($A1461<=2,$A1461<>0),0,IF($A1461=3,OFFSET(E1461,-1,0)+1,OFFSET(E1461,-1,0)))","v":0},{"$f":"IF(AND($A1461<=3,$A1461<>0),0,IF($A1461=4,OFFSET(F1461,-1,0)+1,OFFSET(F1461,-1,0)))","v":0},{"$f":"IF(AND($A1461<=4,$A1461<>0),0,IF($A1461=\"S\",OFFSET(G1461,-1,0)+1,OFFSET(G1461,-1,0)))","v":14},{"$f":"IF(OR($A1461=\"S\",$A1461=0),0,MATCH(0,OFFSET($B1461,1,$A1461,ROW($A$1504)-ROW($A1461)),0))","v":0},{"$f":"IF(OR($A1461=\"S\",$A1461=0),0,MATCH(OFFSET($B1461,0,$A1461)+1,OFFSET($B1461,1,$A1461,ROW($A$1504)-ROW($A1461)),0))","v":0},"Insumo",{"$f":"IF($A1461=0,\"-\",CONCATENATE(C1461&\".\",IF(AND($A$5>=2,$A1461>=2),D1461&\".\",\"\"),IF(AND($A$5>=3,$A1461>=3),E1461&\".\",\"\"),IF(AND($A$5>=4,$A1461>=4),F1461&\".\",\"\"),IF($A1461=\"S\",G1461&\".\",\"\")))","v":"18.2.14."},{"$f":"IF(NOT(ISERROR($Y1461)),IF($Y1461<>FALSE,INDEX(Banco,$Y1461,4),\"\"),\"\")","v":"Cotação "},"Serv. Terc.","011",{"$f":"IF(NOT(ISERROR($Y1461)),IF($Y1461<>FALSE,INDEX(Banco,$Y1461,5),\"\"),\"\")","v":"Barra de gelo"},{"$f":"IF(NOT(ISERROR($Y1461)),IF($Y1461<>FALSE,INDEX(Banco,$Y1461,6),\"\"),\"\")","v":"Unidade"},8,{"$f":"IF(NOT(ISERROR($Y1461)),IF($Y1461<>FALSE,INDEX(Banco,$Y1461,7),0),0)","v":12},"DI 1",{"$f":"IF($J1461=$G$2,ROUND(ROUND($R1461,2)*IF($R$9=\"Preço Unitário (R$)\",1,1+$AA1461),2),0)","v":15},{"$f":"IF($A1461=\"S\",VTOTAL1,IF($A1461=0,0,ROUND(SomaAgrup,2)))","v":120},null,{"$f":"IF(OR($A1461=0,$A1461=\"S\",$A1461>CFF!$A$9),\"\",MAX(W$11:OFFSET(W1461,-1,0))+1)","v":""},{"$f":"IF(AND($J1461=$G$2,$N1461<>\"\",$M1461<>\"\"),CONCATENATE($M1461,\"-\",$N1461))","v":"Serv. Terc.-011"},91,null,{"$f":"IF($J1461=$G$2,ROUND(IF(ISNUMBER(S1461),S1461,IF(LEFT(S1461,2)=\"DI\",HLOOKUP(S1461,DADOS!$T$29:$X$30,2,FALSE),0)),4),\"\")","v":0.25}]
["S",0,{"$f":"IF($A1462=1,OFFSET(C1462,-1,0)+1,OFFSET(C1462,-1,0))","v":18},{"$f":"IF($A1462=1,0,IF($A1462=2,OFFSET(D1462,-1,0)+1,OFFSET(D1462,-1,0)))","v":2},{"$f":"IF(AND($A1462<=2,$A1462<>0),0,IF($A1462=3,OFFSET(E1462,-1,0)+1,OFFSET(E1462,-1,0)))","v":0},{"$f":"IF(AND($A1462<=3,$A1462<>0),0,IF($A1462=4,OFFSET(F1462,-1,0)+1,OFFSET(F1462,-1,0)))","v":0},{"$f":"IF(AND($A1462<=4,$A1462<>0),0,IF($A1462=\"S\",OFFSET(G1462,-1,0)+1,OFFSET(G1462,-1,0)))","v":15},{"$f":"IF(OR($A1462=\"S\",$A1462=0),0,MATCH(0,OFFSET($B1462,1,$A1462,ROW($A$1504)-ROW($A1462)),0))","v":0},{"$f":"IF(OR($A1462=\"S\",$A1462=0),0,MATCH(OFFSET($B1462,0,$A1462)+1,OFFSET($B1462,1,$A1462,ROW($A$1504)-ROW($A1462)),0))","v":0},"Insumo",{"$f":"IF($A1462=0,\"-\",CONCATENATE(C1462&\".\",IF(AND($A$5>=2,$A1462>=2),D1462&\".\",\"\"),IF(AND($A$5>=3,$A1462>=3),E1462&\".\",\"\"),IF(AND($A$5>=4,$A1462>=4),F1462&\".\",\"\"),IF($A1462=\"S\",G1462&\".\",\"\")))","v":"18.2.15."},{"$f":"IF(NOT(ISERROR($Y1462)),IF($Y1462<>FALSE,INDEX(Banco,$Y1462,4),\"\"),\"\")","v":"Cotação"},"Serv. Terc.","013",{"$f":"IF(NOT(ISERROR($Y1462)),IF($Y1462<>FALSE,INDEX(Banco,$Y1462,5),\"\"),\"\")","v":"Sucos"},{"$f":"IF(NOT(ISERROR($Y1462)),IF($Y1462<>FALSE,INDEX(Banco,$Y1462,6),\"\"),\"\")","v":"Unidade"},12,{"$f":"IF(NOT(ISERROR($Y1462)),IF($Y1462<>FALSE,INDEX(Banco,$Y1462,7),0),0)","v":6.4},"DI 1",{"$f":"IF($J1462=$G$2,ROUND(ROUND($R1462,2)*IF($R$9=\"Preço Unitário (R$)\",1,1+$AA1462),2),0)","v":8},{"$f":"IF($A1462=\"S\",VTOTAL1,IF($A1462=0,0,ROUND(SomaAgrup,2)))","v":96},null,{"$f":"IF(OR($A1462=0,$A1462=\"S\",$A1462>CFF!$A$9),\"\",MAX(W$11:OFFSET(W1462,-1,0))+1)","v":""},{"$f":"IF(AND($J1462=$G$2,$N1462<>\"\",$M1462<>\"\"),CONCATENATE($M1462,\"-\",$N1462))","v":"Serv. Terc.-013"},93,null,{"$f":"IF($J1462=$G$2,ROUND(IF(ISNUMBER(S1462),S1462,IF(LEFT(S1462,2)=\"DI\",HLOOKUP(S1462,DADOS!$T$29:$X$30,2,FALSE),0)),4),\"\")","v":0.25}]
[{"$f":"CHOOSE(1+LOG(1+2*(J1463=$C$2)+4*(J1463=$D$2)+8*(J1463=$E$2)+16*(J1463=$F$2)+32*(J1463=$G$2),2),0,1,2,3,4,\"S\")","v":"S"},{"$f":"IF(OR(A1463=\"S\",A1463=0),0,IF(ISERROR(I1463),H1463,SMALL(H1463:I1463,1)))","v":0},{"$f":"IF($A1463=1,OFFSET(C1463,-1,0)+1,OFFSET(C1463,-1,0))","v":18},{"$f":"IF($A1463=1,0,IF($A1463=2,OFFSET(D1463,-1,0)+1,OFFSET(D1463,-1,0)))","v":2},{"$f":"IF(AND($A1463<=2,$A1463<>0),0,IF($A1463=3,OFFSET(E1463,-1,0)+1,OFFSET(E1463,-1,0)))","v":0},{"$f":"IF(AND($A1463<=3,$A1463<>0),0,IF($A1463=4,OFFSET(F1463,-1,0)+1,OFFSET(F1463,-1,0)))","v":0},{"$f":"IF(AND($A1463<=4,$A1463<>0),0,IF($A1463=\"S\",OFFSET(G1463,-1,0)+1,OFFSET(G1463,-1,0)))","v":16},{"$f":"IF(OR($A1463=\"S\",$A1463=0),0,MATCH(0,OFFSET($B1463,1,$A1463,ROW($A$1504)-ROW($A1463)),0))","v":0},{"$f":"IF(OR($A1463=\"S\",$A1463=0),0,MATCH(OFFSET($B1463,0,$A1463)+1,OFFSET($B1463,1,$A1463,ROW($A$1504)-ROW($A1463)),0))","v":0},"Insumo",{"$f":"IF($A1463=0,\"-\",CONCATENATE(C1463&\".\",IF(AND($A$5>=2,$A1463>=2),D1463&\".\",\"\"),IF(AND($A$5>=3,$A1463>=3),E1463&\".\",\"\"),IF(AND($A$5>=4,$A1463>=4),F1463&\".\",\"\"),IF($A1463=\"S\",G1463&\".\",\"\")))","v":"18.2.16."},{"$f":"IF(NOT(ISERROR($Y1463)),IF($Y1463<>FALSE,INDEX(Banco,$Y1463,4),\"\"),\"\")","v":"Cotação"},"Serv. Terc.","027",{"$f":"IF(NOT(ISERROR($Y1463)),IF($Y1463<>FALSE,INDEX(Banco,$Y1463,5),\"\"),\"\")","v":"Refrigerantes (02 litros) "},{"$f":"IF(NOT(ISERROR($Y1463)),IF($Y1463<>FALSE,INDEX(Banco,$Y1463,6),\"\"),\"\")","v":"Unidade"},20,{"$f":"IF(NOT(ISERROR($Y1463)),IF($Y1463<>FALSE,INDEX(Banco,$Y1463,7),0),0)","v":6},"DI 1",{"$f":"IF($J1463=$G$2,ROUND(ROUND($R1463,2)*IF($R$9=\"Preço Unitário (R$)\",1,1+$AA1463),2),0)","v":7.5},{"$f":"IF($A1463=\"S\",VTOTAL1,IF($A1463=0,0,ROUND(SomaAgrup,2)))","v":150},null,{"$f":"IF(OR($A1463=0,$A1463=\"S\",$A1463>CFF!$A$9),\"\",MAX(W$11:OFFSET(W1463,-1,0))+1)","v":""},{"$f":"IF(AND($J1463=$G$2,$N1463<>\"\",$M1463<>\"\"),CONCATENATE($M1463,\"-\",$N1463))","v":"Serv. Terc.-027"},{"$f":"IF(X1463<>FALSE,MATCH(X1463,OFFSET(Banco,0,0,,1),0))","v":107},null,{"$f":"IF($J1463=$G$2,ROUND(IF(ISNUMBER(S1463),S1463,IF(LEFT(S1463,2)=\"DI\",HLOOKUP(S1463,DADOS!$T$29:$X$30,2,FALSE),0)),4),\"\")","v":0.25}]
[{"$f":"CHOOSE(1+LOG(1+2*(J1464=$C$2)+4*(J1464=$D$2)+8*(J1464=$E$2)+16*(J1464=$F$2)+32*(J1464=$G$2),2),0,1,2,3,4,\"S\")","v":"S"},{"$f":"IF(OR(A1464=\"S\",A1464=0),0,IF(ISERROR(I1464),H1464,SMALL(H1464:I1464,1)))","v":0},{"$f":"IF($A1464=1,OFFSET(C1464,-1,0)+1,OFFSET(C1464,-1,0))","v":18},{"$f":"IF($A1464=1,0,IF($A1464=2,OFFSET(D1464,-1,0)+1,OFFSET(D1464,-1,0)))","v":2},{"$f":"IF(AND($A1464<=2,$A1464<>0),0,IF($A1464=3,OFFSET(E1464,-1,0)+1,OFFSET(E1464,-1,0)))","v":0},{"$f":"IF(AND($A1464<=3,$A1464<>0),0,IF($A1464=4,OFFSET(F1464,-1,0)+1,OFFSET(F1464,-1,0)))","v":0},{"$f":"IF(AND($A1464<=4,$A1464<>0),0,IF($A1464=\"S\",OFFSET(G1464,-1,0)+1,OFFSET(G1464,-1,0)))","v":17},{"$f":"IF(OR($A1464=\"S\",$A1464=0),0,MATCH(0,OFFSET($B1464,1,$A1464,ROW($A$1504)-ROW($A1464)),0))","v":0},{"$f":"IF(OR($A1464=\"S\",$A1464=0),0,MATCH(OFFSET($B1464,0,$A1464)+1,OFFSET($B1464,1,$A1464,ROW($A$1504)-ROW($A1464)),0))","v":0},"Insumo",{"$f":"IF($A1464=0,\"-\",CONCATENATE(C1464&\".\",IF(AND($A$5>=2,$A1464>=2),D1464&\".\",\"\"),IF(AND($A$5>=3,$A1464>=3),E1464&\".\",\"\"),IF(AND($A$5>=4,$A1464>=4),F1464&\".\",\"\"),IF($A1464=\"S\",G1464&\".\",\"\")))","v":"18.2.17."},{"$f":"IF(NOT(ISERROR($Y1464)),IF($Y1464<>FALSE,INDEX(Banco,$Y1464,4),\"\"),\"\")","v":"Cotação "},"Serv. Terc.","010",{"$f":"IF(NOT(ISERROR($Y1464)),IF($Y1464<>FALSE,INDEX(Banco,$Y1464,5),\"\"),\"\")","v":"Brindes ( descrição nos orçamentos e PTS)"},{"$f":"IF(NOT(ISERROR($Y1464)),IF($Y1464<>FALSE,INDEX(Banco,$Y1464,6),\"\"),\"\")","v":"Unidade"},8,{"$f":"IF(NOT(ISERROR($Y1464)),IF($Y1464<>FALSE,INDEX(Banco,$Y1464,7),0),0)","v":120},"DI 1",{"$f":"IF($J1464=$G$2,ROUND(ROUND($R1464,2)*IF($R$9=\"Preço Unitário (R$)\",1,1+$AA1464),2),0)","v":150},{"$f":"IF($A1464=\"S\",VTOTAL1,IF($A1464=0,0,ROUND(SomaAgrup,2)))","v":1200},null,{"$f":"IF(OR($A1464=0,$A1464=\"S\",$A1464>CFF!$A$9),\"\",MAX(W$11:OFFSET(W1464,-1,0))+1)","v":""},{"$f":"IF(AND($J1464=$G$2,$N1464<>\"\",$M1464<>\"\"),CONCATENATE($M1464,\"-\",$N1464))","v":"Serv. Terc.-010"},{"$f":"IF(X1464<>FALSE,MATCH(X1464,OFFSET(Banco,0,0,,1),0))","v":90},null,{"$f":"IF($J1464=$G$2,ROUND(IF(ISNUMBER(S1464),S1464,IF(LEFT(S1464,2)=\"DI\",HLOOKUP(S1464,DADOS!$T$29:$X$30,2,FALSE),0)),4),\"\")","v":0.25}]
["S",0,{"$f":"IF($A1465=1,OFFSET(C1465,-1,0)+1,OFFSET(C1465,-1,0))","v":18},{"$f":"IF($A1465=1,0,IF($A1465=2,OFFSET(D1465,-1,0)+1,OFFSET(D1465,-1,0)))","v":2},{"$f":"IF(AND($A1465<=2,$A1465<>0),0,IF($A1465=3,OFFSET(E1465,-1,0)+1,OFFSET(E1465,-1,0)))","v":0},{"$f":"IF(AND($A1465<=3,$A1465<>0),0,IF($A1465=4,OFFSET(F1465,-1,0)+1,OFFSET(F1465,-1,0)))","v":0},{"$f":"IF(AND($A1465<=4,$A1465<>0),0,IF($A1465=\"S\",OFFSET(G1465,-1,0)+1,OFFSET(G1465,-1,0)))","v":18},{"$f":"IF(OR($A1465=\"S\",$A1465=0),0,MATCH(0,OFFSET($B1465,1,$A1465,ROW($A$1504)-ROW($A1465)),0))","v":0},{"$f":"IF(OR($A1465=\"S\",$A1465=0),0,MATCH(OFFSET($B1465,0,$A1465)+1,OFFSET($B1465,1,$A1465,ROW($A$1504)-ROW($A1465)),0))","v":0},"Insumo",{"$f":"IF($A1465=0,\"-\",CONCATENATE(C1465&\".\",IF(AND($A$5>=2,$A1465>=2),D1465&\".\",\"\"),IF(AND($A$5>=3,$A1465>=3),E1465&\".\",\"\"),IF(AND($A$5>=4,$A1465>=4),F1465&\".\",\"\"),IF($A1465=\"S\",G1465&\".\",\"\")))","v":"18.2.18."},{"$f":"IF(NOT(ISERROR($Y1465)),IF($Y1465<>FALSE,INDEX(Banco,$Y1465,4),\"\"),\"\")","v":"Cotação"},"Serv. Terc.","015",{"$f":"IF(NOT(ISERROR($Y1465)),IF($Y1465<>FALSE,INDEX(Banco,$Y1465,5),\"\"),\"\")","v":"Coffee break (salgados)"},{"$f":"IF(NOT(ISERROR($Y1465)),IF($Y1465<>FALSE,INDEX(Banco,$Y1465,6),\"\"),\"\")","v":"Centro"},15,{"$f":"IF(NOT(ISERROR($Y1465)),IF($Y1465<>FALSE,INDEX(Banco,$Y1465,7),0),0)","v":65},"DI 1",{"$f":"IF($J1465=$G$2,ROUND(ROUND($R1465,2)*IF($R$9=\"Preço Unitário (R$)\",1,1+$AA1465),2),0)","v":81.25},{"$f":"IF($A1465=\"S\",VTOTAL1,IF($A1465=0,0,ROUND(SomaAgrup,2)))","v":1218.75},null,{"$f":"IF(OR($A1465=0,$A1465=\"S\",$A1465>CFF!$A$9),\"\",MAX(W$11:OFFSET(W1465,-1,0))+1)","v":""},{"$f":"IF(AND($J1465=$G$2,$N1465<>\"\",$M1465<>\"\"),CONCATENATE($M1465,\"-\",$N1465))","v":"Serv. Terc.-015"},95,null,{"$f":"IF($J1465=$G$2,ROUND(IF(ISNUMBER(S1465),S1465,IF(LEFT(S1465,2)=\"DI\",HLOOKUP(S1465,DADOS!$T$29:$X$30,2,FALSE),0)),4),\"\")","v":0.25}]
[{"$f":"CHOOSE(1+LOG(1+2*(J1466=$C$2)+4*(J1466=$D$2)+8*(J1466=$E$2)+16*(J1466=$F$2)+32*(J1466=$G$2),2),0,1,2,3,4,\"S\")","v":"S"},{"$f":"IF(OR(A1466=\"S\",A1466=0),0,IF(ISERROR(I1466),H1466,SMALL(H1466:I1466,1)))","v":0},{"$f":"IF($A1466=1,OFFSET(C1466,-1,0)+1,OFFSET(C1466,-1,0))","v":18},{"$f":"IF($A1466=1,0,IF($A1466=2,OFFSET(D1466,-1,0)+1,OFFSET(D1466,-1,0)))","v":2},{"$f":"IF(AND($A1466<=2,$A1466<>0),0,IF($A1466=3,OFFSET(E1466,-1,0)+1,OFFSET(E1466,-1,0)))","v":0},{"$f":"IF(AND($A1466<=3,$A1466<>0),0,IF($A1466=4,OFFSET(F1466,-1,0)+1,OFFSET(F1466,-1,0)))","v":0},{"$f":"IF(AND($A1466<=4,$A1466<>0),0,IF($A1466=\"S\",OFFSET(G1466,-1,0)+1,OFFSET(G1466,-1,0)))","v":19},{"$f":"IF(OR($A1466=\"S\",$A1466=0),0,MATCH(0,OFFSET($B1466,1,$A1466,ROW($A$1504)-ROW($A1466)),0))","v":0},{"$f":"IF(OR($A1466=\"S\",$A1466=0),0,MATCH(OFFSET($B1466,0,$A1466)+1,OFFSET($B1466,1,$A1466,ROW($A$1504)-ROW($A1466)),0))","v":0},"Insumo",{"$f":"IF($A1466=0,\"-\",CONCATENATE(C1466&\".\",IF(AND($A$5>=2,$A1466>=2),D1466&\".\",\"\"),IF(AND($A$5>=3,$A1466>=3),E1466&\".\",\"\"),IF(AND($A$5>=4,$A1466>=4),F1466&\".\",\"\"),IF($A1466=\"S\",G1466&\".\",\"\")))","v":"18.2.19."},{"$f":"IF(NOT(ISERROR($Y1466)),IF($Y1466<>FALSE,INDEX(Banco,$Y1466,4),\"\"),\"\")","v":"Cotação"},"Rec. Materiais","020",{"$f":"IF(NOT(ISERROR($Y1466)),IF($Y1466<>FALSE,INDEX(Banco,$Y1466,5),\"\"),\"\")","v":"Guloseimas (balas e pirulito)"},{"$f":"IF(NOT(ISERROR($Y1466)),IF($Y1466<>FALSE,INDEX(Banco,$Y1466,6),\"\"),\"\")","v":"Pacote"},8,{"$f":"IF(NOT(ISERROR($Y1466)),IF($Y1466<>FALSE,INDEX(Banco,$Y1466,7),0),0)","v":12},"DI 1",{"$f":"IF($J1466=$G$2,ROUND(ROUND($R1466,2)*IF($R$9=\"Preço Unitário (R$)\",1,1+$AA1466),2),0)","v":15},{"$f":"IF($A1466=\"S\",VTOTAL1,IF($A1466=0,0,ROUND(SomaAgrup,2)))","v":120},null,{"$f":"IF(OR($A1466=0,$A1466=\"S\",$A1466>CFF!$A$9),\"\",MAX(W$11:OFFSET(W1466,-1,0))+1)","v":""},{"$f":"IF(AND($J1466=$G$2,$N1466<>\"\",$M1466<>\"\"),CONCATENATE($M1466,\"-\",$N1466))","v":"Rec. Materiais-020"},{"$f":"IF(X1466<>FALSE,MATCH(X1466,OFFSET(Banco,0,0,,1),0))","v":29},null,{"$f":"IF($J1466=$G$2,ROUND(IF(ISNUMBER(S1466),S1466,IF(LEFT(S1466,2)=\"DI\",HLOOKUP(S1466,DADOS!$T$29:$X$30,2,FALSE),0)),4),\"\")","v":0.25}]
["S",0,{"$f":"IF($A1467=1,OFFSET(C1467,-1,0)+1,OFFSET(C1467,-1,0))","v":18},{"$f":"IF($A1467=1,0,IF($A1467=2,OFFSET(D1467,-1,0)+1,OFFSET(D1467,-1,0)))","v":2},{"$f":"IF(AND($A1467<=2,$A1467<>0),0,IF($A1467=3,OFFSET(E1467,-1,0)+1,OFFSET(E1467,-1,0)))","v":0},{"$f":"IF(AND($A1467<=3,$A1467<>0),0,IF($A1467=4,OFFSET(F1467,-1,0)+1,OFFSET(F1467,-1,0)))","v":0},{"$f":"IF(AND($A1467<=4,$A1467<>0),0,IF($A1467=\"S\",OFFSET(G1467,-1,0)+1,OFFSET(G1467,-1,0)))","v":20},{"$f":"IF(OR($A1467=\"S\",$A1467=0),0,MATCH(0,OFFSET($B1467,1,$A1467,ROW($A$1504)-ROW($A1467)),0))","v":0},{"$f":"IF(OR($A1467=\"S\",$A1467=0),0,MATCH(OFFSET($B1467,0,$A1467)+1,OFFSET($B1467,1,$A1467,ROW($A$1504)-ROW($A1467)),0))","v":0},"Insumo",{"$f":"IF($A1467=0,\"-\",CONCATENATE(C1467&\".\",IF(AND($A$5>=2,$A1467>=2),D1467&\".\",\"\"),IF(AND($A$5>=3,$A1467>=3),E1467&\".\",\"\"),IF(AND($A$5>=4,$A1467>=4),F1467&\".\",\"\"),IF($A1467=\"S\",G1467&\".\",\"\")))","v":"18.2.20."},{"$f":"IF(NOT(ISERROR($Y1467)),IF($Y1467<>FALSE,INDEX(Banco,$Y1467,4),\"\"),\"\")","v":"Cotação"},"Rec. Materiais","021",{"$f":"IF(NOT(ISERROR($Y1467)),IF($Y1467<>FALSE,INDEX(Banco,$Y1467,5),\"\"),\"\")","v":"Papel de presente"},{"$f":"IF(NOT(ISERROR($Y1467)),IF($Y1467<>FALSE,INDEX(Banco,$Y1467,6),\"\"),\"\")","v":"Folhas"},16,{"$f":"IF(NOT(ISERROR($Y1467)),IF($Y1467<>FALSE,INDEX(Banco,$Y1467,7),0),0)","v":1.5},"DI 1",{"$f":"IF($J1467=$G$2,ROUND(ROUND($R1467,2)*IF($R$9=\"Preço Unitário (R$)\",1,1+$AA1467),2),0)","v":1.88},{"$f":"IF($A1467=\"S\",VTOTAL1,IF($A1467=0,0,ROUND(SomaAgrup,2)))","v":30.08},null,{"$f":"IF(OR($A1467=0,$A1467=\"S\",$A1467>CFF!$A$9),\"\",MAX(W$11:OFFSET(W1467,-1,0))+1)","v":""},{"$f":"IF(AND($J1467=$G$2,$N1467<>\"\",$M1467<>\"\"),CONCATENATE($M1467,\"-\",$N1467))","v":"Rec. Materiais-021"},30,null,{"$f":"IF($J1467=$G$2,ROUND(IF(ISNUMBER(S1467),S1467,IF(LEFT(S1467,2)=\"DI\",HLOOKUP(S1467,DADOS!$T$29:$X$30,2,FALSE),0)),4),\"\")","v":0.25}]
["S",0,{"$f":"IF($A1468=1,OFFSET(C1468,-1,0)+1,OFFSET(C1468,-1,0))","v":18},{"$f":"IF($A1468=1,0,IF($A1468=2,OFFSET(D1468,-1,0)+1,OFFSET(D1468,-1,0)))","v":2},{"$f":"IF(AND($A1468<=2,$A1468<>0),0,IF($A1468=3,OFFSET(E1468,-1,0)+1,OFFSET(E1468,-1,0)))","v":0},{"$f":"IF(AND($A1468<=3,$A1468<>0),0,IF($A1468=4,OFFSET(F1468,-1,0)+1,OFFSET(F1468,-1,0)))","v":0},{"$f":"IF(AND($A1468<=4,$A1468<>0),0,IF($A1468=\"S\",OFFSET(G1468,-1,0)+1,OFFSET(G1468,-1,0)))","v":21},{"$f":"IF(OR($A1468=\"S\",$A1468=0),0,MATCH(0,OFFSET($B1468,1,$A1468,ROW($A$1504)-ROW($A1468)),0))","v":0},{"$f":"IF(OR($A1468=\"S\",$A1468=0),0,MATCH(OFFSET($B1468,0,$A1468)+1,OFFSET($B1468,1,$A1468,ROW($A$1504)-ROW($A1468)),0))","v":0},"Insumo",{"$f":"IF($A1468=0,\"-\",CONCATENATE(C1468&\".\",IF(AND($A$5>=2,$A1468>=2),D1468&\".\",\"\"),IF(AND($A$5>=3,$A1468>=3),E1468&\".\",\"\"),IF(AND($A$5>=4,$A1468>=4),F1468&\".\",\"\"),IF($A1468=\"S\",G1468&\".\",\"\")))","v":"18.2.21."},{"$f":"IF(NOT(ISERROR($Y1468)),IF($Y1468<>FALSE,INDEX(Banco,$Y1468,4),\"\"),\"\")","v":"Cotação"},"Rec. Materiais","026",{"$f":"IF(NOT(ISERROR($Y1468)),IF($Y1468<>FALSE,INDEX(Banco,$Y1468,5),\"\"),\"\")","v":"Saco de lixo (100 litros)"},{"$f":"IF(NOT(ISERROR($Y1468)),IF($Y1468<>FALSE,INDEX(Banco,$Y1468,6),\"\"),\"\")","v":"Pacote"},2,{"$f":"IF(NOT(ISERROR($Y1468)),IF($Y1468<>FALSE,INDEX(Banco,$Y1468,7),0),0)","v":15},"DI 1",{"$f":"IF($J1468=$G$2,ROUND(ROUND($R1468,2)*IF($R$9=\"Preço Unitário (R$)\",1,1+$AA1468),2),0)","v":18.75},{"$f":"IF($A1468=\"S\",VTOTAL1,IF($A1468=0,0,ROUND(SomaAgrup,2)))","v":37.5},null,{"$f":"IF(OR($A1468=0,$A1468=\"S\",$A1468>CFF!$A$9),\"\",MAX(W$11:OFFSET(W1468,-1,0))+1)","v":""},{"$f":"IF(AND($J1468=$G$2,$N1468<>\"\",$M1468<>\"\"),CONCATENATE($M1468,\"-\",$N1468))","v":"Rec. Materiais-026"},35,null,{"$f":"IF($J1468=$G$2,ROUND(IF(ISNUMBER(S1468),S1468,IF(LEFT(S1468,2)=\"DI\",HLOOKUP(S1468,DADOS!$T$29:$X$30,2,FALSE),0)),4),\"\")","v":0.25}]
[{"$f":"CHOOSE(1+LOG(1+2*(J1469=$C$2)+4*(J1469=$D$2)+8*(J1469=$E$2)+16*(J1469=$F$2)+32*(J1469=$G$2),2),0,1,2,3,4,\"S\")","v":"S"},{"$f":"IF(OR(A1469=\"S\",A1469=0),0,IF(ISERROR(I1469),H1469,SMALL(H1469:I1469,1)))","v":0},{"$f":"IF($A1469=1,OFFSET(C1469,-1,0)+1,OFFSET(C1469,-1,0))","v":18},{"$f":"IF($A1469=1,0,IF($A1469=2,OFFSET(D1469,-1,0)+1,OFFSET(D1469,-1,0)))","v":2},{"$f":"IF(AND($A1469<=2,$A1469<>0),0,IF($A1469=3,OFFSET(E1469,-1,0)+1,OFFSET(E1469,-1,0)))","v":0},{"$f":"IF(AND($A1469<=3,$A1469<>0),0,IF($A1469=4,OFFSET(F1469,-1,0)+1,OFFSET(F1469,-1,0)))","v":0},{"$f":"IF(AND($A1469<=4,$A1469<>0),0,IF($A1469=\"S\",OFFSET(G1469,-1,0)+1,OFFSET(G1469,-1,0)))","v":22},{"$f":"IF(OR($A1469=\"S\",$A1469=0),0,MATCH(0,OFFSET($B1469,1,$A1469,ROW($A$1504)-ROW($A1469)),0))","v":0},{"$f":"IF(OR($A1469=\"S\",$A1469=0),0,MATCH(OFFSET($B1469,0,$A1469)+1,OFFSET($B1469,1,$A1469,ROW($A$1504)-ROW($A1469)),0))","v":0},"Insumo",{"$f":"IF($A1469=0,\"-\",CONCATENATE(C1469&\".\",IF(AND($A$5>=2,$A1469>=2),D1469&\".\",\"\"),IF(AND($A$5>=3,$A1469>=3),E1469&\".\",\"\"),IF(AND($A$5>=4,$A1469>=4),F1469&\".\",\"\"),IF($A1469=\"S\",G1469&\".\",\"\")))","v":"18.2.22."},{"$f":"IF(NOT(ISERROR($Y1469)),IF($Y1469<>FALSE,INDEX(Banco,$Y1469,4),\"\"),\"\")","v":"Cotação"},"Rec. Materiais","001",{"$f":"IF(NOT(ISERROR($Y1469)),IF($Y1469<>FALSE,INDEX(Banco,$Y1469,5),\"\"),\"\")","v":"Papel A4"},{"$f":"IF(NOT(ISERROR($Y1469)),IF($Y1469<>FALSE,INDEX(Banco,$Y1469,6),\"\"),\"\")","v":"Resma"},1,{"$f":"IF(NOT(ISERROR($Y1469)),IF($Y1469<>FALSE,INDEX(Banco,$Y1469,7),0),0)","v":28},"DI 1",{"$f":"IF($J1469=$G$2,ROUND(ROUND($R1469,2)*IF($R$9=\"Preço Unitário (R$)\",1,1+$AA1469),2),0)","v":35},{"$f":"IF($A1469=\"S\",VTOTAL1,IF($A1469=0,0,ROUND(SomaAgrup,2)))","v":35},null,{"$f":"IF(OR($A1469=0,$A1469=\"S\",$A1469>CFF!$A$9),\"\",MAX(W$11:OFFSET(W1469,-1,0))+1)","v":""},{"$f":"IF(AND($J1469=$G$2,$N1469<>\"\",$M1469<>\"\"),CONCATENATE($M1469,\"-\",$N1469))","v":"Rec. Materiais-001"},{"$f":"IF(X1469<>FALSE,MATCH(X1469,OFFSET(Banco,0,0,,1),0))","v":10},null,{"$f":"IF($J1469=$G$2,ROUND(IF(ISNUMBER(S1469),S1469,IF(LEFT(S1469,2)=\"DI\",HLOOKUP(S1469,DADOS!$T$29:$X$30,2,FALSE),0)),4),\"\")","v":0.25}]
[{"$f":"CHOOSE(1+LOG(1+2*(J1470=$C$2)+4*(J1470=$D$2)+8*(J1470=$E$2)+16*(J1470=$F$2)+32*(J1470=$G$2),2),0,1,2,3,4,\"S\")","v":"S"},{"$f":"IF(OR(A1470=\"S\",A1470=0),0,IF(ISERROR(I1470),H1470,SMALL(H1470:I1470,1)))","v":0},{"$f":"IF($A1470=1,OFFSET(C1470,-1,0)+1,OFFSET(C1470,-1,0))","v":18},{"$f":"IF($A1470=1,0,IF($A1470=2,OFFSET(D1470,-1,0)+1,OFFSET(D1470,-1,0)))","v":2},{"$f":"IF(AND($A1470<=2,$A1470<>0),0,IF($A1470=3,OFFSET(E1470,-1,0)+1,OFFSET(E1470,-1,0)))","v":0},{"$f":"IF(AND($A1470<=3,$A1470<>0),0,IF($A1470=4,OFFSET(F1470,-1,0)+1,OFFSET(F1470,-1,0)))","v":0},{"$f":"IF(AND($A1470<=4,$A1470<>0),0,IF($A1470=\"S\",OFFSET(G1470,-1,0)+1,OFFSET(G1470,-1,0)))","v":23},{"$f":"IF(OR($A1470=\"S\",$A1470=0),0,MATCH(0,OFFSET($B1470,1,$A1470,ROW($A$1504)-ROW($A1470)),0))","v":0},{"$f":"IF(OR($A1470=\"S\",$A1470=0),0,MATCH(OFFSET($B1470,0,$A1470)+1,OFFSET($B1470,1,$A1470,ROW($A$1504)-ROW($A1470)),0))","v":0},"Insumo",{"$f":"IF($A1470=0,\"-\",CONCATENATE(C1470&\".\",IF(AND($A$5>=2,$A1470>=2),D1470&\".\",\"\"),IF(AND($A$5>=3,$A1470>=3),E1470&\".\",\"\"),IF(AND($A$5>=4,$A1470>=4),F1470&\".\",\"\"),IF($A1470=\"S\",G1470&\".\",\"\")))","v":"18.2.23."},{"$f":"IF(NOT(ISERROR($Y1470)),IF($Y1470<>FALSE,INDEX(Banco,$Y1470,4),\"\"),\"\")","v":"Cotação"},"Rec. Materiais","002",{"$f":"IF(NOT(ISERROR($Y1470)),IF($Y1470<>FALSE,INDEX(Banco,$Y1470,5),\"\"),\"\")","v":"Toner para impressora"},{"$f":"IF(NOT(ISERROR($Y1470)),IF($Y1470<>FALSE,INDEX(Banco,$Y1470,6),\"\"),\"\")","v":"Unidade"},4,{"$f":"IF(NOT(ISERROR($Y1470)),IF($Y1470<>FALSE,INDEX(Banco,$Y1470,7),0),0)","v":180},"DI 1",{"$f":"IF($J1470=$G$2,ROUND(ROUND($R1470,2)*IF($R$9=\"Preço Unitário (R$)\",1,1+$AA1470),2),0)","v":225},{"$f":"IF($A1470=\"S\",VTOTAL1,IF($A1470=0,0,ROUND(SomaAgrup,2)))","v":900},null,{"$f":"IF(OR($A1470=0,$A1470=\"S\",$A1470>CFF!$A$9),\"\",MAX(W$11:OFFSET(W1470,-1,0))+1)","v":""},{"$f":"IF(AND($J1470=$G$2,$N1470<>\"\",$M1470<>\"\"),CONCATENATE($M1470,\"-\",$N1470))","v":"Rec. Materiais-002"},{"$f":"IF(X1470<>FALSE,MATCH(X1470,OFFSET(Banco,0,0,,1),0))","v":11},null,{"$f":"IF($J1470=$G$2,ROUND(IF(ISNUMBER(S1470),S1470,IF(LEFT(S1470,2)=\"DI\",HLOOKUP(S1470,DADOS!$T$29:$X$30,2,FALSE),0)),4),\"\")","v":0.25}]
["S",0,{"$f":"IF($A1471=1,OFFSET(C1471,-1,0)+1,OFFSET(C1471,-1,0))","v":18},{"$f":"IF($A1471=1,0,IF($A1471=2,OFFSET(D1471,-1,0)+1,OFFSET(D1471,-1,0)))","v":2},{"$f":"IF(AND($A1471<=2,$A1471<>0),0,IF($A1471=3,OFFSET(E1471,-1,0)+1,OFFSET(E1471,-1,0)))","v":0},{"$f":"IF(AND($A1471<=3,$A1471<>0),0,IF($A1471=4,OFFSET(F1471,-1,0)+1,OFFSET(F1471,-1,0)))","v":0},{"$f":"IF(AND($A1471<=4,$A1471<>0),0,IF($A1471=\"S\",OFFSET(G1471,-1,0)+1,OFFSET(G1471,-1,0)))","v":24},{"$f":"IF(OR($A1471=\"S\",$A1471=0),0,MATCH(0,OFFSET($B1471,1,$A1471,ROW($A$1504)-ROW($A1471)),0))","v":0},{"$f":"IF(OR($A1471=\"S\",$A1471=0),0,MATCH(OFFSET($B1471,0,$A1471)+1,OFFSET($B1471,1,$A1471,ROW($A$1504)-ROW($A1471)),0))","v":0},"Insumo",{"$f":"IF($A1471=0,\"-\",CONCATENATE(C1471&\".\",IF(AND($A$5>=2,$A1471>=2),D1471&\".\",\"\"),IF(AND($A$5>=3,$A1471>=3),E1471&\".\",\"\"),IF(AND($A$5>=4,$A1471>=4),F1471&\".\",\"\"),IF($A1471=\"S\",G1471&\".\",\"\")))","v":"18.2.24."},{"$f":"IF(NOT(ISERROR($Y1471)),IF($Y1471<>FALSE,INDEX(Banco,$Y1471,4),\"\"),\"\")","v":"Cotação"},"Rec. Materiais","019",{"$f":"IF(NOT(ISERROR($Y1471)),IF($Y1471<>FALSE,INDEX(Banco,$Y1471,5),\"\"),\"\")","v":"Copos descartáveis (2500 unidades)"},{"$f":"IF(NOT(ISERROR($Y1471)),IF($Y1471<>FALSE,INDEX(Banco,$Y1471,6),\"\"),\"\")","v":"Caixa"},1,{"$f":"IF(NOT(ISERROR($Y1471)),IF($Y1471<>FALSE,INDEX(Banco,$Y1471,7),0),0)","v":77.400000000000006},"DI 1",{"$f":"IF($J1471=$G$2,ROUND(ROUND($R1471,2)*IF($R$9=\"Preço Unitário (R$)\",1,1+$AA1471),2),0)","v":96.75},{"$f":"IF($A1471=\"S\",VTOTAL1,IF($A1471=0,0,ROUND(SomaAgrup,2)))","v":96.75},null,{"$f":"IF(OR($A1471=0,$A1471=\"S\",$A1471>CFF!$A$9),\"\",MAX(W$11:OFFSET(W1471,-1,0))+1)","v":""},{"$f":"IF(AND($J1471=$G$2,$N1471<>\"\",$M1471<>\"\"),CONCATENATE($M1471,\"-\",$N1471))","v":"Rec. Materiais-019"},28,null,{"$f":"IF($J1471=$G$2,ROUND(IF(ISNUMBER(S1471),S1471,IF(LEFT(S1471,2)=\"DI\",HLOOKUP(S1471,DADOS!$T$29:$X$30,2,FALSE),0)),4),\"\")","v":0.25}]
[{"$f":"CHOOSE(1+LOG(1+2*(J1472=$C$2)+4*(J1472=$D$2)+8*(J1472=$E$2)+16*(J1472=$F$2)+32*(J1472=$G$2),2),0,1,2,3,4,\"S\")","v":2},{"$f":"IF(OR(A1472=\"S\",A1472=0),0,IF(ISERROR(I1472),H1472,SMALL(H1472:I1472,1)))","v":18},{"$f":"IF($A1472=1,OFFSET(C1472,-1,0)+1,OFFSET(C1472,-1,0))","v":18},{"$f":"IF($A1472=1,0,IF($A1472=2,OFFSET(D1472,-1,0)+1,OFFSET(D1472,-1,0)))","v":3},{"$f":"IF(AND($A1472<=2,$A1472<>0),0,IF($A1472=3,OFFSET(E1472,-1,0)+1,OFFSET(E1472,-1,0)))","v":0},{"$f":"IF(AND($A1472<=3,$A1472<>0),0,IF($A1472=4,OFFSET(F1472,-1,0)+1,OFFSET(F1472,-1,0)))","v":0},{"$f":"IF(AND($A1472<=4,$A1472<>0),0,IF($A1472=\"S\",OFFSET(G1472,-1,0)+1,OFFSET(G1472,-1,0)))","v":0},{"$f":"IF(OR($A1472=\"S\",$A1472=0),0,MATCH(0,OFFSET($B1472,1,$A1472,ROW($A$1504)-ROW($A1472)),0))","v":32},{"$f":"IF(OR($A1472=\"S\",$A1472=0),0,MATCH(OFFSET($B1472,0,$A1472)+1,OFFSET($B1472,1,$A1472,ROW($A$1504)-ROW($A1472)),0))","v":18},"AtivNível 1",{"$f":"IF($A1472=0,\"-\",CONCATENATE(C1472&\".\",IF(AND($A$5>=2,$A1472>=2),D1472&\".\",\"\"),IF(AND($A$5>=3,$A1472>=3),E1472&\".\",\"\"),IF(AND($A$5>=4,$A1472>=4),F1472&\".\",\"\"),IF($A1472=\"S\",G1472&\".\",\"\")))","v":"18.3."},{"$f":"IF(NOT(ISERROR($Y1472)),IF($Y1472<>FALSE,INDEX(Banco,$Y1472,4),\"\"),\"\")","v":""},null,null,"Atividade 115 - Reunião de  encerramento do PTS região Jardim Ikaraí",{"$f":"IF(NOT(ISERROR($Y1472)),IF($Y1472<>FALSE,INDEX(Banco,$Y1472,6),\"\"),\"\")","v":""},null,{"$f":"IF(NOT(ISERROR($Y1472)),IF($Y1472<>FALSE,INDEX(Banco,$Y1472,7),0),0)","v":0},"DI 1",{"$f":"IF($J1472=$G$2,ROUND(ROUND($R1472,2)*IF($R$9=\"Preço Unitário (R$)\",1,1+$AA1472),2),0)","v":0},{"$f":"IF($A1472=\"S\",VTOTAL1,IF($A1472=0,0,ROUND(SomaAgrup,2)))","v":8583.23},null,{"$f":"IF(OR($A1472=0,$A1472=\"S\",$A1472>CFF!$A$9),\"\",MAX(W$11:OFFSET(W1472,-1,0))+1)","v":133},{"$f":"IF(AND($J1472=$G$2,$N1472<>\"\",$M1472<>\"\"),CONCATENATE($M1472,\"-\",$N1472))","v":false},{"$f":"IF(X1472<>FALSE,MATCH(X1472,OFFSET(Banco,0,0,,1),0))","v":false},null,{"$f":"IF($J1472=$G$2,ROUND(IF(ISNUMBER(S1472),S1472,IF(LEFT(S1472,2)=\"DI\",HLOOKUP(S1472,DADOS!$T$29:$X$30,2,FALSE),0)),4),\"\")","v":""}]
["S",0,{"$f":"IF($A1473=1,OFFSET(C1473,-1,0)+1,OFFSET(C1473,-1,0))","v":18},{"$f":"IF($A1473=1,0,IF($A1473=2,OFFSET(D1473,-1,0)+1,OFFSET(D1473,-1,0)))","v":3},{"$f":"IF(AND($A1473<=2,$A1473<>0),0,IF($A1473=3,OFFSET(E1473,-1,0)+1,OFFSET(E1473,-1,0)))","v":0},{"$f":"IF(AND($A1473<=3,$A1473<>0),0,IF($A1473=4,OFFSET(F1473,-1,0)+1,OFFSET(F1473,-1,0)))","v":0},{"$f":"IF(AND($A1473<=4,$A1473<>0),0,IF($A1473=\"S\",OFFSET(G1473,-1,0)+1,OFFSET(G1473,-1,0)))","v":1},{"$f":"IF(OR($A1473=\"S\",$A1473=0),0,MATCH(0,OFFSET($B1473,1,$A1473,ROW($A$1504)-ROW($A1473)),0))","v":0},{"$f":"IF(OR($A1473=\"S\",$A1473=0),0,MATCH(OFFSET($B1473,0,$A1473)+1,OFFSET($B1473,1,$A1473,ROW($A$1504)-ROW($A1473)),0))","v":0},"Insumo",{"$f":"IF($A1473=0,\"-\",CONCATENATE(C1473&\".\",IF(AND($A$5>=2,$A1473>=2),D1473&\".\",\"\"),IF(AND($A$5>=3,$A1473>=3),E1473&\".\",\"\"),IF(AND($A$5>=4,$A1473>=4),F1473&\".\",\"\"),IF($A1473=\"S\",G1473&\".\",\"\")))","v":"18.3.1."},{"$f":"IF(NOT(ISERROR($Y1473)),IF($Y1473<>FALSE,INDEX(Banco,$Y1473,4),\"\"),\"\")","v":"CRESS"},"Rec. Humanos","001",{"$f":"IF(NOT(ISERROR($Y1473)),IF($Y1473<>FALSE,INDEX(Banco,$Y1473,5),\"\"),\"\")","v":"Responsável Técnica"},{"$f":"IF(NOT(ISERROR($Y1473)),IF($Y1473<>FALSE,INDEX(Banco,$Y1473,6),\"\"),\"\")","v":"Horas"},8,{"$f":"IF(NOT(ISERROR($Y1473)),IF($Y1473<>FALSE,INDEX(Banco,$Y1473,7),0),0)","v":150.28},"DI 1",{"$f":"IF($J1473=$G$2,ROUND(ROUND($R1473,2)*IF($R$9=\"Preço Unitário (R$)\",1,1+$AA1473),2),0)","v":187.85},{"$f":"IF($A1473=\"S\",VTOTAL1,IF($A1473=0,0,ROUND(SomaAgrup,2)))","v":1502.8},null,{"$f":"IF(OR($A1473=0,$A1473=\"S\",$A1473>CFF!$A$9),\"\",MAX(W$11:OFFSET(W1473,-1,0))+1)","v":""},{"$f":"IF(AND($J1473=$G$2,$N1473<>\"\",$M1473<>\"\"),CONCATENATE($M1473,\"-\",$N1473))","v":"Rec. Humanos-001"},3,null,{"$f":"IF($J1473=$G$2,ROUND(IF(ISNUMBER(S1473),S1473,IF(LEFT(S1473,2)=\"DI\",HLOOKUP(S1473,DADOS!$T$29:$X$30,2,FALSE),0)),4),\"\")","v":0.25}]
[{"$f":"CHOOSE(1+LOG(1+2*(J1474=$C$2)+4*(J1474=$D$2)+8*(J1474=$E$2)+16*(J1474=$F$2)+32*(J1474=$G$2),2),0,1,2,3,4,\"S\")","v":"S"},{"$f":"IF(OR(A1474=\"S\",A1474=0),0,IF(ISERROR(I1474),H1474,SMALL(H1474:I1474,1)))","v":0},{"$f":"IF($A1474=1,OFFSET(C1474,-1,0)+1,OFFSET(C1474,-1,0))","v":18},{"$f":"IF($A1474=1,0,IF($A1474=2,OFFSET(D1474,-1,0)+1,OFFSET(D1474,-1,0)))","v":3},{"$f":"IF(AND($A1474<=2,$A1474<>0),0,IF($A1474=3,OFFSET(E1474,-1,0)+1,OFFSET(E1474,-1,0)))","v":0},{"$f":"IF(AND($A1474<=3,$A1474<>0),0,IF($A1474=4,OFFSET(F1474,-1,0)+1,OFFSET(F1474,-1,0)))","v":0},{"$f":"IF(AND($A1474<=4,$A1474<>0),0,IF($A1474=\"S\",OFFSET(G1474,-1,0)+1,OFFSET(G1474,-1,0)))","v":2},{"$f":"IF(OR($A1474=\"S\",$A1474=0),0,MATCH(0,OFFSET($B1474,1,$A1474,ROW($A$1504)-ROW($A1474)),0))","v":0},{"$f":"IF(OR($A1474=\"S\",$A1474=0),0,MATCH(OFFSET($B1474,0,$A1474)+1,OFFSET($B1474,1,$A1474,ROW($A$1504)-ROW($A1474)),0))","v":0},"Insumo",{"$f":"IF($A1474=0,\"-\",CONCATENATE(C1474&\".\",IF(AND($A$5>=2,$A1474>=2),D1474&\".\",\"\"),IF(AND($A$5>=3,$A1474>=3),E1474&\".\",\"\"),IF(AND($A$5>=4,$A1474>=4),F1474&\".\",\"\"),IF($A1474=\"S\",G1474&\".\",\"\")))","v":"18.3.2."},{"$f":"IF(NOT(ISERROR($Y1474)),IF($Y1474<>FALSE,INDEX(Banco,$Y1474,4),\"\"),\"\")","v":"CRESS"},"Rec. Humanos","002",{"$f":"IF(NOT(ISERROR($Y1474)),IF($Y1474<>FALSE,INDEX(Banco,$Y1474,5),\"\"),\"\")","v":"Assistente Social"},{"$f":"IF(NOT(ISERROR($Y1474)),IF($Y1474<>FALSE,INDEX(Banco,$Y1474,6),\"\"),\"\")","v":"Horas"},14,{"$f":"IF(NOT(ISERROR($Y1474)),IF($Y1474<>FALSE,INDEX(Banco,$Y1474,7),0),0)","v":133.81},"DI 1",{"$f":"IF($J1474=$G$2,ROUND(ROUND($R1474,2)*IF($R$9=\"Preço Unitário (R$)\",1,1+$AA1474),2),0)","v":167.26},{"$f":"IF($A1474=\"S\",VTOTAL1,IF($A1474=0,0,ROUND(SomaAgrup,2)))","v":2341.64},null,{"$f":"IF(OR($A1474=0,$A1474=\"S\",$A1474>CFF!$A$9),\"\",MAX(W$11:OFFSET(W1474,-1,0))+1)","v":""},{"$f":"IF(AND($J1474=$G$2,$N1474<>\"\",$M1474<>\"\"),CONCATENATE($M1474,\"-\",$N1474))","v":"Rec. Humanos-002"},{"$f":"IF(X1474<>FALSE,MATCH(X1474,OFFSET(Banco,0,0,,1),0))","v":4},null,{"$f":"IF($J1474=$G$2,ROUND(IF(ISNUMBER(S1474),S1474,IF(LEFT(S1474,2)=\"DI\",HLOOKUP(S1474,DADOS!$T$29:$X$30,2,FALSE),0)),4),\"\")","v":0.25}]
["S",0,{"$f":"IF($A1475=1,OFFSET(C1475,-1,0)+1,OFFSET(C1475,-1,0))","v":18},{"$f":"IF($A1475=1,0,IF($A1475=2,OFFSET(D1475,-1,0)+1,OFFSET(D1475,-1,0)))","v":3},{"$f":"IF(AND($A1475<=2,$A1475<>0),0,IF($A1475=3,OFFSET(E1475,-1,0)+1,OFFSET(E1475,-1,0)))","v":0},{"$f":"IF(AND($A1475<=3,$A1475<>0),0,IF($A1475=4,OFFSET(F1475,-1,0)+1,OFFSET(F1475,-1,0)))","v":0},{"$f":"IF(AND($A1475<=4,$A1475<>0),0,IF($A1475=\"S\",OFFSET(G1475,-1,0)+1,OFFSET(G1475,-1,0)))","v":3},{"$f":"IF(OR($A1475=\"S\",$A1475=0),0,MATCH(0,OFFSET($B1475,1,$A1475,ROW($A$1504)-ROW($A1475)),0))","v":0},{"$f":"IF(OR($A1475=\"S\",$A1475=0),0,MATCH(OFFSET($B1475,0,$A1475)+1,OFFSET($B1475,1,$A1475,ROW($A$1504)-ROW($A1475)),0))","v":0},"Insumo",{"$f":"IF($A1475=0,\"-\",CONCATENATE(C1475&\".\",IF(AND($A$5>=2,$A1475>=2),D1475&\".\",\"\"),IF(AND($A$5>=3,$A1475>=3),E1475&\".\",\"\"),IF(AND($A$5>=4,$A1475>=4),F1475&\".\",\"\"),IF($A1475=\"S\",G1475&\".\",\"\")))","v":"18.3.3."},{"$f":"IF(NOT(ISERROR($Y1475)),IF($Y1475<>FALSE,INDEX(Banco,$Y1475,4),\"\"),\"\")","v":"Cotação"},"Rec. Humanos","003",{"$f":"IF(NOT(ISERROR($Y1475)),IF($Y1475<>FALSE,INDEX(Banco,$Y1475,5),\"\"),\"\")","v":"Administrador (Técnico de Apoio) "},{"$f":"IF(NOT(ISERROR($Y1475)),IF($Y1475<>FALSE,INDEX(Banco,$Y1475,6),\"\"),\"\")","v":"Horas"},4,{"$f":"IF(NOT(ISERROR($Y1475)),IF($Y1475<>FALSE,INDEX(Banco,$Y1475,7),0),0)","v":103.65},"DI 1",{"$f":"IF($J1475=$G$2,ROUND(ROUND($R1475,2)*IF($R$9=\"Preço Unitário (R$)\",1,1+$AA1475),2),0)","v":129.56},{"$f":"IF($A1475=\"S\",VTOTAL1,IF($A1475=0,0,ROUND(SomaAgrup,2)))","v":518.24},null,{"$f":"IF(OR($A1475=0,$A1475=\"S\",$A1475>CFF!$A$9),\"\",MAX(W$11:OFFSET(W1475,-1,0))+1)","v":""},{"$f":"IF(AND($J1475=$G$2,$N1475<>\"\",$M1475<>\"\"),CONCATENATE($M1475,\"-\",$N1475))","v":"Rec. Humanos-003"},5,null,{"$f":"IF($J1475=$G$2,ROUND(IF(ISNUMBER(S1475),S1475,IF(LEFT(S1475,2)=\"DI\",HLOOKUP(S1475,DADOS!$T$29:$X$30,2,FALSE),0)),4),\"\")","v":0.25}]
["S",0,{"$f":"IF($A1476=1,OFFSET(C1476,-1,0)+1,OFFSET(C1476,-1,0))","v":18},{"$f":"IF($A1476=1,0,IF($A1476=2,OFFSET(D1476,-1,0)+1,OFFSET(D1476,-1,0)))","v":3},{"$f":"IF(AND($A1476<=2,$A1476<>0),0,IF($A1476=3,OFFSET(E1476,-1,0)+1,OFFSET(E1476,-1,0)))","v":0},{"$f":"IF(AND($A1476<=3,$A1476<>0),0,IF($A1476=4,OFFSET(F1476,-1,0)+1,OFFSET(F1476,-1,0)))","v":0},{"$f":"IF(AND($A1476<=4,$A1476<>0),0,IF($A1476=\"S\",OFFSET(G1476,-1,0)+1,OFFSET(G1476,-1,0)))","v":4},{"$f":"IF(OR($A1476=\"S\",$A1476=0),0,MATCH(0,OFFSET($B1476,1,$A1476,ROW($A$1504)-ROW($A1476)),0))","v":0},{"$f":"IF(OR($A1476=\"S\",$A1476=0),0,MATCH(OFFSET($B1476,0,$A1476)+1,OFFSET($B1476,1,$A1476,ROW($A$1504)-ROW($A1476)),0))","v":0},"Insumo",{"$f":"IF($A1476=0,\"-\",CONCATENATE(C1476&\".\",IF(AND($A$5>=2,$A1476>=2),D1476&\".\",\"\"),IF(AND($A$5>=3,$A1476>=3),E1476&\".\",\"\"),IF(AND($A$5>=4,$A1476>=4),F1476&\".\",\"\"),IF($A1476=\"S\",G1476&\".\",\"\")))","v":"18.3.4."},{"$f":"IF(NOT(ISERROR($Y1476)),IF($Y1476<>FALSE,INDEX(Banco,$Y1476,4),\"\"),\"\")","v":"SINE"},"Rec. Humanos","004",{"$f":"IF(NOT(ISERROR($Y1476)),IF($Y1476<>FALSE,INDEX(Banco,$Y1476,5),\"\"),\"\")","v":"Estagiários"},{"$f":"IF(NOT(ISERROR($Y1476)),IF($Y1476<>FALSE,INDEX(Banco,$Y1476,6),\"\"),\"\")","v":"Horas"},8,{"$f":"IF(NOT(ISERROR($Y1476)),IF($Y1476<>FALSE,INDEX(Banco,$Y1476,7),0),0)","v":9.7899999999999991},"DI 1",{"$f":"IF($J1476=$G$2,ROUND(ROUND($R1476,2)*IF($R$9=\"Preço Unitário (R$)\",1,1+$AA1476),2),0)","v":12.24},{"$f":"IF($A1476=\"S\",VTOTAL1,IF($A1476=0,0,ROUND(SomaAgrup,2)))","v":97.92},null,{"$f":"IF(OR($A1476=0,$A1476=\"S\",$A1476>CFF!$A$9),\"\",MAX(W$11:OFFSET(W1476,-1,0))+1)","v":""},{"$f":"IF(AND($J1476=$G$2,$N1476<>\"\",$M1476<>\"\"),CONCATENATE($M1476,\"-\",$N1476))","v":"Rec. Humanos-004"},6,null,{"$f":"IF($J1476=$G$2,ROUND(IF(ISNUMBER(S1476),S1476,IF(LEFT(S1476,2)=\"DI\",HLOOKUP(S1476,DADOS!$T$29:$X$30,2,FALSE),0)),4),\"\")","v":0.25}]
["S",0,{"$f":"IF($A1477=1,OFFSET(C1477,-1,0)+1,OFFSET(C1477,-1,0))","v":18},{"$f":"IF($A1477=1,0,IF($A1477=2,OFFSET(D1477,-1,0)+1,OFFSET(D1477,-1,0)))","v":3},{"$f":"IF(AND($A1477<=2,$A1477<>0),0,IF($A1477=3,OFFSET(E1477,-1,0)+1,OFFSET(E1477,-1,0)))","v":0},{"$f":"IF(AND($A1477<=3,$A1477<>0),0,IF($A1477=4,OFFSET(F1477,-1,0)+1,OFFSET(F1477,-1,0)))","v":0},{"$f":"IF(AND($A1477<=4,$A1477<>0),0,IF($A1477=\"S\",OFFSET(G1477,-1,0)+1,OFFSET(G1477,-1,0)))","v":5},{"$f":"IF(OR($A1477=\"S\",$A1477=0),0,MATCH(0,OFFSET($B1477,1,$A1477,ROW($A$1504)-ROW($A1477)),0))","v":0},{"$f":"IF(OR($A1477=\"S\",$A1477=0),0,MATCH(OFFSET($B1477,0,$A1477)+1,OFFSET($B1477,1,$A1477,ROW($A$1504)-ROW($A1477)),0))","v":0},"Insumo",{"$f":"IF($A1477=0,\"-\",CONCATENATE(C1477&\".\",IF(AND($A$5>=2,$A1477>=2),D1477&\".\",\"\"),IF(AND($A$5>=3,$A1477>=3),E1477&\".\",\"\"),IF(AND($A$5>=4,$A1477>=4),F1477&\".\",\"\"),IF($A1477=\"S\",G1477&\".\",\"\")))","v":"18.3.5."},{"$f":"IF(NOT(ISERROR($Y1477)),IF($Y1477<>FALSE,INDEX(Banco,$Y1477,4),\"\"),\"\")","v":"Cotação"},"Serv. Terc.","001",{"$f":"IF(NOT(ISERROR($Y1477)),IF($Y1477<>FALSE,INDEX(Banco,$Y1477,5),\"\"),\"\")","v":"Fotocópias"},{"$f":"IF(NOT(ISERROR($Y1477)),IF($Y1477<>FALSE,INDEX(Banco,$Y1477,6),\"\"),\"\")","v":"Unidade"},285.41000000000003,{"$f":"IF(NOT(ISERROR($Y1477)),IF($Y1477<>FALSE,INDEX(Banco,$Y1477,7),0),0)","v":0.3},"DI 1",{"$f":"IF($J1477=$G$2,ROUND(ROUND($R1477,2)*IF($R$9=\"Preço Unitário (R$)\",1,1+$AA1477),2),0)","v":0.38},{"$f":"IF($A1477=\"S\",VTOTAL1,IF($A1477=0,0,ROUND(SomaAgrup,2)))","v":108.46},null,{"$f":"IF(OR($A1477=0,$A1477=\"S\",$A1477>CFF!$A$9),\"\",MAX(W$11:OFFSET(W1477,-1,0))+1)","v":""},{"$f":"IF(AND($J1477=$G$2,$N1477<>\"\",$M1477<>\"\"),CONCATENATE($M1477,\"-\",$N1477))","v":"Serv. Terc.-001"},81,null,{"$f":"IF($J1477=$G$2,ROUND(IF(ISNUMBER(S1477),S1477,IF(LEFT(S1477,2)=\"DI\",HLOOKUP(S1477,DADOS!$T$29:$X$30,2,FALSE),0)),4),\"\")","v":0.25}]
[{"$f":"CHOOSE(1+LOG(1+2*(J1478=$C$2)+4*(J1478=$D$2)+8*(J1478=$E$2)+16*(J1478=$F$2)+32*(J1478=$G$2),2),0,1,2,3,4,\"S\")","v":"S"},{"$f":"IF(OR(A1478=\"S\",A1478=0),0,IF(ISERROR(I1478),H1478,SMALL(H1478:I1478,1)))","v":0},{"$f":"IF($A1478=1,OFFSET(C1478,-1,0)+1,OFFSET(C1478,-1,0))","v":18},{"$f":"IF($A1478=1,0,IF($A1478=2,OFFSET(D1478,-1,0)+1,OFFSET(D1478,-1,0)))","v":3},{"$f":"IF(AND($A1478<=2,$A1478<>0),0,IF($A1478=3,OFFSET(E1478,-1,0)+1,OFFSET(E1478,-1,0)))","v":0},{"$f":"IF(AND($A1478<=3,$A1478<>0),0,IF($A1478=4,OFFSET(F1478,-1,0)+1,OFFSET(F1478,-1,0)))","v":0},{"$f":"IF(AND($A1478<=4,$A1478<>0),0,IF($A1478=\"S\",OFFSET(G1478,-1,0)+1,OFFSET(G1478,-1,0)))","v":6},{"$f":"IF(OR($A1478=\"S\",$A1478=0),0,MATCH(0,OFFSET($B1478,1,$A1478,ROW($A$1504)-ROW($A1478)),0))","v":0},{"$f":"IF(OR($A1478=\"S\",$A1478=0),0,MATCH(OFFSET($B1478,0,$A1478)+1,OFFSET($B1478,1,$A1478,ROW($A$1504)-ROW($A1478)),0))","v":0},"Insumo",{"$f":"IF($A1478=0,\"-\",CONCATENATE(C1478&\".\",IF(AND($A$5>=2,$A1478>=2),D1478&\".\",\"\"),IF(AND($A$5>=3,$A1478>=3),E1478&\".\",\"\"),IF(AND($A$5>=4,$A1478>=4),F1478&\".\",\"\"),IF($A1478=\"S\",G1478&\".\",\"\")))","v":"18.3.6."},{"$f":"IF(NOT(ISERROR($Y1478)),IF($Y1478<>FALSE,INDEX(Banco,$Y1478,4),\"\"),\"\")","v":"Cotação"},"Serv. Terc.","017",{"$f":"IF(NOT(ISERROR($Y1478)),IF($Y1478<>FALSE,INDEX(Banco,$Y1478,5),\"\"),\"\")","v":"Instrutor/Monitor (Educação Fisíca)"},{"$f":"IF(NOT(ISERROR($Y1478)),IF($Y1478<>FALSE,INDEX(Banco,$Y1478,6),\"\"),\"\")","v":"Horas"},3,{"$f":"IF(NOT(ISERROR($Y1478)),IF($Y1478<>FALSE,INDEX(Banco,$Y1478,7),0),0)","v":100},"DI 1",{"$f":"IF($J1478=$G$2,ROUND(ROUND($R1478,2)*IF($R$9=\"Preço Unitário (R$)\",1,1+$AA1478),2),0)","v":125},{"$f":"IF($A1478=\"S\",VTOTAL1,IF($A1478=0,0,ROUND(SomaAgrup,2)))","v":375},null,{"$f":"IF(OR($A1478=0,$A1478=\"S\",$A1478>CFF!$A$9),\"\",MAX(W$11:OFFSET(W1478,-1,0))+1)","v":""},{"$f":"IF(AND($J1478=$G$2,$N1478<>\"\",$M1478<>\"\"),CONCATENATE($M1478,\"-\",$N1478))","v":"Serv. Terc.-017"},{"$f":"IF(X1478<>FALSE,MATCH(X1478,OFFSET(Banco,0,0,,1),0))","v":97},null,{"$f":"IF($J1478=$G$2,ROUND(IF(ISNUMBER(S1478),S1478,IF(LEFT(S1478,2)=\"DI\",HLOOKUP(S1478,DADOS!$T$29:$X$30,2,FALSE),0)),4),\"\")","v":0.25}]
["S",0,{"$f":"IF($A1479=1,OFFSET(C1479,-1,0)+1,OFFSET(C1479,-1,0))","v":18},{"$f":"IF($A1479=1,0,IF($A1479=2,OFFSET(D1479,-1,0)+1,OFFSET(D1479,-1,0)))","v":3},{"$f":"IF(AND($A1479<=2,$A1479<>0),0,IF($A1479=3,OFFSET(E1479,-1,0)+1,OFFSET(E1479,-1,0)))","v":0},{"$f":"IF(AND($A1479<=3,$A1479<>0),0,IF($A1479=4,OFFSET(F1479,-1,0)+1,OFFSET(F1479,-1,0)))","v":0},{"$f":"IF(AND($A1479<=4,$A1479<>0),0,IF($A1479=\"S\",OFFSET(G1479,-1,0)+1,OFFSET(G1479,-1,0)))","v":7},{"$f":"IF(OR($A1479=\"S\",$A1479=0),0,MATCH(0,OFFSET($B1479,1,$A1479,ROW($A$1504)-ROW($A1479)),0))","v":0},{"$f":"IF(OR($A1479=\"S\",$A1479=0),0,MATCH(OFFSET($B1479,0,$A1479)+1,OFFSET($B1479,1,$A1479,ROW($A$1504)-ROW($A1479)),0))","v":0},"Insumo",{"$f":"IF($A1479=0,\"-\",CONCATENATE(C1479&\".\",IF(AND($A$5>=2,$A1479>=2),D1479&\".\",\"\"),IF(AND($A$5>=3,$A1479>=3),E1479&\".\",\"\"),IF(AND($A$5>=4,$A1479>=4),F1479&\".\",\"\"),IF($A1479=\"S\",G1479&\".\",\"\")))","v":"18.3.7."},{"$f":"IF(NOT(ISERROR($Y1479)),IF($Y1479<>FALSE,INDEX(Banco,$Y1479,4),\"\"),\"\")","v":"Cotação"},"Serv. Terc.","002",{"$f":"IF(NOT(ISERROR($Y1479)),IF($Y1479<>FALSE,INDEX(Banco,$Y1479,5),\"\"),\"\")","v":"Carro de som com gravação de vinheta"},{"$f":"IF(NOT(ISERROR($Y1479)),IF($Y1479<>FALSE,INDEX(Banco,$Y1479,6),\"\"),\"\")","v":"Horas"},3,{"$f":"IF(NOT(ISERROR($Y1479)),IF($Y1479<>FALSE,INDEX(Banco,$Y1479,7),0),0)","v":200},"DI 1",{"$f":"IF($J1479=$G$2,ROUND(ROUND($R1479,2)*IF($R$9=\"Preço Unitário (R$)\",1,1+$AA1479),2),0)","v":250},{"$f":"IF($A1479=\"S\",VTOTAL1,IF($A1479=0,0,ROUND(SomaAgrup,2)))","v":750},null,{"$f":"IF(OR($A1479=0,$A1479=\"S\",$A1479>CFF!$A$9),\"\",MAX(W$11:OFFSET(W1479,-1,0))+1)","v":""},{"$f":"IF(AND($J1479=$G$2,$N1479<>\"\",$M1479<>\"\"),CONCATENATE($M1479,\"-\",$N1479))","v":"Serv. Terc.-002"},82,null,{"$f":"IF($J1479=$G$2,ROUND(IF(ISNUMBER(S1479),S1479,IF(LEFT(S1479,2)=\"DI\",HLOOKUP(S1479,DADOS!$T$29:$X$30,2,FALSE),0)),4),\"\")","v":0.25}]
["S",0,{"$f":"IF($A1480=1,OFFSET(C1480,-1,0)+1,OFFSET(C1480,-1,0))","v":18},{"$f":"IF($A1480=1,0,IF($A1480=2,OFFSET(D1480,-1,0)+1,OFFSET(D1480,-1,0)))","v":3},{"$f":"IF(AND($A1480<=2,$A1480<>0),0,IF($A1480=3,OFFSET(E1480,-1,0)+1,OFFSET(E1480,-1,0)))","v":0},{"$f":"IF(AND($A1480<=3,$A1480<>0),0,IF($A1480=4,OFFSET(F1480,-1,0)+1,OFFSET(F1480,-1,0)))","v":0},{"$f":"IF(AND($A1480<=4,$A1480<>0),0,IF($A1480=\"S\",OFFSET(G1480,-1,0)+1,OFFSET(G1480,-1,0)))","v":8},{"$f":"IF(OR($A1480=\"S\",$A1480=0),0,MATCH(0,OFFSET($B1480,1,$A1480,ROW($A$1504)-ROW($A1480)),0))","v":0},{"$f":"IF(OR($A1480=\"S\",$A1480=0),0,MATCH(OFFSET($B1480,0,$A1480)+1,OFFSET($B1480,1,$A1480,ROW($A$1504)-ROW($A1480)),0))","v":0},"Insumo",{"$f":"IF($A1480=0,\"-\",CONCATENATE(C1480&\".\",IF(AND($A$5>=2,$A1480>=2),D1480&\".\",\"\"),IF(AND($A$5>=3,$A1480>=3),E1480&\".\",\"\"),IF(AND($A$5>=4,$A1480>=4),F1480&\".\",\"\"),IF($A1480=\"S\",G1480&\".\",\"\")))","v":"18.3.8."},{"$f":"IF(NOT(ISERROR($Y1480)),IF($Y1480<>FALSE,INDEX(Banco,$Y1480,4),\"\"),\"\")","v":"Cotação"},"Serv. Terc.","005",{"$f":"IF(NOT(ISERROR($Y1480)),IF($Y1480<>FALSE,INDEX(Banco,$Y1480,5),\"\"),\"\")","v":"Locação de caixa térmica"},{"$f":"IF(NOT(ISERROR($Y1480)),IF($Y1480<>FALSE,INDEX(Banco,$Y1480,6),\"\"),\"\")","v":"Unidade"},2,{"$f":"IF(NOT(ISERROR($Y1480)),IF($Y1480<>FALSE,INDEX(Banco,$Y1480,7),0),0)","v":40},"DI 1",{"$f":"IF($J1480=$G$2,ROUND(ROUND($R1480,2)*IF($R$9=\"Preço Unitário (R$)\",1,1+$AA1480),2),0)","v":50},{"$f":"IF($A1480=\"S\",VTOTAL1,IF($A1480=0,0,ROUND(SomaAgrup,2)))","v":100},null,{"$f":"IF(OR($A1480=0,$A1480=\"S\",$A1480>CFF!$A$9),\"\",MAX(W$11:OFFSET(W1480,-1,0))+1)","v":""},{"$f":"IF(AND($J1480=$G$2,$N1480<>\"\",$M1480<>\"\"),CONCATENATE($M1480,\"-\",$N1480))","v":"Serv. Terc.-005"},85,null,{"$f":"IF($J1480=$G$2,ROUND(IF(ISNUMBER(S1480),S1480,IF(LEFT(S1480,2)=\"DI\",HLOOKUP(S1480,DADOS!$T$29:$X$30,2,FALSE),0)),4),\"\")","v":0.25}]
["S",0,{"$f":"IF($A1481=1,OFFSET(C1481,-1,0)+1,OFFSET(C1481,-1,0))","v":18},{"$f":"IF($A1481=1,0,IF($A1481=2,OFFSET(D1481,-1,0)+1,OFFSET(D1481,-1,0)))","v":3},{"$f":"IF(AND($A1481<=2,$A1481<>0),0,IF($A1481=3,OFFSET(E1481,-1,0)+1,OFFSET(E1481,-1,0)))","v":0},{"$f":"IF(AND($A1481<=3,$A1481<>0),0,IF($A1481=4,OFFSET(F1481,-1,0)+1,OFFSET(F1481,-1,0)))","v":0},{"$f":"IF(AND($A1481<=4,$A1481<>0),0,IF($A1481=\"S\",OFFSET(G1481,-1,0)+1,OFFSET(G1481,-1,0)))","v":9},{"$f":"IF(OR($A1481=\"S\",$A1481=0),0,MATCH(0,OFFSET($B1481,1,$A1481,ROW($A$1504)-ROW($A1481)),0))","v":0},{"$f":"IF(OR($A1481=\"S\",$A1481=0),0,MATCH(OFFSET($B1481,0,$A1481)+1,OFFSET($B1481,1,$A1481,ROW($A$1504)-ROW($A1481)),0))","v":0},"Insumo",{"$f":"IF($A1481=0,\"-\",CONCATENATE(C1481&\".\",IF(AND($A$5>=2,$A1481>=2),D1481&\".\",\"\"),IF(AND($A$5>=3,$A1481>=3),E1481&\".\",\"\"),IF(AND($A$5>=4,$A1481>=4),F1481&\".\",\"\"),IF($A1481=\"S\",G1481&\".\",\"\")))","v":"18.3.9."},{"$f":"IF(NOT(ISERROR($Y1481)),IF($Y1481<>FALSE,INDEX(Banco,$Y1481,4),\"\"),\"\")","v":"Cotação"},"Serv. Terc.","008",{"$f":"IF(NOT(ISERROR($Y1481)),IF($Y1481<>FALSE,INDEX(Banco,$Y1481,5),\"\"),\"\")","v":"Locação de pula-pula com monitor"},{"$f":"IF(NOT(ISERROR($Y1481)),IF($Y1481<>FALSE,INDEX(Banco,$Y1481,6),\"\"),\"\")","v":"Unidade"},2,{"$f":"IF(NOT(ISERROR($Y1481)),IF($Y1481<>FALSE,INDEX(Banco,$Y1481,7),0),0)","v":220},"DI 1",{"$f":"IF($J1481=$G$2,ROUND(ROUND($R1481,2)*IF($R$9=\"Preço Unitário (R$)\",1,1+$AA1481),2),0)","v":275},{"$f":"IF($A1481=\"S\",VTOTAL1,IF($A1481=0,0,ROUND(SomaAgrup,2)))","v":550},null,{"$f":"IF(OR($A1481=0,$A1481=\"S\",$A1481>CFF!$A$9),\"\",MAX(W$11:OFFSET(W1481,-1,0))+1)","v":""},{"$f":"IF(AND($J1481=$G$2,$N1481<>\"\",$M1481<>\"\"),CONCATENATE($M1481,\"-\",$N1481))","v":"Serv. Terc.-008"},88,null,{"$f":"IF($J1481=$G$2,ROUND(IF(ISNUMBER(S1481),S1481,IF(LEFT(S1481,2)=\"DI\",HLOOKUP(S1481,DADOS!$T$29:$X$30,2,FALSE),0)),4),\"\")","v":0.25}]
["S",0,{"$f":"IF($A1482=1,OFFSET(C1482,-1,0)+1,OFFSET(C1482,-1,0))","v":18},{"$f":"IF($A1482=1,0,IF($A1482=2,OFFSET(D1482,-1,0)+1,OFFSET(D1482,-1,0)))","v":3},{"$f":"IF(AND($A1482<=2,$A1482<>0),0,IF($A1482=3,OFFSET(E1482,-1,0)+1,OFFSET(E1482,-1,0)))","v":0},{"$f":"IF(AND($A1482<=3,$A1482<>0),0,IF($A1482=4,OFFSET(F1482,-1,0)+1,OFFSET(F1482,-1,0)))","v":0},{"$f":"IF(AND($A1482<=4,$A1482<>0),0,IF($A1482=\"S\",OFFSET(G1482,-1,0)+1,OFFSET(G1482,-1,0)))","v":10},{"$f":"IF(OR($A1482=\"S\",$A1482=0),0,MATCH(0,OFFSET($B1482,1,$A1482,ROW($A$1504)-ROW($A1482)),0))","v":0},{"$f":"IF(OR($A1482=\"S\",$A1482=0),0,MATCH(OFFSET($B1482,0,$A1482)+1,OFFSET($B1482,1,$A1482,ROW($A$1504)-ROW($A1482)),0))","v":0},"Insumo",{"$f":"IF($A1482=0,\"-\",CONCATENATE(C1482&\".\",IF(AND($A$5>=2,$A1482>=2),D1482&\".\",\"\"),IF(AND($A$5>=3,$A1482>=3),E1482&\".\",\"\"),IF(AND($A$5>=4,$A1482>=4),F1482&\".\",\"\"),IF($A1482=\"S\",G1482&\".\",\"\")))","v":"18.3.10."},{"$f":"IF(NOT(ISERROR($Y1482)),IF($Y1482<>FALSE,INDEX(Banco,$Y1482,4),\"\"),\"\")","v":"Cotação "},"Serv. Terc.","011",{"$f":"IF(NOT(ISERROR($Y1482)),IF($Y1482<>FALSE,INDEX(Banco,$Y1482,5),\"\"),\"\")","v":"Barra de gelo"},{"$f":"IF(NOT(ISERROR($Y1482)),IF($Y1482<>FALSE,INDEX(Banco,$Y1482,6),\"\"),\"\")","v":"Unidade"},4,{"$f":"IF(NOT(ISERROR($Y1482)),IF($Y1482<>FALSE,INDEX(Banco,$Y1482,7),0),0)","v":12},"DI 1",{"$f":"IF($J1482=$G$2,ROUND(ROUND($R1482,2)*IF($R$9=\"Preço Unitário (R$)\",1,1+$AA1482),2),0)","v":15},{"$f":"IF($A1482=\"S\",VTOTAL1,IF($A1482=0,0,ROUND(SomaAgrup,2)))","v":60},null,{"$f":"IF(OR($A1482=0,$A1482=\"S\",$A1482>CFF!$A$9),\"\",MAX(W$11:OFFSET(W1482,-1,0))+1)","v":""},{"$f":"IF(AND($J1482=$G$2,$N1482<>\"\",$M1482<>\"\"),CONCATENATE($M1482,\"-\",$N1482))","v":"Serv. Terc.-011"},91,null,{"$f":"IF($J1482=$G$2,ROUND(IF(ISNUMBER(S1482),S1482,IF(LEFT(S1482,2)=\"DI\",HLOOKUP(S1482,DADOS!$T$29:$X$30,2,FALSE),0)),4),\"\")","v":0.25}]
["S",0,{"$f":"IF($A1483=1,OFFSET(C1483,-1,0)+1,OFFSET(C1483,-1,0))","v":18},{"$f":"IF($A1483=1,0,IF($A1483=2,OFFSET(D1483,-1,0)+1,OFFSET(D1483,-1,0)))","v":3},{"$f":"IF(AND($A1483<=2,$A1483<>0),0,IF($A1483=3,OFFSET(E1483,-1,0)+1,OFFSET(E1483,-1,0)))","v":0},{"$f":"IF(AND($A1483<=3,$A1483<>0),0,IF($A1483=4,OFFSET(F1483,-1,0)+1,OFFSET(F1483,-1,0)))","v":0},{"$f":"IF(AND($A1483<=4,$A1483<>0),0,IF($A1483=\"S\",OFFSET(G1483,-1,0)+1,OFFSET(G1483,-1,0)))","v":11},{"$f":"IF(OR($A1483=\"S\",$A1483=0),0,MATCH(0,OFFSET($B1483,1,$A1483,ROW($A$1504)-ROW($A1483)),0))","v":0},{"$f":"IF(OR($A1483=\"S\",$A1483=0),0,MATCH(OFFSET($B1483,0,$A1483)+1,OFFSET($B1483,1,$A1483,ROW($A$1504)-ROW($A1483)),0))","v":0},"Insumo",{"$f":"IF($A1483=0,\"-\",CONCATENATE(C1483&\".\",IF(AND($A$5>=2,$A1483>=2),D1483&\".\",\"\"),IF(AND($A$5>=3,$A1483>=3),E1483&\".\",\"\"),IF(AND($A$5>=4,$A1483>=4),F1483&\".\",\"\"),IF($A1483=\"S\",G1483&\".\",\"\")))","v":"18.3.11."},{"$f":"IF(NOT(ISERROR($Y1483)),IF($Y1483<>FALSE,INDEX(Banco,$Y1483,4),\"\"),\"\")","v":"Cotação"},"Serv. Terc.","013",{"$f":"IF(NOT(ISERROR($Y1483)),IF($Y1483<>FALSE,INDEX(Banco,$Y1483,5),\"\"),\"\")","v":"Sucos"},{"$f":"IF(NOT(ISERROR($Y1483)),IF($Y1483<>FALSE,INDEX(Banco,$Y1483,6),\"\"),\"\")","v":"Unidade"},12,{"$f":"IF(NOT(ISERROR($Y1483)),IF($Y1483<>FALSE,INDEX(Banco,$Y1483,7),0),0)","v":6.4},"DI 1",{"$f":"IF($J1483=$G$2,ROUND(ROUND($R1483,2)*IF($R$9=\"Preço Unitário (R$)\",1,1+$AA1483),2),0)","v":8},{"$f":"IF($A1483=\"S\",VTOTAL1,IF($A1483=0,0,ROUND(SomaAgrup,2)))","v":96},null,{"$f":"IF(OR($A1483=0,$A1483=\"S\",$A1483>CFF!$A$9),\"\",MAX(W$11:OFFSET(W1483,-1,0))+1)","v":""},{"$f":"IF(AND($J1483=$G$2,$N1483<>\"\",$M1483<>\"\"),CONCATENATE($M1483,\"-\",$N1483))","v":"Serv. Terc.-013"},93,null,{"$f":"IF($J1483=$G$2,ROUND(IF(ISNUMBER(S1483),S1483,IF(LEFT(S1483,2)=\"DI\",HLOOKUP(S1483,DADOS!$T$29:$X$30,2,FALSE),0)),4),\"\")","v":0.25}]
[{"$f":"CHOOSE(1+LOG(1+2*(J1484=$C$2)+4*(J1484=$D$2)+8*(J1484=$E$2)+16*(J1484=$F$2)+32*(J1484=$G$2),2),0,1,2,3,4,\"S\")","v":"S"},{"$f":"IF(OR(A1484=\"S\",A1484=0),0,IF(ISERROR(I1484),H1484,SMALL(H1484:I1484,1)))","v":0},{"$f":"IF($A1484=1,OFFSET(C1484,-1,0)+1,OFFSET(C1484,-1,0))","v":18},{"$f":"IF($A1484=1,0,IF($A1484=2,OFFSET(D1484,-1,0)+1,OFFSET(D1484,-1,0)))","v":3},{"$f":"IF(AND($A1484<=2,$A1484<>0),0,IF($A1484=3,OFFSET(E1484,-1,0)+1,OFFSET(E1484,-1,0)))","v":0},{"$f":"IF(AND($A1484<=3,$A1484<>0),0,IF($A1484=4,OFFSET(F1484,-1,0)+1,OFFSET(F1484,-1,0)))","v":0},{"$f":"IF(AND($A1484<=4,$A1484<>0),0,IF($A1484=\"S\",OFFSET(G1484,-1,0)+1,OFFSET(G1484,-1,0)))","v":12},{"$f":"IF(OR($A1484=\"S\",$A1484=0),0,MATCH(0,OFFSET($B1484,1,$A1484,ROW($A$1504)-ROW($A1484)),0))","v":0},{"$f":"IF(OR($A1484=\"S\",$A1484=0),0,MATCH(OFFSET($B1484,0,$A1484)+1,OFFSET($B1484,1,$A1484,ROW($A$1504)-ROW($A1484)),0))","v":0},"Insumo",{"$f":"IF($A1484=0,\"-\",CONCATENATE(C1484&\".\",IF(AND($A$5>=2,$A1484>=2),D1484&\".\",\"\"),IF(AND($A$5>=3,$A1484>=3),E1484&\".\",\"\"),IF(AND($A$5>=4,$A1484>=4),F1484&\".\",\"\"),IF($A1484=\"S\",G1484&\".\",\"\")))","v":"18.3.12."},{"$f":"IF(NOT(ISERROR($Y1484)),IF($Y1484<>FALSE,INDEX(Banco,$Y1484,4),\"\"),\"\")","v":"Cotação"},"Serv. Terc.","027",{"$f":"IF(NOT(ISERROR($Y1484)),IF($Y1484<>FALSE,INDEX(Banco,$Y1484,5),\"\"),\"\")","v":"Refrigerantes (02 litros) "},{"$f":"IF(NOT(ISERROR($Y1484)),IF($Y1484<>FALSE,INDEX(Banco,$Y1484,6),\"\"),\"\")","v":"Unidade"},20,{"$f":"IF(NOT(ISERROR($Y1484)),IF($Y1484<>FALSE,INDEX(Banco,$Y1484,7),0),0)","v":6},"DI 1",{"$f":"IF($J1484=$G$2,ROUND(ROUND($R1484,2)*IF($R$9=\"Preço Unitário (R$)\",1,1+$AA1484),2),0)","v":7.5},{"$f":"IF($A1484=\"S\",VTOTAL1,IF($A1484=0,0,ROUND(SomaAgrup,2)))","v":150},null,{"$f":"IF(OR($A1484=0,$A1484=\"S\",$A1484>CFF!$A$9),\"\",MAX(W$11:OFFSET(W1484,-1,0))+1)","v":""},{"$f":"IF(AND($J1484=$G$2,$N1484<>\"\",$M1484<>\"\"),CONCATENATE($M1484,\"-\",$N1484))","v":"Serv. Terc.-027"},{"$f":"IF(X1484<>FALSE,MATCH(X1484,OFFSET(Banco,0,0,,1),0))","v":107},null,{"$f":"IF($J1484=$G$2,ROUND(IF(ISNUMBER(S1484),S1484,IF(LEFT(S1484,2)=\"DI\",HLOOKUP(S1484,DADOS!$T$29:$X$30,2,FALSE),0)),4),\"\")","v":0.25}]
["S",0,{"$f":"IF($A1485=1,OFFSET(C1485,-1,0)+1,OFFSET(C1485,-1,0))","v":18},{"$f":"IF($A1485=1,0,IF($A1485=2,OFFSET(D1485,-1,0)+1,OFFSET(D1485,-1,0)))","v":3},{"$f":"IF(AND($A1485<=2,$A1485<>0),0,IF($A1485=3,OFFSET(E1485,-1,0)+1,OFFSET(E1485,-1,0)))","v":0},{"$f":"IF(AND($A1485<=3,$A1485<>0),0,IF($A1485=4,OFFSET(F1485,-1,0)+1,OFFSET(F1485,-1,0)))","v":0},{"$f":"IF(AND($A1485<=4,$A1485<>0),0,IF($A1485=\"S\",OFFSET(G1485,-1,0)+1,OFFSET(G1485,-1,0)))","v":13},{"$f":"IF(OR($A1485=\"S\",$A1485=0),0,MATCH(0,OFFSET($B1485,1,$A1485,ROW($A$1504)-ROW($A1485)),0))","v":0},{"$f":"IF(OR($A1485=\"S\",$A1485=0),0,MATCH(OFFSET($B1485,0,$A1485)+1,OFFSET($B1485,1,$A1485,ROW($A$1504)-ROW($A1485)),0))","v":0},"Insumo",{"$f":"IF($A1485=0,\"-\",CONCATENATE(C1485&\".\",IF(AND($A$5>=2,$A1485>=2),D1485&\".\",\"\"),IF(AND($A$5>=3,$A1485>=3),E1485&\".\",\"\"),IF(AND($A$5>=4,$A1485>=4),F1485&\".\",\"\"),IF($A1485=\"S\",G1485&\".\",\"\")))","v":"18.3.13."},{"$f":"IF(NOT(ISERROR($Y1485)),IF($Y1485<>FALSE,INDEX(Banco,$Y1485,4),\"\"),\"\")","v":"Cotação "},"Serv. Terc.","010",{"$f":"IF(NOT(ISERROR($Y1485)),IF($Y1485<>FALSE,INDEX(Banco,$Y1485,5),\"\"),\"\")","v":"Brindes ( descrição nos orçamentos e PTS)"},{"$f":"IF(NOT(ISERROR($Y1485)),IF($Y1485<>FALSE,INDEX(Banco,$Y1485,6),\"\"),\"\")","v":"Unidade"},4,{"$f":"IF(NOT(ISERROR($Y1485)),IF($Y1485<>FALSE,INDEX(Banco,$Y1485,7),0),0)","v":120},"DI 1",{"$f":"IF($J1485=$G$2,ROUND(ROUND($R1485,2)*IF($R$9=\"Preço Unitário (R$)\",1,1+$AA1485),2),0)","v":150},{"$f":"IF($A1485=\"S\",VTOTAL1,IF($A1485=0,0,ROUND(SomaAgrup,2)))","v":600},null,{"$f":"IF(OR($A1485=0,$A1485=\"S\",$A1485>CFF!$A$9),\"\",MAX(W$11:OFFSET(W1485,-1,0))+1)","v":""},{"$f":"IF(AND($J1485=$G$2,$N1485<>\"\",$M1485<>\"\"),CONCATENATE($M1485,\"-\",$N1485))","v":"Serv. Terc.-010"},90,null,{"$f":"IF($J1485=$G$2,ROUND(IF(ISNUMBER(S1485),S1485,IF(LEFT(S1485,2)=\"DI\",HLOOKUP(S1485,DADOS!$T$29:$X$30,2,FALSE),0)),4),\"\")","v":0.25}]
["S",0,{"$f":"IF($A1486=1,OFFSET(C1486,-1,0)+1,OFFSET(C1486,-1,0))","v":18},{"$f":"IF($A1486=1,0,IF($A1486=2,OFFSET(D1486,-1,0)+1,OFFSET(D1486,-1,0)))","v":3},{"$f":"IF(AND($A1486<=2,$A1486<>0),0,IF($A1486=3,OFFSET(E1486,-1,0)+1,OFFSET(E1486,-1,0)))","v":0},{"$f":"IF(AND($A1486<=3,$A1486<>0),0,IF($A1486=4,OFFSET(F1486,-1,0)+1,OFFSET(F1486,-1,0)))","v":0},{"$f":"IF(AND($A1486<=4,$A1486<>0),0,IF($A1486=\"S\",OFFSET(G1486,-1,0)+1,OFFSET(G1486,-1,0)))","v":14},{"$f":"IF(OR($A1486=\"S\",$A1486=0),0,MATCH(0,OFFSET($B1486,1,$A1486,ROW($A$1504)-ROW($A1486)),0))","v":0},{"$f":"IF(OR($A1486=\"S\",$A1486=0),0,MATCH(OFFSET($B1486,0,$A1486)+1,OFFSET($B1486,1,$A1486,ROW($A$1504)-ROW($A1486)),0))","v":0},"Insumo",{"$f":"IF($A1486=0,\"-\",CONCATENATE(C1486&\".\",IF(AND($A$5>=2,$A1486>=2),D1486&\".\",\"\"),IF(AND($A$5>=3,$A1486>=3),E1486&\".\",\"\"),IF(AND($A$5>=4,$A1486>=4),F1486&\".\",\"\"),IF($A1486=\"S\",G1486&\".\",\"\")))","v":"18.3.14."},{"$f":"IF(NOT(ISERROR($Y1486)),IF($Y1486<>FALSE,INDEX(Banco,$Y1486,4),\"\"),\"\")","v":"Cotação"},"Serv. Terc.","015",{"$f":"IF(NOT(ISERROR($Y1486)),IF($Y1486<>FALSE,INDEX(Banco,$Y1486,5),\"\"),\"\")","v":"Coffee break (salgados)"},{"$f":"IF(NOT(ISERROR($Y1486)),IF($Y1486<>FALSE,INDEX(Banco,$Y1486,6),\"\"),\"\")","v":"Centro"},15,{"$f":"IF(NOT(ISERROR($Y1486)),IF($Y1486<>FALSE,INDEX(Banco,$Y1486,7),0),0)","v":65},"DI 1",{"$f":"IF($J1486=$G$2,ROUND(ROUND($R1486,2)*IF($R$9=\"Preço Unitário (R$)\",1,1+$AA1486),2),0)","v":81.25},{"$f":"IF($A1486=\"S\",VTOTAL1,IF($A1486=0,0,ROUND(SomaAgrup,2)))","v":1218.75},null,{"$f":"IF(OR($A1486=0,$A1486=\"S\",$A1486>CFF!$A$9),\"\",MAX(W$11:OFFSET(W1486,-1,0))+1)","v":""},{"$f":"IF(AND($J1486=$G$2,$N1486<>\"\",$M1486<>\"\"),CONCATENATE($M1486,\"-\",$N1486))","v":"Serv. Terc.-015"},95,null,{"$f":"IF($J1486=$G$2,ROUND(IF(ISNUMBER(S1486),S1486,IF(LEFT(S1486,2)=\"DI\",HLOOKUP(S1486,DADOS!$T$29:$X$30,2,FALSE),0)),4),\"\")","v":0.25}]
["S",0,{"$f":"IF($A1487=1,OFFSET(C1487,-1,0)+1,OFFSET(C1487,-1,0))","v":18},{"$f":"IF($A1487=1,0,IF($A1487=2,OFFSET(D1487,-1,0)+1,OFFSET(D1487,-1,0)))","v":3},{"$f":"IF(AND($A1487<=2,$A1487<>0),0,IF($A1487=3,OFFSET(E1487,-1,0)+1,OFFSET(E1487,-1,0)))","v":0},{"$f":"IF(AND($A1487<=3,$A1487<>0),0,IF($A1487=4,OFFSET(F1487,-1,0)+1,OFFSET(F1487,-1,0)))","v":0},{"$f":"IF(AND($A1487<=4,$A1487<>0),0,IF($A1487=\"S\",OFFSET(G1487,-1,0)+1,OFFSET(G1487,-1,0)))","v":15},{"$f":"IF(OR($A1487=\"S\",$A1487=0),0,MATCH(0,OFFSET($B1487,1,$A1487,ROW($A$1504)-ROW($A1487)),0))","v":0},{"$f":"IF(OR($A1487=\"S\",$A1487=0),0,MATCH(OFFSET($B1487,0,$A1487)+1,OFFSET($B1487,1,$A1487,ROW($A$1504)-ROW($A1487)),0))","v":0},"Insumo",{"$f":"IF($A1487=0,\"-\",CONCATENATE(C1487&\".\",IF(AND($A$5>=2,$A1487>=2),D1487&\".\",\"\"),IF(AND($A$5>=3,$A1487>=3),E1487&\".\",\"\"),IF(AND($A$5>=4,$A1487>=4),F1487&\".\",\"\"),IF($A1487=\"S\",G1487&\".\",\"\")))","v":"18.3.15."},{"$f":"IF(NOT(ISERROR($Y1487)),IF($Y1487<>FALSE,INDEX(Banco,$Y1487,4),\"\"),\"\")","v":"Cotação"},"Rec. Materiais","020",{"$f":"IF(NOT(ISERROR($Y1487)),IF($Y1487<>FALSE,INDEX(Banco,$Y1487,5),\"\"),\"\")","v":"Guloseimas (balas e pirulito)"},{"$f":"IF(NOT(ISERROR($Y1487)),IF($Y1487<>FALSE,INDEX(Banco,$Y1487,6),\"\"),\"\")","v":"Pacote"},4,{"$f":"IF(NOT(ISERROR($Y1487)),IF($Y1487<>FALSE,INDEX(Banco,$Y1487,7),0),0)","v":12},"DI 1",{"$f":"IF($J1487=$G$2,ROUND(ROUND($R1487,2)*IF($R$9=\"Preço Unitário (R$)\",1,1+$AA1487),2),0)","v":15},{"$f":"IF($A1487=\"S\",VTOTAL1,IF($A1487=0,0,ROUND(SomaAgrup,2)))","v":60},null,{"$f":"IF(OR($A1487=0,$A1487=\"S\",$A1487>CFF!$A$9),\"\",MAX(W$11:OFFSET(W1487,-1,0))+1)","v":""},{"$f":"IF(AND($J1487=$G$2,$N1487<>\"\",$M1487<>\"\"),CONCATENATE($M1487,\"-\",$N1487))","v":"Rec. Materiais-020"},29,null,{"$f":"IF($J1487=$G$2,ROUND(IF(ISNUMBER(S1487),S1487,IF(LEFT(S1487,2)=\"DI\",HLOOKUP(S1487,DADOS!$T$29:$X$30,2,FALSE),0)),4),\"\")","v":0.25}]
["S",0,{"$f":"IF($A1488=1,OFFSET(C1488,-1,0)+1,OFFSET(C1488,-1,0))","v":18},{"$f":"IF($A1488=1,0,IF($A1488=2,OFFSET(D1488,-1,0)+1,OFFSET(D1488,-1,0)))","v":3},{"$f":"IF(AND($A1488<=2,$A1488<>0),0,IF($A1488=3,OFFSET(E1488,-1,0)+1,OFFSET(E1488,-1,0)))","v":0},{"$f":"IF(AND($A1488<=3,$A1488<>0),0,IF($A1488=4,OFFSET(F1488,-1,0)+1,OFFSET(F1488,-1,0)))","v":0},{"$f":"IF(AND($A1488<=4,$A1488<>0),0,IF($A1488=\"S\",OFFSET(G1488,-1,0)+1,OFFSET(G1488,-1,0)))","v":16},{"$f":"IF(OR($A1488=\"S\",$A1488=0),0,MATCH(0,OFFSET($B1488,1,$A1488,ROW($A$1504)-ROW($A1488)),0))","v":0},{"$f":"IF(OR($A1488=\"S\",$A1488=0),0,MATCH(OFFSET($B1488,0,$A1488)+1,OFFSET($B1488,1,$A1488,ROW($A$1504)-ROW($A1488)),0))","v":0},"Insumo",{"$f":"IF($A1488=0,\"-\",CONCATENATE(C1488&\".\",IF(AND($A$5>=2,$A1488>=2),D1488&\".\",\"\"),IF(AND($A$5>=3,$A1488>=3),E1488&\".\",\"\"),IF(AND($A$5>=4,$A1488>=4),F1488&\".\",\"\"),IF($A1488=\"S\",G1488&\".\",\"\")))","v":"18.3.16."},{"$f":"IF(NOT(ISERROR($Y1488)),IF($Y1488<>FALSE,INDEX(Banco,$Y1488,4),\"\"),\"\")","v":"Cotação"},"Rec. Materiais","021",{"$f":"IF(NOT(ISERROR($Y1488)),IF($Y1488<>FALSE,INDEX(Banco,$Y1488,5),\"\"),\"\")","v":"Papel de presente"},{"$f":"IF(NOT(ISERROR($Y1488)),IF($Y1488<>FALSE,INDEX(Banco,$Y1488,6),\"\"),\"\")","v":"Folhas"},9,{"$f":"IF(NOT(ISERROR($Y1488)),IF($Y1488<>FALSE,INDEX(Banco,$Y1488,7),0),0)","v":1.5},"DI 1",{"$f":"IF($J1488=$G$2,ROUND(ROUND($R1488,2)*IF($R$9=\"Preço Unitário (R$)\",1,1+$AA1488),2),0)","v":1.88},{"$f":"IF($A1488=\"S\",VTOTAL1,IF($A1488=0,0,ROUND(SomaAgrup,2)))","v":16.920000000000002},null,{"$f":"IF(OR($A1488=0,$A1488=\"S\",$A1488>CFF!$A$9),\"\",MAX(W$11:OFFSET(W1488,-1,0))+1)","v":""},{"$f":"IF(AND($J1488=$G$2,$N1488<>\"\",$M1488<>\"\"),CONCATENATE($M1488,\"-\",$N1488))","v":"Rec. Materiais-021"},30,null,{"$f":"IF($J1488=$G$2,ROUND(IF(ISNUMBER(S1488),S1488,IF(LEFT(S1488,2)=\"DI\",HLOOKUP(S1488,DADOS!$T$29:$X$30,2,FALSE),0)),4),\"\")","v":0.25}]
["S",0,{"$f":"IF($A1489=1,OFFSET(C1489,-1,0)+1,OFFSET(C1489,-1,0))","v":18},{"$f":"IF($A1489=1,0,IF($A1489=2,OFFSET(D1489,-1,0)+1,OFFSET(D1489,-1,0)))","v":3},{"$f":"IF(AND($A1489<=2,$A1489<>0),0,IF($A1489=3,OFFSET(E1489,-1,0)+1,OFFSET(E1489,-1,0)))","v":0},{"$f":"IF(AND($A1489<=3,$A1489<>0),0,IF($A1489=4,OFFSET(F1489,-1,0)+1,OFFSET(F1489,-1,0)))","v":0},{"$f":"IF(AND($A1489<=4,$A1489<>0),0,IF($A1489=\"S\",OFFSET(G1489,-1,0)+1,OFFSET(G1489,-1,0)))","v":17},{"$f":"IF(OR($A1489=\"S\",$A1489=0),0,MATCH(0,OFFSET($B1489,1,$A1489,ROW($A$1504)-ROW($A1489)),0))","v":0},{"$f":"IF(OR($A1489=\"S\",$A1489=0),0,MATCH(OFFSET($B1489,0,$A1489)+1,OFFSET($B1489,1,$A1489,ROW($A$1504)-ROW($A1489)),0))","v":0},"Insumo",{"$f":"IF($A1489=0,\"-\",CONCATENATE(C1489&\".\",IF(AND($A$5>=2,$A1489>=2),D1489&\".\",\"\"),IF(AND($A$5>=3,$A1489>=3),E1489&\".\",\"\"),IF(AND($A$5>=4,$A1489>=4),F1489&\".\",\"\"),IF($A1489=\"S\",G1489&\".\",\"\")))","v":"18.3.17."},{"$f":"IF(NOT(ISERROR($Y1489)),IF($Y1489<>FALSE,INDEX(Banco,$Y1489,4),\"\"),\"\")","v":"Cotação"},"Rec. Materiais","026",{"$f":"IF(NOT(ISERROR($Y1489)),IF($Y1489<>FALSE,INDEX(Banco,$Y1489,5),\"\"),\"\")","v":"Saco de lixo (100 litros)"},{"$f":"IF(NOT(ISERROR($Y1489)),IF($Y1489<>FALSE,INDEX(Banco,$Y1489,6),\"\"),\"\")","v":"Pacote"},2,{"$f":"IF(NOT(ISERROR($Y1489)),IF($Y1489<>FALSE,INDEX(Banco,$Y1489,7),0),0)","v":15},"DI 1",{"$f":"IF($J1489=$G$2,ROUND(ROUND($R1489,2)*IF($R$9=\"Preço Unitário (R$)\",1,1+$AA1489),2),0)","v":18.75},{"$f":"IF($A1489=\"S\",VTOTAL1,IF($A1489=0,0,ROUND(SomaAgrup,2)))","v":37.5},null,{"$f":"IF(OR($A1489=0,$A1489=\"S\",$A1489>CFF!$A$9),\"\",MAX(W$11:OFFSET(W1489,-1,0))+1)","v":""},{"$f":"IF(AND($J1489=$G$2,$N1489<>\"\",$M1489<>\"\"),CONCATENATE($M1489,\"-\",$N1489))","v":"Rec. Materiais-026"},35,null,{"$f":"IF($J1489=$G$2,ROUND(IF(ISNUMBER(S1489),S1489,IF(LEFT(S1489,2)=\"DI\",HLOOKUP(S1489,DADOS!$T$29:$X$30,2,FALSE),0)),4),\"\")","v":0.25}]
[{"$f":"CHOOSE(1+LOG(1+2*(J1490=$C$2)+4*(J1490=$D$2)+8*(J1490=$E$2)+16*(J1490=$F$2)+32*(J1490=$G$2),2),0,1,2,3,4,\"S\")","v":2},{"$f":"IF(OR(A1490=\"S\",A1490=0),0,IF(ISERROR(I1490),H1490,SMALL(H1490:I1490,1)))","v":14},{"$f":"IF($A1490=1,OFFSET(C1490,-1,0)+1,OFFSET(C1490,-1,0))","v":18},{"$f":"IF($A1490=1,0,IF($A1490=2,OFFSET(D1490,-1,0)+1,OFFSET(D1490,-1,0)))","v":4},{"$f":"IF(AND($A1490<=2,$A1490<>0),0,IF($A1490=3,OFFSET(E1490,-1,0)+1,OFFSET(E1490,-1,0)))","v":0},{"$f":"IF(AND($A1490<=3,$A1490<>0),0,IF($A1490=4,OFFSET(F1490,-1,0)+1,OFFSET(F1490,-1,0)))","v":0},{"$f":"IF(AND($A1490<=4,$A1490<>0),0,IF($A1490=\"S\",OFFSET(G1490,-1,0)+1,OFFSET(G1490,-1,0)))","v":0},{"$f":"IF(OR($A1490=\"S\",$A1490=0),0,MATCH(0,OFFSET($B1490,1,$A1490,ROW($A$1504)-ROW($A1490)),0))","v":14},{"$f":"IF(OR($A1490=\"S\",$A1490=0),0,MATCH(OFFSET($B1490,0,$A1490)+1,OFFSET($B1490,1,$A1490,ROW($A$1504)-ROW($A1490)),0))","v":{"$error":"#N/A"}},"AtivNível 1",{"$f":"IF($A1490=0,\"-\",CONCATENATE(C1490&\".\",IF(AND($A$5>=2,$A1490>=2),D1490&\".\",\"\"),IF(AND($A$5>=3,$A1490>=3),E1490&\".\",\"\"),IF(AND($A$5>=4,$A1490>=4),F1490&\".\",\"\"),IF($A1490=\"S\",G1490&\".\",\"\")))","v":"18.4."},{"$f":"IF(NOT(ISERROR($Y1490)),IF($Y1490<>FALSE,INDEX(Banco,$Y1490,4),\"\"),\"\")","v":""},null,null,"Atividade 116 - Reunião de encerramento do PTS bairro: Frutal e Minas e Jardim Paula II",{"$f":"IF(NOT(ISERROR($Y1490)),IF($Y1490<>FALSE,INDEX(Banco,$Y1490,6),\"\"),\"\")","v":""},null,{"$f":"IF(NOT(ISERROR($Y1490)),IF($Y1490<>FALSE,INDEX(Banco,$Y1490,7),0),0)","v":0},"DI 1",{"$f":"IF($J1490=$G$2,ROUND(ROUND($R1490,2)*IF($R$9=\"Preço Unitário (R$)\",1,1+$AA1490),2),0)","v":0},{"$f":"IF($A1490=\"S\",VTOTAL1,IF($A1490=0,0,ROUND(SomaAgrup,2)))","v":7250.66},null,{"$f":"IF(OR($A1490=0,$A1490=\"S\",$A1490>CFF!$A$9),\"\",MAX(W$11:OFFSET(W1490,-1,0))+1)","v":134},{"$f":"IF(AND($J1490=$G$2,$N1490<>\"\",$M1490<>\"\"),CONCATENATE($M1490,\"-\",$N1490))","v":false},{"$f":"IF(X1490<>FALSE,MATCH(X1490,OFFSET(Banco,0,0,,1),0))","v":false},null,{"$f":"IF($J1490=$G$2,ROUND(IF(ISNUMBER(S1490),S1490,IF(LEFT(S1490,2)=\"DI\",HLOOKUP(S1490,DADOS!$T$29:$X$30,2,FALSE),0)),4),\"\")","v":""}]
["S",0,{"$f":"IF($A1491=1,OFFSET(C1491,-1,0)+1,OFFSET(C1491,-1,0))","v":18},{"$f":"IF($A1491=1,0,IF($A1491=2,OFFSET(D1491,-1,0)+1,OFFSET(D1491,-1,0)))","v":4},{"$f":"IF(AND($A1491<=2,$A1491<>0),0,IF($A1491=3,OFFSET(E1491,-1,0)+1,OFFSET(E1491,-1,0)))","v":0},{"$f":"IF(AND($A1491<=3,$A1491<>0),0,IF($A1491=4,OFFSET(F1491,-1,0)+1,OFFSET(F1491,-1,0)))","v":0},{"$f":"IF(AND($A1491<=4,$A1491<>0),0,IF($A1491=\"S\",OFFSET(G1491,-1,0)+1,OFFSET(G1491,-1,0)))","v":1},{"$f":"IF(OR($A1491=\"S\",$A1491=0),0,MATCH(0,OFFSET($B1491,1,$A1491,ROW($A$1504)-ROW($A1491)),0))","v":0},{"$f":"IF(OR($A1491=\"S\",$A1491=0),0,MATCH(OFFSET($B1491,0,$A1491)+1,OFFSET($B1491,1,$A1491,ROW($A$1504)-ROW($A1491)),0))","v":0},"Insumo",{"$f":"IF($A1491=0,\"-\",CONCATENATE(C1491&\".\",IF(AND($A$5>=2,$A1491>=2),D1491&\".\",\"\"),IF(AND($A$5>=3,$A1491>=3),E1491&\".\",\"\"),IF(AND($A$5>=4,$A1491>=4),F1491&\".\",\"\"),IF($A1491=\"S\",G1491&\".\",\"\")))","v":"18.4.1."},{"$f":"IF(NOT(ISERROR($Y1491)),IF($Y1491<>FALSE,INDEX(Banco,$Y1491,4),\"\"),\"\")","v":"CRESS"},"Rec. Humanos","001",{"$f":"IF(NOT(ISERROR($Y1491)),IF($Y1491<>FALSE,INDEX(Banco,$Y1491,5),\"\"),\"\")","v":"Responsável Técnica"},{"$f":"IF(NOT(ISERROR($Y1491)),IF($Y1491<>FALSE,INDEX(Banco,$Y1491,6),\"\"),\"\")","v":"Horas"},8,{"$f":"IF(NOT(ISERROR($Y1491)),IF($Y1491<>FALSE,INDEX(Banco,$Y1491,7),0),0)","v":150.28},"DI 1",{"$f":"IF($J1491=$G$2,ROUND(ROUND($R1491,2)*IF($R$9=\"Preço Unitário (R$)\",1,1+$AA1491),2),0)","v":187.85},{"$f":"IF($A1491=\"S\",VTOTAL1,IF($A1491=0,0,ROUND(SomaAgrup,2)))","v":1502.8},null,{"$f":"IF(OR($A1491=0,$A1491=\"S\",$A1491>CFF!$A$9),\"\",MAX(W$11:OFFSET(W1491,-1,0))+1)","v":""},{"$f":"IF(AND($J1491=$G$2,$N1491<>\"\",$M1491<>\"\"),CONCATENATE($M1491,\"-\",$N1491))","v":"Rec. Humanos-001"},3,null,{"$f":"IF($J1491=$G$2,ROUND(IF(ISNUMBER(S1491),S1491,IF(LEFT(S1491,2)=\"DI\",HLOOKUP(S1491,DADOS!$T$29:$X$30,2,FALSE),0)),4),\"\")","v":0.25}]
["S",0,{"$f":"IF($A1492=1,OFFSET(C1492,-1,0)+1,OFFSET(C1492,-1,0))","v":18},{"$f":"IF($A1492=1,0,IF($A1492=2,OFFSET(D1492,-1,0)+1,OFFSET(D1492,-1,0)))","v":4},{"$f":"IF(AND($A1492<=2,$A1492<>0),0,IF($A1492=3,OFFSET(E1492,-1,0)+1,OFFSET(E1492,-1,0)))","v":0},{"$f":"IF(AND($A1492<=3,$A1492<>0),0,IF($A1492=4,OFFSET(F1492,-1,0)+1,OFFSET(F1492,-1,0)))","v":0},{"$f":"IF(AND($A1492<=4,$A1492<>0),0,IF($A1492=\"S\",OFFSET(G1492,-1,0)+1,OFFSET(G1492,-1,0)))","v":2},{"$f":"IF(OR($A1492=\"S\",$A1492=0),0,MATCH(0,OFFSET($B1492,1,$A1492,ROW($A$1504)-ROW($A1492)),0))","v":0},{"$f":"IF(OR($A1492=\"S\",$A1492=0),0,MATCH(OFFSET($B1492,0,$A1492)+1,OFFSET($B1492,1,$A1492,ROW($A$1504)-ROW($A1492)),0))","v":0},"Insumo",{"$f":"IF($A1492=0,\"-\",CONCATENATE(C1492&\".\",IF(AND($A$5>=2,$A1492>=2),D1492&\".\",\"\"),IF(AND($A$5>=3,$A1492>=3),E1492&\".\",\"\"),IF(AND($A$5>=4,$A1492>=4),F1492&\".\",\"\"),IF($A1492=\"S\",G1492&\".\",\"\")))","v":"18.4.2."},{"$f":"IF(NOT(ISERROR($Y1492)),IF($Y1492<>FALSE,INDEX(Banco,$Y1492,4),\"\"),\"\")","v":"CRESS"},"Rec. Humanos","002",{"$f":"IF(NOT(ISERROR($Y1492)),IF($Y1492<>FALSE,INDEX(Banco,$Y1492,5),\"\"),\"\")","v":"Assistente Social"},{"$f":"IF(NOT(ISERROR($Y1492)),IF($Y1492<>FALSE,INDEX(Banco,$Y1492,6),\"\"),\"\")","v":"Horas"},14,{"$f":"IF(NOT(ISERROR($Y1492)),IF($Y1492<>FALSE,INDEX(Banco,$Y1492,7),0),0)","v":133.81},"DI 1",{"$f":"IF($J1492=$G$2,ROUND(ROUND($R1492,2)*IF($R$9=\"Preço Unitário (R$)\",1,1+$AA1492),2),0)","v":167.26},{"$f":"IF($A1492=\"S\",VTOTAL1,IF($A1492=0,0,ROUND(SomaAgrup,2)))","v":2341.64},null,{"$f":"IF(OR($A1492=0,$A1492=\"S\",$A1492>CFF!$A$9),\"\",MAX(W$11:OFFSET(W1492,-1,0))+1)","v":""},{"$f":"IF(AND($J1492=$G$2,$N1492<>\"\",$M1492<>\"\"),CONCATENATE($M1492,\"-\",$N1492))","v":"Rec. Humanos-002"},4,null,{"$f":"IF($J1492=$G$2,ROUND(IF(ISNUMBER(S1492),S1492,IF(LEFT(S1492,2)=\"DI\",HLOOKUP(S1492,DADOS!$T$29:$X$30,2,FALSE),0)),4),\"\")","v":0.25}]
["S",0,{"$f":"IF($A1493=1,OFFSET(C1493,-1,0)+1,OFFSET(C1493,-1,0))","v":18},{"$f":"IF($A1493=1,0,IF($A1493=2,OFFSET(D1493,-1,0)+1,OFFSET(D1493,-1,0)))","v":4},{"$f":"IF(AND($A1493<=2,$A1493<>0),0,IF($A1493=3,OFFSET(E1493,-1,0)+1,OFFSET(E1493,-1,0)))","v":0},{"$f":"IF(AND($A1493<=3,$A1493<>0),0,IF($A1493=4,OFFSET(F1493,-1,0)+1,OFFSET(F1493,-1,0)))","v":0},{"$f":"IF(AND($A1493<=4,$A1493<>0),0,IF($A1493=\"S\",OFFSET(G1493,-1,0)+1,OFFSET(G1493,-1,0)))","v":3},{"$f":"IF(OR($A1493=\"S\",$A1493=0),0,MATCH(0,OFFSET($B1493,1,$A1493,ROW($A$1504)-ROW($A1493)),0))","v":0},{"$f":"IF(OR($A1493=\"S\",$A1493=0),0,MATCH(OFFSET($B1493,0,$A1493)+1,OFFSET($B1493,1,$A1493,ROW($A$1504)-ROW($A1493)),0))","v":0},"Insumo",{"$f":"IF($A1493=0,\"-\",CONCATENATE(C1493&\".\",IF(AND($A$5>=2,$A1493>=2),D1493&\".\",\"\"),IF(AND($A$5>=3,$A1493>=3),E1493&\".\",\"\"),IF(AND($A$5>=4,$A1493>=4),F1493&\".\",\"\"),IF($A1493=\"S\",G1493&\".\",\"\")))","v":"18.4.3."},{"$f":"IF(NOT(ISERROR($Y1493)),IF($Y1493<>FALSE,INDEX(Banco,$Y1493,4),\"\"),\"\")","v":"Cotação"},"Rec. Humanos","003",{"$f":"IF(NOT(ISERROR($Y1493)),IF($Y1493<>FALSE,INDEX(Banco,$Y1493,5),\"\"),\"\")","v":"Administrador (Técnico de Apoio) "},{"$f":"IF(NOT(ISERROR($Y1493)),IF($Y1493<>FALSE,INDEX(Banco,$Y1493,6),\"\"),\"\")","v":"Horas"},4,{"$f":"IF(NOT(ISERROR($Y1493)),IF($Y1493<>FALSE,INDEX(Banco,$Y1493,7),0),0)","v":103.65},"DI 1",{"$f":"IF($J1493=$G$2,ROUND(ROUND($R1493,2)*IF($R$9=\"Preço Unitário (R$)\",1,1+$AA1493),2),0)","v":129.56},{"$f":"IF($A1493=\"S\",VTOTAL1,IF($A1493=0,0,ROUND(SomaAgrup,2)))","v":518.24},null,{"$f":"IF(OR($A1493=0,$A1493=\"S\",$A1493>CFF!$A$9),\"\",MAX(W$11:OFFSET(W1493,-1,0))+1)","v":""},{"$f":"IF(AND($J1493=$G$2,$N1493<>\"\",$M1493<>\"\"),CONCATENATE($M1493,\"-\",$N1493))","v":"Rec. Humanos-003"},5,null,{"$f":"IF($J1493=$G$2,ROUND(IF(ISNUMBER(S1493),S1493,IF(LEFT(S1493,2)=\"DI\",HLOOKUP(S1493,DADOS!$T$29:$X$30,2,FALSE),0)),4),\"\")","v":0.25}]
["S",0,{"$f":"IF($A1494=1,OFFSET(C1494,-1,0)+1,OFFSET(C1494,-1,0))","v":18},{"$f":"IF($A1494=1,0,IF($A1494=2,OFFSET(D1494,-1,0)+1,OFFSET(D1494,-1,0)))","v":4},{"$f":"IF(AND($A1494<=2,$A1494<>0),0,IF($A1494=3,OFFSET(E1494,-1,0)+1,OFFSET(E1494,-1,0)))","v":0},{"$f":"IF(AND($A1494<=3,$A1494<>0),0,IF($A1494=4,OFFSET(F1494,-1,0)+1,OFFSET(F1494,-1,0)))","v":0},{"$f":"IF(AND($A1494<=4,$A1494<>0),0,IF($A1494=\"S\",OFFSET(G1494,-1,0)+1,OFFSET(G1494,-1,0)))","v":4},{"$f":"IF(OR($A1494=\"S\",$A1494=0),0,MATCH(0,OFFSET($B1494,1,$A1494,ROW($A$1504)-ROW($A1494)),0))","v":0},{"$f":"IF(OR($A1494=\"S\",$A1494=0),0,MATCH(OFFSET($B1494,0,$A1494)+1,OFFSET($B1494,1,$A1494,ROW($A$1504)-ROW($A1494)),0))","v":0},"Insumo",{"$f":"IF($A1494=0,\"-\",CONCATENATE(C1494&\".\",IF(AND($A$5>=2,$A1494>=2),D1494&\".\",\"\"),IF(AND($A$5>=3,$A1494>=3),E1494&\".\",\"\"),IF(AND($A$5>=4,$A1494>=4),F1494&\".\",\"\"),IF($A1494=\"S\",G1494&\".\",\"\")))","v":"18.4.4."},{"$f":"IF(NOT(ISERROR($Y1494)),IF($Y1494<>FALSE,INDEX(Banco,$Y1494,4),\"\"),\"\")","v":"SINE"},"Rec. Humanos","004",{"$f":"IF(NOT(ISERROR($Y1494)),IF($Y1494<>FALSE,INDEX(Banco,$Y1494,5),\"\"),\"\")","v":"Estagiários"},{"$f":"IF(NOT(ISERROR($Y1494)),IF($Y1494<>FALSE,INDEX(Banco,$Y1494,6),\"\"),\"\")","v":"Horas"},8,{"$f":"IF(NOT(ISERROR($Y1494)),IF($Y1494<>FALSE,INDEX(Banco,$Y1494,7),0),0)","v":9.7899999999999991},"DI 1",{"$f":"IF($J1494=$G$2,ROUND(ROUND($R1494,2)*IF($R$9=\"Preço Unitário (R$)\",1,1+$AA1494),2),0)","v":12.24},{"$f":"IF($A1494=\"S\",VTOTAL1,IF($A1494=0,0,ROUND(SomaAgrup,2)))","v":97.92},null,{"$f":"IF(OR($A1494=0,$A1494=\"S\",$A1494>CFF!$A$9),\"\",MAX(W$11:OFFSET(W1494,-1,0))+1)","v":""},{"$f":"IF(AND($J1494=$G$2,$N1494<>\"\",$M1494<>\"\"),CONCATENATE($M1494,\"-\",$N1494))","v":"Rec. Humanos-004"},6,null,{"$f":"IF($J1494=$G$2,ROUND(IF(ISNUMBER(S1494),S1494,IF(LEFT(S1494,2)=\"DI\",HLOOKUP(S1494,DADOS!$T$29:$X$30,2,FALSE),0)),4),\"\")","v":0.25}]
["S",0,{"$f":"IF($A1495=1,OFFSET(C1495,-1,0)+1,OFFSET(C1495,-1,0))","v":18},{"$f":"IF($A1495=1,0,IF($A1495=2,OFFSET(D1495,-1,0)+1,OFFSET(D1495,-1,0)))","v":4},{"$f":"IF(AND($A1495<=2,$A1495<>0),0,IF($A1495=3,OFFSET(E1495,-1,0)+1,OFFSET(E1495,-1,0)))","v":0},{"$f":"IF(AND($A1495<=3,$A1495<>0),0,IF($A1495=4,OFFSET(F1495,-1,0)+1,OFFSET(F1495,-1,0)))","v":0},{"$f":"IF(AND($A1495<=4,$A1495<>0),0,IF($A1495=\"S\",OFFSET(G1495,-1,0)+1,OFFSET(G1495,-1,0)))","v":5},{"$f":"IF(OR($A1495=\"S\",$A1495=0),0,MATCH(0,OFFSET($B1495,1,$A1495,ROW($A$1504)-ROW($A1495)),0))","v":0},{"$f":"IF(OR($A1495=\"S\",$A1495=0),0,MATCH(OFFSET($B1495,0,$A1495)+1,OFFSET($B1495,1,$A1495,ROW($A$1504)-ROW($A1495)),0))","v":0},"Insumo",{"$f":"IF($A1495=0,\"-\",CONCATENATE(C1495&\".\",IF(AND($A$5>=2,$A1495>=2),D1495&\".\",\"\"),IF(AND($A$5>=3,$A1495>=3),E1495&\".\",\"\"),IF(AND($A$5>=4,$A1495>=4),F1495&\".\",\"\"),IF($A1495=\"S\",G1495&\".\",\"\")))","v":"18.4.5."},{"$f":"IF(NOT(ISERROR($Y1495)),IF($Y1495<>FALSE,INDEX(Banco,$Y1495,4),\"\"),\"\")","v":"Cotação"},"Serv. Terc.","001",{"$f":"IF(NOT(ISERROR($Y1495)),IF($Y1495<>FALSE,INDEX(Banco,$Y1495,5),\"\"),\"\")","v":"Fotocópias"},{"$f":"IF(NOT(ISERROR($Y1495)),IF($Y1495<>FALSE,INDEX(Banco,$Y1495,6),\"\"),\"\")","v":"Unidade"},287,{"$f":"IF(NOT(ISERROR($Y1495)),IF($Y1495<>FALSE,INDEX(Banco,$Y1495,7),0),0)","v":0.3},"DI 1",{"$f":"IF($J1495=$G$2,ROUND(ROUND($R1495,2)*IF($R$9=\"Preço Unitário (R$)\",1,1+$AA1495),2),0)","v":0.38},{"$f":"IF($A1495=\"S\",VTOTAL1,IF($A1495=0,0,ROUND(SomaAgrup,2)))","v":109.06},null,{"$f":"IF(OR($A1495=0,$A1495=\"S\",$A1495>CFF!$A$9),\"\",MAX(W$11:OFFSET(W1495,-1,0))+1)","v":""},{"$f":"IF(AND($J1495=$G$2,$N1495<>\"\",$M1495<>\"\"),CONCATENATE($M1495,\"-\",$N1495))","v":"Serv. Terc.-001"},81,null,{"$f":"IF($J1495=$G$2,ROUND(IF(ISNUMBER(S1495),S1495,IF(LEFT(S1495,2)=\"DI\",HLOOKUP(S1495,DADOS!$T$29:$X$30,2,FALSE),0)),4),\"\")","v":0.25}]
["S",0,{"$f":"IF($A1496=1,OFFSET(C1496,-1,0)+1,OFFSET(C1496,-1,0))","v":18},{"$f":"IF($A1496=1,0,IF($A1496=2,OFFSET(D1496,-1,0)+1,OFFSET(D1496,-1,0)))","v":4},{"$f":"IF(AND($A1496<=2,$A1496<>0),0,IF($A1496=3,OFFSET(E1496,-1,0)+1,OFFSET(E1496,-1,0)))","v":0},{"$f":"IF(AND($A1496<=3,$A1496<>0),0,IF($A1496=4,OFFSET(F1496,-1,0)+1,OFFSET(F1496,-1,0)))","v":0},{"$f":"IF(AND($A1496<=4,$A1496<>0),0,IF($A1496=\"S\",OFFSET(G1496,-1,0)+1,OFFSET(G1496,-1,0)))","v":6},{"$f":"IF(OR($A1496=\"S\",$A1496=0),0,MATCH(0,OFFSET($B1496,1,$A1496,ROW($A$1504)-ROW($A1496)),0))","v":0},{"$f":"IF(OR($A1496=\"S\",$A1496=0),0,MATCH(OFFSET($B1496,0,$A1496)+1,OFFSET($B1496,1,$A1496,ROW($A$1504)-ROW($A1496)),0))","v":0},"Insumo",{"$f":"IF($A1496=0,\"-\",CONCATENATE(C1496&\".\",IF(AND($A$5>=2,$A1496>=2),D1496&\".\",\"\"),IF(AND($A$5>=3,$A1496>=3),E1496&\".\",\"\"),IF(AND($A$5>=4,$A1496>=4),F1496&\".\",\"\"),IF($A1496=\"S\",G1496&\".\",\"\")))","v":"18.4.6."},{"$f":"IF(NOT(ISERROR($Y1496)),IF($Y1496<>FALSE,INDEX(Banco,$Y1496,4),\"\"),\"\")","v":"Cotação"},"Serv. Terc.","017",{"$f":"IF(NOT(ISERROR($Y1496)),IF($Y1496<>FALSE,INDEX(Banco,$Y1496,5),\"\"),\"\")","v":"Instrutor/Monitor (Educação Fisíca)"},{"$f":"IF(NOT(ISERROR($Y1496)),IF($Y1496<>FALSE,INDEX(Banco,$Y1496,6),\"\"),\"\")","v":"Horas"},3,{"$f":"IF(NOT(ISERROR($Y1496)),IF($Y1496<>FALSE,INDEX(Banco,$Y1496,7),0),0)","v":100},"DI 1",{"$f":"IF($J1496=$G$2,ROUND(ROUND($R1496,2)*IF($R$9=\"Preço Unitário (R$)\",1,1+$AA1496),2),0)","v":125},{"$f":"IF($A1496=\"S\",VTOTAL1,IF($A1496=0,0,ROUND(SomaAgrup,2)))","v":375},null,{"$f":"IF(OR($A1496=0,$A1496=\"S\",$A1496>CFF!$A$9),\"\",MAX(W$11:OFFSET(W1496,-1,0))+1)","v":""},{"$f":"IF(AND($J1496=$G$2,$N1496<>\"\",$M1496<>\"\"),CONCATENATE($M1496,\"-\",$N1496))","v":"Serv. Terc.-017"},97,null,{"$f":"IF($J1496=$G$2,ROUND(IF(ISNUMBER(S1496),S1496,IF(LEFT(S1496,2)=\"DI\",HLOOKUP(S1496,DADOS!$T$29:$X$30,2,FALSE),0)),4),\"\")","v":0.25}]
["S",0,{"$f":"IF($A1497=1,OFFSET(C1497,-1,0)+1,OFFSET(C1497,-1,0))","v":18},{"$f":"IF($A1497=1,0,IF($A1497=2,OFFSET(D1497,-1,0)+1,OFFSET(D1497,-1,0)))","v":4},{"$f":"IF(AND($A1497<=2,$A1497<>0),0,IF($A1497=3,OFFSET(E1497,-1,0)+1,OFFSET(E1497,-1,0)))","v":0},{"$f":"IF(AND($A1497<=3,$A1497<>0),0,IF($A1497=4,OFFSET(F1497,-1,0)+1,OFFSET(F1497,-1,0)))","v":0},{"$f":"IF(AND($A1497<=4,$A1497<>0),0,IF($A1497=\"S\",OFFSET(G1497,-1,0)+1,OFFSET(G1497,-1,0)))","v":7},{"$f":"IF(OR($A1497=\"S\",$A1497=0),0,MATCH(0,OFFSET($B1497,1,$A1497,ROW($A$1504)-ROW($A1497)),0))","v":0},{"$f":"IF(OR($A1497=\"S\",$A1497=0),0,MATCH(OFFSET($B1497,0,$A1497)+1,OFFSET($B1497,1,$A1497,ROW($A$1504)-ROW($A1497)),0))","v":0},"Insumo",{"$f":"IF($A1497=0,\"-\",CONCATENATE(C1497&\".\",IF(AND($A$5>=2,$A1497>=2),D1497&\".\",\"\"),IF(AND($A$5>=3,$A1497>=3),E1497&\".\",\"\"),IF(AND($A$5>=4,$A1497>=4),F1497&\".\",\"\"),IF($A1497=\"S\",G1497&\".\",\"\")))","v":"18.4.7."},{"$f":"IF(NOT(ISERROR($Y1497)),IF($Y1497<>FALSE,INDEX(Banco,$Y1497,4),\"\"),\"\")","v":"Cotação"},"Serv. Terc.","002",{"$f":"IF(NOT(ISERROR($Y1497)),IF($Y1497<>FALSE,INDEX(Banco,$Y1497,5),\"\"),\"\")","v":"Carro de som com gravação de vinheta"},{"$f":"IF(NOT(ISERROR($Y1497)),IF($Y1497<>FALSE,INDEX(Banco,$Y1497,6),\"\"),\"\")","v":"Horas"},3,{"$f":"IF(NOT(ISERROR($Y1497)),IF($Y1497<>FALSE,INDEX(Banco,$Y1497,7),0),0)","v":200},"DI 1",{"$f":"IF($J1497=$G$2,ROUND(ROUND($R1497,2)*IF($R$9=\"Preço Unitário (R$)\",1,1+$AA1497),2),0)","v":250},{"$f":"IF($A1497=\"S\",VTOTAL1,IF($A1497=0,0,ROUND(SomaAgrup,2)))","v":750},null,{"$f":"IF(OR($A1497=0,$A1497=\"S\",$A1497>CFF!$A$9),\"\",MAX(W$11:OFFSET(W1497,-1,0))+1)","v":""},{"$f":"IF(AND($J1497=$G$2,$N1497<>\"\",$M1497<>\"\"),CONCATENATE($M1497,\"-\",$N1497))","v":"Serv. Terc.-002"},82,null,{"$f":"IF($J1497=$G$2,ROUND(IF(ISNUMBER(S1497),S1497,IF(LEFT(S1497,2)=\"DI\",HLOOKUP(S1497,DADOS!$T$29:$X$30,2,FALSE),0)),4),\"\")","v":0.25}]
["S",0,{"$f":"IF($A1498=1,OFFSET(C1498,-1,0)+1,OFFSET(C1498,-1,0))","v":18},{"$f":"IF($A1498=1,0,IF($A1498=2,OFFSET(D1498,-1,0)+1,OFFSET(D1498,-1,0)))","v":4},{"$f":"IF(AND($A1498<=2,$A1498<>0),0,IF($A1498=3,OFFSET(E1498,-1,0)+1,OFFSET(E1498,-1,0)))","v":0},{"$f":"IF(AND($A1498<=3,$A1498<>0),0,IF($A1498=4,OFFSET(F1498,-1,0)+1,OFFSET(F1498,-1,0)))","v":0},{"$f":"IF(AND($A1498<=4,$A1498<>0),0,IF($A1498=\"S\",OFFSET(G1498,-1,0)+1,OFFSET(G1498,-1,0)))","v":8},{"$f":"IF(OR($A1498=\"S\",$A1498=0),0,MATCH(0,OFFSET($B1498,1,$A1498,ROW($A$1504)-ROW($A1498)),0))","v":0},{"$f":"IF(OR($A1498=\"S\",$A1498=0),0,MATCH(OFFSET($B1498,0,$A1498)+1,OFFSET($B1498,1,$A1498,ROW($A$1504)-ROW($A1498)),0))","v":0},"Insumo",{"$f":"IF($A1498=0,\"-\",CONCATENATE(C1498&\".\",IF(AND($A$5>=2,$A1498>=2),D1498&\".\",\"\"),IF(AND($A$5>=3,$A1498>=3),E1498&\".\",\"\"),IF(AND($A$5>=4,$A1498>=4),F1498&\".\",\"\"),IF($A1498=\"S\",G1498&\".\",\"\")))","v":"18.4.8."},{"$f":"IF(NOT(ISERROR($Y1498)),IF($Y1498<>FALSE,INDEX(Banco,$Y1498,4),\"\"),\"\")","v":"Cotação"},"Serv. Terc.","005",{"$f":"IF(NOT(ISERROR($Y1498)),IF($Y1498<>FALSE,INDEX(Banco,$Y1498,5),\"\"),\"\")","v":"Locação de caixa térmica"},{"$f":"IF(NOT(ISERROR($Y1498)),IF($Y1498<>FALSE,INDEX(Banco,$Y1498,6),\"\"),\"\")","v":"Unidade"},2,{"$f":"IF(NOT(ISERROR($Y1498)),IF($Y1498<>FALSE,INDEX(Banco,$Y1498,7),0),0)","v":40},"DI 1",{"$f":"IF($J1498=$G$2,ROUND(ROUND($R1498,2)*IF($R$9=\"Preço Unitário (R$)\",1,1+$AA1498),2),0)","v":50},{"$f":"IF($A1498=\"S\",VTOTAL1,IF($A1498=0,0,ROUND(SomaAgrup,2)))","v":100},null,{"$f":"IF(OR($A1498=0,$A1498=\"S\",$A1498>CFF!$A$9),\"\",MAX(W$11:OFFSET(W1498,-1,0))+1)","v":""},{"$f":"IF(AND($J1498=$G$2,$N1498<>\"\",$M1498<>\"\"),CONCATENATE($M1498,\"-\",$N1498))","v":"Serv. Terc.-005"},85,null,{"$f":"IF($J1498=$G$2,ROUND(IF(ISNUMBER(S1498),S1498,IF(LEFT(S1498,2)=\"DI\",HLOOKUP(S1498,DADOS!$T$29:$X$30,2,FALSE),0)),4),\"\")","v":0.25}]
["S",0,{"$f":"IF($A1499=1,OFFSET(C1499,-1,0)+1,OFFSET(C1499,-1,0))","v":18},{"$f":"IF($A1499=1,0,IF($A1499=2,OFFSET(D1499,-1,0)+1,OFFSET(D1499,-1,0)))","v":4},{"$f":"IF(AND($A1499<=2,$A1499<>0),0,IF($A1499=3,OFFSET(E1499,-1,0)+1,OFFSET(E1499,-1,0)))","v":0},{"$f":"IF(AND($A1499<=3,$A1499<>0),0,IF($A1499=4,OFFSET(F1499,-1,0)+1,OFFSET(F1499,-1,0)))","v":0},{"$f":"IF(AND($A1499<=4,$A1499<>0),0,IF($A1499=\"S\",OFFSET(G1499,-1,0)+1,OFFSET(G1499,-1,0)))","v":9},{"$f":"IF(OR($A1499=\"S\",$A1499=0),0,MATCH(0,OFFSET($B1499,1,$A1499,ROW($A$1504)-ROW($A1499)),0))","v":0},{"$f":"IF(OR($A1499=\"S\",$A1499=0),0,MATCH(OFFSET($B1499,0,$A1499)+1,OFFSET($B1499,1,$A1499,ROW($A$1504)-ROW($A1499)),0))","v":0},"Insumo",{"$f":"IF($A1499=0,\"-\",CONCATENATE(C1499&\".\",IF(AND($A$5>=2,$A1499>=2),D1499&\".\",\"\"),IF(AND($A$5>=3,$A1499>=3),E1499&\".\",\"\"),IF(AND($A$5>=4,$A1499>=4),F1499&\".\",\"\"),IF($A1499=\"S\",G1499&\".\",\"\")))","v":"18.4.9."},{"$f":"IF(NOT(ISERROR($Y1499)),IF($Y1499<>FALSE,INDEX(Banco,$Y1499,4),\"\"),\"\")","v":"Cotação"},"Serv. Terc.","008",{"$f":"IF(NOT(ISERROR($Y1499)),IF($Y1499<>FALSE,INDEX(Banco,$Y1499,5),\"\"),\"\")","v":"Locação de pula-pula com monitor"},{"$f":"IF(NOT(ISERROR($Y1499)),IF($Y1499<>FALSE,INDEX(Banco,$Y1499,6),\"\"),\"\")","v":"Unidade"},2,{"$f":"IF(NOT(ISERROR($Y1499)),IF($Y1499<>FALSE,INDEX(Banco,$Y1499,7),0),0)","v":220},"DI 1",{"$f":"IF($J1499=$G$2,ROUND(ROUND($R1499,2)*IF($R$9=\"Preço Unitário (R$)\",1,1+$AA1499),2),0)","v":275},{"$f":"IF($A1499=\"S\",VTOTAL1,IF($A1499=0,0,ROUND(SomaAgrup,2)))","v":550},null,{"$f":"IF(OR($A1499=0,$A1499=\"S\",$A1499>CFF!$A$9),\"\",MAX(W$11:OFFSET(W1499,-1,0))+1)","v":""},{"$f":"IF(AND($J1499=$G$2,$N1499<>\"\",$M1499<>\"\"),CONCATENATE($M1499,\"-\",$N1499))","v":"Serv. Terc.-008"},88,null,{"$f":"IF($J1499=$G$2,ROUND(IF(ISNUMBER(S1499),S1499,IF(LEFT(S1499,2)=\"DI\",HLOOKUP(S1499,DADOS!$T$29:$X$30,2,FALSE),0)),4),\"\")","v":0.25}]
["S",0,{"$f":"IF($A1500=1,OFFSET(C1500,-1,0)+1,OFFSET(C1500,-1,0))","v":18},{"$f":"IF($A1500=1,0,IF($A1500=2,OFFSET(D1500,-1,0)+1,OFFSET(D1500,-1,0)))","v":4},{"$f":"IF(AND($A1500<=2,$A1500<>0),0,IF($A1500=3,OFFSET(E1500,-1,0)+1,OFFSET(E1500,-1,0)))","v":0},{"$f":"IF(AND($A1500<=3,$A1500<>0),0,IF($A1500=4,OFFSET(F1500,-1,0)+1,OFFSET(F1500,-1,0)))","v":0},{"$f":"IF(AND($A1500<=4,$A1500<>0),0,IF($A1500=\"S\",OFFSET(G1500,-1,0)+1,OFFSET(G1500,-1,0)))","v":10},{"$f":"IF(OR($A1500=\"S\",$A1500=0),0,MATCH(0,OFFSET($B1500,1,$A1500,ROW($A$1504)-ROW($A1500)),0))","v":0},{"$f":"IF(OR($A1500=\"S\",$A1500=0),0,MATCH(OFFSET($B1500,0,$A1500)+1,OFFSET($B1500,1,$A1500,ROW($A$1504)-ROW($A1500)),0))","v":0},"Insumo",{"$f":"IF($A1500=0,\"-\",CONCATENATE(C1500&\".\",IF(AND($A$5>=2,$A1500>=2),D1500&\".\",\"\"),IF(AND($A$5>=3,$A1500>=3),E1500&\".\",\"\"),IF(AND($A$5>=4,$A1500>=4),F1500&\".\",\"\"),IF($A1500=\"S\",G1500&\".\",\"\")))","v":"18.4.10."},{"$f":"IF(NOT(ISERROR($Y1500)),IF($Y1500<>FALSE,INDEX(Banco,$Y1500,4),\"\"),\"\")","v":"Cotação "},"Serv. Terc.","011",{"$f":"IF(NOT(ISERROR($Y1500)),IF($Y1500<>FALSE,INDEX(Banco,$Y1500,5),\"\"),\"\")","v":"Barra de gelo"},{"$f":"IF(NOT(ISERROR($Y1500)),IF($Y1500<>FALSE,INDEX(Banco,$Y1500,6),\"\"),\"\")","v":"Unidade"},4,{"$f":"IF(NOT(ISERROR($Y1500)),IF($Y1500<>FALSE,INDEX(Banco,$Y1500,7),0),0)","v":12},"DI 1",{"$f":"IF($J1500=$G$2,ROUND(ROUND($R1500,2)*IF($R$9=\"Preço Unitário (R$)\",1,1+$AA1500),2),0)","v":15},{"$f":"IF($A1500=\"S\",VTOTAL1,IF($A1500=0,0,ROUND(SomaAgrup,2)))","v":60},null,{"$f":"IF(OR($A1500=0,$A1500=\"S\",$A1500>CFF!$A$9),\"\",MAX(W$11:OFFSET(W1500,-1,0))+1)","v":""},{"$f":"IF(AND($J1500=$G$2,$N1500<>\"\",$M1500<>\"\"),CONCATENATE($M1500,\"-\",$N1500))","v":"Serv. Terc.-011"},91,null,{"$f":"IF($J1500=$G$2,ROUND(IF(ISNUMBER(S1500),S1500,IF(LEFT(S1500,2)=\"DI\",HLOOKUP(S1500,DADOS!$T$29:$X$30,2,FALSE),0)),4),\"\")","v":0.25}]
["S",0,{"$f":"IF($A1501=1,OFFSET(C1501,-1,0)+1,OFFSET(C1501,-1,0))","v":18},{"$f":"IF($A1501=1,0,IF($A1501=2,OFFSET(D1501,-1,0)+1,OFFSET(D1501,-1,0)))","v":4},{"$f":"IF(AND($A1501<=2,$A1501<>0),0,IF($A1501=3,OFFSET(E1501,-1,0)+1,OFFSET(E1501,-1,0)))","v":0},{"$f":"IF(AND($A1501<=3,$A1501<>0),0,IF($A1501=4,OFFSET(F1501,-1,0)+1,OFFSET(F1501,-1,0)))","v":0},{"$f":"IF(AND($A1501<=4,$A1501<>0),0,IF($A1501=\"S\",OFFSET(G1501,-1,0)+1,OFFSET(G1501,-1,0)))","v":11},{"$f":"IF(OR($A1501=\"S\",$A1501=0),0,MATCH(0,OFFSET($B1501,1,$A1501,ROW($A$1504)-ROW($A1501)),0))","v":0},{"$f":"IF(OR($A1501=\"S\",$A1501=0),0,MATCH(OFFSET($B1501,0,$A1501)+1,OFFSET($B1501,1,$A1501,ROW($A$1504)-ROW($A1501)),0))","v":0},"Insumo",{"$f":"IF($A1501=0,\"-\",CONCATENATE(C1501&\".\",IF(AND($A$5>=2,$A1501>=2),D1501&\".\",\"\"),IF(AND($A$5>=3,$A1501>=3),E1501&\".\",\"\"),IF(AND($A$5>=4,$A1501>=4),F1501&\".\",\"\"),IF($A1501=\"S\",G1501&\".\",\"\")))","v":"18.4.11."},{"$f":"IF(NOT(ISERROR($Y1501)),IF($Y1501<>FALSE,INDEX(Banco,$Y1501,4),\"\"),\"\")","v":"Cotação"},"Serv. Terc.","013",{"$f":"IF(NOT(ISERROR($Y1501)),IF($Y1501<>FALSE,INDEX(Banco,$Y1501,5),\"\"),\"\")","v":"Sucos"},{"$f":"IF(NOT(ISERROR($Y1501)),IF($Y1501<>FALSE,INDEX(Banco,$Y1501,6),\"\"),\"\")","v":"Unidade"},12,{"$f":"IF(NOT(ISERROR($Y1501)),IF($Y1501<>FALSE,INDEX(Banco,$Y1501,7),0),0)","v":6.4},"DI 1",{"$f":"IF($J1501=$G$2,ROUND(ROUND($R1501,2)*IF($R$9=\"Preço Unitário (R$)\",1,1+$AA1501),2),0)","v":8},{"$f":"IF($A1501=\"S\",VTOTAL1,IF($A1501=0,0,ROUND(SomaAgrup,2)))","v":96},null,{"$f":"IF(OR($A1501=0,$A1501=\"S\",$A1501>CFF!$A$9),\"\",MAX(W$11:OFFSET(W1501,-1,0))+1)","v":""},{"$f":"IF(AND($J1501=$G$2,$N1501<>\"\",$M1501<>\"\"),CONCATENATE($M1501,\"-\",$N1501))","v":"Serv. Terc.-013"},93,null,{"$f":"IF($J1501=$G$2,ROUND(IF(ISNUMBER(S1501),S1501,IF(LEFT(S1501,2)=\"DI\",HLOOKUP(S1501,DADOS!$T$29:$X$30,2,FALSE),0)),4),\"\")","v":0.25}]
["S",0,{"$f":"IF($A1502=1,OFFSET(C1502,-1,0)+1,OFFSET(C1502,-1,0))","v":18},{"$f":"IF($A1502=1,0,IF($A1502=2,OFFSET(D1502,-1,0)+1,OFFSET(D1502,-1,0)))","v":4},{"$f":"IF(AND($A1502<=2,$A1502<>0),0,IF($A1502=3,OFFSET(E1502,-1,0)+1,OFFSET(E1502,-1,0)))","v":0},{"$f":"IF(AND($A1502<=3,$A1502<>0),0,IF($A1502=4,OFFSET(F1502,-1,0)+1,OFFSET(F1502,-1,0)))","v":0},{"$f":"IF(AND($A1502<=4,$A1502<>0),0,IF($A1502=\"S\",OFFSET(G1502,-1,0)+1,OFFSET(G1502,-1,0)))","v":12},{"$f":"IF(OR($A1502=\"S\",$A1502=0),0,MATCH(0,OFFSET($B1502,1,$A1502,ROW($A$1504)-ROW($A1502)),0))","v":0},{"$f":"IF(OR($A1502=\"S\",$A1502=0),0,MATCH(OFFSET($B1502,0,$A1502)+1,OFFSET($B1502,1,$A1502,ROW($A$1504)-ROW($A1502)),0))","v":0},"Insumo",{"$f":"IF($A1502=0,\"-\",CONCATENATE(C1502&\".\",IF(AND($A$5>=2,$A1502>=2),D1502&\".\",\"\"),IF(AND($A$5>=3,$A1502>=3),E1502&\".\",\"\"),IF(AND($A$5>=4,$A1502>=4),F1502&\".\",\"\"),IF($A1502=\"S\",G1502&\".\",\"\")))","v":"18.4.12."},{"$f":"IF(NOT(ISERROR($Y1502)),IF($Y1502<>FALSE,INDEX(Banco,$Y1502,4),\"\"),\"\")","v":"Cotação"},"Serv. Terc.","027",{"$f":"IF(NOT(ISERROR($Y1502)),IF($Y1502<>FALSE,INDEX(Banco,$Y1502,5),\"\"),\"\")","v":"Refrigerantes (02 litros) "},{"$f":"IF(NOT(ISERROR($Y1502)),IF($Y1502<>FALSE,INDEX(Banco,$Y1502,6),\"\"),\"\")","v":"Unidade"},20,{"$f":"IF(NOT(ISERROR($Y1502)),IF($Y1502<>FALSE,INDEX(Banco,$Y1502,7),0),0)","v":6},"DI 1",{"$f":"IF($J1502=$G$2,ROUND(ROUND($R1502,2)*IF($R$9=\"Preço Unitário (R$)\",1,1+$AA1502),2),0)","v":7.5},{"$f":"IF($A1502=\"S\",VTOTAL1,IF($A1502=0,0,ROUND(SomaAgrup,2)))","v":150},null,{"$f":"IF(OR($A1502=0,$A1502=\"S\",$A1502>CFF!$A$9),\"\",MAX(W$11:OFFSET(W1502,-1,0))+1)","v":""},{"$f":"IF(AND($J1502=$G$2,$N1502<>\"\",$M1502<>\"\"),CONCATENATE($M1502,\"-\",$N1502))","v":"Serv. Terc.-027"},107,null,{"$f":"IF($J1502=$G$2,ROUND(IF(ISNUMBER(S1502),S1502,IF(LEFT(S1502,2)=\"DI\",HLOOKUP(S1502,DADOS!$T$29:$X$30,2,FALSE),0)),4),\"\")","v":0.25}]
["S",0,{"$f":"IF($A1503=1,OFFSET(C1503,-1,0)+1,OFFSET(C1503,-1,0))","v":18},{"$f":"IF($A1503=1,0,IF($A1503=2,OFFSET(D1503,-1,0)+1,OFFSET(D1503,-1,0)))","v":4},{"$f":"IF(AND($A1503<=2,$A1503<>0),0,IF($A1503=3,OFFSET(E1503,-1,0)+1,OFFSET(E1503,-1,0)))","v":0},{"$f":"IF(AND($A1503<=3,$A1503<>0),0,IF($A1503=4,OFFSET(F1503,-1,0)+1,OFFSET(F1503,-1,0)))","v":0},{"$f":"IF(AND($A1503<=4,$A1503<>0),0,IF($A1503=\"S\",OFFSET(G1503,-1,0)+1,OFFSET(G1503,-1,0)))","v":13},{"$f":"IF(OR($A1503=\"S\",$A1503=0),0,MATCH(0,OFFSET($B1503,1,$A1503,ROW($A$1504)-ROW($A1503)),0))","v":0},{"$f":"IF(OR($A1503=\"S\",$A1503=0),0,MATCH(OFFSET($B1503,0,$A1503)+1,OFFSET($B1503,1,$A1503,ROW($A$1504)-ROW($A1503)),0))","v":0},"Insumo",{"$f":"IF($A1503=0,\"-\",CONCATENATE(C1503&\".\",IF(AND($A$5>=2,$A1503>=2),D1503&\".\",\"\"),IF(AND($A$5>=3,$A1503>=3),E1503&\".\",\"\"),IF(AND($A$5>=4,$A1503>=4),F1503&\".\",\"\"),IF($A1503=\"S\",G1503&\".\",\"\")))","v":"18.4.13."},{"$f":"IF(NOT(ISERROR($Y1503)),IF($Y1503<>FALSE,INDEX(Banco,$Y1503,4),\"\"),\"\")","v":"Cotação "},"Serv. Terc.","010",{"$f":"IF(NOT(ISERROR($Y1503)),IF($Y1503<>FALSE,INDEX(Banco,$Y1503,5),\"\"),\"\")","v":"Brindes ( descrição nos orçamentos e PTS)"},{"$f":"IF(NOT(ISERROR($Y1503)),IF($Y1503<>FALSE,INDEX(Banco,$Y1503,6),\"\"),\"\")","v":"Unidade"},4,{"$f":"IF(NOT(ISERROR($Y1503)),IF($Y1503<>FALSE,INDEX(Banco,$Y1503,7),0),0)","v":120},"DI 1",{"$f":"IF($J1503=$G$2,ROUND(ROUND($R1503,2)*IF($R$9=\"Preço Unitário (R$)\",1,1+$AA1503),2),0)","v":150},{"$f":"IF($A1503=\"S\",VTOTAL1,IF($A1503=0,0,ROUND(SomaAgrup,2)))","v":600},null,{"$f":"IF(OR($A1503=0,$A1503=\"S\",$A1503>CFF!$A$9),\"\",MAX(W$11:OFFSET(W1503,-1,0))+1)","v":""},{"$f":"IF(AND($J1503=$G$2,$N1503<>\"\",$M1503<>\"\"),CONCATENATE($M1503,\"-\",$N1503))","v":"Serv. Terc.-010"},90,null,{"$f":"IF($J1503=$G$2,ROUND(IF(ISNUMBER(S1503),S1503,IF(LEFT(S1503,2)=\"DI\",HLOOKUP(S1503,DADOS!$T$29:$X$30,2,FALSE),0)),4),\"\")","v":0.25}]
[-1,null,0,0,0,0,0]
[null,null,null,null,null,null,null,null,null,null,"Observações:"]
[]
[]
[]
[]
[]
[null,null,null,null,null,null,null,null,null,null,{"$f":"Import.Município","v":"Várzea Grande/MT"}]
[null,null,null,null,null,null,null,null,null,null,"Local"]
[]
[null,null,null,null,null,null,null,null,null,null,{"$f":"TODAY()","v":"2019-06-07"}]
[null,null,null,null,null,null,null,null,null,null,"Data"]
[]
[]
[]
[]
[]
[]
[]
[]
[]
[]
[]
[]
[]
[]
[]
[]
[]
[]
[]
[]
[]
[]
[]
[]
[]
[]
[]
[]
[]
[]
[]
[]
[]
[]
[]
[]
[]
[]
[]
[]
[]
[]
[]
[]
[]
[]
[]
[]
[]
[]
[]
[]
[]
[]
[]
[]
[]
[]
[]
[]
[]
[]
[]
[]
[]
[]
[]
[]
[]
[]
[]
[]
[]
[]
[]
[]
[]
[]
[]
[]
[]
[]
[]
[]
[]
[]
[]
[]
[]
[]
[]
[]
[]
[]
[]
[]
[]
[]
[]
[]
[]
[]
[]
[]
[]
[]
[]
[]
[]
[]
[]
[]
[]
[]
[]
[]
[]
[]
[]
[]
[]
[]
[]
[]
[]
[]
[]
[]
[]
[]
[]
[]
[]
[]
[]
[]
[]
[]
[]
[]
[]
[]
[]
[]
[]
[]
[]
[]
[]
[]
[]
[]
[]
[]
[]
[]
[]
[]
[]
[]
[]
[]
[]
[]
[]
[]
[]
[]
[]
[]
[]
[]
[]
[]
[]
[]
[]
[]
[]
[]
[]
[]
[]
[]
[]
[]
[]
[]
[]
[]
[]
[]
[]
[]
[]
[]
[]
[]
[]
[]
[]
[]
[]
[]
[]
[]
[]
[]
[]
[]
[]
[]
[]
[]
[]
[]
[]
[]
[]
[]
[]
[]
[]
[]
[]
[]
[]
[]
[]
[]
[]
[]
[]
[]
[]
[]
[]
[]
[]
[]
[]
[]
[]
[]
[]
[]
[]
[]
[]
[]
[]
[]
[]
[]
[]
[]
[]
[]
[]
[]
[]
[]
[]
[]
[]
[]
[]
[]
[]
[]
[]
[]
[]
[]
[]
[]
[]
[]
[]
[]
[]
[]
[]
[]
[]
[]
[]
[]
[]
[]
[]
[]
[]
[]
[]
[]
[]
[]
[]
[]
[]
[]
[]
[]
[]
[]
[]
[]
[]
[]
[]
[]
[]
[]
[]
[]
[]
[]
[]
[]
[]
[]
[]
[]
[]
[]
[]
[]
[]
[]
[]
[]
[]
[]
[]
[]
[]
[]
[]
[]
[]
[]
[]
[]
[]
[]
[]
[]
[]
[]
[]
[]
[]
[]
[]
[]
[]
[]
[]
[]
[]
[]
[]
[]
[]
[]
[]
[]
[]
[]
[]
[]
[]
[]
[]
[]
[]
[]
[]
[]
[]
[]
[]
[]
[]
[]
[]
[]
[]
[]
[]
[]
[]
[]
[]
[]
[]
[]
[]
[]
[]
[]
[]
[]
[]
[]
[]
[]
[]
[]
[]
[]
[]
[]
[]
[]
[]
[]
[]
[]
[]
[]
[]
[]
[]
[]
[]
[]
[]
[]
[]
[]
[]
[]
[]
[]
[]
[]
[]
[]
[]
[]
[]
[]
[]
[]
[]
[]
[]
[]
[]
[]
[]
[]
[]
[]
[]
[]
[]
[]
[]
[]
[]
[]
[]
[]
[]
[]
[]
[]
[]
[]
[]
[]
[]
[]
[]
[]
[]
[]
[]
[]
[]
[]
[]
[]
[]
[]
[]
[]
[]
[]
[]
[]
[]
[]
[]
[]
[]
[]
[]
[]
[]
[]
[]
[]
[]
[]
[]
[]
[]
[]
[]
[]
[]
[]
[]
[]
[]
[]
[]
[]
[]
[]
[]
[]
[]
[]
[]
[]
[]
[]
[]
[]
[]
[]
[]
[]
[]
[]
[]
[]
[]
[]
[]
[]
[]
[]
[]
[]
[]
[]
[]
[]
[]
[]
[]
[]
[]
[]
[]
[]
[]
[]
[]
[]
[]
[]
[]
[]
[]
[]
[]
[]
[]
[]
[]
[]
[]
[]
[]
[]
[]
[]
[]
[]
[]
[]
[]
[]
[]
[]
[]
[]
[]
[]
[]
[]
[]
[]
[]
[]
[]
[]
[]
[]
[]
[]
[]
[]
[]
[]
[]
[]
[]
[]
[]
[]
[]
[]
[]
[]
[]
[]
[]
[]
[]
[]
[]
[]
[]
[]
[]
[]
[]
[]
[]
[]
[]
[]
[]
[]
[]
[]
[]
[]
[]
[]
[]
[]
[]
[]
[]
[]
[]
[]
[]
[]
[]
[]
[]
[]
[]
[]
[]
[]
[]
[]
[]
[]
[]
[]
[]
[]
[]
[]
[]
[]
[]
[]
[]
[]
[]
[]
[]
[]
[]
[]
[]
[]
[]
[]
[]
[]
[]
[]
[]
[]
[]
[]
[]
[]
[]
[]
[]
[]
[]
[]
[]
[]
[]
[]
[]
[]
[]
[]
[]
[]
[]
[]
[]
[]
[]
[]
[]
[]
[]
[]
[]
[]
[]
[]
[]
[]
[]
[]
[]
[]
[]
[]
[]
[]
[]
[]
[]
[]
[]
[]
[]
[]
[]
[]
[]
[]
[]
[]
[]
[]
[]
[]
[]
[]
[]
[]
[]
[]
[]
[]
[]
[]
[]
[]
[]
[]
[]
[]
[]
[]
[]
[]
[]
[]
[]
[]
[]
[]
[]
[]
[]
[]
[]
[]
[]
[]
[]
[]
[]
[]
[]
[]
[]
[]
[]
[]
[]
[]
[]
[]
[]
[]
[]
[]
[]
[]
[]
[]
[]
[]
[]
[]
[]
[]
[]
[]
[]
[]
[]
[]
[]
[]
[]
[]
[]
[]
[]
[]
[]
[]
[]
[]
[]
[]
[]
[]
[]
[]
[]
[]
[]
[]
[]
[]
[]
[]
[]
[]
[]
[]
[]
[]
[]
[]
[]
[]
[]
[]
[]
[]
[]
[]
[]
[]
[]
[]
[]
[]
[]
[]
[]
[]
[]
[]
[]
[]
[]
[]
[]
[]
[]
[]
[]
[]
[]
[]
[]
[]
[]
[]
[]
[]
[]
[]
[]
[]
[]
[]
[]
[]
[]
[]
[]
[]
[]
[]
[]
[]
[]
[]
[]
[]
[]
[]
[]
[]
[]
[]
[]
[]
[]
[]
[]
[]
[]
[]
[]
[]
[]
[]
[]
[]
[]
[]
[]
[]
[]
[]
[]
[]
[]
[]
[]
[]
[]
[]
[]
[]
[]
[]
[]
[]
[]
[]
[]
[]
[]
[]
[]
[]
[]
[]
[]
[]
[]
[]
[]
[]
[]
[]
[]
[]
[]
[]
[]
[]
[]
[]
[]
[]
[]
[]
[]
[]
[]
[]
[]
[]
[]
[]
[]
[]
[]
[]
[]
[]
[]
[]
[]
[]
[]
[]
[]
[]
[]
[]
[]
[]
[]
[]
[]
[]
[]
[]
[]
[]
[]
[]
[]
[]
[]
[]
[]
[]
[]
[]
[]
[]
[]
[]
[]
[]
[]
[]
[]
[]
[]
[]
[]
[]
[]
[]
[]
[]
[]
[]
[]
[]
[]
[]
[]
[]
[]
[]
[]
[]
[]
[]
[]
[]
[]
[]
[]
[]
[]
[]
[]
[]
[]
[]
[]
[]
[]
[]
[]
[]
[]
[]
[]
[]
[]
[]
[]
[]
[]
[]
[]
[]
[]
[]
[]
[]
[]
[]
[]
[]
[]
[]
[]
[]
[]
[]
[]
[]
[]
[]
[]
[]
[]
[]
[]
[]
[]
[]
[]
[]
[]
[]
[]
[]
[]
[]
[]
[]
[]
[]
[]
[]
[]
[]
[]
[]
[]
[]
[]
[]
[]
[]
[]
[]
[]
[]
[]
[]
[]
[]
[]
[]
[]
[]
[]
[]
[]
[]
[]
[]
[]
[]
[]
[]
[]
[]
[]
[]
[]
[]
[]
[]
[]
[]
[]
[]
[]
[]
[]
[]
[]
[]
[]
[]
[]
[]
[]
[]
[]
[]
[]
[]
[]
[]
[]
[]
[]
[]
[]
[]
[]
[]
[]
[]
[]
[]
[]
[]
[]
[]
[]
[]
[]
[]
[]
[]
[]
[]
[]
[]
[]
[]
[]
[]
[]
[]
[]
[]
[]
[]
[]
[]
[]
[]
[]
[]
[]
[]
[]
[]
[]
[]
[]
[]
[]
[]
[]
[]
[]
[]
[]
[]
[]
[]
[]
[]
[]
[]
[]
[]
[]
[]
[]
[]
[]
[]
[]
[]
[]
[]
[]
[]
[]
[]
[]
[]
[]
[]
[]
[]
[]
[]
[]
[]
[]
[]
[]
[]
[]
[]
[]
[]
[]
[]
[]
[]
[]
[]
[]
[]
[]
[]
[]
[]
[]
[]
[]
[]
[]
[]
[]
[]
[]
[]
[]
[]
[]
[]
[]
[]
[]
[]
[]
[]
[]
[]
[]
[]
[]
[]
[]
[]
[]
[]
[]
[]
[]
[]
[]
[]
[{"$f":"CHOOSE(1+LOG(1+2*(J2860=$C$2)+4*(J2860=$D$2)+8*(J2860=$E$2)+16*(J2860=$F$2)+32*(J2860=$G$2),2),0,1,2,3,4,\"S\")","v":2},{"$f":"IF(OR(A2860=\"S\",A2860=0),0,IF(ISERROR(I2860),H2860,SMALL(H2860:I2860,1)))","v":{"$error":"#N/A"}},{"$f":"IF($A2860=1,OFFSET(C2860,-1,0)+1,OFFSET(C2860,-1,0))","v":0},{"$f":"IF($A2860=1,0,IF($A2860=2,OFFSET(D2860,-1,0)+1,OFFSET(D2860,-1,0)))","v":1},{"$f":"IF(AND($A2860<=2,$A2860<>0),0,IF($A2860=3,OFFSET(E2860,-1,0)+1,OFFSET(E2860,-1,0)))","v":0},{"$f":"IF(AND($A2860<=3,$A2860<>0),0,IF($A2860=4,OFFSET(F2860,-1,0)+1,OFFSET(F2860,-1,0)))","v":0},{"$f":"IF(AND($A2860<=4,$A2860<>0),0,IF($A2860=\"S\",OFFSET(G2860,-1,0)+1,OFFSET(G2860,-1,0)))","v":0},{"$f":"IF(OR($A2860=\"S\",$A2860=0),0,MATCH(0,OFFSET($B2860,1,$A2860,ROW($A$1504)-ROW($A2860)),0))","v":{"$error":"#N/A"}},{"$f":"IF(OR($A2860=\"S\",$A2860=0),0,MATCH(OFFSET($B2860,0,$A2860)+1,OFFSET($B2860,1,$A2860,ROW($A$1504)-ROW($A2860)),0))","v":{"$error":"#N/A"}},"AtivNível 1",{"$f":"IF($A2860=0,\"-\",CONCATENATE(C2860&\".\",IF(AND($A$5>=2,$A2860>=2),D2860&\".\",\"\"),IF(AND($A$5>=3,$A2860>=3),E2860&\".\",\"\"),IF(AND($A$5>=4,$A2860>=4),F2860&\".\",\"\"),IF($A2860=\"S\",G2860&\".\",\"\")))","v":"0.1."},{"$f":"IF(NOT(ISERROR($Y2860)),IF($Y2860<>FALSE,INDEX(Banco,$Y2860,4),\"\"),\"\")","v":""},null,null,"7 Mês - Atividade 01 - Curso de Automaquiagem",{"$f":"IF(NOT(ISERROR($Y2860)),IF($Y2860<>FALSE,INDEX(Banco,$Y2860,6),\"\"),\"\")","v":""},null,{"$f":"IF(NOT(ISERROR($Y2860)),IF($Y2860<>FALSE,INDEX(Banco,$Y2860,7),0),0)","v":0},"DI 1",{"$f":"IF($J2860=$G$2,ROUND(ROUND($R2860,2)*IF($R$9=\"Preço Unitário (R$)\",1,1+$AA2860),2),0)","v":0},{"$f":"IF($A2860=\"S\",VTOTAL1,IF($A2860=0,0,ROUND(SomaAgrup,2)))","v":{"$error":"#N/A"}},null,{"$f":"IF(OR($A2860=0,$A2860=\"S\",$A2860>CFF!$A$9),\"\",MAX(W$11:OFFSET(W2860,-1,0))+1)","v":135},{"$f":"IF(AND($J2860=$G$2,$N2860<>\"\",$M2860<>\"\"),CONCATENATE($M2860,\"-\",$N2860))","v":false},{"$f":"IF(X2860<>FALSE,MATCH(X2860,OFFSET(Banco,0,0,,1),0))","v":false},null,{"$f":"IF($J2860=$G$2,ROUND(IF(ISNUMBER(S2860),S2860,IF(LEFT(S2860,2)=\"DI\",HLOOKUP(S2860,DADOS!$T$29:$X$30,2,FALSE),0)),4),\"\")","v":""}]

{"sheet":"CFF","index":3,"n_rows":441,"n_cols":24,"rows_kept":441,"cut":false,"hidden":false,"merged":[[164,11,166,11],[164,12,166,12],[164,13,166,13],[438,16,438,18],[438,12,438,13],[437,16,437,18],[436,16,436,18],[436,11,436,13],[437,12,437,13],[167,11,169,11],[167,12,169,12],[167,13,169,13],[182,11,184,11],[182,12,184,12],[182,13,184,13],[185,11,187,11],[185,12,187,12],[185,13,187,13],[176,11,178,11],[176,12,178,12],[176,13,178,13],[179,11,181,11],[179,12,181,12],[179,13,181,13],[155,11,157,11],[155,12,157,12],[155,13,157,13],[158,11,160,11],[158,12,160,12],[158,13,160,13],[161,11,163,11],[161,12,163,12],[161,13,163,13],[146,11,148,11],[146,12,148,12],[146,13,148,13],[149,11,151,11],[149,12,151,12],[149,13,151,13],[152,11,154,11],[152,12,154,12],[152,13,154,13],[137,11,139,11],[137,12,139,12],[137,13,139,13],[140,11,142,11],[140,12,142,12],[140,13,142,13],[143,11,145,11],[143,12,145,12],[143,13,145,13],[128,11,130,11],[128,12,130,12],[128,13,130,13],[131,11,133,11],[131,12,133,12],[131,13,133,13],[134,11,136,11],[134,12,136,12],[134,13,136,13],[119,11,121,11],[119,12,121,12],[119,13,121,13],[122,11,124,11],[122,12,124,12],[122,13,124,13],[125,11,127,11],[125,12,127,12],[125,13,127,13],[110,11,112,11],[110,12,112,12],[110,13,112,13],[113,11,115,11],[113,12,115,12],[113,13,115,13],[116,11,118,11],[116,12,118,12],[116,13,118,13],[101,11,103,11],[101,12,103,12],[101,13,103,13],[104,11,106,11],[104,12,106,12],[104,13,106,13],[107,11,109,11],[107,12,109,12],[107,13,109,13],[92,11,94,11],[92,12,94,12],[92,13,94,13],[95,11,97,11],[95,12,97,12],[95,13,97,13],[98,11,100,11],[98,12,100,12],[98,13,100,13],[83,11,85,11],[83,12,85,12],[83,13,85,13],[86,11,88,11],[86,12,88,12],[86,13,88,13],[89,11,91,11],[89,12,91,12],[89,13,91,13],[74,11,76,11],[74,12,76,12],[74,13,76,13],[77,11,79,11],[77,12,79,12],[77,13,79,13],[80,11,82,11],[80,12,82,12],[80,13,82,13],[65,11,67,11],[65,12,67,12],[65,13,67,13],[68,11,70,11],[68,12,70,12],[68,13,70,13],[71,11,73,11],[71,12,73,12],[71,13,73,13],[56,11,58,11],[56,12,58,12],[56,13,58,13],[59,11,61,11],[59,12,61,12],[59,13,61,13],[62,11,64,11],[62,12,64,12],[62,13,64,13],[44,13,46,13],[47,11,49,11],[47,12,49,12],[47,13,49,13],[50,11,52,11],[50,12,52,12],[50,13,52,13],[53,11,55,11],[53,12,55,12],[53,13,55,13],[20,11,22,11],[20,12,22,12],[20,13,22,13],[23,11,25,11],[23,12,25,12],[23,13,25,13],[26,11,28,11],[26,12,28,12],[26,13,28,13],[29,11,31,11],[29,12,31,12],[29,13,31,13],[32,11,34,11],[32,12,34,12],[32,13,34,13],[35,11,37,11],[35,12,37,12],[35,13,37,13],[10,12,12,12],[439,11,439,13],[7,11,7,12],[10,13,12,13],[10,11,12,11],[13,11,16,12],[13,13,16,13],[17,11,19,11],[17,12,19,12],[17,13,19,13],[38,11,40,11],[38,12,40,12],[38,13,40,13],[41,11,43,11],[41,12,43,12],[41,13,43,13],[44,11,46,11],[44,12,46,12],[170,11,172,11],[170,12,172,12],[170,13,172,13],[173,11,175,11],[173,12,175,12],[173,13,175,13],[194,11,196,11],[194,12,196,12],[194,13,196,13],[197,11,199,11],[197,12,199,12],[197,13,199,13],[188,11,190,11],[188,12,190,12],[188,13,190,13],[191,11,193,11],[191,12,193,12],[191,13,193,13],[206,11,208,11],[206,12,208,12],[206,13,208,13],[209,11,211,11],[209,12,211,12],[209,13,211,13],[200,11,202,11],[200,12,202,12],[200,13,202,13],[203,11,205,11],[203,12,205,12],[203,13,205,13],[218,11,220,11],[218,12,220,12],[218,13,220,13],[221,11,223,11],[221,12,223,12],[221,13,223,13],[212,11,214,11],[212,12,214,12],[212,13,214,13],[215,11,217,11],[215,12,217,12],[215,13,217,13],[230,11,232,11],[230,12,232,12],[230,13,232,13],[233,11,235,11],[233,12,235,12],[233,13,235,13],[224,11,226,11],[224,12,226,12],[224,13,226,13],[227,11,229,11],[227,12,229,12],[227,13,229,13],[242,11,244,11],[242,12,244,12],[242,13,244,13],[245,11,247,11],[245,12,247,12],[245,13,247,13],[236,11,238,11],[236,12,238,12],[236,13,238,13],[239,11,241,11],[239,12,241,12],[239,13,241,13],[251,11,253,11],[251,12,253,12],[251,13,253,13],[254,11,256,11],[254,12,256,12],[254,13,256,13],[248,11,250,11],[248,12,250,12],[248,13,250,13],[263,11,265,11],[263,12,265,12],[263,13,265,13],[266,11,268,11],[266,12,268,12],[266,13,268,13],[257,11,259,11],[257,12,259,12],[257,13,259,13],[260,11,262,11],[260,12,262,12],[260,13,262,13],[275,11,277,11],[275,12,277,12],[275,13,277,13],[278,11,280,11],[278,12,280,12],[278,13,280,13],[269,11,271,11],[269,12,271,12],[269,13,271,13],[272,11,274,11],[272,12,274,12],[272,13,274,13],[287,11,289,11],[287,12,289,12],[287,13,289,13],[290,11,292,11],[290,12,292,12],[290,13,292,13],[281,11,283,11],[281,12,283,12],[281,13,283,13],[284,11,286,11],[284,12,286,12],[284,13,286,13],[299,11,301,11],[299,12,301,12],[299,13,301,13],[302,11,304,11],[302,12,304,12],[302,13,304,13],[293,11,295,11],[293,12,295,12],[293,13,295,13],[296,11,298,11],[296,12,298,12],[296,13,298,13],[311,11,313,11],[311,12,313,12],[311,13,313,13],[314,11,316,11],[314,12,316,12],[314,13,316,13],[305,11,307,11],[305,12,307,12],[305,13,307,13],[308,11,310,11],[308,12,310,12],[308,13,310,13],[323,11,325,11],[323,12,325,12],[323,13,325,13],[326,11,328,11],[326,12,328,12],[326,13,328,13],[317,11,319,11],[317,12,319,12],[317,13,319,13],[320,11,322,11],[320,12,322,12],[320,13,322,13],[335,11,337,11],[335,12,337,12],[335,13,337,13],[338,11,340,11],[338,12,340,12],[338,13,340,13],[329,11,331,11],[329,12,331,12],[329,13,331,13],[332,11,334,11],[332,12,334,12],[332,13,334,13],[347,11,349,11],[347,12,349,12],[347,13,349,13],[350,11,352,11],[350,12,352,12],[350,13,352,13],[341,11,343,11],[341,12,343,12],[341,13,343,13],[344,11,346,11],[344,12,346,12],[344,13,346,13],[359,11,361,11],[359,12,361,12],[359,13,361,13],[362,11,364,11],[362,12,364,12],[362,13,364,13],[353,11,355,11],[353,12,355,12],[353,13,355,13],[356,11,358,11],[356,12,358,12],[356,13,358,13],[371,11,373,11],[371,12,373,12],[371,13,373,13],[374,11,376,11],[374,12,376,12],[374,13,376,13],[365,11,367,11],[365,12,367,12],[365,13,367,13],[368,11,370,11],[368,12,370,12],[368,13,370,13],[383,11,385,11],[383,12,385,12],[383,13,385,13],[386,11,388,11],[386,12,388,12],[386,13,388,13],[377,11,379,11],[377,12,379,12],[377,13,379,13],[380,11,382,11],[380,12,382,12],[380,13,382,13],[395,11,397,11],[395,12,397,12],[395,13,397,13],[398,11,400,11],[398,12,400,12],[398,13,400,13],[389,11,391,11],[389,12,391,12],[389,13,391,13],[392,11,394,11],[392,12,394,12],[392,13,394,13],[407,11,409,11],[407,12,409,12],[407,13,409,13],[410,11,412,11],[410,12,412,12],[410,13,412,13],[401,11,403,11],[401,12,403,12],[401,13,403,13],[404,11,406,11],[404,12,406,12],[404,13,406,13],[419,11,421,11],[419,12,421,12],[419,13,421,13],[422,11,424,11],[422,12,424,12],[422,13,424,13],[413,11,415,11],[413,12,415,12],[413,13,415,13],[416,11,418,11],[416,12,418,12],[416,13,418,13],[431,11,433,11],[431,12,433,12],[431,13,433,13],[425,11,427,11],[425,12,427,12],[425,13,427,13],[428,11,430,11],[428,12,430,12],[428,13,430,13]]}
[null,null,null,null,null,null,null,null,null,null,null,null,null,null,"    CFF -","CRONOGRAMA FÍSICO-FINANCEIRO"]
[null,null,null,null,null,null,null,null,null,null,null,null,null,null,"TS -","TRABALHO SOCIAL"]
[]
[]
[]
[]
[]
["Nível Máx Crono",null,null,null,null,null,null,null,null,null,null,{"$f":"IF(MAX($A$14:$A$436)<>MAX(PO!$W$11:$W$1504),\"ERRO: CRONOGRAMA DESATUALIZADO\",IF(OR(COUNTIF($O$16:$X$16,\">1\")>0,OFFSET($X$17,0,-1)<>$N$14),\"ERRO: CRONOGRAMA NÃO FECHA EM 100%\",\"\"))","v":"ERRO: CRONOGRAMA DESATUALIZADO"},null,{"$f":"IF(TipoOrçamento=\"REPROGRAMADOAC\",\"Qtde de Medições realizadas\",\"\")","v":""}]
[4,null,null,null,null,null,null,null,null,null,null,null,null,1,{"$f":"IF(AND(TipoOrçamento=\"REPROGRAMADOAC\",$N$9>0),$N$9-1,0)","v":0},{"$f":"OFFSET(P9,0,-1)+1","v":1},{"$f":"OFFSET(Q9,0,-1)+1","v":2},3,4,5,6,7,8]
["Lista Crono","Último Nível","Nível","Altura","N1","N2","N3","N4","Czero","Cnível","VTOTAL SOMA","Item","Descrição das Atividades","Valores Totais (R$)",{"$f":"\"Início do TS\"&CHAR(10)&TEXT(DADOS!C30,\"dd/mm/aa\")","v":"Início do TS\n01/07/18"},{"$f":"IF(AND(TipoOrçamento=\"REPROGRAMADOAC\",$N$9>0,N10=\"Valores Totais (R$)\"),\"Parcela \"&$N$9&\" Executado\",\"Parcela \"&P$9&CHAR(10)&TEXT(DATE(YEAR(DADOS!$C$30),MONTH(DADOS!$C$30)-1+P$9-IF(AND(TipoOrçamento=\"REPROGRAMADOAC\",$N$9>0),$N$9,0),1),\"mmm/aa\"))","v":"Parcela 1\njul/18"},{"$f":"IF(AND(TipoOrçamento=\"REPROGRAMADOAC\",$N$9>0,O10=\"Valores Totais (R$)\"),\"Parcela \"&$N$9&\" Executado\",\"Parcela \"&Q$9&CHAR(10)&TEXT(DATE(YEAR(DADOS!$C$30),MONTH(DADOS!$C$30)-1+Q$9-IF(AND(TipoOrçamento=\"REPROGRAMADOAC\",$N$9>0),$N$9,0),1),\"mmm/aa\"))","v":"Parcela 2\nago/18"},{"$f":"IF(AND(TipoOrçamento=\"REPROGRAMADOAC\",$N$9>0,P10=\"Valores Totais (R$)\"),\"Parcela \"&$N$9&\" Executado\",\"Parcela \"&R$9&CHAR(10)&TEXT(DATE(YEAR(DADOS!$C$30),MONTH(DADOS!$C$30)-1+R$9-IF(AND(TipoOrçamento=\"REPROGRAMADOAC\",$N$9>0),$N$9,0),1),\"mmm/aa\"))","v":"Parcela 3\nset/18"},{"$f":"IF(AND(TipoOrçamento=\"REPROGRAMADOAC\",$N$9>0,Q10=\"Valores Totais (R$)\"),\"Parcela \"&$N$9&\" Executado\",\"Parcela \"&S$9&CHAR(10)&TEXT(DATE(YEAR(DADOS!$C$30),MONTH(DADOS!$C$30)-1+S$9-IF(AND(TipoOrçamento=\"REPROGRAMADOAC\",$N$9>0),$N$9,0),1),\"mmm/aa\"))","v":"Parcela 4\nout/18"},{"$f":"IF(AND(TipoOrçamento=\"REPROGRAMADOAC\",$N$9>0,R10=\"Valores Totais (R$)\"),\"Parcela \"&$N$9&\" Executado\",\"Parcela \"&T$9&CHAR(10)&TEXT(DATE(YEAR(DADOS!$C$30),MONTH(DADOS!$C$30)-1+T$9-IF(AND(TipoOrçamento=\"REPROGRAMADOAC\",$N$9>0),$N$9,0),1),\"mmm/aa\"))","v":"Parcela 5\nnov/18"},{"$f":"IF(AND(TipoOrçamento=\"REPROGRAMADOAC\",$N$9>0,S10=\"Valores Totais (R$)\"),\"Parcela \"&$N$9&\" Executado\",\"Parcela \"&U$9&CHAR(10)&TEXT(DATE(YEAR(DADOS!$C$30),MONTH(DADOS!$C$30)-1+U$9-IF(AND(TipoOrçamento=\"REPROGRAMADOAC\",$N$9>0),$N$9,0),1),\"mmm/aa\"))","v":"Parcela 6\ndez/18"},{"$f":"IF(AND(TipoOrçamento=\"REPROGRAMADOAC\",$N$9>0,T10=\"Valores Totais (R$)\"),\"Parcela \"&$N$9&\" Executado\",\"Parcela \"&V$9&CHAR(10)&TEXT(DATE(YEAR(DADOS!$C$30),MONTH(DADOS!$C$30)-1+V$9-IF(AND(TipoOrçamento=\"REPROGRAMADOAC\",$N$9>0),$N$9,0),1),\"mmm/aa\"))","v":"Parcela 7\njan/19"},{"$f":"IF(AND(TipoOrçamento=\"REPROGRAMADOAC\",$N$9>0,U10=\"Valores Totais (R$)\"),\"Parcela \"&$N$9&\" Executado\",\"Parcela \"&W$9&CHAR(10)&TEXT(DATE(YEAR(DADOS!$C$30),MONTH(DADOS!$C$30)-1+W$9-IF(AND(TipoOrçamento=\"REPROGRAMADOAC\",$N$9>0),$N$9,0),1),\"mmm/aa\"))","v":"Parcela 8\nfev/19"}]
[null,null,null,null,null,null,null,null,null,null,null,{"$f":"INDEX(PO!K$11:K$1504,MATCH($A13,PO!$W$11:$W$1504,0))","v":{"$error":"#VALUE!"}},{"$f":"INDEX(PO!O$11:O$1504,MATCH($A13,PO!$W$11:$W$1504,0))","v":{"$error":"#VALUE!"}},{"$f":"IF(ROUND(K13,2)=0,K13,ROUND(K13,2))","v":{"$error":"#VALUE!"}},"Parcela (%)",{"$f":"IF($B13,0,P12-IF(ISNUMBER(O12),O12,0))","v":{"$error":"#VALUE!"}},{"$f":"IF($B13,0,Q12-IF(ISNUMBER(P12),P12,0))","v":{"$error":"#VALUE!"}},{"$error":"#VALUE!"},{"$error":"#VALUE!"},{"$error":"#VALUE!"},{"$error":"#VALUE!"},{"$error":"#VALUE!"},{"$error":"#VALUE!"}]
[null,null,null,null,null,null,null,null,null,null,null,null,null,null,"Acumulado (%)",{"$f":"MIN(IF($B13,P11+IF(ISNUMBER(O12),O12,0),P13/$N11),1)","v":{"$error":"#VALUE!"}},{"$f":"MIN(IF($B13,Q11+IF(ISNUMBER(P12),P12,0),Q13/$N11),1)","v":{"$error":"#VALUE!"}},{"$error":"#VALUE!"},{"$error":"#VALUE!"},{"$error":"#VALUE!"},{"$error":"#VALUE!"},{"$error":"#VALUE!"},{"$error":"#VALUE!"}]
[{"$f":"OFFSET(A13,-CFF.NumLinha,0)+1","v":{"$error":"#VALUE!"}},{"$f":"$C13>=OFFSET($C13,CFF.NumLinha,0)","v":{"$error":"#VALUE!"}},{"$f":"INDEX(PO!A$11:A$1504,MATCH($A13,PO!$W$11:$W$1504,0))","v":{"$error":"#VALUE!"}},{"$f":"IF(ISERROR(J13),I13,SMALL(I13:J13,1))-1","v":{"$error":"#VALUE!"}},{"$f":"IF($C13=1,OFFSET(E13,-CFF.NumLinha,0)+1,OFFSET(E13,-CFF.NumLinha,0))","v":{"$error":"#VALUE!"}},{"$f":"IF($C13=1,0,IF($C13=2,OFFSET(F13,-CFF.NumLinha,0)+1,OFFSET(F13,-CFF.NumLinha,0)))","v":{"$error":"#VALUE!"}},{"$f":"IF(AND($C13<=2,$C13<>0),0,IF($C13=3,OFFSET(G13,-CFF.NumLinha,0)+1,OFFSET(G13,-CFF.NumLinha,0)))","v":{"$error":"#VALUE!"}},{"$f":"IF(AND($C13<=3,$C13<>0),0,IF($C13=4,OFFSET(H13,-CFF.NumLinha,0)+1,OFFSET(H13,-CFF.NumLinha,0)))","v":{"$error":"#VALUE!"}},{"$f":"MATCH(0,OFFSET($D13,1,$C13,ROW($A$435)-ROW($A13)),0)","v":{"$error":"#VALUE!"}},{"$f":"MATCH(OFFSET($D13,0,$C13)+1,OFFSET($D13,1,$C13,ROW($A$435)-ROW($A13)),0)","v":{"$error":"#VALUE!"}},{"$f":"ROUND(INDEX(PO!U$11:U$1504,MATCH($A13,PO!$W$11:$W$1504,0)),2)+10^-12","v":{"$error":"#VALUE!"}},null,null,null,"Acumulado (R$)",{"$f":"IF($B13,ROUND(P12*$N11,2),ROUND(SUMIF(OFFSET($B13,1,0,$D13),TRUE,OFFSET(P13,1,0,$D13))/SUMIF(OFFSET($B13,1,0,$D13),TRUE,OFFSET($K13,1,0,$D13))*$N11,2))","v":{"$error":"#VALUE!"}},{"$f":"IF($B13,ROUND(Q12*$N11,2),ROUND(SUMIF(OFFSET($B13,1,0,$D13),TRUE,OFFSET(Q13,1,0,$D13))/SUMIF(OFFSET($B13,1,0,$D13),TRUE,OFFSET($K13,1,0,$D13))*$N11,2))","v":{"$error":"#VALUE!"}},{"$error":"#VALUE!"},{"$error":"#VALUE!"},{"$error":"#VALUE!"},{"$error":"#VALUE!"},{"$error":"#VALUE!"},{"$error":"#VALUE!"}]
[null,null,null,null,null,null,null,null,null,null,null,"CRONOGRAMA GLOBAL",null,{"$f":"IF(PO!$U$11=0,10^-12,PO!$U$11)","v":997515.06999999948},"Parcela (%)",{"$f":"ROUND(P15/$N14,4)","v":3.49E-2},{"$f":"ROUND(Q15/$N14,4)","v":6.8699999999999997E-2},4.41E-2,5.7299999999999997E-2,4.02E-2,4.6800000000000001E-2,9.0300000000000005E-2,4.99E-2]
[null,null,null,null,null,null,null,null,null,null,null,null,null,null,"Parcela (R$)",{"$f":"P17-IF(ISNUMBER(O17),O17,0)","v":34841.49},{"$f":"Q17-IF(ISNUMBER(P17),P17,0)","v":68513.31},44009.2,57192.360000000015,40132.329999999987,46678.369999999995,90099.089999999967,49791.210000000021]
[null,null,null,null,null,null,null,null,null,null,null,null,null,null,"Acumulado (%)",{"$f":"ROUND(P17/$N14,4)","v":3.49E-2},{"$f":"ROUND(Q17/$N14,4)","v":0.1036},0.1477,0.2051,0.24529999999999999,0.29210000000000003,0.38240000000000002,0.43230000000000002]
[0,null,null,{"$f":"ROW(D$435)-ROW(D18)","v":417},null,null,null,null,null,null,null,null,null,null,"Acumulado (R$)",{"$f":"SUMIF(OFFSET($C17,1,0):$C$435,1,OFFSET(P17,1,0):P$435)","v":34841.49},{"$f":"SUMIF(OFFSET($C17,1,0):$C$435,1,OFFSET(Q17,1,0):Q$435)","v":103354.8},{"$f":"SUMIF(OFFSET($C17,1,0):$C$435,1,OFFSET(R17,1,0):R$435)","v":147364},{"$f":"SUMIF(OFFSET($C17,1,0):$C$435,1,OFFSET(S17,1,0):S$435)","v":204556.36000000002},{"$f":"SUMIF(OFFSET($C17,1,0):$C$435,1,OFFSET(T17,1,0):T$435)","v":244688.69},{"$f":"SUMIF(OFFSET($C17,1,0):$C$435,1,OFFSET(U17,1,0):U$435)","v":291367.06},{"$f":"SUMIF(OFFSET($C17,1,0):$C$435,1,OFFSET(V17,1,0):V$435)","v":381466.14999999997},{"$f":"SUMIF(OFFSET($C17,1,0):$C$435,1,OFFSET(W17,1,0):W$435)","v":431257.36}]
[null,null,null,null,null,null,null,null,null,null,null,{"$f":"INDEX(PO!K$11:K$1504,MATCH($A20,PO!$W$11:$W$1504,0))","v":"1."},{"$f":"INDEX(PO!O$11:O$1504,MATCH($A20,PO!$W$11:$W$1504,0))","v":"MÊS 01 - INFORMAÇÃO E MOBILIZAÇÃO"},{"$f":"IF(ROUND(K20,2)=0,K20,ROUND(K20,2))","v":34841.49},"Parcela (%)",1,null,null,null,null,null,null,null,""]
[null,null,null,null,null,null,null,null,null,null,null,null,null,null,"Acumulado (%)",{"$f":"MIN(IF($B20,P18+IF(ISNUMBER(O19),O19,0),P20/$N18),1)","v":1},1,1,1,1,1,1,1]
[{"$f":"OFFSET(A20,-CFF.NumLinha,0)+1","v":1},{"$f":"$C20>=OFFSET($C20,CFF.NumLinha,0)","v":false},{"$f":"INDEX(PO!A$11:A$1504,MATCH($A20,PO!$W$11:$W$1504,0))","v":1},{"$f":"IF(ISERROR(J20),I20,SMALL(I20:J20,1))-1","v":11},{"$f":"IF($C20=1,OFFSET(E20,-CFF.NumLinha,0)+1,OFFSET(E20,-CFF.NumLinha,0))","v":1},{"$f":"IF($C20=1,0,IF($C20=2,OFFSET(F20,-CFF.NumLinha,0)+1,OFFSET(F20,-CFF.NumLinha,0)))","v":0},{"$f":"IF(AND($C20<=2,$C20<>0),0,IF($C20=3,OFFSET(G20,-CFF.NumLinha,0)+1,OFFSET(G20,-CFF.NumLinha,0)))","v":0},{"$f":"IF(AND($C20<=3,$C20<>0),0,IF($C20=4,OFFSET(H20,-CFF.NumLinha,0)+1,OFFSET(H20,-CFF.NumLinha,0)))","v":0},{"$f":"MATCH(0,OFFSET($D20,1,$C20,ROW($A$435)-ROW($A20)),0)","v":415},{"$f":"MATCH(OFFSET($D20,0,$C20)+1,OFFSET($D20,1,$C20,ROW($A$435)-ROW($A20)),0)","v":12},{"$f":"ROUND(INDEX(PO!U$11:U$1504,MATCH($A20,PO!$W$11:$W$1504,0)),2)+10^-12","v":34841.49},null,null,null,"Acumulado (R$)",{"$f":"IF($B20,ROUND(P19*$N18,2),ROUND(SUMIF(OFFSET($B20,1,0,$D20),TRUE,OFFSET(P20,1,0,$D20))/SUMIF(OFFSET($B20,1,0,$D20),TRUE,OFFSET($K20,1,0,$D20))*$N18,2))","v":34841.49},34841.49,34841.49,34841.49,34841.49,34841.49,34841.49,34841.49]
[null,null,null,null,null,null,null,null,null,null,null,{"$f":"INDEX(PO!K$11:K$1504,MATCH($A23,PO!$W$11:$W$1504,0))","v":"1.1."},{"$f":"INDEX(PO!O$11:O$1504,MATCH($A23,PO!$W$11:$W$1504,0))","v":"Atividade 01 - Reunião Ampliada Apresentação do Projeto de Trabalho Social Bairro: Parque São João e região"},{"$f":"IF(ROUND(K23,2)=0,K23,ROUND(K23,2))","v":16695.900000000001},"Parcela (%)",1]
[null,null,null,null,null,null,null,null,null,null,null,null,null,null,"Acumulado (%)",{"$f":"MIN(IF($B23,P21+IF(ISNUMBER(O22),O22,0),P23/$N21),1)","v":1},1,1,1,1,1,1,1]
[{"$f":"OFFSET(A23,-CFF.NumLinha,0)+1","v":2},{"$f":"$C23>=OFFSET($C23,CFF.NumLinha,0)","v":true},{"$f":"INDEX(PO!A$11:A$1504,MATCH($A23,PO!$W$11:$W$1504,0))","v":2},{"$f":"IF(ISERROR(J23),I23,SMALL(I23:J23,1))-1","v":2},{"$f":"IF($C23=1,OFFSET(E23,-CFF.NumLinha,0)+1,OFFSET(E23,-CFF.NumLinha,0))","v":1},{"$f":"IF($C23=1,0,IF($C23=2,OFFSET(F23,-CFF.NumLinha,0)+1,OFFSET(F23,-CFF.NumLinha,0)))","v":1},{"$f":"IF(AND($C23<=2,$C23<>0),0,IF($C23=3,OFFSET(G23,-CFF.NumLinha,0)+1,OFFSET(G23,-CFF.NumLinha,0)))","v":0},{"$f":"IF(AND($C23<=3,$C23<>0),0,IF($C23=4,OFFSET(H23,-CFF.NumLinha,0)+1,OFFSET(H23,-CFF.NumLinha,0)))","v":0},{"$f":"MATCH(0,OFFSET($D23,1,$C23,ROW($A$435)-ROW($A23)),0)","v":9},{"$f":"MATCH(OFFSET($D23,0,$C23)+1,OFFSET($D23,1,$C23,ROW($A$435)-ROW($A23)),0)","v":3},{"$f":"ROUND(INDEX(PO!U$11:U$1504,MATCH($A23,PO!$W$11:$W$1504,0)),2)+10^-12","v":16695.900000000001},null,null,null,"Acumulado (R$)",{"$f":"IF($B23,ROUND(P22*$N21,2),ROUND(SUMIF(OFFSET($B23,1,0,$D23),TRUE,OFFSET(P23,1,0,$D23))/SUMIF(OFFSET($B23,1,0,$D23),TRUE,OFFSET($K23,1,0,$D23))*$N21,2))","v":16695.900000000001},16695.900000000001,16695.900000000001,16695.900000000001,16695.900000000001,16695.900000000001,16695.900000000001,16695.900000000001]
[null,null,null,null,null,null,null,null,null,null,null,{"$f":"INDEX(PO!K$11:K$1504,MATCH($A26,PO!$W$11:$W$1504,0))","v":"1.2."},{"$f":"INDEX(PO!O$11:O$1504,MATCH($A26,PO!$W$11:$W$1504,0))","v":"Atividade 02 - Reunião Ampliada Apresentação do Projeto de Trabalho Social Bairro: Jardim Ikaraí"},{"$f":"IF(ROUND(K26,2)=0,K26,ROUND(K26,2))","v":9649.6},"Parcela (%)",1]
[null,null,null,null,null,null,null,null,null,null,null,null,null,null,"Acumulado (%)",{"$f":"MIN(IF($B26,P24+IF(ISNUMBER(O25),O25,0),P26/$N24),1)","v":1},1,1,1,1,1,1,1]
[{"$f":"OFFSET(A26,-CFF.NumLinha,0)+1","v":3},{"$f":"$C26>=OFFSET($C26,CFF.NumLinha,0)","v":true},{"$f":"INDEX(PO!A$11:A$1504,MATCH($A26,PO!$W$11:$W$1504,0))","v":2},{"$f":"IF(ISERROR(J26),I26,SMALL(I26:J26,1))-1","v":2},{"$f":"IF($C26=1,OFFSET(E26,-CFF.NumLinha,0)+1,OFFSET(E26,-CFF.NumLinha,0))","v":1},{"$f":"IF($C26=1,0,IF($C26=2,OFFSET(F26,-CFF.NumLinha,0)+1,OFFSET(F26,-CFF.NumLinha,0)))","v":2},{"$f":"IF(AND($C26<=2,$C26<>0),0,IF($C26=3,OFFSET(G26,-CFF.NumLinha,0)+1,OFFSET(G26,-CFF.NumLinha,0)))","v":0},{"$f":"IF(AND($C26<=3,$C26<>0),0,IF($C26=4,OFFSET(H26,-CFF.NumLinha,0)+1,OFFSET(H26,-CFF.NumLinha,0)))","v":0},{"$f":"MATCH(0,OFFSET($D26,1,$C26,ROW($A$435)-ROW($A26)),0)","v":6},{"$f":"MATCH(OFFSET($D26,0,$C26)+1,OFFSET($D26,1,$C26,ROW($A$435)-ROW($A26)),0)","v":3},{"$f":"ROUND(INDEX(PO!U$11:U$1504,MATCH($A26,PO!$W$11:$W$1504,0)),2)+10^-12","v":9649.6000000000022},null,null,null,"Acumulado (R$)",{"$f":"IF($B26,ROUND(P25*$N24,2),ROUND(SUMIF(OFFSET($B26,1,0,$D26),TRUE,OFFSET(P26,1,0,$D26))/SUMIF(OFFSET($B26,1,0,$D26),TRUE,OFFSET($K26,1,0,$D26))*$N24,2))","v":9649.6},9649.6,9649.6,9649.6,9649.6,9649.6,9649.6,9649.6]
[null,null,null,null,null,null,null,null,null,null,null,{"$f":"INDEX(PO!K$11:K$1504,MATCH($A29,PO!$W$11:$W$1504,0))","v":"1.3."},{"$f":"INDEX(PO!O$11:O$1504,MATCH($A29,PO!$W$11:$W$1504,0))","v":"Atividade 03 - Reunião Ampliada Apresentação do Projeto de Trabalho Social Bairro: Frutal de Minas e Jardim Paula II"},{"$f":"IF(ROUND(K29,2)=0,K29,ROUND(K29,2))","v":8495.99},"Parcela (%)",1]
[null,null,null,null,null,null,null,null,null,null,null,null,null,null,"Acumulado (%)",{"$f":"MIN(IF($B29,P27+IF(ISNUMBER(O28),O28,0),P29/$N27),1)","v":1},1,1,1,1,1,1,1]
[{"$f":"OFFSET(A29,-CFF.NumLinha,0)+1","v":4},{"$f":"$C29>=OFFSET($C29,CFF.NumLinha,0)","v":true},{"$f":"INDEX(PO!A$11:A$1504,MATCH($A29,PO!$W$11:$W$1504,0))","v":2},{"$f":"IF(ISERROR(J29),I29,SMALL(I29:J29,1))-1","v":2},{"$f":"IF($C29=1,OFFSET(E29,-CFF.NumLinha,0)+1,OFFSET(E29,-CFF.NumLinha,0))","v":1},{"$f":"IF($C29=1,0,IF($C29=2,OFFSET(F29,-CFF.NumLinha,0)+1,OFFSET(F29,-CFF.NumLinha,0)))","v":3},{"$f":"IF(AND($C29<=2,$C29<>0),0,IF($C29=3,OFFSET(G29,-CFF.NumLinha,0)+1,OFFSET(G29,-CFF.NumLinha,0)))","v":0},{"$f":"IF(AND($C29<=3,$C29<>0),0,IF($C29=4,OFFSET(H29,-CFF.NumLinha,0)+1,OFFSET(H29,-CFF.NumLinha,0)))","v":0},{"$f":"MATCH(0,OFFSET($D29,1,$C29,ROW($A$435)-ROW($A29)),0)","v":3},{"$f":"MATCH(OFFSET($D29,0,$C29)+1,OFFSET($D29,1,$C29,ROW($A$435)-ROW($A29)),0)","v":15},{"$f":"ROUND(INDEX(PO!U$11:U$1504,MATCH($A29,PO!$W$11:$W$1504,0)),2)+10^-12","v":8495.9900000000016},null,null,null,"Acumulado (R$)",{"$f":"IF($B29,ROUND(P28*$N27,2),ROUND(SUMIF(OFFSET($B29,1,0,$D29),TRUE,OFFSET(P29,1,0,$D29))/SUMIF(OFFSET($B29,1,0,$D29),TRUE,OFFSET($K29,1,0,$D29))*$N27,2))","v":8495.99},8495.99,8495.99,8495.99,8495.99,8495.99,8495.99,8495.99]
[null,null,null,null,null,null,null,null,null,null,null,{"$f":"INDEX(PO!K$11:K$1504,MATCH($A32,PO!$W$11:$W$1504,0))","v":"2."},{"$f":"INDEX(PO!O$11:O$1504,MATCH($A32,PO!$W$11:$W$1504,0))","v":"MÊS 02 - INFORMAÇÕES/PALESTRAS"},{"$f":"IF(ROUND(K32,2)=0,K32,ROUND(K32,2))","v":39171.64},"Parcela (%)",null,{"$f":"IF($B32,0,Q31-IF(ISNUMBER(P31),P31,0))","v":1}]
[null,null,null,null,null,null,null,null,null,null,null,null,null,null,"Acumulado (%)",{"$f":"MIN(IF($B32,P30+IF(ISNUMBER(O31),O31,0),P32/$N30),1)","v":0},1,1,1,1,1,1,1]
[{"$f":"OFFSET(A32,-CFF.NumLinha,0)+1","v":5},{"$f":"$C32>=OFFSET($C32,CFF.NumLinha,0)","v":false},{"$f":"INDEX(PO!A$11:A$1504,MATCH($A32,PO!$W$11:$W$1504,0))","v":1},{"$f":"IF(ISERROR(J32),I32,SMALL(I32:J32,1))-1","v":23},{"$f":"IF($C32=1,OFFSET(E32,-CFF.NumLinha,0)+1,OFFSET(E32,-CFF.NumLinha,0))","v":2},{"$f":"IF($C32=1,0,IF($C32=2,OFFSET(F32,-CFF.NumLinha,0)+1,OFFSET(F32,-CFF.NumLinha,0)))","v":0},{"$f":"IF(AND($C32<=2,$C32<>0),0,IF($C32=3,OFFSET(G32,-CFF.NumLinha,0)+1,OFFSET(G32,-CFF.NumLinha,0)))","v":0},{"$f":"IF(AND($C32<=3,$C32<>0),0,IF($C32=4,OFFSET(H32,-CFF.NumLinha,0)+1,OFFSET(H32,-CFF.NumLinha,0)))","v":0},{"$f":"MATCH(0,OFFSET($D32,1,$C32,ROW($A$435)-ROW($A32)),0)","v":403},{"$f":"MATCH(OFFSET($D32,0,$C32)+1,OFFSET($D32,1,$C32,ROW($A$435)-ROW($A32)),0)","v":24},{"$f":"ROUND(INDEX(PO!U$11:U$1504,MATCH($A32,PO!$W$11:$W$1504,0)),2)+10^-12","v":39171.64},null,null,null,"Acumulado (R$)",{"$f":"IF($B32,ROUND(P31*$N30,2),ROUND(SUMIF(OFFSET($B32,1,0,$D32),TRUE,OFFSET(P32,1,0,$D32))/SUMIF(OFFSET($B32,1,0,$D32),TRUE,OFFSET($K32,1,0,$D32))*$N30,2))","v":0},39171.64,39171.64,39171.64,39171.64,39171.64,39171.64,39171.64]
[null,null,null,null,null,null,null,null,null,null,null,{"$f":"INDEX(PO!K$11:K$1504,MATCH($A35,PO!$W$11:$W$1504,0))","v":"2.1."},{"$f":"INDEX(PO!O$11:O$1504,MATCH($A35,PO!$W$11:$W$1504,0))","v":"Atividade 04 - Palestra: Mobilidade Urbana da área de intervenção do Parque São João"},{"$f":"IF(ROUND(K35,2)=0,K35,ROUND(K35,2))","v":11360.31},"Parcela (%)",null,1]
[null,null,null,null,null,null,null,null,null,null,null,null,null,null,"Acumulado (%)",{"$f":"MIN(IF($B35,P33+IF(ISNUMBER(O34),O34,0),P35/$N33),1)","v":0},1,1,1,1,1,1,1]
[{"$f":"OFFSET(A35,-CFF.NumLinha,0)+1","v":6},{"$f":"$C35>=OFFSET($C35,CFF.NumLinha,0)","v":true},{"$f":"INDEX(PO!A$11:A$1504,MATCH($A35,PO!$W$11:$W$1504,0))","v":2},{"$f":"IF(ISERROR(J35),I35,SMALL(I35:J35,1))-1","v":2},{"$f":"IF($C35=1,OFFSET(E35,-CFF.NumLinha,0)+1,OFFSET(E35,-CFF.NumLinha,0))","v":2},{"$f":"IF($C35=1,0,IF($C35=2,OFFSET(F35,-CFF.NumLinha,0)+1,OFFSET(F35,-CFF.NumLinha,0)))","v":1},{"$f":"IF(AND($C35<=2,$C35<>0),0,IF($C35=3,OFFSET(G35,-CFF.NumLinha,0)+1,OFFSET(G35,-CFF.NumLinha,0)))","v":0},{"$f":"IF(AND($C35<=3,$C35<>0),0,IF($C35=4,OFFSET(H35,-CFF.NumLinha,0)+1,OFFSET(H35,-CFF.NumLinha,0)))","v":0},{"$f":"MATCH(0,OFFSET($D35,1,$C35,ROW($A$435)-ROW($A35)),0)","v":21},{"$f":"MATCH(OFFSET($D35,0,$C35)+1,OFFSET($D35,1,$C35,ROW($A$435)-ROW($A35)),0)","v":3},{"$f":"ROUND(INDEX(PO!U$11:U$1504,MATCH($A35,PO!$W$11:$W$1504,0)),2)+10^-12","v":11360.310000000001},null,null,null,"Acumulado (R$)",{"$f":"IF($B35,ROUND(P34*$N33,2),ROUND(SUMIF(OFFSET($B35,1,0,$D35),TRUE,OFFSET(P35,1,0,$D35))/SUMIF(OFFSET($B35,1,0,$D35),TRUE,OFFSET($K35,1,0,$D35))*$N33,2))","v":0},11360.31,11360.31,11360.31,11360.31,11360.31,11360.31,11360.31]
[null,null,null,null,null,null,null,null,null,null,null,{"$f":"INDEX(PO!K$11:K$1504,MATCH($A38,PO!$W$11:$W$1504,0))","v":"2.2."},{"$f":"INDEX(PO!O$11:O$1504,MATCH($A38,PO!$W$11:$W$1504,0))","v":"Atividade 05 -Oficina para melhor idade: Região Parque São João"},{"$f":"IF(ROUND(K38,2)=0,K38,ROUND(K38,2))","v":3783.24},"Parcela (%)",null,1]
[null,null,null,null,null,null,null,null,null,null,null,null,null,null,"Acumulado (%)",{"$f":"MIN(IF($B38,P36+IF(ISNUMBER(O37),O37,0),P38/$N36),1)","v":0},1,1,1,1,1,1,1]
[{"$f":"OFFSET(A38,-CFF.NumLinha,0)+1","v":7},{"$f":"$C38>=OFFSET($C38,CFF.NumLinha,0)","v":true},{"$f":"INDEX(PO!A$11:A$1504,MATCH($A38,PO!$W$11:$W$1504,0))","v":2},{"$f":"IF(ISERROR(J38),I38,SMALL(I38:J38,1))-1","v":2},{"$f":"IF($C38=1,OFFSET(E38,-CFF.NumLinha,0)+1,OFFSET(E38,-CFF.NumLinha,0))","v":2},{"$f":"IF($C38=1,0,IF($C38=2,OFFSET(F38,-CFF.NumLinha,0)+1,OFFSET(F38,-CFF.NumLinha,0)))","v":2},{"$f":"IF(AND($C38<=2,$C38<>0),0,IF($C38=3,OFFSET(G38,-CFF.NumLinha,0)+1,OFFSET(G38,-CFF.NumLinha,0)))","v":0},{"$f":"IF(AND($C38<=3,$C38<>0),0,IF($C38=4,OFFSET(H38,-CFF.NumLinha,0)+1,OFFSET(H38,-CFF.NumLinha,0)))","v":0},{"$f":"MATCH(0,OFFSET($D38,1,$C38,ROW($A$435)-ROW($A38)),0)","v":18},{"$f":"MATCH(OFFSET($D38,0,$C38)+1,OFFSET($D38,1,$C38,ROW($A$435)-ROW($A38)),0)","v":3},{"$f":"ROUND(INDEX(PO!U$11:U$1504,MATCH($A38,PO!$W$11:$W$1504,0)),2)+10^-12","v":3783.2400000000007},null,null,null,"Acumulado (R$)",{"$f":"IF($B38,ROUND(P37*$N36,2),ROUND(SUMIF(OFFSET($B38,1,0,$D38),TRUE,OFFSET(P38,1,0,$D38))/SUMIF(OFFSET($B38,1,0,$D38),TRUE,OFFSET($K38,1,0,$D38))*$N36,2))","v":0},3783.24,3783.24,3783.24,3783.24,3783.24,3783.24,3783.24]
[null,null,null,null,null,null,null,null,null,null,null,{"$f":"INDEX(PO!K$11:K$1504,MATCH($A41,PO!$W$11:$W$1504,0))","v":"2.3."},{"$f":"INDEX(PO!O$11:O$1504,MATCH($A41,PO!$W$11:$W$1504,0))","v":"Atividade 06 - Visitas domiciliares: Região Parque São João"},{"$f":"IF(ROUND(K41,2)=0,K41,ROUND(K41,2))","v":1958.58},"Parcela (%)",null,1]
[null,null,null,null,null,null,null,null,null,null,null,null,null,null,"Acumulado (%)",{"$f":"MIN(IF($B41,P39+IF(ISNUMBER(O40),O40,0),P41/$N39),1)","v":0},1,1,1,1,1,1,1]
[{"$f":"OFFSET(A41,-CFF.NumLinha,0)+1","v":8},{"$f":"$C41>=OFFSET($C41,CFF.NumLinha,0)","v":true},{"$f":"INDEX(PO!A$11:A$1504,MATCH($A41,PO!$W$11:$W$1504,0))","v":2},{"$f":"IF(ISERROR(J41),I41,SMALL(I41:J41,1))-1","v":2},{"$f":"IF($C41=1,OFFSET(E41,-CFF.NumLinha,0)+1,OFFSET(E41,-CFF.NumLinha,0))","v":2},{"$f":"IF($C41=1,0,IF($C41=2,OFFSET(F41,-CFF.NumLinha,0)+1,OFFSET(F41,-CFF.NumLinha,0)))","v":3},{"$f":"IF(AND($C41<=2,$C41<>0),0,IF($C41=3,OFFSET(G41,-CFF.NumLinha,0)+1,OFFSET(G41,-CFF.NumLinha,0)))","v":0},{"$f":"IF(AND($C41<=3,$C41<>0),0,IF($C41=4,OFFSET(H41,-CFF.NumLinha,0)+1,OFFSET(H41,-CFF.NumLinha,0)))","v":0},{"$f":"MATCH(0,OFFSET($D41,1,$C41,ROW($A$435)-ROW($A41)),0)","v":15},{"$f":"MATCH(OFFSET($D41,0,$C41)+1,OFFSET($D41,1,$C41,ROW($A$435)-ROW($A41)),0)","v":3},{"$f":"ROUND(INDEX(PO!U$11:U$1504,MATCH($A41,PO!$W$11:$W$1504,0)),2)+10^-12","v":1958.5800000000008},null,null,null,"Acumulado (R$)",{"$f":"IF($B41,ROUND(P40*$N39,2),ROUND(SUMIF(OFFSET($B41,1,0,$D41),TRUE,OFFSET(P41,1,0,$D41))/SUMIF(OFFSET($B41,1,0,$D41),TRUE,OFFSET($K41,1,0,$D41))*$N39,2))","v":0},1958.58,1958.58,1958.58,1958.58,1958.58,1958.58,1958.58]
[null,null,null,null,null,null,null,null,null,null,null,{"$f":"INDEX(PO!K$11:K$1504,MATCH($A44,PO!$W$11:$W$1504,0))","v":"2.4."},{"$f":"INDEX(PO!O$11:O$1504,MATCH($A44,PO!$W$11:$W$1504,0))","v":"Atividade 07 - Palestra: Mobilidade Urbana: Região Jardim Ikaraí"},{"$f":"IF(ROUND(K44,2)=0,K44,ROUND(K44,2))","v":8721.98},"Parcela (%)",null,1]
[null,null,null,null,null,null,null,null,null,null,null,null,null,null,"Acumulado (%)",{"$f":"MIN(IF($B44,P42+IF(ISNUMBER(O43),O43,0),P44/$N42),1)","v":0},1,1,1,1,1,1,1]
[{"$f":"OFFSET(A44,-CFF.NumLinha,0)+1","v":9},{"$f":"$C44>=OFFSET($C44,CFF.NumLinha,0)","v":true},{"$f":"INDEX(PO!A$11:A$1504,MATCH($A44,PO!$W$11:$W$1504,0))","v":2},{"$f":"IF(ISERROR(J44),I44,SMALL(I44:J44,1))-1","v":2},{"$f":"IF($C44=1,OFFSET(E44,-CFF.NumLinha,0)+1,OFFSET(E44,-CFF.NumLinha,0))","v":2},{"$f":"IF($C44=1,0,IF($C44=2,OFFSET(F44,-CFF.NumLinha,0)+1,OFFSET(F44,-CFF.NumLinha,0)))","v":4},{"$f":"IF(AND($C44<=2,$C44<>0),0,IF($C44=3,OFFSET(G44,-CFF.NumLinha,0)+1,OFFSET(G44,-CFF.NumLinha,0)))","v":0},{"$f":"IF(AND($C44<=3,$C44<>0),0,IF($C44=4,OFFSET(H44,-CFF.NumLinha,0)+1,OFFSET(H44,-CFF.NumLinha,0)))","v":0},{"$f":"MATCH(0,OFFSET($D44,1,$C44,ROW($A$435)-ROW($A44)),0)","v":12},{"$f":"MATCH(OFFSET($D44,0,$C44)+1,OFFSET($D44,1,$C44,ROW($A$435)-ROW($A44)),0)","v":3},{"$f":"ROUND(INDEX(PO!U$11:U$1504,MATCH($A44,PO!$W$11:$W$1504,0)),2)+10^-12","v":8721.9800000000014},null,null,null,"Acumulado (R$)",{"$f":"IF($B44,ROUND(P43*$N42,2),ROUND(SUMIF(OFFSET($B44,1,0,$D44),TRUE,OFFSET(P44,1,0,$D44))/SUMIF(OFFSET($B44,1,0,$D44),TRUE,OFFSET($K44,1,0,$D44))*$N42,2))","v":0},8721.98,8721.98,8721.98,8721.98,8721.98,8721.98,8721.98]
[null,null,null,null,null,null,null,null,null,null,null,{"$f":"INDEX(PO!K$11:K$1504,MATCH($A47,PO!$W$11:$W$1504,0))","v":"2.5."},{"$f":"INDEX(PO!O$11:O$1504,MATCH($A47,PO!$W$11:$W$1504,0))","v":"Atividade 08 - Palestra: Mobilidade Urbana Bairro: Frutal de Minas e Jardim Paula II"},{"$f":"IF(ROUND(K47,2)=0,K47,ROUND(K47,2))","v":6923.21},"Parcela (%)",null,1]
[null,null,null,null,null,null,null,null,null,null,null,null,null,null,"Acumulado (%)",{"$f":"MIN(IF($B47,P45+IF(ISNUMBER(O46),O46,0),P47/$N45),1)","v":0},1,1,1,1,1,1,1]
[{"$f":"OFFSET(A47,-CFF.NumLinha,0)+1","v":10},{"$f":"$C47>=OFFSET($C47,CFF.NumLinha,0)","v":true},{"$f":"INDEX(PO!A$11:A$1504,MATCH($A47,PO!$W$11:$W$1504,0))","v":2},{"$f":"IF(ISERROR(J47),I47,SMALL(I47:J47,1))-1","v":2},{"$f":"IF($C47=1,OFFSET(E47,-CFF.NumLinha,0)+1,OFFSET(E47,-CFF.NumLinha,0))","v":2},{"$f":"IF($C47=1,0,IF($C47=2,OFFSET(F47,-CFF.NumLinha,0)+1,OFFSET(F47,-CFF.NumLinha,0)))","v":5},{"$f":"IF(AND($C47<=2,$C47<>0),0,IF($C47=3,OFFSET(G47,-CFF.NumLinha,0)+1,OFFSET(G47,-CFF.NumLinha,0)))","v":0},{"$f":"IF(AND($C47<=3,$C47<>0),0,IF($C47=4,OFFSET(H47,-CFF.NumLinha,0)+1,OFFSET(H47,-CFF.NumLinha,0)))","v":0},{"$f":"MATCH(0,OFFSET($D47,1,$C47,ROW($A$435)-ROW($A47)),0)","v":9},{"$f":"MATCH(OFFSET($D47,0,$C47)+1,OFFSET($D47,1,$C47,ROW($A$435)-ROW($A47)),0)","v":3},{"$f":"ROUND(INDEX(PO!U$11:U$1504,MATCH($A47,PO!$W$11:$W$1504,0)),2)+10^-12","v":6923.2100000000009},null,null,null,"Acumulado (R$)",{"$f":"IF($B47,ROUND(P46*$N45,2),ROUND(SUMIF(OFFSET($B47,1,0,$D47),TRUE,OFFSET(P47,1,0,$D47))/SUMIF(OFFSET($B47,1,0,$D47),TRUE,OFFSET($K47,1,0,$D47))*$N45,2))","v":0},6923.21,6923.21,6923.21,6923.21,6923.21,6923.21,6923.21]
[null,null,null,null,null,null,null,null,null,null,null,{"$f":"INDEX(PO!K$11:K$1504,MATCH($A50,PO!$W$11:$W$1504,0))","v":"2.6."},{"$f":"INDEX(PO!O$11:O$1504,MATCH($A50,PO!$W$11:$W$1504,0))","v":"Atividade 09 - Oficina para melhor idade: Região Jardim Ikaraí"},{"$f":"IF(ROUND(K50,2)=0,K50,ROUND(K50,2))","v":4465.74},"Parcela (%)",null,1]
[null,null,null,null,null,null,null,null,null,null,null,null,null,null,"Acumulado (%)",{"$f":"MIN(IF($B50,P48+IF(ISNUMBER(O49),O49,0),P50/$N48),1)","v":0},1,1,1,1,1,1,1]
[{"$f":"OFFSET(A50,-CFF.NumLinha,0)+1","v":11},{"$f":"$C50>=OFFSET($C50,CFF.NumLinha,0)","v":true},{"$f":"INDEX(PO!A$11:A$1504,MATCH($A50,PO!$W$11:$W$1504,0))","v":2},{"$f":"IF(ISERROR(J50),I50,SMALL(I50:J50,1))-1","v":2},{"$f":"IF($C50=1,OFFSET(E50,-CFF.NumLinha,0)+1,OFFSET(E50,-CFF.NumLinha,0))","v":2},{"$f":"IF($C50=1,0,IF($C50=2,OFFSET(F50,-CFF.NumLinha,0)+1,OFFSET(F50,-CFF.NumLinha,0)))","v":6},{"$f":"IF(AND($C50<=2,$C50<>0),0,IF($C50=3,OFFSET(G50,-CFF.NumLinha,0)+1,OFFSET(G50,-CFF.NumLinha,0)))","v":0},{"$f":"IF(AND($C50<=3,$C50<>0),0,IF($C50=4,OFFSET(H50,-CFF.NumLinha,0)+1,OFFSET(H50,-CFF.NumLinha,0)))","v":0},{"$f":"MATCH(0,OFFSET($D50,1,$C50,ROW($A$435)-ROW($A50)),0)","v":6},{"$f":"MATCH(OFFSET($D50,0,$C50)+1,OFFSET($D50,1,$C50,ROW($A$435)-ROW($A50)),0)","v":3},{"$f":"ROUND(INDEX(PO!U$11:U$1504,MATCH($A50,PO!$W$11:$W$1504,0)),2)+10^-12","v":4465.7400000000007},null,null,null,"Acumulado (R$)",{"$f":"IF($B50,ROUND(P49*$N48,2),ROUND(SUMIF(OFFSET($B50,1,0,$D50),TRUE,OFFSET(P50,1,0,$D50))/SUMIF(OFFSET($B50,1,0,$D50),TRUE,OFFSET($K50,1,0,$D50))*$N48,2))","v":0},4465.74,4465.74,4465.74,4465.74,4465.74,4465.74,4465.74]
[null,null,null,null,null,null,null,null,null,null,null,{"$f":"INDEX(PO!K$11:K$1504,MATCH($A53,PO!$W$11:$W$1504,0))","v":"2.7."},{"$f":"INDEX(PO!O$11:O$1504,MATCH($A53,PO!$W$11:$W$1504,0))","v":"Atividade 10 - Visitas domiciliares Região Jardim Ikaraí"},{"$f":"IF(ROUND(K53,2)=0,K53,ROUND(K53,2))","v":1958.58},"Parcela (%)",null,1]
[null,null,null,null,null,null,null,null,null,null,null,null,null,null,"Acumulado (%)",{"$f":"MIN(IF($B53,P51+IF(ISNUMBER(O52),O52,0),P53/$N51),1)","v":0},1,1,1,1,1,1,1]
[{"$f":"OFFSET(A53,-CFF.NumLinha,0)+1","v":12},{"$f":"$C53>=OFFSET($C53,CFF.NumLinha,0)","v":true},{"$f":"INDEX(PO!A$11:A$1504,MATCH($A53,PO!$W$11:$W$1504,0))","v":2},{"$f":"IF(ISERROR(J53),I53,SMALL(I53:J53,1))-1","v":2},{"$f":"IF($C53=1,OFFSET(E53,-CFF.NumLinha,0)+1,OFFSET(E53,-CFF.NumLinha,0))","v":2},{"$f":"IF($C53=1,0,IF($C53=2,OFFSET(F53,-CFF.NumLinha,0)+1,OFFSET(F53,-CFF.NumLinha,0)))","v":7},{"$f":"IF(AND($C53<=2,$C53<>0),0,IF($C53=3,OFFSET(G53,-CFF.NumLinha,0)+1,OFFSET(G53,-CFF.NumLinha,0)))","v":0},{"$f":"IF(AND($C53<=3,$C53<>0),0,IF($C53=4,OFFSET(H53,-CFF.NumLinha,0)+1,OFFSET(H53,-CFF.NumLinha,0)))","v":0},{"$f":"MATCH(0,OFFSET($D53,1,$C53,ROW($A$435)-ROW($A53)),0)","v":3},{"$f":"MATCH(OFFSET($D53,0,$C53)+1,OFFSET($D53,1,$C53,ROW($A$435)-ROW($A53)),0)","v":39},{"$f":"ROUND(INDEX(PO!U$11:U$1504,MATCH($A53,PO!$W$11:$W$1504,0)),2)+10^-12","v":1958.5800000000008},null,null,null,"Acumulado (R$)",{"$f":"IF($B53,ROUND(P52*$N51,2),ROUND(SUMIF(OFFSET($B53,1,0,$D53),TRUE,OFFSET(P53,1,0,$D53))/SUMIF(OFFSET($B53,1,0,$D53),TRUE,OFFSET($K53,1,0,$D53))*$N51,2))","v":0},1958.58,1958.58,1958.58,1958.58,1958.58,1958.58,1958.58]
[null,null,null,null,null,null,null,null,null,null,null,{"$f":"INDEX(PO!K$11:K$1504,MATCH($A56,PO!$W$11:$W$1504,0))","v":"3."},{"$f":"INDEX(PO!O$11:O$1504,MATCH($A56,PO!$W$11:$W$1504,0))","v":"MÊS 03 - INFORMAÇÕES/PALESTRAS"},{"$f":"IF(ROUND(K56,2)=0,K56,ROUND(K56,2))","v":56911.66},"Parcela (%)",null,1]
[null,null,null,null,null,null,null,null,null,null,null,null,null,null,"Acumulado (%)",{"$f":"MIN(IF($B56,P54+IF(ISNUMBER(O55),O55,0),P56/$N54),1)","v":0},0.51556517592352769,1,1,1,1,1,1]
[{"$f":"OFFSET(A56,-CFF.NumLinha,0)+1","v":13},{"$f":"$C56>=OFFSET($C56,CFF.NumLinha,0)","v":false},{"$f":"INDEX(PO!A$11:A$1504,MATCH($A56,PO!$W$11:$W$1504,0))","v":1},{"$f":"IF(ISERROR(J56),I56,SMALL(I56:J56,1))-1","v":11},{"$f":"IF($C56=1,OFFSET(E56,-CFF.NumLinha,0)+1,OFFSET(E56,-CFF.NumLinha,0))","v":3},{"$f":"IF($C56=1,0,IF($C56=2,OFFSET(F56,-CFF.NumLinha,0)+1,OFFSET(F56,-CFF.NumLinha,0)))","v":0},{"$f":"IF(AND($C56<=2,$C56<>0),0,IF($C56=3,OFFSET(G56,-CFF.NumLinha,0)+1,OFFSET(G56,-CFF.NumLinha,0)))","v":0},{"$f":"IF(AND($C56<=3,$C56<>0),0,IF($C56=4,OFFSET(H56,-CFF.NumLinha,0)+1,OFFSET(H56,-CFF.NumLinha,0)))","v":0},{"$f":"MATCH(0,OFFSET($D56,1,$C56,ROW($A$435)-ROW($A56)),0)","v":379},{"$f":"MATCH(OFFSET($D56,0,$C56)+1,OFFSET($D56,1,$C56,ROW($A$435)-ROW($A56)),0)","v":12},{"$f":"ROUND(INDEX(PO!U$11:U$1504,MATCH($A56,PO!$W$11:$W$1504,0)),2)+10^-12","v":56911.66},null,null,null,"Acumulado (R$)",{"$f":"IF($B56,ROUND(P55*$N54,2),ROUND(SUMIF(OFFSET($B56,1,0,$D56),TRUE,OFFSET(P56,1,0,$D56))/SUMIF(OFFSET($B56,1,0,$D56),TRUE,OFFSET($K56,1,0,$D56))*$N54,2))","v":0},29341.67,56911.66,56911.66,56911.66,56911.66,56911.66,56911.66]
[null,null,null,null,null,null,null,null,null,null,null,{"$f":"INDEX(PO!K$11:K$1504,MATCH($A59,PO!$W$11:$W$1504,0))","v":"3.1."},{"$f":"INDEX(PO!O$11:O$1504,MATCH($A59,PO!$W$11:$W$1504,0))","v":"Atividade 11 - Palestra: Esgotamento Sanitário e o desenvolvimento de meio ambiente: Região Parque São João"},{"$f":"IF(ROUND(K59,2)=0,K59,ROUND(K59,2))","v":29341.67},"Parcela (%)",null,1]
[null,null,null,null,null,null,null,null,null,null,null,null,null,null,"Acumulado (%)",{"$f":"MIN(IF($B59,P57+IF(ISNUMBER(O58),O58,0),P59/$N57),1)","v":0},1,1,1,1,1,1,1]
[{"$f":"OFFSET(A59,-CFF.NumLinha,0)+1","v":14},{"$f":"$C59>=OFFSET($C59,CFF.NumLinha,0)","v":true},{"$f":"INDEX(PO!A$11:A$1504,MATCH($A59,PO!$W$11:$W$1504,0))","v":2},{"$f":"IF(ISERROR(J59),I59,SMALL(I59:J59,1))-1","v":2},{"$f":"IF($C59=1,OFFSET(E59,-CFF.NumLinha,0)+1,OFFSET(E59,-CFF.NumLinha,0))","v":3},{"$f":"IF($C59=1,0,IF($C59=2,OFFSET(F59,-CFF.NumLinha,0)+1,OFFSET(F59,-CFF.NumLinha,0)))","v":1},{"$f":"IF(AND($C59<=2,$C59<>0),0,IF($C59=3,OFFSET(G59,-CFF.NumLinha,0)+1,OFFSET(G59,-CFF.NumLinha,0)))","v":0},{"$f":"IF(AND($C59<=3,$C59<>0),0,IF($C59=4,OFFSET(H59,-CFF.NumLinha,0)+1,OFFSET(H59,-CFF.NumLinha,0)))","v":0},{"$f":"MATCH(0,OFFSET($D59,1,$C59,ROW($A$435)-ROW($A59)),0)","v":9},{"$f":"MATCH(OFFSET($D59,0,$C59)+1,OFFSET($D59,1,$C59,ROW($A$435)-ROW($A59)),0)","v":3},{"$f":"ROUND(INDEX(PO!U$11:U$1504,MATCH($A59,PO!$W$11:$W$1504,0)),2)+10^-12","v":29341.67},null,null,null,"Acumulado (R$)",{"$f":"IF($B59,ROUND(P58*$N57,2),ROUND(SUMIF(OFFSET($B59,1,0,$D59),TRUE,OFFSET(P59,1,0,$D59))/SUMIF(OFFSET($B59,1,0,$D59),TRUE,OFFSET($K59,1,0,$D59))*$N57,2))","v":0},29341.67,29341.67,29341.67,29341.67,29341.67,29341.67,29341.67]
[null,null,null,null,null,null,null,null,null,null,null,{"$f":"INDEX(PO!K$11:K$1504,MATCH($A62,PO!$W$11:$W$1504,0))","v":"3.2."},{"$f":"INDEX(PO!O$11:O$1504,MATCH($A62,PO!$W$11:$W$1504,0))","v":"Atividade 12 - Palestra: Esgotamento Sanitário e o Desenvolvimento de Meio Ambiente: Região Jardim Ikaraí"},{"$f":"IF(ROUND(K62,2)=0,K62,ROUND(K62,2))","v":15473.52},"Parcela (%)",null,null,1]
[null,null,null,null,null,null,null,null,null,null,null,null,null,null,"Acumulado (%)",{"$f":"MIN(IF($B62,P60+IF(ISNUMBER(O61),O61,0),P62/$N60),1)","v":0},0,1,1,1,1,1,1]
[{"$f":"OFFSET(A62,-CFF.NumLinha,0)+1","v":15},{"$f":"$C62>=OFFSET($C62,CFF.NumLinha,0)","v":true},{"$f":"INDEX(PO!A$11:A$1504,MATCH($A62,PO!$W$11:$W$1504,0))","v":2},{"$f":"IF(ISERROR(J62),I62,SMALL(I62:J62,1))-1","v":2},{"$f":"IF($C62=1,OFFSET(E62,-CFF.NumLinha,0)+1,OFFSET(E62,-CFF.NumLinha,0))","v":3},{"$f":"IF($C62=1,0,IF($C62=2,OFFSET(F62,-CFF.NumLinha,0)+1,OFFSET(F62,-CFF.NumLinha,0)))","v":2},{"$f":"IF(AND($C62<=2,$C62<>0),0,IF($C62=3,OFFSET(G62,-CFF.NumLinha,0)+1,OFFSET(G62,-CFF.NumLinha,0)))","v":0},{"$f":"IF(AND($C62<=3,$C62<>0),0,IF($C62=4,OFFSET(H62,-CFF.NumLinha,0)+1,OFFSET(H62,-CFF.NumLinha,0)))","v":0},{"$f":"MATCH(0,OFFSET($D62,1,$C62,ROW($A$435)-ROW($A62)),0)","v":6},{"$f":"MATCH(OFFSET($D62,0,$C62)+1,OFFSET($D62,1,$C62,ROW($A$435)-ROW($A62)),0)","v":3},{"$f":"ROUND(INDEX(PO!U$11:U$1504,MATCH($A62,PO!$W$11:$W$1504,0)),2)+10^-12","v":15473.520000000002},null,null,null,"Acumulado (R$)",{"$f":"IF($B62,ROUND(P61*$N60,2),ROUND(SUMIF(OFFSET($B62,1,0,$D62),TRUE,OFFSET(P62,1,0,$D62))/SUMIF(OFFSET($B62,1,0,$D62),TRUE,OFFSET($K62,1,0,$D62))*$N60,2))","v":0},0,15473.52,15473.52,15473.52,15473.52,15473.52,15473.52]
[null,null,null,null,null,null,null,null,null,null,null,{"$f":"INDEX(PO!K$11:K$1504,MATCH($A65,PO!$W$11:$W$1504,0))","v":"3.3."},{"$f":"INDEX(PO!O$11:O$1504,MATCH($A65,PO!$W$11:$W$1504,0))","v":"Atividade 13 - Palestra: Esgotamento Sanitário e o Desenvolvimento de meio ambiente: Bairro Frutal de Minas e Jardim Paula II"},{"$f":"IF(ROUND(K65,2)=0,K65,ROUND(K65,2))","v":12096.47},"Parcela (%)",null,null,1]
[null,null,null,null,null,null,null,null,null,null,null,null,null,null,"Acumulado (%)",{"$f":"MIN(IF($B65,P63+IF(ISNUMBER(O64),O64,0),P65/$N63),1)","v":0},0,1,1,1,1,1,1]
[{"$f":"OFFSET(A65,-CFF.NumLinha,0)+1","v":16},{"$f":"$C65>=OFFSET($C65,CFF.NumLinha,0)","v":true},{"$f":"INDEX(PO!A$11:A$1504,MATCH($A65,PO!$W$11:$W$1504,0))","v":2},{"$f":"IF(ISERROR(J65),I65,SMALL(I65:J65,1))-1","v":2},{"$f":"IF($C65=1,OFFSET(E65,-CFF.NumLinha,0)+1,OFFSET(E65,-CFF.NumLinha,0))","v":3},{"$f":"IF($C65=1,0,IF($C65=2,OFFSET(F65,-CFF.NumLinha,0)+1,OFFSET(F65,-CFF.NumLinha,0)))","v":3},{"$f":"IF(AND($C65<=2,$C65<>0),0,IF($C65=3,OFFSET(G65,-CFF.NumLinha,0)+1,OFFSET(G65,-CFF.NumLinha,0)))","v":0},{"$f":"IF(AND($C65<=3,$C65<>0),0,IF($C65=4,OFFSET(H65,-CFF.NumLinha,0)+1,OFFSET(H65,-CFF.NumLinha,0)))","v":0},{"$f":"MATCH(0,OFFSET($D65,1,$C65,ROW($A$435)-ROW($A65)),0)","v":3},{"$f":"MATCH(OFFSET($D65,0,$C65)+1,OFFSET($D65,1,$C65,ROW($A$435)-ROW($A65)),0)","v":15},{"$f":"ROUND(INDEX(PO!U$11:U$1504,MATCH($A65,PO!$W$11:$W$1504,0)),2)+10^-12","v":12096.470000000001},null,null,null,"Acumulado (R$)",{"$f":"IF($B65,ROUND(P64*$N63,2),ROUND(SUMIF(OFFSET($B65,1,0,$D65),TRUE,OFFSET(P65,1,0,$D65))/SUMIF(OFFSET($B65,1,0,$D65),TRUE,OFFSET($K65,1,0,$D65))*$N63,2))","v":0},0,12096.47,12096.47,12096.47,12096.47,12096.47,12096.47]
[null,null,null,null,null,null,null,null,null,null,null,{"$f":"INDEX(PO!K$11:K$1504,MATCH($A68,PO!$W$11:$W$1504,0))","v":"4."},{"$f":"INDEX(PO!O$11:O$1504,MATCH($A68,PO!$W$11:$W$1504,0))","v":"MÊS 04 - INFORMAÇÕES/OFICINAS"},{"$f":"IF(ROUND(K68,2)=0,K68,ROUND(K68,2))","v":25971.65},"Parcela (%)",null,null,1]
[null,null,null,null,null,null,null,null,null,null,null,null,null,null,"Acumulado (%)",{"$f":"MIN(IF($B68,P66+IF(ISNUMBER(O67),O67,0),P68/$N66),1)","v":0},0,0.63296748570075445,1,1,1,1,1]
[{"$f":"OFFSET(A68,-CFF.NumLinha,0)+1","v":17},{"$f":"$C68>=OFFSET($C68,CFF.NumLinha,0)","v":false},{"$f":"INDEX(PO!A$11:A$1504,MATCH($A68,PO!$W$11:$W$1504,0))","v":1},{"$f":"IF(ISERROR(J68),I68,SMALL(I68:J68,1))-1","v":29},{"$f":"IF($C68=1,OFFSET(E68,-CFF.NumLinha,0)+1,OFFSET(E68,-CFF.NumLinha,0))","v":4},{"$f":"IF($C68=1,0,IF($C68=2,OFFSET(F68,-CFF.NumLinha,0)+1,OFFSET(F68,-CFF.NumLinha,0)))","v":0},{"$f":"IF(AND($C68<=2,$C68<>0),0,IF($C68=3,OFFSET(G68,-CFF.NumLinha,0)+1,OFFSET(G68,-CFF.NumLinha,0)))","v":0},{"$f":"IF(AND($C68<=3,$C68<>0),0,IF($C68=4,OFFSET(H68,-CFF.NumLinha,0)+1,OFFSET(H68,-CFF.NumLinha,0)))","v":0},{"$f":"MATCH(0,OFFSET($D68,1,$C68,ROW($A$435)-ROW($A68)),0)","v":367},{"$f":"MATCH(OFFSET($D68,0,$C68)+1,OFFSET($D68,1,$C68,ROW($A$435)-ROW($A68)),0)","v":30},{"$f":"ROUND(INDEX(PO!U$11:U$1504,MATCH($A68,PO!$W$11:$W$1504,0)),2)+10^-12","v":25971.65},null,null,null,"Acumulado (R$)",{"$f":"IF($B68,ROUND(P67*$N66,2),ROUND(SUMIF(OFFSET($B68,1,0,$D68),TRUE,OFFSET(P68,1,0,$D68))/SUMIF(OFFSET($B68,1,0,$D68),TRUE,OFFSET($K68,1,0,$D68))*$N66,2))","v":0},0,16439.21,25971.65,25971.65,25971.65,25971.65,25971.65]
[null,null,null,null,null,null,null,null,null,null,null,{"$f":"INDEX(PO!K$11:K$1504,MATCH($A71,PO!$W$11:$W$1504,0))","v":"4.1."},{"$f":"INDEX(PO!O$11:O$1504,MATCH($A71,PO!$W$11:$W$1504,0))","v":"Atividade 14 - Oficina: Produtos de limpeza: Região Parque São João"},{"$f":"IF(ROUND(K71,2)=0,K71,ROUND(K71,2))","v":6625.52},"Parcela (%)",null,null,1]
[null,null,null,null,null,null,null,null,null,null,null,null,null,null,"Acumulado (%)",{"$f":"MIN(IF($B71,P69+IF(ISNUMBER(O70),O70,0),P71/$N69),1)","v":0},0,1,1,1,1,1,1]
[{"$f":"OFFSET(A71,-CFF.NumLinha,0)+1","v":18},{"$f":"$C71>=OFFSET($C71,CFF.NumLinha,0)","v":true},{"$f":"INDEX(PO!A$11:A$1504,MATCH($A71,PO!$W$11:$W$1504,0))","v":2},{"$f":"IF(ISERROR(J71),I71,SMALL(I71:J71,1))-1","v":2},{"$f":"IF($C71=1,OFFSET(E71,-CFF.NumLinha,0)+1,OFFSET(E71,-CFF.NumLinha,0))","v":4},{"$f":"IF($C71=1,0,IF($C71=2,OFFSET(F71,-CFF.NumLinha,0)+1,OFFSET(F71,-CFF.NumLinha,0)))","v":1},{"$f":"IF(AND($C71<=2,$C71<>0),0,IF($C71=3,OFFSET(G71,-CFF.NumLinha,0)+1,OFFSET(G71,-CFF.NumLinha,0)))","v":0},{"$f":"IF(AND($C71<=3,$C71<>0),0,IF($C71=4,OFFSET(H71,-CFF.NumLinha,0)+1,OFFSET(H71,-CFF.NumLinha,0)))","v":0},{"$f":"MATCH(0,OFFSET($D71,1,$C71,ROW($A$435)-ROW($A71)),0)","v":27},{"$f":"MATCH(OFFSET($D71,0,$C71)+1,OFFSET($D71,1,$C71,ROW($A$435)-ROW($A71)),0)","v":3},{"$f":"ROUND(INDEX(PO!U$11:U$1504,MATCH($A71,PO!$W$11:$W$1504,0)),2)+10^-12","v":6625.5200000000013},null,null,null,"Acumulado (R$)",{"$f":"IF($B71,ROUND(P70*$N69,2),ROUND(SUMIF(OFFSET($B71,1,0,$D71),TRUE,OFFSET(P71,1,0,$D71))/SUMIF(OFFSET($B71,1,0,$D71),TRUE,OFFSET($K71,1,0,$D71))*$N69,2))","v":0},0,6625.52,6625.52,6625.52,6625.52,6625.52,6625.52]
[null,null,null,null,null,null,null,null,null,null,null,{"$f":"INDEX(PO!K$11:K$1504,MATCH($A74,PO!$W$11:$W$1504,0))","v":"4.2."},{"$f":"INDEX(PO!O$11:O$1504,MATCH($A74,PO!$W$11:$W$1504,0))","v":"Atividade 15 - Oficina para melhor idade: Região Parque São João"},{"$f":"IF(ROUND(K74,2)=0,K74,ROUND(K74,2))","v":4064.49},"Parcela (%)",null,null,1]
[null,null,null,null,null,null,null,null,null,null,null,null,null,null,"Acumulado (%)",{"$f":"MIN(IF($B74,P72+IF(ISNUMBER(O73),O73,0),P74/$N72),1)","v":0},0,1,1,1,1,1,1]
[{"$f":"OFFSET(A74,-CFF.NumLinha,0)+1","v":19},{"$f":"$C74>=OFFSET($C74,CFF.NumLinha,0)","v":true},{"$f":"INDEX(PO!A$11:A$1504,MATCH($A74,PO!$W$11:$W$1504,0))","v":2},{"$f":"IF(ISERROR(J74),I74,SMALL(I74:J74,1))-1","v":2},{"$f":"IF($C74=1,OFFSET(E74,-CFF.NumLinha,0)+1,OFFSET(E74,-CFF.NumLinha,0))","v":4},{"$f":"IF($C74=1,0,IF($C74=2,OFFSET(F74,-CFF.NumLinha,0)+1,OFFSET(F74,-CFF.NumLinha,0)))","v":2},{"$f":"IF(AND($C74<=2,$C74<>0),0,IF($C74=3,OFFSET(G74,-CFF.NumLinha,0)+1,OFFSET(G74,-CFF.NumLinha,0)))","v":0},{"$f":"IF(AND($C74<=3,$C74<>0),0,IF($C74=4,OFFSET(H74,-CFF.NumLinha,0)+1,OFFSET(H74,-CFF.NumLinha,0)))","v":0},{"$f":"MATCH(0,OFFSET($D74,1,$C74,ROW($A$435)-ROW($A74)),0)","v":24},{"$f":"MATCH(OFFSET($D74,0,$C74)+1,OFFSET($D74,1,$C74,ROW($A$435)-ROW($A74)),0)","v":3},{"$f":"ROUND(INDEX(PO!U$11:U$1504,MATCH($A74,PO!$W$11:$W$1504,0)),2)+10^-12","v":4064.4900000000007},null,null,null,"Acumulado (R$)",{"$f":"IF($B74,ROUND(P73*$N72,2),ROUND(SUMIF(OFFSET($B74,1,0,$D74),TRUE,OFFSET(P74,1,0,$D74))/SUMIF(OFFSET($B74,1,0,$D74),TRUE,OFFSET($K74,1,0,$D74))*$N72,2))","v":0},0,4064.49,4064.49,4064.49,4064.49,4064.49,4064.49]
[null,null,null,null,null,null,null,null,null,null,null,{"$f":"INDEX(PO!K$11:K$1504,MATCH($A77,PO!$W$11:$W$1504,0))","v":"4.3."},{"$f":"INDEX(PO!O$11:O$1504,MATCH($A77,PO!$W$11:$W$1504,0))","v":"Atividade 16 - Plantão Social região Parque São João"},{"$f":"IF(ROUND(K77,2)=0,K77,ROUND(K77,2))","v":1713.78},"Parcela (%)",null,null,1]
[null,null,null,null,null,null,null,null,null,null,null,null,null,null,"Acumulado (%)",{"$f":"MIN(IF($B77,P75+IF(ISNUMBER(O76),O76,0),P77/$N75),1)","v":0},0,1,1,1,1,1,1]
[{"$f":"OFFSET(A77,-CFF.NumLinha,0)+1","v":20},{"$f":"$C77>=OFFSET($C77,CFF.NumLinha,0)","v":true},{"$f":"INDEX(PO!A$11:A$1504,MATCH($A77,PO!$W$11:$W$1504,0))","v":2},{"$f":"IF(ISERROR(J77),I77,SMALL(I77:J77,1))-1","v":2},{"$f":"IF($C77=1,OFFSET(E77,-CFF.NumLinha,0)+1,OFFSET(E77,-CFF.NumLinha,0))","v":4},{"$f":"IF($C77=1,0,IF($C77=2,OFFSET(F77,-CFF.NumLinha,0)+1,OFFSET(F77,-CFF.NumLinha,0)))","v":3},{"$f":"IF(AND($C77<=2,$C77<>0),0,IF($C77=3,OFFSET(G77,-CFF.NumLinha,0)+1,OFFSET(G77,-CFF.NumLinha,0)))","v":0},{"$f":"IF(AND($C77<=3,$C77<>0),0,IF($C77=4,OFFSET(H77,-CFF.NumLinha,0)+1,OFFSET(H77,-CFF.NumLinha,0)))","v":0},{"$f":"MATCH(0,OFFSET($D77,1,$C77,ROW($A$435)-ROW($A77)),0)","v":21},{"$f":"MATCH(OFFSET($D77,0,$C77)+1,OFFSET($D77,1,$C77,ROW($A$435)-ROW($A77)),0)","v":3},{"$f":"ROUND(INDEX(PO!U$11:U$1504,MATCH($A77,PO!$W$11:$W$1504,0)),2)+10^-12","v":1713.7800000000009},null,null,null,"Acumulado (R$)",{"$f":"IF($B77,ROUND(P76*$N75,2),ROUND(SUMIF(OFFSET($B77,1,0,$D77),TRUE,OFFSET(P77,1,0,$D77))/SUMIF(OFFSET($B77,1,0,$D77),TRUE,OFFSET($K77,1,0,$D77))*$N75,2))","v":0},0,1713.78,1713.78,1713.78,1713.78,1713.78,1713.78]
[null,null,null,null,null,null,null,null,null,null,null,{"$f":"INDEX(PO!K$11:K$1504,MATCH($A80,PO!$W$11:$W$1504,0))","v":"4.4."},{"$f":"INDEX(PO!O$11:O$1504,MATCH($A80,PO!$W$11:$W$1504,0))","v":"Atividade 17 - Assembléia para eleição CAO Comissão  Acompanamento da Obra região Parque São João"},{"$f":"IF(ROUND(K80,2)=0,K80,ROUND(K80,2))","v":1080.33},"Parcela (%)",null,null,1]
[null,null,null,null,null,null,null,null,null,null,null,null,null,null,"Acumulado (%)",{"$f":"MIN(IF($B80,P78+IF(ISNUMBER(O79),O79,0),P80/$N78),1)","v":0},0,1,1,1,1,1,1]
[{"$f":"OFFSET(A80,-CFF.NumLinha,0)+1","v":21},{"$f":"$C80>=OFFSET($C80,CFF.NumLinha,0)","v":true},{"$f":"INDEX(PO!A$11:A$1504,MATCH($A80,PO!$W$11:$W$1504,0))","v":2},{"$f":"IF(ISERROR(J80),I80,SMALL(I80:J80,1))-1","v":2},{"$f":"IF($C80=1,OFFSET(E80,-CFF.NumLinha,0)+1,OFFSET(E80,-CFF.NumLinha,0))","v":4},{"$f":"IF($C80=1,0,IF($C80=2,OFFSET(F80,-CFF.NumLinha,0)+1,OFFSET(F80,-CFF.NumLinha,0)))","v":4},{"$f":"IF(AND($C80<=2,$C80<>0),0,IF($C80=3,OFFSET(G80,-CFF.NumLinha,0)+1,OFFSET(G80,-CFF.NumLinha,0)))","v":0},{"$f":"IF(AND($C80<=3,$C80<>0),0,IF($C80=4,OFFSET(H80,-CFF.NumLinha,0)+1,OFFSET(H80,-CFF.NumLinha,0)))","v":0},{"$f":"MATCH(0,OFFSET($D80,1,$C80,ROW($A$435)-ROW($A80)),0)","v":18},{"$f":"MATCH(OFFSET($D80,0,$C80)+1,OFFSET($D80,1,$C80,ROW($A$435)-ROW($A80)),0)","v":3},{"$f":"ROUND(INDEX(PO!U$11:U$1504,MATCH($A80,PO!$W$11:$W$1504,0)),2)+10^-12","v":1080.3300000000008},null,null,null,"Acumulado (R$)",{"$f":"IF($B80,ROUND(P79*$N78,2),ROUND(SUMIF(OFFSET($B80,1,0,$D80),TRUE,OFFSET(P80,1,0,$D80))/SUMIF(OFFSET($B80,1,0,$D80),TRUE,OFFSET($K80,1,0,$D80))*$N78,2))","v":0},0,1080.33,1080.33,1080.33,1080.33,1080.33,1080.33]
[null,null,null,null,null,null,null,null,null,null,null,{"$f":"INDEX(PO!K$11:K$1504,MATCH($A83,PO!$W$11:$W$1504,0))","v":"4.5."},{"$f":"INDEX(PO!O$11:O$1504,MATCH($A83,PO!$W$11:$W$1504,0))","v":"Atividade 18 - Oficina: Produtos de limpeza região Jardim Ikaraí"},{"$f":"IF(ROUND(K83,2)=0,K83,ROUND(K83,2))","v":2955.09},"Parcela (%)",null,null,1]
[null,null,null,null,null,null,null,null,null,null,null,null,null,null,"Acumulado (%)",{"$f":"MIN(IF($B83,P81+IF(ISNUMBER(O82),O82,0),P83/$N81),1)","v":0},0,1,1,1,1,1,1]
[{"$f":"OFFSET(A83,-CFF.NumLinha,0)+1","v":22},{"$f":"$C83>=OFFSET($C83,CFF.NumLinha,0)","v":true},{"$f":"INDEX(PO!A$11:A$1504,MATCH($A83,PO!$W$11:$W$1504,0))","v":2},{"$f":"IF(ISERROR(J83),I83,SMALL(I83:J83,1))-1","v":2},{"$f":"IF($C83=1,OFFSET(E83,-CFF.NumLinha,0)+1,OFFSET(E83,-CFF.NumLinha,0))","v":4},{"$f":"IF($C83=1,0,IF($C83=2,OFFSET(F83,-CFF.NumLinha,0)+1,OFFSET(F83,-CFF.NumLinha,0)))","v":5},{"$f":"IF(AND($C83<=2,$C83<>0),0,IF($C83=3,OFFSET(G83,-CFF.NumLinha,0)+1,OFFSET(G83,-CFF.NumLinha,0)))","v":0},{"$f":"IF(AND($C83<=3,$C83<>0),0,IF($C83=4,OFFSET(H83,-CFF.NumLinha,0)+1,OFFSET(H83,-CFF.NumLinha,0)))","v":0},{"$f":"MATCH(0,OFFSET($D83,1,$C83,ROW($A$435)-ROW($A83)),0)","v":15},{"$f":"MATCH(OFFSET($D83,0,$C83)+1,OFFSET($D83,1,$C83,ROW($A$435)-ROW($A83)),0)","v":3},{"$f":"ROUND(INDEX(PO!U$11:U$1504,MATCH($A83,PO!$W$11:$W$1504,0)),2)+10^-12","v":2955.0900000000011},null,null,null,"Acumulado (R$)",{"$f":"IF($B83,ROUND(P82*$N81,2),ROUND(SUMIF(OFFSET($B83,1,0,$D83),TRUE,OFFSET(P83,1,0,$D83))/SUMIF(OFFSET($B83,1,0,$D83),TRUE,OFFSET($K83,1,0,$D83))*$N81,2))","v":0},0,2955.09,2955.09,2955.09,2955.09,2955.09,2955.09]
[null,null,null,null,null,null,null,null,null,null,null,{"$f":"INDEX(PO!K$11:K$1504,MATCH($A86,PO!$W$11:$W$1504,0))","v":"4.6."},{"$f":"INDEX(PO!O$11:O$1504,MATCH($A86,PO!$W$11:$W$1504,0))","v":"Atividade 19 - Oficina para melhor idade região Jardim Ikaraí"},{"$f":"IF(ROUND(K86,2)=0,K86,ROUND(K86,2))","v":4049.49},"Parcela (%)",null,null,null,1]
[null,null,null,null,null,null,null,null,null,null,null,null,null,null,"Acumulado (%)",{"$f":"MIN(IF($B86,P84+IF(ISNUMBER(O85),O85,0),P86/$N84),1)","v":0},0,0,1,1,1,1,1]
[{"$f":"OFFSET(A86,-CFF.NumLinha,0)+1","v":23},{"$f":"$C86>=OFFSET($C86,CFF.NumLinha,0)","v":true},{"$f":"INDEX(PO!A$11:A$1504,MATCH($A86,PO!$W$11:$W$1504,0))","v":2},{"$f":"IF(ISERROR(J86),I86,SMALL(I86:J86,1))-1","v":2},{"$f":"IF($C86=1,OFFSET(E86,-CFF.NumLinha,0)+1,OFFSET(E86,-CFF.NumLinha,0))","v":4},{"$f":"IF($C86=1,0,IF($C86=2,OFFSET(F86,-CFF.NumLinha,0)+1,OFFSET(F86,-CFF.NumLinha,0)))","v":6},{"$f":"IF(AND($C86<=2,$C86<>0),0,IF($C86=3,OFFSET(G86,-CFF.NumLinha,0)+1,OFFSET(G86,-CFF.NumLinha,0)))","v":0},{"$f":"IF(AND($C86<=3,$C86<>0),0,IF($C86=4,OFFSET(H86,-CFF.NumLinha,0)+1,OFFSET(H86,-CFF.NumLinha,0)))","v":0},{"$f":"MATCH(0,OFFSET($D86,1,$C86,ROW($A$435)-ROW($A86)),0)","v":12},{"$f":"MATCH(OFFSET($D86,0,$C86)+1,OFFSET($D86,1,$C86,ROW($A$435)-ROW($A86)),0)","v":3},{"$f":"ROUND(INDEX(PO!U$11:U$1504,MATCH($A86,PO!$W$11:$W$1504,0)),2)+10^-12","v":4049.4900000000007},null,null,null,"Acumulado (R$)",{"$f":"IF($B86,ROUND(P85*$N84,2),ROUND(SUMIF(OFFSET($B86,1,0,$D86),TRUE,OFFSET(P86,1,0,$D86))/SUMIF(OFFSET($B86,1,0,$D86),TRUE,OFFSET($K86,1,0,$D86))*$N84,2))","v":0},0,0,4049.49,4049.49,4049.49,4049.49,4049.49]
[null,null,null,null,null,null,null,null,null,null,null,{"$f":"INDEX(PO!K$11:K$1504,MATCH($A89,PO!$W$11:$W$1504,0))","v":"4.7."},{"$f":"INDEX(PO!O$11:O$1504,MATCH($A89,PO!$W$11:$W$1504,0))","v":"Atividade 20 - Plantão Social região Jardim Ikaraí"},{"$f":"IF(ROUND(K89,2)=0,K89,ROUND(K89,2))","v":1713.78},"Parcela (%)",null,null,null,1]
[null,null,null,null,null,null,null,null,null,null,null,null,null,null,"Acumulado (%)",{"$f":"MIN(IF($B89,P87+IF(ISNUMBER(O88),O88,0),P89/$N87),1)","v":0},0,0,1,1,1,1,1]
[{"$f":"OFFSET(A89,-CFF.NumLinha,0)+1","v":24},{"$f":"$C89>=OFFSET($C89,CFF.NumLinha,0)","v":true},{"$f":"INDEX(PO!A$11:A$1504,MATCH($A89,PO!$W$11:$W$1504,0))","v":2},{"$f":"IF(ISERROR(J89),I89,SMALL(I89:J89,1))-1","v":2},{"$f":"IF($C89=1,OFFSET(E89,-CFF.NumLinha,0)+1,OFFSET(E89,-CFF.NumLinha,0))","v":4},{"$f":"IF($C89=1,0,IF($C89=2,OFFSET(F89,-CFF.NumLinha,0)+1,OFFSET(F89,-CFF.NumLinha,0)))","v":7},{"$f":"IF(AND($C89<=2,$C89<>0),0,IF($C89=3,OFFSET(G89,-CFF.NumLinha,0)+1,OFFSET(G89,-CFF.NumLinha,0)))","v":0},{"$f":"IF(AND($C89<=3,$C89<>0),0,IF($C89=4,OFFSET(H89,-CFF.NumLinha,0)+1,OFFSET(H89,-CFF.NumLinha,0)))","v":0},{"$f":"MATCH(0,OFFSET($D89,1,$C89,ROW($A$435)-ROW($A89)),0)","v":9},{"$f":"MATCH(OFFSET($D89,0,$C89)+1,OFFSET($D89,1,$C89,ROW($A$435)-ROW($A89)),0)","v":3},{"$f":"ROUND(INDEX(PO!U$11:U$1504,MATCH($A89,PO!$W$11:$W$1504,0)),2)+10^-12","v":1713.7800000000009},null,null,null,"Acumulado (R$)",{"$f":"IF($B89,ROUND(P88*$N87,2),ROUND(SUMIF(OFFSET($B89,1,0,$D89),TRUE,OFFSET(P89,1,0,$D89))/SUMIF(OFFSET($B89,1,0,$D89),TRUE,OFFSET($K89,1,0,$D89))*$N87,2))","v":0},0,0,1713.78,1713.78,1713.78,1713.78,1713.78]
[null,null,null,null,null,null,null,null,null,null,null,{"$f":"INDEX(PO!K$11:K$1504,MATCH($A92,PO!$W$11:$W$1504,0))","v":"4.8."},{"$f":"INDEX(PO!O$11:O$1504,MATCH($A92,PO!$W$11:$W$1504,0))","v":"Atividade 21 - Assembléia para eleição CAO Comissão Acompanhamento da Obra região Jardim Ikaraí"},{"$f":"IF(ROUND(K92,2)=0,K92,ROUND(K92,2))","v":1080.33},"Parcela (%)",null,null,null,1]
[null,null,null,null,null,null,null,null,null,null,null,null,null,null,"Acumulado (%)",{"$f":"MIN(IF($B92,P90+IF(ISNUMBER(O91),O91,0),P92/$N90),1)","v":0},0,0,1,1,1,1,1]
[{"$f":"OFFSET(A92,-CFF.NumLinha,0)+1","v":25},{"$f":"$C92>=OFFSET($C92,CFF.NumLinha,0)","v":true},{"$f":"INDEX(PO!A$11:A$1504,MATCH($A92,PO!$W$11:$W$1504,0))","v":2},{"$f":"IF(ISERROR(J92),I92,SMALL(I92:J92,1))-1","v":2},{"$f":"IF($C92=1,OFFSET(E92,-CFF.NumLinha,0)+1,OFFSET(E92,-CFF.NumLinha,0))","v":4},{"$f":"IF($C92=1,0,IF($C92=2,OFFSET(F92,-CFF.NumLinha,0)+1,OFFSET(F92,-CFF.NumLinha,0)))","v":8},{"$f":"IF(AND($C92<=2,$C92<>0),0,IF($C92=3,OFFSET(G92,-CFF.NumLinha,0)+1,OFFSET(G92,-CFF.NumLinha,0)))","v":0},{"$f":"IF(AND($C92<=3,$C92<>0),0,IF($C92=4,OFFSET(H92,-CFF.NumLinha,0)+1,OFFSET(H92,-CFF.NumLinha,0)))","v":0},{"$f":"MATCH(0,OFFSET($D92,1,$C92,ROW($A$435)-ROW($A92)),0)","v":6},{"$f":"MATCH(OFFSET($D92,0,$C92)+1,OFFSET($D92,1,$C92,ROW($A$435)-ROW($A92)),0)","v":3},{"$f":"ROUND(INDEX(PO!U$11:U$1504,MATCH($A92,PO!$W$11:$W$1504,0)),2)+10^-12","v":1080.3300000000008},null,null,null,"Acumulado (R$)",{"$f":"IF($B92,ROUND(P91*$N90,2),ROUND(SUMIF(OFFSET($B92,1,0,$D92),TRUE,OFFSET(P92,1,0,$D92))/SUMIF(OFFSET($B92,1,0,$D92),TRUE,OFFSET($K92,1,0,$D92))*$N90,2))","v":0},0,0,1080.33,1080.33,1080.33,1080.33,1080.33]
[null,null,null,null,null,null,null,null,null,null,null,{"$f":"INDEX(PO!K$11:K$1504,MATCH($A95,PO!$W$11:$W$1504,0))","v":"4.9."},{"$f":"INDEX(PO!O$11:O$1504,MATCH($A95,PO!$W$11:$W$1504,0))","v":"Atividade 22 - Oficina: Produtos de limpeza Bairro Frutal de Minas e Jardim Paula II"},{"$f":"IF(ROUND(K95,2)=0,K95,ROUND(K95,2))","v":2688.84},"Parcela (%)",null,null,null,1]
[null,null,null,null,null,null,null,null,null,null,null,null,null,null,"Acumulado (%)",{"$f":"MIN(IF($B95,P93+IF(ISNUMBER(O94),O94,0),P95/$N93),1)","v":0},0,0,1,1,1,1,1]
[{"$f":"OFFSET(A95,-CFF.NumLinha,0)+1","v":26},{"$f":"$C95>=OFFSET($C95,CFF.NumLinha,0)","v":true},{"$f":"INDEX(PO!A$11:A$1504,MATCH($A95,PO!$W$11:$W$1504,0))","v":2},{"$f":"IF(ISERROR(J95),I95,SMALL(I95:J95,1))-1","v":2},{"$f":"IF($C95=1,OFFSET(E95,-CFF.NumLinha,0)+1,OFFSET(E95,-CFF.NumLinha,0))","v":4},{"$f":"IF($C95=1,0,IF($C95=2,OFFSET(F95,-CFF.NumLinha,0)+1,OFFSET(F95,-CFF.NumLinha,0)))","v":9},{"$f":"IF(AND($C95<=2,$C95<>0),0,IF($C95=3,OFFSET(G95,-CFF.NumLinha,0)+1,OFFSET(G95,-CFF.NumLinha,0)))","v":0},{"$f":"IF(AND($C95<=3,$C95<>0),0,IF($C95=4,OFFSET(H95,-CFF.NumLinha,0)+1,OFFSET(H95,-CFF.NumLinha,0)))","v":0},{"$f":"MATCH(0,OFFSET($D95,1,$C95,ROW($A$435)-ROW($A95)),0)","v":3},{"$f":"MATCH(OFFSET($D95,0,$C95)+1,OFFSET($D95,1,$C95,ROW($A$435)-ROW($A95)),0)","v":75},{"$f":"ROUND(INDEX(PO!U$11:U$1504,MATCH($A95,PO!$W$11:$W$1504,0)),2)+10^-12","v":2688.8400000000011},null,null,null,"Acumulado (R$)",{"$f":"IF($B95,ROUND(P94*$N93,2),ROUND(SUMIF(OFFSET($B95,1,0,$D95),TRUE,OFFSET(P95,1,0,$D95))/SUMIF(OFFSET($B95,1,0,$D95),TRUE,OFFSET($K95,1,0,$D95))*$N93,2))","v":0},0,0,2688.84,2688.84,2688.84,2688.84,2688.84]
[null,null,null,null,null,null,null,null,null,null,null,{"$f":"INDEX(PO!K$11:K$1504,MATCH($A98,PO!$W$11:$W$1504,0))","v":"5."},{"$f":"INDEX(PO!O$11:O$1504,MATCH($A98,PO!$W$11:$W$1504,0))","v":"MÊS 05 - INFORMAÇÕES/PALESTRAS"},{"$f":"IF(ROUND(K98,2)=0,K98,ROUND(K98,2))","v":34594.32},"Parcela (%)",null,null,null,1]
[null,null,null,null,null,null,null,null,null,null,null,null,null,null,"Acumulado (%)",{"$f":"MIN(IF($B98,P96+IF(ISNUMBER(O97),O97,0),P98/$N96),1)","v":0},0,0,1,1,1,1,1]
[{"$f":"OFFSET(A98,-CFF.NumLinha,0)+1","v":27},{"$f":"$C98>=OFFSET($C98,CFF.NumLinha,0)","v":false},{"$f":"INDEX(PO!A$11:A$1504,MATCH($A98,PO!$W$11:$W$1504,0))","v":1},{"$f":"IF(ISERROR(J98),I98,SMALL(I98:J98,1))-1","v":17},{"$f":"IF($C98=1,OFFSET(E98,-CFF.NumLinha,0)+1,OFFSET(E98,-CFF.NumLinha,0))","v":5},{"$f":"IF($C98=1,0,IF($C98=2,OFFSET(F98,-CFF.NumLinha,0)+1,OFFSET(F98,-CFF.NumLinha,0)))","v":0},{"$f":"IF(AND($C98<=2,$C98<>0),0,IF($C98=3,OFFSET(G98,-CFF.NumLinha,0)+1,OFFSET(G98,-CFF.NumLinha,0)))","v":0},{"$f":"IF(AND($C98<=3,$C98<>0),0,IF($C98=4,OFFSET(H98,-CFF.NumLinha,0)+1,OFFSET(H98,-CFF.NumLinha,0)))","v":0},{"$f":"MATCH(0,OFFSET($D98,1,$C98,ROW($A$435)-ROW($A98)),0)","v":337},{"$f":"MATCH(OFFSET($D98,0,$C98)+1,OFFSET($D98,1,$C98,ROW($A$435)-ROW($A98)),0)","v":18},{"$f":"ROUND(INDEX(PO!U$11:U$1504,MATCH($A98,PO!$W$11:$W$1504,0)),2)+10^-12","v":34594.32},null,null,null,"Acumulado (R$)",{"$f":"IF($B98,ROUND(P97*$N96,2),ROUND(SUMIF(OFFSET($B98,1,0,$D98),TRUE,OFFSET(P98,1,0,$D98))/SUMIF(OFFSET($B98,1,0,$D98),TRUE,OFFSET($K98,1,0,$D98))*$N96,2))","v":0},0,0,34594.32,34594.32,34594.32,34594.32,34594.32]
[null,null,null,null,null,null,null,null,null,null,null,{"$f":"INDEX(PO!K$11:K$1504,MATCH($A101,PO!$W$11:$W$1504,0))","v":"5.1."},{"$f":"INDEX(PO!O$11:O$1504,MATCH($A101,PO!$W$11:$W$1504,0))","v":"Atividade 23 -Segurança pública e cibernética tecnologia, educação, brincar, estudar e navegar com segurança na internet e fazer boletim de ocorrência região Parque São João"},{"$f":"IF(ROUND(K101,2)=0,K101,ROUND(K101,2))","v":13709.78},"Parcela (%)",null,null,null,1]
[null,null,null,null,null,null,null,null,null,null,null,null,null,null,"Acumulado (%)",{"$f":"MIN(IF($B101,P99+IF(ISNUMBER(O100),O100,0),P101/$N99),1)","v":0},0,0,1,1,1,1,1]
[{"$f":"OFFSET(A101,-CFF.NumLinha,0)+1","v":28},{"$f":"$C101>=OFFSET($C101,CFF.NumLinha,0)","v":true},{"$f":"INDEX(PO!A$11:A$1504,MATCH($A101,PO!$W$11:$W$1504,0))","v":2},{"$f":"IF(ISERROR(J101),I101,SMALL(I101:J101,1))-1","v":2},{"$f":"IF($C101=1,OFFSET(E101,-CFF.NumLinha,0)+1,OFFSET(E101,-CFF.NumLinha,0))","v":5},{"$f":"IF($C101=1,0,IF($C101=2,OFFSET(F101,-CFF.NumLinha,0)+1,OFFSET(F101,-CFF.NumLinha,0)))","v":1},{"$f":"IF(AND($C101<=2,$C101<>0),0,IF($C101=3,OFFSET(G101,-CFF.NumLinha,0)+1,OFFSET(G101,-CFF.NumLinha,0)))","v":0},{"$f":"IF(AND($C101<=3,$C101<>0),0,IF($C101=4,OFFSET(H101,-CFF.NumLinha,0)+1,OFFSET(H101,-CFF.NumLinha,0)))","v":0},{"$f":"MATCH(0,OFFSET($D101,1,$C101,ROW($A$435)-ROW($A101)),0)","v":15},{"$f":"MATCH(OFFSET($D101,0,$C101)+1,OFFSET($D101,1,$C101,ROW($A$435)-ROW($A101)),0)","v":3},{"$f":"ROUND(INDEX(PO!U$11:U$1504,MATCH($A101,PO!$W$11:$W$1504,0)),2)+10^-12","v":13709.780000000002},null,null,null,"Acumulado (R$)",{"$f":"IF($B101,ROUND(P100*$N99,2),ROUND(SUMIF(OFFSET($B101,1,0,$D101),TRUE,OFFSET(P101,1,0,$D101))/SUMIF(OFFSET($B101,1,0,$D101),TRUE,OFFSET($K101,1,0,$D101))*$N99,2))","v":0},0,0,13709.78,13709.78,13709.78,13709.78,13709.78]
[null,null,null,null,null,null,null,null,null,null,null,{"$f":"INDEX(PO!K$11:K$1504,MATCH($A104,PO!$W$11:$W$1504,0))","v":"5.2."},{"$f":"INDEX(PO!O$11:O$1504,MATCH($A104,PO!$W$11:$W$1504,0))","v":"Atividade 24 - Plantão Social região Parque São João"},{"$f":"IF(ROUND(K104,2)=0,K104,ROUND(K104,2))","v":1713.78},"Parcela (%)",null,null,null,1]
[null,null,null,null,null,null,null,null,null,null,null,null,null,null,"Acumulado (%)",{"$f":"MIN(IF($B104,P102+IF(ISNUMBER(O103),O103,0),P104/$N102),1)","v":0},0,0,1,1,1,1,1]
[{"$f":"OFFSET(A104,-CFF.NumLinha,0)+1","v":29},{"$f":"$C104>=OFFSET($C104,CFF.NumLinha,0)","v":true},{"$f":"INDEX(PO!A$11:A$1504,MATCH($A104,PO!$W$11:$W$1504,0))","v":2},{"$f":"IF(ISERROR(J104),I104,SMALL(I104:J104,1))-1","v":2},{"$f":"IF($C104=1,OFFSET(E104,-CFF.NumLinha,0)+1,OFFSET(E104,-CFF.NumLinha,0))","v":5},{"$f":"IF($C104=1,0,IF($C104=2,OFFSET(F104,-CFF.NumLinha,0)+1,OFFSET(F104,-CFF.NumLinha,0)))","v":2},{"$f":"IF(AND($C104<=2,$C104<>0),0,IF($C104=3,OFFSET(G104,-CFF.NumLinha,0)+1,OFFSET(G104,-CFF.NumLinha,0)))","v":0},{"$f":"IF(AND($C104<=3,$C104<>0),0,IF($C104=4,OFFSET(H104,-CFF.NumLinha,0)+1,OFFSET(H104,-CFF.NumLinha,0)))","v":0},{"$f":"MATCH(0,OFFSET($D104,1,$C104,ROW($A$435)-ROW($A104)),0)","v":12},{"$f":"MATCH(OFFSET($D104,0,$C104)+1,OFFSET($D104,1,$C104,ROW($A$435)-ROW($A104)),0)","v":3},{"$f":"ROUND(INDEX(PO!U$11:U$1504,MATCH($A104,PO!$W$11:$W$1504,0)),2)+10^-12","v":1713.7800000000009},null,null,null,"Acumulado (R$)",{"$f":"IF($B104,ROUND(P103*$N102,2),ROUND(SUMIF(OFFSET($B104,1,0,$D104),TRUE,OFFSET(P104,1,0,$D104))/SUMIF(OFFSET($B104,1,0,$D104),TRUE,OFFSET($K104,1,0,$D104))*$N102,2))","v":0},0,0,1713.78,1713.78,1713.78,1713.78,1713.78]
[null,null,null,null,null,null,null,null,null,null,null,{"$f":"INDEX(PO!K$11:K$1504,MATCH($A107,PO!$W$11:$W$1504,0))","v":"5.3."},{"$f":"INDEX(PO!O$11:O$1504,MATCH($A107,PO!$W$11:$W$1504,0))","v":"Atividade 25 - Segurança pública e cibernética tecnologia, educação. brincar, estudar e navegar com segurança na internet e fazer boleetim de ocorrência região Jardim Ikaraí"},{"$f":"IF(ROUND(K107,2)=0,K107,ROUND(K107,2))","v":8728.35},"Parcela (%)",null,null,null,1]
[null,null,null,null,null,null,null,null,null,null,null,null,null,null,"Acumulado (%)",{"$f":"MIN(IF($B107,P105+IF(ISNUMBER(O106),O106,0),P107/$N105),1)","v":0},0,0,1,1,1,1,1]
[{"$f":"OFFSET(A107,-CFF.NumLinha,0)+1","v":30},{"$f":"$C107>=OFFSET($C107,CFF.NumLinha,0)","v":true},{"$f":"INDEX(PO!A$11:A$1504,MATCH($A107,PO!$W$11:$W$1504,0))","v":2},{"$f":"IF(ISERROR(J107),I107,SMALL(I107:J107,1))-1","v":2},{"$f":"IF($C107=1,OFFSET(E107,-CFF.NumLinha,0)+1,OFFSET(E107,-CFF.NumLinha,0))","v":5},{"$f":"IF($C107=1,0,IF($C107=2,OFFSET(F107,-CFF.NumLinha,0)+1,OFFSET(F107,-CFF.NumLinha,0)))","v":3},{"$f":"IF(AND($C107<=2,$C107<>0),0,IF($C107=3,OFFSET(G107,-CFF.NumLinha,0)+1,OFFSET(G107,-CFF.NumLinha,0)))","v":0},{"$f":"IF(AND($C107<=3,$C107<>0),0,IF($C107=4,OFFSET(H107,-CFF.NumLinha,0)+1,OFFSET(H107,-CFF.NumLinha,0)))","v":0},{"$f":"MATCH(0,OFFSET($D107,1,$C107,ROW($A$435)-ROW($A107)),0)","v":9},{"$f":"MATCH(OFFSET($D107,0,$C107)+1,OFFSET($D107,1,$C107,ROW($A$435)-ROW($A107)),0)","v":3},{"$f":"ROUND(INDEX(PO!U$11:U$1504,MATCH($A107,PO!$W$11:$W$1504,0)),2)+10^-12","v":8728.3500000000022},null,null,null,"Acumulado (R$)",{"$f":"IF($B107,ROUND(P106*$N105,2),ROUND(SUMIF(OFFSET($B107,1,0,$D107),TRUE,OFFSET(P107,1,0,$D107))/SUMIF(OFFSET($B107,1,0,$D107),TRUE,OFFSET($K107,1,0,$D107))*$N105,2))","v":0},0,0,8728.35,8728.35,8728.35,8728.35,8728.35]
[null,null,null,null,null,null,null,null,null,null,null,{"$f":"INDEX(PO!K$11:K$1504,MATCH($A110,PO!$W$11:$W$1504,0))","v":"5.4."},{"$f":"INDEX(PO!O$11:O$1504,MATCH($A110,PO!$W$11:$W$1504,0))","v":"Atividade 26 - Plantão Social região Jardim Ikaraí"},{"$f":"IF(ROUND(K110,2)=0,K110,ROUND(K110,2))","v":1713.78},"Parcela (%)",null,null,null,1]
[null,null,null,null,null,null,null,null,null,null,null,null,null,null,"Acumulado (%)",{"$f":"MIN(IF($B110,P108+IF(ISNUMBER(O109),O109,0),P110/$N108),1)","v":0},0,0,1,1,1,1,1]
[{"$f":"OFFSET(A110,-CFF.NumLinha,0)+1","v":31},{"$f":"$C110>=OFFSET($C110,CFF.NumLinha,0)","v":true},{"$f":"INDEX(PO!A$11:A$1504,MATCH($A110,PO!$W$11:$W$1504,0))","v":2},{"$f":"IF(ISERROR(J110),I110,SMALL(I110:J110,1))-1","v":2},{"$f":"IF($C110=1,OFFSET(E110,-CFF.NumLinha,0)+1,OFFSET(E110,-CFF.NumLinha,0))","v":5},{"$f":"IF($C110=1,0,IF($C110=2,OFFSET(F110,-CFF.NumLinha,0)+1,OFFSET(F110,-CFF.NumLinha,0)))","v":4},{"$f":"IF(AND($C110<=2,$C110<>0),0,IF($C110=3,OFFSET(G110,-CFF.NumLinha,0)+1,OFFSET(G110,-CFF.NumLinha,0)))","v":0},{"$f":"IF(AND($C110<=3,$C110<>0),0,IF($C110=4,OFFSET(H110,-CFF.NumLinha,0)+1,OFFSET(H110,-CFF.NumLinha,0)))","v":0},{"$f":"MATCH(0,OFFSET($D110,1,$C110,ROW($A$435)-ROW($A110)),0)","v":6},{"$f":"MATCH(OFFSET($D110,0,$C110)+1,OFFSET($D110,1,$C110,ROW($A$435)-ROW($A110)),0)","v":3},{"$f":"ROUND(INDEX(PO!U$11:U$1504,MATCH($A110,PO!$W$11:$W$1504,0)),2)+10^-12","v":1713.7800000000009},null,null,null,"Acumulado (R$)",{"$f":"IF($B110,ROUND(P109*$N108,2),ROUND(SUMIF(OFFSET($B110,1,0,$D110),TRUE,OFFSET(P110,1,0,$D110))/SUMIF(OFFSET($B110,1,0,$D110),TRUE,OFFSET($K110,1,0,$D110))*$N108,2))","v":0},0,0,1713.78,1713.78,1713.78,1713.78,1713.78]
[null,null,null,null,null,null,null,null,null,null,null,{"$f":"INDEX(PO!K$11:K$1504,MATCH($A113,PO!$W$11:$W$1504,0))","v":"5.5."},{"$f":"INDEX(PO!O$11:O$1504,MATCH($A113,PO!$W$11:$W$1504,0))","v":"Atividade 27 - Segurança púlblica e cibernética tecnologia, educação, brincar, estudar e navegar com segurança na internet e fazer boletim de ocorrência Bairro: Frutal de Minas e Jardim Paula II"},{"$f":"IF(ROUND(K113,2)=0,K113,ROUND(K113,2))","v":8728.6299999999992},"Parcela (%)",null,null,null,1]
[null,null,null,null,null,null,null,null,null,null,null,null,null,null,"Acumulado (%)",{"$f":"MIN(IF($B113,P111+IF(ISNUMBER(O112),O112,0),P113/$N111),1)","v":0},0,0,1,1,1,1,1]
[{"$f":"OFFSET(A113,-CFF.NumLinha,0)+1","v":32},{"$f":"$C113>=OFFSET($C113,CFF.NumLinha,0)","v":true},{"$f":"INDEX(PO!A$11:A$1504,MATCH($A113,PO!$W$11:$W$1504,0))","v":2},{"$f":"IF(ISERROR(J113),I113,SMALL(I113:J113,1))-1","v":2},{"$f":"IF($C113=1,OFFSET(E113,-CFF.NumLinha,0)+1,OFFSET(E113,-CFF.NumLinha,0))","v":5},{"$f":"IF($C113=1,0,IF($C113=2,OFFSET(F113,-CFF.NumLinha,0)+1,OFFSET(F113,-CFF.NumLinha,0)))","v":5},{"$f":"IF(AND($C113<=2,$C113<>0),0,IF($C113=3,OFFSET(G113,-CFF.NumLinha,0)+1,OFFSET(G113,-CFF.NumLinha,0)))","v":0},{"$f":"IF(AND($C113<=3,$C113<>0),0,IF($C113=4,OFFSET(H113,-CFF.NumLinha,0)+1,OFFSET(H113,-CFF.NumLinha,0)))","v":0},{"$f":"MATCH(0,OFFSET($D113,1,$C113,ROW($A$435)-ROW($A113)),0)","v":3},{"$f":"MATCH(OFFSET($D113,0,$C113)+1,OFFSET($D113,1,$C113,ROW($A$435)-ROW($A113)),0)","v":21},{"$f":"ROUND(INDEX(PO!U$11:U$1504,MATCH($A113,PO!$W$11:$W$1504,0)),2)+10^-12","v":8728.630000000001},null,null,null,"Acumulado (R$)",{"$f":"IF($B113,ROUND(P112*$N111,2),ROUND(SUMIF(OFFSET($B113,1,0,$D113),TRUE,OFFSET(P113,1,0,$D113))/SUMIF(OFFSET($B113,1,0,$D113),TRUE,OFFSET($K113,1,0,$D113))*$N111,2))","v":0},0,0,8728.6299999999992,8728.6299999999992,8728.6299999999992,8728.6299999999992,8728.6299999999992]
[null,null,null,null,null,null,null,null,null,null,null,{"$f":"INDEX(PO!K$11:K$1504,MATCH($A116,PO!$W$11:$W$1504,0))","v":"6."},{"$f":"INDEX(PO!O$11:O$1504,MATCH($A116,PO!$W$11:$W$1504,0))","v":"MÊS 06 - INFORMAÇÕES/OFICINAS"},{"$f":"IF(ROUND(K116,2)=0,K116,ROUND(K116,2))","v":34125.56},"Parcela (%)",null,null,null,1]
[null,null,null,null,null,null,null,null,null,null,null,null,null,null,"Acumulado (%)",{"$f":"MIN(IF($B116,P114+IF(ISNUMBER(O115),O115,0),P116/$N114),1)","v":0},0,0,0.38286844230541567,1,1,1,1]
[{"$f":"OFFSET(A116,-CFF.NumLinha,0)+1","v":33},{"$f":"$C116>=OFFSET($C116,CFF.NumLinha,0)","v":false},{"$f":"INDEX(PO!A$11:A$1504,MATCH($A116,PO!$W$11:$W$1504,0))","v":1},{"$f":"IF(ISERROR(J116),I116,SMALL(I116:J116,1))-1","v":23},{"$f":"IF($C116=1,OFFSET(E116,-CFF.NumLinha,0)+1,OFFSET(E116,-CFF.NumLinha,0))","v":6},{"$f":"IF($C116=1,0,IF($C116=2,OFFSET(F116,-CFF.NumLinha,0)+1,OFFSET(F116,-CFF.NumLinha,0)))","v":0},{"$f":"IF(AND($C116<=2,$C116<>0),0,IF($C116=3,OFFSET(G116,-CFF.NumLinha,0)+1,OFFSET(G116,-CFF.NumLinha,0)))","v":0},{"$f":"IF(AND($C116<=3,$C116<>0),0,IF($C116=4,OFFSET(H116,-CFF.NumLinha,0)+1,OFFSET(H116,-CFF.NumLinha,0)))","v":0},{"$f":"MATCH(0,OFFSET($D116,1,$C116,ROW($A$435)-ROW($A116)),0)","v":319},{"$f":"MATCH(OFFSET($D116,0,$C116)+1,OFFSET($D116,1,$C116,ROW($A$435)-ROW($A116)),0)","v":24},{"$f":"ROUND(INDEX(PO!U$11:U$1504,MATCH($A116,PO!$W$11:$W$1504,0)),2)+10^-12","v":34125.56},null,null,null,"Acumulado (R$)",{"$f":"IF($B116,ROUND(P115*$N114,2),ROUND(SUMIF(OFFSET($B116,1,0,$D116),TRUE,OFFSET(P116,1,0,$D116))/SUMIF(OFFSET($B116,1,0,$D116),TRUE,OFFSET($K116,1,0,$D116))*$N114,2))","v":0},0,0,13065.6,34125.56,34125.56,34125.56,34125.56]
[null,null,null,null,null,null,null,null,null,null,null,{"$f":"INDEX(PO!K$11:K$1504,MATCH($A119,PO!$W$11:$W$1504,0))","v":"6.1."},{"$f":"INDEX(PO!O$11:O$1504,MATCH($A119,PO!$W$11:$W$1504,0))","v":"Atividade 28 - Oficina como fazer e manter vasos e canteiros de plantas medicinais região Parque São João"},{"$f":"IF(ROUND(K119,2)=0,K119,ROUND(K119,2))","v":13065.6},"Parcela (%)",null,null,null,1]
[null,null,null,null,null,null,null,null,null,null,null,null,null,null,"Acumulado (%)",{"$f":"MIN(IF($B119,P117+IF(ISNUMBER(O118),O118,0),P119/$N117),1)","v":0},0,0,1,1,1,1,1]
[{"$f":"OFFSET(A119,-CFF.NumLinha,0)+1","v":34},{"$f":"$C119>=OFFSET($C119,CFF.NumLinha,0)","v":true},{"$f":"INDEX(PO!A$11:A$1504,MATCH($A119,PO!$W$11:$W$1504,0))","v":2},{"$f":"IF(ISERROR(J119),I119,SMALL(I119:J119,1))-1","v":2},{"$f":"IF($C119=1,OFFSET(E119,-CFF.NumLinha,0)+1,OFFSET(E119,-CFF.NumLinha,0))","v":6},{"$f":"IF($C119=1,0,IF($C119=2,OFFSET(F119,-CFF.NumLinha,0)+1,OFFSET(F119,-CFF.NumLinha,0)))","v":1},{"$f":"IF(AND($C119<=2,$C119<>0),0,IF($C119=3,OFFSET(G119,-CFF.NumLinha,0)+1,OFFSET(G119,-CFF.NumLinha,0)))","v":0},{"$f":"IF(AND($C119<=3,$C119<>0),0,IF($C119=4,OFFSET(H119,-CFF.NumLinha,0)+1,OFFSET(H119,-CFF.NumLinha,0)))","v":0},{"$f":"MATCH(0,OFFSET($D119,1,$C119,ROW($A$435)-ROW($A119)),0)","v":21},{"$f":"MATCH(OFFSET($D119,0,$C119)+1,OFFSET($D119,1,$C119,ROW($A$435)-ROW($A119)),0)","v":3},{"$f":"ROUND(INDEX(PO!U$11:U$1504,MATCH($A119,PO!$W$11:$W$1504,0)),2)+10^-12","v":13065.600000000002},null,null,null,"Acumulado (R$)",{"$f":"IF($B119,ROUND(P118*$N117,2),ROUND(SUMIF(OFFSET($B119,1,0,$D119),TRUE,OFFSET(P119,1,0,$D119))/SUMIF(OFFSET($B119,1,0,$D119),TRUE,OFFSET($K119,1,0,$D119))*$N117,2))","v":0},0,0,13065.6,13065.6,13065.6,13065.6,13065.6]
[null,null,null,null,null,null,null,null,null,null,null,{"$f":"INDEX(PO!K$11:K$1504,MATCH($A122,PO!$W$11:$W$1504,0))","v":"6.2."},{"$f":"INDEX(PO!O$11:O$1504,MATCH($A122,PO!$W$11:$W$1504,0))","v":"Atividade 29 - Plantão Social região Parque São João"},{"$f":"IF(ROUND(K122,2)=0,K122,ROUND(K122,2))","v":1713.78},"Parcela (%)",null,null,null,null,1]
[null,null,null,null,null,null,null,null,null,null,null,null,null,null,"Acumulado (%)",{"$f":"MIN(IF($B122,P120+IF(ISNUMBER(O121),O121,0),P122/$N120),1)","v":0},0,0,0,1,1,1,1]
[{"$f":"OFFSET(A122,-CFF.NumLinha,0)+1","v":35},{"$f":"$C122>=OFFSET($C122,CFF.NumLinha,0)","v":true},{"$f":"INDEX(PO!A$11:A$1504,MATCH($A122,PO!$W$11:$W$1504,0))","v":2},{"$f":"IF(ISERROR(J122),I122,SMALL(I122:J122,1))-1","v":2},{"$f":"IF($C122=1,OFFSET(E122,-CFF.NumLinha,0)+1,OFFSET(E122,-CFF.NumLinha,0))","v":6},{"$f":"IF($C122=1,0,IF($C122=2,OFFSET(F122,-CFF.NumLinha,0)+1,OFFSET(F122,-CFF.NumLinha,0)))","v":2},{"$f":"IF(AND($C122<=2,$C122<>0),0,IF($C122=3,OFFSET(G122,-CFF.NumLinha,0)+1,OFFSET(G122,-CFF.NumLinha,0)))","v":0},{"$f":"IF(AND($C122<=3,$C122<>0),0,IF($C122=4,OFFSET(H122,-CFF.NumLinha,0)+1,OFFSET(H122,-CFF.NumLinha,0)))","v":0},{"$f":"MATCH(0,OFFSET($D122,1,$C122,ROW($A$435)-ROW($A122)),0)","v":18},{"$f":"MATCH(OFFSET($D122,0,$C122)+1,OFFSET($D122,1,$C122,ROW($A$435)-ROW($A122)),0)","v":3},{"$f":"ROUND(INDEX(PO!U$11:U$1504,MATCH($A122,PO!$W$11:$W$1504,0)),2)+10^-12","v":1713.7800000000009},null,null,null,"Acumulado (R$)",{"$f":"IF($B122,ROUND(P121*$N120,2),ROUND(SUMIF(OFFSET($B122,1,0,$D122),TRUE,OFFSET(P122,1,0,$D122))/SUMIF(OFFSET($B122,1,0,$D122),TRUE,OFFSET($K122,1,0,$D122))*$N120,2))","v":0},0,0,0,1713.78,1713.78,1713.78,1713.78]
[null,null,null,null,null,null,null,null,null,null,null,{"$f":"INDEX(PO!K$11:K$1504,MATCH($A125,PO!$W$11:$W$1504,0))","v":"6.3."},{"$f":"INDEX(PO!O$11:O$1504,MATCH($A125,PO!$W$11:$W$1504,0))","v":"Atividade 30 - Capacitação CAO região Parque São João"},{"$f":"IF(ROUND(K125,2)=0,K125,ROUND(K125,2))","v":1075.33},"Parcela (%)",null,null,null,null,1]
[null,null,null,null,null,null,null,null,null,null,null,null,null,null,"Acumulado (%)",{"$f":"MIN(IF($B125,P123+IF(ISNUMBER(O124),O124,0),P125/$N123),1)","v":0},0,0,0,1,1,1,1]
[{"$f":"OFFSET(A125,-CFF.NumLinha,0)+1","v":36},{"$f":"$C125>=OFFSET($C125,CFF.NumLinha,0)","v":true},{"$f":"INDEX(PO!A$11:A$1504,MATCH($A125,PO!$W$11:$W$1504,0))","v":2},{"$f":"IF(ISERROR(J125),I125,SMALL(I125:J125,1))-1","v":2},{"$f":"IF($C125=1,OFFSET(E125,-CFF.NumLinha,0)+1,OFFSET(E125,-CFF.NumLinha,0))","v":6},{"$f":"IF($C125=1,0,IF($C125=2,OFFSET(F125,-CFF.NumLinha,0)+1,OFFSET(F125,-CFF.NumLinha,0)))","v":3},{"$f":"IF(AND($C125<=2,$C125<>0),0,IF($C125=3,OFFSET(G125,-CFF.NumLinha,0)+1,OFFSET(G125,-CFF.NumLinha,0)))","v":0},{"$f":"IF(AND($C125<=3,$C125<>0),0,IF($C125=4,OFFSET(H125,-CFF.NumLinha,0)+1,OFFSET(H125,-CFF.NumLinha,0)))","v":0},{"$f":"MATCH(0,OFFSET($D125,1,$C125,ROW($A$435)-ROW($A125)),0)","v":15},{"$f":"MATCH(OFFSET($D125,0,$C125)+1,OFFSET($D125,1,$C125,ROW($A$435)-ROW($A125)),0)","v":3},{"$f":"ROUND(INDEX(PO!U$11:U$1504,MATCH($A125,PO!$W$11:$W$1504,0)),2)+10^-12","v":1075.3300000000008},null,null,null,"Acumulado (R$)",{"$f":"IF($B125,ROUND(P124*$N123,2),ROUND(SUMIF(OFFSET($B125,1,0,$D125),TRUE,OFFSET(P125,1,0,$D125))/SUMIF(OFFSET($B125,1,0,$D125),TRUE,OFFSET($K125,1,0,$D125))*$N123,2))","v":0},0,0,0,1075.33,1075.33,1075.33,1075.33]
[null,null,null,null,null,null,null,null,null,null,null,{"$f":"INDEX(PO!K$11:K$1504,MATCH($A128,PO!$W$11:$W$1504,0))","v":"6.4."},{"$f":"INDEX(PO!O$11:O$1504,MATCH($A128,PO!$W$11:$W$1504,0))","v":"Atividade 31 - Oficina como fazer e manter vasos e canteiros de plantas medicinais região Jardim Ikaraí"},{"$f":"IF(ROUND(K128,2)=0,K128,ROUND(K128,2))","v":7735.87},"Parcela (%)",null,null,null,null,1]
[null,null,null,null,null,null,null,null,null,null,null,null,null,null,"Acumulado (%)",{"$f":"MIN(IF($B128,P126+IF(ISNUMBER(O127),O127,0),P128/$N126),1)","v":0},0,0,0,1,1,1,1]
[{"$f":"OFFSET(A128,-CFF.NumLinha,0)+1","v":37},{"$f":"$C128>=OFFSET($C128,CFF.NumLinha,0)","v":true},{"$f":"INDEX(PO!A$11:A$1504,MATCH($A128,PO!$W$11:$W$1504,0))","v":2},{"$f":"IF(ISERROR(J128),I128,SMALL(I128:J128,1))-1","v":2},{"$f":"IF($C128=1,OFFSET(E128,-CFF.NumLinha,0)+1,OFFSET(E128,-CFF.NumLinha,0))","v":6},{"$f":"IF($C128=1,0,IF($C128=2,OFFSET(F128,-CFF.NumLinha,0)+1,OFFSET(F128,-CFF.NumLinha,0)))","v":4},{"$f":"IF(AND($C128<=2,$C128<>0),0,IF($C128=3,OFFSET(G128,-CFF.NumLinha,0)+1,OFFSET(G128,-CFF.NumLinha,0)))","v":0},{"$f":"IF(AND($C128<=3,$C128<>0),0,IF($C128=4,OFFSET(H128,-CFF.NumLinha,0)+1,OFFSET(H128,-CFF.NumLinha,0)))","v":0},{"$f":"MATCH(0,OFFSET($D128,1,$C128,ROW($A$435)-ROW($A128)),0)","v":12},{"$f":"MATCH(OFFSET($D128,0,$C128)+1,OFFSET($D128,1,$C128,ROW($A$435)-ROW($A128)),0)","v":3},{"$f":"ROUND(INDEX(PO!U$11:U$1504,MATCH($A128,PO!$W$11:$W$1504,0)),2)+10^-12","v":7735.8700000000008},null,null,null,"Acumulado (R$)",{"$f":"IF($B128,ROUND(P127*$N126,2),ROUND(SUMIF(OFFSET($B128,1,0,$D128),TRUE,OFFSET(P128,1,0,$D128))/SUMIF(OFFSET($B128,1,0,$D128),TRUE,OFFSET($K128,1,0,$D128))*$N126,2))","v":0},0,0,0,7735.87,7735.87,7735.87,7735.87]
[null,null,null,null,null,null,null,null,null,null,null,{"$f":"INDEX(PO!K$11:K$1504,MATCH($A131,PO!$W$11:$W$1504,0))","v":"6.5."},{"$f":"INDEX(PO!O$11:O$1504,MATCH($A131,PO!$W$11:$W$1504,0))","v":"Atividade 32 - Plantão Social região Jardim Ikaraí"},{"$f":"IF(ROUND(K131,2)=0,K131,ROUND(K131,2))","v":1713.78},"Parcela (%)",null,null,null,null,1]
[null,null,null,null,null,null,null,null,null,null,null,null,null,null,"Acumulado (%)",{"$f":"MIN(IF($B131,P129+IF(ISNUMBER(O130),O130,0),P131/$N129),1)","v":0},0,0,0,1,1,1,1]
[{"$f":"OFFSET(A131,-CFF.NumLinha,0)+1","v":38},{"$f":"$C131>=OFFSET($C131,CFF.NumLinha,0)","v":true},{"$f":"INDEX(PO!A$11:A$1504,MATCH($A131,PO!$W$11:$W$1504,0))","v":2},{"$f":"IF(ISERROR(J131),I131,SMALL(I131:J131,1))-1","v":2},{"$f":"IF($C131=1,OFFSET(E131,-CFF.NumLinha,0)+1,OFFSET(E131,-CFF.NumLinha,0))","v":6},{"$f":"IF($C131=1,0,IF($C131=2,OFFSET(F131,-CFF.NumLinha,0)+1,OFFSET(F131,-CFF.NumLinha,0)))","v":5},{"$f":"IF(AND($C131<=2,$C131<>0),0,IF($C131=3,OFFSET(G131,-CFF.NumLinha,0)+1,OFFSET(G131,-CFF.NumLinha,0)))","v":0},{"$f":"IF(AND($C131<=3,$C131<>0),0,IF($C131=4,OFFSET(H131,-CFF.NumLinha,0)+1,OFFSET(H131,-CFF.NumLinha,0)))","v":0},{"$f":"MATCH(0,OFFSET($D131,1,$C131,ROW($A$435)-ROW($A131)),0)","v":9},{"$f":"MATCH(OFFSET($D131,0,$C131)+1,OFFSET($D131,1,$C131,ROW($A$435)-ROW($A131)),0)","v":3},{"$f":"ROUND(INDEX(PO!U$11:U$1504,MATCH($A131,PO!$W$11:$W$1504,0)),2)+10^-12","v":1713.7800000000009},null,null,null,"Acumulado (R$)",{"$f":"IF($B131,ROUND(P130*$N129,2),ROUND(SUMIF(OFFSET($B131,1,0,$D131),TRUE,OFFSET(P131,1,0,$D131))/SUMIF(OFFSET($B131,1,0,$D131),TRUE,OFFSET($K131,1,0,$D131))*$N129,2))","v":0},0,0,0,1713.78,1713.78,1713.78,1713.78]
[null,null,null,null,null,null,null,null,null,null,null,{"$f":"INDEX(PO!K$11:K$1504,MATCH($A134,PO!$W$11:$W$1504,0))","v":"6.6."},{"$f":"INDEX(PO!O$11:O$1504,MATCH($A134,PO!$W$11:$W$1504,0))","v":"Atividade 33 - Capacitação CAO região Jardim Ikaraí"},{"$f":"IF(ROUND(K134,2)=0,K134,ROUND(K134,2))","v":1085.33},"Parcela (%)",null,null,null,null,1]
[null,null,null,null,null,null,null,null,null,null,null,null,null,null,"Acumulado (%)",{"$f":"MIN(IF($B134,P132+IF(ISNUMBER(O133),O133,0),P134/$N132),1)","v":0},0,0,0,1,1,1,1]
[{"$f":"OFFSET(A134,-CFF.NumLinha,0)+1","v":39},{"$f":"$C134>=OFFSET($C134,CFF.NumLinha,0)","v":true},{"$f":"INDEX(PO!A$11:A$1504,MATCH($A134,PO!$W$11:$W$1504,0))","v":2},{"$f":"IF(ISERROR(J134),I134,SMALL(I134:J134,1))-1","v":2},{"$f":"IF($C134=1,OFFSET(E134,-CFF.NumLinha,0)+1,OFFSET(E134,-CFF.NumLinha,0))","v":6},{"$f":"IF($C134=1,0,IF($C134=2,OFFSET(F134,-CFF.NumLinha,0)+1,OFFSET(F134,-CFF.NumLinha,0)))","v":6},{"$f":"IF(AND($C134<=2,$C134<>0),0,IF($C134=3,OFFSET(G134,-CFF.NumLinha,0)+1,OFFSET(G134,-CFF.NumLinha,0)))","v":0},{"$f":"IF(AND($C134<=3,$C134<>0),0,IF($C134=4,OFFSET(H134,-CFF.NumLinha,0)+1,OFFSET(H134,-CFF.NumLinha,0)))","v":0},{"$f":"MATCH(0,OFFSET($D134,1,$C134,ROW($A$435)-ROW($A134)),0)","v":6},{"$f":"MATCH(OFFSET($D134,0,$C134)+1,OFFSET($D134,1,$C134,ROW($A$435)-ROW($A134)),0)","v":3},{"$f":"ROUND(INDEX(PO!U$11:U$1504,MATCH($A134,PO!$W$11:$W$1504,0)),2)+10^-12","v":1085.3300000000008},null,null,null,"Acumulado (R$)",{"$f":"IF($B134,ROUND(P133*$N132,2),ROUND(SUMIF(OFFSET($B134,1,0,$D134),TRUE,OFFSET(P134,1,0,$D134))/SUMIF(OFFSET($B134,1,0,$D134),TRUE,OFFSET($K134,1,0,$D134))*$N132,2))","v":0},0,0,0,1085.33,1085.33,1085.33,1085.33]
[null,null,null,null,null,null,null,null,null,null,null,{"$f":"INDEX(PO!K$11:K$1504,MATCH($A137,PO!$W$11:$W$1504,0))","v":"6.7."},{"$f":"INDEX(PO!O$11:O$1504,MATCH($A137,PO!$W$11:$W$1504,0))","v":"Atividade 34 - Oficina como fazer e manter vasos e canteiros de plantas medicinais: Bairro Frutal de Minas e Jardim Paulal II"},{"$f":"IF(ROUND(K137,2)=0,K137,ROUND(K137,2))","v":7735.87},"Parcela (%)",null,null,null,null,1]
[null,null,null,null,null,null,null,null,null,null,null,null,null,null,"Acumulado (%)",{"$f":"MIN(IF($B137,P135+IF(ISNUMBER(O136),O136,0),P137/$N135),1)","v":0},0,0,0,1,1,1,1]
[{"$f":"OFFSET(A137,-CFF.NumLinha,0)+1","v":40},{"$f":"$C137>=OFFSET($C137,CFF.NumLinha,0)","v":true},{"$f":"INDEX(PO!A$11:A$1504,MATCH($A137,PO!$W$11:$W$1504,0))","v":2},{"$f":"IF(ISERROR(J137),I137,SMALL(I137:J137,1))-1","v":2},{"$f":"IF($C137=1,OFFSET(E137,-CFF.NumLinha,0)+1,OFFSET(E137,-CFF.NumLinha,0))","v":6},{"$f":"IF($C137=1,0,IF($C137=2,OFFSET(F137,-CFF.NumLinha,0)+1,OFFSET(F137,-CFF.NumLinha,0)))","v":7},{"$f":"IF(AND($C137<=2,$C137<>0),0,IF($C137=3,OFFSET(G137,-CFF.NumLinha,0)+1,OFFSET(G137,-CFF.NumLinha,0)))","v":0},{"$f":"IF(AND($C137<=3,$C137<>0),0,IF($C137=4,OFFSET(H137,-CFF.NumLinha,0)+1,OFFSET(H137,-CFF.NumLinha,0)))","v":0},{"$f":"MATCH(0,OFFSET($D137,1,$C137,ROW($A$435)-ROW($A137)),0)","v":3},{"$f":"MATCH(OFFSET($D137,0,$C137)+1,OFFSET($D137,1,$C137,ROW($A$435)-ROW($A137)),0)","v":27},{"$f":"ROUND(INDEX(PO!U$11:U$1504,MATCH($A137,PO!$W$11:$W$1504,0)),2)+10^-12","v":7735.8700000000008},null,null,null,"Acumulado (R$)",{"$f":"IF($B137,ROUND(P136*$N135,2),ROUND(SUMIF(OFFSET($B137,1,0,$D137),TRUE,OFFSET(P137,1,0,$D137))/SUMIF(OFFSET($B137,1,0,$D137),TRUE,OFFSET($K137,1,0,$D137))*$N135,2))","v":0},0,0,0,7735.87,7735.87,7735.87,7735.87]
[null,null,null,null,null,null,null,null,null,null,null,{"$f":"INDEX(PO!K$11:K$1504,MATCH($A140,PO!$W$11:$W$1504,0))","v":"7."},{"$f":"INDEX(PO!O$11:O$1504,MATCH($A140,PO!$W$11:$W$1504,0))","v":"MÊS 07 - INFORMAÇÕES/PALESTRAS"},{"$f":"IF(ROUND(K140,2)=0,K140,ROUND(K140,2))","v":65750.740000000005},"Parcela (%)",null,null,null,null,1]
[null,null,null,null,null,null,null,null,null,null,null,null,null,null,"Acumulado (%)",{"$f":"MIN(IF($B140,P138+IF(ISNUMBER(O139),O139,0),P140/$N138),1)","v":0},0,0,0,0.2900708037658587,1,1,1]
[{"$f":"OFFSET(A140,-CFF.NumLinha,0)+1","v":41},{"$f":"$C140>=OFFSET($C140,CFF.NumLinha,0)","v":false},{"$f":"INDEX(PO!A$11:A$1504,MATCH($A140,PO!$W$11:$W$1504,0))","v":1},{"$f":"IF(ISERROR(J140),I140,SMALL(I140:J140,1))-1","v":32},{"$f":"IF($C140=1,OFFSET(E140,-CFF.NumLinha,0)+1,OFFSET(E140,-CFF.NumLinha,0))","v":7},{"$f":"IF($C140=1,0,IF($C140=2,OFFSET(F140,-CFF.NumLinha,0)+1,OFFSET(F140,-CFF.NumLinha,0)))","v":0},{"$f":"IF(AND($C140<=2,$C140<>0),0,IF($C140=3,OFFSET(G140,-CFF.NumLinha,0)+1,OFFSET(G140,-CFF.NumLinha,0)))","v":0},{"$f":"IF(AND($C140<=3,$C140<>0),0,IF($C140=4,OFFSET(H140,-CFF.NumLinha,0)+1,OFFSET(H140,-CFF.NumLinha,0)))","v":0},{"$f":"MATCH(0,OFFSET($D140,1,$C140,ROW($A$435)-ROW($A140)),0)","v":295},{"$f":"MATCH(OFFSET($D140,0,$C140)+1,OFFSET($D140,1,$C140,ROW($A$435)-ROW($A140)),0)","v":33},{"$f":"ROUND(INDEX(PO!U$11:U$1504,MATCH($A140,PO!$W$11:$W$1504,0)),2)+10^-12","v":65750.740000000005},null,null,null,"Acumulado (R$)",{"$f":"IF($B140,ROUND(P139*$N138,2),ROUND(SUMIF(OFFSET($B140,1,0,$D140),TRUE,OFFSET(P140,1,0,$D140))/SUMIF(OFFSET($B140,1,0,$D140),TRUE,OFFSET($K140,1,0,$D140))*$N138,2))","v":0},0,0,0,19072.37,65750.740000000005,65750.740000000005,65750.740000000005]
[null,null,null,null,null,null,null,null,null,null,null,{"$f":"INDEX(PO!K$11:K$1504,MATCH($A143,PO!$W$11:$W$1504,0))","v":"7.1."},{"$f":"INDEX(PO!O$11:O$1504,MATCH($A143,PO!$W$11:$W$1504,0))","v":"Atividade 35 - Palestra: Organização e mobilização da comunidade desenvolvimento territorial região Parque São João"},{"$f":"IF(ROUND(K143,2)=0,K143,ROUND(K143,2))","v":11514.07},"Parcela (%)",null,null,null,null,1]
[null,null,null,null,null,null,null,null,null,null,null,null,null,null,"Acumulado (%)",{"$f":"MIN(IF($B143,P141+IF(ISNUMBER(O142),O142,0),P143/$N141),1)","v":0},0,0,0,1,1,1,1]
[{"$f":"OFFSET(A143,-CFF.NumLinha,0)+1","v":42},{"$f":"$C143>=OFFSET($C143,CFF.NumLinha,0)","v":true},{"$f":"INDEX(PO!A$11:A$1504,MATCH($A143,PO!$W$11:$W$1504,0))","v":2},{"$f":"IF(ISERROR(J143),I143,SMALL(I143:J143,1))-1","v":2},{"$f":"IF($C143=1,OFFSET(E143,-CFF.NumLinha,0)+1,OFFSET(E143,-CFF.NumLinha,0))","v":7},{"$f":"IF($C143=1,0,IF($C143=2,OFFSET(F143,-CFF.NumLinha,0)+1,OFFSET(F143,-CFF.NumLinha,0)))","v":1},{"$f":"IF(AND($C143<=2,$C143<>0),0,IF($C143=3,OFFSET(G143,-CFF.NumLinha,0)+1,OFFSET(G143,-CFF.NumLinha,0)))","v":0},{"$f":"IF(AND($C143<=3,$C143<>0),0,IF($C143=4,OFFSET(H143,-CFF.NumLinha,0)+1,OFFSET(H143,-CFF.NumLinha,0)))","v":0},{"$f":"MATCH(0,OFFSET($D143,1,$C143,ROW($A$435)-ROW($A143)),0)","v":30},{"$f":"MATCH(OFFSET($D143,0,$C143)+1,OFFSET($D143,1,$C143,ROW($A$435)-ROW($A143)),0)","v":3},{"$f":"ROUND(INDEX(PO!U$11:U$1504,MATCH($A143,PO!$W$11:$W$1504,0)),2)+10^-12","v":11514.070000000002},null,null,null,"Acumulado (R$)",{"$f":"IF($B143,ROUND(P142*$N141,2),ROUND(SUMIF(OFFSET($B143,1,0,$D143),TRUE,OFFSET(P143,1,0,$D143))/SUMIF(OFFSET($B143,1,0,$D143),TRUE,OFFSET($K143,1,0,$D143))*$N141,2))","v":0},0,0,0,11514.07,11514.07,11514.07,11514.07]
[null,null,null,null,null,null,null,null,null,null,null,{"$f":"INDEX(PO!K$11:K$1504,MATCH($A146,PO!$W$11:$W$1504,0))","v":"7.2."},{"$f":"INDEX(PO!O$11:O$1504,MATCH($A146,PO!$W$11:$W$1504,0))","v":"Atividade 36 - Oficina para melhor idade região  Parque São João"},{"$f":"IF(ROUND(K146,2)=0,K146,ROUND(K146,2))","v":4130.74},"Parcela (%)",null,null,null,null,1]
[null,null,null,null,null,null,null,null,null,null,null,null,null,null,"Acumulado (%)",{"$f":"MIN(IF($B146,P144+IF(ISNUMBER(O145),O145,0),P146/$N144),1)","v":0},0,0,0,1,1,1,1]
[{"$f":"OFFSET(A146,-CFF.NumLinha,0)+1","v":43},{"$f":"$C146>=OFFSET($C146,CFF.NumLinha,0)","v":true},{"$f":"INDEX(PO!A$11:A$1504,MATCH($A146,PO!$W$11:$W$1504,0))","v":2},{"$f":"IF(ISERROR(J146),I146,SMALL(I146:J146,1))-1","v":2},{"$f":"IF($C146=1,OFFSET(E146,-CFF.NumLinha,0)+1,OFFSET(E146,-CFF.NumLinha,0))","v":7},{"$f":"IF($C146=1,0,IF($C146=2,OFFSET(F146,-CFF.NumLinha,0)+1,OFFSET(F146,-CFF.NumLinha,0)))","v":2},{"$f":"IF(AND($C146<=2,$C146<>0),0,IF($C146=3,OFFSET(G146,-CFF.NumLinha,0)+1,OFFSET(G146,-CFF.NumLinha,0)))","v":0},{"$f":"IF(AND($C146<=3,$C146<>0),0,IF($C146=4,OFFSET(H146,-CFF.NumLinha,0)+1,OFFSET(H146,-CFF.NumLinha,0)))","v":0},{"$f":"MATCH(0,OFFSET($D146,1,$C146,ROW($A$435)-ROW($A146)),0)","v":27},{"$f":"MATCH(OFFSET($D146,0,$C146)+1,OFFSET($D146,1,$C146,ROW($A$435)-ROW($A146)),0)","v":3},{"$f":"ROUND(INDEX(PO!U$11:U$1504,MATCH($A146,PO!$W$11:$W$1504,0)),2)+10^-12","v":4130.7400000000007},null,null,null,"Acumulado (R$)",{"$f":"IF($B146,ROUND(P145*$N144,2),ROUND(SUMIF(OFFSET($B146,1,0,$D146),TRUE,OFFSET(P146,1,0,$D146))/SUMIF(OFFSET($B146,1,0,$D146),TRUE,OFFSET($K146,1,0,$D146))*$N144,2))","v":0},0,0,0,4130.74,4130.74,4130.74,4130.74]
[null,null,null,null,null,null,null,null,null,null,null,{"$f":"INDEX(PO!K$11:K$1504,MATCH($A149,PO!$W$11:$W$1504,0))","v":"7.3."},{"$f":"INDEX(PO!O$11:O$1504,MATCH($A149,PO!$W$11:$W$1504,0))","v":"Atividade 37 - Plantão Social região Parque São João"},{"$f":"IF(ROUND(K149,2)=0,K149,ROUND(K149,2))","v":3427.56},"Parcela (%)",null,null,null,null,1]
[null,null,null,null,null,null,null,null,null,null,null,null,null,null,"Acumulado (%)",{"$f":"MIN(IF($B149,P147+IF(ISNUMBER(O148),O148,0),P149/$N147),1)","v":0},0,0,0,1,1,1,1]
[{"$f":"OFFSET(A149,-CFF.NumLinha,0)+1","v":44},{"$f":"$C149>=OFFSET($C149,CFF.NumLinha,0)","v":true},{"$f":"INDEX(PO!A$11:A$1504,MATCH($A149,PO!$W$11:$W$1504,0))","v":2},{"$f":"IF(ISERROR(J149),I149,SMALL(I149:J149,1))-1","v":2},{"$f":"IF($C149=1,OFFSET(E149,-CFF.NumLinha,0)+1,OFFSET(E149,-CFF.NumLinha,0))","v":7},{"$f":"IF($C149=1,0,IF($C149=2,OFFSET(F149,-CFF.NumLinha,0)+1,OFFSET(F149,-CFF.NumLinha,0)))","v":3},{"$f":"IF(AND($C149<=2,$C149<>0),0,IF($C149=3,OFFSET(G149,-CFF.NumLinha,0)+1,OFFSET(G149,-CFF.NumLinha,0)))","v":0},{"$f":"IF(AND($C149<=3,$C149<>0),0,IF($C149=4,OFFSET(H149,-CFF.NumLinha,0)+1,OFFSET(H149,-CFF.NumLinha,0)))","v":0},{"$f":"MATCH(0,OFFSET($D149,1,$C149,ROW($A$435)-ROW($A149)),0)","v":24},{"$f":"MATCH(OFFSET($D149,0,$C149)+1,OFFSET($D149,1,$C149,ROW($A$435)-ROW($A149)),0)","v":3},{"$f":"ROUND(INDEX(PO!U$11:U$1504,MATCH($A149,PO!$W$11:$W$1504,0)),2)+10^-12","v":3427.5600000000009},null,null,null,"Acumulado (R$)",{"$f":"IF($B149,ROUND(P148*$N147,2),ROUND(SUMIF(OFFSET($B149,1,0,$D149),TRUE,OFFSET(P149,1,0,$D149))/SUMIF(OFFSET($B149,1,0,$D149),TRUE,OFFSET($K149,1,0,$D149))*$N147,2))","v":0},0,0,0,3427.56,3427.56,3427.56,3427.56]
[null,null,null,null,null,null,null,null,null,null,null,{"$f":"INDEX(PO!K$11:K$1504,MATCH($A152,PO!$W$11:$W$1504,0))","v":"7.4."},{"$f":"INDEX(PO!O$11:O$1504,MATCH($A152,PO!$W$11:$W$1504,0))","v":"Atividade 38 - Palestra: Organização e mobilização da comunidade e o desenvolvimento territorial região Jardim Ikaraí"},{"$f":"IF(ROUND(K152,2)=0,K152,ROUND(K152,2))","v":9305.68},"Parcela (%)",null,null,null,null,null,1]
[null,null,null,null,null,null,null,null,null,null,null,null,null,null,"Acumulado (%)",{"$f":"MIN(IF($B152,P150+IF(ISNUMBER(O151),O151,0),P152/$N150),1)","v":0},0,0,0,0,1,1,1]
[{"$f":"OFFSET(A152,-CFF.NumLinha,0)+1","v":45},{"$f":"$C152>=OFFSET($C152,CFF.NumLinha,0)","v":true},{"$f":"INDEX(PO!A$11:A$1504,MATCH($A152,PO!$W$11:$W$1504,0))","v":2},{"$f":"IF(ISERROR(J152),I152,SMALL(I152:J152,1))-1","v":2},{"$f":"IF($C152=1,OFFSET(E152,-CFF.NumLinha,0)+1,OFFSET(E152,-CFF.NumLinha,0))","v":7},{"$f":"IF($C152=1,0,IF($C152=2,OFFSET(F152,-CFF.NumLinha,0)+1,OFFSET(F152,-CFF.NumLinha,0)))","v":4},{"$f":"IF(AND($C152<=2,$C152<>0),0,IF($C152=3,OFFSET(G152,-CFF.NumLinha,0)+1,OFFSET(G152,-CFF.NumLinha,0)))","v":0},{"$f":"IF(AND($C152<=3,$C152<>0),0,IF($C152=4,OFFSET(H152,-CFF.NumLinha,0)+1,OFFSET(H152,-CFF.NumLinha,0)))","v":0},{"$f":"MATCH(0,OFFSET($D152,1,$C152,ROW($A$435)-ROW($A152)),0)","v":21},{"$f":"MATCH(OFFSET($D152,0,$C152)+1,OFFSET($D152,1,$C152,ROW($A$435)-ROW($A152)),0)","v":3},{"$f":"ROUND(INDEX(PO!U$11:U$1504,MATCH($A152,PO!$W$11:$W$1504,0)),2)+10^-12","v":9305.6800000000021},null,null,null,"Acumulado (R$)",{"$f":"IF($B152,ROUND(P151*$N150,2),ROUND(SUMIF(OFFSET($B152,1,0,$D152),TRUE,OFFSET(P152,1,0,$D152))/SUMIF(OFFSET($B152,1,0,$D152),TRUE,OFFSET($K152,1,0,$D152))*$N150,2))","v":0},0,0,0,0,9305.68,9305.68,9305.68]
[null,null,null,null,null,null,null,null,null,null,null,{"$f":"INDEX(PO!K$11:K$1504,MATCH($A155,PO!$W$11:$W$1504,0))","v":"7.5."},{"$f":"INDEX(PO!O$11:O$1504,MATCH($A155,PO!$W$11:$W$1504,0))","v":"Atividade 39 - Oficina para melhor idade região Jardim Ikaraí"},{"$f":"IF(ROUND(K155,2)=0,K155,ROUND(K155,2))","v":4465.74},"Parcela (%)",null,null,null,null,null,1]
[null,null,null,null,null,null,null,null,null,null,null,null,null,null,"Acumulado (%)",{"$f":"MIN(IF($B155,P153+IF(ISNUMBER(O154),O154,0),P155/$N153),1)","v":0},0,0,0,0,1,1,1]
[{"$f":"OFFSET(A155,-CFF.NumLinha,0)+1","v":46},{"$f":"$C155>=OFFSET($C155,CFF.NumLinha,0)","v":true},{"$f":"INDEX(PO!A$11:A$1504,MATCH($A155,PO!$W$11:$W$1504,0))","v":2},{"$f":"IF(ISERROR(J155),I155,SMALL(I155:J155,1))-1","v":2},{"$f":"IF($C155=1,OFFSET(E155,-CFF.NumLinha,0)+1,OFFSET(E155,-CFF.NumLinha,0))","v":7},{"$f":"IF($C155=1,0,IF($C155=2,OFFSET(F155,-CFF.NumLinha,0)+1,OFFSET(F155,-CFF.NumLinha,0)))","v":5},{"$f":"IF(AND($C155<=2,$C155<>0),0,IF($C155=3,OFFSET(G155,-CFF.NumLinha,0)+1,OFFSET(G155,-CFF.NumLinha,0)))","v":0},{"$f":"IF(AND($C155<=3,$C155<>0),0,IF($C155=4,OFFSET(H155,-CFF.NumLinha,0)+1,OFFSET(H155,-CFF.NumLinha,0)))","v":0},{"$f":"MATCH(0,OFFSET($D155,1,$C155,ROW($A$435)-ROW($A155)),0)","v":18},{"$f":"MATCH(OFFSET($D155,0,$C155)+1,OFFSET($D155,1,$C155,ROW($A$435)-ROW($A155)),0)","v":3},{"$f":"ROUND(INDEX(PO!U$11:U$1504,MATCH($A155,PO!$W$11:$W$1504,0)),2)+10^-12","v":4465.7400000000007},null,null,null,"Acumulado (R$)",{"$f":"IF($B155,ROUND(P154*$N153,2),ROUND(SUMIF(OFFSET($B155,1,0,$D155),TRUE,OFFSET(P155,1,0,$D155))/SUMIF(OFFSET($B155,1,0,$D155),TRUE,OFFSET($K155,1,0,$D155))*$N153,2))","v":0},0,0,0,0,4465.74,4465.74,4465.74]
[null,null,null,null,null,null,null,null,null,null,null,{"$f":"INDEX(PO!K$11:K$1504,MATCH($A158,PO!$W$11:$W$1504,0))","v":"7.6."},{"$f":"INDEX(PO!O$11:O$1504,MATCH($A158,PO!$W$11:$W$1504,0))","v":"Atividade 40 - Plantão Social região Jardim Ikaraí"},{"$f":"IF(ROUND(K158,2)=0,K158,ROUND(K158,2))","v":3427.56},"Parcela (%)",null,null,null,null,null,1]
[null,null,null,null,null,null,null,null,null,null,null,null,null,null,"Acumulado (%)",{"$f":"MIN(IF($B158,P156+IF(ISNUMBER(O157),O157,0),P158/$N156),1)","v":0},0,0,0,0,1,1,1]
[{"$f":"OFFSET(A158,-CFF.NumLinha,0)+1","v":47},{"$f":"$C158>=OFFSET($C158,CFF.NumLinha,0)","v":true},{"$f":"INDEX(PO!A$11:A$1504,MATCH($A158,PO!$W$11:$W$1504,0))","v":2},{"$f":"IF(ISERROR(J158),I158,SMALL(I158:J158,1))-1","v":2},{"$f":"IF($C158=1,OFFSET(E158,-CFF.NumLinha,0)+1,OFFSET(E158,-CFF.NumLinha,0))","v":7},{"$f":"IF($C158=1,0,IF($C158=2,OFFSET(F158,-CFF.NumLinha,0)+1,OFFSET(F158,-CFF.NumLinha,0)))","v":6},{"$f":"IF(AND($C158<=2,$C158<>0),0,IF($C158=3,OFFSET(G158,-CFF.NumLinha,0)+1,OFFSET(G158,-CFF.NumLinha,0)))","v":0},{"$f":"IF(AND($C158<=3,$C158<>0),0,IF($C158=4,OFFSET(H158,-CFF.NumLinha,0)+1,OFFSET(H158,-CFF.NumLinha,0)))","v":0},{"$f":"MATCH(0,OFFSET($D158,1,$C158,ROW($A$435)-ROW($A158)),0)","v":15},{"$f":"MATCH(OFFSET($D158,0,$C158)+1,OFFSET($D158,1,$C158,ROW($A$435)-ROW($A158)),0)","v":3},{"$f":"ROUND(INDEX(PO!U$11:U$1504,MATCH($A158,PO!$W$11:$W$1504,0)),2)+10^-12","v":3427.5600000000009},null,null,null,"Acumulado (R$)",{"$f":"IF($B158,ROUND(P157*$N156,2),ROUND(SUMIF(OFFSET($B158,1,0,$D158),TRUE,OFFSET(P158,1,0,$D158))/SUMIF(OFFSET($B158,1,0,$D158),TRUE,OFFSET($K158,1,0,$D158))*$N156,2))","v":0},0,0,0,0,3427.56,3427.56,3427.56]
[null,null,null,null,null,null,null,null,null,null,null,{"$f":"INDEX(PO!K$11:K$1504,MATCH($A161,PO!$W$11:$W$1504,0))","v":"7.7."},{"$f":"INDEX(PO!O$11:O$1504,MATCH($A161,PO!$W$11:$W$1504,0))","v":"Atividade 41 - Palestra: Organização e mobilização da comunidade e o desenvolvimento territorial Bairro Frutal de Minas e Jardim Paula II"},{"$f":"IF(ROUND(K161,2)=0,K161,ROUND(K161,2))","v":7028.14},"Parcela (%)",null,null,null,null,null,1]
[null,null,null,null,null,null,null,null,null,null,null,null,null,null,"Acumulado (%)",{"$f":"MIN(IF($B161,P159+IF(ISNUMBER(O160),O160,0),P161/$N159),1)","v":0},0,0,0,0,1,1,1]
[{"$f":"OFFSET(A161,-CFF.NumLinha,0)+1","v":48},{"$f":"$C161>=OFFSET($C161,CFF.NumLinha,0)","v":true},{"$f":"INDEX(PO!A$11:A$1504,MATCH($A161,PO!$W$11:$W$1504,0))","v":2},{"$f":"IF(ISERROR(J161),I161,SMALL(I161:J161,1))-1","v":2},{"$f":"IF($C161=1,OFFSET(E161,-CFF.NumLinha,0)+1,OFFSET(E161,-CFF.NumLinha,0))","v":7},{"$f":"IF($C161=1,0,IF($C161=2,OFFSET(F161,-CFF.NumLinha,0)+1,OFFSET(F161,-CFF.NumLinha,0)))","v":7},{"$f":"IF(AND($C161<=2,$C161<>0),0,IF($C161=3,OFFSET(G161,-CFF.NumLinha,0)+1,OFFSET(G161,-CFF.NumLinha,0)))","v":0},{"$f":"IF(AND($C161<=3,$C161<>0),0,IF($C161=4,OFFSET(H161,-CFF.NumLinha,0)+1,OFFSET(H161,-CFF.NumLinha,0)))","v":0},{"$f":"MATCH(0,OFFSET($D161,1,$C161,ROW($A$435)-ROW($A161)),0)","v":12},{"$f":"MATCH(OFFSET($D161,0,$C161)+1,OFFSET($D161,1,$C161,ROW($A$435)-ROW($A161)),0)","v":3},{"$f":"ROUND(INDEX(PO!U$11:U$1504,MATCH($A161,PO!$W$11:$W$1504,0)),2)+10^-12","v":7028.1400000000012},null,null,null,"Acumulado (R$)",{"$f":"IF($B161,ROUND(P160*$N159,2),ROUND(SUMIF(OFFSET($B161,1,0,$D161),TRUE,OFFSET(P161,1,0,$D161))/SUMIF(OFFSET($B161,1,0,$D161),TRUE,OFFSET($K161,1,0,$D161))*$N159,2))","v":0},0,0,0,0,7028.14,7028.14,7028.14]
[null,null,null,null,null,null,null,null,null,null,null,{"$f":"INDEX(PO!K$11:K$1504,MATCH($A164,PO!$W$11:$W$1504,0))","v":"7.8."},{"$f":"INDEX(PO!O$11:O$1504,MATCH($A164,PO!$W$11:$W$1504,0))","v":"Atividade 42 - Palestra: Idoso, família, saúde e sociedade região Parque São João"},{"$f":"IF(ROUND(K164,2)=0,K164,ROUND(K164,2))","v":10339.870000000001},"Parcela (%)",null,null,null,null,null,1]
[null,null,null,null,null,null,null,null,null,null,null,null,null,null,"Acumulado (%)",{"$f":"MIN(IF($B164,P162+IF(ISNUMBER(O163),O163,0),P164/$N162),1)","v":0},0,0,0,0,1,1,1]
[{"$f":"OFFSET(A164,-CFF.NumLinha,0)+1","v":49},{"$f":"$C164>=OFFSET($C164,CFF.NumLinha,0)","v":true},{"$f":"INDEX(PO!A$11:A$1504,MATCH($A164,PO!$W$11:$W$1504,0))","v":2},{"$f":"IF(ISERROR(J164),I164,SMALL(I164:J164,1))-1","v":2},{"$f":"IF($C164=1,OFFSET(E164,-CFF.NumLinha,0)+1,OFFSET(E164,-CFF.NumLinha,0))","v":7},{"$f":"IF($C164=1,0,IF($C164=2,OFFSET(F164,-CFF.NumLinha,0)+1,OFFSET(F164,-CFF.NumLinha,0)))","v":8},{"$f":"IF(AND($C164<=2,$C164<>0),0,IF($C164=3,OFFSET(G164,-CFF.NumLinha,0)+1,OFFSET(G164,-CFF.NumLinha,0)))","v":0},{"$f":"IF(AND($C164<=3,$C164<>0),0,IF($C164=4,OFFSET(H164,-CFF.NumLinha,0)+1,OFFSET(H164,-CFF.NumLinha,0)))","v":0},{"$f":"MATCH(0,OFFSET($D164,1,$C164,ROW($A$435)-ROW($A164)),0)","v":9},{"$f":"MATCH(OFFSET($D164,0,$C164)+1,OFFSET($D164,1,$C164,ROW($A$435)-ROW($A164)),0)","v":3},{"$f":"ROUND(INDEX(PO!U$11:U$1504,MATCH($A164,PO!$W$11:$W$1504,0)),2)+10^-12","v":10339.870000000003},null,null,null,"Acumulado (R$)",{"$f":"IF($B164,ROUND(P163*$N162,2),ROUND(SUMIF(OFFSET($B164,1,0,$D164),TRUE,OFFSET(P164,1,0,$D164))/SUMIF(OFFSET($B164,1,0,$D164),TRUE,OFFSET($K164,1,0,$D164))*$N162,2))","v":0},0,0,0,0,10339.870000000001,10339.870000000001,10339.870000000001]
[null,null,null,null,null,null,null,null,null,null,null,{"$f":"INDEX(PO!K$11:K$1504,MATCH($A167,PO!$W$11:$W$1504,0))","v":"7.9."},{"$f":"INDEX(PO!O$11:O$1504,MATCH($A167,PO!$W$11:$W$1504,0))","v":"Atividade 43 - Palestra: Idoso, família, saúde e sociedade região Jardim Ikaraí"},{"$f":"IF(ROUND(K167,2)=0,K167,ROUND(K167,2))","v":6055.69},"Parcela (%)",null,null,null,null,null,1]
[null,null,null,null,null,null,null,null,null,null,null,null,null,null,"Acumulado (%)",{"$f":"MIN(IF($B167,P165+IF(ISNUMBER(O166),O166,0),P167/$N165),1)","v":0},0,0,0,0,1,1,1]
[{"$f":"OFFSET(A167,-CFF.NumLinha,0)+1","v":50},{"$f":"$C167>=OFFSET($C167,CFF.NumLinha,0)","v":true},{"$f":"INDEX(PO!A$11:A$1504,MATCH($A167,PO!$W$11:$W$1504,0))","v":2},{"$f":"IF(ISERROR(J167),I167,SMALL(I167:J167,1))-1","v":2},{"$f":"IF($C167=1,OFFSET(E167,-CFF.NumLinha,0)+1,OFFSET(E167,-CFF.NumLinha,0))","v":7},{"$f":"IF($C167=1,0,IF($C167=2,OFFSET(F167,-CFF.NumLinha,0)+1,OFFSET(F167,-CFF.NumLinha,0)))","v":9},{"$f":"IF(AND($C167<=2,$C167<>0),0,IF($C167=3,OFFSET(G167,-CFF.NumLinha,0)+1,OFFSET(G167,-CFF.NumLinha,0)))","v":0},{"$f":"IF(AND($C167<=3,$C167<>0),0,IF($C167=4,OFFSET(H167,-CFF.NumLinha,0)+1,OFFSET(H167,-CFF.NumLinha,0)))","v":0},{"$f":"MATCH(0,OFFSET($D167,1,$C167,ROW($A$435)-ROW($A167)),0)","v":6},{"$f":"MATCH(OFFSET($D167,0,$C167)+1,OFFSET($D167,1,$C167,ROW($A$435)-ROW($A167)),0)","v":3},{"$f":"ROUND(INDEX(PO!U$11:U$1504,MATCH($A167,PO!$W$11:$W$1504,0)),2)+10^-12","v":6055.6900000000005},null,null,null,"Acumulado (R$)",{"$f":"IF($B167,ROUND(P166*$N165,2),ROUND(SUMIF(OFFSET($B167,1,0,$D167),TRUE,OFFSET(P167,1,0,$D167))/SUMIF(OFFSET($B167,1,0,$D167),TRUE,OFFSET($K167,1,0,$D167))*$N165,2))","v":0},0,0,0,0,6055.69,6055.69,6055.69]
[null,null,null,null,null,null,null,null,null,null,null,{"$f":"INDEX(PO!K$11:K$1504,MATCH($A170,PO!$W$11:$W$1504,0))","v":"7.10."},{"$f":"INDEX(PO!O$11:O$1504,MATCH($A170,PO!$W$11:$W$1504,0))","v":"Atividade 44 - Palestra: Idoso, família, saúde e sociedade Bairro Frutal de Minas e Jardim Paula II"},{"$f":"IF(ROUND(K170,2)=0,K170,ROUND(K170,2))","v":6055.69},"Parcela (%)",null,null,null,null,null,1]
[null,null,null,null,null,null,null,null,null,null,null,null,null,null,"Acumulado (%)",{"$f":"MIN(IF($B170,P168+IF(ISNUMBER(O169),O169,0),P170/$N168),1)","v":0},0,0,0,0,1,1,1]
[{"$f":"OFFSET(A170,-CFF.NumLinha,0)+1","v":51},{"$f":"$C170>=OFFSET($C170,CFF.NumLinha,0)","v":true},{"$f":"INDEX(PO!A$11:A$1504,MATCH($A170,PO!$W$11:$W$1504,0))","v":2},{"$f":"IF(ISERROR(J170),I170,SMALL(I170:J170,1))-1","v":2},{"$f":"IF($C170=1,OFFSET(E170,-CFF.NumLinha,0)+1,OFFSET(E170,-CFF.NumLinha,0))","v":7},{"$f":"IF($C170=1,0,IF($C170=2,OFFSET(F170,-CFF.NumLinha,0)+1,OFFSET(F170,-CFF.NumLinha,0)))","v":10},{"$f":"IF(AND($C170<=2,$C170<>0),0,IF($C170=3,OFFSET(G170,-CFF.NumLinha,0)+1,OFFSET(G170,-CFF.NumLinha,0)))","v":0},{"$f":"IF(AND($C170<=3,$C170<>0),0,IF($C170=4,OFFSET(H170,-CFF.NumLinha,0)+1,OFFSET(H170,-CFF.NumLinha,0)))","v":0},{"$f":"MATCH(0,OFFSET($D170,1,$C170,ROW($A$435)-ROW($A170)),0)","v":3},{"$f":"MATCH(OFFSET($D170,0,$C170)+1,OFFSET($D170,1,$C170,ROW($A$435)-ROW($A170)),0)","v":63},{"$f":"ROUND(INDEX(PO!U$11:U$1504,MATCH($A170,PO!$W$11:$W$1504,0)),2)+10^-12","v":6055.6900000000005},null,null,null,"Acumulado (R$)",{"$f":"IF($B170,ROUND(P169*$N168,2),ROUND(SUMIF(OFFSET($B170,1,0,$D170),TRUE,OFFSET(P170,1,0,$D170))/SUMIF(OFFSET($B170,1,0,$D170),TRUE,OFFSET($K170,1,0,$D170))*$N168,2))","v":0},0,0,0,0,6055.69,6055.69,6055.69]
[null,null,null,null,null,null,null,null,null,null,null,{"$f":"INDEX(PO!K$11:K$1504,MATCH($A173,PO!$W$11:$W$1504,0))","v":"8."},{"$f":"INDEX(PO!O$11:O$1504,MATCH($A173,PO!$W$11:$W$1504,0))","v":"MÊS 08 - INFORMAÇÕES/ PALESTRA E GERAÇÃO E RENDA"},{"$f":"IF(ROUND(K173,2)=0,K173,ROUND(K173,2))","v":72339.53},"Parcela (%)",null,null,null,null,null,1]
[null,null,null,null,null,null,null,null,null,null,null,null,null,null,"Acumulado (%)",{"$f":"MIN(IF($B173,P171+IF(ISNUMBER(O172),O172,0),P173/$N171),1)","v":0},0,0,0,0,0,1,1]
[{"$f":"OFFSET(A173,-CFF.NumLinha,0)+1","v":52},{"$f":"$C173>=OFFSET($C173,CFF.NumLinha,0)","v":false},{"$f":"INDEX(PO!A$11:A$1504,MATCH($A173,PO!$W$11:$W$1504,0))","v":1},{"$f":"IF(ISERROR(J173),I173,SMALL(I173:J173,1))-1","v":26},{"$f":"IF($C173=1,OFFSET(E173,-CFF.NumLinha,0)+1,OFFSET(E173,-CFF.NumLinha,0))","v":8},{"$f":"IF($C173=1,0,IF($C173=2,OFFSET(F173,-CFF.NumLinha,0)+1,OFFSET(F173,-CFF.NumLinha,0)))","v":0},{"$f":"IF(AND($C173<=2,$C173<>0),0,IF($C173=3,OFFSET(G173,-CFF.NumLinha,0)+1,OFFSET(G173,-CFF.NumLinha,0)))","v":0},{"$f":"IF(AND($C173<=3,$C173<>0),0,IF($C173=4,OFFSET(H173,-CFF.NumLinha,0)+1,OFFSET(H173,-CFF.NumLinha,0)))","v":0},{"$f":"MATCH(0,OFFSET($D173,1,$C173,ROW($A$435)-ROW($A173)),0)","v":262},{"$f":"MATCH(OFFSET($D173,0,$C173)+1,OFFSET($D173,1,$C173,ROW($A$435)-ROW($A173)),0)","v":27},{"$f":"ROUND(INDEX(PO!U$11:U$1504,MATCH($A173,PO!$W$11:$W$1504,0)),2)+10^-12","v":72339.53},null,null,null,"Acumulado (R$)",{"$f":"IF($B173,ROUND(P172*$N171,2),ROUND(SUMIF(OFFSET($B173,1,0,$D173),TRUE,OFFSET(P173,1,0,$D173))/SUMIF(OFFSET($B173,1,0,$D173),TRUE,OFFSET($K173,1,0,$D173))*$N171,2))","v":0},0,0,0,0,0,72339.53,72339.53]
[null,null,null,null,null,null,null,null,null,null,null,{"$f":"INDEX(PO!K$11:K$1504,MATCH($A176,PO!$W$11:$W$1504,0))","v":"8.1."},{"$f":"INDEX(PO!O$11:O$1504,MATCH($A176,PO!$W$11:$W$1504,0))","v":"Atividade 45 - Curso: Auto Maquiagem região Parque São João"},{"$f":"IF(ROUND(K176,2)=0,K176,ROUND(K176,2))","v":10179.82},"Parcela (%)",null,null,null,null,null,null,1]
[null,null,null,null,null,null,null,null,null,null,null,null,null,null,"Acumulado (%)",{"$f":"MIN(IF($B176,P174+IF(ISNUMBER(O175),O175,0),P176/$N174),1)","v":0},0,0,0,0,0,1,1]
[{"$f":"OFFSET(A176,-CFF.NumLinha,0)+1","v":53},{"$f":"$C176>=OFFSET($C176,CFF.NumLinha,0)","v":true},{"$f":"INDEX(PO!A$11:A$1504,MATCH($A176,PO!$W$11:$W$1504,0))","v":2},{"$f":"IF(ISERROR(J176),I176,SMALL(I176:J176,1))-1","v":2},{"$f":"IF($C176=1,OFFSET(E176,-CFF.NumLinha,0)+1,OFFSET(E176,-CFF.NumLinha,0))","v":8},{"$f":"IF($C176=1,0,IF($C176=2,OFFSET(F176,-CFF.NumLinha,0)+1,OFFSET(F176,-CFF.NumLinha,0)))","v":1},{"$f":"IF(AND($C176<=2,$C176<>0),0,IF($C176=3,OFFSET(G176,-CFF.NumLinha,0)+1,OFFSET(G176,-CFF.NumLinha,0)))","v":0},{"$f":"IF(AND($C176<=3,$C176<>0),0,IF($C176=4,OFFSET(H176,-CFF.NumLinha,0)+1,OFFSET(H176,-CFF.NumLinha,0)))","v":0},{"$f":"MATCH(0,OFFSET($D176,1,$C176,ROW($A$435)-ROW($A176)),0)","v":24},{"$f":"MATCH(OFFSET($D176,0,$C176)+1,OFFSET($D176,1,$C176,ROW($A$435)-ROW($A176)),0)","v":3},{"$f":"ROUND(INDEX(PO!U$11:U$1504,MATCH($A176,PO!$W$11:$W$1504,0)),2)+10^-12","v":10179.820000000002},null,null,null,"Acumulado (R$)",{"$f":"IF($B176,ROUND(P175*$N174,2),ROUND(SUMIF(OFFSET($B176,1,0,$D176),TRUE,OFFSET(P176,1,0,$D176))/SUMIF(OFFSET($B176,1,0,$D176),TRUE,OFFSET($K176,1,0,$D176))*$N174,2))","v":0},0,0,0,0,0,10179.82,10179.82]
[null,null,null,null,null,null,null,null,null,null,null,{"$f":"INDEX(PO!K$11:K$1504,MATCH($A179,PO!$W$11:$W$1504,0))","v":"8.2."},{"$f":"INDEX(PO!O$11:O$1504,MATCH($A179,PO!$W$11:$W$1504,0))","v":"Atividade 46 - Plantão Social região Parque São João"},{"$f":"IF(ROUND(K179,2)=0,K179,ROUND(K179,2))","v":3427.56},"Parcela (%)",null,null,null,null,null,null,1]
[null,null,null,null,null,null,null,null,null,null,null,null,null,null,"Acumulado (%)",{"$f":"MIN(IF($B179,P177+IF(ISNUMBER(O178),O178,0),P179/$N177),1)","v":0},0,0,0,0,0,1,1]
[{"$f":"OFFSET(A179,-CFF.NumLinha,0)+1","v":54},{"$f":"$C179>=OFFSET($C179,CFF.NumLinha,0)","v":true},{"$f":"INDEX(PO!A$11:A$1504,MATCH($A179,PO!$W$11:$W$1504,0))","v":2},{"$f":"IF(ISERROR(J179),I179,SMALL(I179:J179,1))-1","v":2},{"$f":"IF($C179=1,OFFSET(E179,-CFF.NumLinha,0)+1,OFFSET(E179,-CFF.NumLinha,0))","v":8},{"$f":"IF($C179=1,0,IF($C179=2,OFFSET(F179,-CFF.NumLinha,0)+1,OFFSET(F179,-CFF.NumLinha,0)))","v":2},{"$f":"IF(AND($C179<=2,$C179<>0),0,IF($C179=3,OFFSET(G179,-CFF.NumLinha,0)+1,OFFSET(G179,-CFF.NumLinha,0)))","v":0},{"$f":"IF(AND($C179<=3,$C179<>0),0,IF($C179=4,OFFSET(H179,-CFF.NumLinha,0)+1,OFFSET(H179,-CFF.NumLinha,0)))","v":0},{"$f":"MATCH(0,OFFSET($D179,1,$C179,ROW($A$435)-ROW($A179)),0)","v":21},{"$f":"MATCH(OFFSET($D179,0,$C179)+1,OFFSET($D179,1,$C179,ROW($A$435)-ROW($A179)),0)","v":3},{"$f":"ROUND(INDEX(PO!U$11:U$1504,MATCH($A179,PO!$W$11:$W$1504,0)),2)+10^-12","v":3427.5600000000009},null,null,null,"Acumulado (R$)",{"$f":"IF($B179,ROUND(P178*$N177,2),ROUND(SUMIF(OFFSET($B179,1,0,$D179),TRUE,OFFSET(P179,1,0,$D179))/SUMIF(OFFSET($B179,1,0,$D179),TRUE,OFFSET($K179,1,0,$D179))*$N177,2))","v":0},0,0,0,0,0,3427.56,3427.56]
[null,null,null,null,null,null,null,null,null,null,null,{"$f":"INDEX(PO!K$11:K$1504,MATCH($A182,PO!$W$11:$W$1504,0))","v":"8.3."},{"$f":"INDEX(PO!O$11:O$1504,MATCH($A182,PO!$W$11:$W$1504,0))","v":"Atividade 47 - Curso: Culinária com técnica de congelamento região Parque São João"},{"$f":"IF(ROUND(K182,2)=0,K182,ROUND(K182,2))","v":12670.98},"Parcela (%)",null,null,null,null,null,null,1]
[null,null,null,null,null,null,null,null,null,null,null,null,null,null,"Acumulado (%)",{"$f":"MIN(IF($B182,P180+IF(ISNUMBER(O181),O181,0),P182/$N180),1)","v":0},0,0,0,0,0,1,1]
[{"$f":"OFFSET(A182,-CFF.NumLinha,0)+1","v":55},{"$f":"$C182>=OFFSET($C182,CFF.NumLinha,0)","v":true},{"$f":"INDEX(PO!A$11:A$1504,MATCH($A182,PO!$W$11:$W$1504,0))","v":2},{"$f":"IF(ISERROR(J182),I182,SMALL(I182:J182,1))-1","v":2},{"$f":"IF($C182=1,OFFSET(E182,-CFF.NumLinha,0)+1,OFFSET(E182,-CFF.NumLinha,0))","v":8},{"$f":"IF($C182=1,0,IF($C182=2,OFFSET(F182,-CFF.NumLinha,0)+1,OFFSET(F182,-CFF.NumLinha,0)))","v":3},{"$f":"IF(AND($C182<=2,$C182<>0),0,IF($C182=3,OFFSET(G182,-CFF.NumLinha,0)+1,OFFSET(G182,-CFF.NumLinha,0)))","v":0},{"$f":"IF(AND($C182<=3,$C182<>0),0,IF($C182=4,OFFSET(H182,-CFF.NumLinha,0)+1,OFFSET(H182,-CFF.NumLinha,0)))","v":0},{"$f":"MATCH(0,OFFSET($D182,1,$C182,ROW($A$435)-ROW($A182)),0)","v":18},{"$f":"MATCH(OFFSET($D182,0,$C182)+1,OFFSET($D182,1,$C182,ROW($A$435)-ROW($A182)),0)","v":3},{"$f":"ROUND(INDEX(PO!U$11:U$1504,MATCH($A182,PO!$W$11:$W$1504,0)),2)+10^-12","v":12670.980000000001},null,null,null,"Acumulado (R$)",{"$f":"IF($B182,ROUND(P181*$N180,2),ROUND(SUMIF(OFFSET($B182,1,0,$D182),TRUE,OFFSET(P182,1,0,$D182))/SUMIF(OFFSET($B182,1,0,$D182),TRUE,OFFSET($K182,1,0,$D182))*$N180,2))","v":0},0,0,0,0,0,12670.98,12670.98]
[null,null,null,null,null,null,null,null,null,null,null,{"$f":"INDEX(PO!K$11:K$1504,MATCH($A185,PO!$W$11:$W$1504,0))","v":"8.4."},{"$f":"INDEX(PO!O$11:O$1504,MATCH($A185,PO!$W$11:$W$1504,0))","v":"Atividade 48 - Curso: Automaquiagem região Jardim Ikaraí"},{"$f":"IF(ROUND(K185,2)=0,K185,ROUND(K185,2))","v":7902.28},"Parcela (%)",null,null,null,null,null,null,1]
[null,null,null,null,null,null,null,null,null,null,null,null,null,null,"Acumulado (%)",{"$f":"MIN(IF($B185,P183+IF(ISNUMBER(O184),O184,0),P185/$N183),1)","v":0},0,0,0,0,0,1,1]
[{"$f":"OFFSET(A185,-CFF.NumLinha,0)+1","v":56},{"$f":"$C185>=OFFSET($C185,CFF.NumLinha,0)","v":true},{"$f":"INDEX(PO!A$11:A$1504,MATCH($A185,PO!$W$11:$W$1504,0))","v":2},{"$f":"IF(ISERROR(J185),I185,SMALL(I185:J185,1))-1","v":2},{"$f":"IF($C185=1,OFFSET(E185,-CFF.NumLinha,0)+1,OFFSET(E185,-CFF.NumLinha,0))","v":8},{"$f":"IF($C185=1,0,IF($C185=2,OFFSET(F185,-CFF.NumLinha,0)+1,OFFSET(F185,-CFF.NumLinha,0)))","v":4},{"$f":"IF(AND($C185<=2,$C185<>0),0,IF($C185=3,OFFSET(G185,-CFF.NumLinha,0)+1,OFFSET(G185,-CFF.NumLinha,0)))","v":0},{"$f":"IF(AND($C185<=3,$C185<>0),0,IF($C185=4,OFFSET(H185,-CFF.NumLinha,0)+1,OFFSET(H185,-CFF.NumLinha,0)))","v":0},{"$f":"MATCH(0,OFFSET($D185,1,$C185,ROW($A$435)-ROW($A185)),0)","v":15},{"$f":"MATCH(OFFSET($D185,0,$C185)+1,OFFSET($D185,1,$C185,ROW($A$435)-ROW($A185)),0)","v":3},{"$f":"ROUND(INDEX(PO!U$11:U$1504,MATCH($A185,PO!$W$11:$W$1504,0)),2)+10^-12","v":7902.2800000000007},null,null,null,"Acumulado (R$)",{"$f":"IF($B185,ROUND(P184*$N183,2),ROUND(SUMIF(OFFSET($B185,1,0,$D185),TRUE,OFFSET(P185,1,0,$D185))/SUMIF(OFFSET($B185,1,0,$D185),TRUE,OFFSET($K185,1,0,$D185))*$N183,2))","v":0},0,0,0,0,0,7902.28,7902.28]
[null,null,null,null,null,null,null,null,null,null,null,{"$f":"INDEX(PO!K$11:K$1504,MATCH($A188,PO!$W$11:$W$1504,0))","v":"8.5."},{"$f":"INDEX(PO!O$11:O$1504,MATCH($A188,PO!$W$11:$W$1504,0))","v":"Atividade 49 - Plantão Social região Jardim Ikaraí"},{"$f":"IF(ROUND(K188,2)=0,K188,ROUND(K188,2))","v":3427.56},"Parcela (%)",null,null,null,null,null,null,1]
[null,null,null,null,null,null,null,null,null,null,null,null,null,null,"Acumulado (%)",{"$f":"MIN(IF($B188,P186+IF(ISNUMBER(O187),O187,0),P188/$N186),1)","v":0},0,0,0,0,0,1,1]
[{"$f":"OFFSET(A188,-CFF.NumLinha,0)+1","v":57},{"$f":"$C188>=OFFSET($C188,CFF.NumLinha,0)","v":true},{"$f":"INDEX(PO!A$11:A$1504,MATCH($A188,PO!$W$11:$W$1504,0))","v":2},{"$f":"IF(ISERROR(J188),I188,SMALL(I188:J188,1))-1","v":2},{"$f":"IF($C188=1,OFFSET(E188,-CFF.NumLinha,0)+1,OFFSET(E188,-CFF.NumLinha,0))","v":8},{"$f":"IF($C188=1,0,IF($C188=2,OFFSET(F188,-CFF.NumLinha,0)+1,OFFSET(F188,-CFF.NumLinha,0)))","v":5},{"$f":"IF(AND($C188<=2,$C188<>0),0,IF($C188=3,OFFSET(G188,-CFF.NumLinha,0)+1,OFFSET(G188,-CFF.NumLinha,0)))","v":0},{"$f":"IF(AND($C188<=3,$C188<>0),0,IF($C188=4,OFFSET(H188,-CFF.NumLinha,0)+1,OFFSET(H188,-CFF.NumLinha,0)))","v":0},{"$f":"MATCH(0,OFFSET($D188,1,$C188,ROW($A$435)-ROW($A188)),0)","v":12},{"$f":"MATCH(OFFSET($D188,0,$C188)+1,OFFSET($D188,1,$C188,ROW($A$435)-ROW($A188)),0)","v":3},{"$f":"ROUND(INDEX(PO!U$11:U$1504,MATCH($A188,PO!$W$11:$W$1504,0)),2)+10^-12","v":3427.5600000000009},null,null,null,"Acumulado (R$)",{"$f":"IF($B188,ROUND(P187*$N186,2),ROUND(SUMIF(OFFSET($B188,1,0,$D188),TRUE,OFFSET(P188,1,0,$D188))/SUMIF(OFFSET($B188,1,0,$D188),TRUE,OFFSET($K188,1,0,$D188))*$N186,2))","v":0},0,0,0,0,0,3427.56,3427.56]
[null,null,null,null,null,null,null,null,null,null,null,{"$f":"INDEX(PO!K$11:K$1504,MATCH($A191,PO!$W$11:$W$1504,0))","v":"8.6."},{"$f":"INDEX(PO!O$11:O$1504,MATCH($A191,PO!$W$11:$W$1504,0))","v":"Atividade 50 - Curso: Culinária com técnica em congelamento região Jardim Ikaraí"},{"$f":"IF(ROUND(K191,2)=0,K191,ROUND(K191,2))","v":15714.1},"Parcela (%)",null,null,null,null,null,null,1]
[null,null,null,null,null,null,null,null,null,null,null,null,null,null,"Acumulado (%)",{"$f":"MIN(IF($B191,P189+IF(ISNUMBER(O190),O190,0),P191/$N189),1)","v":0},0,0,0,0,0,1,1]
[{"$f":"OFFSET(A191,-CFF.NumLinha,0)+1","v":58},{"$f":"$C191>=OFFSET($C191,CFF.NumLinha,0)","v":true},{"$f":"INDEX(PO!A$11:A$1504,MATCH($A191,PO!$W$11:$W$1504,0))","v":2},{"$f":"IF(ISERROR(J191),I191,SMALL(I191:J191,1))-1","v":2},{"$f":"IF($C191=1,OFFSET(E191,-CFF.NumLinha,0)+1,OFFSET(E191,-CFF.NumLinha,0))","v":8},{"$f":"IF($C191=1,0,IF($C191=2,OFFSET(F191,-CFF.NumLinha,0)+1,OFFSET(F191,-CFF.NumLinha,0)))","v":6},{"$f":"IF(AND($C191<=2,$C191<>0),0,IF($C191=3,OFFSET(G191,-CFF.NumLinha,0)+1,OFFSET(G191,-CFF.NumLinha,0)))","v":0},{"$f":"IF(AND($C191<=3,$C191<>0),0,IF($C191=4,OFFSET(H191,-CFF.NumLinha,0)+1,OFFSET(H191,-CFF.NumLinha,0)))","v":0},{"$f":"MATCH(0,OFFSET($D191,1,$C191,ROW($A$435)-ROW($A191)),0)","v":9},{"$f":"MATCH(OFFSET($D191,0,$C191)+1,OFFSET($D191,1,$C191,ROW($A$435)-ROW($A191)),0)","v":3},{"$f":"ROUND(INDEX(PO!U$11:U$1504,MATCH($A191,PO!$W$11:$W$1504,0)),2)+10^-12","v":15714.100000000002},null,null,null,"Acumulado (R$)",{"$f":"IF($B191,ROUND(P190*$N189,2),ROUND(SUMIF(OFFSET($B191,1,0,$D191),TRUE,OFFSET(P191,1,0,$D191))/SUMIF(OFFSET($B191,1,0,$D191),TRUE,OFFSET($K191,1,0,$D191))*$N189,2))","v":0},0,0,0,0,0,15714.1,15714.1]
[null,null,null,null,null,null,null,null,null,null,null,{"$f":"INDEX(PO!K$11:K$1504,MATCH($A194,PO!$W$11:$W$1504,0))","v":"8.7."},{"$f":"INDEX(PO!O$11:O$1504,MATCH($A194,PO!$W$11:$W$1504,0))","v":"Atividade 51 - Curso: Cupcake/Bolo de pote região Parque São João"},{"$f":"IF(ROUND(K194,2)=0,K194,ROUND(K194,2))","v":9513.81},"Parcela (%)",null,null,null,null,null,null,1]
[null,null,null,null,null,null,null,null,null,null,null,null,null,null,"Acumulado (%)",{"$f":"MIN(IF($B194,P192+IF(ISNUMBER(O193),O193,0),P194/$N192),1)","v":0},0,0,0,0,0,1,1]
[{"$f":"OFFSET(A194,-CFF.NumLinha,0)+1","v":59},{"$f":"$C194>=OFFSET($C194,CFF.NumLinha,0)","v":true},{"$f":"INDEX(PO!A$11:A$1504,MATCH($A194,PO!$W$11:$W$1504,0))","v":2},{"$f":"IF(ISERROR(J194),I194,SMALL(I194:J194,1))-1","v":2},{"$f":"IF($C194=1,OFFSET(E194,-CFF.NumLinha,0)+1,OFFSET(E194,-CFF.NumLinha,0))","v":8},{"$f":"IF($C194=1,0,IF($C194=2,OFFSET(F194,-CFF.NumLinha,0)+1,OFFSET(F194,-CFF.NumLinha,0)))","v":7},{"$f":"IF(AND($C194<=2,$C194<>0),0,IF($C194=3,OFFSET(G194,-CFF.NumLinha,0)+1,OFFSET(G194,-CFF.NumLinha,0)))","v":0},{"$f":"IF(AND($C194<=3,$C194<>0),0,IF($C194=4,OFFSET(H194,-CFF.NumLinha,0)+1,OFFSET(H194,-CFF.NumLinha,0)))","v":0},{"$f":"MATCH(0,OFFSET($D194,1,$C194,ROW($A$435)-ROW($A194)),0)","v":6},{"$f":"MATCH(OFFSET($D194,0,$C194)+1,OFFSET($D194,1,$C194,ROW($A$435)-ROW($A194)),0)","v":3},{"$f":"ROUND(INDEX(PO!U$11:U$1504,MATCH($A194,PO!$W$11:$W$1504,0)),2)+10^-12","v":9513.8100000000013},null,null,null,"Acumulado (R$)",{"$f":"IF($B194,ROUND(P193*$N192,2),ROUND(SUMIF(OFFSET($B194,1,0,$D194),TRUE,OFFSET(P194,1,0,$D194))/SUMIF(OFFSET($B194,1,0,$D194),TRUE,OFFSET($K194,1,0,$D194))*$N192,2))","v":0},0,0,0,0,0,9513.81,9513.81]
[null,null,null,null,null,null,null,null,null,null,null,{"$f":"INDEX(PO!K$11:K$1504,MATCH($A197,PO!$W$11:$W$1504,0))","v":"8.8."},{"$f":"INDEX(PO!O$11:O$1504,MATCH($A197,PO!$W$11:$W$1504,0))","v":"Atividade 52 - Curso: Cupcake/Bolo de pote região Jardim Ikaraí"},{"$f":"IF(ROUND(K197,2)=0,K197,ROUND(K197,2))","v":9503.42},"Parcela (%)",null,null,null,null,null,null,1]
[null,null,null,null,null,null,null,null,null,null,null,null,null,null,"Acumulado (%)",{"$f":"MIN(IF($B197,P195+IF(ISNUMBER(O196),O196,0),P197/$N195),1)","v":0},0,0,0,0,0,1,1]
[{"$f":"OFFSET(A197,-CFF.NumLinha,0)+1","v":60},{"$f":"$C197>=OFFSET($C197,CFF.NumLinha,0)","v":true},{"$f":"INDEX(PO!A$11:A$1504,MATCH($A197,PO!$W$11:$W$1504,0))","v":2},{"$f":"IF(ISERROR(J197),I197,SMALL(I197:J197,1))-1","v":2},{"$f":"IF($C197=1,OFFSET(E197,-CFF.NumLinha,0)+1,OFFSET(E197,-CFF.NumLinha,0))","v":8},{"$f":"IF($C197=1,0,IF($C197=2,OFFSET(F197,-CFF.NumLinha,0)+1,OFFSET(F197,-CFF.NumLinha,0)))","v":8},{"$f":"IF(AND($C197<=2,$C197<>0),0,IF($C197=3,OFFSET(G197,-CFF.NumLinha,0)+1,OFFSET(G197,-CFF.NumLinha,0)))","v":0},{"$f":"IF(AND($C197<=3,$C197<>0),0,IF($C197=4,OFFSET(H197,-CFF.NumLinha,0)+1,OFFSET(H197,-CFF.NumLinha,0)))","v":0},{"$f":"MATCH(0,OFFSET($D197,1,$C197,ROW($A$435)-ROW($A197)),0)","v":3},{"$f":"MATCH(OFFSET($D197,0,$C197)+1,OFFSET($D197,1,$C197,ROW($A$435)-ROW($A197)),0)","v":30},{"$f":"ROUND(INDEX(PO!U$11:U$1504,MATCH($A197,PO!$W$11:$W$1504,0)),2)+10^-12","v":9503.4200000000019},null,null,null,"Acumulado (R$)",{"$f":"IF($B197,ROUND(P196*$N195,2),ROUND(SUMIF(OFFSET($B197,1,0,$D197),TRUE,OFFSET(P197,1,0,$D197))/SUMIF(OFFSET($B197,1,0,$D197),TRUE,OFFSET($K197,1,0,$D197))*$N195,2))","v":0},0,0,0,0,0,9503.42,9503.42]
[null,null,null,null,null,null,null,null,null,null,null,{"$f":"INDEX(PO!K$11:K$1504,MATCH($A200,PO!$W$11:$W$1504,0))","v":"9."},{"$f":"INDEX(PO!O$11:O$1504,MATCH($A200,PO!$W$11:$W$1504,0))","v":"MÊS 09 - GERAÇÃO DE RENDA E INFORMAÇÕES/PALESTRA"},{"$f":"IF(ROUND(K200,2)=0,K200,ROUND(K200,2))","v":81651.23},"Parcela (%)",null,null,null,null,null,null,1]
[null,null,null,null,null,null,null,null,null,null,null,null,null,null,"Acumulado (%)",{"$f":"MIN(IF($B200,P198+IF(ISNUMBER(O199),O199,0),P200/$N198),1)","v":0},0,0,0,0,0,0.21750511290521896,0.82730866393561997]
[{"$f":"OFFSET(A200,-CFF.NumLinha,0)+1","v":61},{"$f":"$C200>=OFFSET($C200,CFF.NumLinha,0)","v":false},{"$f":"INDEX(PO!A$11:A$1504,MATCH($A200,PO!$W$11:$W$1504,0))","v":1},{"$f":"IF(ISERROR(J200),I200,SMALL(I200:J200,1))-1","v":35},{"$f":"IF($C200=1,OFFSET(E200,-CFF.NumLinha,0)+1,OFFSET(E200,-CFF.NumLinha,0))","v":9},{"$f":"IF($C200=1,0,IF($C200=2,OFFSET(F200,-CFF.NumLinha,0)+1,OFFSET(F200,-CFF.NumLinha,0)))","v":0},{"$f":"IF(AND($C200<=2,$C200<>0),0,IF($C200=3,OFFSET(G200,-CFF.NumLinha,0)+1,OFFSET(G200,-CFF.NumLinha,0)))","v":0},{"$f":"IF(AND($C200<=3,$C200<>0),0,IF($C200=4,OFFSET(H200,-CFF.NumLinha,0)+1,OFFSET(H200,-CFF.NumLinha,0)))","v":0},{"$f":"MATCH(0,OFFSET($D200,1,$C200,ROW($A$435)-ROW($A200)),0)","v":235},{"$f":"MATCH(OFFSET($D200,0,$C200)+1,OFFSET($D200,1,$C200,ROW($A$435)-ROW($A200)),0)","v":36},{"$f":"ROUND(INDEX(PO!U$11:U$1504,MATCH($A200,PO!$W$11:$W$1504,0)),2)+10^-12","v":81651.23},null,null,null,"Acumulado (R$)",{"$f":"IF($B200,ROUND(P199*$N198,2),ROUND(SUMIF(OFFSET($B200,1,0,$D200),TRUE,OFFSET(P200,1,0,$D200))/SUMIF(OFFSET($B200,1,0,$D200),TRUE,OFFSET($K200,1,0,$D200))*$N198,2))","v":0},0,0,0,0,0,17759.560000000001,67550.77]
[null,null,null,null,null,null,null,null,null,null,null,{"$f":"INDEX(PO!K$11:K$1504,MATCH($A203,PO!$W$11:$W$1504,0))","v":"9.1."},{"$f":"INDEX(PO!O$11:O$1504,MATCH($A203,PO!$W$11:$W$1504,0))","v":"Atividade 53 - Curso: Manicure/pedicure região Parque São João"},{"$f":"IF(ROUND(K203,2)=0,K203,ROUND(K203,2))","v":17759.560000000001},"Parcela (%)",null,null,null,null,null,null,1]
[null,null,null,null,null,null,null,null,null,null,null,null,null,null,"Acumulado (%)",{"$f":"MIN(IF($B203,P201+IF(ISNUMBER(O202),O202,0),P203/$N201),1)","v":0},0,0,0,0,0,1,1]
[{"$f":"OFFSET(A203,-CFF.NumLinha,0)+1","v":62},{"$f":"$C203>=OFFSET($C203,CFF.NumLinha,0)","v":true},{"$f":"INDEX(PO!A$11:A$1504,MATCH($A203,PO!$W$11:$W$1504,0))","v":2},{"$f":"IF(ISERROR(J203),I203,SMALL(I203:J203,1))-1","v":2},{"$f":"IF($C203=1,OFFSET(E203,-CFF.NumLinha,0)+1,OFFSET(E203,-CFF.NumLinha,0))","v":9},{"$f":"IF($C203=1,0,IF($C203=2,OFFSET(F203,-CFF.NumLinha,0)+1,OFFSET(F203,-CFF.NumLinha,0)))","v":1},{"$f":"IF(AND($C203<=2,$C203<>0),0,IF($C203=3,OFFSET(G203,-CFF.NumLinha,0)+1,OFFSET(G203,-CFF.NumLinha,0)))","v":0},{"$f":"IF(AND($C203<=3,$C203<>0),0,IF($C203=4,OFFSET(H203,-CFF.NumLinha,0)+1,OFFSET(H203,-CFF.NumLinha,0)))","v":0},{"$f":"MATCH(0,OFFSET($D203,1,$C203,ROW($A$435)-ROW($A203)),0)","v":33},{"$f":"MATCH(OFFSET($D203,0,$C203)+1,OFFSET($D203,1,$C203,ROW($A$435)-ROW($A203)),0)","v":3},{"$f":"ROUND(INDEX(PO!U$11:U$1504,MATCH($A203,PO!$W$11:$W$1504,0)),2)+10^-12","v":17759.560000000001},null,null,null,"Acumulado (R$)",{"$f":"IF($B203,ROUND(P202*$N201,2),ROUND(SUMIF(OFFSET($B203,1,0,$D203),TRUE,OFFSET(P203,1,0,$D203))/SUMIF(OFFSET($B203,1,0,$D203),TRUE,OFFSET($K203,1,0,$D203))*$N201,2))","v":0},0,0,0,0,0,17759.560000000001,17759.560000000001]
[null,null,null,null,null,null,null,null,null,null,null,{"$f":"INDEX(PO!K$11:K$1504,MATCH($A206,PO!$W$11:$W$1504,0))","v":"9.2."},{"$f":"INDEX(PO!O$11:O$1504,MATCH($A206,PO!$W$11:$W$1504,0))","v":"Atividade 54 - Visita dos beneficiários com UHs e CAO as obras região Parque São João"},{"$f":"IF(ROUND(K206,2)=0,K206,ROUND(K206,2))","v":3946.8},"Parcela (%)",null,null,null,null,null,null,null,{"$f":"IF($B206,0,W205-IF(ISNUMBER(V205),V205,0))","v":0}]
[null,null,null,null,null,null,null,null,null,null,null,null,null,null,"Acumulado (%)",{"$f":"MIN(IF($B206,P204+IF(ISNUMBER(O205),O205,0),P206/$N204),1)","v":0},0,0,0,0,0,0,0]
[{"$f":"OFFSET(A206,-CFF.NumLinha,0)+1","v":63},{"$f":"$C206>=OFFSET($C206,CFF.NumLinha,0)","v":true},{"$f":"INDEX(PO!A$11:A$1504,MATCH($A206,PO!$W$11:$W$1504,0))","v":2},{"$f":"IF(ISERROR(J206),I206,SMALL(I206:J206,1))-1","v":2},{"$f":"IF($C206=1,OFFSET(E206,-CFF.NumLinha,0)+1,OFFSET(E206,-CFF.NumLinha,0))","v":9},{"$f":"IF($C206=1,0,IF($C206=2,OFFSET(F206,-CFF.NumLinha,0)+1,OFFSET(F206,-CFF.NumLinha,0)))","v":2},{"$f":"IF(AND($C206<=2,$C206<>0),0,IF($C206=3,OFFSET(G206,-CFF.NumLinha,0)+1,OFFSET(G206,-CFF.NumLinha,0)))","v":0},{"$f":"IF(AND($C206<=3,$C206<>0),0,IF($C206=4,OFFSET(H206,-CFF.NumLinha,0)+1,OFFSET(H206,-CFF.NumLinha,0)))","v":0},{"$f":"MATCH(0,OFFSET($D206,1,$C206,ROW($A$435)-ROW($A206)),0)","v":30},{"$f":"MATCH(OFFSET($D206,0,$C206)+1,OFFSET($D206,1,$C206,ROW($A$435)-ROW($A206)),0)","v":3},{"$f":"ROUND(INDEX(PO!U$11:U$1504,MATCH($A206,PO!$W$11:$W$1504,0)),2)+10^-12","v":3946.8000000000011},null,null,null,"Acumulado (R$)",{"$f":"IF($B206,ROUND(P205*$N204,2),ROUND(SUMIF(OFFSET($B206,1,0,$D206),TRUE,OFFSET(P206,1,0,$D206))/SUMIF(OFFSET($B206,1,0,$D206),TRUE,OFFSET($K206,1,0,$D206))*$N204,2))","v":0},0,0,0,0,0,0,0]
[null,null,null,null,null,null,null,null,null,null,null,{"$f":"INDEX(PO!K$11:K$1504,MATCH($A209,PO!$W$11:$W$1504,0))","v":"9.3."},{"$f":"INDEX(PO!O$11:O$1504,MATCH($A209,PO!$W$11:$W$1504,0))","v":"Atividade 55 - Plantão Social região Parque São João"},{"$f":"IF(ROUND(K209,2)=0,K209,ROUND(K209,2))","v":3427.56},"Parcela (%)",null,null,null,null,null,null,null,1]
[null,null,null,null,null,null,null,null,null,null,null,null,null,null,"Acumulado (%)",{"$f":"MIN(IF($B209,P207+IF(ISNUMBER(O208),O208,0),P209/$N207),1)","v":0},0,0,0,0,0,0,1]
[{"$f":"OFFSET(A209,-CFF.NumLinha,0)+1","v":64},{"$f":"$C209>=OFFSET($C209,CFF.NumLinha,0)","v":true},{"$f":"INDEX(PO!A$11:A$1504,MATCH($A209,PO!$W$11:$W$1504,0))","v":2},{"$f":"IF(ISERROR(J209),I209,SMALL(I209:J209,1))-1","v":2},{"$f":"IF($C209=1,OFFSET(E209,-CFF.NumLinha,0)+1,OFFSET(E209,-CFF.NumLinha,0))","v":9},{"$f":"IF($C209=1,0,IF($C209=2,OFFSET(F209,-CFF.NumLinha,0)+1,OFFSET(F209,-CFF.NumLinha,0)))","v":3},{"$f":"IF(AND($C209<=2,$C209<>0),0,IF($C209=3,OFFSET(G209,-CFF.NumLinha,0)+1,OFFSET(G209,-CFF.NumLinha,0)))","v":0},{"$f":"IF(AND($C209<=3,$C209<>0),0,IF($C209=4,OFFSET(H209,-CFF.NumLinha,0)+1,OFFSET(H209,-CFF.NumLinha,0)))","v":0},{"$f":"MATCH(0,OFFSET($D209,1,$C209,ROW($A$435)-ROW($A209)),0)","v":27},{"$f":"MATCH(OFFSET($D209,0,$C209)+1,OFFSET($D209,1,$C209,ROW($A$435)-ROW($A209)),0)","v":3},{"$f":"ROUND(INDEX(PO!U$11:U$1504,MATCH($A209,PO!$W$11:$W$1504,0)),2)+10^-12","v":3427.5600000000009},null,null,null,"Acumulado (R$)",{"$f":"IF($B209,ROUND(P208*$N207,2),ROUND(SUMIF(OFFSET($B209,1,0,$D209),TRUE,OFFSET(P209,1,0,$D209))/SUMIF(OFFSET($B209,1,0,$D209),TRUE,OFFSET($K209,1,0,$D209))*$N207,2))","v":0},0,0,0,0,0,0,3427.56]
[null,null,null,null,null,null,null,null,null,null,null,{"$f":"INDEX(PO!K$11:K$1504,MATCH($A212,PO!$W$11:$W$1504,0))","v":"9.4."},{"$f":"INDEX(PO!O$11:O$1504,MATCH($A212,PO!$W$11:$W$1504,0))","v":"Atividade 56 - Curso: Manicure/pedicure região Jardim Ikaraí"},{"$f":"IF(ROUND(K212,2)=0,K212,ROUND(K212,2))","v":18359.560000000001},"Parcela (%)",null,null,null,null,null,null,null,1]
[null,null,null,null,null,null,null,null,null,null,null,null,null,null,"Acumulado (%)",{"$f":"MIN(IF($B212,P210+IF(ISNUMBER(O211),O211,0),P212/$N210),1)","v":0},0,0,0,0,0,0,1]
[{"$f":"OFFSET(A212,-CFF.NumLinha,0)+1","v":65},{"$f":"$C212>=OFFSET($C212,CFF.NumLinha,0)","v":true},{"$f":"INDEX(PO!A$11:A$1504,MATCH($A212,PO!$W$11:$W$1504,0))","v":2},{"$f":"IF(ISERROR(J212),I212,SMALL(I212:J212,1))-1","v":2},{"$f":"IF($C212=1,OFFSET(E212,-CFF.NumLinha,0)+1,OFFSET(E212,-CFF.NumLinha,0))","v":9},{"$f":"IF($C212=1,0,IF($C212=2,OFFSET(F212,-CFF.NumLinha,0)+1,OFFSET(F212,-CFF.NumLinha,0)))","v":4},{"$f":"IF(AND($C212<=2,$C212<>0),0,IF($C212=3,OFFSET(G212,-CFF.NumLinha,0)+1,OFFSET(G212,-CFF.NumLinha,0)))","v":0},{"$f":"IF(AND($C212<=3,$C212<>0),0,IF($C212=4,OFFSET(H212,-CFF.NumLinha,0)+1,OFFSET(H212,-CFF.NumLinha,0)))","v":0},{"$f":"MATCH(0,OFFSET($D212,1,$C212,ROW($A$435)-ROW($A212)),0)","v":24},{"$f":"MATCH(OFFSET($D212,0,$C212)+1,OFFSET($D212,1,$C212,ROW($A$435)-ROW($A212)),0)","v":3},{"$f":"ROUND(INDEX(PO!U$11:U$1504,MATCH($A212,PO!$W$11:$W$1504,0)),2)+10^-12","v":18359.560000000001},null,null,null,"Acumulado (R$)",{"$f":"IF($B212,ROUND(P211*$N210,2),ROUND(SUMIF(OFFSET($B212,1,0,$D212),TRUE,OFFSET(P212,1,0,$D212))/SUMIF(OFFSET($B212,1,0,$D212),TRUE,OFFSET($K212,1,0,$D212))*$N210,2))","v":0},0,0,0,0,0,0,18359.560000000001]
[null,null,null,null,null,null,null,null,null,null,null,{"$f":"INDEX(PO!K$11:K$1504,MATCH($A215,PO!$W$11:$W$1504,0))","v":"9.5."},{"$f":"INDEX(PO!O$11:O$1504,MATCH($A215,PO!$W$11:$W$1504,0))","v":"Atividade 57 - Visita dos beneficiários com UHs e CAO as obras região Jardim Ikaraí"},{"$f":"IF(ROUND(K215,2)=0,K215,ROUND(K215,2))","v":4657.0200000000004},"Parcela (%)",null,null,null,null,null,null,null,1]
[null,null,null,null,null,null,null,null,null,null,null,null,null,null,"Acumulado (%)",{"$f":"MIN(IF($B215,P213+IF(ISNUMBER(O214),O214,0),P215/$N213),1)","v":0},0,0,0,0,0,0,1]
[{"$f":"OFFSET(A215,-CFF.NumLinha,0)+1","v":66},{"$f":"$C215>=OFFSET($C215,CFF.NumLinha,0)","v":true},{"$f":"INDEX(PO!A$11:A$1504,MATCH($A215,PO!$W$11:$W$1504,0))","v":2},{"$f":"IF(ISERROR(J215),I215,SMALL(I215:J215,1))-1","v":2},{"$f":"IF($C215=1,OFFSET(E215,-CFF.NumLinha,0)+1,OFFSET(E215,-CFF.NumLinha,0))","v":9},{"$f":"IF($C215=1,0,IF($C215=2,OFFSET(F215,-CFF.NumLinha,0)+1,OFFSET(F215,-CFF.NumLinha,0)))","v":5},{"$f":"IF(AND($C215<=2,$C215<>0),0,IF($C215=3,OFFSET(G215,-CFF.NumLinha,0)+1,OFFSET(G215,-CFF.NumLinha,0)))","v":0},{"$f":"IF(AND($C215<=3,$C215<>0),0,IF($C215=4,OFFSET(H215,-CFF.NumLinha,0)+1,OFFSET(H215,-CFF.NumLinha,0)))","v":0},{"$f":"MATCH(0,OFFSET($D215,1,$C215,ROW($A$435)-ROW($A215)),0)","v":21},{"$f":"MATCH(OFFSET($D215,0,$C215)+1,OFFSET($D215,1,$C215,ROW($A$435)-ROW($A215)),0)","v":3},{"$f":"ROUND(INDEX(PO!U$11:U$1504,MATCH($A215,PO!$W$11:$W$1504,0)),2)+10^-12","v":4657.0200000000013},null,null,null,"Acumulado (R$)",{"$f":"IF($B215,ROUND(P214*$N213,2),ROUND(SUMIF(OFFSET($B215,1,0,$D215),TRUE,OFFSET(P215,1,0,$D215))/SUMIF(OFFSET($B215,1,0,$D215),TRUE,OFFSET($K215,1,0,$D215))*$N213,2))","v":0},0,0,0,0,0,0,4657.0200000000004]
[null,null,null,null,null,null,null,null,null,null,null,{"$f":"INDEX(PO!K$11:K$1504,MATCH($A218,PO!$W$11:$W$1504,0))","v":"9.6."},{"$f":"INDEX(PO!O$11:O$1504,MATCH($A218,PO!$W$11:$W$1504,0))","v":"Atividade 58 - Plantão Social região Jardim Ikaraí"},{"$f":"IF(ROUND(K218,2)=0,K218,ROUND(K218,2))","v":3427.56},"Parcela (%)",null,null,null,null,null,null,null,1]
[null,null,null,null,null,null,null,null,null,null,null,null,null,null,"Acumulado (%)",{"$f":"MIN(IF($B218,P216+IF(ISNUMBER(O217),O217,0),P218/$N216),1)","v":0},0,0,0,0,0,0,1]
[{"$f":"OFFSET(A218,-CFF.NumLinha,0)+1","v":67},{"$f":"$C218>=OFFSET($C218,CFF.NumLinha,0)","v":true},{"$f":"INDEX(PO!A$11:A$1504,MATCH($A218,PO!$W$11:$W$1504,0))","v":2},{"$f":"IF(ISERROR(J218),I218,SMALL(I218:J218,1))-1","v":2},{"$f":"IF($C218=1,OFFSET(E218,-CFF.NumLinha,0)+1,OFFSET(E218,-CFF.NumLinha,0))","v":9},{"$f":"IF($C218=1,0,IF($C218=2,OFFSET(F218,-CFF.NumLinha,0)+1,OFFSET(F218,-CFF.NumLinha,0)))","v":6},{"$f":"IF(AND($C218<=2,$C218<>0),0,IF($C218=3,OFFSET(G218,-CFF.NumLinha,0)+1,OFFSET(G218,-CFF.NumLinha,0)))","v":0},{"$f":"IF(AND($C218<=3,$C218<>0),0,IF($C218=4,OFFSET(H218,-CFF.NumLinha,0)+1,OFFSET(H218,-CFF.NumLinha,0)))","v":0},{"$f":"MATCH(0,OFFSET($D218,1,$C218,ROW($A$435)-ROW($A218)),0)","v":18},{"$f":"MATCH(OFFSET($D218,0,$C218)+1,OFFSET($D218,1,$C218,ROW($A$435)-ROW($A218)),0)","v":3},{"$f":"ROUND(INDEX(PO!U$11:U$1504,MATCH($A218,PO!$W$11:$W$1504,0)),2)+10^-12","v":3427.5600000000009},null,null,null,"Acumulado (R$)",{"$f":"IF($B218,ROUND(P217*$N216,2),ROUND(SUMIF(OFFSET($B218,1,0,$D218),TRUE,OFFSET(P218,1,0,$D218))/SUMIF(OFFSET($B218,1,0,$D218),TRUE,OFFSET($K218,1,0,$D218))*$N216,2))","v":0},0,0,0,0,0,0,3427.56]
[null,null,null,null,null,null,null,null,null,null,null,{"$f":"INDEX(PO!K$11:K$1504,MATCH($A221,PO!$W$11:$W$1504,0))","v":"9.7."},{"$f":"INDEX(PO!O$11:O$1504,MATCH($A221,PO!$W$11:$W$1504,0))","v":"Atividade 59 - Palestra: Preservação ambiental e combate epedemias (dengue e outros) região Parque São João"},{"$f":"IF(ROUND(K221,2)=0,K221,ROUND(K221,2))","v":10228.35},"Parcela (%)",null,null,null,null,null,null,null,1]
[null,null,null,null,null,null,null,null,null,null,null,null,null,null,"Acumulado (%)",{"$f":"MIN(IF($B221,P219+IF(ISNUMBER(O220),O220,0),P221/$N219),1)","v":0},0,0,0,0,0,0,1]
[{"$f":"OFFSET(A221,-CFF.NumLinha,0)+1","v":68},{"$f":"$C221>=OFFSET($C221,CFF.NumLinha,0)","v":true},{"$f":"INDEX(PO!A$11:A$1504,MATCH($A221,PO!$W$11:$W$1504,0))","v":2},{"$f":"IF(ISERROR(J221),I221,SMALL(I221:J221,1))-1","v":2},{"$f":"IF($C221=1,OFFSET(E221,-CFF.NumLinha,0)+1,OFFSET(E221,-CFF.NumLinha,0))","v":9},{"$f":"IF($C221=1,0,IF($C221=2,OFFSET(F221,-CFF.NumLinha,0)+1,OFFSET(F221,-CFF.NumLinha,0)))","v":7},{"$f":"IF(AND($C221<=2,$C221<>0),0,IF($C221=3,OFFSET(G221,-CFF.NumLinha,0)+1,OFFSET(G221,-CFF.NumLinha,0)))","v":0},{"$f":"IF(AND($C221<=3,$C221<>0),0,IF($C221=4,OFFSET(H221,-CFF.NumLinha,0)+1,OFFSET(H221,-CFF.NumLinha,0)))","v":0},{"$f":"MATCH(0,OFFSET($D221,1,$C221,ROW($A$435)-ROW($A221)),0)","v":15},{"$f":"MATCH(OFFSET($D221,0,$C221)+1,OFFSET($D221,1,$C221,ROW($A$435)-ROW($A221)),0)","v":3},{"$f":"ROUND(INDEX(PO!U$11:U$1504,MATCH($A221,PO!$W$11:$W$1504,0)),2)+10^-12","v":10228.350000000002},null,null,null,"Acumulado (R$)",{"$f":"IF($B221,ROUND(P220*$N219,2),ROUND(SUMIF(OFFSET($B221,1,0,$D221),TRUE,OFFSET(P221,1,0,$D221))/SUMIF(OFFSET($B221,1,0,$D221),TRUE,OFFSET($K221,1,0,$D221))*$N219,2))","v":0},0,0,0,0,0,0,10228.35]
[null,null,null,null,null,null,null,null,null,null,null,{"$f":"INDEX(PO!K$11:K$1504,MATCH($A224,PO!$W$11:$W$1504,0))","v":"9.8."},{"$f":"INDEX(PO!O$11:O$1504,MATCH($A224,PO!$W$11:$W$1504,0))","v":"Atividade 60 - Oficina para melhor idade região Parque São João"},{"$f":"IF(ROUND(K224,2)=0,K224,ROUND(K224,2))","v":4003.24},"Parcela (%)",null,null,null,null,null,null,null,1]
[null,null,null,null,null,null,null,null,null,null,null,null,null,null,"Acumulado (%)",{"$f":"MIN(IF($B224,P222+IF(ISNUMBER(O223),O223,0),P224/$N222),1)","v":0},0,0,0,0,0,0,1]
[{"$f":"OFFSET(A224,-CFF.NumLinha,0)+1","v":69},{"$f":"$C224>=OFFSET($C224,CFF.NumLinha,0)","v":true},{"$f":"INDEX(PO!A$11:A$1504,MATCH($A224,PO!$W$11:$W$1504,0))","v":2},{"$f":"IF(ISERROR(J224),I224,SMALL(I224:J224,1))-1","v":2},{"$f":"IF($C224=1,OFFSET(E224,-CFF.NumLinha,0)+1,OFFSET(E224,-CFF.NumLinha,0))","v":9},{"$f":"IF($C224=1,0,IF($C224=2,OFFSET(F224,-CFF.NumLinha,0)+1,OFFSET(F224,-CFF.NumLinha,0)))","v":8},{"$f":"IF(AND($C224<=2,$C224<>0),0,IF($C224=3,OFFSET(G224,-CFF.NumLinha,0)+1,OFFSET(G224,-CFF.NumLinha,0)))","v":0},{"$f":"IF(AND($C224<=3,$C224<>0),0,IF($C224=4,OFFSET(H224,-CFF.NumLinha,0)+1,OFFSET(H224,-CFF.NumLinha,0)))","v":0},{"$f":"MATCH(0,OFFSET($D224,1,$C224,ROW($A$435)-ROW($A224)),0)","v":12},{"$f":"MATCH(OFFSET($D224,0,$C224)+1,OFFSET($D224,1,$C224,ROW($A$435)-ROW($A224)),0)","v":3},{"$f":"ROUND(INDEX(PO!U$11:U$1504,MATCH($A224,PO!$W$11:$W$1504,0)),2)+10^-12","v":4003.2400000000007},null,null,null,"Acumulado (R$)",{"$f":"IF($B224,ROUND(P223*$N222,2),ROUND(SUMIF(OFFSET($B224,1,0,$D224),TRUE,OFFSET(P224,1,0,$D224))/SUMIF(OFFSET($B224,1,0,$D224),TRUE,OFFSET($K224,1,0,$D224))*$N222,2))","v":0},0,0,0,0,0,0,4003.24]
[null,null,null,null,null,null,null,null,null,null,null,{"$f":"INDEX(PO!K$11:K$1504,MATCH($A227,PO!$W$11:$W$1504,0))","v":"9.9."},{"$f":"INDEX(PO!O$11:O$1504,MATCH($A227,PO!$W$11:$W$1504,0))","v":"Atividade 61 - Palestra: Preservação ambiental e combate epidemias (dengue e outros) região Jardim Ikaraí"},{"$f":"IF(ROUND(K227,2)=0,K227,ROUND(K227,2))","v":5687.92},"Parcela (%)",null,null,null,null,null,null,null,1]
[null,null,null,null,null,null,null,null,null,null,null,null,null,null,"Acumulado (%)",{"$f":"MIN(IF($B227,P225+IF(ISNUMBER(O226),O226,0),P227/$N225),1)","v":0},0,0,0,0,0,0,1]
[{"$f":"OFFSET(A227,-CFF.NumLinha,0)+1","v":70},{"$f":"$C227>=OFFSET($C227,CFF.NumLinha,0)","v":true},{"$f":"INDEX(PO!A$11:A$1504,MATCH($A227,PO!$W$11:$W$1504,0))","v":2},{"$f":"IF(ISERROR(J227),I227,SMALL(I227:J227,1))-1","v":2},{"$f":"IF($C227=1,OFFSET(E227,-CFF.NumLinha,0)+1,OFFSET(E227,-CFF.NumLinha,0))","v":9},{"$f":"IF($C227=1,0,IF($C227=2,OFFSET(F227,-CFF.NumLinha,0)+1,OFFSET(F227,-CFF.NumLinha,0)))","v":9},{"$f":"IF(AND($C227<=2,$C227<>0),0,IF($C227=3,OFFSET(G227,-CFF.NumLinha,0)+1,OFFSET(G227,-CFF.NumLinha,0)))","v":0},{"$f":"IF(AND($C227<=3,$C227<>0),0,IF($C227=4,OFFSET(H227,-CFF.NumLinha,0)+1,OFFSET(H227,-CFF.NumLinha,0)))","v":0},{"$f":"MATCH(0,OFFSET($D227,1,$C227,ROW($A$435)-ROW($A227)),0)","v":9},{"$f":"MATCH(OFFSET($D227,0,$C227)+1,OFFSET($D227,1,$C227,ROW($A$435)-ROW($A227)),0)","v":3},{"$f":"ROUND(INDEX(PO!U$11:U$1504,MATCH($A227,PO!$W$11:$W$1504,0)),2)+10^-12","v":5687.920000000001},null,null,null,"Acumulado (R$)",{"$f":"IF($B227,ROUND(P226*$N225,2),ROUND(SUMIF(OFFSET($B227,1,0,$D227),TRUE,OFFSET(P227,1,0,$D227))/SUMIF(OFFSET($B227,1,0,$D227),TRUE,OFFSET($K227,1,0,$D227))*$N225,2))","v":0},0,0,0,0,0,0,5687.92]
[null,null,null,null,null,null,null,null,null,null,null,{"$f":"INDEX(PO!K$11:K$1504,MATCH($A230,PO!$W$11:$W$1504,0))","v":"9.10."},{"$f":"INDEX(PO!O$11:O$1504,MATCH($A230,PO!$W$11:$W$1504,0))","v":"Atividade 62 - Oficina para melhor idade região Jardim Ikaraí"},{"$f":"IF(ROUND(K230,2)=0,K230,ROUND(K230,2))","v":4465.74},"Parcela (%)"]
[null,null,null,null,null,null,null,null,null,null,null,null,null,null,"Acumulado (%)",{"$f":"MIN(IF($B230,P228+IF(ISNUMBER(O229),O229,0),P230/$N228),1)","v":0},0,0,0,0,0,0,0]
[{"$f":"OFFSET(A230,-CFF.NumLinha,0)+1","v":71},{"$f":"$C230>=OFFSET($C230,CFF.NumLinha,0)","v":true},{"$f":"INDEX(PO!A$11:A$1504,MATCH($A230,PO!$W$11:$W$1504,0))","v":2},{"$f":"IF(ISERROR(J230),I230,SMALL(I230:J230,1))-1","v":2},{"$f":"IF($C230=1,OFFSET(E230,-CFF.NumLinha,0)+1,OFFSET(E230,-CFF.NumLinha,0))","v":9},{"$f":"IF($C230=1,0,IF($C230=2,OFFSET(F230,-CFF.NumLinha,0)+1,OFFSET(F230,-CFF.NumLinha,0)))","v":10},{"$f":"IF(AND($C230<=2,$C230<>0),0,IF($C230=3,OFFSET(G230,-CFF.NumLinha,0)+1,OFFSET(G230,-CFF.NumLinha,0)))","v":0},{"$f":"IF(AND($C230<=3,$C230<>0),0,IF($C230=4,OFFSET(H230,-CFF.NumLinha,0)+1,OFFSET(H230,-CFF.NumLinha,0)))","v":0},{"$f":"MATCH(0,OFFSET($D230,1,$C230,ROW($A$435)-ROW($A230)),0)","v":6},{"$f":"MATCH(OFFSET($D230,0,$C230)+1,OFFSET($D230,1,$C230,ROW($A$435)-ROW($A230)),0)","v":3},{"$f":"ROUND(INDEX(PO!U$11:U$1504,MATCH($A230,PO!$W$11:$W$1504,0)),2)+10^-12","v":4465.7400000000007},null,null,null,"Acumulado (R$)",{"$f":"IF($B230,ROUND(P229*$N228,2),ROUND(SUMIF(OFFSET($B230,1,0,$D230),TRUE,OFFSET(P230,1,0,$D230))/SUMIF(OFFSET($B230,1,0,$D230),TRUE,OFFSET($K230,1,0,$D230))*$N228,2))","v":0},0,0,0,0,0,0,0]
[null,null,null,null,null,null,null,null,null,null,null,{"$f":"INDEX(PO!K$11:K$1504,MATCH($A233,PO!$W$11:$W$1504,0))","v":"9.11."},{"$f":"INDEX(PO!O$11:O$1504,MATCH($A233,PO!$W$11:$W$1504,0))","v":"Atividade 63 - Palestra: Preservação ambiental e combate epidemia (dengue e outros) Bairro: Frutal de Minas e Jardim Paula II"},{"$f":"IF(ROUND(K233,2)=0,K233,ROUND(K233,2))","v":5687.92},"Parcela (%)"]
[null,null,null,null,null,null,null,null,null,null,null,null,null,null,"Acumulado (%)",{"$f":"MIN(IF($B233,P231+IF(ISNUMBER(O232),O232,0),P233/$N231),1)","v":0},0,0,0,0,0,0,0]
[{"$f":"OFFSET(A233,-CFF.NumLinha,0)+1","v":72},{"$f":"$C233>=OFFSET($C233,CFF.NumLinha,0)","v":true},{"$f":"INDEX(PO!A$11:A$1504,MATCH($A233,PO!$W$11:$W$1504,0))","v":2},{"$f":"IF(ISERROR(J233),I233,SMALL(I233:J233,1))-1","v":2},{"$f":"IF($C233=1,OFFSET(E233,-CFF.NumLinha,0)+1,OFFSET(E233,-CFF.NumLinha,0))","v":9},{"$f":"IF($C233=1,0,IF($C233=2,OFFSET(F233,-CFF.NumLinha,0)+1,OFFSET(F233,-CFF.NumLinha,0)))","v":11},{"$f":"IF(AND($C233<=2,$C233<>0),0,IF($C233=3,OFFSET(G233,-CFF.NumLinha,0)+1,OFFSET(G233,-CFF.NumLinha,0)))","v":0},{"$f":"IF(AND($C233<=3,$C233<>0),0,IF($C233=4,OFFSET(H233,-CFF.NumLinha,0)+1,OFFSET(H233,-CFF.NumLinha,0)))","v":0},{"$f":"MATCH(0,OFFSET($D233,1,$C233,ROW($A$435)-ROW($A233)),0)","v":3},{"$f":"MATCH(OFFSET($D233,0,$C233)+1,OFFSET($D233,1,$C233,ROW($A$435)-ROW($A233)),0)","v":{"$error":"#N/A"}},{"$f":"ROUND(INDEX(PO!U$11:U$1504,MATCH($A233,PO!$W$11:$W$1504,0)),2)+10^-12","v":5687.920000000001},null,null,null,"Acumulado (R$)",{"$f":"IF($B233,ROUND(P232*$N231,2),ROUND(SUMIF(OFFSET($B233,1,0,$D233),TRUE,OFFSET(P233,1,0,$D233))/SUMIF(OFFSET($B233,1,0,$D233),TRUE,OFFSET($K233,1,0,$D233))*$N231,2))","v":0},0,0,0,0,0,0,0]
[null,null,null,null,null,null,null,null,null,null,null,{"$f":"INDEX(PO!K$11:K$1504,MATCH($A236,PO!$W$11:$W$1504,0))","v":"10."},{"$f":"INDEX(PO!O$11:O$1504,MATCH($A236,PO!$W$11:$W$1504,0))","v":"MÊS 10 - INFORMAÇÕES/AÇÃO DE SAÚDE"},{"$f":"IF(ROUND(K236,2)=0,K236,ROUND(K236,2))","v":61773.08},"Parcela (%)"]
[null,null,null,null,null,null,null,null,null,null,null,null,null,null,"Acumulado (%)",{"$f":"MIN(IF($B236,P234+IF(ISNUMBER(O235),O235,0),P236/$N234),1)","v":0},0,0,0,0,0,0,0]
[{"$f":"OFFSET(A236,-CFF.NumLinha,0)+1","v":73},{"$f":"$C236>=OFFSET($C236,CFF.NumLinha,0)","v":false},{"$f":"INDEX(PO!A$11:A$1504,MATCH($A236,PO!$W$11:$W$1504,0))","v":1},{"$f":"IF(ISERROR(J236),I236,SMALL(I236:J236,1))-1","v":26},{"$f":"IF($C236=1,OFFSET(E236,-CFF.NumLinha,0)+1,OFFSET(E236,-CFF.NumLinha,0))","v":10},{"$f":"IF($C236=1,0,IF($C236=2,OFFSET(F236,-CFF.NumLinha,0)+1,OFFSET(F236,-CFF.NumLinha,0)))","v":0},{"$f":"IF(AND($C236<=2,$C236<>0),0,IF($C236=3,OFFSET(G236,-CFF.NumLinha,0)+1,OFFSET(G236,-CFF.NumLinha,0)))","v":0},{"$f":"IF(AND($C236<=3,$C236<>0),0,IF($C236=4,OFFSET(H236,-CFF.NumLinha,0)+1,OFFSET(H236,-CFF.NumLinha,0)))","v":0},{"$f":"MATCH(0,OFFSET($D236,1,$C236,ROW($A$435)-ROW($A236)),0)","v":199},{"$f":"MATCH(OFFSET($D236,0,$C236)+1,OFFSET($D236,1,$C236,ROW($A$435)-ROW($A236)),0)","v":27},{"$f":"ROUND(INDEX(PO!U$11:U$1504,MATCH($A236,PO!$W$11:$W$1504,0)),2)+10^-12","v":61773.08},null,null,null,"Acumulado (R$)",{"$f":"IF($B236,ROUND(P235*$N234,2),ROUND(SUMIF(OFFSET($B236,1,0,$D236),TRUE,OFFSET(P236,1,0,$D236))/SUMIF(OFFSET($B236,1,0,$D236),TRUE,OFFSET($K236,1,0,$D236))*$N234,2))","v":0},0,0,0,0,0,0,0]
[null,null,null,null,null,null,null,null,null,null,null,{"$f":"INDEX(PO!K$11:K$1504,MATCH($A239,PO!$W$11:$W$1504,0))","v":"10.1."},{"$f":"INDEX(PO!O$11:O$1504,MATCH($A239,PO!$W$11:$W$1504,0))","v":"Atividade 64 - Ação de saúde e gincana interativa região Parque São João"},{"$f":"IF(ROUND(K239,2)=0,K239,ROUND(K239,2))","v":14631.57},"Parcela (%)"]
[null,null,null,null,null,null,null,null,null,null,null,null,null,null,"Acumulado (%)",{"$f":"MIN(IF($B239,P237+IF(ISNUMBER(O238),O238,0),P239/$N237),1)","v":0},0,0,0,0,0,0,0]
[{"$f":"OFFSET(A239,-CFF.NumLinha,0)+1","v":74},{"$f":"$C239>=OFFSET($C239,CFF.NumLinha,0)","v":true},{"$f":"INDEX(PO!A$11:A$1504,MATCH($A239,PO!$W$11:$W$1504,0))","v":2},{"$f":"IF(ISERROR(J239),I239,SMALL(I239:J239,1))-1","v":2},{"$f":"IF($C239=1,OFFSET(E239,-CFF.NumLinha,0)+1,OFFSET(E239,-CFF.NumLinha,0))","v":10},{"$f":"IF($C239=1,0,IF($C239=2,OFFSET(F239,-CFF.NumLinha,0)+1,OFFSET(F239,-CFF.NumLinha,0)))","v":1},{"$f":"IF(AND($C239<=2,$C239<>0),0,IF($C239=3,OFFSET(G239,-CFF.NumLinha,0)+1,OFFSET(G239,-CFF.NumLinha,0)))","v":0},{"$f":"IF(AND($C239<=3,$C239<>0),0,IF($C239=4,OFFSET(H239,-CFF.NumLinha,0)+1,OFFSET(H239,-CFF.NumLinha,0)))","v":0},{"$f":"MATCH(0,OFFSET($D239,1,$C239,ROW($A$435)-ROW($A239)),0)","v":24},{"$f":"MATCH(OFFSET($D239,0,$C239)+1,OFFSET($D239,1,$C239,ROW($A$435)-ROW($A239)),0)","v":3},{"$f":"ROUND(INDEX(PO!U$11:U$1504,MATCH($A239,PO!$W$11:$W$1504,0)),2)+10^-12","v":14631.570000000002},null,null,null,"Acumulado (R$)",{"$f":"IF($B239,ROUND(P238*$N237,2),ROUND(SUMIF(OFFSET($B239,1,0,$D239),TRUE,OFFSET(P239,1,0,$D239))/SUMIF(OFFSET($B239,1,0,$D239),TRUE,OFFSET($K239,1,0,$D239))*$N237,2))","v":0},0,0,0,0,0,0,0]
[null,null,null,null,null,null,null,null,null,null,null,{"$f":"INDEX(PO!K$11:K$1504,MATCH($A242,PO!$W$11:$W$1504,0))","v":"10.2."},{"$f":"INDEX(PO!O$11:O$1504,MATCH($A242,PO!$W$11:$W$1504,0))","v":"Atividade 65 - Plantão Social região Parque São João"},{"$f":"IF(ROUND(K242,2)=0,K242,ROUND(K242,2))","v":3427.56},"Parcela (%)"]
[null,null,null,null,null,null,null,null,null,null,null,null,null,null,"Acumulado (%)",{"$f":"MIN(IF($B242,P240+IF(ISNUMBER(O241),O241,0),P242/$N240),1)","v":0},0,0,0,0,0,0,0]
[{"$f":"OFFSET(A242,-CFF.NumLinha,0)+1","v":75},{"$f":"$C242>=OFFSET($C242,CFF.NumLinha,0)","v":true},{"$f":"INDEX(PO!A$11:A$1504,MATCH($A242,PO!$W$11:$W$1504,0))","v":2},{"$f":"IF(ISERROR(J242),I242,SMALL(I242:J242,1))-1","v":2},{"$f":"IF($C242=1,OFFSET(E242,-CFF.NumLinha,0)+1,OFFSET(E242,-CFF.NumLinha,0))","v":10},{"$f":"IF($C242=1,0,IF($C242=2,OFFSET(F242,-CFF.NumLinha,0)+1,OFFSET(F242,-CFF.NumLinha,0)))","v":2},{"$f":"IF(AND($C242<=2,$C242<>0),0,IF($C242=3,OFFSET(G242,-CFF.NumLinha,0)+1,OFFSET(G242,-CFF.NumLinha,0)))","v":0},{"$f":"IF(AND($C242<=3,$C242<>0),0,IF($C242=4,OFFSET(H242,-CFF.NumLinha,0)+1,OFFSET(H242,-CFF.NumLinha,0)))","v":0},{"$f":"MATCH(0,OFFSET($D242,1,$C242,ROW($A$435)-ROW($A242)),0)","v":21},{"$f":"MATCH(OFFSET($D242,0,$C242)+1,OFFSET($D242,1,$C242,ROW($A$435)-ROW($A242)),0)","v":3},{"$f":"ROUND(INDEX(PO!U$11:U$1504,MATCH($A242,PO!$W$11:$W$1504,0)),2)+10^-12","v":3427.5600000000009},null,null,null,"Acumulado (R$)",{"$f":"IF($B242,ROUND(P241*$N240,2),ROUND(SUMIF(OFFSET($B242,1,0,$D242),TRUE,OFFSET(P242,1,0,$D242))/SUMIF(OFFSET($B242,1,0,$D242),TRUE,OFFSET($K242,1,0,$D242))*$N240,2))","v":0},0,0,0,0,0,0,0]
[null,null,null,null,null,null,null,null,null,null,null,{"$f":"INDEX(PO!K$11:K$1504,MATCH($A245,PO!$W$11:$W$1504,0))","v":"10.3."},{"$f":"INDEX(PO!O$11:O$1504,MATCH($A245,PO!$W$11:$W$1504,0))","v":"Atividade 66 - Ação de saúde e gincana interativa região Jardim Ikaraí"},{"$f":"IF(ROUND(K245,2)=0,K245,ROUND(K245,2))","v":9603.68},"Parcela (%)"]
[null,null,null,null,null,null,null,null,null,null,null,null,null,null,"Acumulado (%)",{"$f":"MIN(IF($B245,P243+IF(ISNUMBER(O244),O244,0),P245/$N243),1)","v":0},0,0,0,0,0,0,0]
[{"$f":"OFFSET(A245,-CFF.NumLinha,0)+1","v":76},{"$f":"$C245>=OFFSET($C245,CFF.NumLinha,0)","v":true},{"$f":"INDEX(PO!A$11:A$1504,MATCH($A245,PO!$W$11:$W$1504,0))","v":2},{"$f":"IF(ISERROR(J245),I245,SMALL(I245:J245,1))-1","v":2},{"$f":"IF($C245=1,OFFSET(E245,-CFF.NumLinha,0)+1,OFFSET(E245,-CFF.NumLinha,0))","v":10},{"$f":"IF($C245=1,0,IF($C245=2,OFFSET(F245,-CFF.NumLinha,0)+1,OFFSET(F245,-CFF.NumLinha,0)))","v":3},{"$f":"IF(AND($C245<=2,$C245<>0),0,IF($C245=3,OFFSET(G245,-CFF.NumLinha,0)+1,OFFSET(G245,-CFF.NumLinha,0)))","v":0},{"$f":"IF(AND($C245<=3,$C245<>0),0,IF($C245=4,OFFSET(H245,-CFF.NumLinha,0)+1,OFFSET(H245,-CFF.NumLinha,0)))","v":0},{"$f":"MATCH(0,OFFSET($D245,1,$C245,ROW($A$435)-ROW($A245)),0)","v":18},{"$f":"MATCH(OFFSET($D245,0,$C245)+1,OFFSET($D245,1,$C245,ROW($A$435)-ROW($A245)),0)","v":3},{"$f":"ROUND(INDEX(PO!U$11:U$1504,MATCH($A245,PO!$W$11:$W$1504,0)),2)+10^-12","v":9603.6800000000021},null,null,null,"Acumulado (R$)",{"$f":"IF($B245,ROUND(P244*$N243,2),ROUND(SUMIF(OFFSET($B245,1,0,$D245),TRUE,OFFSET(P245,1,0,$D245))/SUMIF(OFFSET($B245,1,0,$D245),TRUE,OFFSET($K245,1,0,$D245))*$N243,2))","v":0},0,0,0,0,0,0,0]
[null,null,null,null,null,null,null,null,null,null,null,{"$f":"INDEX(PO!K$11:K$1504,MATCH($A248,PO!$W$11:$W$1504,0))","v":"10.4."},{"$f":"INDEX(PO!O$11:O$1504,MATCH($A248,PO!$W$11:$W$1504,0))","v":"Atividade 67 - Plantão Social região Jardim Ikaraí"},{"$f":"IF(ROUND(K248,2)=0,K248,ROUND(K248,2))","v":3427.56},"Parcela (%)"]
[null,null,null,null,null,null,null,null,null,null,null,null,null,null,"Acumulado (%)",{"$f":"MIN(IF($B248,P246+IF(ISNUMBER(O247),O247,0),P248/$N246),1)","v":0},0,0,0,0,0,0,0]
[{"$f":"OFFSET(A248,-CFF.NumLinha,0)+1","v":77},{"$f":"$C248>=OFFSET($C248,CFF.NumLinha,0)","v":true},{"$f":"INDEX(PO!A$11:A$1504,MATCH($A248,PO!$W$11:$W$1504,0))","v":2},{"$f":"IF(ISERROR(J248),I248,SMALL(I248:J248,1))-1","v":2},{"$f":"IF($C248=1,OFFSET(E248,-CFF.NumLinha,0)+1,OFFSET(E248,-CFF.NumLinha,0))","v":10},{"$f":"IF($C248=1,0,IF($C248=2,OFFSET(F248,-CFF.NumLinha,0)+1,OFFSET(F248,-CFF.NumLinha,0)))","v":4},{"$f":"IF(AND($C248<=2,$C248<>0),0,IF($C248=3,OFFSET(G248,-CFF.NumLinha,0)+1,OFFSET(G248,-CFF.NumLinha,0)))","v":0},{"$f":"IF(AND($C248<=3,$C248<>0),0,IF($C248=4,OFFSET(H248,-CFF.NumLinha,0)+1,OFFSET(H248,-CFF.NumLinha,0)))","v":0},{"$f":"MATCH(0,OFFSET($D248,1,$C248,ROW($A$435)-ROW($A248)),0)","v":15},{"$f":"MATCH(OFFSET($D248,0,$C248)+1,OFFSET($D248,1,$C248,ROW($A$435)-ROW($A248)),0)","v":3},{"$f":"ROUND(INDEX(PO!U$11:U$1504,MATCH($A248,PO!$W$11:$W$1504,0)),2)+10^-12","v":3427.5600000000009},null,null,null,"Acumulado (R$)",{"$f":"IF($B248,ROUND(P247*$N246,2),ROUND(SUMIF(OFFSET($B248,1,0,$D248),TRUE,OFFSET(P248,1,0,$D248))/SUMIF(OFFSET($B248,1,0,$D248),TRUE,OFFSET($K248,1,0,$D248))*$N246,2))","v":0},0,0,0,0,0,0,0]
[null,null,null,null,null,null,null,null,null,null,null,{"$f":"INDEX(PO!K$11:K$1504,MATCH($A251,PO!$W$11:$W$1504,0))","v":"10.5."},{"$f":"INDEX(PO!O$11:O$1504,MATCH($A251,PO!$W$11:$W$1504,0))","v":"Atividade 68 - Ação de saúde e gincana interativa Bairro: Frutal de Minas e Jardim PaulaII"},{"$f":"IF(ROUND(K251,2)=0,K251,ROUND(K251,2))","v":6603.71},"Parcela (%)"]
[null,null,null,null,null,null,null,null,null,null,null,null,null,null,"Acumulado (%)",{"$f":"MIN(IF($B251,P249+IF(ISNUMBER(O250),O250,0),P251/$N249),1)","v":0},0,0,0,0,0,0,0]
[{"$f":"OFFSET(A251,-CFF.NumLinha,0)+1","v":78},{"$f":"$C251>=OFFSET($C251,CFF.NumLinha,0)","v":true},{"$f":"INDEX(PO!A$11:A$1504,MATCH($A251,PO!$W$11:$W$1504,0))","v":2},{"$f":"IF(ISERROR(J251),I251,SMALL(I251:J251,1))-1","v":2},{"$f":"IF($C251=1,OFFSET(E251,-CFF.NumLinha,0)+1,OFFSET(E251,-CFF.NumLinha,0))","v":10},{"$f":"IF($C251=1,0,IF($C251=2,OFFSET(F251,-CFF.NumLinha,0)+1,OFFSET(F251,-CFF.NumLinha,0)))","v":5},{"$f":"IF(AND($C251<=2,$C251<>0),0,IF($C251=3,OFFSET(G251,-CFF.NumLinha,0)+1,OFFSET(G251,-CFF.NumLinha,0)))","v":0},{"$f":"IF(AND($C251<=3,$C251<>0),0,IF($C251=4,OFFSET(H251,-CFF.NumLinha,0)+1,OFFSET(H251,-CFF.NumLinha,0)))","v":0},{"$f":"MATCH(0,OFFSET($D251,1,$C251,ROW($A$435)-ROW($A251)),0)","v":12},{"$f":"MATCH(OFFSET($D251,0,$C251)+1,OFFSET($D251,1,$C251,ROW($A$435)-ROW($A251)),0)","v":3},{"$f":"ROUND(INDEX(PO!U$11:U$1504,MATCH($A251,PO!$W$11:$W$1504,0)),2)+10^-12","v":6603.7100000000009},null,null,null,"Acumulado (R$)",{"$f":"IF($B251,ROUND(P250*$N249,2),ROUND(SUMIF(OFFSET($B251,1,0,$D251),TRUE,OFFSET(P251,1,0,$D251))/SUMIF(OFFSET($B251,1,0,$D251),TRUE,OFFSET($K251,1,0,$D251))*$N249,2))","v":0},0,0,0,0,0,0,0]
[null,null,null,null,null,null,null,null,null,null,null,{"$f":"INDEX(PO!K$11:K$1504,MATCH($A254,PO!$W$11:$W$1504,0))","v":"10.6."},{"$f":"INDEX(PO!O$11:O$1504,MATCH($A254,PO!$W$11:$W$1504,0))","v":"Atividade 69 - Palestra da família prevenção masculina e feminina região Parque São João"},{"$f":"IF(ROUND(K254,2)=0,K254,ROUND(K254,2))","v":9836.6200000000008},"Parcela (%)"]
[null,null,null,null,null,null,null,null,null,null,null,null,null,null,"Acumulado (%)",{"$f":"MIN(IF($B254,P252+IF(ISNUMBER(O253),O253,0),P254/$N252),1)","v":0},0,0,0,0,0,0,0]
[{"$f":"OFFSET(A254,-CFF.NumLinha,0)+1","v":79},{"$f":"$C254>=OFFSET($C254,CFF.NumLinha,0)","v":true},{"$f":"INDEX(PO!A$11:A$1504,MATCH($A254,PO!$W$11:$W$1504,0))","v":2},{"$f":"IF(ISERROR(J254),I254,SMALL(I254:J254,1))-1","v":2},{"$f":"IF($C254=1,OFFSET(E254,-CFF.NumLinha,0)+1,OFFSET(E254,-CFF.NumLinha,0))","v":10},{"$f":"IF($C254=1,0,IF($C254=2,OFFSET(F254,-CFF.NumLinha,0)+1,OFFSET(F254,-CFF.NumLinha,0)))","v":6},{"$f":"IF(AND($C254<=2,$C254<>0),0,IF($C254=3,OFFSET(G254,-CFF.NumLinha,0)+1,OFFSET(G254,-CFF.NumLinha,0)))","v":0},{"$f":"IF(AND($C254<=3,$C254<>0),0,IF($C254=4,OFFSET(H254,-CFF.NumLinha,0)+1,OFFSET(H254,-CFF.NumLinha,0)))","v":0},{"$f":"MATCH(0,OFFSET($D254,1,$C254,ROW($A$435)-ROW($A254)),0)","v":9},{"$f":"MATCH(OFFSET($D254,0,$C254)+1,OFFSET($D254,1,$C254,ROW($A$435)-ROW($A254)),0)","v":3},{"$f":"ROUND(INDEX(PO!U$11:U$1504,MATCH($A254,PO!$W$11:$W$1504,0)),2)+10^-12","v":9836.6200000000026},null,null,null,"Acumulado (R$)",{"$f":"IF($B254,ROUND(P253*$N252,2),ROUND(SUMIF(OFFSET($B254,1,0,$D254),TRUE,OFFSET(P254,1,0,$D254))/SUMIF(OFFSET($B254,1,0,$D254),TRUE,OFFSET($K254,1,0,$D254))*$N252,2))","v":0},0,0,0,0,0,0,0]
[null,null,null,null,null,null,null,null,null,null,null,{"$f":"INDEX(PO!K$11:K$1504,MATCH($A257,PO!$W$11:$W$1504,0))","v":"10.7."},{"$f":"INDEX(PO!O$11:O$1504,MATCH($A257,PO!$W$11:$W$1504,0))","v":"Atividade 70 - Palestra: Saúde da família e prevenção masculina e feminina região Jardim Ikaraí"},{"$f":"IF(ROUND(K257,2)=0,K257,ROUND(K257,2))","v":7121.19},"Parcela (%)"]
[null,null,null,null,null,null,null,null,null,null,null,null,null,null,"Acumulado (%)",{"$f":"MIN(IF($B257,P255+IF(ISNUMBER(O256),O256,0),P257/$N255),1)","v":0},0,0,0,0,0,0,0]
[{"$f":"OFFSET(A257,-CFF.NumLinha,0)+1","v":80},{"$f":"$C257>=OFFSET($C257,CFF.NumLinha,0)","v":true},{"$f":"INDEX(PO!A$11:A$1504,MATCH($A257,PO!$W$11:$W$1504,0))","v":2},{"$f":"IF(ISERROR(J257),I257,SMALL(I257:J257,1))-1","v":2},{"$f":"IF($C257=1,OFFSET(E257,-CFF.NumLinha,0)+1,OFFSET(E257,-CFF.NumLinha,0))","v":10},{"$f":"IF($C257=1,0,IF($C257=2,OFFSET(F257,-CFF.NumLinha,0)+1,OFFSET(F257,-CFF.NumLinha,0)))","v":7},{"$f":"IF(AND($C257<=2,$C257<>0),0,IF($C257=3,OFFSET(G257,-CFF.NumLinha,0)+1,OFFSET(G257,-CFF.NumLinha,0)))","v":0},{"$f":"IF(AND($C257<=3,$C257<>0),0,IF($C257=4,OFFSET(H257,-CFF.NumLinha,0)+1,OFFSET(H257,-CFF.NumLinha,0)))","v":0},{"$f":"MATCH(0,OFFSET($D257,1,$C257,ROW($A$435)-ROW($A257)),0)","v":6},{"$f":"MATCH(OFFSET($D257,0,$C257)+1,OFFSET($D257,1,$C257,ROW($A$435)-ROW($A257)),0)","v":3},{"$f":"ROUND(INDEX(PO!U$11:U$1504,MATCH($A257,PO!$W$11:$W$1504,0)),2)+10^-12","v":7121.1900000000005},null,null,null,"Acumulado (R$)",{"$f":"IF($B257,ROUND(P256*$N255,2),ROUND(SUMIF(OFFSET($B257,1,0,$D257),TRUE,OFFSET(P257,1,0,$D257))/SUMIF(OFFSET($B257,1,0,$D257),TRUE,OFFSET($K257,1,0,$D257))*$N255,2))","v":0},0,0,0,0,0,0,0]
[null,null,null,null,null,null,null,null,null,null,null,{"$f":"INDEX(PO!K$11:K$1504,MATCH($A260,PO!$W$11:$W$1504,0))","v":"10.8."},{"$f":"INDEX(PO!O$11:O$1504,MATCH($A260,PO!$W$11:$W$1504,0))","v":"Atividade 71 - Palestra: Saúde da família prevenção masculina e feminina Bairro: Frutal de Minas e Jardim Paula II"},{"$f":"IF(ROUND(K260,2)=0,K260,ROUND(K260,2))","v":7121.19},"Parcela (%)"]
[null,null,null,null,null,null,null,null,null,null,null,null,null,null,"Acumulado (%)",{"$f":"MIN(IF($B260,P258+IF(ISNUMBER(O259),O259,0),P260/$N258),1)","v":0},0,0,0,0,0,0,0]
[{"$f":"OFFSET(A260,-CFF.NumLinha,0)+1","v":81},{"$f":"$C260>=OFFSET($C260,CFF.NumLinha,0)","v":true},{"$f":"INDEX(PO!A$11:A$1504,MATCH($A260,PO!$W$11:$W$1504,0))","v":2},{"$f":"IF(ISERROR(J260),I260,SMALL(I260:J260,1))-1","v":2},{"$f":"IF($C260=1,OFFSET(E260,-CFF.NumLinha,0)+1,OFFSET(E260,-CFF.NumLinha,0))","v":10},{"$f":"IF($C260=1,0,IF($C260=2,OFFSET(F260,-CFF.NumLinha,0)+1,OFFSET(F260,-CFF.NumLinha,0)))","v":8},{"$f":"IF(AND($C260<=2,$C260<>0),0,IF($C260=3,OFFSET(G260,-CFF.NumLinha,0)+1,OFFSET(G260,-CFF.NumLinha,0)))","v":0},{"$f":"IF(AND($C260<=3,$C260<>0),0,IF($C260=4,OFFSET(H260,-CFF.NumLinha,0)+1,OFFSET(H260,-CFF.NumLinha,0)))","v":0},{"$f":"MATCH(0,OFFSET($D260,1,$C260,ROW($A$435)-ROW($A260)),0)","v":3},{"$f":"MATCH(OFFSET($D260,0,$C260)+1,OFFSET($D260,1,$C260,ROW($A$435)-ROW($A260)),0)","v":{"$error":"#N/A"}},{"$f":"ROUND(INDEX(PO!U$11:U$1504,MATCH($A260,PO!$W$11:$W$1504,0)),2)+10^-12","v":7121.1900000000005},null,null,null,"Acumulado (R$)",{"$f":"IF($B260,ROUND(P259*$N258,2),ROUND(SUMIF(OFFSET($B260,1,0,$D260),TRUE,OFFSET(P260,1,0,$D260))/SUMIF(OFFSET($B260,1,0,$D260),TRUE,OFFSET($K260,1,0,$D260))*$N258,2))","v":0},0,0,0,0,0,0,0]
[null,null,null,null,null,null,null,null,null,null,null,{"$f":"INDEX(PO!K$11:K$1504,MATCH($A263,PO!$W$11:$W$1504,0))","v":"11."},{"$f":"INDEX(PO!O$11:O$1504,MATCH($A263,PO!$W$11:$W$1504,0))","v":"MÊS 11 - INFORMAÇÕES/PALESTRA E GERAÇÃO E RENDA"},{"$f":"IF(ROUND(K263,2)=0,K263,ROUND(K263,2))","v":89893.87},"Parcela (%)"]
[null,null,null,null,null,null,null,null,null,null,null,null,null,null,"Acumulado (%)",{"$f":"MIN(IF($B263,P261+IF(ISNUMBER(O262),O262,0),P263/$N261),1)","v":0},0,0,0,0,0,0,0]
[{"$f":"OFFSET(A263,-CFF.NumLinha,0)+1","v":82},{"$f":"$C263>=OFFSET($C263,CFF.NumLinha,0)","v":false},{"$f":"INDEX(PO!A$11:A$1504,MATCH($A263,PO!$W$11:$W$1504,0))","v":1},{"$f":"IF(ISERROR(J263),I263,SMALL(I263:J263,1))-1","v":23},{"$f":"IF($C263=1,OFFSET(E263,-CFF.NumLinha,0)+1,OFFSET(E263,-CFF.NumLinha,0))","v":11},{"$f":"IF($C263=1,0,IF($C263=2,OFFSET(F263,-CFF.NumLinha,0)+1,OFFSET(F263,-CFF.NumLinha,0)))","v":0},{"$f":"IF(AND($C263<=2,$C263<>0),0,IF($C263=3,OFFSET(G263,-CFF.NumLinha,0)+1,OFFSET(G263,-CFF.NumLinha,0)))","v":0},{"$f":"IF(AND($C263<=3,$C263<>0),0,IF($C263=4,OFFSET(H263,-CFF.NumLinha,0)+1,OFFSET(H263,-CFF.NumLinha,0)))","v":0},{"$f":"MATCH(0,OFFSET($D263,1,$C263,ROW($A$435)-ROW($A263)),0)","v":172},{"$f":"MATCH(OFFSET($D263,0,$C263)+1,OFFSET($D263,1,$C263,ROW($A$435)-ROW($A263)),0)","v":24},{"$f":"ROUND(INDEX(PO!U$11:U$1504,MATCH($A263,PO!$W$11:$W$1504,0)),2)+10^-12","v":89893.87},null,null,null,"Acumulado (R$)",{"$f":"IF($B263,ROUND(P262*$N261,2),ROUND(SUMIF(OFFSET($B263,1,0,$D263),TRUE,OFFSET(P263,1,0,$D263))/SUMIF(OFFSET($B263,1,0,$D263),TRUE,OFFSET($K263,1,0,$D263))*$N261,2))","v":0},0,0,0,0,0,0,0]
[null,null,null,null,null,null,null,null,null,null,null,{"$f":"INDEX(PO!K$11:K$1504,MATCH($A266,PO!$W$11:$W$1504,0))","v":"11.1."},{"$f":"INDEX(PO!O$11:O$1504,MATCH($A266,PO!$W$11:$W$1504,0))","v":"Atividade 72 - Palestra Cidadania direitos e igualdades região Parque São João"},{"$f":"IF(ROUND(K266,2)=0,K266,ROUND(K266,2))","v":14097.18},"Parcela (%)"]
[null,null,null,null,null,null,null,null,null,null,null,null,null,null,"Acumulado (%)",{"$f":"MIN(IF($B266,P264+IF(ISNUMBER(O265),O265,0),P266/$N264),1)","v":0},0,0,0,0,0,0,0]
[{"$f":"OFFSET(A266,-CFF.NumLinha,0)+1","v":83},{"$f":"$C266>=OFFSET($C266,CFF.NumLinha,0)","v":true},{"$f":"INDEX(PO!A$11:A$1504,MATCH($A266,PO!$W$11:$W$1504,0))","v":2},{"$f":"IF(ISERROR(J266),I266,SMALL(I266:J266,1))-1","v":2},{"$f":"IF($C266=1,OFFSET(E266,-CFF.NumLinha,0)+1,OFFSET(E266,-CFF.NumLinha,0))","v":11},{"$f":"IF($C266=1,0,IF($C266=2,OFFSET(F266,-CFF.NumLinha,0)+1,OFFSET(F266,-CFF.NumLinha,0)))","v":1},{"$f":"IF(AND($C266<=2,$C266<>0),0,IF($C266=3,OFFSET(G266,-CFF.NumLinha,0)+1,OFFSET(G266,-CFF.NumLinha,0)))","v":0},{"$f":"IF(AND($C266<=3,$C266<>0),0,IF($C266=4,OFFSET(H266,-CFF.NumLinha,0)+1,OFFSET(H266,-CFF.NumLinha,0)))","v":0},{"$f":"MATCH(0,OFFSET($D266,1,$C266,ROW($A$435)-ROW($A266)),0)","v":21},{"$f":"MATCH(OFFSET($D266,0,$C266)+1,OFFSET($D266,1,$C266,ROW($A$435)-ROW($A266)),0)","v":3},{"$f":"ROUND(INDEX(PO!U$11:U$1504,MATCH($A266,PO!$W$11:$W$1504,0)),2)+10^-12","v":14097.180000000002},null,null,null,"Acumulado (R$)",{"$f":"IF($B266,ROUND(P265*$N264,2),ROUND(SUMIF(OFFSET($B266,1,0,$D266),TRUE,OFFSET(P266,1,0,$D266))/SUMIF(OFFSET($B266,1,0,$D266),TRUE,OFFSET($K266,1,0,$D266))*$N264,2))","v":0},0,0,0,0,0,0,0]
[null,null,null,null,null,null,null,null,null,null,null,{"$f":"INDEX(PO!K$11:K$1504,MATCH($A269,PO!$W$11:$W$1504,0))","v":"11.2."},{"$f":"INDEX(PO!O$11:O$1504,MATCH($A269,PO!$W$11:$W$1504,0))","v":"Atividade 73 - Plantão Social região Parque São João"},{"$f":"IF(ROUND(K269,2)=0,K269,ROUND(K269,2))","v":3427.56},"Parcela (%)"]
[null,null,null,null,null,null,null,null,null,null,null,null,null,null,"Acumulado (%)",{"$f":"MIN(IF($B269,P267+IF(ISNUMBER(O268),O268,0),P269/$N267),1)","v":0},0,0,0,0,0,0,0]
[{"$f":"OFFSET(A269,-CFF.NumLinha,0)+1","v":84},{"$f":"$C269>=OFFSET($C269,CFF.NumLinha,0)","v":true},{"$f":"INDEX(PO!A$11:A$1504,MATCH($A269,PO!$W$11:$W$1504,0))","v":2},{"$f":"IF(ISERROR(J269),I269,SMALL(I269:J269,1))-1","v":2},{"$f":"IF($C269=1,OFFSET(E269,-CFF.NumLinha,0)+1,OFFSET(E269,-CFF.NumLinha,0))","v":11},{"$f":"IF($C269=1,0,IF($C269=2,OFFSET(F269,-CFF.NumLinha,0)+1,OFFSET(F269,-CFF.NumLinha,0)))","v":2},{"$f":"IF(AND($C269<=2,$C269<>0),0,IF($C269=3,OFFSET(G269,-CFF.NumLinha,0)+1,OFFSET(G269,-CFF.NumLinha,0)))","v":0},{"$f":"IF(AND($C269<=3,$C269<>0),0,IF($C269=4,OFFSET(H269,-CFF.NumLinha,0)+1,OFFSET(H269,-CFF.NumLinha,0)))","v":0},{"$f":"MATCH(0,OFFSET($D269,1,$C269,ROW($A$435)-ROW($A269)),0)","v":18},{"$f":"MATCH(OFFSET($D269,0,$C269)+1,OFFSET($D269,1,$C269,ROW($A$435)-ROW($A269)),0)","v":3},{"$f":"ROUND(INDEX(PO!U$11:U$1504,MATCH($A269,PO!$W$11:$W$1504,0)),2)+10^-12","v":3427.5600000000009},null,null,null,"Acumulado (R$)",{"$f":"IF($B269,ROUND(P268*$N267,2),ROUND(SUMIF(OFFSET($B269,1,0,$D269),TRUE,OFFSET(P269,1,0,$D269))/SUMIF(OFFSET($B269,1,0,$D269),TRUE,OFFSET($K269,1,0,$D269))*$N267,2))","v":0},0,0,0,0,0,0,0]
[null,null,null,null,null,null,null,null,null,null,null,{"$f":"INDEX(PO!K$11:K$1504,MATCH($A272,PO!$W$11:$W$1504,0))","v":"11.3."},{"$f":"INDEX(PO!O$11:O$1504,MATCH($A272,PO!$W$11:$W$1504,0))","v":"Ativivade 74 - Palestra: Cidadania direitos e igualdades região Jardim Ikaraí"},{"$f":"IF(ROUND(K272,2)=0,K272,ROUND(K272,2))","v":9846.75},"Parcela (%)"]
[null,null,null,null,null,null,null,null,null,null,null,null,null,null,"Acumulado (%)",{"$f":"MIN(IF($B272,P270+IF(ISNUMBER(O271),O271,0),P272/$N270),1)","v":0},0,0,0,0,0,0,0]
[{"$f":"OFFSET(A272,-CFF.NumLinha,0)+1","v":85},{"$f":"$C272>=OFFSET($C272,CFF.NumLinha,0)","v":true},{"$f":"INDEX(PO!A$11:A$1504,MATCH($A272,PO!$W$11:$W$1504,0))","v":2},{"$f":"IF(ISERROR(J272),I272,SMALL(I272:J272,1))-1","v":2},{"$f":"IF($C272=1,OFFSET(E272,-CFF.NumLinha,0)+1,OFFSET(E272,-CFF.NumLinha,0))","v":11},{"$f":"IF($C272=1,0,IF($C272=2,OFFSET(F272,-CFF.NumLinha,0)+1,OFFSET(F272,-CFF.NumLinha,0)))","v":3},{"$f":"IF(AND($C272<=2,$C272<>0),0,IF($C272=3,OFFSET(G272,-CFF.NumLinha,0)+1,OFFSET(G272,-CFF.NumLinha,0)))","v":0},{"$f":"IF(AND($C272<=3,$C272<>0),0,IF($C272=4,OFFSET(H272,-CFF.NumLinha,0)+1,OFFSET(H272,-CFF.NumLinha,0)))","v":0},{"$f":"MATCH(0,OFFSET($D272,1,$C272,ROW($A$435)-ROW($A272)),0)","v":15},{"$f":"MATCH(OFFSET($D272,0,$C272)+1,OFFSET($D272,1,$C272,ROW($A$435)-ROW($A272)),0)","v":3},{"$f":"ROUND(INDEX(PO!U$11:U$1504,MATCH($A272,PO!$W$11:$W$1504,0)),2)+10^-12","v":9846.7500000000018},null,null,null,"Acumulado (R$)",{"$f":"IF($B272,ROUND(P271*$N270,2),ROUND(SUMIF(OFFSET($B272,1,0,$D272),TRUE,OFFSET(P272,1,0,$D272))/SUMIF(OFFSET($B272,1,0,$D272),TRUE,OFFSET($K272,1,0,$D272))*$N270,2))","v":0},0,0,0,0,0,0,0]
[null,null,null,null,null,null,null,null,null,null,null,{"$f":"INDEX(PO!K$11:K$1504,MATCH($A275,PO!$W$11:$W$1504,0))","v":"11.4."},{"$f":"INDEX(PO!O$11:O$1504,MATCH($A275,PO!$W$11:$W$1504,0))","v":"Atividade 75 - Plantão Social região Jardim Ikaraí"},{"$f":"IF(ROUND(K275,2)=0,K275,ROUND(K275,2))","v":3427.56},"Parcela (%)"]
[null,null,null,null,null,null,null,null,null,null,null,null,null,null,"Acumulado (%)",{"$f":"MIN(IF($B275,P273+IF(ISNUMBER(O274),O274,0),P275/$N273),1)","v":0},0,0,0,0,0,0,0]
[{"$f":"OFFSET(A275,-CFF.NumLinha,0)+1","v":86},{"$f":"$C275>=OFFSET($C275,CFF.NumLinha,0)","v":true},{"$f":"INDEX(PO!A$11:A$1504,MATCH($A275,PO!$W$11:$W$1504,0))","v":2},{"$f":"IF(ISERROR(J275),I275,SMALL(I275:J275,1))-1","v":2},{"$f":"IF($C275=1,OFFSET(E275,-CFF.NumLinha,0)+1,OFFSET(E275,-CFF.NumLinha,0))","v":11},{"$f":"IF($C275=1,0,IF($C275=2,OFFSET(F275,-CFF.NumLinha,0)+1,OFFSET(F275,-CFF.NumLinha,0)))","v":4},{"$f":"IF(AND($C275<=2,$C275<>0),0,IF($C275=3,OFFSET(G275,-CFF.NumLinha,0)+1,OFFSET(G275,-CFF.NumLinha,0)))","v":0},{"$f":"IF(AND($C275<=3,$C275<>0),0,IF($C275=4,OFFSET(H275,-CFF.NumLinha,0)+1,OFFSET(H275,-CFF.NumLinha,0)))","v":0},{"$f":"MATCH(0,OFFSET($D275,1,$C275,ROW($A$435)-ROW($A275)),0)","v":12},{"$f":"MATCH(OFFSET($D275,0,$C275)+1,OFFSET($D275,1,$C275,ROW($A$435)-ROW($A275)),0)","v":3},{"$f":"ROUND(INDEX(PO!U$11:U$1504,MATCH($A275,PO!$W$11:$W$1504,0)),2)+10^-12","v":3427.5600000000009},null,null,null,"Acumulado (R$)",{"$f":"IF($B275,ROUND(P274*$N273,2),ROUND(SUMIF(OFFSET($B275,1,0,$D275),TRUE,OFFSET(P275,1,0,$D275))/SUMIF(OFFSET($B275,1,0,$D275),TRUE,OFFSET($K275,1,0,$D275))*$N273,2))","v":0},0,0,0,0,0,0,0]
[null,null,null,null,null,null,null,null,null,null,null,{"$f":"INDEX(PO!K$11:K$1504,MATCH($A278,PO!$W$11:$W$1504,0))","v":"11.5."},{"$f":"INDEX(PO!O$11:O$1504,MATCH($A278,PO!$W$11:$W$1504,0))","v":"Atividade 76 - Palestra: Cidadania direitos e igualdades Bairro: Frutal de Minas e Jardim Paula II"},{"$f":"IF(ROUND(K278,2)=0,K278,ROUND(K278,2))","v":8707.98},"Parcela (%)"]
[null,null,null,null,null,null,null,null,null,null,null,null,null,null,"Acumulado (%)",{"$f":"MIN(IF($B278,P276+IF(ISNUMBER(O277),O277,0),P278/$N276),1)","v":0},0,0,0,0,0,0,0]
[{"$f":"OFFSET(A278,-CFF.NumLinha,0)+1","v":87},{"$f":"$C278>=OFFSET($C278,CFF.NumLinha,0)","v":true},{"$f":"INDEX(PO!A$11:A$1504,MATCH($A278,PO!$W$11:$W$1504,0))","v":2},{"$f":"IF(ISERROR(J278),I278,SMALL(I278:J278,1))-1","v":2},{"$f":"IF($C278=1,OFFSET(E278,-CFF.NumLinha,0)+1,OFFSET(E278,-CFF.NumLinha,0))","v":11},{"$f":"IF($C278=1,0,IF($C278=2,OFFSET(F278,-CFF.NumLinha,0)+1,OFFSET(F278,-CFF.NumLinha,0)))","v":5},{"$f":"IF(AND($C278<=2,$C278<>0),0,IF($C278=3,OFFSET(G278,-CFF.NumLinha,0)+1,OFFSET(G278,-CFF.NumLinha,0)))","v":0},{"$f":"IF(AND($C278<=3,$C278<>0),0,IF($C278=4,OFFSET(H278,-CFF.NumLinha,0)+1,OFFSET(H278,-CFF.NumLinha,0)))","v":0},{"$f":"MATCH(0,OFFSET($D278,1,$C278,ROW($A$435)-ROW($A278)),0)","v":9},{"$f":"MATCH(OFFSET($D278,0,$C278)+1,OFFSET($D278,1,$C278,ROW($A$435)-ROW($A278)),0)","v":3},{"$f":"ROUND(INDEX(PO!U$11:U$1504,MATCH($A278,PO!$W$11:$W$1504,0)),2)+10^-12","v":8707.9800000000014},null,null,null,"Acumulado (R$)",{"$f":"IF($B278,ROUND(P277*$N276,2),ROUND(SUMIF(OFFSET($B278,1,0,$D278),TRUE,OFFSET(P278,1,0,$D278))/SUMIF(OFFSET($B278,1,0,$D278),TRUE,OFFSET($K278,1,0,$D278))*$N276,2))","v":0},0,0,0,0,0,0,0]
[null,null,null,null,null,null,null,null,null,null,null,{"$f":"INDEX(PO!K$11:K$1504,MATCH($A281,PO!$W$11:$W$1504,0))","v":"11.6."},{"$f":"INDEX(PO!O$11:O$1504,MATCH($A281,PO!$W$11:$W$1504,0))","v":"Atividade 77 - Curso: Depilação região Parque São João"},{"$f":"IF(ROUND(K281,2)=0,K281,ROUND(K281,2))","v":25193.42},"Parcela (%)"]
[null,null,null,null,null,null,null,null,null,null,null,null,null,null,"Acumulado (%)",{"$f":"MIN(IF($B281,P279+IF(ISNUMBER(O280),O280,0),P281/$N279),1)","v":0},0,0,0,0,0,0,0]
[{"$f":"OFFSET(A281,-CFF.NumLinha,0)+1","v":88},{"$f":"$C281>=OFFSET($C281,CFF.NumLinha,0)","v":true},{"$f":"INDEX(PO!A$11:A$1504,MATCH($A281,PO!$W$11:$W$1504,0))","v":2},{"$f":"IF(ISERROR(J281),I281,SMALL(I281:J281,1))-1","v":2},{"$f":"IF($C281=1,OFFSET(E281,-CFF.NumLinha,0)+1,OFFSET(E281,-CFF.NumLinha,0))","v":11},{"$f":"IF($C281=1,0,IF($C281=2,OFFSET(F281,-CFF.NumLinha,0)+1,OFFSET(F281,-CFF.NumLinha,0)))","v":6},{"$f":"IF(AND($C281<=2,$C281<>0),0,IF($C281=3,OFFSET(G281,-CFF.NumLinha,0)+1,OFFSET(G281,-CFF.NumLinha,0)))","v":0},{"$f":"IF(AND($C281<=3,$C281<>0),0,IF($C281=4,OFFSET(H281,-CFF.NumLinha,0)+1,OFFSET(H281,-CFF.NumLinha,0)))","v":0},{"$f":"MATCH(0,OFFSET($D281,1,$C281,ROW($A$435)-ROW($A281)),0)","v":6},{"$f":"MATCH(OFFSET($D281,0,$C281)+1,OFFSET($D281,1,$C281,ROW($A$435)-ROW($A281)),0)","v":3},{"$f":"ROUND(INDEX(PO!U$11:U$1504,MATCH($A281,PO!$W$11:$W$1504,0)),2)+10^-12","v":25193.42},null,null,null,"Acumulado (R$)",{"$f":"IF($B281,ROUND(P280*$N279,2),ROUND(SUMIF(OFFSET($B281,1,0,$D281),TRUE,OFFSET(P281,1,0,$D281))/SUMIF(OFFSET($B281,1,0,$D281),TRUE,OFFSET($K281,1,0,$D281))*$N279,2))","v":0},0,0,0,0,0,0,0]
[null,null,null,null,null,null,null,null,null,null,null,{"$f":"INDEX(PO!K$11:K$1504,MATCH($A284,PO!$W$11:$W$1504,0))","v":"11.7."},{"$f":"INDEX(PO!O$11:O$1504,MATCH($A284,PO!$W$11:$W$1504,0))","v":"Atividade 78 - Curso de depilação região Jardim Ikaraí"},{"$f":"IF(ROUND(K284,2)=0,K284,ROUND(K284,2))","v":25193.42},"Parcela (%)"]
[null,null,null,null,null,null,null,null,null,null,null,null,null,null,"Acumulado (%)",{"$f":"MIN(IF($B284,P282+IF(ISNUMBER(O283),O283,0),P284/$N282),1)","v":0},0,0,0,0,0,0,0]
[{"$f":"OFFSET(A284,-CFF.NumLinha,0)+1","v":89},{"$f":"$C284>=OFFSET($C284,CFF.NumLinha,0)","v":true},{"$f":"INDEX(PO!A$11:A$1504,MATCH($A284,PO!$W$11:$W$1504,0))","v":2},{"$f":"IF(ISERROR(J284),I284,SMALL(I284:J284,1))-1","v":2},{"$f":"IF($C284=1,OFFSET(E284,-CFF.NumLinha,0)+1,OFFSET(E284,-CFF.NumLinha,0))","v":11},{"$f":"IF($C284=1,0,IF($C284=2,OFFSET(F284,-CFF.NumLinha,0)+1,OFFSET(F284,-CFF.NumLinha,0)))","v":7},{"$f":"IF(AND($C284<=2,$C284<>0),0,IF($C284=3,OFFSET(G284,-CFF.NumLinha,0)+1,OFFSET(G284,-CFF.NumLinha,0)))","v":0},{"$f":"IF(AND($C284<=3,$C284<>0),0,IF($C284=4,OFFSET(H284,-CFF.NumLinha,0)+1,OFFSET(H284,-CFF.NumLinha,0)))","v":0},{"$f":"MATCH(0,OFFSET($D284,1,$C284,ROW($A$435)-ROW($A284)),0)","v":3},{"$f":"MATCH(OFFSET($D284,0,$C284)+1,OFFSET($D284,1,$C284,ROW($A$435)-ROW($A284)),0)","v":27},{"$f":"ROUND(INDEX(PO!U$11:U$1504,MATCH($A284,PO!$W$11:$W$1504,0)),2)+10^-12","v":25193.42},null,null,null,"Acumulado (R$)",{"$f":"IF($B284,ROUND(P283*$N282,2),ROUND(SUMIF(OFFSET($B284,1,0,$D284),TRUE,OFFSET(P284,1,0,$D284))/SUMIF(OFFSET($B284,1,0,$D284),TRUE,OFFSET($K284,1,0,$D284))*$N282,2))","v":0},0,0,0,0,0,0,0]
[null,null,null,null,null,null,null,null,null,null,null,{"$f":"INDEX(PO!K$11:K$1504,MATCH($A287,PO!$W$11:$W$1504,0))","v":"12."},{"$f":"INDEX(PO!O$11:O$1504,MATCH($A287,PO!$W$11:$W$1504,0))","v":"MÊS 12 AÇÃO COMUNITÁRIA/SAÚDE E INFORMAÇÕES"},{"$f":"IF(ROUND(K287,2)=0,K287,ROUND(K287,2))","v":65124.22},"Parcela (%)"]
[null,null,null,null,null,null,null,null,null,null,null,null,null,null,"Acumulado (%)",{"$f":"MIN(IF($B287,P285+IF(ISNUMBER(O286),O286,0),P287/$N285),1)","v":0},0,0,0,0,0,0,0]
[{"$f":"OFFSET(A287,-CFF.NumLinha,0)+1","v":90},{"$f":"$C287>=OFFSET($C287,CFF.NumLinha,0)","v":false},{"$f":"INDEX(PO!A$11:A$1504,MATCH($A287,PO!$W$11:$W$1504,0))","v":1},{"$f":"IF(ISERROR(J287),I287,SMALL(I287:J287,1))-1","v":26},{"$f":"IF($C287=1,OFFSET(E287,-CFF.NumLinha,0)+1,OFFSET(E287,-CFF.NumLinha,0))","v":12},{"$f":"IF($C287=1,0,IF($C287=2,OFFSET(F287,-CFF.NumLinha,0)+1,OFFSET(F287,-CFF.NumLinha,0)))","v":0},{"$f":"IF(AND($C287<=2,$C287<>0),0,IF($C287=3,OFFSET(G287,-CFF.NumLinha,0)+1,OFFSET(G287,-CFF.NumLinha,0)))","v":0},{"$f":"IF(AND($C287<=3,$C287<>0),0,IF($C287=4,OFFSET(H287,-CFF.NumLinha,0)+1,OFFSET(H287,-CFF.NumLinha,0)))","v":0},{"$f":"MATCH(0,OFFSET($D287,1,$C287,ROW($A$435)-ROW($A287)),0)","v":148},{"$f":"MATCH(OFFSET($D287,0,$C287)+1,OFFSET($D287,1,$C287,ROW($A$435)-ROW($A287)),0)","v":27},{"$f":"ROUND(INDEX(PO!U$11:U$1504,MATCH($A287,PO!$W$11:$W$1504,0)),2)+10^-12","v":65124.22},null,null,null,"Acumulado (R$)",{"$f":"IF($B287,ROUND(P286*$N285,2),ROUND(SUMIF(OFFSET($B287,1,0,$D287),TRUE,OFFSET(P287,1,0,$D287))/SUMIF(OFFSET($B287,1,0,$D287),TRUE,OFFSET($K287,1,0,$D287))*$N285,2))","v":0},0,0,0,0,0,0,0]
[null,null,null,null,null,null,null,null,null,null,null,{"$f":"INDEX(PO!K$11:K$1504,MATCH($A290,PO!$W$11:$W$1504,0))","v":"12.1."},{"$f":"INDEX(PO!O$11:O$1504,MATCH($A290,PO!$W$11:$W$1504,0))","v":"Atividade 79 - Ação comunitária e multirão de limpeza região Parque São João"},{"$f":"IF(ROUND(K290,2)=0,K290,ROUND(K290,2))","v":16495.03},"Parcela (%)"]
[null,null,null,null,null,null,null,null,null,null,null,null,null,null,"Acumulado (%)",{"$f":"MIN(IF($B290,P288+IF(ISNUMBER(O289),O289,0),P290/$N288),1)","v":0},0,0,0,0,0,0,0]
[{"$f":"OFFSET(A290,-CFF.NumLinha,0)+1","v":91},{"$f":"$C290>=OFFSET($C290,CFF.NumLinha,0)","v":true},{"$f":"INDEX(PO!A$11:A$1504,MATCH($A290,PO!$W$11:$W$1504,0))","v":2},{"$f":"IF(ISERROR(J290),I290,SMALL(I290:J290,1))-1","v":2},{"$f":"IF($C290=1,OFFSET(E290,-CFF.NumLinha,0)+1,OFFSET(E290,-CFF.NumLinha,0))","v":12},{"$f":"IF($C290=1,0,IF($C290=2,OFFSET(F290,-CFF.NumLinha,0)+1,OFFSET(F290,-CFF.NumLinha,0)))","v":1},{"$f":"IF(AND($C290<=2,$C290<>0),0,IF($C290=3,OFFSET(G290,-CFF.NumLinha,0)+1,OFFSET(G290,-CFF.NumLinha,0)))","v":0},{"$f":"IF(AND($C290<=3,$C290<>0),0,IF($C290=4,OFFSET(H290,-CFF.NumLinha,0)+1,OFFSET(H290,-CFF.NumLinha,0)))","v":0},{"$f":"MATCH(0,OFFSET($D290,1,$C290,ROW($A$435)-ROW($A290)),0)","v":24},{"$f":"MATCH(OFFSET($D290,0,$C290)+1,OFFSET($D290,1,$C290,ROW($A$435)-ROW($A290)),0)","v":3},{"$f":"ROUND(INDEX(PO!U$11:U$1504,MATCH($A290,PO!$W$11:$W$1504,0)),2)+10^-12","v":16495.03},null,null,null,"Acumulado (R$)",{"$f":"IF($B290,ROUND(P289*$N288,2),ROUND(SUMIF(OFFSET($B290,1,0,$D290),TRUE,OFFSET(P290,1,0,$D290))/SUMIF(OFFSET($B290,1,0,$D290),TRUE,OFFSET($K290,1,0,$D290))*$N288,2))","v":0},0,0,0,0,0,0,0]
[null,null,null,null,null,null,null,null,null,null,null,{"$f":"INDEX(PO!K$11:K$1504,MATCH($A293,PO!$W$11:$W$1504,0))","v":"12.2."},{"$f":"INDEX(PO!O$11:O$1504,MATCH($A293,PO!$W$11:$W$1504,0))","v":"Atividade 80 - Plantão Social região Parque São João"},{"$f":"IF(ROUND(K293,2)=0,K293,ROUND(K293,2))","v":3427.56},"Parcela (%)"]
[null,null,null,null,null,null,null,null,null,null,null,null,null,null,"Acumulado (%)",{"$f":"MIN(IF($B293,P291+IF(ISNUMBER(O292),O292,0),P293/$N291),1)","v":0},0,0,0,0,0,0,0]
[{"$f":"OFFSET(A293,-CFF.NumLinha,0)+1","v":92},{"$f":"$C293>=OFFSET($C293,CFF.NumLinha,0)","v":true},{"$f":"INDEX(PO!A$11:A$1504,MATCH($A293,PO!$W$11:$W$1504,0))","v":2},{"$f":"IF(ISERROR(J293),I293,SMALL(I293:J293,1))-1","v":2},{"$f":"IF($C293=1,OFFSET(E293,-CFF.NumLinha,0)+1,OFFSET(E293,-CFF.NumLinha,0))","v":12},{"$f":"IF($C293=1,0,IF($C293=2,OFFSET(F293,-CFF.NumLinha,0)+1,OFFSET(F293,-CFF.NumLinha,0)))","v":2},{"$f":"IF(AND($C293<=2,$C293<>0),0,IF($C293=3,OFFSET(G293,-CFF.NumLinha,0)+1,OFFSET(G293,-CFF.NumLinha,0)))","v":0},{"$f":"IF(AND($C293<=3,$C293<>0),0,IF($C293=4,OFFSET(H293,-CFF.NumLinha,0)+1,OFFSET(H293,-CFF.NumLinha,0)))","v":0},{"$f":"MATCH(0,OFFSET($D293,1,$C293,ROW($A$435)-ROW($A293)),0)","v":21},{"$f":"MATCH(OFFSET($D293,0,$C293)+1,OFFSET($D293,1,$C293,ROW($A$435)-ROW($A293)),0)","v":3},{"$f":"ROUND(INDEX(PO!U$11:U$1504,MATCH($A293,PO!$W$11:$W$1504,0)),2)+10^-12","v":3427.5600000000009},null,null,null,"Acumulado (R$)",{"$f":"IF($B293,ROUND(P292*$N291,2),ROUND(SUMIF(OFFSET($B293,1,0,$D293),TRUE,OFFSET(P293,1,0,$D293))/SUMIF(OFFSET($B293,1,0,$D293),TRUE,OFFSET($K293,1,0,$D293))*$N291,2))","v":0},0,0,0,0,0,0,0]
[null,null,null,null,null,null,null,null,null,null,null,{"$f":"INDEX(PO!K$11:K$1504,MATCH($A296,PO!$W$11:$W$1504,0))","v":"12.3."},{"$f":"INDEX(PO!O$11:O$1504,MATCH($A296,PO!$W$11:$W$1504,0))","v":"Atividade 81 - Ação comunitária e multirão de limpeza região Jardim Ikaraí"},{"$f":"IF(ROUND(K296,2)=0,K296,ROUND(K296,2))","v":11149.34},"Parcela (%)"]
[null,null,null,null,null,null,null,null,null,null,null,null,null,null,"Acumulado (%)",{"$f":"MIN(IF($B296,P294+IF(ISNUMBER(O295),O295,0),P296/$N294),1)","v":0},0,0,0,0,0,0,0]
[{"$f":"OFFSET(A296,-CFF.NumLinha,0)+1","v":93},{"$f":"$C296>=OFFSET($C296,CFF.NumLinha,0)","v":true},{"$f":"INDEX(PO!A$11:A$1504,MATCH($A296,PO!$W$11:$W$1504,0))","v":2},{"$f":"IF(ISERROR(J296),I296,SMALL(I296:J296,1))-1","v":2},{"$f":"IF($C296=1,OFFSET(E296,-CFF.NumLinha,0)+1,OFFSET(E296,-CFF.NumLinha,0))","v":12},{"$f":"IF($C296=1,0,IF($C296=2,OFFSET(F296,-CFF.NumLinha,0)+1,OFFSET(F296,-CFF.NumLinha,0)))","v":3},{"$f":"IF(AND($C296<=2,$C296<>0),0,IF($C296=3,OFFSET(G296,-CFF.NumLinha,0)+1,OFFSET(G296,-CFF.NumLinha,0)))","v":0},{"$f":"IF(AND($C296<=3,$C296<>0),0,IF($C296=4,OFFSET(H296,-CFF.NumLinha,0)+1,OFFSET(H296,-CFF.NumLinha,0)))","v":0},{"$f":"MATCH(0,OFFSET($D296,1,$C296,ROW($A$435)-ROW($A296)),0)","v":18},{"$f":"MATCH(OFFSET($D296,0,$C296)+1,OFFSET($D296,1,$C296,ROW($A$435)-ROW($A296)),0)","v":3},{"$f":"ROUND(INDEX(PO!U$11:U$1504,MATCH($A296,PO!$W$11:$W$1504,0)),2)+10^-12","v":11149.340000000002},null,null,null,"Acumulado (R$)",{"$f":"IF($B296,ROUND(P295*$N294,2),ROUND(SUMIF(OFFSET($B296,1,0,$D296),TRUE,OFFSET(P296,1,0,$D296))/SUMIF(OFFSET($B296,1,0,$D296),TRUE,OFFSET($K296,1,0,$D296))*$N294,2))","v":0},0,0,0,0,0,0,0]
[null,null,null,null,null,null,null,null,null,null,null,{"$f":"INDEX(PO!K$11:K$1504,MATCH($A299,PO!$W$11:$W$1504,0))","v":"12.4."},{"$f":"INDEX(PO!O$11:O$1504,MATCH($A299,PO!$W$11:$W$1504,0))","v":"Atividade 82 - Plantão Social região Jardim Ikaraí"},{"$f":"IF(ROUND(K299,2)=0,K299,ROUND(K299,2))","v":3427.56},"Parcela (%)"]
[null,null,null,null,null,null,null,null,null,null,null,null,null,null,"Acumulado (%)",{"$f":"MIN(IF($B299,P297+IF(ISNUMBER(O298),O298,0),P299/$N297),1)","v":0},0,0,0,0,0,0,0]
[{"$f":"OFFSET(A299,-CFF.NumLinha,0)+1","v":94},{"$f":"$C299>=OFFSET($C299,CFF.NumLinha,0)","v":true},{"$f":"INDEX(PO!A$11:A$1504,MATCH($A299,PO!$W$11:$W$1504,0))","v":2},{"$f":"IF(ISERROR(J299),I299,SMALL(I299:J299,1))-1","v":2},{"$f":"IF($C299=1,OFFSET(E299,-CFF.NumLinha,0)+1,OFFSET(E299,-CFF.NumLinha,0))","v":12},{"$f":"IF($C299=1,0,IF($C299=2,OFFSET(F299,-CFF.NumLinha,0)+1,OFFSET(F299,-CFF.NumLinha,0)))","v":4},{"$f":"IF(AND($C299<=2,$C299<>0),0,IF($C299=3,OFFSET(G299,-CFF.NumLinha,0)+1,OFFSET(G299,-CFF.NumLinha,0)))","v":0},{"$f":"IF(AND($C299<=3,$C299<>0),0,IF($C299=4,OFFSET(H299,-CFF.NumLinha,0)+1,OFFSET(H299,-CFF.NumLinha,0)))","v":0},{"$f":"MATCH(0,OFFSET($D299,1,$C299,ROW($A$435)-ROW($A299)),0)","v":15},{"$f":"MATCH(OFFSET($D299,0,$C299)+1,OFFSET($D299,1,$C299,ROW($A$435)-ROW($A299)),0)","v":3},{"$f":"ROUND(INDEX(PO!U$11:U$1504,MATCH($A299,PO!$W$11:$W$1504,0)),2)+10^-12","v":3427.5600000000009},null,null,null,"Acumulado (R$)",{"$f":"IF($B299,ROUND(P298*$N297,2),ROUND(SUMIF(OFFSET($B299,1,0,$D299),TRUE,OFFSET(P299,1,0,$D299))/SUMIF(OFFSET($B299,1,0,$D299),TRUE,OFFSET($K299,1,0,$D299))*$N297,2))","v":0},0,0,0,0,0,0,0]
[null,null,null,null,null,null,null,null,null,null,null,{"$f":"INDEX(PO!K$11:K$1504,MATCH($A302,PO!$W$11:$W$1504,0))","v":"12.5."},{"$f":"INDEX(PO!O$11:O$1504,MATCH($A302,PO!$W$11:$W$1504,0))","v":"Atividade 83 - Ação comunitária e multirão de limpeza Bairro: Frutal de Minas e Jardim Paula II"},{"$f":"IF(ROUND(K302,2)=0,K302,ROUND(K302,2))","v":10512.35},"Parcela (%)"]
[null,null,null,null,null,null,null,null,null,null,null,null,null,null,"Acumulado (%)",{"$f":"MIN(IF($B302,P300+IF(ISNUMBER(O301),O301,0),P302/$N300),1)","v":0},0,0,0,0,0,0,0]
[{"$f":"OFFSET(A302,-CFF.NumLinha,0)+1","v":95},{"$f":"$C302>=OFFSET($C302,CFF.NumLinha,0)","v":true},{"$f":"INDEX(PO!A$11:A$1504,MATCH($A302,PO!$W$11:$W$1504,0))","v":2},{"$f":"IF(ISERROR(J302),I302,SMALL(I302:J302,1))-1","v":2},{"$f":"IF($C302=1,OFFSET(E302,-CFF.NumLinha,0)+1,OFFSET(E302,-CFF.NumLinha,0))","v":12},{"$f":"IF($C302=1,0,IF($C302=2,OFFSET(F302,-CFF.NumLinha,0)+1,OFFSET(F302,-CFF.NumLinha,0)))","v":5},{"$f":"IF(AND($C302<=2,$C302<>0),0,IF($C302=3,OFFSET(G302,-CFF.NumLinha,0)+1,OFFSET(G302,-CFF.NumLinha,0)))","v":0},{"$f":"IF(AND($C302<=3,$C302<>0),0,IF($C302=4,OFFSET(H302,-CFF.NumLinha,0)+1,OFFSET(H302,-CFF.NumLinha,0)))","v":0},{"$f":"MATCH(0,OFFSET($D302,1,$C302,ROW($A$435)-ROW($A302)),0)","v":12},{"$f":"MATCH(OFFSET($D302,0,$C302)+1,OFFSET($D302,1,$C302,ROW($A$435)-ROW($A302)),0)","v":3},{"$f":"ROUND(INDEX(PO!U$11:U$1504,MATCH($A302,PO!$W$11:$W$1504,0)),2)+10^-12","v":10512.350000000002},null,null,null,"Acumulado (R$)",{"$f":"IF($B302,ROUND(P301*$N300,2),ROUND(SUMIF(OFFSET($B302,1,0,$D302),TRUE,OFFSET(P302,1,0,$D302))/SUMIF(OFFSET($B302,1,0,$D302),TRUE,OFFSET($K302,1,0,$D302))*$N300,2))","v":0},0,0,0,0,0,0,0]
[null,null,null,null,null,null,null,null,null,null,null,{"$f":"INDEX(PO!K$11:K$1504,MATCH($A305,PO!$W$11:$W$1504,0))","v":"12.6."},{"$f":"INDEX(PO!O$11:O$1504,MATCH($A305,PO!$W$11:$W$1504,0))","v":"Atividade 84 - Oficina: Primeiros Socorros região Parque São joão"},{"$f":"IF(ROUND(K305,2)=0,K305,ROUND(K305,2))","v":17941.72},"Parcela (%)"]
[null,null,null,null,null,null,null,null,null,null,null,null,null,null,"Acumulado (%)",{"$f":"MIN(IF($B305,P303+IF(ISNUMBER(O304),O304,0),P305/$N303),1)","v":0},0,0,0,0,0,0,0]
[{"$f":"OFFSET(A305,-CFF.NumLinha,0)+1","v":96},{"$f":"$C305>=OFFSET($C305,CFF.NumLinha,0)","v":true},{"$f":"INDEX(PO!A$11:A$1504,MATCH($A305,PO!$W$11:$W$1504,0))","v":2},{"$f":"IF(ISERROR(J305),I305,SMALL(I305:J305,1))-1","v":2},{"$f":"IF($C305=1,OFFSET(E305,-CFF.NumLinha,0)+1,OFFSET(E305,-CFF.NumLinha,0))","v":12},{"$f":"IF($C305=1,0,IF($C305=2,OFFSET(F305,-CFF.NumLinha,0)+1,OFFSET(F305,-CFF.NumLinha,0)))","v":6},{"$f":"IF(AND($C305<=2,$C305<>0),0,IF($C305=3,OFFSET(G305,-CFF.NumLinha,0)+1,OFFSET(G305,-CFF.NumLinha,0)))","v":0},{"$f":"IF(AND($C305<=3,$C305<>0),0,IF($C305=4,OFFSET(H305,-CFF.NumLinha,0)+1,OFFSET(H305,-CFF.NumLinha,0)))","v":0},{"$f":"MATCH(0,OFFSET($D305,1,$C305,ROW($A$435)-ROW($A305)),0)","v":9},{"$f":"MATCH(OFFSET($D305,0,$C305)+1,OFFSET($D305,1,$C305,ROW($A$435)-ROW($A305)),0)","v":3},{"$f":"ROUND(INDEX(PO!U$11:U$1504,MATCH($A305,PO!$W$11:$W$1504,0)),2)+10^-12","v":17941.72},null,null,null,"Acumulado (R$)",{"$f":"IF($B305,ROUND(P304*$N303,2),ROUND(SUMIF(OFFSET($B305,1,0,$D305),TRUE,OFFSET(P305,1,0,$D305))/SUMIF(OFFSET($B305,1,0,$D305),TRUE,OFFSET($K305,1,0,$D305))*$N303,2))","v":0},0,0,0,0,0,0,0]
[null,null,null,null,null,null,null,null,null,null,null,{"$f":"INDEX(PO!K$11:K$1504,MATCH($A308,PO!$W$11:$W$1504,0))","v":"12.7."},{"$f":"INDEX(PO!O$11:O$1504,MATCH($A308,PO!$W$11:$W$1504,0))","v":"Atividade 85 - Reunião para o sorteio, entrega das chaves emanual do beneficiário região Parque São João"},{"$f":"IF(ROUND(K308,2)=0,K308,ROUND(K308,2))","v":1085.33},"Parcela (%)"]
[null,null,null,null,null,null,null,null,null,null,null,null,null,null,"Acumulado (%)",{"$f":"MIN(IF($B308,P306+IF(ISNUMBER(O307),O307,0),P308/$N306),1)","v":0},0,0,0,0,0,0,0]
[{"$f":"OFFSET(A308,-CFF.NumLinha,0)+1","v":97},{"$f":"$C308>=OFFSET($C308,CFF.NumLinha,0)","v":true},{"$f":"INDEX(PO!A$11:A$1504,MATCH($A308,PO!$W$11:$W$1504,0))","v":2},{"$f":"IF(ISERROR(J308),I308,SMALL(I308:J308,1))-1","v":2},{"$f":"IF($C308=1,OFFSET(E308,-CFF.NumLinha,0)+1,OFFSET(E308,-CFF.NumLinha,0))","v":12},{"$f":"IF($C308=1,0,IF($C308=2,OFFSET(F308,-CFF.NumLinha,0)+1,OFFSET(F308,-CFF.NumLinha,0)))","v":7},{"$f":"IF(AND($C308<=2,$C308<>0),0,IF($C308=3,OFFSET(G308,-CFF.NumLinha,0)+1,OFFSET(G308,-CFF.NumLinha,0)))","v":0},{"$f":"IF(AND($C308<=3,$C308<>0),0,IF($C308=4,OFFSET(H308,-CFF.NumLinha,0)+1,OFFSET(H308,-CFF.NumLinha,0)))","v":0},{"$f":"MATCH(0,OFFSET($D308,1,$C308,ROW($A$435)-ROW($A308)),0)","v":6},{"$f":"MATCH(OFFSET($D308,0,$C308)+1,OFFSET($D308,1,$C308,ROW($A$435)-ROW($A308)),0)","v":3},{"$f":"ROUND(INDEX(PO!U$11:U$1504,MATCH($A308,PO!$W$11:$W$1504,0)),2)+10^-12","v":1085.3300000000008},null,null,null,"Acumulado (R$)",{"$f":"IF($B308,ROUND(P307*$N306,2),ROUND(SUMIF(OFFSET($B308,1,0,$D308),TRUE,OFFSET(P308,1,0,$D308))/SUMIF(OFFSET($B308,1,0,$D308),TRUE,OFFSET($K308,1,0,$D308))*$N306,2))","v":0},0,0,0,0,0,0,0]
[null,null,null,null,null,null,null,null,null,null,null,{"$f":"INDEX(PO!K$11:K$1504,MATCH($A311,PO!$W$11:$W$1504,0))","v":"12.8."},{"$f":"INDEX(PO!O$11:O$1504,MATCH($A311,PO!$W$11:$W$1504,0))","v":"Atividade 86 -Reunião para o sorteio, entrega das chaves e manual dos beneficiários região Jardim Ikaraí"},{"$f":"IF(ROUND(K311,2)=0,K311,ROUND(K311,2))","v":1085.33},"Parcela (%)"]
[null,null,null,null,null,null,null,null,null,null,null,null,null,null,"Acumulado (%)",{"$f":"MIN(IF($B311,P309+IF(ISNUMBER(O310),O310,0),P311/$N309),1)","v":0},0,0,0,0,0,0,0]
[{"$f":"OFFSET(A311,-CFF.NumLinha,0)+1","v":98},{"$f":"$C311>=OFFSET($C311,CFF.NumLinha,0)","v":true},{"$f":"INDEX(PO!A$11:A$1504,MATCH($A311,PO!$W$11:$W$1504,0))","v":2},{"$f":"IF(ISERROR(J311),I311,SMALL(I311:J311,1))-1","v":2},{"$f":"IF($C311=1,OFFSET(E311,-CFF.NumLinha,0)+1,OFFSET(E311,-CFF.NumLinha,0))","v":12},{"$f":"IF($C311=1,0,IF($C311=2,OFFSET(F311,-CFF.NumLinha,0)+1,OFFSET(F311,-CFF.NumLinha,0)))","v":8},{"$f":"IF(AND($C311<=2,$C311<>0),0,IF($C311=3,OFFSET(G311,-CFF.NumLinha,0)+1,OFFSET(G311,-CFF.NumLinha,0)))","v":0},{"$f":"IF(AND($C311<=3,$C311<>0),0,IF($C311=4,OFFSET(H311,-CFF.NumLinha,0)+1,OFFSET(H311,-CFF.NumLinha,0)))","v":0},{"$f":"MATCH(0,OFFSET($D311,1,$C311,ROW($A$435)-ROW($A311)),0)","v":3},{"$f":"MATCH(OFFSET($D311,0,$C311)+1,OFFSET($D311,1,$C311,ROW($A$435)-ROW($A311)),0)","v":{"$error":"#N/A"}},{"$f":"ROUND(INDEX(PO!U$11:U$1504,MATCH($A311,PO!$W$11:$W$1504,0)),2)+10^-12","v":1085.3300000000008},null,null,null,"Acumulado (R$)",{"$f":"IF($B311,ROUND(P310*$N309,2),ROUND(SUMIF(OFFSET($B311,1,0,$D311),TRUE,OFFSET(P311,1,0,$D311))/SUMIF(OFFSET($B311,1,0,$D311),TRUE,OFFSET($K311,1,0,$D311))*$N309,2))","v":0},0,0,0,0,0,0,0]
[null,null,null,null,null,null,null,null,null,null,null,{"$f":"INDEX(PO!K$11:K$1504,MATCH($A314,PO!$W$11:$W$1504,0))","v":"13."},{"$f":"INDEX(PO!O$11:O$1504,MATCH($A314,PO!$W$11:$W$1504,0))","v":"MÊS 13 - GERAÇÃO DE RENDA/SAÚDE E INFORMAÇÕES"},{"$f":"IF(ROUND(K314,2)=0,K314,ROUND(K314,2))","v":101707.25},"Parcela (%)"]
[null,null,null,null,null,null,null,null,null,null,null,null,null,null,"Acumulado (%)",{"$f":"MIN(IF($B314,P312+IF(ISNUMBER(O313),O313,0),P314/$N312),1)","v":0},0,0,0,0,0,0,0]
[{"$f":"OFFSET(A314,-CFF.NumLinha,0)+1","v":99},{"$f":"$C314>=OFFSET($C314,CFF.NumLinha,0)","v":false},{"$f":"INDEX(PO!A$11:A$1504,MATCH($A314,PO!$W$11:$W$1504,0))","v":1},{"$f":"IF(ISERROR(J314),I314,SMALL(I314:J314,1))-1","v":26},{"$f":"IF($C314=1,OFFSET(E314,-CFF.NumLinha,0)+1,OFFSET(E314,-CFF.NumLinha,0))","v":13},{"$f":"IF($C314=1,0,IF($C314=2,OFFSET(F314,-CFF.NumLinha,0)+1,OFFSET(F314,-CFF.NumLinha,0)))","v":0},{"$f":"IF(AND($C314<=2,$C314<>0),0,IF($C314=3,OFFSET(G314,-CFF.NumLinha,0)+1,OFFSET(G314,-CFF.NumLinha,0)))","v":0},{"$f":"IF(AND($C314<=3,$C314<>0),0,IF($C314=4,OFFSET(H314,-CFF.NumLinha,0)+1,OFFSET(H314,-CFF.NumLinha,0)))","v":0},{"$f":"MATCH(0,OFFSET($D314,1,$C314,ROW($A$435)-ROW($A314)),0)","v":121},{"$f":"MATCH(OFFSET($D314,0,$C314)+1,OFFSET($D314,1,$C314,ROW($A$435)-ROW($A314)),0)","v":27},{"$f":"ROUND(INDEX(PO!U$11:U$1504,MATCH($A314,PO!$W$11:$W$1504,0)),2)+10^-12","v":101707.25},null,null,null,"Acumulado (R$)",{"$f":"IF($B314,ROUND(P313*$N312,2),ROUND(SUMIF(OFFSET($B314,1,0,$D314),TRUE,OFFSET(P314,1,0,$D314))/SUMIF(OFFSET($B314,1,0,$D314),TRUE,OFFSET($K314,1,0,$D314))*$N312,2))","v":0},0,0,0,0,0,0,0]
[null,null,null,null,null,null,null,null,null,null,null,{"$f":"INDEX(PO!K$11:K$1504,MATCH($A317,PO!$W$11:$W$1504,0))","v":"13.1."},{"$f":"INDEX(PO!O$11:O$1504,MATCH($A317,PO!$W$11:$W$1504,0))","v":"Atividade 87 - Curso: Bordado em Chinelo região Parque São João"},{"$f":"IF(ROUND(K317,2)=0,K317,ROUND(K317,2))","v":11126.94},"Parcela (%)"]
[null,null,null,null,null,null,null,null,null,null,null,null,null,null,"Acumulado (%)",{"$f":"MIN(IF($B317,P315+IF(ISNUMBER(O316),O316,0),P317/$N315),1)","v":0},0,0,0,0,0,0,0]
[{"$f":"OFFSET(A317,-CFF.NumLinha,0)+1","v":100},{"$f":"$C317>=OFFSET($C317,CFF.NumLinha,0)","v":true},{"$f":"INDEX(PO!A$11:A$1504,MATCH($A317,PO!$W$11:$W$1504,0))","v":2},{"$f":"IF(ISERROR(J317),I317,SMALL(I317:J317,1))-1","v":2},{"$f":"IF($C317=1,OFFSET(E317,-CFF.NumLinha,0)+1,OFFSET(E317,-CFF.NumLinha,0))","v":13},{"$f":"IF($C317=1,0,IF($C317=2,OFFSET(F317,-CFF.NumLinha,0)+1,OFFSET(F317,-CFF.NumLinha,0)))","v":1},{"$f":"IF(AND($C317<=2,$C317<>0),0,IF($C317=3,OFFSET(G317,-CFF.NumLinha,0)+1,OFFSET(G317,-CFF.NumLinha,0)))","v":0},{"$f":"IF(AND($C317<=3,$C317<>0),0,IF($C317=4,OFFSET(H317,-CFF.NumLinha,0)+1,OFFSET(H317,-CFF.NumLinha,0)))","v":0},{"$f":"MATCH(0,OFFSET($D317,1,$C317,ROW($A$435)-ROW($A317)),0)","v":24},{"$f":"MATCH(OFFSET($D317,0,$C317)+1,OFFSET($D317,1,$C317,ROW($A$435)-ROW($A317)),0)","v":3},{"$f":"ROUND(INDEX(PO!U$11:U$1504,MATCH($A317,PO!$W$11:$W$1504,0)),2)+10^-12","v":11126.940000000002},null,null,null,"Acumulado (R$)",{"$f":"IF($B317,ROUND(P316*$N315,2),ROUND(SUMIF(OFFSET($B317,1,0,$D317),TRUE,OFFSET(P317,1,0,$D317))/SUMIF(OFFSET($B317,1,0,$D317),TRUE,OFFSET($K317,1,0,$D317))*$N315,2))","v":0},0,0,0,0,0,0,0]
[null,null,null,null,null,null,null,null,null,null,null,{"$f":"INDEX(PO!K$11:K$1504,MATCH($A320,PO!$W$11:$W$1504,0))","v":"13.2."},{"$f":"INDEX(PO!O$11:O$1504,MATCH($A320,PO!$W$11:$W$1504,0))","v":"Atividade 88 - Plantão Social região Parque São João"},{"$f":"IF(ROUND(K320,2)=0,K320,ROUND(K320,2))","v":3468.74},"Parcela (%)"]
[null,null,null,null,null,null,null,null,null,null,null,null,null,null,"Acumulado (%)",{"$f":"MIN(IF($B320,P318+IF(ISNUMBER(O319),O319,0),P320/$N318),1)","v":0},0,0,0,0,0,0,0]
[{"$f":"OFFSET(A320,-CFF.NumLinha,0)+1","v":101},{"$f":"$C320>=OFFSET($C320,CFF.NumLinha,0)","v":true},{"$f":"INDEX(PO!A$11:A$1504,MATCH($A320,PO!$W$11:$W$1504,0))","v":2},{"$f":"IF(ISERROR(J320),I320,SMALL(I320:J320,1))-1","v":2},{"$f":"IF($C320=1,OFFSET(E320,-CFF.NumLinha,0)+1,OFFSET(E320,-CFF.NumLinha,0))","v":13},{"$f":"IF($C320=1,0,IF($C320=2,OFFSET(F320,-CFF.NumLinha,0)+1,OFFSET(F320,-CFF.NumLinha,0)))","v":2},{"$f":"IF(AND($C320<=2,$C320<>0),0,IF($C320=3,OFFSET(G320,-CFF.NumLinha,0)+1,OFFSET(G320,-CFF.NumLinha,0)))","v":0},{"$f":"IF(AND($C320<=3,$C320<>0),0,IF($C320=4,OFFSET(H320,-CFF.NumLinha,0)+1,OFFSET(H320,-CFF.NumLinha,0)))","v":0},{"$f":"MATCH(0,OFFSET($D320,1,$C320,ROW($A$435)-ROW($A320)),0)","v":21},{"$f":"MATCH(OFFSET($D320,0,$C320)+1,OFFSET($D320,1,$C320,ROW($A$435)-ROW($A320)),0)","v":3},{"$f":"ROUND(INDEX(PO!U$11:U$1504,MATCH($A320,PO!$W$11:$W$1504,0)),2)+10^-12","v":3468.7400000000007},null,null,null,"Acumulado (R$)",{"$f":"IF($B320,ROUND(P319*$N318,2),ROUND(SUMIF(OFFSET($B320,1,0,$D320),TRUE,OFFSET(P320,1,0,$D320))/SUMIF(OFFSET($B320,1,0,$D320),TRUE,OFFSET($K320,1,0,$D320))*$N318,2))","v":0},0,0,0,0,0,0,0]
[null,null,null,null,null,null,null,null,null,null,null,{"$f":"INDEX(PO!K$11:K$1504,MATCH($A323,PO!$W$11:$W$1504,0))","v":"13.3."},{"$f":"INDEX(PO!O$11:O$1504,MATCH($A323,PO!$W$11:$W$1504,0))","v":"Atividade 89 - Oficina: Primeiros Socorros região Jardim Ikaraí"},{"$f":"IF(ROUND(K323,2)=0,K323,ROUND(K323,2))","v":10813.77},"Parcela (%)"]
[null,null,null,null,null,null,null,null,null,null,null,null,null,null,"Acumulado (%)",{"$f":"MIN(IF($B323,P321+IF(ISNUMBER(O322),O322,0),P323/$N321),1)","v":0},0,0,0,0,0,0,0]
[{"$f":"OFFSET(A323,-CFF.NumLinha,0)+1","v":102},{"$f":"$C323>=OFFSET($C323,CFF.NumLinha,0)","v":true},{"$f":"INDEX(PO!A$11:A$1504,MATCH($A323,PO!$W$11:$W$1504,0))","v":2},{"$f":"IF(ISERROR(J323),I323,SMALL(I323:J323,1))-1","v":2},{"$f":"IF($C323=1,OFFSET(E323,-CFF.NumLinha,0)+1,OFFSET(E323,-CFF.NumLinha,0))","v":13},{"$f":"IF($C323=1,0,IF($C323=2,OFFSET(F323,-CFF.NumLinha,0)+1,OFFSET(F323,-CFF.NumLinha,0)))","v":3},{"$f":"IF(AND($C323<=2,$C323<>0),0,IF($C323=3,OFFSET(G323,-CFF.NumLinha,0)+1,OFFSET(G323,-CFF.NumLinha,0)))","v":0},{"$f":"IF(AND($C323<=3,$C323<>0),0,IF($C323=4,OFFSET(H323,-CFF.NumLinha,0)+1,OFFSET(H323,-CFF.NumLinha,0)))","v":0},{"$f":"MATCH(0,OFFSET($D323,1,$C323,ROW($A$435)-ROW($A323)),0)","v":18},{"$f":"MATCH(OFFSET($D323,0,$C323)+1,OFFSET($D323,1,$C323,ROW($A$435)-ROW($A323)),0)","v":3},{"$f":"ROUND(INDEX(PO!U$11:U$1504,MATCH($A323,PO!$W$11:$W$1504,0)),2)+10^-12","v":10813.770000000002},null,null,null,"Acumulado (R$)",{"$f":"IF($B323,ROUND(P322*$N321,2),ROUND(SUMIF(OFFSET($B323,1,0,$D323),TRUE,OFFSET(P323,1,0,$D323))/SUMIF(OFFSET($B323,1,0,$D323),TRUE,OFFSET($K323,1,0,$D323))*$N321,2))","v":0},0,0,0,0,0,0,0]
[null,null,null,null,null,null,null,null,null,null,null,{"$f":"INDEX(PO!K$11:K$1504,MATCH($A326,PO!$W$11:$W$1504,0))","v":"13.4."},{"$f":"INDEX(PO!O$11:O$1504,MATCH($A326,PO!$W$11:$W$1504,0))","v":"Atividade 90 - Oficina: Primeiros Socorros Bairro: Frutal de Minas e Jardim Paula II"},{"$f":"IF(ROUND(K326,2)=0,K326,ROUND(K326,2))","v":10131.27},"Parcela (%)"]
[null,null,null,null,null,null,null,null,null,null,null,null,null,null,"Acumulado (%)",{"$f":"MIN(IF($B326,P324+IF(ISNUMBER(O325),O325,0),P326/$N324),1)","v":0},0,0,0,0,0,0,0]
[{"$f":"OFFSET(A326,-CFF.NumLinha,0)+1","v":103},{"$f":"$C326>=OFFSET($C326,CFF.NumLinha,0)","v":true},{"$f":"INDEX(PO!A$11:A$1504,MATCH($A326,PO!$W$11:$W$1504,0))","v":2},{"$f":"IF(ISERROR(J326),I326,SMALL(I326:J326,1))-1","v":2},{"$f":"IF($C326=1,OFFSET(E326,-CFF.NumLinha,0)+1,OFFSET(E326,-CFF.NumLinha,0))","v":13},{"$f":"IF($C326=1,0,IF($C326=2,OFFSET(F326,-CFF.NumLinha,0)+1,OFFSET(F326,-CFF.NumLinha,0)))","v":4},{"$f":"IF(AND($C326<=2,$C326<>0),0,IF($C326=3,OFFSET(G326,-CFF.NumLinha,0)+1,OFFSET(G326,-CFF.NumLinha,0)))","v":0},{"$f":"IF(AND($C326<=3,$C326<>0),0,IF($C326=4,OFFSET(H326,-CFF.NumLinha,0)+1,OFFSET(H326,-CFF.NumLinha,0)))","v":0},{"$f":"MATCH(0,OFFSET($D326,1,$C326,ROW($A$435)-ROW($A326)),0)","v":15},{"$f":"MATCH(OFFSET($D326,0,$C326)+1,OFFSET($D326,1,$C326,ROW($A$435)-ROW($A326)),0)","v":3},{"$f":"ROUND(INDEX(PO!U$11:U$1504,MATCH($A326,PO!$W$11:$W$1504,0)),2)+10^-12","v":10131.270000000002},null,null,null,"Acumulado (R$)",{"$f":"IF($B326,ROUND(P325*$N324,2),ROUND(SUMIF(OFFSET($B326,1,0,$D326),TRUE,OFFSET(P326,1,0,$D326))/SUMIF(OFFSET($B326,1,0,$D326),TRUE,OFFSET($K326,1,0,$D326))*$N324,2))","v":0},0,0,0,0,0,0,0]
[null,null,null,null,null,null,null,null,null,null,null,{"$f":"INDEX(PO!K$11:K$1504,MATCH($A329,PO!$W$11:$W$1504,0))","v":"13.5."},{"$f":"INDEX(PO!O$11:O$1504,MATCH($A329,PO!$W$11:$W$1504,0))","v":"Atividade 91 - Curso: Bordado em Chinelos região Jardim Ikaraí"},{"$f":"IF(ROUND(K329,2)=0,K329,ROUND(K329,2))","v":10095.19},"Parcela (%)"]
[null,null,null,null,null,null,null,null,null,null,null,null,null,null,"Acumulado (%)",{"$f":"MIN(IF($B329,P327+IF(ISNUMBER(O328),O328,0),P329/$N327),1)","v":0},0,0,0,0,0,0,0]
[{"$f":"OFFSET(A329,-CFF.NumLinha,0)+1","v":104},{"$f":"$C329>=OFFSET($C329,CFF.NumLinha,0)","v":true},{"$f":"INDEX(PO!A$11:A$1504,MATCH($A329,PO!$W$11:$W$1504,0))","v":2},{"$f":"IF(ISERROR(J329),I329,SMALL(I329:J329,1))-1","v":2},{"$f":"IF($C329=1,OFFSET(E329,-CFF.NumLinha,0)+1,OFFSET(E329,-CFF.NumLinha,0))","v":13},{"$f":"IF($C329=1,0,IF($C329=2,OFFSET(F329,-CFF.NumLinha,0)+1,OFFSET(F329,-CFF.NumLinha,0)))","v":5},{"$f":"IF(AND($C329<=2,$C329<>0),0,IF($C329=3,OFFSET(G329,-CFF.NumLinha,0)+1,OFFSET(G329,-CFF.NumLinha,0)))","v":0},{"$f":"IF(AND($C329<=3,$C329<>0),0,IF($C329=4,OFFSET(H329,-CFF.NumLinha,0)+1,OFFSET(H329,-CFF.NumLinha,0)))","v":0},{"$f":"MATCH(0,OFFSET($D329,1,$C329,ROW($A$435)-ROW($A329)),0)","v":12},{"$f":"MATCH(OFFSET($D329,0,$C329)+1,OFFSET($D329,1,$C329,ROW($A$435)-ROW($A329)),0)","v":3},{"$f":"ROUND(INDEX(PO!U$11:U$1504,MATCH($A329,PO!$W$11:$W$1504,0)),2)+10^-12","v":10095.190000000002},null,null,null,"Acumulado (R$)",{"$f":"IF($B329,ROUND(P328*$N327,2),ROUND(SUMIF(OFFSET($B329,1,0,$D329),TRUE,OFFSET(P329,1,0,$D329))/SUMIF(OFFSET($B329,1,0,$D329),TRUE,OFFSET($K329,1,0,$D329))*$N327,2))","v":0},0,0,0,0,0,0,0]
[null,null,null,null,null,null,null,null,null,null,null,{"$f":"INDEX(PO!K$11:K$1504,MATCH($A332,PO!$W$11:$W$1504,0))","v":"13.6."},{"$f":"INDEX(PO!O$11:O$1504,MATCH($A332,PO!$W$11:$W$1504,0))","v":"Atividade 92 - Plantão Social região Jardim Ikaraí"},{"$f":"IF(ROUND(K332,2)=0,K332,ROUND(K332,2))","v":3427.56},"Parcela (%)"]
[null,null,null,null,null,null,null,null,null,null,null,null,null,null,"Acumulado (%)",{"$f":"MIN(IF($B332,P330+IF(ISNUMBER(O331),O331,0),P332/$N330),1)","v":0},0,0,0,0,0,0,0]
[{"$f":"OFFSET(A332,-CFF.NumLinha,0)+1","v":105},{"$f":"$C332>=OFFSET($C332,CFF.NumLinha,0)","v":true},{"$f":"INDEX(PO!A$11:A$1504,MATCH($A332,PO!$W$11:$W$1504,0))","v":2},{"$f":"IF(ISERROR(J332),I332,SMALL(I332:J332,1))-1","v":2},{"$f":"IF($C332=1,OFFSET(E332,-CFF.NumLinha,0)+1,OFFSET(E332,-CFF.NumLinha,0))","v":13},{"$f":"IF($C332=1,0,IF($C332=2,OFFSET(F332,-CFF.NumLinha,0)+1,OFFSET(F332,-CFF.NumLinha,0)))","v":6},{"$f":"IF(AND($C332<=2,$C332<>0),0,IF($C332=3,OFFSET(G332,-CFF.NumLinha,0)+1,OFFSET(G332,-CFF.NumLinha,0)))","v":0},{"$f":"IF(AND($C332<=3,$C332<>0),0,IF($C332=4,OFFSET(H332,-CFF.NumLinha,0)+1,OFFSET(H332,-CFF.NumLinha,0)))","v":0},{"$f":"MATCH(0,OFFSET($D332,1,$C332,ROW($A$435)-ROW($A332)),0)","v":9},{"$f":"MATCH(OFFSET($D332,0,$C332)+1,OFFSET($D332,1,$C332,ROW($A$435)-ROW($A332)),0)","v":3},{"$f":"ROUND(INDEX(PO!U$11:U$1504,MATCH($A332,PO!$W$11:$W$1504,0)),2)+10^-12","v":3427.5600000000009},null,null,null,"Acumulado (R$)",{"$f":"IF($B332,ROUND(P331*$N330,2),ROUND(SUMIF(OFFSET($B332,1,0,$D332),TRUE,OFFSET(P332,1,0,$D332))/SUMIF(OFFSET($B332,1,0,$D332),TRUE,OFFSET($K332,1,0,$D332))*$N330,2))","v":0},0,0,0,0,0,0,0]
[null,null,null,null,null,null,null,null,null,null,null,{"$f":"INDEX(PO!K$11:K$1504,MATCH($A335,PO!$W$11:$W$1504,0))","v":"13.7."},{"$f":"INDEX(PO!O$11:O$1504,MATCH($A335,PO!$W$11:$W$1504,0))","v":"Atividade 93 - Curso: Panificação região Parque São João"},{"$f":"IF(ROUND(K335,2)=0,K335,ROUND(K335,2))","v":24551.46},"Parcela (%)"]
[null,null,null,null,null,null,null,null,null,null,null,null,null,null,"Acumulado (%)",{"$f":"MIN(IF($B335,P333+IF(ISNUMBER(O334),O334,0),P335/$N333),1)","v":0},0,0,0,0,0,0,0]
[{"$f":"OFFSET(A335,-CFF.NumLinha,0)+1","v":106},{"$f":"$C335>=OFFSET($C335,CFF.NumLinha,0)","v":true},{"$f":"INDEX(PO!A$11:A$1504,MATCH($A335,PO!$W$11:$W$1504,0))","v":2},{"$f":"IF(ISERROR(J335),I335,SMALL(I335:J335,1))-1","v":2},{"$f":"IF($C335=1,OFFSET(E335,-CFF.NumLinha,0)+1,OFFSET(E335,-CFF.NumLinha,0))","v":13},{"$f":"IF($C335=1,0,IF($C335=2,OFFSET(F335,-CFF.NumLinha,0)+1,OFFSET(F335,-CFF.NumLinha,0)))","v":7},{"$f":"IF(AND($C335<=2,$C335<>0),0,IF($C335=3,OFFSET(G335,-CFF.NumLinha,0)+1,OFFSET(G335,-CFF.NumLinha,0)))","v":0},{"$f":"IF(AND($C335<=3,$C335<>0),0,IF($C335=4,OFFSET(H335,-CFF.NumLinha,0)+1,OFFSET(H335,-CFF.NumLinha,0)))","v":0},{"$f":"MATCH(0,OFFSET($D335,1,$C335,ROW($A$435)-ROW($A335)),0)","v":6},{"$f":"MATCH(OFFSET($D335,0,$C335)+1,OFFSET($D335,1,$C335,ROW($A$435)-ROW($A335)),0)","v":3},{"$f":"ROUND(INDEX(PO!U$11:U$1504,MATCH($A335,PO!$W$11:$W$1504,0)),2)+10^-12","v":24551.46},null,null,null,"Acumulado (R$)",{"$f":"IF($B335,ROUND(P334*$N333,2),ROUND(SUMIF(OFFSET($B335,1,0,$D335),TRUE,OFFSET(P335,1,0,$D335))/SUMIF(OFFSET($B335,1,0,$D335),TRUE,OFFSET($K335,1,0,$D335))*$N333,2))","v":0},0,0,0,0,0,0,0]
[null,null,null,null,null,null,null,null,null,null,null,{"$f":"INDEX(PO!K$11:K$1504,MATCH($A338,PO!$W$11:$W$1504,0))","v":"13.8."},{"$f":"INDEX(PO!O$11:O$1504,MATCH($A338,PO!$W$11:$W$1504,0))","v":"Atividade 94 - Curso: Panificação região Jardim Ikaraí"},{"$f":"IF(ROUND(K338,2)=0,K338,ROUND(K338,2))","v":28092.32},"Parcela (%)"]
[null,null,null,null,null,null,null,null,null,null,null,null,null,null,"Acumulado (%)",{"$f":"MIN(IF($B338,P336+IF(ISNUMBER(O337),O337,0),P338/$N336),1)","v":0},0,0,0,0,0,0,0]
[{"$f":"OFFSET(A338,-CFF.NumLinha,0)+1","v":107},{"$f":"$C338>=OFFSET($C338,CFF.NumLinha,0)","v":true},{"$f":"INDEX(PO!A$11:A$1504,MATCH($A338,PO!$W$11:$W$1504,0))","v":2},{"$f":"IF(ISERROR(J338),I338,SMALL(I338:J338,1))-1","v":2},{"$f":"IF($C338=1,OFFSET(E338,-CFF.NumLinha,0)+1,OFFSET(E338,-CFF.NumLinha,0))","v":13},{"$f":"IF($C338=1,0,IF($C338=2,OFFSET(F338,-CFF.NumLinha,0)+1,OFFSET(F338,-CFF.NumLinha,0)))","v":8},{"$f":"IF(AND($C338<=2,$C338<>0),0,IF($C338=3,OFFSET(G338,-CFF.NumLinha,0)+1,OFFSET(G338,-CFF.NumLinha,0)))","v":0},{"$f":"IF(AND($C338<=3,$C338<>0),0,IF($C338=4,OFFSET(H338,-CFF.NumLinha,0)+1,OFFSET(H338,-CFF.NumLinha,0)))","v":0},{"$f":"MATCH(0,OFFSET($D338,1,$C338,ROW($A$435)-ROW($A338)),0)","v":3},{"$f":"MATCH(OFFSET($D338,0,$C338)+1,OFFSET($D338,1,$C338,ROW($A$435)-ROW($A338)),0)","v":{"$error":"#N/A"}},{"$f":"ROUND(INDEX(PO!U$11:U$1504,MATCH($A338,PO!$W$11:$W$1504,0)),2)+10^-12","v":28092.32},null,null,null,"Acumulado (R$)",{"$f":"IF($B338,ROUND(P337*$N336,2),ROUND(SUMIF(OFFSET($B338,1,0,$D338),TRUE,OFFSET(P338,1,0,$D338))/SUMIF(OFFSET($B338,1,0,$D338),TRUE,OFFSET($K338,1,0,$D338))*$N336,2))","v":0},0,0,0,0,0,0,0]
[null,null,null,null,null,null,null,null,null,null,null,{"$f":"INDEX(PO!K$11:K$1504,MATCH($A341,PO!$W$11:$W$1504,0))","v":"14."},{"$f":"INDEX(PO!O$11:O$1504,MATCH($A341,PO!$W$11:$W$1504,0))","v":"MÊS 14 - INFORMAÇÕES/SAÚDE E PALESTRA"},{"$f":"IF(ROUND(K341,2)=0,K341,ROUND(K341,2))","v":105730.16},"Parcela (%)"]
[null,null,null,null,null,null,null,null,null,null,null,null,null,null,"Acumulado (%)",{"$f":"MIN(IF($B341,P339+IF(ISNUMBER(O340),O340,0),P341/$N339),1)","v":0},0,0,0,0,0,0,0]
[{"$f":"OFFSET(A341,-CFF.NumLinha,0)+1","v":108},{"$f":"$C341>=OFFSET($C341,CFF.NumLinha,0)","v":false},{"$f":"INDEX(PO!A$11:A$1504,MATCH($A341,PO!$W$11:$W$1504,0))","v":1},{"$f":"IF(ISERROR(J341),I341,SMALL(I341:J341,1))-1","v":26},{"$f":"IF($C341=1,OFFSET(E341,-CFF.NumLinha,0)+1,OFFSET(E341,-CFF.NumLinha,0))","v":14},{"$f":"IF($C341=1,0,IF($C341=2,OFFSET(F341,-CFF.NumLinha,0)+1,OFFSET(F341,-CFF.NumLinha,0)))","v":0},{"$f":"IF(AND($C341<=2,$C341<>0),0,IF($C341=3,OFFSET(G341,-CFF.NumLinha,0)+1,OFFSET(G341,-CFF.NumLinha,0)))","v":0},{"$f":"IF(AND($C341<=3,$C341<>0),0,IF($C341=4,OFFSET(H341,-CFF.NumLinha,0)+1,OFFSET(H341,-CFF.NumLinha,0)))","v":0},{"$f":"MATCH(0,OFFSET($D341,1,$C341,ROW($A$435)-ROW($A341)),0)","v":94},{"$f":"MATCH(OFFSET($D341,0,$C341)+1,OFFSET($D341,1,$C341,ROW($A$435)-ROW($A341)),0)","v":27},{"$f":"ROUND(INDEX(PO!U$11:U$1504,MATCH($A341,PO!$W$11:$W$1504,0)),2)+10^-12","v":105730.16},null,null,null,"Acumulado (R$)",{"$f":"IF($B341,ROUND(P340*$N339,2),ROUND(SUMIF(OFFSET($B341,1,0,$D341),TRUE,OFFSET(P341,1,0,$D341))/SUMIF(OFFSET($B341,1,0,$D341),TRUE,OFFSET($K341,1,0,$D341))*$N339,2))","v":0},0,0,0,0,0,0,0]
[null,null,null,null,null,null,null,null,null,null,null,{"$f":"INDEX(PO!K$11:K$1504,MATCH($A344,PO!$W$11:$W$1504,0))","v":"14.1."},{"$f":"INDEX(PO!O$11:O$1504,MATCH($A344,PO!$W$11:$W$1504,0))","v":"Atividade 95 - Oficina de higiêne bucal região Parque São João"},{"$f":"IF(ROUND(K344,2)=0,K344,ROUND(K344,2))","v":25934.21},"Parcela (%)"]
[null,null,null,null,null,null,null,null,null,null,null,null,null,null,"Acumulado (%)",{"$f":"MIN(IF($B344,P342+IF(ISNUMBER(O343),O343,0),P344/$N342),1)","v":0},0,0,0,0,0,0,0]
[{"$f":"OFFSET(A344,-CFF.NumLinha,0)+1","v":109},{"$f":"$C344>=OFFSET($C344,CFF.NumLinha,0)","v":true},{"$f":"INDEX(PO!A$11:A$1504,MATCH($A344,PO!$W$11:$W$1504,0))","v":2},{"$f":"IF(ISERROR(J344),I344,SMALL(I344:J344,1))-1","v":2},{"$f":"IF($C344=1,OFFSET(E344,-CFF.NumLinha,0)+1,OFFSET(E344,-CFF.NumLinha,0))","v":14},{"$f":"IF($C344=1,0,IF($C344=2,OFFSET(F344,-CFF.NumLinha,0)+1,OFFSET(F344,-CFF.NumLinha,0)))","v":1},{"$f":"IF(AND($C344<=2,$C344<>0),0,IF($C344=3,OFFSET(G344,-CFF.NumLinha,0)+1,OFFSET(G344,-CFF.NumLinha,0)))","v":0},{"$f":"IF(AND($C344<=3,$C344<>0),0,IF($C344=4,OFFSET(H344,-CFF.NumLinha,0)+1,OFFSET(H344,-CFF.NumLinha,0)))","v":0},{"$f":"MATCH(0,OFFSET($D344,1,$C344,ROW($A$435)-ROW($A344)),0)","v":24},{"$f":"MATCH(OFFSET($D344,0,$C344)+1,OFFSET($D344,1,$C344,ROW($A$435)-ROW($A344)),0)","v":3},{"$f":"ROUND(INDEX(PO!U$11:U$1504,MATCH($A344,PO!$W$11:$W$1504,0)),2)+10^-12","v":25934.21},null,null,null,"Acumulado (R$)",{"$f":"IF($B344,ROUND(P343*$N342,2),ROUND(SUMIF(OFFSET($B344,1,0,$D344),TRUE,OFFSET(P344,1,0,$D344))/SUMIF(OFFSET($B344,1,0,$D344),TRUE,OFFSET($K344,1,0,$D344))*$N342,2))","v":0},0,0,0,0,0,0,0]
[null,null,null,null,null,null,null,null,null,null,null,{"$f":"INDEX(PO!K$11:K$1504,MATCH($A347,PO!$W$11:$W$1504,0))","v":"14.2."},{"$f":"INDEX(PO!O$11:O$1504,MATCH($A347,PO!$W$11:$W$1504,0))","v":"Atividade 96 - Plantão Social região Parque São João"},{"$f":"IF(ROUND(K347,2)=0,K347,ROUND(K347,2))","v":3427.56},"Parcela (%)"]
[null,null,null,null,null,null,null,null,null,null,null,null,null,null,"Acumulado (%)",{"$f":"MIN(IF($B347,P345+IF(ISNUMBER(O346),O346,0),P347/$N345),1)","v":0},0,0,0,0,0,0,0]
[{"$f":"OFFSET(A347,-CFF.NumLinha,0)+1","v":110},{"$f":"$C347>=OFFSET($C347,CFF.NumLinha,0)","v":true},{"$f":"INDEX(PO!A$11:A$1504,MATCH($A347,PO!$W$11:$W$1504,0))","v":2},{"$f":"IF(ISERROR(J347),I347,SMALL(I347:J347,1))-1","v":2},{"$f":"IF($C347=1,OFFSET(E347,-CFF.NumLinha,0)+1,OFFSET(E347,-CFF.NumLinha,0))","v":14},{"$f":"IF($C347=1,0,IF($C347=2,OFFSET(F347,-CFF.NumLinha,0)+1,OFFSET(F347,-CFF.NumLinha,0)))","v":2},{"$f":"IF(AND($C347<=2,$C347<>0),0,IF($C347=3,OFFSET(G347,-CFF.NumLinha,0)+1,OFFSET(G347,-CFF.NumLinha,0)))","v":0},{"$f":"IF(AND($C347<=3,$C347<>0),0,IF($C347=4,OFFSET(H347,-CFF.NumLinha,0)+1,OFFSET(H347,-CFF.NumLinha,0)))","v":0},{"$f":"MATCH(0,OFFSET($D347,1,$C347,ROW($A$435)-ROW($A347)),0)","v":21},{"$f":"MATCH(OFFSET($D347,0,$C347)+1,OFFSET($D347,1,$C347,ROW($A$435)-ROW($A347)),0)","v":3},{"$f":"ROUND(INDEX(PO!U$11:U$1504,MATCH($A347,PO!$W$11:$W$1504,0)),2)+10^-12","v":3427.5600000000009},null,null,null,"Acumulado (R$)",{"$f":"IF($B347,ROUND(P346*$N345,2),ROUND(SUMIF(OFFSET($B347,1,0,$D347),TRUE,OFFSET(P347,1,0,$D347))/SUMIF(OFFSET($B347,1,0,$D347),TRUE,OFFSET($K347,1,0,$D347))*$N345,2))","v":0},0,0,0,0,0,0,0]
[null,null,null,null,null,null,null,null,null,null,null,{"$f":"INDEX(PO!K$11:K$1504,MATCH($A350,PO!$W$11:$W$1504,0))","v":"14.3."},{"$f":"INDEX(PO!O$11:O$1504,MATCH($A350,PO!$W$11:$W$1504,0))","v":"Atividade 97 - Oficinas de higiêne bucal região Jardim Ikaraí"},{"$f":"IF(ROUND(K350,2)=0,K350,ROUND(K350,2))","v":19284.21},"Parcela (%)"]
[null,null,null,null,null,null,null,null,null,null,null,null,null,null,"Acumulado (%)",{"$f":"MIN(IF($B350,P348+IF(ISNUMBER(O349),O349,0),P350/$N348),1)","v":0},0,0,0,0,0,0,0]
[{"$f":"OFFSET(A350,-CFF.NumLinha,0)+1","v":111},{"$f":"$C350>=OFFSET($C350,CFF.NumLinha,0)","v":true},{"$f":"INDEX(PO!A$11:A$1504,MATCH($A350,PO!$W$11:$W$1504,0))","v":2},{"$f":"IF(ISERROR(J350),I350,SMALL(I350:J350,1))-1","v":2},{"$f":"IF($C350=1,OFFSET(E350,-CFF.NumLinha,0)+1,OFFSET(E350,-CFF.NumLinha,0))","v":14},{"$f":"IF($C350=1,0,IF($C350=2,OFFSET(F350,-CFF.NumLinha,0)+1,OFFSET(F350,-CFF.NumLinha,0)))","v":3},{"$f":"IF(AND($C350<=2,$C350<>0),0,IF($C350=3,OFFSET(G350,-CFF.NumLinha,0)+1,OFFSET(G350,-CFF.NumLinha,0)))","v":0},{"$f":"IF(AND($C350<=3,$C350<>0),0,IF($C350=4,OFFSET(H350,-CFF.NumLinha,0)+1,OFFSET(H350,-CFF.NumLinha,0)))","v":0},{"$f":"MATCH(0,OFFSET($D350,1,$C350,ROW($A$435)-ROW($A350)),0)","v":18},{"$f":"MATCH(OFFSET($D350,0,$C350)+1,OFFSET($D350,1,$C350,ROW($A$435)-ROW($A350)),0)","v":3},{"$f":"ROUND(INDEX(PO!U$11:U$1504,MATCH($A350,PO!$W$11:$W$1504,0)),2)+10^-12","v":19284.21},null,null,null,"Acumulado (R$)",{"$f":"IF($B350,ROUND(P349*$N348,2),ROUND(SUMIF(OFFSET($B350,1,0,$D350),TRUE,OFFSET(P350,1,0,$D350))/SUMIF(OFFSET($B350,1,0,$D350),TRUE,OFFSET($K350,1,0,$D350))*$N348,2))","v":0},0,0,0,0,0,0,0]
[null,null,null,null,null,null,null,null,null,null,null,{"$f":"INDEX(PO!K$11:K$1504,MATCH($A353,PO!$W$11:$W$1504,0))","v":"14.4."},{"$f":"INDEX(PO!O$11:O$1504,MATCH($A353,PO!$W$11:$W$1504,0))","v":"Ativiidade 98 - Plantão Social região Jrdim Ikaraí"},{"$f":"IF(ROUND(K353,2)=0,K353,ROUND(K353,2))","v":3427.56},"Parcela (%)"]
[null,null,null,null,null,null,null,null,null,null,null,null,null,null,"Acumulado (%)",{"$f":"MIN(IF($B353,P351+IF(ISNUMBER(O352),O352,0),P353/$N351),1)","v":0},0,0,0,0,0,0,0]
[{"$f":"OFFSET(A353,-CFF.NumLinha,0)+1","v":112},{"$f":"$C353>=OFFSET($C353,CFF.NumLinha,0)","v":true},{"$f":"INDEX(PO!A$11:A$1504,MATCH($A353,PO!$W$11:$W$1504,0))","v":2},{"$f":"IF(ISERROR(J353),I353,SMALL(I353:J353,1))-1","v":2},{"$f":"IF($C353=1,OFFSET(E353,-CFF.NumLinha,0)+1,OFFSET(E353,-CFF.NumLinha,0))","v":14},{"$f":"IF($C353=1,0,IF($C353=2,OFFSET(F353,-CFF.NumLinha,0)+1,OFFSET(F353,-CFF.NumLinha,0)))","v":4},{"$f":"IF(AND($C353<=2,$C353<>0),0,IF($C353=3,OFFSET(G353,-CFF.NumLinha,0)+1,OFFSET(G353,-CFF.NumLinha,0)))","v":0},{"$f":"IF(AND($C353<=3,$C353<>0),0,IF($C353=4,OFFSET(H353,-CFF.NumLinha,0)+1,OFFSET(H353,-CFF.NumLinha,0)))","v":0},{"$f":"MATCH(0,OFFSET($D353,1,$C353,ROW($A$435)-ROW($A353)),0)","v":15},{"$f":"MATCH(OFFSET($D353,0,$C353)+1,OFFSET($D353,1,$C353,ROW($A$435)-ROW($A353)),0)","v":3},{"$f":"ROUND(INDEX(PO!U$11:U$1504,MATCH($A353,PO!$W$11:$W$1504,0)),2)+10^-12","v":3427.5600000000009},null,null,null,"Acumulado (R$)",{"$f":"IF($B353,ROUND(P352*$N351,2),ROUND(SUMIF(OFFSET($B353,1,0,$D353),TRUE,OFFSET(P353,1,0,$D353))/SUMIF(OFFSET($B353,1,0,$D353),TRUE,OFFSET($K353,1,0,$D353))*$N351,2))","v":0},0,0,0,0,0,0,0]
[null,null,null,null,null,null,null,null,null,null,null,{"$f":"INDEX(PO!K$11:K$1504,MATCH($A356,PO!$W$11:$W$1504,0))","v":"14.5."},{"$f":"INDEX(PO!O$11:O$1504,MATCH($A356,PO!$W$11:$W$1504,0))","v":"Atividade 99 - Oficina de higiêne bucal Bairro: Frutal de Minas e Jardim Paula II"},{"$f":"IF(ROUND(K356,2)=0,K356,ROUND(K356,2))","v":17985.48},"Parcela (%)"]
[null,null,null,null,null,null,null,null,null,null,null,null,null,null,"Acumulado (%)",{"$f":"MIN(IF($B356,P354+IF(ISNUMBER(O355),O355,0),P356/$N354),1)","v":0},0,0,0,0,0,0,0]
[{"$f":"OFFSET(A356,-CFF.NumLinha,0)+1","v":113},{"$f":"$C356>=OFFSET($C356,CFF.NumLinha,0)","v":true},{"$f":"INDEX(PO!A$11:A$1504,MATCH($A356,PO!$W$11:$W$1504,0))","v":2},{"$f":"IF(ISERROR(J356),I356,SMALL(I356:J356,1))-1","v":2},{"$f":"IF($C356=1,OFFSET(E356,-CFF.NumLinha,0)+1,OFFSET(E356,-CFF.NumLinha,0))","v":14},{"$f":"IF($C356=1,0,IF($C356=2,OFFSET(F356,-CFF.NumLinha,0)+1,OFFSET(F356,-CFF.NumLinha,0)))","v":5},{"$f":"IF(AND($C356<=2,$C356<>0),0,IF($C356=3,OFFSET(G356,-CFF.NumLinha,0)+1,OFFSET(G356,-CFF.NumLinha,0)))","v":0},{"$f":"IF(AND($C356<=3,$C356<>0),0,IF($C356=4,OFFSET(H356,-CFF.NumLinha,0)+1,OFFSET(H356,-CFF.NumLinha,0)))","v":0},{"$f":"MATCH(0,OFFSET($D356,1,$C356,ROW($A$435)-ROW($A356)),0)","v":12},{"$f":"MATCH(OFFSET($D356,0,$C356)+1,OFFSET($D356,1,$C356,ROW($A$435)-ROW($A356)),0)","v":3},{"$f":"ROUND(INDEX(PO!U$11:U$1504,MATCH($A356,PO!$W$11:$W$1504,0)),2)+10^-12","v":17985.48},null,null,null,"Acumulado (R$)",{"$f":"IF($B356,ROUND(P355*$N354,2),ROUND(SUMIF(OFFSET($B356,1,0,$D356),TRUE,OFFSET(P356,1,0,$D356))/SUMIF(OFFSET($B356,1,0,$D356),TRUE,OFFSET($K356,1,0,$D356))*$N354,2))","v":0},0,0,0,0,0,0,0]
[null,null,null,null,null,null,null,null,null,null,null,{"$f":"INDEX(PO!K$11:K$1504,MATCH($A359,PO!$W$11:$W$1504,0))","v":"14.6."},{"$f":"INDEX(PO!O$11:O$1504,MATCH($A359,PO!$W$11:$W$1504,0))","v":"Atividade 100 - Palestra: Educação financeira orçamento familiar região Parque São João"},{"$f":"IF(ROUND(K359,2)=0,K359,ROUND(K359,2))","v":17064},"Parcela (%)"]
[null,null,null,null,null,null,null,null,null,null,null,null,null,null,"Acumulado (%)",{"$f":"MIN(IF($B359,P357+IF(ISNUMBER(O358),O358,0),P359/$N357),1)","v":0},0,0,0,0,0,0,0]
[{"$f":"OFFSET(A359,-CFF.NumLinha,0)+1","v":114},{"$f":"$C359>=OFFSET($C359,CFF.NumLinha,0)","v":true},{"$f":"INDEX(PO!A$11:A$1504,MATCH($A359,PO!$W$11:$W$1504,0))","v":2},{"$f":"IF(ISERROR(J359),I359,SMALL(I359:J359,1))-1","v":2},{"$f":"IF($C359=1,OFFSET(E359,-CFF.NumLinha,0)+1,OFFSET(E359,-CFF.NumLinha,0))","v":14},{"$f":"IF($C359=1,0,IF($C359=2,OFFSET(F359,-CFF.NumLinha,0)+1,OFFSET(F359,-CFF.NumLinha,0)))","v":6},{"$f":"IF(AND($C359<=2,$C359<>0),0,IF($C359=3,OFFSET(G359,-CFF.NumLinha,0)+1,OFFSET(G359,-CFF.NumLinha,0)))","v":0},{"$f":"IF(AND($C359<=3,$C359<>0),0,IF($C359=4,OFFSET(H359,-CFF.NumLinha,0)+1,OFFSET(H359,-CFF.NumLinha,0)))","v":0},{"$f":"MATCH(0,OFFSET($D359,1,$C359,ROW($A$435)-ROW($A359)),0)","v":9},{"$f":"MATCH(OFFSET($D359,0,$C359)+1,OFFSET($D359,1,$C359,ROW($A$435)-ROW($A359)),0)","v":3},{"$f":"ROUND(INDEX(PO!U$11:U$1504,MATCH($A359,PO!$W$11:$W$1504,0)),2)+10^-12","v":17064},null,null,null,"Acumulado (R$)",{"$f":"IF($B359,ROUND(P358*$N357,2),ROUND(SUMIF(OFFSET($B359,1,0,$D359),TRUE,OFFSET(P359,1,0,$D359))/SUMIF(OFFSET($B359,1,0,$D359),TRUE,OFFSET($K359,1,0,$D359))*$N357,2))","v":0},0,0,0,0,0,0,0]
[null,null,null,null,null,null,null,null,null,null,null,{"$f":"INDEX(PO!K$11:K$1504,MATCH($A362,PO!$W$11:$W$1504,0))","v":"14.7."},{"$f":"INDEX(PO!O$11:O$1504,MATCH($A362,PO!$W$11:$W$1504,0))","v":"Ativdade 101 - Palestra: Financeira, orçamento familiar região Jardim Ikaraí"},{"$f":"IF(ROUND(K362,2)=0,K362,ROUND(K362,2))","v":9618.57},"Parcela (%)"]
[null,null,null,null,null,null,null,null,null,null,null,null,null,null,"Acumulado (%)",{"$f":"MIN(IF($B362,P360+IF(ISNUMBER(O361),O361,0),P362/$N360),1)","v":0},0,0,0,0,0,0,0]
[{"$f":"OFFSET(A362,-CFF.NumLinha,0)+1","v":115},{"$f":"$C362>=OFFSET($C362,CFF.NumLinha,0)","v":true},{"$f":"INDEX(PO!A$11:A$1504,MATCH($A362,PO!$W$11:$W$1504,0))","v":2},{"$f":"IF(ISERROR(J362),I362,SMALL(I362:J362,1))-1","v":2},{"$f":"IF($C362=1,OFFSET(E362,-CFF.NumLinha,0)+1,OFFSET(E362,-CFF.NumLinha,0))","v":14},{"$f":"IF($C362=1,0,IF($C362=2,OFFSET(F362,-CFF.NumLinha,0)+1,OFFSET(F362,-CFF.NumLinha,0)))","v":7},{"$f":"IF(AND($C362<=2,$C362<>0),0,IF($C362=3,OFFSET(G362,-CFF.NumLinha,0)+1,OFFSET(G362,-CFF.NumLinha,0)))","v":0},{"$f":"IF(AND($C362<=3,$C362<>0),0,IF($C362=4,OFFSET(H362,-CFF.NumLinha,0)+1,OFFSET(H362,-CFF.NumLinha,0)))","v":0},{"$f":"MATCH(0,OFFSET($D362,1,$C362,ROW($A$435)-ROW($A362)),0)","v":6},{"$f":"MATCH(OFFSET($D362,0,$C362)+1,OFFSET($D362,1,$C362,ROW($A$435)-ROW($A362)),0)","v":3},{"$f":"ROUND(INDEX(PO!U$11:U$1504,MATCH($A362,PO!$W$11:$W$1504,0)),2)+10^-12","v":9618.5700000000015},null,null,null,"Acumulado (R$)",{"$f":"IF($B362,ROUND(P361*$N360,2),ROUND(SUMIF(OFFSET($B362,1,0,$D362),TRUE,OFFSET(P362,1,0,$D362))/SUMIF(OFFSET($B362,1,0,$D362),TRUE,OFFSET($K362,1,0,$D362))*$N360,2))","v":0},0,0,0,0,0,0,0]
[null,null,null,null,null,null,null,null,null,null,null,{"$f":"INDEX(PO!K$11:K$1504,MATCH($A365,PO!$W$11:$W$1504,0))","v":"14.8."},{"$f":"INDEX(PO!O$11:O$1504,MATCH($A365,PO!$W$11:$W$1504,0))","v":"Atividade 102 - Palestra: Financeira e orçamento familiar Bairro: Frutal de Minas e Jardim Paula II"},{"$f":"IF(ROUND(K365,2)=0,K365,ROUND(K365,2))","v":8988.57},"Parcela (%)"]
[null,null,null,null,null,null,null,null,null,null,null,null,null,null,"Acumulado (%)",{"$f":"MIN(IF($B365,P363+IF(ISNUMBER(O364),O364,0),P365/$N363),1)","v":0},0,0,0,0,0,0,0]
[{"$f":"OFFSET(A365,-CFF.NumLinha,0)+1","v":116},{"$f":"$C365>=OFFSET($C365,CFF.NumLinha,0)","v":true},{"$f":"INDEX(PO!A$11:A$1504,MATCH($A365,PO!$W$11:$W$1504,0))","v":2},{"$f":"IF(ISERROR(J365),I365,SMALL(I365:J365,1))-1","v":2},{"$f":"IF($C365=1,OFFSET(E365,-CFF.NumLinha,0)+1,OFFSET(E365,-CFF.NumLinha,0))","v":14},{"$f":"IF($C365=1,0,IF($C365=2,OFFSET(F365,-CFF.NumLinha,0)+1,OFFSET(F365,-CFF.NumLinha,0)))","v":8},{"$f":"IF(AND($C365<=2,$C365<>0),0,IF($C365=3,OFFSET(G365,-CFF.NumLinha,0)+1,OFFSET(G365,-CFF.NumLinha,0)))","v":0},{"$f":"IF(AND($C365<=3,$C365<>0),0,IF($C365=4,OFFSET(H365,-CFF.NumLinha,0)+1,OFFSET(H365,-CFF.NumLinha,0)))","v":0},{"$f":"MATCH(0,OFFSET($D365,1,$C365,ROW($A$435)-ROW($A365)),0)","v":3},{"$f":"MATCH(OFFSET($D365,0,$C365)+1,OFFSET($D365,1,$C365,ROW($A$435)-ROW($A365)),0)","v":{"$error":"#N/A"}},{"$f":"ROUND(INDEX(PO!U$11:U$1504,MATCH($A365,PO!$W$11:$W$1504,0)),2)+10^-12","v":8988.5700000000015},null,null,null,"Acumulado (R$)",{"$f":"IF($B365,ROUND(P364*$N363,2),ROUND(SUMIF(OFFSET($B365,1,0,$D365),TRUE,OFFSET(P365,1,0,$D365))/SUMIF(OFFSET($B365,1,0,$D365),TRUE,OFFSET($K365,1,0,$D365))*$N363,2))","v":0},0,0,0,0,0,0,0]
[null,null,null,null,null,null,null,null,null,null,null,{"$f":"INDEX(PO!K$11:K$1504,MATCH($A368,PO!$W$11:$W$1504,0))","v":"15."},{"$f":"INDEX(PO!O$11:O$1504,MATCH($A368,PO!$W$11:$W$1504,0))","v":"MÊS 15 - INFORMAÇÕES/PALESTRA E REUNIÃO DE ENCERRAMENTO"},{"$f":"IF(ROUND(K368,2)=0,K368,ROUND(K368,2))","v":36916.47},"Parcela (%)"]
[null,null,null,null,null,null,null,null,null,null,null,null,null,null,"Acumulado (%)",{"$f":"MIN(IF($B368,P366+IF(ISNUMBER(O367),O367,0),P368/$N366),1)","v":0},0,0,0,0,0,0,0]
[{"$f":"OFFSET(A368,-CFF.NumLinha,0)+1","v":117},{"$f":"$C368>=OFFSET($C368,CFF.NumLinha,0)","v":false},{"$f":"INDEX(PO!A$11:A$1504,MATCH($A368,PO!$W$11:$W$1504,0))","v":1},{"$f":"IF(ISERROR(J368),I368,SMALL(I368:J368,1))-1","v":17},{"$f":"IF($C368=1,OFFSET(E368,-CFF.NumLinha,0)+1,OFFSET(E368,-CFF.NumLinha,0))","v":15},{"$f":"IF($C368=1,0,IF($C368=2,OFFSET(F368,-CFF.NumLinha,0)+1,OFFSET(F368,-CFF.NumLinha,0)))","v":0},{"$f":"IF(AND($C368<=2,$C368<>0),0,IF($C368=3,OFFSET(G368,-CFF.NumLinha,0)+1,OFFSET(G368,-CFF.NumLinha,0)))","v":0},{"$f":"IF(AND($C368<=3,$C368<>0),0,IF($C368=4,OFFSET(H368,-CFF.NumLinha,0)+1,OFFSET(H368,-CFF.NumLinha,0)))","v":0},{"$f":"MATCH(0,OFFSET($D368,1,$C368,ROW($A$435)-ROW($A368)),0)","v":67},{"$f":"MATCH(OFFSET($D368,0,$C368)+1,OFFSET($D368,1,$C368,ROW($A$435)-ROW($A368)),0)","v":18},{"$f":"ROUND(INDEX(PO!U$11:U$1504,MATCH($A368,PO!$W$11:$W$1504,0)),2)+10^-12","v":36916.47},null,null,null,"Acumulado (R$)",{"$f":"IF($B368,ROUND(P367*$N366,2),ROUND(SUMIF(OFFSET($B368,1,0,$D368),TRUE,OFFSET(P368,1,0,$D368))/SUMIF(OFFSET($B368,1,0,$D368),TRUE,OFFSET($K368,1,0,$D368))*$N366,2))","v":0},0,0,0,0,0,0,0]
[null,null,null,null,null,null,null,null,null,null,null,{"$f":"INDEX(PO!K$11:K$1504,MATCH($A371,PO!$W$11:$W$1504,0))","v":"15.1."},{"$f":"INDEX(PO!O$11:O$1504,MATCH($A371,PO!$W$11:$W$1504,0))","v":"Atividade 103 - Palestra: Cidadania direito convivência sem discriminação e as consequência do uso de drogas região Parque São João"},{"$f":"IF(ROUND(K371,2)=0,K371,ROUND(K371,2))","v":14504.36},"Parcela (%)"]
[null,null,null,null,null,null,null,null,null,null,null,null,null,null,"Acumulado (%)",{"$f":"MIN(IF($B371,P369+IF(ISNUMBER(O370),O370,0),P371/$N369),1)","v":0},0,0,0,0,0,0,0]
[{"$f":"OFFSET(A371,-CFF.NumLinha,0)+1","v":118},{"$f":"$C371>=OFFSET($C371,CFF.NumLinha,0)","v":true},{"$f":"INDEX(PO!A$11:A$1504,MATCH($A371,PO!$W$11:$W$1504,0))","v":2},{"$f":"IF(ISERROR(J371),I371,SMALL(I371:J371,1))-1","v":2},{"$f":"IF($C371=1,OFFSET(E371,-CFF.NumLinha,0)+1,OFFSET(E371,-CFF.NumLinha,0))","v":15},{"$f":"IF($C371=1,0,IF($C371=2,OFFSET(F371,-CFF.NumLinha,0)+1,OFFSET(F371,-CFF.NumLinha,0)))","v":1},{"$f":"IF(AND($C371<=2,$C371<>0),0,IF($C371=3,OFFSET(G371,-CFF.NumLinha,0)+1,OFFSET(G371,-CFF.NumLinha,0)))","v":0},{"$f":"IF(AND($C371<=3,$C371<>0),0,IF($C371=4,OFFSET(H371,-CFF.NumLinha,0)+1,OFFSET(H371,-CFF.NumLinha,0)))","v":0},{"$f":"MATCH(0,OFFSET($D371,1,$C371,ROW($A$435)-ROW($A371)),0)","v":15},{"$f":"MATCH(OFFSET($D371,0,$C371)+1,OFFSET($D371,1,$C371,ROW($A$435)-ROW($A371)),0)","v":3},{"$f":"ROUND(INDEX(PO!U$11:U$1504,MATCH($A371,PO!$W$11:$W$1504,0)),2)+10^-12","v":14504.360000000002},null,null,null,"Acumulado (R$)",{"$f":"IF($B371,ROUND(P370*$N369,2),ROUND(SUMIF(OFFSET($B371,1,0,$D371),TRUE,OFFSET(P371,1,0,$D371))/SUMIF(OFFSET($B371,1,0,$D371),TRUE,OFFSET($K371,1,0,$D371))*$N369,2))","v":0},0,0,0,0,0,0,0]
[null,null,null,null,null,null,null,null,null,null,null,{"$f":"INDEX(PO!K$11:K$1504,MATCH($A374,PO!$W$11:$W$1504,0))","v":"15.2."},{"$f":"INDEX(PO!O$11:O$1504,MATCH($A374,PO!$W$11:$W$1504,0))","v":"Atividade 104 - Plantão Social região Parque São João"},{"$f":"IF(ROUND(K374,2)=0,K374,ROUND(K374,2))","v":1754.96},"Parcela (%)"]
[null,null,null,null,null,null,null,null,null,null,null,null,null,null,"Acumulado (%)",{"$f":"MIN(IF($B374,P372+IF(ISNUMBER(O373),O373,0),P374/$N372),1)","v":0},0,0,0,0,0,0,0]
[{"$f":"OFFSET(A374,-CFF.NumLinha,0)+1","v":119},{"$f":"$C374>=OFFSET($C374,CFF.NumLinha,0)","v":true},{"$f":"INDEX(PO!A$11:A$1504,MATCH($A374,PO!$W$11:$W$1504,0))","v":2},{"$f":"IF(ISERROR(J374),I374,SMALL(I374:J374,1))-1","v":2},{"$f":"IF($C374=1,OFFSET(E374,-CFF.NumLinha,0)+1,OFFSET(E374,-CFF.NumLinha,0))","v":15},{"$f":"IF($C374=1,0,IF($C374=2,OFFSET(F374,-CFF.NumLinha,0)+1,OFFSET(F374,-CFF.NumLinha,0)))","v":2},{"$f":"IF(AND($C374<=2,$C374<>0),0,IF($C374=3,OFFSET(G374,-CFF.NumLinha,0)+1,OFFSET(G374,-CFF.NumLinha,0)))","v":0},{"$f":"IF(AND($C374<=3,$C374<>0),0,IF($C374=4,OFFSET(H374,-CFF.NumLinha,0)+1,OFFSET(H374,-CFF.NumLinha,0)))","v":0},{"$f":"MATCH(0,OFFSET($D374,1,$C374,ROW($A$435)-ROW($A374)),0)","v":12},{"$f":"MATCH(OFFSET($D374,0,$C374)+1,OFFSET($D374,1,$C374,ROW($A$435)-ROW($A374)),0)","v":3},{"$f":"ROUND(INDEX(PO!U$11:U$1504,MATCH($A374,PO!$W$11:$W$1504,0)),2)+10^-12","v":1754.9600000000009},null,null,null,"Acumulado (R$)",{"$f":"IF($B374,ROUND(P373*$N372,2),ROUND(SUMIF(OFFSET($B374,1,0,$D374),TRUE,OFFSET(P374,1,0,$D374))/SUMIF(OFFSET($B374,1,0,$D374),TRUE,OFFSET($K374,1,0,$D374))*$N372,2))","v":0},0,0,0,0,0,0,0]
[null,null,null,null,null,null,null,null,null,null,null,{"$f":"INDEX(PO!K$11:K$1504,MATCH($A377,PO!$W$11:$W$1504,0))","v":"15.3."},{"$f":"INDEX(PO!O$11:O$1504,MATCH($A377,PO!$W$11:$W$1504,0))","v":"Atividade 105 - Palestra: Cidadania direitos e convivência sem discriminação e as consequências do uso de drogas região Jardim Ikaraí"},{"$f":"IF(ROUND(K377,2)=0,K377,ROUND(K377,2))","v":8463.56},"Parcela (%)"]
[null,null,null,null,null,null,null,null,null,null,null,null,null,null,"Acumulado (%)",{"$f":"MIN(IF($B377,P375+IF(ISNUMBER(O376),O376,0),P377/$N375),1)","v":0},0,0,0,0,0,0,0]
[{"$f":"OFFSET(A377,-CFF.NumLinha,0)+1","v":120},{"$f":"$C377>=OFFSET($C377,CFF.NumLinha,0)","v":true},{"$f":"INDEX(PO!A$11:A$1504,MATCH($A377,PO!$W$11:$W$1504,0))","v":2},{"$f":"IF(ISERROR(J377),I377,SMALL(I377:J377,1))-1","v":2},{"$f":"IF($C377=1,OFFSET(E377,-CFF.NumLinha,0)+1,OFFSET(E377,-CFF.NumLinha,0))","v":15},{"$f":"IF($C377=1,0,IF($C377=2,OFFSET(F377,-CFF.NumLinha,0)+1,OFFSET(F377,-CFF.NumLinha,0)))","v":3},{"$f":"IF(AND($C377<=2,$C377<>0),0,IF($C377=3,OFFSET(G377,-CFF.NumLinha,0)+1,OFFSET(G377,-CFF.NumLinha,0)))","v":0},{"$f":"IF(AND($C377<=3,$C377<>0),0,IF($C377=4,OFFSET(H377,-CFF.NumLinha,0)+1,OFFSET(H377,-CFF.NumLinha,0)))","v":0},{"$f":"MATCH(0,OFFSET($D377,1,$C377,ROW($A$435)-ROW($A377)),0)","v":9},{"$f":"MATCH(OFFSET($D377,0,$C377)+1,OFFSET($D377,1,$C377,ROW($A$435)-ROW($A377)),0)","v":3},{"$f":"ROUND(INDEX(PO!U$11:U$1504,MATCH($A377,PO!$W$11:$W$1504,0)),2)+10^-12","v":8463.5600000000013},null,null,null,"Acumulado (R$)",{"$f":"IF($B377,ROUND(P376*$N375,2),ROUND(SUMIF(OFFSET($B377,1,0,$D377),TRUE,OFFSET(P377,1,0,$D377))/SUMIF(OFFSET($B377,1,0,$D377),TRUE,OFFSET($K377,1,0,$D377))*$N375,2))","v":0},0,0,0,0,0,0,0]
[null,null,null,null,null,null,null,null,null,null,null,{"$f":"INDEX(PO!K$11:K$1504,MATCH($A380,PO!$W$11:$W$1504,0))","v":"15.4."},{"$f":"INDEX(PO!O$11:O$1504,MATCH($A380,PO!$W$11:$W$1504,0))","v":"Atividade 106 - Plantão Social região Jardim Ikaraí"},{"$f":"IF(ROUND(K380,2)=0,K380,ROUND(K380,2))","v":2089.48},"Parcela (%)"]
[null,null,null,null,null,null,null,null,null,null,null,null,null,null,"Acumulado (%)",{"$f":"MIN(IF($B380,P378+IF(ISNUMBER(O379),O379,0),P380/$N378),1)","v":0},0,0,0,0,0,0,0]
[{"$f":"OFFSET(A380,-CFF.NumLinha,0)+1","v":121},{"$f":"$C380>=OFFSET($C380,CFF.NumLinha,0)","v":true},{"$f":"INDEX(PO!A$11:A$1504,MATCH($A380,PO!$W$11:$W$1504,0))","v":2},{"$f":"IF(ISERROR(J380),I380,SMALL(I380:J380,1))-1","v":2},{"$f":"IF($C380=1,OFFSET(E380,-CFF.NumLinha,0)+1,OFFSET(E380,-CFF.NumLinha,0))","v":15},{"$f":"IF($C380=1,0,IF($C380=2,OFFSET(F380,-CFF.NumLinha,0)+1,OFFSET(F380,-CFF.NumLinha,0)))","v":4},{"$f":"IF(AND($C380<=2,$C380<>0),0,IF($C380=3,OFFSET(G380,-CFF.NumLinha,0)+1,OFFSET(G380,-CFF.NumLinha,0)))","v":0},{"$f":"IF(AND($C380<=3,$C380<>0),0,IF($C380=4,OFFSET(H380,-CFF.NumLinha,0)+1,OFFSET(H380,-CFF.NumLinha,0)))","v":0},{"$f":"MATCH(0,OFFSET($D380,1,$C380,ROW($A$435)-ROW($A380)),0)","v":6},{"$f":"MATCH(OFFSET($D380,0,$C380)+1,OFFSET($D380,1,$C380,ROW($A$435)-ROW($A380)),0)","v":3},{"$f":"ROUND(INDEX(PO!U$11:U$1504,MATCH($A380,PO!$W$11:$W$1504,0)),2)+10^-12","v":2089.4800000000009},null,null,null,"Acumulado (R$)",{"$f":"IF($B380,ROUND(P379*$N378,2),ROUND(SUMIF(OFFSET($B380,1,0,$D380),TRUE,OFFSET(P380,1,0,$D380))/SUMIF(OFFSET($B380,1,0,$D380),TRUE,OFFSET($K380,1,0,$D380))*$N378,2))","v":0},0,0,0,0,0,0,0]
[null,null,null,null,null,null,null,null,null,null,null,{"$f":"INDEX(PO!K$11:K$1504,MATCH($A383,PO!$W$11:$W$1504,0))","v":"15.5."},{"$f":"INDEX(PO!O$11:O$1504,MATCH($A383,PO!$W$11:$W$1504,0))","v":"Atividade 107 - Plaestra: Cidadania direito e convivência sem discriminação e as consequência de uso das drogas Bairro: Frutal de Minas e Jardim Paula II"},{"$f":"IF(ROUND(K383,2)=0,K383,ROUND(K383,2))","v":10104.11},"Parcela (%)"]
[null,null,null,null,null,null,null,null,null,null,null,null,null,null,"Acumulado (%)",{"$f":"MIN(IF($B383,P381+IF(ISNUMBER(O382),O382,0),P383/$N381),1)","v":0},0,0,0,0,0,0,0]
[{"$f":"OFFSET(A383,-CFF.NumLinha,0)+1","v":122},{"$f":"$C383>=OFFSET($C383,CFF.NumLinha,0)","v":true},{"$f":"INDEX(PO!A$11:A$1504,MATCH($A383,PO!$W$11:$W$1504,0))","v":2},{"$f":"IF(ISERROR(J383),I383,SMALL(I383:J383,1))-1","v":2},{"$f":"IF($C383=1,OFFSET(E383,-CFF.NumLinha,0)+1,OFFSET(E383,-CFF.NumLinha,0))","v":15},{"$f":"IF($C383=1,0,IF($C383=2,OFFSET(F383,-CFF.NumLinha,0)+1,OFFSET(F383,-CFF.NumLinha,0)))","v":5},{"$f":"IF(AND($C383<=2,$C383<>0),0,IF($C383=3,OFFSET(G383,-CFF.NumLinha,0)+1,OFFSET(G383,-CFF.NumLinha,0)))","v":0},{"$f":"IF(AND($C383<=3,$C383<>0),0,IF($C383=4,OFFSET(H383,-CFF.NumLinha,0)+1,OFFSET(H383,-CFF.NumLinha,0)))","v":0},{"$f":"MATCH(0,OFFSET($D383,1,$C383,ROW($A$435)-ROW($A383)),0)","v":3},{"$f":"MATCH(OFFSET($D383,0,$C383)+1,OFFSET($D383,1,$C383,ROW($A$435)-ROW($A383)),0)","v":{"$error":"#N/A"}},{"$f":"ROUND(INDEX(PO!U$11:U$1504,MATCH($A383,PO!$W$11:$W$1504,0)),2)+10^-12","v":10104.110000000002},null,null,null,"Acumulado (R$)",{"$f":"IF($B383,ROUND(P382*$N381,2),ROUND(SUMIF(OFFSET($B383,1,0,$D383),TRUE,OFFSET(P383,1,0,$D383))/SUMIF(OFFSET($B383,1,0,$D383),TRUE,OFFSET($K383,1,0,$D383))*$N381,2))","v":0},0,0,0,0,0,0,0]
[null,null,null,null,null,null,null,null,null,null,null,{"$f":"INDEX(PO!K$11:K$1504,MATCH($A386,PO!$W$11:$W$1504,0))","v":"16."},{"$f":"INDEX(PO!O$11:O$1504,MATCH($A386,PO!$W$11:$W$1504,0))","v":"MÊS 16 - INFORMAÇÕES/PESQUISA DE PÓS INTERVENÇÃO"},{"$f":"IF(ROUND(K386,2)=0,K386,ROUND(K386,2))","v":35390.57},"Parcela (%)"]
[null,null,null,null,null,null,null,null,null,null,null,null,null,null,"Acumulado (%)",{"$f":"MIN(IF($B386,P384+IF(ISNUMBER(O385),O385,0),P386/$N384),1)","v":0},0,0,0,0,0,0,0]
[{"$f":"OFFSET(A386,-CFF.NumLinha,0)+1","v":123},{"$f":"$C386>=OFFSET($C386,CFF.NumLinha,0)","v":false},{"$f":"INDEX(PO!A$11:A$1504,MATCH($A386,PO!$W$11:$W$1504,0))","v":1},{"$f":"IF(ISERROR(J386),I386,SMALL(I386:J386,1))-1","v":11},{"$f":"IF($C386=1,OFFSET(E386,-CFF.NumLinha,0)+1,OFFSET(E386,-CFF.NumLinha,0))","v":16},{"$f":"IF($C386=1,0,IF($C386=2,OFFSET(F386,-CFF.NumLinha,0)+1,OFFSET(F386,-CFF.NumLinha,0)))","v":0},{"$f":"IF(AND($C386<=2,$C386<>0),0,IF($C386=3,OFFSET(G386,-CFF.NumLinha,0)+1,OFFSET(G386,-CFF.NumLinha,0)))","v":0},{"$f":"IF(AND($C386<=3,$C386<>0),0,IF($C386=4,OFFSET(H386,-CFF.NumLinha,0)+1,OFFSET(H386,-CFF.NumLinha,0)))","v":0},{"$f":"MATCH(0,OFFSET($D386,1,$C386,ROW($A$435)-ROW($A386)),0)","v":49},{"$f":"MATCH(OFFSET($D386,0,$C386)+1,OFFSET($D386,1,$C386,ROW($A$435)-ROW($A386)),0)","v":12},{"$f":"ROUND(INDEX(PO!U$11:U$1504,MATCH($A386,PO!$W$11:$W$1504,0)),2)+10^-12","v":35390.57},null,null,null,"Acumulado (R$)",{"$f":"IF($B386,ROUND(P385*$N384,2),ROUND(SUMIF(OFFSET($B386,1,0,$D386),TRUE,OFFSET(P386,1,0,$D386))/SUMIF(OFFSET($B386,1,0,$D386),TRUE,OFFSET($K386,1,0,$D386))*$N384,2))","v":0},0,0,0,0,0,0,0]
[null,null,null,null,null,null,null,null,null,null,null,{"$f":"INDEX(PO!K$11:K$1504,MATCH($A389,PO!$W$11:$W$1504,0))","v":"16.1."},{"$f":"INDEX(PO!O$11:O$1504,MATCH($A389,PO!$W$11:$W$1504,0))","v":"Atividade 108 - Elaboração e impressão dos formulários de pesquisa pós intervenção e tabulação dos dados regiões Parque Sõ João e Jardim Ikaraí"},{"$f":"IF(ROUND(K389,2)=0,K389,ROUND(K389,2))","v":9582.9500000000007},"Parcela (%)"]
[null,null,null,null,null,null,null,null,null,null,null,null,null,null,"Acumulado (%)",{"$f":"MIN(IF($B389,P387+IF(ISNUMBER(O388),O388,0),P389/$N387),1)","v":0},0,0,0,0,0,0,0]
[{"$f":"OFFSET(A389,-CFF.NumLinha,0)+1","v":124},{"$f":"$C389>=OFFSET($C389,CFF.NumLinha,0)","v":true},{"$f":"INDEX(PO!A$11:A$1504,MATCH($A389,PO!$W$11:$W$1504,0))","v":2},{"$f":"IF(ISERROR(J389),I389,SMALL(I389:J389,1))-1","v":2},{"$f":"IF($C389=1,OFFSET(E389,-CFF.NumLinha,0)+1,OFFSET(E389,-CFF.NumLinha,0))","v":16},{"$f":"IF($C389=1,0,IF($C389=2,OFFSET(F389,-CFF.NumLinha,0)+1,OFFSET(F389,-CFF.NumLinha,0)))","v":1},{"$f":"IF(AND($C389<=2,$C389<>0),0,IF($C389=3,OFFSET(G389,-CFF.NumLinha,0)+1,OFFSET(G389,-CFF.NumLinha,0)))","v":0},{"$f":"IF(AND($C389<=3,$C389<>0),0,IF($C389=4,OFFSET(H389,-CFF.NumLinha,0)+1,OFFSET(H389,-CFF.NumLinha,0)))","v":0},{"$f":"MATCH(0,OFFSET($D389,1,$C389,ROW($A$435)-ROW($A389)),0)","v":9},{"$f":"MATCH(OFFSET($D389,0,$C389)+1,OFFSET($D389,1,$C389,ROW($A$435)-ROW($A389)),0)","v":3},{"$f":"ROUND(INDEX(PO!U$11:U$1504,MATCH($A389,PO!$W$11:$W$1504,0)),2)+10^-12","v":9582.9500000000025},null,null,null,"Acumulado (R$)",{"$f":"IF($B389,ROUND(P388*$N387,2),ROUND(SUMIF(OFFSET($B389,1,0,$D389),TRUE,OFFSET(P389,1,0,$D389))/SUMIF(OFFSET($B389,1,0,$D389),TRUE,OFFSET($K389,1,0,$D389))*$N387,2))","v":0},0,0,0,0,0,0,0]
[null,null,null,null,null,null,null,null,null,null,null,{"$f":"INDEX(PO!K$11:K$1504,MATCH($A392,PO!$W$11:$W$1504,0))","v":"16.2."},{"$f":"INDEX(PO!O$11:O$1504,MATCH($A392,PO!$W$11:$W$1504,0))","v":"Atividade 109 - Aplicação dos formulários de pesquisa pós intervenção e tabulação dos dados região Parque São João"},{"$f":"IF(ROUND(K392,2)=0,K392,ROUND(K392,2))","v":12510.88},"Parcela (%)"]
[null,null,null,null,null,null,null,null,null,null,null,null,null,null,"Acumulado (%)",{"$f":"MIN(IF($B392,P390+IF(ISNUMBER(O391),O391,0),P392/$N390),1)","v":0},0,0,0,0,0,0,0]
[{"$f":"OFFSET(A392,-CFF.NumLinha,0)+1","v":125},{"$f":"$C392>=OFFSET($C392,CFF.NumLinha,0)","v":true},{"$f":"INDEX(PO!A$11:A$1504,MATCH($A392,PO!$W$11:$W$1504,0))","v":2},{"$f":"IF(ISERROR(J392),I392,SMALL(I392:J392,1))-1","v":2},{"$f":"IF($C392=1,OFFSET(E392,-CFF.NumLinha,0)+1,OFFSET(E392,-CFF.NumLinha,0))","v":16},{"$f":"IF($C392=1,0,IF($C392=2,OFFSET(F392,-CFF.NumLinha,0)+1,OFFSET(F392,-CFF.NumLinha,0)))","v":2},{"$f":"IF(AND($C392<=2,$C392<>0),0,IF($C392=3,OFFSET(G392,-CFF.NumLinha,0)+1,OFFSET(G392,-CFF.NumLinha,0)))","v":0},{"$f":"IF(AND($C392<=3,$C392<>0),0,IF($C392=4,OFFSET(H392,-CFF.NumLinha,0)+1,OFFSET(H392,-CFF.NumLinha,0)))","v":0},{"$f":"MATCH(0,OFFSET($D392,1,$C392,ROW($A$435)-ROW($A392)),0)","v":6},{"$f":"MATCH(OFFSET($D392,0,$C392)+1,OFFSET($D392,1,$C392,ROW($A$435)-ROW($A392)),0)","v":3},{"$f":"ROUND(INDEX(PO!U$11:U$1504,MATCH($A392,PO!$W$11:$W$1504,0)),2)+10^-12","v":12510.880000000001},null,null,null,"Acumulado (R$)",{"$f":"IF($B392,ROUND(P391*$N390,2),ROUND(SUMIF(OFFSET($B392,1,0,$D392),TRUE,OFFSET(P392,1,0,$D392))/SUMIF(OFFSET($B392,1,0,$D392),TRUE,OFFSET($K392,1,0,$D392))*$N390,2))","v":0},0,0,0,0,0,0,0]
[null,null,null,null,null,null,null,null,null,null,null,{"$f":"INDEX(PO!K$11:K$1504,MATCH($A395,PO!$W$11:$W$1504,0))","v":"16.3."},{"$f":"INDEX(PO!O$11:O$1504,MATCH($A395,PO!$W$11:$W$1504,0))","v":"Atividade 110 - Aplicação dos formulários de pesquisa pós intervenção e tabulação dos dados região Jardim Ikaraí"},{"$f":"IF(ROUND(K395,2)=0,K395,ROUND(K395,2))","v":13296.74},"Parcela (%)"]
[null,null,null,null,null,null,null,null,null,null,null,null,null,null,"Acumulado (%)",{"$f":"MIN(IF($B395,P393+IF(ISNUMBER(O394),O394,0),P395/$N393),1)","v":0},0,0,0,0,0,0,0]
[{"$f":"OFFSET(A395,-CFF.NumLinha,0)+1","v":126},{"$f":"$C395>=OFFSET($C395,CFF.NumLinha,0)","v":true},{"$f":"INDEX(PO!A$11:A$1504,MATCH($A395,PO!$W$11:$W$1504,0))","v":2},{"$f":"IF(ISERROR(J395),I395,SMALL(I395:J395,1))-1","v":2},{"$f":"IF($C395=1,OFFSET(E395,-CFF.NumLinha,0)+1,OFFSET(E395,-CFF.NumLinha,0))","v":16},{"$f":"IF($C395=1,0,IF($C395=2,OFFSET(F395,-CFF.NumLinha,0)+1,OFFSET(F395,-CFF.NumLinha,0)))","v":3},{"$f":"IF(AND($C395<=2,$C395<>0),0,IF($C395=3,OFFSET(G395,-CFF.NumLinha,0)+1,OFFSET(G395,-CFF.NumLinha,0)))","v":0},{"$f":"IF(AND($C395<=3,$C395<>0),0,IF($C395=4,OFFSET(H395,-CFF.NumLinha,0)+1,OFFSET(H395,-CFF.NumLinha,0)))","v":0},{"$f":"MATCH(0,OFFSET($D395,1,$C395,ROW($A$435)-ROW($A395)),0)","v":3},{"$f":"MATCH(OFFSET($D395,0,$C395)+1,OFFSET($D395,1,$C395,ROW($A$435)-ROW($A395)),0)","v":24},{"$f":"ROUND(INDEX(PO!U$11:U$1504,MATCH($A395,PO!$W$11:$W$1504,0)),2)+10^-12","v":13296.740000000002},null,null,null,"Acumulado (R$)",{"$f":"IF($B395,ROUND(P394*$N393,2),ROUND(SUMIF(OFFSET($B395,1,0,$D395),TRUE,OFFSET(P395,1,0,$D395))/SUMIF(OFFSET($B395,1,0,$D395),TRUE,OFFSET($K395,1,0,$D395))*$N393,2))","v":0},0,0,0,0,0,0,0]
[null,null,null,null,null,null,null,null,null,null,null,{"$f":"INDEX(PO!K$11:K$1504,MATCH($A398,PO!$W$11:$W$1504,0))","v":"17."},{"$f":"INDEX(PO!O$11:O$1504,MATCH($A398,PO!$W$11:$W$1504,0))","v":"MÊS 17 - INFORMAÇÕES/SISTEMATIZAÇÃO DE DADOS"},{"$f":"IF(ROUND(K398,2)=0,K398,ROUND(K398,2))","v":20871.48},"Parcela (%)"]
[null,null,null,null,null,null,null,null,null,null,null,null,null,null,"Acumulado (%)",{"$f":"MIN(IF($B398,P396+IF(ISNUMBER(O397),O397,0),P398/$N396),1)","v":0},0,0,0,0,0,0,0]
[{"$f":"OFFSET(A398,-CFF.NumLinha,0)+1","v":127},{"$f":"$C398>=OFFSET($C398,CFF.NumLinha,0)","v":false},{"$f":"INDEX(PO!A$11:A$1504,MATCH($A398,PO!$W$11:$W$1504,0))","v":1},{"$f":"IF(ISERROR(J398),I398,SMALL(I398:J398,1))-1","v":8},{"$f":"IF($C398=1,OFFSET(E398,-CFF.NumLinha,0)+1,OFFSET(E398,-CFF.NumLinha,0))","v":17},{"$f":"IF($C398=1,0,IF($C398=2,OFFSET(F398,-CFF.NumLinha,0)+1,OFFSET(F398,-CFF.NumLinha,0)))","v":0},{"$f":"IF(AND($C398<=2,$C398<>0),0,IF($C398=3,OFFSET(G398,-CFF.NumLinha,0)+1,OFFSET(G398,-CFF.NumLinha,0)))","v":0},{"$f":"IF(AND($C398<=3,$C398<>0),0,IF($C398=4,OFFSET(H398,-CFF.NumLinha,0)+1,OFFSET(H398,-CFF.NumLinha,0)))","v":0},{"$f":"MATCH(0,OFFSET($D398,1,$C398,ROW($A$435)-ROW($A398)),0)","v":37},{"$f":"MATCH(OFFSET($D398,0,$C398)+1,OFFSET($D398,1,$C398,ROW($A$435)-ROW($A398)),0)","v":9},{"$f":"ROUND(INDEX(PO!U$11:U$1504,MATCH($A398,PO!$W$11:$W$1504,0)),2)+10^-12","v":20871.48},null,null,null,"Acumulado (R$)",{"$f":"IF($B398,ROUND(P397*$N396,2),ROUND(SUMIF(OFFSET($B398,1,0,$D398),TRUE,OFFSET(P398,1,0,$D398))/SUMIF(OFFSET($B398,1,0,$D398),TRUE,OFFSET($K398,1,0,$D398))*$N396,2))","v":0},0,0,0,0,0,0,0]
[null,null,null,null,null,null,null,null,null,null,null,{"$f":"INDEX(PO!K$11:K$1504,MATCH($A401,PO!$W$11:$W$1504,0))","v":"17.1."},{"$f":"INDEX(PO!O$11:O$1504,MATCH($A401,PO!$W$11:$W$1504,0))","v":"Atividade 111 - Aplicação dos formulários de pesquisa pós intervenção e tabulação dos dados região Parque São João"},{"$f":"IF(ROUND(K401,2)=0,K401,ROUND(K401,2))","v":10575.92},"Parcela (%)"]
[null,null,null,null,null,null,null,null,null,null,null,null,null,null,"Acumulado (%)",{"$f":"MIN(IF($B401,P399+IF(ISNUMBER(O400),O400,0),P401/$N399),1)","v":0},0,0,0,0,0,0,0]
[{"$f":"OFFSET(A401,-CFF.NumLinha,0)+1","v":128},{"$f":"$C401>=OFFSET($C401,CFF.NumLinha,0)","v":true},{"$f":"INDEX(PO!A$11:A$1504,MATCH($A401,PO!$W$11:$W$1504,0))","v":2},{"$f":"IF(ISERROR(J401),I401,SMALL(I401:J401,1))-1","v":2},{"$f":"IF($C401=1,OFFSET(E401,-CFF.NumLinha,0)+1,OFFSET(E401,-CFF.NumLinha,0))","v":17},{"$f":"IF($C401=1,0,IF($C401=2,OFFSET(F401,-CFF.NumLinha,0)+1,OFFSET(F401,-CFF.NumLinha,0)))","v":1},{"$f":"IF(AND($C401<=2,$C401<>0),0,IF($C401=3,OFFSET(G401,-CFF.NumLinha,0)+1,OFFSET(G401,-CFF.NumLinha,0)))","v":0},{"$f":"IF(AND($C401<=3,$C401<>0),0,IF($C401=4,OFFSET(H401,-CFF.NumLinha,0)+1,OFFSET(H401,-CFF.NumLinha,0)))","v":0},{"$f":"MATCH(0,OFFSET($D401,1,$C401,ROW($A$435)-ROW($A401)),0)","v":6},{"$f":"MATCH(OFFSET($D401,0,$C401)+1,OFFSET($D401,1,$C401,ROW($A$435)-ROW($A401)),0)","v":3},{"$f":"ROUND(INDEX(PO!U$11:U$1504,MATCH($A401,PO!$W$11:$W$1504,0)),2)+10^-12","v":10575.920000000002},null,null,null,"Acumulado (R$)",{"$f":"IF($B401,ROUND(P400*$N399,2),ROUND(SUMIF(OFFSET($B401,1,0,$D401),TRUE,OFFSET(P401,1,0,$D401))/SUMIF(OFFSET($B401,1,0,$D401),TRUE,OFFSET($K401,1,0,$D401))*$N399,2))","v":0},0,0,0,0,0,0,0]
[null,null,null,null,null,null,null,null,null,null,null,{"$f":"INDEX(PO!K$11:K$1504,MATCH($A404,PO!$W$11:$W$1504,0))","v":"17.2."},{"$f":"INDEX(PO!O$11:O$1504,MATCH($A404,PO!$W$11:$W$1504,0))","v":"Atividade - 112 - Aplicação dos formulários de pesquisa pós intervenção e tabulação dos dados região Jardim Ikaraí"},{"$f":"IF(ROUND(K404,2)=0,K404,ROUND(K404,2))","v":10295.56},"Parcela (%)"]
[null,null,null,null,null,null,null,null,null,null,null,null,null,null,"Acumulado (%)",{"$f":"MIN(IF($B404,P402+IF(ISNUMBER(O403),O403,0),P404/$N402),1)","v":0},0,0,0,0,0,0,0]
[{"$f":"OFFSET(A404,-CFF.NumLinha,0)+1","v":129},{"$f":"$C404>=OFFSET($C404,CFF.NumLinha,0)","v":true},{"$f":"INDEX(PO!A$11:A$1504,MATCH($A404,PO!$W$11:$W$1504,0))","v":2},{"$f":"IF(ISERROR(J404),I404,SMALL(I404:J404,1))-1","v":2},{"$f":"IF($C404=1,OFFSET(E404,-CFF.NumLinha,0)+1,OFFSET(E404,-CFF.NumLinha,0))","v":17},{"$f":"IF($C404=1,0,IF($C404=2,OFFSET(F404,-CFF.NumLinha,0)+1,OFFSET(F404,-CFF.NumLinha,0)))","v":2},{"$f":"IF(AND($C404<=2,$C404<>0),0,IF($C404=3,OFFSET(G404,-CFF.NumLinha,0)+1,OFFSET(G404,-CFF.NumLinha,0)))","v":0},{"$f":"IF(AND($C404<=3,$C404<>0),0,IF($C404=4,OFFSET(H404,-CFF.NumLinha,0)+1,OFFSET(H404,-CFF.NumLinha,0)))","v":0},{"$f":"MATCH(0,OFFSET($D404,1,$C404,ROW($A$435)-ROW($A404)),0)","v":3},{"$f":"MATCH(OFFSET($D404,0,$C404)+1,OFFSET($D404,1,$C404,ROW($A$435)-ROW($A404)),0)","v":12},{"$f":"ROUND(INDEX(PO!U$11:U$1504,MATCH($A404,PO!$W$11:$W$1504,0)),2)+10^-12","v":10295.560000000001},null,null,null,"Acumulado (R$)",{"$f":"IF($B404,ROUND(P403*$N402,2),ROUND(SUMIF(OFFSET($B404,1,0,$D404),TRUE,OFFSET(P404,1,0,$D404))/SUMIF(OFFSET($B404,1,0,$D404),TRUE,OFFSET($K404,1,0,$D404))*$N402,2))","v":0},0,0,0,0,0,0,0]
[null,null,null,null,null,null,null,null,null,null,null,{"$f":"INDEX(PO!K$11:K$1504,MATCH($A407,PO!$W$11:$W$1504,0))","v":"18."},{"$f":"INDEX(PO!O$11:O$1504,MATCH($A407,PO!$W$11:$W$1504,0))","v":"MÊS 18 - INFORMAÇÕES/SISTEMATIZAÇÃO DE DADOS"},{"$f":"IF(ROUND(K407,2)=0,K407,ROUND(K407,2))","v":34750.15},"Parcela (%)"]
[null,null,null,null,null,null,null,null,null,null,null,null,null,null,"Acumulado (%)",{"$f":"MIN(IF($B407,P405+IF(ISNUMBER(O406),O406,0),P407/$N405),1)","v":0},0,0,0,0,0,0,0]
[{"$f":"OFFSET(A407,-CFF.NumLinha,0)+1","v":130},{"$f":"$C407>=OFFSET($C407,CFF.NumLinha,0)","v":false},{"$f":"INDEX(PO!A$11:A$1504,MATCH($A407,PO!$W$11:$W$1504,0))","v":1},{"$f":"IF(ISERROR(J407),I407,SMALL(I407:J407,1))-1","v":27},{"$f":"IF($C407=1,OFFSET(E407,-CFF.NumLinha,0)+1,OFFSET(E407,-CFF.NumLinha,0))","v":18},{"$f":"IF($C407=1,0,IF($C407=2,OFFSET(F407,-CFF.NumLinha,0)+1,OFFSET(F407,-CFF.NumLinha,0)))","v":0},{"$f":"IF(AND($C407<=2,$C407<>0),0,IF($C407=3,OFFSET(G407,-CFF.NumLinha,0)+1,OFFSET(G407,-CFF.NumLinha,0)))","v":0},{"$f":"IF(AND($C407<=3,$C407<>0),0,IF($C407=4,OFFSET(H407,-CFF.NumLinha,0)+1,OFFSET(H407,-CFF.NumLinha,0)))","v":0},{"$f":"MATCH(0,OFFSET($D407,1,$C407,ROW($A$435)-ROW($A407)),0)","v":28},{"$f":"MATCH(OFFSET($D407,0,$C407)+1,OFFSET($D407,1,$C407,ROW($A$435)-ROW($A407)),0)","v":{"$error":"#N/A"}},{"$f":"ROUND(INDEX(PO!U$11:U$1504,MATCH($A407,PO!$W$11:$W$1504,0)),2)+10^-12","v":34750.15},null,null,null,"Acumulado (R$)",{"$f":"IF($B407,ROUND(P406*$N405,2),ROUND(SUMIF(OFFSET($B407,1,0,$D407),TRUE,OFFSET(P407,1,0,$D407))/SUMIF(OFFSET($B407,1,0,$D407),TRUE,OFFSET($K407,1,0,$D407))*$N405,2))","v":0},0,0,0,0,0,0,0]
[null,null,null,null,null,null,null,null,null,null,null,{"$f":"INDEX(PO!K$11:K$1504,MATCH($A410,PO!$W$11:$W$1504,0))","v":"18.1."},{"$f":"INDEX(PO!O$11:O$1504,MATCH($A410,PO!$W$11:$W$1504,0))","v":"Atividade 113 - Pesquisa de pós intervenção das UHs e tabulação dos dados regiões Parque São João e Jardim Ikaraí"},{"$f":"IF(ROUND(K410,2)=0,K410,ROUND(K410,2))","v":6172.6},"Parcela (%)"]
[null,null,null,null,null,null,null,null,null,null,null,null,null,null,"Acumulado (%)",{"$f":"MIN(IF($B410,P408+IF(ISNUMBER(O409),O409,0),P410/$N408),1)","v":0},0,0,0,0,0,0,0]
[{"$f":"OFFSET(A410,-CFF.NumLinha,0)+1","v":131},{"$f":"$C410>=OFFSET($C410,CFF.NumLinha,0)","v":true},{"$f":"INDEX(PO!A$11:A$1504,MATCH($A410,PO!$W$11:$W$1504,0))","v":2},{"$f":"IF(ISERROR(J410),I410,SMALL(I410:J410,1))-1","v":2},{"$f":"IF($C410=1,OFFSET(E410,-CFF.NumLinha,0)+1,OFFSET(E410,-CFF.NumLinha,0))","v":18},{"$f":"IF($C410=1,0,IF($C410=2,OFFSET(F410,-CFF.NumLinha,0)+1,OFFSET(F410,-CFF.NumLinha,0)))","v":1},{"$f":"IF(AND($C410<=2,$C410<>0),0,IF($C410=3,OFFSET(G410,-CFF.NumLinha,0)+1,OFFSET(G410,-CFF.NumLinha,0)))","v":0},{"$f":"IF(AND($C410<=3,$C410<>0),0,IF($C410=4,OFFSET(H410,-CFF.NumLinha,0)+1,OFFSET(H410,-CFF.NumLinha,0)))","v":0},{"$f":"MATCH(0,OFFSET($D410,1,$C410,ROW($A$435)-ROW($A410)),0)","v":25},{"$f":"MATCH(OFFSET($D410,0,$C410)+1,OFFSET($D410,1,$C410,ROW($A$435)-ROW($A410)),0)","v":3},{"$f":"ROUND(INDEX(PO!U$11:U$1504,MATCH($A410,PO!$W$11:$W$1504,0)),2)+10^-12","v":6172.6000000000013},null,null,null,"Acumulado (R$)",{"$f":"IF($B410,ROUND(P409*$N408,2),ROUND(SUMIF(OFFSET($B410,1,0,$D410),TRUE,OFFSET(P410,1,0,$D410))/SUMIF(OFFSET($B410,1,0,$D410),TRUE,OFFSET($K410,1,0,$D410))*$N408,2))","v":0},0,0,0,0,0,0,0]
[null,null,null,null,null,null,null,null,null,null,null,{"$f":"INDEX(PO!K$11:K$1504,MATCH($A413,PO!$W$11:$W$1504,0))","v":"18.2."},{"$f":"INDEX(PO!O$11:O$1504,MATCH($A413,PO!$W$11:$W$1504,0))","v":"Atividade 114 - Reunião de encerramento do PTS região Parque São João"},{"$f":"IF(ROUND(K413,2)=0,K413,ROUND(K413,2))","v":12743.66},"Parcela (%)"]
[null,null,null,null,null,null,null,null,null,null,null,null,null,null,"Acumulado (%)",{"$f":"MIN(IF($B413,P411+IF(ISNUMBER(O412),O412,0),P413/$N411),1)","v":0},0,0,0,0,0,0,0]
[{"$f":"OFFSET(A413,-CFF.NumLinha,0)+1","v":132},{"$f":"$C413>=OFFSET($C413,CFF.NumLinha,0)","v":true},{"$f":"INDEX(PO!A$11:A$1504,MATCH($A413,PO!$W$11:$W$1504,0))","v":2},{"$f":"IF(ISERROR(J413),I413,SMALL(I413:J413,1))-1","v":2},{"$f":"IF($C413=1,OFFSET(E413,-CFF.NumLinha,0)+1,OFFSET(E413,-CFF.NumLinha,0))","v":18},{"$f":"IF($C413=1,0,IF($C413=2,OFFSET(F413,-CFF.NumLinha,0)+1,OFFSET(F413,-CFF.NumLinha,0)))","v":2},{"$f":"IF(AND($C413<=2,$C413<>0),0,IF($C413=3,OFFSET(G413,-CFF.NumLinha,0)+1,OFFSET(G413,-CFF.NumLinha,0)))","v":0},{"$f":"IF(AND($C413<=3,$C413<>0),0,IF($C413=4,OFFSET(H413,-CFF.NumLinha,0)+1,OFFSET(H413,-CFF.NumLinha,0)))","v":0},{"$f":"MATCH(0,OFFSET($D413,1,$C413,ROW($A$435)-ROW($A413)),0)","v":22},{"$f":"MATCH(OFFSET($D413,0,$C413)+1,OFFSET($D413,1,$C413,ROW($A$435)-ROW($A413)),0)","v":3},{"$f":"ROUND(INDEX(PO!U$11:U$1504,MATCH($A413,PO!$W$11:$W$1504,0)),2)+10^-12","v":12743.660000000002},null,null,null,"Acumulado (R$)",{"$f":"IF($B413,ROUND(P412*$N411,2),ROUND(SUMIF(OFFSET($B413,1,0,$D413),TRUE,OFFSET(P413,1,0,$D413))/SUMIF(OFFSET($B413,1,0,$D413),TRUE,OFFSET($K413,1,0,$D413))*$N411,2))","v":0},0,0,0,0,0,0,0]
[null,null,null,null,null,null,null,null,null,null,null,{"$f":"INDEX(PO!K$11:K$1504,MATCH($A416,PO!$W$11:$W$1504,0))","v":"18.3."},{"$f":"INDEX(PO!O$11:O$1504,MATCH($A416,PO!$W$11:$W$1504,0))","v":"Atividade 115 - Reunião de  encerramento do PTS região Jardim Ikaraí"},{"$f":"IF(ROUND(K416,2)=0,K416,ROUND(K416,2))","v":8583.23},"Parcela (%)"]
[null,null,null,null,null,null,null,null,null,null,null,null,null,null,"Acumulado (%)",{"$f":"MIN(IF($B416,P414+IF(ISNUMBER(O415),O415,0),P416/$N414),1)","v":0},0,0,0,0,0,0,0]
[{"$f":"OFFSET(A416,-CFF.NumLinha,0)+1","v":133},{"$f":"$C416>=OFFSET($C416,CFF.NumLinha,0)","v":true},{"$f":"INDEX(PO!A$11:A$1504,MATCH($A416,PO!$W$11:$W$1504,0))","v":2},{"$f":"IF(ISERROR(J416),I416,SMALL(I416:J416,1))-1","v":2},{"$f":"IF($C416=1,OFFSET(E416,-CFF.NumLinha,0)+1,OFFSET(E416,-CFF.NumLinha,0))","v":18},{"$f":"IF($C416=1,0,IF($C416=2,OFFSET(F416,-CFF.NumLinha,0)+1,OFFSET(F416,-CFF.NumLinha,0)))","v":3},{"$f":"IF(AND($C416<=2,$C416<>0),0,IF($C416=3,OFFSET(G416,-CFF.NumLinha,0)+1,OFFSET(G416,-CFF.NumLinha,0)))","v":0},{"$f":"IF(AND($C416<=3,$C416<>0),0,IF($C416=4,OFFSET(H416,-CFF.NumLinha,0)+1,OFFSET(H416,-CFF.NumLinha,0)))","v":0},{"$f":"MATCH(0,OFFSET($D416,1,$C416,ROW($A$435)-ROW($A416)),0)","v":19},{"$f":"MATCH(OFFSET($D416,0,$C416)+1,OFFSET($D416,1,$C416,ROW($A$435)-ROW($A416)),0)","v":3},{"$f":"ROUND(INDEX(PO!U$11:U$1504,MATCH($A416,PO!$W$11:$W$1504,0)),2)+10^-12","v":8583.2300000000014},null,null,null,"Acumulado (R$)",{"$f":"IF($B416,ROUND(P415*$N414,2),ROUND(SUMIF(OFFSET($B416,1,0,$D416),TRUE,OFFSET(P416,1,0,$D416))/SUMIF(OFFSET($B416,1,0,$D416),TRUE,OFFSET($K416,1,0,$D416))*$N414,2))","v":0},0,0,0,0,0,0,0]
[null,null,null,null,null,null,null,null,null,null,null,{"$f":"INDEX(PO!K$11:K$1504,MATCH($A419,PO!$W$11:$W$1504,0))","v":"18.4."},{"$f":"INDEX(PO!O$11:O$1504,MATCH($A419,PO!$W$11:$W$1504,0))","v":"Atividade 116 - Reunião de encerramento do PTS bairro: Frutal e Minas e Jardim Paula II"},{"$f":"IF(ROUND(K419,2)=0,K419,ROUND(K419,2))","v":7250.66},"Parcela (%)"]
[null,null,null,null,null,null,null,null,null,null,null,null,null,null,"Acumulado (%)",{"$f":"MIN(IF($B419,P417+IF(ISNUMBER(O418),O418,0),P419/$N417),1)","v":{"$error":"#N/A"}},{"$error":"#N/A"},{"$error":"#N/A"},{"$error":"#N/A"},{"$error":"#N/A"},{"$error":"#N/A"},{"$error":"#N/A"},{"$error":"#N/A"}]
[{"$f":"OFFSET(A419,-CFF.NumLinha,0)+1","v":134},{"$f":"$C419>=OFFSET($C419,CFF.NumLinha,0)","v":{"$error":"#N/A"}},{"$f":"INDEX(PO!A$11:A$1504,MATCH($A419,PO!$W$11:$W$1504,0))","v":2},{"$f":"IF(ISERROR(J419),I419,SMALL(I419:J419,1))-1","v":15},{"$f":"IF($C419=1,OFFSET(E419,-CFF.NumLinha,0)+1,OFFSET(E419,-CFF.NumLinha,0))","v":18},{"$f":"IF($C419=1,0,IF($C419=2,OFFSET(F419,-CFF.NumLinha,0)+1,OFFSET(F419,-CFF.NumLinha,0)))","v":4},{"$f":"IF(AND($C419<=2,$C419<>0),0,IF($C419=3,OFFSET(G419,-CFF.NumLinha,0)+1,OFFSET(G419,-CFF.NumLinha,0)))","v":0},{"$f":"IF(AND($C419<=3,$C419<>0),0,IF($C419=4,OFFSET(H419,-CFF.NumLinha,0)+1,OFFSET(H419,-CFF.NumLinha,0)))","v":0},{"$f":"MATCH(0,OFFSET($D419,1,$C419,ROW($A$435)-ROW($A419)),0)","v":16},{"$f":"MATCH(OFFSET($D419,0,$C419)+1,OFFSET($D419,1,$C419,ROW($A$435)-ROW($A419)),0)","v":{"$error":"#N/A"}},{"$f":"ROUND(INDEX(PO!U$11:U$1504,MATCH($A419,PO!$W$11:$W$1504,0)),2)+10^-12","v":7250.6600000000008},null,null,null,"Acumulado (R$)",{"$f":"IF($B419,ROUND(P418*$N417,2),ROUND(SUMIF(OFFSET($B419,1,0,$D419),TRUE,OFFSET(P419,1,0,$D419))/SUMIF(OFFSET($B419,1,0,$D419),TRUE,OFFSET($K419,1,0,$D419))*$N417,2))","v":{"$error":"#N/A"}},{"$error":"#N/A"},{"$error":"#N/A"},{"$error":"#N/A"},{"$error":"#N/A"},{"$error":"#N/A"},{"$error":"#N/A"},{"$error":"#N/A"}]
[null,null,null,null,null,null,null,null,null,null,null,{"$f":"INDEX(PO!K$11:K$1504,MATCH($A422,PO!$W$11:$W$1504,0))","v":{"$error":"#N/A"}},{"$f":"INDEX(PO!O$11:O$1504,MATCH($A422,PO!$W$11:$W$1504,0))","v":{"$error":"#N/A"}},{"$f":"IF(ROUND(K422,2)=0,K422,ROUND(K422,2))","v":{"$error":"#N/A"}},"Parcela (%)"]
[null,null,null,null,null,null,null,null,null,null,null,null,null,null,"Acumulado (%)",{"$f":"MIN(IF($B422,P420+IF(ISNUMBER(O421),O421,0),P422/$N420),1)","v":{"$error":"#N/A"}},{"$error":"#N/A"},{"$error":"#N/A"},{"$error":"#N/A"},{"$error":"#N/A"},{"$error":"#N/A"},{"$error":"#N/A"},{"$error":"#N/A"}]
[{"$f":"OFFSET(A422,-CFF.NumLinha,0)+1","v":135},{"$f":"$C422>=OFFSET($C422,CFF.NumLinha,0)","v":{"$error":"#N/A"}},{"$f":"INDEX(PO!A$11:A$1504,MATCH($A422,PO!$W$11:$W$1504,0))","v":{"$error":"#N/A"}},{"$f":"IF(ISERROR(J422),I422,SMALL(I422:J422,1))-1","v":{"$error":"#N/A"}},{"$f":"IF($C422=1,OFFSET(E422,-CFF.NumLinha,0)+1,OFFSET(E422,-CFF.NumLinha,0))","v":{"$error":"#N/A"}},{"$f":"IF($C422=1,0,IF($C422=2,OFFSET(F422,-CFF.NumLinha,0)+1,OFFSET(F422,-CFF.NumLinha,0)))","v":{"$error":"#N/A"}},{"$f":"IF(AND($C422<=2,$C422<>0),0,IF($C422=3,OFFSET(G422,-CFF.NumLinha,0)+1,OFFSET(G422,-CFF.NumLinha,0)))","v":{"$error":"#N/A"}},{"$f":"IF(AND($C422<=3,$C422<>0),0,IF($C422=4,OFFSET(H422,-CFF.NumLinha,0)+1,OFFSET(H422,-CFF.NumLinha,0)))","v":{"$error":"#N/A"}},{"$f":"MATCH(0,OFFSET($D422,1,$C422,ROW($A$435)-ROW($A422)),0)","v":{"$error":"#N/A"}},{"$f":"MATCH(OFFSET($D422,0,$C422)+1,OFFSET($D422,1,$C422,ROW($A$435)-ROW($A422)),0)","v":{"$error":"#N/A"}},{"$f":"ROUND(INDEX(PO!U$11:U$1504,MATCH($A422,PO!$W$11:$W$1504,0)),2)+10^-12","v":{"$error":"#N/A"}},null,null,null,"Acumulado (R$)",{"$f":"IF($B422,ROUND(P421*$N420,2),ROUND(SUMIF(OFFSET($B422,1,0,$D422),TRUE,OFFSET(P422,1,0,$D422))/SUMIF(OFFSET($B422,1,0,$D422),TRUE,OFFSET($K422,1,0,$D422))*$N420,2))","v":{"$error":"#N/A"}},{"$error":"#N/A"},{"$error":"#N/A"},{"$error":"#N/A"},{"$error":"#N/A"},{"$error":"#N/A"},{"$error":"#N/A"},{"$error":"#N/A"}]
[null,null,null,null,null,null,null,null,null,null,null,{"$f":"INDEX(PO!K$11:K$1504,MATCH($A425,PO!$W$11:$W$1504,0))","v":{"$error":"#N/A"}},{"$f":"INDEX(PO!O$11:O$1504,MATCH($A425,PO!$W$11:$W$1504,0))","v":{"$error":"#N/A"}},{"$f":"IF(ROUND(K425,2)=0,K425,ROUND(K425,2))","v":{"$error":"#N/A"}},"Parcela (%)"]
[null,null,null,null,null,null,null,null,null,null,null,null,null,null,"Acumulado (%)",{"$f":"MIN(IF($B425,P423+IF(ISNUMBER(O424),O424,0),P425/$N423),1)","v":{"$error":"#N/A"}},{"$error":"#N/A"},{"$error":"#N/A"},{"$error":"#N/A"},{"$error":"#N/A"},{"$error":"#N/A"},{"$error":"#N/A"},{"$error":"#N/A"}]
[{"$f":"OFFSET(A425,-CFF.NumLinha,0)+1","v":136},{"$f":"$C425>=OFFSET($C425,CFF.NumLinha,0)","v":{"$error":"#N/A"}},{"$f":"INDEX(PO!A$11:A$1504,MATCH($A425,PO!$W$11:$W$1504,0))","v":{"$error":"#N/A"}},{"$f":"IF(ISERROR(J425),I425,SMALL(I425:J425,1))-1","v":{"$error":"#N/A"}},{"$f":"IF($C425=1,OFFSET(E425,-CFF.NumLinha,0)+1,OFFSET(E425,-CFF.NumLinha,0))","v":{"$error":"#N/A"}},{"$f":"IF($C425=1,0,IF($C425=2,OFFSET(F425,-CFF.NumLinha,0)+1,OFFSET(F425,-CFF.NumLinha,0)))","v":{"$error":"#N/A"}},{"$f":"IF(AND($C425<=2,$C425<>0),0,IF($C425=3,OFFSET(G425,-CFF.NumLinha,0)+1,OFFSET(G425,-CFF.NumLinha,0)))","v":{"$error":"#N/A"}},{"$f":"IF(AND($C425<=3,$C425<>0),0,IF($C425=4,OFFSET(H425,-CFF.NumLinha,0)+1,OFFSET(H425,-CFF.NumLinha,0)))","v":{"$error":"#N/A"}},{"$f":"MATCH(0,OFFSET($D425,1,$C425,ROW($A$435)-ROW($A425)),0)","v":{"$error":"#N/A"}},{"$f":"MATCH(OFFSET($D425,0,$C425)+1,OFFSET($D425,1,$C425,ROW($A$435)-ROW($A425)),0)","v":{"$error":"#N/A"}},{"$f":"ROUND(INDEX(PO!U$11:U$1504,MATCH($A425,PO!$W$11:$W$1504,0)),2)+10^-12","v":{"$error":"#N/A"}},null,null,null,"Acumulado (R$)",{"$f":"IF($B425,ROUND(P424*$N423,2),ROUND(SUMIF(OFFSET($B425,1,0,$D425),TRUE,OFFSET(P425,1,0,$D425))/SUMIF(OFFSET($B425,1,0,$D425),TRUE,OFFSET($K425,1,0,$D425))*$N423,2))","v":{"$error":"#N/A"}},{"$error":"#N/A"},{"$error":"#N/A"},{"$error":"#N/A"},{"$error":"#N/A"},{"$error":"#N/A"},{"$error":"#N/A"},{"$error":"#N/A"}]
[null,null,null,null,null,null,null,null,null,null,null,{"$f":"INDEX(PO!K$11:K$1504,MATCH($A428,PO!$W$11:$W$1504,0))","v":{"$error":"#N/A"}},{"$f":"INDEX(PO!O$11:O$1504,MATCH($A428,PO!$W$11:$W$1504,0))","v":{"$error":"#N/A"}},{"$f":"IF(ROUND(K428,2)=0,K428,ROUND(K428,2))","v":{"$error":"#N/A"}},"Parcela (%)"]
[null,null,null,null,null,null,null,null,null,null,null,null,null,null,"Acumulado (%)",{"$f":"MIN(IF($B428,P426+IF(ISNUMBER(O427),O427,0),P428/$N426),1)","v":{"$error":"#N/A"}},{"$error":"#N/A"},{"$error":"#N/A"},{"$error":"#N/A"},{"$error":"#N/A"},{"$error":"#N/A"},{"$error":"#N/A"},{"$error":"#N/A"}]
[{"$f":"OFFSET(A428,-CFF.NumLinha,0)+1","v":137},{"$f":"$C428>=OFFSET($C428,CFF.NumLinha,0)","v":{"$error":"#N/A"}},{"$f":"INDEX(PO!A$11:A$1504,MATCH($A428,PO!$W$11:$W$1504,0))","v":{"$error":"#N/A"}},{"$f":"IF(ISERROR(J428),I428,SMALL(I428:J428,1))-1","v":{"$error":"#N/A"}},{"$f":"IF($C428=1,OFFSET(E428,-CFF.NumLinha,0)+1,OFFSET(E428,-CFF.NumLinha,0))","v":{"$error":"#N/A"}},{"$f":"IF($C428=1,0,IF($C428=2,OFFSET(F428,-CFF.NumLinha,0)+1,OFFSET(F428,-CFF.NumLinha,0)))","v":{"$error":"#N/A"}},{"$f":"IF(AND($C428<=2,$C428<>0),0,IF($C428=3,OFFSET(G428,-CFF.NumLinha,0)+1,OFFSET(G428,-CFF.NumLinha,0)))","v":{"$error":"#N/A"}},{"$f":"IF(AND($C428<=3,$C428<>0),0,IF($C428=4,OFFSET(H428,-CFF.NumLinha,0)+1,OFFSET(H428,-CFF.NumLinha,0)))","v":{"$error":"#N/A"}},{"$f":"MATCH(0,OFFSET($D428,1,$C428,ROW($A$435)-ROW($A428)),0)","v":{"$error":"#N/A"}},{"$f":"MATCH(OFFSET($D428,0,$C428)+1,OFFSET($D428,1,$C428,ROW($A$435)-ROW($A428)),0)","v":{"$error":"#N/A"}},{"$f":"ROUND(INDEX(PO!U$11:U$1504,MATCH($A428,PO!$W$11:$W$1504,0)),2)+10^-12","v":{"$error":"#N/A"}},null,null,null,"Acumulado (R$)",{"$f":"IF($B428,ROUND(P427*$N426,2),ROUND(SUMIF(OFFSET($B428,1,0,$D428),TRUE,OFFSET(P428,1,0,$D428))/SUMIF(OFFSET($B428,1,0,$D428),TRUE,OFFSET($K428,1,0,$D428))*$N426,2))","v":{"$error":"#N/A"}},{"$error":"#N/A"},{"$error":"#N/A"},{"$error":"#N/A"},{"$error":"#N/A"},{"$error":"#N/A"},{"$error":"#N/A"},{"$error":"#N/A"}]
[null,null,null,null,null,null,null,null,null,null,null,{"$f":"INDEX(PO!K$11:K$1504,MATCH($A431,PO!$W$11:$W$1504,0))","v":{"$error":"#N/A"}},{"$f":"INDEX(PO!O$11:O$1504,MATCH($A431,PO!$W$11:$W$1504,0))","v":{"$error":"#N/A"}},{"$f":"IF(ROUND(K431,2)=0,K431,ROUND(K431,2))","v":{"$error":"#N/A"}},"Parcela (%)"]
[null,null,null,null,null,null,null,null,null,null,null,null,null,null,"Acumulado (%)",{"$f":"MIN(IF($B431,P429+IF(ISNUMBER(O430),O430,0),P431/$N429),1)","v":{"$error":"#N/A"}},{"$error":"#N/A"},{"$error":"#N/A"},{"$error":"#N/A"},{"$error":"#N/A"},{"$error":"#N/A"},{"$error":"#N/A"},{"$error":"#N/A"}]
[{"$f":"OFFSET(A431,-CFF.NumLinha,0)+1","v":138},{"$f":"$C431>=OFFSET($C431,CFF.NumLinha,0)","v":{"$error":"#N/A"}},{"$f":"INDEX(PO!A$11:A$1504,MATCH($A431,PO!$W$11:$W$1504,0))","v":{"$error":"#N/A"}},{"$f":"IF(ISERROR(J431),I431,SMALL(I431:J431,1))-1","v":{"$error":"#N/A"}},{"$f":"IF($C431=1,OFFSET(E431,-CFF.NumLinha,0)+1,OFFSET(E431,-CFF.NumLinha,0))","v":{"$error":"#N/A"}},{"$f":"IF($C431=1,0,IF($C431=2,OFFSET(F431,-CFF.NumLinha,0)+1,OFFSET(F431,-CFF.NumLinha,0)))","v":{"$error":"#N/A"}},{"$f":"IF(AND($C431<=2,$C431<>0),0,IF($C431=3,OFFSET(G431,-CFF.NumLinha,0)+1,OFFSET(G431,-CFF.NumLinha,0)))","v":{"$error":"#N/A"}},{"$f":"IF(AND($C431<=3,$C431<>0),0,IF($C431=4,OFFSET(H431,-CFF.NumLinha,0)+1,OFFSET(H431,-CFF.NumLinha,0)))","v":{"$error":"#N/A"}},{"$f":"MATCH(0,OFFSET($D431,1,$C431,ROW($A$435)-ROW($A431)),0)","v":{"$error":"#N/A"}},{"$f":"MATCH(OFFSET($D431,0,$C431)+1,OFFSET($D431,1,$C431,ROW($A$435)-ROW($A431)),0)","v":{"$error":"#N/A"}},{"$f":"ROUND(INDEX(PO!U$11:U$1504,MATCH($A431,PO!$W$11:$W$1504,0)),2)+10^-12","v":{"$error":"#N/A"}},null,null,null,"Acumulado (R$)",{"$f":"IF($B431,ROUND(P430*$N429,2),ROUND(SUMIF(OFFSET($B431,1,0,$D431),TRUE,OFFSET(P431,1,0,$D431))/SUMIF(OFFSET($B431,1,0,$D431),TRUE,OFFSET($K431,1,0,$D431))*$N429,2))","v":{"$error":"#N/A"}},{"$error":"#N/A"},{"$error":"#N/A"},{"$error":"#N/A"},{"$error":"#N/A"},{"$error":"#N/A"},{"$error":"#N/A"},{"$error":"#N/A"}]
[null,null,null,null,null,null,null,null,null,null,null,{"$f":"INDEX(PO!K$11:K$1504,MATCH($A434,PO!$W$11:$W$1504,0))","v":{"$error":"#N/A"}},{"$f":"INDEX(PO!O$11:O$1504,MATCH($A434,PO!$W$11:$W$1504,0))","v":{"$error":"#N/A"}},{"$f":"IF(ROUND(K434,2)=0,K434,ROUND(K434,2))","v":{"$error":"#N/A"}},"Parcela (%)"]
[null,null,null,null,null,null,null,null,null,null,null,null,null,null,"Acumulado (%)",{"$f":"MIN(IF($B434,P432+IF(ISNUMBER(O433),O433,0),P434/$N432),1)","v":{"$error":"#N/A"}},{"$error":"#N/A"},{"$error":"#N/A"},{"$error":"#N/A"},{"$error":"#N/A"},{"$error":"#N/A"},{"$error":"#N/A"},{"$error":"#N/A"}]
[{"$f":"OFFSET(A434,-CFF.NumLinha,0)+1","v":139},{"$f":"$C434>=OFFSET($C434,CFF.NumLinha,0)","v":{"$error":"#N/A"}},{"$f":"INDEX(PO!A$11:A$1504,MATCH($A434,PO!$W$11:$W$1504,0))","v":{"$error":"#N/A"}},{"$f":"IF(ISERROR(J434),I434,SMALL(I434:J434,1))-1","v":{"$error":"#N/A"}},{"$f":"IF($C434=1,OFFSET(E434,-CFF.NumLinha,0)+1,OFFSET(E434,-CFF.NumLinha,0))","v":{"$error":"#N/A"}},{"$f":"IF($C434=1,0,IF($C434=2,OFFSET(F434,-CFF.NumLinha,0)+1,OFFSET(F434,-CFF.NumLinha,0)))","v":{"$error":"#N/A"}},{"$f":"IF(AND($C434<=2,$C434<>0),0,IF($C434=3,OFFSET(G434,-CFF.NumLinha,0)+1,OFFSET(G434,-CFF.NumLinha,0)))","v":{"$error":"#N/A"}},{"$f":"IF(AND($C434<=3,$C434<>0),0,IF($C434=4,OFFSET(H434,-CFF.NumLinha,0)+1,OFFSET(H434,-CFF.NumLinha,0)))","v":{"$error":"#N/A"}},{"$f":"MATCH(0,OFFSET($D434,1,$C434,ROW($A$435)-ROW($A434)),0)","v":{"$error":"#N/A"}},{"$f":"MATCH(OFFSET($D434,0,$C434)+1,OFFSET($D434,1,$C434,ROW($A$435)-ROW($A434)),0)","v":{"$error":"#N/A"}},{"$f":"ROUND(INDEX(PO!U$11:U$1504,MATCH($A434,PO!$W$11:$W$1504,0)),2)+10^-12","v":{"$error":"#N/A"}},null,null,null,"Acumulado (R$)",{"$f":"IF($B434,ROUND(P433*$N432,2),ROUND(SUMIF(OFFSET($B434,1,0,$D434),TRUE,OFFSET(P434,1,0,$D434))/SUMIF(OFFSET($B434,1,0,$D434),TRUE,OFFSET($K434,1,0,$D434))*$N432,2))","v":{"$error":"#N/A"}},{"$error":"#N/A"},{"$error":"#N/A"},{"$error":"#N/A"},{"$error":"#N/A"},{"$error":"#N/A"},{"$error":"#N/A"},{"$error":"#N/A"}]
[null,null,-1,null,0,0,0,0]
[]
[null,null,null,null,null,null,null,null,null,null,null,{"$f":"Import.Município","v":"Várzea Grande/MT"}]
[null,null,null,null,null,null,null,null,null,null,null,"Local"]
[]
[null,null,null,null,null,null,null,null,null,null,null,{"$f":"PO!K1514","v":"2019-06-07"}]
[null,null,null,null,null,null,null,null,null,null,null,"Data"]

{"sheet":"Planilha1","index":4,"n_rows":0,"n_cols":0,"rows_kept":0,"cut":false,"hidden":false,"merged":[]}

{"sheet":"ABC","index":5,"n_rows":491,"n_cols":25,"rows_kept":491,"cut":false,"hidden":true,"merged":[[482,1,482,20],[487,1,487,4],[488,16,488,20],[489,17,489,20],[490,17,490,20],[488,1,488,4],[483,1,485,20]]}
["Orçamento",null,null,null,"ANEXO - ANÁLISE PLANILHA ORÇAMENTÁRIA",null,null,null,null,null,null,null,null,null,null,null,null,null,null,null,null,null,null,null,"Grau de Sigilo"]
["Curva ABC",null,null,null,"CURVA ABC",null,null,null,null,null,null,null,null,null,null,null,null,null,null,null,null,null,null,null,"#CONFIDENCIAL 05"]
[2]
["Todos"]
["Significativos"]
[1]
[471,null,null,null,null,null,null,null,null,null,null,"Total:",{"$f":"SUMIF(OFFSET($S$10,1,0,$A$7),TRUE,OFFSET($M$10,1,0,$A$7))","v":0},{"$f":"M7","v":0},null,null,"Análise:",0.8]
[0,{"$f":"MATCH(B10,OFFSET(Import.PO,-3,0,1),0)","v":1},2,3,4,5,6,7,null,8,17,10,11,null,null,null,{"$f":"SMALL(OFFSET($R$10,1,0,$A$7),1+COUNTIF(OFFSET($R$10,1,0,$A$7),\"<\"&PARETO))","v":{"$error":"#NUM!"}}]
[{"$f":"ROW(A9)-ROW($A$10)","v":-1},{"$f":"IF($A9<=$A$8,INDEX(Import.PO,$A9,B$8),0)","v":{"$error":"#VALUE!"}},{"$error":"#VALUE!"},{"$error":"#VALUE!"},{"$error":"#VALUE!"},{"$error":"#VALUE!"},{"$error":"#VALUE!"},{"$error":"#VALUE!"},{"$f":"IF($P9=ROW($P9)-ROW($P$10),SUMIF(OFFSET($P$10,1,0,$A$7),$P9,OFFSET($H$10,1,0,$A$7)),OFFSET($I$10,$P9,0))","v":{"$error":"#VALUE!"}},{"$f":"IF($A9<=$A$8,INDEX(Import.PO,$A9,J$8),0)","v":{"$error":"#VALUE!"}},{"$f":"IF($A9<=$A$8,INDEX(Import.PO,$A9,K$8),0)","v":{"$error":"#VALUE!"}},{"$f":"IF($A9<=$A$8,INDEX(Import.PO,$A9,L$8),0)","v":{"$error":"#VALUE!"}},{"$f":"IF($A9<=$A$8,INDEX(Import.PO,$A9,M$8),0)","v":{"$error":"#VALUE!"}},{"$f":"IF($P9=ROW($P9)-ROW($P$10),SUMIF(OFFSET($P$10,1,0,$A$7),$P9,OFFSET($M$10,1,0,$A$7)),OFFSET($N$10,$P9,0))","v":{"$error":"#VALUE!"}},{"$f":"IF($S9,D9&\"-\"&E9,\"\")","v":{"$error":"#VALUE!"}},{"$f":"IF($S9,MATCH(O9,OFFSET($O$10,1,0,$A$7),0),\"\")","v":{"$error":"#VALUE!"}},{"$f":"IF($P9=ROW($P9)-ROW($P$10),$N9/$M$7,IF(ISNUMBER($P9),TEXT(OFFSET($Q$10,$P9,0),\" 0,00% \"),0))","v":{"$error":"#VALUE!"}},{"$f":"SUMIF(OFFSET($Q$10,1,0,$A$7),\">=\"&$N9/$M$7,OFFSET($Q$10,1,0,$A$7))","v":0},{"$f":"E9<>0","v":{"$error":"#VALUE!"}},{"$f":"IF($P9=ROW($P9)-ROW($P$10),R9<=$Q$8,IF(ISNUMBER($P9),OFFSET($T$10,VALUE($P9),0),FALSE))","v":{"$error":"#VALUE!"}}]
["Linha Orç","Item","Fonte","Tipo","Código","Descrição","Unidade","Quantidade","Qtde Agrupada","Custo Unitário (R$)","Valor DI","Preço Unitário (R$)","Preço Total\n(R$)","Preço Total (R$)","Fonte","Primeira linha","Peso Agrupado","Peso Acum.","Item","Significativo","Análise"]
[90,{"$f":"IF($A11<=$A$8,INDEX(Import.PO,$A11,B$8),0)","v":0},0,0,0,0,0,0,{"$f":"IF($P11=ROW($P11)-ROW($P$10),SUMIF(OFFSET($P$10,1,0,$A$7),$P11,OFFSET($H$10,1,0,$A$7)),OFFSET($I$10,$P11,0))","v":{"$error":"#VALUE!"}},{"$f":"IF($A11<=$A$8,INDEX(Import.PO,$A11,J$8),0)","v":0},0,0,0,{"$f":"IF($P11=ROW($P11)-ROW($P$10),SUMIF(OFFSET($P$10,1,0,$A$7),$P11,OFFSET($M$10,1,0,$A$7)),OFFSET($N$10,$P11,0))","v":{"$error":"#VALUE!"}},{"$f":"IF($S11,D11&\"-\"&E11,\"\")","v":""},{"$f":"IF($S11,MATCH(O11,OFFSET($O$10,1,0,$A$7),0),\"\")","v":""},{"$f":"IF($P11=ROW($P11)-ROW($P$10),$N11/$M$7,IF(ISNUMBER($P11),TEXT(OFFSET($Q$10,$P11,0),\" 0,00% \"),0))","v":0},{"$f":"SUMIF(OFFSET($Q$10,1,0,$A$7),\">=\"&$N11/$M$7,OFFSET($Q$10,1,0,$A$7))","v":0},{"$f":"E11<>0","v":false},{"$f":"IF($P11=ROW($P11)-ROW($P$10),R11<=$Q$8,IF(ISNUMBER($P11),OFFSET($T$10,VALUE($P11),0),FALSE))","v":false}]
[137,0,0,0,0,0,0,0,{"$error":"#VALUE!"},0,0,0,0,{"$error":"#VALUE!"},"","",0,0,false,false]
[173,0,0,0,0,0,0,0,{"$error":"#VALUE!"},0,0,0,0,{"$error":"#VALUE!"},"","",0,0,false,false]
[198,0,0,0,0,0,0,0,{"$error":"#VALUE!"},0,0,0,0,{"$error":"#VALUE!"},"","",0,0,false,false]
[212,0,0,0,0,0,0,0,{"$error":"#VALUE!"},0,0,0,0,{"$error":"#VALUE!"},"","",0,0,false,false]
[261,0,0,0,0,0,0,0,{"$error":"#VALUE!"},0,0,0,0,{"$error":"#VALUE!"},"","",0,0,false,false]
[275,0,0,0,0,0,0,0,{"$error":"#VALUE!"},0,0,0,0,{"$error":"#VALUE!"},"","",0,0,false,false]
[311,0,0,0,0,0,0,0,{"$error":"#VALUE!"},0,0,0,0,{"$error":"#VALUE!"},"","",0,0,false,false]
[325,0,0,0,0,0,0,0,{"$error":"#VALUE!"},0,0,0,0,{"$error":"#VALUE!"},"","",0,0,false,false]
[349,0,0,0,0,0,0,0,{"$error":"#VALUE!"},0,0,0,0,{"$error":"#VALUE!"},"","",0,0,false,false]
[363,{"$f":"IF($A21<=$A$8,INDEX(Import.PO,$A21,B$8),0)","v":0},0,0,0,0,0,0,{"$error":"#VALUE!"},0,0,0,0,{"$error":"#VALUE!"},"","",0,0,false,false]
[377,0,0,0,0,0,0,0,{"$error":"#VALUE!"},0,0,0,0,{"$error":"#VALUE!"},"","",0,0,false,false]
[391,0,0,0,0,0,0,0,{"$error":"#VALUE!"},0,0,0,0,{"$error":"#VALUE!"},"","",0,0,false,false]
[405,0,0,0,0,0,0,0,{"$error":"#VALUE!"},0,0,0,0,{"$error":"#VALUE!"},"","",0,0,false,false]
[419,0,0,0,0,0,0,0,{"$error":"#VALUE!"},0,0,0,0,{"$error":"#VALUE!"},"","",0,0,false,false]
[437,0,0,0,0,0,0,0,{"$error":"#VALUE!"},0,0,0,0,{"$error":"#VALUE!"},"","",0,0,false,false]
[30,0,0,0,0,0,0,0,{"$error":"#VALUE!"},0,0,0,0,{"$error":"#VALUE!"},"","",0,0,false,false]
[39,0,0,0,0,0,0,0,{"$error":"#VALUE!"},0,0,0,0,{"$error":"#VALUE!"},"","",0,0,false,false]
[44,0,0,0,0,0,0,0,{"$error":"#VALUE!"},0,0,0,0,{"$error":"#VALUE!"},"","",0,0,false,false]
[49,0,0,0,0,0,0,0,{"$error":"#VALUE!"},0,0,0,0,{"$error":"#VALUE!"},"","",0,0,false,false]
[62,{"$f":"IF($A31<=$A$8,INDEX(Import.PO,$A31,B$8),0)","v":0},0,0,0,0,0,0,{"$error":"#VALUE!"},{"$f":"IF($A31<=$A$8,INDEX(Import.PO,$A31,J$8),0)","v":0},0,0,0,{"$error":"#VALUE!"},"","",0,0,false,false]
[80,0,0,0,0,0,0,0,{"$error":"#VALUE!"},0,0,0,0,{"$error":"#VALUE!"},"","",0,0,false,false]
[93,0,0,0,0,0,0,0,{"$error":"#VALUE!"},0,0,0,0,{"$error":"#VALUE!"},"","",0,0,false,false]
[105,0,0,0,0,0,0,0,{"$error":"#VALUE!"},0,0,0,0,{"$error":"#VALUE!"},"","",0,0,false,false]
[116,0,0,0,0,0,0,0,{"$error":"#VALUE!"},0,0,0,0,{"$error":"#VALUE!"},"","",0,0,false,false]
[120,0,0,0,0,0,0,0,{"$error":"#VALUE!"},0,0,0,0,{"$error":"#VALUE!"},"","",0,0,false,false]
[141,0,0,0,0,0,0,0,{"$error":"#VALUE!"},0,0,0,0,{"$error":"#VALUE!"},"","",0,0,false,false]
[145,0,0,0,0,0,0,0,{"$error":"#VALUE!"},0,0,0,0,{"$error":"#VALUE!"},"","",0,0,false,false]
[157,0,0,0,0,0,0,0,{"$error":"#VALUE!"},0,0,0,0,{"$error":"#VALUE!"},"","",0,0,false,false]
[177,0,0,0,0,0,0,0,{"$error":"#VALUE!"},0,0,0,0,{"$error":"#VALUE!"},"","",0,0,false,false]
[181,{"$f":"IF($A41<=$A$8,INDEX(Import.PO,$A41,B$8),0)","v":0},0,0,0,0,0,0,{"$error":"#VALUE!"},0,0,0,0,{"$error":"#VALUE!"},"","",0,0,false,false]
[202,0,0,0,0,0,0,0,{"$error":"#VALUE!"},0,0,0,0,{"$error":"#VALUE!"},"","",0,0,false,false]
[215,0,0,0,0,0,0,0,{"$error":"#VALUE!"},0,0,0,0,{"$error":"#VALUE!"},"","",0,0,false,false]
[227,0,0,0,0,0,0,0,{"$error":"#VALUE!"},0,0,0,0,{"$error":"#VALUE!"},"","",0,0,false,false]
[238,0,0,0,0,0,0,0,{"$error":"#VALUE!"},0,0,0,0,{"$error":"#VALUE!"},"","",0,0,false,false]
[244,0,0,0,0,0,0,0,{"$error":"#VALUE!"},0,0,0,0,{"$error":"#VALUE!"},"","",0,0,false,false]
[265,0,0,0,0,0,0,0,{"$error":"#VALUE!"},0,0,0,0,{"$error":"#VALUE!"},"","",0,0,false,false]
[279,0,0,0,0,0,0,0,{"$error":"#VALUE!"},0,0,0,0,{"$error":"#VALUE!"},"","",0,0,false,false]
[282,0,0,0,0,0,0,0,{"$error":"#VALUE!"},0,0,0,0,{"$error":"#VALUE!"},"","",0,0,false,false]
[292,0,0,0,0,0,0,0,{"$error":"#VALUE!"},0,0,0,0,{"$error":"#VALUE!"},"","",0,0,false,false]
[315,{"$f":"IF($A51<=$A$8,INDEX(Import.PO,$A51,B$8),0)","v":0},0,0,0,0,0,0,{"$error":"#VALUE!"},{"$f":"IF($A51<=$A$8,INDEX(Import.PO,$A51,J$8),0)","v":0},0,0,0,{"$error":"#VALUE!"},"","",0,0,false,false]
[329,0,0,0,0,0,0,0,{"$error":"#VALUE!"},0,0,0,0,{"$error":"#VALUE!"},"","",0,0,false,false]
[332,0,0,0,0,0,0,0,{"$error":"#VALUE!"},0,0,0,0,{"$error":"#VALUE!"},"","",0,0,false,false]
[353,0,0,0,0,0,0,0,{"$error":"#VALUE!"},0,0,0,0,{"$error":"#VALUE!"},"","",0,0,false,false]
[367,0,0,0,0,0,0,0,{"$error":"#VALUE!"},0,0,0,0,{"$error":"#VALUE!"},"","",0,0,false,false]
[381,0,0,0,0,0,0,0,{"$error":"#VALUE!"},0,0,0,0,{"$error":"#VALUE!"},"","",0,0,false,false]
[395,0,0,0,0,0,0,0,{"$error":"#VALUE!"},0,0,0,0,{"$error":"#VALUE!"},"","",0,0,false,false]
[409,0,0,0,0,0,0,0,{"$error":"#VALUE!"},0,0,0,0,{"$error":"#VALUE!"},"","",0,0,false,false]
[423,0,0,0,0,0,0,0,{"$error":"#VALUE!"},0,0,0,0,{"$error":"#VALUE!"},"","",0,0,false,false]
[428,0,0,0,0,0,0,0,{"$error":"#VALUE!"},0,0,0,0,{"$error":"#VALUE!"},"","",0,0,false,false]
[441,{"$f":"IF($A61<=$A$8,INDEX(Import.PO,$A61,B$8),0)","v":0},0,0,0,0,0,0,{"$error":"#VALUE!"},0,0,0,0,{"$error":"#VALUE!"},"","",0,0,false,false]
[459,0,0,0,0,0,0,0,{"$error":"#VALUE!"},0,0,0,0,{"$error":"#VALUE!"},"","",0,0,false,false]
[463,0,0,0,0,0,0,0,{"$error":"#VALUE!"},0,0,0,0,{"$error":"#VALUE!"},"","",0,0,false,false]
[470,0,0,0,0,0,0,0,{"$error":"#VALUE!"},0,0,0,0,{"$error":"#VALUE!"},"","",0,0,false,false]
[159,0,0,0,0,0,0,0,{"$error":"#VALUE!"},0,0,0,0,{"$error":"#VALUE!"},"","",0,0,false,false]
[229,0,0,0,0,0,0,0,{"$error":"#VALUE!"},0,0,0,0,{"$error":"#VALUE!"},"","",0,0,false,false]
[284,0,0,0,0,0,0,0,{"$error":"#VALUE!"},0,0,0,0,{"$error":"#VALUE!"},"","",0,0,false,false]
[334,0,0,0,0,0,0,0,{"$error":"#VALUE!"},0,0,0,0,{"$error":"#VALUE!"},"","",0,0,false,false]
[75,0,0,0,0,0,0,0,{"$error":"#VALUE!"},0,0,0,0,{"$error":"#VALUE!"},"","",0,0,false,false]
[89,0,0,0,0,0,0,0,{"$error":"#VALUE!"},0,0,0,0,{"$error":"#VALUE!"},"","",0,0,false,false]
[129,{"$f":"IF($A71<=$A$8,INDEX(Import.PO,$A71,B$8),0)","v":0},0,0,0,0,0,0,{"$error":"#VALUE!"},{"$f":"IF($A71<=$A$8,INDEX(Import.PO,$A71,J$8),0)","v":0},0,0,0,{"$error":"#VALUE!"},"","",0,0,false,false]
[136,0,0,0,0,0,0,0,{"$error":"#VALUE!"},0,0,0,0,{"$error":"#VALUE!"},"","",0,0,false,false]
[172,0,0,0,0,0,0,0,{"$error":"#VALUE!"},0,0,0,0,{"$error":"#VALUE!"},"","",0,0,false,false]
[190,0,0,0,0,0,0,0,{"$error":"#VALUE!"},0,0,0,0,{"$error":"#VALUE!"},"","",0,0,false,false]
[197,0,0,0,0,0,0,0,{"$f":"IF($P75=ROW($P75)-ROW($P$10),SUMIF(OFFSET($P$10,1,0,$A$7),$P75,OFFSET($H$10,1,0,$A$7)),OFFSET($I$10,$P75,0))","v":{"$error":"#VALUE!"}},0,0,0,0,{"$f":"IF($P75=ROW($P75)-ROW($P$10),SUMIF(OFFSET($P$10,1,0,$A$7),$P75,OFFSET($M$10,1,0,$A$7)),OFFSET($N$10,$P75,0))","v":{"$error":"#VALUE!"}},{"$f":"IF($S75,D75&\"-\"&E75,\"\")","v":""},{"$f":"IF($S75,MATCH(O75,OFFSET($O$10,1,0,$A$7),0),\"\")","v":""},{"$f":"IF($P75=ROW($P75)-ROW($P$10),$N75/$M$7,IF(ISNUMBER($P75),TEXT(OFFSET($Q$10,$P75,0),\" 0,00% \"),0))","v":0},{"$f":"SUMIF(OFFSET($Q$10,1,0,$A$7),\">=\"&$N75/$M$7,OFFSET($Q$10,1,0,$A$7))","v":0},{"$f":"E75<>0","v":false},{"$f":"IF($P75=ROW($P75)-ROW($P$10),R75<=$Q$8,IF(ISNUMBER($P75),OFFSET($T$10,VALUE($P75),0),FALSE))","v":false}]
[211,0,0,0,0,0,0,0,{"$error":"#VALUE!"},0,0,0,0,{"$error":"#VALUE!"},"","",0,0,false,false]
[253,0,0,0,0,0,0,0,{"$error":"#VALUE!"},0,0,0,0,{"$error":"#VALUE!"},"","",0,0,false,false]
[260,0,0,0,0,0,0,0,{"$error":"#VALUE!"},0,0,0,0,{"$error":"#VALUE!"},"","",0,0,false,false]
[274,0,0,0,0,0,0,0,{"$error":"#VALUE!"},0,0,0,0,{"$error":"#VALUE!"},"","",0,0,false,false]
[310,0,0,0,0,0,0,0,{"$error":"#VALUE!"},0,0,0,0,{"$error":"#VALUE!"},"","",0,0,false,false]
[324,{"$f":"IF($A81<=$A$8,INDEX(Import.PO,$A81,B$8),0)","v":0},0,0,0,0,0,0,{"$error":"#VALUE!"},0,0,0,0,{"$error":"#VALUE!"},"","",0,0,false,false]
[348,0,0,0,0,0,0,0,{"$error":"#VALUE!"},0,0,0,0,{"$error":"#VALUE!"},"","",0,0,false,false]
[362,0,0,0,0,0,0,0,{"$error":"#VALUE!"},0,0,0,0,{"$error":"#VALUE!"},"","",0,0,false,false]
[376,0,0,0,0,0,0,0,{"$error":"#VALUE!"},0,0,0,0,{"$error":"#VALUE!"},"","",0,0,false,false]
[390,0,0,0,0,0,0,0,{"$error":"#VALUE!"},0,0,0,0,{"$error":"#VALUE!"},"","",0,0,false,false]
[404,0,0,0,0,0,0,0,{"$error":"#VALUE!"},0,0,0,0,{"$error":"#VALUE!"},"","",0,0,false,false]
[418,0,0,0,0,0,0,0,{"$error":"#VALUE!"},0,0,0,0,{"$error":"#VALUE!"},"","",0,0,false,false]
[436,0,0,0,0,0,0,0,{"$error":"#VALUE!"},0,0,0,0,{"$error":"#VALUE!"},"","",0,0,false,false]
[91,0,0,0,0,0,0,0,{"$error":"#VALUE!"},0,0,0,0,{"$error":"#VALUE!"},"","",0,0,false,false]
[138,0,0,0,0,0,0,0,{"$error":"#VALUE!"},0,0,0,0,{"$error":"#VALUE!"},"","",0,0,false,false]
[174,{"$f":"IF($A91<=$A$8,INDEX(Import.PO,$A91,B$8),0)","v":0},0,0,0,0,0,0,{"$error":"#VALUE!"},{"$f":"IF($A91<=$A$8,INDEX(Import.PO,$A91,J$8),0)","v":0},0,0,0,{"$error":"#VALUE!"},"","",0,0,false,false]
[199,0,0,0,0,0,0,0,{"$error":"#VALUE!"},0,0,0,0,{"$error":"#VALUE!"},"","",0,0,false,false]
[213,0,0,0,0,0,0,0,{"$error":"#VALUE!"},0,0,0,0,{"$error":"#VALUE!"},"","",0,0,false,false]
[262,0,0,0,0,0,0,0,{"$error":"#VALUE!"},0,0,0,0,{"$error":"#VALUE!"},"","",0,0,false,false]
[276,0,0,0,0,0,0,0,{"$error":"#VALUE!"},0,0,0,0,{"$error":"#VALUE!"},"","",0,0,false,false]
[312,0,0,0,0,0,0,0,{"$error":"#VALUE!"},0,0,0,0,{"$error":"#VALUE!"},"","",0,0,false,false]
[326,0,0,0,0,0,0,0,{"$error":"#VALUE!"},0,0,0,0,{"$error":"#VALUE!"},"","",0,0,false,false]
[350,0,0,0,0,0,0,0,{"$error":"#VALUE!"},0,0,0,0,{"$error":"#VALUE!"},"","",0,0,false,false]
[364,0,0,0,0,0,0,0,{"$error":"#VALUE!"},0,0,0,0,{"$error":"#VALUE!"},"","",0,0,false,false]
[378,0,0,0,0,0,0,0,{"$error":"#VALUE!"},0,0,0,0,{"$error":"#VALUE!"},"","",0,0,false,false]
[392,{"$f":"IF($A101<=$A$8,INDEX(Import.PO,$A101,B$8),0)","v":0},0,0,0,0,0,0,{"$error":"#VALUE!"},0,0,0,0,{"$error":"#VALUE!"},"","",0,0,false,false]
[406,0,0,0,0,0,0,0,{"$error":"#VALUE!"},0,0,0,0,{"$error":"#VALUE!"},"","",0,0,false,false]
[420,0,0,0,0,0,0,0,{"$error":"#VALUE!"},0,0,0,0,{"$error":"#VALUE!"},"","",0,0,false,false]
[438,0,0,0,0,0,0,0,{"$error":"#VALUE!"},0,0,0,0,{"$error":"#VALUE!"},"","",0,0,false,false]
[31,0,0,0,0,0,0,0,{"$error":"#VALUE!"},0,0,0,0,{"$error":"#VALUE!"},"","",0,0,false,false]
[50,0,0,0,0,0,0,0,{"$error":"#VALUE!"},0,0,0,0,{"$error":"#VALUE!"},"","",0,0,false,false]
[70,0,0,0,0,0,0,0,{"$error":"#VALUE!"},0,0,0,0,{"$error":"#VALUE!"},"","",0,0,false,false]
[84,0,0,0,0,0,0,0,{"$error":"#VALUE!"},0,0,0,0,{"$error":"#VALUE!"},"","",0,0,false,false]
[106,0,0,0,0,0,0,0,{"$error":"#VALUE!"},0,0,0,0,{"$error":"#VALUE!"},"","",0,0,false,false]
[121,0,0,0,0,0,0,0,{"$error":"#VALUE!"},0,0,0,0,{"$error":"#VALUE!"},"","",0,0,false,false]
[131,{"$f":"IF($A111<=$A$8,INDEX(Import.PO,$A111,B$8),0)","v":0},0,0,0,0,0,0,{"$error":"#VALUE!"},{"$f":"IF($A111<=$A$8,INDEX(Import.PO,$A111,J$8),0)","v":0},0,0,0,{"$error":"#VALUE!"},"","",0,0,false,false]
[158,0,0,0,0,0,0,0,{"$error":"#VALUE!"},0,0,0,0,{"$error":"#VALUE!"},"","",0,0,false,false]
[167,0,0,0,0,0,0,0,{"$error":"#VALUE!"},0,0,0,0,{"$error":"#VALUE!"},"","",0,0,false,false]
[182,0,0,0,0,0,0,0,{"$error":"#VALUE!"},0,0,0,0,{"$error":"#VALUE!"},"","",0,0,false,false]
[192,0,0,0,0,0,0,0,{"$error":"#VALUE!"},0,0,0,0,{"$error":"#VALUE!"},"","",0,0,false,false]
[206,0,0,0,0,0,0,0,{"$error":"#VALUE!"},0,0,0,0,{"$error":"#VALUE!"},"","",0,0,false,false]
[228,0,0,0,0,0,0,0,{"$error":"#VALUE!"},0,0,0,0,{"$error":"#VALUE!"},"","",0,0,false,false]
[245,0,0,0,0,0,0,0,{"$error":"#VALUE!"},0,0,0,0,{"$error":"#VALUE!"},"","",0,0,false,false]
[255,0,0,0,0,0,0,0,{"$error":"#VALUE!"},0,0,0,0,{"$error":"#VALUE!"},"","",0,0,false,false]
[269,0,0,0,0,0,0,0,{"$error":"#VALUE!"},0,0,0,0,{"$error":"#VALUE!"},"","",0,0,false,false]
[283,{"$f":"IF($A121<=$A$8,INDEX(Import.PO,$A121,B$8),0)","v":0},0,0,0,0,0,0,{"$error":"#VALUE!"},0,0,0,0,{"$error":"#VALUE!"},"","",0,0,false,false]
[305,0,0,0,0,0,0,0,{"$error":"#VALUE!"},0,0,0,0,{"$error":"#VALUE!"},"","",0,0,false,false]
[319,0,0,0,0,0,0,0,{"$error":"#VALUE!"},0,0,0,0,{"$error":"#VALUE!"},"","",0,0,false,false]
[333,0,0,0,0,0,0,0,{"$error":"#VALUE!"},0,0,0,0,{"$error":"#VALUE!"},"","",0,0,false,false]
[343,0,0,0,0,0,0,0,{"$error":"#VALUE!"},0,0,0,0,{"$error":"#VALUE!"},"","",0,0,false,false]
[357,0,0,0,0,0,0,0,{"$error":"#VALUE!"},0,0,0,0,{"$error":"#VALUE!"},"","",0,0,false,false]
[371,0,0,0,0,0,0,0,{"$error":"#VALUE!"},0,0,0,0,{"$error":"#VALUE!"},"","",0,0,false,false]
[385,0,0,0,0,0,0,0,{"$error":"#VALUE!"},0,0,0,0,{"$error":"#VALUE!"},"","",0,0,false,false]
[399,0,0,0,0,0,0,0,{"$error":"#VALUE!"},0,0,0,0,{"$error":"#VALUE!"},"","",0,0,false,false]
[413,0,0,0,0,0,0,0,{"$error":"#VALUE!"},0,0,0,0,{"$error":"#VALUE!"},"","",0,0,false,false]
[431,{"$f":"IF($A131<=$A$8,INDEX(Import.PO,$A131,B$8),0)","v":0},0,0,0,0,0,0,{"$error":"#VALUE!"},{"$f":"IF($A131<=$A$8,INDEX(Import.PO,$A131,J$8),0)","v":0},0,0,0,{"$error":"#VALUE!"},"","",0,0,false,false]
[442,0,0,0,0,0,0,0,{"$error":"#VALUE!"},0,0,0,0,{"$error":"#VALUE!"},"","",0,0,false,false]
[464,0,0,0,0,0,0,0,{"$error":"#VALUE!"},0,0,0,0,{"$error":"#VALUE!"},"","",0,0,false,false]
[147,0,0,0,0,0,0,0,{"$error":"#VALUE!"},0,0,0,0,{"$error":"#VALUE!"},"","",0,0,false,false]
[217,0,0,0,0,0,0,0,{"$error":"#VALUE!"},0,0,0,0,{"$error":"#VALUE!"},"","",0,0,false,false]
[294,0,0,0,0,0,0,0,{"$error":"#VALUE!"},0,0,0,0,{"$error":"#VALUE!"},"","",0,0,false,false]
[241,0,0,0,0,0,0,0,{"$error":"#VALUE!"},0,0,0,0,{"$error":"#VALUE!"},"","",0,0,false,false]
[184,0,0,0,0,0,0,0,{"$error":"#VALUE!"},0,0,0,0,{"$error":"#VALUE!"},"","",0,0,false,false]
[247,0,0,0,0,0,0,0,{"$f":"IF($P139=ROW($P139)-ROW($P$10),SUMIF(OFFSET($P$10,1,0,$A$7),$P139,OFFSET($H$10,1,0,$A$7)),OFFSET($I$10,$P139,0))","v":{"$error":"#VALUE!"}},0,0,0,0,{"$f":"IF($P139=ROW($P139)-ROW($P$10),SUMIF(OFFSET($P$10,1,0,$A$7),$P139,OFFSET($M$10,1,0,$A$7)),OFFSET($N$10,$P139,0))","v":{"$error":"#VALUE!"}},{"$f":"IF($S139,D139&\"-\"&E139,\"\")","v":""},{"$f":"IF($S139,MATCH(O139,OFFSET($O$10,1,0,$A$7),0),\"\")","v":""},{"$f":"IF($P139=ROW($P139)-ROW($P$10),$N139/$M$7,IF(ISNUMBER($P139),TEXT(OFFSET($Q$10,$P139,0),\" 0,00% \"),0))","v":0},{"$f":"SUMIF(OFFSET($Q$10,1,0,$A$7),\">=\"&$N139/$M$7,OFFSET($Q$10,1,0,$A$7))","v":0},{"$f":"E139<>0","v":false},{"$f":"IF($P139=ROW($P139)-ROW($P$10),R139<=$Q$8,IF(ISNUMBER($P139),OFFSET($T$10,VALUE($P139),0),FALSE))","v":false}]
[189,0,0,0,0,0,0,0,{"$error":"#VALUE!"},0,0,0,0,{"$error":"#VALUE!"},"","",0,0,false,false]
[252,{"$f":"IF($A141<=$A$8,INDEX(Import.PO,$A141,B$8),0)","v":0},0,0,0,0,0,0,{"$error":"#VALUE!"},0,0,0,0,{"$error":"#VALUE!"},"","",0,0,false,false]
[155,0,0,0,0,0,0,0,{"$error":"#VALUE!"},0,0,0,0,{"$error":"#VALUE!"},"","",0,0,false,false]
[225,0,0,0,0,0,0,0,{"$error":"#VALUE!"},0,0,0,0,{"$error":"#VALUE!"},"","",0,0,false,false]
[302,0,0,0,0,0,0,0,{"$error":"#VALUE!"},0,0,0,0,{"$error":"#VALUE!"},"","",0,0,false,false]
[148,0,0,0,0,0,0,0,{"$error":"#VALUE!"},0,0,0,0,{"$error":"#VALUE!"},"","",0,0,false,false]
[218,0,0,0,0,0,0,0,{"$error":"#VALUE!"},0,0,0,0,{"$error":"#VALUE!"},"","",0,0,false,false]
[295,0,0,0,0,0,0,0,{"$error":"#VALUE!"},0,0,0,0,{"$error":"#VALUE!"},"","",0,0,false,false]
[23,0,0,0,0,0,0,0,{"$error":"#VALUE!"},0,0,0,0,{"$error":"#VALUE!"},"","",0,0,false,false]
[32,0,0,0,0,0,0,0,{"$error":"#VALUE!"},0,0,0,0,{"$error":"#VALUE!"},"","",0,0,false,false]
[40,0,0,0,0,0,0,0,{"$error":"#VALUE!"},0,0,0,0,{"$error":"#VALUE!"},"","",0,0,false,false]
[45,{"$f":"IF($A151<=$A$8,INDEX(Import.PO,$A151,B$8),0)","v":0},0,0,0,0,0,0,{"$error":"#VALUE!"},{"$f":"IF($A151<=$A$8,INDEX(Import.PO,$A151,J$8),0)","v":0},0,0,0,{"$error":"#VALUE!"},"","",0,0,false,false]
[54,0,0,0,0,0,0,0,{"$error":"#VALUE!"},0,0,0,0,{"$error":"#VALUE!"},"","",0,0,false,false]
[71,0,0,0,0,0,0,0,{"$error":"#VALUE!"},0,0,0,0,{"$error":"#VALUE!"},"","",0,0,false,false]
[81,0,0,0,0,0,0,0,{"$error":"#VALUE!"},0,0,0,0,{"$error":"#VALUE!"},"","",0,0,false,false]
[85,0,0,0,0,0,0,0,{"$error":"#VALUE!"},0,0,0,0,{"$error":"#VALUE!"},"","",0,0,false,false]
[98,0,0,0,0,0,0,0,{"$error":"#VALUE!"},0,0,0,0,{"$error":"#VALUE!"},"","",0,0,false,false]
[108,0,0,0,0,0,0,0,{"$error":"#VALUE!"},0,0,0,0,{"$error":"#VALUE!"},"","",0,0,false,false]
[117,0,0,0,0,0,0,0,{"$error":"#VALUE!"},0,0,0,0,{"$error":"#VALUE!"},"","",0,0,false,false]
[122,0,0,0,0,0,0,0,{"$error":"#VALUE!"},0,0,0,0,{"$error":"#VALUE!"},"","",0,0,false,false]
[132,0,0,0,0,0,0,0,{"$error":"#VALUE!"},0,0,0,0,{"$error":"#VALUE!"},"","",0,0,false,false]
[142,{"$f":"IF($A161<=$A$8,INDEX(Import.PO,$A161,B$8),0)","v":0},0,0,0,0,0,0,{"$error":"#VALUE!"},0,0,0,0,{"$error":"#VALUE!"},"","",0,0,false,false]
[150,0,0,0,0,0,0,0,{"$error":"#VALUE!"},0,0,0,0,{"$error":"#VALUE!"},"","",0,0,false,false]
[160,0,0,0,0,0,0,0,{"$error":"#VALUE!"},0,0,0,0,{"$error":"#VALUE!"},"","",0,0,false,false]
[168,0,0,0,0,0,0,0,{"$error":"#VALUE!"},0,0,0,0,{"$error":"#VALUE!"},"","",0,0,false,false]
[178,0,0,0,0,0,0,0,{"$error":"#VALUE!"},0,0,0,0,{"$error":"#VALUE!"},"","",0,0,false,false]
[183,0,0,0,0,0,0,0,{"$error":"#VALUE!"},0,0,0,0,{"$error":"#VALUE!"},"","",0,0,false,false]
[193,0,0,0,0,0,0,0,{"$error":"#VALUE!"},0,0,0,0,{"$error":"#VALUE!"},"","",0,0,false,false]
[203,0,0,0,0,0,0,0,{"$error":"#VALUE!"},0,0,0,0,{"$error":"#VALUE!"},"","",0,0,false,false]
[207,0,0,0,0,0,0,0,{"$error":"#VALUE!"},0,0,0,0,{"$error":"#VALUE!"},"","",0,0,false,false]
[220,0,0,0,0,0,0,0,{"$error":"#VALUE!"},0,0,0,0,{"$error":"#VALUE!"},"","",0,0,false,false]
[230,{"$f":"IF($A171<=$A$8,INDEX(Import.PO,$A171,B$8),0)","v":0},0,0,0,0,0,0,{"$error":"#VALUE!"},{"$f":"IF($A171<=$A$8,INDEX(Import.PO,$A171,J$8),0)","v":0},0,0,0,{"$error":"#VALUE!"},"","",0,0,false,false]
[239,0,0,0,0,0,0,0,{"$error":"#VALUE!"},0,0,0,0,{"$error":"#VALUE!"},"","",0,0,false,false]
[246,0,0,0,0,0,0,0,{"$error":"#VALUE!"},0,0,0,0,{"$error":"#VALUE!"},"","",0,0,false,false]
[256,0,0,0,0,0,0,0,{"$error":"#VALUE!"},0,0,0,0,{"$error":"#VALUE!"},"","",0,0,false,false]
[266,0,0,0,0,0,0,0,{"$error":"#VALUE!"},0,0,0,0,{"$error":"#VALUE!"},"","",0,0,false,false]
[270,0,0,0,0,0,0,0,{"$error":"#VALUE!"},0,0,0,0,{"$error":"#VALUE!"},"","",0,0,false,false]
[280,0,0,0,0,0,0,0,{"$error":"#VALUE!"},0,0,0,0,{"$error":"#VALUE!"},"","",0,0,false,false]
[285,0,0,0,0,0,0,0,{"$error":"#VALUE!"},0,0,0,0,{"$error":"#VALUE!"},"","",0,0,false,false]
[297,0,0,0,0,0,0,0,{"$error":"#VALUE!"},0,0,0,0,{"$error":"#VALUE!"},"","",0,0,false,false]
[306,0,0,0,0,0,0,0,{"$error":"#VALUE!"},0,0,0,0,{"$error":"#VALUE!"},"","",0,0,false,false]
[316,{"$f":"IF($A181<=$A$8,INDEX(Import.PO,$A181,B$8),0)","v":0},0,0,0,0,0,0,{"$error":"#VALUE!"},0,0,0,0,{"$error":"#VALUE!"},"","",0,0,false,false]
[320,0,0,0,0,0,0,0,{"$error":"#VALUE!"},0,0,0,0,{"$error":"#VALUE!"},"","",0,0,false,false]
[330,0,0,0,0,0,0,0,{"$error":"#VALUE!"},0,0,0,0,{"$error":"#VALUE!"},"","",0,0,false,false]
[335,0,0,0,0,0,0,0,{"$error":"#VALUE!"},0,0,0,0,{"$error":"#VALUE!"},"","",0,0,false,false]
[344,0,0,0,0,0,0,0,{"$error":"#VALUE!"},0,0,0,0,{"$error":"#VALUE!"},"","",0,0,false,false]
[354,0,0,0,0,0,0,0,{"$error":"#VALUE!"},0,0,0,0,{"$error":"#VALUE!"},"","",0,0,false,false]
[358,0,0,0,0,0,0,0,{"$error":"#VALUE!"},0,0,0,0,{"$error":"#VALUE!"},"","",0,0,false,false]
[368,0,0,0,0,0,0,0,{"$error":"#VALUE!"},0,0,0,0,{"$error":"#VALUE!"},"","",0,0,false,false]
[372,0,0,0,0,0,0,0,{"$error":"#VALUE!"},0,0,0,0,{"$error":"#VALUE!"},"","",0,0,false,false]
[382,0,0,0,0,0,0,0,{"$error":"#VALUE!"},0,0,0,0,{"$error":"#VALUE!"},"","",0,0,false,false]
[386,{"$f":"IF($A191<=$A$8,INDEX(Import.PO,$A191,B$8),0)","v":0},0,0,0,0,0,0,{"$error":"#VALUE!"},{"$f":"IF($A191<=$A$8,INDEX(Import.PO,$A191,J$8),0)","v":0},0,0,0,{"$error":"#VALUE!"},"","",0,0,false,false]
[396,0,0,0,0,0,0,0,{"$error":"#VALUE!"},0,0,0,0,{"$error":"#VALUE!"},"","",0,0,false,false]
[400,0,0,0,0,0,0,0,{"$error":"#VALUE!"},0,0,0,0,{"$error":"#VALUE!"},"","",0,0,false,false]
[410,0,0,0,0,0,0,0,{"$error":"#VALUE!"},0,0,0,0,{"$error":"#VALUE!"},"","",0,0,false,false]
[414,0,0,0,0,0,0,0,{"$error":"#VALUE!"},0,0,0,0,{"$error":"#VALUE!"},"","",0,0,false,false]
[424,0,0,0,0,0,0,0,{"$error":"#VALUE!"},0,0,0,0,{"$error":"#VALUE!"},"","",0,0,false,false]
[429,0,0,0,0,0,0,0,{"$error":"#VALUE!"},0,0,0,0,{"$error":"#VALUE!"},"","",0,0,false,false]
[432,0,0,0,0,0,0,0,{"$error":"#VALUE!"},0,0,0,0,{"$error":"#VALUE!"},"","",0,0,false,false]
[445,0,0,0,0,0,0,0,{"$error":"#VALUE!"},0,0,0,0,{"$error":"#VALUE!"},"","",0,0,false,false]
[460,0,0,0,0,0,0,0,{"$error":"#VALUE!"},0,0,0,0,{"$error":"#VALUE!"},"","",0,0,false,false]
[471,{"$f":"IF($A201<=$A$8,INDEX(Import.PO,$A201,B$8),0)","v":0},0,0,0,0,0,0,{"$error":"#VALUE!"},0,0,0,0,{"$error":"#VALUE!"},"","",0,0,false,false]
[146,0,0,0,0,0,0,0,{"$error":"#VALUE!"},0,0,0,0,{"$error":"#VALUE!"},"","",0,0,false,false]
[216,0,0,0,0,0,0,0,{"$f":"IF($P203=ROW($P203)-ROW($P$10),SUMIF(OFFSET($P$10,1,0,$A$7),$P203,OFFSET($H$10,1,0,$A$7)),OFFSET($I$10,$P203,0))","v":{"$error":"#VALUE!"}},0,0,0,0,{"$f":"IF($P203=ROW($P203)-ROW($P$10),SUMIF(OFFSET($P$10,1,0,$A$7),$P203,OFFSET($M$10,1,0,$A$7)),OFFSET($N$10,$P203,0))","v":{"$error":"#VALUE!"}},{"$f":"IF($S203,D203&\"-\"&E203,\"\")","v":""},{"$f":"IF($S203,MATCH(O203,OFFSET($O$10,1,0,$A$7),0),\"\")","v":""},{"$f":"IF($P203=ROW($P203)-ROW($P$10),$N203/$M$7,IF(ISNUMBER($P203),TEXT(OFFSET($Q$10,$P203,0),\" 0,00% \"),0))","v":0},{"$f":"SUMIF(OFFSET($Q$10,1,0,$A$7),\">=\"&$N203/$M$7,OFFSET($Q$10,1,0,$A$7))","v":0},{"$f":"E203<>0","v":false},{"$f":"IF($P203=ROW($P203)-ROW($P$10),R203<=$Q$8,IF(ISNUMBER($P203),OFFSET($T$10,VALUE($P203),0),FALSE))","v":false}]
[293,0,0,0,0,0,0,0,{"$error":"#VALUE!"},0,0,0,0,{"$error":"#VALUE!"},"","",0,0,false,false]
[149,0,0,0,0,0,0,0,{"$error":"#VALUE!"},0,0,0,0,{"$error":"#VALUE!"},"","",0,0,false,false]
[219,0,0,0,0,0,0,0,{"$error":"#VALUE!"},0,0,0,0,{"$error":"#VALUE!"},"","",0,0,false,false]
[296,0,0,0,0,0,0,0,{"$error":"#VALUE!"},0,0,0,0,{"$error":"#VALUE!"},"","",0,0,false,false]
[163,0,0,0,0,0,0,0,{"$error":"#VALUE!"},0,0,0,0,{"$error":"#VALUE!"},"","",0,0,false,false]
[185,0,0,0,0,0,0,0,{"$error":"#VALUE!"},0,0,0,0,{"$error":"#VALUE!"},"","",0,0,false,false]
[233,0,0,0,0,0,0,0,{"$error":"#VALUE!"},0,0,0,0,{"$error":"#VALUE!"},"","",0,0,false,false]
[248,{"$f":"IF($A211<=$A$8,INDEX(Import.PO,$A211,B$8),0)","v":0},0,0,0,0,0,0,{"$error":"#VALUE!"},{"$f":"IF($A211<=$A$8,INDEX(Import.PO,$A211,J$8),0)","v":0},0,0,0,{"$error":"#VALUE!"},"","",0,0,false,false]
[288,0,0,0,0,0,0,0,{"$error":"#VALUE!"},0,0,0,0,{"$error":"#VALUE!"},"","",0,0,false,false]
[338,0,0,0,0,0,0,0,{"$error":"#VALUE!"},0,0,0,0,{"$error":"#VALUE!"},"","",0,0,false,false]
[55,0,0,0,0,0,0,0,{"$error":"#VALUE!"},0,0,0,0,{"$error":"#VALUE!"},"","",0,0,false,false]
[67,0,0,0,0,0,0,0,{"$error":"#VALUE!"},0,0,0,0,{"$error":"#VALUE!"},"","",0,0,false,false]
[74,0,0,0,0,0,0,0,{"$error":"#VALUE!"},0,0,0,0,{"$error":"#VALUE!"},"","",0,0,false,false]
[88,0,0,0,0,0,0,0,{"$error":"#VALUE!"},0,0,0,0,{"$error":"#VALUE!"},"","",0,0,false,false]
[135,0,0,0,0,0,0,0,{"$error":"#VALUE!"},0,0,0,0,{"$error":"#VALUE!"},"","",0,0,false,false]
[171,0,0,0,0,0,0,0,{"$error":"#VALUE!"},0,0,0,0,{"$error":"#VALUE!"},"","",0,0,false,false]
[196,0,0,0,0,0,0,0,{"$error":"#VALUE!"},0,0,0,0,{"$error":"#VALUE!"},"","",0,0,false,false]
[210,{"$f":"IF($A221<=$A$8,INDEX(Import.PO,$A221,B$8),0)","v":0},0,0,0,0,0,0,{"$error":"#VALUE!"},0,0,0,0,{"$error":"#VALUE!"},"","",0,0,false,false]
[259,0,0,0,0,0,0,0,{"$error":"#VALUE!"},0,0,0,0,{"$error":"#VALUE!"},"","",0,0,false,false]
[273,0,0,0,0,0,0,0,{"$error":"#VALUE!"},0,0,0,0,{"$error":"#VALUE!"},"","",0,0,false,false]
[309,0,0,0,0,0,0,0,{"$error":"#VALUE!"},0,0,0,0,{"$error":"#VALUE!"},"","",0,0,false,false]
[323,0,0,0,0,0,0,0,{"$error":"#VALUE!"},0,0,0,0,{"$error":"#VALUE!"},"","",0,0,false,false]
[347,0,0,0,0,0,0,0,{"$error":"#VALUE!"},0,0,0,0,{"$error":"#VALUE!"},"","",0,0,false,false]
[361,0,0,0,0,0,0,0,{"$error":"#VALUE!"},0,0,0,0,{"$error":"#VALUE!"},"","",0,0,false,false]
[375,0,0,0,0,0,0,0,{"$error":"#VALUE!"},0,0,0,0,{"$error":"#VALUE!"},"","",0,0,false,false]
[389,0,0,0,0,0,0,0,{"$error":"#VALUE!"},0,0,0,0,{"$error":"#VALUE!"},"","",0,0,false,false]
[403,0,0,0,0,0,0,0,{"$error":"#VALUE!"},0,0,0,0,{"$error":"#VALUE!"},"","",0,0,false,false]
[417,{"$f":"IF($A231<=$A$8,INDEX(Import.PO,$A231,B$8),0)","v":0},0,0,0,0,0,0,{"$error":"#VALUE!"},{"$f":"IF($A231<=$A$8,INDEX(Import.PO,$A231,J$8),0)","v":0},0,0,0,{"$error":"#VALUE!"},"","",0,0,false,false]
[435,0,0,0,0,0,0,0,{"$error":"#VALUE!"},0,0,0,0,{"$error":"#VALUE!"},"","",0,0,false,false]
[34,0,0,0,0,0,0,0,{"$error":"#VALUE!"},0,0,0,0,{"$error":"#VALUE!"},"","",0,0,false,false]
[57,0,0,0,0,0,0,0,{"$error":"#VALUE!"},0,0,0,0,{"$error":"#VALUE!"},"","",0,0,false,false]
[65,0,0,0,0,0,0,0,{"$error":"#VALUE!"},0,0,0,0,{"$error":"#VALUE!"},"","",0,0,false,false]
[72,0,0,0,0,0,0,0,{"$error":"#VALUE!"},0,0,0,0,{"$error":"#VALUE!"},"","",0,0,false,false]
[86,0,0,0,0,0,0,0,{"$error":"#VALUE!"},0,0,0,0,{"$error":"#VALUE!"},"","",0,0,false,false]
[102,0,0,0,0,0,0,0,{"$error":"#VALUE!"},0,0,0,0,{"$error":"#VALUE!"},"","",0,0,false,false]
[133,0,0,0,0,0,0,0,{"$error":"#VALUE!"},0,0,0,0,{"$error":"#VALUE!"},"","",0,0,false,false]
[154,0,0,0,0,0,0,0,{"$error":"#VALUE!"},0,0,0,0,{"$error":"#VALUE!"},"","",0,0,false,false]
[169,{"$f":"IF($A241<=$A$8,INDEX(Import.PO,$A241,B$8),0)","v":0},0,0,0,0,0,0,{"$error":"#VALUE!"},0,0,0,0,{"$error":"#VALUE!"},"","",0,0,false,false]
[194,0,0,0,0,0,0,0,{"$error":"#VALUE!"},0,0,0,0,{"$error":"#VALUE!"},"","",0,0,false,false]
[208,0,0,0,0,0,0,0,{"$error":"#VALUE!"},0,0,0,0,{"$error":"#VALUE!"},"","",0,0,false,false]
[224,0,0,0,0,0,0,0,{"$error":"#VALUE!"},0,0,0,0,{"$error":"#VALUE!"},"","",0,0,false,false]
[257,0,0,0,0,0,0,0,{"$error":"#VALUE!"},0,0,0,0,{"$error":"#VALUE!"},"","",0,0,false,false]
[271,0,0,0,0,0,0,0,{"$error":"#VALUE!"},0,0,0,0,{"$error":"#VALUE!"},"","",0,0,false,false]
[301,0,0,0,0,0,0,0,{"$error":"#VALUE!"},0,0,0,0,{"$error":"#VALUE!"},"","",0,0,false,false]
[307,0,0,0,0,0,0,0,{"$error":"#VALUE!"},0,0,0,0,{"$error":"#VALUE!"},"","",0,0,false,false]
[321,0,0,0,0,0,0,0,{"$error":"#VALUE!"},0,0,0,0,{"$error":"#VALUE!"},"","",0,0,false,false]
[345,0,0,0,0,0,0,0,{"$error":"#VALUE!"},0,0,0,0,{"$error":"#VALUE!"},"","",0,0,false,false]
[359,{"$f":"IF($A251<=$A$8,INDEX(Import.PO,$A251,B$8),0)","v":0},0,0,0,0,0,0,{"$error":"#VALUE!"},{"$f":"IF($A251<=$A$8,INDEX(Import.PO,$A251,J$8),0)","v":0},0,0,0,{"$error":"#VALUE!"},"","",0,0,false,false]
[373,0,0,0,0,0,0,0,{"$error":"#VALUE!"},0,0,0,0,{"$error":"#VALUE!"},"","",0,0,false,false]
[387,0,0,0,0,0,0,0,{"$error":"#VALUE!"},0,0,0,0,{"$error":"#VALUE!"},"","",0,0,false,false]
[401,0,0,0,0,0,0,0,{"$error":"#VALUE!"},0,0,0,0,{"$error":"#VALUE!"},"","",0,0,false,false]
[415,0,0,0,0,0,0,0,{"$error":"#VALUE!"},0,0,0,0,{"$error":"#VALUE!"},"","",0,0,false,false]
[433,0,0,0,0,0,0,0,{"$error":"#VALUE!"},0,0,0,0,{"$error":"#VALUE!"},"","",0,0,false,false]
[448,0,0,0,0,0,0,0,{"$error":"#VALUE!"},0,0,0,0,{"$error":"#VALUE!"},"","",0,0,false,false]
[27,0,0,0,0,0,0,0,{"$error":"#VALUE!"},0,0,0,0,{"$error":"#VALUE!"},"","",0,0,false,false]
[100,0,0,0,0,0,0,0,{"$error":"#VALUE!"},0,0,0,0,{"$error":"#VALUE!"},"","",0,0,false,false]
[152,0,0,0,0,0,0,0,{"$error":"#VALUE!"},0,0,0,0,{"$error":"#VALUE!"},"","",0,0,false,false]
[222,{"$f":"IF($A261<=$A$8,INDEX(Import.PO,$A261,B$8),0)","v":0},0,0,0,0,0,0,{"$error":"#VALUE!"},0,0,0,0,{"$error":"#VALUE!"},"","",0,0,false,false]
[299,0,0,0,0,0,0,0,{"$error":"#VALUE!"},0,0,0,0,{"$error":"#VALUE!"},"","",0,0,false,false]
[455,0,0,0,0,0,0,0,{"$error":"#VALUE!"},0,0,0,0,{"$error":"#VALUE!"},"","",0,0,false,false]
[467,0,0,0,0,0,0,0,{"$error":"#VALUE!"},0,0,0,0,{"$error":"#VALUE!"},"","",0,0,false,false]
[25,0,0,0,0,0,0,0,{"$error":"#VALUE!"},0,0,0,0,{"$error":"#VALUE!"},"","",0,0,false,false]
[454,0,0,0,0,0,0,0,{"$error":"#VALUE!"},0,0,0,0,{"$error":"#VALUE!"},"","",0,0,false,false]
[466,0,0,0,0,0,0,0,{"$f":"IF($P267=ROW($P267)-ROW($P$10),SUMIF(OFFSET($P$10,1,0,$A$7),$P267,OFFSET($H$10,1,0,$A$7)),OFFSET($I$10,$P267,0))","v":{"$error":"#VALUE!"}},0,0,0,0,{"$f":"IF($P267=ROW($P267)-ROW($P$10),SUMIF(OFFSET($P$10,1,0,$A$7),$P267,OFFSET($M$10,1,0,$A$7)),OFFSET($N$10,$P267,0))","v":{"$error":"#VALUE!"}},{"$f":"IF($S267,D267&\"-\"&E267,\"\")","v":""},{"$f":"IF($S267,MATCH(O267,OFFSET($O$10,1,0,$A$7),0),\"\")","v":""},{"$f":"IF($P267=ROW($P267)-ROW($P$10),$N267/$M$7,IF(ISNUMBER($P267),TEXT(OFFSET($Q$10,$P267,0),\" 0,00% \"),0))","v":0},{"$f":"SUMIF(OFFSET($Q$10,1,0,$A$7),\">=\"&$N267/$M$7,OFFSET($Q$10,1,0,$A$7))","v":0},{"$f":"E267<>0","v":false},{"$f":"IF($P267=ROW($P267)-ROW($P$10),R267<=$Q$8,IF(ISNUMBER($P267),OFFSET($T$10,VALUE($P267),0),FALSE))","v":false}]
[73,0,0,0,0,0,0,0,{"$error":"#VALUE!"},0,0,0,0,{"$error":"#VALUE!"},"","",0,0,false,false]
[87,0,0,0,0,0,0,0,{"$error":"#VALUE!"},0,0,0,0,{"$error":"#VALUE!"},"","",0,0,false,false]
[134,0,0,0,0,0,0,0,{"$error":"#VALUE!"},0,0,0,0,{"$error":"#VALUE!"},"","",0,0,false,false]
[170,{"$f":"IF($A271<=$A$8,INDEX(Import.PO,$A271,B$8),0)","v":0},0,0,0,0,0,0,{"$error":"#VALUE!"},{"$f":"IF($A271<=$A$8,INDEX(Import.PO,$A271,J$8),0)","v":0},0,0,0,{"$error":"#VALUE!"},"","",0,0,false,false]
[195,0,0,0,0,0,0,0,{"$error":"#VALUE!"},0,0,0,0,{"$error":"#VALUE!"},"","",0,0,false,false]
[209,0,0,0,0,0,0,0,{"$error":"#VALUE!"},0,0,0,0,{"$error":"#VALUE!"},"","",0,0,false,false]
[258,0,0,0,0,0,0,0,{"$error":"#VALUE!"},0,0,0,0,{"$error":"#VALUE!"},"","",0,0,false,false]
[272,0,0,0,0,0,0,0,{"$error":"#VALUE!"},0,0,0,0,{"$error":"#VALUE!"},"","",0,0,false,false]
[308,0,0,0,0,0,0,0,{"$error":"#VALUE!"},0,0,0,0,{"$error":"#VALUE!"},"","",0,0,false,false]
[322,0,0,0,0,0,0,0,{"$error":"#VALUE!"},0,0,0,0,{"$error":"#VALUE!"},"","",0,0,false,false]
[346,0,0,0,0,0,0,0,{"$error":"#VALUE!"},0,0,0,0,{"$error":"#VALUE!"},"","",0,0,false,false]
[360,0,0,0,0,0,0,0,{"$error":"#VALUE!"},0,0,0,0,{"$error":"#VALUE!"},"","",0,0,false,false]
[374,0,0,0,0,0,0,0,{"$error":"#VALUE!"},0,0,0,0,{"$error":"#VALUE!"},"","",0,0,false,false]
[388,{"$f":"IF($A281<=$A$8,INDEX(Import.PO,$A281,B$8),0)","v":0},0,0,0,0,0,0,{"$error":"#VALUE!"},0,0,0,0,{"$error":"#VALUE!"},"","",0,0,false,false]
[402,0,0,0,0,0,0,0,{"$error":"#VALUE!"},0,0,0,0,{"$error":"#VALUE!"},"","",0,0,false,false]
[416,0,0,0,0,0,0,0,{"$error":"#VALUE!"},0,0,0,0,{"$error":"#VALUE!"},"","",0,0,false,false]
[434,0,0,0,0,0,0,0,{"$error":"#VALUE!"},0,0,0,0,{"$error":"#VALUE!"},"","",0,0,false,false]
[457,0,0,0,0,0,0,0,{"$error":"#VALUE!"},0,0,0,0,{"$error":"#VALUE!"},"","",0,0,false,false]
[188,0,0,0,0,0,0,0,{"$error":"#VALUE!"},0,0,0,0,{"$error":"#VALUE!"},"","",0,0,false,false]
[251,0,0,0,0,0,0,0,{"$error":"#VALUE!"},0,0,0,0,{"$error":"#VALUE!"},"","",0,0,false,false]
[101,0,0,0,0,0,0,0,{"$error":"#VALUE!"},0,0,0,0,{"$error":"#VALUE!"},"","",0,0,false,false]
[153,0,0,0,0,0,0,0,{"$error":"#VALUE!"},0,0,0,0,{"$error":"#VALUE!"},"","",0,0,false,false]
[223,0,0,0,0,0,0,0,{"$error":"#VALUE!"},0,0,0,0,{"$error":"#VALUE!"},"","",0,0,false,false]
[300,{"$f":"IF($A291<=$A$8,INDEX(Import.PO,$A291,B$8),0)","v":0},0,0,0,0,0,0,{"$error":"#VALUE!"},{"$f":"IF($A291<=$A$8,INDEX(Import.PO,$A291,J$8),0)","v":0},0,0,0,{"$error":"#VALUE!"},"","",0,0,false,false]
[28,0,0,0,0,0,0,0,{"$error":"#VALUE!"},0,0,0,0,{"$error":"#VALUE!"},"","",0,0,false,false]
[99,0,0,0,0,0,0,0,{"$error":"#VALUE!"},0,0,0,0,{"$error":"#VALUE!"},"","",0,0,false,false]
[151,0,0,0,0,0,0,0,{"$error":"#VALUE!"},0,0,0,0,{"$error":"#VALUE!"},"","",0,0,false,false]
[221,0,0,0,0,0,0,0,{"$error":"#VALUE!"},0,0,0,0,{"$error":"#VALUE!"},"","",0,0,false,false]
[298,0,0,0,0,0,0,0,{"$error":"#VALUE!"},0,0,0,0,{"$error":"#VALUE!"},"","",0,0,false,false]
[453,0,0,0,0,0,0,0,{"$error":"#VALUE!"},0,0,0,0,{"$error":"#VALUE!"},"","",0,0,false,false]
[465,0,0,0,0,0,0,0,{"$error":"#VALUE!"},0,0,0,0,{"$error":"#VALUE!"},"","",0,0,false,false]
[187,0,0,0,0,0,0,0,{"$error":"#VALUE!"},0,0,0,0,{"$error":"#VALUE!"},"","",0,0,false,false]
[250,0,0,0,0,0,0,0,{"$error":"#VALUE!"},0,0,0,0,{"$error":"#VALUE!"},"","",0,0,false,false]
[165,{"$f":"IF($A301<=$A$8,INDEX(Import.PO,$A301,B$8),0)","v":0},0,0,0,0,0,0,{"$error":"#VALUE!"},0,0,0,0,{"$error":"#VALUE!"},"","",0,0,false,false]
[235,0,0,0,0,0,0,0,{"$error":"#VALUE!"},0,0,0,0,{"$error":"#VALUE!"},"","",0,0,false,false]
[290,0,0,0,0,0,0,0,{"$error":"#VALUE!"},0,0,0,0,{"$error":"#VALUE!"},"","",0,0,false,false]
[340,0,0,0,0,0,0,0,{"$error":"#VALUE!"},0,0,0,0,{"$error":"#VALUE!"},"","",0,0,false,false]
[36,0,0,0,0,0,0,0,{"$error":"#VALUE!"},0,0,0,0,{"$error":"#VALUE!"},"","",0,0,false,false]
[59,0,0,0,0,0,0,0,{"$error":"#VALUE!"},0,0,0,0,{"$error":"#VALUE!"},"","",0,0,false,false]
[449,0,0,0,0,0,0,0,{"$error":"#VALUE!"},0,0,0,0,{"$error":"#VALUE!"},"","",0,0,false,false]
[161,0,0,0,0,0,0,0,{"$error":"#VALUE!"},0,0,0,0,{"$error":"#VALUE!"},"","",0,0,false,false]
[231,0,0,0,0,0,0,0,{"$error":"#VALUE!"},0,0,0,0,{"$error":"#VALUE!"},"","",0,0,false,false]
[286,0,0,0,0,0,0,0,{"$error":"#VALUE!"},0,0,0,0,{"$error":"#VALUE!"},"","",0,0,false,false]
[336,{"$f":"IF($A311<=$A$8,INDEX(Import.PO,$A311,B$8),0)","v":0},0,0,0,0,0,0,{"$error":"#VALUE!"},{"$f":"IF($A311<=$A$8,INDEX(Import.PO,$A311,J$8),0)","v":0},0,0,0,{"$error":"#VALUE!"},"","",0,0,false,false]
[452,0,0,0,0,0,0,0,{"$error":"#VALUE!"},0,0,0,0,{"$error":"#VALUE!"},"","",0,0,false,false]
[450,0,0,0,0,0,0,0,{"$error":"#VALUE!"},0,0,0,0,{"$error":"#VALUE!"},"","",0,0,false,false]
[162,0,0,0,0,0,0,0,{"$error":"#VALUE!"},0,0,0,0,{"$error":"#VALUE!"},"","",0,0,false,false]
[232,0,0,0,0,0,0,0,{"$error":"#VALUE!"},0,0,0,0,{"$error":"#VALUE!"},"","",0,0,false,false]
[287,0,0,0,0,0,0,0,{"$error":"#VALUE!"},0,0,0,0,{"$error":"#VALUE!"},"","",0,0,false,false]
[337,0,0,0,0,0,0,0,{"$error":"#VALUE!"},0,0,0,0,{"$error":"#VALUE!"},"","",0,0,false,false]
[164,0,0,0,0,0,0,0,{"$error":"#VALUE!"},0,0,0,0,{"$error":"#VALUE!"},"","",0,0,false,false]
[186,0,0,0,0,0,0,0,{"$error":"#VALUE!"},0,0,0,0,{"$error":"#VALUE!"},"","",0,0,false,false]
[234,0,0,0,0,0,0,0,{"$error":"#VALUE!"},0,0,0,0,{"$error":"#VALUE!"},"","",0,0,false,false]
[249,{"$f":"IF($A321<=$A$8,INDEX(Import.PO,$A321,B$8),0)","v":0},0,0,0,0,0,0,{"$error":"#VALUE!"},0,0,0,0,{"$error":"#VALUE!"},"","",0,0,false,false]
[289,0,0,0,0,0,0,0,{"$error":"#VALUE!"},0,0,0,0,{"$error":"#VALUE!"},"","",0,0,false,false]
[339,0,0,0,0,0,0,0,{"$error":"#VALUE!"},0,0,0,0,{"$error":"#VALUE!"},"","",0,0,false,false]
[451,0,0,0,0,0,0,0,{"$error":"#VALUE!"},0,0,0,0,{"$error":"#VALUE!"},"","",0,0,false,false]
[446,0,0,0,0,0,0,0,{"$error":"#VALUE!"},0,0,0,0,{"$error":"#VALUE!"},"","",0,0,false,false]
[56,0,0,0,0,0,0,0,{"$error":"#VALUE!"},0,0,0,0,{"$error":"#VALUE!"},"","",0,0,false,false]
[22,0,0,0,0,0,0,0,{"$error":"#VALUE!"},0,0,0,0,{"$error":"#VALUE!"},"","",0,0,false,false]
[76,0,0,0,0,0,0,0,{"$error":"#VALUE!"},0,0,0,0,{"$error":"#VALUE!"},"","",0,0,false,false]
[21,0,0,0,0,0,0,0,{"$error":"#VALUE!"},0,0,0,0,{"$error":"#VALUE!"},"","",0,0,false,false]
[107,0,0,0,0,0,0,0,{"$error":"#VALUE!"},0,0,0,0,{"$error":"#VALUE!"},"","",0,0,false,false]
[37,{"$f":"IF($A331<=$A$8,INDEX(Import.PO,$A331,B$8),0)","v":0},0,0,0,0,0,0,{"$f":"IF($P331=ROW($P331)-ROW($P$10),SUMIF(OFFSET($P$10,1,0,$A$7),$P331,OFFSET($H$10,1,0,$A$7)),OFFSET($I$10,$P331,0))","v":{"$error":"#VALUE!"}},{"$f":"IF($A331<=$A$8,INDEX(Import.PO,$A331,J$8),0)","v":0},0,0,0,{"$f":"IF($P331=ROW($P331)-ROW($P$10),SUMIF(OFFSET($P$10,1,0,$A$7),$P331,OFFSET($M$10,1,0,$A$7)),OFFSET($N$10,$P331,0))","v":{"$error":"#VALUE!"}},{"$f":"IF($S331,D331&\"-\"&E331,\"\")","v":""},{"$f":"IF($S331,MATCH(O331,OFFSET($O$10,1,0,$A$7),0),\"\")","v":""},{"$f":"IF($P331=ROW($P331)-ROW($P$10),$N331/$M$7,IF(ISNUMBER($P331),TEXT(OFFSET($Q$10,$P331,0),\" 0,00% \"),0))","v":0},{"$f":"SUMIF(OFFSET($Q$10,1,0,$A$7),\">=\"&$N331/$M$7,OFFSET($Q$10,1,0,$A$7))","v":0},{"$f":"E331<>0","v":false},{"$f":"IF($P331=ROW($P331)-ROW($P$10),R331<=$Q$8,IF(ISNUMBER($P331),OFFSET($T$10,VALUE($P331),0),FALSE))","v":false}]
[77,0,0,0,0,0,0,0,{"$error":"#VALUE!"},0,0,0,0,{"$error":"#VALUE!"},"","",0,0,false,false]
[95,0,0,0,0,0,0,0,{"$error":"#VALUE!"},0,0,0,0,{"$error":"#VALUE!"},"","",0,0,false,false]
[47,0,0,0,0,0,0,0,{"$error":"#VALUE!"},0,0,0,0,{"$error":"#VALUE!"},"","",0,0,false,false]
[123,0,0,0,0,0,0,0,{"$error":"#VALUE!"},0,0,0,0,{"$error":"#VALUE!"},"","",0,0,false,false]
[128,0,0,0,0,0,0,0,{"$error":"#VALUE!"},0,0,0,0,{"$error":"#VALUE!"},"","",0,0,false,false]
[103,0,0,0,0,0,0,0,{"$error":"#VALUE!"},0,0,0,0,{"$error":"#VALUE!"},"","",0,0,false,false]
[96,0,0,0,0,0,0,0,{"$error":"#VALUE!"},0,0,0,0,{"$error":"#VALUE!"},"","",0,0,false,false]
[4,0,0,0,0,0,0,0,{"$error":"#VALUE!"},0,0,0,0,{"$error":"#VALUE!"},"","",0,0,false,false]
[6,0,0,0,0,0,0,0,{"$error":"#VALUE!"},0,0,0,0,{"$error":"#VALUE!"},"","",0,0,false,false]
[7,{"$f":"IF($A341<=$A$8,INDEX(Import.PO,$A341,B$8),0)","v":0},0,0,0,0,0,0,{"$error":"#VALUE!"},0,0,0,0,{"$error":"#VALUE!"},"","",0,0,false,false]
[94,0,0,0,0,0,0,0,{"$error":"#VALUE!"},0,0,0,0,{"$error":"#VALUE!"},"","",0,0,false,false]
[97,0,0,0,0,0,0,0,{"$error":"#VALUE!"},0,0,0,0,{"$error":"#VALUE!"},"","",0,0,false,false]
[443,0,0,0,0,0,0,0,{"$error":"#VALUE!"},0,0,0,0,{"$error":"#VALUE!"},"","",0,0,false,false]
[111,0,0,0,0,0,0,0,{"$error":"#VALUE!"},0,0,0,0,{"$error":"#VALUE!"},"","",0,0,false,false]
[124,0,0,0,0,0,0,0,{"$error":"#VALUE!"},0,0,0,0,{"$error":"#VALUE!"},"","",0,0,false,false]
[33,0,0,0,0,0,0,0,{"$error":"#VALUE!"},0,0,0,0,{"$error":"#VALUE!"},"","",0,0,false,false]
[444,0,0,0,0,0,0,0,{"$error":"#VALUE!"},0,0,0,0,{"$error":"#VALUE!"},"","",0,0,false,false]
[10,0,0,0,0,0,0,0,{"$error":"#VALUE!"},0,0,0,0,{"$error":"#VALUE!"},"","",0,0,false,false]
[3,0,0,0,0,0,0,0,{"$error":"#VALUE!"},0,0,0,0,{"$error":"#VALUE!"},"","",0,0,false,false]
[19,{"$f":"IF($A351<=$A$8,INDEX(Import.PO,$A351,B$8),0)","v":0},0,0,0,0,0,0,{"$error":"#VALUE!"},{"$f":"IF($A351<=$A$8,INDEX(Import.PO,$A351,J$8),0)","v":0},0,0,0,{"$error":"#VALUE!"},"","",0,0,false,false]
[17,0,0,0,0,0,0,0,{"$error":"#VALUE!"},0,0,0,0,{"$error":"#VALUE!"},"","",0,0,false,false]
[16,0,0,0,0,0,0,0,{"$error":"#VALUE!"},0,0,0,0,{"$error":"#VALUE!"},"","",0,0,false,false]
[63,0,0,0,0,0,0,0,{"$error":"#VALUE!"},0,0,0,0,{"$error":"#VALUE!"},"","",0,0,false,false]
[127,0,0,0,0,0,0,0,{"$error":"#VALUE!"},0,0,0,0,{"$error":"#VALUE!"},"","",0,0,false,false]
[66,0,0,0,0,0,0,0,{"$error":"#VALUE!"},0,0,0,0,{"$error":"#VALUE!"},"","",0,0,false,false]
[5,0,0,0,0,0,0,0,{"$error":"#VALUE!"},0,0,0,0,{"$error":"#VALUE!"},"","",0,0,false,false]
[9,0,0,0,0,0,0,0,{"$error":"#VALUE!"},0,0,0,0,{"$error":"#VALUE!"},"","",0,0,false,false]
[126,0,0,0,0,0,0,0,{"$error":"#VALUE!"},0,0,0,0,{"$error":"#VALUE!"},"","",0,0,false,false]
[447,0,0,0,0,0,0,0,{"$error":"#VALUE!"},0,0,0,0,{"$error":"#VALUE!"},"","",0,0,false,false]
[113,{"$f":"IF($A361<=$A$8,INDEX(Import.PO,$A361,B$8),0)","v":0},0,0,0,0,0,0,{"$error":"#VALUE!"},0,0,0,0,{"$error":"#VALUE!"},"","",0,0,false,false]
[51,0,0,0,0,0,0,0,{"$error":"#VALUE!"},0,0,0,0,{"$error":"#VALUE!"},"","",0,0,false,false]
[11,0,0,0,0,0,0,0,{"$error":"#VALUE!"},0,0,0,0,{"$error":"#VALUE!"},"","",0,0,false,false]
[24,0,0,0,0,0,0,0,{"$error":"#VALUE!"},0,0,0,0,{"$error":"#VALUE!"},"","",0,0,false,false]
[109,0,0,0,0,0,0,0,{"$error":"#VALUE!"},0,0,0,0,{"$error":"#VALUE!"},"","",0,0,false,false]
[64,0,0,0,0,0,0,0,{"$error":"#VALUE!"},0,0,0,0,{"$error":"#VALUE!"},"","",0,0,false,false]
[14,0,0,0,0,0,0,0,{"$error":"#VALUE!"},0,0,0,0,{"$error":"#VALUE!"},"","",0,0,false,false]
[12,0,0,0,0,0,0,0,{"$error":"#VALUE!"},0,0,0,0,{"$error":"#VALUE!"},"","",0,0,false,false]
[110,0,0,0,0,0,0,0,{"$error":"#VALUE!"},0,0,0,0,{"$error":"#VALUE!"},"","",0,0,false,false]
[13,0,0,0,0,0,0,0,{"$error":"#VALUE!"},0,0,0,0,{"$error":"#VALUE!"},"","",0,0,false,false]
[60,{"$f":"IF($A371<=$A$8,INDEX(Import.PO,$A371,B$8),0)","v":0},0,0,0,0,0,0,{"$error":"#VALUE!"},{"$f":"IF($A371<=$A$8,INDEX(Import.PO,$A371,J$8),0)","v":0},0,0,0,{"$error":"#VALUE!"},"","",0,0,false,false]
[125,0,0,0,0,0,0,0,{"$error":"#VALUE!"},0,0,0,0,{"$error":"#VALUE!"},"","",0,0,false,false]
[52,0,0,0,0,0,0,0,{"$error":"#VALUE!"},0,0,0,0,{"$error":"#VALUE!"},"","",0,0,false,false]
[112,0,0,0,0,0,0,0,{"$error":"#VALUE!"},0,0,0,0,{"$error":"#VALUE!"},"","",0,0,false,false]
[15,0,0,0,0,0,0,0,{"$error":"#VALUE!"},0,0,0,0,{"$error":"#VALUE!"},"","",0,0,false,false]
[53,0,0,0,0,0,0,0,{"$error":"#VALUE!"},0,0,0,0,{"$error":"#VALUE!"},"","",0,0,false,false]
[8,0,0,0,0,0,0,0,{"$error":"#VALUE!"},0,0,0,0,{"$error":"#VALUE!"},"","",0,0,false,false]
[35,0,0,0,0,0,0,0,{"$error":"#VALUE!"},0,0,0,0,{"$error":"#VALUE!"},"","",0,0,false,false]
[18,0,0,0,0,0,0,0,{"$error":"#VALUE!"},0,0,0,0,{"$error":"#VALUE!"},"","",0,0,false,false]
[456,0,0,0,0,0,0,0,{"$error":"#VALUE!"},0,0,0,0,{"$error":"#VALUE!"},"","",0,0,false,false]
[468,{"$f":"IF($A381<=$A$8,INDEX(Import.PO,$A381,B$8),0)","v":0},0,0,0,0,0,0,{"$error":"#VALUE!"},0,0,0,0,{"$error":"#VALUE!"},"","",0,0,false,false]
[26,0,0,0,0,0,0,0,{"$error":"#VALUE!"},0,0,0,0,{"$error":"#VALUE!"},"","",0,0,false,false]
[58,0,0,0,0,0,0,0,{"$error":"#VALUE!"},0,0,0,0,{"$error":"#VALUE!"},"","",0,0,false,false]
[1,0,0,0,0,0,0,0,{"$error":"#VALUE!"},0,0,0,0,{"$error":"#VALUE!"},"","",0,0,false,false]
[2,0,0,0,0,0,0,0,{"$error":"#VALUE!"},0,0,0,0,{"$error":"#VALUE!"},"","",0,0,false,false]
[20,0,0,0,0,0,0,0,{"$error":"#VALUE!"},0,0,0,0,{"$error":"#VALUE!"},"","",0,0,false,false]
[29,0,0,0,0,0,0,0,{"$error":"#VALUE!"},0,0,0,0,{"$error":"#VALUE!"},"","",0,0,false,false]
[38,0,0,0,0,0,0,0,{"$error":"#VALUE!"},0,0,0,0,{"$error":"#VALUE!"},"","",0,0,false,false]
[41,0,0,0,0,0,0,0,{"$error":"#VALUE!"},0,0,0,0,{"$error":"#VALUE!"},"","",0,0,false,false]
[42,0,0,0,0,0,0,0,{"$error":"#VALUE!"},0,0,0,0,{"$error":"#VALUE!"},"","",0,0,false,false]
[43,{"$f":"IF($A391<=$A$8,INDEX(Import.PO,$A391,B$8),0)","v":0},0,0,0,0,0,0,{"$error":"#VALUE!"},{"$f":"IF($A391<=$A$8,INDEX(Import.PO,$A391,J$8),0)","v":0},0,0,0,{"$error":"#VALUE!"},"","",0,0,false,false]
[46,0,0,0,0,0,0,0,{"$error":"#VALUE!"},0,0,0,0,{"$error":"#VALUE!"},"","",0,0,false,false]
[48,0,0,0,0,0,0,0,{"$error":"#VALUE!"},0,0,0,0,{"$error":"#VALUE!"},"","",0,0,false,false]
[61,0,0,0,0,0,0,0,{"$error":"#VALUE!"},0,0,0,0,{"$error":"#VALUE!"},"","",0,0,false,false]
[68,0,0,0,0,0,0,0,{"$f":"IF($P395=ROW($P395)-ROW($P$10),SUMIF(OFFSET($P$10,1,0,$A$7),$P395,OFFSET($H$10,1,0,$A$7)),OFFSET($I$10,$P395,0))","v":{"$error":"#VALUE!"}},0,0,0,0,{"$f":"IF($P395=ROW($P395)-ROW($P$10),SUMIF(OFFSET($P$10,1,0,$A$7),$P395,OFFSET($M$10,1,0,$A$7)),OFFSET($N$10,$P395,0))","v":{"$error":"#VALUE!"}},{"$f":"IF($S395,D395&\"-\"&E395,\"\")","v":""},{"$f":"IF($S395,MATCH(O395,OFFSET($O$10,1,0,$A$7),0),\"\")","v":""},{"$f":"IF($P395=ROW($P395)-ROW($P$10),$N395/$M$7,IF(ISNUMBER($P395),TEXT(OFFSET($Q$10,$P395,0),\" 0,00% \"),0))","v":0},{"$f":"SUMIF(OFFSET($Q$10,1,0,$A$7),\">=\"&$N395/$M$7,OFFSET($Q$10,1,0,$A$7))","v":0},{